{"text_format":"2","workbook":"xlsx","n_sheets":9,"sheets":["dashboard","数据源","分析","计算","参数","仪表盘","Sheet2","123","使用帮助"],"not_rendered":{"charts":24,"images":3,"macros":0,"external_links":1,"defined_names":17,"comments":0,"pivot_tables":0},"unopened":[],"bounds":{"document_bytes":16777216,"sheet_cells":100000,"run_cost":"one","rows_first":2000,"rows_last":500,"rows_between":2000,"halvings":0,"cell_chars":16384,"cell_head_chars":4096},"cells_cut":0,"cells_raw":0,"read":"whole","date_system":"1900"}

{"sheet":"dashboard","index":0,"n_rows":44,"n_cols":31,"rows_kept":44,"cut":false,"hidden":false,"merged":[[43,2,43,30]]}
[]
[]
[]
[null,null,null,{"$f":"参数!I2&参数!I3","v":"  衡水烨通汽贸办公用品管理分析报告"},{"$nulls":26},"Date"]
[null,null,null,"   Office supplies management analysis report [DashboardPro6.0]",{"$nulls":26},{"$f":"NOW()","v":"2015-03-25T16:51:52.590"}]
[]
[]
[]
[]
[null,null,null,"品名","出库\n金额","采购\n金额",null,null,"库存\n数量",null,"采购\n数量",null,null,"出库\n数量",null,null,"领用最多","领用\n数量"]
[]
[]
[null,null,null,{"$f":"计算!AB2","v":"饼干"},{"$f":"VLOOKUP(D13,计算!$A$1:$G$60,3,FALSE)","v":1800},{"$f":"VLOOKUP(D13,计算!$A$1:$G$60,2,FALSE)","v":3036},null,null,{"$f":"VLOOKUP(D13,计算!$A$1:$G$60,4,FALSE)","v":1236},{"$f":"I13","v":1236},{"$f":"VLOOKUP(D13,计算!$A$1:$G$60,5,FALSE)","v":5060},null,null,{"$f":"VLOOKUP(D13,计算!$A$1:$G$60,6,FALSE)","v":3000},null,null,{"$f":"VLOOKUP(D13,计算!$A$1:$Q$60,17,FALSE)","v":"其他"},{"$f":"VLOOKUP(D13,计算!$A$1:$Q$60,16,FALSE)","v":7.0000000000000001E-3},{"$f":"R13","v":7.0000000000000001E-3}]
[null,null,null,{"$f":"计算!AB3","v":"笤帚"},{"$f":"VLOOKUP(D14,计算!$A$1:$G$60,3,FALSE)","v":1515},{"$f":"VLOOKUP(D14,计算!$A$1:$G$60,2,FALSE)","v":4530},null,null,{"$f":"VLOOKUP(D14,计算!$A$1:$G$60,4,FALSE)","v":3015},{"$f":"I14","v":3015},{"$f":"VLOOKUP(D14,计算!$A$1:$G$60,5,FALSE)","v":3020},null,null,{"$f":"VLOOKUP(D14,计算!$A$1:$G$60,6,FALSE)","v":1010},null,null,{"$f":"VLOOKUP(D14,计算!$A$1:$Q$60,17,FALSE)","v":"财务部"},{"$f":"VLOOKUP(D14,计算!$A$1:$Q$60,16,FALSE)","v":10.005000000000001},{"$f":"R14","v":10.005000000000001}]
[null,null,null,{"$f":"计算!AB4","v":"支出证明"},{"$f":"VLOOKUP(D15,计算!$A$1:$G$60,3,FALSE)","v":1215},{"$f":"VLOOKUP(D15,计算!$A$1:$G$60,2,FALSE)","v":1650},null,null,{"$f":"VLOOKUP(D15,计算!$A$1:$G$60,4,FALSE)","v":4185},4185,{"$f":"VLOOKUP(D15,计算!$A$1:$G$60,5,FALSE)","v":1100},null,null,{"$f":"VLOOKUP(D15,计算!$A$1:$G$60,6,FALSE)","v":810},null,null,{"$f":"VLOOKUP(D15,计算!$A$1:$Q$60,17,FALSE)","v":"机修车间"},{"$f":"VLOOKUP(D15,计算!$A$1:$Q$60,16,FALSE)","v":10},10]
[null,null,null,{"$f":"计算!AB5","v":"9v电池"},{"$f":"VLOOKUP(D16,计算!$A$1:$G$60,3,FALSE)","v":900},{"$f":"VLOOKUP(D16,计算!$A$1:$G$60,2,FALSE)","v":1200},null,null,{"$f":"VLOOKUP(D16,计算!$A$1:$G$60,4,FALSE)","v":300},300,{"$f":"VLOOKUP(D16,计算!$A$1:$G$60,5,FALSE)","v":2000},null,null,{"$f":"VLOOKUP(D16,计算!$A$1:$G$60,6,FALSE)","v":1500},null,null,{"$f":"VLOOKUP(D16,计算!$A$1:$Q$60,17,FALSE)","v":"其他"},{"$f":"VLOOKUP(D16,计算!$A$1:$Q$60,16,FALSE)","v":7.0000000000000001E-3},7.0000000000000001E-3]
[null,null,null,{"$f":"计算!AB6","v":"色带"},{"$f":"VLOOKUP(D17,计算!$A$1:$G$60,3,FALSE)","v":90},{"$f":"VLOOKUP(D17,计算!$A$1:$G$60,2,FALSE)","v":180},null,null,{"$f":"VLOOKUP(D17,计算!$A$1:$G$60,4,FALSE)","v":90},90,{"$f":"VLOOKUP(D17,计算!$A$1:$G$60,5,FALSE)","v":300},null,null,{"$f":"VLOOKUP(D17,计算!$A$1:$G$60,6,FALSE)","v":150},null,null,{"$f":"VLOOKUP(D17,计算!$A$1:$Q$60,17,FALSE)","v":"钣喷部"},{"$f":"VLOOKUP(D17,计算!$A$1:$Q$60,16,FALSE)","v":150.00399999999999},150.00399999999999]
[null,null,null,{"$f":"计算!AB7","v":"条码纸"},{"$f":"VLOOKUP(D18,计算!$A$1:$G$60,3,FALSE)","v":90},{"$f":"VLOOKUP(D18,计算!$A$1:$G$60,2,FALSE)","v":120},null,null,{"$f":"VLOOKUP(D18,计算!$A$1:$G$60,4,FALSE)","v":30},30,{"$f":"VLOOKUP(D18,计算!$A$1:$G$60,5,FALSE)","v":200},null,null,{"$f":"VLOOKUP(D18,计算!$A$1:$G$60,6,FALSE)","v":150},null,null,{"$f":"VLOOKUP(D18,计算!$A$1:$Q$60,17,FALSE)","v":"机修车间"},{"$f":"VLOOKUP(D18,计算!$A$1:$Q$60,16,FALSE)","v":150.00299999999999},150.00299999999999]
[null,null,null,{"$f":"计算!AB8","v":"卫生纸"},{"$f":"VLOOKUP(D19,计算!$A$1:$G$60,3,FALSE)","v":60},{"$f":"VLOOKUP(D19,计算!$A$1:$G$60,2,FALSE)","v":90},null,null,{"$f":"VLOOKUP(D19,计算!$A$1:$G$60,4,FALSE)","v":30},30,{"$f":"VLOOKUP(D19,计算!$A$1:$G$60,5,FALSE)","v":60},null,null,{"$f":"VLOOKUP(D19,计算!$A$1:$G$60,6,FALSE)","v":40},null,null,{"$f":"VLOOKUP(D19,计算!$A$1:$Q$60,17,FALSE)","v":"机修车间"},{"$f":"VLOOKUP(D19,计算!$A$1:$Q$60,16,FALSE)","v":40.003},40.003]
[null,null,null,{"$f":"计算!AB9","v":"圆珠笔"},{"$f":"VLOOKUP(D20,计算!$A$1:$G$60,3,FALSE)","v":60},{"$f":"VLOOKUP(D20,计算!$A$1:$G$60,2,FALSE)","v":300},null,null,{"$f":"VLOOKUP(D20,计算!$A$1:$G$60,4,FALSE)","v":240},240,{"$f":"VLOOKUP(D20,计算!$A$1:$G$60,5,FALSE)","v":200},null,null,{"$f":"VLOOKUP(D20,计算!$A$1:$G$60,6,FALSE)","v":40},null,null,{"$f":"VLOOKUP(D20,计算!$A$1:$Q$60,17,FALSE)","v":"销售部"},{"$f":"VLOOKUP(D20,计算!$A$1:$Q$60,16,FALSE)","v":30.001000000000001},30.001000000000001]
[null,null,null,{"$f":"计算!AB10","v":"拉链袋"},{"$f":"VLOOKUP(D21,计算!$A$1:$G$60,3,FALSE)","v":58.8},{"$f":"VLOOKUP(D21,计算!$A$1:$G$60,2,FALSE)","v":60},null,null,{"$f":"VLOOKUP(D21,计算!$A$1:$G$60,4,FALSE)","v":121.20000000000005},121.20000000000005,{"$f":"VLOOKUP(D21,计算!$A$1:$G$60,5,FALSE)","v":100},null,null,{"$f":"VLOOKUP(D21,计算!$A$1:$G$60,6,FALSE)","v":98},null,null,{"$f":"VLOOKUP(D21,计算!$A$1:$Q$60,17,FALSE)","v":"机修车间"},{"$f":"VLOOKUP(D21,计算!$A$1:$Q$60,16,FALSE)","v":98.003},98.003]
[null,null,null,{"$f":"计算!AB11","v":"洗衣粉"},{"$f":"VLOOKUP(D22,计算!$A$1:$G$60,3,FALSE)","v":45},{"$f":"VLOOKUP(D22,计算!$A$1:$G$60,2,FALSE)","v":90},null,null,{"$f":"VLOOKUP(D22,计算!$A$1:$G$60,4,FALSE)","v":45},45,{"$f":"VLOOKUP(D22,计算!$A$1:$G$60,5,FALSE)","v":60},null,null,{"$f":"VLOOKUP(D22,计算!$A$1:$G$60,6,FALSE)","v":30},null,null,{"$f":"VLOOKUP(D22,计算!$A$1:$Q$60,17,FALSE)","v":"服务部"},{"$f":"VLOOKUP(D22,计算!$A$1:$Q$60,16,FALSE)","v":30.001999999999999},30.001999999999999]
[null,null,null,{"$f":"计算!AB12","v":"印油"},{"$f":"VLOOKUP(D23,计算!$A$1:$G$60,3,FALSE)","v":37.5},{"$f":"VLOOKUP(D23,计算!$A$1:$G$60,2,FALSE)","v":90},null,null,{"$f":"VLOOKUP(D23,计算!$A$1:$G$60,4,FALSE)","v":52.5},52.5,{"$f":"VLOOKUP(D23,计算!$A$1:$G$60,5,FALSE)","v":60},null,null,{"$f":"VLOOKUP(D23,计算!$A$1:$G$60,6,FALSE)","v":25},null,null,{"$f":"VLOOKUP(D23,计算!$A$1:$Q$60,17,FALSE)","v":"客服部"},{"$f":"VLOOKUP(D23,计算!$A$1:$Q$60,16,FALSE)","v":25.006},25.006]
[null,null,null,{"$f":"计算!AB13","v":"记号笔"},{"$f":"VLOOKUP(D24,计算!$A$1:$G$60,3,FALSE)","v":30},{"$f":"VLOOKUP(D24,计算!$A$1:$G$60,2,FALSE)","v":36},null,null,{"$f":"VLOOKUP(D24,计算!$A$1:$G$60,4,FALSE)","v":6},6,{"$f":"VLOOKUP(D24,计算!$A$1:$G$60,5,FALSE)","v":60},null,null,{"$f":"VLOOKUP(D24,计算!$A$1:$G$60,6,FALSE)","v":50},null,null,{"$f":"VLOOKUP(D24,计算!$A$1:$Q$60,17,FALSE)","v":"服务部"},{"$f":"VLOOKUP(D24,计算!$A$1:$Q$60,16,FALSE)","v":50.002000000000002},50.002000000000002]
[null,null,null,{"$f":"计算!AB14","v":"文件夹"},{"$f":"VLOOKUP(D25,计算!$A$1:$G$60,3,FALSE)","v":30},{"$f":"VLOOKUP(D25,计算!$A$1:$G$60,2,FALSE)","v":75},null,null,{"$f":"VLOOKUP(D25,计算!$A$1:$G$60,4,FALSE)","v":345},345,{"$f":"VLOOKUP(D25,计算!$A$1:$G$60,5,FALSE)","v":50},null,null,{"$f":"VLOOKUP(D25,计算!$A$1:$G$60,6,FALSE)","v":20},null,null,{"$f":"VLOOKUP(D25,计算!$A$1:$Q$60,17,FALSE)","v":"客服部"},{"$f":"VLOOKUP(D25,计算!$A$1:$Q$60,16,FALSE)","v":20.006},20.006]
[null,null,null,{"$f":"计算!AB15","v":"燕尾夹"},{"$f":"VLOOKUP(D26,计算!$A$1:$G$60,3,FALSE)","v":30},{"$f":"VLOOKUP(D26,计算!$A$1:$G$60,2,FALSE)","v":75},null,null,{"$f":"VLOOKUP(D26,计算!$A$1:$G$60,4,FALSE)","v":45},45,{"$f":"VLOOKUP(D26,计算!$A$1:$G$60,5,FALSE)","v":50},null,null,{"$f":"VLOOKUP(D26,计算!$A$1:$G$60,6,FALSE)","v":20},null,null,{"$f":"VLOOKUP(D26,计算!$A$1:$Q$60,17,FALSE)","v":"钣喷部"},{"$f":"VLOOKUP(D26,计算!$A$1:$Q$60,16,FALSE)","v":20.004000000000001},20.004000000000001]
[null,null,null,{"$f":"计算!AB16","v":"垃圾袋"},{"$f":"VLOOKUP(D27,计算!$A$1:$G$60,3,FALSE)","v":18},{"$f":"VLOOKUP(D27,计算!$A$1:$G$60,2,FALSE)","v":36},null,null,{"$f":"VLOOKUP(D27,计算!$A$1:$G$60,4,FALSE)","v":18},18,{"$f":"VLOOKUP(D27,计算!$A$1:$G$60,5,FALSE)","v":60},null,null,{"$f":"VLOOKUP(D27,计算!$A$1:$G$60,6,FALSE)","v":30},null,null,{"$f":"VLOOKUP(D27,计算!$A$1:$Q$60,17,FALSE)","v":"其他"},{"$f":"VLOOKUP(D27,计算!$A$1:$Q$60,16,FALSE)","v":7.0000000000000001E-3},7.0000000000000001E-3]
[null,null,null,{"$f":"计算!AB17","v":"曲别针"},{"$f":"VLOOKUP(D28,计算!$A$1:$G$60,3,FALSE)","v":18},{"$f":"VLOOKUP(D28,计算!$A$1:$G$60,2,FALSE)","v":30},null,null,{"$f":"VLOOKUP(D28,计算!$A$1:$G$60,4,FALSE)","v":12},12,{"$f":"VLOOKUP(D28,计算!$A$1:$G$60,5,FALSE)","v":50},null,null,{"$f":"VLOOKUP(D28,计算!$A$1:$G$60,6,FALSE)","v":30},null,null,{"$f":"VLOOKUP(D28,计算!$A$1:$Q$60,17,FALSE)","v":"财务部"},{"$f":"VLOOKUP(D28,计算!$A$1:$Q$60,16,FALSE)","v":30.004999999999999},30.004999999999999]
[null,null,null,{"$f":"计算!AB18","v":"糖"},{"$f":"VLOOKUP(D29,计算!$A$1:$G$60,3,FALSE)","v":18},{"$f":"VLOOKUP(D29,计算!$A$1:$G$60,2,FALSE)","v":36},null,null,{"$f":"VLOOKUP(D29,计算!$A$1:$G$60,4,FALSE)","v":18},18,{"$f":"VLOOKUP(D29,计算!$A$1:$G$60,5,FALSE)","v":60},null,null,{"$f":"VLOOKUP(D29,计算!$A$1:$G$60,6,FALSE)","v":30},null,null,{"$f":"VLOOKUP(D29,计算!$A$1:$Q$60,17,FALSE)","v":"服务部"},{"$f":"VLOOKUP(D29,计算!$A$1:$Q$60,16,FALSE)","v":30.001999999999999},30.001999999999999]
[null,null,null,{"$f":"计算!AB19","v":"黑档案盒"},{"$f":"VLOOKUP(D30,计算!$A$1:$G$60,3,FALSE)","v":17.399999999999999},{"$f":"VLOOKUP(D30,计算!$A$1:$G$60,2,FALSE)","v":18},null,null,{"$f":"VLOOKUP(D30,计算!$A$1:$G$60,4,FALSE)","v":0.60000000000000142},0.60000000000000142,{"$f":"VLOOKUP(D30,计算!$A$1:$G$60,5,FALSE)","v":30},null,null,{"$f":"VLOOKUP(D30,计算!$A$1:$G$60,6,FALSE)","v":29},null,null,{"$f":"VLOOKUP(D30,计算!$A$1:$Q$60,17,FALSE)","v":"其他"},{"$f":"VLOOKUP(D30,计算!$A$1:$Q$60,16,FALSE)","v":7.0000000000000001E-3},7.0000000000000001E-3]
[null,null,null,{"$f":"计算!AB20","v":"胶棒"},{"$f":"VLOOKUP(D31,计算!$A$1:$G$60,3,FALSE)","v":16.8},{"$f":"VLOOKUP(D31,计算!$A$1:$G$60,2,FALSE)","v":48},null,null,{"$f":"VLOOKUP(D31,计算!$A$1:$G$60,4,FALSE)","v":511.2},511.2,{"$f":"VLOOKUP(D31,计算!$A$1:$G$60,5,FALSE)","v":80},null,null,{"$f":"VLOOKUP(D31,计算!$A$1:$G$60,6,FALSE)","v":28},null,null,{"$f":"VLOOKUP(D31,计算!$A$1:$Q$60,17,FALSE)","v":"其他"},{"$f":"VLOOKUP(D31,计算!$A$1:$Q$60,16,FALSE)","v":7.0000000000000001E-3},7.0000000000000001E-3]
[null,null,null,{"$f":"计算!AB21","v":"皮筋"},{"$f":"VLOOKUP(D32,计算!$A$1:$G$60,3,FALSE)","v":16.8},{"$f":"VLOOKUP(D32,计算!$A$1:$G$60,2,FALSE)","v":34.799999999999997},null,null,{"$f":"VLOOKUP(D32,计算!$A$1:$G$60,4,FALSE)","v":17.999999999999996},17.999999999999996,{"$f":"VLOOKUP(D32,计算!$A$1:$G$60,5,FALSE)","v":58},null,null,{"$f":"VLOOKUP(D32,计算!$A$1:$G$60,6,FALSE)","v":28},null,null,{"$f":"VLOOKUP(D32,计算!$A$1:$Q$60,17,FALSE)","v":"财务部"},{"$f":"VLOOKUP(D32,计算!$A$1:$Q$60,16,FALSE)","v":28.004999999999999},28.004999999999999]
[null,null,null,{"$f":"计算!AB22","v":"收银纸"},{"$f":"VLOOKUP(D33,计算!$A$1:$G$60,3,FALSE)","v":16.8},{"$f":"VLOOKUP(D33,计算!$A$1:$G$60,2,FALSE)","v":36},null,null,{"$f":"VLOOKUP(D33,计算!$A$1:$G$60,4,FALSE)","v":19.2},19.2,{"$f":"VLOOKUP(D33,计算!$A$1:$G$60,5,FALSE)","v":60},null,null,{"$f":"VLOOKUP(D33,计算!$A$1:$G$60,6,FALSE)","v":28},null,null,{"$f":"VLOOKUP(D33,计算!$A$1:$Q$60,17,FALSE)","v":"财务部"},{"$f":"VLOOKUP(D33,计算!$A$1:$Q$60,16,FALSE)","v":28.004999999999999},28.004999999999999]
[null,null,null,{"$f":"计算!AB23","v":"收据"},{"$f":"VLOOKUP(D34,计算!$A$1:$G$60,3,FALSE)","v":15.6},{"$f":"VLOOKUP(D34,计算!$A$1:$G$60,2,FALSE)","v":36},null,null,{"$f":"VLOOKUP(D34,计算!$A$1:$G$60,4,FALSE)","v":20.399999999999999},20.399999999999999,{"$f":"VLOOKUP(D34,计算!$A$1:$G$60,5,FALSE)","v":60},null,null,{"$f":"VLOOKUP(D34,计算!$A$1:$G$60,6,FALSE)","v":26},null,null,{"$f":"VLOOKUP(D34,计算!$A$1:$Q$60,17,FALSE)","v":"财务部"},{"$f":"VLOOKUP(D34,计算!$A$1:$Q$60,16,FALSE)","v":26.004999999999999},26.004999999999999]
[null,null,null,{"$f":"计算!AB24","v":"碳带"},{"$f":"VLOOKUP(D35,计算!$A$1:$G$60,3,FALSE)","v":15},{"$f":"VLOOKUP(D35,计算!$A$1:$G$60,2,FALSE)","v":60},null,null,{"$f":"VLOOKUP(D35,计算!$A$1:$G$60,4,FALSE)","v":45},45,{"$f":"VLOOKUP(D35,计算!$A$1:$G$60,5,FALSE)","v":100},null,null,{"$f":"VLOOKUP(D35,计算!$A$1:$G$60,6,FALSE)","v":25},null,null,{"$f":"VLOOKUP(D35,计算!$A$1:$Q$60,17,FALSE)","v":"客服部"},{"$f":"VLOOKUP(D35,计算!$A$1:$Q$60,16,FALSE)","v":25.006},25.006]
[null,null,null,{"$f":"计算!AB25","v":"借支单"},{"$f":"VLOOKUP(D36,计算!$A$1:$G$60,3,FALSE)","v":13.2},{"$f":"VLOOKUP(D36,计算!$A$1:$G$60,2,FALSE)","v":18},null,null,{"$f":"VLOOKUP(D36,计算!$A$1:$G$60,4,FALSE)","v":4.8000000000000007},4.8000000000000007,{"$f":"VLOOKUP(D36,计算!$A$1:$G$60,5,FALSE)","v":30},null,null,{"$f":"VLOOKUP(D36,计算!$A$1:$G$60,6,FALSE)","v":22},null,null,{"$f":"VLOOKUP(D36,计算!$A$1:$Q$60,17,FALSE)","v":"财务部"},{"$f":"VLOOKUP(D36,计算!$A$1:$Q$60,16,FALSE)","v":22.004999999999999},22.004999999999999]
[null,null,null,{"$f":"计算!AB26","v":"手套"},{"$f":"VLOOKUP(D37,计算!$A$1:$G$60,3,FALSE)","v":12.6},{"$f":"VLOOKUP(D37,计算!$A$1:$G$60,2,FALSE)","v":30},null,null,{"$f":"VLOOKUP(D37,计算!$A$1:$G$60,4,FALSE)","v":17.399999999999999},17.399999999999999,{"$f":"VLOOKUP(D37,计算!$A$1:$G$60,5,FALSE)","v":50},null,null,{"$f":"VLOOKUP(D37,计算!$A$1:$G$60,6,FALSE)","v":21},null,null,{"$f":"VLOOKUP(D37,计算!$A$1:$Q$60,17,FALSE)","v":"机修车间"},{"$f":"VLOOKUP(D37,计算!$A$1:$Q$60,16,FALSE)","v":21.003},21.003]
[null,null,null,{"$f":"计算!AB27","v":"费用报销单"},{"$f":"VLOOKUP(D38,计算!$A$1:$G$60,3,FALSE)","v":9.6},{"$f":"VLOOKUP(D38,计算!$A$1:$G$60,2,FALSE)","v":12},null,null,{"$f":"VLOOKUP(D38,计算!$A$1:$G$60,4,FALSE)","v":2.4000000000000004},2.4000000000000004,{"$f":"VLOOKUP(D38,计算!$A$1:$G$60,5,FALSE)","v":20},null,null,{"$f":"VLOOKUP(D38,计算!$A$1:$G$60,6,FALSE)","v":16},null,null,{"$f":"VLOOKUP(D38,计算!$A$1:$Q$60,17,FALSE)","v":"钣喷部"},{"$f":"VLOOKUP(D38,计算!$A$1:$Q$60,16,FALSE)","v":16.004000000000001},16.004000000000001]
[null,null,null,{"$f":"计算!AB28","v":"档案盒"},{"$f":"VLOOKUP(D39,计算!$A$1:$G$60,3,FALSE)","v":9},{"$f":"VLOOKUP(D39,计算!$A$1:$G$60,2,FALSE)","v":9.6},null,null,{"$f":"VLOOKUP(D39,计算!$A$1:$G$60,4,FALSE)","v":0.59999999999999964},0.59999999999999964,{"$f":"VLOOKUP(D39,计算!$A$1:$G$60,5,FALSE)","v":16},null,null,{"$f":"VLOOKUP(D39,计算!$A$1:$G$60,6,FALSE)","v":15},null,null,{"$f":"VLOOKUP(D39,计算!$A$1:$Q$60,17,FALSE)","v":"服务部"},{"$f":"VLOOKUP(D39,计算!$A$1:$Q$60,16,FALSE)","v":15.002000000000001},15.002000000000001]
[null,null,null,{"$f":"计算!AB29","v":"订书器"},{"$f":"VLOOKUP(D40,计算!$A$1:$G$60,3,FALSE)","v":6.6},{"$f":"VLOOKUP(D40,计算!$A$1:$G$60,2,FALSE)","v":12},null,null,{"$f":"VLOOKUP(D40,计算!$A$1:$G$60,4,FALSE)","v":5.4},5.4,{"$f":"VLOOKUP(D40,计算!$A$1:$G$60,5,FALSE)","v":20},null,null,{"$f":"VLOOKUP(D40,计算!$A$1:$G$60,6,FALSE)","v":11},null,null,{"$f":"VLOOKUP(D40,计算!$A$1:$Q$60,17,FALSE)","v":"客服部"},{"$f":"VLOOKUP(D40,计算!$A$1:$Q$60,16,FALSE)","v":11.006},11.006]
[null,null,null,{"$f":"计算!AB30","v":"胶水"},{"$f":"VLOOKUP(D41,计算!$A$1:$G$60,3,FALSE)","v":6},{"$f":"VLOOKUP(D41,计算!$A$1:$G$60,2,FALSE)","v":18},null,null,{"$f":"VLOOKUP(D41,计算!$A$1:$G$60,4,FALSE)","v":12},12,{"$f":"VLOOKUP(D41,计算!$A$1:$G$60,5,FALSE)","v":30},null,null,{"$f":"VLOOKUP(D41,计算!$A$1:$G$60,6,FALSE)","v":10},null,null,{"$f":"VLOOKUP(D41,计算!$A$1:$Q$60,17,FALSE)","v":"财务部"},{"$f":"VLOOKUP(D41,计算!$A$1:$Q$60,16,FALSE)","v":10.005000000000001},10.005000000000001]
[null,null,null,{"$f":"计算!AB31","v":"胶带"},{"$f":"VLOOKUP(D42,计算!$A$1:$G$60,3,FALSE)","v":3.5999999999999996},{"$f":"VLOOKUP(D42,计算!$A$1:$G$60,2,FALSE)","v":12},null,null,{"$f":"VLOOKUP(D42,计算!$A$1:$G$60,4,FALSE)","v":8.4},8.4,{"$f":"VLOOKUP(D42,计算!$A$1:$G$60,5,FALSE)","v":20},null,null,{"$f":"VLOOKUP(D42,计算!$A$1:$G$60,6,FALSE)","v":6},null,null,{"$f":"VLOOKUP(D42,计算!$A$1:$Q$60,17,FALSE)","v":"其他"},{"$f":"VLOOKUP(D42,计算!$A$1:$Q$60,16,FALSE)","v":7.0000000000000001E-3},7.0000000000000001E-3]
[]
[null,null,"   最佳阅读体验推荐使用iPadAir | 仅支持windows环境下Excel2010及以上版本"]

{"sheet":"数据源","index":1,"n_rows":13339,"n_cols":12,"rows_kept":13339,"cut":false,"hidden":false,"merged":[]}
["编号","日期","品名","出入库","数量","部门","领取人","类别","单位","单价","合计","日期辅助"]
[1,"2015-03-01","支出证明","采购",100,"综合部",null,{"$f":"IFERROR(VLOOKUP(C2,参数!$B:$H,2,0),\"\")","v":"办公"},{"$f":"IFERROR(VLOOKUP(C2,参数!$B:$H,4,0),\"\")","v":"支"},{"$f":"IFERROR(VLOOKUP(C2,参数!B:H,3,FALSE),\"\")","v":1.5},{"$f":"IFERROR(J2*E2,\"\")","v":150},{"$f":"VALUE(MONTH(B2))","v":3}]
[2,"2015-03-01","支出证明","出库",10,"机修车间",null,{"$f":"IFERROR(VLOOKUP(C3,参数!$B:$H,2,0),\"\")","v":"办公"},{"$f":"IFERROR(VLOOKUP(C3,参数!$B:$H,4,0),\"\")","v":"支"},{"$f":"IFERROR(VLOOKUP(C3,参数!B:H,3,FALSE),\"\")","v":1.5},{"$f":"IFERROR(J3*E3,\"\")","v":15},3]
[3,"2015-03-02","圆珠笔","采购",200,"综合部",null,{"$f":"IFERROR(VLOOKUP(C4,参数!$B:$H,2,0),\"\")","v":"办公"},{"$f":"IFERROR(VLOOKUP(C4,参数!$B:$H,4,0),\"\")","v":"支"},{"$f":"IFERROR(VLOOKUP(C4,参数!B:H,3,FALSE),\"\")","v":1.5},300,3]
[4,"2015-03-01","圆珠笔","出库",30,"销售部",null,{"$f":"IFERROR(VLOOKUP(C5,参数!$B:$H,2,0),\"\")","v":"办公"},{"$f":"IFERROR(VLOOKUP(C5,参数!$B:$H,4,0),\"\")","v":"支"},{"$f":"IFERROR(VLOOKUP(C5,参数!B:H,3,FALSE),\"\")","v":1.5},45,3]
[5,"2015-03-05","圆珠笔","出库",10,"钣喷部",null,{"$f":"IFERROR(VLOOKUP(C6,参数!$B:$H,2,0),\"\")","v":"办公"},{"$f":"IFERROR(VLOOKUP(C6,参数!$B:$H,4,0),\"\")","v":"支"},{"$f":"IFERROR(VLOOKUP(C6,参数!B:H,3,FALSE),\"\")","v":1.5},15,3]
[6,"2015-03-03","印油","采购",60,"综合部",null,{"$f":"IFERROR(VLOOKUP(C7,参数!$B:$H,2,0),\"\")","v":"办公"},{"$f":"IFERROR(VLOOKUP(C7,参数!$B:$H,4,0),\"\")","v":"盒"},{"$f":"IFERROR(VLOOKUP(C7,参数!B:H,3,FALSE),\"\")","v":1.5},90,3]
[7,"2015-03-07","印油","出库",25,"客服部",null,{"$f":"IFERROR(VLOOKUP(C8,参数!$B:$H,2,0),\"\")","v":"办公"},{"$f":"IFERROR(VLOOKUP(C8,参数!$B:$H,4,0),\"\")","v":"盒"},{"$f":"IFERROR(VLOOKUP(C8,参数!B:H,3,FALSE),\"\")","v":1.5},37.5,3]
[8,"2015-03-08","燕尾夹","采购",50,"综合部",null,{"$f":"IFERROR(VLOOKUP(C9,参数!$B:$H,2,0),\"\")","v":"办公"},{"$f":"IFERROR(VLOOKUP(C9,参数!$B:$H,4,0),\"\")","v":"个"},{"$f":"IFERROR(VLOOKUP(C9,参数!B:H,3,FALSE),\"\")","v":1.5},75,3]
[9,"2015-03-09","燕尾夹","出库",20,"钣喷部",null,{"$f":"IFERROR(VLOOKUP(C10,参数!$B:$H,2,0),\"\")","v":"办公"},{"$f":"IFERROR(VLOOKUP(C10,参数!$B:$H,4,0),\"\")","v":"个"},{"$f":"IFERROR(VLOOKUP(C10,参数!B:H,3,FALSE),\"\")","v":1.5},30,3]
[10,"2015-03-10","洗衣粉","采购",60,"综合部",null,{"$f":"IFERROR(VLOOKUP(C11,参数!$B:$H,2,0),\"\")","v":"劳保"},{"$f":"IFERROR(VLOOKUP(C11,参数!$B:$H,4,0),\"\")","v":"袋"},{"$f":"IFERROR(VLOOKUP(C11,参数!B:H,3,FALSE),\"\")","v":1.5},90,3]
[11,"2015-03-11","洗衣粉","出库",30,"服务部",null,{"$f":"IFERROR(VLOOKUP(C12,参数!$B:$H,2,0),\"\")","v":"劳保"},{"$f":"IFERROR(VLOOKUP(C12,参数!$B:$H,4,0),\"\")","v":"袋"},{"$f":"IFERROR(VLOOKUP(C12,参数!B:H,3,FALSE),\"\")","v":1.5},45,3]
[12,"2015-03-12","文件夹","采购",50,"综合部",null,{"$f":"IFERROR(VLOOKUP(C13,参数!$B:$H,2,0),\"\")","v":"办公"},{"$f":"IFERROR(VLOOKUP(C13,参数!$B:$H,4,0),\"\")","v":"个"},{"$f":"IFERROR(VLOOKUP(C13,参数!B:H,3,FALSE),\"\")","v":1.5},75,3]
[13,"2015-03-13","文件夹","出库",20,"客服部",null,{"$f":"IFERROR(VLOOKUP(C14,参数!$B:$H,2,0),\"\")","v":"办公"},{"$f":"IFERROR(VLOOKUP(C14,参数!$B:$H,4,0),\"\")","v":"个"},{"$f":"IFERROR(VLOOKUP(C14,参数!B:H,3,FALSE),\"\")","v":1.5},30,3]
[14,"2015-03-14","卫生纸","采购",60,"综合部",null,{"$f":"IFERROR(VLOOKUP(C15,参数!$B:$H,2,0),\"\")","v":"劳保"},{"$f":"IFERROR(VLOOKUP(C15,参数!$B:$H,4,0),\"\")","v":"包"},{"$f":"IFERROR(VLOOKUP(C15,参数!B:H,3,FALSE),\"\")","v":1.5},90,3]
[15,"2015-03-15","卫生纸","出库",40,"机修车间",null,{"$f":"IFERROR(VLOOKUP(C16,参数!$B:$H,2,0),\"\")","v":"劳保"},{"$f":"IFERROR(VLOOKUP(C16,参数!$B:$H,4,0),\"\")","v":"包"},{"$f":"IFERROR(VLOOKUP(C16,参数!B:H,3,FALSE),\"\")","v":1.5},60,3]
[16,"2015-03-16","笤帚","采购",20,"服务部",null,{"$f":"IFERROR(VLOOKUP(C17,参数!$B:$H,2,0),\"\")","v":"劳保"},{"$f":"IFERROR(VLOOKUP(C17,参数!$B:$H,4,0),\"\")","v":"支"},{"$f":"IFERROR(VLOOKUP(C17,参数!B:H,3,FALSE),\"\")","v":1.5},30,3]
[17,"2015-03-16","笤帚","出库",10,"财务部",null,{"$f":"IFERROR(VLOOKUP(C18,参数!$B:$H,2,0),\"\")","v":"劳保"},{"$f":"IFERROR(VLOOKUP(C18,参数!$B:$H,4,0),\"\")","v":"支"},{"$f":"IFERROR(VLOOKUP(C18,参数!B:H,3,FALSE),\"\")","v":1.5},15,3]
[18,"2015-03-16","条码纸","采购",200,"机修车间",null,{"$f":"IFERROR(VLOOKUP(C19,参数!$B:$H,2,0),\"\")","v":"办公"},{"$f":"IFERROR(VLOOKUP(C19,参数!$B:$H,4,0),\"\")","v":"包"},{"$f":"IFERROR(VLOOKUP(C19,参数!B:H,3,FALSE),\"\")","v":0.6},120,3]
[19,"2015-03-16","条码纸","出库",150,"机修车间",null,{"$f":"IFERROR(VLOOKUP(C20,参数!$B:$H,2,0),\"\")","v":"办公"},{"$f":"IFERROR(VLOOKUP(C20,参数!$B:$H,4,0),\"\")","v":"包"},{"$f":"IFERROR(VLOOKUP(C20,参数!B:H,3,FALSE),\"\")","v":0.6},90,3]
[20,"2015-03-16","糖","采购",60,"综合部",null,{"$f":"IFERROR(VLOOKUP(C21,参数!$B:$H,2,0),\"\")","v":"食品"},{"$f":"IFERROR(VLOOKUP(C21,参数!$B:$H,4,0),\"\")","v":"包"},{"$f":"IFERROR(VLOOKUP(C21,参数!B:H,3,FALSE),\"\")","v":0.6},36,3]
[21,"2015-03-16","糖","出库",30,"服务部",null,{"$f":"IFERROR(VLOOKUP(C22,参数!$B:$H,2,0),\"\")","v":"食品"},{"$f":"IFERROR(VLOOKUP(C22,参数!$B:$H,4,0),\"\")","v":"包"},{"$f":"IFERROR(VLOOKUP(C22,参数!B:H,3,FALSE),\"\")","v":0.6},18,3]
[22,"2015-03-16","碳带","采购",100,"综合部",null,{"$f":"IFERROR(VLOOKUP(C23,参数!$B:$H,2,0),\"\")","v":"办公"},{"$f":"IFERROR(VLOOKUP(C23,参数!$B:$H,4,0),\"\")","v":"盒"},{"$f":"IFERROR(VLOOKUP(C23,参数!B:H,3,FALSE),\"\")","v":0.6},60,3]
[23,"2015-03-16","碳带","出库",25,"客服部",null,{"$f":"IFERROR(VLOOKUP(C24,参数!$B:$H,2,0),\"\")","v":"办公"},{"$f":"IFERROR(VLOOKUP(C24,参数!$B:$H,4,0),\"\")","v":"盒"},{"$f":"IFERROR(VLOOKUP(C24,参数!B:H,3,FALSE),\"\")","v":0.6},15,3]
[24,"2015-03-16","手套","采购",50,"综合部",null,{"$f":"IFERROR(VLOOKUP(C25,参数!$B:$H,2,0),\"\")","v":"劳保"},{"$f":"IFERROR(VLOOKUP(C25,参数!$B:$H,4,0),\"\")","v":"双"},{"$f":"IFERROR(VLOOKUP(C25,参数!B:H,3,FALSE),\"\")","v":0.6},30,3]
[25,"2015-03-16","手套","出库",21,"机修车间",null,{"$f":"IFERROR(VLOOKUP(C26,参数!$B:$H,2,0),\"\")","v":"劳保"},{"$f":"IFERROR(VLOOKUP(C26,参数!$B:$H,4,0),\"\")","v":"双"},{"$f":"IFERROR(VLOOKUP(C26,参数!B:H,3,FALSE),\"\")","v":0.6},12.6,3]
[26,"2015-03-16","收银纸","采购",60,"综合部",null,{"$f":"IFERROR(VLOOKUP(C27,参数!$B:$H,2,0),\"\")","v":"办公"},{"$f":"IFERROR(VLOOKUP(C27,参数!$B:$H,4,0),\"\")","v":"盒"},{"$f":"IFERROR(VLOOKUP(C27,参数!B:H,3,FALSE),\"\")","v":0.6},36,3]
[27,"2015-03-16","收银纸","出库",28,"财务部",null,{"$f":"IFERROR(VLOOKUP(C28,参数!$B:$H,2,0),\"\")","v":"办公"},{"$f":"IFERROR(VLOOKUP(C28,参数!$B:$H,4,0),\"\")","v":"盒"},{"$f":"IFERROR(VLOOKUP(C28,参数!B:H,3,FALSE),\"\")","v":0.6},16.8,3]
[28,"2015-03-16","收据","采购",60,"综合部",null,{"$f":"IFERROR(VLOOKUP(C29,参数!$B:$H,2,0),\"\")","v":"办公"},{"$f":"IFERROR(VLOOKUP(C29,参数!$B:$H,4,0),\"\")","v":"本"},{"$f":"IFERROR(VLOOKUP(C29,参数!B:H,3,FALSE),\"\")","v":0.6},36,3]
[29,"2015-03-16","收据","出库",26,"财务部",null,{"$f":"IFERROR(VLOOKUP(C30,参数!$B:$H,2,0),\"\")","v":"办公"},{"$f":"IFERROR(VLOOKUP(C30,参数!$B:$H,4,0),\"\")","v":"本"},{"$f":"IFERROR(VLOOKUP(C30,参数!B:H,3,FALSE),\"\")","v":0.6},15.6,3]
[30,"2015-03-16","色带","采购",300,"综合部",null,{"$f":"IFERROR(VLOOKUP(C31,参数!$B:$H,2,0),\"\")","v":"办公"},{"$f":"IFERROR(VLOOKUP(C31,参数!$B:$H,4,0),\"\")","v":"支"},{"$f":"IFERROR(VLOOKUP(C31,参数!B:H,3,FALSE),\"\")","v":0.6},180,3]
[31,"2015-03-16","色带","出库",150,"钣喷部",null,{"$f":"IFERROR(VLOOKUP(C32,参数!$B:$H,2,0),\"\")","v":"办公"},{"$f":"IFERROR(VLOOKUP(C32,参数!$B:$H,4,0),\"\")","v":"支"},{"$f":"IFERROR(VLOOKUP(C32,参数!B:H,3,FALSE),\"\")","v":0.6},90,3]
[32,"2015-03-16","曲别针","采购",50,null,null,{"$f":"IFERROR(VLOOKUP(C33,参数!$B:$H,2,0),\"\")","v":"办公"},{"$f":"IFERROR(VLOOKUP(C33,参数!$B:$H,4,0),\"\")","v":"盒"},{"$f":"IFERROR(VLOOKUP(C33,参数!B:H,3,FALSE),\"\")","v":0.6},30,3]
[33,"2015-03-16","曲别针","出库",30,"财务部",null,{"$f":"IFERROR(VLOOKUP(C34,参数!$B:$H,2,0),\"\")","v":"办公"},{"$f":"IFERROR(VLOOKUP(C34,参数!$B:$H,4,0),\"\")","v":"盒"},{"$f":"IFERROR(VLOOKUP(C34,参数!B:H,3,FALSE),\"\")","v":0.6},18,3]
[34,"2015-03-16","皮筋","采购",58,"服务部",null,{"$f":"IFERROR(VLOOKUP(C35,参数!$B:$H,2,0),\"\")","v":"办公"},{"$f":"IFERROR(VLOOKUP(C35,参数!$B:$H,4,0),\"\")","v":"包"},{"$f":"IFERROR(VLOOKUP(C35,参数!B:H,3,FALSE),\"\")","v":0.6},34.799999999999997,3]
[35,"2015-03-16","皮筋","出库",28,"财务部",null,{"$f":"IFERROR(VLOOKUP(C36,参数!$B:$H,2,0),\"\")","v":"办公"},{"$f":"IFERROR(VLOOKUP(C36,参数!$B:$H,4,0),\"\")","v":"包"},{"$f":"IFERROR(VLOOKUP(C36,参数!B:H,3,FALSE),\"\")","v":0.6},16.8,3]
[36,"2015-03-16","墨水","采购",5,null,null,{"$f":"IFERROR(VLOOKUP(C37,参数!$B:$H,2,0),\"\")","v":"办公"},{"$f":"IFERROR(VLOOKUP(C37,参数!$B:$H,4,0),\"\")","v":"瓶"},{"$f":"IFERROR(VLOOKUP(C37,参数!B:H,3,FALSE),\"\")","v":0.6},3,3]
[37,"2015-03-16","墨水","出库",2,"服务部",null,{"$f":"IFERROR(VLOOKUP(C38,参数!$B:$H,2,0),\"\")","v":"办公"},{"$f":"IFERROR(VLOOKUP(C38,参数!$B:$H,4,0),\"\")","v":"瓶"},{"$f":"IFERROR(VLOOKUP(C38,参数!B:H,3,FALSE),\"\")","v":0.6},1.2,3]
[38,"2015-03-16","拉链袋","采购",100,null,null,{"$f":"IFERROR(VLOOKUP(C39,参数!$B:$H,2,0),\"\")","v":"办公"},{"$f":"IFERROR(VLOOKUP(C39,参数!$B:$H,4,0),\"\")","v":"盒"},{"$f":"IFERROR(VLOOKUP(C39,参数!B:H,3,FALSE),\"\")","v":0.6},60,3]
[39,"2015-03-16","拉链袋","出库",98,"机修车间",null,{"$f":"IFERROR(VLOOKUP(C40,参数!$B:$H,2,0),\"\")","v":"办公"},{"$f":"IFERROR(VLOOKUP(C40,参数!$B:$H,4,0),\"\")","v":"盒"},{"$f":"IFERROR(VLOOKUP(C40,参数!B:H,3,FALSE),\"\")","v":0.6},58.8,3]
[40,"2015-03-16","垃圾袋","采购",60,null,null,{"$f":"IFERROR(VLOOKUP(C41,参数!$B:$H,2,0),\"\")","v":"劳保"},{"$f":"IFERROR(VLOOKUP(C41,参数!$B:$H,4,0),\"\")","v":"包"},{"$f":"IFERROR(VLOOKUP(C41,参数!B:H,3,FALSE),\"\")","v":0.6},36,3]
[41,"2015-03-16","垃圾袋","出库",30,"综合部",null,{"$f":"IFERROR(VLOOKUP(C42,参数!$B:$H,2,0),\"\")","v":"劳保"},{"$f":"IFERROR(VLOOKUP(C42,参数!$B:$H,4,0),\"\")","v":"包"},{"$f":"IFERROR(VLOOKUP(C42,参数!B:H,3,FALSE),\"\")","v":0.6},18,3]
[42,"2015-03-16","借支单","采购",30,null,null,{"$f":"IFERROR(VLOOKUP(C43,参数!$B:$H,2,0),\"\")","v":"办公"},{"$f":"IFERROR(VLOOKUP(C43,参数!$B:$H,4,0),\"\")","v":"瓶"},{"$f":"IFERROR(VLOOKUP(C43,参数!B:H,3,FALSE),\"\")","v":0.6},18,3]
[43,"2015-03-16","借支单","出库",22,"财务部",null,{"$f":"IFERROR(VLOOKUP(C44,参数!$B:$H,2,0),\"\")","v":"办公"},{"$f":"IFERROR(VLOOKUP(C44,参数!$B:$H,4,0),\"\")","v":"瓶"},{"$f":"IFERROR(VLOOKUP(C44,参数!B:H,3,FALSE),\"\")","v":0.6},13.2,3]
[44,"2015-03-16","胶水","采购",30,null,null,{"$f":"IFERROR(VLOOKUP(C45,参数!$B:$H,2,0),\"\")","v":"办公"},{"$f":"IFERROR(VLOOKUP(C45,参数!$B:$H,4,0),\"\")","v":"盒"},{"$f":"IFERROR(VLOOKUP(C45,参数!B:H,3,FALSE),\"\")","v":0.6},18,3]
[45,"2015-03-16","胶水","出库",10,"财务部",null,{"$f":"IFERROR(VLOOKUP(C46,参数!$B:$H,2,0),\"\")","v":"办公"},{"$f":"IFERROR(VLOOKUP(C46,参数!$B:$H,4,0),\"\")","v":"盒"},{"$f":"IFERROR(VLOOKUP(C46,参数!B:H,3,FALSE),\"\")","v":0.6},6,3]
[46,"2015-03-16","胶带","采购",20,"市场部",null,{"$f":"IFERROR(VLOOKUP(C47,参数!$B:$H,2,0),\"\")","v":"办公"},{"$f":"IFERROR(VLOOKUP(C47,参数!$B:$H,4,0),\"\")","v":"包"},{"$f":"IFERROR(VLOOKUP(C47,参数!B:H,3,FALSE),\"\")","v":0.6},12,3]
[47,"2015-03-16","胶带","出库",6,"市场部",null,{"$f":"IFERROR(VLOOKUP(C48,参数!$B:$H,2,0),\"\")","v":"办公"},{"$f":"IFERROR(VLOOKUP(C48,参数!$B:$H,4,0),\"\")","v":"包"},{"$f":"IFERROR(VLOOKUP(C48,参数!B:H,3,FALSE),\"\")","v":0.6},3.5999999999999996,3]
[48,"2015-03-16","胶棒","采购",80,"市场部",null,{"$f":"IFERROR(VLOOKUP(C49,参数!$B:$H,2,0),\"\")","v":"办公"},{"$f":"IFERROR(VLOOKUP(C49,参数!$B:$H,4,0),\"\")","v":"瓶"},{"$f":"IFERROR(VLOOKUP(C49,参数!B:H,3,FALSE),\"\")","v":0.6},48,3]
[49,"2015-03-16","胶棒","出库",28,"市场部",null,{"$f":"IFERROR(VLOOKUP(C50,参数!$B:$H,2,0),\"\")","v":"办公"},{"$f":"IFERROR(VLOOKUP(C50,参数!$B:$H,4,0),\"\")","v":"瓶"},{"$f":"IFERROR(VLOOKUP(C50,参数!B:H,3,FALSE),\"\")","v":0.6},16.8,3]
[50,"2015-03-16","记号笔","采购",60,null,null,{"$f":"IFERROR(VLOOKUP(C51,参数!$B:$H,2,0),\"\")","v":"办公"},{"$f":"IFERROR(VLOOKUP(C51,参数!$B:$H,4,0),\"\")","v":"盒"},{"$f":"IFERROR(VLOOKUP(C51,参数!B:H,3,FALSE),\"\")","v":0.6},36,3]
[51,"2015-03-16","记号笔","出库",50,"服务部",null,{"$f":"IFERROR(VLOOKUP(C52,参数!$B:$H,2,0),\"\")","v":"办公"},{"$f":"IFERROR(VLOOKUP(C52,参数!$B:$H,4,0),\"\")","v":"盒"},{"$f":"IFERROR(VLOOKUP(C52,参数!B:H,3,FALSE),\"\")","v":0.6},30,3]
[52,"2015-03-16","计算器","采购",5,null,null,{"$f":"IFERROR(VLOOKUP(C53,参数!$B:$H,2,0),\"\")","v":"办公"},{"$f":"IFERROR(VLOOKUP(C53,参数!$B:$H,4,0),\"\")","v":"包"},{"$f":"IFERROR(VLOOKUP(C53,参数!B:H,3,FALSE),\"\")","v":0.6},3,3]
[53,"2015-03-16","计算器","出库",2,"机修部",null,{"$f":"IFERROR(VLOOKUP(C54,参数!$B:$H,2,0),\"\")","v":"办公"},{"$f":"IFERROR(VLOOKUP(C54,参数!$B:$H,4,0),\"\")","v":"包"},{"$f":"IFERROR(VLOOKUP(C54,参数!B:H,3,FALSE),\"\")","v":0.6},1.2,3]
[54,"2015-03-16","订书器","采购",20,null,null,{"$f":"IFERROR(VLOOKUP(C55,参数!$B:$H,2,0),\"\")","v":"办公"},{"$f":"IFERROR(VLOOKUP(C55,参数!$B:$H,4,0),\"\")","v":"瓶"},{"$f":"IFERROR(VLOOKUP(C55,参数!B:H,3,FALSE),\"\")","v":0.6},12,3]
[55,"2015-03-16","订书器","出库",11,"客服部",null,{"$f":"IFERROR(VLOOKUP(C56,参数!$B:$H,2,0),\"\")","v":"办公"},{"$f":"IFERROR(VLOOKUP(C56,参数!$B:$H,4,0),\"\")","v":"瓶"},{"$f":"IFERROR(VLOOKUP(C56,参数!B:H,3,FALSE),\"\")","v":0.6},6.6,3]
[56,"2015-03-16","黑档案盒","采购",30,null,null,{"$f":"IFERROR(VLOOKUP(C57,参数!$B:$H,2,0),\"\")","v":"办公"},{"$f":"IFERROR(VLOOKUP(C57,参数!$B:$H,4,0),\"\")","v":"瓶"},{"$f":"IFERROR(VLOOKUP(C57,参数!B:H,3,FALSE),\"\")","v":0.6},18,3]
[57,"2015-03-16","黑档案盒","出库",29,"市场部",null,{"$f":"IFERROR(VLOOKUP(C58,参数!$B:$H,2,0),\"\")","v":"办公"},{"$f":"IFERROR(VLOOKUP(C58,参数!$B:$H,4,0),\"\")","v":"瓶"},{"$f":"IFERROR(VLOOKUP(C58,参数!B:H,3,FALSE),\"\")","v":0.6},17.399999999999999,3]
[58,"2015-03-16","费用报销单","采购",20,null,null,{"$f":"IFERROR(VLOOKUP(C59,参数!$B:$H,2,0),\"\")","v":"办公"},{"$f":"IFERROR(VLOOKUP(C59,参数!$B:$H,4,0),\"\")","v":"盒"},{"$f":"IFERROR(VLOOKUP(C59,参数!B:H,3,FALSE),\"\")","v":0.6},12,3]
[59,"2015-03-16","费用报销单","出库",16,"钣喷部",null,{"$f":"IFERROR(VLOOKUP(C60,参数!$B:$H,2,0),\"\")","v":"办公"},{"$f":"IFERROR(VLOOKUP(C60,参数!$B:$H,4,0),\"\")","v":"盒"},{"$f":"IFERROR(VLOOKUP(C60,参数!B:H,3,FALSE),\"\")","v":0.6},9.6,3]
[60,"2015-03-16","档案盒","采购",16,null,null,{"$f":"IFERROR(VLOOKUP(C61,参数!$B:$H,2,0),\"\")","v":"办公"},{"$f":"IFERROR(VLOOKUP(C61,参数!$B:$H,4,0),\"\")","v":"瓶"},{"$f":"IFERROR(VLOOKUP(C61,参数!B:H,3,FALSE),\"\")","v":0.6},9.6,3]
[61,"2015-03-16","档案盒","出库",15,"服务部",null,{"$f":"IFERROR(VLOOKUP(C62,参数!$B:$H,2,0),\"\")","v":"办公"},{"$f":"IFERROR(VLOOKUP(C62,参数!$B:$H,4,0),\"\")","v":"瓶"},{"$f":"IFERROR(VLOOKUP(C62,参数!B:H,3,FALSE),\"\")","v":0.6},9,3]
[62,"2015-03-16","电卡","采购",1000,null,null,{"$f":"IFERROR(VLOOKUP(C63,参数!$B:$H,2,0),\"\")","v":"电卡"},{"$f":"IFERROR(VLOOKUP(C63,参数!$B:$H,4,0),\"\")","v":"度"},{"$f":"IFERROR(VLOOKUP(C63,参数!B:H,3,FALSE),\"\")","v":0.55000000000000004},550,3]
[63,"2015-03-16","电卡","出库",50,null,null,{"$f":"IFERROR(VLOOKUP(C64,参数!$B:$H,2,0),\"\")","v":"电卡"},{"$f":"IFERROR(VLOOKUP(C64,参数!$B:$H,4,0),\"\")","v":"度"},{"$f":"IFERROR(VLOOKUP(C64,参数!B:H,3,FALSE),\"\")","v":0.55000000000000004},27.500000000000004,3]
[64,"2015-03-16","油卡","采购",200,null,null,{"$f":"IFERROR(VLOOKUP(C65,参数!$B:$H,2,0),\"\")","v":"油卡"},{"$f":"IFERROR(VLOOKUP(C65,参数!$B:$H,4,0),\"\")","v":"度"},{"$f":"IFERROR(VLOOKUP(C65,参数!B:H,3,FALSE),\"\")","v":5.5},1100,3]
[65,"2015-03-16","油卡","采购",150,null,null,{"$f":"IFERROR(VLOOKUP(C66,参数!$B:$H,2,0),\"\")","v":"油卡"},{"$f":"IFERROR(VLOOKUP(C66,参数!$B:$H,4,0),\"\")","v":"度"},{"$f":"IFERROR(VLOOKUP(C66,参数!B:H,3,FALSE),\"\")","v":5.5},825,{"$f":"VALUE(MONTH(B66))","v":3}]
[66,"2015-03-16","电卡","出库",200,null,null,{"$f":"IFERROR(VLOOKUP(C67,参数!$B:$H,2,0),\"\")","v":"电卡"},{"$f":"IFERROR(VLOOKUP(C67,参数!$B:$H,4,0),\"\")","v":"度"},{"$f":"IFERROR(VLOOKUP(C67,参数!B:H,3,FALSE),\"\")","v":0.55000000000000004},{"$f":"IFERROR(J67*E67,\"\")","v":110.00000000000001},3]
[67,"2015-03-16","电卡","出库",100,null,null,{"$f":"IFERROR(VLOOKUP(C68,参数!$B:$H,2,0),\"\")","v":"电卡"},{"$f":"IFERROR(VLOOKUP(C68,参数!$B:$H,4,0),\"\")","v":"度"},{"$f":"IFERROR(VLOOKUP(C68,参数!B:H,3,FALSE),\"\")","v":0.55000000000000004},{"$f":"IFERROR(J68*E68,\"\")","v":55.000000000000007},3]
[68,"2015-03-16","电卡","采购",200,null,null,{"$f":"IFERROR(VLOOKUP(C69,参数!$B:$H,2,0),\"\")","v":"电卡"},{"$f":"IFERROR(VLOOKUP(C69,参数!$B:$H,4,0),\"\")","v":"度"},{"$f":"IFERROR(VLOOKUP(C69,参数!B:H,3,FALSE),\"\")","v":0.55000000000000004},110.00000000000001,3]
[69,"2015-03-16","电卡","出库",100,null,null,{"$f":"IFERROR(VLOOKUP(C70,参数!$B:$H,2,0),\"\")","v":"电卡"},{"$f":"IFERROR(VLOOKUP(C70,参数!$B:$H,4,0),\"\")","v":"度"},{"$f":"IFERROR(VLOOKUP(C70,参数!B:H,3,FALSE),\"\")","v":0.55000000000000004},{"$f":"IFERROR(J70*E70,\"\")","v":55.000000000000007},3]
[70,"2015-03-16","电卡","采购",300,null,null,{"$f":"IFERROR(VLOOKUP(C71,参数!$B:$H,2,0),\"\")","v":"电卡"},{"$f":"IFERROR(VLOOKUP(C71,参数!$B:$H,4,0),\"\")","v":"度"},{"$f":"IFERROR(VLOOKUP(C71,参数!B:H,3,FALSE),\"\")","v":0.55000000000000004},165,3]
[71,"2015-03-17","油卡","采购",300,null,null,{"$f":"IFERROR(VLOOKUP(C72,参数!$B:$H,2,0),\"\")","v":"油卡"},{"$f":"IFERROR(VLOOKUP(C72,参数!$B:$H,4,0),\"\")","v":"度"},{"$f":"IFERROR(VLOOKUP(C72,参数!B:H,3,FALSE),\"\")","v":5.5},1650,3]
[72,"2015-03-18","油卡","出库",60,null,null,{"$f":"IFERROR(VLOOKUP(C73,参数!$B:$H,2,0),\"\")","v":"油卡"},{"$f":"IFERROR(VLOOKUP(C73,参数!$B:$H,4,0),\"\")","v":"度"},{"$f":"IFERROR(VLOOKUP(C73,参数!B:H,3,FALSE),\"\")","v":5.5},330,3]
[73,"2015-03-19","饼干","采购",60,null,null,{"$f":"IFERROR(VLOOKUP(C74,参数!$B:$H,2,0),\"\")","v":"食品"},{"$f":"IFERROR(VLOOKUP(C74,参数!$B:$H,4,0),\"\")","v":"盒"},{"$f":"IFERROR(VLOOKUP(C74,参数!B:H,3,FALSE),\"\")","v":0.6},36,3]
[74,"2015-03-20","饼干","采购",5000,null,null,{"$f":"IFERROR(VLOOKUP(C75,参数!$B:$H,2,0),\"\")","v":"食品"},{"$f":"IFERROR(VLOOKUP(C75,参数!$B:$H,4,0),\"\")","v":"盒"},{"$f":"IFERROR(VLOOKUP(C75,参数!B:H,3,FALSE),\"\")","v":0.6},3000,3]
[75,"2015-03-21","饼干","出库",3000,null,null,{"$f":"IFERROR(VLOOKUP(C76,参数!$B:$H,2,0),\"\")","v":"食品"},{"$f":"IFERROR(VLOOKUP(C76,参数!$B:$H,4,0),\"\")","v":"盒"},{"$f":"IFERROR(VLOOKUP(C76,参数!B:H,3,FALSE),\"\")","v":0.6},1800,3]
[76,"2015-03-22","9v电池","采购",2000,null,null,{"$f":"IFERROR(VLOOKUP(C77,参数!$B:$H,2,0),\"\")","v":"办公"},{"$f":"IFERROR(VLOOKUP(C77,参数!$B:$H,4,0),\"\")","v":"包"},{"$f":"IFERROR(VLOOKUP(C77,参数!B:H,3,FALSE),\"\")","v":0.6},1200,3]
[77,"2015-03-23","9v电池","出库",1500,null,null,{"$f":"IFERROR(VLOOKUP(C78,参数!$B:$H,2,0),\"\")","v":"办公"},{"$f":"IFERROR(VLOOKUP(C78,参数!$B:$H,4,0),\"\")","v":"包"},{"$f":"IFERROR(VLOOKUP(C78,参数!B:H,3,FALSE),\"\")","v":0.6},900,3]
[78,"2015-03-24","笤帚","采购",3000,null,null,{"$f":"IFERROR(VLOOKUP(C79,参数!$B:$H,2,0),\"\")","v":"劳保"},{"$f":"IFERROR(VLOOKUP(C79,参数!$B:$H,4,0),\"\")","v":"支"},{"$f":"IFERROR(VLOOKUP(C79,参数!B:H,3,FALSE),\"\")","v":1.5},4500,3]
[79,"2015-03-25","笤帚","出库",1000,null,null,{"$f":"IFERROR(VLOOKUP(C80,参数!$B:$H,2,0),\"\")","v":"劳保"},{"$f":"IFERROR(VLOOKUP(C80,参数!$B:$H,4,0),\"\")","v":"支"},{"$f":"IFERROR(VLOOKUP(C80,参数!B:H,3,FALSE),\"\")","v":1.5},1500,3]
[80,"2015-03-26","油卡","出库",500,null,null,{"$f":"IFERROR(VLOOKUP(C81,参数!$B:$H,2,0),\"\")","v":"油卡"},{"$f":"IFERROR(VLOOKUP(C81,参数!$B:$H,4,0),\"\")","v":"度"},{"$f":"IFERROR(VLOOKUP(C81,参数!B:H,3,FALSE),\"\")","v":5.5},2750,3]
[81,"2015-01-01","支出证明","采购",2000,null,null,{"$f":"IFERROR(VLOOKUP(C82,参数!$B:$H,2,0),\"\")","v":"办公"},{"$f":"IFERROR(VLOOKUP(C82,参数!$B:$H,4,0),\"\")","v":"支"},{"$f":"IFERROR(VLOOKUP(C82,参数!B:H,3,FALSE),\"\")","v":1.5},3000,1]
[82,"2015-01-01","支出证明","出库",600,null,null,{"$f":"IFERROR(VLOOKUP(C83,参数!$B:$H,2,0),\"\")","v":"办公"},{"$f":"IFERROR(VLOOKUP(C83,参数!$B:$H,4,0),\"\")","v":"支"},{"$f":"IFERROR(VLOOKUP(C83,参数!B:H,3,FALSE),\"\")","v":1.5},900,1]
[83,"2015-02-02","支出证明","采购",1500,null,null,{"$f":"IFERROR(VLOOKUP(C84,参数!$B:$H,2,0),\"\")","v":"办公"},{"$f":"IFERROR(VLOOKUP(C84,参数!$B:$H,4,0),\"\")","v":"支"},{"$f":"IFERROR(VLOOKUP(C84,参数!B:H,3,FALSE),\"\")","v":1.5},2250,2]
[84,"2015-02-02","支出证明","出库",800,null,null,{"$f":"IFERROR(VLOOKUP(C85,参数!$B:$H,2,0),\"\")","v":"办公"},{"$f":"IFERROR(VLOOKUP(C85,参数!$B:$H,4,0),\"\")","v":"支"},{"$f":"IFERROR(VLOOKUP(C85,参数!B:H,3,FALSE),\"\")","v":1.5},1200,2]
[85,"2015-03-01","支出证明","采购",1000,null,null,{"$f":"IFERROR(VLOOKUP(C86,参数!$B:$H,2,0),\"\")","v":"办公"},{"$f":"IFERROR(VLOOKUP(C86,参数!$B:$H,4,0),\"\")","v":"支"},{"$f":"IFERROR(VLOOKUP(C86,参数!B:H,3,FALSE),\"\")","v":1.5},1500,3]
[86,"2015-03-01","支出证明","出库",800,null,null,{"$f":"IFERROR(VLOOKUP(C87,参数!$B:$H,2,0),\"\")","v":"办公"},{"$f":"IFERROR(VLOOKUP(C87,参数!$B:$H,4,0),\"\")","v":"支"},{"$f":"IFERROR(VLOOKUP(C87,参数!B:H,3,FALSE),\"\")","v":1.5},1200,3]
[87,"2015-04-02","支出证明","采购",1000,null,null,{"$f":"IFERROR(VLOOKUP(C88,参数!$B:$H,2,0),\"\")","v":"办公"},{"$f":"IFERROR(VLOOKUP(C88,参数!$B:$H,4,0),\"\")","v":"支"},{"$f":"IFERROR(VLOOKUP(C88,参数!B:H,3,FALSE),\"\")","v":1.5},1500,4]
[88,"2015-04-03","支出证明","出库",800,null,null,{"$f":"IFERROR(VLOOKUP(C89,参数!$B:$H,2,0),\"\")","v":"办公"},{"$f":"IFERROR(VLOOKUP(C89,参数!$B:$H,4,0),\"\")","v":"支"},{"$f":"IFERROR(VLOOKUP(C89,参数!B:H,3,FALSE),\"\")","v":1.5},1200,4]
[89,"2015-05-01","支出证明","采购",1000,null,null,{"$f":"IFERROR(VLOOKUP(C90,参数!$B:$H,2,0),\"\")","v":"办公"},{"$f":"IFERROR(VLOOKUP(C90,参数!$B:$H,4,0),\"\")","v":"支"},{"$f":"IFERROR(VLOOKUP(C90,参数!B:H,3,FALSE),\"\")","v":1.5},1500,5]
[90,"2015-05-01","支出证明","出库",800,null,null,{"$f":"IFERROR(VLOOKUP(C91,参数!$B:$H,2,0),\"\")","v":"办公"},{"$f":"IFERROR(VLOOKUP(C91,参数!$B:$H,4,0),\"\")","v":"支"},{"$f":"IFERROR(VLOOKUP(C91,参数!B:H,3,FALSE),\"\")","v":1.5},1200,5]
[91,"2015-06-01","文件夹","采购",1000,null,null,{"$f":"IFERROR(VLOOKUP(C92,参数!$B:$H,2,0),\"\")","v":"办公"},{"$f":"IFERROR(VLOOKUP(C92,参数!$B:$H,4,0),\"\")","v":"个"},{"$f":"IFERROR(VLOOKUP(C92,参数!B:H,3,FALSE),\"\")","v":1.5},1500,6]
[92,"2015-06-01","文件夹","出库",800,null,null,{"$f":"IFERROR(VLOOKUP(C93,参数!$B:$H,2,0),\"\")","v":"办公"},{"$f":"IFERROR(VLOOKUP(C93,参数!$B:$H,4,0),\"\")","v":"个"},{"$f":"IFERROR(VLOOKUP(C93,参数!B:H,3,FALSE),\"\")","v":1.5},1200,6]
[93,"2015-07-01","拉链袋","采购",1000,null,null,{"$f":"IFERROR(VLOOKUP(C94,参数!$B:$H,2,0),\"\")","v":"办公"},{"$f":"IFERROR(VLOOKUP(C94,参数!$B:$H,4,0),\"\")","v":"盒"},{"$f":"IFERROR(VLOOKUP(C94,参数!B:H,3,FALSE),\"\")","v":0.6},600,7]
[94,"2015-07-02","拉链袋","出库",800,null,null,{"$f":"IFERROR(VLOOKUP(C95,参数!$B:$H,2,0),\"\")","v":"办公"},{"$f":"IFERROR(VLOOKUP(C95,参数!$B:$H,4,0),\"\")","v":"盒"},{"$f":"IFERROR(VLOOKUP(C95,参数!B:H,3,FALSE),\"\")","v":0.6},480,7]
[95,"2015-08-01","笔记本","采购",1000,null,null,{"$f":"IFERROR(VLOOKUP(C96,参数!$B:$H,2,0),\"\")","v":"办公"},{"$f":"IFERROR(VLOOKUP(C96,参数!$B:$H,4,0),\"\")","v":"盒"},{"$f":"IFERROR(VLOOKUP(C96,参数!B:H,3,FALSE),\"\")","v":0.6},600,8]
[96,"2015-08-02","笔记本","出库",800,null,null,{"$f":"IFERROR(VLOOKUP(C97,参数!$B:$H,2,0),\"\")","v":"办公"},{"$f":"IFERROR(VLOOKUP(C97,参数!$B:$H,4,0),\"\")","v":"盒"},{"$f":"IFERROR(VLOOKUP(C97,参数!B:H,3,FALSE),\"\")","v":0.6},480,8]
[97,"2015-09-01","胶棒","采购",801,null,null,{"$f":"IFERROR(VLOOKUP(C98,参数!$B:$H,2,0),\"\")","v":"办公"},{"$f":"IFERROR(VLOOKUP(C98,参数!$B:$H,4,0),\"\")","v":"瓶"},{"$f":"IFERROR(VLOOKUP(C98,参数!B:H,3,FALSE),\"\")","v":0.6},480.59999999999997,9]
[98,"2015-09-01","胶棒","采购",802,null,null,{"$f":"IFERROR(VLOOKUP(C99,参数!$B:$H,2,0),\"\")","v":"办公"},{"$f":"IFERROR(VLOOKUP(C99,参数!$B:$H,4,0),\"\")","v":"瓶"},{"$f":"IFERROR(VLOOKUP(C99,参数!B:H,3,FALSE),\"\")","v":0.6},481.2,9]
[99,"2015-09-09","胶棒","出库",803,null,null,{"$f":"IFERROR(VLOOKUP(C100,参数!$B:$H,2,0),\"\")","v":"办公"},{"$f":"IFERROR(VLOOKUP(C100,参数!$B:$H,4,0),\"\")","v":"瓶"},{"$f":"IFERROR(VLOOKUP(C100,参数!B:H,3,FALSE),\"\")","v":0.6},481.79999999999995,9]
[100,{"$nulls":6},{"$f":"IFERROR(VLOOKUP(C101,参数!$B:$H,2,0),\"\")","v":""},{"$f":"IFERROR(VLOOKUP(C101,参数!$B:$H,4,0),\"\")","v":""},{"$f":"IFERROR(VLOOKUP(C101,参数!B:H,3,FALSE),\"\")","v":""},{"$f":"IFERROR(J101*E101,\"\")","v":""},1]
[101,{"$nulls":6},{"$f":"IFERROR(VLOOKUP(C102,参数!$B:$H,2,0),\"\")","v":""},{"$f":"IFERROR(VLOOKUP(C102,参数!$B:$H,4,0),\"\")","v":""},{"$f":"IFERROR(VLOOKUP(C102,参数!B:H,3,FALSE),\"\")","v":""},"",1]
[102,{"$nulls":6},{"$f":"IFERROR(VLOOKUP(C103,参数!$B:$H,2,0),\"\")","v":""},{"$f":"IFERROR(VLOOKUP(C103,参数!$B:$H,4,0),\"\")","v":""},{"$f":"IFERROR(VLOOKUP(C103,参数!B:H,3,FALSE),\"\")","v":""},"",1]
[103,{"$nulls":6},{"$f":"IFERROR(VLOOKUP(C104,参数!$B:$H,2,0),\"\")","v":""},{"$f":"IFERROR(VLOOKUP(C104,参数!$B:$H,4,0),\"\")","v":""},{"$f":"IFERROR(VLOOKUP(C104,参数!B:H,3,FALSE),\"\")","v":""},"",1]
[104,{"$nulls":6},{"$f":"IFERROR(VLOOKUP(C105,参数!$B:$H,2,0),\"\")","v":""},{"$f":"IFERROR(VLOOKUP(C105,参数!$B:$H,4,0),\"\")","v":""},{"$f":"IFERROR(VLOOKUP(C105,参数!B:H,3,FALSE),\"\")","v":""},"",1]
[105,{"$nulls":6},{"$f":"IFERROR(VLOOKUP(C106,参数!$B:$H,2,0),\"\")","v":""},{"$f":"IFERROR(VLOOKUP(C106,参数!$B:$H,4,0),\"\")","v":""},{"$f":"IFERROR(VLOOKUP(C106,参数!B:H,3,FALSE),\"\")","v":""},"",1]
[106,{"$nulls":6},{"$f":"IFERROR(VLOOKUP(C107,参数!$B:$H,2,0),\"\")","v":""},{"$f":"IFERROR(VLOOKUP(C107,参数!$B:$H,4,0),\"\")","v":""},{"$f":"IFERROR(VLOOKUP(C107,参数!B:H,3,FALSE),\"\")","v":""},"",1]
[107,{"$nulls":6},{"$f":"IFERROR(VLOOKUP(C108,参数!$B:$H,2,0),\"\")","v":""},{"$f":"IFERROR(VLOOKUP(C108,参数!$B:$H,4,0),\"\")","v":""},{"$f":"IFERROR(VLOOKUP(C108,参数!B:H,3,FALSE),\"\")","v":""},"",1]
[108,{"$nulls":6},{"$f":"IFERROR(VLOOKUP(C109,参数!$B:$H,2,0),\"\")","v":""},{"$f":"IFERROR(VLOOKUP(C109,参数!$B:$H,4,0),\"\")","v":""},{"$f":"IFERROR(VLOOKUP(C109,参数!B:H,3,FALSE),\"\")","v":""},"",1]
[109,{"$nulls":6},{"$f":"IFERROR(VLOOKUP(C110,参数!$B:$H,2,0),\"\")","v":""},{"$f":"IFERROR(VLOOKUP(C110,参数!$B:$H,4,0),\"\")","v":""},{"$f":"IFERROR(VLOOKUP(C110,参数!B:H,3,FALSE),\"\")","v":""},"",1]
[110,{"$nulls":6},{"$f":"IFERROR(VLOOKUP(C111,参数!$B:$H,2,0),\"\")","v":""},{"$f":"IFERROR(VLOOKUP(C111,参数!$B:$H,4,0),\"\")","v":""},{"$f":"IFERROR(VLOOKUP(C111,参数!B:H,3,FALSE),\"\")","v":""},"",1]
[111,{"$nulls":6},{"$f":"IFERROR(VLOOKUP(C112,参数!$B:$H,2,0),\"\")","v":""},{"$f":"IFERROR(VLOOKUP(C112,参数!$B:$H,4,0),\"\")","v":""},{"$f":"IFERROR(VLOOKUP(C112,参数!B:H,3,FALSE),\"\")","v":""},"",1]
[112,{"$nulls":6},{"$f":"IFERROR(VLOOKUP(C113,参数!$B:$H,2,0),\"\")","v":""},{"$f":"IFERROR(VLOOKUP(C113,参数!$B:$H,4,0),\"\")","v":""},{"$f":"IFERROR(VLOOKUP(C113,参数!B:H,3,FALSE),\"\")","v":""},"",1]
[113,{"$nulls":6},{"$f":"IFERROR(VLOOKUP(C114,参数!$B:$H,2,0),\"\")","v":""},{"$f":"IFERROR(VLOOKUP(C114,参数!$B:$H,4,0),\"\")","v":""},{"$f":"IFERROR(VLOOKUP(C114,参数!B:H,3,FALSE),\"\")","v":""},"",1]
[114,{"$nulls":6},{"$f":"IFERROR(VLOOKUP(C115,参数!$B:$H,2,0),\"\")","v":""},{"$f":"IFERROR(VLOOKUP(C115,参数!$B:$H,4,0),\"\")","v":""},{"$f":"IFERROR(VLOOKUP(C115,参数!B:H,3,FALSE),\"\")","v":""},"",1]
[115,{"$nulls":6},{"$f":"IFERROR(VLOOKUP(C116,参数!$B:$H,2,0),\"\")","v":""},{"$f":"IFERROR(VLOOKUP(C116,参数!$B:$H,4,0),\"\")","v":""},{"$f":"IFERROR(VLOOKUP(C116,参数!B:H,3,FALSE),\"\")","v":""},"",1]
[116,{"$nulls":6},{"$f":"IFERROR(VLOOKUP(C117,参数!$B:$H,2,0),\"\")","v":""},{"$f":"IFERROR(VLOOKUP(C117,参数!$B:$H,4,0),\"\")","v":""},{"$f":"IFERROR(VLOOKUP(C117,参数!B:H,3,FALSE),\"\")","v":""},"",1]
[117,{"$nulls":6},{"$f":"IFERROR(VLOOKUP(C118,参数!$B:$H,2,0),\"\")","v":""},{"$f":"IFERROR(VLOOKUP(C118,参数!$B:$H,4,0),\"\")","v":""},{"$f":"IFERROR(VLOOKUP(C118,参数!B:H,3,FALSE),\"\")","v":""},"",1]
[118,{"$nulls":6},{"$f":"IFERROR(VLOOKUP(C119,参数!$B:$H,2,0),\"\")","v":""},{"$f":"IFERROR(VLOOKUP(C119,参数!$B:$H,4,0),\"\")","v":""},{"$f":"IFERROR(VLOOKUP(C119,参数!B:H,3,FALSE),\"\")","v":""},"",1]
[119,{"$nulls":6},{"$f":"IFERROR(VLOOKUP(C120,参数!$B:$H,2,0),\"\")","v":""},{"$f":"IFERROR(VLOOKUP(C120,参数!$B:$H,4,0),\"\")","v":""},{"$f":"IFERROR(VLOOKUP(C120,参数!B:H,3,FALSE),\"\")","v":""},"",1]
[120,{"$nulls":6},{"$f":"IFERROR(VLOOKUP(C121,参数!$B:$H,2,0),\"\")","v":""},{"$f":"IFERROR(VLOOKUP(C121,参数!$B:$H,4,0),\"\")","v":""},{"$f":"IFERROR(VLOOKUP(C121,参数!B:H,3,FALSE),\"\")","v":""},"",1]
[121,{"$nulls":6},{"$f":"IFERROR(VLOOKUP(C122,参数!$B:$H,2,0),\"\")","v":""},{"$f":"IFERROR(VLOOKUP(C122,参数!$B:$H,4,0),\"\")","v":""},{"$f":"IFERROR(VLOOKUP(C122,参数!B:H,3,FALSE),\"\")","v":""},"",1]
[122,{"$nulls":6},{"$f":"IFERROR(VLOOKUP(C123,参数!$B:$H,2,0),\"\")","v":""},{"$f":"IFERROR(VLOOKUP(C123,参数!$B:$H,4,0),\"\")","v":""},{"$f":"IFERROR(VLOOKUP(C123,参数!B:H,3,FALSE),\"\")","v":""},"",1]
[123,{"$nulls":6},{"$f":"IFERROR(VLOOKUP(C124,参数!$B:$H,2,0),\"\")","v":""},{"$f":"IFERROR(VLOOKUP(C124,参数!$B:$H,4,0),\"\")","v":""},{"$f":"IFERROR(VLOOKUP(C124,参数!B:H,3,FALSE),\"\")","v":""},"",1]
[124,{"$nulls":6},{"$f":"IFERROR(VLOOKUP(C125,参数!$B:$H,2,0),\"\")","v":""},{"$f":"IFERROR(VLOOKUP(C125,参数!$B:$H,4,0),\"\")","v":""},{"$f":"IFERROR(VLOOKUP(C125,参数!B:H,3,FALSE),\"\")","v":""},"",1]
[125,{"$nulls":6},{"$f":"IFERROR(VLOOKUP(C126,参数!$B:$H,2,0),\"\")","v":""},{"$f":"IFERROR(VLOOKUP(C126,参数!$B:$H,4,0),\"\")","v":""},{"$f":"IFERROR(VLOOKUP(C126,参数!B:H,3,FALSE),\"\")","v":""},"",1]
[126,{"$nulls":6},{"$f":"IFERROR(VLOOKUP(C127,参数!$B:$H,2,0),\"\")","v":""},{"$f":"IFERROR(VLOOKUP(C127,参数!$B:$H,4,0),\"\")","v":""},{"$f":"IFERROR(VLOOKUP(C127,参数!B:H,3,FALSE),\"\")","v":""},"",1]
[127,{"$nulls":6},{"$f":"IFERROR(VLOOKUP(C128,参数!$B:$H,2,0),\"\")","v":""},{"$f":"IFERROR(VLOOKUP(C128,参数!$B:$H,4,0),\"\")","v":""},{"$f":"IFERROR(VLOOKUP(C128,参数!B:H,3,FALSE),\"\")","v":""},"",1]
[128,{"$nulls":6},{"$f":"IFERROR(VLOOKUP(C129,参数!$B:$H,2,0),\"\")","v":""},{"$f":"IFERROR(VLOOKUP(C129,参数!$B:$H,4,0),\"\")","v":""},{"$f":"IFERROR(VLOOKUP(C129,参数!B:H,3,FALSE),\"\")","v":""},"",1]
[129,{"$nulls":6},{"$f":"IFERROR(VLOOKUP(C130,参数!$B:$H,2,0),\"\")","v":""},{"$f":"IFERROR(VLOOKUP(C130,参数!$B:$H,4,0),\"\")","v":""},{"$f":"IFERROR(VLOOKUP(C130,参数!B:H,3,FALSE),\"\")","v":""},"",{"$f":"VALUE(MONTH(B130))","v":1}]
[130,{"$nulls":6},{"$f":"IFERROR(VLOOKUP(C131,参数!$B:$H,2,0),\"\")","v":""},{"$f":"IFERROR(VLOOKUP(C131,参数!$B:$H,4,0),\"\")","v":""},{"$f":"IFERROR(VLOOKUP(C131,参数!B:H,3,FALSE),\"\")","v":""},"",1]
[131,{"$nulls":6},{"$f":"IFERROR(VLOOKUP(C132,参数!$B:$H,2,0),\"\")","v":""},{"$f":"IFERROR(VLOOKUP(C132,参数!$B:$H,4,0),\"\")","v":""},{"$f":"IFERROR(VLOOKUP(C132,参数!B:H,3,FALSE),\"\")","v":""},"",1]
[132,{"$nulls":6},{"$f":"IFERROR(VLOOKUP(C133,参数!$B:$H,2,0),\"\")","v":""},{"$f":"IFERROR(VLOOKUP(C133,参数!$B:$H,4,0),\"\")","v":""},{"$f":"IFERROR(VLOOKUP(C133,参数!B:H,3,FALSE),\"\")","v":""},"",1]
[133,{"$nulls":6},{"$f":"IFERROR(VLOOKUP(C134,参数!$B:$H,2,0),\"\")","v":""},{"$f":"IFERROR(VLOOKUP(C134,参数!$B:$H,4,0),\"\")","v":""},{"$f":"IFERROR(VLOOKUP(C134,参数!B:H,3,FALSE),\"\")","v":""},"",1]
[134,{"$nulls":6},{"$f":"IFERROR(VLOOKUP(C135,参数!$B:$H,2,0),\"\")","v":""},{"$f":"IFERROR(VLOOKUP(C135,参数!$B:$H,4,0),\"\")","v":""},{"$f":"IFERROR(VLOOKUP(C135,参数!B:H,3,FALSE),\"\")","v":""},"",1]
[135,{"$nulls":6},{"$f":"IFERROR(VLOOKUP(C136,参数!$B:$H,2,0),\"\")","v":""},{"$f":"IFERROR(VLOOKUP(C136,参数!$B:$H,4,0),\"\")","v":""},{"$f":"IFERROR(VLOOKUP(C136,参数!B:H,3,FALSE),\"\")","v":""},"",1]
[136,{"$nulls":6},{"$f":"IFERROR(VLOOKUP(C137,参数!$B:$H,2,0),\"\")","v":""},{"$f":"IFERROR(VLOOKUP(C137,参数!$B:$H,4,0),\"\")","v":""},{"$f":"IFERROR(VLOOKUP(C137,参数!B:H,3,FALSE),\"\")","v":""},"",1]
[137,{"$nulls":6},{"$f":"IFERROR(VLOOKUP(C138,参数!$B:$H,2,0),\"\")","v":""},{"$f":"IFERROR(VLOOKUP(C138,参数!$B:$H,4,0),\"\")","v":""},{"$f":"IFERROR(VLOOKUP(C138,参数!B:H,3,FALSE),\"\")","v":""},"",1]
[138,{"$nulls":6},{"$f":"IFERROR(VLOOKUP(C139,参数!$B:$H,2,0),\"\")","v":""},{"$f":"IFERROR(VLOOKUP(C139,参数!$B:$H,4,0),\"\")","v":""},{"$f":"IFERROR(VLOOKUP(C139,参数!B:H,3,FALSE),\"\")","v":""},"",1]
[139,{"$nulls":6},{"$f":"IFERROR(VLOOKUP(C140,参数!$B:$H,2,0),\"\")","v":""},{"$f":"IFERROR(VLOOKUP(C140,参数!$B:$H,4,0),\"\")","v":""},{"$f":"IFERROR(VLOOKUP(C140,参数!B:H,3,FALSE),\"\")","v":""},"",1]
[140,{"$nulls":6},{"$f":"IFERROR(VLOOKUP(C141,参数!$B:$H,2,0),\"\")","v":""},{"$f":"IFERROR(VLOOKUP(C141,参数!$B:$H,4,0),\"\")","v":""},{"$f":"IFERROR(VLOOKUP(C141,参数!B:H,3,FALSE),\"\")","v":""},"",1]
[141,{"$nulls":6},{"$f":"IFERROR(VLOOKUP(C142,参数!$B:$H,2,0),\"\")","v":""},{"$f":"IFERROR(VLOOKUP(C142,参数!$B:$H,4,0),\"\")","v":""},{"$f":"IFERROR(VLOOKUP(C142,参数!B:H,3,FALSE),\"\")","v":""},"",1]
[142,{"$nulls":6},{"$f":"IFERROR(VLOOKUP(C143,参数!$B:$H,2,0),\"\")","v":""},{"$f":"IFERROR(VLOOKUP(C143,参数!$B:$H,4,0),\"\")","v":""},{"$f":"IFERROR(VLOOKUP(C143,参数!B:H,3,FALSE),\"\")","v":""},"",1]
[143,{"$nulls":6},{"$f":"IFERROR(VLOOKUP(C144,参数!$B:$H,2,0),\"\")","v":""},{"$f":"IFERROR(VLOOKUP(C144,参数!$B:$H,4,0),\"\")","v":""},{"$f":"IFERROR(VLOOKUP(C144,参数!B:H,3,FALSE),\"\")","v":""},"",1]
[144,{"$nulls":6},{"$f":"IFERROR(VLOOKUP(C145,参数!$B:$H,2,0),\"\")","v":""},{"$f":"IFERROR(VLOOKUP(C145,参数!$B:$H,4,0),\"\")","v":""},{"$f":"IFERROR(VLOOKUP(C145,参数!B:H,3,FALSE),\"\")","v":""},"",1]
[145,{"$nulls":6},{"$f":"IFERROR(VLOOKUP(C146,参数!$B:$H,2,0),\"\")","v":""},{"$f":"IFERROR(VLOOKUP(C146,参数!$B:$H,4,0),\"\")","v":""},{"$f":"IFERROR(VLOOKUP(C146,参数!B:H,3,FALSE),\"\")","v":""},"",1]
[146,{"$nulls":6},{"$f":"IFERROR(VLOOKUP(C147,参数!$B:$H,2,0),\"\")","v":""},{"$f":"IFERROR(VLOOKUP(C147,参数!$B:$H,4,0),\"\")","v":""},{"$f":"IFERROR(VLOOKUP(C147,参数!B:H,3,FALSE),\"\")","v":""},"",1]
[147,{"$nulls":6},{"$f":"IFERROR(VLOOKUP(C148,参数!$B:$H,2,0),\"\")","v":""},{"$f":"IFERROR(VLOOKUP(C148,参数!$B:$H,4,0),\"\")","v":""},{"$f":"IFERROR(VLOOKUP(C148,参数!B:H,3,FALSE),\"\")","v":""},"",1]
[148,{"$nulls":6},{"$f":"IFERROR(VLOOKUP(C149,参数!$B:$H,2,0),\"\")","v":""},{"$f":"IFERROR(VLOOKUP(C149,参数!$B:$H,4,0),\"\")","v":""},{"$f":"IFERROR(VLOOKUP(C149,参数!B:H,3,FALSE),\"\")","v":""},"",1]
[149,{"$nulls":6},{"$f":"IFERROR(VLOOKUP(C150,参数!$B:$H,2,0),\"\")","v":""},{"$f":"IFERROR(VLOOKUP(C150,参数!$B:$H,4,0),\"\")","v":""},{"$f":"IFERROR(VLOOKUP(C150,参数!B:H,3,FALSE),\"\")","v":""},"",1]
[150,{"$nulls":6},{"$f":"IFERROR(VLOOKUP(C151,参数!$B:$H,2,0),\"\")","v":""},{"$f":"IFERROR(VLOOKUP(C151,参数!$B:$H,4,0),\"\")","v":""},{"$f":"IFERROR(VLOOKUP(C151,参数!B:H,3,FALSE),\"\")","v":""},"",1]
[151,{"$nulls":6},{"$f":"IFERROR(VLOOKUP(C152,参数!$B:$H,2,0),\"\")","v":""},{"$f":"IFERROR(VLOOKUP(C152,参数!$B:$H,4,0),\"\")","v":""},{"$f":"IFERROR(VLOOKUP(C152,参数!B:H,3,FALSE),\"\")","v":""},"",1]
[152,{"$nulls":6},{"$f":"IFERROR(VLOOKUP(C153,参数!$B:$H,2,0),\"\")","v":""},{"$f":"IFERROR(VLOOKUP(C153,参数!$B:$H,4,0),\"\")","v":""},{"$f":"IFERROR(VLOOKUP(C153,参数!B:H,3,FALSE),\"\")","v":""},"",1]
[153,{"$nulls":6},{"$f":"IFERROR(VLOOKUP(C154,参数!$B:$H,2,0),\"\")","v":""},{"$f":"IFERROR(VLOOKUP(C154,参数!$B:$H,4,0),\"\")","v":""},{"$f":"IFERROR(VLOOKUP(C154,参数!B:H,3,FALSE),\"\")","v":""},"",1]
[154,{"$nulls":6},{"$f":"IFERROR(VLOOKUP(C155,参数!$B:$H,2,0),\"\")","v":""},{"$f":"IFERROR(VLOOKUP(C155,参数!$B:$H,4,0),\"\")","v":""},{"$f":"IFERROR(VLOOKUP(C155,参数!B:H,3,FALSE),\"\")","v":""},"",1]
[155,{"$nulls":6},{"$f":"IFERROR(VLOOKUP(C156,参数!$B:$H,2,0),\"\")","v":""},{"$f":"IFERROR(VLOOKUP(C156,参数!$B:$H,4,0),\"\")","v":""},{"$f":"IFERROR(VLOOKUP(C156,参数!B:H,3,FALSE),\"\")","v":""},"",1]
[156,{"$nulls":6},{"$f":"IFERROR(VLOOKUP(C157,参数!$B:$H,2,0),\"\")","v":""},{"$f":"IFERROR(VLOOKUP(C157,参数!$B:$H,4,0),\"\")","v":""},{"$f":"IFERROR(VLOOKUP(C157,参数!B:H,3,FALSE),\"\")","v":""},"",1]
[157,{"$nulls":6},{"$f":"IFERROR(VLOOKUP(C158,参数!$B:$H,2,0),\"\")","v":""},{"$f":"IFERROR(VLOOKUP(C158,参数!$B:$H,4,0),\"\")","v":""},{"$f":"IFERROR(VLOOKUP(C158,参数!B:H,3,FALSE),\"\")","v":""},"",1]
[158,{"$nulls":6},{"$f":"IFERROR(VLOOKUP(C159,参数!$B:$H,2,0),\"\")","v":""},{"$f":"IFERROR(VLOOKUP(C159,参数!$B:$H,4,0),\"\")","v":""},{"$f":"IFERROR(VLOOKUP(C159,参数!B:H,3,FALSE),\"\")","v":""},"",1]
[159,{"$nulls":6},{"$f":"IFERROR(VLOOKUP(C160,参数!$B:$H,2,0),\"\")","v":""},{"$f":"IFERROR(VLOOKUP(C160,参数!$B:$H,4,0),\"\")","v":""},{"$f":"IFERROR(VLOOKUP(C160,参数!B:H,3,FALSE),\"\")","v":""},"",1]
[160,{"$nulls":6},{"$f":"IFERROR(VLOOKUP(C161,参数!$B:$H,2,0),\"\")","v":""},{"$f":"IFERROR(VLOOKUP(C161,参数!$B:$H,4,0),\"\")","v":""},{"$f":"IFERROR(VLOOKUP(C161,参数!B:H,3,FALSE),\"\")","v":""},"",1]
[161,{"$nulls":6},{"$f":"IFERROR(VLOOKUP(C162,参数!$B:$H,2,0),\"\")","v":""},{"$f":"IFERROR(VLOOKUP(C162,参数!$B:$H,4,0),\"\")","v":""},{"$f":"IFERROR(VLOOKUP(C162,参数!B:H,3,FALSE),\"\")","v":""},"",1]
[162,{"$nulls":6},{"$f":"IFERROR(VLOOKUP(C163,参数!$B:$H,2,0),\"\")","v":""},{"$f":"IFERROR(VLOOKUP(C163,参数!$B:$H,4,0),\"\")","v":""},{"$f":"IFERROR(VLOOKUP(C163,参数!B:H,3,FALSE),\"\")","v":""},"",1]
[163,{"$nulls":6},{"$f":"IFERROR(VLOOKUP(C164,参数!$B:$H,2,0),\"\")","v":""},{"$f":"IFERROR(VLOOKUP(C164,参数!$B:$H,4,0),\"\")","v":""},{"$f":"IFERROR(VLOOKUP(C164,参数!B:H,3,FALSE),\"\")","v":""},"",1]
[164,{"$nulls":6},{"$f":"IFERROR(VLOOKUP(C165,参数!$B:$H,2,0),\"\")","v":""},{"$f":"IFERROR(VLOOKUP(C165,参数!$B:$H,4,0),\"\")","v":""},{"$f":"IFERROR(VLOOKUP(C165,参数!B:H,3,FALSE),\"\")","v":""},{"$f":"IFERROR(J165*E165,\"\")","v":""},1]
[165,{"$nulls":6},{"$f":"IFERROR(VLOOKUP(C166,参数!$B:$H,2,0),\"\")","v":""},{"$f":"IFERROR(VLOOKUP(C166,参数!$B:$H,4,0),\"\")","v":""},{"$f":"IFERROR(VLOOKUP(C166,参数!B:H,3,FALSE),\"\")","v":""},"",1]
[166,{"$nulls":6},{"$f":"IFERROR(VLOOKUP(C167,参数!$B:$H,2,0),\"\")","v":""},{"$f":"IFERROR(VLOOKUP(C167,参数!$B:$H,4,0),\"\")","v":""},{"$f":"IFERROR(VLOOKUP(C167,参数!B:H,3,FALSE),\"\")","v":""},"",1]
[167,{"$nulls":6},{"$f":"IFERROR(VLOOKUP(C168,参数!$B:$H,2,0),\"\")","v":""},{"$f":"IFERROR(VLOOKUP(C168,参数!$B:$H,4,0),\"\")","v":""},{"$f":"IFERROR(VLOOKUP(C168,参数!B:H,3,FALSE),\"\")","v":""},"",1]
[168,{"$nulls":6},{"$f":"IFERROR(VLOOKUP(C169,参数!$B:$H,2,0),\"\")","v":""},{"$f":"IFERROR(VLOOKUP(C169,参数!$B:$H,4,0),\"\")","v":""},{"$f":"IFERROR(VLOOKUP(C169,参数!B:H,3,FALSE),\"\")","v":""},"",1]
[169,{"$nulls":6},{"$f":"IFERROR(VLOOKUP(C170,参数!$B:$H,2,0),\"\")","v":""},{"$f":"IFERROR(VLOOKUP(C170,参数!$B:$H,4,0),\"\")","v":""},{"$f":"IFERROR(VLOOKUP(C170,参数!B:H,3,FALSE),\"\")","v":""},"",1]
[170,{"$nulls":6},{"$f":"IFERROR(VLOOKUP(C171,参数!$B:$H,2,0),\"\")","v":""},{"$f":"IFERROR(VLOOKUP(C171,参数!$B:$H,4,0),\"\")","v":""},{"$f":"IFERROR(VLOOKUP(C171,参数!B:H,3,FALSE),\"\")","v":""},"",1]
[171,{"$nulls":6},{"$f":"IFERROR(VLOOKUP(C172,参数!$B:$H,2,0),\"\")","v":""},{"$f":"IFERROR(VLOOKUP(C172,参数!$B:$H,4,0),\"\")","v":""},{"$f":"IFERROR(VLOOKUP(C172,参数!B:H,3,FALSE),\"\")","v":""},"",1]
[172,{"$nulls":6},{"$f":"IFERROR(VLOOKUP(C173,参数!$B:$H,2,0),\"\")","v":""},{"$f":"IFERROR(VLOOKUP(C173,参数!$B:$H,4,0),\"\")","v":""},{"$f":"IFERROR(VLOOKUP(C173,参数!B:H,3,FALSE),\"\")","v":""},"",1]
[173,{"$nulls":6},{"$f":"IFERROR(VLOOKUP(C174,参数!$B:$H,2,0),\"\")","v":""},{"$f":"IFERROR(VLOOKUP(C174,参数!$B:$H,4,0),\"\")","v":""},{"$f":"IFERROR(VLOOKUP(C174,参数!B:H,3,FALSE),\"\")","v":""},"",1]
[174,{"$nulls":6},{"$f":"IFERROR(VLOOKUP(C175,参数!$B:$H,2,0),\"\")","v":""},{"$f":"IFERROR(VLOOKUP(C175,参数!$B:$H,4,0),\"\")","v":""},{"$f":"IFERROR(VLOOKUP(C175,参数!B:H,3,FALSE),\"\")","v":""},"",1]
[175,{"$nulls":6},{"$f":"IFERROR(VLOOKUP(C176,参数!$B:$H,2,0),\"\")","v":""},{"$f":"IFERROR(VLOOKUP(C176,参数!$B:$H,4,0),\"\")","v":""},{"$f":"IFERROR(VLOOKUP(C176,参数!B:H,3,FALSE),\"\")","v":""},"",1]
[176,{"$nulls":6},{"$f":"IFERROR(VLOOKUP(C177,参数!$B:$H,2,0),\"\")","v":""},{"$f":"IFERROR(VLOOKUP(C177,参数!$B:$H,4,0),\"\")","v":""},{"$f":"IFERROR(VLOOKUP(C177,参数!B:H,3,FALSE),\"\")","v":""},"",1]
[177,{"$nulls":6},{"$f":"IFERROR(VLOOKUP(C178,参数!$B:$H,2,0),\"\")","v":""},{"$f":"IFERROR(VLOOKUP(C178,参数!$B:$H,4,0),\"\")","v":""},{"$f":"IFERROR(VLOOKUP(C178,参数!B:H,3,FALSE),\"\")","v":""},"",1]
[178,{"$nulls":6},{"$f":"IFERROR(VLOOKUP(C179,参数!$B:$H,2,0),\"\")","v":""},{"$f":"IFERROR(VLOOKUP(C179,参数!$B:$H,4,0),\"\")","v":""},{"$f":"IFERROR(VLOOKUP(C179,参数!B:H,3,FALSE),\"\")","v":""},"",1]
[179,{"$nulls":6},{"$f":"IFERROR(VLOOKUP(C180,参数!$B:$H,2,0),\"\")","v":""},{"$f":"IFERROR(VLOOKUP(C180,参数!$B:$H,4,0),\"\")","v":""},{"$f":"IFERROR(VLOOKUP(C180,参数!B:H,3,FALSE),\"\")","v":""},"",1]
[180,{"$nulls":6},{"$f":"IFERROR(VLOOKUP(C181,参数!$B:$H,2,0),\"\")","v":""},{"$f":"IFERROR(VLOOKUP(C181,参数!$B:$H,4,0),\"\")","v":""},{"$f":"IFERROR(VLOOKUP(C181,参数!B:H,3,FALSE),\"\")","v":""},"",1]
[181,{"$nulls":6},{"$f":"IFERROR(VLOOKUP(C182,参数!$B:$H,2,0),\"\")","v":""},{"$f":"IFERROR(VLOOKUP(C182,参数!$B:$H,4,0),\"\")","v":""},{"$f":"IFERROR(VLOOKUP(C182,参数!B:H,3,FALSE),\"\")","v":""},"",1]
[182,{"$nulls":6},{"$f":"IFERROR(VLOOKUP(C183,参数!$B:$H,2,0),\"\")","v":""},{"$f":"IFERROR(VLOOKUP(C183,参数!$B:$H,4,0),\"\")","v":""},{"$f":"IFERROR(VLOOKUP(C183,参数!B:H,3,FALSE),\"\")","v":""},"",1]
[183,{"$nulls":6},{"$f":"IFERROR(VLOOKUP(C184,参数!$B:$H,2,0),\"\")","v":""},{"$f":"IFERROR(VLOOKUP(C184,参数!$B:$H,4,0),\"\")","v":""},{"$f":"IFERROR(VLOOKUP(C184,参数!B:H,3,FALSE),\"\")","v":""},"",1]
[184,{"$nulls":6},{"$f":"IFERROR(VLOOKUP(C185,参数!$B:$H,2,0),\"\")","v":""},{"$f":"IFERROR(VLOOKUP(C185,参数!$B:$H,4,0),\"\")","v":""},{"$f":"IFERROR(VLOOKUP(C185,参数!B:H,3,FALSE),\"\")","v":""},"",1]
[185,{"$nulls":6},{"$f":"IFERROR(VLOOKUP(C186,参数!$B:$H,2,0),\"\")","v":""},{"$f":"IFERROR(VLOOKUP(C186,参数!$B:$H,4,0),\"\")","v":""},{"$f":"IFERROR(VLOOKUP(C186,参数!B:H,3,FALSE),\"\")","v":""},"",1]
[186,{"$nulls":6},{"$f":"IFERROR(VLOOKUP(C187,参数!$B:$H,2,0),\"\")","v":""},{"$f":"IFERROR(VLOOKUP(C187,参数!$B:$H,4,0),\"\")","v":""},{"$f":"IFERROR(VLOOKUP(C187,参数!B:H,3,FALSE),\"\")","v":""},"",1]
[187,{"$nulls":6},{"$f":"IFERROR(VLOOKUP(C188,参数!$B:$H,2,0),\"\")","v":""},{"$f":"IFERROR(VLOOKUP(C188,参数!$B:$H,4,0),\"\")","v":""},{"$f":"IFERROR(VLOOKUP(C188,参数!B:H,3,FALSE),\"\")","v":""},"",1]
[188,{"$nulls":6},{"$f":"IFERROR(VLOOKUP(C189,参数!$B:$H,2,0),\"\")","v":""},{"$f":"IFERROR(VLOOKUP(C189,参数!$B:$H,4,0),\"\")","v":""},{"$f":"IFERROR(VLOOKUP(C189,参数!B:H,3,FALSE),\"\")","v":""},"",1]
[189,{"$nulls":6},{"$f":"IFERROR(VLOOKUP(C190,参数!$B:$H,2,0),\"\")","v":""},{"$f":"IFERROR(VLOOKUP(C190,参数!$B:$H,4,0),\"\")","v":""},{"$f":"IFERROR(VLOOKUP(C190,参数!B:H,3,FALSE),\"\")","v":""},"",1]
[190,{"$nulls":6},{"$f":"IFERROR(VLOOKUP(C191,参数!$B:$H,2,0),\"\")","v":""},{"$f":"IFERROR(VLOOKUP(C191,参数!$B:$H,4,0),\"\")","v":""},{"$f":"IFERROR(VLOOKUP(C191,参数!B:H,3,FALSE),\"\")","v":""},"",1]
[191,{"$nulls":6},{"$f":"IFERROR(VLOOKUP(C192,参数!$B:$H,2,0),\"\")","v":""},{"$f":"IFERROR(VLOOKUP(C192,参数!$B:$H,4,0),\"\")","v":""},{"$f":"IFERROR(VLOOKUP(C192,参数!B:H,3,FALSE),\"\")","v":""},"",1]
[192,{"$nulls":6},{"$f":"IFERROR(VLOOKUP(C193,参数!$B:$H,2,0),\"\")","v":""},{"$f":"IFERROR(VLOOKUP(C193,参数!$B:$H,4,0),\"\")","v":""},{"$f":"IFERROR(VLOOKUP(C193,参数!B:H,3,FALSE),\"\")","v":""},"",1]
[193,{"$nulls":6},{"$f":"IFERROR(VLOOKUP(C194,参数!$B:$H,2,0),\"\")","v":""},{"$f":"IFERROR(VLOOKUP(C194,参数!$B:$H,4,0),\"\")","v":""},{"$f":"IFERROR(VLOOKUP(C194,参数!B:H,3,FALSE),\"\")","v":""},"",{"$f":"VALUE(MONTH(B194))","v":1}]
[194,{"$nulls":6},{"$f":"IFERROR(VLOOKUP(C195,参数!$B:$H,2,0),\"\")","v":""},{"$f":"IFERROR(VLOOKUP(C195,参数!$B:$H,4,0),\"\")","v":""},{"$f":"IFERROR(VLOOKUP(C195,参数!B:H,3,FALSE),\"\")","v":""},"",1]
[195,{"$nulls":6},{"$f":"IFERROR(VLOOKUP(C196,参数!$B:$H,2,0),\"\")","v":""},{"$f":"IFERROR(VLOOKUP(C196,参数!$B:$H,4,0),\"\")","v":""},{"$f":"IFERROR(VLOOKUP(C196,参数!B:H,3,FALSE),\"\")","v":""},"",1]
[196,{"$nulls":6},{"$f":"IFERROR(VLOOKUP(C197,参数!$B:$H,2,0),\"\")","v":""},{"$f":"IFERROR(VLOOKUP(C197,参数!$B:$H,4,0),\"\")","v":""},{"$f":"IFERROR(VLOOKUP(C197,参数!B:H,3,FALSE),\"\")","v":""},"",1]
[197,{"$nulls":6},{"$f":"IFERROR(VLOOKUP(C198,参数!$B:$H,2,0),\"\")","v":""},{"$f":"IFERROR(VLOOKUP(C198,参数!$B:$H,4,0),\"\")","v":""},{"$f":"IFERROR(VLOOKUP(C198,参数!B:H,3,FALSE),\"\")","v":""},"",1]
[198,{"$nulls":6},{"$f":"IFERROR(VLOOKUP(C199,参数!$B:$H,2,0),\"\")","v":""},{"$f":"IFERROR(VLOOKUP(C199,参数!$B:$H,4,0),\"\")","v":""},{"$f":"IFERROR(VLOOKUP(C199,参数!B:H,3,FALSE),\"\")","v":""},"",1]
[199,{"$nulls":6},{"$f":"IFERROR(VLOOKUP(C200,参数!$B:$H,2,0),\"\")","v":""},{"$f":"IFERROR(VLOOKUP(C200,参数!$B:$H,4,0),\"\")","v":""},{"$f":"IFERROR(VLOOKUP(C200,参数!B:H,3,FALSE),\"\")","v":""},"",1]
[200,{"$nulls":6},{"$f":"IFERROR(VLOOKUP(C201,参数!$B:$H,2,0),\"\")","v":""},{"$f":"IFERROR(VLOOKUP(C201,参数!$B:$H,4,0),\"\")","v":""},{"$f":"IFERROR(VLOOKUP(C201,参数!B:H,3,FALSE),\"\")","v":""},"",1]
[201,{"$nulls":6},{"$f":"IFERROR(VLOOKUP(C202,参数!$B:$H,2,0),\"\")","v":""},{"$f":"IFERROR(VLOOKUP(C202,参数!$B:$H,4,0),\"\")","v":""},{"$f":"IFERROR(VLOOKUP(C202,参数!B:H,3,FALSE),\"\")","v":""},"",1]
[202,{"$nulls":6},{"$f":"IFERROR(VLOOKUP(C203,参数!$B:$H,2,0),\"\")","v":""},{"$f":"IFERROR(VLOOKUP(C203,参数!$B:$H,4,0),\"\")","v":""},{"$f":"IFERROR(VLOOKUP(C203,参数!B:H,3,FALSE),\"\")","v":""},"",1]
[203,{"$nulls":6},{"$f":"IFERROR(VLOOKUP(C204,参数!$B:$H,2,0),\"\")","v":""},{"$f":"IFERROR(VLOOKUP(C204,参数!$B:$H,4,0),\"\")","v":""},{"$f":"IFERROR(VLOOKUP(C204,参数!B:H,3,FALSE),\"\")","v":""},"",1]
[204,{"$nulls":6},{"$f":"IFERROR(VLOOKUP(C205,参数!$B:$H,2,0),\"\")","v":""},{"$f":"IFERROR(VLOOKUP(C205,参数!$B:$H,4,0),\"\")","v":""},{"$f":"IFERROR(VLOOKUP(C205,参数!B:H,3,FALSE),\"\")","v":""},"",1]
[205,{"$nulls":6},{"$f":"IFERROR(VLOOKUP(C206,参数!$B:$H,2,0),\"\")","v":""},{"$f":"IFERROR(VLOOKUP(C206,参数!$B:$H,4,0),\"\")","v":""},{"$f":"IFERROR(VLOOKUP(C206,参数!B:H,3,FALSE),\"\")","v":""},"",1]
[206,{"$nulls":6},{"$f":"IFERROR(VLOOKUP(C207,参数!$B:$H,2,0),\"\")","v":""},{"$f":"IFERROR(VLOOKUP(C207,参数!$B:$H,4,0),\"\")","v":""},{"$f":"IFERROR(VLOOKUP(C207,参数!B:H,3,FALSE),\"\")","v":""},"",1]
[207,{"$nulls":6},{"$f":"IFERROR(VLOOKUP(C208,参数!$B:$H,2,0),\"\")","v":""},{"$f":"IFERROR(VLOOKUP(C208,参数!$B:$H,4,0),\"\")","v":""},{"$f":"IFERROR(VLOOKUP(C208,参数!B:H,3,FALSE),\"\")","v":""},"",1]
[208,{"$nulls":6},{"$f":"IFERROR(VLOOKUP(C209,参数!$B:$H,2,0),\"\")","v":""},{"$f":"IFERROR(VLOOKUP(C209,参数!$B:$H,4,0),\"\")","v":""},{"$f":"IFERROR(VLOOKUP(C209,参数!B:H,3,FALSE),\"\")","v":""},"",1]
[209,{"$nulls":6},{"$f":"IFERROR(VLOOKUP(C210,参数!$B:$H,2,0),\"\")","v":""},{"$f":"IFERROR(VLOOKUP(C210,参数!$B:$H,4,0),\"\")","v":""},{"$f":"IFERROR(VLOOKUP(C210,参数!B:H,3,FALSE),\"\")","v":""},"",1]
[210,{"$nulls":6},{"$f":"IFERROR(VLOOKUP(C211,参数!$B:$H,2,0),\"\")","v":""},{"$f":"IFERROR(VLOOKUP(C211,参数!$B:$H,4,0),\"\")","v":""},{"$f":"IFERROR(VLOOKUP(C211,参数!B:H,3,FALSE),\"\")","v":""},"",1]
[211,{"$nulls":6},{"$f":"IFERROR(VLOOKUP(C212,参数!$B:$H,2,0),\"\")","v":""},{"$f":"IFERROR(VLOOKUP(C212,参数!$B:$H,4,0),\"\")","v":""},{"$f":"IFERROR(VLOOKUP(C212,参数!B:H,3,FALSE),\"\")","v":""},"",1]
[212,{"$nulls":6},{"$f":"IFERROR(VLOOKUP(C213,参数!$B:$H,2,0),\"\")","v":""},{"$f":"IFERROR(VLOOKUP(C213,参数!$B:$H,4,0),\"\")","v":""},{"$f":"IFERROR(VLOOKUP(C213,参数!B:H,3,FALSE),\"\")","v":""},"",1]
[213,{"$nulls":6},{"$f":"IFERROR(VLOOKUP(C214,参数!$B:$H,2,0),\"\")","v":""},{"$f":"IFERROR(VLOOKUP(C214,参数!$B:$H,4,0),\"\")","v":""},{"$f":"IFERROR(VLOOKUP(C214,参数!B:H,3,FALSE),\"\")","v":""},"",1]
[214,{"$nulls":6},{"$f":"IFERROR(VLOOKUP(C215,参数!$B:$H,2,0),\"\")","v":""},{"$f":"IFERROR(VLOOKUP(C215,参数!$B:$H,4,0),\"\")","v":""},{"$f":"IFERROR(VLOOKUP(C215,参数!B:H,3,FALSE),\"\")","v":""},"",1]
[215,{"$nulls":6},{"$f":"IFERROR(VLOOKUP(C216,参数!$B:$H,2,0),\"\")","v":""},{"$f":"IFERROR(VLOOKUP(C216,参数!$B:$H,4,0),\"\")","v":""},{"$f":"IFERROR(VLOOKUP(C216,参数!B:H,3,FALSE),\"\")","v":""},"",1]
[216,{"$nulls":6},{"$f":"IFERROR(VLOOKUP(C217,参数!$B:$H,2,0),\"\")","v":""},{"$f":"IFERROR(VLOOKUP(C217,参数!$B:$H,4,0),\"\")","v":""},{"$f":"IFERROR(VLOOKUP(C217,参数!B:H,3,FALSE),\"\")","v":""},"",1]
[217,{"$nulls":6},{"$f":"IFERROR(VLOOKUP(C218,参数!$B:$H,2,0),\"\")","v":""},{"$f":"IFERROR(VLOOKUP(C218,参数!$B:$H,4,0),\"\")","v":""},{"$f":"IFERROR(VLOOKUP(C218,参数!B:H,3,FALSE),\"\")","v":""},"",1]
[218,{"$nulls":6},{"$f":"IFERROR(VLOOKUP(C219,参数!$B:$H,2,0),\"\")","v":""},{"$f":"IFERROR(VLOOKUP(C219,参数!$B:$H,4,0),\"\")","v":""},{"$f":"IFERROR(VLOOKUP(C219,参数!B:H,3,FALSE),\"\")","v":""},"",1]
[219,{"$nulls":6},{"$f":"IFERROR(VLOOKUP(C220,参数!$B:$H,2,0),\"\")","v":""},{"$f":"IFERROR(VLOOKUP(C220,参数!$B:$H,4,0),\"\")","v":""},{"$f":"IFERROR(VLOOKUP(C220,参数!B:H,3,FALSE),\"\")","v":""},"",1]
[220,{"$nulls":6},{"$f":"IFERROR(VLOOKUP(C221,参数!$B:$H,2,0),\"\")","v":""},{"$f":"IFERROR(VLOOKUP(C221,参数!$B:$H,4,0),\"\")","v":""},{"$f":"IFERROR(VLOOKUP(C221,参数!B:H,3,FALSE),\"\")","v":""},"",1]
[221,{"$nulls":6},{"$f":"IFERROR(VLOOKUP(C222,参数!$B:$H,2,0),\"\")","v":""},{"$f":"IFERROR(VLOOKUP(C222,参数!$B:$H,4,0),\"\")","v":""},{"$f":"IFERROR(VLOOKUP(C222,参数!B:H,3,FALSE),\"\")","v":""},"",1]
[222,{"$nulls":6},{"$f":"IFERROR(VLOOKUP(C223,参数!$B:$H,2,0),\"\")","v":""},{"$f":"IFERROR(VLOOKUP(C223,参数!$B:$H,4,0),\"\")","v":""},{"$f":"IFERROR(VLOOKUP(C223,参数!B:H,3,FALSE),\"\")","v":""},"",1]
[223,{"$nulls":6},{"$f":"IFERROR(VLOOKUP(C224,参数!$B:$H,2,0),\"\")","v":""},{"$f":"IFERROR(VLOOKUP(C224,参数!$B:$H,4,0),\"\")","v":""},{"$f":"IFERROR(VLOOKUP(C224,参数!B:H,3,FALSE),\"\")","v":""},"",1]
[224,{"$nulls":6},{"$f":"IFERROR(VLOOKUP(C225,参数!$B:$H,2,0),\"\")","v":""},{"$f":"IFERROR(VLOOKUP(C225,参数!$B:$H,4,0),\"\")","v":""},{"$f":"IFERROR(VLOOKUP(C225,参数!B:H,3,FALSE),\"\")","v":""},"",1]
[225,{"$nulls":6},{"$f":"IFERROR(VLOOKUP(C226,参数!$B:$H,2,0),\"\")","v":""},{"$f":"IFERROR(VLOOKUP(C226,参数!$B:$H,4,0),\"\")","v":""},{"$f":"IFERROR(VLOOKUP(C226,参数!B:H,3,FALSE),\"\")","v":""},"",1]
[226,{"$nulls":6},{"$f":"IFERROR(VLOOKUP(C227,参数!$B:$H,2,0),\"\")","v":""},{"$f":"IFERROR(VLOOKUP(C227,参数!$B:$H,4,0),\"\")","v":""},{"$f":"IFERROR(VLOOKUP(C227,参数!B:H,3,FALSE),\"\")","v":""},"",1]
[227,{"$nulls":6},{"$f":"IFERROR(VLOOKUP(C228,参数!$B:$H,2,0),\"\")","v":""},{"$f":"IFERROR(VLOOKUP(C228,参数!$B:$H,4,0),\"\")","v":""},{"$f":"IFERROR(VLOOKUP(C228,参数!B:H,3,FALSE),\"\")","v":""},"",1]
[228,{"$nulls":6},{"$f":"IFERROR(VLOOKUP(C229,参数!$B:$H,2,0),\"\")","v":""},{"$f":"IFERROR(VLOOKUP(C229,参数!$B:$H,4,0),\"\")","v":""},{"$f":"IFERROR(VLOOKUP(C229,参数!B:H,3,FALSE),\"\")","v":""},{"$f":"IFERROR(J229*E229,\"\")","v":""},1]
[229,{"$nulls":6},{"$f":"IFERROR(VLOOKUP(C230,参数!$B:$H,2,0),\"\")","v":""},{"$f":"IFERROR(VLOOKUP(C230,参数!$B:$H,4,0),\"\")","v":""},{"$f":"IFERROR(VLOOKUP(C230,参数!B:H,3,FALSE),\"\")","v":""},"",1]
[230,{"$nulls":6},{"$f":"IFERROR(VLOOKUP(C231,参数!$B:$H,2,0),\"\")","v":""},{"$f":"IFERROR(VLOOKUP(C231,参数!$B:$H,4,0),\"\")","v":""},{"$f":"IFERROR(VLOOKUP(C231,参数!B:H,3,FALSE),\"\")","v":""},"",1]
[231,{"$nulls":6},{"$f":"IFERROR(VLOOKUP(C232,参数!$B:$H,2,0),\"\")","v":""},{"$f":"IFERROR(VLOOKUP(C232,参数!$B:$H,4,0),\"\")","v":""},{"$f":"IFERROR(VLOOKUP(C232,参数!B:H,3,FALSE),\"\")","v":""},"",1]
[232,{"$nulls":6},{"$f":"IFERROR(VLOOKUP(C233,参数!$B:$H,2,0),\"\")","v":""},{"$f":"IFERROR(VLOOKUP(C233,参数!$B:$H,4,0),\"\")","v":""},{"$f":"IFERROR(VLOOKUP(C233,参数!B:H,3,FALSE),\"\")","v":""},"",1]
[233,{"$nulls":6},{"$f":"IFERROR(VLOOKUP(C234,参数!$B:$H,2,0),\"\")","v":""},{"$f":"IFERROR(VLOOKUP(C234,参数!$B:$H,4,0),\"\")","v":""},{"$f":"IFERROR(VLOOKUP(C234,参数!B:H,3,FALSE),\"\")","v":""},"",1]
[234,{"$nulls":6},{"$f":"IFERROR(VLOOKUP(C235,参数!$B:$H,2,0),\"\")","v":""},{"$f":"IFERROR(VLOOKUP(C235,参数!$B:$H,4,0),\"\")","v":""},{"$f":"IFERROR(VLOOKUP(C235,参数!B:H,3,FALSE),\"\")","v":""},"",1]
[235,{"$nulls":6},{"$f":"IFERROR(VLOOKUP(C236,参数!$B:$H,2,0),\"\")","v":""},{"$f":"IFERROR(VLOOKUP(C236,参数!$B:$H,4,0),\"\")","v":""},{"$f":"IFERROR(VLOOKUP(C236,参数!B:H,3,FALSE),\"\")","v":""},"",1]
[236,{"$nulls":6},{"$f":"IFERROR(VLOOKUP(C237,参数!$B:$H,2,0),\"\")","v":""},{"$f":"IFERROR(VLOOKUP(C237,参数!$B:$H,4,0),\"\")","v":""},{"$f":"IFERROR(VLOOKUP(C237,参数!B:H,3,FALSE),\"\")","v":""},"",1]
[237,{"$nulls":6},{"$f":"IFERROR(VLOOKUP(C238,参数!$B:$H,2,0),\"\")","v":""},{"$f":"IFERROR(VLOOKUP(C238,参数!$B:$H,4,0),\"\")","v":""},{"$f":"IFERROR(VLOOKUP(C238,参数!B:H,3,FALSE),\"\")","v":""},"",1]
[238,{"$nulls":6},{"$f":"IFERROR(VLOOKUP(C239,参数!$B:$H,2,0),\"\")","v":""},{"$f":"IFERROR(VLOOKUP(C239,参数!$B:$H,4,0),\"\")","v":""},{"$f":"IFERROR(VLOOKUP(C239,参数!B:H,3,FALSE),\"\")","v":""},"",1]
[239,{"$nulls":6},{"$f":"IFERROR(VLOOKUP(C240,参数!$B:$H,2,0),\"\")","v":""},{"$f":"IFERROR(VLOOKUP(C240,参数!$B:$H,4,0),\"\")","v":""},{"$f":"IFERROR(VLOOKUP(C240,参数!B:H,3,FALSE),\"\")","v":""},"",1]
[240,{"$nulls":6},{"$f":"IFERROR(VLOOKUP(C241,参数!$B:$H,2,0),\"\")","v":""},{"$f":"IFERROR(VLOOKUP(C241,参数!$B:$H,4,0),\"\")","v":""},{"$f":"IFERROR(VLOOKUP(C241,参数!B:H,3,FALSE),\"\")","v":""},"",1]
[241,{"$nulls":6},{"$f":"IFERROR(VLOOKUP(C242,参数!$B:$H,2,0),\"\")","v":""},{"$f":"IFERROR(VLOOKUP(C242,参数!$B:$H,4,0),\"\")","v":""},{"$f":"IFERROR(VLOOKUP(C242,参数!B:H,3,FALSE),\"\")","v":""},"",1]
[242,{"$nulls":6},{"$f":"IFERROR(VLOOKUP(C243,参数!$B:$H,2,0),\"\")","v":""},{"$f":"IFERROR(VLOOKUP(C243,参数!$B:$H,4,0),\"\")","v":""},{"$f":"IFERROR(VLOOKUP(C243,参数!B:H,3,FALSE),\"\")","v":""},"",1]
[243,{"$nulls":6},{"$f":"IFERROR(VLOOKUP(C244,参数!$B:$H,2,0),\"\")","v":""},{"$f":"IFERROR(VLOOKUP(C244,参数!$B:$H,4,0),\"\")","v":""},{"$f":"IFERROR(VLOOKUP(C244,参数!B:H,3,FALSE),\"\")","v":""},"",1]
[244,{"$nulls":6},{"$f":"IFERROR(VLOOKUP(C245,参数!$B:$H,2,0),\"\")","v":""},{"$f":"IFERROR(VLOOKUP(C245,参数!$B:$H,4,0),\"\")","v":""},{"$f":"IFERROR(VLOOKUP(C245,参数!B:H,3,FALSE),\"\")","v":""},"",1]
[245,{"$nulls":6},{"$f":"IFERROR(VLOOKUP(C246,参数!$B:$H,2,0),\"\")","v":""},{"$f":"IFERROR(VLOOKUP(C246,参数!$B:$H,4,0),\"\")","v":""},{"$f":"IFERROR(VLOOKUP(C246,参数!B:H,3,FALSE),\"\")","v":""},"",1]
[246,{"$nulls":6},{"$f":"IFERROR(VLOOKUP(C247,参数!$B:$H,2,0),\"\")","v":""},{"$f":"IFERROR(VLOOKUP(C247,参数!$B:$H,4,0),\"\")","v":""},{"$f":"IFERROR(VLOOKUP(C247,参数!B:H,3,FALSE),\"\")","v":""},"",1]
[247,{"$nulls":6},{"$f":"IFERROR(VLOOKUP(C248,参数!$B:$H,2,0),\"\")","v":""},{"$f":"IFERROR(VLOOKUP(C248,参数!$B:$H,4,0),\"\")","v":""},{"$f":"IFERROR(VLOOKUP(C248,参数!B:H,3,FALSE),\"\")","v":""},"",1]
[248,{"$nulls":6},{"$f":"IFERROR(VLOOKUP(C249,参数!$B:$H,2,0),\"\")","v":""},{"$f":"IFERROR(VLOOKUP(C249,参数!$B:$H,4,0),\"\")","v":""},{"$f":"IFERROR(VLOOKUP(C249,参数!B:H,3,FALSE),\"\")","v":""},"",1]
[249,{"$nulls":6},{"$f":"IFERROR(VLOOKUP(C250,参数!$B:$H,2,0),\"\")","v":""},{"$f":"IFERROR(VLOOKUP(C250,参数!$B:$H,4,0),\"\")","v":""},{"$f":"IFERROR(VLOOKUP(C250,参数!B:H,3,FALSE),\"\")","v":""},"",1]
[250,{"$nulls":6},{"$f":"IFERROR(VLOOKUP(C251,参数!$B:$H,2,0),\"\")","v":""},{"$f":"IFERROR(VLOOKUP(C251,参数!$B:$H,4,0),\"\")","v":""},{"$f":"IFERROR(VLOOKUP(C251,参数!B:H,3,FALSE),\"\")","v":""},"",1]
[251,{"$nulls":6},{"$f":"IFERROR(VLOOKUP(C252,参数!$B:$H,2,0),\"\")","v":""},{"$f":"IFERROR(VLOOKUP(C252,参数!$B:$H,4,0),\"\")","v":""},{"$f":"IFERROR(VLOOKUP(C252,参数!B:H,3,FALSE),\"\")","v":""},"",1]
[252,{"$nulls":6},{"$f":"IFERROR(VLOOKUP(C253,参数!$B:$H,2,0),\"\")","v":""},{"$f":"IFERROR(VLOOKUP(C253,参数!$B:$H,4,0),\"\")","v":""},{"$f":"IFERROR(VLOOKUP(C253,参数!B:H,3,FALSE),\"\")","v":""},"",1]
[253,{"$nulls":6},{"$f":"IFERROR(VLOOKUP(C254,参数!$B:$H,2,0),\"\")","v":""},{"$f":"IFERROR(VLOOKUP(C254,参数!$B:$H,4,0),\"\")","v":""},{"$f":"IFERROR(VLOOKUP(C254,参数!B:H,3,FALSE),\"\")","v":""},"",1]
[254,{"$nulls":6},{"$f":"IFERROR(VLOOKUP(C255,参数!$B:$H,2,0),\"\")","v":""},{"$f":"IFERROR(VLOOKUP(C255,参数!$B:$H,4,0),\"\")","v":""},{"$f":"IFERROR(VLOOKUP(C255,参数!B:H,3,FALSE),\"\")","v":""},"",1]
[255,{"$nulls":6},{"$f":"IFERROR(VLOOKUP(C256,参数!$B:$H,2,0),\"\")","v":""},{"$f":"IFERROR(VLOOKUP(C256,参数!$B:$H,4,0),\"\")","v":""},{"$f":"IFERROR(VLOOKUP(C256,参数!B:H,3,FALSE),\"\")","v":""},"",1]
[256,{"$nulls":6},{"$f":"IFERROR(VLOOKUP(C257,参数!$B:$H,2,0),\"\")","v":""},{"$f":"IFERROR(VLOOKUP(C257,参数!$B:$H,4,0),\"\")","v":""},{"$f":"IFERROR(VLOOKUP(C257,参数!B:H,3,FALSE),\"\")","v":""},"",1]
[257,{"$nulls":6},{"$f":"IFERROR(VLOOKUP(C258,参数!$B:$H,2,0),\"\")","v":""},{"$f":"IFERROR(VLOOKUP(C258,参数!$B:$H,4,0),\"\")","v":""},{"$f":"IFERROR(VLOOKUP(C258,参数!B:H,3,FALSE),\"\")","v":""},"",{"$f":"VALUE(MONTH(B258))","v":1}]
[258,{"$nulls":6},{"$f":"IFERROR(VLOOKUP(C259,参数!$B:$H,2,0),\"\")","v":""},{"$f":"IFERROR(VLOOKUP(C259,参数!$B:$H,4,0),\"\")","v":""},{"$f":"IFERROR(VLOOKUP(C259,参数!B:H,3,FALSE),\"\")","v":""},"",1]
[259,{"$nulls":6},{"$f":"IFERROR(VLOOKUP(C260,参数!$B:$H,2,0),\"\")","v":""},{"$f":"IFERROR(VLOOKUP(C260,参数!$B:$H,4,0),\"\")","v":""},{"$f":"IFERROR(VLOOKUP(C260,参数!B:H,3,FALSE),\"\")","v":""},"",1]
[260,{"$nulls":6},{"$f":"IFERROR(VLOOKUP(C261,参数!$B:$H,2,0),\"\")","v":""},{"$f":"IFERROR(VLOOKUP(C261,参数!$B:$H,4,0),\"\")","v":""},{"$f":"IFERROR(VLOOKUP(C261,参数!B:H,3,FALSE),\"\")","v":""},"",1]
[261,{"$nulls":6},{"$f":"IFERROR(VLOOKUP(C262,参数!$B:$H,2,0),\"\")","v":""},{"$f":"IFERROR(VLOOKUP(C262,参数!$B:$H,4,0),\"\")","v":""},{"$f":"IFERROR(VLOOKUP(C262,参数!B:H,3,FALSE),\"\")","v":""},"",1]
[262,{"$nulls":6},{"$f":"IFERROR(VLOOKUP(C263,参数!$B:$H,2,0),\"\")","v":""},{"$f":"IFERROR(VLOOKUP(C263,参数!$B:$H,4,0),\"\")","v":""},{"$f":"IFERROR(VLOOKUP(C263,参数!B:H,3,FALSE),\"\")","v":""},"",1]
[263,{"$nulls":6},{"$f":"IFERROR(VLOOKUP(C264,参数!$B:$H,2,0),\"\")","v":""},{"$f":"IFERROR(VLOOKUP(C264,参数!$B:$H,4,0),\"\")","v":""},{"$f":"IFERROR(VLOOKUP(C264,参数!B:H,3,FALSE),\"\")","v":""},"",1]
[264,{"$nulls":6},{"$f":"IFERROR(VLOOKUP(C265,参数!$B:$H,2,0),\"\")","v":""},{"$f":"IFERROR(VLOOKUP(C265,参数!$B:$H,4,0),\"\")","v":""},{"$f":"IFERROR(VLOOKUP(C265,参数!B:H,3,FALSE),\"\")","v":""},"",1]
[265,{"$nulls":6},{"$f":"IFERROR(VLOOKUP(C266,参数!$B:$H,2,0),\"\")","v":""},{"$f":"IFERROR(VLOOKUP(C266,参数!$B:$H,4,0),\"\")","v":""},{"$f":"IFERROR(VLOOKUP(C266,参数!B:H,3,FALSE),\"\")","v":""},"",1]
[266,{"$nulls":6},{"$f":"IFERROR(VLOOKUP(C267,参数!$B:$H,2,0),\"\")","v":""},{"$f":"IFERROR(VLOOKUP(C267,参数!$B:$H,4,0),\"\")","v":""},{"$f":"IFERROR(VLOOKUP(C267,参数!B:H,3,FALSE),\"\")","v":""},"",1]
[267,{"$nulls":6},{"$f":"IFERROR(VLOOKUP(C268,参数!$B:$H,2,0),\"\")","v":""},{"$f":"IFERROR(VLOOKUP(C268,参数!$B:$H,4,0),\"\")","v":""},{"$f":"IFERROR(VLOOKUP(C268,参数!B:H,3,FALSE),\"\")","v":""},"",1]
[268,{"$nulls":6},{"$f":"IFERROR(VLOOKUP(C269,参数!$B:$H,2,0),\"\")","v":""},{"$f":"IFERROR(VLOOKUP(C269,参数!$B:$H,4,0),\"\")","v":""},{"$f":"IFERROR(VLOOKUP(C269,参数!B:H,3,FALSE),\"\")","v":""},"",1]
[269,{"$nulls":6},{"$f":"IFERROR(VLOOKUP(C270,参数!$B:$H,2,0),\"\")","v":""},{"$f":"IFERROR(VLOOKUP(C270,参数!$B:$H,4,0),\"\")","v":""},{"$f":"IFERROR(VLOOKUP(C270,参数!B:H,3,FALSE),\"\")","v":""},"",1]
[270,{"$nulls":6},{"$f":"IFERROR(VLOOKUP(C271,参数!$B:$H,2,0),\"\")","v":""},{"$f":"IFERROR(VLOOKUP(C271,参数!$B:$H,4,0),\"\")","v":""},{"$f":"IFERROR(VLOOKUP(C271,参数!B:H,3,FALSE),\"\")","v":""},"",1]
[271,{"$nulls":6},{"$f":"IFERROR(VLOOKUP(C272,参数!$B:$H,2,0),\"\")","v":""},{"$f":"IFERROR(VLOOKUP(C272,参数!$B:$H,4,0),\"\")","v":""},{"$f":"IFERROR(VLOOKUP(C272,参数!B:H,3,FALSE),\"\")","v":""},"",1]
[272,{"$nulls":6},{"$f":"IFERROR(VLOOKUP(C273,参数!$B:$H,2,0),\"\")","v":""},{"$f":"IFERROR(VLOOKUP(C273,参数!$B:$H,4,0),\"\")","v":""},{"$f":"IFERROR(VLOOKUP(C273,参数!B:H,3,FALSE),\"\")","v":""},"",1]
[273,{"$nulls":6},{"$f":"IFERROR(VLOOKUP(C274,参数!$B:$H,2,0),\"\")","v":""},{"$f":"IFERROR(VLOOKUP(C274,参数!$B:$H,4,0),\"\")","v":""},{"$f":"IFERROR(VLOOKUP(C274,参数!B:H,3,FALSE),\"\")","v":""},"",1]
[274,{"$nulls":6},{"$f":"IFERROR(VLOOKUP(C275,参数!$B:$H,2,0),\"\")","v":""},{"$f":"IFERROR(VLOOKUP(C275,参数!$B:$H,4,0),\"\")","v":""},{"$f":"IFERROR(VLOOKUP(C275,参数!B:H,3,FALSE),\"\")","v":""},"",1]
[275,{"$nulls":6},{"$f":"IFERROR(VLOOKUP(C276,参数!$B:$H,2,0),\"\")","v":""},{"$f":"IFERROR(VLOOKUP(C276,参数!$B:$H,4,0),\"\")","v":""},{"$f":"IFERROR(VLOOKUP(C276,参数!B:H,3,FALSE),\"\")","v":""},"",1]
[276,{"$nulls":6},{"$f":"IFERROR(VLOOKUP(C277,参数!$B:$H,2,0),\"\")","v":""},{"$f":"IFERROR(VLOOKUP(C277,参数!$B:$H,4,0),\"\")","v":""},{"$f":"IFERROR(VLOOKUP(C277,参数!B:H,3,FALSE),\"\")","v":""},"",1]
[277,{"$nulls":6},{"$f":"IFERROR(VLOOKUP(C278,参数!$B:$H,2,0),\"\")","v":""},{"$f":"IFERROR(VLOOKUP(C278,参数!$B:$H,4,0),\"\")","v":""},{"$f":"IFERROR(VLOOKUP(C278,参数!B:H,3,FALSE),\"\")","v":""},"",1]
[278,{"$nulls":6},{"$f":"IFERROR(VLOOKUP(C279,参数!$B:$H,2,0),\"\")","v":""},{"$f":"IFERROR(VLOOKUP(C279,参数!$B:$H,4,0),\"\")","v":""},{"$f":"IFERROR(VLOOKUP(C279,参数!B:H,3,FALSE),\"\")","v":""},"",1]
[279,{"$nulls":6},{"$f":"IFERROR(VLOOKUP(C280,参数!$B:$H,2,0),\"\")","v":""},{"$f":"IFERROR(VLOOKUP(C280,参数!$B:$H,4,0),\"\")","v":""},{"$f":"IFERROR(VLOOKUP(C280,参数!B:H,3,FALSE),\"\")","v":""},"",1]
[280,{"$nulls":6},{"$f":"IFERROR(VLOOKUP(C281,参数!$B:$H,2,0),\"\")","v":""},{"$f":"IFERROR(VLOOKUP(C281,参数!$B:$H,4,0),\"\")","v":""},{"$f":"IFERROR(VLOOKUP(C281,参数!B:H,3,FALSE),\"\")","v":""},"",1]
[281,{"$nulls":6},{"$f":"IFERROR(VLOOKUP(C282,参数!$B:$H,2,0),\"\")","v":""},{"$f":"IFERROR(VLOOKUP(C282,参数!$B:$H,4,0),\"\")","v":""},{"$f":"IFERROR(VLOOKUP(C282,参数!B:H,3,FALSE),\"\")","v":""},"",1]
[282,{"$nulls":6},{"$f":"IFERROR(VLOOKUP(C283,参数!$B:$H,2,0),\"\")","v":""},{"$f":"IFERROR(VLOOKUP(C283,参数!$B:$H,4,0),\"\")","v":""},{"$f":"IFERROR(VLOOKUP(C283,参数!B:H,3,FALSE),\"\")","v":""},"",1]
[283,{"$nulls":6},{"$f":"IFERROR(VLOOKUP(C284,参数!$B:$H,2,0),\"\")","v":""},{"$f":"IFERROR(VLOOKUP(C284,参数!$B:$H,4,0),\"\")","v":""},{"$f":"IFERROR(VLOOKUP(C284,参数!B:H,3,FALSE),\"\")","v":""},"",1]
[284,{"$nulls":6},{"$f":"IFERROR(VLOOKUP(C285,参数!$B:$H,2,0),\"\")","v":""},{"$f":"IFERROR(VLOOKUP(C285,参数!$B:$H,4,0),\"\")","v":""},{"$f":"IFERROR(VLOOKUP(C285,参数!B:H,3,FALSE),\"\")","v":""},"",1]
[285,{"$nulls":6},{"$f":"IFERROR(VLOOKUP(C286,参数!$B:$H,2,0),\"\")","v":""},{"$f":"IFERROR(VLOOKUP(C286,参数!$B:$H,4,0),\"\")","v":""},{"$f":"IFERROR(VLOOKUP(C286,参数!B:H,3,FALSE),\"\")","v":""},"",1]
[286,{"$nulls":6},{"$f":"IFERROR(VLOOKUP(C287,参数!$B:$H,2,0),\"\")","v":""},{"$f":"IFERROR(VLOOKUP(C287,参数!$B:$H,4,0),\"\")","v":""},{"$f":"IFERROR(VLOOKUP(C287,参数!B:H,3,FALSE),\"\")","v":""},"",1]
[287,{"$nulls":6},{"$f":"IFERROR(VLOOKUP(C288,参数!$B:$H,2,0),\"\")","v":""},{"$f":"IFERROR(VLOOKUP(C288,参数!$B:$H,4,0),\"\")","v":""},{"$f":"IFERROR(VLOOKUP(C288,参数!B:H,3,FALSE),\"\")","v":""},"",1]
[288,{"$nulls":6},{"$f":"IFERROR(VLOOKUP(C289,参数!$B:$H,2,0),\"\")","v":""},{"$f":"IFERROR(VLOOKUP(C289,参数!$B:$H,4,0),\"\")","v":""},{"$f":"IFERROR(VLOOKUP(C289,参数!B:H,3,FALSE),\"\")","v":""},"",1]
[289,{"$nulls":6},{"$f":"IFERROR(VLOOKUP(C290,参数!$B:$H,2,0),\"\")","v":""},{"$f":"IFERROR(VLOOKUP(C290,参数!$B:$H,4,0),\"\")","v":""},{"$f":"IFERROR(VLOOKUP(C290,参数!B:H,3,FALSE),\"\")","v":""},"",1]
[290,{"$nulls":6},{"$f":"IFERROR(VLOOKUP(C291,参数!$B:$H,2,0),\"\")","v":""},{"$f":"IFERROR(VLOOKUP(C291,参数!$B:$H,4,0),\"\")","v":""},{"$f":"IFERROR(VLOOKUP(C291,参数!B:H,3,FALSE),\"\")","v":""},{"$f":"IFERROR(J291*E291,\"\")","v":""},1]
[291,{"$nulls":6},{"$f":"IFERROR(VLOOKUP(C292,参数!$B:$H,2,0),\"\")","v":""},{"$f":"IFERROR(VLOOKUP(C292,参数!$B:$H,4,0),\"\")","v":""},{"$f":"IFERROR(VLOOKUP(C292,参数!B:H,3,FALSE),\"\")","v":""},"",1]
[292,{"$nulls":6},{"$f":"IFERROR(VLOOKUP(C293,参数!$B:$H,2,0),\"\")","v":""},{"$f":"IFERROR(VLOOKUP(C293,参数!$B:$H,4,0),\"\")","v":""},{"$f":"IFERROR(VLOOKUP(C293,参数!B:H,3,FALSE),\"\")","v":""},{"$f":"IFERROR(J293*E293,\"\")","v":""},1]
[293,{"$nulls":6},{"$f":"IFERROR(VLOOKUP(C294,参数!$B:$H,2,0),\"\")","v":""},{"$f":"IFERROR(VLOOKUP(C294,参数!$B:$H,4,0),\"\")","v":""},{"$f":"IFERROR(VLOOKUP(C294,参数!B:H,3,FALSE),\"\")","v":""},"",1]
[294,{"$nulls":6},{"$f":"IFERROR(VLOOKUP(C295,参数!$B:$H,2,0),\"\")","v":""},{"$f":"IFERROR(VLOOKUP(C295,参数!$B:$H,4,0),\"\")","v":""},{"$f":"IFERROR(VLOOKUP(C295,参数!B:H,3,FALSE),\"\")","v":""},"",1]
[295,{"$nulls":6},{"$f":"IFERROR(VLOOKUP(C296,参数!$B:$H,2,0),\"\")","v":""},{"$f":"IFERROR(VLOOKUP(C296,参数!$B:$H,4,0),\"\")","v":""},{"$f":"IFERROR(VLOOKUP(C296,参数!B:H,3,FALSE),\"\")","v":""},"",1]
[296,{"$nulls":6},{"$f":"IFERROR(VLOOKUP(C297,参数!$B:$H,2,0),\"\")","v":""},{"$f":"IFERROR(VLOOKUP(C297,参数!$B:$H,4,0),\"\")","v":""},{"$f":"IFERROR(VLOOKUP(C297,参数!B:H,3,FALSE),\"\")","v":""},"",1]
[297,{"$nulls":6},{"$f":"IFERROR(VLOOKUP(C298,参数!$B:$H,2,0),\"\")","v":""},{"$f":"IFERROR(VLOOKUP(C298,参数!$B:$H,4,0),\"\")","v":""},{"$f":"IFERROR(VLOOKUP(C298,参数!B:H,3,FALSE),\"\")","v":""},"",1]
[298,{"$nulls":6},{"$f":"IFERROR(VLOOKUP(C299,参数!$B:$H,2,0),\"\")","v":""},{"$f":"IFERROR(VLOOKUP(C299,参数!$B:$H,4,0),\"\")","v":""},{"$f":"IFERROR(VLOOKUP(C299,参数!B:H,3,FALSE),\"\")","v":""},"",1]
[299,{"$nulls":6},{"$f":"IFERROR(VLOOKUP(C300,参数!$B:$H,2,0),\"\")","v":""},{"$f":"IFERROR(VLOOKUP(C300,参数!$B:$H,4,0),\"\")","v":""},{"$f":"IFERROR(VLOOKUP(C300,参数!B:H,3,FALSE),\"\")","v":""},"",1]
[300,{"$nulls":6},{"$f":"IFERROR(VLOOKUP(C301,参数!$B:$H,2,0),\"\")","v":""},{"$f":"IFERROR(VLOOKUP(C301,参数!$B:$H,4,0),\"\")","v":""},{"$f":"IFERROR(VLOOKUP(C301,参数!B:H,3,FALSE),\"\")","v":""},"",1]
[301,{"$nulls":6},{"$f":"IFERROR(VLOOKUP(C302,参数!$B:$H,2,0),\"\")","v":""},{"$f":"IFERROR(VLOOKUP(C302,参数!$B:$H,4,0),\"\")","v":""},{"$f":"IFERROR(VLOOKUP(C302,参数!B:H,3,FALSE),\"\")","v":""},"",1]
[302,{"$nulls":6},{"$f":"IFERROR(VLOOKUP(C303,参数!$B:$H,2,0),\"\")","v":""},{"$f":"IFERROR(VLOOKUP(C303,参数!$B:$H,4,0),\"\")","v":""},{"$f":"IFERROR(VLOOKUP(C303,参数!B:H,3,FALSE),\"\")","v":""},"",1]
[303,{"$nulls":6},{"$f":"IFERROR(VLOOKUP(C304,参数!$B:$H,2,0),\"\")","v":""},{"$f":"IFERROR(VLOOKUP(C304,参数!$B:$H,4,0),\"\")","v":""},{"$f":"IFERROR(VLOOKUP(C304,参数!B:H,3,FALSE),\"\")","v":""},"",1]
[304,{"$nulls":6},{"$f":"IFERROR(VLOOKUP(C305,参数!$B:$H,2,0),\"\")","v":""},{"$f":"IFERROR(VLOOKUP(C305,参数!$B:$H,4,0),\"\")","v":""},{"$f":"IFERROR(VLOOKUP(C305,参数!B:H,3,FALSE),\"\")","v":""},"",1]
[305,{"$nulls":6},{"$f":"IFERROR(VLOOKUP(C306,参数!$B:$H,2,0),\"\")","v":""},{"$f":"IFERROR(VLOOKUP(C306,参数!$B:$H,4,0),\"\")","v":""},{"$f":"IFERROR(VLOOKUP(C306,参数!B:H,3,FALSE),\"\")","v":""},"",1]
[306,{"$nulls":6},{"$f":"IFERROR(VLOOKUP(C307,参数!$B:$H,2,0),\"\")","v":""},{"$f":"IFERROR(VLOOKUP(C307,参数!$B:$H,4,0),\"\")","v":""},{"$f":"IFERROR(VLOOKUP(C307,参数!B:H,3,FALSE),\"\")","v":""},"",1]
[307,{"$nulls":6},{"$f":"IFERROR(VLOOKUP(C308,参数!$B:$H,2,0),\"\")","v":""},{"$f":"IFERROR(VLOOKUP(C308,参数!$B:$H,4,0),\"\")","v":""},{"$f":"IFERROR(VLOOKUP(C308,参数!B:H,3,FALSE),\"\")","v":""},"",1]
[308,{"$nulls":6},{"$f":"IFERROR(VLOOKUP(C309,参数!$B:$H,2,0),\"\")","v":""},{"$f":"IFERROR(VLOOKUP(C309,参数!$B:$H,4,0),\"\")","v":""},{"$f":"IFERROR(VLOOKUP(C309,参数!B:H,3,FALSE),\"\")","v":""},"",1]
[309,{"$nulls":6},{"$f":"IFERROR(VLOOKUP(C310,参数!$B:$H,2,0),\"\")","v":""},{"$f":"IFERROR(VLOOKUP(C310,参数!$B:$H,4,0),\"\")","v":""},{"$f":"IFERROR(VLOOKUP(C310,参数!B:H,3,FALSE),\"\")","v":""},"",1]
[310,{"$nulls":6},{"$f":"IFERROR(VLOOKUP(C311,参数!$B:$H,2,0),\"\")","v":""},{"$f":"IFERROR(VLOOKUP(C311,参数!$B:$H,4,0),\"\")","v":""},{"$f":"IFERROR(VLOOKUP(C311,参数!B:H,3,FALSE),\"\")","v":""},"",1]
[311,{"$nulls":6},{"$f":"IFERROR(VLOOKUP(C312,参数!$B:$H,2,0),\"\")","v":""},{"$f":"IFERROR(VLOOKUP(C312,参数!$B:$H,4,0),\"\")","v":""},{"$f":"IFERROR(VLOOKUP(C312,参数!B:H,3,FALSE),\"\")","v":""},"",1]
[312,{"$nulls":6},{"$f":"IFERROR(VLOOKUP(C313,参数!$B:$H,2,0),\"\")","v":""},{"$f":"IFERROR(VLOOKUP(C313,参数!$B:$H,4,0),\"\")","v":""},{"$f":"IFERROR(VLOOKUP(C313,参数!B:H,3,FALSE),\"\")","v":""},"",1]
[313,{"$nulls":6},{"$f":"IFERROR(VLOOKUP(C314,参数!$B:$H,2,0),\"\")","v":""},{"$f":"IFERROR(VLOOKUP(C314,参数!$B:$H,4,0),\"\")","v":""},{"$f":"IFERROR(VLOOKUP(C314,参数!B:H,3,FALSE),\"\")","v":""},"",1]
[314,{"$nulls":6},{"$f":"IFERROR(VLOOKUP(C315,参数!$B:$H,2,0),\"\")","v":""},{"$f":"IFERROR(VLOOKUP(C315,参数!$B:$H,4,0),\"\")","v":""},{"$f":"IFERROR(VLOOKUP(C315,参数!B:H,3,FALSE),\"\")","v":""},"",1]
[315,{"$nulls":6},{"$f":"IFERROR(VLOOKUP(C316,参数!$B:$H,2,0),\"\")","v":""},{"$f":"IFERROR(VLOOKUP(C316,参数!$B:$H,4,0),\"\")","v":""},{"$f":"IFERROR(VLOOKUP(C316,参数!B:H,3,FALSE),\"\")","v":""},"",1]
[316,{"$nulls":6},{"$f":"IFERROR(VLOOKUP(C317,参数!$B:$H,2,0),\"\")","v":""},{"$f":"IFERROR(VLOOKUP(C317,参数!$B:$H,4,0),\"\")","v":""},{"$f":"IFERROR(VLOOKUP(C317,参数!B:H,3,FALSE),\"\")","v":""},"",1]
[317,{"$nulls":6},{"$f":"IFERROR(VLOOKUP(C318,参数!$B:$H,2,0),\"\")","v":""},{"$f":"IFERROR(VLOOKUP(C318,参数!$B:$H,4,0),\"\")","v":""},{"$f":"IFERROR(VLOOKUP(C318,参数!B:H,3,FALSE),\"\")","v":""},"",1]
[318,{"$nulls":6},{"$f":"IFERROR(VLOOKUP(C319,参数!$B:$H,2,0),\"\")","v":""},{"$f":"IFERROR(VLOOKUP(C319,参数!$B:$H,4,0),\"\")","v":""},{"$f":"IFERROR(VLOOKUP(C319,参数!B:H,3,FALSE),\"\")","v":""},"",1]
[319,{"$nulls":6},{"$f":"IFERROR(VLOOKUP(C320,参数!$B:$H,2,0),\"\")","v":""},{"$f":"IFERROR(VLOOKUP(C320,参数!$B:$H,4,0),\"\")","v":""},{"$f":"IFERROR(VLOOKUP(C320,参数!B:H,3,FALSE),\"\")","v":""},"",1]
[320,{"$nulls":6},{"$f":"IFERROR(VLOOKUP(C321,参数!$B:$H,2,0),\"\")","v":""},{"$f":"IFERROR(VLOOKUP(C321,参数!$B:$H,4,0),\"\")","v":""},{"$f":"IFERROR(VLOOKUP(C321,参数!B:H,3,FALSE),\"\")","v":""},"",1]
[321,{"$nulls":6},{"$f":"IFERROR(VLOOKUP(C322,参数!$B:$H,2,0),\"\")","v":""},{"$f":"IFERROR(VLOOKUP(C322,参数!$B:$H,4,0),\"\")","v":""},{"$f":"IFERROR(VLOOKUP(C322,参数!B:H,3,FALSE),\"\")","v":""},"",{"$f":"VALUE(MONTH(B322))","v":1}]
[322,{"$nulls":6},{"$f":"IFERROR(VLOOKUP(C323,参数!$B:$H,2,0),\"\")","v":""},{"$f":"IFERROR(VLOOKUP(C323,参数!$B:$H,4,0),\"\")","v":""},{"$f":"IFERROR(VLOOKUP(C323,参数!B:H,3,FALSE),\"\")","v":""},"",1]
[323,{"$nulls":6},{"$f":"IFERROR(VLOOKUP(C324,参数!$B:$H,2,0),\"\")","v":""},{"$f":"IFERROR(VLOOKUP(C324,参数!$B:$H,4,0),\"\")","v":""},{"$f":"IFERROR(VLOOKUP(C324,参数!B:H,3,FALSE),\"\")","v":""},"",1]
[324,{"$nulls":6},{"$f":"IFERROR(VLOOKUP(C325,参数!$B:$H,2,0),\"\")","v":""},{"$f":"IFERROR(VLOOKUP(C325,参数!$B:$H,4,0),\"\")","v":""},{"$f":"IFERROR(VLOOKUP(C325,参数!B:H,3,FALSE),\"\")","v":""},"",1]
[325,{"$nulls":6},{"$f":"IFERROR(VLOOKUP(C326,参数!$B:$H,2,0),\"\")","v":""},{"$f":"IFERROR(VLOOKUP(C326,参数!$B:$H,4,0),\"\")","v":""},{"$f":"IFERROR(VLOOKUP(C326,参数!B:H,3,FALSE),\"\")","v":""},"",1]
[326,{"$nulls":6},{"$f":"IFERROR(VLOOKUP(C327,参数!$B:$H,2,0),\"\")","v":""},{"$f":"IFERROR(VLOOKUP(C327,参数!$B:$H,4,0),\"\")","v":""},{"$f":"IFERROR(VLOOKUP(C327,参数!B:H,3,FALSE),\"\")","v":""},"",1]
[327,{"$nulls":6},{"$f":"IFERROR(VLOOKUP(C328,参数!$B:$H,2,0),\"\")","v":""},{"$f":"IFERROR(VLOOKUP(C328,参数!$B:$H,4,0),\"\")","v":""},{"$f":"IFERROR(VLOOKUP(C328,参数!B:H,3,FALSE),\"\")","v":""},"",1]
[328,{"$nulls":6},{"$f":"IFERROR(VLOOKUP(C329,参数!$B:$H,2,0),\"\")","v":""},{"$f":"IFERROR(VLOOKUP(C329,参数!$B:$H,4,0),\"\")","v":""},{"$f":"IFERROR(VLOOKUP(C329,参数!B:H,3,FALSE),\"\")","v":""},"",1]
[329,{"$nulls":6},{"$f":"IFERROR(VLOOKUP(C330,参数!$B:$H,2,0),\"\")","v":""},{"$f":"IFERROR(VLOOKUP(C330,参数!$B:$H,4,0),\"\")","v":""},{"$f":"IFERROR(VLOOKUP(C330,参数!B:H,3,FALSE),\"\")","v":""},"",1]
[330,{"$nulls":6},{"$f":"IFERROR(VLOOKUP(C331,参数!$B:$H,2,0),\"\")","v":""},{"$f":"IFERROR(VLOOKUP(C331,参数!$B:$H,4,0),\"\")","v":""},{"$f":"IFERROR(VLOOKUP(C331,参数!B:H,3,FALSE),\"\")","v":""},"",1]
[331,{"$nulls":6},{"$f":"IFERROR(VLOOKUP(C332,参数!$B:$H,2,0),\"\")","v":""},{"$f":"IFERROR(VLOOKUP(C332,参数!$B:$H,4,0),\"\")","v":""},{"$f":"IFERROR(VLOOKUP(C332,参数!B:H,3,FALSE),\"\")","v":""},"",1]
[332,{"$nulls":6},{"$f":"IFERROR(VLOOKUP(C333,参数!$B:$H,2,0),\"\")","v":""},{"$f":"IFERROR(VLOOKUP(C333,参数!$B:$H,4,0),\"\")","v":""},{"$f":"IFERROR(VLOOKUP(C333,参数!B:H,3,FALSE),\"\")","v":""},"",1]
[333,{"$nulls":6},{"$f":"IFERROR(VLOOKUP(C334,参数!$B:$H,2,0),\"\")","v":""},{"$f":"IFERROR(VLOOKUP(C334,参数!$B:$H,4,0),\"\")","v":""},{"$f":"IFERROR(VLOOKUP(C334,参数!B:H,3,FALSE),\"\")","v":""},"",1]
[334,{"$nulls":6},{"$f":"IFERROR(VLOOKUP(C335,参数!$B:$H,2,0),\"\")","v":""},{"$f":"IFERROR(VLOOKUP(C335,参数!$B:$H,4,0),\"\")","v":""},{"$f":"IFERROR(VLOOKUP(C335,参数!B:H,3,FALSE),\"\")","v":""},"",1]
[335,{"$nulls":6},{"$f":"IFERROR(VLOOKUP(C336,参数!$B:$H,2,0),\"\")","v":""},{"$f":"IFERROR(VLOOKUP(C336,参数!$B:$H,4,0),\"\")","v":""},{"$f":"IFERROR(VLOOKUP(C336,参数!B:H,3,FALSE),\"\")","v":""},"",1]
[336,{"$nulls":6},{"$f":"IFERROR(VLOOKUP(C337,参数!$B:$H,2,0),\"\")","v":""},{"$f":"IFERROR(VLOOKUP(C337,参数!$B:$H,4,0),\"\")","v":""},{"$f":"IFERROR(VLOOKUP(C337,参数!B:H,3,FALSE),\"\")","v":""},"",1]
[337,{"$nulls":6},{"$f":"IFERROR(VLOOKUP(C338,参数!$B:$H,2,0),\"\")","v":""},{"$f":"IFERROR(VLOOKUP(C338,参数!$B:$H,4,0),\"\")","v":""},{"$f":"IFERROR(VLOOKUP(C338,参数!B:H,3,FALSE),\"\")","v":""},"",1]
[338,{"$nulls":6},{"$f":"IFERROR(VLOOKUP(C339,参数!$B:$H,2,0),\"\")","v":""},{"$f":"IFERROR(VLOOKUP(C339,参数!$B:$H,4,0),\"\")","v":""},{"$f":"IFERROR(VLOOKUP(C339,参数!B:H,3,FALSE),\"\")","v":""},"",1]
[339,{"$nulls":6},{"$f":"IFERROR(VLOOKUP(C340,参数!$B:$H,2,0),\"\")","v":""},{"$f":"IFERROR(VLOOKUP(C340,参数!$B:$H,4,0),\"\")","v":""},{"$f":"IFERROR(VLOOKUP(C340,参数!B:H,3,FALSE),\"\")","v":""},"",1]
[340,{"$nulls":6},{"$f":"IFERROR(VLOOKUP(C341,参数!$B:$H,2,0),\"\")","v":""},{"$f":"IFERROR(VLOOKUP(C341,参数!$B:$H,4,0),\"\")","v":""},{"$f":"IFERROR(VLOOKUP(C341,参数!B:H,3,FALSE),\"\")","v":""},"",1]
[341,{"$nulls":6},{"$f":"IFERROR(VLOOKUP(C342,参数!$B:$H,2,0),\"\")","v":""},{"$f":"IFERROR(VLOOKUP(C342,参数!$B:$H,4,0),\"\")","v":""},{"$f":"IFERROR(VLOOKUP(C342,参数!B:H,3,FALSE),\"\")","v":""},"",1]
[342,{"$nulls":6},{"$f":"IFERROR(VLOOKUP(C343,参数!$B:$H,2,0),\"\")","v":""},{"$f":"IFERROR(VLOOKUP(C343,参数!$B:$H,4,0),\"\")","v":""},{"$f":"IFERROR(VLOOKUP(C343,参数!B:H,3,FALSE),\"\")","v":""},"",1]
[343,{"$nulls":6},{"$f":"IFERROR(VLOOKUP(C344,参数!$B:$H,2,0),\"\")","v":""},{"$f":"IFERROR(VLOOKUP(C344,参数!$B:$H,4,0),\"\")","v":""},{"$f":"IFERROR(VLOOKUP(C344,参数!B:H,3,FALSE),\"\")","v":""},"",1]
[344,{"$nulls":6},{"$f":"IFERROR(VLOOKUP(C345,参数!$B:$H,2,0),\"\")","v":""},{"$f":"IFERROR(VLOOKUP(C345,参数!$B:$H,4,0),\"\")","v":""},{"$f":"IFERROR(VLOOKUP(C345,参数!B:H,3,FALSE),\"\")","v":""},"",1]
[345,{"$nulls":6},{"$f":"IFERROR(VLOOKUP(C346,参数!$B:$H,2,0),\"\")","v":""},{"$f":"IFERROR(VLOOKUP(C346,参数!$B:$H,4,0),\"\")","v":""},{"$f":"IFERROR(VLOOKUP(C346,参数!B:H,3,FALSE),\"\")","v":""},"",1]
[346,{"$nulls":6},{"$f":"IFERROR(VLOOKUP(C347,参数!$B:$H,2,0),\"\")","v":""},{"$f":"IFERROR(VLOOKUP(C347,参数!$B:$H,4,0),\"\")","v":""},{"$f":"IFERROR(VLOOKUP(C347,参数!B:H,3,FALSE),\"\")","v":""},"",1]
[347,{"$nulls":6},{"$f":"IFERROR(VLOOKUP(C348,参数!$B:$H,2,0),\"\")","v":""},{"$f":"IFERROR(VLOOKUP(C348,参数!$B:$H,4,0),\"\")","v":""},{"$f":"IFERROR(VLOOKUP(C348,参数!B:H,3,FALSE),\"\")","v":""},"",1]
[348,{"$nulls":6},{"$f":"IFERROR(VLOOKUP(C349,参数!$B:$H,2,0),\"\")","v":""},{"$f":"IFERROR(VLOOKUP(C349,参数!$B:$H,4,0),\"\")","v":""},{"$f":"IFERROR(VLOOKUP(C349,参数!B:H,3,FALSE),\"\")","v":""},"",1]
[349,{"$nulls":6},{"$f":"IFERROR(VLOOKUP(C350,参数!$B:$H,2,0),\"\")","v":""},{"$f":"IFERROR(VLOOKUP(C350,参数!$B:$H,4,0),\"\")","v":""},{"$f":"IFERROR(VLOOKUP(C350,参数!B:H,3,FALSE),\"\")","v":""},"",1]
[350,{"$nulls":6},{"$f":"IFERROR(VLOOKUP(C351,参数!$B:$H,2,0),\"\")","v":""},{"$f":"IFERROR(VLOOKUP(C351,参数!$B:$H,4,0),\"\")","v":""},{"$f":"IFERROR(VLOOKUP(C351,参数!B:H,3,FALSE),\"\")","v":""},"",1]
[351,{"$nulls":6},{"$f":"IFERROR(VLOOKUP(C352,参数!$B:$H,2,0),\"\")","v":""},{"$f":"IFERROR(VLOOKUP(C352,参数!$B:$H,4,0),\"\")","v":""},{"$f":"IFERROR(VLOOKUP(C352,参数!B:H,3,FALSE),\"\")","v":""},"",1]
[352,{"$nulls":6},{"$f":"IFERROR(VLOOKUP(C353,参数!$B:$H,2,0),\"\")","v":""},{"$f":"IFERROR(VLOOKUP(C353,参数!$B:$H,4,0),\"\")","v":""},{"$f":"IFERROR(VLOOKUP(C353,参数!B:H,3,FALSE),\"\")","v":""},"",1]
[353,{"$nulls":6},{"$f":"IFERROR(VLOOKUP(C354,参数!$B:$H,2,0),\"\")","v":""},{"$f":"IFERROR(VLOOKUP(C354,参数!$B:$H,4,0),\"\")","v":""},{"$f":"IFERROR(VLOOKUP(C354,参数!B:H,3,FALSE),\"\")","v":""},"",1]
[354,{"$nulls":6},{"$f":"IFERROR(VLOOKUP(C355,参数!$B:$H,2,0),\"\")","v":""},{"$f":"IFERROR(VLOOKUP(C355,参数!$B:$H,4,0),\"\")","v":""},{"$f":"IFERROR(VLOOKUP(C355,参数!B:H,3,FALSE),\"\")","v":""},"",1]
[355,{"$nulls":6},{"$f":"IFERROR(VLOOKUP(C356,参数!$B:$H,2,0),\"\")","v":""},{"$f":"IFERROR(VLOOKUP(C356,参数!$B:$H,4,0),\"\")","v":""},{"$f":"IFERROR(VLOOKUP(C356,参数!B:H,3,FALSE),\"\")","v":""},"",1]
[356,{"$nulls":6},{"$f":"IFERROR(VLOOKUP(C357,参数!$B:$H,2,0),\"\")","v":""},{"$f":"IFERROR(VLOOKUP(C357,参数!$B:$H,4,0),\"\")","v":""},{"$f":"IFERROR(VLOOKUP(C357,参数!B:H,3,FALSE),\"\")","v":""},{"$f":"IFERROR(J357*E357,\"\")","v":""},1]
[357,{"$nulls":6},{"$f":"IFERROR(VLOOKUP(C358,参数!$B:$H,2,0),\"\")","v":""},{"$f":"IFERROR(VLOOKUP(C358,参数!$B:$H,4,0),\"\")","v":""},{"$f":"IFERROR(VLOOKUP(C358,参数!B:H,3,FALSE),\"\")","v":""},"",1]
[358,{"$nulls":6},{"$f":"IFERROR(VLOOKUP(C359,参数!$B:$H,2,0),\"\")","v":""},{"$f":"IFERROR(VLOOKUP(C359,参数!$B:$H,4,0),\"\")","v":""},{"$f":"IFERROR(VLOOKUP(C359,参数!B:H,3,FALSE),\"\")","v":""},"",1]
[359,{"$nulls":6},{"$f":"IFERROR(VLOOKUP(C360,参数!$B:$H,2,0),\"\")","v":""},{"$f":"IFERROR(VLOOKUP(C360,参数!$B:$H,4,0),\"\")","v":""},{"$f":"IFERROR(VLOOKUP(C360,参数!B:H,3,FALSE),\"\")","v":""},"",1]
[360,{"$nulls":6},{"$f":"IFERROR(VLOOKUP(C361,参数!$B:$H,2,0),\"\")","v":""},{"$f":"IFERROR(VLOOKUP(C361,参数!$B:$H,4,0),\"\")","v":""},{"$f":"IFERROR(VLOOKUP(C361,参数!B:H,3,FALSE),\"\")","v":""},"",1]
[361,{"$nulls":6},{"$f":"IFERROR(VLOOKUP(C362,参数!$B:$H,2,0),\"\")","v":""},{"$f":"IFERROR(VLOOKUP(C362,参数!$B:$H,4,0),\"\")","v":""},{"$f":"IFERROR(VLOOKUP(C362,参数!B:H,3,FALSE),\"\")","v":""},"",1]
[362,{"$nulls":6},{"$f":"IFERROR(VLOOKUP(C363,参数!$B:$H,2,0),\"\")","v":""},{"$f":"IFERROR(VLOOKUP(C363,参数!$B:$H,4,0),\"\")","v":""},{"$f":"IFERROR(VLOOKUP(C363,参数!B:H,3,FALSE),\"\")","v":""},"",1]
[363,{"$nulls":6},{"$f":"IFERROR(VLOOKUP(C364,参数!$B:$H,2,0),\"\")","v":""},{"$f":"IFERROR(VLOOKUP(C364,参数!$B:$H,4,0),\"\")","v":""},{"$f":"IFERROR(VLOOKUP(C364,参数!B:H,3,FALSE),\"\")","v":""},"",1]
[364,{"$nulls":6},{"$f":"IFERROR(VLOOKUP(C365,参数!$B:$H,2,0),\"\")","v":""},{"$f":"IFERROR(VLOOKUP(C365,参数!$B:$H,4,0),\"\")","v":""},{"$f":"IFERROR(VLOOKUP(C365,参数!B:H,3,FALSE),\"\")","v":""},"",1]
[365,{"$nulls":6},{"$f":"IFERROR(VLOOKUP(C366,参数!$B:$H,2,0),\"\")","v":""},{"$f":"IFERROR(VLOOKUP(C366,参数!$B:$H,4,0),\"\")","v":""},{"$f":"IFERROR(VLOOKUP(C366,参数!B:H,3,FALSE),\"\")","v":""},"",1]
[366,{"$nulls":6},{"$f":"IFERROR(VLOOKUP(C367,参数!$B:$H,2,0),\"\")","v":""},{"$f":"IFERROR(VLOOKUP(C367,参数!$B:$H,4,0),\"\")","v":""},{"$f":"IFERROR(VLOOKUP(C367,参数!B:H,3,FALSE),\"\")","v":""},"",1]
[367,{"$nulls":6},{"$f":"IFERROR(VLOOKUP(C368,参数!$B:$H,2,0),\"\")","v":""},{"$f":"IFERROR(VLOOKUP(C368,参数!$B:$H,4,0),\"\")","v":""},{"$f":"IFERROR(VLOOKUP(C368,参数!B:H,3,FALSE),\"\")","v":""},"",1]
[368,{"$nulls":6},{"$f":"IFERROR(VLOOKUP(C369,参数!$B:$H,2,0),\"\")","v":""},{"$f":"IFERROR(VLOOKUP(C369,参数!$B:$H,4,0),\"\")","v":""},{"$f":"IFERROR(VLOOKUP(C369,参数!B:H,3,FALSE),\"\")","v":""},"",1]
[369,{"$nulls":6},{"$f":"IFERROR(VLOOKUP(C370,参数!$B:$H,2,0),\"\")","v":""},{"$f":"IFERROR(VLOOKUP(C370,参数!$B:$H,4,0),\"\")","v":""},{"$f":"IFERROR(VLOOKUP(C370,参数!B:H,3,FALSE),\"\")","v":""},"",1]
[370,{"$nulls":6},{"$f":"IFERROR(VLOOKUP(C371,参数!$B:$H,2,0),\"\")","v":""},{"$f":"IFERROR(VLOOKUP(C371,参数!$B:$H,4,0),\"\")","v":""},{"$f":"IFERROR(VLOOKUP(C371,参数!B:H,3,FALSE),\"\")","v":""},"",1]
[371,{"$nulls":6},{"$f":"IFERROR(VLOOKUP(C372,参数!$B:$H,2,0),\"\")","v":""},{"$f":"IFERROR(VLOOKUP(C372,参数!$B:$H,4,0),\"\")","v":""},{"$f":"IFERROR(VLOOKUP(C372,参数!B:H,3,FALSE),\"\")","v":""},"",1]
[372,{"$nulls":6},{"$f":"IFERROR(VLOOKUP(C373,参数!$B:$H,2,0),\"\")","v":""},{"$f":"IFERROR(VLOOKUP(C373,参数!$B:$H,4,0),\"\")","v":""},{"$f":"IFERROR(VLOOKUP(C373,参数!B:H,3,FALSE),\"\")","v":""},"",1]
[373,{"$nulls":6},{"$f":"IFERROR(VLOOKUP(C374,参数!$B:$H,2,0),\"\")","v":""},{"$f":"IFERROR(VLOOKUP(C374,参数!$B:$H,4,0),\"\")","v":""},{"$f":"IFERROR(VLOOKUP(C374,参数!B:H,3,FALSE),\"\")","v":""},"",1]
[374,{"$nulls":6},{"$f":"IFERROR(VLOOKUP(C375,参数!$B:$H,2,0),\"\")","v":""},{"$f":"IFERROR(VLOOKUP(C375,参数!$B:$H,4,0),\"\")","v":""},{"$f":"IFERROR(VLOOKUP(C375,参数!B:H,3,FALSE),\"\")","v":""},"",1]
[375,{"$nulls":6},{"$f":"IFERROR(VLOOKUP(C376,参数!$B:$H,2,0),\"\")","v":""},{"$f":"IFERROR(VLOOKUP(C376,参数!$B:$H,4,0),\"\")","v":""},{"$f":"IFERROR(VLOOKUP(C376,参数!B:H,3,FALSE),\"\")","v":""},"",1]
[376,{"$nulls":6},{"$f":"IFERROR(VLOOKUP(C377,参数!$B:$H,2,0),\"\")","v":""},{"$f":"IFERROR(VLOOKUP(C377,参数!$B:$H,4,0),\"\")","v":""},{"$f":"IFERROR(VLOOKUP(C377,参数!B:H,3,FALSE),\"\")","v":""},"",1]
[377,{"$nulls":6},{"$f":"IFERROR(VLOOKUP(C378,参数!$B:$H,2,0),\"\")","v":""},{"$f":"IFERROR(VLOOKUP(C378,参数!$B:$H,4,0),\"\")","v":""},{"$f":"IFERROR(VLOOKUP(C378,参数!B:H,3,FALSE),\"\")","v":""},"",1]
[378,{"$nulls":6},{"$f":"IFERROR(VLOOKUP(C379,参数!$B:$H,2,0),\"\")","v":""},{"$f":"IFERROR(VLOOKUP(C379,参数!$B:$H,4,0),\"\")","v":""},{"$f":"IFERROR(VLOOKUP(C379,参数!B:H,3,FALSE),\"\")","v":""},"",1]
[379,{"$nulls":6},{"$f":"IFERROR(VLOOKUP(C380,参数!$B:$H,2,0),\"\")","v":""},{"$f":"IFERROR(VLOOKUP(C380,参数!$B:$H,4,0),\"\")","v":""},{"$f":"IFERROR(VLOOKUP(C380,参数!B:H,3,FALSE),\"\")","v":""},"",1]
[380,{"$nulls":6},{"$f":"IFERROR(VLOOKUP(C381,参数!$B:$H,2,0),\"\")","v":""},{"$f":"IFERROR(VLOOKUP(C381,参数!$B:$H,4,0),\"\")","v":""},{"$f":"IFERROR(VLOOKUP(C381,参数!B:H,3,FALSE),\"\")","v":""},"",1]
[381,{"$nulls":6},{"$f":"IFERROR(VLOOKUP(C382,参数!$B:$H,2,0),\"\")","v":""},{"$f":"IFERROR(VLOOKUP(C382,参数!$B:$H,4,0),\"\")","v":""},{"$f":"IFERROR(VLOOKUP(C382,参数!B:H,3,FALSE),\"\")","v":""},"",1]
[382,{"$nulls":6},{"$f":"IFERROR(VLOOKUP(C383,参数!$B:$H,2,0),\"\")","v":""},{"$f":"IFERROR(VLOOKUP(C383,参数!$B:$H,4,0),\"\")","v":""},{"$f":"IFERROR(VLOOKUP(C383,参数!B:H,3,FALSE),\"\")","v":""},"",1]
[383,{"$nulls":6},{"$f":"IFERROR(VLOOKUP(C384,参数!$B:$H,2,0),\"\")","v":""},{"$f":"IFERROR(VLOOKUP(C384,参数!$B:$H,4,0),\"\")","v":""},{"$f":"IFERROR(VLOOKUP(C384,参数!B:H,3,FALSE),\"\")","v":""},"",1]
[384,{"$nulls":6},{"$f":"IFERROR(VLOOKUP(C385,参数!$B:$H,2,0),\"\")","v":""},{"$f":"IFERROR(VLOOKUP(C385,参数!$B:$H,4,0),\"\")","v":""},{"$f":"IFERROR(VLOOKUP(C385,参数!B:H,3,FALSE),\"\")","v":""},"",1]
[385,{"$nulls":6},{"$f":"IFERROR(VLOOKUP(C386,参数!$B:$H,2,0),\"\")","v":""},{"$f":"IFERROR(VLOOKUP(C386,参数!$B:$H,4,0),\"\")","v":""},{"$f":"IFERROR(VLOOKUP(C386,参数!B:H,3,FALSE),\"\")","v":""},"",{"$f":"VALUE(MONTH(B386))","v":1}]
[386,{"$nulls":6},{"$f":"IFERROR(VLOOKUP(C387,参数!$B:$H,2,0),\"\")","v":""},{"$f":"IFERROR(VLOOKUP(C387,参数!$B:$H,4,0),\"\")","v":""},{"$f":"IFERROR(VLOOKUP(C387,参数!B:H,3,FALSE),\"\")","v":""},"",1]
[387,{"$nulls":6},{"$f":"IFERROR(VLOOKUP(C388,参数!$B:$H,2,0),\"\")","v":""},{"$f":"IFERROR(VLOOKUP(C388,参数!$B:$H,4,0),\"\")","v":""},{"$f":"IFERROR(VLOOKUP(C388,参数!B:H,3,FALSE),\"\")","v":""},"",1]
[388,{"$nulls":6},{"$f":"IFERROR(VLOOKUP(C389,参数!$B:$H,2,0),\"\")","v":""},{"$f":"IFERROR(VLOOKUP(C389,参数!$B:$H,4,0),\"\")","v":""},{"$f":"IFERROR(VLOOKUP(C389,参数!B:H,3,FALSE),\"\")","v":""},"",1]
[389,{"$nulls":6},{"$f":"IFERROR(VLOOKUP(C390,参数!$B:$H,2,0),\"\")","v":""},{"$f":"IFERROR(VLOOKUP(C390,参数!$B:$H,4,0),\"\")","v":""},{"$f":"IFERROR(VLOOKUP(C390,参数!B:H,3,FALSE),\"\")","v":""},"",1]
[390,{"$nulls":6},{"$f":"IFERROR(VLOOKUP(C391,参数!$B:$H,2,0),\"\")","v":""},{"$f":"IFERROR(VLOOKUP(C391,参数!$B:$H,4,0),\"\")","v":""},{"$f":"IFERROR(VLOOKUP(C391,参数!B:H,3,FALSE),\"\")","v":""},"",1]
[391,{"$nulls":6},{"$f":"IFERROR(VLOOKUP(C392,参数!$B:$H,2,0),\"\")","v":""},{"$f":"IFERROR(VLOOKUP(C392,参数!$B:$H,4,0),\"\")","v":""},{"$f":"IFERROR(VLOOKUP(C392,参数!B:H,3,FALSE),\"\")","v":""},"",1]
[392,{"$nulls":6},{"$f":"IFERROR(VLOOKUP(C393,参数!$B:$H,2,0),\"\")","v":""},{"$f":"IFERROR(VLOOKUP(C393,参数!$B:$H,4,0),\"\")","v":""},{"$f":"IFERROR(VLOOKUP(C393,参数!B:H,3,FALSE),\"\")","v":""},"",1]
[393,{"$nulls":6},{"$f":"IFERROR(VLOOKUP(C394,参数!$B:$H,2,0),\"\")","v":""},{"$f":"IFERROR(VLOOKUP(C394,参数!$B:$H,4,0),\"\")","v":""},{"$f":"IFERROR(VLOOKUP(C394,参数!B:H,3,FALSE),\"\")","v":""},"",1]
[394,{"$nulls":6},{"$f":"IFERROR(VLOOKUP(C395,参数!$B:$H,2,0),\"\")","v":""},{"$f":"IFERROR(VLOOKUP(C395,参数!$B:$H,4,0),\"\")","v":""},{"$f":"IFERROR(VLOOKUP(C395,参数!B:H,3,FALSE),\"\")","v":""},"",1]
[395,{"$nulls":6},{"$f":"IFERROR(VLOOKUP(C396,参数!$B:$H,2,0),\"\")","v":""},{"$f":"IFERROR(VLOOKUP(C396,参数!$B:$H,4,0),\"\")","v":""},{"$f":"IFERROR(VLOOKUP(C396,参数!B:H,3,FALSE),\"\")","v":""},"",1]
[396,{"$nulls":6},{"$f":"IFERROR(VLOOKUP(C397,参数!$B:$H,2,0),\"\")","v":""},{"$f":"IFERROR(VLOOKUP(C397,参数!$B:$H,4,0),\"\")","v":""},{"$f":"IFERROR(VLOOKUP(C397,参数!B:H,3,FALSE),\"\")","v":""},"",1]
[397,{"$nulls":6},{"$f":"IFERROR(VLOOKUP(C398,参数!$B:$H,2,0),\"\")","v":""},{"$f":"IFERROR(VLOOKUP(C398,参数!$B:$H,4,0),\"\")","v":""},{"$f":"IFERROR(VLOOKUP(C398,参数!B:H,3,FALSE),\"\")","v":""},"",1]
[398,{"$nulls":6},{"$f":"IFERROR(VLOOKUP(C399,参数!$B:$H,2,0),\"\")","v":""},{"$f":"IFERROR(VLOOKUP(C399,参数!$B:$H,4,0),\"\")","v":""},{"$f":"IFERROR(VLOOKUP(C399,参数!B:H,3,FALSE),\"\")","v":""},"",1]
[399,{"$nulls":6},{"$f":"IFERROR(VLOOKUP(C400,参数!$B:$H,2,0),\"\")","v":""},{"$f":"IFERROR(VLOOKUP(C400,参数!$B:$H,4,0),\"\")","v":""},{"$f":"IFERROR(VLOOKUP(C400,参数!B:H,3,FALSE),\"\")","v":""},"",1]
[400,{"$nulls":6},{"$f":"IFERROR(VLOOKUP(C401,参数!$B:$H,2,0),\"\")","v":""},{"$f":"IFERROR(VLOOKUP(C401,参数!$B:$H,4,0),\"\")","v":""},{"$f":"IFERROR(VLOOKUP(C401,参数!B:H,3,FALSE),\"\")","v":""},"",1]
[401,{"$nulls":6},{"$f":"IFERROR(VLOOKUP(C402,参数!$B:$H,2,0),\"\")","v":""},{"$f":"IFERROR(VLOOKUP(C402,参数!$B:$H,4,0),\"\")","v":""},{"$f":"IFERROR(VLOOKUP(C402,参数!B:H,3,FALSE),\"\")","v":""},"",1]
[402,{"$nulls":6},{"$f":"IFERROR(VLOOKUP(C403,参数!$B:$H,2,0),\"\")","v":""},{"$f":"IFERROR(VLOOKUP(C403,参数!$B:$H,4,0),\"\")","v":""},{"$f":"IFERROR(VLOOKUP(C403,参数!B:H,3,FALSE),\"\")","v":""},"",1]
[403,{"$nulls":6},{"$f":"IFERROR(VLOOKUP(C404,参数!$B:$H,2,0),\"\")","v":""},{"$f":"IFERROR(VLOOKUP(C404,参数!$B:$H,4,0),\"\")","v":""},{"$f":"IFERROR(VLOOKUP(C404,参数!B:H,3,FALSE),\"\")","v":""},"",1]
[404,{"$nulls":6},{"$f":"IFERROR(VLOOKUP(C405,参数!$B:$H,2,0),\"\")","v":""},{"$f":"IFERROR(VLOOKUP(C405,参数!$B:$H,4,0),\"\")","v":""},{"$f":"IFERROR(VLOOKUP(C405,参数!B:H,3,FALSE),\"\")","v":""},"",1]
[405,{"$nulls":6},{"$f":"IFERROR(VLOOKUP(C406,参数!$B:$H,2,0),\"\")","v":""},{"$f":"IFERROR(VLOOKUP(C406,参数!$B:$H,4,0),\"\")","v":""},{"$f":"IFERROR(VLOOKUP(C406,参数!B:H,3,FALSE),\"\")","v":""},"",1]
[406,{"$nulls":6},{"$f":"IFERROR(VLOOKUP(C407,参数!$B:$H,2,0),\"\")","v":""},{"$f":"IFERROR(VLOOKUP(C407,参数!$B:$H,4,0),\"\")","v":""},{"$f":"IFERROR(VLOOKUP(C407,参数!B:H,3,FALSE),\"\")","v":""},"",1]
[407,{"$nulls":6},{"$f":"IFERROR(VLOOKUP(C408,参数!$B:$H,2,0),\"\")","v":""},{"$f":"IFERROR(VLOOKUP(C408,参数!$B:$H,4,0),\"\")","v":""},{"$f":"IFERROR(VLOOKUP(C408,参数!B:H,3,FALSE),\"\")","v":""},"",1]
[408,{"$nulls":6},{"$f":"IFERROR(VLOOKUP(C409,参数!$B:$H,2,0),\"\")","v":""},{"$f":"IFERROR(VLOOKUP(C409,参数!$B:$H,4,0),\"\")","v":""},{"$f":"IFERROR(VLOOKUP(C409,参数!B:H,3,FALSE),\"\")","v":""},"",1]
[409,{"$nulls":6},{"$f":"IFERROR(VLOOKUP(C410,参数!$B:$H,2,0),\"\")","v":""},{"$f":"IFERROR(VLOOKUP(C410,参数!$B:$H,4,0),\"\")","v":""},{"$f":"IFERROR(VLOOKUP(C410,参数!B:H,3,FALSE),\"\")","v":""},"",1]
[410,{"$nulls":6},{"$f":"IFERROR(VLOOKUP(C411,参数!$B:$H,2,0),\"\")","v":""},{"$f":"IFERROR(VLOOKUP(C411,参数!$B:$H,4,0),\"\")","v":""},{"$f":"IFERROR(VLOOKUP(C411,参数!B:H,3,FALSE),\"\")","v":""},"",1]
[411,{"$nulls":6},{"$f":"IFERROR(VLOOKUP(C412,参数!$B:$H,2,0),\"\")","v":""},{"$f":"IFERROR(VLOOKUP(C412,参数!$B:$H,4,0),\"\")","v":""},{"$f":"IFERROR(VLOOKUP(C412,参数!B:H,3,FALSE),\"\")","v":""},"",1]
[412,{"$nulls":6},{"$f":"IFERROR(VLOOKUP(C413,参数!$B:$H,2,0),\"\")","v":""},{"$f":"IFERROR(VLOOKUP(C413,参数!$B:$H,4,0),\"\")","v":""},{"$f":"IFERROR(VLOOKUP(C413,参数!B:H,3,FALSE),\"\")","v":""},"",1]
[413,{"$nulls":6},{"$f":"IFERROR(VLOOKUP(C414,参数!$B:$H,2,0),\"\")","v":""},{"$f":"IFERROR(VLOOKUP(C414,参数!$B:$H,4,0),\"\")","v":""},{"$f":"IFERROR(VLOOKUP(C414,参数!B:H,3,FALSE),\"\")","v":""},"",1]
[414,{"$nulls":6},{"$f":"IFERROR(VLOOKUP(C415,参数!$B:$H,2,0),\"\")","v":""},{"$f":"IFERROR(VLOOKUP(C415,参数!$B:$H,4,0),\"\")","v":""},{"$f":"IFERROR(VLOOKUP(C415,参数!B:H,3,FALSE),\"\")","v":""},"",1]
[415,{"$nulls":6},{"$f":"IFERROR(VLOOKUP(C416,参数!$B:$H,2,0),\"\")","v":""},{"$f":"IFERROR(VLOOKUP(C416,参数!$B:$H,4,0),\"\")","v":""},{"$f":"IFERROR(VLOOKUP(C416,参数!B:H,3,FALSE),\"\")","v":""},"",1]
[416,{"$nulls":6},{"$f":"IFERROR(VLOOKUP(C417,参数!$B:$H,2,0),\"\")","v":""},{"$f":"IFERROR(VLOOKUP(C417,参数!$B:$H,4,0),\"\")","v":""},{"$f":"IFERROR(VLOOKUP(C417,参数!B:H,3,FALSE),\"\")","v":""},"",1]
[417,{"$nulls":6},{"$f":"IFERROR(VLOOKUP(C418,参数!$B:$H,2,0),\"\")","v":""},{"$f":"IFERROR(VLOOKUP(C418,参数!$B:$H,4,0),\"\")","v":""},{"$f":"IFERROR(VLOOKUP(C418,参数!B:H,3,FALSE),\"\")","v":""},"",1]
[418,{"$nulls":6},{"$f":"IFERROR(VLOOKUP(C419,参数!$B:$H,2,0),\"\")","v":""},{"$f":"IFERROR(VLOOKUP(C419,参数!$B:$H,4,0),\"\")","v":""},{"$f":"IFERROR(VLOOKUP(C419,参数!B:H,3,FALSE),\"\")","v":""},"",1]
[419,{"$nulls":6},{"$f":"IFERROR(VLOOKUP(C420,参数!$B:$H,2,0),\"\")","v":""},{"$f":"IFERROR(VLOOKUP(C420,参数!$B:$H,4,0),\"\")","v":""},{"$f":"IFERROR(VLOOKUP(C420,参数!B:H,3,FALSE),\"\")","v":""},"",1]
[420,{"$nulls":6},{"$f":"IFERROR(VLOOKUP(C421,参数!$B:$H,2,0),\"\")","v":""},{"$f":"IFERROR(VLOOKUP(C421,参数!$B:$H,4,0),\"\")","v":""},{"$f":"IFERROR(VLOOKUP(C421,参数!B:H,3,FALSE),\"\")","v":""},{"$f":"IFERROR(J421*E421,\"\")","v":""},1]
[421,{"$nulls":6},{"$f":"IFERROR(VLOOKUP(C422,参数!$B:$H,2,0),\"\")","v":""},{"$f":"IFERROR(VLOOKUP(C422,参数!$B:$H,4,0),\"\")","v":""},{"$f":"IFERROR(VLOOKUP(C422,参数!B:H,3,FALSE),\"\")","v":""},"",1]
[422,{"$nulls":6},{"$f":"IFERROR(VLOOKUP(C423,参数!$B:$H,2,0),\"\")","v":""},{"$f":"IFERROR(VLOOKUP(C423,参数!$B:$H,4,0),\"\")","v":""},{"$f":"IFERROR(VLOOKUP(C423,参数!B:H,3,FALSE),\"\")","v":""},"",1]
[423,{"$nulls":6},{"$f":"IFERROR(VLOOKUP(C424,参数!$B:$H,2,0),\"\")","v":""},{"$f":"IFERROR(VLOOKUP(C424,参数!$B:$H,4,0),\"\")","v":""},{"$f":"IFERROR(VLOOKUP(C424,参数!B:H,3,FALSE),\"\")","v":""},"",1]
[424,{"$nulls":6},{"$f":"IFERROR(VLOOKUP(C425,参数!$B:$H,2,0),\"\")","v":""},{"$f":"IFERROR(VLOOKUP(C425,参数!$B:$H,4,0),\"\")","v":""},{"$f":"IFERROR(VLOOKUP(C425,参数!B:H,3,FALSE),\"\")","v":""},"",1]
[425,{"$nulls":6},{"$f":"IFERROR(VLOOKUP(C426,参数!$B:$H,2,0),\"\")","v":""},{"$f":"IFERROR(VLOOKUP(C426,参数!$B:$H,4,0),\"\")","v":""},{"$f":"IFERROR(VLOOKUP(C426,参数!B:H,3,FALSE),\"\")","v":""},"",1]
[426,{"$nulls":6},{"$f":"IFERROR(VLOOKUP(C427,参数!$B:$H,2,0),\"\")","v":""},{"$f":"IFERROR(VLOOKUP(C427,参数!$B:$H,4,0),\"\")","v":""},{"$f":"IFERROR(VLOOKUP(C427,参数!B:H,3,FALSE),\"\")","v":""},"",1]
[427,{"$nulls":6},{"$f":"IFERROR(VLOOKUP(C428,参数!$B:$H,2,0),\"\")","v":""},{"$f":"IFERROR(VLOOKUP(C428,参数!$B:$H,4,0),\"\")","v":""},{"$f":"IFERROR(VLOOKUP(C428,参数!B:H,3,FALSE),\"\")","v":""},"",1]
[428,{"$nulls":6},{"$f":"IFERROR(VLOOKUP(C429,参数!$B:$H,2,0),\"\")","v":""},{"$f":"IFERROR(VLOOKUP(C429,参数!$B:$H,4,0),\"\")","v":""},{"$f":"IFERROR(VLOOKUP(C429,参数!B:H,3,FALSE),\"\")","v":""},"",1]
[429,{"$nulls":6},{"$f":"IFERROR(VLOOKUP(C430,参数!$B:$H,2,0),\"\")","v":""},{"$f":"IFERROR(VLOOKUP(C430,参数!$B:$H,4,0),\"\")","v":""},{"$f":"IFERROR(VLOOKUP(C430,参数!B:H,3,FALSE),\"\")","v":""},"",1]
[430,{"$nulls":6},{"$f":"IFERROR(VLOOKUP(C431,参数!$B:$H,2,0),\"\")","v":""},{"$f":"IFERROR(VLOOKUP(C431,参数!$B:$H,4,0),\"\")","v":""},{"$f":"IFERROR(VLOOKUP(C431,参数!B:H,3,FALSE),\"\")","v":""},"",1]
[431,{"$nulls":6},{"$f":"IFERROR(VLOOKUP(C432,参数!$B:$H,2,0),\"\")","v":""},{"$f":"IFERROR(VLOOKUP(C432,参数!$B:$H,4,0),\"\")","v":""},{"$f":"IFERROR(VLOOKUP(C432,参数!B:H,3,FALSE),\"\")","v":""},"",1]
[432,{"$nulls":6},{"$f":"IFERROR(VLOOKUP(C433,参数!$B:$H,2,0),\"\")","v":""},{"$f":"IFERROR(VLOOKUP(C433,参数!$B:$H,4,0),\"\")","v":""},{"$f":"IFERROR(VLOOKUP(C433,参数!B:H,3,FALSE),\"\")","v":""},"",1]
[433,{"$nulls":6},{"$f":"IFERROR(VLOOKUP(C434,参数!$B:$H,2,0),\"\")","v":""},{"$f":"IFERROR(VLOOKUP(C434,参数!$B:$H,4,0),\"\")","v":""},{"$f":"IFERROR(VLOOKUP(C434,参数!B:H,3,FALSE),\"\")","v":""},"",1]
[434,{"$nulls":6},{"$f":"IFERROR(VLOOKUP(C435,参数!$B:$H,2,0),\"\")","v":""},{"$f":"IFERROR(VLOOKUP(C435,参数!$B:$H,4,0),\"\")","v":""},{"$f":"IFERROR(VLOOKUP(C435,参数!B:H,3,FALSE),\"\")","v":""},"",1]
[435,{"$nulls":6},{"$f":"IFERROR(VLOOKUP(C436,参数!$B:$H,2,0),\"\")","v":""},{"$f":"IFERROR(VLOOKUP(C436,参数!$B:$H,4,0),\"\")","v":""},{"$f":"IFERROR(VLOOKUP(C436,参数!B:H,3,FALSE),\"\")","v":""},"",1]
[436,{"$nulls":6},{"$f":"IFERROR(VLOOKUP(C437,参数!$B:$H,2,0),\"\")","v":""},{"$f":"IFERROR(VLOOKUP(C437,参数!$B:$H,4,0),\"\")","v":""},{"$f":"IFERROR(VLOOKUP(C437,参数!B:H,3,FALSE),\"\")","v":""},"",1]
[437,{"$nulls":6},{"$f":"IFERROR(VLOOKUP(C438,参数!$B:$H,2,0),\"\")","v":""},{"$f":"IFERROR(VLOOKUP(C438,参数!$B:$H,4,0),\"\")","v":""},{"$f":"IFERROR(VLOOKUP(C438,参数!B:H,3,FALSE),\"\")","v":""},"",1]
[438,{"$nulls":6},{"$f":"IFERROR(VLOOKUP(C439,参数!$B:$H,2,0),\"\")","v":""},{"$f":"IFERROR(VLOOKUP(C439,参数!$B:$H,4,0),\"\")","v":""},{"$f":"IFERROR(VLOOKUP(C439,参数!B:H,3,FALSE),\"\")","v":""},"",1]
[439,{"$nulls":6},{"$f":"IFERROR(VLOOKUP(C440,参数!$B:$H,2,0),\"\")","v":""},{"$f":"IFERROR(VLOOKUP(C440,参数!$B:$H,4,0),\"\")","v":""},{"$f":"IFERROR(VLOOKUP(C440,参数!B:H,3,FALSE),\"\")","v":""},"",1]
[440,{"$nulls":6},{"$f":"IFERROR(VLOOKUP(C441,参数!$B:$H,2,0),\"\")","v":""},{"$f":"IFERROR(VLOOKUP(C441,参数!$B:$H,4,0),\"\")","v":""},{"$f":"IFERROR(VLOOKUP(C441,参数!B:H,3,FALSE),\"\")","v":""},"",1]
[441,{"$nulls":6},{"$f":"IFERROR(VLOOKUP(C442,参数!$B:$H,2,0),\"\")","v":""},{"$f":"IFERROR(VLOOKUP(C442,参数!$B:$H,4,0),\"\")","v":""},{"$f":"IFERROR(VLOOKUP(C442,参数!B:H,3,FALSE),\"\")","v":""},"",1]
[442,{"$nulls":6},{"$f":"IFERROR(VLOOKUP(C443,参数!$B:$H,2,0),\"\")","v":""},{"$f":"IFERROR(VLOOKUP(C443,参数!$B:$H,4,0),\"\")","v":""},{"$f":"IFERROR(VLOOKUP(C443,参数!B:H,3,FALSE),\"\")","v":""},"",1]
[443,{"$nulls":6},{"$f":"IFERROR(VLOOKUP(C444,参数!$B:$H,2,0),\"\")","v":""},{"$f":"IFERROR(VLOOKUP(C444,参数!$B:$H,4,0),\"\")","v":""},{"$f":"IFERROR(VLOOKUP(C444,参数!B:H,3,FALSE),\"\")","v":""},"",1]
[444,{"$nulls":6},{"$f":"IFERROR(VLOOKUP(C445,参数!$B:$H,2,0),\"\")","v":""},{"$f":"IFERROR(VLOOKUP(C445,参数!$B:$H,4,0),\"\")","v":""},{"$f":"IFERROR(VLOOKUP(C445,参数!B:H,3,FALSE),\"\")","v":""},"",1]
[445,{"$nulls":6},{"$f":"IFERROR(VLOOKUP(C446,参数!$B:$H,2,0),\"\")","v":""},{"$f":"IFERROR(VLOOKUP(C446,参数!$B:$H,4,0),\"\")","v":""},{"$f":"IFERROR(VLOOKUP(C446,参数!B:H,3,FALSE),\"\")","v":""},"",1]
[446,{"$nulls":6},{"$f":"IFERROR(VLOOKUP(C447,参数!$B:$H,2,0),\"\")","v":""},{"$f":"IFERROR(VLOOKUP(C447,参数!$B:$H,4,0),\"\")","v":""},{"$f":"IFERROR(VLOOKUP(C447,参数!B:H,3,FALSE),\"\")","v":""},"",1]
[447,{"$nulls":6},{"$f":"IFERROR(VLOOKUP(C448,参数!$B:$H,2,0),\"\")","v":""},{"$f":"IFERROR(VLOOKUP(C448,参数!$B:$H,4,0),\"\")","v":""},{"$f":"IFERROR(VLOOKUP(C448,参数!B:H,3,FALSE),\"\")","v":""},"",1]
[448,{"$nulls":6},{"$f":"IFERROR(VLOOKUP(C449,参数!$B:$H,2,0),\"\")","v":""},{"$f":"IFERROR(VLOOKUP(C449,参数!$B:$H,4,0),\"\")","v":""},{"$f":"IFERROR(VLOOKUP(C449,参数!B:H,3,FALSE),\"\")","v":""},"",1]
[449,{"$nulls":6},{"$f":"IFERROR(VLOOKUP(C450,参数!$B:$H,2,0),\"\")","v":""},{"$f":"IFERROR(VLOOKUP(C450,参数!$B:$H,4,0),\"\")","v":""},{"$f":"IFERROR(VLOOKUP(C450,参数!B:H,3,FALSE),\"\")","v":""},"",{"$f":"VALUE(MONTH(B450))","v":1}]
[450,{"$nulls":6},{"$f":"IFERROR(VLOOKUP(C451,参数!$B:$H,2,0),\"\")","v":""},{"$f":"IFERROR(VLOOKUP(C451,参数!$B:$H,4,0),\"\")","v":""},{"$f":"IFERROR(VLOOKUP(C451,参数!B:H,3,FALSE),\"\")","v":""},"",1]
[451,{"$nulls":6},{"$f":"IFERROR(VLOOKUP(C452,参数!$B:$H,2,0),\"\")","v":""},{"$f":"IFERROR(VLOOKUP(C452,参数!$B:$H,4,0),\"\")","v":""},{"$f":"IFERROR(VLOOKUP(C452,参数!B:H,3,FALSE),\"\")","v":""},"",1]
[452,{"$nulls":6},{"$f":"IFERROR(VLOOKUP(C453,参数!$B:$H,2,0),\"\")","v":""},{"$f":"IFERROR(VLOOKUP(C453,参数!$B:$H,4,0),\"\")","v":""},{"$f":"IFERROR(VLOOKUP(C453,参数!B:H,3,FALSE),\"\")","v":""},"",1]
[453,{"$nulls":6},{"$f":"IFERROR(VLOOKUP(C454,参数!$B:$H,2,0),\"\")","v":""},{"$f":"IFERROR(VLOOKUP(C454,参数!$B:$H,4,0),\"\")","v":""},{"$f":"IFERROR(VLOOKUP(C454,参数!B:H,3,FALSE),\"\")","v":""},"",1]
[454,{"$nulls":6},{"$f":"IFERROR(VLOOKUP(C455,参数!$B:$H,2,0),\"\")","v":""},{"$f":"IFERROR(VLOOKUP(C455,参数!$B:$H,4,0),\"\")","v":""},{"$f":"IFERROR(VLOOKUP(C455,参数!B:H,3,FALSE),\"\")","v":""},"",1]
[455,{"$nulls":6},{"$f":"IFERROR(VLOOKUP(C456,参数!$B:$H,2,0),\"\")","v":""},{"$f":"IFERROR(VLOOKUP(C456,参数!$B:$H,4,0),\"\")","v":""},{"$f":"IFERROR(VLOOKUP(C456,参数!B:H,3,FALSE),\"\")","v":""},"",1]
[456,{"$nulls":6},{"$f":"IFERROR(VLOOKUP(C457,参数!$B:$H,2,0),\"\")","v":""},{"$f":"IFERROR(VLOOKUP(C457,参数!$B:$H,4,0),\"\")","v":""},{"$f":"IFERROR(VLOOKUP(C457,参数!B:H,3,FALSE),\"\")","v":""},"",1]
[457,{"$nulls":6},{"$f":"IFERROR(VLOOKUP(C458,参数!$B:$H,2,0),\"\")","v":""},{"$f":"IFERROR(VLOOKUP(C458,参数!$B:$H,4,0),\"\")","v":""},{"$f":"IFERROR(VLOOKUP(C458,参数!B:H,3,FALSE),\"\")","v":""},"",1]
[458,{"$nulls":6},{"$f":"IFERROR(VLOOKUP(C459,参数!$B:$H,2,0),\"\")","v":""},{"$f":"IFERROR(VLOOKUP(C459,参数!$B:$H,4,0),\"\")","v":""},{"$f":"IFERROR(VLOOKUP(C459,参数!B:H,3,FALSE),\"\")","v":""},"",1]
[459,{"$nulls":6},{"$f":"IFERROR(VLOOKUP(C460,参数!$B:$H,2,0),\"\")","v":""},{"$f":"IFERROR(VLOOKUP(C460,参数!$B:$H,4,0),\"\")","v":""},{"$f":"IFERROR(VLOOKUP(C460,参数!B:H,3,FALSE),\"\")","v":""},"",1]
[460,{"$nulls":6},{"$f":"IFERROR(VLOOKUP(C461,参数!$B:$H,2,0),\"\")","v":""},{"$f":"IFERROR(VLOOKUP(C461,参数!$B:$H,4,0),\"\")","v":""},{"$f":"IFERROR(VLOOKUP(C461,参数!B:H,3,FALSE),\"\")","v":""},"",1]
[461,{"$nulls":6},{"$f":"IFERROR(VLOOKUP(C462,参数!$B:$H,2,0),\"\")","v":""},{"$f":"IFERROR(VLOOKUP(C462,参数!$B:$H,4,0),\"\")","v":""},{"$f":"IFERROR(VLOOKUP(C462,参数!B:H,3,FALSE),\"\")","v":""},"",1]
[462,{"$nulls":6},{"$f":"IFERROR(VLOOKUP(C463,参数!$B:$H,2,0),\"\")","v":""},{"$f":"IFERROR(VLOOKUP(C463,参数!$B:$H,4,0),\"\")","v":""},{"$f":"IFERROR(VLOOKUP(C463,参数!B:H,3,FALSE),\"\")","v":""},"",1]
[463,{"$nulls":6},{"$f":"IFERROR(VLOOKUP(C464,参数!$B:$H,2,0),\"\")","v":""},{"$f":"IFERROR(VLOOKUP(C464,参数!$B:$H,4,0),\"\")","v":""},{"$f":"IFERROR(VLOOKUP(C464,参数!B:H,3,FALSE),\"\")","v":""},"",1]
[464,{"$nulls":6},{"$f":"IFERROR(VLOOKUP(C465,参数!$B:$H,2,0),\"\")","v":""},{"$f":"IFERROR(VLOOKUP(C465,参数!$B:$H,4,0),\"\")","v":""},{"$f":"IFERROR(VLOOKUP(C465,参数!B:H,3,FALSE),\"\")","v":""},"",1]
[465,{"$nulls":6},{"$f":"IFERROR(VLOOKUP(C466,参数!$B:$H,2,0),\"\")","v":""},{"$f":"IFERROR(VLOOKUP(C466,参数!$B:$H,4,0),\"\")","v":""},{"$f":"IFERROR(VLOOKUP(C466,参数!B:H,3,FALSE),\"\")","v":""},"",1]
[466,{"$nulls":6},{"$f":"IFERROR(VLOOKUP(C467,参数!$B:$H,2,0),\"\")","v":""},{"$f":"IFERROR(VLOOKUP(C467,参数!$B:$H,4,0),\"\")","v":""},{"$f":"IFERROR(VLOOKUP(C467,参数!B:H,3,FALSE),\"\")","v":""},"",1]
[467,{"$nulls":6},{"$f":"IFERROR(VLOOKUP(C468,参数!$B:$H,2,0),\"\")","v":""},{"$f":"IFERROR(VLOOKUP(C468,参数!$B:$H,4,0),\"\")","v":""},{"$f":"IFERROR(VLOOKUP(C468,参数!B:H,3,FALSE),\"\")","v":""},"",1]
[468,{"$nulls":6},{"$f":"IFERROR(VLOOKUP(C469,参数!$B:$H,2,0),\"\")","v":""},{"$f":"IFERROR(VLOOKUP(C469,参数!$B:$H,4,0),\"\")","v":""},{"$f":"IFERROR(VLOOKUP(C469,参数!B:H,3,FALSE),\"\")","v":""},"",1]
[469,{"$nulls":6},{"$f":"IFERROR(VLOOKUP(C470,参数!$B:$H,2,0),\"\")","v":""},{"$f":"IFERROR(VLOOKUP(C470,参数!$B:$H,4,0),\"\")","v":""},{"$f":"IFERROR(VLOOKUP(C470,参数!B:H,3,FALSE),\"\")","v":""},"",1]
[470,{"$nulls":6},{"$f":"IFERROR(VLOOKUP(C471,参数!$B:$H,2,0),\"\")","v":""},{"$f":"IFERROR(VLOOKUP(C471,参数!$B:$H,4,0),\"\")","v":""},{"$f":"IFERROR(VLOOKUP(C471,参数!B:H,3,FALSE),\"\")","v":""},"",1]
[471,{"$nulls":6},{"$f":"IFERROR(VLOOKUP(C472,参数!$B:$H,2,0),\"\")","v":""},{"$f":"IFERROR(VLOOKUP(C472,参数!$B:$H,4,0),\"\")","v":""},{"$f":"IFERROR(VLOOKUP(C472,参数!B:H,3,FALSE),\"\")","v":""},"",1]
[472,{"$nulls":6},{"$f":"IFERROR(VLOOKUP(C473,参数!$B:$H,2,0),\"\")","v":""},{"$f":"IFERROR(VLOOKUP(C473,参数!$B:$H,4,0),\"\")","v":""},{"$f":"IFERROR(VLOOKUP(C473,参数!B:H,3,FALSE),\"\")","v":""},"",1]
[473,{"$nulls":6},{"$f":"IFERROR(VLOOKUP(C474,参数!$B:$H,2,0),\"\")","v":""},{"$f":"IFERROR(VLOOKUP(C474,参数!$B:$H,4,0),\"\")","v":""},{"$f":"IFERROR(VLOOKUP(C474,参数!B:H,3,FALSE),\"\")","v":""},"",1]
[474,{"$nulls":6},{"$f":"IFERROR(VLOOKUP(C475,参数!$B:$H,2,0),\"\")","v":""},{"$f":"IFERROR(VLOOKUP(C475,参数!$B:$H,4,0),\"\")","v":""},{"$f":"IFERROR(VLOOKUP(C475,参数!B:H,3,FALSE),\"\")","v":""},"",1]
[475,{"$nulls":6},{"$f":"IFERROR(VLOOKUP(C476,参数!$B:$H,2,0),\"\")","v":""},{"$f":"IFERROR(VLOOKUP(C476,参数!$B:$H,4,0),\"\")","v":""},{"$f":"IFERROR(VLOOKUP(C476,参数!B:H,3,FALSE),\"\")","v":""},"",1]
[476,{"$nulls":6},{"$f":"IFERROR(VLOOKUP(C477,参数!$B:$H,2,0),\"\")","v":""},{"$f":"IFERROR(VLOOKUP(C477,参数!$B:$H,4,0),\"\")","v":""},{"$f":"IFERROR(VLOOKUP(C477,参数!B:H,3,FALSE),\"\")","v":""},"",1]
[477,{"$nulls":6},{"$f":"IFERROR(VLOOKUP(C478,参数!$B:$H,2,0),\"\")","v":""},{"$f":"IFERROR(VLOOKUP(C478,参数!$B:$H,4,0),\"\")","v":""},{"$f":"IFERROR(VLOOKUP(C478,参数!B:H,3,FALSE),\"\")","v":""},"",1]
[478,{"$nulls":6},{"$f":"IFERROR(VLOOKUP(C479,参数!$B:$H,2,0),\"\")","v":""},{"$f":"IFERROR(VLOOKUP(C479,参数!$B:$H,4,0),\"\")","v":""},{"$f":"IFERROR(VLOOKUP(C479,参数!B:H,3,FALSE),\"\")","v":""},"",1]
[479,{"$nulls":6},{"$f":"IFERROR(VLOOKUP(C480,参数!$B:$H,2,0),\"\")","v":""},{"$f":"IFERROR(VLOOKUP(C480,参数!$B:$H,4,0),\"\")","v":""},{"$f":"IFERROR(VLOOKUP(C480,参数!B:H,3,FALSE),\"\")","v":""},"",1]
[480,{"$nulls":6},{"$f":"IFERROR(VLOOKUP(C481,参数!$B:$H,2,0),\"\")","v":""},{"$f":"IFERROR(VLOOKUP(C481,参数!$B:$H,4,0),\"\")","v":""},{"$f":"IFERROR(VLOOKUP(C481,参数!B:H,3,FALSE),\"\")","v":""},"",1]
[481,{"$nulls":6},{"$f":"IFERROR(VLOOKUP(C482,参数!$B:$H,2,0),\"\")","v":""},{"$f":"IFERROR(VLOOKUP(C482,参数!$B:$H,4,0),\"\")","v":""},{"$f":"IFERROR(VLOOKUP(C482,参数!B:H,3,FALSE),\"\")","v":""},"",1]
[482,{"$nulls":6},{"$f":"IFERROR(VLOOKUP(C483,参数!$B:$H,2,0),\"\")","v":""},{"$f":"IFERROR(VLOOKUP(C483,参数!$B:$H,4,0),\"\")","v":""},{"$f":"IFERROR(VLOOKUP(C483,参数!B:H,3,FALSE),\"\")","v":""},"",1]
[483,{"$nulls":6},{"$f":"IFERROR(VLOOKUP(C484,参数!$B:$H,2,0),\"\")","v":""},{"$f":"IFERROR(VLOOKUP(C484,参数!$B:$H,4,0),\"\")","v":""},{"$f":"IFERROR(VLOOKUP(C484,参数!B:H,3,FALSE),\"\")","v":""},"",1]
[484,{"$nulls":6},{"$f":"IFERROR(VLOOKUP(C485,参数!$B:$H,2,0),\"\")","v":""},{"$f":"IFERROR(VLOOKUP(C485,参数!$B:$H,4,0),\"\")","v":""},{"$f":"IFERROR(VLOOKUP(C485,参数!B:H,3,FALSE),\"\")","v":""},{"$f":"IFERROR(J485*E485,\"\")","v":""},1]
[485,{"$nulls":6},{"$f":"IFERROR(VLOOKUP(C486,参数!$B:$H,2,0),\"\")","v":""},{"$f":"IFERROR(VLOOKUP(C486,参数!$B:$H,4,0),\"\")","v":""},{"$f":"IFERROR(VLOOKUP(C486,参数!B:H,3,FALSE),\"\")","v":""},"",1]
[486,{"$nulls":6},{"$f":"IFERROR(VLOOKUP(C487,参数!$B:$H,2,0),\"\")","v":""},{"$f":"IFERROR(VLOOKUP(C487,参数!$B:$H,4,0),\"\")","v":""},{"$f":"IFERROR(VLOOKUP(C487,参数!B:H,3,FALSE),\"\")","v":""},"",1]
[487,{"$nulls":6},{"$f":"IFERROR(VLOOKUP(C488,参数!$B:$H,2,0),\"\")","v":""},{"$f":"IFERROR(VLOOKUP(C488,参数!$B:$H,4,0),\"\")","v":""},{"$f":"IFERROR(VLOOKUP(C488,参数!B:H,3,FALSE),\"\")","v":""},"",1]
[488,{"$nulls":6},{"$f":"IFERROR(VLOOKUP(C489,参数!$B:$H,2,0),\"\")","v":""},{"$f":"IFERROR(VLOOKUP(C489,参数!$B:$H,4,0),\"\")","v":""},{"$f":"IFERROR(VLOOKUP(C489,参数!B:H,3,FALSE),\"\")","v":""},"",1]
[489,{"$nulls":6},{"$f":"IFERROR(VLOOKUP(C490,参数!$B:$H,2,0),\"\")","v":""},{"$f":"IFERROR(VLOOKUP(C490,参数!$B:$H,4,0),\"\")","v":""},{"$f":"IFERROR(VLOOKUP(C490,参数!B:H,3,FALSE),\"\")","v":""},"",1]
[490,{"$nulls":6},{"$f":"IFERROR(VLOOKUP(C491,参数!$B:$H,2,0),\"\")","v":""},{"$f":"IFERROR(VLOOKUP(C491,参数!$B:$H,4,0),\"\")","v":""},{"$f":"IFERROR(VLOOKUP(C491,参数!B:H,3,FALSE),\"\")","v":""},"",1]
[491,{"$nulls":6},{"$f":"IFERROR(VLOOKUP(C492,参数!$B:$H,2,0),\"\")","v":""},{"$f":"IFERROR(VLOOKUP(C492,参数!$B:$H,4,0),\"\")","v":""},{"$f":"IFERROR(VLOOKUP(C492,参数!B:H,3,FALSE),\"\")","v":""},"",1]
[492,{"$nulls":6},{"$f":"IFERROR(VLOOKUP(C493,参数!$B:$H,2,0),\"\")","v":""},{"$f":"IFERROR(VLOOKUP(C493,参数!$B:$H,4,0),\"\")","v":""},{"$f":"IFERROR(VLOOKUP(C493,参数!B:H,3,FALSE),\"\")","v":""},"",1]
[493,{"$nulls":6},{"$f":"IFERROR(VLOOKUP(C494,参数!$B:$H,2,0),\"\")","v":""},{"$f":"IFERROR(VLOOKUP(C494,参数!$B:$H,4,0),\"\")","v":""},{"$f":"IFERROR(VLOOKUP(C494,参数!B:H,3,FALSE),\"\")","v":""},"",1]
[494,{"$nulls":6},{"$f":"IFERROR(VLOOKUP(C495,参数!$B:$H,2,0),\"\")","v":""},{"$f":"IFERROR(VLOOKUP(C495,参数!$B:$H,4,0),\"\")","v":""},{"$f":"IFERROR(VLOOKUP(C495,参数!B:H,3,FALSE),\"\")","v":""},"",1]
[495,{"$nulls":6},{"$f":"IFERROR(VLOOKUP(C496,参数!$B:$H,2,0),\"\")","v":""},{"$f":"IFERROR(VLOOKUP(C496,参数!$B:$H,4,0),\"\")","v":""},{"$f":"IFERROR(VLOOKUP(C496,参数!B:H,3,FALSE),\"\")","v":""},"",1]
[496,{"$nulls":6},{"$f":"IFERROR(VLOOKUP(C497,参数!$B:$H,2,0),\"\")","v":""},{"$f":"IFERROR(VLOOKUP(C497,参数!$B:$H,4,0),\"\")","v":""},{"$f":"IFERROR(VLOOKUP(C497,参数!B:H,3,FALSE),\"\")","v":""},"",1]
[497,{"$nulls":6},{"$f":"IFERROR(VLOOKUP(C498,参数!$B:$H,2,0),\"\")","v":""},{"$f":"IFERROR(VLOOKUP(C498,参数!$B:$H,4,0),\"\")","v":""},{"$f":"IFERROR(VLOOKUP(C498,参数!B:H,3,FALSE),\"\")","v":""},"",1]
[498,{"$nulls":6},{"$f":"IFERROR(VLOOKUP(C499,参数!$B:$H,2,0),\"\")","v":""},{"$f":"IFERROR(VLOOKUP(C499,参数!$B:$H,4,0),\"\")","v":""},{"$f":"IFERROR(VLOOKUP(C499,参数!B:H,3,FALSE),\"\")","v":""},"",1]
[499,{"$nulls":6},{"$f":"IFERROR(VLOOKUP(C500,参数!$B:$H,2,0),\"\")","v":""},{"$f":"IFERROR(VLOOKUP(C500,参数!$B:$H,4,0),\"\")","v":""},{"$f":"IFERROR(VLOOKUP(C500,参数!B:H,3,FALSE),\"\")","v":""},"",1]
[500,{"$nulls":6},{"$f":"IFERROR(VLOOKUP(C501,参数!$B:$H,2,0),\"\")","v":""},{"$f":"IFERROR(VLOOKUP(C501,参数!$B:$H,4,0),\"\")","v":""},{"$f":"IFERROR(VLOOKUP(C501,参数!B:H,3,FALSE),\"\")","v":""},"",1]
[501,{"$nulls":6},{"$f":"IFERROR(VLOOKUP(C502,参数!$B:$H,2,0),\"\")","v":""},{"$f":"IFERROR(VLOOKUP(C502,参数!$B:$H,4,0),\"\")","v":""},{"$f":"IFERROR(VLOOKUP(C502,参数!B:H,3,FALSE),\"\")","v":""},"",1]
[502,{"$nulls":6},{"$f":"IFERROR(VLOOKUP(C503,参数!$B:$H,2,0),\"\")","v":""},{"$f":"IFERROR(VLOOKUP(C503,参数!$B:$H,4,0),\"\")","v":""},{"$f":"IFERROR(VLOOKUP(C503,参数!B:H,3,FALSE),\"\")","v":""},"",1]
[503,{"$nulls":6},{"$f":"IFERROR(VLOOKUP(C504,参数!$B:$H,2,0),\"\")","v":""},{"$f":"IFERROR(VLOOKUP(C504,参数!$B:$H,4,0),\"\")","v":""},{"$f":"IFERROR(VLOOKUP(C504,参数!B:H,3,FALSE),\"\")","v":""},"",1]
[504,{"$nulls":6},{"$f":"IFERROR(VLOOKUP(C505,参数!$B:$H,2,0),\"\")","v":""},{"$f":"IFERROR(VLOOKUP(C505,参数!$B:$H,4,0),\"\")","v":""},{"$f":"IFERROR(VLOOKUP(C505,参数!B:H,3,FALSE),\"\")","v":""},"",1]
[505,{"$nulls":6},{"$f":"IFERROR(VLOOKUP(C506,参数!$B:$H,2,0),\"\")","v":""},{"$f":"IFERROR(VLOOKUP(C506,参数!$B:$H,4,0),\"\")","v":""},{"$f":"IFERROR(VLOOKUP(C506,参数!B:H,3,FALSE),\"\")","v":""},"",1]
[506,{"$nulls":6},{"$f":"IFERROR(VLOOKUP(C507,参数!$B:$H,2,0),\"\")","v":""},{"$f":"IFERROR(VLOOKUP(C507,参数!$B:$H,4,0),\"\")","v":""},{"$f":"IFERROR(VLOOKUP(C507,参数!B:H,3,FALSE),\"\")","v":""},"",1]
[507,{"$nulls":6},{"$f":"IFERROR(VLOOKUP(C508,参数!$B:$H,2,0),\"\")","v":""},{"$f":"IFERROR(VLOOKUP(C508,参数!$B:$H,4,0),\"\")","v":""},{"$f":"IFERROR(VLOOKUP(C508,参数!B:H,3,FALSE),\"\")","v":""},"",1]
[508,{"$nulls":6},{"$f":"IFERROR(VLOOKUP(C509,参数!$B:$H,2,0),\"\")","v":""},{"$f":"IFERROR(VLOOKUP(C509,参数!$B:$H,4,0),\"\")","v":""},{"$f":"IFERROR(VLOOKUP(C509,参数!B:H,3,FALSE),\"\")","v":""},"",1]
[509,{"$nulls":6},{"$f":"IFERROR(VLOOKUP(C510,参数!$B:$H,2,0),\"\")","v":""},{"$f":"IFERROR(VLOOKUP(C510,参数!$B:$H,4,0),\"\")","v":""},{"$f":"IFERROR(VLOOKUP(C510,参数!B:H,3,FALSE),\"\")","v":""},"",1]
[510,{"$nulls":6},{"$f":"IFERROR(VLOOKUP(C511,参数!$B:$H,2,0),\"\")","v":""},{"$f":"IFERROR(VLOOKUP(C511,参数!$B:$H,4,0),\"\")","v":""},{"$f":"IFERROR(VLOOKUP(C511,参数!B:H,3,FALSE),\"\")","v":""},"",1]
[511,{"$nulls":6},{"$f":"IFERROR(VLOOKUP(C512,参数!$B:$H,2,0),\"\")","v":""},{"$f":"IFERROR(VLOOKUP(C512,参数!$B:$H,4,0),\"\")","v":""},{"$f":"IFERROR(VLOOKUP(C512,参数!B:H,3,FALSE),\"\")","v":""},"",1]
[512,{"$nulls":6},{"$f":"IFERROR(VLOOKUP(C513,参数!$B:$H,2,0),\"\")","v":""},{"$f":"IFERROR(VLOOKUP(C513,参数!$B:$H,4,0),\"\")","v":""},{"$f":"IFERROR(VLOOKUP(C513,参数!B:H,3,FALSE),\"\")","v":""},"",1]
[513,{"$nulls":6},{"$f":"IFERROR(VLOOKUP(C514,参数!$B:$H,2,0),\"\")","v":""},{"$f":"IFERROR(VLOOKUP(C514,参数!$B:$H,4,0),\"\")","v":""},{"$f":"IFERROR(VLOOKUP(C514,参数!B:H,3,FALSE),\"\")","v":""},"",{"$f":"VALUE(MONTH(B514))","v":1}]
[514,{"$nulls":6},{"$f":"IFERROR(VLOOKUP(C515,参数!$B:$H,2,0),\"\")","v":""},{"$f":"IFERROR(VLOOKUP(C515,参数!$B:$H,4,0),\"\")","v":""},{"$f":"IFERROR(VLOOKUP(C515,参数!B:H,3,FALSE),\"\")","v":""},"",1]
[515,{"$nulls":6},{"$f":"IFERROR(VLOOKUP(C516,参数!$B:$H,2,0),\"\")","v":""},{"$f":"IFERROR(VLOOKUP(C516,参数!$B:$H,4,0),\"\")","v":""},{"$f":"IFERROR(VLOOKUP(C516,参数!B:H,3,FALSE),\"\")","v":""},"",1]
[516,{"$nulls":6},{"$f":"IFERROR(VLOOKUP(C517,参数!$B:$H,2,0),\"\")","v":""},{"$f":"IFERROR(VLOOKUP(C517,参数!$B:$H,4,0),\"\")","v":""},{"$f":"IFERROR(VLOOKUP(C517,参数!B:H,3,FALSE),\"\")","v":""},"",1]
[517,{"$nulls":6},{"$f":"IFERROR(VLOOKUP(C518,参数!$B:$H,2,0),\"\")","v":""},{"$f":"IFERROR(VLOOKUP(C518,参数!$B:$H,4,0),\"\")","v":""},{"$f":"IFERROR(VLOOKUP(C518,参数!B:H,3,FALSE),\"\")","v":""},"",1]
[518,{"$nulls":6},{"$f":"IFERROR(VLOOKUP(C519,参数!$B:$H,2,0),\"\")","v":""},{"$f":"IFERROR(VLOOKUP(C519,参数!$B:$H,4,0),\"\")","v":""},{"$f":"IFERROR(VLOOKUP(C519,参数!B:H,3,FALSE),\"\")","v":""},"",1]
[519,{"$nulls":6},{"$f":"IFERROR(VLOOKUP(C520,参数!$B:$H,2,0),\"\")","v":""},{"$f":"IFERROR(VLOOKUP(C520,参数!$B:$H,4,0),\"\")","v":""},{"$f":"IFERROR(VLOOKUP(C520,参数!B:H,3,FALSE),\"\")","v":""},"",1]
[520,{"$nulls":6},{"$f":"IFERROR(VLOOKUP(C521,参数!$B:$H,2,0),\"\")","v":""},{"$f":"IFERROR(VLOOKUP(C521,参数!$B:$H,4,0),\"\")","v":""},{"$f":"IFERROR(VLOOKUP(C521,参数!B:H,3,FALSE),\"\")","v":""},"",1]
[521,{"$nulls":6},{"$f":"IFERROR(VLOOKUP(C522,参数!$B:$H,2,0),\"\")","v":""},{"$f":"IFERROR(VLOOKUP(C522,参数!$B:$H,4,0),\"\")","v":""},{"$f":"IFERROR(VLOOKUP(C522,参数!B:H,3,FALSE),\"\")","v":""},"",1]
[522,{"$nulls":6},{"$f":"IFERROR(VLOOKUP(C523,参数!$B:$H,2,0),\"\")","v":""},{"$f":"IFERROR(VLOOKUP(C523,参数!$B:$H,4,0),\"\")","v":""},{"$f":"IFERROR(VLOOKUP(C523,参数!B:H,3,FALSE),\"\")","v":""},"",1]
[523,{"$nulls":6},{"$f":"IFERROR(VLOOKUP(C524,参数!$B:$H,2,0),\"\")","v":""},{"$f":"IFERROR(VLOOKUP(C524,参数!$B:$H,4,0),\"\")","v":""},{"$f":"IFERROR(VLOOKUP(C524,参数!B:H,3,FALSE),\"\")","v":""},"",1]
[524,{"$nulls":6},{"$f":"IFERROR(VLOOKUP(C525,参数!$B:$H,2,0),\"\")","v":""},{"$f":"IFERROR(VLOOKUP(C525,参数!$B:$H,4,0),\"\")","v":""},{"$f":"IFERROR(VLOOKUP(C525,参数!B:H,3,FALSE),\"\")","v":""},"",1]
[525,{"$nulls":6},{"$f":"IFERROR(VLOOKUP(C526,参数!$B:$H,2,0),\"\")","v":""},{"$f":"IFERROR(VLOOKUP(C526,参数!$B:$H,4,0),\"\")","v":""},{"$f":"IFERROR(VLOOKUP(C526,参数!B:H,3,FALSE),\"\")","v":""},"",1]
[526,{"$nulls":6},{"$f":"IFERROR(VLOOKUP(C527,参数!$B:$H,2,0),\"\")","v":""},{"$f":"IFERROR(VLOOKUP(C527,参数!$B:$H,4,0),\"\")","v":""},{"$f":"IFERROR(VLOOKUP(C527,参数!B:H,3,FALSE),\"\")","v":""},"",1]
[527,{"$nulls":6},{"$f":"IFERROR(VLOOKUP(C528,参数!$B:$H,2,0),\"\")","v":""},{"$f":"IFERROR(VLOOKUP(C528,参数!$B:$H,4,0),\"\")","v":""},{"$f":"IFERROR(VLOOKUP(C528,参数!B:H,3,FALSE),\"\")","v":""},"",1]
[528,{"$nulls":6},{"$f":"IFERROR(VLOOKUP(C529,参数!$B:$H,2,0),\"\")","v":""},{"$f":"IFERROR(VLOOKUP(C529,参数!$B:$H,4,0),\"\")","v":""},{"$f":"IFERROR(VLOOKUP(C529,参数!B:H,3,FALSE),\"\")","v":""},"",1]
[529,{"$nulls":6},{"$f":"IFERROR(VLOOKUP(C530,参数!$B:$H,2,0),\"\")","v":""},{"$f":"IFERROR(VLOOKUP(C530,参数!$B:$H,4,0),\"\")","v":""},{"$f":"IFERROR(VLOOKUP(C530,参数!B:H,3,FALSE),\"\")","v":""},"",1]
[530,{"$nulls":6},{"$f":"IFERROR(VLOOKUP(C531,参数!$B:$H,2,0),\"\")","v":""},{"$f":"IFERROR(VLOOKUP(C531,参数!$B:$H,4,0),\"\")","v":""},{"$f":"IFERROR(VLOOKUP(C531,参数!B:H,3,FALSE),\"\")","v":""},"",1]
[531,{"$nulls":6},{"$f":"IFERROR(VLOOKUP(C532,参数!$B:$H,2,0),\"\")","v":""},{"$f":"IFERROR(VLOOKUP(C532,参数!$B:$H,4,0),\"\")","v":""},{"$f":"IFERROR(VLOOKUP(C532,参数!B:H,3,FALSE),\"\")","v":""},"",1]
[532,{"$nulls":6},{"$f":"IFERROR(VLOOKUP(C533,参数!$B:$H,2,0),\"\")","v":""},{"$f":"IFERROR(VLOOKUP(C533,参数!$B:$H,4,0),\"\")","v":""},{"$f":"IFERROR(VLOOKUP(C533,参数!B:H,3,FALSE),\"\")","v":""},"",1]
[533,{"$nulls":6},{"$f":"IFERROR(VLOOKUP(C534,参数!$B:$H,2,0),\"\")","v":""},{"$f":"IFERROR(VLOOKUP(C534,参数!$B:$H,4,0),\"\")","v":""},{"$f":"IFERROR(VLOOKUP(C534,参数!B:H,3,FALSE),\"\")","v":""},"",1]
[534,{"$nulls":6},{"$f":"IFERROR(VLOOKUP(C535,参数!$B:$H,2,0),\"\")","v":""},{"$f":"IFERROR(VLOOKUP(C535,参数!$B:$H,4,0),\"\")","v":""},{"$f":"IFERROR(VLOOKUP(C535,参数!B:H,3,FALSE),\"\")","v":""},"",1]
[535,{"$nulls":6},{"$f":"IFERROR(VLOOKUP(C536,参数!$B:$H,2,0),\"\")","v":""},{"$f":"IFERROR(VLOOKUP(C536,参数!$B:$H,4,0),\"\")","v":""},{"$f":"IFERROR(VLOOKUP(C536,参数!B:H,3,FALSE),\"\")","v":""},"",1]
[536,{"$nulls":6},{"$f":"IFERROR(VLOOKUP(C537,参数!$B:$H,2,0),\"\")","v":""},{"$f":"IFERROR(VLOOKUP(C537,参数!$B:$H,4,0),\"\")","v":""},{"$f":"IFERROR(VLOOKUP(C537,参数!B:H,3,FALSE),\"\")","v":""},"",1]
[537,{"$nulls":6},{"$f":"IFERROR(VLOOKUP(C538,参数!$B:$H,2,0),\"\")","v":""},{"$f":"IFERROR(VLOOKUP(C538,参数!$B:$H,4,0),\"\")","v":""},{"$f":"IFERROR(VLOOKUP(C538,参数!B:H,3,FALSE),\"\")","v":""},"",1]
[538,{"$nulls":6},{"$f":"IFERROR(VLOOKUP(C539,参数!$B:$H,2,0),\"\")","v":""},{"$f":"IFERROR(VLOOKUP(C539,参数!$B:$H,4,0),\"\")","v":""},{"$f":"IFERROR(VLOOKUP(C539,参数!B:H,3,FALSE),\"\")","v":""},"",1]
[539,{"$nulls":6},{"$f":"IFERROR(VLOOKUP(C540,参数!$B:$H,2,0),\"\")","v":""},{"$f":"IFERROR(VLOOKUP(C540,参数!$B:$H,4,0),\"\")","v":""},{"$f":"IFERROR(VLOOKUP(C540,参数!B:H,3,FALSE),\"\")","v":""},"",1]
[540,{"$nulls":6},{"$f":"IFERROR(VLOOKUP(C541,参数!$B:$H,2,0),\"\")","v":""},{"$f":"IFERROR(VLOOKUP(C541,参数!$B:$H,4,0),\"\")","v":""},{"$f":"IFERROR(VLOOKUP(C541,参数!B:H,3,FALSE),\"\")","v":""},"",1]
[541,{"$nulls":6},{"$f":"IFERROR(VLOOKUP(C542,参数!$B:$H,2,0),\"\")","v":""},{"$f":"IFERROR(VLOOKUP(C542,参数!$B:$H,4,0),\"\")","v":""},{"$f":"IFERROR(VLOOKUP(C542,参数!B:H,3,FALSE),\"\")","v":""},"",1]
[542,{"$nulls":6},{"$f":"IFERROR(VLOOKUP(C543,参数!$B:$H,2,0),\"\")","v":""},{"$f":"IFERROR(VLOOKUP(C543,参数!$B:$H,4,0),\"\")","v":""},{"$f":"IFERROR(VLOOKUP(C543,参数!B:H,3,FALSE),\"\")","v":""},"",1]
[543,{"$nulls":6},{"$f":"IFERROR(VLOOKUP(C544,参数!$B:$H,2,0),\"\")","v":""},{"$f":"IFERROR(VLOOKUP(C544,参数!$B:$H,4,0),\"\")","v":""},{"$f":"IFERROR(VLOOKUP(C544,参数!B:H,3,FALSE),\"\")","v":""},"",1]
[544,{"$nulls":6},{"$f":"IFERROR(VLOOKUP(C545,参数!$B:$H,2,0),\"\")","v":""},{"$f":"IFERROR(VLOOKUP(C545,参数!$B:$H,4,0),\"\")","v":""},{"$f":"IFERROR(VLOOKUP(C545,参数!B:H,3,FALSE),\"\")","v":""},"",1]
[545,{"$nulls":6},{"$f":"IFERROR(VLOOKUP(C546,参数!$B:$H,2,0),\"\")","v":""},{"$f":"IFERROR(VLOOKUP(C546,参数!$B:$H,4,0),\"\")","v":""},{"$f":"IFERROR(VLOOKUP(C546,参数!B:H,3,FALSE),\"\")","v":""},"",1]
[546,{"$nulls":6},{"$f":"IFERROR(VLOOKUP(C547,参数!$B:$H,2,0),\"\")","v":""},{"$f":"IFERROR(VLOOKUP(C547,参数!$B:$H,4,0),\"\")","v":""},{"$f":"IFERROR(VLOOKUP(C547,参数!B:H,3,FALSE),\"\")","v":""},"",1]
[547,{"$nulls":6},{"$f":"IFERROR(VLOOKUP(C548,参数!$B:$H,2,0),\"\")","v":""},{"$f":"IFERROR(VLOOKUP(C548,参数!$B:$H,4,0),\"\")","v":""},{"$f":"IFERROR(VLOOKUP(C548,参数!B:H,3,FALSE),\"\")","v":""},"",1]
[548,{"$nulls":6},{"$f":"IFERROR(VLOOKUP(C549,参数!$B:$H,2,0),\"\")","v":""},{"$f":"IFERROR(VLOOKUP(C549,参数!$B:$H,4,0),\"\")","v":""},{"$f":"IFERROR(VLOOKUP(C549,参数!B:H,3,FALSE),\"\")","v":""},{"$f":"IFERROR(J549*E549,\"\")","v":""},1]
[549,{"$nulls":6},{"$f":"IFERROR(VLOOKUP(C550,参数!$B:$H,2,0),\"\")","v":""},{"$f":"IFERROR(VLOOKUP(C550,参数!$B:$H,4,0),\"\")","v":""},{"$f":"IFERROR(VLOOKUP(C550,参数!B:H,3,FALSE),\"\")","v":""},"",1]
[550,{"$nulls":6},{"$f":"IFERROR(VLOOKUP(C551,参数!$B:$H,2,0),\"\")","v":""},{"$f":"IFERROR(VLOOKUP(C551,参数!$B:$H,4,0),\"\")","v":""},{"$f":"IFERROR(VLOOKUP(C551,参数!B:H,3,FALSE),\"\")","v":""},"",1]
[551,{"$nulls":6},{"$f":"IFERROR(VLOOKUP(C552,参数!$B:$H,2,0),\"\")","v":""},{"$f":"IFERROR(VLOOKUP(C552,参数!$B:$H,4,0),\"\")","v":""},{"$f":"IFERROR(VLOOKUP(C552,参数!B:H,3,FALSE),\"\")","v":""},"",1]
[552,{"$nulls":6},{"$f":"IFERROR(VLOOKUP(C553,参数!$B:$H,2,0),\"\")","v":""},{"$f":"IFERROR(VLOOKUP(C553,参数!$B:$H,4,0),\"\")","v":""},{"$f":"IFERROR(VLOOKUP(C553,参数!B:H,3,FALSE),\"\")","v":""},"",1]
[553,{"$nulls":6},{"$f":"IFERROR(VLOOKUP(C554,参数!$B:$H,2,0),\"\")","v":""},{"$f":"IFERROR(VLOOKUP(C554,参数!$B:$H,4,0),\"\")","v":""},{"$f":"IFERROR(VLOOKUP(C554,参数!B:H,3,FALSE),\"\")","v":""},"",1]
[554,{"$nulls":6},{"$f":"IFERROR(VLOOKUP(C555,参数!$B:$H,2,0),\"\")","v":""},{"$f":"IFERROR(VLOOKUP(C555,参数!$B:$H,4,0),\"\")","v":""},{"$f":"IFERROR(VLOOKUP(C555,参数!B:H,3,FALSE),\"\")","v":""},"",1]
[555,{"$nulls":6},{"$f":"IFERROR(VLOOKUP(C556,参数!$B:$H,2,0),\"\")","v":""},{"$f":"IFERROR(VLOOKUP(C556,参数!$B:$H,4,0),\"\")","v":""},{"$f":"IFERROR(VLOOKUP(C556,参数!B:H,3,FALSE),\"\")","v":""},"",1]
[556,{"$nulls":6},{"$f":"IFERROR(VLOOKUP(C557,参数!$B:$H,2,0),\"\")","v":""},{"$f":"IFERROR(VLOOKUP(C557,参数!$B:$H,4,0),\"\")","v":""},{"$f":"IFERROR(VLOOKUP(C557,参数!B:H,3,FALSE),\"\")","v":""},"",1]
[557,{"$nulls":6},{"$f":"IFERROR(VLOOKUP(C558,参数!$B:$H,2,0),\"\")","v":""},{"$f":"IFERROR(VLOOKUP(C558,参数!$B:$H,4,0),\"\")","v":""},{"$f":"IFERROR(VLOOKUP(C558,参数!B:H,3,FALSE),\"\")","v":""},"",1]
[558,{"$nulls":6},{"$f":"IFERROR(VLOOKUP(C559,参数!$B:$H,2,0),\"\")","v":""},{"$f":"IFERROR(VLOOKUP(C559,参数!$B:$H,4,0),\"\")","v":""},{"$f":"IFERROR(VLOOKUP(C559,参数!B:H,3,FALSE),\"\")","v":""},"",1]
[559,{"$nulls":6},{"$f":"IFERROR(VLOOKUP(C560,参数!$B:$H,2,0),\"\")","v":""},{"$f":"IFERROR(VLOOKUP(C560,参数!$B:$H,4,0),\"\")","v":""},{"$f":"IFERROR(VLOOKUP(C560,参数!B:H,3,FALSE),\"\")","v":""},"",1]
[560,{"$nulls":6},{"$f":"IFERROR(VLOOKUP(C561,参数!$B:$H,2,0),\"\")","v":""},{"$f":"IFERROR(VLOOKUP(C561,参数!$B:$H,4,0),\"\")","v":""},{"$f":"IFERROR(VLOOKUP(C561,参数!B:H,3,FALSE),\"\")","v":""},"",1]
[561,{"$nulls":6},{"$f":"IFERROR(VLOOKUP(C562,参数!$B:$H,2,0),\"\")","v":""},{"$f":"IFERROR(VLOOKUP(C562,参数!$B:$H,4,0),\"\")","v":""},{"$f":"IFERROR(VLOOKUP(C562,参数!B:H,3,FALSE),\"\")","v":""},"",1]
[562,{"$nulls":6},{"$f":"IFERROR(VLOOKUP(C563,参数!$B:$H,2,0),\"\")","v":""},{"$f":"IFERROR(VLOOKUP(C563,参数!$B:$H,4,0),\"\")","v":""},{"$f":"IFERROR(VLOOKUP(C563,参数!B:H,3,FALSE),\"\")","v":""},"",1]
[563,{"$nulls":6},{"$f":"IFERROR(VLOOKUP(C564,参数!$B:$H,2,0),\"\")","v":""},{"$f":"IFERROR(VLOOKUP(C564,参数!$B:$H,4,0),\"\")","v":""},{"$f":"IFERROR(VLOOKUP(C564,参数!B:H,3,FALSE),\"\")","v":""},"",1]
[564,{"$nulls":6},{"$f":"IFERROR(VLOOKUP(C565,参数!$B:$H,2,0),\"\")","v":""},{"$f":"IFERROR(VLOOKUP(C565,参数!$B:$H,4,0),\"\")","v":""},{"$f":"IFERROR(VLOOKUP(C565,参数!B:H,3,FALSE),\"\")","v":""},"",1]
[565,{"$nulls":6},{"$f":"IFERROR(VLOOKUP(C566,参数!$B:$H,2,0),\"\")","v":""},{"$f":"IFERROR(VLOOKUP(C566,参数!$B:$H,4,0),\"\")","v":""},{"$f":"IFERROR(VLOOKUP(C566,参数!B:H,3,FALSE),\"\")","v":""},"",1]
[566,{"$nulls":6},{"$f":"IFERROR(VLOOKUP(C567,参数!$B:$H,2,0),\"\")","v":""},{"$f":"IFERROR(VLOOKUP(C567,参数!$B:$H,4,0),\"\")","v":""},{"$f":"IFERROR(VLOOKUP(C567,参数!B:H,3,FALSE),\"\")","v":""},"",1]
[567,{"$nulls":6},{"$f":"IFERROR(VLOOKUP(C568,参数!$B:$H,2,0),\"\")","v":""},{"$f":"IFERROR(VLOOKUP(C568,参数!$B:$H,4,0),\"\")","v":""},{"$f":"IFERROR(VLOOKUP(C568,参数!B:H,3,FALSE),\"\")","v":""},"",1]
[568,{"$nulls":6},{"$f":"IFERROR(VLOOKUP(C569,参数!$B:$H,2,0),\"\")","v":""},{"$f":"IFERROR(VLOOKUP(C569,参数!$B:$H,4,0),\"\")","v":""},{"$f":"IFERROR(VLOOKUP(C569,参数!B:H,3,FALSE),\"\")","v":""},"",1]
[569,{"$nulls":6},{"$f":"IFERROR(VLOOKUP(C570,参数!$B:$H,2,0),\"\")","v":""},{"$f":"IFERROR(VLOOKUP(C570,参数!$B:$H,4,0),\"\")","v":""},{"$f":"IFERROR(VLOOKUP(C570,参数!B:H,3,FALSE),\"\")","v":""},"",1]
[570,{"$nulls":6},{"$f":"IFERROR(VLOOKUP(C571,参数!$B:$H,2,0),\"\")","v":""},{"$f":"IFERROR(VLOOKUP(C571,参数!$B:$H,4,0),\"\")","v":""},{"$f":"IFERROR(VLOOKUP(C571,参数!B:H,3,FALSE),\"\")","v":""},"",1]
[571,{"$nulls":6},{"$f":"IFERROR(VLOOKUP(C572,参数!$B:$H,2,0),\"\")","v":""},{"$f":"IFERROR(VLOOKUP(C572,参数!$B:$H,4,0),\"\")","v":""},{"$f":"IFERROR(VLOOKUP(C572,参数!B:H,3,FALSE),\"\")","v":""},"",1]
[572,{"$nulls":6},{"$f":"IFERROR(VLOOKUP(C573,参数!$B:$H,2,0),\"\")","v":""},{"$f":"IFERROR(VLOOKUP(C573,参数!$B:$H,4,0),\"\")","v":""},{"$f":"IFERROR(VLOOKUP(C573,参数!B:H,3,FALSE),\"\")","v":""},"",1]
[573,{"$nulls":6},{"$f":"IFERROR(VLOOKUP(C574,参数!$B:$H,2,0),\"\")","v":""},{"$f":"IFERROR(VLOOKUP(C574,参数!$B:$H,4,0),\"\")","v":""},{"$f":"IFERROR(VLOOKUP(C574,参数!B:H,3,FALSE),\"\")","v":""},"",1]
[574,{"$nulls":6},{"$f":"IFERROR(VLOOKUP(C575,参数!$B:$H,2,0),\"\")","v":""},{"$f":"IFERROR(VLOOKUP(C575,参数!$B:$H,4,0),\"\")","v":""},{"$f":"IFERROR(VLOOKUP(C575,参数!B:H,3,FALSE),\"\")","v":""},"",1]
[575,{"$nulls":6},{"$f":"IFERROR(VLOOKUP(C576,参数!$B:$H,2,0),\"\")","v":""},{"$f":"IFERROR(VLOOKUP(C576,参数!$B:$H,4,0),\"\")","v":""},{"$f":"IFERROR(VLOOKUP(C576,参数!B:H,3,FALSE),\"\")","v":""},"",1]
[576,{"$nulls":6},{"$f":"IFERROR(VLOOKUP(C577,参数!$B:$H,2,0),\"\")","v":""},{"$f":"IFERROR(VLOOKUP(C577,参数!$B:$H,4,0),\"\")","v":""},{"$f":"IFERROR(VLOOKUP(C577,参数!B:H,3,FALSE),\"\")","v":""},"",1]
[577,{"$nulls":6},{"$f":"IFERROR(VLOOKUP(C578,参数!$B:$H,2,0),\"\")","v":""},{"$f":"IFERROR(VLOOKUP(C578,参数!$B:$H,4,0),\"\")","v":""},{"$f":"IFERROR(VLOOKUP(C578,参数!B:H,3,FALSE),\"\")","v":""},"",{"$f":"VALUE(MONTH(B578))","v":1}]
[578,{"$nulls":6},{"$f":"IFERROR(VLOOKUP(C579,参数!$B:$H,2,0),\"\")","v":""},{"$f":"IFERROR(VLOOKUP(C579,参数!$B:$H,4,0),\"\")","v":""},{"$f":"IFERROR(VLOOKUP(C579,参数!B:H,3,FALSE),\"\")","v":""},"",1]
[579,{"$nulls":6},{"$f":"IFERROR(VLOOKUP(C580,参数!$B:$H,2,0),\"\")","v":""},{"$f":"IFERROR(VLOOKUP(C580,参数!$B:$H,4,0),\"\")","v":""},{"$f":"IFERROR(VLOOKUP(C580,参数!B:H,3,FALSE),\"\")","v":""},"",1]
[580,{"$nulls":6},{"$f":"IFERROR(VLOOKUP(C581,参数!$B:$H,2,0),\"\")","v":""},{"$f":"IFERROR(VLOOKUP(C581,参数!$B:$H,4,0),\"\")","v":""},{"$f":"IFERROR(VLOOKUP(C581,参数!B:H,3,FALSE),\"\")","v":""},"",1]
[581,{"$nulls":6},{"$f":"IFERROR(VLOOKUP(C582,参数!$B:$H,2,0),\"\")","v":""},{"$f":"IFERROR(VLOOKUP(C582,参数!$B:$H,4,0),\"\")","v":""},{"$f":"IFERROR(VLOOKUP(C582,参数!B:H,3,FALSE),\"\")","v":""},"",1]
[582,{"$nulls":6},{"$f":"IFERROR(VLOOKUP(C583,参数!$B:$H,2,0),\"\")","v":""},{"$f":"IFERROR(VLOOKUP(C583,参数!$B:$H,4,0),\"\")","v":""},{"$f":"IFERROR(VLOOKUP(C583,参数!B:H,3,FALSE),\"\")","v":""},"",1]
[583,{"$nulls":6},{"$f":"IFERROR(VLOOKUP(C584,参数!$B:$H,2,0),\"\")","v":""},{"$f":"IFERROR(VLOOKUP(C584,参数!$B:$H,4,0),\"\")","v":""},{"$f":"IFERROR(VLOOKUP(C584,参数!B:H,3,FALSE),\"\")","v":""},"",1]
[584,{"$nulls":6},{"$f":"IFERROR(VLOOKUP(C585,参数!$B:$H,2,0),\"\")","v":""},{"$f":"IFERROR(VLOOKUP(C585,参数!$B:$H,4,0),\"\")","v":""},{"$f":"IFERROR(VLOOKUP(C585,参数!B:H,3,FALSE),\"\")","v":""},"",1]
[585,{"$nulls":6},{"$f":"IFERROR(VLOOKUP(C586,参数!$B:$H,2,0),\"\")","v":""},{"$f":"IFERROR(VLOOKUP(C586,参数!$B:$H,4,0),\"\")","v":""},{"$f":"IFERROR(VLOOKUP(C586,参数!B:H,3,FALSE),\"\")","v":""},"",1]
[586,{"$nulls":6},{"$f":"IFERROR(VLOOKUP(C587,参数!$B:$H,2,0),\"\")","v":""},{"$f":"IFERROR(VLOOKUP(C587,参数!$B:$H,4,0),\"\")","v":""},{"$f":"IFERROR(VLOOKUP(C587,参数!B:H,3,FALSE),\"\")","v":""},"",1]
[587,{"$nulls":6},{"$f":"IFERROR(VLOOKUP(C588,参数!$B:$H,2,0),\"\")","v":""},{"$f":"IFERROR(VLOOKUP(C588,参数!$B:$H,4,0),\"\")","v":""},{"$f":"IFERROR(VLOOKUP(C588,参数!B:H,3,FALSE),\"\")","v":""},"",1]
[588,{"$nulls":6},{"$f":"IFERROR(VLOOKUP(C589,参数!$B:$H,2,0),\"\")","v":""},{"$f":"IFERROR(VLOOKUP(C589,参数!$B:$H,4,0),\"\")","v":""},{"$f":"IFERROR(VLOOKUP(C589,参数!B:H,3,FALSE),\"\")","v":""},"",1]
[589,{"$nulls":6},{"$f":"IFERROR(VLOOKUP(C590,参数!$B:$H,2,0),\"\")","v":""},{"$f":"IFERROR(VLOOKUP(C590,参数!$B:$H,4,0),\"\")","v":""},{"$f":"IFERROR(VLOOKUP(C590,参数!B:H,3,FALSE),\"\")","v":""},"",1]
[590,{"$nulls":6},{"$f":"IFERROR(VLOOKUP(C591,参数!$B:$H,2,0),\"\")","v":""},{"$f":"IFERROR(VLOOKUP(C591,参数!$B:$H,4,0),\"\")","v":""},{"$f":"IFERROR(VLOOKUP(C591,参数!B:H,3,FALSE),\"\")","v":""},"",1]
[591,{"$nulls":6},{"$f":"IFERROR(VLOOKUP(C592,参数!$B:$H,2,0),\"\")","v":""},{"$f":"IFERROR(VLOOKUP(C592,参数!$B:$H,4,0),\"\")","v":""},{"$f":"IFERROR(VLOOKUP(C592,参数!B:H,3,FALSE),\"\")","v":""},"",1]
[592,{"$nulls":6},{"$f":"IFERROR(VLOOKUP(C593,参数!$B:$H,2,0),\"\")","v":""},{"$f":"IFERROR(VLOOKUP(C593,参数!$B:$H,4,0),\"\")","v":""},{"$f":"IFERROR(VLOOKUP(C593,参数!B:H,3,FALSE),\"\")","v":""},"",1]
[593,{"$nulls":6},{"$f":"IFERROR(VLOOKUP(C594,参数!$B:$H,2,0),\"\")","v":""},{"$f":"IFERROR(VLOOKUP(C594,参数!$B:$H,4,0),\"\")","v":""},{"$f":"IFERROR(VLOOKUP(C594,参数!B:H,3,FALSE),\"\")","v":""},"",1]
[594,{"$nulls":6},{"$f":"IFERROR(VLOOKUP(C595,参数!$B:$H,2,0),\"\")","v":""},{"$f":"IFERROR(VLOOKUP(C595,参数!$B:$H,4,0),\"\")","v":""},{"$f":"IFERROR(VLOOKUP(C595,参数!B:H,3,FALSE),\"\")","v":""},"",1]
[595,{"$nulls":6},{"$f":"IFERROR(VLOOKUP(C596,参数!$B:$H,2,0),\"\")","v":""},{"$f":"IFERROR(VLOOKUP(C596,参数!$B:$H,4,0),\"\")","v":""},{"$f":"IFERROR(VLOOKUP(C596,参数!B:H,3,FALSE),\"\")","v":""},"",1]
[596,{"$nulls":6},{"$f":"IFERROR(VLOOKUP(C597,参数!$B:$H,2,0),\"\")","v":""},{"$f":"IFERROR(VLOOKUP(C597,参数!$B:$H,4,0),\"\")","v":""},{"$f":"IFERROR(VLOOKUP(C597,参数!B:H,3,FALSE),\"\")","v":""},"",1]
[597,{"$nulls":6},{"$f":"IFERROR(VLOOKUP(C598,参数!$B:$H,2,0),\"\")","v":""},{"$f":"IFERROR(VLOOKUP(C598,参数!$B:$H,4,0),\"\")","v":""},{"$f":"IFERROR(VLOOKUP(C598,参数!B:H,3,FALSE),\"\")","v":""},"",1]
[598,{"$nulls":6},{"$f":"IFERROR(VLOOKUP(C599,参数!$B:$H,2,0),\"\")","v":""},{"$f":"IFERROR(VLOOKUP(C599,参数!$B:$H,4,0),\"\")","v":""},{"$f":"IFERROR(VLOOKUP(C599,参数!B:H,3,FALSE),\"\")","v":""},"",1]
[599,{"$nulls":6},{"$f":"IFERROR(VLOOKUP(C600,参数!$B:$H,2,0),\"\")","v":""},{"$f":"IFERROR(VLOOKUP(C600,参数!$B:$H,4,0),\"\")","v":""},{"$f":"IFERROR(VLOOKUP(C600,参数!B:H,3,FALSE),\"\")","v":""},"",1]
[600,{"$nulls":6},{"$f":"IFERROR(VLOOKUP(C601,参数!$B:$H,2,0),\"\")","v":""},{"$f":"IFERROR(VLOOKUP(C601,参数!$B:$H,4,0),\"\")","v":""},{"$f":"IFERROR(VLOOKUP(C601,参数!B:H,3,FALSE),\"\")","v":""},"",1]
[601,{"$nulls":6},{"$f":"IFERROR(VLOOKUP(C602,参数!$B:$H,2,0),\"\")","v":""},{"$f":"IFERROR(VLOOKUP(C602,参数!$B:$H,4,0),\"\")","v":""},{"$f":"IFERROR(VLOOKUP(C602,参数!B:H,3,FALSE),\"\")","v":""},"",1]
[602,{"$nulls":6},{"$f":"IFERROR(VLOOKUP(C603,参数!$B:$H,2,0),\"\")","v":""},{"$f":"IFERROR(VLOOKUP(C603,参数!$B:$H,4,0),\"\")","v":""},{"$f":"IFERROR(VLOOKUP(C603,参数!B:H,3,FALSE),\"\")","v":""},"",1]
[603,{"$nulls":6},{"$f":"IFERROR(VLOOKUP(C604,参数!$B:$H,2,0),\"\")","v":""},{"$f":"IFERROR(VLOOKUP(C604,参数!$B:$H,4,0),\"\")","v":""},{"$f":"IFERROR(VLOOKUP(C604,参数!B:H,3,FALSE),\"\")","v":""},"",1]
[604,{"$nulls":6},{"$f":"IFERROR(VLOOKUP(C605,参数!$B:$H,2,0),\"\")","v":""},{"$f":"IFERROR(VLOOKUP(C605,参数!$B:$H,4,0),\"\")","v":""},{"$f":"IFERROR(VLOOKUP(C605,参数!B:H,3,FALSE),\"\")","v":""},"",1]
[605,{"$nulls":6},{"$f":"IFERROR(VLOOKUP(C606,参数!$B:$H,2,0),\"\")","v":""},{"$f":"IFERROR(VLOOKUP(C606,参数!$B:$H,4,0),\"\")","v":""},{"$f":"IFERROR(VLOOKUP(C606,参数!B:H,3,FALSE),\"\")","v":""},"",1]
[606,{"$nulls":6},{"$f":"IFERROR(VLOOKUP(C607,参数!$B:$H,2,0),\"\")","v":""},{"$f":"IFERROR(VLOOKUP(C607,参数!$B:$H,4,0),\"\")","v":""},{"$f":"IFERROR(VLOOKUP(C607,参数!B:H,3,FALSE),\"\")","v":""},"",1]
[607,{"$nulls":6},{"$f":"IFERROR(VLOOKUP(C608,参数!$B:$H,2,0),\"\")","v":""},{"$f":"IFERROR(VLOOKUP(C608,参数!$B:$H,4,0),\"\")","v":""},{"$f":"IFERROR(VLOOKUP(C608,参数!B:H,3,FALSE),\"\")","v":""},"",1]
[608,{"$nulls":6},{"$f":"IFERROR(VLOOKUP(C609,参数!$B:$H,2,0),\"\")","v":""},{"$f":"IFERROR(VLOOKUP(C609,参数!$B:$H,4,0),\"\")","v":""},{"$f":"IFERROR(VLOOKUP(C609,参数!B:H,3,FALSE),\"\")","v":""},"",1]
[609,{"$nulls":6},{"$f":"IFERROR(VLOOKUP(C610,参数!$B:$H,2,0),\"\")","v":""},{"$f":"IFERROR(VLOOKUP(C610,参数!$B:$H,4,0),\"\")","v":""},{"$f":"IFERROR(VLOOKUP(C610,参数!B:H,3,FALSE),\"\")","v":""},"",1]
[610,{"$nulls":6},{"$f":"IFERROR(VLOOKUP(C611,参数!$B:$H,2,0),\"\")","v":""},{"$f":"IFERROR(VLOOKUP(C611,参数!$B:$H,4,0),\"\")","v":""},{"$f":"IFERROR(VLOOKUP(C611,参数!B:H,3,FALSE),\"\")","v":""},"",1]
[611,{"$nulls":6},{"$f":"IFERROR(VLOOKUP(C612,参数!$B:$H,2,0),\"\")","v":""},{"$f":"IFERROR(VLOOKUP(C612,参数!$B:$H,4,0),\"\")","v":""},{"$f":"IFERROR(VLOOKUP(C612,参数!B:H,3,FALSE),\"\")","v":""},"",1]
[612,{"$nulls":6},{"$f":"IFERROR(VLOOKUP(C613,参数!$B:$H,2,0),\"\")","v":""},{"$f":"IFERROR(VLOOKUP(C613,参数!$B:$H,4,0),\"\")","v":""},{"$f":"IFERROR(VLOOKUP(C613,参数!B:H,3,FALSE),\"\")","v":""},{"$f":"IFERROR(J613*E613,\"\")","v":""},1]
[613,{"$nulls":6},{"$f":"IFERROR(VLOOKUP(C614,参数!$B:$H,2,0),\"\")","v":""},{"$f":"IFERROR(VLOOKUP(C614,参数!$B:$H,4,0),\"\")","v":""},{"$f":"IFERROR(VLOOKUP(C614,参数!B:H,3,FALSE),\"\")","v":""},"",1]
[614,{"$nulls":6},{"$f":"IFERROR(VLOOKUP(C615,参数!$B:$H,2,0),\"\")","v":""},{"$f":"IFERROR(VLOOKUP(C615,参数!$B:$H,4,0),\"\")","v":""},{"$f":"IFERROR(VLOOKUP(C615,参数!B:H,3,FALSE),\"\")","v":""},"",1]
[615,{"$nulls":6},{"$f":"IFERROR(VLOOKUP(C616,参数!$B:$H,2,0),\"\")","v":""},{"$f":"IFERROR(VLOOKUP(C616,参数!$B:$H,4,0),\"\")","v":""},{"$f":"IFERROR(VLOOKUP(C616,参数!B:H,3,FALSE),\"\")","v":""},"",1]
[616,{"$nulls":6},{"$f":"IFERROR(VLOOKUP(C617,参数!$B:$H,2,0),\"\")","v":""},{"$f":"IFERROR(VLOOKUP(C617,参数!$B:$H,4,0),\"\")","v":""},{"$f":"IFERROR(VLOOKUP(C617,参数!B:H,3,FALSE),\"\")","v":""},"",1]
[617,{"$nulls":6},{"$f":"IFERROR(VLOOKUP(C618,参数!$B:$H,2,0),\"\")","v":""},{"$f":"IFERROR(VLOOKUP(C618,参数!$B:$H,4,0),\"\")","v":""},{"$f":"IFERROR(VLOOKUP(C618,参数!B:H,3,FALSE),\"\")","v":""},"",1]
[618,{"$nulls":6},{"$f":"IFERROR(VLOOKUP(C619,参数!$B:$H,2,0),\"\")","v":""},{"$f":"IFERROR(VLOOKUP(C619,参数!$B:$H,4,0),\"\")","v":""},{"$f":"IFERROR(VLOOKUP(C619,参数!B:H,3,FALSE),\"\")","v":""},"",1]
[619,{"$nulls":6},{"$f":"IFERROR(VLOOKUP(C620,参数!$B:$H,2,0),\"\")","v":""},{"$f":"IFERROR(VLOOKUP(C620,参数!$B:$H,4,0),\"\")","v":""},{"$f":"IFERROR(VLOOKUP(C620,参数!B:H,3,FALSE),\"\")","v":""},"",1]
[620,{"$nulls":6},{"$f":"IFERROR(VLOOKUP(C621,参数!$B:$H,2,0),\"\")","v":""},{"$f":"IFERROR(VLOOKUP(C621,参数!$B:$H,4,0),\"\")","v":""},{"$f":"IFERROR(VLOOKUP(C621,参数!B:H,3,FALSE),\"\")","v":""},"",1]
[621,{"$nulls":6},{"$f":"IFERROR(VLOOKUP(C622,参数!$B:$H,2,0),\"\")","v":""},{"$f":"IFERROR(VLOOKUP(C622,参数!$B:$H,4,0),\"\")","v":""},{"$f":"IFERROR(VLOOKUP(C622,参数!B:H,3,FALSE),\"\")","v":""},"",1]
[622,{"$nulls":6},{"$f":"IFERROR(VLOOKUP(C623,参数!$B:$H,2,0),\"\")","v":""},{"$f":"IFERROR(VLOOKUP(C623,参数!$B:$H,4,0),\"\")","v":""},{"$f":"IFERROR(VLOOKUP(C623,参数!B:H,3,FALSE),\"\")","v":""},"",1]
[623,{"$nulls":6},{"$f":"IFERROR(VLOOKUP(C624,参数!$B:$H,2,0),\"\")","v":""},{"$f":"IFERROR(VLOOKUP(C624,参数!$B:$H,4,0),\"\")","v":""},{"$f":"IFERROR(VLOOKUP(C624,参数!B:H,3,FALSE),\"\")","v":""},"",1]
[624,{"$nulls":6},{"$f":"IFERROR(VLOOKUP(C625,参数!$B:$H,2,0),\"\")","v":""},{"$f":"IFERROR(VLOOKUP(C625,参数!$B:$H,4,0),\"\")","v":""},{"$f":"IFERROR(VLOOKUP(C625,参数!B:H,3,FALSE),\"\")","v":""},"",1]
[625,{"$nulls":6},{"$f":"IFERROR(VLOOKUP(C626,参数!$B:$H,2,0),\"\")","v":""},{"$f":"IFERROR(VLOOKUP(C626,参数!$B:$H,4,0),\"\")","v":""},{"$f":"IFERROR(VLOOKUP(C626,参数!B:H,3,FALSE),\"\")","v":""},"",1]
[626,{"$nulls":6},{"$f":"IFERROR(VLOOKUP(C627,参数!$B:$H,2,0),\"\")","v":""},{"$f":"IFERROR(VLOOKUP(C627,参数!$B:$H,4,0),\"\")","v":""},{"$f":"IFERROR(VLOOKUP(C627,参数!B:H,3,FALSE),\"\")","v":""},"",1]
[627,{"$nulls":6},{"$f":"IFERROR(VLOOKUP(C628,参数!$B:$H,2,0),\"\")","v":""},{"$f":"IFERROR(VLOOKUP(C628,参数!$B:$H,4,0),\"\")","v":""},{"$f":"IFERROR(VLOOKUP(C628,参数!B:H,3,FALSE),\"\")","v":""},"",1]
[628,{"$nulls":6},{"$f":"IFERROR(VLOOKUP(C629,参数!$B:$H,2,0),\"\")","v":""},{"$f":"IFERROR(VLOOKUP(C629,参数!$B:$H,4,0),\"\")","v":""},{"$f":"IFERROR(VLOOKUP(C629,参数!B:H,3,FALSE),\"\")","v":""},"",1]
[629,{"$nulls":6},{"$f":"IFERROR(VLOOKUP(C630,参数!$B:$H,2,0),\"\")","v":""},{"$f":"IFERROR(VLOOKUP(C630,参数!$B:$H,4,0),\"\")","v":""},{"$f":"IFERROR(VLOOKUP(C630,参数!B:H,3,FALSE),\"\")","v":""},"",1]
[630,{"$nulls":6},{"$f":"IFERROR(VLOOKUP(C631,参数!$B:$H,2,0),\"\")","v":""},{"$f":"IFERROR(VLOOKUP(C631,参数!$B:$H,4,0),\"\")","v":""},{"$f":"IFERROR(VLOOKUP(C631,参数!B:H,3,FALSE),\"\")","v":""},"",1]
[631,{"$nulls":6},{"$f":"IFERROR(VLOOKUP(C632,参数!$B:$H,2,0),\"\")","v":""},{"$f":"IFERROR(VLOOKUP(C632,参数!$B:$H,4,0),\"\")","v":""},{"$f":"IFERROR(VLOOKUP(C632,参数!B:H,3,FALSE),\"\")","v":""},"",1]
[632,{"$nulls":6},{"$f":"IFERROR(VLOOKUP(C633,参数!$B:$H,2,0),\"\")","v":""},{"$f":"IFERROR(VLOOKUP(C633,参数!$B:$H,4,0),\"\")","v":""},{"$f":"IFERROR(VLOOKUP(C633,参数!B:H,3,FALSE),\"\")","v":""},"",1]
[633,{"$nulls":6},{"$f":"IFERROR(VLOOKUP(C634,参数!$B:$H,2,0),\"\")","v":""},{"$f":"IFERROR(VLOOKUP(C634,参数!$B:$H,4,0),\"\")","v":""},{"$f":"IFERROR(VLOOKUP(C634,参数!B:H,3,FALSE),\"\")","v":""},"",1]
[634,{"$nulls":6},{"$f":"IFERROR(VLOOKUP(C635,参数!$B:$H,2,0),\"\")","v":""},{"$f":"IFERROR(VLOOKUP(C635,参数!$B:$H,4,0),\"\")","v":""},{"$f":"IFERROR(VLOOKUP(C635,参数!B:H,3,FALSE),\"\")","v":""},"",1]
[635,{"$nulls":6},{"$f":"IFERROR(VLOOKUP(C636,参数!$B:$H,2,0),\"\")","v":""},{"$f":"IFERROR(VLOOKUP(C636,参数!$B:$H,4,0),\"\")","v":""},{"$f":"IFERROR(VLOOKUP(C636,参数!B:H,3,FALSE),\"\")","v":""},"",1]
[636,{"$nulls":6},{"$f":"IFERROR(VLOOKUP(C637,参数!$B:$H,2,0),\"\")","v":""},{"$f":"IFERROR(VLOOKUP(C637,参数!$B:$H,4,0),\"\")","v":""},{"$f":"IFERROR(VLOOKUP(C637,参数!B:H,3,FALSE),\"\")","v":""},"",1]
[637,{"$nulls":6},{"$f":"IFERROR(VLOOKUP(C638,参数!$B:$H,2,0),\"\")","v":""},{"$f":"IFERROR(VLOOKUP(C638,参数!$B:$H,4,0),\"\")","v":""},{"$f":"IFERROR(VLOOKUP(C638,参数!B:H,3,FALSE),\"\")","v":""},"",1]
[638,{"$nulls":6},{"$f":"IFERROR(VLOOKUP(C639,参数!$B:$H,2,0),\"\")","v":""},{"$f":"IFERROR(VLOOKUP(C639,参数!$B:$H,4,0),\"\")","v":""},{"$f":"IFERROR(VLOOKUP(C639,参数!B:H,3,FALSE),\"\")","v":""},"",1]
[639,{"$nulls":6},{"$f":"IFERROR(VLOOKUP(C640,参数!$B:$H,2,0),\"\")","v":""},{"$f":"IFERROR(VLOOKUP(C640,参数!$B:$H,4,0),\"\")","v":""},{"$f":"IFERROR(VLOOKUP(C640,参数!B:H,3,FALSE),\"\")","v":""},"",1]
[640,{"$nulls":6},{"$f":"IFERROR(VLOOKUP(C641,参数!$B:$H,2,0),\"\")","v":""},{"$f":"IFERROR(VLOOKUP(C641,参数!$B:$H,4,0),\"\")","v":""},{"$f":"IFERROR(VLOOKUP(C641,参数!B:H,3,FALSE),\"\")","v":""},"",1]
[641,{"$nulls":6},{"$f":"IFERROR(VLOOKUP(C642,参数!$B:$H,2,0),\"\")","v":""},{"$f":"IFERROR(VLOOKUP(C642,参数!$B:$H,4,0),\"\")","v":""},{"$f":"IFERROR(VLOOKUP(C642,参数!B:H,3,FALSE),\"\")","v":""},"",{"$f":"VALUE(MONTH(B642))","v":1}]
[642,{"$nulls":6},{"$f":"IFERROR(VLOOKUP(C643,参数!$B:$H,2,0),\"\")","v":""},{"$f":"IFERROR(VLOOKUP(C643,参数!$B:$H,4,0),\"\")","v":""},{"$f":"IFERROR(VLOOKUP(C643,参数!B:H,3,FALSE),\"\")","v":""},"",1]
[643,{"$nulls":6},{"$f":"IFERROR(VLOOKUP(C644,参数!$B:$H,2,0),\"\")","v":""},{"$f":"IFERROR(VLOOKUP(C644,参数!$B:$H,4,0),\"\")","v":""},{"$f":"IFERROR(VLOOKUP(C644,参数!B:H,3,FALSE),\"\")","v":""},"",1]
[644,{"$nulls":6},{"$f":"IFERROR(VLOOKUP(C645,参数!$B:$H,2,0),\"\")","v":""},{"$f":"IFERROR(VLOOKUP(C645,参数!$B:$H,4,0),\"\")","v":""},{"$f":"IFERROR(VLOOKUP(C645,参数!B:H,3,FALSE),\"\")","v":""},"",1]
[645,{"$nulls":6},{"$f":"IFERROR(VLOOKUP(C646,参数!$B:$H,2,0),\"\")","v":""},{"$f":"IFERROR(VLOOKUP(C646,参数!$B:$H,4,0),\"\")","v":""},{"$f":"IFERROR(VLOOKUP(C646,参数!B:H,3,FALSE),\"\")","v":""},"",1]
[646,{"$nulls":6},{"$f":"IFERROR(VLOOKUP(C647,参数!$B:$H,2,0),\"\")","v":""},{"$f":"IFERROR(VLOOKUP(C647,参数!$B:$H,4,0),\"\")","v":""},{"$f":"IFERROR(VLOOKUP(C647,参数!B:H,3,FALSE),\"\")","v":""},"",1]
[647,{"$nulls":6},{"$f":"IFERROR(VLOOKUP(C648,参数!$B:$H,2,0),\"\")","v":""},{"$f":"IFERROR(VLOOKUP(C648,参数!$B:$H,4,0),\"\")","v":""},{"$f":"IFERROR(VLOOKUP(C648,参数!B:H,3,FALSE),\"\")","v":""},"",1]
[648,{"$nulls":6},{"$f":"IFERROR(VLOOKUP(C649,参数!$B:$H,2,0),\"\")","v":""},{"$f":"IFERROR(VLOOKUP(C649,参数!$B:$H,4,0),\"\")","v":""},{"$f":"IFERROR(VLOOKUP(C649,参数!B:H,3,FALSE),\"\")","v":""},"",1]
[649,{"$nulls":6},{"$f":"IFERROR(VLOOKUP(C650,参数!$B:$H,2,0),\"\")","v":""},{"$f":"IFERROR(VLOOKUP(C650,参数!$B:$H,4,0),\"\")","v":""},{"$f":"IFERROR(VLOOKUP(C650,参数!B:H,3,FALSE),\"\")","v":""},"",1]
[650,{"$nulls":6},{"$f":"IFERROR(VLOOKUP(C651,参数!$B:$H,2,0),\"\")","v":""},{"$f":"IFERROR(VLOOKUP(C651,参数!$B:$H,4,0),\"\")","v":""},{"$f":"IFERROR(VLOOKUP(C651,参数!B:H,3,FALSE),\"\")","v":""},"",1]
[651,{"$nulls":6},{"$f":"IFERROR(VLOOKUP(C652,参数!$B:$H,2,0),\"\")","v":""},{"$f":"IFERROR(VLOOKUP(C652,参数!$B:$H,4,0),\"\")","v":""},{"$f":"IFERROR(VLOOKUP(C652,参数!B:H,3,FALSE),\"\")","v":""},"",1]
[652,{"$nulls":6},{"$f":"IFERROR(VLOOKUP(C653,参数!$B:$H,2,0),\"\")","v":""},{"$f":"IFERROR(VLOOKUP(C653,参数!$B:$H,4,0),\"\")","v":""},{"$f":"IFERROR(VLOOKUP(C653,参数!B:H,3,FALSE),\"\")","v":""},"",1]
[653,{"$nulls":6},{"$f":"IFERROR(VLOOKUP(C654,参数!$B:$H,2,0),\"\")","v":""},{"$f":"IFERROR(VLOOKUP(C654,参数!$B:$H,4,0),\"\")","v":""},{"$f":"IFERROR(VLOOKUP(C654,参数!B:H,3,FALSE),\"\")","v":""},"",1]
[654,{"$nulls":6},{"$f":"IFERROR(VLOOKUP(C655,参数!$B:$H,2,0),\"\")","v":""},{"$f":"IFERROR(VLOOKUP(C655,参数!$B:$H,4,0),\"\")","v":""},{"$f":"IFERROR(VLOOKUP(C655,参数!B:H,3,FALSE),\"\")","v":""},"",1]
[655,{"$nulls":6},{"$f":"IFERROR(VLOOKUP(C656,参数!$B:$H,2,0),\"\")","v":""},{"$f":"IFERROR(VLOOKUP(C656,参数!$B:$H,4,0),\"\")","v":""},{"$f":"IFERROR(VLOOKUP(C656,参数!B:H,3,FALSE),\"\")","v":""},"",1]
[656,{"$nulls":6},{"$f":"IFERROR(VLOOKUP(C657,参数!$B:$H,2,0),\"\")","v":""},{"$f":"IFERROR(VLOOKUP(C657,参数!$B:$H,4,0),\"\")","v":""},{"$f":"IFERROR(VLOOKUP(C657,参数!B:H,3,FALSE),\"\")","v":""},"",1]
[657,{"$nulls":6},{"$f":"IFERROR(VLOOKUP(C658,参数!$B:$H,2,0),\"\")","v":""},{"$f":"IFERROR(VLOOKUP(C658,参数!$B:$H,4,0),\"\")","v":""},{"$f":"IFERROR(VLOOKUP(C658,参数!B:H,3,FALSE),\"\")","v":""},"",1]
[658,{"$nulls":6},{"$f":"IFERROR(VLOOKUP(C659,参数!$B:$H,2,0),\"\")","v":""},{"$f":"IFERROR(VLOOKUP(C659,参数!$B:$H,4,0),\"\")","v":""},{"$f":"IFERROR(VLOOKUP(C659,参数!B:H,3,FALSE),\"\")","v":""},"",1]
[659,{"$nulls":6},{"$f":"IFERROR(VLOOKUP(C660,参数!$B:$H,2,0),\"\")","v":""},{"$f":"IFERROR(VLOOKUP(C660,参数!$B:$H,4,0),\"\")","v":""},{"$f":"IFERROR(VLOOKUP(C660,参数!B:H,3,FALSE),\"\")","v":""},"",1]
[660,{"$nulls":6},{"$f":"IFERROR(VLOOKUP(C661,参数!$B:$H,2,0),\"\")","v":""},{"$f":"IFERROR(VLOOKUP(C661,参数!$B:$H,4,0),\"\")","v":""},{"$f":"IFERROR(VLOOKUP(C661,参数!B:H,3,FALSE),\"\")","v":""},"",1]
[661,{"$nulls":6},{"$f":"IFERROR(VLOOKUP(C662,参数!$B:$H,2,0),\"\")","v":""},{"$f":"IFERROR(VLOOKUP(C662,参数!$B:$H,4,0),\"\")","v":""},{"$f":"IFERROR(VLOOKUP(C662,参数!B:H,3,FALSE),\"\")","v":""},"",1]
[662,{"$nulls":6},{"$f":"IFERROR(VLOOKUP(C663,参数!$B:$H,2,0),\"\")","v":""},{"$f":"IFERROR(VLOOKUP(C663,参数!$B:$H,4,0),\"\")","v":""},{"$f":"IFERROR(VLOOKUP(C663,参数!B:H,3,FALSE),\"\")","v":""},"",1]
[663,{"$nulls":6},{"$f":"IFERROR(VLOOKUP(C664,参数!$B:$H,2,0),\"\")","v":""},{"$f":"IFERROR(VLOOKUP(C664,参数!$B:$H,4,0),\"\")","v":""},{"$f":"IFERROR(VLOOKUP(C664,参数!B:H,3,FALSE),\"\")","v":""},"",1]
[664,{"$nulls":6},{"$f":"IFERROR(VLOOKUP(C665,参数!$B:$H,2,0),\"\")","v":""},{"$f":"IFERROR(VLOOKUP(C665,参数!$B:$H,4,0),\"\")","v":""},{"$f":"IFERROR(VLOOKUP(C665,参数!B:H,3,FALSE),\"\")","v":""},"",1]
[665,{"$nulls":6},{"$f":"IFERROR(VLOOKUP(C666,参数!$B:$H,2,0),\"\")","v":""},{"$f":"IFERROR(VLOOKUP(C666,参数!$B:$H,4,0),\"\")","v":""},{"$f":"IFERROR(VLOOKUP(C666,参数!B:H,3,FALSE),\"\")","v":""},"",1]
[666,{"$nulls":6},{"$f":"IFERROR(VLOOKUP(C667,参数!$B:$H,2,0),\"\")","v":""},{"$f":"IFERROR(VLOOKUP(C667,参数!$B:$H,4,0),\"\")","v":""},{"$f":"IFERROR(VLOOKUP(C667,参数!B:H,3,FALSE),\"\")","v":""},"",1]
[667,{"$nulls":6},{"$f":"IFERROR(VLOOKUP(C668,参数!$B:$H,2,0),\"\")","v":""},{"$f":"IFERROR(VLOOKUP(C668,参数!$B:$H,4,0),\"\")","v":""},{"$f":"IFERROR(VLOOKUP(C668,参数!B:H,3,FALSE),\"\")","v":""},"",1]
[668,{"$nulls":6},{"$f":"IFERROR(VLOOKUP(C669,参数!$B:$H,2,0),\"\")","v":""},{"$f":"IFERROR(VLOOKUP(C669,参数!$B:$H,4,0),\"\")","v":""},{"$f":"IFERROR(VLOOKUP(C669,参数!B:H,3,FALSE),\"\")","v":""},"",1]
[669,{"$nulls":6},{"$f":"IFERROR(VLOOKUP(C670,参数!$B:$H,2,0),\"\")","v":""},{"$f":"IFERROR(VLOOKUP(C670,参数!$B:$H,4,0),\"\")","v":""},{"$f":"IFERROR(VLOOKUP(C670,参数!B:H,3,FALSE),\"\")","v":""},"",1]
[670,{"$nulls":6},{"$f":"IFERROR(VLOOKUP(C671,参数!$B:$H,2,0),\"\")","v":""},{"$f":"IFERROR(VLOOKUP(C671,参数!$B:$H,4,0),\"\")","v":""},{"$f":"IFERROR(VLOOKUP(C671,参数!B:H,3,FALSE),\"\")","v":""},"",1]
[671,{"$nulls":6},{"$f":"IFERROR(VLOOKUP(C672,参数!$B:$H,2,0),\"\")","v":""},{"$f":"IFERROR(VLOOKUP(C672,参数!$B:$H,4,0),\"\")","v":""},{"$f":"IFERROR(VLOOKUP(C672,参数!B:H,3,FALSE),\"\")","v":""},"",1]
[672,{"$nulls":6},{"$f":"IFERROR(VLOOKUP(C673,参数!$B:$H,2,0),\"\")","v":""},{"$f":"IFERROR(VLOOKUP(C673,参数!$B:$H,4,0),\"\")","v":""},{"$f":"IFERROR(VLOOKUP(C673,参数!B:H,3,FALSE),\"\")","v":""},"",1]
[673,{"$nulls":6},{"$f":"IFERROR(VLOOKUP(C674,参数!$B:$H,2,0),\"\")","v":""},{"$f":"IFERROR(VLOOKUP(C674,参数!$B:$H,4,0),\"\")","v":""},{"$f":"IFERROR(VLOOKUP(C674,参数!B:H,3,FALSE),\"\")","v":""},"",1]
[674,{"$nulls":6},{"$f":"IFERROR(VLOOKUP(C675,参数!$B:$H,2,0),\"\")","v":""},{"$f":"IFERROR(VLOOKUP(C675,参数!$B:$H,4,0),\"\")","v":""},{"$f":"IFERROR(VLOOKUP(C675,参数!B:H,3,FALSE),\"\")","v":""},"",1]
[675,{"$nulls":6},{"$f":"IFERROR(VLOOKUP(C676,参数!$B:$H,2,0),\"\")","v":""},{"$f":"IFERROR(VLOOKUP(C676,参数!$B:$H,4,0),\"\")","v":""},{"$f":"IFERROR(VLOOKUP(C676,参数!B:H,3,FALSE),\"\")","v":""},"",1]
[676,{"$nulls":6},{"$f":"IFERROR(VLOOKUP(C677,参数!$B:$H,2,0),\"\")","v":""},{"$f":"IFERROR(VLOOKUP(C677,参数!$B:$H,4,0),\"\")","v":""},{"$f":"IFERROR(VLOOKUP(C677,参数!B:H,3,FALSE),\"\")","v":""},{"$f":"IFERROR(J677*E677,\"\")","v":""},1]
[677,{"$nulls":6},{"$f":"IFERROR(VLOOKUP(C678,参数!$B:$H,2,0),\"\")","v":""},{"$f":"IFERROR(VLOOKUP(C678,参数!$B:$H,4,0),\"\")","v":""},{"$f":"IFERROR(VLOOKUP(C678,参数!B:H,3,FALSE),\"\")","v":""},"",1]
[678,{"$nulls":6},{"$f":"IFERROR(VLOOKUP(C679,参数!$B:$H,2,0),\"\")","v":""},{"$f":"IFERROR(VLOOKUP(C679,参数!$B:$H,4,0),\"\")","v":""},{"$f":"IFERROR(VLOOKUP(C679,参数!B:H,3,FALSE),\"\")","v":""},"",1]
[679,{"$nulls":6},{"$f":"IFERROR(VLOOKUP(C680,参数!$B:$H,2,0),\"\")","v":""},{"$f":"IFERROR(VLOOKUP(C680,参数!$B:$H,4,0),\"\")","v":""},{"$f":"IFERROR(VLOOKUP(C680,参数!B:H,3,FALSE),\"\")","v":""},"",1]
[680,{"$nulls":6},{"$f":"IFERROR(VLOOKUP(C681,参数!$B:$H,2,0),\"\")","v":""},{"$f":"IFERROR(VLOOKUP(C681,参数!$B:$H,4,0),\"\")","v":""},{"$f":"IFERROR(VLOOKUP(C681,参数!B:H,3,FALSE),\"\")","v":""},"",1]
[681,{"$nulls":6},{"$f":"IFERROR(VLOOKUP(C682,参数!$B:$H,2,0),\"\")","v":""},{"$f":"IFERROR(VLOOKUP(C682,参数!$B:$H,4,0),\"\")","v":""},{"$f":"IFERROR(VLOOKUP(C682,参数!B:H,3,FALSE),\"\")","v":""},"",1]
[682,{"$nulls":6},{"$f":"IFERROR(VLOOKUP(C683,参数!$B:$H,2,0),\"\")","v":""},{"$f":"IFERROR(VLOOKUP(C683,参数!$B:$H,4,0),\"\")","v":""},{"$f":"IFERROR(VLOOKUP(C683,参数!B:H,3,FALSE),\"\")","v":""},"",1]
[683,{"$nulls":6},{"$f":"IFERROR(VLOOKUP(C684,参数!$B:$H,2,0),\"\")","v":""},{"$f":"IFERROR(VLOOKUP(C684,参数!$B:$H,4,0),\"\")","v":""},{"$f":"IFERROR(VLOOKUP(C684,参数!B:H,3,FALSE),\"\")","v":""},"",1]
[684,{"$nulls":6},{"$f":"IFERROR(VLOOKUP(C685,参数!$B:$H,2,0),\"\")","v":""},{"$f":"IFERROR(VLOOKUP(C685,参数!$B:$H,4,0),\"\")","v":""},{"$f":"IFERROR(VLOOKUP(C685,参数!B:H,3,FALSE),\"\")","v":""},"",1]
[685,{"$nulls":6},{"$f":"IFERROR(VLOOKUP(C686,参数!$B:$H,2,0),\"\")","v":""},{"$f":"IFERROR(VLOOKUP(C686,参数!$B:$H,4,0),\"\")","v":""},{"$f":"IFERROR(VLOOKUP(C686,参数!B:H,3,FALSE),\"\")","v":""},"",1]
[686,{"$nulls":6},{"$f":"IFERROR(VLOOKUP(C687,参数!$B:$H,2,0),\"\")","v":""},{"$f":"IFERROR(VLOOKUP(C687,参数!$B:$H,4,0),\"\")","v":""},{"$f":"IFERROR(VLOOKUP(C687,参数!B:H,3,FALSE),\"\")","v":""},"",1]
[687,{"$nulls":6},{"$f":"IFERROR(VLOOKUP(C688,参数!$B:$H,2,0),\"\")","v":""},{"$f":"IFERROR(VLOOKUP(C688,参数!$B:$H,4,0),\"\")","v":""},{"$f":"IFERROR(VLOOKUP(C688,参数!B:H,3,FALSE),\"\")","v":""},"",1]
[688,{"$nulls":6},{"$f":"IFERROR(VLOOKUP(C689,参数!$B:$H,2,0),\"\")","v":""},{"$f":"IFERROR(VLOOKUP(C689,参数!$B:$H,4,0),\"\")","v":""},{"$f":"IFERROR(VLOOKUP(C689,参数!B:H,3,FALSE),\"\")","v":""},"",1]
[689,{"$nulls":6},{"$f":"IFERROR(VLOOKUP(C690,参数!$B:$H,2,0),\"\")","v":""},{"$f":"IFERROR(VLOOKUP(C690,参数!$B:$H,4,0),\"\")","v":""},{"$f":"IFERROR(VLOOKUP(C690,参数!B:H,3,FALSE),\"\")","v":""},"",1]
[690,{"$nulls":6},{"$f":"IFERROR(VLOOKUP(C691,参数!$B:$H,2,0),\"\")","v":""},{"$f":"IFERROR(VLOOKUP(C691,参数!$B:$H,4,0),\"\")","v":""},{"$f":"IFERROR(VLOOKUP(C691,参数!B:H,3,FALSE),\"\")","v":""},"",1]
[691,{"$nulls":6},{"$f":"IFERROR(VLOOKUP(C692,参数!$B:$H,2,0),\"\")","v":""},{"$f":"IFERROR(VLOOKUP(C692,参数!$B:$H,4,0),\"\")","v":""},{"$f":"IFERROR(VLOOKUP(C692,参数!B:H,3,FALSE),\"\")","v":""},"",1]
[692,{"$nulls":6},{"$f":"IFERROR(VLOOKUP(C693,参数!$B:$H,2,0),\"\")","v":""},{"$f":"IFERROR(VLOOKUP(C693,参数!$B:$H,4,0),\"\")","v":""},{"$f":"IFERROR(VLOOKUP(C693,参数!B:H,3,FALSE),\"\")","v":""},"",1]
[693,{"$nulls":6},{"$f":"IFERROR(VLOOKUP(C694,参数!$B:$H,2,0),\"\")","v":""},{"$f":"IFERROR(VLOOKUP(C694,参数!$B:$H,4,0),\"\")","v":""},{"$f":"IFERROR(VLOOKUP(C694,参数!B:H,3,FALSE),\"\")","v":""},"",1]
[694,{"$nulls":6},{"$f":"IFERROR(VLOOKUP(C695,参数!$B:$H,2,0),\"\")","v":""},{"$f":"IFERROR(VLOOKUP(C695,参数!$B:$H,4,0),\"\")","v":""},{"$f":"IFERROR(VLOOKUP(C695,参数!B:H,3,FALSE),\"\")","v":""},"",1]
[695,{"$nulls":6},{"$f":"IFERROR(VLOOKUP(C696,参数!$B:$H,2,0),\"\")","v":""},{"$f":"IFERROR(VLOOKUP(C696,参数!$B:$H,4,0),\"\")","v":""},{"$f":"IFERROR(VLOOKUP(C696,参数!B:H,3,FALSE),\"\")","v":""},"",1]
[696,{"$nulls":6},{"$f":"IFERROR(VLOOKUP(C697,参数!$B:$H,2,0),\"\")","v":""},{"$f":"IFERROR(VLOOKUP(C697,参数!$B:$H,4,0),\"\")","v":""},{"$f":"IFERROR(VLOOKUP(C697,参数!B:H,3,FALSE),\"\")","v":""},"",1]
[697,{"$nulls":6},{"$f":"IFERROR(VLOOKUP(C698,参数!$B:$H,2,0),\"\")","v":""},{"$f":"IFERROR(VLOOKUP(C698,参数!$B:$H,4,0),\"\")","v":""},{"$f":"IFERROR(VLOOKUP(C698,参数!B:H,3,FALSE),\"\")","v":""},"",1]
[698,{"$nulls":6},{"$f":"IFERROR(VLOOKUP(C699,参数!$B:$H,2,0),\"\")","v":""},{"$f":"IFERROR(VLOOKUP(C699,参数!$B:$H,4,0),\"\")","v":""},{"$f":"IFERROR(VLOOKUP(C699,参数!B:H,3,FALSE),\"\")","v":""},"",1]
[699,{"$nulls":6},{"$f":"IFERROR(VLOOKUP(C700,参数!$B:$H,2,0),\"\")","v":""},{"$f":"IFERROR(VLOOKUP(C700,参数!$B:$H,4,0),\"\")","v":""},{"$f":"IFERROR(VLOOKUP(C700,参数!B:H,3,FALSE),\"\")","v":""},"",1]
[700,{"$nulls":6},{"$f":"IFERROR(VLOOKUP(C701,参数!$B:$H,2,0),\"\")","v":""},{"$f":"IFERROR(VLOOKUP(C701,参数!$B:$H,4,0),\"\")","v":""},{"$f":"IFERROR(VLOOKUP(C701,参数!B:H,3,FALSE),\"\")","v":""},"",1]
[701,{"$nulls":6},{"$f":"IFERROR(VLOOKUP(C702,参数!$B:$H,2,0),\"\")","v":""},{"$f":"IFERROR(VLOOKUP(C702,参数!$B:$H,4,0),\"\")","v":""},{"$f":"IFERROR(VLOOKUP(C702,参数!B:H,3,FALSE),\"\")","v":""},"",1]
[702,{"$nulls":6},{"$f":"IFERROR(VLOOKUP(C703,参数!$B:$H,2,0),\"\")","v":""},{"$f":"IFERROR(VLOOKUP(C703,参数!$B:$H,4,0),\"\")","v":""},{"$f":"IFERROR(VLOOKUP(C703,参数!B:H,3,FALSE),\"\")","v":""},"",1]
[703,{"$nulls":6},{"$f":"IFERROR(VLOOKUP(C704,参数!$B:$H,2,0),\"\")","v":""},{"$f":"IFERROR(VLOOKUP(C704,参数!$B:$H,4,0),\"\")","v":""},{"$f":"IFERROR(VLOOKUP(C704,参数!B:H,3,FALSE),\"\")","v":""},"",1]
[704,{"$nulls":6},{"$f":"IFERROR(VLOOKUP(C705,参数!$B:$H,2,0),\"\")","v":""},{"$f":"IFERROR(VLOOKUP(C705,参数!$B:$H,4,0),\"\")","v":""},{"$f":"IFERROR(VLOOKUP(C705,参数!B:H,3,FALSE),\"\")","v":""},"",1]
[705,{"$nulls":6},{"$f":"IFERROR(VLOOKUP(C706,参数!$B:$H,2,0),\"\")","v":""},{"$f":"IFERROR(VLOOKUP(C706,参数!$B:$H,4,0),\"\")","v":""},{"$f":"IFERROR(VLOOKUP(C706,参数!B:H,3,FALSE),\"\")","v":""},"",{"$f":"VALUE(MONTH(B706))","v":1}]
[706,{"$nulls":6},{"$f":"IFERROR(VLOOKUP(C707,参数!$B:$H,2,0),\"\")","v":""},{"$f":"IFERROR(VLOOKUP(C707,参数!$B:$H,4,0),\"\")","v":""},{"$f":"IFERROR(VLOOKUP(C707,参数!B:H,3,FALSE),\"\")","v":""},"",1]
[707,{"$nulls":6},{"$f":"IFERROR(VLOOKUP(C708,参数!$B:$H,2,0),\"\")","v":""},{"$f":"IFERROR(VLOOKUP(C708,参数!$B:$H,4,0),\"\")","v":""},{"$f":"IFERROR(VLOOKUP(C708,参数!B:H,3,FALSE),\"\")","v":""},"",1]
[708,{"$nulls":6},{"$f":"IFERROR(VLOOKUP(C709,参数!$B:$H,2,0),\"\")","v":""},{"$f":"IFERROR(VLOOKUP(C709,参数!$B:$H,4,0),\"\")","v":""},{"$f":"IFERROR(VLOOKUP(C709,参数!B:H,3,FALSE),\"\")","v":""},"",1]
[709,{"$nulls":6},{"$f":"IFERROR(VLOOKUP(C710,参数!$B:$H,2,0),\"\")","v":""},{"$f":"IFERROR(VLOOKUP(C710,参数!$B:$H,4,0),\"\")","v":""},{"$f":"IFERROR(VLOOKUP(C710,参数!B:H,3,FALSE),\"\")","v":""},"",1]
[710,{"$nulls":6},{"$f":"IFERROR(VLOOKUP(C711,参数!$B:$H,2,0),\"\")","v":""},{"$f":"IFERROR(VLOOKUP(C711,参数!$B:$H,4,0),\"\")","v":""},{"$f":"IFERROR(VLOOKUP(C711,参数!B:H,3,FALSE),\"\")","v":""},"",1]
[711,{"$nulls":6},{"$f":"IFERROR(VLOOKUP(C712,参数!$B:$H,2,0),\"\")","v":""},{"$f":"IFERROR(VLOOKUP(C712,参数!$B:$H,4,0),\"\")","v":""},{"$f":"IFERROR(VLOOKUP(C712,参数!B:H,3,FALSE),\"\")","v":""},"",1]
[712,{"$nulls":6},{"$f":"IFERROR(VLOOKUP(C713,参数!$B:$H,2,0),\"\")","v":""},{"$f":"IFERROR(VLOOKUP(C713,参数!$B:$H,4,0),\"\")","v":""},{"$f":"IFERROR(VLOOKUP(C713,参数!B:H,3,FALSE),\"\")","v":""},"",1]
[713,{"$nulls":6},{"$f":"IFERROR(VLOOKUP(C714,参数!$B:$H,2,0),\"\")","v":""},{"$f":"IFERROR(VLOOKUP(C714,参数!$B:$H,4,0),\"\")","v":""},{"$f":"IFERROR(VLOOKUP(C714,参数!B:H,3,FALSE),\"\")","v":""},"",1]
[714,{"$nulls":6},{"$f":"IFERROR(VLOOKUP(C715,参数!$B:$H,2,0),\"\")","v":""},{"$f":"IFERROR(VLOOKUP(C715,参数!$B:$H,4,0),\"\")","v":""},{"$f":"IFERROR(VLOOKUP(C715,参数!B:H,3,FALSE),\"\")","v":""},"",1]
[715,{"$nulls":6},{"$f":"IFERROR(VLOOKUP(C716,参数!$B:$H,2,0),\"\")","v":""},{"$f":"IFERROR(VLOOKUP(C716,参数!$B:$H,4,0),\"\")","v":""},{"$f":"IFERROR(VLOOKUP(C716,参数!B:H,3,FALSE),\"\")","v":""},"",1]
[716,{"$nulls":6},{"$f":"IFERROR(VLOOKUP(C717,参数!$B:$H,2,0),\"\")","v":""},{"$f":"IFERROR(VLOOKUP(C717,参数!$B:$H,4,0),\"\")","v":""},{"$f":"IFERROR(VLOOKUP(C717,参数!B:H,3,FALSE),\"\")","v":""},"",1]
[717,{"$nulls":6},{"$f":"IFERROR(VLOOKUP(C718,参数!$B:$H,2,0),\"\")","v":""},{"$f":"IFERROR(VLOOKUP(C718,参数!$B:$H,4,0),\"\")","v":""},{"$f":"IFERROR(VLOOKUP(C718,参数!B:H,3,FALSE),\"\")","v":""},"",1]
[718,{"$nulls":6},{"$f":"IFERROR(VLOOKUP(C719,参数!$B:$H,2,0),\"\")","v":""},{"$f":"IFERROR(VLOOKUP(C719,参数!$B:$H,4,0),\"\")","v":""},{"$f":"IFERROR(VLOOKUP(C719,参数!B:H,3,FALSE),\"\")","v":""},"",1]
[719,{"$nulls":6},{"$f":"IFERROR(VLOOKUP(C720,参数!$B:$H,2,0),\"\")","v":""},{"$f":"IFERROR(VLOOKUP(C720,参数!$B:$H,4,0),\"\")","v":""},{"$f":"IFERROR(VLOOKUP(C720,参数!B:H,3,FALSE),\"\")","v":""},"",1]
[720,{"$nulls":6},{"$f":"IFERROR(VLOOKUP(C721,参数!$B:$H,2,0),\"\")","v":""},{"$f":"IFERROR(VLOOKUP(C721,参数!$B:$H,4,0),\"\")","v":""},{"$f":"IFERROR(VLOOKUP(C721,参数!B:H,3,FALSE),\"\")","v":""},"",1]
[721,{"$nulls":6},{"$f":"IFERROR(VLOOKUP(C722,参数!$B:$H,2,0),\"\")","v":""},{"$f":"IFERROR(VLOOKUP(C722,参数!$B:$H,4,0),\"\")","v":""},{"$f":"IFERROR(VLOOKUP(C722,参数!B:H,3,FALSE),\"\")","v":""},"",1]
[722,{"$nulls":6},{"$f":"IFERROR(VLOOKUP(C723,参数!$B:$H,2,0),\"\")","v":""},{"$f":"IFERROR(VLOOKUP(C723,参数!$B:$H,4,0),\"\")","v":""},{"$f":"IFERROR(VLOOKUP(C723,参数!B:H,3,FALSE),\"\")","v":""},"",1]
[723,{"$nulls":6},{"$f":"IFERROR(VLOOKUP(C724,参数!$B:$H,2,0),\"\")","v":""},{"$f":"IFERROR(VLOOKUP(C724,参数!$B:$H,4,0),\"\")","v":""},{"$f":"IFERROR(VLOOKUP(C724,参数!B:H,3,FALSE),\"\")","v":""},"",1]
[724,{"$nulls":6},{"$f":"IFERROR(VLOOKUP(C725,参数!$B:$H,2,0),\"\")","v":""},{"$f":"IFERROR(VLOOKUP(C725,参数!$B:$H,4,0),\"\")","v":""},{"$f":"IFERROR(VLOOKUP(C725,参数!B:H,3,FALSE),\"\")","v":""},"",1]
[725,{"$nulls":6},{"$f":"IFERROR(VLOOKUP(C726,参数!$B:$H,2,0),\"\")","v":""},{"$f":"IFERROR(VLOOKUP(C726,参数!$B:$H,4,0),\"\")","v":""},{"$f":"IFERROR(VLOOKUP(C726,参数!B:H,3,FALSE),\"\")","v":""},"",1]
[726,{"$nulls":6},{"$f":"IFERROR(VLOOKUP(C727,参数!$B:$H,2,0),\"\")","v":""},{"$f":"IFERROR(VLOOKUP(C727,参数!$B:$H,4,0),\"\")","v":""},{"$f":"IFERROR(VLOOKUP(C727,参数!B:H,3,FALSE),\"\")","v":""},"",1]
[727,{"$nulls":6},{"$f":"IFERROR(VLOOKUP(C728,参数!$B:$H,2,0),\"\")","v":""},{"$f":"IFERROR(VLOOKUP(C728,参数!$B:$H,4,0),\"\")","v":""},{"$f":"IFERROR(VLOOKUP(C728,参数!B:H,3,FALSE),\"\")","v":""},"",1]
[728,{"$nulls":6},{"$f":"IFERROR(VLOOKUP(C729,参数!$B:$H,2,0),\"\")","v":""},{"$f":"IFERROR(VLOOKUP(C729,参数!$B:$H,4,0),\"\")","v":""},{"$f":"IFERROR(VLOOKUP(C729,参数!B:H,3,FALSE),\"\")","v":""},"",1]
[729,{"$nulls":6},{"$f":"IFERROR(VLOOKUP(C730,参数!$B:$H,2,0),\"\")","v":""},{"$f":"IFERROR(VLOOKUP(C730,参数!$B:$H,4,0),\"\")","v":""},{"$f":"IFERROR(VLOOKUP(C730,参数!B:H,3,FALSE),\"\")","v":""},"",1]
[730,{"$nulls":6},{"$f":"IFERROR(VLOOKUP(C731,参数!$B:$H,2,0),\"\")","v":""},{"$f":"IFERROR(VLOOKUP(C731,参数!$B:$H,4,0),\"\")","v":""},{"$f":"IFERROR(VLOOKUP(C731,参数!B:H,3,FALSE),\"\")","v":""},"",1]
[731,{"$nulls":6},{"$f":"IFERROR(VLOOKUP(C732,参数!$B:$H,2,0),\"\")","v":""},{"$f":"IFERROR(VLOOKUP(C732,参数!$B:$H,4,0),\"\")","v":""},{"$f":"IFERROR(VLOOKUP(C732,参数!B:H,3,FALSE),\"\")","v":""},"",1]
[732,{"$nulls":6},{"$f":"IFERROR(VLOOKUP(C733,参数!$B:$H,2,0),\"\")","v":""},{"$f":"IFERROR(VLOOKUP(C733,参数!$B:$H,4,0),\"\")","v":""},{"$f":"IFERROR(VLOOKUP(C733,参数!B:H,3,FALSE),\"\")","v":""},"",1]
[733,{"$nulls":6},{"$f":"IFERROR(VLOOKUP(C734,参数!$B:$H,2,0),\"\")","v":""},{"$f":"IFERROR(VLOOKUP(C734,参数!$B:$H,4,0),\"\")","v":""},{"$f":"IFERROR(VLOOKUP(C734,参数!B:H,3,FALSE),\"\")","v":""},"",1]
[734,{"$nulls":6},{"$f":"IFERROR(VLOOKUP(C735,参数!$B:$H,2,0),\"\")","v":""},{"$f":"IFERROR(VLOOKUP(C735,参数!$B:$H,4,0),\"\")","v":""},{"$f":"IFERROR(VLOOKUP(C735,参数!B:H,3,FALSE),\"\")","v":""},"",1]
[735,{"$nulls":6},{"$f":"IFERROR(VLOOKUP(C736,参数!$B:$H,2,0),\"\")","v":""},{"$f":"IFERROR(VLOOKUP(C736,参数!$B:$H,4,0),\"\")","v":""},{"$f":"IFERROR(VLOOKUP(C736,参数!B:H,3,FALSE),\"\")","v":""},"",1]
[736,{"$nulls":6},{"$f":"IFERROR(VLOOKUP(C737,参数!$B:$H,2,0),\"\")","v":""},{"$f":"IFERROR(VLOOKUP(C737,参数!$B:$H,4,0),\"\")","v":""},{"$f":"IFERROR(VLOOKUP(C737,参数!B:H,3,FALSE),\"\")","v":""},"",1]
[737,{"$nulls":6},{"$f":"IFERROR(VLOOKUP(C738,参数!$B:$H,2,0),\"\")","v":""},{"$f":"IFERROR(VLOOKUP(C738,参数!$B:$H,4,0),\"\")","v":""},{"$f":"IFERROR(VLOOKUP(C738,参数!B:H,3,FALSE),\"\")","v":""},"",1]
[738,{"$nulls":6},{"$f":"IFERROR(VLOOKUP(C739,参数!$B:$H,2,0),\"\")","v":""},{"$f":"IFERROR(VLOOKUP(C739,参数!$B:$H,4,0),\"\")","v":""},{"$f":"IFERROR(VLOOKUP(C739,参数!B:H,3,FALSE),\"\")","v":""},"",1]
[739,{"$nulls":6},{"$f":"IFERROR(VLOOKUP(C740,参数!$B:$H,2,0),\"\")","v":""},{"$f":"IFERROR(VLOOKUP(C740,参数!$B:$H,4,0),\"\")","v":""},{"$f":"IFERROR(VLOOKUP(C740,参数!B:H,3,FALSE),\"\")","v":""},"",1]
[740,{"$nulls":6},{"$f":"IFERROR(VLOOKUP(C741,参数!$B:$H,2,0),\"\")","v":""},{"$f":"IFERROR(VLOOKUP(C741,参数!$B:$H,4,0),\"\")","v":""},{"$f":"IFERROR(VLOOKUP(C741,参数!B:H,3,FALSE),\"\")","v":""},{"$f":"IFERROR(J741*E741,\"\")","v":""},1]
[741,{"$nulls":6},{"$f":"IFERROR(VLOOKUP(C742,参数!$B:$H,2,0),\"\")","v":""},{"$f":"IFERROR(VLOOKUP(C742,参数!$B:$H,4,0),\"\")","v":""},{"$f":"IFERROR(VLOOKUP(C742,参数!B:H,3,FALSE),\"\")","v":""},"",1]
[742,{"$nulls":6},{"$f":"IFERROR(VLOOKUP(C743,参数!$B:$H,2,0),\"\")","v":""},{"$f":"IFERROR(VLOOKUP(C743,参数!$B:$H,4,0),\"\")","v":""},{"$f":"IFERROR(VLOOKUP(C743,参数!B:H,3,FALSE),\"\")","v":""},"",1]
[743,{"$nulls":6},{"$f":"IFERROR(VLOOKUP(C744,参数!$B:$H,2,0),\"\")","v":""},{"$f":"IFERROR(VLOOKUP(C744,参数!$B:$H,4,0),\"\")","v":""},{"$f":"IFERROR(VLOOKUP(C744,参数!B:H,3,FALSE),\"\")","v":""},"",1]
[744,{"$nulls":6},{"$f":"IFERROR(VLOOKUP(C745,参数!$B:$H,2,0),\"\")","v":""},{"$f":"IFERROR(VLOOKUP(C745,参数!$B:$H,4,0),\"\")","v":""},{"$f":"IFERROR(VLOOKUP(C745,参数!B:H,3,FALSE),\"\")","v":""},"",1]
[745,{"$nulls":6},{"$f":"IFERROR(VLOOKUP(C746,参数!$B:$H,2,0),\"\")","v":""},{"$f":"IFERROR(VLOOKUP(C746,参数!$B:$H,4,0),\"\")","v":""},{"$f":"IFERROR(VLOOKUP(C746,参数!B:H,3,FALSE),\"\")","v":""},"",1]
[746,{"$nulls":6},{"$f":"IFERROR(VLOOKUP(C747,参数!$B:$H,2,0),\"\")","v":""},{"$f":"IFERROR(VLOOKUP(C747,参数!$B:$H,4,0),\"\")","v":""},{"$f":"IFERROR(VLOOKUP(C747,参数!B:H,3,FALSE),\"\")","v":""},"",1]
[747,{"$nulls":6},{"$f":"IFERROR(VLOOKUP(C748,参数!$B:$H,2,0),\"\")","v":""},{"$f":"IFERROR(VLOOKUP(C748,参数!$B:$H,4,0),\"\")","v":""},{"$f":"IFERROR(VLOOKUP(C748,参数!B:H,3,FALSE),\"\")","v":""},"",1]
[748,{"$nulls":6},{"$f":"IFERROR(VLOOKUP(C749,参数!$B:$H,2,0),\"\")","v":""},{"$f":"IFERROR(VLOOKUP(C749,参数!$B:$H,4,0),\"\")","v":""},{"$f":"IFERROR(VLOOKUP(C749,参数!B:H,3,FALSE),\"\")","v":""},"",1]
[749,{"$nulls":6},{"$f":"IFERROR(VLOOKUP(C750,参数!$B:$H,2,0),\"\")","v":""},{"$f":"IFERROR(VLOOKUP(C750,参数!$B:$H,4,0),\"\")","v":""},{"$f":"IFERROR(VLOOKUP(C750,参数!B:H,3,FALSE),\"\")","v":""},"",1]
[750,{"$nulls":6},{"$f":"IFERROR(VLOOKUP(C751,参数!$B:$H,2,0),\"\")","v":""},{"$f":"IFERROR(VLOOKUP(C751,参数!$B:$H,4,0),\"\")","v":""},{"$f":"IFERROR(VLOOKUP(C751,参数!B:H,3,FALSE),\"\")","v":""},"",1]
[751,{"$nulls":6},{"$f":"IFERROR(VLOOKUP(C752,参数!$B:$H,2,0),\"\")","v":""},{"$f":"IFERROR(VLOOKUP(C752,参数!$B:$H,4,0),\"\")","v":""},{"$f":"IFERROR(VLOOKUP(C752,参数!B:H,3,FALSE),\"\")","v":""},"",1]
[752,{"$nulls":6},{"$f":"IFERROR(VLOOKUP(C753,参数!$B:$H,2,0),\"\")","v":""},{"$f":"IFERROR(VLOOKUP(C753,参数!$B:$H,4,0),\"\")","v":""},{"$f":"IFERROR(VLOOKUP(C753,参数!B:H,3,FALSE),\"\")","v":""},"",1]
[753,{"$nulls":6},{"$f":"IFERROR(VLOOKUP(C754,参数!$B:$H,2,0),\"\")","v":""},{"$f":"IFERROR(VLOOKUP(C754,参数!$B:$H,4,0),\"\")","v":""},{"$f":"IFERROR(VLOOKUP(C754,参数!B:H,3,FALSE),\"\")","v":""},"",1]
[754,{"$nulls":6},{"$f":"IFERROR(VLOOKUP(C755,参数!$B:$H,2,0),\"\")","v":""},{"$f":"IFERROR(VLOOKUP(C755,参数!$B:$H,4,0),\"\")","v":""},{"$f":"IFERROR(VLOOKUP(C755,参数!B:H,3,FALSE),\"\")","v":""},"",1]
[755,{"$nulls":6},{"$f":"IFERROR(VLOOKUP(C756,参数!$B:$H,2,0),\"\")","v":""},{"$f":"IFERROR(VLOOKUP(C756,参数!$B:$H,4,0),\"\")","v":""},{"$f":"IFERROR(VLOOKUP(C756,参数!B:H,3,FALSE),\"\")","v":""},"",1]
[756,{"$nulls":6},{"$f":"IFERROR(VLOOKUP(C757,参数!$B:$H,2,0),\"\")","v":""},{"$f":"IFERROR(VLOOKUP(C757,参数!$B:$H,4,0),\"\")","v":""},{"$f":"IFERROR(VLOOKUP(C757,参数!B:H,3,FALSE),\"\")","v":""},"",1]
[757,{"$nulls":6},{"$f":"IFERROR(VLOOKUP(C758,参数!$B:$H,2,0),\"\")","v":""},{"$f":"IFERROR(VLOOKUP(C758,参数!$B:$H,4,0),\"\")","v":""},{"$f":"IFERROR(VLOOKUP(C758,参数!B:H,3,FALSE),\"\")","v":""},"",1]
[758,{"$nulls":6},{"$f":"IFERROR(VLOOKUP(C759,参数!$B:$H,2,0),\"\")","v":""},{"$f":"IFERROR(VLOOKUP(C759,参数!$B:$H,4,0),\"\")","v":""},{"$f":"IFERROR(VLOOKUP(C759,参数!B:H,3,FALSE),\"\")","v":""},"",1]
[759,{"$nulls":6},{"$f":"IFERROR(VLOOKUP(C760,参数!$B:$H,2,0),\"\")","v":""},{"$f":"IFERROR(VLOOKUP(C760,参数!$B:$H,4,0),\"\")","v":""},{"$f":"IFERROR(VLOOKUP(C760,参数!B:H,3,FALSE),\"\")","v":""},"",1]
[760,{"$nulls":6},{"$f":"IFERROR(VLOOKUP(C761,参数!$B:$H,2,0),\"\")","v":""},{"$f":"IFERROR(VLOOKUP(C761,参数!$B:$H,4,0),\"\")","v":""},{"$f":"IFERROR(VLOOKUP(C761,参数!B:H,3,FALSE),\"\")","v":""},"",1]
[761,{"$nulls":6},{"$f":"IFERROR(VLOOKUP(C762,参数!$B:$H,2,0),\"\")","v":""},{"$f":"IFERROR(VLOOKUP(C762,参数!$B:$H,4,0),\"\")","v":""},{"$f":"IFERROR(VLOOKUP(C762,参数!B:H,3,FALSE),\"\")","v":""},"",1]
[762,{"$nulls":6},{"$f":"IFERROR(VLOOKUP(C763,参数!$B:$H,2,0),\"\")","v":""},{"$f":"IFERROR(VLOOKUP(C763,参数!$B:$H,4,0),\"\")","v":""},{"$f":"IFERROR(VLOOKUP(C763,参数!B:H,3,FALSE),\"\")","v":""},"",1]
[763,{"$nulls":6},{"$f":"IFERROR(VLOOKUP(C764,参数!$B:$H,2,0),\"\")","v":""},{"$f":"IFERROR(VLOOKUP(C764,参数!$B:$H,4,0),\"\")","v":""},{"$f":"IFERROR(VLOOKUP(C764,参数!B:H,3,FALSE),\"\")","v":""},"",1]
[764,{"$nulls":6},{"$f":"IFERROR(VLOOKUP(C765,参数!$B:$H,2,0),\"\")","v":""},{"$f":"IFERROR(VLOOKUP(C765,参数!$B:$H,4,0),\"\")","v":""},{"$f":"IFERROR(VLOOKUP(C765,参数!B:H,3,FALSE),\"\")","v":""},"",1]
[765,{"$nulls":6},{"$f":"IFERROR(VLOOKUP(C766,参数!$B:$H,2,0),\"\")","v":""},{"$f":"IFERROR(VLOOKUP(C766,参数!$B:$H,4,0),\"\")","v":""},{"$f":"IFERROR(VLOOKUP(C766,参数!B:H,3,FALSE),\"\")","v":""},"",1]
[766,{"$nulls":6},{"$f":"IFERROR(VLOOKUP(C767,参数!$B:$H,2,0),\"\")","v":""},{"$f":"IFERROR(VLOOKUP(C767,参数!$B:$H,4,0),\"\")","v":""},{"$f":"IFERROR(VLOOKUP(C767,参数!B:H,3,FALSE),\"\")","v":""},"",1]
[767,{"$nulls":6},{"$f":"IFERROR(VLOOKUP(C768,参数!$B:$H,2,0),\"\")","v":""},{"$f":"IFERROR(VLOOKUP(C768,参数!$B:$H,4,0),\"\")","v":""},{"$f":"IFERROR(VLOOKUP(C768,参数!B:H,3,FALSE),\"\")","v":""},"",1]
[768,{"$nulls":6},{"$f":"IFERROR(VLOOKUP(C769,参数!$B:$H,2,0),\"\")","v":""},{"$f":"IFERROR(VLOOKUP(C769,参数!$B:$H,4,0),\"\")","v":""},{"$f":"IFERROR(VLOOKUP(C769,参数!B:H,3,FALSE),\"\")","v":""},"",1]
[769,{"$nulls":6},{"$f":"IFERROR(VLOOKUP(C770,参数!$B:$H,2,0),\"\")","v":""},{"$f":"IFERROR(VLOOKUP(C770,参数!$B:$H,4,0),\"\")","v":""},{"$f":"IFERROR(VLOOKUP(C770,参数!B:H,3,FALSE),\"\")","v":""},"",{"$f":"VALUE(MONTH(B770))","v":1}]
[770,{"$nulls":6},{"$f":"IFERROR(VLOOKUP(C771,参数!$B:$H,2,0),\"\")","v":""},{"$f":"IFERROR(VLOOKUP(C771,参数!$B:$H,4,0),\"\")","v":""},{"$f":"IFERROR(VLOOKUP(C771,参数!B:H,3,FALSE),\"\")","v":""},"",1]
[771,{"$nulls":6},{"$f":"IFERROR(VLOOKUP(C772,参数!$B:$H,2,0),\"\")","v":""},{"$f":"IFERROR(VLOOKUP(C772,参数!$B:$H,4,0),\"\")","v":""},{"$f":"IFERROR(VLOOKUP(C772,参数!B:H,3,FALSE),\"\")","v":""},"",1]
[772,{"$nulls":6},{"$f":"IFERROR(VLOOKUP(C773,参数!$B:$H,2,0),\"\")","v":""},{"$f":"IFERROR(VLOOKUP(C773,参数!$B:$H,4,0),\"\")","v":""},{"$f":"IFERROR(VLOOKUP(C773,参数!B:H,3,FALSE),\"\")","v":""},"",1]
[773,{"$nulls":6},{"$f":"IFERROR(VLOOKUP(C774,参数!$B:$H,2,0),\"\")","v":""},{"$f":"IFERROR(VLOOKUP(C774,参数!$B:$H,4,0),\"\")","v":""},{"$f":"IFERROR(VLOOKUP(C774,参数!B:H,3,FALSE),\"\")","v":""},"",1]
[774,{"$nulls":6},{"$f":"IFERROR(VLOOKUP(C775,参数!$B:$H,2,0),\"\")","v":""},{"$f":"IFERROR(VLOOKUP(C775,参数!$B:$H,4,0),\"\")","v":""},{"$f":"IFERROR(VLOOKUP(C775,参数!B:H,3,FALSE),\"\")","v":""},"",1]
[775,{"$nulls":6},{"$f":"IFERROR(VLOOKUP(C776,参数!$B:$H,2,0),\"\")","v":""},{"$f":"IFERROR(VLOOKUP(C776,参数!$B:$H,4,0),\"\")","v":""},{"$f":"IFERROR(VLOOKUP(C776,参数!B:H,3,FALSE),\"\")","v":""},"",1]
[776,{"$nulls":6},{"$f":"IFERROR(VLOOKUP(C777,参数!$B:$H,2,0),\"\")","v":""},{"$f":"IFERROR(VLOOKUP(C777,参数!$B:$H,4,0),\"\")","v":""},{"$f":"IFERROR(VLOOKUP(C777,参数!B:H,3,FALSE),\"\")","v":""},"",1]
[777,{"$nulls":6},{"$f":"IFERROR(VLOOKUP(C778,参数!$B:$H,2,0),\"\")","v":""},{"$f":"IFERROR(VLOOKUP(C778,参数!$B:$H,4,0),\"\")","v":""},{"$f":"IFERROR(VLOOKUP(C778,参数!B:H,3,FALSE),\"\")","v":""},"",1]
[778,{"$nulls":6},{"$f":"IFERROR(VLOOKUP(C779,参数!$B:$H,2,0),\"\")","v":""},{"$f":"IFERROR(VLOOKUP(C779,参数!$B:$H,4,0),\"\")","v":""},{"$f":"IFERROR(VLOOKUP(C779,参数!B:H,3,FALSE),\"\")","v":""},"",1]
[779,{"$nulls":6},{"$f":"IFERROR(VLOOKUP(C780,参数!$B:$H,2,0),\"\")","v":""},{"$f":"IFERROR(VLOOKUP(C780,参数!$B:$H,4,0),\"\")","v":""},{"$f":"IFERROR(VLOOKUP(C780,参数!B:H,3,FALSE),\"\")","v":""},"",1]
[780,{"$nulls":6},{"$f":"IFERROR(VLOOKUP(C781,参数!$B:$H,2,0),\"\")","v":""},{"$f":"IFERROR(VLOOKUP(C781,参数!$B:$H,4,0),\"\")","v":""},{"$f":"IFERROR(VLOOKUP(C781,参数!B:H,3,FALSE),\"\")","v":""},"",1]
[781,{"$nulls":6},{"$f":"IFERROR(VLOOKUP(C782,参数!$B:$H,2,0),\"\")","v":""},{"$f":"IFERROR(VLOOKUP(C782,参数!$B:$H,4,0),\"\")","v":""},{"$f":"IFERROR(VLOOKUP(C782,参数!B:H,3,FALSE),\"\")","v":""},"",1]
[782,{"$nulls":6},{"$f":"IFERROR(VLOOKUP(C783,参数!$B:$H,2,0),\"\")","v":""},{"$f":"IFERROR(VLOOKUP(C783,参数!$B:$H,4,0),\"\")","v":""},{"$f":"IFERROR(VLOOKUP(C783,参数!B:H,3,FALSE),\"\")","v":""},"",1]
[783,{"$nulls":6},{"$f":"IFERROR(VLOOKUP(C784,参数!$B:$H,2,0),\"\")","v":""},{"$f":"IFERROR(VLOOKUP(C784,参数!$B:$H,4,0),\"\")","v":""},{"$f":"IFERROR(VLOOKUP(C784,参数!B:H,3,FALSE),\"\")","v":""},"",1]
[784,{"$nulls":6},{"$f":"IFERROR(VLOOKUP(C785,参数!$B:$H,2,0),\"\")","v":""},{"$f":"IFERROR(VLOOKUP(C785,参数!$B:$H,4,0),\"\")","v":""},{"$f":"IFERROR(VLOOKUP(C785,参数!B:H,3,FALSE),\"\")","v":""},"",1]
[785,{"$nulls":6},{"$f":"IFERROR(VLOOKUP(C786,参数!$B:$H,2,0),\"\")","v":""},{"$f":"IFERROR(VLOOKUP(C786,参数!$B:$H,4,0),\"\")","v":""},{"$f":"IFERROR(VLOOKUP(C786,参数!B:H,3,FALSE),\"\")","v":""},"",1]
[786,{"$nulls":6},{"$f":"IFERROR(VLOOKUP(C787,参数!$B:$H,2,0),\"\")","v":""},{"$f":"IFERROR(VLOOKUP(C787,参数!$B:$H,4,0),\"\")","v":""},{"$f":"IFERROR(VLOOKUP(C787,参数!B:H,3,FALSE),\"\")","v":""},"",1]
[787,{"$nulls":6},{"$f":"IFERROR(VLOOKUP(C788,参数!$B:$H,2,0),\"\")","v":""},{"$f":"IFERROR(VLOOKUP(C788,参数!$B:$H,4,0),\"\")","v":""},{"$f":"IFERROR(VLOOKUP(C788,参数!B:H,3,FALSE),\"\")","v":""},"",1]
[788,{"$nulls":6},{"$f":"IFERROR(VLOOKUP(C789,参数!$B:$H,2,0),\"\")","v":""},{"$f":"IFERROR(VLOOKUP(C789,参数!$B:$H,4,0),\"\")","v":""},{"$f":"IFERROR(VLOOKUP(C789,参数!B:H,3,FALSE),\"\")","v":""},"",1]
[789,{"$nulls":6},{"$f":"IFERROR(VLOOKUP(C790,参数!$B:$H,2,0),\"\")","v":""},{"$f":"IFERROR(VLOOKUP(C790,参数!$B:$H,4,0),\"\")","v":""},{"$f":"IFERROR(VLOOKUP(C790,参数!B:H,3,FALSE),\"\")","v":""},"",1]
[790,{"$nulls":6},{"$f":"IFERROR(VLOOKUP(C791,参数!$B:$H,2,0),\"\")","v":""},{"$f":"IFERROR(VLOOKUP(C791,参数!$B:$H,4,0),\"\")","v":""},{"$f":"IFERROR(VLOOKUP(C791,参数!B:H,3,FALSE),\"\")","v":""},"",1]
[791,{"$nulls":6},{"$f":"IFERROR(VLOOKUP(C792,参数!$B:$H,2,0),\"\")","v":""},{"$f":"IFERROR(VLOOKUP(C792,参数!$B:$H,4,0),\"\")","v":""},{"$f":"IFERROR(VLOOKUP(C792,参数!B:H,3,FALSE),\"\")","v":""},"",1]
[792,{"$nulls":6},{"$f":"IFERROR(VLOOKUP(C793,参数!$B:$H,2,0),\"\")","v":""},{"$f":"IFERROR(VLOOKUP(C793,参数!$B:$H,4,0),\"\")","v":""},{"$f":"IFERROR(VLOOKUP(C793,参数!B:H,3,FALSE),\"\")","v":""},"",1]
[793,{"$nulls":6},{"$f":"IFERROR(VLOOKUP(C794,参数!$B:$H,2,0),\"\")","v":""},{"$f":"IFERROR(VLOOKUP(C794,参数!$B:$H,4,0),\"\")","v":""},{"$f":"IFERROR(VLOOKUP(C794,参数!B:H,3,FALSE),\"\")","v":""},"",1]
[794,{"$nulls":6},{"$f":"IFERROR(VLOOKUP(C795,参数!$B:$H,2,0),\"\")","v":""},{"$f":"IFERROR(VLOOKUP(C795,参数!$B:$H,4,0),\"\")","v":""},{"$f":"IFERROR(VLOOKUP(C795,参数!B:H,3,FALSE),\"\")","v":""},"",1]
[795,{"$nulls":6},{"$f":"IFERROR(VLOOKUP(C796,参数!$B:$H,2,0),\"\")","v":""},{"$f":"IFERROR(VLOOKUP(C796,参数!$B:$H,4,0),\"\")","v":""},{"$f":"IFERROR(VLOOKUP(C796,参数!B:H,3,FALSE),\"\")","v":""},"",1]
[796,{"$nulls":6},{"$f":"IFERROR(VLOOKUP(C797,参数!$B:$H,2,0),\"\")","v":""},{"$f":"IFERROR(VLOOKUP(C797,参数!$B:$H,4,0),\"\")","v":""},{"$f":"IFERROR(VLOOKUP(C797,参数!B:H,3,FALSE),\"\")","v":""},"",1]
[797,{"$nulls":6},{"$f":"IFERROR(VLOOKUP(C798,参数!$B:$H,2,0),\"\")","v":""},{"$f":"IFERROR(VLOOKUP(C798,参数!$B:$H,4,0),\"\")","v":""},{"$f":"IFERROR(VLOOKUP(C798,参数!B:H,3,FALSE),\"\")","v":""},"",1]
[798,{"$nulls":6},{"$f":"IFERROR(VLOOKUP(C799,参数!$B:$H,2,0),\"\")","v":""},{"$f":"IFERROR(VLOOKUP(C799,参数!$B:$H,4,0),\"\")","v":""},{"$f":"IFERROR(VLOOKUP(C799,参数!B:H,3,FALSE),\"\")","v":""},"",1]
[799,{"$nulls":6},{"$f":"IFERROR(VLOOKUP(C800,参数!$B:$H,2,0),\"\")","v":""},{"$f":"IFERROR(VLOOKUP(C800,参数!$B:$H,4,0),\"\")","v":""},{"$f":"IFERROR(VLOOKUP(C800,参数!B:H,3,FALSE),\"\")","v":""},"",1]
[800,{"$nulls":6},{"$f":"IFERROR(VLOOKUP(C801,参数!$B:$H,2,0),\"\")","v":""},{"$f":"IFERROR(VLOOKUP(C801,参数!$B:$H,4,0),\"\")","v":""},{"$f":"IFERROR(VLOOKUP(C801,参数!B:H,3,FALSE),\"\")","v":""},"",1]
[801,{"$nulls":6},{"$f":"IFERROR(VLOOKUP(C802,参数!$B:$H,2,0),\"\")","v":""},{"$f":"IFERROR(VLOOKUP(C802,参数!$B:$H,4,0),\"\")","v":""},{"$f":"IFERROR(VLOOKUP(C802,参数!B:H,3,FALSE),\"\")","v":""},"",1]
[802,{"$nulls":6},{"$f":"IFERROR(VLOOKUP(C803,参数!$B:$H,2,0),\"\")","v":""},{"$f":"IFERROR(VLOOKUP(C803,参数!$B:$H,4,0),\"\")","v":""},{"$f":"IFERROR(VLOOKUP(C803,参数!B:H,3,FALSE),\"\")","v":""},"",1]
[803,{"$nulls":6},{"$f":"IFERROR(VLOOKUP(C804,参数!$B:$H,2,0),\"\")","v":""},{"$f":"IFERROR(VLOOKUP(C804,参数!$B:$H,4,0),\"\")","v":""},{"$f":"IFERROR(VLOOKUP(C804,参数!B:H,3,FALSE),\"\")","v":""},"",1]
[804,{"$nulls":6},{"$f":"IFERROR(VLOOKUP(C805,参数!$B:$H,2,0),\"\")","v":""},{"$f":"IFERROR(VLOOKUP(C805,参数!$B:$H,4,0),\"\")","v":""},{"$f":"IFERROR(VLOOKUP(C805,参数!B:H,3,FALSE),\"\")","v":""},{"$f":"IFERROR(J805*E805,\"\")","v":""},1]
[805,{"$nulls":6},{"$f":"IFERROR(VLOOKUP(C806,参数!$B:$H,2,0),\"\")","v":""},{"$f":"IFERROR(VLOOKUP(C806,参数!$B:$H,4,0),\"\")","v":""},{"$f":"IFERROR(VLOOKUP(C806,参数!B:H,3,FALSE),\"\")","v":""},"",1]
[806,{"$nulls":6},{"$f":"IFERROR(VLOOKUP(C807,参数!$B:$H,2,0),\"\")","v":""},{"$f":"IFERROR(VLOOKUP(C807,参数!$B:$H,4,0),\"\")","v":""},{"$f":"IFERROR(VLOOKUP(C807,参数!B:H,3,FALSE),\"\")","v":""},"",1]
[807,{"$nulls":6},{"$f":"IFERROR(VLOOKUP(C808,参数!$B:$H,2,0),\"\")","v":""},{"$f":"IFERROR(VLOOKUP(C808,参数!$B:$H,4,0),\"\")","v":""},{"$f":"IFERROR(VLOOKUP(C808,参数!B:H,3,FALSE),\"\")","v":""},"",1]
[808,{"$nulls":6},{"$f":"IFERROR(VLOOKUP(C809,参数!$B:$H,2,0),\"\")","v":""},{"$f":"IFERROR(VLOOKUP(C809,参数!$B:$H,4,0),\"\")","v":""},{"$f":"IFERROR(VLOOKUP(C809,参数!B:H,3,FALSE),\"\")","v":""},"",1]
[809,{"$nulls":6},{"$f":"IFERROR(VLOOKUP(C810,参数!$B:$H,2,0),\"\")","v":""},{"$f":"IFERROR(VLOOKUP(C810,参数!$B:$H,4,0),\"\")","v":""},{"$f":"IFERROR(VLOOKUP(C810,参数!B:H,3,FALSE),\"\")","v":""},"",1]
[810,{"$nulls":6},{"$f":"IFERROR(VLOOKUP(C811,参数!$B:$H,2,0),\"\")","v":""},{"$f":"IFERROR(VLOOKUP(C811,参数!$B:$H,4,0),\"\")","v":""},{"$f":"IFERROR(VLOOKUP(C811,参数!B:H,3,FALSE),\"\")","v":""},"",1]
[811,{"$nulls":6},{"$f":"IFERROR(VLOOKUP(C812,参数!$B:$H,2,0),\"\")","v":""},{"$f":"IFERROR(VLOOKUP(C812,参数!$B:$H,4,0),\"\")","v":""},{"$f":"IFERROR(VLOOKUP(C812,参数!B:H,3,FALSE),\"\")","v":""},"",1]
[812,{"$nulls":6},{"$f":"IFERROR(VLOOKUP(C813,参数!$B:$H,2,0),\"\")","v":""},{"$f":"IFERROR(VLOOKUP(C813,参数!$B:$H,4,0),\"\")","v":""},{"$f":"IFERROR(VLOOKUP(C813,参数!B:H,3,FALSE),\"\")","v":""},"",1]
[813,{"$nulls":6},{"$f":"IFERROR(VLOOKUP(C814,参数!$B:$H,2,0),\"\")","v":""},{"$f":"IFERROR(VLOOKUP(C814,参数!$B:$H,4,0),\"\")","v":""},{"$f":"IFERROR(VLOOKUP(C814,参数!B:H,3,FALSE),\"\")","v":""},"",1]
[814,{"$nulls":6},{"$f":"IFERROR(VLOOKUP(C815,参数!$B:$H,2,0),\"\")","v":""},{"$f":"IFERROR(VLOOKUP(C815,参数!$B:$H,4,0),\"\")","v":""},{"$f":"IFERROR(VLOOKUP(C815,参数!B:H,3,FALSE),\"\")","v":""},"",1]
[815,{"$nulls":6},{"$f":"IFERROR(VLOOKUP(C816,参数!$B:$H,2,0),\"\")","v":""},{"$f":"IFERROR(VLOOKUP(C816,参数!$B:$H,4,0),\"\")","v":""},{"$f":"IFERROR(VLOOKUP(C816,参数!B:H,3,FALSE),\"\")","v":""},"",1]
[816,{"$nulls":6},{"$f":"IFERROR(VLOOKUP(C817,参数!$B:$H,2,0),\"\")","v":""},{"$f":"IFERROR(VLOOKUP(C817,参数!$B:$H,4,0),\"\")","v":""},{"$f":"IFERROR(VLOOKUP(C817,参数!B:H,3,FALSE),\"\")","v":""},"",1]
[817,{"$nulls":6},{"$f":"IFERROR(VLOOKUP(C818,参数!$B:$H,2,0),\"\")","v":""},{"$f":"IFERROR(VLOOKUP(C818,参数!$B:$H,4,0),\"\")","v":""},{"$f":"IFERROR(VLOOKUP(C818,参数!B:H,3,FALSE),\"\")","v":""},"",1]
[818,{"$nulls":6},{"$f":"IFERROR(VLOOKUP(C819,参数!$B:$H,2,0),\"\")","v":""},{"$f":"IFERROR(VLOOKUP(C819,参数!$B:$H,4,0),\"\")","v":""},{"$f":"IFERROR(VLOOKUP(C819,参数!B:H,3,FALSE),\"\")","v":""},"",1]
[819,{"$nulls":6},{"$f":"IFERROR(VLOOKUP(C820,参数!$B:$H,2,0),\"\")","v":""},{"$f":"IFERROR(VLOOKUP(C820,参数!$B:$H,4,0),\"\")","v":""},{"$f":"IFERROR(VLOOKUP(C820,参数!B:H,3,FALSE),\"\")","v":""},"",1]
[820,{"$nulls":6},{"$f":"IFERROR(VLOOKUP(C821,参数!$B:$H,2,0),\"\")","v":""},{"$f":"IFERROR(VLOOKUP(C821,参数!$B:$H,4,0),\"\")","v":""},{"$f":"IFERROR(VLOOKUP(C821,参数!B:H,3,FALSE),\"\")","v":""},"",1]
[821,{"$nulls":6},{"$f":"IFERROR(VLOOKUP(C822,参数!$B:$H,2,0),\"\")","v":""},{"$f":"IFERROR(VLOOKUP(C822,参数!$B:$H,4,0),\"\")","v":""},{"$f":"IFERROR(VLOOKUP(C822,参数!B:H,3,FALSE),\"\")","v":""},"",1]
[822,{"$nulls":6},{"$f":"IFERROR(VLOOKUP(C823,参数!$B:$H,2,0),\"\")","v":""},{"$f":"IFERROR(VLOOKUP(C823,参数!$B:$H,4,0),\"\")","v":""},{"$f":"IFERROR(VLOOKUP(C823,参数!B:H,3,FALSE),\"\")","v":""},"",1]
[823,{"$nulls":6},{"$f":"IFERROR(VLOOKUP(C824,参数!$B:$H,2,0),\"\")","v":""},{"$f":"IFERROR(VLOOKUP(C824,参数!$B:$H,4,0),\"\")","v":""},{"$f":"IFERROR(VLOOKUP(C824,参数!B:H,3,FALSE),\"\")","v":""},"",1]
[824,{"$nulls":6},{"$f":"IFERROR(VLOOKUP(C825,参数!$B:$H,2,0),\"\")","v":""},{"$f":"IFERROR(VLOOKUP(C825,参数!$B:$H,4,0),\"\")","v":""},{"$f":"IFERROR(VLOOKUP(C825,参数!B:H,3,FALSE),\"\")","v":""},"",1]
[825,{"$nulls":6},{"$f":"IFERROR(VLOOKUP(C826,参数!$B:$H,2,0),\"\")","v":""},{"$f":"IFERROR(VLOOKUP(C826,参数!$B:$H,4,0),\"\")","v":""},{"$f":"IFERROR(VLOOKUP(C826,参数!B:H,3,FALSE),\"\")","v":""},"",1]
[826,{"$nulls":6},{"$f":"IFERROR(VLOOKUP(C827,参数!$B:$H,2,0),\"\")","v":""},{"$f":"IFERROR(VLOOKUP(C827,参数!$B:$H,4,0),\"\")","v":""},{"$f":"IFERROR(VLOOKUP(C827,参数!B:H,3,FALSE),\"\")","v":""},"",1]
[827,{"$nulls":6},{"$f":"IFERROR(VLOOKUP(C828,参数!$B:$H,2,0),\"\")","v":""},{"$f":"IFERROR(VLOOKUP(C828,参数!$B:$H,4,0),\"\")","v":""},{"$f":"IFERROR(VLOOKUP(C828,参数!B:H,3,FALSE),\"\")","v":""},"",1]
[828,{"$nulls":6},{"$f":"IFERROR(VLOOKUP(C829,参数!$B:$H,2,0),\"\")","v":""},{"$f":"IFERROR(VLOOKUP(C829,参数!$B:$H,4,0),\"\")","v":""},{"$f":"IFERROR(VLOOKUP(C829,参数!B:H,3,FALSE),\"\")","v":""},"",1]
[829,{"$nulls":6},{"$f":"IFERROR(VLOOKUP(C830,参数!$B:$H,2,0),\"\")","v":""},{"$f":"IFERROR(VLOOKUP(C830,参数!$B:$H,4,0),\"\")","v":""},{"$f":"IFERROR(VLOOKUP(C830,参数!B:H,3,FALSE),\"\")","v":""},"",1]
[830,{"$nulls":6},{"$f":"IFERROR(VLOOKUP(C831,参数!$B:$H,2,0),\"\")","v":""},{"$f":"IFERROR(VLOOKUP(C831,参数!$B:$H,4,0),\"\")","v":""},{"$f":"IFERROR(VLOOKUP(C831,参数!B:H,3,FALSE),\"\")","v":""},"",1]
[831,{"$nulls":6},{"$f":"IFERROR(VLOOKUP(C832,参数!$B:$H,2,0),\"\")","v":""},{"$f":"IFERROR(VLOOKUP(C832,参数!$B:$H,4,0),\"\")","v":""},{"$f":"IFERROR(VLOOKUP(C832,参数!B:H,3,FALSE),\"\")","v":""},"",1]
[832,{"$nulls":6},{"$f":"IFERROR(VLOOKUP(C833,参数!$B:$H,2,0),\"\")","v":""},{"$f":"IFERROR(VLOOKUP(C833,参数!$B:$H,4,0),\"\")","v":""},{"$f":"IFERROR(VLOOKUP(C833,参数!B:H,3,FALSE),\"\")","v":""},"",1]
[833,{"$nulls":6},{"$f":"IFERROR(VLOOKUP(C834,参数!$B:$H,2,0),\"\")","v":""},{"$f":"IFERROR(VLOOKUP(C834,参数!$B:$H,4,0),\"\")","v":""},{"$f":"IFERROR(VLOOKUP(C834,参数!B:H,3,FALSE),\"\")","v":""},"",{"$f":"VALUE(MONTH(B834))","v":1}]
[834,{"$nulls":6},{"$f":"IFERROR(VLOOKUP(C835,参数!$B:$H,2,0),\"\")","v":""},{"$f":"IFERROR(VLOOKUP(C835,参数!$B:$H,4,0),\"\")","v":""},{"$f":"IFERROR(VLOOKUP(C835,参数!B:H,3,FALSE),\"\")","v":""},"",1]
[835,{"$nulls":6},{"$f":"IFERROR(VLOOKUP(C836,参数!$B:$H,2,0),\"\")","v":""},{"$f":"IFERROR(VLOOKUP(C836,参数!$B:$H,4,0),\"\")","v":""},{"$f":"IFERROR(VLOOKUP(C836,参数!B:H,3,FALSE),\"\")","v":""},"",1]
[836,{"$nulls":6},{"$f":"IFERROR(VLOOKUP(C837,参数!$B:$H,2,0),\"\")","v":""},{"$f":"IFERROR(VLOOKUP(C837,参数!$B:$H,4,0),\"\")","v":""},{"$f":"IFERROR(VLOOKUP(C837,参数!B:H,3,FALSE),\"\")","v":""},"",1]
[837,{"$nulls":6},{"$f":"IFERROR(VLOOKUP(C838,参数!$B:$H,2,0),\"\")","v":""},{"$f":"IFERROR(VLOOKUP(C838,参数!$B:$H,4,0),\"\")","v":""},{"$f":"IFERROR(VLOOKUP(C838,参数!B:H,3,FALSE),\"\")","v":""},"",1]
[838,{"$nulls":6},{"$f":"IFERROR(VLOOKUP(C839,参数!$B:$H,2,0),\"\")","v":""},{"$f":"IFERROR(VLOOKUP(C839,参数!$B:$H,4,0),\"\")","v":""},{"$f":"IFERROR(VLOOKUP(C839,参数!B:H,3,FALSE),\"\")","v":""},"",1]
[839,{"$nulls":6},{"$f":"IFERROR(VLOOKUP(C840,参数!$B:$H,2,0),\"\")","v":""},{"$f":"IFERROR(VLOOKUP(C840,参数!$B:$H,4,0),\"\")","v":""},{"$f":"IFERROR(VLOOKUP(C840,参数!B:H,3,FALSE),\"\")","v":""},"",1]
[840,{"$nulls":6},{"$f":"IFERROR(VLOOKUP(C841,参数!$B:$H,2,0),\"\")","v":""},{"$f":"IFERROR(VLOOKUP(C841,参数!$B:$H,4,0),\"\")","v":""},{"$f":"IFERROR(VLOOKUP(C841,参数!B:H,3,FALSE),\"\")","v":""},"",1]
[841,{"$nulls":6},{"$f":"IFERROR(VLOOKUP(C842,参数!$B:$H,2,0),\"\")","v":""},{"$f":"IFERROR(VLOOKUP(C842,参数!$B:$H,4,0),\"\")","v":""},{"$f":"IFERROR(VLOOKUP(C842,参数!B:H,3,FALSE),\"\")","v":""},"",1]
[842,{"$nulls":6},{"$f":"IFERROR(VLOOKUP(C843,参数!$B:$H,2,0),\"\")","v":""},{"$f":"IFERROR(VLOOKUP(C843,参数!$B:$H,4,0),\"\")","v":""},{"$f":"IFERROR(VLOOKUP(C843,参数!B:H,3,FALSE),\"\")","v":""},"",1]
[843,{"$nulls":6},{"$f":"IFERROR(VLOOKUP(C844,参数!$B:$H,2,0),\"\")","v":""},{"$f":"IFERROR(VLOOKUP(C844,参数!$B:$H,4,0),\"\")","v":""},{"$f":"IFERROR(VLOOKUP(C844,参数!B:H,3,FALSE),\"\")","v":""},"",1]
[844,{"$nulls":6},{"$f":"IFERROR(VLOOKUP(C845,参数!$B:$H,2,0),\"\")","v":""},{"$f":"IFERROR(VLOOKUP(C845,参数!$B:$H,4,0),\"\")","v":""},{"$f":"IFERROR(VLOOKUP(C845,参数!B:H,3,FALSE),\"\")","v":""},"",1]
[845,{"$nulls":6},{"$f":"IFERROR(VLOOKUP(C846,参数!$B:$H,2,0),\"\")","v":""},{"$f":"IFERROR(VLOOKUP(C846,参数!$B:$H,4,0),\"\")","v":""},{"$f":"IFERROR(VLOOKUP(C846,参数!B:H,3,FALSE),\"\")","v":""},"",1]
[846,{"$nulls":6},{"$f":"IFERROR(VLOOKUP(C847,参数!$B:$H,2,0),\"\")","v":""},{"$f":"IFERROR(VLOOKUP(C847,参数!$B:$H,4,0),\"\")","v":""},{"$f":"IFERROR(VLOOKUP(C847,参数!B:H,3,FALSE),\"\")","v":""},"",1]
[847,{"$nulls":6},{"$f":"IFERROR(VLOOKUP(C848,参数!$B:$H,2,0),\"\")","v":""},{"$f":"IFERROR(VLOOKUP(C848,参数!$B:$H,4,0),\"\")","v":""},{"$f":"IFERROR(VLOOKUP(C848,参数!B:H,3,FALSE),\"\")","v":""},"",1]
[848,{"$nulls":6},{"$f":"IFERROR(VLOOKUP(C849,参数!$B:$H,2,0),\"\")","v":""},{"$f":"IFERROR(VLOOKUP(C849,参数!$B:$H,4,0),\"\")","v":""},{"$f":"IFERROR(VLOOKUP(C849,参数!B:H,3,FALSE),\"\")","v":""},"",1]
[849,{"$nulls":6},{"$f":"IFERROR(VLOOKUP(C850,参数!$B:$H,2,0),\"\")","v":""},{"$f":"IFERROR(VLOOKUP(C850,参数!$B:$H,4,0),\"\")","v":""},{"$f":"IFERROR(VLOOKUP(C850,参数!B:H,3,FALSE),\"\")","v":""},"",1]
[850,{"$nulls":6},{"$f":"IFERROR(VLOOKUP(C851,参数!$B:$H,2,0),\"\")","v":""},{"$f":"IFERROR(VLOOKUP(C851,参数!$B:$H,4,0),\"\")","v":""},{"$f":"IFERROR(VLOOKUP(C851,参数!B:H,3,FALSE),\"\")","v":""},"",1]
[851,{"$nulls":6},{"$f":"IFERROR(VLOOKUP(C852,参数!$B:$H,2,0),\"\")","v":""},{"$f":"IFERROR(VLOOKUP(C852,参数!$B:$H,4,0),\"\")","v":""},{"$f":"IFERROR(VLOOKUP(C852,参数!B:H,3,FALSE),\"\")","v":""},"",1]
[852,{"$nulls":6},{"$f":"IFERROR(VLOOKUP(C853,参数!$B:$H,2,0),\"\")","v":""},{"$f":"IFERROR(VLOOKUP(C853,参数!$B:$H,4,0),\"\")","v":""},{"$f":"IFERROR(VLOOKUP(C853,参数!B:H,3,FALSE),\"\")","v":""},"",1]
[853,{"$nulls":6},{"$f":"IFERROR(VLOOKUP(C854,参数!$B:$H,2,0),\"\")","v":""},{"$f":"IFERROR(VLOOKUP(C854,参数!$B:$H,4,0),\"\")","v":""},{"$f":"IFERROR(VLOOKUP(C854,参数!B:H,3,FALSE),\"\")","v":""},"",1]
[854,{"$nulls":6},{"$f":"IFERROR(VLOOKUP(C855,参数!$B:$H,2,0),\"\")","v":""},{"$f":"IFERROR(VLOOKUP(C855,参数!$B:$H,4,0),\"\")","v":""},{"$f":"IFERROR(VLOOKUP(C855,参数!B:H,3,FALSE),\"\")","v":""},"",1]
[855,{"$nulls":6},{"$f":"IFERROR(VLOOKUP(C856,参数!$B:$H,2,0),\"\")","v":""},{"$f":"IFERROR(VLOOKUP(C856,参数!$B:$H,4,0),\"\")","v":""},{"$f":"IFERROR(VLOOKUP(C856,参数!B:H,3,FALSE),\"\")","v":""},"",1]
[856,{"$nulls":6},{"$f":"IFERROR(VLOOKUP(C857,参数!$B:$H,2,0),\"\")","v":""},{"$f":"IFERROR(VLOOKUP(C857,参数!$B:$H,4,0),\"\")","v":""},{"$f":"IFERROR(VLOOKUP(C857,参数!B:H,3,FALSE),\"\")","v":""},"",1]
[857,{"$nulls":6},{"$f":"IFERROR(VLOOKUP(C858,参数!$B:$H,2,0),\"\")","v":""},{"$f":"IFERROR(VLOOKUP(C858,参数!$B:$H,4,0),\"\")","v":""},{"$f":"IFERROR(VLOOKUP(C858,参数!B:H,3,FALSE),\"\")","v":""},"",1]
[858,{"$nulls":6},{"$f":"IFERROR(VLOOKUP(C859,参数!$B:$H,2,0),\"\")","v":""},{"$f":"IFERROR(VLOOKUP(C859,参数!$B:$H,4,0),\"\")","v":""},{"$f":"IFERROR(VLOOKUP(C859,参数!B:H,3,FALSE),\"\")","v":""},"",1]
[859,{"$nulls":6},{"$f":"IFERROR(VLOOKUP(C860,参数!$B:$H,2,0),\"\")","v":""},{"$f":"IFERROR(VLOOKUP(C860,参数!$B:$H,4,0),\"\")","v":""},{"$f":"IFERROR(VLOOKUP(C860,参数!B:H,3,FALSE),\"\")","v":""},"",1]
[860,{"$nulls":6},{"$f":"IFERROR(VLOOKUP(C861,参数!$B:$H,2,0),\"\")","v":""},{"$f":"IFERROR(VLOOKUP(C861,参数!$B:$H,4,0),\"\")","v":""},{"$f":"IFERROR(VLOOKUP(C861,参数!B:H,3,FALSE),\"\")","v":""},"",1]
[861,{"$nulls":6},{"$f":"IFERROR(VLOOKUP(C862,参数!$B:$H,2,0),\"\")","v":""},{"$f":"IFERROR(VLOOKUP(C862,参数!$B:$H,4,0),\"\")","v":""},{"$f":"IFERROR(VLOOKUP(C862,参数!B:H,3,FALSE),\"\")","v":""},"",1]
[862,{"$nulls":6},{"$f":"IFERROR(VLOOKUP(C863,参数!$B:$H,2,0),\"\")","v":""},{"$f":"IFERROR(VLOOKUP(C863,参数!$B:$H,4,0),\"\")","v":""},{"$f":"IFERROR(VLOOKUP(C863,参数!B:H,3,FALSE),\"\")","v":""},"",1]
[863,{"$nulls":6},{"$f":"IFERROR(VLOOKUP(C864,参数!$B:$H,2,0),\"\")","v":""},{"$f":"IFERROR(VLOOKUP(C864,参数!$B:$H,4,0),\"\")","v":""},{"$f":"IFERROR(VLOOKUP(C864,参数!B:H,3,FALSE),\"\")","v":""},"",1]
[864,{"$nulls":6},{"$f":"IFERROR(VLOOKUP(C865,参数!$B:$H,2,0),\"\")","v":""},{"$f":"IFERROR(VLOOKUP(C865,参数!$B:$H,4,0),\"\")","v":""},{"$f":"IFERROR(VLOOKUP(C865,参数!B:H,3,FALSE),\"\")","v":""},"",1]
[865,{"$nulls":6},{"$f":"IFERROR(VLOOKUP(C866,参数!$B:$H,2,0),\"\")","v":""},{"$f":"IFERROR(VLOOKUP(C866,参数!$B:$H,4,0),\"\")","v":""},{"$f":"IFERROR(VLOOKUP(C866,参数!B:H,3,FALSE),\"\")","v":""},"",1]
[866,{"$nulls":6},{"$f":"IFERROR(VLOOKUP(C867,参数!$B:$H,2,0),\"\")","v":""},{"$f":"IFERROR(VLOOKUP(C867,参数!$B:$H,4,0),\"\")","v":""},{"$f":"IFERROR(VLOOKUP(C867,参数!B:H,3,FALSE),\"\")","v":""},"",1]
[867,{"$nulls":6},{"$f":"IFERROR(VLOOKUP(C868,参数!$B:$H,2,0),\"\")","v":""},{"$f":"IFERROR(VLOOKUP(C868,参数!$B:$H,4,0),\"\")","v":""},{"$f":"IFERROR(VLOOKUP(C868,参数!B:H,3,FALSE),\"\")","v":""},"",1]
[868,{"$nulls":6},{"$f":"IFERROR(VLOOKUP(C869,参数!$B:$H,2,0),\"\")","v":""},{"$f":"IFERROR(VLOOKUP(C869,参数!$B:$H,4,0),\"\")","v":""},{"$f":"IFERROR(VLOOKUP(C869,参数!B:H,3,FALSE),\"\")","v":""},{"$f":"IFERROR(J869*E869,\"\")","v":""},1]
[869,{"$nulls":6},{"$f":"IFERROR(VLOOKUP(C870,参数!$B:$H,2,0),\"\")","v":""},{"$f":"IFERROR(VLOOKUP(C870,参数!$B:$H,4,0),\"\")","v":""},{"$f":"IFERROR(VLOOKUP(C870,参数!B:H,3,FALSE),\"\")","v":""},"",1]
[870,{"$nulls":6},{"$f":"IFERROR(VLOOKUP(C871,参数!$B:$H,2,0),\"\")","v":""},{"$f":"IFERROR(VLOOKUP(C871,参数!$B:$H,4,0),\"\")","v":""},{"$f":"IFERROR(VLOOKUP(C871,参数!B:H,3,FALSE),\"\")","v":""},"",1]
[871,{"$nulls":6},{"$f":"IFERROR(VLOOKUP(C872,参数!$B:$H,2,0),\"\")","v":""},{"$f":"IFERROR(VLOOKUP(C872,参数!$B:$H,4,0),\"\")","v":""},{"$f":"IFERROR(VLOOKUP(C872,参数!B:H,3,FALSE),\"\")","v":""},"",1]
[872,{"$nulls":6},{"$f":"IFERROR(VLOOKUP(C873,参数!$B:$H,2,0),\"\")","v":""},{"$f":"IFERROR(VLOOKUP(C873,参数!$B:$H,4,0),\"\")","v":""},{"$f":"IFERROR(VLOOKUP(C873,参数!B:H,3,FALSE),\"\")","v":""},"",1]
[873,{"$nulls":6},{"$f":"IFERROR(VLOOKUP(C874,参数!$B:$H,2,0),\"\")","v":""},{"$f":"IFERROR(VLOOKUP(C874,参数!$B:$H,4,0),\"\")","v":""},{"$f":"IFERROR(VLOOKUP(C874,参数!B:H,3,FALSE),\"\")","v":""},"",1]
[874,{"$nulls":6},{"$f":"IFERROR(VLOOKUP(C875,参数!$B:$H,2,0),\"\")","v":""},{"$f":"IFERROR(VLOOKUP(C875,参数!$B:$H,4,0),\"\")","v":""},{"$f":"IFERROR(VLOOKUP(C875,参数!B:H,3,FALSE),\"\")","v":""},"",1]
[875,{"$nulls":6},{"$f":"IFERROR(VLOOKUP(C876,参数!$B:$H,2,0),\"\")","v":""},{"$f":"IFERROR(VLOOKUP(C876,参数!$B:$H,4,0),\"\")","v":""},{"$f":"IFERROR(VLOOKUP(C876,参数!B:H,3,FALSE),\"\")","v":""},"",1]
[876,{"$nulls":6},{"$f":"IFERROR(VLOOKUP(C877,参数!$B:$H,2,0),\"\")","v":""},{"$f":"IFERROR(VLOOKUP(C877,参数!$B:$H,4,0),\"\")","v":""},{"$f":"IFERROR(VLOOKUP(C877,参数!B:H,3,FALSE),\"\")","v":""},"",1]
[877,{"$nulls":6},{"$f":"IFERROR(VLOOKUP(C878,参数!$B:$H,2,0),\"\")","v":""},{"$f":"IFERROR(VLOOKUP(C878,参数!$B:$H,4,0),\"\")","v":""},{"$f":"IFERROR(VLOOKUP(C878,参数!B:H,3,FALSE),\"\")","v":""},"",1]
[878,{"$nulls":6},{"$f":"IFERROR(VLOOKUP(C879,参数!$B:$H,2,0),\"\")","v":""},{"$f":"IFERROR(VLOOKUP(C879,参数!$B:$H,4,0),\"\")","v":""},{"$f":"IFERROR(VLOOKUP(C879,参数!B:H,3,FALSE),\"\")","v":""},"",1]
[879,{"$nulls":6},{"$f":"IFERROR(VLOOKUP(C880,参数!$B:$H,2,0),\"\")","v":""},{"$f":"IFERROR(VLOOKUP(C880,参数!$B:$H,4,0),\"\")","v":""},{"$f":"IFERROR(VLOOKUP(C880,参数!B:H,3,FALSE),\"\")","v":""},"",1]
[880,{"$nulls":6},{"$f":"IFERROR(VLOOKUP(C881,参数!$B:$H,2,0),\"\")","v":""},{"$f":"IFERROR(VLOOKUP(C881,参数!$B:$H,4,0),\"\")","v":""},{"$f":"IFERROR(VLOOKUP(C881,参数!B:H,3,FALSE),\"\")","v":""},"",1]
[881,{"$nulls":6},{"$f":"IFERROR(VLOOKUP(C882,参数!$B:$H,2,0),\"\")","v":""},{"$f":"IFERROR(VLOOKUP(C882,参数!$B:$H,4,0),\"\")","v":""},{"$f":"IFERROR(VLOOKUP(C882,参数!B:H,3,FALSE),\"\")","v":""},"",1]
[882,{"$nulls":6},{"$f":"IFERROR(VLOOKUP(C883,参数!$B:$H,2,0),\"\")","v":""},{"$f":"IFERROR(VLOOKUP(C883,参数!$B:$H,4,0),\"\")","v":""},{"$f":"IFERROR(VLOOKUP(C883,参数!B:H,3,FALSE),\"\")","v":""},"",1]
[883,{"$nulls":6},{"$f":"IFERROR(VLOOKUP(C884,参数!$B:$H,2,0),\"\")","v":""},{"$f":"IFERROR(VLOOKUP(C884,参数!$B:$H,4,0),\"\")","v":""},{"$f":"IFERROR(VLOOKUP(C884,参数!B:H,3,FALSE),\"\")","v":""},"",1]
[884,{"$nulls":6},{"$f":"IFERROR(VLOOKUP(C885,参数!$B:$H,2,0),\"\")","v":""},{"$f":"IFERROR(VLOOKUP(C885,参数!$B:$H,4,0),\"\")","v":""},{"$f":"IFERROR(VLOOKUP(C885,参数!B:H,3,FALSE),\"\")","v":""},"",1]
[885,{"$nulls":6},{"$f":"IFERROR(VLOOKUP(C886,参数!$B:$H,2,0),\"\")","v":""},{"$f":"IFERROR(VLOOKUP(C886,参数!$B:$H,4,0),\"\")","v":""},{"$f":"IFERROR(VLOOKUP(C886,参数!B:H,3,FALSE),\"\")","v":""},"",1]
[886,{"$nulls":6},{"$f":"IFERROR(VLOOKUP(C887,参数!$B:$H,2,0),\"\")","v":""},{"$f":"IFERROR(VLOOKUP(C887,参数!$B:$H,4,0),\"\")","v":""},{"$f":"IFERROR(VLOOKUP(C887,参数!B:H,3,FALSE),\"\")","v":""},"",1]
[887,{"$nulls":6},{"$f":"IFERROR(VLOOKUP(C888,参数!$B:$H,2,0),\"\")","v":""},{"$f":"IFERROR(VLOOKUP(C888,参数!$B:$H,4,0),\"\")","v":""},{"$f":"IFERROR(VLOOKUP(C888,参数!B:H,3,FALSE),\"\")","v":""},"",1]
[888,{"$nulls":6},{"$f":"IFERROR(VLOOKUP(C889,参数!$B:$H,2,0),\"\")","v":""},{"$f":"IFERROR(VLOOKUP(C889,参数!$B:$H,4,0),\"\")","v":""},{"$f":"IFERROR(VLOOKUP(C889,参数!B:H,3,FALSE),\"\")","v":""},"",1]
[889,{"$nulls":6},{"$f":"IFERROR(VLOOKUP(C890,参数!$B:$H,2,0),\"\")","v":""},{"$f":"IFERROR(VLOOKUP(C890,参数!$B:$H,4,0),\"\")","v":""},{"$f":"IFERROR(VLOOKUP(C890,参数!B:H,3,FALSE),\"\")","v":""},"",1]
[890,{"$nulls":6},{"$f":"IFERROR(VLOOKUP(C891,参数!$B:$H,2,0),\"\")","v":""},{"$f":"IFERROR(VLOOKUP(C891,参数!$B:$H,4,0),\"\")","v":""},{"$f":"IFERROR(VLOOKUP(C891,参数!B:H,3,FALSE),\"\")","v":""},"",1]
[891,{"$nulls":6},{"$f":"IFERROR(VLOOKUP(C892,参数!$B:$H,2,0),\"\")","v":""},{"$f":"IFERROR(VLOOKUP(C892,参数!$B:$H,4,0),\"\")","v":""},{"$f":"IFERROR(VLOOKUP(C892,参数!B:H,3,FALSE),\"\")","v":""},"",1]
[892,{"$nulls":6},{"$f":"IFERROR(VLOOKUP(C893,参数!$B:$H,2,0),\"\")","v":""},{"$f":"IFERROR(VLOOKUP(C893,参数!$B:$H,4,0),\"\")","v":""},{"$f":"IFERROR(VLOOKUP(C893,参数!B:H,3,FALSE),\"\")","v":""},"",1]
[893,{"$nulls":6},{"$f":"IFERROR(VLOOKUP(C894,参数!$B:$H,2,0),\"\")","v":""},{"$f":"IFERROR(VLOOKUP(C894,参数!$B:$H,4,0),\"\")","v":""},{"$f":"IFERROR(VLOOKUP(C894,参数!B:H,3,FALSE),\"\")","v":""},"",1]
[894,{"$nulls":6},{"$f":"IFERROR(VLOOKUP(C895,参数!$B:$H,2,0),\"\")","v":""},{"$f":"IFERROR(VLOOKUP(C895,参数!$B:$H,4,0),\"\")","v":""},{"$f":"IFERROR(VLOOKUP(C895,参数!B:H,3,FALSE),\"\")","v":""},"",1]
[895,{"$nulls":6},{"$f":"IFERROR(VLOOKUP(C896,参数!$B:$H,2,0),\"\")","v":""},{"$f":"IFERROR(VLOOKUP(C896,参数!$B:$H,4,0),\"\")","v":""},{"$f":"IFERROR(VLOOKUP(C896,参数!B:H,3,FALSE),\"\")","v":""},"",1]
[896,{"$nulls":6},{"$f":"IFERROR(VLOOKUP(C897,参数!$B:$H,2,0),\"\")","v":""},{"$f":"IFERROR(VLOOKUP(C897,参数!$B:$H,4,0),\"\")","v":""},{"$f":"IFERROR(VLOOKUP(C897,参数!B:H,3,FALSE),\"\")","v":""},"",1]
[897,{"$nulls":6},{"$f":"IFERROR(VLOOKUP(C898,参数!$B:$H,2,0),\"\")","v":""},{"$f":"IFERROR(VLOOKUP(C898,参数!$B:$H,4,0),\"\")","v":""},{"$f":"IFERROR(VLOOKUP(C898,参数!B:H,3,FALSE),\"\")","v":""},"",{"$f":"VALUE(MONTH(B898))","v":1}]
[898,{"$nulls":6},{"$f":"IFERROR(VLOOKUP(C899,参数!$B:$H,2,0),\"\")","v":""},{"$f":"IFERROR(VLOOKUP(C899,参数!$B:$H,4,0),\"\")","v":""},{"$f":"IFERROR(VLOOKUP(C899,参数!B:H,3,FALSE),\"\")","v":""},"",1]
[899,{"$nulls":6},{"$f":"IFERROR(VLOOKUP(C900,参数!$B:$H,2,0),\"\")","v":""},{"$f":"IFERROR(VLOOKUP(C900,参数!$B:$H,4,0),\"\")","v":""},{"$f":"IFERROR(VLOOKUP(C900,参数!B:H,3,FALSE),\"\")","v":""},"",1]
[900,{"$nulls":6},{"$f":"IFERROR(VLOOKUP(C901,参数!$B:$H,2,0),\"\")","v":""},{"$f":"IFERROR(VLOOKUP(C901,参数!$B:$H,4,0),\"\")","v":""},{"$f":"IFERROR(VLOOKUP(C901,参数!B:H,3,FALSE),\"\")","v":""},"",1]
[901,{"$nulls":6},{"$f":"IFERROR(VLOOKUP(C902,参数!$B:$H,2,0),\"\")","v":""},{"$f":"IFERROR(VLOOKUP(C902,参数!$B:$H,4,0),\"\")","v":""},{"$f":"IFERROR(VLOOKUP(C902,参数!B:H,3,FALSE),\"\")","v":""},"",1]
[902,{"$nulls":6},{"$f":"IFERROR(VLOOKUP(C903,参数!$B:$H,2,0),\"\")","v":""},{"$f":"IFERROR(VLOOKUP(C903,参数!$B:$H,4,0),\"\")","v":""},{"$f":"IFERROR(VLOOKUP(C903,参数!B:H,3,FALSE),\"\")","v":""},"",1]
[903,{"$nulls":6},{"$f":"IFERROR(VLOOKUP(C904,参数!$B:$H,2,0),\"\")","v":""},{"$f":"IFERROR(VLOOKUP(C904,参数!$B:$H,4,0),\"\")","v":""},{"$f":"IFERROR(VLOOKUP(C904,参数!B:H,3,FALSE),\"\")","v":""},"",1]
[904,{"$nulls":6},{"$f":"IFERROR(VLOOKUP(C905,参数!$B:$H,2,0),\"\")","v":""},{"$f":"IFERROR(VLOOKUP(C905,参数!$B:$H,4,0),\"\")","v":""},{"$f":"IFERROR(VLOOKUP(C905,参数!B:H,3,FALSE),\"\")","v":""},"",1]
[905,{"$nulls":6},{"$f":"IFERROR(VLOOKUP(C906,参数!$B:$H,2,0),\"\")","v":""},{"$f":"IFERROR(VLOOKUP(C906,参数!$B:$H,4,0),\"\")","v":""},{"$f":"IFERROR(VLOOKUP(C906,参数!B:H,3,FALSE),\"\")","v":""},"",1]
[906,{"$nulls":6},{"$f":"IFERROR(VLOOKUP(C907,参数!$B:$H,2,0),\"\")","v":""},{"$f":"IFERROR(VLOOKUP(C907,参数!$B:$H,4,0),\"\")","v":""},{"$f":"IFERROR(VLOOKUP(C907,参数!B:H,3,FALSE),\"\")","v":""},"",1]
[907,{"$nulls":6},{"$f":"IFERROR(VLOOKUP(C908,参数!$B:$H,2,0),\"\")","v":""},{"$f":"IFERROR(VLOOKUP(C908,参数!$B:$H,4,0),\"\")","v":""},{"$f":"IFERROR(VLOOKUP(C908,参数!B:H,3,FALSE),\"\")","v":""},"",1]
[908,{"$nulls":6},{"$f":"IFERROR(VLOOKUP(C909,参数!$B:$H,2,0),\"\")","v":""},{"$f":"IFERROR(VLOOKUP(C909,参数!$B:$H,4,0),\"\")","v":""},{"$f":"IFERROR(VLOOKUP(C909,参数!B:H,3,FALSE),\"\")","v":""},"",1]
[909,{"$nulls":6},{"$f":"IFERROR(VLOOKUP(C910,参数!$B:$H,2,0),\"\")","v":""},{"$f":"IFERROR(VLOOKUP(C910,参数!$B:$H,4,0),\"\")","v":""},{"$f":"IFERROR(VLOOKUP(C910,参数!B:H,3,FALSE),\"\")","v":""},"",1]
[910,{"$nulls":6},{"$f":"IFERROR(VLOOKUP(C911,参数!$B:$H,2,0),\"\")","v":""},{"$f":"IFERROR(VLOOKUP(C911,参数!$B:$H,4,0),\"\")","v":""},{"$f":"IFERROR(VLOOKUP(C911,参数!B:H,3,FALSE),\"\")","v":""},"",1]
[911,{"$nulls":6},{"$f":"IFERROR(VLOOKUP(C912,参数!$B:$H,2,0),\"\")","v":""},{"$f":"IFERROR(VLOOKUP(C912,参数!$B:$H,4,0),\"\")","v":""},{"$f":"IFERROR(VLOOKUP(C912,参数!B:H,3,FALSE),\"\")","v":""},"",1]
[912,{"$nulls":6},{"$f":"IFERROR(VLOOKUP(C913,参数!$B:$H,2,0),\"\")","v":""},{"$f":"IFERROR(VLOOKUP(C913,参数!$B:$H,4,0),\"\")","v":""},{"$f":"IFERROR(VLOOKUP(C913,参数!B:H,3,FALSE),\"\")","v":""},"",1]
[913,{"$nulls":6},{"$f":"IFERROR(VLOOKUP(C914,参数!$B:$H,2,0),\"\")","v":""},{"$f":"IFERROR(VLOOKUP(C914,参数!$B:$H,4,0),\"\")","v":""},{"$f":"IFERROR(VLOOKUP(C914,参数!B:H,3,FALSE),\"\")","v":""},"",1]
[914,{"$nulls":6},{"$f":"IFERROR(VLOOKUP(C915,参数!$B:$H,2,0),\"\")","v":""},{"$f":"IFERROR(VLOOKUP(C915,参数!$B:$H,4,0),\"\")","v":""},{"$f":"IFERROR(VLOOKUP(C915,参数!B:H,3,FALSE),\"\")","v":""},"",1]
[915,{"$nulls":6},{"$f":"IFERROR(VLOOKUP(C916,参数!$B:$H,2,0),\"\")","v":""},{"$f":"IFERROR(VLOOKUP(C916,参数!$B:$H,4,0),\"\")","v":""},{"$f":"IFERROR(VLOOKUP(C916,参数!B:H,3,FALSE),\"\")","v":""},"",1]
[916,{"$nulls":6},{"$f":"IFERROR(VLOOKUP(C917,参数!$B:$H,2,0),\"\")","v":""},{"$f":"IFERROR(VLOOKUP(C917,参数!$B:$H,4,0),\"\")","v":""},{"$f":"IFERROR(VLOOKUP(C917,参数!B:H,3,FALSE),\"\")","v":""},"",1]
[917,{"$nulls":6},{"$f":"IFERROR(VLOOKUP(C918,参数!$B:$H,2,0),\"\")","v":""},{"$f":"IFERROR(VLOOKUP(C918,参数!$B:$H,4,0),\"\")","v":""},{"$f":"IFERROR(VLOOKUP(C918,参数!B:H,3,FALSE),\"\")","v":""},"",1]
[918,{"$nulls":6},{"$f":"IFERROR(VLOOKUP(C919,参数!$B:$H,2,0),\"\")","v":""},{"$f":"IFERROR(VLOOKUP(C919,参数!$B:$H,4,0),\"\")","v":""},{"$f":"IFERROR(VLOOKUP(C919,参数!B:H,3,FALSE),\"\")","v":""},"",1]
[919,{"$nulls":6},{"$f":"IFERROR(VLOOKUP(C920,参数!$B:$H,2,0),\"\")","v":""},{"$f":"IFERROR(VLOOKUP(C920,参数!$B:$H,4,0),\"\")","v":""},{"$f":"IFERROR(VLOOKUP(C920,参数!B:H,3,FALSE),\"\")","v":""},"",1]
[920,{"$nulls":6},{"$f":"IFERROR(VLOOKUP(C921,参数!$B:$H,2,0),\"\")","v":""},{"$f":"IFERROR(VLOOKUP(C921,参数!$B:$H,4,0),\"\")","v":""},{"$f":"IFERROR(VLOOKUP(C921,参数!B:H,3,FALSE),\"\")","v":""},"",1]
[921,{"$nulls":6},{"$f":"IFERROR(VLOOKUP(C922,参数!$B:$H,2,0),\"\")","v":""},{"$f":"IFERROR(VLOOKUP(C922,参数!$B:$H,4,0),\"\")","v":""},{"$f":"IFERROR(VLOOKUP(C922,参数!B:H,3,FALSE),\"\")","v":""},"",1]
[922,{"$nulls":6},{"$f":"IFERROR(VLOOKUP(C923,参数!$B:$H,2,0),\"\")","v":""},{"$f":"IFERROR(VLOOKUP(C923,参数!$B:$H,4,0),\"\")","v":""},{"$f":"IFERROR(VLOOKUP(C923,参数!B:H,3,FALSE),\"\")","v":""},"",1]
[923,{"$nulls":6},{"$f":"IFERROR(VLOOKUP(C924,参数!$B:$H,2,0),\"\")","v":""},{"$f":"IFERROR(VLOOKUP(C924,参数!$B:$H,4,0),\"\")","v":""},{"$f":"IFERROR(VLOOKUP(C924,参数!B:H,3,FALSE),\"\")","v":""},"",1]
[924,{"$nulls":6},{"$f":"IFERROR(VLOOKUP(C925,参数!$B:$H,2,0),\"\")","v":""},{"$f":"IFERROR(VLOOKUP(C925,参数!$B:$H,4,0),\"\")","v":""},{"$f":"IFERROR(VLOOKUP(C925,参数!B:H,3,FALSE),\"\")","v":""},"",1]
[925,{"$nulls":6},{"$f":"IFERROR(VLOOKUP(C926,参数!$B:$H,2,0),\"\")","v":""},{"$f":"IFERROR(VLOOKUP(C926,参数!$B:$H,4,0),\"\")","v":""},{"$f":"IFERROR(VLOOKUP(C926,参数!B:H,3,FALSE),\"\")","v":""},"",1]
[926,{"$nulls":6},{"$f":"IFERROR(VLOOKUP(C927,参数!$B:$H,2,0),\"\")","v":""},{"$f":"IFERROR(VLOOKUP(C927,参数!$B:$H,4,0),\"\")","v":""},{"$f":"IFERROR(VLOOKUP(C927,参数!B:H,3,FALSE),\"\")","v":""},"",1]
[927,{"$nulls":6},{"$f":"IFERROR(VLOOKUP(C928,参数!$B:$H,2,0),\"\")","v":""},{"$f":"IFERROR(VLOOKUP(C928,参数!$B:$H,4,0),\"\")","v":""},{"$f":"IFERROR(VLOOKUP(C928,参数!B:H,3,FALSE),\"\")","v":""},"",1]
[928,{"$nulls":6},{"$f":"IFERROR(VLOOKUP(C929,参数!$B:$H,2,0),\"\")","v":""},{"$f":"IFERROR(VLOOKUP(C929,参数!$B:$H,4,0),\"\")","v":""},{"$f":"IFERROR(VLOOKUP(C929,参数!B:H,3,FALSE),\"\")","v":""},"",1]
[929,{"$nulls":6},{"$f":"IFERROR(VLOOKUP(C930,参数!$B:$H,2,0),\"\")","v":""},{"$f":"IFERROR(VLOOKUP(C930,参数!$B:$H,4,0),\"\")","v":""},{"$f":"IFERROR(VLOOKUP(C930,参数!B:H,3,FALSE),\"\")","v":""},"",1]
[930,{"$nulls":6},{"$f":"IFERROR(VLOOKUP(C931,参数!$B:$H,2,0),\"\")","v":""},{"$f":"IFERROR(VLOOKUP(C931,参数!$B:$H,4,0),\"\")","v":""},{"$f":"IFERROR(VLOOKUP(C931,参数!B:H,3,FALSE),\"\")","v":""},"",1]
[931,{"$nulls":6},{"$f":"IFERROR(VLOOKUP(C932,参数!$B:$H,2,0),\"\")","v":""},{"$f":"IFERROR(VLOOKUP(C932,参数!$B:$H,4,0),\"\")","v":""},{"$f":"IFERROR(VLOOKUP(C932,参数!B:H,3,FALSE),\"\")","v":""},"",1]
[932,{"$nulls":6},{"$f":"IFERROR(VLOOKUP(C933,参数!$B:$H,2,0),\"\")","v":""},{"$f":"IFERROR(VLOOKUP(C933,参数!$B:$H,4,0),\"\")","v":""},{"$f":"IFERROR(VLOOKUP(C933,参数!B:H,3,FALSE),\"\")","v":""},{"$f":"IFERROR(J933*E933,\"\")","v":""},1]
[933,{"$nulls":6},{"$f":"IFERROR(VLOOKUP(C934,参数!$B:$H,2,0),\"\")","v":""},{"$f":"IFERROR(VLOOKUP(C934,参数!$B:$H,4,0),\"\")","v":""},{"$f":"IFERROR(VLOOKUP(C934,参数!B:H,3,FALSE),\"\")","v":""},"",1]
[934,{"$nulls":6},{"$f":"IFERROR(VLOOKUP(C935,参数!$B:$H,2,0),\"\")","v":""},{"$f":"IFERROR(VLOOKUP(C935,参数!$B:$H,4,0),\"\")","v":""},{"$f":"IFERROR(VLOOKUP(C935,参数!B:H,3,FALSE),\"\")","v":""},"",1]
[935,{"$nulls":6},{"$f":"IFERROR(VLOOKUP(C936,参数!$B:$H,2,0),\"\")","v":""},{"$f":"IFERROR(VLOOKUP(C936,参数!$B:$H,4,0),\"\")","v":""},{"$f":"IFERROR(VLOOKUP(C936,参数!B:H,3,FALSE),\"\")","v":""},"",1]
[936,{"$nulls":6},{"$f":"IFERROR(VLOOKUP(C937,参数!$B:$H,2,0),\"\")","v":""},{"$f":"IFERROR(VLOOKUP(C937,参数!$B:$H,4,0),\"\")","v":""},{"$f":"IFERROR(VLOOKUP(C937,参数!B:H,3,FALSE),\"\")","v":""},"",1]
[937,{"$nulls":6},{"$f":"IFERROR(VLOOKUP(C938,参数!$B:$H,2,0),\"\")","v":""},{"$f":"IFERROR(VLOOKUP(C938,参数!$B:$H,4,0),\"\")","v":""},{"$f":"IFERROR(VLOOKUP(C938,参数!B:H,3,FALSE),\"\")","v":""},"",1]
[938,{"$nulls":6},{"$f":"IFERROR(VLOOKUP(C939,参数!$B:$H,2,0),\"\")","v":""},{"$f":"IFERROR(VLOOKUP(C939,参数!$B:$H,4,0),\"\")","v":""},{"$f":"IFERROR(VLOOKUP(C939,参数!B:H,3,FALSE),\"\")","v":""},"",1]
[939,{"$nulls":6},{"$f":"IFERROR(VLOOKUP(C940,参数!$B:$H,2,0),\"\")","v":""},{"$f":"IFERROR(VLOOKUP(C940,参数!$B:$H,4,0),\"\")","v":""},{"$f":"IFERROR(VLOOKUP(C940,参数!B:H,3,FALSE),\"\")","v":""},"",1]
[940,{"$nulls":6},{"$f":"IFERROR(VLOOKUP(C941,参数!$B:$H,2,0),\"\")","v":""},{"$f":"IFERROR(VLOOKUP(C941,参数!$B:$H,4,0),\"\")","v":""},{"$f":"IFERROR(VLOOKUP(C941,参数!B:H,3,FALSE),\"\")","v":""},"",1]
[941,{"$nulls":6},{"$f":"IFERROR(VLOOKUP(C942,参数!$B:$H,2,0),\"\")","v":""},{"$f":"IFERROR(VLOOKUP(C942,参数!$B:$H,4,0),\"\")","v":""},{"$f":"IFERROR(VLOOKUP(C942,参数!B:H,3,FALSE),\"\")","v":""},"",1]
[942,{"$nulls":6},{"$f":"IFERROR(VLOOKUP(C943,参数!$B:$H,2,0),\"\")","v":""},{"$f":"IFERROR(VLOOKUP(C943,参数!$B:$H,4,0),\"\")","v":""},{"$f":"IFERROR(VLOOKUP(C943,参数!B:H,3,FALSE),\"\")","v":""},"",1]
[943,{"$nulls":6},{"$f":"IFERROR(VLOOKUP(C944,参数!$B:$H,2,0),\"\")","v":""},{"$f":"IFERROR(VLOOKUP(C944,参数!$B:$H,4,0),\"\")","v":""},{"$f":"IFERROR(VLOOKUP(C944,参数!B:H,3,FALSE),\"\")","v":""},"",1]
[944,{"$nulls":6},{"$f":"IFERROR(VLOOKUP(C945,参数!$B:$H,2,0),\"\")","v":""},{"$f":"IFERROR(VLOOKUP(C945,参数!$B:$H,4,0),\"\")","v":""},{"$f":"IFERROR(VLOOKUP(C945,参数!B:H,3,FALSE),\"\")","v":""},"",1]
[945,{"$nulls":6},{"$f":"IFERROR(VLOOKUP(C946,参数!$B:$H,2,0),\"\")","v":""},{"$f":"IFERROR(VLOOKUP(C946,参数!$B:$H,4,0),\"\")","v":""},{"$f":"IFERROR(VLOOKUP(C946,参数!B:H,3,FALSE),\"\")","v":""},"",1]
[946,{"$nulls":6},{"$f":"IFERROR(VLOOKUP(C947,参数!$B:$H,2,0),\"\")","v":""},{"$f":"IFERROR(VLOOKUP(C947,参数!$B:$H,4,0),\"\")","v":""},{"$f":"IFERROR(VLOOKUP(C947,参数!B:H,3,FALSE),\"\")","v":""},"",1]
[947,{"$nulls":6},{"$f":"IFERROR(VLOOKUP(C948,参数!$B:$H,2,0),\"\")","v":""},{"$f":"IFERROR(VLOOKUP(C948,参数!$B:$H,4,0),\"\")","v":""},{"$f":"IFERROR(VLOOKUP(C948,参数!B:H,3,FALSE),\"\")","v":""},"",1]
[948,{"$nulls":6},{"$f":"IFERROR(VLOOKUP(C949,参数!$B:$H,2,0),\"\")","v":""},{"$f":"IFERROR(VLOOKUP(C949,参数!$B:$H,4,0),\"\")","v":""},{"$f":"IFERROR(VLOOKUP(C949,参数!B:H,3,FALSE),\"\")","v":""},"",1]
[949,{"$nulls":6},{"$f":"IFERROR(VLOOKUP(C950,参数!$B:$H,2,0),\"\")","v":""},{"$f":"IFERROR(VLOOKUP(C950,参数!$B:$H,4,0),\"\")","v":""},{"$f":"IFERROR(VLOOKUP(C950,参数!B:H,3,FALSE),\"\")","v":""},"",1]
[950,{"$nulls":6},{"$f":"IFERROR(VLOOKUP(C951,参数!$B:$H,2,0),\"\")","v":""},{"$f":"IFERROR(VLOOKUP(C951,参数!$B:$H,4,0),\"\")","v":""},{"$f":"IFERROR(VLOOKUP(C951,参数!B:H,3,FALSE),\"\")","v":""},"",1]
[951,{"$nulls":6},{"$f":"IFERROR(VLOOKUP(C952,参数!$B:$H,2,0),\"\")","v":""},{"$f":"IFERROR(VLOOKUP(C952,参数!$B:$H,4,0),\"\")","v":""},{"$f":"IFERROR(VLOOKUP(C952,参数!B:H,3,FALSE),\"\")","v":""},"",1]
[952,{"$nulls":6},{"$f":"IFERROR(VLOOKUP(C953,参数!$B:$H,2,0),\"\")","v":""},{"$f":"IFERROR(VLOOKUP(C953,参数!$B:$H,4,0),\"\")","v":""},{"$f":"IFERROR(VLOOKUP(C953,参数!B:H,3,FALSE),\"\")","v":""},"",1]
[953,{"$nulls":6},{"$f":"IFERROR(VLOOKUP(C954,参数!$B:$H,2,0),\"\")","v":""},{"$f":"IFERROR(VLOOKUP(C954,参数!$B:$H,4,0),\"\")","v":""},{"$f":"IFERROR(VLOOKUP(C954,参数!B:H,3,FALSE),\"\")","v":""},"",1]
[954,{"$nulls":6},{"$f":"IFERROR(VLOOKUP(C955,参数!$B:$H,2,0),\"\")","v":""},{"$f":"IFERROR(VLOOKUP(C955,参数!$B:$H,4,0),\"\")","v":""},{"$f":"IFERROR(VLOOKUP(C955,参数!B:H,3,FALSE),\"\")","v":""},"",1]
[955,{"$nulls":6},{"$f":"IFERROR(VLOOKUP(C956,参数!$B:$H,2,0),\"\")","v":""},{"$f":"IFERROR(VLOOKUP(C956,参数!$B:$H,4,0),\"\")","v":""},{"$f":"IFERROR(VLOOKUP(C956,参数!B:H,3,FALSE),\"\")","v":""},"",1]
[956,{"$nulls":6},{"$f":"IFERROR(VLOOKUP(C957,参数!$B:$H,2,0),\"\")","v":""},{"$f":"IFERROR(VLOOKUP(C957,参数!$B:$H,4,0),\"\")","v":""},{"$f":"IFERROR(VLOOKUP(C957,参数!B:H,3,FALSE),\"\")","v":""},"",1]
[957,{"$nulls":6},{"$f":"IFERROR(VLOOKUP(C958,参数!$B:$H,2,0),\"\")","v":""},{"$f":"IFERROR(VLOOKUP(C958,参数!$B:$H,4,0),\"\")","v":""},{"$f":"IFERROR(VLOOKUP(C958,参数!B:H,3,FALSE),\"\")","v":""},"",1]
[958,{"$nulls":6},{"$f":"IFERROR(VLOOKUP(C959,参数!$B:$H,2,0),\"\")","v":""},{"$f":"IFERROR(VLOOKUP(C959,参数!$B:$H,4,0),\"\")","v":""},{"$f":"IFERROR(VLOOKUP(C959,参数!B:H,3,FALSE),\"\")","v":""},"",1]
[959,{"$nulls":6},{"$f":"IFERROR(VLOOKUP(C960,参数!$B:$H,2,0),\"\")","v":""},{"$f":"IFERROR(VLOOKUP(C960,参数!$B:$H,4,0),\"\")","v":""},{"$f":"IFERROR(VLOOKUP(C960,参数!B:H,3,FALSE),\"\")","v":""},"",1]
[960,{"$nulls":6},{"$f":"IFERROR(VLOOKUP(C961,参数!$B:$H,2,0),\"\")","v":""},{"$f":"IFERROR(VLOOKUP(C961,参数!$B:$H,4,0),\"\")","v":""},{"$f":"IFERROR(VLOOKUP(C961,参数!B:H,3,FALSE),\"\")","v":""},"",1]
[961,{"$nulls":6},{"$f":"IFERROR(VLOOKUP(C962,参数!$B:$H,2,0),\"\")","v":""},{"$f":"IFERROR(VLOOKUP(C962,参数!$B:$H,4,0),\"\")","v":""},{"$f":"IFERROR(VLOOKUP(C962,参数!B:H,3,FALSE),\"\")","v":""},"",{"$f":"VALUE(MONTH(B962))","v":1}]
[962,{"$nulls":6},{"$f":"IFERROR(VLOOKUP(C963,参数!$B:$H,2,0),\"\")","v":""},{"$f":"IFERROR(VLOOKUP(C963,参数!$B:$H,4,0),\"\")","v":""},{"$f":"IFERROR(VLOOKUP(C963,参数!B:H,3,FALSE),\"\")","v":""},"",1]
[963,{"$nulls":6},{"$f":"IFERROR(VLOOKUP(C964,参数!$B:$H,2,0),\"\")","v":""},{"$f":"IFERROR(VLOOKUP(C964,参数!$B:$H,4,0),\"\")","v":""},{"$f":"IFERROR(VLOOKUP(C964,参数!B:H,3,FALSE),\"\")","v":""},"",1]
[964,{"$nulls":6},{"$f":"IFERROR(VLOOKUP(C965,参数!$B:$H,2,0),\"\")","v":""},{"$f":"IFERROR(VLOOKUP(C965,参数!$B:$H,4,0),\"\")","v":""},{"$f":"IFERROR(VLOOKUP(C965,参数!B:H,3,FALSE),\"\")","v":""},"",1]
[965,{"$nulls":6},{"$f":"IFERROR(VLOOKUP(C966,参数!$B:$H,2,0),\"\")","v":""},{"$f":"IFERROR(VLOOKUP(C966,参数!$B:$H,4,0),\"\")","v":""},{"$f":"IFERROR(VLOOKUP(C966,参数!B:H,3,FALSE),\"\")","v":""},"",1]
[966,{"$nulls":6},{"$f":"IFERROR(VLOOKUP(C967,参数!$B:$H,2,0),\"\")","v":""},{"$f":"IFERROR(VLOOKUP(C967,参数!$B:$H,4,0),\"\")","v":""},{"$f":"IFERROR(VLOOKUP(C967,参数!B:H,3,FALSE),\"\")","v":""},"",1]
[967,{"$nulls":6},{"$f":"IFERROR(VLOOKUP(C968,参数!$B:$H,2,0),\"\")","v":""},{"$f":"IFERROR(VLOOKUP(C968,参数!$B:$H,4,0),\"\")","v":""},{"$f":"IFERROR(VLOOKUP(C968,参数!B:H,3,FALSE),\"\")","v":""},"",1]
[968,{"$nulls":6},{"$f":"IFERROR(VLOOKUP(C969,参数!$B:$H,2,0),\"\")","v":""},{"$f":"IFERROR(VLOOKUP(C969,参数!$B:$H,4,0),\"\")","v":""},{"$f":"IFERROR(VLOOKUP(C969,参数!B:H,3,FALSE),\"\")","v":""},"",1]
[969,{"$nulls":6},{"$f":"IFERROR(VLOOKUP(C970,参数!$B:$H,2,0),\"\")","v":""},{"$f":"IFERROR(VLOOKUP(C970,参数!$B:$H,4,0),\"\")","v":""},{"$f":"IFERROR(VLOOKUP(C970,参数!B:H,3,FALSE),\"\")","v":""},"",1]
[970,{"$nulls":6},{"$f":"IFERROR(VLOOKUP(C971,参数!$B:$H,2,0),\"\")","v":""},{"$f":"IFERROR(VLOOKUP(C971,参数!$B:$H,4,0),\"\")","v":""},{"$f":"IFERROR(VLOOKUP(C971,参数!B:H,3,FALSE),\"\")","v":""},"",1]
[971,{"$nulls":6},{"$f":"IFERROR(VLOOKUP(C972,参数!$B:$H,2,0),\"\")","v":""},{"$f":"IFERROR(VLOOKUP(C972,参数!$B:$H,4,0),\"\")","v":""},{"$f":"IFERROR(VLOOKUP(C972,参数!B:H,3,FALSE),\"\")","v":""},"",1]
[972,{"$nulls":6},{"$f":"IFERROR(VLOOKUP(C973,参数!$B:$H,2,0),\"\")","v":""},{"$f":"IFERROR(VLOOKUP(C973,参数!$B:$H,4,0),\"\")","v":""},{"$f":"IFERROR(VLOOKUP(C973,参数!B:H,3,FALSE),\"\")","v":""},"",1]
[973,{"$nulls":6},{"$f":"IFERROR(VLOOKUP(C974,参数!$B:$H,2,0),\"\")","v":""},{"$f":"IFERROR(VLOOKUP(C974,参数!$B:$H,4,0),\"\")","v":""},{"$f":"IFERROR(VLOOKUP(C974,参数!B:H,3,FALSE),\"\")","v":""},"",1]
[974,{"$nulls":6},{"$f":"IFERROR(VLOOKUP(C975,参数!$B:$H,2,0),\"\")","v":""},{"$f":"IFERROR(VLOOKUP(C975,参数!$B:$H,4,0),\"\")","v":""},{"$f":"IFERROR(VLOOKUP(C975,参数!B:H,3,FALSE),\"\")","v":""},"",1]
[975,{"$nulls":6},{"$f":"IFERROR(VLOOKUP(C976,参数!$B:$H,2,0),\"\")","v":""},{"$f":"IFERROR(VLOOKUP(C976,参数!$B:$H,4,0),\"\")","v":""},{"$f":"IFERROR(VLOOKUP(C976,参数!B:H,3,FALSE),\"\")","v":""},"",1]
[976,{"$nulls":6},{"$f":"IFERROR(VLOOKUP(C977,参数!$B:$H,2,0),\"\")","v":""},{"$f":"IFERROR(VLOOKUP(C977,参数!$B:$H,4,0),\"\")","v":""},{"$f":"IFERROR(VLOOKUP(C977,参数!B:H,3,FALSE),\"\")","v":""},"",1]
[977,{"$nulls":6},{"$f":"IFERROR(VLOOKUP(C978,参数!$B:$H,2,0),\"\")","v":""},{"$f":"IFERROR(VLOOKUP(C978,参数!$B:$H,4,0),\"\")","v":""},{"$f":"IFERROR(VLOOKUP(C978,参数!B:H,3,FALSE),\"\")","v":""},"",1]
[978,{"$nulls":6},{"$f":"IFERROR(VLOOKUP(C979,参数!$B:$H,2,0),\"\")","v":""},{"$f":"IFERROR(VLOOKUP(C979,参数!$B:$H,4,0),\"\")","v":""},{"$f":"IFERROR(VLOOKUP(C979,参数!B:H,3,FALSE),\"\")","v":""},"",1]
[979,{"$nulls":6},{"$f":"IFERROR(VLOOKUP(C980,参数!$B:$H,2,0),\"\")","v":""},{"$f":"IFERROR(VLOOKUP(C980,参数!$B:$H,4,0),\"\")","v":""},{"$f":"IFERROR(VLOOKUP(C980,参数!B:H,3,FALSE),\"\")","v":""},"",1]
[980,{"$nulls":6},{"$f":"IFERROR(VLOOKUP(C981,参数!$B:$H,2,0),\"\")","v":""},{"$f":"IFERROR(VLOOKUP(C981,参数!$B:$H,4,0),\"\")","v":""},{"$f":"IFERROR(VLOOKUP(C981,参数!B:H,3,FALSE),\"\")","v":""},"",1]
[981,{"$nulls":6},{"$f":"IFERROR(VLOOKUP(C982,参数!$B:$H,2,0),\"\")","v":""},{"$f":"IFERROR(VLOOKUP(C982,参数!$B:$H,4,0),\"\")","v":""},{"$f":"IFERROR(VLOOKUP(C982,参数!B:H,3,FALSE),\"\")","v":""},"",1]
[982,{"$nulls":6},{"$f":"IFERROR(VLOOKUP(C983,参数!$B:$H,2,0),\"\")","v":""},{"$f":"IFERROR(VLOOKUP(C983,参数!$B:$H,4,0),\"\")","v":""},{"$f":"IFERROR(VLOOKUP(C983,参数!B:H,3,FALSE),\"\")","v":""},"",1]
[983,{"$nulls":6},{"$f":"IFERROR(VLOOKUP(C984,参数!$B:$H,2,0),\"\")","v":""},{"$f":"IFERROR(VLOOKUP(C984,参数!$B:$H,4,0),\"\")","v":""},{"$f":"IFERROR(VLOOKUP(C984,参数!B:H,3,FALSE),\"\")","v":""},"",1]
[984,{"$nulls":6},{"$f":"IFERROR(VLOOKUP(C985,参数!$B:$H,2,0),\"\")","v":""},{"$f":"IFERROR(VLOOKUP(C985,参数!$B:$H,4,0),\"\")","v":""},{"$f":"IFERROR(VLOOKUP(C985,参数!B:H,3,FALSE),\"\")","v":""},"",1]
[985,{"$nulls":6},{"$f":"IFERROR(VLOOKUP(C986,参数!$B:$H,2,0),\"\")","v":""},{"$f":"IFERROR(VLOOKUP(C986,参数!$B:$H,4,0),\"\")","v":""},{"$f":"IFERROR(VLOOKUP(C986,参数!B:H,3,FALSE),\"\")","v":""},"",1]
[986,{"$nulls":6},{"$f":"IFERROR(VLOOKUP(C987,参数!$B:$H,2,0),\"\")","v":""},{"$f":"IFERROR(VLOOKUP(C987,参数!$B:$H,4,0),\"\")","v":""},{"$f":"IFERROR(VLOOKUP(C987,参数!B:H,3,FALSE),\"\")","v":""},"",1]
[987,{"$nulls":6},{"$f":"IFERROR(VLOOKUP(C988,参数!$B:$H,2,0),\"\")","v":""},{"$f":"IFERROR(VLOOKUP(C988,参数!$B:$H,4,0),\"\")","v":""},{"$f":"IFERROR(VLOOKUP(C988,参数!B:H,3,FALSE),\"\")","v":""},"",1]
[988,{"$nulls":6},{"$f":"IFERROR(VLOOKUP(C989,参数!$B:$H,2,0),\"\")","v":""},{"$f":"IFERROR(VLOOKUP(C989,参数!$B:$H,4,0),\"\")","v":""},{"$f":"IFERROR(VLOOKUP(C989,参数!B:H,3,FALSE),\"\")","v":""},"",1]
[989,{"$nulls":6},{"$f":"IFERROR(VLOOKUP(C990,参数!$B:$H,2,0),\"\")","v":""},{"$f":"IFERROR(VLOOKUP(C990,参数!$B:$H,4,0),\"\")","v":""},{"$f":"IFERROR(VLOOKUP(C990,参数!B:H,3,FALSE),\"\")","v":""},"",1]
[990,{"$nulls":6},{"$f":"IFERROR(VLOOKUP(C991,参数!$B:$H,2,0),\"\")","v":""},{"$f":"IFERROR(VLOOKUP(C991,参数!$B:$H,4,0),\"\")","v":""},{"$f":"IFERROR(VLOOKUP(C991,参数!B:H,3,FALSE),\"\")","v":""},"",1]
[991,{"$nulls":6},{"$f":"IFERROR(VLOOKUP(C992,参数!$B:$H,2,0),\"\")","v":""},{"$f":"IFERROR(VLOOKUP(C992,参数!$B:$H,4,0),\"\")","v":""},{"$f":"IFERROR(VLOOKUP(C992,参数!B:H,3,FALSE),\"\")","v":""},"",1]
[992,{"$nulls":6},{"$f":"IFERROR(VLOOKUP(C993,参数!$B:$H,2,0),\"\")","v":""},{"$f":"IFERROR(VLOOKUP(C993,参数!$B:$H,4,0),\"\")","v":""},{"$f":"IFERROR(VLOOKUP(C993,参数!B:H,3,FALSE),\"\")","v":""},"",1]
[993,{"$nulls":6},{"$f":"IFERROR(VLOOKUP(C994,参数!$B:$H,2,0),\"\")","v":""},{"$f":"IFERROR(VLOOKUP(C994,参数!$B:$H,4,0),\"\")","v":""},{"$f":"IFERROR(VLOOKUP(C994,参数!B:H,3,FALSE),\"\")","v":""},"",1]
[994,{"$nulls":6},{"$f":"IFERROR(VLOOKUP(C995,参数!$B:$H,2,0),\"\")","v":""},{"$f":"IFERROR(VLOOKUP(C995,参数!$B:$H,4,0),\"\")","v":""},{"$f":"IFERROR(VLOOKUP(C995,参数!B:H,3,FALSE),\"\")","v":""},"",1]
[995,{"$nulls":6},{"$f":"IFERROR(VLOOKUP(C996,参数!$B:$H,2,0),\"\")","v":""},{"$f":"IFERROR(VLOOKUP(C996,参数!$B:$H,4,0),\"\")","v":""},{"$f":"IFERROR(VLOOKUP(C996,参数!B:H,3,FALSE),\"\")","v":""},"",1]
[996,{"$nulls":6},{"$f":"IFERROR(VLOOKUP(C997,参数!$B:$H,2,0),\"\")","v":""},{"$f":"IFERROR(VLOOKUP(C997,参数!$B:$H,4,0),\"\")","v":""},{"$f":"IFERROR(VLOOKUP(C997,参数!B:H,3,FALSE),\"\")","v":""},{"$f":"IFERROR(J997*E997,\"\")","v":""},1]
[997,{"$nulls":6},{"$f":"IFERROR(VLOOKUP(C998,参数!$B:$H,2,0),\"\")","v":""},{"$f":"IFERROR(VLOOKUP(C998,参数!$B:$H,4,0),\"\")","v":""},{"$f":"IFERROR(VLOOKUP(C998,参数!B:H,3,FALSE),\"\")","v":""},"",1]
[998,{"$nulls":6},{"$f":"IFERROR(VLOOKUP(C999,参数!$B:$H,2,0),\"\")","v":""},{"$f":"IFERROR(VLOOKUP(C999,参数!$B:$H,4,0),\"\")","v":""},{"$f":"IFERROR(VLOOKUP(C999,参数!B:H,3,FALSE),\"\")","v":""},"",1]
[999,{"$nulls":6},{"$f":"IFERROR(VLOOKUP(C1000,参数!$B:$H,2,0),\"\")","v":""},{"$f":"IFERROR(VLOOKUP(C1000,参数!$B:$H,4,0),\"\")","v":""},{"$f":"IFERROR(VLOOKUP(C1000,参数!B:H,3,FALSE),\"\")","v":""},"",1]
[1000,{"$nulls":6},{"$f":"IFERROR(VLOOKUP(C1001,参数!$B:$H,2,0),\"\")","v":""},{"$f":"IFERROR(VLOOKUP(C1001,参数!$B:$H,4,0),\"\")","v":""},{"$f":"IFERROR(VLOOKUP(C1001,参数!B:H,3,FALSE),\"\")","v":""},"",1]
[1001,{"$nulls":6},{"$f":"IFERROR(VLOOKUP(C1002,参数!$B:$H,2,0),\"\")","v":""},{"$f":"IFERROR(VLOOKUP(C1002,参数!$B:$H,4,0),\"\")","v":""},{"$f":"IFERROR(VLOOKUP(C1002,参数!B:H,3,FALSE),\"\")","v":""},"",1]
[1002,{"$nulls":6},{"$f":"IFERROR(VLOOKUP(C1003,参数!$B:$H,2,0),\"\")","v":""},{"$f":"IFERROR(VLOOKUP(C1003,参数!$B:$H,4,0),\"\")","v":""},{"$f":"IFERROR(VLOOKUP(C1003,参数!B:H,3,FALSE),\"\")","v":""},"",1]
[1003,{"$nulls":6},{"$f":"IFERROR(VLOOKUP(C1004,参数!$B:$H,2,0),\"\")","v":""},{"$f":"IFERROR(VLOOKUP(C1004,参数!$B:$H,4,0),\"\")","v":""},{"$f":"IFERROR(VLOOKUP(C1004,参数!B:H,3,FALSE),\"\")","v":""},"",1]
[1004,{"$nulls":6},{"$f":"IFERROR(VLOOKUP(C1005,参数!$B:$H,2,0),\"\")","v":""},{"$f":"IFERROR(VLOOKUP(C1005,参数!$B:$H,4,0),\"\")","v":""},{"$f":"IFERROR(VLOOKUP(C1005,参数!B:H,3,FALSE),\"\")","v":""},"",1]
[1005,{"$nulls":6},{"$f":"IFERROR(VLOOKUP(C1006,参数!$B:$H,2,0),\"\")","v":""},{"$f":"IFERROR(VLOOKUP(C1006,参数!$B:$H,4,0),\"\")","v":""},{"$f":"IFERROR(VLOOKUP(C1006,参数!B:H,3,FALSE),\"\")","v":""},"",1]
[1006,{"$nulls":6},{"$f":"IFERROR(VLOOKUP(C1007,参数!$B:$H,2,0),\"\")","v":""},{"$f":"IFERROR(VLOOKUP(C1007,参数!$B:$H,4,0),\"\")","v":""},{"$f":"IFERROR(VLOOKUP(C1007,参数!B:H,3,FALSE),\"\")","v":""},"",1]
[1007,{"$nulls":6},{"$f":"IFERROR(VLOOKUP(C1008,参数!$B:$H,2,0),\"\")","v":""},{"$f":"IFERROR(VLOOKUP(C1008,参数!$B:$H,4,0),\"\")","v":""},{"$f":"IFERROR(VLOOKUP(C1008,参数!B:H,3,FALSE),\"\")","v":""},"",1]
[1008,{"$nulls":6},{"$f":"IFERROR(VLOOKUP(C1009,参数!$B:$H,2,0),\"\")","v":""},{"$f":"IFERROR(VLOOKUP(C1009,参数!$B:$H,4,0),\"\")","v":""},{"$f":"IFERROR(VLOOKUP(C1009,参数!B:H,3,FALSE),\"\")","v":""},"",1]
[1009,{"$nulls":6},{"$f":"IFERROR(VLOOKUP(C1010,参数!$B:$H,2,0),\"\")","v":""},{"$f":"IFERROR(VLOOKUP(C1010,参数!$B:$H,4,0),\"\")","v":""},{"$f":"IFERROR(VLOOKUP(C1010,参数!B:H,3,FALSE),\"\")","v":""},"",1]
[1010,{"$nulls":6},{"$f":"IFERROR(VLOOKUP(C1011,参数!$B:$H,2,0),\"\")","v":""},{"$f":"IFERROR(VLOOKUP(C1011,参数!$B:$H,4,0),\"\")","v":""},{"$f":"IFERROR(VLOOKUP(C1011,参数!B:H,3,FALSE),\"\")","v":""},"",1]
[1011,{"$nulls":6},{"$f":"IFERROR(VLOOKUP(C1012,参数!$B:$H,2,0),\"\")","v":""},{"$f":"IFERROR(VLOOKUP(C1012,参数!$B:$H,4,0),\"\")","v":""},{"$f":"IFERROR(VLOOKUP(C1012,参数!B:H,3,FALSE),\"\")","v":""},"",1]
[1012,{"$nulls":6},{"$f":"IFERROR(VLOOKUP(C1013,参数!$B:$H,2,0),\"\")","v":""},{"$f":"IFERROR(VLOOKUP(C1013,参数!$B:$H,4,0),\"\")","v":""},{"$f":"IFERROR(VLOOKUP(C1013,参数!B:H,3,FALSE),\"\")","v":""},"",1]
[1013,{"$nulls":6},{"$f":"IFERROR(VLOOKUP(C1014,参数!$B:$H,2,0),\"\")","v":""},{"$f":"IFERROR(VLOOKUP(C1014,参数!$B:$H,4,0),\"\")","v":""},{"$f":"IFERROR(VLOOKUP(C1014,参数!B:H,3,FALSE),\"\")","v":""},"",1]
[1014,{"$nulls":6},{"$f":"IFERROR(VLOOKUP(C1015,参数!$B:$H,2,0),\"\")","v":""},{"$f":"IFERROR(VLOOKUP(C1015,参数!$B:$H,4,0),\"\")","v":""},{"$f":"IFERROR(VLOOKUP(C1015,参数!B:H,3,FALSE),\"\")","v":""},"",1]
[1015,{"$nulls":6},{"$f":"IFERROR(VLOOKUP(C1016,参数!$B:$H,2,0),\"\")","v":""},{"$f":"IFERROR(VLOOKUP(C1016,参数!$B:$H,4,0),\"\")","v":""},{"$f":"IFERROR(VLOOKUP(C1016,参数!B:H,3,FALSE),\"\")","v":""},"",1]
[1016,{"$nulls":6},{"$f":"IFERROR(VLOOKUP(C1017,参数!$B:$H,2,0),\"\")","v":""},{"$f":"IFERROR(VLOOKUP(C1017,参数!$B:$H,4,0),\"\")","v":""},{"$f":"IFERROR(VLOOKUP(C1017,参数!B:H,3,FALSE),\"\")","v":""},"",1]
[1017,{"$nulls":6},{"$f":"IFERROR(VLOOKUP(C1018,参数!$B:$H,2,0),\"\")","v":""},{"$f":"IFERROR(VLOOKUP(C1018,参数!$B:$H,4,0),\"\")","v":""},{"$f":"IFERROR(VLOOKUP(C1018,参数!B:H,3,FALSE),\"\")","v":""},"",1]
[1018,{"$nulls":6},{"$f":"IFERROR(VLOOKUP(C1019,参数!$B:$H,2,0),\"\")","v":""},{"$f":"IFERROR(VLOOKUP(C1019,参数!$B:$H,4,0),\"\")","v":""},{"$f":"IFERROR(VLOOKUP(C1019,参数!B:H,3,FALSE),\"\")","v":""},"",1]
[1019,{"$nulls":6},{"$f":"IFERROR(VLOOKUP(C1020,参数!$B:$H,2,0),\"\")","v":""},{"$f":"IFERROR(VLOOKUP(C1020,参数!$B:$H,4,0),\"\")","v":""},{"$f":"IFERROR(VLOOKUP(C1020,参数!B:H,3,FALSE),\"\")","v":""},"",1]
[1020,{"$nulls":6},{"$f":"IFERROR(VLOOKUP(C1021,参数!$B:$H,2,0),\"\")","v":""},{"$f":"IFERROR(VLOOKUP(C1021,参数!$B:$H,4,0),\"\")","v":""},{"$f":"IFERROR(VLOOKUP(C1021,参数!B:H,3,FALSE),\"\")","v":""},"",1]
[1021,{"$nulls":6},{"$f":"IFERROR(VLOOKUP(C1022,参数!$B:$H,2,0),\"\")","v":""},{"$f":"IFERROR(VLOOKUP(C1022,参数!$B:$H,4,0),\"\")","v":""},{"$f":"IFERROR(VLOOKUP(C1022,参数!B:H,3,FALSE),\"\")","v":""},"",1]
[1022,{"$nulls":6},{"$f":"IFERROR(VLOOKUP(C1023,参数!$B:$H,2,0),\"\")","v":""},{"$f":"IFERROR(VLOOKUP(C1023,参数!$B:$H,4,0),\"\")","v":""},{"$f":"IFERROR(VLOOKUP(C1023,参数!B:H,3,FALSE),\"\")","v":""},"",1]
[1023,{"$nulls":6},{"$f":"IFERROR(VLOOKUP(C1024,参数!$B:$H,2,0),\"\")","v":""},{"$f":"IFERROR(VLOOKUP(C1024,参数!$B:$H,4,0),\"\")","v":""},{"$f":"IFERROR(VLOOKUP(C1024,参数!B:H,3,FALSE),\"\")","v":""},"",1]
[1024,{"$nulls":6},{"$f":"IFERROR(VLOOKUP(C1025,参数!$B:$H,2,0),\"\")","v":""},{"$f":"IFERROR(VLOOKUP(C1025,参数!$B:$H,4,0),\"\")","v":""},{"$f":"IFERROR(VLOOKUP(C1025,参数!B:H,3,FALSE),\"\")","v":""},"",1]
[1025,{"$nulls":6},{"$f":"IFERROR(VLOOKUP(C1026,参数!$B:$H,2,0),\"\")","v":""},{"$f":"IFERROR(VLOOKUP(C1026,参数!$B:$H,4,0),\"\")","v":""},{"$f":"IFERROR(VLOOKUP(C1026,参数!B:H,3,FALSE),\"\")","v":""},"",{"$f":"VALUE(MONTH(B1026))","v":1}]
[1026,{"$nulls":6},{"$f":"IFERROR(VLOOKUP(C1027,参数!$B:$H,2,0),\"\")","v":""},{"$f":"IFERROR(VLOOKUP(C1027,参数!$B:$H,4,0),\"\")","v":""},{"$f":"IFERROR(VLOOKUP(C1027,参数!B:H,3,FALSE),\"\")","v":""},"",1]
[1027,{"$nulls":6},{"$f":"IFERROR(VLOOKUP(C1028,参数!$B:$H,2,0),\"\")","v":""},{"$f":"IFERROR(VLOOKUP(C1028,参数!$B:$H,4,0),\"\")","v":""},{"$f":"IFERROR(VLOOKUP(C1028,参数!B:H,3,FALSE),\"\")","v":""},"",1]
[1028,{"$nulls":6},{"$f":"IFERROR(VLOOKUP(C1029,参数!$B:$H,2,0),\"\")","v":""},{"$f":"IFERROR(VLOOKUP(C1029,参数!$B:$H,4,0),\"\")","v":""},{"$f":"IFERROR(VLOOKUP(C1029,参数!B:H,3,FALSE),\"\")","v":""},"",1]
[1029,{"$nulls":6},{"$f":"IFERROR(VLOOKUP(C1030,参数!$B:$H,2,0),\"\")","v":""},{"$f":"IFERROR(VLOOKUP(C1030,参数!$B:$H,4,0),\"\")","v":""},{"$f":"IFERROR(VLOOKUP(C1030,参数!B:H,3,FALSE),\"\")","v":""},"",1]
[1030,{"$nulls":6},{"$f":"IFERROR(VLOOKUP(C1031,参数!$B:$H,2,0),\"\")","v":""},{"$f":"IFERROR(VLOOKUP(C1031,参数!$B:$H,4,0),\"\")","v":""},{"$f":"IFERROR(VLOOKUP(C1031,参数!B:H,3,FALSE),\"\")","v":""},"",1]
[1031,{"$nulls":6},{"$f":"IFERROR(VLOOKUP(C1032,参数!$B:$H,2,0),\"\")","v":""},{"$f":"IFERROR(VLOOKUP(C1032,参数!$B:$H,4,0),\"\")","v":""},{"$f":"IFERROR(VLOOKUP(C1032,参数!B:H,3,FALSE),\"\")","v":""},"",1]
[1032,{"$nulls":6},{"$f":"IFERROR(VLOOKUP(C1033,参数!$B:$H,2,0),\"\")","v":""},{"$f":"IFERROR(VLOOKUP(C1033,参数!$B:$H,4,0),\"\")","v":""},{"$f":"IFERROR(VLOOKUP(C1033,参数!B:H,3,FALSE),\"\")","v":""},"",1]
[1033,{"$nulls":6},{"$f":"IFERROR(VLOOKUP(C1034,参数!$B:$H,2,0),\"\")","v":""},{"$f":"IFERROR(VLOOKUP(C1034,参数!$B:$H,4,0),\"\")","v":""},{"$f":"IFERROR(VLOOKUP(C1034,参数!B:H,3,FALSE),\"\")","v":""},"",1]
[1034,{"$nulls":6},{"$f":"IFERROR(VLOOKUP(C1035,参数!$B:$H,2,0),\"\")","v":""},{"$f":"IFERROR(VLOOKUP(C1035,参数!$B:$H,4,0),\"\")","v":""},{"$f":"IFERROR(VLOOKUP(C1035,参数!B:H,3,FALSE),\"\")","v":""},"",1]
[1035,{"$nulls":6},{"$f":"IFERROR(VLOOKUP(C1036,参数!$B:$H,2,0),\"\")","v":""},{"$f":"IFERROR(VLOOKUP(C1036,参数!$B:$H,4,0),\"\")","v":""},{"$f":"IFERROR(VLOOKUP(C1036,参数!B:H,3,FALSE),\"\")","v":""},"",1]
[1036,{"$nulls":6},{"$f":"IFERROR(VLOOKUP(C1037,参数!$B:$H,2,0),\"\")","v":""},{"$f":"IFERROR(VLOOKUP(C1037,参数!$B:$H,4,0),\"\")","v":""},{"$f":"IFERROR(VLOOKUP(C1037,参数!B:H,3,FALSE),\"\")","v":""},"",1]
[1037,{"$nulls":6},{"$f":"IFERROR(VLOOKUP(C1038,参数!$B:$H,2,0),\"\")","v":""},{"$f":"IFERROR(VLOOKUP(C1038,参数!$B:$H,4,0),\"\")","v":""},{"$f":"IFERROR(VLOOKUP(C1038,参数!B:H,3,FALSE),\"\")","v":""},"",1]
[1038,{"$nulls":6},{"$f":"IFERROR(VLOOKUP(C1039,参数!$B:$H,2,0),\"\")","v":""},{"$f":"IFERROR(VLOOKUP(C1039,参数!$B:$H,4,0),\"\")","v":""},{"$f":"IFERROR(VLOOKUP(C1039,参数!B:H,3,FALSE),\"\")","v":""},"",1]
[1039,{"$nulls":6},{"$f":"IFERROR(VLOOKUP(C1040,参数!$B:$H,2,0),\"\")","v":""},{"$f":"IFERROR(VLOOKUP(C1040,参数!$B:$H,4,0),\"\")","v":""},{"$f":"IFERROR(VLOOKUP(C1040,参数!B:H,3,FALSE),\"\")","v":""},"",1]
[1040,{"$nulls":6},{"$f":"IFERROR(VLOOKUP(C1041,参数!$B:$H,2,0),\"\")","v":""},{"$f":"IFERROR(VLOOKUP(C1041,参数!$B:$H,4,0),\"\")","v":""},{"$f":"IFERROR(VLOOKUP(C1041,参数!B:H,3,FALSE),\"\")","v":""},"",1]
[1041,{"$nulls":6},{"$f":"IFERROR(VLOOKUP(C1042,参数!$B:$H,2,0),\"\")","v":""},{"$f":"IFERROR(VLOOKUP(C1042,参数!$B:$H,4,0),\"\")","v":""},{"$f":"IFERROR(VLOOKUP(C1042,参数!B:H,3,FALSE),\"\")","v":""},"",1]
[1042,{"$nulls":6},{"$f":"IFERROR(VLOOKUP(C1043,参数!$B:$H,2,0),\"\")","v":""},{"$f":"IFERROR(VLOOKUP(C1043,参数!$B:$H,4,0),\"\")","v":""},{"$f":"IFERROR(VLOOKUP(C1043,参数!B:H,3,FALSE),\"\")","v":""},"",1]
[1043,{"$nulls":6},{"$f":"IFERROR(VLOOKUP(C1044,参数!$B:$H,2,0),\"\")","v":""},{"$f":"IFERROR(VLOOKUP(C1044,参数!$B:$H,4,0),\"\")","v":""},{"$f":"IFERROR(VLOOKUP(C1044,参数!B:H,3,FALSE),\"\")","v":""},"",1]
[1044,{"$nulls":6},{"$f":"IFERROR(VLOOKUP(C1045,参数!$B:$H,2,0),\"\")","v":""},{"$f":"IFERROR(VLOOKUP(C1045,参数!$B:$H,4,0),\"\")","v":""},{"$f":"IFERROR(VLOOKUP(C1045,参数!B:H,3,FALSE),\"\")","v":""},"",1]
[1045,{"$nulls":6},{"$f":"IFERROR(VLOOKUP(C1046,参数!$B:$H,2,0),\"\")","v":""},{"$f":"IFERROR(VLOOKUP(C1046,参数!$B:$H,4,0),\"\")","v":""},{"$f":"IFERROR(VLOOKUP(C1046,参数!B:H,3,FALSE),\"\")","v":""},"",1]
[1046,{"$nulls":6},{"$f":"IFERROR(VLOOKUP(C1047,参数!$B:$H,2,0),\"\")","v":""},{"$f":"IFERROR(VLOOKUP(C1047,参数!$B:$H,4,0),\"\")","v":""},{"$f":"IFERROR(VLOOKUP(C1047,参数!B:H,3,FALSE),\"\")","v":""},"",1]
[1047,{"$nulls":6},{"$f":"IFERROR(VLOOKUP(C1048,参数!$B:$H,2,0),\"\")","v":""},{"$f":"IFERROR(VLOOKUP(C1048,参数!$B:$H,4,0),\"\")","v":""},{"$f":"IFERROR(VLOOKUP(C1048,参数!B:H,3,FALSE),\"\")","v":""},"",1]
[1048,{"$nulls":6},{"$f":"IFERROR(VLOOKUP(C1049,参数!$B:$H,2,0),\"\")","v":""},{"$f":"IFERROR(VLOOKUP(C1049,参数!$B:$H,4,0),\"\")","v":""},{"$f":"IFERROR(VLOOKUP(C1049,参数!B:H,3,FALSE),\"\")","v":""},"",1]
[1049,{"$nulls":6},{"$f":"IFERROR(VLOOKUP(C1050,参数!$B:$H,2,0),\"\")","v":""},{"$f":"IFERROR(VLOOKUP(C1050,参数!$B:$H,4,0),\"\")","v":""},{"$f":"IFERROR(VLOOKUP(C1050,参数!B:H,3,FALSE),\"\")","v":""},"",1]
[1050,{"$nulls":6},{"$f":"IFERROR(VLOOKUP(C1051,参数!$B:$H,2,0),\"\")","v":""},{"$f":"IFERROR(VLOOKUP(C1051,参数!$B:$H,4,0),\"\")","v":""},{"$f":"IFERROR(VLOOKUP(C1051,参数!B:H,3,FALSE),\"\")","v":""},"",1]
[1051,{"$nulls":6},{"$f":"IFERROR(VLOOKUP(C1052,参数!$B:$H,2,0),\"\")","v":""},{"$f":"IFERROR(VLOOKUP(C1052,参数!$B:$H,4,0),\"\")","v":""},{"$f":"IFERROR(VLOOKUP(C1052,参数!B:H,3,FALSE),\"\")","v":""},"",1]
[1052,{"$nulls":6},{"$f":"IFERROR(VLOOKUP(C1053,参数!$B:$H,2,0),\"\")","v":""},{"$f":"IFERROR(VLOOKUP(C1053,参数!$B:$H,4,0),\"\")","v":""},{"$f":"IFERROR(VLOOKUP(C1053,参数!B:H,3,FALSE),\"\")","v":""},"",1]
[1053,{"$nulls":6},{"$f":"IFERROR(VLOOKUP(C1054,参数!$B:$H,2,0),\"\")","v":""},{"$f":"IFERROR(VLOOKUP(C1054,参数!$B:$H,4,0),\"\")","v":""},{"$f":"IFERROR(VLOOKUP(C1054,参数!B:H,3,FALSE),\"\")","v":""},"",1]
[1054,{"$nulls":6},{"$f":"IFERROR(VLOOKUP(C1055,参数!$B:$H,2,0),\"\")","v":""},{"$f":"IFERROR(VLOOKUP(C1055,参数!$B:$H,4,0),\"\")","v":""},{"$f":"IFERROR(VLOOKUP(C1055,参数!B:H,3,FALSE),\"\")","v":""},"",1]
[1055,{"$nulls":6},{"$f":"IFERROR(VLOOKUP(C1056,参数!$B:$H,2,0),\"\")","v":""},{"$f":"IFERROR(VLOOKUP(C1056,参数!$B:$H,4,0),\"\")","v":""},{"$f":"IFERROR(VLOOKUP(C1056,参数!B:H,3,FALSE),\"\")","v":""},"",1]
[1056,{"$nulls":6},{"$f":"IFERROR(VLOOKUP(C1057,参数!$B:$H,2,0),\"\")","v":""},{"$f":"IFERROR(VLOOKUP(C1057,参数!$B:$H,4,0),\"\")","v":""},{"$f":"IFERROR(VLOOKUP(C1057,参数!B:H,3,FALSE),\"\")","v":""},"",1]
[1057,{"$nulls":6},{"$f":"IFERROR(VLOOKUP(C1058,参数!$B:$H,2,0),\"\")","v":""},{"$f":"IFERROR(VLOOKUP(C1058,参数!$B:$H,4,0),\"\")","v":""},{"$f":"IFERROR(VLOOKUP(C1058,参数!B:H,3,FALSE),\"\")","v":""},"",1]
[1058,{"$nulls":6},{"$f":"IFERROR(VLOOKUP(C1059,参数!$B:$H,2,0),\"\")","v":""},{"$f":"IFERROR(VLOOKUP(C1059,参数!$B:$H,4,0),\"\")","v":""},{"$f":"IFERROR(VLOOKUP(C1059,参数!B:H,3,FALSE),\"\")","v":""},"",1]
[1059,{"$nulls":6},{"$f":"IFERROR(VLOOKUP(C1060,参数!$B:$H,2,0),\"\")","v":""},{"$f":"IFERROR(VLOOKUP(C1060,参数!$B:$H,4,0),\"\")","v":""},{"$f":"IFERROR(VLOOKUP(C1060,参数!B:H,3,FALSE),\"\")","v":""},"",1]
[1060,{"$nulls":6},{"$f":"IFERROR(VLOOKUP(C1061,参数!$B:$H,2,0),\"\")","v":""},{"$f":"IFERROR(VLOOKUP(C1061,参数!$B:$H,4,0),\"\")","v":""},{"$f":"IFERROR(VLOOKUP(C1061,参数!B:H,3,FALSE),\"\")","v":""},{"$f":"IFERROR(J1061*E1061,\"\")","v":""},1]
[1061,{"$nulls":6},{"$f":"IFERROR(VLOOKUP(C1062,参数!$B:$H,2,0),\"\")","v":""},{"$f":"IFERROR(VLOOKUP(C1062,参数!$B:$H,4,0),\"\")","v":""},{"$f":"IFERROR(VLOOKUP(C1062,参数!B:H,3,FALSE),\"\")","v":""},"",1]
[1062,{"$nulls":6},{"$f":"IFERROR(VLOOKUP(C1063,参数!$B:$H,2,0),\"\")","v":""},{"$f":"IFERROR(VLOOKUP(C1063,参数!$B:$H,4,0),\"\")","v":""},{"$f":"IFERROR(VLOOKUP(C1063,参数!B:H,3,FALSE),\"\")","v":""},"",1]
[1063,{"$nulls":6},{"$f":"IFERROR(VLOOKUP(C1064,参数!$B:$H,2,0),\"\")","v":""},{"$f":"IFERROR(VLOOKUP(C1064,参数!$B:$H,4,0),\"\")","v":""},{"$f":"IFERROR(VLOOKUP(C1064,参数!B:H,3,FALSE),\"\")","v":""},"",1]
[1064,{"$nulls":6},{"$f":"IFERROR(VLOOKUP(C1065,参数!$B:$H,2,0),\"\")","v":""},{"$f":"IFERROR(VLOOKUP(C1065,参数!$B:$H,4,0),\"\")","v":""},{"$f":"IFERROR(VLOOKUP(C1065,参数!B:H,3,FALSE),\"\")","v":""},"",1]
[1065,{"$nulls":6},{"$f":"IFERROR(VLOOKUP(C1066,参数!$B:$H,2,0),\"\")","v":""},{"$f":"IFERROR(VLOOKUP(C1066,参数!$B:$H,4,0),\"\")","v":""},{"$f":"IFERROR(VLOOKUP(C1066,参数!B:H,3,FALSE),\"\")","v":""},"",1]
[1066,{"$nulls":6},{"$f":"IFERROR(VLOOKUP(C1067,参数!$B:$H,2,0),\"\")","v":""},{"$f":"IFERROR(VLOOKUP(C1067,参数!$B:$H,4,0),\"\")","v":""},{"$f":"IFERROR(VLOOKUP(C1067,参数!B:H,3,FALSE),\"\")","v":""},"",1]
[1067,{"$nulls":6},{"$f":"IFERROR(VLOOKUP(C1068,参数!$B:$H,2,0),\"\")","v":""},{"$f":"IFERROR(VLOOKUP(C1068,参数!$B:$H,4,0),\"\")","v":""},{"$f":"IFERROR(VLOOKUP(C1068,参数!B:H,3,FALSE),\"\")","v":""},"",1]
[1068,{"$nulls":6},{"$f":"IFERROR(VLOOKUP(C1069,参数!$B:$H,2,0),\"\")","v":""},{"$f":"IFERROR(VLOOKUP(C1069,参数!$B:$H,4,0),\"\")","v":""},{"$f":"IFERROR(VLOOKUP(C1069,参数!B:H,3,FALSE),\"\")","v":""},"",1]
[1069,{"$nulls":6},{"$f":"IFERROR(VLOOKUP(C1070,参数!$B:$H,2,0),\"\")","v":""},{"$f":"IFERROR(VLOOKUP(C1070,参数!$B:$H,4,0),\"\")","v":""},{"$f":"IFERROR(VLOOKUP(C1070,参数!B:H,3,FALSE),\"\")","v":""},"",1]
[1070,{"$nulls":6},{"$f":"IFERROR(VLOOKUP(C1071,参数!$B:$H,2,0),\"\")","v":""},{"$f":"IFERROR(VLOOKUP(C1071,参数!$B:$H,4,0),\"\")","v":""},{"$f":"IFERROR(VLOOKUP(C1071,参数!B:H,3,FALSE),\"\")","v":""},"",1]
[1071,{"$nulls":6},{"$f":"IFERROR(VLOOKUP(C1072,参数!$B:$H,2,0),\"\")","v":""},{"$f":"IFERROR(VLOOKUP(C1072,参数!$B:$H,4,0),\"\")","v":""},{"$f":"IFERROR(VLOOKUP(C1072,参数!B:H,3,FALSE),\"\")","v":""},"",1]
[1072,{"$nulls":6},{"$f":"IFERROR(VLOOKUP(C1073,参数!$B:$H,2,0),\"\")","v":""},{"$f":"IFERROR(VLOOKUP(C1073,参数!$B:$H,4,0),\"\")","v":""},{"$f":"IFERROR(VLOOKUP(C1073,参数!B:H,3,FALSE),\"\")","v":""},"",1]
[1073,{"$nulls":6},{"$f":"IFERROR(VLOOKUP(C1074,参数!$B:$H,2,0),\"\")","v":""},{"$f":"IFERROR(VLOOKUP(C1074,参数!$B:$H,4,0),\"\")","v":""},{"$f":"IFERROR(VLOOKUP(C1074,参数!B:H,3,FALSE),\"\")","v":""},"",1]
[1074,{"$nulls":6},{"$f":"IFERROR(VLOOKUP(C1075,参数!$B:$H,2,0),\"\")","v":""},{"$f":"IFERROR(VLOOKUP(C1075,参数!$B:$H,4,0),\"\")","v":""},{"$f":"IFERROR(VLOOKUP(C1075,参数!B:H,3,FALSE),\"\")","v":""},"",1]
[1075,{"$nulls":6},{"$f":"IFERROR(VLOOKUP(C1076,参数!$B:$H,2,0),\"\")","v":""},{"$f":"IFERROR(VLOOKUP(C1076,参数!$B:$H,4,0),\"\")","v":""},{"$f":"IFERROR(VLOOKUP(C1076,参数!B:H,3,FALSE),\"\")","v":""},"",1]
[1076,{"$nulls":6},{"$f":"IFERROR(VLOOKUP(C1077,参数!$B:$H,2,0),\"\")","v":""},{"$f":"IFERROR(VLOOKUP(C1077,参数!$B:$H,4,0),\"\")","v":""},{"$f":"IFERROR(VLOOKUP(C1077,参数!B:H,3,FALSE),\"\")","v":""},"",1]
[1077,{"$nulls":6},{"$f":"IFERROR(VLOOKUP(C1078,参数!$B:$H,2,0),\"\")","v":""},{"$f":"IFERROR(VLOOKUP(C1078,参数!$B:$H,4,0),\"\")","v":""},{"$f":"IFERROR(VLOOKUP(C1078,参数!B:H,3,FALSE),\"\")","v":""},"",1]
[1078,{"$nulls":6},{"$f":"IFERROR(VLOOKUP(C1079,参数!$B:$H,2,0),\"\")","v":""},{"$f":"IFERROR(VLOOKUP(C1079,参数!$B:$H,4,0),\"\")","v":""},{"$f":"IFERROR(VLOOKUP(C1079,参数!B:H,3,FALSE),\"\")","v":""},"",1]
[1079,{"$nulls":6},{"$f":"IFERROR(VLOOKUP(C1080,参数!$B:$H,2,0),\"\")","v":""},{"$f":"IFERROR(VLOOKUP(C1080,参数!$B:$H,4,0),\"\")","v":""},{"$f":"IFERROR(VLOOKUP(C1080,参数!B:H,3,FALSE),\"\")","v":""},"",1]
[1080,{"$nulls":6},{"$f":"IFERROR(VLOOKUP(C1081,参数!$B:$H,2,0),\"\")","v":""},{"$f":"IFERROR(VLOOKUP(C1081,参数!$B:$H,4,0),\"\")","v":""},{"$f":"IFERROR(VLOOKUP(C1081,参数!B:H,3,FALSE),\"\")","v":""},"",1]
[1081,{"$nulls":6},{"$f":"IFERROR(VLOOKUP(C1082,参数!$B:$H,2,0),\"\")","v":""},{"$f":"IFERROR(VLOOKUP(C1082,参数!$B:$H,4,0),\"\")","v":""},{"$f":"IFERROR(VLOOKUP(C1082,参数!B:H,3,FALSE),\"\")","v":""},"",1]
[1082,{"$nulls":6},{"$f":"IFERROR(VLOOKUP(C1083,参数!$B:$H,2,0),\"\")","v":""},{"$f":"IFERROR(VLOOKUP(C1083,参数!$B:$H,4,0),\"\")","v":""},{"$f":"IFERROR(VLOOKUP(C1083,参数!B:H,3,FALSE),\"\")","v":""},"",1]
[1083,{"$nulls":6},{"$f":"IFERROR(VLOOKUP(C1084,参数!$B:$H,2,0),\"\")","v":""},{"$f":"IFERROR(VLOOKUP(C1084,参数!$B:$H,4,0),\"\")","v":""},{"$f":"IFERROR(VLOOKUP(C1084,参数!B:H,3,FALSE),\"\")","v":""},"",1]
[1084,{"$nulls":6},{"$f":"IFERROR(VLOOKUP(C1085,参数!$B:$H,2,0),\"\")","v":""},{"$f":"IFERROR(VLOOKUP(C1085,参数!$B:$H,4,0),\"\")","v":""},{"$f":"IFERROR(VLOOKUP(C1085,参数!B:H,3,FALSE),\"\")","v":""},"",1]
[1085,{"$nulls":6},{"$f":"IFERROR(VLOOKUP(C1086,参数!$B:$H,2,0),\"\")","v":""},{"$f":"IFERROR(VLOOKUP(C1086,参数!$B:$H,4,0),\"\")","v":""},{"$f":"IFERROR(VLOOKUP(C1086,参数!B:H,3,FALSE),\"\")","v":""},"",1]
[1086,{"$nulls":6},{"$f":"IFERROR(VLOOKUP(C1087,参数!$B:$H,2,0),\"\")","v":""},{"$f":"IFERROR(VLOOKUP(C1087,参数!$B:$H,4,0),\"\")","v":""},{"$f":"IFERROR(VLOOKUP(C1087,参数!B:H,3,FALSE),\"\")","v":""},"",1]
[1087,{"$nulls":6},{"$f":"IFERROR(VLOOKUP(C1088,参数!$B:$H,2,0),\"\")","v":""},{"$f":"IFERROR(VLOOKUP(C1088,参数!$B:$H,4,0),\"\")","v":""},{"$f":"IFERROR(VLOOKUP(C1088,参数!B:H,3,FALSE),\"\")","v":""},"",1]
[1088,{"$nulls":6},{"$f":"IFERROR(VLOOKUP(C1089,参数!$B:$H,2,0),\"\")","v":""},{"$f":"IFERROR(VLOOKUP(C1089,参数!$B:$H,4,0),\"\")","v":""},{"$f":"IFERROR(VLOOKUP(C1089,参数!B:H,3,FALSE),\"\")","v":""},"",1]
[1089,{"$nulls":6},{"$f":"IFERROR(VLOOKUP(C1090,参数!$B:$H,2,0),\"\")","v":""},{"$f":"IFERROR(VLOOKUP(C1090,参数!$B:$H,4,0),\"\")","v":""},{"$f":"IFERROR(VLOOKUP(C1090,参数!B:H,3,FALSE),\"\")","v":""},"",{"$f":"VALUE(MONTH(B1090))","v":1}]
[1090,{"$nulls":6},{"$f":"IFERROR(VLOOKUP(C1091,参数!$B:$H,2,0),\"\")","v":""},{"$f":"IFERROR(VLOOKUP(C1091,参数!$B:$H,4,0),\"\")","v":""},{"$f":"IFERROR(VLOOKUP(C1091,参数!B:H,3,FALSE),\"\")","v":""},"",1]
[1091,{"$nulls":6},{"$f":"IFERROR(VLOOKUP(C1092,参数!$B:$H,2,0),\"\")","v":""},{"$f":"IFERROR(VLOOKUP(C1092,参数!$B:$H,4,0),\"\")","v":""},{"$f":"IFERROR(VLOOKUP(C1092,参数!B:H,3,FALSE),\"\")","v":""},"",1]
[1092,{"$nulls":6},{"$f":"IFERROR(VLOOKUP(C1093,参数!$B:$H,2,0),\"\")","v":""},{"$f":"IFERROR(VLOOKUP(C1093,参数!$B:$H,4,0),\"\")","v":""},{"$f":"IFERROR(VLOOKUP(C1093,参数!B:H,3,FALSE),\"\")","v":""},"",1]
[1093,{"$nulls":6},{"$f":"IFERROR(VLOOKUP(C1094,参数!$B:$H,2,0),\"\")","v":""},{"$f":"IFERROR(VLOOKUP(C1094,参数!$B:$H,4,0),\"\")","v":""},{"$f":"IFERROR(VLOOKUP(C1094,参数!B:H,3,FALSE),\"\")","v":""},"",1]
[1094,{"$nulls":6},{"$f":"IFERROR(VLOOKUP(C1095,参数!$B:$H,2,0),\"\")","v":""},{"$f":"IFERROR(VLOOKUP(C1095,参数!$B:$H,4,0),\"\")","v":""},{"$f":"IFERROR(VLOOKUP(C1095,参数!B:H,3,FALSE),\"\")","v":""},"",1]
[1095,{"$nulls":6},{"$f":"IFERROR(VLOOKUP(C1096,参数!$B:$H,2,0),\"\")","v":""},{"$f":"IFERROR(VLOOKUP(C1096,参数!$B:$H,4,0),\"\")","v":""},{"$f":"IFERROR(VLOOKUP(C1096,参数!B:H,3,FALSE),\"\")","v":""},"",1]
[1096,{"$nulls":6},{"$f":"IFERROR(VLOOKUP(C1097,参数!$B:$H,2,0),\"\")","v":""},{"$f":"IFERROR(VLOOKUP(C1097,参数!$B:$H,4,0),\"\")","v":""},{"$f":"IFERROR(VLOOKUP(C1097,参数!B:H,3,FALSE),\"\")","v":""},"",1]
[1097,{"$nulls":6},{"$f":"IFERROR(VLOOKUP(C1098,参数!$B:$H,2,0),\"\")","v":""},{"$f":"IFERROR(VLOOKUP(C1098,参数!$B:$H,4,0),\"\")","v":""},{"$f":"IFERROR(VLOOKUP(C1098,参数!B:H,3,FALSE),\"\")","v":""},"",1]
[1098,{"$nulls":6},{"$f":"IFERROR(VLOOKUP(C1099,参数!$B:$H,2,0),\"\")","v":""},{"$f":"IFERROR(VLOOKUP(C1099,参数!$B:$H,4,0),\"\")","v":""},{"$f":"IFERROR(VLOOKUP(C1099,参数!B:H,3,FALSE),\"\")","v":""},"",1]
[1099,{"$nulls":6},{"$f":"IFERROR(VLOOKUP(C1100,参数!$B:$H,2,0),\"\")","v":""},{"$f":"IFERROR(VLOOKUP(C1100,参数!$B:$H,4,0),\"\")","v":""},{"$f":"IFERROR(VLOOKUP(C1100,参数!B:H,3,FALSE),\"\")","v":""},"",1]
[1100,{"$nulls":6},{"$f":"IFERROR(VLOOKUP(C1101,参数!$B:$H,2,0),\"\")","v":""},{"$f":"IFERROR(VLOOKUP(C1101,参数!$B:$H,4,0),\"\")","v":""},{"$f":"IFERROR(VLOOKUP(C1101,参数!B:H,3,FALSE),\"\")","v":""},"",1]
[1101,{"$nulls":6},{"$f":"IFERROR(VLOOKUP(C1102,参数!$B:$H,2,0),\"\")","v":""},{"$f":"IFERROR(VLOOKUP(C1102,参数!$B:$H,4,0),\"\")","v":""},{"$f":"IFERROR(VLOOKUP(C1102,参数!B:H,3,FALSE),\"\")","v":""},"",1]
[1102,{"$nulls":6},{"$f":"IFERROR(VLOOKUP(C1103,参数!$B:$H,2,0),\"\")","v":""},{"$f":"IFERROR(VLOOKUP(C1103,参数!$B:$H,4,0),\"\")","v":""},{"$f":"IFERROR(VLOOKUP(C1103,参数!B:H,3,FALSE),\"\")","v":""},"",1]
[1103,{"$nulls":6},{"$f":"IFERROR(VLOOKUP(C1104,参数!$B:$H,2,0),\"\")","v":""},{"$f":"IFERROR(VLOOKUP(C1104,参数!$B:$H,4,0),\"\")","v":""},{"$f":"IFERROR(VLOOKUP(C1104,参数!B:H,3,FALSE),\"\")","v":""},"",1]
[1104,{"$nulls":6},{"$f":"IFERROR(VLOOKUP(C1105,参数!$B:$H,2,0),\"\")","v":""},{"$f":"IFERROR(VLOOKUP(C1105,参数!$B:$H,4,0),\"\")","v":""},{"$f":"IFERROR(VLOOKUP(C1105,参数!B:H,3,FALSE),\"\")","v":""},"",1]
[1105,{"$nulls":6},{"$f":"IFERROR(VLOOKUP(C1106,参数!$B:$H,2,0),\"\")","v":""},{"$f":"IFERROR(VLOOKUP(C1106,参数!$B:$H,4,0),\"\")","v":""},{"$f":"IFERROR(VLOOKUP(C1106,参数!B:H,3,FALSE),\"\")","v":""},"",1]
[1106,{"$nulls":6},{"$f":"IFERROR(VLOOKUP(C1107,参数!$B:$H,2,0),\"\")","v":""},{"$f":"IFERROR(VLOOKUP(C1107,参数!$B:$H,4,0),\"\")","v":""},{"$f":"IFERROR(VLOOKUP(C1107,参数!B:H,3,FALSE),\"\")","v":""},"",1]
[1107,{"$nulls":6},{"$f":"IFERROR(VLOOKUP(C1108,参数!$B:$H,2,0),\"\")","v":""},{"$f":"IFERROR(VLOOKUP(C1108,参数!$B:$H,4,0),\"\")","v":""},{"$f":"IFERROR(VLOOKUP(C1108,参数!B:H,3,FALSE),\"\")","v":""},"",1]
[1108,{"$nulls":6},{"$f":"IFERROR(VLOOKUP(C1109,参数!$B:$H,2,0),\"\")","v":""},{"$f":"IFERROR(VLOOKUP(C1109,参数!$B:$H,4,0),\"\")","v":""},{"$f":"IFERROR(VLOOKUP(C1109,参数!B:H,3,FALSE),\"\")","v":""},"",1]
[1109,{"$nulls":6},{"$f":"IFERROR(VLOOKUP(C1110,参数!$B:$H,2,0),\"\")","v":""},{"$f":"IFERROR(VLOOKUP(C1110,参数!$B:$H,4,0),\"\")","v":""},{"$f":"IFERROR(VLOOKUP(C1110,参数!B:H,3,FALSE),\"\")","v":""},"",1]
[1110,{"$nulls":6},{"$f":"IFERROR(VLOOKUP(C1111,参数!$B:$H,2,0),\"\")","v":""},{"$f":"IFERROR(VLOOKUP(C1111,参数!$B:$H,4,0),\"\")","v":""},{"$f":"IFERROR(VLOOKUP(C1111,参数!B:H,3,FALSE),\"\")","v":""},"",1]
[1111,{"$nulls":6},{"$f":"IFERROR(VLOOKUP(C1112,参数!$B:$H,2,0),\"\")","v":""},{"$f":"IFERROR(VLOOKUP(C1112,参数!$B:$H,4,0),\"\")","v":""},{"$f":"IFERROR(VLOOKUP(C1112,参数!B:H,3,FALSE),\"\")","v":""},"",1]
[1112,{"$nulls":6},{"$f":"IFERROR(VLOOKUP(C1113,参数!$B:$H,2,0),\"\")","v":""},{"$f":"IFERROR(VLOOKUP(C1113,参数!$B:$H,4,0),\"\")","v":""},{"$f":"IFERROR(VLOOKUP(C1113,参数!B:H,3,FALSE),\"\")","v":""},"",1]
[1113,{"$nulls":6},{"$f":"IFERROR(VLOOKUP(C1114,参数!$B:$H,2,0),\"\")","v":""},{"$f":"IFERROR(VLOOKUP(C1114,参数!$B:$H,4,0),\"\")","v":""},{"$f":"IFERROR(VLOOKUP(C1114,参数!B:H,3,FALSE),\"\")","v":""},"",1]
[1114,{"$nulls":6},{"$f":"IFERROR(VLOOKUP(C1115,参数!$B:$H,2,0),\"\")","v":""},{"$f":"IFERROR(VLOOKUP(C1115,参数!$B:$H,4,0),\"\")","v":""},{"$f":"IFERROR(VLOOKUP(C1115,参数!B:H,3,FALSE),\"\")","v":""},"",1]
[1115,{"$nulls":6},{"$f":"IFERROR(VLOOKUP(C1116,参数!$B:$H,2,0),\"\")","v":""},{"$f":"IFERROR(VLOOKUP(C1116,参数!$B:$H,4,0),\"\")","v":""},{"$f":"IFERROR(VLOOKUP(C1116,参数!B:H,3,FALSE),\"\")","v":""},"",1]
[1116,{"$nulls":6},{"$f":"IFERROR(VLOOKUP(C1117,参数!$B:$H,2,0),\"\")","v":""},{"$f":"IFERROR(VLOOKUP(C1117,参数!$B:$H,4,0),\"\")","v":""},{"$f":"IFERROR(VLOOKUP(C1117,参数!B:H,3,FALSE),\"\")","v":""},"",1]
[1117,{"$nulls":6},{"$f":"IFERROR(VLOOKUP(C1118,参数!$B:$H,2,0),\"\")","v":""},{"$f":"IFERROR(VLOOKUP(C1118,参数!$B:$H,4,0),\"\")","v":""},{"$f":"IFERROR(VLOOKUP(C1118,参数!B:H,3,FALSE),\"\")","v":""},"",1]
[1118,{"$nulls":6},{"$f":"IFERROR(VLOOKUP(C1119,参数!$B:$H,2,0),\"\")","v":""},{"$f":"IFERROR(VLOOKUP(C1119,参数!$B:$H,4,0),\"\")","v":""},{"$f":"IFERROR(VLOOKUP(C1119,参数!B:H,3,FALSE),\"\")","v":""},"",1]
[1119,{"$nulls":6},{"$f":"IFERROR(VLOOKUP(C1120,参数!$B:$H,2,0),\"\")","v":""},{"$f":"IFERROR(VLOOKUP(C1120,参数!$B:$H,4,0),\"\")","v":""},{"$f":"IFERROR(VLOOKUP(C1120,参数!B:H,3,FALSE),\"\")","v":""},"",1]
[1120,{"$nulls":6},{"$f":"IFERROR(VLOOKUP(C1121,参数!$B:$H,2,0),\"\")","v":""},{"$f":"IFERROR(VLOOKUP(C1121,参数!$B:$H,4,0),\"\")","v":""},{"$f":"IFERROR(VLOOKUP(C1121,参数!B:H,3,FALSE),\"\")","v":""},"",1]
[1121,{"$nulls":6},{"$f":"IFERROR(VLOOKUP(C1122,参数!$B:$H,2,0),\"\")","v":""},{"$f":"IFERROR(VLOOKUP(C1122,参数!$B:$H,4,0),\"\")","v":""},{"$f":"IFERROR(VLOOKUP(C1122,参数!B:H,3,FALSE),\"\")","v":""},"",1]
[1122,{"$nulls":6},{"$f":"IFERROR(VLOOKUP(C1123,参数!$B:$H,2,0),\"\")","v":""},{"$f":"IFERROR(VLOOKUP(C1123,参数!$B:$H,4,0),\"\")","v":""},{"$f":"IFERROR(VLOOKUP(C1123,参数!B:H,3,FALSE),\"\")","v":""},"",1]
[1123,{"$nulls":6},{"$f":"IFERROR(VLOOKUP(C1124,参数!$B:$H,2,0),\"\")","v":""},{"$f":"IFERROR(VLOOKUP(C1124,参数!$B:$H,4,0),\"\")","v":""},{"$f":"IFERROR(VLOOKUP(C1124,参数!B:H,3,FALSE),\"\")","v":""},"",1]
[1124,{"$nulls":6},{"$f":"IFERROR(VLOOKUP(C1125,参数!$B:$H,2,0),\"\")","v":""},{"$f":"IFERROR(VLOOKUP(C1125,参数!$B:$H,4,0),\"\")","v":""},{"$f":"IFERROR(VLOOKUP(C1125,参数!B:H,3,FALSE),\"\")","v":""},{"$f":"IFERROR(J1125*E1125,\"\")","v":""},1]
[1125,{"$nulls":6},{"$f":"IFERROR(VLOOKUP(C1126,参数!$B:$H,2,0),\"\")","v":""},{"$f":"IFERROR(VLOOKUP(C1126,参数!$B:$H,4,0),\"\")","v":""},{"$f":"IFERROR(VLOOKUP(C1126,参数!B:H,3,FALSE),\"\")","v":""},"",1]
[1126,{"$nulls":6},{"$f":"IFERROR(VLOOKUP(C1127,参数!$B:$H,2,0),\"\")","v":""},{"$f":"IFERROR(VLOOKUP(C1127,参数!$B:$H,4,0),\"\")","v":""},{"$f":"IFERROR(VLOOKUP(C1127,参数!B:H,3,FALSE),\"\")","v":""},"",1]
[1127,{"$nulls":6},{"$f":"IFERROR(VLOOKUP(C1128,参数!$B:$H,2,0),\"\")","v":""},{"$f":"IFERROR(VLOOKUP(C1128,参数!$B:$H,4,0),\"\")","v":""},{"$f":"IFERROR(VLOOKUP(C1128,参数!B:H,3,FALSE),\"\")","v":""},"",1]
[1128,{"$nulls":6},{"$f":"IFERROR(VLOOKUP(C1129,参数!$B:$H,2,0),\"\")","v":""},{"$f":"IFERROR(VLOOKUP(C1129,参数!$B:$H,4,0),\"\")","v":""},{"$f":"IFERROR(VLOOKUP(C1129,参数!B:H,3,FALSE),\"\")","v":""},"",1]
[1129,{"$nulls":6},{"$f":"IFERROR(VLOOKUP(C1130,参数!$B:$H,2,0),\"\")","v":""},{"$f":"IFERROR(VLOOKUP(C1130,参数!$B:$H,4,0),\"\")","v":""},{"$f":"IFERROR(VLOOKUP(C1130,参数!B:H,3,FALSE),\"\")","v":""},"",1]
[1130,{"$nulls":6},{"$f":"IFERROR(VLOOKUP(C1131,参数!$B:$H,2,0),\"\")","v":""},{"$f":"IFERROR(VLOOKUP(C1131,参数!$B:$H,4,0),\"\")","v":""},{"$f":"IFERROR(VLOOKUP(C1131,参数!B:H,3,FALSE),\"\")","v":""},"",1]
[1131,{"$nulls":6},{"$f":"IFERROR(VLOOKUP(C1132,参数!$B:$H,2,0),\"\")","v":""},{"$f":"IFERROR(VLOOKUP(C1132,参数!$B:$H,4,0),\"\")","v":""},{"$f":"IFERROR(VLOOKUP(C1132,参数!B:H,3,FALSE),\"\")","v":""},"",1]
[1132,{"$nulls":6},{"$f":"IFERROR(VLOOKUP(C1133,参数!$B:$H,2,0),\"\")","v":""},{"$f":"IFERROR(VLOOKUP(C1133,参数!$B:$H,4,0),\"\")","v":""},{"$f":"IFERROR(VLOOKUP(C1133,参数!B:H,3,FALSE),\"\")","v":""},"",1]
[1133,{"$nulls":6},{"$f":"IFERROR(VLOOKUP(C1134,参数!$B:$H,2,0),\"\")","v":""},{"$f":"IFERROR(VLOOKUP(C1134,参数!$B:$H,4,0),\"\")","v":""},{"$f":"IFERROR(VLOOKUP(C1134,参数!B:H,3,FALSE),\"\")","v":""},"",1]
[1134,{"$nulls":6},{"$f":"IFERROR(VLOOKUP(C1135,参数!$B:$H,2,0),\"\")","v":""},{"$f":"IFERROR(VLOOKUP(C1135,参数!$B:$H,4,0),\"\")","v":""},{"$f":"IFERROR(VLOOKUP(C1135,参数!B:H,3,FALSE),\"\")","v":""},"",1]
[1135,{"$nulls":6},{"$f":"IFERROR(VLOOKUP(C1136,参数!$B:$H,2,0),\"\")","v":""},{"$f":"IFERROR(VLOOKUP(C1136,参数!$B:$H,4,0),\"\")","v":""},{"$f":"IFERROR(VLOOKUP(C1136,参数!B:H,3,FALSE),\"\")","v":""},"",1]
[1136,{"$nulls":6},{"$f":"IFERROR(VLOOKUP(C1137,参数!$B:$H,2,0),\"\")","v":""},{"$f":"IFERROR(VLOOKUP(C1137,参数!$B:$H,4,0),\"\")","v":""},{"$f":"IFERROR(VLOOKUP(C1137,参数!B:H,3,FALSE),\"\")","v":""},"",1]
[1137,{"$nulls":6},{"$f":"IFERROR(VLOOKUP(C1138,参数!$B:$H,2,0),\"\")","v":""},{"$f":"IFERROR(VLOOKUP(C1138,参数!$B:$H,4,0),\"\")","v":""},{"$f":"IFERROR(VLOOKUP(C1138,参数!B:H,3,FALSE),\"\")","v":""},"",1]
[1138,{"$nulls":6},{"$f":"IFERROR(VLOOKUP(C1139,参数!$B:$H,2,0),\"\")","v":""},{"$f":"IFERROR(VLOOKUP(C1139,参数!$B:$H,4,0),\"\")","v":""},{"$f":"IFERROR(VLOOKUP(C1139,参数!B:H,3,FALSE),\"\")","v":""},"",1]
[1139,{"$nulls":6},{"$f":"IFERROR(VLOOKUP(C1140,参数!$B:$H,2,0),\"\")","v":""},{"$f":"IFERROR(VLOOKUP(C1140,参数!$B:$H,4,0),\"\")","v":""},{"$f":"IFERROR(VLOOKUP(C1140,参数!B:H,3,FALSE),\"\")","v":""},"",1]
[1140,{"$nulls":6},{"$f":"IFERROR(VLOOKUP(C1141,参数!$B:$H,2,0),\"\")","v":""},{"$f":"IFERROR(VLOOKUP(C1141,参数!$B:$H,4,0),\"\")","v":""},{"$f":"IFERROR(VLOOKUP(C1141,参数!B:H,3,FALSE),\"\")","v":""},"",1]
[1141,{"$nulls":6},{"$f":"IFERROR(VLOOKUP(C1142,参数!$B:$H,2,0),\"\")","v":""},{"$f":"IFERROR(VLOOKUP(C1142,参数!$B:$H,4,0),\"\")","v":""},{"$f":"IFERROR(VLOOKUP(C1142,参数!B:H,3,FALSE),\"\")","v":""},"",1]
[1142,{"$nulls":6},{"$f":"IFERROR(VLOOKUP(C1143,参数!$B:$H,2,0),\"\")","v":""},{"$f":"IFERROR(VLOOKUP(C1143,参数!$B:$H,4,0),\"\")","v":""},{"$f":"IFERROR(VLOOKUP(C1143,参数!B:H,3,FALSE),\"\")","v":""},"",1]
[1143,{"$nulls":6},{"$f":"IFERROR(VLOOKUP(C1144,参数!$B:$H,2,0),\"\")","v":""},{"$f":"IFERROR(VLOOKUP(C1144,参数!$B:$H,4,0),\"\")","v":""},{"$f":"IFERROR(VLOOKUP(C1144,参数!B:H,3,FALSE),\"\")","v":""},"",1]
[1144,{"$nulls":6},{"$f":"IFERROR(VLOOKUP(C1145,参数!$B:$H,2,0),\"\")","v":""},{"$f":"IFERROR(VLOOKUP(C1145,参数!$B:$H,4,0),\"\")","v":""},{"$f":"IFERROR(VLOOKUP(C1145,参数!B:H,3,FALSE),\"\")","v":""},"",1]
[1145,{"$nulls":6},{"$f":"IFERROR(VLOOKUP(C1146,参数!$B:$H,2,0),\"\")","v":""},{"$f":"IFERROR(VLOOKUP(C1146,参数!$B:$H,4,0),\"\")","v":""},{"$f":"IFERROR(VLOOKUP(C1146,参数!B:H,3,FALSE),\"\")","v":""},"",1]
[1146,{"$nulls":6},{"$f":"IFERROR(VLOOKUP(C1147,参数!$B:$H,2,0),\"\")","v":""},{"$f":"IFERROR(VLOOKUP(C1147,参数!$B:$H,4,0),\"\")","v":""},{"$f":"IFERROR(VLOOKUP(C1147,参数!B:H,3,FALSE),\"\")","v":""},"",1]
[1147,{"$nulls":6},{"$f":"IFERROR(VLOOKUP(C1148,参数!$B:$H,2,0),\"\")","v":""},{"$f":"IFERROR(VLOOKUP(C1148,参数!$B:$H,4,0),\"\")","v":""},{"$f":"IFERROR(VLOOKUP(C1148,参数!B:H,3,FALSE),\"\")","v":""},"",1]
[1148,{"$nulls":6},{"$f":"IFERROR(VLOOKUP(C1149,参数!$B:$H,2,0),\"\")","v":""},{"$f":"IFERROR(VLOOKUP(C1149,参数!$B:$H,4,0),\"\")","v":""},{"$f":"IFERROR(VLOOKUP(C1149,参数!B:H,3,FALSE),\"\")","v":""},"",1]
[1149,{"$nulls":6},{"$f":"IFERROR(VLOOKUP(C1150,参数!$B:$H,2,0),\"\")","v":""},{"$f":"IFERROR(VLOOKUP(C1150,参数!$B:$H,4,0),\"\")","v":""},{"$f":"IFERROR(VLOOKUP(C1150,参数!B:H,3,FALSE),\"\")","v":""},"",1]
[1150,{"$nulls":6},{"$f":"IFERROR(VLOOKUP(C1151,参数!$B:$H,2,0),\"\")","v":""},{"$f":"IFERROR(VLOOKUP(C1151,参数!$B:$H,4,0),\"\")","v":""},{"$f":"IFERROR(VLOOKUP(C1151,参数!B:H,3,FALSE),\"\")","v":""},"",1]
[1151,{"$nulls":6},{"$f":"IFERROR(VLOOKUP(C1152,参数!$B:$H,2,0),\"\")","v":""},{"$f":"IFERROR(VLOOKUP(C1152,参数!$B:$H,4,0),\"\")","v":""},{"$f":"IFERROR(VLOOKUP(C1152,参数!B:H,3,FALSE),\"\")","v":""},"",1]
[1152,{"$nulls":6},{"$f":"IFERROR(VLOOKUP(C1153,参数!$B:$H,2,0),\"\")","v":""},{"$f":"IFERROR(VLOOKUP(C1153,参数!$B:$H,4,0),\"\")","v":""},{"$f":"IFERROR(VLOOKUP(C1153,参数!B:H,3,FALSE),\"\")","v":""},"",1]
[1153,{"$nulls":6},{"$f":"IFERROR(VLOOKUP(C1154,参数!$B:$H,2,0),\"\")","v":""},{"$f":"IFERROR(VLOOKUP(C1154,参数!$B:$H,4,0),\"\")","v":""},{"$f":"IFERROR(VLOOKUP(C1154,参数!B:H,3,FALSE),\"\")","v":""},"",{"$f":"VALUE(MONTH(B1154))","v":1}]
[1154,{"$nulls":6},{"$f":"IFERROR(VLOOKUP(C1155,参数!$B:$H,2,0),\"\")","v":""},{"$f":"IFERROR(VLOOKUP(C1155,参数!$B:$H,4,0),\"\")","v":""},{"$f":"IFERROR(VLOOKUP(C1155,参数!B:H,3,FALSE),\"\")","v":""},"",1]
[1155,{"$nulls":6},{"$f":"IFERROR(VLOOKUP(C1156,参数!$B:$H,2,0),\"\")","v":""},{"$f":"IFERROR(VLOOKUP(C1156,参数!$B:$H,4,0),\"\")","v":""},{"$f":"IFERROR(VLOOKUP(C1156,参数!B:H,3,FALSE),\"\")","v":""},"",1]
[1156,{"$nulls":6},{"$f":"IFERROR(VLOOKUP(C1157,参数!$B:$H,2,0),\"\")","v":""},{"$f":"IFERROR(VLOOKUP(C1157,参数!$B:$H,4,0),\"\")","v":""},{"$f":"IFERROR(VLOOKUP(C1157,参数!B:H,3,FALSE),\"\")","v":""},"",1]
[1157,{"$nulls":6},{"$f":"IFERROR(VLOOKUP(C1158,参数!$B:$H,2,0),\"\")","v":""},{"$f":"IFERROR(VLOOKUP(C1158,参数!$B:$H,4,0),\"\")","v":""},{"$f":"IFERROR(VLOOKUP(C1158,参数!B:H,3,FALSE),\"\")","v":""},"",1]
[1158,{"$nulls":6},{"$f":"IFERROR(VLOOKUP(C1159,参数!$B:$H,2,0),\"\")","v":""},{"$f":"IFERROR(VLOOKUP(C1159,参数!$B:$H,4,0),\"\")","v":""},{"$f":"IFERROR(VLOOKUP(C1159,参数!B:H,3,FALSE),\"\")","v":""},"",1]
[1159,{"$nulls":6},{"$f":"IFERROR(VLOOKUP(C1160,参数!$B:$H,2,0),\"\")","v":""},{"$f":"IFERROR(VLOOKUP(C1160,参数!$B:$H,4,0),\"\")","v":""},{"$f":"IFERROR(VLOOKUP(C1160,参数!B:H,3,FALSE),\"\")","v":""},"",1]
[1160,{"$nulls":6},{"$f":"IFERROR(VLOOKUP(C1161,参数!$B:$H,2,0),\"\")","v":""},{"$f":"IFERROR(VLOOKUP(C1161,参数!$B:$H,4,0),\"\")","v":""},{"$f":"IFERROR(VLOOKUP(C1161,参数!B:H,3,FALSE),\"\")","v":""},"",1]
[1161,{"$nulls":6},{"$f":"IFERROR(VLOOKUP(C1162,参数!$B:$H,2,0),\"\")","v":""},{"$f":"IFERROR(VLOOKUP(C1162,参数!$B:$H,4,0),\"\")","v":""},{"$f":"IFERROR(VLOOKUP(C1162,参数!B:H,3,FALSE),\"\")","v":""},"",1]
[1162,{"$nulls":6},{"$f":"IFERROR(VLOOKUP(C1163,参数!$B:$H,2,0),\"\")","v":""},{"$f":"IFERROR(VLOOKUP(C1163,参数!$B:$H,4,0),\"\")","v":""},{"$f":"IFERROR(VLOOKUP(C1163,参数!B:H,3,FALSE),\"\")","v":""},"",1]
[1163,{"$nulls":6},{"$f":"IFERROR(VLOOKUP(C1164,参数!$B:$H,2,0),\"\")","v":""},{"$f":"IFERROR(VLOOKUP(C1164,参数!$B:$H,4,0),\"\")","v":""},{"$f":"IFERROR(VLOOKUP(C1164,参数!B:H,3,FALSE),\"\")","v":""},"",1]
[1164,{"$nulls":6},{"$f":"IFERROR(VLOOKUP(C1165,参数!$B:$H,2,0),\"\")","v":""},{"$f":"IFERROR(VLOOKUP(C1165,参数!$B:$H,4,0),\"\")","v":""},{"$f":"IFERROR(VLOOKUP(C1165,参数!B:H,3,FALSE),\"\")","v":""},"",1]
[1165,{"$nulls":6},{"$f":"IFERROR(VLOOKUP(C1166,参数!$B:$H,2,0),\"\")","v":""},{"$f":"IFERROR(VLOOKUP(C1166,参数!$B:$H,4,0),\"\")","v":""},{"$f":"IFERROR(VLOOKUP(C1166,参数!B:H,3,FALSE),\"\")","v":""},"",1]
[1166,{"$nulls":6},{"$f":"IFERROR(VLOOKUP(C1167,参数!$B:$H,2,0),\"\")","v":""},{"$f":"IFERROR(VLOOKUP(C1167,参数!$B:$H,4,0),\"\")","v":""},{"$f":"IFERROR(VLOOKUP(C1167,参数!B:H,3,FALSE),\"\")","v":""},"",1]
[1167,{"$nulls":6},{"$f":"IFERROR(VLOOKUP(C1168,参数!$B:$H,2,0),\"\")","v":""},{"$f":"IFERROR(VLOOKUP(C1168,参数!$B:$H,4,0),\"\")","v":""},{"$f":"IFERROR(VLOOKUP(C1168,参数!B:H,3,FALSE),\"\")","v":""},"",1]
[1168,{"$nulls":6},{"$f":"IFERROR(VLOOKUP(C1169,参数!$B:$H,2,0),\"\")","v":""},{"$f":"IFERROR(VLOOKUP(C1169,参数!$B:$H,4,0),\"\")","v":""},{"$f":"IFERROR(VLOOKUP(C1169,参数!B:H,3,FALSE),\"\")","v":""},"",1]
[1169,{"$nulls":6},{"$f":"IFERROR(VLOOKUP(C1170,参数!$B:$H,2,0),\"\")","v":""},{"$f":"IFERROR(VLOOKUP(C1170,参数!$B:$H,4,0),\"\")","v":""},{"$f":"IFERROR(VLOOKUP(C1170,参数!B:H,3,FALSE),\"\")","v":""},"",1]
[1170,{"$nulls":6},{"$f":"IFERROR(VLOOKUP(C1171,参数!$B:$H,2,0),\"\")","v":""},{"$f":"IFERROR(VLOOKUP(C1171,参数!$B:$H,4,0),\"\")","v":""},{"$f":"IFERROR(VLOOKUP(C1171,参数!B:H,3,FALSE),\"\")","v":""},"",1]
[1171,{"$nulls":6},{"$f":"IFERROR(VLOOKUP(C1172,参数!$B:$H,2,0),\"\")","v":""},{"$f":"IFERROR(VLOOKUP(C1172,参数!$B:$H,4,0),\"\")","v":""},{"$f":"IFERROR(VLOOKUP(C1172,参数!B:H,3,FALSE),\"\")","v":""},"",1]
[1172,{"$nulls":6},{"$f":"IFERROR(VLOOKUP(C1173,参数!$B:$H,2,0),\"\")","v":""},{"$f":"IFERROR(VLOOKUP(C1173,参数!$B:$H,4,0),\"\")","v":""},{"$f":"IFERROR(VLOOKUP(C1173,参数!B:H,3,FALSE),\"\")","v":""},"",1]
[1173,{"$nulls":6},{"$f":"IFERROR(VLOOKUP(C1174,参数!$B:$H,2,0),\"\")","v":""},{"$f":"IFERROR(VLOOKUP(C1174,参数!$B:$H,4,0),\"\")","v":""},{"$f":"IFERROR(VLOOKUP(C1174,参数!B:H,3,FALSE),\"\")","v":""},"",1]
[1174,{"$nulls":6},{"$f":"IFERROR(VLOOKUP(C1175,参数!$B:$H,2,0),\"\")","v":""},{"$f":"IFERROR(VLOOKUP(C1175,参数!$B:$H,4,0),\"\")","v":""},{"$f":"IFERROR(VLOOKUP(C1175,参数!B:H,3,FALSE),\"\")","v":""},"",1]
[1175,{"$nulls":6},{"$f":"IFERROR(VLOOKUP(C1176,参数!$B:$H,2,0),\"\")","v":""},{"$f":"IFERROR(VLOOKUP(C1176,参数!$B:$H,4,0),\"\")","v":""},{"$f":"IFERROR(VLOOKUP(C1176,参数!B:H,3,FALSE),\"\")","v":""},"",1]
[1176,{"$nulls":6},{"$f":"IFERROR(VLOOKUP(C1177,参数!$B:$H,2,0),\"\")","v":""},{"$f":"IFERROR(VLOOKUP(C1177,参数!$B:$H,4,0),\"\")","v":""},{"$f":"IFERROR(VLOOKUP(C1177,参数!B:H,3,FALSE),\"\")","v":""},"",1]
[1177,{"$nulls":6},{"$f":"IFERROR(VLOOKUP(C1178,参数!$B:$H,2,0),\"\")","v":""},{"$f":"IFERROR(VLOOKUP(C1178,参数!$B:$H,4,0),\"\")","v":""},{"$f":"IFERROR(VLOOKUP(C1178,参数!B:H,3,FALSE),\"\")","v":""},"",1]
[1178,{"$nulls":6},{"$f":"IFERROR(VLOOKUP(C1179,参数!$B:$H,2,0),\"\")","v":""},{"$f":"IFERROR(VLOOKUP(C1179,参数!$B:$H,4,0),\"\")","v":""},{"$f":"IFERROR(VLOOKUP(C1179,参数!B:H,3,FALSE),\"\")","v":""},"",1]
[1179,{"$nulls":6},{"$f":"IFERROR(VLOOKUP(C1180,参数!$B:$H,2,0),\"\")","v":""},{"$f":"IFERROR(VLOOKUP(C1180,参数!$B:$H,4,0),\"\")","v":""},{"$f":"IFERROR(VLOOKUP(C1180,参数!B:H,3,FALSE),\"\")","v":""},"",1]
[1180,{"$nulls":6},{"$f":"IFERROR(VLOOKUP(C1181,参数!$B:$H,2,0),\"\")","v":""},{"$f":"IFERROR(VLOOKUP(C1181,参数!$B:$H,4,0),\"\")","v":""},{"$f":"IFERROR(VLOOKUP(C1181,参数!B:H,3,FALSE),\"\")","v":""},"",1]
[1181,{"$nulls":6},{"$f":"IFERROR(VLOOKUP(C1182,参数!$B:$H,2,0),\"\")","v":""},{"$f":"IFERROR(VLOOKUP(C1182,参数!$B:$H,4,0),\"\")","v":""},{"$f":"IFERROR(VLOOKUP(C1182,参数!B:H,3,FALSE),\"\")","v":""},"",1]
[1182,{"$nulls":6},{"$f":"IFERROR(VLOOKUP(C1183,参数!$B:$H,2,0),\"\")","v":""},{"$f":"IFERROR(VLOOKUP(C1183,参数!$B:$H,4,0),\"\")","v":""},{"$f":"IFERROR(VLOOKUP(C1183,参数!B:H,3,FALSE),\"\")","v":""},"",1]
[1183,{"$nulls":6},{"$f":"IFERROR(VLOOKUP(C1184,参数!$B:$H,2,0),\"\")","v":""},{"$f":"IFERROR(VLOOKUP(C1184,参数!$B:$H,4,0),\"\")","v":""},{"$f":"IFERROR(VLOOKUP(C1184,参数!B:H,3,FALSE),\"\")","v":""},"",1]
[1184,{"$nulls":6},{"$f":"IFERROR(VLOOKUP(C1185,参数!$B:$H,2,0),\"\")","v":""},{"$f":"IFERROR(VLOOKUP(C1185,参数!$B:$H,4,0),\"\")","v":""},{"$f":"IFERROR(VLOOKUP(C1185,参数!B:H,3,FALSE),\"\")","v":""},"",1]
[1185,{"$nulls":6},{"$f":"IFERROR(VLOOKUP(C1186,参数!$B:$H,2,0),\"\")","v":""},{"$f":"IFERROR(VLOOKUP(C1186,参数!$B:$H,4,0),\"\")","v":""},{"$f":"IFERROR(VLOOKUP(C1186,参数!B:H,3,FALSE),\"\")","v":""},"",1]
[1186,{"$nulls":6},{"$f":"IFERROR(VLOOKUP(C1187,参数!$B:$H,2,0),\"\")","v":""},{"$f":"IFERROR(VLOOKUP(C1187,参数!$B:$H,4,0),\"\")","v":""},{"$f":"IFERROR(VLOOKUP(C1187,参数!B:H,3,FALSE),\"\")","v":""},"",1]
[1187,{"$nulls":6},{"$f":"IFERROR(VLOOKUP(C1188,参数!$B:$H,2,0),\"\")","v":""},{"$f":"IFERROR(VLOOKUP(C1188,参数!$B:$H,4,0),\"\")","v":""},{"$f":"IFERROR(VLOOKUP(C1188,参数!B:H,3,FALSE),\"\")","v":""},"",1]
[1188,{"$nulls":6},{"$f":"IFERROR(VLOOKUP(C1189,参数!$B:$H,2,0),\"\")","v":""},{"$f":"IFERROR(VLOOKUP(C1189,参数!$B:$H,4,0),\"\")","v":""},{"$f":"IFERROR(VLOOKUP(C1189,参数!B:H,3,FALSE),\"\")","v":""},{"$f":"IFERROR(J1189*E1189,\"\")","v":""},1]
[1189,{"$nulls":6},{"$f":"IFERROR(VLOOKUP(C1190,参数!$B:$H,2,0),\"\")","v":""},{"$f":"IFERROR(VLOOKUP(C1190,参数!$B:$H,4,0),\"\")","v":""},{"$f":"IFERROR(VLOOKUP(C1190,参数!B:H,3,FALSE),\"\")","v":""},"",1]
[1190,{"$nulls":6},{"$f":"IFERROR(VLOOKUP(C1191,参数!$B:$H,2,0),\"\")","v":""},{"$f":"IFERROR(VLOOKUP(C1191,参数!$B:$H,4,0),\"\")","v":""},{"$f":"IFERROR(VLOOKUP(C1191,参数!B:H,3,FALSE),\"\")","v":""},"",1]
[1191,{"$nulls":6},{"$f":"IFERROR(VLOOKUP(C1192,参数!$B:$H,2,0),\"\")","v":""},{"$f":"IFERROR(VLOOKUP(C1192,参数!$B:$H,4,0),\"\")","v":""},{"$f":"IFERROR(VLOOKUP(C1192,参数!B:H,3,FALSE),\"\")","v":""},"",1]
[1192,{"$nulls":6},{"$f":"IFERROR(VLOOKUP(C1193,参数!$B:$H,2,0),\"\")","v":""},{"$f":"IFERROR(VLOOKUP(C1193,参数!$B:$H,4,0),\"\")","v":""},{"$f":"IFERROR(VLOOKUP(C1193,参数!B:H,3,FALSE),\"\")","v":""},"",1]
[1193,{"$nulls":6},{"$f":"IFERROR(VLOOKUP(C1194,参数!$B:$H,2,0),\"\")","v":""},{"$f":"IFERROR(VLOOKUP(C1194,参数!$B:$H,4,0),\"\")","v":""},{"$f":"IFERROR(VLOOKUP(C1194,参数!B:H,3,FALSE),\"\")","v":""},"",1]
[1194,{"$nulls":6},{"$f":"IFERROR(VLOOKUP(C1195,参数!$B:$H,2,0),\"\")","v":""},{"$f":"IFERROR(VLOOKUP(C1195,参数!$B:$H,4,0),\"\")","v":""},{"$f":"IFERROR(VLOOKUP(C1195,参数!B:H,3,FALSE),\"\")","v":""},"",1]
[1195,{"$nulls":6},{"$f":"IFERROR(VLOOKUP(C1196,参数!$B:$H,2,0),\"\")","v":""},{"$f":"IFERROR(VLOOKUP(C1196,参数!$B:$H,4,0),\"\")","v":""},{"$f":"IFERROR(VLOOKUP(C1196,参数!B:H,3,FALSE),\"\")","v":""},"",1]
[1196,{"$nulls":6},{"$f":"IFERROR(VLOOKUP(C1197,参数!$B:$H,2,0),\"\")","v":""},{"$f":"IFERROR(VLOOKUP(C1197,参数!$B:$H,4,0),\"\")","v":""},{"$f":"IFERROR(VLOOKUP(C1197,参数!B:H,3,FALSE),\"\")","v":""},"",1]
[1197,{"$nulls":6},{"$f":"IFERROR(VLOOKUP(C1198,参数!$B:$H,2,0),\"\")","v":""},{"$f":"IFERROR(VLOOKUP(C1198,参数!$B:$H,4,0),\"\")","v":""},{"$f":"IFERROR(VLOOKUP(C1198,参数!B:H,3,FALSE),\"\")","v":""},"",1]
[1198,{"$nulls":6},{"$f":"IFERROR(VLOOKUP(C1199,参数!$B:$H,2,0),\"\")","v":""},{"$f":"IFERROR(VLOOKUP(C1199,参数!$B:$H,4,0),\"\")","v":""},{"$f":"IFERROR(VLOOKUP(C1199,参数!B:H,3,FALSE),\"\")","v":""},"",1]
[1199,{"$nulls":6},{"$f":"IFERROR(VLOOKUP(C1200,参数!$B:$H,2,0),\"\")","v":""},{"$f":"IFERROR(VLOOKUP(C1200,参数!$B:$H,4,0),\"\")","v":""},{"$f":"IFERROR(VLOOKUP(C1200,参数!B:H,3,FALSE),\"\")","v":""},"",1]
[1200,{"$nulls":6},{"$f":"IFERROR(VLOOKUP(C1201,参数!$B:$H,2,0),\"\")","v":""},{"$f":"IFERROR(VLOOKUP(C1201,参数!$B:$H,4,0),\"\")","v":""},{"$f":"IFERROR(VLOOKUP(C1201,参数!B:H,3,FALSE),\"\")","v":""},"",1]
[1201,{"$nulls":6},{"$f":"IFERROR(VLOOKUP(C1202,参数!$B:$H,2,0),\"\")","v":""},{"$f":"IFERROR(VLOOKUP(C1202,参数!$B:$H,4,0),\"\")","v":""},{"$f":"IFERROR(VLOOKUP(C1202,参数!B:H,3,FALSE),\"\")","v":""},"",1]
[1202,{"$nulls":6},{"$f":"IFERROR(VLOOKUP(C1203,参数!$B:$H,2,0),\"\")","v":""},{"$f":"IFERROR(VLOOKUP(C1203,参数!$B:$H,4,0),\"\")","v":""},{"$f":"IFERROR(VLOOKUP(C1203,参数!B:H,3,FALSE),\"\")","v":""},"",1]
[1203,{"$nulls":6},{"$f":"IFERROR(VLOOKUP(C1204,参数!$B:$H,2,0),\"\")","v":""},{"$f":"IFERROR(VLOOKUP(C1204,参数!$B:$H,4,0),\"\")","v":""},{"$f":"IFERROR(VLOOKUP(C1204,参数!B:H,3,FALSE),\"\")","v":""},"",1]
[1204,{"$nulls":6},{"$f":"IFERROR(VLOOKUP(C1205,参数!$B:$H,2,0),\"\")","v":""},{"$f":"IFERROR(VLOOKUP(C1205,参数!$B:$H,4,0),\"\")","v":""},{"$f":"IFERROR(VLOOKUP(C1205,参数!B:H,3,FALSE),\"\")","v":""},"",1]
[1205,{"$nulls":6},{"$f":"IFERROR(VLOOKUP(C1206,参数!$B:$H,2,0),\"\")","v":""},{"$f":"IFERROR(VLOOKUP(C1206,参数!$B:$H,4,0),\"\")","v":""},{"$f":"IFERROR(VLOOKUP(C1206,参数!B:H,3,FALSE),\"\")","v":""},"",1]
[1206,{"$nulls":6},{"$f":"IFERROR(VLOOKUP(C1207,参数!$B:$H,2,0),\"\")","v":""},{"$f":"IFERROR(VLOOKUP(C1207,参数!$B:$H,4,0),\"\")","v":""},{"$f":"IFERROR(VLOOKUP(C1207,参数!B:H,3,FALSE),\"\")","v":""},"",1]
[1207,{"$nulls":6},{"$f":"IFERROR(VLOOKUP(C1208,参数!$B:$H,2,0),\"\")","v":""},{"$f":"IFERROR(VLOOKUP(C1208,参数!$B:$H,4,0),\"\")","v":""},{"$f":"IFERROR(VLOOKUP(C1208,参数!B:H,3,FALSE),\"\")","v":""},"",1]
[1208,{"$nulls":6},{"$f":"IFERROR(VLOOKUP(C1209,参数!$B:$H,2,0),\"\")","v":""},{"$f":"IFERROR(VLOOKUP(C1209,参数!$B:$H,4,0),\"\")","v":""},{"$f":"IFERROR(VLOOKUP(C1209,参数!B:H,3,FALSE),\"\")","v":""},"",1]
[1209,{"$nulls":6},{"$f":"IFERROR(VLOOKUP(C1210,参数!$B:$H,2,0),\"\")","v":""},{"$f":"IFERROR(VLOOKUP(C1210,参数!$B:$H,4,0),\"\")","v":""},{"$f":"IFERROR(VLOOKUP(C1210,参数!B:H,3,FALSE),\"\")","v":""},"",1]
[1210,{"$nulls":6},{"$f":"IFERROR(VLOOKUP(C1211,参数!$B:$H,2,0),\"\")","v":""},{"$f":"IFERROR(VLOOKUP(C1211,参数!$B:$H,4,0),\"\")","v":""},{"$f":"IFERROR(VLOOKUP(C1211,参数!B:H,3,FALSE),\"\")","v":""},"",1]
[1211,{"$nulls":6},{"$f":"IFERROR(VLOOKUP(C1212,参数!$B:$H,2,0),\"\")","v":""},{"$f":"IFERROR(VLOOKUP(C1212,参数!$B:$H,4,0),\"\")","v":""},{"$f":"IFERROR(VLOOKUP(C1212,参数!B:H,3,FALSE),\"\")","v":""},"",1]
[1212,{"$nulls":6},{"$f":"IFERROR(VLOOKUP(C1213,参数!$B:$H,2,0),\"\")","v":""},{"$f":"IFERROR(VLOOKUP(C1213,参数!$B:$H,4,0),\"\")","v":""},{"$f":"IFERROR(VLOOKUP(C1213,参数!B:H,3,FALSE),\"\")","v":""},"",1]
[1213,{"$nulls":6},{"$f":"IFERROR(VLOOKUP(C1214,参数!$B:$H,2,0),\"\")","v":""},{"$f":"IFERROR(VLOOKUP(C1214,参数!$B:$H,4,0),\"\")","v":""},{"$f":"IFERROR(VLOOKUP(C1214,参数!B:H,3,FALSE),\"\")","v":""},"",1]
[1214,{"$nulls":6},{"$f":"IFERROR(VLOOKUP(C1215,参数!$B:$H,2,0),\"\")","v":""},{"$f":"IFERROR(VLOOKUP(C1215,参数!$B:$H,4,0),\"\")","v":""},{"$f":"IFERROR(VLOOKUP(C1215,参数!B:H,3,FALSE),\"\")","v":""},"",1]
[1215,{"$nulls":6},{"$f":"IFERROR(VLOOKUP(C1216,参数!$B:$H,2,0),\"\")","v":""},{"$f":"IFERROR(VLOOKUP(C1216,参数!$B:$H,4,0),\"\")","v":""},{"$f":"IFERROR(VLOOKUP(C1216,参数!B:H,3,FALSE),\"\")","v":""},"",1]
[1216,{"$nulls":6},{"$f":"IFERROR(VLOOKUP(C1217,参数!$B:$H,2,0),\"\")","v":""},{"$f":"IFERROR(VLOOKUP(C1217,参数!$B:$H,4,0),\"\")","v":""},{"$f":"IFERROR(VLOOKUP(C1217,参数!B:H,3,FALSE),\"\")","v":""},"",1]
[1217,{"$nulls":6},{"$f":"IFERROR(VLOOKUP(C1218,参数!$B:$H,2,0),\"\")","v":""},{"$f":"IFERROR(VLOOKUP(C1218,参数!$B:$H,4,0),\"\")","v":""},{"$f":"IFERROR(VLOOKUP(C1218,参数!B:H,3,FALSE),\"\")","v":""},"",{"$f":"VALUE(MONTH(B1218))","v":1}]
[1218,{"$nulls":6},{"$f":"IFERROR(VLOOKUP(C1219,参数!$B:$H,2,0),\"\")","v":""},{"$f":"IFERROR(VLOOKUP(C1219,参数!$B:$H,4,0),\"\")","v":""},{"$f":"IFERROR(VLOOKUP(C1219,参数!B:H,3,FALSE),\"\")","v":""},"",1]
[1219,{"$nulls":6},{"$f":"IFERROR(VLOOKUP(C1220,参数!$B:$H,2,0),\"\")","v":""},{"$f":"IFERROR(VLOOKUP(C1220,参数!$B:$H,4,0),\"\")","v":""},{"$f":"IFERROR(VLOOKUP(C1220,参数!B:H,3,FALSE),\"\")","v":""},"",1]
[1220,{"$nulls":6},{"$f":"IFERROR(VLOOKUP(C1221,参数!$B:$H,2,0),\"\")","v":""},{"$f":"IFERROR(VLOOKUP(C1221,参数!$B:$H,4,0),\"\")","v":""},{"$f":"IFERROR(VLOOKUP(C1221,参数!B:H,3,FALSE),\"\")","v":""},"",1]
[1221,{"$nulls":6},{"$f":"IFERROR(VLOOKUP(C1222,参数!$B:$H,2,0),\"\")","v":""},{"$f":"IFERROR(VLOOKUP(C1222,参数!$B:$H,4,0),\"\")","v":""},{"$f":"IFERROR(VLOOKUP(C1222,参数!B:H,3,FALSE),\"\")","v":""},"",1]
[1222,{"$nulls":6},{"$f":"IFERROR(VLOOKUP(C1223,参数!$B:$H,2,0),\"\")","v":""},{"$f":"IFERROR(VLOOKUP(C1223,参数!$B:$H,4,0),\"\")","v":""},{"$f":"IFERROR(VLOOKUP(C1223,参数!B:H,3,FALSE),\"\")","v":""},"",1]
[1223,{"$nulls":6},{"$f":"IFERROR(VLOOKUP(C1224,参数!$B:$H,2,0),\"\")","v":""},{"$f":"IFERROR(VLOOKUP(C1224,参数!$B:$H,4,0),\"\")","v":""},{"$f":"IFERROR(VLOOKUP(C1224,参数!B:H,3,FALSE),\"\")","v":""},"",1]
[1224,{"$nulls":6},{"$f":"IFERROR(VLOOKUP(C1225,参数!$B:$H,2,0),\"\")","v":""},{"$f":"IFERROR(VLOOKUP(C1225,参数!$B:$H,4,0),\"\")","v":""},{"$f":"IFERROR(VLOOKUP(C1225,参数!B:H,3,FALSE),\"\")","v":""},"",1]
[1225,{"$nulls":6},{"$f":"IFERROR(VLOOKUP(C1226,参数!$B:$H,2,0),\"\")","v":""},{"$f":"IFERROR(VLOOKUP(C1226,参数!$B:$H,4,0),\"\")","v":""},{"$f":"IFERROR(VLOOKUP(C1226,参数!B:H,3,FALSE),\"\")","v":""},"",1]
[1226,{"$nulls":6},{"$f":"IFERROR(VLOOKUP(C1227,参数!$B:$H,2,0),\"\")","v":""},{"$f":"IFERROR(VLOOKUP(C1227,参数!$B:$H,4,0),\"\")","v":""},{"$f":"IFERROR(VLOOKUP(C1227,参数!B:H,3,FALSE),\"\")","v":""},"",1]
[1227,{"$nulls":6},{"$f":"IFERROR(VLOOKUP(C1228,参数!$B:$H,2,0),\"\")","v":""},{"$f":"IFERROR(VLOOKUP(C1228,参数!$B:$H,4,0),\"\")","v":""},{"$f":"IFERROR(VLOOKUP(C1228,参数!B:H,3,FALSE),\"\")","v":""},"",1]
[1228,{"$nulls":6},{"$f":"IFERROR(VLOOKUP(C1229,参数!$B:$H,2,0),\"\")","v":""},{"$f":"IFERROR(VLOOKUP(C1229,参数!$B:$H,4,0),\"\")","v":""},{"$f":"IFERROR(VLOOKUP(C1229,参数!B:H,3,FALSE),\"\")","v":""},"",1]
[1229,{"$nulls":6},{"$f":"IFERROR(VLOOKUP(C1230,参数!$B:$H,2,0),\"\")","v":""},{"$f":"IFERROR(VLOOKUP(C1230,参数!$B:$H,4,0),\"\")","v":""},{"$f":"IFERROR(VLOOKUP(C1230,参数!B:H,3,FALSE),\"\")","v":""},"",1]
[1230,{"$nulls":6},{"$f":"IFERROR(VLOOKUP(C1231,参数!$B:$H,2,0),\"\")","v":""},{"$f":"IFERROR(VLOOKUP(C1231,参数!$B:$H,4,0),\"\")","v":""},{"$f":"IFERROR(VLOOKUP(C1231,参数!B:H,3,FALSE),\"\")","v":""},"",1]
[1231,{"$nulls":6},{"$f":"IFERROR(VLOOKUP(C1232,参数!$B:$H,2,0),\"\")","v":""},{"$f":"IFERROR(VLOOKUP(C1232,参数!$B:$H,4,0),\"\")","v":""},{"$f":"IFERROR(VLOOKUP(C1232,参数!B:H,3,FALSE),\"\")","v":""},"",1]
[1232,{"$nulls":6},{"$f":"IFERROR(VLOOKUP(C1233,参数!$B:$H,2,0),\"\")","v":""},{"$f":"IFERROR(VLOOKUP(C1233,参数!$B:$H,4,0),\"\")","v":""},{"$f":"IFERROR(VLOOKUP(C1233,参数!B:H,3,FALSE),\"\")","v":""},"",1]
[1233,{"$nulls":6},{"$f":"IFERROR(VLOOKUP(C1234,参数!$B:$H,2,0),\"\")","v":""},{"$f":"IFERROR(VLOOKUP(C1234,参数!$B:$H,4,0),\"\")","v":""},{"$f":"IFERROR(VLOOKUP(C1234,参数!B:H,3,FALSE),\"\")","v":""},"",1]
[1234,{"$nulls":6},{"$f":"IFERROR(VLOOKUP(C1235,参数!$B:$H,2,0),\"\")","v":""},{"$f":"IFERROR(VLOOKUP(C1235,参数!$B:$H,4,0),\"\")","v":""},{"$f":"IFERROR(VLOOKUP(C1235,参数!B:H,3,FALSE),\"\")","v":""},"",1]
[1235,{"$nulls":6},{"$f":"IFERROR(VLOOKUP(C1236,参数!$B:$H,2,0),\"\")","v":""},{"$f":"IFERROR(VLOOKUP(C1236,参数!$B:$H,4,0),\"\")","v":""},{"$f":"IFERROR(VLOOKUP(C1236,参数!B:H,3,FALSE),\"\")","v":""},"",1]
[1236,{"$nulls":6},{"$f":"IFERROR(VLOOKUP(C1237,参数!$B:$H,2,0),\"\")","v":""},{"$f":"IFERROR(VLOOKUP(C1237,参数!$B:$H,4,0),\"\")","v":""},{"$f":"IFERROR(VLOOKUP(C1237,参数!B:H,3,FALSE),\"\")","v":""},"",1]
[1237,{"$nulls":6},{"$f":"IFERROR(VLOOKUP(C1238,参数!$B:$H,2,0),\"\")","v":""},{"$f":"IFERROR(VLOOKUP(C1238,参数!$B:$H,4,0),\"\")","v":""},{"$f":"IFERROR(VLOOKUP(C1238,参数!B:H,3,FALSE),\"\")","v":""},"",1]
[1238,{"$nulls":6},{"$f":"IFERROR(VLOOKUP(C1239,参数!$B:$H,2,0),\"\")","v":""},{"$f":"IFERROR(VLOOKUP(C1239,参数!$B:$H,4,0),\"\")","v":""},{"$f":"IFERROR(VLOOKUP(C1239,参数!B:H,3,FALSE),\"\")","v":""},"",1]
[1239,{"$nulls":6},{"$f":"IFERROR(VLOOKUP(C1240,参数!$B:$H,2,0),\"\")","v":""},{"$f":"IFERROR(VLOOKUP(C1240,参数!$B:$H,4,0),\"\")","v":""},{"$f":"IFERROR(VLOOKUP(C1240,参数!B:H,3,FALSE),\"\")","v":""},"",1]
[1240,{"$nulls":6},{"$f":"IFERROR(VLOOKUP(C1241,参数!$B:$H,2,0),\"\")","v":""},{"$f":"IFERROR(VLOOKUP(C1241,参数!$B:$H,4,0),\"\")","v":""},{"$f":"IFERROR(VLOOKUP(C1241,参数!B:H,3,FALSE),\"\")","v":""},"",1]
[1241,{"$nulls":6},{"$f":"IFERROR(VLOOKUP(C1242,参数!$B:$H,2,0),\"\")","v":""},{"$f":"IFERROR(VLOOKUP(C1242,参数!$B:$H,4,0),\"\")","v":""},{"$f":"IFERROR(VLOOKUP(C1242,参数!B:H,3,FALSE),\"\")","v":""},"",1]
[1242,{"$nulls":6},{"$f":"IFERROR(VLOOKUP(C1243,参数!$B:$H,2,0),\"\")","v":""},{"$f":"IFERROR(VLOOKUP(C1243,参数!$B:$H,4,0),\"\")","v":""},{"$f":"IFERROR(VLOOKUP(C1243,参数!B:H,3,FALSE),\"\")","v":""},"",1]
[1243,{"$nulls":6},{"$f":"IFERROR(VLOOKUP(C1244,参数!$B:$H,2,0),\"\")","v":""},{"$f":"IFERROR(VLOOKUP(C1244,参数!$B:$H,4,0),\"\")","v":""},{"$f":"IFERROR(VLOOKUP(C1244,参数!B:H,3,FALSE),\"\")","v":""},"",1]
[1244,{"$nulls":6},{"$f":"IFERROR(VLOOKUP(C1245,参数!$B:$H,2,0),\"\")","v":""},{"$f":"IFERROR(VLOOKUP(C1245,参数!$B:$H,4,0),\"\")","v":""},{"$f":"IFERROR(VLOOKUP(C1245,参数!B:H,3,FALSE),\"\")","v":""},"",1]
[1245,{"$nulls":6},{"$f":"IFERROR(VLOOKUP(C1246,参数!$B:$H,2,0),\"\")","v":""},{"$f":"IFERROR(VLOOKUP(C1246,参数!$B:$H,4,0),\"\")","v":""},{"$f":"IFERROR(VLOOKUP(C1246,参数!B:H,3,FALSE),\"\")","v":""},"",1]
[1246,{"$nulls":6},{"$f":"IFERROR(VLOOKUP(C1247,参数!$B:$H,2,0),\"\")","v":""},{"$f":"IFERROR(VLOOKUP(C1247,参数!$B:$H,4,0),\"\")","v":""},{"$f":"IFERROR(VLOOKUP(C1247,参数!B:H,3,FALSE),\"\")","v":""},"",1]
[1247,{"$nulls":6},{"$f":"IFERROR(VLOOKUP(C1248,参数!$B:$H,2,0),\"\")","v":""},{"$f":"IFERROR(VLOOKUP(C1248,参数!$B:$H,4,0),\"\")","v":""},{"$f":"IFERROR(VLOOKUP(C1248,参数!B:H,3,FALSE),\"\")","v":""},"",1]
[1248,{"$nulls":6},{"$f":"IFERROR(VLOOKUP(C1249,参数!$B:$H,2,0),\"\")","v":""},{"$f":"IFERROR(VLOOKUP(C1249,参数!$B:$H,4,0),\"\")","v":""},{"$f":"IFERROR(VLOOKUP(C1249,参数!B:H,3,FALSE),\"\")","v":""},"",1]
[1249,{"$nulls":6},{"$f":"IFERROR(VLOOKUP(C1250,参数!$B:$H,2,0),\"\")","v":""},{"$f":"IFERROR(VLOOKUP(C1250,参数!$B:$H,4,0),\"\")","v":""},{"$f":"IFERROR(VLOOKUP(C1250,参数!B:H,3,FALSE),\"\")","v":""},"",1]
[1250,{"$nulls":6},{"$f":"IFERROR(VLOOKUP(C1251,参数!$B:$H,2,0),\"\")","v":""},{"$f":"IFERROR(VLOOKUP(C1251,参数!$B:$H,4,0),\"\")","v":""},{"$f":"IFERROR(VLOOKUP(C1251,参数!B:H,3,FALSE),\"\")","v":""},"",1]
[1251,{"$nulls":6},{"$f":"IFERROR(VLOOKUP(C1252,参数!$B:$H,2,0),\"\")","v":""},{"$f":"IFERROR(VLOOKUP(C1252,参数!$B:$H,4,0),\"\")","v":""},{"$f":"IFERROR(VLOOKUP(C1252,参数!B:H,3,FALSE),\"\")","v":""},"",1]
[1252,{"$nulls":6},{"$f":"IFERROR(VLOOKUP(C1253,参数!$B:$H,2,0),\"\")","v":""},{"$f":"IFERROR(VLOOKUP(C1253,参数!$B:$H,4,0),\"\")","v":""},{"$f":"IFERROR(VLOOKUP(C1253,参数!B:H,3,FALSE),\"\")","v":""},{"$f":"IFERROR(J1253*E1253,\"\")","v":""},1]
[1253,{"$nulls":6},{"$f":"IFERROR(VLOOKUP(C1254,参数!$B:$H,2,0),\"\")","v":""},{"$f":"IFERROR(VLOOKUP(C1254,参数!$B:$H,4,0),\"\")","v":""},{"$f":"IFERROR(VLOOKUP(C1254,参数!B:H,3,FALSE),\"\")","v":""},"",1]
[1254,{"$nulls":6},{"$f":"IFERROR(VLOOKUP(C1255,参数!$B:$H,2,0),\"\")","v":""},{"$f":"IFERROR(VLOOKUP(C1255,参数!$B:$H,4,0),\"\")","v":""},{"$f":"IFERROR(VLOOKUP(C1255,参数!B:H,3,FALSE),\"\")","v":""},"",1]
[1255,{"$nulls":6},{"$f":"IFERROR(VLOOKUP(C1256,参数!$B:$H,2,0),\"\")","v":""},{"$f":"IFERROR(VLOOKUP(C1256,参数!$B:$H,4,0),\"\")","v":""},{"$f":"IFERROR(VLOOKUP(C1256,参数!B:H,3,FALSE),\"\")","v":""},"",1]
[1256,{"$nulls":6},{"$f":"IFERROR(VLOOKUP(C1257,参数!$B:$H,2,0),\"\")","v":""},{"$f":"IFERROR(VLOOKUP(C1257,参数!$B:$H,4,0),\"\")","v":""},{"$f":"IFERROR(VLOOKUP(C1257,参数!B:H,3,FALSE),\"\")","v":""},"",1]
[1257,{"$nulls":6},{"$f":"IFERROR(VLOOKUP(C1258,参数!$B:$H,2,0),\"\")","v":""},{"$f":"IFERROR(VLOOKUP(C1258,参数!$B:$H,4,0),\"\")","v":""},{"$f":"IFERROR(VLOOKUP(C1258,参数!B:H,3,FALSE),\"\")","v":""},"",1]
[1258,{"$nulls":6},{"$f":"IFERROR(VLOOKUP(C1259,参数!$B:$H,2,0),\"\")","v":""},{"$f":"IFERROR(VLOOKUP(C1259,参数!$B:$H,4,0),\"\")","v":""},{"$f":"IFERROR(VLOOKUP(C1259,参数!B:H,3,FALSE),\"\")","v":""},"",1]
[1259,{"$nulls":6},{"$f":"IFERROR(VLOOKUP(C1260,参数!$B:$H,2,0),\"\")","v":""},{"$f":"IFERROR(VLOOKUP(C1260,参数!$B:$H,4,0),\"\")","v":""},{"$f":"IFERROR(VLOOKUP(C1260,参数!B:H,3,FALSE),\"\")","v":""},"",1]
[1260,{"$nulls":6},{"$f":"IFERROR(VLOOKUP(C1261,参数!$B:$H,2,0),\"\")","v":""},{"$f":"IFERROR(VLOOKUP(C1261,参数!$B:$H,4,0),\"\")","v":""},{"$f":"IFERROR(VLOOKUP(C1261,参数!B:H,3,FALSE),\"\")","v":""},"",1]
[1261,{"$nulls":6},{"$f":"IFERROR(VLOOKUP(C1262,参数!$B:$H,2,0),\"\")","v":""},{"$f":"IFERROR(VLOOKUP(C1262,参数!$B:$H,4,0),\"\")","v":""},{"$f":"IFERROR(VLOOKUP(C1262,参数!B:H,3,FALSE),\"\")","v":""},"",1]
[1262,{"$nulls":6},{"$f":"IFERROR(VLOOKUP(C1263,参数!$B:$H,2,0),\"\")","v":""},{"$f":"IFERROR(VLOOKUP(C1263,参数!$B:$H,4,0),\"\")","v":""},{"$f":"IFERROR(VLOOKUP(C1263,参数!B:H,3,FALSE),\"\")","v":""},"",1]
[1263,{"$nulls":6},{"$f":"IFERROR(VLOOKUP(C1264,参数!$B:$H,2,0),\"\")","v":""},{"$f":"IFERROR(VLOOKUP(C1264,参数!$B:$H,4,0),\"\")","v":""},{"$f":"IFERROR(VLOOKUP(C1264,参数!B:H,3,FALSE),\"\")","v":""},"",1]
[1264,{"$nulls":6},{"$f":"IFERROR(VLOOKUP(C1265,参数!$B:$H,2,0),\"\")","v":""},{"$f":"IFERROR(VLOOKUP(C1265,参数!$B:$H,4,0),\"\")","v":""},{"$f":"IFERROR(VLOOKUP(C1265,参数!B:H,3,FALSE),\"\")","v":""},"",1]
[1265,{"$nulls":6},{"$f":"IFERROR(VLOOKUP(C1266,参数!$B:$H,2,0),\"\")","v":""},{"$f":"IFERROR(VLOOKUP(C1266,参数!$B:$H,4,0),\"\")","v":""},{"$f":"IFERROR(VLOOKUP(C1266,参数!B:H,3,FALSE),\"\")","v":""},"",1]
[1266,{"$nulls":6},{"$f":"IFERROR(VLOOKUP(C1267,参数!$B:$H,2,0),\"\")","v":""},{"$f":"IFERROR(VLOOKUP(C1267,参数!$B:$H,4,0),\"\")","v":""},{"$f":"IFERROR(VLOOKUP(C1267,参数!B:H,3,FALSE),\"\")","v":""},"",1]
[1267,{"$nulls":6},{"$f":"IFERROR(VLOOKUP(C1268,参数!$B:$H,2,0),\"\")","v":""},{"$f":"IFERROR(VLOOKUP(C1268,参数!$B:$H,4,0),\"\")","v":""},{"$f":"IFERROR(VLOOKUP(C1268,参数!B:H,3,FALSE),\"\")","v":""},"",1]
[1268,{"$nulls":6},{"$f":"IFERROR(VLOOKUP(C1269,参数!$B:$H,2,0),\"\")","v":""},{"$f":"IFERROR(VLOOKUP(C1269,参数!$B:$H,4,0),\"\")","v":""},{"$f":"IFERROR(VLOOKUP(C1269,参数!B:H,3,FALSE),\"\")","v":""},"",1]
[1269,{"$nulls":6},{"$f":"IFERROR(VLOOKUP(C1270,参数!$B:$H,2,0),\"\")","v":""},{"$f":"IFERROR(VLOOKUP(C1270,参数!$B:$H,4,0),\"\")","v":""},{"$f":"IFERROR(VLOOKUP(C1270,参数!B:H,3,FALSE),\"\")","v":""},"",1]
[1270,{"$nulls":6},{"$f":"IFERROR(VLOOKUP(C1271,参数!$B:$H,2,0),\"\")","v":""},{"$f":"IFERROR(VLOOKUP(C1271,参数!$B:$H,4,0),\"\")","v":""},{"$f":"IFERROR(VLOOKUP(C1271,参数!B:H,3,FALSE),\"\")","v":""},"",1]
[1271,{"$nulls":6},{"$f":"IFERROR(VLOOKUP(C1272,参数!$B:$H,2,0),\"\")","v":""},{"$f":"IFERROR(VLOOKUP(C1272,参数!$B:$H,4,0),\"\")","v":""},{"$f":"IFERROR(VLOOKUP(C1272,参数!B:H,3,FALSE),\"\")","v":""},"",1]
[1272,{"$nulls":6},{"$f":"IFERROR(VLOOKUP(C1273,参数!$B:$H,2,0),\"\")","v":""},{"$f":"IFERROR(VLOOKUP(C1273,参数!$B:$H,4,0),\"\")","v":""},{"$f":"IFERROR(VLOOKUP(C1273,参数!B:H,3,FALSE),\"\")","v":""},"",1]
[1273,{"$nulls":6},{"$f":"IFERROR(VLOOKUP(C1274,参数!$B:$H,2,0),\"\")","v":""},{"$f":"IFERROR(VLOOKUP(C1274,参数!$B:$H,4,0),\"\")","v":""},{"$f":"IFERROR(VLOOKUP(C1274,参数!B:H,3,FALSE),\"\")","v":""},"",1]
[1274,{"$nulls":6},{"$f":"IFERROR(VLOOKUP(C1275,参数!$B:$H,2,0),\"\")","v":""},{"$f":"IFERROR(VLOOKUP(C1275,参数!$B:$H,4,0),\"\")","v":""},{"$f":"IFERROR(VLOOKUP(C1275,参数!B:H,3,FALSE),\"\")","v":""},"",1]
[1275,{"$nulls":6},{"$f":"IFERROR(VLOOKUP(C1276,参数!$B:$H,2,0),\"\")","v":""},{"$f":"IFERROR(VLOOKUP(C1276,参数!$B:$H,4,0),\"\")","v":""},{"$f":"IFERROR(VLOOKUP(C1276,参数!B:H,3,FALSE),\"\")","v":""},"",1]
[1276,{"$nulls":6},{"$f":"IFERROR(VLOOKUP(C1277,参数!$B:$H,2,0),\"\")","v":""},{"$f":"IFERROR(VLOOKUP(C1277,参数!$B:$H,4,0),\"\")","v":""},{"$f":"IFERROR(VLOOKUP(C1277,参数!B:H,3,FALSE),\"\")","v":""},"",1]
[1277,{"$nulls":6},{"$f":"IFERROR(VLOOKUP(C1278,参数!$B:$H,2,0),\"\")","v":""},{"$f":"IFERROR(VLOOKUP(C1278,参数!$B:$H,4,0),\"\")","v":""},{"$f":"IFERROR(VLOOKUP(C1278,参数!B:H,3,FALSE),\"\")","v":""},"",1]
[1278,{"$nulls":6},{"$f":"IFERROR(VLOOKUP(C1279,参数!$B:$H,2,0),\"\")","v":""},{"$f":"IFERROR(VLOOKUP(C1279,参数!$B:$H,4,0),\"\")","v":""},{"$f":"IFERROR(VLOOKUP(C1279,参数!B:H,3,FALSE),\"\")","v":""},"",1]
[1279,{"$nulls":6},{"$f":"IFERROR(VLOOKUP(C1280,参数!$B:$H,2,0),\"\")","v":""},{"$f":"IFERROR(VLOOKUP(C1280,参数!$B:$H,4,0),\"\")","v":""},{"$f":"IFERROR(VLOOKUP(C1280,参数!B:H,3,FALSE),\"\")","v":""},"",1]
[1280,{"$nulls":6},{"$f":"IFERROR(VLOOKUP(C1281,参数!$B:$H,2,0),\"\")","v":""},{"$f":"IFERROR(VLOOKUP(C1281,参数!$B:$H,4,0),\"\")","v":""},{"$f":"IFERROR(VLOOKUP(C1281,参数!B:H,3,FALSE),\"\")","v":""},"",1]
[1281,{"$nulls":6},{"$f":"IFERROR(VLOOKUP(C1282,参数!$B:$H,2,0),\"\")","v":""},{"$f":"IFERROR(VLOOKUP(C1282,参数!$B:$H,4,0),\"\")","v":""},{"$f":"IFERROR(VLOOKUP(C1282,参数!B:H,3,FALSE),\"\")","v":""},"",{"$f":"VALUE(MONTH(B1282))","v":1}]
[1282,{"$nulls":6},{"$f":"IFERROR(VLOOKUP(C1283,参数!$B:$H,2,0),\"\")","v":""},{"$f":"IFERROR(VLOOKUP(C1283,参数!$B:$H,4,0),\"\")","v":""},{"$f":"IFERROR(VLOOKUP(C1283,参数!B:H,3,FALSE),\"\")","v":""},"",1]
[1283,{"$nulls":6},{"$f":"IFERROR(VLOOKUP(C1284,参数!$B:$H,2,0),\"\")","v":""},{"$f":"IFERROR(VLOOKUP(C1284,参数!$B:$H,4,0),\"\")","v":""},{"$f":"IFERROR(VLOOKUP(C1284,参数!B:H,3,FALSE),\"\")","v":""},"",1]
[1284,{"$nulls":6},{"$f":"IFERROR(VLOOKUP(C1285,参数!$B:$H,2,0),\"\")","v":""},{"$f":"IFERROR(VLOOKUP(C1285,参数!$B:$H,4,0),\"\")","v":""},{"$f":"IFERROR(VLOOKUP(C1285,参数!B:H,3,FALSE),\"\")","v":""},"",1]
[1285,{"$nulls":6},{"$f":"IFERROR(VLOOKUP(C1286,参数!$B:$H,2,0),\"\")","v":""},{"$f":"IFERROR(VLOOKUP(C1286,参数!$B:$H,4,0),\"\")","v":""},{"$f":"IFERROR(VLOOKUP(C1286,参数!B:H,3,FALSE),\"\")","v":""},"",1]
[1286,{"$nulls":6},{"$f":"IFERROR(VLOOKUP(C1287,参数!$B:$H,2,0),\"\")","v":""},{"$f":"IFERROR(VLOOKUP(C1287,参数!$B:$H,4,0),\"\")","v":""},{"$f":"IFERROR(VLOOKUP(C1287,参数!B:H,3,FALSE),\"\")","v":""},"",1]
[1287,{"$nulls":6},{"$f":"IFERROR(VLOOKUP(C1288,参数!$B:$H,2,0),\"\")","v":""},{"$f":"IFERROR(VLOOKUP(C1288,参数!$B:$H,4,0),\"\")","v":""},{"$f":"IFERROR(VLOOKUP(C1288,参数!B:H,3,FALSE),\"\")","v":""},"",1]
[1288,{"$nulls":6},{"$f":"IFERROR(VLOOKUP(C1289,参数!$B:$H,2,0),\"\")","v":""},{"$f":"IFERROR(VLOOKUP(C1289,参数!$B:$H,4,0),\"\")","v":""},{"$f":"IFERROR(VLOOKUP(C1289,参数!B:H,3,FALSE),\"\")","v":""},"",1]
[1289,{"$nulls":6},{"$f":"IFERROR(VLOOKUP(C1290,参数!$B:$H,2,0),\"\")","v":""},{"$f":"IFERROR(VLOOKUP(C1290,参数!$B:$H,4,0),\"\")","v":""},{"$f":"IFERROR(VLOOKUP(C1290,参数!B:H,3,FALSE),\"\")","v":""},"",1]
[1290,{"$nulls":6},{"$f":"IFERROR(VLOOKUP(C1291,参数!$B:$H,2,0),\"\")","v":""},{"$f":"IFERROR(VLOOKUP(C1291,参数!$B:$H,4,0),\"\")","v":""},{"$f":"IFERROR(VLOOKUP(C1291,参数!B:H,3,FALSE),\"\")","v":""},"",1]
[1291,{"$nulls":6},{"$f":"IFERROR(VLOOKUP(C1292,参数!$B:$H,2,0),\"\")","v":""},{"$f":"IFERROR(VLOOKUP(C1292,参数!$B:$H,4,0),\"\")","v":""},{"$f":"IFERROR(VLOOKUP(C1292,参数!B:H,3,FALSE),\"\")","v":""},"",1]
[1292,{"$nulls":6},{"$f":"IFERROR(VLOOKUP(C1293,参数!$B:$H,2,0),\"\")","v":""},{"$f":"IFERROR(VLOOKUP(C1293,参数!$B:$H,4,0),\"\")","v":""},{"$f":"IFERROR(VLOOKUP(C1293,参数!B:H,3,FALSE),\"\")","v":""},"",1]
[1293,{"$nulls":6},{"$f":"IFERROR(VLOOKUP(C1294,参数!$B:$H,2,0),\"\")","v":""},{"$f":"IFERROR(VLOOKUP(C1294,参数!$B:$H,4,0),\"\")","v":""},{"$f":"IFERROR(VLOOKUP(C1294,参数!B:H,3,FALSE),\"\")","v":""},"",1]
[1294,{"$nulls":6},{"$f":"IFERROR(VLOOKUP(C1295,参数!$B:$H,2,0),\"\")","v":""},{"$f":"IFERROR(VLOOKUP(C1295,参数!$B:$H,4,0),\"\")","v":""},{"$f":"IFERROR(VLOOKUP(C1295,参数!B:H,3,FALSE),\"\")","v":""},"",1]
[1295,{"$nulls":6},{"$f":"IFERROR(VLOOKUP(C1296,参数!$B:$H,2,0),\"\")","v":""},{"$f":"IFERROR(VLOOKUP(C1296,参数!$B:$H,4,0),\"\")","v":""},{"$f":"IFERROR(VLOOKUP(C1296,参数!B:H,3,FALSE),\"\")","v":""},"",1]
[1296,{"$nulls":6},{"$f":"IFERROR(VLOOKUP(C1297,参数!$B:$H,2,0),\"\")","v":""},{"$f":"IFERROR(VLOOKUP(C1297,参数!$B:$H,4,0),\"\")","v":""},{"$f":"IFERROR(VLOOKUP(C1297,参数!B:H,3,FALSE),\"\")","v":""},"",1]
[1297,{"$nulls":6},{"$f":"IFERROR(VLOOKUP(C1298,参数!$B:$H,2,0),\"\")","v":""},{"$f":"IFERROR(VLOOKUP(C1298,参数!$B:$H,4,0),\"\")","v":""},{"$f":"IFERROR(VLOOKUP(C1298,参数!B:H,3,FALSE),\"\")","v":""},"",1]
[1298,{"$nulls":6},{"$f":"IFERROR(VLOOKUP(C1299,参数!$B:$H,2,0),\"\")","v":""},{"$f":"IFERROR(VLOOKUP(C1299,参数!$B:$H,4,0),\"\")","v":""},{"$f":"IFERROR(VLOOKUP(C1299,参数!B:H,3,FALSE),\"\")","v":""},"",1]
[1299,{"$nulls":6},{"$f":"IFERROR(VLOOKUP(C1300,参数!$B:$H,2,0),\"\")","v":""},{"$f":"IFERROR(VLOOKUP(C1300,参数!$B:$H,4,0),\"\")","v":""},{"$f":"IFERROR(VLOOKUP(C1300,参数!B:H,3,FALSE),\"\")","v":""},"",1]
[1300,{"$nulls":6},{"$f":"IFERROR(VLOOKUP(C1301,参数!$B:$H,2,0),\"\")","v":""},{"$f":"IFERROR(VLOOKUP(C1301,参数!$B:$H,4,0),\"\")","v":""},{"$f":"IFERROR(VLOOKUP(C1301,参数!B:H,3,FALSE),\"\")","v":""},"",1]
[1301,{"$nulls":6},{"$f":"IFERROR(VLOOKUP(C1302,参数!$B:$H,2,0),\"\")","v":""},{"$f":"IFERROR(VLOOKUP(C1302,参数!$B:$H,4,0),\"\")","v":""},{"$f":"IFERROR(VLOOKUP(C1302,参数!B:H,3,FALSE),\"\")","v":""},"",1]
[1302,{"$nulls":6},{"$f":"IFERROR(VLOOKUP(C1303,参数!$B:$H,2,0),\"\")","v":""},{"$f":"IFERROR(VLOOKUP(C1303,参数!$B:$H,4,0),\"\")","v":""},{"$f":"IFERROR(VLOOKUP(C1303,参数!B:H,3,FALSE),\"\")","v":""},"",1]
[1303,{"$nulls":6},{"$f":"IFERROR(VLOOKUP(C1304,参数!$B:$H,2,0),\"\")","v":""},{"$f":"IFERROR(VLOOKUP(C1304,参数!$B:$H,4,0),\"\")","v":""},{"$f":"IFERROR(VLOOKUP(C1304,参数!B:H,3,FALSE),\"\")","v":""},"",1]
[1304,{"$nulls":6},{"$f":"IFERROR(VLOOKUP(C1305,参数!$B:$H,2,0),\"\")","v":""},{"$f":"IFERROR(VLOOKUP(C1305,参数!$B:$H,4,0),\"\")","v":""},{"$f":"IFERROR(VLOOKUP(C1305,参数!B:H,3,FALSE),\"\")","v":""},"",1]
[1305,{"$nulls":6},{"$f":"IFERROR(VLOOKUP(C1306,参数!$B:$H,2,0),\"\")","v":""},{"$f":"IFERROR(VLOOKUP(C1306,参数!$B:$H,4,0),\"\")","v":""},{"$f":"IFERROR(VLOOKUP(C1306,参数!B:H,3,FALSE),\"\")","v":""},"",1]
[1306,{"$nulls":6},{"$f":"IFERROR(VLOOKUP(C1307,参数!$B:$H,2,0),\"\")","v":""},{"$f":"IFERROR(VLOOKUP(C1307,参数!$B:$H,4,0),\"\")","v":""},{"$f":"IFERROR(VLOOKUP(C1307,参数!B:H,3,FALSE),\"\")","v":""},"",1]
[1307,{"$nulls":6},{"$f":"IFERROR(VLOOKUP(C1308,参数!$B:$H,2,0),\"\")","v":""},{"$f":"IFERROR(VLOOKUP(C1308,参数!$B:$H,4,0),\"\")","v":""},{"$f":"IFERROR(VLOOKUP(C1308,参数!B:H,3,FALSE),\"\")","v":""},"",1]
[1308,{"$nulls":6},{"$f":"IFERROR(VLOOKUP(C1309,参数!$B:$H,2,0),\"\")","v":""},{"$f":"IFERROR(VLOOKUP(C1309,参数!$B:$H,4,0),\"\")","v":""},{"$f":"IFERROR(VLOOKUP(C1309,参数!B:H,3,FALSE),\"\")","v":""},"",1]
[1309,{"$nulls":6},{"$f":"IFERROR(VLOOKUP(C1310,参数!$B:$H,2,0),\"\")","v":""},{"$f":"IFERROR(VLOOKUP(C1310,参数!$B:$H,4,0),\"\")","v":""},{"$f":"IFERROR(VLOOKUP(C1310,参数!B:H,3,FALSE),\"\")","v":""},"",1]
[1310,{"$nulls":6},{"$f":"IFERROR(VLOOKUP(C1311,参数!$B:$H,2,0),\"\")","v":""},{"$f":"IFERROR(VLOOKUP(C1311,参数!$B:$H,4,0),\"\")","v":""},{"$f":"IFERROR(VLOOKUP(C1311,参数!B:H,3,FALSE),\"\")","v":""},"",1]
[1311,{"$nulls":6},{"$f":"IFERROR(VLOOKUP(C1312,参数!$B:$H,2,0),\"\")","v":""},{"$f":"IFERROR(VLOOKUP(C1312,参数!$B:$H,4,0),\"\")","v":""},{"$f":"IFERROR(VLOOKUP(C1312,参数!B:H,3,FALSE),\"\")","v":""},"",1]
[1312,{"$nulls":6},{"$f":"IFERROR(VLOOKUP(C1313,参数!$B:$H,2,0),\"\")","v":""},{"$f":"IFERROR(VLOOKUP(C1313,参数!$B:$H,4,0),\"\")","v":""},{"$f":"IFERROR(VLOOKUP(C1313,参数!B:H,3,FALSE),\"\")","v":""},"",1]
[1313,{"$nulls":6},{"$f":"IFERROR(VLOOKUP(C1314,参数!$B:$H,2,0),\"\")","v":""},{"$f":"IFERROR(VLOOKUP(C1314,参数!$B:$H,4,0),\"\")","v":""},{"$f":"IFERROR(VLOOKUP(C1314,参数!B:H,3,FALSE),\"\")","v":""},"",1]
[1314,{"$nulls":6},{"$f":"IFERROR(VLOOKUP(C1315,参数!$B:$H,2,0),\"\")","v":""},{"$f":"IFERROR(VLOOKUP(C1315,参数!$B:$H,4,0),\"\")","v":""},{"$f":"IFERROR(VLOOKUP(C1315,参数!B:H,3,FALSE),\"\")","v":""},"",1]
[1315,{"$nulls":6},{"$f":"IFERROR(VLOOKUP(C1316,参数!$B:$H,2,0),\"\")","v":""},{"$f":"IFERROR(VLOOKUP(C1316,参数!$B:$H,4,0),\"\")","v":""},{"$f":"IFERROR(VLOOKUP(C1316,参数!B:H,3,FALSE),\"\")","v":""},"",1]
[1316,{"$nulls":6},{"$f":"IFERROR(VLOOKUP(C1317,参数!$B:$H,2,0),\"\")","v":""},{"$f":"IFERROR(VLOOKUP(C1317,参数!$B:$H,4,0),\"\")","v":""},{"$f":"IFERROR(VLOOKUP(C1317,参数!B:H,3,FALSE),\"\")","v":""},{"$f":"IFERROR(J1317*E1317,\"\")","v":""},1]
[1317,{"$nulls":6},{"$f":"IFERROR(VLOOKUP(C1318,参数!$B:$H,2,0),\"\")","v":""},{"$f":"IFERROR(VLOOKUP(C1318,参数!$B:$H,4,0),\"\")","v":""},{"$f":"IFERROR(VLOOKUP(C1318,参数!B:H,3,FALSE),\"\")","v":""},"",1]
[1318,{"$nulls":6},{"$f":"IFERROR(VLOOKUP(C1319,参数!$B:$H,2,0),\"\")","v":""},{"$f":"IFERROR(VLOOKUP(C1319,参数!$B:$H,4,0),\"\")","v":""},{"$f":"IFERROR(VLOOKUP(C1319,参数!B:H,3,FALSE),\"\")","v":""},"",1]
[1319,{"$nulls":6},{"$f":"IFERROR(VLOOKUP(C1320,参数!$B:$H,2,0),\"\")","v":""},{"$f":"IFERROR(VLOOKUP(C1320,参数!$B:$H,4,0),\"\")","v":""},{"$f":"IFERROR(VLOOKUP(C1320,参数!B:H,3,FALSE),\"\")","v":""},"",1]
[1320,{"$nulls":6},{"$f":"IFERROR(VLOOKUP(C1321,参数!$B:$H,2,0),\"\")","v":""},{"$f":"IFERROR(VLOOKUP(C1321,参数!$B:$H,4,0),\"\")","v":""},{"$f":"IFERROR(VLOOKUP(C1321,参数!B:H,3,FALSE),\"\")","v":""},"",1]
[1321,{"$nulls":6},{"$f":"IFERROR(VLOOKUP(C1322,参数!$B:$H,2,0),\"\")","v":""},{"$f":"IFERROR(VLOOKUP(C1322,参数!$B:$H,4,0),\"\")","v":""},{"$f":"IFERROR(VLOOKUP(C1322,参数!B:H,3,FALSE),\"\")","v":""},"",1]
[1322,{"$nulls":6},{"$f":"IFERROR(VLOOKUP(C1323,参数!$B:$H,2,0),\"\")","v":""},{"$f":"IFERROR(VLOOKUP(C1323,参数!$B:$H,4,0),\"\")","v":""},{"$f":"IFERROR(VLOOKUP(C1323,参数!B:H,3,FALSE),\"\")","v":""},"",1]
[1323,{"$nulls":6},{"$f":"IFERROR(VLOOKUP(C1324,参数!$B:$H,2,0),\"\")","v":""},{"$f":"IFERROR(VLOOKUP(C1324,参数!$B:$H,4,0),\"\")","v":""},{"$f":"IFERROR(VLOOKUP(C1324,参数!B:H,3,FALSE),\"\")","v":""},"",1]
[1324,{"$nulls":6},{"$f":"IFERROR(VLOOKUP(C1325,参数!$B:$H,2,0),\"\")","v":""},{"$f":"IFERROR(VLOOKUP(C1325,参数!$B:$H,4,0),\"\")","v":""},{"$f":"IFERROR(VLOOKUP(C1325,参数!B:H,3,FALSE),\"\")","v":""},"",1]
[1325,{"$nulls":6},{"$f":"IFERROR(VLOOKUP(C1326,参数!$B:$H,2,0),\"\")","v":""},{"$f":"IFERROR(VLOOKUP(C1326,参数!$B:$H,4,0),\"\")","v":""},{"$f":"IFERROR(VLOOKUP(C1326,参数!B:H,3,FALSE),\"\")","v":""},"",1]
[1326,{"$nulls":6},{"$f":"IFERROR(VLOOKUP(C1327,参数!$B:$H,2,0),\"\")","v":""},{"$f":"IFERROR(VLOOKUP(C1327,参数!$B:$H,4,0),\"\")","v":""},{"$f":"IFERROR(VLOOKUP(C1327,参数!B:H,3,FALSE),\"\")","v":""},"",1]
[1327,{"$nulls":6},{"$f":"IFERROR(VLOOKUP(C1328,参数!$B:$H,2,0),\"\")","v":""},{"$f":"IFERROR(VLOOKUP(C1328,参数!$B:$H,4,0),\"\")","v":""},{"$f":"IFERROR(VLOOKUP(C1328,参数!B:H,3,FALSE),\"\")","v":""},"",1]
[1328,{"$nulls":6},{"$f":"IFERROR(VLOOKUP(C1329,参数!$B:$H,2,0),\"\")","v":""},{"$f":"IFERROR(VLOOKUP(C1329,参数!$B:$H,4,0),\"\")","v":""},{"$f":"IFERROR(VLOOKUP(C1329,参数!B:H,3,FALSE),\"\")","v":""},"",1]
[1329,{"$nulls":6},{"$f":"IFERROR(VLOOKUP(C1330,参数!$B:$H,2,0),\"\")","v":""},{"$f":"IFERROR(VLOOKUP(C1330,参数!$B:$H,4,0),\"\")","v":""},{"$f":"IFERROR(VLOOKUP(C1330,参数!B:H,3,FALSE),\"\")","v":""},"",1]
[1330,{"$nulls":6},{"$f":"IFERROR(VLOOKUP(C1331,参数!$B:$H,2,0),\"\")","v":""},{"$f":"IFERROR(VLOOKUP(C1331,参数!$B:$H,4,0),\"\")","v":""},{"$f":"IFERROR(VLOOKUP(C1331,参数!B:H,3,FALSE),\"\")","v":""},"",1]
[1331,{"$nulls":6},{"$f":"IFERROR(VLOOKUP(C1332,参数!$B:$H,2,0),\"\")","v":""},{"$f":"IFERROR(VLOOKUP(C1332,参数!$B:$H,4,0),\"\")","v":""},{"$f":"IFERROR(VLOOKUP(C1332,参数!B:H,3,FALSE),\"\")","v":""},"",1]
[1332,{"$nulls":6},{"$f":"IFERROR(VLOOKUP(C1333,参数!$B:$H,2,0),\"\")","v":""},{"$f":"IFERROR(VLOOKUP(C1333,参数!$B:$H,4,0),\"\")","v":""},{"$f":"IFERROR(VLOOKUP(C1333,参数!B:H,3,FALSE),\"\")","v":""},"",1]
[1333,{"$nulls":6},{"$f":"IFERROR(VLOOKUP(C1334,参数!$B:$H,2,0),\"\")","v":""},{"$f":"IFERROR(VLOOKUP(C1334,参数!$B:$H,4,0),\"\")","v":""},{"$f":"IFERROR(VLOOKUP(C1334,参数!B:H,3,FALSE),\"\")","v":""},"",1]
[1334,{"$nulls":6},{"$f":"IFERROR(VLOOKUP(C1335,参数!$B:$H,2,0),\"\")","v":""},{"$f":"IFERROR(VLOOKUP(C1335,参数!$B:$H,4,0),\"\")","v":""},{"$f":"IFERROR(VLOOKUP(C1335,参数!B:H,3,FALSE),\"\")","v":""},"",1]
[1335,{"$nulls":6},{"$f":"IFERROR(VLOOKUP(C1336,参数!$B:$H,2,0),\"\")","v":""},{"$f":"IFERROR(VLOOKUP(C1336,参数!$B:$H,4,0),\"\")","v":""},{"$f":"IFERROR(VLOOKUP(C1336,参数!B:H,3,FALSE),\"\")","v":""},"",1]
[1336,{"$nulls":6},{"$f":"IFERROR(VLOOKUP(C1337,参数!$B:$H,2,0),\"\")","v":""},{"$f":"IFERROR(VLOOKUP(C1337,参数!$B:$H,4,0),\"\")","v":""},{"$f":"IFERROR(VLOOKUP(C1337,参数!B:H,3,FALSE),\"\")","v":""},"",1]
[1337,{"$nulls":6},{"$f":"IFERROR(VLOOKUP(C1338,参数!$B:$H,2,0),\"\")","v":""},{"$f":"IFERROR(VLOOKUP(C1338,参数!$B:$H,4,0),\"\")","v":""},{"$f":"IFERROR(VLOOKUP(C1338,参数!B:H,3,FALSE),\"\")","v":""},"",1]
[1338,{"$nulls":6},{"$f":"IFERROR(VLOOKUP(C1339,参数!$B:$H,2,0),\"\")","v":""},{"$f":"IFERROR(VLOOKUP(C1339,参数!$B:$H,4,0),\"\")","v":""},{"$f":"IFERROR(VLOOKUP(C1339,参数!B:H,3,FALSE),\"\")","v":""},"",1]
[1339,{"$nulls":6},{"$f":"IFERROR(VLOOKUP(C1340,参数!$B:$H,2,0),\"\")","v":""},{"$f":"IFERROR(VLOOKUP(C1340,参数!$B:$H,4,0),\"\")","v":""},{"$f":"IFERROR(VLOOKUP(C1340,参数!B:H,3,FALSE),\"\")","v":""},"",1]
[1340,{"$nulls":6},{"$f":"IFERROR(VLOOKUP(C1341,参数!$B:$H,2,0),\"\")","v":""},{"$f":"IFERROR(VLOOKUP(C1341,参数!$B:$H,4,0),\"\")","v":""},{"$f":"IFERROR(VLOOKUP(C1341,参数!B:H,3,FALSE),\"\")","v":""},"",1]
[1341,{"$nulls":6},{"$f":"IFERROR(VLOOKUP(C1342,参数!$B:$H,2,0),\"\")","v":""},{"$f":"IFERROR(VLOOKUP(C1342,参数!$B:$H,4,0),\"\")","v":""},{"$f":"IFERROR(VLOOKUP(C1342,参数!B:H,3,FALSE),\"\")","v":""},"",1]
[1342,{"$nulls":6},{"$f":"IFERROR(VLOOKUP(C1343,参数!$B:$H,2,0),\"\")","v":""},{"$f":"IFERROR(VLOOKUP(C1343,参数!$B:$H,4,0),\"\")","v":""},{"$f":"IFERROR(VLOOKUP(C1343,参数!B:H,3,FALSE),\"\")","v":""},"",1]
[1343,{"$nulls":6},{"$f":"IFERROR(VLOOKUP(C1344,参数!$B:$H,2,0),\"\")","v":""},{"$f":"IFERROR(VLOOKUP(C1344,参数!$B:$H,4,0),\"\")","v":""},{"$f":"IFERROR(VLOOKUP(C1344,参数!B:H,3,FALSE),\"\")","v":""},"",1]
[1344,{"$nulls":6},{"$f":"IFERROR(VLOOKUP(C1345,参数!$B:$H,2,0),\"\")","v":""},{"$f":"IFERROR(VLOOKUP(C1345,参数!$B:$H,4,0),\"\")","v":""},{"$f":"IFERROR(VLOOKUP(C1345,参数!B:H,3,FALSE),\"\")","v":""},"",1]
[1345,{"$nulls":6},{"$f":"IFERROR(VLOOKUP(C1346,参数!$B:$H,2,0),\"\")","v":""},{"$f":"IFERROR(VLOOKUP(C1346,参数!$B:$H,4,0),\"\")","v":""},{"$f":"IFERROR(VLOOKUP(C1346,参数!B:H,3,FALSE),\"\")","v":""},"",{"$f":"VALUE(MONTH(B1346))","v":1}]
[1346,{"$nulls":6},{"$f":"IFERROR(VLOOKUP(C1347,参数!$B:$H,2,0),\"\")","v":""},{"$f":"IFERROR(VLOOKUP(C1347,参数!$B:$H,4,0),\"\")","v":""},{"$f":"IFERROR(VLOOKUP(C1347,参数!B:H,3,FALSE),\"\")","v":""},"",1]
[1347,{"$nulls":6},{"$f":"IFERROR(VLOOKUP(C1348,参数!$B:$H,2,0),\"\")","v":""},{"$f":"IFERROR(VLOOKUP(C1348,参数!$B:$H,4,0),\"\")","v":""},{"$f":"IFERROR(VLOOKUP(C1348,参数!B:H,3,FALSE),\"\")","v":""},"",1]
[1348,{"$nulls":6},{"$f":"IFERROR(VLOOKUP(C1349,参数!$B:$H,2,0),\"\")","v":""},{"$f":"IFERROR(VLOOKUP(C1349,参数!$B:$H,4,0),\"\")","v":""},{"$f":"IFERROR(VLOOKUP(C1349,参数!B:H,3,FALSE),\"\")","v":""},"",1]
[1349,{"$nulls":6},{"$f":"IFERROR(VLOOKUP(C1350,参数!$B:$H,2,0),\"\")","v":""},{"$f":"IFERROR(VLOOKUP(C1350,参数!$B:$H,4,0),\"\")","v":""},{"$f":"IFERROR(VLOOKUP(C1350,参数!B:H,3,FALSE),\"\")","v":""},"",1]
[1350,{"$nulls":6},{"$f":"IFERROR(VLOOKUP(C1351,参数!$B:$H,2,0),\"\")","v":""},{"$f":"IFERROR(VLOOKUP(C1351,参数!$B:$H,4,0),\"\")","v":""},{"$f":"IFERROR(VLOOKUP(C1351,参数!B:H,3,FALSE),\"\")","v":""},"",1]
[1351,{"$nulls":6},{"$f":"IFERROR(VLOOKUP(C1352,参数!$B:$H,2,0),\"\")","v":""},{"$f":"IFERROR(VLOOKUP(C1352,参数!$B:$H,4,0),\"\")","v":""},{"$f":"IFERROR(VLOOKUP(C1352,参数!B:H,3,FALSE),\"\")","v":""},"",1]
[1352,{"$nulls":6},{"$f":"IFERROR(VLOOKUP(C1353,参数!$B:$H,2,0),\"\")","v":""},{"$f":"IFERROR(VLOOKUP(C1353,参数!$B:$H,4,0),\"\")","v":""},{"$f":"IFERROR(VLOOKUP(C1353,参数!B:H,3,FALSE),\"\")","v":""},"",1]
[1353,{"$nulls":6},{"$f":"IFERROR(VLOOKUP(C1354,参数!$B:$H,2,0),\"\")","v":""},{"$f":"IFERROR(VLOOKUP(C1354,参数!$B:$H,4,0),\"\")","v":""},{"$f":"IFERROR(VLOOKUP(C1354,参数!B:H,3,FALSE),\"\")","v":""},"",1]
[1354,{"$nulls":6},{"$f":"IFERROR(VLOOKUP(C1355,参数!$B:$H,2,0),\"\")","v":""},{"$f":"IFERROR(VLOOKUP(C1355,参数!$B:$H,4,0),\"\")","v":""},{"$f":"IFERROR(VLOOKUP(C1355,参数!B:H,3,FALSE),\"\")","v":""},"",1]
[1355,{"$nulls":6},{"$f":"IFERROR(VLOOKUP(C1356,参数!$B:$H,2,0),\"\")","v":""},{"$f":"IFERROR(VLOOKUP(C1356,参数!$B:$H,4,0),\"\")","v":""},{"$f":"IFERROR(VLOOKUP(C1356,参数!B:H,3,FALSE),\"\")","v":""},"",1]
[1356,{"$nulls":6},{"$f":"IFERROR(VLOOKUP(C1357,参数!$B:$H,2,0),\"\")","v":""},{"$f":"IFERROR(VLOOKUP(C1357,参数!$B:$H,4,0),\"\")","v":""},{"$f":"IFERROR(VLOOKUP(C1357,参数!B:H,3,FALSE),\"\")","v":""},"",1]
[1357,{"$nulls":6},{"$f":"IFERROR(VLOOKUP(C1358,参数!$B:$H,2,0),\"\")","v":""},{"$f":"IFERROR(VLOOKUP(C1358,参数!$B:$H,4,0),\"\")","v":""},{"$f":"IFERROR(VLOOKUP(C1358,参数!B:H,3,FALSE),\"\")","v":""},"",1]
[1358,{"$nulls":6},{"$f":"IFERROR(VLOOKUP(C1359,参数!$B:$H,2,0),\"\")","v":""},{"$f":"IFERROR(VLOOKUP(C1359,参数!$B:$H,4,0),\"\")","v":""},{"$f":"IFERROR(VLOOKUP(C1359,参数!B:H,3,FALSE),\"\")","v":""},"",1]
[1359,{"$nulls":6},{"$f":"IFERROR(VLOOKUP(C1360,参数!$B:$H,2,0),\"\")","v":""},{"$f":"IFERROR(VLOOKUP(C1360,参数!$B:$H,4,0),\"\")","v":""},{"$f":"IFERROR(VLOOKUP(C1360,参数!B:H,3,FALSE),\"\")","v":""},"",1]
[1360,{"$nulls":6},{"$f":"IFERROR(VLOOKUP(C1361,参数!$B:$H,2,0),\"\")","v":""},{"$f":"IFERROR(VLOOKUP(C1361,参数!$B:$H,4,0),\"\")","v":""},{"$f":"IFERROR(VLOOKUP(C1361,参数!B:H,3,FALSE),\"\")","v":""},"",1]
[1361,{"$nulls":6},{"$f":"IFERROR(VLOOKUP(C1362,参数!$B:$H,2,0),\"\")","v":""},{"$f":"IFERROR(VLOOKUP(C1362,参数!$B:$H,4,0),\"\")","v":""},{"$f":"IFERROR(VLOOKUP(C1362,参数!B:H,3,FALSE),\"\")","v":""},"",1]
[1362,{"$nulls":6},{"$f":"IFERROR(VLOOKUP(C1363,参数!$B:$H,2,0),\"\")","v":""},{"$f":"IFERROR(VLOOKUP(C1363,参数!$B:$H,4,0),\"\")","v":""},{"$f":"IFERROR(VLOOKUP(C1363,参数!B:H,3,FALSE),\"\")","v":""},"",1]
[1363,{"$nulls":6},{"$f":"IFERROR(VLOOKUP(C1364,参数!$B:$H,2,0),\"\")","v":""},{"$f":"IFERROR(VLOOKUP(C1364,参数!$B:$H,4,0),\"\")","v":""},{"$f":"IFERROR(VLOOKUP(C1364,参数!B:H,3,FALSE),\"\")","v":""},"",1]
[1364,{"$nulls":6},{"$f":"IFERROR(VLOOKUP(C1365,参数!$B:$H,2,0),\"\")","v":""},{"$f":"IFERROR(VLOOKUP(C1365,参数!$B:$H,4,0),\"\")","v":""},{"$f":"IFERROR(VLOOKUP(C1365,参数!B:H,3,FALSE),\"\")","v":""},"",1]
[1365,{"$nulls":6},{"$f":"IFERROR(VLOOKUP(C1366,参数!$B:$H,2,0),\"\")","v":""},{"$f":"IFERROR(VLOOKUP(C1366,参数!$B:$H,4,0),\"\")","v":""},{"$f":"IFERROR(VLOOKUP(C1366,参数!B:H,3,FALSE),\"\")","v":""},"",1]
[1366,{"$nulls":6},{"$f":"IFERROR(VLOOKUP(C1367,参数!$B:$H,2,0),\"\")","v":""},{"$f":"IFERROR(VLOOKUP(C1367,参数!$B:$H,4,0),\"\")","v":""},{"$f":"IFERROR(VLOOKUP(C1367,参数!B:H,3,FALSE),\"\")","v":""},"",1]
[1367,{"$nulls":6},{"$f":"IFERROR(VLOOKUP(C1368,参数!$B:$H,2,0),\"\")","v":""},{"$f":"IFERROR(VLOOKUP(C1368,参数!$B:$H,4,0),\"\")","v":""},{"$f":"IFERROR(VLOOKUP(C1368,参数!B:H,3,FALSE),\"\")","v":""},"",1]
[1368,{"$nulls":6},{"$f":"IFERROR(VLOOKUP(C1369,参数!$B:$H,2,0),\"\")","v":""},{"$f":"IFERROR(VLOOKUP(C1369,参数!$B:$H,4,0),\"\")","v":""},{"$f":"IFERROR(VLOOKUP(C1369,参数!B:H,3,FALSE),\"\")","v":""},"",1]
[1369,{"$nulls":6},{"$f":"IFERROR(VLOOKUP(C1370,参数!$B:$H,2,0),\"\")","v":""},{"$f":"IFERROR(VLOOKUP(C1370,参数!$B:$H,4,0),\"\")","v":""},{"$f":"IFERROR(VLOOKUP(C1370,参数!B:H,3,FALSE),\"\")","v":""},"",1]
[1370,{"$nulls":6},{"$f":"IFERROR(VLOOKUP(C1371,参数!$B:$H,2,0),\"\")","v":""},{"$f":"IFERROR(VLOOKUP(C1371,参数!$B:$H,4,0),\"\")","v":""},{"$f":"IFERROR(VLOOKUP(C1371,参数!B:H,3,FALSE),\"\")","v":""},"",1]
[1371,{"$nulls":6},{"$f":"IFERROR(VLOOKUP(C1372,参数!$B:$H,2,0),\"\")","v":""},{"$f":"IFERROR(VLOOKUP(C1372,参数!$B:$H,4,0),\"\")","v":""},{"$f":"IFERROR(VLOOKUP(C1372,参数!B:H,3,FALSE),\"\")","v":""},"",1]
[1372,{"$nulls":6},{"$f":"IFERROR(VLOOKUP(C1373,参数!$B:$H,2,0),\"\")","v":""},{"$f":"IFERROR(VLOOKUP(C1373,参数!$B:$H,4,0),\"\")","v":""},{"$f":"IFERROR(VLOOKUP(C1373,参数!B:H,3,FALSE),\"\")","v":""},"",1]
[1373,{"$nulls":6},{"$f":"IFERROR(VLOOKUP(C1374,参数!$B:$H,2,0),\"\")","v":""},{"$f":"IFERROR(VLOOKUP(C1374,参数!$B:$H,4,0),\"\")","v":""},{"$f":"IFERROR(VLOOKUP(C1374,参数!B:H,3,FALSE),\"\")","v":""},"",1]
[1374,{"$nulls":6},{"$f":"IFERROR(VLOOKUP(C1375,参数!$B:$H,2,0),\"\")","v":""},{"$f":"IFERROR(VLOOKUP(C1375,参数!$B:$H,4,0),\"\")","v":""},{"$f":"IFERROR(VLOOKUP(C1375,参数!B:H,3,FALSE),\"\")","v":""},"",1]
[1375,{"$nulls":6},{"$f":"IFERROR(VLOOKUP(C1376,参数!$B:$H,2,0),\"\")","v":""},{"$f":"IFERROR(VLOOKUP(C1376,参数!$B:$H,4,0),\"\")","v":""},{"$f":"IFERROR(VLOOKUP(C1376,参数!B:H,3,FALSE),\"\")","v":""},"",1]
[1376,{"$nulls":6},{"$f":"IFERROR(VLOOKUP(C1377,参数!$B:$H,2,0),\"\")","v":""},{"$f":"IFERROR(VLOOKUP(C1377,参数!$B:$H,4,0),\"\")","v":""},{"$f":"IFERROR(VLOOKUP(C1377,参数!B:H,3,FALSE),\"\")","v":""},"",1]
[1377,{"$nulls":6},{"$f":"IFERROR(VLOOKUP(C1378,参数!$B:$H,2,0),\"\")","v":""},{"$f":"IFERROR(VLOOKUP(C1378,参数!$B:$H,4,0),\"\")","v":""},{"$f":"IFERROR(VLOOKUP(C1378,参数!B:H,3,FALSE),\"\")","v":""},"",1]
[1378,{"$nulls":6},{"$f":"IFERROR(VLOOKUP(C1379,参数!$B:$H,2,0),\"\")","v":""},{"$f":"IFERROR(VLOOKUP(C1379,参数!$B:$H,4,0),\"\")","v":""},{"$f":"IFERROR(VLOOKUP(C1379,参数!B:H,3,FALSE),\"\")","v":""},"",1]
[1379,{"$nulls":6},{"$f":"IFERROR(VLOOKUP(C1380,参数!$B:$H,2,0),\"\")","v":""},{"$f":"IFERROR(VLOOKUP(C1380,参数!$B:$H,4,0),\"\")","v":""},{"$f":"IFERROR(VLOOKUP(C1380,参数!B:H,3,FALSE),\"\")","v":""},"",1]
[1380,{"$nulls":6},{"$f":"IFERROR(VLOOKUP(C1381,参数!$B:$H,2,0),\"\")","v":""},{"$f":"IFERROR(VLOOKUP(C1381,参数!$B:$H,4,0),\"\")","v":""},{"$f":"IFERROR(VLOOKUP(C1381,参数!B:H,3,FALSE),\"\")","v":""},{"$f":"IFERROR(J1381*E1381,\"\")","v":""},1]
[1381,{"$nulls":6},{"$f":"IFERROR(VLOOKUP(C1382,参数!$B:$H,2,0),\"\")","v":""},{"$f":"IFERROR(VLOOKUP(C1382,参数!$B:$H,4,0),\"\")","v":""},{"$f":"IFERROR(VLOOKUP(C1382,参数!B:H,3,FALSE),\"\")","v":""},"",1]
[1382,{"$nulls":6},{"$f":"IFERROR(VLOOKUP(C1383,参数!$B:$H,2,0),\"\")","v":""},{"$f":"IFERROR(VLOOKUP(C1383,参数!$B:$H,4,0),\"\")","v":""},{"$f":"IFERROR(VLOOKUP(C1383,参数!B:H,3,FALSE),\"\")","v":""},"",1]
[1383,{"$nulls":6},{"$f":"IFERROR(VLOOKUP(C1384,参数!$B:$H,2,0),\"\")","v":""},{"$f":"IFERROR(VLOOKUP(C1384,参数!$B:$H,4,0),\"\")","v":""},{"$f":"IFERROR(VLOOKUP(C1384,参数!B:H,3,FALSE),\"\")","v":""},"",1]
[1384,{"$nulls":6},{"$f":"IFERROR(VLOOKUP(C1385,参数!$B:$H,2,0),\"\")","v":""},{"$f":"IFERROR(VLOOKUP(C1385,参数!$B:$H,4,0),\"\")","v":""},{"$f":"IFERROR(VLOOKUP(C1385,参数!B:H,3,FALSE),\"\")","v":""},"",1]
[1385,{"$nulls":6},{"$f":"IFERROR(VLOOKUP(C1386,参数!$B:$H,2,0),\"\")","v":""},{"$f":"IFERROR(VLOOKUP(C1386,参数!$B:$H,4,0),\"\")","v":""},{"$f":"IFERROR(VLOOKUP(C1386,参数!B:H,3,FALSE),\"\")","v":""},"",1]
[1386,{"$nulls":6},{"$f":"IFERROR(VLOOKUP(C1387,参数!$B:$H,2,0),\"\")","v":""},{"$f":"IFERROR(VLOOKUP(C1387,参数!$B:$H,4,0),\"\")","v":""},{"$f":"IFERROR(VLOOKUP(C1387,参数!B:H,3,FALSE),\"\")","v":""},"",1]
[1387,{"$nulls":6},{"$f":"IFERROR(VLOOKUP(C1388,参数!$B:$H,2,0),\"\")","v":""},{"$f":"IFERROR(VLOOKUP(C1388,参数!$B:$H,4,0),\"\")","v":""},{"$f":"IFERROR(VLOOKUP(C1388,参数!B:H,3,FALSE),\"\")","v":""},"",1]
[1388,{"$nulls":6},{"$f":"IFERROR(VLOOKUP(C1389,参数!$B:$H,2,0),\"\")","v":""},{"$f":"IFERROR(VLOOKUP(C1389,参数!$B:$H,4,0),\"\")","v":""},{"$f":"IFERROR(VLOOKUP(C1389,参数!B:H,3,FALSE),\"\")","v":""},"",1]
[1389,{"$nulls":6},{"$f":"IFERROR(VLOOKUP(C1390,参数!$B:$H,2,0),\"\")","v":""},{"$f":"IFERROR(VLOOKUP(C1390,参数!$B:$H,4,0),\"\")","v":""},{"$f":"IFERROR(VLOOKUP(C1390,参数!B:H,3,FALSE),\"\")","v":""},"",1]
[1390,{"$nulls":6},{"$f":"IFERROR(VLOOKUP(C1391,参数!$B:$H,2,0),\"\")","v":""},{"$f":"IFERROR(VLOOKUP(C1391,参数!$B:$H,4,0),\"\")","v":""},{"$f":"IFERROR(VLOOKUP(C1391,参数!B:H,3,FALSE),\"\")","v":""},"",1]
[1391,{"$nulls":6},{"$f":"IFERROR(VLOOKUP(C1392,参数!$B:$H,2,0),\"\")","v":""},{"$f":"IFERROR(VLOOKUP(C1392,参数!$B:$H,4,0),\"\")","v":""},{"$f":"IFERROR(VLOOKUP(C1392,参数!B:H,3,FALSE),\"\")","v":""},"",1]
[1392,{"$nulls":6},{"$f":"IFERROR(VLOOKUP(C1393,参数!$B:$H,2,0),\"\")","v":""},{"$f":"IFERROR(VLOOKUP(C1393,参数!$B:$H,4,0),\"\")","v":""},{"$f":"IFERROR(VLOOKUP(C1393,参数!B:H,3,FALSE),\"\")","v":""},"",1]
[1393,{"$nulls":6},{"$f":"IFERROR(VLOOKUP(C1394,参数!$B:$H,2,0),\"\")","v":""},{"$f":"IFERROR(VLOOKUP(C1394,参数!$B:$H,4,0),\"\")","v":""},{"$f":"IFERROR(VLOOKUP(C1394,参数!B:H,3,FALSE),\"\")","v":""},"",1]
[1394,{"$nulls":6},{"$f":"IFERROR(VLOOKUP(C1395,参数!$B:$H,2,0),\"\")","v":""},{"$f":"IFERROR(VLOOKUP(C1395,参数!$B:$H,4,0),\"\")","v":""},{"$f":"IFERROR(VLOOKUP(C1395,参数!B:H,3,FALSE),\"\")","v":""},"",1]
[1395,{"$nulls":6},{"$f":"IFERROR(VLOOKUP(C1396,参数!$B:$H,2,0),\"\")","v":""},{"$f":"IFERROR(VLOOKUP(C1396,参数!$B:$H,4,0),\"\")","v":""},{"$f":"IFERROR(VLOOKUP(C1396,参数!B:H,3,FALSE),\"\")","v":""},"",1]
[1396,{"$nulls":6},{"$f":"IFERROR(VLOOKUP(C1397,参数!$B:$H,2,0),\"\")","v":""},{"$f":"IFERROR(VLOOKUP(C1397,参数!$B:$H,4,0),\"\")","v":""},{"$f":"IFERROR(VLOOKUP(C1397,参数!B:H,3,FALSE),\"\")","v":""},"",1]
[1397,{"$nulls":6},{"$f":"IFERROR(VLOOKUP(C1398,参数!$B:$H,2,0),\"\")","v":""},{"$f":"IFERROR(VLOOKUP(C1398,参数!$B:$H,4,0),\"\")","v":""},{"$f":"IFERROR(VLOOKUP(C1398,参数!B:H,3,FALSE),\"\")","v":""},"",1]
[1398,{"$nulls":6},{"$f":"IFERROR(VLOOKUP(C1399,参数!$B:$H,2,0),\"\")","v":""},{"$f":"IFERROR(VLOOKUP(C1399,参数!$B:$H,4,0),\"\")","v":""},{"$f":"IFERROR(VLOOKUP(C1399,参数!B:H,3,FALSE),\"\")","v":""},"",1]
[1399,{"$nulls":6},{"$f":"IFERROR(VLOOKUP(C1400,参数!$B:$H,2,0),\"\")","v":""},{"$f":"IFERROR(VLOOKUP(C1400,参数!$B:$H,4,0),\"\")","v":""},{"$f":"IFERROR(VLOOKUP(C1400,参数!B:H,3,FALSE),\"\")","v":""},"",1]
[1400,{"$nulls":6},{"$f":"IFERROR(VLOOKUP(C1401,参数!$B:$H,2,0),\"\")","v":""},{"$f":"IFERROR(VLOOKUP(C1401,参数!$B:$H,4,0),\"\")","v":""},{"$f":"IFERROR(VLOOKUP(C1401,参数!B:H,3,FALSE),\"\")","v":""},"",1]
[1401,{"$nulls":6},{"$f":"IFERROR(VLOOKUP(C1402,参数!$B:$H,2,0),\"\")","v":""},{"$f":"IFERROR(VLOOKUP(C1402,参数!$B:$H,4,0),\"\")","v":""},{"$f":"IFERROR(VLOOKUP(C1402,参数!B:H,3,FALSE),\"\")","v":""},"",1]
[1402,{"$nulls":6},{"$f":"IFERROR(VLOOKUP(C1403,参数!$B:$H,2,0),\"\")","v":""},{"$f":"IFERROR(VLOOKUP(C1403,参数!$B:$H,4,0),\"\")","v":""},{"$f":"IFERROR(VLOOKUP(C1403,参数!B:H,3,FALSE),\"\")","v":""},"",1]
[1403,{"$nulls":6},{"$f":"IFERROR(VLOOKUP(C1404,参数!$B:$H,2,0),\"\")","v":""},{"$f":"IFERROR(VLOOKUP(C1404,参数!$B:$H,4,0),\"\")","v":""},{"$f":"IFERROR(VLOOKUP(C1404,参数!B:H,3,FALSE),\"\")","v":""},"",1]
[1404,{"$nulls":6},{"$f":"IFERROR(VLOOKUP(C1405,参数!$B:$H,2,0),\"\")","v":""},{"$f":"IFERROR(VLOOKUP(C1405,参数!$B:$H,4,0),\"\")","v":""},{"$f":"IFERROR(VLOOKUP(C1405,参数!B:H,3,FALSE),\"\")","v":""},"",1]
[1405,{"$nulls":6},{"$f":"IFERROR(VLOOKUP(C1406,参数!$B:$H,2,0),\"\")","v":""},{"$f":"IFERROR(VLOOKUP(C1406,参数!$B:$H,4,0),\"\")","v":""},{"$f":"IFERROR(VLOOKUP(C1406,参数!B:H,3,FALSE),\"\")","v":""},"",1]
[1406,{"$nulls":6},{"$f":"IFERROR(VLOOKUP(C1407,参数!$B:$H,2,0),\"\")","v":""},{"$f":"IFERROR(VLOOKUP(C1407,参数!$B:$H,4,0),\"\")","v":""},{"$f":"IFERROR(VLOOKUP(C1407,参数!B:H,3,FALSE),\"\")","v":""},"",1]
[1407,{"$nulls":6},{"$f":"IFERROR(VLOOKUP(C1408,参数!$B:$H,2,0),\"\")","v":""},{"$f":"IFERROR(VLOOKUP(C1408,参数!$B:$H,4,0),\"\")","v":""},{"$f":"IFERROR(VLOOKUP(C1408,参数!B:H,3,FALSE),\"\")","v":""},"",1]
[1408,{"$nulls":6},{"$f":"IFERROR(VLOOKUP(C1409,参数!$B:$H,2,0),\"\")","v":""},{"$f":"IFERROR(VLOOKUP(C1409,参数!$B:$H,4,0),\"\")","v":""},{"$f":"IFERROR(VLOOKUP(C1409,参数!B:H,3,FALSE),\"\")","v":""},"",1]
[1409,{"$nulls":6},{"$f":"IFERROR(VLOOKUP(C1410,参数!$B:$H,2,0),\"\")","v":""},{"$f":"IFERROR(VLOOKUP(C1410,参数!$B:$H,4,0),\"\")","v":""},{"$f":"IFERROR(VLOOKUP(C1410,参数!B:H,3,FALSE),\"\")","v":""},"",{"$f":"VALUE(MONTH(B1410))","v":1}]
[1410,{"$nulls":6},{"$f":"IFERROR(VLOOKUP(C1411,参数!$B:$H,2,0),\"\")","v":""},{"$f":"IFERROR(VLOOKUP(C1411,参数!$B:$H,4,0),\"\")","v":""},{"$f":"IFERROR(VLOOKUP(C1411,参数!B:H,3,FALSE),\"\")","v":""},"",1]
[1411,{"$nulls":6},{"$f":"IFERROR(VLOOKUP(C1412,参数!$B:$H,2,0),\"\")","v":""},{"$f":"IFERROR(VLOOKUP(C1412,参数!$B:$H,4,0),\"\")","v":""},{"$f":"IFERROR(VLOOKUP(C1412,参数!B:H,3,FALSE),\"\")","v":""},"",1]
[1412,{"$nulls":6},{"$f":"IFERROR(VLOOKUP(C1413,参数!$B:$H,2,0),\"\")","v":""},{"$f":"IFERROR(VLOOKUP(C1413,参数!$B:$H,4,0),\"\")","v":""},{"$f":"IFERROR(VLOOKUP(C1413,参数!B:H,3,FALSE),\"\")","v":""},"",1]
[1413,{"$nulls":6},{"$f":"IFERROR(VLOOKUP(C1414,参数!$B:$H,2,0),\"\")","v":""},{"$f":"IFERROR(VLOOKUP(C1414,参数!$B:$H,4,0),\"\")","v":""},{"$f":"IFERROR(VLOOKUP(C1414,参数!B:H,3,FALSE),\"\")","v":""},"",1]
[1414,{"$nulls":6},{"$f":"IFERROR(VLOOKUP(C1415,参数!$B:$H,2,0),\"\")","v":""},{"$f":"IFERROR(VLOOKUP(C1415,参数!$B:$H,4,0),\"\")","v":""},{"$f":"IFERROR(VLOOKUP(C1415,参数!B:H,3,FALSE),\"\")","v":""},"",1]
[1415,{"$nulls":6},{"$f":"IFERROR(VLOOKUP(C1416,参数!$B:$H,2,0),\"\")","v":""},{"$f":"IFERROR(VLOOKUP(C1416,参数!$B:$H,4,0),\"\")","v":""},{"$f":"IFERROR(VLOOKUP(C1416,参数!B:H,3,FALSE),\"\")","v":""},"",1]
[1416,{"$nulls":6},{"$f":"IFERROR(VLOOKUP(C1417,参数!$B:$H,2,0),\"\")","v":""},{"$f":"IFERROR(VLOOKUP(C1417,参数!$B:$H,4,0),\"\")","v":""},{"$f":"IFERROR(VLOOKUP(C1417,参数!B:H,3,FALSE),\"\")","v":""},"",1]
[1417,{"$nulls":6},{"$f":"IFERROR(VLOOKUP(C1418,参数!$B:$H,2,0),\"\")","v":""},{"$f":"IFERROR(VLOOKUP(C1418,参数!$B:$H,4,0),\"\")","v":""},{"$f":"IFERROR(VLOOKUP(C1418,参数!B:H,3,FALSE),\"\")","v":""},"",1]
[1418,{"$nulls":6},{"$f":"IFERROR(VLOOKUP(C1419,参数!$B:$H,2,0),\"\")","v":""},{"$f":"IFERROR(VLOOKUP(C1419,参数!$B:$H,4,0),\"\")","v":""},{"$f":"IFERROR(VLOOKUP(C1419,参数!B:H,3,FALSE),\"\")","v":""},"",1]
[1419,{"$nulls":6},{"$f":"IFERROR(VLOOKUP(C1420,参数!$B:$H,2,0),\"\")","v":""},{"$f":"IFERROR(VLOOKUP(C1420,参数!$B:$H,4,0),\"\")","v":""},{"$f":"IFERROR(VLOOKUP(C1420,参数!B:H,3,FALSE),\"\")","v":""},"",1]
[1420,{"$nulls":6},{"$f":"IFERROR(VLOOKUP(C1421,参数!$B:$H,2,0),\"\")","v":""},{"$f":"IFERROR(VLOOKUP(C1421,参数!$B:$H,4,0),\"\")","v":""},{"$f":"IFERROR(VLOOKUP(C1421,参数!B:H,3,FALSE),\"\")","v":""},"",1]
[1421,{"$nulls":6},{"$f":"IFERROR(VLOOKUP(C1422,参数!$B:$H,2,0),\"\")","v":""},{"$f":"IFERROR(VLOOKUP(C1422,参数!$B:$H,4,0),\"\")","v":""},{"$f":"IFERROR(VLOOKUP(C1422,参数!B:H,3,FALSE),\"\")","v":""},"",1]
[1422,{"$nulls":6},{"$f":"IFERROR(VLOOKUP(C1423,参数!$B:$H,2,0),\"\")","v":""},{"$f":"IFERROR(VLOOKUP(C1423,参数!$B:$H,4,0),\"\")","v":""},{"$f":"IFERROR(VLOOKUP(C1423,参数!B:H,3,FALSE),\"\")","v":""},"",1]
[1423,{"$nulls":6},{"$f":"IFERROR(VLOOKUP(C1424,参数!$B:$H,2,0),\"\")","v":""},{"$f":"IFERROR(VLOOKUP(C1424,参数!$B:$H,4,0),\"\")","v":""},{"$f":"IFERROR(VLOOKUP(C1424,参数!B:H,3,FALSE),\"\")","v":""},"",1]
[1424,{"$nulls":6},{"$f":"IFERROR(VLOOKUP(C1425,参数!$B:$H,2,0),\"\")","v":""},{"$f":"IFERROR(VLOOKUP(C1425,参数!$B:$H,4,0),\"\")","v":""},{"$f":"IFERROR(VLOOKUP(C1425,参数!B:H,3,FALSE),\"\")","v":""},"",1]
[1425,{"$nulls":6},{"$f":"IFERROR(VLOOKUP(C1426,参数!$B:$H,2,0),\"\")","v":""},{"$f":"IFERROR(VLOOKUP(C1426,参数!$B:$H,4,0),\"\")","v":""},{"$f":"IFERROR(VLOOKUP(C1426,参数!B:H,3,FALSE),\"\")","v":""},"",1]
[1426,{"$nulls":6},{"$f":"IFERROR(VLOOKUP(C1427,参数!$B:$H,2,0),\"\")","v":""},{"$f":"IFERROR(VLOOKUP(C1427,参数!$B:$H,4,0),\"\")","v":""},{"$f":"IFERROR(VLOOKUP(C1427,参数!B:H,3,FALSE),\"\")","v":""},"",1]
[1427,{"$nulls":6},{"$f":"IFERROR(VLOOKUP(C1428,参数!$B:$H,2,0),\"\")","v":""},{"$f":"IFERROR(VLOOKUP(C1428,参数!$B:$H,4,0),\"\")","v":""},{"$f":"IFERROR(VLOOKUP(C1428,参数!B:H,3,FALSE),\"\")","v":""},"",1]
[1428,{"$nulls":6},{"$f":"IFERROR(VLOOKUP(C1429,参数!$B:$H,2,0),\"\")","v":""},{"$f":"IFERROR(VLOOKUP(C1429,参数!$B:$H,4,0),\"\")","v":""},{"$f":"IFERROR(VLOOKUP(C1429,参数!B:H,3,FALSE),\"\")","v":""},"",1]
[1429,{"$nulls":6},{"$f":"IFERROR(VLOOKUP(C1430,参数!$B:$H,2,0),\"\")","v":""},{"$f":"IFERROR(VLOOKUP(C1430,参数!$B:$H,4,0),\"\")","v":""},{"$f":"IFERROR(VLOOKUP(C1430,参数!B:H,3,FALSE),\"\")","v":""},"",1]
[1430,{"$nulls":6},{"$f":"IFERROR(VLOOKUP(C1431,参数!$B:$H,2,0),\"\")","v":""},{"$f":"IFERROR(VLOOKUP(C1431,参数!$B:$H,4,0),\"\")","v":""},{"$f":"IFERROR(VLOOKUP(C1431,参数!B:H,3,FALSE),\"\")","v":""},"",1]
[1431,{"$nulls":6},{"$f":"IFERROR(VLOOKUP(C1432,参数!$B:$H,2,0),\"\")","v":""},{"$f":"IFERROR(VLOOKUP(C1432,参数!$B:$H,4,0),\"\")","v":""},{"$f":"IFERROR(VLOOKUP(C1432,参数!B:H,3,FALSE),\"\")","v":""},"",1]
[1432,{"$nulls":6},{"$f":"IFERROR(VLOOKUP(C1433,参数!$B:$H,2,0),\"\")","v":""},{"$f":"IFERROR(VLOOKUP(C1433,参数!$B:$H,4,0),\"\")","v":""},{"$f":"IFERROR(VLOOKUP(C1433,参数!B:H,3,FALSE),\"\")","v":""},"",1]
[1433,{"$nulls":6},{"$f":"IFERROR(VLOOKUP(C1434,参数!$B:$H,2,0),\"\")","v":""},{"$f":"IFERROR(VLOOKUP(C1434,参数!$B:$H,4,0),\"\")","v":""},{"$f":"IFERROR(VLOOKUP(C1434,参数!B:H,3,FALSE),\"\")","v":""},"",1]
[1434,{"$nulls":6},{"$f":"IFERROR(VLOOKUP(C1435,参数!$B:$H,2,0),\"\")","v":""},{"$f":"IFERROR(VLOOKUP(C1435,参数!$B:$H,4,0),\"\")","v":""},{"$f":"IFERROR(VLOOKUP(C1435,参数!B:H,3,FALSE),\"\")","v":""},"",1]
[1435,{"$nulls":6},{"$f":"IFERROR(VLOOKUP(C1436,参数!$B:$H,2,0),\"\")","v":""},{"$f":"IFERROR(VLOOKUP(C1436,参数!$B:$H,4,0),\"\")","v":""},{"$f":"IFERROR(VLOOKUP(C1436,参数!B:H,3,FALSE),\"\")","v":""},"",1]
[1436,{"$nulls":6},{"$f":"IFERROR(VLOOKUP(C1437,参数!$B:$H,2,0),\"\")","v":""},{"$f":"IFERROR(VLOOKUP(C1437,参数!$B:$H,4,0),\"\")","v":""},{"$f":"IFERROR(VLOOKUP(C1437,参数!B:H,3,FALSE),\"\")","v":""},"",1]
[1437,{"$nulls":6},{"$f":"IFERROR(VLOOKUP(C1438,参数!$B:$H,2,0),\"\")","v":""},{"$f":"IFERROR(VLOOKUP(C1438,参数!$B:$H,4,0),\"\")","v":""},{"$f":"IFERROR(VLOOKUP(C1438,参数!B:H,3,FALSE),\"\")","v":""},"",1]
[1438,{"$nulls":6},{"$f":"IFERROR(VLOOKUP(C1439,参数!$B:$H,2,0),\"\")","v":""},{"$f":"IFERROR(VLOOKUP(C1439,参数!$B:$H,4,0),\"\")","v":""},{"$f":"IFERROR(VLOOKUP(C1439,参数!B:H,3,FALSE),\"\")","v":""},"",1]
[1439,{"$nulls":6},{"$f":"IFERROR(VLOOKUP(C1440,参数!$B:$H,2,0),\"\")","v":""},{"$f":"IFERROR(VLOOKUP(C1440,参数!$B:$H,4,0),\"\")","v":""},{"$f":"IFERROR(VLOOKUP(C1440,参数!B:H,3,FALSE),\"\")","v":""},"",1]
[1440,{"$nulls":6},{"$f":"IFERROR(VLOOKUP(C1441,参数!$B:$H,2,0),\"\")","v":""},{"$f":"IFERROR(VLOOKUP(C1441,参数!$B:$H,4,0),\"\")","v":""},{"$f":"IFERROR(VLOOKUP(C1441,参数!B:H,3,FALSE),\"\")","v":""},"",1]
[1441,{"$nulls":6},{"$f":"IFERROR(VLOOKUP(C1442,参数!$B:$H,2,0),\"\")","v":""},{"$f":"IFERROR(VLOOKUP(C1442,参数!$B:$H,4,0),\"\")","v":""},{"$f":"IFERROR(VLOOKUP(C1442,参数!B:H,3,FALSE),\"\")","v":""},"",1]
[1442,{"$nulls":6},{"$f":"IFERROR(VLOOKUP(C1443,参数!$B:$H,2,0),\"\")","v":""},{"$f":"IFERROR(VLOOKUP(C1443,参数!$B:$H,4,0),\"\")","v":""},{"$f":"IFERROR(VLOOKUP(C1443,参数!B:H,3,FALSE),\"\")","v":""},"",1]
[1443,{"$nulls":6},{"$f":"IFERROR(VLOOKUP(C1444,参数!$B:$H,2,0),\"\")","v":""},{"$f":"IFERROR(VLOOKUP(C1444,参数!$B:$H,4,0),\"\")","v":""},{"$f":"IFERROR(VLOOKUP(C1444,参数!B:H,3,FALSE),\"\")","v":""},"",1]
[1444,{"$nulls":6},{"$f":"IFERROR(VLOOKUP(C1445,参数!$B:$H,2,0),\"\")","v":""},{"$f":"IFERROR(VLOOKUP(C1445,参数!$B:$H,4,0),\"\")","v":""},{"$f":"IFERROR(VLOOKUP(C1445,参数!B:H,3,FALSE),\"\")","v":""},{"$f":"IFERROR(J1445*E1445,\"\")","v":""},1]
[1445,{"$nulls":6},{"$f":"IFERROR(VLOOKUP(C1446,参数!$B:$H,2,0),\"\")","v":""},{"$f":"IFERROR(VLOOKUP(C1446,参数!$B:$H,4,0),\"\")","v":""},{"$f":"IFERROR(VLOOKUP(C1446,参数!B:H,3,FALSE),\"\")","v":""},"",1]
[1446,{"$nulls":6},{"$f":"IFERROR(VLOOKUP(C1447,参数!$B:$H,2,0),\"\")","v":""},{"$f":"IFERROR(VLOOKUP(C1447,参数!$B:$H,4,0),\"\")","v":""},{"$f":"IFERROR(VLOOKUP(C1447,参数!B:H,3,FALSE),\"\")","v":""},"",1]
[1447,{"$nulls":6},{"$f":"IFERROR(VLOOKUP(C1448,参数!$B:$H,2,0),\"\")","v":""},{"$f":"IFERROR(VLOOKUP(C1448,参数!$B:$H,4,0),\"\")","v":""},{"$f":"IFERROR(VLOOKUP(C1448,参数!B:H,3,FALSE),\"\")","v":""},"",1]
[1448,{"$nulls":6},{"$f":"IFERROR(VLOOKUP(C1449,参数!$B:$H,2,0),\"\")","v":""},{"$f":"IFERROR(VLOOKUP(C1449,参数!$B:$H,4,0),\"\")","v":""},{"$f":"IFERROR(VLOOKUP(C1449,参数!B:H,3,FALSE),\"\")","v":""},"",1]
[1449,{"$nulls":6},{"$f":"IFERROR(VLOOKUP(C1450,参数!$B:$H,2,0),\"\")","v":""},{"$f":"IFERROR(VLOOKUP(C1450,参数!$B:$H,4,0),\"\")","v":""},{"$f":"IFERROR(VLOOKUP(C1450,参数!B:H,3,FALSE),\"\")","v":""},"",1]
[1450,{"$nulls":6},{"$f":"IFERROR(VLOOKUP(C1451,参数!$B:$H,2,0),\"\")","v":""},{"$f":"IFERROR(VLOOKUP(C1451,参数!$B:$H,4,0),\"\")","v":""},{"$f":"IFERROR(VLOOKUP(C1451,参数!B:H,3,FALSE),\"\")","v":""},"",1]
[1451,{"$nulls":6},{"$f":"IFERROR(VLOOKUP(C1452,参数!$B:$H,2,0),\"\")","v":""},{"$f":"IFERROR(VLOOKUP(C1452,参数!$B:$H,4,0),\"\")","v":""},{"$f":"IFERROR(VLOOKUP(C1452,参数!B:H,3,FALSE),\"\")","v":""},"",1]
[1452,{"$nulls":6},{"$f":"IFERROR(VLOOKUP(C1453,参数!$B:$H,2,0),\"\")","v":""},{"$f":"IFERROR(VLOOKUP(C1453,参数!$B:$H,4,0),\"\")","v":""},{"$f":"IFERROR(VLOOKUP(C1453,参数!B:H,3,FALSE),\"\")","v":""},"",1]
[1453,{"$nulls":6},{"$f":"IFERROR(VLOOKUP(C1454,参数!$B:$H,2,0),\"\")","v":""},{"$f":"IFERROR(VLOOKUP(C1454,参数!$B:$H,4,0),\"\")","v":""},{"$f":"IFERROR(VLOOKUP(C1454,参数!B:H,3,FALSE),\"\")","v":""},"",1]
[1454,{"$nulls":6},{"$f":"IFERROR(VLOOKUP(C1455,参数!$B:$H,2,0),\"\")","v":""},{"$f":"IFERROR(VLOOKUP(C1455,参数!$B:$H,4,0),\"\")","v":""},{"$f":"IFERROR(VLOOKUP(C1455,参数!B:H,3,FALSE),\"\")","v":""},"",1]
[1455,{"$nulls":6},{"$f":"IFERROR(VLOOKUP(C1456,参数!$B:$H,2,0),\"\")","v":""},{"$f":"IFERROR(VLOOKUP(C1456,参数!$B:$H,4,0),\"\")","v":""},{"$f":"IFERROR(VLOOKUP(C1456,参数!B:H,3,FALSE),\"\")","v":""},"",1]
[1456,{"$nulls":6},{"$f":"IFERROR(VLOOKUP(C1457,参数!$B:$H,2,0),\"\")","v":""},{"$f":"IFERROR(VLOOKUP(C1457,参数!$B:$H,4,0),\"\")","v":""},{"$f":"IFERROR(VLOOKUP(C1457,参数!B:H,3,FALSE),\"\")","v":""},"",1]
[1457,{"$nulls":6},{"$f":"IFERROR(VLOOKUP(C1458,参数!$B:$H,2,0),\"\")","v":""},{"$f":"IFERROR(VLOOKUP(C1458,参数!$B:$H,4,0),\"\")","v":""},{"$f":"IFERROR(VLOOKUP(C1458,参数!B:H,3,FALSE),\"\")","v":""},"",1]
[1458,{"$nulls":6},{"$f":"IFERROR(VLOOKUP(C1459,参数!$B:$H,2,0),\"\")","v":""},{"$f":"IFERROR(VLOOKUP(C1459,参数!$B:$H,4,0),\"\")","v":""},{"$f":"IFERROR(VLOOKUP(C1459,参数!B:H,3,FALSE),\"\")","v":""},"",1]
[1459,{"$nulls":6},{"$f":"IFERROR(VLOOKUP(C1460,参数!$B:$H,2,0),\"\")","v":""},{"$f":"IFERROR(VLOOKUP(C1460,参数!$B:$H,4,0),\"\")","v":""},{"$f":"IFERROR(VLOOKUP(C1460,参数!B:H,3,FALSE),\"\")","v":""},"",1]
[1460,{"$nulls":6},{"$f":"IFERROR(VLOOKUP(C1461,参数!$B:$H,2,0),\"\")","v":""},{"$f":"IFERROR(VLOOKUP(C1461,参数!$B:$H,4,0),\"\")","v":""},{"$f":"IFERROR(VLOOKUP(C1461,参数!B:H,3,FALSE),\"\")","v":""},"",1]
[1461,{"$nulls":6},{"$f":"IFERROR(VLOOKUP(C1462,参数!$B:$H,2,0),\"\")","v":""},{"$f":"IFERROR(VLOOKUP(C1462,参数!$B:$H,4,0),\"\")","v":""},{"$f":"IFERROR(VLOOKUP(C1462,参数!B:H,3,FALSE),\"\")","v":""},"",1]
[1462,{"$nulls":6},{"$f":"IFERROR(VLOOKUP(C1463,参数!$B:$H,2,0),\"\")","v":""},{"$f":"IFERROR(VLOOKUP(C1463,参数!$B:$H,4,0),\"\")","v":""},{"$f":"IFERROR(VLOOKUP(C1463,参数!B:H,3,FALSE),\"\")","v":""},"",1]
[1463,{"$nulls":6},{"$f":"IFERROR(VLOOKUP(C1464,参数!$B:$H,2,0),\"\")","v":""},{"$f":"IFERROR(VLOOKUP(C1464,参数!$B:$H,4,0),\"\")","v":""},{"$f":"IFERROR(VLOOKUP(C1464,参数!B:H,3,FALSE),\"\")","v":""},"",1]
[1464,{"$nulls":6},{"$f":"IFERROR(VLOOKUP(C1465,参数!$B:$H,2,0),\"\")","v":""},{"$f":"IFERROR(VLOOKUP(C1465,参数!$B:$H,4,0),\"\")","v":""},{"$f":"IFERROR(VLOOKUP(C1465,参数!B:H,3,FALSE),\"\")","v":""},"",1]
[1465,{"$nulls":6},{"$f":"IFERROR(VLOOKUP(C1466,参数!$B:$H,2,0),\"\")","v":""},{"$f":"IFERROR(VLOOKUP(C1466,参数!$B:$H,4,0),\"\")","v":""},{"$f":"IFERROR(VLOOKUP(C1466,参数!B:H,3,FALSE),\"\")","v":""},"",1]
[1466,{"$nulls":6},{"$f":"IFERROR(VLOOKUP(C1467,参数!$B:$H,2,0),\"\")","v":""},{"$f":"IFERROR(VLOOKUP(C1467,参数!$B:$H,4,0),\"\")","v":""},{"$f":"IFERROR(VLOOKUP(C1467,参数!B:H,3,FALSE),\"\")","v":""},"",1]
[1467,{"$nulls":6},{"$f":"IFERROR(VLOOKUP(C1468,参数!$B:$H,2,0),\"\")","v":""},{"$f":"IFERROR(VLOOKUP(C1468,参数!$B:$H,4,0),\"\")","v":""},{"$f":"IFERROR(VLOOKUP(C1468,参数!B:H,3,FALSE),\"\")","v":""},"",1]
[1468,{"$nulls":6},{"$f":"IFERROR(VLOOKUP(C1469,参数!$B:$H,2,0),\"\")","v":""},{"$f":"IFERROR(VLOOKUP(C1469,参数!$B:$H,4,0),\"\")","v":""},{"$f":"IFERROR(VLOOKUP(C1469,参数!B:H,3,FALSE),\"\")","v":""},"",1]
[1469,{"$nulls":6},{"$f":"IFERROR(VLOOKUP(C1470,参数!$B:$H,2,0),\"\")","v":""},{"$f":"IFERROR(VLOOKUP(C1470,参数!$B:$H,4,0),\"\")","v":""},{"$f":"IFERROR(VLOOKUP(C1470,参数!B:H,3,FALSE),\"\")","v":""},"",1]
[1470,{"$nulls":6},{"$f":"IFERROR(VLOOKUP(C1471,参数!$B:$H,2,0),\"\")","v":""},{"$f":"IFERROR(VLOOKUP(C1471,参数!$B:$H,4,0),\"\")","v":""},{"$f":"IFERROR(VLOOKUP(C1471,参数!B:H,3,FALSE),\"\")","v":""},"",1]
[1471,{"$nulls":6},{"$f":"IFERROR(VLOOKUP(C1472,参数!$B:$H,2,0),\"\")","v":""},{"$f":"IFERROR(VLOOKUP(C1472,参数!$B:$H,4,0),\"\")","v":""},{"$f":"IFERROR(VLOOKUP(C1472,参数!B:H,3,FALSE),\"\")","v":""},"",1]
[1472,{"$nulls":6},{"$f":"IFERROR(VLOOKUP(C1473,参数!$B:$H,2,0),\"\")","v":""},{"$f":"IFERROR(VLOOKUP(C1473,参数!$B:$H,4,0),\"\")","v":""},{"$f":"IFERROR(VLOOKUP(C1473,参数!B:H,3,FALSE),\"\")","v":""},"",1]
[1473,{"$nulls":6},{"$f":"IFERROR(VLOOKUP(C1474,参数!$B:$H,2,0),\"\")","v":""},{"$f":"IFERROR(VLOOKUP(C1474,参数!$B:$H,4,0),\"\")","v":""},{"$f":"IFERROR(VLOOKUP(C1474,参数!B:H,3,FALSE),\"\")","v":""},"",{"$f":"VALUE(MONTH(B1474))","v":1}]
[1474,{"$nulls":6},{"$f":"IFERROR(VLOOKUP(C1475,参数!$B:$H,2,0),\"\")","v":""},{"$f":"IFERROR(VLOOKUP(C1475,参数!$B:$H,4,0),\"\")","v":""},{"$f":"IFERROR(VLOOKUP(C1475,参数!B:H,3,FALSE),\"\")","v":""},"",1]
[1475,{"$nulls":6},{"$f":"IFERROR(VLOOKUP(C1476,参数!$B:$H,2,0),\"\")","v":""},{"$f":"IFERROR(VLOOKUP(C1476,参数!$B:$H,4,0),\"\")","v":""},{"$f":"IFERROR(VLOOKUP(C1476,参数!B:H,3,FALSE),\"\")","v":""},"",1]
[1476,{"$nulls":6},{"$f":"IFERROR(VLOOKUP(C1477,参数!$B:$H,2,0),\"\")","v":""},{"$f":"IFERROR(VLOOKUP(C1477,参数!$B:$H,4,0),\"\")","v":""},{"$f":"IFERROR(VLOOKUP(C1477,参数!B:H,3,FALSE),\"\")","v":""},"",1]
[1477,{"$nulls":6},{"$f":"IFERROR(VLOOKUP(C1478,参数!$B:$H,2,0),\"\")","v":""},{"$f":"IFERROR(VLOOKUP(C1478,参数!$B:$H,4,0),\"\")","v":""},{"$f":"IFERROR(VLOOKUP(C1478,参数!B:H,3,FALSE),\"\")","v":""},"",1]
[1478,{"$nulls":6},{"$f":"IFERROR(VLOOKUP(C1479,参数!$B:$H,2,0),\"\")","v":""},{"$f":"IFERROR(VLOOKUP(C1479,参数!$B:$H,4,0),\"\")","v":""},{"$f":"IFERROR(VLOOKUP(C1479,参数!B:H,3,FALSE),\"\")","v":""},"",1]
[1479,{"$nulls":6},{"$f":"IFERROR(VLOOKUP(C1480,参数!$B:$H,2,0),\"\")","v":""},{"$f":"IFERROR(VLOOKUP(C1480,参数!$B:$H,4,0),\"\")","v":""},{"$f":"IFERROR(VLOOKUP(C1480,参数!B:H,3,FALSE),\"\")","v":""},"",1]
[1480,{"$nulls":6},{"$f":"IFERROR(VLOOKUP(C1481,参数!$B:$H,2,0),\"\")","v":""},{"$f":"IFERROR(VLOOKUP(C1481,参数!$B:$H,4,0),\"\")","v":""},{"$f":"IFERROR(VLOOKUP(C1481,参数!B:H,3,FALSE),\"\")","v":""},"",1]
[1481,{"$nulls":6},{"$f":"IFERROR(VLOOKUP(C1482,参数!$B:$H,2,0),\"\")","v":""},{"$f":"IFERROR(VLOOKUP(C1482,参数!$B:$H,4,0),\"\")","v":""},{"$f":"IFERROR(VLOOKUP(C1482,参数!B:H,3,FALSE),\"\")","v":""},"",1]
[1482,{"$nulls":6},{"$f":"IFERROR(VLOOKUP(C1483,参数!$B:$H,2,0),\"\")","v":""},{"$f":"IFERROR(VLOOKUP(C1483,参数!$B:$H,4,0),\"\")","v":""},{"$f":"IFERROR(VLOOKUP(C1483,参数!B:H,3,FALSE),\"\")","v":""},"",1]
[1483,{"$nulls":6},{"$f":"IFERROR(VLOOKUP(C1484,参数!$B:$H,2,0),\"\")","v":""},{"$f":"IFERROR(VLOOKUP(C1484,参数!$B:$H,4,0),\"\")","v":""},{"$f":"IFERROR(VLOOKUP(C1484,参数!B:H,3,FALSE),\"\")","v":""},"",1]
[1484,{"$nulls":6},{"$f":"IFERROR(VLOOKUP(C1485,参数!$B:$H,2,0),\"\")","v":""},{"$f":"IFERROR(VLOOKUP(C1485,参数!$B:$H,4,0),\"\")","v":""},{"$f":"IFERROR(VLOOKUP(C1485,参数!B:H,3,FALSE),\"\")","v":""},"",1]
[1485,{"$nulls":6},{"$f":"IFERROR(VLOOKUP(C1486,参数!$B:$H,2,0),\"\")","v":""},{"$f":"IFERROR(VLOOKUP(C1486,参数!$B:$H,4,0),\"\")","v":""},{"$f":"IFERROR(VLOOKUP(C1486,参数!B:H,3,FALSE),\"\")","v":""},"",1]
[1486,{"$nulls":6},{"$f":"IFERROR(VLOOKUP(C1487,参数!$B:$H,2,0),\"\")","v":""},{"$f":"IFERROR(VLOOKUP(C1487,参数!$B:$H,4,0),\"\")","v":""},{"$f":"IFERROR(VLOOKUP(C1487,参数!B:H,3,FALSE),\"\")","v":""},"",1]
[1487,{"$nulls":6},{"$f":"IFERROR(VLOOKUP(C1488,参数!$B:$H,2,0),\"\")","v":""},{"$f":"IFERROR(VLOOKUP(C1488,参数!$B:$H,4,0),\"\")","v":""},{"$f":"IFERROR(VLOOKUP(C1488,参数!B:H,3,FALSE),\"\")","v":""},"",1]
[1488,{"$nulls":6},{"$f":"IFERROR(VLOOKUP(C1489,参数!$B:$H,2,0),\"\")","v":""},{"$f":"IFERROR(VLOOKUP(C1489,参数!$B:$H,4,0),\"\")","v":""},{"$f":"IFERROR(VLOOKUP(C1489,参数!B:H,3,FALSE),\"\")","v":""},"",1]
[1489,{"$nulls":6},{"$f":"IFERROR(VLOOKUP(C1490,参数!$B:$H,2,0),\"\")","v":""},{"$f":"IFERROR(VLOOKUP(C1490,参数!$B:$H,4,0),\"\")","v":""},{"$f":"IFERROR(VLOOKUP(C1490,参数!B:H,3,FALSE),\"\")","v":""},"",1]
[1490,{"$nulls":6},{"$f":"IFERROR(VLOOKUP(C1491,参数!$B:$H,2,0),\"\")","v":""},{"$f":"IFERROR(VLOOKUP(C1491,参数!$B:$H,4,0),\"\")","v":""},{"$f":"IFERROR(VLOOKUP(C1491,参数!B:H,3,FALSE),\"\")","v":""},"",1]
[1491,{"$nulls":6},{"$f":"IFERROR(VLOOKUP(C1492,参数!$B:$H,2,0),\"\")","v":""},{"$f":"IFERROR(VLOOKUP(C1492,参数!$B:$H,4,0),\"\")","v":""},{"$f":"IFERROR(VLOOKUP(C1492,参数!B:H,3,FALSE),\"\")","v":""},"",1]
[1492,{"$nulls":6},{"$f":"IFERROR(VLOOKUP(C1493,参数!$B:$H,2,0),\"\")","v":""},{"$f":"IFERROR(VLOOKUP(C1493,参数!$B:$H,4,0),\"\")","v":""},{"$f":"IFERROR(VLOOKUP(C1493,参数!B:H,3,FALSE),\"\")","v":""},"",1]
[1493,{"$nulls":6},{"$f":"IFERROR(VLOOKUP(C1494,参数!$B:$H,2,0),\"\")","v":""},{"$f":"IFERROR(VLOOKUP(C1494,参数!$B:$H,4,0),\"\")","v":""},{"$f":"IFERROR(VLOOKUP(C1494,参数!B:H,3,FALSE),\"\")","v":""},"",1]
[1494,{"$nulls":6},{"$f":"IFERROR(VLOOKUP(C1495,参数!$B:$H,2,0),\"\")","v":""},{"$f":"IFERROR(VLOOKUP(C1495,参数!$B:$H,4,0),\"\")","v":""},{"$f":"IFERROR(VLOOKUP(C1495,参数!B:H,3,FALSE),\"\")","v":""},"",1]
[1495,{"$nulls":6},{"$f":"IFERROR(VLOOKUP(C1496,参数!$B:$H,2,0),\"\")","v":""},{"$f":"IFERROR(VLOOKUP(C1496,参数!$B:$H,4,0),\"\")","v":""},{"$f":"IFERROR(VLOOKUP(C1496,参数!B:H,3,FALSE),\"\")","v":""},"",1]
[1496,{"$nulls":6},{"$f":"IFERROR(VLOOKUP(C1497,参数!$B:$H,2,0),\"\")","v":""},{"$f":"IFERROR(VLOOKUP(C1497,参数!$B:$H,4,0),\"\")","v":""},{"$f":"IFERROR(VLOOKUP(C1497,参数!B:H,3,FALSE),\"\")","v":""},"",1]
[1497,{"$nulls":6},{"$f":"IFERROR(VLOOKUP(C1498,参数!$B:$H,2,0),\"\")","v":""},{"$f":"IFERROR(VLOOKUP(C1498,参数!$B:$H,4,0),\"\")","v":""},{"$f":"IFERROR(VLOOKUP(C1498,参数!B:H,3,FALSE),\"\")","v":""},"",1]
[1498,{"$nulls":6},{"$f":"IFERROR(VLOOKUP(C1499,参数!$B:$H,2,0),\"\")","v":""},{"$f":"IFERROR(VLOOKUP(C1499,参数!$B:$H,4,0),\"\")","v":""},{"$f":"IFERROR(VLOOKUP(C1499,参数!B:H,3,FALSE),\"\")","v":""},"",1]
[1499,{"$nulls":6},{"$f":"IFERROR(VLOOKUP(C1500,参数!$B:$H,2,0),\"\")","v":""},{"$f":"IFERROR(VLOOKUP(C1500,参数!$B:$H,4,0),\"\")","v":""},{"$f":"IFERROR(VLOOKUP(C1500,参数!B:H,3,FALSE),\"\")","v":""},"",1]
[1500,{"$nulls":6},{"$f":"IFERROR(VLOOKUP(C1501,参数!$B:$H,2,0),\"\")","v":""},{"$f":"IFERROR(VLOOKUP(C1501,参数!$B:$H,4,0),\"\")","v":""},{"$f":"IFERROR(VLOOKUP(C1501,参数!B:H,3,FALSE),\"\")","v":""},"",1]
[1501,{"$nulls":6},{"$f":"IFERROR(VLOOKUP(C1502,参数!$B:$H,2,0),\"\")","v":""},{"$f":"IFERROR(VLOOKUP(C1502,参数!$B:$H,4,0),\"\")","v":""},{"$f":"IFERROR(VLOOKUP(C1502,参数!B:H,3,FALSE),\"\")","v":""},"",1]
[1502,{"$nulls":6},{"$f":"IFERROR(VLOOKUP(C1503,参数!$B:$H,2,0),\"\")","v":""},{"$f":"IFERROR(VLOOKUP(C1503,参数!$B:$H,4,0),\"\")","v":""},{"$f":"IFERROR(VLOOKUP(C1503,参数!B:H,3,FALSE),\"\")","v":""},"",1]
[1503,{"$nulls":6},{"$f":"IFERROR(VLOOKUP(C1504,参数!$B:$H,2,0),\"\")","v":""},{"$f":"IFERROR(VLOOKUP(C1504,参数!$B:$H,4,0),\"\")","v":""},{"$f":"IFERROR(VLOOKUP(C1504,参数!B:H,3,FALSE),\"\")","v":""},"",1]
[1504,{"$nulls":6},{"$f":"IFERROR(VLOOKUP(C1505,参数!$B:$H,2,0),\"\")","v":""},{"$f":"IFERROR(VLOOKUP(C1505,参数!$B:$H,4,0),\"\")","v":""},{"$f":"IFERROR(VLOOKUP(C1505,参数!B:H,3,FALSE),\"\")","v":""},"",1]
[1505,{"$nulls":6},{"$f":"IFERROR(VLOOKUP(C1506,参数!$B:$H,2,0),\"\")","v":""},{"$f":"IFERROR(VLOOKUP(C1506,参数!$B:$H,4,0),\"\")","v":""},{"$f":"IFERROR(VLOOKUP(C1506,参数!B:H,3,FALSE),\"\")","v":""},"",1]
[1506,{"$nulls":6},{"$f":"IFERROR(VLOOKUP(C1507,参数!$B:$H,2,0),\"\")","v":""},{"$f":"IFERROR(VLOOKUP(C1507,参数!$B:$H,4,0),\"\")","v":""},{"$f":"IFERROR(VLOOKUP(C1507,参数!B:H,3,FALSE),\"\")","v":""},"",1]
[1507,{"$nulls":6},{"$f":"IFERROR(VLOOKUP(C1508,参数!$B:$H,2,0),\"\")","v":""},{"$f":"IFERROR(VLOOKUP(C1508,参数!$B:$H,4,0),\"\")","v":""},{"$f":"IFERROR(VLOOKUP(C1508,参数!B:H,3,FALSE),\"\")","v":""},"",1]
[1508,{"$nulls":6},{"$f":"IFERROR(VLOOKUP(C1509,参数!$B:$H,2,0),\"\")","v":""},{"$f":"IFERROR(VLOOKUP(C1509,参数!$B:$H,4,0),\"\")","v":""},{"$f":"IFERROR(VLOOKUP(C1509,参数!B:H,3,FALSE),\"\")","v":""},{"$f":"IFERROR(J1509*E1509,\"\")","v":""},1]
[1509,{"$nulls":6},{"$f":"IFERROR(VLOOKUP(C1510,参数!$B:$H,2,0),\"\")","v":""},{"$f":"IFERROR(VLOOKUP(C1510,参数!$B:$H,4,0),\"\")","v":""},{"$f":"IFERROR(VLOOKUP(C1510,参数!B:H,3,FALSE),\"\")","v":""},"",1]
[1510,{"$nulls":6},{"$f":"IFERROR(VLOOKUP(C1511,参数!$B:$H,2,0),\"\")","v":""},{"$f":"IFERROR(VLOOKUP(C1511,参数!$B:$H,4,0),\"\")","v":""},{"$f":"IFERROR(VLOOKUP(C1511,参数!B:H,3,FALSE),\"\")","v":""},"",1]
[1511,{"$nulls":6},{"$f":"IFERROR(VLOOKUP(C1512,参数!$B:$H,2,0),\"\")","v":""},{"$f":"IFERROR(VLOOKUP(C1512,参数!$B:$H,4,0),\"\")","v":""},{"$f":"IFERROR(VLOOKUP(C1512,参数!B:H,3,FALSE),\"\")","v":""},"",1]
[1512,{"$nulls":6},{"$f":"IFERROR(VLOOKUP(C1513,参数!$B:$H,2,0),\"\")","v":""},{"$f":"IFERROR(VLOOKUP(C1513,参数!$B:$H,4,0),\"\")","v":""},{"$f":"IFERROR(VLOOKUP(C1513,参数!B:H,3,FALSE),\"\")","v":""},"",1]
[1513,{"$nulls":6},{"$f":"IFERROR(VLOOKUP(C1514,参数!$B:$H,2,0),\"\")","v":""},{"$f":"IFERROR(VLOOKUP(C1514,参数!$B:$H,4,0),\"\")","v":""},{"$f":"IFERROR(VLOOKUP(C1514,参数!B:H,3,FALSE),\"\")","v":""},"",1]
[1514,{"$nulls":6},{"$f":"IFERROR(VLOOKUP(C1515,参数!$B:$H,2,0),\"\")","v":""},{"$f":"IFERROR(VLOOKUP(C1515,参数!$B:$H,4,0),\"\")","v":""},{"$f":"IFERROR(VLOOKUP(C1515,参数!B:H,3,FALSE),\"\")","v":""},"",1]
[1515,{"$nulls":6},{"$f":"IFERROR(VLOOKUP(C1516,参数!$B:$H,2,0),\"\")","v":""},{"$f":"IFERROR(VLOOKUP(C1516,参数!$B:$H,4,0),\"\")","v":""},{"$f":"IFERROR(VLOOKUP(C1516,参数!B:H,3,FALSE),\"\")","v":""},"",1]
[1516,{"$nulls":6},{"$f":"IFERROR(VLOOKUP(C1517,参数!$B:$H,2,0),\"\")","v":""},{"$f":"IFERROR(VLOOKUP(C1517,参数!$B:$H,4,0),\"\")","v":""},{"$f":"IFERROR(VLOOKUP(C1517,参数!B:H,3,FALSE),\"\")","v":""},"",1]
[1517,{"$nulls":6},{"$f":"IFERROR(VLOOKUP(C1518,参数!$B:$H,2,0),\"\")","v":""},{"$f":"IFERROR(VLOOKUP(C1518,参数!$B:$H,4,0),\"\")","v":""},{"$f":"IFERROR(VLOOKUP(C1518,参数!B:H,3,FALSE),\"\")","v":""},"",1]
[1518,{"$nulls":6},{"$f":"IFERROR(VLOOKUP(C1519,参数!$B:$H,2,0),\"\")","v":""},{"$f":"IFERROR(VLOOKUP(C1519,参数!$B:$H,4,0),\"\")","v":""},{"$f":"IFERROR(VLOOKUP(C1519,参数!B:H,3,FALSE),\"\")","v":""},"",1]
[1519,{"$nulls":6},{"$f":"IFERROR(VLOOKUP(C1520,参数!$B:$H,2,0),\"\")","v":""},{"$f":"IFERROR(VLOOKUP(C1520,参数!$B:$H,4,0),\"\")","v":""},{"$f":"IFERROR(VLOOKUP(C1520,参数!B:H,3,FALSE),\"\")","v":""},"",1]
[1520,{"$nulls":6},{"$f":"IFERROR(VLOOKUP(C1521,参数!$B:$H,2,0),\"\")","v":""},{"$f":"IFERROR(VLOOKUP(C1521,参数!$B:$H,4,0),\"\")","v":""},{"$f":"IFERROR(VLOOKUP(C1521,参数!B:H,3,FALSE),\"\")","v":""},"",1]
[1521,{"$nulls":6},{"$f":"IFERROR(VLOOKUP(C1522,参数!$B:$H,2,0),\"\")","v":""},{"$f":"IFERROR(VLOOKUP(C1522,参数!$B:$H,4,0),\"\")","v":""},{"$f":"IFERROR(VLOOKUP(C1522,参数!B:H,3,FALSE),\"\")","v":""},"",1]
[1522,{"$nulls":6},{"$f":"IFERROR(VLOOKUP(C1523,参数!$B:$H,2,0),\"\")","v":""},{"$f":"IFERROR(VLOOKUP(C1523,参数!$B:$H,4,0),\"\")","v":""},{"$f":"IFERROR(VLOOKUP(C1523,参数!B:H,3,FALSE),\"\")","v":""},"",1]
[1523,{"$nulls":6},{"$f":"IFERROR(VLOOKUP(C1524,参数!$B:$H,2,0),\"\")","v":""},{"$f":"IFERROR(VLOOKUP(C1524,参数!$B:$H,4,0),\"\")","v":""},{"$f":"IFERROR(VLOOKUP(C1524,参数!B:H,3,FALSE),\"\")","v":""},"",1]
[1524,{"$nulls":6},{"$f":"IFERROR(VLOOKUP(C1525,参数!$B:$H,2,0),\"\")","v":""},{"$f":"IFERROR(VLOOKUP(C1525,参数!$B:$H,4,0),\"\")","v":""},{"$f":"IFERROR(VLOOKUP(C1525,参数!B:H,3,FALSE),\"\")","v":""},"",1]
[1525,{"$nulls":6},{"$f":"IFERROR(VLOOKUP(C1526,参数!$B:$H,2,0),\"\")","v":""},{"$f":"IFERROR(VLOOKUP(C1526,参数!$B:$H,4,0),\"\")","v":""},{"$f":"IFERROR(VLOOKUP(C1526,参数!B:H,3,FALSE),\"\")","v":""},"",1]
[1526,{"$nulls":6},{"$f":"IFERROR(VLOOKUP(C1527,参数!$B:$H,2,0),\"\")","v":""},{"$f":"IFERROR(VLOOKUP(C1527,参数!$B:$H,4,0),\"\")","v":""},{"$f":"IFERROR(VLOOKUP(C1527,参数!B:H,3,FALSE),\"\")","v":""},"",1]
[1527,{"$nulls":6},{"$f":"IFERROR(VLOOKUP(C1528,参数!$B:$H,2,0),\"\")","v":""},{"$f":"IFERROR(VLOOKUP(C1528,参数!$B:$H,4,0),\"\")","v":""},{"$f":"IFERROR(VLOOKUP(C1528,参数!B:H,3,FALSE),\"\")","v":""},"",1]
[1528,{"$nulls":6},{"$f":"IFERROR(VLOOKUP(C1529,参数!$B:$H,2,0),\"\")","v":""},{"$f":"IFERROR(VLOOKUP(C1529,参数!$B:$H,4,0),\"\")","v":""},{"$f":"IFERROR(VLOOKUP(C1529,参数!B:H,3,FALSE),\"\")","v":""},"",1]
[1529,{"$nulls":6},{"$f":"IFERROR(VLOOKUP(C1530,参数!$B:$H,2,0),\"\")","v":""},{"$f":"IFERROR(VLOOKUP(C1530,参数!$B:$H,4,0),\"\")","v":""},{"$f":"IFERROR(VLOOKUP(C1530,参数!B:H,3,FALSE),\"\")","v":""},"",1]
[1530,{"$nulls":6},{"$f":"IFERROR(VLOOKUP(C1531,参数!$B:$H,2,0),\"\")","v":""},{"$f":"IFERROR(VLOOKUP(C1531,参数!$B:$H,4,0),\"\")","v":""},{"$f":"IFERROR(VLOOKUP(C1531,参数!B:H,3,FALSE),\"\")","v":""},"",1]
[1531,{"$nulls":6},{"$f":"IFERROR(VLOOKUP(C1532,参数!$B:$H,2,0),\"\")","v":""},{"$f":"IFERROR(VLOOKUP(C1532,参数!$B:$H,4,0),\"\")","v":""},{"$f":"IFERROR(VLOOKUP(C1532,参数!B:H,3,FALSE),\"\")","v":""},"",1]
[1532,{"$nulls":6},{"$f":"IFERROR(VLOOKUP(C1533,参数!$B:$H,2,0),\"\")","v":""},{"$f":"IFERROR(VLOOKUP(C1533,参数!$B:$H,4,0),\"\")","v":""},{"$f":"IFERROR(VLOOKUP(C1533,参数!B:H,3,FALSE),\"\")","v":""},"",1]
[1533,{"$nulls":6},{"$f":"IFERROR(VLOOKUP(C1534,参数!$B:$H,2,0),\"\")","v":""},{"$f":"IFERROR(VLOOKUP(C1534,参数!$B:$H,4,0),\"\")","v":""},{"$f":"IFERROR(VLOOKUP(C1534,参数!B:H,3,FALSE),\"\")","v":""},"",1]
[1534,{"$nulls":6},{"$f":"IFERROR(VLOOKUP(C1535,参数!$B:$H,2,0),\"\")","v":""},{"$f":"IFERROR(VLOOKUP(C1535,参数!$B:$H,4,0),\"\")","v":""},{"$f":"IFERROR(VLOOKUP(C1535,参数!B:H,3,FALSE),\"\")","v":""},"",1]
[1535,{"$nulls":6},{"$f":"IFERROR(VLOOKUP(C1536,参数!$B:$H,2,0),\"\")","v":""},{"$f":"IFERROR(VLOOKUP(C1536,参数!$B:$H,4,0),\"\")","v":""},{"$f":"IFERROR(VLOOKUP(C1536,参数!B:H,3,FALSE),\"\")","v":""},"",1]
[1536,{"$nulls":6},{"$f":"IFERROR(VLOOKUP(C1537,参数!$B:$H,2,0),\"\")","v":""},{"$f":"IFERROR(VLOOKUP(C1537,参数!$B:$H,4,0),\"\")","v":""},{"$f":"IFERROR(VLOOKUP(C1537,参数!B:H,3,FALSE),\"\")","v":""},"",1]
[1537,{"$nulls":6},{"$f":"IFERROR(VLOOKUP(C1538,参数!$B:$H,2,0),\"\")","v":""},{"$f":"IFERROR(VLOOKUP(C1538,参数!$B:$H,4,0),\"\")","v":""},{"$f":"IFERROR(VLOOKUP(C1538,参数!B:H,3,FALSE),\"\")","v":""},"",{"$f":"VALUE(MONTH(B1538))","v":1}]
[1538,{"$nulls":6},{"$f":"IFERROR(VLOOKUP(C1539,参数!$B:$H,2,0),\"\")","v":""},{"$f":"IFERROR(VLOOKUP(C1539,参数!$B:$H,4,0),\"\")","v":""},{"$f":"IFERROR(VLOOKUP(C1539,参数!B:H,3,FALSE),\"\")","v":""},"",1]
[1539,{"$nulls":6},{"$f":"IFERROR(VLOOKUP(C1540,参数!$B:$H,2,0),\"\")","v":""},{"$f":"IFERROR(VLOOKUP(C1540,参数!$B:$H,4,0),\"\")","v":""},{"$f":"IFERROR(VLOOKUP(C1540,参数!B:H,3,FALSE),\"\")","v":""},"",1]
[1540,{"$nulls":6},{"$f":"IFERROR(VLOOKUP(C1541,参数!$B:$H,2,0),\"\")","v":""},{"$f":"IFERROR(VLOOKUP(C1541,参数!$B:$H,4,0),\"\")","v":""},{"$f":"IFERROR(VLOOKUP(C1541,参数!B:H,3,FALSE),\"\")","v":""},"",1]
[1541,{"$nulls":6},{"$f":"IFERROR(VLOOKUP(C1542,参数!$B:$H,2,0),\"\")","v":""},{"$f":"IFERROR(VLOOKUP(C1542,参数!$B:$H,4,0),\"\")","v":""},{"$f":"IFERROR(VLOOKUP(C1542,参数!B:H,3,FALSE),\"\")","v":""},"",1]
[1542,{"$nulls":6},{"$f":"IFERROR(VLOOKUP(C1543,参数!$B:$H,2,0),\"\")","v":""},{"$f":"IFERROR(VLOOKUP(C1543,参数!$B:$H,4,0),\"\")","v":""},{"$f":"IFERROR(VLOOKUP(C1543,参数!B:H,3,FALSE),\"\")","v":""},"",1]
[1543,{"$nulls":6},{"$f":"IFERROR(VLOOKUP(C1544,参数!$B:$H,2,0),\"\")","v":""},{"$f":"IFERROR(VLOOKUP(C1544,参数!$B:$H,4,0),\"\")","v":""},{"$f":"IFERROR(VLOOKUP(C1544,参数!B:H,3,FALSE),\"\")","v":""},"",1]
[1544,{"$nulls":6},{"$f":"IFERROR(VLOOKUP(C1545,参数!$B:$H,2,0),\"\")","v":""},{"$f":"IFERROR(VLOOKUP(C1545,参数!$B:$H,4,0),\"\")","v":""},{"$f":"IFERROR(VLOOKUP(C1545,参数!B:H,3,FALSE),\"\")","v":""},"",1]
[1545,{"$nulls":6},{"$f":"IFERROR(VLOOKUP(C1546,参数!$B:$H,2,0),\"\")","v":""},{"$f":"IFERROR(VLOOKUP(C1546,参数!$B:$H,4,0),\"\")","v":""},{"$f":"IFERROR(VLOOKUP(C1546,参数!B:H,3,FALSE),\"\")","v":""},"",1]
[1546,{"$nulls":6},{"$f":"IFERROR(VLOOKUP(C1547,参数!$B:$H,2,0),\"\")","v":""},{"$f":"IFERROR(VLOOKUP(C1547,参数!$B:$H,4,0),\"\")","v":""},{"$f":"IFERROR(VLOOKUP(C1547,参数!B:H,3,FALSE),\"\")","v":""},"",1]
[1547,{"$nulls":6},{"$f":"IFERROR(VLOOKUP(C1548,参数!$B:$H,2,0),\"\")","v":""},{"$f":"IFERROR(VLOOKUP(C1548,参数!$B:$H,4,0),\"\")","v":""},{"$f":"IFERROR(VLOOKUP(C1548,参数!B:H,3,FALSE),\"\")","v":""},"",1]
[1548,{"$nulls":6},{"$f":"IFERROR(VLOOKUP(C1549,参数!$B:$H,2,0),\"\")","v":""},{"$f":"IFERROR(VLOOKUP(C1549,参数!$B:$H,4,0),\"\")","v":""},{"$f":"IFERROR(VLOOKUP(C1549,参数!B:H,3,FALSE),\"\")","v":""},"",1]
[1549,{"$nulls":6},{"$f":"IFERROR(VLOOKUP(C1550,参数!$B:$H,2,0),\"\")","v":""},{"$f":"IFERROR(VLOOKUP(C1550,参数!$B:$H,4,0),\"\")","v":""},{"$f":"IFERROR(VLOOKUP(C1550,参数!B:H,3,FALSE),\"\")","v":""},"",1]
[1550,{"$nulls":6},{"$f":"IFERROR(VLOOKUP(C1551,参数!$B:$H,2,0),\"\")","v":""},{"$f":"IFERROR(VLOOKUP(C1551,参数!$B:$H,4,0),\"\")","v":""},{"$f":"IFERROR(VLOOKUP(C1551,参数!B:H,3,FALSE),\"\")","v":""},"",1]
[1551,{"$nulls":6},{"$f":"IFERROR(VLOOKUP(C1552,参数!$B:$H,2,0),\"\")","v":""},{"$f":"IFERROR(VLOOKUP(C1552,参数!$B:$H,4,0),\"\")","v":""},{"$f":"IFERROR(VLOOKUP(C1552,参数!B:H,3,FALSE),\"\")","v":""},"",1]
[1552,{"$nulls":6},{"$f":"IFERROR(VLOOKUP(C1553,参数!$B:$H,2,0),\"\")","v":""},{"$f":"IFERROR(VLOOKUP(C1553,参数!$B:$H,4,0),\"\")","v":""},{"$f":"IFERROR(VLOOKUP(C1553,参数!B:H,3,FALSE),\"\")","v":""},"",1]
[1553,{"$nulls":6},{"$f":"IFERROR(VLOOKUP(C1554,参数!$B:$H,2,0),\"\")","v":""},{"$f":"IFERROR(VLOOKUP(C1554,参数!$B:$H,4,0),\"\")","v":""},{"$f":"IFERROR(VLOOKUP(C1554,参数!B:H,3,FALSE),\"\")","v":""},"",1]
[1554,{"$nulls":6},{"$f":"IFERROR(VLOOKUP(C1555,参数!$B:$H,2,0),\"\")","v":""},{"$f":"IFERROR(VLOOKUP(C1555,参数!$B:$H,4,0),\"\")","v":""},{"$f":"IFERROR(VLOOKUP(C1555,参数!B:H,3,FALSE),\"\")","v":""},"",1]
[1555,{"$nulls":6},{"$f":"IFERROR(VLOOKUP(C1556,参数!$B:$H,2,0),\"\")","v":""},{"$f":"IFERROR(VLOOKUP(C1556,参数!$B:$H,4,0),\"\")","v":""},{"$f":"IFERROR(VLOOKUP(C1556,参数!B:H,3,FALSE),\"\")","v":""},"",1]
[1556,{"$nulls":6},{"$f":"IFERROR(VLOOKUP(C1557,参数!$B:$H,2,0),\"\")","v":""},{"$f":"IFERROR(VLOOKUP(C1557,参数!$B:$H,4,0),\"\")","v":""},{"$f":"IFERROR(VLOOKUP(C1557,参数!B:H,3,FALSE),\"\")","v":""},"",1]
[1557,{"$nulls":6},{"$f":"IFERROR(VLOOKUP(C1558,参数!$B:$H,2,0),\"\")","v":""},{"$f":"IFERROR(VLOOKUP(C1558,参数!$B:$H,4,0),\"\")","v":""},{"$f":"IFERROR(VLOOKUP(C1558,参数!B:H,3,FALSE),\"\")","v":""},"",1]
[1558,{"$nulls":6},{"$f":"IFERROR(VLOOKUP(C1559,参数!$B:$H,2,0),\"\")","v":""},{"$f":"IFERROR(VLOOKUP(C1559,参数!$B:$H,4,0),\"\")","v":""},{"$f":"IFERROR(VLOOKUP(C1559,参数!B:H,3,FALSE),\"\")","v":""},"",1]
[1559,{"$nulls":6},{"$f":"IFERROR(VLOOKUP(C1560,参数!$B:$H,2,0),\"\")","v":""},{"$f":"IFERROR(VLOOKUP(C1560,参数!$B:$H,4,0),\"\")","v":""},{"$f":"IFERROR(VLOOKUP(C1560,参数!B:H,3,FALSE),\"\")","v":""},"",1]
[1560,{"$nulls":6},{"$f":"IFERROR(VLOOKUP(C1561,参数!$B:$H,2,0),\"\")","v":""},{"$f":"IFERROR(VLOOKUP(C1561,参数!$B:$H,4,0),\"\")","v":""},{"$f":"IFERROR(VLOOKUP(C1561,参数!B:H,3,FALSE),\"\")","v":""},"",1]
[1561,{"$nulls":6},{"$f":"IFERROR(VLOOKUP(C1562,参数!$B:$H,2,0),\"\")","v":""},{"$f":"IFERROR(VLOOKUP(C1562,参数!$B:$H,4,0),\"\")","v":""},{"$f":"IFERROR(VLOOKUP(C1562,参数!B:H,3,FALSE),\"\")","v":""},"",1]
[1562,{"$nulls":6},{"$f":"IFERROR(VLOOKUP(C1563,参数!$B:$H,2,0),\"\")","v":""},{"$f":"IFERROR(VLOOKUP(C1563,参数!$B:$H,4,0),\"\")","v":""},{"$f":"IFERROR(VLOOKUP(C1563,参数!B:H,3,FALSE),\"\")","v":""},"",1]
[1563,{"$nulls":6},{"$f":"IFERROR(VLOOKUP(C1564,参数!$B:$H,2,0),\"\")","v":""},{"$f":"IFERROR(VLOOKUP(C1564,参数!$B:$H,4,0),\"\")","v":""},{"$f":"IFERROR(VLOOKUP(C1564,参数!B:H,3,FALSE),\"\")","v":""},"",1]
[1564,{"$nulls":6},{"$f":"IFERROR(VLOOKUP(C1565,参数!$B:$H,2,0),\"\")","v":""},{"$f":"IFERROR(VLOOKUP(C1565,参数!$B:$H,4,0),\"\")","v":""},{"$f":"IFERROR(VLOOKUP(C1565,参数!B:H,3,FALSE),\"\")","v":""},"",1]
[1565,{"$nulls":6},{"$f":"IFERROR(VLOOKUP(C1566,参数!$B:$H,2,0),\"\")","v":""},{"$f":"IFERROR(VLOOKUP(C1566,参数!$B:$H,4,0),\"\")","v":""},{"$f":"IFERROR(VLOOKUP(C1566,参数!B:H,3,FALSE),\"\")","v":""},"",1]
[1566,{"$nulls":6},{"$f":"IFERROR(VLOOKUP(C1567,参数!$B:$H,2,0),\"\")","v":""},{"$f":"IFERROR(VLOOKUP(C1567,参数!$B:$H,4,0),\"\")","v":""},{"$f":"IFERROR(VLOOKUP(C1567,参数!B:H,3,FALSE),\"\")","v":""},"",1]
[1567,{"$nulls":6},{"$f":"IFERROR(VLOOKUP(C1568,参数!$B:$H,2,0),\"\")","v":""},{"$f":"IFERROR(VLOOKUP(C1568,参数!$B:$H,4,0),\"\")","v":""},{"$f":"IFERROR(VLOOKUP(C1568,参数!B:H,3,FALSE),\"\")","v":""},"",1]
[1568,{"$nulls":6},{"$f":"IFERROR(VLOOKUP(C1569,参数!$B:$H,2,0),\"\")","v":""},{"$f":"IFERROR(VLOOKUP(C1569,参数!$B:$H,4,0),\"\")","v":""},{"$f":"IFERROR(VLOOKUP(C1569,参数!B:H,3,FALSE),\"\")","v":""},"",1]
[1569,{"$nulls":6},{"$f":"IFERROR(VLOOKUP(C1570,参数!$B:$H,2,0),\"\")","v":""},{"$f":"IFERROR(VLOOKUP(C1570,参数!$B:$H,4,0),\"\")","v":""},{"$f":"IFERROR(VLOOKUP(C1570,参数!B:H,3,FALSE),\"\")","v":""},"",1]
[1570,{"$nulls":6},{"$f":"IFERROR(VLOOKUP(C1571,参数!$B:$H,2,0),\"\")","v":""},{"$f":"IFERROR(VLOOKUP(C1571,参数!$B:$H,4,0),\"\")","v":""},{"$f":"IFERROR(VLOOKUP(C1571,参数!B:H,3,FALSE),\"\")","v":""},"",1]
[1571,{"$nulls":6},{"$f":"IFERROR(VLOOKUP(C1572,参数!$B:$H,2,0),\"\")","v":""},{"$f":"IFERROR(VLOOKUP(C1572,参数!$B:$H,4,0),\"\")","v":""},{"$f":"IFERROR(VLOOKUP(C1572,参数!B:H,3,FALSE),\"\")","v":""},"",1]
[1572,{"$nulls":6},{"$f":"IFERROR(VLOOKUP(C1573,参数!$B:$H,2,0),\"\")","v":""},{"$f":"IFERROR(VLOOKUP(C1573,参数!$B:$H,4,0),\"\")","v":""},{"$f":"IFERROR(VLOOKUP(C1573,参数!B:H,3,FALSE),\"\")","v":""},{"$f":"IFERROR(J1573*E1573,\"\")","v":""},1]
[1573,{"$nulls":6},{"$f":"IFERROR(VLOOKUP(C1574,参数!$B:$H,2,0),\"\")","v":""},{"$f":"IFERROR(VLOOKUP(C1574,参数!$B:$H,4,0),\"\")","v":""},{"$f":"IFERROR(VLOOKUP(C1574,参数!B:H,3,FALSE),\"\")","v":""},"",1]
[1574,{"$nulls":6},{"$f":"IFERROR(VLOOKUP(C1575,参数!$B:$H,2,0),\"\")","v":""},{"$f":"IFERROR(VLOOKUP(C1575,参数!$B:$H,4,0),\"\")","v":""},{"$f":"IFERROR(VLOOKUP(C1575,参数!B:H,3,FALSE),\"\")","v":""},"",1]
[1575,{"$nulls":6},{"$f":"IFERROR(VLOOKUP(C1576,参数!$B:$H,2,0),\"\")","v":""},{"$f":"IFERROR(VLOOKUP(C1576,参数!$B:$H,4,0),\"\")","v":""},{"$f":"IFERROR(VLOOKUP(C1576,参数!B:H,3,FALSE),\"\")","v":""},"",1]
[1576,{"$nulls":6},{"$f":"IFERROR(VLOOKUP(C1577,参数!$B:$H,2,0),\"\")","v":""},{"$f":"IFERROR(VLOOKUP(C1577,参数!$B:$H,4,0),\"\")","v":""},{"$f":"IFERROR(VLOOKUP(C1577,参数!B:H,3,FALSE),\"\")","v":""},"",1]
[1577,{"$nulls":6},{"$f":"IFERROR(VLOOKUP(C1578,参数!$B:$H,2,0),\"\")","v":""},{"$f":"IFERROR(VLOOKUP(C1578,参数!$B:$H,4,0),\"\")","v":""},{"$f":"IFERROR(VLOOKUP(C1578,参数!B:H,3,FALSE),\"\")","v":""},"",1]
[1578,{"$nulls":6},{"$f":"IFERROR(VLOOKUP(C1579,参数!$B:$H,2,0),\"\")","v":""},{"$f":"IFERROR(VLOOKUP(C1579,参数!$B:$H,4,0),\"\")","v":""},{"$f":"IFERROR(VLOOKUP(C1579,参数!B:H,3,FALSE),\"\")","v":""},"",1]
[1579,{"$nulls":6},{"$f":"IFERROR(VLOOKUP(C1580,参数!$B:$H,2,0),\"\")","v":""},{"$f":"IFERROR(VLOOKUP(C1580,参数!$B:$H,4,0),\"\")","v":""},{"$f":"IFERROR(VLOOKUP(C1580,参数!B:H,3,FALSE),\"\")","v":""},"",1]
[1580,{"$nulls":6},{"$f":"IFERROR(VLOOKUP(C1581,参数!$B:$H,2,0),\"\")","v":""},{"$f":"IFERROR(VLOOKUP(C1581,参数!$B:$H,4,0),\"\")","v":""},{"$f":"IFERROR(VLOOKUP(C1581,参数!B:H,3,FALSE),\"\")","v":""},"",1]
[1581,{"$nulls":6},{"$f":"IFERROR(VLOOKUP(C1582,参数!$B:$H,2,0),\"\")","v":""},{"$f":"IFERROR(VLOOKUP(C1582,参数!$B:$H,4,0),\"\")","v":""},{"$f":"IFERROR(VLOOKUP(C1582,参数!B:H,3,FALSE),\"\")","v":""},"",1]
[1582,{"$nulls":6},{"$f":"IFERROR(VLOOKUP(C1583,参数!$B:$H,2,0),\"\")","v":""},{"$f":"IFERROR(VLOOKUP(C1583,参数!$B:$H,4,0),\"\")","v":""},{"$f":"IFERROR(VLOOKUP(C1583,参数!B:H,3,FALSE),\"\")","v":""},"",1]
[1583,{"$nulls":6},{"$f":"IFERROR(VLOOKUP(C1584,参数!$B:$H,2,0),\"\")","v":""},{"$f":"IFERROR(VLOOKUP(C1584,参数!$B:$H,4,0),\"\")","v":""},{"$f":"IFERROR(VLOOKUP(C1584,参数!B:H,3,FALSE),\"\")","v":""},"",1]
[1584,{"$nulls":6},{"$f":"IFERROR(VLOOKUP(C1585,参数!$B:$H,2,0),\"\")","v":""},{"$f":"IFERROR(VLOOKUP(C1585,参数!$B:$H,4,0),\"\")","v":""},{"$f":"IFERROR(VLOOKUP(C1585,参数!B:H,3,FALSE),\"\")","v":""},"",1]
[1585,{"$nulls":6},{"$f":"IFERROR(VLOOKUP(C1586,参数!$B:$H,2,0),\"\")","v":""},{"$f":"IFERROR(VLOOKUP(C1586,参数!$B:$H,4,0),\"\")","v":""},{"$f":"IFERROR(VLOOKUP(C1586,参数!B:H,3,FALSE),\"\")","v":""},"",1]
[1586,{"$nulls":6},{"$f":"IFERROR(VLOOKUP(C1587,参数!$B:$H,2,0),\"\")","v":""},{"$f":"IFERROR(VLOOKUP(C1587,参数!$B:$H,4,0),\"\")","v":""},{"$f":"IFERROR(VLOOKUP(C1587,参数!B:H,3,FALSE),\"\")","v":""},"",1]
[1587,{"$nulls":6},{"$f":"IFERROR(VLOOKUP(C1588,参数!$B:$H,2,0),\"\")","v":""},{"$f":"IFERROR(VLOOKUP(C1588,参数!$B:$H,4,0),\"\")","v":""},{"$f":"IFERROR(VLOOKUP(C1588,参数!B:H,3,FALSE),\"\")","v":""},"",1]
[1588,{"$nulls":6},{"$f":"IFERROR(VLOOKUP(C1589,参数!$B:$H,2,0),\"\")","v":""},{"$f":"IFERROR(VLOOKUP(C1589,参数!$B:$H,4,0),\"\")","v":""},{"$f":"IFERROR(VLOOKUP(C1589,参数!B:H,3,FALSE),\"\")","v":""},"",1]
[1589,{"$nulls":6},{"$f":"IFERROR(VLOOKUP(C1590,参数!$B:$H,2,0),\"\")","v":""},{"$f":"IFERROR(VLOOKUP(C1590,参数!$B:$H,4,0),\"\")","v":""},{"$f":"IFERROR(VLOOKUP(C1590,参数!B:H,3,FALSE),\"\")","v":""},"",1]
[1590,{"$nulls":6},{"$f":"IFERROR(VLOOKUP(C1591,参数!$B:$H,2,0),\"\")","v":""},{"$f":"IFERROR(VLOOKUP(C1591,参数!$B:$H,4,0),\"\")","v":""},{"$f":"IFERROR(VLOOKUP(C1591,参数!B:H,3,FALSE),\"\")","v":""},"",1]
[1591,{"$nulls":6},{"$f":"IFERROR(VLOOKUP(C1592,参数!$B:$H,2,0),\"\")","v":""},{"$f":"IFERROR(VLOOKUP(C1592,参数!$B:$H,4,0),\"\")","v":""},{"$f":"IFERROR(VLOOKUP(C1592,参数!B:H,3,FALSE),\"\")","v":""},"",1]
[1592,{"$nulls":6},{"$f":"IFERROR(VLOOKUP(C1593,参数!$B:$H,2,0),\"\")","v":""},{"$f":"IFERROR(VLOOKUP(C1593,参数!$B:$H,4,0),\"\")","v":""},{"$f":"IFERROR(VLOOKUP(C1593,参数!B:H,3,FALSE),\"\")","v":""},"",1]
[1593,{"$nulls":6},{"$f":"IFERROR(VLOOKUP(C1594,参数!$B:$H,2,0),\"\")","v":""},{"$f":"IFERROR(VLOOKUP(C1594,参数!$B:$H,4,0),\"\")","v":""},{"$f":"IFERROR(VLOOKUP(C1594,参数!B:H,3,FALSE),\"\")","v":""},"",1]
[1594,{"$nulls":6},{"$f":"IFERROR(VLOOKUP(C1595,参数!$B:$H,2,0),\"\")","v":""},{"$f":"IFERROR(VLOOKUP(C1595,参数!$B:$H,4,0),\"\")","v":""},{"$f":"IFERROR(VLOOKUP(C1595,参数!B:H,3,FALSE),\"\")","v":""},"",1]
[1595,{"$nulls":6},{"$f":"IFERROR(VLOOKUP(C1596,参数!$B:$H,2,0),\"\")","v":""},{"$f":"IFERROR(VLOOKUP(C1596,参数!$B:$H,4,0),\"\")","v":""},{"$f":"IFERROR(VLOOKUP(C1596,参数!B:H,3,FALSE),\"\")","v":""},"",1]
[1596,{"$nulls":6},{"$f":"IFERROR(VLOOKUP(C1597,参数!$B:$H,2,0),\"\")","v":""},{"$f":"IFERROR(VLOOKUP(C1597,参数!$B:$H,4,0),\"\")","v":""},{"$f":"IFERROR(VLOOKUP(C1597,参数!B:H,3,FALSE),\"\")","v":""},"",1]
[1597,{"$nulls":6},{"$f":"IFERROR(VLOOKUP(C1598,参数!$B:$H,2,0),\"\")","v":""},{"$f":"IFERROR(VLOOKUP(C1598,参数!$B:$H,4,0),\"\")","v":""},{"$f":"IFERROR(VLOOKUP(C1598,参数!B:H,3,FALSE),\"\")","v":""},"",1]
[1598,{"$nulls":6},{"$f":"IFERROR(VLOOKUP(C1599,参数!$B:$H,2,0),\"\")","v":""},{"$f":"IFERROR(VLOOKUP(C1599,参数!$B:$H,4,0),\"\")","v":""},{"$f":"IFERROR(VLOOKUP(C1599,参数!B:H,3,FALSE),\"\")","v":""},"",1]
[1599,{"$nulls":6},{"$f":"IFERROR(VLOOKUP(C1600,参数!$B:$H,2,0),\"\")","v":""},{"$f":"IFERROR(VLOOKUP(C1600,参数!$B:$H,4,0),\"\")","v":""},{"$f":"IFERROR(VLOOKUP(C1600,参数!B:H,3,FALSE),\"\")","v":""},"",1]
[1600,{"$nulls":6},{"$f":"IFERROR(VLOOKUP(C1601,参数!$B:$H,2,0),\"\")","v":""},{"$f":"IFERROR(VLOOKUP(C1601,参数!$B:$H,4,0),\"\")","v":""},{"$f":"IFERROR(VLOOKUP(C1601,参数!B:H,3,FALSE),\"\")","v":""},"",1]
[1601,{"$nulls":6},{"$f":"IFERROR(VLOOKUP(C1602,参数!$B:$H,2,0),\"\")","v":""},{"$f":"IFERROR(VLOOKUP(C1602,参数!$B:$H,4,0),\"\")","v":""},{"$f":"IFERROR(VLOOKUP(C1602,参数!B:H,3,FALSE),\"\")","v":""},"",{"$f":"VALUE(MONTH(B1602))","v":1}]
[1602,{"$nulls":6},{"$f":"IFERROR(VLOOKUP(C1603,参数!$B:$H,2,0),\"\")","v":""},{"$f":"IFERROR(VLOOKUP(C1603,参数!$B:$H,4,0),\"\")","v":""},{"$f":"IFERROR(VLOOKUP(C1603,参数!B:H,3,FALSE),\"\")","v":""},"",1]
[1603,{"$nulls":6},{"$f":"IFERROR(VLOOKUP(C1604,参数!$B:$H,2,0),\"\")","v":""},{"$f":"IFERROR(VLOOKUP(C1604,参数!$B:$H,4,0),\"\")","v":""},{"$f":"IFERROR(VLOOKUP(C1604,参数!B:H,3,FALSE),\"\")","v":""},"",1]
[1604,{"$nulls":6},{"$f":"IFERROR(VLOOKUP(C1605,参数!$B:$H,2,0),\"\")","v":""},{"$f":"IFERROR(VLOOKUP(C1605,参数!$B:$H,4,0),\"\")","v":""},{"$f":"IFERROR(VLOOKUP(C1605,参数!B:H,3,FALSE),\"\")","v":""},"",1]
[1605,{"$nulls":6},{"$f":"IFERROR(VLOOKUP(C1606,参数!$B:$H,2,0),\"\")","v":""},{"$f":"IFERROR(VLOOKUP(C1606,参数!$B:$H,4,0),\"\")","v":""},{"$f":"IFERROR(VLOOKUP(C1606,参数!B:H,3,FALSE),\"\")","v":""},"",1]
[1606,{"$nulls":6},{"$f":"IFERROR(VLOOKUP(C1607,参数!$B:$H,2,0),\"\")","v":""},{"$f":"IFERROR(VLOOKUP(C1607,参数!$B:$H,4,0),\"\")","v":""},{"$f":"IFERROR(VLOOKUP(C1607,参数!B:H,3,FALSE),\"\")","v":""},"",1]
[1607,{"$nulls":6},{"$f":"IFERROR(VLOOKUP(C1608,参数!$B:$H,2,0),\"\")","v":""},{"$f":"IFERROR(VLOOKUP(C1608,参数!$B:$H,4,0),\"\")","v":""},{"$f":"IFERROR(VLOOKUP(C1608,参数!B:H,3,FALSE),\"\")","v":""},"",1]
[1608,{"$nulls":6},{"$f":"IFERROR(VLOOKUP(C1609,参数!$B:$H,2,0),\"\")","v":""},{"$f":"IFERROR(VLOOKUP(C1609,参数!$B:$H,4,0),\"\")","v":""},{"$f":"IFERROR(VLOOKUP(C1609,参数!B:H,3,FALSE),\"\")","v":""},"",1]
[1609,{"$nulls":6},{"$f":"IFERROR(VLOOKUP(C1610,参数!$B:$H,2,0),\"\")","v":""},{"$f":"IFERROR(VLOOKUP(C1610,参数!$B:$H,4,0),\"\")","v":""},{"$f":"IFERROR(VLOOKUP(C1610,参数!B:H,3,FALSE),\"\")","v":""},"",1]
[1610,{"$nulls":6},{"$f":"IFERROR(VLOOKUP(C1611,参数!$B:$H,2,0),\"\")","v":""},{"$f":"IFERROR(VLOOKUP(C1611,参数!$B:$H,4,0),\"\")","v":""},{"$f":"IFERROR(VLOOKUP(C1611,参数!B:H,3,FALSE),\"\")","v":""},"",1]
[1611,{"$nulls":6},{"$f":"IFERROR(VLOOKUP(C1612,参数!$B:$H,2,0),\"\")","v":""},{"$f":"IFERROR(VLOOKUP(C1612,参数!$B:$H,4,0),\"\")","v":""},{"$f":"IFERROR(VLOOKUP(C1612,参数!B:H,3,FALSE),\"\")","v":""},"",1]
[1612,{"$nulls":6},{"$f":"IFERROR(VLOOKUP(C1613,参数!$B:$H,2,0),\"\")","v":""},{"$f":"IFERROR(VLOOKUP(C1613,参数!$B:$H,4,0),\"\")","v":""},{"$f":"IFERROR(VLOOKUP(C1613,参数!B:H,3,FALSE),\"\")","v":""},"",1]
[1613,{"$nulls":6},{"$f":"IFERROR(VLOOKUP(C1614,参数!$B:$H,2,0),\"\")","v":""},{"$f":"IFERROR(VLOOKUP(C1614,参数!$B:$H,4,0),\"\")","v":""},{"$f":"IFERROR(VLOOKUP(C1614,参数!B:H,3,FALSE),\"\")","v":""},"",1]
[1614,{"$nulls":6},{"$f":"IFERROR(VLOOKUP(C1615,参数!$B:$H,2,0),\"\")","v":""},{"$f":"IFERROR(VLOOKUP(C1615,参数!$B:$H,4,0),\"\")","v":""},{"$f":"IFERROR(VLOOKUP(C1615,参数!B:H,3,FALSE),\"\")","v":""},"",1]
[1615,{"$nulls":6},{"$f":"IFERROR(VLOOKUP(C1616,参数!$B:$H,2,0),\"\")","v":""},{"$f":"IFERROR(VLOOKUP(C1616,参数!$B:$H,4,0),\"\")","v":""},{"$f":"IFERROR(VLOOKUP(C1616,参数!B:H,3,FALSE),\"\")","v":""},"",1]
[1616,{"$nulls":6},{"$f":"IFERROR(VLOOKUP(C1617,参数!$B:$H,2,0),\"\")","v":""},{"$f":"IFERROR(VLOOKUP(C1617,参数!$B:$H,4,0),\"\")","v":""},{"$f":"IFERROR(VLOOKUP(C1617,参数!B:H,3,FALSE),\"\")","v":""},"",1]
[1617,{"$nulls":6},{"$f":"IFERROR(VLOOKUP(C1618,参数!$B:$H,2,0),\"\")","v":""},{"$f":"IFERROR(VLOOKUP(C1618,参数!$B:$H,4,0),\"\")","v":""},{"$f":"IFERROR(VLOOKUP(C1618,参数!B:H,3,FALSE),\"\")","v":""},"",1]
[1618,{"$nulls":6},{"$f":"IFERROR(VLOOKUP(C1619,参数!$B:$H,2,0),\"\")","v":""},{"$f":"IFERROR(VLOOKUP(C1619,参数!$B:$H,4,0),\"\")","v":""},{"$f":"IFERROR(VLOOKUP(C1619,参数!B:H,3,FALSE),\"\")","v":""},"",1]
[1619,{"$nulls":6},{"$f":"IFERROR(VLOOKUP(C1620,参数!$B:$H,2,0),\"\")","v":""},{"$f":"IFERROR(VLOOKUP(C1620,参数!$B:$H,4,0),\"\")","v":""},{"$f":"IFERROR(VLOOKUP(C1620,参数!B:H,3,FALSE),\"\")","v":""},"",1]
[1620,{"$nulls":6},{"$f":"IFERROR(VLOOKUP(C1621,参数!$B:$H,2,0),\"\")","v":""},{"$f":"IFERROR(VLOOKUP(C1621,参数!$B:$H,4,0),\"\")","v":""},{"$f":"IFERROR(VLOOKUP(C1621,参数!B:H,3,FALSE),\"\")","v":""},"",1]
[1621,{"$nulls":6},{"$f":"IFERROR(VLOOKUP(C1622,参数!$B:$H,2,0),\"\")","v":""},{"$f":"IFERROR(VLOOKUP(C1622,参数!$B:$H,4,0),\"\")","v":""},{"$f":"IFERROR(VLOOKUP(C1622,参数!B:H,3,FALSE),\"\")","v":""},"",1]
[1622,{"$nulls":6},{"$f":"IFERROR(VLOOKUP(C1623,参数!$B:$H,2,0),\"\")","v":""},{"$f":"IFERROR(VLOOKUP(C1623,参数!$B:$H,4,0),\"\")","v":""},{"$f":"IFERROR(VLOOKUP(C1623,参数!B:H,3,FALSE),\"\")","v":""},"",1]
[1623,{"$nulls":6},{"$f":"IFERROR(VLOOKUP(C1624,参数!$B:$H,2,0),\"\")","v":""},{"$f":"IFERROR(VLOOKUP(C1624,参数!$B:$H,4,0),\"\")","v":""},{"$f":"IFERROR(VLOOKUP(C1624,参数!B:H,3,FALSE),\"\")","v":""},"",1]
[1624,{"$nulls":6},{"$f":"IFERROR(VLOOKUP(C1625,参数!$B:$H,2,0),\"\")","v":""},{"$f":"IFERROR(VLOOKUP(C1625,参数!$B:$H,4,0),\"\")","v":""},{"$f":"IFERROR(VLOOKUP(C1625,参数!B:H,3,FALSE),\"\")","v":""},"",1]
[1625,{"$nulls":6},{"$f":"IFERROR(VLOOKUP(C1626,参数!$B:$H,2,0),\"\")","v":""},{"$f":"IFERROR(VLOOKUP(C1626,参数!$B:$H,4,0),\"\")","v":""},{"$f":"IFERROR(VLOOKUP(C1626,参数!B:H,3,FALSE),\"\")","v":""},"",1]
[1626,{"$nulls":6},{"$f":"IFERROR(VLOOKUP(C1627,参数!$B:$H,2,0),\"\")","v":""},{"$f":"IFERROR(VLOOKUP(C1627,参数!$B:$H,4,0),\"\")","v":""},{"$f":"IFERROR(VLOOKUP(C1627,参数!B:H,3,FALSE),\"\")","v":""},"",1]
[1627,{"$nulls":6},{"$f":"IFERROR(VLOOKUP(C1628,参数!$B:$H,2,0),\"\")","v":""},{"$f":"IFERROR(VLOOKUP(C1628,参数!$B:$H,4,0),\"\")","v":""},{"$f":"IFERROR(VLOOKUP(C1628,参数!B:H,3,FALSE),\"\")","v":""},"",1]
[1628,{"$nulls":6},{"$f":"IFERROR(VLOOKUP(C1629,参数!$B:$H,2,0),\"\")","v":""},{"$f":"IFERROR(VLOOKUP(C1629,参数!$B:$H,4,0),\"\")","v":""},{"$f":"IFERROR(VLOOKUP(C1629,参数!B:H,3,FALSE),\"\")","v":""},"",1]
[1629,{"$nulls":6},{"$f":"IFERROR(VLOOKUP(C1630,参数!$B:$H,2,0),\"\")","v":""},{"$f":"IFERROR(VLOOKUP(C1630,参数!$B:$H,4,0),\"\")","v":""},{"$f":"IFERROR(VLOOKUP(C1630,参数!B:H,3,FALSE),\"\")","v":""},"",1]
[1630,{"$nulls":6},{"$f":"IFERROR(VLOOKUP(C1631,参数!$B:$H,2,0),\"\")","v":""},{"$f":"IFERROR(VLOOKUP(C1631,参数!$B:$H,4,0),\"\")","v":""},{"$f":"IFERROR(VLOOKUP(C1631,参数!B:H,3,FALSE),\"\")","v":""},"",1]
[1631,{"$nulls":6},{"$f":"IFERROR(VLOOKUP(C1632,参数!$B:$H,2,0),\"\")","v":""},{"$f":"IFERROR(VLOOKUP(C1632,参数!$B:$H,4,0),\"\")","v":""},{"$f":"IFERROR(VLOOKUP(C1632,参数!B:H,3,FALSE),\"\")","v":""},"",1]
[1632,{"$nulls":6},{"$f":"IFERROR(VLOOKUP(C1633,参数!$B:$H,2,0),\"\")","v":""},{"$f":"IFERROR(VLOOKUP(C1633,参数!$B:$H,4,0),\"\")","v":""},{"$f":"IFERROR(VLOOKUP(C1633,参数!B:H,3,FALSE),\"\")","v":""},"",1]
[1633,{"$nulls":6},{"$f":"IFERROR(VLOOKUP(C1634,参数!$B:$H,2,0),\"\")","v":""},{"$f":"IFERROR(VLOOKUP(C1634,参数!$B:$H,4,0),\"\")","v":""},{"$f":"IFERROR(VLOOKUP(C1634,参数!B:H,3,FALSE),\"\")","v":""},"",1]
[1634,{"$nulls":6},{"$f":"IFERROR(VLOOKUP(C1635,参数!$B:$H,2,0),\"\")","v":""},{"$f":"IFERROR(VLOOKUP(C1635,参数!$B:$H,4,0),\"\")","v":""},{"$f":"IFERROR(VLOOKUP(C1635,参数!B:H,3,FALSE),\"\")","v":""},"",1]
[1635,{"$nulls":6},{"$f":"IFERROR(VLOOKUP(C1636,参数!$B:$H,2,0),\"\")","v":""},{"$f":"IFERROR(VLOOKUP(C1636,参数!$B:$H,4,0),\"\")","v":""},{"$f":"IFERROR(VLOOKUP(C1636,参数!B:H,3,FALSE),\"\")","v":""},"",1]
[1636,{"$nulls":6},{"$f":"IFERROR(VLOOKUP(C1637,参数!$B:$H,2,0),\"\")","v":""},{"$f":"IFERROR(VLOOKUP(C1637,参数!$B:$H,4,0),\"\")","v":""},{"$f":"IFERROR(VLOOKUP(C1637,参数!B:H,3,FALSE),\"\")","v":""},{"$f":"IFERROR(J1637*E1637,\"\")","v":""},1]
[1637,{"$nulls":6},{"$f":"IFERROR(VLOOKUP(C1638,参数!$B:$H,2,0),\"\")","v":""},{"$f":"IFERROR(VLOOKUP(C1638,参数!$B:$H,4,0),\"\")","v":""},{"$f":"IFERROR(VLOOKUP(C1638,参数!B:H,3,FALSE),\"\")","v":""},"",1]
[1638,{"$nulls":6},{"$f":"IFERROR(VLOOKUP(C1639,参数!$B:$H,2,0),\"\")","v":""},{"$f":"IFERROR(VLOOKUP(C1639,参数!$B:$H,4,0),\"\")","v":""},{"$f":"IFERROR(VLOOKUP(C1639,参数!B:H,3,FALSE),\"\")","v":""},"",1]
[1639,{"$nulls":6},{"$f":"IFERROR(VLOOKUP(C1640,参数!$B:$H,2,0),\"\")","v":""},{"$f":"IFERROR(VLOOKUP(C1640,参数!$B:$H,4,0),\"\")","v":""},{"$f":"IFERROR(VLOOKUP(C1640,参数!B:H,3,FALSE),\"\")","v":""},"",1]
[1640,{"$nulls":6},{"$f":"IFERROR(VLOOKUP(C1641,参数!$B:$H,2,0),\"\")","v":""},{"$f":"IFERROR(VLOOKUP(C1641,参数!$B:$H,4,0),\"\")","v":""},{"$f":"IFERROR(VLOOKUP(C1641,参数!B:H,3,FALSE),\"\")","v":""},"",1]
[1641,{"$nulls":6},{"$f":"IFERROR(VLOOKUP(C1642,参数!$B:$H,2,0),\"\")","v":""},{"$f":"IFERROR(VLOOKUP(C1642,参数!$B:$H,4,0),\"\")","v":""},{"$f":"IFERROR(VLOOKUP(C1642,参数!B:H,3,FALSE),\"\")","v":""},"",1]
[1642,{"$nulls":6},{"$f":"IFERROR(VLOOKUP(C1643,参数!$B:$H,2,0),\"\")","v":""},{"$f":"IFERROR(VLOOKUP(C1643,参数!$B:$H,4,0),\"\")","v":""},{"$f":"IFERROR(VLOOKUP(C1643,参数!B:H,3,FALSE),\"\")","v":""},"",1]
[1643,{"$nulls":6},{"$f":"IFERROR(VLOOKUP(C1644,参数!$B:$H,2,0),\"\")","v":""},{"$f":"IFERROR(VLOOKUP(C1644,参数!$B:$H,4,0),\"\")","v":""},{"$f":"IFERROR(VLOOKUP(C1644,参数!B:H,3,FALSE),\"\")","v":""},"",1]
[1644,{"$nulls":6},{"$f":"IFERROR(VLOOKUP(C1645,参数!$B:$H,2,0),\"\")","v":""},{"$f":"IFERROR(VLOOKUP(C1645,参数!$B:$H,4,0),\"\")","v":""},{"$f":"IFERROR(VLOOKUP(C1645,参数!B:H,3,FALSE),\"\")","v":""},"",1]
[1645,{"$nulls":6},{"$f":"IFERROR(VLOOKUP(C1646,参数!$B:$H,2,0),\"\")","v":""},{"$f":"IFERROR(VLOOKUP(C1646,参数!$B:$H,4,0),\"\")","v":""},{"$f":"IFERROR(VLOOKUP(C1646,参数!B:H,3,FALSE),\"\")","v":""},"",1]
[1646,{"$nulls":6},{"$f":"IFERROR(VLOOKUP(C1647,参数!$B:$H,2,0),\"\")","v":""},{"$f":"IFERROR(VLOOKUP(C1647,参数!$B:$H,4,0),\"\")","v":""},{"$f":"IFERROR(VLOOKUP(C1647,参数!B:H,3,FALSE),\"\")","v":""},"",1]
[1647,{"$nulls":6},{"$f":"IFERROR(VLOOKUP(C1648,参数!$B:$H,2,0),\"\")","v":""},{"$f":"IFERROR(VLOOKUP(C1648,参数!$B:$H,4,0),\"\")","v":""},{"$f":"IFERROR(VLOOKUP(C1648,参数!B:H,3,FALSE),\"\")","v":""},"",1]
[1648,{"$nulls":6},{"$f":"IFERROR(VLOOKUP(C1649,参数!$B:$H,2,0),\"\")","v":""},{"$f":"IFERROR(VLOOKUP(C1649,参数!$B:$H,4,0),\"\")","v":""},{"$f":"IFERROR(VLOOKUP(C1649,参数!B:H,3,FALSE),\"\")","v":""},"",1]
[1649,{"$nulls":6},{"$f":"IFERROR(VLOOKUP(C1650,参数!$B:$H,2,0),\"\")","v":""},{"$f":"IFERROR(VLOOKUP(C1650,参数!$B:$H,4,0),\"\")","v":""},{"$f":"IFERROR(VLOOKUP(C1650,参数!B:H,3,FALSE),\"\")","v":""},"",1]
[1650,{"$nulls":6},{"$f":"IFERROR(VLOOKUP(C1651,参数!$B:$H,2,0),\"\")","v":""},{"$f":"IFERROR(VLOOKUP(C1651,参数!$B:$H,4,0),\"\")","v":""},{"$f":"IFERROR(VLOOKUP(C1651,参数!B:H,3,FALSE),\"\")","v":""},"",1]
[1651,{"$nulls":6},{"$f":"IFERROR(VLOOKUP(C1652,参数!$B:$H,2,0),\"\")","v":""},{"$f":"IFERROR(VLOOKUP(C1652,参数!$B:$H,4,0),\"\")","v":""},{"$f":"IFERROR(VLOOKUP(C1652,参数!B:H,3,FALSE),\"\")","v":""},"",1]
[1652,{"$nulls":6},{"$f":"IFERROR(VLOOKUP(C1653,参数!$B:$H,2,0),\"\")","v":""},{"$f":"IFERROR(VLOOKUP(C1653,参数!$B:$H,4,0),\"\")","v":""},{"$f":"IFERROR(VLOOKUP(C1653,参数!B:H,3,FALSE),\"\")","v":""},"",1]
[1653,{"$nulls":6},{"$f":"IFERROR(VLOOKUP(C1654,参数!$B:$H,2,0),\"\")","v":""},{"$f":"IFERROR(VLOOKUP(C1654,参数!$B:$H,4,0),\"\")","v":""},{"$f":"IFERROR(VLOOKUP(C1654,参数!B:H,3,FALSE),\"\")","v":""},"",1]
[1654,{"$nulls":6},{"$f":"IFERROR(VLOOKUP(C1655,参数!$B:$H,2,0),\"\")","v":""},{"$f":"IFERROR(VLOOKUP(C1655,参数!$B:$H,4,0),\"\")","v":""},{"$f":"IFERROR(VLOOKUP(C1655,参数!B:H,3,FALSE),\"\")","v":""},"",1]
[1655,{"$nulls":6},{"$f":"IFERROR(VLOOKUP(C1656,参数!$B:$H,2,0),\"\")","v":""},{"$f":"IFERROR(VLOOKUP(C1656,参数!$B:$H,4,0),\"\")","v":""},{"$f":"IFERROR(VLOOKUP(C1656,参数!B:H,3,FALSE),\"\")","v":""},"",1]
[1656,{"$nulls":6},{"$f":"IFERROR(VLOOKUP(C1657,参数!$B:$H,2,0),\"\")","v":""},{"$f":"IFERROR(VLOOKUP(C1657,参数!$B:$H,4,0),\"\")","v":""},{"$f":"IFERROR(VLOOKUP(C1657,参数!B:H,3,FALSE),\"\")","v":""},"",1]
[1657,{"$nulls":6},{"$f":"IFERROR(VLOOKUP(C1658,参数!$B:$H,2,0),\"\")","v":""},{"$f":"IFERROR(VLOOKUP(C1658,参数!$B:$H,4,0),\"\")","v":""},{"$f":"IFERROR(VLOOKUP(C1658,参数!B:H,3,FALSE),\"\")","v":""},"",1]
[1658,{"$nulls":6},{"$f":"IFERROR(VLOOKUP(C1659,参数!$B:$H,2,0),\"\")","v":""},{"$f":"IFERROR(VLOOKUP(C1659,参数!$B:$H,4,0),\"\")","v":""},{"$f":"IFERROR(VLOOKUP(C1659,参数!B:H,3,FALSE),\"\")","v":""},"",1]
[1659,{"$nulls":6},{"$f":"IFERROR(VLOOKUP(C1660,参数!$B:$H,2,0),\"\")","v":""},{"$f":"IFERROR(VLOOKUP(C1660,参数!$B:$H,4,0),\"\")","v":""},{"$f":"IFERROR(VLOOKUP(C1660,参数!B:H,3,FALSE),\"\")","v":""},"",1]
[1660,{"$nulls":6},{"$f":"IFERROR(VLOOKUP(C1661,参数!$B:$H,2,0),\"\")","v":""},{"$f":"IFERROR(VLOOKUP(C1661,参数!$B:$H,4,0),\"\")","v":""},{"$f":"IFERROR(VLOOKUP(C1661,参数!B:H,3,FALSE),\"\")","v":""},"",1]
[1661,{"$nulls":6},{"$f":"IFERROR(VLOOKUP(C1662,参数!$B:$H,2,0),\"\")","v":""},{"$f":"IFERROR(VLOOKUP(C1662,参数!$B:$H,4,0),\"\")","v":""},{"$f":"IFERROR(VLOOKUP(C1662,参数!B:H,3,FALSE),\"\")","v":""},"",1]
[1662,{"$nulls":6},{"$f":"IFERROR(VLOOKUP(C1663,参数!$B:$H,2,0),\"\")","v":""},{"$f":"IFERROR(VLOOKUP(C1663,参数!$B:$H,4,0),\"\")","v":""},{"$f":"IFERROR(VLOOKUP(C1663,参数!B:H,3,FALSE),\"\")","v":""},"",1]
[1663,{"$nulls":6},{"$f":"IFERROR(VLOOKUP(C1664,参数!$B:$H,2,0),\"\")","v":""},{"$f":"IFERROR(VLOOKUP(C1664,参数!$B:$H,4,0),\"\")","v":""},{"$f":"IFERROR(VLOOKUP(C1664,参数!B:H,3,FALSE),\"\")","v":""},"",1]
[1664,{"$nulls":6},{"$f":"IFERROR(VLOOKUP(C1665,参数!$B:$H,2,0),\"\")","v":""},{"$f":"IFERROR(VLOOKUP(C1665,参数!$B:$H,4,0),\"\")","v":""},{"$f":"IFERROR(VLOOKUP(C1665,参数!B:H,3,FALSE),\"\")","v":""},"",1]
[1665,{"$nulls":6},{"$f":"IFERROR(VLOOKUP(C1666,参数!$B:$H,2,0),\"\")","v":""},{"$f":"IFERROR(VLOOKUP(C1666,参数!$B:$H,4,0),\"\")","v":""},{"$f":"IFERROR(VLOOKUP(C1666,参数!B:H,3,FALSE),\"\")","v":""},"",{"$f":"VALUE(MONTH(B1666))","v":1}]
[1666,{"$nulls":6},{"$f":"IFERROR(VLOOKUP(C1667,参数!$B:$H,2,0),\"\")","v":""},{"$f":"IFERROR(VLOOKUP(C1667,参数!$B:$H,4,0),\"\")","v":""},{"$f":"IFERROR(VLOOKUP(C1667,参数!B:H,3,FALSE),\"\")","v":""},"",1]
[1667,{"$nulls":6},{"$f":"IFERROR(VLOOKUP(C1668,参数!$B:$H,2,0),\"\")","v":""},{"$f":"IFERROR(VLOOKUP(C1668,参数!$B:$H,4,0),\"\")","v":""},{"$f":"IFERROR(VLOOKUP(C1668,参数!B:H,3,FALSE),\"\")","v":""},"",1]
[1668,{"$nulls":6},{"$f":"IFERROR(VLOOKUP(C1669,参数!$B:$H,2,0),\"\")","v":""},{"$f":"IFERROR(VLOOKUP(C1669,参数!$B:$H,4,0),\"\")","v":""},{"$f":"IFERROR(VLOOKUP(C1669,参数!B:H,3,FALSE),\"\")","v":""},"",1]
[1669,{"$nulls":6},{"$f":"IFERROR(VLOOKUP(C1670,参数!$B:$H,2,0),\"\")","v":""},{"$f":"IFERROR(VLOOKUP(C1670,参数!$B:$H,4,0),\"\")","v":""},{"$f":"IFERROR(VLOOKUP(C1670,参数!B:H,3,FALSE),\"\")","v":""},"",1]
[1670,{"$nulls":6},{"$f":"IFERROR(VLOOKUP(C1671,参数!$B:$H,2,0),\"\")","v":""},{"$f":"IFERROR(VLOOKUP(C1671,参数!$B:$H,4,0),\"\")","v":""},{"$f":"IFERROR(VLOOKUP(C1671,参数!B:H,3,FALSE),\"\")","v":""},"",1]
[1671,{"$nulls":6},{"$f":"IFERROR(VLOOKUP(C1672,参数!$B:$H,2,0),\"\")","v":""},{"$f":"IFERROR(VLOOKUP(C1672,参数!$B:$H,4,0),\"\")","v":""},{"$f":"IFERROR(VLOOKUP(C1672,参数!B:H,3,FALSE),\"\")","v":""},"",1]
[1672,{"$nulls":6},{"$f":"IFERROR(VLOOKUP(C1673,参数!$B:$H,2,0),\"\")","v":""},{"$f":"IFERROR(VLOOKUP(C1673,参数!$B:$H,4,0),\"\")","v":""},{"$f":"IFERROR(VLOOKUP(C1673,参数!B:H,3,FALSE),\"\")","v":""},"",1]
[1673,{"$nulls":6},{"$f":"IFERROR(VLOOKUP(C1674,参数!$B:$H,2,0),\"\")","v":""},{"$f":"IFERROR(VLOOKUP(C1674,参数!$B:$H,4,0),\"\")","v":""},{"$f":"IFERROR(VLOOKUP(C1674,参数!B:H,3,FALSE),\"\")","v":""},"",1]
[1674,{"$nulls":6},{"$f":"IFERROR(VLOOKUP(C1675,参数!$B:$H,2,0),\"\")","v":""},{"$f":"IFERROR(VLOOKUP(C1675,参数!$B:$H,4,0),\"\")","v":""},{"$f":"IFERROR(VLOOKUP(C1675,参数!B:H,3,FALSE),\"\")","v":""},"",1]
[1675,{"$nulls":6},{"$f":"IFERROR(VLOOKUP(C1676,参数!$B:$H,2,0),\"\")","v":""},{"$f":"IFERROR(VLOOKUP(C1676,参数!$B:$H,4,0),\"\")","v":""},{"$f":"IFERROR(VLOOKUP(C1676,参数!B:H,3,FALSE),\"\")","v":""},"",1]
[1676,{"$nulls":6},{"$f":"IFERROR(VLOOKUP(C1677,参数!$B:$H,2,0),\"\")","v":""},{"$f":"IFERROR(VLOOKUP(C1677,参数!$B:$H,4,0),\"\")","v":""},{"$f":"IFERROR(VLOOKUP(C1677,参数!B:H,3,FALSE),\"\")","v":""},"",1]
[1677,{"$nulls":6},{"$f":"IFERROR(VLOOKUP(C1678,参数!$B:$H,2,0),\"\")","v":""},{"$f":"IFERROR(VLOOKUP(C1678,参数!$B:$H,4,0),\"\")","v":""},{"$f":"IFERROR(VLOOKUP(C1678,参数!B:H,3,FALSE),\"\")","v":""},"",1]
[1678,{"$nulls":6},{"$f":"IFERROR(VLOOKUP(C1679,参数!$B:$H,2,0),\"\")","v":""},{"$f":"IFERROR(VLOOKUP(C1679,参数!$B:$H,4,0),\"\")","v":""},{"$f":"IFERROR(VLOOKUP(C1679,参数!B:H,3,FALSE),\"\")","v":""},"",1]
[1679,{"$nulls":6},{"$f":"IFERROR(VLOOKUP(C1680,参数!$B:$H,2,0),\"\")","v":""},{"$f":"IFERROR(VLOOKUP(C1680,参数!$B:$H,4,0),\"\")","v":""},{"$f":"IFERROR(VLOOKUP(C1680,参数!B:H,3,FALSE),\"\")","v":""},"",1]
[1680,{"$nulls":6},{"$f":"IFERROR(VLOOKUP(C1681,参数!$B:$H,2,0),\"\")","v":""},{"$f":"IFERROR(VLOOKUP(C1681,参数!$B:$H,4,0),\"\")","v":""},{"$f":"IFERROR(VLOOKUP(C1681,参数!B:H,3,FALSE),\"\")","v":""},"",1]
[1681,{"$nulls":6},{"$f":"IFERROR(VLOOKUP(C1682,参数!$B:$H,2,0),\"\")","v":""},{"$f":"IFERROR(VLOOKUP(C1682,参数!$B:$H,4,0),\"\")","v":""},{"$f":"IFERROR(VLOOKUP(C1682,参数!B:H,3,FALSE),\"\")","v":""},"",1]
[1682,{"$nulls":6},{"$f":"IFERROR(VLOOKUP(C1683,参数!$B:$H,2,0),\"\")","v":""},{"$f":"IFERROR(VLOOKUP(C1683,参数!$B:$H,4,0),\"\")","v":""},{"$f":"IFERROR(VLOOKUP(C1683,参数!B:H,3,FALSE),\"\")","v":""},"",1]
[1683,{"$nulls":6},{"$f":"IFERROR(VLOOKUP(C1684,参数!$B:$H,2,0),\"\")","v":""},{"$f":"IFERROR(VLOOKUP(C1684,参数!$B:$H,4,0),\"\")","v":""},{"$f":"IFERROR(VLOOKUP(C1684,参数!B:H,3,FALSE),\"\")","v":""},"",1]
[1684,{"$nulls":6},{"$f":"IFERROR(VLOOKUP(C1685,参数!$B:$H,2,0),\"\")","v":""},{"$f":"IFERROR(VLOOKUP(C1685,参数!$B:$H,4,0),\"\")","v":""},{"$f":"IFERROR(VLOOKUP(C1685,参数!B:H,3,FALSE),\"\")","v":""},"",1]
[1685,{"$nulls":6},{"$f":"IFERROR(VLOOKUP(C1686,参数!$B:$H,2,0),\"\")","v":""},{"$f":"IFERROR(VLOOKUP(C1686,参数!$B:$H,4,0),\"\")","v":""},{"$f":"IFERROR(VLOOKUP(C1686,参数!B:H,3,FALSE),\"\")","v":""},"",1]
[1686,{"$nulls":6},{"$f":"IFERROR(VLOOKUP(C1687,参数!$B:$H,2,0),\"\")","v":""},{"$f":"IFERROR(VLOOKUP(C1687,参数!$B:$H,4,0),\"\")","v":""},{"$f":"IFERROR(VLOOKUP(C1687,参数!B:H,3,FALSE),\"\")","v":""},"",1]
[1687,{"$nulls":6},{"$f":"IFERROR(VLOOKUP(C1688,参数!$B:$H,2,0),\"\")","v":""},{"$f":"IFERROR(VLOOKUP(C1688,参数!$B:$H,4,0),\"\")","v":""},{"$f":"IFERROR(VLOOKUP(C1688,参数!B:H,3,FALSE),\"\")","v":""},"",1]
[1688,{"$nulls":6},{"$f":"IFERROR(VLOOKUP(C1689,参数!$B:$H,2,0),\"\")","v":""},{"$f":"IFERROR(VLOOKUP(C1689,参数!$B:$H,4,0),\"\")","v":""},{"$f":"IFERROR(VLOOKUP(C1689,参数!B:H,3,FALSE),\"\")","v":""},"",1]
[1689,{"$nulls":6},{"$f":"IFERROR(VLOOKUP(C1690,参数!$B:$H,2,0),\"\")","v":""},{"$f":"IFERROR(VLOOKUP(C1690,参数!$B:$H,4,0),\"\")","v":""},{"$f":"IFERROR(VLOOKUP(C1690,参数!B:H,3,FALSE),\"\")","v":""},"",1]
[1690,{"$nulls":6},{"$f":"IFERROR(VLOOKUP(C1691,参数!$B:$H,2,0),\"\")","v":""},{"$f":"IFERROR(VLOOKUP(C1691,参数!$B:$H,4,0),\"\")","v":""},{"$f":"IFERROR(VLOOKUP(C1691,参数!B:H,3,FALSE),\"\")","v":""},"",1]
[1691,{"$nulls":6},{"$f":"IFERROR(VLOOKUP(C1692,参数!$B:$H,2,0),\"\")","v":""},{"$f":"IFERROR(VLOOKUP(C1692,参数!$B:$H,4,0),\"\")","v":""},{"$f":"IFERROR(VLOOKUP(C1692,参数!B:H,3,FALSE),\"\")","v":""},"",1]
[1692,{"$nulls":6},{"$f":"IFERROR(VLOOKUP(C1693,参数!$B:$H,2,0),\"\")","v":""},{"$f":"IFERROR(VLOOKUP(C1693,参数!$B:$H,4,0),\"\")","v":""},{"$f":"IFERROR(VLOOKUP(C1693,参数!B:H,3,FALSE),\"\")","v":""},"",1]
[1693,{"$nulls":6},{"$f":"IFERROR(VLOOKUP(C1694,参数!$B:$H,2,0),\"\")","v":""},{"$f":"IFERROR(VLOOKUP(C1694,参数!$B:$H,4,0),\"\")","v":""},{"$f":"IFERROR(VLOOKUP(C1694,参数!B:H,3,FALSE),\"\")","v":""},"",1]
[1694,{"$nulls":6},{"$f":"IFERROR(VLOOKUP(C1695,参数!$B:$H,2,0),\"\")","v":""},{"$f":"IFERROR(VLOOKUP(C1695,参数!$B:$H,4,0),\"\")","v":""},{"$f":"IFERROR(VLOOKUP(C1695,参数!B:H,3,FALSE),\"\")","v":""},"",1]
[1695,{"$nulls":6},{"$f":"IFERROR(VLOOKUP(C1696,参数!$B:$H,2,0),\"\")","v":""},{"$f":"IFERROR(VLOOKUP(C1696,参数!$B:$H,4,0),\"\")","v":""},{"$f":"IFERROR(VLOOKUP(C1696,参数!B:H,3,FALSE),\"\")","v":""},"",1]
[1696,{"$nulls":6},{"$f":"IFERROR(VLOOKUP(C1697,参数!$B:$H,2,0),\"\")","v":""},{"$f":"IFERROR(VLOOKUP(C1697,参数!$B:$H,4,0),\"\")","v":""},{"$f":"IFERROR(VLOOKUP(C1697,参数!B:H,3,FALSE),\"\")","v":""},"",1]
[1697,{"$nulls":6},{"$f":"IFERROR(VLOOKUP(C1698,参数!$B:$H,2,0),\"\")","v":""},{"$f":"IFERROR(VLOOKUP(C1698,参数!$B:$H,4,0),\"\")","v":""},{"$f":"IFERROR(VLOOKUP(C1698,参数!B:H,3,FALSE),\"\")","v":""},"",1]
[1698,{"$nulls":6},{"$f":"IFERROR(VLOOKUP(C1699,参数!$B:$H,2,0),\"\")","v":""},{"$f":"IFERROR(VLOOKUP(C1699,参数!$B:$H,4,0),\"\")","v":""},{"$f":"IFERROR(VLOOKUP(C1699,参数!B:H,3,FALSE),\"\")","v":""},"",1]
[1699,{"$nulls":6},{"$f":"IFERROR(VLOOKUP(C1700,参数!$B:$H,2,0),\"\")","v":""},{"$f":"IFERROR(VLOOKUP(C1700,参数!$B:$H,4,0),\"\")","v":""},{"$f":"IFERROR(VLOOKUP(C1700,参数!B:H,3,FALSE),\"\")","v":""},"",1]
[1700,{"$nulls":6},{"$f":"IFERROR(VLOOKUP(C1701,参数!$B:$H,2,0),\"\")","v":""},{"$f":"IFERROR(VLOOKUP(C1701,参数!$B:$H,4,0),\"\")","v":""},{"$f":"IFERROR(VLOOKUP(C1701,参数!B:H,3,FALSE),\"\")","v":""},{"$f":"IFERROR(J1701*E1701,\"\")","v":""},1]
[1701,{"$nulls":6},{"$f":"IFERROR(VLOOKUP(C1702,参数!$B:$H,2,0),\"\")","v":""},{"$f":"IFERROR(VLOOKUP(C1702,参数!$B:$H,4,0),\"\")","v":""},{"$f":"IFERROR(VLOOKUP(C1702,参数!B:H,3,FALSE),\"\")","v":""},"",1]
[1702,{"$nulls":6},{"$f":"IFERROR(VLOOKUP(C1703,参数!$B:$H,2,0),\"\")","v":""},{"$f":"IFERROR(VLOOKUP(C1703,参数!$B:$H,4,0),\"\")","v":""},{"$f":"IFERROR(VLOOKUP(C1703,参数!B:H,3,FALSE),\"\")","v":""},"",1]
[1703,{"$nulls":6},{"$f":"IFERROR(VLOOKUP(C1704,参数!$B:$H,2,0),\"\")","v":""},{"$f":"IFERROR(VLOOKUP(C1704,参数!$B:$H,4,0),\"\")","v":""},{"$f":"IFERROR(VLOOKUP(C1704,参数!B:H,3,FALSE),\"\")","v":""},"",1]
[1704,{"$nulls":6},{"$f":"IFERROR(VLOOKUP(C1705,参数!$B:$H,2,0),\"\")","v":""},{"$f":"IFERROR(VLOOKUP(C1705,参数!$B:$H,4,0),\"\")","v":""},{"$f":"IFERROR(VLOOKUP(C1705,参数!B:H,3,FALSE),\"\")","v":""},"",1]
[1705,{"$nulls":6},{"$f":"IFERROR(VLOOKUP(C1706,参数!$B:$H,2,0),\"\")","v":""},{"$f":"IFERROR(VLOOKUP(C1706,参数!$B:$H,4,0),\"\")","v":""},{"$f":"IFERROR(VLOOKUP(C1706,参数!B:H,3,FALSE),\"\")","v":""},"",1]
[1706,{"$nulls":6},{"$f":"IFERROR(VLOOKUP(C1707,参数!$B:$H,2,0),\"\")","v":""},{"$f":"IFERROR(VLOOKUP(C1707,参数!$B:$H,4,0),\"\")","v":""},{"$f":"IFERROR(VLOOKUP(C1707,参数!B:H,3,FALSE),\"\")","v":""},"",1]
[1707,{"$nulls":6},{"$f":"IFERROR(VLOOKUP(C1708,参数!$B:$H,2,0),\"\")","v":""},{"$f":"IFERROR(VLOOKUP(C1708,参数!$B:$H,4,0),\"\")","v":""},{"$f":"IFERROR(VLOOKUP(C1708,参数!B:H,3,FALSE),\"\")","v":""},"",1]
[1708,{"$nulls":6},{"$f":"IFERROR(VLOOKUP(C1709,参数!$B:$H,2,0),\"\")","v":""},{"$f":"IFERROR(VLOOKUP(C1709,参数!$B:$H,4,0),\"\")","v":""},{"$f":"IFERROR(VLOOKUP(C1709,参数!B:H,3,FALSE),\"\")","v":""},"",1]
[1709,{"$nulls":6},{"$f":"IFERROR(VLOOKUP(C1710,参数!$B:$H,2,0),\"\")","v":""},{"$f":"IFERROR(VLOOKUP(C1710,参数!$B:$H,4,0),\"\")","v":""},{"$f":"IFERROR(VLOOKUP(C1710,参数!B:H,3,FALSE),\"\")","v":""},"",1]
[1710,{"$nulls":6},{"$f":"IFERROR(VLOOKUP(C1711,参数!$B:$H,2,0),\"\")","v":""},{"$f":"IFERROR(VLOOKUP(C1711,参数!$B:$H,4,0),\"\")","v":""},{"$f":"IFERROR(VLOOKUP(C1711,参数!B:H,3,FALSE),\"\")","v":""},"",1]
[1711,{"$nulls":6},{"$f":"IFERROR(VLOOKUP(C1712,参数!$B:$H,2,0),\"\")","v":""},{"$f":"IFERROR(VLOOKUP(C1712,参数!$B:$H,4,0),\"\")","v":""},{"$f":"IFERROR(VLOOKUP(C1712,参数!B:H,3,FALSE),\"\")","v":""},"",1]
[1712,{"$nulls":6},{"$f":"IFERROR(VLOOKUP(C1713,参数!$B:$H,2,0),\"\")","v":""},{"$f":"IFERROR(VLOOKUP(C1713,参数!$B:$H,4,0),\"\")","v":""},{"$f":"IFERROR(VLOOKUP(C1713,参数!B:H,3,FALSE),\"\")","v":""},"",1]
[1713,{"$nulls":6},{"$f":"IFERROR(VLOOKUP(C1714,参数!$B:$H,2,0),\"\")","v":""},{"$f":"IFERROR(VLOOKUP(C1714,参数!$B:$H,4,0),\"\")","v":""},{"$f":"IFERROR(VLOOKUP(C1714,参数!B:H,3,FALSE),\"\")","v":""},"",1]
[1714,{"$nulls":6},{"$f":"IFERROR(VLOOKUP(C1715,参数!$B:$H,2,0),\"\")","v":""},{"$f":"IFERROR(VLOOKUP(C1715,参数!$B:$H,4,0),\"\")","v":""},{"$f":"IFERROR(VLOOKUP(C1715,参数!B:H,3,FALSE),\"\")","v":""},"",1]
[1715,{"$nulls":6},{"$f":"IFERROR(VLOOKUP(C1716,参数!$B:$H,2,0),\"\")","v":""},{"$f":"IFERROR(VLOOKUP(C1716,参数!$B:$H,4,0),\"\")","v":""},{"$f":"IFERROR(VLOOKUP(C1716,参数!B:H,3,FALSE),\"\")","v":""},"",1]
[1716,{"$nulls":6},{"$f":"IFERROR(VLOOKUP(C1717,参数!$B:$H,2,0),\"\")","v":""},{"$f":"IFERROR(VLOOKUP(C1717,参数!$B:$H,4,0),\"\")","v":""},{"$f":"IFERROR(VLOOKUP(C1717,参数!B:H,3,FALSE),\"\")","v":""},"",1]
[1717,{"$nulls":6},{"$f":"IFERROR(VLOOKUP(C1718,参数!$B:$H,2,0),\"\")","v":""},{"$f":"IFERROR(VLOOKUP(C1718,参数!$B:$H,4,0),\"\")","v":""},{"$f":"IFERROR(VLOOKUP(C1718,参数!B:H,3,FALSE),\"\")","v":""},"",1]
[1718,{"$nulls":6},{"$f":"IFERROR(VLOOKUP(C1719,参数!$B:$H,2,0),\"\")","v":""},{"$f":"IFERROR(VLOOKUP(C1719,参数!$B:$H,4,0),\"\")","v":""},{"$f":"IFERROR(VLOOKUP(C1719,参数!B:H,3,FALSE),\"\")","v":""},"",1]
[1719,{"$nulls":6},{"$f":"IFERROR(VLOOKUP(C1720,参数!$B:$H,2,0),\"\")","v":""},{"$f":"IFERROR(VLOOKUP(C1720,参数!$B:$H,4,0),\"\")","v":""},{"$f":"IFERROR(VLOOKUP(C1720,参数!B:H,3,FALSE),\"\")","v":""},"",1]
[1720,{"$nulls":6},{"$f":"IFERROR(VLOOKUP(C1721,参数!$B:$H,2,0),\"\")","v":""},{"$f":"IFERROR(VLOOKUP(C1721,参数!$B:$H,4,0),\"\")","v":""},{"$f":"IFERROR(VLOOKUP(C1721,参数!B:H,3,FALSE),\"\")","v":""},"",1]
[1721,{"$nulls":6},{"$f":"IFERROR(VLOOKUP(C1722,参数!$B:$H,2,0),\"\")","v":""},{"$f":"IFERROR(VLOOKUP(C1722,参数!$B:$H,4,0),\"\")","v":""},{"$f":"IFERROR(VLOOKUP(C1722,参数!B:H,3,FALSE),\"\")","v":""},"",1]
[1722,{"$nulls":6},{"$f":"IFERROR(VLOOKUP(C1723,参数!$B:$H,2,0),\"\")","v":""},{"$f":"IFERROR(VLOOKUP(C1723,参数!$B:$H,4,0),\"\")","v":""},{"$f":"IFERROR(VLOOKUP(C1723,参数!B:H,3,FALSE),\"\")","v":""},"",1]
[1723,{"$nulls":6},{"$f":"IFERROR(VLOOKUP(C1724,参数!$B:$H,2,0),\"\")","v":""},{"$f":"IFERROR(VLOOKUP(C1724,参数!$B:$H,4,0),\"\")","v":""},{"$f":"IFERROR(VLOOKUP(C1724,参数!B:H,3,FALSE),\"\")","v":""},"",1]
[1724,{"$nulls":6},{"$f":"IFERROR(VLOOKUP(C1725,参数!$B:$H,2,0),\"\")","v":""},{"$f":"IFERROR(VLOOKUP(C1725,参数!$B:$H,4,0),\"\")","v":""},{"$f":"IFERROR(VLOOKUP(C1725,参数!B:H,3,FALSE),\"\")","v":""},"",1]
[1725,{"$nulls":6},{"$f":"IFERROR(VLOOKUP(C1726,参数!$B:$H,2,0),\"\")","v":""},{"$f":"IFERROR(VLOOKUP(C1726,参数!$B:$H,4,0),\"\")","v":""},{"$f":"IFERROR(VLOOKUP(C1726,参数!B:H,3,FALSE),\"\")","v":""},"",1]
[1726,{"$nulls":6},{"$f":"IFERROR(VLOOKUP(C1727,参数!$B:$H,2,0),\"\")","v":""},{"$f":"IFERROR(VLOOKUP(C1727,参数!$B:$H,4,0),\"\")","v":""},{"$f":"IFERROR(VLOOKUP(C1727,参数!B:H,3,FALSE),\"\")","v":""},"",1]
[1727,{"$nulls":6},{"$f":"IFERROR(VLOOKUP(C1728,参数!$B:$H,2,0),\"\")","v":""},{"$f":"IFERROR(VLOOKUP(C1728,参数!$B:$H,4,0),\"\")","v":""},{"$f":"IFERROR(VLOOKUP(C1728,参数!B:H,3,FALSE),\"\")","v":""},"",1]
[1728,{"$nulls":6},{"$f":"IFERROR(VLOOKUP(C1729,参数!$B:$H,2,0),\"\")","v":""},{"$f":"IFERROR(VLOOKUP(C1729,参数!$B:$H,4,0),\"\")","v":""},{"$f":"IFERROR(VLOOKUP(C1729,参数!B:H,3,FALSE),\"\")","v":""},"",1]
[1729,{"$nulls":6},{"$f":"IFERROR(VLOOKUP(C1730,参数!$B:$H,2,0),\"\")","v":""},{"$f":"IFERROR(VLOOKUP(C1730,参数!$B:$H,4,0),\"\")","v":""},{"$f":"IFERROR(VLOOKUP(C1730,参数!B:H,3,FALSE),\"\")","v":""},"",{"$f":"VALUE(MONTH(B1730))","v":1}]
[1730,{"$nulls":6},{"$f":"IFERROR(VLOOKUP(C1731,参数!$B:$H,2,0),\"\")","v":""},{"$f":"IFERROR(VLOOKUP(C1731,参数!$B:$H,4,0),\"\")","v":""},{"$f":"IFERROR(VLOOKUP(C1731,参数!B:H,3,FALSE),\"\")","v":""},"",1]
[1731,{"$nulls":6},{"$f":"IFERROR(VLOOKUP(C1732,参数!$B:$H,2,0),\"\")","v":""},{"$f":"IFERROR(VLOOKUP(C1732,参数!$B:$H,4,0),\"\")","v":""},{"$f":"IFERROR(VLOOKUP(C1732,参数!B:H,3,FALSE),\"\")","v":""},"",1]
[1732,{"$nulls":6},{"$f":"IFERROR(VLOOKUP(C1733,参数!$B:$H,2,0),\"\")","v":""},{"$f":"IFERROR(VLOOKUP(C1733,参数!$B:$H,4,0),\"\")","v":""},{"$f":"IFERROR(VLOOKUP(C1733,参数!B:H,3,FALSE),\"\")","v":""},"",1]
[1733,{"$nulls":6},{"$f":"IFERROR(VLOOKUP(C1734,参数!$B:$H,2,0),\"\")","v":""},{"$f":"IFERROR(VLOOKUP(C1734,参数!$B:$H,4,0),\"\")","v":""},{"$f":"IFERROR(VLOOKUP(C1734,参数!B:H,3,FALSE),\"\")","v":""},"",1]
[1734,{"$nulls":6},{"$f":"IFERROR(VLOOKUP(C1735,参数!$B:$H,2,0),\"\")","v":""},{"$f":"IFERROR(VLOOKUP(C1735,参数!$B:$H,4,0),\"\")","v":""},{"$f":"IFERROR(VLOOKUP(C1735,参数!B:H,3,FALSE),\"\")","v":""},"",1]
[1735,{"$nulls":6},{"$f":"IFERROR(VLOOKUP(C1736,参数!$B:$H,2,0),\"\")","v":""},{"$f":"IFERROR(VLOOKUP(C1736,参数!$B:$H,4,0),\"\")","v":""},{"$f":"IFERROR(VLOOKUP(C1736,参数!B:H,3,FALSE),\"\")","v":""},"",1]
[1736,{"$nulls":6},{"$f":"IFERROR(VLOOKUP(C1737,参数!$B:$H,2,0),\"\")","v":""},{"$f":"IFERROR(VLOOKUP(C1737,参数!$B:$H,4,0),\"\")","v":""},{"$f":"IFERROR(VLOOKUP(C1737,参数!B:H,3,FALSE),\"\")","v":""},"",1]
[1737,{"$nulls":6},{"$f":"IFERROR(VLOOKUP(C1738,参数!$B:$H,2,0),\"\")","v":""},{"$f":"IFERROR(VLOOKUP(C1738,参数!$B:$H,4,0),\"\")","v":""},{"$f":"IFERROR(VLOOKUP(C1738,参数!B:H,3,FALSE),\"\")","v":""},"",1]
[1738,{"$nulls":6},{"$f":"IFERROR(VLOOKUP(C1739,参数!$B:$H,2,0),\"\")","v":""},{"$f":"IFERROR(VLOOKUP(C1739,参数!$B:$H,4,0),\"\")","v":""},{"$f":"IFERROR(VLOOKUP(C1739,参数!B:H,3,FALSE),\"\")","v":""},"",1]
[1739,{"$nulls":6},{"$f":"IFERROR(VLOOKUP(C1740,参数!$B:$H,2,0),\"\")","v":""},{"$f":"IFERROR(VLOOKUP(C1740,参数!$B:$H,4,0),\"\")","v":""},{"$f":"IFERROR(VLOOKUP(C1740,参数!B:H,3,FALSE),\"\")","v":""},"",1]
[1740,{"$nulls":6},{"$f":"IFERROR(VLOOKUP(C1741,参数!$B:$H,2,0),\"\")","v":""},{"$f":"IFERROR(VLOOKUP(C1741,参数!$B:$H,4,0),\"\")","v":""},{"$f":"IFERROR(VLOOKUP(C1741,参数!B:H,3,FALSE),\"\")","v":""},"",1]
[1741,{"$nulls":6},{"$f":"IFERROR(VLOOKUP(C1742,参数!$B:$H,2,0),\"\")","v":""},{"$f":"IFERROR(VLOOKUP(C1742,参数!$B:$H,4,0),\"\")","v":""},{"$f":"IFERROR(VLOOKUP(C1742,参数!B:H,3,FALSE),\"\")","v":""},"",1]
[1742,{"$nulls":6},{"$f":"IFERROR(VLOOKUP(C1743,参数!$B:$H,2,0),\"\")","v":""},{"$f":"IFERROR(VLOOKUP(C1743,参数!$B:$H,4,0),\"\")","v":""},{"$f":"IFERROR(VLOOKUP(C1743,参数!B:H,3,FALSE),\"\")","v":""},"",1]
[1743,{"$nulls":6},{"$f":"IFERROR(VLOOKUP(C1744,参数!$B:$H,2,0),\"\")","v":""},{"$f":"IFERROR(VLOOKUP(C1744,参数!$B:$H,4,0),\"\")","v":""},{"$f":"IFERROR(VLOOKUP(C1744,参数!B:H,3,FALSE),\"\")","v":""},"",1]
[1744,{"$nulls":6},{"$f":"IFERROR(VLOOKUP(C1745,参数!$B:$H,2,0),\"\")","v":""},{"$f":"IFERROR(VLOOKUP(C1745,参数!$B:$H,4,0),\"\")","v":""},{"$f":"IFERROR(VLOOKUP(C1745,参数!B:H,3,FALSE),\"\")","v":""},"",1]
[1745,{"$nulls":6},{"$f":"IFERROR(VLOOKUP(C1746,参数!$B:$H,2,0),\"\")","v":""},{"$f":"IFERROR(VLOOKUP(C1746,参数!$B:$H,4,0),\"\")","v":""},{"$f":"IFERROR(VLOOKUP(C1746,参数!B:H,3,FALSE),\"\")","v":""},"",1]
[1746,{"$nulls":6},{"$f":"IFERROR(VLOOKUP(C1747,参数!$B:$H,2,0),\"\")","v":""},{"$f":"IFERROR(VLOOKUP(C1747,参数!$B:$H,4,0),\"\")","v":""},{"$f":"IFERROR(VLOOKUP(C1747,参数!B:H,3,FALSE),\"\")","v":""},"",1]
[1747,{"$nulls":6},{"$f":"IFERROR(VLOOKUP(C1748,参数!$B:$H,2,0),\"\")","v":""},{"$f":"IFERROR(VLOOKUP(C1748,参数!$B:$H,4,0),\"\")","v":""},{"$f":"IFERROR(VLOOKUP(C1748,参数!B:H,3,FALSE),\"\")","v":""},"",1]
[1748,{"$nulls":6},{"$f":"IFERROR(VLOOKUP(C1749,参数!$B:$H,2,0),\"\")","v":""},{"$f":"IFERROR(VLOOKUP(C1749,参数!$B:$H,4,0),\"\")","v":""},{"$f":"IFERROR(VLOOKUP(C1749,参数!B:H,3,FALSE),\"\")","v":""},"",1]
[1749,{"$nulls":6},{"$f":"IFERROR(VLOOKUP(C1750,参数!$B:$H,2,0),\"\")","v":""},{"$f":"IFERROR(VLOOKUP(C1750,参数!$B:$H,4,0),\"\")","v":""},{"$f":"IFERROR(VLOOKUP(C1750,参数!B:H,3,FALSE),\"\")","v":""},"",1]
[1750,{"$nulls":6},{"$f":"IFERROR(VLOOKUP(C1751,参数!$B:$H,2,0),\"\")","v":""},{"$f":"IFERROR(VLOOKUP(C1751,参数!$B:$H,4,0),\"\")","v":""},{"$f":"IFERROR(VLOOKUP(C1751,参数!B:H,3,FALSE),\"\")","v":""},"",1]
[1751,{"$nulls":6},{"$f":"IFERROR(VLOOKUP(C1752,参数!$B:$H,2,0),\"\")","v":""},{"$f":"IFERROR(VLOOKUP(C1752,参数!$B:$H,4,0),\"\")","v":""},{"$f":"IFERROR(VLOOKUP(C1752,参数!B:H,3,FALSE),\"\")","v":""},"",1]
[1752,{"$nulls":6},{"$f":"IFERROR(VLOOKUP(C1753,参数!$B:$H,2,0),\"\")","v":""},{"$f":"IFERROR(VLOOKUP(C1753,参数!$B:$H,4,0),\"\")","v":""},{"$f":"IFERROR(VLOOKUP(C1753,参数!B:H,3,FALSE),\"\")","v":""},"",1]
[1753,{"$nulls":6},{"$f":"IFERROR(VLOOKUP(C1754,参数!$B:$H,2,0),\"\")","v":""},{"$f":"IFERROR(VLOOKUP(C1754,参数!$B:$H,4,0),\"\")","v":""},{"$f":"IFERROR(VLOOKUP(C1754,参数!B:H,3,FALSE),\"\")","v":""},"",1]
[1754,{"$nulls":6},{"$f":"IFERROR(VLOOKUP(C1755,参数!$B:$H,2,0),\"\")","v":""},{"$f":"IFERROR(VLOOKUP(C1755,参数!$B:$H,4,0),\"\")","v":""},{"$f":"IFERROR(VLOOKUP(C1755,参数!B:H,3,FALSE),\"\")","v":""},"",1]
[1755,{"$nulls":6},{"$f":"IFERROR(VLOOKUP(C1756,参数!$B:$H,2,0),\"\")","v":""},{"$f":"IFERROR(VLOOKUP(C1756,参数!$B:$H,4,0),\"\")","v":""},{"$f":"IFERROR(VLOOKUP(C1756,参数!B:H,3,FALSE),\"\")","v":""},"",1]
[1756,{"$nulls":6},{"$f":"IFERROR(VLOOKUP(C1757,参数!$B:$H,2,0),\"\")","v":""},{"$f":"IFERROR(VLOOKUP(C1757,参数!$B:$H,4,0),\"\")","v":""},{"$f":"IFERROR(VLOOKUP(C1757,参数!B:H,3,FALSE),\"\")","v":""},"",1]
[1757,{"$nulls":6},{"$f":"IFERROR(VLOOKUP(C1758,参数!$B:$H,2,0),\"\")","v":""},{"$f":"IFERROR(VLOOKUP(C1758,参数!$B:$H,4,0),\"\")","v":""},{"$f":"IFERROR(VLOOKUP(C1758,参数!B:H,3,FALSE),\"\")","v":""},"",1]
[1758,{"$nulls":6},{"$f":"IFERROR(VLOOKUP(C1759,参数!$B:$H,2,0),\"\")","v":""},{"$f":"IFERROR(VLOOKUP(C1759,参数!$B:$H,4,0),\"\")","v":""},{"$f":"IFERROR(VLOOKUP(C1759,参数!B:H,3,FALSE),\"\")","v":""},"",1]
[1759,{"$nulls":6},{"$f":"IFERROR(VLOOKUP(C1760,参数!$B:$H,2,0),\"\")","v":""},{"$f":"IFERROR(VLOOKUP(C1760,参数!$B:$H,4,0),\"\")","v":""},{"$f":"IFERROR(VLOOKUP(C1760,参数!B:H,3,FALSE),\"\")","v":""},"",1]
[1760,{"$nulls":6},{"$f":"IFERROR(VLOOKUP(C1761,参数!$B:$H,2,0),\"\")","v":""},{"$f":"IFERROR(VLOOKUP(C1761,参数!$B:$H,4,0),\"\")","v":""},{"$f":"IFERROR(VLOOKUP(C1761,参数!B:H,3,FALSE),\"\")","v":""},"",1]
[1761,{"$nulls":6},{"$f":"IFERROR(VLOOKUP(C1762,参数!$B:$H,2,0),\"\")","v":""},{"$f":"IFERROR(VLOOKUP(C1762,参数!$B:$H,4,0),\"\")","v":""},{"$f":"IFERROR(VLOOKUP(C1762,参数!B:H,3,FALSE),\"\")","v":""},"",1]
[1762,{"$nulls":6},{"$f":"IFERROR(VLOOKUP(C1763,参数!$B:$H,2,0),\"\")","v":""},{"$f":"IFERROR(VLOOKUP(C1763,参数!$B:$H,4,0),\"\")","v":""},{"$f":"IFERROR(VLOOKUP(C1763,参数!B:H,3,FALSE),\"\")","v":""},"",1]
[1763,{"$nulls":6},{"$f":"IFERROR(VLOOKUP(C1764,参数!$B:$H,2,0),\"\")","v":""},{"$f":"IFERROR(VLOOKUP(C1764,参数!$B:$H,4,0),\"\")","v":""},{"$f":"IFERROR(VLOOKUP(C1764,参数!B:H,3,FALSE),\"\")","v":""},"",1]
[1764,{"$nulls":6},{"$f":"IFERROR(VLOOKUP(C1765,参数!$B:$H,2,0),\"\")","v":""},{"$f":"IFERROR(VLOOKUP(C1765,参数!$B:$H,4,0),\"\")","v":""},{"$f":"IFERROR(VLOOKUP(C1765,参数!B:H,3,FALSE),\"\")","v":""},{"$f":"IFERROR(J1765*E1765,\"\")","v":""},1]
[1765,{"$nulls":6},{"$f":"IFERROR(VLOOKUP(C1766,参数!$B:$H,2,0),\"\")","v":""},{"$f":"IFERROR(VLOOKUP(C1766,参数!$B:$H,4,0),\"\")","v":""},{"$f":"IFERROR(VLOOKUP(C1766,参数!B:H,3,FALSE),\"\")","v":""},"",1]
[1766,{"$nulls":6},{"$f":"IFERROR(VLOOKUP(C1767,参数!$B:$H,2,0),\"\")","v":""},{"$f":"IFERROR(VLOOKUP(C1767,参数!$B:$H,4,0),\"\")","v":""},{"$f":"IFERROR(VLOOKUP(C1767,参数!B:H,3,FALSE),\"\")","v":""},"",1]
[1767,{"$nulls":6},{"$f":"IFERROR(VLOOKUP(C1768,参数!$B:$H,2,0),\"\")","v":""},{"$f":"IFERROR(VLOOKUP(C1768,参数!$B:$H,4,0),\"\")","v":""},{"$f":"IFERROR(VLOOKUP(C1768,参数!B:H,3,FALSE),\"\")","v":""},"",1]
[1768,{"$nulls":6},{"$f":"IFERROR(VLOOKUP(C1769,参数!$B:$H,2,0),\"\")","v":""},{"$f":"IFERROR(VLOOKUP(C1769,参数!$B:$H,4,0),\"\")","v":""},{"$f":"IFERROR(VLOOKUP(C1769,参数!B:H,3,FALSE),\"\")","v":""},"",1]
[1769,{"$nulls":6},{"$f":"IFERROR(VLOOKUP(C1770,参数!$B:$H,2,0),\"\")","v":""},{"$f":"IFERROR(VLOOKUP(C1770,参数!$B:$H,4,0),\"\")","v":""},{"$f":"IFERROR(VLOOKUP(C1770,参数!B:H,3,FALSE),\"\")","v":""},"",1]
[1770,{"$nulls":6},{"$f":"IFERROR(VLOOKUP(C1771,参数!$B:$H,2,0),\"\")","v":""},{"$f":"IFERROR(VLOOKUP(C1771,参数!$B:$H,4,0),\"\")","v":""},{"$f":"IFERROR(VLOOKUP(C1771,参数!B:H,3,FALSE),\"\")","v":""},"",1]
[1771,{"$nulls":6},{"$f":"IFERROR(VLOOKUP(C1772,参数!$B:$H,2,0),\"\")","v":""},{"$f":"IFERROR(VLOOKUP(C1772,参数!$B:$H,4,0),\"\")","v":""},{"$f":"IFERROR(VLOOKUP(C1772,参数!B:H,3,FALSE),\"\")","v":""},"",1]
[1772,{"$nulls":6},{"$f":"IFERROR(VLOOKUP(C1773,参数!$B:$H,2,0),\"\")","v":""},{"$f":"IFERROR(VLOOKUP(C1773,参数!$B:$H,4,0),\"\")","v":""},{"$f":"IFERROR(VLOOKUP(C1773,参数!B:H,3,FALSE),\"\")","v":""},"",1]
[1773,{"$nulls":6},{"$f":"IFERROR(VLOOKUP(C1774,参数!$B:$H,2,0),\"\")","v":""},{"$f":"IFERROR(VLOOKUP(C1774,参数!$B:$H,4,0),\"\")","v":""},{"$f":"IFERROR(VLOOKUP(C1774,参数!B:H,3,FALSE),\"\")","v":""},"",1]
[1774,{"$nulls":6},{"$f":"IFERROR(VLOOKUP(C1775,参数!$B:$H,2,0),\"\")","v":""},{"$f":"IFERROR(VLOOKUP(C1775,参数!$B:$H,4,0),\"\")","v":""},{"$f":"IFERROR(VLOOKUP(C1775,参数!B:H,3,FALSE),\"\")","v":""},"",1]
[1775,{"$nulls":6},{"$f":"IFERROR(VLOOKUP(C1776,参数!$B:$H,2,0),\"\")","v":""},{"$f":"IFERROR(VLOOKUP(C1776,参数!$B:$H,4,0),\"\")","v":""},{"$f":"IFERROR(VLOOKUP(C1776,参数!B:H,3,FALSE),\"\")","v":""},"",1]
[1776,{"$nulls":6},{"$f":"IFERROR(VLOOKUP(C1777,参数!$B:$H,2,0),\"\")","v":""},{"$f":"IFERROR(VLOOKUP(C1777,参数!$B:$H,4,0),\"\")","v":""},{"$f":"IFERROR(VLOOKUP(C1777,参数!B:H,3,FALSE),\"\")","v":""},"",1]
[1777,{"$nulls":6},{"$f":"IFERROR(VLOOKUP(C1778,参数!$B:$H,2,0),\"\")","v":""},{"$f":"IFERROR(VLOOKUP(C1778,参数!$B:$H,4,0),\"\")","v":""},{"$f":"IFERROR(VLOOKUP(C1778,参数!B:H,3,FALSE),\"\")","v":""},"",1]
[1778,{"$nulls":6},{"$f":"IFERROR(VLOOKUP(C1779,参数!$B:$H,2,0),\"\")","v":""},{"$f":"IFERROR(VLOOKUP(C1779,参数!$B:$H,4,0),\"\")","v":""},{"$f":"IFERROR(VLOOKUP(C1779,参数!B:H,3,FALSE),\"\")","v":""},"",1]
[1779,{"$nulls":6},{"$f":"IFERROR(VLOOKUP(C1780,参数!$B:$H,2,0),\"\")","v":""},{"$f":"IFERROR(VLOOKUP(C1780,参数!$B:$H,4,0),\"\")","v":""},{"$f":"IFERROR(VLOOKUP(C1780,参数!B:H,3,FALSE),\"\")","v":""},"",1]
[1780,{"$nulls":6},{"$f":"IFERROR(VLOOKUP(C1781,参数!$B:$H,2,0),\"\")","v":""},{"$f":"IFERROR(VLOOKUP(C1781,参数!$B:$H,4,0),\"\")","v":""},{"$f":"IFERROR(VLOOKUP(C1781,参数!B:H,3,FALSE),\"\")","v":""},"",1]
[1781,{"$nulls":6},{"$f":"IFERROR(VLOOKUP(C1782,参数!$B:$H,2,0),\"\")","v":""},{"$f":"IFERROR(VLOOKUP(C1782,参数!$B:$H,4,0),\"\")","v":""},{"$f":"IFERROR(VLOOKUP(C1782,参数!B:H,3,FALSE),\"\")","v":""},"",1]
[1782,{"$nulls":6},{"$f":"IFERROR(VLOOKUP(C1783,参数!$B:$H,2,0),\"\")","v":""},{"$f":"IFERROR(VLOOKUP(C1783,参数!$B:$H,4,0),\"\")","v":""},{"$f":"IFERROR(VLOOKUP(C1783,参数!B:H,3,FALSE),\"\")","v":""},"",1]
[1783,{"$nulls":6},{"$f":"IFERROR(VLOOKUP(C1784,参数!$B:$H,2,0),\"\")","v":""},{"$f":"IFERROR(VLOOKUP(C1784,参数!$B:$H,4,0),\"\")","v":""},{"$f":"IFERROR(VLOOKUP(C1784,参数!B:H,3,FALSE),\"\")","v":""},"",1]
[1784,{"$nulls":6},{"$f":"IFERROR(VLOOKUP(C1785,参数!$B:$H,2,0),\"\")","v":""},{"$f":"IFERROR(VLOOKUP(C1785,参数!$B:$H,4,0),\"\")","v":""},{"$f":"IFERROR(VLOOKUP(C1785,参数!B:H,3,FALSE),\"\")","v":""},"",1]
[1785,{"$nulls":6},{"$f":"IFERROR(VLOOKUP(C1786,参数!$B:$H,2,0),\"\")","v":""},{"$f":"IFERROR(VLOOKUP(C1786,参数!$B:$H,4,0),\"\")","v":""},{"$f":"IFERROR(VLOOKUP(C1786,参数!B:H,3,FALSE),\"\")","v":""},"",1]
[1786,{"$nulls":6},{"$f":"IFERROR(VLOOKUP(C1787,参数!$B:$H,2,0),\"\")","v":""},{"$f":"IFERROR(VLOOKUP(C1787,参数!$B:$H,4,0),\"\")","v":""},{"$f":"IFERROR(VLOOKUP(C1787,参数!B:H,3,FALSE),\"\")","v":""},"",1]
[1787,{"$nulls":6},{"$f":"IFERROR(VLOOKUP(C1788,参数!$B:$H,2,0),\"\")","v":""},{"$f":"IFERROR(VLOOKUP(C1788,参数!$B:$H,4,0),\"\")","v":""},{"$f":"IFERROR(VLOOKUP(C1788,参数!B:H,3,FALSE),\"\")","v":""},"",1]
[1788,{"$nulls":6},{"$f":"IFERROR(VLOOKUP(C1789,参数!$B:$H,2,0),\"\")","v":""},{"$f":"IFERROR(VLOOKUP(C1789,参数!$B:$H,4,0),\"\")","v":""},{"$f":"IFERROR(VLOOKUP(C1789,参数!B:H,3,FALSE),\"\")","v":""},"",1]
[1789,{"$nulls":6},{"$f":"IFERROR(VLOOKUP(C1790,参数!$B:$H,2,0),\"\")","v":""},{"$f":"IFERROR(VLOOKUP(C1790,参数!$B:$H,4,0),\"\")","v":""},{"$f":"IFERROR(VLOOKUP(C1790,参数!B:H,3,FALSE),\"\")","v":""},"",1]
[1790,{"$nulls":6},{"$f":"IFERROR(VLOOKUP(C1791,参数!$B:$H,2,0),\"\")","v":""},{"$f":"IFERROR(VLOOKUP(C1791,参数!$B:$H,4,0),\"\")","v":""},{"$f":"IFERROR(VLOOKUP(C1791,参数!B:H,3,FALSE),\"\")","v":""},"",1]
[1791,{"$nulls":6},{"$f":"IFERROR(VLOOKUP(C1792,参数!$B:$H,2,0),\"\")","v":""},{"$f":"IFERROR(VLOOKUP(C1792,参数!$B:$H,4,0),\"\")","v":""},{"$f":"IFERROR(VLOOKUP(C1792,参数!B:H,3,FALSE),\"\")","v":""},"",1]
[1792,{"$nulls":6},{"$f":"IFERROR(VLOOKUP(C1793,参数!$B:$H,2,0),\"\")","v":""},{"$f":"IFERROR(VLOOKUP(C1793,参数!$B:$H,4,0),\"\")","v":""},{"$f":"IFERROR(VLOOKUP(C1793,参数!B:H,3,FALSE),\"\")","v":""},"",1]
[1793,{"$nulls":6},{"$f":"IFERROR(VLOOKUP(C1794,参数!$B:$H,2,0),\"\")","v":""},{"$f":"IFERROR(VLOOKUP(C1794,参数!$B:$H,4,0),\"\")","v":""},{"$f":"IFERROR(VLOOKUP(C1794,参数!B:H,3,FALSE),\"\")","v":""},"",{"$f":"VALUE(MONTH(B1794))","v":1}]
[1794,{"$nulls":6},{"$f":"IFERROR(VLOOKUP(C1795,参数!$B:$H,2,0),\"\")","v":""},{"$f":"IFERROR(VLOOKUP(C1795,参数!$B:$H,4,0),\"\")","v":""},{"$f":"IFERROR(VLOOKUP(C1795,参数!B:H,3,FALSE),\"\")","v":""},"",1]
[1795,{"$nulls":6},{"$f":"IFERROR(VLOOKUP(C1796,参数!$B:$H,2,0),\"\")","v":""},{"$f":"IFERROR(VLOOKUP(C1796,参数!$B:$H,4,0),\"\")","v":""},{"$f":"IFERROR(VLOOKUP(C1796,参数!B:H,3,FALSE),\"\")","v":""},"",1]
[1796,{"$nulls":6},{"$f":"IFERROR(VLOOKUP(C1797,参数!$B:$H,2,0),\"\")","v":""},{"$f":"IFERROR(VLOOKUP(C1797,参数!$B:$H,4,0),\"\")","v":""},{"$f":"IFERROR(VLOOKUP(C1797,参数!B:H,3,FALSE),\"\")","v":""},"",1]
[1797,{"$nulls":6},{"$f":"IFERROR(VLOOKUP(C1798,参数!$B:$H,2,0),\"\")","v":""},{"$f":"IFERROR(VLOOKUP(C1798,参数!$B:$H,4,0),\"\")","v":""},{"$f":"IFERROR(VLOOKUP(C1798,参数!B:H,3,FALSE),\"\")","v":""},"",1]
[1798,{"$nulls":6},{"$f":"IFERROR(VLOOKUP(C1799,参数!$B:$H,2,0),\"\")","v":""},{"$f":"IFERROR(VLOOKUP(C1799,参数!$B:$H,4,0),\"\")","v":""},{"$f":"IFERROR(VLOOKUP(C1799,参数!B:H,3,FALSE),\"\")","v":""},"",1]
[1799,{"$nulls":6},{"$f":"IFERROR(VLOOKUP(C1800,参数!$B:$H,2,0),\"\")","v":""},{"$f":"IFERROR(VLOOKUP(C1800,参数!$B:$H,4,0),\"\")","v":""},{"$f":"IFERROR(VLOOKUP(C1800,参数!B:H,3,FALSE),\"\")","v":""},"",1]
[1800,{"$nulls":6},{"$f":"IFERROR(VLOOKUP(C1801,参数!$B:$H,2,0),\"\")","v":""},{"$f":"IFERROR(VLOOKUP(C1801,参数!$B:$H,4,0),\"\")","v":""},{"$f":"IFERROR(VLOOKUP(C1801,参数!B:H,3,FALSE),\"\")","v":""},"",1]
[1801,{"$nulls":6},{"$f":"IFERROR(VLOOKUP(C1802,参数!$B:$H,2,0),\"\")","v":""},{"$f":"IFERROR(VLOOKUP(C1802,参数!$B:$H,4,0),\"\")","v":""},{"$f":"IFERROR(VLOOKUP(C1802,参数!B:H,3,FALSE),\"\")","v":""},"",1]
[1802,{"$nulls":6},{"$f":"IFERROR(VLOOKUP(C1803,参数!$B:$H,2,0),\"\")","v":""},{"$f":"IFERROR(VLOOKUP(C1803,参数!$B:$H,4,0),\"\")","v":""},{"$f":"IFERROR(VLOOKUP(C1803,参数!B:H,3,FALSE),\"\")","v":""},"",1]
[1803,{"$nulls":6},{"$f":"IFERROR(VLOOKUP(C1804,参数!$B:$H,2,0),\"\")","v":""},{"$f":"IFERROR(VLOOKUP(C1804,参数!$B:$H,4,0),\"\")","v":""},{"$f":"IFERROR(VLOOKUP(C1804,参数!B:H,3,FALSE),\"\")","v":""},"",1]
[1804,{"$nulls":6},{"$f":"IFERROR(VLOOKUP(C1805,参数!$B:$H,2,0),\"\")","v":""},{"$f":"IFERROR(VLOOKUP(C1805,参数!$B:$H,4,0),\"\")","v":""},{"$f":"IFERROR(VLOOKUP(C1805,参数!B:H,3,FALSE),\"\")","v":""},"",1]
[1805,{"$nulls":6},{"$f":"IFERROR(VLOOKUP(C1806,参数!$B:$H,2,0),\"\")","v":""},{"$f":"IFERROR(VLOOKUP(C1806,参数!$B:$H,4,0),\"\")","v":""},{"$f":"IFERROR(VLOOKUP(C1806,参数!B:H,3,FALSE),\"\")","v":""},"",1]
[1806,{"$nulls":6},{"$f":"IFERROR(VLOOKUP(C1807,参数!$B:$H,2,0),\"\")","v":""},{"$f":"IFERROR(VLOOKUP(C1807,参数!$B:$H,4,0),\"\")","v":""},{"$f":"IFERROR(VLOOKUP(C1807,参数!B:H,3,FALSE),\"\")","v":""},"",1]
[1807,{"$nulls":6},{"$f":"IFERROR(VLOOKUP(C1808,参数!$B:$H,2,0),\"\")","v":""},{"$f":"IFERROR(VLOOKUP(C1808,参数!$B:$H,4,0),\"\")","v":""},{"$f":"IFERROR(VLOOKUP(C1808,参数!B:H,3,FALSE),\"\")","v":""},"",1]
[1808,{"$nulls":6},{"$f":"IFERROR(VLOOKUP(C1809,参数!$B:$H,2,0),\"\")","v":""},{"$f":"IFERROR(VLOOKUP(C1809,参数!$B:$H,4,0),\"\")","v":""},{"$f":"IFERROR(VLOOKUP(C1809,参数!B:H,3,FALSE),\"\")","v":""},"",1]
[1809,{"$nulls":6},{"$f":"IFERROR(VLOOKUP(C1810,参数!$B:$H,2,0),\"\")","v":""},{"$f":"IFERROR(VLOOKUP(C1810,参数!$B:$H,4,0),\"\")","v":""},{"$f":"IFERROR(VLOOKUP(C1810,参数!B:H,3,FALSE),\"\")","v":""},"",1]
[1810,{"$nulls":6},{"$f":"IFERROR(VLOOKUP(C1811,参数!$B:$H,2,0),\"\")","v":""},{"$f":"IFERROR(VLOOKUP(C1811,参数!$B:$H,4,0),\"\")","v":""},{"$f":"IFERROR(VLOOKUP(C1811,参数!B:H,3,FALSE),\"\")","v":""},"",1]
[1811,{"$nulls":6},{"$f":"IFERROR(VLOOKUP(C1812,参数!$B:$H,2,0),\"\")","v":""},{"$f":"IFERROR(VLOOKUP(C1812,参数!$B:$H,4,0),\"\")","v":""},{"$f":"IFERROR(VLOOKUP(C1812,参数!B:H,3,FALSE),\"\")","v":""},"",1]
[1812,{"$nulls":6},{"$f":"IFERROR(VLOOKUP(C1813,参数!$B:$H,2,0),\"\")","v":""},{"$f":"IFERROR(VLOOKUP(C1813,参数!$B:$H,4,0),\"\")","v":""},{"$f":"IFERROR(VLOOKUP(C1813,参数!B:H,3,FALSE),\"\")","v":""},"",1]
[1813,{"$nulls":6},{"$f":"IFERROR(VLOOKUP(C1814,参数!$B:$H,2,0),\"\")","v":""},{"$f":"IFERROR(VLOOKUP(C1814,参数!$B:$H,4,0),\"\")","v":""},{"$f":"IFERROR(VLOOKUP(C1814,参数!B:H,3,FALSE),\"\")","v":""},"",1]
[1814,{"$nulls":6},{"$f":"IFERROR(VLOOKUP(C1815,参数!$B:$H,2,0),\"\")","v":""},{"$f":"IFERROR(VLOOKUP(C1815,参数!$B:$H,4,0),\"\")","v":""},{"$f":"IFERROR(VLOOKUP(C1815,参数!B:H,3,FALSE),\"\")","v":""},"",1]
[1815,{"$nulls":6},{"$f":"IFERROR(VLOOKUP(C1816,参数!$B:$H,2,0),\"\")","v":""},{"$f":"IFERROR(VLOOKUP(C1816,参数!$B:$H,4,0),\"\")","v":""},{"$f":"IFERROR(VLOOKUP(C1816,参数!B:H,3,FALSE),\"\")","v":""},"",1]
[1816,{"$nulls":6},{"$f":"IFERROR(VLOOKUP(C1817,参数!$B:$H,2,0),\"\")","v":""},{"$f":"IFERROR(VLOOKUP(C1817,参数!$B:$H,4,0),\"\")","v":""},{"$f":"IFERROR(VLOOKUP(C1817,参数!B:H,3,FALSE),\"\")","v":""},"",1]
[1817,{"$nulls":6},{"$f":"IFERROR(VLOOKUP(C1818,参数!$B:$H,2,0),\"\")","v":""},{"$f":"IFERROR(VLOOKUP(C1818,参数!$B:$H,4,0),\"\")","v":""},{"$f":"IFERROR(VLOOKUP(C1818,参数!B:H,3,FALSE),\"\")","v":""},"",1]
[1818,{"$nulls":6},{"$f":"IFERROR(VLOOKUP(C1819,参数!$B:$H,2,0),\"\")","v":""},{"$f":"IFERROR(VLOOKUP(C1819,参数!$B:$H,4,0),\"\")","v":""},{"$f":"IFERROR(VLOOKUP(C1819,参数!B:H,3,FALSE),\"\")","v":""},"",1]
[1819,{"$nulls":6},{"$f":"IFERROR(VLOOKUP(C1820,参数!$B:$H,2,0),\"\")","v":""},{"$f":"IFERROR(VLOOKUP(C1820,参数!$B:$H,4,0),\"\")","v":""},{"$f":"IFERROR(VLOOKUP(C1820,参数!B:H,3,FALSE),\"\")","v":""},"",1]
[1820,{"$nulls":6},{"$f":"IFERROR(VLOOKUP(C1821,参数!$B:$H,2,0),\"\")","v":""},{"$f":"IFERROR(VLOOKUP(C1821,参数!$B:$H,4,0),\"\")","v":""},{"$f":"IFERROR(VLOOKUP(C1821,参数!B:H,3,FALSE),\"\")","v":""},"",1]
[1821,{"$nulls":6},{"$f":"IFERROR(VLOOKUP(C1822,参数!$B:$H,2,0),\"\")","v":""},{"$f":"IFERROR(VLOOKUP(C1822,参数!$B:$H,4,0),\"\")","v":""},{"$f":"IFERROR(VLOOKUP(C1822,参数!B:H,3,FALSE),\"\")","v":""},"",1]
[1822,{"$nulls":6},{"$f":"IFERROR(VLOOKUP(C1823,参数!$B:$H,2,0),\"\")","v":""},{"$f":"IFERROR(VLOOKUP(C1823,参数!$B:$H,4,0),\"\")","v":""},{"$f":"IFERROR(VLOOKUP(C1823,参数!B:H,3,FALSE),\"\")","v":""},"",1]
[1823,{"$nulls":6},{"$f":"IFERROR(VLOOKUP(C1824,参数!$B:$H,2,0),\"\")","v":""},{"$f":"IFERROR(VLOOKUP(C1824,参数!$B:$H,4,0),\"\")","v":""},{"$f":"IFERROR(VLOOKUP(C1824,参数!B:H,3,FALSE),\"\")","v":""},"",1]
[1824,{"$nulls":6},{"$f":"IFERROR(VLOOKUP(C1825,参数!$B:$H,2,0),\"\")","v":""},{"$f":"IFERROR(VLOOKUP(C1825,参数!$B:$H,4,0),\"\")","v":""},{"$f":"IFERROR(VLOOKUP(C1825,参数!B:H,3,FALSE),\"\")","v":""},"",1]
[1825,{"$nulls":6},{"$f":"IFERROR(VLOOKUP(C1826,参数!$B:$H,2,0),\"\")","v":""},{"$f":"IFERROR(VLOOKUP(C1826,参数!$B:$H,4,0),\"\")","v":""},{"$f":"IFERROR(VLOOKUP(C1826,参数!B:H,3,FALSE),\"\")","v":""},"",1]
[1826,{"$nulls":6},{"$f":"IFERROR(VLOOKUP(C1827,参数!$B:$H,2,0),\"\")","v":""},{"$f":"IFERROR(VLOOKUP(C1827,参数!$B:$H,4,0),\"\")","v":""},{"$f":"IFERROR(VLOOKUP(C1827,参数!B:H,3,FALSE),\"\")","v":""},"",1]
[1827,{"$nulls":6},{"$f":"IFERROR(VLOOKUP(C1828,参数!$B:$H,2,0),\"\")","v":""},{"$f":"IFERROR(VLOOKUP(C1828,参数!$B:$H,4,0),\"\")","v":""},{"$f":"IFERROR(VLOOKUP(C1828,参数!B:H,3,FALSE),\"\")","v":""},"",1]
[1828,{"$nulls":6},{"$f":"IFERROR(VLOOKUP(C1829,参数!$B:$H,2,0),\"\")","v":""},{"$f":"IFERROR(VLOOKUP(C1829,参数!$B:$H,4,0),\"\")","v":""},{"$f":"IFERROR(VLOOKUP(C1829,参数!B:H,3,FALSE),\"\")","v":""},{"$f":"IFERROR(J1829*E1829,\"\")","v":""},1]
[1829,{"$nulls":6},{"$f":"IFERROR(VLOOKUP(C1830,参数!$B:$H,2,0),\"\")","v":""},{"$f":"IFERROR(VLOOKUP(C1830,参数!$B:$H,4,0),\"\")","v":""},{"$f":"IFERROR(VLOOKUP(C1830,参数!B:H,3,FALSE),\"\")","v":""},"",1]
[1830,{"$nulls":6},{"$f":"IFERROR(VLOOKUP(C1831,参数!$B:$H,2,0),\"\")","v":""},{"$f":"IFERROR(VLOOKUP(C1831,参数!$B:$H,4,0),\"\")","v":""},{"$f":"IFERROR(VLOOKUP(C1831,参数!B:H,3,FALSE),\"\")","v":""},"",1]
[1831,{"$nulls":6},{"$f":"IFERROR(VLOOKUP(C1832,参数!$B:$H,2,0),\"\")","v":""},{"$f":"IFERROR(VLOOKUP(C1832,参数!$B:$H,4,0),\"\")","v":""},{"$f":"IFERROR(VLOOKUP(C1832,参数!B:H,3,FALSE),\"\")","v":""},"",1]
[1832,{"$nulls":6},{"$f":"IFERROR(VLOOKUP(C1833,参数!$B:$H,2,0),\"\")","v":""},{"$f":"IFERROR(VLOOKUP(C1833,参数!$B:$H,4,0),\"\")","v":""},{"$f":"IFERROR(VLOOKUP(C1833,参数!B:H,3,FALSE),\"\")","v":""},"",1]
[1833,{"$nulls":6},{"$f":"IFERROR(VLOOKUP(C1834,参数!$B:$H,2,0),\"\")","v":""},{"$f":"IFERROR(VLOOKUP(C1834,参数!$B:$H,4,0),\"\")","v":""},{"$f":"IFERROR(VLOOKUP(C1834,参数!B:H,3,FALSE),\"\")","v":""},"",1]
[1834,{"$nulls":6},{"$f":"IFERROR(VLOOKUP(C1835,参数!$B:$H,2,0),\"\")","v":""},{"$f":"IFERROR(VLOOKUP(C1835,参数!$B:$H,4,0),\"\")","v":""},{"$f":"IFERROR(VLOOKUP(C1835,参数!B:H,3,FALSE),\"\")","v":""},"",1]
[1835,{"$nulls":6},{"$f":"IFERROR(VLOOKUP(C1836,参数!$B:$H,2,0),\"\")","v":""},{"$f":"IFERROR(VLOOKUP(C1836,参数!$B:$H,4,0),\"\")","v":""},{"$f":"IFERROR(VLOOKUP(C1836,参数!B:H,3,FALSE),\"\")","v":""},"",1]
[1836,{"$nulls":6},{"$f":"IFERROR(VLOOKUP(C1837,参数!$B:$H,2,0),\"\")","v":""},{"$f":"IFERROR(VLOOKUP(C1837,参数!$B:$H,4,0),\"\")","v":""},{"$f":"IFERROR(VLOOKUP(C1837,参数!B:H,3,FALSE),\"\")","v":""},"",1]
[1837,{"$nulls":6},{"$f":"IFERROR(VLOOKUP(C1838,参数!$B:$H,2,0),\"\")","v":""},{"$f":"IFERROR(VLOOKUP(C1838,参数!$B:$H,4,0),\"\")","v":""},{"$f":"IFERROR(VLOOKUP(C1838,参数!B:H,3,FALSE),\"\")","v":""},"",1]
[1838,{"$nulls":6},{"$f":"IFERROR(VLOOKUP(C1839,参数!$B:$H,2,0),\"\")","v":""},{"$f":"IFERROR(VLOOKUP(C1839,参数!$B:$H,4,0),\"\")","v":""},{"$f":"IFERROR(VLOOKUP(C1839,参数!B:H,3,FALSE),\"\")","v":""},"",1]
[1839,{"$nulls":6},{"$f":"IFERROR(VLOOKUP(C1840,参数!$B:$H,2,0),\"\")","v":""},{"$f":"IFERROR(VLOOKUP(C1840,参数!$B:$H,4,0),\"\")","v":""},{"$f":"IFERROR(VLOOKUP(C1840,参数!B:H,3,FALSE),\"\")","v":""},"",1]
[1840,{"$nulls":6},{"$f":"IFERROR(VLOOKUP(C1841,参数!$B:$H,2,0),\"\")","v":""},{"$f":"IFERROR(VLOOKUP(C1841,参数!$B:$H,4,0),\"\")","v":""},{"$f":"IFERROR(VLOOKUP(C1841,参数!B:H,3,FALSE),\"\")","v":""},"",1]
[1841,{"$nulls":6},{"$f":"IFERROR(VLOOKUP(C1842,参数!$B:$H,2,0),\"\")","v":""},{"$f":"IFERROR(VLOOKUP(C1842,参数!$B:$H,4,0),\"\")","v":""},{"$f":"IFERROR(VLOOKUP(C1842,参数!B:H,3,FALSE),\"\")","v":""},"",1]
[1842,{"$nulls":6},{"$f":"IFERROR(VLOOKUP(C1843,参数!$B:$H,2,0),\"\")","v":""},{"$f":"IFERROR(VLOOKUP(C1843,参数!$B:$H,4,0),\"\")","v":""},{"$f":"IFERROR(VLOOKUP(C1843,参数!B:H,3,FALSE),\"\")","v":""},"",1]
[1843,{"$nulls":6},{"$f":"IFERROR(VLOOKUP(C1844,参数!$B:$H,2,0),\"\")","v":""},{"$f":"IFERROR(VLOOKUP(C1844,参数!$B:$H,4,0),\"\")","v":""},{"$f":"IFERROR(VLOOKUP(C1844,参数!B:H,3,FALSE),\"\")","v":""},"",1]
[1844,{"$nulls":6},{"$f":"IFERROR(VLOOKUP(C1845,参数!$B:$H,2,0),\"\")","v":""},{"$f":"IFERROR(VLOOKUP(C1845,参数!$B:$H,4,0),\"\")","v":""},{"$f":"IFERROR(VLOOKUP(C1845,参数!B:H,3,FALSE),\"\")","v":""},"",1]
[1845,{"$nulls":6},{"$f":"IFERROR(VLOOKUP(C1846,参数!$B:$H,2,0),\"\")","v":""},{"$f":"IFERROR(VLOOKUP(C1846,参数!$B:$H,4,0),\"\")","v":""},{"$f":"IFERROR(VLOOKUP(C1846,参数!B:H,3,FALSE),\"\")","v":""},"",1]
[1846,{"$nulls":6},{"$f":"IFERROR(VLOOKUP(C1847,参数!$B:$H,2,0),\"\")","v":""},{"$f":"IFERROR(VLOOKUP(C1847,参数!$B:$H,4,0),\"\")","v":""},{"$f":"IFERROR(VLOOKUP(C1847,参数!B:H,3,FALSE),\"\")","v":""},"",1]
[1847,{"$nulls":6},{"$f":"IFERROR(VLOOKUP(C1848,参数!$B:$H,2,0),\"\")","v":""},{"$f":"IFERROR(VLOOKUP(C1848,参数!$B:$H,4,0),\"\")","v":""},{"$f":"IFERROR(VLOOKUP(C1848,参数!B:H,3,FALSE),\"\")","v":""},"",1]
[1848,{"$nulls":6},{"$f":"IFERROR(VLOOKUP(C1849,参数!$B:$H,2,0),\"\")","v":""},{"$f":"IFERROR(VLOOKUP(C1849,参数!$B:$H,4,0),\"\")","v":""},{"$f":"IFERROR(VLOOKUP(C1849,参数!B:H,3,FALSE),\"\")","v":""},"",1]
[1849,{"$nulls":6},{"$f":"IFERROR(VLOOKUP(C1850,参数!$B:$H,2,0),\"\")","v":""},{"$f":"IFERROR(VLOOKUP(C1850,参数!$B:$H,4,0),\"\")","v":""},{"$f":"IFERROR(VLOOKUP(C1850,参数!B:H,3,FALSE),\"\")","v":""},"",1]
[1850,{"$nulls":6},{"$f":"IFERROR(VLOOKUP(C1851,参数!$B:$H,2,0),\"\")","v":""},{"$f":"IFERROR(VLOOKUP(C1851,参数!$B:$H,4,0),\"\")","v":""},{"$f":"IFERROR(VLOOKUP(C1851,参数!B:H,3,FALSE),\"\")","v":""},"",1]
[1851,{"$nulls":6},{"$f":"IFERROR(VLOOKUP(C1852,参数!$B:$H,2,0),\"\")","v":""},{"$f":"IFERROR(VLOOKUP(C1852,参数!$B:$H,4,0),\"\")","v":""},{"$f":"IFERROR(VLOOKUP(C1852,参数!B:H,3,FALSE),\"\")","v":""},"",1]
[1852,{"$nulls":6},{"$f":"IFERROR(VLOOKUP(C1853,参数!$B:$H,2,0),\"\")","v":""},{"$f":"IFERROR(VLOOKUP(C1853,参数!$B:$H,4,0),\"\")","v":""},{"$f":"IFERROR(VLOOKUP(C1853,参数!B:H,3,FALSE),\"\")","v":""},"",1]
[1853,{"$nulls":6},{"$f":"IFERROR(VLOOKUP(C1854,参数!$B:$H,2,0),\"\")","v":""},{"$f":"IFERROR(VLOOKUP(C1854,参数!$B:$H,4,0),\"\")","v":""},{"$f":"IFERROR(VLOOKUP(C1854,参数!B:H,3,FALSE),\"\")","v":""},"",1]
[1854,{"$nulls":6},{"$f":"IFERROR(VLOOKUP(C1855,参数!$B:$H,2,0),\"\")","v":""},{"$f":"IFERROR(VLOOKUP(C1855,参数!$B:$H,4,0),\"\")","v":""},{"$f":"IFERROR(VLOOKUP(C1855,参数!B:H,3,FALSE),\"\")","v":""},"",1]
[1855,{"$nulls":6},{"$f":"IFERROR(VLOOKUP(C1856,参数!$B:$H,2,0),\"\")","v":""},{"$f":"IFERROR(VLOOKUP(C1856,参数!$B:$H,4,0),\"\")","v":""},{"$f":"IFERROR(VLOOKUP(C1856,参数!B:H,3,FALSE),\"\")","v":""},"",1]
[1856,{"$nulls":6},{"$f":"IFERROR(VLOOKUP(C1857,参数!$B:$H,2,0),\"\")","v":""},{"$f":"IFERROR(VLOOKUP(C1857,参数!$B:$H,4,0),\"\")","v":""},{"$f":"IFERROR(VLOOKUP(C1857,参数!B:H,3,FALSE),\"\")","v":""},"",1]
[1857,{"$nulls":6},{"$f":"IFERROR(VLOOKUP(C1858,参数!$B:$H,2,0),\"\")","v":""},{"$f":"IFERROR(VLOOKUP(C1858,参数!$B:$H,4,0),\"\")","v":""},{"$f":"IFERROR(VLOOKUP(C1858,参数!B:H,3,FALSE),\"\")","v":""},"",{"$f":"VALUE(MONTH(B1858))","v":1}]
[1858,{"$nulls":6},{"$f":"IFERROR(VLOOKUP(C1859,参数!$B:$H,2,0),\"\")","v":""},{"$f":"IFERROR(VLOOKUP(C1859,参数!$B:$H,4,0),\"\")","v":""},{"$f":"IFERROR(VLOOKUP(C1859,参数!B:H,3,FALSE),\"\")","v":""},"",1]
[1859,{"$nulls":6},{"$f":"IFERROR(VLOOKUP(C1860,参数!$B:$H,2,0),\"\")","v":""},{"$f":"IFERROR(VLOOKUP(C1860,参数!$B:$H,4,0),\"\")","v":""},{"$f":"IFERROR(VLOOKUP(C1860,参数!B:H,3,FALSE),\"\")","v":""},"",1]
[1860,{"$nulls":6},{"$f":"IFERROR(VLOOKUP(C1861,参数!$B:$H,2,0),\"\")","v":""},{"$f":"IFERROR(VLOOKUP(C1861,参数!$B:$H,4,0),\"\")","v":""},{"$f":"IFERROR(VLOOKUP(C1861,参数!B:H,3,FALSE),\"\")","v":""},"",1]
[1861,{"$nulls":6},{"$f":"IFERROR(VLOOKUP(C1862,参数!$B:$H,2,0),\"\")","v":""},{"$f":"IFERROR(VLOOKUP(C1862,参数!$B:$H,4,0),\"\")","v":""},{"$f":"IFERROR(VLOOKUP(C1862,参数!B:H,3,FALSE),\"\")","v":""},"",1]
[1862,{"$nulls":6},{"$f":"IFERROR(VLOOKUP(C1863,参数!$B:$H,2,0),\"\")","v":""},{"$f":"IFERROR(VLOOKUP(C1863,参数!$B:$H,4,0),\"\")","v":""},{"$f":"IFERROR(VLOOKUP(C1863,参数!B:H,3,FALSE),\"\")","v":""},"",1]
[1863,{"$nulls":6},{"$f":"IFERROR(VLOOKUP(C1864,参数!$B:$H,2,0),\"\")","v":""},{"$f":"IFERROR(VLOOKUP(C1864,参数!$B:$H,4,0),\"\")","v":""},{"$f":"IFERROR(VLOOKUP(C1864,参数!B:H,3,FALSE),\"\")","v":""},"",1]
[1864,{"$nulls":6},{"$f":"IFERROR(VLOOKUP(C1865,参数!$B:$H,2,0),\"\")","v":""},{"$f":"IFERROR(VLOOKUP(C1865,参数!$B:$H,4,0),\"\")","v":""},{"$f":"IFERROR(VLOOKUP(C1865,参数!B:H,3,FALSE),\"\")","v":""},"",1]
[1865,{"$nulls":6},{"$f":"IFERROR(VLOOKUP(C1866,参数!$B:$H,2,0),\"\")","v":""},{"$f":"IFERROR(VLOOKUP(C1866,参数!$B:$H,4,0),\"\")","v":""},{"$f":"IFERROR(VLOOKUP(C1866,参数!B:H,3,FALSE),\"\")","v":""},"",1]
[1866,{"$nulls":6},{"$f":"IFERROR(VLOOKUP(C1867,参数!$B:$H,2,0),\"\")","v":""},{"$f":"IFERROR(VLOOKUP(C1867,参数!$B:$H,4,0),\"\")","v":""},{"$f":"IFERROR(VLOOKUP(C1867,参数!B:H,3,FALSE),\"\")","v":""},"",1]
[1867,{"$nulls":6},{"$f":"IFERROR(VLOOKUP(C1868,参数!$B:$H,2,0),\"\")","v":""},{"$f":"IFERROR(VLOOKUP(C1868,参数!$B:$H,4,0),\"\")","v":""},{"$f":"IFERROR(VLOOKUP(C1868,参数!B:H,3,FALSE),\"\")","v":""},"",1]
[1868,{"$nulls":6},{"$f":"IFERROR(VLOOKUP(C1869,参数!$B:$H,2,0),\"\")","v":""},{"$f":"IFERROR(VLOOKUP(C1869,参数!$B:$H,4,0),\"\")","v":""},{"$f":"IFERROR(VLOOKUP(C1869,参数!B:H,3,FALSE),\"\")","v":""},"",1]
[1869,{"$nulls":6},{"$f":"IFERROR(VLOOKUP(C1870,参数!$B:$H,2,0),\"\")","v":""},{"$f":"IFERROR(VLOOKUP(C1870,参数!$B:$H,4,0),\"\")","v":""},{"$f":"IFERROR(VLOOKUP(C1870,参数!B:H,3,FALSE),\"\")","v":""},"",1]
[1870,{"$nulls":6},{"$f":"IFERROR(VLOOKUP(C1871,参数!$B:$H,2,0),\"\")","v":""},{"$f":"IFERROR(VLOOKUP(C1871,参数!$B:$H,4,0),\"\")","v":""},{"$f":"IFERROR(VLOOKUP(C1871,参数!B:H,3,FALSE),\"\")","v":""},"",1]
[1871,{"$nulls":6},{"$f":"IFERROR(VLOOKUP(C1872,参数!$B:$H,2,0),\"\")","v":""},{"$f":"IFERROR(VLOOKUP(C1872,参数!$B:$H,4,0),\"\")","v":""},{"$f":"IFERROR(VLOOKUP(C1872,参数!B:H,3,FALSE),\"\")","v":""},"",1]
[1872,{"$nulls":6},{"$f":"IFERROR(VLOOKUP(C1873,参数!$B:$H,2,0),\"\")","v":""},{"$f":"IFERROR(VLOOKUP(C1873,参数!$B:$H,4,0),\"\")","v":""},{"$f":"IFERROR(VLOOKUP(C1873,参数!B:H,3,FALSE),\"\")","v":""},"",1]
[1873,{"$nulls":6},{"$f":"IFERROR(VLOOKUP(C1874,参数!$B:$H,2,0),\"\")","v":""},{"$f":"IFERROR(VLOOKUP(C1874,参数!$B:$H,4,0),\"\")","v":""},{"$f":"IFERROR(VLOOKUP(C1874,参数!B:H,3,FALSE),\"\")","v":""},"",1]
[1874,{"$nulls":6},{"$f":"IFERROR(VLOOKUP(C1875,参数!$B:$H,2,0),\"\")","v":""},{"$f":"IFERROR(VLOOKUP(C1875,参数!$B:$H,4,0),\"\")","v":""},{"$f":"IFERROR(VLOOKUP(C1875,参数!B:H,3,FALSE),\"\")","v":""},"",1]
[1875,{"$nulls":6},{"$f":"IFERROR(VLOOKUP(C1876,参数!$B:$H,2,0),\"\")","v":""},{"$f":"IFERROR(VLOOKUP(C1876,参数!$B:$H,4,0),\"\")","v":""},{"$f":"IFERROR(VLOOKUP(C1876,参数!B:H,3,FALSE),\"\")","v":""},"",1]
[1876,{"$nulls":6},{"$f":"IFERROR(VLOOKUP(C1877,参数!$B:$H,2,0),\"\")","v":""},{"$f":"IFERROR(VLOOKUP(C1877,参数!$B:$H,4,0),\"\")","v":""},{"$f":"IFERROR(VLOOKUP(C1877,参数!B:H,3,FALSE),\"\")","v":""},"",1]
[1877,{"$nulls":6},{"$f":"IFERROR(VLOOKUP(C1878,参数!$B:$H,2,0),\"\")","v":""},{"$f":"IFERROR(VLOOKUP(C1878,参数!$B:$H,4,0),\"\")","v":""},{"$f":"IFERROR(VLOOKUP(C1878,参数!B:H,3,FALSE),\"\")","v":""},"",1]
[1878,{"$nulls":6},{"$f":"IFERROR(VLOOKUP(C1879,参数!$B:$H,2,0),\"\")","v":""},{"$f":"IFERROR(VLOOKUP(C1879,参数!$B:$H,4,0),\"\")","v":""},{"$f":"IFERROR(VLOOKUP(C1879,参数!B:H,3,FALSE),\"\")","v":""},"",1]
[1879,{"$nulls":6},{"$f":"IFERROR(VLOOKUP(C1880,参数!$B:$H,2,0),\"\")","v":""},{"$f":"IFERROR(VLOOKUP(C1880,参数!$B:$H,4,0),\"\")","v":""},{"$f":"IFERROR(VLOOKUP(C1880,参数!B:H,3,FALSE),\"\")","v":""},"",1]
[1880,{"$nulls":6},{"$f":"IFERROR(VLOOKUP(C1881,参数!$B:$H,2,0),\"\")","v":""},{"$f":"IFERROR(VLOOKUP(C1881,参数!$B:$H,4,0),\"\")","v":""},{"$f":"IFERROR(VLOOKUP(C1881,参数!B:H,3,FALSE),\"\")","v":""},"",1]
[1881,{"$nulls":6},{"$f":"IFERROR(VLOOKUP(C1882,参数!$B:$H,2,0),\"\")","v":""},{"$f":"IFERROR(VLOOKUP(C1882,参数!$B:$H,4,0),\"\")","v":""},{"$f":"IFERROR(VLOOKUP(C1882,参数!B:H,3,FALSE),\"\")","v":""},"",1]
[1882,{"$nulls":6},{"$f":"IFERROR(VLOOKUP(C1883,参数!$B:$H,2,0),\"\")","v":""},{"$f":"IFERROR(VLOOKUP(C1883,参数!$B:$H,4,0),\"\")","v":""},{"$f":"IFERROR(VLOOKUP(C1883,参数!B:H,3,FALSE),\"\")","v":""},"",1]
[1883,{"$nulls":6},{"$f":"IFERROR(VLOOKUP(C1884,参数!$B:$H,2,0),\"\")","v":""},{"$f":"IFERROR(VLOOKUP(C1884,参数!$B:$H,4,0),\"\")","v":""},{"$f":"IFERROR(VLOOKUP(C1884,参数!B:H,3,FALSE),\"\")","v":""},"",1]
[1884,{"$nulls":6},{"$f":"IFERROR(VLOOKUP(C1885,参数!$B:$H,2,0),\"\")","v":""},{"$f":"IFERROR(VLOOKUP(C1885,参数!$B:$H,4,0),\"\")","v":""},{"$f":"IFERROR(VLOOKUP(C1885,参数!B:H,3,FALSE),\"\")","v":""},"",1]
[1885,{"$nulls":6},{"$f":"IFERROR(VLOOKUP(C1886,参数!$B:$H,2,0),\"\")","v":""},{"$f":"IFERROR(VLOOKUP(C1886,参数!$B:$H,4,0),\"\")","v":""},{"$f":"IFERROR(VLOOKUP(C1886,参数!B:H,3,FALSE),\"\")","v":""},"",1]
[1886,{"$nulls":6},{"$f":"IFERROR(VLOOKUP(C1887,参数!$B:$H,2,0),\"\")","v":""},{"$f":"IFERROR(VLOOKUP(C1887,参数!$B:$H,4,0),\"\")","v":""},{"$f":"IFERROR(VLOOKUP(C1887,参数!B:H,3,FALSE),\"\")","v":""},"",1]
[1887,{"$nulls":6},{"$f":"IFERROR(VLOOKUP(C1888,参数!$B:$H,2,0),\"\")","v":""},{"$f":"IFERROR(VLOOKUP(C1888,参数!$B:$H,4,0),\"\")","v":""},{"$f":"IFERROR(VLOOKUP(C1888,参数!B:H,3,FALSE),\"\")","v":""},"",1]
[1888,{"$nulls":6},{"$f":"IFERROR(VLOOKUP(C1889,参数!$B:$H,2,0),\"\")","v":""},{"$f":"IFERROR(VLOOKUP(C1889,参数!$B:$H,4,0),\"\")","v":""},{"$f":"IFERROR(VLOOKUP(C1889,参数!B:H,3,FALSE),\"\")","v":""},"",1]
[1889,{"$nulls":6},{"$f":"IFERROR(VLOOKUP(C1890,参数!$B:$H,2,0),\"\")","v":""},{"$f":"IFERROR(VLOOKUP(C1890,参数!$B:$H,4,0),\"\")","v":""},{"$f":"IFERROR(VLOOKUP(C1890,参数!B:H,3,FALSE),\"\")","v":""},"",1]
[1890,{"$nulls":6},{"$f":"IFERROR(VLOOKUP(C1891,参数!$B:$H,2,0),\"\")","v":""},{"$f":"IFERROR(VLOOKUP(C1891,参数!$B:$H,4,0),\"\")","v":""},{"$f":"IFERROR(VLOOKUP(C1891,参数!B:H,3,FALSE),\"\")","v":""},"",1]
[1891,{"$nulls":6},{"$f":"IFERROR(VLOOKUP(C1892,参数!$B:$H,2,0),\"\")","v":""},{"$f":"IFERROR(VLOOKUP(C1892,参数!$B:$H,4,0),\"\")","v":""},{"$f":"IFERROR(VLOOKUP(C1892,参数!B:H,3,FALSE),\"\")","v":""},"",1]
[1892,{"$nulls":6},{"$f":"IFERROR(VLOOKUP(C1893,参数!$B:$H,2,0),\"\")","v":""},{"$f":"IFERROR(VLOOKUP(C1893,参数!$B:$H,4,0),\"\")","v":""},{"$f":"IFERROR(VLOOKUP(C1893,参数!B:H,3,FALSE),\"\")","v":""},{"$f":"IFERROR(J1893*E1893,\"\")","v":""},1]
[1893,{"$nulls":6},{"$f":"IFERROR(VLOOKUP(C1894,参数!$B:$H,2,0),\"\")","v":""},{"$f":"IFERROR(VLOOKUP(C1894,参数!$B:$H,4,0),\"\")","v":""},{"$f":"IFERROR(VLOOKUP(C1894,参数!B:H,3,FALSE),\"\")","v":""},"",1]
[1894,{"$nulls":6},{"$f":"IFERROR(VLOOKUP(C1895,参数!$B:$H,2,0),\"\")","v":""},{"$f":"IFERROR(VLOOKUP(C1895,参数!$B:$H,4,0),\"\")","v":""},{"$f":"IFERROR(VLOOKUP(C1895,参数!B:H,3,FALSE),\"\")","v":""},"",1]
[1895,{"$nulls":6},{"$f":"IFERROR(VLOOKUP(C1896,参数!$B:$H,2,0),\"\")","v":""},{"$f":"IFERROR(VLOOKUP(C1896,参数!$B:$H,4,0),\"\")","v":""},{"$f":"IFERROR(VLOOKUP(C1896,参数!B:H,3,FALSE),\"\")","v":""},"",1]
[1896,{"$nulls":6},{"$f":"IFERROR(VLOOKUP(C1897,参数!$B:$H,2,0),\"\")","v":""},{"$f":"IFERROR(VLOOKUP(C1897,参数!$B:$H,4,0),\"\")","v":""},{"$f":"IFERROR(VLOOKUP(C1897,参数!B:H,3,FALSE),\"\")","v":""},"",1]
[1897,{"$nulls":6},{"$f":"IFERROR(VLOOKUP(C1898,参数!$B:$H,2,0),\"\")","v":""},{"$f":"IFERROR(VLOOKUP(C1898,参数!$B:$H,4,0),\"\")","v":""},{"$f":"IFERROR(VLOOKUP(C1898,参数!B:H,3,FALSE),\"\")","v":""},"",1]
[1898,{"$nulls":6},{"$f":"IFERROR(VLOOKUP(C1899,参数!$B:$H,2,0),\"\")","v":""},{"$f":"IFERROR(VLOOKUP(C1899,参数!$B:$H,4,0),\"\")","v":""},{"$f":"IFERROR(VLOOKUP(C1899,参数!B:H,3,FALSE),\"\")","v":""},"",1]
[1899,{"$nulls":6},{"$f":"IFERROR(VLOOKUP(C1900,参数!$B:$H,2,0),\"\")","v":""},{"$f":"IFERROR(VLOOKUP(C1900,参数!$B:$H,4,0),\"\")","v":""},{"$f":"IFERROR(VLOOKUP(C1900,参数!B:H,3,FALSE),\"\")","v":""},"",1]
[1900,{"$nulls":6},{"$f":"IFERROR(VLOOKUP(C1901,参数!$B:$H,2,0),\"\")","v":""},{"$f":"IFERROR(VLOOKUP(C1901,参数!$B:$H,4,0),\"\")","v":""},{"$f":"IFERROR(VLOOKUP(C1901,参数!B:H,3,FALSE),\"\")","v":""},"",1]
[1901,{"$nulls":6},{"$f":"IFERROR(VLOOKUP(C1902,参数!$B:$H,2,0),\"\")","v":""},{"$f":"IFERROR(VLOOKUP(C1902,参数!$B:$H,4,0),\"\")","v":""},{"$f":"IFERROR(VLOOKUP(C1902,参数!B:H,3,FALSE),\"\")","v":""},"",1]
[1902,{"$nulls":6},{"$f":"IFERROR(VLOOKUP(C1903,参数!$B:$H,2,0),\"\")","v":""},{"$f":"IFERROR(VLOOKUP(C1903,参数!$B:$H,4,0),\"\")","v":""},{"$f":"IFERROR(VLOOKUP(C1903,参数!B:H,3,FALSE),\"\")","v":""},"",1]
[1903,{"$nulls":6},{"$f":"IFERROR(VLOOKUP(C1904,参数!$B:$H,2,0),\"\")","v":""},{"$f":"IFERROR(VLOOKUP(C1904,参数!$B:$H,4,0),\"\")","v":""},{"$f":"IFERROR(VLOOKUP(C1904,参数!B:H,3,FALSE),\"\")","v":""},"",1]
[1904,{"$nulls":6},{"$f":"IFERROR(VLOOKUP(C1905,参数!$B:$H,2,0),\"\")","v":""},{"$f":"IFERROR(VLOOKUP(C1905,参数!$B:$H,4,0),\"\")","v":""},{"$f":"IFERROR(VLOOKUP(C1905,参数!B:H,3,FALSE),\"\")","v":""},"",1]
[1905,{"$nulls":6},{"$f":"IFERROR(VLOOKUP(C1906,参数!$B:$H,2,0),\"\")","v":""},{"$f":"IFERROR(VLOOKUP(C1906,参数!$B:$H,4,0),\"\")","v":""},{"$f":"IFERROR(VLOOKUP(C1906,参数!B:H,3,FALSE),\"\")","v":""},"",1]
[1906,{"$nulls":6},{"$f":"IFERROR(VLOOKUP(C1907,参数!$B:$H,2,0),\"\")","v":""},{"$f":"IFERROR(VLOOKUP(C1907,参数!$B:$H,4,0),\"\")","v":""},{"$f":"IFERROR(VLOOKUP(C1907,参数!B:H,3,FALSE),\"\")","v":""},"",1]
[1907,{"$nulls":6},{"$f":"IFERROR(VLOOKUP(C1908,参数!$B:$H,2,0),\"\")","v":""},{"$f":"IFERROR(VLOOKUP(C1908,参数!$B:$H,4,0),\"\")","v":""},{"$f":"IFERROR(VLOOKUP(C1908,参数!B:H,3,FALSE),\"\")","v":""},"",1]
[1908,{"$nulls":6},{"$f":"IFERROR(VLOOKUP(C1909,参数!$B:$H,2,0),\"\")","v":""},{"$f":"IFERROR(VLOOKUP(C1909,参数!$B:$H,4,0),\"\")","v":""},{"$f":"IFERROR(VLOOKUP(C1909,参数!B:H,3,FALSE),\"\")","v":""},"",1]
[1909,{"$nulls":6},{"$f":"IFERROR(VLOOKUP(C1910,参数!$B:$H,2,0),\"\")","v":""},{"$f":"IFERROR(VLOOKUP(C1910,参数!$B:$H,4,0),\"\")","v":""},{"$f":"IFERROR(VLOOKUP(C1910,参数!B:H,3,FALSE),\"\")","v":""},"",1]
[1910,{"$nulls":6},{"$f":"IFERROR(VLOOKUP(C1911,参数!$B:$H,2,0),\"\")","v":""},{"$f":"IFERROR(VLOOKUP(C1911,参数!$B:$H,4,0),\"\")","v":""},{"$f":"IFERROR(VLOOKUP(C1911,参数!B:H,3,FALSE),\"\")","v":""},"",1]
[1911,{"$nulls":6},{"$f":"IFERROR(VLOOKUP(C1912,参数!$B:$H,2,0),\"\")","v":""},{"$f":"IFERROR(VLOOKUP(C1912,参数!$B:$H,4,0),\"\")","v":""},{"$f":"IFERROR(VLOOKUP(C1912,参数!B:H,3,FALSE),\"\")","v":""},"",1]
[1912,{"$nulls":6},{"$f":"IFERROR(VLOOKUP(C1913,参数!$B:$H,2,0),\"\")","v":""},{"$f":"IFERROR(VLOOKUP(C1913,参数!$B:$H,4,0),\"\")","v":""},{"$f":"IFERROR(VLOOKUP(C1913,参数!B:H,3,FALSE),\"\")","v":""},"",1]
[1913,{"$nulls":6},{"$f":"IFERROR(VLOOKUP(C1914,参数!$B:$H,2,0),\"\")","v":""},{"$f":"IFERROR(VLOOKUP(C1914,参数!$B:$H,4,0),\"\")","v":""},{"$f":"IFERROR(VLOOKUP(C1914,参数!B:H,3,FALSE),\"\")","v":""},"",1]
[1914,{"$nulls":6},{"$f":"IFERROR(VLOOKUP(C1915,参数!$B:$H,2,0),\"\")","v":""},{"$f":"IFERROR(VLOOKUP(C1915,参数!$B:$H,4,0),\"\")","v":""},{"$f":"IFERROR(VLOOKUP(C1915,参数!B:H,3,FALSE),\"\")","v":""},"",1]
[1915,{"$nulls":6},{"$f":"IFERROR(VLOOKUP(C1916,参数!$B:$H,2,0),\"\")","v":""},{"$f":"IFERROR(VLOOKUP(C1916,参数!$B:$H,4,0),\"\")","v":""},{"$f":"IFERROR(VLOOKUP(C1916,参数!B:H,3,FALSE),\"\")","v":""},"",1]
[1916,{"$nulls":6},{"$f":"IFERROR(VLOOKUP(C1917,参数!$B:$H,2,0),\"\")","v":""},{"$f":"IFERROR(VLOOKUP(C1917,参数!$B:$H,4,0),\"\")","v":""},{"$f":"IFERROR(VLOOKUP(C1917,参数!B:H,3,FALSE),\"\")","v":""},"",1]
[1917,{"$nulls":6},{"$f":"IFERROR(VLOOKUP(C1918,参数!$B:$H,2,0),\"\")","v":""},{"$f":"IFERROR(VLOOKUP(C1918,参数!$B:$H,4,0),\"\")","v":""},{"$f":"IFERROR(VLOOKUP(C1918,参数!B:H,3,FALSE),\"\")","v":""},"",1]
[1918,{"$nulls":6},{"$f":"IFERROR(VLOOKUP(C1919,参数!$B:$H,2,0),\"\")","v":""},{"$f":"IFERROR(VLOOKUP(C1919,参数!$B:$H,4,0),\"\")","v":""},{"$f":"IFERROR(VLOOKUP(C1919,参数!B:H,3,FALSE),\"\")","v":""},"",1]
[1919,{"$nulls":6},{"$f":"IFERROR(VLOOKUP(C1920,参数!$B:$H,2,0),\"\")","v":""},{"$f":"IFERROR(VLOOKUP(C1920,参数!$B:$H,4,0),\"\")","v":""},{"$f":"IFERROR(VLOOKUP(C1920,参数!B:H,3,FALSE),\"\")","v":""},"",1]
[1920,{"$nulls":6},{"$f":"IFERROR(VLOOKUP(C1921,参数!$B:$H,2,0),\"\")","v":""},{"$f":"IFERROR(VLOOKUP(C1921,参数!$B:$H,4,0),\"\")","v":""},{"$f":"IFERROR(VLOOKUP(C1921,参数!B:H,3,FALSE),\"\")","v":""},"",1]
[1921,{"$nulls":6},{"$f":"IFERROR(VLOOKUP(C1922,参数!$B:$H,2,0),\"\")","v":""},{"$f":"IFERROR(VLOOKUP(C1922,参数!$B:$H,4,0),\"\")","v":""},{"$f":"IFERROR(VLOOKUP(C1922,参数!B:H,3,FALSE),\"\")","v":""},"",{"$f":"VALUE(MONTH(B1922))","v":1}]
[1922,{"$nulls":6},{"$f":"IFERROR(VLOOKUP(C1923,参数!$B:$H,2,0),\"\")","v":""},{"$f":"IFERROR(VLOOKUP(C1923,参数!$B:$H,4,0),\"\")","v":""},{"$f":"IFERROR(VLOOKUP(C1923,参数!B:H,3,FALSE),\"\")","v":""},"",1]
[1923,{"$nulls":6},{"$f":"IFERROR(VLOOKUP(C1924,参数!$B:$H,2,0),\"\")","v":""},{"$f":"IFERROR(VLOOKUP(C1924,参数!$B:$H,4,0),\"\")","v":""},{"$f":"IFERROR(VLOOKUP(C1924,参数!B:H,3,FALSE),\"\")","v":""},"",1]
[1924,{"$nulls":6},{"$f":"IFERROR(VLOOKUP(C1925,参数!$B:$H,2,0),\"\")","v":""},{"$f":"IFERROR(VLOOKUP(C1925,参数!$B:$H,4,0),\"\")","v":""},{"$f":"IFERROR(VLOOKUP(C1925,参数!B:H,3,FALSE),\"\")","v":""},"",1]
[1925,{"$nulls":6},{"$f":"IFERROR(VLOOKUP(C1926,参数!$B:$H,2,0),\"\")","v":""},{"$f":"IFERROR(VLOOKUP(C1926,参数!$B:$H,4,0),\"\")","v":""},{"$f":"IFERROR(VLOOKUP(C1926,参数!B:H,3,FALSE),\"\")","v":""},"",1]
[1926,{"$nulls":6},{"$f":"IFERROR(VLOOKUP(C1927,参数!$B:$H,2,0),\"\")","v":""},{"$f":"IFERROR(VLOOKUP(C1927,参数!$B:$H,4,0),\"\")","v":""},{"$f":"IFERROR(VLOOKUP(C1927,参数!B:H,3,FALSE),\"\")","v":""},"",1]
[1927,{"$nulls":6},{"$f":"IFERROR(VLOOKUP(C1928,参数!$B:$H,2,0),\"\")","v":""},{"$f":"IFERROR(VLOOKUP(C1928,参数!$B:$H,4,0),\"\")","v":""},{"$f":"IFERROR(VLOOKUP(C1928,参数!B:H,3,FALSE),\"\")","v":""},"",1]
[1928,{"$nulls":6},{"$f":"IFERROR(VLOOKUP(C1929,参数!$B:$H,2,0),\"\")","v":""},{"$f":"IFERROR(VLOOKUP(C1929,参数!$B:$H,4,0),\"\")","v":""},{"$f":"IFERROR(VLOOKUP(C1929,参数!B:H,3,FALSE),\"\")","v":""},"",1]
[1929,{"$nulls":6},{"$f":"IFERROR(VLOOKUP(C1930,参数!$B:$H,2,0),\"\")","v":""},{"$f":"IFERROR(VLOOKUP(C1930,参数!$B:$H,4,0),\"\")","v":""},{"$f":"IFERROR(VLOOKUP(C1930,参数!B:H,3,FALSE),\"\")","v":""},"",1]
[1930,{"$nulls":6},{"$f":"IFERROR(VLOOKUP(C1931,参数!$B:$H,2,0),\"\")","v":""},{"$f":"IFERROR(VLOOKUP(C1931,参数!$B:$H,4,0),\"\")","v":""},{"$f":"IFERROR(VLOOKUP(C1931,参数!B:H,3,FALSE),\"\")","v":""},"",1]
[1931,{"$nulls":6},{"$f":"IFERROR(VLOOKUP(C1932,参数!$B:$H,2,0),\"\")","v":""},{"$f":"IFERROR(VLOOKUP(C1932,参数!$B:$H,4,0),\"\")","v":""},{"$f":"IFERROR(VLOOKUP(C1932,参数!B:H,3,FALSE),\"\")","v":""},"",1]
[1932,{"$nulls":6},{"$f":"IFERROR(VLOOKUP(C1933,参数!$B:$H,2,0),\"\")","v":""},{"$f":"IFERROR(VLOOKUP(C1933,参数!$B:$H,4,0),\"\")","v":""},{"$f":"IFERROR(VLOOKUP(C1933,参数!B:H,3,FALSE),\"\")","v":""},"",1]
[1933,{"$nulls":6},{"$f":"IFERROR(VLOOKUP(C1934,参数!$B:$H,2,0),\"\")","v":""},{"$f":"IFERROR(VLOOKUP(C1934,参数!$B:$H,4,0),\"\")","v":""},{"$f":"IFERROR(VLOOKUP(C1934,参数!B:H,3,FALSE),\"\")","v":""},"",1]
[1934,{"$nulls":6},{"$f":"IFERROR(VLOOKUP(C1935,参数!$B:$H,2,0),\"\")","v":""},{"$f":"IFERROR(VLOOKUP(C1935,参数!$B:$H,4,0),\"\")","v":""},{"$f":"IFERROR(VLOOKUP(C1935,参数!B:H,3,FALSE),\"\")","v":""},"",1]
[1935,{"$nulls":6},{"$f":"IFERROR(VLOOKUP(C1936,参数!$B:$H,2,0),\"\")","v":""},{"$f":"IFERROR(VLOOKUP(C1936,参数!$B:$H,4,0),\"\")","v":""},{"$f":"IFERROR(VLOOKUP(C1936,参数!B:H,3,FALSE),\"\")","v":""},"",1]
[1936,{"$nulls":6},{"$f":"IFERROR(VLOOKUP(C1937,参数!$B:$H,2,0),\"\")","v":""},{"$f":"IFERROR(VLOOKUP(C1937,参数!$B:$H,4,0),\"\")","v":""},{"$f":"IFERROR(VLOOKUP(C1937,参数!B:H,3,FALSE),\"\")","v":""},"",1]
[1937,{"$nulls":6},{"$f":"IFERROR(VLOOKUP(C1938,参数!$B:$H,2,0),\"\")","v":""},{"$f":"IFERROR(VLOOKUP(C1938,参数!$B:$H,4,0),\"\")","v":""},{"$f":"IFERROR(VLOOKUP(C1938,参数!B:H,3,FALSE),\"\")","v":""},"",1]
[1938,{"$nulls":6},{"$f":"IFERROR(VLOOKUP(C1939,参数!$B:$H,2,0),\"\")","v":""},{"$f":"IFERROR(VLOOKUP(C1939,参数!$B:$H,4,0),\"\")","v":""},{"$f":"IFERROR(VLOOKUP(C1939,参数!B:H,3,FALSE),\"\")","v":""},"",1]
[1939,{"$nulls":6},{"$f":"IFERROR(VLOOKUP(C1940,参数!$B:$H,2,0),\"\")","v":""},{"$f":"IFERROR(VLOOKUP(C1940,参数!$B:$H,4,0),\"\")","v":""},{"$f":"IFERROR(VLOOKUP(C1940,参数!B:H,3,FALSE),\"\")","v":""},"",1]
[1940,{"$nulls":6},{"$f":"IFERROR(VLOOKUP(C1941,参数!$B:$H,2,0),\"\")","v":""},{"$f":"IFERROR(VLOOKUP(C1941,参数!$B:$H,4,0),\"\")","v":""},{"$f":"IFERROR(VLOOKUP(C1941,参数!B:H,3,FALSE),\"\")","v":""},"",1]
[1941,{"$nulls":6},{"$f":"IFERROR(VLOOKUP(C1942,参数!$B:$H,2,0),\"\")","v":""},{"$f":"IFERROR(VLOOKUP(C1942,参数!$B:$H,4,0),\"\")","v":""},{"$f":"IFERROR(VLOOKUP(C1942,参数!B:H,3,FALSE),\"\")","v":""},"",1]
[1942,{"$nulls":6},{"$f":"IFERROR(VLOOKUP(C1943,参数!$B:$H,2,0),\"\")","v":""},{"$f":"IFERROR(VLOOKUP(C1943,参数!$B:$H,4,0),\"\")","v":""},{"$f":"IFERROR(VLOOKUP(C1943,参数!B:H,3,FALSE),\"\")","v":""},"",1]
[1943,{"$nulls":6},{"$f":"IFERROR(VLOOKUP(C1944,参数!$B:$H,2,0),\"\")","v":""},{"$f":"IFERROR(VLOOKUP(C1944,参数!$B:$H,4,0),\"\")","v":""},{"$f":"IFERROR(VLOOKUP(C1944,参数!B:H,3,FALSE),\"\")","v":""},"",1]
[1944,{"$nulls":6},{"$f":"IFERROR(VLOOKUP(C1945,参数!$B:$H,2,0),\"\")","v":""},{"$f":"IFERROR(VLOOKUP(C1945,参数!$B:$H,4,0),\"\")","v":""},{"$f":"IFERROR(VLOOKUP(C1945,参数!B:H,3,FALSE),\"\")","v":""},"",1]
[1945,{"$nulls":6},{"$f":"IFERROR(VLOOKUP(C1946,参数!$B:$H,2,0),\"\")","v":""},{"$f":"IFERROR(VLOOKUP(C1946,参数!$B:$H,4,0),\"\")","v":""},{"$f":"IFERROR(VLOOKUP(C1946,参数!B:H,3,FALSE),\"\")","v":""},"",1]
[1946,{"$nulls":6},{"$f":"IFERROR(VLOOKUP(C1947,参数!$B:$H,2,0),\"\")","v":""},{"$f":"IFERROR(VLOOKUP(C1947,参数!$B:$H,4,0),\"\")","v":""},{"$f":"IFERROR(VLOOKUP(C1947,参数!B:H,3,FALSE),\"\")","v":""},"",1]
[1947,{"$nulls":6},{"$f":"IFERROR(VLOOKUP(C1948,参数!$B:$H,2,0),\"\")","v":""},{"$f":"IFERROR(VLOOKUP(C1948,参数!$B:$H,4,0),\"\")","v":""},{"$f":"IFERROR(VLOOKUP(C1948,参数!B:H,3,FALSE),\"\")","v":""},"",1]
[1948,{"$nulls":6},{"$f":"IFERROR(VLOOKUP(C1949,参数!$B:$H,2,0),\"\")","v":""},{"$f":"IFERROR(VLOOKUP(C1949,参数!$B:$H,4,0),\"\")","v":""},{"$f":"IFERROR(VLOOKUP(C1949,参数!B:H,3,FALSE),\"\")","v":""},"",1]
[1949,{"$nulls":6},{"$f":"IFERROR(VLOOKUP(C1950,参数!$B:$H,2,0),\"\")","v":""},{"$f":"IFERROR(VLOOKUP(C1950,参数!$B:$H,4,0),\"\")","v":""},{"$f":"IFERROR(VLOOKUP(C1950,参数!B:H,3,FALSE),\"\")","v":""},"",1]
[1950,{"$nulls":6},{"$f":"IFERROR(VLOOKUP(C1951,参数!$B:$H,2,0),\"\")","v":""},{"$f":"IFERROR(VLOOKUP(C1951,参数!$B:$H,4,0),\"\")","v":""},{"$f":"IFERROR(VLOOKUP(C1951,参数!B:H,3,FALSE),\"\")","v":""},"",1]
[1951,{"$nulls":6},{"$f":"IFERROR(VLOOKUP(C1952,参数!$B:$H,2,0),\"\")","v":""},{"$f":"IFERROR(VLOOKUP(C1952,参数!$B:$H,4,0),\"\")","v":""},{"$f":"IFERROR(VLOOKUP(C1952,参数!B:H,3,FALSE),\"\")","v":""},"",1]
[1952,{"$nulls":6},{"$f":"IFERROR(VLOOKUP(C1953,参数!$B:$H,2,0),\"\")","v":""},{"$f":"IFERROR(VLOOKUP(C1953,参数!$B:$H,4,0),\"\")","v":""},{"$f":"IFERROR(VLOOKUP(C1953,参数!B:H,3,FALSE),\"\")","v":""},"",1]
[1953,{"$nulls":6},{"$f":"IFERROR(VLOOKUP(C1954,参数!$B:$H,2,0),\"\")","v":""},{"$f":"IFERROR(VLOOKUP(C1954,参数!$B:$H,4,0),\"\")","v":""},{"$f":"IFERROR(VLOOKUP(C1954,参数!B:H,3,FALSE),\"\")","v":""},"",1]
[1954,{"$nulls":6},{"$f":"IFERROR(VLOOKUP(C1955,参数!$B:$H,2,0),\"\")","v":""},{"$f":"IFERROR(VLOOKUP(C1955,参数!$B:$H,4,0),\"\")","v":""},{"$f":"IFERROR(VLOOKUP(C1955,参数!B:H,3,FALSE),\"\")","v":""},"",1]
[1955,{"$nulls":6},{"$f":"IFERROR(VLOOKUP(C1956,参数!$B:$H,2,0),\"\")","v":""},{"$f":"IFERROR(VLOOKUP(C1956,参数!$B:$H,4,0),\"\")","v":""},{"$f":"IFERROR(VLOOKUP(C1956,参数!B:H,3,FALSE),\"\")","v":""},"",1]
[1956,{"$nulls":6},{"$f":"IFERROR(VLOOKUP(C1957,参数!$B:$H,2,0),\"\")","v":""},{"$f":"IFERROR(VLOOKUP(C1957,参数!$B:$H,4,0),\"\")","v":""},{"$f":"IFERROR(VLOOKUP(C1957,参数!B:H,3,FALSE),\"\")","v":""},{"$f":"IFERROR(J1957*E1957,\"\")","v":""},1]
[1957,{"$nulls":6},{"$f":"IFERROR(VLOOKUP(C1958,参数!$B:$H,2,0),\"\")","v":""},{"$f":"IFERROR(VLOOKUP(C1958,参数!$B:$H,4,0),\"\")","v":""},{"$f":"IFERROR(VLOOKUP(C1958,参数!B:H,3,FALSE),\"\")","v":""},"",1]
[1958,{"$nulls":6},{"$f":"IFERROR(VLOOKUP(C1959,参数!$B:$H,2,0),\"\")","v":""},{"$f":"IFERROR(VLOOKUP(C1959,参数!$B:$H,4,0),\"\")","v":""},{"$f":"IFERROR(VLOOKUP(C1959,参数!B:H,3,FALSE),\"\")","v":""},"",1]
[1959,{"$nulls":6},{"$f":"IFERROR(VLOOKUP(C1960,参数!$B:$H,2,0),\"\")","v":""},{"$f":"IFERROR(VLOOKUP(C1960,参数!$B:$H,4,0),\"\")","v":""},{"$f":"IFERROR(VLOOKUP(C1960,参数!B:H,3,FALSE),\"\")","v":""},"",1]
[1960,{"$nulls":6},{"$f":"IFERROR(VLOOKUP(C1961,参数!$B:$H,2,0),\"\")","v":""},{"$f":"IFERROR(VLOOKUP(C1961,参数!$B:$H,4,0),\"\")","v":""},{"$f":"IFERROR(VLOOKUP(C1961,参数!B:H,3,FALSE),\"\")","v":""},"",1]
[1961,{"$nulls":6},{"$f":"IFERROR(VLOOKUP(C1962,参数!$B:$H,2,0),\"\")","v":""},{"$f":"IFERROR(VLOOKUP(C1962,参数!$B:$H,4,0),\"\")","v":""},{"$f":"IFERROR(VLOOKUP(C1962,参数!B:H,3,FALSE),\"\")","v":""},"",1]
[1962,{"$nulls":6},{"$f":"IFERROR(VLOOKUP(C1963,参数!$B:$H,2,0),\"\")","v":""},{"$f":"IFERROR(VLOOKUP(C1963,参数!$B:$H,4,0),\"\")","v":""},{"$f":"IFERROR(VLOOKUP(C1963,参数!B:H,3,FALSE),\"\")","v":""},"",1]
[1963,{"$nulls":6},{"$f":"IFERROR(VLOOKUP(C1964,参数!$B:$H,2,0),\"\")","v":""},{"$f":"IFERROR(VLOOKUP(C1964,参数!$B:$H,4,0),\"\")","v":""},{"$f":"IFERROR(VLOOKUP(C1964,参数!B:H,3,FALSE),\"\")","v":""},"",1]
[1964,{"$nulls":6},{"$f":"IFERROR(VLOOKUP(C1965,参数!$B:$H,2,0),\"\")","v":""},{"$f":"IFERROR(VLOOKUP(C1965,参数!$B:$H,4,0),\"\")","v":""},{"$f":"IFERROR(VLOOKUP(C1965,参数!B:H,3,FALSE),\"\")","v":""},"",1]
[1965,{"$nulls":6},{"$f":"IFERROR(VLOOKUP(C1966,参数!$B:$H,2,0),\"\")","v":""},{"$f":"IFERROR(VLOOKUP(C1966,参数!$B:$H,4,0),\"\")","v":""},{"$f":"IFERROR(VLOOKUP(C1966,参数!B:H,3,FALSE),\"\")","v":""},"",1]
[1966,{"$nulls":6},{"$f":"IFERROR(VLOOKUP(C1967,参数!$B:$H,2,0),\"\")","v":""},{"$f":"IFERROR(VLOOKUP(C1967,参数!$B:$H,4,0),\"\")","v":""},{"$f":"IFERROR(VLOOKUP(C1967,参数!B:H,3,FALSE),\"\")","v":""},"",1]
[1967,{"$nulls":6},{"$f":"IFERROR(VLOOKUP(C1968,参数!$B:$H,2,0),\"\")","v":""},{"$f":"IFERROR(VLOOKUP(C1968,参数!$B:$H,4,0),\"\")","v":""},{"$f":"IFERROR(VLOOKUP(C1968,参数!B:H,3,FALSE),\"\")","v":""},"",1]
[1968,{"$nulls":6},{"$f":"IFERROR(VLOOKUP(C1969,参数!$B:$H,2,0),\"\")","v":""},{"$f":"IFERROR(VLOOKUP(C1969,参数!$B:$H,4,0),\"\")","v":""},{"$f":"IFERROR(VLOOKUP(C1969,参数!B:H,3,FALSE),\"\")","v":""},"",1]
[1969,{"$nulls":6},{"$f":"IFERROR(VLOOKUP(C1970,参数!$B:$H,2,0),\"\")","v":""},{"$f":"IFERROR(VLOOKUP(C1970,参数!$B:$H,4,0),\"\")","v":""},{"$f":"IFERROR(VLOOKUP(C1970,参数!B:H,3,FALSE),\"\")","v":""},"",1]
[1970,{"$nulls":6},{"$f":"IFERROR(VLOOKUP(C1971,参数!$B:$H,2,0),\"\")","v":""},{"$f":"IFERROR(VLOOKUP(C1971,参数!$B:$H,4,0),\"\")","v":""},{"$f":"IFERROR(VLOOKUP(C1971,参数!B:H,3,FALSE),\"\")","v":""},"",1]
[1971,{"$nulls":6},{"$f":"IFERROR(VLOOKUP(C1972,参数!$B:$H,2,0),\"\")","v":""},{"$f":"IFERROR(VLOOKUP(C1972,参数!$B:$H,4,0),\"\")","v":""},{"$f":"IFERROR(VLOOKUP(C1972,参数!B:H,3,FALSE),\"\")","v":""},"",1]
[1972,{"$nulls":6},{"$f":"IFERROR(VLOOKUP(C1973,参数!$B:$H,2,0),\"\")","v":""},{"$f":"IFERROR(VLOOKUP(C1973,参数!$B:$H,4,0),\"\")","v":""},{"$f":"IFERROR(VLOOKUP(C1973,参数!B:H,3,FALSE),\"\")","v":""},"",1]
[1973,{"$nulls":6},{"$f":"IFERROR(VLOOKUP(C1974,参数!$B:$H,2,0),\"\")","v":""},{"$f":"IFERROR(VLOOKUP(C1974,参数!$B:$H,4,0),\"\")","v":""},{"$f":"IFERROR(VLOOKUP(C1974,参数!B:H,3,FALSE),\"\")","v":""},"",1]
[1974,{"$nulls":6},{"$f":"IFERROR(VLOOKUP(C1975,参数!$B:$H,2,0),\"\")","v":""},{"$f":"IFERROR(VLOOKUP(C1975,参数!$B:$H,4,0),\"\")","v":""},{"$f":"IFERROR(VLOOKUP(C1975,参数!B:H,3,FALSE),\"\")","v":""},"",1]
[1975,{"$nulls":6},{"$f":"IFERROR(VLOOKUP(C1976,参数!$B:$H,2,0),\"\")","v":""},{"$f":"IFERROR(VLOOKUP(C1976,参数!$B:$H,4,0),\"\")","v":""},{"$f":"IFERROR(VLOOKUP(C1976,参数!B:H,3,FALSE),\"\")","v":""},"",1]
[1976,{"$nulls":6},{"$f":"IFERROR(VLOOKUP(C1977,参数!$B:$H,2,0),\"\")","v":""},{"$f":"IFERROR(VLOOKUP(C1977,参数!$B:$H,4,0),\"\")","v":""},{"$f":"IFERROR(VLOOKUP(C1977,参数!B:H,3,FALSE),\"\")","v":""},"",1]
[1977,{"$nulls":6},{"$f":"IFERROR(VLOOKUP(C1978,参数!$B:$H,2,0),\"\")","v":""},{"$f":"IFERROR(VLOOKUP(C1978,参数!$B:$H,4,0),\"\")","v":""},{"$f":"IFERROR(VLOOKUP(C1978,参数!B:H,3,FALSE),\"\")","v":""},"",1]
[1978,{"$nulls":6},{"$f":"IFERROR(VLOOKUP(C1979,参数!$B:$H,2,0),\"\")","v":""},{"$f":"IFERROR(VLOOKUP(C1979,参数!$B:$H,4,0),\"\")","v":""},{"$f":"IFERROR(VLOOKUP(C1979,参数!B:H,3,FALSE),\"\")","v":""},"",1]
[1979,{"$nulls":6},{"$f":"IFERROR(VLOOKUP(C1980,参数!$B:$H,2,0),\"\")","v":""},{"$f":"IFERROR(VLOOKUP(C1980,参数!$B:$H,4,0),\"\")","v":""},{"$f":"IFERROR(VLOOKUP(C1980,参数!B:H,3,FALSE),\"\")","v":""},"",1]
[1980,{"$nulls":6},{"$f":"IFERROR(VLOOKUP(C1981,参数!$B:$H,2,0),\"\")","v":""},{"$f":"IFERROR(VLOOKUP(C1981,参数!$B:$H,4,0),\"\")","v":""},{"$f":"IFERROR(VLOOKUP(C1981,参数!B:H,3,FALSE),\"\")","v":""},"",1]
[1981,{"$nulls":6},{"$f":"IFERROR(VLOOKUP(C1982,参数!$B:$H,2,0),\"\")","v":""},{"$f":"IFERROR(VLOOKUP(C1982,参数!$B:$H,4,0),\"\")","v":""},{"$f":"IFERROR(VLOOKUP(C1982,参数!B:H,3,FALSE),\"\")","v":""},"",1]
[1982,{"$nulls":6},{"$f":"IFERROR(VLOOKUP(C1983,参数!$B:$H,2,0),\"\")","v":""},{"$f":"IFERROR(VLOOKUP(C1983,参数!$B:$H,4,0),\"\")","v":""},{"$f":"IFERROR(VLOOKUP(C1983,参数!B:H,3,FALSE),\"\")","v":""},"",1]
[1983,{"$nulls":6},{"$f":"IFERROR(VLOOKUP(C1984,参数!$B:$H,2,0),\"\")","v":""},{"$f":"IFERROR(VLOOKUP(C1984,参数!$B:$H,4,0),\"\")","v":""},{"$f":"IFERROR(VLOOKUP(C1984,参数!B:H,3,FALSE),\"\")","v":""},"",1]
[1984,{"$nulls":6},{"$f":"IFERROR(VLOOKUP(C1985,参数!$B:$H,2,0),\"\")","v":""},{"$f":"IFERROR(VLOOKUP(C1985,参数!$B:$H,4,0),\"\")","v":""},{"$f":"IFERROR(VLOOKUP(C1985,参数!B:H,3,FALSE),\"\")","v":""},"",1]
[1985,{"$nulls":6},{"$f":"IFERROR(VLOOKUP(C1986,参数!$B:$H,2,0),\"\")","v":""},{"$f":"IFERROR(VLOOKUP(C1986,参数!$B:$H,4,0),\"\")","v":""},{"$f":"IFERROR(VLOOKUP(C1986,参数!B:H,3,FALSE),\"\")","v":""},"",{"$f":"VALUE(MONTH(B1986))","v":1}]
[1986,{"$nulls":6},{"$f":"IFERROR(VLOOKUP(C1987,参数!$B:$H,2,0),\"\")","v":""},{"$f":"IFERROR(VLOOKUP(C1987,参数!$B:$H,4,0),\"\")","v":""},{"$f":"IFERROR(VLOOKUP(C1987,参数!B:H,3,FALSE),\"\")","v":""},"",1]
[1987,{"$nulls":6},{"$f":"IFERROR(VLOOKUP(C1988,参数!$B:$H,2,0),\"\")","v":""},{"$f":"IFERROR(VLOOKUP(C1988,参数!$B:$H,4,0),\"\")","v":""},{"$f":"IFERROR(VLOOKUP(C1988,参数!B:H,3,FALSE),\"\")","v":""},"",1]
[1988,{"$nulls":6},{"$f":"IFERROR(VLOOKUP(C1989,参数!$B:$H,2,0),\"\")","v":""},{"$f":"IFERROR(VLOOKUP(C1989,参数!$B:$H,4,0),\"\")","v":""},{"$f":"IFERROR(VLOOKUP(C1989,参数!B:H,3,FALSE),\"\")","v":""},"",1]
[1989,{"$nulls":6},{"$f":"IFERROR(VLOOKUP(C1990,参数!$B:$H,2,0),\"\")","v":""},{"$f":"IFERROR(VLOOKUP(C1990,参数!$B:$H,4,0),\"\")","v":""},{"$f":"IFERROR(VLOOKUP(C1990,参数!B:H,3,FALSE),\"\")","v":""},"",1]
[1990,{"$nulls":6},{"$f":"IFERROR(VLOOKUP(C1991,参数!$B:$H,2,0),\"\")","v":""},{"$f":"IFERROR(VLOOKUP(C1991,参数!$B:$H,4,0),\"\")","v":""},{"$f":"IFERROR(VLOOKUP(C1991,参数!B:H,3,FALSE),\"\")","v":""},"",1]
[1991,{"$nulls":6},{"$f":"IFERROR(VLOOKUP(C1992,参数!$B:$H,2,0),\"\")","v":""},{"$f":"IFERROR(VLOOKUP(C1992,参数!$B:$H,4,0),\"\")","v":""},{"$f":"IFERROR(VLOOKUP(C1992,参数!B:H,3,FALSE),\"\")","v":""},"",1]
[1992,{"$nulls":6},{"$f":"IFERROR(VLOOKUP(C1993,参数!$B:$H,2,0),\"\")","v":""},{"$f":"IFERROR(VLOOKUP(C1993,参数!$B:$H,4,0),\"\")","v":""},{"$f":"IFERROR(VLOOKUP(C1993,参数!B:H,3,FALSE),\"\")","v":""},"",1]
[1993,{"$nulls":6},{"$f":"IFERROR(VLOOKUP(C1994,参数!$B:$H,2,0),\"\")","v":""},{"$f":"IFERROR(VLOOKUP(C1994,参数!$B:$H,4,0),\"\")","v":""},{"$f":"IFERROR(VLOOKUP(C1994,参数!B:H,3,FALSE),\"\")","v":""},"",1]
[1994,{"$nulls":6},{"$f":"IFERROR(VLOOKUP(C1995,参数!$B:$H,2,0),\"\")","v":""},{"$f":"IFERROR(VLOOKUP(C1995,参数!$B:$H,4,0),\"\")","v":""},{"$f":"IFERROR(VLOOKUP(C1995,参数!B:H,3,FALSE),\"\")","v":""},"",1]
[1995,{"$nulls":6},{"$f":"IFERROR(VLOOKUP(C1996,参数!$B:$H,2,0),\"\")","v":""},{"$f":"IFERROR(VLOOKUP(C1996,参数!$B:$H,4,0),\"\")","v":""},{"$f":"IFERROR(VLOOKUP(C1996,参数!B:H,3,FALSE),\"\")","v":""},"",1]
[1996,{"$nulls":6},{"$f":"IFERROR(VLOOKUP(C1997,参数!$B:$H,2,0),\"\")","v":""},{"$f":"IFERROR(VLOOKUP(C1997,参数!$B:$H,4,0),\"\")","v":""},{"$f":"IFERROR(VLOOKUP(C1997,参数!B:H,3,FALSE),\"\")","v":""},"",1]
[1997,{"$nulls":6},{"$f":"IFERROR(VLOOKUP(C1998,参数!$B:$H,2,0),\"\")","v":""},{"$f":"IFERROR(VLOOKUP(C1998,参数!$B:$H,4,0),\"\")","v":""},{"$f":"IFERROR(VLOOKUP(C1998,参数!B:H,3,FALSE),\"\")","v":""},"",1]
[1998,{"$nulls":6},{"$f":"IFERROR(VLOOKUP(C1999,参数!$B:$H,2,0),\"\")","v":""},{"$f":"IFERROR(VLOOKUP(C1999,参数!$B:$H,4,0),\"\")","v":""},{"$f":"IFERROR(VLOOKUP(C1999,参数!B:H,3,FALSE),\"\")","v":""},"",1]
[1999,{"$nulls":6},{"$f":"IFERROR(VLOOKUP(C2000,参数!$B:$H,2,0),\"\")","v":""},{"$f":"IFERROR(VLOOKUP(C2000,参数!$B:$H,4,0),\"\")","v":""},{"$f":"IFERROR(VLOOKUP(C2000,参数!B:H,3,FALSE),\"\")","v":""},"",1]
[2000,{"$nulls":6},{"$f":"IFERROR(VLOOKUP(C2001,参数!$B:$H,2,0),\"\")","v":""},{"$f":"IFERROR(VLOOKUP(C2001,参数!$B:$H,4,0),\"\")","v":""},{"$f":"IFERROR(VLOOKUP(C2001,参数!B:H,3,FALSE),\"\")","v":""},"",1]
[2001,{"$nulls":6},{"$f":"IFERROR(VLOOKUP(C2002,参数!$B:$H,2,0),\"\")","v":""},{"$f":"IFERROR(VLOOKUP(C2002,参数!$B:$H,4,0),\"\")","v":""},{"$f":"IFERROR(VLOOKUP(C2002,参数!B:H,3,FALSE),\"\")","v":""},"",1]
[2002,{"$nulls":6},{"$f":"IFERROR(VLOOKUP(C2003,参数!$B:$H,2,0),\"\")","v":""},{"$f":"IFERROR(VLOOKUP(C2003,参数!$B:$H,4,0),\"\")","v":""},{"$f":"IFERROR(VLOOKUP(C2003,参数!B:H,3,FALSE),\"\")","v":""},"",1]
[2003,{"$nulls":6},{"$f":"IFERROR(VLOOKUP(C2004,参数!$B:$H,2,0),\"\")","v":""},{"$f":"IFERROR(VLOOKUP(C2004,参数!$B:$H,4,0),\"\")","v":""},{"$f":"IFERROR(VLOOKUP(C2004,参数!B:H,3,FALSE),\"\")","v":""},"",1]
[2004,{"$nulls":6},{"$f":"IFERROR(VLOOKUP(C2005,参数!$B:$H,2,0),\"\")","v":""},{"$f":"IFERROR(VLOOKUP(C2005,参数!$B:$H,4,0),\"\")","v":""},{"$f":"IFERROR(VLOOKUP(C2005,参数!B:H,3,FALSE),\"\")","v":""},"",1]
[2005,{"$nulls":6},{"$f":"IFERROR(VLOOKUP(C2006,参数!$B:$H,2,0),\"\")","v":""},{"$f":"IFERROR(VLOOKUP(C2006,参数!$B:$H,4,0),\"\")","v":""},{"$f":"IFERROR(VLOOKUP(C2006,参数!B:H,3,FALSE),\"\")","v":""},"",1]
[2006,{"$nulls":6},{"$f":"IFERROR(VLOOKUP(C2007,参数!$B:$H,2,0),\"\")","v":""},{"$f":"IFERROR(VLOOKUP(C2007,参数!$B:$H,4,0),\"\")","v":""},{"$f":"IFERROR(VLOOKUP(C2007,参数!B:H,3,FALSE),\"\")","v":""},"",1]
[2007,{"$nulls":6},{"$f":"IFERROR(VLOOKUP(C2008,参数!$B:$H,2,0),\"\")","v":""},{"$f":"IFERROR(VLOOKUP(C2008,参数!$B:$H,4,0),\"\")","v":""},{"$f":"IFERROR(VLOOKUP(C2008,参数!B:H,3,FALSE),\"\")","v":""},"",1]
[2008,{"$nulls":6},{"$f":"IFERROR(VLOOKUP(C2009,参数!$B:$H,2,0),\"\")","v":""},{"$f":"IFERROR(VLOOKUP(C2009,参数!$B:$H,4,0),\"\")","v":""},{"$f":"IFERROR(VLOOKUP(C2009,参数!B:H,3,FALSE),\"\")","v":""},"",1]
[2009,{"$nulls":6},{"$f":"IFERROR(VLOOKUP(C2010,参数!$B:$H,2,0),\"\")","v":""},{"$f":"IFERROR(VLOOKUP(C2010,参数!$B:$H,4,0),\"\")","v":""},{"$f":"IFERROR(VLOOKUP(C2010,参数!B:H,3,FALSE),\"\")","v":""},"",1]
[2010,{"$nulls":6},{"$f":"IFERROR(VLOOKUP(C2011,参数!$B:$H,2,0),\"\")","v":""},{"$f":"IFERROR(VLOOKUP(C2011,参数!$B:$H,4,0),\"\")","v":""},{"$f":"IFERROR(VLOOKUP(C2011,参数!B:H,3,FALSE),\"\")","v":""},"",1]
[2011,{"$nulls":6},{"$f":"IFERROR(VLOOKUP(C2012,参数!$B:$H,2,0),\"\")","v":""},{"$f":"IFERROR(VLOOKUP(C2012,参数!$B:$H,4,0),\"\")","v":""},{"$f":"IFERROR(VLOOKUP(C2012,参数!B:H,3,FALSE),\"\")","v":""},"",1]
[2012,{"$nulls":6},{"$f":"IFERROR(VLOOKUP(C2013,参数!$B:$H,2,0),\"\")","v":""},{"$f":"IFERROR(VLOOKUP(C2013,参数!$B:$H,4,0),\"\")","v":""},{"$f":"IFERROR(VLOOKUP(C2013,参数!B:H,3,FALSE),\"\")","v":""},"",1]
[2013,{"$nulls":6},{"$f":"IFERROR(VLOOKUP(C2014,参数!$B:$H,2,0),\"\")","v":""},{"$f":"IFERROR(VLOOKUP(C2014,参数!$B:$H,4,0),\"\")","v":""},{"$f":"IFERROR(VLOOKUP(C2014,参数!B:H,3,FALSE),\"\")","v":""},"",1]
[2014,{"$nulls":6},{"$f":"IFERROR(VLOOKUP(C2015,参数!$B:$H,2,0),\"\")","v":""},{"$f":"IFERROR(VLOOKUP(C2015,参数!$B:$H,4,0),\"\")","v":""},{"$f":"IFERROR(VLOOKUP(C2015,参数!B:H,3,FALSE),\"\")","v":""},"",1]
[2015,{"$nulls":6},{"$f":"IFERROR(VLOOKUP(C2016,参数!$B:$H,2,0),\"\")","v":""},{"$f":"IFERROR(VLOOKUP(C2016,参数!$B:$H,4,0),\"\")","v":""},{"$f":"IFERROR(VLOOKUP(C2016,参数!B:H,3,FALSE),\"\")","v":""},"",1]
[2016,{"$nulls":6},{"$f":"IFERROR(VLOOKUP(C2017,参数!$B:$H,2,0),\"\")","v":""},{"$f":"IFERROR(VLOOKUP(C2017,参数!$B:$H,4,0),\"\")","v":""},{"$f":"IFERROR(VLOOKUP(C2017,参数!B:H,3,FALSE),\"\")","v":""},"",1]
[2017,{"$nulls":6},{"$f":"IFERROR(VLOOKUP(C2018,参数!$B:$H,2,0),\"\")","v":""},{"$f":"IFERROR(VLOOKUP(C2018,参数!$B:$H,4,0),\"\")","v":""},{"$f":"IFERROR(VLOOKUP(C2018,参数!B:H,3,FALSE),\"\")","v":""},"",1]
[2018,{"$nulls":6},{"$f":"IFERROR(VLOOKUP(C2019,参数!$B:$H,2,0),\"\")","v":""},{"$f":"IFERROR(VLOOKUP(C2019,参数!$B:$H,4,0),\"\")","v":""},{"$f":"IFERROR(VLOOKUP(C2019,参数!B:H,3,FALSE),\"\")","v":""},"",1]
[2019,{"$nulls":6},{"$f":"IFERROR(VLOOKUP(C2020,参数!$B:$H,2,0),\"\")","v":""},{"$f":"IFERROR(VLOOKUP(C2020,参数!$B:$H,4,0),\"\")","v":""},{"$f":"IFERROR(VLOOKUP(C2020,参数!B:H,3,FALSE),\"\")","v":""},"",1]
[2020,{"$nulls":6},{"$f":"IFERROR(VLOOKUP(C2021,参数!$B:$H,2,0),\"\")","v":""},{"$f":"IFERROR(VLOOKUP(C2021,参数!$B:$H,4,0),\"\")","v":""},{"$f":"IFERROR(VLOOKUP(C2021,参数!B:H,3,FALSE),\"\")","v":""},{"$f":"IFERROR(J2021*E2021,\"\")","v":""},1]
[2021,{"$nulls":6},{"$f":"IFERROR(VLOOKUP(C2022,参数!$B:$H,2,0),\"\")","v":""},{"$f":"IFERROR(VLOOKUP(C2022,参数!$B:$H,4,0),\"\")","v":""},{"$f":"IFERROR(VLOOKUP(C2022,参数!B:H,3,FALSE),\"\")","v":""},"",1]
[2022,{"$nulls":6},{"$f":"IFERROR(VLOOKUP(C2023,参数!$B:$H,2,0),\"\")","v":""},{"$f":"IFERROR(VLOOKUP(C2023,参数!$B:$H,4,0),\"\")","v":""},{"$f":"IFERROR(VLOOKUP(C2023,参数!B:H,3,FALSE),\"\")","v":""},"",1]
[2023,{"$nulls":6},{"$f":"IFERROR(VLOOKUP(C2024,参数!$B:$H,2,0),\"\")","v":""},{"$f":"IFERROR(VLOOKUP(C2024,参数!$B:$H,4,0),\"\")","v":""},{"$f":"IFERROR(VLOOKUP(C2024,参数!B:H,3,FALSE),\"\")","v":""},"",1]
[2024,{"$nulls":6},{"$f":"IFERROR(VLOOKUP(C2025,参数!$B:$H,2,0),\"\")","v":""},{"$f":"IFERROR(VLOOKUP(C2025,参数!$B:$H,4,0),\"\")","v":""},{"$f":"IFERROR(VLOOKUP(C2025,参数!B:H,3,FALSE),\"\")","v":""},"",1]
[2025,{"$nulls":6},{"$f":"IFERROR(VLOOKUP(C2026,参数!$B:$H,2,0),\"\")","v":""},{"$f":"IFERROR(VLOOKUP(C2026,参数!$B:$H,4,0),\"\")","v":""},{"$f":"IFERROR(VLOOKUP(C2026,参数!B:H,3,FALSE),\"\")","v":""},"",1]
[2026,{"$nulls":6},{"$f":"IFERROR(VLOOKUP(C2027,参数!$B:$H,2,0),\"\")","v":""},{"$f":"IFERROR(VLOOKUP(C2027,参数!$B:$H,4,0),\"\")","v":""},{"$f":"IFERROR(VLOOKUP(C2027,参数!B:H,3,FALSE),\"\")","v":""},"",1]
[2027,{"$nulls":6},{"$f":"IFERROR(VLOOKUP(C2028,参数!$B:$H,2,0),\"\")","v":""},{"$f":"IFERROR(VLOOKUP(C2028,参数!$B:$H,4,0),\"\")","v":""},{"$f":"IFERROR(VLOOKUP(C2028,参数!B:H,3,FALSE),\"\")","v":""},"",1]
[2028,{"$nulls":6},{"$f":"IFERROR(VLOOKUP(C2029,参数!$B:$H,2,0),\"\")","v":""},{"$f":"IFERROR(VLOOKUP(C2029,参数!$B:$H,4,0),\"\")","v":""},{"$f":"IFERROR(VLOOKUP(C2029,参数!B:H,3,FALSE),\"\")","v":""},"",1]
[2029,{"$nulls":6},{"$f":"IFERROR(VLOOKUP(C2030,参数!$B:$H,2,0),\"\")","v":""},{"$f":"IFERROR(VLOOKUP(C2030,参数!$B:$H,4,0),\"\")","v":""},{"$f":"IFERROR(VLOOKUP(C2030,参数!B:H,3,FALSE),\"\")","v":""},"",1]
[2030,{"$nulls":6},{"$f":"IFERROR(VLOOKUP(C2031,参数!$B:$H,2,0),\"\")","v":""},{"$f":"IFERROR(VLOOKUP(C2031,参数!$B:$H,4,0),\"\")","v":""},{"$f":"IFERROR(VLOOKUP(C2031,参数!B:H,3,FALSE),\"\")","v":""},"",1]
[2031,{"$nulls":6},{"$f":"IFERROR(VLOOKUP(C2032,参数!$B:$H,2,0),\"\")","v":""},{"$f":"IFERROR(VLOOKUP(C2032,参数!$B:$H,4,0),\"\")","v":""},{"$f":"IFERROR(VLOOKUP(C2032,参数!B:H,3,FALSE),\"\")","v":""},"",1]
[2032,{"$nulls":6},{"$f":"IFERROR(VLOOKUP(C2033,参数!$B:$H,2,0),\"\")","v":""},{"$f":"IFERROR(VLOOKUP(C2033,参数!$B:$H,4,0),\"\")","v":""},{"$f":"IFERROR(VLOOKUP(C2033,参数!B:H,3,FALSE),\"\")","v":""},"",1]
[2033,{"$nulls":6},{"$f":"IFERROR(VLOOKUP(C2034,参数!$B:$H,2,0),\"\")","v":""},{"$f":"IFERROR(VLOOKUP(C2034,参数!$B:$H,4,0),\"\")","v":""},{"$f":"IFERROR(VLOOKUP(C2034,参数!B:H,3,FALSE),\"\")","v":""},"",1]
[2034,{"$nulls":6},{"$f":"IFERROR(VLOOKUP(C2035,参数!$B:$H,2,0),\"\")","v":""},{"$f":"IFERROR(VLOOKUP(C2035,参数!$B:$H,4,0),\"\")","v":""},{"$f":"IFERROR(VLOOKUP(C2035,参数!B:H,3,FALSE),\"\")","v":""},"",1]
[2035,{"$nulls":6},{"$f":"IFERROR(VLOOKUP(C2036,参数!$B:$H,2,0),\"\")","v":""},{"$f":"IFERROR(VLOOKUP(C2036,参数!$B:$H,4,0),\"\")","v":""},{"$f":"IFERROR(VLOOKUP(C2036,参数!B:H,3,FALSE),\"\")","v":""},"",1]
[2036,{"$nulls":6},{"$f":"IFERROR(VLOOKUP(C2037,参数!$B:$H,2,0),\"\")","v":""},{"$f":"IFERROR(VLOOKUP(C2037,参数!$B:$H,4,0),\"\")","v":""},{"$f":"IFERROR(VLOOKUP(C2037,参数!B:H,3,FALSE),\"\")","v":""},"",1]
[2037,{"$nulls":6},{"$f":"IFERROR(VLOOKUP(C2038,参数!$B:$H,2,0),\"\")","v":""},{"$f":"IFERROR(VLOOKUP(C2038,参数!$B:$H,4,0),\"\")","v":""},{"$f":"IFERROR(VLOOKUP(C2038,参数!B:H,3,FALSE),\"\")","v":""},"",1]
[2038,{"$nulls":6},{"$f":"IFERROR(VLOOKUP(C2039,参数!$B:$H,2,0),\"\")","v":""},{"$f":"IFERROR(VLOOKUP(C2039,参数!$B:$H,4,0),\"\")","v":""},{"$f":"IFERROR(VLOOKUP(C2039,参数!B:H,3,FALSE),\"\")","v":""},"",1]
[2039,{"$nulls":6},{"$f":"IFERROR(VLOOKUP(C2040,参数!$B:$H,2,0),\"\")","v":""},{"$f":"IFERROR(VLOOKUP(C2040,参数!$B:$H,4,0),\"\")","v":""},{"$f":"IFERROR(VLOOKUP(C2040,参数!B:H,3,FALSE),\"\")","v":""},"",1]
[2040,{"$nulls":6},{"$f":"IFERROR(VLOOKUP(C2041,参数!$B:$H,2,0),\"\")","v":""},{"$f":"IFERROR(VLOOKUP(C2041,参数!$B:$H,4,0),\"\")","v":""},{"$f":"IFERROR(VLOOKUP(C2041,参数!B:H,3,FALSE),\"\")","v":""},"",1]
[2041,{"$nulls":6},{"$f":"IFERROR(VLOOKUP(C2042,参数!$B:$H,2,0),\"\")","v":""},{"$f":"IFERROR(VLOOKUP(C2042,参数!$B:$H,4,0),\"\")","v":""},{"$f":"IFERROR(VLOOKUP(C2042,参数!B:H,3,FALSE),\"\")","v":""},"",1]
[2042,{"$nulls":6},{"$f":"IFERROR(VLOOKUP(C2043,参数!$B:$H,2,0),\"\")","v":""},{"$f":"IFERROR(VLOOKUP(C2043,参数!$B:$H,4,0),\"\")","v":""},{"$f":"IFERROR(VLOOKUP(C2043,参数!B:H,3,FALSE),\"\")","v":""},"",1]
[2043,{"$nulls":6},{"$f":"IFERROR(VLOOKUP(C2044,参数!$B:$H,2,0),\"\")","v":""},{"$f":"IFERROR(VLOOKUP(C2044,参数!$B:$H,4,0),\"\")","v":""},{"$f":"IFERROR(VLOOKUP(C2044,参数!B:H,3,FALSE),\"\")","v":""},"",1]
[2044,{"$nulls":6},{"$f":"IFERROR(VLOOKUP(C2045,参数!$B:$H,2,0),\"\")","v":""},{"$f":"IFERROR(VLOOKUP(C2045,参数!$B:$H,4,0),\"\")","v":""},{"$f":"IFERROR(VLOOKUP(C2045,参数!B:H,3,FALSE),\"\")","v":""},"",1]
[2045,{"$nulls":6},{"$f":"IFERROR(VLOOKUP(C2046,参数!$B:$H,2,0),\"\")","v":""},{"$f":"IFERROR(VLOOKUP(C2046,参数!$B:$H,4,0),\"\")","v":""},{"$f":"IFERROR(VLOOKUP(C2046,参数!B:H,3,FALSE),\"\")","v":""},"",1]
[2046,{"$nulls":6},{"$f":"IFERROR(VLOOKUP(C2047,参数!$B:$H,2,0),\"\")","v":""},{"$f":"IFERROR(VLOOKUP(C2047,参数!$B:$H,4,0),\"\")","v":""},{"$f":"IFERROR(VLOOKUP(C2047,参数!B:H,3,FALSE),\"\")","v":""},"",1]
[2047,{"$nulls":6},{"$f":"IFERROR(VLOOKUP(C2048,参数!$B:$H,2,0),\"\")","v":""},{"$f":"IFERROR(VLOOKUP(C2048,参数!$B:$H,4,0),\"\")","v":""},{"$f":"IFERROR(VLOOKUP(C2048,参数!B:H,3,FALSE),\"\")","v":""},"",1]
[2048,{"$nulls":6},{"$f":"IFERROR(VLOOKUP(C2049,参数!$B:$H,2,0),\"\")","v":""},{"$f":"IFERROR(VLOOKUP(C2049,参数!$B:$H,4,0),\"\")","v":""},{"$f":"IFERROR(VLOOKUP(C2049,参数!B:H,3,FALSE),\"\")","v":""},"",1]
[2049,{"$nulls":6},{"$f":"IFERROR(VLOOKUP(C2050,参数!$B:$H,2,0),\"\")","v":""},{"$f":"IFERROR(VLOOKUP(C2050,参数!$B:$H,4,0),\"\")","v":""},{"$f":"IFERROR(VLOOKUP(C2050,参数!B:H,3,FALSE),\"\")","v":""},"",{"$f":"VALUE(MONTH(B2050))","v":1}]
[2050,{"$nulls":6},{"$f":"IFERROR(VLOOKUP(C2051,参数!$B:$H,2,0),\"\")","v":""},{"$f":"IFERROR(VLOOKUP(C2051,参数!$B:$H,4,0),\"\")","v":""},{"$f":"IFERROR(VLOOKUP(C2051,参数!B:H,3,FALSE),\"\")","v":""},"",1]
[2051,{"$nulls":6},{"$f":"IFERROR(VLOOKUP(C2052,参数!$B:$H,2,0),\"\")","v":""},{"$f":"IFERROR(VLOOKUP(C2052,参数!$B:$H,4,0),\"\")","v":""},{"$f":"IFERROR(VLOOKUP(C2052,参数!B:H,3,FALSE),\"\")","v":""},"",1]
[2052,{"$nulls":6},{"$f":"IFERROR(VLOOKUP(C2053,参数!$B:$H,2,0),\"\")","v":""},{"$f":"IFERROR(VLOOKUP(C2053,参数!$B:$H,4,0),\"\")","v":""},{"$f":"IFERROR(VLOOKUP(C2053,参数!B:H,3,FALSE),\"\")","v":""},"",1]
[2053,{"$nulls":6},{"$f":"IFERROR(VLOOKUP(C2054,参数!$B:$H,2,0),\"\")","v":""},{"$f":"IFERROR(VLOOKUP(C2054,参数!$B:$H,4,0),\"\")","v":""},{"$f":"IFERROR(VLOOKUP(C2054,参数!B:H,3,FALSE),\"\")","v":""},"",1]
[2054,{"$nulls":6},{"$f":"IFERROR(VLOOKUP(C2055,参数!$B:$H,2,0),\"\")","v":""},{"$f":"IFERROR(VLOOKUP(C2055,参数!$B:$H,4,0),\"\")","v":""},{"$f":"IFERROR(VLOOKUP(C2055,参数!B:H,3,FALSE),\"\")","v":""},"",1]
[2055,{"$nulls":6},{"$f":"IFERROR(VLOOKUP(C2056,参数!$B:$H,2,0),\"\")","v":""},{"$f":"IFERROR(VLOOKUP(C2056,参数!$B:$H,4,0),\"\")","v":""},{"$f":"IFERROR(VLOOKUP(C2056,参数!B:H,3,FALSE),\"\")","v":""},"",1]
[2056,{"$nulls":6},{"$f":"IFERROR(VLOOKUP(C2057,参数!$B:$H,2,0),\"\")","v":""},{"$f":"IFERROR(VLOOKUP(C2057,参数!$B:$H,4,0),\"\")","v":""},{"$f":"IFERROR(VLOOKUP(C2057,参数!B:H,3,FALSE),\"\")","v":""},"",1]
[2057,{"$nulls":6},{"$f":"IFERROR(VLOOKUP(C2058,参数!$B:$H,2,0),\"\")","v":""},{"$f":"IFERROR(VLOOKUP(C2058,参数!$B:$H,4,0),\"\")","v":""},{"$f":"IFERROR(VLOOKUP(C2058,参数!B:H,3,FALSE),\"\")","v":""},"",1]
[2058,{"$nulls":6},{"$f":"IFERROR(VLOOKUP(C2059,参数!$B:$H,2,0),\"\")","v":""},{"$f":"IFERROR(VLOOKUP(C2059,参数!$B:$H,4,0),\"\")","v":""},{"$f":"IFERROR(VLOOKUP(C2059,参数!B:H,3,FALSE),\"\")","v":""},"",1]
[2059,{"$nulls":6},{"$f":"IFERROR(VLOOKUP(C2060,参数!$B:$H,2,0),\"\")","v":""},{"$f":"IFERROR(VLOOKUP(C2060,参数!$B:$H,4,0),\"\")","v":""},{"$f":"IFERROR(VLOOKUP(C2060,参数!B:H,3,FALSE),\"\")","v":""},"",1]
[2060,{"$nulls":6},{"$f":"IFERROR(VLOOKUP(C2061,参数!$B:$H,2,0),\"\")","v":""},{"$f":"IFERROR(VLOOKUP(C2061,参数!$B:$H,4,0),\"\")","v":""},{"$f":"IFERROR(VLOOKUP(C2061,参数!B:H,3,FALSE),\"\")","v":""},"",1]
[2061,{"$nulls":6},{"$f":"IFERROR(VLOOKUP(C2062,参数!$B:$H,2,0),\"\")","v":""},{"$f":"IFERROR(VLOOKUP(C2062,参数!$B:$H,4,0),\"\")","v":""},{"$f":"IFERROR(VLOOKUP(C2062,参数!B:H,3,FALSE),\"\")","v":""},"",1]
[2062,{"$nulls":6},{"$f":"IFERROR(VLOOKUP(C2063,参数!$B:$H,2,0),\"\")","v":""},{"$f":"IFERROR(VLOOKUP(C2063,参数!$B:$H,4,0),\"\")","v":""},{"$f":"IFERROR(VLOOKUP(C2063,参数!B:H,3,FALSE),\"\")","v":""},"",1]
[2063,{"$nulls":6},{"$f":"IFERROR(VLOOKUP(C2064,参数!$B:$H,2,0),\"\")","v":""},{"$f":"IFERROR(VLOOKUP(C2064,参数!$B:$H,4,0),\"\")","v":""},{"$f":"IFERROR(VLOOKUP(C2064,参数!B:H,3,FALSE),\"\")","v":""},"",1]
[2064,{"$nulls":6},{"$f":"IFERROR(VLOOKUP(C2065,参数!$B:$H,2,0),\"\")","v":""},{"$f":"IFERROR(VLOOKUP(C2065,参数!$B:$H,4,0),\"\")","v":""},{"$f":"IFERROR(VLOOKUP(C2065,参数!B:H,3,FALSE),\"\")","v":""},"",1]
[2065,{"$nulls":6},{"$f":"IFERROR(VLOOKUP(C2066,参数!$B:$H,2,0),\"\")","v":""},{"$f":"IFERROR(VLOOKUP(C2066,参数!$B:$H,4,0),\"\")","v":""},{"$f":"IFERROR(VLOOKUP(C2066,参数!B:H,3,FALSE),\"\")","v":""},"",1]
[2066,{"$nulls":6},{"$f":"IFERROR(VLOOKUP(C2067,参数!$B:$H,2,0),\"\")","v":""},{"$f":"IFERROR(VLOOKUP(C2067,参数!$B:$H,4,0),\"\")","v":""},{"$f":"IFERROR(VLOOKUP(C2067,参数!B:H,3,FALSE),\"\")","v":""},"",1]
[2067,{"$nulls":6},{"$f":"IFERROR(VLOOKUP(C2068,参数!$B:$H,2,0),\"\")","v":""},{"$f":"IFERROR(VLOOKUP(C2068,参数!$B:$H,4,0),\"\")","v":""},{"$f":"IFERROR(VLOOKUP(C2068,参数!B:H,3,FALSE),\"\")","v":""},"",1]
[2068,{"$nulls":6},{"$f":"IFERROR(VLOOKUP(C2069,参数!$B:$H,2,0),\"\")","v":""},{"$f":"IFERROR(VLOOKUP(C2069,参数!$B:$H,4,0),\"\")","v":""},{"$f":"IFERROR(VLOOKUP(C2069,参数!B:H,3,FALSE),\"\")","v":""},"",1]
[2069,{"$nulls":6},{"$f":"IFERROR(VLOOKUP(C2070,参数!$B:$H,2,0),\"\")","v":""},{"$f":"IFERROR(VLOOKUP(C2070,参数!$B:$H,4,0),\"\")","v":""},{"$f":"IFERROR(VLOOKUP(C2070,参数!B:H,3,FALSE),\"\")","v":""},"",1]
[2070,{"$nulls":6},{"$f":"IFERROR(VLOOKUP(C2071,参数!$B:$H,2,0),\"\")","v":""},{"$f":"IFERROR(VLOOKUP(C2071,参数!$B:$H,4,0),\"\")","v":""},{"$f":"IFERROR(VLOOKUP(C2071,参数!B:H,3,FALSE),\"\")","v":""},"",1]
[2071,{"$nulls":6},{"$f":"IFERROR(VLOOKUP(C2072,参数!$B:$H,2,0),\"\")","v":""},{"$f":"IFERROR(VLOOKUP(C2072,参数!$B:$H,4,0),\"\")","v":""},{"$f":"IFERROR(VLOOKUP(C2072,参数!B:H,3,FALSE),\"\")","v":""},"",1]
[2072,{"$nulls":6},{"$f":"IFERROR(VLOOKUP(C2073,参数!$B:$H,2,0),\"\")","v":""},{"$f":"IFERROR(VLOOKUP(C2073,参数!$B:$H,4,0),\"\")","v":""},{"$f":"IFERROR(VLOOKUP(C2073,参数!B:H,3,FALSE),\"\")","v":""},"",1]
[2073,{"$nulls":6},{"$f":"IFERROR(VLOOKUP(C2074,参数!$B:$H,2,0),\"\")","v":""},{"$f":"IFERROR(VLOOKUP(C2074,参数!$B:$H,4,0),\"\")","v":""},{"$f":"IFERROR(VLOOKUP(C2074,参数!B:H,3,FALSE),\"\")","v":""},"",1]
[2074,{"$nulls":6},{"$f":"IFERROR(VLOOKUP(C2075,参数!$B:$H,2,0),\"\")","v":""},{"$f":"IFERROR(VLOOKUP(C2075,参数!$B:$H,4,0),\"\")","v":""},{"$f":"IFERROR(VLOOKUP(C2075,参数!B:H,3,FALSE),\"\")","v":""},"",1]
[2075,{"$nulls":6},{"$f":"IFERROR(VLOOKUP(C2076,参数!$B:$H,2,0),\"\")","v":""},{"$f":"IFERROR(VLOOKUP(C2076,参数!$B:$H,4,0),\"\")","v":""},{"$f":"IFERROR(VLOOKUP(C2076,参数!B:H,3,FALSE),\"\")","v":""},"",1]
[2076,{"$nulls":6},{"$f":"IFERROR(VLOOKUP(C2077,参数!$B:$H,2,0),\"\")","v":""},{"$f":"IFERROR(VLOOKUP(C2077,参数!$B:$H,4,0),\"\")","v":""},{"$f":"IFERROR(VLOOKUP(C2077,参数!B:H,3,FALSE),\"\")","v":""},"",1]
[2077,{"$nulls":6},{"$f":"IFERROR(VLOOKUP(C2078,参数!$B:$H,2,0),\"\")","v":""},{"$f":"IFERROR(VLOOKUP(C2078,参数!$B:$H,4,0),\"\")","v":""},{"$f":"IFERROR(VLOOKUP(C2078,参数!B:H,3,FALSE),\"\")","v":""},"",1]
[2078,{"$nulls":6},{"$f":"IFERROR(VLOOKUP(C2079,参数!$B:$H,2,0),\"\")","v":""},{"$f":"IFERROR(VLOOKUP(C2079,参数!$B:$H,4,0),\"\")","v":""},{"$f":"IFERROR(VLOOKUP(C2079,参数!B:H,3,FALSE),\"\")","v":""},"",1]
[2079,{"$nulls":6},{"$f":"IFERROR(VLOOKUP(C2080,参数!$B:$H,2,0),\"\")","v":""},{"$f":"IFERROR(VLOOKUP(C2080,参数!$B:$H,4,0),\"\")","v":""},{"$f":"IFERROR(VLOOKUP(C2080,参数!B:H,3,FALSE),\"\")","v":""},"",1]
[2080,{"$nulls":6},{"$f":"IFERROR(VLOOKUP(C2081,参数!$B:$H,2,0),\"\")","v":""},{"$f":"IFERROR(VLOOKUP(C2081,参数!$B:$H,4,0),\"\")","v":""},{"$f":"IFERROR(VLOOKUP(C2081,参数!B:H,3,FALSE),\"\")","v":""},"",1]
[2081,{"$nulls":6},{"$f":"IFERROR(VLOOKUP(C2082,参数!$B:$H,2,0),\"\")","v":""},{"$f":"IFERROR(VLOOKUP(C2082,参数!$B:$H,4,0),\"\")","v":""},{"$f":"IFERROR(VLOOKUP(C2082,参数!B:H,3,FALSE),\"\")","v":""},"",1]
[2082,{"$nulls":6},{"$f":"IFERROR(VLOOKUP(C2083,参数!$B:$H,2,0),\"\")","v":""},{"$f":"IFERROR(VLOOKUP(C2083,参数!$B:$H,4,0),\"\")","v":""},{"$f":"IFERROR(VLOOKUP(C2083,参数!B:H,3,FALSE),\"\")","v":""},"",1]
[2083,{"$nulls":6},{"$f":"IFERROR(VLOOKUP(C2084,参数!$B:$H,2,0),\"\")","v":""},{"$f":"IFERROR(VLOOKUP(C2084,参数!$B:$H,4,0),\"\")","v":""},{"$f":"IFERROR(VLOOKUP(C2084,参数!B:H,3,FALSE),\"\")","v":""},"",1]
[2084,{"$nulls":6},{"$f":"IFERROR(VLOOKUP(C2085,参数!$B:$H,2,0),\"\")","v":""},{"$f":"IFERROR(VLOOKUP(C2085,参数!$B:$H,4,0),\"\")","v":""},{"$f":"IFERROR(VLOOKUP(C2085,参数!B:H,3,FALSE),\"\")","v":""},{"$f":"IFERROR(J2085*E2085,\"\")","v":""},1]
[2085,{"$nulls":6},{"$f":"IFERROR(VLOOKUP(C2086,参数!$B:$H,2,0),\"\")","v":""},{"$f":"IFERROR(VLOOKUP(C2086,参数!$B:$H,4,0),\"\")","v":""},{"$f":"IFERROR(VLOOKUP(C2086,参数!B:H,3,FALSE),\"\")","v":""},"",1]
[2086,{"$nulls":6},{"$f":"IFERROR(VLOOKUP(C2087,参数!$B:$H,2,0),\"\")","v":""},{"$f":"IFERROR(VLOOKUP(C2087,参数!$B:$H,4,0),\"\")","v":""},{"$f":"IFERROR(VLOOKUP(C2087,参数!B:H,3,FALSE),\"\")","v":""},"",1]
[2087,{"$nulls":6},{"$f":"IFERROR(VLOOKUP(C2088,参数!$B:$H,2,0),\"\")","v":""},{"$f":"IFERROR(VLOOKUP(C2088,参数!$B:$H,4,0),\"\")","v":""},{"$f":"IFERROR(VLOOKUP(C2088,参数!B:H,3,FALSE),\"\")","v":""},"",1]
[2088,{"$nulls":6},{"$f":"IFERROR(VLOOKUP(C2089,参数!$B:$H,2,0),\"\")","v":""},{"$f":"IFERROR(VLOOKUP(C2089,参数!$B:$H,4,0),\"\")","v":""},{"$f":"IFERROR(VLOOKUP(C2089,参数!B:H,3,FALSE),\"\")","v":""},"",1]
[2089,{"$nulls":6},{"$f":"IFERROR(VLOOKUP(C2090,参数!$B:$H,2,0),\"\")","v":""},{"$f":"IFERROR(VLOOKUP(C2090,参数!$B:$H,4,0),\"\")","v":""},{"$f":"IFERROR(VLOOKUP(C2090,参数!B:H,3,FALSE),\"\")","v":""},"",1]
[2090,{"$nulls":6},{"$f":"IFERROR(VLOOKUP(C2091,参数!$B:$H,2,0),\"\")","v":""},{"$f":"IFERROR(VLOOKUP(C2091,参数!$B:$H,4,0),\"\")","v":""},{"$f":"IFERROR(VLOOKUP(C2091,参数!B:H,3,FALSE),\"\")","v":""},"",1]
[2091,{"$nulls":6},{"$f":"IFERROR(VLOOKUP(C2092,参数!$B:$H,2,0),\"\")","v":""},{"$f":"IFERROR(VLOOKUP(C2092,参数!$B:$H,4,0),\"\")","v":""},{"$f":"IFERROR(VLOOKUP(C2092,参数!B:H,3,FALSE),\"\")","v":""},"",1]
[2092,{"$nulls":6},{"$f":"IFERROR(VLOOKUP(C2093,参数!$B:$H,2,0),\"\")","v":""},{"$f":"IFERROR(VLOOKUP(C2093,参数!$B:$H,4,0),\"\")","v":""},{"$f":"IFERROR(VLOOKUP(C2093,参数!B:H,3,FALSE),\"\")","v":""},"",1]
[2093,{"$nulls":6},{"$f":"IFERROR(VLOOKUP(C2094,参数!$B:$H,2,0),\"\")","v":""},{"$f":"IFERROR(VLOOKUP(C2094,参数!$B:$H,4,0),\"\")","v":""},{"$f":"IFERROR(VLOOKUP(C2094,参数!B:H,3,FALSE),\"\")","v":""},"",1]
[2094,{"$nulls":6},{"$f":"IFERROR(VLOOKUP(C2095,参数!$B:$H,2,0),\"\")","v":""},{"$f":"IFERROR(VLOOKUP(C2095,参数!$B:$H,4,0),\"\")","v":""},{"$f":"IFERROR(VLOOKUP(C2095,参数!B:H,3,FALSE),\"\")","v":""},"",1]
[2095,{"$nulls":6},{"$f":"IFERROR(VLOOKUP(C2096,参数!$B:$H,2,0),\"\")","v":""},{"$f":"IFERROR(VLOOKUP(C2096,参数!$B:$H,4,0),\"\")","v":""},{"$f":"IFERROR(VLOOKUP(C2096,参数!B:H,3,FALSE),\"\")","v":""},"",1]
[2096,{"$nulls":6},{"$f":"IFERROR(VLOOKUP(C2097,参数!$B:$H,2,0),\"\")","v":""},{"$f":"IFERROR(VLOOKUP(C2097,参数!$B:$H,4,0),\"\")","v":""},{"$f":"IFERROR(VLOOKUP(C2097,参数!B:H,3,FALSE),\"\")","v":""},"",1]
[2097,{"$nulls":6},{"$f":"IFERROR(VLOOKUP(C2098,参数!$B:$H,2,0),\"\")","v":""},{"$f":"IFERROR(VLOOKUP(C2098,参数!$B:$H,4,0),\"\")","v":""},{"$f":"IFERROR(VLOOKUP(C2098,参数!B:H,3,FALSE),\"\")","v":""},"",1]
[2098,{"$nulls":6},{"$f":"IFERROR(VLOOKUP(C2099,参数!$B:$H,2,0),\"\")","v":""},{"$f":"IFERROR(VLOOKUP(C2099,参数!$B:$H,4,0),\"\")","v":""},{"$f":"IFERROR(VLOOKUP(C2099,参数!B:H,3,FALSE),\"\")","v":""},"",1]
[2099,{"$nulls":6},{"$f":"IFERROR(VLOOKUP(C2100,参数!$B:$H,2,0),\"\")","v":""},{"$f":"IFERROR(VLOOKUP(C2100,参数!$B:$H,4,0),\"\")","v":""},{"$f":"IFERROR(VLOOKUP(C2100,参数!B:H,3,FALSE),\"\")","v":""},"",1]
[2100,{"$nulls":6},{"$f":"IFERROR(VLOOKUP(C2101,参数!$B:$H,2,0),\"\")","v":""},{"$f":"IFERROR(VLOOKUP(C2101,参数!$B:$H,4,0),\"\")","v":""},{"$f":"IFERROR(VLOOKUP(C2101,参数!B:H,3,FALSE),\"\")","v":""},"",1]
[2101,{"$nulls":6},{"$f":"IFERROR(VLOOKUP(C2102,参数!$B:$H,2,0),\"\")","v":""},{"$f":"IFERROR(VLOOKUP(C2102,参数!$B:$H,4,0),\"\")","v":""},{"$f":"IFERROR(VLOOKUP(C2102,参数!B:H,3,FALSE),\"\")","v":""},"",1]
[2102,{"$nulls":6},{"$f":"IFERROR(VLOOKUP(C2103,参数!$B:$H,2,0),\"\")","v":""},{"$f":"IFERROR(VLOOKUP(C2103,参数!$B:$H,4,0),\"\")","v":""},{"$f":"IFERROR(VLOOKUP(C2103,参数!B:H,3,FALSE),\"\")","v":""},"",1]
[2103,{"$nulls":6},{"$f":"IFERROR(VLOOKUP(C2104,参数!$B:$H,2,0),\"\")","v":""},{"$f":"IFERROR(VLOOKUP(C2104,参数!$B:$H,4,0),\"\")","v":""},{"$f":"IFERROR(VLOOKUP(C2104,参数!B:H,3,FALSE),\"\")","v":""},"",1]
[2104,{"$nulls":6},{"$f":"IFERROR(VLOOKUP(C2105,参数!$B:$H,2,0),\"\")","v":""},{"$f":"IFERROR(VLOOKUP(C2105,参数!$B:$H,4,0),\"\")","v":""},{"$f":"IFERROR(VLOOKUP(C2105,参数!B:H,3,FALSE),\"\")","v":""},"",1]
[2105,{"$nulls":6},{"$f":"IFERROR(VLOOKUP(C2106,参数!$B:$H,2,0),\"\")","v":""},{"$f":"IFERROR(VLOOKUP(C2106,参数!$B:$H,4,0),\"\")","v":""},{"$f":"IFERROR(VLOOKUP(C2106,参数!B:H,3,FALSE),\"\")","v":""},"",1]
[2106,{"$nulls":6},{"$f":"IFERROR(VLOOKUP(C2107,参数!$B:$H,2,0),\"\")","v":""},{"$f":"IFERROR(VLOOKUP(C2107,参数!$B:$H,4,0),\"\")","v":""},{"$f":"IFERROR(VLOOKUP(C2107,参数!B:H,3,FALSE),\"\")","v":""},"",1]
[2107,{"$nulls":6},{"$f":"IFERROR(VLOOKUP(C2108,参数!$B:$H,2,0),\"\")","v":""},{"$f":"IFERROR(VLOOKUP(C2108,参数!$B:$H,4,0),\"\")","v":""},{"$f":"IFERROR(VLOOKUP(C2108,参数!B:H,3,FALSE),\"\")","v":""},"",1]
[2108,{"$nulls":6},{"$f":"IFERROR(VLOOKUP(C2109,参数!$B:$H,2,0),\"\")","v":""},{"$f":"IFERROR(VLOOKUP(C2109,参数!$B:$H,4,0),\"\")","v":""},{"$f":"IFERROR(VLOOKUP(C2109,参数!B:H,3,FALSE),\"\")","v":""},"",1]
[2109,{"$nulls":6},{"$f":"IFERROR(VLOOKUP(C2110,参数!$B:$H,2,0),\"\")","v":""},{"$f":"IFERROR(VLOOKUP(C2110,参数!$B:$H,4,0),\"\")","v":""},{"$f":"IFERROR(VLOOKUP(C2110,参数!B:H,3,FALSE),\"\")","v":""},"",1]
[2110,{"$nulls":6},{"$f":"IFERROR(VLOOKUP(C2111,参数!$B:$H,2,0),\"\")","v":""},{"$f":"IFERROR(VLOOKUP(C2111,参数!$B:$H,4,0),\"\")","v":""},{"$f":"IFERROR(VLOOKUP(C2111,参数!B:H,3,FALSE),\"\")","v":""},"",1]
[2111,{"$nulls":6},{"$f":"IFERROR(VLOOKUP(C2112,参数!$B:$H,2,0),\"\")","v":""},{"$f":"IFERROR(VLOOKUP(C2112,参数!$B:$H,4,0),\"\")","v":""},{"$f":"IFERROR(VLOOKUP(C2112,参数!B:H,3,FALSE),\"\")","v":""},"",1]
[2112,{"$nulls":6},{"$f":"IFERROR(VLOOKUP(C2113,参数!$B:$H,2,0),\"\")","v":""},{"$f":"IFERROR(VLOOKUP(C2113,参数!$B:$H,4,0),\"\")","v":""},{"$f":"IFERROR(VLOOKUP(C2113,参数!B:H,3,FALSE),\"\")","v":""},"",1]
[2113,{"$nulls":6},{"$f":"IFERROR(VLOOKUP(C2114,参数!$B:$H,2,0),\"\")","v":""},{"$f":"IFERROR(VLOOKUP(C2114,参数!$B:$H,4,0),\"\")","v":""},{"$f":"IFERROR(VLOOKUP(C2114,参数!B:H,3,FALSE),\"\")","v":""},"",{"$f":"VALUE(MONTH(B2114))","v":1}]
[2114,{"$nulls":6},{"$f":"IFERROR(VLOOKUP(C2115,参数!$B:$H,2,0),\"\")","v":""},{"$f":"IFERROR(VLOOKUP(C2115,参数!$B:$H,4,0),\"\")","v":""},{"$f":"IFERROR(VLOOKUP(C2115,参数!B:H,3,FALSE),\"\")","v":""},"",1]
[2115,{"$nulls":6},{"$f":"IFERROR(VLOOKUP(C2116,参数!$B:$H,2,0),\"\")","v":""},{"$f":"IFERROR(VLOOKUP(C2116,参数!$B:$H,4,0),\"\")","v":""},{"$f":"IFERROR(VLOOKUP(C2116,参数!B:H,3,FALSE),\"\")","v":""},"",1]
[2116,{"$nulls":6},{"$f":"IFERROR(VLOOKUP(C2117,参数!$B:$H,2,0),\"\")","v":""},{"$f":"IFERROR(VLOOKUP(C2117,参数!$B:$H,4,0),\"\")","v":""},{"$f":"IFERROR(VLOOKUP(C2117,参数!B:H,3,FALSE),\"\")","v":""},"",1]
[2117,{"$nulls":6},{"$f":"IFERROR(VLOOKUP(C2118,参数!$B:$H,2,0),\"\")","v":""},{"$f":"IFERROR(VLOOKUP(C2118,参数!$B:$H,4,0),\"\")","v":""},{"$f":"IFERROR(VLOOKUP(C2118,参数!B:H,3,FALSE),\"\")","v":""},"",1]
[2118,{"$nulls":6},{"$f":"IFERROR(VLOOKUP(C2119,参数!$B:$H,2,0),\"\")","v":""},{"$f":"IFERROR(VLOOKUP(C2119,参数!$B:$H,4,0),\"\")","v":""},{"$f":"IFERROR(VLOOKUP(C2119,参数!B:H,3,FALSE),\"\")","v":""},"",1]
[2119,{"$nulls":6},{"$f":"IFERROR(VLOOKUP(C2120,参数!$B:$H,2,0),\"\")","v":""},{"$f":"IFERROR(VLOOKUP(C2120,参数!$B:$H,4,0),\"\")","v":""},{"$f":"IFERROR(VLOOKUP(C2120,参数!B:H,3,FALSE),\"\")","v":""},"",1]
[2120,{"$nulls":6},{"$f":"IFERROR(VLOOKUP(C2121,参数!$B:$H,2,0),\"\")","v":""},{"$f":"IFERROR(VLOOKUP(C2121,参数!$B:$H,4,0),\"\")","v":""},{"$f":"IFERROR(VLOOKUP(C2121,参数!B:H,3,FALSE),\"\")","v":""},"",1]
[2121,{"$nulls":6},{"$f":"IFERROR(VLOOKUP(C2122,参数!$B:$H,2,0),\"\")","v":""},{"$f":"IFERROR(VLOOKUP(C2122,参数!$B:$H,4,0),\"\")","v":""},{"$f":"IFERROR(VLOOKUP(C2122,参数!B:H,3,FALSE),\"\")","v":""},"",1]
[2122,{"$nulls":6},{"$f":"IFERROR(VLOOKUP(C2123,参数!$B:$H,2,0),\"\")","v":""},{"$f":"IFERROR(VLOOKUP(C2123,参数!$B:$H,4,0),\"\")","v":""},{"$f":"IFERROR(VLOOKUP(C2123,参数!B:H,3,FALSE),\"\")","v":""},"",1]
[2123,{"$nulls":6},{"$f":"IFERROR(VLOOKUP(C2124,参数!$B:$H,2,0),\"\")","v":""},{"$f":"IFERROR(VLOOKUP(C2124,参数!$B:$H,4,0),\"\")","v":""},{"$f":"IFERROR(VLOOKUP(C2124,参数!B:H,3,FALSE),\"\")","v":""},"",1]
[2124,{"$nulls":6},{"$f":"IFERROR(VLOOKUP(C2125,参数!$B:$H,2,0),\"\")","v":""},{"$f":"IFERROR(VLOOKUP(C2125,参数!$B:$H,4,0),\"\")","v":""},{"$f":"IFERROR(VLOOKUP(C2125,参数!B:H,3,FALSE),\"\")","v":""},"",1]
[2125,{"$nulls":6},{"$f":"IFERROR(VLOOKUP(C2126,参数!$B:$H,2,0),\"\")","v":""},{"$f":"IFERROR(VLOOKUP(C2126,参数!$B:$H,4,0),\"\")","v":""},{"$f":"IFERROR(VLOOKUP(C2126,参数!B:H,3,FALSE),\"\")","v":""},"",1]
[2126,{"$nulls":6},{"$f":"IFERROR(VLOOKUP(C2127,参数!$B:$H,2,0),\"\")","v":""},{"$f":"IFERROR(VLOOKUP(C2127,参数!$B:$H,4,0),\"\")","v":""},{"$f":"IFERROR(VLOOKUP(C2127,参数!B:H,3,FALSE),\"\")","v":""},"",1]
[2127,{"$nulls":6},{"$f":"IFERROR(VLOOKUP(C2128,参数!$B:$H,2,0),\"\")","v":""},{"$f":"IFERROR(VLOOKUP(C2128,参数!$B:$H,4,0),\"\")","v":""},{"$f":"IFERROR(VLOOKUP(C2128,参数!B:H,3,FALSE),\"\")","v":""},"",1]
[2128,{"$nulls":6},{"$f":"IFERROR(VLOOKUP(C2129,参数!$B:$H,2,0),\"\")","v":""},{"$f":"IFERROR(VLOOKUP(C2129,参数!$B:$H,4,0),\"\")","v":""},{"$f":"IFERROR(VLOOKUP(C2129,参数!B:H,3,FALSE),\"\")","v":""},"",1]
[2129,{"$nulls":6},{"$f":"IFERROR(VLOOKUP(C2130,参数!$B:$H,2,0),\"\")","v":""},{"$f":"IFERROR(VLOOKUP(C2130,参数!$B:$H,4,0),\"\")","v":""},{"$f":"IFERROR(VLOOKUP(C2130,参数!B:H,3,FALSE),\"\")","v":""},"",1]
[2130,{"$nulls":6},{"$f":"IFERROR(VLOOKUP(C2131,参数!$B:$H,2,0),\"\")","v":""},{"$f":"IFERROR(VLOOKUP(C2131,参数!$B:$H,4,0),\"\")","v":""},{"$f":"IFERROR(VLOOKUP(C2131,参数!B:H,3,FALSE),\"\")","v":""},"",1]
[2131,{"$nulls":6},{"$f":"IFERROR(VLOOKUP(C2132,参数!$B:$H,2,0),\"\")","v":""},{"$f":"IFERROR(VLOOKUP(C2132,参数!$B:$H,4,0),\"\")","v":""},{"$f":"IFERROR(VLOOKUP(C2132,参数!B:H,3,FALSE),\"\")","v":""},"",1]
[2132,{"$nulls":6},{"$f":"IFERROR(VLOOKUP(C2133,参数!$B:$H,2,0),\"\")","v":""},{"$f":"IFERROR(VLOOKUP(C2133,参数!$B:$H,4,0),\"\")","v":""},{"$f":"IFERROR(VLOOKUP(C2133,参数!B:H,3,FALSE),\"\")","v":""},"",1]
[2133,{"$nulls":6},{"$f":"IFERROR(VLOOKUP(C2134,参数!$B:$H,2,0),\"\")","v":""},{"$f":"IFERROR(VLOOKUP(C2134,参数!$B:$H,4,0),\"\")","v":""},{"$f":"IFERROR(VLOOKUP(C2134,参数!B:H,3,FALSE),\"\")","v":""},"",1]
[2134,{"$nulls":6},{"$f":"IFERROR(VLOOKUP(C2135,参数!$B:$H,2,0),\"\")","v":""},{"$f":"IFERROR(VLOOKUP(C2135,参数!$B:$H,4,0),\"\")","v":""},{"$f":"IFERROR(VLOOKUP(C2135,参数!B:H,3,FALSE),\"\")","v":""},"",1]
[2135,{"$nulls":6},{"$f":"IFERROR(VLOOKUP(C2136,参数!$B:$H,2,0),\"\")","v":""},{"$f":"IFERROR(VLOOKUP(C2136,参数!$B:$H,4,0),\"\")","v":""},{"$f":"IFERROR(VLOOKUP(C2136,参数!B:H,3,FALSE),\"\")","v":""},"",1]
[2136,{"$nulls":6},{"$f":"IFERROR(VLOOKUP(C2137,参数!$B:$H,2,0),\"\")","v":""},{"$f":"IFERROR(VLOOKUP(C2137,参数!$B:$H,4,0),\"\")","v":""},{"$f":"IFERROR(VLOOKUP(C2137,参数!B:H,3,FALSE),\"\")","v":""},"",1]
[2137,{"$nulls":6},{"$f":"IFERROR(VLOOKUP(C2138,参数!$B:$H,2,0),\"\")","v":""},{"$f":"IFERROR(VLOOKUP(C2138,参数!$B:$H,4,0),\"\")","v":""},{"$f":"IFERROR(VLOOKUP(C2138,参数!B:H,3,FALSE),\"\")","v":""},"",1]
[2138,{"$nulls":6},{"$f":"IFERROR(VLOOKUP(C2139,参数!$B:$H,2,0),\"\")","v":""},{"$f":"IFERROR(VLOOKUP(C2139,参数!$B:$H,4,0),\"\")","v":""},{"$f":"IFERROR(VLOOKUP(C2139,参数!B:H,3,FALSE),\"\")","v":""},"",1]
[2139,{"$nulls":6},{"$f":"IFERROR(VLOOKUP(C2140,参数!$B:$H,2,0),\"\")","v":""},{"$f":"IFERROR(VLOOKUP(C2140,参数!$B:$H,4,0),\"\")","v":""},{"$f":"IFERROR(VLOOKUP(C2140,参数!B:H,3,FALSE),\"\")","v":""},"",1]
[2140,{"$nulls":6},{"$f":"IFERROR(VLOOKUP(C2141,参数!$B:$H,2,0),\"\")","v":""},{"$f":"IFERROR(VLOOKUP(C2141,参数!$B:$H,4,0),\"\")","v":""},{"$f":"IFERROR(VLOOKUP(C2141,参数!B:H,3,FALSE),\"\")","v":""},"",1]
[2141,{"$nulls":6},{"$f":"IFERROR(VLOOKUP(C2142,参数!$B:$H,2,0),\"\")","v":""},{"$f":"IFERROR(VLOOKUP(C2142,参数!$B:$H,4,0),\"\")","v":""},{"$f":"IFERROR(VLOOKUP(C2142,参数!B:H,3,FALSE),\"\")","v":""},"",1]
[2142,{"$nulls":6},{"$f":"IFERROR(VLOOKUP(C2143,参数!$B:$H,2,0),\"\")","v":""},{"$f":"IFERROR(VLOOKUP(C2143,参数!$B:$H,4,0),\"\")","v":""},{"$f":"IFERROR(VLOOKUP(C2143,参数!B:H,3,FALSE),\"\")","v":""},"",1]
[2143,{"$nulls":6},{"$f":"IFERROR(VLOOKUP(C2144,参数!$B:$H,2,0),\"\")","v":""},{"$f":"IFERROR(VLOOKUP(C2144,参数!$B:$H,4,0),\"\")","v":""},{"$f":"IFERROR(VLOOKUP(C2144,参数!B:H,3,FALSE),\"\")","v":""},"",1]
[2144,{"$nulls":6},{"$f":"IFERROR(VLOOKUP(C2145,参数!$B:$H,2,0),\"\")","v":""},{"$f":"IFERROR(VLOOKUP(C2145,参数!$B:$H,4,0),\"\")","v":""},{"$f":"IFERROR(VLOOKUP(C2145,参数!B:H,3,FALSE),\"\")","v":""},"",1]
[2145,{"$nulls":6},{"$f":"IFERROR(VLOOKUP(C2146,参数!$B:$H,2,0),\"\")","v":""},{"$f":"IFERROR(VLOOKUP(C2146,参数!$B:$H,4,0),\"\")","v":""},{"$f":"IFERROR(VLOOKUP(C2146,参数!B:H,3,FALSE),\"\")","v":""},"",1]
[2146,{"$nulls":6},{"$f":"IFERROR(VLOOKUP(C2147,参数!$B:$H,2,0),\"\")","v":""},{"$f":"IFERROR(VLOOKUP(C2147,参数!$B:$H,4,0),\"\")","v":""},{"$f":"IFERROR(VLOOKUP(C2147,参数!B:H,3,FALSE),\"\")","v":""},"",1]
[2147,{"$nulls":6},{"$f":"IFERROR(VLOOKUP(C2148,参数!$B:$H,2,0),\"\")","v":""},{"$f":"IFERROR(VLOOKUP(C2148,参数!$B:$H,4,0),\"\")","v":""},{"$f":"IFERROR(VLOOKUP(C2148,参数!B:H,3,FALSE),\"\")","v":""},"",1]
[2148,{"$nulls":6},{"$f":"IFERROR(VLOOKUP(C2149,参数!$B:$H,2,0),\"\")","v":""},{"$f":"IFERROR(VLOOKUP(C2149,参数!$B:$H,4,0),\"\")","v":""},{"$f":"IFERROR(VLOOKUP(C2149,参数!B:H,3,FALSE),\"\")","v":""},{"$f":"IFERROR(J2149*E2149,\"\")","v":""},1]
[2149,{"$nulls":6},{"$f":"IFERROR(VLOOKUP(C2150,参数!$B:$H,2,0),\"\")","v":""},{"$f":"IFERROR(VLOOKUP(C2150,参数!$B:$H,4,0),\"\")","v":""},{"$f":"IFERROR(VLOOKUP(C2150,参数!B:H,3,FALSE),\"\")","v":""},"",1]
[2150,{"$nulls":6},{"$f":"IFERROR(VLOOKUP(C2151,参数!$B:$H,2,0),\"\")","v":""},{"$f":"IFERROR(VLOOKUP(C2151,参数!$B:$H,4,0),\"\")","v":""},{"$f":"IFERROR(VLOOKUP(C2151,参数!B:H,3,FALSE),\"\")","v":""},"",1]
[2151,{"$nulls":6},{"$f":"IFERROR(VLOOKUP(C2152,参数!$B:$H,2,0),\"\")","v":""},{"$f":"IFERROR(VLOOKUP(C2152,参数!$B:$H,4,0),\"\")","v":""},{"$f":"IFERROR(VLOOKUP(C2152,参数!B:H,3,FALSE),\"\")","v":""},"",1]
[2152,{"$nulls":6},{"$f":"IFERROR(VLOOKUP(C2153,参数!$B:$H,2,0),\"\")","v":""},{"$f":"IFERROR(VLOOKUP(C2153,参数!$B:$H,4,0),\"\")","v":""},{"$f":"IFERROR(VLOOKUP(C2153,参数!B:H,3,FALSE),\"\")","v":""},"",1]
[2153,{"$nulls":6},{"$f":"IFERROR(VLOOKUP(C2154,参数!$B:$H,2,0),\"\")","v":""},{"$f":"IFERROR(VLOOKUP(C2154,参数!$B:$H,4,0),\"\")","v":""},{"$f":"IFERROR(VLOOKUP(C2154,参数!B:H,3,FALSE),\"\")","v":""},"",1]
[2154,{"$nulls":6},{"$f":"IFERROR(VLOOKUP(C2155,参数!$B:$H,2,0),\"\")","v":""},{"$f":"IFERROR(VLOOKUP(C2155,参数!$B:$H,4,0),\"\")","v":""},{"$f":"IFERROR(VLOOKUP(C2155,参数!B:H,3,FALSE),\"\")","v":""},"",1]
[2155,{"$nulls":6},{"$f":"IFERROR(VLOOKUP(C2156,参数!$B:$H,2,0),\"\")","v":""},{"$f":"IFERROR(VLOOKUP(C2156,参数!$B:$H,4,0),\"\")","v":""},{"$f":"IFERROR(VLOOKUP(C2156,参数!B:H,3,FALSE),\"\")","v":""},"",1]
[2156,{"$nulls":6},{"$f":"IFERROR(VLOOKUP(C2157,参数!$B:$H,2,0),\"\")","v":""},{"$f":"IFERROR(VLOOKUP(C2157,参数!$B:$H,4,0),\"\")","v":""},{"$f":"IFERROR(VLOOKUP(C2157,参数!B:H,3,FALSE),\"\")","v":""},"",1]
[2157,{"$nulls":6},{"$f":"IFERROR(VLOOKUP(C2158,参数!$B:$H,2,0),\"\")","v":""},{"$f":"IFERROR(VLOOKUP(C2158,参数!$B:$H,4,0),\"\")","v":""},{"$f":"IFERROR(VLOOKUP(C2158,参数!B:H,3,FALSE),\"\")","v":""},"",1]
[2158,{"$nulls":6},{"$f":"IFERROR(VLOOKUP(C2159,参数!$B:$H,2,0),\"\")","v":""},{"$f":"IFERROR(VLOOKUP(C2159,参数!$B:$H,4,0),\"\")","v":""},{"$f":"IFERROR(VLOOKUP(C2159,参数!B:H,3,FALSE),\"\")","v":""},"",1]
[2159,{"$nulls":6},{"$f":"IFERROR(VLOOKUP(C2160,参数!$B:$H,2,0),\"\")","v":""},{"$f":"IFERROR(VLOOKUP(C2160,参数!$B:$H,4,0),\"\")","v":""},{"$f":"IFERROR(VLOOKUP(C2160,参数!B:H,3,FALSE),\"\")","v":""},"",1]
[2160,{"$nulls":6},{"$f":"IFERROR(VLOOKUP(C2161,参数!$B:$H,2,0),\"\")","v":""},{"$f":"IFERROR(VLOOKUP(C2161,参数!$B:$H,4,0),\"\")","v":""},{"$f":"IFERROR(VLOOKUP(C2161,参数!B:H,3,FALSE),\"\")","v":""},"",1]
[2161,{"$nulls":6},{"$f":"IFERROR(VLOOKUP(C2162,参数!$B:$H,2,0),\"\")","v":""},{"$f":"IFERROR(VLOOKUP(C2162,参数!$B:$H,4,0),\"\")","v":""},{"$f":"IFERROR(VLOOKUP(C2162,参数!B:H,3,FALSE),\"\")","v":""},"",1]
[2162,{"$nulls":6},{"$f":"IFERROR(VLOOKUP(C2163,参数!$B:$H,2,0),\"\")","v":""},{"$f":"IFERROR(VLOOKUP(C2163,参数!$B:$H,4,0),\"\")","v":""},{"$f":"IFERROR(VLOOKUP(C2163,参数!B:H,3,FALSE),\"\")","v":""},"",1]
[2163,{"$nulls":6},{"$f":"IFERROR(VLOOKUP(C2164,参数!$B:$H,2,0),\"\")","v":""},{"$f":"IFERROR(VLOOKUP(C2164,参数!$B:$H,4,0),\"\")","v":""},{"$f":"IFERROR(VLOOKUP(C2164,参数!B:H,3,FALSE),\"\")","v":""},"",1]
[2164,{"$nulls":6},{"$f":"IFERROR(VLOOKUP(C2165,参数!$B:$H,2,0),\"\")","v":""},{"$f":"IFERROR(VLOOKUP(C2165,参数!$B:$H,4,0),\"\")","v":""},{"$f":"IFERROR(VLOOKUP(C2165,参数!B:H,3,FALSE),\"\")","v":""},"",1]
[2165,{"$nulls":6},{"$f":"IFERROR(VLOOKUP(C2166,参数!$B:$H,2,0),\"\")","v":""},{"$f":"IFERROR(VLOOKUP(C2166,参数!$B:$H,4,0),\"\")","v":""},{"$f":"IFERROR(VLOOKUP(C2166,参数!B:H,3,FALSE),\"\")","v":""},"",1]
[2166,{"$nulls":6},{"$f":"IFERROR(VLOOKUP(C2167,参数!$B:$H,2,0),\"\")","v":""},{"$f":"IFERROR(VLOOKUP(C2167,参数!$B:$H,4,0),\"\")","v":""},{"$f":"IFERROR(VLOOKUP(C2167,参数!B:H,3,FALSE),\"\")","v":""},"",1]
[2167,{"$nulls":6},{"$f":"IFERROR(VLOOKUP(C2168,参数!$B:$H,2,0),\"\")","v":""},{"$f":"IFERROR(VLOOKUP(C2168,参数!$B:$H,4,0),\"\")","v":""},{"$f":"IFERROR(VLOOKUP(C2168,参数!B:H,3,FALSE),\"\")","v":""},"",1]
[2168,{"$nulls":6},{"$f":"IFERROR(VLOOKUP(C2169,参数!$B:$H,2,0),\"\")","v":""},{"$f":"IFERROR(VLOOKUP(C2169,参数!$B:$H,4,0),\"\")","v":""},{"$f":"IFERROR(VLOOKUP(C2169,参数!B:H,3,FALSE),\"\")","v":""},"",1]
[2169,{"$nulls":6},{"$f":"IFERROR(VLOOKUP(C2170,参数!$B:$H,2,0),\"\")","v":""},{"$f":"IFERROR(VLOOKUP(C2170,参数!$B:$H,4,0),\"\")","v":""},{"$f":"IFERROR(VLOOKUP(C2170,参数!B:H,3,FALSE),\"\")","v":""},"",1]
[2170,{"$nulls":6},{"$f":"IFERROR(VLOOKUP(C2171,参数!$B:$H,2,0),\"\")","v":""},{"$f":"IFERROR(VLOOKUP(C2171,参数!$B:$H,4,0),\"\")","v":""},{"$f":"IFERROR(VLOOKUP(C2171,参数!B:H,3,FALSE),\"\")","v":""},"",1]
[2171,{"$nulls":6},{"$f":"IFERROR(VLOOKUP(C2172,参数!$B:$H,2,0),\"\")","v":""},{"$f":"IFERROR(VLOOKUP(C2172,参数!$B:$H,4,0),\"\")","v":""},{"$f":"IFERROR(VLOOKUP(C2172,参数!B:H,3,FALSE),\"\")","v":""},"",1]
[2172,{"$nulls":6},{"$f":"IFERROR(VLOOKUP(C2173,参数!$B:$H,2,0),\"\")","v":""},{"$f":"IFERROR(VLOOKUP(C2173,参数!$B:$H,4,0),\"\")","v":""},{"$f":"IFERROR(VLOOKUP(C2173,参数!B:H,3,FALSE),\"\")","v":""},"",1]
[2173,{"$nulls":6},{"$f":"IFERROR(VLOOKUP(C2174,参数!$B:$H,2,0),\"\")","v":""},{"$f":"IFERROR(VLOOKUP(C2174,参数!$B:$H,4,0),\"\")","v":""},{"$f":"IFERROR(VLOOKUP(C2174,参数!B:H,3,FALSE),\"\")","v":""},"",1]
[2174,{"$nulls":6},{"$f":"IFERROR(VLOOKUP(C2175,参数!$B:$H,2,0),\"\")","v":""},{"$f":"IFERROR(VLOOKUP(C2175,参数!$B:$H,4,0),\"\")","v":""},{"$f":"IFERROR(VLOOKUP(C2175,参数!B:H,3,FALSE),\"\")","v":""},"",1]
[2175,{"$nulls":6},{"$f":"IFERROR(VLOOKUP(C2176,参数!$B:$H,2,0),\"\")","v":""},{"$f":"IFERROR(VLOOKUP(C2176,参数!$B:$H,4,0),\"\")","v":""},{"$f":"IFERROR(VLOOKUP(C2176,参数!B:H,3,FALSE),\"\")","v":""},"",1]
[2176,{"$nulls":6},{"$f":"IFERROR(VLOOKUP(C2177,参数!$B:$H,2,0),\"\")","v":""},{"$f":"IFERROR(VLOOKUP(C2177,参数!$B:$H,4,0),\"\")","v":""},{"$f":"IFERROR(VLOOKUP(C2177,参数!B:H,3,FALSE),\"\")","v":""},"",1]
[2177,{"$nulls":6},{"$f":"IFERROR(VLOOKUP(C2178,参数!$B:$H,2,0),\"\")","v":""},{"$f":"IFERROR(VLOOKUP(C2178,参数!$B:$H,4,0),\"\")","v":""},{"$f":"IFERROR(VLOOKUP(C2178,参数!B:H,3,FALSE),\"\")","v":""},"",{"$f":"VALUE(MONTH(B2178))","v":1}]
[2178,{"$nulls":6},{"$f":"IFERROR(VLOOKUP(C2179,参数!$B:$H,2,0),\"\")","v":""},{"$f":"IFERROR(VLOOKUP(C2179,参数!$B:$H,4,0),\"\")","v":""},{"$f":"IFERROR(VLOOKUP(C2179,参数!B:H,3,FALSE),\"\")","v":""},"",1]
[2179,{"$nulls":6},{"$f":"IFERROR(VLOOKUP(C2180,参数!$B:$H,2,0),\"\")","v":""},{"$f":"IFERROR(VLOOKUP(C2180,参数!$B:$H,4,0),\"\")","v":""},{"$f":"IFERROR(VLOOKUP(C2180,参数!B:H,3,FALSE),\"\")","v":""},"",1]
[2180,{"$nulls":6},{"$f":"IFERROR(VLOOKUP(C2181,参数!$B:$H,2,0),\"\")","v":""},{"$f":"IFERROR(VLOOKUP(C2181,参数!$B:$H,4,0),\"\")","v":""},{"$f":"IFERROR(VLOOKUP(C2181,参数!B:H,3,FALSE),\"\")","v":""},"",1]
[2181,{"$nulls":6},{"$f":"IFERROR(VLOOKUP(C2182,参数!$B:$H,2,0),\"\")","v":""},{"$f":"IFERROR(VLOOKUP(C2182,参数!$B:$H,4,0),\"\")","v":""},{"$f":"IFERROR(VLOOKUP(C2182,参数!B:H,3,FALSE),\"\")","v":""},"",1]
[2182,{"$nulls":6},{"$f":"IFERROR(VLOOKUP(C2183,参数!$B:$H,2,0),\"\")","v":""},{"$f":"IFERROR(VLOOKUP(C2183,参数!$B:$H,4,0),\"\")","v":""},{"$f":"IFERROR(VLOOKUP(C2183,参数!B:H,3,FALSE),\"\")","v":""},"",1]
[2183,{"$nulls":6},{"$f":"IFERROR(VLOOKUP(C2184,参数!$B:$H,2,0),\"\")","v":""},{"$f":"IFERROR(VLOOKUP(C2184,参数!$B:$H,4,0),\"\")","v":""},{"$f":"IFERROR(VLOOKUP(C2184,参数!B:H,3,FALSE),\"\")","v":""},"",1]
[2184,{"$nulls":6},{"$f":"IFERROR(VLOOKUP(C2185,参数!$B:$H,2,0),\"\")","v":""},{"$f":"IFERROR(VLOOKUP(C2185,参数!$B:$H,4,0),\"\")","v":""},{"$f":"IFERROR(VLOOKUP(C2185,参数!B:H,3,FALSE),\"\")","v":""},"",1]
[2185,{"$nulls":6},{"$f":"IFERROR(VLOOKUP(C2186,参数!$B:$H,2,0),\"\")","v":""},{"$f":"IFERROR(VLOOKUP(C2186,参数!$B:$H,4,0),\"\")","v":""},{"$f":"IFERROR(VLOOKUP(C2186,参数!B:H,3,FALSE),\"\")","v":""},"",1]
[2186,{"$nulls":6},{"$f":"IFERROR(VLOOKUP(C2187,参数!$B:$H,2,0),\"\")","v":""},{"$f":"IFERROR(VLOOKUP(C2187,参数!$B:$H,4,0),\"\")","v":""},{"$f":"IFERROR(VLOOKUP(C2187,参数!B:H,3,FALSE),\"\")","v":""},"",1]
[2187,{"$nulls":6},{"$f":"IFERROR(VLOOKUP(C2188,参数!$B:$H,2,0),\"\")","v":""},{"$f":"IFERROR(VLOOKUP(C2188,参数!$B:$H,4,0),\"\")","v":""},{"$f":"IFERROR(VLOOKUP(C2188,参数!B:H,3,FALSE),\"\")","v":""},"",1]
[2188,{"$nulls":6},{"$f":"IFERROR(VLOOKUP(C2189,参数!$B:$H,2,0),\"\")","v":""},{"$f":"IFERROR(VLOOKUP(C2189,参数!$B:$H,4,0),\"\")","v":""},{"$f":"IFERROR(VLOOKUP(C2189,参数!B:H,3,FALSE),\"\")","v":""},"",1]
[2189,{"$nulls":6},{"$f":"IFERROR(VLOOKUP(C2190,参数!$B:$H,2,0),\"\")","v":""},{"$f":"IFERROR(VLOOKUP(C2190,参数!$B:$H,4,0),\"\")","v":""},{"$f":"IFERROR(VLOOKUP(C2190,参数!B:H,3,FALSE),\"\")","v":""},"",1]
[2190,{"$nulls":6},{"$f":"IFERROR(VLOOKUP(C2191,参数!$B:$H,2,0),\"\")","v":""},{"$f":"IFERROR(VLOOKUP(C2191,参数!$B:$H,4,0),\"\")","v":""},{"$f":"IFERROR(VLOOKUP(C2191,参数!B:H,3,FALSE),\"\")","v":""},"",1]
[2191,{"$nulls":6},{"$f":"IFERROR(VLOOKUP(C2192,参数!$B:$H,2,0),\"\")","v":""},{"$f":"IFERROR(VLOOKUP(C2192,参数!$B:$H,4,0),\"\")","v":""},{"$f":"IFERROR(VLOOKUP(C2192,参数!B:H,3,FALSE),\"\")","v":""},"",1]
[2192,{"$nulls":6},{"$f":"IFERROR(VLOOKUP(C2193,参数!$B:$H,2,0),\"\")","v":""},{"$f":"IFERROR(VLOOKUP(C2193,参数!$B:$H,4,0),\"\")","v":""},{"$f":"IFERROR(VLOOKUP(C2193,参数!B:H,3,FALSE),\"\")","v":""},"",1]
[2193,{"$nulls":6},{"$f":"IFERROR(VLOOKUP(C2194,参数!$B:$H,2,0),\"\")","v":""},{"$f":"IFERROR(VLOOKUP(C2194,参数!$B:$H,4,0),\"\")","v":""},{"$f":"IFERROR(VLOOKUP(C2194,参数!B:H,3,FALSE),\"\")","v":""},"",1]
[2194,{"$nulls":6},{"$f":"IFERROR(VLOOKUP(C2195,参数!$B:$H,2,0),\"\")","v":""},{"$f":"IFERROR(VLOOKUP(C2195,参数!$B:$H,4,0),\"\")","v":""},{"$f":"IFERROR(VLOOKUP(C2195,参数!B:H,3,FALSE),\"\")","v":""},"",1]
[2195,{"$nulls":6},{"$f":"IFERROR(VLOOKUP(C2196,参数!$B:$H,2,0),\"\")","v":""},{"$f":"IFERROR(VLOOKUP(C2196,参数!$B:$H,4,0),\"\")","v":""},{"$f":"IFERROR(VLOOKUP(C2196,参数!B:H,3,FALSE),\"\")","v":""},"",1]
[2196,{"$nulls":6},{"$f":"IFERROR(VLOOKUP(C2197,参数!$B:$H,2,0),\"\")","v":""},{"$f":"IFERROR(VLOOKUP(C2197,参数!$B:$H,4,0),\"\")","v":""},{"$f":"IFERROR(VLOOKUP(C2197,参数!B:H,3,FALSE),\"\")","v":""},"",1]
[2197,{"$nulls":6},{"$f":"IFERROR(VLOOKUP(C2198,参数!$B:$H,2,0),\"\")","v":""},{"$f":"IFERROR(VLOOKUP(C2198,参数!$B:$H,4,0),\"\")","v":""},{"$f":"IFERROR(VLOOKUP(C2198,参数!B:H,3,FALSE),\"\")","v":""},"",1]
[2198,{"$nulls":6},{"$f":"IFERROR(VLOOKUP(C2199,参数!$B:$H,2,0),\"\")","v":""},{"$f":"IFERROR(VLOOKUP(C2199,参数!$B:$H,4,0),\"\")","v":""},{"$f":"IFERROR(VLOOKUP(C2199,参数!B:H,3,FALSE),\"\")","v":""},"",1]
[2199,{"$nulls":6},{"$f":"IFERROR(VLOOKUP(C2200,参数!$B:$H,2,0),\"\")","v":""},{"$f":"IFERROR(VLOOKUP(C2200,参数!$B:$H,4,0),\"\")","v":""},{"$f":"IFERROR(VLOOKUP(C2200,参数!B:H,3,FALSE),\"\")","v":""},"",1]
[2200,{"$nulls":6},{"$f":"IFERROR(VLOOKUP(C2201,参数!$B:$H,2,0),\"\")","v":""},{"$f":"IFERROR(VLOOKUP(C2201,参数!$B:$H,4,0),\"\")","v":""},{"$f":"IFERROR(VLOOKUP(C2201,参数!B:H,3,FALSE),\"\")","v":""},"",1]
[2201,{"$nulls":6},{"$f":"IFERROR(VLOOKUP(C2202,参数!$B:$H,2,0),\"\")","v":""},{"$f":"IFERROR(VLOOKUP(C2202,参数!$B:$H,4,0),\"\")","v":""},{"$f":"IFERROR(VLOOKUP(C2202,参数!B:H,3,FALSE),\"\")","v":""},"",1]
[2202,{"$nulls":6},{"$f":"IFERROR(VLOOKUP(C2203,参数!$B:$H,2,0),\"\")","v":""},{"$f":"IFERROR(VLOOKUP(C2203,参数!$B:$H,4,0),\"\")","v":""},{"$f":"IFERROR(VLOOKUP(C2203,参数!B:H,3,FALSE),\"\")","v":""},"",1]
[2203,{"$nulls":6},{"$f":"IFERROR(VLOOKUP(C2204,参数!$B:$H,2,0),\"\")","v":""},{"$f":"IFERROR(VLOOKUP(C2204,参数!$B:$H,4,0),\"\")","v":""},{"$f":"IFERROR(VLOOKUP(C2204,参数!B:H,3,FALSE),\"\")","v":""},"",1]
[2204,{"$nulls":6},{"$f":"IFERROR(VLOOKUP(C2205,参数!$B:$H,2,0),\"\")","v":""},{"$f":"IFERROR(VLOOKUP(C2205,参数!$B:$H,4,0),\"\")","v":""},{"$f":"IFERROR(VLOOKUP(C2205,参数!B:H,3,FALSE),\"\")","v":""},"",1]
[2205,{"$nulls":6},{"$f":"IFERROR(VLOOKUP(C2206,参数!$B:$H,2,0),\"\")","v":""},{"$f":"IFERROR(VLOOKUP(C2206,参数!$B:$H,4,0),\"\")","v":""},{"$f":"IFERROR(VLOOKUP(C2206,参数!B:H,3,FALSE),\"\")","v":""},"",1]
[2206,{"$nulls":6},{"$f":"IFERROR(VLOOKUP(C2207,参数!$B:$H,2,0),\"\")","v":""},{"$f":"IFERROR(VLOOKUP(C2207,参数!$B:$H,4,0),\"\")","v":""},{"$f":"IFERROR(VLOOKUP(C2207,参数!B:H,3,FALSE),\"\")","v":""},"",1]
[2207,{"$nulls":6},{"$f":"IFERROR(VLOOKUP(C2208,参数!$B:$H,2,0),\"\")","v":""},{"$f":"IFERROR(VLOOKUP(C2208,参数!$B:$H,4,0),\"\")","v":""},{"$f":"IFERROR(VLOOKUP(C2208,参数!B:H,3,FALSE),\"\")","v":""},"",1]
[2208,{"$nulls":6},{"$f":"IFERROR(VLOOKUP(C2209,参数!$B:$H,2,0),\"\")","v":""},{"$f":"IFERROR(VLOOKUP(C2209,参数!$B:$H,4,0),\"\")","v":""},{"$f":"IFERROR(VLOOKUP(C2209,参数!B:H,3,FALSE),\"\")","v":""},"",1]
[2209,{"$nulls":6},{"$f":"IFERROR(VLOOKUP(C2210,参数!$B:$H,2,0),\"\")","v":""},{"$f":"IFERROR(VLOOKUP(C2210,参数!$B:$H,4,0),\"\")","v":""},{"$f":"IFERROR(VLOOKUP(C2210,参数!B:H,3,FALSE),\"\")","v":""},"",1]
[2210,{"$nulls":6},{"$f":"IFERROR(VLOOKUP(C2211,参数!$B:$H,2,0),\"\")","v":""},{"$f":"IFERROR(VLOOKUP(C2211,参数!$B:$H,4,0),\"\")","v":""},{"$f":"IFERROR(VLOOKUP(C2211,参数!B:H,3,FALSE),\"\")","v":""},"",1]
[2211,{"$nulls":6},{"$f":"IFERROR(VLOOKUP(C2212,参数!$B:$H,2,0),\"\")","v":""},{"$f":"IFERROR(VLOOKUP(C2212,参数!$B:$H,4,0),\"\")","v":""},{"$f":"IFERROR(VLOOKUP(C2212,参数!B:H,3,FALSE),\"\")","v":""},"",1]
[2212,{"$nulls":6},{"$f":"IFERROR(VLOOKUP(C2213,参数!$B:$H,2,0),\"\")","v":""},{"$f":"IFERROR(VLOOKUP(C2213,参数!$B:$H,4,0),\"\")","v":""},{"$f":"IFERROR(VLOOKUP(C2213,参数!B:H,3,FALSE),\"\")","v":""},{"$f":"IFERROR(J2213*E2213,\"\")","v":""},1]
[2213,{"$nulls":6},{"$f":"IFERROR(VLOOKUP(C2214,参数!$B:$H,2,0),\"\")","v":""},{"$f":"IFERROR(VLOOKUP(C2214,参数!$B:$H,4,0),\"\")","v":""},{"$f":"IFERROR(VLOOKUP(C2214,参数!B:H,3,FALSE),\"\")","v":""},"",1]
[2214,{"$nulls":6},{"$f":"IFERROR(VLOOKUP(C2215,参数!$B:$H,2,0),\"\")","v":""},{"$f":"IFERROR(VLOOKUP(C2215,参数!$B:$H,4,0),\"\")","v":""},{"$f":"IFERROR(VLOOKUP(C2215,参数!B:H,3,FALSE),\"\")","v":""},"",1]
[2215,{"$nulls":6},{"$f":"IFERROR(VLOOKUP(C2216,参数!$B:$H,2,0),\"\")","v":""},{"$f":"IFERROR(VLOOKUP(C2216,参数!$B:$H,4,0),\"\")","v":""},{"$f":"IFERROR(VLOOKUP(C2216,参数!B:H,3,FALSE),\"\")","v":""},"",1]
[2216,{"$nulls":6},{"$f":"IFERROR(VLOOKUP(C2217,参数!$B:$H,2,0),\"\")","v":""},{"$f":"IFERROR(VLOOKUP(C2217,参数!$B:$H,4,0),\"\")","v":""},{"$f":"IFERROR(VLOOKUP(C2217,参数!B:H,3,FALSE),\"\")","v":""},"",1]
[2217,{"$nulls":6},{"$f":"IFERROR(VLOOKUP(C2218,参数!$B:$H,2,0),\"\")","v":""},{"$f":"IFERROR(VLOOKUP(C2218,参数!$B:$H,4,0),\"\")","v":""},{"$f":"IFERROR(VLOOKUP(C2218,参数!B:H,3,FALSE),\"\")","v":""},"",1]
[2218,{"$nulls":6},{"$f":"IFERROR(VLOOKUP(C2219,参数!$B:$H,2,0),\"\")","v":""},{"$f":"IFERROR(VLOOKUP(C2219,参数!$B:$H,4,0),\"\")","v":""},{"$f":"IFERROR(VLOOKUP(C2219,参数!B:H,3,FALSE),\"\")","v":""},"",1]
[2219,{"$nulls":6},{"$f":"IFERROR(VLOOKUP(C2220,参数!$B:$H,2,0),\"\")","v":""},{"$f":"IFERROR(VLOOKUP(C2220,参数!$B:$H,4,0),\"\")","v":""},{"$f":"IFERROR(VLOOKUP(C2220,参数!B:H,3,FALSE),\"\")","v":""},"",1]
[2220,{"$nulls":6},{"$f":"IFERROR(VLOOKUP(C2221,参数!$B:$H,2,0),\"\")","v":""},{"$f":"IFERROR(VLOOKUP(C2221,参数!$B:$H,4,0),\"\")","v":""},{"$f":"IFERROR(VLOOKUP(C2221,参数!B:H,3,FALSE),\"\")","v":""},"",1]
[2221,{"$nulls":6},{"$f":"IFERROR(VLOOKUP(C2222,参数!$B:$H,2,0),\"\")","v":""},{"$f":"IFERROR(VLOOKUP(C2222,参数!$B:$H,4,0),\"\")","v":""},{"$f":"IFERROR(VLOOKUP(C2222,参数!B:H,3,FALSE),\"\")","v":""},"",1]
[2222,{"$nulls":6},{"$f":"IFERROR(VLOOKUP(C2223,参数!$B:$H,2,0),\"\")","v":""},{"$f":"IFERROR(VLOOKUP(C2223,参数!$B:$H,4,0),\"\")","v":""},{"$f":"IFERROR(VLOOKUP(C2223,参数!B:H,3,FALSE),\"\")","v":""},"",1]
[2223,{"$nulls":6},{"$f":"IFERROR(VLOOKUP(C2224,参数!$B:$H,2,0),\"\")","v":""},{"$f":"IFERROR(VLOOKUP(C2224,参数!$B:$H,4,0),\"\")","v":""},{"$f":"IFERROR(VLOOKUP(C2224,参数!B:H,3,FALSE),\"\")","v":""},"",1]
[2224,{"$nulls":6},{"$f":"IFERROR(VLOOKUP(C2225,参数!$B:$H,2,0),\"\")","v":""},{"$f":"IFERROR(VLOOKUP(C2225,参数!$B:$H,4,0),\"\")","v":""},{"$f":"IFERROR(VLOOKUP(C2225,参数!B:H,3,FALSE),\"\")","v":""},"",1]
[2225,{"$nulls":6},{"$f":"IFERROR(VLOOKUP(C2226,参数!$B:$H,2,0),\"\")","v":""},{"$f":"IFERROR(VLOOKUP(C2226,参数!$B:$H,4,0),\"\")","v":""},{"$f":"IFERROR(VLOOKUP(C2226,参数!B:H,3,FALSE),\"\")","v":""},"",1]
[2226,{"$nulls":6},{"$f":"IFERROR(VLOOKUP(C2227,参数!$B:$H,2,0),\"\")","v":""},{"$f":"IFERROR(VLOOKUP(C2227,参数!$B:$H,4,0),\"\")","v":""},{"$f":"IFERROR(VLOOKUP(C2227,参数!B:H,3,FALSE),\"\")","v":""},"",1]
[2227,{"$nulls":6},{"$f":"IFERROR(VLOOKUP(C2228,参数!$B:$H,2,0),\"\")","v":""},{"$f":"IFERROR(VLOOKUP(C2228,参数!$B:$H,4,0),\"\")","v":""},{"$f":"IFERROR(VLOOKUP(C2228,参数!B:H,3,FALSE),\"\")","v":""},"",1]
[2228,{"$nulls":6},{"$f":"IFERROR(VLOOKUP(C2229,参数!$B:$H,2,0),\"\")","v":""},{"$f":"IFERROR(VLOOKUP(C2229,参数!$B:$H,4,0),\"\")","v":""},{"$f":"IFERROR(VLOOKUP(C2229,参数!B:H,3,FALSE),\"\")","v":""},"",1]
[2229,{"$nulls":6},{"$f":"IFERROR(VLOOKUP(C2230,参数!$B:$H,2,0),\"\")","v":""},{"$f":"IFERROR(VLOOKUP(C2230,参数!$B:$H,4,0),\"\")","v":""},{"$f":"IFERROR(VLOOKUP(C2230,参数!B:H,3,FALSE),\"\")","v":""},"",1]
[2230,{"$nulls":6},{"$f":"IFERROR(VLOOKUP(C2231,参数!$B:$H,2,0),\"\")","v":""},{"$f":"IFERROR(VLOOKUP(C2231,参数!$B:$H,4,0),\"\")","v":""},{"$f":"IFERROR(VLOOKUP(C2231,参数!B:H,3,FALSE),\"\")","v":""},"",1]
[2231,{"$nulls":6},{"$f":"IFERROR(VLOOKUP(C2232,参数!$B:$H,2,0),\"\")","v":""},{"$f":"IFERROR(VLOOKUP(C2232,参数!$B:$H,4,0),\"\")","v":""},{"$f":"IFERROR(VLOOKUP(C2232,参数!B:H,3,FALSE),\"\")","v":""},"",1]
[2232,{"$nulls":6},{"$f":"IFERROR(VLOOKUP(C2233,参数!$B:$H,2,0),\"\")","v":""},{"$f":"IFERROR(VLOOKUP(C2233,参数!$B:$H,4,0),\"\")","v":""},{"$f":"IFERROR(VLOOKUP(C2233,参数!B:H,3,FALSE),\"\")","v":""},"",1]
[2233,{"$nulls":6},{"$f":"IFERROR(VLOOKUP(C2234,参数!$B:$H,2,0),\"\")","v":""},{"$f":"IFERROR(VLOOKUP(C2234,参数!$B:$H,4,0),\"\")","v":""},{"$f":"IFERROR(VLOOKUP(C2234,参数!B:H,3,FALSE),\"\")","v":""},"",1]
[2234,{"$nulls":6},{"$f":"IFERROR(VLOOKUP(C2235,参数!$B:$H,2,0),\"\")","v":""},{"$f":"IFERROR(VLOOKUP(C2235,参数!$B:$H,4,0),\"\")","v":""},{"$f":"IFERROR(VLOOKUP(C2235,参数!B:H,3,FALSE),\"\")","v":""},"",1]
[2235,{"$nulls":6},{"$f":"IFERROR(VLOOKUP(C2236,参数!$B:$H,2,0),\"\")","v":""},{"$f":"IFERROR(VLOOKUP(C2236,参数!$B:$H,4,0),\"\")","v":""},{"$f":"IFERROR(VLOOKUP(C2236,参数!B:H,3,FALSE),\"\")","v":""},"",1]
[2236,{"$nulls":6},{"$f":"IFERROR(VLOOKUP(C2237,参数!$B:$H,2,0),\"\")","v":""},{"$f":"IFERROR(VLOOKUP(C2237,参数!$B:$H,4,0),\"\")","v":""},{"$f":"IFERROR(VLOOKUP(C2237,参数!B:H,3,FALSE),\"\")","v":""},"",1]
[2237,{"$nulls":6},{"$f":"IFERROR(VLOOKUP(C2238,参数!$B:$H,2,0),\"\")","v":""},{"$f":"IFERROR(VLOOKUP(C2238,参数!$B:$H,4,0),\"\")","v":""},{"$f":"IFERROR(VLOOKUP(C2238,参数!B:H,3,FALSE),\"\")","v":""},"",1]
[2238,{"$nulls":6},{"$f":"IFERROR(VLOOKUP(C2239,参数!$B:$H,2,0),\"\")","v":""},{"$f":"IFERROR(VLOOKUP(C2239,参数!$B:$H,4,0),\"\")","v":""},{"$f":"IFERROR(VLOOKUP(C2239,参数!B:H,3,FALSE),\"\")","v":""},"",1]
[2239,{"$nulls":6},{"$f":"IFERROR(VLOOKUP(C2240,参数!$B:$H,2,0),\"\")","v":""},{"$f":"IFERROR(VLOOKUP(C2240,参数!$B:$H,4,0),\"\")","v":""},{"$f":"IFERROR(VLOOKUP(C2240,参数!B:H,3,FALSE),\"\")","v":""},"",1]
[2240,{"$nulls":6},{"$f":"IFERROR(VLOOKUP(C2241,参数!$B:$H,2,0),\"\")","v":""},{"$f":"IFERROR(VLOOKUP(C2241,参数!$B:$H,4,0),\"\")","v":""},{"$f":"IFERROR(VLOOKUP(C2241,参数!B:H,3,FALSE),\"\")","v":""},"",1]
[2241,{"$nulls":6},{"$f":"IFERROR(VLOOKUP(C2242,参数!$B:$H,2,0),\"\")","v":""},{"$f":"IFERROR(VLOOKUP(C2242,参数!$B:$H,4,0),\"\")","v":""},{"$f":"IFERROR(VLOOKUP(C2242,参数!B:H,3,FALSE),\"\")","v":""},"",{"$f":"VALUE(MONTH(B2242))","v":1}]
[2242,{"$nulls":6},{"$f":"IFERROR(VLOOKUP(C2243,参数!$B:$H,2,0),\"\")","v":""},{"$f":"IFERROR(VLOOKUP(C2243,参数!$B:$H,4,0),\"\")","v":""},{"$f":"IFERROR(VLOOKUP(C2243,参数!B:H,3,FALSE),\"\")","v":""},"",1]
[2243,{"$nulls":6},{"$f":"IFERROR(VLOOKUP(C2244,参数!$B:$H,2,0),\"\")","v":""},{"$f":"IFERROR(VLOOKUP(C2244,参数!$B:$H,4,0),\"\")","v":""},{"$f":"IFERROR(VLOOKUP(C2244,参数!B:H,3,FALSE),\"\")","v":""},"",1]
[2244,{"$nulls":6},{"$f":"IFERROR(VLOOKUP(C2245,参数!$B:$H,2,0),\"\")","v":""},{"$f":"IFERROR(VLOOKUP(C2245,参数!$B:$H,4,0),\"\")","v":""},{"$f":"IFERROR(VLOOKUP(C2245,参数!B:H,3,FALSE),\"\")","v":""},"",1]
[2245,{"$nulls":6},{"$f":"IFERROR(VLOOKUP(C2246,参数!$B:$H,2,0),\"\")","v":""},{"$f":"IFERROR(VLOOKUP(C2246,参数!$B:$H,4,0),\"\")","v":""},{"$f":"IFERROR(VLOOKUP(C2246,参数!B:H,3,FALSE),\"\")","v":""},"",1]
[2246,{"$nulls":6},{"$f":"IFERROR(VLOOKUP(C2247,参数!$B:$H,2,0),\"\")","v":""},{"$f":"IFERROR(VLOOKUP(C2247,参数!$B:$H,4,0),\"\")","v":""},{"$f":"IFERROR(VLOOKUP(C2247,参数!B:H,3,FALSE),\"\")","v":""},"",1]
[2247,{"$nulls":6},{"$f":"IFERROR(VLOOKUP(C2248,参数!$B:$H,2,0),\"\")","v":""},{"$f":"IFERROR(VLOOKUP(C2248,参数!$B:$H,4,0),\"\")","v":""},{"$f":"IFERROR(VLOOKUP(C2248,参数!B:H,3,FALSE),\"\")","v":""},"",1]
[2248,{"$nulls":6},{"$f":"IFERROR(VLOOKUP(C2249,参数!$B:$H,2,0),\"\")","v":""},{"$f":"IFERROR(VLOOKUP(C2249,参数!$B:$H,4,0),\"\")","v":""},{"$f":"IFERROR(VLOOKUP(C2249,参数!B:H,3,FALSE),\"\")","v":""},"",1]
[2249,{"$nulls":6},{"$f":"IFERROR(VLOOKUP(C2250,参数!$B:$H,2,0),\"\")","v":""},{"$f":"IFERROR(VLOOKUP(C2250,参数!$B:$H,4,0),\"\")","v":""},{"$f":"IFERROR(VLOOKUP(C2250,参数!B:H,3,FALSE),\"\")","v":""},"",1]
[2250,{"$nulls":6},{"$f":"IFERROR(VLOOKUP(C2251,参数!$B:$H,2,0),\"\")","v":""},{"$f":"IFERROR(VLOOKUP(C2251,参数!$B:$H,4,0),\"\")","v":""},{"$f":"IFERROR(VLOOKUP(C2251,参数!B:H,3,FALSE),\"\")","v":""},"",1]
[2251,{"$nulls":6},{"$f":"IFERROR(VLOOKUP(C2252,参数!$B:$H,2,0),\"\")","v":""},{"$f":"IFERROR(VLOOKUP(C2252,参数!$B:$H,4,0),\"\")","v":""},{"$f":"IFERROR(VLOOKUP(C2252,参数!B:H,3,FALSE),\"\")","v":""},"",1]
[2252,{"$nulls":6},{"$f":"IFERROR(VLOOKUP(C2253,参数!$B:$H,2,0),\"\")","v":""},{"$f":"IFERROR(VLOOKUP(C2253,参数!$B:$H,4,0),\"\")","v":""},{"$f":"IFERROR(VLOOKUP(C2253,参数!B:H,3,FALSE),\"\")","v":""},"",1]
[2253,{"$nulls":6},{"$f":"IFERROR(VLOOKUP(C2254,参数!$B:$H,2,0),\"\")","v":""},{"$f":"IFERROR(VLOOKUP(C2254,参数!$B:$H,4,0),\"\")","v":""},{"$f":"IFERROR(VLOOKUP(C2254,参数!B:H,3,FALSE),\"\")","v":""},"",1]
[2254,{"$nulls":6},{"$f":"IFERROR(VLOOKUP(C2255,参数!$B:$H,2,0),\"\")","v":""},{"$f":"IFERROR(VLOOKUP(C2255,参数!$B:$H,4,0),\"\")","v":""},{"$f":"IFERROR(VLOOKUP(C2255,参数!B:H,3,FALSE),\"\")","v":""},"",1]
[2255,{"$nulls":6},{"$f":"IFERROR(VLOOKUP(C2256,参数!$B:$H,2,0),\"\")","v":""},{"$f":"IFERROR(VLOOKUP(C2256,参数!$B:$H,4,0),\"\")","v":""},{"$f":"IFERROR(VLOOKUP(C2256,参数!B:H,3,FALSE),\"\")","v":""},"",1]
[2256,{"$nulls":6},{"$f":"IFERROR(VLOOKUP(C2257,参数!$B:$H,2,0),\"\")","v":""},{"$f":"IFERROR(VLOOKUP(C2257,参数!$B:$H,4,0),\"\")","v":""},{"$f":"IFERROR(VLOOKUP(C2257,参数!B:H,3,FALSE),\"\")","v":""},"",1]
[2257,{"$nulls":6},{"$f":"IFERROR(VLOOKUP(C2258,参数!$B:$H,2,0),\"\")","v":""},{"$f":"IFERROR(VLOOKUP(C2258,参数!$B:$H,4,0),\"\")","v":""},{"$f":"IFERROR(VLOOKUP(C2258,参数!B:H,3,FALSE),\"\")","v":""},"",1]
[2258,{"$nulls":6},{"$f":"IFERROR(VLOOKUP(C2259,参数!$B:$H,2,0),\"\")","v":""},{"$f":"IFERROR(VLOOKUP(C2259,参数!$B:$H,4,0),\"\")","v":""},{"$f":"IFERROR(VLOOKUP(C2259,参数!B:H,3,FALSE),\"\")","v":""},"",1]
[2259,{"$nulls":6},{"$f":"IFERROR(VLOOKUP(C2260,参数!$B:$H,2,0),\"\")","v":""},{"$f":"IFERROR(VLOOKUP(C2260,参数!$B:$H,4,0),\"\")","v":""},{"$f":"IFERROR(VLOOKUP(C2260,参数!B:H,3,FALSE),\"\")","v":""},"",1]
[2260,{"$nulls":6},{"$f":"IFERROR(VLOOKUP(C2261,参数!$B:$H,2,0),\"\")","v":""},{"$f":"IFERROR(VLOOKUP(C2261,参数!$B:$H,4,0),\"\")","v":""},{"$f":"IFERROR(VLOOKUP(C2261,参数!B:H,3,FALSE),\"\")","v":""},"",1]
[2261,{"$nulls":6},{"$f":"IFERROR(VLOOKUP(C2262,参数!$B:$H,2,0),\"\")","v":""},{"$f":"IFERROR(VLOOKUP(C2262,参数!$B:$H,4,0),\"\")","v":""},{"$f":"IFERROR(VLOOKUP(C2262,参数!B:H,3,FALSE),\"\")","v":""},"",1]
[2262,{"$nulls":6},{"$f":"IFERROR(VLOOKUP(C2263,参数!$B:$H,2,0),\"\")","v":""},{"$f":"IFERROR(VLOOKUP(C2263,参数!$B:$H,4,0),\"\")","v":""},{"$f":"IFERROR(VLOOKUP(C2263,参数!B:H,3,FALSE),\"\")","v":""},"",1]
[2263,{"$nulls":6},{"$f":"IFERROR(VLOOKUP(C2264,参数!$B:$H,2,0),\"\")","v":""},{"$f":"IFERROR(VLOOKUP(C2264,参数!$B:$H,4,0),\"\")","v":""},{"$f":"IFERROR(VLOOKUP(C2264,参数!B:H,3,FALSE),\"\")","v":""},"",1]
[2264,{"$nulls":6},{"$f":"IFERROR(VLOOKUP(C2265,参数!$B:$H,2,0),\"\")","v":""},{"$f":"IFERROR(VLOOKUP(C2265,参数!$B:$H,4,0),\"\")","v":""},{"$f":"IFERROR(VLOOKUP(C2265,参数!B:H,3,FALSE),\"\")","v":""},"",1]
[2265,{"$nulls":6},{"$f":"IFERROR(VLOOKUP(C2266,参数!$B:$H,2,0),\"\")","v":""},{"$f":"IFERROR(VLOOKUP(C2266,参数!$B:$H,4,0),\"\")","v":""},{"$f":"IFERROR(VLOOKUP(C2266,参数!B:H,3,FALSE),\"\")","v":""},"",1]
[2266,{"$nulls":6},{"$f":"IFERROR(VLOOKUP(C2267,参数!$B:$H,2,0),\"\")","v":""},{"$f":"IFERROR(VLOOKUP(C2267,参数!$B:$H,4,0),\"\")","v":""},{"$f":"IFERROR(VLOOKUP(C2267,参数!B:H,3,FALSE),\"\")","v":""},"",1]
[2267,{"$nulls":6},{"$f":"IFERROR(VLOOKUP(C2268,参数!$B:$H,2,0),\"\")","v":""},{"$f":"IFERROR(VLOOKUP(C2268,参数!$B:$H,4,0),\"\")","v":""},{"$f":"IFERROR(VLOOKUP(C2268,参数!B:H,3,FALSE),\"\")","v":""},"",1]
[2268,{"$nulls":6},{"$f":"IFERROR(VLOOKUP(C2269,参数!$B:$H,2,0),\"\")","v":""},{"$f":"IFERROR(VLOOKUP(C2269,参数!$B:$H,4,0),\"\")","v":""},{"$f":"IFERROR(VLOOKUP(C2269,参数!B:H,3,FALSE),\"\")","v":""},"",1]
[2269,{"$nulls":6},{"$f":"IFERROR(VLOOKUP(C2270,参数!$B:$H,2,0),\"\")","v":""},{"$f":"IFERROR(VLOOKUP(C2270,参数!$B:$H,4,0),\"\")","v":""},{"$f":"IFERROR(VLOOKUP(C2270,参数!B:H,3,FALSE),\"\")","v":""},"",1]
[2270,{"$nulls":6},{"$f":"IFERROR(VLOOKUP(C2271,参数!$B:$H,2,0),\"\")","v":""},{"$f":"IFERROR(VLOOKUP(C2271,参数!$B:$H,4,0),\"\")","v":""},{"$f":"IFERROR(VLOOKUP(C2271,参数!B:H,3,FALSE),\"\")","v":""},"",1]
[2271,{"$nulls":6},{"$f":"IFERROR(VLOOKUP(C2272,参数!$B:$H,2,0),\"\")","v":""},{"$f":"IFERROR(VLOOKUP(C2272,参数!$B:$H,4,0),\"\")","v":""},{"$f":"IFERROR(VLOOKUP(C2272,参数!B:H,3,FALSE),\"\")","v":""},"",1]
[2272,{"$nulls":6},{"$f":"IFERROR(VLOOKUP(C2273,参数!$B:$H,2,0),\"\")","v":""},{"$f":"IFERROR(VLOOKUP(C2273,参数!$B:$H,4,0),\"\")","v":""},{"$f":"IFERROR(VLOOKUP(C2273,参数!B:H,3,FALSE),\"\")","v":""},"",1]
[2273,{"$nulls":6},{"$f":"IFERROR(VLOOKUP(C2274,参数!$B:$H,2,0),\"\")","v":""},{"$f":"IFERROR(VLOOKUP(C2274,参数!$B:$H,4,0),\"\")","v":""},{"$f":"IFERROR(VLOOKUP(C2274,参数!B:H,3,FALSE),\"\")","v":""},"",1]
[2274,{"$nulls":6},{"$f":"IFERROR(VLOOKUP(C2275,参数!$B:$H,2,0),\"\")","v":""},{"$f":"IFERROR(VLOOKUP(C2275,参数!$B:$H,4,0),\"\")","v":""},{"$f":"IFERROR(VLOOKUP(C2275,参数!B:H,3,FALSE),\"\")","v":""},"",1]
[2275,{"$nulls":6},{"$f":"IFERROR(VLOOKUP(C2276,参数!$B:$H,2,0),\"\")","v":""},{"$f":"IFERROR(VLOOKUP(C2276,参数!$B:$H,4,0),\"\")","v":""},{"$f":"IFERROR(VLOOKUP(C2276,参数!B:H,3,FALSE),\"\")","v":""},"",1]
[2276,{"$nulls":6},{"$f":"IFERROR(VLOOKUP(C2277,参数!$B:$H,2,0),\"\")","v":""},{"$f":"IFERROR(VLOOKUP(C2277,参数!$B:$H,4,0),\"\")","v":""},{"$f":"IFERROR(VLOOKUP(C2277,参数!B:H,3,FALSE),\"\")","v":""},{"$f":"IFERROR(J2277*E2277,\"\")","v":""},1]
[2277,{"$nulls":6},{"$f":"IFERROR(VLOOKUP(C2278,参数!$B:$H,2,0),\"\")","v":""},{"$f":"IFERROR(VLOOKUP(C2278,参数!$B:$H,4,0),\"\")","v":""},{"$f":"IFERROR(VLOOKUP(C2278,参数!B:H,3,FALSE),\"\")","v":""},"",1]
[2278,{"$nulls":6},{"$f":"IFERROR(VLOOKUP(C2279,参数!$B:$H,2,0),\"\")","v":""},{"$f":"IFERROR(VLOOKUP(C2279,参数!$B:$H,4,0),\"\")","v":""},{"$f":"IFERROR(VLOOKUP(C2279,参数!B:H,3,FALSE),\"\")","v":""},"",1]
[2279,{"$nulls":6},{"$f":"IFERROR(VLOOKUP(C2280,参数!$B:$H,2,0),\"\")","v":""},{"$f":"IFERROR(VLOOKUP(C2280,参数!$B:$H,4,0),\"\")","v":""},{"$f":"IFERROR(VLOOKUP(C2280,参数!B:H,3,FALSE),\"\")","v":""},"",1]
[2280,{"$nulls":6},{"$f":"IFERROR(VLOOKUP(C2281,参数!$B:$H,2,0),\"\")","v":""},{"$f":"IFERROR(VLOOKUP(C2281,参数!$B:$H,4,0),\"\")","v":""},{"$f":"IFERROR(VLOOKUP(C2281,参数!B:H,3,FALSE),\"\")","v":""},"",1]
[2281,{"$nulls":6},{"$f":"IFERROR(VLOOKUP(C2282,参数!$B:$H,2,0),\"\")","v":""},{"$f":"IFERROR(VLOOKUP(C2282,参数!$B:$H,4,0),\"\")","v":""},{"$f":"IFERROR(VLOOKUP(C2282,参数!B:H,3,FALSE),\"\")","v":""},"",1]
[2282,{"$nulls":6},{"$f":"IFERROR(VLOOKUP(C2283,参数!$B:$H,2,0),\"\")","v":""},{"$f":"IFERROR(VLOOKUP(C2283,参数!$B:$H,4,0),\"\")","v":""},{"$f":"IFERROR(VLOOKUP(C2283,参数!B:H,3,FALSE),\"\")","v":""},"",1]
[2283,{"$nulls":6},{"$f":"IFERROR(VLOOKUP(C2284,参数!$B:$H,2,0),\"\")","v":""},{"$f":"IFERROR(VLOOKUP(C2284,参数!$B:$H,4,0),\"\")","v":""},{"$f":"IFERROR(VLOOKUP(C2284,参数!B:H,3,FALSE),\"\")","v":""},"",1]
[2284,{"$nulls":6},{"$f":"IFERROR(VLOOKUP(C2285,参数!$B:$H,2,0),\"\")","v":""},{"$f":"IFERROR(VLOOKUP(C2285,参数!$B:$H,4,0),\"\")","v":""},{"$f":"IFERROR(VLOOKUP(C2285,参数!B:H,3,FALSE),\"\")","v":""},"",1]
[2285,{"$nulls":6},{"$f":"IFERROR(VLOOKUP(C2286,参数!$B:$H,2,0),\"\")","v":""},{"$f":"IFERROR(VLOOKUP(C2286,参数!$B:$H,4,0),\"\")","v":""},{"$f":"IFERROR(VLOOKUP(C2286,参数!B:H,3,FALSE),\"\")","v":""},"",1]
[2286,{"$nulls":6},{"$f":"IFERROR(VLOOKUP(C2287,参数!$B:$H,2,0),\"\")","v":""},{"$f":"IFERROR(VLOOKUP(C2287,参数!$B:$H,4,0),\"\")","v":""},{"$f":"IFERROR(VLOOKUP(C2287,参数!B:H,3,FALSE),\"\")","v":""},"",1]
[2287,{"$nulls":6},{"$f":"IFERROR(VLOOKUP(C2288,参数!$B:$H,2,0),\"\")","v":""},{"$f":"IFERROR(VLOOKUP(C2288,参数!$B:$H,4,0),\"\")","v":""},{"$f":"IFERROR(VLOOKUP(C2288,参数!B:H,3,FALSE),\"\")","v":""},"",1]
[2288,{"$nulls":6},{"$f":"IFERROR(VLOOKUP(C2289,参数!$B:$H,2,0),\"\")","v":""},{"$f":"IFERROR(VLOOKUP(C2289,参数!$B:$H,4,0),\"\")","v":""},{"$f":"IFERROR(VLOOKUP(C2289,参数!B:H,3,FALSE),\"\")","v":""},"",1]
[2289,{"$nulls":6},{"$f":"IFERROR(VLOOKUP(C2290,参数!$B:$H,2,0),\"\")","v":""},{"$f":"IFERROR(VLOOKUP(C2290,参数!$B:$H,4,0),\"\")","v":""},{"$f":"IFERROR(VLOOKUP(C2290,参数!B:H,3,FALSE),\"\")","v":""},"",1]
[2290,{"$nulls":6},{"$f":"IFERROR(VLOOKUP(C2291,参数!$B:$H,2,0),\"\")","v":""},{"$f":"IFERROR(VLOOKUP(C2291,参数!$B:$H,4,0),\"\")","v":""},{"$f":"IFERROR(VLOOKUP(C2291,参数!B:H,3,FALSE),\"\")","v":""},"",1]
[2291,{"$nulls":6},{"$f":"IFERROR(VLOOKUP(C2292,参数!$B:$H,2,0),\"\")","v":""},{"$f":"IFERROR(VLOOKUP(C2292,参数!$B:$H,4,0),\"\")","v":""},{"$f":"IFERROR(VLOOKUP(C2292,参数!B:H,3,FALSE),\"\")","v":""},"",1]
[2292,{"$nulls":6},{"$f":"IFERROR(VLOOKUP(C2293,参数!$B:$H,2,0),\"\")","v":""},{"$f":"IFERROR(VLOOKUP(C2293,参数!$B:$H,4,0),\"\")","v":""},{"$f":"IFERROR(VLOOKUP(C2293,参数!B:H,3,FALSE),\"\")","v":""},"",1]
[2293,{"$nulls":6},{"$f":"IFERROR(VLOOKUP(C2294,参数!$B:$H,2,0),\"\")","v":""},{"$f":"IFERROR(VLOOKUP(C2294,参数!$B:$H,4,0),\"\")","v":""},{"$f":"IFERROR(VLOOKUP(C2294,参数!B:H,3,FALSE),\"\")","v":""},"",1]
[2294,{"$nulls":6},{"$f":"IFERROR(VLOOKUP(C2295,参数!$B:$H,2,0),\"\")","v":""},{"$f":"IFERROR(VLOOKUP(C2295,参数!$B:$H,4,0),\"\")","v":""},{"$f":"IFERROR(VLOOKUP(C2295,参数!B:H,3,FALSE),\"\")","v":""},"",1]
[2295,{"$nulls":6},{"$f":"IFERROR(VLOOKUP(C2296,参数!$B:$H,2,0),\"\")","v":""},{"$f":"IFERROR(VLOOKUP(C2296,参数!$B:$H,4,0),\"\")","v":""},{"$f":"IFERROR(VLOOKUP(C2296,参数!B:H,3,FALSE),\"\")","v":""},"",1]
[2296,{"$nulls":6},{"$f":"IFERROR(VLOOKUP(C2297,参数!$B:$H,2,0),\"\")","v":""},{"$f":"IFERROR(VLOOKUP(C2297,参数!$B:$H,4,0),\"\")","v":""},{"$f":"IFERROR(VLOOKUP(C2297,参数!B:H,3,FALSE),\"\")","v":""},"",1]
[2297,{"$nulls":6},{"$f":"IFERROR(VLOOKUP(C2298,参数!$B:$H,2,0),\"\")","v":""},{"$f":"IFERROR(VLOOKUP(C2298,参数!$B:$H,4,0),\"\")","v":""},{"$f":"IFERROR(VLOOKUP(C2298,参数!B:H,3,FALSE),\"\")","v":""},"",1]
[2298,{"$nulls":6},{"$f":"IFERROR(VLOOKUP(C2299,参数!$B:$H,2,0),\"\")","v":""},{"$f":"IFERROR(VLOOKUP(C2299,参数!$B:$H,4,0),\"\")","v":""},{"$f":"IFERROR(VLOOKUP(C2299,参数!B:H,3,FALSE),\"\")","v":""},"",1]
[2299,{"$nulls":6},{"$f":"IFERROR(VLOOKUP(C2300,参数!$B:$H,2,0),\"\")","v":""},{"$f":"IFERROR(VLOOKUP(C2300,参数!$B:$H,4,0),\"\")","v":""},{"$f":"IFERROR(VLOOKUP(C2300,参数!B:H,3,FALSE),\"\")","v":""},"",1]
[2300,{"$nulls":6},{"$f":"IFERROR(VLOOKUP(C2301,参数!$B:$H,2,0),\"\")","v":""},{"$f":"IFERROR(VLOOKUP(C2301,参数!$B:$H,4,0),\"\")","v":""},{"$f":"IFERROR(VLOOKUP(C2301,参数!B:H,3,FALSE),\"\")","v":""},"",1]
[2301,{"$nulls":6},{"$f":"IFERROR(VLOOKUP(C2302,参数!$B:$H,2,0),\"\")","v":""},{"$f":"IFERROR(VLOOKUP(C2302,参数!$B:$H,4,0),\"\")","v":""},{"$f":"IFERROR(VLOOKUP(C2302,参数!B:H,3,FALSE),\"\")","v":""},"",1]
[2302,{"$nulls":6},{"$f":"IFERROR(VLOOKUP(C2303,参数!$B:$H,2,0),\"\")","v":""},{"$f":"IFERROR(VLOOKUP(C2303,参数!$B:$H,4,0),\"\")","v":""},{"$f":"IFERROR(VLOOKUP(C2303,参数!B:H,3,FALSE),\"\")","v":""},"",1]
[2303,{"$nulls":6},{"$f":"IFERROR(VLOOKUP(C2304,参数!$B:$H,2,0),\"\")","v":""},{"$f":"IFERROR(VLOOKUP(C2304,参数!$B:$H,4,0),\"\")","v":""},{"$f":"IFERROR(VLOOKUP(C2304,参数!B:H,3,FALSE),\"\")","v":""},"",1]
[2304,{"$nulls":6},{"$f":"IFERROR(VLOOKUP(C2305,参数!$B:$H,2,0),\"\")","v":""},{"$f":"IFERROR(VLOOKUP(C2305,参数!$B:$H,4,0),\"\")","v":""},{"$f":"IFERROR(VLOOKUP(C2305,参数!B:H,3,FALSE),\"\")","v":""},"",1]
[2305,{"$nulls":6},{"$f":"IFERROR(VLOOKUP(C2306,参数!$B:$H,2,0),\"\")","v":""},{"$f":"IFERROR(VLOOKUP(C2306,参数!$B:$H,4,0),\"\")","v":""},{"$f":"IFERROR(VLOOKUP(C2306,参数!B:H,3,FALSE),\"\")","v":""},"",{"$f":"VALUE(MONTH(B2306))","v":1}]
[2306,{"$nulls":6},{"$f":"IFERROR(VLOOKUP(C2307,参数!$B:$H,2,0),\"\")","v":""},{"$f":"IFERROR(VLOOKUP(C2307,参数!$B:$H,4,0),\"\")","v":""},{"$f":"IFERROR(VLOOKUP(C2307,参数!B:H,3,FALSE),\"\")","v":""},"",1]
[2307,{"$nulls":6},{"$f":"IFERROR(VLOOKUP(C2308,参数!$B:$H,2,0),\"\")","v":""},{"$f":"IFERROR(VLOOKUP(C2308,参数!$B:$H,4,0),\"\")","v":""},{"$f":"IFERROR(VLOOKUP(C2308,参数!B:H,3,FALSE),\"\")","v":""},"",1]
[2308,{"$nulls":6},{"$f":"IFERROR(VLOOKUP(C2309,参数!$B:$H,2,0),\"\")","v":""},{"$f":"IFERROR(VLOOKUP(C2309,参数!$B:$H,4,0),\"\")","v":""},{"$f":"IFERROR(VLOOKUP(C2309,参数!B:H,3,FALSE),\"\")","v":""},"",1]
[2309,{"$nulls":6},{"$f":"IFERROR(VLOOKUP(C2310,参数!$B:$H,2,0),\"\")","v":""},{"$f":"IFERROR(VLOOKUP(C2310,参数!$B:$H,4,0),\"\")","v":""},{"$f":"IFERROR(VLOOKUP(C2310,参数!B:H,3,FALSE),\"\")","v":""},"",1]
[2310,{"$nulls":6},{"$f":"IFERROR(VLOOKUP(C2311,参数!$B:$H,2,0),\"\")","v":""},{"$f":"IFERROR(VLOOKUP(C2311,参数!$B:$H,4,0),\"\")","v":""},{"$f":"IFERROR(VLOOKUP(C2311,参数!B:H,3,FALSE),\"\")","v":""},"",1]
[2311,{"$nulls":6},{"$f":"IFERROR(VLOOKUP(C2312,参数!$B:$H,2,0),\"\")","v":""},{"$f":"IFERROR(VLOOKUP(C2312,参数!$B:$H,4,0),\"\")","v":""},{"$f":"IFERROR(VLOOKUP(C2312,参数!B:H,3,FALSE),\"\")","v":""},"",1]
[2312,{"$nulls":6},{"$f":"IFERROR(VLOOKUP(C2313,参数!$B:$H,2,0),\"\")","v":""},{"$f":"IFERROR(VLOOKUP(C2313,参数!$B:$H,4,0),\"\")","v":""},{"$f":"IFERROR(VLOOKUP(C2313,参数!B:H,3,FALSE),\"\")","v":""},"",1]
[2313,{"$nulls":6},{"$f":"IFERROR(VLOOKUP(C2314,参数!$B:$H,2,0),\"\")","v":""},{"$f":"IFERROR(VLOOKUP(C2314,参数!$B:$H,4,0),\"\")","v":""},{"$f":"IFERROR(VLOOKUP(C2314,参数!B:H,3,FALSE),\"\")","v":""},"",1]
[2314,{"$nulls":6},{"$f":"IFERROR(VLOOKUP(C2315,参数!$B:$H,2,0),\"\")","v":""},{"$f":"IFERROR(VLOOKUP(C2315,参数!$B:$H,4,0),\"\")","v":""},{"$f":"IFERROR(VLOOKUP(C2315,参数!B:H,3,FALSE),\"\")","v":""},"",1]
[2315,{"$nulls":6},{"$f":"IFERROR(VLOOKUP(C2316,参数!$B:$H,2,0),\"\")","v":""},{"$f":"IFERROR(VLOOKUP(C2316,参数!$B:$H,4,0),\"\")","v":""},{"$f":"IFERROR(VLOOKUP(C2316,参数!B:H,3,FALSE),\"\")","v":""},"",1]
[2316,{"$nulls":6},{"$f":"IFERROR(VLOOKUP(C2317,参数!$B:$H,2,0),\"\")","v":""},{"$f":"IFERROR(VLOOKUP(C2317,参数!$B:$H,4,0),\"\")","v":""},{"$f":"IFERROR(VLOOKUP(C2317,参数!B:H,3,FALSE),\"\")","v":""},"",1]
[2317,{"$nulls":6},{"$f":"IFERROR(VLOOKUP(C2318,参数!$B:$H,2,0),\"\")","v":""},{"$f":"IFERROR(VLOOKUP(C2318,参数!$B:$H,4,0),\"\")","v":""},{"$f":"IFERROR(VLOOKUP(C2318,参数!B:H,3,FALSE),\"\")","v":""},"",1]
[2318,{"$nulls":6},{"$f":"IFERROR(VLOOKUP(C2319,参数!$B:$H,2,0),\"\")","v":""},{"$f":"IFERROR(VLOOKUP(C2319,参数!$B:$H,4,0),\"\")","v":""},{"$f":"IFERROR(VLOOKUP(C2319,参数!B:H,3,FALSE),\"\")","v":""},"",1]
[2319,{"$nulls":6},{"$f":"IFERROR(VLOOKUP(C2320,参数!$B:$H,2,0),\"\")","v":""},{"$f":"IFERROR(VLOOKUP(C2320,参数!$B:$H,4,0),\"\")","v":""},{"$f":"IFERROR(VLOOKUP(C2320,参数!B:H,3,FALSE),\"\")","v":""},"",1]
[2320,{"$nulls":6},{"$f":"IFERROR(VLOOKUP(C2321,参数!$B:$H,2,0),\"\")","v":""},{"$f":"IFERROR(VLOOKUP(C2321,参数!$B:$H,4,0),\"\")","v":""},{"$f":"IFERROR(VLOOKUP(C2321,参数!B:H,3,FALSE),\"\")","v":""},"",1]
[2321,{"$nulls":6},{"$f":"IFERROR(VLOOKUP(C2322,参数!$B:$H,2,0),\"\")","v":""},{"$f":"IFERROR(VLOOKUP(C2322,参数!$B:$H,4,0),\"\")","v":""},{"$f":"IFERROR(VLOOKUP(C2322,参数!B:H,3,FALSE),\"\")","v":""},"",1]
[2322,{"$nulls":6},{"$f":"IFERROR(VLOOKUP(C2323,参数!$B:$H,2,0),\"\")","v":""},{"$f":"IFERROR(VLOOKUP(C2323,参数!$B:$H,4,0),\"\")","v":""},{"$f":"IFERROR(VLOOKUP(C2323,参数!B:H,3,FALSE),\"\")","v":""},"",1]
[2323,{"$nulls":6},{"$f":"IFERROR(VLOOKUP(C2324,参数!$B:$H,2,0),\"\")","v":""},{"$f":"IFERROR(VLOOKUP(C2324,参数!$B:$H,4,0),\"\")","v":""},{"$f":"IFERROR(VLOOKUP(C2324,参数!B:H,3,FALSE),\"\")","v":""},"",1]
[2324,{"$nulls":6},{"$f":"IFERROR(VLOOKUP(C2325,参数!$B:$H,2,0),\"\")","v":""},{"$f":"IFERROR(VLOOKUP(C2325,参数!$B:$H,4,0),\"\")","v":""},{"$f":"IFERROR(VLOOKUP(C2325,参数!B:H,3,FALSE),\"\")","v":""},"",1]
[2325,{"$nulls":6},{"$f":"IFERROR(VLOOKUP(C2326,参数!$B:$H,2,0),\"\")","v":""},{"$f":"IFERROR(VLOOKUP(C2326,参数!$B:$H,4,0),\"\")","v":""},{"$f":"IFERROR(VLOOKUP(C2326,参数!B:H,3,FALSE),\"\")","v":""},"",1]
[2326,{"$nulls":6},{"$f":"IFERROR(VLOOKUP(C2327,参数!$B:$H,2,0),\"\")","v":""},{"$f":"IFERROR(VLOOKUP(C2327,参数!$B:$H,4,0),\"\")","v":""},{"$f":"IFERROR(VLOOKUP(C2327,参数!B:H,3,FALSE),\"\")","v":""},"",1]
[2327,{"$nulls":6},{"$f":"IFERROR(VLOOKUP(C2328,参数!$B:$H,2,0),\"\")","v":""},{"$f":"IFERROR(VLOOKUP(C2328,参数!$B:$H,4,0),\"\")","v":""},{"$f":"IFERROR(VLOOKUP(C2328,参数!B:H,3,FALSE),\"\")","v":""},"",1]
[2328,{"$nulls":6},{"$f":"IFERROR(VLOOKUP(C2329,参数!$B:$H,2,0),\"\")","v":""},{"$f":"IFERROR(VLOOKUP(C2329,参数!$B:$H,4,0),\"\")","v":""},{"$f":"IFERROR(VLOOKUP(C2329,参数!B:H,3,FALSE),\"\")","v":""},"",1]
[2329,{"$nulls":6},{"$f":"IFERROR(VLOOKUP(C2330,参数!$B:$H,2,0),\"\")","v":""},{"$f":"IFERROR(VLOOKUP(C2330,参数!$B:$H,4,0),\"\")","v":""},{"$f":"IFERROR(VLOOKUP(C2330,参数!B:H,3,FALSE),\"\")","v":""},"",1]
[2330,{"$nulls":6},{"$f":"IFERROR(VLOOKUP(C2331,参数!$B:$H,2,0),\"\")","v":""},{"$f":"IFERROR(VLOOKUP(C2331,参数!$B:$H,4,0),\"\")","v":""},{"$f":"IFERROR(VLOOKUP(C2331,参数!B:H,3,FALSE),\"\")","v":""},"",1]
[2331,{"$nulls":6},{"$f":"IFERROR(VLOOKUP(C2332,参数!$B:$H,2,0),\"\")","v":""},{"$f":"IFERROR(VLOOKUP(C2332,参数!$B:$H,4,0),\"\")","v":""},{"$f":"IFERROR(VLOOKUP(C2332,参数!B:H,3,FALSE),\"\")","v":""},"",1]
[2332,{"$nulls":6},{"$f":"IFERROR(VLOOKUP(C2333,参数!$B:$H,2,0),\"\")","v":""},{"$f":"IFERROR(VLOOKUP(C2333,参数!$B:$H,4,0),\"\")","v":""},{"$f":"IFERROR(VLOOKUP(C2333,参数!B:H,3,FALSE),\"\")","v":""},"",1]
[2333,{"$nulls":6},{"$f":"IFERROR(VLOOKUP(C2334,参数!$B:$H,2,0),\"\")","v":""},{"$f":"IFERROR(VLOOKUP(C2334,参数!$B:$H,4,0),\"\")","v":""},{"$f":"IFERROR(VLOOKUP(C2334,参数!B:H,3,FALSE),\"\")","v":""},"",1]
[2334,{"$nulls":6},{"$f":"IFERROR(VLOOKUP(C2335,参数!$B:$H,2,0),\"\")","v":""},{"$f":"IFERROR(VLOOKUP(C2335,参数!$B:$H,4,0),\"\")","v":""},{"$f":"IFERROR(VLOOKUP(C2335,参数!B:H,3,FALSE),\"\")","v":""},"",1]
[2335,{"$nulls":6},{"$f":"IFERROR(VLOOKUP(C2336,参数!$B:$H,2,0),\"\")","v":""},{"$f":"IFERROR(VLOOKUP(C2336,参数!$B:$H,4,0),\"\")","v":""},{"$f":"IFERROR(VLOOKUP(C2336,参数!B:H,3,FALSE),\"\")","v":""},"",1]
[2336,{"$nulls":6},{"$f":"IFERROR(VLOOKUP(C2337,参数!$B:$H,2,0),\"\")","v":""},{"$f":"IFERROR(VLOOKUP(C2337,参数!$B:$H,4,0),\"\")","v":""},{"$f":"IFERROR(VLOOKUP(C2337,参数!B:H,3,FALSE),\"\")","v":""},"",1]
[2337,{"$nulls":6},{"$f":"IFERROR(VLOOKUP(C2338,参数!$B:$H,2,0),\"\")","v":""},{"$f":"IFERROR(VLOOKUP(C2338,参数!$B:$H,4,0),\"\")","v":""},{"$f":"IFERROR(VLOOKUP(C2338,参数!B:H,3,FALSE),\"\")","v":""},"",1]
[2338,{"$nulls":6},{"$f":"IFERROR(VLOOKUP(C2339,参数!$B:$H,2,0),\"\")","v":""},{"$f":"IFERROR(VLOOKUP(C2339,参数!$B:$H,4,0),\"\")","v":""},{"$f":"IFERROR(VLOOKUP(C2339,参数!B:H,3,FALSE),\"\")","v":""},"",1]
[2339,{"$nulls":6},{"$f":"IFERROR(VLOOKUP(C2340,参数!$B:$H,2,0),\"\")","v":""},{"$f":"IFERROR(VLOOKUP(C2340,参数!$B:$H,4,0),\"\")","v":""},{"$f":"IFERROR(VLOOKUP(C2340,参数!B:H,3,FALSE),\"\")","v":""},"",1]
[2340,{"$nulls":6},{"$f":"IFERROR(VLOOKUP(C2341,参数!$B:$H,2,0),\"\")","v":""},{"$f":"IFERROR(VLOOKUP(C2341,参数!$B:$H,4,0),\"\")","v":""},{"$f":"IFERROR(VLOOKUP(C2341,参数!B:H,3,FALSE),\"\")","v":""},{"$f":"IFERROR(J2341*E2341,\"\")","v":""},1]
[2341,{"$nulls":6},{"$f":"IFERROR(VLOOKUP(C2342,参数!$B:$H,2,0),\"\")","v":""},{"$f":"IFERROR(VLOOKUP(C2342,参数!$B:$H,4,0),\"\")","v":""},{"$f":"IFERROR(VLOOKUP(C2342,参数!B:H,3,FALSE),\"\")","v":""},"",1]
[2342,{"$nulls":6},{"$f":"IFERROR(VLOOKUP(C2343,参数!$B:$H,2,0),\"\")","v":""},{"$f":"IFERROR(VLOOKUP(C2343,参数!$B:$H,4,0),\"\")","v":""},{"$f":"IFERROR(VLOOKUP(C2343,参数!B:H,3,FALSE),\"\")","v":""},"",1]
[2343,{"$nulls":6},{"$f":"IFERROR(VLOOKUP(C2344,参数!$B:$H,2,0),\"\")","v":""},{"$f":"IFERROR(VLOOKUP(C2344,参数!$B:$H,4,0),\"\")","v":""},{"$f":"IFERROR(VLOOKUP(C2344,参数!B:H,3,FALSE),\"\")","v":""},"",1]
[2344,{"$nulls":6},{"$f":"IFERROR(VLOOKUP(C2345,参数!$B:$H,2,0),\"\")","v":""},{"$f":"IFERROR(VLOOKUP(C2345,参数!$B:$H,4,0),\"\")","v":""},{"$f":"IFERROR(VLOOKUP(C2345,参数!B:H,3,FALSE),\"\")","v":""},"",1]
[2345,{"$nulls":6},{"$f":"IFERROR(VLOOKUP(C2346,参数!$B:$H,2,0),\"\")","v":""},{"$f":"IFERROR(VLOOKUP(C2346,参数!$B:$H,4,0),\"\")","v":""},{"$f":"IFERROR(VLOOKUP(C2346,参数!B:H,3,FALSE),\"\")","v":""},"",1]
[2346,{"$nulls":6},{"$f":"IFERROR(VLOOKUP(C2347,参数!$B:$H,2,0),\"\")","v":""},{"$f":"IFERROR(VLOOKUP(C2347,参数!$B:$H,4,0),\"\")","v":""},{"$f":"IFERROR(VLOOKUP(C2347,参数!B:H,3,FALSE),\"\")","v":""},"",1]
[2347,{"$nulls":6},{"$f":"IFERROR(VLOOKUP(C2348,参数!$B:$H,2,0),\"\")","v":""},{"$f":"IFERROR(VLOOKUP(C2348,参数!$B:$H,4,0),\"\")","v":""},{"$f":"IFERROR(VLOOKUP(C2348,参数!B:H,3,FALSE),\"\")","v":""},"",1]
[2348,{"$nulls":6},{"$f":"IFERROR(VLOOKUP(C2349,参数!$B:$H,2,0),\"\")","v":""},{"$f":"IFERROR(VLOOKUP(C2349,参数!$B:$H,4,0),\"\")","v":""},{"$f":"IFERROR(VLOOKUP(C2349,参数!B:H,3,FALSE),\"\")","v":""},"",1]
[2349,{"$nulls":6},{"$f":"IFERROR(VLOOKUP(C2350,参数!$B:$H,2,0),\"\")","v":""},{"$f":"IFERROR(VLOOKUP(C2350,参数!$B:$H,4,0),\"\")","v":""},{"$f":"IFERROR(VLOOKUP(C2350,参数!B:H,3,FALSE),\"\")","v":""},"",1]
[2350,{"$nulls":6},{"$f":"IFERROR(VLOOKUP(C2351,参数!$B:$H,2,0),\"\")","v":""},{"$f":"IFERROR(VLOOKUP(C2351,参数!$B:$H,4,0),\"\")","v":""},{"$f":"IFERROR(VLOOKUP(C2351,参数!B:H,3,FALSE),\"\")","v":""},"",1]
[2351,{"$nulls":6},{"$f":"IFERROR(VLOOKUP(C2352,参数!$B:$H,2,0),\"\")","v":""},{"$f":"IFERROR(VLOOKUP(C2352,参数!$B:$H,4,0),\"\")","v":""},{"$f":"IFERROR(VLOOKUP(C2352,参数!B:H,3,FALSE),\"\")","v":""},"",1]
[2352,{"$nulls":6},{"$f":"IFERROR(VLOOKUP(C2353,参数!$B:$H,2,0),\"\")","v":""},{"$f":"IFERROR(VLOOKUP(C2353,参数!$B:$H,4,0),\"\")","v":""},{"$f":"IFERROR(VLOOKUP(C2353,参数!B:H,3,FALSE),\"\")","v":""},"",1]
[2353,{"$nulls":6},{"$f":"IFERROR(VLOOKUP(C2354,参数!$B:$H,2,0),\"\")","v":""},{"$f":"IFERROR(VLOOKUP(C2354,参数!$B:$H,4,0),\"\")","v":""},{"$f":"IFERROR(VLOOKUP(C2354,参数!B:H,3,FALSE),\"\")","v":""},"",1]
[2354,{"$nulls":6},{"$f":"IFERROR(VLOOKUP(C2355,参数!$B:$H,2,0),\"\")","v":""},{"$f":"IFERROR(VLOOKUP(C2355,参数!$B:$H,4,0),\"\")","v":""},{"$f":"IFERROR(VLOOKUP(C2355,参数!B:H,3,FALSE),\"\")","v":""},"",1]
[2355,{"$nulls":6},{"$f":"IFERROR(VLOOKUP(C2356,参数!$B:$H,2,0),\"\")","v":""},{"$f":"IFERROR(VLOOKUP(C2356,参数!$B:$H,4,0),\"\")","v":""},{"$f":"IFERROR(VLOOKUP(C2356,参数!B:H,3,FALSE),\"\")","v":""},"",1]
[2356,{"$nulls":6},{"$f":"IFERROR(VLOOKUP(C2357,参数!$B:$H,2,0),\"\")","v":""},{"$f":"IFERROR(VLOOKUP(C2357,参数!$B:$H,4,0),\"\")","v":""},{"$f":"IFERROR(VLOOKUP(C2357,参数!B:H,3,FALSE),\"\")","v":""},"",1]
[2357,{"$nulls":6},{"$f":"IFERROR(VLOOKUP(C2358,参数!$B:$H,2,0),\"\")","v":""},{"$f":"IFERROR(VLOOKUP(C2358,参数!$B:$H,4,0),\"\")","v":""},{"$f":"IFERROR(VLOOKUP(C2358,参数!B:H,3,FALSE),\"\")","v":""},"",1]
[2358,{"$nulls":6},{"$f":"IFERROR(VLOOKUP(C2359,参数!$B:$H,2,0),\"\")","v":""},{"$f":"IFERROR(VLOOKUP(C2359,参数!$B:$H,4,0),\"\")","v":""},{"$f":"IFERROR(VLOOKUP(C2359,参数!B:H,3,FALSE),\"\")","v":""},"",1]
[2359,{"$nulls":6},{"$f":"IFERROR(VLOOKUP(C2360,参数!$B:$H,2,0),\"\")","v":""},{"$f":"IFERROR(VLOOKUP(C2360,参数!$B:$H,4,0),\"\")","v":""},{"$f":"IFERROR(VLOOKUP(C2360,参数!B:H,3,FALSE),\"\")","v":""},"",1]
[2360,{"$nulls":6},{"$f":"IFERROR(VLOOKUP(C2361,参数!$B:$H,2,0),\"\")","v":""},{"$f":"IFERROR(VLOOKUP(C2361,参数!$B:$H,4,0),\"\")","v":""},{"$f":"IFERROR(VLOOKUP(C2361,参数!B:H,3,FALSE),\"\")","v":""},"",1]
[2361,{"$nulls":6},{"$f":"IFERROR(VLOOKUP(C2362,参数!$B:$H,2,0),\"\")","v":""},{"$f":"IFERROR(VLOOKUP(C2362,参数!$B:$H,4,0),\"\")","v":""},{"$f":"IFERROR(VLOOKUP(C2362,参数!B:H,3,FALSE),\"\")","v":""},"",1]
[2362,{"$nulls":6},{"$f":"IFERROR(VLOOKUP(C2363,参数!$B:$H,2,0),\"\")","v":""},{"$f":"IFERROR(VLOOKUP(C2363,参数!$B:$H,4,0),\"\")","v":""},{"$f":"IFERROR(VLOOKUP(C2363,参数!B:H,3,FALSE),\"\")","v":""},"",1]
[2363,{"$nulls":6},{"$f":"IFERROR(VLOOKUP(C2364,参数!$B:$H,2,0),\"\")","v":""},{"$f":"IFERROR(VLOOKUP(C2364,参数!$B:$H,4,0),\"\")","v":""},{"$f":"IFERROR(VLOOKUP(C2364,参数!B:H,3,FALSE),\"\")","v":""},"",1]
[2364,{"$nulls":6},{"$f":"IFERROR(VLOOKUP(C2365,参数!$B:$H,2,0),\"\")","v":""},{"$f":"IFERROR(VLOOKUP(C2365,参数!$B:$H,4,0),\"\")","v":""},{"$f":"IFERROR(VLOOKUP(C2365,参数!B:H,3,FALSE),\"\")","v":""},"",1]
[2365,{"$nulls":6},{"$f":"IFERROR(VLOOKUP(C2366,参数!$B:$H,2,0),\"\")","v":""},{"$f":"IFERROR(VLOOKUP(C2366,参数!$B:$H,4,0),\"\")","v":""},{"$f":"IFERROR(VLOOKUP(C2366,参数!B:H,3,FALSE),\"\")","v":""},"",1]
[2366,{"$nulls":6},{"$f":"IFERROR(VLOOKUP(C2367,参数!$B:$H,2,0),\"\")","v":""},{"$f":"IFERROR(VLOOKUP(C2367,参数!$B:$H,4,0),\"\")","v":""},{"$f":"IFERROR(VLOOKUP(C2367,参数!B:H,3,FALSE),\"\")","v":""},"",1]
[2367,{"$nulls":6},{"$f":"IFERROR(VLOOKUP(C2368,参数!$B:$H,2,0),\"\")","v":""},{"$f":"IFERROR(VLOOKUP(C2368,参数!$B:$H,4,0),\"\")","v":""},{"$f":"IFERROR(VLOOKUP(C2368,参数!B:H,3,FALSE),\"\")","v":""},"",1]
[2368,{"$nulls":6},{"$f":"IFERROR(VLOOKUP(C2369,参数!$B:$H,2,0),\"\")","v":""},{"$f":"IFERROR(VLOOKUP(C2369,参数!$B:$H,4,0),\"\")","v":""},{"$f":"IFERROR(VLOOKUP(C2369,参数!B:H,3,FALSE),\"\")","v":""},"",1]
[2369,{"$nulls":6},{"$f":"IFERROR(VLOOKUP(C2370,参数!$B:$H,2,0),\"\")","v":""},{"$f":"IFERROR(VLOOKUP(C2370,参数!$B:$H,4,0),\"\")","v":""},{"$f":"IFERROR(VLOOKUP(C2370,参数!B:H,3,FALSE),\"\")","v":""},"",{"$f":"VALUE(MONTH(B2370))","v":1}]
[2370,{"$nulls":6},{"$f":"IFERROR(VLOOKUP(C2371,参数!$B:$H,2,0),\"\")","v":""},{"$f":"IFERROR(VLOOKUP(C2371,参数!$B:$H,4,0),\"\")","v":""},{"$f":"IFERROR(VLOOKUP(C2371,参数!B:H,3,FALSE),\"\")","v":""},"",1]
[2371,{"$nulls":6},{"$f":"IFERROR(VLOOKUP(C2372,参数!$B:$H,2,0),\"\")","v":""},{"$f":"IFERROR(VLOOKUP(C2372,参数!$B:$H,4,0),\"\")","v":""},{"$f":"IFERROR(VLOOKUP(C2372,参数!B:H,3,FALSE),\"\")","v":""},"",1]
[2372,{"$nulls":6},{"$f":"IFERROR(VLOOKUP(C2373,参数!$B:$H,2,0),\"\")","v":""},{"$f":"IFERROR(VLOOKUP(C2373,参数!$B:$H,4,0),\"\")","v":""},{"$f":"IFERROR(VLOOKUP(C2373,参数!B:H,3,FALSE),\"\")","v":""},"",1]
[2373,{"$nulls":6},{"$f":"IFERROR(VLOOKUP(C2374,参数!$B:$H,2,0),\"\")","v":""},{"$f":"IFERROR(VLOOKUP(C2374,参数!$B:$H,4,0),\"\")","v":""},{"$f":"IFERROR(VLOOKUP(C2374,参数!B:H,3,FALSE),\"\")","v":""},"",1]
[2374,{"$nulls":6},{"$f":"IFERROR(VLOOKUP(C2375,参数!$B:$H,2,0),\"\")","v":""},{"$f":"IFERROR(VLOOKUP(C2375,参数!$B:$H,4,0),\"\")","v":""},{"$f":"IFERROR(VLOOKUP(C2375,参数!B:H,3,FALSE),\"\")","v":""},"",1]
[2375,{"$nulls":6},{"$f":"IFERROR(VLOOKUP(C2376,参数!$B:$H,2,0),\"\")","v":""},{"$f":"IFERROR(VLOOKUP(C2376,参数!$B:$H,4,0),\"\")","v":""},{"$f":"IFERROR(VLOOKUP(C2376,参数!B:H,3,FALSE),\"\")","v":""},"",1]
[2376,{"$nulls":6},{"$f":"IFERROR(VLOOKUP(C2377,参数!$B:$H,2,0),\"\")","v":""},{"$f":"IFERROR(VLOOKUP(C2377,参数!$B:$H,4,0),\"\")","v":""},{"$f":"IFERROR(VLOOKUP(C2377,参数!B:H,3,FALSE),\"\")","v":""},"",1]
[2377,{"$nulls":6},{"$f":"IFERROR(VLOOKUP(C2378,参数!$B:$H,2,0),\"\")","v":""},{"$f":"IFERROR(VLOOKUP(C2378,参数!$B:$H,4,0),\"\")","v":""},{"$f":"IFERROR(VLOOKUP(C2378,参数!B:H,3,FALSE),\"\")","v":""},"",1]
[2378,{"$nulls":6},{"$f":"IFERROR(VLOOKUP(C2379,参数!$B:$H,2,0),\"\")","v":""},{"$f":"IFERROR(VLOOKUP(C2379,参数!$B:$H,4,0),\"\")","v":""},{"$f":"IFERROR(VLOOKUP(C2379,参数!B:H,3,FALSE),\"\")","v":""},"",1]
[2379,{"$nulls":6},{"$f":"IFERROR(VLOOKUP(C2380,参数!$B:$H,2,0),\"\")","v":""},{"$f":"IFERROR(VLOOKUP(C2380,参数!$B:$H,4,0),\"\")","v":""},{"$f":"IFERROR(VLOOKUP(C2380,参数!B:H,3,FALSE),\"\")","v":""},"",1]
[2380,{"$nulls":6},{"$f":"IFERROR(VLOOKUP(C2381,参数!$B:$H,2,0),\"\")","v":""},{"$f":"IFERROR(VLOOKUP(C2381,参数!$B:$H,4,0),\"\")","v":""},{"$f":"IFERROR(VLOOKUP(C2381,参数!B:H,3,FALSE),\"\")","v":""},"",1]
[2381,{"$nulls":6},{"$f":"IFERROR(VLOOKUP(C2382,参数!$B:$H,2,0),\"\")","v":""},{"$f":"IFERROR(VLOOKUP(C2382,参数!$B:$H,4,0),\"\")","v":""},{"$f":"IFERROR(VLOOKUP(C2382,参数!B:H,3,FALSE),\"\")","v":""},"",1]
[2382,{"$nulls":6},{"$f":"IFERROR(VLOOKUP(C2383,参数!$B:$H,2,0),\"\")","v":""},{"$f":"IFERROR(VLOOKUP(C2383,参数!$B:$H,4,0),\"\")","v":""},{"$f":"IFERROR(VLOOKUP(C2383,参数!B:H,3,FALSE),\"\")","v":""},"",1]
[2383,{"$nulls":6},{"$f":"IFERROR(VLOOKUP(C2384,参数!$B:$H,2,0),\"\")","v":""},{"$f":"IFERROR(VLOOKUP(C2384,参数!$B:$H,4,0),\"\")","v":""},{"$f":"IFERROR(VLOOKUP(C2384,参数!B:H,3,FALSE),\"\")","v":""},"",1]
[2384,{"$nulls":6},{"$f":"IFERROR(VLOOKUP(C2385,参数!$B:$H,2,0),\"\")","v":""},{"$f":"IFERROR(VLOOKUP(C2385,参数!$B:$H,4,0),\"\")","v":""},{"$f":"IFERROR(VLOOKUP(C2385,参数!B:H,3,FALSE),\"\")","v":""},"",1]
[2385,{"$nulls":6},{"$f":"IFERROR(VLOOKUP(C2386,参数!$B:$H,2,0),\"\")","v":""},{"$f":"IFERROR(VLOOKUP(C2386,参数!$B:$H,4,0),\"\")","v":""},{"$f":"IFERROR(VLOOKUP(C2386,参数!B:H,3,FALSE),\"\")","v":""},"",1]
[2386,{"$nulls":6},{"$f":"IFERROR(VLOOKUP(C2387,参数!$B:$H,2,0),\"\")","v":""},{"$f":"IFERROR(VLOOKUP(C2387,参数!$B:$H,4,0),\"\")","v":""},{"$f":"IFERROR(VLOOKUP(C2387,参数!B:H,3,FALSE),\"\")","v":""},"",1]
[2387,{"$nulls":6},{"$f":"IFERROR(VLOOKUP(C2388,参数!$B:$H,2,0),\"\")","v":""},{"$f":"IFERROR(VLOOKUP(C2388,参数!$B:$H,4,0),\"\")","v":""},{"$f":"IFERROR(VLOOKUP(C2388,参数!B:H,3,FALSE),\"\")","v":""},"",1]
[2388,{"$nulls":6},{"$f":"IFERROR(VLOOKUP(C2389,参数!$B:$H,2,0),\"\")","v":""},{"$f":"IFERROR(VLOOKUP(C2389,参数!$B:$H,4,0),\"\")","v":""},{"$f":"IFERROR(VLOOKUP(C2389,参数!B:H,3,FALSE),\"\")","v":""},"",1]
[2389,{"$nulls":6},{"$f":"IFERROR(VLOOKUP(C2390,参数!$B:$H,2,0),\"\")","v":""},{"$f":"IFERROR(VLOOKUP(C2390,参数!$B:$H,4,0),\"\")","v":""},{"$f":"IFERROR(VLOOKUP(C2390,参数!B:H,3,FALSE),\"\")","v":""},"",1]
[2390,{"$nulls":6},{"$f":"IFERROR(VLOOKUP(C2391,参数!$B:$H,2,0),\"\")","v":""},{"$f":"IFERROR(VLOOKUP(C2391,参数!$B:$H,4,0),\"\")","v":""},{"$f":"IFERROR(VLOOKUP(C2391,参数!B:H,3,FALSE),\"\")","v":""},"",1]
[2391,{"$nulls":6},{"$f":"IFERROR(VLOOKUP(C2392,参数!$B:$H,2,0),\"\")","v":""},{"$f":"IFERROR(VLOOKUP(C2392,参数!$B:$H,4,0),\"\")","v":""},{"$f":"IFERROR(VLOOKUP(C2392,参数!B:H,3,FALSE),\"\")","v":""},"",1]
[2392,{"$nulls":6},{"$f":"IFERROR(VLOOKUP(C2393,参数!$B:$H,2,0),\"\")","v":""},{"$f":"IFERROR(VLOOKUP(C2393,参数!$B:$H,4,0),\"\")","v":""},{"$f":"IFERROR(VLOOKUP(C2393,参数!B:H,3,FALSE),\"\")","v":""},"",1]
[2393,{"$nulls":6},{"$f":"IFERROR(VLOOKUP(C2394,参数!$B:$H,2,0),\"\")","v":""},{"$f":"IFERROR(VLOOKUP(C2394,参数!$B:$H,4,0),\"\")","v":""},{"$f":"IFERROR(VLOOKUP(C2394,参数!B:H,3,FALSE),\"\")","v":""},"",1]
[2394,{"$nulls":6},{"$f":"IFERROR(VLOOKUP(C2395,参数!$B:$H,2,0),\"\")","v":""},{"$f":"IFERROR(VLOOKUP(C2395,参数!$B:$H,4,0),\"\")","v":""},{"$f":"IFERROR(VLOOKUP(C2395,参数!B:H,3,FALSE),\"\")","v":""},"",1]
[2395,{"$nulls":6},{"$f":"IFERROR(VLOOKUP(C2396,参数!$B:$H,2,0),\"\")","v":""},{"$f":"IFERROR(VLOOKUP(C2396,参数!$B:$H,4,0),\"\")","v":""},{"$f":"IFERROR(VLOOKUP(C2396,参数!B:H,3,FALSE),\"\")","v":""},"",1]
[2396,{"$nulls":6},{"$f":"IFERROR(VLOOKUP(C2397,参数!$B:$H,2,0),\"\")","v":""},{"$f":"IFERROR(VLOOKUP(C2397,参数!$B:$H,4,0),\"\")","v":""},{"$f":"IFERROR(VLOOKUP(C2397,参数!B:H,3,FALSE),\"\")","v":""},"",1]
[2397,{"$nulls":6},{"$f":"IFERROR(VLOOKUP(C2398,参数!$B:$H,2,0),\"\")","v":""},{"$f":"IFERROR(VLOOKUP(C2398,参数!$B:$H,4,0),\"\")","v":""},{"$f":"IFERROR(VLOOKUP(C2398,参数!B:H,3,FALSE),\"\")","v":""},"",1]
[2398,{"$nulls":6},{"$f":"IFERROR(VLOOKUP(C2399,参数!$B:$H,2,0),\"\")","v":""},{"$f":"IFERROR(VLOOKUP(C2399,参数!$B:$H,4,0),\"\")","v":""},{"$f":"IFERROR(VLOOKUP(C2399,参数!B:H,3,FALSE),\"\")","v":""},"",1]
[2399,{"$nulls":6},{"$f":"IFERROR(VLOOKUP(C2400,参数!$B:$H,2,0),\"\")","v":""},{"$f":"IFERROR(VLOOKUP(C2400,参数!$B:$H,4,0),\"\")","v":""},{"$f":"IFERROR(VLOOKUP(C2400,参数!B:H,3,FALSE),\"\")","v":""},"",1]
[2400,{"$nulls":6},{"$f":"IFERROR(VLOOKUP(C2401,参数!$B:$H,2,0),\"\")","v":""},{"$f":"IFERROR(VLOOKUP(C2401,参数!$B:$H,4,0),\"\")","v":""},{"$f":"IFERROR(VLOOKUP(C2401,参数!B:H,3,FALSE),\"\")","v":""},"",1]
[2401,{"$nulls":6},{"$f":"IFERROR(VLOOKUP(C2402,参数!$B:$H,2,0),\"\")","v":""},{"$f":"IFERROR(VLOOKUP(C2402,参数!$B:$H,4,0),\"\")","v":""},{"$f":"IFERROR(VLOOKUP(C2402,参数!B:H,3,FALSE),\"\")","v":""},"",1]
[2402,{"$nulls":6},{"$f":"IFERROR(VLOOKUP(C2403,参数!$B:$H,2,0),\"\")","v":""},{"$f":"IFERROR(VLOOKUP(C2403,参数!$B:$H,4,0),\"\")","v":""},{"$f":"IFERROR(VLOOKUP(C2403,参数!B:H,3,FALSE),\"\")","v":""},"",1]
[2403,{"$nulls":6},{"$f":"IFERROR(VLOOKUP(C2404,参数!$B:$H,2,0),\"\")","v":""},{"$f":"IFERROR(VLOOKUP(C2404,参数!$B:$H,4,0),\"\")","v":""},{"$f":"IFERROR(VLOOKUP(C2404,参数!B:H,3,FALSE),\"\")","v":""},"",1]
[2404,{"$nulls":6},{"$f":"IFERROR(VLOOKUP(C2405,参数!$B:$H,2,0),\"\")","v":""},{"$f":"IFERROR(VLOOKUP(C2405,参数!$B:$H,4,0),\"\")","v":""},{"$f":"IFERROR(VLOOKUP(C2405,参数!B:H,3,FALSE),\"\")","v":""},{"$f":"IFERROR(J2405*E2405,\"\")","v":""},1]
[2405,{"$nulls":6},{"$f":"IFERROR(VLOOKUP(C2406,参数!$B:$H,2,0),\"\")","v":""},{"$f":"IFERROR(VLOOKUP(C2406,参数!$B:$H,4,0),\"\")","v":""},{"$f":"IFERROR(VLOOKUP(C2406,参数!B:H,3,FALSE),\"\")","v":""},"",1]
[2406,{"$nulls":6},{"$f":"IFERROR(VLOOKUP(C2407,参数!$B:$H,2,0),\"\")","v":""},{"$f":"IFERROR(VLOOKUP(C2407,参数!$B:$H,4,0),\"\")","v":""},{"$f":"IFERROR(VLOOKUP(C2407,参数!B:H,3,FALSE),\"\")","v":""},"",1]
[2407,{"$nulls":6},{"$f":"IFERROR(VLOOKUP(C2408,参数!$B:$H,2,0),\"\")","v":""},{"$f":"IFERROR(VLOOKUP(C2408,参数!$B:$H,4,0),\"\")","v":""},{"$f":"IFERROR(VLOOKUP(C2408,参数!B:H,3,FALSE),\"\")","v":""},"",1]
[2408,{"$nulls":6},{"$f":"IFERROR(VLOOKUP(C2409,参数!$B:$H,2,0),\"\")","v":""},{"$f":"IFERROR(VLOOKUP(C2409,参数!$B:$H,4,0),\"\")","v":""},{"$f":"IFERROR(VLOOKUP(C2409,参数!B:H,3,FALSE),\"\")","v":""},"",1]
[2409,{"$nulls":6},{"$f":"IFERROR(VLOOKUP(C2410,参数!$B:$H,2,0),\"\")","v":""},{"$f":"IFERROR(VLOOKUP(C2410,参数!$B:$H,4,0),\"\")","v":""},{"$f":"IFERROR(VLOOKUP(C2410,参数!B:H,3,FALSE),\"\")","v":""},"",1]
[2410,{"$nulls":6},{"$f":"IFERROR(VLOOKUP(C2411,参数!$B:$H,2,0),\"\")","v":""},{"$f":"IFERROR(VLOOKUP(C2411,参数!$B:$H,4,0),\"\")","v":""},{"$f":"IFERROR(VLOOKUP(C2411,参数!B:H,3,FALSE),\"\")","v":""},"",1]
[2411,{"$nulls":6},{"$f":"IFERROR(VLOOKUP(C2412,参数!$B:$H,2,0),\"\")","v":""},{"$f":"IFERROR(VLOOKUP(C2412,参数!$B:$H,4,0),\"\")","v":""},{"$f":"IFERROR(VLOOKUP(C2412,参数!B:H,3,FALSE),\"\")","v":""},"",1]
[2412,{"$nulls":6},{"$f":"IFERROR(VLOOKUP(C2413,参数!$B:$H,2,0),\"\")","v":""},{"$f":"IFERROR(VLOOKUP(C2413,参数!$B:$H,4,0),\"\")","v":""},{"$f":"IFERROR(VLOOKUP(C2413,参数!B:H,3,FALSE),\"\")","v":""},"",1]
[2413,{"$nulls":6},{"$f":"IFERROR(VLOOKUP(C2414,参数!$B:$H,2,0),\"\")","v":""},{"$f":"IFERROR(VLOOKUP(C2414,参数!$B:$H,4,0),\"\")","v":""},{"$f":"IFERROR(VLOOKUP(C2414,参数!B:H,3,FALSE),\"\")","v":""},"",1]
[2414,{"$nulls":6},{"$f":"IFERROR(VLOOKUP(C2415,参数!$B:$H,2,0),\"\")","v":""},{"$f":"IFERROR(VLOOKUP(C2415,参数!$B:$H,4,0),\"\")","v":""},{"$f":"IFERROR(VLOOKUP(C2415,参数!B:H,3,FALSE),\"\")","v":""},"",1]
[2415,{"$nulls":6},{"$f":"IFERROR(VLOOKUP(C2416,参数!$B:$H,2,0),\"\")","v":""},{"$f":"IFERROR(VLOOKUP(C2416,参数!$B:$H,4,0),\"\")","v":""},{"$f":"IFERROR(VLOOKUP(C2416,参数!B:H,3,FALSE),\"\")","v":""},"",1]
[2416,{"$nulls":6},{"$f":"IFERROR(VLOOKUP(C2417,参数!$B:$H,2,0),\"\")","v":""},{"$f":"IFERROR(VLOOKUP(C2417,参数!$B:$H,4,0),\"\")","v":""},{"$f":"IFERROR(VLOOKUP(C2417,参数!B:H,3,FALSE),\"\")","v":""},"",1]
[2417,{"$nulls":6},{"$f":"IFERROR(VLOOKUP(C2418,参数!$B:$H,2,0),\"\")","v":""},{"$f":"IFERROR(VLOOKUP(C2418,参数!$B:$H,4,0),\"\")","v":""},{"$f":"IFERROR(VLOOKUP(C2418,参数!B:H,3,FALSE),\"\")","v":""},"",1]
[2418,{"$nulls":6},{"$f":"IFERROR(VLOOKUP(C2419,参数!$B:$H,2,0),\"\")","v":""},{"$f":"IFERROR(VLOOKUP(C2419,参数!$B:$H,4,0),\"\")","v":""},{"$f":"IFERROR(VLOOKUP(C2419,参数!B:H,3,FALSE),\"\")","v":""},"",1]
[2419,{"$nulls":6},{"$f":"IFERROR(VLOOKUP(C2420,参数!$B:$H,2,0),\"\")","v":""},{"$f":"IFERROR(VLOOKUP(C2420,参数!$B:$H,4,0),\"\")","v":""},{"$f":"IFERROR(VLOOKUP(C2420,参数!B:H,3,FALSE),\"\")","v":""},"",1]
[2420,{"$nulls":6},{"$f":"IFERROR(VLOOKUP(C2421,参数!$B:$H,2,0),\"\")","v":""},{"$f":"IFERROR(VLOOKUP(C2421,参数!$B:$H,4,0),\"\")","v":""},{"$f":"IFERROR(VLOOKUP(C2421,参数!B:H,3,FALSE),\"\")","v":""},"",1]
[2421,{"$nulls":6},{"$f":"IFERROR(VLOOKUP(C2422,参数!$B:$H,2,0),\"\")","v":""},{"$f":"IFERROR(VLOOKUP(C2422,参数!$B:$H,4,0),\"\")","v":""},{"$f":"IFERROR(VLOOKUP(C2422,参数!B:H,3,FALSE),\"\")","v":""},"",1]
[2422,{"$nulls":6},{"$f":"IFERROR(VLOOKUP(C2423,参数!$B:$H,2,0),\"\")","v":""},{"$f":"IFERROR(VLOOKUP(C2423,参数!$B:$H,4,0),\"\")","v":""},{"$f":"IFERROR(VLOOKUP(C2423,参数!B:H,3,FALSE),\"\")","v":""},"",1]
[2423,{"$nulls":6},{"$f":"IFERROR(VLOOKUP(C2424,参数!$B:$H,2,0),\"\")","v":""},{"$f":"IFERROR(VLOOKUP(C2424,参数!$B:$H,4,0),\"\")","v":""},{"$f":"IFERROR(VLOOKUP(C2424,参数!B:H,3,FALSE),\"\")","v":""},"",1]
[2424,{"$nulls":6},{"$f":"IFERROR(VLOOKUP(C2425,参数!$B:$H,2,0),\"\")","v":""},{"$f":"IFERROR(VLOOKUP(C2425,参数!$B:$H,4,0),\"\")","v":""},{"$f":"IFERROR(VLOOKUP(C2425,参数!B:H,3,FALSE),\"\")","v":""},"",1]
[2425,{"$nulls":6},{"$f":"IFERROR(VLOOKUP(C2426,参数!$B:$H,2,0),\"\")","v":""},{"$f":"IFERROR(VLOOKUP(C2426,参数!$B:$H,4,0),\"\")","v":""},{"$f":"IFERROR(VLOOKUP(C2426,参数!B:H,3,FALSE),\"\")","v":""},"",1]
[2426,{"$nulls":6},{"$f":"IFERROR(VLOOKUP(C2427,参数!$B:$H,2,0),\"\")","v":""},{"$f":"IFERROR(VLOOKUP(C2427,参数!$B:$H,4,0),\"\")","v":""},{"$f":"IFERROR(VLOOKUP(C2427,参数!B:H,3,FALSE),\"\")","v":""},"",1]
[2427,{"$nulls":6},{"$f":"IFERROR(VLOOKUP(C2428,参数!$B:$H,2,0),\"\")","v":""},{"$f":"IFERROR(VLOOKUP(C2428,参数!$B:$H,4,0),\"\")","v":""},{"$f":"IFERROR(VLOOKUP(C2428,参数!B:H,3,FALSE),\"\")","v":""},"",1]
[2428,{"$nulls":6},{"$f":"IFERROR(VLOOKUP(C2429,参数!$B:$H,2,0),\"\")","v":""},{"$f":"IFERROR(VLOOKUP(C2429,参数!$B:$H,4,0),\"\")","v":""},{"$f":"IFERROR(VLOOKUP(C2429,参数!B:H,3,FALSE),\"\")","v":""},"",1]
[2429,{"$nulls":6},{"$f":"IFERROR(VLOOKUP(C2430,参数!$B:$H,2,0),\"\")","v":""},{"$f":"IFERROR(VLOOKUP(C2430,参数!$B:$H,4,0),\"\")","v":""},{"$f":"IFERROR(VLOOKUP(C2430,参数!B:H,3,FALSE),\"\")","v":""},"",1]
[2430,{"$nulls":6},{"$f":"IFERROR(VLOOKUP(C2431,参数!$B:$H,2,0),\"\")","v":""},{"$f":"IFERROR(VLOOKUP(C2431,参数!$B:$H,4,0),\"\")","v":""},{"$f":"IFERROR(VLOOKUP(C2431,参数!B:H,3,FALSE),\"\")","v":""},"",1]
[2431,{"$nulls":6},{"$f":"IFERROR(VLOOKUP(C2432,参数!$B:$H,2,0),\"\")","v":""},{"$f":"IFERROR(VLOOKUP(C2432,参数!$B:$H,4,0),\"\")","v":""},{"$f":"IFERROR(VLOOKUP(C2432,参数!B:H,3,FALSE),\"\")","v":""},"",1]
[2432,{"$nulls":6},{"$f":"IFERROR(VLOOKUP(C2433,参数!$B:$H,2,0),\"\")","v":""},{"$f":"IFERROR(VLOOKUP(C2433,参数!$B:$H,4,0),\"\")","v":""},{"$f":"IFERROR(VLOOKUP(C2433,参数!B:H,3,FALSE),\"\")","v":""},"",1]
[2433,{"$nulls":6},{"$f":"IFERROR(VLOOKUP(C2434,参数!$B:$H,2,0),\"\")","v":""},{"$f":"IFERROR(VLOOKUP(C2434,参数!$B:$H,4,0),\"\")","v":""},{"$f":"IFERROR(VLOOKUP(C2434,参数!B:H,3,FALSE),\"\")","v":""},"",{"$f":"VALUE(MONTH(B2434))","v":1}]
[2434,{"$nulls":6},{"$f":"IFERROR(VLOOKUP(C2435,参数!$B:$H,2,0),\"\")","v":""},{"$f":"IFERROR(VLOOKUP(C2435,参数!$B:$H,4,0),\"\")","v":""},{"$f":"IFERROR(VLOOKUP(C2435,参数!B:H,3,FALSE),\"\")","v":""},"",1]
[2435,{"$nulls":6},{"$f":"IFERROR(VLOOKUP(C2436,参数!$B:$H,2,0),\"\")","v":""},{"$f":"IFERROR(VLOOKUP(C2436,参数!$B:$H,4,0),\"\")","v":""},{"$f":"IFERROR(VLOOKUP(C2436,参数!B:H,3,FALSE),\"\")","v":""},"",1]
[2436,{"$nulls":6},{"$f":"IFERROR(VLOOKUP(C2437,参数!$B:$H,2,0),\"\")","v":""},{"$f":"IFERROR(VLOOKUP(C2437,参数!$B:$H,4,0),\"\")","v":""},{"$f":"IFERROR(VLOOKUP(C2437,参数!B:H,3,FALSE),\"\")","v":""},"",1]
[2437,{"$nulls":6},{"$f":"IFERROR(VLOOKUP(C2438,参数!$B:$H,2,0),\"\")","v":""},{"$f":"IFERROR(VLOOKUP(C2438,参数!$B:$H,4,0),\"\")","v":""},{"$f":"IFERROR(VLOOKUP(C2438,参数!B:H,3,FALSE),\"\")","v":""},"",1]
[2438,{"$nulls":6},{"$f":"IFERROR(VLOOKUP(C2439,参数!$B:$H,2,0),\"\")","v":""},{"$f":"IFERROR(VLOOKUP(C2439,参数!$B:$H,4,0),\"\")","v":""},{"$f":"IFERROR(VLOOKUP(C2439,参数!B:H,3,FALSE),\"\")","v":""},"",1]
[2439,{"$nulls":6},{"$f":"IFERROR(VLOOKUP(C2440,参数!$B:$H,2,0),\"\")","v":""},{"$f":"IFERROR(VLOOKUP(C2440,参数!$B:$H,4,0),\"\")","v":""},{"$f":"IFERROR(VLOOKUP(C2440,参数!B:H,3,FALSE),\"\")","v":""},"",1]
[2440,{"$nulls":6},{"$f":"IFERROR(VLOOKUP(C2441,参数!$B:$H,2,0),\"\")","v":""},{"$f":"IFERROR(VLOOKUP(C2441,参数!$B:$H,4,0),\"\")","v":""},{"$f":"IFERROR(VLOOKUP(C2441,参数!B:H,3,FALSE),\"\")","v":""},"",1]
[2441,{"$nulls":6},{"$f":"IFERROR(VLOOKUP(C2442,参数!$B:$H,2,0),\"\")","v":""},{"$f":"IFERROR(VLOOKUP(C2442,参数!$B:$H,4,0),\"\")","v":""},{"$f":"IFERROR(VLOOKUP(C2442,参数!B:H,3,FALSE),\"\")","v":""},"",1]
[2442,{"$nulls":6},{"$f":"IFERROR(VLOOKUP(C2443,参数!$B:$H,2,0),\"\")","v":""},{"$f":"IFERROR(VLOOKUP(C2443,参数!$B:$H,4,0),\"\")","v":""},{"$f":"IFERROR(VLOOKUP(C2443,参数!B:H,3,FALSE),\"\")","v":""},"",1]
[2443,{"$nulls":6},{"$f":"IFERROR(VLOOKUP(C2444,参数!$B:$H,2,0),\"\")","v":""},{"$f":"IFERROR(VLOOKUP(C2444,参数!$B:$H,4,0),\"\")","v":""},{"$f":"IFERROR(VLOOKUP(C2444,参数!B:H,3,FALSE),\"\")","v":""},"",1]
[2444,{"$nulls":6},{"$f":"IFERROR(VLOOKUP(C2445,参数!$B:$H,2,0),\"\")","v":""},{"$f":"IFERROR(VLOOKUP(C2445,参数!$B:$H,4,0),\"\")","v":""},{"$f":"IFERROR(VLOOKUP(C2445,参数!B:H,3,FALSE),\"\")","v":""},"",1]
[2445,{"$nulls":6},{"$f":"IFERROR(VLOOKUP(C2446,参数!$B:$H,2,0),\"\")","v":""},{"$f":"IFERROR(VLOOKUP(C2446,参数!$B:$H,4,0),\"\")","v":""},{"$f":"IFERROR(VLOOKUP(C2446,参数!B:H,3,FALSE),\"\")","v":""},"",1]
[2446,{"$nulls":6},{"$f":"IFERROR(VLOOKUP(C2447,参数!$B:$H,2,0),\"\")","v":""},{"$f":"IFERROR(VLOOKUP(C2447,参数!$B:$H,4,0),\"\")","v":""},{"$f":"IFERROR(VLOOKUP(C2447,参数!B:H,3,FALSE),\"\")","v":""},"",1]
[2447,{"$nulls":6},{"$f":"IFERROR(VLOOKUP(C2448,参数!$B:$H,2,0),\"\")","v":""},{"$f":"IFERROR(VLOOKUP(C2448,参数!$B:$H,4,0),\"\")","v":""},{"$f":"IFERROR(VLOOKUP(C2448,参数!B:H,3,FALSE),\"\")","v":""},"",1]
[2448,{"$nulls":6},{"$f":"IFERROR(VLOOKUP(C2449,参数!$B:$H,2,0),\"\")","v":""},{"$f":"IFERROR(VLOOKUP(C2449,参数!$B:$H,4,0),\"\")","v":""},{"$f":"IFERROR(VLOOKUP(C2449,参数!B:H,3,FALSE),\"\")","v":""},"",1]
[2449,{"$nulls":6},{"$f":"IFERROR(VLOOKUP(C2450,参数!$B:$H,2,0),\"\")","v":""},{"$f":"IFERROR(VLOOKUP(C2450,参数!$B:$H,4,0),\"\")","v":""},{"$f":"IFERROR(VLOOKUP(C2450,参数!B:H,3,FALSE),\"\")","v":""},"",1]
[2450,{"$nulls":6},{"$f":"IFERROR(VLOOKUP(C2451,参数!$B:$H,2,0),\"\")","v":""},{"$f":"IFERROR(VLOOKUP(C2451,参数!$B:$H,4,0),\"\")","v":""},{"$f":"IFERROR(VLOOKUP(C2451,参数!B:H,3,FALSE),\"\")","v":""},"",1]
[2451,{"$nulls":6},{"$f":"IFERROR(VLOOKUP(C2452,参数!$B:$H,2,0),\"\")","v":""},{"$f":"IFERROR(VLOOKUP(C2452,参数!$B:$H,4,0),\"\")","v":""},{"$f":"IFERROR(VLOOKUP(C2452,参数!B:H,3,FALSE),\"\")","v":""},"",1]
[2452,{"$nulls":6},{"$f":"IFERROR(VLOOKUP(C2453,参数!$B:$H,2,0),\"\")","v":""},{"$f":"IFERROR(VLOOKUP(C2453,参数!$B:$H,4,0),\"\")","v":""},{"$f":"IFERROR(VLOOKUP(C2453,参数!B:H,3,FALSE),\"\")","v":""},"",1]
[2453,{"$nulls":6},{"$f":"IFERROR(VLOOKUP(C2454,参数!$B:$H,2,0),\"\")","v":""},{"$f":"IFERROR(VLOOKUP(C2454,参数!$B:$H,4,0),\"\")","v":""},{"$f":"IFERROR(VLOOKUP(C2454,参数!B:H,3,FALSE),\"\")","v":""},"",1]
[2454,{"$nulls":6},{"$f":"IFERROR(VLOOKUP(C2455,参数!$B:$H,2,0),\"\")","v":""},{"$f":"IFERROR(VLOOKUP(C2455,参数!$B:$H,4,0),\"\")","v":""},{"$f":"IFERROR(VLOOKUP(C2455,参数!B:H,3,FALSE),\"\")","v":""},"",1]
[2455,{"$nulls":6},{"$f":"IFERROR(VLOOKUP(C2456,参数!$B:$H,2,0),\"\")","v":""},{"$f":"IFERROR(VLOOKUP(C2456,参数!$B:$H,4,0),\"\")","v":""},{"$f":"IFERROR(VLOOKUP(C2456,参数!B:H,3,FALSE),\"\")","v":""},"",1]
[2456,{"$nulls":6},{"$f":"IFERROR(VLOOKUP(C2457,参数!$B:$H,2,0),\"\")","v":""},{"$f":"IFERROR(VLOOKUP(C2457,参数!$B:$H,4,0),\"\")","v":""},{"$f":"IFERROR(VLOOKUP(C2457,参数!B:H,3,FALSE),\"\")","v":""},"",1]
[2457,{"$nulls":6},{"$f":"IFERROR(VLOOKUP(C2458,参数!$B:$H,2,0),\"\")","v":""},{"$f":"IFERROR(VLOOKUP(C2458,参数!$B:$H,4,0),\"\")","v":""},{"$f":"IFERROR(VLOOKUP(C2458,参数!B:H,3,FALSE),\"\")","v":""},"",1]
[2458,{"$nulls":6},{"$f":"IFERROR(VLOOKUP(C2459,参数!$B:$H,2,0),\"\")","v":""},{"$f":"IFERROR(VLOOKUP(C2459,参数!$B:$H,4,0),\"\")","v":""},{"$f":"IFERROR(VLOOKUP(C2459,参数!B:H,3,FALSE),\"\")","v":""},"",1]
[2459,{"$nulls":6},{"$f":"IFERROR(VLOOKUP(C2460,参数!$B:$H,2,0),\"\")","v":""},{"$f":"IFERROR(VLOOKUP(C2460,参数!$B:$H,4,0),\"\")","v":""},{"$f":"IFERROR(VLOOKUP(C2460,参数!B:H,3,FALSE),\"\")","v":""},"",1]
[2460,{"$nulls":6},{"$f":"IFERROR(VLOOKUP(C2461,参数!$B:$H,2,0),\"\")","v":""},{"$f":"IFERROR(VLOOKUP(C2461,参数!$B:$H,4,0),\"\")","v":""},{"$f":"IFERROR(VLOOKUP(C2461,参数!B:H,3,FALSE),\"\")","v":""},"",1]
[2461,{"$nulls":6},{"$f":"IFERROR(VLOOKUP(C2462,参数!$B:$H,2,0),\"\")","v":""},{"$f":"IFERROR(VLOOKUP(C2462,参数!$B:$H,4,0),\"\")","v":""},{"$f":"IFERROR(VLOOKUP(C2462,参数!B:H,3,FALSE),\"\")","v":""},"",1]
[2462,{"$nulls":6},{"$f":"IFERROR(VLOOKUP(C2463,参数!$B:$H,2,0),\"\")","v":""},{"$f":"IFERROR(VLOOKUP(C2463,参数!$B:$H,4,0),\"\")","v":""},{"$f":"IFERROR(VLOOKUP(C2463,参数!B:H,3,FALSE),\"\")","v":""},"",1]
[2463,{"$nulls":6},{"$f":"IFERROR(VLOOKUP(C2464,参数!$B:$H,2,0),\"\")","v":""},{"$f":"IFERROR(VLOOKUP(C2464,参数!$B:$H,4,0),\"\")","v":""},{"$f":"IFERROR(VLOOKUP(C2464,参数!B:H,3,FALSE),\"\")","v":""},"",1]
[2464,{"$nulls":6},{"$f":"IFERROR(VLOOKUP(C2465,参数!$B:$H,2,0),\"\")","v":""},{"$f":"IFERROR(VLOOKUP(C2465,参数!$B:$H,4,0),\"\")","v":""},{"$f":"IFERROR(VLOOKUP(C2465,参数!B:H,3,FALSE),\"\")","v":""},"",1]
[2465,{"$nulls":6},{"$f":"IFERROR(VLOOKUP(C2466,参数!$B:$H,2,0),\"\")","v":""},{"$f":"IFERROR(VLOOKUP(C2466,参数!$B:$H,4,0),\"\")","v":""},{"$f":"IFERROR(VLOOKUP(C2466,参数!B:H,3,FALSE),\"\")","v":""},"",1]
[2466,{"$nulls":6},{"$f":"IFERROR(VLOOKUP(C2467,参数!$B:$H,2,0),\"\")","v":""},{"$f":"IFERROR(VLOOKUP(C2467,参数!$B:$H,4,0),\"\")","v":""},{"$f":"IFERROR(VLOOKUP(C2467,参数!B:H,3,FALSE),\"\")","v":""},"",1]
[2467,{"$nulls":6},{"$f":"IFERROR(VLOOKUP(C2468,参数!$B:$H,2,0),\"\")","v":""},{"$f":"IFERROR(VLOOKUP(C2468,参数!$B:$H,4,0),\"\")","v":""},{"$f":"IFERROR(VLOOKUP(C2468,参数!B:H,3,FALSE),\"\")","v":""},"",1]
[2468,{"$nulls":6},{"$f":"IFERROR(VLOOKUP(C2469,参数!$B:$H,2,0),\"\")","v":""},{"$f":"IFERROR(VLOOKUP(C2469,参数!$B:$H,4,0),\"\")","v":""},{"$f":"IFERROR(VLOOKUP(C2469,参数!B:H,3,FALSE),\"\")","v":""},{"$f":"IFERROR(J2469*E2469,\"\")","v":""},1]
[2469,{"$nulls":6},{"$f":"IFERROR(VLOOKUP(C2470,参数!$B:$H,2,0),\"\")","v":""},{"$f":"IFERROR(VLOOKUP(C2470,参数!$B:$H,4,0),\"\")","v":""},{"$f":"IFERROR(VLOOKUP(C2470,参数!B:H,3,FALSE),\"\")","v":""},"",1]
[2470,{"$nulls":6},{"$f":"IFERROR(VLOOKUP(C2471,参数!$B:$H,2,0),\"\")","v":""},{"$f":"IFERROR(VLOOKUP(C2471,参数!$B:$H,4,0),\"\")","v":""},{"$f":"IFERROR(VLOOKUP(C2471,参数!B:H,3,FALSE),\"\")","v":""},"",1]
[2471,{"$nulls":6},{"$f":"IFERROR(VLOOKUP(C2472,参数!$B:$H,2,0),\"\")","v":""},{"$f":"IFERROR(VLOOKUP(C2472,参数!$B:$H,4,0),\"\")","v":""},{"$f":"IFERROR(VLOOKUP(C2472,参数!B:H,3,FALSE),\"\")","v":""},"",1]
[2472,{"$nulls":6},{"$f":"IFERROR(VLOOKUP(C2473,参数!$B:$H,2,0),\"\")","v":""},{"$f":"IFERROR(VLOOKUP(C2473,参数!$B:$H,4,0),\"\")","v":""},{"$f":"IFERROR(VLOOKUP(C2473,参数!B:H,3,FALSE),\"\")","v":""},"",1]
[2473,{"$nulls":6},{"$f":"IFERROR(VLOOKUP(C2474,参数!$B:$H,2,0),\"\")","v":""},{"$f":"IFERROR(VLOOKUP(C2474,参数!$B:$H,4,0),\"\")","v":""},{"$f":"IFERROR(VLOOKUP(C2474,参数!B:H,3,FALSE),\"\")","v":""},"",1]
[2474,{"$nulls":6},{"$f":"IFERROR(VLOOKUP(C2475,参数!$B:$H,2,0),\"\")","v":""},{"$f":"IFERROR(VLOOKUP(C2475,参数!$B:$H,4,0),\"\")","v":""},{"$f":"IFERROR(VLOOKUP(C2475,参数!B:H,3,FALSE),\"\")","v":""},"",1]
[2475,{"$nulls":6},{"$f":"IFERROR(VLOOKUP(C2476,参数!$B:$H,2,0),\"\")","v":""},{"$f":"IFERROR(VLOOKUP(C2476,参数!$B:$H,4,0),\"\")","v":""},{"$f":"IFERROR(VLOOKUP(C2476,参数!B:H,3,FALSE),\"\")","v":""},"",1]
[2476,{"$nulls":6},{"$f":"IFERROR(VLOOKUP(C2477,参数!$B:$H,2,0),\"\")","v":""},{"$f":"IFERROR(VLOOKUP(C2477,参数!$B:$H,4,0),\"\")","v":""},{"$f":"IFERROR(VLOOKUP(C2477,参数!B:H,3,FALSE),\"\")","v":""},"",1]
[2477,{"$nulls":6},{"$f":"IFERROR(VLOOKUP(C2478,参数!$B:$H,2,0),\"\")","v":""},{"$f":"IFERROR(VLOOKUP(C2478,参数!$B:$H,4,0),\"\")","v":""},{"$f":"IFERROR(VLOOKUP(C2478,参数!B:H,3,FALSE),\"\")","v":""},"",1]
[2478,{"$nulls":6},{"$f":"IFERROR(VLOOKUP(C2479,参数!$B:$H,2,0),\"\")","v":""},{"$f":"IFERROR(VLOOKUP(C2479,参数!$B:$H,4,0),\"\")","v":""},{"$f":"IFERROR(VLOOKUP(C2479,参数!B:H,3,FALSE),\"\")","v":""},"",1]
[2479,{"$nulls":6},{"$f":"IFERROR(VLOOKUP(C2480,参数!$B:$H,2,0),\"\")","v":""},{"$f":"IFERROR(VLOOKUP(C2480,参数!$B:$H,4,0),\"\")","v":""},{"$f":"IFERROR(VLOOKUP(C2480,参数!B:H,3,FALSE),\"\")","v":""},"",1]
[2480,{"$nulls":6},{"$f":"IFERROR(VLOOKUP(C2481,参数!$B:$H,2,0),\"\")","v":""},{"$f":"IFERROR(VLOOKUP(C2481,参数!$B:$H,4,0),\"\")","v":""},{"$f":"IFERROR(VLOOKUP(C2481,参数!B:H,3,FALSE),\"\")","v":""},"",1]
[2481,{"$nulls":6},{"$f":"IFERROR(VLOOKUP(C2482,参数!$B:$H,2,0),\"\")","v":""},{"$f":"IFERROR(VLOOKUP(C2482,参数!$B:$H,4,0),\"\")","v":""},{"$f":"IFERROR(VLOOKUP(C2482,参数!B:H,3,FALSE),\"\")","v":""},"",1]
[2482,{"$nulls":6},{"$f":"IFERROR(VLOOKUP(C2483,参数!$B:$H,2,0),\"\")","v":""},{"$f":"IFERROR(VLOOKUP(C2483,参数!$B:$H,4,0),\"\")","v":""},{"$f":"IFERROR(VLOOKUP(C2483,参数!B:H,3,FALSE),\"\")","v":""},"",1]
[2483,{"$nulls":6},{"$f":"IFERROR(VLOOKUP(C2484,参数!$B:$H,2,0),\"\")","v":""},{"$f":"IFERROR(VLOOKUP(C2484,参数!$B:$H,4,0),\"\")","v":""},{"$f":"IFERROR(VLOOKUP(C2484,参数!B:H,3,FALSE),\"\")","v":""},"",1]
[2484,{"$nulls":6},{"$f":"IFERROR(VLOOKUP(C2485,参数!$B:$H,2,0),\"\")","v":""},{"$f":"IFERROR(VLOOKUP(C2485,参数!$B:$H,4,0),\"\")","v":""},{"$f":"IFERROR(VLOOKUP(C2485,参数!B:H,3,FALSE),\"\")","v":""},"",1]
[2485,{"$nulls":6},{"$f":"IFERROR(VLOOKUP(C2486,参数!$B:$H,2,0),\"\")","v":""},{"$f":"IFERROR(VLOOKUP(C2486,参数!$B:$H,4,0),\"\")","v":""},{"$f":"IFERROR(VLOOKUP(C2486,参数!B:H,3,FALSE),\"\")","v":""},"",1]
[2486,{"$nulls":6},{"$f":"IFERROR(VLOOKUP(C2487,参数!$B:$H,2,0),\"\")","v":""},{"$f":"IFERROR(VLOOKUP(C2487,参数!$B:$H,4,0),\"\")","v":""},{"$f":"IFERROR(VLOOKUP(C2487,参数!B:H,3,FALSE),\"\")","v":""},"",1]
[2487,{"$nulls":6},{"$f":"IFERROR(VLOOKUP(C2488,参数!$B:$H,2,0),\"\")","v":""},{"$f":"IFERROR(VLOOKUP(C2488,参数!$B:$H,4,0),\"\")","v":""},{"$f":"IFERROR(VLOOKUP(C2488,参数!B:H,3,FALSE),\"\")","v":""},"",1]
[2488,{"$nulls":6},{"$f":"IFERROR(VLOOKUP(C2489,参数!$B:$H,2,0),\"\")","v":""},{"$f":"IFERROR(VLOOKUP(C2489,参数!$B:$H,4,0),\"\")","v":""},{"$f":"IFERROR(VLOOKUP(C2489,参数!B:H,3,FALSE),\"\")","v":""},"",1]
[2489,{"$nulls":6},{"$f":"IFERROR(VLOOKUP(C2490,参数!$B:$H,2,0),\"\")","v":""},{"$f":"IFERROR(VLOOKUP(C2490,参数!$B:$H,4,0),\"\")","v":""},{"$f":"IFERROR(VLOOKUP(C2490,参数!B:H,3,FALSE),\"\")","v":""},"",1]
[2490,{"$nulls":6},{"$f":"IFERROR(VLOOKUP(C2491,参数!$B:$H,2,0),\"\")","v":""},{"$f":"IFERROR(VLOOKUP(C2491,参数!$B:$H,4,0),\"\")","v":""},{"$f":"IFERROR(VLOOKUP(C2491,参数!B:H,3,FALSE),\"\")","v":""},"",1]
[2491,{"$nulls":6},{"$f":"IFERROR(VLOOKUP(C2492,参数!$B:$H,2,0),\"\")","v":""},{"$f":"IFERROR(VLOOKUP(C2492,参数!$B:$H,4,0),\"\")","v":""},{"$f":"IFERROR(VLOOKUP(C2492,参数!B:H,3,FALSE),\"\")","v":""},"",1]
[2492,{"$nulls":6},{"$f":"IFERROR(VLOOKUP(C2493,参数!$B:$H,2,0),\"\")","v":""},{"$f":"IFERROR(VLOOKUP(C2493,参数!$B:$H,4,0),\"\")","v":""},{"$f":"IFERROR(VLOOKUP(C2493,参数!B:H,3,FALSE),\"\")","v":""},"",1]
[2493,{"$nulls":6},{"$f":"IFERROR(VLOOKUP(C2494,参数!$B:$H,2,0),\"\")","v":""},{"$f":"IFERROR(VLOOKUP(C2494,参数!$B:$H,4,0),\"\")","v":""},{"$f":"IFERROR(VLOOKUP(C2494,参数!B:H,3,FALSE),\"\")","v":""},"",1]
[2494,{"$nulls":6},{"$f":"IFERROR(VLOOKUP(C2495,参数!$B:$H,2,0),\"\")","v":""},{"$f":"IFERROR(VLOOKUP(C2495,参数!$B:$H,4,0),\"\")","v":""},{"$f":"IFERROR(VLOOKUP(C2495,参数!B:H,3,FALSE),\"\")","v":""},"",1]
[2495,{"$nulls":6},{"$f":"IFERROR(VLOOKUP(C2496,参数!$B:$H,2,0),\"\")","v":""},{"$f":"IFERROR(VLOOKUP(C2496,参数!$B:$H,4,0),\"\")","v":""},{"$f":"IFERROR(VLOOKUP(C2496,参数!B:H,3,FALSE),\"\")","v":""},"",1]
[2496,{"$nulls":6},{"$f":"IFERROR(VLOOKUP(C2497,参数!$B:$H,2,0),\"\")","v":""},{"$f":"IFERROR(VLOOKUP(C2497,参数!$B:$H,4,0),\"\")","v":""},{"$f":"IFERROR(VLOOKUP(C2497,参数!B:H,3,FALSE),\"\")","v":""},"",1]
[2497,{"$nulls":6},{"$f":"IFERROR(VLOOKUP(C2498,参数!$B:$H,2,0),\"\")","v":""},{"$f":"IFERROR(VLOOKUP(C2498,参数!$B:$H,4,0),\"\")","v":""},{"$f":"IFERROR(VLOOKUP(C2498,参数!B:H,3,FALSE),\"\")","v":""},"",{"$f":"VALUE(MONTH(B2498))","v":1}]
[2498,{"$nulls":6},{"$f":"IFERROR(VLOOKUP(C2499,参数!$B:$H,2,0),\"\")","v":""},{"$f":"IFERROR(VLOOKUP(C2499,参数!$B:$H,4,0),\"\")","v":""},{"$f":"IFERROR(VLOOKUP(C2499,参数!B:H,3,FALSE),\"\")","v":""},"",1]
[2499,{"$nulls":6},{"$f":"IFERROR(VLOOKUP(C2500,参数!$B:$H,2,0),\"\")","v":""},{"$f":"IFERROR(VLOOKUP(C2500,参数!$B:$H,4,0),\"\")","v":""},{"$f":"IFERROR(VLOOKUP(C2500,参数!B:H,3,FALSE),\"\")","v":""},"",1]
[2500,{"$nulls":6},{"$f":"IFERROR(VLOOKUP(C2501,参数!$B:$H,2,0),\"\")","v":""},{"$f":"IFERROR(VLOOKUP(C2501,参数!$B:$H,4,0),\"\")","v":""},{"$f":"IFERROR(VLOOKUP(C2501,参数!B:H,3,FALSE),\"\")","v":""},"",1]
[2501,{"$nulls":6},{"$f":"IFERROR(VLOOKUP(C2502,参数!$B:$H,2,0),\"\")","v":""},{"$f":"IFERROR(VLOOKUP(C2502,参数!$B:$H,4,0),\"\")","v":""},{"$f":"IFERROR(VLOOKUP(C2502,参数!B:H,3,FALSE),\"\")","v":""},"",1]
[2502,{"$nulls":6},{"$f":"IFERROR(VLOOKUP(C2503,参数!$B:$H,2,0),\"\")","v":""},{"$f":"IFERROR(VLOOKUP(C2503,参数!$B:$H,4,0),\"\")","v":""},{"$f":"IFERROR(VLOOKUP(C2503,参数!B:H,3,FALSE),\"\")","v":""},"",1]
[2503,{"$nulls":6},{"$f":"IFERROR(VLOOKUP(C2504,参数!$B:$H,2,0),\"\")","v":""},{"$f":"IFERROR(VLOOKUP(C2504,参数!$B:$H,4,0),\"\")","v":""},{"$f":"IFERROR(VLOOKUP(C2504,参数!B:H,3,FALSE),\"\")","v":""},"",1]
[2504,{"$nulls":6},{"$f":"IFERROR(VLOOKUP(C2505,参数!$B:$H,2,0),\"\")","v":""},{"$f":"IFERROR(VLOOKUP(C2505,参数!$B:$H,4,0),\"\")","v":""},{"$f":"IFERROR(VLOOKUP(C2505,参数!B:H,3,FALSE),\"\")","v":""},"",1]
[2505,{"$nulls":6},{"$f":"IFERROR(VLOOKUP(C2506,参数!$B:$H,2,0),\"\")","v":""},{"$f":"IFERROR(VLOOKUP(C2506,参数!$B:$H,4,0),\"\")","v":""},{"$f":"IFERROR(VLOOKUP(C2506,参数!B:H,3,FALSE),\"\")","v":""},"",1]
[2506,{"$nulls":6},{"$f":"IFERROR(VLOOKUP(C2507,参数!$B:$H,2,0),\"\")","v":""},{"$f":"IFERROR(VLOOKUP(C2507,参数!$B:$H,4,0),\"\")","v":""},{"$f":"IFERROR(VLOOKUP(C2507,参数!B:H,3,FALSE),\"\")","v":""},"",1]
[2507,{"$nulls":6},{"$f":"IFERROR(VLOOKUP(C2508,参数!$B:$H,2,0),\"\")","v":""},{"$f":"IFERROR(VLOOKUP(C2508,参数!$B:$H,4,0),\"\")","v":""},{"$f":"IFERROR(VLOOKUP(C2508,参数!B:H,3,FALSE),\"\")","v":""},"",1]
[2508,{"$nulls":6},{"$f":"IFERROR(VLOOKUP(C2509,参数!$B:$H,2,0),\"\")","v":""},{"$f":"IFERROR(VLOOKUP(C2509,参数!$B:$H,4,0),\"\")","v":""},{"$f":"IFERROR(VLOOKUP(C2509,参数!B:H,3,FALSE),\"\")","v":""},"",1]
[2509,{"$nulls":6},{"$f":"IFERROR(VLOOKUP(C2510,参数!$B:$H,2,0),\"\")","v":""},{"$f":"IFERROR(VLOOKUP(C2510,参数!$B:$H,4,0),\"\")","v":""},{"$f":"IFERROR(VLOOKUP(C2510,参数!B:H,3,FALSE),\"\")","v":""},"",1]
[2510,{"$nulls":6},{"$f":"IFERROR(VLOOKUP(C2511,参数!$B:$H,2,0),\"\")","v":""},{"$f":"IFERROR(VLOOKUP(C2511,参数!$B:$H,4,0),\"\")","v":""},{"$f":"IFERROR(VLOOKUP(C2511,参数!B:H,3,FALSE),\"\")","v":""},"",1]
[2511,{"$nulls":6},{"$f":"IFERROR(VLOOKUP(C2512,参数!$B:$H,2,0),\"\")","v":""},{"$f":"IFERROR(VLOOKUP(C2512,参数!$B:$H,4,0),\"\")","v":""},{"$f":"IFERROR(VLOOKUP(C2512,参数!B:H,3,FALSE),\"\")","v":""},"",1]
[2512,{"$nulls":6},{"$f":"IFERROR(VLOOKUP(C2513,参数!$B:$H,2,0),\"\")","v":""},{"$f":"IFERROR(VLOOKUP(C2513,参数!$B:$H,4,0),\"\")","v":""},{"$f":"IFERROR(VLOOKUP(C2513,参数!B:H,3,FALSE),\"\")","v":""},"",1]
[2513,{"$nulls":6},{"$f":"IFERROR(VLOOKUP(C2514,参数!$B:$H,2,0),\"\")","v":""},{"$f":"IFERROR(VLOOKUP(C2514,参数!$B:$H,4,0),\"\")","v":""},{"$f":"IFERROR(VLOOKUP(C2514,参数!B:H,3,FALSE),\"\")","v":""},"",1]
[2514,{"$nulls":6},{"$f":"IFERROR(VLOOKUP(C2515,参数!$B:$H,2,0),\"\")","v":""},{"$f":"IFERROR(VLOOKUP(C2515,参数!$B:$H,4,0),\"\")","v":""},{"$f":"IFERROR(VLOOKUP(C2515,参数!B:H,3,FALSE),\"\")","v":""},"",1]
[2515,{"$nulls":6},{"$f":"IFERROR(VLOOKUP(C2516,参数!$B:$H,2,0),\"\")","v":""},{"$f":"IFERROR(VLOOKUP(C2516,参数!$B:$H,4,0),\"\")","v":""},{"$f":"IFERROR(VLOOKUP(C2516,参数!B:H,3,FALSE),\"\")","v":""},"",1]
[2516,{"$nulls":6},{"$f":"IFERROR(VLOOKUP(C2517,参数!$B:$H,2,0),\"\")","v":""},{"$f":"IFERROR(VLOOKUP(C2517,参数!$B:$H,4,0),\"\")","v":""},{"$f":"IFERROR(VLOOKUP(C2517,参数!B:H,3,FALSE),\"\")","v":""},"",1]
[2517,{"$nulls":6},{"$f":"IFERROR(VLOOKUP(C2518,参数!$B:$H,2,0),\"\")","v":""},{"$f":"IFERROR(VLOOKUP(C2518,参数!$B:$H,4,0),\"\")","v":""},{"$f":"IFERROR(VLOOKUP(C2518,参数!B:H,3,FALSE),\"\")","v":""},"",1]
[2518,{"$nulls":6},{"$f":"IFERROR(VLOOKUP(C2519,参数!$B:$H,2,0),\"\")","v":""},{"$f":"IFERROR(VLOOKUP(C2519,参数!$B:$H,4,0),\"\")","v":""},{"$f":"IFERROR(VLOOKUP(C2519,参数!B:H,3,FALSE),\"\")","v":""},"",1]
[2519,{"$nulls":6},{"$f":"IFERROR(VLOOKUP(C2520,参数!$B:$H,2,0),\"\")","v":""},{"$f":"IFERROR(VLOOKUP(C2520,参数!$B:$H,4,0),\"\")","v":""},{"$f":"IFERROR(VLOOKUP(C2520,参数!B:H,3,FALSE),\"\")","v":""},"",1]
[2520,{"$nulls":6},{"$f":"IFERROR(VLOOKUP(C2521,参数!$B:$H,2,0),\"\")","v":""},{"$f":"IFERROR(VLOOKUP(C2521,参数!$B:$H,4,0),\"\")","v":""},{"$f":"IFERROR(VLOOKUP(C2521,参数!B:H,3,FALSE),\"\")","v":""},"",1]
[2521,{"$nulls":6},{"$f":"IFERROR(VLOOKUP(C2522,参数!$B:$H,2,0),\"\")","v":""},{"$f":"IFERROR(VLOOKUP(C2522,参数!$B:$H,4,0),\"\")","v":""},{"$f":"IFERROR(VLOOKUP(C2522,参数!B:H,3,FALSE),\"\")","v":""},"",1]
[2522,{"$nulls":6},{"$f":"IFERROR(VLOOKUP(C2523,参数!$B:$H,2,0),\"\")","v":""},{"$f":"IFERROR(VLOOKUP(C2523,参数!$B:$H,4,0),\"\")","v":""},{"$f":"IFERROR(VLOOKUP(C2523,参数!B:H,3,FALSE),\"\")","v":""},"",1]
[2523,{"$nulls":6},{"$f":"IFERROR(VLOOKUP(C2524,参数!$B:$H,2,0),\"\")","v":""},{"$f":"IFERROR(VLOOKUP(C2524,参数!$B:$H,4,0),\"\")","v":""},{"$f":"IFERROR(VLOOKUP(C2524,参数!B:H,3,FALSE),\"\")","v":""},"",1]
[2524,{"$nulls":6},{"$f":"IFERROR(VLOOKUP(C2525,参数!$B:$H,2,0),\"\")","v":""},{"$f":"IFERROR(VLOOKUP(C2525,参数!$B:$H,4,0),\"\")","v":""},{"$f":"IFERROR(VLOOKUP(C2525,参数!B:H,3,FALSE),\"\")","v":""},"",1]
[2525,{"$nulls":6},{"$f":"IFERROR(VLOOKUP(C2526,参数!$B:$H,2,0),\"\")","v":""},{"$f":"IFERROR(VLOOKUP(C2526,参数!$B:$H,4,0),\"\")","v":""},{"$f":"IFERROR(VLOOKUP(C2526,参数!B:H,3,FALSE),\"\")","v":""},"",1]
[2526,{"$nulls":6},{"$f":"IFERROR(VLOOKUP(C2527,参数!$B:$H,2,0),\"\")","v":""},{"$f":"IFERROR(VLOOKUP(C2527,参数!$B:$H,4,0),\"\")","v":""},{"$f":"IFERROR(VLOOKUP(C2527,参数!B:H,3,FALSE),\"\")","v":""},"",1]
[2527,{"$nulls":6},{"$f":"IFERROR(VLOOKUP(C2528,参数!$B:$H,2,0),\"\")","v":""},{"$f":"IFERROR(VLOOKUP(C2528,参数!$B:$H,4,0),\"\")","v":""},{"$f":"IFERROR(VLOOKUP(C2528,参数!B:H,3,FALSE),\"\")","v":""},"",1]
[2528,{"$nulls":6},{"$f":"IFERROR(VLOOKUP(C2529,参数!$B:$H,2,0),\"\")","v":""},{"$f":"IFERROR(VLOOKUP(C2529,参数!$B:$H,4,0),\"\")","v":""},{"$f":"IFERROR(VLOOKUP(C2529,参数!B:H,3,FALSE),\"\")","v":""},"",1]
[2529,{"$nulls":6},{"$f":"IFERROR(VLOOKUP(C2530,参数!$B:$H,2,0),\"\")","v":""},{"$f":"IFERROR(VLOOKUP(C2530,参数!$B:$H,4,0),\"\")","v":""},{"$f":"IFERROR(VLOOKUP(C2530,参数!B:H,3,FALSE),\"\")","v":""},"",1]
[2530,{"$nulls":6},{"$f":"IFERROR(VLOOKUP(C2531,参数!$B:$H,2,0),\"\")","v":""},{"$f":"IFERROR(VLOOKUP(C2531,参数!$B:$H,4,0),\"\")","v":""},{"$f":"IFERROR(VLOOKUP(C2531,参数!B:H,3,FALSE),\"\")","v":""},"",1]
[2531,{"$nulls":6},{"$f":"IFERROR(VLOOKUP(C2532,参数!$B:$H,2,0),\"\")","v":""},{"$f":"IFERROR(VLOOKUP(C2532,参数!$B:$H,4,0),\"\")","v":""},{"$f":"IFERROR(VLOOKUP(C2532,参数!B:H,3,FALSE),\"\")","v":""},"",1]
[2532,{"$nulls":6},{"$f":"IFERROR(VLOOKUP(C2533,参数!$B:$H,2,0),\"\")","v":""},{"$f":"IFERROR(VLOOKUP(C2533,参数!$B:$H,4,0),\"\")","v":""},{"$f":"IFERROR(VLOOKUP(C2533,参数!B:H,3,FALSE),\"\")","v":""},{"$f":"IFERROR(J2533*E2533,\"\")","v":""},1]
[2533,{"$nulls":6},{"$f":"IFERROR(VLOOKUP(C2534,参数!$B:$H,2,0),\"\")","v":""},{"$f":"IFERROR(VLOOKUP(C2534,参数!$B:$H,4,0),\"\")","v":""},{"$f":"IFERROR(VLOOKUP(C2534,参数!B:H,3,FALSE),\"\")","v":""},"",1]
[2534,{"$nulls":6},{"$f":"IFERROR(VLOOKUP(C2535,参数!$B:$H,2,0),\"\")","v":""},{"$f":"IFERROR(VLOOKUP(C2535,参数!$B:$H,4,0),\"\")","v":""},{"$f":"IFERROR(VLOOKUP(C2535,参数!B:H,3,FALSE),\"\")","v":""},"",1]
[2535,{"$nulls":6},{"$f":"IFERROR(VLOOKUP(C2536,参数!$B:$H,2,0),\"\")","v":""},{"$f":"IFERROR(VLOOKUP(C2536,参数!$B:$H,4,0),\"\")","v":""},{"$f":"IFERROR(VLOOKUP(C2536,参数!B:H,3,FALSE),\"\")","v":""},"",1]
[2536,{"$nulls":6},{"$f":"IFERROR(VLOOKUP(C2537,参数!$B:$H,2,0),\"\")","v":""},{"$f":"IFERROR(VLOOKUP(C2537,参数!$B:$H,4,0),\"\")","v":""},{"$f":"IFERROR(VLOOKUP(C2537,参数!B:H,3,FALSE),\"\")","v":""},"",1]
[2537,{"$nulls":6},{"$f":"IFERROR(VLOOKUP(C2538,参数!$B:$H,2,0),\"\")","v":""},{"$f":"IFERROR(VLOOKUP(C2538,参数!$B:$H,4,0),\"\")","v":""},{"$f":"IFERROR(VLOOKUP(C2538,参数!B:H,3,FALSE),\"\")","v":""},"",1]
[2538,{"$nulls":6},{"$f":"IFERROR(VLOOKUP(C2539,参数!$B:$H,2,0),\"\")","v":""},{"$f":"IFERROR(VLOOKUP(C2539,参数!$B:$H,4,0),\"\")","v":""},{"$f":"IFERROR(VLOOKUP(C2539,参数!B:H,3,FALSE),\"\")","v":""},"",1]
[2539,{"$nulls":6},{"$f":"IFERROR(VLOOKUP(C2540,参数!$B:$H,2,0),\"\")","v":""},{"$f":"IFERROR(VLOOKUP(C2540,参数!$B:$H,4,0),\"\")","v":""},{"$f":"IFERROR(VLOOKUP(C2540,参数!B:H,3,FALSE),\"\")","v":""},"",1]
[2540,{"$nulls":6},{"$f":"IFERROR(VLOOKUP(C2541,参数!$B:$H,2,0),\"\")","v":""},{"$f":"IFERROR(VLOOKUP(C2541,参数!$B:$H,4,0),\"\")","v":""},{"$f":"IFERROR(VLOOKUP(C2541,参数!B:H,3,FALSE),\"\")","v":""},"",1]
[2541,{"$nulls":6},{"$f":"IFERROR(VLOOKUP(C2542,参数!$B:$H,2,0),\"\")","v":""},{"$f":"IFERROR(VLOOKUP(C2542,参数!$B:$H,4,0),\"\")","v":""},{"$f":"IFERROR(VLOOKUP(C2542,参数!B:H,3,FALSE),\"\")","v":""},"",1]
[2542,{"$nulls":6},{"$f":"IFERROR(VLOOKUP(C2543,参数!$B:$H,2,0),\"\")","v":""},{"$f":"IFERROR(VLOOKUP(C2543,参数!$B:$H,4,0),\"\")","v":""},{"$f":"IFERROR(VLOOKUP(C2543,参数!B:H,3,FALSE),\"\")","v":""},"",1]
[2543,{"$nulls":6},{"$f":"IFERROR(VLOOKUP(C2544,参数!$B:$H,2,0),\"\")","v":""},{"$f":"IFERROR(VLOOKUP(C2544,参数!$B:$H,4,0),\"\")","v":""},{"$f":"IFERROR(VLOOKUP(C2544,参数!B:H,3,FALSE),\"\")","v":""},"",1]
[2544,{"$nulls":6},{"$f":"IFERROR(VLOOKUP(C2545,参数!$B:$H,2,0),\"\")","v":""},{"$f":"IFERROR(VLOOKUP(C2545,参数!$B:$H,4,0),\"\")","v":""},{"$f":"IFERROR(VLOOKUP(C2545,参数!B:H,3,FALSE),\"\")","v":""},"",1]
[2545,{"$nulls":6},{"$f":"IFERROR(VLOOKUP(C2546,参数!$B:$H,2,0),\"\")","v":""},{"$f":"IFERROR(VLOOKUP(C2546,参数!$B:$H,4,0),\"\")","v":""},{"$f":"IFERROR(VLOOKUP(C2546,参数!B:H,3,FALSE),\"\")","v":""},"",1]
[2546,{"$nulls":6},{"$f":"IFERROR(VLOOKUP(C2547,参数!$B:$H,2,0),\"\")","v":""},{"$f":"IFERROR(VLOOKUP(C2547,参数!$B:$H,4,0),\"\")","v":""},{"$f":"IFERROR(VLOOKUP(C2547,参数!B:H,3,FALSE),\"\")","v":""},"",1]
[2547,{"$nulls":6},{"$f":"IFERROR(VLOOKUP(C2548,参数!$B:$H,2,0),\"\")","v":""},{"$f":"IFERROR(VLOOKUP(C2548,参数!$B:$H,4,0),\"\")","v":""},{"$f":"IFERROR(VLOOKUP(C2548,参数!B:H,3,FALSE),\"\")","v":""},"",1]
[2548,{"$nulls":6},{"$f":"IFERROR(VLOOKUP(C2549,参数!$B:$H,2,0),\"\")","v":""},{"$f":"IFERROR(VLOOKUP(C2549,参数!$B:$H,4,0),\"\")","v":""},{"$f":"IFERROR(VLOOKUP(C2549,参数!B:H,3,FALSE),\"\")","v":""},"",1]
[2549,{"$nulls":6},{"$f":"IFERROR(VLOOKUP(C2550,参数!$B:$H,2,0),\"\")","v":""},{"$f":"IFERROR(VLOOKUP(C2550,参数!$B:$H,4,0),\"\")","v":""},{"$f":"IFERROR(VLOOKUP(C2550,参数!B:H,3,FALSE),\"\")","v":""},"",1]
[2550,{"$nulls":6},{"$f":"IFERROR(VLOOKUP(C2551,参数!$B:$H,2,0),\"\")","v":""},{"$f":"IFERROR(VLOOKUP(C2551,参数!$B:$H,4,0),\"\")","v":""},{"$f":"IFERROR(VLOOKUP(C2551,参数!B:H,3,FALSE),\"\")","v":""},"",1]
[2551,{"$nulls":6},{"$f":"IFERROR(VLOOKUP(C2552,参数!$B:$H,2,0),\"\")","v":""},{"$f":"IFERROR(VLOOKUP(C2552,参数!$B:$H,4,0),\"\")","v":""},{"$f":"IFERROR(VLOOKUP(C2552,参数!B:H,3,FALSE),\"\")","v":""},"",1]
[2552,{"$nulls":6},{"$f":"IFERROR(VLOOKUP(C2553,参数!$B:$H,2,0),\"\")","v":""},{"$f":"IFERROR(VLOOKUP(C2553,参数!$B:$H,4,0),\"\")","v":""},{"$f":"IFERROR(VLOOKUP(C2553,参数!B:H,3,FALSE),\"\")","v":""},"",1]
[2553,{"$nulls":6},{"$f":"IFERROR(VLOOKUP(C2554,参数!$B:$H,2,0),\"\")","v":""},{"$f":"IFERROR(VLOOKUP(C2554,参数!$B:$H,4,0),\"\")","v":""},{"$f":"IFERROR(VLOOKUP(C2554,参数!B:H,3,FALSE),\"\")","v":""},"",1]
[2554,{"$nulls":6},{"$f":"IFERROR(VLOOKUP(C2555,参数!$B:$H,2,0),\"\")","v":""},{"$f":"IFERROR(VLOOKUP(C2555,参数!$B:$H,4,0),\"\")","v":""},{"$f":"IFERROR(VLOOKUP(C2555,参数!B:H,3,FALSE),\"\")","v":""},"",1]
[2555,{"$nulls":6},{"$f":"IFERROR(VLOOKUP(C2556,参数!$B:$H,2,0),\"\")","v":""},{"$f":"IFERROR(VLOOKUP(C2556,参数!$B:$H,4,0),\"\")","v":""},{"$f":"IFERROR(VLOOKUP(C2556,参数!B:H,3,FALSE),\"\")","v":""},"",1]
[2556,{"$nulls":6},{"$f":"IFERROR(VLOOKUP(C2557,参数!$B:$H,2,0),\"\")","v":""},{"$f":"IFERROR(VLOOKUP(C2557,参数!$B:$H,4,0),\"\")","v":""},{"$f":"IFERROR(VLOOKUP(C2557,参数!B:H,3,FALSE),\"\")","v":""},"",1]
[2557,{"$nulls":6},{"$f":"IFERROR(VLOOKUP(C2558,参数!$B:$H,2,0),\"\")","v":""},{"$f":"IFERROR(VLOOKUP(C2558,参数!$B:$H,4,0),\"\")","v":""},{"$f":"IFERROR(VLOOKUP(C2558,参数!B:H,3,FALSE),\"\")","v":""},"",1]
[2558,{"$nulls":6},{"$f":"IFERROR(VLOOKUP(C2559,参数!$B:$H,2,0),\"\")","v":""},{"$f":"IFERROR(VLOOKUP(C2559,参数!$B:$H,4,0),\"\")","v":""},{"$f":"IFERROR(VLOOKUP(C2559,参数!B:H,3,FALSE),\"\")","v":""},"",1]
[2559,{"$nulls":6},{"$f":"IFERROR(VLOOKUP(C2560,参数!$B:$H,2,0),\"\")","v":""},{"$f":"IFERROR(VLOOKUP(C2560,参数!$B:$H,4,0),\"\")","v":""},{"$f":"IFERROR(VLOOKUP(C2560,参数!B:H,3,FALSE),\"\")","v":""},"",1]
[2560,{"$nulls":6},{"$f":"IFERROR(VLOOKUP(C2561,参数!$B:$H,2,0),\"\")","v":""},{"$f":"IFERROR(VLOOKUP(C2561,参数!$B:$H,4,0),\"\")","v":""},{"$f":"IFERROR(VLOOKUP(C2561,参数!B:H,3,FALSE),\"\")","v":""},"",1]
[2561,{"$nulls":6},{"$f":"IFERROR(VLOOKUP(C2562,参数!$B:$H,2,0),\"\")","v":""},{"$f":"IFERROR(VLOOKUP(C2562,参数!$B:$H,4,0),\"\")","v":""},{"$f":"IFERROR(VLOOKUP(C2562,参数!B:H,3,FALSE),\"\")","v":""},"",{"$f":"VALUE(MONTH(B2562))","v":1}]
[2562,{"$nulls":6},{"$f":"IFERROR(VLOOKUP(C2563,参数!$B:$H,2,0),\"\")","v":""},{"$f":"IFERROR(VLOOKUP(C2563,参数!$B:$H,4,0),\"\")","v":""},{"$f":"IFERROR(VLOOKUP(C2563,参数!B:H,3,FALSE),\"\")","v":""},"",1]
[2563,{"$nulls":6},{"$f":"IFERROR(VLOOKUP(C2564,参数!$B:$H,2,0),\"\")","v":""},{"$f":"IFERROR(VLOOKUP(C2564,参数!$B:$H,4,0),\"\")","v":""},{"$f":"IFERROR(VLOOKUP(C2564,参数!B:H,3,FALSE),\"\")","v":""},"",1]
[2564,{"$nulls":6},{"$f":"IFERROR(VLOOKUP(C2565,参数!$B:$H,2,0),\"\")","v":""},{"$f":"IFERROR(VLOOKUP(C2565,参数!$B:$H,4,0),\"\")","v":""},{"$f":"IFERROR(VLOOKUP(C2565,参数!B:H,3,FALSE),\"\")","v":""},"",1]
[2565,{"$nulls":6},{"$f":"IFERROR(VLOOKUP(C2566,参数!$B:$H,2,0),\"\")","v":""},{"$f":"IFERROR(VLOOKUP(C2566,参数!$B:$H,4,0),\"\")","v":""},{"$f":"IFERROR(VLOOKUP(C2566,参数!B:H,3,FALSE),\"\")","v":""},"",1]
[2566,{"$nulls":6},{"$f":"IFERROR(VLOOKUP(C2567,参数!$B:$H,2,0),\"\")","v":""},{"$f":"IFERROR(VLOOKUP(C2567,参数!$B:$H,4,0),\"\")","v":""},{"$f":"IFERROR(VLOOKUP(C2567,参数!B:H,3,FALSE),\"\")","v":""},"",1]
[2567,{"$nulls":6},{"$f":"IFERROR(VLOOKUP(C2568,参数!$B:$H,2,0),\"\")","v":""},{"$f":"IFERROR(VLOOKUP(C2568,参数!$B:$H,4,0),\"\")","v":""},{"$f":"IFERROR(VLOOKUP(C2568,参数!B:H,3,FALSE),\"\")","v":""},"",1]
[2568,{"$nulls":6},{"$f":"IFERROR(VLOOKUP(C2569,参数!$B:$H,2,0),\"\")","v":""},{"$f":"IFERROR(VLOOKUP(C2569,参数!$B:$H,4,0),\"\")","v":""},{"$f":"IFERROR(VLOOKUP(C2569,参数!B:H,3,FALSE),\"\")","v":""},"",1]
[2569,{"$nulls":6},{"$f":"IFERROR(VLOOKUP(C2570,参数!$B:$H,2,0),\"\")","v":""},{"$f":"IFERROR(VLOOKUP(C2570,参数!$B:$H,4,0),\"\")","v":""},{"$f":"IFERROR(VLOOKUP(C2570,参数!B:H,3,FALSE),\"\")","v":""},"",1]
[2570,{"$nulls":6},{"$f":"IFERROR(VLOOKUP(C2571,参数!$B:$H,2,0),\"\")","v":""},{"$f":"IFERROR(VLOOKUP(C2571,参数!$B:$H,4,0),\"\")","v":""},{"$f":"IFERROR(VLOOKUP(C2571,参数!B:H,3,FALSE),\"\")","v":""},"",1]
[2571,{"$nulls":6},{"$f":"IFERROR(VLOOKUP(C2572,参数!$B:$H,2,0),\"\")","v":""},{"$f":"IFERROR(VLOOKUP(C2572,参数!$B:$H,4,0),\"\")","v":""},{"$f":"IFERROR(VLOOKUP(C2572,参数!B:H,3,FALSE),\"\")","v":""},"",1]
[2572,{"$nulls":6},{"$f":"IFERROR(VLOOKUP(C2573,参数!$B:$H,2,0),\"\")","v":""},{"$f":"IFERROR(VLOOKUP(C2573,参数!$B:$H,4,0),\"\")","v":""},{"$f":"IFERROR(VLOOKUP(C2573,参数!B:H,3,FALSE),\"\")","v":""},"",1]
[2573,{"$nulls":6},{"$f":"IFERROR(VLOOKUP(C2574,参数!$B:$H,2,0),\"\")","v":""},{"$f":"IFERROR(VLOOKUP(C2574,参数!$B:$H,4,0),\"\")","v":""},{"$f":"IFERROR(VLOOKUP(C2574,参数!B:H,3,FALSE),\"\")","v":""},"",1]
[2574,{"$nulls":6},{"$f":"IFERROR(VLOOKUP(C2575,参数!$B:$H,2,0),\"\")","v":""},{"$f":"IFERROR(VLOOKUP(C2575,参数!$B:$H,4,0),\"\")","v":""},{"$f":"IFERROR(VLOOKUP(C2575,参数!B:H,3,FALSE),\"\")","v":""},"",1]
[2575,{"$nulls":6},{"$f":"IFERROR(VLOOKUP(C2576,参数!$B:$H,2,0),\"\")","v":""},{"$f":"IFERROR(VLOOKUP(C2576,参数!$B:$H,4,0),\"\")","v":""},{"$f":"IFERROR(VLOOKUP(C2576,参数!B:H,3,FALSE),\"\")","v":""},"",1]
[2576,{"$nulls":6},{"$f":"IFERROR(VLOOKUP(C2577,参数!$B:$H,2,0),\"\")","v":""},{"$f":"IFERROR(VLOOKUP(C2577,参数!$B:$H,4,0),\"\")","v":""},{"$f":"IFERROR(VLOOKUP(C2577,参数!B:H,3,FALSE),\"\")","v":""},"",1]
[2577,{"$nulls":6},{"$f":"IFERROR(VLOOKUP(C2578,参数!$B:$H,2,0),\"\")","v":""},{"$f":"IFERROR(VLOOKUP(C2578,参数!$B:$H,4,0),\"\")","v":""},{"$f":"IFERROR(VLOOKUP(C2578,参数!B:H,3,FALSE),\"\")","v":""},"",1]
[2578,{"$nulls":6},{"$f":"IFERROR(VLOOKUP(C2579,参数!$B:$H,2,0),\"\")","v":""},{"$f":"IFERROR(VLOOKUP(C2579,参数!$B:$H,4,0),\"\")","v":""},{"$f":"IFERROR(VLOOKUP(C2579,参数!B:H,3,FALSE),\"\")","v":""},"",1]
[2579,{"$nulls":6},{"$f":"IFERROR(VLOOKUP(C2580,参数!$B:$H,2,0),\"\")","v":""},{"$f":"IFERROR(VLOOKUP(C2580,参数!$B:$H,4,0),\"\")","v":""},{"$f":"IFERROR(VLOOKUP(C2580,参数!B:H,3,FALSE),\"\")","v":""},"",1]
[2580,{"$nulls":6},{"$f":"IFERROR(VLOOKUP(C2581,参数!$B:$H,2,0),\"\")","v":""},{"$f":"IFERROR(VLOOKUP(C2581,参数!$B:$H,4,0),\"\")","v":""},{"$f":"IFERROR(VLOOKUP(C2581,参数!B:H,3,FALSE),\"\")","v":""},"",1]
[2581,{"$nulls":6},{"$f":"IFERROR(VLOOKUP(C2582,参数!$B:$H,2,0),\"\")","v":""},{"$f":"IFERROR(VLOOKUP(C2582,参数!$B:$H,4,0),\"\")","v":""},{"$f":"IFERROR(VLOOKUP(C2582,参数!B:H,3,FALSE),\"\")","v":""},"",1]
[2582,{"$nulls":6},{"$f":"IFERROR(VLOOKUP(C2583,参数!$B:$H,2,0),\"\")","v":""},{"$f":"IFERROR(VLOOKUP(C2583,参数!$B:$H,4,0),\"\")","v":""},{"$f":"IFERROR(VLOOKUP(C2583,参数!B:H,3,FALSE),\"\")","v":""},"",1]
[2583,{"$nulls":6},{"$f":"IFERROR(VLOOKUP(C2584,参数!$B:$H,2,0),\"\")","v":""},{"$f":"IFERROR(VLOOKUP(C2584,参数!$B:$H,4,0),\"\")","v":""},{"$f":"IFERROR(VLOOKUP(C2584,参数!B:H,3,FALSE),\"\")","v":""},"",1]
[2584,{"$nulls":6},{"$f":"IFERROR(VLOOKUP(C2585,参数!$B:$H,2,0),\"\")","v":""},{"$f":"IFERROR(VLOOKUP(C2585,参数!$B:$H,4,0),\"\")","v":""},{"$f":"IFERROR(VLOOKUP(C2585,参数!B:H,3,FALSE),\"\")","v":""},"",1]
[2585,{"$nulls":6},{"$f":"IFERROR(VLOOKUP(C2586,参数!$B:$H,2,0),\"\")","v":""},{"$f":"IFERROR(VLOOKUP(C2586,参数!$B:$H,4,0),\"\")","v":""},{"$f":"IFERROR(VLOOKUP(C2586,参数!B:H,3,FALSE),\"\")","v":""},"",1]
[2586,{"$nulls":6},{"$f":"IFERROR(VLOOKUP(C2587,参数!$B:$H,2,0),\"\")","v":""},{"$f":"IFERROR(VLOOKUP(C2587,参数!$B:$H,4,0),\"\")","v":""},{"$f":"IFERROR(VLOOKUP(C2587,参数!B:H,3,FALSE),\"\")","v":""},"",1]
[2587,{"$nulls":6},{"$f":"IFERROR(VLOOKUP(C2588,参数!$B:$H,2,0),\"\")","v":""},{"$f":"IFERROR(VLOOKUP(C2588,参数!$B:$H,4,0),\"\")","v":""},{"$f":"IFERROR(VLOOKUP(C2588,参数!B:H,3,FALSE),\"\")","v":""},"",1]
[2588,{"$nulls":6},{"$f":"IFERROR(VLOOKUP(C2589,参数!$B:$H,2,0),\"\")","v":""},{"$f":"IFERROR(VLOOKUP(C2589,参数!$B:$H,4,0),\"\")","v":""},{"$f":"IFERROR(VLOOKUP(C2589,参数!B:H,3,FALSE),\"\")","v":""},"",1]
[2589,{"$nulls":6},{"$f":"IFERROR(VLOOKUP(C2590,参数!$B:$H,2,0),\"\")","v":""},{"$f":"IFERROR(VLOOKUP(C2590,参数!$B:$H,4,0),\"\")","v":""},{"$f":"IFERROR(VLOOKUP(C2590,参数!B:H,3,FALSE),\"\")","v":""},"",1]
[2590,{"$nulls":6},{"$f":"IFERROR(VLOOKUP(C2591,参数!$B:$H,2,0),\"\")","v":""},{"$f":"IFERROR(VLOOKUP(C2591,参数!$B:$H,4,0),\"\")","v":""},{"$f":"IFERROR(VLOOKUP(C2591,参数!B:H,3,FALSE),\"\")","v":""},"",1]
[2591,{"$nulls":6},{"$f":"IFERROR(VLOOKUP(C2592,参数!$B:$H,2,0),\"\")","v":""},{"$f":"IFERROR(VLOOKUP(C2592,参数!$B:$H,4,0),\"\")","v":""},{"$f":"IFERROR(VLOOKUP(C2592,参数!B:H,3,FALSE),\"\")","v":""},"",1]
[2592,{"$nulls":6},{"$f":"IFERROR(VLOOKUP(C2593,参数!$B:$H,2,0),\"\")","v":""},{"$f":"IFERROR(VLOOKUP(C2593,参数!$B:$H,4,0),\"\")","v":""},{"$f":"IFERROR(VLOOKUP(C2593,参数!B:H,3,FALSE),\"\")","v":""},"",1]
[2593,{"$nulls":6},{"$f":"IFERROR(VLOOKUP(C2594,参数!$B:$H,2,0),\"\")","v":""},{"$f":"IFERROR(VLOOKUP(C2594,参数!$B:$H,4,0),\"\")","v":""},{"$f":"IFERROR(VLOOKUP(C2594,参数!B:H,3,FALSE),\"\")","v":""},"",1]
[2594,{"$nulls":6},{"$f":"IFERROR(VLOOKUP(C2595,参数!$B:$H,2,0),\"\")","v":""},{"$f":"IFERROR(VLOOKUP(C2595,参数!$B:$H,4,0),\"\")","v":""},{"$f":"IFERROR(VLOOKUP(C2595,参数!B:H,3,FALSE),\"\")","v":""},"",1]
[2595,{"$nulls":6},{"$f":"IFERROR(VLOOKUP(C2596,参数!$B:$H,2,0),\"\")","v":""},{"$f":"IFERROR(VLOOKUP(C2596,参数!$B:$H,4,0),\"\")","v":""},{"$f":"IFERROR(VLOOKUP(C2596,参数!B:H,3,FALSE),\"\")","v":""},"",1]
[2596,{"$nulls":6},{"$f":"IFERROR(VLOOKUP(C2597,参数!$B:$H,2,0),\"\")","v":""},{"$f":"IFERROR(VLOOKUP(C2597,参数!$B:$H,4,0),\"\")","v":""},{"$f":"IFERROR(VLOOKUP(C2597,参数!B:H,3,FALSE),\"\")","v":""},{"$f":"IFERROR(J2597*E2597,\"\")","v":""},1]
[2597,{"$nulls":6},{"$f":"IFERROR(VLOOKUP(C2598,参数!$B:$H,2,0),\"\")","v":""},{"$f":"IFERROR(VLOOKUP(C2598,参数!$B:$H,4,0),\"\")","v":""},{"$f":"IFERROR(VLOOKUP(C2598,参数!B:H,3,FALSE),\"\")","v":""},"",1]
[2598,{"$nulls":6},{"$f":"IFERROR(VLOOKUP(C2599,参数!$B:$H,2,0),\"\")","v":""},{"$f":"IFERROR(VLOOKUP(C2599,参数!$B:$H,4,0),\"\")","v":""},{"$f":"IFERROR(VLOOKUP(C2599,参数!B:H,3,FALSE),\"\")","v":""},"",1]
[2599,{"$nulls":6},{"$f":"IFERROR(VLOOKUP(C2600,参数!$B:$H,2,0),\"\")","v":""},{"$f":"IFERROR(VLOOKUP(C2600,参数!$B:$H,4,0),\"\")","v":""},{"$f":"IFERROR(VLOOKUP(C2600,参数!B:H,3,FALSE),\"\")","v":""},"",1]
[2600,{"$nulls":6},{"$f":"IFERROR(VLOOKUP(C2601,参数!$B:$H,2,0),\"\")","v":""},{"$f":"IFERROR(VLOOKUP(C2601,参数!$B:$H,4,0),\"\")","v":""},{"$f":"IFERROR(VLOOKUP(C2601,参数!B:H,3,FALSE),\"\")","v":""},"",1]
[2601,{"$nulls":6},{"$f":"IFERROR(VLOOKUP(C2602,参数!$B:$H,2,0),\"\")","v":""},{"$f":"IFERROR(VLOOKUP(C2602,参数!$B:$H,4,0),\"\")","v":""},{"$f":"IFERROR(VLOOKUP(C2602,参数!B:H,3,FALSE),\"\")","v":""},"",1]
[2602,{"$nulls":6},{"$f":"IFERROR(VLOOKUP(C2603,参数!$B:$H,2,0),\"\")","v":""},{"$f":"IFERROR(VLOOKUP(C2603,参数!$B:$H,4,0),\"\")","v":""},{"$f":"IFERROR(VLOOKUP(C2603,参数!B:H,3,FALSE),\"\")","v":""},"",1]
[2603,{"$nulls":6},{"$f":"IFERROR(VLOOKUP(C2604,参数!$B:$H,2,0),\"\")","v":""},{"$f":"IFERROR(VLOOKUP(C2604,参数!$B:$H,4,0),\"\")","v":""},{"$f":"IFERROR(VLOOKUP(C2604,参数!B:H,3,FALSE),\"\")","v":""},"",1]
[2604,{"$nulls":6},{"$f":"IFERROR(VLOOKUP(C2605,参数!$B:$H,2,0),\"\")","v":""},{"$f":"IFERROR(VLOOKUP(C2605,参数!$B:$H,4,0),\"\")","v":""},{"$f":"IFERROR(VLOOKUP(C2605,参数!B:H,3,FALSE),\"\")","v":""},"",1]
[2605,{"$nulls":6},{"$f":"IFERROR(VLOOKUP(C2606,参数!$B:$H,2,0),\"\")","v":""},{"$f":"IFERROR(VLOOKUP(C2606,参数!$B:$H,4,0),\"\")","v":""},{"$f":"IFERROR(VLOOKUP(C2606,参数!B:H,3,FALSE),\"\")","v":""},"",1]
[2606,{"$nulls":6},{"$f":"IFERROR(VLOOKUP(C2607,参数!$B:$H,2,0),\"\")","v":""},{"$f":"IFERROR(VLOOKUP(C2607,参数!$B:$H,4,0),\"\")","v":""},{"$f":"IFERROR(VLOOKUP(C2607,参数!B:H,3,FALSE),\"\")","v":""},"",1]
[2607,{"$nulls":6},{"$f":"IFERROR(VLOOKUP(C2608,参数!$B:$H,2,0),\"\")","v":""},{"$f":"IFERROR(VLOOKUP(C2608,参数!$B:$H,4,0),\"\")","v":""},{"$f":"IFERROR(VLOOKUP(C2608,参数!B:H,3,FALSE),\"\")","v":""},"",1]
[2608,{"$nulls":6},{"$f":"IFERROR(VLOOKUP(C2609,参数!$B:$H,2,0),\"\")","v":""},{"$f":"IFERROR(VLOOKUP(C2609,参数!$B:$H,4,0),\"\")","v":""},{"$f":"IFERROR(VLOOKUP(C2609,参数!B:H,3,FALSE),\"\")","v":""},"",1]
[2609,{"$nulls":6},{"$f":"IFERROR(VLOOKUP(C2610,参数!$B:$H,2,0),\"\")","v":""},{"$f":"IFERROR(VLOOKUP(C2610,参数!$B:$H,4,0),\"\")","v":""},{"$f":"IFERROR(VLOOKUP(C2610,参数!B:H,3,FALSE),\"\")","v":""},"",1]
[2610,{"$nulls":6},{"$f":"IFERROR(VLOOKUP(C2611,参数!$B:$H,2,0),\"\")","v":""},{"$f":"IFERROR(VLOOKUP(C2611,参数!$B:$H,4,0),\"\")","v":""},{"$f":"IFERROR(VLOOKUP(C2611,参数!B:H,3,FALSE),\"\")","v":""},"",1]
[2611,{"$nulls":6},{"$f":"IFERROR(VLOOKUP(C2612,参数!$B:$H,2,0),\"\")","v":""},{"$f":"IFERROR(VLOOKUP(C2612,参数!$B:$H,4,0),\"\")","v":""},{"$f":"IFERROR(VLOOKUP(C2612,参数!B:H,3,FALSE),\"\")","v":""},"",1]
[2612,{"$nulls":6},{"$f":"IFERROR(VLOOKUP(C2613,参数!$B:$H,2,0),\"\")","v":""},{"$f":"IFERROR(VLOOKUP(C2613,参数!$B:$H,4,0),\"\")","v":""},{"$f":"IFERROR(VLOOKUP(C2613,参数!B:H,3,FALSE),\"\")","v":""},"",1]
[2613,{"$nulls":6},{"$f":"IFERROR(VLOOKUP(C2614,参数!$B:$H,2,0),\"\")","v":""},{"$f":"IFERROR(VLOOKUP(C2614,参数!$B:$H,4,0),\"\")","v":""},{"$f":"IFERROR(VLOOKUP(C2614,参数!B:H,3,FALSE),\"\")","v":""},"",1]
[2614,{"$nulls":6},{"$f":"IFERROR(VLOOKUP(C2615,参数!$B:$H,2,0),\"\")","v":""},{"$f":"IFERROR(VLOOKUP(C2615,参数!$B:$H,4,0),\"\")","v":""},{"$f":"IFERROR(VLOOKUP(C2615,参数!B:H,3,FALSE),\"\")","v":""},"",1]
[2615,{"$nulls":6},{"$f":"IFERROR(VLOOKUP(C2616,参数!$B:$H,2,0),\"\")","v":""},{"$f":"IFERROR(VLOOKUP(C2616,参数!$B:$H,4,0),\"\")","v":""},{"$f":"IFERROR(VLOOKUP(C2616,参数!B:H,3,FALSE),\"\")","v":""},"",1]
[2616,{"$nulls":6},{"$f":"IFERROR(VLOOKUP(C2617,参数!$B:$H,2,0),\"\")","v":""},{"$f":"IFERROR(VLOOKUP(C2617,参数!$B:$H,4,0),\"\")","v":""},{"$f":"IFERROR(VLOOKUP(C2617,参数!B:H,3,FALSE),\"\")","v":""},"",1]
[2617,{"$nulls":6},{"$f":"IFERROR(VLOOKUP(C2618,参数!$B:$H,2,0),\"\")","v":""},{"$f":"IFERROR(VLOOKUP(C2618,参数!$B:$H,4,0),\"\")","v":""},{"$f":"IFERROR(VLOOKUP(C2618,参数!B:H,3,FALSE),\"\")","v":""},"",1]
[2618,{"$nulls":6},{"$f":"IFERROR(VLOOKUP(C2619,参数!$B:$H,2,0),\"\")","v":""},{"$f":"IFERROR(VLOOKUP(C2619,参数!$B:$H,4,0),\"\")","v":""},{"$f":"IFERROR(VLOOKUP(C2619,参数!B:H,3,FALSE),\"\")","v":""},"",1]
[2619,{"$nulls":6},{"$f":"IFERROR(VLOOKUP(C2620,参数!$B:$H,2,0),\"\")","v":""},{"$f":"IFERROR(VLOOKUP(C2620,参数!$B:$H,4,0),\"\")","v":""},{"$f":"IFERROR(VLOOKUP(C2620,参数!B:H,3,FALSE),\"\")","v":""},"",1]
[2620,{"$nulls":6},{"$f":"IFERROR(VLOOKUP(C2621,参数!$B:$H,2,0),\"\")","v":""},{"$f":"IFERROR(VLOOKUP(C2621,参数!$B:$H,4,0),\"\")","v":""},{"$f":"IFERROR(VLOOKUP(C2621,参数!B:H,3,FALSE),\"\")","v":""},"",1]
[2621,{"$nulls":6},{"$f":"IFERROR(VLOOKUP(C2622,参数!$B:$H,2,0),\"\")","v":""},{"$f":"IFERROR(VLOOKUP(C2622,参数!$B:$H,4,0),\"\")","v":""},{"$f":"IFERROR(VLOOKUP(C2622,参数!B:H,3,FALSE),\"\")","v":""},"",1]
[2622,{"$nulls":6},{"$f":"IFERROR(VLOOKUP(C2623,参数!$B:$H,2,0),\"\")","v":""},{"$f":"IFERROR(VLOOKUP(C2623,参数!$B:$H,4,0),\"\")","v":""},{"$f":"IFERROR(VLOOKUP(C2623,参数!B:H,3,FALSE),\"\")","v":""},"",1]
[2623,{"$nulls":6},{"$f":"IFERROR(VLOOKUP(C2624,参数!$B:$H,2,0),\"\")","v":""},{"$f":"IFERROR(VLOOKUP(C2624,参数!$B:$H,4,0),\"\")","v":""},{"$f":"IFERROR(VLOOKUP(C2624,参数!B:H,3,FALSE),\"\")","v":""},"",1]
[2624,{"$nulls":6},{"$f":"IFERROR(VLOOKUP(C2625,参数!$B:$H,2,0),\"\")","v":""},{"$f":"IFERROR(VLOOKUP(C2625,参数!$B:$H,4,0),\"\")","v":""},{"$f":"IFERROR(VLOOKUP(C2625,参数!B:H,3,FALSE),\"\")","v":""},"",1]
[2625,{"$nulls":6},{"$f":"IFERROR(VLOOKUP(C2626,参数!$B:$H,2,0),\"\")","v":""},{"$f":"IFERROR(VLOOKUP(C2626,参数!$B:$H,4,0),\"\")","v":""},{"$f":"IFERROR(VLOOKUP(C2626,参数!B:H,3,FALSE),\"\")","v":""},"",{"$f":"VALUE(MONTH(B2626))","v":1}]
[2626,{"$nulls":6},{"$f":"IFERROR(VLOOKUP(C2627,参数!$B:$H,2,0),\"\")","v":""},{"$f":"IFERROR(VLOOKUP(C2627,参数!$B:$H,4,0),\"\")","v":""},{"$f":"IFERROR(VLOOKUP(C2627,参数!B:H,3,FALSE),\"\")","v":""},"",1]
[2627,{"$nulls":6},{"$f":"IFERROR(VLOOKUP(C2628,参数!$B:$H,2,0),\"\")","v":""},{"$f":"IFERROR(VLOOKUP(C2628,参数!$B:$H,4,0),\"\")","v":""},{"$f":"IFERROR(VLOOKUP(C2628,参数!B:H,3,FALSE),\"\")","v":""},"",1]
[2628,{"$nulls":6},{"$f":"IFERROR(VLOOKUP(C2629,参数!$B:$H,2,0),\"\")","v":""},{"$f":"IFERROR(VLOOKUP(C2629,参数!$B:$H,4,0),\"\")","v":""},{"$f":"IFERROR(VLOOKUP(C2629,参数!B:H,3,FALSE),\"\")","v":""},"",1]
[2629,{"$nulls":6},{"$f":"IFERROR(VLOOKUP(C2630,参数!$B:$H,2,0),\"\")","v":""},{"$f":"IFERROR(VLOOKUP(C2630,参数!$B:$H,4,0),\"\")","v":""},{"$f":"IFERROR(VLOOKUP(C2630,参数!B:H,3,FALSE),\"\")","v":""},"",1]
[2630,{"$nulls":6},{"$f":"IFERROR(VLOOKUP(C2631,参数!$B:$H,2,0),\"\")","v":""},{"$f":"IFERROR(VLOOKUP(C2631,参数!$B:$H,4,0),\"\")","v":""},{"$f":"IFERROR(VLOOKUP(C2631,参数!B:H,3,FALSE),\"\")","v":""},"",1]
[2631,{"$nulls":6},{"$f":"IFERROR(VLOOKUP(C2632,参数!$B:$H,2,0),\"\")","v":""},{"$f":"IFERROR(VLOOKUP(C2632,参数!$B:$H,4,0),\"\")","v":""},{"$f":"IFERROR(VLOOKUP(C2632,参数!B:H,3,FALSE),\"\")","v":""},"",1]
[2632,{"$nulls":6},{"$f":"IFERROR(VLOOKUP(C2633,参数!$B:$H,2,0),\"\")","v":""},{"$f":"IFERROR(VLOOKUP(C2633,参数!$B:$H,4,0),\"\")","v":""},{"$f":"IFERROR(VLOOKUP(C2633,参数!B:H,3,FALSE),\"\")","v":""},"",1]
[2633,{"$nulls":6},{"$f":"IFERROR(VLOOKUP(C2634,参数!$B:$H,2,0),\"\")","v":""},{"$f":"IFERROR(VLOOKUP(C2634,参数!$B:$H,4,0),\"\")","v":""},{"$f":"IFERROR(VLOOKUP(C2634,参数!B:H,3,FALSE),\"\")","v":""},"",1]
[2634,{"$nulls":6},{"$f":"IFERROR(VLOOKUP(C2635,参数!$B:$H,2,0),\"\")","v":""},{"$f":"IFERROR(VLOOKUP(C2635,参数!$B:$H,4,0),\"\")","v":""},{"$f":"IFERROR(VLOOKUP(C2635,参数!B:H,3,FALSE),\"\")","v":""},"",1]
[2635,{"$nulls":6},{"$f":"IFERROR(VLOOKUP(C2636,参数!$B:$H,2,0),\"\")","v":""},{"$f":"IFERROR(VLOOKUP(C2636,参数!$B:$H,4,0),\"\")","v":""},{"$f":"IFERROR(VLOOKUP(C2636,参数!B:H,3,FALSE),\"\")","v":""},"",1]
[2636,{"$nulls":6},{"$f":"IFERROR(VLOOKUP(C2637,参数!$B:$H,2,0),\"\")","v":""},{"$f":"IFERROR(VLOOKUP(C2637,参数!$B:$H,4,0),\"\")","v":""},{"$f":"IFERROR(VLOOKUP(C2637,参数!B:H,3,FALSE),\"\")","v":""},"",1]
[2637,{"$nulls":6},{"$f":"IFERROR(VLOOKUP(C2638,参数!$B:$H,2,0),\"\")","v":""},{"$f":"IFERROR(VLOOKUP(C2638,参数!$B:$H,4,0),\"\")","v":""},{"$f":"IFERROR(VLOOKUP(C2638,参数!B:H,3,FALSE),\"\")","v":""},"",1]
[2638,{"$nulls":6},{"$f":"IFERROR(VLOOKUP(C2639,参数!$B:$H,2,0),\"\")","v":""},{"$f":"IFERROR(VLOOKUP(C2639,参数!$B:$H,4,0),\"\")","v":""},{"$f":"IFERROR(VLOOKUP(C2639,参数!B:H,3,FALSE),\"\")","v":""},"",1]
[2639,{"$nulls":6},{"$f":"IFERROR(VLOOKUP(C2640,参数!$B:$H,2,0),\"\")","v":""},{"$f":"IFERROR(VLOOKUP(C2640,参数!$B:$H,4,0),\"\")","v":""},{"$f":"IFERROR(VLOOKUP(C2640,参数!B:H,3,FALSE),\"\")","v":""},"",1]
[2640,{"$nulls":6},{"$f":"IFERROR(VLOOKUP(C2641,参数!$B:$H,2,0),\"\")","v":""},{"$f":"IFERROR(VLOOKUP(C2641,参数!$B:$H,4,0),\"\")","v":""},{"$f":"IFERROR(VLOOKUP(C2641,参数!B:H,3,FALSE),\"\")","v":""},"",1]
[2641,{"$nulls":6},{"$f":"IFERROR(VLOOKUP(C2642,参数!$B:$H,2,0),\"\")","v":""},{"$f":"IFERROR(VLOOKUP(C2642,参数!$B:$H,4,0),\"\")","v":""},{"$f":"IFERROR(VLOOKUP(C2642,参数!B:H,3,FALSE),\"\")","v":""},"",1]
[2642,{"$nulls":6},{"$f":"IFERROR(VLOOKUP(C2643,参数!$B:$H,2,0),\"\")","v":""},{"$f":"IFERROR(VLOOKUP(C2643,参数!$B:$H,4,0),\"\")","v":""},{"$f":"IFERROR(VLOOKUP(C2643,参数!B:H,3,FALSE),\"\")","v":""},"",1]
[2643,{"$nulls":6},{"$f":"IFERROR(VLOOKUP(C2644,参数!$B:$H,2,0),\"\")","v":""},{"$f":"IFERROR(VLOOKUP(C2644,参数!$B:$H,4,0),\"\")","v":""},{"$f":"IFERROR(VLOOKUP(C2644,参数!B:H,3,FALSE),\"\")","v":""},"",1]
[2644,{"$nulls":6},{"$f":"IFERROR(VLOOKUP(C2645,参数!$B:$H,2,0),\"\")","v":""},{"$f":"IFERROR(VLOOKUP(C2645,参数!$B:$H,4,0),\"\")","v":""},{"$f":"IFERROR(VLOOKUP(C2645,参数!B:H,3,FALSE),\"\")","v":""},"",1]
[2645,{"$nulls":6},{"$f":"IFERROR(VLOOKUP(C2646,参数!$B:$H,2,0),\"\")","v":""},{"$f":"IFERROR(VLOOKUP(C2646,参数!$B:$H,4,0),\"\")","v":""},{"$f":"IFERROR(VLOOKUP(C2646,参数!B:H,3,FALSE),\"\")","v":""},"",1]
[2646,{"$nulls":6},{"$f":"IFERROR(VLOOKUP(C2647,参数!$B:$H,2,0),\"\")","v":""},{"$f":"IFERROR(VLOOKUP(C2647,参数!$B:$H,4,0),\"\")","v":""},{"$f":"IFERROR(VLOOKUP(C2647,参数!B:H,3,FALSE),\"\")","v":""},"",1]
[2647,{"$nulls":6},{"$f":"IFERROR(VLOOKUP(C2648,参数!$B:$H,2,0),\"\")","v":""},{"$f":"IFERROR(VLOOKUP(C2648,参数!$B:$H,4,0),\"\")","v":""},{"$f":"IFERROR(VLOOKUP(C2648,参数!B:H,3,FALSE),\"\")","v":""},"",1]
[2648,{"$nulls":6},{"$f":"IFERROR(VLOOKUP(C2649,参数!$B:$H,2,0),\"\")","v":""},{"$f":"IFERROR(VLOOKUP(C2649,参数!$B:$H,4,0),\"\")","v":""},{"$f":"IFERROR(VLOOKUP(C2649,参数!B:H,3,FALSE),\"\")","v":""},"",1]
[2649,{"$nulls":6},{"$f":"IFERROR(VLOOKUP(C2650,参数!$B:$H,2,0),\"\")","v":""},{"$f":"IFERROR(VLOOKUP(C2650,参数!$B:$H,4,0),\"\")","v":""},{"$f":"IFERROR(VLOOKUP(C2650,参数!B:H,3,FALSE),\"\")","v":""},"",1]
[2650,{"$nulls":6},{"$f":"IFERROR(VLOOKUP(C2651,参数!$B:$H,2,0),\"\")","v":""},{"$f":"IFERROR(VLOOKUP(C2651,参数!$B:$H,4,0),\"\")","v":""},{"$f":"IFERROR(VLOOKUP(C2651,参数!B:H,3,FALSE),\"\")","v":""},"",1]
[2651,{"$nulls":6},{"$f":"IFERROR(VLOOKUP(C2652,参数!$B:$H,2,0),\"\")","v":""},{"$f":"IFERROR(VLOOKUP(C2652,参数!$B:$H,4,0),\"\")","v":""},{"$f":"IFERROR(VLOOKUP(C2652,参数!B:H,3,FALSE),\"\")","v":""},"",1]
[2652,{"$nulls":6},{"$f":"IFERROR(VLOOKUP(C2653,参数!$B:$H,2,0),\"\")","v":""},{"$f":"IFERROR(VLOOKUP(C2653,参数!$B:$H,4,0),\"\")","v":""},{"$f":"IFERROR(VLOOKUP(C2653,参数!B:H,3,FALSE),\"\")","v":""},"",1]
[2653,{"$nulls":6},{"$f":"IFERROR(VLOOKUP(C2654,参数!$B:$H,2,0),\"\")","v":""},{"$f":"IFERROR(VLOOKUP(C2654,参数!$B:$H,4,0),\"\")","v":""},{"$f":"IFERROR(VLOOKUP(C2654,参数!B:H,3,FALSE),\"\")","v":""},"",1]
[2654,{"$nulls":6},{"$f":"IFERROR(VLOOKUP(C2655,参数!$B:$H,2,0),\"\")","v":""},{"$f":"IFERROR(VLOOKUP(C2655,参数!$B:$H,4,0),\"\")","v":""},{"$f":"IFERROR(VLOOKUP(C2655,参数!B:H,3,FALSE),\"\")","v":""},"",1]
[2655,{"$nulls":6},{"$f":"IFERROR(VLOOKUP(C2656,参数!$B:$H,2,0),\"\")","v":""},{"$f":"IFERROR(VLOOKUP(C2656,参数!$B:$H,4,0),\"\")","v":""},{"$f":"IFERROR(VLOOKUP(C2656,参数!B:H,3,FALSE),\"\")","v":""},"",1]
[2656,{"$nulls":6},{"$f":"IFERROR(VLOOKUP(C2657,参数!$B:$H,2,0),\"\")","v":""},{"$f":"IFERROR(VLOOKUP(C2657,参数!$B:$H,4,0),\"\")","v":""},{"$f":"IFERROR(VLOOKUP(C2657,参数!B:H,3,FALSE),\"\")","v":""},"",1]
[2657,{"$nulls":6},{"$f":"IFERROR(VLOOKUP(C2658,参数!$B:$H,2,0),\"\")","v":""},{"$f":"IFERROR(VLOOKUP(C2658,参数!$B:$H,4,0),\"\")","v":""},{"$f":"IFERROR(VLOOKUP(C2658,参数!B:H,3,FALSE),\"\")","v":""},"",1]
[2658,{"$nulls":6},{"$f":"IFERROR(VLOOKUP(C2659,参数!$B:$H,2,0),\"\")","v":""},{"$f":"IFERROR(VLOOKUP(C2659,参数!$B:$H,4,0),\"\")","v":""},{"$f":"IFERROR(VLOOKUP(C2659,参数!B:H,3,FALSE),\"\")","v":""},"",1]
[2659,{"$nulls":6},{"$f":"IFERROR(VLOOKUP(C2660,参数!$B:$H,2,0),\"\")","v":""},{"$f":"IFERROR(VLOOKUP(C2660,参数!$B:$H,4,0),\"\")","v":""},{"$f":"IFERROR(VLOOKUP(C2660,参数!B:H,3,FALSE),\"\")","v":""},"",1]
[2660,{"$nulls":6},{"$f":"IFERROR(VLOOKUP(C2661,参数!$B:$H,2,0),\"\")","v":""},{"$f":"IFERROR(VLOOKUP(C2661,参数!$B:$H,4,0),\"\")","v":""},{"$f":"IFERROR(VLOOKUP(C2661,参数!B:H,3,FALSE),\"\")","v":""},{"$f":"IFERROR(J2661*E2661,\"\")","v":""},1]
[2661,{"$nulls":6},{"$f":"IFERROR(VLOOKUP(C2662,参数!$B:$H,2,0),\"\")","v":""},{"$f":"IFERROR(VLOOKUP(C2662,参数!$B:$H,4,0),\"\")","v":""},{"$f":"IFERROR(VLOOKUP(C2662,参数!B:H,3,FALSE),\"\")","v":""},"",1]
[2662,{"$nulls":6},{"$f":"IFERROR(VLOOKUP(C2663,参数!$B:$H,2,0),\"\")","v":""},{"$f":"IFERROR(VLOOKUP(C2663,参数!$B:$H,4,0),\"\")","v":""},{"$f":"IFERROR(VLOOKUP(C2663,参数!B:H,3,FALSE),\"\")","v":""},"",1]
[2663,{"$nulls":6},{"$f":"IFERROR(VLOOKUP(C2664,参数!$B:$H,2,0),\"\")","v":""},{"$f":"IFERROR(VLOOKUP(C2664,参数!$B:$H,4,0),\"\")","v":""},{"$f":"IFERROR(VLOOKUP(C2664,参数!B:H,3,FALSE),\"\")","v":""},"",1]
[2664,{"$nulls":6},{"$f":"IFERROR(VLOOKUP(C2665,参数!$B:$H,2,0),\"\")","v":""},{"$f":"IFERROR(VLOOKUP(C2665,参数!$B:$H,4,0),\"\")","v":""},{"$f":"IFERROR(VLOOKUP(C2665,参数!B:H,3,FALSE),\"\")","v":""},"",1]
[2665,{"$nulls":6},{"$f":"IFERROR(VLOOKUP(C2666,参数!$B:$H,2,0),\"\")","v":""},{"$f":"IFERROR(VLOOKUP(C2666,参数!$B:$H,4,0),\"\")","v":""},{"$f":"IFERROR(VLOOKUP(C2666,参数!B:H,3,FALSE),\"\")","v":""},"",1]
[2666,{"$nulls":6},{"$f":"IFERROR(VLOOKUP(C2667,参数!$B:$H,2,0),\"\")","v":""},{"$f":"IFERROR(VLOOKUP(C2667,参数!$B:$H,4,0),\"\")","v":""},{"$f":"IFERROR(VLOOKUP(C2667,参数!B:H,3,FALSE),\"\")","v":""},"",1]
[2667,{"$nulls":6},{"$f":"IFERROR(VLOOKUP(C2668,参数!$B:$H,2,0),\"\")","v":""},{"$f":"IFERROR(VLOOKUP(C2668,参数!$B:$H,4,0),\"\")","v":""},{"$f":"IFERROR(VLOOKUP(C2668,参数!B:H,3,FALSE),\"\")","v":""},"",1]
[2668,{"$nulls":6},{"$f":"IFERROR(VLOOKUP(C2669,参数!$B:$H,2,0),\"\")","v":""},{"$f":"IFERROR(VLOOKUP(C2669,参数!$B:$H,4,0),\"\")","v":""},{"$f":"IFERROR(VLOOKUP(C2669,参数!B:H,3,FALSE),\"\")","v":""},"",1]
[2669,{"$nulls":6},{"$f":"IFERROR(VLOOKUP(C2670,参数!$B:$H,2,0),\"\")","v":""},{"$f":"IFERROR(VLOOKUP(C2670,参数!$B:$H,4,0),\"\")","v":""},{"$f":"IFERROR(VLOOKUP(C2670,参数!B:H,3,FALSE),\"\")","v":""},"",1]
[2670,{"$nulls":6},{"$f":"IFERROR(VLOOKUP(C2671,参数!$B:$H,2,0),\"\")","v":""},{"$f":"IFERROR(VLOOKUP(C2671,参数!$B:$H,4,0),\"\")","v":""},{"$f":"IFERROR(VLOOKUP(C2671,参数!B:H,3,FALSE),\"\")","v":""},"",1]
[2671,{"$nulls":6},{"$f":"IFERROR(VLOOKUP(C2672,参数!$B:$H,2,0),\"\")","v":""},{"$f":"IFERROR(VLOOKUP(C2672,参数!$B:$H,4,0),\"\")","v":""},{"$f":"IFERROR(VLOOKUP(C2672,参数!B:H,3,FALSE),\"\")","v":""},"",1]
[2672,{"$nulls":6},{"$f":"IFERROR(VLOOKUP(C2673,参数!$B:$H,2,0),\"\")","v":""},{"$f":"IFERROR(VLOOKUP(C2673,参数!$B:$H,4,0),\"\")","v":""},{"$f":"IFERROR(VLOOKUP(C2673,参数!B:H,3,FALSE),\"\")","v":""},"",1]
[2673,{"$nulls":6},{"$f":"IFERROR(VLOOKUP(C2674,参数!$B:$H,2,0),\"\")","v":""},{"$f":"IFERROR(VLOOKUP(C2674,参数!$B:$H,4,0),\"\")","v":""},{"$f":"IFERROR(VLOOKUP(C2674,参数!B:H,3,FALSE),\"\")","v":""},"",1]
[2674,{"$nulls":6},{"$f":"IFERROR(VLOOKUP(C2675,参数!$B:$H,2,0),\"\")","v":""},{"$f":"IFERROR(VLOOKUP(C2675,参数!$B:$H,4,0),\"\")","v":""},{"$f":"IFERROR(VLOOKUP(C2675,参数!B:H,3,FALSE),\"\")","v":""},"",1]
[2675,{"$nulls":6},{"$f":"IFERROR(VLOOKUP(C2676,参数!$B:$H,2,0),\"\")","v":""},{"$f":"IFERROR(VLOOKUP(C2676,参数!$B:$H,4,0),\"\")","v":""},{"$f":"IFERROR(VLOOKUP(C2676,参数!B:H,3,FALSE),\"\")","v":""},"",1]
[2676,{"$nulls":6},{"$f":"IFERROR(VLOOKUP(C2677,参数!$B:$H,2,0),\"\")","v":""},{"$f":"IFERROR(VLOOKUP(C2677,参数!$B:$H,4,0),\"\")","v":""},{"$f":"IFERROR(VLOOKUP(C2677,参数!B:H,3,FALSE),\"\")","v":""},"",1]
[2677,{"$nulls":6},{"$f":"IFERROR(VLOOKUP(C2678,参数!$B:$H,2,0),\"\")","v":""},{"$f":"IFERROR(VLOOKUP(C2678,参数!$B:$H,4,0),\"\")","v":""},{"$f":"IFERROR(VLOOKUP(C2678,参数!B:H,3,FALSE),\"\")","v":""},"",1]
[2678,{"$nulls":6},{"$f":"IFERROR(VLOOKUP(C2679,参数!$B:$H,2,0),\"\")","v":""},{"$f":"IFERROR(VLOOKUP(C2679,参数!$B:$H,4,0),\"\")","v":""},{"$f":"IFERROR(VLOOKUP(C2679,参数!B:H,3,FALSE),\"\")","v":""},"",1]
[2679,{"$nulls":6},{"$f":"IFERROR(VLOOKUP(C2680,参数!$B:$H,2,0),\"\")","v":""},{"$f":"IFERROR(VLOOKUP(C2680,参数!$B:$H,4,0),\"\")","v":""},{"$f":"IFERROR(VLOOKUP(C2680,参数!B:H,3,FALSE),\"\")","v":""},"",1]
[2680,{"$nulls":6},{"$f":"IFERROR(VLOOKUP(C2681,参数!$B:$H,2,0),\"\")","v":""},{"$f":"IFERROR(VLOOKUP(C2681,参数!$B:$H,4,0),\"\")","v":""},{"$f":"IFERROR(VLOOKUP(C2681,参数!B:H,3,FALSE),\"\")","v":""},"",1]
[2681,{"$nulls":6},{"$f":"IFERROR(VLOOKUP(C2682,参数!$B:$H,2,0),\"\")","v":""},{"$f":"IFERROR(VLOOKUP(C2682,参数!$B:$H,4,0),\"\")","v":""},{"$f":"IFERROR(VLOOKUP(C2682,参数!B:H,3,FALSE),\"\")","v":""},"",1]
[2682,{"$nulls":6},{"$f":"IFERROR(VLOOKUP(C2683,参数!$B:$H,2,0),\"\")","v":""},{"$f":"IFERROR(VLOOKUP(C2683,参数!$B:$H,4,0),\"\")","v":""},{"$f":"IFERROR(VLOOKUP(C2683,参数!B:H,3,FALSE),\"\")","v":""},"",1]
[2683,{"$nulls":6},{"$f":"IFERROR(VLOOKUP(C2684,参数!$B:$H,2,0),\"\")","v":""},{"$f":"IFERROR(VLOOKUP(C2684,参数!$B:$H,4,0),\"\")","v":""},{"$f":"IFERROR(VLOOKUP(C2684,参数!B:H,3,FALSE),\"\")","v":""},"",1]
[2684,{"$nulls":6},{"$f":"IFERROR(VLOOKUP(C2685,参数!$B:$H,2,0),\"\")","v":""},{"$f":"IFERROR(VLOOKUP(C2685,参数!$B:$H,4,0),\"\")","v":""},{"$f":"IFERROR(VLOOKUP(C2685,参数!B:H,3,FALSE),\"\")","v":""},"",1]
[2685,{"$nulls":6},{"$f":"IFERROR(VLOOKUP(C2686,参数!$B:$H,2,0),\"\")","v":""},{"$f":"IFERROR(VLOOKUP(C2686,参数!$B:$H,4,0),\"\")","v":""},{"$f":"IFERROR(VLOOKUP(C2686,参数!B:H,3,FALSE),\"\")","v":""},"",1]
[2686,{"$nulls":6},{"$f":"IFERROR(VLOOKUP(C2687,参数!$B:$H,2,0),\"\")","v":""},{"$f":"IFERROR(VLOOKUP(C2687,参数!$B:$H,4,0),\"\")","v":""},{"$f":"IFERROR(VLOOKUP(C2687,参数!B:H,3,FALSE),\"\")","v":""},"",1]
[2687,{"$nulls":6},{"$f":"IFERROR(VLOOKUP(C2688,参数!$B:$H,2,0),\"\")","v":""},{"$f":"IFERROR(VLOOKUP(C2688,参数!$B:$H,4,0),\"\")","v":""},{"$f":"IFERROR(VLOOKUP(C2688,参数!B:H,3,FALSE),\"\")","v":""},"",1]
[2688,{"$nulls":6},{"$f":"IFERROR(VLOOKUP(C2689,参数!$B:$H,2,0),\"\")","v":""},{"$f":"IFERROR(VLOOKUP(C2689,参数!$B:$H,4,0),\"\")","v":""},{"$f":"IFERROR(VLOOKUP(C2689,参数!B:H,3,FALSE),\"\")","v":""},"",1]
[2689,{"$nulls":6},{"$f":"IFERROR(VLOOKUP(C2690,参数!$B:$H,2,0),\"\")","v":""},{"$f":"IFERROR(VLOOKUP(C2690,参数!$B:$H,4,0),\"\")","v":""},{"$f":"IFERROR(VLOOKUP(C2690,参数!B:H,3,FALSE),\"\")","v":""},"",{"$f":"VALUE(MONTH(B2690))","v":1}]
[2690,{"$nulls":6},{"$f":"IFERROR(VLOOKUP(C2691,参数!$B:$H,2,0),\"\")","v":""},{"$f":"IFERROR(VLOOKUP(C2691,参数!$B:$H,4,0),\"\")","v":""},{"$f":"IFERROR(VLOOKUP(C2691,参数!B:H,3,FALSE),\"\")","v":""},"",1]
[2691,{"$nulls":6},{"$f":"IFERROR(VLOOKUP(C2692,参数!$B:$H,2,0),\"\")","v":""},{"$f":"IFERROR(VLOOKUP(C2692,参数!$B:$H,4,0),\"\")","v":""},{"$f":"IFERROR(VLOOKUP(C2692,参数!B:H,3,FALSE),\"\")","v":""},"",1]
[2692,{"$nulls":6},{"$f":"IFERROR(VLOOKUP(C2693,参数!$B:$H,2,0),\"\")","v":""},{"$f":"IFERROR(VLOOKUP(C2693,参数!$B:$H,4,0),\"\")","v":""},{"$f":"IFERROR(VLOOKUP(C2693,参数!B:H,3,FALSE),\"\")","v":""},"",1]
[2693,{"$nulls":6},{"$f":"IFERROR(VLOOKUP(C2694,参数!$B:$H,2,0),\"\")","v":""},{"$f":"IFERROR(VLOOKUP(C2694,参数!$B:$H,4,0),\"\")","v":""},{"$f":"IFERROR(VLOOKUP(C2694,参数!B:H,3,FALSE),\"\")","v":""},"",1]
[2694,{"$nulls":6},{"$f":"IFERROR(VLOOKUP(C2695,参数!$B:$H,2,0),\"\")","v":""},{"$f":"IFERROR(VLOOKUP(C2695,参数!$B:$H,4,0),\"\")","v":""},{"$f":"IFERROR(VLOOKUP(C2695,参数!B:H,3,FALSE),\"\")","v":""},"",1]
[2695,{"$nulls":6},{"$f":"IFERROR(VLOOKUP(C2696,参数!$B:$H,2,0),\"\")","v":""},{"$f":"IFERROR(VLOOKUP(C2696,参数!$B:$H,4,0),\"\")","v":""},{"$f":"IFERROR(VLOOKUP(C2696,参数!B:H,3,FALSE),\"\")","v":""},"",1]
[2696,{"$nulls":6},{"$f":"IFERROR(VLOOKUP(C2697,参数!$B:$H,2,0),\"\")","v":""},{"$f":"IFERROR(VLOOKUP(C2697,参数!$B:$H,4,0),\"\")","v":""},{"$f":"IFERROR(VLOOKUP(C2697,参数!B:H,3,FALSE),\"\")","v":""},"",1]
[2697,{"$nulls":6},{"$f":"IFERROR(VLOOKUP(C2698,参数!$B:$H,2,0),\"\")","v":""},{"$f":"IFERROR(VLOOKUP(C2698,参数!$B:$H,4,0),\"\")","v":""},{"$f":"IFERROR(VLOOKUP(C2698,参数!B:H,3,FALSE),\"\")","v":""},"",1]
[2698,{"$nulls":6},{"$f":"IFERROR(VLOOKUP(C2699,参数!$B:$H,2,0),\"\")","v":""},{"$f":"IFERROR(VLOOKUP(C2699,参数!$B:$H,4,0),\"\")","v":""},{"$f":"IFERROR(VLOOKUP(C2699,参数!B:H,3,FALSE),\"\")","v":""},"",1]
[2699,{"$nulls":6},{"$f":"IFERROR(VLOOKUP(C2700,参数!$B:$H,2,0),\"\")","v":""},{"$f":"IFERROR(VLOOKUP(C2700,参数!$B:$H,4,0),\"\")","v":""},{"$f":"IFERROR(VLOOKUP(C2700,参数!B:H,3,FALSE),\"\")","v":""},"",1]
[2700,{"$nulls":6},{"$f":"IFERROR(VLOOKUP(C2701,参数!$B:$H,2,0),\"\")","v":""},{"$f":"IFERROR(VLOOKUP(C2701,参数!$B:$H,4,0),\"\")","v":""},{"$f":"IFERROR(VLOOKUP(C2701,参数!B:H,3,FALSE),\"\")","v":""},"",1]
[2701,{"$nulls":6},{"$f":"IFERROR(VLOOKUP(C2702,参数!$B:$H,2,0),\"\")","v":""},{"$f":"IFERROR(VLOOKUP(C2702,参数!$B:$H,4,0),\"\")","v":""},{"$f":"IFERROR(VLOOKUP(C2702,参数!B:H,3,FALSE),\"\")","v":""},"",1]
[2702,{"$nulls":6},{"$f":"IFERROR(VLOOKUP(C2703,参数!$B:$H,2,0),\"\")","v":""},{"$f":"IFERROR(VLOOKUP(C2703,参数!$B:$H,4,0),\"\")","v":""},{"$f":"IFERROR(VLOOKUP(C2703,参数!B:H,3,FALSE),\"\")","v":""},"",1]
[2703,{"$nulls":6},{"$f":"IFERROR(VLOOKUP(C2704,参数!$B:$H,2,0),\"\")","v":""},{"$f":"IFERROR(VLOOKUP(C2704,参数!$B:$H,4,0),\"\")","v":""},{"$f":"IFERROR(VLOOKUP(C2704,参数!B:H,3,FALSE),\"\")","v":""},"",1]
[2704,{"$nulls":6},{"$f":"IFERROR(VLOOKUP(C2705,参数!$B:$H,2,0),\"\")","v":""},{"$f":"IFERROR(VLOOKUP(C2705,参数!$B:$H,4,0),\"\")","v":""},{"$f":"IFERROR(VLOOKUP(C2705,参数!B:H,3,FALSE),\"\")","v":""},"",1]
[2705,{"$nulls":6},{"$f":"IFERROR(VLOOKUP(C2706,参数!$B:$H,2,0),\"\")","v":""},{"$f":"IFERROR(VLOOKUP(C2706,参数!$B:$H,4,0),\"\")","v":""},{"$f":"IFERROR(VLOOKUP(C2706,参数!B:H,3,FALSE),\"\")","v":""},"",1]
[2706,{"$nulls":6},{"$f":"IFERROR(VLOOKUP(C2707,参数!$B:$H,2,0),\"\")","v":""},{"$f":"IFERROR(VLOOKUP(C2707,参数!$B:$H,4,0),\"\")","v":""},{"$f":"IFERROR(VLOOKUP(C2707,参数!B:H,3,FALSE),\"\")","v":""},"",1]
[2707,{"$nulls":6},{"$f":"IFERROR(VLOOKUP(C2708,参数!$B:$H,2,0),\"\")","v":""},{"$f":"IFERROR(VLOOKUP(C2708,参数!$B:$H,4,0),\"\")","v":""},{"$f":"IFERROR(VLOOKUP(C2708,参数!B:H,3,FALSE),\"\")","v":""},"",1]
[2708,{"$nulls":6},{"$f":"IFERROR(VLOOKUP(C2709,参数!$B:$H,2,0),\"\")","v":""},{"$f":"IFERROR(VLOOKUP(C2709,参数!$B:$H,4,0),\"\")","v":""},{"$f":"IFERROR(VLOOKUP(C2709,参数!B:H,3,FALSE),\"\")","v":""},"",1]
[2709,{"$nulls":6},{"$f":"IFERROR(VLOOKUP(C2710,参数!$B:$H,2,0),\"\")","v":""},{"$f":"IFERROR(VLOOKUP(C2710,参数!$B:$H,4,0),\"\")","v":""},{"$f":"IFERROR(VLOOKUP(C2710,参数!B:H,3,FALSE),\"\")","v":""},"",1]
[2710,{"$nulls":6},{"$f":"IFERROR(VLOOKUP(C2711,参数!$B:$H,2,0),\"\")","v":""},{"$f":"IFERROR(VLOOKUP(C2711,参数!$B:$H,4,0),\"\")","v":""},{"$f":"IFERROR(VLOOKUP(C2711,参数!B:H,3,FALSE),\"\")","v":""},"",1]
[2711,{"$nulls":6},{"$f":"IFERROR(VLOOKUP(C2712,参数!$B:$H,2,0),\"\")","v":""},{"$f":"IFERROR(VLOOKUP(C2712,参数!$B:$H,4,0),\"\")","v":""},{"$f":"IFERROR(VLOOKUP(C2712,参数!B:H,3,FALSE),\"\")","v":""},"",1]
[2712,{"$nulls":6},{"$f":"IFERROR(VLOOKUP(C2713,参数!$B:$H,2,0),\"\")","v":""},{"$f":"IFERROR(VLOOKUP(C2713,参数!$B:$H,4,0),\"\")","v":""},{"$f":"IFERROR(VLOOKUP(C2713,参数!B:H,3,FALSE),\"\")","v":""},"",1]
[2713,{"$nulls":6},{"$f":"IFERROR(VLOOKUP(C2714,参数!$B:$H,2,0),\"\")","v":""},{"$f":"IFERROR(VLOOKUP(C2714,参数!$B:$H,4,0),\"\")","v":""},{"$f":"IFERROR(VLOOKUP(C2714,参数!B:H,3,FALSE),\"\")","v":""},"",1]
[2714,{"$nulls":6},{"$f":"IFERROR(VLOOKUP(C2715,参数!$B:$H,2,0),\"\")","v":""},{"$f":"IFERROR(VLOOKUP(C2715,参数!$B:$H,4,0),\"\")","v":""},{"$f":"IFERROR(VLOOKUP(C2715,参数!B:H,3,FALSE),\"\")","v":""},"",1]
[2715,{"$nulls":6},{"$f":"IFERROR(VLOOKUP(C2716,参数!$B:$H,2,0),\"\")","v":""},{"$f":"IFERROR(VLOOKUP(C2716,参数!$B:$H,4,0),\"\")","v":""},{"$f":"IFERROR(VLOOKUP(C2716,参数!B:H,3,FALSE),\"\")","v":""},"",1]
[2716,{"$nulls":6},{"$f":"IFERROR(VLOOKUP(C2717,参数!$B:$H,2,0),\"\")","v":""},{"$f":"IFERROR(VLOOKUP(C2717,参数!$B:$H,4,0),\"\")","v":""},{"$f":"IFERROR(VLOOKUP(C2717,参数!B:H,3,FALSE),\"\")","v":""},"",1]
[2717,{"$nulls":6},{"$f":"IFERROR(VLOOKUP(C2718,参数!$B:$H,2,0),\"\")","v":""},{"$f":"IFERROR(VLOOKUP(C2718,参数!$B:$H,4,0),\"\")","v":""},{"$f":"IFERROR(VLOOKUP(C2718,参数!B:H,3,FALSE),\"\")","v":""},"",1]
[2718,{"$nulls":6},{"$f":"IFERROR(VLOOKUP(C2719,参数!$B:$H,2,0),\"\")","v":""},{"$f":"IFERROR(VLOOKUP(C2719,参数!$B:$H,4,0),\"\")","v":""},{"$f":"IFERROR(VLOOKUP(C2719,参数!B:H,3,FALSE),\"\")","v":""},"",1]
[2719,{"$nulls":6},{"$f":"IFERROR(VLOOKUP(C2720,参数!$B:$H,2,0),\"\")","v":""},{"$f":"IFERROR(VLOOKUP(C2720,参数!$B:$H,4,0),\"\")","v":""},{"$f":"IFERROR(VLOOKUP(C2720,参数!B:H,3,FALSE),\"\")","v":""},"",1]
[2720,{"$nulls":6},{"$f":"IFERROR(VLOOKUP(C2721,参数!$B:$H,2,0),\"\")","v":""},{"$f":"IFERROR(VLOOKUP(C2721,参数!$B:$H,4,0),\"\")","v":""},{"$f":"IFERROR(VLOOKUP(C2721,参数!B:H,3,FALSE),\"\")","v":""},"",1]
[2721,{"$nulls":6},{"$f":"IFERROR(VLOOKUP(C2722,参数!$B:$H,2,0),\"\")","v":""},{"$f":"IFERROR(VLOOKUP(C2722,参数!$B:$H,4,0),\"\")","v":""},{"$f":"IFERROR(VLOOKUP(C2722,参数!B:H,3,FALSE),\"\")","v":""},"",1]
[2722,{"$nulls":6},{"$f":"IFERROR(VLOOKUP(C2723,参数!$B:$H,2,0),\"\")","v":""},{"$f":"IFERROR(VLOOKUP(C2723,参数!$B:$H,4,0),\"\")","v":""},{"$f":"IFERROR(VLOOKUP(C2723,参数!B:H,3,FALSE),\"\")","v":""},"",1]
[2723,{"$nulls":6},{"$f":"IFERROR(VLOOKUP(C2724,参数!$B:$H,2,0),\"\")","v":""},{"$f":"IFERROR(VLOOKUP(C2724,参数!$B:$H,4,0),\"\")","v":""},{"$f":"IFERROR(VLOOKUP(C2724,参数!B:H,3,FALSE),\"\")","v":""},"",1]
[2724,{"$nulls":6},{"$f":"IFERROR(VLOOKUP(C2725,参数!$B:$H,2,0),\"\")","v":""},{"$f":"IFERROR(VLOOKUP(C2725,参数!$B:$H,4,0),\"\")","v":""},{"$f":"IFERROR(VLOOKUP(C2725,参数!B:H,3,FALSE),\"\")","v":""},{"$f":"IFERROR(J2725*E2725,\"\")","v":""},1]
[2725,{"$nulls":6},{"$f":"IFERROR(VLOOKUP(C2726,参数!$B:$H,2,0),\"\")","v":""},{"$f":"IFERROR(VLOOKUP(C2726,参数!$B:$H,4,0),\"\")","v":""},{"$f":"IFERROR(VLOOKUP(C2726,参数!B:H,3,FALSE),\"\")","v":""},"",1]
[2726,{"$nulls":6},{"$f":"IFERROR(VLOOKUP(C2727,参数!$B:$H,2,0),\"\")","v":""},{"$f":"IFERROR(VLOOKUP(C2727,参数!$B:$H,4,0),\"\")","v":""},{"$f":"IFERROR(VLOOKUP(C2727,参数!B:H,3,FALSE),\"\")","v":""},"",1]
[2727,{"$nulls":6},{"$f":"IFERROR(VLOOKUP(C2728,参数!$B:$H,2,0),\"\")","v":""},{"$f":"IFERROR(VLOOKUP(C2728,参数!$B:$H,4,0),\"\")","v":""},{"$f":"IFERROR(VLOOKUP(C2728,参数!B:H,3,FALSE),\"\")","v":""},"",1]
[2728,{"$nulls":6},{"$f":"IFERROR(VLOOKUP(C2729,参数!$B:$H,2,0),\"\")","v":""},{"$f":"IFERROR(VLOOKUP(C2729,参数!$B:$H,4,0),\"\")","v":""},{"$f":"IFERROR(VLOOKUP(C2729,参数!B:H,3,FALSE),\"\")","v":""},"",1]
[2729,{"$nulls":6},{"$f":"IFERROR(VLOOKUP(C2730,参数!$B:$H,2,0),\"\")","v":""},{"$f":"IFERROR(VLOOKUP(C2730,参数!$B:$H,4,0),\"\")","v":""},{"$f":"IFERROR(VLOOKUP(C2730,参数!B:H,3,FALSE),\"\")","v":""},"",1]
[2730,{"$nulls":6},{"$f":"IFERROR(VLOOKUP(C2731,参数!$B:$H,2,0),\"\")","v":""},{"$f":"IFERROR(VLOOKUP(C2731,参数!$B:$H,4,0),\"\")","v":""},{"$f":"IFERROR(VLOOKUP(C2731,参数!B:H,3,FALSE),\"\")","v":""},"",1]
[2731,{"$nulls":6},{"$f":"IFERROR(VLOOKUP(C2732,参数!$B:$H,2,0),\"\")","v":""},{"$f":"IFERROR(VLOOKUP(C2732,参数!$B:$H,4,0),\"\")","v":""},{"$f":"IFERROR(VLOOKUP(C2732,参数!B:H,3,FALSE),\"\")","v":""},"",1]
[2732,{"$nulls":6},{"$f":"IFERROR(VLOOKUP(C2733,参数!$B:$H,2,0),\"\")","v":""},{"$f":"IFERROR(VLOOKUP(C2733,参数!$B:$H,4,0),\"\")","v":""},{"$f":"IFERROR(VLOOKUP(C2733,参数!B:H,3,FALSE),\"\")","v":""},"",1]
[2733,{"$nulls":6},{"$f":"IFERROR(VLOOKUP(C2734,参数!$B:$H,2,0),\"\")","v":""},{"$f":"IFERROR(VLOOKUP(C2734,参数!$B:$H,4,0),\"\")","v":""},{"$f":"IFERROR(VLOOKUP(C2734,参数!B:H,3,FALSE),\"\")","v":""},"",1]
[2734,{"$nulls":6},{"$f":"IFERROR(VLOOKUP(C2735,参数!$B:$H,2,0),\"\")","v":""},{"$f":"IFERROR(VLOOKUP(C2735,参数!$B:$H,4,0),\"\")","v":""},{"$f":"IFERROR(VLOOKUP(C2735,参数!B:H,3,FALSE),\"\")","v":""},"",1]
[2735,{"$nulls":6},{"$f":"IFERROR(VLOOKUP(C2736,参数!$B:$H,2,0),\"\")","v":""},{"$f":"IFERROR(VLOOKUP(C2736,参数!$B:$H,4,0),\"\")","v":""},{"$f":"IFERROR(VLOOKUP(C2736,参数!B:H,3,FALSE),\"\")","v":""},"",1]
[2736,{"$nulls":6},{"$f":"IFERROR(VLOOKUP(C2737,参数!$B:$H,2,0),\"\")","v":""},{"$f":"IFERROR(VLOOKUP(C2737,参数!$B:$H,4,0),\"\")","v":""},{"$f":"IFERROR(VLOOKUP(C2737,参数!B:H,3,FALSE),\"\")","v":""},"",1]
[2737,{"$nulls":6},{"$f":"IFERROR(VLOOKUP(C2738,参数!$B:$H,2,0),\"\")","v":""},{"$f":"IFERROR(VLOOKUP(C2738,参数!$B:$H,4,0),\"\")","v":""},{"$f":"IFERROR(VLOOKUP(C2738,参数!B:H,3,FALSE),\"\")","v":""},"",1]
[2738,{"$nulls":6},{"$f":"IFERROR(VLOOKUP(C2739,参数!$B:$H,2,0),\"\")","v":""},{"$f":"IFERROR(VLOOKUP(C2739,参数!$B:$H,4,0),\"\")","v":""},{"$f":"IFERROR(VLOOKUP(C2739,参数!B:H,3,FALSE),\"\")","v":""},"",1]
[2739,{"$nulls":6},{"$f":"IFERROR(VLOOKUP(C2740,参数!$B:$H,2,0),\"\")","v":""},{"$f":"IFERROR(VLOOKUP(C2740,参数!$B:$H,4,0),\"\")","v":""},{"$f":"IFERROR(VLOOKUP(C2740,参数!B:H,3,FALSE),\"\")","v":""},"",1]
[2740,{"$nulls":6},{"$f":"IFERROR(VLOOKUP(C2741,参数!$B:$H,2,0),\"\")","v":""},{"$f":"IFERROR(VLOOKUP(C2741,参数!$B:$H,4,0),\"\")","v":""},{"$f":"IFERROR(VLOOKUP(C2741,参数!B:H,3,FALSE),\"\")","v":""},"",1]
[2741,{"$nulls":6},{"$f":"IFERROR(VLOOKUP(C2742,参数!$B:$H,2,0),\"\")","v":""},{"$f":"IFERROR(VLOOKUP(C2742,参数!$B:$H,4,0),\"\")","v":""},{"$f":"IFERROR(VLOOKUP(C2742,参数!B:H,3,FALSE),\"\")","v":""},"",1]
[2742,{"$nulls":6},{"$f":"IFERROR(VLOOKUP(C2743,参数!$B:$H,2,0),\"\")","v":""},{"$f":"IFERROR(VLOOKUP(C2743,参数!$B:$H,4,0),\"\")","v":""},{"$f":"IFERROR(VLOOKUP(C2743,参数!B:H,3,FALSE),\"\")","v":""},"",1]
[2743,{"$nulls":6},{"$f":"IFERROR(VLOOKUP(C2744,参数!$B:$H,2,0),\"\")","v":""},{"$f":"IFERROR(VLOOKUP(C2744,参数!$B:$H,4,0),\"\")","v":""},{"$f":"IFERROR(VLOOKUP(C2744,参数!B:H,3,FALSE),\"\")","v":""},"",1]
[2744,{"$nulls":6},{"$f":"IFERROR(VLOOKUP(C2745,参数!$B:$H,2,0),\"\")","v":""},{"$f":"IFERROR(VLOOKUP(C2745,参数!$B:$H,4,0),\"\")","v":""},{"$f":"IFERROR(VLOOKUP(C2745,参数!B:H,3,FALSE),\"\")","v":""},"",1]
[2745,{"$nulls":6},{"$f":"IFERROR(VLOOKUP(C2746,参数!$B:$H,2,0),\"\")","v":""},{"$f":"IFERROR(VLOOKUP(C2746,参数!$B:$H,4,0),\"\")","v":""},{"$f":"IFERROR(VLOOKUP(C2746,参数!B:H,3,FALSE),\"\")","v":""},"",1]
[2746,{"$nulls":6},{"$f":"IFERROR(VLOOKUP(C2747,参数!$B:$H,2,0),\"\")","v":""},{"$f":"IFERROR(VLOOKUP(C2747,参数!$B:$H,4,0),\"\")","v":""},{"$f":"IFERROR(VLOOKUP(C2747,参数!B:H,3,FALSE),\"\")","v":""},"",1]
[2747,{"$nulls":6},{"$f":"IFERROR(VLOOKUP(C2748,参数!$B:$H,2,0),\"\")","v":""},{"$f":"IFERROR(VLOOKUP(C2748,参数!$B:$H,4,0),\"\")","v":""},{"$f":"IFERROR(VLOOKUP(C2748,参数!B:H,3,FALSE),\"\")","v":""},"",1]
[2748,{"$nulls":6},{"$f":"IFERROR(VLOOKUP(C2749,参数!$B:$H,2,0),\"\")","v":""},{"$f":"IFERROR(VLOOKUP(C2749,参数!$B:$H,4,0),\"\")","v":""},{"$f":"IFERROR(VLOOKUP(C2749,参数!B:H,3,FALSE),\"\")","v":""},"",1]
[2749,{"$nulls":6},{"$f":"IFERROR(VLOOKUP(C2750,参数!$B:$H,2,0),\"\")","v":""},{"$f":"IFERROR(VLOOKUP(C2750,参数!$B:$H,4,0),\"\")","v":""},{"$f":"IFERROR(VLOOKUP(C2750,参数!B:H,3,FALSE),\"\")","v":""},"",1]
[2750,{"$nulls":6},{"$f":"IFERROR(VLOOKUP(C2751,参数!$B:$H,2,0),\"\")","v":""},{"$f":"IFERROR(VLOOKUP(C2751,参数!$B:$H,4,0),\"\")","v":""},{"$f":"IFERROR(VLOOKUP(C2751,参数!B:H,3,FALSE),\"\")","v":""},"",1]
[2751,{"$nulls":6},{"$f":"IFERROR(VLOOKUP(C2752,参数!$B:$H,2,0),\"\")","v":""},{"$f":"IFERROR(VLOOKUP(C2752,参数!$B:$H,4,0),\"\")","v":""},{"$f":"IFERROR(VLOOKUP(C2752,参数!B:H,3,FALSE),\"\")","v":""},"",1]
[2752,{"$nulls":6},{"$f":"IFERROR(VLOOKUP(C2753,参数!$B:$H,2,0),\"\")","v":""},{"$f":"IFERROR(VLOOKUP(C2753,参数!$B:$H,4,0),\"\")","v":""},{"$f":"IFERROR(VLOOKUP(C2753,参数!B:H,3,FALSE),\"\")","v":""},"",1]
[2753,{"$nulls":6},{"$f":"IFERROR(VLOOKUP(C2754,参数!$B:$H,2,0),\"\")","v":""},{"$f":"IFERROR(VLOOKUP(C2754,参数!$B:$H,4,0),\"\")","v":""},{"$f":"IFERROR(VLOOKUP(C2754,参数!B:H,3,FALSE),\"\")","v":""},"",{"$f":"VALUE(MONTH(B2754))","v":1}]
[2754,{"$nulls":6},{"$f":"IFERROR(VLOOKUP(C2755,参数!$B:$H,2,0),\"\")","v":""},{"$f":"IFERROR(VLOOKUP(C2755,参数!$B:$H,4,0),\"\")","v":""},{"$f":"IFERROR(VLOOKUP(C2755,参数!B:H,3,FALSE),\"\")","v":""},"",1]
[2755,{"$nulls":6},{"$f":"IFERROR(VLOOKUP(C2756,参数!$B:$H,2,0),\"\")","v":""},{"$f":"IFERROR(VLOOKUP(C2756,参数!$B:$H,4,0),\"\")","v":""},{"$f":"IFERROR(VLOOKUP(C2756,参数!B:H,3,FALSE),\"\")","v":""},"",1]
[2756,{"$nulls":6},{"$f":"IFERROR(VLOOKUP(C2757,参数!$B:$H,2,0),\"\")","v":""},{"$f":"IFERROR(VLOOKUP(C2757,参数!$B:$H,4,0),\"\")","v":""},{"$f":"IFERROR(VLOOKUP(C2757,参数!B:H,3,FALSE),\"\")","v":""},"",1]
[2757,{"$nulls":6},{"$f":"IFERROR(VLOOKUP(C2758,参数!$B:$H,2,0),\"\")","v":""},{"$f":"IFERROR(VLOOKUP(C2758,参数!$B:$H,4,0),\"\")","v":""},{"$f":"IFERROR(VLOOKUP(C2758,参数!B:H,3,FALSE),\"\")","v":""},"",1]
[2758,{"$nulls":6},{"$f":"IFERROR(VLOOKUP(C2759,参数!$B:$H,2,0),\"\")","v":""},{"$f":"IFERROR(VLOOKUP(C2759,参数!$B:$H,4,0),\"\")","v":""},{"$f":"IFERROR(VLOOKUP(C2759,参数!B:H,3,FALSE),\"\")","v":""},"",1]
[2759,{"$nulls":6},{"$f":"IFERROR(VLOOKUP(C2760,参数!$B:$H,2,0),\"\")","v":""},{"$f":"IFERROR(VLOOKUP(C2760,参数!$B:$H,4,0),\"\")","v":""},{"$f":"IFERROR(VLOOKUP(C2760,参数!B:H,3,FALSE),\"\")","v":""},"",1]
[2760,{"$nulls":6},{"$f":"IFERROR(VLOOKUP(C2761,参数!$B:$H,2,0),\"\")","v":""},{"$f":"IFERROR(VLOOKUP(C2761,参数!$B:$H,4,0),\"\")","v":""},{"$f":"IFERROR(VLOOKUP(C2761,参数!B:H,3,FALSE),\"\")","v":""},"",1]
[2761,{"$nulls":6},{"$f":"IFERROR(VLOOKUP(C2762,参数!$B:$H,2,0),\"\")","v":""},{"$f":"IFERROR(VLOOKUP(C2762,参数!$B:$H,4,0),\"\")","v":""},{"$f":"IFERROR(VLOOKUP(C2762,参数!B:H,3,FALSE),\"\")","v":""},"",1]
[2762,{"$nulls":6},{"$f":"IFERROR(VLOOKUP(C2763,参数!$B:$H,2,0),\"\")","v":""},{"$f":"IFERROR(VLOOKUP(C2763,参数!$B:$H,4,0),\"\")","v":""},{"$f":"IFERROR(VLOOKUP(C2763,参数!B:H,3,FALSE),\"\")","v":""},"",1]
[2763,{"$nulls":6},{"$f":"IFERROR(VLOOKUP(C2764,参数!$B:$H,2,0),\"\")","v":""},{"$f":"IFERROR(VLOOKUP(C2764,参数!$B:$H,4,0),\"\")","v":""},{"$f":"IFERROR(VLOOKUP(C2764,参数!B:H,3,FALSE),\"\")","v":""},"",1]
[2764,{"$nulls":6},{"$f":"IFERROR(VLOOKUP(C2765,参数!$B:$H,2,0),\"\")","v":""},{"$f":"IFERROR(VLOOKUP(C2765,参数!$B:$H,4,0),\"\")","v":""},{"$f":"IFERROR(VLOOKUP(C2765,参数!B:H,3,FALSE),\"\")","v":""},"",1]
[2765,{"$nulls":6},{"$f":"IFERROR(VLOOKUP(C2766,参数!$B:$H,2,0),\"\")","v":""},{"$f":"IFERROR(VLOOKUP(C2766,参数!$B:$H,4,0),\"\")","v":""},{"$f":"IFERROR(VLOOKUP(C2766,参数!B:H,3,FALSE),\"\")","v":""},"",1]
[2766,{"$nulls":6},{"$f":"IFERROR(VLOOKUP(C2767,参数!$B:$H,2,0),\"\")","v":""},{"$f":"IFERROR(VLOOKUP(C2767,参数!$B:$H,4,0),\"\")","v":""},{"$f":"IFERROR(VLOOKUP(C2767,参数!B:H,3,FALSE),\"\")","v":""},"",1]
[2767,{"$nulls":6},{"$f":"IFERROR(VLOOKUP(C2768,参数!$B:$H,2,0),\"\")","v":""},{"$f":"IFERROR(VLOOKUP(C2768,参数!$B:$H,4,0),\"\")","v":""},{"$f":"IFERROR(VLOOKUP(C2768,参数!B:H,3,FALSE),\"\")","v":""},"",1]
[2768,{"$nulls":6},{"$f":"IFERROR(VLOOKUP(C2769,参数!$B:$H,2,0),\"\")","v":""},{"$f":"IFERROR(VLOOKUP(C2769,参数!$B:$H,4,0),\"\")","v":""},{"$f":"IFERROR(VLOOKUP(C2769,参数!B:H,3,FALSE),\"\")","v":""},"",1]
[2769,{"$nulls":6},{"$f":"IFERROR(VLOOKUP(C2770,参数!$B:$H,2,0),\"\")","v":""},{"$f":"IFERROR(VLOOKUP(C2770,参数!$B:$H,4,0),\"\")","v":""},{"$f":"IFERROR(VLOOKUP(C2770,参数!B:H,3,FALSE),\"\")","v":""},"",1]
[2770,{"$nulls":6},{"$f":"IFERROR(VLOOKUP(C2771,参数!$B:$H,2,0),\"\")","v":""},{"$f":"IFERROR(VLOOKUP(C2771,参数!$B:$H,4,0),\"\")","v":""},{"$f":"IFERROR(VLOOKUP(C2771,参数!B:H,3,FALSE),\"\")","v":""},"",1]
[2771,{"$nulls":6},{"$f":"IFERROR(VLOOKUP(C2772,参数!$B:$H,2,0),\"\")","v":""},{"$f":"IFERROR(VLOOKUP(C2772,参数!$B:$H,4,0),\"\")","v":""},{"$f":"IFERROR(VLOOKUP(C2772,参数!B:H,3,FALSE),\"\")","v":""},"",1]
[2772,{"$nulls":6},{"$f":"IFERROR(VLOOKUP(C2773,参数!$B:$H,2,0),\"\")","v":""},{"$f":"IFERROR(VLOOKUP(C2773,参数!$B:$H,4,0),\"\")","v":""},{"$f":"IFERROR(VLOOKUP(C2773,参数!B:H,3,FALSE),\"\")","v":""},"",1]
[2773,{"$nulls":6},{"$f":"IFERROR(VLOOKUP(C2774,参数!$B:$H,2,0),\"\")","v":""},{"$f":"IFERROR(VLOOKUP(C2774,参数!$B:$H,4,0),\"\")","v":""},{"$f":"IFERROR(VLOOKUP(C2774,参数!B:H,3,FALSE),\"\")","v":""},"",1]
[2774,{"$nulls":6},{"$f":"IFERROR(VLOOKUP(C2775,参数!$B:$H,2,0),\"\")","v":""},{"$f":"IFERROR(VLOOKUP(C2775,参数!$B:$H,4,0),\"\")","v":""},{"$f":"IFERROR(VLOOKUP(C2775,参数!B:H,3,FALSE),\"\")","v":""},"",1]
[2775,{"$nulls":6},{"$f":"IFERROR(VLOOKUP(C2776,参数!$B:$H,2,0),\"\")","v":""},{"$f":"IFERROR(VLOOKUP(C2776,参数!$B:$H,4,0),\"\")","v":""},{"$f":"IFERROR(VLOOKUP(C2776,参数!B:H,3,FALSE),\"\")","v":""},"",1]
[2776,{"$nulls":6},{"$f":"IFERROR(VLOOKUP(C2777,参数!$B:$H,2,0),\"\")","v":""},{"$f":"IFERROR(VLOOKUP(C2777,参数!$B:$H,4,0),\"\")","v":""},{"$f":"IFERROR(VLOOKUP(C2777,参数!B:H,3,FALSE),\"\")","v":""},"",1]
[2777,{"$nulls":6},{"$f":"IFERROR(VLOOKUP(C2778,参数!$B:$H,2,0),\"\")","v":""},{"$f":"IFERROR(VLOOKUP(C2778,参数!$B:$H,4,0),\"\")","v":""},{"$f":"IFERROR(VLOOKUP(C2778,参数!B:H,3,FALSE),\"\")","v":""},"",1]
[2778,{"$nulls":6},{"$f":"IFERROR(VLOOKUP(C2779,参数!$B:$H,2,0),\"\")","v":""},{"$f":"IFERROR(VLOOKUP(C2779,参数!$B:$H,4,0),\"\")","v":""},{"$f":"IFERROR(VLOOKUP(C2779,参数!B:H,3,FALSE),\"\")","v":""},"",1]
[2779,{"$nulls":6},{"$f":"IFERROR(VLOOKUP(C2780,参数!$B:$H,2,0),\"\")","v":""},{"$f":"IFERROR(VLOOKUP(C2780,参数!$B:$H,4,0),\"\")","v":""},{"$f":"IFERROR(VLOOKUP(C2780,参数!B:H,3,FALSE),\"\")","v":""},"",1]
[2780,{"$nulls":6},{"$f":"IFERROR(VLOOKUP(C2781,参数!$B:$H,2,0),\"\")","v":""},{"$f":"IFERROR(VLOOKUP(C2781,参数!$B:$H,4,0),\"\")","v":""},{"$f":"IFERROR(VLOOKUP(C2781,参数!B:H,3,FALSE),\"\")","v":""},"",1]
[2781,{"$nulls":6},{"$f":"IFERROR(VLOOKUP(C2782,参数!$B:$H,2,0),\"\")","v":""},{"$f":"IFERROR(VLOOKUP(C2782,参数!$B:$H,4,0),\"\")","v":""},{"$f":"IFERROR(VLOOKUP(C2782,参数!B:H,3,FALSE),\"\")","v":""},"",1]
[2782,{"$nulls":6},{"$f":"IFERROR(VLOOKUP(C2783,参数!$B:$H,2,0),\"\")","v":""},{"$f":"IFERROR(VLOOKUP(C2783,参数!$B:$H,4,0),\"\")","v":""},{"$f":"IFERROR(VLOOKUP(C2783,参数!B:H,3,FALSE),\"\")","v":""},"",1]
[2783,{"$nulls":6},{"$f":"IFERROR(VLOOKUP(C2784,参数!$B:$H,2,0),\"\")","v":""},{"$f":"IFERROR(VLOOKUP(C2784,参数!$B:$H,4,0),\"\")","v":""},{"$f":"IFERROR(VLOOKUP(C2784,参数!B:H,3,FALSE),\"\")","v":""},"",1]
[2784,{"$nulls":6},{"$f":"IFERROR(VLOOKUP(C2785,参数!$B:$H,2,0),\"\")","v":""},{"$f":"IFERROR(VLOOKUP(C2785,参数!$B:$H,4,0),\"\")","v":""},{"$f":"IFERROR(VLOOKUP(C2785,参数!B:H,3,FALSE),\"\")","v":""},"",1]
[2785,{"$nulls":6},{"$f":"IFERROR(VLOOKUP(C2786,参数!$B:$H,2,0),\"\")","v":""},{"$f":"IFERROR(VLOOKUP(C2786,参数!$B:$H,4,0),\"\")","v":""},{"$f":"IFERROR(VLOOKUP(C2786,参数!B:H,3,FALSE),\"\")","v":""},"",1]
[2786,{"$nulls":6},{"$f":"IFERROR(VLOOKUP(C2787,参数!$B:$H,2,0),\"\")","v":""},{"$f":"IFERROR(VLOOKUP(C2787,参数!$B:$H,4,0),\"\")","v":""},{"$f":"IFERROR(VLOOKUP(C2787,参数!B:H,3,FALSE),\"\")","v":""},"",1]
[2787,{"$nulls":6},{"$f":"IFERROR(VLOOKUP(C2788,参数!$B:$H,2,0),\"\")","v":""},{"$f":"IFERROR(VLOOKUP(C2788,参数!$B:$H,4,0),\"\")","v":""},{"$f":"IFERROR(VLOOKUP(C2788,参数!B:H,3,FALSE),\"\")","v":""},"",1]
[2788,{"$nulls":6},{"$f":"IFERROR(VLOOKUP(C2789,参数!$B:$H,2,0),\"\")","v":""},{"$f":"IFERROR(VLOOKUP(C2789,参数!$B:$H,4,0),\"\")","v":""},{"$f":"IFERROR(VLOOKUP(C2789,参数!B:H,3,FALSE),\"\")","v":""},{"$f":"IFERROR(J2789*E2789,\"\")","v":""},1]
[2789,{"$nulls":6},{"$f":"IFERROR(VLOOKUP(C2790,参数!$B:$H,2,0),\"\")","v":""},{"$f":"IFERROR(VLOOKUP(C2790,参数!$B:$H,4,0),\"\")","v":""},{"$f":"IFERROR(VLOOKUP(C2790,参数!B:H,3,FALSE),\"\")","v":""},"",1]
[2790,{"$nulls":6},{"$f":"IFERROR(VLOOKUP(C2791,参数!$B:$H,2,0),\"\")","v":""},{"$f":"IFERROR(VLOOKUP(C2791,参数!$B:$H,4,0),\"\")","v":""},{"$f":"IFERROR(VLOOKUP(C2791,参数!B:H,3,FALSE),\"\")","v":""},"",1]
[2791,{"$nulls":6},{"$f":"IFERROR(VLOOKUP(C2792,参数!$B:$H,2,0),\"\")","v":""},{"$f":"IFERROR(VLOOKUP(C2792,参数!$B:$H,4,0),\"\")","v":""},{"$f":"IFERROR(VLOOKUP(C2792,参数!B:H,3,FALSE),\"\")","v":""},"",1]
[2792,{"$nulls":6},{"$f":"IFERROR(VLOOKUP(C2793,参数!$B:$H,2,0),\"\")","v":""},{"$f":"IFERROR(VLOOKUP(C2793,参数!$B:$H,4,0),\"\")","v":""},{"$f":"IFERROR(VLOOKUP(C2793,参数!B:H,3,FALSE),\"\")","v":""},"",1]
[2793,{"$nulls":6},{"$f":"IFERROR(VLOOKUP(C2794,参数!$B:$H,2,0),\"\")","v":""},{"$f":"IFERROR(VLOOKUP(C2794,参数!$B:$H,4,0),\"\")","v":""},{"$f":"IFERROR(VLOOKUP(C2794,参数!B:H,3,FALSE),\"\")","v":""},"",1]
[2794,{"$nulls":6},{"$f":"IFERROR(VLOOKUP(C2795,参数!$B:$H,2,0),\"\")","v":""},{"$f":"IFERROR(VLOOKUP(C2795,参数!$B:$H,4,0),\"\")","v":""},{"$f":"IFERROR(VLOOKUP(C2795,参数!B:H,3,FALSE),\"\")","v":""},"",1]
[2795,{"$nulls":6},{"$f":"IFERROR(VLOOKUP(C2796,参数!$B:$H,2,0),\"\")","v":""},{"$f":"IFERROR(VLOOKUP(C2796,参数!$B:$H,4,0),\"\")","v":""},{"$f":"IFERROR(VLOOKUP(C2796,参数!B:H,3,FALSE),\"\")","v":""},"",1]
[2796,{"$nulls":6},{"$f":"IFERROR(VLOOKUP(C2797,参数!$B:$H,2,0),\"\")","v":""},{"$f":"IFERROR(VLOOKUP(C2797,参数!$B:$H,4,0),\"\")","v":""},{"$f":"IFERROR(VLOOKUP(C2797,参数!B:H,3,FALSE),\"\")","v":""},"",1]
[2797,{"$nulls":6},{"$f":"IFERROR(VLOOKUP(C2798,参数!$B:$H,2,0),\"\")","v":""},{"$f":"IFERROR(VLOOKUP(C2798,参数!$B:$H,4,0),\"\")","v":""},{"$f":"IFERROR(VLOOKUP(C2798,参数!B:H,3,FALSE),\"\")","v":""},"",1]
[2798,{"$nulls":6},{"$f":"IFERROR(VLOOKUP(C2799,参数!$B:$H,2,0),\"\")","v":""},{"$f":"IFERROR(VLOOKUP(C2799,参数!$B:$H,4,0),\"\")","v":""},{"$f":"IFERROR(VLOOKUP(C2799,参数!B:H,3,FALSE),\"\")","v":""},"",1]
[2799,{"$nulls":6},{"$f":"IFERROR(VLOOKUP(C2800,参数!$B:$H,2,0),\"\")","v":""},{"$f":"IFERROR(VLOOKUP(C2800,参数!$B:$H,4,0),\"\")","v":""},{"$f":"IFERROR(VLOOKUP(C2800,参数!B:H,3,FALSE),\"\")","v":""},"",1]
[2800,{"$nulls":6},{"$f":"IFERROR(VLOOKUP(C2801,参数!$B:$H,2,0),\"\")","v":""},{"$f":"IFERROR(VLOOKUP(C2801,参数!$B:$H,4,0),\"\")","v":""},{"$f":"IFERROR(VLOOKUP(C2801,参数!B:H,3,FALSE),\"\")","v":""},"",1]
[2801,{"$nulls":6},{"$f":"IFERROR(VLOOKUP(C2802,参数!$B:$H,2,0),\"\")","v":""},{"$f":"IFERROR(VLOOKUP(C2802,参数!$B:$H,4,0),\"\")","v":""},{"$f":"IFERROR(VLOOKUP(C2802,参数!B:H,3,FALSE),\"\")","v":""},"",1]
[2802,{"$nulls":6},{"$f":"IFERROR(VLOOKUP(C2803,参数!$B:$H,2,0),\"\")","v":""},{"$f":"IFERROR(VLOOKUP(C2803,参数!$B:$H,4,0),\"\")","v":""},{"$f":"IFERROR(VLOOKUP(C2803,参数!B:H,3,FALSE),\"\")","v":""},"",1]
[2803,{"$nulls":6},{"$f":"IFERROR(VLOOKUP(C2804,参数!$B:$H,2,0),\"\")","v":""},{"$f":"IFERROR(VLOOKUP(C2804,参数!$B:$H,4,0),\"\")","v":""},{"$f":"IFERROR(VLOOKUP(C2804,参数!B:H,3,FALSE),\"\")","v":""},"",1]
[2804,{"$nulls":6},{"$f":"IFERROR(VLOOKUP(C2805,参数!$B:$H,2,0),\"\")","v":""},{"$f":"IFERROR(VLOOKUP(C2805,参数!$B:$H,4,0),\"\")","v":""},{"$f":"IFERROR(VLOOKUP(C2805,参数!B:H,3,FALSE),\"\")","v":""},"",1]
[2805,{"$nulls":6},{"$f":"IFERROR(VLOOKUP(C2806,参数!$B:$H,2,0),\"\")","v":""},{"$f":"IFERROR(VLOOKUP(C2806,参数!$B:$H,4,0),\"\")","v":""},{"$f":"IFERROR(VLOOKUP(C2806,参数!B:H,3,FALSE),\"\")","v":""},"",1]
[2806,{"$nulls":6},{"$f":"IFERROR(VLOOKUP(C2807,参数!$B:$H,2,0),\"\")","v":""},{"$f":"IFERROR(VLOOKUP(C2807,参数!$B:$H,4,0),\"\")","v":""},{"$f":"IFERROR(VLOOKUP(C2807,参数!B:H,3,FALSE),\"\")","v":""},"",1]
[2807,{"$nulls":6},{"$f":"IFERROR(VLOOKUP(C2808,参数!$B:$H,2,0),\"\")","v":""},{"$f":"IFERROR(VLOOKUP(C2808,参数!$B:$H,4,0),\"\")","v":""},{"$f":"IFERROR(VLOOKUP(C2808,参数!B:H,3,FALSE),\"\")","v":""},"",1]
[2808,{"$nulls":6},{"$f":"IFERROR(VLOOKUP(C2809,参数!$B:$H,2,0),\"\")","v":""},{"$f":"IFERROR(VLOOKUP(C2809,参数!$B:$H,4,0),\"\")","v":""},{"$f":"IFERROR(VLOOKUP(C2809,参数!B:H,3,FALSE),\"\")","v":""},"",1]
[2809,{"$nulls":6},{"$f":"IFERROR(VLOOKUP(C2810,参数!$B:$H,2,0),\"\")","v":""},{"$f":"IFERROR(VLOOKUP(C2810,参数!$B:$H,4,0),\"\")","v":""},{"$f":"IFERROR(VLOOKUP(C2810,参数!B:H,3,FALSE),\"\")","v":""},"",1]
[2810,{"$nulls":6},{"$f":"IFERROR(VLOOKUP(C2811,参数!$B:$H,2,0),\"\")","v":""},{"$f":"IFERROR(VLOOKUP(C2811,参数!$B:$H,4,0),\"\")","v":""},{"$f":"IFERROR(VLOOKUP(C2811,参数!B:H,3,FALSE),\"\")","v":""},"",1]
[2811,{"$nulls":6},{"$f":"IFERROR(VLOOKUP(C2812,参数!$B:$H,2,0),\"\")","v":""},{"$f":"IFERROR(VLOOKUP(C2812,参数!$B:$H,4,0),\"\")","v":""},{"$f":"IFERROR(VLOOKUP(C2812,参数!B:H,3,FALSE),\"\")","v":""},"",1]
[2812,{"$nulls":6},{"$f":"IFERROR(VLOOKUP(C2813,参数!$B:$H,2,0),\"\")","v":""},{"$f":"IFERROR(VLOOKUP(C2813,参数!$B:$H,4,0),\"\")","v":""},{"$f":"IFERROR(VLOOKUP(C2813,参数!B:H,3,FALSE),\"\")","v":""},"",1]
[2813,{"$nulls":6},{"$f":"IFERROR(VLOOKUP(C2814,参数!$B:$H,2,0),\"\")","v":""},{"$f":"IFERROR(VLOOKUP(C2814,参数!$B:$H,4,0),\"\")","v":""},{"$f":"IFERROR(VLOOKUP(C2814,参数!B:H,3,FALSE),\"\")","v":""},"",1]
[2814,{"$nulls":6},{"$f":"IFERROR(VLOOKUP(C2815,参数!$B:$H,2,0),\"\")","v":""},{"$f":"IFERROR(VLOOKUP(C2815,参数!$B:$H,4,0),\"\")","v":""},{"$f":"IFERROR(VLOOKUP(C2815,参数!B:H,3,FALSE),\"\")","v":""},"",1]
[2815,{"$nulls":6},{"$f":"IFERROR(VLOOKUP(C2816,参数!$B:$H,2,0),\"\")","v":""},{"$f":"IFERROR(VLOOKUP(C2816,参数!$B:$H,4,0),\"\")","v":""},{"$f":"IFERROR(VLOOKUP(C2816,参数!B:H,3,FALSE),\"\")","v":""},"",1]
[2816,{"$nulls":6},{"$f":"IFERROR(VLOOKUP(C2817,参数!$B:$H,2,0),\"\")","v":""},{"$f":"IFERROR(VLOOKUP(C2817,参数!$B:$H,4,0),\"\")","v":""},{"$f":"IFERROR(VLOOKUP(C2817,参数!B:H,3,FALSE),\"\")","v":""},"",1]
[2817,{"$nulls":6},{"$f":"IFERROR(VLOOKUP(C2818,参数!$B:$H,2,0),\"\")","v":""},{"$f":"IFERROR(VLOOKUP(C2818,参数!$B:$H,4,0),\"\")","v":""},{"$f":"IFERROR(VLOOKUP(C2818,参数!B:H,3,FALSE),\"\")","v":""},"",{"$f":"VALUE(MONTH(B2818))","v":1}]
[2818,{"$nulls":6},{"$f":"IFERROR(VLOOKUP(C2819,参数!$B:$H,2,0),\"\")","v":""},{"$f":"IFERROR(VLOOKUP(C2819,参数!$B:$H,4,0),\"\")","v":""},{"$f":"IFERROR(VLOOKUP(C2819,参数!B:H,3,FALSE),\"\")","v":""},"",1]
[2819,{"$nulls":6},{"$f":"IFERROR(VLOOKUP(C2820,参数!$B:$H,2,0),\"\")","v":""},{"$f":"IFERROR(VLOOKUP(C2820,参数!$B:$H,4,0),\"\")","v":""},{"$f":"IFERROR(VLOOKUP(C2820,参数!B:H,3,FALSE),\"\")","v":""},"",1]
[2820,{"$nulls":6},{"$f":"IFERROR(VLOOKUP(C2821,参数!$B:$H,2,0),\"\")","v":""},{"$f":"IFERROR(VLOOKUP(C2821,参数!$B:$H,4,0),\"\")","v":""},{"$f":"IFERROR(VLOOKUP(C2821,参数!B:H,3,FALSE),\"\")","v":""},"",1]
[2821,{"$nulls":6},{"$f":"IFERROR(VLOOKUP(C2822,参数!$B:$H,2,0),\"\")","v":""},{"$f":"IFERROR(VLOOKUP(C2822,参数!$B:$H,4,0),\"\")","v":""},{"$f":"IFERROR(VLOOKUP(C2822,参数!B:H,3,FALSE),\"\")","v":""},"",1]
[2822,{"$nulls":6},{"$f":"IFERROR(VLOOKUP(C2823,参数!$B:$H,2,0),\"\")","v":""},{"$f":"IFERROR(VLOOKUP(C2823,参数!$B:$H,4,0),\"\")","v":""},{"$f":"IFERROR(VLOOKUP(C2823,参数!B:H,3,FALSE),\"\")","v":""},"",1]
[2823,{"$nulls":6},{"$f":"IFERROR(VLOOKUP(C2824,参数!$B:$H,2,0),\"\")","v":""},{"$f":"IFERROR(VLOOKUP(C2824,参数!$B:$H,4,0),\"\")","v":""},{"$f":"IFERROR(VLOOKUP(C2824,参数!B:H,3,FALSE),\"\")","v":""},"",1]
[2824,{"$nulls":6},{"$f":"IFERROR(VLOOKUP(C2825,参数!$B:$H,2,0),\"\")","v":""},{"$f":"IFERROR(VLOOKUP(C2825,参数!$B:$H,4,0),\"\")","v":""},{"$f":"IFERROR(VLOOKUP(C2825,参数!B:H,3,FALSE),\"\")","v":""},"",1]
[2825,{"$nulls":6},{"$f":"IFERROR(VLOOKUP(C2826,参数!$B:$H,2,0),\"\")","v":""},{"$f":"IFERROR(VLOOKUP(C2826,参数!$B:$H,4,0),\"\")","v":""},{"$f":"IFERROR(VLOOKUP(C2826,参数!B:H,3,FALSE),\"\")","v":""},"",1]
[2826,{"$nulls":6},{"$f":"IFERROR(VLOOKUP(C2827,参数!$B:$H,2,0),\"\")","v":""},{"$f":"IFERROR(VLOOKUP(C2827,参数!$B:$H,4,0),\"\")","v":""},{"$f":"IFERROR(VLOOKUP(C2827,参数!B:H,3,FALSE),\"\")","v":""},"",1]
[2827,{"$nulls":6},{"$f":"IFERROR(VLOOKUP(C2828,参数!$B:$H,2,0),\"\")","v":""},{"$f":"IFERROR(VLOOKUP(C2828,参数!$B:$H,4,0),\"\")","v":""},{"$f":"IFERROR(VLOOKUP(C2828,参数!B:H,3,FALSE),\"\")","v":""},"",1]
[2828,{"$nulls":6},{"$f":"IFERROR(VLOOKUP(C2829,参数!$B:$H,2,0),\"\")","v":""},{"$f":"IFERROR(VLOOKUP(C2829,参数!$B:$H,4,0),\"\")","v":""},{"$f":"IFERROR(VLOOKUP(C2829,参数!B:H,3,FALSE),\"\")","v":""},"",1]
[2829,{"$nulls":6},{"$f":"IFERROR(VLOOKUP(C2830,参数!$B:$H,2,0),\"\")","v":""},{"$f":"IFERROR(VLOOKUP(C2830,参数!$B:$H,4,0),\"\")","v":""},{"$f":"IFERROR(VLOOKUP(C2830,参数!B:H,3,FALSE),\"\")","v":""},"",1]
[2830,{"$nulls":6},{"$f":"IFERROR(VLOOKUP(C2831,参数!$B:$H,2,0),\"\")","v":""},{"$f":"IFERROR(VLOOKUP(C2831,参数!$B:$H,4,0),\"\")","v":""},{"$f":"IFERROR(VLOOKUP(C2831,参数!B:H,3,FALSE),\"\")","v":""},"",1]
[2831,{"$nulls":6},{"$f":"IFERROR(VLOOKUP(C2832,参数!$B:$H,2,0),\"\")","v":""},{"$f":"IFERROR(VLOOKUP(C2832,参数!$B:$H,4,0),\"\")","v":""},{"$f":"IFERROR(VLOOKUP(C2832,参数!B:H,3,FALSE),\"\")","v":""},"",1]
[2832,{"$nulls":6},{"$f":"IFERROR(VLOOKUP(C2833,参数!$B:$H,2,0),\"\")","v":""},{"$f":"IFERROR(VLOOKUP(C2833,参数!$B:$H,4,0),\"\")","v":""},{"$f":"IFERROR(VLOOKUP(C2833,参数!B:H,3,FALSE),\"\")","v":""},"",1]
[2833,{"$nulls":6},{"$f":"IFERROR(VLOOKUP(C2834,参数!$B:$H,2,0),\"\")","v":""},{"$f":"IFERROR(VLOOKUP(C2834,参数!$B:$H,4,0),\"\")","v":""},{"$f":"IFERROR(VLOOKUP(C2834,参数!B:H,3,FALSE),\"\")","v":""},"",1]
[2834,{"$nulls":6},{"$f":"IFERROR(VLOOKUP(C2835,参数!$B:$H,2,0),\"\")","v":""},{"$f":"IFERROR(VLOOKUP(C2835,参数!$B:$H,4,0),\"\")","v":""},{"$f":"IFERROR(VLOOKUP(C2835,参数!B:H,3,FALSE),\"\")","v":""},"",1]
[2835,{"$nulls":6},{"$f":"IFERROR(VLOOKUP(C2836,参数!$B:$H,2,0),\"\")","v":""},{"$f":"IFERROR(VLOOKUP(C2836,参数!$B:$H,4,0),\"\")","v":""},{"$f":"IFERROR(VLOOKUP(C2836,参数!B:H,3,FALSE),\"\")","v":""},"",1]
[2836,{"$nulls":6},{"$f":"IFERROR(VLOOKUP(C2837,参数!$B:$H,2,0),\"\")","v":""},{"$f":"IFERROR(VLOOKUP(C2837,参数!$B:$H,4,0),\"\")","v":""},{"$f":"IFERROR(VLOOKUP(C2837,参数!B:H,3,FALSE),\"\")","v":""},"",1]
[2837,{"$nulls":6},{"$f":"IFERROR(VLOOKUP(C2838,参数!$B:$H,2,0),\"\")","v":""},{"$f":"IFERROR(VLOOKUP(C2838,参数!$B:$H,4,0),\"\")","v":""},{"$f":"IFERROR(VLOOKUP(C2838,参数!B:H,3,FALSE),\"\")","v":""},"",1]
[2838,{"$nulls":6},{"$f":"IFERROR(VLOOKUP(C2839,参数!$B:$H,2,0),\"\")","v":""},{"$f":"IFERROR(VLOOKUP(C2839,参数!$B:$H,4,0),\"\")","v":""},{"$f":"IFERROR(VLOOKUP(C2839,参数!B:H,3,FALSE),\"\")","v":""},"",1]
[2839,{"$nulls":6},{"$f":"IFERROR(VLOOKUP(C2840,参数!$B:$H,2,0),\"\")","v":""},{"$f":"IFERROR(VLOOKUP(C2840,参数!$B:$H,4,0),\"\")","v":""},{"$f":"IFERROR(VLOOKUP(C2840,参数!B:H,3,FALSE),\"\")","v":""},"",1]
[2840,{"$nulls":6},{"$f":"IFERROR(VLOOKUP(C2841,参数!$B:$H,2,0),\"\")","v":""},{"$f":"IFERROR(VLOOKUP(C2841,参数!$B:$H,4,0),\"\")","v":""},{"$f":"IFERROR(VLOOKUP(C2841,参数!B:H,3,FALSE),\"\")","v":""},"",1]
[2841,{"$nulls":6},{"$f":"IFERROR(VLOOKUP(C2842,参数!$B:$H,2,0),\"\")","v":""},{"$f":"IFERROR(VLOOKUP(C2842,参数!$B:$H,4,0),\"\")","v":""},{"$f":"IFERROR(VLOOKUP(C2842,参数!B:H,3,FALSE),\"\")","v":""},"",1]
[2842,{"$nulls":6},{"$f":"IFERROR(VLOOKUP(C2843,参数!$B:$H,2,0),\"\")","v":""},{"$f":"IFERROR(VLOOKUP(C2843,参数!$B:$H,4,0),\"\")","v":""},{"$f":"IFERROR(VLOOKUP(C2843,参数!B:H,3,FALSE),\"\")","v":""},"",1]
[2843,{"$nulls":6},{"$f":"IFERROR(VLOOKUP(C2844,参数!$B:$H,2,0),\"\")","v":""},{"$f":"IFERROR(VLOOKUP(C2844,参数!$B:$H,4,0),\"\")","v":""},{"$f":"IFERROR(VLOOKUP(C2844,参数!B:H,3,FALSE),\"\")","v":""},"",1]
[2844,{"$nulls":6},{"$f":"IFERROR(VLOOKUP(C2845,参数!$B:$H,2,0),\"\")","v":""},{"$f":"IFERROR(VLOOKUP(C2845,参数!$B:$H,4,0),\"\")","v":""},{"$f":"IFERROR(VLOOKUP(C2845,参数!B:H,3,FALSE),\"\")","v":""},"",1]
[2845,{"$nulls":6},{"$f":"IFERROR(VLOOKUP(C2846,参数!$B:$H,2,0),\"\")","v":""},{"$f":"IFERROR(VLOOKUP(C2846,参数!$B:$H,4,0),\"\")","v":""},{"$f":"IFERROR(VLOOKUP(C2846,参数!B:H,3,FALSE),\"\")","v":""},"",1]
[2846,{"$nulls":6},{"$f":"IFERROR(VLOOKUP(C2847,参数!$B:$H,2,0),\"\")","v":""},{"$f":"IFERROR(VLOOKUP(C2847,参数!$B:$H,4,0),\"\")","v":""},{"$f":"IFERROR(VLOOKUP(C2847,参数!B:H,3,FALSE),\"\")","v":""},"",1]
[2847,{"$nulls":6},{"$f":"IFERROR(VLOOKUP(C2848,参数!$B:$H,2,0),\"\")","v":""},{"$f":"IFERROR(VLOOKUP(C2848,参数!$B:$H,4,0),\"\")","v":""},{"$f":"IFERROR(VLOOKUP(C2848,参数!B:H,3,FALSE),\"\")","v":""},"",1]
[2848,{"$nulls":6},{"$f":"IFERROR(VLOOKUP(C2849,参数!$B:$H,2,0),\"\")","v":""},{"$f":"IFERROR(VLOOKUP(C2849,参数!$B:$H,4,0),\"\")","v":""},{"$f":"IFERROR(VLOOKUP(C2849,参数!B:H,3,FALSE),\"\")","v":""},"",1]
[2849,{"$nulls":6},{"$f":"IFERROR(VLOOKUP(C2850,参数!$B:$H,2,0),\"\")","v":""},{"$f":"IFERROR(VLOOKUP(C2850,参数!$B:$H,4,0),\"\")","v":""},{"$f":"IFERROR(VLOOKUP(C2850,参数!B:H,3,FALSE),\"\")","v":""},"",1]
[2850,{"$nulls":6},{"$f":"IFERROR(VLOOKUP(C2851,参数!$B:$H,2,0),\"\")","v":""},{"$f":"IFERROR(VLOOKUP(C2851,参数!$B:$H,4,0),\"\")","v":""},{"$f":"IFERROR(VLOOKUP(C2851,参数!B:H,3,FALSE),\"\")","v":""},"",1]
[2851,{"$nulls":6},{"$f":"IFERROR(VLOOKUP(C2852,参数!$B:$H,2,0),\"\")","v":""},{"$f":"IFERROR(VLOOKUP(C2852,参数!$B:$H,4,0),\"\")","v":""},{"$f":"IFERROR(VLOOKUP(C2852,参数!B:H,3,FALSE),\"\")","v":""},"",1]
[2852,{"$nulls":6},{"$f":"IFERROR(VLOOKUP(C2853,参数!$B:$H,2,0),\"\")","v":""},{"$f":"IFERROR(VLOOKUP(C2853,参数!$B:$H,4,0),\"\")","v":""},{"$f":"IFERROR(VLOOKUP(C2853,参数!B:H,3,FALSE),\"\")","v":""},{"$f":"IFERROR(J2853*E2853,\"\")","v":""},1]
[2853,{"$nulls":6},{"$f":"IFERROR(VLOOKUP(C2854,参数!$B:$H,2,0),\"\")","v":""},{"$f":"IFERROR(VLOOKUP(C2854,参数!$B:$H,4,0),\"\")","v":""},{"$f":"IFERROR(VLOOKUP(C2854,参数!B:H,3,FALSE),\"\")","v":""},"",1]
[2854,{"$nulls":6},{"$f":"IFERROR(VLOOKUP(C2855,参数!$B:$H,2,0),\"\")","v":""},{"$f":"IFERROR(VLOOKUP(C2855,参数!$B:$H,4,0),\"\")","v":""},{"$f":"IFERROR(VLOOKUP(C2855,参数!B:H,3,FALSE),\"\")","v":""},"",1]
[2855,{"$nulls":6},{"$f":"IFERROR(VLOOKUP(C2856,参数!$B:$H,2,0),\"\")","v":""},{"$f":"IFERROR(VLOOKUP(C2856,参数!$B:$H,4,0),\"\")","v":""},{"$f":"IFERROR(VLOOKUP(C2856,参数!B:H,3,FALSE),\"\")","v":""},"",1]
[2856,{"$nulls":6},{"$f":"IFERROR(VLOOKUP(C2857,参数!$B:$H,2,0),\"\")","v":""},{"$f":"IFERROR(VLOOKUP(C2857,参数!$B:$H,4,0),\"\")","v":""},{"$f":"IFERROR(VLOOKUP(C2857,参数!B:H,3,FALSE),\"\")","v":""},"",1]
[2857,{"$nulls":6},{"$f":"IFERROR(VLOOKUP(C2858,参数!$B:$H,2,0),\"\")","v":""},{"$f":"IFERROR(VLOOKUP(C2858,参数!$B:$H,4,0),\"\")","v":""},{"$f":"IFERROR(VLOOKUP(C2858,参数!B:H,3,FALSE),\"\")","v":""},"",1]
[2858,{"$nulls":6},{"$f":"IFERROR(VLOOKUP(C2859,参数!$B:$H,2,0),\"\")","v":""},{"$f":"IFERROR(VLOOKUP(C2859,参数!$B:$H,4,0),\"\")","v":""},{"$f":"IFERROR(VLOOKUP(C2859,参数!B:H,3,FALSE),\"\")","v":""},"",1]
[2859,{"$nulls":6},{"$f":"IFERROR(VLOOKUP(C2860,参数!$B:$H,2,0),\"\")","v":""},{"$f":"IFERROR(VLOOKUP(C2860,参数!$B:$H,4,0),\"\")","v":""},{"$f":"IFERROR(VLOOKUP(C2860,参数!B:H,3,FALSE),\"\")","v":""},"",1]
[2860,{"$nulls":6},{"$f":"IFERROR(VLOOKUP(C2861,参数!$B:$H,2,0),\"\")","v":""},{"$f":"IFERROR(VLOOKUP(C2861,参数!$B:$H,4,0),\"\")","v":""},{"$f":"IFERROR(VLOOKUP(C2861,参数!B:H,3,FALSE),\"\")","v":""},"",1]
[2861,{"$nulls":6},{"$f":"IFERROR(VLOOKUP(C2862,参数!$B:$H,2,0),\"\")","v":""},{"$f":"IFERROR(VLOOKUP(C2862,参数!$B:$H,4,0),\"\")","v":""},{"$f":"IFERROR(VLOOKUP(C2862,参数!B:H,3,FALSE),\"\")","v":""},"",1]
[2862,{"$nulls":6},{"$f":"IFERROR(VLOOKUP(C2863,参数!$B:$H,2,0),\"\")","v":""},{"$f":"IFERROR(VLOOKUP(C2863,参数!$B:$H,4,0),\"\")","v":""},{"$f":"IFERROR(VLOOKUP(C2863,参数!B:H,3,FALSE),\"\")","v":""},"",1]
[2863,{"$nulls":6},{"$f":"IFERROR(VLOOKUP(C2864,参数!$B:$H,2,0),\"\")","v":""},{"$f":"IFERROR(VLOOKUP(C2864,参数!$B:$H,4,0),\"\")","v":""},{"$f":"IFERROR(VLOOKUP(C2864,参数!B:H,3,FALSE),\"\")","v":""},"",1]
[2864,{"$nulls":6},{"$f":"IFERROR(VLOOKUP(C2865,参数!$B:$H,2,0),\"\")","v":""},{"$f":"IFERROR(VLOOKUP(C2865,参数!$B:$H,4,0),\"\")","v":""},{"$f":"IFERROR(VLOOKUP(C2865,参数!B:H,3,FALSE),\"\")","v":""},"",1]
[2865,{"$nulls":6},{"$f":"IFERROR(VLOOKUP(C2866,参数!$B:$H,2,0),\"\")","v":""},{"$f":"IFERROR(VLOOKUP(C2866,参数!$B:$H,4,0),\"\")","v":""},{"$f":"IFERROR(VLOOKUP(C2866,参数!B:H,3,FALSE),\"\")","v":""},"",1]
[2866,{"$nulls":6},{"$f":"IFERROR(VLOOKUP(C2867,参数!$B:$H,2,0),\"\")","v":""},{"$f":"IFERROR(VLOOKUP(C2867,参数!$B:$H,4,0),\"\")","v":""},{"$f":"IFERROR(VLOOKUP(C2867,参数!B:H,3,FALSE),\"\")","v":""},"",1]
[2867,{"$nulls":6},{"$f":"IFERROR(VLOOKUP(C2868,参数!$B:$H,2,0),\"\")","v":""},{"$f":"IFERROR(VLOOKUP(C2868,参数!$B:$H,4,0),\"\")","v":""},{"$f":"IFERROR(VLOOKUP(C2868,参数!B:H,3,FALSE),\"\")","v":""},"",1]
[2868,{"$nulls":6},{"$f":"IFERROR(VLOOKUP(C2869,参数!$B:$H,2,0),\"\")","v":""},{"$f":"IFERROR(VLOOKUP(C2869,参数!$B:$H,4,0),\"\")","v":""},{"$f":"IFERROR(VLOOKUP(C2869,参数!B:H,3,FALSE),\"\")","v":""},"",1]
[2869,{"$nulls":6},{"$f":"IFERROR(VLOOKUP(C2870,参数!$B:$H,2,0),\"\")","v":""},{"$f":"IFERROR(VLOOKUP(C2870,参数!$B:$H,4,0),\"\")","v":""},{"$f":"IFERROR(VLOOKUP(C2870,参数!B:H,3,FALSE),\"\")","v":""},"",1]
[2870,{"$nulls":6},{"$f":"IFERROR(VLOOKUP(C2871,参数!$B:$H,2,0),\"\")","v":""},{"$f":"IFERROR(VLOOKUP(C2871,参数!$B:$H,4,0),\"\")","v":""},{"$f":"IFERROR(VLOOKUP(C2871,参数!B:H,3,FALSE),\"\")","v":""},"",1]
[2871,{"$nulls":6},{"$f":"IFERROR(VLOOKUP(C2872,参数!$B:$H,2,0),\"\")","v":""},{"$f":"IFERROR(VLOOKUP(C2872,参数!$B:$H,4,0),\"\")","v":""},{"$f":"IFERROR(VLOOKUP(C2872,参数!B:H,3,FALSE),\"\")","v":""},"",1]
[2872,{"$nulls":6},{"$f":"IFERROR(VLOOKUP(C2873,参数!$B:$H,2,0),\"\")","v":""},{"$f":"IFERROR(VLOOKUP(C2873,参数!$B:$H,4,0),\"\")","v":""},{"$f":"IFERROR(VLOOKUP(C2873,参数!B:H,3,FALSE),\"\")","v":""},"",1]
[2873,{"$nulls":6},{"$f":"IFERROR(VLOOKUP(C2874,参数!$B:$H,2,0),\"\")","v":""},{"$f":"IFERROR(VLOOKUP(C2874,参数!$B:$H,4,0),\"\")","v":""},{"$f":"IFERROR(VLOOKUP(C2874,参数!B:H,3,FALSE),\"\")","v":""},"",1]
[2874,{"$nulls":6},{"$f":"IFERROR(VLOOKUP(C2875,参数!$B:$H,2,0),\"\")","v":""},{"$f":"IFERROR(VLOOKUP(C2875,参数!$B:$H,4,0),\"\")","v":""},{"$f":"IFERROR(VLOOKUP(C2875,参数!B:H,3,FALSE),\"\")","v":""},"",1]
[2875,{"$nulls":6},{"$f":"IFERROR(VLOOKUP(C2876,参数!$B:$H,2,0),\"\")","v":""},{"$f":"IFERROR(VLOOKUP(C2876,参数!$B:$H,4,0),\"\")","v":""},{"$f":"IFERROR(VLOOKUP(C2876,参数!B:H,3,FALSE),\"\")","v":""},"",1]
[2876,{"$nulls":6},{"$f":"IFERROR(VLOOKUP(C2877,参数!$B:$H,2,0),\"\")","v":""},{"$f":"IFERROR(VLOOKUP(C2877,参数!$B:$H,4,0),\"\")","v":""},{"$f":"IFERROR(VLOOKUP(C2877,参数!B:H,3,FALSE),\"\")","v":""},"",1]
[2877,{"$nulls":6},{"$f":"IFERROR(VLOOKUP(C2878,参数!$B:$H,2,0),\"\")","v":""},{"$f":"IFERROR(VLOOKUP(C2878,参数!$B:$H,4,0),\"\")","v":""},{"$f":"IFERROR(VLOOKUP(C2878,参数!B:H,3,FALSE),\"\")","v":""},"",1]
[2878,{"$nulls":6},{"$f":"IFERROR(VLOOKUP(C2879,参数!$B:$H,2,0),\"\")","v":""},{"$f":"IFERROR(VLOOKUP(C2879,参数!$B:$H,4,0),\"\")","v":""},{"$f":"IFERROR(VLOOKUP(C2879,参数!B:H,3,FALSE),\"\")","v":""},"",1]
[2879,{"$nulls":6},{"$f":"IFERROR(VLOOKUP(C2880,参数!$B:$H,2,0),\"\")","v":""},{"$f":"IFERROR(VLOOKUP(C2880,参数!$B:$H,4,0),\"\")","v":""},{"$f":"IFERROR(VLOOKUP(C2880,参数!B:H,3,FALSE),\"\")","v":""},"",1]
[2880,{"$nulls":6},{"$f":"IFERROR(VLOOKUP(C2881,参数!$B:$H,2,0),\"\")","v":""},{"$f":"IFERROR(VLOOKUP(C2881,参数!$B:$H,4,0),\"\")","v":""},{"$f":"IFERROR(VLOOKUP(C2881,参数!B:H,3,FALSE),\"\")","v":""},"",1]
[2881,{"$nulls":6},{"$f":"IFERROR(VLOOKUP(C2882,参数!$B:$H,2,0),\"\")","v":""},{"$f":"IFERROR(VLOOKUP(C2882,参数!$B:$H,4,0),\"\")","v":""},{"$f":"IFERROR(VLOOKUP(C2882,参数!B:H,3,FALSE),\"\")","v":""},"",{"$f":"VALUE(MONTH(B2882))","v":1}]
[2882,{"$nulls":6},{"$f":"IFERROR(VLOOKUP(C2883,参数!$B:$H,2,0),\"\")","v":""},{"$f":"IFERROR(VLOOKUP(C2883,参数!$B:$H,4,0),\"\")","v":""},{"$f":"IFERROR(VLOOKUP(C2883,参数!B:H,3,FALSE),\"\")","v":""},"",1]
[2883,{"$nulls":6},{"$f":"IFERROR(VLOOKUP(C2884,参数!$B:$H,2,0),\"\")","v":""},{"$f":"IFERROR(VLOOKUP(C2884,参数!$B:$H,4,0),\"\")","v":""},{"$f":"IFERROR(VLOOKUP(C2884,参数!B:H,3,FALSE),\"\")","v":""},"",1]
[2884,{"$nulls":6},{"$f":"IFERROR(VLOOKUP(C2885,参数!$B:$H,2,0),\"\")","v":""},{"$f":"IFERROR(VLOOKUP(C2885,参数!$B:$H,4,0),\"\")","v":""},{"$f":"IFERROR(VLOOKUP(C2885,参数!B:H,3,FALSE),\"\")","v":""},"",1]
[2885,{"$nulls":6},{"$f":"IFERROR(VLOOKUP(C2886,参数!$B:$H,2,0),\"\")","v":""},{"$f":"IFERROR(VLOOKUP(C2886,参数!$B:$H,4,0),\"\")","v":""},{"$f":"IFERROR(VLOOKUP(C2886,参数!B:H,3,FALSE),\"\")","v":""},"",1]
[2886,{"$nulls":6},{"$f":"IFERROR(VLOOKUP(C2887,参数!$B:$H,2,0),\"\")","v":""},{"$f":"IFERROR(VLOOKUP(C2887,参数!$B:$H,4,0),\"\")","v":""},{"$f":"IFERROR(VLOOKUP(C2887,参数!B:H,3,FALSE),\"\")","v":""},"",1]
[2887,{"$nulls":6},{"$f":"IFERROR(VLOOKUP(C2888,参数!$B:$H,2,0),\"\")","v":""},{"$f":"IFERROR(VLOOKUP(C2888,参数!$B:$H,4,0),\"\")","v":""},{"$f":"IFERROR(VLOOKUP(C2888,参数!B:H,3,FALSE),\"\")","v":""},"",1]
[2888,{"$nulls":6},{"$f":"IFERROR(VLOOKUP(C2889,参数!$B:$H,2,0),\"\")","v":""},{"$f":"IFERROR(VLOOKUP(C2889,参数!$B:$H,4,0),\"\")","v":""},{"$f":"IFERROR(VLOOKUP(C2889,参数!B:H,3,FALSE),\"\")","v":""},"",1]
[2889,{"$nulls":6},{"$f":"IFERROR(VLOOKUP(C2890,参数!$B:$H,2,0),\"\")","v":""},{"$f":"IFERROR(VLOOKUP(C2890,参数!$B:$H,4,0),\"\")","v":""},{"$f":"IFERROR(VLOOKUP(C2890,参数!B:H,3,FALSE),\"\")","v":""},"",1]
[2890,{"$nulls":6},{"$f":"IFERROR(VLOOKUP(C2891,参数!$B:$H,2,0),\"\")","v":""},{"$f":"IFERROR(VLOOKUP(C2891,参数!$B:$H,4,0),\"\")","v":""},{"$f":"IFERROR(VLOOKUP(C2891,参数!B:H,3,FALSE),\"\")","v":""},"",1]
[2891,{"$nulls":6},{"$f":"IFERROR(VLOOKUP(C2892,参数!$B:$H,2,0),\"\")","v":""},{"$f":"IFERROR(VLOOKUP(C2892,参数!$B:$H,4,0),\"\")","v":""},{"$f":"IFERROR(VLOOKUP(C2892,参数!B:H,3,FALSE),\"\")","v":""},"",1]
[2892,{"$nulls":6},{"$f":"IFERROR(VLOOKUP(C2893,参数!$B:$H,2,0),\"\")","v":""},{"$f":"IFERROR(VLOOKUP(C2893,参数!$B:$H,4,0),\"\")","v":""},{"$f":"IFERROR(VLOOKUP(C2893,参数!B:H,3,FALSE),\"\")","v":""},"",1]
[2893,{"$nulls":6},{"$f":"IFERROR(VLOOKUP(C2894,参数!$B:$H,2,0),\"\")","v":""},{"$f":"IFERROR(VLOOKUP(C2894,参数!$B:$H,4,0),\"\")","v":""},{"$f":"IFERROR(VLOOKUP(C2894,参数!B:H,3,FALSE),\"\")","v":""},"",1]
[2894,{"$nulls":6},{"$f":"IFERROR(VLOOKUP(C2895,参数!$B:$H,2,0),\"\")","v":""},{"$f":"IFERROR(VLOOKUP(C2895,参数!$B:$H,4,0),\"\")","v":""},{"$f":"IFERROR(VLOOKUP(C2895,参数!B:H,3,FALSE),\"\")","v":""},"",1]
[2895,{"$nulls":6},{"$f":"IFERROR(VLOOKUP(C2896,参数!$B:$H,2,0),\"\")","v":""},{"$f":"IFERROR(VLOOKUP(C2896,参数!$B:$H,4,0),\"\")","v":""},{"$f":"IFERROR(VLOOKUP(C2896,参数!B:H,3,FALSE),\"\")","v":""},"",1]
[2896,{"$nulls":6},{"$f":"IFERROR(VLOOKUP(C2897,参数!$B:$H,2,0),\"\")","v":""},{"$f":"IFERROR(VLOOKUP(C2897,参数!$B:$H,4,0),\"\")","v":""},{"$f":"IFERROR(VLOOKUP(C2897,参数!B:H,3,FALSE),\"\")","v":""},"",1]
[2897,{"$nulls":6},{"$f":"IFERROR(VLOOKUP(C2898,参数!$B:$H,2,0),\"\")","v":""},{"$f":"IFERROR(VLOOKUP(C2898,参数!$B:$H,4,0),\"\")","v":""},{"$f":"IFERROR(VLOOKUP(C2898,参数!B:H,3,FALSE),\"\")","v":""},"",1]
[2898,{"$nulls":6},{"$f":"IFERROR(VLOOKUP(C2899,参数!$B:$H,2,0),\"\")","v":""},{"$f":"IFERROR(VLOOKUP(C2899,参数!$B:$H,4,0),\"\")","v":""},{"$f":"IFERROR(VLOOKUP(C2899,参数!B:H,3,FALSE),\"\")","v":""},"",1]
[2899,{"$nulls":6},{"$f":"IFERROR(VLOOKUP(C2900,参数!$B:$H,2,0),\"\")","v":""},{"$f":"IFERROR(VLOOKUP(C2900,参数!$B:$H,4,0),\"\")","v":""},{"$f":"IFERROR(VLOOKUP(C2900,参数!B:H,3,FALSE),\"\")","v":""},"",1]
[2900,{"$nulls":6},{"$f":"IFERROR(VLOOKUP(C2901,参数!$B:$H,2,0),\"\")","v":""},{"$f":"IFERROR(VLOOKUP(C2901,参数!$B:$H,4,0),\"\")","v":""},{"$f":"IFERROR(VLOOKUP(C2901,参数!B:H,3,FALSE),\"\")","v":""},"",1]
[2901,{"$nulls":6},{"$f":"IFERROR(VLOOKUP(C2902,参数!$B:$H,2,0),\"\")","v":""},{"$f":"IFERROR(VLOOKUP(C2902,参数!$B:$H,4,0),\"\")","v":""},{"$f":"IFERROR(VLOOKUP(C2902,参数!B:H,3,FALSE),\"\")","v":""},"",1]
[2902,{"$nulls":6},{"$f":"IFERROR(VLOOKUP(C2903,参数!$B:$H,2,0),\"\")","v":""},{"$f":"IFERROR(VLOOKUP(C2903,参数!$B:$H,4,0),\"\")","v":""},{"$f":"IFERROR(VLOOKUP(C2903,参数!B:H,3,FALSE),\"\")","v":""},"",1]
[2903,{"$nulls":6},{"$f":"IFERROR(VLOOKUP(C2904,参数!$B:$H,2,0),\"\")","v":""},{"$f":"IFERROR(VLOOKUP(C2904,参数!$B:$H,4,0),\"\")","v":""},{"$f":"IFERROR(VLOOKUP(C2904,参数!B:H,3,FALSE),\"\")","v":""},"",1]
[2904,{"$nulls":6},{"$f":"IFERROR(VLOOKUP(C2905,参数!$B:$H,2,0),\"\")","v":""},{"$f":"IFERROR(VLOOKUP(C2905,参数!$B:$H,4,0),\"\")","v":""},{"$f":"IFERROR(VLOOKUP(C2905,参数!B:H,3,FALSE),\"\")","v":""},"",1]
[2905,{"$nulls":6},{"$f":"IFERROR(VLOOKUP(C2906,参数!$B:$H,2,0),\"\")","v":""},{"$f":"IFERROR(VLOOKUP(C2906,参数!$B:$H,4,0),\"\")","v":""},{"$f":"IFERROR(VLOOKUP(C2906,参数!B:H,3,FALSE),\"\")","v":""},"",1]
[2906,{"$nulls":6},{"$f":"IFERROR(VLOOKUP(C2907,参数!$B:$H,2,0),\"\")","v":""},{"$f":"IFERROR(VLOOKUP(C2907,参数!$B:$H,4,0),\"\")","v":""},{"$f":"IFERROR(VLOOKUP(C2907,参数!B:H,3,FALSE),\"\")","v":""},"",1]
[2907,{"$nulls":6},{"$f":"IFERROR(VLOOKUP(C2908,参数!$B:$H,2,0),\"\")","v":""},{"$f":"IFERROR(VLOOKUP(C2908,参数!$B:$H,4,0),\"\")","v":""},{"$f":"IFERROR(VLOOKUP(C2908,参数!B:H,3,FALSE),\"\")","v":""},"",1]
[2908,{"$nulls":6},{"$f":"IFERROR(VLOOKUP(C2909,参数!$B:$H,2,0),\"\")","v":""},{"$f":"IFERROR(VLOOKUP(C2909,参数!$B:$H,4,0),\"\")","v":""},{"$f":"IFERROR(VLOOKUP(C2909,参数!B:H,3,FALSE),\"\")","v":""},"",1]
[2909,{"$nulls":6},{"$f":"IFERROR(VLOOKUP(C2910,参数!$B:$H,2,0),\"\")","v":""},{"$f":"IFERROR(VLOOKUP(C2910,参数!$B:$H,4,0),\"\")","v":""},{"$f":"IFERROR(VLOOKUP(C2910,参数!B:H,3,FALSE),\"\")","v":""},"",1]
[2910,{"$nulls":6},{"$f":"IFERROR(VLOOKUP(C2911,参数!$B:$H,2,0),\"\")","v":""},{"$f":"IFERROR(VLOOKUP(C2911,参数!$B:$H,4,0),\"\")","v":""},{"$f":"IFERROR(VLOOKUP(C2911,参数!B:H,3,FALSE),\"\")","v":""},"",1]
[2911,{"$nulls":6},{"$f":"IFERROR(VLOOKUP(C2912,参数!$B:$H,2,0),\"\")","v":""},{"$f":"IFERROR(VLOOKUP(C2912,参数!$B:$H,4,0),\"\")","v":""},{"$f":"IFERROR(VLOOKUP(C2912,参数!B:H,3,FALSE),\"\")","v":""},"",1]
[2912,{"$nulls":6},{"$f":"IFERROR(VLOOKUP(C2913,参数!$B:$H,2,0),\"\")","v":""},{"$f":"IFERROR(VLOOKUP(C2913,参数!$B:$H,4,0),\"\")","v":""},{"$f":"IFERROR(VLOOKUP(C2913,参数!B:H,3,FALSE),\"\")","v":""},"",1]
[2913,{"$nulls":6},{"$f":"IFERROR(VLOOKUP(C2914,参数!$B:$H,2,0),\"\")","v":""},{"$f":"IFERROR(VLOOKUP(C2914,参数!$B:$H,4,0),\"\")","v":""},{"$f":"IFERROR(VLOOKUP(C2914,参数!B:H,3,FALSE),\"\")","v":""},"",1]
[2914,{"$nulls":6},{"$f":"IFERROR(VLOOKUP(C2915,参数!$B:$H,2,0),\"\")","v":""},{"$f":"IFERROR(VLOOKUP(C2915,参数!$B:$H,4,0),\"\")","v":""},{"$f":"IFERROR(VLOOKUP(C2915,参数!B:H,3,FALSE),\"\")","v":""},"",1]
[2915,{"$nulls":6},{"$f":"IFERROR(VLOOKUP(C2916,参数!$B:$H,2,0),\"\")","v":""},{"$f":"IFERROR(VLOOKUP(C2916,参数!$B:$H,4,0),\"\")","v":""},{"$f":"IFERROR(VLOOKUP(C2916,参数!B:H,3,FALSE),\"\")","v":""},"",1]
[2916,{"$nulls":6},{"$f":"IFERROR(VLOOKUP(C2917,参数!$B:$H,2,0),\"\")","v":""},{"$f":"IFERROR(VLOOKUP(C2917,参数!$B:$H,4,0),\"\")","v":""},{"$f":"IFERROR(VLOOKUP(C2917,参数!B:H,3,FALSE),\"\")","v":""},{"$f":"IFERROR(J2917*E2917,\"\")","v":""},1]
[2917,{"$nulls":6},{"$f":"IFERROR(VLOOKUP(C2918,参数!$B:$H,2,0),\"\")","v":""},{"$f":"IFERROR(VLOOKUP(C2918,参数!$B:$H,4,0),\"\")","v":""},{"$f":"IFERROR(VLOOKUP(C2918,参数!B:H,3,FALSE),\"\")","v":""},"",1]
[2918,{"$nulls":6},{"$f":"IFERROR(VLOOKUP(C2919,参数!$B:$H,2,0),\"\")","v":""},{"$f":"IFERROR(VLOOKUP(C2919,参数!$B:$H,4,0),\"\")","v":""},{"$f":"IFERROR(VLOOKUP(C2919,参数!B:H,3,FALSE),\"\")","v":""},"",1]
[2919,{"$nulls":6},{"$f":"IFERROR(VLOOKUP(C2920,参数!$B:$H,2,0),\"\")","v":""},{"$f":"IFERROR(VLOOKUP(C2920,参数!$B:$H,4,0),\"\")","v":""},{"$f":"IFERROR(VLOOKUP(C2920,参数!B:H,3,FALSE),\"\")","v":""},"",1]
[2920,{"$nulls":6},{"$f":"IFERROR(VLOOKUP(C2921,参数!$B:$H,2,0),\"\")","v":""},{"$f":"IFERROR(VLOOKUP(C2921,参数!$B:$H,4,0),\"\")","v":""},{"$f":"IFERROR(VLOOKUP(C2921,参数!B:H,3,FALSE),\"\")","v":""},"",1]
[2921,{"$nulls":6},{"$f":"IFERROR(VLOOKUP(C2922,参数!$B:$H,2,0),\"\")","v":""},{"$f":"IFERROR(VLOOKUP(C2922,参数!$B:$H,4,0),\"\")","v":""},{"$f":"IFERROR(VLOOKUP(C2922,参数!B:H,3,FALSE),\"\")","v":""},"",1]
[2922,{"$nulls":6},{"$f":"IFERROR(VLOOKUP(C2923,参数!$B:$H,2,0),\"\")","v":""},{"$f":"IFERROR(VLOOKUP(C2923,参数!$B:$H,4,0),\"\")","v":""},{"$f":"IFERROR(VLOOKUP(C2923,参数!B:H,3,FALSE),\"\")","v":""},"",1]
[2923,{"$nulls":6},{"$f":"IFERROR(VLOOKUP(C2924,参数!$B:$H,2,0),\"\")","v":""},{"$f":"IFERROR(VLOOKUP(C2924,参数!$B:$H,4,0),\"\")","v":""},{"$f":"IFERROR(VLOOKUP(C2924,参数!B:H,3,FALSE),\"\")","v":""},"",1]
[2924,{"$nulls":6},{"$f":"IFERROR(VLOOKUP(C2925,参数!$B:$H,2,0),\"\")","v":""},{"$f":"IFERROR(VLOOKUP(C2925,参数!$B:$H,4,0),\"\")","v":""},{"$f":"IFERROR(VLOOKUP(C2925,参数!B:H,3,FALSE),\"\")","v":""},"",1]
[2925,{"$nulls":6},{"$f":"IFERROR(VLOOKUP(C2926,参数!$B:$H,2,0),\"\")","v":""},{"$f":"IFERROR(VLOOKUP(C2926,参数!$B:$H,4,0),\"\")","v":""},{"$f":"IFERROR(VLOOKUP(C2926,参数!B:H,3,FALSE),\"\")","v":""},"",1]
[2926,{"$nulls":6},{"$f":"IFERROR(VLOOKUP(C2927,参数!$B:$H,2,0),\"\")","v":""},{"$f":"IFERROR(VLOOKUP(C2927,参数!$B:$H,4,0),\"\")","v":""},{"$f":"IFERROR(VLOOKUP(C2927,参数!B:H,3,FALSE),\"\")","v":""},"",1]
[2927,{"$nulls":6},{"$f":"IFERROR(VLOOKUP(C2928,参数!$B:$H,2,0),\"\")","v":""},{"$f":"IFERROR(VLOOKUP(C2928,参数!$B:$H,4,0),\"\")","v":""},{"$f":"IFERROR(VLOOKUP(C2928,参数!B:H,3,FALSE),\"\")","v":""},"",1]
[2928,{"$nulls":6},{"$f":"IFERROR(VLOOKUP(C2929,参数!$B:$H,2,0),\"\")","v":""},{"$f":"IFERROR(VLOOKUP(C2929,参数!$B:$H,4,0),\"\")","v":""},{"$f":"IFERROR(VLOOKUP(C2929,参数!B:H,3,FALSE),\"\")","v":""},"",1]
[2929,{"$nulls":6},{"$f":"IFERROR(VLOOKUP(C2930,参数!$B:$H,2,0),\"\")","v":""},{"$f":"IFERROR(VLOOKUP(C2930,参数!$B:$H,4,0),\"\")","v":""},{"$f":"IFERROR(VLOOKUP(C2930,参数!B:H,3,FALSE),\"\")","v":""},"",1]
[2930,{"$nulls":6},{"$f":"IFERROR(VLOOKUP(C2931,参数!$B:$H,2,0),\"\")","v":""},{"$f":"IFERROR(VLOOKUP(C2931,参数!$B:$H,4,0),\"\")","v":""},{"$f":"IFERROR(VLOOKUP(C2931,参数!B:H,3,FALSE),\"\")","v":""},"",1]
[2931,{"$nulls":6},{"$f":"IFERROR(VLOOKUP(C2932,参数!$B:$H,2,0),\"\")","v":""},{"$f":"IFERROR(VLOOKUP(C2932,参数!$B:$H,4,0),\"\")","v":""},{"$f":"IFERROR(VLOOKUP(C2932,参数!B:H,3,FALSE),\"\")","v":""},"",1]
[2932,{"$nulls":6},{"$f":"IFERROR(VLOOKUP(C2933,参数!$B:$H,2,0),\"\")","v":""},{"$f":"IFERROR(VLOOKUP(C2933,参数!$B:$H,4,0),\"\")","v":""},{"$f":"IFERROR(VLOOKUP(C2933,参数!B:H,3,FALSE),\"\")","v":""},"",1]
[2933,{"$nulls":6},{"$f":"IFERROR(VLOOKUP(C2934,参数!$B:$H,2,0),\"\")","v":""},{"$f":"IFERROR(VLOOKUP(C2934,参数!$B:$H,4,0),\"\")","v":""},{"$f":"IFERROR(VLOOKUP(C2934,参数!B:H,3,FALSE),\"\")","v":""},"",1]
[2934,{"$nulls":6},{"$f":"IFERROR(VLOOKUP(C2935,参数!$B:$H,2,0),\"\")","v":""},{"$f":"IFERROR(VLOOKUP(C2935,参数!$B:$H,4,0),\"\")","v":""},{"$f":"IFERROR(VLOOKUP(C2935,参数!B:H,3,FALSE),\"\")","v":""},"",1]
[2935,{"$nulls":6},{"$f":"IFERROR(VLOOKUP(C2936,参数!$B:$H,2,0),\"\")","v":""},{"$f":"IFERROR(VLOOKUP(C2936,参数!$B:$H,4,0),\"\")","v":""},{"$f":"IFERROR(VLOOKUP(C2936,参数!B:H,3,FALSE),\"\")","v":""},"",1]
[2936,{"$nulls":6},{"$f":"IFERROR(VLOOKUP(C2937,参数!$B:$H,2,0),\"\")","v":""},{"$f":"IFERROR(VLOOKUP(C2937,参数!$B:$H,4,0),\"\")","v":""},{"$f":"IFERROR(VLOOKUP(C2937,参数!B:H,3,FALSE),\"\")","v":""},"",1]
[2937,{"$nulls":6},{"$f":"IFERROR(VLOOKUP(C2938,参数!$B:$H,2,0),\"\")","v":""},{"$f":"IFERROR(VLOOKUP(C2938,参数!$B:$H,4,0),\"\")","v":""},{"$f":"IFERROR(VLOOKUP(C2938,参数!B:H,3,FALSE),\"\")","v":""},"",1]
[2938,{"$nulls":6},{"$f":"IFERROR(VLOOKUP(C2939,参数!$B:$H,2,0),\"\")","v":""},{"$f":"IFERROR(VLOOKUP(C2939,参数!$B:$H,4,0),\"\")","v":""},{"$f":"IFERROR(VLOOKUP(C2939,参数!B:H,3,FALSE),\"\")","v":""},"",1]
[2939,{"$nulls":6},{"$f":"IFERROR(VLOOKUP(C2940,参数!$B:$H,2,0),\"\")","v":""},{"$f":"IFERROR(VLOOKUP(C2940,参数!$B:$H,4,0),\"\")","v":""},{"$f":"IFERROR(VLOOKUP(C2940,参数!B:H,3,FALSE),\"\")","v":""},"",1]
[2940,{"$nulls":6},{"$f":"IFERROR(VLOOKUP(C2941,参数!$B:$H,2,0),\"\")","v":""},{"$f":"IFERROR(VLOOKUP(C2941,参数!$B:$H,4,0),\"\")","v":""},{"$f":"IFERROR(VLOOKUP(C2941,参数!B:H,3,FALSE),\"\")","v":""},"",1]
[2941,{"$nulls":6},{"$f":"IFERROR(VLOOKUP(C2942,参数!$B:$H,2,0),\"\")","v":""},{"$f":"IFERROR(VLOOKUP(C2942,参数!$B:$H,4,0),\"\")","v":""},{"$f":"IFERROR(VLOOKUP(C2942,参数!B:H,3,FALSE),\"\")","v":""},"",1]
[2942,{"$nulls":6},{"$f":"IFERROR(VLOOKUP(C2943,参数!$B:$H,2,0),\"\")","v":""},{"$f":"IFERROR(VLOOKUP(C2943,参数!$B:$H,4,0),\"\")","v":""},{"$f":"IFERROR(VLOOKUP(C2943,参数!B:H,3,FALSE),\"\")","v":""},"",1]
[2943,{"$nulls":6},{"$f":"IFERROR(VLOOKUP(C2944,参数!$B:$H,2,0),\"\")","v":""},{"$f":"IFERROR(VLOOKUP(C2944,参数!$B:$H,4,0),\"\")","v":""},{"$f":"IFERROR(VLOOKUP(C2944,参数!B:H,3,FALSE),\"\")","v":""},"",1]
[2944,{"$nulls":6},{"$f":"IFERROR(VLOOKUP(C2945,参数!$B:$H,2,0),\"\")","v":""},{"$f":"IFERROR(VLOOKUP(C2945,参数!$B:$H,4,0),\"\")","v":""},{"$f":"IFERROR(VLOOKUP(C2945,参数!B:H,3,FALSE),\"\")","v":""},"",1]
[2945,{"$nulls":6},{"$f":"IFERROR(VLOOKUP(C2946,参数!$B:$H,2,0),\"\")","v":""},{"$f":"IFERROR(VLOOKUP(C2946,参数!$B:$H,4,0),\"\")","v":""},{"$f":"IFERROR(VLOOKUP(C2946,参数!B:H,3,FALSE),\"\")","v":""},"",{"$f":"VALUE(MONTH(B2946))","v":1}]
[2946,{"$nulls":6},{"$f":"IFERROR(VLOOKUP(C2947,参数!$B:$H,2,0),\"\")","v":""},{"$f":"IFERROR(VLOOKUP(C2947,参数!$B:$H,4,0),\"\")","v":""},{"$f":"IFERROR(VLOOKUP(C2947,参数!B:H,3,FALSE),\"\")","v":""},"",1]
[2947,{"$nulls":6},{"$f":"IFERROR(VLOOKUP(C2948,参数!$B:$H,2,0),\"\")","v":""},{"$f":"IFERROR(VLOOKUP(C2948,参数!$B:$H,4,0),\"\")","v":""},{"$f":"IFERROR(VLOOKUP(C2948,参数!B:H,3,FALSE),\"\")","v":""},"",1]
[2948,{"$nulls":6},{"$f":"IFERROR(VLOOKUP(C2949,参数!$B:$H,2,0),\"\")","v":""},{"$f":"IFERROR(VLOOKUP(C2949,参数!$B:$H,4,0),\"\")","v":""},{"$f":"IFERROR(VLOOKUP(C2949,参数!B:H,3,FALSE),\"\")","v":""},"",1]
[2949,{"$nulls":6},{"$f":"IFERROR(VLOOKUP(C2950,参数!$B:$H,2,0),\"\")","v":""},{"$f":"IFERROR(VLOOKUP(C2950,参数!$B:$H,4,0),\"\")","v":""},{"$f":"IFERROR(VLOOKUP(C2950,参数!B:H,3,FALSE),\"\")","v":""},"",1]
[2950,{"$nulls":6},{"$f":"IFERROR(VLOOKUP(C2951,参数!$B:$H,2,0),\"\")","v":""},{"$f":"IFERROR(VLOOKUP(C2951,参数!$B:$H,4,0),\"\")","v":""},{"$f":"IFERROR(VLOOKUP(C2951,参数!B:H,3,FALSE),\"\")","v":""},"",1]
[2951,{"$nulls":6},{"$f":"IFERROR(VLOOKUP(C2952,参数!$B:$H,2,0),\"\")","v":""},{"$f":"IFERROR(VLOOKUP(C2952,参数!$B:$H,4,0),\"\")","v":""},{"$f":"IFERROR(VLOOKUP(C2952,参数!B:H,3,FALSE),\"\")","v":""},"",1]
[2952,{"$nulls":6},{"$f":"IFERROR(VLOOKUP(C2953,参数!$B:$H,2,0),\"\")","v":""},{"$f":"IFERROR(VLOOKUP(C2953,参数!$B:$H,4,0),\"\")","v":""},{"$f":"IFERROR(VLOOKUP(C2953,参数!B:H,3,FALSE),\"\")","v":""},"",1]
[2953,{"$nulls":6},{"$f":"IFERROR(VLOOKUP(C2954,参数!$B:$H,2,0),\"\")","v":""},{"$f":"IFERROR(VLOOKUP(C2954,参数!$B:$H,4,0),\"\")","v":""},{"$f":"IFERROR(VLOOKUP(C2954,参数!B:H,3,FALSE),\"\")","v":""},"",1]
[2954,{"$nulls":6},{"$f":"IFERROR(VLOOKUP(C2955,参数!$B:$H,2,0),\"\")","v":""},{"$f":"IFERROR(VLOOKUP(C2955,参数!$B:$H,4,0),\"\")","v":""},{"$f":"IFERROR(VLOOKUP(C2955,参数!B:H,3,FALSE),\"\")","v":""},"",1]
[2955,{"$nulls":6},{"$f":"IFERROR(VLOOKUP(C2956,参数!$B:$H,2,0),\"\")","v":""},{"$f":"IFERROR(VLOOKUP(C2956,参数!$B:$H,4,0),\"\")","v":""},{"$f":"IFERROR(VLOOKUP(C2956,参数!B:H,3,FALSE),\"\")","v":""},"",1]
[2956,{"$nulls":6},{"$f":"IFERROR(VLOOKUP(C2957,参数!$B:$H,2,0),\"\")","v":""},{"$f":"IFERROR(VLOOKUP(C2957,参数!$B:$H,4,0),\"\")","v":""},{"$f":"IFERROR(VLOOKUP(C2957,参数!B:H,3,FALSE),\"\")","v":""},"",1]
[2957,{"$nulls":6},{"$f":"IFERROR(VLOOKUP(C2958,参数!$B:$H,2,0),\"\")","v":""},{"$f":"IFERROR(VLOOKUP(C2958,参数!$B:$H,4,0),\"\")","v":""},{"$f":"IFERROR(VLOOKUP(C2958,参数!B:H,3,FALSE),\"\")","v":""},"",1]
[2958,{"$nulls":6},{"$f":"IFERROR(VLOOKUP(C2959,参数!$B:$H,2,0),\"\")","v":""},{"$f":"IFERROR(VLOOKUP(C2959,参数!$B:$H,4,0),\"\")","v":""},{"$f":"IFERROR(VLOOKUP(C2959,参数!B:H,3,FALSE),\"\")","v":""},"",1]
[2959,{"$nulls":6},{"$f":"IFERROR(VLOOKUP(C2960,参数!$B:$H,2,0),\"\")","v":""},{"$f":"IFERROR(VLOOKUP(C2960,参数!$B:$H,4,0),\"\")","v":""},{"$f":"IFERROR(VLOOKUP(C2960,参数!B:H,3,FALSE),\"\")","v":""},"",1]
[2960,{"$nulls":6},{"$f":"IFERROR(VLOOKUP(C2961,参数!$B:$H,2,0),\"\")","v":""},{"$f":"IFERROR(VLOOKUP(C2961,参数!$B:$H,4,0),\"\")","v":""},{"$f":"IFERROR(VLOOKUP(C2961,参数!B:H,3,FALSE),\"\")","v":""},"",1]
[2961,{"$nulls":6},{"$f":"IFERROR(VLOOKUP(C2962,参数!$B:$H,2,0),\"\")","v":""},{"$f":"IFERROR(VLOOKUP(C2962,参数!$B:$H,4,0),\"\")","v":""},{"$f":"IFERROR(VLOOKUP(C2962,参数!B:H,3,FALSE),\"\")","v":""},"",1]
[2962,{"$nulls":6},{"$f":"IFERROR(VLOOKUP(C2963,参数!$B:$H,2,0),\"\")","v":""},{"$f":"IFERROR(VLOOKUP(C2963,参数!$B:$H,4,0),\"\")","v":""},{"$f":"IFERROR(VLOOKUP(C2963,参数!B:H,3,FALSE),\"\")","v":""},"",1]
[2963,{"$nulls":6},{"$f":"IFERROR(VLOOKUP(C2964,参数!$B:$H,2,0),\"\")","v":""},{"$f":"IFERROR(VLOOKUP(C2964,参数!$B:$H,4,0),\"\")","v":""},{"$f":"IFERROR(VLOOKUP(C2964,参数!B:H,3,FALSE),\"\")","v":""},"",1]
[2964,{"$nulls":6},{"$f":"IFERROR(VLOOKUP(C2965,参数!$B:$H,2,0),\"\")","v":""},{"$f":"IFERROR(VLOOKUP(C2965,参数!$B:$H,4,0),\"\")","v":""},{"$f":"IFERROR(VLOOKUP(C2965,参数!B:H,3,FALSE),\"\")","v":""},"",1]
[2965,{"$nulls":6},{"$f":"IFERROR(VLOOKUP(C2966,参数!$B:$H,2,0),\"\")","v":""},{"$f":"IFERROR(VLOOKUP(C2966,参数!$B:$H,4,0),\"\")","v":""},{"$f":"IFERROR(VLOOKUP(C2966,参数!B:H,3,FALSE),\"\")","v":""},"",1]
[2966,{"$nulls":6},{"$f":"IFERROR(VLOOKUP(C2967,参数!$B:$H,2,0),\"\")","v":""},{"$f":"IFERROR(VLOOKUP(C2967,参数!$B:$H,4,0),\"\")","v":""},{"$f":"IFERROR(VLOOKUP(C2967,参数!B:H,3,FALSE),\"\")","v":""},"",1]
[2967,{"$nulls":6},{"$f":"IFERROR(VLOOKUP(C2968,参数!$B:$H,2,0),\"\")","v":""},{"$f":"IFERROR(VLOOKUP(C2968,参数!$B:$H,4,0),\"\")","v":""},{"$f":"IFERROR(VLOOKUP(C2968,参数!B:H,3,FALSE),\"\")","v":""},"",1]
[2968,{"$nulls":6},{"$f":"IFERROR(VLOOKUP(C2969,参数!$B:$H,2,0),\"\")","v":""},{"$f":"IFERROR(VLOOKUP(C2969,参数!$B:$H,4,0),\"\")","v":""},{"$f":"IFERROR(VLOOKUP(C2969,参数!B:H,3,FALSE),\"\")","v":""},"",1]
[2969,{"$nulls":6},{"$f":"IFERROR(VLOOKUP(C2970,参数!$B:$H,2,0),\"\")","v":""},{"$f":"IFERROR(VLOOKUP(C2970,参数!$B:$H,4,0),\"\")","v":""},{"$f":"IFERROR(VLOOKUP(C2970,参数!B:H,3,FALSE),\"\")","v":""},"",1]
[2970,{"$nulls":6},{"$f":"IFERROR(VLOOKUP(C2971,参数!$B:$H,2,0),\"\")","v":""},{"$f":"IFERROR(VLOOKUP(C2971,参数!$B:$H,4,0),\"\")","v":""},{"$f":"IFERROR(VLOOKUP(C2971,参数!B:H,3,FALSE),\"\")","v":""},"",1]
[2971,{"$nulls":6},{"$f":"IFERROR(VLOOKUP(C2972,参数!$B:$H,2,0),\"\")","v":""},{"$f":"IFERROR(VLOOKUP(C2972,参数!$B:$H,4,0),\"\")","v":""},{"$f":"IFERROR(VLOOKUP(C2972,参数!B:H,3,FALSE),\"\")","v":""},"",1]
[2972,{"$nulls":6},{"$f":"IFERROR(VLOOKUP(C2973,参数!$B:$H,2,0),\"\")","v":""},{"$f":"IFERROR(VLOOKUP(C2973,参数!$B:$H,4,0),\"\")","v":""},{"$f":"IFERROR(VLOOKUP(C2973,参数!B:H,3,FALSE),\"\")","v":""},"",1]
[2973,{"$nulls":6},{"$f":"IFERROR(VLOOKUP(C2974,参数!$B:$H,2,0),\"\")","v":""},{"$f":"IFERROR(VLOOKUP(C2974,参数!$B:$H,4,0),\"\")","v":""},{"$f":"IFERROR(VLOOKUP(C2974,参数!B:H,3,FALSE),\"\")","v":""},"",1]
[2974,{"$nulls":6},{"$f":"IFERROR(VLOOKUP(C2975,参数!$B:$H,2,0),\"\")","v":""},{"$f":"IFERROR(VLOOKUP(C2975,参数!$B:$H,4,0),\"\")","v":""},{"$f":"IFERROR(VLOOKUP(C2975,参数!B:H,3,FALSE),\"\")","v":""},"",1]
[2975,{"$nulls":6},{"$f":"IFERROR(VLOOKUP(C2976,参数!$B:$H,2,0),\"\")","v":""},{"$f":"IFERROR(VLOOKUP(C2976,参数!$B:$H,4,0),\"\")","v":""},{"$f":"IFERROR(VLOOKUP(C2976,参数!B:H,3,FALSE),\"\")","v":""},"",1]
[2976,{"$nulls":6},{"$f":"IFERROR(VLOOKUP(C2977,参数!$B:$H,2,0),\"\")","v":""},{"$f":"IFERROR(VLOOKUP(C2977,参数!$B:$H,4,0),\"\")","v":""},{"$f":"IFERROR(VLOOKUP(C2977,参数!B:H,3,FALSE),\"\")","v":""},"",1]
[2977,{"$nulls":6},{"$f":"IFERROR(VLOOKUP(C2978,参数!$B:$H,2,0),\"\")","v":""},{"$f":"IFERROR(VLOOKUP(C2978,参数!$B:$H,4,0),\"\")","v":""},{"$f":"IFERROR(VLOOKUP(C2978,参数!B:H,3,FALSE),\"\")","v":""},"",1]
[2978,{"$nulls":6},{"$f":"IFERROR(VLOOKUP(C2979,参数!$B:$H,2,0),\"\")","v":""},{"$f":"IFERROR(VLOOKUP(C2979,参数!$B:$H,4,0),\"\")","v":""},{"$f":"IFERROR(VLOOKUP(C2979,参数!B:H,3,FALSE),\"\")","v":""},"",1]
[2979,{"$nulls":6},{"$f":"IFERROR(VLOOKUP(C2980,参数!$B:$H,2,0),\"\")","v":""},{"$f":"IFERROR(VLOOKUP(C2980,参数!$B:$H,4,0),\"\")","v":""},{"$f":"IFERROR(VLOOKUP(C2980,参数!B:H,3,FALSE),\"\")","v":""},"",1]
[2980,{"$nulls":6},{"$f":"IFERROR(VLOOKUP(C2981,参数!$B:$H,2,0),\"\")","v":""},{"$f":"IFERROR(VLOOKUP(C2981,参数!$B:$H,4,0),\"\")","v":""},{"$f":"IFERROR(VLOOKUP(C2981,参数!B:H,3,FALSE),\"\")","v":""},{"$f":"IFERROR(J2981*E2981,\"\")","v":""},1]
[2981,{"$nulls":6},{"$f":"IFERROR(VLOOKUP(C2982,参数!$B:$H,2,0),\"\")","v":""},{"$f":"IFERROR(VLOOKUP(C2982,参数!$B:$H,4,0),\"\")","v":""},{"$f":"IFERROR(VLOOKUP(C2982,参数!B:H,3,FALSE),\"\")","v":""},"",1]
[2982,{"$nulls":6},{"$f":"IFERROR(VLOOKUP(C2983,参数!$B:$H,2,0),\"\")","v":""},{"$f":"IFERROR(VLOOKUP(C2983,参数!$B:$H,4,0),\"\")","v":""},{"$f":"IFERROR(VLOOKUP(C2983,参数!B:H,3,FALSE),\"\")","v":""},"",1]
[2983,{"$nulls":6},{"$f":"IFERROR(VLOOKUP(C2984,参数!$B:$H,2,0),\"\")","v":""},{"$f":"IFERROR(VLOOKUP(C2984,参数!$B:$H,4,0),\"\")","v":""},{"$f":"IFERROR(VLOOKUP(C2984,参数!B:H,3,FALSE),\"\")","v":""},"",1]
[2984,{"$nulls":6},{"$f":"IFERROR(VLOOKUP(C2985,参数!$B:$H,2,0),\"\")","v":""},{"$f":"IFERROR(VLOOKUP(C2985,参数!$B:$H,4,0),\"\")","v":""},{"$f":"IFERROR(VLOOKUP(C2985,参数!B:H,3,FALSE),\"\")","v":""},"",1]
[2985,{"$nulls":6},{"$f":"IFERROR(VLOOKUP(C2986,参数!$B:$H,2,0),\"\")","v":""},{"$f":"IFERROR(VLOOKUP(C2986,参数!$B:$H,4,0),\"\")","v":""},{"$f":"IFERROR(VLOOKUP(C2986,参数!B:H,3,FALSE),\"\")","v":""},"",1]
[2986,{"$nulls":6},{"$f":"IFERROR(VLOOKUP(C2987,参数!$B:$H,2,0),\"\")","v":""},{"$f":"IFERROR(VLOOKUP(C2987,参数!$B:$H,4,0),\"\")","v":""},{"$f":"IFERROR(VLOOKUP(C2987,参数!B:H,3,FALSE),\"\")","v":""},"",1]
[2987,{"$nulls":6},{"$f":"IFERROR(VLOOKUP(C2988,参数!$B:$H,2,0),\"\")","v":""},{"$f":"IFERROR(VLOOKUP(C2988,参数!$B:$H,4,0),\"\")","v":""},{"$f":"IFERROR(VLOOKUP(C2988,参数!B:H,3,FALSE),\"\")","v":""},"",1]
[2988,{"$nulls":6},{"$f":"IFERROR(VLOOKUP(C2989,参数!$B:$H,2,0),\"\")","v":""},{"$f":"IFERROR(VLOOKUP(C2989,参数!$B:$H,4,0),\"\")","v":""},{"$f":"IFERROR(VLOOKUP(C2989,参数!B:H,3,FALSE),\"\")","v":""},"",1]
[2989,{"$nulls":6},{"$f":"IFERROR(VLOOKUP(C2990,参数!$B:$H,2,0),\"\")","v":""},{"$f":"IFERROR(VLOOKUP(C2990,参数!$B:$H,4,0),\"\")","v":""},{"$f":"IFERROR(VLOOKUP(C2990,参数!B:H,3,FALSE),\"\")","v":""},"",1]
[2990,{"$nulls":6},{"$f":"IFERROR(VLOOKUP(C2991,参数!$B:$H,2,0),\"\")","v":""},{"$f":"IFERROR(VLOOKUP(C2991,参数!$B:$H,4,0),\"\")","v":""},{"$f":"IFERROR(VLOOKUP(C2991,参数!B:H,3,FALSE),\"\")","v":""},"",1]
[2991,{"$nulls":6},{"$f":"IFERROR(VLOOKUP(C2992,参数!$B:$H,2,0),\"\")","v":""},{"$f":"IFERROR(VLOOKUP(C2992,参数!$B:$H,4,0),\"\")","v":""},{"$f":"IFERROR(VLOOKUP(C2992,参数!B:H,3,FALSE),\"\")","v":""},"",1]
[2992,{"$nulls":6},{"$f":"IFERROR(VLOOKUP(C2993,参数!$B:$H,2,0),\"\")","v":""},{"$f":"IFERROR(VLOOKUP(C2993,参数!$B:$H,4,0),\"\")","v":""},{"$f":"IFERROR(VLOOKUP(C2993,参数!B:H,3,FALSE),\"\")","v":""},"",1]
[2993,{"$nulls":6},{"$f":"IFERROR(VLOOKUP(C2994,参数!$B:$H,2,0),\"\")","v":""},{"$f":"IFERROR(VLOOKUP(C2994,参数!$B:$H,4,0),\"\")","v":""},{"$f":"IFERROR(VLOOKUP(C2994,参数!B:H,3,FALSE),\"\")","v":""},"",1]
[2994,{"$nulls":6},{"$f":"IFERROR(VLOOKUP(C2995,参数!$B:$H,2,0),\"\")","v":""},{"$f":"IFERROR(VLOOKUP(C2995,参数!$B:$H,4,0),\"\")","v":""},{"$f":"IFERROR(VLOOKUP(C2995,参数!B:H,3,FALSE),\"\")","v":""},"",1]
[2995,{"$nulls":6},{"$f":"IFERROR(VLOOKUP(C2996,参数!$B:$H,2,0),\"\")","v":""},{"$f":"IFERROR(VLOOKUP(C2996,参数!$B:$H,4,0),\"\")","v":""},{"$f":"IFERROR(VLOOKUP(C2996,参数!B:H,3,FALSE),\"\")","v":""},"",1]
[2996,{"$nulls":6},{"$f":"IFERROR(VLOOKUP(C2997,参数!$B:$H,2,0),\"\")","v":""},{"$f":"IFERROR(VLOOKUP(C2997,参数!$B:$H,4,0),\"\")","v":""},{"$f":"IFERROR(VLOOKUP(C2997,参数!B:H,3,FALSE),\"\")","v":""},"",1]
[2997,{"$nulls":6},{"$f":"IFERROR(VLOOKUP(C2998,参数!$B:$H,2,0),\"\")","v":""},{"$f":"IFERROR(VLOOKUP(C2998,参数!$B:$H,4,0),\"\")","v":""},{"$f":"IFERROR(VLOOKUP(C2998,参数!B:H,3,FALSE),\"\")","v":""},"",1]
[2998,{"$nulls":6},{"$f":"IFERROR(VLOOKUP(C2999,参数!$B:$H,2,0),\"\")","v":""},{"$f":"IFERROR(VLOOKUP(C2999,参数!$B:$H,4,0),\"\")","v":""},{"$f":"IFERROR(VLOOKUP(C2999,参数!B:H,3,FALSE),\"\")","v":""},"",1]
[2999,{"$nulls":6},{"$f":"IFERROR(VLOOKUP(C3000,参数!$B:$H,2,0),\"\")","v":""},{"$f":"IFERROR(VLOOKUP(C3000,参数!$B:$H,4,0),\"\")","v":""},{"$f":"IFERROR(VLOOKUP(C3000,参数!B:H,3,FALSE),\"\")","v":""},"",1]
[3000,{"$nulls":6},{"$f":"IFERROR(VLOOKUP(C3001,参数!$B:$H,2,0),\"\")","v":""},{"$f":"IFERROR(VLOOKUP(C3001,参数!$B:$H,4,0),\"\")","v":""},{"$f":"IFERROR(VLOOKUP(C3001,参数!B:H,3,FALSE),\"\")","v":""},"",1]
[3001,{"$nulls":6},{"$f":"IFERROR(VLOOKUP(C3002,参数!$B:$H,2,0),\"\")","v":""},{"$f":"IFERROR(VLOOKUP(C3002,参数!$B:$H,4,0),\"\")","v":""},{"$f":"IFERROR(VLOOKUP(C3002,参数!B:H,3,FALSE),\"\")","v":""},"",1]
[3002,{"$nulls":6},{"$f":"IFERROR(VLOOKUP(C3003,参数!$B:$H,2,0),\"\")","v":""},{"$f":"IFERROR(VLOOKUP(C3003,参数!$B:$H,4,0),\"\")","v":""},{"$f":"IFERROR(VLOOKUP(C3003,参数!B:H,3,FALSE),\"\")","v":""},"",1]
[3003,{"$nulls":6},{"$f":"IFERROR(VLOOKUP(C3004,参数!$B:$H,2,0),\"\")","v":""},{"$f":"IFERROR(VLOOKUP(C3004,参数!$B:$H,4,0),\"\")","v":""},{"$f":"IFERROR(VLOOKUP(C3004,参数!B:H,3,FALSE),\"\")","v":""},"",1]
[3004,{"$nulls":6},{"$f":"IFERROR(VLOOKUP(C3005,参数!$B:$H,2,0),\"\")","v":""},{"$f":"IFERROR(VLOOKUP(C3005,参数!$B:$H,4,0),\"\")","v":""},{"$f":"IFERROR(VLOOKUP(C3005,参数!B:H,3,FALSE),\"\")","v":""},"",1]
[3005,{"$nulls":6},{"$f":"IFERROR(VLOOKUP(C3006,参数!$B:$H,2,0),\"\")","v":""},{"$f":"IFERROR(VLOOKUP(C3006,参数!$B:$H,4,0),\"\")","v":""},{"$f":"IFERROR(VLOOKUP(C3006,参数!B:H,3,FALSE),\"\")","v":""},"",1]
[3006,{"$nulls":6},{"$f":"IFERROR(VLOOKUP(C3007,参数!$B:$H,2,0),\"\")","v":""},{"$f":"IFERROR(VLOOKUP(C3007,参数!$B:$H,4,0),\"\")","v":""},{"$f":"IFERROR(VLOOKUP(C3007,参数!B:H,3,FALSE),\"\")","v":""},"",1]
[3007,{"$nulls":6},{"$f":"IFERROR(VLOOKUP(C3008,参数!$B:$H,2,0),\"\")","v":""},{"$f":"IFERROR(VLOOKUP(C3008,参数!$B:$H,4,0),\"\")","v":""},{"$f":"IFERROR(VLOOKUP(C3008,参数!B:H,3,FALSE),\"\")","v":""},"",1]
[3008,{"$nulls":6},{"$f":"IFERROR(VLOOKUP(C3009,参数!$B:$H,2,0),\"\")","v":""},{"$f":"IFERROR(VLOOKUP(C3009,参数!$B:$H,4,0),\"\")","v":""},{"$f":"IFERROR(VLOOKUP(C3009,参数!B:H,3,FALSE),\"\")","v":""},"",1]
[3009,{"$nulls":6},{"$f":"IFERROR(VLOOKUP(C3010,参数!$B:$H,2,0),\"\")","v":""},{"$f":"IFERROR(VLOOKUP(C3010,参数!$B:$H,4,0),\"\")","v":""},{"$f":"IFERROR(VLOOKUP(C3010,参数!B:H,3,FALSE),\"\")","v":""},"",{"$f":"VALUE(MONTH(B3010))","v":1}]
[3010,{"$nulls":6},{"$f":"IFERROR(VLOOKUP(C3011,参数!$B:$H,2,0),\"\")","v":""},{"$f":"IFERROR(VLOOKUP(C3011,参数!$B:$H,4,0),\"\")","v":""},{"$f":"IFERROR(VLOOKUP(C3011,参数!B:H,3,FALSE),\"\")","v":""},"",1]
[3011,{"$nulls":6},{"$f":"IFERROR(VLOOKUP(C3012,参数!$B:$H,2,0),\"\")","v":""},{"$f":"IFERROR(VLOOKUP(C3012,参数!$B:$H,4,0),\"\")","v":""},{"$f":"IFERROR(VLOOKUP(C3012,参数!B:H,3,FALSE),\"\")","v":""},"",1]
[3012,{"$nulls":6},{"$f":"IFERROR(VLOOKUP(C3013,参数!$B:$H,2,0),\"\")","v":""},{"$f":"IFERROR(VLOOKUP(C3013,参数!$B:$H,4,0),\"\")","v":""},{"$f":"IFERROR(VLOOKUP(C3013,参数!B:H,3,FALSE),\"\")","v":""},"",1]
[3013,{"$nulls":6},{"$f":"IFERROR(VLOOKUP(C3014,参数!$B:$H,2,0),\"\")","v":""},{"$f":"IFERROR(VLOOKUP(C3014,参数!$B:$H,4,0),\"\")","v":""},{"$f":"IFERROR(VLOOKUP(C3014,参数!B:H,3,FALSE),\"\")","v":""},"",1]
[3014,{"$nulls":6},{"$f":"IFERROR(VLOOKUP(C3015,参数!$B:$H,2,0),\"\")","v":""},{"$f":"IFERROR(VLOOKUP(C3015,参数!$B:$H,4,0),\"\")","v":""},{"$f":"IFERROR(VLOOKUP(C3015,参数!B:H,3,FALSE),\"\")","v":""},"",1]
[3015,{"$nulls":6},{"$f":"IFERROR(VLOOKUP(C3016,参数!$B:$H,2,0),\"\")","v":""},{"$f":"IFERROR(VLOOKUP(C3016,参数!$B:$H,4,0),\"\")","v":""},{"$f":"IFERROR(VLOOKUP(C3016,参数!B:H,3,FALSE),\"\")","v":""},"",1]
[3016,{"$nulls":6},{"$f":"IFERROR(VLOOKUP(C3017,参数!$B:$H,2,0),\"\")","v":""},{"$f":"IFERROR(VLOOKUP(C3017,参数!$B:$H,4,0),\"\")","v":""},{"$f":"IFERROR(VLOOKUP(C3017,参数!B:H,3,FALSE),\"\")","v":""},"",1]
[3017,{"$nulls":6},{"$f":"IFERROR(VLOOKUP(C3018,参数!$B:$H,2,0),\"\")","v":""},{"$f":"IFERROR(VLOOKUP(C3018,参数!$B:$H,4,0),\"\")","v":""},{"$f":"IFERROR(VLOOKUP(C3018,参数!B:H,3,FALSE),\"\")","v":""},"",1]
[3018,{"$nulls":6},{"$f":"IFERROR(VLOOKUP(C3019,参数!$B:$H,2,0),\"\")","v":""},{"$f":"IFERROR(VLOOKUP(C3019,参数!$B:$H,4,0),\"\")","v":""},{"$f":"IFERROR(VLOOKUP(C3019,参数!B:H,3,FALSE),\"\")","v":""},"",1]
[3019,{"$nulls":6},{"$f":"IFERROR(VLOOKUP(C3020,参数!$B:$H,2,0),\"\")","v":""},{"$f":"IFERROR(VLOOKUP(C3020,参数!$B:$H,4,0),\"\")","v":""},{"$f":"IFERROR(VLOOKUP(C3020,参数!B:H,3,FALSE),\"\")","v":""},"",1]
[3020,{"$nulls":6},{"$f":"IFERROR(VLOOKUP(C3021,参数!$B:$H,2,0),\"\")","v":""},{"$f":"IFERROR(VLOOKUP(C3021,参数!$B:$H,4,0),\"\")","v":""},{"$f":"IFERROR(VLOOKUP(C3021,参数!B:H,3,FALSE),\"\")","v":""},"",1]
[3021,{"$nulls":6},{"$f":"IFERROR(VLOOKUP(C3022,参数!$B:$H,2,0),\"\")","v":""},{"$f":"IFERROR(VLOOKUP(C3022,参数!$B:$H,4,0),\"\")","v":""},{"$f":"IFERROR(VLOOKUP(C3022,参数!B:H,3,FALSE),\"\")","v":""},"",1]
[3022,{"$nulls":6},{"$f":"IFERROR(VLOOKUP(C3023,参数!$B:$H,2,0),\"\")","v":""},{"$f":"IFERROR(VLOOKUP(C3023,参数!$B:$H,4,0),\"\")","v":""},{"$f":"IFERROR(VLOOKUP(C3023,参数!B:H,3,FALSE),\"\")","v":""},"",1]
[3023,{"$nulls":6},{"$f":"IFERROR(VLOOKUP(C3024,参数!$B:$H,2,0),\"\")","v":""},{"$f":"IFERROR(VLOOKUP(C3024,参数!$B:$H,4,0),\"\")","v":""},{"$f":"IFERROR(VLOOKUP(C3024,参数!B:H,3,FALSE),\"\")","v":""},"",1]
[3024,{"$nulls":6},{"$f":"IFERROR(VLOOKUP(C3025,参数!$B:$H,2,0),\"\")","v":""},{"$f":"IFERROR(VLOOKUP(C3025,参数!$B:$H,4,0),\"\")","v":""},{"$f":"IFERROR(VLOOKUP(C3025,参数!B:H,3,FALSE),\"\")","v":""},"",1]
[3025,{"$nulls":6},{"$f":"IFERROR(VLOOKUP(C3026,参数!$B:$H,2,0),\"\")","v":""},{"$f":"IFERROR(VLOOKUP(C3026,参数!$B:$H,4,0),\"\")","v":""},{"$f":"IFERROR(VLOOKUP(C3026,参数!B:H,3,FALSE),\"\")","v":""},"",1]
[3026,{"$nulls":6},{"$f":"IFERROR(VLOOKUP(C3027,参数!$B:$H,2,0),\"\")","v":""},{"$f":"IFERROR(VLOOKUP(C3027,参数!$B:$H,4,0),\"\")","v":""},{"$f":"IFERROR(VLOOKUP(C3027,参数!B:H,3,FALSE),\"\")","v":""},"",1]
[3027,{"$nulls":6},{"$f":"IFERROR(VLOOKUP(C3028,参数!$B:$H,2,0),\"\")","v":""},{"$f":"IFERROR(VLOOKUP(C3028,参数!$B:$H,4,0),\"\")","v":""},{"$f":"IFERROR(VLOOKUP(C3028,参数!B:H,3,FALSE),\"\")","v":""},"",1]
[3028,{"$nulls":6},{"$f":"IFERROR(VLOOKUP(C3029,参数!$B:$H,2,0),\"\")","v":""},{"$f":"IFERROR(VLOOKUP(C3029,参数!$B:$H,4,0),\"\")","v":""},{"$f":"IFERROR(VLOOKUP(C3029,参数!B:H,3,FALSE),\"\")","v":""},"",1]
[3029,{"$nulls":6},{"$f":"IFERROR(VLOOKUP(C3030,参数!$B:$H,2,0),\"\")","v":""},{"$f":"IFERROR(VLOOKUP(C3030,参数!$B:$H,4,0),\"\")","v":""},{"$f":"IFERROR(VLOOKUP(C3030,参数!B:H,3,FALSE),\"\")","v":""},"",1]
[3030,{"$nulls":6},{"$f":"IFERROR(VLOOKUP(C3031,参数!$B:$H,2,0),\"\")","v":""},{"$f":"IFERROR(VLOOKUP(C3031,参数!$B:$H,4,0),\"\")","v":""},{"$f":"IFERROR(VLOOKUP(C3031,参数!B:H,3,FALSE),\"\")","v":""},"",1]
[3031,{"$nulls":6},{"$f":"IFERROR(VLOOKUP(C3032,参数!$B:$H,2,0),\"\")","v":""},{"$f":"IFERROR(VLOOKUP(C3032,参数!$B:$H,4,0),\"\")","v":""},{"$f":"IFERROR(VLOOKUP(C3032,参数!B:H,3,FALSE),\"\")","v":""},"",1]
[3032,{"$nulls":6},{"$f":"IFERROR(VLOOKUP(C3033,参数!$B:$H,2,0),\"\")","v":""},{"$f":"IFERROR(VLOOKUP(C3033,参数!$B:$H,4,0),\"\")","v":""},{"$f":"IFERROR(VLOOKUP(C3033,参数!B:H,3,FALSE),\"\")","v":""},"",1]
[3033,{"$nulls":6},{"$f":"IFERROR(VLOOKUP(C3034,参数!$B:$H,2,0),\"\")","v":""},{"$f":"IFERROR(VLOOKUP(C3034,参数!$B:$H,4,0),\"\")","v":""},{"$f":"IFERROR(VLOOKUP(C3034,参数!B:H,3,FALSE),\"\")","v":""},"",1]
[3034,{"$nulls":6},{"$f":"IFERROR(VLOOKUP(C3035,参数!$B:$H,2,0),\"\")","v":""},{"$f":"IFERROR(VLOOKUP(C3035,参数!$B:$H,4,0),\"\")","v":""},{"$f":"IFERROR(VLOOKUP(C3035,参数!B:H,3,FALSE),\"\")","v":""},"",1]
[3035,{"$nulls":6},{"$f":"IFERROR(VLOOKUP(C3036,参数!$B:$H,2,0),\"\")","v":""},{"$f":"IFERROR(VLOOKUP(C3036,参数!$B:$H,4,0),\"\")","v":""},{"$f":"IFERROR(VLOOKUP(C3036,参数!B:H,3,FALSE),\"\")","v":""},"",1]
[3036,{"$nulls":6},{"$f":"IFERROR(VLOOKUP(C3037,参数!$B:$H,2,0),\"\")","v":""},{"$f":"IFERROR(VLOOKUP(C3037,参数!$B:$H,4,0),\"\")","v":""},{"$f":"IFERROR(VLOOKUP(C3037,参数!B:H,3,FALSE),\"\")","v":""},"",1]
[3037,{"$nulls":6},{"$f":"IFERROR(VLOOKUP(C3038,参数!$B:$H,2,0),\"\")","v":""},{"$f":"IFERROR(VLOOKUP(C3038,参数!$B:$H,4,0),\"\")","v":""},{"$f":"IFERROR(VLOOKUP(C3038,参数!B:H,3,FALSE),\"\")","v":""},"",1]
[3038,{"$nulls":6},{"$f":"IFERROR(VLOOKUP(C3039,参数!$B:$H,2,0),\"\")","v":""},{"$f":"IFERROR(VLOOKUP(C3039,参数!$B:$H,4,0),\"\")","v":""},{"$f":"IFERROR(VLOOKUP(C3039,参数!B:H,3,FALSE),\"\")","v":""},"",1]
[3039,{"$nulls":6},{"$f":"IFERROR(VLOOKUP(C3040,参数!$B:$H,2,0),\"\")","v":""},{"$f":"IFERROR(VLOOKUP(C3040,参数!$B:$H,4,0),\"\")","v":""},{"$f":"IFERROR(VLOOKUP(C3040,参数!B:H,3,FALSE),\"\")","v":""},"",1]
[3040,{"$nulls":6},{"$f":"IFERROR(VLOOKUP(C3041,参数!$B:$H,2,0),\"\")","v":""},{"$f":"IFERROR(VLOOKUP(C3041,参数!$B:$H,4,0),\"\")","v":""},{"$f":"IFERROR(VLOOKUP(C3041,参数!B:H,3,FALSE),\"\")","v":""},"",1]
[3041,{"$nulls":6},{"$f":"IFERROR(VLOOKUP(C3042,参数!$B:$H,2,0),\"\")","v":""},{"$f":"IFERROR(VLOOKUP(C3042,参数!$B:$H,4,0),\"\")","v":""},{"$f":"IFERROR(VLOOKUP(C3042,参数!B:H,3,FALSE),\"\")","v":""},"",1]
[3042,{"$nulls":6},{"$f":"IFERROR(VLOOKUP(C3043,参数!$B:$H,2,0),\"\")","v":""},{"$f":"IFERROR(VLOOKUP(C3043,参数!$B:$H,4,0),\"\")","v":""},{"$f":"IFERROR(VLOOKUP(C3043,参数!B:H,3,FALSE),\"\")","v":""},"",1]
[3043,{"$nulls":6},{"$f":"IFERROR(VLOOKUP(C3044,参数!$B:$H,2,0),\"\")","v":""},{"$f":"IFERROR(VLOOKUP(C3044,参数!$B:$H,4,0),\"\")","v":""},{"$f":"IFERROR(VLOOKUP(C3044,参数!B:H,3,FALSE),\"\")","v":""},"",1]
[3044,{"$nulls":6},{"$f":"IFERROR(VLOOKUP(C3045,参数!$B:$H,2,0),\"\")","v":""},{"$f":"IFERROR(VLOOKUP(C3045,参数!$B:$H,4,0),\"\")","v":""},{"$f":"IFERROR(VLOOKUP(C3045,参数!B:H,3,FALSE),\"\")","v":""},{"$f":"IFERROR(J3045*E3045,\"\")","v":""},1]
[3045,{"$nulls":6},{"$f":"IFERROR(VLOOKUP(C3046,参数!$B:$H,2,0),\"\")","v":""},{"$f":"IFERROR(VLOOKUP(C3046,参数!$B:$H,4,0),\"\")","v":""},{"$f":"IFERROR(VLOOKUP(C3046,参数!B:H,3,FALSE),\"\")","v":""},"",1]
[3046,{"$nulls":6},{"$f":"IFERROR(VLOOKUP(C3047,参数!$B:$H,2,0),\"\")","v":""},{"$f":"IFERROR(VLOOKUP(C3047,参数!$B:$H,4,0),\"\")","v":""},{"$f":"IFERROR(VLOOKUP(C3047,参数!B:H,3,FALSE),\"\")","v":""},"",1]
[3047,{"$nulls":6},{"$f":"IFERROR(VLOOKUP(C3048,参数!$B:$H,2,0),\"\")","v":""},{"$f":"IFERROR(VLOOKUP(C3048,参数!$B:$H,4,0),\"\")","v":""},{"$f":"IFERROR(VLOOKUP(C3048,参数!B:H,3,FALSE),\"\")","v":""},"",1]
[3048,{"$nulls":6},{"$f":"IFERROR(VLOOKUP(C3049,参数!$B:$H,2,0),\"\")","v":""},{"$f":"IFERROR(VLOOKUP(C3049,参数!$B:$H,4,0),\"\")","v":""},{"$f":"IFERROR(VLOOKUP(C3049,参数!B:H,3,FALSE),\"\")","v":""},"",1]
[3049,{"$nulls":6},{"$f":"IFERROR(VLOOKUP(C3050,参数!$B:$H,2,0),\"\")","v":""},{"$f":"IFERROR(VLOOKUP(C3050,参数!$B:$H,4,0),\"\")","v":""},{"$f":"IFERROR(VLOOKUP(C3050,参数!B:H,3,FALSE),\"\")","v":""},"",1]
[3050,{"$nulls":6},{"$f":"IFERROR(VLOOKUP(C3051,参数!$B:$H,2,0),\"\")","v":""},{"$f":"IFERROR(VLOOKUP(C3051,参数!$B:$H,4,0),\"\")","v":""},{"$f":"IFERROR(VLOOKUP(C3051,参数!B:H,3,FALSE),\"\")","v":""},"",1]
[3051,{"$nulls":6},{"$f":"IFERROR(VLOOKUP(C3052,参数!$B:$H,2,0),\"\")","v":""},{"$f":"IFERROR(VLOOKUP(C3052,参数!$B:$H,4,0),\"\")","v":""},{"$f":"IFERROR(VLOOKUP(C3052,参数!B:H,3,FALSE),\"\")","v":""},"",1]
[3052,{"$nulls":6},{"$f":"IFERROR(VLOOKUP(C3053,参数!$B:$H,2,0),\"\")","v":""},{"$f":"IFERROR(VLOOKUP(C3053,参数!$B:$H,4,0),\"\")","v":""},{"$f":"IFERROR(VLOOKUP(C3053,参数!B:H,3,FALSE),\"\")","v":""},"",1]
[3053,{"$nulls":6},{"$f":"IFERROR(VLOOKUP(C3054,参数!$B:$H,2,0),\"\")","v":""},{"$f":"IFERROR(VLOOKUP(C3054,参数!$B:$H,4,0),\"\")","v":""},{"$f":"IFERROR(VLOOKUP(C3054,参数!B:H,3,FALSE),\"\")","v":""},"",1]
[3054,{"$nulls":6},{"$f":"IFERROR(VLOOKUP(C3055,参数!$B:$H,2,0),\"\")","v":""},{"$f":"IFERROR(VLOOKUP(C3055,参数!$B:$H,4,0),\"\")","v":""},{"$f":"IFERROR(VLOOKUP(C3055,参数!B:H,3,FALSE),\"\")","v":""},"",1]
[3055,{"$nulls":6},{"$f":"IFERROR(VLOOKUP(C3056,参数!$B:$H,2,0),\"\")","v":""},{"$f":"IFERROR(VLOOKUP(C3056,参数!$B:$H,4,0),\"\")","v":""},{"$f":"IFERROR(VLOOKUP(C3056,参数!B:H,3,FALSE),\"\")","v":""},"",1]
[3056,{"$nulls":6},{"$f":"IFERROR(VLOOKUP(C3057,参数!$B:$H,2,0),\"\")","v":""},{"$f":"IFERROR(VLOOKUP(C3057,参数!$B:$H,4,0),\"\")","v":""},{"$f":"IFERROR(VLOOKUP(C3057,参数!B:H,3,FALSE),\"\")","v":""},"",1]
[3057,{"$nulls":6},{"$f":"IFERROR(VLOOKUP(C3058,参数!$B:$H,2,0),\"\")","v":""},{"$f":"IFERROR(VLOOKUP(C3058,参数!$B:$H,4,0),\"\")","v":""},{"$f":"IFERROR(VLOOKUP(C3058,参数!B:H,3,FALSE),\"\")","v":""},"",1]
[3058,{"$nulls":6},{"$f":"IFERROR(VLOOKUP(C3059,参数!$B:$H,2,0),\"\")","v":""},{"$f":"IFERROR(VLOOKUP(C3059,参数!$B:$H,4,0),\"\")","v":""},{"$f":"IFERROR(VLOOKUP(C3059,参数!B:H,3,FALSE),\"\")","v":""},"",1]
[3059,{"$nulls":6},{"$f":"IFERROR(VLOOKUP(C3060,参数!$B:$H,2,0),\"\")","v":""},{"$f":"IFERROR(VLOOKUP(C3060,参数!$B:$H,4,0),\"\")","v":""},{"$f":"IFERROR(VLOOKUP(C3060,参数!B:H,3,FALSE),\"\")","v":""},"",1]
[3060,{"$nulls":6},{"$f":"IFERROR(VLOOKUP(C3061,参数!$B:$H,2,0),\"\")","v":""},{"$f":"IFERROR(VLOOKUP(C3061,参数!$B:$H,4,0),\"\")","v":""},{"$f":"IFERROR(VLOOKUP(C3061,参数!B:H,3,FALSE),\"\")","v":""},"",1]
[3061,{"$nulls":6},{"$f":"IFERROR(VLOOKUP(C3062,参数!$B:$H,2,0),\"\")","v":""},{"$f":"IFERROR(VLOOKUP(C3062,参数!$B:$H,4,0),\"\")","v":""},{"$f":"IFERROR(VLOOKUP(C3062,参数!B:H,3,FALSE),\"\")","v":""},"",1]
[3062,{"$nulls":6},{"$f":"IFERROR(VLOOKUP(C3063,参数!$B:$H,2,0),\"\")","v":""},{"$f":"IFERROR(VLOOKUP(C3063,参数!$B:$H,4,0),\"\")","v":""},{"$f":"IFERROR(VLOOKUP(C3063,参数!B:H,3,FALSE),\"\")","v":""},"",1]
[3063,{"$nulls":6},{"$f":"IFERROR(VLOOKUP(C3064,参数!$B:$H,2,0),\"\")","v":""},{"$f":"IFERROR(VLOOKUP(C3064,参数!$B:$H,4,0),\"\")","v":""},{"$f":"IFERROR(VLOOKUP(C3064,参数!B:H,3,FALSE),\"\")","v":""},"",1]
[3064,{"$nulls":6},{"$f":"IFERROR(VLOOKUP(C3065,参数!$B:$H,2,0),\"\")","v":""},{"$f":"IFERROR(VLOOKUP(C3065,参数!$B:$H,4,0),\"\")","v":""},{"$f":"IFERROR(VLOOKUP(C3065,参数!B:H,3,FALSE),\"\")","v":""},"",1]
[3065,{"$nulls":6},{"$f":"IFERROR(VLOOKUP(C3066,参数!$B:$H,2,0),\"\")","v":""},{"$f":"IFERROR(VLOOKUP(C3066,参数!$B:$H,4,0),\"\")","v":""},{"$f":"IFERROR(VLOOKUP(C3066,参数!B:H,3,FALSE),\"\")","v":""},"",1]
[3066,{"$nulls":6},{"$f":"IFERROR(VLOOKUP(C3067,参数!$B:$H,2,0),\"\")","v":""},{"$f":"IFERROR(VLOOKUP(C3067,参数!$B:$H,4,0),\"\")","v":""},{"$f":"IFERROR(VLOOKUP(C3067,参数!B:H,3,FALSE),\"\")","v":""},"",1]
[3067,{"$nulls":6},{"$f":"IFERROR(VLOOKUP(C3068,参数!$B:$H,2,0),\"\")","v":""},{"$f":"IFERROR(VLOOKUP(C3068,参数!$B:$H,4,0),\"\")","v":""},{"$f":"IFERROR(VLOOKUP(C3068,参数!B:H,3,FALSE),\"\")","v":""},"",1]
[3068,{"$nulls":6},{"$f":"IFERROR(VLOOKUP(C3069,参数!$B:$H,2,0),\"\")","v":""},{"$f":"IFERROR(VLOOKUP(C3069,参数!$B:$H,4,0),\"\")","v":""},{"$f":"IFERROR(VLOOKUP(C3069,参数!B:H,3,FALSE),\"\")","v":""},"",1]
[3069,{"$nulls":6},{"$f":"IFERROR(VLOOKUP(C3070,参数!$B:$H,2,0),\"\")","v":""},{"$f":"IFERROR(VLOOKUP(C3070,参数!$B:$H,4,0),\"\")","v":""},{"$f":"IFERROR(VLOOKUP(C3070,参数!B:H,3,FALSE),\"\")","v":""},"",1]
[3070,{"$nulls":6},{"$f":"IFERROR(VLOOKUP(C3071,参数!$B:$H,2,0),\"\")","v":""},{"$f":"IFERROR(VLOOKUP(C3071,参数!$B:$H,4,0),\"\")","v":""},{"$f":"IFERROR(VLOOKUP(C3071,参数!B:H,3,FALSE),\"\")","v":""},"",1]
[3071,{"$nulls":6},{"$f":"IFERROR(VLOOKUP(C3072,参数!$B:$H,2,0),\"\")","v":""},{"$f":"IFERROR(VLOOKUP(C3072,参数!$B:$H,4,0),\"\")","v":""},{"$f":"IFERROR(VLOOKUP(C3072,参数!B:H,3,FALSE),\"\")","v":""},"",1]
[3072,{"$nulls":6},{"$f":"IFERROR(VLOOKUP(C3073,参数!$B:$H,2,0),\"\")","v":""},{"$f":"IFERROR(VLOOKUP(C3073,参数!$B:$H,4,0),\"\")","v":""},{"$f":"IFERROR(VLOOKUP(C3073,参数!B:H,3,FALSE),\"\")","v":""},"",1]
[3073,{"$nulls":6},{"$f":"IFERROR(VLOOKUP(C3074,参数!$B:$H,2,0),\"\")","v":""},{"$f":"IFERROR(VLOOKUP(C3074,参数!$B:$H,4,0),\"\")","v":""},{"$f":"IFERROR(VLOOKUP(C3074,参数!B:H,3,FALSE),\"\")","v":""},"",{"$f":"VALUE(MONTH(B3074))","v":1}]
[3074,{"$nulls":6},{"$f":"IFERROR(VLOOKUP(C3075,参数!$B:$H,2,0),\"\")","v":""},{"$f":"IFERROR(VLOOKUP(C3075,参数!$B:$H,4,0),\"\")","v":""},{"$f":"IFERROR(VLOOKUP(C3075,参数!B:H,3,FALSE),\"\")","v":""},"",1]
[3075,{"$nulls":6},{"$f":"IFERROR(VLOOKUP(C3076,参数!$B:$H,2,0),\"\")","v":""},{"$f":"IFERROR(VLOOKUP(C3076,参数!$B:$H,4,0),\"\")","v":""},{"$f":"IFERROR(VLOOKUP(C3076,参数!B:H,3,FALSE),\"\")","v":""},"",1]
[3076,{"$nulls":6},{"$f":"IFERROR(VLOOKUP(C3077,参数!$B:$H,2,0),\"\")","v":""},{"$f":"IFERROR(VLOOKUP(C3077,参数!$B:$H,4,0),\"\")","v":""},{"$f":"IFERROR(VLOOKUP(C3077,参数!B:H,3,FALSE),\"\")","v":""},"",1]
[3077,{"$nulls":6},{"$f":"IFERROR(VLOOKUP(C3078,参数!$B:$H,2,0),\"\")","v":""},{"$f":"IFERROR(VLOOKUP(C3078,参数!$B:$H,4,0),\"\")","v":""},{"$f":"IFERROR(VLOOKUP(C3078,参数!B:H,3,FALSE),\"\")","v":""},"",1]
[3078,{"$nulls":6},{"$f":"IFERROR(VLOOKUP(C3079,参数!$B:$H,2,0),\"\")","v":""},{"$f":"IFERROR(VLOOKUP(C3079,参数!$B:$H,4,0),\"\")","v":""},{"$f":"IFERROR(VLOOKUP(C3079,参数!B:H,3,FALSE),\"\")","v":""},"",1]
[3079,{"$nulls":6},{"$f":"IFERROR(VLOOKUP(C3080,参数!$B:$H,2,0),\"\")","v":""},{"$f":"IFERROR(VLOOKUP(C3080,参数!$B:$H,4,0),\"\")","v":""},{"$f":"IFERROR(VLOOKUP(C3080,参数!B:H,3,FALSE),\"\")","v":""},"",1]
[3080,{"$nulls":6},{"$f":"IFERROR(VLOOKUP(C3081,参数!$B:$H,2,0),\"\")","v":""},{"$f":"IFERROR(VLOOKUP(C3081,参数!$B:$H,4,0),\"\")","v":""},{"$f":"IFERROR(VLOOKUP(C3081,参数!B:H,3,FALSE),\"\")","v":""},"",1]
[3081,{"$nulls":6},{"$f":"IFERROR(VLOOKUP(C3082,参数!$B:$H,2,0),\"\")","v":""},{"$f":"IFERROR(VLOOKUP(C3082,参数!$B:$H,4,0),\"\")","v":""},{"$f":"IFERROR(VLOOKUP(C3082,参数!B:H,3,FALSE),\"\")","v":""},"",1]
[3082,{"$nulls":6},{"$f":"IFERROR(VLOOKUP(C3083,参数!$B:$H,2,0),\"\")","v":""},{"$f":"IFERROR(VLOOKUP(C3083,参数!$B:$H,4,0),\"\")","v":""},{"$f":"IFERROR(VLOOKUP(C3083,参数!B:H,3,FALSE),\"\")","v":""},"",1]
[3083,{"$nulls":6},{"$f":"IFERROR(VLOOKUP(C3084,参数!$B:$H,2,0),\"\")","v":""},{"$f":"IFERROR(VLOOKUP(C3084,参数!$B:$H,4,0),\"\")","v":""},{"$f":"IFERROR(VLOOKUP(C3084,参数!B:H,3,FALSE),\"\")","v":""},"",1]
[3084,{"$nulls":6},{"$f":"IFERROR(VLOOKUP(C3085,参数!$B:$H,2,0),\"\")","v":""},{"$f":"IFERROR(VLOOKUP(C3085,参数!$B:$H,4,0),\"\")","v":""},{"$f":"IFERROR(VLOOKUP(C3085,参数!B:H,3,FALSE),\"\")","v":""},"",1]
[3085,{"$nulls":6},{"$f":"IFERROR(VLOOKUP(C3086,参数!$B:$H,2,0),\"\")","v":""},{"$f":"IFERROR(VLOOKUP(C3086,参数!$B:$H,4,0),\"\")","v":""},{"$f":"IFERROR(VLOOKUP(C3086,参数!B:H,3,FALSE),\"\")","v":""},"",1]
[3086,{"$nulls":6},{"$f":"IFERROR(VLOOKUP(C3087,参数!$B:$H,2,0),\"\")","v":""},{"$f":"IFERROR(VLOOKUP(C3087,参数!$B:$H,4,0),\"\")","v":""},{"$f":"IFERROR(VLOOKUP(C3087,参数!B:H,3,FALSE),\"\")","v":""},"",1]
[3087,{"$nulls":6},{"$f":"IFERROR(VLOOKUP(C3088,参数!$B:$H,2,0),\"\")","v":""},{"$f":"IFERROR(VLOOKUP(C3088,参数!$B:$H,4,0),\"\")","v":""},{"$f":"IFERROR(VLOOKUP(C3088,参数!B:H,3,FALSE),\"\")","v":""},"",1]
[3088,{"$nulls":6},{"$f":"IFERROR(VLOOKUP(C3089,参数!$B:$H,2,0),\"\")","v":""},{"$f":"IFERROR(VLOOKUP(C3089,参数!$B:$H,4,0),\"\")","v":""},{"$f":"IFERROR(VLOOKUP(C3089,参数!B:H,3,FALSE),\"\")","v":""},"",1]
[3089,{"$nulls":6},{"$f":"IFERROR(VLOOKUP(C3090,参数!$B:$H,2,0),\"\")","v":""},{"$f":"IFERROR(VLOOKUP(C3090,参数!$B:$H,4,0),\"\")","v":""},{"$f":"IFERROR(VLOOKUP(C3090,参数!B:H,3,FALSE),\"\")","v":""},"",1]
[3090,{"$nulls":6},{"$f":"IFERROR(VLOOKUP(C3091,参数!$B:$H,2,0),\"\")","v":""},{"$f":"IFERROR(VLOOKUP(C3091,参数!$B:$H,4,0),\"\")","v":""},{"$f":"IFERROR(VLOOKUP(C3091,参数!B:H,3,FALSE),\"\")","v":""},"",1]
[3091,{"$nulls":6},{"$f":"IFERROR(VLOOKUP(C3092,参数!$B:$H,2,0),\"\")","v":""},{"$f":"IFERROR(VLOOKUP(C3092,参数!$B:$H,4,0),\"\")","v":""},{"$f":"IFERROR(VLOOKUP(C3092,参数!B:H,3,FALSE),\"\")","v":""},"",1]
[3092,{"$nulls":6},{"$f":"IFERROR(VLOOKUP(C3093,参数!$B:$H,2,0),\"\")","v":""},{"$f":"IFERROR(VLOOKUP(C3093,参数!$B:$H,4,0),\"\")","v":""},{"$f":"IFERROR(VLOOKUP(C3093,参数!B:H,3,FALSE),\"\")","v":""},"",1]
[3093,{"$nulls":6},{"$f":"IFERROR(VLOOKUP(C3094,参数!$B:$H,2,0),\"\")","v":""},{"$f":"IFERROR(VLOOKUP(C3094,参数!$B:$H,4,0),\"\")","v":""},{"$f":"IFERROR(VLOOKUP(C3094,参数!B:H,3,FALSE),\"\")","v":""},"",1]
[3094,{"$nulls":6},{"$f":"IFERROR(VLOOKUP(C3095,参数!$B:$H,2,0),\"\")","v":""},{"$f":"IFERROR(VLOOKUP(C3095,参数!$B:$H,4,0),\"\")","v":""},{"$f":"IFERROR(VLOOKUP(C3095,参数!B:H,3,FALSE),\"\")","v":""},"",1]
[3095,{"$nulls":6},{"$f":"IFERROR(VLOOKUP(C3096,参数!$B:$H,2,0),\"\")","v":""},{"$f":"IFERROR(VLOOKUP(C3096,参数!$B:$H,4,0),\"\")","v":""},{"$f":"IFERROR(VLOOKUP(C3096,参数!B:H,3,FALSE),\"\")","v":""},"",1]
[3096,{"$nulls":6},{"$f":"IFERROR(VLOOKUP(C3097,参数!$B:$H,2,0),\"\")","v":""},{"$f":"IFERROR(VLOOKUP(C3097,参数!$B:$H,4,0),\"\")","v":""},{"$f":"IFERROR(VLOOKUP(C3097,参数!B:H,3,FALSE),\"\")","v":""},"",1]
[3097,{"$nulls":6},{"$f":"IFERROR(VLOOKUP(C3098,参数!$B:$H,2,0),\"\")","v":""},{"$f":"IFERROR(VLOOKUP(C3098,参数!$B:$H,4,0),\"\")","v":""},{"$f":"IFERROR(VLOOKUP(C3098,参数!B:H,3,FALSE),\"\")","v":""},"",1]
[3098,{"$nulls":6},{"$f":"IFERROR(VLOOKUP(C3099,参数!$B:$H,2,0),\"\")","v":""},{"$f":"IFERROR(VLOOKUP(C3099,参数!$B:$H,4,0),\"\")","v":""},{"$f":"IFERROR(VLOOKUP(C3099,参数!B:H,3,FALSE),\"\")","v":""},"",1]
[3099,{"$nulls":6},{"$f":"IFERROR(VLOOKUP(C3100,参数!$B:$H,2,0),\"\")","v":""},{"$f":"IFERROR(VLOOKUP(C3100,参数!$B:$H,4,0),\"\")","v":""},{"$f":"IFERROR(VLOOKUP(C3100,参数!B:H,3,FALSE),\"\")","v":""},"",1]
[3100,{"$nulls":6},{"$f":"IFERROR(VLOOKUP(C3101,参数!$B:$H,2,0),\"\")","v":""},{"$f":"IFERROR(VLOOKUP(C3101,参数!$B:$H,4,0),\"\")","v":""},{"$f":"IFERROR(VLOOKUP(C3101,参数!B:H,3,FALSE),\"\")","v":""},"",1]
[3101,{"$nulls":6},{"$f":"IFERROR(VLOOKUP(C3102,参数!$B:$H,2,0),\"\")","v":""},{"$f":"IFERROR(VLOOKUP(C3102,参数!$B:$H,4,0),\"\")","v":""},{"$f":"IFERROR(VLOOKUP(C3102,参数!B:H,3,FALSE),\"\")","v":""},"",1]
[3102,{"$nulls":6},{"$f":"IFERROR(VLOOKUP(C3103,参数!$B:$H,2,0),\"\")","v":""},{"$f":"IFERROR(VLOOKUP(C3103,参数!$B:$H,4,0),\"\")","v":""},{"$f":"IFERROR(VLOOKUP(C3103,参数!B:H,3,FALSE),\"\")","v":""},"",1]
[3103,{"$nulls":6},{"$f":"IFERROR(VLOOKUP(C3104,参数!$B:$H,2,0),\"\")","v":""},{"$f":"IFERROR(VLOOKUP(C3104,参数!$B:$H,4,0),\"\")","v":""},{"$f":"IFERROR(VLOOKUP(C3104,参数!B:H,3,FALSE),\"\")","v":""},"",1]
[3104,{"$nulls":6},{"$f":"IFERROR(VLOOKUP(C3105,参数!$B:$H,2,0),\"\")","v":""},{"$f":"IFERROR(VLOOKUP(C3105,参数!$B:$H,4,0),\"\")","v":""},{"$f":"IFERROR(VLOOKUP(C3105,参数!B:H,3,FALSE),\"\")","v":""},"",1]
[3105,{"$nulls":6},{"$f":"IFERROR(VLOOKUP(C3106,参数!$B:$H,2,0),\"\")","v":""},{"$f":"IFERROR(VLOOKUP(C3106,参数!$B:$H,4,0),\"\")","v":""},{"$f":"IFERROR(VLOOKUP(C3106,参数!B:H,3,FALSE),\"\")","v":""},"",1]
[3106,{"$nulls":6},{"$f":"IFERROR(VLOOKUP(C3107,参数!$B:$H,2,0),\"\")","v":""},{"$f":"IFERROR(VLOOKUP(C3107,参数!$B:$H,4,0),\"\")","v":""},{"$f":"IFERROR(VLOOKUP(C3107,参数!B:H,3,FALSE),\"\")","v":""},"",1]
[3107,{"$nulls":6},{"$f":"IFERROR(VLOOKUP(C3108,参数!$B:$H,2,0),\"\")","v":""},{"$f":"IFERROR(VLOOKUP(C3108,参数!$B:$H,4,0),\"\")","v":""},{"$f":"IFERROR(VLOOKUP(C3108,参数!B:H,3,FALSE),\"\")","v":""},"",1]
[3108,{"$nulls":6},{"$f":"IFERROR(VLOOKUP(C3109,参数!$B:$H,2,0),\"\")","v":""},{"$f":"IFERROR(VLOOKUP(C3109,参数!$B:$H,4,0),\"\")","v":""},{"$f":"IFERROR(VLOOKUP(C3109,参数!B:H,3,FALSE),\"\")","v":""},{"$f":"IFERROR(J3109*E3109,\"\")","v":""},1]
[3109,{"$nulls":6},{"$f":"IFERROR(VLOOKUP(C3110,参数!$B:$H,2,0),\"\")","v":""},{"$f":"IFERROR(VLOOKUP(C3110,参数!$B:$H,4,0),\"\")","v":""},{"$f":"IFERROR(VLOOKUP(C3110,参数!B:H,3,FALSE),\"\")","v":""},"",1]
[3110,{"$nulls":6},{"$f":"IFERROR(VLOOKUP(C3111,参数!$B:$H,2,0),\"\")","v":""},{"$f":"IFERROR(VLOOKUP(C3111,参数!$B:$H,4,0),\"\")","v":""},{"$f":"IFERROR(VLOOKUP(C3111,参数!B:H,3,FALSE),\"\")","v":""},"",1]
[3111,{"$nulls":6},{"$f":"IFERROR(VLOOKUP(C3112,参数!$B:$H,2,0),\"\")","v":""},{"$f":"IFERROR(VLOOKUP(C3112,参数!$B:$H,4,0),\"\")","v":""},{"$f":"IFERROR(VLOOKUP(C3112,参数!B:H,3,FALSE),\"\")","v":""},"",1]
[3112,{"$nulls":6},{"$f":"IFERROR(VLOOKUP(C3113,参数!$B:$H,2,0),\"\")","v":""},{"$f":"IFERROR(VLOOKUP(C3113,参数!$B:$H,4,0),\"\")","v":""},{"$f":"IFERROR(VLOOKUP(C3113,参数!B:H,3,FALSE),\"\")","v":""},"",1]
[3113,{"$nulls":6},{"$f":"IFERROR(VLOOKUP(C3114,参数!$B:$H,2,0),\"\")","v":""},{"$f":"IFERROR(VLOOKUP(C3114,参数!$B:$H,4,0),\"\")","v":""},{"$f":"IFERROR(VLOOKUP(C3114,参数!B:H,3,FALSE),\"\")","v":""},"",1]
[3114,{"$nulls":6},{"$f":"IFERROR(VLOOKUP(C3115,参数!$B:$H,2,0),\"\")","v":""},{"$f":"IFERROR(VLOOKUP(C3115,参数!$B:$H,4,0),\"\")","v":""},{"$f":"IFERROR(VLOOKUP(C3115,参数!B:H,3,FALSE),\"\")","v":""},"",1]
[3115,{"$nulls":6},{"$f":"IFERROR(VLOOKUP(C3116,参数!$B:$H,2,0),\"\")","v":""},{"$f":"IFERROR(VLOOKUP(C3116,参数!$B:$H,4,0),\"\")","v":""},{"$f":"IFERROR(VLOOKUP(C3116,参数!B:H,3,FALSE),\"\")","v":""},"",1]
[3116,{"$nulls":6},{"$f":"IFERROR(VLOOKUP(C3117,参数!$B:$H,2,0),\"\")","v":""},{"$f":"IFERROR(VLOOKUP(C3117,参数!$B:$H,4,0),\"\")","v":""},{"$f":"IFERROR(VLOOKUP(C3117,参数!B:H,3,FALSE),\"\")","v":""},"",1]
[3117,{"$nulls":6},{"$f":"IFERROR(VLOOKUP(C3118,参数!$B:$H,2,0),\"\")","v":""},{"$f":"IFERROR(VLOOKUP(C3118,参数!$B:$H,4,0),\"\")","v":""},{"$f":"IFERROR(VLOOKUP(C3118,参数!B:H,3,FALSE),\"\")","v":""},"",1]
[3118,{"$nulls":6},{"$f":"IFERROR(VLOOKUP(C3119,参数!$B:$H,2,0),\"\")","v":""},{"$f":"IFERROR(VLOOKUP(C3119,参数!$B:$H,4,0),\"\")","v":""},{"$f":"IFERROR(VLOOKUP(C3119,参数!B:H,3,FALSE),\"\")","v":""},"",1]
[3119,{"$nulls":6},{"$f":"IFERROR(VLOOKUP(C3120,参数!$B:$H,2,0),\"\")","v":""},{"$f":"IFERROR(VLOOKUP(C3120,参数!$B:$H,4,0),\"\")","v":""},{"$f":"IFERROR(VLOOKUP(C3120,参数!B:H,3,FALSE),\"\")","v":""},"",1]
[3120,{"$nulls":6},{"$f":"IFERROR(VLOOKUP(C3121,参数!$B:$H,2,0),\"\")","v":""},{"$f":"IFERROR(VLOOKUP(C3121,参数!$B:$H,4,0),\"\")","v":""},{"$f":"IFERROR(VLOOKUP(C3121,参数!B:H,3,FALSE),\"\")","v":""},"",1]
[3121,{"$nulls":6},{"$f":"IFERROR(VLOOKUP(C3122,参数!$B:$H,2,0),\"\")","v":""},{"$f":"IFERROR(VLOOKUP(C3122,参数!$B:$H,4,0),\"\")","v":""},{"$f":"IFERROR(VLOOKUP(C3122,参数!B:H,3,FALSE),\"\")","v":""},"",1]
[3122,{"$nulls":6},{"$f":"IFERROR(VLOOKUP(C3123,参数!$B:$H,2,0),\"\")","v":""},{"$f":"IFERROR(VLOOKUP(C3123,参数!$B:$H,4,0),\"\")","v":""},{"$f":"IFERROR(VLOOKUP(C3123,参数!B:H,3,FALSE),\"\")","v":""},"",1]
[3123,{"$nulls":6},{"$f":"IFERROR(VLOOKUP(C3124,参数!$B:$H,2,0),\"\")","v":""},{"$f":"IFERROR(VLOOKUP(C3124,参数!$B:$H,4,0),\"\")","v":""},{"$f":"IFERROR(VLOOKUP(C3124,参数!B:H,3,FALSE),\"\")","v":""},"",1]
[3124,{"$nulls":6},{"$f":"IFERROR(VLOOKUP(C3125,参数!$B:$H,2,0),\"\")","v":""},{"$f":"IFERROR(VLOOKUP(C3125,参数!$B:$H,4,0),\"\")","v":""},{"$f":"IFERROR(VLOOKUP(C3125,参数!B:H,3,FALSE),\"\")","v":""},"",1]
[3125,{"$nulls":6},{"$f":"IFERROR(VLOOKUP(C3126,参数!$B:$H,2,0),\"\")","v":""},{"$f":"IFERROR(VLOOKUP(C3126,参数!$B:$H,4,0),\"\")","v":""},{"$f":"IFERROR(VLOOKUP(C3126,参数!B:H,3,FALSE),\"\")","v":""},"",1]
[3126,{"$nulls":6},{"$f":"IFERROR(VLOOKUP(C3127,参数!$B:$H,2,0),\"\")","v":""},{"$f":"IFERROR(VLOOKUP(C3127,参数!$B:$H,4,0),\"\")","v":""},{"$f":"IFERROR(VLOOKUP(C3127,参数!B:H,3,FALSE),\"\")","v":""},"",1]
[3127,{"$nulls":6},{"$f":"IFERROR(VLOOKUP(C3128,参数!$B:$H,2,0),\"\")","v":""},{"$f":"IFERROR(VLOOKUP(C3128,参数!$B:$H,4,0),\"\")","v":""},{"$f":"IFERROR(VLOOKUP(C3128,参数!B:H,3,FALSE),\"\")","v":""},"",1]
[3128,{"$nulls":6},{"$f":"IFERROR(VLOOKUP(C3129,参数!$B:$H,2,0),\"\")","v":""},{"$f":"IFERROR(VLOOKUP(C3129,参数!$B:$H,4,0),\"\")","v":""},{"$f":"IFERROR(VLOOKUP(C3129,参数!B:H,3,FALSE),\"\")","v":""},"",1]
[3129,{"$nulls":6},{"$f":"IFERROR(VLOOKUP(C3130,参数!$B:$H,2,0),\"\")","v":""},{"$f":"IFERROR(VLOOKUP(C3130,参数!$B:$H,4,0),\"\")","v":""},{"$f":"IFERROR(VLOOKUP(C3130,参数!B:H,3,FALSE),\"\")","v":""},"",1]
[3130,{"$nulls":6},{"$f":"IFERROR(VLOOKUP(C3131,参数!$B:$H,2,0),\"\")","v":""},{"$f":"IFERROR(VLOOKUP(C3131,参数!$B:$H,4,0),\"\")","v":""},{"$f":"IFERROR(VLOOKUP(C3131,参数!B:H,3,FALSE),\"\")","v":""},"",1]
[3131,{"$nulls":6},{"$f":"IFERROR(VLOOKUP(C3132,参数!$B:$H,2,0),\"\")","v":""},{"$f":"IFERROR(VLOOKUP(C3132,参数!$B:$H,4,0),\"\")","v":""},{"$f":"IFERROR(VLOOKUP(C3132,参数!B:H,3,FALSE),\"\")","v":""},"",1]
[3132,{"$nulls":6},{"$f":"IFERROR(VLOOKUP(C3133,参数!$B:$H,2,0),\"\")","v":""},{"$f":"IFERROR(VLOOKUP(C3133,参数!$B:$H,4,0),\"\")","v":""},{"$f":"IFERROR(VLOOKUP(C3133,参数!B:H,3,FALSE),\"\")","v":""},"",1]
[3133,{"$nulls":6},{"$f":"IFERROR(VLOOKUP(C3134,参数!$B:$H,2,0),\"\")","v":""},{"$f":"IFERROR(VLOOKUP(C3134,参数!$B:$H,4,0),\"\")","v":""},{"$f":"IFERROR(VLOOKUP(C3134,参数!B:H,3,FALSE),\"\")","v":""},"",1]
[3134,{"$nulls":6},{"$f":"IFERROR(VLOOKUP(C3135,参数!$B:$H,2,0),\"\")","v":""},{"$f":"IFERROR(VLOOKUP(C3135,参数!$B:$H,4,0),\"\")","v":""},{"$f":"IFERROR(VLOOKUP(C3135,参数!B:H,3,FALSE),\"\")","v":""},"",1]
[3135,{"$nulls":6},{"$f":"IFERROR(VLOOKUP(C3136,参数!$B:$H,2,0),\"\")","v":""},{"$f":"IFERROR(VLOOKUP(C3136,参数!$B:$H,4,0),\"\")","v":""},{"$f":"IFERROR(VLOOKUP(C3136,参数!B:H,3,FALSE),\"\")","v":""},"",1]
[3136,{"$nulls":6},{"$f":"IFERROR(VLOOKUP(C3137,参数!$B:$H,2,0),\"\")","v":""},{"$f":"IFERROR(VLOOKUP(C3137,参数!$B:$H,4,0),\"\")","v":""},{"$f":"IFERROR(VLOOKUP(C3137,参数!B:H,3,FALSE),\"\")","v":""},"",1]
[3137,{"$nulls":6},{"$f":"IFERROR(VLOOKUP(C3138,参数!$B:$H,2,0),\"\")","v":""},{"$f":"IFERROR(VLOOKUP(C3138,参数!$B:$H,4,0),\"\")","v":""},{"$f":"IFERROR(VLOOKUP(C3138,参数!B:H,3,FALSE),\"\")","v":""},"",{"$f":"VALUE(MONTH(B3138))","v":1}]
[3138,{"$nulls":6},{"$f":"IFERROR(VLOOKUP(C3139,参数!$B:$H,2,0),\"\")","v":""},{"$f":"IFERROR(VLOOKUP(C3139,参数!$B:$H,4,0),\"\")","v":""},{"$f":"IFERROR(VLOOKUP(C3139,参数!B:H,3,FALSE),\"\")","v":""},"",1]
[3139,{"$nulls":6},{"$f":"IFERROR(VLOOKUP(C3140,参数!$B:$H,2,0),\"\")","v":""},{"$f":"IFERROR(VLOOKUP(C3140,参数!$B:$H,4,0),\"\")","v":""},{"$f":"IFERROR(VLOOKUP(C3140,参数!B:H,3,FALSE),\"\")","v":""},"",1]
[3140,{"$nulls":6},{"$f":"IFERROR(VLOOKUP(C3141,参数!$B:$H,2,0),\"\")","v":""},{"$f":"IFERROR(VLOOKUP(C3141,参数!$B:$H,4,0),\"\")","v":""},{"$f":"IFERROR(VLOOKUP(C3141,参数!B:H,3,FALSE),\"\")","v":""},"",1]
[3141,{"$nulls":6},{"$f":"IFERROR(VLOOKUP(C3142,参数!$B:$H,2,0),\"\")","v":""},{"$f":"IFERROR(VLOOKUP(C3142,参数!$B:$H,4,0),\"\")","v":""},{"$f":"IFERROR(VLOOKUP(C3142,参数!B:H,3,FALSE),\"\")","v":""},"",1]
[3142,{"$nulls":6},{"$f":"IFERROR(VLOOKUP(C3143,参数!$B:$H,2,0),\"\")","v":""},{"$f":"IFERROR(VLOOKUP(C3143,参数!$B:$H,4,0),\"\")","v":""},{"$f":"IFERROR(VLOOKUP(C3143,参数!B:H,3,FALSE),\"\")","v":""},"",1]
[3143,{"$nulls":6},{"$f":"IFERROR(VLOOKUP(C3144,参数!$B:$H,2,0),\"\")","v":""},{"$f":"IFERROR(VLOOKUP(C3144,参数!$B:$H,4,0),\"\")","v":""},{"$f":"IFERROR(VLOOKUP(C3144,参数!B:H,3,FALSE),\"\")","v":""},"",1]
[3144,{"$nulls":6},{"$f":"IFERROR(VLOOKUP(C3145,参数!$B:$H,2,0),\"\")","v":""},{"$f":"IFERROR(VLOOKUP(C3145,参数!$B:$H,4,0),\"\")","v":""},{"$f":"IFERROR(VLOOKUP(C3145,参数!B:H,3,FALSE),\"\")","v":""},"",1]
[3145,{"$nulls":6},{"$f":"IFERROR(VLOOKUP(C3146,参数!$B:$H,2,0),\"\")","v":""},{"$f":"IFERROR(VLOOKUP(C3146,参数!$B:$H,4,0),\"\")","v":""},{"$f":"IFERROR(VLOOKUP(C3146,参数!B:H,3,FALSE),\"\")","v":""},"",1]
[3146,{"$nulls":6},{"$f":"IFERROR(VLOOKUP(C3147,参数!$B:$H,2,0),\"\")","v":""},{"$f":"IFERROR(VLOOKUP(C3147,参数!$B:$H,4,0),\"\")","v":""},{"$f":"IFERROR(VLOOKUP(C3147,参数!B:H,3,FALSE),\"\")","v":""},"",1]
[3147,{"$nulls":6},{"$f":"IFERROR(VLOOKUP(C3148,参数!$B:$H,2,0),\"\")","v":""},{"$f":"IFERROR(VLOOKUP(C3148,参数!$B:$H,4,0),\"\")","v":""},{"$f":"IFERROR(VLOOKUP(C3148,参数!B:H,3,FALSE),\"\")","v":""},"",1]
[3148,{"$nulls":6},{"$f":"IFERROR(VLOOKUP(C3149,参数!$B:$H,2,0),\"\")","v":""},{"$f":"IFERROR(VLOOKUP(C3149,参数!$B:$H,4,0),\"\")","v":""},{"$f":"IFERROR(VLOOKUP(C3149,参数!B:H,3,FALSE),\"\")","v":""},"",1]
[3149,{"$nulls":6},{"$f":"IFERROR(VLOOKUP(C3150,参数!$B:$H,2,0),\"\")","v":""},{"$f":"IFERROR(VLOOKUP(C3150,参数!$B:$H,4,0),\"\")","v":""},{"$f":"IFERROR(VLOOKUP(C3150,参数!B:H,3,FALSE),\"\")","v":""},"",1]
[3150,{"$nulls":6},{"$f":"IFERROR(VLOOKUP(C3151,参数!$B:$H,2,0),\"\")","v":""},{"$f":"IFERROR(VLOOKUP(C3151,参数!$B:$H,4,0),\"\")","v":""},{"$f":"IFERROR(VLOOKUP(C3151,参数!B:H,3,FALSE),\"\")","v":""},"",1]
[3151,{"$nulls":6},{"$f":"IFERROR(VLOOKUP(C3152,参数!$B:$H,2,0),\"\")","v":""},{"$f":"IFERROR(VLOOKUP(C3152,参数!$B:$H,4,0),\"\")","v":""},{"$f":"IFERROR(VLOOKUP(C3152,参数!B:H,3,FALSE),\"\")","v":""},"",1]
[3152,{"$nulls":6},{"$f":"IFERROR(VLOOKUP(C3153,参数!$B:$H,2,0),\"\")","v":""},{"$f":"IFERROR(VLOOKUP(C3153,参数!$B:$H,4,0),\"\")","v":""},{"$f":"IFERROR(VLOOKUP(C3153,参数!B:H,3,FALSE),\"\")","v":""},"",1]
[3153,{"$nulls":6},{"$f":"IFERROR(VLOOKUP(C3154,参数!$B:$H,2,0),\"\")","v":""},{"$f":"IFERROR(VLOOKUP(C3154,参数!$B:$H,4,0),\"\")","v":""},{"$f":"IFERROR(VLOOKUP(C3154,参数!B:H,3,FALSE),\"\")","v":""},"",1]
[3154,{"$nulls":6},{"$f":"IFERROR(VLOOKUP(C3155,参数!$B:$H,2,0),\"\")","v":""},{"$f":"IFERROR(VLOOKUP(C3155,参数!$B:$H,4,0),\"\")","v":""},{"$f":"IFERROR(VLOOKUP(C3155,参数!B:H,3,FALSE),\"\")","v":""},"",1]
[3155,{"$nulls":6},{"$f":"IFERROR(VLOOKUP(C3156,参数!$B:$H,2,0),\"\")","v":""},{"$f":"IFERROR(VLOOKUP(C3156,参数!$B:$H,4,0),\"\")","v":""},{"$f":"IFERROR(VLOOKUP(C3156,参数!B:H,3,FALSE),\"\")","v":""},"",1]
[3156,{"$nulls":6},{"$f":"IFERROR(VLOOKUP(C3157,参数!$B:$H,2,0),\"\")","v":""},{"$f":"IFERROR(VLOOKUP(C3157,参数!$B:$H,4,0),\"\")","v":""},{"$f":"IFERROR(VLOOKUP(C3157,参数!B:H,3,FALSE),\"\")","v":""},"",1]
[3157,{"$nulls":6},{"$f":"IFERROR(VLOOKUP(C3158,参数!$B:$H,2,0),\"\")","v":""},{"$f":"IFERROR(VLOOKUP(C3158,参数!$B:$H,4,0),\"\")","v":""},{"$f":"IFERROR(VLOOKUP(C3158,参数!B:H,3,FALSE),\"\")","v":""},"",1]
[3158,{"$nulls":6},{"$f":"IFERROR(VLOOKUP(C3159,参数!$B:$H,2,0),\"\")","v":""},{"$f":"IFERROR(VLOOKUP(C3159,参数!$B:$H,4,0),\"\")","v":""},{"$f":"IFERROR(VLOOKUP(C3159,参数!B:H,3,FALSE),\"\")","v":""},"",1]
[3159,{"$nulls":6},{"$f":"IFERROR(VLOOKUP(C3160,参数!$B:$H,2,0),\"\")","v":""},{"$f":"IFERROR(VLOOKUP(C3160,参数!$B:$H,4,0),\"\")","v":""},{"$f":"IFERROR(VLOOKUP(C3160,参数!B:H,3,FALSE),\"\")","v":""},"",1]
[3160,{"$nulls":6},{"$f":"IFERROR(VLOOKUP(C3161,参数!$B:$H,2,0),\"\")","v":""},{"$f":"IFERROR(VLOOKUP(C3161,参数!$B:$H,4,0),\"\")","v":""},{"$f":"IFERROR(VLOOKUP(C3161,参数!B:H,3,FALSE),\"\")","v":""},"",1]
[3161,{"$nulls":6},{"$f":"IFERROR(VLOOKUP(C3162,参数!$B:$H,2,0),\"\")","v":""},{"$f":"IFERROR(VLOOKUP(C3162,参数!$B:$H,4,0),\"\")","v":""},{"$f":"IFERROR(VLOOKUP(C3162,参数!B:H,3,FALSE),\"\")","v":""},"",1]
[3162,{"$nulls":6},{"$f":"IFERROR(VLOOKUP(C3163,参数!$B:$H,2,0),\"\")","v":""},{"$f":"IFERROR(VLOOKUP(C3163,参数!$B:$H,4,0),\"\")","v":""},{"$f":"IFERROR(VLOOKUP(C3163,参数!B:H,3,FALSE),\"\")","v":""},"",1]
[3163,{"$nulls":6},{"$f":"IFERROR(VLOOKUP(C3164,参数!$B:$H,2,0),\"\")","v":""},{"$f":"IFERROR(VLOOKUP(C3164,参数!$B:$H,4,0),\"\")","v":""},{"$f":"IFERROR(VLOOKUP(C3164,参数!B:H,3,FALSE),\"\")","v":""},"",1]
[3164,{"$nulls":6},{"$f":"IFERROR(VLOOKUP(C3165,参数!$B:$H,2,0),\"\")","v":""},{"$f":"IFERROR(VLOOKUP(C3165,参数!$B:$H,4,0),\"\")","v":""},{"$f":"IFERROR(VLOOKUP(C3165,参数!B:H,3,FALSE),\"\")","v":""},"",1]
[3165,{"$nulls":6},{"$f":"IFERROR(VLOOKUP(C3166,参数!$B:$H,2,0),\"\")","v":""},{"$f":"IFERROR(VLOOKUP(C3166,参数!$B:$H,4,0),\"\")","v":""},{"$f":"IFERROR(VLOOKUP(C3166,参数!B:H,3,FALSE),\"\")","v":""},"",1]
[3166,{"$nulls":6},{"$f":"IFERROR(VLOOKUP(C3167,参数!$B:$H,2,0),\"\")","v":""},{"$f":"IFERROR(VLOOKUP(C3167,参数!$B:$H,4,0),\"\")","v":""},{"$f":"IFERROR(VLOOKUP(C3167,参数!B:H,3,FALSE),\"\")","v":""},"",1]
[3167,{"$nulls":6},{"$f":"IFERROR(VLOOKUP(C3168,参数!$B:$H,2,0),\"\")","v":""},{"$f":"IFERROR(VLOOKUP(C3168,参数!$B:$H,4,0),\"\")","v":""},{"$f":"IFERROR(VLOOKUP(C3168,参数!B:H,3,FALSE),\"\")","v":""},"",1]
[3168,{"$nulls":6},{"$f":"IFERROR(VLOOKUP(C3169,参数!$B:$H,2,0),\"\")","v":""},{"$f":"IFERROR(VLOOKUP(C3169,参数!$B:$H,4,0),\"\")","v":""},{"$f":"IFERROR(VLOOKUP(C3169,参数!B:H,3,FALSE),\"\")","v":""},"",1]
[3169,{"$nulls":6},{"$f":"IFERROR(VLOOKUP(C3170,参数!$B:$H,2,0),\"\")","v":""},{"$f":"IFERROR(VLOOKUP(C3170,参数!$B:$H,4,0),\"\")","v":""},{"$f":"IFERROR(VLOOKUP(C3170,参数!B:H,3,FALSE),\"\")","v":""},"",1]
[3170,{"$nulls":6},{"$f":"IFERROR(VLOOKUP(C3171,参数!$B:$H,2,0),\"\")","v":""},{"$f":"IFERROR(VLOOKUP(C3171,参数!$B:$H,4,0),\"\")","v":""},{"$f":"IFERROR(VLOOKUP(C3171,参数!B:H,3,FALSE),\"\")","v":""},"",1]
[3171,{"$nulls":6},{"$f":"IFERROR(VLOOKUP(C3172,参数!$B:$H,2,0),\"\")","v":""},{"$f":"IFERROR(VLOOKUP(C3172,参数!$B:$H,4,0),\"\")","v":""},{"$f":"IFERROR(VLOOKUP(C3172,参数!B:H,3,FALSE),\"\")","v":""},"",1]
[3172,{"$nulls":6},{"$f":"IFERROR(VLOOKUP(C3173,参数!$B:$H,2,0),\"\")","v":""},{"$f":"IFERROR(VLOOKUP(C3173,参数!$B:$H,4,0),\"\")","v":""},{"$f":"IFERROR(VLOOKUP(C3173,参数!B:H,3,FALSE),\"\")","v":""},{"$f":"IFERROR(J3173*E3173,\"\")","v":""},1]
[3173,{"$nulls":6},{"$f":"IFERROR(VLOOKUP(C3174,参数!$B:$H,2,0),\"\")","v":""},{"$f":"IFERROR(VLOOKUP(C3174,参数!$B:$H,4,0),\"\")","v":""},{"$f":"IFERROR(VLOOKUP(C3174,参数!B:H,3,FALSE),\"\")","v":""},"",1]
[3174,{"$nulls":6},{"$f":"IFERROR(VLOOKUP(C3175,参数!$B:$H,2,0),\"\")","v":""},{"$f":"IFERROR(VLOOKUP(C3175,参数!$B:$H,4,0),\"\")","v":""},{"$f":"IFERROR(VLOOKUP(C3175,参数!B:H,3,FALSE),\"\")","v":""},"",1]
[3175,{"$nulls":6},{"$f":"IFERROR(VLOOKUP(C3176,参数!$B:$H,2,0),\"\")","v":""},{"$f":"IFERROR(VLOOKUP(C3176,参数!$B:$H,4,0),\"\")","v":""},{"$f":"IFERROR(VLOOKUP(C3176,参数!B:H,3,FALSE),\"\")","v":""},"",1]
[3176,{"$nulls":6},{"$f":"IFERROR(VLOOKUP(C3177,参数!$B:$H,2,0),\"\")","v":""},{"$f":"IFERROR(VLOOKUP(C3177,参数!$B:$H,4,0),\"\")","v":""},{"$f":"IFERROR(VLOOKUP(C3177,参数!B:H,3,FALSE),\"\")","v":""},"",1]
[3177,{"$nulls":6},{"$f":"IFERROR(VLOOKUP(C3178,参数!$B:$H,2,0),\"\")","v":""},{"$f":"IFERROR(VLOOKUP(C3178,参数!$B:$H,4,0),\"\")","v":""},{"$f":"IFERROR(VLOOKUP(C3178,参数!B:H,3,FALSE),\"\")","v":""},"",1]
[3178,{"$nulls":6},{"$f":"IFERROR(VLOOKUP(C3179,参数!$B:$H,2,0),\"\")","v":""},{"$f":"IFERROR(VLOOKUP(C3179,参数!$B:$H,4,0),\"\")","v":""},{"$f":"IFERROR(VLOOKUP(C3179,参数!B:H,3,FALSE),\"\")","v":""},"",1]
[3179,{"$nulls":6},{"$f":"IFERROR(VLOOKUP(C3180,参数!$B:$H,2,0),\"\")","v":""},{"$f":"IFERROR(VLOOKUP(C3180,参数!$B:$H,4,0),\"\")","v":""},{"$f":"IFERROR(VLOOKUP(C3180,参数!B:H,3,FALSE),\"\")","v":""},"",1]
[3180,{"$nulls":6},{"$f":"IFERROR(VLOOKUP(C3181,参数!$B:$H,2,0),\"\")","v":""},{"$f":"IFERROR(VLOOKUP(C3181,参数!$B:$H,4,0),\"\")","v":""},{"$f":"IFERROR(VLOOKUP(C3181,参数!B:H,3,FALSE),\"\")","v":""},"",1]
[3181,{"$nulls":6},{"$f":"IFERROR(VLOOKUP(C3182,参数!$B:$H,2,0),\"\")","v":""},{"$f":"IFERROR(VLOOKUP(C3182,参数!$B:$H,4,0),\"\")","v":""},{"$f":"IFERROR(VLOOKUP(C3182,参数!B:H,3,FALSE),\"\")","v":""},"",1]
[3182,{"$nulls":6},{"$f":"IFERROR(VLOOKUP(C3183,参数!$B:$H,2,0),\"\")","v":""},{"$f":"IFERROR(VLOOKUP(C3183,参数!$B:$H,4,0),\"\")","v":""},{"$f":"IFERROR(VLOOKUP(C3183,参数!B:H,3,FALSE),\"\")","v":""},"",1]
[3183,{"$nulls":6},{"$f":"IFERROR(VLOOKUP(C3184,参数!$B:$H,2,0),\"\")","v":""},{"$f":"IFERROR(VLOOKUP(C3184,参数!$B:$H,4,0),\"\")","v":""},{"$f":"IFERROR(VLOOKUP(C3184,参数!B:H,3,FALSE),\"\")","v":""},"",1]
[3184,{"$nulls":6},{"$f":"IFERROR(VLOOKUP(C3185,参数!$B:$H,2,0),\"\")","v":""},{"$f":"IFERROR(VLOOKUP(C3185,参数!$B:$H,4,0),\"\")","v":""},{"$f":"IFERROR(VLOOKUP(C3185,参数!B:H,3,FALSE),\"\")","v":""},"",1]
[3185,{"$nulls":6},{"$f":"IFERROR(VLOOKUP(C3186,参数!$B:$H,2,0),\"\")","v":""},{"$f":"IFERROR(VLOOKUP(C3186,参数!$B:$H,4,0),\"\")","v":""},{"$f":"IFERROR(VLOOKUP(C3186,参数!B:H,3,FALSE),\"\")","v":""},"",1]
[3186,{"$nulls":6},{"$f":"IFERROR(VLOOKUP(C3187,参数!$B:$H,2,0),\"\")","v":""},{"$f":"IFERROR(VLOOKUP(C3187,参数!$B:$H,4,0),\"\")","v":""},{"$f":"IFERROR(VLOOKUP(C3187,参数!B:H,3,FALSE),\"\")","v":""},"",1]
[3187,{"$nulls":6},{"$f":"IFERROR(VLOOKUP(C3188,参数!$B:$H,2,0),\"\")","v":""},{"$f":"IFERROR(VLOOKUP(C3188,参数!$B:$H,4,0),\"\")","v":""},{"$f":"IFERROR(VLOOKUP(C3188,参数!B:H,3,FALSE),\"\")","v":""},"",1]
[3188,{"$nulls":6},{"$f":"IFERROR(VLOOKUP(C3189,参数!$B:$H,2,0),\"\")","v":""},{"$f":"IFERROR(VLOOKUP(C3189,参数!$B:$H,4,0),\"\")","v":""},{"$f":"IFERROR(VLOOKUP(C3189,参数!B:H,3,FALSE),\"\")","v":""},"",1]
[3189,{"$nulls":6},{"$f":"IFERROR(VLOOKUP(C3190,参数!$B:$H,2,0),\"\")","v":""},{"$f":"IFERROR(VLOOKUP(C3190,参数!$B:$H,4,0),\"\")","v":""},{"$f":"IFERROR(VLOOKUP(C3190,参数!B:H,3,FALSE),\"\")","v":""},"",1]
[3190,{"$nulls":6},{"$f":"IFERROR(VLOOKUP(C3191,参数!$B:$H,2,0),\"\")","v":""},{"$f":"IFERROR(VLOOKUP(C3191,参数!$B:$H,4,0),\"\")","v":""},{"$f":"IFERROR(VLOOKUP(C3191,参数!B:H,3,FALSE),\"\")","v":""},"",1]
[3191,{"$nulls":6},{"$f":"IFERROR(VLOOKUP(C3192,参数!$B:$H,2,0),\"\")","v":""},{"$f":"IFERROR(VLOOKUP(C3192,参数!$B:$H,4,0),\"\")","v":""},{"$f":"IFERROR(VLOOKUP(C3192,参数!B:H,3,FALSE),\"\")","v":""},"",1]
[3192,{"$nulls":6},{"$f":"IFERROR(VLOOKUP(C3193,参数!$B:$H,2,0),\"\")","v":""},{"$f":"IFERROR(VLOOKUP(C3193,参数!$B:$H,4,0),\"\")","v":""},{"$f":"IFERROR(VLOOKUP(C3193,参数!B:H,3,FALSE),\"\")","v":""},"",1]
[3193,{"$nulls":6},{"$f":"IFERROR(VLOOKUP(C3194,参数!$B:$H,2,0),\"\")","v":""},{"$f":"IFERROR(VLOOKUP(C3194,参数!$B:$H,4,0),\"\")","v":""},{"$f":"IFERROR(VLOOKUP(C3194,参数!B:H,3,FALSE),\"\")","v":""},"",1]
[3194,{"$nulls":6},{"$f":"IFERROR(VLOOKUP(C3195,参数!$B:$H,2,0),\"\")","v":""},{"$f":"IFERROR(VLOOKUP(C3195,参数!$B:$H,4,0),\"\")","v":""},{"$f":"IFERROR(VLOOKUP(C3195,参数!B:H,3,FALSE),\"\")","v":""},"",1]
[3195,{"$nulls":6},{"$f":"IFERROR(VLOOKUP(C3196,参数!$B:$H,2,0),\"\")","v":""},{"$f":"IFERROR(VLOOKUP(C3196,参数!$B:$H,4,0),\"\")","v":""},{"$f":"IFERROR(VLOOKUP(C3196,参数!B:H,3,FALSE),\"\")","v":""},"",1]
[3196,{"$nulls":6},{"$f":"IFERROR(VLOOKUP(C3197,参数!$B:$H,2,0),\"\")","v":""},{"$f":"IFERROR(VLOOKUP(C3197,参数!$B:$H,4,0),\"\")","v":""},{"$f":"IFERROR(VLOOKUP(C3197,参数!B:H,3,FALSE),\"\")","v":""},"",1]
[3197,{"$nulls":6},{"$f":"IFERROR(VLOOKUP(C3198,参数!$B:$H,2,0),\"\")","v":""},{"$f":"IFERROR(VLOOKUP(C3198,参数!$B:$H,4,0),\"\")","v":""},{"$f":"IFERROR(VLOOKUP(C3198,参数!B:H,3,FALSE),\"\")","v":""},"",1]
[3198,{"$nulls":6},{"$f":"IFERROR(VLOOKUP(C3199,参数!$B:$H,2,0),\"\")","v":""},{"$f":"IFERROR(VLOOKUP(C3199,参数!$B:$H,4,0),\"\")","v":""},{"$f":"IFERROR(VLOOKUP(C3199,参数!B:H,3,FALSE),\"\")","v":""},"",1]
[3199,{"$nulls":6},{"$f":"IFERROR(VLOOKUP(C3200,参数!$B:$H,2,0),\"\")","v":""},{"$f":"IFERROR(VLOOKUP(C3200,参数!$B:$H,4,0),\"\")","v":""},{"$f":"IFERROR(VLOOKUP(C3200,参数!B:H,3,FALSE),\"\")","v":""},"",1]
[3200,{"$nulls":6},{"$f":"IFERROR(VLOOKUP(C3201,参数!$B:$H,2,0),\"\")","v":""},{"$f":"IFERROR(VLOOKUP(C3201,参数!$B:$H,4,0),\"\")","v":""},{"$f":"IFERROR(VLOOKUP(C3201,参数!B:H,3,FALSE),\"\")","v":""},"",1]
[3201,{"$nulls":6},{"$f":"IFERROR(VLOOKUP(C3202,参数!$B:$H,2,0),\"\")","v":""},{"$f":"IFERROR(VLOOKUP(C3202,参数!$B:$H,4,0),\"\")","v":""},{"$f":"IFERROR(VLOOKUP(C3202,参数!B:H,3,FALSE),\"\")","v":""},"",{"$f":"VALUE(MONTH(B3202))","v":1}]
[3202,{"$nulls":6},{"$f":"IFERROR(VLOOKUP(C3203,参数!$B:$H,2,0),\"\")","v":""},{"$f":"IFERROR(VLOOKUP(C3203,参数!$B:$H,4,0),\"\")","v":""},{"$f":"IFERROR(VLOOKUP(C3203,参数!B:H,3,FALSE),\"\")","v":""},"",1]
[3203,{"$nulls":6},{"$f":"IFERROR(VLOOKUP(C3204,参数!$B:$H,2,0),\"\")","v":""},{"$f":"IFERROR(VLOOKUP(C3204,参数!$B:$H,4,0),\"\")","v":""},{"$f":"IFERROR(VLOOKUP(C3204,参数!B:H,3,FALSE),\"\")","v":""},"",1]
[3204,{"$nulls":6},{"$f":"IFERROR(VLOOKUP(C3205,参数!$B:$H,2,0),\"\")","v":""},{"$f":"IFERROR(VLOOKUP(C3205,参数!$B:$H,4,0),\"\")","v":""},{"$f":"IFERROR(VLOOKUP(C3205,参数!B:H,3,FALSE),\"\")","v":""},"",1]
[3205,{"$nulls":6},{"$f":"IFERROR(VLOOKUP(C3206,参数!$B:$H,2,0),\"\")","v":""},{"$f":"IFERROR(VLOOKUP(C3206,参数!$B:$H,4,0),\"\")","v":""},{"$f":"IFERROR(VLOOKUP(C3206,参数!B:H,3,FALSE),\"\")","v":""},"",1]
[3206,{"$nulls":6},{"$f":"IFERROR(VLOOKUP(C3207,参数!$B:$H,2,0),\"\")","v":""},{"$f":"IFERROR(VLOOKUP(C3207,参数!$B:$H,4,0),\"\")","v":""},{"$f":"IFERROR(VLOOKUP(C3207,参数!B:H,3,FALSE),\"\")","v":""},"",1]
[3207,{"$nulls":6},{"$f":"IFERROR(VLOOKUP(C3208,参数!$B:$H,2,0),\"\")","v":""},{"$f":"IFERROR(VLOOKUP(C3208,参数!$B:$H,4,0),\"\")","v":""},{"$f":"IFERROR(VLOOKUP(C3208,参数!B:H,3,FALSE),\"\")","v":""},"",1]
[3208,{"$nulls":6},{"$f":"IFERROR(VLOOKUP(C3209,参数!$B:$H,2,0),\"\")","v":""},{"$f":"IFERROR(VLOOKUP(C3209,参数!$B:$H,4,0),\"\")","v":""},{"$f":"IFERROR(VLOOKUP(C3209,参数!B:H,3,FALSE),\"\")","v":""},"",1]
[3209,{"$nulls":6},{"$f":"IFERROR(VLOOKUP(C3210,参数!$B:$H,2,0),\"\")","v":""},{"$f":"IFERROR(VLOOKUP(C3210,参数!$B:$H,4,0),\"\")","v":""},{"$f":"IFERROR(VLOOKUP(C3210,参数!B:H,3,FALSE),\"\")","v":""},"",1]
[3210,{"$nulls":6},{"$f":"IFERROR(VLOOKUP(C3211,参数!$B:$H,2,0),\"\")","v":""},{"$f":"IFERROR(VLOOKUP(C3211,参数!$B:$H,4,0),\"\")","v":""},{"$f":"IFERROR(VLOOKUP(C3211,参数!B:H,3,FALSE),\"\")","v":""},"",1]
[3211,{"$nulls":6},{"$f":"IFERROR(VLOOKUP(C3212,参数!$B:$H,2,0),\"\")","v":""},{"$f":"IFERROR(VLOOKUP(C3212,参数!$B:$H,4,0),\"\")","v":""},{"$f":"IFERROR(VLOOKUP(C3212,参数!B:H,3,FALSE),\"\")","v":""},"",1]
[3212,{"$nulls":6},{"$f":"IFERROR(VLOOKUP(C3213,参数!$B:$H,2,0),\"\")","v":""},{"$f":"IFERROR(VLOOKUP(C3213,参数!$B:$H,4,0),\"\")","v":""},{"$f":"IFERROR(VLOOKUP(C3213,参数!B:H,3,FALSE),\"\")","v":""},"",1]
[3213,{"$nulls":6},{"$f":"IFERROR(VLOOKUP(C3214,参数!$B:$H,2,0),\"\")","v":""},{"$f":"IFERROR(VLOOKUP(C3214,参数!$B:$H,4,0),\"\")","v":""},{"$f":"IFERROR(VLOOKUP(C3214,参数!B:H,3,FALSE),\"\")","v":""},"",1]
[3214,{"$nulls":6},{"$f":"IFERROR(VLOOKUP(C3215,参数!$B:$H,2,0),\"\")","v":""},{"$f":"IFERROR(VLOOKUP(C3215,参数!$B:$H,4,0),\"\")","v":""},{"$f":"IFERROR(VLOOKUP(C3215,参数!B:H,3,FALSE),\"\")","v":""},"",1]
[3215,{"$nulls":6},{"$f":"IFERROR(VLOOKUP(C3216,参数!$B:$H,2,0),\"\")","v":""},{"$f":"IFERROR(VLOOKUP(C3216,参数!$B:$H,4,0),\"\")","v":""},{"$f":"IFERROR(VLOOKUP(C3216,参数!B:H,3,FALSE),\"\")","v":""},"",1]
[3216,{"$nulls":6},{"$f":"IFERROR(VLOOKUP(C3217,参数!$B:$H,2,0),\"\")","v":""},{"$f":"IFERROR(VLOOKUP(C3217,参数!$B:$H,4,0),\"\")","v":""},{"$f":"IFERROR(VLOOKUP(C3217,参数!B:H,3,FALSE),\"\")","v":""},"",1]
[3217,{"$nulls":6},{"$f":"IFERROR(VLOOKUP(C3218,参数!$B:$H,2,0),\"\")","v":""},{"$f":"IFERROR(VLOOKUP(C3218,参数!$B:$H,4,0),\"\")","v":""},{"$f":"IFERROR(VLOOKUP(C3218,参数!B:H,3,FALSE),\"\")","v":""},"",1]
[3218,{"$nulls":6},{"$f":"IFERROR(VLOOKUP(C3219,参数!$B:$H,2,0),\"\")","v":""},{"$f":"IFERROR(VLOOKUP(C3219,参数!$B:$H,4,0),\"\")","v":""},{"$f":"IFERROR(VLOOKUP(C3219,参数!B:H,3,FALSE),\"\")","v":""},"",1]
[3219,{"$nulls":6},{"$f":"IFERROR(VLOOKUP(C3220,参数!$B:$H,2,0),\"\")","v":""},{"$f":"IFERROR(VLOOKUP(C3220,参数!$B:$H,4,0),\"\")","v":""},{"$f":"IFERROR(VLOOKUP(C3220,参数!B:H,3,FALSE),\"\")","v":""},"",1]
[3220,{"$nulls":6},{"$f":"IFERROR(VLOOKUP(C3221,参数!$B:$H,2,0),\"\")","v":""},{"$f":"IFERROR(VLOOKUP(C3221,参数!$B:$H,4,0),\"\")","v":""},{"$f":"IFERROR(VLOOKUP(C3221,参数!B:H,3,FALSE),\"\")","v":""},"",1]
[3221,{"$nulls":6},{"$f":"IFERROR(VLOOKUP(C3222,参数!$B:$H,2,0),\"\")","v":""},{"$f":"IFERROR(VLOOKUP(C3222,参数!$B:$H,4,0),\"\")","v":""},{"$f":"IFERROR(VLOOKUP(C3222,参数!B:H,3,FALSE),\"\")","v":""},"",1]
[3222,{"$nulls":6},{"$f":"IFERROR(VLOOKUP(C3223,参数!$B:$H,2,0),\"\")","v":""},{"$f":"IFERROR(VLOOKUP(C3223,参数!$B:$H,4,0),\"\")","v":""},{"$f":"IFERROR(VLOOKUP(C3223,参数!B:H,3,FALSE),\"\")","v":""},"",1]
[3223,{"$nulls":6},{"$f":"IFERROR(VLOOKUP(C3224,参数!$B:$H,2,0),\"\")","v":""},{"$f":"IFERROR(VLOOKUP(C3224,参数!$B:$H,4,0),\"\")","v":""},{"$f":"IFERROR(VLOOKUP(C3224,参数!B:H,3,FALSE),\"\")","v":""},"",1]
[3224,{"$nulls":6},{"$f":"IFERROR(VLOOKUP(C3225,参数!$B:$H,2,0),\"\")","v":""},{"$f":"IFERROR(VLOOKUP(C3225,参数!$B:$H,4,0),\"\")","v":""},{"$f":"IFERROR(VLOOKUP(C3225,参数!B:H,3,FALSE),\"\")","v":""},"",1]
[3225,{"$nulls":6},{"$f":"IFERROR(VLOOKUP(C3226,参数!$B:$H,2,0),\"\")","v":""},{"$f":"IFERROR(VLOOKUP(C3226,参数!$B:$H,4,0),\"\")","v":""},{"$f":"IFERROR(VLOOKUP(C3226,参数!B:H,3,FALSE),\"\")","v":""},"",1]
[3226,{"$nulls":6},{"$f":"IFERROR(VLOOKUP(C3227,参数!$B:$H,2,0),\"\")","v":""},{"$f":"IFERROR(VLOOKUP(C3227,参数!$B:$H,4,0),\"\")","v":""},{"$f":"IFERROR(VLOOKUP(C3227,参数!B:H,3,FALSE),\"\")","v":""},"",1]
[3227,{"$nulls":6},{"$f":"IFERROR(VLOOKUP(C3228,参数!$B:$H,2,0),\"\")","v":""},{"$f":"IFERROR(VLOOKUP(C3228,参数!$B:$H,4,0),\"\")","v":""},{"$f":"IFERROR(VLOOKUP(C3228,参数!B:H,3,FALSE),\"\")","v":""},"",1]
[3228,{"$nulls":6},{"$f":"IFERROR(VLOOKUP(C3229,参数!$B:$H,2,0),\"\")","v":""},{"$f":"IFERROR(VLOOKUP(C3229,参数!$B:$H,4,0),\"\")","v":""},{"$f":"IFERROR(VLOOKUP(C3229,参数!B:H,3,FALSE),\"\")","v":""},"",1]
[3229,{"$nulls":6},{"$f":"IFERROR(VLOOKUP(C3230,参数!$B:$H,2,0),\"\")","v":""},{"$f":"IFERROR(VLOOKUP(C3230,参数!$B:$H,4,0),\"\")","v":""},{"$f":"IFERROR(VLOOKUP(C3230,参数!B:H,3,FALSE),\"\")","v":""},"",1]
[3230,{"$nulls":6},{"$f":"IFERROR(VLOOKUP(C3231,参数!$B:$H,2,0),\"\")","v":""},{"$f":"IFERROR(VLOOKUP(C3231,参数!$B:$H,4,0),\"\")","v":""},{"$f":"IFERROR(VLOOKUP(C3231,参数!B:H,3,FALSE),\"\")","v":""},"",1]
[3231,{"$nulls":6},{"$f":"IFERROR(VLOOKUP(C3232,参数!$B:$H,2,0),\"\")","v":""},{"$f":"IFERROR(VLOOKUP(C3232,参数!$B:$H,4,0),\"\")","v":""},{"$f":"IFERROR(VLOOKUP(C3232,参数!B:H,3,FALSE),\"\")","v":""},"",1]
[3232,{"$nulls":6},{"$f":"IFERROR(VLOOKUP(C3233,参数!$B:$H,2,0),\"\")","v":""},{"$f":"IFERROR(VLOOKUP(C3233,参数!$B:$H,4,0),\"\")","v":""},{"$f":"IFERROR(VLOOKUP(C3233,参数!B:H,3,FALSE),\"\")","v":""},"",1]
[3233,{"$nulls":6},{"$f":"IFERROR(VLOOKUP(C3234,参数!$B:$H,2,0),\"\")","v":""},{"$f":"IFERROR(VLOOKUP(C3234,参数!$B:$H,4,0),\"\")","v":""},{"$f":"IFERROR(VLOOKUP(C3234,参数!B:H,3,FALSE),\"\")","v":""},"",1]
[3234,{"$nulls":6},{"$f":"IFERROR(VLOOKUP(C3235,参数!$B:$H,2,0),\"\")","v":""},{"$f":"IFERROR(VLOOKUP(C3235,参数!$B:$H,4,0),\"\")","v":""},{"$f":"IFERROR(VLOOKUP(C3235,参数!B:H,3,FALSE),\"\")","v":""},"",1]
[3235,{"$nulls":6},{"$f":"IFERROR(VLOOKUP(C3236,参数!$B:$H,2,0),\"\")","v":""},{"$f":"IFERROR(VLOOKUP(C3236,参数!$B:$H,4,0),\"\")","v":""},{"$f":"IFERROR(VLOOKUP(C3236,参数!B:H,3,FALSE),\"\")","v":""},"",1]
[3236,{"$nulls":6},{"$f":"IFERROR(VLOOKUP(C3237,参数!$B:$H,2,0),\"\")","v":""},{"$f":"IFERROR(VLOOKUP(C3237,参数!$B:$H,4,0),\"\")","v":""},{"$f":"IFERROR(VLOOKUP(C3237,参数!B:H,3,FALSE),\"\")","v":""},{"$f":"IFERROR(J3237*E3237,\"\")","v":""},1]
[3237,{"$nulls":6},{"$f":"IFERROR(VLOOKUP(C3238,参数!$B:$H,2,0),\"\")","v":""},{"$f":"IFERROR(VLOOKUP(C3238,参数!$B:$H,4,0),\"\")","v":""},{"$f":"IFERROR(VLOOKUP(C3238,参数!B:H,3,FALSE),\"\")","v":""},"",1]
[3238,{"$nulls":6},{"$f":"IFERROR(VLOOKUP(C3239,参数!$B:$H,2,0),\"\")","v":""},{"$f":"IFERROR(VLOOKUP(C3239,参数!$B:$H,4,0),\"\")","v":""},{"$f":"IFERROR(VLOOKUP(C3239,参数!B:H,3,FALSE),\"\")","v":""},"",1]
[3239,{"$nulls":6},{"$f":"IFERROR(VLOOKUP(C3240,参数!$B:$H,2,0),\"\")","v":""},{"$f":"IFERROR(VLOOKUP(C3240,参数!$B:$H,4,0),\"\")","v":""},{"$f":"IFERROR(VLOOKUP(C3240,参数!B:H,3,FALSE),\"\")","v":""},"",1]
[3240,{"$nulls":6},{"$f":"IFERROR(VLOOKUP(C3241,参数!$B:$H,2,0),\"\")","v":""},{"$f":"IFERROR(VLOOKUP(C3241,参数!$B:$H,4,0),\"\")","v":""},{"$f":"IFERROR(VLOOKUP(C3241,参数!B:H,3,FALSE),\"\")","v":""},"",1]
[3241,{"$nulls":6},{"$f":"IFERROR(VLOOKUP(C3242,参数!$B:$H,2,0),\"\")","v":""},{"$f":"IFERROR(VLOOKUP(C3242,参数!$B:$H,4,0),\"\")","v":""},{"$f":"IFERROR(VLOOKUP(C3242,参数!B:H,3,FALSE),\"\")","v":""},"",1]
[3242,{"$nulls":6},{"$f":"IFERROR(VLOOKUP(C3243,参数!$B:$H,2,0),\"\")","v":""},{"$f":"IFERROR(VLOOKUP(C3243,参数!$B:$H,4,0),\"\")","v":""},{"$f":"IFERROR(VLOOKUP(C3243,参数!B:H,3,FALSE),\"\")","v":""},"",1]
[3243,{"$nulls":6},{"$f":"IFERROR(VLOOKUP(C3244,参数!$B:$H,2,0),\"\")","v":""},{"$f":"IFERROR(VLOOKUP(C3244,参数!$B:$H,4,0),\"\")","v":""},{"$f":"IFERROR(VLOOKUP(C3244,参数!B:H,3,FALSE),\"\")","v":""},"",1]
[3244,{"$nulls":6},{"$f":"IFERROR(VLOOKUP(C3245,参数!$B:$H,2,0),\"\")","v":""},{"$f":"IFERROR(VLOOKUP(C3245,参数!$B:$H,4,0),\"\")","v":""},{"$f":"IFERROR(VLOOKUP(C3245,参数!B:H,3,FALSE),\"\")","v":""},"",1]
[3245,{"$nulls":6},{"$f":"IFERROR(VLOOKUP(C3246,参数!$B:$H,2,0),\"\")","v":""},{"$f":"IFERROR(VLOOKUP(C3246,参数!$B:$H,4,0),\"\")","v":""},{"$f":"IFERROR(VLOOKUP(C3246,参数!B:H,3,FALSE),\"\")","v":""},"",1]
[3246,{"$nulls":6},{"$f":"IFERROR(VLOOKUP(C3247,参数!$B:$H,2,0),\"\")","v":""},{"$f":"IFERROR(VLOOKUP(C3247,参数!$B:$H,4,0),\"\")","v":""},{"$f":"IFERROR(VLOOKUP(C3247,参数!B:H,3,FALSE),\"\")","v":""},"",1]
[3247,{"$nulls":6},{"$f":"IFERROR(VLOOKUP(C3248,参数!$B:$H,2,0),\"\")","v":""},{"$f":"IFERROR(VLOOKUP(C3248,参数!$B:$H,4,0),\"\")","v":""},{"$f":"IFERROR(VLOOKUP(C3248,参数!B:H,3,FALSE),\"\")","v":""},"",1]
[3248,{"$nulls":6},{"$f":"IFERROR(VLOOKUP(C3249,参数!$B:$H,2,0),\"\")","v":""},{"$f":"IFERROR(VLOOKUP(C3249,参数!$B:$H,4,0),\"\")","v":""},{"$f":"IFERROR(VLOOKUP(C3249,参数!B:H,3,FALSE),\"\")","v":""},"",1]
[3249,{"$nulls":6},{"$f":"IFERROR(VLOOKUP(C3250,参数!$B:$H,2,0),\"\")","v":""},{"$f":"IFERROR(VLOOKUP(C3250,参数!$B:$H,4,0),\"\")","v":""},{"$f":"IFERROR(VLOOKUP(C3250,参数!B:H,3,FALSE),\"\")","v":""},"",1]
[3250,{"$nulls":6},{"$f":"IFERROR(VLOOKUP(C3251,参数!$B:$H,2,0),\"\")","v":""},{"$f":"IFERROR(VLOOKUP(C3251,参数!$B:$H,4,0),\"\")","v":""},{"$f":"IFERROR(VLOOKUP(C3251,参数!B:H,3,FALSE),\"\")","v":""},"",1]
[3251,{"$nulls":6},{"$f":"IFERROR(VLOOKUP(C3252,参数!$B:$H,2,0),\"\")","v":""},{"$f":"IFERROR(VLOOKUP(C3252,参数!$B:$H,4,0),\"\")","v":""},{"$f":"IFERROR(VLOOKUP(C3252,参数!B:H,3,FALSE),\"\")","v":""},"",1]
[3252,{"$nulls":6},{"$f":"IFERROR(VLOOKUP(C3253,参数!$B:$H,2,0),\"\")","v":""},{"$f":"IFERROR(VLOOKUP(C3253,参数!$B:$H,4,0),\"\")","v":""},{"$f":"IFERROR(VLOOKUP(C3253,参数!B:H,3,FALSE),\"\")","v":""},"",1]
[3253,{"$nulls":6},{"$f":"IFERROR(VLOOKUP(C3254,参数!$B:$H,2,0),\"\")","v":""},{"$f":"IFERROR(VLOOKUP(C3254,参数!$B:$H,4,0),\"\")","v":""},{"$f":"IFERROR(VLOOKUP(C3254,参数!B:H,3,FALSE),\"\")","v":""},"",1]
[3254,{"$nulls":6},{"$f":"IFERROR(VLOOKUP(C3255,参数!$B:$H,2,0),\"\")","v":""},{"$f":"IFERROR(VLOOKUP(C3255,参数!$B:$H,4,0),\"\")","v":""},{"$f":"IFERROR(VLOOKUP(C3255,参数!B:H,3,FALSE),\"\")","v":""},"",1]
[3255,{"$nulls":6},{"$f":"IFERROR(VLOOKUP(C3256,参数!$B:$H,2,0),\"\")","v":""},{"$f":"IFERROR(VLOOKUP(C3256,参数!$B:$H,4,0),\"\")","v":""},{"$f":"IFERROR(VLOOKUP(C3256,参数!B:H,3,FALSE),\"\")","v":""},"",1]
[3256,{"$nulls":6},{"$f":"IFERROR(VLOOKUP(C3257,参数!$B:$H,2,0),\"\")","v":""},{"$f":"IFERROR(VLOOKUP(C3257,参数!$B:$H,4,0),\"\")","v":""},{"$f":"IFERROR(VLOOKUP(C3257,参数!B:H,3,FALSE),\"\")","v":""},"",1]
[3257,{"$nulls":6},{"$f":"IFERROR(VLOOKUP(C3258,参数!$B:$H,2,0),\"\")","v":""},{"$f":"IFERROR(VLOOKUP(C3258,参数!$B:$H,4,0),\"\")","v":""},{"$f":"IFERROR(VLOOKUP(C3258,参数!B:H,3,FALSE),\"\")","v":""},"",1]
[3258,{"$nulls":6},{"$f":"IFERROR(VLOOKUP(C3259,参数!$B:$H,2,0),\"\")","v":""},{"$f":"IFERROR(VLOOKUP(C3259,参数!$B:$H,4,0),\"\")","v":""},{"$f":"IFERROR(VLOOKUP(C3259,参数!B:H,3,FALSE),\"\")","v":""},"",1]
[3259,{"$nulls":6},{"$f":"IFERROR(VLOOKUP(C3260,参数!$B:$H,2,0),\"\")","v":""},{"$f":"IFERROR(VLOOKUP(C3260,参数!$B:$H,4,0),\"\")","v":""},{"$f":"IFERROR(VLOOKUP(C3260,参数!B:H,3,FALSE),\"\")","v":""},"",1]
[3260,{"$nulls":6},{"$f":"IFERROR(VLOOKUP(C3261,参数!$B:$H,2,0),\"\")","v":""},{"$f":"IFERROR(VLOOKUP(C3261,参数!$B:$H,4,0),\"\")","v":""},{"$f":"IFERROR(VLOOKUP(C3261,参数!B:H,3,FALSE),\"\")","v":""},"",1]
[3261,{"$nulls":6},{"$f":"IFERROR(VLOOKUP(C3262,参数!$B:$H,2,0),\"\")","v":""},{"$f":"IFERROR(VLOOKUP(C3262,参数!$B:$H,4,0),\"\")","v":""},{"$f":"IFERROR(VLOOKUP(C3262,参数!B:H,3,FALSE),\"\")","v":""},"",1]
[3262,{"$nulls":6},{"$f":"IFERROR(VLOOKUP(C3263,参数!$B:$H,2,0),\"\")","v":""},{"$f":"IFERROR(VLOOKUP(C3263,参数!$B:$H,4,0),\"\")","v":""},{"$f":"IFERROR(VLOOKUP(C3263,参数!B:H,3,FALSE),\"\")","v":""},"",1]
[3263,{"$nulls":6},{"$f":"IFERROR(VLOOKUP(C3264,参数!$B:$H,2,0),\"\")","v":""},{"$f":"IFERROR(VLOOKUP(C3264,参数!$B:$H,4,0),\"\")","v":""},{"$f":"IFERROR(VLOOKUP(C3264,参数!B:H,3,FALSE),\"\")","v":""},"",1]
[3264,{"$nulls":6},{"$f":"IFERROR(VLOOKUP(C3265,参数!$B:$H,2,0),\"\")","v":""},{"$f":"IFERROR(VLOOKUP(C3265,参数!$B:$H,4,0),\"\")","v":""},{"$f":"IFERROR(VLOOKUP(C3265,参数!B:H,3,FALSE),\"\")","v":""},"",1]
[3265,{"$nulls":6},{"$f":"IFERROR(VLOOKUP(C3266,参数!$B:$H,2,0),\"\")","v":""},{"$f":"IFERROR(VLOOKUP(C3266,参数!$B:$H,4,0),\"\")","v":""},{"$f":"IFERROR(VLOOKUP(C3266,参数!B:H,3,FALSE),\"\")","v":""},"",{"$f":"VALUE(MONTH(B3266))","v":1}]
[3266,{"$nulls":6},{"$f":"IFERROR(VLOOKUP(C3267,参数!$B:$H,2,0),\"\")","v":""},{"$f":"IFERROR(VLOOKUP(C3267,参数!$B:$H,4,0),\"\")","v":""},{"$f":"IFERROR(VLOOKUP(C3267,参数!B:H,3,FALSE),\"\")","v":""},"",1]
[3267,{"$nulls":6},{"$f":"IFERROR(VLOOKUP(C3268,参数!$B:$H,2,0),\"\")","v":""},{"$f":"IFERROR(VLOOKUP(C3268,参数!$B:$H,4,0),\"\")","v":""},{"$f":"IFERROR(VLOOKUP(C3268,参数!B:H,3,FALSE),\"\")","v":""},"",1]
[3268,{"$nulls":6},{"$f":"IFERROR(VLOOKUP(C3269,参数!$B:$H,2,0),\"\")","v":""},{"$f":"IFERROR(VLOOKUP(C3269,参数!$B:$H,4,0),\"\")","v":""},{"$f":"IFERROR(VLOOKUP(C3269,参数!B:H,3,FALSE),\"\")","v":""},"",1]
[3269,{"$nulls":6},{"$f":"IFERROR(VLOOKUP(C3270,参数!$B:$H,2,0),\"\")","v":""},{"$f":"IFERROR(VLOOKUP(C3270,参数!$B:$H,4,0),\"\")","v":""},{"$f":"IFERROR(VLOOKUP(C3270,参数!B:H,3,FALSE),\"\")","v":""},"",1]
[3270,{"$nulls":6},{"$f":"IFERROR(VLOOKUP(C3271,参数!$B:$H,2,0),\"\")","v":""},{"$f":"IFERROR(VLOOKUP(C3271,参数!$B:$H,4,0),\"\")","v":""},{"$f":"IFERROR(VLOOKUP(C3271,参数!B:H,3,FALSE),\"\")","v":""},"",1]
[3271,{"$nulls":6},{"$f":"IFERROR(VLOOKUP(C3272,参数!$B:$H,2,0),\"\")","v":""},{"$f":"IFERROR(VLOOKUP(C3272,参数!$B:$H,4,0),\"\")","v":""},{"$f":"IFERROR(VLOOKUP(C3272,参数!B:H,3,FALSE),\"\")","v":""},"",1]
[3272,{"$nulls":6},{"$f":"IFERROR(VLOOKUP(C3273,参数!$B:$H,2,0),\"\")","v":""},{"$f":"IFERROR(VLOOKUP(C3273,参数!$B:$H,4,0),\"\")","v":""},{"$f":"IFERROR(VLOOKUP(C3273,参数!B:H,3,FALSE),\"\")","v":""},"",1]
[3273,{"$nulls":6},{"$f":"IFERROR(VLOOKUP(C3274,参数!$B:$H,2,0),\"\")","v":""},{"$f":"IFERROR(VLOOKUP(C3274,参数!$B:$H,4,0),\"\")","v":""},{"$f":"IFERROR(VLOOKUP(C3274,参数!B:H,3,FALSE),\"\")","v":""},"",1]
[3274,{"$nulls":6},{"$f":"IFERROR(VLOOKUP(C3275,参数!$B:$H,2,0),\"\")","v":""},{"$f":"IFERROR(VLOOKUP(C3275,参数!$B:$H,4,0),\"\")","v":""},{"$f":"IFERROR(VLOOKUP(C3275,参数!B:H,3,FALSE),\"\")","v":""},"",1]
[3275,{"$nulls":6},{"$f":"IFERROR(VLOOKUP(C3276,参数!$B:$H,2,0),\"\")","v":""},{"$f":"IFERROR(VLOOKUP(C3276,参数!$B:$H,4,0),\"\")","v":""},{"$f":"IFERROR(VLOOKUP(C3276,参数!B:H,3,FALSE),\"\")","v":""},"",1]
[3276,{"$nulls":6},{"$f":"IFERROR(VLOOKUP(C3277,参数!$B:$H,2,0),\"\")","v":""},{"$f":"IFERROR(VLOOKUP(C3277,参数!$B:$H,4,0),\"\")","v":""},{"$f":"IFERROR(VLOOKUP(C3277,参数!B:H,3,FALSE),\"\")","v":""},"",1]
[3277,{"$nulls":6},{"$f":"IFERROR(VLOOKUP(C3278,参数!$B:$H,2,0),\"\")","v":""},{"$f":"IFERROR(VLOOKUP(C3278,参数!$B:$H,4,0),\"\")","v":""},{"$f":"IFERROR(VLOOKUP(C3278,参数!B:H,3,FALSE),\"\")","v":""},"",1]
[3278,{"$nulls":6},{"$f":"IFERROR(VLOOKUP(C3279,参数!$B:$H,2,0),\"\")","v":""},{"$f":"IFERROR(VLOOKUP(C3279,参数!$B:$H,4,0),\"\")","v":""},{"$f":"IFERROR(VLOOKUP(C3279,参数!B:H,3,FALSE),\"\")","v":""},"",1]
[3279,{"$nulls":6},{"$f":"IFERROR(VLOOKUP(C3280,参数!$B:$H,2,0),\"\")","v":""},{"$f":"IFERROR(VLOOKUP(C3280,参数!$B:$H,4,0),\"\")","v":""},{"$f":"IFERROR(VLOOKUP(C3280,参数!B:H,3,FALSE),\"\")","v":""},"",1]
[3280,{"$nulls":6},{"$f":"IFERROR(VLOOKUP(C3281,参数!$B:$H,2,0),\"\")","v":""},{"$f":"IFERROR(VLOOKUP(C3281,参数!$B:$H,4,0),\"\")","v":""},{"$f":"IFERROR(VLOOKUP(C3281,参数!B:H,3,FALSE),\"\")","v":""},"",1]
[3281,{"$nulls":6},{"$f":"IFERROR(VLOOKUP(C3282,参数!$B:$H,2,0),\"\")","v":""},{"$f":"IFERROR(VLOOKUP(C3282,参数!$B:$H,4,0),\"\")","v":""},{"$f":"IFERROR(VLOOKUP(C3282,参数!B:H,3,FALSE),\"\")","v":""},"",1]
[3282,{"$nulls":6},{"$f":"IFERROR(VLOOKUP(C3283,参数!$B:$H,2,0),\"\")","v":""},{"$f":"IFERROR(VLOOKUP(C3283,参数!$B:$H,4,0),\"\")","v":""},{"$f":"IFERROR(VLOOKUP(C3283,参数!B:H,3,FALSE),\"\")","v":""},"",1]
[3283,{"$nulls":6},{"$f":"IFERROR(VLOOKUP(C3284,参数!$B:$H,2,0),\"\")","v":""},{"$f":"IFERROR(VLOOKUP(C3284,参数!$B:$H,4,0),\"\")","v":""},{"$f":"IFERROR(VLOOKUP(C3284,参数!B:H,3,FALSE),\"\")","v":""},"",1]
[3284,{"$nulls":6},{"$f":"IFERROR(VLOOKUP(C3285,参数!$B:$H,2,0),\"\")","v":""},{"$f":"IFERROR(VLOOKUP(C3285,参数!$B:$H,4,0),\"\")","v":""},{"$f":"IFERROR(VLOOKUP(C3285,参数!B:H,3,FALSE),\"\")","v":""},"",1]
[3285,{"$nulls":6},{"$f":"IFERROR(VLOOKUP(C3286,参数!$B:$H,2,0),\"\")","v":""},{"$f":"IFERROR(VLOOKUP(C3286,参数!$B:$H,4,0),\"\")","v":""},{"$f":"IFERROR(VLOOKUP(C3286,参数!B:H,3,FALSE),\"\")","v":""},"",1]
[3286,{"$nulls":6},{"$f":"IFERROR(VLOOKUP(C3287,参数!$B:$H,2,0),\"\")","v":""},{"$f":"IFERROR(VLOOKUP(C3287,参数!$B:$H,4,0),\"\")","v":""},{"$f":"IFERROR(VLOOKUP(C3287,参数!B:H,3,FALSE),\"\")","v":""},"",1]
[3287,{"$nulls":6},{"$f":"IFERROR(VLOOKUP(C3288,参数!$B:$H,2,0),\"\")","v":""},{"$f":"IFERROR(VLOOKUP(C3288,参数!$B:$H,4,0),\"\")","v":""},{"$f":"IFERROR(VLOOKUP(C3288,参数!B:H,3,FALSE),\"\")","v":""},"",1]
[3288,{"$nulls":6},{"$f":"IFERROR(VLOOKUP(C3289,参数!$B:$H,2,0),\"\")","v":""},{"$f":"IFERROR(VLOOKUP(C3289,参数!$B:$H,4,0),\"\")","v":""},{"$f":"IFERROR(VLOOKUP(C3289,参数!B:H,3,FALSE),\"\")","v":""},"",1]
[3289,{"$nulls":6},{"$f":"IFERROR(VLOOKUP(C3290,参数!$B:$H,2,0),\"\")","v":""},{"$f":"IFERROR(VLOOKUP(C3290,参数!$B:$H,4,0),\"\")","v":""},{"$f":"IFERROR(VLOOKUP(C3290,参数!B:H,3,FALSE),\"\")","v":""},"",1]
[3290,{"$nulls":6},{"$f":"IFERROR(VLOOKUP(C3291,参数!$B:$H,2,0),\"\")","v":""},{"$f":"IFERROR(VLOOKUP(C3291,参数!$B:$H,4,0),\"\")","v":""},{"$f":"IFERROR(VLOOKUP(C3291,参数!B:H,3,FALSE),\"\")","v":""},"",1]
[3291,{"$nulls":6},{"$f":"IFERROR(VLOOKUP(C3292,参数!$B:$H,2,0),\"\")","v":""},{"$f":"IFERROR(VLOOKUP(C3292,参数!$B:$H,4,0),\"\")","v":""},{"$f":"IFERROR(VLOOKUP(C3292,参数!B:H,3,FALSE),\"\")","v":""},"",1]
[3292,{"$nulls":6},{"$f":"IFERROR(VLOOKUP(C3293,参数!$B:$H,2,0),\"\")","v":""},{"$f":"IFERROR(VLOOKUP(C3293,参数!$B:$H,4,0),\"\")","v":""},{"$f":"IFERROR(VLOOKUP(C3293,参数!B:H,3,FALSE),\"\")","v":""},"",1]
[3293,{"$nulls":6},{"$f":"IFERROR(VLOOKUP(C3294,参数!$B:$H,2,0),\"\")","v":""},{"$f":"IFERROR(VLOOKUP(C3294,参数!$B:$H,4,0),\"\")","v":""},{"$f":"IFERROR(VLOOKUP(C3294,参数!B:H,3,FALSE),\"\")","v":""},"",1]
[3294,{"$nulls":6},{"$f":"IFERROR(VLOOKUP(C3295,参数!$B:$H,2,0),\"\")","v":""},{"$f":"IFERROR(VLOOKUP(C3295,参数!$B:$H,4,0),\"\")","v":""},{"$f":"IFERROR(VLOOKUP(C3295,参数!B:H,3,FALSE),\"\")","v":""},"",1]
[3295,{"$nulls":6},{"$f":"IFERROR(VLOOKUP(C3296,参数!$B:$H,2,0),\"\")","v":""},{"$f":"IFERROR(VLOOKUP(C3296,参数!$B:$H,4,0),\"\")","v":""},{"$f":"IFERROR(VLOOKUP(C3296,参数!B:H,3,FALSE),\"\")","v":""},"",1]
[3296,{"$nulls":6},{"$f":"IFERROR(VLOOKUP(C3297,参数!$B:$H,2,0),\"\")","v":""},{"$f":"IFERROR(VLOOKUP(C3297,参数!$B:$H,4,0),\"\")","v":""},{"$f":"IFERROR(VLOOKUP(C3297,参数!B:H,3,FALSE),\"\")","v":""},"",1]
[3297,{"$nulls":6},{"$f":"IFERROR(VLOOKUP(C3298,参数!$B:$H,2,0),\"\")","v":""},{"$f":"IFERROR(VLOOKUP(C3298,参数!$B:$H,4,0),\"\")","v":""},{"$f":"IFERROR(VLOOKUP(C3298,参数!B:H,3,FALSE),\"\")","v":""},"",1]
[3298,{"$nulls":6},{"$f":"IFERROR(VLOOKUP(C3299,参数!$B:$H,2,0),\"\")","v":""},{"$f":"IFERROR(VLOOKUP(C3299,参数!$B:$H,4,0),\"\")","v":""},{"$f":"IFERROR(VLOOKUP(C3299,参数!B:H,3,FALSE),\"\")","v":""},"",1]
[3299,{"$nulls":6},{"$f":"IFERROR(VLOOKUP(C3300,参数!$B:$H,2,0),\"\")","v":""},{"$f":"IFERROR(VLOOKUP(C3300,参数!$B:$H,4,0),\"\")","v":""},{"$f":"IFERROR(VLOOKUP(C3300,参数!B:H,3,FALSE),\"\")","v":""},"",1]
[3300,{"$nulls":6},{"$f":"IFERROR(VLOOKUP(C3301,参数!$B:$H,2,0),\"\")","v":""},{"$f":"IFERROR(VLOOKUP(C3301,参数!$B:$H,4,0),\"\")","v":""},{"$f":"IFERROR(VLOOKUP(C3301,参数!B:H,3,FALSE),\"\")","v":""},{"$f":"IFERROR(J3301*E3301,\"\")","v":""},1]
[3301,{"$nulls":6},{"$f":"IFERROR(VLOOKUP(C3302,参数!$B:$H,2,0),\"\")","v":""},{"$f":"IFERROR(VLOOKUP(C3302,参数!$B:$H,4,0),\"\")","v":""},{"$f":"IFERROR(VLOOKUP(C3302,参数!B:H,3,FALSE),\"\")","v":""},"",1]
[3302,{"$nulls":6},{"$f":"IFERROR(VLOOKUP(C3303,参数!$B:$H,2,0),\"\")","v":""},{"$f":"IFERROR(VLOOKUP(C3303,参数!$B:$H,4,0),\"\")","v":""},{"$f":"IFERROR(VLOOKUP(C3303,参数!B:H,3,FALSE),\"\")","v":""},"",1]
[3303,{"$nulls":6},{"$f":"IFERROR(VLOOKUP(C3304,参数!$B:$H,2,0),\"\")","v":""},{"$f":"IFERROR(VLOOKUP(C3304,参数!$B:$H,4,0),\"\")","v":""},{"$f":"IFERROR(VLOOKUP(C3304,参数!B:H,3,FALSE),\"\")","v":""},"",1]
[3304,{"$nulls":6},{"$f":"IFERROR(VLOOKUP(C3305,参数!$B:$H,2,0),\"\")","v":""},{"$f":"IFERROR(VLOOKUP(C3305,参数!$B:$H,4,0),\"\")","v":""},{"$f":"IFERROR(VLOOKUP(C3305,参数!B:H,3,FALSE),\"\")","v":""},"",1]
[3305,{"$nulls":6},{"$f":"IFERROR(VLOOKUP(C3306,参数!$B:$H,2,0),\"\")","v":""},{"$f":"IFERROR(VLOOKUP(C3306,参数!$B:$H,4,0),\"\")","v":""},{"$f":"IFERROR(VLOOKUP(C3306,参数!B:H,3,FALSE),\"\")","v":""},"",1]
[3306,{"$nulls":6},{"$f":"IFERROR(VLOOKUP(C3307,参数!$B:$H,2,0),\"\")","v":""},{"$f":"IFERROR(VLOOKUP(C3307,参数!$B:$H,4,0),\"\")","v":""},{"$f":"IFERROR(VLOOKUP(C3307,参数!B:H,3,FALSE),\"\")","v":""},"",1]
[3307,{"$nulls":6},{"$f":"IFERROR(VLOOKUP(C3308,参数!$B:$H,2,0),\"\")","v":""},{"$f":"IFERROR(VLOOKUP(C3308,参数!$B:$H,4,0),\"\")","v":""},{"$f":"IFERROR(VLOOKUP(C3308,参数!B:H,3,FALSE),\"\")","v":""},"",1]
[3308,{"$nulls":6},{"$f":"IFERROR(VLOOKUP(C3309,参数!$B:$H,2,0),\"\")","v":""},{"$f":"IFERROR(VLOOKUP(C3309,参数!$B:$H,4,0),\"\")","v":""},{"$f":"IFERROR(VLOOKUP(C3309,参数!B:H,3,FALSE),\"\")","v":""},"",1]
[3309,{"$nulls":6},{"$f":"IFERROR(VLOOKUP(C3310,参数!$B:$H,2,0),\"\")","v":""},{"$f":"IFERROR(VLOOKUP(C3310,参数!$B:$H,4,0),\"\")","v":""},{"$f":"IFERROR(VLOOKUP(C3310,参数!B:H,3,FALSE),\"\")","v":""},"",1]
[3310,{"$nulls":6},{"$f":"IFERROR(VLOOKUP(C3311,参数!$B:$H,2,0),\"\")","v":""},{"$f":"IFERROR(VLOOKUP(C3311,参数!$B:$H,4,0),\"\")","v":""},{"$f":"IFERROR(VLOOKUP(C3311,参数!B:H,3,FALSE),\"\")","v":""},"",1]
[3311,{"$nulls":6},{"$f":"IFERROR(VLOOKUP(C3312,参数!$B:$H,2,0),\"\")","v":""},{"$f":"IFERROR(VLOOKUP(C3312,参数!$B:$H,4,0),\"\")","v":""},{"$f":"IFERROR(VLOOKUP(C3312,参数!B:H,3,FALSE),\"\")","v":""},"",1]
[3312,{"$nulls":6},{"$f":"IFERROR(VLOOKUP(C3313,参数!$B:$H,2,0),\"\")","v":""},{"$f":"IFERROR(VLOOKUP(C3313,参数!$B:$H,4,0),\"\")","v":""},{"$f":"IFERROR(VLOOKUP(C3313,参数!B:H,3,FALSE),\"\")","v":""},"",1]
[3313,{"$nulls":6},{"$f":"IFERROR(VLOOKUP(C3314,参数!$B:$H,2,0),\"\")","v":""},{"$f":"IFERROR(VLOOKUP(C3314,参数!$B:$H,4,0),\"\")","v":""},{"$f":"IFERROR(VLOOKUP(C3314,参数!B:H,3,FALSE),\"\")","v":""},"",1]
[3314,{"$nulls":6},{"$f":"IFERROR(VLOOKUP(C3315,参数!$B:$H,2,0),\"\")","v":""},{"$f":"IFERROR(VLOOKUP(C3315,参数!$B:$H,4,0),\"\")","v":""},{"$f":"IFERROR(VLOOKUP(C3315,参数!B:H,3,FALSE),\"\")","v":""},"",1]
[3315,{"$nulls":6},{"$f":"IFERROR(VLOOKUP(C3316,参数!$B:$H,2,0),\"\")","v":""},{"$f":"IFERROR(VLOOKUP(C3316,参数!$B:$H,4,0),\"\")","v":""},{"$f":"IFERROR(VLOOKUP(C3316,参数!B:H,3,FALSE),\"\")","v":""},"",1]
[3316,{"$nulls":6},{"$f":"IFERROR(VLOOKUP(C3317,参数!$B:$H,2,0),\"\")","v":""},{"$f":"IFERROR(VLOOKUP(C3317,参数!$B:$H,4,0),\"\")","v":""},{"$f":"IFERROR(VLOOKUP(C3317,参数!B:H,3,FALSE),\"\")","v":""},"",1]
[3317,{"$nulls":6},{"$f":"IFERROR(VLOOKUP(C3318,参数!$B:$H,2,0),\"\")","v":""},{"$f":"IFERROR(VLOOKUP(C3318,参数!$B:$H,4,0),\"\")","v":""},{"$f":"IFERROR(VLOOKUP(C3318,参数!B:H,3,FALSE),\"\")","v":""},"",1]
[3318,{"$nulls":6},{"$f":"IFERROR(VLOOKUP(C3319,参数!$B:$H,2,0),\"\")","v":""},{"$f":"IFERROR(VLOOKUP(C3319,参数!$B:$H,4,0),\"\")","v":""},{"$f":"IFERROR(VLOOKUP(C3319,参数!B:H,3,FALSE),\"\")","v":""},"",1]
[3319,{"$nulls":6},{"$f":"IFERROR(VLOOKUP(C3320,参数!$B:$H,2,0),\"\")","v":""},{"$f":"IFERROR(VLOOKUP(C3320,参数!$B:$H,4,0),\"\")","v":""},{"$f":"IFERROR(VLOOKUP(C3320,参数!B:H,3,FALSE),\"\")","v":""},"",1]
[3320,{"$nulls":6},{"$f":"IFERROR(VLOOKUP(C3321,参数!$B:$H,2,0),\"\")","v":""},{"$f":"IFERROR(VLOOKUP(C3321,参数!$B:$H,4,0),\"\")","v":""},{"$f":"IFERROR(VLOOKUP(C3321,参数!B:H,3,FALSE),\"\")","v":""},"",1]
[3321,{"$nulls":6},{"$f":"IFERROR(VLOOKUP(C3322,参数!$B:$H,2,0),\"\")","v":""},{"$f":"IFERROR(VLOOKUP(C3322,参数!$B:$H,4,0),\"\")","v":""},{"$f":"IFERROR(VLOOKUP(C3322,参数!B:H,3,FALSE),\"\")","v":""},"",1]
[3322,{"$nulls":6},{"$f":"IFERROR(VLOOKUP(C3323,参数!$B:$H,2,0),\"\")","v":""},{"$f":"IFERROR(VLOOKUP(C3323,参数!$B:$H,4,0),\"\")","v":""},{"$f":"IFERROR(VLOOKUP(C3323,参数!B:H,3,FALSE),\"\")","v":""},"",1]
[3323,{"$nulls":6},{"$f":"IFERROR(VLOOKUP(C3324,参数!$B:$H,2,0),\"\")","v":""},{"$f":"IFERROR(VLOOKUP(C3324,参数!$B:$H,4,0),\"\")","v":""},{"$f":"IFERROR(VLOOKUP(C3324,参数!B:H,3,FALSE),\"\")","v":""},"",1]
[3324,{"$nulls":6},{"$f":"IFERROR(VLOOKUP(C3325,参数!$B:$H,2,0),\"\")","v":""},{"$f":"IFERROR(VLOOKUP(C3325,参数!$B:$H,4,0),\"\")","v":""},{"$f":"IFERROR(VLOOKUP(C3325,参数!B:H,3,FALSE),\"\")","v":""},"",1]
[3325,{"$nulls":6},{"$f":"IFERROR(VLOOKUP(C3326,参数!$B:$H,2,0),\"\")","v":""},{"$f":"IFERROR(VLOOKUP(C3326,参数!$B:$H,4,0),\"\")","v":""},{"$f":"IFERROR(VLOOKUP(C3326,参数!B:H,3,FALSE),\"\")","v":""},"",1]
[3326,{"$nulls":6},{"$f":"IFERROR(VLOOKUP(C3327,参数!$B:$H,2,0),\"\")","v":""},{"$f":"IFERROR(VLOOKUP(C3327,参数!$B:$H,4,0),\"\")","v":""},{"$f":"IFERROR(VLOOKUP(C3327,参数!B:H,3,FALSE),\"\")","v":""},"",1]
[3327,{"$nulls":6},{"$f":"IFERROR(VLOOKUP(C3328,参数!$B:$H,2,0),\"\")","v":""},{"$f":"IFERROR(VLOOKUP(C3328,参数!$B:$H,4,0),\"\")","v":""},{"$f":"IFERROR(VLOOKUP(C3328,参数!B:H,3,FALSE),\"\")","v":""},"",1]
[3328,{"$nulls":6},{"$f":"IFERROR(VLOOKUP(C3329,参数!$B:$H,2,0),\"\")","v":""},{"$f":"IFERROR(VLOOKUP(C3329,参数!$B:$H,4,0),\"\")","v":""},{"$f":"IFERROR(VLOOKUP(C3329,参数!B:H,3,FALSE),\"\")","v":""},"",1]
[3329,{"$nulls":6},{"$f":"IFERROR(VLOOKUP(C3330,参数!$B:$H,2,0),\"\")","v":""},{"$f":"IFERROR(VLOOKUP(C3330,参数!$B:$H,4,0),\"\")","v":""},{"$f":"IFERROR(VLOOKUP(C3330,参数!B:H,3,FALSE),\"\")","v":""},"",{"$f":"VALUE(MONTH(B3330))","v":1}]
[3330,{"$nulls":6},{"$f":"IFERROR(VLOOKUP(C3331,参数!$B:$H,2,0),\"\")","v":""},{"$f":"IFERROR(VLOOKUP(C3331,参数!$B:$H,4,0),\"\")","v":""},{"$f":"IFERROR(VLOOKUP(C3331,参数!B:H,3,FALSE),\"\")","v":""},"",1]
[3331,{"$nulls":6},{"$f":"IFERROR(VLOOKUP(C3332,参数!$B:$H,2,0),\"\")","v":""},{"$f":"IFERROR(VLOOKUP(C3332,参数!$B:$H,4,0),\"\")","v":""},{"$f":"IFERROR(VLOOKUP(C3332,参数!B:H,3,FALSE),\"\")","v":""},"",1]
[3332,{"$nulls":6},{"$f":"IFERROR(VLOOKUP(C3333,参数!$B:$H,2,0),\"\")","v":""},{"$f":"IFERROR(VLOOKUP(C3333,参数!$B:$H,4,0),\"\")","v":""},{"$f":"IFERROR(VLOOKUP(C3333,参数!B:H,3,FALSE),\"\")","v":""},"",1]
[3333,{"$nulls":6},{"$f":"IFERROR(VLOOKUP(C3334,参数!$B:$H,2,0),\"\")","v":""},{"$f":"IFERROR(VLOOKUP(C3334,参数!$B:$H,4,0),\"\")","v":""},{"$f":"IFERROR(VLOOKUP(C3334,参数!B:H,3,FALSE),\"\")","v":""},"",1]
[3334,{"$nulls":6},{"$f":"IFERROR(VLOOKUP(C3335,参数!$B:$H,2,0),\"\")","v":""},{"$f":"IFERROR(VLOOKUP(C3335,参数!$B:$H,4,0),\"\")","v":""},{"$f":"IFERROR(VLOOKUP(C3335,参数!B:H,3,FALSE),\"\")","v":""},"",1]
[3335,{"$nulls":6},{"$f":"IFERROR(VLOOKUP(C3336,参数!$B:$H,2,0),\"\")","v":""},{"$f":"IFERROR(VLOOKUP(C3336,参数!$B:$H,4,0),\"\")","v":""},{"$f":"IFERROR(VLOOKUP(C3336,参数!B:H,3,FALSE),\"\")","v":""},"",1]
[3336,{"$nulls":6},{"$f":"IFERROR(VLOOKUP(C3337,参数!$B:$H,2,0),\"\")","v":""},{"$f":"IFERROR(VLOOKUP(C3337,参数!$B:$H,4,0),\"\")","v":""},{"$f":"IFERROR(VLOOKUP(C3337,参数!B:H,3,FALSE),\"\")","v":""},"",1]
[3337,{"$nulls":6},{"$f":"IFERROR(VLOOKUP(C3338,参数!$B:$H,2,0),\"\")","v":""},{"$f":"IFERROR(VLOOKUP(C3338,参数!$B:$H,4,0),\"\")","v":""},{"$f":"IFERROR(VLOOKUP(C3338,参数!B:H,3,FALSE),\"\")","v":""},"",1]
[3338,{"$nulls":6},{"$f":"IFERROR(VLOOKUP(C3339,参数!$B:$H,2,0),\"\")","v":""},{"$f":"IFERROR(VLOOKUP(C3339,参数!$B:$H,4,0),\"\")","v":""},{"$f":"IFERROR(VLOOKUP(C3339,参数!B:H,3,FALSE),\"\")","v":""},"",1]
[3339,{"$nulls":6},{"$f":"IFERROR(VLOOKUP(C3340,参数!$B:$H,2,0),\"\")","v":""},{"$f":"IFERROR(VLOOKUP(C3340,参数!$B:$H,4,0),\"\")","v":""},{"$f":"IFERROR(VLOOKUP(C3340,参数!B:H,3,FALSE),\"\")","v":""},"",1]
[3340,{"$nulls":6},{"$f":"IFERROR(VLOOKUP(C3341,参数!$B:$H,2,0),\"\")","v":""},{"$f":"IFERROR(VLOOKUP(C3341,参数!$B:$H,4,0),\"\")","v":""},{"$f":"IFERROR(VLOOKUP(C3341,参数!B:H,3,FALSE),\"\")","v":""},"",1]
[3341,{"$nulls":6},{"$f":"IFERROR(VLOOKUP(C3342,参数!$B:$H,2,0),\"\")","v":""},{"$f":"IFERROR(VLOOKUP(C3342,参数!$B:$H,4,0),\"\")","v":""},{"$f":"IFERROR(VLOOKUP(C3342,参数!B:H,3,FALSE),\"\")","v":""},"",1]
[3342,{"$nulls":6},{"$f":"IFERROR(VLOOKUP(C3343,参数!$B:$H,2,0),\"\")","v":""},{"$f":"IFERROR(VLOOKUP(C3343,参数!$B:$H,4,0),\"\")","v":""},{"$f":"IFERROR(VLOOKUP(C3343,参数!B:H,3,FALSE),\"\")","v":""},"",1]
[3343,{"$nulls":6},{"$f":"IFERROR(VLOOKUP(C3344,参数!$B:$H,2,0),\"\")","v":""},{"$f":"IFERROR(VLOOKUP(C3344,参数!$B:$H,4,0),\"\")","v":""},{"$f":"IFERROR(VLOOKUP(C3344,参数!B:H,3,FALSE),\"\")","v":""},"",1]
[3344,{"$nulls":6},{"$f":"IFERROR(VLOOKUP(C3345,参数!$B:$H,2,0),\"\")","v":""},{"$f":"IFERROR(VLOOKUP(C3345,参数!$B:$H,4,0),\"\")","v":""},{"$f":"IFERROR(VLOOKUP(C3345,参数!B:H,3,FALSE),\"\")","v":""},"",1]
[3345,{"$nulls":6},{"$f":"IFERROR(VLOOKUP(C3346,参数!$B:$H,2,0),\"\")","v":""},{"$f":"IFERROR(VLOOKUP(C3346,参数!$B:$H,4,0),\"\")","v":""},{"$f":"IFERROR(VLOOKUP(C3346,参数!B:H,3,FALSE),\"\")","v":""},"",1]
[3346,{"$nulls":6},{"$f":"IFERROR(VLOOKUP(C3347,参数!$B:$H,2,0),\"\")","v":""},{"$f":"IFERROR(VLOOKUP(C3347,参数!$B:$H,4,0),\"\")","v":""},{"$f":"IFERROR(VLOOKUP(C3347,参数!B:H,3,FALSE),\"\")","v":""},"",1]
[3347,{"$nulls":6},{"$f":"IFERROR(VLOOKUP(C3348,参数!$B:$H,2,0),\"\")","v":""},{"$f":"IFERROR(VLOOKUP(C3348,参数!$B:$H,4,0),\"\")","v":""},{"$f":"IFERROR(VLOOKUP(C3348,参数!B:H,3,FALSE),\"\")","v":""},"",1]
[3348,{"$nulls":6},{"$f":"IFERROR(VLOOKUP(C3349,参数!$B:$H,2,0),\"\")","v":""},{"$f":"IFERROR(VLOOKUP(C3349,参数!$B:$H,4,0),\"\")","v":""},{"$f":"IFERROR(VLOOKUP(C3349,参数!B:H,3,FALSE),\"\")","v":""},"",1]
[3349,{"$nulls":6},{"$f":"IFERROR(VLOOKUP(C3350,参数!$B:$H,2,0),\"\")","v":""},{"$f":"IFERROR(VLOOKUP(C3350,参数!$B:$H,4,0),\"\")","v":""},{"$f":"IFERROR(VLOOKUP(C3350,参数!B:H,3,FALSE),\"\")","v":""},"",1]
[3350,{"$nulls":6},{"$f":"IFERROR(VLOOKUP(C3351,参数!$B:$H,2,0),\"\")","v":""},{"$f":"IFERROR(VLOOKUP(C3351,参数!$B:$H,4,0),\"\")","v":""},{"$f":"IFERROR(VLOOKUP(C3351,参数!B:H,3,FALSE),\"\")","v":""},"",1]
[3351,{"$nulls":6},{"$f":"IFERROR(VLOOKUP(C3352,参数!$B:$H,2,0),\"\")","v":""},{"$f":"IFERROR(VLOOKUP(C3352,参数!$B:$H,4,0),\"\")","v":""},{"$f":"IFERROR(VLOOKUP(C3352,参数!B:H,3,FALSE),\"\")","v":""},"",1]
[3352,{"$nulls":6},{"$f":"IFERROR(VLOOKUP(C3353,参数!$B:$H,2,0),\"\")","v":""},{"$f":"IFERROR(VLOOKUP(C3353,参数!$B:$H,4,0),\"\")","v":""},{"$f":"IFERROR(VLOOKUP(C3353,参数!B:H,3,FALSE),\"\")","v":""},"",1]
[3353,{"$nulls":6},{"$f":"IFERROR(VLOOKUP(C3354,参数!$B:$H,2,0),\"\")","v":""},{"$f":"IFERROR(VLOOKUP(C3354,参数!$B:$H,4,0),\"\")","v":""},{"$f":"IFERROR(VLOOKUP(C3354,参数!B:H,3,FALSE),\"\")","v":""},"",1]
[3354,{"$nulls":6},{"$f":"IFERROR(VLOOKUP(C3355,参数!$B:$H,2,0),\"\")","v":""},{"$f":"IFERROR(VLOOKUP(C3355,参数!$B:$H,4,0),\"\")","v":""},{"$f":"IFERROR(VLOOKUP(C3355,参数!B:H,3,FALSE),\"\")","v":""},"",1]
[3355,{"$nulls":6},{"$f":"IFERROR(VLOOKUP(C3356,参数!$B:$H,2,0),\"\")","v":""},{"$f":"IFERROR(VLOOKUP(C3356,参数!$B:$H,4,0),\"\")","v":""},{"$f":"IFERROR(VLOOKUP(C3356,参数!B:H,3,FALSE),\"\")","v":""},"",1]
[3356,{"$nulls":6},{"$f":"IFERROR(VLOOKUP(C3357,参数!$B:$H,2,0),\"\")","v":""},{"$f":"IFERROR(VLOOKUP(C3357,参数!$B:$H,4,0),\"\")","v":""},{"$f":"IFERROR(VLOOKUP(C3357,参数!B:H,3,FALSE),\"\")","v":""},"",1]
[3357,{"$nulls":6},{"$f":"IFERROR(VLOOKUP(C3358,参数!$B:$H,2,0),\"\")","v":""},{"$f":"IFERROR(VLOOKUP(C3358,参数!$B:$H,4,0),\"\")","v":""},{"$f":"IFERROR(VLOOKUP(C3358,参数!B:H,3,FALSE),\"\")","v":""},"",1]
[3358,{"$nulls":6},{"$f":"IFERROR(VLOOKUP(C3359,参数!$B:$H,2,0),\"\")","v":""},{"$f":"IFERROR(VLOOKUP(C3359,参数!$B:$H,4,0),\"\")","v":""},{"$f":"IFERROR(VLOOKUP(C3359,参数!B:H,3,FALSE),\"\")","v":""},"",1]
[3359,{"$nulls":6},{"$f":"IFERROR(VLOOKUP(C3360,参数!$B:$H,2,0),\"\")","v":""},{"$f":"IFERROR(VLOOKUP(C3360,参数!$B:$H,4,0),\"\")","v":""},{"$f":"IFERROR(VLOOKUP(C3360,参数!B:H,3,FALSE),\"\")","v":""},"",1]
[3360,{"$nulls":6},{"$f":"IFERROR(VLOOKUP(C3361,参数!$B:$H,2,0),\"\")","v":""},{"$f":"IFERROR(VLOOKUP(C3361,参数!$B:$H,4,0),\"\")","v":""},{"$f":"IFERROR(VLOOKUP(C3361,参数!B:H,3,FALSE),\"\")","v":""},"",1]
[3361,{"$nulls":6},{"$f":"IFERROR(VLOOKUP(C3362,参数!$B:$H,2,0),\"\")","v":""},{"$f":"IFERROR(VLOOKUP(C3362,参数!$B:$H,4,0),\"\")","v":""},{"$f":"IFERROR(VLOOKUP(C3362,参数!B:H,3,FALSE),\"\")","v":""},"",1]
[3362,{"$nulls":6},{"$f":"IFERROR(VLOOKUP(C3363,参数!$B:$H,2,0),\"\")","v":""},{"$f":"IFERROR(VLOOKUP(C3363,参数!$B:$H,4,0),\"\")","v":""},{"$f":"IFERROR(VLOOKUP(C3363,参数!B:H,3,FALSE),\"\")","v":""},"",1]
[3363,{"$nulls":6},{"$f":"IFERROR(VLOOKUP(C3364,参数!$B:$H,2,0),\"\")","v":""},{"$f":"IFERROR(VLOOKUP(C3364,参数!$B:$H,4,0),\"\")","v":""},{"$f":"IFERROR(VLOOKUP(C3364,参数!B:H,3,FALSE),\"\")","v":""},"",1]
[3364,{"$nulls":6},{"$f":"IFERROR(VLOOKUP(C3365,参数!$B:$H,2,0),\"\")","v":""},{"$f":"IFERROR(VLOOKUP(C3365,参数!$B:$H,4,0),\"\")","v":""},{"$f":"IFERROR(VLOOKUP(C3365,参数!B:H,3,FALSE),\"\")","v":""},{"$f":"IFERROR(J3365*E3365,\"\")","v":""},1]
[3365,{"$nulls":6},{"$f":"IFERROR(VLOOKUP(C3366,参数!$B:$H,2,0),\"\")","v":""},{"$f":"IFERROR(VLOOKUP(C3366,参数!$B:$H,4,0),\"\")","v":""},{"$f":"IFERROR(VLOOKUP(C3366,参数!B:H,3,FALSE),\"\")","v":""},"",1]
[3366,{"$nulls":6},{"$f":"IFERROR(VLOOKUP(C3367,参数!$B:$H,2,0),\"\")","v":""},{"$f":"IFERROR(VLOOKUP(C3367,参数!$B:$H,4,0),\"\")","v":""},{"$f":"IFERROR(VLOOKUP(C3367,参数!B:H,3,FALSE),\"\")","v":""},"",1]
[3367,{"$nulls":6},{"$f":"IFERROR(VLOOKUP(C3368,参数!$B:$H,2,0),\"\")","v":""},{"$f":"IFERROR(VLOOKUP(C3368,参数!$B:$H,4,0),\"\")","v":""},{"$f":"IFERROR(VLOOKUP(C3368,参数!B:H,3,FALSE),\"\")","v":""},"",1]
[3368,{"$nulls":6},{"$f":"IFERROR(VLOOKUP(C3369,参数!$B:$H,2,0),\"\")","v":""},{"$f":"IFERROR(VLOOKUP(C3369,参数!$B:$H,4,0),\"\")","v":""},{"$f":"IFERROR(VLOOKUP(C3369,参数!B:H,3,FALSE),\"\")","v":""},"",1]
[3369,{"$nulls":6},{"$f":"IFERROR(VLOOKUP(C3370,参数!$B:$H,2,0),\"\")","v":""},{"$f":"IFERROR(VLOOKUP(C3370,参数!$B:$H,4,0),\"\")","v":""},{"$f":"IFERROR(VLOOKUP(C3370,参数!B:H,3,FALSE),\"\")","v":""},"",1]
[3370,{"$nulls":6},{"$f":"IFERROR(VLOOKUP(C3371,参数!$B:$H,2,0),\"\")","v":""},{"$f":"IFERROR(VLOOKUP(C3371,参数!$B:$H,4,0),\"\")","v":""},{"$f":"IFERROR(VLOOKUP(C3371,参数!B:H,3,FALSE),\"\")","v":""},"",1]
[3371,{"$nulls":6},{"$f":"IFERROR(VLOOKUP(C3372,参数!$B:$H,2,0),\"\")","v":""},{"$f":"IFERROR(VLOOKUP(C3372,参数!$B:$H,4,0),\"\")","v":""},{"$f":"IFERROR(VLOOKUP(C3372,参数!B:H,3,FALSE),\"\")","v":""},"",1]
[3372,{"$nulls":6},{"$f":"IFERROR(VLOOKUP(C3373,参数!$B:$H,2,0),\"\")","v":""},{"$f":"IFERROR(VLOOKUP(C3373,参数!$B:$H,4,0),\"\")","v":""},{"$f":"IFERROR(VLOOKUP(C3373,参数!B:H,3,FALSE),\"\")","v":""},"",1]
[3373,{"$nulls":6},{"$f":"IFERROR(VLOOKUP(C3374,参数!$B:$H,2,0),\"\")","v":""},{"$f":"IFERROR(VLOOKUP(C3374,参数!$B:$H,4,0),\"\")","v":""},{"$f":"IFERROR(VLOOKUP(C3374,参数!B:H,3,FALSE),\"\")","v":""},"",1]
[3374,{"$nulls":6},{"$f":"IFERROR(VLOOKUP(C3375,参数!$B:$H,2,0),\"\")","v":""},{"$f":"IFERROR(VLOOKUP(C3375,参数!$B:$H,4,0),\"\")","v":""},{"$f":"IFERROR(VLOOKUP(C3375,参数!B:H,3,FALSE),\"\")","v":""},"",1]
[3375,{"$nulls":6},{"$f":"IFERROR(VLOOKUP(C3376,参数!$B:$H,2,0),\"\")","v":""},{"$f":"IFERROR(VLOOKUP(C3376,参数!$B:$H,4,0),\"\")","v":""},{"$f":"IFERROR(VLOOKUP(C3376,参数!B:H,3,FALSE),\"\")","v":""},"",1]
[3376,{"$nulls":6},{"$f":"IFERROR(VLOOKUP(C3377,参数!$B:$H,2,0),\"\")","v":""},{"$f":"IFERROR(VLOOKUP(C3377,参数!$B:$H,4,0),\"\")","v":""},{"$f":"IFERROR(VLOOKUP(C3377,参数!B:H,3,FALSE),\"\")","v":""},"",1]
[3377,{"$nulls":6},{"$f":"IFERROR(VLOOKUP(C3378,参数!$B:$H,2,0),\"\")","v":""},{"$f":"IFERROR(VLOOKUP(C3378,参数!$B:$H,4,0),\"\")","v":""},{"$f":"IFERROR(VLOOKUP(C3378,参数!B:H,3,FALSE),\"\")","v":""},"",1]
[3378,{"$nulls":6},{"$f":"IFERROR(VLOOKUP(C3379,参数!$B:$H,2,0),\"\")","v":""},{"$f":"IFERROR(VLOOKUP(C3379,参数!$B:$H,4,0),\"\")","v":""},{"$f":"IFERROR(VLOOKUP(C3379,参数!B:H,3,FALSE),\"\")","v":""},"",1]
[3379,{"$nulls":6},{"$f":"IFERROR(VLOOKUP(C3380,参数!$B:$H,2,0),\"\")","v":""},{"$f":"IFERROR(VLOOKUP(C3380,参数!$B:$H,4,0),\"\")","v":""},{"$f":"IFERROR(VLOOKUP(C3380,参数!B:H,3,FALSE),\"\")","v":""},"",1]
[3380,{"$nulls":6},{"$f":"IFERROR(VLOOKUP(C3381,参数!$B:$H,2,0),\"\")","v":""},{"$f":"IFERROR(VLOOKUP(C3381,参数!$B:$H,4,0),\"\")","v":""},{"$f":"IFERROR(VLOOKUP(C3381,参数!B:H,3,FALSE),\"\")","v":""},"",1]
[3381,{"$nulls":6},{"$f":"IFERROR(VLOOKUP(C3382,参数!$B:$H,2,0),\"\")","v":""},{"$f":"IFERROR(VLOOKUP(C3382,参数!$B:$H,4,0),\"\")","v":""},{"$f":"IFERROR(VLOOKUP(C3382,参数!B:H,3,FALSE),\"\")","v":""},"",1]
[3382,{"$nulls":6},{"$f":"IFERROR(VLOOKUP(C3383,参数!$B:$H,2,0),\"\")","v":""},{"$f":"IFERROR(VLOOKUP(C3383,参数!$B:$H,4,0),\"\")","v":""},{"$f":"IFERROR(VLOOKUP(C3383,参数!B:H,3,FALSE),\"\")","v":""},"",1]
[3383,{"$nulls":6},{"$f":"IFERROR(VLOOKUP(C3384,参数!$B:$H,2,0),\"\")","v":""},{"$f":"IFERROR(VLOOKUP(C3384,参数!$B:$H,4,0),\"\")","v":""},{"$f":"IFERROR(VLOOKUP(C3384,参数!B:H,3,FALSE),\"\")","v":""},"",1]
[3384,{"$nulls":6},{"$f":"IFERROR(VLOOKUP(C3385,参数!$B:$H,2,0),\"\")","v":""},{"$f":"IFERROR(VLOOKUP(C3385,参数!$B:$H,4,0),\"\")","v":""},{"$f":"IFERROR(VLOOKUP(C3385,参数!B:H,3,FALSE),\"\")","v":""},"",1]
[3385,{"$nulls":6},{"$f":"IFERROR(VLOOKUP(C3386,参数!$B:$H,2,0),\"\")","v":""},{"$f":"IFERROR(VLOOKUP(C3386,参数!$B:$H,4,0),\"\")","v":""},{"$f":"IFERROR(VLOOKUP(C3386,参数!B:H,3,FALSE),\"\")","v":""},"",1]
[3386,{"$nulls":6},{"$f":"IFERROR(VLOOKUP(C3387,参数!$B:$H,2,0),\"\")","v":""},{"$f":"IFERROR(VLOOKUP(C3387,参数!$B:$H,4,0),\"\")","v":""},{"$f":"IFERROR(VLOOKUP(C3387,参数!B:H,3,FALSE),\"\")","v":""},"",1]
[3387,{"$nulls":6},{"$f":"IFERROR(VLOOKUP(C3388,参数!$B:$H,2,0),\"\")","v":""},{"$f":"IFERROR(VLOOKUP(C3388,参数!$B:$H,4,0),\"\")","v":""},{"$f":"IFERROR(VLOOKUP(C3388,参数!B:H,3,FALSE),\"\")","v":""},"",1]
[3388,{"$nulls":6},{"$f":"IFERROR(VLOOKUP(C3389,参数!$B:$H,2,0),\"\")","v":""},{"$f":"IFERROR(VLOOKUP(C3389,参数!$B:$H,4,0),\"\")","v":""},{"$f":"IFERROR(VLOOKUP(C3389,参数!B:H,3,FALSE),\"\")","v":""},"",1]
[3389,{"$nulls":6},{"$f":"IFERROR(VLOOKUP(C3390,参数!$B:$H,2,0),\"\")","v":""},{"$f":"IFERROR(VLOOKUP(C3390,参数!$B:$H,4,0),\"\")","v":""},{"$f":"IFERROR(VLOOKUP(C3390,参数!B:H,3,FALSE),\"\")","v":""},"",1]
[3390,{"$nulls":6},{"$f":"IFERROR(VLOOKUP(C3391,参数!$B:$H,2,0),\"\")","v":""},{"$f":"IFERROR(VLOOKUP(C3391,参数!$B:$H,4,0),\"\")","v":""},{"$f":"IFERROR(VLOOKUP(C3391,参数!B:H,3,FALSE),\"\")","v":""},"",1]
[3391,{"$nulls":6},{"$f":"IFERROR(VLOOKUP(C3392,参数!$B:$H,2,0),\"\")","v":""},{"$f":"IFERROR(VLOOKUP(C3392,参数!$B:$H,4,0),\"\")","v":""},{"$f":"IFERROR(VLOOKUP(C3392,参数!B:H,3,FALSE),\"\")","v":""},"",1]
[3392,{"$nulls":6},{"$f":"IFERROR(VLOOKUP(C3393,参数!$B:$H,2,0),\"\")","v":""},{"$f":"IFERROR(VLOOKUP(C3393,参数!$B:$H,4,0),\"\")","v":""},{"$f":"IFERROR(VLOOKUP(C3393,参数!B:H,3,FALSE),\"\")","v":""},"",1]
[3393,{"$nulls":6},{"$f":"IFERROR(VLOOKUP(C3394,参数!$B:$H,2,0),\"\")","v":""},{"$f":"IFERROR(VLOOKUP(C3394,参数!$B:$H,4,0),\"\")","v":""},{"$f":"IFERROR(VLOOKUP(C3394,参数!B:H,3,FALSE),\"\")","v":""},"",{"$f":"VALUE(MONTH(B3394))","v":1}]
[3394,{"$nulls":6},{"$f":"IFERROR(VLOOKUP(C3395,参数!$B:$H,2,0),\"\")","v":""},{"$f":"IFERROR(VLOOKUP(C3395,参数!$B:$H,4,0),\"\")","v":""},{"$f":"IFERROR(VLOOKUP(C3395,参数!B:H,3,FALSE),\"\")","v":""},"",1]
[3395,{"$nulls":6},{"$f":"IFERROR(VLOOKUP(C3396,参数!$B:$H,2,0),\"\")","v":""},{"$f":"IFERROR(VLOOKUP(C3396,参数!$B:$H,4,0),\"\")","v":""},{"$f":"IFERROR(VLOOKUP(C3396,参数!B:H,3,FALSE),\"\")","v":""},"",1]
[3396,{"$nulls":6},{"$f":"IFERROR(VLOOKUP(C3397,参数!$B:$H,2,0),\"\")","v":""},{"$f":"IFERROR(VLOOKUP(C3397,参数!$B:$H,4,0),\"\")","v":""},{"$f":"IFERROR(VLOOKUP(C3397,参数!B:H,3,FALSE),\"\")","v":""},"",1]
[3397,{"$nulls":6},{"$f":"IFERROR(VLOOKUP(C3398,参数!$B:$H,2,0),\"\")","v":""},{"$f":"IFERROR(VLOOKUP(C3398,参数!$B:$H,4,0),\"\")","v":""},{"$f":"IFERROR(VLOOKUP(C3398,参数!B:H,3,FALSE),\"\")","v":""},"",1]
[3398,{"$nulls":6},{"$f":"IFERROR(VLOOKUP(C3399,参数!$B:$H,2,0),\"\")","v":""},{"$f":"IFERROR(VLOOKUP(C3399,参数!$B:$H,4,0),\"\")","v":""},{"$f":"IFERROR(VLOOKUP(C3399,参数!B:H,3,FALSE),\"\")","v":""},"",1]
[3399,{"$nulls":6},{"$f":"IFERROR(VLOOKUP(C3400,参数!$B:$H,2,0),\"\")","v":""},{"$f":"IFERROR(VLOOKUP(C3400,参数!$B:$H,4,0),\"\")","v":""},{"$f":"IFERROR(VLOOKUP(C3400,参数!B:H,3,FALSE),\"\")","v":""},"",1]
[3400,{"$nulls":6},{"$f":"IFERROR(VLOOKUP(C3401,参数!$B:$H,2,0),\"\")","v":""},{"$f":"IFERROR(VLOOKUP(C3401,参数!$B:$H,4,0),\"\")","v":""},{"$f":"IFERROR(VLOOKUP(C3401,参数!B:H,3,FALSE),\"\")","v":""},"",1]
[3401,{"$nulls":6},{"$f":"IFERROR(VLOOKUP(C3402,参数!$B:$H,2,0),\"\")","v":""},{"$f":"IFERROR(VLOOKUP(C3402,参数!$B:$H,4,0),\"\")","v":""},{"$f":"IFERROR(VLOOKUP(C3402,参数!B:H,3,FALSE),\"\")","v":""},"",1]
[3402,{"$nulls":6},{"$f":"IFERROR(VLOOKUP(C3403,参数!$B:$H,2,0),\"\")","v":""},{"$f":"IFERROR(VLOOKUP(C3403,参数!$B:$H,4,0),\"\")","v":""},{"$f":"IFERROR(VLOOKUP(C3403,参数!B:H,3,FALSE),\"\")","v":""},"",1]
[3403,{"$nulls":6},{"$f":"IFERROR(VLOOKUP(C3404,参数!$B:$H,2,0),\"\")","v":""},{"$f":"IFERROR(VLOOKUP(C3404,参数!$B:$H,4,0),\"\")","v":""},{"$f":"IFERROR(VLOOKUP(C3404,参数!B:H,3,FALSE),\"\")","v":""},"",1]
[3404,{"$nulls":6},{"$f":"IFERROR(VLOOKUP(C3405,参数!$B:$H,2,0),\"\")","v":""},{"$f":"IFERROR(VLOOKUP(C3405,参数!$B:$H,4,0),\"\")","v":""},{"$f":"IFERROR(VLOOKUP(C3405,参数!B:H,3,FALSE),\"\")","v":""},"",1]
[3405,{"$nulls":6},{"$f":"IFERROR(VLOOKUP(C3406,参数!$B:$H,2,0),\"\")","v":""},{"$f":"IFERROR(VLOOKUP(C3406,参数!$B:$H,4,0),\"\")","v":""},{"$f":"IFERROR(VLOOKUP(C3406,参数!B:H,3,FALSE),\"\")","v":""},"",1]
[3406,{"$nulls":6},{"$f":"IFERROR(VLOOKUP(C3407,参数!$B:$H,2,0),\"\")","v":""},{"$f":"IFERROR(VLOOKUP(C3407,参数!$B:$H,4,0),\"\")","v":""},{"$f":"IFERROR(VLOOKUP(C3407,参数!B:H,3,FALSE),\"\")","v":""},"",1]
[3407,{"$nulls":6},{"$f":"IFERROR(VLOOKUP(C3408,参数!$B:$H,2,0),\"\")","v":""},{"$f":"IFERROR(VLOOKUP(C3408,参数!$B:$H,4,0),\"\")","v":""},{"$f":"IFERROR(VLOOKUP(C3408,参数!B:H,3,FALSE),\"\")","v":""},"",1]
[3408,{"$nulls":6},{"$f":"IFERROR(VLOOKUP(C3409,参数!$B:$H,2,0),\"\")","v":""},{"$f":"IFERROR(VLOOKUP(C3409,参数!$B:$H,4,0),\"\")","v":""},{"$f":"IFERROR(VLOOKUP(C3409,参数!B:H,3,FALSE),\"\")","v":""},"",1]
[3409,{"$nulls":6},{"$f":"IFERROR(VLOOKUP(C3410,参数!$B:$H,2,0),\"\")","v":""},{"$f":"IFERROR(VLOOKUP(C3410,参数!$B:$H,4,0),\"\")","v":""},{"$f":"IFERROR(VLOOKUP(C3410,参数!B:H,3,FALSE),\"\")","v":""},"",1]
[3410,{"$nulls":6},{"$f":"IFERROR(VLOOKUP(C3411,参数!$B:$H,2,0),\"\")","v":""},{"$f":"IFERROR(VLOOKUP(C3411,参数!$B:$H,4,0),\"\")","v":""},{"$f":"IFERROR(VLOOKUP(C3411,参数!B:H,3,FALSE),\"\")","v":""},"",1]
[3411,{"$nulls":6},{"$f":"IFERROR(VLOOKUP(C3412,参数!$B:$H,2,0),\"\")","v":""},{"$f":"IFERROR(VLOOKUP(C3412,参数!$B:$H,4,0),\"\")","v":""},{"$f":"IFERROR(VLOOKUP(C3412,参数!B:H,3,FALSE),\"\")","v":""},"",1]
[3412,{"$nulls":6},{"$f":"IFERROR(VLOOKUP(C3413,参数!$B:$H,2,0),\"\")","v":""},{"$f":"IFERROR(VLOOKUP(C3413,参数!$B:$H,4,0),\"\")","v":""},{"$f":"IFERROR(VLOOKUP(C3413,参数!B:H,3,FALSE),\"\")","v":""},"",1]
[3413,{"$nulls":6},{"$f":"IFERROR(VLOOKUP(C3414,参数!$B:$H,2,0),\"\")","v":""},{"$f":"IFERROR(VLOOKUP(C3414,参数!$B:$H,4,0),\"\")","v":""},{"$f":"IFERROR(VLOOKUP(C3414,参数!B:H,3,FALSE),\"\")","v":""},"",1]
[3414,{"$nulls":6},{"$f":"IFERROR(VLOOKUP(C3415,参数!$B:$H,2,0),\"\")","v":""},{"$f":"IFERROR(VLOOKUP(C3415,参数!$B:$H,4,0),\"\")","v":""},{"$f":"IFERROR(VLOOKUP(C3415,参数!B:H,3,FALSE),\"\")","v":""},"",1]
[3415,{"$nulls":6},{"$f":"IFERROR(VLOOKUP(C3416,参数!$B:$H,2,0),\"\")","v":""},{"$f":"IFERROR(VLOOKUP(C3416,参数!$B:$H,4,0),\"\")","v":""},{"$f":"IFERROR(VLOOKUP(C3416,参数!B:H,3,FALSE),\"\")","v":""},"",1]
[3416,{"$nulls":6},{"$f":"IFERROR(VLOOKUP(C3417,参数!$B:$H,2,0),\"\")","v":""},{"$f":"IFERROR(VLOOKUP(C3417,参数!$B:$H,4,0),\"\")","v":""},{"$f":"IFERROR(VLOOKUP(C3417,参数!B:H,3,FALSE),\"\")","v":""},"",1]
[3417,{"$nulls":6},{"$f":"IFERROR(VLOOKUP(C3418,参数!$B:$H,2,0),\"\")","v":""},{"$f":"IFERROR(VLOOKUP(C3418,参数!$B:$H,4,0),\"\")","v":""},{"$f":"IFERROR(VLOOKUP(C3418,参数!B:H,3,FALSE),\"\")","v":""},"",1]
[3418,{"$nulls":6},{"$f":"IFERROR(VLOOKUP(C3419,参数!$B:$H,2,0),\"\")","v":""},{"$f":"IFERROR(VLOOKUP(C3419,参数!$B:$H,4,0),\"\")","v":""},{"$f":"IFERROR(VLOOKUP(C3419,参数!B:H,3,FALSE),\"\")","v":""},"",1]
[3419,{"$nulls":6},{"$f":"IFERROR(VLOOKUP(C3420,参数!$B:$H,2,0),\"\")","v":""},{"$f":"IFERROR(VLOOKUP(C3420,参数!$B:$H,4,0),\"\")","v":""},{"$f":"IFERROR(VLOOKUP(C3420,参数!B:H,3,FALSE),\"\")","v":""},"",1]
[3420,{"$nulls":6},{"$f":"IFERROR(VLOOKUP(C3421,参数!$B:$H,2,0),\"\")","v":""},{"$f":"IFERROR(VLOOKUP(C3421,参数!$B:$H,4,0),\"\")","v":""},{"$f":"IFERROR(VLOOKUP(C3421,参数!B:H,3,FALSE),\"\")","v":""},"",1]
[3421,{"$nulls":6},{"$f":"IFERROR(VLOOKUP(C3422,参数!$B:$H,2,0),\"\")","v":""},{"$f":"IFERROR(VLOOKUP(C3422,参数!$B:$H,4,0),\"\")","v":""},{"$f":"IFERROR(VLOOKUP(C3422,参数!B:H,3,FALSE),\"\")","v":""},"",1]
[3422,{"$nulls":6},{"$f":"IFERROR(VLOOKUP(C3423,参数!$B:$H,2,0),\"\")","v":""},{"$f":"IFERROR(VLOOKUP(C3423,参数!$B:$H,4,0),\"\")","v":""},{"$f":"IFERROR(VLOOKUP(C3423,参数!B:H,3,FALSE),\"\")","v":""},"",1]
[3423,{"$nulls":6},{"$f":"IFERROR(VLOOKUP(C3424,参数!$B:$H,2,0),\"\")","v":""},{"$f":"IFERROR(VLOOKUP(C3424,参数!$B:$H,4,0),\"\")","v":""},{"$f":"IFERROR(VLOOKUP(C3424,参数!B:H,3,FALSE),\"\")","v":""},"",1]
[3424,{"$nulls":6},{"$f":"IFERROR(VLOOKUP(C3425,参数!$B:$H,2,0),\"\")","v":""},{"$f":"IFERROR(VLOOKUP(C3425,参数!$B:$H,4,0),\"\")","v":""},{"$f":"IFERROR(VLOOKUP(C3425,参数!B:H,3,FALSE),\"\")","v":""},"",1]
[3425,{"$nulls":6},{"$f":"IFERROR(VLOOKUP(C3426,参数!$B:$H,2,0),\"\")","v":""},{"$f":"IFERROR(VLOOKUP(C3426,参数!$B:$H,4,0),\"\")","v":""},{"$f":"IFERROR(VLOOKUP(C3426,参数!B:H,3,FALSE),\"\")","v":""},"",1]
[3426,{"$nulls":6},{"$f":"IFERROR(VLOOKUP(C3427,参数!$B:$H,2,0),\"\")","v":""},{"$f":"IFERROR(VLOOKUP(C3427,参数!$B:$H,4,0),\"\")","v":""},{"$f":"IFERROR(VLOOKUP(C3427,参数!B:H,3,FALSE),\"\")","v":""},"",1]
[3427,{"$nulls":6},{"$f":"IFERROR(VLOOKUP(C3428,参数!$B:$H,2,0),\"\")","v":""},{"$f":"IFERROR(VLOOKUP(C3428,参数!$B:$H,4,0),\"\")","v":""},{"$f":"IFERROR(VLOOKUP(C3428,参数!B:H,3,FALSE),\"\")","v":""},"",1]
[3428,{"$nulls":6},{"$f":"IFERROR(VLOOKUP(C3429,参数!$B:$H,2,0),\"\")","v":""},{"$f":"IFERROR(VLOOKUP(C3429,参数!$B:$H,4,0),\"\")","v":""},{"$f":"IFERROR(VLOOKUP(C3429,参数!B:H,3,FALSE),\"\")","v":""},{"$f":"IFERROR(J3429*E3429,\"\")","v":""},1]
[3429,{"$nulls":6},{"$f":"IFERROR(VLOOKUP(C3430,参数!$B:$H,2,0),\"\")","v":""},{"$f":"IFERROR(VLOOKUP(C3430,参数!$B:$H,4,0),\"\")","v":""},{"$f":"IFERROR(VLOOKUP(C3430,参数!B:H,3,FALSE),\"\")","v":""},"",1]
[3430,{"$nulls":6},{"$f":"IFERROR(VLOOKUP(C3431,参数!$B:$H,2,0),\"\")","v":""},{"$f":"IFERROR(VLOOKUP(C3431,参数!$B:$H,4,0),\"\")","v":""},{"$f":"IFERROR(VLOOKUP(C3431,参数!B:H,3,FALSE),\"\")","v":""},"",1]
[3431,{"$nulls":6},{"$f":"IFERROR(VLOOKUP(C3432,参数!$B:$H,2,0),\"\")","v":""},{"$f":"IFERROR(VLOOKUP(C3432,参数!$B:$H,4,0),\"\")","v":""},{"$f":"IFERROR(VLOOKUP(C3432,参数!B:H,3,FALSE),\"\")","v":""},"",1]
[3432,{"$nulls":6},{"$f":"IFERROR(VLOOKUP(C3433,参数!$B:$H,2,0),\"\")","v":""},{"$f":"IFERROR(VLOOKUP(C3433,参数!$B:$H,4,0),\"\")","v":""},{"$f":"IFERROR(VLOOKUP(C3433,参数!B:H,3,FALSE),\"\")","v":""},"",1]
[3433,{"$nulls":6},{"$f":"IFERROR(VLOOKUP(C3434,参数!$B:$H,2,0),\"\")","v":""},{"$f":"IFERROR(VLOOKUP(C3434,参数!$B:$H,4,0),\"\")","v":""},{"$f":"IFERROR(VLOOKUP(C3434,参数!B:H,3,FALSE),\"\")","v":""},"",1]
[3434,{"$nulls":6},{"$f":"IFERROR(VLOOKUP(C3435,参数!$B:$H,2,0),\"\")","v":""},{"$f":"IFERROR(VLOOKUP(C3435,参数!$B:$H,4,0),\"\")","v":""},{"$f":"IFERROR(VLOOKUP(C3435,参数!B:H,3,FALSE),\"\")","v":""},"",1]
[3435,{"$nulls":6},{"$f":"IFERROR(VLOOKUP(C3436,参数!$B:$H,2,0),\"\")","v":""},{"$f":"IFERROR(VLOOKUP(C3436,参数!$B:$H,4,0),\"\")","v":""},{"$f":"IFERROR(VLOOKUP(C3436,参数!B:H,3,FALSE),\"\")","v":""},"",1]
[3436,{"$nulls":6},{"$f":"IFERROR(VLOOKUP(C3437,参数!$B:$H,2,0),\"\")","v":""},{"$f":"IFERROR(VLOOKUP(C3437,参数!$B:$H,4,0),\"\")","v":""},{"$f":"IFERROR(VLOOKUP(C3437,参数!B:H,3,FALSE),\"\")","v":""},"",1]
[3437,{"$nulls":6},{"$f":"IFERROR(VLOOKUP(C3438,参数!$B:$H,2,0),\"\")","v":""},{"$f":"IFERROR(VLOOKUP(C3438,参数!$B:$H,4,0),\"\")","v":""},{"$f":"IFERROR(VLOOKUP(C3438,参数!B:H,3,FALSE),\"\")","v":""},"",1]
[3438,{"$nulls":6},{"$f":"IFERROR(VLOOKUP(C3439,参数!$B:$H,2,0),\"\")","v":""},{"$f":"IFERROR(VLOOKUP(C3439,参数!$B:$H,4,0),\"\")","v":""},{"$f":"IFERROR(VLOOKUP(C3439,参数!B:H,3,FALSE),\"\")","v":""},"",1]
[3439,{"$nulls":6},{"$f":"IFERROR(VLOOKUP(C3440,参数!$B:$H,2,0),\"\")","v":""},{"$f":"IFERROR(VLOOKUP(C3440,参数!$B:$H,4,0),\"\")","v":""},{"$f":"IFERROR(VLOOKUP(C3440,参数!B:H,3,FALSE),\"\")","v":""},"",1]
[3440,{"$nulls":6},{"$f":"IFERROR(VLOOKUP(C3441,参数!$B:$H,2,0),\"\")","v":""},{"$f":"IFERROR(VLOOKUP(C3441,参数!$B:$H,4,0),\"\")","v":""},{"$f":"IFERROR(VLOOKUP(C3441,参数!B:H,3,FALSE),\"\")","v":""},"",1]
[3441,{"$nulls":6},{"$f":"IFERROR(VLOOKUP(C3442,参数!$B:$H,2,0),\"\")","v":""},{"$f":"IFERROR(VLOOKUP(C3442,参数!$B:$H,4,0),\"\")","v":""},{"$f":"IFERROR(VLOOKUP(C3442,参数!B:H,3,FALSE),\"\")","v":""},"",1]
[3442,{"$nulls":6},{"$f":"IFERROR(VLOOKUP(C3443,参数!$B:$H,2,0),\"\")","v":""},{"$f":"IFERROR(VLOOKUP(C3443,参数!$B:$H,4,0),\"\")","v":""},{"$f":"IFERROR(VLOOKUP(C3443,参数!B:H,3,FALSE),\"\")","v":""},"",1]
[3443,{"$nulls":6},{"$f":"IFERROR(VLOOKUP(C3444,参数!$B:$H,2,0),\"\")","v":""},{"$f":"IFERROR(VLOOKUP(C3444,参数!$B:$H,4,0),\"\")","v":""},{"$f":"IFERROR(VLOOKUP(C3444,参数!B:H,3,FALSE),\"\")","v":""},"",1]
[3444,{"$nulls":6},{"$f":"IFERROR(VLOOKUP(C3445,参数!$B:$H,2,0),\"\")","v":""},{"$f":"IFERROR(VLOOKUP(C3445,参数!$B:$H,4,0),\"\")","v":""},{"$f":"IFERROR(VLOOKUP(C3445,参数!B:H,3,FALSE),\"\")","v":""},"",1]
[3445,{"$nulls":6},{"$f":"IFERROR(VLOOKUP(C3446,参数!$B:$H,2,0),\"\")","v":""},{"$f":"IFERROR(VLOOKUP(C3446,参数!$B:$H,4,0),\"\")","v":""},{"$f":"IFERROR(VLOOKUP(C3446,参数!B:H,3,FALSE),\"\")","v":""},"",1]
[3446,{"$nulls":6},{"$f":"IFERROR(VLOOKUP(C3447,参数!$B:$H,2,0),\"\")","v":""},{"$f":"IFERROR(VLOOKUP(C3447,参数!$B:$H,4,0),\"\")","v":""},{"$f":"IFERROR(VLOOKUP(C3447,参数!B:H,3,FALSE),\"\")","v":""},"",1]
[3447,{"$nulls":6},{"$f":"IFERROR(VLOOKUP(C3448,参数!$B:$H,2,0),\"\")","v":""},{"$f":"IFERROR(VLOOKUP(C3448,参数!$B:$H,4,0),\"\")","v":""},{"$f":"IFERROR(VLOOKUP(C3448,参数!B:H,3,FALSE),\"\")","v":""},"",1]
[3448,{"$nulls":6},{"$f":"IFERROR(VLOOKUP(C3449,参数!$B:$H,2,0),\"\")","v":""},{"$f":"IFERROR(VLOOKUP(C3449,参数!$B:$H,4,0),\"\")","v":""},{"$f":"IFERROR(VLOOKUP(C3449,参数!B:H,3,FALSE),\"\")","v":""},"",1]
[3449,{"$nulls":6},{"$f":"IFERROR(VLOOKUP(C3450,参数!$B:$H,2,0),\"\")","v":""},{"$f":"IFERROR(VLOOKUP(C3450,参数!$B:$H,4,0),\"\")","v":""},{"$f":"IFERROR(VLOOKUP(C3450,参数!B:H,3,FALSE),\"\")","v":""},"",1]
[3450,{"$nulls":6},{"$f":"IFERROR(VLOOKUP(C3451,参数!$B:$H,2,0),\"\")","v":""},{"$f":"IFERROR(VLOOKUP(C3451,参数!$B:$H,4,0),\"\")","v":""},{"$f":"IFERROR(VLOOKUP(C3451,参数!B:H,3,FALSE),\"\")","v":""},"",1]
[3451,{"$nulls":6},{"$f":"IFERROR(VLOOKUP(C3452,参数!$B:$H,2,0),\"\")","v":""},{"$f":"IFERROR(VLOOKUP(C3452,参数!$B:$H,4,0),\"\")","v":""},{"$f":"IFERROR(VLOOKUP(C3452,参数!B:H,3,FALSE),\"\")","v":""},"",1]
[3452,{"$nulls":6},{"$f":"IFERROR(VLOOKUP(C3453,参数!$B:$H,2,0),\"\")","v":""},{"$f":"IFERROR(VLOOKUP(C3453,参数!$B:$H,4,0),\"\")","v":""},{"$f":"IFERROR(VLOOKUP(C3453,参数!B:H,3,FALSE),\"\")","v":""},"",1]
[3453,{"$nulls":6},{"$f":"IFERROR(VLOOKUP(C3454,参数!$B:$H,2,0),\"\")","v":""},{"$f":"IFERROR(VLOOKUP(C3454,参数!$B:$H,4,0),\"\")","v":""},{"$f":"IFERROR(VLOOKUP(C3454,参数!B:H,3,FALSE),\"\")","v":""},"",1]
[3454,{"$nulls":6},{"$f":"IFERROR(VLOOKUP(C3455,参数!$B:$H,2,0),\"\")","v":""},{"$f":"IFERROR(VLOOKUP(C3455,参数!$B:$H,4,0),\"\")","v":""},{"$f":"IFERROR(VLOOKUP(C3455,参数!B:H,3,FALSE),\"\")","v":""},"",1]
[3455,{"$nulls":6},{"$f":"IFERROR(VLOOKUP(C3456,参数!$B:$H,2,0),\"\")","v":""},{"$f":"IFERROR(VLOOKUP(C3456,参数!$B:$H,4,0),\"\")","v":""},{"$f":"IFERROR(VLOOKUP(C3456,参数!B:H,3,FALSE),\"\")","v":""},"",1]
[3456,{"$nulls":6},{"$f":"IFERROR(VLOOKUP(C3457,参数!$B:$H,2,0),\"\")","v":""},{"$f":"IFERROR(VLOOKUP(C3457,参数!$B:$H,4,0),\"\")","v":""},{"$f":"IFERROR(VLOOKUP(C3457,参数!B:H,3,FALSE),\"\")","v":""},"",1]
[3457,{"$nulls":6},{"$f":"IFERROR(VLOOKUP(C3458,参数!$B:$H,2,0),\"\")","v":""},{"$f":"IFERROR(VLOOKUP(C3458,参数!$B:$H,4,0),\"\")","v":""},{"$f":"IFERROR(VLOOKUP(C3458,参数!B:H,3,FALSE),\"\")","v":""},"",{"$f":"VALUE(MONTH(B3458))","v":1}]
[3458,{"$nulls":6},{"$f":"IFERROR(VLOOKUP(C3459,参数!$B:$H,2,0),\"\")","v":""},{"$f":"IFERROR(VLOOKUP(C3459,参数!$B:$H,4,0),\"\")","v":""},{"$f":"IFERROR(VLOOKUP(C3459,参数!B:H,3,FALSE),\"\")","v":""},"",1]
[3459,{"$nulls":6},{"$f":"IFERROR(VLOOKUP(C3460,参数!$B:$H,2,0),\"\")","v":""},{"$f":"IFERROR(VLOOKUP(C3460,参数!$B:$H,4,0),\"\")","v":""},{"$f":"IFERROR(VLOOKUP(C3460,参数!B:H,3,FALSE),\"\")","v":""},"",1]
[3460,{"$nulls":6},{"$f":"IFERROR(VLOOKUP(C3461,参数!$B:$H,2,0),\"\")","v":""},{"$f":"IFERROR(VLOOKUP(C3461,参数!$B:$H,4,0),\"\")","v":""},{"$f":"IFERROR(VLOOKUP(C3461,参数!B:H,3,FALSE),\"\")","v":""},"",1]
[3461,{"$nulls":6},{"$f":"IFERROR(VLOOKUP(C3462,参数!$B:$H,2,0),\"\")","v":""},{"$f":"IFERROR(VLOOKUP(C3462,参数!$B:$H,4,0),\"\")","v":""},{"$f":"IFERROR(VLOOKUP(C3462,参数!B:H,3,FALSE),\"\")","v":""},"",1]
[3462,{"$nulls":6},{"$f":"IFERROR(VLOOKUP(C3463,参数!$B:$H,2,0),\"\")","v":""},{"$f":"IFERROR(VLOOKUP(C3463,参数!$B:$H,4,0),\"\")","v":""},{"$f":"IFERROR(VLOOKUP(C3463,参数!B:H,3,FALSE),\"\")","v":""},"",1]
[3463,{"$nulls":6},{"$f":"IFERROR(VLOOKUP(C3464,参数!$B:$H,2,0),\"\")","v":""},{"$f":"IFERROR(VLOOKUP(C3464,参数!$B:$H,4,0),\"\")","v":""},{"$f":"IFERROR(VLOOKUP(C3464,参数!B:H,3,FALSE),\"\")","v":""},"",1]
[3464,{"$nulls":6},{"$f":"IFERROR(VLOOKUP(C3465,参数!$B:$H,2,0),\"\")","v":""},{"$f":"IFERROR(VLOOKUP(C3465,参数!$B:$H,4,0),\"\")","v":""},{"$f":"IFERROR(VLOOKUP(C3465,参数!B:H,3,FALSE),\"\")","v":""},"",1]
[3465,{"$nulls":6},{"$f":"IFERROR(VLOOKUP(C3466,参数!$B:$H,2,0),\"\")","v":""},{"$f":"IFERROR(VLOOKUP(C3466,参数!$B:$H,4,0),\"\")","v":""},{"$f":"IFERROR(VLOOKUP(C3466,参数!B:H,3,FALSE),\"\")","v":""},"",1]
[3466,{"$nulls":6},{"$f":"IFERROR(VLOOKUP(C3467,参数!$B:$H,2,0),\"\")","v":""},{"$f":"IFERROR(VLOOKUP(C3467,参数!$B:$H,4,0),\"\")","v":""},{"$f":"IFERROR(VLOOKUP(C3467,参数!B:H,3,FALSE),\"\")","v":""},"",1]
[3467,{"$nulls":6},{"$f":"IFERROR(VLOOKUP(C3468,参数!$B:$H,2,0),\"\")","v":""},{"$f":"IFERROR(VLOOKUP(C3468,参数!$B:$H,4,0),\"\")","v":""},{"$f":"IFERROR(VLOOKUP(C3468,参数!B:H,3,FALSE),\"\")","v":""},"",1]
[3468,{"$nulls":6},{"$f":"IFERROR(VLOOKUP(C3469,参数!$B:$H,2,0),\"\")","v":""},{"$f":"IFERROR(VLOOKUP(C3469,参数!$B:$H,4,0),\"\")","v":""},{"$f":"IFERROR(VLOOKUP(C3469,参数!B:H,3,FALSE),\"\")","v":""},"",1]
[3469,{"$nulls":6},{"$f":"IFERROR(VLOOKUP(C3470,参数!$B:$H,2,0),\"\")","v":""},{"$f":"IFERROR(VLOOKUP(C3470,参数!$B:$H,4,0),\"\")","v":""},{"$f":"IFERROR(VLOOKUP(C3470,参数!B:H,3,FALSE),\"\")","v":""},"",1]
[3470,{"$nulls":6},{"$f":"IFERROR(VLOOKUP(C3471,参数!$B:$H,2,0),\"\")","v":""},{"$f":"IFERROR(VLOOKUP(C3471,参数!$B:$H,4,0),\"\")","v":""},{"$f":"IFERROR(VLOOKUP(C3471,参数!B:H,3,FALSE),\"\")","v":""},"",1]
[3471,{"$nulls":6},{"$f":"IFERROR(VLOOKUP(C3472,参数!$B:$H,2,0),\"\")","v":""},{"$f":"IFERROR(VLOOKUP(C3472,参数!$B:$H,4,0),\"\")","v":""},{"$f":"IFERROR(VLOOKUP(C3472,参数!B:H,3,FALSE),\"\")","v":""},"",1]
[3472,{"$nulls":6},{"$f":"IFERROR(VLOOKUP(C3473,参数!$B:$H,2,0),\"\")","v":""},{"$f":"IFERROR(VLOOKUP(C3473,参数!$B:$H,4,0),\"\")","v":""},{"$f":"IFERROR(VLOOKUP(C3473,参数!B:H,3,FALSE),\"\")","v":""},"",1]
[3473,{"$nulls":6},{"$f":"IFERROR(VLOOKUP(C3474,参数!$B:$H,2,0),\"\")","v":""},{"$f":"IFERROR(VLOOKUP(C3474,参数!$B:$H,4,0),\"\")","v":""},{"$f":"IFERROR(VLOOKUP(C3474,参数!B:H,3,FALSE),\"\")","v":""},"",1]
[3474,{"$nulls":6},{"$f":"IFERROR(VLOOKUP(C3475,参数!$B:$H,2,0),\"\")","v":""},{"$f":"IFERROR(VLOOKUP(C3475,参数!$B:$H,4,0),\"\")","v":""},{"$f":"IFERROR(VLOOKUP(C3475,参数!B:H,3,FALSE),\"\")","v":""},"",1]
[3475,{"$nulls":6},{"$f":"IFERROR(VLOOKUP(C3476,参数!$B:$H,2,0),\"\")","v":""},{"$f":"IFERROR(VLOOKUP(C3476,参数!$B:$H,4,0),\"\")","v":""},{"$f":"IFERROR(VLOOKUP(C3476,参数!B:H,3,FALSE),\"\")","v":""},"",1]
[3476,{"$nulls":6},{"$f":"IFERROR(VLOOKUP(C3477,参数!$B:$H,2,0),\"\")","v":""},{"$f":"IFERROR(VLOOKUP(C3477,参数!$B:$H,4,0),\"\")","v":""},{"$f":"IFERROR(VLOOKUP(C3477,参数!B:H,3,FALSE),\"\")","v":""},"",1]
[3477,{"$nulls":6},{"$f":"IFERROR(VLOOKUP(C3478,参数!$B:$H,2,0),\"\")","v":""},{"$f":"IFERROR(VLOOKUP(C3478,参数!$B:$H,4,0),\"\")","v":""},{"$f":"IFERROR(VLOOKUP(C3478,参数!B:H,3,FALSE),\"\")","v":""},"",1]
[3478,{"$nulls":6},{"$f":"IFERROR(VLOOKUP(C3479,参数!$B:$H,2,0),\"\")","v":""},{"$f":"IFERROR(VLOOKUP(C3479,参数!$B:$H,4,0),\"\")","v":""},{"$f":"IFERROR(VLOOKUP(C3479,参数!B:H,3,FALSE),\"\")","v":""},"",1]
[3479,{"$nulls":6},{"$f":"IFERROR(VLOOKUP(C3480,参数!$B:$H,2,0),\"\")","v":""},{"$f":"IFERROR(VLOOKUP(C3480,参数!$B:$H,4,0),\"\")","v":""},{"$f":"IFERROR(VLOOKUP(C3480,参数!B:H,3,FALSE),\"\")","v":""},"",1]
[3480,{"$nulls":6},{"$f":"IFERROR(VLOOKUP(C3481,参数!$B:$H,2,0),\"\")","v":""},{"$f":"IFERROR(VLOOKUP(C3481,参数!$B:$H,4,0),\"\")","v":""},{"$f":"IFERROR(VLOOKUP(C3481,参数!B:H,3,FALSE),\"\")","v":""},"",1]
[3481,{"$nulls":6},{"$f":"IFERROR(VLOOKUP(C3482,参数!$B:$H,2,0),\"\")","v":""},{"$f":"IFERROR(VLOOKUP(C3482,参数!$B:$H,4,0),\"\")","v":""},{"$f":"IFERROR(VLOOKUP(C3482,参数!B:H,3,FALSE),\"\")","v":""},"",1]
[3482,{"$nulls":6},{"$f":"IFERROR(VLOOKUP(C3483,参数!$B:$H,2,0),\"\")","v":""},{"$f":"IFERROR(VLOOKUP(C3483,参数!$B:$H,4,0),\"\")","v":""},{"$f":"IFERROR(VLOOKUP(C3483,参数!B:H,3,FALSE),\"\")","v":""},"",1]
[3483,{"$nulls":6},{"$f":"IFERROR(VLOOKUP(C3484,参数!$B:$H,2,0),\"\")","v":""},{"$f":"IFERROR(VLOOKUP(C3484,参数!$B:$H,4,0),\"\")","v":""},{"$f":"IFERROR(VLOOKUP(C3484,参数!B:H,3,FALSE),\"\")","v":""},"",1]
[3484,{"$nulls":6},{"$f":"IFERROR(VLOOKUP(C3485,参数!$B:$H,2,0),\"\")","v":""},{"$f":"IFERROR(VLOOKUP(C3485,参数!$B:$H,4,0),\"\")","v":""},{"$f":"IFERROR(VLOOKUP(C3485,参数!B:H,3,FALSE),\"\")","v":""},"",1]
[3485,{"$nulls":6},{"$f":"IFERROR(VLOOKUP(C3486,参数!$B:$H,2,0),\"\")","v":""},{"$f":"IFERROR(VLOOKUP(C3486,参数!$B:$H,4,0),\"\")","v":""},{"$f":"IFERROR(VLOOKUP(C3486,参数!B:H,3,FALSE),\"\")","v":""},"",1]
[3486,{"$nulls":6},{"$f":"IFERROR(VLOOKUP(C3487,参数!$B:$H,2,0),\"\")","v":""},{"$f":"IFERROR(VLOOKUP(C3487,参数!$B:$H,4,0),\"\")","v":""},{"$f":"IFERROR(VLOOKUP(C3487,参数!B:H,3,FALSE),\"\")","v":""},"",1]
[3487,{"$nulls":6},{"$f":"IFERROR(VLOOKUP(C3488,参数!$B:$H,2,0),\"\")","v":""},{"$f":"IFERROR(VLOOKUP(C3488,参数!$B:$H,4,0),\"\")","v":""},{"$f":"IFERROR(VLOOKUP(C3488,参数!B:H,3,FALSE),\"\")","v":""},"",1]
[3488,{"$nulls":6},{"$f":"IFERROR(VLOOKUP(C3489,参数!$B:$H,2,0),\"\")","v":""},{"$f":"IFERROR(VLOOKUP(C3489,参数!$B:$H,4,0),\"\")","v":""},{"$f":"IFERROR(VLOOKUP(C3489,参数!B:H,3,FALSE),\"\")","v":""},"",1]
[3489,{"$nulls":6},{"$f":"IFERROR(VLOOKUP(C3490,参数!$B:$H,2,0),\"\")","v":""},{"$f":"IFERROR(VLOOKUP(C3490,参数!$B:$H,4,0),\"\")","v":""},{"$f":"IFERROR(VLOOKUP(C3490,参数!B:H,3,FALSE),\"\")","v":""},"",1]
[3490,{"$nulls":6},{"$f":"IFERROR(VLOOKUP(C3491,参数!$B:$H,2,0),\"\")","v":""},{"$f":"IFERROR(VLOOKUP(C3491,参数!$B:$H,4,0),\"\")","v":""},{"$f":"IFERROR(VLOOKUP(C3491,参数!B:H,3,FALSE),\"\")","v":""},"",1]
[3491,{"$nulls":6},{"$f":"IFERROR(VLOOKUP(C3492,参数!$B:$H,2,0),\"\")","v":""},{"$f":"IFERROR(VLOOKUP(C3492,参数!$B:$H,4,0),\"\")","v":""},{"$f":"IFERROR(VLOOKUP(C3492,参数!B:H,3,FALSE),\"\")","v":""},"",1]
[3492,{"$nulls":6},{"$f":"IFERROR(VLOOKUP(C3493,参数!$B:$H,2,0),\"\")","v":""},{"$f":"IFERROR(VLOOKUP(C3493,参数!$B:$H,4,0),\"\")","v":""},{"$f":"IFERROR(VLOOKUP(C3493,参数!B:H,3,FALSE),\"\")","v":""},{"$f":"IFERROR(J3493*E3493,\"\")","v":""},1]
[3493,{"$nulls":6},{"$f":"IFERROR(VLOOKUP(C3494,参数!$B:$H,2,0),\"\")","v":""},{"$f":"IFERROR(VLOOKUP(C3494,参数!$B:$H,4,0),\"\")","v":""},{"$f":"IFERROR(VLOOKUP(C3494,参数!B:H,3,FALSE),\"\")","v":""},"",1]
[3494,{"$nulls":6},{"$f":"IFERROR(VLOOKUP(C3495,参数!$B:$H,2,0),\"\")","v":""},{"$f":"IFERROR(VLOOKUP(C3495,参数!$B:$H,4,0),\"\")","v":""},{"$f":"IFERROR(VLOOKUP(C3495,参数!B:H,3,FALSE),\"\")","v":""},"",1]
[3495,{"$nulls":6},{"$f":"IFERROR(VLOOKUP(C3496,参数!$B:$H,2,0),\"\")","v":""},{"$f":"IFERROR(VLOOKUP(C3496,参数!$B:$H,4,0),\"\")","v":""},{"$f":"IFERROR(VLOOKUP(C3496,参数!B:H,3,FALSE),\"\")","v":""},"",1]
[3496,{"$nulls":6},{"$f":"IFERROR(VLOOKUP(C3497,参数!$B:$H,2,0),\"\")","v":""},{"$f":"IFERROR(VLOOKUP(C3497,参数!$B:$H,4,0),\"\")","v":""},{"$f":"IFERROR(VLOOKUP(C3497,参数!B:H,3,FALSE),\"\")","v":""},"",1]
[3497,{"$nulls":6},{"$f":"IFERROR(VLOOKUP(C3498,参数!$B:$H,2,0),\"\")","v":""},{"$f":"IFERROR(VLOOKUP(C3498,参数!$B:$H,4,0),\"\")","v":""},{"$f":"IFERROR(VLOOKUP(C3498,参数!B:H,3,FALSE),\"\")","v":""},"",1]
[3498,{"$nulls":6},{"$f":"IFERROR(VLOOKUP(C3499,参数!$B:$H,2,0),\"\")","v":""},{"$f":"IFERROR(VLOOKUP(C3499,参数!$B:$H,4,0),\"\")","v":""},{"$f":"IFERROR(VLOOKUP(C3499,参数!B:H,3,FALSE),\"\")","v":""},"",1]
[3499,{"$nulls":6},{"$f":"IFERROR(VLOOKUP(C3500,参数!$B:$H,2,0),\"\")","v":""},{"$f":"IFERROR(VLOOKUP(C3500,参数!$B:$H,4,0),\"\")","v":""},{"$f":"IFERROR(VLOOKUP(C3500,参数!B:H,3,FALSE),\"\")","v":""},"",1]
[3500,{"$nulls":6},{"$f":"IFERROR(VLOOKUP(C3501,参数!$B:$H,2,0),\"\")","v":""},{"$f":"IFERROR(VLOOKUP(C3501,参数!$B:$H,4,0),\"\")","v":""},{"$f":"IFERROR(VLOOKUP(C3501,参数!B:H,3,FALSE),\"\")","v":""},"",1]
[3501,{"$nulls":6},{"$f":"IFERROR(VLOOKUP(C3502,参数!$B:$H,2,0),\"\")","v":""},{"$f":"IFERROR(VLOOKUP(C3502,参数!$B:$H,4,0),\"\")","v":""},{"$f":"IFERROR(VLOOKUP(C3502,参数!B:H,3,FALSE),\"\")","v":""},"",1]
[3502,{"$nulls":6},{"$f":"IFERROR(VLOOKUP(C3503,参数!$B:$H,2,0),\"\")","v":""},{"$f":"IFERROR(VLOOKUP(C3503,参数!$B:$H,4,0),\"\")","v":""},{"$f":"IFERROR(VLOOKUP(C3503,参数!B:H,3,FALSE),\"\")","v":""},"",1]
[3503,{"$nulls":6},{"$f":"IFERROR(VLOOKUP(C3504,参数!$B:$H,2,0),\"\")","v":""},{"$f":"IFERROR(VLOOKUP(C3504,参数!$B:$H,4,0),\"\")","v":""},{"$f":"IFERROR(VLOOKUP(C3504,参数!B:H,3,FALSE),\"\")","v":""},"",1]
[3504,{"$nulls":6},{"$f":"IFERROR(VLOOKUP(C3505,参数!$B:$H,2,0),\"\")","v":""},{"$f":"IFERROR(VLOOKUP(C3505,参数!$B:$H,4,0),\"\")","v":""},{"$f":"IFERROR(VLOOKUP(C3505,参数!B:H,3,FALSE),\"\")","v":""},"",1]
[3505,{"$nulls":6},{"$f":"IFERROR(VLOOKUP(C3506,参数!$B:$H,2,0),\"\")","v":""},{"$f":"IFERROR(VLOOKUP(C3506,参数!$B:$H,4,0),\"\")","v":""},{"$f":"IFERROR(VLOOKUP(C3506,参数!B:H,3,FALSE),\"\")","v":""},"",1]
[3506,{"$nulls":6},{"$f":"IFERROR(VLOOKUP(C3507,参数!$B:$H,2,0),\"\")","v":""},{"$f":"IFERROR(VLOOKUP(C3507,参数!$B:$H,4,0),\"\")","v":""},{"$f":"IFERROR(VLOOKUP(C3507,参数!B:H,3,FALSE),\"\")","v":""},"",1]
[3507,{"$nulls":6},{"$f":"IFERROR(VLOOKUP(C3508,参数!$B:$H,2,0),\"\")","v":""},{"$f":"IFERROR(VLOOKUP(C3508,参数!$B:$H,4,0),\"\")","v":""},{"$f":"IFERROR(VLOOKUP(C3508,参数!B:H,3,FALSE),\"\")","v":""},"",1]
[3508,{"$nulls":6},{"$f":"IFERROR(VLOOKUP(C3509,参数!$B:$H,2,0),\"\")","v":""},{"$f":"IFERROR(VLOOKUP(C3509,参数!$B:$H,4,0),\"\")","v":""},{"$f":"IFERROR(VLOOKUP(C3509,参数!B:H,3,FALSE),\"\")","v":""},"",1]
[3509,{"$nulls":6},{"$f":"IFERROR(VLOOKUP(C3510,参数!$B:$H,2,0),\"\")","v":""},{"$f":"IFERROR(VLOOKUP(C3510,参数!$B:$H,4,0),\"\")","v":""},{"$f":"IFERROR(VLOOKUP(C3510,参数!B:H,3,FALSE),\"\")","v":""},"",1]
[3510,{"$nulls":6},{"$f":"IFERROR(VLOOKUP(C3511,参数!$B:$H,2,0),\"\")","v":""},{"$f":"IFERROR(VLOOKUP(C3511,参数!$B:$H,4,0),\"\")","v":""},{"$f":"IFERROR(VLOOKUP(C3511,参数!B:H,3,FALSE),\"\")","v":""},"",1]
[3511,{"$nulls":6},{"$f":"IFERROR(VLOOKUP(C3512,参数!$B:$H,2,0),\"\")","v":""},{"$f":"IFERROR(VLOOKUP(C3512,参数!$B:$H,4,0),\"\")","v":""},{"$f":"IFERROR(VLOOKUP(C3512,参数!B:H,3,FALSE),\"\")","v":""},"",1]
[3512,{"$nulls":6},{"$f":"IFERROR(VLOOKUP(C3513,参数!$B:$H,2,0),\"\")","v":""},{"$f":"IFERROR(VLOOKUP(C3513,参数!$B:$H,4,0),\"\")","v":""},{"$f":"IFERROR(VLOOKUP(C3513,参数!B:H,3,FALSE),\"\")","v":""},"",1]
[3513,{"$nulls":6},{"$f":"IFERROR(VLOOKUP(C3514,参数!$B:$H,2,0),\"\")","v":""},{"$f":"IFERROR(VLOOKUP(C3514,参数!$B:$H,4,0),\"\")","v":""},{"$f":"IFERROR(VLOOKUP(C3514,参数!B:H,3,FALSE),\"\")","v":""},"",1]
[3514,{"$nulls":6},{"$f":"IFERROR(VLOOKUP(C3515,参数!$B:$H,2,0),\"\")","v":""},{"$f":"IFERROR(VLOOKUP(C3515,参数!$B:$H,4,0),\"\")","v":""},{"$f":"IFERROR(VLOOKUP(C3515,参数!B:H,3,FALSE),\"\")","v":""},"",1]
[3515,{"$nulls":6},{"$f":"IFERROR(VLOOKUP(C3516,参数!$B:$H,2,0),\"\")","v":""},{"$f":"IFERROR(VLOOKUP(C3516,参数!$B:$H,4,0),\"\")","v":""},{"$f":"IFERROR(VLOOKUP(C3516,参数!B:H,3,FALSE),\"\")","v":""},"",1]
[3516,{"$nulls":6},{"$f":"IFERROR(VLOOKUP(C3517,参数!$B:$H,2,0),\"\")","v":""},{"$f":"IFERROR(VLOOKUP(C3517,参数!$B:$H,4,0),\"\")","v":""},{"$f":"IFERROR(VLOOKUP(C3517,参数!B:H,3,FALSE),\"\")","v":""},"",1]
[3517,{"$nulls":6},{"$f":"IFERROR(VLOOKUP(C3518,参数!$B:$H,2,0),\"\")","v":""},{"$f":"IFERROR(VLOOKUP(C3518,参数!$B:$H,4,0),\"\")","v":""},{"$f":"IFERROR(VLOOKUP(C3518,参数!B:H,3,FALSE),\"\")","v":""},"",1]
[3518,{"$nulls":6},{"$f":"IFERROR(VLOOKUP(C3519,参数!$B:$H,2,0),\"\")","v":""},{"$f":"IFERROR(VLOOKUP(C3519,参数!$B:$H,4,0),\"\")","v":""},{"$f":"IFERROR(VLOOKUP(C3519,参数!B:H,3,FALSE),\"\")","v":""},"",1]
[3519,{"$nulls":6},{"$f":"IFERROR(VLOOKUP(C3520,参数!$B:$H,2,0),\"\")","v":""},{"$f":"IFERROR(VLOOKUP(C3520,参数!$B:$H,4,0),\"\")","v":""},{"$f":"IFERROR(VLOOKUP(C3520,参数!B:H,3,FALSE),\"\")","v":""},"",1]
[3520,{"$nulls":6},{"$f":"IFERROR(VLOOKUP(C3521,参数!$B:$H,2,0),\"\")","v":""},{"$f":"IFERROR(VLOOKUP(C3521,参数!$B:$H,4,0),\"\")","v":""},{"$f":"IFERROR(VLOOKUP(C3521,参数!B:H,3,FALSE),\"\")","v":""},"",1]
[3521,{"$nulls":6},{"$f":"IFERROR(VLOOKUP(C3522,参数!$B:$H,2,0),\"\")","v":""},{"$f":"IFERROR(VLOOKUP(C3522,参数!$B:$H,4,0),\"\")","v":""},{"$f":"IFERROR(VLOOKUP(C3522,参数!B:H,3,FALSE),\"\")","v":""},"",{"$f":"VALUE(MONTH(B3522))","v":1}]
[3522,{"$nulls":6},{"$f":"IFERROR(VLOOKUP(C3523,参数!$B:$H,2,0),\"\")","v":""},{"$f":"IFERROR(VLOOKUP(C3523,参数!$B:$H,4,0),\"\")","v":""},{"$f":"IFERROR(VLOOKUP(C3523,参数!B:H,3,FALSE),\"\")","v":""},"",1]
[3523,{"$nulls":6},{"$f":"IFERROR(VLOOKUP(C3524,参数!$B:$H,2,0),\"\")","v":""},{"$f":"IFERROR(VLOOKUP(C3524,参数!$B:$H,4,0),\"\")","v":""},{"$f":"IFERROR(VLOOKUP(C3524,参数!B:H,3,FALSE),\"\")","v":""},"",1]
[3524,{"$nulls":6},{"$f":"IFERROR(VLOOKUP(C3525,参数!$B:$H,2,0),\"\")","v":""},{"$f":"IFERROR(VLOOKUP(C3525,参数!$B:$H,4,0),\"\")","v":""},{"$f":"IFERROR(VLOOKUP(C3525,参数!B:H,3,FALSE),\"\")","v":""},"",1]
[3525,{"$nulls":6},{"$f":"IFERROR(VLOOKUP(C3526,参数!$B:$H,2,0),\"\")","v":""},{"$f":"IFERROR(VLOOKUP(C3526,参数!$B:$H,4,0),\"\")","v":""},{"$f":"IFERROR(VLOOKUP(C3526,参数!B:H,3,FALSE),\"\")","v":""},"",1]
[3526,{"$nulls":6},{"$f":"IFERROR(VLOOKUP(C3527,参数!$B:$H,2,0),\"\")","v":""},{"$f":"IFERROR(VLOOKUP(C3527,参数!$B:$H,4,0),\"\")","v":""},{"$f":"IFERROR(VLOOKUP(C3527,参数!B:H,3,FALSE),\"\")","v":""},"",1]
[3527,{"$nulls":6},{"$f":"IFERROR(VLOOKUP(C3528,参数!$B:$H,2,0),\"\")","v":""},{"$f":"IFERROR(VLOOKUP(C3528,参数!$B:$H,4,0),\"\")","v":""},{"$f":"IFERROR(VLOOKUP(C3528,参数!B:H,3,FALSE),\"\")","v":""},"",1]
[3528,{"$nulls":6},{"$f":"IFERROR(VLOOKUP(C3529,参数!$B:$H,2,0),\"\")","v":""},{"$f":"IFERROR(VLOOKUP(C3529,参数!$B:$H,4,0),\"\")","v":""},{"$f":"IFERROR(VLOOKUP(C3529,参数!B:H,3,FALSE),\"\")","v":""},"",1]
[3529,{"$nulls":6},{"$f":"IFERROR(VLOOKUP(C3530,参数!$B:$H,2,0),\"\")","v":""},{"$f":"IFERROR(VLOOKUP(C3530,参数!$B:$H,4,0),\"\")","v":""},{"$f":"IFERROR(VLOOKUP(C3530,参数!B:H,3,FALSE),\"\")","v":""},"",1]
[3530,{"$nulls":6},{"$f":"IFERROR(VLOOKUP(C3531,参数!$B:$H,2,0),\"\")","v":""},{"$f":"IFERROR(VLOOKUP(C3531,参数!$B:$H,4,0),\"\")","v":""},{"$f":"IFERROR(VLOOKUP(C3531,参数!B:H,3,FALSE),\"\")","v":""},"",1]
[3531,{"$nulls":6},{"$f":"IFERROR(VLOOKUP(C3532,参数!$B:$H,2,0),\"\")","v":""},{"$f":"IFERROR(VLOOKUP(C3532,参数!$B:$H,4,0),\"\")","v":""},{"$f":"IFERROR(VLOOKUP(C3532,参数!B:H,3,FALSE),\"\")","v":""},"",1]
[3532,{"$nulls":6},{"$f":"IFERROR(VLOOKUP(C3533,参数!$B:$H,2,0),\"\")","v":""},{"$f":"IFERROR(VLOOKUP(C3533,参数!$B:$H,4,0),\"\")","v":""},{"$f":"IFERROR(VLOOKUP(C3533,参数!B:H,3,FALSE),\"\")","v":""},"",1]
[3533,{"$nulls":6},{"$f":"IFERROR(VLOOKUP(C3534,参数!$B:$H,2,0),\"\")","v":""},{"$f":"IFERROR(VLOOKUP(C3534,参数!$B:$H,4,0),\"\")","v":""},{"$f":"IFERROR(VLOOKUP(C3534,参数!B:H,3,FALSE),\"\")","v":""},"",1]
[3534,{"$nulls":6},{"$f":"IFERROR(VLOOKUP(C3535,参数!$B:$H,2,0),\"\")","v":""},{"$f":"IFERROR(VLOOKUP(C3535,参数!$B:$H,4,0),\"\")","v":""},{"$f":"IFERROR(VLOOKUP(C3535,参数!B:H,3,FALSE),\"\")","v":""},"",1]
[3535,{"$nulls":6},{"$f":"IFERROR(VLOOKUP(C3536,参数!$B:$H,2,0),\"\")","v":""},{"$f":"IFERROR(VLOOKUP(C3536,参数!$B:$H,4,0),\"\")","v":""},{"$f":"IFERROR(VLOOKUP(C3536,参数!B:H,3,FALSE),\"\")","v":""},"",1]
[3536,{"$nulls":6},{"$f":"IFERROR(VLOOKUP(C3537,参数!$B:$H,2,0),\"\")","v":""},{"$f":"IFERROR(VLOOKUP(C3537,参数!$B:$H,4,0),\"\")","v":""},{"$f":"IFERROR(VLOOKUP(C3537,参数!B:H,3,FALSE),\"\")","v":""},"",1]
[3537,{"$nulls":6},{"$f":"IFERROR(VLOOKUP(C3538,参数!$B:$H,2,0),\"\")","v":""},{"$f":"IFERROR(VLOOKUP(C3538,参数!$B:$H,4,0),\"\")","v":""},{"$f":"IFERROR(VLOOKUP(C3538,参数!B:H,3,FALSE),\"\")","v":""},"",1]
[3538,{"$nulls":6},{"$f":"IFERROR(VLOOKUP(C3539,参数!$B:$H,2,0),\"\")","v":""},{"$f":"IFERROR(VLOOKUP(C3539,参数!$B:$H,4,0),\"\")","v":""},{"$f":"IFERROR(VLOOKUP(C3539,参数!B:H,3,FALSE),\"\")","v":""},"",1]
[3539,{"$nulls":6},{"$f":"IFERROR(VLOOKUP(C3540,参数!$B:$H,2,0),\"\")","v":""},{"$f":"IFERROR(VLOOKUP(C3540,参数!$B:$H,4,0),\"\")","v":""},{"$f":"IFERROR(VLOOKUP(C3540,参数!B:H,3,FALSE),\"\")","v":""},"",1]
[3540,{"$nulls":6},{"$f":"IFERROR(VLOOKUP(C3541,参数!$B:$H,2,0),\"\")","v":""},{"$f":"IFERROR(VLOOKUP(C3541,参数!$B:$H,4,0),\"\")","v":""},{"$f":"IFERROR(VLOOKUP(C3541,参数!B:H,3,FALSE),\"\")","v":""},"",1]
[3541,{"$nulls":6},{"$f":"IFERROR(VLOOKUP(C3542,参数!$B:$H,2,0),\"\")","v":""},{"$f":"IFERROR(VLOOKUP(C3542,参数!$B:$H,4,0),\"\")","v":""},{"$f":"IFERROR(VLOOKUP(C3542,参数!B:H,3,FALSE),\"\")","v":""},"",1]
[3542,{"$nulls":6},{"$f":"IFERROR(VLOOKUP(C3543,参数!$B:$H,2,0),\"\")","v":""},{"$f":"IFERROR(VLOOKUP(C3543,参数!$B:$H,4,0),\"\")","v":""},{"$f":"IFERROR(VLOOKUP(C3543,参数!B:H,3,FALSE),\"\")","v":""},"",1]
[3543,{"$nulls":6},{"$f":"IFERROR(VLOOKUP(C3544,参数!$B:$H,2,0),\"\")","v":""},{"$f":"IFERROR(VLOOKUP(C3544,参数!$B:$H,4,0),\"\")","v":""},{"$f":"IFERROR(VLOOKUP(C3544,参数!B:H,3,FALSE),\"\")","v":""},"",1]
[3544,{"$nulls":6},{"$f":"IFERROR(VLOOKUP(C3545,参数!$B:$H,2,0),\"\")","v":""},{"$f":"IFERROR(VLOOKUP(C3545,参数!$B:$H,4,0),\"\")","v":""},{"$f":"IFERROR(VLOOKUP(C3545,参数!B:H,3,FALSE),\"\")","v":""},"",1]
[3545,{"$nulls":6},{"$f":"IFERROR(VLOOKUP(C3546,参数!$B:$H,2,0),\"\")","v":""},{"$f":"IFERROR(VLOOKUP(C3546,参数!$B:$H,4,0),\"\")","v":""},{"$f":"IFERROR(VLOOKUP(C3546,参数!B:H,3,FALSE),\"\")","v":""},"",1]
[3546,{"$nulls":6},{"$f":"IFERROR(VLOOKUP(C3547,参数!$B:$H,2,0),\"\")","v":""},{"$f":"IFERROR(VLOOKUP(C3547,参数!$B:$H,4,0),\"\")","v":""},{"$f":"IFERROR(VLOOKUP(C3547,参数!B:H,3,FALSE),\"\")","v":""},"",1]
[3547,{"$nulls":6},{"$f":"IFERROR(VLOOKUP(C3548,参数!$B:$H,2,0),\"\")","v":""},{"$f":"IFERROR(VLOOKUP(C3548,参数!$B:$H,4,0),\"\")","v":""},{"$f":"IFERROR(VLOOKUP(C3548,参数!B:H,3,FALSE),\"\")","v":""},"",1]
[3548,{"$nulls":6},{"$f":"IFERROR(VLOOKUP(C3549,参数!$B:$H,2,0),\"\")","v":""},{"$f":"IFERROR(VLOOKUP(C3549,参数!$B:$H,4,0),\"\")","v":""},{"$f":"IFERROR(VLOOKUP(C3549,参数!B:H,3,FALSE),\"\")","v":""},"",1]
[3549,{"$nulls":6},{"$f":"IFERROR(VLOOKUP(C3550,参数!$B:$H,2,0),\"\")","v":""},{"$f":"IFERROR(VLOOKUP(C3550,参数!$B:$H,4,0),\"\")","v":""},{"$f":"IFERROR(VLOOKUP(C3550,参数!B:H,3,FALSE),\"\")","v":""},"",1]
[3550,{"$nulls":6},{"$f":"IFERROR(VLOOKUP(C3551,参数!$B:$H,2,0),\"\")","v":""},{"$f":"IFERROR(VLOOKUP(C3551,参数!$B:$H,4,0),\"\")","v":""},{"$f":"IFERROR(VLOOKUP(C3551,参数!B:H,3,FALSE),\"\")","v":""},"",1]
[3551,{"$nulls":6},{"$f":"IFERROR(VLOOKUP(C3552,参数!$B:$H,2,0),\"\")","v":""},{"$f":"IFERROR(VLOOKUP(C3552,参数!$B:$H,4,0),\"\")","v":""},{"$f":"IFERROR(VLOOKUP(C3552,参数!B:H,3,FALSE),\"\")","v":""},"",1]
[3552,{"$nulls":6},{"$f":"IFERROR(VLOOKUP(C3553,参数!$B:$H,2,0),\"\")","v":""},{"$f":"IFERROR(VLOOKUP(C3553,参数!$B:$H,4,0),\"\")","v":""},{"$f":"IFERROR(VLOOKUP(C3553,参数!B:H,3,FALSE),\"\")","v":""},"",1]
[3553,{"$nulls":6},{"$f":"IFERROR(VLOOKUP(C3554,参数!$B:$H,2,0),\"\")","v":""},{"$f":"IFERROR(VLOOKUP(C3554,参数!$B:$H,4,0),\"\")","v":""},{"$f":"IFERROR(VLOOKUP(C3554,参数!B:H,3,FALSE),\"\")","v":""},"",1]
[3554,{"$nulls":6},{"$f":"IFERROR(VLOOKUP(C3555,参数!$B:$H,2,0),\"\")","v":""},{"$f":"IFERROR(VLOOKUP(C3555,参数!$B:$H,4,0),\"\")","v":""},{"$f":"IFERROR(VLOOKUP(C3555,参数!B:H,3,FALSE),\"\")","v":""},"",1]
[3555,{"$nulls":6},{"$f":"IFERROR(VLOOKUP(C3556,参数!$B:$H,2,0),\"\")","v":""},{"$f":"IFERROR(VLOOKUP(C3556,参数!$B:$H,4,0),\"\")","v":""},{"$f":"IFERROR(VLOOKUP(C3556,参数!B:H,3,FALSE),\"\")","v":""},"",1]
[3556,{"$nulls":6},{"$f":"IFERROR(VLOOKUP(C3557,参数!$B:$H,2,0),\"\")","v":""},{"$f":"IFERROR(VLOOKUP(C3557,参数!$B:$H,4,0),\"\")","v":""},{"$f":"IFERROR(VLOOKUP(C3557,参数!B:H,3,FALSE),\"\")","v":""},{"$f":"IFERROR(J3557*E3557,\"\")","v":""},1]
[3557,{"$nulls":6},{"$f":"IFERROR(VLOOKUP(C3558,参数!$B:$H,2,0),\"\")","v":""},{"$f":"IFERROR(VLOOKUP(C3558,参数!$B:$H,4,0),\"\")","v":""},{"$f":"IFERROR(VLOOKUP(C3558,参数!B:H,3,FALSE),\"\")","v":""},"",1]
[3558,{"$nulls":6},{"$f":"IFERROR(VLOOKUP(C3559,参数!$B:$H,2,0),\"\")","v":""},{"$f":"IFERROR(VLOOKUP(C3559,参数!$B:$H,4,0),\"\")","v":""},{"$f":"IFERROR(VLOOKUP(C3559,参数!B:H,3,FALSE),\"\")","v":""},"",1]
[3559,{"$nulls":6},{"$f":"IFERROR(VLOOKUP(C3560,参数!$B:$H,2,0),\"\")","v":""},{"$f":"IFERROR(VLOOKUP(C3560,参数!$B:$H,4,0),\"\")","v":""},{"$f":"IFERROR(VLOOKUP(C3560,参数!B:H,3,FALSE),\"\")","v":""},"",1]
[3560,{"$nulls":6},{"$f":"IFERROR(VLOOKUP(C3561,参数!$B:$H,2,0),\"\")","v":""},{"$f":"IFERROR(VLOOKUP(C3561,参数!$B:$H,4,0),\"\")","v":""},{"$f":"IFERROR(VLOOKUP(C3561,参数!B:H,3,FALSE),\"\")","v":""},"",1]
[3561,{"$nulls":6},{"$f":"IFERROR(VLOOKUP(C3562,参数!$B:$H,2,0),\"\")","v":""},{"$f":"IFERROR(VLOOKUP(C3562,参数!$B:$H,4,0),\"\")","v":""},{"$f":"IFERROR(VLOOKUP(C3562,参数!B:H,3,FALSE),\"\")","v":""},"",1]
[3562,{"$nulls":6},{"$f":"IFERROR(VLOOKUP(C3563,参数!$B:$H,2,0),\"\")","v":""},{"$f":"IFERROR(VLOOKUP(C3563,参数!$B:$H,4,0),\"\")","v":""},{"$f":"IFERROR(VLOOKUP(C3563,参数!B:H,3,FALSE),\"\")","v":""},"",1]
[3563,{"$nulls":6},{"$f":"IFERROR(VLOOKUP(C3564,参数!$B:$H,2,0),\"\")","v":""},{"$f":"IFERROR(VLOOKUP(C3564,参数!$B:$H,4,0),\"\")","v":""},{"$f":"IFERROR(VLOOKUP(C3564,参数!B:H,3,FALSE),\"\")","v":""},"",1]
[3564,{"$nulls":6},{"$f":"IFERROR(VLOOKUP(C3565,参数!$B:$H,2,0),\"\")","v":""},{"$f":"IFERROR(VLOOKUP(C3565,参数!$B:$H,4,0),\"\")","v":""},{"$f":"IFERROR(VLOOKUP(C3565,参数!B:H,3,FALSE),\"\")","v":""},"",1]
[3565,{"$nulls":6},{"$f":"IFERROR(VLOOKUP(C3566,参数!$B:$H,2,0),\"\")","v":""},{"$f":"IFERROR(VLOOKUP(C3566,参数!$B:$H,4,0),\"\")","v":""},{"$f":"IFERROR(VLOOKUP(C3566,参数!B:H,3,FALSE),\"\")","v":""},"",1]
[3566,{"$nulls":6},{"$f":"IFERROR(VLOOKUP(C3567,参数!$B:$H,2,0),\"\")","v":""},{"$f":"IFERROR(VLOOKUP(C3567,参数!$B:$H,4,0),\"\")","v":""},{"$f":"IFERROR(VLOOKUP(C3567,参数!B:H,3,FALSE),\"\")","v":""},"",1]
[3567,{"$nulls":6},{"$f":"IFERROR(VLOOKUP(C3568,参数!$B:$H,2,0),\"\")","v":""},{"$f":"IFERROR(VLOOKUP(C3568,参数!$B:$H,4,0),\"\")","v":""},{"$f":"IFERROR(VLOOKUP(C3568,参数!B:H,3,FALSE),\"\")","v":""},"",1]
[3568,{"$nulls":6},{"$f":"IFERROR(VLOOKUP(C3569,参数!$B:$H,2,0),\"\")","v":""},{"$f":"IFERROR(VLOOKUP(C3569,参数!$B:$H,4,0),\"\")","v":""},{"$f":"IFERROR(VLOOKUP(C3569,参数!B:H,3,FALSE),\"\")","v":""},"",1]
[3569,{"$nulls":6},{"$f":"IFERROR(VLOOKUP(C3570,参数!$B:$H,2,0),\"\")","v":""},{"$f":"IFERROR(VLOOKUP(C3570,参数!$B:$H,4,0),\"\")","v":""},{"$f":"IFERROR(VLOOKUP(C3570,参数!B:H,3,FALSE),\"\")","v":""},"",1]
[3570,{"$nulls":6},{"$f":"IFERROR(VLOOKUP(C3571,参数!$B:$H,2,0),\"\")","v":""},{"$f":"IFERROR(VLOOKUP(C3571,参数!$B:$H,4,0),\"\")","v":""},{"$f":"IFERROR(VLOOKUP(C3571,参数!B:H,3,FALSE),\"\")","v":""},"",1]
[3571,{"$nulls":6},{"$f":"IFERROR(VLOOKUP(C3572,参数!$B:$H,2,0),\"\")","v":""},{"$f":"IFERROR(VLOOKUP(C3572,参数!$B:$H,4,0),\"\")","v":""},{"$f":"IFERROR(VLOOKUP(C3572,参数!B:H,3,FALSE),\"\")","v":""},"",1]
[3572,{"$nulls":6},{"$f":"IFERROR(VLOOKUP(C3573,参数!$B:$H,2,0),\"\")","v":""},{"$f":"IFERROR(VLOOKUP(C3573,参数!$B:$H,4,0),\"\")","v":""},{"$f":"IFERROR(VLOOKUP(C3573,参数!B:H,3,FALSE),\"\")","v":""},"",1]
[3573,{"$nulls":6},{"$f":"IFERROR(VLOOKUP(C3574,参数!$B:$H,2,0),\"\")","v":""},{"$f":"IFERROR(VLOOKUP(C3574,参数!$B:$H,4,0),\"\")","v":""},{"$f":"IFERROR(VLOOKUP(C3574,参数!B:H,3,FALSE),\"\")","v":""},"",1]
[3574,{"$nulls":6},{"$f":"IFERROR(VLOOKUP(C3575,参数!$B:$H,2,0),\"\")","v":""},{"$f":"IFERROR(VLOOKUP(C3575,参数!$B:$H,4,0),\"\")","v":""},{"$f":"IFERROR(VLOOKUP(C3575,参数!B:H,3,FALSE),\"\")","v":""},"",1]
[3575,{"$nulls":6},{"$f":"IFERROR(VLOOKUP(C3576,参数!$B:$H,2,0),\"\")","v":""},{"$f":"IFERROR(VLOOKUP(C3576,参数!$B:$H,4,0),\"\")","v":""},{"$f":"IFERROR(VLOOKUP(C3576,参数!B:H,3,FALSE),\"\")","v":""},"",1]
[3576,{"$nulls":6},{"$f":"IFERROR(VLOOKUP(C3577,参数!$B:$H,2,0),\"\")","v":""},{"$f":"IFERROR(VLOOKUP(C3577,参数!$B:$H,4,0),\"\")","v":""},{"$f":"IFERROR(VLOOKUP(C3577,参数!B:H,3,FALSE),\"\")","v":""},"",1]
[3577,{"$nulls":6},{"$f":"IFERROR(VLOOKUP(C3578,参数!$B:$H,2,0),\"\")","v":""},{"$f":"IFERROR(VLOOKUP(C3578,参数!$B:$H,4,0),\"\")","v":""},{"$f":"IFERROR(VLOOKUP(C3578,参数!B:H,3,FALSE),\"\")","v":""},"",1]
[3578,{"$nulls":6},{"$f":"IFERROR(VLOOKUP(C3579,参数!$B:$H,2,0),\"\")","v":""},{"$f":"IFERROR(VLOOKUP(C3579,参数!$B:$H,4,0),\"\")","v":""},{"$f":"IFERROR(VLOOKUP(C3579,参数!B:H,3,FALSE),\"\")","v":""},"",1]
[3579,{"$nulls":6},{"$f":"IFERROR(VLOOKUP(C3580,参数!$B:$H,2,0),\"\")","v":""},{"$f":"IFERROR(VLOOKUP(C3580,参数!$B:$H,4,0),\"\")","v":""},{"$f":"IFERROR(VLOOKUP(C3580,参数!B:H,3,FALSE),\"\")","v":""},"",1]
[3580,{"$nulls":6},{"$f":"IFERROR(VLOOKUP(C3581,参数!$B:$H,2,0),\"\")","v":""},{"$f":"IFERROR(VLOOKUP(C3581,参数!$B:$H,4,0),\"\")","v":""},{"$f":"IFERROR(VLOOKUP(C3581,参数!B:H,3,FALSE),\"\")","v":""},"",1]
[3581,{"$nulls":6},{"$f":"IFERROR(VLOOKUP(C3582,参数!$B:$H,2,0),\"\")","v":""},{"$f":"IFERROR(VLOOKUP(C3582,参数!$B:$H,4,0),\"\")","v":""},{"$f":"IFERROR(VLOOKUP(C3582,参数!B:H,3,FALSE),\"\")","v":""},"",1]
[3582,{"$nulls":6},{"$f":"IFERROR(VLOOKUP(C3583,参数!$B:$H,2,0),\"\")","v":""},{"$f":"IFERROR(VLOOKUP(C3583,参数!$B:$H,4,0),\"\")","v":""},{"$f":"IFERROR(VLOOKUP(C3583,参数!B:H,3,FALSE),\"\")","v":""},"",1]
[3583,{"$nulls":6},{"$f":"IFERROR(VLOOKUP(C3584,参数!$B:$H,2,0),\"\")","v":""},{"$f":"IFERROR(VLOOKUP(C3584,参数!$B:$H,4,0),\"\")","v":""},{"$f":"IFERROR(VLOOKUP(C3584,参数!B:H,3,FALSE),\"\")","v":""},"",1]
[3584,{"$nulls":6},{"$f":"IFERROR(VLOOKUP(C3585,参数!$B:$H,2,0),\"\")","v":""},{"$f":"IFERROR(VLOOKUP(C3585,参数!$B:$H,4,0),\"\")","v":""},{"$f":"IFERROR(VLOOKUP(C3585,参数!B:H,3,FALSE),\"\")","v":""},"",1]
[3585,{"$nulls":6},{"$f":"IFERROR(VLOOKUP(C3586,参数!$B:$H,2,0),\"\")","v":""},{"$f":"IFERROR(VLOOKUP(C3586,参数!$B:$H,4,0),\"\")","v":""},{"$f":"IFERROR(VLOOKUP(C3586,参数!B:H,3,FALSE),\"\")","v":""},"",{"$f":"VALUE(MONTH(B3586))","v":1}]
[3586,{"$nulls":6},{"$f":"IFERROR(VLOOKUP(C3587,参数!$B:$H,2,0),\"\")","v":""},{"$f":"IFERROR(VLOOKUP(C3587,参数!$B:$H,4,0),\"\")","v":""},{"$f":"IFERROR(VLOOKUP(C3587,参数!B:H,3,FALSE),\"\")","v":""},"",1]
[3587,{"$nulls":6},{"$f":"IFERROR(VLOOKUP(C3588,参数!$B:$H,2,0),\"\")","v":""},{"$f":"IFERROR(VLOOKUP(C3588,参数!$B:$H,4,0),\"\")","v":""},{"$f":"IFERROR(VLOOKUP(C3588,参数!B:H,3,FALSE),\"\")","v":""},"",1]
[3588,{"$nulls":6},{"$f":"IFERROR(VLOOKUP(C3589,参数!$B:$H,2,0),\"\")","v":""},{"$f":"IFERROR(VLOOKUP(C3589,参数!$B:$H,4,0),\"\")","v":""},{"$f":"IFERROR(VLOOKUP(C3589,参数!B:H,3,FALSE),\"\")","v":""},"",1]
[3589,{"$nulls":6},{"$f":"IFERROR(VLOOKUP(C3590,参数!$B:$H,2,0),\"\")","v":""},{"$f":"IFERROR(VLOOKUP(C3590,参数!$B:$H,4,0),\"\")","v":""},{"$f":"IFERROR(VLOOKUP(C3590,参数!B:H,3,FALSE),\"\")","v":""},"",1]
[3590,{"$nulls":6},{"$f":"IFERROR(VLOOKUP(C3591,参数!$B:$H,2,0),\"\")","v":""},{"$f":"IFERROR(VLOOKUP(C3591,参数!$B:$H,4,0),\"\")","v":""},{"$f":"IFERROR(VLOOKUP(C3591,参数!B:H,3,FALSE),\"\")","v":""},"",1]
[3591,{"$nulls":6},{"$f":"IFERROR(VLOOKUP(C3592,参数!$B:$H,2,0),\"\")","v":""},{"$f":"IFERROR(VLOOKUP(C3592,参数!$B:$H,4,0),\"\")","v":""},{"$f":"IFERROR(VLOOKUP(C3592,参数!B:H,3,FALSE),\"\")","v":""},"",1]
[3592,{"$nulls":6},{"$f":"IFERROR(VLOOKUP(C3593,参数!$B:$H,2,0),\"\")","v":""},{"$f":"IFERROR(VLOOKUP(C3593,参数!$B:$H,4,0),\"\")","v":""},{"$f":"IFERROR(VLOOKUP(C3593,参数!B:H,3,FALSE),\"\")","v":""},"",1]
[3593,{"$nulls":6},{"$f":"IFERROR(VLOOKUP(C3594,参数!$B:$H,2,0),\"\")","v":""},{"$f":"IFERROR(VLOOKUP(C3594,参数!$B:$H,4,0),\"\")","v":""},{"$f":"IFERROR(VLOOKUP(C3594,参数!B:H,3,FALSE),\"\")","v":""},"",1]
[3594,{"$nulls":6},{"$f":"IFERROR(VLOOKUP(C3595,参数!$B:$H,2,0),\"\")","v":""},{"$f":"IFERROR(VLOOKUP(C3595,参数!$B:$H,4,0),\"\")","v":""},{"$f":"IFERROR(VLOOKUP(C3595,参数!B:H,3,FALSE),\"\")","v":""},"",1]
[3595,{"$nulls":6},{"$f":"IFERROR(VLOOKUP(C3596,参数!$B:$H,2,0),\"\")","v":""},{"$f":"IFERROR(VLOOKUP(C3596,参数!$B:$H,4,0),\"\")","v":""},{"$f":"IFERROR(VLOOKUP(C3596,参数!B:H,3,FALSE),\"\")","v":""},"",1]
[3596,{"$nulls":6},{"$f":"IFERROR(VLOOKUP(C3597,参数!$B:$H,2,0),\"\")","v":""},{"$f":"IFERROR(VLOOKUP(C3597,参数!$B:$H,4,0),\"\")","v":""},{"$f":"IFERROR(VLOOKUP(C3597,参数!B:H,3,FALSE),\"\")","v":""},"",1]
[3597,{"$nulls":6},{"$f":"IFERROR(VLOOKUP(C3598,参数!$B:$H,2,0),\"\")","v":""},{"$f":"IFERROR(VLOOKUP(C3598,参数!$B:$H,4,0),\"\")","v":""},{"$f":"IFERROR(VLOOKUP(C3598,参数!B:H,3,FALSE),\"\")","v":""},"",1]
[3598,{"$nulls":6},{"$f":"IFERROR(VLOOKUP(C3599,参数!$B:$H,2,0),\"\")","v":""},{"$f":"IFERROR(VLOOKUP(C3599,参数!$B:$H,4,0),\"\")","v":""},{"$f":"IFERROR(VLOOKUP(C3599,参数!B:H,3,FALSE),\"\")","v":""},"",1]
[3599,{"$nulls":6},{"$f":"IFERROR(VLOOKUP(C3600,参数!$B:$H,2,0),\"\")","v":""},{"$f":"IFERROR(VLOOKUP(C3600,参数!$B:$H,4,0),\"\")","v":""},{"$f":"IFERROR(VLOOKUP(C3600,参数!B:H,3,FALSE),\"\")","v":""},"",1]
[3600,{"$nulls":6},{"$f":"IFERROR(VLOOKUP(C3601,参数!$B:$H,2,0),\"\")","v":""},{"$f":"IFERROR(VLOOKUP(C3601,参数!$B:$H,4,0),\"\")","v":""},{"$f":"IFERROR(VLOOKUP(C3601,参数!B:H,3,FALSE),\"\")","v":""},"",1]
[3601,{"$nulls":6},{"$f":"IFERROR(VLOOKUP(C3602,参数!$B:$H,2,0),\"\")","v":""},{"$f":"IFERROR(VLOOKUP(C3602,参数!$B:$H,4,0),\"\")","v":""},{"$f":"IFERROR(VLOOKUP(C3602,参数!B:H,3,FALSE),\"\")","v":""},"",1]
[3602,{"$nulls":6},{"$f":"IFERROR(VLOOKUP(C3603,参数!$B:$H,2,0),\"\")","v":""},{"$f":"IFERROR(VLOOKUP(C3603,参数!$B:$H,4,0),\"\")","v":""},{"$f":"IFERROR(VLOOKUP(C3603,参数!B:H,3,FALSE),\"\")","v":""},"",1]
[3603,{"$nulls":6},{"$f":"IFERROR(VLOOKUP(C3604,参数!$B:$H,2,0),\"\")","v":""},{"$f":"IFERROR(VLOOKUP(C3604,参数!$B:$H,4,0),\"\")","v":""},{"$f":"IFERROR(VLOOKUP(C3604,参数!B:H,3,FALSE),\"\")","v":""},"",1]
[3604,{"$nulls":6},{"$f":"IFERROR(VLOOKUP(C3605,参数!$B:$H,2,0),\"\")","v":""},{"$f":"IFERROR(VLOOKUP(C3605,参数!$B:$H,4,0),\"\")","v":""},{"$f":"IFERROR(VLOOKUP(C3605,参数!B:H,3,FALSE),\"\")","v":""},"",1]
[3605,{"$nulls":6},{"$f":"IFERROR(VLOOKUP(C3606,参数!$B:$H,2,0),\"\")","v":""},{"$f":"IFERROR(VLOOKUP(C3606,参数!$B:$H,4,0),\"\")","v":""},{"$f":"IFERROR(VLOOKUP(C3606,参数!B:H,3,FALSE),\"\")","v":""},"",1]
[3606,{"$nulls":6},{"$f":"IFERROR(VLOOKUP(C3607,参数!$B:$H,2,0),\"\")","v":""},{"$f":"IFERROR(VLOOKUP(C3607,参数!$B:$H,4,0),\"\")","v":""},{"$f":"IFERROR(VLOOKUP(C3607,参数!B:H,3,FALSE),\"\")","v":""},"",1]
[3607,{"$nulls":6},{"$f":"IFERROR(VLOOKUP(C3608,参数!$B:$H,2,0),\"\")","v":""},{"$f":"IFERROR(VLOOKUP(C3608,参数!$B:$H,4,0),\"\")","v":""},{"$f":"IFERROR(VLOOKUP(C3608,参数!B:H,3,FALSE),\"\")","v":""},"",1]
[3608,{"$nulls":6},{"$f":"IFERROR(VLOOKUP(C3609,参数!$B:$H,2,0),\"\")","v":""},{"$f":"IFERROR(VLOOKUP(C3609,参数!$B:$H,4,0),\"\")","v":""},{"$f":"IFERROR(VLOOKUP(C3609,参数!B:H,3,FALSE),\"\")","v":""},"",1]
[3609,{"$nulls":6},{"$f":"IFERROR(VLOOKUP(C3610,参数!$B:$H,2,0),\"\")","v":""},{"$f":"IFERROR(VLOOKUP(C3610,参数!$B:$H,4,0),\"\")","v":""},{"$f":"IFERROR(VLOOKUP(C3610,参数!B:H,3,FALSE),\"\")","v":""},"",1]
[3610,{"$nulls":6},{"$f":"IFERROR(VLOOKUP(C3611,参数!$B:$H,2,0),\"\")","v":""},{"$f":"IFERROR(VLOOKUP(C3611,参数!$B:$H,4,0),\"\")","v":""},{"$f":"IFERROR(VLOOKUP(C3611,参数!B:H,3,FALSE),\"\")","v":""},"",1]
[3611,{"$nulls":6},{"$f":"IFERROR(VLOOKUP(C3612,参数!$B:$H,2,0),\"\")","v":""},{"$f":"IFERROR(VLOOKUP(C3612,参数!$B:$H,4,0),\"\")","v":""},{"$f":"IFERROR(VLOOKUP(C3612,参数!B:H,3,FALSE),\"\")","v":""},"",1]
[3612,{"$nulls":6},{"$f":"IFERROR(VLOOKUP(C3613,参数!$B:$H,2,0),\"\")","v":""},{"$f":"IFERROR(VLOOKUP(C3613,参数!$B:$H,4,0),\"\")","v":""},{"$f":"IFERROR(VLOOKUP(C3613,参数!B:H,3,FALSE),\"\")","v":""},"",1]
[3613,{"$nulls":6},{"$f":"IFERROR(VLOOKUP(C3614,参数!$B:$H,2,0),\"\")","v":""},{"$f":"IFERROR(VLOOKUP(C3614,参数!$B:$H,4,0),\"\")","v":""},{"$f":"IFERROR(VLOOKUP(C3614,参数!B:H,3,FALSE),\"\")","v":""},"",1]
[3614,{"$nulls":6},{"$f":"IFERROR(VLOOKUP(C3615,参数!$B:$H,2,0),\"\")","v":""},{"$f":"IFERROR(VLOOKUP(C3615,参数!$B:$H,4,0),\"\")","v":""},{"$f":"IFERROR(VLOOKUP(C3615,参数!B:H,3,FALSE),\"\")","v":""},"",1]
[3615,{"$nulls":6},{"$f":"IFERROR(VLOOKUP(C3616,参数!$B:$H,2,0),\"\")","v":""},{"$f":"IFERROR(VLOOKUP(C3616,参数!$B:$H,4,0),\"\")","v":""},{"$f":"IFERROR(VLOOKUP(C3616,参数!B:H,3,FALSE),\"\")","v":""},"",1]
[3616,{"$nulls":6},{"$f":"IFERROR(VLOOKUP(C3617,参数!$B:$H,2,0),\"\")","v":""},{"$f":"IFERROR(VLOOKUP(C3617,参数!$B:$H,4,0),\"\")","v":""},{"$f":"IFERROR(VLOOKUP(C3617,参数!B:H,3,FALSE),\"\")","v":""},"",1]
[3617,{"$nulls":6},{"$f":"IFERROR(VLOOKUP(C3618,参数!$B:$H,2,0),\"\")","v":""},{"$f":"IFERROR(VLOOKUP(C3618,参数!$B:$H,4,0),\"\")","v":""},{"$f":"IFERROR(VLOOKUP(C3618,参数!B:H,3,FALSE),\"\")","v":""},"",1]
[3618,{"$nulls":6},{"$f":"IFERROR(VLOOKUP(C3619,参数!$B:$H,2,0),\"\")","v":""},{"$f":"IFERROR(VLOOKUP(C3619,参数!$B:$H,4,0),\"\")","v":""},{"$f":"IFERROR(VLOOKUP(C3619,参数!B:H,3,FALSE),\"\")","v":""},"",1]
[3619,{"$nulls":6},{"$f":"IFERROR(VLOOKUP(C3620,参数!$B:$H,2,0),\"\")","v":""},{"$f":"IFERROR(VLOOKUP(C3620,参数!$B:$H,4,0),\"\")","v":""},{"$f":"IFERROR(VLOOKUP(C3620,参数!B:H,3,FALSE),\"\")","v":""},"",1]
[3620,{"$nulls":6},{"$f":"IFERROR(VLOOKUP(C3621,参数!$B:$H,2,0),\"\")","v":""},{"$f":"IFERROR(VLOOKUP(C3621,参数!$B:$H,4,0),\"\")","v":""},{"$f":"IFERROR(VLOOKUP(C3621,参数!B:H,3,FALSE),\"\")","v":""},{"$f":"IFERROR(J3621*E3621,\"\")","v":""},1]
[3621,{"$nulls":6},{"$f":"IFERROR(VLOOKUP(C3622,参数!$B:$H,2,0),\"\")","v":""},{"$f":"IFERROR(VLOOKUP(C3622,参数!$B:$H,4,0),\"\")","v":""},{"$f":"IFERROR(VLOOKUP(C3622,参数!B:H,3,FALSE),\"\")","v":""},"",1]
[3622,{"$nulls":6},{"$f":"IFERROR(VLOOKUP(C3623,参数!$B:$H,2,0),\"\")","v":""},{"$f":"IFERROR(VLOOKUP(C3623,参数!$B:$H,4,0),\"\")","v":""},{"$f":"IFERROR(VLOOKUP(C3623,参数!B:H,3,FALSE),\"\")","v":""},"",1]
[3623,{"$nulls":6},{"$f":"IFERROR(VLOOKUP(C3624,参数!$B:$H,2,0),\"\")","v":""},{"$f":"IFERROR(VLOOKUP(C3624,参数!$B:$H,4,0),\"\")","v":""},{"$f":"IFERROR(VLOOKUP(C3624,参数!B:H,3,FALSE),\"\")","v":""},"",1]
[3624,{"$nulls":6},{"$f":"IFERROR(VLOOKUP(C3625,参数!$B:$H,2,0),\"\")","v":""},{"$f":"IFERROR(VLOOKUP(C3625,参数!$B:$H,4,0),\"\")","v":""},{"$f":"IFERROR(VLOOKUP(C3625,参数!B:H,3,FALSE),\"\")","v":""},"",1]
[3625,{"$nulls":6},{"$f":"IFERROR(VLOOKUP(C3626,参数!$B:$H,2,0),\"\")","v":""},{"$f":"IFERROR(VLOOKUP(C3626,参数!$B:$H,4,0),\"\")","v":""},{"$f":"IFERROR(VLOOKUP(C3626,参数!B:H,3,FALSE),\"\")","v":""},"",1]
[3626,{"$nulls":6},{"$f":"IFERROR(VLOOKUP(C3627,参数!$B:$H,2,0),\"\")","v":""},{"$f":"IFERROR(VLOOKUP(C3627,参数!$B:$H,4,0),\"\")","v":""},{"$f":"IFERROR(VLOOKUP(C3627,参数!B:H,3,FALSE),\"\")","v":""},"",1]
[3627,{"$nulls":6},{"$f":"IFERROR(VLOOKUP(C3628,参数!$B:$H,2,0),\"\")","v":""},{"$f":"IFERROR(VLOOKUP(C3628,参数!$B:$H,4,0),\"\")","v":""},{"$f":"IFERROR(VLOOKUP(C3628,参数!B:H,3,FALSE),\"\")","v":""},"",1]
[3628,{"$nulls":6},{"$f":"IFERROR(VLOOKUP(C3629,参数!$B:$H,2,0),\"\")","v":""},{"$f":"IFERROR(VLOOKUP(C3629,参数!$B:$H,4,0),\"\")","v":""},{"$f":"IFERROR(VLOOKUP(C3629,参数!B:H,3,FALSE),\"\")","v":""},"",1]
[3629,{"$nulls":6},{"$f":"IFERROR(VLOOKUP(C3630,参数!$B:$H,2,0),\"\")","v":""},{"$f":"IFERROR(VLOOKUP(C3630,参数!$B:$H,4,0),\"\")","v":""},{"$f":"IFERROR(VLOOKUP(C3630,参数!B:H,3,FALSE),\"\")","v":""},"",1]
[3630,{"$nulls":6},{"$f":"IFERROR(VLOOKUP(C3631,参数!$B:$H,2,0),\"\")","v":""},{"$f":"IFERROR(VLOOKUP(C3631,参数!$B:$H,4,0),\"\")","v":""},{"$f":"IFERROR(VLOOKUP(C3631,参数!B:H,3,FALSE),\"\")","v":""},"",1]
[3631,{"$nulls":6},{"$f":"IFERROR(VLOOKUP(C3632,参数!$B:$H,2,0),\"\")","v":""},{"$f":"IFERROR(VLOOKUP(C3632,参数!$B:$H,4,0),\"\")","v":""},{"$f":"IFERROR(VLOOKUP(C3632,参数!B:H,3,FALSE),\"\")","v":""},"",1]
[3632,{"$nulls":6},{"$f":"IFERROR(VLOOKUP(C3633,参数!$B:$H,2,0),\"\")","v":""},{"$f":"IFERROR(VLOOKUP(C3633,参数!$B:$H,4,0),\"\")","v":""},{"$f":"IFERROR(VLOOKUP(C3633,参数!B:H,3,FALSE),\"\")","v":""},"",1]
[3633,{"$nulls":6},{"$f":"IFERROR(VLOOKUP(C3634,参数!$B:$H,2,0),\"\")","v":""},{"$f":"IFERROR(VLOOKUP(C3634,参数!$B:$H,4,0),\"\")","v":""},{"$f":"IFERROR(VLOOKUP(C3634,参数!B:H,3,FALSE),\"\")","v":""},"",1]
[3634,{"$nulls":6},{"$f":"IFERROR(VLOOKUP(C3635,参数!$B:$H,2,0),\"\")","v":""},{"$f":"IFERROR(VLOOKUP(C3635,参数!$B:$H,4,0),\"\")","v":""},{"$f":"IFERROR(VLOOKUP(C3635,参数!B:H,3,FALSE),\"\")","v":""},"",1]
[3635,{"$nulls":6},{"$f":"IFERROR(VLOOKUP(C3636,参数!$B:$H,2,0),\"\")","v":""},{"$f":"IFERROR(VLOOKUP(C3636,参数!$B:$H,4,0),\"\")","v":""},{"$f":"IFERROR(VLOOKUP(C3636,参数!B:H,3,FALSE),\"\")","v":""},"",1]
[3636,{"$nulls":6},{"$f":"IFERROR(VLOOKUP(C3637,参数!$B:$H,2,0),\"\")","v":""},{"$f":"IFERROR(VLOOKUP(C3637,参数!$B:$H,4,0),\"\")","v":""},{"$f":"IFERROR(VLOOKUP(C3637,参数!B:H,3,FALSE),\"\")","v":""},"",1]
[3637,{"$nulls":6},{"$f":"IFERROR(VLOOKUP(C3638,参数!$B:$H,2,0),\"\")","v":""},{"$f":"IFERROR(VLOOKUP(C3638,参数!$B:$H,4,0),\"\")","v":""},{"$f":"IFERROR(VLOOKUP(C3638,参数!B:H,3,FALSE),\"\")","v":""},"",1]
[3638,{"$nulls":6},{"$f":"IFERROR(VLOOKUP(C3639,参数!$B:$H,2,0),\"\")","v":""},{"$f":"IFERROR(VLOOKUP(C3639,参数!$B:$H,4,0),\"\")","v":""},{"$f":"IFERROR(VLOOKUP(C3639,参数!B:H,3,FALSE),\"\")","v":""},"",1]
[3639,{"$nulls":6},{"$f":"IFERROR(VLOOKUP(C3640,参数!$B:$H,2,0),\"\")","v":""},{"$f":"IFERROR(VLOOKUP(C3640,参数!$B:$H,4,0),\"\")","v":""},{"$f":"IFERROR(VLOOKUP(C3640,参数!B:H,3,FALSE),\"\")","v":""},"",1]
[3640,{"$nulls":6},{"$f":"IFERROR(VLOOKUP(C3641,参数!$B:$H,2,0),\"\")","v":""},{"$f":"IFERROR(VLOOKUP(C3641,参数!$B:$H,4,0),\"\")","v":""},{"$f":"IFERROR(VLOOKUP(C3641,参数!B:H,3,FALSE),\"\")","v":""},"",1]
[3641,{"$nulls":6},{"$f":"IFERROR(VLOOKUP(C3642,参数!$B:$H,2,0),\"\")","v":""},{"$f":"IFERROR(VLOOKUP(C3642,参数!$B:$H,4,0),\"\")","v":""},{"$f":"IFERROR(VLOOKUP(C3642,参数!B:H,3,FALSE),\"\")","v":""},"",1]
[3642,{"$nulls":6},{"$f":"IFERROR(VLOOKUP(C3643,参数!$B:$H,2,0),\"\")","v":""},{"$f":"IFERROR(VLOOKUP(C3643,参数!$B:$H,4,0),\"\")","v":""},{"$f":"IFERROR(VLOOKUP(C3643,参数!B:H,3,FALSE),\"\")","v":""},"",1]
[3643,{"$nulls":6},{"$f":"IFERROR(VLOOKUP(C3644,参数!$B:$H,2,0),\"\")","v":""},{"$f":"IFERROR(VLOOKUP(C3644,参数!$B:$H,4,0),\"\")","v":""},{"$f":"IFERROR(VLOOKUP(C3644,参数!B:H,3,FALSE),\"\")","v":""},"",1]
[3644,{"$nulls":6},{"$f":"IFERROR(VLOOKUP(C3645,参数!$B:$H,2,0),\"\")","v":""},{"$f":"IFERROR(VLOOKUP(C3645,参数!$B:$H,4,0),\"\")","v":""},{"$f":"IFERROR(VLOOKUP(C3645,参数!B:H,3,FALSE),\"\")","v":""},"",1]
[3645,{"$nulls":6},{"$f":"IFERROR(VLOOKUP(C3646,参数!$B:$H,2,0),\"\")","v":""},{"$f":"IFERROR(VLOOKUP(C3646,参数!$B:$H,4,0),\"\")","v":""},{"$f":"IFERROR(VLOOKUP(C3646,参数!B:H,3,FALSE),\"\")","v":""},"",1]
[3646,{"$nulls":6},{"$f":"IFERROR(VLOOKUP(C3647,参数!$B:$H,2,0),\"\")","v":""},{"$f":"IFERROR(VLOOKUP(C3647,参数!$B:$H,4,0),\"\")","v":""},{"$f":"IFERROR(VLOOKUP(C3647,参数!B:H,3,FALSE),\"\")","v":""},"",1]
[3647,{"$nulls":6},{"$f":"IFERROR(VLOOKUP(C3648,参数!$B:$H,2,0),\"\")","v":""},{"$f":"IFERROR(VLOOKUP(C3648,参数!$B:$H,4,0),\"\")","v":""},{"$f":"IFERROR(VLOOKUP(C3648,参数!B:H,3,FALSE),\"\")","v":""},"",1]
[3648,{"$nulls":6},{"$f":"IFERROR(VLOOKUP(C3649,参数!$B:$H,2,0),\"\")","v":""},{"$f":"IFERROR(VLOOKUP(C3649,参数!$B:$H,4,0),\"\")","v":""},{"$f":"IFERROR(VLOOKUP(C3649,参数!B:H,3,FALSE),\"\")","v":""},"",1]
[3649,{"$nulls":6},{"$f":"IFERROR(VLOOKUP(C3650,参数!$B:$H,2,0),\"\")","v":""},{"$f":"IFERROR(VLOOKUP(C3650,参数!$B:$H,4,0),\"\")","v":""},{"$f":"IFERROR(VLOOKUP(C3650,参数!B:H,3,FALSE),\"\")","v":""},"",{"$f":"VALUE(MONTH(B3650))","v":1}]
[3650,{"$nulls":6},{"$f":"IFERROR(VLOOKUP(C3651,参数!$B:$H,2,0),\"\")","v":""},{"$f":"IFERROR(VLOOKUP(C3651,参数!$B:$H,4,0),\"\")","v":""},{"$f":"IFERROR(VLOOKUP(C3651,参数!B:H,3,FALSE),\"\")","v":""},"",1]
[3651,{"$nulls":6},{"$f":"IFERROR(VLOOKUP(C3652,参数!$B:$H,2,0),\"\")","v":""},{"$f":"IFERROR(VLOOKUP(C3652,参数!$B:$H,4,0),\"\")","v":""},{"$f":"IFERROR(VLOOKUP(C3652,参数!B:H,3,FALSE),\"\")","v":""},"",1]
[3652,{"$nulls":6},{"$f":"IFERROR(VLOOKUP(C3653,参数!$B:$H,2,0),\"\")","v":""},{"$f":"IFERROR(VLOOKUP(C3653,参数!$B:$H,4,0),\"\")","v":""},{"$f":"IFERROR(VLOOKUP(C3653,参数!B:H,3,FALSE),\"\")","v":""},"",1]
[3653,{"$nulls":6},{"$f":"IFERROR(VLOOKUP(C3654,参数!$B:$H,2,0),\"\")","v":""},{"$f":"IFERROR(VLOOKUP(C3654,参数!$B:$H,4,0),\"\")","v":""},{"$f":"IFERROR(VLOOKUP(C3654,参数!B:H,3,FALSE),\"\")","v":""},"",1]
[3654,{"$nulls":6},{"$f":"IFERROR(VLOOKUP(C3655,参数!$B:$H,2,0),\"\")","v":""},{"$f":"IFERROR(VLOOKUP(C3655,参数!$B:$H,4,0),\"\")","v":""},{"$f":"IFERROR(VLOOKUP(C3655,参数!B:H,3,FALSE),\"\")","v":""},"",1]
[3655,{"$nulls":6},{"$f":"IFERROR(VLOOKUP(C3656,参数!$B:$H,2,0),\"\")","v":""},{"$f":"IFERROR(VLOOKUP(C3656,参数!$B:$H,4,0),\"\")","v":""},{"$f":"IFERROR(VLOOKUP(C3656,参数!B:H,3,FALSE),\"\")","v":""},"",1]
[3656,{"$nulls":6},{"$f":"IFERROR(VLOOKUP(C3657,参数!$B:$H,2,0),\"\")","v":""},{"$f":"IFERROR(VLOOKUP(C3657,参数!$B:$H,4,0),\"\")","v":""},{"$f":"IFERROR(VLOOKUP(C3657,参数!B:H,3,FALSE),\"\")","v":""},"",1]
[3657,{"$nulls":6},{"$f":"IFERROR(VLOOKUP(C3658,参数!$B:$H,2,0),\"\")","v":""},{"$f":"IFERROR(VLOOKUP(C3658,参数!$B:$H,4,0),\"\")","v":""},{"$f":"IFERROR(VLOOKUP(C3658,参数!B:H,3,FALSE),\"\")","v":""},"",1]
[3658,{"$nulls":6},{"$f":"IFERROR(VLOOKUP(C3659,参数!$B:$H,2,0),\"\")","v":""},{"$f":"IFERROR(VLOOKUP(C3659,参数!$B:$H,4,0),\"\")","v":""},{"$f":"IFERROR(VLOOKUP(C3659,参数!B:H,3,FALSE),\"\")","v":""},"",1]
[3659,{"$nulls":6},{"$f":"IFERROR(VLOOKUP(C3660,参数!$B:$H,2,0),\"\")","v":""},{"$f":"IFERROR(VLOOKUP(C3660,参数!$B:$H,4,0),\"\")","v":""},{"$f":"IFERROR(VLOOKUP(C3660,参数!B:H,3,FALSE),\"\")","v":""},"",1]
[3660,{"$nulls":6},{"$f":"IFERROR(VLOOKUP(C3661,参数!$B:$H,2,0),\"\")","v":""},{"$f":"IFERROR(VLOOKUP(C3661,参数!$B:$H,4,0),\"\")","v":""},{"$f":"IFERROR(VLOOKUP(C3661,参数!B:H,3,FALSE),\"\")","v":""},"",1]
[3661,{"$nulls":6},{"$f":"IFERROR(VLOOKUP(C3662,参数!$B:$H,2,0),\"\")","v":""},{"$f":"IFERROR(VLOOKUP(C3662,参数!$B:$H,4,0),\"\")","v":""},{"$f":"IFERROR(VLOOKUP(C3662,参数!B:H,3,FALSE),\"\")","v":""},"",1]
[3662,{"$nulls":6},{"$f":"IFERROR(VLOOKUP(C3663,参数!$B:$H,2,0),\"\")","v":""},{"$f":"IFERROR(VLOOKUP(C3663,参数!$B:$H,4,0),\"\")","v":""},{"$f":"IFERROR(VLOOKUP(C3663,参数!B:H,3,FALSE),\"\")","v":""},"",1]
[3663,{"$nulls":6},{"$f":"IFERROR(VLOOKUP(C3664,参数!$B:$H,2,0),\"\")","v":""},{"$f":"IFERROR(VLOOKUP(C3664,参数!$B:$H,4,0),\"\")","v":""},{"$f":"IFERROR(VLOOKUP(C3664,参数!B:H,3,FALSE),\"\")","v":""},"",1]
[3664,{"$nulls":6},{"$f":"IFERROR(VLOOKUP(C3665,参数!$B:$H,2,0),\"\")","v":""},{"$f":"IFERROR(VLOOKUP(C3665,参数!$B:$H,4,0),\"\")","v":""},{"$f":"IFERROR(VLOOKUP(C3665,参数!B:H,3,FALSE),\"\")","v":""},"",1]
[3665,{"$nulls":6},{"$f":"IFERROR(VLOOKUP(C3666,参数!$B:$H,2,0),\"\")","v":""},{"$f":"IFERROR(VLOOKUP(C3666,参数!$B:$H,4,0),\"\")","v":""},{"$f":"IFERROR(VLOOKUP(C3666,参数!B:H,3,FALSE),\"\")","v":""},"",1]
[3666,{"$nulls":6},{"$f":"IFERROR(VLOOKUP(C3667,参数!$B:$H,2,0),\"\")","v":""},{"$f":"IFERROR(VLOOKUP(C3667,参数!$B:$H,4,0),\"\")","v":""},{"$f":"IFERROR(VLOOKUP(C3667,参数!B:H,3,FALSE),\"\")","v":""},"",1]
[3667,{"$nulls":6},{"$f":"IFERROR(VLOOKUP(C3668,参数!$B:$H,2,0),\"\")","v":""},{"$f":"IFERROR(VLOOKUP(C3668,参数!$B:$H,4,0),\"\")","v":""},{"$f":"IFERROR(VLOOKUP(C3668,参数!B:H,3,FALSE),\"\")","v":""},"",1]
[3668,{"$nulls":6},{"$f":"IFERROR(VLOOKUP(C3669,参数!$B:$H,2,0),\"\")","v":""},{"$f":"IFERROR(VLOOKUP(C3669,参数!$B:$H,4,0),\"\")","v":""},{"$f":"IFERROR(VLOOKUP(C3669,参数!B:H,3,FALSE),\"\")","v":""},"",1]
[3669,{"$nulls":6},{"$f":"IFERROR(VLOOKUP(C3670,参数!$B:$H,2,0),\"\")","v":""},{"$f":"IFERROR(VLOOKUP(C3670,参数!$B:$H,4,0),\"\")","v":""},{"$f":"IFERROR(VLOOKUP(C3670,参数!B:H,3,FALSE),\"\")","v":""},"",1]
[3670,{"$nulls":6},{"$f":"IFERROR(VLOOKUP(C3671,参数!$B:$H,2,0),\"\")","v":""},{"$f":"IFERROR(VLOOKUP(C3671,参数!$B:$H,4,0),\"\")","v":""},{"$f":"IFERROR(VLOOKUP(C3671,参数!B:H,3,FALSE),\"\")","v":""},"",1]
[3671,{"$nulls":6},{"$f":"IFERROR(VLOOKUP(C3672,参数!$B:$H,2,0),\"\")","v":""},{"$f":"IFERROR(VLOOKUP(C3672,参数!$B:$H,4,0),\"\")","v":""},{"$f":"IFERROR(VLOOKUP(C3672,参数!B:H,3,FALSE),\"\")","v":""},"",1]
[3672,{"$nulls":6},{"$f":"IFERROR(VLOOKUP(C3673,参数!$B:$H,2,0),\"\")","v":""},{"$f":"IFERROR(VLOOKUP(C3673,参数!$B:$H,4,0),\"\")","v":""},{"$f":"IFERROR(VLOOKUP(C3673,参数!B:H,3,FALSE),\"\")","v":""},"",1]
[3673,{"$nulls":6},{"$f":"IFERROR(VLOOKUP(C3674,参数!$B:$H,2,0),\"\")","v":""},{"$f":"IFERROR(VLOOKUP(C3674,参数!$B:$H,4,0),\"\")","v":""},{"$f":"IFERROR(VLOOKUP(C3674,参数!B:H,3,FALSE),\"\")","v":""},"",1]
[3674,{"$nulls":6},{"$f":"IFERROR(VLOOKUP(C3675,参数!$B:$H,2,0),\"\")","v":""},{"$f":"IFERROR(VLOOKUP(C3675,参数!$B:$H,4,0),\"\")","v":""},{"$f":"IFERROR(VLOOKUP(C3675,参数!B:H,3,FALSE),\"\")","v":""},"",1]
[3675,{"$nulls":6},{"$f":"IFERROR(VLOOKUP(C3676,参数!$B:$H,2,0),\"\")","v":""},{"$f":"IFERROR(VLOOKUP(C3676,参数!$B:$H,4,0),\"\")","v":""},{"$f":"IFERROR(VLOOKUP(C3676,参数!B:H,3,FALSE),\"\")","v":""},"",1]
[3676,{"$nulls":6},{"$f":"IFERROR(VLOOKUP(C3677,参数!$B:$H,2,0),\"\")","v":""},{"$f":"IFERROR(VLOOKUP(C3677,参数!$B:$H,4,0),\"\")","v":""},{"$f":"IFERROR(VLOOKUP(C3677,参数!B:H,3,FALSE),\"\")","v":""},"",1]
[3677,{"$nulls":6},{"$f":"IFERROR(VLOOKUP(C3678,参数!$B:$H,2,0),\"\")","v":""},{"$f":"IFERROR(VLOOKUP(C3678,参数!$B:$H,4,0),\"\")","v":""},{"$f":"IFERROR(VLOOKUP(C3678,参数!B:H,3,FALSE),\"\")","v":""},"",1]
[3678,{"$nulls":6},{"$f":"IFERROR(VLOOKUP(C3679,参数!$B:$H,2,0),\"\")","v":""},{"$f":"IFERROR(VLOOKUP(C3679,参数!$B:$H,4,0),\"\")","v":""},{"$f":"IFERROR(VLOOKUP(C3679,参数!B:H,3,FALSE),\"\")","v":""},"",1]
[3679,{"$nulls":6},{"$f":"IFERROR(VLOOKUP(C3680,参数!$B:$H,2,0),\"\")","v":""},{"$f":"IFERROR(VLOOKUP(C3680,参数!$B:$H,4,0),\"\")","v":""},{"$f":"IFERROR(VLOOKUP(C3680,参数!B:H,3,FALSE),\"\")","v":""},"",1]
[3680,{"$nulls":6},{"$f":"IFERROR(VLOOKUP(C3681,参数!$B:$H,2,0),\"\")","v":""},{"$f":"IFERROR(VLOOKUP(C3681,参数!$B:$H,4,0),\"\")","v":""},{"$f":"IFERROR(VLOOKUP(C3681,参数!B:H,3,FALSE),\"\")","v":""},"",1]
[3681,{"$nulls":6},{"$f":"IFERROR(VLOOKUP(C3682,参数!$B:$H,2,0),\"\")","v":""},{"$f":"IFERROR(VLOOKUP(C3682,参数!$B:$H,4,0),\"\")","v":""},{"$f":"IFERROR(VLOOKUP(C3682,参数!B:H,3,FALSE),\"\")","v":""},"",1]
[3682,{"$nulls":6},{"$f":"IFERROR(VLOOKUP(C3683,参数!$B:$H,2,0),\"\")","v":""},{"$f":"IFERROR(VLOOKUP(C3683,参数!$B:$H,4,0),\"\")","v":""},{"$f":"IFERROR(VLOOKUP(C3683,参数!B:H,3,FALSE),\"\")","v":""},"",1]
[3683,{"$nulls":6},{"$f":"IFERROR(VLOOKUP(C3684,参数!$B:$H,2,0),\"\")","v":""},{"$f":"IFERROR(VLOOKUP(C3684,参数!$B:$H,4,0),\"\")","v":""},{"$f":"IFERROR(VLOOKUP(C3684,参数!B:H,3,FALSE),\"\")","v":""},"",1]
[3684,{"$nulls":6},{"$f":"IFERROR(VLOOKUP(C3685,参数!$B:$H,2,0),\"\")","v":""},{"$f":"IFERROR(VLOOKUP(C3685,参数!$B:$H,4,0),\"\")","v":""},{"$f":"IFERROR(VLOOKUP(C3685,参数!B:H,3,FALSE),\"\")","v":""},{"$f":"IFERROR(J3685*E3685,\"\")","v":""},1]
[3685,{"$nulls":6},{"$f":"IFERROR(VLOOKUP(C3686,参数!$B:$H,2,0),\"\")","v":""},{"$f":"IFERROR(VLOOKUP(C3686,参数!$B:$H,4,0),\"\")","v":""},{"$f":"IFERROR(VLOOKUP(C3686,参数!B:H,3,FALSE),\"\")","v":""},"",1]
[3686,{"$nulls":6},{"$f":"IFERROR(VLOOKUP(C3687,参数!$B:$H,2,0),\"\")","v":""},{"$f":"IFERROR(VLOOKUP(C3687,参数!$B:$H,4,0),\"\")","v":""},{"$f":"IFERROR(VLOOKUP(C3687,参数!B:H,3,FALSE),\"\")","v":""},"",1]
[3687,{"$nulls":6},{"$f":"IFERROR(VLOOKUP(C3688,参数!$B:$H,2,0),\"\")","v":""},{"$f":"IFERROR(VLOOKUP(C3688,参数!$B:$H,4,0),\"\")","v":""},{"$f":"IFERROR(VLOOKUP(C3688,参数!B:H,3,FALSE),\"\")","v":""},"",1]
[3688,{"$nulls":6},{"$f":"IFERROR(VLOOKUP(C3689,参数!$B:$H,2,0),\"\")","v":""},{"$f":"IFERROR(VLOOKUP(C3689,参数!$B:$H,4,0),\"\")","v":""},{"$f":"IFERROR(VLOOKUP(C3689,参数!B:H,3,FALSE),\"\")","v":""},"",1]
[3689,{"$nulls":6},{"$f":"IFERROR(VLOOKUP(C3690,参数!$B:$H,2,0),\"\")","v":""},{"$f":"IFERROR(VLOOKUP(C3690,参数!$B:$H,4,0),\"\")","v":""},{"$f":"IFERROR(VLOOKUP(C3690,参数!B:H,3,FALSE),\"\")","v":""},"",1]
[3690,{"$nulls":6},{"$f":"IFERROR(VLOOKUP(C3691,参数!$B:$H,2,0),\"\")","v":""},{"$f":"IFERROR(VLOOKUP(C3691,参数!$B:$H,4,0),\"\")","v":""},{"$f":"IFERROR(VLOOKUP(C3691,参数!B:H,3,FALSE),\"\")","v":""},"",1]
[3691,{"$nulls":6},{"$f":"IFERROR(VLOOKUP(C3692,参数!$B:$H,2,0),\"\")","v":""},{"$f":"IFERROR(VLOOKUP(C3692,参数!$B:$H,4,0),\"\")","v":""},{"$f":"IFERROR(VLOOKUP(C3692,参数!B:H,3,FALSE),\"\")","v":""},"",1]
[3692,{"$nulls":6},{"$f":"IFERROR(VLOOKUP(C3693,参数!$B:$H,2,0),\"\")","v":""},{"$f":"IFERROR(VLOOKUP(C3693,参数!$B:$H,4,0),\"\")","v":""},{"$f":"IFERROR(VLOOKUP(C3693,参数!B:H,3,FALSE),\"\")","v":""},"",1]
[3693,{"$nulls":6},{"$f":"IFERROR(VLOOKUP(C3694,参数!$B:$H,2,0),\"\")","v":""},{"$f":"IFERROR(VLOOKUP(C3694,参数!$B:$H,4,0),\"\")","v":""},{"$f":"IFERROR(VLOOKUP(C3694,参数!B:H,3,FALSE),\"\")","v":""},"",1]
[3694,{"$nulls":6},{"$f":"IFERROR(VLOOKUP(C3695,参数!$B:$H,2,0),\"\")","v":""},{"$f":"IFERROR(VLOOKUP(C3695,参数!$B:$H,4,0),\"\")","v":""},{"$f":"IFERROR(VLOOKUP(C3695,参数!B:H,3,FALSE),\"\")","v":""},"",1]
[3695,{"$nulls":6},{"$f":"IFERROR(VLOOKUP(C3696,参数!$B:$H,2,0),\"\")","v":""},{"$f":"IFERROR(VLOOKUP(C3696,参数!$B:$H,4,0),\"\")","v":""},{"$f":"IFERROR(VLOOKUP(C3696,参数!B:H,3,FALSE),\"\")","v":""},"",1]
[3696,{"$nulls":6},{"$f":"IFERROR(VLOOKUP(C3697,参数!$B:$H,2,0),\"\")","v":""},{"$f":"IFERROR(VLOOKUP(C3697,参数!$B:$H,4,0),\"\")","v":""},{"$f":"IFERROR(VLOOKUP(C3697,参数!B:H,3,FALSE),\"\")","v":""},"",1]
[3697,{"$nulls":6},{"$f":"IFERROR(VLOOKUP(C3698,参数!$B:$H,2,0),\"\")","v":""},{"$f":"IFERROR(VLOOKUP(C3698,参数!$B:$H,4,0),\"\")","v":""},{"$f":"IFERROR(VLOOKUP(C3698,参数!B:H,3,FALSE),\"\")","v":""},"",1]
[3698,{"$nulls":6},{"$f":"IFERROR(VLOOKUP(C3699,参数!$B:$H,2,0),\"\")","v":""},{"$f":"IFERROR(VLOOKUP(C3699,参数!$B:$H,4,0),\"\")","v":""},{"$f":"IFERROR(VLOOKUP(C3699,参数!B:H,3,FALSE),\"\")","v":""},"",1]
[3699,{"$nulls":6},{"$f":"IFERROR(VLOOKUP(C3700,参数!$B:$H,2,0),\"\")","v":""},{"$f":"IFERROR(VLOOKUP(C3700,参数!$B:$H,4,0),\"\")","v":""},{"$f":"IFERROR(VLOOKUP(C3700,参数!B:H,3,FALSE),\"\")","v":""},"",1]
[3700,{"$nulls":6},{"$f":"IFERROR(VLOOKUP(C3701,参数!$B:$H,2,0),\"\")","v":""},{"$f":"IFERROR(VLOOKUP(C3701,参数!$B:$H,4,0),\"\")","v":""},{"$f":"IFERROR(VLOOKUP(C3701,参数!B:H,3,FALSE),\"\")","v":""},"",1]
[3701,{"$nulls":6},{"$f":"IFERROR(VLOOKUP(C3702,参数!$B:$H,2,0),\"\")","v":""},{"$f":"IFERROR(VLOOKUP(C3702,参数!$B:$H,4,0),\"\")","v":""},{"$f":"IFERROR(VLOOKUP(C3702,参数!B:H,3,FALSE),\"\")","v":""},"",1]
[3702,{"$nulls":6},{"$f":"IFERROR(VLOOKUP(C3703,参数!$B:$H,2,0),\"\")","v":""},{"$f":"IFERROR(VLOOKUP(C3703,参数!$B:$H,4,0),\"\")","v":""},{"$f":"IFERROR(VLOOKUP(C3703,参数!B:H,3,FALSE),\"\")","v":""},"",1]
[3703,{"$nulls":6},{"$f":"IFERROR(VLOOKUP(C3704,参数!$B:$H,2,0),\"\")","v":""},{"$f":"IFERROR(VLOOKUP(C3704,参数!$B:$H,4,0),\"\")","v":""},{"$f":"IFERROR(VLOOKUP(C3704,参数!B:H,3,FALSE),\"\")","v":""},"",1]
[3704,{"$nulls":6},{"$f":"IFERROR(VLOOKUP(C3705,参数!$B:$H,2,0),\"\")","v":""},{"$f":"IFERROR(VLOOKUP(C3705,参数!$B:$H,4,0),\"\")","v":""},{"$f":"IFERROR(VLOOKUP(C3705,参数!B:H,3,FALSE),\"\")","v":""},"",1]
[3705,{"$nulls":6},{"$f":"IFERROR(VLOOKUP(C3706,参数!$B:$H,2,0),\"\")","v":""},{"$f":"IFERROR(VLOOKUP(C3706,参数!$B:$H,4,0),\"\")","v":""},{"$f":"IFERROR(VLOOKUP(C3706,参数!B:H,3,FALSE),\"\")","v":""},"",1]
[3706,{"$nulls":6},{"$f":"IFERROR(VLOOKUP(C3707,参数!$B:$H,2,0),\"\")","v":""},{"$f":"IFERROR(VLOOKUP(C3707,参数!$B:$H,4,0),\"\")","v":""},{"$f":"IFERROR(VLOOKUP(C3707,参数!B:H,3,FALSE),\"\")","v":""},"",1]
[3707,{"$nulls":6},{"$f":"IFERROR(VLOOKUP(C3708,参数!$B:$H,2,0),\"\")","v":""},{"$f":"IFERROR(VLOOKUP(C3708,参数!$B:$H,4,0),\"\")","v":""},{"$f":"IFERROR(VLOOKUP(C3708,参数!B:H,3,FALSE),\"\")","v":""},"",1]
[3708,{"$nulls":6},{"$f":"IFERROR(VLOOKUP(C3709,参数!$B:$H,2,0),\"\")","v":""},{"$f":"IFERROR(VLOOKUP(C3709,参数!$B:$H,4,0),\"\")","v":""},{"$f":"IFERROR(VLOOKUP(C3709,参数!B:H,3,FALSE),\"\")","v":""},"",1]
[3709,{"$nulls":6},{"$f":"IFERROR(VLOOKUP(C3710,参数!$B:$H,2,0),\"\")","v":""},{"$f":"IFERROR(VLOOKUP(C3710,参数!$B:$H,4,0),\"\")","v":""},{"$f":"IFERROR(VLOOKUP(C3710,参数!B:H,3,FALSE),\"\")","v":""},"",1]
[3710,{"$nulls":6},{"$f":"IFERROR(VLOOKUP(C3711,参数!$B:$H,2,0),\"\")","v":""},{"$f":"IFERROR(VLOOKUP(C3711,参数!$B:$H,4,0),\"\")","v":""},{"$f":"IFERROR(VLOOKUP(C3711,参数!B:H,3,FALSE),\"\")","v":""},"",1]
[3711,{"$nulls":6},{"$f":"IFERROR(VLOOKUP(C3712,参数!$B:$H,2,0),\"\")","v":""},{"$f":"IFERROR(VLOOKUP(C3712,参数!$B:$H,4,0),\"\")","v":""},{"$f":"IFERROR(VLOOKUP(C3712,参数!B:H,3,FALSE),\"\")","v":""},"",1]
[3712,{"$nulls":6},{"$f":"IFERROR(VLOOKUP(C3713,参数!$B:$H,2,0),\"\")","v":""},{"$f":"IFERROR(VLOOKUP(C3713,参数!$B:$H,4,0),\"\")","v":""},{"$f":"IFERROR(VLOOKUP(C3713,参数!B:H,3,FALSE),\"\")","v":""},"",1]
[3713,{"$nulls":6},{"$f":"IFERROR(VLOOKUP(C3714,参数!$B:$H,2,0),\"\")","v":""},{"$f":"IFERROR(VLOOKUP(C3714,参数!$B:$H,4,0),\"\")","v":""},{"$f":"IFERROR(VLOOKUP(C3714,参数!B:H,3,FALSE),\"\")","v":""},"",{"$f":"VALUE(MONTH(B3714))","v":1}]
[3714,{"$nulls":6},{"$f":"IFERROR(VLOOKUP(C3715,参数!$B:$H,2,0),\"\")","v":""},{"$f":"IFERROR(VLOOKUP(C3715,参数!$B:$H,4,0),\"\")","v":""},{"$f":"IFERROR(VLOOKUP(C3715,参数!B:H,3,FALSE),\"\")","v":""},"",1]
[3715,{"$nulls":6},{"$f":"IFERROR(VLOOKUP(C3716,参数!$B:$H,2,0),\"\")","v":""},{"$f":"IFERROR(VLOOKUP(C3716,参数!$B:$H,4,0),\"\")","v":""},{"$f":"IFERROR(VLOOKUP(C3716,参数!B:H,3,FALSE),\"\")","v":""},"",1]
[3716,{"$nulls":6},{"$f":"IFERROR(VLOOKUP(C3717,参数!$B:$H,2,0),\"\")","v":""},{"$f":"IFERROR(VLOOKUP(C3717,参数!$B:$H,4,0),\"\")","v":""},{"$f":"IFERROR(VLOOKUP(C3717,参数!B:H,3,FALSE),\"\")","v":""},"",1]
[3717,{"$nulls":6},{"$f":"IFERROR(VLOOKUP(C3718,参数!$B:$H,2,0),\"\")","v":""},{"$f":"IFERROR(VLOOKUP(C3718,参数!$B:$H,4,0),\"\")","v":""},{"$f":"IFERROR(VLOOKUP(C3718,参数!B:H,3,FALSE),\"\")","v":""},"",1]
[3718,{"$nulls":6},{"$f":"IFERROR(VLOOKUP(C3719,参数!$B:$H,2,0),\"\")","v":""},{"$f":"IFERROR(VLOOKUP(C3719,参数!$B:$H,4,0),\"\")","v":""},{"$f":"IFERROR(VLOOKUP(C3719,参数!B:H,3,FALSE),\"\")","v":""},"",1]
[3719,{"$nulls":6},{"$f":"IFERROR(VLOOKUP(C3720,参数!$B:$H,2,0),\"\")","v":""},{"$f":"IFERROR(VLOOKUP(C3720,参数!$B:$H,4,0),\"\")","v":""},{"$f":"IFERROR(VLOOKUP(C3720,参数!B:H,3,FALSE),\"\")","v":""},"",1]
[3720,{"$nulls":6},{"$f":"IFERROR(VLOOKUP(C3721,参数!$B:$H,2,0),\"\")","v":""},{"$f":"IFERROR(VLOOKUP(C3721,参数!$B:$H,4,0),\"\")","v":""},{"$f":"IFERROR(VLOOKUP(C3721,参数!B:H,3,FALSE),\"\")","v":""},"",1]
[3721,{"$nulls":6},{"$f":"IFERROR(VLOOKUP(C3722,参数!$B:$H,2,0),\"\")","v":""},{"$f":"IFERROR(VLOOKUP(C3722,参数!$B:$H,4,0),\"\")","v":""},{"$f":"IFERROR(VLOOKUP(C3722,参数!B:H,3,FALSE),\"\")","v":""},"",1]
[3722,{"$nulls":6},{"$f":"IFERROR(VLOOKUP(C3723,参数!$B:$H,2,0),\"\")","v":""},{"$f":"IFERROR(VLOOKUP(C3723,参数!$B:$H,4,0),\"\")","v":""},{"$f":"IFERROR(VLOOKUP(C3723,参数!B:H,3,FALSE),\"\")","v":""},"",1]
[3723,{"$nulls":6},{"$f":"IFERROR(VLOOKUP(C3724,参数!$B:$H,2,0),\"\")","v":""},{"$f":"IFERROR(VLOOKUP(C3724,参数!$B:$H,4,0),\"\")","v":""},{"$f":"IFERROR(VLOOKUP(C3724,参数!B:H,3,FALSE),\"\")","v":""},"",1]
[3724,{"$nulls":6},{"$f":"IFERROR(VLOOKUP(C3725,参数!$B:$H,2,0),\"\")","v":""},{"$f":"IFERROR(VLOOKUP(C3725,参数!$B:$H,4,0),\"\")","v":""},{"$f":"IFERROR(VLOOKUP(C3725,参数!B:H,3,FALSE),\"\")","v":""},"",1]
[3725,{"$nulls":6},{"$f":"IFERROR(VLOOKUP(C3726,参数!$B:$H,2,0),\"\")","v":""},{"$f":"IFERROR(VLOOKUP(C3726,参数!$B:$H,4,0),\"\")","v":""},{"$f":"IFERROR(VLOOKUP(C3726,参数!B:H,3,FALSE),\"\")","v":""},"",1]
[3726,{"$nulls":6},{"$f":"IFERROR(VLOOKUP(C3727,参数!$B:$H,2,0),\"\")","v":""},{"$f":"IFERROR(VLOOKUP(C3727,参数!$B:$H,4,0),\"\")","v":""},{"$f":"IFERROR(VLOOKUP(C3727,参数!B:H,3,FALSE),\"\")","v":""},"",1]
[3727,{"$nulls":6},{"$f":"IFERROR(VLOOKUP(C3728,参数!$B:$H,2,0),\"\")","v":""},{"$f":"IFERROR(VLOOKUP(C3728,参数!$B:$H,4,0),\"\")","v":""},{"$f":"IFERROR(VLOOKUP(C3728,参数!B:H,3,FALSE),\"\")","v":""},"",1]
[3728,{"$nulls":6},{"$f":"IFERROR(VLOOKUP(C3729,参数!$B:$H,2,0),\"\")","v":""},{"$f":"IFERROR(VLOOKUP(C3729,参数!$B:$H,4,0),\"\")","v":""},{"$f":"IFERROR(VLOOKUP(C3729,参数!B:H,3,FALSE),\"\")","v":""},"",1]
[3729,{"$nulls":6},{"$f":"IFERROR(VLOOKUP(C3730,参数!$B:$H,2,0),\"\")","v":""},{"$f":"IFERROR(VLOOKUP(C3730,参数!$B:$H,4,0),\"\")","v":""},{"$f":"IFERROR(VLOOKUP(C3730,参数!B:H,3,FALSE),\"\")","v":""},"",1]
[3730,{"$nulls":6},{"$f":"IFERROR(VLOOKUP(C3731,参数!$B:$H,2,0),\"\")","v":""},{"$f":"IFERROR(VLOOKUP(C3731,参数!$B:$H,4,0),\"\")","v":""},{"$f":"IFERROR(VLOOKUP(C3731,参数!B:H,3,FALSE),\"\")","v":""},"",1]
[3731,{"$nulls":6},{"$f":"IFERROR(VLOOKUP(C3732,参数!$B:$H,2,0),\"\")","v":""},{"$f":"IFERROR(VLOOKUP(C3732,参数!$B:$H,4,0),\"\")","v":""},{"$f":"IFERROR(VLOOKUP(C3732,参数!B:H,3,FALSE),\"\")","v":""},"",1]
[3732,{"$nulls":6},{"$f":"IFERROR(VLOOKUP(C3733,参数!$B:$H,2,0),\"\")","v":""},{"$f":"IFERROR(VLOOKUP(C3733,参数!$B:$H,4,0),\"\")","v":""},{"$f":"IFERROR(VLOOKUP(C3733,参数!B:H,3,FALSE),\"\")","v":""},"",1]
[3733,{"$nulls":6},{"$f":"IFERROR(VLOOKUP(C3734,参数!$B:$H,2,0),\"\")","v":""},{"$f":"IFERROR(VLOOKUP(C3734,参数!$B:$H,4,0),\"\")","v":""},{"$f":"IFERROR(VLOOKUP(C3734,参数!B:H,3,FALSE),\"\")","v":""},"",1]
[3734,{"$nulls":6},{"$f":"IFERROR(VLOOKUP(C3735,参数!$B:$H,2,0),\"\")","v":""},{"$f":"IFERROR(VLOOKUP(C3735,参数!$B:$H,4,0),\"\")","v":""},{"$f":"IFERROR(VLOOKUP(C3735,参数!B:H,3,FALSE),\"\")","v":""},"",1]
[3735,{"$nulls":6},{"$f":"IFERROR(VLOOKUP(C3736,参数!$B:$H,2,0),\"\")","v":""},{"$f":"IFERROR(VLOOKUP(C3736,参数!$B:$H,4,0),\"\")","v":""},{"$f":"IFERROR(VLOOKUP(C3736,参数!B:H,3,FALSE),\"\")","v":""},"",1]
[3736,{"$nulls":6},{"$f":"IFERROR(VLOOKUP(C3737,参数!$B:$H,2,0),\"\")","v":""},{"$f":"IFERROR(VLOOKUP(C3737,参数!$B:$H,4,0),\"\")","v":""},{"$f":"IFERROR(VLOOKUP(C3737,参数!B:H,3,FALSE),\"\")","v":""},"",1]
[3737,{"$nulls":6},{"$f":"IFERROR(VLOOKUP(C3738,参数!$B:$H,2,0),\"\")","v":""},{"$f":"IFERROR(VLOOKUP(C3738,参数!$B:$H,4,0),\"\")","v":""},{"$f":"IFERROR(VLOOKUP(C3738,参数!B:H,3,FALSE),\"\")","v":""},"",1]
[3738,{"$nulls":6},{"$f":"IFERROR(VLOOKUP(C3739,参数!$B:$H,2,0),\"\")","v":""},{"$f":"IFERROR(VLOOKUP(C3739,参数!$B:$H,4,0),\"\")","v":""},{"$f":"IFERROR(VLOOKUP(C3739,参数!B:H,3,FALSE),\"\")","v":""},"",1]
[3739,{"$nulls":6},{"$f":"IFERROR(VLOOKUP(C3740,参数!$B:$H,2,0),\"\")","v":""},{"$f":"IFERROR(VLOOKUP(C3740,参数!$B:$H,4,0),\"\")","v":""},{"$f":"IFERROR(VLOOKUP(C3740,参数!B:H,3,FALSE),\"\")","v":""},"",1]
[3740,{"$nulls":6},{"$f":"IFERROR(VLOOKUP(C3741,参数!$B:$H,2,0),\"\")","v":""},{"$f":"IFERROR(VLOOKUP(C3741,参数!$B:$H,4,0),\"\")","v":""},{"$f":"IFERROR(VLOOKUP(C3741,参数!B:H,3,FALSE),\"\")","v":""},"",1]
[3741,{"$nulls":6},{"$f":"IFERROR(VLOOKUP(C3742,参数!$B:$H,2,0),\"\")","v":""},{"$f":"IFERROR(VLOOKUP(C3742,参数!$B:$H,4,0),\"\")","v":""},{"$f":"IFERROR(VLOOKUP(C3742,参数!B:H,3,FALSE),\"\")","v":""},"",1]
[3742,{"$nulls":6},{"$f":"IFERROR(VLOOKUP(C3743,参数!$B:$H,2,0),\"\")","v":""},{"$f":"IFERROR(VLOOKUP(C3743,参数!$B:$H,4,0),\"\")","v":""},{"$f":"IFERROR(VLOOKUP(C3743,参数!B:H,3,FALSE),\"\")","v":""},"",1]
[3743,{"$nulls":6},{"$f":"IFERROR(VLOOKUP(C3744,参数!$B:$H,2,0),\"\")","v":""},{"$f":"IFERROR(VLOOKUP(C3744,参数!$B:$H,4,0),\"\")","v":""},{"$f":"IFERROR(VLOOKUP(C3744,参数!B:H,3,FALSE),\"\")","v":""},"",1]
[3744,{"$nulls":6},{"$f":"IFERROR(VLOOKUP(C3745,参数!$B:$H,2,0),\"\")","v":""},{"$f":"IFERROR(VLOOKUP(C3745,参数!$B:$H,4,0),\"\")","v":""},{"$f":"IFERROR(VLOOKUP(C3745,参数!B:H,3,FALSE),\"\")","v":""},"",1]
[3745,{"$nulls":6},{"$f":"IFERROR(VLOOKUP(C3746,参数!$B:$H,2,0),\"\")","v":""},{"$f":"IFERROR(VLOOKUP(C3746,参数!$B:$H,4,0),\"\")","v":""},{"$f":"IFERROR(VLOOKUP(C3746,参数!B:H,3,FALSE),\"\")","v":""},"",1]
[3746,{"$nulls":6},{"$f":"IFERROR(VLOOKUP(C3747,参数!$B:$H,2,0),\"\")","v":""},{"$f":"IFERROR(VLOOKUP(C3747,参数!$B:$H,4,0),\"\")","v":""},{"$f":"IFERROR(VLOOKUP(C3747,参数!B:H,3,FALSE),\"\")","v":""},"",1]
[3747,{"$nulls":6},{"$f":"IFERROR(VLOOKUP(C3748,参数!$B:$H,2,0),\"\")","v":""},{"$f":"IFERROR(VLOOKUP(C3748,参数!$B:$H,4,0),\"\")","v":""},{"$f":"IFERROR(VLOOKUP(C3748,参数!B:H,3,FALSE),\"\")","v":""},"",1]
[3748,{"$nulls":6},{"$f":"IFERROR(VLOOKUP(C3749,参数!$B:$H,2,0),\"\")","v":""},{"$f":"IFERROR(VLOOKUP(C3749,参数!$B:$H,4,0),\"\")","v":""},{"$f":"IFERROR(VLOOKUP(C3749,参数!B:H,3,FALSE),\"\")","v":""},{"$f":"IFERROR(J3749*E3749,\"\")","v":""},1]
[3749,{"$nulls":6},{"$f":"IFERROR(VLOOKUP(C3750,参数!$B:$H,2,0),\"\")","v":""},{"$f":"IFERROR(VLOOKUP(C3750,参数!$B:$H,4,0),\"\")","v":""},{"$f":"IFERROR(VLOOKUP(C3750,参数!B:H,3,FALSE),\"\")","v":""},"",1]
[3750,{"$nulls":6},{"$f":"IFERROR(VLOOKUP(C3751,参数!$B:$H,2,0),\"\")","v":""},{"$f":"IFERROR(VLOOKUP(C3751,参数!$B:$H,4,0),\"\")","v":""},{"$f":"IFERROR(VLOOKUP(C3751,参数!B:H,3,FALSE),\"\")","v":""},"",1]
[3751,{"$nulls":6},{"$f":"IFERROR(VLOOKUP(C3752,参数!$B:$H,2,0),\"\")","v":""},{"$f":"IFERROR(VLOOKUP(C3752,参数!$B:$H,4,0),\"\")","v":""},{"$f":"IFERROR(VLOOKUP(C3752,参数!B:H,3,FALSE),\"\")","v":""},"",1]
[3752,{"$nulls":6},{"$f":"IFERROR(VLOOKUP(C3753,参数!$B:$H,2,0),\"\")","v":""},{"$f":"IFERROR(VLOOKUP(C3753,参数!$B:$H,4,0),\"\")","v":""},{"$f":"IFERROR(VLOOKUP(C3753,参数!B:H,3,FALSE),\"\")","v":""},"",1]
[3753,{"$nulls":6},{"$f":"IFERROR(VLOOKUP(C3754,参数!$B:$H,2,0),\"\")","v":""},{"$f":"IFERROR(VLOOKUP(C3754,参数!$B:$H,4,0),\"\")","v":""},{"$f":"IFERROR(VLOOKUP(C3754,参数!B:H,3,FALSE),\"\")","v":""},"",1]
[3754,{"$nulls":6},{"$f":"IFERROR(VLOOKUP(C3755,参数!$B:$H,2,0),\"\")","v":""},{"$f":"IFERROR(VLOOKUP(C3755,参数!$B:$H,4,0),\"\")","v":""},{"$f":"IFERROR(VLOOKUP(C3755,参数!B:H,3,FALSE),\"\")","v":""},"",1]
[3755,{"$nulls":6},{"$f":"IFERROR(VLOOKUP(C3756,参数!$B:$H,2,0),\"\")","v":""},{"$f":"IFERROR(VLOOKUP(C3756,参数!$B:$H,4,0),\"\")","v":""},{"$f":"IFERROR(VLOOKUP(C3756,参数!B:H,3,FALSE),\"\")","v":""},"",1]
[3756,{"$nulls":6},{"$f":"IFERROR(VLOOKUP(C3757,参数!$B:$H,2,0),\"\")","v":""},{"$f":"IFERROR(VLOOKUP(C3757,参数!$B:$H,4,0),\"\")","v":""},{"$f":"IFERROR(VLOOKUP(C3757,参数!B:H,3,FALSE),\"\")","v":""},"",1]
[3757,{"$nulls":6},{"$f":"IFERROR(VLOOKUP(C3758,参数!$B:$H,2,0),\"\")","v":""},{"$f":"IFERROR(VLOOKUP(C3758,参数!$B:$H,4,0),\"\")","v":""},{"$f":"IFERROR(VLOOKUP(C3758,参数!B:H,3,FALSE),\"\")","v":""},"",1]
[3758,{"$nulls":6},{"$f":"IFERROR(VLOOKUP(C3759,参数!$B:$H,2,0),\"\")","v":""},{"$f":"IFERROR(VLOOKUP(C3759,参数!$B:$H,4,0),\"\")","v":""},{"$f":"IFERROR(VLOOKUP(C3759,参数!B:H,3,FALSE),\"\")","v":""},"",1]
[3759,{"$nulls":6},{"$f":"IFERROR(VLOOKUP(C3760,参数!$B:$H,2,0),\"\")","v":""},{"$f":"IFERROR(VLOOKUP(C3760,参数!$B:$H,4,0),\"\")","v":""},{"$f":"IFERROR(VLOOKUP(C3760,参数!B:H,3,FALSE),\"\")","v":""},"",1]
[3760,{"$nulls":6},{"$f":"IFERROR(VLOOKUP(C3761,参数!$B:$H,2,0),\"\")","v":""},{"$f":"IFERROR(VLOOKUP(C3761,参数!$B:$H,4,0),\"\")","v":""},{"$f":"IFERROR(VLOOKUP(C3761,参数!B:H,3,FALSE),\"\")","v":""},"",1]
[3761,{"$nulls":6},{"$f":"IFERROR(VLOOKUP(C3762,参数!$B:$H,2,0),\"\")","v":""},{"$f":"IFERROR(VLOOKUP(C3762,参数!$B:$H,4,0),\"\")","v":""},{"$f":"IFERROR(VLOOKUP(C3762,参数!B:H,3,FALSE),\"\")","v":""},"",1]
[3762,{"$nulls":6},{"$f":"IFERROR(VLOOKUP(C3763,参数!$B:$H,2,0),\"\")","v":""},{"$f":"IFERROR(VLOOKUP(C3763,参数!$B:$H,4,0),\"\")","v":""},{"$f":"IFERROR(VLOOKUP(C3763,参数!B:H,3,FALSE),\"\")","v":""},"",1]
[3763,{"$nulls":6},{"$f":"IFERROR(VLOOKUP(C3764,参数!$B:$H,2,0),\"\")","v":""},{"$f":"IFERROR(VLOOKUP(C3764,参数!$B:$H,4,0),\"\")","v":""},{"$f":"IFERROR(VLOOKUP(C3764,参数!B:H,3,FALSE),\"\")","v":""},"",1]
[3764,{"$nulls":6},{"$f":"IFERROR(VLOOKUP(C3765,参数!$B:$H,2,0),\"\")","v":""},{"$f":"IFERROR(VLOOKUP(C3765,参数!$B:$H,4,0),\"\")","v":""},{"$f":"IFERROR(VLOOKUP(C3765,参数!B:H,3,FALSE),\"\")","v":""},"",1]
[3765,{"$nulls":6},{"$f":"IFERROR(VLOOKUP(C3766,参数!$B:$H,2,0),\"\")","v":""},{"$f":"IFERROR(VLOOKUP(C3766,参数!$B:$H,4,0),\"\")","v":""},{"$f":"IFERROR(VLOOKUP(C3766,参数!B:H,3,FALSE),\"\")","v":""},"",1]
[3766,{"$nulls":6},{"$f":"IFERROR(VLOOKUP(C3767,参数!$B:$H,2,0),\"\")","v":""},{"$f":"IFERROR(VLOOKUP(C3767,参数!$B:$H,4,0),\"\")","v":""},{"$f":"IFERROR(VLOOKUP(C3767,参数!B:H,3,FALSE),\"\")","v":""},"",1]
[3767,{"$nulls":6},{"$f":"IFERROR(VLOOKUP(C3768,参数!$B:$H,2,0),\"\")","v":""},{"$f":"IFERROR(VLOOKUP(C3768,参数!$B:$H,4,0),\"\")","v":""},{"$f":"IFERROR(VLOOKUP(C3768,参数!B:H,3,FALSE),\"\")","v":""},"",1]
[3768,{"$nulls":6},{"$f":"IFERROR(VLOOKUP(C3769,参数!$B:$H,2,0),\"\")","v":""},{"$f":"IFERROR(VLOOKUP(C3769,参数!$B:$H,4,0),\"\")","v":""},{"$f":"IFERROR(VLOOKUP(C3769,参数!B:H,3,FALSE),\"\")","v":""},"",1]
[3769,{"$nulls":6},{"$f":"IFERROR(VLOOKUP(C3770,参数!$B:$H,2,0),\"\")","v":""},{"$f":"IFERROR(VLOOKUP(C3770,参数!$B:$H,4,0),\"\")","v":""},{"$f":"IFERROR(VLOOKUP(C3770,参数!B:H,3,FALSE),\"\")","v":""},"",1]
[3770,{"$nulls":6},{"$f":"IFERROR(VLOOKUP(C3771,参数!$B:$H,2,0),\"\")","v":""},{"$f":"IFERROR(VLOOKUP(C3771,参数!$B:$H,4,0),\"\")","v":""},{"$f":"IFERROR(VLOOKUP(C3771,参数!B:H,3,FALSE),\"\")","v":""},"",1]
[3771,{"$nulls":6},{"$f":"IFERROR(VLOOKUP(C3772,参数!$B:$H,2,0),\"\")","v":""},{"$f":"IFERROR(VLOOKUP(C3772,参数!$B:$H,4,0),\"\")","v":""},{"$f":"IFERROR(VLOOKUP(C3772,参数!B:H,3,FALSE),\"\")","v":""},"",1]
[3772,{"$nulls":6},{"$f":"IFERROR(VLOOKUP(C3773,参数!$B:$H,2,0),\"\")","v":""},{"$f":"IFERROR(VLOOKUP(C3773,参数!$B:$H,4,0),\"\")","v":""},{"$f":"IFERROR(VLOOKUP(C3773,参数!B:H,3,FALSE),\"\")","v":""},"",1]
[3773,{"$nulls":6},{"$f":"IFERROR(VLOOKUP(C3774,参数!$B:$H,2,0),\"\")","v":""},{"$f":"IFERROR(VLOOKUP(C3774,参数!$B:$H,4,0),\"\")","v":""},{"$f":"IFERROR(VLOOKUP(C3774,参数!B:H,3,FALSE),\"\")","v":""},"",1]
[3774,{"$nulls":6},{"$f":"IFERROR(VLOOKUP(C3775,参数!$B:$H,2,0),\"\")","v":""},{"$f":"IFERROR(VLOOKUP(C3775,参数!$B:$H,4,0),\"\")","v":""},{"$f":"IFERROR(VLOOKUP(C3775,参数!B:H,3,FALSE),\"\")","v":""},"",1]
[3775,{"$nulls":6},{"$f":"IFERROR(VLOOKUP(C3776,参数!$B:$H,2,0),\"\")","v":""},{"$f":"IFERROR(VLOOKUP(C3776,参数!$B:$H,4,0),\"\")","v":""},{"$f":"IFERROR(VLOOKUP(C3776,参数!B:H,3,FALSE),\"\")","v":""},"",1]
[3776,{"$nulls":6},{"$f":"IFERROR(VLOOKUP(C3777,参数!$B:$H,2,0),\"\")","v":""},{"$f":"IFERROR(VLOOKUP(C3777,参数!$B:$H,4,0),\"\")","v":""},{"$f":"IFERROR(VLOOKUP(C3777,参数!B:H,3,FALSE),\"\")","v":""},"",1]
[3777,{"$nulls":6},{"$f":"IFERROR(VLOOKUP(C3778,参数!$B:$H,2,0),\"\")","v":""},{"$f":"IFERROR(VLOOKUP(C3778,参数!$B:$H,4,0),\"\")","v":""},{"$f":"IFERROR(VLOOKUP(C3778,参数!B:H,3,FALSE),\"\")","v":""},"",{"$f":"VALUE(MONTH(B3778))","v":1}]
[3778,{"$nulls":6},{"$f":"IFERROR(VLOOKUP(C3779,参数!$B:$H,2,0),\"\")","v":""},{"$f":"IFERROR(VLOOKUP(C3779,参数!$B:$H,4,0),\"\")","v":""},{"$f":"IFERROR(VLOOKUP(C3779,参数!B:H,3,FALSE),\"\")","v":""},"",1]
[3779,{"$nulls":6},{"$f":"IFERROR(VLOOKUP(C3780,参数!$B:$H,2,0),\"\")","v":""},{"$f":"IFERROR(VLOOKUP(C3780,参数!$B:$H,4,0),\"\")","v":""},{"$f":"IFERROR(VLOOKUP(C3780,参数!B:H,3,FALSE),\"\")","v":""},"",1]
[3780,{"$nulls":6},{"$f":"IFERROR(VLOOKUP(C3781,参数!$B:$H,2,0),\"\")","v":""},{"$f":"IFERROR(VLOOKUP(C3781,参数!$B:$H,4,0),\"\")","v":""},{"$f":"IFERROR(VLOOKUP(C3781,参数!B:H,3,FALSE),\"\")","v":""},"",1]
[3781,{"$nulls":6},{"$f":"IFERROR(VLOOKUP(C3782,参数!$B:$H,2,0),\"\")","v":""},{"$f":"IFERROR(VLOOKUP(C3782,参数!$B:$H,4,0),\"\")","v":""},{"$f":"IFERROR(VLOOKUP(C3782,参数!B:H,3,FALSE),\"\")","v":""},"",1]
[3782,{"$nulls":6},{"$f":"IFERROR(VLOOKUP(C3783,参数!$B:$H,2,0),\"\")","v":""},{"$f":"IFERROR(VLOOKUP(C3783,参数!$B:$H,4,0),\"\")","v":""},{"$f":"IFERROR(VLOOKUP(C3783,参数!B:H,3,FALSE),\"\")","v":""},"",1]
[3783,{"$nulls":6},{"$f":"IFERROR(VLOOKUP(C3784,参数!$B:$H,2,0),\"\")","v":""},{"$f":"IFERROR(VLOOKUP(C3784,参数!$B:$H,4,0),\"\")","v":""},{"$f":"IFERROR(VLOOKUP(C3784,参数!B:H,3,FALSE),\"\")","v":""},"",1]
[3784,{"$nulls":6},{"$f":"IFERROR(VLOOKUP(C3785,参数!$B:$H,2,0),\"\")","v":""},{"$f":"IFERROR(VLOOKUP(C3785,参数!$B:$H,4,0),\"\")","v":""},{"$f":"IFERROR(VLOOKUP(C3785,参数!B:H,3,FALSE),\"\")","v":""},"",1]
[3785,{"$nulls":6},{"$f":"IFERROR(VLOOKUP(C3786,参数!$B:$H,2,0),\"\")","v":""},{"$f":"IFERROR(VLOOKUP(C3786,参数!$B:$H,4,0),\"\")","v":""},{"$f":"IFERROR(VLOOKUP(C3786,参数!B:H,3,FALSE),\"\")","v":""},"",1]
[3786,{"$nulls":6},{"$f":"IFERROR(VLOOKUP(C3787,参数!$B:$H,2,0),\"\")","v":""},{"$f":"IFERROR(VLOOKUP(C3787,参数!$B:$H,4,0),\"\")","v":""},{"$f":"IFERROR(VLOOKUP(C3787,参数!B:H,3,FALSE),\"\")","v":""},"",1]
[3787,{"$nulls":6},{"$f":"IFERROR(VLOOKUP(C3788,参数!$B:$H,2,0),\"\")","v":""},{"$f":"IFERROR(VLOOKUP(C3788,参数!$B:$H,4,0),\"\")","v":""},{"$f":"IFERROR(VLOOKUP(C3788,参数!B:H,3,FALSE),\"\")","v":""},"",1]
[3788,{"$nulls":6},{"$f":"IFERROR(VLOOKUP(C3789,参数!$B:$H,2,0),\"\")","v":""},{"$f":"IFERROR(VLOOKUP(C3789,参数!$B:$H,4,0),\"\")","v":""},{"$f":"IFERROR(VLOOKUP(C3789,参数!B:H,3,FALSE),\"\")","v":""},"",1]
[3789,{"$nulls":6},{"$f":"IFERROR(VLOOKUP(C3790,参数!$B:$H,2,0),\"\")","v":""},{"$f":"IFERROR(VLOOKUP(C3790,参数!$B:$H,4,0),\"\")","v":""},{"$f":"IFERROR(VLOOKUP(C3790,参数!B:H,3,FALSE),\"\")","v":""},"",1]
[3790,{"$nulls":6},{"$f":"IFERROR(VLOOKUP(C3791,参数!$B:$H,2,0),\"\")","v":""},{"$f":"IFERROR(VLOOKUP(C3791,参数!$B:$H,4,0),\"\")","v":""},{"$f":"IFERROR(VLOOKUP(C3791,参数!B:H,3,FALSE),\"\")","v":""},"",1]
[3791,{"$nulls":6},{"$f":"IFERROR(VLOOKUP(C3792,参数!$B:$H,2,0),\"\")","v":""},{"$f":"IFERROR(VLOOKUP(C3792,参数!$B:$H,4,0),\"\")","v":""},{"$f":"IFERROR(VLOOKUP(C3792,参数!B:H,3,FALSE),\"\")","v":""},"",1]
[3792,{"$nulls":6},{"$f":"IFERROR(VLOOKUP(C3793,参数!$B:$H,2,0),\"\")","v":""},{"$f":"IFERROR(VLOOKUP(C3793,参数!$B:$H,4,0),\"\")","v":""},{"$f":"IFERROR(VLOOKUP(C3793,参数!B:H,3,FALSE),\"\")","v":""},"",1]
[3793,{"$nulls":6},{"$f":"IFERROR(VLOOKUP(C3794,参数!$B:$H,2,0),\"\")","v":""},{"$f":"IFERROR(VLOOKUP(C3794,参数!$B:$H,4,0),\"\")","v":""},{"$f":"IFERROR(VLOOKUP(C3794,参数!B:H,3,FALSE),\"\")","v":""},"",1]
[3794,{"$nulls":6},{"$f":"IFERROR(VLOOKUP(C3795,参数!$B:$H,2,0),\"\")","v":""},{"$f":"IFERROR(VLOOKUP(C3795,参数!$B:$H,4,0),\"\")","v":""},{"$f":"IFERROR(VLOOKUP(C3795,参数!B:H,3,FALSE),\"\")","v":""},"",1]
[3795,{"$nulls":6},{"$f":"IFERROR(VLOOKUP(C3796,参数!$B:$H,2,0),\"\")","v":""},{"$f":"IFERROR(VLOOKUP(C3796,参数!$B:$H,4,0),\"\")","v":""},{"$f":"IFERROR(VLOOKUP(C3796,参数!B:H,3,FALSE),\"\")","v":""},"",1]
[3796,{"$nulls":6},{"$f":"IFERROR(VLOOKUP(C3797,参数!$B:$H,2,0),\"\")","v":""},{"$f":"IFERROR(VLOOKUP(C3797,参数!$B:$H,4,0),\"\")","v":""},{"$f":"IFERROR(VLOOKUP(C3797,参数!B:H,3,FALSE),\"\")","v":""},"",1]
[3797,{"$nulls":6},{"$f":"IFERROR(VLOOKUP(C3798,参数!$B:$H,2,0),\"\")","v":""},{"$f":"IFERROR(VLOOKUP(C3798,参数!$B:$H,4,0),\"\")","v":""},{"$f":"IFERROR(VLOOKUP(C3798,参数!B:H,3,FALSE),\"\")","v":""},"",1]
[3798,{"$nulls":6},{"$f":"IFERROR(VLOOKUP(C3799,参数!$B:$H,2,0),\"\")","v":""},{"$f":"IFERROR(VLOOKUP(C3799,参数!$B:$H,4,0),\"\")","v":""},{"$f":"IFERROR(VLOOKUP(C3799,参数!B:H,3,FALSE),\"\")","v":""},"",1]
[3799,{"$nulls":6},{"$f":"IFERROR(VLOOKUP(C3800,参数!$B:$H,2,0),\"\")","v":""},{"$f":"IFERROR(VLOOKUP(C3800,参数!$B:$H,4,0),\"\")","v":""},{"$f":"IFERROR(VLOOKUP(C3800,参数!B:H,3,FALSE),\"\")","v":""},"",1]
[3800,{"$nulls":6},{"$f":"IFERROR(VLOOKUP(C3801,参数!$B:$H,2,0),\"\")","v":""},{"$f":"IFERROR(VLOOKUP(C3801,参数!$B:$H,4,0),\"\")","v":""},{"$f":"IFERROR(VLOOKUP(C3801,参数!B:H,3,FALSE),\"\")","v":""},"",1]
[3801,{"$nulls":6},{"$f":"IFERROR(VLOOKUP(C3802,参数!$B:$H,2,0),\"\")","v":""},{"$f":"IFERROR(VLOOKUP(C3802,参数!$B:$H,4,0),\"\")","v":""},{"$f":"IFERROR(VLOOKUP(C3802,参数!B:H,3,FALSE),\"\")","v":""},"",1]
[3802,{"$nulls":6},{"$f":"IFERROR(VLOOKUP(C3803,参数!$B:$H,2,0),\"\")","v":""},{"$f":"IFERROR(VLOOKUP(C3803,参数!$B:$H,4,0),\"\")","v":""},{"$f":"IFERROR(VLOOKUP(C3803,参数!B:H,3,FALSE),\"\")","v":""},"",1]
[3803,{"$nulls":6},{"$f":"IFERROR(VLOOKUP(C3804,参数!$B:$H,2,0),\"\")","v":""},{"$f":"IFERROR(VLOOKUP(C3804,参数!$B:$H,4,0),\"\")","v":""},{"$f":"IFERROR(VLOOKUP(C3804,参数!B:H,3,FALSE),\"\")","v":""},"",1]
[3804,{"$nulls":6},{"$f":"IFERROR(VLOOKUP(C3805,参数!$B:$H,2,0),\"\")","v":""},{"$f":"IFERROR(VLOOKUP(C3805,参数!$B:$H,4,0),\"\")","v":""},{"$f":"IFERROR(VLOOKUP(C3805,参数!B:H,3,FALSE),\"\")","v":""},"",1]
[3805,{"$nulls":6},{"$f":"IFERROR(VLOOKUP(C3806,参数!$B:$H,2,0),\"\")","v":""},{"$f":"IFERROR(VLOOKUP(C3806,参数!$B:$H,4,0),\"\")","v":""},{"$f":"IFERROR(VLOOKUP(C3806,参数!B:H,3,FALSE),\"\")","v":""},"",1]
[3806,{"$nulls":6},{"$f":"IFERROR(VLOOKUP(C3807,参数!$B:$H,2,0),\"\")","v":""},{"$f":"IFERROR(VLOOKUP(C3807,参数!$B:$H,4,0),\"\")","v":""},{"$f":"IFERROR(VLOOKUP(C3807,参数!B:H,3,FALSE),\"\")","v":""},"",1]
[3807,{"$nulls":6},{"$f":"IFERROR(VLOOKUP(C3808,参数!$B:$H,2,0),\"\")","v":""},{"$f":"IFERROR(VLOOKUP(C3808,参数!$B:$H,4,0),\"\")","v":""},{"$f":"IFERROR(VLOOKUP(C3808,参数!B:H,3,FALSE),\"\")","v":""},"",1]
[3808,{"$nulls":6},{"$f":"IFERROR(VLOOKUP(C3809,参数!$B:$H,2,0),\"\")","v":""},{"$f":"IFERROR(VLOOKUP(C3809,参数!$B:$H,4,0),\"\")","v":""},{"$f":"IFERROR(VLOOKUP(C3809,参数!B:H,3,FALSE),\"\")","v":""},"",1]
[3809,{"$nulls":6},{"$f":"IFERROR(VLOOKUP(C3810,参数!$B:$H,2,0),\"\")","v":""},{"$f":"IFERROR(VLOOKUP(C3810,参数!$B:$H,4,0),\"\")","v":""},{"$f":"IFERROR(VLOOKUP(C3810,参数!B:H,3,FALSE),\"\")","v":""},"",1]
[3810,{"$nulls":6},{"$f":"IFERROR(VLOOKUP(C3811,参数!$B:$H,2,0),\"\")","v":""},{"$f":"IFERROR(VLOOKUP(C3811,参数!$B:$H,4,0),\"\")","v":""},{"$f":"IFERROR(VLOOKUP(C3811,参数!B:H,3,FALSE),\"\")","v":""},"",1]
[3811,{"$nulls":6},{"$f":"IFERROR(VLOOKUP(C3812,参数!$B:$H,2,0),\"\")","v":""},{"$f":"IFERROR(VLOOKUP(C3812,参数!$B:$H,4,0),\"\")","v":""},{"$f":"IFERROR(VLOOKUP(C3812,参数!B:H,3,FALSE),\"\")","v":""},"",1]
[3812,{"$nulls":6},{"$f":"IFERROR(VLOOKUP(C3813,参数!$B:$H,2,0),\"\")","v":""},{"$f":"IFERROR(VLOOKUP(C3813,参数!$B:$H,4,0),\"\")","v":""},{"$f":"IFERROR(VLOOKUP(C3813,参数!B:H,3,FALSE),\"\")","v":""},{"$f":"IFERROR(J3813*E3813,\"\")","v":""},1]
[3813,{"$nulls":6},{"$f":"IFERROR(VLOOKUP(C3814,参数!$B:$H,2,0),\"\")","v":""},{"$f":"IFERROR(VLOOKUP(C3814,参数!$B:$H,4,0),\"\")","v":""},{"$f":"IFERROR(VLOOKUP(C3814,参数!B:H,3,FALSE),\"\")","v":""},"",1]
[3814,{"$nulls":6},{"$f":"IFERROR(VLOOKUP(C3815,参数!$B:$H,2,0),\"\")","v":""},{"$f":"IFERROR(VLOOKUP(C3815,参数!$B:$H,4,0),\"\")","v":""},{"$f":"IFERROR(VLOOKUP(C3815,参数!B:H,3,FALSE),\"\")","v":""},"",1]
[3815,{"$nulls":6},{"$f":"IFERROR(VLOOKUP(C3816,参数!$B:$H,2,0),\"\")","v":""},{"$f":"IFERROR(VLOOKUP(C3816,参数!$B:$H,4,0),\"\")","v":""},{"$f":"IFERROR(VLOOKUP(C3816,参数!B:H,3,FALSE),\"\")","v":""},"",1]
[3816,{"$nulls":6},{"$f":"IFERROR(VLOOKUP(C3817,参数!$B:$H,2,0),\"\")","v":""},{"$f":"IFERROR(VLOOKUP(C3817,参数!$B:$H,4,0),\"\")","v":""},{"$f":"IFERROR(VLOOKUP(C3817,参数!B:H,3,FALSE),\"\")","v":""},"",1]
[3817,{"$nulls":6},{"$f":"IFERROR(VLOOKUP(C3818,参数!$B:$H,2,0),\"\")","v":""},{"$f":"IFERROR(VLOOKUP(C3818,参数!$B:$H,4,0),\"\")","v":""},{"$f":"IFERROR(VLOOKUP(C3818,参数!B:H,3,FALSE),\"\")","v":""},"",1]
[3818,{"$nulls":6},{"$f":"IFERROR(VLOOKUP(C3819,参数!$B:$H,2,0),\"\")","v":""},{"$f":"IFERROR(VLOOKUP(C3819,参数!$B:$H,4,0),\"\")","v":""},{"$f":"IFERROR(VLOOKUP(C3819,参数!B:H,3,FALSE),\"\")","v":""},"",1]
[3819,{"$nulls":6},{"$f":"IFERROR(VLOOKUP(C3820,参数!$B:$H,2,0),\"\")","v":""},{"$f":"IFERROR(VLOOKUP(C3820,参数!$B:$H,4,0),\"\")","v":""},{"$f":"IFERROR(VLOOKUP(C3820,参数!B:H,3,FALSE),\"\")","v":""},"",1]
[3820,{"$nulls":6},{"$f":"IFERROR(VLOOKUP(C3821,参数!$B:$H,2,0),\"\")","v":""},{"$f":"IFERROR(VLOOKUP(C3821,参数!$B:$H,4,0),\"\")","v":""},{"$f":"IFERROR(VLOOKUP(C3821,参数!B:H,3,FALSE),\"\")","v":""},"",1]
[3821,{"$nulls":6},{"$f":"IFERROR(VLOOKUP(C3822,参数!$B:$H,2,0),\"\")","v":""},{"$f":"IFERROR(VLOOKUP(C3822,参数!$B:$H,4,0),\"\")","v":""},{"$f":"IFERROR(VLOOKUP(C3822,参数!B:H,3,FALSE),\"\")","v":""},"",1]
[3822,{"$nulls":6},{"$f":"IFERROR(VLOOKUP(C3823,参数!$B:$H,2,0),\"\")","v":""},{"$f":"IFERROR(VLOOKUP(C3823,参数!$B:$H,4,0),\"\")","v":""},{"$f":"IFERROR(VLOOKUP(C3823,参数!B:H,3,FALSE),\"\")","v":""},"",1]
[3823,{"$nulls":6},{"$f":"IFERROR(VLOOKUP(C3824,参数!$B:$H,2,0),\"\")","v":""},{"$f":"IFERROR(VLOOKUP(C3824,参数!$B:$H,4,0),\"\")","v":""},{"$f":"IFERROR(VLOOKUP(C3824,参数!B:H,3,FALSE),\"\")","v":""},"",1]
[3824,{"$nulls":6},{"$f":"IFERROR(VLOOKUP(C3825,参数!$B:$H,2,0),\"\")","v":""},{"$f":"IFERROR(VLOOKUP(C3825,参数!$B:$H,4,0),\"\")","v":""},{"$f":"IFERROR(VLOOKUP(C3825,参数!B:H,3,FALSE),\"\")","v":""},"",1]
[3825,{"$nulls":6},{"$f":"IFERROR(VLOOKUP(C3826,参数!$B:$H,2,0),\"\")","v":""},{"$f":"IFERROR(VLOOKUP(C3826,参数!$B:$H,4,0),\"\")","v":""},{"$f":"IFERROR(VLOOKUP(C3826,参数!B:H,3,FALSE),\"\")","v":""},"",1]
[3826,{"$nulls":6},{"$f":"IFERROR(VLOOKUP(C3827,参数!$B:$H,2,0),\"\")","v":""},{"$f":"IFERROR(VLOOKUP(C3827,参数!$B:$H,4,0),\"\")","v":""},{"$f":"IFERROR(VLOOKUP(C3827,参数!B:H,3,FALSE),\"\")","v":""},"",1]
[3827,{"$nulls":6},{"$f":"IFERROR(VLOOKUP(C3828,参数!$B:$H,2,0),\"\")","v":""},{"$f":"IFERROR(VLOOKUP(C3828,参数!$B:$H,4,0),\"\")","v":""},{"$f":"IFERROR(VLOOKUP(C3828,参数!B:H,3,FALSE),\"\")","v":""},"",1]
[3828,{"$nulls":6},{"$f":"IFERROR(VLOOKUP(C3829,参数!$B:$H,2,0),\"\")","v":""},{"$f":"IFERROR(VLOOKUP(C3829,参数!$B:$H,4,0),\"\")","v":""},{"$f":"IFERROR(VLOOKUP(C3829,参数!B:H,3,FALSE),\"\")","v":""},"",1]
[3829,{"$nulls":6},{"$f":"IFERROR(VLOOKUP(C3830,参数!$B:$H,2,0),\"\")","v":""},{"$f":"IFERROR(VLOOKUP(C3830,参数!$B:$H,4,0),\"\")","v":""},{"$f":"IFERROR(VLOOKUP(C3830,参数!B:H,3,FALSE),\"\")","v":""},"",1]
[3830,{"$nulls":6},{"$f":"IFERROR(VLOOKUP(C3831,参数!$B:$H,2,0),\"\")","v":""},{"$f":"IFERROR(VLOOKUP(C3831,参数!$B:$H,4,0),\"\")","v":""},{"$f":"IFERROR(VLOOKUP(C3831,参数!B:H,3,FALSE),\"\")","v":""},"",1]
[3831,{"$nulls":6},{"$f":"IFERROR(VLOOKUP(C3832,参数!$B:$H,2,0),\"\")","v":""},{"$f":"IFERROR(VLOOKUP(C3832,参数!$B:$H,4,0),\"\")","v":""},{"$f":"IFERROR(VLOOKUP(C3832,参数!B:H,3,FALSE),\"\")","v":""},"",1]
[3832,{"$nulls":6},{"$f":"IFERROR(VLOOKUP(C3833,参数!$B:$H,2,0),\"\")","v":""},{"$f":"IFERROR(VLOOKUP(C3833,参数!$B:$H,4,0),\"\")","v":""},{"$f":"IFERROR(VLOOKUP(C3833,参数!B:H,3,FALSE),\"\")","v":""},"",1]
[3833,{"$nulls":6},{"$f":"IFERROR(VLOOKUP(C3834,参数!$B:$H,2,0),\"\")","v":""},{"$f":"IFERROR(VLOOKUP(C3834,参数!$B:$H,4,0),\"\")","v":""},{"$f":"IFERROR(VLOOKUP(C3834,参数!B:H,3,FALSE),\"\")","v":""},"",1]
[3834,{"$nulls":6},{"$f":"IFERROR(VLOOKUP(C3835,参数!$B:$H,2,0),\"\")","v":""},{"$f":"IFERROR(VLOOKUP(C3835,参数!$B:$H,4,0),\"\")","v":""},{"$f":"IFERROR(VLOOKUP(C3835,参数!B:H,3,FALSE),\"\")","v":""},"",1]
[3835,{"$nulls":6},{"$f":"IFERROR(VLOOKUP(C3836,参数!$B:$H,2,0),\"\")","v":""},{"$f":"IFERROR(VLOOKUP(C3836,参数!$B:$H,4,0),\"\")","v":""},{"$f":"IFERROR(VLOOKUP(C3836,参数!B:H,3,FALSE),\"\")","v":""},"",1]
[3836,{"$nulls":6},{"$f":"IFERROR(VLOOKUP(C3837,参数!$B:$H,2,0),\"\")","v":""},{"$f":"IFERROR(VLOOKUP(C3837,参数!$B:$H,4,0),\"\")","v":""},{"$f":"IFERROR(VLOOKUP(C3837,参数!B:H,3,FALSE),\"\")","v":""},"",1]
[3837,{"$nulls":6},{"$f":"IFERROR(VLOOKUP(C3838,参数!$B:$H,2,0),\"\")","v":""},{"$f":"IFERROR(VLOOKUP(C3838,参数!$B:$H,4,0),\"\")","v":""},{"$f":"IFERROR(VLOOKUP(C3838,参数!B:H,3,FALSE),\"\")","v":""},"",1]
[3838,{"$nulls":6},{"$f":"IFERROR(VLOOKUP(C3839,参数!$B:$H,2,0),\"\")","v":""},{"$f":"IFERROR(VLOOKUP(C3839,参数!$B:$H,4,0),\"\")","v":""},{"$f":"IFERROR(VLOOKUP(C3839,参数!B:H,3,FALSE),\"\")","v":""},"",1]
[3839,{"$nulls":6},{"$f":"IFERROR(VLOOKUP(C3840,参数!$B:$H,2,0),\"\")","v":""},{"$f":"IFERROR(VLOOKUP(C3840,参数!$B:$H,4,0),\"\")","v":""},{"$f":"IFERROR(VLOOKUP(C3840,参数!B:H,3,FALSE),\"\")","v":""},"",1]
[3840,{"$nulls":6},{"$f":"IFERROR(VLOOKUP(C3841,参数!$B:$H,2,0),\"\")","v":""},{"$f":"IFERROR(VLOOKUP(C3841,参数!$B:$H,4,0),\"\")","v":""},{"$f":"IFERROR(VLOOKUP(C3841,参数!B:H,3,FALSE),\"\")","v":""},"",1]
[3841,{"$nulls":6},{"$f":"IFERROR(VLOOKUP(C3842,参数!$B:$H,2,0),\"\")","v":""},{"$f":"IFERROR(VLOOKUP(C3842,参数!$B:$H,4,0),\"\")","v":""},{"$f":"IFERROR(VLOOKUP(C3842,参数!B:H,3,FALSE),\"\")","v":""},"",{"$f":"VALUE(MONTH(B3842))","v":1}]
[3842,{"$nulls":6},{"$f":"IFERROR(VLOOKUP(C3843,参数!$B:$H,2,0),\"\")","v":""},{"$f":"IFERROR(VLOOKUP(C3843,参数!$B:$H,4,0),\"\")","v":""},{"$f":"IFERROR(VLOOKUP(C3843,参数!B:H,3,FALSE),\"\")","v":""},"",1]
[3843,{"$nulls":6},{"$f":"IFERROR(VLOOKUP(C3844,参数!$B:$H,2,0),\"\")","v":""},{"$f":"IFERROR(VLOOKUP(C3844,参数!$B:$H,4,0),\"\")","v":""},{"$f":"IFERROR(VLOOKUP(C3844,参数!B:H,3,FALSE),\"\")","v":""},"",1]
[3844,{"$nulls":6},{"$f":"IFERROR(VLOOKUP(C3845,参数!$B:$H,2,0),\"\")","v":""},{"$f":"IFERROR(VLOOKUP(C3845,参数!$B:$H,4,0),\"\")","v":""},{"$f":"IFERROR(VLOOKUP(C3845,参数!B:H,3,FALSE),\"\")","v":""},"",1]
[3845,{"$nulls":6},{"$f":"IFERROR(VLOOKUP(C3846,参数!$B:$H,2,0),\"\")","v":""},{"$f":"IFERROR(VLOOKUP(C3846,参数!$B:$H,4,0),\"\")","v":""},{"$f":"IFERROR(VLOOKUP(C3846,参数!B:H,3,FALSE),\"\")","v":""},"",1]
[3846,{"$nulls":6},{"$f":"IFERROR(VLOOKUP(C3847,参数!$B:$H,2,0),\"\")","v":""},{"$f":"IFERROR(VLOOKUP(C3847,参数!$B:$H,4,0),\"\")","v":""},{"$f":"IFERROR(VLOOKUP(C3847,参数!B:H,3,FALSE),\"\")","v":""},"",1]
[3847,{"$nulls":6},{"$f":"IFERROR(VLOOKUP(C3848,参数!$B:$H,2,0),\"\")","v":""},{"$f":"IFERROR(VLOOKUP(C3848,参数!$B:$H,4,0),\"\")","v":""},{"$f":"IFERROR(VLOOKUP(C3848,参数!B:H,3,FALSE),\"\")","v":""},"",1]
[3848,{"$nulls":6},{"$f":"IFERROR(VLOOKUP(C3849,参数!$B:$H,2,0),\"\")","v":""},{"$f":"IFERROR(VLOOKUP(C3849,参数!$B:$H,4,0),\"\")","v":""},{"$f":"IFERROR(VLOOKUP(C3849,参数!B:H,3,FALSE),\"\")","v":""},"",1]
[3849,{"$nulls":6},{"$f":"IFERROR(VLOOKUP(C3850,参数!$B:$H,2,0),\"\")","v":""},{"$f":"IFERROR(VLOOKUP(C3850,参数!$B:$H,4,0),\"\")","v":""},{"$f":"IFERROR(VLOOKUP(C3850,参数!B:H,3,FALSE),\"\")","v":""},"",1]
[3850,{"$nulls":6},{"$f":"IFERROR(VLOOKUP(C3851,参数!$B:$H,2,0),\"\")","v":""},{"$f":"IFERROR(VLOOKUP(C3851,参数!$B:$H,4,0),\"\")","v":""},{"$f":"IFERROR(VLOOKUP(C3851,参数!B:H,3,FALSE),\"\")","v":""},"",1]
[3851,{"$nulls":6},{"$f":"IFERROR(VLOOKUP(C3852,参数!$B:$H,2,0),\"\")","v":""},{"$f":"IFERROR(VLOOKUP(C3852,参数!$B:$H,4,0),\"\")","v":""},{"$f":"IFERROR(VLOOKUP(C3852,参数!B:H,3,FALSE),\"\")","v":""},"",1]
[3852,{"$nulls":6},{"$f":"IFERROR(VLOOKUP(C3853,参数!$B:$H,2,0),\"\")","v":""},{"$f":"IFERROR(VLOOKUP(C3853,参数!$B:$H,4,0),\"\")","v":""},{"$f":"IFERROR(VLOOKUP(C3853,参数!B:H,3,FALSE),\"\")","v":""},"",1]
[3853,{"$nulls":6},{"$f":"IFERROR(VLOOKUP(C3854,参数!$B:$H,2,0),\"\")","v":""},{"$f":"IFERROR(VLOOKUP(C3854,参数!$B:$H,4,0),\"\")","v":""},{"$f":"IFERROR(VLOOKUP(C3854,参数!B:H,3,FALSE),\"\")","v":""},"",1]
[3854,{"$nulls":6},{"$f":"IFERROR(VLOOKUP(C3855,参数!$B:$H,2,0),\"\")","v":""},{"$f":"IFERROR(VLOOKUP(C3855,参数!$B:$H,4,0),\"\")","v":""},{"$f":"IFERROR(VLOOKUP(C3855,参数!B:H,3,FALSE),\"\")","v":""},"",1]
[3855,{"$nulls":6},{"$f":"IFERROR(VLOOKUP(C3856,参数!$B:$H,2,0),\"\")","v":""},{"$f":"IFERROR(VLOOKUP(C3856,参数!$B:$H,4,0),\"\")","v":""},{"$f":"IFERROR(VLOOKUP(C3856,参数!B:H,3,FALSE),\"\")","v":""},"",1]
[3856,{"$nulls":6},{"$f":"IFERROR(VLOOKUP(C3857,参数!$B:$H,2,0),\"\")","v":""},{"$f":"IFERROR(VLOOKUP(C3857,参数!$B:$H,4,0),\"\")","v":""},{"$f":"IFERROR(VLOOKUP(C3857,参数!B:H,3,FALSE),\"\")","v":""},"",1]
[3857,{"$nulls":6},{"$f":"IFERROR(VLOOKUP(C3858,参数!$B:$H,2,0),\"\")","v":""},{"$f":"IFERROR(VLOOKUP(C3858,参数!$B:$H,4,0),\"\")","v":""},{"$f":"IFERROR(VLOOKUP(C3858,参数!B:H,3,FALSE),\"\")","v":""},"",1]
[3858,{"$nulls":6},{"$f":"IFERROR(VLOOKUP(C3859,参数!$B:$H,2,0),\"\")","v":""},{"$f":"IFERROR(VLOOKUP(C3859,参数!$B:$H,4,0),\"\")","v":""},{"$f":"IFERROR(VLOOKUP(C3859,参数!B:H,3,FALSE),\"\")","v":""},"",1]
[3859,{"$nulls":6},{"$f":"IFERROR(VLOOKUP(C3860,参数!$B:$H,2,0),\"\")","v":""},{"$f":"IFERROR(VLOOKUP(C3860,参数!$B:$H,4,0),\"\")","v":""},{"$f":"IFERROR(VLOOKUP(C3860,参数!B:H,3,FALSE),\"\")","v":""},"",1]
[3860,{"$nulls":6},{"$f":"IFERROR(VLOOKUP(C3861,参数!$B:$H,2,0),\"\")","v":""},{"$f":"IFERROR(VLOOKUP(C3861,参数!$B:$H,4,0),\"\")","v":""},{"$f":"IFERROR(VLOOKUP(C3861,参数!B:H,3,FALSE),\"\")","v":""},"",1]
[3861,{"$nulls":6},{"$f":"IFERROR(VLOOKUP(C3862,参数!$B:$H,2,0),\"\")","v":""},{"$f":"IFERROR(VLOOKUP(C3862,参数!$B:$H,4,0),\"\")","v":""},{"$f":"IFERROR(VLOOKUP(C3862,参数!B:H,3,FALSE),\"\")","v":""},"",1]
[3862,{"$nulls":6},{"$f":"IFERROR(VLOOKUP(C3863,参数!$B:$H,2,0),\"\")","v":""},{"$f":"IFERROR(VLOOKUP(C3863,参数!$B:$H,4,0),\"\")","v":""},{"$f":"IFERROR(VLOOKUP(C3863,参数!B:H,3,FALSE),\"\")","v":""},"",1]
[3863,{"$nulls":6},{"$f":"IFERROR(VLOOKUP(C3864,参数!$B:$H,2,0),\"\")","v":""},{"$f":"IFERROR(VLOOKUP(C3864,参数!$B:$H,4,0),\"\")","v":""},{"$f":"IFERROR(VLOOKUP(C3864,参数!B:H,3,FALSE),\"\")","v":""},"",1]
[3864,{"$nulls":6},{"$f":"IFERROR(VLOOKUP(C3865,参数!$B:$H,2,0),\"\")","v":""},{"$f":"IFERROR(VLOOKUP(C3865,参数!$B:$H,4,0),\"\")","v":""},{"$f":"IFERROR(VLOOKUP(C3865,参数!B:H,3,FALSE),\"\")","v":""},"",1]
[3865,{"$nulls":6},{"$f":"IFERROR(VLOOKUP(C3866,参数!$B:$H,2,0),\"\")","v":""},{"$f":"IFERROR(VLOOKUP(C3866,参数!$B:$H,4,0),\"\")","v":""},{"$f":"IFERROR(VLOOKUP(C3866,参数!B:H,3,FALSE),\"\")","v":""},"",1]
[3866,{"$nulls":6},{"$f":"IFERROR(VLOOKUP(C3867,参数!$B:$H,2,0),\"\")","v":""},{"$f":"IFERROR(VLOOKUP(C3867,参数!$B:$H,4,0),\"\")","v":""},{"$f":"IFERROR(VLOOKUP(C3867,参数!B:H,3,FALSE),\"\")","v":""},"",1]
[3867,{"$nulls":6},{"$f":"IFERROR(VLOOKUP(C3868,参数!$B:$H,2,0),\"\")","v":""},{"$f":"IFERROR(VLOOKUP(C3868,参数!$B:$H,4,0),\"\")","v":""},{"$f":"IFERROR(VLOOKUP(C3868,参数!B:H,3,FALSE),\"\")","v":""},"",1]
[3868,{"$nulls":6},{"$f":"IFERROR(VLOOKUP(C3869,参数!$B:$H,2,0),\"\")","v":""},{"$f":"IFERROR(VLOOKUP(C3869,参数!$B:$H,4,0),\"\")","v":""},{"$f":"IFERROR(VLOOKUP(C3869,参数!B:H,3,FALSE),\"\")","v":""},"",1]
[3869,{"$nulls":6},{"$f":"IFERROR(VLOOKUP(C3870,参数!$B:$H,2,0),\"\")","v":""},{"$f":"IFERROR(VLOOKUP(C3870,参数!$B:$H,4,0),\"\")","v":""},{"$f":"IFERROR(VLOOKUP(C3870,参数!B:H,3,FALSE),\"\")","v":""},"",1]
[3870,{"$nulls":6},{"$f":"IFERROR(VLOOKUP(C3871,参数!$B:$H,2,0),\"\")","v":""},{"$f":"IFERROR(VLOOKUP(C3871,参数!$B:$H,4,0),\"\")","v":""},{"$f":"IFERROR(VLOOKUP(C3871,参数!B:H,3,FALSE),\"\")","v":""},"",1]
[3871,{"$nulls":6},{"$f":"IFERROR(VLOOKUP(C3872,参数!$B:$H,2,0),\"\")","v":""},{"$f":"IFERROR(VLOOKUP(C3872,参数!$B:$H,4,0),\"\")","v":""},{"$f":"IFERROR(VLOOKUP(C3872,参数!B:H,3,FALSE),\"\")","v":""},"",1]
[3872,{"$nulls":6},{"$f":"IFERROR(VLOOKUP(C3873,参数!$B:$H,2,0),\"\")","v":""},{"$f":"IFERROR(VLOOKUP(C3873,参数!$B:$H,4,0),\"\")","v":""},{"$f":"IFERROR(VLOOKUP(C3873,参数!B:H,3,FALSE),\"\")","v":""},"",1]
[3873,{"$nulls":6},{"$f":"IFERROR(VLOOKUP(C3874,参数!$B:$H,2,0),\"\")","v":""},{"$f":"IFERROR(VLOOKUP(C3874,参数!$B:$H,4,0),\"\")","v":""},{"$f":"IFERROR(VLOOKUP(C3874,参数!B:H,3,FALSE),\"\")","v":""},"",1]
[3874,{"$nulls":6},{"$f":"IFERROR(VLOOKUP(C3875,参数!$B:$H,2,0),\"\")","v":""},{"$f":"IFERROR(VLOOKUP(C3875,参数!$B:$H,4,0),\"\")","v":""},{"$f":"IFERROR(VLOOKUP(C3875,参数!B:H,3,FALSE),\"\")","v":""},"",1]
[3875,{"$nulls":6},{"$f":"IFERROR(VLOOKUP(C3876,参数!$B:$H,2,0),\"\")","v":""},{"$f":"IFERROR(VLOOKUP(C3876,参数!$B:$H,4,0),\"\")","v":""},{"$f":"IFERROR(VLOOKUP(C3876,参数!B:H,3,FALSE),\"\")","v":""},"",1]
[3876,{"$nulls":6},{"$f":"IFERROR(VLOOKUP(C3877,参数!$B:$H,2,0),\"\")","v":""},{"$f":"IFERROR(VLOOKUP(C3877,参数!$B:$H,4,0),\"\")","v":""},{"$f":"IFERROR(VLOOKUP(C3877,参数!B:H,3,FALSE),\"\")","v":""},{"$f":"IFERROR(J3877*E3877,\"\")","v":""},1]
[3877,{"$nulls":6},{"$f":"IFERROR(VLOOKUP(C3878,参数!$B:$H,2,0),\"\")","v":""},{"$f":"IFERROR(VLOOKUP(C3878,参数!$B:$H,4,0),\"\")","v":""},{"$f":"IFERROR(VLOOKUP(C3878,参数!B:H,3,FALSE),\"\")","v":""},"",1]
[3878,{"$nulls":6},{"$f":"IFERROR(VLOOKUP(C3879,参数!$B:$H,2,0),\"\")","v":""},{"$f":"IFERROR(VLOOKUP(C3879,参数!$B:$H,4,0),\"\")","v":""},{"$f":"IFERROR(VLOOKUP(C3879,参数!B:H,3,FALSE),\"\")","v":""},"",1]
[3879,{"$nulls":6},{"$f":"IFERROR(VLOOKUP(C3880,参数!$B:$H,2,0),\"\")","v":""},{"$f":"IFERROR(VLOOKUP(C3880,参数!$B:$H,4,0),\"\")","v":""},{"$f":"IFERROR(VLOOKUP(C3880,参数!B:H,3,FALSE),\"\")","v":""},"",1]
[3880,{"$nulls":6},{"$f":"IFERROR(VLOOKUP(C3881,参数!$B:$H,2,0),\"\")","v":""},{"$f":"IFERROR(VLOOKUP(C3881,参数!$B:$H,4,0),\"\")","v":""},{"$f":"IFERROR(VLOOKUP(C3881,参数!B:H,3,FALSE),\"\")","v":""},"",1]
[3881,{"$nulls":6},{"$f":"IFERROR(VLOOKUP(C3882,参数!$B:$H,2,0),\"\")","v":""},{"$f":"IFERROR(VLOOKUP(C3882,参数!$B:$H,4,0),\"\")","v":""},{"$f":"IFERROR(VLOOKUP(C3882,参数!B:H,3,FALSE),\"\")","v":""},"",1]
[3882,{"$nulls":6},{"$f":"IFERROR(VLOOKUP(C3883,参数!$B:$H,2,0),\"\")","v":""},{"$f":"IFERROR(VLOOKUP(C3883,参数!$B:$H,4,0),\"\")","v":""},{"$f":"IFERROR(VLOOKUP(C3883,参数!B:H,3,FALSE),\"\")","v":""},"",1]
[3883,{"$nulls":6},{"$f":"IFERROR(VLOOKUP(C3884,参数!$B:$H,2,0),\"\")","v":""},{"$f":"IFERROR(VLOOKUP(C3884,参数!$B:$H,4,0),\"\")","v":""},{"$f":"IFERROR(VLOOKUP(C3884,参数!B:H,3,FALSE),\"\")","v":""},"",1]
[3884,{"$nulls":6},{"$f":"IFERROR(VLOOKUP(C3885,参数!$B:$H,2,0),\"\")","v":""},{"$f":"IFERROR(VLOOKUP(C3885,参数!$B:$H,4,0),\"\")","v":""},{"$f":"IFERROR(VLOOKUP(C3885,参数!B:H,3,FALSE),\"\")","v":""},"",1]
[3885,{"$nulls":6},{"$f":"IFERROR(VLOOKUP(C3886,参数!$B:$H,2,0),\"\")","v":""},{"$f":"IFERROR(VLOOKUP(C3886,参数!$B:$H,4,0),\"\")","v":""},{"$f":"IFERROR(VLOOKUP(C3886,参数!B:H,3,FALSE),\"\")","v":""},"",1]
[3886,{"$nulls":6},{"$f":"IFERROR(VLOOKUP(C3887,参数!$B:$H,2,0),\"\")","v":""},{"$f":"IFERROR(VLOOKUP(C3887,参数!$B:$H,4,0),\"\")","v":""},{"$f":"IFERROR(VLOOKUP(C3887,参数!B:H,3,FALSE),\"\")","v":""},"",1]
[3887,{"$nulls":6},{"$f":"IFERROR(VLOOKUP(C3888,参数!$B:$H,2,0),\"\")","v":""},{"$f":"IFERROR(VLOOKUP(C3888,参数!$B:$H,4,0),\"\")","v":""},{"$f":"IFERROR(VLOOKUP(C3888,参数!B:H,3,FALSE),\"\")","v":""},"",1]
[3888,{"$nulls":6},{"$f":"IFERROR(VLOOKUP(C3889,参数!$B:$H,2,0),\"\")","v":""},{"$f":"IFERROR(VLOOKUP(C3889,参数!$B:$H,4,0),\"\")","v":""},{"$f":"IFERROR(VLOOKUP(C3889,参数!B:H,3,FALSE),\"\")","v":""},"",1]
[3889,{"$nulls":6},{"$f":"IFERROR(VLOOKUP(C3890,参数!$B:$H,2,0),\"\")","v":""},{"$f":"IFERROR(VLOOKUP(C3890,参数!$B:$H,4,0),\"\")","v":""},{"$f":"IFERROR(VLOOKUP(C3890,参数!B:H,3,FALSE),\"\")","v":""},"",1]
[3890,{"$nulls":6},{"$f":"IFERROR(VLOOKUP(C3891,参数!$B:$H,2,0),\"\")","v":""},{"$f":"IFERROR(VLOOKUP(C3891,参数!$B:$H,4,0),\"\")","v":""},{"$f":"IFERROR(VLOOKUP(C3891,参数!B:H,3,FALSE),\"\")","v":""},"",1]
[3891,{"$nulls":6},{"$f":"IFERROR(VLOOKUP(C3892,参数!$B:$H,2,0),\"\")","v":""},{"$f":"IFERROR(VLOOKUP(C3892,参数!$B:$H,4,0),\"\")","v":""},{"$f":"IFERROR(VLOOKUP(C3892,参数!B:H,3,FALSE),\"\")","v":""},"",1]
[3892,{"$nulls":6},{"$f":"IFERROR(VLOOKUP(C3893,参数!$B:$H,2,0),\"\")","v":""},{"$f":"IFERROR(VLOOKUP(C3893,参数!$B:$H,4,0),\"\")","v":""},{"$f":"IFERROR(VLOOKUP(C3893,参数!B:H,3,FALSE),\"\")","v":""},"",1]
[3893,{"$nulls":6},{"$f":"IFERROR(VLOOKUP(C3894,参数!$B:$H,2,0),\"\")","v":""},{"$f":"IFERROR(VLOOKUP(C3894,参数!$B:$H,4,0),\"\")","v":""},{"$f":"IFERROR(VLOOKUP(C3894,参数!B:H,3,FALSE),\"\")","v":""},"",1]
[3894,{"$nulls":6},{"$f":"IFERROR(VLOOKUP(C3895,参数!$B:$H,2,0),\"\")","v":""},{"$f":"IFERROR(VLOOKUP(C3895,参数!$B:$H,4,0),\"\")","v":""},{"$f":"IFERROR(VLOOKUP(C3895,参数!B:H,3,FALSE),\"\")","v":""},"",1]
[3895,{"$nulls":6},{"$f":"IFERROR(VLOOKUP(C3896,参数!$B:$H,2,0),\"\")","v":""},{"$f":"IFERROR(VLOOKUP(C3896,参数!$B:$H,4,0),\"\")","v":""},{"$f":"IFERROR(VLOOKUP(C3896,参数!B:H,3,FALSE),\"\")","v":""},"",1]
[3896,{"$nulls":6},{"$f":"IFERROR(VLOOKUP(C3897,参数!$B:$H,2,0),\"\")","v":""},{"$f":"IFERROR(VLOOKUP(C3897,参数!$B:$H,4,0),\"\")","v":""},{"$f":"IFERROR(VLOOKUP(C3897,参数!B:H,3,FALSE),\"\")","v":""},"",1]
[3897,{"$nulls":6},{"$f":"IFERROR(VLOOKUP(C3898,参数!$B:$H,2,0),\"\")","v":""},{"$f":"IFERROR(VLOOKUP(C3898,参数!$B:$H,4,0),\"\")","v":""},{"$f":"IFERROR(VLOOKUP(C3898,参数!B:H,3,FALSE),\"\")","v":""},"",1]
[3898,{"$nulls":6},{"$f":"IFERROR(VLOOKUP(C3899,参数!$B:$H,2,0),\"\")","v":""},{"$f":"IFERROR(VLOOKUP(C3899,参数!$B:$H,4,0),\"\")","v":""},{"$f":"IFERROR(VLOOKUP(C3899,参数!B:H,3,FALSE),\"\")","v":""},"",1]
[3899,{"$nulls":6},{"$f":"IFERROR(VLOOKUP(C3900,参数!$B:$H,2,0),\"\")","v":""},{"$f":"IFERROR(VLOOKUP(C3900,参数!$B:$H,4,0),\"\")","v":""},{"$f":"IFERROR(VLOOKUP(C3900,参数!B:H,3,FALSE),\"\")","v":""},"",1]
[3900,{"$nulls":6},{"$f":"IFERROR(VLOOKUP(C3901,参数!$B:$H,2,0),\"\")","v":""},{"$f":"IFERROR(VLOOKUP(C3901,参数!$B:$H,4,0),\"\")","v":""},{"$f":"IFERROR(VLOOKUP(C3901,参数!B:H,3,FALSE),\"\")","v":""},"",1]
[3901,{"$nulls":6},{"$f":"IFERROR(VLOOKUP(C3902,参数!$B:$H,2,0),\"\")","v":""},{"$f":"IFERROR(VLOOKUP(C3902,参数!$B:$H,4,0),\"\")","v":""},{"$f":"IFERROR(VLOOKUP(C3902,参数!B:H,3,FALSE),\"\")","v":""},"",1]
[3902,{"$nulls":6},{"$f":"IFERROR(VLOOKUP(C3903,参数!$B:$H,2,0),\"\")","v":""},{"$f":"IFERROR(VLOOKUP(C3903,参数!$B:$H,4,0),\"\")","v":""},{"$f":"IFERROR(VLOOKUP(C3903,参数!B:H,3,FALSE),\"\")","v":""},"",1]
[3903,{"$nulls":6},{"$f":"IFERROR(VLOOKUP(C3904,参数!$B:$H,2,0),\"\")","v":""},{"$f":"IFERROR(VLOOKUP(C3904,参数!$B:$H,4,0),\"\")","v":""},{"$f":"IFERROR(VLOOKUP(C3904,参数!B:H,3,FALSE),\"\")","v":""},"",1]
[3904,{"$nulls":6},{"$f":"IFERROR(VLOOKUP(C3905,参数!$B:$H,2,0),\"\")","v":""},{"$f":"IFERROR(VLOOKUP(C3905,参数!$B:$H,4,0),\"\")","v":""},{"$f":"IFERROR(VLOOKUP(C3905,参数!B:H,3,FALSE),\"\")","v":""},"",1]
[3905,{"$nulls":6},{"$f":"IFERROR(VLOOKUP(C3906,参数!$B:$H,2,0),\"\")","v":""},{"$f":"IFERROR(VLOOKUP(C3906,参数!$B:$H,4,0),\"\")","v":""},{"$f":"IFERROR(VLOOKUP(C3906,参数!B:H,3,FALSE),\"\")","v":""},"",{"$f":"VALUE(MONTH(B3906))","v":1}]
[3906,{"$nulls":6},{"$f":"IFERROR(VLOOKUP(C3907,参数!$B:$H,2,0),\"\")","v":""},{"$f":"IFERROR(VLOOKUP(C3907,参数!$B:$H,4,0),\"\")","v":""},{"$f":"IFERROR(VLOOKUP(C3907,参数!B:H,3,FALSE),\"\")","v":""},"",1]
[3907,{"$nulls":6},{"$f":"IFERROR(VLOOKUP(C3908,参数!$B:$H,2,0),\"\")","v":""},{"$f":"IFERROR(VLOOKUP(C3908,参数!$B:$H,4,0),\"\")","v":""},{"$f":"IFERROR(VLOOKUP(C3908,参数!B:H,3,FALSE),\"\")","v":""},"",1]
[3908,{"$nulls":6},{"$f":"IFERROR(VLOOKUP(C3909,参数!$B:$H,2,0),\"\")","v":""},{"$f":"IFERROR(VLOOKUP(C3909,参数!$B:$H,4,0),\"\")","v":""},{"$f":"IFERROR(VLOOKUP(C3909,参数!B:H,3,FALSE),\"\")","v":""},"",1]
[3909,{"$nulls":6},{"$f":"IFERROR(VLOOKUP(C3910,参数!$B:$H,2,0),\"\")","v":""},{"$f":"IFERROR(VLOOKUP(C3910,参数!$B:$H,4,0),\"\")","v":""},{"$f":"IFERROR(VLOOKUP(C3910,参数!B:H,3,FALSE),\"\")","v":""},"",1]
[3910,{"$nulls":6},{"$f":"IFERROR(VLOOKUP(C3911,参数!$B:$H,2,0),\"\")","v":""},{"$f":"IFERROR(VLOOKUP(C3911,参数!$B:$H,4,0),\"\")","v":""},{"$f":"IFERROR(VLOOKUP(C3911,参数!B:H,3,FALSE),\"\")","v":""},"",1]
[3911,{"$nulls":6},{"$f":"IFERROR(VLOOKUP(C3912,参数!$B:$H,2,0),\"\")","v":""},{"$f":"IFERROR(VLOOKUP(C3912,参数!$B:$H,4,0),\"\")","v":""},{"$f":"IFERROR(VLOOKUP(C3912,参数!B:H,3,FALSE),\"\")","v":""},"",1]
[3912,{"$nulls":6},{"$f":"IFERROR(VLOOKUP(C3913,参数!$B:$H,2,0),\"\")","v":""},{"$f":"IFERROR(VLOOKUP(C3913,参数!$B:$H,4,0),\"\")","v":""},{"$f":"IFERROR(VLOOKUP(C3913,参数!B:H,3,FALSE),\"\")","v":""},"",1]
[3913,{"$nulls":6},{"$f":"IFERROR(VLOOKUP(C3914,参数!$B:$H,2,0),\"\")","v":""},{"$f":"IFERROR(VLOOKUP(C3914,参数!$B:$H,4,0),\"\")","v":""},{"$f":"IFERROR(VLOOKUP(C3914,参数!B:H,3,FALSE),\"\")","v":""},"",1]
[3914,{"$nulls":6},{"$f":"IFERROR(VLOOKUP(C3915,参数!$B:$H,2,0),\"\")","v":""},{"$f":"IFERROR(VLOOKUP(C3915,参数!$B:$H,4,0),\"\")","v":""},{"$f":"IFERROR(VLOOKUP(C3915,参数!B:H,3,FALSE),\"\")","v":""},"",1]
[3915,{"$nulls":6},{"$f":"IFERROR(VLOOKUP(C3916,参数!$B:$H,2,0),\"\")","v":""},{"$f":"IFERROR(VLOOKUP(C3916,参数!$B:$H,4,0),\"\")","v":""},{"$f":"IFERROR(VLOOKUP(C3916,参数!B:H,3,FALSE),\"\")","v":""},"",1]
[3916,{"$nulls":6},{"$f":"IFERROR(VLOOKUP(C3917,参数!$B:$H,2,0),\"\")","v":""},{"$f":"IFERROR(VLOOKUP(C3917,参数!$B:$H,4,0),\"\")","v":""},{"$f":"IFERROR(VLOOKUP(C3917,参数!B:H,3,FALSE),\"\")","v":""},"",1]
[3917,{"$nulls":6},{"$f":"IFERROR(VLOOKUP(C3918,参数!$B:$H,2,0),\"\")","v":""},{"$f":"IFERROR(VLOOKUP(C3918,参数!$B:$H,4,0),\"\")","v":""},{"$f":"IFERROR(VLOOKUP(C3918,参数!B:H,3,FALSE),\"\")","v":""},"",1]
[3918,{"$nulls":6},{"$f":"IFERROR(VLOOKUP(C3919,参数!$B:$H,2,0),\"\")","v":""},{"$f":"IFERROR(VLOOKUP(C3919,参数!$B:$H,4,0),\"\")","v":""},{"$f":"IFERROR(VLOOKUP(C3919,参数!B:H,3,FALSE),\"\")","v":""},"",1]
[3919,{"$nulls":6},{"$f":"IFERROR(VLOOKUP(C3920,参数!$B:$H,2,0),\"\")","v":""},{"$f":"IFERROR(VLOOKUP(C3920,参数!$B:$H,4,0),\"\")","v":""},{"$f":"IFERROR(VLOOKUP(C3920,参数!B:H,3,FALSE),\"\")","v":""},"",1]
[3920,{"$nulls":6},{"$f":"IFERROR(VLOOKUP(C3921,参数!$B:$H,2,0),\"\")","v":""},{"$f":"IFERROR(VLOOKUP(C3921,参数!$B:$H,4,0),\"\")","v":""},{"$f":"IFERROR(VLOOKUP(C3921,参数!B:H,3,FALSE),\"\")","v":""},"",1]
[3921,{"$nulls":6},{"$f":"IFERROR(VLOOKUP(C3922,参数!$B:$H,2,0),\"\")","v":""},{"$f":"IFERROR(VLOOKUP(C3922,参数!$B:$H,4,0),\"\")","v":""},{"$f":"IFERROR(VLOOKUP(C3922,参数!B:H,3,FALSE),\"\")","v":""},"",1]
[3922,{"$nulls":6},{"$f":"IFERROR(VLOOKUP(C3923,参数!$B:$H,2,0),\"\")","v":""},{"$f":"IFERROR(VLOOKUP(C3923,参数!$B:$H,4,0),\"\")","v":""},{"$f":"IFERROR(VLOOKUP(C3923,参数!B:H,3,FALSE),\"\")","v":""},"",1]
[3923,{"$nulls":6},{"$f":"IFERROR(VLOOKUP(C3924,参数!$B:$H,2,0),\"\")","v":""},{"$f":"IFERROR(VLOOKUP(C3924,参数!$B:$H,4,0),\"\")","v":""},{"$f":"IFERROR(VLOOKUP(C3924,参数!B:H,3,FALSE),\"\")","v":""},"",1]
[3924,{"$nulls":6},{"$f":"IFERROR(VLOOKUP(C3925,参数!$B:$H,2,0),\"\")","v":""},{"$f":"IFERROR(VLOOKUP(C3925,参数!$B:$H,4,0),\"\")","v":""},{"$f":"IFERROR(VLOOKUP(C3925,参数!B:H,3,FALSE),\"\")","v":""},"",1]
[3925,{"$nulls":6},{"$f":"IFERROR(VLOOKUP(C3926,参数!$B:$H,2,0),\"\")","v":""},{"$f":"IFERROR(VLOOKUP(C3926,参数!$B:$H,4,0),\"\")","v":""},{"$f":"IFERROR(VLOOKUP(C3926,参数!B:H,3,FALSE),\"\")","v":""},"",1]
[3926,{"$nulls":6},{"$f":"IFERROR(VLOOKUP(C3927,参数!$B:$H,2,0),\"\")","v":""},{"$f":"IFERROR(VLOOKUP(C3927,参数!$B:$H,4,0),\"\")","v":""},{"$f":"IFERROR(VLOOKUP(C3927,参数!B:H,3,FALSE),\"\")","v":""},"",1]
[3927,{"$nulls":6},{"$f":"IFERROR(VLOOKUP(C3928,参数!$B:$H,2,0),\"\")","v":""},{"$f":"IFERROR(VLOOKUP(C3928,参数!$B:$H,4,0),\"\")","v":""},{"$f":"IFERROR(VLOOKUP(C3928,参数!B:H,3,FALSE),\"\")","v":""},"",1]
[3928,{"$nulls":6},{"$f":"IFERROR(VLOOKUP(C3929,参数!$B:$H,2,0),\"\")","v":""},{"$f":"IFERROR(VLOOKUP(C3929,参数!$B:$H,4,0),\"\")","v":""},{"$f":"IFERROR(VLOOKUP(C3929,参数!B:H,3,FALSE),\"\")","v":""},"",1]
[3929,{"$nulls":6},{"$f":"IFERROR(VLOOKUP(C3930,参数!$B:$H,2,0),\"\")","v":""},{"$f":"IFERROR(VLOOKUP(C3930,参数!$B:$H,4,0),\"\")","v":""},{"$f":"IFERROR(VLOOKUP(C3930,参数!B:H,3,FALSE),\"\")","v":""},"",1]
[3930,{"$nulls":6},{"$f":"IFERROR(VLOOKUP(C3931,参数!$B:$H,2,0),\"\")","v":""},{"$f":"IFERROR(VLOOKUP(C3931,参数!$B:$H,4,0),\"\")","v":""},{"$f":"IFERROR(VLOOKUP(C3931,参数!B:H,3,FALSE),\"\")","v":""},"",1]
[3931,{"$nulls":6},{"$f":"IFERROR(VLOOKUP(C3932,参数!$B:$H,2,0),\"\")","v":""},{"$f":"IFERROR(VLOOKUP(C3932,参数!$B:$H,4,0),\"\")","v":""},{"$f":"IFERROR(VLOOKUP(C3932,参数!B:H,3,FALSE),\"\")","v":""},"",1]
[3932,{"$nulls":6},{"$f":"IFERROR(VLOOKUP(C3933,参数!$B:$H,2,0),\"\")","v":""},{"$f":"IFERROR(VLOOKUP(C3933,参数!$B:$H,4,0),\"\")","v":""},{"$f":"IFERROR(VLOOKUP(C3933,参数!B:H,3,FALSE),\"\")","v":""},"",1]
[3933,{"$nulls":6},{"$f":"IFERROR(VLOOKUP(C3934,参数!$B:$H,2,0),\"\")","v":""},{"$f":"IFERROR(VLOOKUP(C3934,参数!$B:$H,4,0),\"\")","v":""},{"$f":"IFERROR(VLOOKUP(C3934,参数!B:H,3,FALSE),\"\")","v":""},"",1]
[3934,{"$nulls":6},{"$f":"IFERROR(VLOOKUP(C3935,参数!$B:$H,2,0),\"\")","v":""},{"$f":"IFERROR(VLOOKUP(C3935,参数!$B:$H,4,0),\"\")","v":""},{"$f":"IFERROR(VLOOKUP(C3935,参数!B:H,3,FALSE),\"\")","v":""},"",1]
[3935,{"$nulls":6},{"$f":"IFERROR(VLOOKUP(C3936,参数!$B:$H,2,0),\"\")","v":""},{"$f":"IFERROR(VLOOKUP(C3936,参数!$B:$H,4,0),\"\")","v":""},{"$f":"IFERROR(VLOOKUP(C3936,参数!B:H,3,FALSE),\"\")","v":""},"",1]
[3936,{"$nulls":6},{"$f":"IFERROR(VLOOKUP(C3937,参数!$B:$H,2,0),\"\")","v":""},{"$f":"IFERROR(VLOOKUP(C3937,参数!$B:$H,4,0),\"\")","v":""},{"$f":"IFERROR(VLOOKUP(C3937,参数!B:H,3,FALSE),\"\")","v":""},"",1]
[3937,{"$nulls":6},{"$f":"IFERROR(VLOOKUP(C3938,参数!$B:$H,2,0),\"\")","v":""},{"$f":"IFERROR(VLOOKUP(C3938,参数!$B:$H,4,0),\"\")","v":""},{"$f":"IFERROR(VLOOKUP(C3938,参数!B:H,3,FALSE),\"\")","v":""},"",1]
[3938,{"$nulls":6},{"$f":"IFERROR(VLOOKUP(C3939,参数!$B:$H,2,0),\"\")","v":""},{"$f":"IFERROR(VLOOKUP(C3939,参数!$B:$H,4,0),\"\")","v":""},{"$f":"IFERROR(VLOOKUP(C3939,参数!B:H,3,FALSE),\"\")","v":""},"",1]
[3939,{"$nulls":6},{"$f":"IFERROR(VLOOKUP(C3940,参数!$B:$H,2,0),\"\")","v":""},{"$f":"IFERROR(VLOOKUP(C3940,参数!$B:$H,4,0),\"\")","v":""},{"$f":"IFERROR(VLOOKUP(C3940,参数!B:H,3,FALSE),\"\")","v":""},"",1]
[3940,{"$nulls":6},{"$f":"IFERROR(VLOOKUP(C3941,参数!$B:$H,2,0),\"\")","v":""},{"$f":"IFERROR(VLOOKUP(C3941,参数!$B:$H,4,0),\"\")","v":""},{"$f":"IFERROR(VLOOKUP(C3941,参数!B:H,3,FALSE),\"\")","v":""},{"$f":"IFERROR(J3941*E3941,\"\")","v":""},1]
[3941,{"$nulls":6},{"$f":"IFERROR(VLOOKUP(C3942,参数!$B:$H,2,0),\"\")","v":""},{"$f":"IFERROR(VLOOKUP(C3942,参数!$B:$H,4,0),\"\")","v":""},{"$f":"IFERROR(VLOOKUP(C3942,参数!B:H,3,FALSE),\"\")","v":""},"",1]
[3942,{"$nulls":6},{"$f":"IFERROR(VLOOKUP(C3943,参数!$B:$H,2,0),\"\")","v":""},{"$f":"IFERROR(VLOOKUP(C3943,参数!$B:$H,4,0),\"\")","v":""},{"$f":"IFERROR(VLOOKUP(C3943,参数!B:H,3,FALSE),\"\")","v":""},"",1]
[3943,{"$nulls":6},{"$f":"IFERROR(VLOOKUP(C3944,参数!$B:$H,2,0),\"\")","v":""},{"$f":"IFERROR(VLOOKUP(C3944,参数!$B:$H,4,0),\"\")","v":""},{"$f":"IFERROR(VLOOKUP(C3944,参数!B:H,3,FALSE),\"\")","v":""},"",1]
[3944,{"$nulls":6},{"$f":"IFERROR(VLOOKUP(C3945,参数!$B:$H,2,0),\"\")","v":""},{"$f":"IFERROR(VLOOKUP(C3945,参数!$B:$H,4,0),\"\")","v":""},{"$f":"IFERROR(VLOOKUP(C3945,参数!B:H,3,FALSE),\"\")","v":""},"",1]
[3945,{"$nulls":6},{"$f":"IFERROR(VLOOKUP(C3946,参数!$B:$H,2,0),\"\")","v":""},{"$f":"IFERROR(VLOOKUP(C3946,参数!$B:$H,4,0),\"\")","v":""},{"$f":"IFERROR(VLOOKUP(C3946,参数!B:H,3,FALSE),\"\")","v":""},"",1]
[3946,{"$nulls":6},{"$f":"IFERROR(VLOOKUP(C3947,参数!$B:$H,2,0),\"\")","v":""},{"$f":"IFERROR(VLOOKUP(C3947,参数!$B:$H,4,0),\"\")","v":""},{"$f":"IFERROR(VLOOKUP(C3947,参数!B:H,3,FALSE),\"\")","v":""},"",1]
[3947,{"$nulls":6},{"$f":"IFERROR(VLOOKUP(C3948,参数!$B:$H,2,0),\"\")","v":""},{"$f":"IFERROR(VLOOKUP(C3948,参数!$B:$H,4,0),\"\")","v":""},{"$f":"IFERROR(VLOOKUP(C3948,参数!B:H,3,FALSE),\"\")","v":""},"",1]
[3948,{"$nulls":6},{"$f":"IFERROR(VLOOKUP(C3949,参数!$B:$H,2,0),\"\")","v":""},{"$f":"IFERROR(VLOOKUP(C3949,参数!$B:$H,4,0),\"\")","v":""},{"$f":"IFERROR(VLOOKUP(C3949,参数!B:H,3,FALSE),\"\")","v":""},"",1]
[3949,{"$nulls":6},{"$f":"IFERROR(VLOOKUP(C3950,参数!$B:$H,2,0),\"\")","v":""},{"$f":"IFERROR(VLOOKUP(C3950,参数!$B:$H,4,0),\"\")","v":""},{"$f":"IFERROR(VLOOKUP(C3950,参数!B:H,3,FALSE),\"\")","v":""},"",1]
[3950,{"$nulls":6},{"$f":"IFERROR(VLOOKUP(C3951,参数!$B:$H,2,0),\"\")","v":""},{"$f":"IFERROR(VLOOKUP(C3951,参数!$B:$H,4,0),\"\")","v":""},{"$f":"IFERROR(VLOOKUP(C3951,参数!B:H,3,FALSE),\"\")","v":""},"",1]
[3951,{"$nulls":6},{"$f":"IFERROR(VLOOKUP(C3952,参数!$B:$H,2,0),\"\")","v":""},{"$f":"IFERROR(VLOOKUP(C3952,参数!$B:$H,4,0),\"\")","v":""},{"$f":"IFERROR(VLOOKUP(C3952,参数!B:H,3,FALSE),\"\")","v":""},"",1]
[3952,{"$nulls":6},{"$f":"IFERROR(VLOOKUP(C3953,参数!$B:$H,2,0),\"\")","v":""},{"$f":"IFERROR(VLOOKUP(C3953,参数!$B:$H,4,0),\"\")","v":""},{"$f":"IFERROR(VLOOKUP(C3953,参数!B:H,3,FALSE),\"\")","v":""},"",1]
[3953,{"$nulls":6},{"$f":"IFERROR(VLOOKUP(C3954,参数!$B:$H,2,0),\"\")","v":""},{"$f":"IFERROR(VLOOKUP(C3954,参数!$B:$H,4,0),\"\")","v":""},{"$f":"IFERROR(VLOOKUP(C3954,参数!B:H,3,FALSE),\"\")","v":""},"",1]
[3954,{"$nulls":6},{"$f":"IFERROR(VLOOKUP(C3955,参数!$B:$H,2,0),\"\")","v":""},{"$f":"IFERROR(VLOOKUP(C3955,参数!$B:$H,4,0),\"\")","v":""},{"$f":"IFERROR(VLOOKUP(C3955,参数!B:H,3,FALSE),\"\")","v":""},"",1]
[3955,{"$nulls":6},{"$f":"IFERROR(VLOOKUP(C3956,参数!$B:$H,2,0),\"\")","v":""},{"$f":"IFERROR(VLOOKUP(C3956,参数!$B:$H,4,0),\"\")","v":""},{"$f":"IFERROR(VLOOKUP(C3956,参数!B:H,3,FALSE),\"\")","v":""},"",1]
[3956,{"$nulls":6},{"$f":"IFERROR(VLOOKUP(C3957,参数!$B:$H,2,0),\"\")","v":""},{"$f":"IFERROR(VLOOKUP(C3957,参数!$B:$H,4,0),\"\")","v":""},{"$f":"IFERROR(VLOOKUP(C3957,参数!B:H,3,FALSE),\"\")","v":""},"",1]
[3957,{"$nulls":6},{"$f":"IFERROR(VLOOKUP(C3958,参数!$B:$H,2,0),\"\")","v":""},{"$f":"IFERROR(VLOOKUP(C3958,参数!$B:$H,4,0),\"\")","v":""},{"$f":"IFERROR(VLOOKUP(C3958,参数!B:H,3,FALSE),\"\")","v":""},"",1]
[3958,{"$nulls":6},{"$f":"IFERROR(VLOOKUP(C3959,参数!$B:$H,2,0),\"\")","v":""},{"$f":"IFERROR(VLOOKUP(C3959,参数!$B:$H,4,0),\"\")","v":""},{"$f":"IFERROR(VLOOKUP(C3959,参数!B:H,3,FALSE),\"\")","v":""},"",1]
[3959,{"$nulls":6},{"$f":"IFERROR(VLOOKUP(C3960,参数!$B:$H,2,0),\"\")","v":""},{"$f":"IFERROR(VLOOKUP(C3960,参数!$B:$H,4,0),\"\")","v":""},{"$f":"IFERROR(VLOOKUP(C3960,参数!B:H,3,FALSE),\"\")","v":""},"",1]
[3960,{"$nulls":6},{"$f":"IFERROR(VLOOKUP(C3961,参数!$B:$H,2,0),\"\")","v":""},{"$f":"IFERROR(VLOOKUP(C3961,参数!$B:$H,4,0),\"\")","v":""},{"$f":"IFERROR(VLOOKUP(C3961,参数!B:H,3,FALSE),\"\")","v":""},"",1]
[3961,{"$nulls":6},{"$f":"IFERROR(VLOOKUP(C3962,参数!$B:$H,2,0),\"\")","v":""},{"$f":"IFERROR(VLOOKUP(C3962,参数!$B:$H,4,0),\"\")","v":""},{"$f":"IFERROR(VLOOKUP(C3962,参数!B:H,3,FALSE),\"\")","v":""},"",1]
[3962,{"$nulls":6},{"$f":"IFERROR(VLOOKUP(C3963,参数!$B:$H,2,0),\"\")","v":""},{"$f":"IFERROR(VLOOKUP(C3963,参数!$B:$H,4,0),\"\")","v":""},{"$f":"IFERROR(VLOOKUP(C3963,参数!B:H,3,FALSE),\"\")","v":""},"",1]
[3963,{"$nulls":6},{"$f":"IFERROR(VLOOKUP(C3964,参数!$B:$H,2,0),\"\")","v":""},{"$f":"IFERROR(VLOOKUP(C3964,参数!$B:$H,4,0),\"\")","v":""},{"$f":"IFERROR(VLOOKUP(C3964,参数!B:H,3,FALSE),\"\")","v":""},"",1]
[3964,{"$nulls":6},{"$f":"IFERROR(VLOOKUP(C3965,参数!$B:$H,2,0),\"\")","v":""},{"$f":"IFERROR(VLOOKUP(C3965,参数!$B:$H,4,0),\"\")","v":""},{"$f":"IFERROR(VLOOKUP(C3965,参数!B:H,3,FALSE),\"\")","v":""},"",1]
[3965,{"$nulls":6},{"$f":"IFERROR(VLOOKUP(C3966,参数!$B:$H,2,0),\"\")","v":""},{"$f":"IFERROR(VLOOKUP(C3966,参数!$B:$H,4,0),\"\")","v":""},{"$f":"IFERROR(VLOOKUP(C3966,参数!B:H,3,FALSE),\"\")","v":""},"",1]
[3966,{"$nulls":6},{"$f":"IFERROR(VLOOKUP(C3967,参数!$B:$H,2,0),\"\")","v":""},{"$f":"IFERROR(VLOOKUP(C3967,参数!$B:$H,4,0),\"\")","v":""},{"$f":"IFERROR(VLOOKUP(C3967,参数!B:H,3,FALSE),\"\")","v":""},"",1]
[3967,{"$nulls":6},{"$f":"IFERROR(VLOOKUP(C3968,参数!$B:$H,2,0),\"\")","v":""},{"$f":"IFERROR(VLOOKUP(C3968,参数!$B:$H,4,0),\"\")","v":""},{"$f":"IFERROR(VLOOKUP(C3968,参数!B:H,3,FALSE),\"\")","v":""},"",1]
[3968,{"$nulls":6},{"$f":"IFERROR(VLOOKUP(C3969,参数!$B:$H,2,0),\"\")","v":""},{"$f":"IFERROR(VLOOKUP(C3969,参数!$B:$H,4,0),\"\")","v":""},{"$f":"IFERROR(VLOOKUP(C3969,参数!B:H,3,FALSE),\"\")","v":""},"",1]
[3969,{"$nulls":6},{"$f":"IFERROR(VLOOKUP(C3970,参数!$B:$H,2,0),\"\")","v":""},{"$f":"IFERROR(VLOOKUP(C3970,参数!$B:$H,4,0),\"\")","v":""},{"$f":"IFERROR(VLOOKUP(C3970,参数!B:H,3,FALSE),\"\")","v":""},"",{"$f":"VALUE(MONTH(B3970))","v":1}]
[3970,{"$nulls":6},{"$f":"IFERROR(VLOOKUP(C3971,参数!$B:$H,2,0),\"\")","v":""},{"$f":"IFERROR(VLOOKUP(C3971,参数!$B:$H,4,0),\"\")","v":""},{"$f":"IFERROR(VLOOKUP(C3971,参数!B:H,3,FALSE),\"\")","v":""},"",1]
[3971,{"$nulls":6},{"$f":"IFERROR(VLOOKUP(C3972,参数!$B:$H,2,0),\"\")","v":""},{"$f":"IFERROR(VLOOKUP(C3972,参数!$B:$H,4,0),\"\")","v":""},{"$f":"IFERROR(VLOOKUP(C3972,参数!B:H,3,FALSE),\"\")","v":""},"",1]
[3972,{"$nulls":6},{"$f":"IFERROR(VLOOKUP(C3973,参数!$B:$H,2,0),\"\")","v":""},{"$f":"IFERROR(VLOOKUP(C3973,参数!$B:$H,4,0),\"\")","v":""},{"$f":"IFERROR(VLOOKUP(C3973,参数!B:H,3,FALSE),\"\")","v":""},"",1]
[3973,{"$nulls":6},{"$f":"IFERROR(VLOOKUP(C3974,参数!$B:$H,2,0),\"\")","v":""},{"$f":"IFERROR(VLOOKUP(C3974,参数!$B:$H,4,0),\"\")","v":""},{"$f":"IFERROR(VLOOKUP(C3974,参数!B:H,3,FALSE),\"\")","v":""},"",1]
[3974,{"$nulls":6},{"$f":"IFERROR(VLOOKUP(C3975,参数!$B:$H,2,0),\"\")","v":""},{"$f":"IFERROR(VLOOKUP(C3975,参数!$B:$H,4,0),\"\")","v":""},{"$f":"IFERROR(VLOOKUP(C3975,参数!B:H,3,FALSE),\"\")","v":""},"",1]
[3975,{"$nulls":6},{"$f":"IFERROR(VLOOKUP(C3976,参数!$B:$H,2,0),\"\")","v":""},{"$f":"IFERROR(VLOOKUP(C3976,参数!$B:$H,4,0),\"\")","v":""},{"$f":"IFERROR(VLOOKUP(C3976,参数!B:H,3,FALSE),\"\")","v":""},"",1]
[3976,{"$nulls":6},{"$f":"IFERROR(VLOOKUP(C3977,参数!$B:$H,2,0),\"\")","v":""},{"$f":"IFERROR(VLOOKUP(C3977,参数!$B:$H,4,0),\"\")","v":""},{"$f":"IFERROR(VLOOKUP(C3977,参数!B:H,3,FALSE),\"\")","v":""},"",1]
[3977,{"$nulls":6},{"$f":"IFERROR(VLOOKUP(C3978,参数!$B:$H,2,0),\"\")","v":""},{"$f":"IFERROR(VLOOKUP(C3978,参数!$B:$H,4,0),\"\")","v":""},{"$f":"IFERROR(VLOOKUP(C3978,参数!B:H,3,FALSE),\"\")","v":""},"",1]
[3978,{"$nulls":6},{"$f":"IFERROR(VLOOKUP(C3979,参数!$B:$H,2,0),\"\")","v":""},{"$f":"IFERROR(VLOOKUP(C3979,参数!$B:$H,4,0),\"\")","v":""},{"$f":"IFERROR(VLOOKUP(C3979,参数!B:H,3,FALSE),\"\")","v":""},"",1]
[3979,{"$nulls":6},{"$f":"IFERROR(VLOOKUP(C3980,参数!$B:$H,2,0),\"\")","v":""},{"$f":"IFERROR(VLOOKUP(C3980,参数!$B:$H,4,0),\"\")","v":""},{"$f":"IFERROR(VLOOKUP(C3980,参数!B:H,3,FALSE),\"\")","v":""},"",1]
[3980,{"$nulls":6},{"$f":"IFERROR(VLOOKUP(C3981,参数!$B:$H,2,0),\"\")","v":""},{"$f":"IFERROR(VLOOKUP(C3981,参数!$B:$H,4,0),\"\")","v":""},{"$f":"IFERROR(VLOOKUP(C3981,参数!B:H,3,FALSE),\"\")","v":""},"",1]
[3981,{"$nulls":6},{"$f":"IFERROR(VLOOKUP(C3982,参数!$B:$H,2,0),\"\")","v":""},{"$f":"IFERROR(VLOOKUP(C3982,参数!$B:$H,4,0),\"\")","v":""},{"$f":"IFERROR(VLOOKUP(C3982,参数!B:H,3,FALSE),\"\")","v":""},"",1]
[3982,{"$nulls":6},{"$f":"IFERROR(VLOOKUP(C3983,参数!$B:$H,2,0),\"\")","v":""},{"$f":"IFERROR(VLOOKUP(C3983,参数!$B:$H,4,0),\"\")","v":""},{"$f":"IFERROR(VLOOKUP(C3983,参数!B:H,3,FALSE),\"\")","v":""},"",1]
[3983,{"$nulls":6},{"$f":"IFERROR(VLOOKUP(C3984,参数!$B:$H,2,0),\"\")","v":""},{"$f":"IFERROR(VLOOKUP(C3984,参数!$B:$H,4,0),\"\")","v":""},{"$f":"IFERROR(VLOOKUP(C3984,参数!B:H,3,FALSE),\"\")","v":""},"",1]
[3984,{"$nulls":6},{"$f":"IFERROR(VLOOKUP(C3985,参数!$B:$H,2,0),\"\")","v":""},{"$f":"IFERROR(VLOOKUP(C3985,参数!$B:$H,4,0),\"\")","v":""},{"$f":"IFERROR(VLOOKUP(C3985,参数!B:H,3,FALSE),\"\")","v":""},"",1]
[3985,{"$nulls":6},{"$f":"IFERROR(VLOOKUP(C3986,参数!$B:$H,2,0),\"\")","v":""},{"$f":"IFERROR(VLOOKUP(C3986,参数!$B:$H,4,0),\"\")","v":""},{"$f":"IFERROR(VLOOKUP(C3986,参数!B:H,3,FALSE),\"\")","v":""},"",1]
[3986,{"$nulls":6},{"$f":"IFERROR(VLOOKUP(C3987,参数!$B:$H,2,0),\"\")","v":""},{"$f":"IFERROR(VLOOKUP(C3987,参数!$B:$H,4,0),\"\")","v":""},{"$f":"IFERROR(VLOOKUP(C3987,参数!B:H,3,FALSE),\"\")","v":""},"",1]
[3987,{"$nulls":6},{"$f":"IFERROR(VLOOKUP(C3988,参数!$B:$H,2,0),\"\")","v":""},{"$f":"IFERROR(VLOOKUP(C3988,参数!$B:$H,4,0),\"\")","v":""},{"$f":"IFERROR(VLOOKUP(C3988,参数!B:H,3,FALSE),\"\")","v":""},"",1]
[3988,{"$nulls":6},{"$f":"IFERROR(VLOOKUP(C3989,参数!$B:$H,2,0),\"\")","v":""},{"$f":"IFERROR(VLOOKUP(C3989,参数!$B:$H,4,0),\"\")","v":""},{"$f":"IFERROR(VLOOKUP(C3989,参数!B:H,3,FALSE),\"\")","v":""},"",1]
[3989,{"$nulls":6},{"$f":"IFERROR(VLOOKUP(C3990,参数!$B:$H,2,0),\"\")","v":""},{"$f":"IFERROR(VLOOKUP(C3990,参数!$B:$H,4,0),\"\")","v":""},{"$f":"IFERROR(VLOOKUP(C3990,参数!B:H,3,FALSE),\"\")","v":""},"",1]
[3990,{"$nulls":6},{"$f":"IFERROR(VLOOKUP(C3991,参数!$B:$H,2,0),\"\")","v":""},{"$f":"IFERROR(VLOOKUP(C3991,参数!$B:$H,4,0),\"\")","v":""},{"$f":"IFERROR(VLOOKUP(C3991,参数!B:H,3,FALSE),\"\")","v":""},"",1]
[3991,{"$nulls":6},{"$f":"IFERROR(VLOOKUP(C3992,参数!$B:$H,2,0),\"\")","v":""},{"$f":"IFERROR(VLOOKUP(C3992,参数!$B:$H,4,0),\"\")","v":""},{"$f":"IFERROR(VLOOKUP(C3992,参数!B:H,3,FALSE),\"\")","v":""},"",1]
[3992,{"$nulls":6},{"$f":"IFERROR(VLOOKUP(C3993,参数!$B:$H,2,0),\"\")","v":""},{"$f":"IFERROR(VLOOKUP(C3993,参数!$B:$H,4,0),\"\")","v":""},{"$f":"IFERROR(VLOOKUP(C3993,参数!B:H,3,FALSE),\"\")","v":""},"",1]
[3993,{"$nulls":6},{"$f":"IFERROR(VLOOKUP(C3994,参数!$B:$H,2,0),\"\")","v":""},{"$f":"IFERROR(VLOOKUP(C3994,参数!$B:$H,4,0),\"\")","v":""},{"$f":"IFERROR(VLOOKUP(C3994,参数!B:H,3,FALSE),\"\")","v":""},"",1]
[3994,{"$nulls":6},{"$f":"IFERROR(VLOOKUP(C3995,参数!$B:$H,2,0),\"\")","v":""},{"$f":"IFERROR(VLOOKUP(C3995,参数!$B:$H,4,0),\"\")","v":""},{"$f":"IFERROR(VLOOKUP(C3995,参数!B:H,3,FALSE),\"\")","v":""},"",1]
[3995,{"$nulls":6},{"$f":"IFERROR(VLOOKUP(C3996,参数!$B:$H,2,0),\"\")","v":""},{"$f":"IFERROR(VLOOKUP(C3996,参数!$B:$H,4,0),\"\")","v":""},{"$f":"IFERROR(VLOOKUP(C3996,参数!B:H,3,FALSE),\"\")","v":""},"",1]
[3996,{"$nulls":6},{"$f":"IFERROR(VLOOKUP(C3997,参数!$B:$H,2,0),\"\")","v":""},{"$f":"IFERROR(VLOOKUP(C3997,参数!$B:$H,4,0),\"\")","v":""},{"$f":"IFERROR(VLOOKUP(C3997,参数!B:H,3,FALSE),\"\")","v":""},"",1]
[3997,{"$nulls":6},{"$f":"IFERROR(VLOOKUP(C3998,参数!$B:$H,2,0),\"\")","v":""},{"$f":"IFERROR(VLOOKUP(C3998,参数!$B:$H,4,0),\"\")","v":""},{"$f":"IFERROR(VLOOKUP(C3998,参数!B:H,3,FALSE),\"\")","v":""},"",1]
[3998,{"$nulls":6},{"$f":"IFERROR(VLOOKUP(C3999,参数!$B:$H,2,0),\"\")","v":""},{"$f":"IFERROR(VLOOKUP(C3999,参数!$B:$H,4,0),\"\")","v":""},{"$f":"IFERROR(VLOOKUP(C3999,参数!B:H,3,FALSE),\"\")","v":""},"",1]
[3999,{"$nulls":6},{"$f":"IFERROR(VLOOKUP(C4000,参数!$B:$H,2,0),\"\")","v":""},{"$f":"IFERROR(VLOOKUP(C4000,参数!$B:$H,4,0),\"\")","v":""},{"$f":"IFERROR(VLOOKUP(C4000,参数!B:H,3,FALSE),\"\")","v":""},"",1]
[4000,{"$nulls":6},{"$f":"IFERROR(VLOOKUP(C4001,参数!$B:$H,2,0),\"\")","v":""},{"$f":"IFERROR(VLOOKUP(C4001,参数!$B:$H,4,0),\"\")","v":""},{"$f":"IFERROR(VLOOKUP(C4001,参数!B:H,3,FALSE),\"\")","v":""},"",1]
[4001,{"$nulls":6},{"$f":"IFERROR(VLOOKUP(C4002,参数!$B:$H,2,0),\"\")","v":""},{"$f":"IFERROR(VLOOKUP(C4002,参数!$B:$H,4,0),\"\")","v":""},{"$f":"IFERROR(VLOOKUP(C4002,参数!B:H,3,FALSE),\"\")","v":""},"",1]
[4002,{"$nulls":6},{"$f":"IFERROR(VLOOKUP(C4003,参数!$B:$H,2,0),\"\")","v":""},{"$f":"IFERROR(VLOOKUP(C4003,参数!$B:$H,4,0),\"\")","v":""},{"$f":"IFERROR(VLOOKUP(C4003,参数!B:H,3,FALSE),\"\")","v":""},"",1]
[4003,{"$nulls":6},{"$f":"IFERROR(VLOOKUP(C4004,参数!$B:$H,2,0),\"\")","v":""},{"$f":"IFERROR(VLOOKUP(C4004,参数!$B:$H,4,0),\"\")","v":""},{"$f":"IFERROR(VLOOKUP(C4004,参数!B:H,3,FALSE),\"\")","v":""},"",1]
[4004,{"$nulls":6},{"$f":"IFERROR(VLOOKUP(C4005,参数!$B:$H,2,0),\"\")","v":""},{"$f":"IFERROR(VLOOKUP(C4005,参数!$B:$H,4,0),\"\")","v":""},{"$f":"IFERROR(VLOOKUP(C4005,参数!B:H,3,FALSE),\"\")","v":""},{"$f":"IFERROR(J4005*E4005,\"\")","v":""},1]
[4005,{"$nulls":6},{"$f":"IFERROR(VLOOKUP(C4006,参数!$B:$H,2,0),\"\")","v":""},{"$f":"IFERROR(VLOOKUP(C4006,参数!$B:$H,4,0),\"\")","v":""},{"$f":"IFERROR(VLOOKUP(C4006,参数!B:H,3,FALSE),\"\")","v":""},"",1]
[4006,{"$nulls":6},{"$f":"IFERROR(VLOOKUP(C4007,参数!$B:$H,2,0),\"\")","v":""},{"$f":"IFERROR(VLOOKUP(C4007,参数!$B:$H,4,0),\"\")","v":""},{"$f":"IFERROR(VLOOKUP(C4007,参数!B:H,3,FALSE),\"\")","v":""},"",1]
[4007,{"$nulls":6},{"$f":"IFERROR(VLOOKUP(C4008,参数!$B:$H,2,0),\"\")","v":""},{"$f":"IFERROR(VLOOKUP(C4008,参数!$B:$H,4,0),\"\")","v":""},{"$f":"IFERROR(VLOOKUP(C4008,参数!B:H,3,FALSE),\"\")","v":""},"",1]
[4008,{"$nulls":6},{"$f":"IFERROR(VLOOKUP(C4009,参数!$B:$H,2,0),\"\")","v":""},{"$f":"IFERROR(VLOOKUP(C4009,参数!$B:$H,4,0),\"\")","v":""},{"$f":"IFERROR(VLOOKUP(C4009,参数!B:H,3,FALSE),\"\")","v":""},"",1]
[4009,{"$nulls":6},{"$f":"IFERROR(VLOOKUP(C4010,参数!$B:$H,2,0),\"\")","v":""},{"$f":"IFERROR(VLOOKUP(C4010,参数!$B:$H,4,0),\"\")","v":""},{"$f":"IFERROR(VLOOKUP(C4010,参数!B:H,3,FALSE),\"\")","v":""},"",1]
[4010,{"$nulls":6},{"$f":"IFERROR(VLOOKUP(C4011,参数!$B:$H,2,0),\"\")","v":""},{"$f":"IFERROR(VLOOKUP(C4011,参数!$B:$H,4,0),\"\")","v":""},{"$f":"IFERROR(VLOOKUP(C4011,参数!B:H,3,FALSE),\"\")","v":""},"",1]
[4011,{"$nulls":6},{"$f":"IFERROR(VLOOKUP(C4012,参数!$B:$H,2,0),\"\")","v":""},{"$f":"IFERROR(VLOOKUP(C4012,参数!$B:$H,4,0),\"\")","v":""},{"$f":"IFERROR(VLOOKUP(C4012,参数!B:H,3,FALSE),\"\")","v":""},"",1]
[4012,{"$nulls":6},{"$f":"IFERROR(VLOOKUP(C4013,参数!$B:$H,2,0),\"\")","v":""},{"$f":"IFERROR(VLOOKUP(C4013,参数!$B:$H,4,0),\"\")","v":""},{"$f":"IFERROR(VLOOKUP(C4013,参数!B:H,3,FALSE),\"\")","v":""},"",1]
[4013,{"$nulls":6},{"$f":"IFERROR(VLOOKUP(C4014,参数!$B:$H,2,0),\"\")","v":""},{"$f":"IFERROR(VLOOKUP(C4014,参数!$B:$H,4,0),\"\")","v":""},{"$f":"IFERROR(VLOOKUP(C4014,参数!B:H,3,FALSE),\"\")","v":""},"",1]
[4014,{"$nulls":6},{"$f":"IFERROR(VLOOKUP(C4015,参数!$B:$H,2,0),\"\")","v":""},{"$f":"IFERROR(VLOOKUP(C4015,参数!$B:$H,4,0),\"\")","v":""},{"$f":"IFERROR(VLOOKUP(C4015,参数!B:H,3,FALSE),\"\")","v":""},"",1]
[4015,{"$nulls":6},{"$f":"IFERROR(VLOOKUP(C4016,参数!$B:$H,2,0),\"\")","v":""},{"$f":"IFERROR(VLOOKUP(C4016,参数!$B:$H,4,0),\"\")","v":""},{"$f":"IFERROR(VLOOKUP(C4016,参数!B:H,3,FALSE),\"\")","v":""},"",1]
[4016,{"$nulls":6},{"$f":"IFERROR(VLOOKUP(C4017,参数!$B:$H,2,0),\"\")","v":""},{"$f":"IFERROR(VLOOKUP(C4017,参数!$B:$H,4,0),\"\")","v":""},{"$f":"IFERROR(VLOOKUP(C4017,参数!B:H,3,FALSE),\"\")","v":""},"",1]
[4017,{"$nulls":6},{"$f":"IFERROR(VLOOKUP(C4018,参数!$B:$H,2,0),\"\")","v":""},{"$f":"IFERROR(VLOOKUP(C4018,参数!$B:$H,4,0),\"\")","v":""},{"$f":"IFERROR(VLOOKUP(C4018,参数!B:H,3,FALSE),\"\")","v":""},"",1]
[4018,{"$nulls":6},{"$f":"IFERROR(VLOOKUP(C4019,参数!$B:$H,2,0),\"\")","v":""},{"$f":"IFERROR(VLOOKUP(C4019,参数!$B:$H,4,0),\"\")","v":""},{"$f":"IFERROR(VLOOKUP(C4019,参数!B:H,3,FALSE),\"\")","v":""},"",1]
[4019,{"$nulls":6},{"$f":"IFERROR(VLOOKUP(C4020,参数!$B:$H,2,0),\"\")","v":""},{"$f":"IFERROR(VLOOKUP(C4020,参数!$B:$H,4,0),\"\")","v":""},{"$f":"IFERROR(VLOOKUP(C4020,参数!B:H,3,FALSE),\"\")","v":""},"",1]
[4020,{"$nulls":6},{"$f":"IFERROR(VLOOKUP(C4021,参数!$B:$H,2,0),\"\")","v":""},{"$f":"IFERROR(VLOOKUP(C4021,参数!$B:$H,4,0),\"\")","v":""},{"$f":"IFERROR(VLOOKUP(C4021,参数!B:H,3,FALSE),\"\")","v":""},"",1]
[4021,{"$nulls":6},{"$f":"IFERROR(VLOOKUP(C4022,参数!$B:$H,2,0),\"\")","v":""},{"$f":"IFERROR(VLOOKUP(C4022,参数!$B:$H,4,0),\"\")","v":""},{"$f":"IFERROR(VLOOKUP(C4022,参数!B:H,3,FALSE),\"\")","v":""},"",1]
[4022,{"$nulls":6},{"$f":"IFERROR(VLOOKUP(C4023,参数!$B:$H,2,0),\"\")","v":""},{"$f":"IFERROR(VLOOKUP(C4023,参数!$B:$H,4,0),\"\")","v":""},{"$f":"IFERROR(VLOOKUP(C4023,参数!B:H,3,FALSE),\"\")","v":""},"",1]
[4023,{"$nulls":6},{"$f":"IFERROR(VLOOKUP(C4024,参数!$B:$H,2,0),\"\")","v":""},{"$f":"IFERROR(VLOOKUP(C4024,参数!$B:$H,4,0),\"\")","v":""},{"$f":"IFERROR(VLOOKUP(C4024,参数!B:H,3,FALSE),\"\")","v":""},"",1]
[4024,{"$nulls":6},{"$f":"IFERROR(VLOOKUP(C4025,参数!$B:$H,2,0),\"\")","v":""},{"$f":"IFERROR(VLOOKUP(C4025,参数!$B:$H,4,0),\"\")","v":""},{"$f":"IFERROR(VLOOKUP(C4025,参数!B:H,3,FALSE),\"\")","v":""},"",1]
[4025,{"$nulls":6},{"$f":"IFERROR(VLOOKUP(C4026,参数!$B:$H,2,0),\"\")","v":""},{"$f":"IFERROR(VLOOKUP(C4026,参数!$B:$H,4,0),\"\")","v":""},{"$f":"IFERROR(VLOOKUP(C4026,参数!B:H,3,FALSE),\"\")","v":""},"",1]
[4026,{"$nulls":6},{"$f":"IFERROR(VLOOKUP(C4027,参数!$B:$H,2,0),\"\")","v":""},{"$f":"IFERROR(VLOOKUP(C4027,参数!$B:$H,4,0),\"\")","v":""},{"$f":"IFERROR(VLOOKUP(C4027,参数!B:H,3,FALSE),\"\")","v":""},"",1]
[4027,{"$nulls":6},{"$f":"IFERROR(VLOOKUP(C4028,参数!$B:$H,2,0),\"\")","v":""},{"$f":"IFERROR(VLOOKUP(C4028,参数!$B:$H,4,0),\"\")","v":""},{"$f":"IFERROR(VLOOKUP(C4028,参数!B:H,3,FALSE),\"\")","v":""},"",1]
[4028,{"$nulls":6},{"$f":"IFERROR(VLOOKUP(C4029,参数!$B:$H,2,0),\"\")","v":""},{"$f":"IFERROR(VLOOKUP(C4029,参数!$B:$H,4,0),\"\")","v":""},{"$f":"IFERROR(VLOOKUP(C4029,参数!B:H,3,FALSE),\"\")","v":""},"",1]
[4029,{"$nulls":6},{"$f":"IFERROR(VLOOKUP(C4030,参数!$B:$H,2,0),\"\")","v":""},{"$f":"IFERROR(VLOOKUP(C4030,参数!$B:$H,4,0),\"\")","v":""},{"$f":"IFERROR(VLOOKUP(C4030,参数!B:H,3,FALSE),\"\")","v":""},"",1]
[4030,{"$nulls":6},{"$f":"IFERROR(VLOOKUP(C4031,参数!$B:$H,2,0),\"\")","v":""},{"$f":"IFERROR(VLOOKUP(C4031,参数!$B:$H,4,0),\"\")","v":""},{"$f":"IFERROR(VLOOKUP(C4031,参数!B:H,3,FALSE),\"\")","v":""},"",1]
[4031,{"$nulls":6},{"$f":"IFERROR(VLOOKUP(C4032,参数!$B:$H,2,0),\"\")","v":""},{"$f":"IFERROR(VLOOKUP(C4032,参数!$B:$H,4,0),\"\")","v":""},{"$f":"IFERROR(VLOOKUP(C4032,参数!B:H,3,FALSE),\"\")","v":""},"",1]
[4032,{"$nulls":6},{"$f":"IFERROR(VLOOKUP(C4033,参数!$B:$H,2,0),\"\")","v":""},{"$f":"IFERROR(VLOOKUP(C4033,参数!$B:$H,4,0),\"\")","v":""},{"$f":"IFERROR(VLOOKUP(C4033,参数!B:H,3,FALSE),\"\")","v":""},"",1]
[4033,{"$nulls":6},{"$f":"IFERROR(VLOOKUP(C4034,参数!$B:$H,2,0),\"\")","v":""},{"$f":"IFERROR(VLOOKUP(C4034,参数!$B:$H,4,0),\"\")","v":""},{"$f":"IFERROR(VLOOKUP(C4034,参数!B:H,3,FALSE),\"\")","v":""},"",{"$f":"VALUE(MONTH(B4034))","v":1}]
[4034,{"$nulls":6},{"$f":"IFERROR(VLOOKUP(C4035,参数!$B:$H,2,0),\"\")","v":""},{"$f":"IFERROR(VLOOKUP(C4035,参数!$B:$H,4,0),\"\")","v":""},{"$f":"IFERROR(VLOOKUP(C4035,参数!B:H,3,FALSE),\"\")","v":""},"",1]
[4035,{"$nulls":6},{"$f":"IFERROR(VLOOKUP(C4036,参数!$B:$H,2,0),\"\")","v":""},{"$f":"IFERROR(VLOOKUP(C4036,参数!$B:$H,4,0),\"\")","v":""},{"$f":"IFERROR(VLOOKUP(C4036,参数!B:H,3,FALSE),\"\")","v":""},"",1]
[4036,{"$nulls":6},{"$f":"IFERROR(VLOOKUP(C4037,参数!$B:$H,2,0),\"\")","v":""},{"$f":"IFERROR(VLOOKUP(C4037,参数!$B:$H,4,0),\"\")","v":""},{"$f":"IFERROR(VLOOKUP(C4037,参数!B:H,3,FALSE),\"\")","v":""},"",1]
[4037,{"$nulls":6},{"$f":"IFERROR(VLOOKUP(C4038,参数!$B:$H,2,0),\"\")","v":""},{"$f":"IFERROR(VLOOKUP(C4038,参数!$B:$H,4,0),\"\")","v":""},{"$f":"IFERROR(VLOOKUP(C4038,参数!B:H,3,FALSE),\"\")","v":""},"",1]
[4038,{"$nulls":6},{"$f":"IFERROR(VLOOKUP(C4039,参数!$B:$H,2,0),\"\")","v":""},{"$f":"IFERROR(VLOOKUP(C4039,参数!$B:$H,4,0),\"\")","v":""},{"$f":"IFERROR(VLOOKUP(C4039,参数!B:H,3,FALSE),\"\")","v":""},"",1]
[4039,{"$nulls":6},{"$f":"IFERROR(VLOOKUP(C4040,参数!$B:$H,2,0),\"\")","v":""},{"$f":"IFERROR(VLOOKUP(C4040,参数!$B:$H,4,0),\"\")","v":""},{"$f":"IFERROR(VLOOKUP(C4040,参数!B:H,3,FALSE),\"\")","v":""},"",1]
[4040,{"$nulls":6},{"$f":"IFERROR(VLOOKUP(C4041,参数!$B:$H,2,0),\"\")","v":""},{"$f":"IFERROR(VLOOKUP(C4041,参数!$B:$H,4,0),\"\")","v":""},{"$f":"IFERROR(VLOOKUP(C4041,参数!B:H,3,FALSE),\"\")","v":""},"",1]
[4041,{"$nulls":6},{"$f":"IFERROR(VLOOKUP(C4042,参数!$B:$H,2,0),\"\")","v":""},{"$f":"IFERROR(VLOOKUP(C4042,参数!$B:$H,4,0),\"\")","v":""},{"$f":"IFERROR(VLOOKUP(C4042,参数!B:H,3,FALSE),\"\")","v":""},"",1]
[4042,{"$nulls":6},{"$f":"IFERROR(VLOOKUP(C4043,参数!$B:$H,2,0),\"\")","v":""},{"$f":"IFERROR(VLOOKUP(C4043,参数!$B:$H,4,0),\"\")","v":""},{"$f":"IFERROR(VLOOKUP(C4043,参数!B:H,3,FALSE),\"\")","v":""},"",1]
[4043,{"$nulls":6},{"$f":"IFERROR(VLOOKUP(C4044,参数!$B:$H,2,0),\"\")","v":""},{"$f":"IFERROR(VLOOKUP(C4044,参数!$B:$H,4,0),\"\")","v":""},{"$f":"IFERROR(VLOOKUP(C4044,参数!B:H,3,FALSE),\"\")","v":""},"",1]
[4044,{"$nulls":6},{"$f":"IFERROR(VLOOKUP(C4045,参数!$B:$H,2,0),\"\")","v":""},{"$f":"IFERROR(VLOOKUP(C4045,参数!$B:$H,4,0),\"\")","v":""},{"$f":"IFERROR(VLOOKUP(C4045,参数!B:H,3,FALSE),\"\")","v":""},"",1]
[4045,{"$nulls":6},{"$f":"IFERROR(VLOOKUP(C4046,参数!$B:$H,2,0),\"\")","v":""},{"$f":"IFERROR(VLOOKUP(C4046,参数!$B:$H,4,0),\"\")","v":""},{"$f":"IFERROR(VLOOKUP(C4046,参数!B:H,3,FALSE),\"\")","v":""},"",1]
[4046,{"$nulls":6},{"$f":"IFERROR(VLOOKUP(C4047,参数!$B:$H,2,0),\"\")","v":""},{"$f":"IFERROR(VLOOKUP(C4047,参数!$B:$H,4,0),\"\")","v":""},{"$f":"IFERROR(VLOOKUP(C4047,参数!B:H,3,FALSE),\"\")","v":""},"",1]
[4047,{"$nulls":6},{"$f":"IFERROR(VLOOKUP(C4048,参数!$B:$H,2,0),\"\")","v":""},{"$f":"IFERROR(VLOOKUP(C4048,参数!$B:$H,4,0),\"\")","v":""},{"$f":"IFERROR(VLOOKUP(C4048,参数!B:H,3,FALSE),\"\")","v":""},"",1]
[4048,{"$nulls":6},{"$f":"IFERROR(VLOOKUP(C4049,参数!$B:$H,2,0),\"\")","v":""},{"$f":"IFERROR(VLOOKUP(C4049,参数!$B:$H,4,0),\"\")","v":""},{"$f":"IFERROR(VLOOKUP(C4049,参数!B:H,3,FALSE),\"\")","v":""},"",1]
[4049,{"$nulls":6},{"$f":"IFERROR(VLOOKUP(C4050,参数!$B:$H,2,0),\"\")","v":""},{"$f":"IFERROR(VLOOKUP(C4050,参数!$B:$H,4,0),\"\")","v":""},{"$f":"IFERROR(VLOOKUP(C4050,参数!B:H,3,FALSE),\"\")","v":""},"",1]
[4050,{"$nulls":6},{"$f":"IFERROR(VLOOKUP(C4051,参数!$B:$H,2,0),\"\")","v":""},{"$f":"IFERROR(VLOOKUP(C4051,参数!$B:$H,4,0),\"\")","v":""},{"$f":"IFERROR(VLOOKUP(C4051,参数!B:H,3,FALSE),\"\")","v":""},"",1]
[4051,{"$nulls":6},{"$f":"IFERROR(VLOOKUP(C4052,参数!$B:$H,2,0),\"\")","v":""},{"$f":"IFERROR(VLOOKUP(C4052,参数!$B:$H,4,0),\"\")","v":""},{"$f":"IFERROR(VLOOKUP(C4052,参数!B:H,3,FALSE),\"\")","v":""},"",1]
[4052,{"$nulls":6},{"$f":"IFERROR(VLOOKUP(C4053,参数!$B:$H,2,0),\"\")","v":""},{"$f":"IFERROR(VLOOKUP(C4053,参数!$B:$H,4,0),\"\")","v":""},{"$f":"IFERROR(VLOOKUP(C4053,参数!B:H,3,FALSE),\"\")","v":""},"",1]
[4053,{"$nulls":6},{"$f":"IFERROR(VLOOKUP(C4054,参数!$B:$H,2,0),\"\")","v":""},{"$f":"IFERROR(VLOOKUP(C4054,参数!$B:$H,4,0),\"\")","v":""},{"$f":"IFERROR(VLOOKUP(C4054,参数!B:H,3,FALSE),\"\")","v":""},"",1]
[4054,{"$nulls":6},{"$f":"IFERROR(VLOOKUP(C4055,参数!$B:$H,2,0),\"\")","v":""},{"$f":"IFERROR(VLOOKUP(C4055,参数!$B:$H,4,0),\"\")","v":""},{"$f":"IFERROR(VLOOKUP(C4055,参数!B:H,3,FALSE),\"\")","v":""},"",1]
[4055,{"$nulls":6},{"$f":"IFERROR(VLOOKUP(C4056,参数!$B:$H,2,0),\"\")","v":""},{"$f":"IFERROR(VLOOKUP(C4056,参数!$B:$H,4,0),\"\")","v":""},{"$f":"IFERROR(VLOOKUP(C4056,参数!B:H,3,FALSE),\"\")","v":""},"",1]
[4056,{"$nulls":6},{"$f":"IFERROR(VLOOKUP(C4057,参数!$B:$H,2,0),\"\")","v":""},{"$f":"IFERROR(VLOOKUP(C4057,参数!$B:$H,4,0),\"\")","v":""},{"$f":"IFERROR(VLOOKUP(C4057,参数!B:H,3,FALSE),\"\")","v":""},"",1]
[4057,{"$nulls":6},{"$f":"IFERROR(VLOOKUP(C4058,参数!$B:$H,2,0),\"\")","v":""},{"$f":"IFERROR(VLOOKUP(C4058,参数!$B:$H,4,0),\"\")","v":""},{"$f":"IFERROR(VLOOKUP(C4058,参数!B:H,3,FALSE),\"\")","v":""},"",1]
[4058,{"$nulls":6},{"$f":"IFERROR(VLOOKUP(C4059,参数!$B:$H,2,0),\"\")","v":""},{"$f":"IFERROR(VLOOKUP(C4059,参数!$B:$H,4,0),\"\")","v":""},{"$f":"IFERROR(VLOOKUP(C4059,参数!B:H,3,FALSE),\"\")","v":""},"",1]
[4059,{"$nulls":6},{"$f":"IFERROR(VLOOKUP(C4060,参数!$B:$H,2,0),\"\")","v":""},{"$f":"IFERROR(VLOOKUP(C4060,参数!$B:$H,4,0),\"\")","v":""},{"$f":"IFERROR(VLOOKUP(C4060,参数!B:H,3,FALSE),\"\")","v":""},"",1]
[4060,{"$nulls":6},{"$f":"IFERROR(VLOOKUP(C4061,参数!$B:$H,2,0),\"\")","v":""},{"$f":"IFERROR(VLOOKUP(C4061,参数!$B:$H,4,0),\"\")","v":""},{"$f":"IFERROR(VLOOKUP(C4061,参数!B:H,3,FALSE),\"\")","v":""},"",1]
[4061,{"$nulls":6},{"$f":"IFERROR(VLOOKUP(C4062,参数!$B:$H,2,0),\"\")","v":""},{"$f":"IFERROR(VLOOKUP(C4062,参数!$B:$H,4,0),\"\")","v":""},{"$f":"IFERROR(VLOOKUP(C4062,参数!B:H,3,FALSE),\"\")","v":""},"",1]
[4062,{"$nulls":6},{"$f":"IFERROR(VLOOKUP(C4063,参数!$B:$H,2,0),\"\")","v":""},{"$f":"IFERROR(VLOOKUP(C4063,参数!$B:$H,4,0),\"\")","v":""},{"$f":"IFERROR(VLOOKUP(C4063,参数!B:H,3,FALSE),\"\")","v":""},"",1]
[4063,{"$nulls":6},{"$f":"IFERROR(VLOOKUP(C4064,参数!$B:$H,2,0),\"\")","v":""},{"$f":"IFERROR(VLOOKUP(C4064,参数!$B:$H,4,0),\"\")","v":""},{"$f":"IFERROR(VLOOKUP(C4064,参数!B:H,3,FALSE),\"\")","v":""},"",1]
[4064,{"$nulls":6},{"$f":"IFERROR(VLOOKUP(C4065,参数!$B:$H,2,0),\"\")","v":""},{"$f":"IFERROR(VLOOKUP(C4065,参数!$B:$H,4,0),\"\")","v":""},{"$f":"IFERROR(VLOOKUP(C4065,参数!B:H,3,FALSE),\"\")","v":""},"",1]
[4065,{"$nulls":6},{"$f":"IFERROR(VLOOKUP(C4066,参数!$B:$H,2,0),\"\")","v":""},{"$f":"IFERROR(VLOOKUP(C4066,参数!$B:$H,4,0),\"\")","v":""},{"$f":"IFERROR(VLOOKUP(C4066,参数!B:H,3,FALSE),\"\")","v":""},"",1]
[4066,{"$nulls":6},{"$f":"IFERROR(VLOOKUP(C4067,参数!$B:$H,2,0),\"\")","v":""},{"$f":"IFERROR(VLOOKUP(C4067,参数!$B:$H,4,0),\"\")","v":""},{"$f":"IFERROR(VLOOKUP(C4067,参数!B:H,3,FALSE),\"\")","v":""},"",1]
[4067,{"$nulls":6},{"$f":"IFERROR(VLOOKUP(C4068,参数!$B:$H,2,0),\"\")","v":""},{"$f":"IFERROR(VLOOKUP(C4068,参数!$B:$H,4,0),\"\")","v":""},{"$f":"IFERROR(VLOOKUP(C4068,参数!B:H,3,FALSE),\"\")","v":""},"",1]
[4068,{"$nulls":6},{"$f":"IFERROR(VLOOKUP(C4069,参数!$B:$H,2,0),\"\")","v":""},{"$f":"IFERROR(VLOOKUP(C4069,参数!$B:$H,4,0),\"\")","v":""},{"$f":"IFERROR(VLOOKUP(C4069,参数!B:H,3,FALSE),\"\")","v":""},{"$f":"IFERROR(J4069*E4069,\"\")","v":""},1]
[4069,{"$nulls":6},{"$f":"IFERROR(VLOOKUP(C4070,参数!$B:$H,2,0),\"\")","v":""},{"$f":"IFERROR(VLOOKUP(C4070,参数!$B:$H,4,0),\"\")","v":""},{"$f":"IFERROR(VLOOKUP(C4070,参数!B:H,3,FALSE),\"\")","v":""},"",1]
[4070,{"$nulls":6},{"$f":"IFERROR(VLOOKUP(C4071,参数!$B:$H,2,0),\"\")","v":""},{"$f":"IFERROR(VLOOKUP(C4071,参数!$B:$H,4,0),\"\")","v":""},{"$f":"IFERROR(VLOOKUP(C4071,参数!B:H,3,FALSE),\"\")","v":""},"",1]
[4071,{"$nulls":6},{"$f":"IFERROR(VLOOKUP(C4072,参数!$B:$H,2,0),\"\")","v":""},{"$f":"IFERROR(VLOOKUP(C4072,参数!$B:$H,4,0),\"\")","v":""},{"$f":"IFERROR(VLOOKUP(C4072,参数!B:H,3,FALSE),\"\")","v":""},"",1]
[4072,{"$nulls":6},{"$f":"IFERROR(VLOOKUP(C4073,参数!$B:$H,2,0),\"\")","v":""},{"$f":"IFERROR(VLOOKUP(C4073,参数!$B:$H,4,0),\"\")","v":""},{"$f":"IFERROR(VLOOKUP(C4073,参数!B:H,3,FALSE),\"\")","v":""},"",1]
[4073,{"$nulls":6},{"$f":"IFERROR(VLOOKUP(C4074,参数!$B:$H,2,0),\"\")","v":""},{"$f":"IFERROR(VLOOKUP(C4074,参数!$B:$H,4,0),\"\")","v":""},{"$f":"IFERROR(VLOOKUP(C4074,参数!B:H,3,FALSE),\"\")","v":""},"",1]
[4074,{"$nulls":6},{"$f":"IFERROR(VLOOKUP(C4075,参数!$B:$H,2,0),\"\")","v":""},{"$f":"IFERROR(VLOOKUP(C4075,参数!$B:$H,4,0),\"\")","v":""},{"$f":"IFERROR(VLOOKUP(C4075,参数!B:H,3,FALSE),\"\")","v":""},"",1]
[4075,{"$nulls":6},{"$f":"IFERROR(VLOOKUP(C4076,参数!$B:$H,2,0),\"\")","v":""},{"$f":"IFERROR(VLOOKUP(C4076,参数!$B:$H,4,0),\"\")","v":""},{"$f":"IFERROR(VLOOKUP(C4076,参数!B:H,3,FALSE),\"\")","v":""},"",1]
[4076,{"$nulls":6},{"$f":"IFERROR(VLOOKUP(C4077,参数!$B:$H,2,0),\"\")","v":""},{"$f":"IFERROR(VLOOKUP(C4077,参数!$B:$H,4,0),\"\")","v":""},{"$f":"IFERROR(VLOOKUP(C4077,参数!B:H,3,FALSE),\"\")","v":""},"",1]
[4077,{"$nulls":6},{"$f":"IFERROR(VLOOKUP(C4078,参数!$B:$H,2,0),\"\")","v":""},{"$f":"IFERROR(VLOOKUP(C4078,参数!$B:$H,4,0),\"\")","v":""},{"$f":"IFERROR(VLOOKUP(C4078,参数!B:H,3,FALSE),\"\")","v":""},"",1]
[4078,{"$nulls":6},{"$f":"IFERROR(VLOOKUP(C4079,参数!$B:$H,2,0),\"\")","v":""},{"$f":"IFERROR(VLOOKUP(C4079,参数!$B:$H,4,0),\"\")","v":""},{"$f":"IFERROR(VLOOKUP(C4079,参数!B:H,3,FALSE),\"\")","v":""},"",1]
[4079,{"$nulls":6},{"$f":"IFERROR(VLOOKUP(C4080,参数!$B:$H,2,0),\"\")","v":""},{"$f":"IFERROR(VLOOKUP(C4080,参数!$B:$H,4,0),\"\")","v":""},{"$f":"IFERROR(VLOOKUP(C4080,参数!B:H,3,FALSE),\"\")","v":""},"",1]
[4080,{"$nulls":6},{"$f":"IFERROR(VLOOKUP(C4081,参数!$B:$H,2,0),\"\")","v":""},{"$f":"IFERROR(VLOOKUP(C4081,参数!$B:$H,4,0),\"\")","v":""},{"$f":"IFERROR(VLOOKUP(C4081,参数!B:H,3,FALSE),\"\")","v":""},"",1]
[4081,{"$nulls":6},{"$f":"IFERROR(VLOOKUP(C4082,参数!$B:$H,2,0),\"\")","v":""},{"$f":"IFERROR(VLOOKUP(C4082,参数!$B:$H,4,0),\"\")","v":""},{"$f":"IFERROR(VLOOKUP(C4082,参数!B:H,3,FALSE),\"\")","v":""},"",1]
[4082,{"$nulls":6},{"$f":"IFERROR(VLOOKUP(C4083,参数!$B:$H,2,0),\"\")","v":""},{"$f":"IFERROR(VLOOKUP(C4083,参数!$B:$H,4,0),\"\")","v":""},{"$f":"IFERROR(VLOOKUP(C4083,参数!B:H,3,FALSE),\"\")","v":""},"",1]
[4083,{"$nulls":6},{"$f":"IFERROR(VLOOKUP(C4084,参数!$B:$H,2,0),\"\")","v":""},{"$f":"IFERROR(VLOOKUP(C4084,参数!$B:$H,4,0),\"\")","v":""},{"$f":"IFERROR(VLOOKUP(C4084,参数!B:H,3,FALSE),\"\")","v":""},"",1]
[4084,{"$nulls":6},{"$f":"IFERROR(VLOOKUP(C4085,参数!$B:$H,2,0),\"\")","v":""},{"$f":"IFERROR(VLOOKUP(C4085,参数!$B:$H,4,0),\"\")","v":""},{"$f":"IFERROR(VLOOKUP(C4085,参数!B:H,3,FALSE),\"\")","v":""},"",1]
[4085,{"$nulls":6},{"$f":"IFERROR(VLOOKUP(C4086,参数!$B:$H,2,0),\"\")","v":""},{"$f":"IFERROR(VLOOKUP(C4086,参数!$B:$H,4,0),\"\")","v":""},{"$f":"IFERROR(VLOOKUP(C4086,参数!B:H,3,FALSE),\"\")","v":""},"",1]
[4086,{"$nulls":6},{"$f":"IFERROR(VLOOKUP(C4087,参数!$B:$H,2,0),\"\")","v":""},{"$f":"IFERROR(VLOOKUP(C4087,参数!$B:$H,4,0),\"\")","v":""},{"$f":"IFERROR(VLOOKUP(C4087,参数!B:H,3,FALSE),\"\")","v":""},"",1]
[4087,{"$nulls":6},{"$f":"IFERROR(VLOOKUP(C4088,参数!$B:$H,2,0),\"\")","v":""},{"$f":"IFERROR(VLOOKUP(C4088,参数!$B:$H,4,0),\"\")","v":""},{"$f":"IFERROR(VLOOKUP(C4088,参数!B:H,3,FALSE),\"\")","v":""},"",1]
[4088,{"$nulls":6},{"$f":"IFERROR(VLOOKUP(C4089,参数!$B:$H,2,0),\"\")","v":""},{"$f":"IFERROR(VLOOKUP(C4089,参数!$B:$H,4,0),\"\")","v":""},{"$f":"IFERROR(VLOOKUP(C4089,参数!B:H,3,FALSE),\"\")","v":""},"",1]
[4089,{"$nulls":6},{"$f":"IFERROR(VLOOKUP(C4090,参数!$B:$H,2,0),\"\")","v":""},{"$f":"IFERROR(VLOOKUP(C4090,参数!$B:$H,4,0),\"\")","v":""},{"$f":"IFERROR(VLOOKUP(C4090,参数!B:H,3,FALSE),\"\")","v":""},"",1]
[4090,{"$nulls":6},{"$f":"IFERROR(VLOOKUP(C4091,参数!$B:$H,2,0),\"\")","v":""},{"$f":"IFERROR(VLOOKUP(C4091,参数!$B:$H,4,0),\"\")","v":""},{"$f":"IFERROR(VLOOKUP(C4091,参数!B:H,3,FALSE),\"\")","v":""},"",1]
[4091,{"$nulls":6},{"$f":"IFERROR(VLOOKUP(C4092,参数!$B:$H,2,0),\"\")","v":""},{"$f":"IFERROR(VLOOKUP(C4092,参数!$B:$H,4,0),\"\")","v":""},{"$f":"IFERROR(VLOOKUP(C4092,参数!B:H,3,FALSE),\"\")","v":""},"",1]
[4092,{"$nulls":6},{"$f":"IFERROR(VLOOKUP(C4093,参数!$B:$H,2,0),\"\")","v":""},{"$f":"IFERROR(VLOOKUP(C4093,参数!$B:$H,4,0),\"\")","v":""},{"$f":"IFERROR(VLOOKUP(C4093,参数!B:H,3,FALSE),\"\")","v":""},"",1]
[4093,{"$nulls":6},{"$f":"IFERROR(VLOOKUP(C4094,参数!$B:$H,2,0),\"\")","v":""},{"$f":"IFERROR(VLOOKUP(C4094,参数!$B:$H,4,0),\"\")","v":""},{"$f":"IFERROR(VLOOKUP(C4094,参数!B:H,3,FALSE),\"\")","v":""},"",1]
[4094,{"$nulls":6},{"$f":"IFERROR(VLOOKUP(C4095,参数!$B:$H,2,0),\"\")","v":""},{"$f":"IFERROR(VLOOKUP(C4095,参数!$B:$H,4,0),\"\")","v":""},{"$f":"IFERROR(VLOOKUP(C4095,参数!B:H,3,FALSE),\"\")","v":""},"",1]
[4095,{"$nulls":6},{"$f":"IFERROR(VLOOKUP(C4096,参数!$B:$H,2,0),\"\")","v":""},{"$f":"IFERROR(VLOOKUP(C4096,参数!$B:$H,4,0),\"\")","v":""},{"$f":"IFERROR(VLOOKUP(C4096,参数!B:H,3,FALSE),\"\")","v":""},"",1]
[4096,{"$nulls":6},{"$f":"IFERROR(VLOOKUP(C4097,参数!$B:$H,2,0),\"\")","v":""},{"$f":"IFERROR(VLOOKUP(C4097,参数!$B:$H,4,0),\"\")","v":""},{"$f":"IFERROR(VLOOKUP(C4097,参数!B:H,3,FALSE),\"\")","v":""},"",1]
[4097,{"$nulls":6},{"$f":"IFERROR(VLOOKUP(C4098,参数!$B:$H,2,0),\"\")","v":""},{"$f":"IFERROR(VLOOKUP(C4098,参数!$B:$H,4,0),\"\")","v":""},{"$f":"IFERROR(VLOOKUP(C4098,参数!B:H,3,FALSE),\"\")","v":""},"",{"$f":"VALUE(MONTH(B4098))","v":1}]
[4098,{"$nulls":6},{"$f":"IFERROR(VLOOKUP(C4099,参数!$B:$H,2,0),\"\")","v":""},{"$f":"IFERROR(VLOOKUP(C4099,参数!$B:$H,4,0),\"\")","v":""},{"$f":"IFERROR(VLOOKUP(C4099,参数!B:H,3,FALSE),\"\")","v":""},"",1]
[4099,{"$nulls":6},{"$f":"IFERROR(VLOOKUP(C4100,参数!$B:$H,2,0),\"\")","v":""},{"$f":"IFERROR(VLOOKUP(C4100,参数!$B:$H,4,0),\"\")","v":""},{"$f":"IFERROR(VLOOKUP(C4100,参数!B:H,3,FALSE),\"\")","v":""},"",1]
[4100,{"$nulls":6},{"$f":"IFERROR(VLOOKUP(C4101,参数!$B:$H,2,0),\"\")","v":""},{"$f":"IFERROR(VLOOKUP(C4101,参数!$B:$H,4,0),\"\")","v":""},{"$f":"IFERROR(VLOOKUP(C4101,参数!B:H,3,FALSE),\"\")","v":""},"",1]
[4101,{"$nulls":6},{"$f":"IFERROR(VLOOKUP(C4102,参数!$B:$H,2,0),\"\")","v":""},{"$f":"IFERROR(VLOOKUP(C4102,参数!$B:$H,4,0),\"\")","v":""},{"$f":"IFERROR(VLOOKUP(C4102,参数!B:H,3,FALSE),\"\")","v":""},"",1]
[4102,{"$nulls":6},{"$f":"IFERROR(VLOOKUP(C4103,参数!$B:$H,2,0),\"\")","v":""},{"$f":"IFERROR(VLOOKUP(C4103,参数!$B:$H,4,0),\"\")","v":""},{"$f":"IFERROR(VLOOKUP(C4103,参数!B:H,3,FALSE),\"\")","v":""},"",1]
[4103,{"$nulls":6},{"$f":"IFERROR(VLOOKUP(C4104,参数!$B:$H,2,0),\"\")","v":""},{"$f":"IFERROR(VLOOKUP(C4104,参数!$B:$H,4,0),\"\")","v":""},{"$f":"IFERROR(VLOOKUP(C4104,参数!B:H,3,FALSE),\"\")","v":""},"",1]
[4104,{"$nulls":6},{"$f":"IFERROR(VLOOKUP(C4105,参数!$B:$H,2,0),\"\")","v":""},{"$f":"IFERROR(VLOOKUP(C4105,参数!$B:$H,4,0),\"\")","v":""},{"$f":"IFERROR(VLOOKUP(C4105,参数!B:H,3,FALSE),\"\")","v":""},"",1]
[4105,{"$nulls":6},{"$f":"IFERROR(VLOOKUP(C4106,参数!$B:$H,2,0),\"\")","v":""},{"$f":"IFERROR(VLOOKUP(C4106,参数!$B:$H,4,0),\"\")","v":""},{"$f":"IFERROR(VLOOKUP(C4106,参数!B:H,3,FALSE),\"\")","v":""},"",1]
[4106,{"$nulls":6},{"$f":"IFERROR(VLOOKUP(C4107,参数!$B:$H,2,0),\"\")","v":""},{"$f":"IFERROR(VLOOKUP(C4107,参数!$B:$H,4,0),\"\")","v":""},{"$f":"IFERROR(VLOOKUP(C4107,参数!B:H,3,FALSE),\"\")","v":""},"",1]
[4107,{"$nulls":6},{"$f":"IFERROR(VLOOKUP(C4108,参数!$B:$H,2,0),\"\")","v":""},{"$f":"IFERROR(VLOOKUP(C4108,参数!$B:$H,4,0),\"\")","v":""},{"$f":"IFERROR(VLOOKUP(C4108,参数!B:H,3,FALSE),\"\")","v":""},"",1]
[4108,{"$nulls":6},{"$f":"IFERROR(VLOOKUP(C4109,参数!$B:$H,2,0),\"\")","v":""},{"$f":"IFERROR(VLOOKUP(C4109,参数!$B:$H,4,0),\"\")","v":""},{"$f":"IFERROR(VLOOKUP(C4109,参数!B:H,3,FALSE),\"\")","v":""},"",1]
[4109,{"$nulls":6},{"$f":"IFERROR(VLOOKUP(C4110,参数!$B:$H,2,0),\"\")","v":""},{"$f":"IFERROR(VLOOKUP(C4110,参数!$B:$H,4,0),\"\")","v":""},{"$f":"IFERROR(VLOOKUP(C4110,参数!B:H,3,FALSE),\"\")","v":""},"",1]
[4110,{"$nulls":6},{"$f":"IFERROR(VLOOKUP(C4111,参数!$B:$H,2,0),\"\")","v":""},{"$f":"IFERROR(VLOOKUP(C4111,参数!$B:$H,4,0),\"\")","v":""},{"$f":"IFERROR(VLOOKUP(C4111,参数!B:H,3,FALSE),\"\")","v":""},"",1]
[4111,{"$nulls":6},{"$f":"IFERROR(VLOOKUP(C4112,参数!$B:$H,2,0),\"\")","v":""},{"$f":"IFERROR(VLOOKUP(C4112,参数!$B:$H,4,0),\"\")","v":""},{"$f":"IFERROR(VLOOKUP(C4112,参数!B:H,3,FALSE),\"\")","v":""},"",1]
[4112,{"$nulls":6},{"$f":"IFERROR(VLOOKUP(C4113,参数!$B:$H,2,0),\"\")","v":""},{"$f":"IFERROR(VLOOKUP(C4113,参数!$B:$H,4,0),\"\")","v":""},{"$f":"IFERROR(VLOOKUP(C4113,参数!B:H,3,FALSE),\"\")","v":""},"",1]
[4113,{"$nulls":6},{"$f":"IFERROR(VLOOKUP(C4114,参数!$B:$H,2,0),\"\")","v":""},{"$f":"IFERROR(VLOOKUP(C4114,参数!$B:$H,4,0),\"\")","v":""},{"$f":"IFERROR(VLOOKUP(C4114,参数!B:H,3,FALSE),\"\")","v":""},"",1]
[4114,{"$nulls":6},{"$f":"IFERROR(VLOOKUP(C4115,参数!$B:$H,2,0),\"\")","v":""},{"$f":"IFERROR(VLOOKUP(C4115,参数!$B:$H,4,0),\"\")","v":""},{"$f":"IFERROR(VLOOKUP(C4115,参数!B:H,3,FALSE),\"\")","v":""},"",1]
[4115,{"$nulls":6},{"$f":"IFERROR(VLOOKUP(C4116,参数!$B:$H,2,0),\"\")","v":""},{"$f":"IFERROR(VLOOKUP(C4116,参数!$B:$H,4,0),\"\")","v":""},{"$f":"IFERROR(VLOOKUP(C4116,参数!B:H,3,FALSE),\"\")","v":""},"",1]
[4116,{"$nulls":6},{"$f":"IFERROR(VLOOKUP(C4117,参数!$B:$H,2,0),\"\")","v":""},{"$f":"IFERROR(VLOOKUP(C4117,参数!$B:$H,4,0),\"\")","v":""},{"$f":"IFERROR(VLOOKUP(C4117,参数!B:H,3,FALSE),\"\")","v":""},"",1]
[4117,{"$nulls":6},{"$f":"IFERROR(VLOOKUP(C4118,参数!$B:$H,2,0),\"\")","v":""},{"$f":"IFERROR(VLOOKUP(C4118,参数!$B:$H,4,0),\"\")","v":""},{"$f":"IFERROR(VLOOKUP(C4118,参数!B:H,3,FALSE),\"\")","v":""},"",1]
[4118,{"$nulls":6},{"$f":"IFERROR(VLOOKUP(C4119,参数!$B:$H,2,0),\"\")","v":""},{"$f":"IFERROR(VLOOKUP(C4119,参数!$B:$H,4,0),\"\")","v":""},{"$f":"IFERROR(VLOOKUP(C4119,参数!B:H,3,FALSE),\"\")","v":""},"",1]
[4119,{"$nulls":6},{"$f":"IFERROR(VLOOKUP(C4120,参数!$B:$H,2,0),\"\")","v":""},{"$f":"IFERROR(VLOOKUP(C4120,参数!$B:$H,4,0),\"\")","v":""},{"$f":"IFERROR(VLOOKUP(C4120,参数!B:H,3,FALSE),\"\")","v":""},"",1]
[4120,{"$nulls":6},{"$f":"IFERROR(VLOOKUP(C4121,参数!$B:$H,2,0),\"\")","v":""},{"$f":"IFERROR(VLOOKUP(C4121,参数!$B:$H,4,0),\"\")","v":""},{"$f":"IFERROR(VLOOKUP(C4121,参数!B:H,3,FALSE),\"\")","v":""},"",1]
[4121,{"$nulls":6},{"$f":"IFERROR(VLOOKUP(C4122,参数!$B:$H,2,0),\"\")","v":""},{"$f":"IFERROR(VLOOKUP(C4122,参数!$B:$H,4,0),\"\")","v":""},{"$f":"IFERROR(VLOOKUP(C4122,参数!B:H,3,FALSE),\"\")","v":""},"",1]
[4122,{"$nulls":6},{"$f":"IFERROR(VLOOKUP(C4123,参数!$B:$H,2,0),\"\")","v":""},{"$f":"IFERROR(VLOOKUP(C4123,参数!$B:$H,4,0),\"\")","v":""},{"$f":"IFERROR(VLOOKUP(C4123,参数!B:H,3,FALSE),\"\")","v":""},"",1]
[4123,{"$nulls":6},{"$f":"IFERROR(VLOOKUP(C4124,参数!$B:$H,2,0),\"\")","v":""},{"$f":"IFERROR(VLOOKUP(C4124,参数!$B:$H,4,0),\"\")","v":""},{"$f":"IFERROR(VLOOKUP(C4124,参数!B:H,3,FALSE),\"\")","v":""},"",1]
[4124,{"$nulls":6},{"$f":"IFERROR(VLOOKUP(C4125,参数!$B:$H,2,0),\"\")","v":""},{"$f":"IFERROR(VLOOKUP(C4125,参数!$B:$H,4,0),\"\")","v":""},{"$f":"IFERROR(VLOOKUP(C4125,参数!B:H,3,FALSE),\"\")","v":""},"",1]
[4125,{"$nulls":6},{"$f":"IFERROR(VLOOKUP(C4126,参数!$B:$H,2,0),\"\")","v":""},{"$f":"IFERROR(VLOOKUP(C4126,参数!$B:$H,4,0),\"\")","v":""},{"$f":"IFERROR(VLOOKUP(C4126,参数!B:H,3,FALSE),\"\")","v":""},"",1]
[4126,{"$nulls":6},{"$f":"IFERROR(VLOOKUP(C4127,参数!$B:$H,2,0),\"\")","v":""},{"$f":"IFERROR(VLOOKUP(C4127,参数!$B:$H,4,0),\"\")","v":""},{"$f":"IFERROR(VLOOKUP(C4127,参数!B:H,3,FALSE),\"\")","v":""},"",1]
[4127,{"$nulls":6},{"$f":"IFERROR(VLOOKUP(C4128,参数!$B:$H,2,0),\"\")","v":""},{"$f":"IFERROR(VLOOKUP(C4128,参数!$B:$H,4,0),\"\")","v":""},{"$f":"IFERROR(VLOOKUP(C4128,参数!B:H,3,FALSE),\"\")","v":""},"",1]
[4128,{"$nulls":6},{"$f":"IFERROR(VLOOKUP(C4129,参数!$B:$H,2,0),\"\")","v":""},{"$f":"IFERROR(VLOOKUP(C4129,参数!$B:$H,4,0),\"\")","v":""},{"$f":"IFERROR(VLOOKUP(C4129,参数!B:H,3,FALSE),\"\")","v":""},"",1]
[4129,{"$nulls":6},{"$f":"IFERROR(VLOOKUP(C4130,参数!$B:$H,2,0),\"\")","v":""},{"$f":"IFERROR(VLOOKUP(C4130,参数!$B:$H,4,0),\"\")","v":""},{"$f":"IFERROR(VLOOKUP(C4130,参数!B:H,3,FALSE),\"\")","v":""},"",1]
[4130,{"$nulls":6},{"$f":"IFERROR(VLOOKUP(C4131,参数!$B:$H,2,0),\"\")","v":""},{"$f":"IFERROR(VLOOKUP(C4131,参数!$B:$H,4,0),\"\")","v":""},{"$f":"IFERROR(VLOOKUP(C4131,参数!B:H,3,FALSE),\"\")","v":""},"",1]
[4131,{"$nulls":6},{"$f":"IFERROR(VLOOKUP(C4132,参数!$B:$H,2,0),\"\")","v":""},{"$f":"IFERROR(VLOOKUP(C4132,参数!$B:$H,4,0),\"\")","v":""},{"$f":"IFERROR(VLOOKUP(C4132,参数!B:H,3,FALSE),\"\")","v":""},"",1]
[4132,{"$nulls":6},{"$f":"IFERROR(VLOOKUP(C4133,参数!$B:$H,2,0),\"\")","v":""},{"$f":"IFERROR(VLOOKUP(C4133,参数!$B:$H,4,0),\"\")","v":""},{"$f":"IFERROR(VLOOKUP(C4133,参数!B:H,3,FALSE),\"\")","v":""},{"$f":"IFERROR(J4133*E4133,\"\")","v":""},1]
[4133,{"$nulls":6},{"$f":"IFERROR(VLOOKUP(C4134,参数!$B:$H,2,0),\"\")","v":""},{"$f":"IFERROR(VLOOKUP(C4134,参数!$B:$H,4,0),\"\")","v":""},{"$f":"IFERROR(VLOOKUP(C4134,参数!B:H,3,FALSE),\"\")","v":""},"",1]
[4134,{"$nulls":6},{"$f":"IFERROR(VLOOKUP(C4135,参数!$B:$H,2,0),\"\")","v":""},{"$f":"IFERROR(VLOOKUP(C4135,参数!$B:$H,4,0),\"\")","v":""},{"$f":"IFERROR(VLOOKUP(C4135,参数!B:H,3,FALSE),\"\")","v":""},"",1]
[4135,{"$nulls":6},{"$f":"IFERROR(VLOOKUP(C4136,参数!$B:$H,2,0),\"\")","v":""},{"$f":"IFERROR(VLOOKUP(C4136,参数!$B:$H,4,0),\"\")","v":""},{"$f":"IFERROR(VLOOKUP(C4136,参数!B:H,3,FALSE),\"\")","v":""},"",1]
[4136,{"$nulls":6},{"$f":"IFERROR(VLOOKUP(C4137,参数!$B:$H,2,0),\"\")","v":""},{"$f":"IFERROR(VLOOKUP(C4137,参数!$B:$H,4,0),\"\")","v":""},{"$f":"IFERROR(VLOOKUP(C4137,参数!B:H,3,FALSE),\"\")","v":""},"",1]
[4137,{"$nulls":6},{"$f":"IFERROR(VLOOKUP(C4138,参数!$B:$H,2,0),\"\")","v":""},{"$f":"IFERROR(VLOOKUP(C4138,参数!$B:$H,4,0),\"\")","v":""},{"$f":"IFERROR(VLOOKUP(C4138,参数!B:H,3,FALSE),\"\")","v":""},"",1]
[4138,{"$nulls":6},{"$f":"IFERROR(VLOOKUP(C4139,参数!$B:$H,2,0),\"\")","v":""},{"$f":"IFERROR(VLOOKUP(C4139,参数!$B:$H,4,0),\"\")","v":""},{"$f":"IFERROR(VLOOKUP(C4139,参数!B:H,3,FALSE),\"\")","v":""},"",1]
[4139,{"$nulls":6},{"$f":"IFERROR(VLOOKUP(C4140,参数!$B:$H,2,0),\"\")","v":""},{"$f":"IFERROR(VLOOKUP(C4140,参数!$B:$H,4,0),\"\")","v":""},{"$f":"IFERROR(VLOOKUP(C4140,参数!B:H,3,FALSE),\"\")","v":""},"",1]
[4140,{"$nulls":6},{"$f":"IFERROR(VLOOKUP(C4141,参数!$B:$H,2,0),\"\")","v":""},{"$f":"IFERROR(VLOOKUP(C4141,参数!$B:$H,4,0),\"\")","v":""},{"$f":"IFERROR(VLOOKUP(C4141,参数!B:H,3,FALSE),\"\")","v":""},"",1]
[4141,{"$nulls":6},{"$f":"IFERROR(VLOOKUP(C4142,参数!$B:$H,2,0),\"\")","v":""},{"$f":"IFERROR(VLOOKUP(C4142,参数!$B:$H,4,0),\"\")","v":""},{"$f":"IFERROR(VLOOKUP(C4142,参数!B:H,3,FALSE),\"\")","v":""},"",1]
[4142,{"$nulls":6},{"$f":"IFERROR(VLOOKUP(C4143,参数!$B:$H,2,0),\"\")","v":""},{"$f":"IFERROR(VLOOKUP(C4143,参数!$B:$H,4,0),\"\")","v":""},{"$f":"IFERROR(VLOOKUP(C4143,参数!B:H,3,FALSE),\"\")","v":""},"",1]
[4143,{"$nulls":6},{"$f":"IFERROR(VLOOKUP(C4144,参数!$B:$H,2,0),\"\")","v":""},{"$f":"IFERROR(VLOOKUP(C4144,参数!$B:$H,4,0),\"\")","v":""},{"$f":"IFERROR(VLOOKUP(C4144,参数!B:H,3,FALSE),\"\")","v":""},"",1]
[4144,{"$nulls":6},{"$f":"IFERROR(VLOOKUP(C4145,参数!$B:$H,2,0),\"\")","v":""},{"$f":"IFERROR(VLOOKUP(C4145,参数!$B:$H,4,0),\"\")","v":""},{"$f":"IFERROR(VLOOKUP(C4145,参数!B:H,3,FALSE),\"\")","v":""},"",1]
[4145,{"$nulls":6},{"$f":"IFERROR(VLOOKUP(C4146,参数!$B:$H,2,0),\"\")","v":""},{"$f":"IFERROR(VLOOKUP(C4146,参数!$B:$H,4,0),\"\")","v":""},{"$f":"IFERROR(VLOOKUP(C4146,参数!B:H,3,FALSE),\"\")","v":""},"",1]
[4146,{"$nulls":6},{"$f":"IFERROR(VLOOKUP(C4147,参数!$B:$H,2,0),\"\")","v":""},{"$f":"IFERROR(VLOOKUP(C4147,参数!$B:$H,4,0),\"\")","v":""},{"$f":"IFERROR(VLOOKUP(C4147,参数!B:H,3,FALSE),\"\")","v":""},"",1]
[4147,{"$nulls":6},{"$f":"IFERROR(VLOOKUP(C4148,参数!$B:$H,2,0),\"\")","v":""},{"$f":"IFERROR(VLOOKUP(C4148,参数!$B:$H,4,0),\"\")","v":""},{"$f":"IFERROR(VLOOKUP(C4148,参数!B:H,3,FALSE),\"\")","v":""},"",1]
[4148,{"$nulls":6},{"$f":"IFERROR(VLOOKUP(C4149,参数!$B:$H,2,0),\"\")","v":""},{"$f":"IFERROR(VLOOKUP(C4149,参数!$B:$H,4,0),\"\")","v":""},{"$f":"IFERROR(VLOOKUP(C4149,参数!B:H,3,FALSE),\"\")","v":""},"",1]
[4149,{"$nulls":6},{"$f":"IFERROR(VLOOKUP(C4150,参数!$B:$H,2,0),\"\")","v":""},{"$f":"IFERROR(VLOOKUP(C4150,参数!$B:$H,4,0),\"\")","v":""},{"$f":"IFERROR(VLOOKUP(C4150,参数!B:H,3,FALSE),\"\")","v":""},"",1]
[4150,{"$nulls":6},{"$f":"IFERROR(VLOOKUP(C4151,参数!$B:$H,2,0),\"\")","v":""},{"$f":"IFERROR(VLOOKUP(C4151,参数!$B:$H,4,0),\"\")","v":""},{"$f":"IFERROR(VLOOKUP(C4151,参数!B:H,3,FALSE),\"\")","v":""},"",1]
[4151,{"$nulls":6},{"$f":"IFERROR(VLOOKUP(C4152,参数!$B:$H,2,0),\"\")","v":""},{"$f":"IFERROR(VLOOKUP(C4152,参数!$B:$H,4,0),\"\")","v":""},{"$f":"IFERROR(VLOOKUP(C4152,参数!B:H,3,FALSE),\"\")","v":""},"",1]
[4152,{"$nulls":6},{"$f":"IFERROR(VLOOKUP(C4153,参数!$B:$H,2,0),\"\")","v":""},{"$f":"IFERROR(VLOOKUP(C4153,参数!$B:$H,4,0),\"\")","v":""},{"$f":"IFERROR(VLOOKUP(C4153,参数!B:H,3,FALSE),\"\")","v":""},"",1]
[4153,{"$nulls":6},{"$f":"IFERROR(VLOOKUP(C4154,参数!$B:$H,2,0),\"\")","v":""},{"$f":"IFERROR(VLOOKUP(C4154,参数!$B:$H,4,0),\"\")","v":""},{"$f":"IFERROR(VLOOKUP(C4154,参数!B:H,3,FALSE),\"\")","v":""},"",1]
[4154,{"$nulls":6},{"$f":"IFERROR(VLOOKUP(C4155,参数!$B:$H,2,0),\"\")","v":""},{"$f":"IFERROR(VLOOKUP(C4155,参数!$B:$H,4,0),\"\")","v":""},{"$f":"IFERROR(VLOOKUP(C4155,参数!B:H,3,FALSE),\"\")","v":""},"",1]
[4155,{"$nulls":6},{"$f":"IFERROR(VLOOKUP(C4156,参数!$B:$H,2,0),\"\")","v":""},{"$f":"IFERROR(VLOOKUP(C4156,参数!$B:$H,4,0),\"\")","v":""},{"$f":"IFERROR(VLOOKUP(C4156,参数!B:H,3,FALSE),\"\")","v":""},"",1]
[4156,{"$nulls":6},{"$f":"IFERROR(VLOOKUP(C4157,参数!$B:$H,2,0),\"\")","v":""},{"$f":"IFERROR(VLOOKUP(C4157,参数!$B:$H,4,0),\"\")","v":""},{"$f":"IFERROR(VLOOKUP(C4157,参数!B:H,3,FALSE),\"\")","v":""},"",1]
[4157,{"$nulls":6},{"$f":"IFERROR(VLOOKUP(C4158,参数!$B:$H,2,0),\"\")","v":""},{"$f":"IFERROR(VLOOKUP(C4158,参数!$B:$H,4,0),\"\")","v":""},{"$f":"IFERROR(VLOOKUP(C4158,参数!B:H,3,FALSE),\"\")","v":""},"",1]
[4158,{"$nulls":6},{"$f":"IFERROR(VLOOKUP(C4159,参数!$B:$H,2,0),\"\")","v":""},{"$f":"IFERROR(VLOOKUP(C4159,参数!$B:$H,4,0),\"\")","v":""},{"$f":"IFERROR(VLOOKUP(C4159,参数!B:H,3,FALSE),\"\")","v":""},"",1]
[4159,{"$nulls":6},{"$f":"IFERROR(VLOOKUP(C4160,参数!$B:$H,2,0),\"\")","v":""},{"$f":"IFERROR(VLOOKUP(C4160,参数!$B:$H,4,0),\"\")","v":""},{"$f":"IFERROR(VLOOKUP(C4160,参数!B:H,3,FALSE),\"\")","v":""},"",1]
[4160,{"$nulls":6},{"$f":"IFERROR(VLOOKUP(C4161,参数!$B:$H,2,0),\"\")","v":""},{"$f":"IFERROR(VLOOKUP(C4161,参数!$B:$H,4,0),\"\")","v":""},{"$f":"IFERROR(VLOOKUP(C4161,参数!B:H,3,FALSE),\"\")","v":""},"",1]
[4161,{"$nulls":6},{"$f":"IFERROR(VLOOKUP(C4162,参数!$B:$H,2,0),\"\")","v":""},{"$f":"IFERROR(VLOOKUP(C4162,参数!$B:$H,4,0),\"\")","v":""},{"$f":"IFERROR(VLOOKUP(C4162,参数!B:H,3,FALSE),\"\")","v":""},"",{"$f":"VALUE(MONTH(B4162))","v":1}]
[4162,{"$nulls":6},{"$f":"IFERROR(VLOOKUP(C4163,参数!$B:$H,2,0),\"\")","v":""},{"$f":"IFERROR(VLOOKUP(C4163,参数!$B:$H,4,0),\"\")","v":""},{"$f":"IFERROR(VLOOKUP(C4163,参数!B:H,3,FALSE),\"\")","v":""},"",1]
[4163,{"$nulls":6},{"$f":"IFERROR(VLOOKUP(C4164,参数!$B:$H,2,0),\"\")","v":""},{"$f":"IFERROR(VLOOKUP(C4164,参数!$B:$H,4,0),\"\")","v":""},{"$f":"IFERROR(VLOOKUP(C4164,参数!B:H,3,FALSE),\"\")","v":""},"",1]
[4164,{"$nulls":6},{"$f":"IFERROR(VLOOKUP(C4165,参数!$B:$H,2,0),\"\")","v":""},{"$f":"IFERROR(VLOOKUP(C4165,参数!$B:$H,4,0),\"\")","v":""},{"$f":"IFERROR(VLOOKUP(C4165,参数!B:H,3,FALSE),\"\")","v":""},"",1]
[4165,{"$nulls":6},{"$f":"IFERROR(VLOOKUP(C4166,参数!$B:$H,2,0),\"\")","v":""},{"$f":"IFERROR(VLOOKUP(C4166,参数!$B:$H,4,0),\"\")","v":""},{"$f":"IFERROR(VLOOKUP(C4166,参数!B:H,3,FALSE),\"\")","v":""},"",1]
[4166,{"$nulls":6},{"$f":"IFERROR(VLOOKUP(C4167,参数!$B:$H,2,0),\"\")","v":""},{"$f":"IFERROR(VLOOKUP(C4167,参数!$B:$H,4,0),\"\")","v":""},{"$f":"IFERROR(VLOOKUP(C4167,参数!B:H,3,FALSE),\"\")","v":""},"",1]
[4167,{"$nulls":6},{"$f":"IFERROR(VLOOKUP(C4168,参数!$B:$H,2,0),\"\")","v":""},{"$f":"IFERROR(VLOOKUP(C4168,参数!$B:$H,4,0),\"\")","v":""},{"$f":"IFERROR(VLOOKUP(C4168,参数!B:H,3,FALSE),\"\")","v":""},"",1]
[4168,{"$nulls":6},{"$f":"IFERROR(VLOOKUP(C4169,参数!$B:$H,2,0),\"\")","v":""},{"$f":"IFERROR(VLOOKUP(C4169,参数!$B:$H,4,0),\"\")","v":""},{"$f":"IFERROR(VLOOKUP(C4169,参数!B:H,3,FALSE),\"\")","v":""},"",1]
[4169,{"$nulls":6},{"$f":"IFERROR(VLOOKUP(C4170,参数!$B:$H,2,0),\"\")","v":""},{"$f":"IFERROR(VLOOKUP(C4170,参数!$B:$H,4,0),\"\")","v":""},{"$f":"IFERROR(VLOOKUP(C4170,参数!B:H,3,FALSE),\"\")","v":""},"",1]
[4170,{"$nulls":6},{"$f":"IFERROR(VLOOKUP(C4171,参数!$B:$H,2,0),\"\")","v":""},{"$f":"IFERROR(VLOOKUP(C4171,参数!$B:$H,4,0),\"\")","v":""},{"$f":"IFERROR(VLOOKUP(C4171,参数!B:H,3,FALSE),\"\")","v":""},"",1]
[4171,{"$nulls":6},{"$f":"IFERROR(VLOOKUP(C4172,参数!$B:$H,2,0),\"\")","v":""},{"$f":"IFERROR(VLOOKUP(C4172,参数!$B:$H,4,0),\"\")","v":""},{"$f":"IFERROR(VLOOKUP(C4172,参数!B:H,3,FALSE),\"\")","v":""},"",1]
[4172,{"$nulls":6},{"$f":"IFERROR(VLOOKUP(C4173,参数!$B:$H,2,0),\"\")","v":""},{"$f":"IFERROR(VLOOKUP(C4173,参数!$B:$H,4,0),\"\")","v":""},{"$f":"IFERROR(VLOOKUP(C4173,参数!B:H,3,FALSE),\"\")","v":""},"",1]
[4173,{"$nulls":6},{"$f":"IFERROR(VLOOKUP(C4174,参数!$B:$H,2,0),\"\")","v":""},{"$f":"IFERROR(VLOOKUP(C4174,参数!$B:$H,4,0),\"\")","v":""},{"$f":"IFERROR(VLOOKUP(C4174,参数!B:H,3,FALSE),\"\")","v":""},"",1]
[4174,{"$nulls":6},{"$f":"IFERROR(VLOOKUP(C4175,参数!$B:$H,2,0),\"\")","v":""},{"$f":"IFERROR(VLOOKUP(C4175,参数!$B:$H,4,0),\"\")","v":""},{"$f":"IFERROR(VLOOKUP(C4175,参数!B:H,3,FALSE),\"\")","v":""},"",1]
[4175,{"$nulls":6},{"$f":"IFERROR(VLOOKUP(C4176,参数!$B:$H,2,0),\"\")","v":""},{"$f":"IFERROR(VLOOKUP(C4176,参数!$B:$H,4,0),\"\")","v":""},{"$f":"IFERROR(VLOOKUP(C4176,参数!B:H,3,FALSE),\"\")","v":""},"",1]
[4176,{"$nulls":6},{"$f":"IFERROR(VLOOKUP(C4177,参数!$B:$H,2,0),\"\")","v":""},{"$f":"IFERROR(VLOOKUP(C4177,参数!$B:$H,4,0),\"\")","v":""},{"$f":"IFERROR(VLOOKUP(C4177,参数!B:H,3,FALSE),\"\")","v":""},"",1]
[4177,{"$nulls":6},{"$f":"IFERROR(VLOOKUP(C4178,参数!$B:$H,2,0),\"\")","v":""},{"$f":"IFERROR(VLOOKUP(C4178,参数!$B:$H,4,0),\"\")","v":""},{"$f":"IFERROR(VLOOKUP(C4178,参数!B:H,3,FALSE),\"\")","v":""},"",1]
[4178,{"$nulls":6},{"$f":"IFERROR(VLOOKUP(C4179,参数!$B:$H,2,0),\"\")","v":""},{"$f":"IFERROR(VLOOKUP(C4179,参数!$B:$H,4,0),\"\")","v":""},{"$f":"IFERROR(VLOOKUP(C4179,参数!B:H,3,FALSE),\"\")","v":""},"",1]
[4179,{"$nulls":6},{"$f":"IFERROR(VLOOKUP(C4180,参数!$B:$H,2,0),\"\")","v":""},{"$f":"IFERROR(VLOOKUP(C4180,参数!$B:$H,4,0),\"\")","v":""},{"$f":"IFERROR(VLOOKUP(C4180,参数!B:H,3,FALSE),\"\")","v":""},"",1]
[4180,{"$nulls":6},{"$f":"IFERROR(VLOOKUP(C4181,参数!$B:$H,2,0),\"\")","v":""},{"$f":"IFERROR(VLOOKUP(C4181,参数!$B:$H,4,0),\"\")","v":""},{"$f":"IFERROR(VLOOKUP(C4181,参数!B:H,3,FALSE),\"\")","v":""},"",1]
[4181,{"$nulls":6},{"$f":"IFERROR(VLOOKUP(C4182,参数!$B:$H,2,0),\"\")","v":""},{"$f":"IFERROR(VLOOKUP(C4182,参数!$B:$H,4,0),\"\")","v":""},{"$f":"IFERROR(VLOOKUP(C4182,参数!B:H,3,FALSE),\"\")","v":""},"",1]
[4182,{"$nulls":6},{"$f":"IFERROR(VLOOKUP(C4183,参数!$B:$H,2,0),\"\")","v":""},{"$f":"IFERROR(VLOOKUP(C4183,参数!$B:$H,4,0),\"\")","v":""},{"$f":"IFERROR(VLOOKUP(C4183,参数!B:H,3,FALSE),\"\")","v":""},"",1]
[4183,{"$nulls":6},{"$f":"IFERROR(VLOOKUP(C4184,参数!$B:$H,2,0),\"\")","v":""},{"$f":"IFERROR(VLOOKUP(C4184,参数!$B:$H,4,0),\"\")","v":""},{"$f":"IFERROR(VLOOKUP(C4184,参数!B:H,3,FALSE),\"\")","v":""},"",1]
[4184,{"$nulls":6},{"$f":"IFERROR(VLOOKUP(C4185,参数!$B:$H,2,0),\"\")","v":""},{"$f":"IFERROR(VLOOKUP(C4185,参数!$B:$H,4,0),\"\")","v":""},{"$f":"IFERROR(VLOOKUP(C4185,参数!B:H,3,FALSE),\"\")","v":""},"",1]
[4185,{"$nulls":6},{"$f":"IFERROR(VLOOKUP(C4186,参数!$B:$H,2,0),\"\")","v":""},{"$f":"IFERROR(VLOOKUP(C4186,参数!$B:$H,4,0),\"\")","v":""},{"$f":"IFERROR(VLOOKUP(C4186,参数!B:H,3,FALSE),\"\")","v":""},"",1]
[4186,{"$nulls":6},{"$f":"IFERROR(VLOOKUP(C4187,参数!$B:$H,2,0),\"\")","v":""},{"$f":"IFERROR(VLOOKUP(C4187,参数!$B:$H,4,0),\"\")","v":""},{"$f":"IFERROR(VLOOKUP(C4187,参数!B:H,3,FALSE),\"\")","v":""},"",1]
[4187,{"$nulls":6},{"$f":"IFERROR(VLOOKUP(C4188,参数!$B:$H,2,0),\"\")","v":""},{"$f":"IFERROR(VLOOKUP(C4188,参数!$B:$H,4,0),\"\")","v":""},{"$f":"IFERROR(VLOOKUP(C4188,参数!B:H,3,FALSE),\"\")","v":""},"",1]
[4188,{"$nulls":6},{"$f":"IFERROR(VLOOKUP(C4189,参数!$B:$H,2,0),\"\")","v":""},{"$f":"IFERROR(VLOOKUP(C4189,参数!$B:$H,4,0),\"\")","v":""},{"$f":"IFERROR(VLOOKUP(C4189,参数!B:H,3,FALSE),\"\")","v":""},"",1]
[4189,{"$nulls":6},{"$f":"IFERROR(VLOOKUP(C4190,参数!$B:$H,2,0),\"\")","v":""},{"$f":"IFERROR(VLOOKUP(C4190,参数!$B:$H,4,0),\"\")","v":""},{"$f":"IFERROR(VLOOKUP(C4190,参数!B:H,3,FALSE),\"\")","v":""},"",1]
[4190,{"$nulls":6},{"$f":"IFERROR(VLOOKUP(C4191,参数!$B:$H,2,0),\"\")","v":""},{"$f":"IFERROR(VLOOKUP(C4191,参数!$B:$H,4,0),\"\")","v":""},{"$f":"IFERROR(VLOOKUP(C4191,参数!B:H,3,FALSE),\"\")","v":""},"",1]
[4191,{"$nulls":6},{"$f":"IFERROR(VLOOKUP(C4192,参数!$B:$H,2,0),\"\")","v":""},{"$f":"IFERROR(VLOOKUP(C4192,参数!$B:$H,4,0),\"\")","v":""},{"$f":"IFERROR(VLOOKUP(C4192,参数!B:H,3,FALSE),\"\")","v":""},"",1]
[4192,{"$nulls":6},{"$f":"IFERROR(VLOOKUP(C4193,参数!$B:$H,2,0),\"\")","v":""},{"$f":"IFERROR(VLOOKUP(C4193,参数!$B:$H,4,0),\"\")","v":""},{"$f":"IFERROR(VLOOKUP(C4193,参数!B:H,3,FALSE),\"\")","v":""},"",1]
[4193,{"$nulls":6},{"$f":"IFERROR(VLOOKUP(C4194,参数!$B:$H,2,0),\"\")","v":""},{"$f":"IFERROR(VLOOKUP(C4194,参数!$B:$H,4,0),\"\")","v":""},{"$f":"IFERROR(VLOOKUP(C4194,参数!B:H,3,FALSE),\"\")","v":""},"",1]
[4194,{"$nulls":6},{"$f":"IFERROR(VLOOKUP(C4195,参数!$B:$H,2,0),\"\")","v":""},{"$f":"IFERROR(VLOOKUP(C4195,参数!$B:$H,4,0),\"\")","v":""},{"$f":"IFERROR(VLOOKUP(C4195,参数!B:H,3,FALSE),\"\")","v":""},"",1]
[4195,{"$nulls":6},{"$f":"IFERROR(VLOOKUP(C4196,参数!$B:$H,2,0),\"\")","v":""},{"$f":"IFERROR(VLOOKUP(C4196,参数!$B:$H,4,0),\"\")","v":""},{"$f":"IFERROR(VLOOKUP(C4196,参数!B:H,3,FALSE),\"\")","v":""},"",1]
[4196,{"$nulls":6},{"$f":"IFERROR(VLOOKUP(C4197,参数!$B:$H,2,0),\"\")","v":""},{"$f":"IFERROR(VLOOKUP(C4197,参数!$B:$H,4,0),\"\")","v":""},{"$f":"IFERROR(VLOOKUP(C4197,参数!B:H,3,FALSE),\"\")","v":""},{"$f":"IFERROR(J4197*E4197,\"\")","v":""},1]
[4197,{"$nulls":6},{"$f":"IFERROR(VLOOKUP(C4198,参数!$B:$H,2,0),\"\")","v":""},{"$f":"IFERROR(VLOOKUP(C4198,参数!$B:$H,4,0),\"\")","v":""},{"$f":"IFERROR(VLOOKUP(C4198,参数!B:H,3,FALSE),\"\")","v":""},"",1]
[4198,{"$nulls":6},{"$f":"IFERROR(VLOOKUP(C4199,参数!$B:$H,2,0),\"\")","v":""},{"$f":"IFERROR(VLOOKUP(C4199,参数!$B:$H,4,0),\"\")","v":""},{"$f":"IFERROR(VLOOKUP(C4199,参数!B:H,3,FALSE),\"\")","v":""},"",1]
[4199,{"$nulls":6},{"$f":"IFERROR(VLOOKUP(C4200,参数!$B:$H,2,0),\"\")","v":""},{"$f":"IFERROR(VLOOKUP(C4200,参数!$B:$H,4,0),\"\")","v":""},{"$f":"IFERROR(VLOOKUP(C4200,参数!B:H,3,FALSE),\"\")","v":""},"",1]
[4200,{"$nulls":6},{"$f":"IFERROR(VLOOKUP(C4201,参数!$B:$H,2,0),\"\")","v":""},{"$f":"IFERROR(VLOOKUP(C4201,参数!$B:$H,4,0),\"\")","v":""},{"$f":"IFERROR(VLOOKUP(C4201,参数!B:H,3,FALSE),\"\")","v":""},"",1]
[4201,{"$nulls":6},{"$f":"IFERROR(VLOOKUP(C4202,参数!$B:$H,2,0),\"\")","v":""},{"$f":"IFERROR(VLOOKUP(C4202,参数!$B:$H,4,0),\"\")","v":""},{"$f":"IFERROR(VLOOKUP(C4202,参数!B:H,3,FALSE),\"\")","v":""},"",1]
[4202,{"$nulls":6},{"$f":"IFERROR(VLOOKUP(C4203,参数!$B:$H,2,0),\"\")","v":""},{"$f":"IFERROR(VLOOKUP(C4203,参数!$B:$H,4,0),\"\")","v":""},{"$f":"IFERROR(VLOOKUP(C4203,参数!B:H,3,FALSE),\"\")","v":""},"",1]
[4203,{"$nulls":6},{"$f":"IFERROR(VLOOKUP(C4204,参数!$B:$H,2,0),\"\")","v":""},{"$f":"IFERROR(VLOOKUP(C4204,参数!$B:$H,4,0),\"\")","v":""},{"$f":"IFERROR(VLOOKUP(C4204,参数!B:H,3,FALSE),\"\")","v":""},"",1]
[4204,{"$nulls":6},{"$f":"IFERROR(VLOOKUP(C4205,参数!$B:$H,2,0),\"\")","v":""},{"$f":"IFERROR(VLOOKUP(C4205,参数!$B:$H,4,0),\"\")","v":""},{"$f":"IFERROR(VLOOKUP(C4205,参数!B:H,3,FALSE),\"\")","v":""},"",1]
[4205,{"$nulls":6},{"$f":"IFERROR(VLOOKUP(C4206,参数!$B:$H,2,0),\"\")","v":""},{"$f":"IFERROR(VLOOKUP(C4206,参数!$B:$H,4,0),\"\")","v":""},{"$f":"IFERROR(VLOOKUP(C4206,参数!B:H,3,FALSE),\"\")","v":""},"",1]
[4206,{"$nulls":6},{"$f":"IFERROR(VLOOKUP(C4207,参数!$B:$H,2,0),\"\")","v":""},{"$f":"IFERROR(VLOOKUP(C4207,参数!$B:$H,4,0),\"\")","v":""},{"$f":"IFERROR(VLOOKUP(C4207,参数!B:H,3,FALSE),\"\")","v":""},"",1]
[4207,{"$nulls":6},{"$f":"IFERROR(VLOOKUP(C4208,参数!$B:$H,2,0),\"\")","v":""},{"$f":"IFERROR(VLOOKUP(C4208,参数!$B:$H,4,0),\"\")","v":""},{"$f":"IFERROR(VLOOKUP(C4208,参数!B:H,3,FALSE),\"\")","v":""},"",1]
[4208,{"$nulls":6},{"$f":"IFERROR(VLOOKUP(C4209,参数!$B:$H,2,0),\"\")","v":""},{"$f":"IFERROR(VLOOKUP(C4209,参数!$B:$H,4,0),\"\")","v":""},{"$f":"IFERROR(VLOOKUP(C4209,参数!B:H,3,FALSE),\"\")","v":""},"",1]
[4209,{"$nulls":6},{"$f":"IFERROR(VLOOKUP(C4210,参数!$B:$H,2,0),\"\")","v":""},{"$f":"IFERROR(VLOOKUP(C4210,参数!$B:$H,4,0),\"\")","v":""},{"$f":"IFERROR(VLOOKUP(C4210,参数!B:H,3,FALSE),\"\")","v":""},"",1]
[4210,{"$nulls":6},{"$f":"IFERROR(VLOOKUP(C4211,参数!$B:$H,2,0),\"\")","v":""},{"$f":"IFERROR(VLOOKUP(C4211,参数!$B:$H,4,0),\"\")","v":""},{"$f":"IFERROR(VLOOKUP(C4211,参数!B:H,3,FALSE),\"\")","v":""},"",1]
[4211,{"$nulls":6},{"$f":"IFERROR(VLOOKUP(C4212,参数!$B:$H,2,0),\"\")","v":""},{"$f":"IFERROR(VLOOKUP(C4212,参数!$B:$H,4,0),\"\")","v":""},{"$f":"IFERROR(VLOOKUP(C4212,参数!B:H,3,FALSE),\"\")","v":""},"",1]
[4212,{"$nulls":6},{"$f":"IFERROR(VLOOKUP(C4213,参数!$B:$H,2,0),\"\")","v":""},{"$f":"IFERROR(VLOOKUP(C4213,参数!$B:$H,4,0),\"\")","v":""},{"$f":"IFERROR(VLOOKUP(C4213,参数!B:H,3,FALSE),\"\")","v":""},"",1]
[4213,{"$nulls":6},{"$f":"IFERROR(VLOOKUP(C4214,参数!$B:$H,2,0),\"\")","v":""},{"$f":"IFERROR(VLOOKUP(C4214,参数!$B:$H,4,0),\"\")","v":""},{"$f":"IFERROR(VLOOKUP(C4214,参数!B:H,3,FALSE),\"\")","v":""},"",1]
[4214,{"$nulls":6},{"$f":"IFERROR(VLOOKUP(C4215,参数!$B:$H,2,0),\"\")","v":""},{"$f":"IFERROR(VLOOKUP(C4215,参数!$B:$H,4,0),\"\")","v":""},{"$f":"IFERROR(VLOOKUP(C4215,参数!B:H,3,FALSE),\"\")","v":""},"",1]
[4215,{"$nulls":6},{"$f":"IFERROR(VLOOKUP(C4216,参数!$B:$H,2,0),\"\")","v":""},{"$f":"IFERROR(VLOOKUP(C4216,参数!$B:$H,4,0),\"\")","v":""},{"$f":"IFERROR(VLOOKUP(C4216,参数!B:H,3,FALSE),\"\")","v":""},"",1]
[4216,{"$nulls":6},{"$f":"IFERROR(VLOOKUP(C4217,参数!$B:$H,2,0),\"\")","v":""},{"$f":"IFERROR(VLOOKUP(C4217,参数!$B:$H,4,0),\"\")","v":""},{"$f":"IFERROR(VLOOKUP(C4217,参数!B:H,3,FALSE),\"\")","v":""},"",1]
[4217,{"$nulls":6},{"$f":"IFERROR(VLOOKUP(C4218,参数!$B:$H,2,0),\"\")","v":""},{"$f":"IFERROR(VLOOKUP(C4218,参数!$B:$H,4,0),\"\")","v":""},{"$f":"IFERROR(VLOOKUP(C4218,参数!B:H,3,FALSE),\"\")","v":""},"",1]
[4218,{"$nulls":6},{"$f":"IFERROR(VLOOKUP(C4219,参数!$B:$H,2,0),\"\")","v":""},{"$f":"IFERROR(VLOOKUP(C4219,参数!$B:$H,4,0),\"\")","v":""},{"$f":"IFERROR(VLOOKUP(C4219,参数!B:H,3,FALSE),\"\")","v":""},"",1]
[4219,{"$nulls":6},{"$f":"IFERROR(VLOOKUP(C4220,参数!$B:$H,2,0),\"\")","v":""},{"$f":"IFERROR(VLOOKUP(C4220,参数!$B:$H,4,0),\"\")","v":""},{"$f":"IFERROR(VLOOKUP(C4220,参数!B:H,3,FALSE),\"\")","v":""},"",1]
[4220,{"$nulls":6},{"$f":"IFERROR(VLOOKUP(C4221,参数!$B:$H,2,0),\"\")","v":""},{"$f":"IFERROR(VLOOKUP(C4221,参数!$B:$H,4,0),\"\")","v":""},{"$f":"IFERROR(VLOOKUP(C4221,参数!B:H,3,FALSE),\"\")","v":""},"",1]
[4221,{"$nulls":6},{"$f":"IFERROR(VLOOKUP(C4222,参数!$B:$H,2,0),\"\")","v":""},{"$f":"IFERROR(VLOOKUP(C4222,参数!$B:$H,4,0),\"\")","v":""},{"$f":"IFERROR(VLOOKUP(C4222,参数!B:H,3,FALSE),\"\")","v":""},"",1]
[4222,{"$nulls":6},{"$f":"IFERROR(VLOOKUP(C4223,参数!$B:$H,2,0),\"\")","v":""},{"$f":"IFERROR(VLOOKUP(C4223,参数!$B:$H,4,0),\"\")","v":""},{"$f":"IFERROR(VLOOKUP(C4223,参数!B:H,3,FALSE),\"\")","v":""},"",1]
[4223,{"$nulls":6},{"$f":"IFERROR(VLOOKUP(C4224,参数!$B:$H,2,0),\"\")","v":""},{"$f":"IFERROR(VLOOKUP(C4224,参数!$B:$H,4,0),\"\")","v":""},{"$f":"IFERROR(VLOOKUP(C4224,参数!B:H,3,FALSE),\"\")","v":""},"",1]
[4224,{"$nulls":6},{"$f":"IFERROR(VLOOKUP(C4225,参数!$B:$H,2,0),\"\")","v":""},{"$f":"IFERROR(VLOOKUP(C4225,参数!$B:$H,4,0),\"\")","v":""},{"$f":"IFERROR(VLOOKUP(C4225,参数!B:H,3,FALSE),\"\")","v":""},"",1]
[4225,{"$nulls":6},{"$f":"IFERROR(VLOOKUP(C4226,参数!$B:$H,2,0),\"\")","v":""},{"$f":"IFERROR(VLOOKUP(C4226,参数!$B:$H,4,0),\"\")","v":""},{"$f":"IFERROR(VLOOKUP(C4226,参数!B:H,3,FALSE),\"\")","v":""},"",{"$f":"VALUE(MONTH(B4226))","v":1}]
[4226,{"$nulls":6},{"$f":"IFERROR(VLOOKUP(C4227,参数!$B:$H,2,0),\"\")","v":""},{"$f":"IFERROR(VLOOKUP(C4227,参数!$B:$H,4,0),\"\")","v":""},{"$f":"IFERROR(VLOOKUP(C4227,参数!B:H,3,FALSE),\"\")","v":""},"",1]
[4227,{"$nulls":6},{"$f":"IFERROR(VLOOKUP(C4228,参数!$B:$H,2,0),\"\")","v":""},{"$f":"IFERROR(VLOOKUP(C4228,参数!$B:$H,4,0),\"\")","v":""},{"$f":"IFERROR(VLOOKUP(C4228,参数!B:H,3,FALSE),\"\")","v":""},"",1]
[4228,{"$nulls":6},{"$f":"IFERROR(VLOOKUP(C4229,参数!$B:$H,2,0),\"\")","v":""},{"$f":"IFERROR(VLOOKUP(C4229,参数!$B:$H,4,0),\"\")","v":""},{"$f":"IFERROR(VLOOKUP(C4229,参数!B:H,3,FALSE),\"\")","v":""},"",1]
[4229,{"$nulls":6},{"$f":"IFERROR(VLOOKUP(C4230,参数!$B:$H,2,0),\"\")","v":""},{"$f":"IFERROR(VLOOKUP(C4230,参数!$B:$H,4,0),\"\")","v":""},{"$f":"IFERROR(VLOOKUP(C4230,参数!B:H,3,FALSE),\"\")","v":""},"",1]
[4230,{"$nulls":6},{"$f":"IFERROR(VLOOKUP(C4231,参数!$B:$H,2,0),\"\")","v":""},{"$f":"IFERROR(VLOOKUP(C4231,参数!$B:$H,4,0),\"\")","v":""},{"$f":"IFERROR(VLOOKUP(C4231,参数!B:H,3,FALSE),\"\")","v":""},"",1]
[4231,{"$nulls":6},{"$f":"IFERROR(VLOOKUP(C4232,参数!$B:$H,2,0),\"\")","v":""},{"$f":"IFERROR(VLOOKUP(C4232,参数!$B:$H,4,0),\"\")","v":""},{"$f":"IFERROR(VLOOKUP(C4232,参数!B:H,3,FALSE),\"\")","v":""},"",1]
[4232,{"$nulls":6},{"$f":"IFERROR(VLOOKUP(C4233,参数!$B:$H,2,0),\"\")","v":""},{"$f":"IFERROR(VLOOKUP(C4233,参数!$B:$H,4,0),\"\")","v":""},{"$f":"IFERROR(VLOOKUP(C4233,参数!B:H,3,FALSE),\"\")","v":""},"",1]
[4233,{"$nulls":6},{"$f":"IFERROR(VLOOKUP(C4234,参数!$B:$H,2,0),\"\")","v":""},{"$f":"IFERROR(VLOOKUP(C4234,参数!$B:$H,4,0),\"\")","v":""},{"$f":"IFERROR(VLOOKUP(C4234,参数!B:H,3,FALSE),\"\")","v":""},"",1]
[4234,{"$nulls":6},{"$f":"IFERROR(VLOOKUP(C4235,参数!$B:$H,2,0),\"\")","v":""},{"$f":"IFERROR(VLOOKUP(C4235,参数!$B:$H,4,0),\"\")","v":""},{"$f":"IFERROR(VLOOKUP(C4235,参数!B:H,3,FALSE),\"\")","v":""},"",1]
[4235,{"$nulls":6},{"$f":"IFERROR(VLOOKUP(C4236,参数!$B:$H,2,0),\"\")","v":""},{"$f":"IFERROR(VLOOKUP(C4236,参数!$B:$H,4,0),\"\")","v":""},{"$f":"IFERROR(VLOOKUP(C4236,参数!B:H,3,FALSE),\"\")","v":""},"",1]
[4236,{"$nulls":6},{"$f":"IFERROR(VLOOKUP(C4237,参数!$B:$H,2,0),\"\")","v":""},{"$f":"IFERROR(VLOOKUP(C4237,参数!$B:$H,4,0),\"\")","v":""},{"$f":"IFERROR(VLOOKUP(C4237,参数!B:H,3,FALSE),\"\")","v":""},"",1]
[4237,{"$nulls":6},{"$f":"IFERROR(VLOOKUP(C4238,参数!$B:$H,2,0),\"\")","v":""},{"$f":"IFERROR(VLOOKUP(C4238,参数!$B:$H,4,0),\"\")","v":""},{"$f":"IFERROR(VLOOKUP(C4238,参数!B:H,3,FALSE),\"\")","v":""},"",1]
[4238,{"$nulls":6},{"$f":"IFERROR(VLOOKUP(C4239,参数!$B:$H,2,0),\"\")","v":""},{"$f":"IFERROR(VLOOKUP(C4239,参数!$B:$H,4,0),\"\")","v":""},{"$f":"IFERROR(VLOOKUP(C4239,参数!B:H,3,FALSE),\"\")","v":""},"",1]
[4239,{"$nulls":6},{"$f":"IFERROR(VLOOKUP(C4240,参数!$B:$H,2,0),\"\")","v":""},{"$f":"IFERROR(VLOOKUP(C4240,参数!$B:$H,4,0),\"\")","v":""},{"$f":"IFERROR(VLOOKUP(C4240,参数!B:H,3,FALSE),\"\")","v":""},"",1]
[4240,{"$nulls":6},{"$f":"IFERROR(VLOOKUP(C4241,参数!$B:$H,2,0),\"\")","v":""},{"$f":"IFERROR(VLOOKUP(C4241,参数!$B:$H,4,0),\"\")","v":""},{"$f":"IFERROR(VLOOKUP(C4241,参数!B:H,3,FALSE),\"\")","v":""},"",1]
[4241,{"$nulls":6},{"$f":"IFERROR(VLOOKUP(C4242,参数!$B:$H,2,0),\"\")","v":""},{"$f":"IFERROR(VLOOKUP(C4242,参数!$B:$H,4,0),\"\")","v":""},{"$f":"IFERROR(VLOOKUP(C4242,参数!B:H,3,FALSE),\"\")","v":""},"",1]
[4242,{"$nulls":6},{"$f":"IFERROR(VLOOKUP(C4243,参数!$B:$H,2,0),\"\")","v":""},{"$f":"IFERROR(VLOOKUP(C4243,参数!$B:$H,4,0),\"\")","v":""},{"$f":"IFERROR(VLOOKUP(C4243,参数!B:H,3,FALSE),\"\")","v":""},"",1]
[4243,{"$nulls":6},{"$f":"IFERROR(VLOOKUP(C4244,参数!$B:$H,2,0),\"\")","v":""},{"$f":"IFERROR(VLOOKUP(C4244,参数!$B:$H,4,0),\"\")","v":""},{"$f":"IFERROR(VLOOKUP(C4244,参数!B:H,3,FALSE),\"\")","v":""},"",1]
[4244,{"$nulls":6},{"$f":"IFERROR(VLOOKUP(C4245,参数!$B:$H,2,0),\"\")","v":""},{"$f":"IFERROR(VLOOKUP(C4245,参数!$B:$H,4,0),\"\")","v":""},{"$f":"IFERROR(VLOOKUP(C4245,参数!B:H,3,FALSE),\"\")","v":""},"",1]
[4245,{"$nulls":6},{"$f":"IFERROR(VLOOKUP(C4246,参数!$B:$H,2,0),\"\")","v":""},{"$f":"IFERROR(VLOOKUP(C4246,参数!$B:$H,4,0),\"\")","v":""},{"$f":"IFERROR(VLOOKUP(C4246,参数!B:H,3,FALSE),\"\")","v":""},"",1]
[4246,{"$nulls":6},{"$f":"IFERROR(VLOOKUP(C4247,参数!$B:$H,2,0),\"\")","v":""},{"$f":"IFERROR(VLOOKUP(C4247,参数!$B:$H,4,0),\"\")","v":""},{"$f":"IFERROR(VLOOKUP(C4247,参数!B:H,3,FALSE),\"\")","v":""},"",1]
[4247,{"$nulls":6},{"$f":"IFERROR(VLOOKUP(C4248,参数!$B:$H,2,0),\"\")","v":""},{"$f":"IFERROR(VLOOKUP(C4248,参数!$B:$H,4,0),\"\")","v":""},{"$f":"IFERROR(VLOOKUP(C4248,参数!B:H,3,FALSE),\"\")","v":""},"",1]
[4248,{"$nulls":6},{"$f":"IFERROR(VLOOKUP(C4249,参数!$B:$H,2,0),\"\")","v":""},{"$f":"IFERROR(VLOOKUP(C4249,参数!$B:$H,4,0),\"\")","v":""},{"$f":"IFERROR(VLOOKUP(C4249,参数!B:H,3,FALSE),\"\")","v":""},"",1]
[4249,{"$nulls":6},{"$f":"IFERROR(VLOOKUP(C4250,参数!$B:$H,2,0),\"\")","v":""},{"$f":"IFERROR(VLOOKUP(C4250,参数!$B:$H,4,0),\"\")","v":""},{"$f":"IFERROR(VLOOKUP(C4250,参数!B:H,3,FALSE),\"\")","v":""},"",1]
[4250,{"$nulls":6},{"$f":"IFERROR(VLOOKUP(C4251,参数!$B:$H,2,0),\"\")","v":""},{"$f":"IFERROR(VLOOKUP(C4251,参数!$B:$H,4,0),\"\")","v":""},{"$f":"IFERROR(VLOOKUP(C4251,参数!B:H,3,FALSE),\"\")","v":""},"",1]
[4251,{"$nulls":6},{"$f":"IFERROR(VLOOKUP(C4252,参数!$B:$H,2,0),\"\")","v":""},{"$f":"IFERROR(VLOOKUP(C4252,参数!$B:$H,4,0),\"\")","v":""},{"$f":"IFERROR(VLOOKUP(C4252,参数!B:H,3,FALSE),\"\")","v":""},"",1]
[4252,{"$nulls":6},{"$f":"IFERROR(VLOOKUP(C4253,参数!$B:$H,2,0),\"\")","v":""},{"$f":"IFERROR(VLOOKUP(C4253,参数!$B:$H,4,0),\"\")","v":""},{"$f":"IFERROR(VLOOKUP(C4253,参数!B:H,3,FALSE),\"\")","v":""},"",1]
[4253,{"$nulls":6},{"$f":"IFERROR(VLOOKUP(C4254,参数!$B:$H,2,0),\"\")","v":""},{"$f":"IFERROR(VLOOKUP(C4254,参数!$B:$H,4,0),\"\")","v":""},{"$f":"IFERROR(VLOOKUP(C4254,参数!B:H,3,FALSE),\"\")","v":""},"",1]
[4254,{"$nulls":6},{"$f":"IFERROR(VLOOKUP(C4255,参数!$B:$H,2,0),\"\")","v":""},{"$f":"IFERROR(VLOOKUP(C4255,参数!$B:$H,4,0),\"\")","v":""},{"$f":"IFERROR(VLOOKUP(C4255,参数!B:H,3,FALSE),\"\")","v":""},"",1]
[4255,{"$nulls":6},{"$f":"IFERROR(VLOOKUP(C4256,参数!$B:$H,2,0),\"\")","v":""},{"$f":"IFERROR(VLOOKUP(C4256,参数!$B:$H,4,0),\"\")","v":""},{"$f":"IFERROR(VLOOKUP(C4256,参数!B:H,3,FALSE),\"\")","v":""},"",1]
[4256,{"$nulls":6},{"$f":"IFERROR(VLOOKUP(C4257,参数!$B:$H,2,0),\"\")","v":""},{"$f":"IFERROR(VLOOKUP(C4257,参数!$B:$H,4,0),\"\")","v":""},{"$f":"IFERROR(VLOOKUP(C4257,参数!B:H,3,FALSE),\"\")","v":""},"",1]
[4257,{"$nulls":6},{"$f":"IFERROR(VLOOKUP(C4258,参数!$B:$H,2,0),\"\")","v":""},{"$f":"IFERROR(VLOOKUP(C4258,参数!$B:$H,4,0),\"\")","v":""},{"$f":"IFERROR(VLOOKUP(C4258,参数!B:H,3,FALSE),\"\")","v":""},"",1]
[4258,{"$nulls":6},{"$f":"IFERROR(VLOOKUP(C4259,参数!$B:$H,2,0),\"\")","v":""},{"$f":"IFERROR(VLOOKUP(C4259,参数!$B:$H,4,0),\"\")","v":""},{"$f":"IFERROR(VLOOKUP(C4259,参数!B:H,3,FALSE),\"\")","v":""},"",1]
[4259,{"$nulls":6},{"$f":"IFERROR(VLOOKUP(C4260,参数!$B:$H,2,0),\"\")","v":""},{"$f":"IFERROR(VLOOKUP(C4260,参数!$B:$H,4,0),\"\")","v":""},{"$f":"IFERROR(VLOOKUP(C4260,参数!B:H,3,FALSE),\"\")","v":""},"",1]
[4260,{"$nulls":6},{"$f":"IFERROR(VLOOKUP(C4261,参数!$B:$H,2,0),\"\")","v":""},{"$f":"IFERROR(VLOOKUP(C4261,参数!$B:$H,4,0),\"\")","v":""},{"$f":"IFERROR(VLOOKUP(C4261,参数!B:H,3,FALSE),\"\")","v":""},{"$f":"IFERROR(J4261*E4261,\"\")","v":""},1]
[4261,{"$nulls":6},{"$f":"IFERROR(VLOOKUP(C4262,参数!$B:$H,2,0),\"\")","v":""},{"$f":"IFERROR(VLOOKUP(C4262,参数!$B:$H,4,0),\"\")","v":""},{"$f":"IFERROR(VLOOKUP(C4262,参数!B:H,3,FALSE),\"\")","v":""},"",1]
[4262,{"$nulls":6},{"$f":"IFERROR(VLOOKUP(C4263,参数!$B:$H,2,0),\"\")","v":""},{"$f":"IFERROR(VLOOKUP(C4263,参数!$B:$H,4,0),\"\")","v":""},{"$f":"IFERROR(VLOOKUP(C4263,参数!B:H,3,FALSE),\"\")","v":""},"",1]
[4263,{"$nulls":6},{"$f":"IFERROR(VLOOKUP(C4264,参数!$B:$H,2,0),\"\")","v":""},{"$f":"IFERROR(VLOOKUP(C4264,参数!$B:$H,4,0),\"\")","v":""},{"$f":"IFERROR(VLOOKUP(C4264,参数!B:H,3,FALSE),\"\")","v":""},"",1]
[4264,{"$nulls":6},{"$f":"IFERROR(VLOOKUP(C4265,参数!$B:$H,2,0),\"\")","v":""},{"$f":"IFERROR(VLOOKUP(C4265,参数!$B:$H,4,0),\"\")","v":""},{"$f":"IFERROR(VLOOKUP(C4265,参数!B:H,3,FALSE),\"\")","v":""},"",1]
[4265,{"$nulls":6},{"$f":"IFERROR(VLOOKUP(C4266,参数!$B:$H,2,0),\"\")","v":""},{"$f":"IFERROR(VLOOKUP(C4266,参数!$B:$H,4,0),\"\")","v":""},{"$f":"IFERROR(VLOOKUP(C4266,参数!B:H,3,FALSE),\"\")","v":""},"",1]
[4266,{"$nulls":6},{"$f":"IFERROR(VLOOKUP(C4267,参数!$B:$H,2,0),\"\")","v":""},{"$f":"IFERROR(VLOOKUP(C4267,参数!$B:$H,4,0),\"\")","v":""},{"$f":"IFERROR(VLOOKUP(C4267,参数!B:H,3,FALSE),\"\")","v":""},"",1]
[4267,{"$nulls":6},{"$f":"IFERROR(VLOOKUP(C4268,参数!$B:$H,2,0),\"\")","v":""},{"$f":"IFERROR(VLOOKUP(C4268,参数!$B:$H,4,0),\"\")","v":""},{"$f":"IFERROR(VLOOKUP(C4268,参数!B:H,3,FALSE),\"\")","v":""},"",1]
[4268,{"$nulls":6},{"$f":"IFERROR(VLOOKUP(C4269,参数!$B:$H,2,0),\"\")","v":""},{"$f":"IFERROR(VLOOKUP(C4269,参数!$B:$H,4,0),\"\")","v":""},{"$f":"IFERROR(VLOOKUP(C4269,参数!B:H,3,FALSE),\"\")","v":""},"",1]
[4269,{"$nulls":6},{"$f":"IFERROR(VLOOKUP(C4270,参数!$B:$H,2,0),\"\")","v":""},{"$f":"IFERROR(VLOOKUP(C4270,参数!$B:$H,4,0),\"\")","v":""},{"$f":"IFERROR(VLOOKUP(C4270,参数!B:H,3,FALSE),\"\")","v":""},"",1]
[4270,{"$nulls":6},{"$f":"IFERROR(VLOOKUP(C4271,参数!$B:$H,2,0),\"\")","v":""},{"$f":"IFERROR(VLOOKUP(C4271,参数!$B:$H,4,0),\"\")","v":""},{"$f":"IFERROR(VLOOKUP(C4271,参数!B:H,3,FALSE),\"\")","v":""},"",1]
[4271,{"$nulls":6},{"$f":"IFERROR(VLOOKUP(C4272,参数!$B:$H,2,0),\"\")","v":""},{"$f":"IFERROR(VLOOKUP(C4272,参数!$B:$H,4,0),\"\")","v":""},{"$f":"IFERROR(VLOOKUP(C4272,参数!B:H,3,FALSE),\"\")","v":""},"",1]
[4272,{"$nulls":6},{"$f":"IFERROR(VLOOKUP(C4273,参数!$B:$H,2,0),\"\")","v":""},{"$f":"IFERROR(VLOOKUP(C4273,参数!$B:$H,4,0),\"\")","v":""},{"$f":"IFERROR(VLOOKUP(C4273,参数!B:H,3,FALSE),\"\")","v":""},"",1]
[4273,{"$nulls":6},{"$f":"IFERROR(VLOOKUP(C4274,参数!$B:$H,2,0),\"\")","v":""},{"$f":"IFERROR(VLOOKUP(C4274,参数!$B:$H,4,0),\"\")","v":""},{"$f":"IFERROR(VLOOKUP(C4274,参数!B:H,3,FALSE),\"\")","v":""},"",1]
[4274,{"$nulls":6},{"$f":"IFERROR(VLOOKUP(C4275,参数!$B:$H,2,0),\"\")","v":""},{"$f":"IFERROR(VLOOKUP(C4275,参数!$B:$H,4,0),\"\")","v":""},{"$f":"IFERROR(VLOOKUP(C4275,参数!B:H,3,FALSE),\"\")","v":""},"",1]
[4275,{"$nulls":6},{"$f":"IFERROR(VLOOKUP(C4276,参数!$B:$H,2,0),\"\")","v":""},{"$f":"IFERROR(VLOOKUP(C4276,参数!$B:$H,4,0),\"\")","v":""},{"$f":"IFERROR(VLOOKUP(C4276,参数!B:H,3,FALSE),\"\")","v":""},"",1]
[4276,{"$nulls":6},{"$f":"IFERROR(VLOOKUP(C4277,参数!$B:$H,2,0),\"\")","v":""},{"$f":"IFERROR(VLOOKUP(C4277,参数!$B:$H,4,0),\"\")","v":""},{"$f":"IFERROR(VLOOKUP(C4277,参数!B:H,3,FALSE),\"\")","v":""},"",1]
[4277,{"$nulls":6},{"$f":"IFERROR(VLOOKUP(C4278,参数!$B:$H,2,0),\"\")","v":""},{"$f":"IFERROR(VLOOKUP(C4278,参数!$B:$H,4,0),\"\")","v":""},{"$f":"IFERROR(VLOOKUP(C4278,参数!B:H,3,FALSE),\"\")","v":""},"",1]
[4278,{"$nulls":6},{"$f":"IFERROR(VLOOKUP(C4279,参数!$B:$H,2,0),\"\")","v":""},{"$f":"IFERROR(VLOOKUP(C4279,参数!$B:$H,4,0),\"\")","v":""},{"$f":"IFERROR(VLOOKUP(C4279,参数!B:H,3,FALSE),\"\")","v":""},"",1]
[4279,{"$nulls":6},{"$f":"IFERROR(VLOOKUP(C4280,参数!$B:$H,2,0),\"\")","v":""},{"$f":"IFERROR(VLOOKUP(C4280,参数!$B:$H,4,0),\"\")","v":""},{"$f":"IFERROR(VLOOKUP(C4280,参数!B:H,3,FALSE),\"\")","v":""},"",1]
[4280,{"$nulls":6},{"$f":"IFERROR(VLOOKUP(C4281,参数!$B:$H,2,0),\"\")","v":""},{"$f":"IFERROR(VLOOKUP(C4281,参数!$B:$H,4,0),\"\")","v":""},{"$f":"IFERROR(VLOOKUP(C4281,参数!B:H,3,FALSE),\"\")","v":""},"",1]
[4281,{"$nulls":6},{"$f":"IFERROR(VLOOKUP(C4282,参数!$B:$H,2,0),\"\")","v":""},{"$f":"IFERROR(VLOOKUP(C4282,参数!$B:$H,4,0),\"\")","v":""},{"$f":"IFERROR(VLOOKUP(C4282,参数!B:H,3,FALSE),\"\")","v":""},"",1]
[4282,{"$nulls":6},{"$f":"IFERROR(VLOOKUP(C4283,参数!$B:$H,2,0),\"\")","v":""},{"$f":"IFERROR(VLOOKUP(C4283,参数!$B:$H,4,0),\"\")","v":""},{"$f":"IFERROR(VLOOKUP(C4283,参数!B:H,3,FALSE),\"\")","v":""},"",1]
[4283,{"$nulls":6},{"$f":"IFERROR(VLOOKUP(C4284,参数!$B:$H,2,0),\"\")","v":""},{"$f":"IFERROR(VLOOKUP(C4284,参数!$B:$H,4,0),\"\")","v":""},{"$f":"IFERROR(VLOOKUP(C4284,参数!B:H,3,FALSE),\"\")","v":""},"",1]
[4284,{"$nulls":6},{"$f":"IFERROR(VLOOKUP(C4285,参数!$B:$H,2,0),\"\")","v":""},{"$f":"IFERROR(VLOOKUP(C4285,参数!$B:$H,4,0),\"\")","v":""},{"$f":"IFERROR(VLOOKUP(C4285,参数!B:H,3,FALSE),\"\")","v":""},"",1]
[4285,{"$nulls":6},{"$f":"IFERROR(VLOOKUP(C4286,参数!$B:$H,2,0),\"\")","v":""},{"$f":"IFERROR(VLOOKUP(C4286,参数!$B:$H,4,0),\"\")","v":""},{"$f":"IFERROR(VLOOKUP(C4286,参数!B:H,3,FALSE),\"\")","v":""},"",1]
[4286,{"$nulls":6},{"$f":"IFERROR(VLOOKUP(C4287,参数!$B:$H,2,0),\"\")","v":""},{"$f":"IFERROR(VLOOKUP(C4287,参数!$B:$H,4,0),\"\")","v":""},{"$f":"IFERROR(VLOOKUP(C4287,参数!B:H,3,FALSE),\"\")","v":""},"",1]
[4287,{"$nulls":6},{"$f":"IFERROR(VLOOKUP(C4288,参数!$B:$H,2,0),\"\")","v":""},{"$f":"IFERROR(VLOOKUP(C4288,参数!$B:$H,4,0),\"\")","v":""},{"$f":"IFERROR(VLOOKUP(C4288,参数!B:H,3,FALSE),\"\")","v":""},"",1]
[4288,{"$nulls":6},{"$f":"IFERROR(VLOOKUP(C4289,参数!$B:$H,2,0),\"\")","v":""},{"$f":"IFERROR(VLOOKUP(C4289,参数!$B:$H,4,0),\"\")","v":""},{"$f":"IFERROR(VLOOKUP(C4289,参数!B:H,3,FALSE),\"\")","v":""},"",1]
[4289,{"$nulls":6},{"$f":"IFERROR(VLOOKUP(C4290,参数!$B:$H,2,0),\"\")","v":""},{"$f":"IFERROR(VLOOKUP(C4290,参数!$B:$H,4,0),\"\")","v":""},{"$f":"IFERROR(VLOOKUP(C4290,参数!B:H,3,FALSE),\"\")","v":""},"",{"$f":"VALUE(MONTH(B4290))","v":1}]
[4290,{"$nulls":6},{"$f":"IFERROR(VLOOKUP(C4291,参数!$B:$H,2,0),\"\")","v":""},{"$f":"IFERROR(VLOOKUP(C4291,参数!$B:$H,4,0),\"\")","v":""},{"$f":"IFERROR(VLOOKUP(C4291,参数!B:H,3,FALSE),\"\")","v":""},"",1]
[4291,{"$nulls":6},{"$f":"IFERROR(VLOOKUP(C4292,参数!$B:$H,2,0),\"\")","v":""},{"$f":"IFERROR(VLOOKUP(C4292,参数!$B:$H,4,0),\"\")","v":""},{"$f":"IFERROR(VLOOKUP(C4292,参数!B:H,3,FALSE),\"\")","v":""},"",1]
[4292,{"$nulls":6},{"$f":"IFERROR(VLOOKUP(C4293,参数!$B:$H,2,0),\"\")","v":""},{"$f":"IFERROR(VLOOKUP(C4293,参数!$B:$H,4,0),\"\")","v":""},{"$f":"IFERROR(VLOOKUP(C4293,参数!B:H,3,FALSE),\"\")","v":""},"",1]
[4293,{"$nulls":6},{"$f":"IFERROR(VLOOKUP(C4294,参数!$B:$H,2,0),\"\")","v":""},{"$f":"IFERROR(VLOOKUP(C4294,参数!$B:$H,4,0),\"\")","v":""},{"$f":"IFERROR(VLOOKUP(C4294,参数!B:H,3,FALSE),\"\")","v":""},"",1]
[4294,{"$nulls":6},{"$f":"IFERROR(VLOOKUP(C4295,参数!$B:$H,2,0),\"\")","v":""},{"$f":"IFERROR(VLOOKUP(C4295,参数!$B:$H,4,0),\"\")","v":""},{"$f":"IFERROR(VLOOKUP(C4295,参数!B:H,3,FALSE),\"\")","v":""},"",1]
[4295,{"$nulls":6},{"$f":"IFERROR(VLOOKUP(C4296,参数!$B:$H,2,0),\"\")","v":""},{"$f":"IFERROR(VLOOKUP(C4296,参数!$B:$H,4,0),\"\")","v":""},{"$f":"IFERROR(VLOOKUP(C4296,参数!B:H,3,FALSE),\"\")","v":""},"",1]
[4296,{"$nulls":6},{"$f":"IFERROR(VLOOKUP(C4297,参数!$B:$H,2,0),\"\")","v":""},{"$f":"IFERROR(VLOOKUP(C4297,参数!$B:$H,4,0),\"\")","v":""},{"$f":"IFERROR(VLOOKUP(C4297,参数!B:H,3,FALSE),\"\")","v":""},"",1]
[4297,{"$nulls":6},{"$f":"IFERROR(VLOOKUP(C4298,参数!$B:$H,2,0),\"\")","v":""},{"$f":"IFERROR(VLOOKUP(C4298,参数!$B:$H,4,0),\"\")","v":""},{"$f":"IFERROR(VLOOKUP(C4298,参数!B:H,3,FALSE),\"\")","v":""},"",1]
[4298,{"$nulls":6},{"$f":"IFERROR(VLOOKUP(C4299,参数!$B:$H,2,0),\"\")","v":""},{"$f":"IFERROR(VLOOKUP(C4299,参数!$B:$H,4,0),\"\")","v":""},{"$f":"IFERROR(VLOOKUP(C4299,参数!B:H,3,FALSE),\"\")","v":""},"",1]
[4299,{"$nulls":6},{"$f":"IFERROR(VLOOKUP(C4300,参数!$B:$H,2,0),\"\")","v":""},{"$f":"IFERROR(VLOOKUP(C4300,参数!$B:$H,4,0),\"\")","v":""},{"$f":"IFERROR(VLOOKUP(C4300,参数!B:H,3,FALSE),\"\")","v":""},"",1]
[4300,{"$nulls":6},{"$f":"IFERROR(VLOOKUP(C4301,参数!$B:$H,2,0),\"\")","v":""},{"$f":"IFERROR(VLOOKUP(C4301,参数!$B:$H,4,0),\"\")","v":""},{"$f":"IFERROR(VLOOKUP(C4301,参数!B:H,3,FALSE),\"\")","v":""},"",1]
[4301,{"$nulls":6},{"$f":"IFERROR(VLOOKUP(C4302,参数!$B:$H,2,0),\"\")","v":""},{"$f":"IFERROR(VLOOKUP(C4302,参数!$B:$H,4,0),\"\")","v":""},{"$f":"IFERROR(VLOOKUP(C4302,参数!B:H,3,FALSE),\"\")","v":""},"",1]
[4302,{"$nulls":6},{"$f":"IFERROR(VLOOKUP(C4303,参数!$B:$H,2,0),\"\")","v":""},{"$f":"IFERROR(VLOOKUP(C4303,参数!$B:$H,4,0),\"\")","v":""},{"$f":"IFERROR(VLOOKUP(C4303,参数!B:H,3,FALSE),\"\")","v":""},"",1]
[4303,{"$nulls":6},{"$f":"IFERROR(VLOOKUP(C4304,参数!$B:$H,2,0),\"\")","v":""},{"$f":"IFERROR(VLOOKUP(C4304,参数!$B:$H,4,0),\"\")","v":""},{"$f":"IFERROR(VLOOKUP(C4304,参数!B:H,3,FALSE),\"\")","v":""},"",1]
[4304,{"$nulls":6},{"$f":"IFERROR(VLOOKUP(C4305,参数!$B:$H,2,0),\"\")","v":""},{"$f":"IFERROR(VLOOKUP(C4305,参数!$B:$H,4,0),\"\")","v":""},{"$f":"IFERROR(VLOOKUP(C4305,参数!B:H,3,FALSE),\"\")","v":""},"",1]
[4305,{"$nulls":6},{"$f":"IFERROR(VLOOKUP(C4306,参数!$B:$H,2,0),\"\")","v":""},{"$f":"IFERROR(VLOOKUP(C4306,参数!$B:$H,4,0),\"\")","v":""},{"$f":"IFERROR(VLOOKUP(C4306,参数!B:H,3,FALSE),\"\")","v":""},"",1]
[4306,{"$nulls":6},{"$f":"IFERROR(VLOOKUP(C4307,参数!$B:$H,2,0),\"\")","v":""},{"$f":"IFERROR(VLOOKUP(C4307,参数!$B:$H,4,0),\"\")","v":""},{"$f":"IFERROR(VLOOKUP(C4307,参数!B:H,3,FALSE),\"\")","v":""},"",1]
[4307,{"$nulls":6},{"$f":"IFERROR(VLOOKUP(C4308,参数!$B:$H,2,0),\"\")","v":""},{"$f":"IFERROR(VLOOKUP(C4308,参数!$B:$H,4,0),\"\")","v":""},{"$f":"IFERROR(VLOOKUP(C4308,参数!B:H,3,FALSE),\"\")","v":""},"",1]
[4308,{"$nulls":6},{"$f":"IFERROR(VLOOKUP(C4309,参数!$B:$H,2,0),\"\")","v":""},{"$f":"IFERROR(VLOOKUP(C4309,参数!$B:$H,4,0),\"\")","v":""},{"$f":"IFERROR(VLOOKUP(C4309,参数!B:H,3,FALSE),\"\")","v":""},"",1]
[4309,{"$nulls":6},{"$f":"IFERROR(VLOOKUP(C4310,参数!$B:$H,2,0),\"\")","v":""},{"$f":"IFERROR(VLOOKUP(C4310,参数!$B:$H,4,0),\"\")","v":""},{"$f":"IFERROR(VLOOKUP(C4310,参数!B:H,3,FALSE),\"\")","v":""},"",1]
[4310,{"$nulls":6},{"$f":"IFERROR(VLOOKUP(C4311,参数!$B:$H,2,0),\"\")","v":""},{"$f":"IFERROR(VLOOKUP(C4311,参数!$B:$H,4,0),\"\")","v":""},{"$f":"IFERROR(VLOOKUP(C4311,参数!B:H,3,FALSE),\"\")","v":""},"",1]
[4311,{"$nulls":6},{"$f":"IFERROR(VLOOKUP(C4312,参数!$B:$H,2,0),\"\")","v":""},{"$f":"IFERROR(VLOOKUP(C4312,参数!$B:$H,4,0),\"\")","v":""},{"$f":"IFERROR(VLOOKUP(C4312,参数!B:H,3,FALSE),\"\")","v":""},"",1]
[4312,{"$nulls":6},{"$f":"IFERROR(VLOOKUP(C4313,参数!$B:$H,2,0),\"\")","v":""},{"$f":"IFERROR(VLOOKUP(C4313,参数!$B:$H,4,0),\"\")","v":""},{"$f":"IFERROR(VLOOKUP(C4313,参数!B:H,3,FALSE),\"\")","v":""},"",1]
[4313,{"$nulls":6},{"$f":"IFERROR(VLOOKUP(C4314,参数!$B:$H,2,0),\"\")","v":""},{"$f":"IFERROR(VLOOKUP(C4314,参数!$B:$H,4,0),\"\")","v":""},{"$f":"IFERROR(VLOOKUP(C4314,参数!B:H,3,FALSE),\"\")","v":""},"",1]
[4314,{"$nulls":6},{"$f":"IFERROR(VLOOKUP(C4315,参数!$B:$H,2,0),\"\")","v":""},{"$f":"IFERROR(VLOOKUP(C4315,参数!$B:$H,4,0),\"\")","v":""},{"$f":"IFERROR(VLOOKUP(C4315,参数!B:H,3,FALSE),\"\")","v":""},"",1]
[4315,{"$nulls":6},{"$f":"IFERROR(VLOOKUP(C4316,参数!$B:$H,2,0),\"\")","v":""},{"$f":"IFERROR(VLOOKUP(C4316,参数!$B:$H,4,0),\"\")","v":""},{"$f":"IFERROR(VLOOKUP(C4316,参数!B:H,3,FALSE),\"\")","v":""},"",1]
[4316,{"$nulls":6},{"$f":"IFERROR(VLOOKUP(C4317,参数!$B:$H,2,0),\"\")","v":""},{"$f":"IFERROR(VLOOKUP(C4317,参数!$B:$H,4,0),\"\")","v":""},{"$f":"IFERROR(VLOOKUP(C4317,参数!B:H,3,FALSE),\"\")","v":""},"",1]
[4317,{"$nulls":6},{"$f":"IFERROR(VLOOKUP(C4318,参数!$B:$H,2,0),\"\")","v":""},{"$f":"IFERROR(VLOOKUP(C4318,参数!$B:$H,4,0),\"\")","v":""},{"$f":"IFERROR(VLOOKUP(C4318,参数!B:H,3,FALSE),\"\")","v":""},"",1]
[4318,{"$nulls":6},{"$f":"IFERROR(VLOOKUP(C4319,参数!$B:$H,2,0),\"\")","v":""},{"$f":"IFERROR(VLOOKUP(C4319,参数!$B:$H,4,0),\"\")","v":""},{"$f":"IFERROR(VLOOKUP(C4319,参数!B:H,3,FALSE),\"\")","v":""},"",1]
[4319,{"$nulls":6},{"$f":"IFERROR(VLOOKUP(C4320,参数!$B:$H,2,0),\"\")","v":""},{"$f":"IFERROR(VLOOKUP(C4320,参数!$B:$H,4,0),\"\")","v":""},{"$f":"IFERROR(VLOOKUP(C4320,参数!B:H,3,FALSE),\"\")","v":""},"",1]
[4320,{"$nulls":6},{"$f":"IFERROR(VLOOKUP(C4321,参数!$B:$H,2,0),\"\")","v":""},{"$f":"IFERROR(VLOOKUP(C4321,参数!$B:$H,4,0),\"\")","v":""},{"$f":"IFERROR(VLOOKUP(C4321,参数!B:H,3,FALSE),\"\")","v":""},"",1]
[4321,{"$nulls":6},{"$f":"IFERROR(VLOOKUP(C4322,参数!$B:$H,2,0),\"\")","v":""},{"$f":"IFERROR(VLOOKUP(C4322,参数!$B:$H,4,0),\"\")","v":""},{"$f":"IFERROR(VLOOKUP(C4322,参数!B:H,3,FALSE),\"\")","v":""},"",1]
[4322,{"$nulls":6},{"$f":"IFERROR(VLOOKUP(C4323,参数!$B:$H,2,0),\"\")","v":""},{"$f":"IFERROR(VLOOKUP(C4323,参数!$B:$H,4,0),\"\")","v":""},{"$f":"IFERROR(VLOOKUP(C4323,参数!B:H,3,FALSE),\"\")","v":""},"",1]
[4323,{"$nulls":6},{"$f":"IFERROR(VLOOKUP(C4324,参数!$B:$H,2,0),\"\")","v":""},{"$f":"IFERROR(VLOOKUP(C4324,参数!$B:$H,4,0),\"\")","v":""},{"$f":"IFERROR(VLOOKUP(C4324,参数!B:H,3,FALSE),\"\")","v":""},"",1]
[4324,{"$nulls":6},{"$f":"IFERROR(VLOOKUP(C4325,参数!$B:$H,2,0),\"\")","v":""},{"$f":"IFERROR(VLOOKUP(C4325,参数!$B:$H,4,0),\"\")","v":""},{"$f":"IFERROR(VLOOKUP(C4325,参数!B:H,3,FALSE),\"\")","v":""},{"$f":"IFERROR(J4325*E4325,\"\")","v":""},1]
[4325,{"$nulls":6},{"$f":"IFERROR(VLOOKUP(C4326,参数!$B:$H,2,0),\"\")","v":""},{"$f":"IFERROR(VLOOKUP(C4326,参数!$B:$H,4,0),\"\")","v":""},{"$f":"IFERROR(VLOOKUP(C4326,参数!B:H,3,FALSE),\"\")","v":""},"",1]
[4326,{"$nulls":6},{"$f":"IFERROR(VLOOKUP(C4327,参数!$B:$H,2,0),\"\")","v":""},{"$f":"IFERROR(VLOOKUP(C4327,参数!$B:$H,4,0),\"\")","v":""},{"$f":"IFERROR(VLOOKUP(C4327,参数!B:H,3,FALSE),\"\")","v":""},"",1]
[4327,{"$nulls":6},{"$f":"IFERROR(VLOOKUP(C4328,参数!$B:$H,2,0),\"\")","v":""},{"$f":"IFERROR(VLOOKUP(C4328,参数!$B:$H,4,0),\"\")","v":""},{"$f":"IFERROR(VLOOKUP(C4328,参数!B:H,3,FALSE),\"\")","v":""},"",1]
[4328,{"$nulls":6},{"$f":"IFERROR(VLOOKUP(C4329,参数!$B:$H,2,0),\"\")","v":""},{"$f":"IFERROR(VLOOKUP(C4329,参数!$B:$H,4,0),\"\")","v":""},{"$f":"IFERROR(VLOOKUP(C4329,参数!B:H,3,FALSE),\"\")","v":""},"",1]
[4329,{"$nulls":6},{"$f":"IFERROR(VLOOKUP(C4330,参数!$B:$H,2,0),\"\")","v":""},{"$f":"IFERROR(VLOOKUP(C4330,参数!$B:$H,4,0),\"\")","v":""},{"$f":"IFERROR(VLOOKUP(C4330,参数!B:H,3,FALSE),\"\")","v":""},"",1]
[4330,{"$nulls":6},{"$f":"IFERROR(VLOOKUP(C4331,参数!$B:$H,2,0),\"\")","v":""},{"$f":"IFERROR(VLOOKUP(C4331,参数!$B:$H,4,0),\"\")","v":""},{"$f":"IFERROR(VLOOKUP(C4331,参数!B:H,3,FALSE),\"\")","v":""},"",1]
[4331,{"$nulls":6},{"$f":"IFERROR(VLOOKUP(C4332,参数!$B:$H,2,0),\"\")","v":""},{"$f":"IFERROR(VLOOKUP(C4332,参数!$B:$H,4,0),\"\")","v":""},{"$f":"IFERROR(VLOOKUP(C4332,参数!B:H,3,FALSE),\"\")","v":""},"",1]
[4332,{"$nulls":6},{"$f":"IFERROR(VLOOKUP(C4333,参数!$B:$H,2,0),\"\")","v":""},{"$f":"IFERROR(VLOOKUP(C4333,参数!$B:$H,4,0),\"\")","v":""},{"$f":"IFERROR(VLOOKUP(C4333,参数!B:H,3,FALSE),\"\")","v":""},"",1]
[4333,{"$nulls":6},{"$f":"IFERROR(VLOOKUP(C4334,参数!$B:$H,2,0),\"\")","v":""},{"$f":"IFERROR(VLOOKUP(C4334,参数!$B:$H,4,0),\"\")","v":""},{"$f":"IFERROR(VLOOKUP(C4334,参数!B:H,3,FALSE),\"\")","v":""},"",1]
[4334,{"$nulls":6},{"$f":"IFERROR(VLOOKUP(C4335,参数!$B:$H,2,0),\"\")","v":""},{"$f":"IFERROR(VLOOKUP(C4335,参数!$B:$H,4,0),\"\")","v":""},{"$f":"IFERROR(VLOOKUP(C4335,参数!B:H,3,FALSE),\"\")","v":""},"",1]
[4335,{"$nulls":6},{"$f":"IFERROR(VLOOKUP(C4336,参数!$B:$H,2,0),\"\")","v":""},{"$f":"IFERROR(VLOOKUP(C4336,参数!$B:$H,4,0),\"\")","v":""},{"$f":"IFERROR(VLOOKUP(C4336,参数!B:H,3,FALSE),\"\")","v":""},"",1]
[4336,{"$nulls":6},{"$f":"IFERROR(VLOOKUP(C4337,参数!$B:$H,2,0),\"\")","v":""},{"$f":"IFERROR(VLOOKUP(C4337,参数!$B:$H,4,0),\"\")","v":""},{"$f":"IFERROR(VLOOKUP(C4337,参数!B:H,3,FALSE),\"\")","v":""},"",1]
[4337,{"$nulls":6},{"$f":"IFERROR(VLOOKUP(C4338,参数!$B:$H,2,0),\"\")","v":""},{"$f":"IFERROR(VLOOKUP(C4338,参数!$B:$H,4,0),\"\")","v":""},{"$f":"IFERROR(VLOOKUP(C4338,参数!B:H,3,FALSE),\"\")","v":""},"",1]
[4338,{"$nulls":6},{"$f":"IFERROR(VLOOKUP(C4339,参数!$B:$H,2,0),\"\")","v":""},{"$f":"IFERROR(VLOOKUP(C4339,参数!$B:$H,4,0),\"\")","v":""},{"$f":"IFERROR(VLOOKUP(C4339,参数!B:H,3,FALSE),\"\")","v":""},"",1]
[4339,{"$nulls":6},{"$f":"IFERROR(VLOOKUP(C4340,参数!$B:$H,2,0),\"\")","v":""},{"$f":"IFERROR(VLOOKUP(C4340,参数!$B:$H,4,0),\"\")","v":""},{"$f":"IFERROR(VLOOKUP(C4340,参数!B:H,3,FALSE),\"\")","v":""},"",1]
[4340,{"$nulls":6},{"$f":"IFERROR(VLOOKUP(C4341,参数!$B:$H,2,0),\"\")","v":""},{"$f":"IFERROR(VLOOKUP(C4341,参数!$B:$H,4,0),\"\")","v":""},{"$f":"IFERROR(VLOOKUP(C4341,参数!B:H,3,FALSE),\"\")","v":""},"",1]
[4341,{"$nulls":6},{"$f":"IFERROR(VLOOKUP(C4342,参数!$B:$H,2,0),\"\")","v":""},{"$f":"IFERROR(VLOOKUP(C4342,参数!$B:$H,4,0),\"\")","v":""},{"$f":"IFERROR(VLOOKUP(C4342,参数!B:H,3,FALSE),\"\")","v":""},"",1]
[4342,{"$nulls":6},{"$f":"IFERROR(VLOOKUP(C4343,参数!$B:$H,2,0),\"\")","v":""},{"$f":"IFERROR(VLOOKUP(C4343,参数!$B:$H,4,0),\"\")","v":""},{"$f":"IFERROR(VLOOKUP(C4343,参数!B:H,3,FALSE),\"\")","v":""},"",1]
[4343,{"$nulls":6},{"$f":"IFERROR(VLOOKUP(C4344,参数!$B:$H,2,0),\"\")","v":""},{"$f":"IFERROR(VLOOKUP(C4344,参数!$B:$H,4,0),\"\")","v":""},{"$f":"IFERROR(VLOOKUP(C4344,参数!B:H,3,FALSE),\"\")","v":""},"",1]
[4344,{"$nulls":6},{"$f":"IFERROR(VLOOKUP(C4345,参数!$B:$H,2,0),\"\")","v":""},{"$f":"IFERROR(VLOOKUP(C4345,参数!$B:$H,4,0),\"\")","v":""},{"$f":"IFERROR(VLOOKUP(C4345,参数!B:H,3,FALSE),\"\")","v":""},"",1]
[4345,{"$nulls":6},{"$f":"IFERROR(VLOOKUP(C4346,参数!$B:$H,2,0),\"\")","v":""},{"$f":"IFERROR(VLOOKUP(C4346,参数!$B:$H,4,0),\"\")","v":""},{"$f":"IFERROR(VLOOKUP(C4346,参数!B:H,3,FALSE),\"\")","v":""},"",1]
[4346,{"$nulls":6},{"$f":"IFERROR(VLOOKUP(C4347,参数!$B:$H,2,0),\"\")","v":""},{"$f":"IFERROR(VLOOKUP(C4347,参数!$B:$H,4,0),\"\")","v":""},{"$f":"IFERROR(VLOOKUP(C4347,参数!B:H,3,FALSE),\"\")","v":""},"",1]
[4347,{"$nulls":6},{"$f":"IFERROR(VLOOKUP(C4348,参数!$B:$H,2,0),\"\")","v":""},{"$f":"IFERROR(VLOOKUP(C4348,参数!$B:$H,4,0),\"\")","v":""},{"$f":"IFERROR(VLOOKUP(C4348,参数!B:H,3,FALSE),\"\")","v":""},"",1]
[4348,{"$nulls":6},{"$f":"IFERROR(VLOOKUP(C4349,参数!$B:$H,2,0),\"\")","v":""},{"$f":"IFERROR(VLOOKUP(C4349,参数!$B:$H,4,0),\"\")","v":""},{"$f":"IFERROR(VLOOKUP(C4349,参数!B:H,3,FALSE),\"\")","v":""},"",1]
[4349,{"$nulls":6},{"$f":"IFERROR(VLOOKUP(C4350,参数!$B:$H,2,0),\"\")","v":""},{"$f":"IFERROR(VLOOKUP(C4350,参数!$B:$H,4,0),\"\")","v":""},{"$f":"IFERROR(VLOOKUP(C4350,参数!B:H,3,FALSE),\"\")","v":""},"",1]
[4350,{"$nulls":6},{"$f":"IFERROR(VLOOKUP(C4351,参数!$B:$H,2,0),\"\")","v":""},{"$f":"IFERROR(VLOOKUP(C4351,参数!$B:$H,4,0),\"\")","v":""},{"$f":"IFERROR(VLOOKUP(C4351,参数!B:H,3,FALSE),\"\")","v":""},"",1]
[4351,{"$nulls":6},{"$f":"IFERROR(VLOOKUP(C4352,参数!$B:$H,2,0),\"\")","v":""},{"$f":"IFERROR(VLOOKUP(C4352,参数!$B:$H,4,0),\"\")","v":""},{"$f":"IFERROR(VLOOKUP(C4352,参数!B:H,3,FALSE),\"\")","v":""},"",1]
[4352,{"$nulls":6},{"$f":"IFERROR(VLOOKUP(C4353,参数!$B:$H,2,0),\"\")","v":""},{"$f":"IFERROR(VLOOKUP(C4353,参数!$B:$H,4,0),\"\")","v":""},{"$f":"IFERROR(VLOOKUP(C4353,参数!B:H,3,FALSE),\"\")","v":""},"",1]
[4353,{"$nulls":6},{"$f":"IFERROR(VLOOKUP(C4354,参数!$B:$H,2,0),\"\")","v":""},{"$f":"IFERROR(VLOOKUP(C4354,参数!$B:$H,4,0),\"\")","v":""},{"$f":"IFERROR(VLOOKUP(C4354,参数!B:H,3,FALSE),\"\")","v":""},"",{"$f":"VALUE(MONTH(B4354))","v":1}]
[4354,{"$nulls":6},{"$f":"IFERROR(VLOOKUP(C4355,参数!$B:$H,2,0),\"\")","v":""},{"$f":"IFERROR(VLOOKUP(C4355,参数!$B:$H,4,0),\"\")","v":""},{"$f":"IFERROR(VLOOKUP(C4355,参数!B:H,3,FALSE),\"\")","v":""},"",1]
[4355,{"$nulls":6},{"$f":"IFERROR(VLOOKUP(C4356,参数!$B:$H,2,0),\"\")","v":""},{"$f":"IFERROR(VLOOKUP(C4356,参数!$B:$H,4,0),\"\")","v":""},{"$f":"IFERROR(VLOOKUP(C4356,参数!B:H,3,FALSE),\"\")","v":""},"",1]
[4356,{"$nulls":6},{"$f":"IFERROR(VLOOKUP(C4357,参数!$B:$H,2,0),\"\")","v":""},{"$f":"IFERROR(VLOOKUP(C4357,参数!$B:$H,4,0),\"\")","v":""},{"$f":"IFERROR(VLOOKUP(C4357,参数!B:H,3,FALSE),\"\")","v":""},"",1]
[4357,{"$nulls":6},{"$f":"IFERROR(VLOOKUP(C4358,参数!$B:$H,2,0),\"\")","v":""},{"$f":"IFERROR(VLOOKUP(C4358,参数!$B:$H,4,0),\"\")","v":""},{"$f":"IFERROR(VLOOKUP(C4358,参数!B:H,3,FALSE),\"\")","v":""},"",1]
[4358,{"$nulls":6},{"$f":"IFERROR(VLOOKUP(C4359,参数!$B:$H,2,0),\"\")","v":""},{"$f":"IFERROR(VLOOKUP(C4359,参数!$B:$H,4,0),\"\")","v":""},{"$f":"IFERROR(VLOOKUP(C4359,参数!B:H,3,FALSE),\"\")","v":""},"",1]
[4359,{"$nulls":6},{"$f":"IFERROR(VLOOKUP(C4360,参数!$B:$H,2,0),\"\")","v":""},{"$f":"IFERROR(VLOOKUP(C4360,参数!$B:$H,4,0),\"\")","v":""},{"$f":"IFERROR(VLOOKUP(C4360,参数!B:H,3,FALSE),\"\")","v":""},"",1]
[4360,{"$nulls":6},{"$f":"IFERROR(VLOOKUP(C4361,参数!$B:$H,2,0),\"\")","v":""},{"$f":"IFERROR(VLOOKUP(C4361,参数!$B:$H,4,0),\"\")","v":""},{"$f":"IFERROR(VLOOKUP(C4361,参数!B:H,3,FALSE),\"\")","v":""},"",1]
[4361,{"$nulls":6},{"$f":"IFERROR(VLOOKUP(C4362,参数!$B:$H,2,0),\"\")","v":""},{"$f":"IFERROR(VLOOKUP(C4362,参数!$B:$H,4,0),\"\")","v":""},{"$f":"IFERROR(VLOOKUP(C4362,参数!B:H,3,FALSE),\"\")","v":""},"",1]
[4362,{"$nulls":6},{"$f":"IFERROR(VLOOKUP(C4363,参数!$B:$H,2,0),\"\")","v":""},{"$f":"IFERROR(VLOOKUP(C4363,参数!$B:$H,4,0),\"\")","v":""},{"$f":"IFERROR(VLOOKUP(C4363,参数!B:H,3,FALSE),\"\")","v":""},"",1]
[4363,{"$nulls":6},{"$f":"IFERROR(VLOOKUP(C4364,参数!$B:$H,2,0),\"\")","v":""},{"$f":"IFERROR(VLOOKUP(C4364,参数!$B:$H,4,0),\"\")","v":""},{"$f":"IFERROR(VLOOKUP(C4364,参数!B:H,3,FALSE),\"\")","v":""},"",1]
[4364,{"$nulls":6},{"$f":"IFERROR(VLOOKUP(C4365,参数!$B:$H,2,0),\"\")","v":""},{"$f":"IFERROR(VLOOKUP(C4365,参数!$B:$H,4,0),\"\")","v":""},{"$f":"IFERROR(VLOOKUP(C4365,参数!B:H,3,FALSE),\"\")","v":""},"",1]
[4365,{"$nulls":6},{"$f":"IFERROR(VLOOKUP(C4366,参数!$B:$H,2,0),\"\")","v":""},{"$f":"IFERROR(VLOOKUP(C4366,参数!$B:$H,4,0),\"\")","v":""},{"$f":"IFERROR(VLOOKUP(C4366,参数!B:H,3,FALSE),\"\")","v":""},"",1]
[4366,{"$nulls":6},{"$f":"IFERROR(VLOOKUP(C4367,参数!$B:$H,2,0),\"\")","v":""},{"$f":"IFERROR(VLOOKUP(C4367,参数!$B:$H,4,0),\"\")","v":""},{"$f":"IFERROR(VLOOKUP(C4367,参数!B:H,3,FALSE),\"\")","v":""},"",1]
[4367,{"$nulls":6},{"$f":"IFERROR(VLOOKUP(C4368,参数!$B:$H,2,0),\"\")","v":""},{"$f":"IFERROR(VLOOKUP(C4368,参数!$B:$H,4,0),\"\")","v":""},{"$f":"IFERROR(VLOOKUP(C4368,参数!B:H,3,FALSE),\"\")","v":""},"",1]
[4368,{"$nulls":6},{"$f":"IFERROR(VLOOKUP(C4369,参数!$B:$H,2,0),\"\")","v":""},{"$f":"IFERROR(VLOOKUP(C4369,参数!$B:$H,4,0),\"\")","v":""},{"$f":"IFERROR(VLOOKUP(C4369,参数!B:H,3,FALSE),\"\")","v":""},"",1]
[4369,{"$nulls":6},{"$f":"IFERROR(VLOOKUP(C4370,参数!$B:$H,2,0),\"\")","v":""},{"$f":"IFERROR(VLOOKUP(C4370,参数!$B:$H,4,0),\"\")","v":""},{"$f":"IFERROR(VLOOKUP(C4370,参数!B:H,3,FALSE),\"\")","v":""},"",1]
[4370,{"$nulls":6},{"$f":"IFERROR(VLOOKUP(C4371,参数!$B:$H,2,0),\"\")","v":""},{"$f":"IFERROR(VLOOKUP(C4371,参数!$B:$H,4,0),\"\")","v":""},{"$f":"IFERROR(VLOOKUP(C4371,参数!B:H,3,FALSE),\"\")","v":""},"",1]
[4371,{"$nulls":6},{"$f":"IFERROR(VLOOKUP(C4372,参数!$B:$H,2,0),\"\")","v":""},{"$f":"IFERROR(VLOOKUP(C4372,参数!$B:$H,4,0),\"\")","v":""},{"$f":"IFERROR(VLOOKUP(C4372,参数!B:H,3,FALSE),\"\")","v":""},"",1]
[4372,{"$nulls":6},{"$f":"IFERROR(VLOOKUP(C4373,参数!$B:$H,2,0),\"\")","v":""},{"$f":"IFERROR(VLOOKUP(C4373,参数!$B:$H,4,0),\"\")","v":""},{"$f":"IFERROR(VLOOKUP(C4373,参数!B:H,3,FALSE),\"\")","v":""},"",1]
[4373,{"$nulls":6},{"$f":"IFERROR(VLOOKUP(C4374,参数!$B:$H,2,0),\"\")","v":""},{"$f":"IFERROR(VLOOKUP(C4374,参数!$B:$H,4,0),\"\")","v":""},{"$f":"IFERROR(VLOOKUP(C4374,参数!B:H,3,FALSE),\"\")","v":""},"",1]
[4374,{"$nulls":6},{"$f":"IFERROR(VLOOKUP(C4375,参数!$B:$H,2,0),\"\")","v":""},{"$f":"IFERROR(VLOOKUP(C4375,参数!$B:$H,4,0),\"\")","v":""},{"$f":"IFERROR(VLOOKUP(C4375,参数!B:H,3,FALSE),\"\")","v":""},"",1]
[4375,{"$nulls":6},{"$f":"IFERROR(VLOOKUP(C4376,参数!$B:$H,2,0),\"\")","v":""},{"$f":"IFERROR(VLOOKUP(C4376,参数!$B:$H,4,0),\"\")","v":""},{"$f":"IFERROR(VLOOKUP(C4376,参数!B:H,3,FALSE),\"\")","v":""},"",1]
[4376,{"$nulls":6},{"$f":"IFERROR(VLOOKUP(C4377,参数!$B:$H,2,0),\"\")","v":""},{"$f":"IFERROR(VLOOKUP(C4377,参数!$B:$H,4,0),\"\")","v":""},{"$f":"IFERROR(VLOOKUP(C4377,参数!B:H,3,FALSE),\"\")","v":""},"",1]
[4377,{"$nulls":6},{"$f":"IFERROR(VLOOKUP(C4378,参数!$B:$H,2,0),\"\")","v":""},{"$f":"IFERROR(VLOOKUP(C4378,参数!$B:$H,4,0),\"\")","v":""},{"$f":"IFERROR(VLOOKUP(C4378,参数!B:H,3,FALSE),\"\")","v":""},"",1]
[4378,{"$nulls":6},{"$f":"IFERROR(VLOOKUP(C4379,参数!$B:$H,2,0),\"\")","v":""},{"$f":"IFERROR(VLOOKUP(C4379,参数!$B:$H,4,0),\"\")","v":""},{"$f":"IFERROR(VLOOKUP(C4379,参数!B:H,3,FALSE),\"\")","v":""},"",1]
[4379,{"$nulls":6},{"$f":"IFERROR(VLOOKUP(C4380,参数!$B:$H,2,0),\"\")","v":""},{"$f":"IFERROR(VLOOKUP(C4380,参数!$B:$H,4,0),\"\")","v":""},{"$f":"IFERROR(VLOOKUP(C4380,参数!B:H,3,FALSE),\"\")","v":""},"",1]
[4380,{"$nulls":6},{"$f":"IFERROR(VLOOKUP(C4381,参数!$B:$H,2,0),\"\")","v":""},{"$f":"IFERROR(VLOOKUP(C4381,参数!$B:$H,4,0),\"\")","v":""},{"$f":"IFERROR(VLOOKUP(C4381,参数!B:H,3,FALSE),\"\")","v":""},"",1]
[4381,{"$nulls":6},{"$f":"IFERROR(VLOOKUP(C4382,参数!$B:$H,2,0),\"\")","v":""},{"$f":"IFERROR(VLOOKUP(C4382,参数!$B:$H,4,0),\"\")","v":""},{"$f":"IFERROR(VLOOKUP(C4382,参数!B:H,3,FALSE),\"\")","v":""},"",1]
[4382,{"$nulls":6},{"$f":"IFERROR(VLOOKUP(C4383,参数!$B:$H,2,0),\"\")","v":""},{"$f":"IFERROR(VLOOKUP(C4383,参数!$B:$H,4,0),\"\")","v":""},{"$f":"IFERROR(VLOOKUP(C4383,参数!B:H,3,FALSE),\"\")","v":""},"",1]
[4383,{"$nulls":6},{"$f":"IFERROR(VLOOKUP(C4384,参数!$B:$H,2,0),\"\")","v":""},{"$f":"IFERROR(VLOOKUP(C4384,参数!$B:$H,4,0),\"\")","v":""},{"$f":"IFERROR(VLOOKUP(C4384,参数!B:H,3,FALSE),\"\")","v":""},"",1]
[4384,{"$nulls":6},{"$f":"IFERROR(VLOOKUP(C4385,参数!$B:$H,2,0),\"\")","v":""},{"$f":"IFERROR(VLOOKUP(C4385,参数!$B:$H,4,0),\"\")","v":""},{"$f":"IFERROR(VLOOKUP(C4385,参数!B:H,3,FALSE),\"\")","v":""},"",1]
[4385,{"$nulls":6},{"$f":"IFERROR(VLOOKUP(C4386,参数!$B:$H,2,0),\"\")","v":""},{"$f":"IFERROR(VLOOKUP(C4386,参数!$B:$H,4,0),\"\")","v":""},{"$f":"IFERROR(VLOOKUP(C4386,参数!B:H,3,FALSE),\"\")","v":""},"",1]
[4386,{"$nulls":6},{"$f":"IFERROR(VLOOKUP(C4387,参数!$B:$H,2,0),\"\")","v":""},{"$f":"IFERROR(VLOOKUP(C4387,参数!$B:$H,4,0),\"\")","v":""},{"$f":"IFERROR(VLOOKUP(C4387,参数!B:H,3,FALSE),\"\")","v":""},"",1]
[4387,{"$nulls":6},{"$f":"IFERROR(VLOOKUP(C4388,参数!$B:$H,2,0),\"\")","v":""},{"$f":"IFERROR(VLOOKUP(C4388,参数!$B:$H,4,0),\"\")","v":""},{"$f":"IFERROR(VLOOKUP(C4388,参数!B:H,3,FALSE),\"\")","v":""},"",1]
[4388,{"$nulls":6},{"$f":"IFERROR(VLOOKUP(C4389,参数!$B:$H,2,0),\"\")","v":""},{"$f":"IFERROR(VLOOKUP(C4389,参数!$B:$H,4,0),\"\")","v":""},{"$f":"IFERROR(VLOOKUP(C4389,参数!B:H,3,FALSE),\"\")","v":""},{"$f":"IFERROR(J4389*E4389,\"\")","v":""},1]
[4389,{"$nulls":6},{"$f":"IFERROR(VLOOKUP(C4390,参数!$B:$H,2,0),\"\")","v":""},{"$f":"IFERROR(VLOOKUP(C4390,参数!$B:$H,4,0),\"\")","v":""},{"$f":"IFERROR(VLOOKUP(C4390,参数!B:H,3,FALSE),\"\")","v":""},"",1]
[4390,{"$nulls":6},{"$f":"IFERROR(VLOOKUP(C4391,参数!$B:$H,2,0),\"\")","v":""},{"$f":"IFERROR(VLOOKUP(C4391,参数!$B:$H,4,0),\"\")","v":""},{"$f":"IFERROR(VLOOKUP(C4391,参数!B:H,3,FALSE),\"\")","v":""},"",1]
[4391,{"$nulls":6},{"$f":"IFERROR(VLOOKUP(C4392,参数!$B:$H,2,0),\"\")","v":""},{"$f":"IFERROR(VLOOKUP(C4392,参数!$B:$H,4,0),\"\")","v":""},{"$f":"IFERROR(VLOOKUP(C4392,参数!B:H,3,FALSE),\"\")","v":""},"",1]
[4392,{"$nulls":6},{"$f":"IFERROR(VLOOKUP(C4393,参数!$B:$H,2,0),\"\")","v":""},{"$f":"IFERROR(VLOOKUP(C4393,参数!$B:$H,4,0),\"\")","v":""},{"$f":"IFERROR(VLOOKUP(C4393,参数!B:H,3,FALSE),\"\")","v":""},"",1]
[4393,{"$nulls":6},{"$f":"IFERROR(VLOOKUP(C4394,参数!$B:$H,2,0),\"\")","v":""},{"$f":"IFERROR(VLOOKUP(C4394,参数!$B:$H,4,0),\"\")","v":""},{"$f":"IFERROR(VLOOKUP(C4394,参数!B:H,3,FALSE),\"\")","v":""},"",1]
[4394,{"$nulls":6},{"$f":"IFERROR(VLOOKUP(C4395,参数!$B:$H,2,0),\"\")","v":""},{"$f":"IFERROR(VLOOKUP(C4395,参数!$B:$H,4,0),\"\")","v":""},{"$f":"IFERROR(VLOOKUP(C4395,参数!B:H,3,FALSE),\"\")","v":""},"",1]
[4395,{"$nulls":6},{"$f":"IFERROR(VLOOKUP(C4396,参数!$B:$H,2,0),\"\")","v":""},{"$f":"IFERROR(VLOOKUP(C4396,参数!$B:$H,4,0),\"\")","v":""},{"$f":"IFERROR(VLOOKUP(C4396,参数!B:H,3,FALSE),\"\")","v":""},"",1]
[4396,{"$nulls":6},{"$f":"IFERROR(VLOOKUP(C4397,参数!$B:$H,2,0),\"\")","v":""},{"$f":"IFERROR(VLOOKUP(C4397,参数!$B:$H,4,0),\"\")","v":""},{"$f":"IFERROR(VLOOKUP(C4397,参数!B:H,3,FALSE),\"\")","v":""},"",1]
[4397,{"$nulls":6},{"$f":"IFERROR(VLOOKUP(C4398,参数!$B:$H,2,0),\"\")","v":""},{"$f":"IFERROR(VLOOKUP(C4398,参数!$B:$H,4,0),\"\")","v":""},{"$f":"IFERROR(VLOOKUP(C4398,参数!B:H,3,FALSE),\"\")","v":""},"",1]
[4398,{"$nulls":6},{"$f":"IFERROR(VLOOKUP(C4399,参数!$B:$H,2,0),\"\")","v":""},{"$f":"IFERROR(VLOOKUP(C4399,参数!$B:$H,4,0),\"\")","v":""},{"$f":"IFERROR(VLOOKUP(C4399,参数!B:H,3,FALSE),\"\")","v":""},"",1]
[4399,{"$nulls":6},{"$f":"IFERROR(VLOOKUP(C4400,参数!$B:$H,2,0),\"\")","v":""},{"$f":"IFERROR(VLOOKUP(C4400,参数!$B:$H,4,0),\"\")","v":""},{"$f":"IFERROR(VLOOKUP(C4400,参数!B:H,3,FALSE),\"\")","v":""},"",1]
[4400,{"$nulls":6},{"$f":"IFERROR(VLOOKUP(C4401,参数!$B:$H,2,0),\"\")","v":""},{"$f":"IFERROR(VLOOKUP(C4401,参数!$B:$H,4,0),\"\")","v":""},{"$f":"IFERROR(VLOOKUP(C4401,参数!B:H,3,FALSE),\"\")","v":""},"",1]
[4401,{"$nulls":6},{"$f":"IFERROR(VLOOKUP(C4402,参数!$B:$H,2,0),\"\")","v":""},{"$f":"IFERROR(VLOOKUP(C4402,参数!$B:$H,4,0),\"\")","v":""},{"$f":"IFERROR(VLOOKUP(C4402,参数!B:H,3,FALSE),\"\")","v":""},"",1]
[4402,{"$nulls":6},{"$f":"IFERROR(VLOOKUP(C4403,参数!$B:$H,2,0),\"\")","v":""},{"$f":"IFERROR(VLOOKUP(C4403,参数!$B:$H,4,0),\"\")","v":""},{"$f":"IFERROR(VLOOKUP(C4403,参数!B:H,3,FALSE),\"\")","v":""},"",1]
[4403,{"$nulls":6},{"$f":"IFERROR(VLOOKUP(C4404,参数!$B:$H,2,0),\"\")","v":""},{"$f":"IFERROR(VLOOKUP(C4404,参数!$B:$H,4,0),\"\")","v":""},{"$f":"IFERROR(VLOOKUP(C4404,参数!B:H,3,FALSE),\"\")","v":""},"",1]
[4404,{"$nulls":6},{"$f":"IFERROR(VLOOKUP(C4405,参数!$B:$H,2,0),\"\")","v":""},{"$f":"IFERROR(VLOOKUP(C4405,参数!$B:$H,4,0),\"\")","v":""},{"$f":"IFERROR(VLOOKUP(C4405,参数!B:H,3,FALSE),\"\")","v":""},"",1]
[4405,{"$nulls":6},{"$f":"IFERROR(VLOOKUP(C4406,参数!$B:$H,2,0),\"\")","v":""},{"$f":"IFERROR(VLOOKUP(C4406,参数!$B:$H,4,0),\"\")","v":""},{"$f":"IFERROR(VLOOKUP(C4406,参数!B:H,3,FALSE),\"\")","v":""},"",1]
[4406,{"$nulls":6},{"$f":"IFERROR(VLOOKUP(C4407,参数!$B:$H,2,0),\"\")","v":""},{"$f":"IFERROR(VLOOKUP(C4407,参数!$B:$H,4,0),\"\")","v":""},{"$f":"IFERROR(VLOOKUP(C4407,参数!B:H,3,FALSE),\"\")","v":""},"",1]
[4407,{"$nulls":6},{"$f":"IFERROR(VLOOKUP(C4408,参数!$B:$H,2,0),\"\")","v":""},{"$f":"IFERROR(VLOOKUP(C4408,参数!$B:$H,4,0),\"\")","v":""},{"$f":"IFERROR(VLOOKUP(C4408,参数!B:H,3,FALSE),\"\")","v":""},"",1]
[4408,{"$nulls":6},{"$f":"IFERROR(VLOOKUP(C4409,参数!$B:$H,2,0),\"\")","v":""},{"$f":"IFERROR(VLOOKUP(C4409,参数!$B:$H,4,0),\"\")","v":""},{"$f":"IFERROR(VLOOKUP(C4409,参数!B:H,3,FALSE),\"\")","v":""},"",1]
[4409,{"$nulls":6},{"$f":"IFERROR(VLOOKUP(C4410,参数!$B:$H,2,0),\"\")","v":""},{"$f":"IFERROR(VLOOKUP(C4410,参数!$B:$H,4,0),\"\")","v":""},{"$f":"IFERROR(VLOOKUP(C4410,参数!B:H,3,FALSE),\"\")","v":""},"",1]
[4410,{"$nulls":6},{"$f":"IFERROR(VLOOKUP(C4411,参数!$B:$H,2,0),\"\")","v":""},{"$f":"IFERROR(VLOOKUP(C4411,参数!$B:$H,4,0),\"\")","v":""},{"$f":"IFERROR(VLOOKUP(C4411,参数!B:H,3,FALSE),\"\")","v":""},"",1]
[4411,{"$nulls":6},{"$f":"IFERROR(VLOOKUP(C4412,参数!$B:$H,2,0),\"\")","v":""},{"$f":"IFERROR(VLOOKUP(C4412,参数!$B:$H,4,0),\"\")","v":""},{"$f":"IFERROR(VLOOKUP(C4412,参数!B:H,3,FALSE),\"\")","v":""},"",1]
[4412,{"$nulls":6},{"$f":"IFERROR(VLOOKUP(C4413,参数!$B:$H,2,0),\"\")","v":""},{"$f":"IFERROR(VLOOKUP(C4413,参数!$B:$H,4,0),\"\")","v":""},{"$f":"IFERROR(VLOOKUP(C4413,参数!B:H,3,FALSE),\"\")","v":""},"",1]
[4413,{"$nulls":6},{"$f":"IFERROR(VLOOKUP(C4414,参数!$B:$H,2,0),\"\")","v":""},{"$f":"IFERROR(VLOOKUP(C4414,参数!$B:$H,4,0),\"\")","v":""},{"$f":"IFERROR(VLOOKUP(C4414,参数!B:H,3,FALSE),\"\")","v":""},"",1]
[4414,{"$nulls":6},{"$f":"IFERROR(VLOOKUP(C4415,参数!$B:$H,2,0),\"\")","v":""},{"$f":"IFERROR(VLOOKUP(C4415,参数!$B:$H,4,0),\"\")","v":""},{"$f":"IFERROR(VLOOKUP(C4415,参数!B:H,3,FALSE),\"\")","v":""},"",1]
[4415,{"$nulls":6},{"$f":"IFERROR(VLOOKUP(C4416,参数!$B:$H,2,0),\"\")","v":""},{"$f":"IFERROR(VLOOKUP(C4416,参数!$B:$H,4,0),\"\")","v":""},{"$f":"IFERROR(VLOOKUP(C4416,参数!B:H,3,FALSE),\"\")","v":""},"",1]
[4416,{"$nulls":6},{"$f":"IFERROR(VLOOKUP(C4417,参数!$B:$H,2,0),\"\")","v":""},{"$f":"IFERROR(VLOOKUP(C4417,参数!$B:$H,4,0),\"\")","v":""},{"$f":"IFERROR(VLOOKUP(C4417,参数!B:H,3,FALSE),\"\")","v":""},"",1]
[4417,{"$nulls":6},{"$f":"IFERROR(VLOOKUP(C4418,参数!$B:$H,2,0),\"\")","v":""},{"$f":"IFERROR(VLOOKUP(C4418,参数!$B:$H,4,0),\"\")","v":""},{"$f":"IFERROR(VLOOKUP(C4418,参数!B:H,3,FALSE),\"\")","v":""},"",{"$f":"VALUE(MONTH(B4418))","v":1}]
[4418,{"$nulls":6},{"$f":"IFERROR(VLOOKUP(C4419,参数!$B:$H,2,0),\"\")","v":""},{"$f":"IFERROR(VLOOKUP(C4419,参数!$B:$H,4,0),\"\")","v":""},{"$f":"IFERROR(VLOOKUP(C4419,参数!B:H,3,FALSE),\"\")","v":""},"",1]
[4419,{"$nulls":6},{"$f":"IFERROR(VLOOKUP(C4420,参数!$B:$H,2,0),\"\")","v":""},{"$f":"IFERROR(VLOOKUP(C4420,参数!$B:$H,4,0),\"\")","v":""},{"$f":"IFERROR(VLOOKUP(C4420,参数!B:H,3,FALSE),\"\")","v":""},"",1]
[4420,{"$nulls":6},{"$f":"IFERROR(VLOOKUP(C4421,参数!$B:$H,2,0),\"\")","v":""},{"$f":"IFERROR(VLOOKUP(C4421,参数!$B:$H,4,0),\"\")","v":""},{"$f":"IFERROR(VLOOKUP(C4421,参数!B:H,3,FALSE),\"\")","v":""},"",1]
[4421,{"$nulls":6},{"$f":"IFERROR(VLOOKUP(C4422,参数!$B:$H,2,0),\"\")","v":""},{"$f":"IFERROR(VLOOKUP(C4422,参数!$B:$H,4,0),\"\")","v":""},{"$f":"IFERROR(VLOOKUP(C4422,参数!B:H,3,FALSE),\"\")","v":""},"",1]
[4422,{"$nulls":6},{"$f":"IFERROR(VLOOKUP(C4423,参数!$B:$H,2,0),\"\")","v":""},{"$f":"IFERROR(VLOOKUP(C4423,参数!$B:$H,4,0),\"\")","v":""},{"$f":"IFERROR(VLOOKUP(C4423,参数!B:H,3,FALSE),\"\")","v":""},"",1]
[4423,{"$nulls":6},{"$f":"IFERROR(VLOOKUP(C4424,参数!$B:$H,2,0),\"\")","v":""},{"$f":"IFERROR(VLOOKUP(C4424,参数!$B:$H,4,0),\"\")","v":""},{"$f":"IFERROR(VLOOKUP(C4424,参数!B:H,3,FALSE),\"\")","v":""},"",1]
[4424,{"$nulls":6},{"$f":"IFERROR(VLOOKUP(C4425,参数!$B:$H,2,0),\"\")","v":""},{"$f":"IFERROR(VLOOKUP(C4425,参数!$B:$H,4,0),\"\")","v":""},{"$f":"IFERROR(VLOOKUP(C4425,参数!B:H,3,FALSE),\"\")","v":""},"",1]
[4425,{"$nulls":6},{"$f":"IFERROR(VLOOKUP(C4426,参数!$B:$H,2,0),\"\")","v":""},{"$f":"IFERROR(VLOOKUP(C4426,参数!$B:$H,4,0),\"\")","v":""},{"$f":"IFERROR(VLOOKUP(C4426,参数!B:H,3,FALSE),\"\")","v":""},"",1]
[4426,{"$nulls":6},{"$f":"IFERROR(VLOOKUP(C4427,参数!$B:$H,2,0),\"\")","v":""},{"$f":"IFERROR(VLOOKUP(C4427,参数!$B:$H,4,0),\"\")","v":""},{"$f":"IFERROR(VLOOKUP(C4427,参数!B:H,3,FALSE),\"\")","v":""},"",1]
[4427,{"$nulls":6},{"$f":"IFERROR(VLOOKUP(C4428,参数!$B:$H,2,0),\"\")","v":""},{"$f":"IFERROR(VLOOKUP(C4428,参数!$B:$H,4,0),\"\")","v":""},{"$f":"IFERROR(VLOOKUP(C4428,参数!B:H,3,FALSE),\"\")","v":""},"",1]
[4428,{"$nulls":6},{"$f":"IFERROR(VLOOKUP(C4429,参数!$B:$H,2,0),\"\")","v":""},{"$f":"IFERROR(VLOOKUP(C4429,参数!$B:$H,4,0),\"\")","v":""},{"$f":"IFERROR(VLOOKUP(C4429,参数!B:H,3,FALSE),\"\")","v":""},"",1]
[4429,{"$nulls":6},{"$f":"IFERROR(VLOOKUP(C4430,参数!$B:$H,2,0),\"\")","v":""},{"$f":"IFERROR(VLOOKUP(C4430,参数!$B:$H,4,0),\"\")","v":""},{"$f":"IFERROR(VLOOKUP(C4430,参数!B:H,3,FALSE),\"\")","v":""},"",1]
[4430,{"$nulls":6},{"$f":"IFERROR(VLOOKUP(C4431,参数!$B:$H,2,0),\"\")","v":""},{"$f":"IFERROR(VLOOKUP(C4431,参数!$B:$H,4,0),\"\")","v":""},{"$f":"IFERROR(VLOOKUP(C4431,参数!B:H,3,FALSE),\"\")","v":""},"",1]
[4431,{"$nulls":6},{"$f":"IFERROR(VLOOKUP(C4432,参数!$B:$H,2,0),\"\")","v":""},{"$f":"IFERROR(VLOOKUP(C4432,参数!$B:$H,4,0),\"\")","v":""},{"$f":"IFERROR(VLOOKUP(C4432,参数!B:H,3,FALSE),\"\")","v":""},"",1]
[4432,{"$nulls":6},{"$f":"IFERROR(VLOOKUP(C4433,参数!$B:$H,2,0),\"\")","v":""},{"$f":"IFERROR(VLOOKUP(C4433,参数!$B:$H,4,0),\"\")","v":""},{"$f":"IFERROR(VLOOKUP(C4433,参数!B:H,3,FALSE),\"\")","v":""},"",1]
[4433,{"$nulls":6},{"$f":"IFERROR(VLOOKUP(C4434,参数!$B:$H,2,0),\"\")","v":""},{"$f":"IFERROR(VLOOKUP(C4434,参数!$B:$H,4,0),\"\")","v":""},{"$f":"IFERROR(VLOOKUP(C4434,参数!B:H,3,FALSE),\"\")","v":""},"",1]
[4434,{"$nulls":6},{"$f":"IFERROR(VLOOKUP(C4435,参数!$B:$H,2,0),\"\")","v":""},{"$f":"IFERROR(VLOOKUP(C4435,参数!$B:$H,4,0),\"\")","v":""},{"$f":"IFERROR(VLOOKUP(C4435,参数!B:H,3,FALSE),\"\")","v":""},"",1]
[4435,{"$nulls":6},{"$f":"IFERROR(VLOOKUP(C4436,参数!$B:$H,2,0),\"\")","v":""},{"$f":"IFERROR(VLOOKUP(C4436,参数!$B:$H,4,0),\"\")","v":""},{"$f":"IFERROR(VLOOKUP(C4436,参数!B:H,3,FALSE),\"\")","v":""},"",1]
[4436,{"$nulls":6},{"$f":"IFERROR(VLOOKUP(C4437,参数!$B:$H,2,0),\"\")","v":""},{"$f":"IFERROR(VLOOKUP(C4437,参数!$B:$H,4,0),\"\")","v":""},{"$f":"IFERROR(VLOOKUP(C4437,参数!B:H,3,FALSE),\"\")","v":""},"",1]
[4437,{"$nulls":6},{"$f":"IFERROR(VLOOKUP(C4438,参数!$B:$H,2,0),\"\")","v":""},{"$f":"IFERROR(VLOOKUP(C4438,参数!$B:$H,4,0),\"\")","v":""},{"$f":"IFERROR(VLOOKUP(C4438,参数!B:H,3,FALSE),\"\")","v":""},"",1]
[4438,{"$nulls":6},{"$f":"IFERROR(VLOOKUP(C4439,参数!$B:$H,2,0),\"\")","v":""},{"$f":"IFERROR(VLOOKUP(C4439,参数!$B:$H,4,0),\"\")","v":""},{"$f":"IFERROR(VLOOKUP(C4439,参数!B:H,3,FALSE),\"\")","v":""},"",1]
[4439,{"$nulls":6},{"$f":"IFERROR(VLOOKUP(C4440,参数!$B:$H,2,0),\"\")","v":""},{"$f":"IFERROR(VLOOKUP(C4440,参数!$B:$H,4,0),\"\")","v":""},{"$f":"IFERROR(VLOOKUP(C4440,参数!B:H,3,FALSE),\"\")","v":""},"",1]
[4440,{"$nulls":6},{"$f":"IFERROR(VLOOKUP(C4441,参数!$B:$H,2,0),\"\")","v":""},{"$f":"IFERROR(VLOOKUP(C4441,参数!$B:$H,4,0),\"\")","v":""},{"$f":"IFERROR(VLOOKUP(C4441,参数!B:H,3,FALSE),\"\")","v":""},"",1]
[4441,{"$nulls":6},{"$f":"IFERROR(VLOOKUP(C4442,参数!$B:$H,2,0),\"\")","v":""},{"$f":"IFERROR(VLOOKUP(C4442,参数!$B:$H,4,0),\"\")","v":""},{"$f":"IFERROR(VLOOKUP(C4442,参数!B:H,3,FALSE),\"\")","v":""},"",1]
[4442,{"$nulls":6},{"$f":"IFERROR(VLOOKUP(C4443,参数!$B:$H,2,0),\"\")","v":""},{"$f":"IFERROR(VLOOKUP(C4443,参数!$B:$H,4,0),\"\")","v":""},{"$f":"IFERROR(VLOOKUP(C4443,参数!B:H,3,FALSE),\"\")","v":""},"",1]
[4443,{"$nulls":6},{"$f":"IFERROR(VLOOKUP(C4444,参数!$B:$H,2,0),\"\")","v":""},{"$f":"IFERROR(VLOOKUP(C4444,参数!$B:$H,4,0),\"\")","v":""},{"$f":"IFERROR(VLOOKUP(C4444,参数!B:H,3,FALSE),\"\")","v":""},"",1]
[4444,{"$nulls":6},{"$f":"IFERROR(VLOOKUP(C4445,参数!$B:$H,2,0),\"\")","v":""},{"$f":"IFERROR(VLOOKUP(C4445,参数!$B:$H,4,0),\"\")","v":""},{"$f":"IFERROR(VLOOKUP(C4445,参数!B:H,3,FALSE),\"\")","v":""},"",1]
[4445,{"$nulls":6},{"$f":"IFERROR(VLOOKUP(C4446,参数!$B:$H,2,0),\"\")","v":""},{"$f":"IFERROR(VLOOKUP(C4446,参数!$B:$H,4,0),\"\")","v":""},{"$f":"IFERROR(VLOOKUP(C4446,参数!B:H,3,FALSE),\"\")","v":""},"",1]
[4446,{"$nulls":6},{"$f":"IFERROR(VLOOKUP(C4447,参数!$B:$H,2,0),\"\")","v":""},{"$f":"IFERROR(VLOOKUP(C4447,参数!$B:$H,4,0),\"\")","v":""},{"$f":"IFERROR(VLOOKUP(C4447,参数!B:H,3,FALSE),\"\")","v":""},"",1]
[4447,{"$nulls":6},{"$f":"IFERROR(VLOOKUP(C4448,参数!$B:$H,2,0),\"\")","v":""},{"$f":"IFERROR(VLOOKUP(C4448,参数!$B:$H,4,0),\"\")","v":""},{"$f":"IFERROR(VLOOKUP(C4448,参数!B:H,3,FALSE),\"\")","v":""},"",1]
[4448,{"$nulls":6},{"$f":"IFERROR(VLOOKUP(C4449,参数!$B:$H,2,0),\"\")","v":""},{"$f":"IFERROR(VLOOKUP(C4449,参数!$B:$H,4,0),\"\")","v":""},{"$f":"IFERROR(VLOOKUP(C4449,参数!B:H,3,FALSE),\"\")","v":""},"",1]
[4449,{"$nulls":6},{"$f":"IFERROR(VLOOKUP(C4450,参数!$B:$H,2,0),\"\")","v":""},{"$f":"IFERROR(VLOOKUP(C4450,参数!$B:$H,4,0),\"\")","v":""},{"$f":"IFERROR(VLOOKUP(C4450,参数!B:H,3,FALSE),\"\")","v":""},"",1]
[4450,{"$nulls":6},{"$f":"IFERROR(VLOOKUP(C4451,参数!$B:$H,2,0),\"\")","v":""},{"$f":"IFERROR(VLOOKUP(C4451,参数!$B:$H,4,0),\"\")","v":""},{"$f":"IFERROR(VLOOKUP(C4451,参数!B:H,3,FALSE),\"\")","v":""},"",1]
[4451,{"$nulls":6},{"$f":"IFERROR(VLOOKUP(C4452,参数!$B:$H,2,0),\"\")","v":""},{"$f":"IFERROR(VLOOKUP(C4452,参数!$B:$H,4,0),\"\")","v":""},{"$f":"IFERROR(VLOOKUP(C4452,参数!B:H,3,FALSE),\"\")","v":""},"",1]
[4452,{"$nulls":6},{"$f":"IFERROR(VLOOKUP(C4453,参数!$B:$H,2,0),\"\")","v":""},{"$f":"IFERROR(VLOOKUP(C4453,参数!$B:$H,4,0),\"\")","v":""},{"$f":"IFERROR(VLOOKUP(C4453,参数!B:H,3,FALSE),\"\")","v":""},{"$f":"IFERROR(J4453*E4453,\"\")","v":""},1]
[4453,{"$nulls":6},{"$f":"IFERROR(VLOOKUP(C4454,参数!$B:$H,2,0),\"\")","v":""},{"$f":"IFERROR(VLOOKUP(C4454,参数!$B:$H,4,0),\"\")","v":""},{"$f":"IFERROR(VLOOKUP(C4454,参数!B:H,3,FALSE),\"\")","v":""},"",1]
[4454,{"$nulls":6},{"$f":"IFERROR(VLOOKUP(C4455,参数!$B:$H,2,0),\"\")","v":""},{"$f":"IFERROR(VLOOKUP(C4455,参数!$B:$H,4,0),\"\")","v":""},{"$f":"IFERROR(VLOOKUP(C4455,参数!B:H,3,FALSE),\"\")","v":""},"",1]
[4455,{"$nulls":6},{"$f":"IFERROR(VLOOKUP(C4456,参数!$B:$H,2,0),\"\")","v":""},{"$f":"IFERROR(VLOOKUP(C4456,参数!$B:$H,4,0),\"\")","v":""},{"$f":"IFERROR(VLOOKUP(C4456,参数!B:H,3,FALSE),\"\")","v":""},"",1]
[4456,{"$nulls":6},{"$f":"IFERROR(VLOOKUP(C4457,参数!$B:$H,2,0),\"\")","v":""},{"$f":"IFERROR(VLOOKUP(C4457,参数!$B:$H,4,0),\"\")","v":""},{"$f":"IFERROR(VLOOKUP(C4457,参数!B:H,3,FALSE),\"\")","v":""},"",1]
[4457,{"$nulls":6},{"$f":"IFERROR(VLOOKUP(C4458,参数!$B:$H,2,0),\"\")","v":""},{"$f":"IFERROR(VLOOKUP(C4458,参数!$B:$H,4,0),\"\")","v":""},{"$f":"IFERROR(VLOOKUP(C4458,参数!B:H,3,FALSE),\"\")","v":""},"",1]
[4458,{"$nulls":6},{"$f":"IFERROR(VLOOKUP(C4459,参数!$B:$H,2,0),\"\")","v":""},{"$f":"IFERROR(VLOOKUP(C4459,参数!$B:$H,4,0),\"\")","v":""},{"$f":"IFERROR(VLOOKUP(C4459,参数!B:H,3,FALSE),\"\")","v":""},"",1]
[4459,{"$nulls":6},{"$f":"IFERROR(VLOOKUP(C4460,参数!$B:$H,2,0),\"\")","v":""},{"$f":"IFERROR(VLOOKUP(C4460,参数!$B:$H,4,0),\"\")","v":""},{"$f":"IFERROR(VLOOKUP(C4460,参数!B:H,3,FALSE),\"\")","v":""},"",1]
[4460,{"$nulls":6},{"$f":"IFERROR(VLOOKUP(C4461,参数!$B:$H,2,0),\"\")","v":""},{"$f":"IFERROR(VLOOKUP(C4461,参数!$B:$H,4,0),\"\")","v":""},{"$f":"IFERROR(VLOOKUP(C4461,参数!B:H,3,FALSE),\"\")","v":""},"",1]
[4461,{"$nulls":6},{"$f":"IFERROR(VLOOKUP(C4462,参数!$B:$H,2,0),\"\")","v":""},{"$f":"IFERROR(VLOOKUP(C4462,参数!$B:$H,4,0),\"\")","v":""},{"$f":"IFERROR(VLOOKUP(C4462,参数!B:H,3,FALSE),\"\")","v":""},"",1]
[4462,{"$nulls":6},{"$f":"IFERROR(VLOOKUP(C4463,参数!$B:$H,2,0),\"\")","v":""},{"$f":"IFERROR(VLOOKUP(C4463,参数!$B:$H,4,0),\"\")","v":""},{"$f":"IFERROR(VLOOKUP(C4463,参数!B:H,3,FALSE),\"\")","v":""},"",1]
[4463,{"$nulls":6},{"$f":"IFERROR(VLOOKUP(C4464,参数!$B:$H,2,0),\"\")","v":""},{"$f":"IFERROR(VLOOKUP(C4464,参数!$B:$H,4,0),\"\")","v":""},{"$f":"IFERROR(VLOOKUP(C4464,参数!B:H,3,FALSE),\"\")","v":""},"",1]
[4464,{"$nulls":6},{"$f":"IFERROR(VLOOKUP(C4465,参数!$B:$H,2,0),\"\")","v":""},{"$f":"IFERROR(VLOOKUP(C4465,参数!$B:$H,4,0),\"\")","v":""},{"$f":"IFERROR(VLOOKUP(C4465,参数!B:H,3,FALSE),\"\")","v":""},"",1]
[4465,{"$nulls":6},{"$f":"IFERROR(VLOOKUP(C4466,参数!$B:$H,2,0),\"\")","v":""},{"$f":"IFERROR(VLOOKUP(C4466,参数!$B:$H,4,0),\"\")","v":""},{"$f":"IFERROR(VLOOKUP(C4466,参数!B:H,3,FALSE),\"\")","v":""},"",1]
[4466,{"$nulls":6},{"$f":"IFERROR(VLOOKUP(C4467,参数!$B:$H,2,0),\"\")","v":""},{"$f":"IFERROR(VLOOKUP(C4467,参数!$B:$H,4,0),\"\")","v":""},{"$f":"IFERROR(VLOOKUP(C4467,参数!B:H,3,FALSE),\"\")","v":""},"",1]
[4467,{"$nulls":6},{"$f":"IFERROR(VLOOKUP(C4468,参数!$B:$H,2,0),\"\")","v":""},{"$f":"IFERROR(VLOOKUP(C4468,参数!$B:$H,4,0),\"\")","v":""},{"$f":"IFERROR(VLOOKUP(C4468,参数!B:H,3,FALSE),\"\")","v":""},"",1]
[4468,{"$nulls":6},{"$f":"IFERROR(VLOOKUP(C4469,参数!$B:$H,2,0),\"\")","v":""},{"$f":"IFERROR(VLOOKUP(C4469,参数!$B:$H,4,0),\"\")","v":""},{"$f":"IFERROR(VLOOKUP(C4469,参数!B:H,3,FALSE),\"\")","v":""},"",1]
[4469,{"$nulls":6},{"$f":"IFERROR(VLOOKUP(C4470,参数!$B:$H,2,0),\"\")","v":""},{"$f":"IFERROR(VLOOKUP(C4470,参数!$B:$H,4,0),\"\")","v":""},{"$f":"IFERROR(VLOOKUP(C4470,参数!B:H,3,FALSE),\"\")","v":""},"",1]
[4470,{"$nulls":6},{"$f":"IFERROR(VLOOKUP(C4471,参数!$B:$H,2,0),\"\")","v":""},{"$f":"IFERROR(VLOOKUP(C4471,参数!$B:$H,4,0),\"\")","v":""},{"$f":"IFERROR(VLOOKUP(C4471,参数!B:H,3,FALSE),\"\")","v":""},"",1]
[4471,{"$nulls":6},{"$f":"IFERROR(VLOOKUP(C4472,参数!$B:$H,2,0),\"\")","v":""},{"$f":"IFERROR(VLOOKUP(C4472,参数!$B:$H,4,0),\"\")","v":""},{"$f":"IFERROR(VLOOKUP(C4472,参数!B:H,3,FALSE),\"\")","v":""},"",1]
[4472,{"$nulls":6},{"$f":"IFERROR(VLOOKUP(C4473,参数!$B:$H,2,0),\"\")","v":""},{"$f":"IFERROR(VLOOKUP(C4473,参数!$B:$H,4,0),\"\")","v":""},{"$f":"IFERROR(VLOOKUP(C4473,参数!B:H,3,FALSE),\"\")","v":""},"",1]
[4473,{"$nulls":6},{"$f":"IFERROR(VLOOKUP(C4474,参数!$B:$H,2,0),\"\")","v":""},{"$f":"IFERROR(VLOOKUP(C4474,参数!$B:$H,4,0),\"\")","v":""},{"$f":"IFERROR(VLOOKUP(C4474,参数!B:H,3,FALSE),\"\")","v":""},"",1]
[4474,{"$nulls":6},{"$f":"IFERROR(VLOOKUP(C4475,参数!$B:$H,2,0),\"\")","v":""},{"$f":"IFERROR(VLOOKUP(C4475,参数!$B:$H,4,0),\"\")","v":""},{"$f":"IFERROR(VLOOKUP(C4475,参数!B:H,3,FALSE),\"\")","v":""},"",1]
[4475,{"$nulls":6},{"$f":"IFERROR(VLOOKUP(C4476,参数!$B:$H,2,0),\"\")","v":""},{"$f":"IFERROR(VLOOKUP(C4476,参数!$B:$H,4,0),\"\")","v":""},{"$f":"IFERROR(VLOOKUP(C4476,参数!B:H,3,FALSE),\"\")","v":""},"",1]
[4476,{"$nulls":6},{"$f":"IFERROR(VLOOKUP(C4477,参数!$B:$H,2,0),\"\")","v":""},{"$f":"IFERROR(VLOOKUP(C4477,参数!$B:$H,4,0),\"\")","v":""},{"$f":"IFERROR(VLOOKUP(C4477,参数!B:H,3,FALSE),\"\")","v":""},"",1]
[4477,{"$nulls":6},{"$f":"IFERROR(VLOOKUP(C4478,参数!$B:$H,2,0),\"\")","v":""},{"$f":"IFERROR(VLOOKUP(C4478,参数!$B:$H,4,0),\"\")","v":""},{"$f":"IFERROR(VLOOKUP(C4478,参数!B:H,3,FALSE),\"\")","v":""},"",1]
[4478,{"$nulls":6},{"$f":"IFERROR(VLOOKUP(C4479,参数!$B:$H,2,0),\"\")","v":""},{"$f":"IFERROR(VLOOKUP(C4479,参数!$B:$H,4,0),\"\")","v":""},{"$f":"IFERROR(VLOOKUP(C4479,参数!B:H,3,FALSE),\"\")","v":""},"",1]
[4479,{"$nulls":6},{"$f":"IFERROR(VLOOKUP(C4480,参数!$B:$H,2,0),\"\")","v":""},{"$f":"IFERROR(VLOOKUP(C4480,参数!$B:$H,4,0),\"\")","v":""},{"$f":"IFERROR(VLOOKUP(C4480,参数!B:H,3,FALSE),\"\")","v":""},"",1]
[4480,{"$nulls":6},{"$f":"IFERROR(VLOOKUP(C4481,参数!$B:$H,2,0),\"\")","v":""},{"$f":"IFERROR(VLOOKUP(C4481,参数!$B:$H,4,0),\"\")","v":""},{"$f":"IFERROR(VLOOKUP(C4481,参数!B:H,3,FALSE),\"\")","v":""},"",1]
[4481,{"$nulls":6},{"$f":"IFERROR(VLOOKUP(C4482,参数!$B:$H,2,0),\"\")","v":""},{"$f":"IFERROR(VLOOKUP(C4482,参数!$B:$H,4,0),\"\")","v":""},{"$f":"IFERROR(VLOOKUP(C4482,参数!B:H,3,FALSE),\"\")","v":""},"",{"$f":"VALUE(MONTH(B4482))","v":1}]
[4482,{"$nulls":6},{"$f":"IFERROR(VLOOKUP(C4483,参数!$B:$H,2,0),\"\")","v":""},{"$f":"IFERROR(VLOOKUP(C4483,参数!$B:$H,4,0),\"\")","v":""},{"$f":"IFERROR(VLOOKUP(C4483,参数!B:H,3,FALSE),\"\")","v":""},"",1]
[4483,{"$nulls":6},{"$f":"IFERROR(VLOOKUP(C4484,参数!$B:$H,2,0),\"\")","v":""},{"$f":"IFERROR(VLOOKUP(C4484,参数!$B:$H,4,0),\"\")","v":""},{"$f":"IFERROR(VLOOKUP(C4484,参数!B:H,3,FALSE),\"\")","v":""},"",1]
[4484,{"$nulls":6},{"$f":"IFERROR(VLOOKUP(C4485,参数!$B:$H,2,0),\"\")","v":""},{"$f":"IFERROR(VLOOKUP(C4485,参数!$B:$H,4,0),\"\")","v":""},{"$f":"IFERROR(VLOOKUP(C4485,参数!B:H,3,FALSE),\"\")","v":""},"",1]
[4485,{"$nulls":6},{"$f":"IFERROR(VLOOKUP(C4486,参数!$B:$H,2,0),\"\")","v":""},{"$f":"IFERROR(VLOOKUP(C4486,参数!$B:$H,4,0),\"\")","v":""},{"$f":"IFERROR(VLOOKUP(C4486,参数!B:H,3,FALSE),\"\")","v":""},"",1]
[4486,{"$nulls":6},{"$f":"IFERROR(VLOOKUP(C4487,参数!$B:$H,2,0),\"\")","v":""},{"$f":"IFERROR(VLOOKUP(C4487,参数!$B:$H,4,0),\"\")","v":""},{"$f":"IFERROR(VLOOKUP(C4487,参数!B:H,3,FALSE),\"\")","v":""},"",1]
[4487,{"$nulls":6},{"$f":"IFERROR(VLOOKUP(C4488,参数!$B:$H,2,0),\"\")","v":""},{"$f":"IFERROR(VLOOKUP(C4488,参数!$B:$H,4,0),\"\")","v":""},{"$f":"IFERROR(VLOOKUP(C4488,参数!B:H,3,FALSE),\"\")","v":""},"",1]
[4488,{"$nulls":6},{"$f":"IFERROR(VLOOKUP(C4489,参数!$B:$H,2,0),\"\")","v":""},{"$f":"IFERROR(VLOOKUP(C4489,参数!$B:$H,4,0),\"\")","v":""},{"$f":"IFERROR(VLOOKUP(C4489,参数!B:H,3,FALSE),\"\")","v":""},"",1]
[4489,{"$nulls":6},{"$f":"IFERROR(VLOOKUP(C4490,参数!$B:$H,2,0),\"\")","v":""},{"$f":"IFERROR(VLOOKUP(C4490,参数!$B:$H,4,0),\"\")","v":""},{"$f":"IFERROR(VLOOKUP(C4490,参数!B:H,3,FALSE),\"\")","v":""},"",1]
[4490,{"$nulls":6},{"$f":"IFERROR(VLOOKUP(C4491,参数!$B:$H,2,0),\"\")","v":""},{"$f":"IFERROR(VLOOKUP(C4491,参数!$B:$H,4,0),\"\")","v":""},{"$f":"IFERROR(VLOOKUP(C4491,参数!B:H,3,FALSE),\"\")","v":""},"",1]
[4491,{"$nulls":6},{"$f":"IFERROR(VLOOKUP(C4492,参数!$B:$H,2,0),\"\")","v":""},{"$f":"IFERROR(VLOOKUP(C4492,参数!$B:$H,4,0),\"\")","v":""},{"$f":"IFERROR(VLOOKUP(C4492,参数!B:H,3,FALSE),\"\")","v":""},"",1]
[4492,{"$nulls":6},{"$f":"IFERROR(VLOOKUP(C4493,参数!$B:$H,2,0),\"\")","v":""},{"$f":"IFERROR(VLOOKUP(C4493,参数!$B:$H,4,0),\"\")","v":""},{"$f":"IFERROR(VLOOKUP(C4493,参数!B:H,3,FALSE),\"\")","v":""},"",1]
[4493,{"$nulls":6},{"$f":"IFERROR(VLOOKUP(C4494,参数!$B:$H,2,0),\"\")","v":""},{"$f":"IFERROR(VLOOKUP(C4494,参数!$B:$H,4,0),\"\")","v":""},{"$f":"IFERROR(VLOOKUP(C4494,参数!B:H,3,FALSE),\"\")","v":""},"",1]
[4494,{"$nulls":6},{"$f":"IFERROR(VLOOKUP(C4495,参数!$B:$H,2,0),\"\")","v":""},{"$f":"IFERROR(VLOOKUP(C4495,参数!$B:$H,4,0),\"\")","v":""},{"$f":"IFERROR(VLOOKUP(C4495,参数!B:H,3,FALSE),\"\")","v":""},"",1]
[4495,{"$nulls":6},{"$f":"IFERROR(VLOOKUP(C4496,参数!$B:$H,2,0),\"\")","v":""},{"$f":"IFERROR(VLOOKUP(C4496,参数!$B:$H,4,0),\"\")","v":""},{"$f":"IFERROR(VLOOKUP(C4496,参数!B:H,3,FALSE),\"\")","v":""},"",1]
[4496,{"$nulls":6},{"$f":"IFERROR(VLOOKUP(C4497,参数!$B:$H,2,0),\"\")","v":""},{"$f":"IFERROR(VLOOKUP(C4497,参数!$B:$H,4,0),\"\")","v":""},{"$f":"IFERROR(VLOOKUP(C4497,参数!B:H,3,FALSE),\"\")","v":""},"",1]
[4497,{"$nulls":6},{"$f":"IFERROR(VLOOKUP(C4498,参数!$B:$H,2,0),\"\")","v":""},{"$f":"IFERROR(VLOOKUP(C4498,参数!$B:$H,4,0),\"\")","v":""},{"$f":"IFERROR(VLOOKUP(C4498,参数!B:H,3,FALSE),\"\")","v":""},"",1]
[4498,{"$nulls":6},{"$f":"IFERROR(VLOOKUP(C4499,参数!$B:$H,2,0),\"\")","v":""},{"$f":"IFERROR(VLOOKUP(C4499,参数!$B:$H,4,0),\"\")","v":""},{"$f":"IFERROR(VLOOKUP(C4499,参数!B:H,3,FALSE),\"\")","v":""},"",1]
[4499,{"$nulls":6},{"$f":"IFERROR(VLOOKUP(C4500,参数!$B:$H,2,0),\"\")","v":""},{"$f":"IFERROR(VLOOKUP(C4500,参数!$B:$H,4,0),\"\")","v":""},{"$f":"IFERROR(VLOOKUP(C4500,参数!B:H,3,FALSE),\"\")","v":""},"",1]
[4500,{"$nulls":6},{"$f":"IFERROR(VLOOKUP(C4501,参数!$B:$H,2,0),\"\")","v":""},{"$f":"IFERROR(VLOOKUP(C4501,参数!$B:$H,4,0),\"\")","v":""},{"$f":"IFERROR(VLOOKUP(C4501,参数!B:H,3,FALSE),\"\")","v":""},"",1]
[4501,{"$nulls":6},{"$f":"IFERROR(VLOOKUP(C4502,参数!$B:$H,2,0),\"\")","v":""},{"$f":"IFERROR(VLOOKUP(C4502,参数!$B:$H,4,0),\"\")","v":""},{"$f":"IFERROR(VLOOKUP(C4502,参数!B:H,3,FALSE),\"\")","v":""},"",1]
[4502,{"$nulls":6},{"$f":"IFERROR(VLOOKUP(C4503,参数!$B:$H,2,0),\"\")","v":""},{"$f":"IFERROR(VLOOKUP(C4503,参数!$B:$H,4,0),\"\")","v":""},{"$f":"IFERROR(VLOOKUP(C4503,参数!B:H,3,FALSE),\"\")","v":""},"",1]
[4503,{"$nulls":6},{"$f":"IFERROR(VLOOKUP(C4504,参数!$B:$H,2,0),\"\")","v":""},{"$f":"IFERROR(VLOOKUP(C4504,参数!$B:$H,4,0),\"\")","v":""},{"$f":"IFERROR(VLOOKUP(C4504,参数!B:H,3,FALSE),\"\")","v":""},"",1]
[4504,{"$nulls":6},{"$f":"IFERROR(VLOOKUP(C4505,参数!$B:$H,2,0),\"\")","v":""},{"$f":"IFERROR(VLOOKUP(C4505,参数!$B:$H,4,0),\"\")","v":""},{"$f":"IFERROR(VLOOKUP(C4505,参数!B:H,3,FALSE),\"\")","v":""},"",1]
[4505,{"$nulls":6},{"$f":"IFERROR(VLOOKUP(C4506,参数!$B:$H,2,0),\"\")","v":""},{"$f":"IFERROR(VLOOKUP(C4506,参数!$B:$H,4,0),\"\")","v":""},{"$f":"IFERROR(VLOOKUP(C4506,参数!B:H,3,FALSE),\"\")","v":""},"",1]
[4506,{"$nulls":6},{"$f":"IFERROR(VLOOKUP(C4507,参数!$B:$H,2,0),\"\")","v":""},{"$f":"IFERROR(VLOOKUP(C4507,参数!$B:$H,4,0),\"\")","v":""},{"$f":"IFERROR(VLOOKUP(C4507,参数!B:H,3,FALSE),\"\")","v":""},"",1]
[4507,{"$nulls":6},{"$f":"IFERROR(VLOOKUP(C4508,参数!$B:$H,2,0),\"\")","v":""},{"$f":"IFERROR(VLOOKUP(C4508,参数!$B:$H,4,0),\"\")","v":""},{"$f":"IFERROR(VLOOKUP(C4508,参数!B:H,3,FALSE),\"\")","v":""},"",1]
[4508,{"$nulls":6},{"$f":"IFERROR(VLOOKUP(C4509,参数!$B:$H,2,0),\"\")","v":""},{"$f":"IFERROR(VLOOKUP(C4509,参数!$B:$H,4,0),\"\")","v":""},{"$f":"IFERROR(VLOOKUP(C4509,参数!B:H,3,FALSE),\"\")","v":""},"",1]
[4509,{"$nulls":6},{"$f":"IFERROR(VLOOKUP(C4510,参数!$B:$H,2,0),\"\")","v":""},{"$f":"IFERROR(VLOOKUP(C4510,参数!$B:$H,4,0),\"\")","v":""},{"$f":"IFERROR(VLOOKUP(C4510,参数!B:H,3,FALSE),\"\")","v":""},"",1]
[4510,{"$nulls":6},{"$f":"IFERROR(VLOOKUP(C4511,参数!$B:$H,2,0),\"\")","v":""},{"$f":"IFERROR(VLOOKUP(C4511,参数!$B:$H,4,0),\"\")","v":""},{"$f":"IFERROR(VLOOKUP(C4511,参数!B:H,3,FALSE),\"\")","v":""},"",1]
[4511,{"$nulls":6},{"$f":"IFERROR(VLOOKUP(C4512,参数!$B:$H,2,0),\"\")","v":""},{"$f":"IFERROR(VLOOKUP(C4512,参数!$B:$H,4,0),\"\")","v":""},{"$f":"IFERROR(VLOOKUP(C4512,参数!B:H,3,FALSE),\"\")","v":""},"",1]
[4512,{"$nulls":6},{"$f":"IFERROR(VLOOKUP(C4513,参数!$B:$H,2,0),\"\")","v":""},{"$f":"IFERROR(VLOOKUP(C4513,参数!$B:$H,4,0),\"\")","v":""},{"$f":"IFERROR(VLOOKUP(C4513,参数!B:H,3,FALSE),\"\")","v":""},"",1]
[4513,{"$nulls":6},{"$f":"IFERROR(VLOOKUP(C4514,参数!$B:$H,2,0),\"\")","v":""},{"$f":"IFERROR(VLOOKUP(C4514,参数!$B:$H,4,0),\"\")","v":""},{"$f":"IFERROR(VLOOKUP(C4514,参数!B:H,3,FALSE),\"\")","v":""},"",1]
[4514,{"$nulls":6},{"$f":"IFERROR(VLOOKUP(C4515,参数!$B:$H,2,0),\"\")","v":""},{"$f":"IFERROR(VLOOKUP(C4515,参数!$B:$H,4,0),\"\")","v":""},{"$f":"IFERROR(VLOOKUP(C4515,参数!B:H,3,FALSE),\"\")","v":""},"",1]
[4515,{"$nulls":6},{"$f":"IFERROR(VLOOKUP(C4516,参数!$B:$H,2,0),\"\")","v":""},{"$f":"IFERROR(VLOOKUP(C4516,参数!$B:$H,4,0),\"\")","v":""},{"$f":"IFERROR(VLOOKUP(C4516,参数!B:H,3,FALSE),\"\")","v":""},"",1]
[4516,{"$nulls":6},{"$f":"IFERROR(VLOOKUP(C4517,参数!$B:$H,2,0),\"\")","v":""},{"$f":"IFERROR(VLOOKUP(C4517,参数!$B:$H,4,0),\"\")","v":""},{"$f":"IFERROR(VLOOKUP(C4517,参数!B:H,3,FALSE),\"\")","v":""},{"$f":"IFERROR(J4517*E4517,\"\")","v":""},1]
[4517,{"$nulls":6},{"$f":"IFERROR(VLOOKUP(C4518,参数!$B:$H,2,0),\"\")","v":""},{"$f":"IFERROR(VLOOKUP(C4518,参数!$B:$H,4,0),\"\")","v":""},{"$f":"IFERROR(VLOOKUP(C4518,参数!B:H,3,FALSE),\"\")","v":""},"",1]
[4518,{"$nulls":6},{"$f":"IFERROR(VLOOKUP(C4519,参数!$B:$H,2,0),\"\")","v":""},{"$f":"IFERROR(VLOOKUP(C4519,参数!$B:$H,4,0),\"\")","v":""},{"$f":"IFERROR(VLOOKUP(C4519,参数!B:H,3,FALSE),\"\")","v":""},"",1]
[4519,{"$nulls":6},{"$f":"IFERROR(VLOOKUP(C4520,参数!$B:$H,2,0),\"\")","v":""},{"$f":"IFERROR(VLOOKUP(C4520,参数!$B:$H,4,0),\"\")","v":""},{"$f":"IFERROR(VLOOKUP(C4520,参数!B:H,3,FALSE),\"\")","v":""},"",1]
[4520,{"$nulls":6},{"$f":"IFERROR(VLOOKUP(C4521,参数!$B:$H,2,0),\"\")","v":""},{"$f":"IFERROR(VLOOKUP(C4521,参数!$B:$H,4,0),\"\")","v":""},{"$f":"IFERROR(VLOOKUP(C4521,参数!B:H,3,FALSE),\"\")","v":""},"",1]
[4521,{"$nulls":6},{"$f":"IFERROR(VLOOKUP(C4522,参数!$B:$H,2,0),\"\")","v":""},{"$f":"IFERROR(VLOOKUP(C4522,参数!$B:$H,4,0),\"\")","v":""},{"$f":"IFERROR(VLOOKUP(C4522,参数!B:H,3,FALSE),\"\")","v":""},"",1]
[4522,{"$nulls":6},{"$f":"IFERROR(VLOOKUP(C4523,参数!$B:$H,2,0),\"\")","v":""},{"$f":"IFERROR(VLOOKUP(C4523,参数!$B:$H,4,0),\"\")","v":""},{"$f":"IFERROR(VLOOKUP(C4523,参数!B:H,3,FALSE),\"\")","v":""},"",1]
[4523,{"$nulls":6},{"$f":"IFERROR(VLOOKUP(C4524,参数!$B:$H,2,0),\"\")","v":""},{"$f":"IFERROR(VLOOKUP(C4524,参数!$B:$H,4,0),\"\")","v":""},{"$f":"IFERROR(VLOOKUP(C4524,参数!B:H,3,FALSE),\"\")","v":""},"",1]
[4524,{"$nulls":6},{"$f":"IFERROR(VLOOKUP(C4525,参数!$B:$H,2,0),\"\")","v":""},{"$f":"IFERROR(VLOOKUP(C4525,参数!$B:$H,4,0),\"\")","v":""},{"$f":"IFERROR(VLOOKUP(C4525,参数!B:H,3,FALSE),\"\")","v":""},"",1]
[4525,{"$nulls":6},{"$f":"IFERROR(VLOOKUP(C4526,参数!$B:$H,2,0),\"\")","v":""},{"$f":"IFERROR(VLOOKUP(C4526,参数!$B:$H,4,0),\"\")","v":""},{"$f":"IFERROR(VLOOKUP(C4526,参数!B:H,3,FALSE),\"\")","v":""},"",1]
[4526,{"$nulls":6},{"$f":"IFERROR(VLOOKUP(C4527,参数!$B:$H,2,0),\"\")","v":""},{"$f":"IFERROR(VLOOKUP(C4527,参数!$B:$H,4,0),\"\")","v":""},{"$f":"IFERROR(VLOOKUP(C4527,参数!B:H,3,FALSE),\"\")","v":""},"",1]
[4527,{"$nulls":6},{"$f":"IFERROR(VLOOKUP(C4528,参数!$B:$H,2,0),\"\")","v":""},{"$f":"IFERROR(VLOOKUP(C4528,参数!$B:$H,4,0),\"\")","v":""},{"$f":"IFERROR(VLOOKUP(C4528,参数!B:H,3,FALSE),\"\")","v":""},"",1]
[4528,{"$nulls":6},{"$f":"IFERROR(VLOOKUP(C4529,参数!$B:$H,2,0),\"\")","v":""},{"$f":"IFERROR(VLOOKUP(C4529,参数!$B:$H,4,0),\"\")","v":""},{"$f":"IFERROR(VLOOKUP(C4529,参数!B:H,3,FALSE),\"\")","v":""},"",1]
[4529,{"$nulls":6},{"$f":"IFERROR(VLOOKUP(C4530,参数!$B:$H,2,0),\"\")","v":""},{"$f":"IFERROR(VLOOKUP(C4530,参数!$B:$H,4,0),\"\")","v":""},{"$f":"IFERROR(VLOOKUP(C4530,参数!B:H,3,FALSE),\"\")","v":""},"",1]
[4530,{"$nulls":6},{"$f":"IFERROR(VLOOKUP(C4531,参数!$B:$H,2,0),\"\")","v":""},{"$f":"IFERROR(VLOOKUP(C4531,参数!$B:$H,4,0),\"\")","v":""},{"$f":"IFERROR(VLOOKUP(C4531,参数!B:H,3,FALSE),\"\")","v":""},"",1]
[4531,{"$nulls":6},{"$f":"IFERROR(VLOOKUP(C4532,参数!$B:$H,2,0),\"\")","v":""},{"$f":"IFERROR(VLOOKUP(C4532,参数!$B:$H,4,0),\"\")","v":""},{"$f":"IFERROR(VLOOKUP(C4532,参数!B:H,3,FALSE),\"\")","v":""},"",1]
[4532,{"$nulls":6},{"$f":"IFERROR(VLOOKUP(C4533,参数!$B:$H,2,0),\"\")","v":""},{"$f":"IFERROR(VLOOKUP(C4533,参数!$B:$H,4,0),\"\")","v":""},{"$f":"IFERROR(VLOOKUP(C4533,参数!B:H,3,FALSE),\"\")","v":""},"",1]
[4533,{"$nulls":6},{"$f":"IFERROR(VLOOKUP(C4534,参数!$B:$H,2,0),\"\")","v":""},{"$f":"IFERROR(VLOOKUP(C4534,参数!$B:$H,4,0),\"\")","v":""},{"$f":"IFERROR(VLOOKUP(C4534,参数!B:H,3,FALSE),\"\")","v":""},"",1]
[4534,{"$nulls":6},{"$f":"IFERROR(VLOOKUP(C4535,参数!$B:$H,2,0),\"\")","v":""},{"$f":"IFERROR(VLOOKUP(C4535,参数!$B:$H,4,0),\"\")","v":""},{"$f":"IFERROR(VLOOKUP(C4535,参数!B:H,3,FALSE),\"\")","v":""},"",1]
[4535,{"$nulls":6},{"$f":"IFERROR(VLOOKUP(C4536,参数!$B:$H,2,0),\"\")","v":""},{"$f":"IFERROR(VLOOKUP(C4536,参数!$B:$H,4,0),\"\")","v":""},{"$f":"IFERROR(VLOOKUP(C4536,参数!B:H,3,FALSE),\"\")","v":""},"",1]
[4536,{"$nulls":6},{"$f":"IFERROR(VLOOKUP(C4537,参数!$B:$H,2,0),\"\")","v":""},{"$f":"IFERROR(VLOOKUP(C4537,参数!$B:$H,4,0),\"\")","v":""},{"$f":"IFERROR(VLOOKUP(C4537,参数!B:H,3,FALSE),\"\")","v":""},"",1]
[4537,{"$nulls":6},{"$f":"IFERROR(VLOOKUP(C4538,参数!$B:$H,2,0),\"\")","v":""},{"$f":"IFERROR(VLOOKUP(C4538,参数!$B:$H,4,0),\"\")","v":""},{"$f":"IFERROR(VLOOKUP(C4538,参数!B:H,3,FALSE),\"\")","v":""},"",1]
[4538,{"$nulls":6},{"$f":"IFERROR(VLOOKUP(C4539,参数!$B:$H,2,0),\"\")","v":""},{"$f":"IFERROR(VLOOKUP(C4539,参数!$B:$H,4,0),\"\")","v":""},{"$f":"IFERROR(VLOOKUP(C4539,参数!B:H,3,FALSE),\"\")","v":""},"",1]
[4539,{"$nulls":6},{"$f":"IFERROR(VLOOKUP(C4540,参数!$B:$H,2,0),\"\")","v":""},{"$f":"IFERROR(VLOOKUP(C4540,参数!$B:$H,4,0),\"\")","v":""},{"$f":"IFERROR(VLOOKUP(C4540,参数!B:H,3,FALSE),\"\")","v":""},"",1]
[4540,{"$nulls":6},{"$f":"IFERROR(VLOOKUP(C4541,参数!$B:$H,2,0),\"\")","v":""},{"$f":"IFERROR(VLOOKUP(C4541,参数!$B:$H,4,0),\"\")","v":""},{"$f":"IFERROR(VLOOKUP(C4541,参数!B:H,3,FALSE),\"\")","v":""},"",1]
[4541,{"$nulls":6},{"$f":"IFERROR(VLOOKUP(C4542,参数!$B:$H,2,0),\"\")","v":""},{"$f":"IFERROR(VLOOKUP(C4542,参数!$B:$H,4,0),\"\")","v":""},{"$f":"IFERROR(VLOOKUP(C4542,参数!B:H,3,FALSE),\"\")","v":""},"",1]
[4542,{"$nulls":6},{"$f":"IFERROR(VLOOKUP(C4543,参数!$B:$H,2,0),\"\")","v":""},{"$f":"IFERROR(VLOOKUP(C4543,参数!$B:$H,4,0),\"\")","v":""},{"$f":"IFERROR(VLOOKUP(C4543,参数!B:H,3,FALSE),\"\")","v":""},"",1]
[4543,{"$nulls":6},{"$f":"IFERROR(VLOOKUP(C4544,参数!$B:$H,2,0),\"\")","v":""},{"$f":"IFERROR(VLOOKUP(C4544,参数!$B:$H,4,0),\"\")","v":""},{"$f":"IFERROR(VLOOKUP(C4544,参数!B:H,3,FALSE),\"\")","v":""},"",1]
[4544,{"$nulls":6},{"$f":"IFERROR(VLOOKUP(C4545,参数!$B:$H,2,0),\"\")","v":""},{"$f":"IFERROR(VLOOKUP(C4545,参数!$B:$H,4,0),\"\")","v":""},{"$f":"IFERROR(VLOOKUP(C4545,参数!B:H,3,FALSE),\"\")","v":""},"",1]
[4545,{"$nulls":6},{"$f":"IFERROR(VLOOKUP(C4546,参数!$B:$H,2,0),\"\")","v":""},{"$f":"IFERROR(VLOOKUP(C4546,参数!$B:$H,4,0),\"\")","v":""},{"$f":"IFERROR(VLOOKUP(C4546,参数!B:H,3,FALSE),\"\")","v":""},"",{"$f":"VALUE(MONTH(B4546))","v":1}]
[4546,{"$nulls":6},{"$f":"IFERROR(VLOOKUP(C4547,参数!$B:$H,2,0),\"\")","v":""},{"$f":"IFERROR(VLOOKUP(C4547,参数!$B:$H,4,0),\"\")","v":""},{"$f":"IFERROR(VLOOKUP(C4547,参数!B:H,3,FALSE),\"\")","v":""},"",1]
[4547,{"$nulls":6},{"$f":"IFERROR(VLOOKUP(C4548,参数!$B:$H,2,0),\"\")","v":""},{"$f":"IFERROR(VLOOKUP(C4548,参数!$B:$H,4,0),\"\")","v":""},{"$f":"IFERROR(VLOOKUP(C4548,参数!B:H,3,FALSE),\"\")","v":""},"",1]
[4548,{"$nulls":6},{"$f":"IFERROR(VLOOKUP(C4549,参数!$B:$H,2,0),\"\")","v":""},{"$f":"IFERROR(VLOOKUP(C4549,参数!$B:$H,4,0),\"\")","v":""},{"$f":"IFERROR(VLOOKUP(C4549,参数!B:H,3,FALSE),\"\")","v":""},"",1]
[4549,{"$nulls":6},{"$f":"IFERROR(VLOOKUP(C4550,参数!$B:$H,2,0),\"\")","v":""},{"$f":"IFERROR(VLOOKUP(C4550,参数!$B:$H,4,0),\"\")","v":""},{"$f":"IFERROR(VLOOKUP(C4550,参数!B:H,3,FALSE),\"\")","v":""},"",1]
[4550,{"$nulls":6},{"$f":"IFERROR(VLOOKUP(C4551,参数!$B:$H,2,0),\"\")","v":""},{"$f":"IFERROR(VLOOKUP(C4551,参数!$B:$H,4,0),\"\")","v":""},{"$f":"IFERROR(VLOOKUP(C4551,参数!B:H,3,FALSE),\"\")","v":""},"",1]
[4551,{"$nulls":6},{"$f":"IFERROR(VLOOKUP(C4552,参数!$B:$H,2,0),\"\")","v":""},{"$f":"IFERROR(VLOOKUP(C4552,参数!$B:$H,4,0),\"\")","v":""},{"$f":"IFERROR(VLOOKUP(C4552,参数!B:H,3,FALSE),\"\")","v":""},"",1]
[4552,{"$nulls":6},{"$f":"IFERROR(VLOOKUP(C4553,参数!$B:$H,2,0),\"\")","v":""},{"$f":"IFERROR(VLOOKUP(C4553,参数!$B:$H,4,0),\"\")","v":""},{"$f":"IFERROR(VLOOKUP(C4553,参数!B:H,3,FALSE),\"\")","v":""},"",1]
[4553,{"$nulls":6},{"$f":"IFERROR(VLOOKUP(C4554,参数!$B:$H,2,0),\"\")","v":""},{"$f":"IFERROR(VLOOKUP(C4554,参数!$B:$H,4,0),\"\")","v":""},{"$f":"IFERROR(VLOOKUP(C4554,参数!B:H,3,FALSE),\"\")","v":""},"",1]
[4554,{"$nulls":6},{"$f":"IFERROR(VLOOKUP(C4555,参数!$B:$H,2,0),\"\")","v":""},{"$f":"IFERROR(VLOOKUP(C4555,参数!$B:$H,4,0),\"\")","v":""},{"$f":"IFERROR(VLOOKUP(C4555,参数!B:H,3,FALSE),\"\")","v":""},"",1]
[4555,{"$nulls":6},{"$f":"IFERROR(VLOOKUP(C4556,参数!$B:$H,2,0),\"\")","v":""},{"$f":"IFERROR(VLOOKUP(C4556,参数!$B:$H,4,0),\"\")","v":""},{"$f":"IFERROR(VLOOKUP(C4556,参数!B:H,3,FALSE),\"\")","v":""},"",1]
[4556,{"$nulls":6},{"$f":"IFERROR(VLOOKUP(C4557,参数!$B:$H,2,0),\"\")","v":""},{"$f":"IFERROR(VLOOKUP(C4557,参数!$B:$H,4,0),\"\")","v":""},{"$f":"IFERROR(VLOOKUP(C4557,参数!B:H,3,FALSE),\"\")","v":""},"",1]
[4557,{"$nulls":6},{"$f":"IFERROR(VLOOKUP(C4558,参数!$B:$H,2,0),\"\")","v":""},{"$f":"IFERROR(VLOOKUP(C4558,参数!$B:$H,4,0),\"\")","v":""},{"$f":"IFERROR(VLOOKUP(C4558,参数!B:H,3,FALSE),\"\")","v":""},"",1]
[4558,{"$nulls":6},{"$f":"IFERROR(VLOOKUP(C4559,参数!$B:$H,2,0),\"\")","v":""},{"$f":"IFERROR(VLOOKUP(C4559,参数!$B:$H,4,0),\"\")","v":""},{"$f":"IFERROR(VLOOKUP(C4559,参数!B:H,3,FALSE),\"\")","v":""},"",1]
[4559,{"$nulls":6},{"$f":"IFERROR(VLOOKUP(C4560,参数!$B:$H,2,0),\"\")","v":""},{"$f":"IFERROR(VLOOKUP(C4560,参数!$B:$H,4,0),\"\")","v":""},{"$f":"IFERROR(VLOOKUP(C4560,参数!B:H,3,FALSE),\"\")","v":""},"",1]
[4560,{"$nulls":6},{"$f":"IFERROR(VLOOKUP(C4561,参数!$B:$H,2,0),\"\")","v":""},{"$f":"IFERROR(VLOOKUP(C4561,参数!$B:$H,4,0),\"\")","v":""},{"$f":"IFERROR(VLOOKUP(C4561,参数!B:H,3,FALSE),\"\")","v":""},"",1]
[4561,{"$nulls":6},{"$f":"IFERROR(VLOOKUP(C4562,参数!$B:$H,2,0),\"\")","v":""},{"$f":"IFERROR(VLOOKUP(C4562,参数!$B:$H,4,0),\"\")","v":""},{"$f":"IFERROR(VLOOKUP(C4562,参数!B:H,3,FALSE),\"\")","v":""},"",1]
[4562,{"$nulls":6},{"$f":"IFERROR(VLOOKUP(C4563,参数!$B:$H,2,0),\"\")","v":""},{"$f":"IFERROR(VLOOKUP(C4563,参数!$B:$H,4,0),\"\")","v":""},{"$f":"IFERROR(VLOOKUP(C4563,参数!B:H,3,FALSE),\"\")","v":""},"",1]
[4563,{"$nulls":6},{"$f":"IFERROR(VLOOKUP(C4564,参数!$B:$H,2,0),\"\")","v":""},{"$f":"IFERROR(VLOOKUP(C4564,参数!$B:$H,4,0),\"\")","v":""},{"$f":"IFERROR(VLOOKUP(C4564,参数!B:H,3,FALSE),\"\")","v":""},"",1]
[4564,{"$nulls":6},{"$f":"IFERROR(VLOOKUP(C4565,参数!$B:$H,2,0),\"\")","v":""},{"$f":"IFERROR(VLOOKUP(C4565,参数!$B:$H,4,0),\"\")","v":""},{"$f":"IFERROR(VLOOKUP(C4565,参数!B:H,3,FALSE),\"\")","v":""},"",1]
[4565,{"$nulls":6},{"$f":"IFERROR(VLOOKUP(C4566,参数!$B:$H,2,0),\"\")","v":""},{"$f":"IFERROR(VLOOKUP(C4566,参数!$B:$H,4,0),\"\")","v":""},{"$f":"IFERROR(VLOOKUP(C4566,参数!B:H,3,FALSE),\"\")","v":""},"",1]
[4566,{"$nulls":6},{"$f":"IFERROR(VLOOKUP(C4567,参数!$B:$H,2,0),\"\")","v":""},{"$f":"IFERROR(VLOOKUP(C4567,参数!$B:$H,4,0),\"\")","v":""},{"$f":"IFERROR(VLOOKUP(C4567,参数!B:H,3,FALSE),\"\")","v":""},"",1]
[4567,{"$nulls":6},{"$f":"IFERROR(VLOOKUP(C4568,参数!$B:$H,2,0),\"\")","v":""},{"$f":"IFERROR(VLOOKUP(C4568,参数!$B:$H,4,0),\"\")","v":""},{"$f":"IFERROR(VLOOKUP(C4568,参数!B:H,3,FALSE),\"\")","v":""},"",1]
[4568,{"$nulls":6},{"$f":"IFERROR(VLOOKUP(C4569,参数!$B:$H,2,0),\"\")","v":""},{"$f":"IFERROR(VLOOKUP(C4569,参数!$B:$H,4,0),\"\")","v":""},{"$f":"IFERROR(VLOOKUP(C4569,参数!B:H,3,FALSE),\"\")","v":""},"",1]
[4569,{"$nulls":6},{"$f":"IFERROR(VLOOKUP(C4570,参数!$B:$H,2,0),\"\")","v":""},{"$f":"IFERROR(VLOOKUP(C4570,参数!$B:$H,4,0),\"\")","v":""},{"$f":"IFERROR(VLOOKUP(C4570,参数!B:H,3,FALSE),\"\")","v":""},"",1]
[4570,{"$nulls":6},{"$f":"IFERROR(VLOOKUP(C4571,参数!$B:$H,2,0),\"\")","v":""},{"$f":"IFERROR(VLOOKUP(C4571,参数!$B:$H,4,0),\"\")","v":""},{"$f":"IFERROR(VLOOKUP(C4571,参数!B:H,3,FALSE),\"\")","v":""},"",1]
[4571,{"$nulls":6},{"$f":"IFERROR(VLOOKUP(C4572,参数!$B:$H,2,0),\"\")","v":""},{"$f":"IFERROR(VLOOKUP(C4572,参数!$B:$H,4,0),\"\")","v":""},{"$f":"IFERROR(VLOOKUP(C4572,参数!B:H,3,FALSE),\"\")","v":""},"",1]
[4572,{"$nulls":6},{"$f":"IFERROR(VLOOKUP(C4573,参数!$B:$H,2,0),\"\")","v":""},{"$f":"IFERROR(VLOOKUP(C4573,参数!$B:$H,4,0),\"\")","v":""},{"$f":"IFERROR(VLOOKUP(C4573,参数!B:H,3,FALSE),\"\")","v":""},"",1]
[4573,{"$nulls":6},{"$f":"IFERROR(VLOOKUP(C4574,参数!$B:$H,2,0),\"\")","v":""},{"$f":"IFERROR(VLOOKUP(C4574,参数!$B:$H,4,0),\"\")","v":""},{"$f":"IFERROR(VLOOKUP(C4574,参数!B:H,3,FALSE),\"\")","v":""},"",1]
[4574,{"$nulls":6},{"$f":"IFERROR(VLOOKUP(C4575,参数!$B:$H,2,0),\"\")","v":""},{"$f":"IFERROR(VLOOKUP(C4575,参数!$B:$H,4,0),\"\")","v":""},{"$f":"IFERROR(VLOOKUP(C4575,参数!B:H,3,FALSE),\"\")","v":""},"",1]
[4575,{"$nulls":6},{"$f":"IFERROR(VLOOKUP(C4576,参数!$B:$H,2,0),\"\")","v":""},{"$f":"IFERROR(VLOOKUP(C4576,参数!$B:$H,4,0),\"\")","v":""},{"$f":"IFERROR(VLOOKUP(C4576,参数!B:H,3,FALSE),\"\")","v":""},"",1]
[4576,{"$nulls":6},{"$f":"IFERROR(VLOOKUP(C4577,参数!$B:$H,2,0),\"\")","v":""},{"$f":"IFERROR(VLOOKUP(C4577,参数!$B:$H,4,0),\"\")","v":""},{"$f":"IFERROR(VLOOKUP(C4577,参数!B:H,3,FALSE),\"\")","v":""},"",1]
[4577,{"$nulls":6},{"$f":"IFERROR(VLOOKUP(C4578,参数!$B:$H,2,0),\"\")","v":""},{"$f":"IFERROR(VLOOKUP(C4578,参数!$B:$H,4,0),\"\")","v":""},{"$f":"IFERROR(VLOOKUP(C4578,参数!B:H,3,FALSE),\"\")","v":""},"",1]
[4578,{"$nulls":6},{"$f":"IFERROR(VLOOKUP(C4579,参数!$B:$H,2,0),\"\")","v":""},{"$f":"IFERROR(VLOOKUP(C4579,参数!$B:$H,4,0),\"\")","v":""},{"$f":"IFERROR(VLOOKUP(C4579,参数!B:H,3,FALSE),\"\")","v":""},"",1]
[4579,{"$nulls":6},{"$f":"IFERROR(VLOOKUP(C4580,参数!$B:$H,2,0),\"\")","v":""},{"$f":"IFERROR(VLOOKUP(C4580,参数!$B:$H,4,0),\"\")","v":""},{"$f":"IFERROR(VLOOKUP(C4580,参数!B:H,3,FALSE),\"\")","v":""},"",1]
[4580,{"$nulls":6},{"$f":"IFERROR(VLOOKUP(C4581,参数!$B:$H,2,0),\"\")","v":""},{"$f":"IFERROR(VLOOKUP(C4581,参数!$B:$H,4,0),\"\")","v":""},{"$f":"IFERROR(VLOOKUP(C4581,参数!B:H,3,FALSE),\"\")","v":""},{"$f":"IFERROR(J4581*E4581,\"\")","v":""},1]
[4581,{"$nulls":6},{"$f":"IFERROR(VLOOKUP(C4582,参数!$B:$H,2,0),\"\")","v":""},{"$f":"IFERROR(VLOOKUP(C4582,参数!$B:$H,4,0),\"\")","v":""},{"$f":"IFERROR(VLOOKUP(C4582,参数!B:H,3,FALSE),\"\")","v":""},"",1]
[4582,{"$nulls":6},{"$f":"IFERROR(VLOOKUP(C4583,参数!$B:$H,2,0),\"\")","v":""},{"$f":"IFERROR(VLOOKUP(C4583,参数!$B:$H,4,0),\"\")","v":""},{"$f":"IFERROR(VLOOKUP(C4583,参数!B:H,3,FALSE),\"\")","v":""},"",1]
[4583,{"$nulls":6},{"$f":"IFERROR(VLOOKUP(C4584,参数!$B:$H,2,0),\"\")","v":""},{"$f":"IFERROR(VLOOKUP(C4584,参数!$B:$H,4,0),\"\")","v":""},{"$f":"IFERROR(VLOOKUP(C4584,参数!B:H,3,FALSE),\"\")","v":""},"",1]
[4584,{"$nulls":6},{"$f":"IFERROR(VLOOKUP(C4585,参数!$B:$H,2,0),\"\")","v":""},{"$f":"IFERROR(VLOOKUP(C4585,参数!$B:$H,4,0),\"\")","v":""},{"$f":"IFERROR(VLOOKUP(C4585,参数!B:H,3,FALSE),\"\")","v":""},"",1]
[4585,{"$nulls":6},{"$f":"IFERROR(VLOOKUP(C4586,参数!$B:$H,2,0),\"\")","v":""},{"$f":"IFERROR(VLOOKUP(C4586,参数!$B:$H,4,0),\"\")","v":""},{"$f":"IFERROR(VLOOKUP(C4586,参数!B:H,3,FALSE),\"\")","v":""},"",1]
[4586,{"$nulls":6},{"$f":"IFERROR(VLOOKUP(C4587,参数!$B:$H,2,0),\"\")","v":""},{"$f":"IFERROR(VLOOKUP(C4587,参数!$B:$H,4,0),\"\")","v":""},{"$f":"IFERROR(VLOOKUP(C4587,参数!B:H,3,FALSE),\"\")","v":""},"",1]
[4587,{"$nulls":6},{"$f":"IFERROR(VLOOKUP(C4588,参数!$B:$H,2,0),\"\")","v":""},{"$f":"IFERROR(VLOOKUP(C4588,参数!$B:$H,4,0),\"\")","v":""},{"$f":"IFERROR(VLOOKUP(C4588,参数!B:H,3,FALSE),\"\")","v":""},"",1]
[4588,{"$nulls":6},{"$f":"IFERROR(VLOOKUP(C4589,参数!$B:$H,2,0),\"\")","v":""},{"$f":"IFERROR(VLOOKUP(C4589,参数!$B:$H,4,0),\"\")","v":""},{"$f":"IFERROR(VLOOKUP(C4589,参数!B:H,3,FALSE),\"\")","v":""},"",1]
[4589,{"$nulls":6},{"$f":"IFERROR(VLOOKUP(C4590,参数!$B:$H,2,0),\"\")","v":""},{"$f":"IFERROR(VLOOKUP(C4590,参数!$B:$H,4,0),\"\")","v":""},{"$f":"IFERROR(VLOOKUP(C4590,参数!B:H,3,FALSE),\"\")","v":""},"",1]
[4590,{"$nulls":6},{"$f":"IFERROR(VLOOKUP(C4591,参数!$B:$H,2,0),\"\")","v":""},{"$f":"IFERROR(VLOOKUP(C4591,参数!$B:$H,4,0),\"\")","v":""},{"$f":"IFERROR(VLOOKUP(C4591,参数!B:H,3,FALSE),\"\")","v":""},"",1]
[4591,{"$nulls":6},{"$f":"IFERROR(VLOOKUP(C4592,参数!$B:$H,2,0),\"\")","v":""},{"$f":"IFERROR(VLOOKUP(C4592,参数!$B:$H,4,0),\"\")","v":""},{"$f":"IFERROR(VLOOKUP(C4592,参数!B:H,3,FALSE),\"\")","v":""},"",1]
[4592,{"$nulls":6},{"$f":"IFERROR(VLOOKUP(C4593,参数!$B:$H,2,0),\"\")","v":""},{"$f":"IFERROR(VLOOKUP(C4593,参数!$B:$H,4,0),\"\")","v":""},{"$f":"IFERROR(VLOOKUP(C4593,参数!B:H,3,FALSE),\"\")","v":""},"",1]
[4593,{"$nulls":6},{"$f":"IFERROR(VLOOKUP(C4594,参数!$B:$H,2,0),\"\")","v":""},{"$f":"IFERROR(VLOOKUP(C4594,参数!$B:$H,4,0),\"\")","v":""},{"$f":"IFERROR(VLOOKUP(C4594,参数!B:H,3,FALSE),\"\")","v":""},"",1]
[4594,{"$nulls":6},{"$f":"IFERROR(VLOOKUP(C4595,参数!$B:$H,2,0),\"\")","v":""},{"$f":"IFERROR(VLOOKUP(C4595,参数!$B:$H,4,0),\"\")","v":""},{"$f":"IFERROR(VLOOKUP(C4595,参数!B:H,3,FALSE),\"\")","v":""},"",1]
[4595,{"$nulls":6},{"$f":"IFERROR(VLOOKUP(C4596,参数!$B:$H,2,0),\"\")","v":""},{"$f":"IFERROR(VLOOKUP(C4596,参数!$B:$H,4,0),\"\")","v":""},{"$f":"IFERROR(VLOOKUP(C4596,参数!B:H,3,FALSE),\"\")","v":""},"",1]
[4596,{"$nulls":6},{"$f":"IFERROR(VLOOKUP(C4597,参数!$B:$H,2,0),\"\")","v":""},{"$f":"IFERROR(VLOOKUP(C4597,参数!$B:$H,4,0),\"\")","v":""},{"$f":"IFERROR(VLOOKUP(C4597,参数!B:H,3,FALSE),\"\")","v":""},"",1]
[4597,{"$nulls":6},{"$f":"IFERROR(VLOOKUP(C4598,参数!$B:$H,2,0),\"\")","v":""},{"$f":"IFERROR(VLOOKUP(C4598,参数!$B:$H,4,0),\"\")","v":""},{"$f":"IFERROR(VLOOKUP(C4598,参数!B:H,3,FALSE),\"\")","v":""},"",1]
[4598,{"$nulls":6},{"$f":"IFERROR(VLOOKUP(C4599,参数!$B:$H,2,0),\"\")","v":""},{"$f":"IFERROR(VLOOKUP(C4599,参数!$B:$H,4,0),\"\")","v":""},{"$f":"IFERROR(VLOOKUP(C4599,参数!B:H,3,FALSE),\"\")","v":""},"",1]
[4599,{"$nulls":6},{"$f":"IFERROR(VLOOKUP(C4600,参数!$B:$H,2,0),\"\")","v":""},{"$f":"IFERROR(VLOOKUP(C4600,参数!$B:$H,4,0),\"\")","v":""},{"$f":"IFERROR(VLOOKUP(C4600,参数!B:H,3,FALSE),\"\")","v":""},"",1]
[4600,{"$nulls":6},{"$f":"IFERROR(VLOOKUP(C4601,参数!$B:$H,2,0),\"\")","v":""},{"$f":"IFERROR(VLOOKUP(C4601,参数!$B:$H,4,0),\"\")","v":""},{"$f":"IFERROR(VLOOKUP(C4601,参数!B:H,3,FALSE),\"\")","v":""},"",1]
[4601,{"$nulls":6},{"$f":"IFERROR(VLOOKUP(C4602,参数!$B:$H,2,0),\"\")","v":""},{"$f":"IFERROR(VLOOKUP(C4602,参数!$B:$H,4,0),\"\")","v":""},{"$f":"IFERROR(VLOOKUP(C4602,参数!B:H,3,FALSE),\"\")","v":""},"",1]
[4602,{"$nulls":6},{"$f":"IFERROR(VLOOKUP(C4603,参数!$B:$H,2,0),\"\")","v":""},{"$f":"IFERROR(VLOOKUP(C4603,参数!$B:$H,4,0),\"\")","v":""},{"$f":"IFERROR(VLOOKUP(C4603,参数!B:H,3,FALSE),\"\")","v":""},"",1]
[4603,{"$nulls":6},{"$f":"IFERROR(VLOOKUP(C4604,参数!$B:$H,2,0),\"\")","v":""},{"$f":"IFERROR(VLOOKUP(C4604,参数!$B:$H,4,0),\"\")","v":""},{"$f":"IFERROR(VLOOKUP(C4604,参数!B:H,3,FALSE),\"\")","v":""},"",1]
[4604,{"$nulls":6},{"$f":"IFERROR(VLOOKUP(C4605,参数!$B:$H,2,0),\"\")","v":""},{"$f":"IFERROR(VLOOKUP(C4605,参数!$B:$H,4,0),\"\")","v":""},{"$f":"IFERROR(VLOOKUP(C4605,参数!B:H,3,FALSE),\"\")","v":""},"",1]
[4605,{"$nulls":6},{"$f":"IFERROR(VLOOKUP(C4606,参数!$B:$H,2,0),\"\")","v":""},{"$f":"IFERROR(VLOOKUP(C4606,参数!$B:$H,4,0),\"\")","v":""},{"$f":"IFERROR(VLOOKUP(C4606,参数!B:H,3,FALSE),\"\")","v":""},"",1]
[4606,{"$nulls":6},{"$f":"IFERROR(VLOOKUP(C4607,参数!$B:$H,2,0),\"\")","v":""},{"$f":"IFERROR(VLOOKUP(C4607,参数!$B:$H,4,0),\"\")","v":""},{"$f":"IFERROR(VLOOKUP(C4607,参数!B:H,3,FALSE),\"\")","v":""},"",1]
[4607,{"$nulls":6},{"$f":"IFERROR(VLOOKUP(C4608,参数!$B:$H,2,0),\"\")","v":""},{"$f":"IFERROR(VLOOKUP(C4608,参数!$B:$H,4,0),\"\")","v":""},{"$f":"IFERROR(VLOOKUP(C4608,参数!B:H,3,FALSE),\"\")","v":""},"",1]
[4608,{"$nulls":6},{"$f":"IFERROR(VLOOKUP(C4609,参数!$B:$H,2,0),\"\")","v":""},{"$f":"IFERROR(VLOOKUP(C4609,参数!$B:$H,4,0),\"\")","v":""},{"$f":"IFERROR(VLOOKUP(C4609,参数!B:H,3,FALSE),\"\")","v":""},"",1]
[4609,{"$nulls":6},{"$f":"IFERROR(VLOOKUP(C4610,参数!$B:$H,2,0),\"\")","v":""},{"$f":"IFERROR(VLOOKUP(C4610,参数!$B:$H,4,0),\"\")","v":""},{"$f":"IFERROR(VLOOKUP(C4610,参数!B:H,3,FALSE),\"\")","v":""},"",{"$f":"VALUE(MONTH(B4610))","v":1}]
[4610,{"$nulls":6},{"$f":"IFERROR(VLOOKUP(C4611,参数!$B:$H,2,0),\"\")","v":""},{"$f":"IFERROR(VLOOKUP(C4611,参数!$B:$H,4,0),\"\")","v":""},{"$f":"IFERROR(VLOOKUP(C4611,参数!B:H,3,FALSE),\"\")","v":""},"",1]
[4611,{"$nulls":6},{"$f":"IFERROR(VLOOKUP(C4612,参数!$B:$H,2,0),\"\")","v":""},{"$f":"IFERROR(VLOOKUP(C4612,参数!$B:$H,4,0),\"\")","v":""},{"$f":"IFERROR(VLOOKUP(C4612,参数!B:H,3,FALSE),\"\")","v":""},"",1]
[4612,{"$nulls":6},{"$f":"IFERROR(VLOOKUP(C4613,参数!$B:$H,2,0),\"\")","v":""},{"$f":"IFERROR(VLOOKUP(C4613,参数!$B:$H,4,0),\"\")","v":""},{"$f":"IFERROR(VLOOKUP(C4613,参数!B:H,3,FALSE),\"\")","v":""},"",1]
[4613,{"$nulls":6},{"$f":"IFERROR(VLOOKUP(C4614,参数!$B:$H,2,0),\"\")","v":""},{"$f":"IFERROR(VLOOKUP(C4614,参数!$B:$H,4,0),\"\")","v":""},{"$f":"IFERROR(VLOOKUP(C4614,参数!B:H,3,FALSE),\"\")","v":""},"",1]
[4614,{"$nulls":6},{"$f":"IFERROR(VLOOKUP(C4615,参数!$B:$H,2,0),\"\")","v":""},{"$f":"IFERROR(VLOOKUP(C4615,参数!$B:$H,4,0),\"\")","v":""},{"$f":"IFERROR(VLOOKUP(C4615,参数!B:H,3,FALSE),\"\")","v":""},"",1]
[4615,{"$nulls":6},{"$f":"IFERROR(VLOOKUP(C4616,参数!$B:$H,2,0),\"\")","v":""},{"$f":"IFERROR(VLOOKUP(C4616,参数!$B:$H,4,0),\"\")","v":""},{"$f":"IFERROR(VLOOKUP(C4616,参数!B:H,3,FALSE),\"\")","v":""},"",1]
[4616,{"$nulls":6},{"$f":"IFERROR(VLOOKUP(C4617,参数!$B:$H,2,0),\"\")","v":""},{"$f":"IFERROR(VLOOKUP(C4617,参数!$B:$H,4,0),\"\")","v":""},{"$f":"IFERROR(VLOOKUP(C4617,参数!B:H,3,FALSE),\"\")","v":""},"",1]
[4617,{"$nulls":6},{"$f":"IFERROR(VLOOKUP(C4618,参数!$B:$H,2,0),\"\")","v":""},{"$f":"IFERROR(VLOOKUP(C4618,参数!$B:$H,4,0),\"\")","v":""},{"$f":"IFERROR(VLOOKUP(C4618,参数!B:H,3,FALSE),\"\")","v":""},"",1]
[4618,{"$nulls":6},{"$f":"IFERROR(VLOOKUP(C4619,参数!$B:$H,2,0),\"\")","v":""},{"$f":"IFERROR(VLOOKUP(C4619,参数!$B:$H,4,0),\"\")","v":""},{"$f":"IFERROR(VLOOKUP(C4619,参数!B:H,3,FALSE),\"\")","v":""},"",1]
[4619,{"$nulls":6},{"$f":"IFERROR(VLOOKUP(C4620,参数!$B:$H,2,0),\"\")","v":""},{"$f":"IFERROR(VLOOKUP(C4620,参数!$B:$H,4,0),\"\")","v":""},{"$f":"IFERROR(VLOOKUP(C4620,参数!B:H,3,FALSE),\"\")","v":""},"",1]
[4620,{"$nulls":6},{"$f":"IFERROR(VLOOKUP(C4621,参数!$B:$H,2,0),\"\")","v":""},{"$f":"IFERROR(VLOOKUP(C4621,参数!$B:$H,4,0),\"\")","v":""},{"$f":"IFERROR(VLOOKUP(C4621,参数!B:H,3,FALSE),\"\")","v":""},"",1]
[4621,{"$nulls":6},{"$f":"IFERROR(VLOOKUP(C4622,参数!$B:$H,2,0),\"\")","v":""},{"$f":"IFERROR(VLOOKUP(C4622,参数!$B:$H,4,0),\"\")","v":""},{"$f":"IFERROR(VLOOKUP(C4622,参数!B:H,3,FALSE),\"\")","v":""},"",1]
[4622,{"$nulls":6},{"$f":"IFERROR(VLOOKUP(C4623,参数!$B:$H,2,0),\"\")","v":""},{"$f":"IFERROR(VLOOKUP(C4623,参数!$B:$H,4,0),\"\")","v":""},{"$f":"IFERROR(VLOOKUP(C4623,参数!B:H,3,FALSE),\"\")","v":""},"",1]
[4623,{"$nulls":6},{"$f":"IFERROR(VLOOKUP(C4624,参数!$B:$H,2,0),\"\")","v":""},{"$f":"IFERROR(VLOOKUP(C4624,参数!$B:$H,4,0),\"\")","v":""},{"$f":"IFERROR(VLOOKUP(C4624,参数!B:H,3,FALSE),\"\")","v":""},"",1]
[4624,{"$nulls":6},{"$f":"IFERROR(VLOOKUP(C4625,参数!$B:$H,2,0),\"\")","v":""},{"$f":"IFERROR(VLOOKUP(C4625,参数!$B:$H,4,0),\"\")","v":""},{"$f":"IFERROR(VLOOKUP(C4625,参数!B:H,3,FALSE),\"\")","v":""},"",1]
[4625,{"$nulls":6},{"$f":"IFERROR(VLOOKUP(C4626,参数!$B:$H,2,0),\"\")","v":""},{"$f":"IFERROR(VLOOKUP(C4626,参数!$B:$H,4,0),\"\")","v":""},{"$f":"IFERROR(VLOOKUP(C4626,参数!B:H,3,FALSE),\"\")","v":""},"",1]
[4626,{"$nulls":6},{"$f":"IFERROR(VLOOKUP(C4627,参数!$B:$H,2,0),\"\")","v":""},{"$f":"IFERROR(VLOOKUP(C4627,参数!$B:$H,4,0),\"\")","v":""},{"$f":"IFERROR(VLOOKUP(C4627,参数!B:H,3,FALSE),\"\")","v":""},"",1]
[4627,{"$nulls":6},{"$f":"IFERROR(VLOOKUP(C4628,参数!$B:$H,2,0),\"\")","v":""},{"$f":"IFERROR(VLOOKUP(C4628,参数!$B:$H,4,0),\"\")","v":""},{"$f":"IFERROR(VLOOKUP(C4628,参数!B:H,3,FALSE),\"\")","v":""},"",1]
[4628,{"$nulls":6},{"$f":"IFERROR(VLOOKUP(C4629,参数!$B:$H,2,0),\"\")","v":""},{"$f":"IFERROR(VLOOKUP(C4629,参数!$B:$H,4,0),\"\")","v":""},{"$f":"IFERROR(VLOOKUP(C4629,参数!B:H,3,FALSE),\"\")","v":""},"",1]
[4629,{"$nulls":6},{"$f":"IFERROR(VLOOKUP(C4630,参数!$B:$H,2,0),\"\")","v":""},{"$f":"IFERROR(VLOOKUP(C4630,参数!$B:$H,4,0),\"\")","v":""},{"$f":"IFERROR(VLOOKUP(C4630,参数!B:H,3,FALSE),\"\")","v":""},"",1]
[4630,{"$nulls":6},{"$f":"IFERROR(VLOOKUP(C4631,参数!$B:$H,2,0),\"\")","v":""},{"$f":"IFERROR(VLOOKUP(C4631,参数!$B:$H,4,0),\"\")","v":""},{"$f":"IFERROR(VLOOKUP(C4631,参数!B:H,3,FALSE),\"\")","v":""},"",1]
[4631,{"$nulls":6},{"$f":"IFERROR(VLOOKUP(C4632,参数!$B:$H,2,0),\"\")","v":""},{"$f":"IFERROR(VLOOKUP(C4632,参数!$B:$H,4,0),\"\")","v":""},{"$f":"IFERROR(VLOOKUP(C4632,参数!B:H,3,FALSE),\"\")","v":""},"",1]
[4632,{"$nulls":6},{"$f":"IFERROR(VLOOKUP(C4633,参数!$B:$H,2,0),\"\")","v":""},{"$f":"IFERROR(VLOOKUP(C4633,参数!$B:$H,4,0),\"\")","v":""},{"$f":"IFERROR(VLOOKUP(C4633,参数!B:H,3,FALSE),\"\")","v":""},"",1]
[4633,{"$nulls":6},{"$f":"IFERROR(VLOOKUP(C4634,参数!$B:$H,2,0),\"\")","v":""},{"$f":"IFERROR(VLOOKUP(C4634,参数!$B:$H,4,0),\"\")","v":""},{"$f":"IFERROR(VLOOKUP(C4634,参数!B:H,3,FALSE),\"\")","v":""},"",1]
[4634,{"$nulls":6},{"$f":"IFERROR(VLOOKUP(C4635,参数!$B:$H,2,0),\"\")","v":""},{"$f":"IFERROR(VLOOKUP(C4635,参数!$B:$H,4,0),\"\")","v":""},{"$f":"IFERROR(VLOOKUP(C4635,参数!B:H,3,FALSE),\"\")","v":""},"",1]
[4635,{"$nulls":6},{"$f":"IFERROR(VLOOKUP(C4636,参数!$B:$H,2,0),\"\")","v":""},{"$f":"IFERROR(VLOOKUP(C4636,参数!$B:$H,4,0),\"\")","v":""},{"$f":"IFERROR(VLOOKUP(C4636,参数!B:H,3,FALSE),\"\")","v":""},"",1]
[4636,{"$nulls":6},{"$f":"IFERROR(VLOOKUP(C4637,参数!$B:$H,2,0),\"\")","v":""},{"$f":"IFERROR(VLOOKUP(C4637,参数!$B:$H,4,0),\"\")","v":""},{"$f":"IFERROR(VLOOKUP(C4637,参数!B:H,3,FALSE),\"\")","v":""},"",1]
[4637,{"$nulls":6},{"$f":"IFERROR(VLOOKUP(C4638,参数!$B:$H,2,0),\"\")","v":""},{"$f":"IFERROR(VLOOKUP(C4638,参数!$B:$H,4,0),\"\")","v":""},{"$f":"IFERROR(VLOOKUP(C4638,参数!B:H,3,FALSE),\"\")","v":""},"",1]
[4638,{"$nulls":6},{"$f":"IFERROR(VLOOKUP(C4639,参数!$B:$H,2,0),\"\")","v":""},{"$f":"IFERROR(VLOOKUP(C4639,参数!$B:$H,4,0),\"\")","v":""},{"$f":"IFERROR(VLOOKUP(C4639,参数!B:H,3,FALSE),\"\")","v":""},"",1]
[4639,{"$nulls":6},{"$f":"IFERROR(VLOOKUP(C4640,参数!$B:$H,2,0),\"\")","v":""},{"$f":"IFERROR(VLOOKUP(C4640,参数!$B:$H,4,0),\"\")","v":""},{"$f":"IFERROR(VLOOKUP(C4640,参数!B:H,3,FALSE),\"\")","v":""},"",1]
[4640,{"$nulls":6},{"$f":"IFERROR(VLOOKUP(C4641,参数!$B:$H,2,0),\"\")","v":""},{"$f":"IFERROR(VLOOKUP(C4641,参数!$B:$H,4,0),\"\")","v":""},{"$f":"IFERROR(VLOOKUP(C4641,参数!B:H,3,FALSE),\"\")","v":""},"",1]
[4641,{"$nulls":6},{"$f":"IFERROR(VLOOKUP(C4642,参数!$B:$H,2,0),\"\")","v":""},{"$f":"IFERROR(VLOOKUP(C4642,参数!$B:$H,4,0),\"\")","v":""},{"$f":"IFERROR(VLOOKUP(C4642,参数!B:H,3,FALSE),\"\")","v":""},"",1]
[4642,{"$nulls":6},{"$f":"IFERROR(VLOOKUP(C4643,参数!$B:$H,2,0),\"\")","v":""},{"$f":"IFERROR(VLOOKUP(C4643,参数!$B:$H,4,0),\"\")","v":""},{"$f":"IFERROR(VLOOKUP(C4643,参数!B:H,3,FALSE),\"\")","v":""},"",1]
[4643,{"$nulls":6},{"$f":"IFERROR(VLOOKUP(C4644,参数!$B:$H,2,0),\"\")","v":""},{"$f":"IFERROR(VLOOKUP(C4644,参数!$B:$H,4,0),\"\")","v":""},{"$f":"IFERROR(VLOOKUP(C4644,参数!B:H,3,FALSE),\"\")","v":""},"",1]
[4644,{"$nulls":6},{"$f":"IFERROR(VLOOKUP(C4645,参数!$B:$H,2,0),\"\")","v":""},{"$f":"IFERROR(VLOOKUP(C4645,参数!$B:$H,4,0),\"\")","v":""},{"$f":"IFERROR(VLOOKUP(C4645,参数!B:H,3,FALSE),\"\")","v":""},{"$f":"IFERROR(J4645*E4645,\"\")","v":""},1]
[4645,{"$nulls":6},{"$f":"IFERROR(VLOOKUP(C4646,参数!$B:$H,2,0),\"\")","v":""},{"$f":"IFERROR(VLOOKUP(C4646,参数!$B:$H,4,0),\"\")","v":""},{"$f":"IFERROR(VLOOKUP(C4646,参数!B:H,3,FALSE),\"\")","v":""},"",1]
[4646,{"$nulls":6},{"$f":"IFERROR(VLOOKUP(C4647,参数!$B:$H,2,0),\"\")","v":""},{"$f":"IFERROR(VLOOKUP(C4647,参数!$B:$H,4,0),\"\")","v":""},{"$f":"IFERROR(VLOOKUP(C4647,参数!B:H,3,FALSE),\"\")","v":""},"",1]
[4647,{"$nulls":6},{"$f":"IFERROR(VLOOKUP(C4648,参数!$B:$H,2,0),\"\")","v":""},{"$f":"IFERROR(VLOOKUP(C4648,参数!$B:$H,4,0),\"\")","v":""},{"$f":"IFERROR(VLOOKUP(C4648,参数!B:H,3,FALSE),\"\")","v":""},"",1]
[4648,{"$nulls":6},{"$f":"IFERROR(VLOOKUP(C4649,参数!$B:$H,2,0),\"\")","v":""},{"$f":"IFERROR(VLOOKUP(C4649,参数!$B:$H,4,0),\"\")","v":""},{"$f":"IFERROR(VLOOKUP(C4649,参数!B:H,3,FALSE),\"\")","v":""},"",1]
[4649,{"$nulls":6},{"$f":"IFERROR(VLOOKUP(C4650,参数!$B:$H,2,0),\"\")","v":""},{"$f":"IFERROR(VLOOKUP(C4650,参数!$B:$H,4,0),\"\")","v":""},{"$f":"IFERROR(VLOOKUP(C4650,参数!B:H,3,FALSE),\"\")","v":""},"",1]
[4650,{"$nulls":6},{"$f":"IFERROR(VLOOKUP(C4651,参数!$B:$H,2,0),\"\")","v":""},{"$f":"IFERROR(VLOOKUP(C4651,参数!$B:$H,4,0),\"\")","v":""},{"$f":"IFERROR(VLOOKUP(C4651,参数!B:H,3,FALSE),\"\")","v":""},"",1]
[4651,{"$nulls":6},{"$f":"IFERROR(VLOOKUP(C4652,参数!$B:$H,2,0),\"\")","v":""},{"$f":"IFERROR(VLOOKUP(C4652,参数!$B:$H,4,0),\"\")","v":""},{"$f":"IFERROR(VLOOKUP(C4652,参数!B:H,3,FALSE),\"\")","v":""},"",1]
[4652,{"$nulls":6},{"$f":"IFERROR(VLOOKUP(C4653,参数!$B:$H,2,0),\"\")","v":""},{"$f":"IFERROR(VLOOKUP(C4653,参数!$B:$H,4,0),\"\")","v":""},{"$f":"IFERROR(VLOOKUP(C4653,参数!B:H,3,FALSE),\"\")","v":""},"",1]
[4653,{"$nulls":6},{"$f":"IFERROR(VLOOKUP(C4654,参数!$B:$H,2,0),\"\")","v":""},{"$f":"IFERROR(VLOOKUP(C4654,参数!$B:$H,4,0),\"\")","v":""},{"$f":"IFERROR(VLOOKUP(C4654,参数!B:H,3,FALSE),\"\")","v":""},"",1]
[4654,{"$nulls":6},{"$f":"IFERROR(VLOOKUP(C4655,参数!$B:$H,2,0),\"\")","v":""},{"$f":"IFERROR(VLOOKUP(C4655,参数!$B:$H,4,0),\"\")","v":""},{"$f":"IFERROR(VLOOKUP(C4655,参数!B:H,3,FALSE),\"\")","v":""},"",1]
[4655,{"$nulls":6},{"$f":"IFERROR(VLOOKUP(C4656,参数!$B:$H,2,0),\"\")","v":""},{"$f":"IFERROR(VLOOKUP(C4656,参数!$B:$H,4,0),\"\")","v":""},{"$f":"IFERROR(VLOOKUP(C4656,参数!B:H,3,FALSE),\"\")","v":""},"",1]
[4656,{"$nulls":6},{"$f":"IFERROR(VLOOKUP(C4657,参数!$B:$H,2,0),\"\")","v":""},{"$f":"IFERROR(VLOOKUP(C4657,参数!$B:$H,4,0),\"\")","v":""},{"$f":"IFERROR(VLOOKUP(C4657,参数!B:H,3,FALSE),\"\")","v":""},"",1]
[4657,{"$nulls":6},{"$f":"IFERROR(VLOOKUP(C4658,参数!$B:$H,2,0),\"\")","v":""},{"$f":"IFERROR(VLOOKUP(C4658,参数!$B:$H,4,0),\"\")","v":""},{"$f":"IFERROR(VLOOKUP(C4658,参数!B:H,3,FALSE),\"\")","v":""},"",1]
[4658,{"$nulls":6},{"$f":"IFERROR(VLOOKUP(C4659,参数!$B:$H,2,0),\"\")","v":""},{"$f":"IFERROR(VLOOKUP(C4659,参数!$B:$H,4,0),\"\")","v":""},{"$f":"IFERROR(VLOOKUP(C4659,参数!B:H,3,FALSE),\"\")","v":""},"",1]
[4659,{"$nulls":6},{"$f":"IFERROR(VLOOKUP(C4660,参数!$B:$H,2,0),\"\")","v":""},{"$f":"IFERROR(VLOOKUP(C4660,参数!$B:$H,4,0),\"\")","v":""},{"$f":"IFERROR(VLOOKUP(C4660,参数!B:H,3,FALSE),\"\")","v":""},"",1]
[4660,{"$nulls":6},{"$f":"IFERROR(VLOOKUP(C4661,参数!$B:$H,2,0),\"\")","v":""},{"$f":"IFERROR(VLOOKUP(C4661,参数!$B:$H,4,0),\"\")","v":""},{"$f":"IFERROR(VLOOKUP(C4661,参数!B:H,3,FALSE),\"\")","v":""},"",1]
[4661,{"$nulls":6},{"$f":"IFERROR(VLOOKUP(C4662,参数!$B:$H,2,0),\"\")","v":""},{"$f":"IFERROR(VLOOKUP(C4662,参数!$B:$H,4,0),\"\")","v":""},{"$f":"IFERROR(VLOOKUP(C4662,参数!B:H,3,FALSE),\"\")","v":""},"",1]
[4662,{"$nulls":6},{"$f":"IFERROR(VLOOKUP(C4663,参数!$B:$H,2,0),\"\")","v":""},{"$f":"IFERROR(VLOOKUP(C4663,参数!$B:$H,4,0),\"\")","v":""},{"$f":"IFERROR(VLOOKUP(C4663,参数!B:H,3,FALSE),\"\")","v":""},"",1]
[4663,{"$nulls":6},{"$f":"IFERROR(VLOOKUP(C4664,参数!$B:$H,2,0),\"\")","v":""},{"$f":"IFERROR(VLOOKUP(C4664,参数!$B:$H,4,0),\"\")","v":""},{"$f":"IFERROR(VLOOKUP(C4664,参数!B:H,3,FALSE),\"\")","v":""},"",1]
[4664,{"$nulls":6},{"$f":"IFERROR(VLOOKUP(C4665,参数!$B:$H,2,0),\"\")","v":""},{"$f":"IFERROR(VLOOKUP(C4665,参数!$B:$H,4,0),\"\")","v":""},{"$f":"IFERROR(VLOOKUP(C4665,参数!B:H,3,FALSE),\"\")","v":""},"",1]
[4665,{"$nulls":6},{"$f":"IFERROR(VLOOKUP(C4666,参数!$B:$H,2,0),\"\")","v":""},{"$f":"IFERROR(VLOOKUP(C4666,参数!$B:$H,4,0),\"\")","v":""},{"$f":"IFERROR(VLOOKUP(C4666,参数!B:H,3,FALSE),\"\")","v":""},"",1]
[4666,{"$nulls":6},{"$f":"IFERROR(VLOOKUP(C4667,参数!$B:$H,2,0),\"\")","v":""},{"$f":"IFERROR(VLOOKUP(C4667,参数!$B:$H,4,0),\"\")","v":""},{"$f":"IFERROR(VLOOKUP(C4667,参数!B:H,3,FALSE),\"\")","v":""},"",1]
[4667,{"$nulls":6},{"$f":"IFERROR(VLOOKUP(C4668,参数!$B:$H,2,0),\"\")","v":""},{"$f":"IFERROR(VLOOKUP(C4668,参数!$B:$H,4,0),\"\")","v":""},{"$f":"IFERROR(VLOOKUP(C4668,参数!B:H,3,FALSE),\"\")","v":""},"",1]
[4668,{"$nulls":6},{"$f":"IFERROR(VLOOKUP(C4669,参数!$B:$H,2,0),\"\")","v":""},{"$f":"IFERROR(VLOOKUP(C4669,参数!$B:$H,4,0),\"\")","v":""},{"$f":"IFERROR(VLOOKUP(C4669,参数!B:H,3,FALSE),\"\")","v":""},"",1]
[4669,{"$nulls":6},{"$f":"IFERROR(VLOOKUP(C4670,参数!$B:$H,2,0),\"\")","v":""},{"$f":"IFERROR(VLOOKUP(C4670,参数!$B:$H,4,0),\"\")","v":""},{"$f":"IFERROR(VLOOKUP(C4670,参数!B:H,3,FALSE),\"\")","v":""},"",1]
[4670,{"$nulls":6},{"$f":"IFERROR(VLOOKUP(C4671,参数!$B:$H,2,0),\"\")","v":""},{"$f":"IFERROR(VLOOKUP(C4671,参数!$B:$H,4,0),\"\")","v":""},{"$f":"IFERROR(VLOOKUP(C4671,参数!B:H,3,FALSE),\"\")","v":""},"",1]
[4671,{"$nulls":6},{"$f":"IFERROR(VLOOKUP(C4672,参数!$B:$H,2,0),\"\")","v":""},{"$f":"IFERROR(VLOOKUP(C4672,参数!$B:$H,4,0),\"\")","v":""},{"$f":"IFERROR(VLOOKUP(C4672,参数!B:H,3,FALSE),\"\")","v":""},"",1]
[4672,{"$nulls":6},{"$f":"IFERROR(VLOOKUP(C4673,参数!$B:$H,2,0),\"\")","v":""},{"$f":"IFERROR(VLOOKUP(C4673,参数!$B:$H,4,0),\"\")","v":""},{"$f":"IFERROR(VLOOKUP(C4673,参数!B:H,3,FALSE),\"\")","v":""},"",1]
[4673,{"$nulls":6},{"$f":"IFERROR(VLOOKUP(C4674,参数!$B:$H,2,0),\"\")","v":""},{"$f":"IFERROR(VLOOKUP(C4674,参数!$B:$H,4,0),\"\")","v":""},{"$f":"IFERROR(VLOOKUP(C4674,参数!B:H,3,FALSE),\"\")","v":""},"",{"$f":"VALUE(MONTH(B4674))","v":1}]
[4674,{"$nulls":6},{"$f":"IFERROR(VLOOKUP(C4675,参数!$B:$H,2,0),\"\")","v":""},{"$f":"IFERROR(VLOOKUP(C4675,参数!$B:$H,4,0),\"\")","v":""},{"$f":"IFERROR(VLOOKUP(C4675,参数!B:H,3,FALSE),\"\")","v":""},"",1]
[4675,{"$nulls":6},{"$f":"IFERROR(VLOOKUP(C4676,参数!$B:$H,2,0),\"\")","v":""},{"$f":"IFERROR(VLOOKUP(C4676,参数!$B:$H,4,0),\"\")","v":""},{"$f":"IFERROR(VLOOKUP(C4676,参数!B:H,3,FALSE),\"\")","v":""},"",1]
[4676,{"$nulls":6},{"$f":"IFERROR(VLOOKUP(C4677,参数!$B:$H,2,0),\"\")","v":""},{"$f":"IFERROR(VLOOKUP(C4677,参数!$B:$H,4,0),\"\")","v":""},{"$f":"IFERROR(VLOOKUP(C4677,参数!B:H,3,FALSE),\"\")","v":""},"",1]
[4677,{"$nulls":6},{"$f":"IFERROR(VLOOKUP(C4678,参数!$B:$H,2,0),\"\")","v":""},{"$f":"IFERROR(VLOOKUP(C4678,参数!$B:$H,4,0),\"\")","v":""},{"$f":"IFERROR(VLOOKUP(C4678,参数!B:H,3,FALSE),\"\")","v":""},"",1]
[4678,{"$nulls":6},{"$f":"IFERROR(VLOOKUP(C4679,参数!$B:$H,2,0),\"\")","v":""},{"$f":"IFERROR(VLOOKUP(C4679,参数!$B:$H,4,0),\"\")","v":""},{"$f":"IFERROR(VLOOKUP(C4679,参数!B:H,3,FALSE),\"\")","v":""},"",1]
[4679,{"$nulls":6},{"$f":"IFERROR(VLOOKUP(C4680,参数!$B:$H,2,0),\"\")","v":""},{"$f":"IFERROR(VLOOKUP(C4680,参数!$B:$H,4,0),\"\")","v":""},{"$f":"IFERROR(VLOOKUP(C4680,参数!B:H,3,FALSE),\"\")","v":""},"",1]
[4680,{"$nulls":6},{"$f":"IFERROR(VLOOKUP(C4681,参数!$B:$H,2,0),\"\")","v":""},{"$f":"IFERROR(VLOOKUP(C4681,参数!$B:$H,4,0),\"\")","v":""},{"$f":"IFERROR(VLOOKUP(C4681,参数!B:H,3,FALSE),\"\")","v":""},"",1]
[4681,{"$nulls":6},{"$f":"IFERROR(VLOOKUP(C4682,参数!$B:$H,2,0),\"\")","v":""},{"$f":"IFERROR(VLOOKUP(C4682,参数!$B:$H,4,0),\"\")","v":""},{"$f":"IFERROR(VLOOKUP(C4682,参数!B:H,3,FALSE),\"\")","v":""},"",1]
[4682,{"$nulls":6},{"$f":"IFERROR(VLOOKUP(C4683,参数!$B:$H,2,0),\"\")","v":""},{"$f":"IFERROR(VLOOKUP(C4683,参数!$B:$H,4,0),\"\")","v":""},{"$f":"IFERROR(VLOOKUP(C4683,参数!B:H,3,FALSE),\"\")","v":""},"",1]
[4683,{"$nulls":6},{"$f":"IFERROR(VLOOKUP(C4684,参数!$B:$H,2,0),\"\")","v":""},{"$f":"IFERROR(VLOOKUP(C4684,参数!$B:$H,4,0),\"\")","v":""},{"$f":"IFERROR(VLOOKUP(C4684,参数!B:H,3,FALSE),\"\")","v":""},"",1]
[4684,{"$nulls":6},{"$f":"IFERROR(VLOOKUP(C4685,参数!$B:$H,2,0),\"\")","v":""},{"$f":"IFERROR(VLOOKUP(C4685,参数!$B:$H,4,0),\"\")","v":""},{"$f":"IFERROR(VLOOKUP(C4685,参数!B:H,3,FALSE),\"\")","v":""},"",1]
[4685,{"$nulls":6},{"$f":"IFERROR(VLOOKUP(C4686,参数!$B:$H,2,0),\"\")","v":""},{"$f":"IFERROR(VLOOKUP(C4686,参数!$B:$H,4,0),\"\")","v":""},{"$f":"IFERROR(VLOOKUP(C4686,参数!B:H,3,FALSE),\"\")","v":""},"",1]
[4686,{"$nulls":6},{"$f":"IFERROR(VLOOKUP(C4687,参数!$B:$H,2,0),\"\")","v":""},{"$f":"IFERROR(VLOOKUP(C4687,参数!$B:$H,4,0),\"\")","v":""},{"$f":"IFERROR(VLOOKUP(C4687,参数!B:H,3,FALSE),\"\")","v":""},"",1]
[4687,{"$nulls":6},{"$f":"IFERROR(VLOOKUP(C4688,参数!$B:$H,2,0),\"\")","v":""},{"$f":"IFERROR(VLOOKUP(C4688,参数!$B:$H,4,0),\"\")","v":""},{"$f":"IFERROR(VLOOKUP(C4688,参数!B:H,3,FALSE),\"\")","v":""},"",1]
[4688,{"$nulls":6},{"$f":"IFERROR(VLOOKUP(C4689,参数!$B:$H,2,0),\"\")","v":""},{"$f":"IFERROR(VLOOKUP(C4689,参数!$B:$H,4,0),\"\")","v":""},{"$f":"IFERROR(VLOOKUP(C4689,参数!B:H,3,FALSE),\"\")","v":""},"",1]
[4689,{"$nulls":6},{"$f":"IFERROR(VLOOKUP(C4690,参数!$B:$H,2,0),\"\")","v":""},{"$f":"IFERROR(VLOOKUP(C4690,参数!$B:$H,4,0),\"\")","v":""},{"$f":"IFERROR(VLOOKUP(C4690,参数!B:H,3,FALSE),\"\")","v":""},"",1]
[4690,{"$nulls":6},{"$f":"IFERROR(VLOOKUP(C4691,参数!$B:$H,2,0),\"\")","v":""},{"$f":"IFERROR(VLOOKUP(C4691,参数!$B:$H,4,0),\"\")","v":""},{"$f":"IFERROR(VLOOKUP(C4691,参数!B:H,3,FALSE),\"\")","v":""},"",1]
[4691,{"$nulls":6},{"$f":"IFERROR(VLOOKUP(C4692,参数!$B:$H,2,0),\"\")","v":""},{"$f":"IFERROR(VLOOKUP(C4692,参数!$B:$H,4,0),\"\")","v":""},{"$f":"IFERROR(VLOOKUP(C4692,参数!B:H,3,FALSE),\"\")","v":""},"",1]
[4692,{"$nulls":6},{"$f":"IFERROR(VLOOKUP(C4693,参数!$B:$H,2,0),\"\")","v":""},{"$f":"IFERROR(VLOOKUP(C4693,参数!$B:$H,4,0),\"\")","v":""},{"$f":"IFERROR(VLOOKUP(C4693,参数!B:H,3,FALSE),\"\")","v":""},"",1]
[4693,{"$nulls":6},{"$f":"IFERROR(VLOOKUP(C4694,参数!$B:$H,2,0),\"\")","v":""},{"$f":"IFERROR(VLOOKUP(C4694,参数!$B:$H,4,0),\"\")","v":""},{"$f":"IFERROR(VLOOKUP(C4694,参数!B:H,3,FALSE),\"\")","v":""},"",1]
[4694,{"$nulls":6},{"$f":"IFERROR(VLOOKUP(C4695,参数!$B:$H,2,0),\"\")","v":""},{"$f":"IFERROR(VLOOKUP(C4695,参数!$B:$H,4,0),\"\")","v":""},{"$f":"IFERROR(VLOOKUP(C4695,参数!B:H,3,FALSE),\"\")","v":""},"",1]
[4695,{"$nulls":6},{"$f":"IFERROR(VLOOKUP(C4696,参数!$B:$H,2,0),\"\")","v":""},{"$f":"IFERROR(VLOOKUP(C4696,参数!$B:$H,4,0),\"\")","v":""},{"$f":"IFERROR(VLOOKUP(C4696,参数!B:H,3,FALSE),\"\")","v":""},"",1]
[4696,{"$nulls":6},{"$f":"IFERROR(VLOOKUP(C4697,参数!$B:$H,2,0),\"\")","v":""},{"$f":"IFERROR(VLOOKUP(C4697,参数!$B:$H,4,0),\"\")","v":""},{"$f":"IFERROR(VLOOKUP(C4697,参数!B:H,3,FALSE),\"\")","v":""},"",1]
[4697,{"$nulls":6},{"$f":"IFERROR(VLOOKUP(C4698,参数!$B:$H,2,0),\"\")","v":""},{"$f":"IFERROR(VLOOKUP(C4698,参数!$B:$H,4,0),\"\")","v":""},{"$f":"IFERROR(VLOOKUP(C4698,参数!B:H,3,FALSE),\"\")","v":""},"",1]
[4698,{"$nulls":6},{"$f":"IFERROR(VLOOKUP(C4699,参数!$B:$H,2,0),\"\")","v":""},{"$f":"IFERROR(VLOOKUP(C4699,参数!$B:$H,4,0),\"\")","v":""},{"$f":"IFERROR(VLOOKUP(C4699,参数!B:H,3,FALSE),\"\")","v":""},"",1]
[4699,{"$nulls":6},{"$f":"IFERROR(VLOOKUP(C4700,参数!$B:$H,2,0),\"\")","v":""},{"$f":"IFERROR(VLOOKUP(C4700,参数!$B:$H,4,0),\"\")","v":""},{"$f":"IFERROR(VLOOKUP(C4700,参数!B:H,3,FALSE),\"\")","v":""},"",1]
[4700,{"$nulls":6},{"$f":"IFERROR(VLOOKUP(C4701,参数!$B:$H,2,0),\"\")","v":""},{"$f":"IFERROR(VLOOKUP(C4701,参数!$B:$H,4,0),\"\")","v":""},{"$f":"IFERROR(VLOOKUP(C4701,参数!B:H,3,FALSE),\"\")","v":""},"",1]
[4701,{"$nulls":6},{"$f":"IFERROR(VLOOKUP(C4702,参数!$B:$H,2,0),\"\")","v":""},{"$f":"IFERROR(VLOOKUP(C4702,参数!$B:$H,4,0),\"\")","v":""},{"$f":"IFERROR(VLOOKUP(C4702,参数!B:H,3,FALSE),\"\")","v":""},"",1]
[4702,{"$nulls":6},{"$f":"IFERROR(VLOOKUP(C4703,参数!$B:$H,2,0),\"\")","v":""},{"$f":"IFERROR(VLOOKUP(C4703,参数!$B:$H,4,0),\"\")","v":""},{"$f":"IFERROR(VLOOKUP(C4703,参数!B:H,3,FALSE),\"\")","v":""},"",1]
[4703,{"$nulls":6},{"$f":"IFERROR(VLOOKUP(C4704,参数!$B:$H,2,0),\"\")","v":""},{"$f":"IFERROR(VLOOKUP(C4704,参数!$B:$H,4,0),\"\")","v":""},{"$f":"IFERROR(VLOOKUP(C4704,参数!B:H,3,FALSE),\"\")","v":""},"",1]
[4704,{"$nulls":6},{"$f":"IFERROR(VLOOKUP(C4705,参数!$B:$H,2,0),\"\")","v":""},{"$f":"IFERROR(VLOOKUP(C4705,参数!$B:$H,4,0),\"\")","v":""},{"$f":"IFERROR(VLOOKUP(C4705,参数!B:H,3,FALSE),\"\")","v":""},"",1]
[4705,{"$nulls":6},{"$f":"IFERROR(VLOOKUP(C4706,参数!$B:$H,2,0),\"\")","v":""},{"$f":"IFERROR(VLOOKUP(C4706,参数!$B:$H,4,0),\"\")","v":""},{"$f":"IFERROR(VLOOKUP(C4706,参数!B:H,3,FALSE),\"\")","v":""},"",1]
[4706,{"$nulls":6},{"$f":"IFERROR(VLOOKUP(C4707,参数!$B:$H,2,0),\"\")","v":""},{"$f":"IFERROR(VLOOKUP(C4707,参数!$B:$H,4,0),\"\")","v":""},{"$f":"IFERROR(VLOOKUP(C4707,参数!B:H,3,FALSE),\"\")","v":""},"",1]
[4707,{"$nulls":6},{"$f":"IFERROR(VLOOKUP(C4708,参数!$B:$H,2,0),\"\")","v":""},{"$f":"IFERROR(VLOOKUP(C4708,参数!$B:$H,4,0),\"\")","v":""},{"$f":"IFERROR(VLOOKUP(C4708,参数!B:H,3,FALSE),\"\")","v":""},"",1]
[4708,{"$nulls":6},{"$f":"IFERROR(VLOOKUP(C4709,参数!$B:$H,2,0),\"\")","v":""},{"$f":"IFERROR(VLOOKUP(C4709,参数!$B:$H,4,0),\"\")","v":""},{"$f":"IFERROR(VLOOKUP(C4709,参数!B:H,3,FALSE),\"\")","v":""},{"$f":"IFERROR(J4709*E4709,\"\")","v":""},1]
[4709,{"$nulls":6},{"$f":"IFERROR(VLOOKUP(C4710,参数!$B:$H,2,0),\"\")","v":""},{"$f":"IFERROR(VLOOKUP(C4710,参数!$B:$H,4,0),\"\")","v":""},{"$f":"IFERROR(VLOOKUP(C4710,参数!B:H,3,FALSE),\"\")","v":""},"",1]
[4710,{"$nulls":6},{"$f":"IFERROR(VLOOKUP(C4711,参数!$B:$H,2,0),\"\")","v":""},{"$f":"IFERROR(VLOOKUP(C4711,参数!$B:$H,4,0),\"\")","v":""},{"$f":"IFERROR(VLOOKUP(C4711,参数!B:H,3,FALSE),\"\")","v":""},"",1]
[4711,{"$nulls":6},{"$f":"IFERROR(VLOOKUP(C4712,参数!$B:$H,2,0),\"\")","v":""},{"$f":"IFERROR(VLOOKUP(C4712,参数!$B:$H,4,0),\"\")","v":""},{"$f":"IFERROR(VLOOKUP(C4712,参数!B:H,3,FALSE),\"\")","v":""},"",1]
[4712,{"$nulls":6},{"$f":"IFERROR(VLOOKUP(C4713,参数!$B:$H,2,0),\"\")","v":""},{"$f":"IFERROR(VLOOKUP(C4713,参数!$B:$H,4,0),\"\")","v":""},{"$f":"IFERROR(VLOOKUP(C4713,参数!B:H,3,FALSE),\"\")","v":""},"",1]
[4713,{"$nulls":6},{"$f":"IFERROR(VLOOKUP(C4714,参数!$B:$H,2,0),\"\")","v":""},{"$f":"IFERROR(VLOOKUP(C4714,参数!$B:$H,4,0),\"\")","v":""},{"$f":"IFERROR(VLOOKUP(C4714,参数!B:H,3,FALSE),\"\")","v":""},"",1]
[4714,{"$nulls":6},{"$f":"IFERROR(VLOOKUP(C4715,参数!$B:$H,2,0),\"\")","v":""},{"$f":"IFERROR(VLOOKUP(C4715,参数!$B:$H,4,0),\"\")","v":""},{"$f":"IFERROR(VLOOKUP(C4715,参数!B:H,3,FALSE),\"\")","v":""},"",1]
[4715,{"$nulls":6},{"$f":"IFERROR(VLOOKUP(C4716,参数!$B:$H,2,0),\"\")","v":""},{"$f":"IFERROR(VLOOKUP(C4716,参数!$B:$H,4,0),\"\")","v":""},{"$f":"IFERROR(VLOOKUP(C4716,参数!B:H,3,FALSE),\"\")","v":""},"",1]
[4716,{"$nulls":6},{"$f":"IFERROR(VLOOKUP(C4717,参数!$B:$H,2,0),\"\")","v":""},{"$f":"IFERROR(VLOOKUP(C4717,参数!$B:$H,4,0),\"\")","v":""},{"$f":"IFERROR(VLOOKUP(C4717,参数!B:H,3,FALSE),\"\")","v":""},"",1]
[4717,{"$nulls":6},{"$f":"IFERROR(VLOOKUP(C4718,参数!$B:$H,2,0),\"\")","v":""},{"$f":"IFERROR(VLOOKUP(C4718,参数!$B:$H,4,0),\"\")","v":""},{"$f":"IFERROR(VLOOKUP(C4718,参数!B:H,3,FALSE),\"\")","v":""},"",1]
[4718,{"$nulls":6},{"$f":"IFERROR(VLOOKUP(C4719,参数!$B:$H,2,0),\"\")","v":""},{"$f":"IFERROR(VLOOKUP(C4719,参数!$B:$H,4,0),\"\")","v":""},{"$f":"IFERROR(VLOOKUP(C4719,参数!B:H,3,FALSE),\"\")","v":""},"",1]
[4719,{"$nulls":6},{"$f":"IFERROR(VLOOKUP(C4720,参数!$B:$H,2,0),\"\")","v":""},{"$f":"IFERROR(VLOOKUP(C4720,参数!$B:$H,4,0),\"\")","v":""},{"$f":"IFERROR(VLOOKUP(C4720,参数!B:H,3,FALSE),\"\")","v":""},"",1]
[4720,{"$nulls":6},{"$f":"IFERROR(VLOOKUP(C4721,参数!$B:$H,2,0),\"\")","v":""},{"$f":"IFERROR(VLOOKUP(C4721,参数!$B:$H,4,0),\"\")","v":""},{"$f":"IFERROR(VLOOKUP(C4721,参数!B:H,3,FALSE),\"\")","v":""},"",1]
[4721,{"$nulls":6},{"$f":"IFERROR(VLOOKUP(C4722,参数!$B:$H,2,0),\"\")","v":""},{"$f":"IFERROR(VLOOKUP(C4722,参数!$B:$H,4,0),\"\")","v":""},{"$f":"IFERROR(VLOOKUP(C4722,参数!B:H,3,FALSE),\"\")","v":""},"",1]
[4722,{"$nulls":6},{"$f":"IFERROR(VLOOKUP(C4723,参数!$B:$H,2,0),\"\")","v":""},{"$f":"IFERROR(VLOOKUP(C4723,参数!$B:$H,4,0),\"\")","v":""},{"$f":"IFERROR(VLOOKUP(C4723,参数!B:H,3,FALSE),\"\")","v":""},"",1]
[4723,{"$nulls":6},{"$f":"IFERROR(VLOOKUP(C4724,参数!$B:$H,2,0),\"\")","v":""},{"$f":"IFERROR(VLOOKUP(C4724,参数!$B:$H,4,0),\"\")","v":""},{"$f":"IFERROR(VLOOKUP(C4724,参数!B:H,3,FALSE),\"\")","v":""},"",1]
[4724,{"$nulls":6},{"$f":"IFERROR(VLOOKUP(C4725,参数!$B:$H,2,0),\"\")","v":""},{"$f":"IFERROR(VLOOKUP(C4725,参数!$B:$H,4,0),\"\")","v":""},{"$f":"IFERROR(VLOOKUP(C4725,参数!B:H,3,FALSE),\"\")","v":""},"",1]
[4725,{"$nulls":6},{"$f":"IFERROR(VLOOKUP(C4726,参数!$B:$H,2,0),\"\")","v":""},{"$f":"IFERROR(VLOOKUP(C4726,参数!$B:$H,4,0),\"\")","v":""},{"$f":"IFERROR(VLOOKUP(C4726,参数!B:H,3,FALSE),\"\")","v":""},"",1]
[4726,{"$nulls":6},{"$f":"IFERROR(VLOOKUP(C4727,参数!$B:$H,2,0),\"\")","v":""},{"$f":"IFERROR(VLOOKUP(C4727,参数!$B:$H,4,0),\"\")","v":""},{"$f":"IFERROR(VLOOKUP(C4727,参数!B:H,3,FALSE),\"\")","v":""},"",1]
[4727,{"$nulls":6},{"$f":"IFERROR(VLOOKUP(C4728,参数!$B:$H,2,0),\"\")","v":""},{"$f":"IFERROR(VLOOKUP(C4728,参数!$B:$H,4,0),\"\")","v":""},{"$f":"IFERROR(VLOOKUP(C4728,参数!B:H,3,FALSE),\"\")","v":""},"",1]
[4728,{"$nulls":6},{"$f":"IFERROR(VLOOKUP(C4729,参数!$B:$H,2,0),\"\")","v":""},{"$f":"IFERROR(VLOOKUP(C4729,参数!$B:$H,4,0),\"\")","v":""},{"$f":"IFERROR(VLOOKUP(C4729,参数!B:H,3,FALSE),\"\")","v":""},"",1]
[4729,{"$nulls":6},{"$f":"IFERROR(VLOOKUP(C4730,参数!$B:$H,2,0),\"\")","v":""},{"$f":"IFERROR(VLOOKUP(C4730,参数!$B:$H,4,0),\"\")","v":""},{"$f":"IFERROR(VLOOKUP(C4730,参数!B:H,3,FALSE),\"\")","v":""},"",1]
[4730,{"$nulls":6},{"$f":"IFERROR(VLOOKUP(C4731,参数!$B:$H,2,0),\"\")","v":""},{"$f":"IFERROR(VLOOKUP(C4731,参数!$B:$H,4,0),\"\")","v":""},{"$f":"IFERROR(VLOOKUP(C4731,参数!B:H,3,FALSE),\"\")","v":""},"",1]
[4731,{"$nulls":6},{"$f":"IFERROR(VLOOKUP(C4732,参数!$B:$H,2,0),\"\")","v":""},{"$f":"IFERROR(VLOOKUP(C4732,参数!$B:$H,4,0),\"\")","v":""},{"$f":"IFERROR(VLOOKUP(C4732,参数!B:H,3,FALSE),\"\")","v":""},"",1]
[4732,{"$nulls":6},{"$f":"IFERROR(VLOOKUP(C4733,参数!$B:$H,2,0),\"\")","v":""},{"$f":"IFERROR(VLOOKUP(C4733,参数!$B:$H,4,0),\"\")","v":""},{"$f":"IFERROR(VLOOKUP(C4733,参数!B:H,3,FALSE),\"\")","v":""},"",1]
[4733,{"$nulls":6},{"$f":"IFERROR(VLOOKUP(C4734,参数!$B:$H,2,0),\"\")","v":""},{"$f":"IFERROR(VLOOKUP(C4734,参数!$B:$H,4,0),\"\")","v":""},{"$f":"IFERROR(VLOOKUP(C4734,参数!B:H,3,FALSE),\"\")","v":""},"",1]
[4734,{"$nulls":6},{"$f":"IFERROR(VLOOKUP(C4735,参数!$B:$H,2,0),\"\")","v":""},{"$f":"IFERROR(VLOOKUP(C4735,参数!$B:$H,4,0),\"\")","v":""},{"$f":"IFERROR(VLOOKUP(C4735,参数!B:H,3,FALSE),\"\")","v":""},"",1]
[4735,{"$nulls":6},{"$f":"IFERROR(VLOOKUP(C4736,参数!$B:$H,2,0),\"\")","v":""},{"$f":"IFERROR(VLOOKUP(C4736,参数!$B:$H,4,0),\"\")","v":""},{"$f":"IFERROR(VLOOKUP(C4736,参数!B:H,3,FALSE),\"\")","v":""},"",1]
[4736,{"$nulls":6},{"$f":"IFERROR(VLOOKUP(C4737,参数!$B:$H,2,0),\"\")","v":""},{"$f":"IFERROR(VLOOKUP(C4737,参数!$B:$H,4,0),\"\")","v":""},{"$f":"IFERROR(VLOOKUP(C4737,参数!B:H,3,FALSE),\"\")","v":""},"",1]
[4737,{"$nulls":6},{"$f":"IFERROR(VLOOKUP(C4738,参数!$B:$H,2,0),\"\")","v":""},{"$f":"IFERROR(VLOOKUP(C4738,参数!$B:$H,4,0),\"\")","v":""},{"$f":"IFERROR(VLOOKUP(C4738,参数!B:H,3,FALSE),\"\")","v":""},"",{"$f":"VALUE(MONTH(B4738))","v":1}]
[4738,{"$nulls":6},{"$f":"IFERROR(VLOOKUP(C4739,参数!$B:$H,2,0),\"\")","v":""},{"$f":"IFERROR(VLOOKUP(C4739,参数!$B:$H,4,0),\"\")","v":""},{"$f":"IFERROR(VLOOKUP(C4739,参数!B:H,3,FALSE),\"\")","v":""},"",1]
[4739,{"$nulls":6},{"$f":"IFERROR(VLOOKUP(C4740,参数!$B:$H,2,0),\"\")","v":""},{"$f":"IFERROR(VLOOKUP(C4740,参数!$B:$H,4,0),\"\")","v":""},{"$f":"IFERROR(VLOOKUP(C4740,参数!B:H,3,FALSE),\"\")","v":""},"",1]
[4740,{"$nulls":6},{"$f":"IFERROR(VLOOKUP(C4741,参数!$B:$H,2,0),\"\")","v":""},{"$f":"IFERROR(VLOOKUP(C4741,参数!$B:$H,4,0),\"\")","v":""},{"$f":"IFERROR(VLOOKUP(C4741,参数!B:H,3,FALSE),\"\")","v":""},"",1]
[4741,{"$nulls":6},{"$f":"IFERROR(VLOOKUP(C4742,参数!$B:$H,2,0),\"\")","v":""},{"$f":"IFERROR(VLOOKUP(C4742,参数!$B:$H,4,0),\"\")","v":""},{"$f":"IFERROR(VLOOKUP(C4742,参数!B:H,3,FALSE),\"\")","v":""},"",1]
[4742,{"$nulls":6},{"$f":"IFERROR(VLOOKUP(C4743,参数!$B:$H,2,0),\"\")","v":""},{"$f":"IFERROR(VLOOKUP(C4743,参数!$B:$H,4,0),\"\")","v":""},{"$f":"IFERROR(VLOOKUP(C4743,参数!B:H,3,FALSE),\"\")","v":""},"",1]
[4743,{"$nulls":6},{"$f":"IFERROR(VLOOKUP(C4744,参数!$B:$H,2,0),\"\")","v":""},{"$f":"IFERROR(VLOOKUP(C4744,参数!$B:$H,4,0),\"\")","v":""},{"$f":"IFERROR(VLOOKUP(C4744,参数!B:H,3,FALSE),\"\")","v":""},"",1]
[4744,{"$nulls":6},{"$f":"IFERROR(VLOOKUP(C4745,参数!$B:$H,2,0),\"\")","v":""},{"$f":"IFERROR(VLOOKUP(C4745,参数!$B:$H,4,0),\"\")","v":""},{"$f":"IFERROR(VLOOKUP(C4745,参数!B:H,3,FALSE),\"\")","v":""},"",1]
[4745,{"$nulls":6},{"$f":"IFERROR(VLOOKUP(C4746,参数!$B:$H,2,0),\"\")","v":""},{"$f":"IFERROR(VLOOKUP(C4746,参数!$B:$H,4,0),\"\")","v":""},{"$f":"IFERROR(VLOOKUP(C4746,参数!B:H,3,FALSE),\"\")","v":""},"",1]
[4746,{"$nulls":6},{"$f":"IFERROR(VLOOKUP(C4747,参数!$B:$H,2,0),\"\")","v":""},{"$f":"IFERROR(VLOOKUP(C4747,参数!$B:$H,4,0),\"\")","v":""},{"$f":"IFERROR(VLOOKUP(C4747,参数!B:H,3,FALSE),\"\")","v":""},"",1]
[4747,{"$nulls":6},{"$f":"IFERROR(VLOOKUP(C4748,参数!$B:$H,2,0),\"\")","v":""},{"$f":"IFERROR(VLOOKUP(C4748,参数!$B:$H,4,0),\"\")","v":""},{"$f":"IFERROR(VLOOKUP(C4748,参数!B:H,3,FALSE),\"\")","v":""},"",1]
[4748,{"$nulls":6},{"$f":"IFERROR(VLOOKUP(C4749,参数!$B:$H,2,0),\"\")","v":""},{"$f":"IFERROR(VLOOKUP(C4749,参数!$B:$H,4,0),\"\")","v":""},{"$f":"IFERROR(VLOOKUP(C4749,参数!B:H,3,FALSE),\"\")","v":""},"",1]
[4749,{"$nulls":6},{"$f":"IFERROR(VLOOKUP(C4750,参数!$B:$H,2,0),\"\")","v":""},{"$f":"IFERROR(VLOOKUP(C4750,参数!$B:$H,4,0),\"\")","v":""},{"$f":"IFERROR(VLOOKUP(C4750,参数!B:H,3,FALSE),\"\")","v":""},"",1]
[4750,{"$nulls":6},{"$f":"IFERROR(VLOOKUP(C4751,参数!$B:$H,2,0),\"\")","v":""},{"$f":"IFERROR(VLOOKUP(C4751,参数!$B:$H,4,0),\"\")","v":""},{"$f":"IFERROR(VLOOKUP(C4751,参数!B:H,3,FALSE),\"\")","v":""},"",1]
[4751,{"$nulls":6},{"$f":"IFERROR(VLOOKUP(C4752,参数!$B:$H,2,0),\"\")","v":""},{"$f":"IFERROR(VLOOKUP(C4752,参数!$B:$H,4,0),\"\")","v":""},{"$f":"IFERROR(VLOOKUP(C4752,参数!B:H,3,FALSE),\"\")","v":""},"",1]
[4752,{"$nulls":6},{"$f":"IFERROR(VLOOKUP(C4753,参数!$B:$H,2,0),\"\")","v":""},{"$f":"IFERROR(VLOOKUP(C4753,参数!$B:$H,4,0),\"\")","v":""},{"$f":"IFERROR(VLOOKUP(C4753,参数!B:H,3,FALSE),\"\")","v":""},"",1]
[4753,{"$nulls":6},{"$f":"IFERROR(VLOOKUP(C4754,参数!$B:$H,2,0),\"\")","v":""},{"$f":"IFERROR(VLOOKUP(C4754,参数!$B:$H,4,0),\"\")","v":""},{"$f":"IFERROR(VLOOKUP(C4754,参数!B:H,3,FALSE),\"\")","v":""},"",1]
[4754,{"$nulls":6},{"$f":"IFERROR(VLOOKUP(C4755,参数!$B:$H,2,0),\"\")","v":""},{"$f":"IFERROR(VLOOKUP(C4755,参数!$B:$H,4,0),\"\")","v":""},{"$f":"IFERROR(VLOOKUP(C4755,参数!B:H,3,FALSE),\"\")","v":""},"",1]
[4755,{"$nulls":6},{"$f":"IFERROR(VLOOKUP(C4756,参数!$B:$H,2,0),\"\")","v":""},{"$f":"IFERROR(VLOOKUP(C4756,参数!$B:$H,4,0),\"\")","v":""},{"$f":"IFERROR(VLOOKUP(C4756,参数!B:H,3,FALSE),\"\")","v":""},"",1]
[4756,{"$nulls":6},{"$f":"IFERROR(VLOOKUP(C4757,参数!$B:$H,2,0),\"\")","v":""},{"$f":"IFERROR(VLOOKUP(C4757,参数!$B:$H,4,0),\"\")","v":""},{"$f":"IFERROR(VLOOKUP(C4757,参数!B:H,3,FALSE),\"\")","v":""},"",1]
[4757,{"$nulls":6},{"$f":"IFERROR(VLOOKUP(C4758,参数!$B:$H,2,0),\"\")","v":""},{"$f":"IFERROR(VLOOKUP(C4758,参数!$B:$H,4,0),\"\")","v":""},{"$f":"IFERROR(VLOOKUP(C4758,参数!B:H,3,FALSE),\"\")","v":""},"",1]
[4758,{"$nulls":6},{"$f":"IFERROR(VLOOKUP(C4759,参数!$B:$H,2,0),\"\")","v":""},{"$f":"IFERROR(VLOOKUP(C4759,参数!$B:$H,4,0),\"\")","v":""},{"$f":"IFERROR(VLOOKUP(C4759,参数!B:H,3,FALSE),\"\")","v":""},"",1]
[4759,{"$nulls":6},{"$f":"IFERROR(VLOOKUP(C4760,参数!$B:$H,2,0),\"\")","v":""},{"$f":"IFERROR(VLOOKUP(C4760,参数!$B:$H,4,0),\"\")","v":""},{"$f":"IFERROR(VLOOKUP(C4760,参数!B:H,3,FALSE),\"\")","v":""},"",1]
[4760,{"$nulls":6},{"$f":"IFERROR(VLOOKUP(C4761,参数!$B:$H,2,0),\"\")","v":""},{"$f":"IFERROR(VLOOKUP(C4761,参数!$B:$H,4,0),\"\")","v":""},{"$f":"IFERROR(VLOOKUP(C4761,参数!B:H,3,FALSE),\"\")","v":""},"",1]
[4761,{"$nulls":6},{"$f":"IFERROR(VLOOKUP(C4762,参数!$B:$H,2,0),\"\")","v":""},{"$f":"IFERROR(VLOOKUP(C4762,参数!$B:$H,4,0),\"\")","v":""},{"$f":"IFERROR(VLOOKUP(C4762,参数!B:H,3,FALSE),\"\")","v":""},"",1]
[4762,{"$nulls":6},{"$f":"IFERROR(VLOOKUP(C4763,参数!$B:$H,2,0),\"\")","v":""},{"$f":"IFERROR(VLOOKUP(C4763,参数!$B:$H,4,0),\"\")","v":""},{"$f":"IFERROR(VLOOKUP(C4763,参数!B:H,3,FALSE),\"\")","v":""},"",1]
[4763,{"$nulls":6},{"$f":"IFERROR(VLOOKUP(C4764,参数!$B:$H,2,0),\"\")","v":""},{"$f":"IFERROR(VLOOKUP(C4764,参数!$B:$H,4,0),\"\")","v":""},{"$f":"IFERROR(VLOOKUP(C4764,参数!B:H,3,FALSE),\"\")","v":""},"",1]
[4764,{"$nulls":6},{"$f":"IFERROR(VLOOKUP(C4765,参数!$B:$H,2,0),\"\")","v":""},{"$f":"IFERROR(VLOOKUP(C4765,参数!$B:$H,4,0),\"\")","v":""},{"$f":"IFERROR(VLOOKUP(C4765,参数!B:H,3,FALSE),\"\")","v":""},"",1]
[4765,{"$nulls":6},{"$f":"IFERROR(VLOOKUP(C4766,参数!$B:$H,2,0),\"\")","v":""},{"$f":"IFERROR(VLOOKUP(C4766,参数!$B:$H,4,0),\"\")","v":""},{"$f":"IFERROR(VLOOKUP(C4766,参数!B:H,3,FALSE),\"\")","v":""},"",1]
[4766,{"$nulls":6},{"$f":"IFERROR(VLOOKUP(C4767,参数!$B:$H,2,0),\"\")","v":""},{"$f":"IFERROR(VLOOKUP(C4767,参数!$B:$H,4,0),\"\")","v":""},{"$f":"IFERROR(VLOOKUP(C4767,参数!B:H,3,FALSE),\"\")","v":""},"",1]
[4767,{"$nulls":6},{"$f":"IFERROR(VLOOKUP(C4768,参数!$B:$H,2,0),\"\")","v":""},{"$f":"IFERROR(VLOOKUP(C4768,参数!$B:$H,4,0),\"\")","v":""},{"$f":"IFERROR(VLOOKUP(C4768,参数!B:H,3,FALSE),\"\")","v":""},"",1]
[4768,{"$nulls":6},{"$f":"IFERROR(VLOOKUP(C4769,参数!$B:$H,2,0),\"\")","v":""},{"$f":"IFERROR(VLOOKUP(C4769,参数!$B:$H,4,0),\"\")","v":""},{"$f":"IFERROR(VLOOKUP(C4769,参数!B:H,3,FALSE),\"\")","v":""},"",1]
[4769,{"$nulls":6},{"$f":"IFERROR(VLOOKUP(C4770,参数!$B:$H,2,0),\"\")","v":""},{"$f":"IFERROR(VLOOKUP(C4770,参数!$B:$H,4,0),\"\")","v":""},{"$f":"IFERROR(VLOOKUP(C4770,参数!B:H,3,FALSE),\"\")","v":""},"",1]
[4770,{"$nulls":6},{"$f":"IFERROR(VLOOKUP(C4771,参数!$B:$H,2,0),\"\")","v":""},{"$f":"IFERROR(VLOOKUP(C4771,参数!$B:$H,4,0),\"\")","v":""},{"$f":"IFERROR(VLOOKUP(C4771,参数!B:H,3,FALSE),\"\")","v":""},"",1]
[4771,{"$nulls":6},{"$f":"IFERROR(VLOOKUP(C4772,参数!$B:$H,2,0),\"\")","v":""},{"$f":"IFERROR(VLOOKUP(C4772,参数!$B:$H,4,0),\"\")","v":""},{"$f":"IFERROR(VLOOKUP(C4772,参数!B:H,3,FALSE),\"\")","v":""},"",1]
[4772,{"$nulls":6},{"$f":"IFERROR(VLOOKUP(C4773,参数!$B:$H,2,0),\"\")","v":""},{"$f":"IFERROR(VLOOKUP(C4773,参数!$B:$H,4,0),\"\")","v":""},{"$f":"IFERROR(VLOOKUP(C4773,参数!B:H,3,FALSE),\"\")","v":""},{"$f":"IFERROR(J4773*E4773,\"\")","v":""},1]
[4773,{"$nulls":6},{"$f":"IFERROR(VLOOKUP(C4774,参数!$B:$H,2,0),\"\")","v":""},{"$f":"IFERROR(VLOOKUP(C4774,参数!$B:$H,4,0),\"\")","v":""},{"$f":"IFERROR(VLOOKUP(C4774,参数!B:H,3,FALSE),\"\")","v":""},"",1]
[4774,{"$nulls":6},{"$f":"IFERROR(VLOOKUP(C4775,参数!$B:$H,2,0),\"\")","v":""},{"$f":"IFERROR(VLOOKUP(C4775,参数!$B:$H,4,0),\"\")","v":""},{"$f":"IFERROR(VLOOKUP(C4775,参数!B:H,3,FALSE),\"\")","v":""},"",1]
[4775,{"$nulls":6},{"$f":"IFERROR(VLOOKUP(C4776,参数!$B:$H,2,0),\"\")","v":""},{"$f":"IFERROR(VLOOKUP(C4776,参数!$B:$H,4,0),\"\")","v":""},{"$f":"IFERROR(VLOOKUP(C4776,参数!B:H,3,FALSE),\"\")","v":""},"",1]
[4776,{"$nulls":6},{"$f":"IFERROR(VLOOKUP(C4777,参数!$B:$H,2,0),\"\")","v":""},{"$f":"IFERROR(VLOOKUP(C4777,参数!$B:$H,4,0),\"\")","v":""},{"$f":"IFERROR(VLOOKUP(C4777,参数!B:H,3,FALSE),\"\")","v":""},"",1]
[4777,{"$nulls":6},{"$f":"IFERROR(VLOOKUP(C4778,参数!$B:$H,2,0),\"\")","v":""},{"$f":"IFERROR(VLOOKUP(C4778,参数!$B:$H,4,0),\"\")","v":""},{"$f":"IFERROR(VLOOKUP(C4778,参数!B:H,3,FALSE),\"\")","v":""},"",1]
[4778,{"$nulls":6},{"$f":"IFERROR(VLOOKUP(C4779,参数!$B:$H,2,0),\"\")","v":""},{"$f":"IFERROR(VLOOKUP(C4779,参数!$B:$H,4,0),\"\")","v":""},{"$f":"IFERROR(VLOOKUP(C4779,参数!B:H,3,FALSE),\"\")","v":""},"",1]
[4779,{"$nulls":6},{"$f":"IFERROR(VLOOKUP(C4780,参数!$B:$H,2,0),\"\")","v":""},{"$f":"IFERROR(VLOOKUP(C4780,参数!$B:$H,4,0),\"\")","v":""},{"$f":"IFERROR(VLOOKUP(C4780,参数!B:H,3,FALSE),\"\")","v":""},"",1]
[4780,{"$nulls":6},{"$f":"IFERROR(VLOOKUP(C4781,参数!$B:$H,2,0),\"\")","v":""},{"$f":"IFERROR(VLOOKUP(C4781,参数!$B:$H,4,0),\"\")","v":""},{"$f":"IFERROR(VLOOKUP(C4781,参数!B:H,3,FALSE),\"\")","v":""},"",1]
[4781,{"$nulls":6},{"$f":"IFERROR(VLOOKUP(C4782,参数!$B:$H,2,0),\"\")","v":""},{"$f":"IFERROR(VLOOKUP(C4782,参数!$B:$H,4,0),\"\")","v":""},{"$f":"IFERROR(VLOOKUP(C4782,参数!B:H,3,FALSE),\"\")","v":""},"",1]
[4782,{"$nulls":6},{"$f":"IFERROR(VLOOKUP(C4783,参数!$B:$H,2,0),\"\")","v":""},{"$f":"IFERROR(VLOOKUP(C4783,参数!$B:$H,4,0),\"\")","v":""},{"$f":"IFERROR(VLOOKUP(C4783,参数!B:H,3,FALSE),\"\")","v":""},"",1]
[4783,{"$nulls":6},{"$f":"IFERROR(VLOOKUP(C4784,参数!$B:$H,2,0),\"\")","v":""},{"$f":"IFERROR(VLOOKUP(C4784,参数!$B:$H,4,0),\"\")","v":""},{"$f":"IFERROR(VLOOKUP(C4784,参数!B:H,3,FALSE),\"\")","v":""},"",1]
[4784,{"$nulls":6},{"$f":"IFERROR(VLOOKUP(C4785,参数!$B:$H,2,0),\"\")","v":""},{"$f":"IFERROR(VLOOKUP(C4785,参数!$B:$H,4,0),\"\")","v":""},{"$f":"IFERROR(VLOOKUP(C4785,参数!B:H,3,FALSE),\"\")","v":""},"",1]
[4785,{"$nulls":6},{"$f":"IFERROR(VLOOKUP(C4786,参数!$B:$H,2,0),\"\")","v":""},{"$f":"IFERROR(VLOOKUP(C4786,参数!$B:$H,4,0),\"\")","v":""},{"$f":"IFERROR(VLOOKUP(C4786,参数!B:H,3,FALSE),\"\")","v":""},"",1]
[4786,{"$nulls":6},{"$f":"IFERROR(VLOOKUP(C4787,参数!$B:$H,2,0),\"\")","v":""},{"$f":"IFERROR(VLOOKUP(C4787,参数!$B:$H,4,0),\"\")","v":""},{"$f":"IFERROR(VLOOKUP(C4787,参数!B:H,3,FALSE),\"\")","v":""},"",1]
[4787,{"$nulls":6},{"$f":"IFERROR(VLOOKUP(C4788,参数!$B:$H,2,0),\"\")","v":""},{"$f":"IFERROR(VLOOKUP(C4788,参数!$B:$H,4,0),\"\")","v":""},{"$f":"IFERROR(VLOOKUP(C4788,参数!B:H,3,FALSE),\"\")","v":""},"",1]
[4788,{"$nulls":6},{"$f":"IFERROR(VLOOKUP(C4789,参数!$B:$H,2,0),\"\")","v":""},{"$f":"IFERROR(VLOOKUP(C4789,参数!$B:$H,4,0),\"\")","v":""},{"$f":"IFERROR(VLOOKUP(C4789,参数!B:H,3,FALSE),\"\")","v":""},"",1]
[4789,{"$nulls":6},{"$f":"IFERROR(VLOOKUP(C4790,参数!$B:$H,2,0),\"\")","v":""},{"$f":"IFERROR(VLOOKUP(C4790,参数!$B:$H,4,0),\"\")","v":""},{"$f":"IFERROR(VLOOKUP(C4790,参数!B:H,3,FALSE),\"\")","v":""},"",1]
[4790,{"$nulls":6},{"$f":"IFERROR(VLOOKUP(C4791,参数!$B:$H,2,0),\"\")","v":""},{"$f":"IFERROR(VLOOKUP(C4791,参数!$B:$H,4,0),\"\")","v":""},{"$f":"IFERROR(VLOOKUP(C4791,参数!B:H,3,FALSE),\"\")","v":""},"",1]
[4791,{"$nulls":6},{"$f":"IFERROR(VLOOKUP(C4792,参数!$B:$H,2,0),\"\")","v":""},{"$f":"IFERROR(VLOOKUP(C4792,参数!$B:$H,4,0),\"\")","v":""},{"$f":"IFERROR(VLOOKUP(C4792,参数!B:H,3,FALSE),\"\")","v":""},"",1]
[4792,{"$nulls":6},{"$f":"IFERROR(VLOOKUP(C4793,参数!$B:$H,2,0),\"\")","v":""},{"$f":"IFERROR(VLOOKUP(C4793,参数!$B:$H,4,0),\"\")","v":""},{"$f":"IFERROR(VLOOKUP(C4793,参数!B:H,3,FALSE),\"\")","v":""},"",1]
[4793,{"$nulls":6},{"$f":"IFERROR(VLOOKUP(C4794,参数!$B:$H,2,0),\"\")","v":""},{"$f":"IFERROR(VLOOKUP(C4794,参数!$B:$H,4,0),\"\")","v":""},{"$f":"IFERROR(VLOOKUP(C4794,参数!B:H,3,FALSE),\"\")","v":""},"",1]
[4794,{"$nulls":6},{"$f":"IFERROR(VLOOKUP(C4795,参数!$B:$H,2,0),\"\")","v":""},{"$f":"IFERROR(VLOOKUP(C4795,参数!$B:$H,4,0),\"\")","v":""},{"$f":"IFERROR(VLOOKUP(C4795,参数!B:H,3,FALSE),\"\")","v":""},"",1]
[4795,{"$nulls":6},{"$f":"IFERROR(VLOOKUP(C4796,参数!$B:$H,2,0),\"\")","v":""},{"$f":"IFERROR(VLOOKUP(C4796,参数!$B:$H,4,0),\"\")","v":""},{"$f":"IFERROR(VLOOKUP(C4796,参数!B:H,3,FALSE),\"\")","v":""},"",1]
[4796,{"$nulls":6},{"$f":"IFERROR(VLOOKUP(C4797,参数!$B:$H,2,0),\"\")","v":""},{"$f":"IFERROR(VLOOKUP(C4797,参数!$B:$H,4,0),\"\")","v":""},{"$f":"IFERROR(VLOOKUP(C4797,参数!B:H,3,FALSE),\"\")","v":""},"",1]
[4797,{"$nulls":6},{"$f":"IFERROR(VLOOKUP(C4798,参数!$B:$H,2,0),\"\")","v":""},{"$f":"IFERROR(VLOOKUP(C4798,参数!$B:$H,4,0),\"\")","v":""},{"$f":"IFERROR(VLOOKUP(C4798,参数!B:H,3,FALSE),\"\")","v":""},"",1]
[4798,{"$nulls":6},{"$f":"IFERROR(VLOOKUP(C4799,参数!$B:$H,2,0),\"\")","v":""},{"$f":"IFERROR(VLOOKUP(C4799,参数!$B:$H,4,0),\"\")","v":""},{"$f":"IFERROR(VLOOKUP(C4799,参数!B:H,3,FALSE),\"\")","v":""},"",1]
[4799,{"$nulls":6},{"$f":"IFERROR(VLOOKUP(C4800,参数!$B:$H,2,0),\"\")","v":""},{"$f":"IFERROR(VLOOKUP(C4800,参数!$B:$H,4,0),\"\")","v":""},{"$f":"IFERROR(VLOOKUP(C4800,参数!B:H,3,FALSE),\"\")","v":""},"",1]
[4800,{"$nulls":6},{"$f":"IFERROR(VLOOKUP(C4801,参数!$B:$H,2,0),\"\")","v":""},{"$f":"IFERROR(VLOOKUP(C4801,参数!$B:$H,4,0),\"\")","v":""},{"$f":"IFERROR(VLOOKUP(C4801,参数!B:H,3,FALSE),\"\")","v":""},"",1]
[4801,{"$nulls":6},{"$f":"IFERROR(VLOOKUP(C4802,参数!$B:$H,2,0),\"\")","v":""},{"$f":"IFERROR(VLOOKUP(C4802,参数!$B:$H,4,0),\"\")","v":""},{"$f":"IFERROR(VLOOKUP(C4802,参数!B:H,3,FALSE),\"\")","v":""},"",{"$f":"VALUE(MONTH(B4802))","v":1}]
[4802,{"$nulls":6},{"$f":"IFERROR(VLOOKUP(C4803,参数!$B:$H,2,0),\"\")","v":""},{"$f":"IFERROR(VLOOKUP(C4803,参数!$B:$H,4,0),\"\")","v":""},{"$f":"IFERROR(VLOOKUP(C4803,参数!B:H,3,FALSE),\"\")","v":""},"",1]
[4803,{"$nulls":6},{"$f":"IFERROR(VLOOKUP(C4804,参数!$B:$H,2,0),\"\")","v":""},{"$f":"IFERROR(VLOOKUP(C4804,参数!$B:$H,4,0),\"\")","v":""},{"$f":"IFERROR(VLOOKUP(C4804,参数!B:H,3,FALSE),\"\")","v":""},"",1]
[4804,{"$nulls":6},{"$f":"IFERROR(VLOOKUP(C4805,参数!$B:$H,2,0),\"\")","v":""},{"$f":"IFERROR(VLOOKUP(C4805,参数!$B:$H,4,0),\"\")","v":""},{"$f":"IFERROR(VLOOKUP(C4805,参数!B:H,3,FALSE),\"\")","v":""},"",1]
[4805,{"$nulls":6},{"$f":"IFERROR(VLOOKUP(C4806,参数!$B:$H,2,0),\"\")","v":""},{"$f":"IFERROR(VLOOKUP(C4806,参数!$B:$H,4,0),\"\")","v":""},{"$f":"IFERROR(VLOOKUP(C4806,参数!B:H,3,FALSE),\"\")","v":""},"",1]
[4806,{"$nulls":6},{"$f":"IFERROR(VLOOKUP(C4807,参数!$B:$H,2,0),\"\")","v":""},{"$f":"IFERROR(VLOOKUP(C4807,参数!$B:$H,4,0),\"\")","v":""},{"$f":"IFERROR(VLOOKUP(C4807,参数!B:H,3,FALSE),\"\")","v":""},"",1]
[4807,{"$nulls":6},{"$f":"IFERROR(VLOOKUP(C4808,参数!$B:$H,2,0),\"\")","v":""},{"$f":"IFERROR(VLOOKUP(C4808,参数!$B:$H,4,0),\"\")","v":""},{"$f":"IFERROR(VLOOKUP(C4808,参数!B:H,3,FALSE),\"\")","v":""},"",1]
[4808,{"$nulls":6},{"$f":"IFERROR(VLOOKUP(C4809,参数!$B:$H,2,0),\"\")","v":""},{"$f":"IFERROR(VLOOKUP(C4809,参数!$B:$H,4,0),\"\")","v":""},{"$f":"IFERROR(VLOOKUP(C4809,参数!B:H,3,FALSE),\"\")","v":""},"",1]
[4809,{"$nulls":6},{"$f":"IFERROR(VLOOKUP(C4810,参数!$B:$H,2,0),\"\")","v":""},{"$f":"IFERROR(VLOOKUP(C4810,参数!$B:$H,4,0),\"\")","v":""},{"$f":"IFERROR(VLOOKUP(C4810,参数!B:H,3,FALSE),\"\")","v":""},"",1]
[4810,{"$nulls":6},{"$f":"IFERROR(VLOOKUP(C4811,参数!$B:$H,2,0),\"\")","v":""},{"$f":"IFERROR(VLOOKUP(C4811,参数!$B:$H,4,0),\"\")","v":""},{"$f":"IFERROR(VLOOKUP(C4811,参数!B:H,3,FALSE),\"\")","v":""},"",1]
[4811,{"$nulls":6},{"$f":"IFERROR(VLOOKUP(C4812,参数!$B:$H,2,0),\"\")","v":""},{"$f":"IFERROR(VLOOKUP(C4812,参数!$B:$H,4,0),\"\")","v":""},{"$f":"IFERROR(VLOOKUP(C4812,参数!B:H,3,FALSE),\"\")","v":""},"",1]
[4812,{"$nulls":6},{"$f":"IFERROR(VLOOKUP(C4813,参数!$B:$H,2,0),\"\")","v":""},{"$f":"IFERROR(VLOOKUP(C4813,参数!$B:$H,4,0),\"\")","v":""},{"$f":"IFERROR(VLOOKUP(C4813,参数!B:H,3,FALSE),\"\")","v":""},"",1]
[4813,{"$nulls":6},{"$f":"IFERROR(VLOOKUP(C4814,参数!$B:$H,2,0),\"\")","v":""},{"$f":"IFERROR(VLOOKUP(C4814,参数!$B:$H,4,0),\"\")","v":""},{"$f":"IFERROR(VLOOKUP(C4814,参数!B:H,3,FALSE),\"\")","v":""},"",1]
[4814,{"$nulls":6},{"$f":"IFERROR(VLOOKUP(C4815,参数!$B:$H,2,0),\"\")","v":""},{"$f":"IFERROR(VLOOKUP(C4815,参数!$B:$H,4,0),\"\")","v":""},{"$f":"IFERROR(VLOOKUP(C4815,参数!B:H,3,FALSE),\"\")","v":""},"",1]
[4815,{"$nulls":6},{"$f":"IFERROR(VLOOKUP(C4816,参数!$B:$H,2,0),\"\")","v":""},{"$f":"IFERROR(VLOOKUP(C4816,参数!$B:$H,4,0),\"\")","v":""},{"$f":"IFERROR(VLOOKUP(C4816,参数!B:H,3,FALSE),\"\")","v":""},"",1]
[4816,{"$nulls":6},{"$f":"IFERROR(VLOOKUP(C4817,参数!$B:$H,2,0),\"\")","v":""},{"$f":"IFERROR(VLOOKUP(C4817,参数!$B:$H,4,0),\"\")","v":""},{"$f":"IFERROR(VLOOKUP(C4817,参数!B:H,3,FALSE),\"\")","v":""},"",1]
[4817,{"$nulls":6},{"$f":"IFERROR(VLOOKUP(C4818,参数!$B:$H,2,0),\"\")","v":""},{"$f":"IFERROR(VLOOKUP(C4818,参数!$B:$H,4,0),\"\")","v":""},{"$f":"IFERROR(VLOOKUP(C4818,参数!B:H,3,FALSE),\"\")","v":""},"",1]
[4818,{"$nulls":6},{"$f":"IFERROR(VLOOKUP(C4819,参数!$B:$H,2,0),\"\")","v":""},{"$f":"IFERROR(VLOOKUP(C4819,参数!$B:$H,4,0),\"\")","v":""},{"$f":"IFERROR(VLOOKUP(C4819,参数!B:H,3,FALSE),\"\")","v":""},"",1]
[4819,{"$nulls":6},{"$f":"IFERROR(VLOOKUP(C4820,参数!$B:$H,2,0),\"\")","v":""},{"$f":"IFERROR(VLOOKUP(C4820,参数!$B:$H,4,0),\"\")","v":""},{"$f":"IFERROR(VLOOKUP(C4820,参数!B:H,3,FALSE),\"\")","v":""},"",1]
[4820,{"$nulls":6},{"$f":"IFERROR(VLOOKUP(C4821,参数!$B:$H,2,0),\"\")","v":""},{"$f":"IFERROR(VLOOKUP(C4821,参数!$B:$H,4,0),\"\")","v":""},{"$f":"IFERROR(VLOOKUP(C4821,参数!B:H,3,FALSE),\"\")","v":""},"",1]
[4821,{"$nulls":6},{"$f":"IFERROR(VLOOKUP(C4822,参数!$B:$H,2,0),\"\")","v":""},{"$f":"IFERROR(VLOOKUP(C4822,参数!$B:$H,4,0),\"\")","v":""},{"$f":"IFERROR(VLOOKUP(C4822,参数!B:H,3,FALSE),\"\")","v":""},"",1]
[4822,{"$nulls":6},{"$f":"IFERROR(VLOOKUP(C4823,参数!$B:$H,2,0),\"\")","v":""},{"$f":"IFERROR(VLOOKUP(C4823,参数!$B:$H,4,0),\"\")","v":""},{"$f":"IFERROR(VLOOKUP(C4823,参数!B:H,3,FALSE),\"\")","v":""},"",1]
[4823,{"$nulls":6},{"$f":"IFERROR(VLOOKUP(C4824,参数!$B:$H,2,0),\"\")","v":""},{"$f":"IFERROR(VLOOKUP(C4824,参数!$B:$H,4,0),\"\")","v":""},{"$f":"IFERROR(VLOOKUP(C4824,参数!B:H,3,FALSE),\"\")","v":""},"",1]
[4824,{"$nulls":6},{"$f":"IFERROR(VLOOKUP(C4825,参数!$B:$H,2,0),\"\")","v":""},{"$f":"IFERROR(VLOOKUP(C4825,参数!$B:$H,4,0),\"\")","v":""},{"$f":"IFERROR(VLOOKUP(C4825,参数!B:H,3,FALSE),\"\")","v":""},"",1]
[4825,{"$nulls":6},{"$f":"IFERROR(VLOOKUP(C4826,参数!$B:$H,2,0),\"\")","v":""},{"$f":"IFERROR(VLOOKUP(C4826,参数!$B:$H,4,0),\"\")","v":""},{"$f":"IFERROR(VLOOKUP(C4826,参数!B:H,3,FALSE),\"\")","v":""},"",1]
[4826,{"$nulls":6},{"$f":"IFERROR(VLOOKUP(C4827,参数!$B:$H,2,0),\"\")","v":""},{"$f":"IFERROR(VLOOKUP(C4827,参数!$B:$H,4,0),\"\")","v":""},{"$f":"IFERROR(VLOOKUP(C4827,参数!B:H,3,FALSE),\"\")","v":""},"",1]
[4827,{"$nulls":6},{"$f":"IFERROR(VLOOKUP(C4828,参数!$B:$H,2,0),\"\")","v":""},{"$f":"IFERROR(VLOOKUP(C4828,参数!$B:$H,4,0),\"\")","v":""},{"$f":"IFERROR(VLOOKUP(C4828,参数!B:H,3,FALSE),\"\")","v":""},"",1]
[4828,{"$nulls":6},{"$f":"IFERROR(VLOOKUP(C4829,参数!$B:$H,2,0),\"\")","v":""},{"$f":"IFERROR(VLOOKUP(C4829,参数!$B:$H,4,0),\"\")","v":""},{"$f":"IFERROR(VLOOKUP(C4829,参数!B:H,3,FALSE),\"\")","v":""},"",1]
[4829,{"$nulls":6},{"$f":"IFERROR(VLOOKUP(C4830,参数!$B:$H,2,0),\"\")","v":""},{"$f":"IFERROR(VLOOKUP(C4830,参数!$B:$H,4,0),\"\")","v":""},{"$f":"IFERROR(VLOOKUP(C4830,参数!B:H,3,FALSE),\"\")","v":""},"",1]
[4830,{"$nulls":6},{"$f":"IFERROR(VLOOKUP(C4831,参数!$B:$H,2,0),\"\")","v":""},{"$f":"IFERROR(VLOOKUP(C4831,参数!$B:$H,4,0),\"\")","v":""},{"$f":"IFERROR(VLOOKUP(C4831,参数!B:H,3,FALSE),\"\")","v":""},"",1]
[4831,{"$nulls":6},{"$f":"IFERROR(VLOOKUP(C4832,参数!$B:$H,2,0),\"\")","v":""},{"$f":"IFERROR(VLOOKUP(C4832,参数!$B:$H,4,0),\"\")","v":""},{"$f":"IFERROR(VLOOKUP(C4832,参数!B:H,3,FALSE),\"\")","v":""},"",1]
[4832,{"$nulls":6},{"$f":"IFERROR(VLOOKUP(C4833,参数!$B:$H,2,0),\"\")","v":""},{"$f":"IFERROR(VLOOKUP(C4833,参数!$B:$H,4,0),\"\")","v":""},{"$f":"IFERROR(VLOOKUP(C4833,参数!B:H,3,FALSE),\"\")","v":""},"",1]
[4833,{"$nulls":6},{"$f":"IFERROR(VLOOKUP(C4834,参数!$B:$H,2,0),\"\")","v":""},{"$f":"IFERROR(VLOOKUP(C4834,参数!$B:$H,4,0),\"\")","v":""},{"$f":"IFERROR(VLOOKUP(C4834,参数!B:H,3,FALSE),\"\")","v":""},"",1]
[4834,{"$nulls":6},{"$f":"IFERROR(VLOOKUP(C4835,参数!$B:$H,2,0),\"\")","v":""},{"$f":"IFERROR(VLOOKUP(C4835,参数!$B:$H,4,0),\"\")","v":""},{"$f":"IFERROR(VLOOKUP(C4835,参数!B:H,3,FALSE),\"\")","v":""},"",1]
[4835,{"$nulls":6},{"$f":"IFERROR(VLOOKUP(C4836,参数!$B:$H,2,0),\"\")","v":""},{"$f":"IFERROR(VLOOKUP(C4836,参数!$B:$H,4,0),\"\")","v":""},{"$f":"IFERROR(VLOOKUP(C4836,参数!B:H,3,FALSE),\"\")","v":""},"",1]
[4836,{"$nulls":6},{"$f":"IFERROR(VLOOKUP(C4837,参数!$B:$H,2,0),\"\")","v":""},{"$f":"IFERROR(VLOOKUP(C4837,参数!$B:$H,4,0),\"\")","v":""},{"$f":"IFERROR(VLOOKUP(C4837,参数!B:H,3,FALSE),\"\")","v":""},{"$f":"IFERROR(J4837*E4837,\"\")","v":""},1]
[4837,{"$nulls":6},{"$f":"IFERROR(VLOOKUP(C4838,参数!$B:$H,2,0),\"\")","v":""},{"$f":"IFERROR(VLOOKUP(C4838,参数!$B:$H,4,0),\"\")","v":""},{"$f":"IFERROR(VLOOKUP(C4838,参数!B:H,3,FALSE),\"\")","v":""},"",1]
[4838,{"$nulls":6},{"$f":"IFERROR(VLOOKUP(C4839,参数!$B:$H,2,0),\"\")","v":""},{"$f":"IFERROR(VLOOKUP(C4839,参数!$B:$H,4,0),\"\")","v":""},{"$f":"IFERROR(VLOOKUP(C4839,参数!B:H,3,FALSE),\"\")","v":""},"",1]
[4839,{"$nulls":6},{"$f":"IFERROR(VLOOKUP(C4840,参数!$B:$H,2,0),\"\")","v":""},{"$f":"IFERROR(VLOOKUP(C4840,参数!$B:$H,4,0),\"\")","v":""},{"$f":"IFERROR(VLOOKUP(C4840,参数!B:H,3,FALSE),\"\")","v":""},"",1]
[4840,{"$nulls":6},{"$f":"IFERROR(VLOOKUP(C4841,参数!$B:$H,2,0),\"\")","v":""},{"$f":"IFERROR(VLOOKUP(C4841,参数!$B:$H,4,0),\"\")","v":""},{"$f":"IFERROR(VLOOKUP(C4841,参数!B:H,3,FALSE),\"\")","v":""},"",1]
[4841,{"$nulls":6},{"$f":"IFERROR(VLOOKUP(C4842,参数!$B:$H,2,0),\"\")","v":""},{"$f":"IFERROR(VLOOKUP(C4842,参数!$B:$H,4,0),\"\")","v":""},{"$f":"IFERROR(VLOOKUP(C4842,参数!B:H,3,FALSE),\"\")","v":""},"",1]
[4842,{"$nulls":6},{"$f":"IFERROR(VLOOKUP(C4843,参数!$B:$H,2,0),\"\")","v":""},{"$f":"IFERROR(VLOOKUP(C4843,参数!$B:$H,4,0),\"\")","v":""},{"$f":"IFERROR(VLOOKUP(C4843,参数!B:H,3,FALSE),\"\")","v":""},"",1]
[4843,{"$nulls":6},{"$f":"IFERROR(VLOOKUP(C4844,参数!$B:$H,2,0),\"\")","v":""},{"$f":"IFERROR(VLOOKUP(C4844,参数!$B:$H,4,0),\"\")","v":""},{"$f":"IFERROR(VLOOKUP(C4844,参数!B:H,3,FALSE),\"\")","v":""},"",1]
[4844,{"$nulls":6},{"$f":"IFERROR(VLOOKUP(C4845,参数!$B:$H,2,0),\"\")","v":""},{"$f":"IFERROR(VLOOKUP(C4845,参数!$B:$H,4,0),\"\")","v":""},{"$f":"IFERROR(VLOOKUP(C4845,参数!B:H,3,FALSE),\"\")","v":""},"",1]
[4845,{"$nulls":6},{"$f":"IFERROR(VLOOKUP(C4846,参数!$B:$H,2,0),\"\")","v":""},{"$f":"IFERROR(VLOOKUP(C4846,参数!$B:$H,4,0),\"\")","v":""},{"$f":"IFERROR(VLOOKUP(C4846,参数!B:H,3,FALSE),\"\")","v":""},"",1]
[4846,{"$nulls":6},{"$f":"IFERROR(VLOOKUP(C4847,参数!$B:$H,2,0),\"\")","v":""},{"$f":"IFERROR(VLOOKUP(C4847,参数!$B:$H,4,0),\"\")","v":""},{"$f":"IFERROR(VLOOKUP(C4847,参数!B:H,3,FALSE),\"\")","v":""},"",1]
[4847,{"$nulls":6},{"$f":"IFERROR(VLOOKUP(C4848,参数!$B:$H,2,0),\"\")","v":""},{"$f":"IFERROR(VLOOKUP(C4848,参数!$B:$H,4,0),\"\")","v":""},{"$f":"IFERROR(VLOOKUP(C4848,参数!B:H,3,FALSE),\"\")","v":""},"",1]
[4848,{"$nulls":6},{"$f":"IFERROR(VLOOKUP(C4849,参数!$B:$H,2,0),\"\")","v":""},{"$f":"IFERROR(VLOOKUP(C4849,参数!$B:$H,4,0),\"\")","v":""},{"$f":"IFERROR(VLOOKUP(C4849,参数!B:H,3,FALSE),\"\")","v":""},"",1]
[4849,{"$nulls":6},{"$f":"IFERROR(VLOOKUP(C4850,参数!$B:$H,2,0),\"\")","v":""},{"$f":"IFERROR(VLOOKUP(C4850,参数!$B:$H,4,0),\"\")","v":""},{"$f":"IFERROR(VLOOKUP(C4850,参数!B:H,3,FALSE),\"\")","v":""},"",1]
[4850,{"$nulls":6},{"$f":"IFERROR(VLOOKUP(C4851,参数!$B:$H,2,0),\"\")","v":""},{"$f":"IFERROR(VLOOKUP(C4851,参数!$B:$H,4,0),\"\")","v":""},{"$f":"IFERROR(VLOOKUP(C4851,参数!B:H,3,FALSE),\"\")","v":""},"",1]
[4851,{"$nulls":6},{"$f":"IFERROR(VLOOKUP(C4852,参数!$B:$H,2,0),\"\")","v":""},{"$f":"IFERROR(VLOOKUP(C4852,参数!$B:$H,4,0),\"\")","v":""},{"$f":"IFERROR(VLOOKUP(C4852,参数!B:H,3,FALSE),\"\")","v":""},"",1]
[4852,{"$nulls":6},{"$f":"IFERROR(VLOOKUP(C4853,参数!$B:$H,2,0),\"\")","v":""},{"$f":"IFERROR(VLOOKUP(C4853,参数!$B:$H,4,0),\"\")","v":""},{"$f":"IFERROR(VLOOKUP(C4853,参数!B:H,3,FALSE),\"\")","v":""},"",1]
[4853,{"$nulls":6},{"$f":"IFERROR(VLOOKUP(C4854,参数!$B:$H,2,0),\"\")","v":""},{"$f":"IFERROR(VLOOKUP(C4854,参数!$B:$H,4,0),\"\")","v":""},{"$f":"IFERROR(VLOOKUP(C4854,参数!B:H,3,FALSE),\"\")","v":""},"",1]
[4854,{"$nulls":6},{"$f":"IFERROR(VLOOKUP(C4855,参数!$B:$H,2,0),\"\")","v":""},{"$f":"IFERROR(VLOOKUP(C4855,参数!$B:$H,4,0),\"\")","v":""},{"$f":"IFERROR(VLOOKUP(C4855,参数!B:H,3,FALSE),\"\")","v":""},"",1]
[4855,{"$nulls":6},{"$f":"IFERROR(VLOOKUP(C4856,参数!$B:$H,2,0),\"\")","v":""},{"$f":"IFERROR(VLOOKUP(C4856,参数!$B:$H,4,0),\"\")","v":""},{"$f":"IFERROR(VLOOKUP(C4856,参数!B:H,3,FALSE),\"\")","v":""},"",1]
[4856,{"$nulls":6},{"$f":"IFERROR(VLOOKUP(C4857,参数!$B:$H,2,0),\"\")","v":""},{"$f":"IFERROR(VLOOKUP(C4857,参数!$B:$H,4,0),\"\")","v":""},{"$f":"IFERROR(VLOOKUP(C4857,参数!B:H,3,FALSE),\"\")","v":""},"",1]
[4857,{"$nulls":6},{"$f":"IFERROR(VLOOKUP(C4858,参数!$B:$H,2,0),\"\")","v":""},{"$f":"IFERROR(VLOOKUP(C4858,参数!$B:$H,4,0),\"\")","v":""},{"$f":"IFERROR(VLOOKUP(C4858,参数!B:H,3,FALSE),\"\")","v":""},"",1]
[4858,{"$nulls":6},{"$f":"IFERROR(VLOOKUP(C4859,参数!$B:$H,2,0),\"\")","v":""},{"$f":"IFERROR(VLOOKUP(C4859,参数!$B:$H,4,0),\"\")","v":""},{"$f":"IFERROR(VLOOKUP(C4859,参数!B:H,3,FALSE),\"\")","v":""},"",1]
[4859,{"$nulls":6},{"$f":"IFERROR(VLOOKUP(C4860,参数!$B:$H,2,0),\"\")","v":""},{"$f":"IFERROR(VLOOKUP(C4860,参数!$B:$H,4,0),\"\")","v":""},{"$f":"IFERROR(VLOOKUP(C4860,参数!B:H,3,FALSE),\"\")","v":""},"",1]
[4860,{"$nulls":6},{"$f":"IFERROR(VLOOKUP(C4861,参数!$B:$H,2,0),\"\")","v":""},{"$f":"IFERROR(VLOOKUP(C4861,参数!$B:$H,4,0),\"\")","v":""},{"$f":"IFERROR(VLOOKUP(C4861,参数!B:H,3,FALSE),\"\")","v":""},"",1]
[4861,{"$nulls":6},{"$f":"IFERROR(VLOOKUP(C4862,参数!$B:$H,2,0),\"\")","v":""},{"$f":"IFERROR(VLOOKUP(C4862,参数!$B:$H,4,0),\"\")","v":""},{"$f":"IFERROR(VLOOKUP(C4862,参数!B:H,3,FALSE),\"\")","v":""},"",1]
[4862,{"$nulls":6},{"$f":"IFERROR(VLOOKUP(C4863,参数!$B:$H,2,0),\"\")","v":""},{"$f":"IFERROR(VLOOKUP(C4863,参数!$B:$H,4,0),\"\")","v":""},{"$f":"IFERROR(VLOOKUP(C4863,参数!B:H,3,FALSE),\"\")","v":""},"",1]
[4863,{"$nulls":6},{"$f":"IFERROR(VLOOKUP(C4864,参数!$B:$H,2,0),\"\")","v":""},{"$f":"IFERROR(VLOOKUP(C4864,参数!$B:$H,4,0),\"\")","v":""},{"$f":"IFERROR(VLOOKUP(C4864,参数!B:H,3,FALSE),\"\")","v":""},"",1]
[4864,{"$nulls":6},{"$f":"IFERROR(VLOOKUP(C4865,参数!$B:$H,2,0),\"\")","v":""},{"$f":"IFERROR(VLOOKUP(C4865,参数!$B:$H,4,0),\"\")","v":""},{"$f":"IFERROR(VLOOKUP(C4865,参数!B:H,3,FALSE),\"\")","v":""},"",1]
[4865,{"$nulls":6},{"$f":"IFERROR(VLOOKUP(C4866,参数!$B:$H,2,0),\"\")","v":""},{"$f":"IFERROR(VLOOKUP(C4866,参数!$B:$H,4,0),\"\")","v":""},{"$f":"IFERROR(VLOOKUP(C4866,参数!B:H,3,FALSE),\"\")","v":""},"",{"$f":"VALUE(MONTH(B4866))","v":1}]
[4866,{"$nulls":6},{"$f":"IFERROR(VLOOKUP(C4867,参数!$B:$H,2,0),\"\")","v":""},{"$f":"IFERROR(VLOOKUP(C4867,参数!$B:$H,4,0),\"\")","v":""},{"$f":"IFERROR(VLOOKUP(C4867,参数!B:H,3,FALSE),\"\")","v":""},"",1]
[4867,{"$nulls":6},{"$f":"IFERROR(VLOOKUP(C4868,参数!$B:$H,2,0),\"\")","v":""},{"$f":"IFERROR(VLOOKUP(C4868,参数!$B:$H,4,0),\"\")","v":""},{"$f":"IFERROR(VLOOKUP(C4868,参数!B:H,3,FALSE),\"\")","v":""},"",1]
[4868,{"$nulls":6},{"$f":"IFERROR(VLOOKUP(C4869,参数!$B:$H,2,0),\"\")","v":""},{"$f":"IFERROR(VLOOKUP(C4869,参数!$B:$H,4,0),\"\")","v":""},{"$f":"IFERROR(VLOOKUP(C4869,参数!B:H,3,FALSE),\"\")","v":""},"",1]
[4869,{"$nulls":6},{"$f":"IFERROR(VLOOKUP(C4870,参数!$B:$H,2,0),\"\")","v":""},{"$f":"IFERROR(VLOOKUP(C4870,参数!$B:$H,4,0),\"\")","v":""},{"$f":"IFERROR(VLOOKUP(C4870,参数!B:H,3,FALSE),\"\")","v":""},"",1]
[4870,{"$nulls":6},{"$f":"IFERROR(VLOOKUP(C4871,参数!$B:$H,2,0),\"\")","v":""},{"$f":"IFERROR(VLOOKUP(C4871,参数!$B:$H,4,0),\"\")","v":""},{"$f":"IFERROR(VLOOKUP(C4871,参数!B:H,3,FALSE),\"\")","v":""},"",1]
[4871,{"$nulls":6},{"$f":"IFERROR(VLOOKUP(C4872,参数!$B:$H,2,0),\"\")","v":""},{"$f":"IFERROR(VLOOKUP(C4872,参数!$B:$H,4,0),\"\")","v":""},{"$f":"IFERROR(VLOOKUP(C4872,参数!B:H,3,FALSE),\"\")","v":""},"",1]
[4872,{"$nulls":6},{"$f":"IFERROR(VLOOKUP(C4873,参数!$B:$H,2,0),\"\")","v":""},{"$f":"IFERROR(VLOOKUP(C4873,参数!$B:$H,4,0),\"\")","v":""},{"$f":"IFERROR(VLOOKUP(C4873,参数!B:H,3,FALSE),\"\")","v":""},"",1]
[4873,{"$nulls":6},{"$f":"IFERROR(VLOOKUP(C4874,参数!$B:$H,2,0),\"\")","v":""},{"$f":"IFERROR(VLOOKUP(C4874,参数!$B:$H,4,0),\"\")","v":""},{"$f":"IFERROR(VLOOKUP(C4874,参数!B:H,3,FALSE),\"\")","v":""},"",1]
[4874,{"$nulls":6},{"$f":"IFERROR(VLOOKUP(C4875,参数!$B:$H,2,0),\"\")","v":""},{"$f":"IFERROR(VLOOKUP(C4875,参数!$B:$H,4,0),\"\")","v":""},{"$f":"IFERROR(VLOOKUP(C4875,参数!B:H,3,FALSE),\"\")","v":""},"",1]
[4875,{"$nulls":6},{"$f":"IFERROR(VLOOKUP(C4876,参数!$B:$H,2,0),\"\")","v":""},{"$f":"IFERROR(VLOOKUP(C4876,参数!$B:$H,4,0),\"\")","v":""},{"$f":"IFERROR(VLOOKUP(C4876,参数!B:H,3,FALSE),\"\")","v":""},"",1]
[4876,{"$nulls":6},{"$f":"IFERROR(VLOOKUP(C4877,参数!$B:$H,2,0),\"\")","v":""},{"$f":"IFERROR(VLOOKUP(C4877,参数!$B:$H,4,0),\"\")","v":""},{"$f":"IFERROR(VLOOKUP(C4877,参数!B:H,3,FALSE),\"\")","v":""},"",1]
[4877,{"$nulls":6},{"$f":"IFERROR(VLOOKUP(C4878,参数!$B:$H,2,0),\"\")","v":""},{"$f":"IFERROR(VLOOKUP(C4878,参数!$B:$H,4,0),\"\")","v":""},{"$f":"IFERROR(VLOOKUP(C4878,参数!B:H,3,FALSE),\"\")","v":""},"",1]
[4878,{"$nulls":6},{"$f":"IFERROR(VLOOKUP(C4879,参数!$B:$H,2,0),\"\")","v":""},{"$f":"IFERROR(VLOOKUP(C4879,参数!$B:$H,4,0),\"\")","v":""},{"$f":"IFERROR(VLOOKUP(C4879,参数!B:H,3,FALSE),\"\")","v":""},"",1]
[4879,{"$nulls":6},{"$f":"IFERROR(VLOOKUP(C4880,参数!$B:$H,2,0),\"\")","v":""},{"$f":"IFERROR(VLOOKUP(C4880,参数!$B:$H,4,0),\"\")","v":""},{"$f":"IFERROR(VLOOKUP(C4880,参数!B:H,3,FALSE),\"\")","v":""},"",1]
[4880,{"$nulls":6},{"$f":"IFERROR(VLOOKUP(C4881,参数!$B:$H,2,0),\"\")","v":""},{"$f":"IFERROR(VLOOKUP(C4881,参数!$B:$H,4,0),\"\")","v":""},{"$f":"IFERROR(VLOOKUP(C4881,参数!B:H,3,FALSE),\"\")","v":""},"",1]
[4881,{"$nulls":6},{"$f":"IFERROR(VLOOKUP(C4882,参数!$B:$H,2,0),\"\")","v":""},{"$f":"IFERROR(VLOOKUP(C4882,参数!$B:$H,4,0),\"\")","v":""},{"$f":"IFERROR(VLOOKUP(C4882,参数!B:H,3,FALSE),\"\")","v":""},"",1]
[4882,{"$nulls":6},{"$f":"IFERROR(VLOOKUP(C4883,参数!$B:$H,2,0),\"\")","v":""},{"$f":"IFERROR(VLOOKUP(C4883,参数!$B:$H,4,0),\"\")","v":""},{"$f":"IFERROR(VLOOKUP(C4883,参数!B:H,3,FALSE),\"\")","v":""},"",1]
[4883,{"$nulls":6},{"$f":"IFERROR(VLOOKUP(C4884,参数!$B:$H,2,0),\"\")","v":""},{"$f":"IFERROR(VLOOKUP(C4884,参数!$B:$H,4,0),\"\")","v":""},{"$f":"IFERROR(VLOOKUP(C4884,参数!B:H,3,FALSE),\"\")","v":""},"",1]
[4884,{"$nulls":6},{"$f":"IFERROR(VLOOKUP(C4885,参数!$B:$H,2,0),\"\")","v":""},{"$f":"IFERROR(VLOOKUP(C4885,参数!$B:$H,4,0),\"\")","v":""},{"$f":"IFERROR(VLOOKUP(C4885,参数!B:H,3,FALSE),\"\")","v":""},"",1]
[4885,{"$nulls":6},{"$f":"IFERROR(VLOOKUP(C4886,参数!$B:$H,2,0),\"\")","v":""},{"$f":"IFERROR(VLOOKUP(C4886,参数!$B:$H,4,0),\"\")","v":""},{"$f":"IFERROR(VLOOKUP(C4886,参数!B:H,3,FALSE),\"\")","v":""},"",1]
[4886,{"$nulls":6},{"$f":"IFERROR(VLOOKUP(C4887,参数!$B:$H,2,0),\"\")","v":""},{"$f":"IFERROR(VLOOKUP(C4887,参数!$B:$H,4,0),\"\")","v":""},{"$f":"IFERROR(VLOOKUP(C4887,参数!B:H,3,FALSE),\"\")","v":""},"",1]
[4887,{"$nulls":6},{"$f":"IFERROR(VLOOKUP(C4888,参数!$B:$H,2,0),\"\")","v":""},{"$f":"IFERROR(VLOOKUP(C4888,参数!$B:$H,4,0),\"\")","v":""},{"$f":"IFERROR(VLOOKUP(C4888,参数!B:H,3,FALSE),\"\")","v":""},"",1]
[4888,{"$nulls":6},{"$f":"IFERROR(VLOOKUP(C4889,参数!$B:$H,2,0),\"\")","v":""},{"$f":"IFERROR(VLOOKUP(C4889,参数!$B:$H,4,0),\"\")","v":""},{"$f":"IFERROR(VLOOKUP(C4889,参数!B:H,3,FALSE),\"\")","v":""},"",1]
[4889,{"$nulls":6},{"$f":"IFERROR(VLOOKUP(C4890,参数!$B:$H,2,0),\"\")","v":""},{"$f":"IFERROR(VLOOKUP(C4890,参数!$B:$H,4,0),\"\")","v":""},{"$f":"IFERROR(VLOOKUP(C4890,参数!B:H,3,FALSE),\"\")","v":""},"",1]
[4890,{"$nulls":6},{"$f":"IFERROR(VLOOKUP(C4891,参数!$B:$H,2,0),\"\")","v":""},{"$f":"IFERROR(VLOOKUP(C4891,参数!$B:$H,4,0),\"\")","v":""},{"$f":"IFERROR(VLOOKUP(C4891,参数!B:H,3,FALSE),\"\")","v":""},"",1]
[4891,{"$nulls":6},{"$f":"IFERROR(VLOOKUP(C4892,参数!$B:$H,2,0),\"\")","v":""},{"$f":"IFERROR(VLOOKUP(C4892,参数!$B:$H,4,0),\"\")","v":""},{"$f":"IFERROR(VLOOKUP(C4892,参数!B:H,3,FALSE),\"\")","v":""},"",1]
[4892,{"$nulls":6},{"$f":"IFERROR(VLOOKUP(C4893,参数!$B:$H,2,0),\"\")","v":""},{"$f":"IFERROR(VLOOKUP(C4893,参数!$B:$H,4,0),\"\")","v":""},{"$f":"IFERROR(VLOOKUP(C4893,参数!B:H,3,FALSE),\"\")","v":""},"",1]
[4893,{"$nulls":6},{"$f":"IFERROR(VLOOKUP(C4894,参数!$B:$H,2,0),\"\")","v":""},{"$f":"IFERROR(VLOOKUP(C4894,参数!$B:$H,4,0),\"\")","v":""},{"$f":"IFERROR(VLOOKUP(C4894,参数!B:H,3,FALSE),\"\")","v":""},"",1]
[4894,{"$nulls":6},{"$f":"IFERROR(VLOOKUP(C4895,参数!$B:$H,2,0),\"\")","v":""},{"$f":"IFERROR(VLOOKUP(C4895,参数!$B:$H,4,0),\"\")","v":""},{"$f":"IFERROR(VLOOKUP(C4895,参数!B:H,3,FALSE),\"\")","v":""},"",1]
[4895,{"$nulls":6},{"$f":"IFERROR(VLOOKUP(C4896,参数!$B:$H,2,0),\"\")","v":""},{"$f":"IFERROR(VLOOKUP(C4896,参数!$B:$H,4,0),\"\")","v":""},{"$f":"IFERROR(VLOOKUP(C4896,参数!B:H,3,FALSE),\"\")","v":""},"",1]
[4896,{"$nulls":6},{"$f":"IFERROR(VLOOKUP(C4897,参数!$B:$H,2,0),\"\")","v":""},{"$f":"IFERROR(VLOOKUP(C4897,参数!$B:$H,4,0),\"\")","v":""},{"$f":"IFERROR(VLOOKUP(C4897,参数!B:H,3,FALSE),\"\")","v":""},"",1]
[4897,{"$nulls":6},{"$f":"IFERROR(VLOOKUP(C4898,参数!$B:$H,2,0),\"\")","v":""},{"$f":"IFERROR(VLOOKUP(C4898,参数!$B:$H,4,0),\"\")","v":""},{"$f":"IFERROR(VLOOKUP(C4898,参数!B:H,3,FALSE),\"\")","v":""},"",1]
[4898,{"$nulls":6},{"$f":"IFERROR(VLOOKUP(C4899,参数!$B:$H,2,0),\"\")","v":""},{"$f":"IFERROR(VLOOKUP(C4899,参数!$B:$H,4,0),\"\")","v":""},{"$f":"IFERROR(VLOOKUP(C4899,参数!B:H,3,FALSE),\"\")","v":""},"",1]
[4899,{"$nulls":6},{"$f":"IFERROR(VLOOKUP(C4900,参数!$B:$H,2,0),\"\")","v":""},{"$f":"IFERROR(VLOOKUP(C4900,参数!$B:$H,4,0),\"\")","v":""},{"$f":"IFERROR(VLOOKUP(C4900,参数!B:H,3,FALSE),\"\")","v":""},"",1]
[4900,{"$nulls":6},{"$f":"IFERROR(VLOOKUP(C4901,参数!$B:$H,2,0),\"\")","v":""},{"$f":"IFERROR(VLOOKUP(C4901,参数!$B:$H,4,0),\"\")","v":""},{"$f":"IFERROR(VLOOKUP(C4901,参数!B:H,3,FALSE),\"\")","v":""},{"$f":"IFERROR(J4901*E4901,\"\")","v":""},1]
[4901,{"$nulls":6},{"$f":"IFERROR(VLOOKUP(C4902,参数!$B:$H,2,0),\"\")","v":""},{"$f":"IFERROR(VLOOKUP(C4902,参数!$B:$H,4,0),\"\")","v":""},{"$f":"IFERROR(VLOOKUP(C4902,参数!B:H,3,FALSE),\"\")","v":""},"",1]
[4902,{"$nulls":6},{"$f":"IFERROR(VLOOKUP(C4903,参数!$B:$H,2,0),\"\")","v":""},{"$f":"IFERROR(VLOOKUP(C4903,参数!$B:$H,4,0),\"\")","v":""},{"$f":"IFERROR(VLOOKUP(C4903,参数!B:H,3,FALSE),\"\")","v":""},"",1]
[4903,{"$nulls":6},{"$f":"IFERROR(VLOOKUP(C4904,参数!$B:$H,2,0),\"\")","v":""},{"$f":"IFERROR(VLOOKUP(C4904,参数!$B:$H,4,0),\"\")","v":""},{"$f":"IFERROR(VLOOKUP(C4904,参数!B:H,3,FALSE),\"\")","v":""},"",1]
[4904,{"$nulls":6},{"$f":"IFERROR(VLOOKUP(C4905,参数!$B:$H,2,0),\"\")","v":""},{"$f":"IFERROR(VLOOKUP(C4905,参数!$B:$H,4,0),\"\")","v":""},{"$f":"IFERROR(VLOOKUP(C4905,参数!B:H,3,FALSE),\"\")","v":""},"",1]
[4905,{"$nulls":6},{"$f":"IFERROR(VLOOKUP(C4906,参数!$B:$H,2,0),\"\")","v":""},{"$f":"IFERROR(VLOOKUP(C4906,参数!$B:$H,4,0),\"\")","v":""},{"$f":"IFERROR(VLOOKUP(C4906,参数!B:H,3,FALSE),\"\")","v":""},"",1]
[4906,{"$nulls":6},{"$f":"IFERROR(VLOOKUP(C4907,参数!$B:$H,2,0),\"\")","v":""},{"$f":"IFERROR(VLOOKUP(C4907,参数!$B:$H,4,0),\"\")","v":""},{"$f":"IFERROR(VLOOKUP(C4907,参数!B:H,3,FALSE),\"\")","v":""},"",1]
[4907,{"$nulls":6},{"$f":"IFERROR(VLOOKUP(C4908,参数!$B:$H,2,0),\"\")","v":""},{"$f":"IFERROR(VLOOKUP(C4908,参数!$B:$H,4,0),\"\")","v":""},{"$f":"IFERROR(VLOOKUP(C4908,参数!B:H,3,FALSE),\"\")","v":""},"",1]
[4908,{"$nulls":6},{"$f":"IFERROR(VLOOKUP(C4909,参数!$B:$H,2,0),\"\")","v":""},{"$f":"IFERROR(VLOOKUP(C4909,参数!$B:$H,4,0),\"\")","v":""},{"$f":"IFERROR(VLOOKUP(C4909,参数!B:H,3,FALSE),\"\")","v":""},"",1]
[4909,{"$nulls":6},{"$f":"IFERROR(VLOOKUP(C4910,参数!$B:$H,2,0),\"\")","v":""},{"$f":"IFERROR(VLOOKUP(C4910,参数!$B:$H,4,0),\"\")","v":""},{"$f":"IFERROR(VLOOKUP(C4910,参数!B:H,3,FALSE),\"\")","v":""},"",1]
[4910,{"$nulls":6},{"$f":"IFERROR(VLOOKUP(C4911,参数!$B:$H,2,0),\"\")","v":""},{"$f":"IFERROR(VLOOKUP(C4911,参数!$B:$H,4,0),\"\")","v":""},{"$f":"IFERROR(VLOOKUP(C4911,参数!B:H,3,FALSE),\"\")","v":""},"",1]
[4911,{"$nulls":6},{"$f":"IFERROR(VLOOKUP(C4912,参数!$B:$H,2,0),\"\")","v":""},{"$f":"IFERROR(VLOOKUP(C4912,参数!$B:$H,4,0),\"\")","v":""},{"$f":"IFERROR(VLOOKUP(C4912,参数!B:H,3,FALSE),\"\")","v":""},"",1]
[4912,{"$nulls":6},{"$f":"IFERROR(VLOOKUP(C4913,参数!$B:$H,2,0),\"\")","v":""},{"$f":"IFERROR(VLOOKUP(C4913,参数!$B:$H,4,0),\"\")","v":""},{"$f":"IFERROR(VLOOKUP(C4913,参数!B:H,3,FALSE),\"\")","v":""},"",1]
[4913,{"$nulls":6},{"$f":"IFERROR(VLOOKUP(C4914,参数!$B:$H,2,0),\"\")","v":""},{"$f":"IFERROR(VLOOKUP(C4914,参数!$B:$H,4,0),\"\")","v":""},{"$f":"IFERROR(VLOOKUP(C4914,参数!B:H,3,FALSE),\"\")","v":""},"",1]
[4914,{"$nulls":6},{"$f":"IFERROR(VLOOKUP(C4915,参数!$B:$H,2,0),\"\")","v":""},{"$f":"IFERROR(VLOOKUP(C4915,参数!$B:$H,4,0),\"\")","v":""},{"$f":"IFERROR(VLOOKUP(C4915,参数!B:H,3,FALSE),\"\")","v":""},"",1]
[4915,{"$nulls":6},{"$f":"IFERROR(VLOOKUP(C4916,参数!$B:$H,2,0),\"\")","v":""},{"$f":"IFERROR(VLOOKUP(C4916,参数!$B:$H,4,0),\"\")","v":""},{"$f":"IFERROR(VLOOKUP(C4916,参数!B:H,3,FALSE),\"\")","v":""},"",1]
[4916,{"$nulls":6},{"$f":"IFERROR(VLOOKUP(C4917,参数!$B:$H,2,0),\"\")","v":""},{"$f":"IFERROR(VLOOKUP(C4917,参数!$B:$H,4,0),\"\")","v":""},{"$f":"IFERROR(VLOOKUP(C4917,参数!B:H,3,FALSE),\"\")","v":""},"",1]
[4917,{"$nulls":6},{"$f":"IFERROR(VLOOKUP(C4918,参数!$B:$H,2,0),\"\")","v":""},{"$f":"IFERROR(VLOOKUP(C4918,参数!$B:$H,4,0),\"\")","v":""},{"$f":"IFERROR(VLOOKUP(C4918,参数!B:H,3,FALSE),\"\")","v":""},"",1]
[4918,{"$nulls":6},{"$f":"IFERROR(VLOOKUP(C4919,参数!$B:$H,2,0),\"\")","v":""},{"$f":"IFERROR(VLOOKUP(C4919,参数!$B:$H,4,0),\"\")","v":""},{"$f":"IFERROR(VLOOKUP(C4919,参数!B:H,3,FALSE),\"\")","v":""},"",1]
[4919,{"$nulls":6},{"$f":"IFERROR(VLOOKUP(C4920,参数!$B:$H,2,0),\"\")","v":""},{"$f":"IFERROR(VLOOKUP(C4920,参数!$B:$H,4,0),\"\")","v":""},{"$f":"IFERROR(VLOOKUP(C4920,参数!B:H,3,FALSE),\"\")","v":""},"",1]
[4920,{"$nulls":6},{"$f":"IFERROR(VLOOKUP(C4921,参数!$B:$H,2,0),\"\")","v":""},{"$f":"IFERROR(VLOOKUP(C4921,参数!$B:$H,4,0),\"\")","v":""},{"$f":"IFERROR(VLOOKUP(C4921,参数!B:H,3,FALSE),\"\")","v":""},"",1]
[4921,{"$nulls":6},{"$f":"IFERROR(VLOOKUP(C4922,参数!$B:$H,2,0),\"\")","v":""},{"$f":"IFERROR(VLOOKUP(C4922,参数!$B:$H,4,0),\"\")","v":""},{"$f":"IFERROR(VLOOKUP(C4922,参数!B:H,3,FALSE),\"\")","v":""},"",1]
[4922,{"$nulls":6},{"$f":"IFERROR(VLOOKUP(C4923,参数!$B:$H,2,0),\"\")","v":""},{"$f":"IFERROR(VLOOKUP(C4923,参数!$B:$H,4,0),\"\")","v":""},{"$f":"IFERROR(VLOOKUP(C4923,参数!B:H,3,FALSE),\"\")","v":""},"",1]
[4923,{"$nulls":6},{"$f":"IFERROR(VLOOKUP(C4924,参数!$B:$H,2,0),\"\")","v":""},{"$f":"IFERROR(VLOOKUP(C4924,参数!$B:$H,4,0),\"\")","v":""},{"$f":"IFERROR(VLOOKUP(C4924,参数!B:H,3,FALSE),\"\")","v":""},"",1]
[4924,{"$nulls":6},{"$f":"IFERROR(VLOOKUP(C4925,参数!$B:$H,2,0),\"\")","v":""},{"$f":"IFERROR(VLOOKUP(C4925,参数!$B:$H,4,0),\"\")","v":""},{"$f":"IFERROR(VLOOKUP(C4925,参数!B:H,3,FALSE),\"\")","v":""},"",1]
[4925,{"$nulls":6},{"$f":"IFERROR(VLOOKUP(C4926,参数!$B:$H,2,0),\"\")","v":""},{"$f":"IFERROR(VLOOKUP(C4926,参数!$B:$H,4,0),\"\")","v":""},{"$f":"IFERROR(VLOOKUP(C4926,参数!B:H,3,FALSE),\"\")","v":""},"",1]
[4926,{"$nulls":6},{"$f":"IFERROR(VLOOKUP(C4927,参数!$B:$H,2,0),\"\")","v":""},{"$f":"IFERROR(VLOOKUP(C4927,参数!$B:$H,4,0),\"\")","v":""},{"$f":"IFERROR(VLOOKUP(C4927,参数!B:H,3,FALSE),\"\")","v":""},"",1]
[4927,{"$nulls":6},{"$f":"IFERROR(VLOOKUP(C4928,参数!$B:$H,2,0),\"\")","v":""},{"$f":"IFERROR(VLOOKUP(C4928,参数!$B:$H,4,0),\"\")","v":""},{"$f":"IFERROR(VLOOKUP(C4928,参数!B:H,3,FALSE),\"\")","v":""},"",1]
[4928,{"$nulls":6},{"$f":"IFERROR(VLOOKUP(C4929,参数!$B:$H,2,0),\"\")","v":""},{"$f":"IFERROR(VLOOKUP(C4929,参数!$B:$H,4,0),\"\")","v":""},{"$f":"IFERROR(VLOOKUP(C4929,参数!B:H,3,FALSE),\"\")","v":""},"",1]
[4929,{"$nulls":6},{"$f":"IFERROR(VLOOKUP(C4930,参数!$B:$H,2,0),\"\")","v":""},{"$f":"IFERROR(VLOOKUP(C4930,参数!$B:$H,4,0),\"\")","v":""},{"$f":"IFERROR(VLOOKUP(C4930,参数!B:H,3,FALSE),\"\")","v":""},"",{"$f":"VALUE(MONTH(B4930))","v":1}]
[4930,{"$nulls":6},{"$f":"IFERROR(VLOOKUP(C4931,参数!$B:$H,2,0),\"\")","v":""},{"$f":"IFERROR(VLOOKUP(C4931,参数!$B:$H,4,0),\"\")","v":""},{"$f":"IFERROR(VLOOKUP(C4931,参数!B:H,3,FALSE),\"\")","v":""},"",1]
[4931,{"$nulls":6},{"$f":"IFERROR(VLOOKUP(C4932,参数!$B:$H,2,0),\"\")","v":""},{"$f":"IFERROR(VLOOKUP(C4932,参数!$B:$H,4,0),\"\")","v":""},{"$f":"IFERROR(VLOOKUP(C4932,参数!B:H,3,FALSE),\"\")","v":""},"",1]
[4932,{"$nulls":6},{"$f":"IFERROR(VLOOKUP(C4933,参数!$B:$H,2,0),\"\")","v":""},{"$f":"IFERROR(VLOOKUP(C4933,参数!$B:$H,4,0),\"\")","v":""},{"$f":"IFERROR(VLOOKUP(C4933,参数!B:H,3,FALSE),\"\")","v":""},"",1]
[4933,{"$nulls":6},{"$f":"IFERROR(VLOOKUP(C4934,参数!$B:$H,2,0),\"\")","v":""},{"$f":"IFERROR(VLOOKUP(C4934,参数!$B:$H,4,0),\"\")","v":""},{"$f":"IFERROR(VLOOKUP(C4934,参数!B:H,3,FALSE),\"\")","v":""},"",1]
[4934,{"$nulls":6},{"$f":"IFERROR(VLOOKUP(C4935,参数!$B:$H,2,0),\"\")","v":""},{"$f":"IFERROR(VLOOKUP(C4935,参数!$B:$H,4,0),\"\")","v":""},{"$f":"IFERROR(VLOOKUP(C4935,参数!B:H,3,FALSE),\"\")","v":""},"",1]
[4935,{"$nulls":6},{"$f":"IFERROR(VLOOKUP(C4936,参数!$B:$H,2,0),\"\")","v":""},{"$f":"IFERROR(VLOOKUP(C4936,参数!$B:$H,4,0),\"\")","v":""},{"$f":"IFERROR(VLOOKUP(C4936,参数!B:H,3,FALSE),\"\")","v":""},"",1]
[4936,{"$nulls":6},{"$f":"IFERROR(VLOOKUP(C4937,参数!$B:$H,2,0),\"\")","v":""},{"$f":"IFERROR(VLOOKUP(C4937,参数!$B:$H,4,0),\"\")","v":""},{"$f":"IFERROR(VLOOKUP(C4937,参数!B:H,3,FALSE),\"\")","v":""},"",1]
[4937,{"$nulls":6},{"$f":"IFERROR(VLOOKUP(C4938,参数!$B:$H,2,0),\"\")","v":""},{"$f":"IFERROR(VLOOKUP(C4938,参数!$B:$H,4,0),\"\")","v":""},{"$f":"IFERROR(VLOOKUP(C4938,参数!B:H,3,FALSE),\"\")","v":""},"",1]
[4938,{"$nulls":6},{"$f":"IFERROR(VLOOKUP(C4939,参数!$B:$H,2,0),\"\")","v":""},{"$f":"IFERROR(VLOOKUP(C4939,参数!$B:$H,4,0),\"\")","v":""},{"$f":"IFERROR(VLOOKUP(C4939,参数!B:H,3,FALSE),\"\")","v":""},"",1]
[4939,{"$nulls":6},{"$f":"IFERROR(VLOOKUP(C4940,参数!$B:$H,2,0),\"\")","v":""},{"$f":"IFERROR(VLOOKUP(C4940,参数!$B:$H,4,0),\"\")","v":""},{"$f":"IFERROR(VLOOKUP(C4940,参数!B:H,3,FALSE),\"\")","v":""},"",1]
[4940,{"$nulls":6},{"$f":"IFERROR(VLOOKUP(C4941,参数!$B:$H,2,0),\"\")","v":""},{"$f":"IFERROR(VLOOKUP(C4941,参数!$B:$H,4,0),\"\")","v":""},{"$f":"IFERROR(VLOOKUP(C4941,参数!B:H,3,FALSE),\"\")","v":""},"",1]
[4941,{"$nulls":6},{"$f":"IFERROR(VLOOKUP(C4942,参数!$B:$H,2,0),\"\")","v":""},{"$f":"IFERROR(VLOOKUP(C4942,参数!$B:$H,4,0),\"\")","v":""},{"$f":"IFERROR(VLOOKUP(C4942,参数!B:H,3,FALSE),\"\")","v":""},"",1]
[4942,{"$nulls":6},{"$f":"IFERROR(VLOOKUP(C4943,参数!$B:$H,2,0),\"\")","v":""},{"$f":"IFERROR(VLOOKUP(C4943,参数!$B:$H,4,0),\"\")","v":""},{"$f":"IFERROR(VLOOKUP(C4943,参数!B:H,3,FALSE),\"\")","v":""},"",1]
[4943,{"$nulls":6},{"$f":"IFERROR(VLOOKUP(C4944,参数!$B:$H,2,0),\"\")","v":""},{"$f":"IFERROR(VLOOKUP(C4944,参数!$B:$H,4,0),\"\")","v":""},{"$f":"IFERROR(VLOOKUP(C4944,参数!B:H,3,FALSE),\"\")","v":""},"",1]
[4944,{"$nulls":6},{"$f":"IFERROR(VLOOKUP(C4945,参数!$B:$H,2,0),\"\")","v":""},{"$f":"IFERROR(VLOOKUP(C4945,参数!$B:$H,4,0),\"\")","v":""},{"$f":"IFERROR(VLOOKUP(C4945,参数!B:H,3,FALSE),\"\")","v":""},"",1]
[4945,{"$nulls":6},{"$f":"IFERROR(VLOOKUP(C4946,参数!$B:$H,2,0),\"\")","v":""},{"$f":"IFERROR(VLOOKUP(C4946,参数!$B:$H,4,0),\"\")","v":""},{"$f":"IFERROR(VLOOKUP(C4946,参数!B:H,3,FALSE),\"\")","v":""},"",1]
[4946,{"$nulls":6},{"$f":"IFERROR(VLOOKUP(C4947,参数!$B:$H,2,0),\"\")","v":""},{"$f":"IFERROR(VLOOKUP(C4947,参数!$B:$H,4,0),\"\")","v":""},{"$f":"IFERROR(VLOOKUP(C4947,参数!B:H,3,FALSE),\"\")","v":""},"",1]
[4947,{"$nulls":6},{"$f":"IFERROR(VLOOKUP(C4948,参数!$B:$H,2,0),\"\")","v":""},{"$f":"IFERROR(VLOOKUP(C4948,参数!$B:$H,4,0),\"\")","v":""},{"$f":"IFERROR(VLOOKUP(C4948,参数!B:H,3,FALSE),\"\")","v":""},"",1]
[4948,{"$nulls":6},{"$f":"IFERROR(VLOOKUP(C4949,参数!$B:$H,2,0),\"\")","v":""},{"$f":"IFERROR(VLOOKUP(C4949,参数!$B:$H,4,0),\"\")","v":""},{"$f":"IFERROR(VLOOKUP(C4949,参数!B:H,3,FALSE),\"\")","v":""},"",1]
[4949,{"$nulls":6},{"$f":"IFERROR(VLOOKUP(C4950,参数!$B:$H,2,0),\"\")","v":""},{"$f":"IFERROR(VLOOKUP(C4950,参数!$B:$H,4,0),\"\")","v":""},{"$f":"IFERROR(VLOOKUP(C4950,参数!B:H,3,FALSE),\"\")","v":""},"",1]
[4950,{"$nulls":6},{"$f":"IFERROR(VLOOKUP(C4951,参数!$B:$H,2,0),\"\")","v":""},{"$f":"IFERROR(VLOOKUP(C4951,参数!$B:$H,4,0),\"\")","v":""},{"$f":"IFERROR(VLOOKUP(C4951,参数!B:H,3,FALSE),\"\")","v":""},"",1]
[4951,{"$nulls":6},{"$f":"IFERROR(VLOOKUP(C4952,参数!$B:$H,2,0),\"\")","v":""},{"$f":"IFERROR(VLOOKUP(C4952,参数!$B:$H,4,0),\"\")","v":""},{"$f":"IFERROR(VLOOKUP(C4952,参数!B:H,3,FALSE),\"\")","v":""},"",1]
[4952,{"$nulls":6},{"$f":"IFERROR(VLOOKUP(C4953,参数!$B:$H,2,0),\"\")","v":""},{"$f":"IFERROR(VLOOKUP(C4953,参数!$B:$H,4,0),\"\")","v":""},{"$f":"IFERROR(VLOOKUP(C4953,参数!B:H,3,FALSE),\"\")","v":""},"",1]
[4953,{"$nulls":6},{"$f":"IFERROR(VLOOKUP(C4954,参数!$B:$H,2,0),\"\")","v":""},{"$f":"IFERROR(VLOOKUP(C4954,参数!$B:$H,4,0),\"\")","v":""},{"$f":"IFERROR(VLOOKUP(C4954,参数!B:H,3,FALSE),\"\")","v":""},"",1]
[4954,{"$nulls":6},{"$f":"IFERROR(VLOOKUP(C4955,参数!$B:$H,2,0),\"\")","v":""},{"$f":"IFERROR(VLOOKUP(C4955,参数!$B:$H,4,0),\"\")","v":""},{"$f":"IFERROR(VLOOKUP(C4955,参数!B:H,3,FALSE),\"\")","v":""},"",1]
[4955,{"$nulls":6},{"$f":"IFERROR(VLOOKUP(C4956,参数!$B:$H,2,0),\"\")","v":""},{"$f":"IFERROR(VLOOKUP(C4956,参数!$B:$H,4,0),\"\")","v":""},{"$f":"IFERROR(VLOOKUP(C4956,参数!B:H,3,FALSE),\"\")","v":""},"",1]
[4956,{"$nulls":6},{"$f":"IFERROR(VLOOKUP(C4957,参数!$B:$H,2,0),\"\")","v":""},{"$f":"IFERROR(VLOOKUP(C4957,参数!$B:$H,4,0),\"\")","v":""},{"$f":"IFERROR(VLOOKUP(C4957,参数!B:H,3,FALSE),\"\")","v":""},"",1]
[4957,{"$nulls":6},{"$f":"IFERROR(VLOOKUP(C4958,参数!$B:$H,2,0),\"\")","v":""},{"$f":"IFERROR(VLOOKUP(C4958,参数!$B:$H,4,0),\"\")","v":""},{"$f":"IFERROR(VLOOKUP(C4958,参数!B:H,3,FALSE),\"\")","v":""},"",1]
[4958,{"$nulls":6},{"$f":"IFERROR(VLOOKUP(C4959,参数!$B:$H,2,0),\"\")","v":""},{"$f":"IFERROR(VLOOKUP(C4959,参数!$B:$H,4,0),\"\")","v":""},{"$f":"IFERROR(VLOOKUP(C4959,参数!B:H,3,FALSE),\"\")","v":""},"",1]
[4959,{"$nulls":6},{"$f":"IFERROR(VLOOKUP(C4960,参数!$B:$H,2,0),\"\")","v":""},{"$f":"IFERROR(VLOOKUP(C4960,参数!$B:$H,4,0),\"\")","v":""},{"$f":"IFERROR(VLOOKUP(C4960,参数!B:H,3,FALSE),\"\")","v":""},"",1]
[4960,{"$nulls":6},{"$f":"IFERROR(VLOOKUP(C4961,参数!$B:$H,2,0),\"\")","v":""},{"$f":"IFERROR(VLOOKUP(C4961,参数!$B:$H,4,0),\"\")","v":""},{"$f":"IFERROR(VLOOKUP(C4961,参数!B:H,3,FALSE),\"\")","v":""},"",1]
[4961,{"$nulls":6},{"$f":"IFERROR(VLOOKUP(C4962,参数!$B:$H,2,0),\"\")","v":""},{"$f":"IFERROR(VLOOKUP(C4962,参数!$B:$H,4,0),\"\")","v":""},{"$f":"IFERROR(VLOOKUP(C4962,参数!B:H,3,FALSE),\"\")","v":""},"",1]
[4962,{"$nulls":6},{"$f":"IFERROR(VLOOKUP(C4963,参数!$B:$H,2,0),\"\")","v":""},{"$f":"IFERROR(VLOOKUP(C4963,参数!$B:$H,4,0),\"\")","v":""},{"$f":"IFERROR(VLOOKUP(C4963,参数!B:H,3,FALSE),\"\")","v":""},"",1]
[4963,{"$nulls":6},{"$f":"IFERROR(VLOOKUP(C4964,参数!$B:$H,2,0),\"\")","v":""},{"$f":"IFERROR(VLOOKUP(C4964,参数!$B:$H,4,0),\"\")","v":""},{"$f":"IFERROR(VLOOKUP(C4964,参数!B:H,3,FALSE),\"\")","v":""},"",1]
[4964,{"$nulls":6},{"$f":"IFERROR(VLOOKUP(C4965,参数!$B:$H,2,0),\"\")","v":""},{"$f":"IFERROR(VLOOKUP(C4965,参数!$B:$H,4,0),\"\")","v":""},{"$f":"IFERROR(VLOOKUP(C4965,参数!B:H,3,FALSE),\"\")","v":""},{"$f":"IFERROR(J4965*E4965,\"\")","v":""},1]
[4965,{"$nulls":6},{"$f":"IFERROR(VLOOKUP(C4966,参数!$B:$H,2,0),\"\")","v":""},{"$f":"IFERROR(VLOOKUP(C4966,参数!$B:$H,4,0),\"\")","v":""},{"$f":"IFERROR(VLOOKUP(C4966,参数!B:H,3,FALSE),\"\")","v":""},"",1]
[4966,{"$nulls":6},{"$f":"IFERROR(VLOOKUP(C4967,参数!$B:$H,2,0),\"\")","v":""},{"$f":"IFERROR(VLOOKUP(C4967,参数!$B:$H,4,0),\"\")","v":""},{"$f":"IFERROR(VLOOKUP(C4967,参数!B:H,3,FALSE),\"\")","v":""},"",1]
[4967,{"$nulls":6},{"$f":"IFERROR(VLOOKUP(C4968,参数!$B:$H,2,0),\"\")","v":""},{"$f":"IFERROR(VLOOKUP(C4968,参数!$B:$H,4,0),\"\")","v":""},{"$f":"IFERROR(VLOOKUP(C4968,参数!B:H,3,FALSE),\"\")","v":""},"",1]
[4968,{"$nulls":6},{"$f":"IFERROR(VLOOKUP(C4969,参数!$B:$H,2,0),\"\")","v":""},{"$f":"IFERROR(VLOOKUP(C4969,参数!$B:$H,4,0),\"\")","v":""},{"$f":"IFERROR(VLOOKUP(C4969,参数!B:H,3,FALSE),\"\")","v":""},"",1]
[4969,{"$nulls":6},{"$f":"IFERROR(VLOOKUP(C4970,参数!$B:$H,2,0),\"\")","v":""},{"$f":"IFERROR(VLOOKUP(C4970,参数!$B:$H,4,0),\"\")","v":""},{"$f":"IFERROR(VLOOKUP(C4970,参数!B:H,3,FALSE),\"\")","v":""},"",1]
[4970,{"$nulls":6},{"$f":"IFERROR(VLOOKUP(C4971,参数!$B:$H,2,0),\"\")","v":""},{"$f":"IFERROR(VLOOKUP(C4971,参数!$B:$H,4,0),\"\")","v":""},{"$f":"IFERROR(VLOOKUP(C4971,参数!B:H,3,FALSE),\"\")","v":""},"",1]
[4971,{"$nulls":6},{"$f":"IFERROR(VLOOKUP(C4972,参数!$B:$H,2,0),\"\")","v":""},{"$f":"IFERROR(VLOOKUP(C4972,参数!$B:$H,4,0),\"\")","v":""},{"$f":"IFERROR(VLOOKUP(C4972,参数!B:H,3,FALSE),\"\")","v":""},"",1]
[4972,{"$nulls":6},{"$f":"IFERROR(VLOOKUP(C4973,参数!$B:$H,2,0),\"\")","v":""},{"$f":"IFERROR(VLOOKUP(C4973,参数!$B:$H,4,0),\"\")","v":""},{"$f":"IFERROR(VLOOKUP(C4973,参数!B:H,3,FALSE),\"\")","v":""},"",1]
[4973,{"$nulls":6},{"$f":"IFERROR(VLOOKUP(C4974,参数!$B:$H,2,0),\"\")","v":""},{"$f":"IFERROR(VLOOKUP(C4974,参数!$B:$H,4,0),\"\")","v":""},{"$f":"IFERROR(VLOOKUP(C4974,参数!B:H,3,FALSE),\"\")","v":""},"",1]
[4974,{"$nulls":6},{"$f":"IFERROR(VLOOKUP(C4975,参数!$B:$H,2,0),\"\")","v":""},{"$f":"IFERROR(VLOOKUP(C4975,参数!$B:$H,4,0),\"\")","v":""},{"$f":"IFERROR(VLOOKUP(C4975,参数!B:H,3,FALSE),\"\")","v":""},"",1]
[4975,{"$nulls":6},{"$f":"IFERROR(VLOOKUP(C4976,参数!$B:$H,2,0),\"\")","v":""},{"$f":"IFERROR(VLOOKUP(C4976,参数!$B:$H,4,0),\"\")","v":""},{"$f":"IFERROR(VLOOKUP(C4976,参数!B:H,3,FALSE),\"\")","v":""},"",1]
[4976,{"$nulls":6},{"$f":"IFERROR(VLOOKUP(C4977,参数!$B:$H,2,0),\"\")","v":""},{"$f":"IFERROR(VLOOKUP(C4977,参数!$B:$H,4,0),\"\")","v":""},{"$f":"IFERROR(VLOOKUP(C4977,参数!B:H,3,FALSE),\"\")","v":""},"",1]
[4977,{"$nulls":6},{"$f":"IFERROR(VLOOKUP(C4978,参数!$B:$H,2,0),\"\")","v":""},{"$f":"IFERROR(VLOOKUP(C4978,参数!$B:$H,4,0),\"\")","v":""},{"$f":"IFERROR(VLOOKUP(C4978,参数!B:H,3,FALSE),\"\")","v":""},"",1]
[4978,{"$nulls":6},{"$f":"IFERROR(VLOOKUP(C4979,参数!$B:$H,2,0),\"\")","v":""},{"$f":"IFERROR(VLOOKUP(C4979,参数!$B:$H,4,0),\"\")","v":""},{"$f":"IFERROR(VLOOKUP(C4979,参数!B:H,3,FALSE),\"\")","v":""},"",1]
[4979,{"$nulls":6},{"$f":"IFERROR(VLOOKUP(C4980,参数!$B:$H,2,0),\"\")","v":""},{"$f":"IFERROR(VLOOKUP(C4980,参数!$B:$H,4,0),\"\")","v":""},{"$f":"IFERROR(VLOOKUP(C4980,参数!B:H,3,FALSE),\"\")","v":""},"",1]
[4980,{"$nulls":6},{"$f":"IFERROR(VLOOKUP(C4981,参数!$B:$H,2,0),\"\")","v":""},{"$f":"IFERROR(VLOOKUP(C4981,参数!$B:$H,4,0),\"\")","v":""},{"$f":"IFERROR(VLOOKUP(C4981,参数!B:H,3,FALSE),\"\")","v":""},"",1]
[4981,{"$nulls":6},{"$f":"IFERROR(VLOOKUP(C4982,参数!$B:$H,2,0),\"\")","v":""},{"$f":"IFERROR(VLOOKUP(C4982,参数!$B:$H,4,0),\"\")","v":""},{"$f":"IFERROR(VLOOKUP(C4982,参数!B:H,3,FALSE),\"\")","v":""},"",1]
[4982,{"$nulls":6},{"$f":"IFERROR(VLOOKUP(C4983,参数!$B:$H,2,0),\"\")","v":""},{"$f":"IFERROR(VLOOKUP(C4983,参数!$B:$H,4,0),\"\")","v":""},{"$f":"IFERROR(VLOOKUP(C4983,参数!B:H,3,FALSE),\"\")","v":""},"",1]
[4983,{"$nulls":6},{"$f":"IFERROR(VLOOKUP(C4984,参数!$B:$H,2,0),\"\")","v":""},{"$f":"IFERROR(VLOOKUP(C4984,参数!$B:$H,4,0),\"\")","v":""},{"$f":"IFERROR(VLOOKUP(C4984,参数!B:H,3,FALSE),\"\")","v":""},"",1]
[4984,{"$nulls":6},{"$f":"IFERROR(VLOOKUP(C4985,参数!$B:$H,2,0),\"\")","v":""},{"$f":"IFERROR(VLOOKUP(C4985,参数!$B:$H,4,0),\"\")","v":""},{"$f":"IFERROR(VLOOKUP(C4985,参数!B:H,3,FALSE),\"\")","v":""},"",1]
[4985,{"$nulls":6},{"$f":"IFERROR(VLOOKUP(C4986,参数!$B:$H,2,0),\"\")","v":""},{"$f":"IFERROR(VLOOKUP(C4986,参数!$B:$H,4,0),\"\")","v":""},{"$f":"IFERROR(VLOOKUP(C4986,参数!B:H,3,FALSE),\"\")","v":""},"",1]
[4986,{"$nulls":6},{"$f":"IFERROR(VLOOKUP(C4987,参数!$B:$H,2,0),\"\")","v":""},{"$f":"IFERROR(VLOOKUP(C4987,参数!$B:$H,4,0),\"\")","v":""},{"$f":"IFERROR(VLOOKUP(C4987,参数!B:H,3,FALSE),\"\")","v":""},"",1]
[4987,{"$nulls":6},{"$f":"IFERROR(VLOOKUP(C4988,参数!$B:$H,2,0),\"\")","v":""},{"$f":"IFERROR(VLOOKUP(C4988,参数!$B:$H,4,0),\"\")","v":""},{"$f":"IFERROR(VLOOKUP(C4988,参数!B:H,3,FALSE),\"\")","v":""},"",1]
[4988,{"$nulls":6},{"$f":"IFERROR(VLOOKUP(C4989,参数!$B:$H,2,0),\"\")","v":""},{"$f":"IFERROR(VLOOKUP(C4989,参数!$B:$H,4,0),\"\")","v":""},{"$f":"IFERROR(VLOOKUP(C4989,参数!B:H,3,FALSE),\"\")","v":""},"",1]
[4989,{"$nulls":6},{"$f":"IFERROR(VLOOKUP(C4990,参数!$B:$H,2,0),\"\")","v":""},{"$f":"IFERROR(VLOOKUP(C4990,参数!$B:$H,4,0),\"\")","v":""},{"$f":"IFERROR(VLOOKUP(C4990,参数!B:H,3,FALSE),\"\")","v":""},"",1]
[4990,{"$nulls":6},{"$f":"IFERROR(VLOOKUP(C4991,参数!$B:$H,2,0),\"\")","v":""},{"$f":"IFERROR(VLOOKUP(C4991,参数!$B:$H,4,0),\"\")","v":""},{"$f":"IFERROR(VLOOKUP(C4991,参数!B:H,3,FALSE),\"\")","v":""},"",1]
[4991,{"$nulls":6},{"$f":"IFERROR(VLOOKUP(C4992,参数!$B:$H,2,0),\"\")","v":""},{"$f":"IFERROR(VLOOKUP(C4992,参数!$B:$H,4,0),\"\")","v":""},{"$f":"IFERROR(VLOOKUP(C4992,参数!B:H,3,FALSE),\"\")","v":""},"",1]
[4992,{"$nulls":6},{"$f":"IFERROR(VLOOKUP(C4993,参数!$B:$H,2,0),\"\")","v":""},{"$f":"IFERROR(VLOOKUP(C4993,参数!$B:$H,4,0),\"\")","v":""},{"$f":"IFERROR(VLOOKUP(C4993,参数!B:H,3,FALSE),\"\")","v":""},"",1]
[4993,{"$nulls":6},{"$f":"IFERROR(VLOOKUP(C4994,参数!$B:$H,2,0),\"\")","v":""},{"$f":"IFERROR(VLOOKUP(C4994,参数!$B:$H,4,0),\"\")","v":""},{"$f":"IFERROR(VLOOKUP(C4994,参数!B:H,3,FALSE),\"\")","v":""},"",{"$f":"VALUE(MONTH(B4994))","v":1}]
[4994,{"$nulls":6},{"$f":"IFERROR(VLOOKUP(C4995,参数!$B:$H,2,0),\"\")","v":""},{"$f":"IFERROR(VLOOKUP(C4995,参数!$B:$H,4,0),\"\")","v":""},{"$f":"IFERROR(VLOOKUP(C4995,参数!B:H,3,FALSE),\"\")","v":""},"",1]
[4995,{"$nulls":6},{"$f":"IFERROR(VLOOKUP(C4996,参数!$B:$H,2,0),\"\")","v":""},{"$f":"IFERROR(VLOOKUP(C4996,参数!$B:$H,4,0),\"\")","v":""},{"$f":"IFERROR(VLOOKUP(C4996,参数!B:H,3,FALSE),\"\")","v":""},"",1]
[4996,{"$nulls":6},{"$f":"IFERROR(VLOOKUP(C4997,参数!$B:$H,2,0),\"\")","v":""},{"$f":"IFERROR(VLOOKUP(C4997,参数!$B:$H,4,0),\"\")","v":""},{"$f":"IFERROR(VLOOKUP(C4997,参数!B:H,3,FALSE),\"\")","v":""},"",1]
[4997,{"$nulls":6},{"$f":"IFERROR(VLOOKUP(C4998,参数!$B:$H,2,0),\"\")","v":""},{"$f":"IFERROR(VLOOKUP(C4998,参数!$B:$H,4,0),\"\")","v":""},{"$f":"IFERROR(VLOOKUP(C4998,参数!B:H,3,FALSE),\"\")","v":""},"",1]
[4998,{"$nulls":6},{"$f":"IFERROR(VLOOKUP(C4999,参数!$B:$H,2,0),\"\")","v":""},{"$f":"IFERROR(VLOOKUP(C4999,参数!$B:$H,4,0),\"\")","v":""},{"$f":"IFERROR(VLOOKUP(C4999,参数!B:H,3,FALSE),\"\")","v":""},"",1]
[4999,{"$nulls":6},{"$f":"IFERROR(VLOOKUP(C5000,参数!$B:$H,2,0),\"\")","v":""},{"$f":"IFERROR(VLOOKUP(C5000,参数!$B:$H,4,0),\"\")","v":""},{"$f":"IFERROR(VLOOKUP(C5000,参数!B:H,3,FALSE),\"\")","v":""},"",1]
[5000,{"$nulls":6},{"$f":"IFERROR(VLOOKUP(C5001,参数!$B:$H,2,0),\"\")","v":""},{"$f":"IFERROR(VLOOKUP(C5001,参数!$B:$H,4,0),\"\")","v":""},{"$f":"IFERROR(VLOOKUP(C5001,参数!B:H,3,FALSE),\"\")","v":""},"",1]
[5001,{"$nulls":6},{"$f":"IFERROR(VLOOKUP(C5002,参数!$B:$H,2,0),\"\")","v":""},{"$f":"IFERROR(VLOOKUP(C5002,参数!$B:$H,4,0),\"\")","v":""},{"$f":"IFERROR(VLOOKUP(C5002,参数!B:H,3,FALSE),\"\")","v":""},"",1]
[5002,{"$nulls":6},{"$f":"IFERROR(VLOOKUP(C5003,参数!$B:$H,2,0),\"\")","v":""},{"$f":"IFERROR(VLOOKUP(C5003,参数!$B:$H,4,0),\"\")","v":""},{"$f":"IFERROR(VLOOKUP(C5003,参数!B:H,3,FALSE),\"\")","v":""},"",1]
[5003,{"$nulls":6},{"$f":"IFERROR(VLOOKUP(C5004,参数!$B:$H,2,0),\"\")","v":""},{"$f":"IFERROR(VLOOKUP(C5004,参数!$B:$H,4,0),\"\")","v":""},{"$f":"IFERROR(VLOOKUP(C5004,参数!B:H,3,FALSE),\"\")","v":""},"",1]
[5004,{"$nulls":6},{"$f":"IFERROR(VLOOKUP(C5005,参数!$B:$H,2,0),\"\")","v":""},{"$f":"IFERROR(VLOOKUP(C5005,参数!$B:$H,4,0),\"\")","v":""},{"$f":"IFERROR(VLOOKUP(C5005,参数!B:H,3,FALSE),\"\")","v":""},"",1]
[5005,{"$nulls":6},{"$f":"IFERROR(VLOOKUP(C5006,参数!$B:$H,2,0),\"\")","v":""},{"$f":"IFERROR(VLOOKUP(C5006,参数!$B:$H,4,0),\"\")","v":""},{"$f":"IFERROR(VLOOKUP(C5006,参数!B:H,3,FALSE),\"\")","v":""},"",1]
[5006,{"$nulls":6},{"$f":"IFERROR(VLOOKUP(C5007,参数!$B:$H,2,0),\"\")","v":""},{"$f":"IFERROR(VLOOKUP(C5007,参数!$B:$H,4,0),\"\")","v":""},{"$f":"IFERROR(VLOOKUP(C5007,参数!B:H,3,FALSE),\"\")","v":""},"",1]
[5007,{"$nulls":6},{"$f":"IFERROR(VLOOKUP(C5008,参数!$B:$H,2,0),\"\")","v":""},{"$f":"IFERROR(VLOOKUP(C5008,参数!$B:$H,4,0),\"\")","v":""},{"$f":"IFERROR(VLOOKUP(C5008,参数!B:H,3,FALSE),\"\")","v":""},"",1]
[5008,{"$nulls":6},{"$f":"IFERROR(VLOOKUP(C5009,参数!$B:$H,2,0),\"\")","v":""},{"$f":"IFERROR(VLOOKUP(C5009,参数!$B:$H,4,0),\"\")","v":""},{"$f":"IFERROR(VLOOKUP(C5009,参数!B:H,3,FALSE),\"\")","v":""},"",1]
[5009,{"$nulls":6},{"$f":"IFERROR(VLOOKUP(C5010,参数!$B:$H,2,0),\"\")","v":""},{"$f":"IFERROR(VLOOKUP(C5010,参数!$B:$H,4,0),\"\")","v":""},{"$f":"IFERROR(VLOOKUP(C5010,参数!B:H,3,FALSE),\"\")","v":""},"",1]
[5010,{"$nulls":6},{"$f":"IFERROR(VLOOKUP(C5011,参数!$B:$H,2,0),\"\")","v":""},{"$f":"IFERROR(VLOOKUP(C5011,参数!$B:$H,4,0),\"\")","v":""},{"$f":"IFERROR(VLOOKUP(C5011,参数!B:H,3,FALSE),\"\")","v":""},"",1]
[5011,{"$nulls":6},{"$f":"IFERROR(VLOOKUP(C5012,参数!$B:$H,2,0),\"\")","v":""},{"$f":"IFERROR(VLOOKUP(C5012,参数!$B:$H,4,0),\"\")","v":""},{"$f":"IFERROR(VLOOKUP(C5012,参数!B:H,3,FALSE),\"\")","v":""},"",1]
[5012,{"$nulls":6},{"$f":"IFERROR(VLOOKUP(C5013,参数!$B:$H,2,0),\"\")","v":""},{"$f":"IFERROR(VLOOKUP(C5013,参数!$B:$H,4,0),\"\")","v":""},{"$f":"IFERROR(VLOOKUP(C5013,参数!B:H,3,FALSE),\"\")","v":""},"",1]
[5013,{"$nulls":6},{"$f":"IFERROR(VLOOKUP(C5014,参数!$B:$H,2,0),\"\")","v":""},{"$f":"IFERROR(VLOOKUP(C5014,参数!$B:$H,4,0),\"\")","v":""},{"$f":"IFERROR(VLOOKUP(C5014,参数!B:H,3,FALSE),\"\")","v":""},"",1]
[5014,{"$nulls":6},{"$f":"IFERROR(VLOOKUP(C5015,参数!$B:$H,2,0),\"\")","v":""},{"$f":"IFERROR(VLOOKUP(C5015,参数!$B:$H,4,0),\"\")","v":""},{"$f":"IFERROR(VLOOKUP(C5015,参数!B:H,3,FALSE),\"\")","v":""},"",1]
[5015,{"$nulls":6},{"$f":"IFERROR(VLOOKUP(C5016,参数!$B:$H,2,0),\"\")","v":""},{"$f":"IFERROR(VLOOKUP(C5016,参数!$B:$H,4,0),\"\")","v":""},{"$f":"IFERROR(VLOOKUP(C5016,参数!B:H,3,FALSE),\"\")","v":""},"",1]
[5016,{"$nulls":6},{"$f":"IFERROR(VLOOKUP(C5017,参数!$B:$H,2,0),\"\")","v":""},{"$f":"IFERROR(VLOOKUP(C5017,参数!$B:$H,4,0),\"\")","v":""},{"$f":"IFERROR(VLOOKUP(C5017,参数!B:H,3,FALSE),\"\")","v":""},"",1]
[5017,{"$nulls":6},{"$f":"IFERROR(VLOOKUP(C5018,参数!$B:$H,2,0),\"\")","v":""},{"$f":"IFERROR(VLOOKUP(C5018,参数!$B:$H,4,0),\"\")","v":""},{"$f":"IFERROR(VLOOKUP(C5018,参数!B:H,3,FALSE),\"\")","v":""},"",1]
[5018,{"$nulls":6},{"$f":"IFERROR(VLOOKUP(C5019,参数!$B:$H,2,0),\"\")","v":""},{"$f":"IFERROR(VLOOKUP(C5019,参数!$B:$H,4,0),\"\")","v":""},{"$f":"IFERROR(VLOOKUP(C5019,参数!B:H,3,FALSE),\"\")","v":""},"",1]
[5019,{"$nulls":6},{"$f":"IFERROR(VLOOKUP(C5020,参数!$B:$H,2,0),\"\")","v":""},{"$f":"IFERROR(VLOOKUP(C5020,参数!$B:$H,4,0),\"\")","v":""},{"$f":"IFERROR(VLOOKUP(C5020,参数!B:H,3,FALSE),\"\")","v":""},"",1]
[5020,{"$nulls":6},{"$f":"IFERROR(VLOOKUP(C5021,参数!$B:$H,2,0),\"\")","v":""},{"$f":"IFERROR(VLOOKUP(C5021,参数!$B:$H,4,0),\"\")","v":""},{"$f":"IFERROR(VLOOKUP(C5021,参数!B:H,3,FALSE),\"\")","v":""},"",1]
[5021,{"$nulls":6},{"$f":"IFERROR(VLOOKUP(C5022,参数!$B:$H,2,0),\"\")","v":""},{"$f":"IFERROR(VLOOKUP(C5022,参数!$B:$H,4,0),\"\")","v":""},{"$f":"IFERROR(VLOOKUP(C5022,参数!B:H,3,FALSE),\"\")","v":""},"",1]
[5022,{"$nulls":6},{"$f":"IFERROR(VLOOKUP(C5023,参数!$B:$H,2,0),\"\")","v":""},{"$f":"IFERROR(VLOOKUP(C5023,参数!$B:$H,4,0),\"\")","v":""},{"$f":"IFERROR(VLOOKUP(C5023,参数!B:H,3,FALSE),\"\")","v":""},"",1]
[5023,{"$nulls":6},{"$f":"IFERROR(VLOOKUP(C5024,参数!$B:$H,2,0),\"\")","v":""},{"$f":"IFERROR(VLOOKUP(C5024,参数!$B:$H,4,0),\"\")","v":""},{"$f":"IFERROR(VLOOKUP(C5024,参数!B:H,3,FALSE),\"\")","v":""},"",1]
[5024,{"$nulls":6},{"$f":"IFERROR(VLOOKUP(C5025,参数!$B:$H,2,0),\"\")","v":""},{"$f":"IFERROR(VLOOKUP(C5025,参数!$B:$H,4,0),\"\")","v":""},{"$f":"IFERROR(VLOOKUP(C5025,参数!B:H,3,FALSE),\"\")","v":""},"",1]
[5025,{"$nulls":6},{"$f":"IFERROR(VLOOKUP(C5026,参数!$B:$H,2,0),\"\")","v":""},{"$f":"IFERROR(VLOOKUP(C5026,参数!$B:$H,4,0),\"\")","v":""},{"$f":"IFERROR(VLOOKUP(C5026,参数!B:H,3,FALSE),\"\")","v":""},"",1]
[5026,{"$nulls":6},{"$f":"IFERROR(VLOOKUP(C5027,参数!$B:$H,2,0),\"\")","v":""},{"$f":"IFERROR(VLOOKUP(C5027,参数!$B:$H,4,0),\"\")","v":""},{"$f":"IFERROR(VLOOKUP(C5027,参数!B:H,3,FALSE),\"\")","v":""},"",1]
[5027,{"$nulls":6},{"$f":"IFERROR(VLOOKUP(C5028,参数!$B:$H,2,0),\"\")","v":""},{"$f":"IFERROR(VLOOKUP(C5028,参数!$B:$H,4,0),\"\")","v":""},{"$f":"IFERROR(VLOOKUP(C5028,参数!B:H,3,FALSE),\"\")","v":""},"",1]
[5028,{"$nulls":6},{"$f":"IFERROR(VLOOKUP(C5029,参数!$B:$H,2,0),\"\")","v":""},{"$f":"IFERROR(VLOOKUP(C5029,参数!$B:$H,4,0),\"\")","v":""},{"$f":"IFERROR(VLOOKUP(C5029,参数!B:H,3,FALSE),\"\")","v":""},{"$f":"IFERROR(J5029*E5029,\"\")","v":""},1]
[5029,{"$nulls":6},{"$f":"IFERROR(VLOOKUP(C5030,参数!$B:$H,2,0),\"\")","v":""},{"$f":"IFERROR(VLOOKUP(C5030,参数!$B:$H,4,0),\"\")","v":""},{"$f":"IFERROR(VLOOKUP(C5030,参数!B:H,3,FALSE),\"\")","v":""},"",1]
[5030,{"$nulls":6},{"$f":"IFERROR(VLOOKUP(C5031,参数!$B:$H,2,0),\"\")","v":""},{"$f":"IFERROR(VLOOKUP(C5031,参数!$B:$H,4,0),\"\")","v":""},{"$f":"IFERROR(VLOOKUP(C5031,参数!B:H,3,FALSE),\"\")","v":""},"",1]
[5031,{"$nulls":6},{"$f":"IFERROR(VLOOKUP(C5032,参数!$B:$H,2,0),\"\")","v":""},{"$f":"IFERROR(VLOOKUP(C5032,参数!$B:$H,4,0),\"\")","v":""},{"$f":"IFERROR(VLOOKUP(C5032,参数!B:H,3,FALSE),\"\")","v":""},"",1]
[5032,{"$nulls":6},{"$f":"IFERROR(VLOOKUP(C5033,参数!$B:$H,2,0),\"\")","v":""},{"$f":"IFERROR(VLOOKUP(C5033,参数!$B:$H,4,0),\"\")","v":""},{"$f":"IFERROR(VLOOKUP(C5033,参数!B:H,3,FALSE),\"\")","v":""},"",1]
[5033,{"$nulls":6},{"$f":"IFERROR(VLOOKUP(C5034,参数!$B:$H,2,0),\"\")","v":""},{"$f":"IFERROR(VLOOKUP(C5034,参数!$B:$H,4,0),\"\")","v":""},{"$f":"IFERROR(VLOOKUP(C5034,参数!B:H,3,FALSE),\"\")","v":""},"",1]
[5034,{"$nulls":6},{"$f":"IFERROR(VLOOKUP(C5035,参数!$B:$H,2,0),\"\")","v":""},{"$f":"IFERROR(VLOOKUP(C5035,参数!$B:$H,4,0),\"\")","v":""},{"$f":"IFERROR(VLOOKUP(C5035,参数!B:H,3,FALSE),\"\")","v":""},"",1]
[5035,{"$nulls":6},{"$f":"IFERROR(VLOOKUP(C5036,参数!$B:$H,2,0),\"\")","v":""},{"$f":"IFERROR(VLOOKUP(C5036,参数!$B:$H,4,0),\"\")","v":""},{"$f":"IFERROR(VLOOKUP(C5036,参数!B:H,3,FALSE),\"\")","v":""},"",1]
[5036,{"$nulls":6},{"$f":"IFERROR(VLOOKUP(C5037,参数!$B:$H,2,0),\"\")","v":""},{"$f":"IFERROR(VLOOKUP(C5037,参数!$B:$H,4,0),\"\")","v":""},{"$f":"IFERROR(VLOOKUP(C5037,参数!B:H,3,FALSE),\"\")","v":""},"",1]
[5037,{"$nulls":6},{"$f":"IFERROR(VLOOKUP(C5038,参数!$B:$H,2,0),\"\")","v":""},{"$f":"IFERROR(VLOOKUP(C5038,参数!$B:$H,4,0),\"\")","v":""},{"$f":"IFERROR(VLOOKUP(C5038,参数!B:H,3,FALSE),\"\")","v":""},"",1]
[5038,{"$nulls":6},{"$f":"IFERROR(VLOOKUP(C5039,参数!$B:$H,2,0),\"\")","v":""},{"$f":"IFERROR(VLOOKUP(C5039,参数!$B:$H,4,0),\"\")","v":""},{"$f":"IFERROR(VLOOKUP(C5039,参数!B:H,3,FALSE),\"\")","v":""},"",1]
[5039,{"$nulls":6},{"$f":"IFERROR(VLOOKUP(C5040,参数!$B:$H,2,0),\"\")","v":""},{"$f":"IFERROR(VLOOKUP(C5040,参数!$B:$H,4,0),\"\")","v":""},{"$f":"IFERROR(VLOOKUP(C5040,参数!B:H,3,FALSE),\"\")","v":""},"",1]
[5040,{"$nulls":6},{"$f":"IFERROR(VLOOKUP(C5041,参数!$B:$H,2,0),\"\")","v":""},{"$f":"IFERROR(VLOOKUP(C5041,参数!$B:$H,4,0),\"\")","v":""},{"$f":"IFERROR(VLOOKUP(C5041,参数!B:H,3,FALSE),\"\")","v":""},"",1]
[5041,{"$nulls":6},{"$f":"IFERROR(VLOOKUP(C5042,参数!$B:$H,2,0),\"\")","v":""},{"$f":"IFERROR(VLOOKUP(C5042,参数!$B:$H,4,0),\"\")","v":""},{"$f":"IFERROR(VLOOKUP(C5042,参数!B:H,3,FALSE),\"\")","v":""},"",1]
[5042,{"$nulls":6},{"$f":"IFERROR(VLOOKUP(C5043,参数!$B:$H,2,0),\"\")","v":""},{"$f":"IFERROR(VLOOKUP(C5043,参数!$B:$H,4,0),\"\")","v":""},{"$f":"IFERROR(VLOOKUP(C5043,参数!B:H,3,FALSE),\"\")","v":""},"",1]
[5043,{"$nulls":6},{"$f":"IFERROR(VLOOKUP(C5044,参数!$B:$H,2,0),\"\")","v":""},{"$f":"IFERROR(VLOOKUP(C5044,参数!$B:$H,4,0),\"\")","v":""},{"$f":"IFERROR(VLOOKUP(C5044,参数!B:H,3,FALSE),\"\")","v":""},"",1]
[5044,{"$nulls":6},{"$f":"IFERROR(VLOOKUP(C5045,参数!$B:$H,2,0),\"\")","v":""},{"$f":"IFERROR(VLOOKUP(C5045,参数!$B:$H,4,0),\"\")","v":""},{"$f":"IFERROR(VLOOKUP(C5045,参数!B:H,3,FALSE),\"\")","v":""},"",1]
[5045,{"$nulls":6},{"$f":"IFERROR(VLOOKUP(C5046,参数!$B:$H,2,0),\"\")","v":""},{"$f":"IFERROR(VLOOKUP(C5046,参数!$B:$H,4,0),\"\")","v":""},{"$f":"IFERROR(VLOOKUP(C5046,参数!B:H,3,FALSE),\"\")","v":""},"",1]
[5046,{"$nulls":6},{"$f":"IFERROR(VLOOKUP(C5047,参数!$B:$H,2,0),\"\")","v":""},{"$f":"IFERROR(VLOOKUP(C5047,参数!$B:$H,4,0),\"\")","v":""},{"$f":"IFERROR(VLOOKUP(C5047,参数!B:H,3,FALSE),\"\")","v":""},"",1]
[5047,{"$nulls":6},{"$f":"IFERROR(VLOOKUP(C5048,参数!$B:$H,2,0),\"\")","v":""},{"$f":"IFERROR(VLOOKUP(C5048,参数!$B:$H,4,0),\"\")","v":""},{"$f":"IFERROR(VLOOKUP(C5048,参数!B:H,3,FALSE),\"\")","v":""},"",1]
[5048,{"$nulls":6},{"$f":"IFERROR(VLOOKUP(C5049,参数!$B:$H,2,0),\"\")","v":""},{"$f":"IFERROR(VLOOKUP(C5049,参数!$B:$H,4,0),\"\")","v":""},{"$f":"IFERROR(VLOOKUP(C5049,参数!B:H,3,FALSE),\"\")","v":""},"",1]
[5049,{"$nulls":6},{"$f":"IFERROR(VLOOKUP(C5050,参数!$B:$H,2,0),\"\")","v":""},{"$f":"IFERROR(VLOOKUP(C5050,参数!$B:$H,4,0),\"\")","v":""},{"$f":"IFERROR(VLOOKUP(C5050,参数!B:H,3,FALSE),\"\")","v":""},"",1]
[5050,{"$nulls":6},{"$f":"IFERROR(VLOOKUP(C5051,参数!$B:$H,2,0),\"\")","v":""},{"$f":"IFERROR(VLOOKUP(C5051,参数!$B:$H,4,0),\"\")","v":""},{"$f":"IFERROR(VLOOKUP(C5051,参数!B:H,3,FALSE),\"\")","v":""},"",1]
[5051,{"$nulls":6},{"$f":"IFERROR(VLOOKUP(C5052,参数!$B:$H,2,0),\"\")","v":""},{"$f":"IFERROR(VLOOKUP(C5052,参数!$B:$H,4,0),\"\")","v":""},{"$f":"IFERROR(VLOOKUP(C5052,参数!B:H,3,FALSE),\"\")","v":""},"",1]
[5052,{"$nulls":6},{"$f":"IFERROR(VLOOKUP(C5053,参数!$B:$H,2,0),\"\")","v":""},{"$f":"IFERROR(VLOOKUP(C5053,参数!$B:$H,4,0),\"\")","v":""},{"$f":"IFERROR(VLOOKUP(C5053,参数!B:H,3,FALSE),\"\")","v":""},"",1]
[5053,{"$nulls":6},{"$f":"IFERROR(VLOOKUP(C5054,参数!$B:$H,2,0),\"\")","v":""},{"$f":"IFERROR(VLOOKUP(C5054,参数!$B:$H,4,0),\"\")","v":""},{"$f":"IFERROR(VLOOKUP(C5054,参数!B:H,3,FALSE),\"\")","v":""},"",1]
[5054,{"$nulls":6},{"$f":"IFERROR(VLOOKUP(C5055,参数!$B:$H,2,0),\"\")","v":""},{"$f":"IFERROR(VLOOKUP(C5055,参数!$B:$H,4,0),\"\")","v":""},{"$f":"IFERROR(VLOOKUP(C5055,参数!B:H,3,FALSE),\"\")","v":""},"",1]
[5055,{"$nulls":6},{"$f":"IFERROR(VLOOKUP(C5056,参数!$B:$H,2,0),\"\")","v":""},{"$f":"IFERROR(VLOOKUP(C5056,参数!$B:$H,4,0),\"\")","v":""},{"$f":"IFERROR(VLOOKUP(C5056,参数!B:H,3,FALSE),\"\")","v":""},"",1]
[5056,{"$nulls":6},{"$f":"IFERROR(VLOOKUP(C5057,参数!$B:$H,2,0),\"\")","v":""},{"$f":"IFERROR(VLOOKUP(C5057,参数!$B:$H,4,0),\"\")","v":""},{"$f":"IFERROR(VLOOKUP(C5057,参数!B:H,3,FALSE),\"\")","v":""},"",1]
[5057,{"$nulls":6},{"$f":"IFERROR(VLOOKUP(C5058,参数!$B:$H,2,0),\"\")","v":""},{"$f":"IFERROR(VLOOKUP(C5058,参数!$B:$H,4,0),\"\")","v":""},{"$f":"IFERROR(VLOOKUP(C5058,参数!B:H,3,FALSE),\"\")","v":""},"",{"$f":"VALUE(MONTH(B5058))","v":1}]
[5058,{"$nulls":6},{"$f":"IFERROR(VLOOKUP(C5059,参数!$B:$H,2,0),\"\")","v":""},{"$f":"IFERROR(VLOOKUP(C5059,参数!$B:$H,4,0),\"\")","v":""},{"$f":"IFERROR(VLOOKUP(C5059,参数!B:H,3,FALSE),\"\")","v":""},"",1]
[5059,{"$nulls":6},{"$f":"IFERROR(VLOOKUP(C5060,参数!$B:$H,2,0),\"\")","v":""},{"$f":"IFERROR(VLOOKUP(C5060,参数!$B:$H,4,0),\"\")","v":""},{"$f":"IFERROR(VLOOKUP(C5060,参数!B:H,3,FALSE),\"\")","v":""},"",1]
[5060,{"$nulls":6},{"$f":"IFERROR(VLOOKUP(C5061,参数!$B:$H,2,0),\"\")","v":""},{"$f":"IFERROR(VLOOKUP(C5061,参数!$B:$H,4,0),\"\")","v":""},{"$f":"IFERROR(VLOOKUP(C5061,参数!B:H,3,FALSE),\"\")","v":""},"",1]
[5061,{"$nulls":6},{"$f":"IFERROR(VLOOKUP(C5062,参数!$B:$H,2,0),\"\")","v":""},{"$f":"IFERROR(VLOOKUP(C5062,参数!$B:$H,4,0),\"\")","v":""},{"$f":"IFERROR(VLOOKUP(C5062,参数!B:H,3,FALSE),\"\")","v":""},"",1]
[5062,{"$nulls":6},{"$f":"IFERROR(VLOOKUP(C5063,参数!$B:$H,2,0),\"\")","v":""},{"$f":"IFERROR(VLOOKUP(C5063,参数!$B:$H,4,0),\"\")","v":""},{"$f":"IFERROR(VLOOKUP(C5063,参数!B:H,3,FALSE),\"\")","v":""},"",1]
[5063,{"$nulls":6},{"$f":"IFERROR(VLOOKUP(C5064,参数!$B:$H,2,0),\"\")","v":""},{"$f":"IFERROR(VLOOKUP(C5064,参数!$B:$H,4,0),\"\")","v":""},{"$f":"IFERROR(VLOOKUP(C5064,参数!B:H,3,FALSE),\"\")","v":""},"",1]
[5064,{"$nulls":6},{"$f":"IFERROR(VLOOKUP(C5065,参数!$B:$H,2,0),\"\")","v":""},{"$f":"IFERROR(VLOOKUP(C5065,参数!$B:$H,4,0),\"\")","v":""},{"$f":"IFERROR(VLOOKUP(C5065,参数!B:H,3,FALSE),\"\")","v":""},"",1]
[5065,{"$nulls":6},{"$f":"IFERROR(VLOOKUP(C5066,参数!$B:$H,2,0),\"\")","v":""},{"$f":"IFERROR(VLOOKUP(C5066,参数!$B:$H,4,0),\"\")","v":""},{"$f":"IFERROR(VLOOKUP(C5066,参数!B:H,3,FALSE),\"\")","v":""},"",1]
[5066,{"$nulls":6},{"$f":"IFERROR(VLOOKUP(C5067,参数!$B:$H,2,0),\"\")","v":""},{"$f":"IFERROR(VLOOKUP(C5067,参数!$B:$H,4,0),\"\")","v":""},{"$f":"IFERROR(VLOOKUP(C5067,参数!B:H,3,FALSE),\"\")","v":""},"",1]
[5067,{"$nulls":6},{"$f":"IFERROR(VLOOKUP(C5068,参数!$B:$H,2,0),\"\")","v":""},{"$f":"IFERROR(VLOOKUP(C5068,参数!$B:$H,4,0),\"\")","v":""},{"$f":"IFERROR(VLOOKUP(C5068,参数!B:H,3,FALSE),\"\")","v":""},"",1]
[5068,{"$nulls":6},{"$f":"IFERROR(VLOOKUP(C5069,参数!$B:$H,2,0),\"\")","v":""},{"$f":"IFERROR(VLOOKUP(C5069,参数!$B:$H,4,0),\"\")","v":""},{"$f":"IFERROR(VLOOKUP(C5069,参数!B:H,3,FALSE),\"\")","v":""},"",1]
[5069,{"$nulls":6},{"$f":"IFERROR(VLOOKUP(C5070,参数!$B:$H,2,0),\"\")","v":""},{"$f":"IFERROR(VLOOKUP(C5070,参数!$B:$H,4,0),\"\")","v":""},{"$f":"IFERROR(VLOOKUP(C5070,参数!B:H,3,FALSE),\"\")","v":""},"",1]
[5070,{"$nulls":6},{"$f":"IFERROR(VLOOKUP(C5071,参数!$B:$H,2,0),\"\")","v":""},{"$f":"IFERROR(VLOOKUP(C5071,参数!$B:$H,4,0),\"\")","v":""},{"$f":"IFERROR(VLOOKUP(C5071,参数!B:H,3,FALSE),\"\")","v":""},"",1]
[5071,{"$nulls":6},{"$f":"IFERROR(VLOOKUP(C5072,参数!$B:$H,2,0),\"\")","v":""},{"$f":"IFERROR(VLOOKUP(C5072,参数!$B:$H,4,0),\"\")","v":""},{"$f":"IFERROR(VLOOKUP(C5072,参数!B:H,3,FALSE),\"\")","v":""},"",1]
[5072,{"$nulls":6},{"$f":"IFERROR(VLOOKUP(C5073,参数!$B:$H,2,0),\"\")","v":""},{"$f":"IFERROR(VLOOKUP(C5073,参数!$B:$H,4,0),\"\")","v":""},{"$f":"IFERROR(VLOOKUP(C5073,参数!B:H,3,FALSE),\"\")","v":""},"",1]
[5073,{"$nulls":6},{"$f":"IFERROR(VLOOKUP(C5074,参数!$B:$H,2,0),\"\")","v":""},{"$f":"IFERROR(VLOOKUP(C5074,参数!$B:$H,4,0),\"\")","v":""},{"$f":"IFERROR(VLOOKUP(C5074,参数!B:H,3,FALSE),\"\")","v":""},"",1]
[5074,{"$nulls":6},{"$f":"IFERROR(VLOOKUP(C5075,参数!$B:$H,2,0),\"\")","v":""},{"$f":"IFERROR(VLOOKUP(C5075,参数!$B:$H,4,0),\"\")","v":""},{"$f":"IFERROR(VLOOKUP(C5075,参数!B:H,3,FALSE),\"\")","v":""},"",1]
[5075,{"$nulls":6},{"$f":"IFERROR(VLOOKUP(C5076,参数!$B:$H,2,0),\"\")","v":""},{"$f":"IFERROR(VLOOKUP(C5076,参数!$B:$H,4,0),\"\")","v":""},{"$f":"IFERROR(VLOOKUP(C5076,参数!B:H,3,FALSE),\"\")","v":""},"",1]
[5076,{"$nulls":6},{"$f":"IFERROR(VLOOKUP(C5077,参数!$B:$H,2,0),\"\")","v":""},{"$f":"IFERROR(VLOOKUP(C5077,参数!$B:$H,4,0),\"\")","v":""},{"$f":"IFERROR(VLOOKUP(C5077,参数!B:H,3,FALSE),\"\")","v":""},"",1]
[5077,{"$nulls":6},{"$f":"IFERROR(VLOOKUP(C5078,参数!$B:$H,2,0),\"\")","v":""},{"$f":"IFERROR(VLOOKUP(C5078,参数!$B:$H,4,0),\"\")","v":""},{"$f":"IFERROR(VLOOKUP(C5078,参数!B:H,3,FALSE),\"\")","v":""},"",1]
[5078,{"$nulls":6},{"$f":"IFERROR(VLOOKUP(C5079,参数!$B:$H,2,0),\"\")","v":""},{"$f":"IFERROR(VLOOKUP(C5079,参数!$B:$H,4,0),\"\")","v":""},{"$f":"IFERROR(VLOOKUP(C5079,参数!B:H,3,FALSE),\"\")","v":""},"",1]
[5079,{"$nulls":6},{"$f":"IFERROR(VLOOKUP(C5080,参数!$B:$H,2,0),\"\")","v":""},{"$f":"IFERROR(VLOOKUP(C5080,参数!$B:$H,4,0),\"\")","v":""},{"$f":"IFERROR(VLOOKUP(C5080,参数!B:H,3,FALSE),\"\")","v":""},"",1]
[5080,{"$nulls":6},{"$f":"IFERROR(VLOOKUP(C5081,参数!$B:$H,2,0),\"\")","v":""},{"$f":"IFERROR(VLOOKUP(C5081,参数!$B:$H,4,0),\"\")","v":""},{"$f":"IFERROR(VLOOKUP(C5081,参数!B:H,3,FALSE),\"\")","v":""},"",1]
[5081,{"$nulls":6},{"$f":"IFERROR(VLOOKUP(C5082,参数!$B:$H,2,0),\"\")","v":""},{"$f":"IFERROR(VLOOKUP(C5082,参数!$B:$H,4,0),\"\")","v":""},{"$f":"IFERROR(VLOOKUP(C5082,参数!B:H,3,FALSE),\"\")","v":""},"",1]
[5082,{"$nulls":6},{"$f":"IFERROR(VLOOKUP(C5083,参数!$B:$H,2,0),\"\")","v":""},{"$f":"IFERROR(VLOOKUP(C5083,参数!$B:$H,4,0),\"\")","v":""},{"$f":"IFERROR(VLOOKUP(C5083,参数!B:H,3,FALSE),\"\")","v":""},"",1]
[5083,{"$nulls":6},{"$f":"IFERROR(VLOOKUP(C5084,参数!$B:$H,2,0),\"\")","v":""},{"$f":"IFERROR(VLOOKUP(C5084,参数!$B:$H,4,0),\"\")","v":""},{"$f":"IFERROR(VLOOKUP(C5084,参数!B:H,3,FALSE),\"\")","v":""},"",1]
[5084,{"$nulls":6},{"$f":"IFERROR(VLOOKUP(C5085,参数!$B:$H,2,0),\"\")","v":""},{"$f":"IFERROR(VLOOKUP(C5085,参数!$B:$H,4,0),\"\")","v":""},{"$f":"IFERROR(VLOOKUP(C5085,参数!B:H,3,FALSE),\"\")","v":""},"",1]
[5085,{"$nulls":6},{"$f":"IFERROR(VLOOKUP(C5086,参数!$B:$H,2,0),\"\")","v":""},{"$f":"IFERROR(VLOOKUP(C5086,参数!$B:$H,4,0),\"\")","v":""},{"$f":"IFERROR(VLOOKUP(C5086,参数!B:H,3,FALSE),\"\")","v":""},"",1]
[5086,{"$nulls":6},{"$f":"IFERROR(VLOOKUP(C5087,参数!$B:$H,2,0),\"\")","v":""},{"$f":"IFERROR(VLOOKUP(C5087,参数!$B:$H,4,0),\"\")","v":""},{"$f":"IFERROR(VLOOKUP(C5087,参数!B:H,3,FALSE),\"\")","v":""},"",1]
[5087,{"$nulls":6},{"$f":"IFERROR(VLOOKUP(C5088,参数!$B:$H,2,0),\"\")","v":""},{"$f":"IFERROR(VLOOKUP(C5088,参数!$B:$H,4,0),\"\")","v":""},{"$f":"IFERROR(VLOOKUP(C5088,参数!B:H,3,FALSE),\"\")","v":""},"",1]
[5088,{"$nulls":6},{"$f":"IFERROR(VLOOKUP(C5089,参数!$B:$H,2,0),\"\")","v":""},{"$f":"IFERROR(VLOOKUP(C5089,参数!$B:$H,4,0),\"\")","v":""},{"$f":"IFERROR(VLOOKUP(C5089,参数!B:H,3,FALSE),\"\")","v":""},"",1]
[5089,{"$nulls":6},{"$f":"IFERROR(VLOOKUP(C5090,参数!$B:$H,2,0),\"\")","v":""},{"$f":"IFERROR(VLOOKUP(C5090,参数!$B:$H,4,0),\"\")","v":""},{"$f":"IFERROR(VLOOKUP(C5090,参数!B:H,3,FALSE),\"\")","v":""},"",1]
[5090,{"$nulls":6},{"$f":"IFERROR(VLOOKUP(C5091,参数!$B:$H,2,0),\"\")","v":""},{"$f":"IFERROR(VLOOKUP(C5091,参数!$B:$H,4,0),\"\")","v":""},{"$f":"IFERROR(VLOOKUP(C5091,参数!B:H,3,FALSE),\"\")","v":""},"",1]
[5091,{"$nulls":6},{"$f":"IFERROR(VLOOKUP(C5092,参数!$B:$H,2,0),\"\")","v":""},{"$f":"IFERROR(VLOOKUP(C5092,参数!$B:$H,4,0),\"\")","v":""},{"$f":"IFERROR(VLOOKUP(C5092,参数!B:H,3,FALSE),\"\")","v":""},"",1]
[5092,{"$nulls":6},{"$f":"IFERROR(VLOOKUP(C5093,参数!$B:$H,2,0),\"\")","v":""},{"$f":"IFERROR(VLOOKUP(C5093,参数!$B:$H,4,0),\"\")","v":""},{"$f":"IFERROR(VLOOKUP(C5093,参数!B:H,3,FALSE),\"\")","v":""},{"$f":"IFERROR(J5093*E5093,\"\")","v":""},1]
[5093,{"$nulls":6},{"$f":"IFERROR(VLOOKUP(C5094,参数!$B:$H,2,0),\"\")","v":""},{"$f":"IFERROR(VLOOKUP(C5094,参数!$B:$H,4,0),\"\")","v":""},{"$f":"IFERROR(VLOOKUP(C5094,参数!B:H,3,FALSE),\"\")","v":""},"",1]
[5094,{"$nulls":6},{"$f":"IFERROR(VLOOKUP(C5095,参数!$B:$H,2,0),\"\")","v":""},{"$f":"IFERROR(VLOOKUP(C5095,参数!$B:$H,4,0),\"\")","v":""},{"$f":"IFERROR(VLOOKUP(C5095,参数!B:H,3,FALSE),\"\")","v":""},"",1]
[5095,{"$nulls":6},{"$f":"IFERROR(VLOOKUP(C5096,参数!$B:$H,2,0),\"\")","v":""},{"$f":"IFERROR(VLOOKUP(C5096,参数!$B:$H,4,0),\"\")","v":""},{"$f":"IFERROR(VLOOKUP(C5096,参数!B:H,3,FALSE),\"\")","v":""},"",1]
[5096,{"$nulls":6},{"$f":"IFERROR(VLOOKUP(C5097,参数!$B:$H,2,0),\"\")","v":""},{"$f":"IFERROR(VLOOKUP(C5097,参数!$B:$H,4,0),\"\")","v":""},{"$f":"IFERROR(VLOOKUP(C5097,参数!B:H,3,FALSE),\"\")","v":""},"",1]
[5097,{"$nulls":6},{"$f":"IFERROR(VLOOKUP(C5098,参数!$B:$H,2,0),\"\")","v":""},{"$f":"IFERROR(VLOOKUP(C5098,参数!$B:$H,4,0),\"\")","v":""},{"$f":"IFERROR(VLOOKUP(C5098,参数!B:H,3,FALSE),\"\")","v":""},"",1]
[5098,{"$nulls":6},{"$f":"IFERROR(VLOOKUP(C5099,参数!$B:$H,2,0),\"\")","v":""},{"$f":"IFERROR(VLOOKUP(C5099,参数!$B:$H,4,0),\"\")","v":""},{"$f":"IFERROR(VLOOKUP(C5099,参数!B:H,3,FALSE),\"\")","v":""},"",1]
[5099,{"$nulls":6},{"$f":"IFERROR(VLOOKUP(C5100,参数!$B:$H,2,0),\"\")","v":""},{"$f":"IFERROR(VLOOKUP(C5100,参数!$B:$H,4,0),\"\")","v":""},{"$f":"IFERROR(VLOOKUP(C5100,参数!B:H,3,FALSE),\"\")","v":""},"",1]
[5100,{"$nulls":6},{"$f":"IFERROR(VLOOKUP(C5101,参数!$B:$H,2,0),\"\")","v":""},{"$f":"IFERROR(VLOOKUP(C5101,参数!$B:$H,4,0),\"\")","v":""},{"$f":"IFERROR(VLOOKUP(C5101,参数!B:H,3,FALSE),\"\")","v":""},"",1]
[5101,{"$nulls":6},{"$f":"IFERROR(VLOOKUP(C5102,参数!$B:$H,2,0),\"\")","v":""},{"$f":"IFERROR(VLOOKUP(C5102,参数!$B:$H,4,0),\"\")","v":""},{"$f":"IFERROR(VLOOKUP(C5102,参数!B:H,3,FALSE),\"\")","v":""},"",1]
[5102,{"$nulls":6},{"$f":"IFERROR(VLOOKUP(C5103,参数!$B:$H,2,0),\"\")","v":""},{"$f":"IFERROR(VLOOKUP(C5103,参数!$B:$H,4,0),\"\")","v":""},{"$f":"IFERROR(VLOOKUP(C5103,参数!B:H,3,FALSE),\"\")","v":""},"",1]
[5103,{"$nulls":6},{"$f":"IFERROR(VLOOKUP(C5104,参数!$B:$H,2,0),\"\")","v":""},{"$f":"IFERROR(VLOOKUP(C5104,参数!$B:$H,4,0),\"\")","v":""},{"$f":"IFERROR(VLOOKUP(C5104,参数!B:H,3,FALSE),\"\")","v":""},"",1]
[5104,{"$nulls":6},{"$f":"IFERROR(VLOOKUP(C5105,参数!$B:$H,2,0),\"\")","v":""},{"$f":"IFERROR(VLOOKUP(C5105,参数!$B:$H,4,0),\"\")","v":""},{"$f":"IFERROR(VLOOKUP(C5105,参数!B:H,3,FALSE),\"\")","v":""},"",1]
[5105,{"$nulls":6},{"$f":"IFERROR(VLOOKUP(C5106,参数!$B:$H,2,0),\"\")","v":""},{"$f":"IFERROR(VLOOKUP(C5106,参数!$B:$H,4,0),\"\")","v":""},{"$f":"IFERROR(VLOOKUP(C5106,参数!B:H,3,FALSE),\"\")","v":""},"",1]
[5106,{"$nulls":6},{"$f":"IFERROR(VLOOKUP(C5107,参数!$B:$H,2,0),\"\")","v":""},{"$f":"IFERROR(VLOOKUP(C5107,参数!$B:$H,4,0),\"\")","v":""},{"$f":"IFERROR(VLOOKUP(C5107,参数!B:H,3,FALSE),\"\")","v":""},"",1]
[5107,{"$nulls":6},{"$f":"IFERROR(VLOOKUP(C5108,参数!$B:$H,2,0),\"\")","v":""},{"$f":"IFERROR(VLOOKUP(C5108,参数!$B:$H,4,0),\"\")","v":""},{"$f":"IFERROR(VLOOKUP(C5108,参数!B:H,3,FALSE),\"\")","v":""},"",1]
[5108,{"$nulls":6},{"$f":"IFERROR(VLOOKUP(C5109,参数!$B:$H,2,0),\"\")","v":""},{"$f":"IFERROR(VLOOKUP(C5109,参数!$B:$H,4,0),\"\")","v":""},{"$f":"IFERROR(VLOOKUP(C5109,参数!B:H,3,FALSE),\"\")","v":""},"",1]
[5109,{"$nulls":6},{"$f":"IFERROR(VLOOKUP(C5110,参数!$B:$H,2,0),\"\")","v":""},{"$f":"IFERROR(VLOOKUP(C5110,参数!$B:$H,4,0),\"\")","v":""},{"$f":"IFERROR(VLOOKUP(C5110,参数!B:H,3,FALSE),\"\")","v":""},"",1]
[5110,{"$nulls":6},{"$f":"IFERROR(VLOOKUP(C5111,参数!$B:$H,2,0),\"\")","v":""},{"$f":"IFERROR(VLOOKUP(C5111,参数!$B:$H,4,0),\"\")","v":""},{"$f":"IFERROR(VLOOKUP(C5111,参数!B:H,3,FALSE),\"\")","v":""},"",1]
[5111,{"$nulls":6},{"$f":"IFERROR(VLOOKUP(C5112,参数!$B:$H,2,0),\"\")","v":""},{"$f":"IFERROR(VLOOKUP(C5112,参数!$B:$H,4,0),\"\")","v":""},{"$f":"IFERROR(VLOOKUP(C5112,参数!B:H,3,FALSE),\"\")","v":""},"",1]
[5112,{"$nulls":6},{"$f":"IFERROR(VLOOKUP(C5113,参数!$B:$H,2,0),\"\")","v":""},{"$f":"IFERROR(VLOOKUP(C5113,参数!$B:$H,4,0),\"\")","v":""},{"$f":"IFERROR(VLOOKUP(C5113,参数!B:H,3,FALSE),\"\")","v":""},"",1]
[5113,{"$nulls":6},{"$f":"IFERROR(VLOOKUP(C5114,参数!$B:$H,2,0),\"\")","v":""},{"$f":"IFERROR(VLOOKUP(C5114,参数!$B:$H,4,0),\"\")","v":""},{"$f":"IFERROR(VLOOKUP(C5114,参数!B:H,3,FALSE),\"\")","v":""},"",1]
[5114,{"$nulls":6},{"$f":"IFERROR(VLOOKUP(C5115,参数!$B:$H,2,0),\"\")","v":""},{"$f":"IFERROR(VLOOKUP(C5115,参数!$B:$H,4,0),\"\")","v":""},{"$f":"IFERROR(VLOOKUP(C5115,参数!B:H,3,FALSE),\"\")","v":""},"",1]
[5115,{"$nulls":6},{"$f":"IFERROR(VLOOKUP(C5116,参数!$B:$H,2,0),\"\")","v":""},{"$f":"IFERROR(VLOOKUP(C5116,参数!$B:$H,4,0),\"\")","v":""},{"$f":"IFERROR(VLOOKUP(C5116,参数!B:H,3,FALSE),\"\")","v":""},"",1]
[5116,{"$nulls":6},{"$f":"IFERROR(VLOOKUP(C5117,参数!$B:$H,2,0),\"\")","v":""},{"$f":"IFERROR(VLOOKUP(C5117,参数!$B:$H,4,0),\"\")","v":""},{"$f":"IFERROR(VLOOKUP(C5117,参数!B:H,3,FALSE),\"\")","v":""},"",1]
[5117,{"$nulls":6},{"$f":"IFERROR(VLOOKUP(C5118,参数!$B:$H,2,0),\"\")","v":""},{"$f":"IFERROR(VLOOKUP(C5118,参数!$B:$H,4,0),\"\")","v":""},{"$f":"IFERROR(VLOOKUP(C5118,参数!B:H,3,FALSE),\"\")","v":""},"",1]
[5118,{"$nulls":6},{"$f":"IFERROR(VLOOKUP(C5119,参数!$B:$H,2,0),\"\")","v":""},{"$f":"IFERROR(VLOOKUP(C5119,参数!$B:$H,4,0),\"\")","v":""},{"$f":"IFERROR(VLOOKUP(C5119,参数!B:H,3,FALSE),\"\")","v":""},"",1]
[5119,{"$nulls":6},{"$f":"IFERROR(VLOOKUP(C5120,参数!$B:$H,2,0),\"\")","v":""},{"$f":"IFERROR(VLOOKUP(C5120,参数!$B:$H,4,0),\"\")","v":""},{"$f":"IFERROR(VLOOKUP(C5120,参数!B:H,3,FALSE),\"\")","v":""},"",1]
[5120,{"$nulls":6},{"$f":"IFERROR(VLOOKUP(C5121,参数!$B:$H,2,0),\"\")","v":""},{"$f":"IFERROR(VLOOKUP(C5121,参数!$B:$H,4,0),\"\")","v":""},{"$f":"IFERROR(VLOOKUP(C5121,参数!B:H,3,FALSE),\"\")","v":""},"",1]
[5121,{"$nulls":6},{"$f":"IFERROR(VLOOKUP(C5122,参数!$B:$H,2,0),\"\")","v":""},{"$f":"IFERROR(VLOOKUP(C5122,参数!$B:$H,4,0),\"\")","v":""},{"$f":"IFERROR(VLOOKUP(C5122,参数!B:H,3,FALSE),\"\")","v":""},"",{"$f":"VALUE(MONTH(B5122))","v":1}]
[5122,{"$nulls":6},{"$f":"IFERROR(VLOOKUP(C5123,参数!$B:$H,2,0),\"\")","v":""},{"$f":"IFERROR(VLOOKUP(C5123,参数!$B:$H,4,0),\"\")","v":""},{"$f":"IFERROR(VLOOKUP(C5123,参数!B:H,3,FALSE),\"\")","v":""},"",1]
[5123,{"$nulls":6},{"$f":"IFERROR(VLOOKUP(C5124,参数!$B:$H,2,0),\"\")","v":""},{"$f":"IFERROR(VLOOKUP(C5124,参数!$B:$H,4,0),\"\")","v":""},{"$f":"IFERROR(VLOOKUP(C5124,参数!B:H,3,FALSE),\"\")","v":""},"",1]
[5124,{"$nulls":6},{"$f":"IFERROR(VLOOKUP(C5125,参数!$B:$H,2,0),\"\")","v":""},{"$f":"IFERROR(VLOOKUP(C5125,参数!$B:$H,4,0),\"\")","v":""},{"$f":"IFERROR(VLOOKUP(C5125,参数!B:H,3,FALSE),\"\")","v":""},"",1]
[5125,{"$nulls":6},{"$f":"IFERROR(VLOOKUP(C5126,参数!$B:$H,2,0),\"\")","v":""},{"$f":"IFERROR(VLOOKUP(C5126,参数!$B:$H,4,0),\"\")","v":""},{"$f":"IFERROR(VLOOKUP(C5126,参数!B:H,3,FALSE),\"\")","v":""},"",1]
[5126,{"$nulls":6},{"$f":"IFERROR(VLOOKUP(C5127,参数!$B:$H,2,0),\"\")","v":""},{"$f":"IFERROR(VLOOKUP(C5127,参数!$B:$H,4,0),\"\")","v":""},{"$f":"IFERROR(VLOOKUP(C5127,参数!B:H,3,FALSE),\"\")","v":""},"",1]
[5127,{"$nulls":6},{"$f":"IFERROR(VLOOKUP(C5128,参数!$B:$H,2,0),\"\")","v":""},{"$f":"IFERROR(VLOOKUP(C5128,参数!$B:$H,4,0),\"\")","v":""},{"$f":"IFERROR(VLOOKUP(C5128,参数!B:H,3,FALSE),\"\")","v":""},"",1]
[5128,{"$nulls":6},{"$f":"IFERROR(VLOOKUP(C5129,参数!$B:$H,2,0),\"\")","v":""},{"$f":"IFERROR(VLOOKUP(C5129,参数!$B:$H,4,0),\"\")","v":""},{"$f":"IFERROR(VLOOKUP(C5129,参数!B:H,3,FALSE),\"\")","v":""},"",1]
[5129,{"$nulls":6},{"$f":"IFERROR(VLOOKUP(C5130,参数!$B:$H,2,0),\"\")","v":""},{"$f":"IFERROR(VLOOKUP(C5130,参数!$B:$H,4,0),\"\")","v":""},{"$f":"IFERROR(VLOOKUP(C5130,参数!B:H,3,FALSE),\"\")","v":""},"",1]
[5130,{"$nulls":6},{"$f":"IFERROR(VLOOKUP(C5131,参数!$B:$H,2,0),\"\")","v":""},{"$f":"IFERROR(VLOOKUP(C5131,参数!$B:$H,4,0),\"\")","v":""},{"$f":"IFERROR(VLOOKUP(C5131,参数!B:H,3,FALSE),\"\")","v":""},"",1]
[5131,{"$nulls":6},{"$f":"IFERROR(VLOOKUP(C5132,参数!$B:$H,2,0),\"\")","v":""},{"$f":"IFERROR(VLOOKUP(C5132,参数!$B:$H,4,0),\"\")","v":""},{"$f":"IFERROR(VLOOKUP(C5132,参数!B:H,3,FALSE),\"\")","v":""},"",1]
[5132,{"$nulls":6},{"$f":"IFERROR(VLOOKUP(C5133,参数!$B:$H,2,0),\"\")","v":""},{"$f":"IFERROR(VLOOKUP(C5133,参数!$B:$H,4,0),\"\")","v":""},{"$f":"IFERROR(VLOOKUP(C5133,参数!B:H,3,FALSE),\"\")","v":""},"",1]
[5133,{"$nulls":6},{"$f":"IFERROR(VLOOKUP(C5134,参数!$B:$H,2,0),\"\")","v":""},{"$f":"IFERROR(VLOOKUP(C5134,参数!$B:$H,4,0),\"\")","v":""},{"$f":"IFERROR(VLOOKUP(C5134,参数!B:H,3,FALSE),\"\")","v":""},"",1]
[5134,{"$nulls":6},{"$f":"IFERROR(VLOOKUP(C5135,参数!$B:$H,2,0),\"\")","v":""},{"$f":"IFERROR(VLOOKUP(C5135,参数!$B:$H,4,0),\"\")","v":""},{"$f":"IFERROR(VLOOKUP(C5135,参数!B:H,3,FALSE),\"\")","v":""},"",1]
[5135,{"$nulls":6},{"$f":"IFERROR(VLOOKUP(C5136,参数!$B:$H,2,0),\"\")","v":""},{"$f":"IFERROR(VLOOKUP(C5136,参数!$B:$H,4,0),\"\")","v":""},{"$f":"IFERROR(VLOOKUP(C5136,参数!B:H,3,FALSE),\"\")","v":""},"",1]
[5136,{"$nulls":6},{"$f":"IFERROR(VLOOKUP(C5137,参数!$B:$H,2,0),\"\")","v":""},{"$f":"IFERROR(VLOOKUP(C5137,参数!$B:$H,4,0),\"\")","v":""},{"$f":"IFERROR(VLOOKUP(C5137,参数!B:H,3,FALSE),\"\")","v":""},"",1]
[5137,{"$nulls":6},{"$f":"IFERROR(VLOOKUP(C5138,参数!$B:$H,2,0),\"\")","v":""},{"$f":"IFERROR(VLOOKUP(C5138,参数!$B:$H,4,0),\"\")","v":""},{"$f":"IFERROR(VLOOKUP(C5138,参数!B:H,3,FALSE),\"\")","v":""},"",1]
[5138,{"$nulls":6},{"$f":"IFERROR(VLOOKUP(C5139,参数!$B:$H,2,0),\"\")","v":""},{"$f":"IFERROR(VLOOKUP(C5139,参数!$B:$H,4,0),\"\")","v":""},{"$f":"IFERROR(VLOOKUP(C5139,参数!B:H,3,FALSE),\"\")","v":""},"",1]
[5139,{"$nulls":6},{"$f":"IFERROR(VLOOKUP(C5140,参数!$B:$H,2,0),\"\")","v":""},{"$f":"IFERROR(VLOOKUP(C5140,参数!$B:$H,4,0),\"\")","v":""},{"$f":"IFERROR(VLOOKUP(C5140,参数!B:H,3,FALSE),\"\")","v":""},"",1]
[5140,{"$nulls":6},{"$f":"IFERROR(VLOOKUP(C5141,参数!$B:$H,2,0),\"\")","v":""},{"$f":"IFERROR(VLOOKUP(C5141,参数!$B:$H,4,0),\"\")","v":""},{"$f":"IFERROR(VLOOKUP(C5141,参数!B:H,3,FALSE),\"\")","v":""},"",1]
[5141,{"$nulls":6},{"$f":"IFERROR(VLOOKUP(C5142,参数!$B:$H,2,0),\"\")","v":""},{"$f":"IFERROR(VLOOKUP(C5142,参数!$B:$H,4,0),\"\")","v":""},{"$f":"IFERROR(VLOOKUP(C5142,参数!B:H,3,FALSE),\"\")","v":""},"",1]
[5142,{"$nulls":6},{"$f":"IFERROR(VLOOKUP(C5143,参数!$B:$H,2,0),\"\")","v":""},{"$f":"IFERROR(VLOOKUP(C5143,参数!$B:$H,4,0),\"\")","v":""},{"$f":"IFERROR(VLOOKUP(C5143,参数!B:H,3,FALSE),\"\")","v":""},"",1]
[5143,{"$nulls":6},{"$f":"IFERROR(VLOOKUP(C5144,参数!$B:$H,2,0),\"\")","v":""},{"$f":"IFERROR(VLOOKUP(C5144,参数!$B:$H,4,0),\"\")","v":""},{"$f":"IFERROR(VLOOKUP(C5144,参数!B:H,3,FALSE),\"\")","v":""},"",1]
[5144,{"$nulls":6},{"$f":"IFERROR(VLOOKUP(C5145,参数!$B:$H,2,0),\"\")","v":""},{"$f":"IFERROR(VLOOKUP(C5145,参数!$B:$H,4,0),\"\")","v":""},{"$f":"IFERROR(VLOOKUP(C5145,参数!B:H,3,FALSE),\"\")","v":""},"",1]
[5145,{"$nulls":6},{"$f":"IFERROR(VLOOKUP(C5146,参数!$B:$H,2,0),\"\")","v":""},{"$f":"IFERROR(VLOOKUP(C5146,参数!$B:$H,4,0),\"\")","v":""},{"$f":"IFERROR(VLOOKUP(C5146,参数!B:H,3,FALSE),\"\")","v":""},"",1]
[5146,{"$nulls":6},{"$f":"IFERROR(VLOOKUP(C5147,参数!$B:$H,2,0),\"\")","v":""},{"$f":"IFERROR(VLOOKUP(C5147,参数!$B:$H,4,0),\"\")","v":""},{"$f":"IFERROR(VLOOKUP(C5147,参数!B:H,3,FALSE),\"\")","v":""},"",1]
[5147,{"$nulls":6},{"$f":"IFERROR(VLOOKUP(C5148,参数!$B:$H,2,0),\"\")","v":""},{"$f":"IFERROR(VLOOKUP(C5148,参数!$B:$H,4,0),\"\")","v":""},{"$f":"IFERROR(VLOOKUP(C5148,参数!B:H,3,FALSE),\"\")","v":""},"",1]
[5148,{"$nulls":6},{"$f":"IFERROR(VLOOKUP(C5149,参数!$B:$H,2,0),\"\")","v":""},{"$f":"IFERROR(VLOOKUP(C5149,参数!$B:$H,4,0),\"\")","v":""},{"$f":"IFERROR(VLOOKUP(C5149,参数!B:H,3,FALSE),\"\")","v":""},"",1]
[5149,{"$nulls":6},{"$f":"IFERROR(VLOOKUP(C5150,参数!$B:$H,2,0),\"\")","v":""},{"$f":"IFERROR(VLOOKUP(C5150,参数!$B:$H,4,0),\"\")","v":""},{"$f":"IFERROR(VLOOKUP(C5150,参数!B:H,3,FALSE),\"\")","v":""},"",1]
[5150,{"$nulls":6},{"$f":"IFERROR(VLOOKUP(C5151,参数!$B:$H,2,0),\"\")","v":""},{"$f":"IFERROR(VLOOKUP(C5151,参数!$B:$H,4,0),\"\")","v":""},{"$f":"IFERROR(VLOOKUP(C5151,参数!B:H,3,FALSE),\"\")","v":""},"",1]
[5151,{"$nulls":6},{"$f":"IFERROR(VLOOKUP(C5152,参数!$B:$H,2,0),\"\")","v":""},{"$f":"IFERROR(VLOOKUP(C5152,参数!$B:$H,4,0),\"\")","v":""},{"$f":"IFERROR(VLOOKUP(C5152,参数!B:H,3,FALSE),\"\")","v":""},"",1]
[5152,{"$nulls":6},{"$f":"IFERROR(VLOOKUP(C5153,参数!$B:$H,2,0),\"\")","v":""},{"$f":"IFERROR(VLOOKUP(C5153,参数!$B:$H,4,0),\"\")","v":""},{"$f":"IFERROR(VLOOKUP(C5153,参数!B:H,3,FALSE),\"\")","v":""},"",1]
[5153,{"$nulls":6},{"$f":"IFERROR(VLOOKUP(C5154,参数!$B:$H,2,0),\"\")","v":""},{"$f":"IFERROR(VLOOKUP(C5154,参数!$B:$H,4,0),\"\")","v":""},{"$f":"IFERROR(VLOOKUP(C5154,参数!B:H,3,FALSE),\"\")","v":""},"",1]
[5154,{"$nulls":6},{"$f":"IFERROR(VLOOKUP(C5155,参数!$B:$H,2,0),\"\")","v":""},{"$f":"IFERROR(VLOOKUP(C5155,参数!$B:$H,4,0),\"\")","v":""},{"$f":"IFERROR(VLOOKUP(C5155,参数!B:H,3,FALSE),\"\")","v":""},"",1]
[5155,{"$nulls":6},{"$f":"IFERROR(VLOOKUP(C5156,参数!$B:$H,2,0),\"\")","v":""},{"$f":"IFERROR(VLOOKUP(C5156,参数!$B:$H,4,0),\"\")","v":""},{"$f":"IFERROR(VLOOKUP(C5156,参数!B:H,3,FALSE),\"\")","v":""},"",1]
[5156,{"$nulls":6},{"$f":"IFERROR(VLOOKUP(C5157,参数!$B:$H,2,0),\"\")","v":""},{"$f":"IFERROR(VLOOKUP(C5157,参数!$B:$H,4,0),\"\")","v":""},{"$f":"IFERROR(VLOOKUP(C5157,参数!B:H,3,FALSE),\"\")","v":""},{"$f":"IFERROR(J5157*E5157,\"\")","v":""},1]
[5157,{"$nulls":6},{"$f":"IFERROR(VLOOKUP(C5158,参数!$B:$H,2,0),\"\")","v":""},{"$f":"IFERROR(VLOOKUP(C5158,参数!$B:$H,4,0),\"\")","v":""},{"$f":"IFERROR(VLOOKUP(C5158,参数!B:H,3,FALSE),\"\")","v":""},"",1]
[5158,{"$nulls":6},{"$f":"IFERROR(VLOOKUP(C5159,参数!$B:$H,2,0),\"\")","v":""},{"$f":"IFERROR(VLOOKUP(C5159,参数!$B:$H,4,0),\"\")","v":""},{"$f":"IFERROR(VLOOKUP(C5159,参数!B:H,3,FALSE),\"\")","v":""},"",1]
[5159,{"$nulls":6},{"$f":"IFERROR(VLOOKUP(C5160,参数!$B:$H,2,0),\"\")","v":""},{"$f":"IFERROR(VLOOKUP(C5160,参数!$B:$H,4,0),\"\")","v":""},{"$f":"IFERROR(VLOOKUP(C5160,参数!B:H,3,FALSE),\"\")","v":""},"",1]
[5160,{"$nulls":6},{"$f":"IFERROR(VLOOKUP(C5161,参数!$B:$H,2,0),\"\")","v":""},{"$f":"IFERROR(VLOOKUP(C5161,参数!$B:$H,4,0),\"\")","v":""},{"$f":"IFERROR(VLOOKUP(C5161,参数!B:H,3,FALSE),\"\")","v":""},"",1]
[5161,{"$nulls":6},{"$f":"IFERROR(VLOOKUP(C5162,参数!$B:$H,2,0),\"\")","v":""},{"$f":"IFERROR(VLOOKUP(C5162,参数!$B:$H,4,0),\"\")","v":""},{"$f":"IFERROR(VLOOKUP(C5162,参数!B:H,3,FALSE),\"\")","v":""},"",1]
[5162,{"$nulls":6},{"$f":"IFERROR(VLOOKUP(C5163,参数!$B:$H,2,0),\"\")","v":""},{"$f":"IFERROR(VLOOKUP(C5163,参数!$B:$H,4,0),\"\")","v":""},{"$f":"IFERROR(VLOOKUP(C5163,参数!B:H,3,FALSE),\"\")","v":""},"",1]
[5163,{"$nulls":6},{"$f":"IFERROR(VLOOKUP(C5164,参数!$B:$H,2,0),\"\")","v":""},{"$f":"IFERROR(VLOOKUP(C5164,参数!$B:$H,4,0),\"\")","v":""},{"$f":"IFERROR(VLOOKUP(C5164,参数!B:H,3,FALSE),\"\")","v":""},"",1]
[5164,{"$nulls":6},{"$f":"IFERROR(VLOOKUP(C5165,参数!$B:$H,2,0),\"\")","v":""},{"$f":"IFERROR(VLOOKUP(C5165,参数!$B:$H,4,0),\"\")","v":""},{"$f":"IFERROR(VLOOKUP(C5165,参数!B:H,3,FALSE),\"\")","v":""},"",1]
[5165,{"$nulls":6},{"$f":"IFERROR(VLOOKUP(C5166,参数!$B:$H,2,0),\"\")","v":""},{"$f":"IFERROR(VLOOKUP(C5166,参数!$B:$H,4,0),\"\")","v":""},{"$f":"IFERROR(VLOOKUP(C5166,参数!B:H,3,FALSE),\"\")","v":""},"",1]
[5166,{"$nulls":6},{"$f":"IFERROR(VLOOKUP(C5167,参数!$B:$H,2,0),\"\")","v":""},{"$f":"IFERROR(VLOOKUP(C5167,参数!$B:$H,4,0),\"\")","v":""},{"$f":"IFERROR(VLOOKUP(C5167,参数!B:H,3,FALSE),\"\")","v":""},"",1]
[5167,{"$nulls":6},{"$f":"IFERROR(VLOOKUP(C5168,参数!$B:$H,2,0),\"\")","v":""},{"$f":"IFERROR(VLOOKUP(C5168,参数!$B:$H,4,0),\"\")","v":""},{"$f":"IFERROR(VLOOKUP(C5168,参数!B:H,3,FALSE),\"\")","v":""},"",1]
[5168,{"$nulls":6},{"$f":"IFERROR(VLOOKUP(C5169,参数!$B:$H,2,0),\"\")","v":""},{"$f":"IFERROR(VLOOKUP(C5169,参数!$B:$H,4,0),\"\")","v":""},{"$f":"IFERROR(VLOOKUP(C5169,参数!B:H,3,FALSE),\"\")","v":""},"",1]
[5169,{"$nulls":6},{"$f":"IFERROR(VLOOKUP(C5170,参数!$B:$H,2,0),\"\")","v":""},{"$f":"IFERROR(VLOOKUP(C5170,参数!$B:$H,4,0),\"\")","v":""},{"$f":"IFERROR(VLOOKUP(C5170,参数!B:H,3,FALSE),\"\")","v":""},"",1]
[5170,{"$nulls":6},{"$f":"IFERROR(VLOOKUP(C5171,参数!$B:$H,2,0),\"\")","v":""},{"$f":"IFERROR(VLOOKUP(C5171,参数!$B:$H,4,0),\"\")","v":""},{"$f":"IFERROR(VLOOKUP(C5171,参数!B:H,3,FALSE),\"\")","v":""},"",1]
[5171,{"$nulls":6},{"$f":"IFERROR(VLOOKUP(C5172,参数!$B:$H,2,0),\"\")","v":""},{"$f":"IFERROR(VLOOKUP(C5172,参数!$B:$H,4,0),\"\")","v":""},{"$f":"IFERROR(VLOOKUP(C5172,参数!B:H,3,FALSE),\"\")","v":""},"",1]
[5172,{"$nulls":6},{"$f":"IFERROR(VLOOKUP(C5173,参数!$B:$H,2,0),\"\")","v":""},{"$f":"IFERROR(VLOOKUP(C5173,参数!$B:$H,4,0),\"\")","v":""},{"$f":"IFERROR(VLOOKUP(C5173,参数!B:H,3,FALSE),\"\")","v":""},"",1]
[5173,{"$nulls":6},{"$f":"IFERROR(VLOOKUP(C5174,参数!$B:$H,2,0),\"\")","v":""},{"$f":"IFERROR(VLOOKUP(C5174,参数!$B:$H,4,0),\"\")","v":""},{"$f":"IFERROR(VLOOKUP(C5174,参数!B:H,3,FALSE),\"\")","v":""},"",1]
[5174,{"$nulls":6},{"$f":"IFERROR(VLOOKUP(C5175,参数!$B:$H,2,0),\"\")","v":""},{"$f":"IFERROR(VLOOKUP(C5175,参数!$B:$H,4,0),\"\")","v":""},{"$f":"IFERROR(VLOOKUP(C5175,参数!B:H,3,FALSE),\"\")","v":""},"",1]
[5175,{"$nulls":6},{"$f":"IFERROR(VLOOKUP(C5176,参数!$B:$H,2,0),\"\")","v":""},{"$f":"IFERROR(VLOOKUP(C5176,参数!$B:$H,4,0),\"\")","v":""},{"$f":"IFERROR(VLOOKUP(C5176,参数!B:H,3,FALSE),\"\")","v":""},"",1]
[5176,{"$nulls":6},{"$f":"IFERROR(VLOOKUP(C5177,参数!$B:$H,2,0),\"\")","v":""},{"$f":"IFERROR(VLOOKUP(C5177,参数!$B:$H,4,0),\"\")","v":""},{"$f":"IFERROR(VLOOKUP(C5177,参数!B:H,3,FALSE),\"\")","v":""},"",1]
[5177,{"$nulls":6},{"$f":"IFERROR(VLOOKUP(C5178,参数!$B:$H,2,0),\"\")","v":""},{"$f":"IFERROR(VLOOKUP(C5178,参数!$B:$H,4,0),\"\")","v":""},{"$f":"IFERROR(VLOOKUP(C5178,参数!B:H,3,FALSE),\"\")","v":""},"",1]
[5178,{"$nulls":6},{"$f":"IFERROR(VLOOKUP(C5179,参数!$B:$H,2,0),\"\")","v":""},{"$f":"IFERROR(VLOOKUP(C5179,参数!$B:$H,4,0),\"\")","v":""},{"$f":"IFERROR(VLOOKUP(C5179,参数!B:H,3,FALSE),\"\")","v":""},"",1]
[5179,{"$nulls":6},{"$f":"IFERROR(VLOOKUP(C5180,参数!$B:$H,2,0),\"\")","v":""},{"$f":"IFERROR(VLOOKUP(C5180,参数!$B:$H,4,0),\"\")","v":""},{"$f":"IFERROR(VLOOKUP(C5180,参数!B:H,3,FALSE),\"\")","v":""},"",1]
[5180,{"$nulls":6},{"$f":"IFERROR(VLOOKUP(C5181,参数!$B:$H,2,0),\"\")","v":""},{"$f":"IFERROR(VLOOKUP(C5181,参数!$B:$H,4,0),\"\")","v":""},{"$f":"IFERROR(VLOOKUP(C5181,参数!B:H,3,FALSE),\"\")","v":""},"",1]
[5181,{"$nulls":6},{"$f":"IFERROR(VLOOKUP(C5182,参数!$B:$H,2,0),\"\")","v":""},{"$f":"IFERROR(VLOOKUP(C5182,参数!$B:$H,4,0),\"\")","v":""},{"$f":"IFERROR(VLOOKUP(C5182,参数!B:H,3,FALSE),\"\")","v":""},"",1]
[5182,{"$nulls":6},{"$f":"IFERROR(VLOOKUP(C5183,参数!$B:$H,2,0),\"\")","v":""},{"$f":"IFERROR(VLOOKUP(C5183,参数!$B:$H,4,0),\"\")","v":""},{"$f":"IFERROR(VLOOKUP(C5183,参数!B:H,3,FALSE),\"\")","v":""},"",1]
[5183,{"$nulls":6},{"$f":"IFERROR(VLOOKUP(C5184,参数!$B:$H,2,0),\"\")","v":""},{"$f":"IFERROR(VLOOKUP(C5184,参数!$B:$H,4,0),\"\")","v":""},{"$f":"IFERROR(VLOOKUP(C5184,参数!B:H,3,FALSE),\"\")","v":""},"",1]
[5184,{"$nulls":6},{"$f":"IFERROR(VLOOKUP(C5185,参数!$B:$H,2,0),\"\")","v":""},{"$f":"IFERROR(VLOOKUP(C5185,参数!$B:$H,4,0),\"\")","v":""},{"$f":"IFERROR(VLOOKUP(C5185,参数!B:H,3,FALSE),\"\")","v":""},"",1]
[5185,{"$nulls":6},{"$f":"IFERROR(VLOOKUP(C5186,参数!$B:$H,2,0),\"\")","v":""},{"$f":"IFERROR(VLOOKUP(C5186,参数!$B:$H,4,0),\"\")","v":""},{"$f":"IFERROR(VLOOKUP(C5186,参数!B:H,3,FALSE),\"\")","v":""},"",{"$f":"VALUE(MONTH(B5186))","v":1}]
[5186,{"$nulls":6},{"$f":"IFERROR(VLOOKUP(C5187,参数!$B:$H,2,0),\"\")","v":""},{"$f":"IFERROR(VLOOKUP(C5187,参数!$B:$H,4,0),\"\")","v":""},{"$f":"IFERROR(VLOOKUP(C5187,参数!B:H,3,FALSE),\"\")","v":""},"",1]
[5187,{"$nulls":6},{"$f":"IFERROR(VLOOKUP(C5188,参数!$B:$H,2,0),\"\")","v":""},{"$f":"IFERROR(VLOOKUP(C5188,参数!$B:$H,4,0),\"\")","v":""},{"$f":"IFERROR(VLOOKUP(C5188,参数!B:H,3,FALSE),\"\")","v":""},"",1]
[5188,{"$nulls":6},{"$f":"IFERROR(VLOOKUP(C5189,参数!$B:$H,2,0),\"\")","v":""},{"$f":"IFERROR(VLOOKUP(C5189,参数!$B:$H,4,0),\"\")","v":""},{"$f":"IFERROR(VLOOKUP(C5189,参数!B:H,3,FALSE),\"\")","v":""},"",1]
[5189,{"$nulls":6},{"$f":"IFERROR(VLOOKUP(C5190,参数!$B:$H,2,0),\"\")","v":""},{"$f":"IFERROR(VLOOKUP(C5190,参数!$B:$H,4,0),\"\")","v":""},{"$f":"IFERROR(VLOOKUP(C5190,参数!B:H,3,FALSE),\"\")","v":""},"",1]
[5190,{"$nulls":6},{"$f":"IFERROR(VLOOKUP(C5191,参数!$B:$H,2,0),\"\")","v":""},{"$f":"IFERROR(VLOOKUP(C5191,参数!$B:$H,4,0),\"\")","v":""},{"$f":"IFERROR(VLOOKUP(C5191,参数!B:H,3,FALSE),\"\")","v":""},"",1]
[5191,{"$nulls":6},{"$f":"IFERROR(VLOOKUP(C5192,参数!$B:$H,2,0),\"\")","v":""},{"$f":"IFERROR(VLOOKUP(C5192,参数!$B:$H,4,0),\"\")","v":""},{"$f":"IFERROR(VLOOKUP(C5192,参数!B:H,3,FALSE),\"\")","v":""},"",1]
[5192,{"$nulls":6},{"$f":"IFERROR(VLOOKUP(C5193,参数!$B:$H,2,0),\"\")","v":""},{"$f":"IFERROR(VLOOKUP(C5193,参数!$B:$H,4,0),\"\")","v":""},{"$f":"IFERROR(VLOOKUP(C5193,参数!B:H,3,FALSE),\"\")","v":""},"",1]
[5193,{"$nulls":6},{"$f":"IFERROR(VLOOKUP(C5194,参数!$B:$H,2,0),\"\")","v":""},{"$f":"IFERROR(VLOOKUP(C5194,参数!$B:$H,4,0),\"\")","v":""},{"$f":"IFERROR(VLOOKUP(C5194,参数!B:H,3,FALSE),\"\")","v":""},"",1]
[5194,{"$nulls":6},{"$f":"IFERROR(VLOOKUP(C5195,参数!$B:$H,2,0),\"\")","v":""},{"$f":"IFERROR(VLOOKUP(C5195,参数!$B:$H,4,0),\"\")","v":""},{"$f":"IFERROR(VLOOKUP(C5195,参数!B:H,3,FALSE),\"\")","v":""},"",1]
[5195,{"$nulls":6},{"$f":"IFERROR(VLOOKUP(C5196,参数!$B:$H,2,0),\"\")","v":""},{"$f":"IFERROR(VLOOKUP(C5196,参数!$B:$H,4,0),\"\")","v":""},{"$f":"IFERROR(VLOOKUP(C5196,参数!B:H,3,FALSE),\"\")","v":""},"",1]
[5196,{"$nulls":6},{"$f":"IFERROR(VLOOKUP(C5197,参数!$B:$H,2,0),\"\")","v":""},{"$f":"IFERROR(VLOOKUP(C5197,参数!$B:$H,4,0),\"\")","v":""},{"$f":"IFERROR(VLOOKUP(C5197,参数!B:H,3,FALSE),\"\")","v":""},"",1]
[5197,{"$nulls":6},{"$f":"IFERROR(VLOOKUP(C5198,参数!$B:$H,2,0),\"\")","v":""},{"$f":"IFERROR(VLOOKUP(C5198,参数!$B:$H,4,0),\"\")","v":""},{"$f":"IFERROR(VLOOKUP(C5198,参数!B:H,3,FALSE),\"\")","v":""},"",1]
[5198,{"$nulls":6},{"$f":"IFERROR(VLOOKUP(C5199,参数!$B:$H,2,0),\"\")","v":""},{"$f":"IFERROR(VLOOKUP(C5199,参数!$B:$H,4,0),\"\")","v":""},{"$f":"IFERROR(VLOOKUP(C5199,参数!B:H,3,FALSE),\"\")","v":""},"",1]
[5199,{"$nulls":6},{"$f":"IFERROR(VLOOKUP(C5200,参数!$B:$H,2,0),\"\")","v":""},{"$f":"IFERROR(VLOOKUP(C5200,参数!$B:$H,4,0),\"\")","v":""},{"$f":"IFERROR(VLOOKUP(C5200,参数!B:H,3,FALSE),\"\")","v":""},"",1]
[5200,{"$nulls":6},{"$f":"IFERROR(VLOOKUP(C5201,参数!$B:$H,2,0),\"\")","v":""},{"$f":"IFERROR(VLOOKUP(C5201,参数!$B:$H,4,0),\"\")","v":""},{"$f":"IFERROR(VLOOKUP(C5201,参数!B:H,3,FALSE),\"\")","v":""},"",1]
[5201,{"$nulls":6},{"$f":"IFERROR(VLOOKUP(C5202,参数!$B:$H,2,0),\"\")","v":""},{"$f":"IFERROR(VLOOKUP(C5202,参数!$B:$H,4,0),\"\")","v":""},{"$f":"IFERROR(VLOOKUP(C5202,参数!B:H,3,FALSE),\"\")","v":""},"",1]
[5202,{"$nulls":6},{"$f":"IFERROR(VLOOKUP(C5203,参数!$B:$H,2,0),\"\")","v":""},{"$f":"IFERROR(VLOOKUP(C5203,参数!$B:$H,4,0),\"\")","v":""},{"$f":"IFERROR(VLOOKUP(C5203,参数!B:H,3,FALSE),\"\")","v":""},"",1]
[5203,{"$nulls":6},{"$f":"IFERROR(VLOOKUP(C5204,参数!$B:$H,2,0),\"\")","v":""},{"$f":"IFERROR(VLOOKUP(C5204,参数!$B:$H,4,0),\"\")","v":""},{"$f":"IFERROR(VLOOKUP(C5204,参数!B:H,3,FALSE),\"\")","v":""},"",1]
[5204,{"$nulls":6},{"$f":"IFERROR(VLOOKUP(C5205,参数!$B:$H,2,0),\"\")","v":""},{"$f":"IFERROR(VLOOKUP(C5205,参数!$B:$H,4,0),\"\")","v":""},{"$f":"IFERROR(VLOOKUP(C5205,参数!B:H,3,FALSE),\"\")","v":""},"",1]
[5205,{"$nulls":6},{"$f":"IFERROR(VLOOKUP(C5206,参数!$B:$H,2,0),\"\")","v":""},{"$f":"IFERROR(VLOOKUP(C5206,参数!$B:$H,4,0),\"\")","v":""},{"$f":"IFERROR(VLOOKUP(C5206,参数!B:H,3,FALSE),\"\")","v":""},"",1]
[5206,{"$nulls":6},{"$f":"IFERROR(VLOOKUP(C5207,参数!$B:$H,2,0),\"\")","v":""},{"$f":"IFERROR(VLOOKUP(C5207,参数!$B:$H,4,0),\"\")","v":""},{"$f":"IFERROR(VLOOKUP(C5207,参数!B:H,3,FALSE),\"\")","v":""},"",1]
[5207,{"$nulls":6},{"$f":"IFERROR(VLOOKUP(C5208,参数!$B:$H,2,0),\"\")","v":""},{"$f":"IFERROR(VLOOKUP(C5208,参数!$B:$H,4,0),\"\")","v":""},{"$f":"IFERROR(VLOOKUP(C5208,参数!B:H,3,FALSE),\"\")","v":""},"",1]
[5208,{"$nulls":6},{"$f":"IFERROR(VLOOKUP(C5209,参数!$B:$H,2,0),\"\")","v":""},{"$f":"IFERROR(VLOOKUP(C5209,参数!$B:$H,4,0),\"\")","v":""},{"$f":"IFERROR(VLOOKUP(C5209,参数!B:H,3,FALSE),\"\")","v":""},"",1]
[5209,{"$nulls":6},{"$f":"IFERROR(VLOOKUP(C5210,参数!$B:$H,2,0),\"\")","v":""},{"$f":"IFERROR(VLOOKUP(C5210,参数!$B:$H,4,0),\"\")","v":""},{"$f":"IFERROR(VLOOKUP(C5210,参数!B:H,3,FALSE),\"\")","v":""},"",1]
[5210,{"$nulls":6},{"$f":"IFERROR(VLOOKUP(C5211,参数!$B:$H,2,0),\"\")","v":""},{"$f":"IFERROR(VLOOKUP(C5211,参数!$B:$H,4,0),\"\")","v":""},{"$f":"IFERROR(VLOOKUP(C5211,参数!B:H,3,FALSE),\"\")","v":""},"",1]
[5211,{"$nulls":6},{"$f":"IFERROR(VLOOKUP(C5212,参数!$B:$H,2,0),\"\")","v":""},{"$f":"IFERROR(VLOOKUP(C5212,参数!$B:$H,4,0),\"\")","v":""},{"$f":"IFERROR(VLOOKUP(C5212,参数!B:H,3,FALSE),\"\")","v":""},"",1]
[5212,{"$nulls":6},{"$f":"IFERROR(VLOOKUP(C5213,参数!$B:$H,2,0),\"\")","v":""},{"$f":"IFERROR(VLOOKUP(C5213,参数!$B:$H,4,0),\"\")","v":""},{"$f":"IFERROR(VLOOKUP(C5213,参数!B:H,3,FALSE),\"\")","v":""},"",1]
[5213,{"$nulls":6},{"$f":"IFERROR(VLOOKUP(C5214,参数!$B:$H,2,0),\"\")","v":""},{"$f":"IFERROR(VLOOKUP(C5214,参数!$B:$H,4,0),\"\")","v":""},{"$f":"IFERROR(VLOOKUP(C5214,参数!B:H,3,FALSE),\"\")","v":""},"",1]
[5214,{"$nulls":6},{"$f":"IFERROR(VLOOKUP(C5215,参数!$B:$H,2,0),\"\")","v":""},{"$f":"IFERROR(VLOOKUP(C5215,参数!$B:$H,4,0),\"\")","v":""},{"$f":"IFERROR(VLOOKUP(C5215,参数!B:H,3,FALSE),\"\")","v":""},"",1]
[5215,{"$nulls":6},{"$f":"IFERROR(VLOOKUP(C5216,参数!$B:$H,2,0),\"\")","v":""},{"$f":"IFERROR(VLOOKUP(C5216,参数!$B:$H,4,0),\"\")","v":""},{"$f":"IFERROR(VLOOKUP(C5216,参数!B:H,3,FALSE),\"\")","v":""},"",1]
[5216,{"$nulls":6},{"$f":"IFERROR(VLOOKUP(C5217,参数!$B:$H,2,0),\"\")","v":""},{"$f":"IFERROR(VLOOKUP(C5217,参数!$B:$H,4,0),\"\")","v":""},{"$f":"IFERROR(VLOOKUP(C5217,参数!B:H,3,FALSE),\"\")","v":""},"",1]
[5217,{"$nulls":6},{"$f":"IFERROR(VLOOKUP(C5218,参数!$B:$H,2,0),\"\")","v":""},{"$f":"IFERROR(VLOOKUP(C5218,参数!$B:$H,4,0),\"\")","v":""},{"$f":"IFERROR(VLOOKUP(C5218,参数!B:H,3,FALSE),\"\")","v":""},"",1]
[5218,{"$nulls":6},{"$f":"IFERROR(VLOOKUP(C5219,参数!$B:$H,2,0),\"\")","v":""},{"$f":"IFERROR(VLOOKUP(C5219,参数!$B:$H,4,0),\"\")","v":""},{"$f":"IFERROR(VLOOKUP(C5219,参数!B:H,3,FALSE),\"\")","v":""},"",1]
[5219,{"$nulls":6},{"$f":"IFERROR(VLOOKUP(C5220,参数!$B:$H,2,0),\"\")","v":""},{"$f":"IFERROR(VLOOKUP(C5220,参数!$B:$H,4,0),\"\")","v":""},{"$f":"IFERROR(VLOOKUP(C5220,参数!B:H,3,FALSE),\"\")","v":""},"",1]
[5220,{"$nulls":6},{"$f":"IFERROR(VLOOKUP(C5221,参数!$B:$H,2,0),\"\")","v":""},{"$f":"IFERROR(VLOOKUP(C5221,参数!$B:$H,4,0),\"\")","v":""},{"$f":"IFERROR(VLOOKUP(C5221,参数!B:H,3,FALSE),\"\")","v":""},{"$f":"IFERROR(J5221*E5221,\"\")","v":""},1]
[5221,{"$nulls":6},{"$f":"IFERROR(VLOOKUP(C5222,参数!$B:$H,2,0),\"\")","v":""},{"$f":"IFERROR(VLOOKUP(C5222,参数!$B:$H,4,0),\"\")","v":""},{"$f":"IFERROR(VLOOKUP(C5222,参数!B:H,3,FALSE),\"\")","v":""},"",1]
[5222,{"$nulls":6},{"$f":"IFERROR(VLOOKUP(C5223,参数!$B:$H,2,0),\"\")","v":""},{"$f":"IFERROR(VLOOKUP(C5223,参数!$B:$H,4,0),\"\")","v":""},{"$f":"IFERROR(VLOOKUP(C5223,参数!B:H,3,FALSE),\"\")","v":""},"",1]
[5223,{"$nulls":6},{"$f":"IFERROR(VLOOKUP(C5224,参数!$B:$H,2,0),\"\")","v":""},{"$f":"IFERROR(VLOOKUP(C5224,参数!$B:$H,4,0),\"\")","v":""},{"$f":"IFERROR(VLOOKUP(C5224,参数!B:H,3,FALSE),\"\")","v":""},"",1]
[5224,{"$nulls":6},{"$f":"IFERROR(VLOOKUP(C5225,参数!$B:$H,2,0),\"\")","v":""},{"$f":"IFERROR(VLOOKUP(C5225,参数!$B:$H,4,0),\"\")","v":""},{"$f":"IFERROR(VLOOKUP(C5225,参数!B:H,3,FALSE),\"\")","v":""},"",1]
[5225,{"$nulls":6},{"$f":"IFERROR(VLOOKUP(C5226,参数!$B:$H,2,0),\"\")","v":""},{"$f":"IFERROR(VLOOKUP(C5226,参数!$B:$H,4,0),\"\")","v":""},{"$f":"IFERROR(VLOOKUP(C5226,参数!B:H,3,FALSE),\"\")","v":""},"",1]
[5226,{"$nulls":6},{"$f":"IFERROR(VLOOKUP(C5227,参数!$B:$H,2,0),\"\")","v":""},{"$f":"IFERROR(VLOOKUP(C5227,参数!$B:$H,4,0),\"\")","v":""},{"$f":"IFERROR(VLOOKUP(C5227,参数!B:H,3,FALSE),\"\")","v":""},"",1]
[5227,{"$nulls":6},{"$f":"IFERROR(VLOOKUP(C5228,参数!$B:$H,2,0),\"\")","v":""},{"$f":"IFERROR(VLOOKUP(C5228,参数!$B:$H,4,0),\"\")","v":""},{"$f":"IFERROR(VLOOKUP(C5228,参数!B:H,3,FALSE),\"\")","v":""},"",1]
[5228,{"$nulls":6},{"$f":"IFERROR(VLOOKUP(C5229,参数!$B:$H,2,0),\"\")","v":""},{"$f":"IFERROR(VLOOKUP(C5229,参数!$B:$H,4,0),\"\")","v":""},{"$f":"IFERROR(VLOOKUP(C5229,参数!B:H,3,FALSE),\"\")","v":""},"",1]
[5229,{"$nulls":6},{"$f":"IFERROR(VLOOKUP(C5230,参数!$B:$H,2,0),\"\")","v":""},{"$f":"IFERROR(VLOOKUP(C5230,参数!$B:$H,4,0),\"\")","v":""},{"$f":"IFERROR(VLOOKUP(C5230,参数!B:H,3,FALSE),\"\")","v":""},"",1]
[5230,{"$nulls":6},{"$f":"IFERROR(VLOOKUP(C5231,参数!$B:$H,2,0),\"\")","v":""},{"$f":"IFERROR(VLOOKUP(C5231,参数!$B:$H,4,0),\"\")","v":""},{"$f":"IFERROR(VLOOKUP(C5231,参数!B:H,3,FALSE),\"\")","v":""},"",1]
[5231,{"$nulls":6},{"$f":"IFERROR(VLOOKUP(C5232,参数!$B:$H,2,0),\"\")","v":""},{"$f":"IFERROR(VLOOKUP(C5232,参数!$B:$H,4,0),\"\")","v":""},{"$f":"IFERROR(VLOOKUP(C5232,参数!B:H,3,FALSE),\"\")","v":""},"",1]
[5232,{"$nulls":6},{"$f":"IFERROR(VLOOKUP(C5233,参数!$B:$H,2,0),\"\")","v":""},{"$f":"IFERROR(VLOOKUP(C5233,参数!$B:$H,4,0),\"\")","v":""},{"$f":"IFERROR(VLOOKUP(C5233,参数!B:H,3,FALSE),\"\")","v":""},"",1]
[5233,{"$nulls":6},{"$f":"IFERROR(VLOOKUP(C5234,参数!$B:$H,2,0),\"\")","v":""},{"$f":"IFERROR(VLOOKUP(C5234,参数!$B:$H,4,0),\"\")","v":""},{"$f":"IFERROR(VLOOKUP(C5234,参数!B:H,3,FALSE),\"\")","v":""},"",1]
[5234,{"$nulls":6},{"$f":"IFERROR(VLOOKUP(C5235,参数!$B:$H,2,0),\"\")","v":""},{"$f":"IFERROR(VLOOKUP(C5235,参数!$B:$H,4,0),\"\")","v":""},{"$f":"IFERROR(VLOOKUP(C5235,参数!B:H,3,FALSE),\"\")","v":""},"",1]
[5235,{"$nulls":6},{"$f":"IFERROR(VLOOKUP(C5236,参数!$B:$H,2,0),\"\")","v":""},{"$f":"IFERROR(VLOOKUP(C5236,参数!$B:$H,4,0),\"\")","v":""},{"$f":"IFERROR(VLOOKUP(C5236,参数!B:H,3,FALSE),\"\")","v":""},"",1]
[5236,{"$nulls":6},{"$f":"IFERROR(VLOOKUP(C5237,参数!$B:$H,2,0),\"\")","v":""},{"$f":"IFERROR(VLOOKUP(C5237,参数!$B:$H,4,0),\"\")","v":""},{"$f":"IFERROR(VLOOKUP(C5237,参数!B:H,3,FALSE),\"\")","v":""},"",1]
[5237,{"$nulls":6},{"$f":"IFERROR(VLOOKUP(C5238,参数!$B:$H,2,0),\"\")","v":""},{"$f":"IFERROR(VLOOKUP(C5238,参数!$B:$H,4,0),\"\")","v":""},{"$f":"IFERROR(VLOOKUP(C5238,参数!B:H,3,FALSE),\"\")","v":""},"",1]
[5238,{"$nulls":6},{"$f":"IFERROR(VLOOKUP(C5239,参数!$B:$H,2,0),\"\")","v":""},{"$f":"IFERROR(VLOOKUP(C5239,参数!$B:$H,4,0),\"\")","v":""},{"$f":"IFERROR(VLOOKUP(C5239,参数!B:H,3,FALSE),\"\")","v":""},"",1]
[5239,{"$nulls":6},{"$f":"IFERROR(VLOOKUP(C5240,参数!$B:$H,2,0),\"\")","v":""},{"$f":"IFERROR(VLOOKUP(C5240,参数!$B:$H,4,0),\"\")","v":""},{"$f":"IFERROR(VLOOKUP(C5240,参数!B:H,3,FALSE),\"\")","v":""},"",1]
[5240,{"$nulls":6},{"$f":"IFERROR(VLOOKUP(C5241,参数!$B:$H,2,0),\"\")","v":""},{"$f":"IFERROR(VLOOKUP(C5241,参数!$B:$H,4,0),\"\")","v":""},{"$f":"IFERROR(VLOOKUP(C5241,参数!B:H,3,FALSE),\"\")","v":""},"",1]
[5241,{"$nulls":6},{"$f":"IFERROR(VLOOKUP(C5242,参数!$B:$H,2,0),\"\")","v":""},{"$f":"IFERROR(VLOOKUP(C5242,参数!$B:$H,4,0),\"\")","v":""},{"$f":"IFERROR(VLOOKUP(C5242,参数!B:H,3,FALSE),\"\")","v":""},"",1]
[5242,{"$nulls":6},{"$f":"IFERROR(VLOOKUP(C5243,参数!$B:$H,2,0),\"\")","v":""},{"$f":"IFERROR(VLOOKUP(C5243,参数!$B:$H,4,0),\"\")","v":""},{"$f":"IFERROR(VLOOKUP(C5243,参数!B:H,3,FALSE),\"\")","v":""},"",1]
[5243,{"$nulls":6},{"$f":"IFERROR(VLOOKUP(C5244,参数!$B:$H,2,0),\"\")","v":""},{"$f":"IFERROR(VLOOKUP(C5244,参数!$B:$H,4,0),\"\")","v":""},{"$f":"IFERROR(VLOOKUP(C5244,参数!B:H,3,FALSE),\"\")","v":""},"",1]
[5244,{"$nulls":6},{"$f":"IFERROR(VLOOKUP(C5245,参数!$B:$H,2,0),\"\")","v":""},{"$f":"IFERROR(VLOOKUP(C5245,参数!$B:$H,4,0),\"\")","v":""},{"$f":"IFERROR(VLOOKUP(C5245,参数!B:H,3,FALSE),\"\")","v":""},"",1]
[5245,{"$nulls":6},{"$f":"IFERROR(VLOOKUP(C5246,参数!$B:$H,2,0),\"\")","v":""},{"$f":"IFERROR(VLOOKUP(C5246,参数!$B:$H,4,0),\"\")","v":""},{"$f":"IFERROR(VLOOKUP(C5246,参数!B:H,3,FALSE),\"\")","v":""},"",1]
[5246,{"$nulls":6},{"$f":"IFERROR(VLOOKUP(C5247,参数!$B:$H,2,0),\"\")","v":""},{"$f":"IFERROR(VLOOKUP(C5247,参数!$B:$H,4,0),\"\")","v":""},{"$f":"IFERROR(VLOOKUP(C5247,参数!B:H,3,FALSE),\"\")","v":""},"",1]
[5247,{"$nulls":6},{"$f":"IFERROR(VLOOKUP(C5248,参数!$B:$H,2,0),\"\")","v":""},{"$f":"IFERROR(VLOOKUP(C5248,参数!$B:$H,4,0),\"\")","v":""},{"$f":"IFERROR(VLOOKUP(C5248,参数!B:H,3,FALSE),\"\")","v":""},"",1]
[5248,{"$nulls":6},{"$f":"IFERROR(VLOOKUP(C5249,参数!$B:$H,2,0),\"\")","v":""},{"$f":"IFERROR(VLOOKUP(C5249,参数!$B:$H,4,0),\"\")","v":""},{"$f":"IFERROR(VLOOKUP(C5249,参数!B:H,3,FALSE),\"\")","v":""},"",1]
[5249,{"$nulls":6},{"$f":"IFERROR(VLOOKUP(C5250,参数!$B:$H,2,0),\"\")","v":""},{"$f":"IFERROR(VLOOKUP(C5250,参数!$B:$H,4,0),\"\")","v":""},{"$f":"IFERROR(VLOOKUP(C5250,参数!B:H,3,FALSE),\"\")","v":""},"",{"$f":"VALUE(MONTH(B5250))","v":1}]
[5250,{"$nulls":6},{"$f":"IFERROR(VLOOKUP(C5251,参数!$B:$H,2,0),\"\")","v":""},{"$f":"IFERROR(VLOOKUP(C5251,参数!$B:$H,4,0),\"\")","v":""},{"$f":"IFERROR(VLOOKUP(C5251,参数!B:H,3,FALSE),\"\")","v":""},"",1]
[5251,{"$nulls":6},{"$f":"IFERROR(VLOOKUP(C5252,参数!$B:$H,2,0),\"\")","v":""},{"$f":"IFERROR(VLOOKUP(C5252,参数!$B:$H,4,0),\"\")","v":""},{"$f":"IFERROR(VLOOKUP(C5252,参数!B:H,3,FALSE),\"\")","v":""},"",1]
[5252,{"$nulls":6},{"$f":"IFERROR(VLOOKUP(C5253,参数!$B:$H,2,0),\"\")","v":""},{"$f":"IFERROR(VLOOKUP(C5253,参数!$B:$H,4,0),\"\")","v":""},{"$f":"IFERROR(VLOOKUP(C5253,参数!B:H,3,FALSE),\"\")","v":""},"",1]
[5253,{"$nulls":6},{"$f":"IFERROR(VLOOKUP(C5254,参数!$B:$H,2,0),\"\")","v":""},{"$f":"IFERROR(VLOOKUP(C5254,参数!$B:$H,4,0),\"\")","v":""},{"$f":"IFERROR(VLOOKUP(C5254,参数!B:H,3,FALSE),\"\")","v":""},"",1]
[5254,{"$nulls":6},{"$f":"IFERROR(VLOOKUP(C5255,参数!$B:$H,2,0),\"\")","v":""},{"$f":"IFERROR(VLOOKUP(C5255,参数!$B:$H,4,0),\"\")","v":""},{"$f":"IFERROR(VLOOKUP(C5255,参数!B:H,3,FALSE),\"\")","v":""},"",1]
[5255,{"$nulls":6},{"$f":"IFERROR(VLOOKUP(C5256,参数!$B:$H,2,0),\"\")","v":""},{"$f":"IFERROR(VLOOKUP(C5256,参数!$B:$H,4,0),\"\")","v":""},{"$f":"IFERROR(VLOOKUP(C5256,参数!B:H,3,FALSE),\"\")","v":""},"",1]
[5256,{"$nulls":6},{"$f":"IFERROR(VLOOKUP(C5257,参数!$B:$H,2,0),\"\")","v":""},{"$f":"IFERROR(VLOOKUP(C5257,参数!$B:$H,4,0),\"\")","v":""},{"$f":"IFERROR(VLOOKUP(C5257,参数!B:H,3,FALSE),\"\")","v":""},"",1]
[5257,{"$nulls":6},{"$f":"IFERROR(VLOOKUP(C5258,参数!$B:$H,2,0),\"\")","v":""},{"$f":"IFERROR(VLOOKUP(C5258,参数!$B:$H,4,0),\"\")","v":""},{"$f":"IFERROR(VLOOKUP(C5258,参数!B:H,3,FALSE),\"\")","v":""},"",1]
[5258,{"$nulls":6},{"$f":"IFERROR(VLOOKUP(C5259,参数!$B:$H,2,0),\"\")","v":""},{"$f":"IFERROR(VLOOKUP(C5259,参数!$B:$H,4,0),\"\")","v":""},{"$f":"IFERROR(VLOOKUP(C5259,参数!B:H,3,FALSE),\"\")","v":""},"",1]
[5259,{"$nulls":6},{"$f":"IFERROR(VLOOKUP(C5260,参数!$B:$H,2,0),\"\")","v":""},{"$f":"IFERROR(VLOOKUP(C5260,参数!$B:$H,4,0),\"\")","v":""},{"$f":"IFERROR(VLOOKUP(C5260,参数!B:H,3,FALSE),\"\")","v":""},"",1]
[5260,{"$nulls":6},{"$f":"IFERROR(VLOOKUP(C5261,参数!$B:$H,2,0),\"\")","v":""},{"$f":"IFERROR(VLOOKUP(C5261,参数!$B:$H,4,0),\"\")","v":""},{"$f":"IFERROR(VLOOKUP(C5261,参数!B:H,3,FALSE),\"\")","v":""},"",1]
[5261,{"$nulls":6},{"$f":"IFERROR(VLOOKUP(C5262,参数!$B:$H,2,0),\"\")","v":""},{"$f":"IFERROR(VLOOKUP(C5262,参数!$B:$H,4,0),\"\")","v":""},{"$f":"IFERROR(VLOOKUP(C5262,参数!B:H,3,FALSE),\"\")","v":""},"",1]
[5262,{"$nulls":6},{"$f":"IFERROR(VLOOKUP(C5263,参数!$B:$H,2,0),\"\")","v":""},{"$f":"IFERROR(VLOOKUP(C5263,参数!$B:$H,4,0),\"\")","v":""},{"$f":"IFERROR(VLOOKUP(C5263,参数!B:H,3,FALSE),\"\")","v":""},"",1]
[5263,{"$nulls":6},{"$f":"IFERROR(VLOOKUP(C5264,参数!$B:$H,2,0),\"\")","v":""},{"$f":"IFERROR(VLOOKUP(C5264,参数!$B:$H,4,0),\"\")","v":""},{"$f":"IFERROR(VLOOKUP(C5264,参数!B:H,3,FALSE),\"\")","v":""},"",1]
[5264,{"$nulls":6},{"$f":"IFERROR(VLOOKUP(C5265,参数!$B:$H,2,0),\"\")","v":""},{"$f":"IFERROR(VLOOKUP(C5265,参数!$B:$H,4,0),\"\")","v":""},{"$f":"IFERROR(VLOOKUP(C5265,参数!B:H,3,FALSE),\"\")","v":""},"",1]
[5265,{"$nulls":6},{"$f":"IFERROR(VLOOKUP(C5266,参数!$B:$H,2,0),\"\")","v":""},{"$f":"IFERROR(VLOOKUP(C5266,参数!$B:$H,4,0),\"\")","v":""},{"$f":"IFERROR(VLOOKUP(C5266,参数!B:H,3,FALSE),\"\")","v":""},"",1]
[5266,{"$nulls":6},{"$f":"IFERROR(VLOOKUP(C5267,参数!$B:$H,2,0),\"\")","v":""},{"$f":"IFERROR(VLOOKUP(C5267,参数!$B:$H,4,0),\"\")","v":""},{"$f":"IFERROR(VLOOKUP(C5267,参数!B:H,3,FALSE),\"\")","v":""},"",1]
[5267,{"$nulls":6},{"$f":"IFERROR(VLOOKUP(C5268,参数!$B:$H,2,0),\"\")","v":""},{"$f":"IFERROR(VLOOKUP(C5268,参数!$B:$H,4,0),\"\")","v":""},{"$f":"IFERROR(VLOOKUP(C5268,参数!B:H,3,FALSE),\"\")","v":""},"",1]
[5268,{"$nulls":6},{"$f":"IFERROR(VLOOKUP(C5269,参数!$B:$H,2,0),\"\")","v":""},{"$f":"IFERROR(VLOOKUP(C5269,参数!$B:$H,4,0),\"\")","v":""},{"$f":"IFERROR(VLOOKUP(C5269,参数!B:H,3,FALSE),\"\")","v":""},"",1]
[5269,{"$nulls":6},{"$f":"IFERROR(VLOOKUP(C5270,参数!$B:$H,2,0),\"\")","v":""},{"$f":"IFERROR(VLOOKUP(C5270,参数!$B:$H,4,0),\"\")","v":""},{"$f":"IFERROR(VLOOKUP(C5270,参数!B:H,3,FALSE),\"\")","v":""},"",1]
[5270,{"$nulls":6},{"$f":"IFERROR(VLOOKUP(C5271,参数!$B:$H,2,0),\"\")","v":""},{"$f":"IFERROR(VLOOKUP(C5271,参数!$B:$H,4,0),\"\")","v":""},{"$f":"IFERROR(VLOOKUP(C5271,参数!B:H,3,FALSE),\"\")","v":""},"",1]
[5271,{"$nulls":6},{"$f":"IFERROR(VLOOKUP(C5272,参数!$B:$H,2,0),\"\")","v":""},{"$f":"IFERROR(VLOOKUP(C5272,参数!$B:$H,4,0),\"\")","v":""},{"$f":"IFERROR(VLOOKUP(C5272,参数!B:H,3,FALSE),\"\")","v":""},"",1]
[5272,{"$nulls":6},{"$f":"IFERROR(VLOOKUP(C5273,参数!$B:$H,2,0),\"\")","v":""},{"$f":"IFERROR(VLOOKUP(C5273,参数!$B:$H,4,0),\"\")","v":""},{"$f":"IFERROR(VLOOKUP(C5273,参数!B:H,3,FALSE),\"\")","v":""},"",1]
[5273,{"$nulls":6},{"$f":"IFERROR(VLOOKUP(C5274,参数!$B:$H,2,0),\"\")","v":""},{"$f":"IFERROR(VLOOKUP(C5274,参数!$B:$H,4,0),\"\")","v":""},{"$f":"IFERROR(VLOOKUP(C5274,参数!B:H,3,FALSE),\"\")","v":""},"",1]
[5274,{"$nulls":6},{"$f":"IFERROR(VLOOKUP(C5275,参数!$B:$H,2,0),\"\")","v":""},{"$f":"IFERROR(VLOOKUP(C5275,参数!$B:$H,4,0),\"\")","v":""},{"$f":"IFERROR(VLOOKUP(C5275,参数!B:H,3,FALSE),\"\")","v":""},"",1]
[5275,{"$nulls":6},{"$f":"IFERROR(VLOOKUP(C5276,参数!$B:$H,2,0),\"\")","v":""},{"$f":"IFERROR(VLOOKUP(C5276,参数!$B:$H,4,0),\"\")","v":""},{"$f":"IFERROR(VLOOKUP(C5276,参数!B:H,3,FALSE),\"\")","v":""},"",1]
[5276,{"$nulls":6},{"$f":"IFERROR(VLOOKUP(C5277,参数!$B:$H,2,0),\"\")","v":""},{"$f":"IFERROR(VLOOKUP(C5277,参数!$B:$H,4,0),\"\")","v":""},{"$f":"IFERROR(VLOOKUP(C5277,参数!B:H,3,FALSE),\"\")","v":""},"",1]
[5277,{"$nulls":6},{"$f":"IFERROR(VLOOKUP(C5278,参数!$B:$H,2,0),\"\")","v":""},{"$f":"IFERROR(VLOOKUP(C5278,参数!$B:$H,4,0),\"\")","v":""},{"$f":"IFERROR(VLOOKUP(C5278,参数!B:H,3,FALSE),\"\")","v":""},"",1]
[5278,{"$nulls":6},{"$f":"IFERROR(VLOOKUP(C5279,参数!$B:$H,2,0),\"\")","v":""},{"$f":"IFERROR(VLOOKUP(C5279,参数!$B:$H,4,0),\"\")","v":""},{"$f":"IFERROR(VLOOKUP(C5279,参数!B:H,3,FALSE),\"\")","v":""},"",1]
[5279,{"$nulls":6},{"$f":"IFERROR(VLOOKUP(C5280,参数!$B:$H,2,0),\"\")","v":""},{"$f":"IFERROR(VLOOKUP(C5280,参数!$B:$H,4,0),\"\")","v":""},{"$f":"IFERROR(VLOOKUP(C5280,参数!B:H,3,FALSE),\"\")","v":""},"",1]
[5280,{"$nulls":6},{"$f":"IFERROR(VLOOKUP(C5281,参数!$B:$H,2,0),\"\")","v":""},{"$f":"IFERROR(VLOOKUP(C5281,参数!$B:$H,4,0),\"\")","v":""},{"$f":"IFERROR(VLOOKUP(C5281,参数!B:H,3,FALSE),\"\")","v":""},"",1]
[5281,{"$nulls":6},{"$f":"IFERROR(VLOOKUP(C5282,参数!$B:$H,2,0),\"\")","v":""},{"$f":"IFERROR(VLOOKUP(C5282,参数!$B:$H,4,0),\"\")","v":""},{"$f":"IFERROR(VLOOKUP(C5282,参数!B:H,3,FALSE),\"\")","v":""},"",1]
[5282,{"$nulls":6},{"$f":"IFERROR(VLOOKUP(C5283,参数!$B:$H,2,0),\"\")","v":""},{"$f":"IFERROR(VLOOKUP(C5283,参数!$B:$H,4,0),\"\")","v":""},{"$f":"IFERROR(VLOOKUP(C5283,参数!B:H,3,FALSE),\"\")","v":""},"",1]
[5283,{"$nulls":6},{"$f":"IFERROR(VLOOKUP(C5284,参数!$B:$H,2,0),\"\")","v":""},{"$f":"IFERROR(VLOOKUP(C5284,参数!$B:$H,4,0),\"\")","v":""},{"$f":"IFERROR(VLOOKUP(C5284,参数!B:H,3,FALSE),\"\")","v":""},"",1]
[5284,{"$nulls":6},{"$f":"IFERROR(VLOOKUP(C5285,参数!$B:$H,2,0),\"\")","v":""},{"$f":"IFERROR(VLOOKUP(C5285,参数!$B:$H,4,0),\"\")","v":""},{"$f":"IFERROR(VLOOKUP(C5285,参数!B:H,3,FALSE),\"\")","v":""},{"$f":"IFERROR(J5285*E5285,\"\")","v":""},1]
[5285,{"$nulls":6},{"$f":"IFERROR(VLOOKUP(C5286,参数!$B:$H,2,0),\"\")","v":""},{"$f":"IFERROR(VLOOKUP(C5286,参数!$B:$H,4,0),\"\")","v":""},{"$f":"IFERROR(VLOOKUP(C5286,参数!B:H,3,FALSE),\"\")","v":""},"",1]
[5286,{"$nulls":6},{"$f":"IFERROR(VLOOKUP(C5287,参数!$B:$H,2,0),\"\")","v":""},{"$f":"IFERROR(VLOOKUP(C5287,参数!$B:$H,4,0),\"\")","v":""},{"$f":"IFERROR(VLOOKUP(C5287,参数!B:H,3,FALSE),\"\")","v":""},"",1]
[5287,{"$nulls":6},{"$f":"IFERROR(VLOOKUP(C5288,参数!$B:$H,2,0),\"\")","v":""},{"$f":"IFERROR(VLOOKUP(C5288,参数!$B:$H,4,0),\"\")","v":""},{"$f":"IFERROR(VLOOKUP(C5288,参数!B:H,3,FALSE),\"\")","v":""},"",1]
[5288,{"$nulls":6},{"$f":"IFERROR(VLOOKUP(C5289,参数!$B:$H,2,0),\"\")","v":""},{"$f":"IFERROR(VLOOKUP(C5289,参数!$B:$H,4,0),\"\")","v":""},{"$f":"IFERROR(VLOOKUP(C5289,参数!B:H,3,FALSE),\"\")","v":""},"",1]
[5289,{"$nulls":6},{"$f":"IFERROR(VLOOKUP(C5290,参数!$B:$H,2,0),\"\")","v":""},{"$f":"IFERROR(VLOOKUP(C5290,参数!$B:$H,4,0),\"\")","v":""},{"$f":"IFERROR(VLOOKUP(C5290,参数!B:H,3,FALSE),\"\")","v":""},"",1]
[5290,{"$nulls":6},{"$f":"IFERROR(VLOOKUP(C5291,参数!$B:$H,2,0),\"\")","v":""},{"$f":"IFERROR(VLOOKUP(C5291,参数!$B:$H,4,0),\"\")","v":""},{"$f":"IFERROR(VLOOKUP(C5291,参数!B:H,3,FALSE),\"\")","v":""},"",1]
[5291,{"$nulls":6},{"$f":"IFERROR(VLOOKUP(C5292,参数!$B:$H,2,0),\"\")","v":""},{"$f":"IFERROR(VLOOKUP(C5292,参数!$B:$H,4,0),\"\")","v":""},{"$f":"IFERROR(VLOOKUP(C5292,参数!B:H,3,FALSE),\"\")","v":""},"",1]
[5292,{"$nulls":6},{"$f":"IFERROR(VLOOKUP(C5293,参数!$B:$H,2,0),\"\")","v":""},{"$f":"IFERROR(VLOOKUP(C5293,参数!$B:$H,4,0),\"\")","v":""},{"$f":"IFERROR(VLOOKUP(C5293,参数!B:H,3,FALSE),\"\")","v":""},"",1]
[5293,{"$nulls":6},{"$f":"IFERROR(VLOOKUP(C5294,参数!$B:$H,2,0),\"\")","v":""},{"$f":"IFERROR(VLOOKUP(C5294,参数!$B:$H,4,0),\"\")","v":""},{"$f":"IFERROR(VLOOKUP(C5294,参数!B:H,3,FALSE),\"\")","v":""},"",1]
[5294,{"$nulls":6},{"$f":"IFERROR(VLOOKUP(C5295,参数!$B:$H,2,0),\"\")","v":""},{"$f":"IFERROR(VLOOKUP(C5295,参数!$B:$H,4,0),\"\")","v":""},{"$f":"IFERROR(VLOOKUP(C5295,参数!B:H,3,FALSE),\"\")","v":""},"",1]
[5295,{"$nulls":6},{"$f":"IFERROR(VLOOKUP(C5296,参数!$B:$H,2,0),\"\")","v":""},{"$f":"IFERROR(VLOOKUP(C5296,参数!$B:$H,4,0),\"\")","v":""},{"$f":"IFERROR(VLOOKUP(C5296,参数!B:H,3,FALSE),\"\")","v":""},"",1]
[5296,{"$nulls":6},{"$f":"IFERROR(VLOOKUP(C5297,参数!$B:$H,2,0),\"\")","v":""},{"$f":"IFERROR(VLOOKUP(C5297,参数!$B:$H,4,0),\"\")","v":""},{"$f":"IFERROR(VLOOKUP(C5297,参数!B:H,3,FALSE),\"\")","v":""},"",1]
[5297,{"$nulls":6},{"$f":"IFERROR(VLOOKUP(C5298,参数!$B:$H,2,0),\"\")","v":""},{"$f":"IFERROR(VLOOKUP(C5298,参数!$B:$H,4,0),\"\")","v":""},{"$f":"IFERROR(VLOOKUP(C5298,参数!B:H,3,FALSE),\"\")","v":""},"",1]
[5298,{"$nulls":6},{"$f":"IFERROR(VLOOKUP(C5299,参数!$B:$H,2,0),\"\")","v":""},{"$f":"IFERROR(VLOOKUP(C5299,参数!$B:$H,4,0),\"\")","v":""},{"$f":"IFERROR(VLOOKUP(C5299,参数!B:H,3,FALSE),\"\")","v":""},"",1]
[5299,{"$nulls":6},{"$f":"IFERROR(VLOOKUP(C5300,参数!$B:$H,2,0),\"\")","v":""},{"$f":"IFERROR(VLOOKUP(C5300,参数!$B:$H,4,0),\"\")","v":""},{"$f":"IFERROR(VLOOKUP(C5300,参数!B:H,3,FALSE),\"\")","v":""},"",1]
[5300,{"$nulls":6},{"$f":"IFERROR(VLOOKUP(C5301,参数!$B:$H,2,0),\"\")","v":""},{"$f":"IFERROR(VLOOKUP(C5301,参数!$B:$H,4,0),\"\")","v":""},{"$f":"IFERROR(VLOOKUP(C5301,参数!B:H,3,FALSE),\"\")","v":""},"",1]
[5301,{"$nulls":6},{"$f":"IFERROR(VLOOKUP(C5302,参数!$B:$H,2,0),\"\")","v":""},{"$f":"IFERROR(VLOOKUP(C5302,参数!$B:$H,4,0),\"\")","v":""},{"$f":"IFERROR(VLOOKUP(C5302,参数!B:H,3,FALSE),\"\")","v":""},"",1]
[5302,{"$nulls":6},{"$f":"IFERROR(VLOOKUP(C5303,参数!$B:$H,2,0),\"\")","v":""},{"$f":"IFERROR(VLOOKUP(C5303,参数!$B:$H,4,0),\"\")","v":""},{"$f":"IFERROR(VLOOKUP(C5303,参数!B:H,3,FALSE),\"\")","v":""},"",1]
[5303,{"$nulls":6},{"$f":"IFERROR(VLOOKUP(C5304,参数!$B:$H,2,0),\"\")","v":""},{"$f":"IFERROR(VLOOKUP(C5304,参数!$B:$H,4,0),\"\")","v":""},{"$f":"IFERROR(VLOOKUP(C5304,参数!B:H,3,FALSE),\"\")","v":""},"",1]
[5304,{"$nulls":6},{"$f":"IFERROR(VLOOKUP(C5305,参数!$B:$H,2,0),\"\")","v":""},{"$f":"IFERROR(VLOOKUP(C5305,参数!$B:$H,4,0),\"\")","v":""},{"$f":"IFERROR(VLOOKUP(C5305,参数!B:H,3,FALSE),\"\")","v":""},"",1]
[5305,{"$nulls":6},{"$f":"IFERROR(VLOOKUP(C5306,参数!$B:$H,2,0),\"\")","v":""},{"$f":"IFERROR(VLOOKUP(C5306,参数!$B:$H,4,0),\"\")","v":""},{"$f":"IFERROR(VLOOKUP(C5306,参数!B:H,3,FALSE),\"\")","v":""},"",1]
[5306,{"$nulls":6},{"$f":"IFERROR(VLOOKUP(C5307,参数!$B:$H,2,0),\"\")","v":""},{"$f":"IFERROR(VLOOKUP(C5307,参数!$B:$H,4,0),\"\")","v":""},{"$f":"IFERROR(VLOOKUP(C5307,参数!B:H,3,FALSE),\"\")","v":""},"",1]
[5307,{"$nulls":6},{"$f":"IFERROR(VLOOKUP(C5308,参数!$B:$H,2,0),\"\")","v":""},{"$f":"IFERROR(VLOOKUP(C5308,参数!$B:$H,4,0),\"\")","v":""},{"$f":"IFERROR(VLOOKUP(C5308,参数!B:H,3,FALSE),\"\")","v":""},"",1]
[5308,{"$nulls":6},{"$f":"IFERROR(VLOOKUP(C5309,参数!$B:$H,2,0),\"\")","v":""},{"$f":"IFERROR(VLOOKUP(C5309,参数!$B:$H,4,0),\"\")","v":""},{"$f":"IFERROR(VLOOKUP(C5309,参数!B:H,3,FALSE),\"\")","v":""},"",1]
[5309,{"$nulls":6},{"$f":"IFERROR(VLOOKUP(C5310,参数!$B:$H,2,0),\"\")","v":""},{"$f":"IFERROR(VLOOKUP(C5310,参数!$B:$H,4,0),\"\")","v":""},{"$f":"IFERROR(VLOOKUP(C5310,参数!B:H,3,FALSE),\"\")","v":""},"",1]
[5310,{"$nulls":6},{"$f":"IFERROR(VLOOKUP(C5311,参数!$B:$H,2,0),\"\")","v":""},{"$f":"IFERROR(VLOOKUP(C5311,参数!$B:$H,4,0),\"\")","v":""},{"$f":"IFERROR(VLOOKUP(C5311,参数!B:H,3,FALSE),\"\")","v":""},"",1]
[5311,{"$nulls":6},{"$f":"IFERROR(VLOOKUP(C5312,参数!$B:$H,2,0),\"\")","v":""},{"$f":"IFERROR(VLOOKUP(C5312,参数!$B:$H,4,0),\"\")","v":""},{"$f":"IFERROR(VLOOKUP(C5312,参数!B:H,3,FALSE),\"\")","v":""},"",1]
[5312,{"$nulls":6},{"$f":"IFERROR(VLOOKUP(C5313,参数!$B:$H,2,0),\"\")","v":""},{"$f":"IFERROR(VLOOKUP(C5313,参数!$B:$H,4,0),\"\")","v":""},{"$f":"IFERROR(VLOOKUP(C5313,参数!B:H,3,FALSE),\"\")","v":""},"",1]
[5313,{"$nulls":6},{"$f":"IFERROR(VLOOKUP(C5314,参数!$B:$H,2,0),\"\")","v":""},{"$f":"IFERROR(VLOOKUP(C5314,参数!$B:$H,4,0),\"\")","v":""},{"$f":"IFERROR(VLOOKUP(C5314,参数!B:H,3,FALSE),\"\")","v":""},"",{"$f":"VALUE(MONTH(B5314))","v":1}]
[5314,{"$nulls":6},{"$f":"IFERROR(VLOOKUP(C5315,参数!$B:$H,2,0),\"\")","v":""},{"$f":"IFERROR(VLOOKUP(C5315,参数!$B:$H,4,0),\"\")","v":""},{"$f":"IFERROR(VLOOKUP(C5315,参数!B:H,3,FALSE),\"\")","v":""},"",1]
[5315,{"$nulls":6},{"$f":"IFERROR(VLOOKUP(C5316,参数!$B:$H,2,0),\"\")","v":""},{"$f":"IFERROR(VLOOKUP(C5316,参数!$B:$H,4,0),\"\")","v":""},{"$f":"IFERROR(VLOOKUP(C5316,参数!B:H,3,FALSE),\"\")","v":""},"",1]
[5316,{"$nulls":6},{"$f":"IFERROR(VLOOKUP(C5317,参数!$B:$H,2,0),\"\")","v":""},{"$f":"IFERROR(VLOOKUP(C5317,参数!$B:$H,4,0),\"\")","v":""},{"$f":"IFERROR(VLOOKUP(C5317,参数!B:H,3,FALSE),\"\")","v":""},"",1]
[5317,{"$nulls":6},{"$f":"IFERROR(VLOOKUP(C5318,参数!$B:$H,2,0),\"\")","v":""},{"$f":"IFERROR(VLOOKUP(C5318,参数!$B:$H,4,0),\"\")","v":""},{"$f":"IFERROR(VLOOKUP(C5318,参数!B:H,3,FALSE),\"\")","v":""},"",1]
[5318,{"$nulls":6},{"$f":"IFERROR(VLOOKUP(C5319,参数!$B:$H,2,0),\"\")","v":""},{"$f":"IFERROR(VLOOKUP(C5319,参数!$B:$H,4,0),\"\")","v":""},{"$f":"IFERROR(VLOOKUP(C5319,参数!B:H,3,FALSE),\"\")","v":""},"",1]
[5319,{"$nulls":6},{"$f":"IFERROR(VLOOKUP(C5320,参数!$B:$H,2,0),\"\")","v":""},{"$f":"IFERROR(VLOOKUP(C5320,参数!$B:$H,4,0),\"\")","v":""},{"$f":"IFERROR(VLOOKUP(C5320,参数!B:H,3,FALSE),\"\")","v":""},"",1]
[5320,{"$nulls":6},{"$f":"IFERROR(VLOOKUP(C5321,参数!$B:$H,2,0),\"\")","v":""},{"$f":"IFERROR(VLOOKUP(C5321,参数!$B:$H,4,0),\"\")","v":""},{"$f":"IFERROR(VLOOKUP(C5321,参数!B:H,3,FALSE),\"\")","v":""},"",1]
[5321,{"$nulls":6},{"$f":"IFERROR(VLOOKUP(C5322,参数!$B:$H,2,0),\"\")","v":""},{"$f":"IFERROR(VLOOKUP(C5322,参数!$B:$H,4,0),\"\")","v":""},{"$f":"IFERROR(VLOOKUP(C5322,参数!B:H,3,FALSE),\"\")","v":""},"",1]
[5322,{"$nulls":6},{"$f":"IFERROR(VLOOKUP(C5323,参数!$B:$H,2,0),\"\")","v":""},{"$f":"IFERROR(VLOOKUP(C5323,参数!$B:$H,4,0),\"\")","v":""},{"$f":"IFERROR(VLOOKUP(C5323,参数!B:H,3,FALSE),\"\")","v":""},"",1]
[5323,{"$nulls":6},{"$f":"IFERROR(VLOOKUP(C5324,参数!$B:$H,2,0),\"\")","v":""},{"$f":"IFERROR(VLOOKUP(C5324,参数!$B:$H,4,0),\"\")","v":""},{"$f":"IFERROR(VLOOKUP(C5324,参数!B:H,3,FALSE),\"\")","v":""},"",1]
[5324,{"$nulls":6},{"$f":"IFERROR(VLOOKUP(C5325,参数!$B:$H,2,0),\"\")","v":""},{"$f":"IFERROR(VLOOKUP(C5325,参数!$B:$H,4,0),\"\")","v":""},{"$f":"IFERROR(VLOOKUP(C5325,参数!B:H,3,FALSE),\"\")","v":""},"",1]
[5325,{"$nulls":6},{"$f":"IFERROR(VLOOKUP(C5326,参数!$B:$H,2,0),\"\")","v":""},{"$f":"IFERROR(VLOOKUP(C5326,参数!$B:$H,4,0),\"\")","v":""},{"$f":"IFERROR(VLOOKUP(C5326,参数!B:H,3,FALSE),\"\")","v":""},"",1]
[5326,{"$nulls":6},{"$f":"IFERROR(VLOOKUP(C5327,参数!$B:$H,2,0),\"\")","v":""},{"$f":"IFERROR(VLOOKUP(C5327,参数!$B:$H,4,0),\"\")","v":""},{"$f":"IFERROR(VLOOKUP(C5327,参数!B:H,3,FALSE),\"\")","v":""},"",1]
[5327,{"$nulls":6},{"$f":"IFERROR(VLOOKUP(C5328,参数!$B:$H,2,0),\"\")","v":""},{"$f":"IFERROR(VLOOKUP(C5328,参数!$B:$H,4,0),\"\")","v":""},{"$f":"IFERROR(VLOOKUP(C5328,参数!B:H,3,FALSE),\"\")","v":""},"",1]
[5328,{"$nulls":6},{"$f":"IFERROR(VLOOKUP(C5329,参数!$B:$H,2,0),\"\")","v":""},{"$f":"IFERROR(VLOOKUP(C5329,参数!$B:$H,4,0),\"\")","v":""},{"$f":"IFERROR(VLOOKUP(C5329,参数!B:H,3,FALSE),\"\")","v":""},"",1]
[5329,{"$nulls":6},{"$f":"IFERROR(VLOOKUP(C5330,参数!$B:$H,2,0),\"\")","v":""},{"$f":"IFERROR(VLOOKUP(C5330,参数!$B:$H,4,0),\"\")","v":""},{"$f":"IFERROR(VLOOKUP(C5330,参数!B:H,3,FALSE),\"\")","v":""},"",1]
[5330,{"$nulls":6},{"$f":"IFERROR(VLOOKUP(C5331,参数!$B:$H,2,0),\"\")","v":""},{"$f":"IFERROR(VLOOKUP(C5331,参数!$B:$H,4,0),\"\")","v":""},{"$f":"IFERROR(VLOOKUP(C5331,参数!B:H,3,FALSE),\"\")","v":""},"",1]
[5331,{"$nulls":6},{"$f":"IFERROR(VLOOKUP(C5332,参数!$B:$H,2,0),\"\")","v":""},{"$f":"IFERROR(VLOOKUP(C5332,参数!$B:$H,4,0),\"\")","v":""},{"$f":"IFERROR(VLOOKUP(C5332,参数!B:H,3,FALSE),\"\")","v":""},"",1]
[5332,{"$nulls":6},{"$f":"IFERROR(VLOOKUP(C5333,参数!$B:$H,2,0),\"\")","v":""},{"$f":"IFERROR(VLOOKUP(C5333,参数!$B:$H,4,0),\"\")","v":""},{"$f":"IFERROR(VLOOKUP(C5333,参数!B:H,3,FALSE),\"\")","v":""},"",1]
[5333,{"$nulls":6},{"$f":"IFERROR(VLOOKUP(C5334,参数!$B:$H,2,0),\"\")","v":""},{"$f":"IFERROR(VLOOKUP(C5334,参数!$B:$H,4,0),\"\")","v":""},{"$f":"IFERROR(VLOOKUP(C5334,参数!B:H,3,FALSE),\"\")","v":""},"",1]
[5334,{"$nulls":6},{"$f":"IFERROR(VLOOKUP(C5335,参数!$B:$H,2,0),\"\")","v":""},{"$f":"IFERROR(VLOOKUP(C5335,参数!$B:$H,4,0),\"\")","v":""},{"$f":"IFERROR(VLOOKUP(C5335,参数!B:H,3,FALSE),\"\")","v":""},"",1]
[5335,{"$nulls":6},{"$f":"IFERROR(VLOOKUP(C5336,参数!$B:$H,2,0),\"\")","v":""},{"$f":"IFERROR(VLOOKUP(C5336,参数!$B:$H,4,0),\"\")","v":""},{"$f":"IFERROR(VLOOKUP(C5336,参数!B:H,3,FALSE),\"\")","v":""},"",1]
[5336,{"$nulls":6},{"$f":"IFERROR(VLOOKUP(C5337,参数!$B:$H,2,0),\"\")","v":""},{"$f":"IFERROR(VLOOKUP(C5337,参数!$B:$H,4,0),\"\")","v":""},{"$f":"IFERROR(VLOOKUP(C5337,参数!B:H,3,FALSE),\"\")","v":""},"",1]
[5337,{"$nulls":6},{"$f":"IFERROR(VLOOKUP(C5338,参数!$B:$H,2,0),\"\")","v":""},{"$f":"IFERROR(VLOOKUP(C5338,参数!$B:$H,4,0),\"\")","v":""},{"$f":"IFERROR(VLOOKUP(C5338,参数!B:H,3,FALSE),\"\")","v":""},"",1]
[5338,{"$nulls":6},{"$f":"IFERROR(VLOOKUP(C5339,参数!$B:$H,2,0),\"\")","v":""},{"$f":"IFERROR(VLOOKUP(C5339,参数!$B:$H,4,0),\"\")","v":""},{"$f":"IFERROR(VLOOKUP(C5339,参数!B:H,3,FALSE),\"\")","v":""},"",1]
[5339,{"$nulls":6},{"$f":"IFERROR(VLOOKUP(C5340,参数!$B:$H,2,0),\"\")","v":""},{"$f":"IFERROR(VLOOKUP(C5340,参数!$B:$H,4,0),\"\")","v":""},{"$f":"IFERROR(VLOOKUP(C5340,参数!B:H,3,FALSE),\"\")","v":""},"",1]
[5340,{"$nulls":6},{"$f":"IFERROR(VLOOKUP(C5341,参数!$B:$H,2,0),\"\")","v":""},{"$f":"IFERROR(VLOOKUP(C5341,参数!$B:$H,4,0),\"\")","v":""},{"$f":"IFERROR(VLOOKUP(C5341,参数!B:H,3,FALSE),\"\")","v":""},"",1]
[5341,{"$nulls":6},{"$f":"IFERROR(VLOOKUP(C5342,参数!$B:$H,2,0),\"\")","v":""},{"$f":"IFERROR(VLOOKUP(C5342,参数!$B:$H,4,0),\"\")","v":""},{"$f":"IFERROR(VLOOKUP(C5342,参数!B:H,3,FALSE),\"\")","v":""},"",1]
[5342,{"$nulls":6},{"$f":"IFERROR(VLOOKUP(C5343,参数!$B:$H,2,0),\"\")","v":""},{"$f":"IFERROR(VLOOKUP(C5343,参数!$B:$H,4,0),\"\")","v":""},{"$f":"IFERROR(VLOOKUP(C5343,参数!B:H,3,FALSE),\"\")","v":""},"",1]
[5343,{"$nulls":6},{"$f":"IFERROR(VLOOKUP(C5344,参数!$B:$H,2,0),\"\")","v":""},{"$f":"IFERROR(VLOOKUP(C5344,参数!$B:$H,4,0),\"\")","v":""},{"$f":"IFERROR(VLOOKUP(C5344,参数!B:H,3,FALSE),\"\")","v":""},"",1]
[5344,{"$nulls":6},{"$f":"IFERROR(VLOOKUP(C5345,参数!$B:$H,2,0),\"\")","v":""},{"$f":"IFERROR(VLOOKUP(C5345,参数!$B:$H,4,0),\"\")","v":""},{"$f":"IFERROR(VLOOKUP(C5345,参数!B:H,3,FALSE),\"\")","v":""},"",1]
[5345,{"$nulls":6},{"$f":"IFERROR(VLOOKUP(C5346,参数!$B:$H,2,0),\"\")","v":""},{"$f":"IFERROR(VLOOKUP(C5346,参数!$B:$H,4,0),\"\")","v":""},{"$f":"IFERROR(VLOOKUP(C5346,参数!B:H,3,FALSE),\"\")","v":""},"",1]
[5346,{"$nulls":6},{"$f":"IFERROR(VLOOKUP(C5347,参数!$B:$H,2,0),\"\")","v":""},{"$f":"IFERROR(VLOOKUP(C5347,参数!$B:$H,4,0),\"\")","v":""},{"$f":"IFERROR(VLOOKUP(C5347,参数!B:H,3,FALSE),\"\")","v":""},"",1]
[5347,{"$nulls":6},{"$f":"IFERROR(VLOOKUP(C5348,参数!$B:$H,2,0),\"\")","v":""},{"$f":"IFERROR(VLOOKUP(C5348,参数!$B:$H,4,0),\"\")","v":""},{"$f":"IFERROR(VLOOKUP(C5348,参数!B:H,3,FALSE),\"\")","v":""},"",1]
[5348,{"$nulls":6},{"$f":"IFERROR(VLOOKUP(C5349,参数!$B:$H,2,0),\"\")","v":""},{"$f":"IFERROR(VLOOKUP(C5349,参数!$B:$H,4,0),\"\")","v":""},{"$f":"IFERROR(VLOOKUP(C5349,参数!B:H,3,FALSE),\"\")","v":""},{"$f":"IFERROR(J5349*E5349,\"\")","v":""},1]
[5349,{"$nulls":6},{"$f":"IFERROR(VLOOKUP(C5350,参数!$B:$H,2,0),\"\")","v":""},{"$f":"IFERROR(VLOOKUP(C5350,参数!$B:$H,4,0),\"\")","v":""},{"$f":"IFERROR(VLOOKUP(C5350,参数!B:H,3,FALSE),\"\")","v":""},"",1]
[5350,{"$nulls":6},{"$f":"IFERROR(VLOOKUP(C5351,参数!$B:$H,2,0),\"\")","v":""},{"$f":"IFERROR(VLOOKUP(C5351,参数!$B:$H,4,0),\"\")","v":""},{"$f":"IFERROR(VLOOKUP(C5351,参数!B:H,3,FALSE),\"\")","v":""},"",1]
[5351,{"$nulls":6},{"$f":"IFERROR(VLOOKUP(C5352,参数!$B:$H,2,0),\"\")","v":""},{"$f":"IFERROR(VLOOKUP(C5352,参数!$B:$H,4,0),\"\")","v":""},{"$f":"IFERROR(VLOOKUP(C5352,参数!B:H,3,FALSE),\"\")","v":""},"",1]
[5352,{"$nulls":6},{"$f":"IFERROR(VLOOKUP(C5353,参数!$B:$H,2,0),\"\")","v":""},{"$f":"IFERROR(VLOOKUP(C5353,参数!$B:$H,4,0),\"\")","v":""},{"$f":"IFERROR(VLOOKUP(C5353,参数!B:H,3,FALSE),\"\")","v":""},"",1]
[5353,{"$nulls":6},{"$f":"IFERROR(VLOOKUP(C5354,参数!$B:$H,2,0),\"\")","v":""},{"$f":"IFERROR(VLOOKUP(C5354,参数!$B:$H,4,0),\"\")","v":""},{"$f":"IFERROR(VLOOKUP(C5354,参数!B:H,3,FALSE),\"\")","v":""},"",1]
[5354,{"$nulls":6},{"$f":"IFERROR(VLOOKUP(C5355,参数!$B:$H,2,0),\"\")","v":""},{"$f":"IFERROR(VLOOKUP(C5355,参数!$B:$H,4,0),\"\")","v":""},{"$f":"IFERROR(VLOOKUP(C5355,参数!B:H,3,FALSE),\"\")","v":""},"",1]
[5355,{"$nulls":6},{"$f":"IFERROR(VLOOKUP(C5356,参数!$B:$H,2,0),\"\")","v":""},{"$f":"IFERROR(VLOOKUP(C5356,参数!$B:$H,4,0),\"\")","v":""},{"$f":"IFERROR(VLOOKUP(C5356,参数!B:H,3,FALSE),\"\")","v":""},"",1]
[5356,{"$nulls":6},{"$f":"IFERROR(VLOOKUP(C5357,参数!$B:$H,2,0),\"\")","v":""},{"$f":"IFERROR(VLOOKUP(C5357,参数!$B:$H,4,0),\"\")","v":""},{"$f":"IFERROR(VLOOKUP(C5357,参数!B:H,3,FALSE),\"\")","v":""},"",1]
[5357,{"$nulls":6},{"$f":"IFERROR(VLOOKUP(C5358,参数!$B:$H,2,0),\"\")","v":""},{"$f":"IFERROR(VLOOKUP(C5358,参数!$B:$H,4,0),\"\")","v":""},{"$f":"IFERROR(VLOOKUP(C5358,参数!B:H,3,FALSE),\"\")","v":""},"",1]
[5358,{"$nulls":6},{"$f":"IFERROR(VLOOKUP(C5359,参数!$B:$H,2,0),\"\")","v":""},{"$f":"IFERROR(VLOOKUP(C5359,参数!$B:$H,4,0),\"\")","v":""},{"$f":"IFERROR(VLOOKUP(C5359,参数!B:H,3,FALSE),\"\")","v":""},"",1]
[5359,{"$nulls":6},{"$f":"IFERROR(VLOOKUP(C5360,参数!$B:$H,2,0),\"\")","v":""},{"$f":"IFERROR(VLOOKUP(C5360,参数!$B:$H,4,0),\"\")","v":""},{"$f":"IFERROR(VLOOKUP(C5360,参数!B:H,3,FALSE),\"\")","v":""},"",1]
[5360,{"$nulls":6},{"$f":"IFERROR(VLOOKUP(C5361,参数!$B:$H,2,0),\"\")","v":""},{"$f":"IFERROR(VLOOKUP(C5361,参数!$B:$H,4,0),\"\")","v":""},{"$f":"IFERROR(VLOOKUP(C5361,参数!B:H,3,FALSE),\"\")","v":""},"",1]
[5361,{"$nulls":6},{"$f":"IFERROR(VLOOKUP(C5362,参数!$B:$H,2,0),\"\")","v":""},{"$f":"IFERROR(VLOOKUP(C5362,参数!$B:$H,4,0),\"\")","v":""},{"$f":"IFERROR(VLOOKUP(C5362,参数!B:H,3,FALSE),\"\")","v":""},"",1]
[5362,{"$nulls":6},{"$f":"IFERROR(VLOOKUP(C5363,参数!$B:$H,2,0),\"\")","v":""},{"$f":"IFERROR(VLOOKUP(C5363,参数!$B:$H,4,0),\"\")","v":""},{"$f":"IFERROR(VLOOKUP(C5363,参数!B:H,3,FALSE),\"\")","v":""},"",1]
[5363,{"$nulls":6},{"$f":"IFERROR(VLOOKUP(C5364,参数!$B:$H,2,0),\"\")","v":""},{"$f":"IFERROR(VLOOKUP(C5364,参数!$B:$H,4,0),\"\")","v":""},{"$f":"IFERROR(VLOOKUP(C5364,参数!B:H,3,FALSE),\"\")","v":""},"",1]
[5364,{"$nulls":6},{"$f":"IFERROR(VLOOKUP(C5365,参数!$B:$H,2,0),\"\")","v":""},{"$f":"IFERROR(VLOOKUP(C5365,参数!$B:$H,4,0),\"\")","v":""},{"$f":"IFERROR(VLOOKUP(C5365,参数!B:H,3,FALSE),\"\")","v":""},"",1]
[5365,{"$nulls":6},{"$f":"IFERROR(VLOOKUP(C5366,参数!$B:$H,2,0),\"\")","v":""},{"$f":"IFERROR(VLOOKUP(C5366,参数!$B:$H,4,0),\"\")","v":""},{"$f":"IFERROR(VLOOKUP(C5366,参数!B:H,3,FALSE),\"\")","v":""},"",1]
[5366,{"$nulls":6},{"$f":"IFERROR(VLOOKUP(C5367,参数!$B:$H,2,0),\"\")","v":""},{"$f":"IFERROR(VLOOKUP(C5367,参数!$B:$H,4,0),\"\")","v":""},{"$f":"IFERROR(VLOOKUP(C5367,参数!B:H,3,FALSE),\"\")","v":""},"",1]
[5367,{"$nulls":6},{"$f":"IFERROR(VLOOKUP(C5368,参数!$B:$H,2,0),\"\")","v":""},{"$f":"IFERROR(VLOOKUP(C5368,参数!$B:$H,4,0),\"\")","v":""},{"$f":"IFERROR(VLOOKUP(C5368,参数!B:H,3,FALSE),\"\")","v":""},"",1]
[5368,{"$nulls":6},{"$f":"IFERROR(VLOOKUP(C5369,参数!$B:$H,2,0),\"\")","v":""},{"$f":"IFERROR(VLOOKUP(C5369,参数!$B:$H,4,0),\"\")","v":""},{"$f":"IFERROR(VLOOKUP(C5369,参数!B:H,3,FALSE),\"\")","v":""},"",1]
[5369,{"$nulls":6},{"$f":"IFERROR(VLOOKUP(C5370,参数!$B:$H,2,0),\"\")","v":""},{"$f":"IFERROR(VLOOKUP(C5370,参数!$B:$H,4,0),\"\")","v":""},{"$f":"IFERROR(VLOOKUP(C5370,参数!B:H,3,FALSE),\"\")","v":""},"",1]
[5370,{"$nulls":6},{"$f":"IFERROR(VLOOKUP(C5371,参数!$B:$H,2,0),\"\")","v":""},{"$f":"IFERROR(VLOOKUP(C5371,参数!$B:$H,4,0),\"\")","v":""},{"$f":"IFERROR(VLOOKUP(C5371,参数!B:H,3,FALSE),\"\")","v":""},"",1]
[5371,{"$nulls":6},{"$f":"IFERROR(VLOOKUP(C5372,参数!$B:$H,2,0),\"\")","v":""},{"$f":"IFERROR(VLOOKUP(C5372,参数!$B:$H,4,0),\"\")","v":""},{"$f":"IFERROR(VLOOKUP(C5372,参数!B:H,3,FALSE),\"\")","v":""},"",1]
[5372,{"$nulls":6},{"$f":"IFERROR(VLOOKUP(C5373,参数!$B:$H,2,0),\"\")","v":""},{"$f":"IFERROR(VLOOKUP(C5373,参数!$B:$H,4,0),\"\")","v":""},{"$f":"IFERROR(VLOOKUP(C5373,参数!B:H,3,FALSE),\"\")","v":""},"",1]
[5373,{"$nulls":6},{"$f":"IFERROR(VLOOKUP(C5374,参数!$B:$H,2,0),\"\")","v":""},{"$f":"IFERROR(VLOOKUP(C5374,参数!$B:$H,4,0),\"\")","v":""},{"$f":"IFERROR(VLOOKUP(C5374,参数!B:H,3,FALSE),\"\")","v":""},"",1]
[5374,{"$nulls":6},{"$f":"IFERROR(VLOOKUP(C5375,参数!$B:$H,2,0),\"\")","v":""},{"$f":"IFERROR(VLOOKUP(C5375,参数!$B:$H,4,0),\"\")","v":""},{"$f":"IFERROR(VLOOKUP(C5375,参数!B:H,3,FALSE),\"\")","v":""},"",1]
[5375,{"$nulls":6},{"$f":"IFERROR(VLOOKUP(C5376,参数!$B:$H,2,0),\"\")","v":""},{"$f":"IFERROR(VLOOKUP(C5376,参数!$B:$H,4,0),\"\")","v":""},{"$f":"IFERROR(VLOOKUP(C5376,参数!B:H,3,FALSE),\"\")","v":""},"",1]
[5376,{"$nulls":6},{"$f":"IFERROR(VLOOKUP(C5377,参数!$B:$H,2,0),\"\")","v":""},{"$f":"IFERROR(VLOOKUP(C5377,参数!$B:$H,4,0),\"\")","v":""},{"$f":"IFERROR(VLOOKUP(C5377,参数!B:H,3,FALSE),\"\")","v":""},"",1]
[5377,{"$nulls":6},{"$f":"IFERROR(VLOOKUP(C5378,参数!$B:$H,2,0),\"\")","v":""},{"$f":"IFERROR(VLOOKUP(C5378,参数!$B:$H,4,0),\"\")","v":""},{"$f":"IFERROR(VLOOKUP(C5378,参数!B:H,3,FALSE),\"\")","v":""},"",{"$f":"VALUE(MONTH(B5378))","v":1}]
[5378,{"$nulls":6},{"$f":"IFERROR(VLOOKUP(C5379,参数!$B:$H,2,0),\"\")","v":""},{"$f":"IFERROR(VLOOKUP(C5379,参数!$B:$H,4,0),\"\")","v":""},{"$f":"IFERROR(VLOOKUP(C5379,参数!B:H,3,FALSE),\"\")","v":""},"",1]
[5379,{"$nulls":6},{"$f":"IFERROR(VLOOKUP(C5380,参数!$B:$H,2,0),\"\")","v":""},{"$f":"IFERROR(VLOOKUP(C5380,参数!$B:$H,4,0),\"\")","v":""},{"$f":"IFERROR(VLOOKUP(C5380,参数!B:H,3,FALSE),\"\")","v":""},"",1]
[5380,{"$nulls":6},{"$f":"IFERROR(VLOOKUP(C5381,参数!$B:$H,2,0),\"\")","v":""},{"$f":"IFERROR(VLOOKUP(C5381,参数!$B:$H,4,0),\"\")","v":""},{"$f":"IFERROR(VLOOKUP(C5381,参数!B:H,3,FALSE),\"\")","v":""},"",1]
[5381,{"$nulls":6},{"$f":"IFERROR(VLOOKUP(C5382,参数!$B:$H,2,0),\"\")","v":""},{"$f":"IFERROR(VLOOKUP(C5382,参数!$B:$H,4,0),\"\")","v":""},{"$f":"IFERROR(VLOOKUP(C5382,参数!B:H,3,FALSE),\"\")","v":""},"",1]
[5382,{"$nulls":6},{"$f":"IFERROR(VLOOKUP(C5383,参数!$B:$H,2,0),\"\")","v":""},{"$f":"IFERROR(VLOOKUP(C5383,参数!$B:$H,4,0),\"\")","v":""},{"$f":"IFERROR(VLOOKUP(C5383,参数!B:H,3,FALSE),\"\")","v":""},"",1]
[5383,{"$nulls":6},{"$f":"IFERROR(VLOOKUP(C5384,参数!$B:$H,2,0),\"\")","v":""},{"$f":"IFERROR(VLOOKUP(C5384,参数!$B:$H,4,0),\"\")","v":""},{"$f":"IFERROR(VLOOKUP(C5384,参数!B:H,3,FALSE),\"\")","v":""},"",1]
[5384,{"$nulls":6},{"$f":"IFERROR(VLOOKUP(C5385,参数!$B:$H,2,0),\"\")","v":""},{"$f":"IFERROR(VLOOKUP(C5385,参数!$B:$H,4,0),\"\")","v":""},{"$f":"IFERROR(VLOOKUP(C5385,参数!B:H,3,FALSE),\"\")","v":""},"",1]
[5385,{"$nulls":6},{"$f":"IFERROR(VLOOKUP(C5386,参数!$B:$H,2,0),\"\")","v":""},{"$f":"IFERROR(VLOOKUP(C5386,参数!$B:$H,4,0),\"\")","v":""},{"$f":"IFERROR(VLOOKUP(C5386,参数!B:H,3,FALSE),\"\")","v":""},"",1]
[5386,{"$nulls":6},{"$f":"IFERROR(VLOOKUP(C5387,参数!$B:$H,2,0),\"\")","v":""},{"$f":"IFERROR(VLOOKUP(C5387,参数!$B:$H,4,0),\"\")","v":""},{"$f":"IFERROR(VLOOKUP(C5387,参数!B:H,3,FALSE),\"\")","v":""},"",1]
[5387,{"$nulls":6},{"$f":"IFERROR(VLOOKUP(C5388,参数!$B:$H,2,0),\"\")","v":""},{"$f":"IFERROR(VLOOKUP(C5388,参数!$B:$H,4,0),\"\")","v":""},{"$f":"IFERROR(VLOOKUP(C5388,参数!B:H,3,FALSE),\"\")","v":""},"",1]
[5388,{"$nulls":6},{"$f":"IFERROR(VLOOKUP(C5389,参数!$B:$H,2,0),\"\")","v":""},{"$f":"IFERROR(VLOOKUP(C5389,参数!$B:$H,4,0),\"\")","v":""},{"$f":"IFERROR(VLOOKUP(C5389,参数!B:H,3,FALSE),\"\")","v":""},"",1]
[5389,{"$nulls":6},{"$f":"IFERROR(VLOOKUP(C5390,参数!$B:$H,2,0),\"\")","v":""},{"$f":"IFERROR(VLOOKUP(C5390,参数!$B:$H,4,0),\"\")","v":""},{"$f":"IFERROR(VLOOKUP(C5390,参数!B:H,3,FALSE),\"\")","v":""},"",1]
[5390,{"$nulls":6},{"$f":"IFERROR(VLOOKUP(C5391,参数!$B:$H,2,0),\"\")","v":""},{"$f":"IFERROR(VLOOKUP(C5391,参数!$B:$H,4,0),\"\")","v":""},{"$f":"IFERROR(VLOOKUP(C5391,参数!B:H,3,FALSE),\"\")","v":""},"",1]
[5391,{"$nulls":6},{"$f":"IFERROR(VLOOKUP(C5392,参数!$B:$H,2,0),\"\")","v":""},{"$f":"IFERROR(VLOOKUP(C5392,参数!$B:$H,4,0),\"\")","v":""},{"$f":"IFERROR(VLOOKUP(C5392,参数!B:H,3,FALSE),\"\")","v":""},"",1]
[5392,{"$nulls":6},{"$f":"IFERROR(VLOOKUP(C5393,参数!$B:$H,2,0),\"\")","v":""},{"$f":"IFERROR(VLOOKUP(C5393,参数!$B:$H,4,0),\"\")","v":""},{"$f":"IFERROR(VLOOKUP(C5393,参数!B:H,3,FALSE),\"\")","v":""},"",1]
[5393,{"$nulls":6},{"$f":"IFERROR(VLOOKUP(C5394,参数!$B:$H,2,0),\"\")","v":""},{"$f":"IFERROR(VLOOKUP(C5394,参数!$B:$H,4,0),\"\")","v":""},{"$f":"IFERROR(VLOOKUP(C5394,参数!B:H,3,FALSE),\"\")","v":""},"",1]
[5394,{"$nulls":6},{"$f":"IFERROR(VLOOKUP(C5395,参数!$B:$H,2,0),\"\")","v":""},{"$f":"IFERROR(VLOOKUP(C5395,参数!$B:$H,4,0),\"\")","v":""},{"$f":"IFERROR(VLOOKUP(C5395,参数!B:H,3,FALSE),\"\")","v":""},"",1]
[5395,{"$nulls":6},{"$f":"IFERROR(VLOOKUP(C5396,参数!$B:$H,2,0),\"\")","v":""},{"$f":"IFERROR(VLOOKUP(C5396,参数!$B:$H,4,0),\"\")","v":""},{"$f":"IFERROR(VLOOKUP(C5396,参数!B:H,3,FALSE),\"\")","v":""},"",1]
[5396,{"$nulls":6},{"$f":"IFERROR(VLOOKUP(C5397,参数!$B:$H,2,0),\"\")","v":""},{"$f":"IFERROR(VLOOKUP(C5397,参数!$B:$H,4,0),\"\")","v":""},{"$f":"IFERROR(VLOOKUP(C5397,参数!B:H,3,FALSE),\"\")","v":""},"",1]
[5397,{"$nulls":6},{"$f":"IFERROR(VLOOKUP(C5398,参数!$B:$H,2,0),\"\")","v":""},{"$f":"IFERROR(VLOOKUP(C5398,参数!$B:$H,4,0),\"\")","v":""},{"$f":"IFERROR(VLOOKUP(C5398,参数!B:H,3,FALSE),\"\")","v":""},"",1]
[5398,{"$nulls":6},{"$f":"IFERROR(VLOOKUP(C5399,参数!$B:$H,2,0),\"\")","v":""},{"$f":"IFERROR(VLOOKUP(C5399,参数!$B:$H,4,0),\"\")","v":""},{"$f":"IFERROR(VLOOKUP(C5399,参数!B:H,3,FALSE),\"\")","v":""},"",1]
[5399,{"$nulls":6},{"$f":"IFERROR(VLOOKUP(C5400,参数!$B:$H,2,0),\"\")","v":""},{"$f":"IFERROR(VLOOKUP(C5400,参数!$B:$H,4,0),\"\")","v":""},{"$f":"IFERROR(VLOOKUP(C5400,参数!B:H,3,FALSE),\"\")","v":""},"",1]
[5400,{"$nulls":6},{"$f":"IFERROR(VLOOKUP(C5401,参数!$B:$H,2,0),\"\")","v":""},{"$f":"IFERROR(VLOOKUP(C5401,参数!$B:$H,4,0),\"\")","v":""},{"$f":"IFERROR(VLOOKUP(C5401,参数!B:H,3,FALSE),\"\")","v":""},"",1]
[5401,{"$nulls":6},{"$f":"IFERROR(VLOOKUP(C5402,参数!$B:$H,2,0),\"\")","v":""},{"$f":"IFERROR(VLOOKUP(C5402,参数!$B:$H,4,0),\"\")","v":""},{"$f":"IFERROR(VLOOKUP(C5402,参数!B:H,3,FALSE),\"\")","v":""},"",1]
[5402,{"$nulls":6},{"$f":"IFERROR(VLOOKUP(C5403,参数!$B:$H,2,0),\"\")","v":""},{"$f":"IFERROR(VLOOKUP(C5403,参数!$B:$H,4,0),\"\")","v":""},{"$f":"IFERROR(VLOOKUP(C5403,参数!B:H,3,FALSE),\"\")","v":""},"",1]
[5403,{"$nulls":6},{"$f":"IFERROR(VLOOKUP(C5404,参数!$B:$H,2,0),\"\")","v":""},{"$f":"IFERROR(VLOOKUP(C5404,参数!$B:$H,4,0),\"\")","v":""},{"$f":"IFERROR(VLOOKUP(C5404,参数!B:H,3,FALSE),\"\")","v":""},"",1]
[5404,{"$nulls":6},{"$f":"IFERROR(VLOOKUP(C5405,参数!$B:$H,2,0),\"\")","v":""},{"$f":"IFERROR(VLOOKUP(C5405,参数!$B:$H,4,0),\"\")","v":""},{"$f":"IFERROR(VLOOKUP(C5405,参数!B:H,3,FALSE),\"\")","v":""},"",1]
[5405,{"$nulls":6},{"$f":"IFERROR(VLOOKUP(C5406,参数!$B:$H,2,0),\"\")","v":""},{"$f":"IFERROR(VLOOKUP(C5406,参数!$B:$H,4,0),\"\")","v":""},{"$f":"IFERROR(VLOOKUP(C5406,参数!B:H,3,FALSE),\"\")","v":""},"",1]
[5406,{"$nulls":6},{"$f":"IFERROR(VLOOKUP(C5407,参数!$B:$H,2,0),\"\")","v":""},{"$f":"IFERROR(VLOOKUP(C5407,参数!$B:$H,4,0),\"\")","v":""},{"$f":"IFERROR(VLOOKUP(C5407,参数!B:H,3,FALSE),\"\")","v":""},"",1]
[5407,{"$nulls":6},{"$f":"IFERROR(VLOOKUP(C5408,参数!$B:$H,2,0),\"\")","v":""},{"$f":"IFERROR(VLOOKUP(C5408,参数!$B:$H,4,0),\"\")","v":""},{"$f":"IFERROR(VLOOKUP(C5408,参数!B:H,3,FALSE),\"\")","v":""},"",1]
[5408,{"$nulls":6},{"$f":"IFERROR(VLOOKUP(C5409,参数!$B:$H,2,0),\"\")","v":""},{"$f":"IFERROR(VLOOKUP(C5409,参数!$B:$H,4,0),\"\")","v":""},{"$f":"IFERROR(VLOOKUP(C5409,参数!B:H,3,FALSE),\"\")","v":""},"",1]
[5409,{"$nulls":6},{"$f":"IFERROR(VLOOKUP(C5410,参数!$B:$H,2,0),\"\")","v":""},{"$f":"IFERROR(VLOOKUP(C5410,参数!$B:$H,4,0),\"\")","v":""},{"$f":"IFERROR(VLOOKUP(C5410,参数!B:H,3,FALSE),\"\")","v":""},"",1]
[5410,{"$nulls":6},{"$f":"IFERROR(VLOOKUP(C5411,参数!$B:$H,2,0),\"\")","v":""},{"$f":"IFERROR(VLOOKUP(C5411,参数!$B:$H,4,0),\"\")","v":""},{"$f":"IFERROR(VLOOKUP(C5411,参数!B:H,3,FALSE),\"\")","v":""},"",1]
[5411,{"$nulls":6},{"$f":"IFERROR(VLOOKUP(C5412,参数!$B:$H,2,0),\"\")","v":""},{"$f":"IFERROR(VLOOKUP(C5412,参数!$B:$H,4,0),\"\")","v":""},{"$f":"IFERROR(VLOOKUP(C5412,参数!B:H,3,FALSE),\"\")","v":""},"",1]
[5412,{"$nulls":6},{"$f":"IFERROR(VLOOKUP(C5413,参数!$B:$H,2,0),\"\")","v":""},{"$f":"IFERROR(VLOOKUP(C5413,参数!$B:$H,4,0),\"\")","v":""},{"$f":"IFERROR(VLOOKUP(C5413,参数!B:H,3,FALSE),\"\")","v":""},{"$f":"IFERROR(J5413*E5413,\"\")","v":""},1]
[5413,{"$nulls":6},{"$f":"IFERROR(VLOOKUP(C5414,参数!$B:$H,2,0),\"\")","v":""},{"$f":"IFERROR(VLOOKUP(C5414,参数!$B:$H,4,0),\"\")","v":""},{"$f":"IFERROR(VLOOKUP(C5414,参数!B:H,3,FALSE),\"\")","v":""},"",1]
[5414,{"$nulls":6},{"$f":"IFERROR(VLOOKUP(C5415,参数!$B:$H,2,0),\"\")","v":""},{"$f":"IFERROR(VLOOKUP(C5415,参数!$B:$H,4,0),\"\")","v":""},{"$f":"IFERROR(VLOOKUP(C5415,参数!B:H,3,FALSE),\"\")","v":""},"",1]
[5415,{"$nulls":6},{"$f":"IFERROR(VLOOKUP(C5416,参数!$B:$H,2,0),\"\")","v":""},{"$f":"IFERROR(VLOOKUP(C5416,参数!$B:$H,4,0),\"\")","v":""},{"$f":"IFERROR(VLOOKUP(C5416,参数!B:H,3,FALSE),\"\")","v":""},"",1]
[5416,{"$nulls":6},{"$f":"IFERROR(VLOOKUP(C5417,参数!$B:$H,2,0),\"\")","v":""},{"$f":"IFERROR(VLOOKUP(C5417,参数!$B:$H,4,0),\"\")","v":""},{"$f":"IFERROR(VLOOKUP(C5417,参数!B:H,3,FALSE),\"\")","v":""},"",1]
[5417,{"$nulls":6},{"$f":"IFERROR(VLOOKUP(C5418,参数!$B:$H,2,0),\"\")","v":""},{"$f":"IFERROR(VLOOKUP(C5418,参数!$B:$H,4,0),\"\")","v":""},{"$f":"IFERROR(VLOOKUP(C5418,参数!B:H,3,FALSE),\"\")","v":""},"",1]
[5418,{"$nulls":6},{"$f":"IFERROR(VLOOKUP(C5419,参数!$B:$H,2,0),\"\")","v":""},{"$f":"IFERROR(VLOOKUP(C5419,参数!$B:$H,4,0),\"\")","v":""},{"$f":"IFERROR(VLOOKUP(C5419,参数!B:H,3,FALSE),\"\")","v":""},"",1]
[5419,{"$nulls":6},{"$f":"IFERROR(VLOOKUP(C5420,参数!$B:$H,2,0),\"\")","v":""},{"$f":"IFERROR(VLOOKUP(C5420,参数!$B:$H,4,0),\"\")","v":""},{"$f":"IFERROR(VLOOKUP(C5420,参数!B:H,3,FALSE),\"\")","v":""},"",1]
[5420,{"$nulls":6},{"$f":"IFERROR(VLOOKUP(C5421,参数!$B:$H,2,0),\"\")","v":""},{"$f":"IFERROR(VLOOKUP(C5421,参数!$B:$H,4,0),\"\")","v":""},{"$f":"IFERROR(VLOOKUP(C5421,参数!B:H,3,FALSE),\"\")","v":""},"",1]
[5421,{"$nulls":6},{"$f":"IFERROR(VLOOKUP(C5422,参数!$B:$H,2,0),\"\")","v":""},{"$f":"IFERROR(VLOOKUP(C5422,参数!$B:$H,4,0),\"\")","v":""},{"$f":"IFERROR(VLOOKUP(C5422,参数!B:H,3,FALSE),\"\")","v":""},"",1]
[5422,{"$nulls":6},{"$f":"IFERROR(VLOOKUP(C5423,参数!$B:$H,2,0),\"\")","v":""},{"$f":"IFERROR(VLOOKUP(C5423,参数!$B:$H,4,0),\"\")","v":""},{"$f":"IFERROR(VLOOKUP(C5423,参数!B:H,3,FALSE),\"\")","v":""},"",1]
[5423,{"$nulls":6},{"$f":"IFERROR(VLOOKUP(C5424,参数!$B:$H,2,0),\"\")","v":""},{"$f":"IFERROR(VLOOKUP(C5424,参数!$B:$H,4,0),\"\")","v":""},{"$f":"IFERROR(VLOOKUP(C5424,参数!B:H,3,FALSE),\"\")","v":""},"",1]
[5424,{"$nulls":6},{"$f":"IFERROR(VLOOKUP(C5425,参数!$B:$H,2,0),\"\")","v":""},{"$f":"IFERROR(VLOOKUP(C5425,参数!$B:$H,4,0),\"\")","v":""},{"$f":"IFERROR(VLOOKUP(C5425,参数!B:H,3,FALSE),\"\")","v":""},"",1]
[5425,{"$nulls":6},{"$f":"IFERROR(VLOOKUP(C5426,参数!$B:$H,2,0),\"\")","v":""},{"$f":"IFERROR(VLOOKUP(C5426,参数!$B:$H,4,0),\"\")","v":""},{"$f":"IFERROR(VLOOKUP(C5426,参数!B:H,3,FALSE),\"\")","v":""},"",1]
[5426,{"$nulls":6},{"$f":"IFERROR(VLOOKUP(C5427,参数!$B:$H,2,0),\"\")","v":""},{"$f":"IFERROR(VLOOKUP(C5427,参数!$B:$H,4,0),\"\")","v":""},{"$f":"IFERROR(VLOOKUP(C5427,参数!B:H,3,FALSE),\"\")","v":""},"",1]
[5427,{"$nulls":6},{"$f":"IFERROR(VLOOKUP(C5428,参数!$B:$H,2,0),\"\")","v":""},{"$f":"IFERROR(VLOOKUP(C5428,参数!$B:$H,4,0),\"\")","v":""},{"$f":"IFERROR(VLOOKUP(C5428,参数!B:H,3,FALSE),\"\")","v":""},"",1]
[5428,{"$nulls":6},{"$f":"IFERROR(VLOOKUP(C5429,参数!$B:$H,2,0),\"\")","v":""},{"$f":"IFERROR(VLOOKUP(C5429,参数!$B:$H,4,0),\"\")","v":""},{"$f":"IFERROR(VLOOKUP(C5429,参数!B:H,3,FALSE),\"\")","v":""},"",1]
[5429,{"$nulls":6},{"$f":"IFERROR(VLOOKUP(C5430,参数!$B:$H,2,0),\"\")","v":""},{"$f":"IFERROR(VLOOKUP(C5430,参数!$B:$H,4,0),\"\")","v":""},{"$f":"IFERROR(VLOOKUP(C5430,参数!B:H,3,FALSE),\"\")","v":""},"",1]
[5430,{"$nulls":6},{"$f":"IFERROR(VLOOKUP(C5431,参数!$B:$H,2,0),\"\")","v":""},{"$f":"IFERROR(VLOOKUP(C5431,参数!$B:$H,4,0),\"\")","v":""},{"$f":"IFERROR(VLOOKUP(C5431,参数!B:H,3,FALSE),\"\")","v":""},"",1]
[5431,{"$nulls":6},{"$f":"IFERROR(VLOOKUP(C5432,参数!$B:$H,2,0),\"\")","v":""},{"$f":"IFERROR(VLOOKUP(C5432,参数!$B:$H,4,0),\"\")","v":""},{"$f":"IFERROR(VLOOKUP(C5432,参数!B:H,3,FALSE),\"\")","v":""},"",1]
[5432,{"$nulls":6},{"$f":"IFERROR(VLOOKUP(C5433,参数!$B:$H,2,0),\"\")","v":""},{"$f":"IFERROR(VLOOKUP(C5433,参数!$B:$H,4,0),\"\")","v":""},{"$f":"IFERROR(VLOOKUP(C5433,参数!B:H,3,FALSE),\"\")","v":""},"",1]
[5433,{"$nulls":6},{"$f":"IFERROR(VLOOKUP(C5434,参数!$B:$H,2,0),\"\")","v":""},{"$f":"IFERROR(VLOOKUP(C5434,参数!$B:$H,4,0),\"\")","v":""},{"$f":"IFERROR(VLOOKUP(C5434,参数!B:H,3,FALSE),\"\")","v":""},"",1]
[5434,{"$nulls":6},{"$f":"IFERROR(VLOOKUP(C5435,参数!$B:$H,2,0),\"\")","v":""},{"$f":"IFERROR(VLOOKUP(C5435,参数!$B:$H,4,0),\"\")","v":""},{"$f":"IFERROR(VLOOKUP(C5435,参数!B:H,3,FALSE),\"\")","v":""},"",1]
[5435,{"$nulls":6},{"$f":"IFERROR(VLOOKUP(C5436,参数!$B:$H,2,0),\"\")","v":""},{"$f":"IFERROR(VLOOKUP(C5436,参数!$B:$H,4,0),\"\")","v":""},{"$f":"IFERROR(VLOOKUP(C5436,参数!B:H,3,FALSE),\"\")","v":""},"",1]
[5436,{"$nulls":6},{"$f":"IFERROR(VLOOKUP(C5437,参数!$B:$H,2,0),\"\")","v":""},{"$f":"IFERROR(VLOOKUP(C5437,参数!$B:$H,4,0),\"\")","v":""},{"$f":"IFERROR(VLOOKUP(C5437,参数!B:H,3,FALSE),\"\")","v":""},"",1]
[5437,{"$nulls":6},{"$f":"IFERROR(VLOOKUP(C5438,参数!$B:$H,2,0),\"\")","v":""},{"$f":"IFERROR(VLOOKUP(C5438,参数!$B:$H,4,0),\"\")","v":""},{"$f":"IFERROR(VLOOKUP(C5438,参数!B:H,3,FALSE),\"\")","v":""},"",1]
[5438,{"$nulls":6},{"$f":"IFERROR(VLOOKUP(C5439,参数!$B:$H,2,0),\"\")","v":""},{"$f":"IFERROR(VLOOKUP(C5439,参数!$B:$H,4,0),\"\")","v":""},{"$f":"IFERROR(VLOOKUP(C5439,参数!B:H,3,FALSE),\"\")","v":""},"",1]
[5439,{"$nulls":6},{"$f":"IFERROR(VLOOKUP(C5440,参数!$B:$H,2,0),\"\")","v":""},{"$f":"IFERROR(VLOOKUP(C5440,参数!$B:$H,4,0),\"\")","v":""},{"$f":"IFERROR(VLOOKUP(C5440,参数!B:H,3,FALSE),\"\")","v":""},"",1]
[5440,{"$nulls":6},{"$f":"IFERROR(VLOOKUP(C5441,参数!$B:$H,2,0),\"\")","v":""},{"$f":"IFERROR(VLOOKUP(C5441,参数!$B:$H,4,0),\"\")","v":""},{"$f":"IFERROR(VLOOKUP(C5441,参数!B:H,3,FALSE),\"\")","v":""},"",1]
[5441,{"$nulls":6},{"$f":"IFERROR(VLOOKUP(C5442,参数!$B:$H,2,0),\"\")","v":""},{"$f":"IFERROR(VLOOKUP(C5442,参数!$B:$H,4,0),\"\")","v":""},{"$f":"IFERROR(VLOOKUP(C5442,参数!B:H,3,FALSE),\"\")","v":""},"",{"$f":"VALUE(MONTH(B5442))","v":1}]
[5442,{"$nulls":6},{"$f":"IFERROR(VLOOKUP(C5443,参数!$B:$H,2,0),\"\")","v":""},{"$f":"IFERROR(VLOOKUP(C5443,参数!$B:$H,4,0),\"\")","v":""},{"$f":"IFERROR(VLOOKUP(C5443,参数!B:H,3,FALSE),\"\")","v":""},"",1]
[5443,{"$nulls":6},{"$f":"IFERROR(VLOOKUP(C5444,参数!$B:$H,2,0),\"\")","v":""},{"$f":"IFERROR(VLOOKUP(C5444,参数!$B:$H,4,0),\"\")","v":""},{"$f":"IFERROR(VLOOKUP(C5444,参数!B:H,3,FALSE),\"\")","v":""},"",1]
[5444,{"$nulls":6},{"$f":"IFERROR(VLOOKUP(C5445,参数!$B:$H,2,0),\"\")","v":""},{"$f":"IFERROR(VLOOKUP(C5445,参数!$B:$H,4,0),\"\")","v":""},{"$f":"IFERROR(VLOOKUP(C5445,参数!B:H,3,FALSE),\"\")","v":""},"",1]
[5445,{"$nulls":6},{"$f":"IFERROR(VLOOKUP(C5446,参数!$B:$H,2,0),\"\")","v":""},{"$f":"IFERROR(VLOOKUP(C5446,参数!$B:$H,4,0),\"\")","v":""},{"$f":"IFERROR(VLOOKUP(C5446,参数!B:H,3,FALSE),\"\")","v":""},"",1]
[5446,{"$nulls":6},{"$f":"IFERROR(VLOOKUP(C5447,参数!$B:$H,2,0),\"\")","v":""},{"$f":"IFERROR(VLOOKUP(C5447,参数!$B:$H,4,0),\"\")","v":""},{"$f":"IFERROR(VLOOKUP(C5447,参数!B:H,3,FALSE),\"\")","v":""},"",1]
[5447,{"$nulls":6},{"$f":"IFERROR(VLOOKUP(C5448,参数!$B:$H,2,0),\"\")","v":""},{"$f":"IFERROR(VLOOKUP(C5448,参数!$B:$H,4,0),\"\")","v":""},{"$f":"IFERROR(VLOOKUP(C5448,参数!B:H,3,FALSE),\"\")","v":""},"",1]
[5448,{"$nulls":6},{"$f":"IFERROR(VLOOKUP(C5449,参数!$B:$H,2,0),\"\")","v":""},{"$f":"IFERROR(VLOOKUP(C5449,参数!$B:$H,4,0),\"\")","v":""},{"$f":"IFERROR(VLOOKUP(C5449,参数!B:H,3,FALSE),\"\")","v":""},"",1]
[5449,{"$nulls":6},{"$f":"IFERROR(VLOOKUP(C5450,参数!$B:$H,2,0),\"\")","v":""},{"$f":"IFERROR(VLOOKUP(C5450,参数!$B:$H,4,0),\"\")","v":""},{"$f":"IFERROR(VLOOKUP(C5450,参数!B:H,3,FALSE),\"\")","v":""},"",1]
[5450,{"$nulls":6},{"$f":"IFERROR(VLOOKUP(C5451,参数!$B:$H,2,0),\"\")","v":""},{"$f":"IFERROR(VLOOKUP(C5451,参数!$B:$H,4,0),\"\")","v":""},{"$f":"IFERROR(VLOOKUP(C5451,参数!B:H,3,FALSE),\"\")","v":""},"",1]
[5451,{"$nulls":6},{"$f":"IFERROR(VLOOKUP(C5452,参数!$B:$H,2,0),\"\")","v":""},{"$f":"IFERROR(VLOOKUP(C5452,参数!$B:$H,4,0),\"\")","v":""},{"$f":"IFERROR(VLOOKUP(C5452,参数!B:H,3,FALSE),\"\")","v":""},"",1]
[5452,{"$nulls":6},{"$f":"IFERROR(VLOOKUP(C5453,参数!$B:$H,2,0),\"\")","v":""},{"$f":"IFERROR(VLOOKUP(C5453,参数!$B:$H,4,0),\"\")","v":""},{"$f":"IFERROR(VLOOKUP(C5453,参数!B:H,3,FALSE),\"\")","v":""},"",1]
[5453,{"$nulls":6},{"$f":"IFERROR(VLOOKUP(C5454,参数!$B:$H,2,0),\"\")","v":""},{"$f":"IFERROR(VLOOKUP(C5454,参数!$B:$H,4,0),\"\")","v":""},{"$f":"IFERROR(VLOOKUP(C5454,参数!B:H,3,FALSE),\"\")","v":""},"",1]
[5454,{"$nulls":6},{"$f":"IFERROR(VLOOKUP(C5455,参数!$B:$H,2,0),\"\")","v":""},{"$f":"IFERROR(VLOOKUP(C5455,参数!$B:$H,4,0),\"\")","v":""},{"$f":"IFERROR(VLOOKUP(C5455,参数!B:H,3,FALSE),\"\")","v":""},"",1]
[5455,{"$nulls":6},{"$f":"IFERROR(VLOOKUP(C5456,参数!$B:$H,2,0),\"\")","v":""},{"$f":"IFERROR(VLOOKUP(C5456,参数!$B:$H,4,0),\"\")","v":""},{"$f":"IFERROR(VLOOKUP(C5456,参数!B:H,3,FALSE),\"\")","v":""},"",1]
[5456,{"$nulls":6},{"$f":"IFERROR(VLOOKUP(C5457,参数!$B:$H,2,0),\"\")","v":""},{"$f":"IFERROR(VLOOKUP(C5457,参数!$B:$H,4,0),\"\")","v":""},{"$f":"IFERROR(VLOOKUP(C5457,参数!B:H,3,FALSE),\"\")","v":""},"",1]
[5457,{"$nulls":6},{"$f":"IFERROR(VLOOKUP(C5458,参数!$B:$H,2,0),\"\")","v":""},{"$f":"IFERROR(VLOOKUP(C5458,参数!$B:$H,4,0),\"\")","v":""},{"$f":"IFERROR(VLOOKUP(C5458,参数!B:H,3,FALSE),\"\")","v":""},"",1]
[5458,{"$nulls":6},{"$f":"IFERROR(VLOOKUP(C5459,参数!$B:$H,2,0),\"\")","v":""},{"$f":"IFERROR(VLOOKUP(C5459,参数!$B:$H,4,0),\"\")","v":""},{"$f":"IFERROR(VLOOKUP(C5459,参数!B:H,3,FALSE),\"\")","v":""},"",1]
[5459,{"$nulls":6},{"$f":"IFERROR(VLOOKUP(C5460,参数!$B:$H,2,0),\"\")","v":""},{"$f":"IFERROR(VLOOKUP(C5460,参数!$B:$H,4,0),\"\")","v":""},{"$f":"IFERROR(VLOOKUP(C5460,参数!B:H,3,FALSE),\"\")","v":""},"",1]
[5460,{"$nulls":6},{"$f":"IFERROR(VLOOKUP(C5461,参数!$B:$H,2,0),\"\")","v":""},{"$f":"IFERROR(VLOOKUP(C5461,参数!$B:$H,4,0),\"\")","v":""},{"$f":"IFERROR(VLOOKUP(C5461,参数!B:H,3,FALSE),\"\")","v":""},"",1]
[5461,{"$nulls":6},{"$f":"IFERROR(VLOOKUP(C5462,参数!$B:$H,2,0),\"\")","v":""},{"$f":"IFERROR(VLOOKUP(C5462,参数!$B:$H,4,0),\"\")","v":""},{"$f":"IFERROR(VLOOKUP(C5462,参数!B:H,3,FALSE),\"\")","v":""},"",1]
[5462,{"$nulls":6},{"$f":"IFERROR(VLOOKUP(C5463,参数!$B:$H,2,0),\"\")","v":""},{"$f":"IFERROR(VLOOKUP(C5463,参数!$B:$H,4,0),\"\")","v":""},{"$f":"IFERROR(VLOOKUP(C5463,参数!B:H,3,FALSE),\"\")","v":""},"",1]
[5463,{"$nulls":6},{"$f":"IFERROR(VLOOKUP(C5464,参数!$B:$H,2,0),\"\")","v":""},{"$f":"IFERROR(VLOOKUP(C5464,参数!$B:$H,4,0),\"\")","v":""},{"$f":"IFERROR(VLOOKUP(C5464,参数!B:H,3,FALSE),\"\")","v":""},"",1]
[5464,{"$nulls":6},{"$f":"IFERROR(VLOOKUP(C5465,参数!$B:$H,2,0),\"\")","v":""},{"$f":"IFERROR(VLOOKUP(C5465,参数!$B:$H,4,0),\"\")","v":""},{"$f":"IFERROR(VLOOKUP(C5465,参数!B:H,3,FALSE),\"\")","v":""},"",1]
[5465,{"$nulls":6},{"$f":"IFERROR(VLOOKUP(C5466,参数!$B:$H,2,0),\"\")","v":""},{"$f":"IFERROR(VLOOKUP(C5466,参数!$B:$H,4,0),\"\")","v":""},{"$f":"IFERROR(VLOOKUP(C5466,参数!B:H,3,FALSE),\"\")","v":""},"",1]
[5466,{"$nulls":6},{"$f":"IFERROR(VLOOKUP(C5467,参数!$B:$H,2,0),\"\")","v":""},{"$f":"IFERROR(VLOOKUP(C5467,参数!$B:$H,4,0),\"\")","v":""},{"$f":"IFERROR(VLOOKUP(C5467,参数!B:H,3,FALSE),\"\")","v":""},"",1]
[5467,{"$nulls":6},{"$f":"IFERROR(VLOOKUP(C5468,参数!$B:$H,2,0),\"\")","v":""},{"$f":"IFERROR(VLOOKUP(C5468,参数!$B:$H,4,0),\"\")","v":""},{"$f":"IFERROR(VLOOKUP(C5468,参数!B:H,3,FALSE),\"\")","v":""},"",1]
[5468,{"$nulls":6},{"$f":"IFERROR(VLOOKUP(C5469,参数!$B:$H,2,0),\"\")","v":""},{"$f":"IFERROR(VLOOKUP(C5469,参数!$B:$H,4,0),\"\")","v":""},{"$f":"IFERROR(VLOOKUP(C5469,参数!B:H,3,FALSE),\"\")","v":""},"",1]
[5469,{"$nulls":6},{"$f":"IFERROR(VLOOKUP(C5470,参数!$B:$H,2,0),\"\")","v":""},{"$f":"IFERROR(VLOOKUP(C5470,参数!$B:$H,4,0),\"\")","v":""},{"$f":"IFERROR(VLOOKUP(C5470,参数!B:H,3,FALSE),\"\")","v":""},"",1]
[5470,{"$nulls":6},{"$f":"IFERROR(VLOOKUP(C5471,参数!$B:$H,2,0),\"\")","v":""},{"$f":"IFERROR(VLOOKUP(C5471,参数!$B:$H,4,0),\"\")","v":""},{"$f":"IFERROR(VLOOKUP(C5471,参数!B:H,3,FALSE),\"\")","v":""},"",1]
[5471,{"$nulls":6},{"$f":"IFERROR(VLOOKUP(C5472,参数!$B:$H,2,0),\"\")","v":""},{"$f":"IFERROR(VLOOKUP(C5472,参数!$B:$H,4,0),\"\")","v":""},{"$f":"IFERROR(VLOOKUP(C5472,参数!B:H,3,FALSE),\"\")","v":""},"",1]
[5472,{"$nulls":6},{"$f":"IFERROR(VLOOKUP(C5473,参数!$B:$H,2,0),\"\")","v":""},{"$f":"IFERROR(VLOOKUP(C5473,参数!$B:$H,4,0),\"\")","v":""},{"$f":"IFERROR(VLOOKUP(C5473,参数!B:H,3,FALSE),\"\")","v":""},"",1]
[5473,{"$nulls":6},{"$f":"IFERROR(VLOOKUP(C5474,参数!$B:$H,2,0),\"\")","v":""},{"$f":"IFERROR(VLOOKUP(C5474,参数!$B:$H,4,0),\"\")","v":""},{"$f":"IFERROR(VLOOKUP(C5474,参数!B:H,3,FALSE),\"\")","v":""},"",1]
[5474,{"$nulls":6},{"$f":"IFERROR(VLOOKUP(C5475,参数!$B:$H,2,0),\"\")","v":""},{"$f":"IFERROR(VLOOKUP(C5475,参数!$B:$H,4,0),\"\")","v":""},{"$f":"IFERROR(VLOOKUP(C5475,参数!B:H,3,FALSE),\"\")","v":""},"",1]
[5475,{"$nulls":6},{"$f":"IFERROR(VLOOKUP(C5476,参数!$B:$H,2,0),\"\")","v":""},{"$f":"IFERROR(VLOOKUP(C5476,参数!$B:$H,4,0),\"\")","v":""},{"$f":"IFERROR(VLOOKUP(C5476,参数!B:H,3,FALSE),\"\")","v":""},"",1]
[5476,{"$nulls":6},{"$f":"IFERROR(VLOOKUP(C5477,参数!$B:$H,2,0),\"\")","v":""},{"$f":"IFERROR(VLOOKUP(C5477,参数!$B:$H,4,0),\"\")","v":""},{"$f":"IFERROR(VLOOKUP(C5477,参数!B:H,3,FALSE),\"\")","v":""},{"$f":"IFERROR(J5477*E5477,\"\")","v":""},1]
[5477,{"$nulls":6},{"$f":"IFERROR(VLOOKUP(C5478,参数!$B:$H,2,0),\"\")","v":""},{"$f":"IFERROR(VLOOKUP(C5478,参数!$B:$H,4,0),\"\")","v":""},{"$f":"IFERROR(VLOOKUP(C5478,参数!B:H,3,FALSE),\"\")","v":""},"",1]
[5478,{"$nulls":6},{"$f":"IFERROR(VLOOKUP(C5479,参数!$B:$H,2,0),\"\")","v":""},{"$f":"IFERROR(VLOOKUP(C5479,参数!$B:$H,4,0),\"\")","v":""},{"$f":"IFERROR(VLOOKUP(C5479,参数!B:H,3,FALSE),\"\")","v":""},"",1]
[5479,{"$nulls":6},{"$f":"IFERROR(VLOOKUP(C5480,参数!$B:$H,2,0),\"\")","v":""},{"$f":"IFERROR(VLOOKUP(C5480,参数!$B:$H,4,0),\"\")","v":""},{"$f":"IFERROR(VLOOKUP(C5480,参数!B:H,3,FALSE),\"\")","v":""},"",1]
[5480,{"$nulls":6},{"$f":"IFERROR(VLOOKUP(C5481,参数!$B:$H,2,0),\"\")","v":""},{"$f":"IFERROR(VLOOKUP(C5481,参数!$B:$H,4,0),\"\")","v":""},{"$f":"IFERROR(VLOOKUP(C5481,参数!B:H,3,FALSE),\"\")","v":""},"",1]
[5481,{"$nulls":6},{"$f":"IFERROR(VLOOKUP(C5482,参数!$B:$H,2,0),\"\")","v":""},{"$f":"IFERROR(VLOOKUP(C5482,参数!$B:$H,4,0),\"\")","v":""},{"$f":"IFERROR(VLOOKUP(C5482,参数!B:H,3,FALSE),\"\")","v":""},"",1]
[5482,{"$nulls":6},{"$f":"IFERROR(VLOOKUP(C5483,参数!$B:$H,2,0),\"\")","v":""},{"$f":"IFERROR(VLOOKUP(C5483,参数!$B:$H,4,0),\"\")","v":""},{"$f":"IFERROR(VLOOKUP(C5483,参数!B:H,3,FALSE),\"\")","v":""},"",1]
[5483,{"$nulls":6},{"$f":"IFERROR(VLOOKUP(C5484,参数!$B:$H,2,0),\"\")","v":""},{"$f":"IFERROR(VLOOKUP(C5484,参数!$B:$H,4,0),\"\")","v":""},{"$f":"IFERROR(VLOOKUP(C5484,参数!B:H,3,FALSE),\"\")","v":""},"",1]
[5484,{"$nulls":6},{"$f":"IFERROR(VLOOKUP(C5485,参数!$B:$H,2,0),\"\")","v":""},{"$f":"IFERROR(VLOOKUP(C5485,参数!$B:$H,4,0),\"\")","v":""},{"$f":"IFERROR(VLOOKUP(C5485,参数!B:H,3,FALSE),\"\")","v":""},"",1]
[5485,{"$nulls":6},{"$f":"IFERROR(VLOOKUP(C5486,参数!$B:$H,2,0),\"\")","v":""},{"$f":"IFERROR(VLOOKUP(C5486,参数!$B:$H,4,0),\"\")","v":""},{"$f":"IFERROR(VLOOKUP(C5486,参数!B:H,3,FALSE),\"\")","v":""},"",1]
[5486,{"$nulls":6},{"$f":"IFERROR(VLOOKUP(C5487,参数!$B:$H,2,0),\"\")","v":""},{"$f":"IFERROR(VLOOKUP(C5487,参数!$B:$H,4,0),\"\")","v":""},{"$f":"IFERROR(VLOOKUP(C5487,参数!B:H,3,FALSE),\"\")","v":""},"",1]
[5487,{"$nulls":6},{"$f":"IFERROR(VLOOKUP(C5488,参数!$B:$H,2,0),\"\")","v":""},{"$f":"IFERROR(VLOOKUP(C5488,参数!$B:$H,4,0),\"\")","v":""},{"$f":"IFERROR(VLOOKUP(C5488,参数!B:H,3,FALSE),\"\")","v":""},"",1]
[5488,{"$nulls":6},{"$f":"IFERROR(VLOOKUP(C5489,参数!$B:$H,2,0),\"\")","v":""},{"$f":"IFERROR(VLOOKUP(C5489,参数!$B:$H,4,0),\"\")","v":""},{"$f":"IFERROR(VLOOKUP(C5489,参数!B:H,3,FALSE),\"\")","v":""},"",1]
[5489,{"$nulls":6},{"$f":"IFERROR(VLOOKUP(C5490,参数!$B:$H,2,0),\"\")","v":""},{"$f":"IFERROR(VLOOKUP(C5490,参数!$B:$H,4,0),\"\")","v":""},{"$f":"IFERROR(VLOOKUP(C5490,参数!B:H,3,FALSE),\"\")","v":""},"",1]
[5490,{"$nulls":6},{"$f":"IFERROR(VLOOKUP(C5491,参数!$B:$H,2,0),\"\")","v":""},{"$f":"IFERROR(VLOOKUP(C5491,参数!$B:$H,4,0),\"\")","v":""},{"$f":"IFERROR(VLOOKUP(C5491,参数!B:H,3,FALSE),\"\")","v":""},"",1]
[5491,{"$nulls":6},{"$f":"IFERROR(VLOOKUP(C5492,参数!$B:$H,2,0),\"\")","v":""},{"$f":"IFERROR(VLOOKUP(C5492,参数!$B:$H,4,0),\"\")","v":""},{"$f":"IFERROR(VLOOKUP(C5492,参数!B:H,3,FALSE),\"\")","v":""},"",1]
[5492,{"$nulls":6},{"$f":"IFERROR(VLOOKUP(C5493,参数!$B:$H,2,0),\"\")","v":""},{"$f":"IFERROR(VLOOKUP(C5493,参数!$B:$H,4,0),\"\")","v":""},{"$f":"IFERROR(VLOOKUP(C5493,参数!B:H,3,FALSE),\"\")","v":""},"",1]
[5493,{"$nulls":6},{"$f":"IFERROR(VLOOKUP(C5494,参数!$B:$H,2,0),\"\")","v":""},{"$f":"IFERROR(VLOOKUP(C5494,参数!$B:$H,4,0),\"\")","v":""},{"$f":"IFERROR(VLOOKUP(C5494,参数!B:H,3,FALSE),\"\")","v":""},"",1]
[5494,{"$nulls":6},{"$f":"IFERROR(VLOOKUP(C5495,参数!$B:$H,2,0),\"\")","v":""},{"$f":"IFERROR(VLOOKUP(C5495,参数!$B:$H,4,0),\"\")","v":""},{"$f":"IFERROR(VLOOKUP(C5495,参数!B:H,3,FALSE),\"\")","v":""},"",1]
[5495,{"$nulls":6},{"$f":"IFERROR(VLOOKUP(C5496,参数!$B:$H,2,0),\"\")","v":""},{"$f":"IFERROR(VLOOKUP(C5496,参数!$B:$H,4,0),\"\")","v":""},{"$f":"IFERROR(VLOOKUP(C5496,参数!B:H,3,FALSE),\"\")","v":""},"",1]
[5496,{"$nulls":6},{"$f":"IFERROR(VLOOKUP(C5497,参数!$B:$H,2,0),\"\")","v":""},{"$f":"IFERROR(VLOOKUP(C5497,参数!$B:$H,4,0),\"\")","v":""},{"$f":"IFERROR(VLOOKUP(C5497,参数!B:H,3,FALSE),\"\")","v":""},"",1]
[5497,{"$nulls":6},{"$f":"IFERROR(VLOOKUP(C5498,参数!$B:$H,2,0),\"\")","v":""},{"$f":"IFERROR(VLOOKUP(C5498,参数!$B:$H,4,0),\"\")","v":""},{"$f":"IFERROR(VLOOKUP(C5498,参数!B:H,3,FALSE),\"\")","v":""},"",1]
[5498,{"$nulls":6},{"$f":"IFERROR(VLOOKUP(C5499,参数!$B:$H,2,0),\"\")","v":""},{"$f":"IFERROR(VLOOKUP(C5499,参数!$B:$H,4,0),\"\")","v":""},{"$f":"IFERROR(VLOOKUP(C5499,参数!B:H,3,FALSE),\"\")","v":""},"",1]
[5499,{"$nulls":6},{"$f":"IFERROR(VLOOKUP(C5500,参数!$B:$H,2,0),\"\")","v":""},{"$f":"IFERROR(VLOOKUP(C5500,参数!$B:$H,4,0),\"\")","v":""},{"$f":"IFERROR(VLOOKUP(C5500,参数!B:H,3,FALSE),\"\")","v":""},"",1]
[5500,{"$nulls":6},{"$f":"IFERROR(VLOOKUP(C5501,参数!$B:$H,2,0),\"\")","v":""},{"$f":"IFERROR(VLOOKUP(C5501,参数!$B:$H,4,0),\"\")","v":""},{"$f":"IFERROR(VLOOKUP(C5501,参数!B:H,3,FALSE),\"\")","v":""},"",1]
[5501,{"$nulls":6},{"$f":"IFERROR(VLOOKUP(C5502,参数!$B:$H,2,0),\"\")","v":""},{"$f":"IFERROR(VLOOKUP(C5502,参数!$B:$H,4,0),\"\")","v":""},{"$f":"IFERROR(VLOOKUP(C5502,参数!B:H,3,FALSE),\"\")","v":""},"",1]
[5502,{"$nulls":6},{"$f":"IFERROR(VLOOKUP(C5503,参数!$B:$H,2,0),\"\")","v":""},{"$f":"IFERROR(VLOOKUP(C5503,参数!$B:$H,4,0),\"\")","v":""},{"$f":"IFERROR(VLOOKUP(C5503,参数!B:H,3,FALSE),\"\")","v":""},"",1]
[5503,{"$nulls":6},{"$f":"IFERROR(VLOOKUP(C5504,参数!$B:$H,2,0),\"\")","v":""},{"$f":"IFERROR(VLOOKUP(C5504,参数!$B:$H,4,0),\"\")","v":""},{"$f":"IFERROR(VLOOKUP(C5504,参数!B:H,3,FALSE),\"\")","v":""},"",1]
[5504,{"$nulls":6},{"$f":"IFERROR(VLOOKUP(C5505,参数!$B:$H,2,0),\"\")","v":""},{"$f":"IFERROR(VLOOKUP(C5505,参数!$B:$H,4,0),\"\")","v":""},{"$f":"IFERROR(VLOOKUP(C5505,参数!B:H,3,FALSE),\"\")","v":""},"",1]
[5505,{"$nulls":6},{"$f":"IFERROR(VLOOKUP(C5506,参数!$B:$H,2,0),\"\")","v":""},{"$f":"IFERROR(VLOOKUP(C5506,参数!$B:$H,4,0),\"\")","v":""},{"$f":"IFERROR(VLOOKUP(C5506,参数!B:H,3,FALSE),\"\")","v":""},"",{"$f":"VALUE(MONTH(B5506))","v":1}]
[5506,{"$nulls":6},{"$f":"IFERROR(VLOOKUP(C5507,参数!$B:$H,2,0),\"\")","v":""},{"$f":"IFERROR(VLOOKUP(C5507,参数!$B:$H,4,0),\"\")","v":""},{"$f":"IFERROR(VLOOKUP(C5507,参数!B:H,3,FALSE),\"\")","v":""},"",1]
[5507,{"$nulls":6},{"$f":"IFERROR(VLOOKUP(C5508,参数!$B:$H,2,0),\"\")","v":""},{"$f":"IFERROR(VLOOKUP(C5508,参数!$B:$H,4,0),\"\")","v":""},{"$f":"IFERROR(VLOOKUP(C5508,参数!B:H,3,FALSE),\"\")","v":""},"",1]
[5508,{"$nulls":6},{"$f":"IFERROR(VLOOKUP(C5509,参数!$B:$H,2,0),\"\")","v":""},{"$f":"IFERROR(VLOOKUP(C5509,参数!$B:$H,4,0),\"\")","v":""},{"$f":"IFERROR(VLOOKUP(C5509,参数!B:H,3,FALSE),\"\")","v":""},"",1]
[5509,{"$nulls":6},{"$f":"IFERROR(VLOOKUP(C5510,参数!$B:$H,2,0),\"\")","v":""},{"$f":"IFERROR(VLOOKUP(C5510,参数!$B:$H,4,0),\"\")","v":""},{"$f":"IFERROR(VLOOKUP(C5510,参数!B:H,3,FALSE),\"\")","v":""},"",1]
[5510,{"$nulls":6},{"$f":"IFERROR(VLOOKUP(C5511,参数!$B:$H,2,0),\"\")","v":""},{"$f":"IFERROR(VLOOKUP(C5511,参数!$B:$H,4,0),\"\")","v":""},{"$f":"IFERROR(VLOOKUP(C5511,参数!B:H,3,FALSE),\"\")","v":""},"",1]
[5511,{"$nulls":6},{"$f":"IFERROR(VLOOKUP(C5512,参数!$B:$H,2,0),\"\")","v":""},{"$f":"IFERROR(VLOOKUP(C5512,参数!$B:$H,4,0),\"\")","v":""},{"$f":"IFERROR(VLOOKUP(C5512,参数!B:H,3,FALSE),\"\")","v":""},"",1]
[5512,{"$nulls":6},{"$f":"IFERROR(VLOOKUP(C5513,参数!$B:$H,2,0),\"\")","v":""},{"$f":"IFERROR(VLOOKUP(C5513,参数!$B:$H,4,0),\"\")","v":""},{"$f":"IFERROR(VLOOKUP(C5513,参数!B:H,3,FALSE),\"\")","v":""},"",1]
[5513,{"$nulls":6},{"$f":"IFERROR(VLOOKUP(C5514,参数!$B:$H,2,0),\"\")","v":""},{"$f":"IFERROR(VLOOKUP(C5514,参数!$B:$H,4,0),\"\")","v":""},{"$f":"IFERROR(VLOOKUP(C5514,参数!B:H,3,FALSE),\"\")","v":""},"",1]
[5514,{"$nulls":6},{"$f":"IFERROR(VLOOKUP(C5515,参数!$B:$H,2,0),\"\")","v":""},{"$f":"IFERROR(VLOOKUP(C5515,参数!$B:$H,4,0),\"\")","v":""},{"$f":"IFERROR(VLOOKUP(C5515,参数!B:H,3,FALSE),\"\")","v":""},"",1]
[5515,{"$nulls":6},{"$f":"IFERROR(VLOOKUP(C5516,参数!$B:$H,2,0),\"\")","v":""},{"$f":"IFERROR(VLOOKUP(C5516,参数!$B:$H,4,0),\"\")","v":""},{"$f":"IFERROR(VLOOKUP(C5516,参数!B:H,3,FALSE),\"\")","v":""},"",1]
[5516,{"$nulls":6},{"$f":"IFERROR(VLOOKUP(C5517,参数!$B:$H,2,0),\"\")","v":""},{"$f":"IFERROR(VLOOKUP(C5517,参数!$B:$H,4,0),\"\")","v":""},{"$f":"IFERROR(VLOOKUP(C5517,参数!B:H,3,FALSE),\"\")","v":""},"",1]
[5517,{"$nulls":6},{"$f":"IFERROR(VLOOKUP(C5518,参数!$B:$H,2,0),\"\")","v":""},{"$f":"IFERROR(VLOOKUP(C5518,参数!$B:$H,4,0),\"\")","v":""},{"$f":"IFERROR(VLOOKUP(C5518,参数!B:H,3,FALSE),\"\")","v":""},"",1]
[5518,{"$nulls":6},{"$f":"IFERROR(VLOOKUP(C5519,参数!$B:$H,2,0),\"\")","v":""},{"$f":"IFERROR(VLOOKUP(C5519,参数!$B:$H,4,0),\"\")","v":""},{"$f":"IFERROR(VLOOKUP(C5519,参数!B:H,3,FALSE),\"\")","v":""},"",1]
[5519,{"$nulls":6},{"$f":"IFERROR(VLOOKUP(C5520,参数!$B:$H,2,0),\"\")","v":""},{"$f":"IFERROR(VLOOKUP(C5520,参数!$B:$H,4,0),\"\")","v":""},{"$f":"IFERROR(VLOOKUP(C5520,参数!B:H,3,FALSE),\"\")","v":""},"",1]
[5520,{"$nulls":6},{"$f":"IFERROR(VLOOKUP(C5521,参数!$B:$H,2,0),\"\")","v":""},{"$f":"IFERROR(VLOOKUP(C5521,参数!$B:$H,4,0),\"\")","v":""},{"$f":"IFERROR(VLOOKUP(C5521,参数!B:H,3,FALSE),\"\")","v":""},"",1]
[5521,{"$nulls":6},{"$f":"IFERROR(VLOOKUP(C5522,参数!$B:$H,2,0),\"\")","v":""},{"$f":"IFERROR(VLOOKUP(C5522,参数!$B:$H,4,0),\"\")","v":""},{"$f":"IFERROR(VLOOKUP(C5522,参数!B:H,3,FALSE),\"\")","v":""},"",1]
[5522,{"$nulls":6},{"$f":"IFERROR(VLOOKUP(C5523,参数!$B:$H,2,0),\"\")","v":""},{"$f":"IFERROR(VLOOKUP(C5523,参数!$B:$H,4,0),\"\")","v":""},{"$f":"IFERROR(VLOOKUP(C5523,参数!B:H,3,FALSE),\"\")","v":""},"",1]
[5523,{"$nulls":6},{"$f":"IFERROR(VLOOKUP(C5524,参数!$B:$H,2,0),\"\")","v":""},{"$f":"IFERROR(VLOOKUP(C5524,参数!$B:$H,4,0),\"\")","v":""},{"$f":"IFERROR(VLOOKUP(C5524,参数!B:H,3,FALSE),\"\")","v":""},"",1]
[5524,{"$nulls":6},{"$f":"IFERROR(VLOOKUP(C5525,参数!$B:$H,2,0),\"\")","v":""},{"$f":"IFERROR(VLOOKUP(C5525,参数!$B:$H,4,0),\"\")","v":""},{"$f":"IFERROR(VLOOKUP(C5525,参数!B:H,3,FALSE),\"\")","v":""},"",1]
[5525,{"$nulls":6},{"$f":"IFERROR(VLOOKUP(C5526,参数!$B:$H,2,0),\"\")","v":""},{"$f":"IFERROR(VLOOKUP(C5526,参数!$B:$H,4,0),\"\")","v":""},{"$f":"IFERROR(VLOOKUP(C5526,参数!B:H,3,FALSE),\"\")","v":""},"",1]
[5526,{"$nulls":6},{"$f":"IFERROR(VLOOKUP(C5527,参数!$B:$H,2,0),\"\")","v":""},{"$f":"IFERROR(VLOOKUP(C5527,参数!$B:$H,4,0),\"\")","v":""},{"$f":"IFERROR(VLOOKUP(C5527,参数!B:H,3,FALSE),\"\")","v":""},"",1]
[5527,{"$nulls":6},{"$f":"IFERROR(VLOOKUP(C5528,参数!$B:$H,2,0),\"\")","v":""},{"$f":"IFERROR(VLOOKUP(C5528,参数!$B:$H,4,0),\"\")","v":""},{"$f":"IFERROR(VLOOKUP(C5528,参数!B:H,3,FALSE),\"\")","v":""},"",1]
[5528,{"$nulls":6},{"$f":"IFERROR(VLOOKUP(C5529,参数!$B:$H,2,0),\"\")","v":""},{"$f":"IFERROR(VLOOKUP(C5529,参数!$B:$H,4,0),\"\")","v":""},{"$f":"IFERROR(VLOOKUP(C5529,参数!B:H,3,FALSE),\"\")","v":""},"",1]
[5529,{"$nulls":6},{"$f":"IFERROR(VLOOKUP(C5530,参数!$B:$H,2,0),\"\")","v":""},{"$f":"IFERROR(VLOOKUP(C5530,参数!$B:$H,4,0),\"\")","v":""},{"$f":"IFERROR(VLOOKUP(C5530,参数!B:H,3,FALSE),\"\")","v":""},"",1]
[5530,{"$nulls":6},{"$f":"IFERROR(VLOOKUP(C5531,参数!$B:$H,2,0),\"\")","v":""},{"$f":"IFERROR(VLOOKUP(C5531,参数!$B:$H,4,0),\"\")","v":""},{"$f":"IFERROR(VLOOKUP(C5531,参数!B:H,3,FALSE),\"\")","v":""},"",1]
[5531,{"$nulls":6},{"$f":"IFERROR(VLOOKUP(C5532,参数!$B:$H,2,0),\"\")","v":""},{"$f":"IFERROR(VLOOKUP(C5532,参数!$B:$H,4,0),\"\")","v":""},{"$f":"IFERROR(VLOOKUP(C5532,参数!B:H,3,FALSE),\"\")","v":""},"",1]
[5532,{"$nulls":6},{"$f":"IFERROR(VLOOKUP(C5533,参数!$B:$H,2,0),\"\")","v":""},{"$f":"IFERROR(VLOOKUP(C5533,参数!$B:$H,4,0),\"\")","v":""},{"$f":"IFERROR(VLOOKUP(C5533,参数!B:H,3,FALSE),\"\")","v":""},"",1]
[5533,{"$nulls":6},{"$f":"IFERROR(VLOOKUP(C5534,参数!$B:$H,2,0),\"\")","v":""},{"$f":"IFERROR(VLOOKUP(C5534,参数!$B:$H,4,0),\"\")","v":""},{"$f":"IFERROR(VLOOKUP(C5534,参数!B:H,3,FALSE),\"\")","v":""},"",1]
[5534,{"$nulls":6},{"$f":"IFERROR(VLOOKUP(C5535,参数!$B:$H,2,0),\"\")","v":""},{"$f":"IFERROR(VLOOKUP(C5535,参数!$B:$H,4,0),\"\")","v":""},{"$f":"IFERROR(VLOOKUP(C5535,参数!B:H,3,FALSE),\"\")","v":""},"",1]
[5535,{"$nulls":6},{"$f":"IFERROR(VLOOKUP(C5536,参数!$B:$H,2,0),\"\")","v":""},{"$f":"IFERROR(VLOOKUP(C5536,参数!$B:$H,4,0),\"\")","v":""},{"$f":"IFERROR(VLOOKUP(C5536,参数!B:H,3,FALSE),\"\")","v":""},"",1]
[5536,{"$nulls":6},{"$f":"IFERROR(VLOOKUP(C5537,参数!$B:$H,2,0),\"\")","v":""},{"$f":"IFERROR(VLOOKUP(C5537,参数!$B:$H,4,0),\"\")","v":""},{"$f":"IFERROR(VLOOKUP(C5537,参数!B:H,3,FALSE),\"\")","v":""},"",1]
[5537,{"$nulls":6},{"$f":"IFERROR(VLOOKUP(C5538,参数!$B:$H,2,0),\"\")","v":""},{"$f":"IFERROR(VLOOKUP(C5538,参数!$B:$H,4,0),\"\")","v":""},{"$f":"IFERROR(VLOOKUP(C5538,参数!B:H,3,FALSE),\"\")","v":""},"",1]
[5538,{"$nulls":6},{"$f":"IFERROR(VLOOKUP(C5539,参数!$B:$H,2,0),\"\")","v":""},{"$f":"IFERROR(VLOOKUP(C5539,参数!$B:$H,4,0),\"\")","v":""},{"$f":"IFERROR(VLOOKUP(C5539,参数!B:H,3,FALSE),\"\")","v":""},"",1]
[5539,{"$nulls":6},{"$f":"IFERROR(VLOOKUP(C5540,参数!$B:$H,2,0),\"\")","v":""},{"$f":"IFERROR(VLOOKUP(C5540,参数!$B:$H,4,0),\"\")","v":""},{"$f":"IFERROR(VLOOKUP(C5540,参数!B:H,3,FALSE),\"\")","v":""},"",1]
[5540,{"$nulls":6},{"$f":"IFERROR(VLOOKUP(C5541,参数!$B:$H,2,0),\"\")","v":""},{"$f":"IFERROR(VLOOKUP(C5541,参数!$B:$H,4,0),\"\")","v":""},{"$f":"IFERROR(VLOOKUP(C5541,参数!B:H,3,FALSE),\"\")","v":""},{"$f":"IFERROR(J5541*E5541,\"\")","v":""},1]
[5541,{"$nulls":6},{"$f":"IFERROR(VLOOKUP(C5542,参数!$B:$H,2,0),\"\")","v":""},{"$f":"IFERROR(VLOOKUP(C5542,参数!$B:$H,4,0),\"\")","v":""},{"$f":"IFERROR(VLOOKUP(C5542,参数!B:H,3,FALSE),\"\")","v":""},"",1]
[5542,{"$nulls":6},{"$f":"IFERROR(VLOOKUP(C5543,参数!$B:$H,2,0),\"\")","v":""},{"$f":"IFERROR(VLOOKUP(C5543,参数!$B:$H,4,0),\"\")","v":""},{"$f":"IFERROR(VLOOKUP(C5543,参数!B:H,3,FALSE),\"\")","v":""},"",1]
[5543,{"$nulls":6},{"$f":"IFERROR(VLOOKUP(C5544,参数!$B:$H,2,0),\"\")","v":""},{"$f":"IFERROR(VLOOKUP(C5544,参数!$B:$H,4,0),\"\")","v":""},{"$f":"IFERROR(VLOOKUP(C5544,参数!B:H,3,FALSE),\"\")","v":""},"",1]
[5544,{"$nulls":6},{"$f":"IFERROR(VLOOKUP(C5545,参数!$B:$H,2,0),\"\")","v":""},{"$f":"IFERROR(VLOOKUP(C5545,参数!$B:$H,4,0),\"\")","v":""},{"$f":"IFERROR(VLOOKUP(C5545,参数!B:H,3,FALSE),\"\")","v":""},"",1]
[5545,{"$nulls":6},{"$f":"IFERROR(VLOOKUP(C5546,参数!$B:$H,2,0),\"\")","v":""},{"$f":"IFERROR(VLOOKUP(C5546,参数!$B:$H,4,0),\"\")","v":""},{"$f":"IFERROR(VLOOKUP(C5546,参数!B:H,3,FALSE),\"\")","v":""},"",1]
[5546,{"$nulls":6},{"$f":"IFERROR(VLOOKUP(C5547,参数!$B:$H,2,0),\"\")","v":""},{"$f":"IFERROR(VLOOKUP(C5547,参数!$B:$H,4,0),\"\")","v":""},{"$f":"IFERROR(VLOOKUP(C5547,参数!B:H,3,FALSE),\"\")","v":""},"",1]
[5547,{"$nulls":6},{"$f":"IFERROR(VLOOKUP(C5548,参数!$B:$H,2,0),\"\")","v":""},{"$f":"IFERROR(VLOOKUP(C5548,参数!$B:$H,4,0),\"\")","v":""},{"$f":"IFERROR(VLOOKUP(C5548,参数!B:H,3,FALSE),\"\")","v":""},"",1]
[5548,{"$nulls":6},{"$f":"IFERROR(VLOOKUP(C5549,参数!$B:$H,2,0),\"\")","v":""},{"$f":"IFERROR(VLOOKUP(C5549,参数!$B:$H,4,0),\"\")","v":""},{"$f":"IFERROR(VLOOKUP(C5549,参数!B:H,3,FALSE),\"\")","v":""},"",1]
[5549,{"$nulls":6},{"$f":"IFERROR(VLOOKUP(C5550,参数!$B:$H,2,0),\"\")","v":""},{"$f":"IFERROR(VLOOKUP(C5550,参数!$B:$H,4,0),\"\")","v":""},{"$f":"IFERROR(VLOOKUP(C5550,参数!B:H,3,FALSE),\"\")","v":""},"",1]
[5550,{"$nulls":6},{"$f":"IFERROR(VLOOKUP(C5551,参数!$B:$H,2,0),\"\")","v":""},{"$f":"IFERROR(VLOOKUP(C5551,参数!$B:$H,4,0),\"\")","v":""},{"$f":"IFERROR(VLOOKUP(C5551,参数!B:H,3,FALSE),\"\")","v":""},"",1]
[5551,{"$nulls":6},{"$f":"IFERROR(VLOOKUP(C5552,参数!$B:$H,2,0),\"\")","v":""},{"$f":"IFERROR(VLOOKUP(C5552,参数!$B:$H,4,0),\"\")","v":""},{"$f":"IFERROR(VLOOKUP(C5552,参数!B:H,3,FALSE),\"\")","v":""},"",1]
[5552,{"$nulls":6},{"$f":"IFERROR(VLOOKUP(C5553,参数!$B:$H,2,0),\"\")","v":""},{"$f":"IFERROR(VLOOKUP(C5553,参数!$B:$H,4,0),\"\")","v":""},{"$f":"IFERROR(VLOOKUP(C5553,参数!B:H,3,FALSE),\"\")","v":""},"",1]
[5553,{"$nulls":6},{"$f":"IFERROR(VLOOKUP(C5554,参数!$B:$H,2,0),\"\")","v":""},{"$f":"IFERROR(VLOOKUP(C5554,参数!$B:$H,4,0),\"\")","v":""},{"$f":"IFERROR(VLOOKUP(C5554,参数!B:H,3,FALSE),\"\")","v":""},"",1]
[5554,{"$nulls":6},{"$f":"IFERROR(VLOOKUP(C5555,参数!$B:$H,2,0),\"\")","v":""},{"$f":"IFERROR(VLOOKUP(C5555,参数!$B:$H,4,0),\"\")","v":""},{"$f":"IFERROR(VLOOKUP(C5555,参数!B:H,3,FALSE),\"\")","v":""},"",1]
[5555,{"$nulls":6},{"$f":"IFERROR(VLOOKUP(C5556,参数!$B:$H,2,0),\"\")","v":""},{"$f":"IFERROR(VLOOKUP(C5556,参数!$B:$H,4,0),\"\")","v":""},{"$f":"IFERROR(VLOOKUP(C5556,参数!B:H,3,FALSE),\"\")","v":""},"",1]
[5556,{"$nulls":6},{"$f":"IFERROR(VLOOKUP(C5557,参数!$B:$H,2,0),\"\")","v":""},{"$f":"IFERROR(VLOOKUP(C5557,参数!$B:$H,4,0),\"\")","v":""},{"$f":"IFERROR(VLOOKUP(C5557,参数!B:H,3,FALSE),\"\")","v":""},"",1]
[5557,{"$nulls":6},{"$f":"IFERROR(VLOOKUP(C5558,参数!$B:$H,2,0),\"\")","v":""},{"$f":"IFERROR(VLOOKUP(C5558,参数!$B:$H,4,0),\"\")","v":""},{"$f":"IFERROR(VLOOKUP(C5558,参数!B:H,3,FALSE),\"\")","v":""},"",1]
[5558,{"$nulls":6},{"$f":"IFERROR(VLOOKUP(C5559,参数!$B:$H,2,0),\"\")","v":""},{"$f":"IFERROR(VLOOKUP(C5559,参数!$B:$H,4,0),\"\")","v":""},{"$f":"IFERROR(VLOOKUP(C5559,参数!B:H,3,FALSE),\"\")","v":""},"",1]
[5559,{"$nulls":6},{"$f":"IFERROR(VLOOKUP(C5560,参数!$B:$H,2,0),\"\")","v":""},{"$f":"IFERROR(VLOOKUP(C5560,参数!$B:$H,4,0),\"\")","v":""},{"$f":"IFERROR(VLOOKUP(C5560,参数!B:H,3,FALSE),\"\")","v":""},"",1]
[5560,{"$nulls":6},{"$f":"IFERROR(VLOOKUP(C5561,参数!$B:$H,2,0),\"\")","v":""},{"$f":"IFERROR(VLOOKUP(C5561,参数!$B:$H,4,0),\"\")","v":""},{"$f":"IFERROR(VLOOKUP(C5561,参数!B:H,3,FALSE),\"\")","v":""},"",1]
[5561,{"$nulls":6},{"$f":"IFERROR(VLOOKUP(C5562,参数!$B:$H,2,0),\"\")","v":""},{"$f":"IFERROR(VLOOKUP(C5562,参数!$B:$H,4,0),\"\")","v":""},{"$f":"IFERROR(VLOOKUP(C5562,参数!B:H,3,FALSE),\"\")","v":""},"",1]
[5562,{"$nulls":6},{"$f":"IFERROR(VLOOKUP(C5563,参数!$B:$H,2,0),\"\")","v":""},{"$f":"IFERROR(VLOOKUP(C5563,参数!$B:$H,4,0),\"\")","v":""},{"$f":"IFERROR(VLOOKUP(C5563,参数!B:H,3,FALSE),\"\")","v":""},"",1]
[5563,{"$nulls":6},{"$f":"IFERROR(VLOOKUP(C5564,参数!$B:$H,2,0),\"\")","v":""},{"$f":"IFERROR(VLOOKUP(C5564,参数!$B:$H,4,0),\"\")","v":""},{"$f":"IFERROR(VLOOKUP(C5564,参数!B:H,3,FALSE),\"\")","v":""},"",1]
[5564,{"$nulls":6},{"$f":"IFERROR(VLOOKUP(C5565,参数!$B:$H,2,0),\"\")","v":""},{"$f":"IFERROR(VLOOKUP(C5565,参数!$B:$H,4,0),\"\")","v":""},{"$f":"IFERROR(VLOOKUP(C5565,参数!B:H,3,FALSE),\"\")","v":""},"",1]
[5565,{"$nulls":6},{"$f":"IFERROR(VLOOKUP(C5566,参数!$B:$H,2,0),\"\")","v":""},{"$f":"IFERROR(VLOOKUP(C5566,参数!$B:$H,4,0),\"\")","v":""},{"$f":"IFERROR(VLOOKUP(C5566,参数!B:H,3,FALSE),\"\")","v":""},"",1]
[5566,{"$nulls":6},{"$f":"IFERROR(VLOOKUP(C5567,参数!$B:$H,2,0),\"\")","v":""},{"$f":"IFERROR(VLOOKUP(C5567,参数!$B:$H,4,0),\"\")","v":""},{"$f":"IFERROR(VLOOKUP(C5567,参数!B:H,3,FALSE),\"\")","v":""},"",1]
[5567,{"$nulls":6},{"$f":"IFERROR(VLOOKUP(C5568,参数!$B:$H,2,0),\"\")","v":""},{"$f":"IFERROR(VLOOKUP(C5568,参数!$B:$H,4,0),\"\")","v":""},{"$f":"IFERROR(VLOOKUP(C5568,参数!B:H,3,FALSE),\"\")","v":""},"",1]
[5568,{"$nulls":6},{"$f":"IFERROR(VLOOKUP(C5569,参数!$B:$H,2,0),\"\")","v":""},{"$f":"IFERROR(VLOOKUP(C5569,参数!$B:$H,4,0),\"\")","v":""},{"$f":"IFERROR(VLOOKUP(C5569,参数!B:H,3,FALSE),\"\")","v":""},"",1]
[5569,{"$nulls":6},{"$f":"IFERROR(VLOOKUP(C5570,参数!$B:$H,2,0),\"\")","v":""},{"$f":"IFERROR(VLOOKUP(C5570,参数!$B:$H,4,0),\"\")","v":""},{"$f":"IFERROR(VLOOKUP(C5570,参数!B:H,3,FALSE),\"\")","v":""},"",{"$f":"VALUE(MONTH(B5570))","v":1}]
[5570,{"$nulls":6},{"$f":"IFERROR(VLOOKUP(C5571,参数!$B:$H,2,0),\"\")","v":""},{"$f":"IFERROR(VLOOKUP(C5571,参数!$B:$H,4,0),\"\")","v":""},{"$f":"IFERROR(VLOOKUP(C5571,参数!B:H,3,FALSE),\"\")","v":""},"",1]
[5571,{"$nulls":6},{"$f":"IFERROR(VLOOKUP(C5572,参数!$B:$H,2,0),\"\")","v":""},{"$f":"IFERROR(VLOOKUP(C5572,参数!$B:$H,4,0),\"\")","v":""},{"$f":"IFERROR(VLOOKUP(C5572,参数!B:H,3,FALSE),\"\")","v":""},"",1]
[5572,{"$nulls":6},{"$f":"IFERROR(VLOOKUP(C5573,参数!$B:$H,2,0),\"\")","v":""},{"$f":"IFERROR(VLOOKUP(C5573,参数!$B:$H,4,0),\"\")","v":""},{"$f":"IFERROR(VLOOKUP(C5573,参数!B:H,3,FALSE),\"\")","v":""},"",1]
[5573,{"$nulls":6},{"$f":"IFERROR(VLOOKUP(C5574,参数!$B:$H,2,0),\"\")","v":""},{"$f":"IFERROR(VLOOKUP(C5574,参数!$B:$H,4,0),\"\")","v":""},{"$f":"IFERROR(VLOOKUP(C5574,参数!B:H,3,FALSE),\"\")","v":""},"",1]
[5574,{"$nulls":6},{"$f":"IFERROR(VLOOKUP(C5575,参数!$B:$H,2,0),\"\")","v":""},{"$f":"IFERROR(VLOOKUP(C5575,参数!$B:$H,4,0),\"\")","v":""},{"$f":"IFERROR(VLOOKUP(C5575,参数!B:H,3,FALSE),\"\")","v":""},"",1]
[5575,{"$nulls":6},{"$f":"IFERROR(VLOOKUP(C5576,参数!$B:$H,2,0),\"\")","v":""},{"$f":"IFERROR(VLOOKUP(C5576,参数!$B:$H,4,0),\"\")","v":""},{"$f":"IFERROR(VLOOKUP(C5576,参数!B:H,3,FALSE),\"\")","v":""},"",1]
[5576,{"$nulls":6},{"$f":"IFERROR(VLOOKUP(C5577,参数!$B:$H,2,0),\"\")","v":""},{"$f":"IFERROR(VLOOKUP(C5577,参数!$B:$H,4,0),\"\")","v":""},{"$f":"IFERROR(VLOOKUP(C5577,参数!B:H,3,FALSE),\"\")","v":""},"",1]
[5577,{"$nulls":6},{"$f":"IFERROR(VLOOKUP(C5578,参数!$B:$H,2,0),\"\")","v":""},{"$f":"IFERROR(VLOOKUP(C5578,参数!$B:$H,4,0),\"\")","v":""},{"$f":"IFERROR(VLOOKUP(C5578,参数!B:H,3,FALSE),\"\")","v":""},"",1]
[5578,{"$nulls":6},{"$f":"IFERROR(VLOOKUP(C5579,参数!$B:$H,2,0),\"\")","v":""},{"$f":"IFERROR(VLOOKUP(C5579,参数!$B:$H,4,0),\"\")","v":""},{"$f":"IFERROR(VLOOKUP(C5579,参数!B:H,3,FALSE),\"\")","v":""},"",1]
[5579,{"$nulls":6},{"$f":"IFERROR(VLOOKUP(C5580,参数!$B:$H,2,0),\"\")","v":""},{"$f":"IFERROR(VLOOKUP(C5580,参数!$B:$H,4,0),\"\")","v":""},{"$f":"IFERROR(VLOOKUP(C5580,参数!B:H,3,FALSE),\"\")","v":""},"",1]
[5580,{"$nulls":6},{"$f":"IFERROR(VLOOKUP(C5581,参数!$B:$H,2,0),\"\")","v":""},{"$f":"IFERROR(VLOOKUP(C5581,参数!$B:$H,4,0),\"\")","v":""},{"$f":"IFERROR(VLOOKUP(C5581,参数!B:H,3,FALSE),\"\")","v":""},"",1]
[5581,{"$nulls":6},{"$f":"IFERROR(VLOOKUP(C5582,参数!$B:$H,2,0),\"\")","v":""},{"$f":"IFERROR(VLOOKUP(C5582,参数!$B:$H,4,0),\"\")","v":""},{"$f":"IFERROR(VLOOKUP(C5582,参数!B:H,3,FALSE),\"\")","v":""},"",1]
[5582,{"$nulls":6},{"$f":"IFERROR(VLOOKUP(C5583,参数!$B:$H,2,0),\"\")","v":""},{"$f":"IFERROR(VLOOKUP(C5583,参数!$B:$H,4,0),\"\")","v":""},{"$f":"IFERROR(VLOOKUP(C5583,参数!B:H,3,FALSE),\"\")","v":""},"",1]
[5583,{"$nulls":6},{"$f":"IFERROR(VLOOKUP(C5584,参数!$B:$H,2,0),\"\")","v":""},{"$f":"IFERROR(VLOOKUP(C5584,参数!$B:$H,4,0),\"\")","v":""},{"$f":"IFERROR(VLOOKUP(C5584,参数!B:H,3,FALSE),\"\")","v":""},"",1]
[5584,{"$nulls":6},{"$f":"IFERROR(VLOOKUP(C5585,参数!$B:$H,2,0),\"\")","v":""},{"$f":"IFERROR(VLOOKUP(C5585,参数!$B:$H,4,0),\"\")","v":""},{"$f":"IFERROR(VLOOKUP(C5585,参数!B:H,3,FALSE),\"\")","v":""},"",1]
[5585,{"$nulls":6},{"$f":"IFERROR(VLOOKUP(C5586,参数!$B:$H,2,0),\"\")","v":""},{"$f":"IFERROR(VLOOKUP(C5586,参数!$B:$H,4,0),\"\")","v":""},{"$f":"IFERROR(VLOOKUP(C5586,参数!B:H,3,FALSE),\"\")","v":""},"",1]
[5586,{"$nulls":6},{"$f":"IFERROR(VLOOKUP(C5587,参数!$B:$H,2,0),\"\")","v":""},{"$f":"IFERROR(VLOOKUP(C5587,参数!$B:$H,4,0),\"\")","v":""},{"$f":"IFERROR(VLOOKUP(C5587,参数!B:H,3,FALSE),\"\")","v":""},"",1]
[5587,{"$nulls":6},{"$f":"IFERROR(VLOOKUP(C5588,参数!$B:$H,2,0),\"\")","v":""},{"$f":"IFERROR(VLOOKUP(C5588,参数!$B:$H,4,0),\"\")","v":""},{"$f":"IFERROR(VLOOKUP(C5588,参数!B:H,3,FALSE),\"\")","v":""},"",1]
[5588,{"$nulls":6},{"$f":"IFERROR(VLOOKUP(C5589,参数!$B:$H,2,0),\"\")","v":""},{"$f":"IFERROR(VLOOKUP(C5589,参数!$B:$H,4,0),\"\")","v":""},{"$f":"IFERROR(VLOOKUP(C5589,参数!B:H,3,FALSE),\"\")","v":""},"",1]
[5589,{"$nulls":6},{"$f":"IFERROR(VLOOKUP(C5590,参数!$B:$H,2,0),\"\")","v":""},{"$f":"IFERROR(VLOOKUP(C5590,参数!$B:$H,4,0),\"\")","v":""},{"$f":"IFERROR(VLOOKUP(C5590,参数!B:H,3,FALSE),\"\")","v":""},"",1]
[5590,{"$nulls":6},{"$f":"IFERROR(VLOOKUP(C5591,参数!$B:$H,2,0),\"\")","v":""},{"$f":"IFERROR(VLOOKUP(C5591,参数!$B:$H,4,0),\"\")","v":""},{"$f":"IFERROR(VLOOKUP(C5591,参数!B:H,3,FALSE),\"\")","v":""},"",1]
[5591,{"$nulls":6},{"$f":"IFERROR(VLOOKUP(C5592,参数!$B:$H,2,0),\"\")","v":""},{"$f":"IFERROR(VLOOKUP(C5592,参数!$B:$H,4,0),\"\")","v":""},{"$f":"IFERROR(VLOOKUP(C5592,参数!B:H,3,FALSE),\"\")","v":""},"",1]
[5592,{"$nulls":6},{"$f":"IFERROR(VLOOKUP(C5593,参数!$B:$H,2,0),\"\")","v":""},{"$f":"IFERROR(VLOOKUP(C5593,参数!$B:$H,4,0),\"\")","v":""},{"$f":"IFERROR(VLOOKUP(C5593,参数!B:H,3,FALSE),\"\")","v":""},"",1]
[5593,{"$nulls":6},{"$f":"IFERROR(VLOOKUP(C5594,参数!$B:$H,2,0),\"\")","v":""},{"$f":"IFERROR(VLOOKUP(C5594,参数!$B:$H,4,0),\"\")","v":""},{"$f":"IFERROR(VLOOKUP(C5594,参数!B:H,3,FALSE),\"\")","v":""},"",1]
[5594,{"$nulls":6},{"$f":"IFERROR(VLOOKUP(C5595,参数!$B:$H,2,0),\"\")","v":""},{"$f":"IFERROR(VLOOKUP(C5595,参数!$B:$H,4,0),\"\")","v":""},{"$f":"IFERROR(VLOOKUP(C5595,参数!B:H,3,FALSE),\"\")","v":""},"",1]
[5595,{"$nulls":6},{"$f":"IFERROR(VLOOKUP(C5596,参数!$B:$H,2,0),\"\")","v":""},{"$f":"IFERROR(VLOOKUP(C5596,参数!$B:$H,4,0),\"\")","v":""},{"$f":"IFERROR(VLOOKUP(C5596,参数!B:H,3,FALSE),\"\")","v":""},"",1]
[5596,{"$nulls":6},{"$f":"IFERROR(VLOOKUP(C5597,参数!$B:$H,2,0),\"\")","v":""},{"$f":"IFERROR(VLOOKUP(C5597,参数!$B:$H,4,0),\"\")","v":""},{"$f":"IFERROR(VLOOKUP(C5597,参数!B:H,3,FALSE),\"\")","v":""},"",1]
[5597,{"$nulls":6},{"$f":"IFERROR(VLOOKUP(C5598,参数!$B:$H,2,0),\"\")","v":""},{"$f":"IFERROR(VLOOKUP(C5598,参数!$B:$H,4,0),\"\")","v":""},{"$f":"IFERROR(VLOOKUP(C5598,参数!B:H,3,FALSE),\"\")","v":""},"",1]
[5598,{"$nulls":6},{"$f":"IFERROR(VLOOKUP(C5599,参数!$B:$H,2,0),\"\")","v":""},{"$f":"IFERROR(VLOOKUP(C5599,参数!$B:$H,4,0),\"\")","v":""},{"$f":"IFERROR(VLOOKUP(C5599,参数!B:H,3,FALSE),\"\")","v":""},"",1]
[5599,{"$nulls":6},{"$f":"IFERROR(VLOOKUP(C5600,参数!$B:$H,2,0),\"\")","v":""},{"$f":"IFERROR(VLOOKUP(C5600,参数!$B:$H,4,0),\"\")","v":""},{"$f":"IFERROR(VLOOKUP(C5600,参数!B:H,3,FALSE),\"\")","v":""},"",1]
[5600,{"$nulls":6},{"$f":"IFERROR(VLOOKUP(C5601,参数!$B:$H,2,0),\"\")","v":""},{"$f":"IFERROR(VLOOKUP(C5601,参数!$B:$H,4,0),\"\")","v":""},{"$f":"IFERROR(VLOOKUP(C5601,参数!B:H,3,FALSE),\"\")","v":""},"",1]
[5601,{"$nulls":6},{"$f":"IFERROR(VLOOKUP(C5602,参数!$B:$H,2,0),\"\")","v":""},{"$f":"IFERROR(VLOOKUP(C5602,参数!$B:$H,4,0),\"\")","v":""},{"$f":"IFERROR(VLOOKUP(C5602,参数!B:H,3,FALSE),\"\")","v":""},"",1]
[5602,{"$nulls":6},{"$f":"IFERROR(VLOOKUP(C5603,参数!$B:$H,2,0),\"\")","v":""},{"$f":"IFERROR(VLOOKUP(C5603,参数!$B:$H,4,0),\"\")","v":""},{"$f":"IFERROR(VLOOKUP(C5603,参数!B:H,3,FALSE),\"\")","v":""},"",1]
[5603,{"$nulls":6},{"$f":"IFERROR(VLOOKUP(C5604,参数!$B:$H,2,0),\"\")","v":""},{"$f":"IFERROR(VLOOKUP(C5604,参数!$B:$H,4,0),\"\")","v":""},{"$f":"IFERROR(VLOOKUP(C5604,参数!B:H,3,FALSE),\"\")","v":""},"",1]
[5604,{"$nulls":6},{"$f":"IFERROR(VLOOKUP(C5605,参数!$B:$H,2,0),\"\")","v":""},{"$f":"IFERROR(VLOOKUP(C5605,参数!$B:$H,4,0),\"\")","v":""},{"$f":"IFERROR(VLOOKUP(C5605,参数!B:H,3,FALSE),\"\")","v":""},{"$f":"IFERROR(J5605*E5605,\"\")","v":""},1]
[5605,{"$nulls":6},{"$f":"IFERROR(VLOOKUP(C5606,参数!$B:$H,2,0),\"\")","v":""},{"$f":"IFERROR(VLOOKUP(C5606,参数!$B:$H,4,0),\"\")","v":""},{"$f":"IFERROR(VLOOKUP(C5606,参数!B:H,3,FALSE),\"\")","v":""},"",1]
[5606,{"$nulls":6},{"$f":"IFERROR(VLOOKUP(C5607,参数!$B:$H,2,0),\"\")","v":""},{"$f":"IFERROR(VLOOKUP(C5607,参数!$B:$H,4,0),\"\")","v":""},{"$f":"IFERROR(VLOOKUP(C5607,参数!B:H,3,FALSE),\"\")","v":""},"",1]
[5607,{"$nulls":6},{"$f":"IFERROR(VLOOKUP(C5608,参数!$B:$H,2,0),\"\")","v":""},{"$f":"IFERROR(VLOOKUP(C5608,参数!$B:$H,4,0),\"\")","v":""},{"$f":"IFERROR(VLOOKUP(C5608,参数!B:H,3,FALSE),\"\")","v":""},"",1]
[5608,{"$nulls":6},{"$f":"IFERROR(VLOOKUP(C5609,参数!$B:$H,2,0),\"\")","v":""},{"$f":"IFERROR(VLOOKUP(C5609,参数!$B:$H,4,0),\"\")","v":""},{"$f":"IFERROR(VLOOKUP(C5609,参数!B:H,3,FALSE),\"\")","v":""},"",1]
[5609,{"$nulls":6},{"$f":"IFERROR(VLOOKUP(C5610,参数!$B:$H,2,0),\"\")","v":""},{"$f":"IFERROR(VLOOKUP(C5610,参数!$B:$H,4,0),\"\")","v":""},{"$f":"IFERROR(VLOOKUP(C5610,参数!B:H,3,FALSE),\"\")","v":""},"",1]
[5610,{"$nulls":6},{"$f":"IFERROR(VLOOKUP(C5611,参数!$B:$H,2,0),\"\")","v":""},{"$f":"IFERROR(VLOOKUP(C5611,参数!$B:$H,4,0),\"\")","v":""},{"$f":"IFERROR(VLOOKUP(C5611,参数!B:H,3,FALSE),\"\")","v":""},"",1]
[5611,{"$nulls":6},{"$f":"IFERROR(VLOOKUP(C5612,参数!$B:$H,2,0),\"\")","v":""},{"$f":"IFERROR(VLOOKUP(C5612,参数!$B:$H,4,0),\"\")","v":""},{"$f":"IFERROR(VLOOKUP(C5612,参数!B:H,3,FALSE),\"\")","v":""},"",1]
[5612,{"$nulls":6},{"$f":"IFERROR(VLOOKUP(C5613,参数!$B:$H,2,0),\"\")","v":""},{"$f":"IFERROR(VLOOKUP(C5613,参数!$B:$H,4,0),\"\")","v":""},{"$f":"IFERROR(VLOOKUP(C5613,参数!B:H,3,FALSE),\"\")","v":""},"",1]
[5613,{"$nulls":6},{"$f":"IFERROR(VLOOKUP(C5614,参数!$B:$H,2,0),\"\")","v":""},{"$f":"IFERROR(VLOOKUP(C5614,参数!$B:$H,4,0),\"\")","v":""},{"$f":"IFERROR(VLOOKUP(C5614,参数!B:H,3,FALSE),\"\")","v":""},"",1]
[5614,{"$nulls":6},{"$f":"IFERROR(VLOOKUP(C5615,参数!$B:$H,2,0),\"\")","v":""},{"$f":"IFERROR(VLOOKUP(C5615,参数!$B:$H,4,0),\"\")","v":""},{"$f":"IFERROR(VLOOKUP(C5615,参数!B:H,3,FALSE),\"\")","v":""},"",1]
[5615,{"$nulls":6},{"$f":"IFERROR(VLOOKUP(C5616,参数!$B:$H,2,0),\"\")","v":""},{"$f":"IFERROR(VLOOKUP(C5616,参数!$B:$H,4,0),\"\")","v":""},{"$f":"IFERROR(VLOOKUP(C5616,参数!B:H,3,FALSE),\"\")","v":""},"",1]
[5616,{"$nulls":6},{"$f":"IFERROR(VLOOKUP(C5617,参数!$B:$H,2,0),\"\")","v":""},{"$f":"IFERROR(VLOOKUP(C5617,参数!$B:$H,4,0),\"\")","v":""},{"$f":"IFERROR(VLOOKUP(C5617,参数!B:H,3,FALSE),\"\")","v":""},"",1]
[5617,{"$nulls":6},{"$f":"IFERROR(VLOOKUP(C5618,参数!$B:$H,2,0),\"\")","v":""},{"$f":"IFERROR(VLOOKUP(C5618,参数!$B:$H,4,0),\"\")","v":""},{"$f":"IFERROR(VLOOKUP(C5618,参数!B:H,3,FALSE),\"\")","v":""},"",1]
[5618,{"$nulls":6},{"$f":"IFERROR(VLOOKUP(C5619,参数!$B:$H,2,0),\"\")","v":""},{"$f":"IFERROR(VLOOKUP(C5619,参数!$B:$H,4,0),\"\")","v":""},{"$f":"IFERROR(VLOOKUP(C5619,参数!B:H,3,FALSE),\"\")","v":""},"",1]
[5619,{"$nulls":6},{"$f":"IFERROR(VLOOKUP(C5620,参数!$B:$H,2,0),\"\")","v":""},{"$f":"IFERROR(VLOOKUP(C5620,参数!$B:$H,4,0),\"\")","v":""},{"$f":"IFERROR(VLOOKUP(C5620,参数!B:H,3,FALSE),\"\")","v":""},"",1]
[5620,{"$nulls":6},{"$f":"IFERROR(VLOOKUP(C5621,参数!$B:$H,2,0),\"\")","v":""},{"$f":"IFERROR(VLOOKUP(C5621,参数!$B:$H,4,0),\"\")","v":""},{"$f":"IFERROR(VLOOKUP(C5621,参数!B:H,3,FALSE),\"\")","v":""},"",1]
[5621,{"$nulls":6},{"$f":"IFERROR(VLOOKUP(C5622,参数!$B:$H,2,0),\"\")","v":""},{"$f":"IFERROR(VLOOKUP(C5622,参数!$B:$H,4,0),\"\")","v":""},{"$f":"IFERROR(VLOOKUP(C5622,参数!B:H,3,FALSE),\"\")","v":""},"",1]
[5622,{"$nulls":6},{"$f":"IFERROR(VLOOKUP(C5623,参数!$B:$H,2,0),\"\")","v":""},{"$f":"IFERROR(VLOOKUP(C5623,参数!$B:$H,4,0),\"\")","v":""},{"$f":"IFERROR(VLOOKUP(C5623,参数!B:H,3,FALSE),\"\")","v":""},"",1]
[5623,{"$nulls":6},{"$f":"IFERROR(VLOOKUP(C5624,参数!$B:$H,2,0),\"\")","v":""},{"$f":"IFERROR(VLOOKUP(C5624,参数!$B:$H,4,0),\"\")","v":""},{"$f":"IFERROR(VLOOKUP(C5624,参数!B:H,3,FALSE),\"\")","v":""},"",1]
[5624,{"$nulls":6},{"$f":"IFERROR(VLOOKUP(C5625,参数!$B:$H,2,0),\"\")","v":""},{"$f":"IFERROR(VLOOKUP(C5625,参数!$B:$H,4,0),\"\")","v":""},{"$f":"IFERROR(VLOOKUP(C5625,参数!B:H,3,FALSE),\"\")","v":""},"",1]
[5625,{"$nulls":6},{"$f":"IFERROR(VLOOKUP(C5626,参数!$B:$H,2,0),\"\")","v":""},{"$f":"IFERROR(VLOOKUP(C5626,参数!$B:$H,4,0),\"\")","v":""},{"$f":"IFERROR(VLOOKUP(C5626,参数!B:H,3,FALSE),\"\")","v":""},"",1]
[5626,{"$nulls":6},{"$f":"IFERROR(VLOOKUP(C5627,参数!$B:$H,2,0),\"\")","v":""},{"$f":"IFERROR(VLOOKUP(C5627,参数!$B:$H,4,0),\"\")","v":""},{"$f":"IFERROR(VLOOKUP(C5627,参数!B:H,3,FALSE),\"\")","v":""},"",1]
[5627,{"$nulls":6},{"$f":"IFERROR(VLOOKUP(C5628,参数!$B:$H,2,0),\"\")","v":""},{"$f":"IFERROR(VLOOKUP(C5628,参数!$B:$H,4,0),\"\")","v":""},{"$f":"IFERROR(VLOOKUP(C5628,参数!B:H,3,FALSE),\"\")","v":""},"",1]
[5628,{"$nulls":6},{"$f":"IFERROR(VLOOKUP(C5629,参数!$B:$H,2,0),\"\")","v":""},{"$f":"IFERROR(VLOOKUP(C5629,参数!$B:$H,4,0),\"\")","v":""},{"$f":"IFERROR(VLOOKUP(C5629,参数!B:H,3,FALSE),\"\")","v":""},"",1]
[5629,{"$nulls":6},{"$f":"IFERROR(VLOOKUP(C5630,参数!$B:$H,2,0),\"\")","v":""},{"$f":"IFERROR(VLOOKUP(C5630,参数!$B:$H,4,0),\"\")","v":""},{"$f":"IFERROR(VLOOKUP(C5630,参数!B:H,3,FALSE),\"\")","v":""},"",1]
[5630,{"$nulls":6},{"$f":"IFERROR(VLOOKUP(C5631,参数!$B:$H,2,0),\"\")","v":""},{"$f":"IFERROR(VLOOKUP(C5631,参数!$B:$H,4,0),\"\")","v":""},{"$f":"IFERROR(VLOOKUP(C5631,参数!B:H,3,FALSE),\"\")","v":""},"",1]
[5631,{"$nulls":6},{"$f":"IFERROR(VLOOKUP(C5632,参数!$B:$H,2,0),\"\")","v":""},{"$f":"IFERROR(VLOOKUP(C5632,参数!$B:$H,4,0),\"\")","v":""},{"$f":"IFERROR(VLOOKUP(C5632,参数!B:H,3,FALSE),\"\")","v":""},"",1]
[5632,{"$nulls":6},{"$f":"IFERROR(VLOOKUP(C5633,参数!$B:$H,2,0),\"\")","v":""},{"$f":"IFERROR(VLOOKUP(C5633,参数!$B:$H,4,0),\"\")","v":""},{"$f":"IFERROR(VLOOKUP(C5633,参数!B:H,3,FALSE),\"\")","v":""},"",1]
[5633,{"$nulls":6},{"$f":"IFERROR(VLOOKUP(C5634,参数!$B:$H,2,0),\"\")","v":""},{"$f":"IFERROR(VLOOKUP(C5634,参数!$B:$H,4,0),\"\")","v":""},{"$f":"IFERROR(VLOOKUP(C5634,参数!B:H,3,FALSE),\"\")","v":""},"",{"$f":"VALUE(MONTH(B5634))","v":1}]
[5634,{"$nulls":6},{"$f":"IFERROR(VLOOKUP(C5635,参数!$B:$H,2,0),\"\")","v":""},{"$f":"IFERROR(VLOOKUP(C5635,参数!$B:$H,4,0),\"\")","v":""},{"$f":"IFERROR(VLOOKUP(C5635,参数!B:H,3,FALSE),\"\")","v":""},"",1]
[5635,{"$nulls":6},{"$f":"IFERROR(VLOOKUP(C5636,参数!$B:$H,2,0),\"\")","v":""},{"$f":"IFERROR(VLOOKUP(C5636,参数!$B:$H,4,0),\"\")","v":""},{"$f":"IFERROR(VLOOKUP(C5636,参数!B:H,3,FALSE),\"\")","v":""},"",1]
[5636,{"$nulls":6},{"$f":"IFERROR(VLOOKUP(C5637,参数!$B:$H,2,0),\"\")","v":""},{"$f":"IFERROR(VLOOKUP(C5637,参数!$B:$H,4,0),\"\")","v":""},{"$f":"IFERROR(VLOOKUP(C5637,参数!B:H,3,FALSE),\"\")","v":""},"",1]
[5637,{"$nulls":6},{"$f":"IFERROR(VLOOKUP(C5638,参数!$B:$H,2,0),\"\")","v":""},{"$f":"IFERROR(VLOOKUP(C5638,参数!$B:$H,4,0),\"\")","v":""},{"$f":"IFERROR(VLOOKUP(C5638,参数!B:H,3,FALSE),\"\")","v":""},"",1]
[5638,{"$nulls":6},{"$f":"IFERROR(VLOOKUP(C5639,参数!$B:$H,2,0),\"\")","v":""},{"$f":"IFERROR(VLOOKUP(C5639,参数!$B:$H,4,0),\"\")","v":""},{"$f":"IFERROR(VLOOKUP(C5639,参数!B:H,3,FALSE),\"\")","v":""},"",1]
[5639,{"$nulls":6},{"$f":"IFERROR(VLOOKUP(C5640,参数!$B:$H,2,0),\"\")","v":""},{"$f":"IFERROR(VLOOKUP(C5640,参数!$B:$H,4,0),\"\")","v":""},{"$f":"IFERROR(VLOOKUP(C5640,参数!B:H,3,FALSE),\"\")","v":""},"",1]
[5640,{"$nulls":6},{"$f":"IFERROR(VLOOKUP(C5641,参数!$B:$H,2,0),\"\")","v":""},{"$f":"IFERROR(VLOOKUP(C5641,参数!$B:$H,4,0),\"\")","v":""},{"$f":"IFERROR(VLOOKUP(C5641,参数!B:H,3,FALSE),\"\")","v":""},"",1]
[5641,{"$nulls":6},{"$f":"IFERROR(VLOOKUP(C5642,参数!$B:$H,2,0),\"\")","v":""},{"$f":"IFERROR(VLOOKUP(C5642,参数!$B:$H,4,0),\"\")","v":""},{"$f":"IFERROR(VLOOKUP(C5642,参数!B:H,3,FALSE),\"\")","v":""},"",1]
[5642,{"$nulls":6},{"$f":"IFERROR(VLOOKUP(C5643,参数!$B:$H,2,0),\"\")","v":""},{"$f":"IFERROR(VLOOKUP(C5643,参数!$B:$H,4,0),\"\")","v":""},{"$f":"IFERROR(VLOOKUP(C5643,参数!B:H,3,FALSE),\"\")","v":""},"",1]
[5643,{"$nulls":6},{"$f":"IFERROR(VLOOKUP(C5644,参数!$B:$H,2,0),\"\")","v":""},{"$f":"IFERROR(VLOOKUP(C5644,参数!$B:$H,4,0),\"\")","v":""},{"$f":"IFERROR(VLOOKUP(C5644,参数!B:H,3,FALSE),\"\")","v":""},"",1]
[5644,{"$nulls":6},{"$f":"IFERROR(VLOOKUP(C5645,参数!$B:$H,2,0),\"\")","v":""},{"$f":"IFERROR(VLOOKUP(C5645,参数!$B:$H,4,0),\"\")","v":""},{"$f":"IFERROR(VLOOKUP(C5645,参数!B:H,3,FALSE),\"\")","v":""},"",1]
[5645,{"$nulls":6},{"$f":"IFERROR(VLOOKUP(C5646,参数!$B:$H,2,0),\"\")","v":""},{"$f":"IFERROR(VLOOKUP(C5646,参数!$B:$H,4,0),\"\")","v":""},{"$f":"IFERROR(VLOOKUP(C5646,参数!B:H,3,FALSE),\"\")","v":""},"",1]
[5646,{"$nulls":6},{"$f":"IFERROR(VLOOKUP(C5647,参数!$B:$H,2,0),\"\")","v":""},{"$f":"IFERROR(VLOOKUP(C5647,参数!$B:$H,4,0),\"\")","v":""},{"$f":"IFERROR(VLOOKUP(C5647,参数!B:H,3,FALSE),\"\")","v":""},"",1]
[5647,{"$nulls":6},{"$f":"IFERROR(VLOOKUP(C5648,参数!$B:$H,2,0),\"\")","v":""},{"$f":"IFERROR(VLOOKUP(C5648,参数!$B:$H,4,0),\"\")","v":""},{"$f":"IFERROR(VLOOKUP(C5648,参数!B:H,3,FALSE),\"\")","v":""},"",1]
[5648,{"$nulls":6},{"$f":"IFERROR(VLOOKUP(C5649,参数!$B:$H,2,0),\"\")","v":""},{"$f":"IFERROR(VLOOKUP(C5649,参数!$B:$H,4,0),\"\")","v":""},{"$f":"IFERROR(VLOOKUP(C5649,参数!B:H,3,FALSE),\"\")","v":""},"",1]
[5649,{"$nulls":6},{"$f":"IFERROR(VLOOKUP(C5650,参数!$B:$H,2,0),\"\")","v":""},{"$f":"IFERROR(VLOOKUP(C5650,参数!$B:$H,4,0),\"\")","v":""},{"$f":"IFERROR(VLOOKUP(C5650,参数!B:H,3,FALSE),\"\")","v":""},"",1]
[5650,{"$nulls":6},{"$f":"IFERROR(VLOOKUP(C5651,参数!$B:$H,2,0),\"\")","v":""},{"$f":"IFERROR(VLOOKUP(C5651,参数!$B:$H,4,0),\"\")","v":""},{"$f":"IFERROR(VLOOKUP(C5651,参数!B:H,3,FALSE),\"\")","v":""},"",1]
[5651,{"$nulls":6},{"$f":"IFERROR(VLOOKUP(C5652,参数!$B:$H,2,0),\"\")","v":""},{"$f":"IFERROR(VLOOKUP(C5652,参数!$B:$H,4,0),\"\")","v":""},{"$f":"IFERROR(VLOOKUP(C5652,参数!B:H,3,FALSE),\"\")","v":""},"",1]
[5652,{"$nulls":6},{"$f":"IFERROR(VLOOKUP(C5653,参数!$B:$H,2,0),\"\")","v":""},{"$f":"IFERROR(VLOOKUP(C5653,参数!$B:$H,4,0),\"\")","v":""},{"$f":"IFERROR(VLOOKUP(C5653,参数!B:H,3,FALSE),\"\")","v":""},"",1]
[5653,{"$nulls":6},{"$f":"IFERROR(VLOOKUP(C5654,参数!$B:$H,2,0),\"\")","v":""},{"$f":"IFERROR(VLOOKUP(C5654,参数!$B:$H,4,0),\"\")","v":""},{"$f":"IFERROR(VLOOKUP(C5654,参数!B:H,3,FALSE),\"\")","v":""},"",1]
[5654,{"$nulls":6},{"$f":"IFERROR(VLOOKUP(C5655,参数!$B:$H,2,0),\"\")","v":""},{"$f":"IFERROR(VLOOKUP(C5655,参数!$B:$H,4,0),\"\")","v":""},{"$f":"IFERROR(VLOOKUP(C5655,参数!B:H,3,FALSE),\"\")","v":""},"",1]
[5655,{"$nulls":6},{"$f":"IFERROR(VLOOKUP(C5656,参数!$B:$H,2,0),\"\")","v":""},{"$f":"IFERROR(VLOOKUP(C5656,参数!$B:$H,4,0),\"\")","v":""},{"$f":"IFERROR(VLOOKUP(C5656,参数!B:H,3,FALSE),\"\")","v":""},"",1]
[5656,{"$nulls":6},{"$f":"IFERROR(VLOOKUP(C5657,参数!$B:$H,2,0),\"\")","v":""},{"$f":"IFERROR(VLOOKUP(C5657,参数!$B:$H,4,0),\"\")","v":""},{"$f":"IFERROR(VLOOKUP(C5657,参数!B:H,3,FALSE),\"\")","v":""},"",1]
[5657,{"$nulls":6},{"$f":"IFERROR(VLOOKUP(C5658,参数!$B:$H,2,0),\"\")","v":""},{"$f":"IFERROR(VLOOKUP(C5658,参数!$B:$H,4,0),\"\")","v":""},{"$f":"IFERROR(VLOOKUP(C5658,参数!B:H,3,FALSE),\"\")","v":""},"",1]
[5658,{"$nulls":6},{"$f":"IFERROR(VLOOKUP(C5659,参数!$B:$H,2,0),\"\")","v":""},{"$f":"IFERROR(VLOOKUP(C5659,参数!$B:$H,4,0),\"\")","v":""},{"$f":"IFERROR(VLOOKUP(C5659,参数!B:H,3,FALSE),\"\")","v":""},"",1]
[5659,{"$nulls":6},{"$f":"IFERROR(VLOOKUP(C5660,参数!$B:$H,2,0),\"\")","v":""},{"$f":"IFERROR(VLOOKUP(C5660,参数!$B:$H,4,0),\"\")","v":""},{"$f":"IFERROR(VLOOKUP(C5660,参数!B:H,3,FALSE),\"\")","v":""},"",1]
[5660,{"$nulls":6},{"$f":"IFERROR(VLOOKUP(C5661,参数!$B:$H,2,0),\"\")","v":""},{"$f":"IFERROR(VLOOKUP(C5661,参数!$B:$H,4,0),\"\")","v":""},{"$f":"IFERROR(VLOOKUP(C5661,参数!B:H,3,FALSE),\"\")","v":""},"",1]
[5661,{"$nulls":6},{"$f":"IFERROR(VLOOKUP(C5662,参数!$B:$H,2,0),\"\")","v":""},{"$f":"IFERROR(VLOOKUP(C5662,参数!$B:$H,4,0),\"\")","v":""},{"$f":"IFERROR(VLOOKUP(C5662,参数!B:H,3,FALSE),\"\")","v":""},"",1]
[5662,{"$nulls":6},{"$f":"IFERROR(VLOOKUP(C5663,参数!$B:$H,2,0),\"\")","v":""},{"$f":"IFERROR(VLOOKUP(C5663,参数!$B:$H,4,0),\"\")","v":""},{"$f":"IFERROR(VLOOKUP(C5663,参数!B:H,3,FALSE),\"\")","v":""},"",1]
[5663,{"$nulls":6},{"$f":"IFERROR(VLOOKUP(C5664,参数!$B:$H,2,0),\"\")","v":""},{"$f":"IFERROR(VLOOKUP(C5664,参数!$B:$H,4,0),\"\")","v":""},{"$f":"IFERROR(VLOOKUP(C5664,参数!B:H,3,FALSE),\"\")","v":""},"",1]
[5664,{"$nulls":6},{"$f":"IFERROR(VLOOKUP(C5665,参数!$B:$H,2,0),\"\")","v":""},{"$f":"IFERROR(VLOOKUP(C5665,参数!$B:$H,4,0),\"\")","v":""},{"$f":"IFERROR(VLOOKUP(C5665,参数!B:H,3,FALSE),\"\")","v":""},"",1]
[5665,{"$nulls":6},{"$f":"IFERROR(VLOOKUP(C5666,参数!$B:$H,2,0),\"\")","v":""},{"$f":"IFERROR(VLOOKUP(C5666,参数!$B:$H,4,0),\"\")","v":""},{"$f":"IFERROR(VLOOKUP(C5666,参数!B:H,3,FALSE),\"\")","v":""},"",1]
[5666,{"$nulls":6},{"$f":"IFERROR(VLOOKUP(C5667,参数!$B:$H,2,0),\"\")","v":""},{"$f":"IFERROR(VLOOKUP(C5667,参数!$B:$H,4,0),\"\")","v":""},{"$f":"IFERROR(VLOOKUP(C5667,参数!B:H,3,FALSE),\"\")","v":""},"",1]
[5667,{"$nulls":6},{"$f":"IFERROR(VLOOKUP(C5668,参数!$B:$H,2,0),\"\")","v":""},{"$f":"IFERROR(VLOOKUP(C5668,参数!$B:$H,4,0),\"\")","v":""},{"$f":"IFERROR(VLOOKUP(C5668,参数!B:H,3,FALSE),\"\")","v":""},"",1]
[5668,{"$nulls":6},{"$f":"IFERROR(VLOOKUP(C5669,参数!$B:$H,2,0),\"\")","v":""},{"$f":"IFERROR(VLOOKUP(C5669,参数!$B:$H,4,0),\"\")","v":""},{"$f":"IFERROR(VLOOKUP(C5669,参数!B:H,3,FALSE),\"\")","v":""},{"$f":"IFERROR(J5669*E5669,\"\")","v":""},1]
[5669,{"$nulls":6},{"$f":"IFERROR(VLOOKUP(C5670,参数!$B:$H,2,0),\"\")","v":""},{"$f":"IFERROR(VLOOKUP(C5670,参数!$B:$H,4,0),\"\")","v":""},{"$f":"IFERROR(VLOOKUP(C5670,参数!B:H,3,FALSE),\"\")","v":""},"",1]
[5670,{"$nulls":6},{"$f":"IFERROR(VLOOKUP(C5671,参数!$B:$H,2,0),\"\")","v":""},{"$f":"IFERROR(VLOOKUP(C5671,参数!$B:$H,4,0),\"\")","v":""},{"$f":"IFERROR(VLOOKUP(C5671,参数!B:H,3,FALSE),\"\")","v":""},"",1]
[5671,{"$nulls":6},{"$f":"IFERROR(VLOOKUP(C5672,参数!$B:$H,2,0),\"\")","v":""},{"$f":"IFERROR(VLOOKUP(C5672,参数!$B:$H,4,0),\"\")","v":""},{"$f":"IFERROR(VLOOKUP(C5672,参数!B:H,3,FALSE),\"\")","v":""},"",1]
[5672,{"$nulls":6},{"$f":"IFERROR(VLOOKUP(C5673,参数!$B:$H,2,0),\"\")","v":""},{"$f":"IFERROR(VLOOKUP(C5673,参数!$B:$H,4,0),\"\")","v":""},{"$f":"IFERROR(VLOOKUP(C5673,参数!B:H,3,FALSE),\"\")","v":""},"",1]
[5673,{"$nulls":6},{"$f":"IFERROR(VLOOKUP(C5674,参数!$B:$H,2,0),\"\")","v":""},{"$f":"IFERROR(VLOOKUP(C5674,参数!$B:$H,4,0),\"\")","v":""},{"$f":"IFERROR(VLOOKUP(C5674,参数!B:H,3,FALSE),\"\")","v":""},"",1]
[5674,{"$nulls":6},{"$f":"IFERROR(VLOOKUP(C5675,参数!$B:$H,2,0),\"\")","v":""},{"$f":"IFERROR(VLOOKUP(C5675,参数!$B:$H,4,0),\"\")","v":""},{"$f":"IFERROR(VLOOKUP(C5675,参数!B:H,3,FALSE),\"\")","v":""},"",1]
[5675,{"$nulls":6},{"$f":"IFERROR(VLOOKUP(C5676,参数!$B:$H,2,0),\"\")","v":""},{"$f":"IFERROR(VLOOKUP(C5676,参数!$B:$H,4,0),\"\")","v":""},{"$f":"IFERROR(VLOOKUP(C5676,参数!B:H,3,FALSE),\"\")","v":""},"",1]
[5676,{"$nulls":6},{"$f":"IFERROR(VLOOKUP(C5677,参数!$B:$H,2,0),\"\")","v":""},{"$f":"IFERROR(VLOOKUP(C5677,参数!$B:$H,4,0),\"\")","v":""},{"$f":"IFERROR(VLOOKUP(C5677,参数!B:H,3,FALSE),\"\")","v":""},"",1]
[5677,{"$nulls":6},{"$f":"IFERROR(VLOOKUP(C5678,参数!$B:$H,2,0),\"\")","v":""},{"$f":"IFERROR(VLOOKUP(C5678,参数!$B:$H,4,0),\"\")","v":""},{"$f":"IFERROR(VLOOKUP(C5678,参数!B:H,3,FALSE),\"\")","v":""},"",1]
[5678,{"$nulls":6},{"$f":"IFERROR(VLOOKUP(C5679,参数!$B:$H,2,0),\"\")","v":""},{"$f":"IFERROR(VLOOKUP(C5679,参数!$B:$H,4,0),\"\")","v":""},{"$f":"IFERROR(VLOOKUP(C5679,参数!B:H,3,FALSE),\"\")","v":""},"",1]
[5679,{"$nulls":6},{"$f":"IFERROR(VLOOKUP(C5680,参数!$B:$H,2,0),\"\")","v":""},{"$f":"IFERROR(VLOOKUP(C5680,参数!$B:$H,4,0),\"\")","v":""},{"$f":"IFERROR(VLOOKUP(C5680,参数!B:H,3,FALSE),\"\")","v":""},"",1]
[5680,{"$nulls":6},{"$f":"IFERROR(VLOOKUP(C5681,参数!$B:$H,2,0),\"\")","v":""},{"$f":"IFERROR(VLOOKUP(C5681,参数!$B:$H,4,0),\"\")","v":""},{"$f":"IFERROR(VLOOKUP(C5681,参数!B:H,3,FALSE),\"\")","v":""},"",1]
[5681,{"$nulls":6},{"$f":"IFERROR(VLOOKUP(C5682,参数!$B:$H,2,0),\"\")","v":""},{"$f":"IFERROR(VLOOKUP(C5682,参数!$B:$H,4,0),\"\")","v":""},{"$f":"IFERROR(VLOOKUP(C5682,参数!B:H,3,FALSE),\"\")","v":""},"",1]
[5682,{"$nulls":6},{"$f":"IFERROR(VLOOKUP(C5683,参数!$B:$H,2,0),\"\")","v":""},{"$f":"IFERROR(VLOOKUP(C5683,参数!$B:$H,4,0),\"\")","v":""},{"$f":"IFERROR(VLOOKUP(C5683,参数!B:H,3,FALSE),\"\")","v":""},"",1]
[5683,{"$nulls":6},{"$f":"IFERROR(VLOOKUP(C5684,参数!$B:$H,2,0),\"\")","v":""},{"$f":"IFERROR(VLOOKUP(C5684,参数!$B:$H,4,0),\"\")","v":""},{"$f":"IFERROR(VLOOKUP(C5684,参数!B:H,3,FALSE),\"\")","v":""},"",1]
[5684,{"$nulls":6},{"$f":"IFERROR(VLOOKUP(C5685,参数!$B:$H,2,0),\"\")","v":""},{"$f":"IFERROR(VLOOKUP(C5685,参数!$B:$H,4,0),\"\")","v":""},{"$f":"IFERROR(VLOOKUP(C5685,参数!B:H,3,FALSE),\"\")","v":""},"",1]
[5685,{"$nulls":6},{"$f":"IFERROR(VLOOKUP(C5686,参数!$B:$H,2,0),\"\")","v":""},{"$f":"IFERROR(VLOOKUP(C5686,参数!$B:$H,4,0),\"\")","v":""},{"$f":"IFERROR(VLOOKUP(C5686,参数!B:H,3,FALSE),\"\")","v":""},"",1]
[5686,{"$nulls":6},{"$f":"IFERROR(VLOOKUP(C5687,参数!$B:$H,2,0),\"\")","v":""},{"$f":"IFERROR(VLOOKUP(C5687,参数!$B:$H,4,0),\"\")","v":""},{"$f":"IFERROR(VLOOKUP(C5687,参数!B:H,3,FALSE),\"\")","v":""},"",1]
[5687,{"$nulls":6},{"$f":"IFERROR(VLOOKUP(C5688,参数!$B:$H,2,0),\"\")","v":""},{"$f":"IFERROR(VLOOKUP(C5688,参数!$B:$H,4,0),\"\")","v":""},{"$f":"IFERROR(VLOOKUP(C5688,参数!B:H,3,FALSE),\"\")","v":""},"",1]
[5688,{"$nulls":6},{"$f":"IFERROR(VLOOKUP(C5689,参数!$B:$H,2,0),\"\")","v":""},{"$f":"IFERROR(VLOOKUP(C5689,参数!$B:$H,4,0),\"\")","v":""},{"$f":"IFERROR(VLOOKUP(C5689,参数!B:H,3,FALSE),\"\")","v":""},"",1]
[5689,{"$nulls":6},{"$f":"IFERROR(VLOOKUP(C5690,参数!$B:$H,2,0),\"\")","v":""},{"$f":"IFERROR(VLOOKUP(C5690,参数!$B:$H,4,0),\"\")","v":""},{"$f":"IFERROR(VLOOKUP(C5690,参数!B:H,3,FALSE),\"\")","v":""},"",1]
[5690,{"$nulls":6},{"$f":"IFERROR(VLOOKUP(C5691,参数!$B:$H,2,0),\"\")","v":""},{"$f":"IFERROR(VLOOKUP(C5691,参数!$B:$H,4,0),\"\")","v":""},{"$f":"IFERROR(VLOOKUP(C5691,参数!B:H,3,FALSE),\"\")","v":""},"",1]
[5691,{"$nulls":6},{"$f":"IFERROR(VLOOKUP(C5692,参数!$B:$H,2,0),\"\")","v":""},{"$f":"IFERROR(VLOOKUP(C5692,参数!$B:$H,4,0),\"\")","v":""},{"$f":"IFERROR(VLOOKUP(C5692,参数!B:H,3,FALSE),\"\")","v":""},"",1]
[5692,{"$nulls":6},{"$f":"IFERROR(VLOOKUP(C5693,参数!$B:$H,2,0),\"\")","v":""},{"$f":"IFERROR(VLOOKUP(C5693,参数!$B:$H,4,0),\"\")","v":""},{"$f":"IFERROR(VLOOKUP(C5693,参数!B:H,3,FALSE),\"\")","v":""},"",1]
[5693,{"$nulls":6},{"$f":"IFERROR(VLOOKUP(C5694,参数!$B:$H,2,0),\"\")","v":""},{"$f":"IFERROR(VLOOKUP(C5694,参数!$B:$H,4,0),\"\")","v":""},{"$f":"IFERROR(VLOOKUP(C5694,参数!B:H,3,FALSE),\"\")","v":""},"",1]
[5694,{"$nulls":6},{"$f":"IFERROR(VLOOKUP(C5695,参数!$B:$H,2,0),\"\")","v":""},{"$f":"IFERROR(VLOOKUP(C5695,参数!$B:$H,4,0),\"\")","v":""},{"$f":"IFERROR(VLOOKUP(C5695,参数!B:H,3,FALSE),\"\")","v":""},"",1]
[5695,{"$nulls":6},{"$f":"IFERROR(VLOOKUP(C5696,参数!$B:$H,2,0),\"\")","v":""},{"$f":"IFERROR(VLOOKUP(C5696,参数!$B:$H,4,0),\"\")","v":""},{"$f":"IFERROR(VLOOKUP(C5696,参数!B:H,3,FALSE),\"\")","v":""},"",1]
[5696,{"$nulls":6},{"$f":"IFERROR(VLOOKUP(C5697,参数!$B:$H,2,0),\"\")","v":""},{"$f":"IFERROR(VLOOKUP(C5697,参数!$B:$H,4,0),\"\")","v":""},{"$f":"IFERROR(VLOOKUP(C5697,参数!B:H,3,FALSE),\"\")","v":""},"",1]
[5697,{"$nulls":6},{"$f":"IFERROR(VLOOKUP(C5698,参数!$B:$H,2,0),\"\")","v":""},{"$f":"IFERROR(VLOOKUP(C5698,参数!$B:$H,4,0),\"\")","v":""},{"$f":"IFERROR(VLOOKUP(C5698,参数!B:H,3,FALSE),\"\")","v":""},"",{"$f":"VALUE(MONTH(B5698))","v":1}]
[5698,{"$nulls":6},{"$f":"IFERROR(VLOOKUP(C5699,参数!$B:$H,2,0),\"\")","v":""},{"$f":"IFERROR(VLOOKUP(C5699,参数!$B:$H,4,0),\"\")","v":""},{"$f":"IFERROR(VLOOKUP(C5699,参数!B:H,3,FALSE),\"\")","v":""},"",1]
[5699,{"$nulls":6},{"$f":"IFERROR(VLOOKUP(C5700,参数!$B:$H,2,0),\"\")","v":""},{"$f":"IFERROR(VLOOKUP(C5700,参数!$B:$H,4,0),\"\")","v":""},{"$f":"IFERROR(VLOOKUP(C5700,参数!B:H,3,FALSE),\"\")","v":""},"",1]
[5700,{"$nulls":6},{"$f":"IFERROR(VLOOKUP(C5701,参数!$B:$H,2,0),\"\")","v":""},{"$f":"IFERROR(VLOOKUP(C5701,参数!$B:$H,4,0),\"\")","v":""},{"$f":"IFERROR(VLOOKUP(C5701,参数!B:H,3,FALSE),\"\")","v":""},"",1]
[5701,{"$nulls":6},{"$f":"IFERROR(VLOOKUP(C5702,参数!$B:$H,2,0),\"\")","v":""},{"$f":"IFERROR(VLOOKUP(C5702,参数!$B:$H,4,0),\"\")","v":""},{"$f":"IFERROR(VLOOKUP(C5702,参数!B:H,3,FALSE),\"\")","v":""},"",1]
[5702,{"$nulls":6},{"$f":"IFERROR(VLOOKUP(C5703,参数!$B:$H,2,0),\"\")","v":""},{"$f":"IFERROR(VLOOKUP(C5703,参数!$B:$H,4,0),\"\")","v":""},{"$f":"IFERROR(VLOOKUP(C5703,参数!B:H,3,FALSE),\"\")","v":""},"",1]
[5703,{"$nulls":6},{"$f":"IFERROR(VLOOKUP(C5704,参数!$B:$H,2,0),\"\")","v":""},{"$f":"IFERROR(VLOOKUP(C5704,参数!$B:$H,4,0),\"\")","v":""},{"$f":"IFERROR(VLOOKUP(C5704,参数!B:H,3,FALSE),\"\")","v":""},"",1]
[5704,{"$nulls":6},{"$f":"IFERROR(VLOOKUP(C5705,参数!$B:$H,2,0),\"\")","v":""},{"$f":"IFERROR(VLOOKUP(C5705,参数!$B:$H,4,0),\"\")","v":""},{"$f":"IFERROR(VLOOKUP(C5705,参数!B:H,3,FALSE),\"\")","v":""},"",1]
[5705,{"$nulls":6},{"$f":"IFERROR(VLOOKUP(C5706,参数!$B:$H,2,0),\"\")","v":""},{"$f":"IFERROR(VLOOKUP(C5706,参数!$B:$H,4,0),\"\")","v":""},{"$f":"IFERROR(VLOOKUP(C5706,参数!B:H,3,FALSE),\"\")","v":""},"",1]
[5706,{"$nulls":6},{"$f":"IFERROR(VLOOKUP(C5707,参数!$B:$H,2,0),\"\")","v":""},{"$f":"IFERROR(VLOOKUP(C5707,参数!$B:$H,4,0),\"\")","v":""},{"$f":"IFERROR(VLOOKUP(C5707,参数!B:H,3,FALSE),\"\")","v":""},"",1]
[5707,{"$nulls":6},{"$f":"IFERROR(VLOOKUP(C5708,参数!$B:$H,2,0),\"\")","v":""},{"$f":"IFERROR(VLOOKUP(C5708,参数!$B:$H,4,0),\"\")","v":""},{"$f":"IFERROR(VLOOKUP(C5708,参数!B:H,3,FALSE),\"\")","v":""},"",1]
[5708,{"$nulls":6},{"$f":"IFERROR(VLOOKUP(C5709,参数!$B:$H,2,0),\"\")","v":""},{"$f":"IFERROR(VLOOKUP(C5709,参数!$B:$H,4,0),\"\")","v":""},{"$f":"IFERROR(VLOOKUP(C5709,参数!B:H,3,FALSE),\"\")","v":""},"",1]
[5709,{"$nulls":6},{"$f":"IFERROR(VLOOKUP(C5710,参数!$B:$H,2,0),\"\")","v":""},{"$f":"IFERROR(VLOOKUP(C5710,参数!$B:$H,4,0),\"\")","v":""},{"$f":"IFERROR(VLOOKUP(C5710,参数!B:H,3,FALSE),\"\")","v":""},"",1]
[5710,{"$nulls":6},{"$f":"IFERROR(VLOOKUP(C5711,参数!$B:$H,2,0),\"\")","v":""},{"$f":"IFERROR(VLOOKUP(C5711,参数!$B:$H,4,0),\"\")","v":""},{"$f":"IFERROR(VLOOKUP(C5711,参数!B:H,3,FALSE),\"\")","v":""},"",1]
[5711,{"$nulls":6},{"$f":"IFERROR(VLOOKUP(C5712,参数!$B:$H,2,0),\"\")","v":""},{"$f":"IFERROR(VLOOKUP(C5712,参数!$B:$H,4,0),\"\")","v":""},{"$f":"IFERROR(VLOOKUP(C5712,参数!B:H,3,FALSE),\"\")","v":""},"",1]
[5712,{"$nulls":6},{"$f":"IFERROR(VLOOKUP(C5713,参数!$B:$H,2,0),\"\")","v":""},{"$f":"IFERROR(VLOOKUP(C5713,参数!$B:$H,4,0),\"\")","v":""},{"$f":"IFERROR(VLOOKUP(C5713,参数!B:H,3,FALSE),\"\")","v":""},"",1]
[5713,{"$nulls":6},{"$f":"IFERROR(VLOOKUP(C5714,参数!$B:$H,2,0),\"\")","v":""},{"$f":"IFERROR(VLOOKUP(C5714,参数!$B:$H,4,0),\"\")","v":""},{"$f":"IFERROR(VLOOKUP(C5714,参数!B:H,3,FALSE),\"\")","v":""},"",1]
[5714,{"$nulls":6},{"$f":"IFERROR(VLOOKUP(C5715,参数!$B:$H,2,0),\"\")","v":""},{"$f":"IFERROR(VLOOKUP(C5715,参数!$B:$H,4,0),\"\")","v":""},{"$f":"IFERROR(VLOOKUP(C5715,参数!B:H,3,FALSE),\"\")","v":""},"",1]
[5715,{"$nulls":6},{"$f":"IFERROR(VLOOKUP(C5716,参数!$B:$H,2,0),\"\")","v":""},{"$f":"IFERROR(VLOOKUP(C5716,参数!$B:$H,4,0),\"\")","v":""},{"$f":"IFERROR(VLOOKUP(C5716,参数!B:H,3,FALSE),\"\")","v":""},"",1]
[5716,{"$nulls":6},{"$f":"IFERROR(VLOOKUP(C5717,参数!$B:$H,2,0),\"\")","v":""},{"$f":"IFERROR(VLOOKUP(C5717,参数!$B:$H,4,0),\"\")","v":""},{"$f":"IFERROR(VLOOKUP(C5717,参数!B:H,3,FALSE),\"\")","v":""},"",1]
[5717,{"$nulls":6},{"$f":"IFERROR(VLOOKUP(C5718,参数!$B:$H,2,0),\"\")","v":""},{"$f":"IFERROR(VLOOKUP(C5718,参数!$B:$H,4,0),\"\")","v":""},{"$f":"IFERROR(VLOOKUP(C5718,参数!B:H,3,FALSE),\"\")","v":""},"",1]
[5718,{"$nulls":6},{"$f":"IFERROR(VLOOKUP(C5719,参数!$B:$H,2,0),\"\")","v":""},{"$f":"IFERROR(VLOOKUP(C5719,参数!$B:$H,4,0),\"\")","v":""},{"$f":"IFERROR(VLOOKUP(C5719,参数!B:H,3,FALSE),\"\")","v":""},"",1]
[5719,{"$nulls":6},{"$f":"IFERROR(VLOOKUP(C5720,参数!$B:$H,2,0),\"\")","v":""},{"$f":"IFERROR(VLOOKUP(C5720,参数!$B:$H,4,0),\"\")","v":""},{"$f":"IFERROR(VLOOKUP(C5720,参数!B:H,3,FALSE),\"\")","v":""},"",1]
[5720,{"$nulls":6},{"$f":"IFERROR(VLOOKUP(C5721,参数!$B:$H,2,0),\"\")","v":""},{"$f":"IFERROR(VLOOKUP(C5721,参数!$B:$H,4,0),\"\")","v":""},{"$f":"IFERROR(VLOOKUP(C5721,参数!B:H,3,FALSE),\"\")","v":""},"",1]
[5721,{"$nulls":6},{"$f":"IFERROR(VLOOKUP(C5722,参数!$B:$H,2,0),\"\")","v":""},{"$f":"IFERROR(VLOOKUP(C5722,参数!$B:$H,4,0),\"\")","v":""},{"$f":"IFERROR(VLOOKUP(C5722,参数!B:H,3,FALSE),\"\")","v":""},"",1]
[5722,{"$nulls":6},{"$f":"IFERROR(VLOOKUP(C5723,参数!$B:$H,2,0),\"\")","v":""},{"$f":"IFERROR(VLOOKUP(C5723,参数!$B:$H,4,0),\"\")","v":""},{"$f":"IFERROR(VLOOKUP(C5723,参数!B:H,3,FALSE),\"\")","v":""},"",1]
[5723,{"$nulls":6},{"$f":"IFERROR(VLOOKUP(C5724,参数!$B:$H,2,0),\"\")","v":""},{"$f":"IFERROR(VLOOKUP(C5724,参数!$B:$H,4,0),\"\")","v":""},{"$f":"IFERROR(VLOOKUP(C5724,参数!B:H,3,FALSE),\"\")","v":""},"",1]
[5724,{"$nulls":6},{"$f":"IFERROR(VLOOKUP(C5725,参数!$B:$H,2,0),\"\")","v":""},{"$f":"IFERROR(VLOOKUP(C5725,参数!$B:$H,4,0),\"\")","v":""},{"$f":"IFERROR(VLOOKUP(C5725,参数!B:H,3,FALSE),\"\")","v":""},"",1]
[5725,{"$nulls":6},{"$f":"IFERROR(VLOOKUP(C5726,参数!$B:$H,2,0),\"\")","v":""},{"$f":"IFERROR(VLOOKUP(C5726,参数!$B:$H,4,0),\"\")","v":""},{"$f":"IFERROR(VLOOKUP(C5726,参数!B:H,3,FALSE),\"\")","v":""},"",1]
[5726,{"$nulls":6},{"$f":"IFERROR(VLOOKUP(C5727,参数!$B:$H,2,0),\"\")","v":""},{"$f":"IFERROR(VLOOKUP(C5727,参数!$B:$H,4,0),\"\")","v":""},{"$f":"IFERROR(VLOOKUP(C5727,参数!B:H,3,FALSE),\"\")","v":""},"",1]
[5727,{"$nulls":6},{"$f":"IFERROR(VLOOKUP(C5728,参数!$B:$H,2,0),\"\")","v":""},{"$f":"IFERROR(VLOOKUP(C5728,参数!$B:$H,4,0),\"\")","v":""},{"$f":"IFERROR(VLOOKUP(C5728,参数!B:H,3,FALSE),\"\")","v":""},"",1]
[5728,{"$nulls":6},{"$f":"IFERROR(VLOOKUP(C5729,参数!$B:$H,2,0),\"\")","v":""},{"$f":"IFERROR(VLOOKUP(C5729,参数!$B:$H,4,0),\"\")","v":""},{"$f":"IFERROR(VLOOKUP(C5729,参数!B:H,3,FALSE),\"\")","v":""},"",1]
[5729,{"$nulls":6},{"$f":"IFERROR(VLOOKUP(C5730,参数!$B:$H,2,0),\"\")","v":""},{"$f":"IFERROR(VLOOKUP(C5730,参数!$B:$H,4,0),\"\")","v":""},{"$f":"IFERROR(VLOOKUP(C5730,参数!B:H,3,FALSE),\"\")","v":""},"",1]
[5730,{"$nulls":6},{"$f":"IFERROR(VLOOKUP(C5731,参数!$B:$H,2,0),\"\")","v":""},{"$f":"IFERROR(VLOOKUP(C5731,参数!$B:$H,4,0),\"\")","v":""},{"$f":"IFERROR(VLOOKUP(C5731,参数!B:H,3,FALSE),\"\")","v":""},"",1]
[5731,{"$nulls":6},{"$f":"IFERROR(VLOOKUP(C5732,参数!$B:$H,2,0),\"\")","v":""},{"$f":"IFERROR(VLOOKUP(C5732,参数!$B:$H,4,0),\"\")","v":""},{"$f":"IFERROR(VLOOKUP(C5732,参数!B:H,3,FALSE),\"\")","v":""},"",1]
[5732,{"$nulls":6},{"$f":"IFERROR(VLOOKUP(C5733,参数!$B:$H,2,0),\"\")","v":""},{"$f":"IFERROR(VLOOKUP(C5733,参数!$B:$H,4,0),\"\")","v":""},{"$f":"IFERROR(VLOOKUP(C5733,参数!B:H,3,FALSE),\"\")","v":""},{"$f":"IFERROR(J5733*E5733,\"\")","v":""},1]
[5733,{"$nulls":6},{"$f":"IFERROR(VLOOKUP(C5734,参数!$B:$H,2,0),\"\")","v":""},{"$f":"IFERROR(VLOOKUP(C5734,参数!$B:$H,4,0),\"\")","v":""},{"$f":"IFERROR(VLOOKUP(C5734,参数!B:H,3,FALSE),\"\")","v":""},"",1]
[5734,{"$nulls":6},{"$f":"IFERROR(VLOOKUP(C5735,参数!$B:$H,2,0),\"\")","v":""},{"$f":"IFERROR(VLOOKUP(C5735,参数!$B:$H,4,0),\"\")","v":""},{"$f":"IFERROR(VLOOKUP(C5735,参数!B:H,3,FALSE),\"\")","v":""},"",1]
[5735,{"$nulls":6},{"$f":"IFERROR(VLOOKUP(C5736,参数!$B:$H,2,0),\"\")","v":""},{"$f":"IFERROR(VLOOKUP(C5736,参数!$B:$H,4,0),\"\")","v":""},{"$f":"IFERROR(VLOOKUP(C5736,参数!B:H,3,FALSE),\"\")","v":""},"",1]
[5736,{"$nulls":6},{"$f":"IFERROR(VLOOKUP(C5737,参数!$B:$H,2,0),\"\")","v":""},{"$f":"IFERROR(VLOOKUP(C5737,参数!$B:$H,4,0),\"\")","v":""},{"$f":"IFERROR(VLOOKUP(C5737,参数!B:H,3,FALSE),\"\")","v":""},"",1]
[5737,{"$nulls":6},{"$f":"IFERROR(VLOOKUP(C5738,参数!$B:$H,2,0),\"\")","v":""},{"$f":"IFERROR(VLOOKUP(C5738,参数!$B:$H,4,0),\"\")","v":""},{"$f":"IFERROR(VLOOKUP(C5738,参数!B:H,3,FALSE),\"\")","v":""},"",1]
[5738,{"$nulls":6},{"$f":"IFERROR(VLOOKUP(C5739,参数!$B:$H,2,0),\"\")","v":""},{"$f":"IFERROR(VLOOKUP(C5739,参数!$B:$H,4,0),\"\")","v":""},{"$f":"IFERROR(VLOOKUP(C5739,参数!B:H,3,FALSE),\"\")","v":""},"",1]
[5739,{"$nulls":6},{"$f":"IFERROR(VLOOKUP(C5740,参数!$B:$H,2,0),\"\")","v":""},{"$f":"IFERROR(VLOOKUP(C5740,参数!$B:$H,4,0),\"\")","v":""},{"$f":"IFERROR(VLOOKUP(C5740,参数!B:H,3,FALSE),\"\")","v":""},"",1]
[5740,{"$nulls":6},{"$f":"IFERROR(VLOOKUP(C5741,参数!$B:$H,2,0),\"\")","v":""},{"$f":"IFERROR(VLOOKUP(C5741,参数!$B:$H,4,0),\"\")","v":""},{"$f":"IFERROR(VLOOKUP(C5741,参数!B:H,3,FALSE),\"\")","v":""},"",1]
[5741,{"$nulls":6},{"$f":"IFERROR(VLOOKUP(C5742,参数!$B:$H,2,0),\"\")","v":""},{"$f":"IFERROR(VLOOKUP(C5742,参数!$B:$H,4,0),\"\")","v":""},{"$f":"IFERROR(VLOOKUP(C5742,参数!B:H,3,FALSE),\"\")","v":""},"",1]
[5742,{"$nulls":6},{"$f":"IFERROR(VLOOKUP(C5743,参数!$B:$H,2,0),\"\")","v":""},{"$f":"IFERROR(VLOOKUP(C5743,参数!$B:$H,4,0),\"\")","v":""},{"$f":"IFERROR(VLOOKUP(C5743,参数!B:H,3,FALSE),\"\")","v":""},"",1]
[5743,{"$nulls":6},{"$f":"IFERROR(VLOOKUP(C5744,参数!$B:$H,2,0),\"\")","v":""},{"$f":"IFERROR(VLOOKUP(C5744,参数!$B:$H,4,0),\"\")","v":""},{"$f":"IFERROR(VLOOKUP(C5744,参数!B:H,3,FALSE),\"\")","v":""},"",1]
[5744,{"$nulls":6},{"$f":"IFERROR(VLOOKUP(C5745,参数!$B:$H,2,0),\"\")","v":""},{"$f":"IFERROR(VLOOKUP(C5745,参数!$B:$H,4,0),\"\")","v":""},{"$f":"IFERROR(VLOOKUP(C5745,参数!B:H,3,FALSE),\"\")","v":""},"",1]
[5745,{"$nulls":6},{"$f":"IFERROR(VLOOKUP(C5746,参数!$B:$H,2,0),\"\")","v":""},{"$f":"IFERROR(VLOOKUP(C5746,参数!$B:$H,4,0),\"\")","v":""},{"$f":"IFERROR(VLOOKUP(C5746,参数!B:H,3,FALSE),\"\")","v":""},"",1]
[5746,{"$nulls":6},{"$f":"IFERROR(VLOOKUP(C5747,参数!$B:$H,2,0),\"\")","v":""},{"$f":"IFERROR(VLOOKUP(C5747,参数!$B:$H,4,0),\"\")","v":""},{"$f":"IFERROR(VLOOKUP(C5747,参数!B:H,3,FALSE),\"\")","v":""},"",1]
[5747,{"$nulls":6},{"$f":"IFERROR(VLOOKUP(C5748,参数!$B:$H,2,0),\"\")","v":""},{"$f":"IFERROR(VLOOKUP(C5748,参数!$B:$H,4,0),\"\")","v":""},{"$f":"IFERROR(VLOOKUP(C5748,参数!B:H,3,FALSE),\"\")","v":""},"",1]
[5748,{"$nulls":6},{"$f":"IFERROR(VLOOKUP(C5749,参数!$B:$H,2,0),\"\")","v":""},{"$f":"IFERROR(VLOOKUP(C5749,参数!$B:$H,4,0),\"\")","v":""},{"$f":"IFERROR(VLOOKUP(C5749,参数!B:H,3,FALSE),\"\")","v":""},"",1]
[5749,{"$nulls":6},{"$f":"IFERROR(VLOOKUP(C5750,参数!$B:$H,2,0),\"\")","v":""},{"$f":"IFERROR(VLOOKUP(C5750,参数!$B:$H,4,0),\"\")","v":""},{"$f":"IFERROR(VLOOKUP(C5750,参数!B:H,3,FALSE),\"\")","v":""},"",1]
[5750,{"$nulls":6},{"$f":"IFERROR(VLOOKUP(C5751,参数!$B:$H,2,0),\"\")","v":""},{"$f":"IFERROR(VLOOKUP(C5751,参数!$B:$H,4,0),\"\")","v":""},{"$f":"IFERROR(VLOOKUP(C5751,参数!B:H,3,FALSE),\"\")","v":""},"",1]
[5751,{"$nulls":6},{"$f":"IFERROR(VLOOKUP(C5752,参数!$B:$H,2,0),\"\")","v":""},{"$f":"IFERROR(VLOOKUP(C5752,参数!$B:$H,4,0),\"\")","v":""},{"$f":"IFERROR(VLOOKUP(C5752,参数!B:H,3,FALSE),\"\")","v":""},"",1]
[5752,{"$nulls":6},{"$f":"IFERROR(VLOOKUP(C5753,参数!$B:$H,2,0),\"\")","v":""},{"$f":"IFERROR(VLOOKUP(C5753,参数!$B:$H,4,0),\"\")","v":""},{"$f":"IFERROR(VLOOKUP(C5753,参数!B:H,3,FALSE),\"\")","v":""},"",1]
[5753,{"$nulls":6},{"$f":"IFERROR(VLOOKUP(C5754,参数!$B:$H,2,0),\"\")","v":""},{"$f":"IFERROR(VLOOKUP(C5754,参数!$B:$H,4,0),\"\")","v":""},{"$f":"IFERROR(VLOOKUP(C5754,参数!B:H,3,FALSE),\"\")","v":""},"",1]
[5754,{"$nulls":6},{"$f":"IFERROR(VLOOKUP(C5755,参数!$B:$H,2,0),\"\")","v":""},{"$f":"IFERROR(VLOOKUP(C5755,参数!$B:$H,4,0),\"\")","v":""},{"$f":"IFERROR(VLOOKUP(C5755,参数!B:H,3,FALSE),\"\")","v":""},"",1]
[5755,{"$nulls":6},{"$f":"IFERROR(VLOOKUP(C5756,参数!$B:$H,2,0),\"\")","v":""},{"$f":"IFERROR(VLOOKUP(C5756,参数!$B:$H,4,0),\"\")","v":""},{"$f":"IFERROR(VLOOKUP(C5756,参数!B:H,3,FALSE),\"\")","v":""},"",1]
[5756,{"$nulls":6},{"$f":"IFERROR(VLOOKUP(C5757,参数!$B:$H,2,0),\"\")","v":""},{"$f":"IFERROR(VLOOKUP(C5757,参数!$B:$H,4,0),\"\")","v":""},{"$f":"IFERROR(VLOOKUP(C5757,参数!B:H,3,FALSE),\"\")","v":""},"",1]
[5757,{"$nulls":6},{"$f":"IFERROR(VLOOKUP(C5758,参数!$B:$H,2,0),\"\")","v":""},{"$f":"IFERROR(VLOOKUP(C5758,参数!$B:$H,4,0),\"\")","v":""},{"$f":"IFERROR(VLOOKUP(C5758,参数!B:H,3,FALSE),\"\")","v":""},"",1]
[5758,{"$nulls":6},{"$f":"IFERROR(VLOOKUP(C5759,参数!$B:$H,2,0),\"\")","v":""},{"$f":"IFERROR(VLOOKUP(C5759,参数!$B:$H,4,0),\"\")","v":""},{"$f":"IFERROR(VLOOKUP(C5759,参数!B:H,3,FALSE),\"\")","v":""},"",1]
[5759,{"$nulls":6},{"$f":"IFERROR(VLOOKUP(C5760,参数!$B:$H,2,0),\"\")","v":""},{"$f":"IFERROR(VLOOKUP(C5760,参数!$B:$H,4,0),\"\")","v":""},{"$f":"IFERROR(VLOOKUP(C5760,参数!B:H,3,FALSE),\"\")","v":""},"",1]
[5760,{"$nulls":6},{"$f":"IFERROR(VLOOKUP(C5761,参数!$B:$H,2,0),\"\")","v":""},{"$f":"IFERROR(VLOOKUP(C5761,参数!$B:$H,4,0),\"\")","v":""},{"$f":"IFERROR(VLOOKUP(C5761,参数!B:H,3,FALSE),\"\")","v":""},"",1]
[5761,{"$nulls":6},{"$f":"IFERROR(VLOOKUP(C5762,参数!$B:$H,2,0),\"\")","v":""},{"$f":"IFERROR(VLOOKUP(C5762,参数!$B:$H,4,0),\"\")","v":""},{"$f":"IFERROR(VLOOKUP(C5762,参数!B:H,3,FALSE),\"\")","v":""},"",{"$f":"VALUE(MONTH(B5762))","v":1}]
[5762,{"$nulls":6},{"$f":"IFERROR(VLOOKUP(C5763,参数!$B:$H,2,0),\"\")","v":""},{"$f":"IFERROR(VLOOKUP(C5763,参数!$B:$H,4,0),\"\")","v":""},{"$f":"IFERROR(VLOOKUP(C5763,参数!B:H,3,FALSE),\"\")","v":""},"",1]
[5763,{"$nulls":6},{"$f":"IFERROR(VLOOKUP(C5764,参数!$B:$H,2,0),\"\")","v":""},{"$f":"IFERROR(VLOOKUP(C5764,参数!$B:$H,4,0),\"\")","v":""},{"$f":"IFERROR(VLOOKUP(C5764,参数!B:H,3,FALSE),\"\")","v":""},"",1]
[5764,{"$nulls":6},{"$f":"IFERROR(VLOOKUP(C5765,参数!$B:$H,2,0),\"\")","v":""},{"$f":"IFERROR(VLOOKUP(C5765,参数!$B:$H,4,0),\"\")","v":""},{"$f":"IFERROR(VLOOKUP(C5765,参数!B:H,3,FALSE),\"\")","v":""},"",1]
[5765,{"$nulls":6},{"$f":"IFERROR(VLOOKUP(C5766,参数!$B:$H,2,0),\"\")","v":""},{"$f":"IFERROR(VLOOKUP(C5766,参数!$B:$H,4,0),\"\")","v":""},{"$f":"IFERROR(VLOOKUP(C5766,参数!B:H,3,FALSE),\"\")","v":""},"",1]
[5766,{"$nulls":6},{"$f":"IFERROR(VLOOKUP(C5767,参数!$B:$H,2,0),\"\")","v":""},{"$f":"IFERROR(VLOOKUP(C5767,参数!$B:$H,4,0),\"\")","v":""},{"$f":"IFERROR(VLOOKUP(C5767,参数!B:H,3,FALSE),\"\")","v":""},"",1]
[5767,{"$nulls":6},{"$f":"IFERROR(VLOOKUP(C5768,参数!$B:$H,2,0),\"\")","v":""},{"$f":"IFERROR(VLOOKUP(C5768,参数!$B:$H,4,0),\"\")","v":""},{"$f":"IFERROR(VLOOKUP(C5768,参数!B:H,3,FALSE),\"\")","v":""},"",1]
[5768,{"$nulls":6},{"$f":"IFERROR(VLOOKUP(C5769,参数!$B:$H,2,0),\"\")","v":""},{"$f":"IFERROR(VLOOKUP(C5769,参数!$B:$H,4,0),\"\")","v":""},{"$f":"IFERROR(VLOOKUP(C5769,参数!B:H,3,FALSE),\"\")","v":""},"",1]
[5769,{"$nulls":6},{"$f":"IFERROR(VLOOKUP(C5770,参数!$B:$H,2,0),\"\")","v":""},{"$f":"IFERROR(VLOOKUP(C5770,参数!$B:$H,4,0),\"\")","v":""},{"$f":"IFERROR(VLOOKUP(C5770,参数!B:H,3,FALSE),\"\")","v":""},"",1]
[5770,{"$nulls":6},{"$f":"IFERROR(VLOOKUP(C5771,参数!$B:$H,2,0),\"\")","v":""},{"$f":"IFERROR(VLOOKUP(C5771,参数!$B:$H,4,0),\"\")","v":""},{"$f":"IFERROR(VLOOKUP(C5771,参数!B:H,3,FALSE),\"\")","v":""},"",1]
[5771,{"$nulls":6},{"$f":"IFERROR(VLOOKUP(C5772,参数!$B:$H,2,0),\"\")","v":""},{"$f":"IFERROR(VLOOKUP(C5772,参数!$B:$H,4,0),\"\")","v":""},{"$f":"IFERROR(VLOOKUP(C5772,参数!B:H,3,FALSE),\"\")","v":""},"",1]
[5772,{"$nulls":6},{"$f":"IFERROR(VLOOKUP(C5773,参数!$B:$H,2,0),\"\")","v":""},{"$f":"IFERROR(VLOOKUP(C5773,参数!$B:$H,4,0),\"\")","v":""},{"$f":"IFERROR(VLOOKUP(C5773,参数!B:H,3,FALSE),\"\")","v":""},"",1]
[5773,{"$nulls":6},{"$f":"IFERROR(VLOOKUP(C5774,参数!$B:$H,2,0),\"\")","v":""},{"$f":"IFERROR(VLOOKUP(C5774,参数!$B:$H,4,0),\"\")","v":""},{"$f":"IFERROR(VLOOKUP(C5774,参数!B:H,3,FALSE),\"\")","v":""},"",1]
[5774,{"$nulls":6},{"$f":"IFERROR(VLOOKUP(C5775,参数!$B:$H,2,0),\"\")","v":""},{"$f":"IFERROR(VLOOKUP(C5775,参数!$B:$H,4,0),\"\")","v":""},{"$f":"IFERROR(VLOOKUP(C5775,参数!B:H,3,FALSE),\"\")","v":""},"",1]
[5775,{"$nulls":6},{"$f":"IFERROR(VLOOKUP(C5776,参数!$B:$H,2,0),\"\")","v":""},{"$f":"IFERROR(VLOOKUP(C5776,参数!$B:$H,4,0),\"\")","v":""},{"$f":"IFERROR(VLOOKUP(C5776,参数!B:H,3,FALSE),\"\")","v":""},"",1]
[5776,{"$nulls":6},{"$f":"IFERROR(VLOOKUP(C5777,参数!$B:$H,2,0),\"\")","v":""},{"$f":"IFERROR(VLOOKUP(C5777,参数!$B:$H,4,0),\"\")","v":""},{"$f":"IFERROR(VLOOKUP(C5777,参数!B:H,3,FALSE),\"\")","v":""},"",1]
[5777,{"$nulls":6},{"$f":"IFERROR(VLOOKUP(C5778,参数!$B:$H,2,0),\"\")","v":""},{"$f":"IFERROR(VLOOKUP(C5778,参数!$B:$H,4,0),\"\")","v":""},{"$f":"IFERROR(VLOOKUP(C5778,参数!B:H,3,FALSE),\"\")","v":""},"",1]
[5778,{"$nulls":6},{"$f":"IFERROR(VLOOKUP(C5779,参数!$B:$H,2,0),\"\")","v":""},{"$f":"IFERROR(VLOOKUP(C5779,参数!$B:$H,4,0),\"\")","v":""},{"$f":"IFERROR(VLOOKUP(C5779,参数!B:H,3,FALSE),\"\")","v":""},"",1]
[5779,{"$nulls":6},{"$f":"IFERROR(VLOOKUP(C5780,参数!$B:$H,2,0),\"\")","v":""},{"$f":"IFERROR(VLOOKUP(C5780,参数!$B:$H,4,0),\"\")","v":""},{"$f":"IFERROR(VLOOKUP(C5780,参数!B:H,3,FALSE),\"\")","v":""},"",1]
[5780,{"$nulls":6},{"$f":"IFERROR(VLOOKUP(C5781,参数!$B:$H,2,0),\"\")","v":""},{"$f":"IFERROR(VLOOKUP(C5781,参数!$B:$H,4,0),\"\")","v":""},{"$f":"IFERROR(VLOOKUP(C5781,参数!B:H,3,FALSE),\"\")","v":""},"",1]
[5781,{"$nulls":6},{"$f":"IFERROR(VLOOKUP(C5782,参数!$B:$H,2,0),\"\")","v":""},{"$f":"IFERROR(VLOOKUP(C5782,参数!$B:$H,4,0),\"\")","v":""},{"$f":"IFERROR(VLOOKUP(C5782,参数!B:H,3,FALSE),\"\")","v":""},"",1]
[5782,{"$nulls":6},{"$f":"IFERROR(VLOOKUP(C5783,参数!$B:$H,2,0),\"\")","v":""},{"$f":"IFERROR(VLOOKUP(C5783,参数!$B:$H,4,0),\"\")","v":""},{"$f":"IFERROR(VLOOKUP(C5783,参数!B:H,3,FALSE),\"\")","v":""},"",1]
[5783,{"$nulls":6},{"$f":"IFERROR(VLOOKUP(C5784,参数!$B:$H,2,0),\"\")","v":""},{"$f":"IFERROR(VLOOKUP(C5784,参数!$B:$H,4,0),\"\")","v":""},{"$f":"IFERROR(VLOOKUP(C5784,参数!B:H,3,FALSE),\"\")","v":""},"",1]
[5784,{"$nulls":6},{"$f":"IFERROR(VLOOKUP(C5785,参数!$B:$H,2,0),\"\")","v":""},{"$f":"IFERROR(VLOOKUP(C5785,参数!$B:$H,4,0),\"\")","v":""},{"$f":"IFERROR(VLOOKUP(C5785,参数!B:H,3,FALSE),\"\")","v":""},"",1]
[5785,{"$nulls":6},{"$f":"IFERROR(VLOOKUP(C5786,参数!$B:$H,2,0),\"\")","v":""},{"$f":"IFERROR(VLOOKUP(C5786,参数!$B:$H,4,0),\"\")","v":""},{"$f":"IFERROR(VLOOKUP(C5786,参数!B:H,3,FALSE),\"\")","v":""},"",1]
[5786,{"$nulls":6},{"$f":"IFERROR(VLOOKUP(C5787,参数!$B:$H,2,0),\"\")","v":""},{"$f":"IFERROR(VLOOKUP(C5787,参数!$B:$H,4,0),\"\")","v":""},{"$f":"IFERROR(VLOOKUP(C5787,参数!B:H,3,FALSE),\"\")","v":""},"",1]
[5787,{"$nulls":6},{"$f":"IFERROR(VLOOKUP(C5788,参数!$B:$H,2,0),\"\")","v":""},{"$f":"IFERROR(VLOOKUP(C5788,参数!$B:$H,4,0),\"\")","v":""},{"$f":"IFERROR(VLOOKUP(C5788,参数!B:H,3,FALSE),\"\")","v":""},"",1]
[5788,{"$nulls":6},{"$f":"IFERROR(VLOOKUP(C5789,参数!$B:$H,2,0),\"\")","v":""},{"$f":"IFERROR(VLOOKUP(C5789,参数!$B:$H,4,0),\"\")","v":""},{"$f":"IFERROR(VLOOKUP(C5789,参数!B:H,3,FALSE),\"\")","v":""},"",1]
[5789,{"$nulls":6},{"$f":"IFERROR(VLOOKUP(C5790,参数!$B:$H,2,0),\"\")","v":""},{"$f":"IFERROR(VLOOKUP(C5790,参数!$B:$H,4,0),\"\")","v":""},{"$f":"IFERROR(VLOOKUP(C5790,参数!B:H,3,FALSE),\"\")","v":""},"",1]
[5790,{"$nulls":6},{"$f":"IFERROR(VLOOKUP(C5791,参数!$B:$H,2,0),\"\")","v":""},{"$f":"IFERROR(VLOOKUP(C5791,参数!$B:$H,4,0),\"\")","v":""},{"$f":"IFERROR(VLOOKUP(C5791,参数!B:H,3,FALSE),\"\")","v":""},"",1]
[5791,{"$nulls":6},{"$f":"IFERROR(VLOOKUP(C5792,参数!$B:$H,2,0),\"\")","v":""},{"$f":"IFERROR(VLOOKUP(C5792,参数!$B:$H,4,0),\"\")","v":""},{"$f":"IFERROR(VLOOKUP(C5792,参数!B:H,3,FALSE),\"\")","v":""},"",1]
[5792,{"$nulls":6},{"$f":"IFERROR(VLOOKUP(C5793,参数!$B:$H,2,0),\"\")","v":""},{"$f":"IFERROR(VLOOKUP(C5793,参数!$B:$H,4,0),\"\")","v":""},{"$f":"IFERROR(VLOOKUP(C5793,参数!B:H,3,FALSE),\"\")","v":""},"",1]
[5793,{"$nulls":6},{"$f":"IFERROR(VLOOKUP(C5794,参数!$B:$H,2,0),\"\")","v":""},{"$f":"IFERROR(VLOOKUP(C5794,参数!$B:$H,4,0),\"\")","v":""},{"$f":"IFERROR(VLOOKUP(C5794,参数!B:H,3,FALSE),\"\")","v":""},"",1]
[5794,{"$nulls":6},{"$f":"IFERROR(VLOOKUP(C5795,参数!$B:$H,2,0),\"\")","v":""},{"$f":"IFERROR(VLOOKUP(C5795,参数!$B:$H,4,0),\"\")","v":""},{"$f":"IFERROR(VLOOKUP(C5795,参数!B:H,3,FALSE),\"\")","v":""},"",1]
[5795,{"$nulls":6},{"$f":"IFERROR(VLOOKUP(C5796,参数!$B:$H,2,0),\"\")","v":""},{"$f":"IFERROR(VLOOKUP(C5796,参数!$B:$H,4,0),\"\")","v":""},{"$f":"IFERROR(VLOOKUP(C5796,参数!B:H,3,FALSE),\"\")","v":""},"",1]
[5796,{"$nulls":6},{"$f":"IFERROR(VLOOKUP(C5797,参数!$B:$H,2,0),\"\")","v":""},{"$f":"IFERROR(VLOOKUP(C5797,参数!$B:$H,4,0),\"\")","v":""},{"$f":"IFERROR(VLOOKUP(C5797,参数!B:H,3,FALSE),\"\")","v":""},{"$f":"IFERROR(J5797*E5797,\"\")","v":""},1]
[5797,{"$nulls":6},{"$f":"IFERROR(VLOOKUP(C5798,参数!$B:$H,2,0),\"\")","v":""},{"$f":"IFERROR(VLOOKUP(C5798,参数!$B:$H,4,0),\"\")","v":""},{"$f":"IFERROR(VLOOKUP(C5798,参数!B:H,3,FALSE),\"\")","v":""},"",1]
[5798,{"$nulls":6},{"$f":"IFERROR(VLOOKUP(C5799,参数!$B:$H,2,0),\"\")","v":""},{"$f":"IFERROR(VLOOKUP(C5799,参数!$B:$H,4,0),\"\")","v":""},{"$f":"IFERROR(VLOOKUP(C5799,参数!B:H,3,FALSE),\"\")","v":""},"",1]
[5799,{"$nulls":6},{"$f":"IFERROR(VLOOKUP(C5800,参数!$B:$H,2,0),\"\")","v":""},{"$f":"IFERROR(VLOOKUP(C5800,参数!$B:$H,4,0),\"\")","v":""},{"$f":"IFERROR(VLOOKUP(C5800,参数!B:H,3,FALSE),\"\")","v":""},"",1]
[5800,{"$nulls":6},{"$f":"IFERROR(VLOOKUP(C5801,参数!$B:$H,2,0),\"\")","v":""},{"$f":"IFERROR(VLOOKUP(C5801,参数!$B:$H,4,0),\"\")","v":""},{"$f":"IFERROR(VLOOKUP(C5801,参数!B:H,3,FALSE),\"\")","v":""},"",1]
[5801,{"$nulls":6},{"$f":"IFERROR(VLOOKUP(C5802,参数!$B:$H,2,0),\"\")","v":""},{"$f":"IFERROR(VLOOKUP(C5802,参数!$B:$H,4,0),\"\")","v":""},{"$f":"IFERROR(VLOOKUP(C5802,参数!B:H,3,FALSE),\"\")","v":""},"",1]
[5802,{"$nulls":6},{"$f":"IFERROR(VLOOKUP(C5803,参数!$B:$H,2,0),\"\")","v":""},{"$f":"IFERROR(VLOOKUP(C5803,参数!$B:$H,4,0),\"\")","v":""},{"$f":"IFERROR(VLOOKUP(C5803,参数!B:H,3,FALSE),\"\")","v":""},"",1]
[5803,{"$nulls":6},{"$f":"IFERROR(VLOOKUP(C5804,参数!$B:$H,2,0),\"\")","v":""},{"$f":"IFERROR(VLOOKUP(C5804,参数!$B:$H,4,0),\"\")","v":""},{"$f":"IFERROR(VLOOKUP(C5804,参数!B:H,3,FALSE),\"\")","v":""},"",1]
[5804,{"$nulls":6},{"$f":"IFERROR(VLOOKUP(C5805,参数!$B:$H,2,0),\"\")","v":""},{"$f":"IFERROR(VLOOKUP(C5805,参数!$B:$H,4,0),\"\")","v":""},{"$f":"IFERROR(VLOOKUP(C5805,参数!B:H,3,FALSE),\"\")","v":""},"",1]
[5805,{"$nulls":6},{"$f":"IFERROR(VLOOKUP(C5806,参数!$B:$H,2,0),\"\")","v":""},{"$f":"IFERROR(VLOOKUP(C5806,参数!$B:$H,4,0),\"\")","v":""},{"$f":"IFERROR(VLOOKUP(C5806,参数!B:H,3,FALSE),\"\")","v":""},"",1]
[5806,{"$nulls":6},{"$f":"IFERROR(VLOOKUP(C5807,参数!$B:$H,2,0),\"\")","v":""},{"$f":"IFERROR(VLOOKUP(C5807,参数!$B:$H,4,0),\"\")","v":""},{"$f":"IFERROR(VLOOKUP(C5807,参数!B:H,3,FALSE),\"\")","v":""},"",1]
[5807,{"$nulls":6},{"$f":"IFERROR(VLOOKUP(C5808,参数!$B:$H,2,0),\"\")","v":""},{"$f":"IFERROR(VLOOKUP(C5808,参数!$B:$H,4,0),\"\")","v":""},{"$f":"IFERROR(VLOOKUP(C5808,参数!B:H,3,FALSE),\"\")","v":""},"",1]
[5808,{"$nulls":6},{"$f":"IFERROR(VLOOKUP(C5809,参数!$B:$H,2,0),\"\")","v":""},{"$f":"IFERROR(VLOOKUP(C5809,参数!$B:$H,4,0),\"\")","v":""},{"$f":"IFERROR(VLOOKUP(C5809,参数!B:H,3,FALSE),\"\")","v":""},"",1]
[5809,{"$nulls":6},{"$f":"IFERROR(VLOOKUP(C5810,参数!$B:$H,2,0),\"\")","v":""},{"$f":"IFERROR(VLOOKUP(C5810,参数!$B:$H,4,0),\"\")","v":""},{"$f":"IFERROR(VLOOKUP(C5810,参数!B:H,3,FALSE),\"\")","v":""},"",1]
[5810,{"$nulls":6},{"$f":"IFERROR(VLOOKUP(C5811,参数!$B:$H,2,0),\"\")","v":""},{"$f":"IFERROR(VLOOKUP(C5811,参数!$B:$H,4,0),\"\")","v":""},{"$f":"IFERROR(VLOOKUP(C5811,参数!B:H,3,FALSE),\"\")","v":""},"",1]
[5811,{"$nulls":6},{"$f":"IFERROR(VLOOKUP(C5812,参数!$B:$H,2,0),\"\")","v":""},{"$f":"IFERROR(VLOOKUP(C5812,参数!$B:$H,4,0),\"\")","v":""},{"$f":"IFERROR(VLOOKUP(C5812,参数!B:H,3,FALSE),\"\")","v":""},"",1]
[5812,{"$nulls":6},{"$f":"IFERROR(VLOOKUP(C5813,参数!$B:$H,2,0),\"\")","v":""},{"$f":"IFERROR(VLOOKUP(C5813,参数!$B:$H,4,0),\"\")","v":""},{"$f":"IFERROR(VLOOKUP(C5813,参数!B:H,3,FALSE),\"\")","v":""},"",1]
[5813,{"$nulls":6},{"$f":"IFERROR(VLOOKUP(C5814,参数!$B:$H,2,0),\"\")","v":""},{"$f":"IFERROR(VLOOKUP(C5814,参数!$B:$H,4,0),\"\")","v":""},{"$f":"IFERROR(VLOOKUP(C5814,参数!B:H,3,FALSE),\"\")","v":""},"",1]
[5814,{"$nulls":6},{"$f":"IFERROR(VLOOKUP(C5815,参数!$B:$H,2,0),\"\")","v":""},{"$f":"IFERROR(VLOOKUP(C5815,参数!$B:$H,4,0),\"\")","v":""},{"$f":"IFERROR(VLOOKUP(C5815,参数!B:H,3,FALSE),\"\")","v":""},"",1]
[5815,{"$nulls":6},{"$f":"IFERROR(VLOOKUP(C5816,参数!$B:$H,2,0),\"\")","v":""},{"$f":"IFERROR(VLOOKUP(C5816,参数!$B:$H,4,0),\"\")","v":""},{"$f":"IFERROR(VLOOKUP(C5816,参数!B:H,3,FALSE),\"\")","v":""},"",1]
[5816,{"$nulls":6},{"$f":"IFERROR(VLOOKUP(C5817,参数!$B:$H,2,0),\"\")","v":""},{"$f":"IFERROR(VLOOKUP(C5817,参数!$B:$H,4,0),\"\")","v":""},{"$f":"IFERROR(VLOOKUP(C5817,参数!B:H,3,FALSE),\"\")","v":""},"",1]
[5817,{"$nulls":6},{"$f":"IFERROR(VLOOKUP(C5818,参数!$B:$H,2,0),\"\")","v":""},{"$f":"IFERROR(VLOOKUP(C5818,参数!$B:$H,4,0),\"\")","v":""},{"$f":"IFERROR(VLOOKUP(C5818,参数!B:H,3,FALSE),\"\")","v":""},"",1]
[5818,{"$nulls":6},{"$f":"IFERROR(VLOOKUP(C5819,参数!$B:$H,2,0),\"\")","v":""},{"$f":"IFERROR(VLOOKUP(C5819,参数!$B:$H,4,0),\"\")","v":""},{"$f":"IFERROR(VLOOKUP(C5819,参数!B:H,3,FALSE),\"\")","v":""},"",1]
[5819,{"$nulls":6},{"$f":"IFERROR(VLOOKUP(C5820,参数!$B:$H,2,0),\"\")","v":""},{"$f":"IFERROR(VLOOKUP(C5820,参数!$B:$H,4,0),\"\")","v":""},{"$f":"IFERROR(VLOOKUP(C5820,参数!B:H,3,FALSE),\"\")","v":""},"",1]
[5820,{"$nulls":6},{"$f":"IFERROR(VLOOKUP(C5821,参数!$B:$H,2,0),\"\")","v":""},{"$f":"IFERROR(VLOOKUP(C5821,参数!$B:$H,4,0),\"\")","v":""},{"$f":"IFERROR(VLOOKUP(C5821,参数!B:H,3,FALSE),\"\")","v":""},"",1]
[5821,{"$nulls":6},{"$f":"IFERROR(VLOOKUP(C5822,参数!$B:$H,2,0),\"\")","v":""},{"$f":"IFERROR(VLOOKUP(C5822,参数!$B:$H,4,0),\"\")","v":""},{"$f":"IFERROR(VLOOKUP(C5822,参数!B:H,3,FALSE),\"\")","v":""},"",1]
[5822,{"$nulls":6},{"$f":"IFERROR(VLOOKUP(C5823,参数!$B:$H,2,0),\"\")","v":""},{"$f":"IFERROR(VLOOKUP(C5823,参数!$B:$H,4,0),\"\")","v":""},{"$f":"IFERROR(VLOOKUP(C5823,参数!B:H,3,FALSE),\"\")","v":""},"",1]
[5823,{"$nulls":6},{"$f":"IFERROR(VLOOKUP(C5824,参数!$B:$H,2,0),\"\")","v":""},{"$f":"IFERROR(VLOOKUP(C5824,参数!$B:$H,4,0),\"\")","v":""},{"$f":"IFERROR(VLOOKUP(C5824,参数!B:H,3,FALSE),\"\")","v":""},"",1]
[5824,{"$nulls":6},{"$f":"IFERROR(VLOOKUP(C5825,参数!$B:$H,2,0),\"\")","v":""},{"$f":"IFERROR(VLOOKUP(C5825,参数!$B:$H,4,0),\"\")","v":""},{"$f":"IFERROR(VLOOKUP(C5825,参数!B:H,3,FALSE),\"\")","v":""},"",1]
[5825,{"$nulls":6},{"$f":"IFERROR(VLOOKUP(C5826,参数!$B:$H,2,0),\"\")","v":""},{"$f":"IFERROR(VLOOKUP(C5826,参数!$B:$H,4,0),\"\")","v":""},{"$f":"IFERROR(VLOOKUP(C5826,参数!B:H,3,FALSE),\"\")","v":""},"",{"$f":"VALUE(MONTH(B5826))","v":1}]
[5826,{"$nulls":6},{"$f":"IFERROR(VLOOKUP(C5827,参数!$B:$H,2,0),\"\")","v":""},{"$f":"IFERROR(VLOOKUP(C5827,参数!$B:$H,4,0),\"\")","v":""},{"$f":"IFERROR(VLOOKUP(C5827,参数!B:H,3,FALSE),\"\")","v":""},"",1]
[5827,{"$nulls":6},{"$f":"IFERROR(VLOOKUP(C5828,参数!$B:$H,2,0),\"\")","v":""},{"$f":"IFERROR(VLOOKUP(C5828,参数!$B:$H,4,0),\"\")","v":""},{"$f":"IFERROR(VLOOKUP(C5828,参数!B:H,3,FALSE),\"\")","v":""},"",1]
[5828,{"$nulls":6},{"$f":"IFERROR(VLOOKUP(C5829,参数!$B:$H,2,0),\"\")","v":""},{"$f":"IFERROR(VLOOKUP(C5829,参数!$B:$H,4,0),\"\")","v":""},{"$f":"IFERROR(VLOOKUP(C5829,参数!B:H,3,FALSE),\"\")","v":""},"",1]
[5829,{"$nulls":6},{"$f":"IFERROR(VLOOKUP(C5830,参数!$B:$H,2,0),\"\")","v":""},{"$f":"IFERROR(VLOOKUP(C5830,参数!$B:$H,4,0),\"\")","v":""},{"$f":"IFERROR(VLOOKUP(C5830,参数!B:H,3,FALSE),\"\")","v":""},"",1]
[5830,{"$nulls":6},{"$f":"IFERROR(VLOOKUP(C5831,参数!$B:$H,2,0),\"\")","v":""},{"$f":"IFERROR(VLOOKUP(C5831,参数!$B:$H,4,0),\"\")","v":""},{"$f":"IFERROR(VLOOKUP(C5831,参数!B:H,3,FALSE),\"\")","v":""},"",1]
[5831,{"$nulls":6},{"$f":"IFERROR(VLOOKUP(C5832,参数!$B:$H,2,0),\"\")","v":""},{"$f":"IFERROR(VLOOKUP(C5832,参数!$B:$H,4,0),\"\")","v":""},{"$f":"IFERROR(VLOOKUP(C5832,参数!B:H,3,FALSE),\"\")","v":""},"",1]
[5832,{"$nulls":6},{"$f":"IFERROR(VLOOKUP(C5833,参数!$B:$H,2,0),\"\")","v":""},{"$f":"IFERROR(VLOOKUP(C5833,参数!$B:$H,4,0),\"\")","v":""},{"$f":"IFERROR(VLOOKUP(C5833,参数!B:H,3,FALSE),\"\")","v":""},"",1]
[5833,{"$nulls":6},{"$f":"IFERROR(VLOOKUP(C5834,参数!$B:$H,2,0),\"\")","v":""},{"$f":"IFERROR(VLOOKUP(C5834,参数!$B:$H,4,0),\"\")","v":""},{"$f":"IFERROR(VLOOKUP(C5834,参数!B:H,3,FALSE),\"\")","v":""},"",1]
[5834,{"$nulls":6},{"$f":"IFERROR(VLOOKUP(C5835,参数!$B:$H,2,0),\"\")","v":""},{"$f":"IFERROR(VLOOKUP(C5835,参数!$B:$H,4,0),\"\")","v":""},{"$f":"IFERROR(VLOOKUP(C5835,参数!B:H,3,FALSE),\"\")","v":""},"",1]
[5835,{"$nulls":6},{"$f":"IFERROR(VLOOKUP(C5836,参数!$B:$H,2,0),\"\")","v":""},{"$f":"IFERROR(VLOOKUP(C5836,参数!$B:$H,4,0),\"\")","v":""},{"$f":"IFERROR(VLOOKUP(C5836,参数!B:H,3,FALSE),\"\")","v":""},"",1]
[5836,{"$nulls":6},{"$f":"IFERROR(VLOOKUP(C5837,参数!$B:$H,2,0),\"\")","v":""},{"$f":"IFERROR(VLOOKUP(C5837,参数!$B:$H,4,0),\"\")","v":""},{"$f":"IFERROR(VLOOKUP(C5837,参数!B:H,3,FALSE),\"\")","v":""},"",1]
[5837,{"$nulls":6},{"$f":"IFERROR(VLOOKUP(C5838,参数!$B:$H,2,0),\"\")","v":""},{"$f":"IFERROR(VLOOKUP(C5838,参数!$B:$H,4,0),\"\")","v":""},{"$f":"IFERROR(VLOOKUP(C5838,参数!B:H,3,FALSE),\"\")","v":""},"",1]
[5838,{"$nulls":6},{"$f":"IFERROR(VLOOKUP(C5839,参数!$B:$H,2,0),\"\")","v":""},{"$f":"IFERROR(VLOOKUP(C5839,参数!$B:$H,4,0),\"\")","v":""},{"$f":"IFERROR(VLOOKUP(C5839,参数!B:H,3,FALSE),\"\")","v":""},"",1]
[5839,{"$nulls":6},{"$f":"IFERROR(VLOOKUP(C5840,参数!$B:$H,2,0),\"\")","v":""},{"$f":"IFERROR(VLOOKUP(C5840,参数!$B:$H,4,0),\"\")","v":""},{"$f":"IFERROR(VLOOKUP(C5840,参数!B:H,3,FALSE),\"\")","v":""},"",1]
[5840,{"$nulls":6},{"$f":"IFERROR(VLOOKUP(C5841,参数!$B:$H,2,0),\"\")","v":""},{"$f":"IFERROR(VLOOKUP(C5841,参数!$B:$H,4,0),\"\")","v":""},{"$f":"IFERROR(VLOOKUP(C5841,参数!B:H,3,FALSE),\"\")","v":""},"",1]
[5841,{"$nulls":6},{"$f":"IFERROR(VLOOKUP(C5842,参数!$B:$H,2,0),\"\")","v":""},{"$f":"IFERROR(VLOOKUP(C5842,参数!$B:$H,4,0),\"\")","v":""},{"$f":"IFERROR(VLOOKUP(C5842,参数!B:H,3,FALSE),\"\")","v":""},"",1]
[5842,{"$nulls":6},{"$f":"IFERROR(VLOOKUP(C5843,参数!$B:$H,2,0),\"\")","v":""},{"$f":"IFERROR(VLOOKUP(C5843,参数!$B:$H,4,0),\"\")","v":""},{"$f":"IFERROR(VLOOKUP(C5843,参数!B:H,3,FALSE),\"\")","v":""},"",1]
[5843,{"$nulls":6},{"$f":"IFERROR(VLOOKUP(C5844,参数!$B:$H,2,0),\"\")","v":""},{"$f":"IFERROR(VLOOKUP(C5844,参数!$B:$H,4,0),\"\")","v":""},{"$f":"IFERROR(VLOOKUP(C5844,参数!B:H,3,FALSE),\"\")","v":""},"",1]
[5844,{"$nulls":6},{"$f":"IFERROR(VLOOKUP(C5845,参数!$B:$H,2,0),\"\")","v":""},{"$f":"IFERROR(VLOOKUP(C5845,参数!$B:$H,4,0),\"\")","v":""},{"$f":"IFERROR(VLOOKUP(C5845,参数!B:H,3,FALSE),\"\")","v":""},"",1]
[5845,{"$nulls":6},{"$f":"IFERROR(VLOOKUP(C5846,参数!$B:$H,2,0),\"\")","v":""},{"$f":"IFERROR(VLOOKUP(C5846,参数!$B:$H,4,0),\"\")","v":""},{"$f":"IFERROR(VLOOKUP(C5846,参数!B:H,3,FALSE),\"\")","v":""},"",1]
[5846,{"$nulls":6},{"$f":"IFERROR(VLOOKUP(C5847,参数!$B:$H,2,0),\"\")","v":""},{"$f":"IFERROR(VLOOKUP(C5847,参数!$B:$H,4,0),\"\")","v":""},{"$f":"IFERROR(VLOOKUP(C5847,参数!B:H,3,FALSE),\"\")","v":""},"",1]
[5847,{"$nulls":6},{"$f":"IFERROR(VLOOKUP(C5848,参数!$B:$H,2,0),\"\")","v":""},{"$f":"IFERROR(VLOOKUP(C5848,参数!$B:$H,4,0),\"\")","v":""},{"$f":"IFERROR(VLOOKUP(C5848,参数!B:H,3,FALSE),\"\")","v":""},"",1]
[5848,{"$nulls":6},{"$f":"IFERROR(VLOOKUP(C5849,参数!$B:$H,2,0),\"\")","v":""},{"$f":"IFERROR(VLOOKUP(C5849,参数!$B:$H,4,0),\"\")","v":""},{"$f":"IFERROR(VLOOKUP(C5849,参数!B:H,3,FALSE),\"\")","v":""},"",1]
[5849,{"$nulls":6},{"$f":"IFERROR(VLOOKUP(C5850,参数!$B:$H,2,0),\"\")","v":""},{"$f":"IFERROR(VLOOKUP(C5850,参数!$B:$H,4,0),\"\")","v":""},{"$f":"IFERROR(VLOOKUP(C5850,参数!B:H,3,FALSE),\"\")","v":""},"",1]
[5850,{"$nulls":6},{"$f":"IFERROR(VLOOKUP(C5851,参数!$B:$H,2,0),\"\")","v":""},{"$f":"IFERROR(VLOOKUP(C5851,参数!$B:$H,4,0),\"\")","v":""},{"$f":"IFERROR(VLOOKUP(C5851,参数!B:H,3,FALSE),\"\")","v":""},"",1]
[5851,{"$nulls":6},{"$f":"IFERROR(VLOOKUP(C5852,参数!$B:$H,2,0),\"\")","v":""},{"$f":"IFERROR(VLOOKUP(C5852,参数!$B:$H,4,0),\"\")","v":""},{"$f":"IFERROR(VLOOKUP(C5852,参数!B:H,3,FALSE),\"\")","v":""},"",1]
[5852,{"$nulls":6},{"$f":"IFERROR(VLOOKUP(C5853,参数!$B:$H,2,0),\"\")","v":""},{"$f":"IFERROR(VLOOKUP(C5853,参数!$B:$H,4,0),\"\")","v":""},{"$f":"IFERROR(VLOOKUP(C5853,参数!B:H,3,FALSE),\"\")","v":""},"",1]
[5853,{"$nulls":6},{"$f":"IFERROR(VLOOKUP(C5854,参数!$B:$H,2,0),\"\")","v":""},{"$f":"IFERROR(VLOOKUP(C5854,参数!$B:$H,4,0),\"\")","v":""},{"$f":"IFERROR(VLOOKUP(C5854,参数!B:H,3,FALSE),\"\")","v":""},"",1]
[5854,{"$nulls":6},{"$f":"IFERROR(VLOOKUP(C5855,参数!$B:$H,2,0),\"\")","v":""},{"$f":"IFERROR(VLOOKUP(C5855,参数!$B:$H,4,0),\"\")","v":""},{"$f":"IFERROR(VLOOKUP(C5855,参数!B:H,3,FALSE),\"\")","v":""},"",1]
[5855,{"$nulls":6},{"$f":"IFERROR(VLOOKUP(C5856,参数!$B:$H,2,0),\"\")","v":""},{"$f":"IFERROR(VLOOKUP(C5856,参数!$B:$H,4,0),\"\")","v":""},{"$f":"IFERROR(VLOOKUP(C5856,参数!B:H,3,FALSE),\"\")","v":""},"",1]
[5856,{"$nulls":6},{"$f":"IFERROR(VLOOKUP(C5857,参数!$B:$H,2,0),\"\")","v":""},{"$f":"IFERROR(VLOOKUP(C5857,参数!$B:$H,4,0),\"\")","v":""},{"$f":"IFERROR(VLOOKUP(C5857,参数!B:H,3,FALSE),\"\")","v":""},"",1]
[5857,{"$nulls":6},{"$f":"IFERROR(VLOOKUP(C5858,参数!$B:$H,2,0),\"\")","v":""},{"$f":"IFERROR(VLOOKUP(C5858,参数!$B:$H,4,0),\"\")","v":""},{"$f":"IFERROR(VLOOKUP(C5858,参数!B:H,3,FALSE),\"\")","v":""},"",1]
[5858,{"$nulls":6},{"$f":"IFERROR(VLOOKUP(C5859,参数!$B:$H,2,0),\"\")","v":""},{"$f":"IFERROR(VLOOKUP(C5859,参数!$B:$H,4,0),\"\")","v":""},{"$f":"IFERROR(VLOOKUP(C5859,参数!B:H,3,FALSE),\"\")","v":""},"",1]
[5859,{"$nulls":6},{"$f":"IFERROR(VLOOKUP(C5860,参数!$B:$H,2,0),\"\")","v":""},{"$f":"IFERROR(VLOOKUP(C5860,参数!$B:$H,4,0),\"\")","v":""},{"$f":"IFERROR(VLOOKUP(C5860,参数!B:H,3,FALSE),\"\")","v":""},"",1]
[5860,{"$nulls":6},{"$f":"IFERROR(VLOOKUP(C5861,参数!$B:$H,2,0),\"\")","v":""},{"$f":"IFERROR(VLOOKUP(C5861,参数!$B:$H,4,0),\"\")","v":""},{"$f":"IFERROR(VLOOKUP(C5861,参数!B:H,3,FALSE),\"\")","v":""},{"$f":"IFERROR(J5861*E5861,\"\")","v":""},1]
[5861,{"$nulls":6},{"$f":"IFERROR(VLOOKUP(C5862,参数!$B:$H,2,0),\"\")","v":""},{"$f":"IFERROR(VLOOKUP(C5862,参数!$B:$H,4,0),\"\")","v":""},{"$f":"IFERROR(VLOOKUP(C5862,参数!B:H,3,FALSE),\"\")","v":""},"",1]
[5862,{"$nulls":6},{"$f":"IFERROR(VLOOKUP(C5863,参数!$B:$H,2,0),\"\")","v":""},{"$f":"IFERROR(VLOOKUP(C5863,参数!$B:$H,4,0),\"\")","v":""},{"$f":"IFERROR(VLOOKUP(C5863,参数!B:H,3,FALSE),\"\")","v":""},"",1]
[5863,{"$nulls":6},{"$f":"IFERROR(VLOOKUP(C5864,参数!$B:$H,2,0),\"\")","v":""},{"$f":"IFERROR(VLOOKUP(C5864,参数!$B:$H,4,0),\"\")","v":""},{"$f":"IFERROR(VLOOKUP(C5864,参数!B:H,3,FALSE),\"\")","v":""},"",1]
[5864,{"$nulls":6},{"$f":"IFERROR(VLOOKUP(C5865,参数!$B:$H,2,0),\"\")","v":""},{"$f":"IFERROR(VLOOKUP(C5865,参数!$B:$H,4,0),\"\")","v":""},{"$f":"IFERROR(VLOOKUP(C5865,参数!B:H,3,FALSE),\"\")","v":""},"",1]
[5865,{"$nulls":6},{"$f":"IFERROR(VLOOKUP(C5866,参数!$B:$H,2,0),\"\")","v":""},{"$f":"IFERROR(VLOOKUP(C5866,参数!$B:$H,4,0),\"\")","v":""},{"$f":"IFERROR(VLOOKUP(C5866,参数!B:H,3,FALSE),\"\")","v":""},"",1]
[5866,{"$nulls":6},{"$f":"IFERROR(VLOOKUP(C5867,参数!$B:$H,2,0),\"\")","v":""},{"$f":"IFERROR(VLOOKUP(C5867,参数!$B:$H,4,0),\"\")","v":""},{"$f":"IFERROR(VLOOKUP(C5867,参数!B:H,3,FALSE),\"\")","v":""},"",1]
[5867,{"$nulls":6},{"$f":"IFERROR(VLOOKUP(C5868,参数!$B:$H,2,0),\"\")","v":""},{"$f":"IFERROR(VLOOKUP(C5868,参数!$B:$H,4,0),\"\")","v":""},{"$f":"IFERROR(VLOOKUP(C5868,参数!B:H,3,FALSE),\"\")","v":""},"",1]
[5868,{"$nulls":6},{"$f":"IFERROR(VLOOKUP(C5869,参数!$B:$H,2,0),\"\")","v":""},{"$f":"IFERROR(VLOOKUP(C5869,参数!$B:$H,4,0),\"\")","v":""},{"$f":"IFERROR(VLOOKUP(C5869,参数!B:H,3,FALSE),\"\")","v":""},"",1]
[5869,{"$nulls":6},{"$f":"IFERROR(VLOOKUP(C5870,参数!$B:$H,2,0),\"\")","v":""},{"$f":"IFERROR(VLOOKUP(C5870,参数!$B:$H,4,0),\"\")","v":""},{"$f":"IFERROR(VLOOKUP(C5870,参数!B:H,3,FALSE),\"\")","v":""},"",1]
[5870,{"$nulls":6},{"$f":"IFERROR(VLOOKUP(C5871,参数!$B:$H,2,0),\"\")","v":""},{"$f":"IFERROR(VLOOKUP(C5871,参数!$B:$H,4,0),\"\")","v":""},{"$f":"IFERROR(VLOOKUP(C5871,参数!B:H,3,FALSE),\"\")","v":""},"",1]
[5871,{"$nulls":6},{"$f":"IFERROR(VLOOKUP(C5872,参数!$B:$H,2,0),\"\")","v":""},{"$f":"IFERROR(VLOOKUP(C5872,参数!$B:$H,4,0),\"\")","v":""},{"$f":"IFERROR(VLOOKUP(C5872,参数!B:H,3,FALSE),\"\")","v":""},"",1]
[5872,{"$nulls":6},{"$f":"IFERROR(VLOOKUP(C5873,参数!$B:$H,2,0),\"\")","v":""},{"$f":"IFERROR(VLOOKUP(C5873,参数!$B:$H,4,0),\"\")","v":""},{"$f":"IFERROR(VLOOKUP(C5873,参数!B:H,3,FALSE),\"\")","v":""},"",1]
[5873,{"$nulls":6},{"$f":"IFERROR(VLOOKUP(C5874,参数!$B:$H,2,0),\"\")","v":""},{"$f":"IFERROR(VLOOKUP(C5874,参数!$B:$H,4,0),\"\")","v":""},{"$f":"IFERROR(VLOOKUP(C5874,参数!B:H,3,FALSE),\"\")","v":""},"",1]
[5874,{"$nulls":6},{"$f":"IFERROR(VLOOKUP(C5875,参数!$B:$H,2,0),\"\")","v":""},{"$f":"IFERROR(VLOOKUP(C5875,参数!$B:$H,4,0),\"\")","v":""},{"$f":"IFERROR(VLOOKUP(C5875,参数!B:H,3,FALSE),\"\")","v":""},"",1]
[5875,{"$nulls":6},{"$f":"IFERROR(VLOOKUP(C5876,参数!$B:$H,2,0),\"\")","v":""},{"$f":"IFERROR(VLOOKUP(C5876,参数!$B:$H,4,0),\"\")","v":""},{"$f":"IFERROR(VLOOKUP(C5876,参数!B:H,3,FALSE),\"\")","v":""},"",1]
[5876,{"$nulls":6},{"$f":"IFERROR(VLOOKUP(C5877,参数!$B:$H,2,0),\"\")","v":""},{"$f":"IFERROR(VLOOKUP(C5877,参数!$B:$H,4,0),\"\")","v":""},{"$f":"IFERROR(VLOOKUP(C5877,参数!B:H,3,FALSE),\"\")","v":""},"",1]
[5877,{"$nulls":6},{"$f":"IFERROR(VLOOKUP(C5878,参数!$B:$H,2,0),\"\")","v":""},{"$f":"IFERROR(VLOOKUP(C5878,参数!$B:$H,4,0),\"\")","v":""},{"$f":"IFERROR(VLOOKUP(C5878,参数!B:H,3,FALSE),\"\")","v":""},"",1]
[5878,{"$nulls":6},{"$f":"IFERROR(VLOOKUP(C5879,参数!$B:$H,2,0),\"\")","v":""},{"$f":"IFERROR(VLOOKUP(C5879,参数!$B:$H,4,0),\"\")","v":""},{"$f":"IFERROR(VLOOKUP(C5879,参数!B:H,3,FALSE),\"\")","v":""},"",1]
[5879,{"$nulls":6},{"$f":"IFERROR(VLOOKUP(C5880,参数!$B:$H,2,0),\"\")","v":""},{"$f":"IFERROR(VLOOKUP(C5880,参数!$B:$H,4,0),\"\")","v":""},{"$f":"IFERROR(VLOOKUP(C5880,参数!B:H,3,FALSE),\"\")","v":""},"",1]
[5880,{"$nulls":6},{"$f":"IFERROR(VLOOKUP(C5881,参数!$B:$H,2,0),\"\")","v":""},{"$f":"IFERROR(VLOOKUP(C5881,参数!$B:$H,4,0),\"\")","v":""},{"$f":"IFERROR(VLOOKUP(C5881,参数!B:H,3,FALSE),\"\")","v":""},"",1]
[5881,{"$nulls":6},{"$f":"IFERROR(VLOOKUP(C5882,参数!$B:$H,2,0),\"\")","v":""},{"$f":"IFERROR(VLOOKUP(C5882,参数!$B:$H,4,0),\"\")","v":""},{"$f":"IFERROR(VLOOKUP(C5882,参数!B:H,3,FALSE),\"\")","v":""},"",1]
[5882,{"$nulls":6},{"$f":"IFERROR(VLOOKUP(C5883,参数!$B:$H,2,0),\"\")","v":""},{"$f":"IFERROR(VLOOKUP(C5883,参数!$B:$H,4,0),\"\")","v":""},{"$f":"IFERROR(VLOOKUP(C5883,参数!B:H,3,FALSE),\"\")","v":""},"",1]
[5883,{"$nulls":6},{"$f":"IFERROR(VLOOKUP(C5884,参数!$B:$H,2,0),\"\")","v":""},{"$f":"IFERROR(VLOOKUP(C5884,参数!$B:$H,4,0),\"\")","v":""},{"$f":"IFERROR(VLOOKUP(C5884,参数!B:H,3,FALSE),\"\")","v":""},"",1]
[5884,{"$nulls":6},{"$f":"IFERROR(VLOOKUP(C5885,参数!$B:$H,2,0),\"\")","v":""},{"$f":"IFERROR(VLOOKUP(C5885,参数!$B:$H,4,0),\"\")","v":""},{"$f":"IFERROR(VLOOKUP(C5885,参数!B:H,3,FALSE),\"\")","v":""},"",1]
[5885,{"$nulls":6},{"$f":"IFERROR(VLOOKUP(C5886,参数!$B:$H,2,0),\"\")","v":""},{"$f":"IFERROR(VLOOKUP(C5886,参数!$B:$H,4,0),\"\")","v":""},{"$f":"IFERROR(VLOOKUP(C5886,参数!B:H,3,FALSE),\"\")","v":""},"",1]
[5886,{"$nulls":6},{"$f":"IFERROR(VLOOKUP(C5887,参数!$B:$H,2,0),\"\")","v":""},{"$f":"IFERROR(VLOOKUP(C5887,参数!$B:$H,4,0),\"\")","v":""},{"$f":"IFERROR(VLOOKUP(C5887,参数!B:H,3,FALSE),\"\")","v":""},"",1]
[5887,{"$nulls":6},{"$f":"IFERROR(VLOOKUP(C5888,参数!$B:$H,2,0),\"\")","v":""},{"$f":"IFERROR(VLOOKUP(C5888,参数!$B:$H,4,0),\"\")","v":""},{"$f":"IFERROR(VLOOKUP(C5888,参数!B:H,3,FALSE),\"\")","v":""},"",1]
[5888,{"$nulls":6},{"$f":"IFERROR(VLOOKUP(C5889,参数!$B:$H,2,0),\"\")","v":""},{"$f":"IFERROR(VLOOKUP(C5889,参数!$B:$H,4,0),\"\")","v":""},{"$f":"IFERROR(VLOOKUP(C5889,参数!B:H,3,FALSE),\"\")","v":""},"",1]
[5889,{"$nulls":6},{"$f":"IFERROR(VLOOKUP(C5890,参数!$B:$H,2,0),\"\")","v":""},{"$f":"IFERROR(VLOOKUP(C5890,参数!$B:$H,4,0),\"\")","v":""},{"$f":"IFERROR(VLOOKUP(C5890,参数!B:H,3,FALSE),\"\")","v":""},"",{"$f":"VALUE(MONTH(B5890))","v":1}]
[5890,{"$nulls":6},{"$f":"IFERROR(VLOOKUP(C5891,参数!$B:$H,2,0),\"\")","v":""},{"$f":"IFERROR(VLOOKUP(C5891,参数!$B:$H,4,0),\"\")","v":""},{"$f":"IFERROR(VLOOKUP(C5891,参数!B:H,3,FALSE),\"\")","v":""},"",1]
[5891,{"$nulls":6},{"$f":"IFERROR(VLOOKUP(C5892,参数!$B:$H,2,0),\"\")","v":""},{"$f":"IFERROR(VLOOKUP(C5892,参数!$B:$H,4,0),\"\")","v":""},{"$f":"IFERROR(VLOOKUP(C5892,参数!B:H,3,FALSE),\"\")","v":""},"",1]
[5892,{"$nulls":6},{"$f":"IFERROR(VLOOKUP(C5893,参数!$B:$H,2,0),\"\")","v":""},{"$f":"IFERROR(VLOOKUP(C5893,参数!$B:$H,4,0),\"\")","v":""},{"$f":"IFERROR(VLOOKUP(C5893,参数!B:H,3,FALSE),\"\")","v":""},"",1]
[5893,{"$nulls":6},{"$f":"IFERROR(VLOOKUP(C5894,参数!$B:$H,2,0),\"\")","v":""},{"$f":"IFERROR(VLOOKUP(C5894,参数!$B:$H,4,0),\"\")","v":""},{"$f":"IFERROR(VLOOKUP(C5894,参数!B:H,3,FALSE),\"\")","v":""},"",1]
[5894,{"$nulls":6},{"$f":"IFERROR(VLOOKUP(C5895,参数!$B:$H,2,0),\"\")","v":""},{"$f":"IFERROR(VLOOKUP(C5895,参数!$B:$H,4,0),\"\")","v":""},{"$f":"IFERROR(VLOOKUP(C5895,参数!B:H,3,FALSE),\"\")","v":""},"",1]
[5895,{"$nulls":6},{"$f":"IFERROR(VLOOKUP(C5896,参数!$B:$H,2,0),\"\")","v":""},{"$f":"IFERROR(VLOOKUP(C5896,参数!$B:$H,4,0),\"\")","v":""},{"$f":"IFERROR(VLOOKUP(C5896,参数!B:H,3,FALSE),\"\")","v":""},"",1]
[5896,{"$nulls":6},{"$f":"IFERROR(VLOOKUP(C5897,参数!$B:$H,2,0),\"\")","v":""},{"$f":"IFERROR(VLOOKUP(C5897,参数!$B:$H,4,0),\"\")","v":""},{"$f":"IFERROR(VLOOKUP(C5897,参数!B:H,3,FALSE),\"\")","v":""},"",1]
[5897,{"$nulls":6},{"$f":"IFERROR(VLOOKUP(C5898,参数!$B:$H,2,0),\"\")","v":""},{"$f":"IFERROR(VLOOKUP(C5898,参数!$B:$H,4,0),\"\")","v":""},{"$f":"IFERROR(VLOOKUP(C5898,参数!B:H,3,FALSE),\"\")","v":""},"",1]
[5898,{"$nulls":6},{"$f":"IFERROR(VLOOKUP(C5899,参数!$B:$H,2,0),\"\")","v":""},{"$f":"IFERROR(VLOOKUP(C5899,参数!$B:$H,4,0),\"\")","v":""},{"$f":"IFERROR(VLOOKUP(C5899,参数!B:H,3,FALSE),\"\")","v":""},"",1]
[5899,{"$nulls":6},{"$f":"IFERROR(VLOOKUP(C5900,参数!$B:$H,2,0),\"\")","v":""},{"$f":"IFERROR(VLOOKUP(C5900,参数!$B:$H,4,0),\"\")","v":""},{"$f":"IFERROR(VLOOKUP(C5900,参数!B:H,3,FALSE),\"\")","v":""},"",1]
[5900,{"$nulls":6},{"$f":"IFERROR(VLOOKUP(C5901,参数!$B:$H,2,0),\"\")","v":""},{"$f":"IFERROR(VLOOKUP(C5901,参数!$B:$H,4,0),\"\")","v":""},{"$f":"IFERROR(VLOOKUP(C5901,参数!B:H,3,FALSE),\"\")","v":""},"",1]
[5901,{"$nulls":6},{"$f":"IFERROR(VLOOKUP(C5902,参数!$B:$H,2,0),\"\")","v":""},{"$f":"IFERROR(VLOOKUP(C5902,参数!$B:$H,4,0),\"\")","v":""},{"$f":"IFERROR(VLOOKUP(C5902,参数!B:H,3,FALSE),\"\")","v":""},"",1]
[5902,{"$nulls":6},{"$f":"IFERROR(VLOOKUP(C5903,参数!$B:$H,2,0),\"\")","v":""},{"$f":"IFERROR(VLOOKUP(C5903,参数!$B:$H,4,0),\"\")","v":""},{"$f":"IFERROR(VLOOKUP(C5903,参数!B:H,3,FALSE),\"\")","v":""},"",1]
[5903,{"$nulls":6},{"$f":"IFERROR(VLOOKUP(C5904,参数!$B:$H,2,0),\"\")","v":""},{"$f":"IFERROR(VLOOKUP(C5904,参数!$B:$H,4,0),\"\")","v":""},{"$f":"IFERROR(VLOOKUP(C5904,参数!B:H,3,FALSE),\"\")","v":""},"",1]
[5904,{"$nulls":6},{"$f":"IFERROR(VLOOKUP(C5905,参数!$B:$H,2,0),\"\")","v":""},{"$f":"IFERROR(VLOOKUP(C5905,参数!$B:$H,4,0),\"\")","v":""},{"$f":"IFERROR(VLOOKUP(C5905,参数!B:H,3,FALSE),\"\")","v":""},"",1]
[5905,{"$nulls":6},{"$f":"IFERROR(VLOOKUP(C5906,参数!$B:$H,2,0),\"\")","v":""},{"$f":"IFERROR(VLOOKUP(C5906,参数!$B:$H,4,0),\"\")","v":""},{"$f":"IFERROR(VLOOKUP(C5906,参数!B:H,3,FALSE),\"\")","v":""},"",1]
[5906,{"$nulls":6},{"$f":"IFERROR(VLOOKUP(C5907,参数!$B:$H,2,0),\"\")","v":""},{"$f":"IFERROR(VLOOKUP(C5907,参数!$B:$H,4,0),\"\")","v":""},{"$f":"IFERROR(VLOOKUP(C5907,参数!B:H,3,FALSE),\"\")","v":""},"",1]
[5907,{"$nulls":6},{"$f":"IFERROR(VLOOKUP(C5908,参数!$B:$H,2,0),\"\")","v":""},{"$f":"IFERROR(VLOOKUP(C5908,参数!$B:$H,4,0),\"\")","v":""},{"$f":"IFERROR(VLOOKUP(C5908,参数!B:H,3,FALSE),\"\")","v":""},"",1]
[5908,{"$nulls":6},{"$f":"IFERROR(VLOOKUP(C5909,参数!$B:$H,2,0),\"\")","v":""},{"$f":"IFERROR(VLOOKUP(C5909,参数!$B:$H,4,0),\"\")","v":""},{"$f":"IFERROR(VLOOKUP(C5909,参数!B:H,3,FALSE),\"\")","v":""},"",1]
[5909,{"$nulls":6},{"$f":"IFERROR(VLOOKUP(C5910,参数!$B:$H,2,0),\"\")","v":""},{"$f":"IFERROR(VLOOKUP(C5910,参数!$B:$H,4,0),\"\")","v":""},{"$f":"IFERROR(VLOOKUP(C5910,参数!B:H,3,FALSE),\"\")","v":""},"",1]
[5910,{"$nulls":6},{"$f":"IFERROR(VLOOKUP(C5911,参数!$B:$H,2,0),\"\")","v":""},{"$f":"IFERROR(VLOOKUP(C5911,参数!$B:$H,4,0),\"\")","v":""},{"$f":"IFERROR(VLOOKUP(C5911,参数!B:H,3,FALSE),\"\")","v":""},"",1]
[5911,{"$nulls":6},{"$f":"IFERROR(VLOOKUP(C5912,参数!$B:$H,2,0),\"\")","v":""},{"$f":"IFERROR(VLOOKUP(C5912,参数!$B:$H,4,0),\"\")","v":""},{"$f":"IFERROR(VLOOKUP(C5912,参数!B:H,3,FALSE),\"\")","v":""},"",1]
[5912,{"$nulls":6},{"$f":"IFERROR(VLOOKUP(C5913,参数!$B:$H,2,0),\"\")","v":""},{"$f":"IFERROR(VLOOKUP(C5913,参数!$B:$H,4,0),\"\")","v":""},{"$f":"IFERROR(VLOOKUP(C5913,参数!B:H,3,FALSE),\"\")","v":""},"",1]
[5913,{"$nulls":6},{"$f":"IFERROR(VLOOKUP(C5914,参数!$B:$H,2,0),\"\")","v":""},{"$f":"IFERROR(VLOOKUP(C5914,参数!$B:$H,4,0),\"\")","v":""},{"$f":"IFERROR(VLOOKUP(C5914,参数!B:H,3,FALSE),\"\")","v":""},"",1]
[5914,{"$nulls":6},{"$f":"IFERROR(VLOOKUP(C5915,参数!$B:$H,2,0),\"\")","v":""},{"$f":"IFERROR(VLOOKUP(C5915,参数!$B:$H,4,0),\"\")","v":""},{"$f":"IFERROR(VLOOKUP(C5915,参数!B:H,3,FALSE),\"\")","v":""},"",1]
[5915,{"$nulls":6},{"$f":"IFERROR(VLOOKUP(C5916,参数!$B:$H,2,0),\"\")","v":""},{"$f":"IFERROR(VLOOKUP(C5916,参数!$B:$H,4,0),\"\")","v":""},{"$f":"IFERROR(VLOOKUP(C5916,参数!B:H,3,FALSE),\"\")","v":""},"",1]
[5916,{"$nulls":6},{"$f":"IFERROR(VLOOKUP(C5917,参数!$B:$H,2,0),\"\")","v":""},{"$f":"IFERROR(VLOOKUP(C5917,参数!$B:$H,4,0),\"\")","v":""},{"$f":"IFERROR(VLOOKUP(C5917,参数!B:H,3,FALSE),\"\")","v":""},"",1]
[5917,{"$nulls":6},{"$f":"IFERROR(VLOOKUP(C5918,参数!$B:$H,2,0),\"\")","v":""},{"$f":"IFERROR(VLOOKUP(C5918,参数!$B:$H,4,0),\"\")","v":""},{"$f":"IFERROR(VLOOKUP(C5918,参数!B:H,3,FALSE),\"\")","v":""},"",1]
[5918,{"$nulls":6},{"$f":"IFERROR(VLOOKUP(C5919,参数!$B:$H,2,0),\"\")","v":""},{"$f":"IFERROR(VLOOKUP(C5919,参数!$B:$H,4,0),\"\")","v":""},{"$f":"IFERROR(VLOOKUP(C5919,参数!B:H,3,FALSE),\"\")","v":""},"",1]
[5919,{"$nulls":6},{"$f":"IFERROR(VLOOKUP(C5920,参数!$B:$H,2,0),\"\")","v":""},{"$f":"IFERROR(VLOOKUP(C5920,参数!$B:$H,4,0),\"\")","v":""},{"$f":"IFERROR(VLOOKUP(C5920,参数!B:H,3,FALSE),\"\")","v":""},"",1]
[5920,{"$nulls":6},{"$f":"IFERROR(VLOOKUP(C5921,参数!$B:$H,2,0),\"\")","v":""},{"$f":"IFERROR(VLOOKUP(C5921,参数!$B:$H,4,0),\"\")","v":""},{"$f":"IFERROR(VLOOKUP(C5921,参数!B:H,3,FALSE),\"\")","v":""},"",1]
[5921,{"$nulls":6},{"$f":"IFERROR(VLOOKUP(C5922,参数!$B:$H,2,0),\"\")","v":""},{"$f":"IFERROR(VLOOKUP(C5922,参数!$B:$H,4,0),\"\")","v":""},{"$f":"IFERROR(VLOOKUP(C5922,参数!B:H,3,FALSE),\"\")","v":""},"",1]
[5922,{"$nulls":6},{"$f":"IFERROR(VLOOKUP(C5923,参数!$B:$H,2,0),\"\")","v":""},{"$f":"IFERROR(VLOOKUP(C5923,参数!$B:$H,4,0),\"\")","v":""},{"$f":"IFERROR(VLOOKUP(C5923,参数!B:H,3,FALSE),\"\")","v":""},"",1]
[5923,{"$nulls":6},{"$f":"IFERROR(VLOOKUP(C5924,参数!$B:$H,2,0),\"\")","v":""},{"$f":"IFERROR(VLOOKUP(C5924,参数!$B:$H,4,0),\"\")","v":""},{"$f":"IFERROR(VLOOKUP(C5924,参数!B:H,3,FALSE),\"\")","v":""},"",1]
[5924,{"$nulls":6},{"$f":"IFERROR(VLOOKUP(C5925,参数!$B:$H,2,0),\"\")","v":""},{"$f":"IFERROR(VLOOKUP(C5925,参数!$B:$H,4,0),\"\")","v":""},{"$f":"IFERROR(VLOOKUP(C5925,参数!B:H,3,FALSE),\"\")","v":""},{"$f":"IFERROR(J5925*E5925,\"\")","v":""},1]
[5925,{"$nulls":6},{"$f":"IFERROR(VLOOKUP(C5926,参数!$B:$H,2,0),\"\")","v":""},{"$f":"IFERROR(VLOOKUP(C5926,参数!$B:$H,4,0),\"\")","v":""},{"$f":"IFERROR(VLOOKUP(C5926,参数!B:H,3,FALSE),\"\")","v":""},"",1]
[5926,{"$nulls":6},{"$f":"IFERROR(VLOOKUP(C5927,参数!$B:$H,2,0),\"\")","v":""},{"$f":"IFERROR(VLOOKUP(C5927,参数!$B:$H,4,0),\"\")","v":""},{"$f":"IFERROR(VLOOKUP(C5927,参数!B:H,3,FALSE),\"\")","v":""},"",1]
[5927,{"$nulls":6},{"$f":"IFERROR(VLOOKUP(C5928,参数!$B:$H,2,0),\"\")","v":""},{"$f":"IFERROR(VLOOKUP(C5928,参数!$B:$H,4,0),\"\")","v":""},{"$f":"IFERROR(VLOOKUP(C5928,参数!B:H,3,FALSE),\"\")","v":""},"",1]
[5928,{"$nulls":6},{"$f":"IFERROR(VLOOKUP(C5929,参数!$B:$H,2,0),\"\")","v":""},{"$f":"IFERROR(VLOOKUP(C5929,参数!$B:$H,4,0),\"\")","v":""},{"$f":"IFERROR(VLOOKUP(C5929,参数!B:H,3,FALSE),\"\")","v":""},"",1]
[5929,{"$nulls":6},{"$f":"IFERROR(VLOOKUP(C5930,参数!$B:$H,2,0),\"\")","v":""},{"$f":"IFERROR(VLOOKUP(C5930,参数!$B:$H,4,0),\"\")","v":""},{"$f":"IFERROR(VLOOKUP(C5930,参数!B:H,3,FALSE),\"\")","v":""},"",1]
[5930,{"$nulls":6},{"$f":"IFERROR(VLOOKUP(C5931,参数!$B:$H,2,0),\"\")","v":""},{"$f":"IFERROR(VLOOKUP(C5931,参数!$B:$H,4,0),\"\")","v":""},{"$f":"IFERROR(VLOOKUP(C5931,参数!B:H,3,FALSE),\"\")","v":""},"",1]
[5931,{"$nulls":6},{"$f":"IFERROR(VLOOKUP(C5932,参数!$B:$H,2,0),\"\")","v":""},{"$f":"IFERROR(VLOOKUP(C5932,参数!$B:$H,4,0),\"\")","v":""},{"$f":"IFERROR(VLOOKUP(C5932,参数!B:H,3,FALSE),\"\")","v":""},"",1]
[5932,{"$nulls":6},{"$f":"IFERROR(VLOOKUP(C5933,参数!$B:$H,2,0),\"\")","v":""},{"$f":"IFERROR(VLOOKUP(C5933,参数!$B:$H,4,0),\"\")","v":""},{"$f":"IFERROR(VLOOKUP(C5933,参数!B:H,3,FALSE),\"\")","v":""},"",1]
[5933,{"$nulls":6},{"$f":"IFERROR(VLOOKUP(C5934,参数!$B:$H,2,0),\"\")","v":""},{"$f":"IFERROR(VLOOKUP(C5934,参数!$B:$H,4,0),\"\")","v":""},{"$f":"IFERROR(VLOOKUP(C5934,参数!B:H,3,FALSE),\"\")","v":""},"",1]
[5934,{"$nulls":6},{"$f":"IFERROR(VLOOKUP(C5935,参数!$B:$H,2,0),\"\")","v":""},{"$f":"IFERROR(VLOOKUP(C5935,参数!$B:$H,4,0),\"\")","v":""},{"$f":"IFERROR(VLOOKUP(C5935,参数!B:H,3,FALSE),\"\")","v":""},"",1]
[5935,{"$nulls":6},{"$f":"IFERROR(VLOOKUP(C5936,参数!$B:$H,2,0),\"\")","v":""},{"$f":"IFERROR(VLOOKUP(C5936,参数!$B:$H,4,0),\"\")","v":""},{"$f":"IFERROR(VLOOKUP(C5936,参数!B:H,3,FALSE),\"\")","v":""},"",1]
[5936,{"$nulls":6},{"$f":"IFERROR(VLOOKUP(C5937,参数!$B:$H,2,0),\"\")","v":""},{"$f":"IFERROR(VLOOKUP(C5937,参数!$B:$H,4,0),\"\")","v":""},{"$f":"IFERROR(VLOOKUP(C5937,参数!B:H,3,FALSE),\"\")","v":""},"",1]
[5937,{"$nulls":6},{"$f":"IFERROR(VLOOKUP(C5938,参数!$B:$H,2,0),\"\")","v":""},{"$f":"IFERROR(VLOOKUP(C5938,参数!$B:$H,4,0),\"\")","v":""},{"$f":"IFERROR(VLOOKUP(C5938,参数!B:H,3,FALSE),\"\")","v":""},"",1]
[5938,{"$nulls":6},{"$f":"IFERROR(VLOOKUP(C5939,参数!$B:$H,2,0),\"\")","v":""},{"$f":"IFERROR(VLOOKUP(C5939,参数!$B:$H,4,0),\"\")","v":""},{"$f":"IFERROR(VLOOKUP(C5939,参数!B:H,3,FALSE),\"\")","v":""},"",1]
[5939,{"$nulls":6},{"$f":"IFERROR(VLOOKUP(C5940,参数!$B:$H,2,0),\"\")","v":""},{"$f":"IFERROR(VLOOKUP(C5940,参数!$B:$H,4,0),\"\")","v":""},{"$f":"IFERROR(VLOOKUP(C5940,参数!B:H,3,FALSE),\"\")","v":""},"",1]
[5940,{"$nulls":6},{"$f":"IFERROR(VLOOKUP(C5941,参数!$B:$H,2,0),\"\")","v":""},{"$f":"IFERROR(VLOOKUP(C5941,参数!$B:$H,4,0),\"\")","v":""},{"$f":"IFERROR(VLOOKUP(C5941,参数!B:H,3,FALSE),\"\")","v":""},"",1]
[5941,{"$nulls":6},{"$f":"IFERROR(VLOOKUP(C5942,参数!$B:$H,2,0),\"\")","v":""},{"$f":"IFERROR(VLOOKUP(C5942,参数!$B:$H,4,0),\"\")","v":""},{"$f":"IFERROR(VLOOKUP(C5942,参数!B:H,3,FALSE),\"\")","v":""},"",1]
[5942,{"$nulls":6},{"$f":"IFERROR(VLOOKUP(C5943,参数!$B:$H,2,0),\"\")","v":""},{"$f":"IFERROR(VLOOKUP(C5943,参数!$B:$H,4,0),\"\")","v":""},{"$f":"IFERROR(VLOOKUP(C5943,参数!B:H,3,FALSE),\"\")","v":""},"",1]
[5943,{"$nulls":6},{"$f":"IFERROR(VLOOKUP(C5944,参数!$B:$H,2,0),\"\")","v":""},{"$f":"IFERROR(VLOOKUP(C5944,参数!$B:$H,4,0),\"\")","v":""},{"$f":"IFERROR(VLOOKUP(C5944,参数!B:H,3,FALSE),\"\")","v":""},"",1]
[5944,{"$nulls":6},{"$f":"IFERROR(VLOOKUP(C5945,参数!$B:$H,2,0),\"\")","v":""},{"$f":"IFERROR(VLOOKUP(C5945,参数!$B:$H,4,0),\"\")","v":""},{"$f":"IFERROR(VLOOKUP(C5945,参数!B:H,3,FALSE),\"\")","v":""},"",1]
[5945,{"$nulls":6},{"$f":"IFERROR(VLOOKUP(C5946,参数!$B:$H,2,0),\"\")","v":""},{"$f":"IFERROR(VLOOKUP(C5946,参数!$B:$H,4,0),\"\")","v":""},{"$f":"IFERROR(VLOOKUP(C5946,参数!B:H,3,FALSE),\"\")","v":""},"",1]
[5946,{"$nulls":6},{"$f":"IFERROR(VLOOKUP(C5947,参数!$B:$H,2,0),\"\")","v":""},{"$f":"IFERROR(VLOOKUP(C5947,参数!$B:$H,4,0),\"\")","v":""},{"$f":"IFERROR(VLOOKUP(C5947,参数!B:H,3,FALSE),\"\")","v":""},"",1]
[5947,{"$nulls":6},{"$f":"IFERROR(VLOOKUP(C5948,参数!$B:$H,2,0),\"\")","v":""},{"$f":"IFERROR(VLOOKUP(C5948,参数!$B:$H,4,0),\"\")","v":""},{"$f":"IFERROR(VLOOKUP(C5948,参数!B:H,3,FALSE),\"\")","v":""},"",1]
[5948,{"$nulls":6},{"$f":"IFERROR(VLOOKUP(C5949,参数!$B:$H,2,0),\"\")","v":""},{"$f":"IFERROR(VLOOKUP(C5949,参数!$B:$H,4,0),\"\")","v":""},{"$f":"IFERROR(VLOOKUP(C5949,参数!B:H,3,FALSE),\"\")","v":""},"",1]
[5949,{"$nulls":6},{"$f":"IFERROR(VLOOKUP(C5950,参数!$B:$H,2,0),\"\")","v":""},{"$f":"IFERROR(VLOOKUP(C5950,参数!$B:$H,4,0),\"\")","v":""},{"$f":"IFERROR(VLOOKUP(C5950,参数!B:H,3,FALSE),\"\")","v":""},"",1]
[5950,{"$nulls":6},{"$f":"IFERROR(VLOOKUP(C5951,参数!$B:$H,2,0),\"\")","v":""},{"$f":"IFERROR(VLOOKUP(C5951,参数!$B:$H,4,0),\"\")","v":""},{"$f":"IFERROR(VLOOKUP(C5951,参数!B:H,3,FALSE),\"\")","v":""},"",1]
[5951,{"$nulls":6},{"$f":"IFERROR(VLOOKUP(C5952,参数!$B:$H,2,0),\"\")","v":""},{"$f":"IFERROR(VLOOKUP(C5952,参数!$B:$H,4,0),\"\")","v":""},{"$f":"IFERROR(VLOOKUP(C5952,参数!B:H,3,FALSE),\"\")","v":""},"",1]
[5952,{"$nulls":6},{"$f":"IFERROR(VLOOKUP(C5953,参数!$B:$H,2,0),\"\")","v":""},{"$f":"IFERROR(VLOOKUP(C5953,参数!$B:$H,4,0),\"\")","v":""},{"$f":"IFERROR(VLOOKUP(C5953,参数!B:H,3,FALSE),\"\")","v":""},"",1]
[5953,{"$nulls":6},{"$f":"IFERROR(VLOOKUP(C5954,参数!$B:$H,2,0),\"\")","v":""},{"$f":"IFERROR(VLOOKUP(C5954,参数!$B:$H,4,0),\"\")","v":""},{"$f":"IFERROR(VLOOKUP(C5954,参数!B:H,3,FALSE),\"\")","v":""},"",{"$f":"VALUE(MONTH(B5954))","v":1}]
[5954,{"$nulls":6},{"$f":"IFERROR(VLOOKUP(C5955,参数!$B:$H,2,0),\"\")","v":""},{"$f":"IFERROR(VLOOKUP(C5955,参数!$B:$H,4,0),\"\")","v":""},{"$f":"IFERROR(VLOOKUP(C5955,参数!B:H,3,FALSE),\"\")","v":""},"",1]
[5955,{"$nulls":6},{"$f":"IFERROR(VLOOKUP(C5956,参数!$B:$H,2,0),\"\")","v":""},{"$f":"IFERROR(VLOOKUP(C5956,参数!$B:$H,4,0),\"\")","v":""},{"$f":"IFERROR(VLOOKUP(C5956,参数!B:H,3,FALSE),\"\")","v":""},"",1]
[5956,{"$nulls":6},{"$f":"IFERROR(VLOOKUP(C5957,参数!$B:$H,2,0),\"\")","v":""},{"$f":"IFERROR(VLOOKUP(C5957,参数!$B:$H,4,0),\"\")","v":""},{"$f":"IFERROR(VLOOKUP(C5957,参数!B:H,3,FALSE),\"\")","v":""},"",1]
[5957,{"$nulls":6},{"$f":"IFERROR(VLOOKUP(C5958,参数!$B:$H,2,0),\"\")","v":""},{"$f":"IFERROR(VLOOKUP(C5958,参数!$B:$H,4,0),\"\")","v":""},{"$f":"IFERROR(VLOOKUP(C5958,参数!B:H,3,FALSE),\"\")","v":""},"",1]
[5958,{"$nulls":6},{"$f":"IFERROR(VLOOKUP(C5959,参数!$B:$H,2,0),\"\")","v":""},{"$f":"IFERROR(VLOOKUP(C5959,参数!$B:$H,4,0),\"\")","v":""},{"$f":"IFERROR(VLOOKUP(C5959,参数!B:H,3,FALSE),\"\")","v":""},"",1]
[5959,{"$nulls":6},{"$f":"IFERROR(VLOOKUP(C5960,参数!$B:$H,2,0),\"\")","v":""},{"$f":"IFERROR(VLOOKUP(C5960,参数!$B:$H,4,0),\"\")","v":""},{"$f":"IFERROR(VLOOKUP(C5960,参数!B:H,3,FALSE),\"\")","v":""},"",1]
[5960,{"$nulls":6},{"$f":"IFERROR(VLOOKUP(C5961,参数!$B:$H,2,0),\"\")","v":""},{"$f":"IFERROR(VLOOKUP(C5961,参数!$B:$H,4,0),\"\")","v":""},{"$f":"IFERROR(VLOOKUP(C5961,参数!B:H,3,FALSE),\"\")","v":""},"",1]
[5961,{"$nulls":6},{"$f":"IFERROR(VLOOKUP(C5962,参数!$B:$H,2,0),\"\")","v":""},{"$f":"IFERROR(VLOOKUP(C5962,参数!$B:$H,4,0),\"\")","v":""},{"$f":"IFERROR(VLOOKUP(C5962,参数!B:H,3,FALSE),\"\")","v":""},"",1]
[5962,{"$nulls":6},{"$f":"IFERROR(VLOOKUP(C5963,参数!$B:$H,2,0),\"\")","v":""},{"$f":"IFERROR(VLOOKUP(C5963,参数!$B:$H,4,0),\"\")","v":""},{"$f":"IFERROR(VLOOKUP(C5963,参数!B:H,3,FALSE),\"\")","v":""},"",1]
[5963,{"$nulls":6},{"$f":"IFERROR(VLOOKUP(C5964,参数!$B:$H,2,0),\"\")","v":""},{"$f":"IFERROR(VLOOKUP(C5964,参数!$B:$H,4,0),\"\")","v":""},{"$f":"IFERROR(VLOOKUP(C5964,参数!B:H,3,FALSE),\"\")","v":""},"",1]
[5964,{"$nulls":6},{"$f":"IFERROR(VLOOKUP(C5965,参数!$B:$H,2,0),\"\")","v":""},{"$f":"IFERROR(VLOOKUP(C5965,参数!$B:$H,4,0),\"\")","v":""},{"$f":"IFERROR(VLOOKUP(C5965,参数!B:H,3,FALSE),\"\")","v":""},"",1]
[5965,{"$nulls":6},{"$f":"IFERROR(VLOOKUP(C5966,参数!$B:$H,2,0),\"\")","v":""},{"$f":"IFERROR(VLOOKUP(C5966,参数!$B:$H,4,0),\"\")","v":""},{"$f":"IFERROR(VLOOKUP(C5966,参数!B:H,3,FALSE),\"\")","v":""},"",1]
[5966,{"$nulls":6},{"$f":"IFERROR(VLOOKUP(C5967,参数!$B:$H,2,0),\"\")","v":""},{"$f":"IFERROR(VLOOKUP(C5967,参数!$B:$H,4,0),\"\")","v":""},{"$f":"IFERROR(VLOOKUP(C5967,参数!B:H,3,FALSE),\"\")","v":""},"",1]
[5967,{"$nulls":6},{"$f":"IFERROR(VLOOKUP(C5968,参数!$B:$H,2,0),\"\")","v":""},{"$f":"IFERROR(VLOOKUP(C5968,参数!$B:$H,4,0),\"\")","v":""},{"$f":"IFERROR(VLOOKUP(C5968,参数!B:H,3,FALSE),\"\")","v":""},"",1]
[5968,{"$nulls":6},{"$f":"IFERROR(VLOOKUP(C5969,参数!$B:$H,2,0),\"\")","v":""},{"$f":"IFERROR(VLOOKUP(C5969,参数!$B:$H,4,0),\"\")","v":""},{"$f":"IFERROR(VLOOKUP(C5969,参数!B:H,3,FALSE),\"\")","v":""},"",1]
[5969,{"$nulls":6},{"$f":"IFERROR(VLOOKUP(C5970,参数!$B:$H,2,0),\"\")","v":""},{"$f":"IFERROR(VLOOKUP(C5970,参数!$B:$H,4,0),\"\")","v":""},{"$f":"IFERROR(VLOOKUP(C5970,参数!B:H,3,FALSE),\"\")","v":""},"",1]
[5970,{"$nulls":6},{"$f":"IFERROR(VLOOKUP(C5971,参数!$B:$H,2,0),\"\")","v":""},{"$f":"IFERROR(VLOOKUP(C5971,参数!$B:$H,4,0),\"\")","v":""},{"$f":"IFERROR(VLOOKUP(C5971,参数!B:H,3,FALSE),\"\")","v":""},"",1]
[5971,{"$nulls":6},{"$f":"IFERROR(VLOOKUP(C5972,参数!$B:$H,2,0),\"\")","v":""},{"$f":"IFERROR(VLOOKUP(C5972,参数!$B:$H,4,0),\"\")","v":""},{"$f":"IFERROR(VLOOKUP(C5972,参数!B:H,3,FALSE),\"\")","v":""},"",1]
[5972,{"$nulls":6},{"$f":"IFERROR(VLOOKUP(C5973,参数!$B:$H,2,0),\"\")","v":""},{"$f":"IFERROR(VLOOKUP(C5973,参数!$B:$H,4,0),\"\")","v":""},{"$f":"IFERROR(VLOOKUP(C5973,参数!B:H,3,FALSE),\"\")","v":""},"",1]
[5973,{"$nulls":6},{"$f":"IFERROR(VLOOKUP(C5974,参数!$B:$H,2,0),\"\")","v":""},{"$f":"IFERROR(VLOOKUP(C5974,参数!$B:$H,4,0),\"\")","v":""},{"$f":"IFERROR(VLOOKUP(C5974,参数!B:H,3,FALSE),\"\")","v":""},"",1]
[5974,{"$nulls":6},{"$f":"IFERROR(VLOOKUP(C5975,参数!$B:$H,2,0),\"\")","v":""},{"$f":"IFERROR(VLOOKUP(C5975,参数!$B:$H,4,0),\"\")","v":""},{"$f":"IFERROR(VLOOKUP(C5975,参数!B:H,3,FALSE),\"\")","v":""},"",1]
[5975,{"$nulls":6},{"$f":"IFERROR(VLOOKUP(C5976,参数!$B:$H,2,0),\"\")","v":""},{"$f":"IFERROR(VLOOKUP(C5976,参数!$B:$H,4,0),\"\")","v":""},{"$f":"IFERROR(VLOOKUP(C5976,参数!B:H,3,FALSE),\"\")","v":""},"",1]
[5976,{"$nulls":6},{"$f":"IFERROR(VLOOKUP(C5977,参数!$B:$H,2,0),\"\")","v":""},{"$f":"IFERROR(VLOOKUP(C5977,参数!$B:$H,4,0),\"\")","v":""},{"$f":"IFERROR(VLOOKUP(C5977,参数!B:H,3,FALSE),\"\")","v":""},"",1]
[5977,{"$nulls":6},{"$f":"IFERROR(VLOOKUP(C5978,参数!$B:$H,2,0),\"\")","v":""},{"$f":"IFERROR(VLOOKUP(C5978,参数!$B:$H,4,0),\"\")","v":""},{"$f":"IFERROR(VLOOKUP(C5978,参数!B:H,3,FALSE),\"\")","v":""},"",1]
[5978,{"$nulls":6},{"$f":"IFERROR(VLOOKUP(C5979,参数!$B:$H,2,0),\"\")","v":""},{"$f":"IFERROR(VLOOKUP(C5979,参数!$B:$H,4,0),\"\")","v":""},{"$f":"IFERROR(VLOOKUP(C5979,参数!B:H,3,FALSE),\"\")","v":""},"",1]
[5979,{"$nulls":6},{"$f":"IFERROR(VLOOKUP(C5980,参数!$B:$H,2,0),\"\")","v":""},{"$f":"IFERROR(VLOOKUP(C5980,参数!$B:$H,4,0),\"\")","v":""},{"$f":"IFERROR(VLOOKUP(C5980,参数!B:H,3,FALSE),\"\")","v":""},"",1]
[5980,{"$nulls":6},{"$f":"IFERROR(VLOOKUP(C5981,参数!$B:$H,2,0),\"\")","v":""},{"$f":"IFERROR(VLOOKUP(C5981,参数!$B:$H,4,0),\"\")","v":""},{"$f":"IFERROR(VLOOKUP(C5981,参数!B:H,3,FALSE),\"\")","v":""},"",1]
[5981,{"$nulls":6},{"$f":"IFERROR(VLOOKUP(C5982,参数!$B:$H,2,0),\"\")","v":""},{"$f":"IFERROR(VLOOKUP(C5982,参数!$B:$H,4,0),\"\")","v":""},{"$f":"IFERROR(VLOOKUP(C5982,参数!B:H,3,FALSE),\"\")","v":""},"",1]
[5982,{"$nulls":6},{"$f":"IFERROR(VLOOKUP(C5983,参数!$B:$H,2,0),\"\")","v":""},{"$f":"IFERROR(VLOOKUP(C5983,参数!$B:$H,4,0),\"\")","v":""},{"$f":"IFERROR(VLOOKUP(C5983,参数!B:H,3,FALSE),\"\")","v":""},"",1]
[5983,{"$nulls":6},{"$f":"IFERROR(VLOOKUP(C5984,参数!$B:$H,2,0),\"\")","v":""},{"$f":"IFERROR(VLOOKUP(C5984,参数!$B:$H,4,0),\"\")","v":""},{"$f":"IFERROR(VLOOKUP(C5984,参数!B:H,3,FALSE),\"\")","v":""},"",1]
[5984,{"$nulls":6},{"$f":"IFERROR(VLOOKUP(C5985,参数!$B:$H,2,0),\"\")","v":""},{"$f":"IFERROR(VLOOKUP(C5985,参数!$B:$H,4,0),\"\")","v":""},{"$f":"IFERROR(VLOOKUP(C5985,参数!B:H,3,FALSE),\"\")","v":""},"",1]
[5985,{"$nulls":6},{"$f":"IFERROR(VLOOKUP(C5986,参数!$B:$H,2,0),\"\")","v":""},{"$f":"IFERROR(VLOOKUP(C5986,参数!$B:$H,4,0),\"\")","v":""},{"$f":"IFERROR(VLOOKUP(C5986,参数!B:H,3,FALSE),\"\")","v":""},"",1]
[5986,{"$nulls":6},{"$f":"IFERROR(VLOOKUP(C5987,参数!$B:$H,2,0),\"\")","v":""},{"$f":"IFERROR(VLOOKUP(C5987,参数!$B:$H,4,0),\"\")","v":""},{"$f":"IFERROR(VLOOKUP(C5987,参数!B:H,3,FALSE),\"\")","v":""},"",1]
[5987,{"$nulls":6},{"$f":"IFERROR(VLOOKUP(C5988,参数!$B:$H,2,0),\"\")","v":""},{"$f":"IFERROR(VLOOKUP(C5988,参数!$B:$H,4,0),\"\")","v":""},{"$f":"IFERROR(VLOOKUP(C5988,参数!B:H,3,FALSE),\"\")","v":""},"",1]
[5988,{"$nulls":6},{"$f":"IFERROR(VLOOKUP(C5989,参数!$B:$H,2,0),\"\")","v":""},{"$f":"IFERROR(VLOOKUP(C5989,参数!$B:$H,4,0),\"\")","v":""},{"$f":"IFERROR(VLOOKUP(C5989,参数!B:H,3,FALSE),\"\")","v":""},{"$f":"IFERROR(J5989*E5989,\"\")","v":""},1]
[5989,{"$nulls":6},{"$f":"IFERROR(VLOOKUP(C5990,参数!$B:$H,2,0),\"\")","v":""},{"$f":"IFERROR(VLOOKUP(C5990,参数!$B:$H,4,0),\"\")","v":""},{"$f":"IFERROR(VLOOKUP(C5990,参数!B:H,3,FALSE),\"\")","v":""},"",1]
[5990,{"$nulls":6},{"$f":"IFERROR(VLOOKUP(C5991,参数!$B:$H,2,0),\"\")","v":""},{"$f":"IFERROR(VLOOKUP(C5991,参数!$B:$H,4,0),\"\")","v":""},{"$f":"IFERROR(VLOOKUP(C5991,参数!B:H,3,FALSE),\"\")","v":""},"",1]
[5991,{"$nulls":6},{"$f":"IFERROR(VLOOKUP(C5992,参数!$B:$H,2,0),\"\")","v":""},{"$f":"IFERROR(VLOOKUP(C5992,参数!$B:$H,4,0),\"\")","v":""},{"$f":"IFERROR(VLOOKUP(C5992,参数!B:H,3,FALSE),\"\")","v":""},"",1]
[5992,{"$nulls":6},{"$f":"IFERROR(VLOOKUP(C5993,参数!$B:$H,2,0),\"\")","v":""},{"$f":"IFERROR(VLOOKUP(C5993,参数!$B:$H,4,0),\"\")","v":""},{"$f":"IFERROR(VLOOKUP(C5993,参数!B:H,3,FALSE),\"\")","v":""},"",1]
[5993,{"$nulls":6},{"$f":"IFERROR(VLOOKUP(C5994,参数!$B:$H,2,0),\"\")","v":""},{"$f":"IFERROR(VLOOKUP(C5994,参数!$B:$H,4,0),\"\")","v":""},{"$f":"IFERROR(VLOOKUP(C5994,参数!B:H,3,FALSE),\"\")","v":""},"",1]
[5994,{"$nulls":6},{"$f":"IFERROR(VLOOKUP(C5995,参数!$B:$H,2,0),\"\")","v":""},{"$f":"IFERROR(VLOOKUP(C5995,参数!$B:$H,4,0),\"\")","v":""},{"$f":"IFERROR(VLOOKUP(C5995,参数!B:H,3,FALSE),\"\")","v":""},"",1]
[5995,{"$nulls":6},{"$f":"IFERROR(VLOOKUP(C5996,参数!$B:$H,2,0),\"\")","v":""},{"$f":"IFERROR(VLOOKUP(C5996,参数!$B:$H,4,0),\"\")","v":""},{"$f":"IFERROR(VLOOKUP(C5996,参数!B:H,3,FALSE),\"\")","v":""},"",1]
[5996,{"$nulls":6},{"$f":"IFERROR(VLOOKUP(C5997,参数!$B:$H,2,0),\"\")","v":""},{"$f":"IFERROR(VLOOKUP(C5997,参数!$B:$H,4,0),\"\")","v":""},{"$f":"IFERROR(VLOOKUP(C5997,参数!B:H,3,FALSE),\"\")","v":""},"",1]
[5997,{"$nulls":6},{"$f":"IFERROR(VLOOKUP(C5998,参数!$B:$H,2,0),\"\")","v":""},{"$f":"IFERROR(VLOOKUP(C5998,参数!$B:$H,4,0),\"\")","v":""},{"$f":"IFERROR(VLOOKUP(C5998,参数!B:H,3,FALSE),\"\")","v":""},"",1]
[5998,{"$nulls":6},{"$f":"IFERROR(VLOOKUP(C5999,参数!$B:$H,2,0),\"\")","v":""},{"$f":"IFERROR(VLOOKUP(C5999,参数!$B:$H,4,0),\"\")","v":""},{"$f":"IFERROR(VLOOKUP(C5999,参数!B:H,3,FALSE),\"\")","v":""},"",1]
[5999,{"$nulls":6},{"$f":"IFERROR(VLOOKUP(C6000,参数!$B:$H,2,0),\"\")","v":""},{"$f":"IFERROR(VLOOKUP(C6000,参数!$B:$H,4,0),\"\")","v":""},{"$f":"IFERROR(VLOOKUP(C6000,参数!B:H,3,FALSE),\"\")","v":""},"",1]
[6000,{"$nulls":6},{"$f":"IFERROR(VLOOKUP(C6001,参数!$B:$H,2,0),\"\")","v":""},{"$f":"IFERROR(VLOOKUP(C6001,参数!$B:$H,4,0),\"\")","v":""},{"$f":"IFERROR(VLOOKUP(C6001,参数!B:H,3,FALSE),\"\")","v":""},"",1]
[6001,{"$nulls":6},{"$f":"IFERROR(VLOOKUP(C6002,参数!$B:$H,2,0),\"\")","v":""},{"$f":"IFERROR(VLOOKUP(C6002,参数!$B:$H,4,0),\"\")","v":""},{"$f":"IFERROR(VLOOKUP(C6002,参数!B:H,3,FALSE),\"\")","v":""},"",1]
[6002,{"$nulls":6},{"$f":"IFERROR(VLOOKUP(C6003,参数!$B:$H,2,0),\"\")","v":""},{"$f":"IFERROR(VLOOKUP(C6003,参数!$B:$H,4,0),\"\")","v":""},{"$f":"IFERROR(VLOOKUP(C6003,参数!B:H,3,FALSE),\"\")","v":""},"",1]
[6003,{"$nulls":6},{"$f":"IFERROR(VLOOKUP(C6004,参数!$B:$H,2,0),\"\")","v":""},{"$f":"IFERROR(VLOOKUP(C6004,参数!$B:$H,4,0),\"\")","v":""},{"$f":"IFERROR(VLOOKUP(C6004,参数!B:H,3,FALSE),\"\")","v":""},"",1]
[6004,{"$nulls":6},{"$f":"IFERROR(VLOOKUP(C6005,参数!$B:$H,2,0),\"\")","v":""},{"$f":"IFERROR(VLOOKUP(C6005,参数!$B:$H,4,0),\"\")","v":""},{"$f":"IFERROR(VLOOKUP(C6005,参数!B:H,3,FALSE),\"\")","v":""},"",1]
[6005,{"$nulls":6},{"$f":"IFERROR(VLOOKUP(C6006,参数!$B:$H,2,0),\"\")","v":""},{"$f":"IFERROR(VLOOKUP(C6006,参数!$B:$H,4,0),\"\")","v":""},{"$f":"IFERROR(VLOOKUP(C6006,参数!B:H,3,FALSE),\"\")","v":""},"",1]
[6006,{"$nulls":6},{"$f":"IFERROR(VLOOKUP(C6007,参数!$B:$H,2,0),\"\")","v":""},{"$f":"IFERROR(VLOOKUP(C6007,参数!$B:$H,4,0),\"\")","v":""},{"$f":"IFERROR(VLOOKUP(C6007,参数!B:H,3,FALSE),\"\")","v":""},"",1]
[6007,{"$nulls":6},{"$f":"IFERROR(VLOOKUP(C6008,参数!$B:$H,2,0),\"\")","v":""},{"$f":"IFERROR(VLOOKUP(C6008,参数!$B:$H,4,0),\"\")","v":""},{"$f":"IFERROR(VLOOKUP(C6008,参数!B:H,3,FALSE),\"\")","v":""},"",1]
[6008,{"$nulls":6},{"$f":"IFERROR(VLOOKUP(C6009,参数!$B:$H,2,0),\"\")","v":""},{"$f":"IFERROR(VLOOKUP(C6009,参数!$B:$H,4,0),\"\")","v":""},{"$f":"IFERROR(VLOOKUP(C6009,参数!B:H,3,FALSE),\"\")","v":""},"",1]
[6009,{"$nulls":6},{"$f":"IFERROR(VLOOKUP(C6010,参数!$B:$H,2,0),\"\")","v":""},{"$f":"IFERROR(VLOOKUP(C6010,参数!$B:$H,4,0),\"\")","v":""},{"$f":"IFERROR(VLOOKUP(C6010,参数!B:H,3,FALSE),\"\")","v":""},"",1]
[6010,{"$nulls":6},{"$f":"IFERROR(VLOOKUP(C6011,参数!$B:$H,2,0),\"\")","v":""},{"$f":"IFERROR(VLOOKUP(C6011,参数!$B:$H,4,0),\"\")","v":""},{"$f":"IFERROR(VLOOKUP(C6011,参数!B:H,3,FALSE),\"\")","v":""},"",1]
[6011,{"$nulls":6},{"$f":"IFERROR(VLOOKUP(C6012,参数!$B:$H,2,0),\"\")","v":""},{"$f":"IFERROR(VLOOKUP(C6012,参数!$B:$H,4,0),\"\")","v":""},{"$f":"IFERROR(VLOOKUP(C6012,参数!B:H,3,FALSE),\"\")","v":""},"",1]
[6012,{"$nulls":6},{"$f":"IFERROR(VLOOKUP(C6013,参数!$B:$H,2,0),\"\")","v":""},{"$f":"IFERROR(VLOOKUP(C6013,参数!$B:$H,4,0),\"\")","v":""},{"$f":"IFERROR(VLOOKUP(C6013,参数!B:H,3,FALSE),\"\")","v":""},"",1]
[6013,{"$nulls":6},{"$f":"IFERROR(VLOOKUP(C6014,参数!$B:$H,2,0),\"\")","v":""},{"$f":"IFERROR(VLOOKUP(C6014,参数!$B:$H,4,0),\"\")","v":""},{"$f":"IFERROR(VLOOKUP(C6014,参数!B:H,3,FALSE),\"\")","v":""},"",1]
[6014,{"$nulls":6},{"$f":"IFERROR(VLOOKUP(C6015,参数!$B:$H,2,0),\"\")","v":""},{"$f":"IFERROR(VLOOKUP(C6015,参数!$B:$H,4,0),\"\")","v":""},{"$f":"IFERROR(VLOOKUP(C6015,参数!B:H,3,FALSE),\"\")","v":""},"",1]
[6015,{"$nulls":6},{"$f":"IFERROR(VLOOKUP(C6016,参数!$B:$H,2,0),\"\")","v":""},{"$f":"IFERROR(VLOOKUP(C6016,参数!$B:$H,4,0),\"\")","v":""},{"$f":"IFERROR(VLOOKUP(C6016,参数!B:H,3,FALSE),\"\")","v":""},"",1]
[6016,{"$nulls":6},{"$f":"IFERROR(VLOOKUP(C6017,参数!$B:$H,2,0),\"\")","v":""},{"$f":"IFERROR(VLOOKUP(C6017,参数!$B:$H,4,0),\"\")","v":""},{"$f":"IFERROR(VLOOKUP(C6017,参数!B:H,3,FALSE),\"\")","v":""},"",1]
[6017,{"$nulls":6},{"$f":"IFERROR(VLOOKUP(C6018,参数!$B:$H,2,0),\"\")","v":""},{"$f":"IFERROR(VLOOKUP(C6018,参数!$B:$H,4,0),\"\")","v":""},{"$f":"IFERROR(VLOOKUP(C6018,参数!B:H,3,FALSE),\"\")","v":""},"",{"$f":"VALUE(MONTH(B6018))","v":1}]
[6018,{"$nulls":6},{"$f":"IFERROR(VLOOKUP(C6019,参数!$B:$H,2,0),\"\")","v":""},{"$f":"IFERROR(VLOOKUP(C6019,参数!$B:$H,4,0),\"\")","v":""},{"$f":"IFERROR(VLOOKUP(C6019,参数!B:H,3,FALSE),\"\")","v":""},"",1]
[6019,{"$nulls":6},{"$f":"IFERROR(VLOOKUP(C6020,参数!$B:$H,2,0),\"\")","v":""},{"$f":"IFERROR(VLOOKUP(C6020,参数!$B:$H,4,0),\"\")","v":""},{"$f":"IFERROR(VLOOKUP(C6020,参数!B:H,3,FALSE),\"\")","v":""},"",1]
[6020,{"$nulls":6},{"$f":"IFERROR(VLOOKUP(C6021,参数!$B:$H,2,0),\"\")","v":""},{"$f":"IFERROR(VLOOKUP(C6021,参数!$B:$H,4,0),\"\")","v":""},{"$f":"IFERROR(VLOOKUP(C6021,参数!B:H,3,FALSE),\"\")","v":""},"",1]
[6021,{"$nulls":6},{"$f":"IFERROR(VLOOKUP(C6022,参数!$B:$H,2,0),\"\")","v":""},{"$f":"IFERROR(VLOOKUP(C6022,参数!$B:$H,4,0),\"\")","v":""},{"$f":"IFERROR(VLOOKUP(C6022,参数!B:H,3,FALSE),\"\")","v":""},"",1]
[6022,{"$nulls":6},{"$f":"IFERROR(VLOOKUP(C6023,参数!$B:$H,2,0),\"\")","v":""},{"$f":"IFERROR(VLOOKUP(C6023,参数!$B:$H,4,0),\"\")","v":""},{"$f":"IFERROR(VLOOKUP(C6023,参数!B:H,3,FALSE),\"\")","v":""},"",1]
[6023,{"$nulls":6},{"$f":"IFERROR(VLOOKUP(C6024,参数!$B:$H,2,0),\"\")","v":""},{"$f":"IFERROR(VLOOKUP(C6024,参数!$B:$H,4,0),\"\")","v":""},{"$f":"IFERROR(VLOOKUP(C6024,参数!B:H,3,FALSE),\"\")","v":""},"",1]
[6024,{"$nulls":6},{"$f":"IFERROR(VLOOKUP(C6025,参数!$B:$H,2,0),\"\")","v":""},{"$f":"IFERROR(VLOOKUP(C6025,参数!$B:$H,4,0),\"\")","v":""},{"$f":"IFERROR(VLOOKUP(C6025,参数!B:H,3,FALSE),\"\")","v":""},"",1]
[6025,{"$nulls":6},{"$f":"IFERROR(VLOOKUP(C6026,参数!$B:$H,2,0),\"\")","v":""},{"$f":"IFERROR(VLOOKUP(C6026,参数!$B:$H,4,0),\"\")","v":""},{"$f":"IFERROR(VLOOKUP(C6026,参数!B:H,3,FALSE),\"\")","v":""},"",1]
[6026,{"$nulls":6},{"$f":"IFERROR(VLOOKUP(C6027,参数!$B:$H,2,0),\"\")","v":""},{"$f":"IFERROR(VLOOKUP(C6027,参数!$B:$H,4,0),\"\")","v":""},{"$f":"IFERROR(VLOOKUP(C6027,参数!B:H,3,FALSE),\"\")","v":""},"",1]
[6027,{"$nulls":6},{"$f":"IFERROR(VLOOKUP(C6028,参数!$B:$H,2,0),\"\")","v":""},{"$f":"IFERROR(VLOOKUP(C6028,参数!$B:$H,4,0),\"\")","v":""},{"$f":"IFERROR(VLOOKUP(C6028,参数!B:H,3,FALSE),\"\")","v":""},"",1]
[6028,{"$nulls":6},{"$f":"IFERROR(VLOOKUP(C6029,参数!$B:$H,2,0),\"\")","v":""},{"$f":"IFERROR(VLOOKUP(C6029,参数!$B:$H,4,0),\"\")","v":""},{"$f":"IFERROR(VLOOKUP(C6029,参数!B:H,3,FALSE),\"\")","v":""},"",1]
[6029,{"$nulls":6},{"$f":"IFERROR(VLOOKUP(C6030,参数!$B:$H,2,0),\"\")","v":""},{"$f":"IFERROR(VLOOKUP(C6030,参数!$B:$H,4,0),\"\")","v":""},{"$f":"IFERROR(VLOOKUP(C6030,参数!B:H,3,FALSE),\"\")","v":""},"",1]
[6030,{"$nulls":6},{"$f":"IFERROR(VLOOKUP(C6031,参数!$B:$H,2,0),\"\")","v":""},{"$f":"IFERROR(VLOOKUP(C6031,参数!$B:$H,4,0),\"\")","v":""},{"$f":"IFERROR(VLOOKUP(C6031,参数!B:H,3,FALSE),\"\")","v":""},"",1]
[6031,{"$nulls":6},{"$f":"IFERROR(VLOOKUP(C6032,参数!$B:$H,2,0),\"\")","v":""},{"$f":"IFERROR(VLOOKUP(C6032,参数!$B:$H,4,0),\"\")","v":""},{"$f":"IFERROR(VLOOKUP(C6032,参数!B:H,3,FALSE),\"\")","v":""},"",1]
[6032,{"$nulls":6},{"$f":"IFERROR(VLOOKUP(C6033,参数!$B:$H,2,0),\"\")","v":""},{"$f":"IFERROR(VLOOKUP(C6033,参数!$B:$H,4,0),\"\")","v":""},{"$f":"IFERROR(VLOOKUP(C6033,参数!B:H,3,FALSE),\"\")","v":""},"",1]
[6033,{"$nulls":6},{"$f":"IFERROR(VLOOKUP(C6034,参数!$B:$H,2,0),\"\")","v":""},{"$f":"IFERROR(VLOOKUP(C6034,参数!$B:$H,4,0),\"\")","v":""},{"$f":"IFERROR(VLOOKUP(C6034,参数!B:H,3,FALSE),\"\")","v":""},"",1]
[6034,{"$nulls":6},{"$f":"IFERROR(VLOOKUP(C6035,参数!$B:$H,2,0),\"\")","v":""},{"$f":"IFERROR(VLOOKUP(C6035,参数!$B:$H,4,0),\"\")","v":""},{"$f":"IFERROR(VLOOKUP(C6035,参数!B:H,3,FALSE),\"\")","v":""},"",1]
[6035,{"$nulls":6},{"$f":"IFERROR(VLOOKUP(C6036,参数!$B:$H,2,0),\"\")","v":""},{"$f":"IFERROR(VLOOKUP(C6036,参数!$B:$H,4,0),\"\")","v":""},{"$f":"IFERROR(VLOOKUP(C6036,参数!B:H,3,FALSE),\"\")","v":""},"",1]
[6036,{"$nulls":6},{"$f":"IFERROR(VLOOKUP(C6037,参数!$B:$H,2,0),\"\")","v":""},{"$f":"IFERROR(VLOOKUP(C6037,参数!$B:$H,4,0),\"\")","v":""},{"$f":"IFERROR(VLOOKUP(C6037,参数!B:H,3,FALSE),\"\")","v":""},"",1]
[6037,{"$nulls":6},{"$f":"IFERROR(VLOOKUP(C6038,参数!$B:$H,2,0),\"\")","v":""},{"$f":"IFERROR(VLOOKUP(C6038,参数!$B:$H,4,0),\"\")","v":""},{"$f":"IFERROR(VLOOKUP(C6038,参数!B:H,3,FALSE),\"\")","v":""},"",1]
[6038,{"$nulls":6},{"$f":"IFERROR(VLOOKUP(C6039,参数!$B:$H,2,0),\"\")","v":""},{"$f":"IFERROR(VLOOKUP(C6039,参数!$B:$H,4,0),\"\")","v":""},{"$f":"IFERROR(VLOOKUP(C6039,参数!B:H,3,FALSE),\"\")","v":""},"",1]
[6039,{"$nulls":6},{"$f":"IFERROR(VLOOKUP(C6040,参数!$B:$H,2,0),\"\")","v":""},{"$f":"IFERROR(VLOOKUP(C6040,参数!$B:$H,4,0),\"\")","v":""},{"$f":"IFERROR(VLOOKUP(C6040,参数!B:H,3,FALSE),\"\")","v":""},"",1]
[6040,{"$nulls":6},{"$f":"IFERROR(VLOOKUP(C6041,参数!$B:$H,2,0),\"\")","v":""},{"$f":"IFERROR(VLOOKUP(C6041,参数!$B:$H,4,0),\"\")","v":""},{"$f":"IFERROR(VLOOKUP(C6041,参数!B:H,3,FALSE),\"\")","v":""},"",1]
[6041,{"$nulls":6},{"$f":"IFERROR(VLOOKUP(C6042,参数!$B:$H,2,0),\"\")","v":""},{"$f":"IFERROR(VLOOKUP(C6042,参数!$B:$H,4,0),\"\")","v":""},{"$f":"IFERROR(VLOOKUP(C6042,参数!B:H,3,FALSE),\"\")","v":""},"",1]
[6042,{"$nulls":6},{"$f":"IFERROR(VLOOKUP(C6043,参数!$B:$H,2,0),\"\")","v":""},{"$f":"IFERROR(VLOOKUP(C6043,参数!$B:$H,4,0),\"\")","v":""},{"$f":"IFERROR(VLOOKUP(C6043,参数!B:H,3,FALSE),\"\")","v":""},"",1]
[6043,{"$nulls":6},{"$f":"IFERROR(VLOOKUP(C6044,参数!$B:$H,2,0),\"\")","v":""},{"$f":"IFERROR(VLOOKUP(C6044,参数!$B:$H,4,0),\"\")","v":""},{"$f":"IFERROR(VLOOKUP(C6044,参数!B:H,3,FALSE),\"\")","v":""},"",1]
[6044,{"$nulls":6},{"$f":"IFERROR(VLOOKUP(C6045,参数!$B:$H,2,0),\"\")","v":""},{"$f":"IFERROR(VLOOKUP(C6045,参数!$B:$H,4,0),\"\")","v":""},{"$f":"IFERROR(VLOOKUP(C6045,参数!B:H,3,FALSE),\"\")","v":""},"",1]
[6045,{"$nulls":6},{"$f":"IFERROR(VLOOKUP(C6046,参数!$B:$H,2,0),\"\")","v":""},{"$f":"IFERROR(VLOOKUP(C6046,参数!$B:$H,4,0),\"\")","v":""},{"$f":"IFERROR(VLOOKUP(C6046,参数!B:H,3,FALSE),\"\")","v":""},"",1]
[6046,{"$nulls":6},{"$f":"IFERROR(VLOOKUP(C6047,参数!$B:$H,2,0),\"\")","v":""},{"$f":"IFERROR(VLOOKUP(C6047,参数!$B:$H,4,0),\"\")","v":""},{"$f":"IFERROR(VLOOKUP(C6047,参数!B:H,3,FALSE),\"\")","v":""},"",1]
[6047,{"$nulls":6},{"$f":"IFERROR(VLOOKUP(C6048,参数!$B:$H,2,0),\"\")","v":""},{"$f":"IFERROR(VLOOKUP(C6048,参数!$B:$H,4,0),\"\")","v":""},{"$f":"IFERROR(VLOOKUP(C6048,参数!B:H,3,FALSE),\"\")","v":""},"",1]
[6048,{"$nulls":6},{"$f":"IFERROR(VLOOKUP(C6049,参数!$B:$H,2,0),\"\")","v":""},{"$f":"IFERROR(VLOOKUP(C6049,参数!$B:$H,4,0),\"\")","v":""},{"$f":"IFERROR(VLOOKUP(C6049,参数!B:H,3,FALSE),\"\")","v":""},"",1]
[6049,{"$nulls":6},{"$f":"IFERROR(VLOOKUP(C6050,参数!$B:$H,2,0),\"\")","v":""},{"$f":"IFERROR(VLOOKUP(C6050,参数!$B:$H,4,0),\"\")","v":""},{"$f":"IFERROR(VLOOKUP(C6050,参数!B:H,3,FALSE),\"\")","v":""},"",1]
[6050,{"$nulls":6},{"$f":"IFERROR(VLOOKUP(C6051,参数!$B:$H,2,0),\"\")","v":""},{"$f":"IFERROR(VLOOKUP(C6051,参数!$B:$H,4,0),\"\")","v":""},{"$f":"IFERROR(VLOOKUP(C6051,参数!B:H,3,FALSE),\"\")","v":""},"",1]
[6051,{"$nulls":6},{"$f":"IFERROR(VLOOKUP(C6052,参数!$B:$H,2,0),\"\")","v":""},{"$f":"IFERROR(VLOOKUP(C6052,参数!$B:$H,4,0),\"\")","v":""},{"$f":"IFERROR(VLOOKUP(C6052,参数!B:H,3,FALSE),\"\")","v":""},"",1]
[6052,{"$nulls":6},{"$f":"IFERROR(VLOOKUP(C6053,参数!$B:$H,2,0),\"\")","v":""},{"$f":"IFERROR(VLOOKUP(C6053,参数!$B:$H,4,0),\"\")","v":""},{"$f":"IFERROR(VLOOKUP(C6053,参数!B:H,3,FALSE),\"\")","v":""},{"$f":"IFERROR(J6053*E6053,\"\")","v":""},1]
[6053,{"$nulls":6},{"$f":"IFERROR(VLOOKUP(C6054,参数!$B:$H,2,0),\"\")","v":""},{"$f":"IFERROR(VLOOKUP(C6054,参数!$B:$H,4,0),\"\")","v":""},{"$f":"IFERROR(VLOOKUP(C6054,参数!B:H,3,FALSE),\"\")","v":""},"",1]
[6054,{"$nulls":6},{"$f":"IFERROR(VLOOKUP(C6055,参数!$B:$H,2,0),\"\")","v":""},{"$f":"IFERROR(VLOOKUP(C6055,参数!$B:$H,4,0),\"\")","v":""},{"$f":"IFERROR(VLOOKUP(C6055,参数!B:H,3,FALSE),\"\")","v":""},"",1]
[6055,{"$nulls":6},{"$f":"IFERROR(VLOOKUP(C6056,参数!$B:$H,2,0),\"\")","v":""},{"$f":"IFERROR(VLOOKUP(C6056,参数!$B:$H,4,0),\"\")","v":""},{"$f":"IFERROR(VLOOKUP(C6056,参数!B:H,3,FALSE),\"\")","v":""},"",1]
[6056,{"$nulls":6},{"$f":"IFERROR(VLOOKUP(C6057,参数!$B:$H,2,0),\"\")","v":""},{"$f":"IFERROR(VLOOKUP(C6057,参数!$B:$H,4,0),\"\")","v":""},{"$f":"IFERROR(VLOOKUP(C6057,参数!B:H,3,FALSE),\"\")","v":""},"",1]
[6057,{"$nulls":6},{"$f":"IFERROR(VLOOKUP(C6058,参数!$B:$H,2,0),\"\")","v":""},{"$f":"IFERROR(VLOOKUP(C6058,参数!$B:$H,4,0),\"\")","v":""},{"$f":"IFERROR(VLOOKUP(C6058,参数!B:H,3,FALSE),\"\")","v":""},"",1]
[6058,{"$nulls":6},{"$f":"IFERROR(VLOOKUP(C6059,参数!$B:$H,2,0),\"\")","v":""},{"$f":"IFERROR(VLOOKUP(C6059,参数!$B:$H,4,0),\"\")","v":""},{"$f":"IFERROR(VLOOKUP(C6059,参数!B:H,3,FALSE),\"\")","v":""},"",1]
[6059,{"$nulls":6},{"$f":"IFERROR(VLOOKUP(C6060,参数!$B:$H,2,0),\"\")","v":""},{"$f":"IFERROR(VLOOKUP(C6060,参数!$B:$H,4,0),\"\")","v":""},{"$f":"IFERROR(VLOOKUP(C6060,参数!B:H,3,FALSE),\"\")","v":""},"",1]
[6060,{"$nulls":6},{"$f":"IFERROR(VLOOKUP(C6061,参数!$B:$H,2,0),\"\")","v":""},{"$f":"IFERROR(VLOOKUP(C6061,参数!$B:$H,4,0),\"\")","v":""},{"$f":"IFERROR(VLOOKUP(C6061,参数!B:H,3,FALSE),\"\")","v":""},"",1]
[6061,{"$nulls":6},{"$f":"IFERROR(VLOOKUP(C6062,参数!$B:$H,2,0),\"\")","v":""},{"$f":"IFERROR(VLOOKUP(C6062,参数!$B:$H,4,0),\"\")","v":""},{"$f":"IFERROR(VLOOKUP(C6062,参数!B:H,3,FALSE),\"\")","v":""},"",1]
[6062,{"$nulls":6},{"$f":"IFERROR(VLOOKUP(C6063,参数!$B:$H,2,0),\"\")","v":""},{"$f":"IFERROR(VLOOKUP(C6063,参数!$B:$H,4,0),\"\")","v":""},{"$f":"IFERROR(VLOOKUP(C6063,参数!B:H,3,FALSE),\"\")","v":""},"",1]
[6063,{"$nulls":6},{"$f":"IFERROR(VLOOKUP(C6064,参数!$B:$H,2,0),\"\")","v":""},{"$f":"IFERROR(VLOOKUP(C6064,参数!$B:$H,4,0),\"\")","v":""},{"$f":"IFERROR(VLOOKUP(C6064,参数!B:H,3,FALSE),\"\")","v":""},"",1]
[6064,{"$nulls":6},{"$f":"IFERROR(VLOOKUP(C6065,参数!$B:$H,2,0),\"\")","v":""},{"$f":"IFERROR(VLOOKUP(C6065,参数!$B:$H,4,0),\"\")","v":""},{"$f":"IFERROR(VLOOKUP(C6065,参数!B:H,3,FALSE),\"\")","v":""},"",1]
[6065,{"$nulls":6},{"$f":"IFERROR(VLOOKUP(C6066,参数!$B:$H,2,0),\"\")","v":""},{"$f":"IFERROR(VLOOKUP(C6066,参数!$B:$H,4,0),\"\")","v":""},{"$f":"IFERROR(VLOOKUP(C6066,参数!B:H,3,FALSE),\"\")","v":""},"",1]
[6066,{"$nulls":6},{"$f":"IFERROR(VLOOKUP(C6067,参数!$B:$H,2,0),\"\")","v":""},{"$f":"IFERROR(VLOOKUP(C6067,参数!$B:$H,4,0),\"\")","v":""},{"$f":"IFERROR(VLOOKUP(C6067,参数!B:H,3,FALSE),\"\")","v":""},"",1]
[6067,{"$nulls":6},{"$f":"IFERROR(VLOOKUP(C6068,参数!$B:$H,2,0),\"\")","v":""},{"$f":"IFERROR(VLOOKUP(C6068,参数!$B:$H,4,0),\"\")","v":""},{"$f":"IFERROR(VLOOKUP(C6068,参数!B:H,3,FALSE),\"\")","v":""},"",1]
[6068,{"$nulls":6},{"$f":"IFERROR(VLOOKUP(C6069,参数!$B:$H,2,0),\"\")","v":""},{"$f":"IFERROR(VLOOKUP(C6069,参数!$B:$H,4,0),\"\")","v":""},{"$f":"IFERROR(VLOOKUP(C6069,参数!B:H,3,FALSE),\"\")","v":""},"",1]
[6069,{"$nulls":6},{"$f":"IFERROR(VLOOKUP(C6070,参数!$B:$H,2,0),\"\")","v":""},{"$f":"IFERROR(VLOOKUP(C6070,参数!$B:$H,4,0),\"\")","v":""},{"$f":"IFERROR(VLOOKUP(C6070,参数!B:H,3,FALSE),\"\")","v":""},"",1]
[6070,{"$nulls":6},{"$f":"IFERROR(VLOOKUP(C6071,参数!$B:$H,2,0),\"\")","v":""},{"$f":"IFERROR(VLOOKUP(C6071,参数!$B:$H,4,0),\"\")","v":""},{"$f":"IFERROR(VLOOKUP(C6071,参数!B:H,3,FALSE),\"\")","v":""},"",1]
[6071,{"$nulls":6},{"$f":"IFERROR(VLOOKUP(C6072,参数!$B:$H,2,0),\"\")","v":""},{"$f":"IFERROR(VLOOKUP(C6072,参数!$B:$H,4,0),\"\")","v":""},{"$f":"IFERROR(VLOOKUP(C6072,参数!B:H,3,FALSE),\"\")","v":""},"",1]
[6072,{"$nulls":6},{"$f":"IFERROR(VLOOKUP(C6073,参数!$B:$H,2,0),\"\")","v":""},{"$f":"IFERROR(VLOOKUP(C6073,参数!$B:$H,4,0),\"\")","v":""},{"$f":"IFERROR(VLOOKUP(C6073,参数!B:H,3,FALSE),\"\")","v":""},"",1]
[6073,{"$nulls":6},{"$f":"IFERROR(VLOOKUP(C6074,参数!$B:$H,2,0),\"\")","v":""},{"$f":"IFERROR(VLOOKUP(C6074,参数!$B:$H,4,0),\"\")","v":""},{"$f":"IFERROR(VLOOKUP(C6074,参数!B:H,3,FALSE),\"\")","v":""},"",1]
[6074,{"$nulls":6},{"$f":"IFERROR(VLOOKUP(C6075,参数!$B:$H,2,0),\"\")","v":""},{"$f":"IFERROR(VLOOKUP(C6075,参数!$B:$H,4,0),\"\")","v":""},{"$f":"IFERROR(VLOOKUP(C6075,参数!B:H,3,FALSE),\"\")","v":""},"",1]
[6075,{"$nulls":6},{"$f":"IFERROR(VLOOKUP(C6076,参数!$B:$H,2,0),\"\")","v":""},{"$f":"IFERROR(VLOOKUP(C6076,参数!$B:$H,4,0),\"\")","v":""},{"$f":"IFERROR(VLOOKUP(C6076,参数!B:H,3,FALSE),\"\")","v":""},"",1]
[6076,{"$nulls":6},{"$f":"IFERROR(VLOOKUP(C6077,参数!$B:$H,2,0),\"\")","v":""},{"$f":"IFERROR(VLOOKUP(C6077,参数!$B:$H,4,0),\"\")","v":""},{"$f":"IFERROR(VLOOKUP(C6077,参数!B:H,3,FALSE),\"\")","v":""},"",1]
[6077,{"$nulls":6},{"$f":"IFERROR(VLOOKUP(C6078,参数!$B:$H,2,0),\"\")","v":""},{"$f":"IFERROR(VLOOKUP(C6078,参数!$B:$H,4,0),\"\")","v":""},{"$f":"IFERROR(VLOOKUP(C6078,参数!B:H,3,FALSE),\"\")","v":""},"",1]
[6078,{"$nulls":6},{"$f":"IFERROR(VLOOKUP(C6079,参数!$B:$H,2,0),\"\")","v":""},{"$f":"IFERROR(VLOOKUP(C6079,参数!$B:$H,4,0),\"\")","v":""},{"$f":"IFERROR(VLOOKUP(C6079,参数!B:H,3,FALSE),\"\")","v":""},"",1]
[6079,{"$nulls":6},{"$f":"IFERROR(VLOOKUP(C6080,参数!$B:$H,2,0),\"\")","v":""},{"$f":"IFERROR(VLOOKUP(C6080,参数!$B:$H,4,0),\"\")","v":""},{"$f":"IFERROR(VLOOKUP(C6080,参数!B:H,3,FALSE),\"\")","v":""},"",1]
[6080,{"$nulls":6},{"$f":"IFERROR(VLOOKUP(C6081,参数!$B:$H,2,0),\"\")","v":""},{"$f":"IFERROR(VLOOKUP(C6081,参数!$B:$H,4,0),\"\")","v":""},{"$f":"IFERROR(VLOOKUP(C6081,参数!B:H,3,FALSE),\"\")","v":""},"",1]
[6081,{"$nulls":6},{"$f":"IFERROR(VLOOKUP(C6082,参数!$B:$H,2,0),\"\")","v":""},{"$f":"IFERROR(VLOOKUP(C6082,参数!$B:$H,4,0),\"\")","v":""},{"$f":"IFERROR(VLOOKUP(C6082,参数!B:H,3,FALSE),\"\")","v":""},"",{"$f":"VALUE(MONTH(B6082))","v":1}]
[6082,{"$nulls":6},{"$f":"IFERROR(VLOOKUP(C6083,参数!$B:$H,2,0),\"\")","v":""},{"$f":"IFERROR(VLOOKUP(C6083,参数!$B:$H,4,0),\"\")","v":""},{"$f":"IFERROR(VLOOKUP(C6083,参数!B:H,3,FALSE),\"\")","v":""},"",1]
[6083,{"$nulls":6},{"$f":"IFERROR(VLOOKUP(C6084,参数!$B:$H,2,0),\"\")","v":""},{"$f":"IFERROR(VLOOKUP(C6084,参数!$B:$H,4,0),\"\")","v":""},{"$f":"IFERROR(VLOOKUP(C6084,参数!B:H,3,FALSE),\"\")","v":""},"",1]
[6084,{"$nulls":6},{"$f":"IFERROR(VLOOKUP(C6085,参数!$B:$H,2,0),\"\")","v":""},{"$f":"IFERROR(VLOOKUP(C6085,参数!$B:$H,4,0),\"\")","v":""},{"$f":"IFERROR(VLOOKUP(C6085,参数!B:H,3,FALSE),\"\")","v":""},"",1]
[6085,{"$nulls":6},{"$f":"IFERROR(VLOOKUP(C6086,参数!$B:$H,2,0),\"\")","v":""},{"$f":"IFERROR(VLOOKUP(C6086,参数!$B:$H,4,0),\"\")","v":""},{"$f":"IFERROR(VLOOKUP(C6086,参数!B:H,3,FALSE),\"\")","v":""},"",1]
[6086,{"$nulls":6},{"$f":"IFERROR(VLOOKUP(C6087,参数!$B:$H,2,0),\"\")","v":""},{"$f":"IFERROR(VLOOKUP(C6087,参数!$B:$H,4,0),\"\")","v":""},{"$f":"IFERROR(VLOOKUP(C6087,参数!B:H,3,FALSE),\"\")","v":""},"",1]
[6087,{"$nulls":6},{"$f":"IFERROR(VLOOKUP(C6088,参数!$B:$H,2,0),\"\")","v":""},{"$f":"IFERROR(VLOOKUP(C6088,参数!$B:$H,4,0),\"\")","v":""},{"$f":"IFERROR(VLOOKUP(C6088,参数!B:H,3,FALSE),\"\")","v":""},"",1]
[6088,{"$nulls":6},{"$f":"IFERROR(VLOOKUP(C6089,参数!$B:$H,2,0),\"\")","v":""},{"$f":"IFERROR(VLOOKUP(C6089,参数!$B:$H,4,0),\"\")","v":""},{"$f":"IFERROR(VLOOKUP(C6089,参数!B:H,3,FALSE),\"\")","v":""},"",1]
[6089,{"$nulls":6},{"$f":"IFERROR(VLOOKUP(C6090,参数!$B:$H,2,0),\"\")","v":""},{"$f":"IFERROR(VLOOKUP(C6090,参数!$B:$H,4,0),\"\")","v":""},{"$f":"IFERROR(VLOOKUP(C6090,参数!B:H,3,FALSE),\"\")","v":""},"",1]
[6090,{"$nulls":6},{"$f":"IFERROR(VLOOKUP(C6091,参数!$B:$H,2,0),\"\")","v":""},{"$f":"IFERROR(VLOOKUP(C6091,参数!$B:$H,4,0),\"\")","v":""},{"$f":"IFERROR(VLOOKUP(C6091,参数!B:H,3,FALSE),\"\")","v":""},"",1]
[6091,{"$nulls":6},{"$f":"IFERROR(VLOOKUP(C6092,参数!$B:$H,2,0),\"\")","v":""},{"$f":"IFERROR(VLOOKUP(C6092,参数!$B:$H,4,0),\"\")","v":""},{"$f":"IFERROR(VLOOKUP(C6092,参数!B:H,3,FALSE),\"\")","v":""},"",1]
[6092,{"$nulls":6},{"$f":"IFERROR(VLOOKUP(C6093,参数!$B:$H,2,0),\"\")","v":""},{"$f":"IFERROR(VLOOKUP(C6093,参数!$B:$H,4,0),\"\")","v":""},{"$f":"IFERROR(VLOOKUP(C6093,参数!B:H,3,FALSE),\"\")","v":""},"",1]
[6093,{"$nulls":6},{"$f":"IFERROR(VLOOKUP(C6094,参数!$B:$H,2,0),\"\")","v":""},{"$f":"IFERROR(VLOOKUP(C6094,参数!$B:$H,4,0),\"\")","v":""},{"$f":"IFERROR(VLOOKUP(C6094,参数!B:H,3,FALSE),\"\")","v":""},"",1]
[6094,{"$nulls":6},{"$f":"IFERROR(VLOOKUP(C6095,参数!$B:$H,2,0),\"\")","v":""},{"$f":"IFERROR(VLOOKUP(C6095,参数!$B:$H,4,0),\"\")","v":""},{"$f":"IFERROR(VLOOKUP(C6095,参数!B:H,3,FALSE),\"\")","v":""},"",1]
[6095,{"$nulls":6},{"$f":"IFERROR(VLOOKUP(C6096,参数!$B:$H,2,0),\"\")","v":""},{"$f":"IFERROR(VLOOKUP(C6096,参数!$B:$H,4,0),\"\")","v":""},{"$f":"IFERROR(VLOOKUP(C6096,参数!B:H,3,FALSE),\"\")","v":""},"",1]
[6096,{"$nulls":6},{"$f":"IFERROR(VLOOKUP(C6097,参数!$B:$H,2,0),\"\")","v":""},{"$f":"IFERROR(VLOOKUP(C6097,参数!$B:$H,4,0),\"\")","v":""},{"$f":"IFERROR(VLOOKUP(C6097,参数!B:H,3,FALSE),\"\")","v":""},"",1]
[6097,{"$nulls":6},{"$f":"IFERROR(VLOOKUP(C6098,参数!$B:$H,2,0),\"\")","v":""},{"$f":"IFERROR(VLOOKUP(C6098,参数!$B:$H,4,0),\"\")","v":""},{"$f":"IFERROR(VLOOKUP(C6098,参数!B:H,3,FALSE),\"\")","v":""},"",1]
[6098,{"$nulls":6},{"$f":"IFERROR(VLOOKUP(C6099,参数!$B:$H,2,0),\"\")","v":""},{"$f":"IFERROR(VLOOKUP(C6099,参数!$B:$H,4,0),\"\")","v":""},{"$f":"IFERROR(VLOOKUP(C6099,参数!B:H,3,FALSE),\"\")","v":""},"",1]
[6099,{"$nulls":6},{"$f":"IFERROR(VLOOKUP(C6100,参数!$B:$H,2,0),\"\")","v":""},{"$f":"IFERROR(VLOOKUP(C6100,参数!$B:$H,4,0),\"\")","v":""},{"$f":"IFERROR(VLOOKUP(C6100,参数!B:H,3,FALSE),\"\")","v":""},"",1]
[6100,{"$nulls":6},{"$f":"IFERROR(VLOOKUP(C6101,参数!$B:$H,2,0),\"\")","v":""},{"$f":"IFERROR(VLOOKUP(C6101,参数!$B:$H,4,0),\"\")","v":""},{"$f":"IFERROR(VLOOKUP(C6101,参数!B:H,3,FALSE),\"\")","v":""},"",1]
[6101,{"$nulls":6},{"$f":"IFERROR(VLOOKUP(C6102,参数!$B:$H,2,0),\"\")","v":""},{"$f":"IFERROR(VLOOKUP(C6102,参数!$B:$H,4,0),\"\")","v":""},{"$f":"IFERROR(VLOOKUP(C6102,参数!B:H,3,FALSE),\"\")","v":""},"",1]
[6102,{"$nulls":6},{"$f":"IFERROR(VLOOKUP(C6103,参数!$B:$H,2,0),\"\")","v":""},{"$f":"IFERROR(VLOOKUP(C6103,参数!$B:$H,4,0),\"\")","v":""},{"$f":"IFERROR(VLOOKUP(C6103,参数!B:H,3,FALSE),\"\")","v":""},"",1]
[6103,{"$nulls":6},{"$f":"IFERROR(VLOOKUP(C6104,参数!$B:$H,2,0),\"\")","v":""},{"$f":"IFERROR(VLOOKUP(C6104,参数!$B:$H,4,0),\"\")","v":""},{"$f":"IFERROR(VLOOKUP(C6104,参数!B:H,3,FALSE),\"\")","v":""},"",1]
[6104,{"$nulls":6},{"$f":"IFERROR(VLOOKUP(C6105,参数!$B:$H,2,0),\"\")","v":""},{"$f":"IFERROR(VLOOKUP(C6105,参数!$B:$H,4,0),\"\")","v":""},{"$f":"IFERROR(VLOOKUP(C6105,参数!B:H,3,FALSE),\"\")","v":""},"",1]
[6105,{"$nulls":6},{"$f":"IFERROR(VLOOKUP(C6106,参数!$B:$H,2,0),\"\")","v":""},{"$f":"IFERROR(VLOOKUP(C6106,参数!$B:$H,4,0),\"\")","v":""},{"$f":"IFERROR(VLOOKUP(C6106,参数!B:H,3,FALSE),\"\")","v":""},"",1]
[6106,{"$nulls":6},{"$f":"IFERROR(VLOOKUP(C6107,参数!$B:$H,2,0),\"\")","v":""},{"$f":"IFERROR(VLOOKUP(C6107,参数!$B:$H,4,0),\"\")","v":""},{"$f":"IFERROR(VLOOKUP(C6107,参数!B:H,3,FALSE),\"\")","v":""},"",1]
[6107,{"$nulls":6},{"$f":"IFERROR(VLOOKUP(C6108,参数!$B:$H,2,0),\"\")","v":""},{"$f":"IFERROR(VLOOKUP(C6108,参数!$B:$H,4,0),\"\")","v":""},{"$f":"IFERROR(VLOOKUP(C6108,参数!B:H,3,FALSE),\"\")","v":""},"",1]
[6108,{"$nulls":6},{"$f":"IFERROR(VLOOKUP(C6109,参数!$B:$H,2,0),\"\")","v":""},{"$f":"IFERROR(VLOOKUP(C6109,参数!$B:$H,4,0),\"\")","v":""},{"$f":"IFERROR(VLOOKUP(C6109,参数!B:H,3,FALSE),\"\")","v":""},"",1]
[6109,{"$nulls":6},{"$f":"IFERROR(VLOOKUP(C6110,参数!$B:$H,2,0),\"\")","v":""},{"$f":"IFERROR(VLOOKUP(C6110,参数!$B:$H,4,0),\"\")","v":""},{"$f":"IFERROR(VLOOKUP(C6110,参数!B:H,3,FALSE),\"\")","v":""},"",1]
[6110,{"$nulls":6},{"$f":"IFERROR(VLOOKUP(C6111,参数!$B:$H,2,0),\"\")","v":""},{"$f":"IFERROR(VLOOKUP(C6111,参数!$B:$H,4,0),\"\")","v":""},{"$f":"IFERROR(VLOOKUP(C6111,参数!B:H,3,FALSE),\"\")","v":""},"",1]
[6111,{"$nulls":6},{"$f":"IFERROR(VLOOKUP(C6112,参数!$B:$H,2,0),\"\")","v":""},{"$f":"IFERROR(VLOOKUP(C6112,参数!$B:$H,4,0),\"\")","v":""},{"$f":"IFERROR(VLOOKUP(C6112,参数!B:H,3,FALSE),\"\")","v":""},"",1]
[6112,{"$nulls":6},{"$f":"IFERROR(VLOOKUP(C6113,参数!$B:$H,2,0),\"\")","v":""},{"$f":"IFERROR(VLOOKUP(C6113,参数!$B:$H,4,0),\"\")","v":""},{"$f":"IFERROR(VLOOKUP(C6113,参数!B:H,3,FALSE),\"\")","v":""},"",1]
[6113,{"$nulls":6},{"$f":"IFERROR(VLOOKUP(C6114,参数!$B:$H,2,0),\"\")","v":""},{"$f":"IFERROR(VLOOKUP(C6114,参数!$B:$H,4,0),\"\")","v":""},{"$f":"IFERROR(VLOOKUP(C6114,参数!B:H,3,FALSE),\"\")","v":""},"",1]
[6114,{"$nulls":6},{"$f":"IFERROR(VLOOKUP(C6115,参数!$B:$H,2,0),\"\")","v":""},{"$f":"IFERROR(VLOOKUP(C6115,参数!$B:$H,4,0),\"\")","v":""},{"$f":"IFERROR(VLOOKUP(C6115,参数!B:H,3,FALSE),\"\")","v":""},"",1]
[6115,{"$nulls":6},{"$f":"IFERROR(VLOOKUP(C6116,参数!$B:$H,2,0),\"\")","v":""},{"$f":"IFERROR(VLOOKUP(C6116,参数!$B:$H,4,0),\"\")","v":""},{"$f":"IFERROR(VLOOKUP(C6116,参数!B:H,3,FALSE),\"\")","v":""},"",1]
[6116,{"$nulls":6},{"$f":"IFERROR(VLOOKUP(C6117,参数!$B:$H,2,0),\"\")","v":""},{"$f":"IFERROR(VLOOKUP(C6117,参数!$B:$H,4,0),\"\")","v":""},{"$f":"IFERROR(VLOOKUP(C6117,参数!B:H,3,FALSE),\"\")","v":""},{"$f":"IFERROR(J6117*E6117,\"\")","v":""},1]
[6117,{"$nulls":6},{"$f":"IFERROR(VLOOKUP(C6118,参数!$B:$H,2,0),\"\")","v":""},{"$f":"IFERROR(VLOOKUP(C6118,参数!$B:$H,4,0),\"\")","v":""},{"$f":"IFERROR(VLOOKUP(C6118,参数!B:H,3,FALSE),\"\")","v":""},"",1]
[6118,{"$nulls":6},{"$f":"IFERROR(VLOOKUP(C6119,参数!$B:$H,2,0),\"\")","v":""},{"$f":"IFERROR(VLOOKUP(C6119,参数!$B:$H,4,0),\"\")","v":""},{"$f":"IFERROR(VLOOKUP(C6119,参数!B:H,3,FALSE),\"\")","v":""},"",1]
[6119,{"$nulls":6},{"$f":"IFERROR(VLOOKUP(C6120,参数!$B:$H,2,0),\"\")","v":""},{"$f":"IFERROR(VLOOKUP(C6120,参数!$B:$H,4,0),\"\")","v":""},{"$f":"IFERROR(VLOOKUP(C6120,参数!B:H,3,FALSE),\"\")","v":""},"",1]
[6120,{"$nulls":6},{"$f":"IFERROR(VLOOKUP(C6121,参数!$B:$H,2,0),\"\")","v":""},{"$f":"IFERROR(VLOOKUP(C6121,参数!$B:$H,4,0),\"\")","v":""},{"$f":"IFERROR(VLOOKUP(C6121,参数!B:H,3,FALSE),\"\")","v":""},"",1]
[6121,{"$nulls":6},{"$f":"IFERROR(VLOOKUP(C6122,参数!$B:$H,2,0),\"\")","v":""},{"$f":"IFERROR(VLOOKUP(C6122,参数!$B:$H,4,0),\"\")","v":""},{"$f":"IFERROR(VLOOKUP(C6122,参数!B:H,3,FALSE),\"\")","v":""},"",1]
[6122,{"$nulls":6},{"$f":"IFERROR(VLOOKUP(C6123,参数!$B:$H,2,0),\"\")","v":""},{"$f":"IFERROR(VLOOKUP(C6123,参数!$B:$H,4,0),\"\")","v":""},{"$f":"IFERROR(VLOOKUP(C6123,参数!B:H,3,FALSE),\"\")","v":""},"",1]
[6123,{"$nulls":6},{"$f":"IFERROR(VLOOKUP(C6124,参数!$B:$H,2,0),\"\")","v":""},{"$f":"IFERROR(VLOOKUP(C6124,参数!$B:$H,4,0),\"\")","v":""},{"$f":"IFERROR(VLOOKUP(C6124,参数!B:H,3,FALSE),\"\")","v":""},"",1]
[6124,{"$nulls":6},{"$f":"IFERROR(VLOOKUP(C6125,参数!$B:$H,2,0),\"\")","v":""},{"$f":"IFERROR(VLOOKUP(C6125,参数!$B:$H,4,0),\"\")","v":""},{"$f":"IFERROR(VLOOKUP(C6125,参数!B:H,3,FALSE),\"\")","v":""},"",1]
[6125,{"$nulls":6},{"$f":"IFERROR(VLOOKUP(C6126,参数!$B:$H,2,0),\"\")","v":""},{"$f":"IFERROR(VLOOKUP(C6126,参数!$B:$H,4,0),\"\")","v":""},{"$f":"IFERROR(VLOOKUP(C6126,参数!B:H,3,FALSE),\"\")","v":""},"",1]
[6126,{"$nulls":6},{"$f":"IFERROR(VLOOKUP(C6127,参数!$B:$H,2,0),\"\")","v":""},{"$f":"IFERROR(VLOOKUP(C6127,参数!$B:$H,4,0),\"\")","v":""},{"$f":"IFERROR(VLOOKUP(C6127,参数!B:H,3,FALSE),\"\")","v":""},"",1]
[6127,{"$nulls":6},{"$f":"IFERROR(VLOOKUP(C6128,参数!$B:$H,2,0),\"\")","v":""},{"$f":"IFERROR(VLOOKUP(C6128,参数!$B:$H,4,0),\"\")","v":""},{"$f":"IFERROR(VLOOKUP(C6128,参数!B:H,3,FALSE),\"\")","v":""},"",1]
[6128,{"$nulls":6},{"$f":"IFERROR(VLOOKUP(C6129,参数!$B:$H,2,0),\"\")","v":""},{"$f":"IFERROR(VLOOKUP(C6129,参数!$B:$H,4,0),\"\")","v":""},{"$f":"IFERROR(VLOOKUP(C6129,参数!B:H,3,FALSE),\"\")","v":""},"",1]
[6129,{"$nulls":6},{"$f":"IFERROR(VLOOKUP(C6130,参数!$B:$H,2,0),\"\")","v":""},{"$f":"IFERROR(VLOOKUP(C6130,参数!$B:$H,4,0),\"\")","v":""},{"$f":"IFERROR(VLOOKUP(C6130,参数!B:H,3,FALSE),\"\")","v":""},"",1]
[6130,{"$nulls":6},{"$f":"IFERROR(VLOOKUP(C6131,参数!$B:$H,2,0),\"\")","v":""},{"$f":"IFERROR(VLOOKUP(C6131,参数!$B:$H,4,0),\"\")","v":""},{"$f":"IFERROR(VLOOKUP(C6131,参数!B:H,3,FALSE),\"\")","v":""},"",1]
[6131,{"$nulls":6},{"$f":"IFERROR(VLOOKUP(C6132,参数!$B:$H,2,0),\"\")","v":""},{"$f":"IFERROR(VLOOKUP(C6132,参数!$B:$H,4,0),\"\")","v":""},{"$f":"IFERROR(VLOOKUP(C6132,参数!B:H,3,FALSE),\"\")","v":""},"",1]
[6132,{"$nulls":6},{"$f":"IFERROR(VLOOKUP(C6133,参数!$B:$H,2,0),\"\")","v":""},{"$f":"IFERROR(VLOOKUP(C6133,参数!$B:$H,4,0),\"\")","v":""},{"$f":"IFERROR(VLOOKUP(C6133,参数!B:H,3,FALSE),\"\")","v":""},"",1]
[6133,{"$nulls":6},{"$f":"IFERROR(VLOOKUP(C6134,参数!$B:$H,2,0),\"\")","v":""},{"$f":"IFERROR(VLOOKUP(C6134,参数!$B:$H,4,0),\"\")","v":""},{"$f":"IFERROR(VLOOKUP(C6134,参数!B:H,3,FALSE),\"\")","v":""},"",1]
[6134,{"$nulls":6},{"$f":"IFERROR(VLOOKUP(C6135,参数!$B:$H,2,0),\"\")","v":""},{"$f":"IFERROR(VLOOKUP(C6135,参数!$B:$H,4,0),\"\")","v":""},{"$f":"IFERROR(VLOOKUP(C6135,参数!B:H,3,FALSE),\"\")","v":""},"",1]
[6135,{"$nulls":6},{"$f":"IFERROR(VLOOKUP(C6136,参数!$B:$H,2,0),\"\")","v":""},{"$f":"IFERROR(VLOOKUP(C6136,参数!$B:$H,4,0),\"\")","v":""},{"$f":"IFERROR(VLOOKUP(C6136,参数!B:H,3,FALSE),\"\")","v":""},"",1]
[6136,{"$nulls":6},{"$f":"IFERROR(VLOOKUP(C6137,参数!$B:$H,2,0),\"\")","v":""},{"$f":"IFERROR(VLOOKUP(C6137,参数!$B:$H,4,0),\"\")","v":""},{"$f":"IFERROR(VLOOKUP(C6137,参数!B:H,3,FALSE),\"\")","v":""},"",1]
[6137,{"$nulls":6},{"$f":"IFERROR(VLOOKUP(C6138,参数!$B:$H,2,0),\"\")","v":""},{"$f":"IFERROR(VLOOKUP(C6138,参数!$B:$H,4,0),\"\")","v":""},{"$f":"IFERROR(VLOOKUP(C6138,参数!B:H,3,FALSE),\"\")","v":""},"",1]
[6138,{"$nulls":6},{"$f":"IFERROR(VLOOKUP(C6139,参数!$B:$H,2,0),\"\")","v":""},{"$f":"IFERROR(VLOOKUP(C6139,参数!$B:$H,4,0),\"\")","v":""},{"$f":"IFERROR(VLOOKUP(C6139,参数!B:H,3,FALSE),\"\")","v":""},"",1]
[6139,{"$nulls":6},{"$f":"IFERROR(VLOOKUP(C6140,参数!$B:$H,2,0),\"\")","v":""},{"$f":"IFERROR(VLOOKUP(C6140,参数!$B:$H,4,0),\"\")","v":""},{"$f":"IFERROR(VLOOKUP(C6140,参数!B:H,3,FALSE),\"\")","v":""},"",1]
[6140,{"$nulls":6},{"$f":"IFERROR(VLOOKUP(C6141,参数!$B:$H,2,0),\"\")","v":""},{"$f":"IFERROR(VLOOKUP(C6141,参数!$B:$H,4,0),\"\")","v":""},{"$f":"IFERROR(VLOOKUP(C6141,参数!B:H,3,FALSE),\"\")","v":""},"",1]
[6141,{"$nulls":6},{"$f":"IFERROR(VLOOKUP(C6142,参数!$B:$H,2,0),\"\")","v":""},{"$f":"IFERROR(VLOOKUP(C6142,参数!$B:$H,4,0),\"\")","v":""},{"$f":"IFERROR(VLOOKUP(C6142,参数!B:H,3,FALSE),\"\")","v":""},"",1]
[6142,{"$nulls":6},{"$f":"IFERROR(VLOOKUP(C6143,参数!$B:$H,2,0),\"\")","v":""},{"$f":"IFERROR(VLOOKUP(C6143,参数!$B:$H,4,0),\"\")","v":""},{"$f":"IFERROR(VLOOKUP(C6143,参数!B:H,3,FALSE),\"\")","v":""},"",1]
[6143,{"$nulls":6},{"$f":"IFERROR(VLOOKUP(C6144,参数!$B:$H,2,0),\"\")","v":""},{"$f":"IFERROR(VLOOKUP(C6144,参数!$B:$H,4,0),\"\")","v":""},{"$f":"IFERROR(VLOOKUP(C6144,参数!B:H,3,FALSE),\"\")","v":""},"",1]
[6144,{"$nulls":6},{"$f":"IFERROR(VLOOKUP(C6145,参数!$B:$H,2,0),\"\")","v":""},{"$f":"IFERROR(VLOOKUP(C6145,参数!$B:$H,4,0),\"\")","v":""},{"$f":"IFERROR(VLOOKUP(C6145,参数!B:H,3,FALSE),\"\")","v":""},"",1]
[6145,{"$nulls":6},{"$f":"IFERROR(VLOOKUP(C6146,参数!$B:$H,2,0),\"\")","v":""},{"$f":"IFERROR(VLOOKUP(C6146,参数!$B:$H,4,0),\"\")","v":""},{"$f":"IFERROR(VLOOKUP(C6146,参数!B:H,3,FALSE),\"\")","v":""},"",{"$f":"VALUE(MONTH(B6146))","v":1}]
[6146,{"$nulls":6},{"$f":"IFERROR(VLOOKUP(C6147,参数!$B:$H,2,0),\"\")","v":""},{"$f":"IFERROR(VLOOKUP(C6147,参数!$B:$H,4,0),\"\")","v":""},{"$f":"IFERROR(VLOOKUP(C6147,参数!B:H,3,FALSE),\"\")","v":""},"",1]
[6147,{"$nulls":6},{"$f":"IFERROR(VLOOKUP(C6148,参数!$B:$H,2,0),\"\")","v":""},{"$f":"IFERROR(VLOOKUP(C6148,参数!$B:$H,4,0),\"\")","v":""},{"$f":"IFERROR(VLOOKUP(C6148,参数!B:H,3,FALSE),\"\")","v":""},"",1]
[6148,{"$nulls":6},{"$f":"IFERROR(VLOOKUP(C6149,参数!$B:$H,2,0),\"\")","v":""},{"$f":"IFERROR(VLOOKUP(C6149,参数!$B:$H,4,0),\"\")","v":""},{"$f":"IFERROR(VLOOKUP(C6149,参数!B:H,3,FALSE),\"\")","v":""},"",1]
[6149,{"$nulls":6},{"$f":"IFERROR(VLOOKUP(C6150,参数!$B:$H,2,0),\"\")","v":""},{"$f":"IFERROR(VLOOKUP(C6150,参数!$B:$H,4,0),\"\")","v":""},{"$f":"IFERROR(VLOOKUP(C6150,参数!B:H,3,FALSE),\"\")","v":""},"",1]
[6150,{"$nulls":6},{"$f":"IFERROR(VLOOKUP(C6151,参数!$B:$H,2,0),\"\")","v":""},{"$f":"IFERROR(VLOOKUP(C6151,参数!$B:$H,4,0),\"\")","v":""},{"$f":"IFERROR(VLOOKUP(C6151,参数!B:H,3,FALSE),\"\")","v":""},"",1]
[6151,{"$nulls":6},{"$f":"IFERROR(VLOOKUP(C6152,参数!$B:$H,2,0),\"\")","v":""},{"$f":"IFERROR(VLOOKUP(C6152,参数!$B:$H,4,0),\"\")","v":""},{"$f":"IFERROR(VLOOKUP(C6152,参数!B:H,3,FALSE),\"\")","v":""},"",1]
[6152,{"$nulls":6},{"$f":"IFERROR(VLOOKUP(C6153,参数!$B:$H,2,0),\"\")","v":""},{"$f":"IFERROR(VLOOKUP(C6153,参数!$B:$H,4,0),\"\")","v":""},{"$f":"IFERROR(VLOOKUP(C6153,参数!B:H,3,FALSE),\"\")","v":""},"",1]
[6153,{"$nulls":6},{"$f":"IFERROR(VLOOKUP(C6154,参数!$B:$H,2,0),\"\")","v":""},{"$f":"IFERROR(VLOOKUP(C6154,参数!$B:$H,4,0),\"\")","v":""},{"$f":"IFERROR(VLOOKUP(C6154,参数!B:H,3,FALSE),\"\")","v":""},"",1]
[6154,{"$nulls":6},{"$f":"IFERROR(VLOOKUP(C6155,参数!$B:$H,2,0),\"\")","v":""},{"$f":"IFERROR(VLOOKUP(C6155,参数!$B:$H,4,0),\"\")","v":""},{"$f":"IFERROR(VLOOKUP(C6155,参数!B:H,3,FALSE),\"\")","v":""},"",1]
[6155,{"$nulls":6},{"$f":"IFERROR(VLOOKUP(C6156,参数!$B:$H,2,0),\"\")","v":""},{"$f":"IFERROR(VLOOKUP(C6156,参数!$B:$H,4,0),\"\")","v":""},{"$f":"IFERROR(VLOOKUP(C6156,参数!B:H,3,FALSE),\"\")","v":""},"",1]
[6156,{"$nulls":6},{"$f":"IFERROR(VLOOKUP(C6157,参数!$B:$H,2,0),\"\")","v":""},{"$f":"IFERROR(VLOOKUP(C6157,参数!$B:$H,4,0),\"\")","v":""},{"$f":"IFERROR(VLOOKUP(C6157,参数!B:H,3,FALSE),\"\")","v":""},"",1]
[6157,{"$nulls":6},{"$f":"IFERROR(VLOOKUP(C6158,参数!$B:$H,2,0),\"\")","v":""},{"$f":"IFERROR(VLOOKUP(C6158,参数!$B:$H,4,0),\"\")","v":""},{"$f":"IFERROR(VLOOKUP(C6158,参数!B:H,3,FALSE),\"\")","v":""},"",1]
[6158,{"$nulls":6},{"$f":"IFERROR(VLOOKUP(C6159,参数!$B:$H,2,0),\"\")","v":""},{"$f":"IFERROR(VLOOKUP(C6159,参数!$B:$H,4,0),\"\")","v":""},{"$f":"IFERROR(VLOOKUP(C6159,参数!B:H,3,FALSE),\"\")","v":""},"",1]
[6159,{"$nulls":6},{"$f":"IFERROR(VLOOKUP(C6160,参数!$B:$H,2,0),\"\")","v":""},{"$f":"IFERROR(VLOOKUP(C6160,参数!$B:$H,4,0),\"\")","v":""},{"$f":"IFERROR(VLOOKUP(C6160,参数!B:H,3,FALSE),\"\")","v":""},"",1]
[6160,{"$nulls":6},{"$f":"IFERROR(VLOOKUP(C6161,参数!$B:$H,2,0),\"\")","v":""},{"$f":"IFERROR(VLOOKUP(C6161,参数!$B:$H,4,0),\"\")","v":""},{"$f":"IFERROR(VLOOKUP(C6161,参数!B:H,3,FALSE),\"\")","v":""},"",1]
[6161,{"$nulls":6},{"$f":"IFERROR(VLOOKUP(C6162,参数!$B:$H,2,0),\"\")","v":""},{"$f":"IFERROR(VLOOKUP(C6162,参数!$B:$H,4,0),\"\")","v":""},{"$f":"IFERROR(VLOOKUP(C6162,参数!B:H,3,FALSE),\"\")","v":""},"",1]
[6162,{"$nulls":6},{"$f":"IFERROR(VLOOKUP(C6163,参数!$B:$H,2,0),\"\")","v":""},{"$f":"IFERROR(VLOOKUP(C6163,参数!$B:$H,4,0),\"\")","v":""},{"$f":"IFERROR(VLOOKUP(C6163,参数!B:H,3,FALSE),\"\")","v":""},"",1]
[6163,{"$nulls":6},{"$f":"IFERROR(VLOOKUP(C6164,参数!$B:$H,2,0),\"\")","v":""},{"$f":"IFERROR(VLOOKUP(C6164,参数!$B:$H,4,0),\"\")","v":""},{"$f":"IFERROR(VLOOKUP(C6164,参数!B:H,3,FALSE),\"\")","v":""},"",1]
[6164,{"$nulls":6},{"$f":"IFERROR(VLOOKUP(C6165,参数!$B:$H,2,0),\"\")","v":""},{"$f":"IFERROR(VLOOKUP(C6165,参数!$B:$H,4,0),\"\")","v":""},{"$f":"IFERROR(VLOOKUP(C6165,参数!B:H,3,FALSE),\"\")","v":""},"",1]
[6165,{"$nulls":6},{"$f":"IFERROR(VLOOKUP(C6166,参数!$B:$H,2,0),\"\")","v":""},{"$f":"IFERROR(VLOOKUP(C6166,参数!$B:$H,4,0),\"\")","v":""},{"$f":"IFERROR(VLOOKUP(C6166,参数!B:H,3,FALSE),\"\")","v":""},"",1]
[6166,{"$nulls":6},{"$f":"IFERROR(VLOOKUP(C6167,参数!$B:$H,2,0),\"\")","v":""},{"$f":"IFERROR(VLOOKUP(C6167,参数!$B:$H,4,0),\"\")","v":""},{"$f":"IFERROR(VLOOKUP(C6167,参数!B:H,3,FALSE),\"\")","v":""},"",1]
[6167,{"$nulls":6},{"$f":"IFERROR(VLOOKUP(C6168,参数!$B:$H,2,0),\"\")","v":""},{"$f":"IFERROR(VLOOKUP(C6168,参数!$B:$H,4,0),\"\")","v":""},{"$f":"IFERROR(VLOOKUP(C6168,参数!B:H,3,FALSE),\"\")","v":""},"",1]
[6168,{"$nulls":6},{"$f":"IFERROR(VLOOKUP(C6169,参数!$B:$H,2,0),\"\")","v":""},{"$f":"IFERROR(VLOOKUP(C6169,参数!$B:$H,4,0),\"\")","v":""},{"$f":"IFERROR(VLOOKUP(C6169,参数!B:H,3,FALSE),\"\")","v":""},"",1]
[6169,{"$nulls":6},{"$f":"IFERROR(VLOOKUP(C6170,参数!$B:$H,2,0),\"\")","v":""},{"$f":"IFERROR(VLOOKUP(C6170,参数!$B:$H,4,0),\"\")","v":""},{"$f":"IFERROR(VLOOKUP(C6170,参数!B:H,3,FALSE),\"\")","v":""},"",1]
[6170,{"$nulls":6},{"$f":"IFERROR(VLOOKUP(C6171,参数!$B:$H,2,0),\"\")","v":""},{"$f":"IFERROR(VLOOKUP(C6171,参数!$B:$H,4,0),\"\")","v":""},{"$f":"IFERROR(VLOOKUP(C6171,参数!B:H,3,FALSE),\"\")","v":""},"",1]
[6171,{"$nulls":6},{"$f":"IFERROR(VLOOKUP(C6172,参数!$B:$H,2,0),\"\")","v":""},{"$f":"IFERROR(VLOOKUP(C6172,参数!$B:$H,4,0),\"\")","v":""},{"$f":"IFERROR(VLOOKUP(C6172,参数!B:H,3,FALSE),\"\")","v":""},"",1]
[6172,{"$nulls":6},{"$f":"IFERROR(VLOOKUP(C6173,参数!$B:$H,2,0),\"\")","v":""},{"$f":"IFERROR(VLOOKUP(C6173,参数!$B:$H,4,0),\"\")","v":""},{"$f":"IFERROR(VLOOKUP(C6173,参数!B:H,3,FALSE),\"\")","v":""},"",1]
[6173,{"$nulls":6},{"$f":"IFERROR(VLOOKUP(C6174,参数!$B:$H,2,0),\"\")","v":""},{"$f":"IFERROR(VLOOKUP(C6174,参数!$B:$H,4,0),\"\")","v":""},{"$f":"IFERROR(VLOOKUP(C6174,参数!B:H,3,FALSE),\"\")","v":""},"",1]
[6174,{"$nulls":6},{"$f":"IFERROR(VLOOKUP(C6175,参数!$B:$H,2,0),\"\")","v":""},{"$f":"IFERROR(VLOOKUP(C6175,参数!$B:$H,4,0),\"\")","v":""},{"$f":"IFERROR(VLOOKUP(C6175,参数!B:H,3,FALSE),\"\")","v":""},"",1]
[6175,{"$nulls":6},{"$f":"IFERROR(VLOOKUP(C6176,参数!$B:$H,2,0),\"\")","v":""},{"$f":"IFERROR(VLOOKUP(C6176,参数!$B:$H,4,0),\"\")","v":""},{"$f":"IFERROR(VLOOKUP(C6176,参数!B:H,3,FALSE),\"\")","v":""},"",1]
[6176,{"$nulls":6},{"$f":"IFERROR(VLOOKUP(C6177,参数!$B:$H,2,0),\"\")","v":""},{"$f":"IFERROR(VLOOKUP(C6177,参数!$B:$H,4,0),\"\")","v":""},{"$f":"IFERROR(VLOOKUP(C6177,参数!B:H,3,FALSE),\"\")","v":""},"",1]
[6177,{"$nulls":6},{"$f":"IFERROR(VLOOKUP(C6178,参数!$B:$H,2,0),\"\")","v":""},{"$f":"IFERROR(VLOOKUP(C6178,参数!$B:$H,4,0),\"\")","v":""},{"$f":"IFERROR(VLOOKUP(C6178,参数!B:H,3,FALSE),\"\")","v":""},"",1]
[6178,{"$nulls":6},{"$f":"IFERROR(VLOOKUP(C6179,参数!$B:$H,2,0),\"\")","v":""},{"$f":"IFERROR(VLOOKUP(C6179,参数!$B:$H,4,0),\"\")","v":""},{"$f":"IFERROR(VLOOKUP(C6179,参数!B:H,3,FALSE),\"\")","v":""},"",1]
[6179,{"$nulls":6},{"$f":"IFERROR(VLOOKUP(C6180,参数!$B:$H,2,0),\"\")","v":""},{"$f":"IFERROR(VLOOKUP(C6180,参数!$B:$H,4,0),\"\")","v":""},{"$f":"IFERROR(VLOOKUP(C6180,参数!B:H,3,FALSE),\"\")","v":""},"",1]
[6180,{"$nulls":6},{"$f":"IFERROR(VLOOKUP(C6181,参数!$B:$H,2,0),\"\")","v":""},{"$f":"IFERROR(VLOOKUP(C6181,参数!$B:$H,4,0),\"\")","v":""},{"$f":"IFERROR(VLOOKUP(C6181,参数!B:H,3,FALSE),\"\")","v":""},{"$f":"IFERROR(J6181*E6181,\"\")","v":""},1]
[6181,{"$nulls":6},{"$f":"IFERROR(VLOOKUP(C6182,参数!$B:$H,2,0),\"\")","v":""},{"$f":"IFERROR(VLOOKUP(C6182,参数!$B:$H,4,0),\"\")","v":""},{"$f":"IFERROR(VLOOKUP(C6182,参数!B:H,3,FALSE),\"\")","v":""},"",1]
[6182,{"$nulls":6},{"$f":"IFERROR(VLOOKUP(C6183,参数!$B:$H,2,0),\"\")","v":""},{"$f":"IFERROR(VLOOKUP(C6183,参数!$B:$H,4,0),\"\")","v":""},{"$f":"IFERROR(VLOOKUP(C6183,参数!B:H,3,FALSE),\"\")","v":""},"",1]
[6183,{"$nulls":6},{"$f":"IFERROR(VLOOKUP(C6184,参数!$B:$H,2,0),\"\")","v":""},{"$f":"IFERROR(VLOOKUP(C6184,参数!$B:$H,4,0),\"\")","v":""},{"$f":"IFERROR(VLOOKUP(C6184,参数!B:H,3,FALSE),\"\")","v":""},"",1]
[6184,{"$nulls":6},{"$f":"IFERROR(VLOOKUP(C6185,参数!$B:$H,2,0),\"\")","v":""},{"$f":"IFERROR(VLOOKUP(C6185,参数!$B:$H,4,0),\"\")","v":""},{"$f":"IFERROR(VLOOKUP(C6185,参数!B:H,3,FALSE),\"\")","v":""},"",1]
[6185,{"$nulls":6},{"$f":"IFERROR(VLOOKUP(C6186,参数!$B:$H,2,0),\"\")","v":""},{"$f":"IFERROR(VLOOKUP(C6186,参数!$B:$H,4,0),\"\")","v":""},{"$f":"IFERROR(VLOOKUP(C6186,参数!B:H,3,FALSE),\"\")","v":""},"",1]
[6186,{"$nulls":6},{"$f":"IFERROR(VLOOKUP(C6187,参数!$B:$H,2,0),\"\")","v":""},{"$f":"IFERROR(VLOOKUP(C6187,参数!$B:$H,4,0),\"\")","v":""},{"$f":"IFERROR(VLOOKUP(C6187,参数!B:H,3,FALSE),\"\")","v":""},"",1]
[6187,{"$nulls":6},{"$f":"IFERROR(VLOOKUP(C6188,参数!$B:$H,2,0),\"\")","v":""},{"$f":"IFERROR(VLOOKUP(C6188,参数!$B:$H,4,0),\"\")","v":""},{"$f":"IFERROR(VLOOKUP(C6188,参数!B:H,3,FALSE),\"\")","v":""},"",1]
[6188,{"$nulls":6},{"$f":"IFERROR(VLOOKUP(C6189,参数!$B:$H,2,0),\"\")","v":""},{"$f":"IFERROR(VLOOKUP(C6189,参数!$B:$H,4,0),\"\")","v":""},{"$f":"IFERROR(VLOOKUP(C6189,参数!B:H,3,FALSE),\"\")","v":""},"",1]
[6189,{"$nulls":6},{"$f":"IFERROR(VLOOKUP(C6190,参数!$B:$H,2,0),\"\")","v":""},{"$f":"IFERROR(VLOOKUP(C6190,参数!$B:$H,4,0),\"\")","v":""},{"$f":"IFERROR(VLOOKUP(C6190,参数!B:H,3,FALSE),\"\")","v":""},"",1]
[6190,{"$nulls":6},{"$f":"IFERROR(VLOOKUP(C6191,参数!$B:$H,2,0),\"\")","v":""},{"$f":"IFERROR(VLOOKUP(C6191,参数!$B:$H,4,0),\"\")","v":""},{"$f":"IFERROR(VLOOKUP(C6191,参数!B:H,3,FALSE),\"\")","v":""},"",1]
[6191,{"$nulls":6},{"$f":"IFERROR(VLOOKUP(C6192,参数!$B:$H,2,0),\"\")","v":""},{"$f":"IFERROR(VLOOKUP(C6192,参数!$B:$H,4,0),\"\")","v":""},{"$f":"IFERROR(VLOOKUP(C6192,参数!B:H,3,FALSE),\"\")","v":""},"",1]
[6192,{"$nulls":6},{"$f":"IFERROR(VLOOKUP(C6193,参数!$B:$H,2,0),\"\")","v":""},{"$f":"IFERROR(VLOOKUP(C6193,参数!$B:$H,4,0),\"\")","v":""},{"$f":"IFERROR(VLOOKUP(C6193,参数!B:H,3,FALSE),\"\")","v":""},"",1]
[6193,{"$nulls":6},{"$f":"IFERROR(VLOOKUP(C6194,参数!$B:$H,2,0),\"\")","v":""},{"$f":"IFERROR(VLOOKUP(C6194,参数!$B:$H,4,0),\"\")","v":""},{"$f":"IFERROR(VLOOKUP(C6194,参数!B:H,3,FALSE),\"\")","v":""},"",1]
[6194,{"$nulls":6},{"$f":"IFERROR(VLOOKUP(C6195,参数!$B:$H,2,0),\"\")","v":""},{"$f":"IFERROR(VLOOKUP(C6195,参数!$B:$H,4,0),\"\")","v":""},{"$f":"IFERROR(VLOOKUP(C6195,参数!B:H,3,FALSE),\"\")","v":""},"",1]
[6195,{"$nulls":6},{"$f":"IFERROR(VLOOKUP(C6196,参数!$B:$H,2,0),\"\")","v":""},{"$f":"IFERROR(VLOOKUP(C6196,参数!$B:$H,4,0),\"\")","v":""},{"$f":"IFERROR(VLOOKUP(C6196,参数!B:H,3,FALSE),\"\")","v":""},"",1]
[6196,{"$nulls":6},{"$f":"IFERROR(VLOOKUP(C6197,参数!$B:$H,2,0),\"\")","v":""},{"$f":"IFERROR(VLOOKUP(C6197,参数!$B:$H,4,0),\"\")","v":""},{"$f":"IFERROR(VLOOKUP(C6197,参数!B:H,3,FALSE),\"\")","v":""},"",1]
[6197,{"$nulls":6},{"$f":"IFERROR(VLOOKUP(C6198,参数!$B:$H,2,0),\"\")","v":""},{"$f":"IFERROR(VLOOKUP(C6198,参数!$B:$H,4,0),\"\")","v":""},{"$f":"IFERROR(VLOOKUP(C6198,参数!B:H,3,FALSE),\"\")","v":""},"",1]
[6198,{"$nulls":6},{"$f":"IFERROR(VLOOKUP(C6199,参数!$B:$H,2,0),\"\")","v":""},{"$f":"IFERROR(VLOOKUP(C6199,参数!$B:$H,4,0),\"\")","v":""},{"$f":"IFERROR(VLOOKUP(C6199,参数!B:H,3,FALSE),\"\")","v":""},"",1]
[6199,{"$nulls":6},{"$f":"IFERROR(VLOOKUP(C6200,参数!$B:$H,2,0),\"\")","v":""},{"$f":"IFERROR(VLOOKUP(C6200,参数!$B:$H,4,0),\"\")","v":""},{"$f":"IFERROR(VLOOKUP(C6200,参数!B:H,3,FALSE),\"\")","v":""},"",1]
[6200,{"$nulls":6},{"$f":"IFERROR(VLOOKUP(C6201,参数!$B:$H,2,0),\"\")","v":""},{"$f":"IFERROR(VLOOKUP(C6201,参数!$B:$H,4,0),\"\")","v":""},{"$f":"IFERROR(VLOOKUP(C6201,参数!B:H,3,FALSE),\"\")","v":""},"",1]
[6201,{"$nulls":6},{"$f":"IFERROR(VLOOKUP(C6202,参数!$B:$H,2,0),\"\")","v":""},{"$f":"IFERROR(VLOOKUP(C6202,参数!$B:$H,4,0),\"\")","v":""},{"$f":"IFERROR(VLOOKUP(C6202,参数!B:H,3,FALSE),\"\")","v":""},"",1]
[6202,{"$nulls":6},{"$f":"IFERROR(VLOOKUP(C6203,参数!$B:$H,2,0),\"\")","v":""},{"$f":"IFERROR(VLOOKUP(C6203,参数!$B:$H,4,0),\"\")","v":""},{"$f":"IFERROR(VLOOKUP(C6203,参数!B:H,3,FALSE),\"\")","v":""},"",1]
[6203,{"$nulls":6},{"$f":"IFERROR(VLOOKUP(C6204,参数!$B:$H,2,0),\"\")","v":""},{"$f":"IFERROR(VLOOKUP(C6204,参数!$B:$H,4,0),\"\")","v":""},{"$f":"IFERROR(VLOOKUP(C6204,参数!B:H,3,FALSE),\"\")","v":""},"",1]
[6204,{"$nulls":6},{"$f":"IFERROR(VLOOKUP(C6205,参数!$B:$H,2,0),\"\")","v":""},{"$f":"IFERROR(VLOOKUP(C6205,参数!$B:$H,4,0),\"\")","v":""},{"$f":"IFERROR(VLOOKUP(C6205,参数!B:H,3,FALSE),\"\")","v":""},"",1]
[6205,{"$nulls":6},{"$f":"IFERROR(VLOOKUP(C6206,参数!$B:$H,2,0),\"\")","v":""},{"$f":"IFERROR(VLOOKUP(C6206,参数!$B:$H,4,0),\"\")","v":""},{"$f":"IFERROR(VLOOKUP(C6206,参数!B:H,3,FALSE),\"\")","v":""},"",1]
[6206,{"$nulls":6},{"$f":"IFERROR(VLOOKUP(C6207,参数!$B:$H,2,0),\"\")","v":""},{"$f":"IFERROR(VLOOKUP(C6207,参数!$B:$H,4,0),\"\")","v":""},{"$f":"IFERROR(VLOOKUP(C6207,参数!B:H,3,FALSE),\"\")","v":""},"",1]
[6207,{"$nulls":6},{"$f":"IFERROR(VLOOKUP(C6208,参数!$B:$H,2,0),\"\")","v":""},{"$f":"IFERROR(VLOOKUP(C6208,参数!$B:$H,4,0),\"\")","v":""},{"$f":"IFERROR(VLOOKUP(C6208,参数!B:H,3,FALSE),\"\")","v":""},"",1]
[6208,{"$nulls":6},{"$f":"IFERROR(VLOOKUP(C6209,参数!$B:$H,2,0),\"\")","v":""},{"$f":"IFERROR(VLOOKUP(C6209,参数!$B:$H,4,0),\"\")","v":""},{"$f":"IFERROR(VLOOKUP(C6209,参数!B:H,3,FALSE),\"\")","v":""},"",1]
[6209,{"$nulls":6},{"$f":"IFERROR(VLOOKUP(C6210,参数!$B:$H,2,0),\"\")","v":""},{"$f":"IFERROR(VLOOKUP(C6210,参数!$B:$H,4,0),\"\")","v":""},{"$f":"IFERROR(VLOOKUP(C6210,参数!B:H,3,FALSE),\"\")","v":""},"",{"$f":"VALUE(MONTH(B6210))","v":1}]
[6210,{"$nulls":6},{"$f":"IFERROR(VLOOKUP(C6211,参数!$B:$H,2,0),\"\")","v":""},{"$f":"IFERROR(VLOOKUP(C6211,参数!$B:$H,4,0),\"\")","v":""},{"$f":"IFERROR(VLOOKUP(C6211,参数!B:H,3,FALSE),\"\")","v":""},"",1]
[6211,{"$nulls":6},{"$f":"IFERROR(VLOOKUP(C6212,参数!$B:$H,2,0),\"\")","v":""},{"$f":"IFERROR(VLOOKUP(C6212,参数!$B:$H,4,0),\"\")","v":""},{"$f":"IFERROR(VLOOKUP(C6212,参数!B:H,3,FALSE),\"\")","v":""},"",1]
[6212,{"$nulls":6},{"$f":"IFERROR(VLOOKUP(C6213,参数!$B:$H,2,0),\"\")","v":""},{"$f":"IFERROR(VLOOKUP(C6213,参数!$B:$H,4,0),\"\")","v":""},{"$f":"IFERROR(VLOOKUP(C6213,参数!B:H,3,FALSE),\"\")","v":""},"",1]
[6213,{"$nulls":6},{"$f":"IFERROR(VLOOKUP(C6214,参数!$B:$H,2,0),\"\")","v":""},{"$f":"IFERROR(VLOOKUP(C6214,参数!$B:$H,4,0),\"\")","v":""},{"$f":"IFERROR(VLOOKUP(C6214,参数!B:H,3,FALSE),\"\")","v":""},"",1]
[6214,{"$nulls":6},{"$f":"IFERROR(VLOOKUP(C6215,参数!$B:$H,2,0),\"\")","v":""},{"$f":"IFERROR(VLOOKUP(C6215,参数!$B:$H,4,0),\"\")","v":""},{"$f":"IFERROR(VLOOKUP(C6215,参数!B:H,3,FALSE),\"\")","v":""},"",1]
[6215,{"$nulls":6},{"$f":"IFERROR(VLOOKUP(C6216,参数!$B:$H,2,0),\"\")","v":""},{"$f":"IFERROR(VLOOKUP(C6216,参数!$B:$H,4,0),\"\")","v":""},{"$f":"IFERROR(VLOOKUP(C6216,参数!B:H,3,FALSE),\"\")","v":""},"",1]
[6216,{"$nulls":6},{"$f":"IFERROR(VLOOKUP(C6217,参数!$B:$H,2,0),\"\")","v":""},{"$f":"IFERROR(VLOOKUP(C6217,参数!$B:$H,4,0),\"\")","v":""},{"$f":"IFERROR(VLOOKUP(C6217,参数!B:H,3,FALSE),\"\")","v":""},"",1]
[6217,{"$nulls":6},{"$f":"IFERROR(VLOOKUP(C6218,参数!$B:$H,2,0),\"\")","v":""},{"$f":"IFERROR(VLOOKUP(C6218,参数!$B:$H,4,0),\"\")","v":""},{"$f":"IFERROR(VLOOKUP(C6218,参数!B:H,3,FALSE),\"\")","v":""},"",1]
[6218,{"$nulls":6},{"$f":"IFERROR(VLOOKUP(C6219,参数!$B:$H,2,0),\"\")","v":""},{"$f":"IFERROR(VLOOKUP(C6219,参数!$B:$H,4,0),\"\")","v":""},{"$f":"IFERROR(VLOOKUP(C6219,参数!B:H,3,FALSE),\"\")","v":""},"",1]
[6219,{"$nulls":6},{"$f":"IFERROR(VLOOKUP(C6220,参数!$B:$H,2,0),\"\")","v":""},{"$f":"IFERROR(VLOOKUP(C6220,参数!$B:$H,4,0),\"\")","v":""},{"$f":"IFERROR(VLOOKUP(C6220,参数!B:H,3,FALSE),\"\")","v":""},"",1]
[6220,{"$nulls":6},{"$f":"IFERROR(VLOOKUP(C6221,参数!$B:$H,2,0),\"\")","v":""},{"$f":"IFERROR(VLOOKUP(C6221,参数!$B:$H,4,0),\"\")","v":""},{"$f":"IFERROR(VLOOKUP(C6221,参数!B:H,3,FALSE),\"\")","v":""},"",1]
[6221,{"$nulls":6},{"$f":"IFERROR(VLOOKUP(C6222,参数!$B:$H,2,0),\"\")","v":""},{"$f":"IFERROR(VLOOKUP(C6222,参数!$B:$H,4,0),\"\")","v":""},{"$f":"IFERROR(VLOOKUP(C6222,参数!B:H,3,FALSE),\"\")","v":""},"",1]
[6222,{"$nulls":6},{"$f":"IFERROR(VLOOKUP(C6223,参数!$B:$H,2,0),\"\")","v":""},{"$f":"IFERROR(VLOOKUP(C6223,参数!$B:$H,4,0),\"\")","v":""},{"$f":"IFERROR(VLOOKUP(C6223,参数!B:H,3,FALSE),\"\")","v":""},"",1]
[6223,{"$nulls":6},{"$f":"IFERROR(VLOOKUP(C6224,参数!$B:$H,2,0),\"\")","v":""},{"$f":"IFERROR(VLOOKUP(C6224,参数!$B:$H,4,0),\"\")","v":""},{"$f":"IFERROR(VLOOKUP(C6224,参数!B:H,3,FALSE),\"\")","v":""},"",1]
[6224,{"$nulls":6},{"$f":"IFERROR(VLOOKUP(C6225,参数!$B:$H,2,0),\"\")","v":""},{"$f":"IFERROR(VLOOKUP(C6225,参数!$B:$H,4,0),\"\")","v":""},{"$f":"IFERROR(VLOOKUP(C6225,参数!B:H,3,FALSE),\"\")","v":""},"",1]
[6225,{"$nulls":6},{"$f":"IFERROR(VLOOKUP(C6226,参数!$B:$H,2,0),\"\")","v":""},{"$f":"IFERROR(VLOOKUP(C6226,参数!$B:$H,4,0),\"\")","v":""},{"$f":"IFERROR(VLOOKUP(C6226,参数!B:H,3,FALSE),\"\")","v":""},"",1]
[6226,{"$nulls":6},{"$f":"IFERROR(VLOOKUP(C6227,参数!$B:$H,2,0),\"\")","v":""},{"$f":"IFERROR(VLOOKUP(C6227,参数!$B:$H,4,0),\"\")","v":""},{"$f":"IFERROR(VLOOKUP(C6227,参数!B:H,3,FALSE),\"\")","v":""},"",1]
[6227,{"$nulls":6},{"$f":"IFERROR(VLOOKUP(C6228,参数!$B:$H,2,0),\"\")","v":""},{"$f":"IFERROR(VLOOKUP(C6228,参数!$B:$H,4,0),\"\")","v":""},{"$f":"IFERROR(VLOOKUP(C6228,参数!B:H,3,FALSE),\"\")","v":""},"",1]
[6228,{"$nulls":6},{"$f":"IFERROR(VLOOKUP(C6229,参数!$B:$H,2,0),\"\")","v":""},{"$f":"IFERROR(VLOOKUP(C6229,参数!$B:$H,4,0),\"\")","v":""},{"$f":"IFERROR(VLOOKUP(C6229,参数!B:H,3,FALSE),\"\")","v":""},"",1]
[6229,{"$nulls":6},{"$f":"IFERROR(VLOOKUP(C6230,参数!$B:$H,2,0),\"\")","v":""},{"$f":"IFERROR(VLOOKUP(C6230,参数!$B:$H,4,0),\"\")","v":""},{"$f":"IFERROR(VLOOKUP(C6230,参数!B:H,3,FALSE),\"\")","v":""},"",1]
[6230,{"$nulls":6},{"$f":"IFERROR(VLOOKUP(C6231,参数!$B:$H,2,0),\"\")","v":""},{"$f":"IFERROR(VLOOKUP(C6231,参数!$B:$H,4,0),\"\")","v":""},{"$f":"IFERROR(VLOOKUP(C6231,参数!B:H,3,FALSE),\"\")","v":""},"",1]
[6231,{"$nulls":6},{"$f":"IFERROR(VLOOKUP(C6232,参数!$B:$H,2,0),\"\")","v":""},{"$f":"IFERROR(VLOOKUP(C6232,参数!$B:$H,4,0),\"\")","v":""},{"$f":"IFERROR(VLOOKUP(C6232,参数!B:H,3,FALSE),\"\")","v":""},"",1]
[6232,{"$nulls":6},{"$f":"IFERROR(VLOOKUP(C6233,参数!$B:$H,2,0),\"\")","v":""},{"$f":"IFERROR(VLOOKUP(C6233,参数!$B:$H,4,0),\"\")","v":""},{"$f":"IFERROR(VLOOKUP(C6233,参数!B:H,3,FALSE),\"\")","v":""},"",1]
[6233,{"$nulls":6},{"$f":"IFERROR(VLOOKUP(C6234,参数!$B:$H,2,0),\"\")","v":""},{"$f":"IFERROR(VLOOKUP(C6234,参数!$B:$H,4,0),\"\")","v":""},{"$f":"IFERROR(VLOOKUP(C6234,参数!B:H,3,FALSE),\"\")","v":""},"",1]
[6234,{"$nulls":6},{"$f":"IFERROR(VLOOKUP(C6235,参数!$B:$H,2,0),\"\")","v":""},{"$f":"IFERROR(VLOOKUP(C6235,参数!$B:$H,4,0),\"\")","v":""},{"$f":"IFERROR(VLOOKUP(C6235,参数!B:H,3,FALSE),\"\")","v":""},"",1]
[6235,{"$nulls":6},{"$f":"IFERROR(VLOOKUP(C6236,参数!$B:$H,2,0),\"\")","v":""},{"$f":"IFERROR(VLOOKUP(C6236,参数!$B:$H,4,0),\"\")","v":""},{"$f":"IFERROR(VLOOKUP(C6236,参数!B:H,3,FALSE),\"\")","v":""},"",1]
[6236,{"$nulls":6},{"$f":"IFERROR(VLOOKUP(C6237,参数!$B:$H,2,0),\"\")","v":""},{"$f":"IFERROR(VLOOKUP(C6237,参数!$B:$H,4,0),\"\")","v":""},{"$f":"IFERROR(VLOOKUP(C6237,参数!B:H,3,FALSE),\"\")","v":""},"",1]
[6237,{"$nulls":6},{"$f":"IFERROR(VLOOKUP(C6238,参数!$B:$H,2,0),\"\")","v":""},{"$f":"IFERROR(VLOOKUP(C6238,参数!$B:$H,4,0),\"\")","v":""},{"$f":"IFERROR(VLOOKUP(C6238,参数!B:H,3,FALSE),\"\")","v":""},"",1]
[6238,{"$nulls":6},{"$f":"IFERROR(VLOOKUP(C6239,参数!$B:$H,2,0),\"\")","v":""},{"$f":"IFERROR(VLOOKUP(C6239,参数!$B:$H,4,0),\"\")","v":""},{"$f":"IFERROR(VLOOKUP(C6239,参数!B:H,3,FALSE),\"\")","v":""},"",1]
[6239,{"$nulls":6},{"$f":"IFERROR(VLOOKUP(C6240,参数!$B:$H,2,0),\"\")","v":""},{"$f":"IFERROR(VLOOKUP(C6240,参数!$B:$H,4,0),\"\")","v":""},{"$f":"IFERROR(VLOOKUP(C6240,参数!B:H,3,FALSE),\"\")","v":""},"",1]
[6240,{"$nulls":6},{"$f":"IFERROR(VLOOKUP(C6241,参数!$B:$H,2,0),\"\")","v":""},{"$f":"IFERROR(VLOOKUP(C6241,参数!$B:$H,4,0),\"\")","v":""},{"$f":"IFERROR(VLOOKUP(C6241,参数!B:H,3,FALSE),\"\")","v":""},"",1]
[6241,{"$nulls":6},{"$f":"IFERROR(VLOOKUP(C6242,参数!$B:$H,2,0),\"\")","v":""},{"$f":"IFERROR(VLOOKUP(C6242,参数!$B:$H,4,0),\"\")","v":""},{"$f":"IFERROR(VLOOKUP(C6242,参数!B:H,3,FALSE),\"\")","v":""},"",1]
[6242,{"$nulls":6},{"$f":"IFERROR(VLOOKUP(C6243,参数!$B:$H,2,0),\"\")","v":""},{"$f":"IFERROR(VLOOKUP(C6243,参数!$B:$H,4,0),\"\")","v":""},{"$f":"IFERROR(VLOOKUP(C6243,参数!B:H,3,FALSE),\"\")","v":""},"",1]
[6243,{"$nulls":6},{"$f":"IFERROR(VLOOKUP(C6244,参数!$B:$H,2,0),\"\")","v":""},{"$f":"IFERROR(VLOOKUP(C6244,参数!$B:$H,4,0),\"\")","v":""},{"$f":"IFERROR(VLOOKUP(C6244,参数!B:H,3,FALSE),\"\")","v":""},"",1]
[6244,{"$nulls":6},{"$f":"IFERROR(VLOOKUP(C6245,参数!$B:$H,2,0),\"\")","v":""},{"$f":"IFERROR(VLOOKUP(C6245,参数!$B:$H,4,0),\"\")","v":""},{"$f":"IFERROR(VLOOKUP(C6245,参数!B:H,3,FALSE),\"\")","v":""},{"$f":"IFERROR(J6245*E6245,\"\")","v":""},1]
[6245,{"$nulls":6},{"$f":"IFERROR(VLOOKUP(C6246,参数!$B:$H,2,0),\"\")","v":""},{"$f":"IFERROR(VLOOKUP(C6246,参数!$B:$H,4,0),\"\")","v":""},{"$f":"IFERROR(VLOOKUP(C6246,参数!B:H,3,FALSE),\"\")","v":""},"",1]
[6246,{"$nulls":6},{"$f":"IFERROR(VLOOKUP(C6247,参数!$B:$H,2,0),\"\")","v":""},{"$f":"IFERROR(VLOOKUP(C6247,参数!$B:$H,4,0),\"\")","v":""},{"$f":"IFERROR(VLOOKUP(C6247,参数!B:H,3,FALSE),\"\")","v":""},"",1]
[6247,{"$nulls":6},{"$f":"IFERROR(VLOOKUP(C6248,参数!$B:$H,2,0),\"\")","v":""},{"$f":"IFERROR(VLOOKUP(C6248,参数!$B:$H,4,0),\"\")","v":""},{"$f":"IFERROR(VLOOKUP(C6248,参数!B:H,3,FALSE),\"\")","v":""},"",1]
[6248,{"$nulls":6},{"$f":"IFERROR(VLOOKUP(C6249,参数!$B:$H,2,0),\"\")","v":""},{"$f":"IFERROR(VLOOKUP(C6249,参数!$B:$H,4,0),\"\")","v":""},{"$f":"IFERROR(VLOOKUP(C6249,参数!B:H,3,FALSE),\"\")","v":""},"",1]
[6249,{"$nulls":6},{"$f":"IFERROR(VLOOKUP(C6250,参数!$B:$H,2,0),\"\")","v":""},{"$f":"IFERROR(VLOOKUP(C6250,参数!$B:$H,4,0),\"\")","v":""},{"$f":"IFERROR(VLOOKUP(C6250,参数!B:H,3,FALSE),\"\")","v":""},"",1]
[6250,{"$nulls":6},{"$f":"IFERROR(VLOOKUP(C6251,参数!$B:$H,2,0),\"\")","v":""},{"$f":"IFERROR(VLOOKUP(C6251,参数!$B:$H,4,0),\"\")","v":""},{"$f":"IFERROR(VLOOKUP(C6251,参数!B:H,3,FALSE),\"\")","v":""},"",1]
[6251,{"$nulls":6},{"$f":"IFERROR(VLOOKUP(C6252,参数!$B:$H,2,0),\"\")","v":""},{"$f":"IFERROR(VLOOKUP(C6252,参数!$B:$H,4,0),\"\")","v":""},{"$f":"IFERROR(VLOOKUP(C6252,参数!B:H,3,FALSE),\"\")","v":""},"",1]
[6252,{"$nulls":6},{"$f":"IFERROR(VLOOKUP(C6253,参数!$B:$H,2,0),\"\")","v":""},{"$f":"IFERROR(VLOOKUP(C6253,参数!$B:$H,4,0),\"\")","v":""},{"$f":"IFERROR(VLOOKUP(C6253,参数!B:H,3,FALSE),\"\")","v":""},"",1]
[6253,{"$nulls":6},{"$f":"IFERROR(VLOOKUP(C6254,参数!$B:$H,2,0),\"\")","v":""},{"$f":"IFERROR(VLOOKUP(C6254,参数!$B:$H,4,0),\"\")","v":""},{"$f":"IFERROR(VLOOKUP(C6254,参数!B:H,3,FALSE),\"\")","v":""},"",1]
[6254,{"$nulls":6},{"$f":"IFERROR(VLOOKUP(C6255,参数!$B:$H,2,0),\"\")","v":""},{"$f":"IFERROR(VLOOKUP(C6255,参数!$B:$H,4,0),\"\")","v":""},{"$f":"IFERROR(VLOOKUP(C6255,参数!B:H,3,FALSE),\"\")","v":""},"",1]
[6255,{"$nulls":6},{"$f":"IFERROR(VLOOKUP(C6256,参数!$B:$H,2,0),\"\")","v":""},{"$f":"IFERROR(VLOOKUP(C6256,参数!$B:$H,4,0),\"\")","v":""},{"$f":"IFERROR(VLOOKUP(C6256,参数!B:H,3,FALSE),\"\")","v":""},"",1]
[6256,{"$nulls":6},{"$f":"IFERROR(VLOOKUP(C6257,参数!$B:$H,2,0),\"\")","v":""},{"$f":"IFERROR(VLOOKUP(C6257,参数!$B:$H,4,0),\"\")","v":""},{"$f":"IFERROR(VLOOKUP(C6257,参数!B:H,3,FALSE),\"\")","v":""},"",1]
[6257,{"$nulls":6},{"$f":"IFERROR(VLOOKUP(C6258,参数!$B:$H,2,0),\"\")","v":""},{"$f":"IFERROR(VLOOKUP(C6258,参数!$B:$H,4,0),\"\")","v":""},{"$f":"IFERROR(VLOOKUP(C6258,参数!B:H,3,FALSE),\"\")","v":""},"",1]
[6258,{"$nulls":6},{"$f":"IFERROR(VLOOKUP(C6259,参数!$B:$H,2,0),\"\")","v":""},{"$f":"IFERROR(VLOOKUP(C6259,参数!$B:$H,4,0),\"\")","v":""},{"$f":"IFERROR(VLOOKUP(C6259,参数!B:H,3,FALSE),\"\")","v":""},"",1]
[6259,{"$nulls":6},{"$f":"IFERROR(VLOOKUP(C6260,参数!$B:$H,2,0),\"\")","v":""},{"$f":"IFERROR(VLOOKUP(C6260,参数!$B:$H,4,0),\"\")","v":""},{"$f":"IFERROR(VLOOKUP(C6260,参数!B:H,3,FALSE),\"\")","v":""},"",1]
[6260,{"$nulls":6},{"$f":"IFERROR(VLOOKUP(C6261,参数!$B:$H,2,0),\"\")","v":""},{"$f":"IFERROR(VLOOKUP(C6261,参数!$B:$H,4,0),\"\")","v":""},{"$f":"IFERROR(VLOOKUP(C6261,参数!B:H,3,FALSE),\"\")","v":""},"",1]
[6261,{"$nulls":6},{"$f":"IFERROR(VLOOKUP(C6262,参数!$B:$H,2,0),\"\")","v":""},{"$f":"IFERROR(VLOOKUP(C6262,参数!$B:$H,4,0),\"\")","v":""},{"$f":"IFERROR(VLOOKUP(C6262,参数!B:H,3,FALSE),\"\")","v":""},"",1]
[6262,{"$nulls":6},{"$f":"IFERROR(VLOOKUP(C6263,参数!$B:$H,2,0),\"\")","v":""},{"$f":"IFERROR(VLOOKUP(C6263,参数!$B:$H,4,0),\"\")","v":""},{"$f":"IFERROR(VLOOKUP(C6263,参数!B:H,3,FALSE),\"\")","v":""},"",1]
[6263,{"$nulls":6},{"$f":"IFERROR(VLOOKUP(C6264,参数!$B:$H,2,0),\"\")","v":""},{"$f":"IFERROR(VLOOKUP(C6264,参数!$B:$H,4,0),\"\")","v":""},{"$f":"IFERROR(VLOOKUP(C6264,参数!B:H,3,FALSE),\"\")","v":""},"",1]
[6264,{"$nulls":6},{"$f":"IFERROR(VLOOKUP(C6265,参数!$B:$H,2,0),\"\")","v":""},{"$f":"IFERROR(VLOOKUP(C6265,参数!$B:$H,4,0),\"\")","v":""},{"$f":"IFERROR(VLOOKUP(C6265,参数!B:H,3,FALSE),\"\")","v":""},"",1]
[6265,{"$nulls":6},{"$f":"IFERROR(VLOOKUP(C6266,参数!$B:$H,2,0),\"\")","v":""},{"$f":"IFERROR(VLOOKUP(C6266,参数!$B:$H,4,0),\"\")","v":""},{"$f":"IFERROR(VLOOKUP(C6266,参数!B:H,3,FALSE),\"\")","v":""},"",1]
[6266,{"$nulls":6},{"$f":"IFERROR(VLOOKUP(C6267,参数!$B:$H,2,0),\"\")","v":""},{"$f":"IFERROR(VLOOKUP(C6267,参数!$B:$H,4,0),\"\")","v":""},{"$f":"IFERROR(VLOOKUP(C6267,参数!B:H,3,FALSE),\"\")","v":""},"",1]
[6267,{"$nulls":6},{"$f":"IFERROR(VLOOKUP(C6268,参数!$B:$H,2,0),\"\")","v":""},{"$f":"IFERROR(VLOOKUP(C6268,参数!$B:$H,4,0),\"\")","v":""},{"$f":"IFERROR(VLOOKUP(C6268,参数!B:H,3,FALSE),\"\")","v":""},"",1]
[6268,{"$nulls":6},{"$f":"IFERROR(VLOOKUP(C6269,参数!$B:$H,2,0),\"\")","v":""},{"$f":"IFERROR(VLOOKUP(C6269,参数!$B:$H,4,0),\"\")","v":""},{"$f":"IFERROR(VLOOKUP(C6269,参数!B:H,3,FALSE),\"\")","v":""},"",1]
[6269,{"$nulls":6},{"$f":"IFERROR(VLOOKUP(C6270,参数!$B:$H,2,0),\"\")","v":""},{"$f":"IFERROR(VLOOKUP(C6270,参数!$B:$H,4,0),\"\")","v":""},{"$f":"IFERROR(VLOOKUP(C6270,参数!B:H,3,FALSE),\"\")","v":""},"",1]
[6270,{"$nulls":6},{"$f":"IFERROR(VLOOKUP(C6271,参数!$B:$H,2,0),\"\")","v":""},{"$f":"IFERROR(VLOOKUP(C6271,参数!$B:$H,4,0),\"\")","v":""},{"$f":"IFERROR(VLOOKUP(C6271,参数!B:H,3,FALSE),\"\")","v":""},"",1]
[6271,{"$nulls":6},{"$f":"IFERROR(VLOOKUP(C6272,参数!$B:$H,2,0),\"\")","v":""},{"$f":"IFERROR(VLOOKUP(C6272,参数!$B:$H,4,0),\"\")","v":""},{"$f":"IFERROR(VLOOKUP(C6272,参数!B:H,3,FALSE),\"\")","v":""},"",1]
[6272,{"$nulls":6},{"$f":"IFERROR(VLOOKUP(C6273,参数!$B:$H,2,0),\"\")","v":""},{"$f":"IFERROR(VLOOKUP(C6273,参数!$B:$H,4,0),\"\")","v":""},{"$f":"IFERROR(VLOOKUP(C6273,参数!B:H,3,FALSE),\"\")","v":""},"",1]
[6273,{"$nulls":6},{"$f":"IFERROR(VLOOKUP(C6274,参数!$B:$H,2,0),\"\")","v":""},{"$f":"IFERROR(VLOOKUP(C6274,参数!$B:$H,4,0),\"\")","v":""},{"$f":"IFERROR(VLOOKUP(C6274,参数!B:H,3,FALSE),\"\")","v":""},"",{"$f":"VALUE(MONTH(B6274))","v":1}]
[6274,{"$nulls":6},{"$f":"IFERROR(VLOOKUP(C6275,参数!$B:$H,2,0),\"\")","v":""},{"$f":"IFERROR(VLOOKUP(C6275,参数!$B:$H,4,0),\"\")","v":""},{"$f":"IFERROR(VLOOKUP(C6275,参数!B:H,3,FALSE),\"\")","v":""},"",1]
[6275,{"$nulls":6},{"$f":"IFERROR(VLOOKUP(C6276,参数!$B:$H,2,0),\"\")","v":""},{"$f":"IFERROR(VLOOKUP(C6276,参数!$B:$H,4,0),\"\")","v":""},{"$f":"IFERROR(VLOOKUP(C6276,参数!B:H,3,FALSE),\"\")","v":""},"",1]
[6276,{"$nulls":6},{"$f":"IFERROR(VLOOKUP(C6277,参数!$B:$H,2,0),\"\")","v":""},{"$f":"IFERROR(VLOOKUP(C6277,参数!$B:$H,4,0),\"\")","v":""},{"$f":"IFERROR(VLOOKUP(C6277,参数!B:H,3,FALSE),\"\")","v":""},"",1]
[6277,{"$nulls":6},{"$f":"IFERROR(VLOOKUP(C6278,参数!$B:$H,2,0),\"\")","v":""},{"$f":"IFERROR(VLOOKUP(C6278,参数!$B:$H,4,0),\"\")","v":""},{"$f":"IFERROR(VLOOKUP(C6278,参数!B:H,3,FALSE),\"\")","v":""},"",1]
[6278,{"$nulls":6},{"$f":"IFERROR(VLOOKUP(C6279,参数!$B:$H,2,0),\"\")","v":""},{"$f":"IFERROR(VLOOKUP(C6279,参数!$B:$H,4,0),\"\")","v":""},{"$f":"IFERROR(VLOOKUP(C6279,参数!B:H,3,FALSE),\"\")","v":""},"",1]
[6279,{"$nulls":6},{"$f":"IFERROR(VLOOKUP(C6280,参数!$B:$H,2,0),\"\")","v":""},{"$f":"IFERROR(VLOOKUP(C6280,参数!$B:$H,4,0),\"\")","v":""},{"$f":"IFERROR(VLOOKUP(C6280,参数!B:H,3,FALSE),\"\")","v":""},"",1]
[6280,{"$nulls":6},{"$f":"IFERROR(VLOOKUP(C6281,参数!$B:$H,2,0),\"\")","v":""},{"$f":"IFERROR(VLOOKUP(C6281,参数!$B:$H,4,0),\"\")","v":""},{"$f":"IFERROR(VLOOKUP(C6281,参数!B:H,3,FALSE),\"\")","v":""},"",1]
[6281,{"$nulls":6},{"$f":"IFERROR(VLOOKUP(C6282,参数!$B:$H,2,0),\"\")","v":""},{"$f":"IFERROR(VLOOKUP(C6282,参数!$B:$H,4,0),\"\")","v":""},{"$f":"IFERROR(VLOOKUP(C6282,参数!B:H,3,FALSE),\"\")","v":""},"",1]
[6282,{"$nulls":6},{"$f":"IFERROR(VLOOKUP(C6283,参数!$B:$H,2,0),\"\")","v":""},{"$f":"IFERROR(VLOOKUP(C6283,参数!$B:$H,4,0),\"\")","v":""},{"$f":"IFERROR(VLOOKUP(C6283,参数!B:H,3,FALSE),\"\")","v":""},"",1]
[6283,{"$nulls":6},{"$f":"IFERROR(VLOOKUP(C6284,参数!$B:$H,2,0),\"\")","v":""},{"$f":"IFERROR(VLOOKUP(C6284,参数!$B:$H,4,0),\"\")","v":""},{"$f":"IFERROR(VLOOKUP(C6284,参数!B:H,3,FALSE),\"\")","v":""},"",1]
[6284,{"$nulls":6},{"$f":"IFERROR(VLOOKUP(C6285,参数!$B:$H,2,0),\"\")","v":""},{"$f":"IFERROR(VLOOKUP(C6285,参数!$B:$H,4,0),\"\")","v":""},{"$f":"IFERROR(VLOOKUP(C6285,参数!B:H,3,FALSE),\"\")","v":""},"",1]
[6285,{"$nulls":6},{"$f":"IFERROR(VLOOKUP(C6286,参数!$B:$H,2,0),\"\")","v":""},{"$f":"IFERROR(VLOOKUP(C6286,参数!$B:$H,4,0),\"\")","v":""},{"$f":"IFERROR(VLOOKUP(C6286,参数!B:H,3,FALSE),\"\")","v":""},"",1]
[6286,{"$nulls":6},{"$f":"IFERROR(VLOOKUP(C6287,参数!$B:$H,2,0),\"\")","v":""},{"$f":"IFERROR(VLOOKUP(C6287,参数!$B:$H,4,0),\"\")","v":""},{"$f":"IFERROR(VLOOKUP(C6287,参数!B:H,3,FALSE),\"\")","v":""},"",1]
[6287,{"$nulls":6},{"$f":"IFERROR(VLOOKUP(C6288,参数!$B:$H,2,0),\"\")","v":""},{"$f":"IFERROR(VLOOKUP(C6288,参数!$B:$H,4,0),\"\")","v":""},{"$f":"IFERROR(VLOOKUP(C6288,参数!B:H,3,FALSE),\"\")","v":""},"",1]
[6288,{"$nulls":6},{"$f":"IFERROR(VLOOKUP(C6289,参数!$B:$H,2,0),\"\")","v":""},{"$f":"IFERROR(VLOOKUP(C6289,参数!$B:$H,4,0),\"\")","v":""},{"$f":"IFERROR(VLOOKUP(C6289,参数!B:H,3,FALSE),\"\")","v":""},"",1]
[6289,{"$nulls":6},{"$f":"IFERROR(VLOOKUP(C6290,参数!$B:$H,2,0),\"\")","v":""},{"$f":"IFERROR(VLOOKUP(C6290,参数!$B:$H,4,0),\"\")","v":""},{"$f":"IFERROR(VLOOKUP(C6290,参数!B:H,3,FALSE),\"\")","v":""},"",1]
[6290,{"$nulls":6},{"$f":"IFERROR(VLOOKUP(C6291,参数!$B:$H,2,0),\"\")","v":""},{"$f":"IFERROR(VLOOKUP(C6291,参数!$B:$H,4,0),\"\")","v":""},{"$f":"IFERROR(VLOOKUP(C6291,参数!B:H,3,FALSE),\"\")","v":""},"",1]
[6291,{"$nulls":6},{"$f":"IFERROR(VLOOKUP(C6292,参数!$B:$H,2,0),\"\")","v":""},{"$f":"IFERROR(VLOOKUP(C6292,参数!$B:$H,4,0),\"\")","v":""},{"$f":"IFERROR(VLOOKUP(C6292,参数!B:H,3,FALSE),\"\")","v":""},"",1]
[6292,{"$nulls":6},{"$f":"IFERROR(VLOOKUP(C6293,参数!$B:$H,2,0),\"\")","v":""},{"$f":"IFERROR(VLOOKUP(C6293,参数!$B:$H,4,0),\"\")","v":""},{"$f":"IFERROR(VLOOKUP(C6293,参数!B:H,3,FALSE),\"\")","v":""},"",1]
[6293,{"$nulls":6},{"$f":"IFERROR(VLOOKUP(C6294,参数!$B:$H,2,0),\"\")","v":""},{"$f":"IFERROR(VLOOKUP(C6294,参数!$B:$H,4,0),\"\")","v":""},{"$f":"IFERROR(VLOOKUP(C6294,参数!B:H,3,FALSE),\"\")","v":""},"",1]
[6294,{"$nulls":6},{"$f":"IFERROR(VLOOKUP(C6295,参数!$B:$H,2,0),\"\")","v":""},{"$f":"IFERROR(VLOOKUP(C6295,参数!$B:$H,4,0),\"\")","v":""},{"$f":"IFERROR(VLOOKUP(C6295,参数!B:H,3,FALSE),\"\")","v":""},"",1]
[6295,{"$nulls":6},{"$f":"IFERROR(VLOOKUP(C6296,参数!$B:$H,2,0),\"\")","v":""},{"$f":"IFERROR(VLOOKUP(C6296,参数!$B:$H,4,0),\"\")","v":""},{"$f":"IFERROR(VLOOKUP(C6296,参数!B:H,3,FALSE),\"\")","v":""},"",1]
[6296,{"$nulls":6},{"$f":"IFERROR(VLOOKUP(C6297,参数!$B:$H,2,0),\"\")","v":""},{"$f":"IFERROR(VLOOKUP(C6297,参数!$B:$H,4,0),\"\")","v":""},{"$f":"IFERROR(VLOOKUP(C6297,参数!B:H,3,FALSE),\"\")","v":""},"",1]
[6297,{"$nulls":6},{"$f":"IFERROR(VLOOKUP(C6298,参数!$B:$H,2,0),\"\")","v":""},{"$f":"IFERROR(VLOOKUP(C6298,参数!$B:$H,4,0),\"\")","v":""},{"$f":"IFERROR(VLOOKUP(C6298,参数!B:H,3,FALSE),\"\")","v":""},"",1]
[6298,{"$nulls":6},{"$f":"IFERROR(VLOOKUP(C6299,参数!$B:$H,2,0),\"\")","v":""},{"$f":"IFERROR(VLOOKUP(C6299,参数!$B:$H,4,0),\"\")","v":""},{"$f":"IFERROR(VLOOKUP(C6299,参数!B:H,3,FALSE),\"\")","v":""},"",1]
[6299,{"$nulls":6},{"$f":"IFERROR(VLOOKUP(C6300,参数!$B:$H,2,0),\"\")","v":""},{"$f":"IFERROR(VLOOKUP(C6300,参数!$B:$H,4,0),\"\")","v":""},{"$f":"IFERROR(VLOOKUP(C6300,参数!B:H,3,FALSE),\"\")","v":""},"",1]
[6300,{"$nulls":6},{"$f":"IFERROR(VLOOKUP(C6301,参数!$B:$H,2,0),\"\")","v":""},{"$f":"IFERROR(VLOOKUP(C6301,参数!$B:$H,4,0),\"\")","v":""},{"$f":"IFERROR(VLOOKUP(C6301,参数!B:H,3,FALSE),\"\")","v":""},"",1]
[6301,{"$nulls":6},{"$f":"IFERROR(VLOOKUP(C6302,参数!$B:$H,2,0),\"\")","v":""},{"$f":"IFERROR(VLOOKUP(C6302,参数!$B:$H,4,0),\"\")","v":""},{"$f":"IFERROR(VLOOKUP(C6302,参数!B:H,3,FALSE),\"\")","v":""},"",1]
[6302,{"$nulls":6},{"$f":"IFERROR(VLOOKUP(C6303,参数!$B:$H,2,0),\"\")","v":""},{"$f":"IFERROR(VLOOKUP(C6303,参数!$B:$H,4,0),\"\")","v":""},{"$f":"IFERROR(VLOOKUP(C6303,参数!B:H,3,FALSE),\"\")","v":""},"",1]
[6303,{"$nulls":6},{"$f":"IFERROR(VLOOKUP(C6304,参数!$B:$H,2,0),\"\")","v":""},{"$f":"IFERROR(VLOOKUP(C6304,参数!$B:$H,4,0),\"\")","v":""},{"$f":"IFERROR(VLOOKUP(C6304,参数!B:H,3,FALSE),\"\")","v":""},"",1]
[6304,{"$nulls":6},{"$f":"IFERROR(VLOOKUP(C6305,参数!$B:$H,2,0),\"\")","v":""},{"$f":"IFERROR(VLOOKUP(C6305,参数!$B:$H,4,0),\"\")","v":""},{"$f":"IFERROR(VLOOKUP(C6305,参数!B:H,3,FALSE),\"\")","v":""},"",1]
[6305,{"$nulls":6},{"$f":"IFERROR(VLOOKUP(C6306,参数!$B:$H,2,0),\"\")","v":""},{"$f":"IFERROR(VLOOKUP(C6306,参数!$B:$H,4,0),\"\")","v":""},{"$f":"IFERROR(VLOOKUP(C6306,参数!B:H,3,FALSE),\"\")","v":""},"",1]
[6306,{"$nulls":6},{"$f":"IFERROR(VLOOKUP(C6307,参数!$B:$H,2,0),\"\")","v":""},{"$f":"IFERROR(VLOOKUP(C6307,参数!$B:$H,4,0),\"\")","v":""},{"$f":"IFERROR(VLOOKUP(C6307,参数!B:H,3,FALSE),\"\")","v":""},"",1]
[6307,{"$nulls":6},{"$f":"IFERROR(VLOOKUP(C6308,参数!$B:$H,2,0),\"\")","v":""},{"$f":"IFERROR(VLOOKUP(C6308,参数!$B:$H,4,0),\"\")","v":""},{"$f":"IFERROR(VLOOKUP(C6308,参数!B:H,3,FALSE),\"\")","v":""},"",1]
[6308,{"$nulls":6},{"$f":"IFERROR(VLOOKUP(C6309,参数!$B:$H,2,0),\"\")","v":""},{"$f":"IFERROR(VLOOKUP(C6309,参数!$B:$H,4,0),\"\")","v":""},{"$f":"IFERROR(VLOOKUP(C6309,参数!B:H,3,FALSE),\"\")","v":""},{"$f":"IFERROR(J6309*E6309,\"\")","v":""},1]
[6309,{"$nulls":6},{"$f":"IFERROR(VLOOKUP(C6310,参数!$B:$H,2,0),\"\")","v":""},{"$f":"IFERROR(VLOOKUP(C6310,参数!$B:$H,4,0),\"\")","v":""},{"$f":"IFERROR(VLOOKUP(C6310,参数!B:H,3,FALSE),\"\")","v":""},"",1]
[6310,{"$nulls":6},{"$f":"IFERROR(VLOOKUP(C6311,参数!$B:$H,2,0),\"\")","v":""},{"$f":"IFERROR(VLOOKUP(C6311,参数!$B:$H,4,0),\"\")","v":""},{"$f":"IFERROR(VLOOKUP(C6311,参数!B:H,3,FALSE),\"\")","v":""},"",1]
[6311,{"$nulls":6},{"$f":"IFERROR(VLOOKUP(C6312,参数!$B:$H,2,0),\"\")","v":""},{"$f":"IFERROR(VLOOKUP(C6312,参数!$B:$H,4,0),\"\")","v":""},{"$f":"IFERROR(VLOOKUP(C6312,参数!B:H,3,FALSE),\"\")","v":""},"",1]
[6312,{"$nulls":6},{"$f":"IFERROR(VLOOKUP(C6313,参数!$B:$H,2,0),\"\")","v":""},{"$f":"IFERROR(VLOOKUP(C6313,参数!$B:$H,4,0),\"\")","v":""},{"$f":"IFERROR(VLOOKUP(C6313,参数!B:H,3,FALSE),\"\")","v":""},"",1]
[6313,{"$nulls":6},{"$f":"IFERROR(VLOOKUP(C6314,参数!$B:$H,2,0),\"\")","v":""},{"$f":"IFERROR(VLOOKUP(C6314,参数!$B:$H,4,0),\"\")","v":""},{"$f":"IFERROR(VLOOKUP(C6314,参数!B:H,3,FALSE),\"\")","v":""},"",1]
[6314,{"$nulls":6},{"$f":"IFERROR(VLOOKUP(C6315,参数!$B:$H,2,0),\"\")","v":""},{"$f":"IFERROR(VLOOKUP(C6315,参数!$B:$H,4,0),\"\")","v":""},{"$f":"IFERROR(VLOOKUP(C6315,参数!B:H,3,FALSE),\"\")","v":""},"",1]
[6315,{"$nulls":6},{"$f":"IFERROR(VLOOKUP(C6316,参数!$B:$H,2,0),\"\")","v":""},{"$f":"IFERROR(VLOOKUP(C6316,参数!$B:$H,4,0),\"\")","v":""},{"$f":"IFERROR(VLOOKUP(C6316,参数!B:H,3,FALSE),\"\")","v":""},"",1]
[6316,{"$nulls":6},{"$f":"IFERROR(VLOOKUP(C6317,参数!$B:$H,2,0),\"\")","v":""},{"$f":"IFERROR(VLOOKUP(C6317,参数!$B:$H,4,0),\"\")","v":""},{"$f":"IFERROR(VLOOKUP(C6317,参数!B:H,3,FALSE),\"\")","v":""},"",1]
[6317,{"$nulls":6},{"$f":"IFERROR(VLOOKUP(C6318,参数!$B:$H,2,0),\"\")","v":""},{"$f":"IFERROR(VLOOKUP(C6318,参数!$B:$H,4,0),\"\")","v":""},{"$f":"IFERROR(VLOOKUP(C6318,参数!B:H,3,FALSE),\"\")","v":""},"",1]
[6318,{"$nulls":6},{"$f":"IFERROR(VLOOKUP(C6319,参数!$B:$H,2,0),\"\")","v":""},{"$f":"IFERROR(VLOOKUP(C6319,参数!$B:$H,4,0),\"\")","v":""},{"$f":"IFERROR(VLOOKUP(C6319,参数!B:H,3,FALSE),\"\")","v":""},"",1]
[6319,{"$nulls":6},{"$f":"IFERROR(VLOOKUP(C6320,参数!$B:$H,2,0),\"\")","v":""},{"$f":"IFERROR(VLOOKUP(C6320,参数!$B:$H,4,0),\"\")","v":""},{"$f":"IFERROR(VLOOKUP(C6320,参数!B:H,3,FALSE),\"\")","v":""},"",1]
[6320,{"$nulls":6},{"$f":"IFERROR(VLOOKUP(C6321,参数!$B:$H,2,0),\"\")","v":""},{"$f":"IFERROR(VLOOKUP(C6321,参数!$B:$H,4,0),\"\")","v":""},{"$f":"IFERROR(VLOOKUP(C6321,参数!B:H,3,FALSE),\"\")","v":""},"",1]
[6321,{"$nulls":6},{"$f":"IFERROR(VLOOKUP(C6322,参数!$B:$H,2,0),\"\")","v":""},{"$f":"IFERROR(VLOOKUP(C6322,参数!$B:$H,4,0),\"\")","v":""},{"$f":"IFERROR(VLOOKUP(C6322,参数!B:H,3,FALSE),\"\")","v":""},"",1]
[6322,{"$nulls":6},{"$f":"IFERROR(VLOOKUP(C6323,参数!$B:$H,2,0),\"\")","v":""},{"$f":"IFERROR(VLOOKUP(C6323,参数!$B:$H,4,0),\"\")","v":""},{"$f":"IFERROR(VLOOKUP(C6323,参数!B:H,3,FALSE),\"\")","v":""},"",1]
[6323,{"$nulls":6},{"$f":"IFERROR(VLOOKUP(C6324,参数!$B:$H,2,0),\"\")","v":""},{"$f":"IFERROR(VLOOKUP(C6324,参数!$B:$H,4,0),\"\")","v":""},{"$f":"IFERROR(VLOOKUP(C6324,参数!B:H,3,FALSE),\"\")","v":""},"",1]
[6324,{"$nulls":6},{"$f":"IFERROR(VLOOKUP(C6325,参数!$B:$H,2,0),\"\")","v":""},{"$f":"IFERROR(VLOOKUP(C6325,参数!$B:$H,4,0),\"\")","v":""},{"$f":"IFERROR(VLOOKUP(C6325,参数!B:H,3,FALSE),\"\")","v":""},"",1]
[6325,{"$nulls":6},{"$f":"IFERROR(VLOOKUP(C6326,参数!$B:$H,2,0),\"\")","v":""},{"$f":"IFERROR(VLOOKUP(C6326,参数!$B:$H,4,0),\"\")","v":""},{"$f":"IFERROR(VLOOKUP(C6326,参数!B:H,3,FALSE),\"\")","v":""},"",1]
[6326,{"$nulls":6},{"$f":"IFERROR(VLOOKUP(C6327,参数!$B:$H,2,0),\"\")","v":""},{"$f":"IFERROR(VLOOKUP(C6327,参数!$B:$H,4,0),\"\")","v":""},{"$f":"IFERROR(VLOOKUP(C6327,参数!B:H,3,FALSE),\"\")","v":""},"",1]
[6327,{"$nulls":6},{"$f":"IFERROR(VLOOKUP(C6328,参数!$B:$H,2,0),\"\")","v":""},{"$f":"IFERROR(VLOOKUP(C6328,参数!$B:$H,4,0),\"\")","v":""},{"$f":"IFERROR(VLOOKUP(C6328,参数!B:H,3,FALSE),\"\")","v":""},"",1]
[6328,{"$nulls":6},{"$f":"IFERROR(VLOOKUP(C6329,参数!$B:$H,2,0),\"\")","v":""},{"$f":"IFERROR(VLOOKUP(C6329,参数!$B:$H,4,0),\"\")","v":""},{"$f":"IFERROR(VLOOKUP(C6329,参数!B:H,3,FALSE),\"\")","v":""},"",1]
[6329,{"$nulls":6},{"$f":"IFERROR(VLOOKUP(C6330,参数!$B:$H,2,0),\"\")","v":""},{"$f":"IFERROR(VLOOKUP(C6330,参数!$B:$H,4,0),\"\")","v":""},{"$f":"IFERROR(VLOOKUP(C6330,参数!B:H,3,FALSE),\"\")","v":""},"",1]
[6330,{"$nulls":6},{"$f":"IFERROR(VLOOKUP(C6331,参数!$B:$H,2,0),\"\")","v":""},{"$f":"IFERROR(VLOOKUP(C6331,参数!$B:$H,4,0),\"\")","v":""},{"$f":"IFERROR(VLOOKUP(C6331,参数!B:H,3,FALSE),\"\")","v":""},"",1]
[6331,{"$nulls":6},{"$f":"IFERROR(VLOOKUP(C6332,参数!$B:$H,2,0),\"\")","v":""},{"$f":"IFERROR(VLOOKUP(C6332,参数!$B:$H,4,0),\"\")","v":""},{"$f":"IFERROR(VLOOKUP(C6332,参数!B:H,3,FALSE),\"\")","v":""},"",1]
[6332,{"$nulls":6},{"$f":"IFERROR(VLOOKUP(C6333,参数!$B:$H,2,0),\"\")","v":""},{"$f":"IFERROR(VLOOKUP(C6333,参数!$B:$H,4,0),\"\")","v":""},{"$f":"IFERROR(VLOOKUP(C6333,参数!B:H,3,FALSE),\"\")","v":""},"",1]
[6333,{"$nulls":6},{"$f":"IFERROR(VLOOKUP(C6334,参数!$B:$H,2,0),\"\")","v":""},{"$f":"IFERROR(VLOOKUP(C6334,参数!$B:$H,4,0),\"\")","v":""},{"$f":"IFERROR(VLOOKUP(C6334,参数!B:H,3,FALSE),\"\")","v":""},"",1]
[6334,{"$nulls":6},{"$f":"IFERROR(VLOOKUP(C6335,参数!$B:$H,2,0),\"\")","v":""},{"$f":"IFERROR(VLOOKUP(C6335,参数!$B:$H,4,0),\"\")","v":""},{"$f":"IFERROR(VLOOKUP(C6335,参数!B:H,3,FALSE),\"\")","v":""},"",1]
[6335,{"$nulls":6},{"$f":"IFERROR(VLOOKUP(C6336,参数!$B:$H,2,0),\"\")","v":""},{"$f":"IFERROR(VLOOKUP(C6336,参数!$B:$H,4,0),\"\")","v":""},{"$f":"IFERROR(VLOOKUP(C6336,参数!B:H,3,FALSE),\"\")","v":""},"",1]
[6336,{"$nulls":6},{"$f":"IFERROR(VLOOKUP(C6337,参数!$B:$H,2,0),\"\")","v":""},{"$f":"IFERROR(VLOOKUP(C6337,参数!$B:$H,4,0),\"\")","v":""},{"$f":"IFERROR(VLOOKUP(C6337,参数!B:H,3,FALSE),\"\")","v":""},"",1]
[6337,{"$nulls":6},{"$f":"IFERROR(VLOOKUP(C6338,参数!$B:$H,2,0),\"\")","v":""},{"$f":"IFERROR(VLOOKUP(C6338,参数!$B:$H,4,0),\"\")","v":""},{"$f":"IFERROR(VLOOKUP(C6338,参数!B:H,3,FALSE),\"\")","v":""},"",{"$f":"VALUE(MONTH(B6338))","v":1}]
[6338,{"$nulls":6},{"$f":"IFERROR(VLOOKUP(C6339,参数!$B:$H,2,0),\"\")","v":""},{"$f":"IFERROR(VLOOKUP(C6339,参数!$B:$H,4,0),\"\")","v":""},{"$f":"IFERROR(VLOOKUP(C6339,参数!B:H,3,FALSE),\"\")","v":""},"",1]
[6339,{"$nulls":6},{"$f":"IFERROR(VLOOKUP(C6340,参数!$B:$H,2,0),\"\")","v":""},{"$f":"IFERROR(VLOOKUP(C6340,参数!$B:$H,4,0),\"\")","v":""},{"$f":"IFERROR(VLOOKUP(C6340,参数!B:H,3,FALSE),\"\")","v":""},"",1]
[6340,{"$nulls":6},{"$f":"IFERROR(VLOOKUP(C6341,参数!$B:$H,2,0),\"\")","v":""},{"$f":"IFERROR(VLOOKUP(C6341,参数!$B:$H,4,0),\"\")","v":""},{"$f":"IFERROR(VLOOKUP(C6341,参数!B:H,3,FALSE),\"\")","v":""},"",1]
[6341,{"$nulls":6},{"$f":"IFERROR(VLOOKUP(C6342,参数!$B:$H,2,0),\"\")","v":""},{"$f":"IFERROR(VLOOKUP(C6342,参数!$B:$H,4,0),\"\")","v":""},{"$f":"IFERROR(VLOOKUP(C6342,参数!B:H,3,FALSE),\"\")","v":""},"",1]
[6342,{"$nulls":6},{"$f":"IFERROR(VLOOKUP(C6343,参数!$B:$H,2,0),\"\")","v":""},{"$f":"IFERROR(VLOOKUP(C6343,参数!$B:$H,4,0),\"\")","v":""},{"$f":"IFERROR(VLOOKUP(C6343,参数!B:H,3,FALSE),\"\")","v":""},"",1]
[6343,{"$nulls":6},{"$f":"IFERROR(VLOOKUP(C6344,参数!$B:$H,2,0),\"\")","v":""},{"$f":"IFERROR(VLOOKUP(C6344,参数!$B:$H,4,0),\"\")","v":""},{"$f":"IFERROR(VLOOKUP(C6344,参数!B:H,3,FALSE),\"\")","v":""},"",1]
[6344,{"$nulls":6},{"$f":"IFERROR(VLOOKUP(C6345,参数!$B:$H,2,0),\"\")","v":""},{"$f":"IFERROR(VLOOKUP(C6345,参数!$B:$H,4,0),\"\")","v":""},{"$f":"IFERROR(VLOOKUP(C6345,参数!B:H,3,FALSE),\"\")","v":""},"",1]
[6345,{"$nulls":6},{"$f":"IFERROR(VLOOKUP(C6346,参数!$B:$H,2,0),\"\")","v":""},{"$f":"IFERROR(VLOOKUP(C6346,参数!$B:$H,4,0),\"\")","v":""},{"$f":"IFERROR(VLOOKUP(C6346,参数!B:H,3,FALSE),\"\")","v":""},"",1]
[6346,{"$nulls":6},{"$f":"IFERROR(VLOOKUP(C6347,参数!$B:$H,2,0),\"\")","v":""},{"$f":"IFERROR(VLOOKUP(C6347,参数!$B:$H,4,0),\"\")","v":""},{"$f":"IFERROR(VLOOKUP(C6347,参数!B:H,3,FALSE),\"\")","v":""},"",1]
[6347,{"$nulls":6},{"$f":"IFERROR(VLOOKUP(C6348,参数!$B:$H,2,0),\"\")","v":""},{"$f":"IFERROR(VLOOKUP(C6348,参数!$B:$H,4,0),\"\")","v":""},{"$f":"IFERROR(VLOOKUP(C6348,参数!B:H,3,FALSE),\"\")","v":""},"",1]
[6348,{"$nulls":6},{"$f":"IFERROR(VLOOKUP(C6349,参数!$B:$H,2,0),\"\")","v":""},{"$f":"IFERROR(VLOOKUP(C6349,参数!$B:$H,4,0),\"\")","v":""},{"$f":"IFERROR(VLOOKUP(C6349,参数!B:H,3,FALSE),\"\")","v":""},"",1]
[6349,{"$nulls":6},{"$f":"IFERROR(VLOOKUP(C6350,参数!$B:$H,2,0),\"\")","v":""},{"$f":"IFERROR(VLOOKUP(C6350,参数!$B:$H,4,0),\"\")","v":""},{"$f":"IFERROR(VLOOKUP(C6350,参数!B:H,3,FALSE),\"\")","v":""},"",1]
[6350,{"$nulls":6},{"$f":"IFERROR(VLOOKUP(C6351,参数!$B:$H,2,0),\"\")","v":""},{"$f":"IFERROR(VLOOKUP(C6351,参数!$B:$H,4,0),\"\")","v":""},{"$f":"IFERROR(VLOOKUP(C6351,参数!B:H,3,FALSE),\"\")","v":""},"",1]
[6351,{"$nulls":6},{"$f":"IFERROR(VLOOKUP(C6352,参数!$B:$H,2,0),\"\")","v":""},{"$f":"IFERROR(VLOOKUP(C6352,参数!$B:$H,4,0),\"\")","v":""},{"$f":"IFERROR(VLOOKUP(C6352,参数!B:H,3,FALSE),\"\")","v":""},"",1]
[6352,{"$nulls":6},{"$f":"IFERROR(VLOOKUP(C6353,参数!$B:$H,2,0),\"\")","v":""},{"$f":"IFERROR(VLOOKUP(C6353,参数!$B:$H,4,0),\"\")","v":""},{"$f":"IFERROR(VLOOKUP(C6353,参数!B:H,3,FALSE),\"\")","v":""},"",1]
[6353,{"$nulls":6},{"$f":"IFERROR(VLOOKUP(C6354,参数!$B:$H,2,0),\"\")","v":""},{"$f":"IFERROR(VLOOKUP(C6354,参数!$B:$H,4,0),\"\")","v":""},{"$f":"IFERROR(VLOOKUP(C6354,参数!B:H,3,FALSE),\"\")","v":""},"",1]
[6354,{"$nulls":6},{"$f":"IFERROR(VLOOKUP(C6355,参数!$B:$H,2,0),\"\")","v":""},{"$f":"IFERROR(VLOOKUP(C6355,参数!$B:$H,4,0),\"\")","v":""},{"$f":"IFERROR(VLOOKUP(C6355,参数!B:H,3,FALSE),\"\")","v":""},"",1]
[6355,{"$nulls":6},{"$f":"IFERROR(VLOOKUP(C6356,参数!$B:$H,2,0),\"\")","v":""},{"$f":"IFERROR(VLOOKUP(C6356,参数!$B:$H,4,0),\"\")","v":""},{"$f":"IFERROR(VLOOKUP(C6356,参数!B:H,3,FALSE),\"\")","v":""},"",1]
[6356,{"$nulls":6},{"$f":"IFERROR(VLOOKUP(C6357,参数!$B:$H,2,0),\"\")","v":""},{"$f":"IFERROR(VLOOKUP(C6357,参数!$B:$H,4,0),\"\")","v":""},{"$f":"IFERROR(VLOOKUP(C6357,参数!B:H,3,FALSE),\"\")","v":""},"",1]
[6357,{"$nulls":6},{"$f":"IFERROR(VLOOKUP(C6358,参数!$B:$H,2,0),\"\")","v":""},{"$f":"IFERROR(VLOOKUP(C6358,参数!$B:$H,4,0),\"\")","v":""},{"$f":"IFERROR(VLOOKUP(C6358,参数!B:H,3,FALSE),\"\")","v":""},"",1]
[6358,{"$nulls":6},{"$f":"IFERROR(VLOOKUP(C6359,参数!$B:$H,2,0),\"\")","v":""},{"$f":"IFERROR(VLOOKUP(C6359,参数!$B:$H,4,0),\"\")","v":""},{"$f":"IFERROR(VLOOKUP(C6359,参数!B:H,3,FALSE),\"\")","v":""},"",1]
[6359,{"$nulls":6},{"$f":"IFERROR(VLOOKUP(C6360,参数!$B:$H,2,0),\"\")","v":""},{"$f":"IFERROR(VLOOKUP(C6360,参数!$B:$H,4,0),\"\")","v":""},{"$f":"IFERROR(VLOOKUP(C6360,参数!B:H,3,FALSE),\"\")","v":""},"",1]
[6360,{"$nulls":6},{"$f":"IFERROR(VLOOKUP(C6361,参数!$B:$H,2,0),\"\")","v":""},{"$f":"IFERROR(VLOOKUP(C6361,参数!$B:$H,4,0),\"\")","v":""},{"$f":"IFERROR(VLOOKUP(C6361,参数!B:H,3,FALSE),\"\")","v":""},"",1]
[6361,{"$nulls":6},{"$f":"IFERROR(VLOOKUP(C6362,参数!$B:$H,2,0),\"\")","v":""},{"$f":"IFERROR(VLOOKUP(C6362,参数!$B:$H,4,0),\"\")","v":""},{"$f":"IFERROR(VLOOKUP(C6362,参数!B:H,3,FALSE),\"\")","v":""},"",1]
[6362,{"$nulls":6},{"$f":"IFERROR(VLOOKUP(C6363,参数!$B:$H,2,0),\"\")","v":""},{"$f":"IFERROR(VLOOKUP(C6363,参数!$B:$H,4,0),\"\")","v":""},{"$f":"IFERROR(VLOOKUP(C6363,参数!B:H,3,FALSE),\"\")","v":""},"",1]
[6363,{"$nulls":6},{"$f":"IFERROR(VLOOKUP(C6364,参数!$B:$H,2,0),\"\")","v":""},{"$f":"IFERROR(VLOOKUP(C6364,参数!$B:$H,4,0),\"\")","v":""},{"$f":"IFERROR(VLOOKUP(C6364,参数!B:H,3,FALSE),\"\")","v":""},"",1]
[6364,{"$nulls":6},{"$f":"IFERROR(VLOOKUP(C6365,参数!$B:$H,2,0),\"\")","v":""},{"$f":"IFERROR(VLOOKUP(C6365,参数!$B:$H,4,0),\"\")","v":""},{"$f":"IFERROR(VLOOKUP(C6365,参数!B:H,3,FALSE),\"\")","v":""},"",1]
[6365,{"$nulls":6},{"$f":"IFERROR(VLOOKUP(C6366,参数!$B:$H,2,0),\"\")","v":""},{"$f":"IFERROR(VLOOKUP(C6366,参数!$B:$H,4,0),\"\")","v":""},{"$f":"IFERROR(VLOOKUP(C6366,参数!B:H,3,FALSE),\"\")","v":""},"",1]
[6366,{"$nulls":6},{"$f":"IFERROR(VLOOKUP(C6367,参数!$B:$H,2,0),\"\")","v":""},{"$f":"IFERROR(VLOOKUP(C6367,参数!$B:$H,4,0),\"\")","v":""},{"$f":"IFERROR(VLOOKUP(C6367,参数!B:H,3,FALSE),\"\")","v":""},"",1]
[6367,{"$nulls":6},{"$f":"IFERROR(VLOOKUP(C6368,参数!$B:$H,2,0),\"\")","v":""},{"$f":"IFERROR(VLOOKUP(C6368,参数!$B:$H,4,0),\"\")","v":""},{"$f":"IFERROR(VLOOKUP(C6368,参数!B:H,3,FALSE),\"\")","v":""},"",1]
[6368,{"$nulls":6},{"$f":"IFERROR(VLOOKUP(C6369,参数!$B:$H,2,0),\"\")","v":""},{"$f":"IFERROR(VLOOKUP(C6369,参数!$B:$H,4,0),\"\")","v":""},{"$f":"IFERROR(VLOOKUP(C6369,参数!B:H,3,FALSE),\"\")","v":""},"",1]
[6369,{"$nulls":6},{"$f":"IFERROR(VLOOKUP(C6370,参数!$B:$H,2,0),\"\")","v":""},{"$f":"IFERROR(VLOOKUP(C6370,参数!$B:$H,4,0),\"\")","v":""},{"$f":"IFERROR(VLOOKUP(C6370,参数!B:H,3,FALSE),\"\")","v":""},"",1]
[6370,{"$nulls":6},{"$f":"IFERROR(VLOOKUP(C6371,参数!$B:$H,2,0),\"\")","v":""},{"$f":"IFERROR(VLOOKUP(C6371,参数!$B:$H,4,0),\"\")","v":""},{"$f":"IFERROR(VLOOKUP(C6371,参数!B:H,3,FALSE),\"\")","v":""},"",1]
[6371,{"$nulls":6},{"$f":"IFERROR(VLOOKUP(C6372,参数!$B:$H,2,0),\"\")","v":""},{"$f":"IFERROR(VLOOKUP(C6372,参数!$B:$H,4,0),\"\")","v":""},{"$f":"IFERROR(VLOOKUP(C6372,参数!B:H,3,FALSE),\"\")","v":""},"",1]
[6372,{"$nulls":6},{"$f":"IFERROR(VLOOKUP(C6373,参数!$B:$H,2,0),\"\")","v":""},{"$f":"IFERROR(VLOOKUP(C6373,参数!$B:$H,4,0),\"\")","v":""},{"$f":"IFERROR(VLOOKUP(C6373,参数!B:H,3,FALSE),\"\")","v":""},{"$f":"IFERROR(J6373*E6373,\"\")","v":""},1]
[6373,{"$nulls":6},{"$f":"IFERROR(VLOOKUP(C6374,参数!$B:$H,2,0),\"\")","v":""},{"$f":"IFERROR(VLOOKUP(C6374,参数!$B:$H,4,0),\"\")","v":""},{"$f":"IFERROR(VLOOKUP(C6374,参数!B:H,3,FALSE),\"\")","v":""},"",1]
[6374,{"$nulls":6},{"$f":"IFERROR(VLOOKUP(C6375,参数!$B:$H,2,0),\"\")","v":""},{"$f":"IFERROR(VLOOKUP(C6375,参数!$B:$H,4,0),\"\")","v":""},{"$f":"IFERROR(VLOOKUP(C6375,参数!B:H,3,FALSE),\"\")","v":""},"",1]
[6375,{"$nulls":6},{"$f":"IFERROR(VLOOKUP(C6376,参数!$B:$H,2,0),\"\")","v":""},{"$f":"IFERROR(VLOOKUP(C6376,参数!$B:$H,4,0),\"\")","v":""},{"$f":"IFERROR(VLOOKUP(C6376,参数!B:H,3,FALSE),\"\")","v":""},"",1]
[6376,{"$nulls":6},{"$f":"IFERROR(VLOOKUP(C6377,参数!$B:$H,2,0),\"\")","v":""},{"$f":"IFERROR(VLOOKUP(C6377,参数!$B:$H,4,0),\"\")","v":""},{"$f":"IFERROR(VLOOKUP(C6377,参数!B:H,3,FALSE),\"\")","v":""},"",1]
[6377,{"$nulls":6},{"$f":"IFERROR(VLOOKUP(C6378,参数!$B:$H,2,0),\"\")","v":""},{"$f":"IFERROR(VLOOKUP(C6378,参数!$B:$H,4,0),\"\")","v":""},{"$f":"IFERROR(VLOOKUP(C6378,参数!B:H,3,FALSE),\"\")","v":""},"",1]
[6378,{"$nulls":6},{"$f":"IFERROR(VLOOKUP(C6379,参数!$B:$H,2,0),\"\")","v":""},{"$f":"IFERROR(VLOOKUP(C6379,参数!$B:$H,4,0),\"\")","v":""},{"$f":"IFERROR(VLOOKUP(C6379,参数!B:H,3,FALSE),\"\")","v":""},"",1]
[6379,{"$nulls":6},{"$f":"IFERROR(VLOOKUP(C6380,参数!$B:$H,2,0),\"\")","v":""},{"$f":"IFERROR(VLOOKUP(C6380,参数!$B:$H,4,0),\"\")","v":""},{"$f":"IFERROR(VLOOKUP(C6380,参数!B:H,3,FALSE),\"\")","v":""},"",1]
[6380,{"$nulls":6},{"$f":"IFERROR(VLOOKUP(C6381,参数!$B:$H,2,0),\"\")","v":""},{"$f":"IFERROR(VLOOKUP(C6381,参数!$B:$H,4,0),\"\")","v":""},{"$f":"IFERROR(VLOOKUP(C6381,参数!B:H,3,FALSE),\"\")","v":""},"",1]
[6381,{"$nulls":6},{"$f":"IFERROR(VLOOKUP(C6382,参数!$B:$H,2,0),\"\")","v":""},{"$f":"IFERROR(VLOOKUP(C6382,参数!$B:$H,4,0),\"\")","v":""},{"$f":"IFERROR(VLOOKUP(C6382,参数!B:H,3,FALSE),\"\")","v":""},"",1]
[6382,{"$nulls":6},{"$f":"IFERROR(VLOOKUP(C6383,参数!$B:$H,2,0),\"\")","v":""},{"$f":"IFERROR(VLOOKUP(C6383,参数!$B:$H,4,0),\"\")","v":""},{"$f":"IFERROR(VLOOKUP(C6383,参数!B:H,3,FALSE),\"\")","v":""},"",1]
[6383,{"$nulls":6},{"$f":"IFERROR(VLOOKUP(C6384,参数!$B:$H,2,0),\"\")","v":""},{"$f":"IFERROR(VLOOKUP(C6384,参数!$B:$H,4,0),\"\")","v":""},{"$f":"IFERROR(VLOOKUP(C6384,参数!B:H,3,FALSE),\"\")","v":""},"",1]
[6384,{"$nulls":6},{"$f":"IFERROR(VLOOKUP(C6385,参数!$B:$H,2,0),\"\")","v":""},{"$f":"IFERROR(VLOOKUP(C6385,参数!$B:$H,4,0),\"\")","v":""},{"$f":"IFERROR(VLOOKUP(C6385,参数!B:H,3,FALSE),\"\")","v":""},"",1]
[6385,{"$nulls":6},{"$f":"IFERROR(VLOOKUP(C6386,参数!$B:$H,2,0),\"\")","v":""},{"$f":"IFERROR(VLOOKUP(C6386,参数!$B:$H,4,0),\"\")","v":""},{"$f":"IFERROR(VLOOKUP(C6386,参数!B:H,3,FALSE),\"\")","v":""},"",1]
[6386,{"$nulls":6},{"$f":"IFERROR(VLOOKUP(C6387,参数!$B:$H,2,0),\"\")","v":""},{"$f":"IFERROR(VLOOKUP(C6387,参数!$B:$H,4,0),\"\")","v":""},{"$f":"IFERROR(VLOOKUP(C6387,参数!B:H,3,FALSE),\"\")","v":""},"",1]
[6387,{"$nulls":6},{"$f":"IFERROR(VLOOKUP(C6388,参数!$B:$H,2,0),\"\")","v":""},{"$f":"IFERROR(VLOOKUP(C6388,参数!$B:$H,4,0),\"\")","v":""},{"$f":"IFERROR(VLOOKUP(C6388,参数!B:H,3,FALSE),\"\")","v":""},"",1]
[6388,{"$nulls":6},{"$f":"IFERROR(VLOOKUP(C6389,参数!$B:$H,2,0),\"\")","v":""},{"$f":"IFERROR(VLOOKUP(C6389,参数!$B:$H,4,0),\"\")","v":""},{"$f":"IFERROR(VLOOKUP(C6389,参数!B:H,3,FALSE),\"\")","v":""},"",1]
[6389,{"$nulls":6},{"$f":"IFERROR(VLOOKUP(C6390,参数!$B:$H,2,0),\"\")","v":""},{"$f":"IFERROR(VLOOKUP(C6390,参数!$B:$H,4,0),\"\")","v":""},{"$f":"IFERROR(VLOOKUP(C6390,参数!B:H,3,FALSE),\"\")","v":""},"",1]
[6390,{"$nulls":6},{"$f":"IFERROR(VLOOKUP(C6391,参数!$B:$H,2,0),\"\")","v":""},{"$f":"IFERROR(VLOOKUP(C6391,参数!$B:$H,4,0),\"\")","v":""},{"$f":"IFERROR(VLOOKUP(C6391,参数!B:H,3,FALSE),\"\")","v":""},"",1]
[6391,{"$nulls":6},{"$f":"IFERROR(VLOOKUP(C6392,参数!$B:$H,2,0),\"\")","v":""},{"$f":"IFERROR(VLOOKUP(C6392,参数!$B:$H,4,0),\"\")","v":""},{"$f":"IFERROR(VLOOKUP(C6392,参数!B:H,3,FALSE),\"\")","v":""},"",1]
[6392,{"$nulls":6},{"$f":"IFERROR(VLOOKUP(C6393,参数!$B:$H,2,0),\"\")","v":""},{"$f":"IFERROR(VLOOKUP(C6393,参数!$B:$H,4,0),\"\")","v":""},{"$f":"IFERROR(VLOOKUP(C6393,参数!B:H,3,FALSE),\"\")","v":""},"",1]
[6393,{"$nulls":6},{"$f":"IFERROR(VLOOKUP(C6394,参数!$B:$H,2,0),\"\")","v":""},{"$f":"IFERROR(VLOOKUP(C6394,参数!$B:$H,4,0),\"\")","v":""},{"$f":"IFERROR(VLOOKUP(C6394,参数!B:H,3,FALSE),\"\")","v":""},"",1]
[6394,{"$nulls":6},{"$f":"IFERROR(VLOOKUP(C6395,参数!$B:$H,2,0),\"\")","v":""},{"$f":"IFERROR(VLOOKUP(C6395,参数!$B:$H,4,0),\"\")","v":""},{"$f":"IFERROR(VLOOKUP(C6395,参数!B:H,3,FALSE),\"\")","v":""},"",1]
[6395,{"$nulls":6},{"$f":"IFERROR(VLOOKUP(C6396,参数!$B:$H,2,0),\"\")","v":""},{"$f":"IFERROR(VLOOKUP(C6396,参数!$B:$H,4,0),\"\")","v":""},{"$f":"IFERROR(VLOOKUP(C6396,参数!B:H,3,FALSE),\"\")","v":""},"",1]
[6396,{"$nulls":6},{"$f":"IFERROR(VLOOKUP(C6397,参数!$B:$H,2,0),\"\")","v":""},{"$f":"IFERROR(VLOOKUP(C6397,参数!$B:$H,4,0),\"\")","v":""},{"$f":"IFERROR(VLOOKUP(C6397,参数!B:H,3,FALSE),\"\")","v":""},"",1]
[6397,{"$nulls":6},{"$f":"IFERROR(VLOOKUP(C6398,参数!$B:$H,2,0),\"\")","v":""},{"$f":"IFERROR(VLOOKUP(C6398,参数!$B:$H,4,0),\"\")","v":""},{"$f":"IFERROR(VLOOKUP(C6398,参数!B:H,3,FALSE),\"\")","v":""},"",1]
[6398,{"$nulls":6},{"$f":"IFERROR(VLOOKUP(C6399,参数!$B:$H,2,0),\"\")","v":""},{"$f":"IFERROR(VLOOKUP(C6399,参数!$B:$H,4,0),\"\")","v":""},{"$f":"IFERROR(VLOOKUP(C6399,参数!B:H,3,FALSE),\"\")","v":""},"",1]
[6399,{"$nulls":6},{"$f":"IFERROR(VLOOKUP(C6400,参数!$B:$H,2,0),\"\")","v":""},{"$f":"IFERROR(VLOOKUP(C6400,参数!$B:$H,4,0),\"\")","v":""},{"$f":"IFERROR(VLOOKUP(C6400,参数!B:H,3,FALSE),\"\")","v":""},"",1]
[6400,{"$nulls":6},{"$f":"IFERROR(VLOOKUP(C6401,参数!$B:$H,2,0),\"\")","v":""},{"$f":"IFERROR(VLOOKUP(C6401,参数!$B:$H,4,0),\"\")","v":""},{"$f":"IFERROR(VLOOKUP(C6401,参数!B:H,3,FALSE),\"\")","v":""},"",1]
[6401,{"$nulls":6},{"$f":"IFERROR(VLOOKUP(C6402,参数!$B:$H,2,0),\"\")","v":""},{"$f":"IFERROR(VLOOKUP(C6402,参数!$B:$H,4,0),\"\")","v":""},{"$f":"IFERROR(VLOOKUP(C6402,参数!B:H,3,FALSE),\"\")","v":""},"",{"$f":"VALUE(MONTH(B6402))","v":1}]
[6402,{"$nulls":6},{"$f":"IFERROR(VLOOKUP(C6403,参数!$B:$H,2,0),\"\")","v":""},{"$f":"IFERROR(VLOOKUP(C6403,参数!$B:$H,4,0),\"\")","v":""},{"$f":"IFERROR(VLOOKUP(C6403,参数!B:H,3,FALSE),\"\")","v":""},"",1]
[6403,{"$nulls":6},{"$f":"IFERROR(VLOOKUP(C6404,参数!$B:$H,2,0),\"\")","v":""},{"$f":"IFERROR(VLOOKUP(C6404,参数!$B:$H,4,0),\"\")","v":""},{"$f":"IFERROR(VLOOKUP(C6404,参数!B:H,3,FALSE),\"\")","v":""},"",1]
[6404,{"$nulls":6},{"$f":"IFERROR(VLOOKUP(C6405,参数!$B:$H,2,0),\"\")","v":""},{"$f":"IFERROR(VLOOKUP(C6405,参数!$B:$H,4,0),\"\")","v":""},{"$f":"IFERROR(VLOOKUP(C6405,参数!B:H,3,FALSE),\"\")","v":""},"",1]
[6405,{"$nulls":6},{"$f":"IFERROR(VLOOKUP(C6406,参数!$B:$H,2,0),\"\")","v":""},{"$f":"IFERROR(VLOOKUP(C6406,参数!$B:$H,4,0),\"\")","v":""},{"$f":"IFERROR(VLOOKUP(C6406,参数!B:H,3,FALSE),\"\")","v":""},"",1]
[6406,{"$nulls":6},{"$f":"IFERROR(VLOOKUP(C6407,参数!$B:$H,2,0),\"\")","v":""},{"$f":"IFERROR(VLOOKUP(C6407,参数!$B:$H,4,0),\"\")","v":""},{"$f":"IFERROR(VLOOKUP(C6407,参数!B:H,3,FALSE),\"\")","v":""},"",1]
[6407,{"$nulls":6},{"$f":"IFERROR(VLOOKUP(C6408,参数!$B:$H,2,0),\"\")","v":""},{"$f":"IFERROR(VLOOKUP(C6408,参数!$B:$H,4,0),\"\")","v":""},{"$f":"IFERROR(VLOOKUP(C6408,参数!B:H,3,FALSE),\"\")","v":""},"",1]
[6408,{"$nulls":6},{"$f":"IFERROR(VLOOKUP(C6409,参数!$B:$H,2,0),\"\")","v":""},{"$f":"IFERROR(VLOOKUP(C6409,参数!$B:$H,4,0),\"\")","v":""},{"$f":"IFERROR(VLOOKUP(C6409,参数!B:H,3,FALSE),\"\")","v":""},"",1]
[6409,{"$nulls":6},{"$f":"IFERROR(VLOOKUP(C6410,参数!$B:$H,2,0),\"\")","v":""},{"$f":"IFERROR(VLOOKUP(C6410,参数!$B:$H,4,0),\"\")","v":""},{"$f":"IFERROR(VLOOKUP(C6410,参数!B:H,3,FALSE),\"\")","v":""},"",1]
[6410,{"$nulls":6},{"$f":"IFERROR(VLOOKUP(C6411,参数!$B:$H,2,0),\"\")","v":""},{"$f":"IFERROR(VLOOKUP(C6411,参数!$B:$H,4,0),\"\")","v":""},{"$f":"IFERROR(VLOOKUP(C6411,参数!B:H,3,FALSE),\"\")","v":""},"",1]
[6411,{"$nulls":6},{"$f":"IFERROR(VLOOKUP(C6412,参数!$B:$H,2,0),\"\")","v":""},{"$f":"IFERROR(VLOOKUP(C6412,参数!$B:$H,4,0),\"\")","v":""},{"$f":"IFERROR(VLOOKUP(C6412,参数!B:H,3,FALSE),\"\")","v":""},"",1]
[6412,{"$nulls":6},{"$f":"IFERROR(VLOOKUP(C6413,参数!$B:$H,2,0),\"\")","v":""},{"$f":"IFERROR(VLOOKUP(C6413,参数!$B:$H,4,0),\"\")","v":""},{"$f":"IFERROR(VLOOKUP(C6413,参数!B:H,3,FALSE),\"\")","v":""},"",1]
[6413,{"$nulls":6},{"$f":"IFERROR(VLOOKUP(C6414,参数!$B:$H,2,0),\"\")","v":""},{"$f":"IFERROR(VLOOKUP(C6414,参数!$B:$H,4,0),\"\")","v":""},{"$f":"IFERROR(VLOOKUP(C6414,参数!B:H,3,FALSE),\"\")","v":""},"",1]
[6414,{"$nulls":6},{"$f":"IFERROR(VLOOKUP(C6415,参数!$B:$H,2,0),\"\")","v":""},{"$f":"IFERROR(VLOOKUP(C6415,参数!$B:$H,4,0),\"\")","v":""},{"$f":"IFERROR(VLOOKUP(C6415,参数!B:H,3,FALSE),\"\")","v":""},"",1]
[6415,{"$nulls":6},{"$f":"IFERROR(VLOOKUP(C6416,参数!$B:$H,2,0),\"\")","v":""},{"$f":"IFERROR(VLOOKUP(C6416,参数!$B:$H,4,0),\"\")","v":""},{"$f":"IFERROR(VLOOKUP(C6416,参数!B:H,3,FALSE),\"\")","v":""},"",1]
[6416,{"$nulls":6},{"$f":"IFERROR(VLOOKUP(C6417,参数!$B:$H,2,0),\"\")","v":""},{"$f":"IFERROR(VLOOKUP(C6417,参数!$B:$H,4,0),\"\")","v":""},{"$f":"IFERROR(VLOOKUP(C6417,参数!B:H,3,FALSE),\"\")","v":""},"",1]
[6417,{"$nulls":6},{"$f":"IFERROR(VLOOKUP(C6418,参数!$B:$H,2,0),\"\")","v":""},{"$f":"IFERROR(VLOOKUP(C6418,参数!$B:$H,4,0),\"\")","v":""},{"$f":"IFERROR(VLOOKUP(C6418,参数!B:H,3,FALSE),\"\")","v":""},"",1]
[6418,{"$nulls":6},{"$f":"IFERROR(VLOOKUP(C6419,参数!$B:$H,2,0),\"\")","v":""},{"$f":"IFERROR(VLOOKUP(C6419,参数!$B:$H,4,0),\"\")","v":""},{"$f":"IFERROR(VLOOKUP(C6419,参数!B:H,3,FALSE),\"\")","v":""},"",1]
[6419,{"$nulls":6},{"$f":"IFERROR(VLOOKUP(C6420,参数!$B:$H,2,0),\"\")","v":""},{"$f":"IFERROR(VLOOKUP(C6420,参数!$B:$H,4,0),\"\")","v":""},{"$f":"IFERROR(VLOOKUP(C6420,参数!B:H,3,FALSE),\"\")","v":""},"",1]
[6420,{"$nulls":6},{"$f":"IFERROR(VLOOKUP(C6421,参数!$B:$H,2,0),\"\")","v":""},{"$f":"IFERROR(VLOOKUP(C6421,参数!$B:$H,4,0),\"\")","v":""},{"$f":"IFERROR(VLOOKUP(C6421,参数!B:H,3,FALSE),\"\")","v":""},"",1]
[6421,{"$nulls":6},{"$f":"IFERROR(VLOOKUP(C6422,参数!$B:$H,2,0),\"\")","v":""},{"$f":"IFERROR(VLOOKUP(C6422,参数!$B:$H,4,0),\"\")","v":""},{"$f":"IFERROR(VLOOKUP(C6422,参数!B:H,3,FALSE),\"\")","v":""},"",1]
[6422,{"$nulls":6},{"$f":"IFERROR(VLOOKUP(C6423,参数!$B:$H,2,0),\"\")","v":""},{"$f":"IFERROR(VLOOKUP(C6423,参数!$B:$H,4,0),\"\")","v":""},{"$f":"IFERROR(VLOOKUP(C6423,参数!B:H,3,FALSE),\"\")","v":""},"",1]
[6423,{"$nulls":6},{"$f":"IFERROR(VLOOKUP(C6424,参数!$B:$H,2,0),\"\")","v":""},{"$f":"IFERROR(VLOOKUP(C6424,参数!$B:$H,4,0),\"\")","v":""},{"$f":"IFERROR(VLOOKUP(C6424,参数!B:H,3,FALSE),\"\")","v":""},"",1]
[6424,{"$nulls":6},{"$f":"IFERROR(VLOOKUP(C6425,参数!$B:$H,2,0),\"\")","v":""},{"$f":"IFERROR(VLOOKUP(C6425,参数!$B:$H,4,0),\"\")","v":""},{"$f":"IFERROR(VLOOKUP(C6425,参数!B:H,3,FALSE),\"\")","v":""},"",1]
[6425,{"$nulls":6},{"$f":"IFERROR(VLOOKUP(C6426,参数!$B:$H,2,0),\"\")","v":""},{"$f":"IFERROR(VLOOKUP(C6426,参数!$B:$H,4,0),\"\")","v":""},{"$f":"IFERROR(VLOOKUP(C6426,参数!B:H,3,FALSE),\"\")","v":""},"",1]
[6426,{"$nulls":6},{"$f":"IFERROR(VLOOKUP(C6427,参数!$B:$H,2,0),\"\")","v":""},{"$f":"IFERROR(VLOOKUP(C6427,参数!$B:$H,4,0),\"\")","v":""},{"$f":"IFERROR(VLOOKUP(C6427,参数!B:H,3,FALSE),\"\")","v":""},"",1]
[6427,{"$nulls":6},{"$f":"IFERROR(VLOOKUP(C6428,参数!$B:$H,2,0),\"\")","v":""},{"$f":"IFERROR(VLOOKUP(C6428,参数!$B:$H,4,0),\"\")","v":""},{"$f":"IFERROR(VLOOKUP(C6428,参数!B:H,3,FALSE),\"\")","v":""},"",1]
[6428,{"$nulls":6},{"$f":"IFERROR(VLOOKUP(C6429,参数!$B:$H,2,0),\"\")","v":""},{"$f":"IFERROR(VLOOKUP(C6429,参数!$B:$H,4,0),\"\")","v":""},{"$f":"IFERROR(VLOOKUP(C6429,参数!B:H,3,FALSE),\"\")","v":""},"",1]
[6429,{"$nulls":6},{"$f":"IFERROR(VLOOKUP(C6430,参数!$B:$H,2,0),\"\")","v":""},{"$f":"IFERROR(VLOOKUP(C6430,参数!$B:$H,4,0),\"\")","v":""},{"$f":"IFERROR(VLOOKUP(C6430,参数!B:H,3,FALSE),\"\")","v":""},"",1]
[6430,{"$nulls":6},{"$f":"IFERROR(VLOOKUP(C6431,参数!$B:$H,2,0),\"\")","v":""},{"$f":"IFERROR(VLOOKUP(C6431,参数!$B:$H,4,0),\"\")","v":""},{"$f":"IFERROR(VLOOKUP(C6431,参数!B:H,3,FALSE),\"\")","v":""},"",1]
[6431,{"$nulls":6},{"$f":"IFERROR(VLOOKUP(C6432,参数!$B:$H,2,0),\"\")","v":""},{"$f":"IFERROR(VLOOKUP(C6432,参数!$B:$H,4,0),\"\")","v":""},{"$f":"IFERROR(VLOOKUP(C6432,参数!B:H,3,FALSE),\"\")","v":""},"",1]
[6432,{"$nulls":6},{"$f":"IFERROR(VLOOKUP(C6433,参数!$B:$H,2,0),\"\")","v":""},{"$f":"IFERROR(VLOOKUP(C6433,参数!$B:$H,4,0),\"\")","v":""},{"$f":"IFERROR(VLOOKUP(C6433,参数!B:H,3,FALSE),\"\")","v":""},"",1]
[6433,{"$nulls":6},{"$f":"IFERROR(VLOOKUP(C6434,参数!$B:$H,2,0),\"\")","v":""},{"$f":"IFERROR(VLOOKUP(C6434,参数!$B:$H,4,0),\"\")","v":""},{"$f":"IFERROR(VLOOKUP(C6434,参数!B:H,3,FALSE),\"\")","v":""},"",1]
[6434,{"$nulls":6},{"$f":"IFERROR(VLOOKUP(C6435,参数!$B:$H,2,0),\"\")","v":""},{"$f":"IFERROR(VLOOKUP(C6435,参数!$B:$H,4,0),\"\")","v":""},{"$f":"IFERROR(VLOOKUP(C6435,参数!B:H,3,FALSE),\"\")","v":""},"",1]
[6435,{"$nulls":6},{"$f":"IFERROR(VLOOKUP(C6436,参数!$B:$H,2,0),\"\")","v":""},{"$f":"IFERROR(VLOOKUP(C6436,参数!$B:$H,4,0),\"\")","v":""},{"$f":"IFERROR(VLOOKUP(C6436,参数!B:H,3,FALSE),\"\")","v":""},"",1]
[6436,{"$nulls":6},{"$f":"IFERROR(VLOOKUP(C6437,参数!$B:$H,2,0),\"\")","v":""},{"$f":"IFERROR(VLOOKUP(C6437,参数!$B:$H,4,0),\"\")","v":""},{"$f":"IFERROR(VLOOKUP(C6437,参数!B:H,3,FALSE),\"\")","v":""},{"$f":"IFERROR(J6437*E6437,\"\")","v":""},1]
[6437,{"$nulls":6},{"$f":"IFERROR(VLOOKUP(C6438,参数!$B:$H,2,0),\"\")","v":""},{"$f":"IFERROR(VLOOKUP(C6438,参数!$B:$H,4,0),\"\")","v":""},{"$f":"IFERROR(VLOOKUP(C6438,参数!B:H,3,FALSE),\"\")","v":""},"",1]
[6438,{"$nulls":6},{"$f":"IFERROR(VLOOKUP(C6439,参数!$B:$H,2,0),\"\")","v":""},{"$f":"IFERROR(VLOOKUP(C6439,参数!$B:$H,4,0),\"\")","v":""},{"$f":"IFERROR(VLOOKUP(C6439,参数!B:H,3,FALSE),\"\")","v":""},"",1]
[6439,{"$nulls":6},{"$f":"IFERROR(VLOOKUP(C6440,参数!$B:$H,2,0),\"\")","v":""},{"$f":"IFERROR(VLOOKUP(C6440,参数!$B:$H,4,0),\"\")","v":""},{"$f":"IFERROR(VLOOKUP(C6440,参数!B:H,3,FALSE),\"\")","v":""},"",1]
[6440,{"$nulls":6},{"$f":"IFERROR(VLOOKUP(C6441,参数!$B:$H,2,0),\"\")","v":""},{"$f":"IFERROR(VLOOKUP(C6441,参数!$B:$H,4,0),\"\")","v":""},{"$f":"IFERROR(VLOOKUP(C6441,参数!B:H,3,FALSE),\"\")","v":""},"",1]
[6441,{"$nulls":6},{"$f":"IFERROR(VLOOKUP(C6442,参数!$B:$H,2,0),\"\")","v":""},{"$f":"IFERROR(VLOOKUP(C6442,参数!$B:$H,4,0),\"\")","v":""},{"$f":"IFERROR(VLOOKUP(C6442,参数!B:H,3,FALSE),\"\")","v":""},"",1]
[6442,{"$nulls":6},{"$f":"IFERROR(VLOOKUP(C6443,参数!$B:$H,2,0),\"\")","v":""},{"$f":"IFERROR(VLOOKUP(C6443,参数!$B:$H,4,0),\"\")","v":""},{"$f":"IFERROR(VLOOKUP(C6443,参数!B:H,3,FALSE),\"\")","v":""},"",1]
[6443,{"$nulls":6},{"$f":"IFERROR(VLOOKUP(C6444,参数!$B:$H,2,0),\"\")","v":""},{"$f":"IFERROR(VLOOKUP(C6444,参数!$B:$H,4,0),\"\")","v":""},{"$f":"IFERROR(VLOOKUP(C6444,参数!B:H,3,FALSE),\"\")","v":""},"",1]
[6444,{"$nulls":6},{"$f":"IFERROR(VLOOKUP(C6445,参数!$B:$H,2,0),\"\")","v":""},{"$f":"IFERROR(VLOOKUP(C6445,参数!$B:$H,4,0),\"\")","v":""},{"$f":"IFERROR(VLOOKUP(C6445,参数!B:H,3,FALSE),\"\")","v":""},"",1]
[6445,{"$nulls":6},{"$f":"IFERROR(VLOOKUP(C6446,参数!$B:$H,2,0),\"\")","v":""},{"$f":"IFERROR(VLOOKUP(C6446,参数!$B:$H,4,0),\"\")","v":""},{"$f":"IFERROR(VLOOKUP(C6446,参数!B:H,3,FALSE),\"\")","v":""},"",1]
[6446,{"$nulls":6},{"$f":"IFERROR(VLOOKUP(C6447,参数!$B:$H,2,0),\"\")","v":""},{"$f":"IFERROR(VLOOKUP(C6447,参数!$B:$H,4,0),\"\")","v":""},{"$f":"IFERROR(VLOOKUP(C6447,参数!B:H,3,FALSE),\"\")","v":""},"",1]
[6447,{"$nulls":6},{"$f":"IFERROR(VLOOKUP(C6448,参数!$B:$H,2,0),\"\")","v":""},{"$f":"IFERROR(VLOOKUP(C6448,参数!$B:$H,4,0),\"\")","v":""},{"$f":"IFERROR(VLOOKUP(C6448,参数!B:H,3,FALSE),\"\")","v":""},"",1]
[6448,{"$nulls":6},{"$f":"IFERROR(VLOOKUP(C6449,参数!$B:$H,2,0),\"\")","v":""},{"$f":"IFERROR(VLOOKUP(C6449,参数!$B:$H,4,0),\"\")","v":""},{"$f":"IFERROR(VLOOKUP(C6449,参数!B:H,3,FALSE),\"\")","v":""},"",1]
[6449,{"$nulls":6},{"$f":"IFERROR(VLOOKUP(C6450,参数!$B:$H,2,0),\"\")","v":""},{"$f":"IFERROR(VLOOKUP(C6450,参数!$B:$H,4,0),\"\")","v":""},{"$f":"IFERROR(VLOOKUP(C6450,参数!B:H,3,FALSE),\"\")","v":""},"",1]
[6450,{"$nulls":6},{"$f":"IFERROR(VLOOKUP(C6451,参数!$B:$H,2,0),\"\")","v":""},{"$f":"IFERROR(VLOOKUP(C6451,参数!$B:$H,4,0),\"\")","v":""},{"$f":"IFERROR(VLOOKUP(C6451,参数!B:H,3,FALSE),\"\")","v":""},"",1]
[6451,{"$nulls":6},{"$f":"IFERROR(VLOOKUP(C6452,参数!$B:$H,2,0),\"\")","v":""},{"$f":"IFERROR(VLOOKUP(C6452,参数!$B:$H,4,0),\"\")","v":""},{"$f":"IFERROR(VLOOKUP(C6452,参数!B:H,3,FALSE),\"\")","v":""},"",1]
[6452,{"$nulls":6},{"$f":"IFERROR(VLOOKUP(C6453,参数!$B:$H,2,0),\"\")","v":""},{"$f":"IFERROR(VLOOKUP(C6453,参数!$B:$H,4,0),\"\")","v":""},{"$f":"IFERROR(VLOOKUP(C6453,参数!B:H,3,FALSE),\"\")","v":""},"",1]
[6453,{"$nulls":6},{"$f":"IFERROR(VLOOKUP(C6454,参数!$B:$H,2,0),\"\")","v":""},{"$f":"IFERROR(VLOOKUP(C6454,参数!$B:$H,4,0),\"\")","v":""},{"$f":"IFERROR(VLOOKUP(C6454,参数!B:H,3,FALSE),\"\")","v":""},"",1]
[6454,{"$nulls":6},{"$f":"IFERROR(VLOOKUP(C6455,参数!$B:$H,2,0),\"\")","v":""},{"$f":"IFERROR(VLOOKUP(C6455,参数!$B:$H,4,0),\"\")","v":""},{"$f":"IFERROR(VLOOKUP(C6455,参数!B:H,3,FALSE),\"\")","v":""},"",1]
[6455,{"$nulls":6},{"$f":"IFERROR(VLOOKUP(C6456,参数!$B:$H,2,0),\"\")","v":""},{"$f":"IFERROR(VLOOKUP(C6456,参数!$B:$H,4,0),\"\")","v":""},{"$f":"IFERROR(VLOOKUP(C6456,参数!B:H,3,FALSE),\"\")","v":""},"",1]
[6456,{"$nulls":6},{"$f":"IFERROR(VLOOKUP(C6457,参数!$B:$H,2,0),\"\")","v":""},{"$f":"IFERROR(VLOOKUP(C6457,参数!$B:$H,4,0),\"\")","v":""},{"$f":"IFERROR(VLOOKUP(C6457,参数!B:H,3,FALSE),\"\")","v":""},"",1]
[6457,{"$nulls":6},{"$f":"IFERROR(VLOOKUP(C6458,参数!$B:$H,2,0),\"\")","v":""},{"$f":"IFERROR(VLOOKUP(C6458,参数!$B:$H,4,0),\"\")","v":""},{"$f":"IFERROR(VLOOKUP(C6458,参数!B:H,3,FALSE),\"\")","v":""},"",1]
[6458,{"$nulls":6},{"$f":"IFERROR(VLOOKUP(C6459,参数!$B:$H,2,0),\"\")","v":""},{"$f":"IFERROR(VLOOKUP(C6459,参数!$B:$H,4,0),\"\")","v":""},{"$f":"IFERROR(VLOOKUP(C6459,参数!B:H,3,FALSE),\"\")","v":""},"",1]
[6459,{"$nulls":6},{"$f":"IFERROR(VLOOKUP(C6460,参数!$B:$H,2,0),\"\")","v":""},{"$f":"IFERROR(VLOOKUP(C6460,参数!$B:$H,4,0),\"\")","v":""},{"$f":"IFERROR(VLOOKUP(C6460,参数!B:H,3,FALSE),\"\")","v":""},"",1]
[6460,{"$nulls":6},{"$f":"IFERROR(VLOOKUP(C6461,参数!$B:$H,2,0),\"\")","v":""},{"$f":"IFERROR(VLOOKUP(C6461,参数!$B:$H,4,0),\"\")","v":""},{"$f":"IFERROR(VLOOKUP(C6461,参数!B:H,3,FALSE),\"\")","v":""},"",1]
[6461,{"$nulls":6},{"$f":"IFERROR(VLOOKUP(C6462,参数!$B:$H,2,0),\"\")","v":""},{"$f":"IFERROR(VLOOKUP(C6462,参数!$B:$H,4,0),\"\")","v":""},{"$f":"IFERROR(VLOOKUP(C6462,参数!B:H,3,FALSE),\"\")","v":""},"",1]
[6462,{"$nulls":6},{"$f":"IFERROR(VLOOKUP(C6463,参数!$B:$H,2,0),\"\")","v":""},{"$f":"IFERROR(VLOOKUP(C6463,参数!$B:$H,4,0),\"\")","v":""},{"$f":"IFERROR(VLOOKUP(C6463,参数!B:H,3,FALSE),\"\")","v":""},"",1]
[6463,{"$nulls":6},{"$f":"IFERROR(VLOOKUP(C6464,参数!$B:$H,2,0),\"\")","v":""},{"$f":"IFERROR(VLOOKUP(C6464,参数!$B:$H,4,0),\"\")","v":""},{"$f":"IFERROR(VLOOKUP(C6464,参数!B:H,3,FALSE),\"\")","v":""},"",1]
[6464,{"$nulls":6},{"$f":"IFERROR(VLOOKUP(C6465,参数!$B:$H,2,0),\"\")","v":""},{"$f":"IFERROR(VLOOKUP(C6465,参数!$B:$H,4,0),\"\")","v":""},{"$f":"IFERROR(VLOOKUP(C6465,参数!B:H,3,FALSE),\"\")","v":""},"",1]
[6465,{"$nulls":6},{"$f":"IFERROR(VLOOKUP(C6466,参数!$B:$H,2,0),\"\")","v":""},{"$f":"IFERROR(VLOOKUP(C6466,参数!$B:$H,4,0),\"\")","v":""},{"$f":"IFERROR(VLOOKUP(C6466,参数!B:H,3,FALSE),\"\")","v":""},"",{"$f":"VALUE(MONTH(B6466))","v":1}]
[6466,{"$nulls":6},{"$f":"IFERROR(VLOOKUP(C6467,参数!$B:$H,2,0),\"\")","v":""},{"$f":"IFERROR(VLOOKUP(C6467,参数!$B:$H,4,0),\"\")","v":""},{"$f":"IFERROR(VLOOKUP(C6467,参数!B:H,3,FALSE),\"\")","v":""},"",1]
[6467,{"$nulls":6},{"$f":"IFERROR(VLOOKUP(C6468,参数!$B:$H,2,0),\"\")","v":""},{"$f":"IFERROR(VLOOKUP(C6468,参数!$B:$H,4,0),\"\")","v":""},{"$f":"IFERROR(VLOOKUP(C6468,参数!B:H,3,FALSE),\"\")","v":""},"",1]
[6468,{"$nulls":6},{"$f":"IFERROR(VLOOKUP(C6469,参数!$B:$H,2,0),\"\")","v":""},{"$f":"IFERROR(VLOOKUP(C6469,参数!$B:$H,4,0),\"\")","v":""},{"$f":"IFERROR(VLOOKUP(C6469,参数!B:H,3,FALSE),\"\")","v":""},"",1]
[6469,{"$nulls":6},{"$f":"IFERROR(VLOOKUP(C6470,参数!$B:$H,2,0),\"\")","v":""},{"$f":"IFERROR(VLOOKUP(C6470,参数!$B:$H,4,0),\"\")","v":""},{"$f":"IFERROR(VLOOKUP(C6470,参数!B:H,3,FALSE),\"\")","v":""},"",1]
[6470,{"$nulls":6},{"$f":"IFERROR(VLOOKUP(C6471,参数!$B:$H,2,0),\"\")","v":""},{"$f":"IFERROR(VLOOKUP(C6471,参数!$B:$H,4,0),\"\")","v":""},{"$f":"IFERROR(VLOOKUP(C6471,参数!B:H,3,FALSE),\"\")","v":""},"",1]
[6471,{"$nulls":6},{"$f":"IFERROR(VLOOKUP(C6472,参数!$B:$H,2,0),\"\")","v":""},{"$f":"IFERROR(VLOOKUP(C6472,参数!$B:$H,4,0),\"\")","v":""},{"$f":"IFERROR(VLOOKUP(C6472,参数!B:H,3,FALSE),\"\")","v":""},"",1]
[6472,{"$nulls":6},{"$f":"IFERROR(VLOOKUP(C6473,参数!$B:$H,2,0),\"\")","v":""},{"$f":"IFERROR(VLOOKUP(C6473,参数!$B:$H,4,0),\"\")","v":""},{"$f":"IFERROR(VLOOKUP(C6473,参数!B:H,3,FALSE),\"\")","v":""},"",1]
[6473,{"$nulls":6},{"$f":"IFERROR(VLOOKUP(C6474,参数!$B:$H,2,0),\"\")","v":""},{"$f":"IFERROR(VLOOKUP(C6474,参数!$B:$H,4,0),\"\")","v":""},{"$f":"IFERROR(VLOOKUP(C6474,参数!B:H,3,FALSE),\"\")","v":""},"",1]
[6474,{"$nulls":6},{"$f":"IFERROR(VLOOKUP(C6475,参数!$B:$H,2,0),\"\")","v":""},{"$f":"IFERROR(VLOOKUP(C6475,参数!$B:$H,4,0),\"\")","v":""},{"$f":"IFERROR(VLOOKUP(C6475,参数!B:H,3,FALSE),\"\")","v":""},"",1]
[6475,{"$nulls":6},{"$f":"IFERROR(VLOOKUP(C6476,参数!$B:$H,2,0),\"\")","v":""},{"$f":"IFERROR(VLOOKUP(C6476,参数!$B:$H,4,0),\"\")","v":""},{"$f":"IFERROR(VLOOKUP(C6476,参数!B:H,3,FALSE),\"\")","v":""},"",1]
[6476,{"$nulls":6},{"$f":"IFERROR(VLOOKUP(C6477,参数!$B:$H,2,0),\"\")","v":""},{"$f":"IFERROR(VLOOKUP(C6477,参数!$B:$H,4,0),\"\")","v":""},{"$f":"IFERROR(VLOOKUP(C6477,参数!B:H,3,FALSE),\"\")","v":""},"",1]
[6477,{"$nulls":6},{"$f":"IFERROR(VLOOKUP(C6478,参数!$B:$H,2,0),\"\")","v":""},{"$f":"IFERROR(VLOOKUP(C6478,参数!$B:$H,4,0),\"\")","v":""},{"$f":"IFERROR(VLOOKUP(C6478,参数!B:H,3,FALSE),\"\")","v":""},"",1]
[6478,{"$nulls":6},{"$f":"IFERROR(VLOOKUP(C6479,参数!$B:$H,2,0),\"\")","v":""},{"$f":"IFERROR(VLOOKUP(C6479,参数!$B:$H,4,0),\"\")","v":""},{"$f":"IFERROR(VLOOKUP(C6479,参数!B:H,3,FALSE),\"\")","v":""},"",1]
[6479,{"$nulls":6},{"$f":"IFERROR(VLOOKUP(C6480,参数!$B:$H,2,0),\"\")","v":""},{"$f":"IFERROR(VLOOKUP(C6480,参数!$B:$H,4,0),\"\")","v":""},{"$f":"IFERROR(VLOOKUP(C6480,参数!B:H,3,FALSE),\"\")","v":""},"",1]
[6480,{"$nulls":6},{"$f":"IFERROR(VLOOKUP(C6481,参数!$B:$H,2,0),\"\")","v":""},{"$f":"IFERROR(VLOOKUP(C6481,参数!$B:$H,4,0),\"\")","v":""},{"$f":"IFERROR(VLOOKUP(C6481,参数!B:H,3,FALSE),\"\")","v":""},"",1]
[6481,{"$nulls":6},{"$f":"IFERROR(VLOOKUP(C6482,参数!$B:$H,2,0),\"\")","v":""},{"$f":"IFERROR(VLOOKUP(C6482,参数!$B:$H,4,0),\"\")","v":""},{"$f":"IFERROR(VLOOKUP(C6482,参数!B:H,3,FALSE),\"\")","v":""},"",1]
[6482,{"$nulls":6},{"$f":"IFERROR(VLOOKUP(C6483,参数!$B:$H,2,0),\"\")","v":""},{"$f":"IFERROR(VLOOKUP(C6483,参数!$B:$H,4,0),\"\")","v":""},{"$f":"IFERROR(VLOOKUP(C6483,参数!B:H,3,FALSE),\"\")","v":""},"",1]
[6483,{"$nulls":6},{"$f":"IFERROR(VLOOKUP(C6484,参数!$B:$H,2,0),\"\")","v":""},{"$f":"IFERROR(VLOOKUP(C6484,参数!$B:$H,4,0),\"\")","v":""},{"$f":"IFERROR(VLOOKUP(C6484,参数!B:H,3,FALSE),\"\")","v":""},"",1]
[6484,{"$nulls":6},{"$f":"IFERROR(VLOOKUP(C6485,参数!$B:$H,2,0),\"\")","v":""},{"$f":"IFERROR(VLOOKUP(C6485,参数!$B:$H,4,0),\"\")","v":""},{"$f":"IFERROR(VLOOKUP(C6485,参数!B:H,3,FALSE),\"\")","v":""},"",1]
[6485,{"$nulls":6},{"$f":"IFERROR(VLOOKUP(C6486,参数!$B:$H,2,0),\"\")","v":""},{"$f":"IFERROR(VLOOKUP(C6486,参数!$B:$H,4,0),\"\")","v":""},{"$f":"IFERROR(VLOOKUP(C6486,参数!B:H,3,FALSE),\"\")","v":""},"",1]
[6486,{"$nulls":6},{"$f":"IFERROR(VLOOKUP(C6487,参数!$B:$H,2,0),\"\")","v":""},{"$f":"IFERROR(VLOOKUP(C6487,参数!$B:$H,4,0),\"\")","v":""},{"$f":"IFERROR(VLOOKUP(C6487,参数!B:H,3,FALSE),\"\")","v":""},"",1]
[6487,{"$nulls":6},{"$f":"IFERROR(VLOOKUP(C6488,参数!$B:$H,2,0),\"\")","v":""},{"$f":"IFERROR(VLOOKUP(C6488,参数!$B:$H,4,0),\"\")","v":""},{"$f":"IFERROR(VLOOKUP(C6488,参数!B:H,3,FALSE),\"\")","v":""},"",1]
[6488,{"$nulls":6},{"$f":"IFERROR(VLOOKUP(C6489,参数!$B:$H,2,0),\"\")","v":""},{"$f":"IFERROR(VLOOKUP(C6489,参数!$B:$H,4,0),\"\")","v":""},{"$f":"IFERROR(VLOOKUP(C6489,参数!B:H,3,FALSE),\"\")","v":""},"",1]
[6489,{"$nulls":6},{"$f":"IFERROR(VLOOKUP(C6490,参数!$B:$H,2,0),\"\")","v":""},{"$f":"IFERROR(VLOOKUP(C6490,参数!$B:$H,4,0),\"\")","v":""},{"$f":"IFERROR(VLOOKUP(C6490,参数!B:H,3,FALSE),\"\")","v":""},"",1]
[6490,{"$nulls":6},{"$f":"IFERROR(VLOOKUP(C6491,参数!$B:$H,2,0),\"\")","v":""},{"$f":"IFERROR(VLOOKUP(C6491,参数!$B:$H,4,0),\"\")","v":""},{"$f":"IFERROR(VLOOKUP(C6491,参数!B:H,3,FALSE),\"\")","v":""},"",1]
[6491,{"$nulls":6},{"$f":"IFERROR(VLOOKUP(C6492,参数!$B:$H,2,0),\"\")","v":""},{"$f":"IFERROR(VLOOKUP(C6492,参数!$B:$H,4,0),\"\")","v":""},{"$f":"IFERROR(VLOOKUP(C6492,参数!B:H,3,FALSE),\"\")","v":""},"",1]
[6492,{"$nulls":6},{"$f":"IFERROR(VLOOKUP(C6493,参数!$B:$H,2,0),\"\")","v":""},{"$f":"IFERROR(VLOOKUP(C6493,参数!$B:$H,4,0),\"\")","v":""},{"$f":"IFERROR(VLOOKUP(C6493,参数!B:H,3,FALSE),\"\")","v":""},"",1]
[6493,{"$nulls":6},{"$f":"IFERROR(VLOOKUP(C6494,参数!$B:$H,2,0),\"\")","v":""},{"$f":"IFERROR(VLOOKUP(C6494,参数!$B:$H,4,0),\"\")","v":""},{"$f":"IFERROR(VLOOKUP(C6494,参数!B:H,3,FALSE),\"\")","v":""},"",1]
[6494,{"$nulls":6},{"$f":"IFERROR(VLOOKUP(C6495,参数!$B:$H,2,0),\"\")","v":""},{"$f":"IFERROR(VLOOKUP(C6495,参数!$B:$H,4,0),\"\")","v":""},{"$f":"IFERROR(VLOOKUP(C6495,参数!B:H,3,FALSE),\"\")","v":""},"",1]
[6495,{"$nulls":6},{"$f":"IFERROR(VLOOKUP(C6496,参数!$B:$H,2,0),\"\")","v":""},{"$f":"IFERROR(VLOOKUP(C6496,参数!$B:$H,4,0),\"\")","v":""},{"$f":"IFERROR(VLOOKUP(C6496,参数!B:H,3,FALSE),\"\")","v":""},"",1]
[6496,{"$nulls":6},{"$f":"IFERROR(VLOOKUP(C6497,参数!$B:$H,2,0),\"\")","v":""},{"$f":"IFERROR(VLOOKUP(C6497,参数!$B:$H,4,0),\"\")","v":""},{"$f":"IFERROR(VLOOKUP(C6497,参数!B:H,3,FALSE),\"\")","v":""},"",1]
[6497,{"$nulls":6},{"$f":"IFERROR(VLOOKUP(C6498,参数!$B:$H,2,0),\"\")","v":""},{"$f":"IFERROR(VLOOKUP(C6498,参数!$B:$H,4,0),\"\")","v":""},{"$f":"IFERROR(VLOOKUP(C6498,参数!B:H,3,FALSE),\"\")","v":""},"",1]
[6498,{"$nulls":6},{"$f":"IFERROR(VLOOKUP(C6499,参数!$B:$H,2,0),\"\")","v":""},{"$f":"IFERROR(VLOOKUP(C6499,参数!$B:$H,4,0),\"\")","v":""},{"$f":"IFERROR(VLOOKUP(C6499,参数!B:H,3,FALSE),\"\")","v":""},"",1]
[6499,{"$nulls":6},{"$f":"IFERROR(VLOOKUP(C6500,参数!$B:$H,2,0),\"\")","v":""},{"$f":"IFERROR(VLOOKUP(C6500,参数!$B:$H,4,0),\"\")","v":""},{"$f":"IFERROR(VLOOKUP(C6500,参数!B:H,3,FALSE),\"\")","v":""},"",1]
[6500,{"$nulls":6},{"$f":"IFERROR(VLOOKUP(C6501,参数!$B:$H,2,0),\"\")","v":""},{"$f":"IFERROR(VLOOKUP(C6501,参数!$B:$H,4,0),\"\")","v":""},{"$f":"IFERROR(VLOOKUP(C6501,参数!B:H,3,FALSE),\"\")","v":""},{"$f":"IFERROR(J6501*E6501,\"\")","v":""},1]
[6501,{"$nulls":6},{"$f":"IFERROR(VLOOKUP(C6502,参数!$B:$H,2,0),\"\")","v":""},{"$f":"IFERROR(VLOOKUP(C6502,参数!$B:$H,4,0),\"\")","v":""},{"$f":"IFERROR(VLOOKUP(C6502,参数!B:H,3,FALSE),\"\")","v":""},"",1]
[6502,{"$nulls":6},{"$f":"IFERROR(VLOOKUP(C6503,参数!$B:$H,2,0),\"\")","v":""},{"$f":"IFERROR(VLOOKUP(C6503,参数!$B:$H,4,0),\"\")","v":""},{"$f":"IFERROR(VLOOKUP(C6503,参数!B:H,3,FALSE),\"\")","v":""},"",1]
[6503,{"$nulls":6},{"$f":"IFERROR(VLOOKUP(C6504,参数!$B:$H,2,0),\"\")","v":""},{"$f":"IFERROR(VLOOKUP(C6504,参数!$B:$H,4,0),\"\")","v":""},{"$f":"IFERROR(VLOOKUP(C6504,参数!B:H,3,FALSE),\"\")","v":""},"",1]
[6504,{"$nulls":6},{"$f":"IFERROR(VLOOKUP(C6505,参数!$B:$H,2,0),\"\")","v":""},{"$f":"IFERROR(VLOOKUP(C6505,参数!$B:$H,4,0),\"\")","v":""},{"$f":"IFERROR(VLOOKUP(C6505,参数!B:H,3,FALSE),\"\")","v":""},"",1]
[6505,{"$nulls":6},{"$f":"IFERROR(VLOOKUP(C6506,参数!$B:$H,2,0),\"\")","v":""},{"$f":"IFERROR(VLOOKUP(C6506,参数!$B:$H,4,0),\"\")","v":""},{"$f":"IFERROR(VLOOKUP(C6506,参数!B:H,3,FALSE),\"\")","v":""},"",1]
[6506,{"$nulls":6},{"$f":"IFERROR(VLOOKUP(C6507,参数!$B:$H,2,0),\"\")","v":""},{"$f":"IFERROR(VLOOKUP(C6507,参数!$B:$H,4,0),\"\")","v":""},{"$f":"IFERROR(VLOOKUP(C6507,参数!B:H,3,FALSE),\"\")","v":""},"",1]
[6507,{"$nulls":6},{"$f":"IFERROR(VLOOKUP(C6508,参数!$B:$H,2,0),\"\")","v":""},{"$f":"IFERROR(VLOOKUP(C6508,参数!$B:$H,4,0),\"\")","v":""},{"$f":"IFERROR(VLOOKUP(C6508,参数!B:H,3,FALSE),\"\")","v":""},"",1]
[6508,{"$nulls":6},{"$f":"IFERROR(VLOOKUP(C6509,参数!$B:$H,2,0),\"\")","v":""},{"$f":"IFERROR(VLOOKUP(C6509,参数!$B:$H,4,0),\"\")","v":""},{"$f":"IFERROR(VLOOKUP(C6509,参数!B:H,3,FALSE),\"\")","v":""},"",1]
[6509,{"$nulls":6},{"$f":"IFERROR(VLOOKUP(C6510,参数!$B:$H,2,0),\"\")","v":""},{"$f":"IFERROR(VLOOKUP(C6510,参数!$B:$H,4,0),\"\")","v":""},{"$f":"IFERROR(VLOOKUP(C6510,参数!B:H,3,FALSE),\"\")","v":""},"",1]
[6510,{"$nulls":6},{"$f":"IFERROR(VLOOKUP(C6511,参数!$B:$H,2,0),\"\")","v":""},{"$f":"IFERROR(VLOOKUP(C6511,参数!$B:$H,4,0),\"\")","v":""},{"$f":"IFERROR(VLOOKUP(C6511,参数!B:H,3,FALSE),\"\")","v":""},"",1]
[6511,{"$nulls":6},{"$f":"IFERROR(VLOOKUP(C6512,参数!$B:$H,2,0),\"\")","v":""},{"$f":"IFERROR(VLOOKUP(C6512,参数!$B:$H,4,0),\"\")","v":""},{"$f":"IFERROR(VLOOKUP(C6512,参数!B:H,3,FALSE),\"\")","v":""},"",1]
[6512,{"$nulls":6},{"$f":"IFERROR(VLOOKUP(C6513,参数!$B:$H,2,0),\"\")","v":""},{"$f":"IFERROR(VLOOKUP(C6513,参数!$B:$H,4,0),\"\")","v":""},{"$f":"IFERROR(VLOOKUP(C6513,参数!B:H,3,FALSE),\"\")","v":""},"",1]
[6513,{"$nulls":6},{"$f":"IFERROR(VLOOKUP(C6514,参数!$B:$H,2,0),\"\")","v":""},{"$f":"IFERROR(VLOOKUP(C6514,参数!$B:$H,4,0),\"\")","v":""},{"$f":"IFERROR(VLOOKUP(C6514,参数!B:H,3,FALSE),\"\")","v":""},"",1]
[6514,{"$nulls":6},{"$f":"IFERROR(VLOOKUP(C6515,参数!$B:$H,2,0),\"\")","v":""},{"$f":"IFERROR(VLOOKUP(C6515,参数!$B:$H,4,0),\"\")","v":""},{"$f":"IFERROR(VLOOKUP(C6515,参数!B:H,3,FALSE),\"\")","v":""},"",1]
[6515,{"$nulls":6},{"$f":"IFERROR(VLOOKUP(C6516,参数!$B:$H,2,0),\"\")","v":""},{"$f":"IFERROR(VLOOKUP(C6516,参数!$B:$H,4,0),\"\")","v":""},{"$f":"IFERROR(VLOOKUP(C6516,参数!B:H,3,FALSE),\"\")","v":""},"",1]
[6516,{"$nulls":6},{"$f":"IFERROR(VLOOKUP(C6517,参数!$B:$H,2,0),\"\")","v":""},{"$f":"IFERROR(VLOOKUP(C6517,参数!$B:$H,4,0),\"\")","v":""},{"$f":"IFERROR(VLOOKUP(C6517,参数!B:H,3,FALSE),\"\")","v":""},"",1]
[6517,{"$nulls":6},{"$f":"IFERROR(VLOOKUP(C6518,参数!$B:$H,2,0),\"\")","v":""},{"$f":"IFERROR(VLOOKUP(C6518,参数!$B:$H,4,0),\"\")","v":""},{"$f":"IFERROR(VLOOKUP(C6518,参数!B:H,3,FALSE),\"\")","v":""},"",1]
[6518,{"$nulls":6},{"$f":"IFERROR(VLOOKUP(C6519,参数!$B:$H,2,0),\"\")","v":""},{"$f":"IFERROR(VLOOKUP(C6519,参数!$B:$H,4,0),\"\")","v":""},{"$f":"IFERROR(VLOOKUP(C6519,参数!B:H,3,FALSE),\"\")","v":""},"",1]
[6519,{"$nulls":6},{"$f":"IFERROR(VLOOKUP(C6520,参数!$B:$H,2,0),\"\")","v":""},{"$f":"IFERROR(VLOOKUP(C6520,参数!$B:$H,4,0),\"\")","v":""},{"$f":"IFERROR(VLOOKUP(C6520,参数!B:H,3,FALSE),\"\")","v":""},"",1]
[6520,{"$nulls":6},{"$f":"IFERROR(VLOOKUP(C6521,参数!$B:$H,2,0),\"\")","v":""},{"$f":"IFERROR(VLOOKUP(C6521,参数!$B:$H,4,0),\"\")","v":""},{"$f":"IFERROR(VLOOKUP(C6521,参数!B:H,3,FALSE),\"\")","v":""},"",1]
[6521,{"$nulls":6},{"$f":"IFERROR(VLOOKUP(C6522,参数!$B:$H,2,0),\"\")","v":""},{"$f":"IFERROR(VLOOKUP(C6522,参数!$B:$H,4,0),\"\")","v":""},{"$f":"IFERROR(VLOOKUP(C6522,参数!B:H,3,FALSE),\"\")","v":""},"",1]
[6522,{"$nulls":6},{"$f":"IFERROR(VLOOKUP(C6523,参数!$B:$H,2,0),\"\")","v":""},{"$f":"IFERROR(VLOOKUP(C6523,参数!$B:$H,4,0),\"\")","v":""},{"$f":"IFERROR(VLOOKUP(C6523,参数!B:H,3,FALSE),\"\")","v":""},"",1]
[6523,{"$nulls":6},{"$f":"IFERROR(VLOOKUP(C6524,参数!$B:$H,2,0),\"\")","v":""},{"$f":"IFERROR(VLOOKUP(C6524,参数!$B:$H,4,0),\"\")","v":""},{"$f":"IFERROR(VLOOKUP(C6524,参数!B:H,3,FALSE),\"\")","v":""},"",1]
[6524,{"$nulls":6},{"$f":"IFERROR(VLOOKUP(C6525,参数!$B:$H,2,0),\"\")","v":""},{"$f":"IFERROR(VLOOKUP(C6525,参数!$B:$H,4,0),\"\")","v":""},{"$f":"IFERROR(VLOOKUP(C6525,参数!B:H,3,FALSE),\"\")","v":""},"",1]
[6525,{"$nulls":6},{"$f":"IFERROR(VLOOKUP(C6526,参数!$B:$H,2,0),\"\")","v":""},{"$f":"IFERROR(VLOOKUP(C6526,参数!$B:$H,4,0),\"\")","v":""},{"$f":"IFERROR(VLOOKUP(C6526,参数!B:H,3,FALSE),\"\")","v":""},"",1]
[6526,{"$nulls":6},{"$f":"IFERROR(VLOOKUP(C6527,参数!$B:$H,2,0),\"\")","v":""},{"$f":"IFERROR(VLOOKUP(C6527,参数!$B:$H,4,0),\"\")","v":""},{"$f":"IFERROR(VLOOKUP(C6527,参数!B:H,3,FALSE),\"\")","v":""},"",1]
[6527,{"$nulls":6},{"$f":"IFERROR(VLOOKUP(C6528,参数!$B:$H,2,0),\"\")","v":""},{"$f":"IFERROR(VLOOKUP(C6528,参数!$B:$H,4,0),\"\")","v":""},{"$f":"IFERROR(VLOOKUP(C6528,参数!B:H,3,FALSE),\"\")","v":""},"",1]
[6528,{"$nulls":6},{"$f":"IFERROR(VLOOKUP(C6529,参数!$B:$H,2,0),\"\")","v":""},{"$f":"IFERROR(VLOOKUP(C6529,参数!$B:$H,4,0),\"\")","v":""},{"$f":"IFERROR(VLOOKUP(C6529,参数!B:H,3,FALSE),\"\")","v":""},"",1]
[6529,{"$nulls":6},{"$f":"IFERROR(VLOOKUP(C6530,参数!$B:$H,2,0),\"\")","v":""},{"$f":"IFERROR(VLOOKUP(C6530,参数!$B:$H,4,0),\"\")","v":""},{"$f":"IFERROR(VLOOKUP(C6530,参数!B:H,3,FALSE),\"\")","v":""},"",{"$f":"VALUE(MONTH(B6530))","v":1}]
[6530,{"$nulls":6},{"$f":"IFERROR(VLOOKUP(C6531,参数!$B:$H,2,0),\"\")","v":""},{"$f":"IFERROR(VLOOKUP(C6531,参数!$B:$H,4,0),\"\")","v":""},{"$f":"IFERROR(VLOOKUP(C6531,参数!B:H,3,FALSE),\"\")","v":""},"",1]
[6531,{"$nulls":6},{"$f":"IFERROR(VLOOKUP(C6532,参数!$B:$H,2,0),\"\")","v":""},{"$f":"IFERROR(VLOOKUP(C6532,参数!$B:$H,4,0),\"\")","v":""},{"$f":"IFERROR(VLOOKUP(C6532,参数!B:H,3,FALSE),\"\")","v":""},"",1]
[6532,{"$nulls":6},{"$f":"IFERROR(VLOOKUP(C6533,参数!$B:$H,2,0),\"\")","v":""},{"$f":"IFERROR(VLOOKUP(C6533,参数!$B:$H,4,0),\"\")","v":""},{"$f":"IFERROR(VLOOKUP(C6533,参数!B:H,3,FALSE),\"\")","v":""},"",1]
[6533,{"$nulls":6},{"$f":"IFERROR(VLOOKUP(C6534,参数!$B:$H,2,0),\"\")","v":""},{"$f":"IFERROR(VLOOKUP(C6534,参数!$B:$H,4,0),\"\")","v":""},{"$f":"IFERROR(VLOOKUP(C6534,参数!B:H,3,FALSE),\"\")","v":""},"",1]
[6534,{"$nulls":6},{"$f":"IFERROR(VLOOKUP(C6535,参数!$B:$H,2,0),\"\")","v":""},{"$f":"IFERROR(VLOOKUP(C6535,参数!$B:$H,4,0),\"\")","v":""},{"$f":"IFERROR(VLOOKUP(C6535,参数!B:H,3,FALSE),\"\")","v":""},"",1]
[6535,{"$nulls":6},{"$f":"IFERROR(VLOOKUP(C6536,参数!$B:$H,2,0),\"\")","v":""},{"$f":"IFERROR(VLOOKUP(C6536,参数!$B:$H,4,0),\"\")","v":""},{"$f":"IFERROR(VLOOKUP(C6536,参数!B:H,3,FALSE),\"\")","v":""},"",1]
[6536,{"$nulls":6},{"$f":"IFERROR(VLOOKUP(C6537,参数!$B:$H,2,0),\"\")","v":""},{"$f":"IFERROR(VLOOKUP(C6537,参数!$B:$H,4,0),\"\")","v":""},{"$f":"IFERROR(VLOOKUP(C6537,参数!B:H,3,FALSE),\"\")","v":""},"",1]
[6537,{"$nulls":6},{"$f":"IFERROR(VLOOKUP(C6538,参数!$B:$H,2,0),\"\")","v":""},{"$f":"IFERROR(VLOOKUP(C6538,参数!$B:$H,4,0),\"\")","v":""},{"$f":"IFERROR(VLOOKUP(C6538,参数!B:H,3,FALSE),\"\")","v":""},"",1]
[6538,{"$nulls":6},{"$f":"IFERROR(VLOOKUP(C6539,参数!$B:$H,2,0),\"\")","v":""},{"$f":"IFERROR(VLOOKUP(C6539,参数!$B:$H,4,0),\"\")","v":""},{"$f":"IFERROR(VLOOKUP(C6539,参数!B:H,3,FALSE),\"\")","v":""},"",1]
[6539,{"$nulls":6},{"$f":"IFERROR(VLOOKUP(C6540,参数!$B:$H,2,0),\"\")","v":""},{"$f":"IFERROR(VLOOKUP(C6540,参数!$B:$H,4,0),\"\")","v":""},{"$f":"IFERROR(VLOOKUP(C6540,参数!B:H,3,FALSE),\"\")","v":""},"",1]
[6540,{"$nulls":6},{"$f":"IFERROR(VLOOKUP(C6541,参数!$B:$H,2,0),\"\")","v":""},{"$f":"IFERROR(VLOOKUP(C6541,参数!$B:$H,4,0),\"\")","v":""},{"$f":"IFERROR(VLOOKUP(C6541,参数!B:H,3,FALSE),\"\")","v":""},"",1]
[6541,{"$nulls":6},{"$f":"IFERROR(VLOOKUP(C6542,参数!$B:$H,2,0),\"\")","v":""},{"$f":"IFERROR(VLOOKUP(C6542,参数!$B:$H,4,0),\"\")","v":""},{"$f":"IFERROR(VLOOKUP(C6542,参数!B:H,3,FALSE),\"\")","v":""},"",1]
[6542,{"$nulls":6},{"$f":"IFERROR(VLOOKUP(C6543,参数!$B:$H,2,0),\"\")","v":""},{"$f":"IFERROR(VLOOKUP(C6543,参数!$B:$H,4,0),\"\")","v":""},{"$f":"IFERROR(VLOOKUP(C6543,参数!B:H,3,FALSE),\"\")","v":""},"",1]
[6543,{"$nulls":6},{"$f":"IFERROR(VLOOKUP(C6544,参数!$B:$H,2,0),\"\")","v":""},{"$f":"IFERROR(VLOOKUP(C6544,参数!$B:$H,4,0),\"\")","v":""},{"$f":"IFERROR(VLOOKUP(C6544,参数!B:H,3,FALSE),\"\")","v":""},"",1]
[6544,{"$nulls":6},{"$f":"IFERROR(VLOOKUP(C6545,参数!$B:$H,2,0),\"\")","v":""},{"$f":"IFERROR(VLOOKUP(C6545,参数!$B:$H,4,0),\"\")","v":""},{"$f":"IFERROR(VLOOKUP(C6545,参数!B:H,3,FALSE),\"\")","v":""},"",1]
[6545,{"$nulls":6},{"$f":"IFERROR(VLOOKUP(C6546,参数!$B:$H,2,0),\"\")","v":""},{"$f":"IFERROR(VLOOKUP(C6546,参数!$B:$H,4,0),\"\")","v":""},{"$f":"IFERROR(VLOOKUP(C6546,参数!B:H,3,FALSE),\"\")","v":""},"",1]
[6546,{"$nulls":6},{"$f":"IFERROR(VLOOKUP(C6547,参数!$B:$H,2,0),\"\")","v":""},{"$f":"IFERROR(VLOOKUP(C6547,参数!$B:$H,4,0),\"\")","v":""},{"$f":"IFERROR(VLOOKUP(C6547,参数!B:H,3,FALSE),\"\")","v":""},"",1]
[6547,{"$nulls":6},{"$f":"IFERROR(VLOOKUP(C6548,参数!$B:$H,2,0),\"\")","v":""},{"$f":"IFERROR(VLOOKUP(C6548,参数!$B:$H,4,0),\"\")","v":""},{"$f":"IFERROR(VLOOKUP(C6548,参数!B:H,3,FALSE),\"\")","v":""},"",1]
[6548,{"$nulls":6},{"$f":"IFERROR(VLOOKUP(C6549,参数!$B:$H,2,0),\"\")","v":""},{"$f":"IFERROR(VLOOKUP(C6549,参数!$B:$H,4,0),\"\")","v":""},{"$f":"IFERROR(VLOOKUP(C6549,参数!B:H,3,FALSE),\"\")","v":""},"",1]
[6549,{"$nulls":6},{"$f":"IFERROR(VLOOKUP(C6550,参数!$B:$H,2,0),\"\")","v":""},{"$f":"IFERROR(VLOOKUP(C6550,参数!$B:$H,4,0),\"\")","v":""},{"$f":"IFERROR(VLOOKUP(C6550,参数!B:H,3,FALSE),\"\")","v":""},"",1]
[6550,{"$nulls":6},{"$f":"IFERROR(VLOOKUP(C6551,参数!$B:$H,2,0),\"\")","v":""},{"$f":"IFERROR(VLOOKUP(C6551,参数!$B:$H,4,0),\"\")","v":""},{"$f":"IFERROR(VLOOKUP(C6551,参数!B:H,3,FALSE),\"\")","v":""},"",1]
[6551,{"$nulls":6},{"$f":"IFERROR(VLOOKUP(C6552,参数!$B:$H,2,0),\"\")","v":""},{"$f":"IFERROR(VLOOKUP(C6552,参数!$B:$H,4,0),\"\")","v":""},{"$f":"IFERROR(VLOOKUP(C6552,参数!B:H,3,FALSE),\"\")","v":""},"",1]
[6552,{"$nulls":6},{"$f":"IFERROR(VLOOKUP(C6553,参数!$B:$H,2,0),\"\")","v":""},{"$f":"IFERROR(VLOOKUP(C6553,参数!$B:$H,4,0),\"\")","v":""},{"$f":"IFERROR(VLOOKUP(C6553,参数!B:H,3,FALSE),\"\")","v":""},"",1]
[6553,{"$nulls":6},{"$f":"IFERROR(VLOOKUP(C6554,参数!$B:$H,2,0),\"\")","v":""},{"$f":"IFERROR(VLOOKUP(C6554,参数!$B:$H,4,0),\"\")","v":""},{"$f":"IFERROR(VLOOKUP(C6554,参数!B:H,3,FALSE),\"\")","v":""},"",1]
[6554,{"$nulls":6},{"$f":"IFERROR(VLOOKUP(C6555,参数!$B:$H,2,0),\"\")","v":""},{"$f":"IFERROR(VLOOKUP(C6555,参数!$B:$H,4,0),\"\")","v":""},{"$f":"IFERROR(VLOOKUP(C6555,参数!B:H,3,FALSE),\"\")","v":""},"",1]
[6555,{"$nulls":6},{"$f":"IFERROR(VLOOKUP(C6556,参数!$B:$H,2,0),\"\")","v":""},{"$f":"IFERROR(VLOOKUP(C6556,参数!$B:$H,4,0),\"\")","v":""},{"$f":"IFERROR(VLOOKUP(C6556,参数!B:H,3,FALSE),\"\")","v":""},"",1]
[6556,{"$nulls":6},{"$f":"IFERROR(VLOOKUP(C6557,参数!$B:$H,2,0),\"\")","v":""},{"$f":"IFERROR(VLOOKUP(C6557,参数!$B:$H,4,0),\"\")","v":""},{"$f":"IFERROR(VLOOKUP(C6557,参数!B:H,3,FALSE),\"\")","v":""},"",1]
[6557,{"$nulls":6},{"$f":"IFERROR(VLOOKUP(C6558,参数!$B:$H,2,0),\"\")","v":""},{"$f":"IFERROR(VLOOKUP(C6558,参数!$B:$H,4,0),\"\")","v":""},{"$f":"IFERROR(VLOOKUP(C6558,参数!B:H,3,FALSE),\"\")","v":""},"",1]
[6558,{"$nulls":6},{"$f":"IFERROR(VLOOKUP(C6559,参数!$B:$H,2,0),\"\")","v":""},{"$f":"IFERROR(VLOOKUP(C6559,参数!$B:$H,4,0),\"\")","v":""},{"$f":"IFERROR(VLOOKUP(C6559,参数!B:H,3,FALSE),\"\")","v":""},"",1]
[6559,{"$nulls":6},{"$f":"IFERROR(VLOOKUP(C6560,参数!$B:$H,2,0),\"\")","v":""},{"$f":"IFERROR(VLOOKUP(C6560,参数!$B:$H,4,0),\"\")","v":""},{"$f":"IFERROR(VLOOKUP(C6560,参数!B:H,3,FALSE),\"\")","v":""},"",1]
[6560,{"$nulls":6},{"$f":"IFERROR(VLOOKUP(C6561,参数!$B:$H,2,0),\"\")","v":""},{"$f":"IFERROR(VLOOKUP(C6561,参数!$B:$H,4,0),\"\")","v":""},{"$f":"IFERROR(VLOOKUP(C6561,参数!B:H,3,FALSE),\"\")","v":""},"",1]
[6561,{"$nulls":6},{"$f":"IFERROR(VLOOKUP(C6562,参数!$B:$H,2,0),\"\")","v":""},{"$f":"IFERROR(VLOOKUP(C6562,参数!$B:$H,4,0),\"\")","v":""},{"$f":"IFERROR(VLOOKUP(C6562,参数!B:H,3,FALSE),\"\")","v":""},"",1]
[6562,{"$nulls":6},{"$f":"IFERROR(VLOOKUP(C6563,参数!$B:$H,2,0),\"\")","v":""},{"$f":"IFERROR(VLOOKUP(C6563,参数!$B:$H,4,0),\"\")","v":""},{"$f":"IFERROR(VLOOKUP(C6563,参数!B:H,3,FALSE),\"\")","v":""},"",1]
[6563,{"$nulls":6},{"$f":"IFERROR(VLOOKUP(C6564,参数!$B:$H,2,0),\"\")","v":""},{"$f":"IFERROR(VLOOKUP(C6564,参数!$B:$H,4,0),\"\")","v":""},{"$f":"IFERROR(VLOOKUP(C6564,参数!B:H,3,FALSE),\"\")","v":""},"",1]
[6564,{"$nulls":6},{"$f":"IFERROR(VLOOKUP(C6565,参数!$B:$H,2,0),\"\")","v":""},{"$f":"IFERROR(VLOOKUP(C6565,参数!$B:$H,4,0),\"\")","v":""},{"$f":"IFERROR(VLOOKUP(C6565,参数!B:H,3,FALSE),\"\")","v":""},{"$f":"IFERROR(J6565*E6565,\"\")","v":""},1]
[6565,{"$nulls":6},{"$f":"IFERROR(VLOOKUP(C6566,参数!$B:$H,2,0),\"\")","v":""},{"$f":"IFERROR(VLOOKUP(C6566,参数!$B:$H,4,0),\"\")","v":""},{"$f":"IFERROR(VLOOKUP(C6566,参数!B:H,3,FALSE),\"\")","v":""},"",1]
[6566,{"$nulls":6},{"$f":"IFERROR(VLOOKUP(C6567,参数!$B:$H,2,0),\"\")","v":""},{"$f":"IFERROR(VLOOKUP(C6567,参数!$B:$H,4,0),\"\")","v":""},{"$f":"IFERROR(VLOOKUP(C6567,参数!B:H,3,FALSE),\"\")","v":""},"",1]
[6567,{"$nulls":6},{"$f":"IFERROR(VLOOKUP(C6568,参数!$B:$H,2,0),\"\")","v":""},{"$f":"IFERROR(VLOOKUP(C6568,参数!$B:$H,4,0),\"\")","v":""},{"$f":"IFERROR(VLOOKUP(C6568,参数!B:H,3,FALSE),\"\")","v":""},"",1]
[6568,{"$nulls":6},{"$f":"IFERROR(VLOOKUP(C6569,参数!$B:$H,2,0),\"\")","v":""},{"$f":"IFERROR(VLOOKUP(C6569,参数!$B:$H,4,0),\"\")","v":""},{"$f":"IFERROR(VLOOKUP(C6569,参数!B:H,3,FALSE),\"\")","v":""},"",1]
[6569,{"$nulls":6},{"$f":"IFERROR(VLOOKUP(C6570,参数!$B:$H,2,0),\"\")","v":""},{"$f":"IFERROR(VLOOKUP(C6570,参数!$B:$H,4,0),\"\")","v":""},{"$f":"IFERROR(VLOOKUP(C6570,参数!B:H,3,FALSE),\"\")","v":""},"",1]
[6570,{"$nulls":6},{"$f":"IFERROR(VLOOKUP(C6571,参数!$B:$H,2,0),\"\")","v":""},{"$f":"IFERROR(VLOOKUP(C6571,参数!$B:$H,4,0),\"\")","v":""},{"$f":"IFERROR(VLOOKUP(C6571,参数!B:H,3,FALSE),\"\")","v":""},"",1]
[6571,{"$nulls":6},{"$f":"IFERROR(VLOOKUP(C6572,参数!$B:$H,2,0),\"\")","v":""},{"$f":"IFERROR(VLOOKUP(C6572,参数!$B:$H,4,0),\"\")","v":""},{"$f":"IFERROR(VLOOKUP(C6572,参数!B:H,3,FALSE),\"\")","v":""},"",1]
[6572,{"$nulls":6},{"$f":"IFERROR(VLOOKUP(C6573,参数!$B:$H,2,0),\"\")","v":""},{"$f":"IFERROR(VLOOKUP(C6573,参数!$B:$H,4,0),\"\")","v":""},{"$f":"IFERROR(VLOOKUP(C6573,参数!B:H,3,FALSE),\"\")","v":""},"",1]
[6573,{"$nulls":6},{"$f":"IFERROR(VLOOKUP(C6574,参数!$B:$H,2,0),\"\")","v":""},{"$f":"IFERROR(VLOOKUP(C6574,参数!$B:$H,4,0),\"\")","v":""},{"$f":"IFERROR(VLOOKUP(C6574,参数!B:H,3,FALSE),\"\")","v":""},"",1]
[6574,{"$nulls":6},{"$f":"IFERROR(VLOOKUP(C6575,参数!$B:$H,2,0),\"\")","v":""},{"$f":"IFERROR(VLOOKUP(C6575,参数!$B:$H,4,0),\"\")","v":""},{"$f":"IFERROR(VLOOKUP(C6575,参数!B:H,3,FALSE),\"\")","v":""},"",1]
[6575,{"$nulls":6},{"$f":"IFERROR(VLOOKUP(C6576,参数!$B:$H,2,0),\"\")","v":""},{"$f":"IFERROR(VLOOKUP(C6576,参数!$B:$H,4,0),\"\")","v":""},{"$f":"IFERROR(VLOOKUP(C6576,参数!B:H,3,FALSE),\"\")","v":""},"",1]
[6576,{"$nulls":6},{"$f":"IFERROR(VLOOKUP(C6577,参数!$B:$H,2,0),\"\")","v":""},{"$f":"IFERROR(VLOOKUP(C6577,参数!$B:$H,4,0),\"\")","v":""},{"$f":"IFERROR(VLOOKUP(C6577,参数!B:H,3,FALSE),\"\")","v":""},"",1]
[6577,{"$nulls":6},{"$f":"IFERROR(VLOOKUP(C6578,参数!$B:$H,2,0),\"\")","v":""},{"$f":"IFERROR(VLOOKUP(C6578,参数!$B:$H,4,0),\"\")","v":""},{"$f":"IFERROR(VLOOKUP(C6578,参数!B:H,3,FALSE),\"\")","v":""},"",1]
[6578,{"$nulls":6},{"$f":"IFERROR(VLOOKUP(C6579,参数!$B:$H,2,0),\"\")","v":""},{"$f":"IFERROR(VLOOKUP(C6579,参数!$B:$H,4,0),\"\")","v":""},{"$f":"IFERROR(VLOOKUP(C6579,参数!B:H,3,FALSE),\"\")","v":""},"",1]
[6579,{"$nulls":6},{"$f":"IFERROR(VLOOKUP(C6580,参数!$B:$H,2,0),\"\")","v":""},{"$f":"IFERROR(VLOOKUP(C6580,参数!$B:$H,4,0),\"\")","v":""},{"$f":"IFERROR(VLOOKUP(C6580,参数!B:H,3,FALSE),\"\")","v":""},"",1]
[6580,{"$nulls":6},{"$f":"IFERROR(VLOOKUP(C6581,参数!$B:$H,2,0),\"\")","v":""},{"$f":"IFERROR(VLOOKUP(C6581,参数!$B:$H,4,0),\"\")","v":""},{"$f":"IFERROR(VLOOKUP(C6581,参数!B:H,3,FALSE),\"\")","v":""},"",1]
[6581,{"$nulls":6},{"$f":"IFERROR(VLOOKUP(C6582,参数!$B:$H,2,0),\"\")","v":""},{"$f":"IFERROR(VLOOKUP(C6582,参数!$B:$H,4,0),\"\")","v":""},{"$f":"IFERROR(VLOOKUP(C6582,参数!B:H,3,FALSE),\"\")","v":""},"",1]
[6582,{"$nulls":6},{"$f":"IFERROR(VLOOKUP(C6583,参数!$B:$H,2,0),\"\")","v":""},{"$f":"IFERROR(VLOOKUP(C6583,参数!$B:$H,4,0),\"\")","v":""},{"$f":"IFERROR(VLOOKUP(C6583,参数!B:H,3,FALSE),\"\")","v":""},"",1]
[6583,{"$nulls":6},{"$f":"IFERROR(VLOOKUP(C6584,参数!$B:$H,2,0),\"\")","v":""},{"$f":"IFERROR(VLOOKUP(C6584,参数!$B:$H,4,0),\"\")","v":""},{"$f":"IFERROR(VLOOKUP(C6584,参数!B:H,3,FALSE),\"\")","v":""},"",1]
[6584,{"$nulls":6},{"$f":"IFERROR(VLOOKUP(C6585,参数!$B:$H,2,0),\"\")","v":""},{"$f":"IFERROR(VLOOKUP(C6585,参数!$B:$H,4,0),\"\")","v":""},{"$f":"IFERROR(VLOOKUP(C6585,参数!B:H,3,FALSE),\"\")","v":""},"",1]
[6585,{"$nulls":6},{"$f":"IFERROR(VLOOKUP(C6586,参数!$B:$H,2,0),\"\")","v":""},{"$f":"IFERROR(VLOOKUP(C6586,参数!$B:$H,4,0),\"\")","v":""},{"$f":"IFERROR(VLOOKUP(C6586,参数!B:H,3,FALSE),\"\")","v":""},"",1]
[6586,{"$nulls":6},{"$f":"IFERROR(VLOOKUP(C6587,参数!$B:$H,2,0),\"\")","v":""},{"$f":"IFERROR(VLOOKUP(C6587,参数!$B:$H,4,0),\"\")","v":""},{"$f":"IFERROR(VLOOKUP(C6587,参数!B:H,3,FALSE),\"\")","v":""},"",1]
[6587,{"$nulls":6},{"$f":"IFERROR(VLOOKUP(C6588,参数!$B:$H,2,0),\"\")","v":""},{"$f":"IFERROR(VLOOKUP(C6588,参数!$B:$H,4,0),\"\")","v":""},{"$f":"IFERROR(VLOOKUP(C6588,参数!B:H,3,FALSE),\"\")","v":""},"",1]
[6588,{"$nulls":6},{"$f":"IFERROR(VLOOKUP(C6589,参数!$B:$H,2,0),\"\")","v":""},{"$f":"IFERROR(VLOOKUP(C6589,参数!$B:$H,4,0),\"\")","v":""},{"$f":"IFERROR(VLOOKUP(C6589,参数!B:H,3,FALSE),\"\")","v":""},"",1]
[6589,{"$nulls":6},{"$f":"IFERROR(VLOOKUP(C6590,参数!$B:$H,2,0),\"\")","v":""},{"$f":"IFERROR(VLOOKUP(C6590,参数!$B:$H,4,0),\"\")","v":""},{"$f":"IFERROR(VLOOKUP(C6590,参数!B:H,3,FALSE),\"\")","v":""},"",1]
[6590,{"$nulls":6},{"$f":"IFERROR(VLOOKUP(C6591,参数!$B:$H,2,0),\"\")","v":""},{"$f":"IFERROR(VLOOKUP(C6591,参数!$B:$H,4,0),\"\")","v":""},{"$f":"IFERROR(VLOOKUP(C6591,参数!B:H,3,FALSE),\"\")","v":""},"",1]
[6591,{"$nulls":6},{"$f":"IFERROR(VLOOKUP(C6592,参数!$B:$H,2,0),\"\")","v":""},{"$f":"IFERROR(VLOOKUP(C6592,参数!$B:$H,4,0),\"\")","v":""},{"$f":"IFERROR(VLOOKUP(C6592,参数!B:H,3,FALSE),\"\")","v":""},"",1]
[6592,{"$nulls":6},{"$f":"IFERROR(VLOOKUP(C6593,参数!$B:$H,2,0),\"\")","v":""},{"$f":"IFERROR(VLOOKUP(C6593,参数!$B:$H,4,0),\"\")","v":""},{"$f":"IFERROR(VLOOKUP(C6593,参数!B:H,3,FALSE),\"\")","v":""},"",1]
[6593,{"$nulls":6},{"$f":"IFERROR(VLOOKUP(C6594,参数!$B:$H,2,0),\"\")","v":""},{"$f":"IFERROR(VLOOKUP(C6594,参数!$B:$H,4,0),\"\")","v":""},{"$f":"IFERROR(VLOOKUP(C6594,参数!B:H,3,FALSE),\"\")","v":""},"",{"$f":"VALUE(MONTH(B6594))","v":1}]
[6594,{"$nulls":6},{"$f":"IFERROR(VLOOKUP(C6595,参数!$B:$H,2,0),\"\")","v":""},{"$f":"IFERROR(VLOOKUP(C6595,参数!$B:$H,4,0),\"\")","v":""},{"$f":"IFERROR(VLOOKUP(C6595,参数!B:H,3,FALSE),\"\")","v":""},"",1]
[6595,{"$nulls":6},{"$f":"IFERROR(VLOOKUP(C6596,参数!$B:$H,2,0),\"\")","v":""},{"$f":"IFERROR(VLOOKUP(C6596,参数!$B:$H,4,0),\"\")","v":""},{"$f":"IFERROR(VLOOKUP(C6596,参数!B:H,3,FALSE),\"\")","v":""},"",1]
[6596,{"$nulls":6},{"$f":"IFERROR(VLOOKUP(C6597,参数!$B:$H,2,0),\"\")","v":""},{"$f":"IFERROR(VLOOKUP(C6597,参数!$B:$H,4,0),\"\")","v":""},{"$f":"IFERROR(VLOOKUP(C6597,参数!B:H,3,FALSE),\"\")","v":""},"",1]
[6597,{"$nulls":6},{"$f":"IFERROR(VLOOKUP(C6598,参数!$B:$H,2,0),\"\")","v":""},{"$f":"IFERROR(VLOOKUP(C6598,参数!$B:$H,4,0),\"\")","v":""},{"$f":"IFERROR(VLOOKUP(C6598,参数!B:H,3,FALSE),\"\")","v":""},"",1]
[6598,{"$nulls":6},{"$f":"IFERROR(VLOOKUP(C6599,参数!$B:$H,2,0),\"\")","v":""},{"$f":"IFERROR(VLOOKUP(C6599,参数!$B:$H,4,0),\"\")","v":""},{"$f":"IFERROR(VLOOKUP(C6599,参数!B:H,3,FALSE),\"\")","v":""},"",1]
[6599,{"$nulls":6},{"$f":"IFERROR(VLOOKUP(C6600,参数!$B:$H,2,0),\"\")","v":""},{"$f":"IFERROR(VLOOKUP(C6600,参数!$B:$H,4,0),\"\")","v":""},{"$f":"IFERROR(VLOOKUP(C6600,参数!B:H,3,FALSE),\"\")","v":""},"",1]
[6600,{"$nulls":6},{"$f":"IFERROR(VLOOKUP(C6601,参数!$B:$H,2,0),\"\")","v":""},{"$f":"IFERROR(VLOOKUP(C6601,参数!$B:$H,4,0),\"\")","v":""},{"$f":"IFERROR(VLOOKUP(C6601,参数!B:H,3,FALSE),\"\")","v":""},"",1]
[6601,{"$nulls":6},{"$f":"IFERROR(VLOOKUP(C6602,参数!$B:$H,2,0),\"\")","v":""},{"$f":"IFERROR(VLOOKUP(C6602,参数!$B:$H,4,0),\"\")","v":""},{"$f":"IFERROR(VLOOKUP(C6602,参数!B:H,3,FALSE),\"\")","v":""},"",1]
[6602,{"$nulls":6},{"$f":"IFERROR(VLOOKUP(C6603,参数!$B:$H,2,0),\"\")","v":""},{"$f":"IFERROR(VLOOKUP(C6603,参数!$B:$H,4,0),\"\")","v":""},{"$f":"IFERROR(VLOOKUP(C6603,参数!B:H,3,FALSE),\"\")","v":""},"",1]
[6603,{"$nulls":6},{"$f":"IFERROR(VLOOKUP(C6604,参数!$B:$H,2,0),\"\")","v":""},{"$f":"IFERROR(VLOOKUP(C6604,参数!$B:$H,4,0),\"\")","v":""},{"$f":"IFERROR(VLOOKUP(C6604,参数!B:H,3,FALSE),\"\")","v":""},"",1]
[6604,{"$nulls":6},{"$f":"IFERROR(VLOOKUP(C6605,参数!$B:$H,2,0),\"\")","v":""},{"$f":"IFERROR(VLOOKUP(C6605,参数!$B:$H,4,0),\"\")","v":""},{"$f":"IFERROR(VLOOKUP(C6605,参数!B:H,3,FALSE),\"\")","v":""},"",1]
[6605,{"$nulls":6},{"$f":"IFERROR(VLOOKUP(C6606,参数!$B:$H,2,0),\"\")","v":""},{"$f":"IFERROR(VLOOKUP(C6606,参数!$B:$H,4,0),\"\")","v":""},{"$f":"IFERROR(VLOOKUP(C6606,参数!B:H,3,FALSE),\"\")","v":""},"",1]
[6606,{"$nulls":6},{"$f":"IFERROR(VLOOKUP(C6607,参数!$B:$H,2,0),\"\")","v":""},{"$f":"IFERROR(VLOOKUP(C6607,参数!$B:$H,4,0),\"\")","v":""},{"$f":"IFERROR(VLOOKUP(C6607,参数!B:H,3,FALSE),\"\")","v":""},"",1]
[6607,{"$nulls":6},{"$f":"IFERROR(VLOOKUP(C6608,参数!$B:$H,2,0),\"\")","v":""},{"$f":"IFERROR(VLOOKUP(C6608,参数!$B:$H,4,0),\"\")","v":""},{"$f":"IFERROR(VLOOKUP(C6608,参数!B:H,3,FALSE),\"\")","v":""},"",1]
[6608,{"$nulls":6},{"$f":"IFERROR(VLOOKUP(C6609,参数!$B:$H,2,0),\"\")","v":""},{"$f":"IFERROR(VLOOKUP(C6609,参数!$B:$H,4,0),\"\")","v":""},{"$f":"IFERROR(VLOOKUP(C6609,参数!B:H,3,FALSE),\"\")","v":""},"",1]
[6609,{"$nulls":6},{"$f":"IFERROR(VLOOKUP(C6610,参数!$B:$H,2,0),\"\")","v":""},{"$f":"IFERROR(VLOOKUP(C6610,参数!$B:$H,4,0),\"\")","v":""},{"$f":"IFERROR(VLOOKUP(C6610,参数!B:H,3,FALSE),\"\")","v":""},"",1]
[6610,{"$nulls":6},{"$f":"IFERROR(VLOOKUP(C6611,参数!$B:$H,2,0),\"\")","v":""},{"$f":"IFERROR(VLOOKUP(C6611,参数!$B:$H,4,0),\"\")","v":""},{"$f":"IFERROR(VLOOKUP(C6611,参数!B:H,3,FALSE),\"\")","v":""},"",1]
[6611,{"$nulls":6},{"$f":"IFERROR(VLOOKUP(C6612,参数!$B:$H,2,0),\"\")","v":""},{"$f":"IFERROR(VLOOKUP(C6612,参数!$B:$H,4,0),\"\")","v":""},{"$f":"IFERROR(VLOOKUP(C6612,参数!B:H,3,FALSE),\"\")","v":""},"",1]
[6612,{"$nulls":6},{"$f":"IFERROR(VLOOKUP(C6613,参数!$B:$H,2,0),\"\")","v":""},{"$f":"IFERROR(VLOOKUP(C6613,参数!$B:$H,4,0),\"\")","v":""},{"$f":"IFERROR(VLOOKUP(C6613,参数!B:H,3,FALSE),\"\")","v":""},"",1]
[6613,{"$nulls":6},{"$f":"IFERROR(VLOOKUP(C6614,参数!$B:$H,2,0),\"\")","v":""},{"$f":"IFERROR(VLOOKUP(C6614,参数!$B:$H,4,0),\"\")","v":""},{"$f":"IFERROR(VLOOKUP(C6614,参数!B:H,3,FALSE),\"\")","v":""},"",1]
[6614,{"$nulls":6},{"$f":"IFERROR(VLOOKUP(C6615,参数!$B:$H,2,0),\"\")","v":""},{"$f":"IFERROR(VLOOKUP(C6615,参数!$B:$H,4,0),\"\")","v":""},{"$f":"IFERROR(VLOOKUP(C6615,参数!B:H,3,FALSE),\"\")","v":""},"",1]
[6615,{"$nulls":6},{"$f":"IFERROR(VLOOKUP(C6616,参数!$B:$H,2,0),\"\")","v":""},{"$f":"IFERROR(VLOOKUP(C6616,参数!$B:$H,4,0),\"\")","v":""},{"$f":"IFERROR(VLOOKUP(C6616,参数!B:H,3,FALSE),\"\")","v":""},"",1]
[6616,{"$nulls":6},{"$f":"IFERROR(VLOOKUP(C6617,参数!$B:$H,2,0),\"\")","v":""},{"$f":"IFERROR(VLOOKUP(C6617,参数!$B:$H,4,0),\"\")","v":""},{"$f":"IFERROR(VLOOKUP(C6617,参数!B:H,3,FALSE),\"\")","v":""},"",1]
[6617,{"$nulls":6},{"$f":"IFERROR(VLOOKUP(C6618,参数!$B:$H,2,0),\"\")","v":""},{"$f":"IFERROR(VLOOKUP(C6618,参数!$B:$H,4,0),\"\")","v":""},{"$f":"IFERROR(VLOOKUP(C6618,参数!B:H,3,FALSE),\"\")","v":""},"",1]
[6618,{"$nulls":6},{"$f":"IFERROR(VLOOKUP(C6619,参数!$B:$H,2,0),\"\")","v":""},{"$f":"IFERROR(VLOOKUP(C6619,参数!$B:$H,4,0),\"\")","v":""},{"$f":"IFERROR(VLOOKUP(C6619,参数!B:H,3,FALSE),\"\")","v":""},"",1]
[6619,{"$nulls":6},{"$f":"IFERROR(VLOOKUP(C6620,参数!$B:$H,2,0),\"\")","v":""},{"$f":"IFERROR(VLOOKUP(C6620,参数!$B:$H,4,0),\"\")","v":""},{"$f":"IFERROR(VLOOKUP(C6620,参数!B:H,3,FALSE),\"\")","v":""},"",1]
[6620,{"$nulls":6},{"$f":"IFERROR(VLOOKUP(C6621,参数!$B:$H,2,0),\"\")","v":""},{"$f":"IFERROR(VLOOKUP(C6621,参数!$B:$H,4,0),\"\")","v":""},{"$f":"IFERROR(VLOOKUP(C6621,参数!B:H,3,FALSE),\"\")","v":""},"",1]
[6621,{"$nulls":6},{"$f":"IFERROR(VLOOKUP(C6622,参数!$B:$H,2,0),\"\")","v":""},{"$f":"IFERROR(VLOOKUP(C6622,参数!$B:$H,4,0),\"\")","v":""},{"$f":"IFERROR(VLOOKUP(C6622,参数!B:H,3,FALSE),\"\")","v":""},"",1]
[6622,{"$nulls":6},{"$f":"IFERROR(VLOOKUP(C6623,参数!$B:$H,2,0),\"\")","v":""},{"$f":"IFERROR(VLOOKUP(C6623,参数!$B:$H,4,0),\"\")","v":""},{"$f":"IFERROR(VLOOKUP(C6623,参数!B:H,3,FALSE),\"\")","v":""},"",1]
[6623,{"$nulls":6},{"$f":"IFERROR(VLOOKUP(C6624,参数!$B:$H,2,0),\"\")","v":""},{"$f":"IFERROR(VLOOKUP(C6624,参数!$B:$H,4,0),\"\")","v":""},{"$f":"IFERROR(VLOOKUP(C6624,参数!B:H,3,FALSE),\"\")","v":""},"",1]
[6624,{"$nulls":6},{"$f":"IFERROR(VLOOKUP(C6625,参数!$B:$H,2,0),\"\")","v":""},{"$f":"IFERROR(VLOOKUP(C6625,参数!$B:$H,4,0),\"\")","v":""},{"$f":"IFERROR(VLOOKUP(C6625,参数!B:H,3,FALSE),\"\")","v":""},"",1]
[6625,{"$nulls":6},{"$f":"IFERROR(VLOOKUP(C6626,参数!$B:$H,2,0),\"\")","v":""},{"$f":"IFERROR(VLOOKUP(C6626,参数!$B:$H,4,0),\"\")","v":""},{"$f":"IFERROR(VLOOKUP(C6626,参数!B:H,3,FALSE),\"\")","v":""},"",1]
[6626,{"$nulls":6},{"$f":"IFERROR(VLOOKUP(C6627,参数!$B:$H,2,0),\"\")","v":""},{"$f":"IFERROR(VLOOKUP(C6627,参数!$B:$H,4,0),\"\")","v":""},{"$f":"IFERROR(VLOOKUP(C6627,参数!B:H,3,FALSE),\"\")","v":""},"",1]
[6627,{"$nulls":6},{"$f":"IFERROR(VLOOKUP(C6628,参数!$B:$H,2,0),\"\")","v":""},{"$f":"IFERROR(VLOOKUP(C6628,参数!$B:$H,4,0),\"\")","v":""},{"$f":"IFERROR(VLOOKUP(C6628,参数!B:H,3,FALSE),\"\")","v":""},"",1]
[6628,{"$nulls":6},{"$f":"IFERROR(VLOOKUP(C6629,参数!$B:$H,2,0),\"\")","v":""},{"$f":"IFERROR(VLOOKUP(C6629,参数!$B:$H,4,0),\"\")","v":""},{"$f":"IFERROR(VLOOKUP(C6629,参数!B:H,3,FALSE),\"\")","v":""},{"$f":"IFERROR(J6629*E6629,\"\")","v":""},1]
[6629,{"$nulls":6},{"$f":"IFERROR(VLOOKUP(C6630,参数!$B:$H,2,0),\"\")","v":""},{"$f":"IFERROR(VLOOKUP(C6630,参数!$B:$H,4,0),\"\")","v":""},{"$f":"IFERROR(VLOOKUP(C6630,参数!B:H,3,FALSE),\"\")","v":""},"",1]
[6630,{"$nulls":6},{"$f":"IFERROR(VLOOKUP(C6631,参数!$B:$H,2,0),\"\")","v":""},{"$f":"IFERROR(VLOOKUP(C6631,参数!$B:$H,4,0),\"\")","v":""},{"$f":"IFERROR(VLOOKUP(C6631,参数!B:H,3,FALSE),\"\")","v":""},"",1]
[6631,{"$nulls":6},{"$f":"IFERROR(VLOOKUP(C6632,参数!$B:$H,2,0),\"\")","v":""},{"$f":"IFERROR(VLOOKUP(C6632,参数!$B:$H,4,0),\"\")","v":""},{"$f":"IFERROR(VLOOKUP(C6632,参数!B:H,3,FALSE),\"\")","v":""},"",1]
[6632,{"$nulls":6},{"$f":"IFERROR(VLOOKUP(C6633,参数!$B:$H,2,0),\"\")","v":""},{"$f":"IFERROR(VLOOKUP(C6633,参数!$B:$H,4,0),\"\")","v":""},{"$f":"IFERROR(VLOOKUP(C6633,参数!B:H,3,FALSE),\"\")","v":""},"",1]
[6633,{"$nulls":6},{"$f":"IFERROR(VLOOKUP(C6634,参数!$B:$H,2,0),\"\")","v":""},{"$f":"IFERROR(VLOOKUP(C6634,参数!$B:$H,4,0),\"\")","v":""},{"$f":"IFERROR(VLOOKUP(C6634,参数!B:H,3,FALSE),\"\")","v":""},"",1]
[6634,{"$nulls":6},{"$f":"IFERROR(VLOOKUP(C6635,参数!$B:$H,2,0),\"\")","v":""},{"$f":"IFERROR(VLOOKUP(C6635,参数!$B:$H,4,0),\"\")","v":""},{"$f":"IFERROR(VLOOKUP(C6635,参数!B:H,3,FALSE),\"\")","v":""},"",1]
[6635,{"$nulls":6},{"$f":"IFERROR(VLOOKUP(C6636,参数!$B:$H,2,0),\"\")","v":""},{"$f":"IFERROR(VLOOKUP(C6636,参数!$B:$H,4,0),\"\")","v":""},{"$f":"IFERROR(VLOOKUP(C6636,参数!B:H,3,FALSE),\"\")","v":""},"",1]
[6636,{"$nulls":6},{"$f":"IFERROR(VLOOKUP(C6637,参数!$B:$H,2,0),\"\")","v":""},{"$f":"IFERROR(VLOOKUP(C6637,参数!$B:$H,4,0),\"\")","v":""},{"$f":"IFERROR(VLOOKUP(C6637,参数!B:H,3,FALSE),\"\")","v":""},"",1]
[6637,{"$nulls":6},{"$f":"IFERROR(VLOOKUP(C6638,参数!$B:$H,2,0),\"\")","v":""},{"$f":"IFERROR(VLOOKUP(C6638,参数!$B:$H,4,0),\"\")","v":""},{"$f":"IFERROR(VLOOKUP(C6638,参数!B:H,3,FALSE),\"\")","v":""},"",1]
[6638,{"$nulls":6},{"$f":"IFERROR(VLOOKUP(C6639,参数!$B:$H,2,0),\"\")","v":""},{"$f":"IFERROR(VLOOKUP(C6639,参数!$B:$H,4,0),\"\")","v":""},{"$f":"IFERROR(VLOOKUP(C6639,参数!B:H,3,FALSE),\"\")","v":""},"",1]
[6639,{"$nulls":6},{"$f":"IFERROR(VLOOKUP(C6640,参数!$B:$H,2,0),\"\")","v":""},{"$f":"IFERROR(VLOOKUP(C6640,参数!$B:$H,4,0),\"\")","v":""},{"$f":"IFERROR(VLOOKUP(C6640,参数!B:H,3,FALSE),\"\")","v":""},"",1]
[6640,{"$nulls":6},{"$f":"IFERROR(VLOOKUP(C6641,参数!$B:$H,2,0),\"\")","v":""},{"$f":"IFERROR(VLOOKUP(C6641,参数!$B:$H,4,0),\"\")","v":""},{"$f":"IFERROR(VLOOKUP(C6641,参数!B:H,3,FALSE),\"\")","v":""},"",1]
[6641,{"$nulls":6},{"$f":"IFERROR(VLOOKUP(C6642,参数!$B:$H,2,0),\"\")","v":""},{"$f":"IFERROR(VLOOKUP(C6642,参数!$B:$H,4,0),\"\")","v":""},{"$f":"IFERROR(VLOOKUP(C6642,参数!B:H,3,FALSE),\"\")","v":""},"",1]
[6642,{"$nulls":6},{"$f":"IFERROR(VLOOKUP(C6643,参数!$B:$H,2,0),\"\")","v":""},{"$f":"IFERROR(VLOOKUP(C6643,参数!$B:$H,4,0),\"\")","v":""},{"$f":"IFERROR(VLOOKUP(C6643,参数!B:H,3,FALSE),\"\")","v":""},"",1]
[6643,{"$nulls":6},{"$f":"IFERROR(VLOOKUP(C6644,参数!$B:$H,2,0),\"\")","v":""},{"$f":"IFERROR(VLOOKUP(C6644,参数!$B:$H,4,0),\"\")","v":""},{"$f":"IFERROR(VLOOKUP(C6644,参数!B:H,3,FALSE),\"\")","v":""},"",1]
[6644,{"$nulls":6},{"$f":"IFERROR(VLOOKUP(C6645,参数!$B:$H,2,0),\"\")","v":""},{"$f":"IFERROR(VLOOKUP(C6645,参数!$B:$H,4,0),\"\")","v":""},{"$f":"IFERROR(VLOOKUP(C6645,参数!B:H,3,FALSE),\"\")","v":""},"",1]
[6645,{"$nulls":6},{"$f":"IFERROR(VLOOKUP(C6646,参数!$B:$H,2,0),\"\")","v":""},{"$f":"IFERROR(VLOOKUP(C6646,参数!$B:$H,4,0),\"\")","v":""},{"$f":"IFERROR(VLOOKUP(C6646,参数!B:H,3,FALSE),\"\")","v":""},"",1]
[6646,{"$nulls":6},{"$f":"IFERROR(VLOOKUP(C6647,参数!$B:$H,2,0),\"\")","v":""},{"$f":"IFERROR(VLOOKUP(C6647,参数!$B:$H,4,0),\"\")","v":""},{"$f":"IFERROR(VLOOKUP(C6647,参数!B:H,3,FALSE),\"\")","v":""},"",1]
[6647,{"$nulls":6},{"$f":"IFERROR(VLOOKUP(C6648,参数!$B:$H,2,0),\"\")","v":""},{"$f":"IFERROR(VLOOKUP(C6648,参数!$B:$H,4,0),\"\")","v":""},{"$f":"IFERROR(VLOOKUP(C6648,参数!B:H,3,FALSE),\"\")","v":""},"",1]
[6648,{"$nulls":6},{"$f":"IFERROR(VLOOKUP(C6649,参数!$B:$H,2,0),\"\")","v":""},{"$f":"IFERROR(VLOOKUP(C6649,参数!$B:$H,4,0),\"\")","v":""},{"$f":"IFERROR(VLOOKUP(C6649,参数!B:H,3,FALSE),\"\")","v":""},"",1]
[6649,{"$nulls":6},{"$f":"IFERROR(VLOOKUP(C6650,参数!$B:$H,2,0),\"\")","v":""},{"$f":"IFERROR(VLOOKUP(C6650,参数!$B:$H,4,0),\"\")","v":""},{"$f":"IFERROR(VLOOKUP(C6650,参数!B:H,3,FALSE),\"\")","v":""},"",1]
[6650,{"$nulls":6},{"$f":"IFERROR(VLOOKUP(C6651,参数!$B:$H,2,0),\"\")","v":""},{"$f":"IFERROR(VLOOKUP(C6651,参数!$B:$H,4,0),\"\")","v":""},{"$f":"IFERROR(VLOOKUP(C6651,参数!B:H,3,FALSE),\"\")","v":""},"",1]
[6651,{"$nulls":6},{"$f":"IFERROR(VLOOKUP(C6652,参数!$B:$H,2,0),\"\")","v":""},{"$f":"IFERROR(VLOOKUP(C6652,参数!$B:$H,4,0),\"\")","v":""},{"$f":"IFERROR(VLOOKUP(C6652,参数!B:H,3,FALSE),\"\")","v":""},"",1]
[6652,{"$nulls":6},{"$f":"IFERROR(VLOOKUP(C6653,参数!$B:$H,2,0),\"\")","v":""},{"$f":"IFERROR(VLOOKUP(C6653,参数!$B:$H,4,0),\"\")","v":""},{"$f":"IFERROR(VLOOKUP(C6653,参数!B:H,3,FALSE),\"\")","v":""},"",1]
[6653,{"$nulls":6},{"$f":"IFERROR(VLOOKUP(C6654,参数!$B:$H,2,0),\"\")","v":""},{"$f":"IFERROR(VLOOKUP(C6654,参数!$B:$H,4,0),\"\")","v":""},{"$f":"IFERROR(VLOOKUP(C6654,参数!B:H,3,FALSE),\"\")","v":""},"",1]
[6654,{"$nulls":6},{"$f":"IFERROR(VLOOKUP(C6655,参数!$B:$H,2,0),\"\")","v":""},{"$f":"IFERROR(VLOOKUP(C6655,参数!$B:$H,4,0),\"\")","v":""},{"$f":"IFERROR(VLOOKUP(C6655,参数!B:H,3,FALSE),\"\")","v":""},"",1]
[6655,{"$nulls":6},{"$f":"IFERROR(VLOOKUP(C6656,参数!$B:$H,2,0),\"\")","v":""},{"$f":"IFERROR(VLOOKUP(C6656,参数!$B:$H,4,0),\"\")","v":""},{"$f":"IFERROR(VLOOKUP(C6656,参数!B:H,3,FALSE),\"\")","v":""},"",1]
[6656,{"$nulls":6},{"$f":"IFERROR(VLOOKUP(C6657,参数!$B:$H,2,0),\"\")","v":""},{"$f":"IFERROR(VLOOKUP(C6657,参数!$B:$H,4,0),\"\")","v":""},{"$f":"IFERROR(VLOOKUP(C6657,参数!B:H,3,FALSE),\"\")","v":""},"",1]
[6657,{"$nulls":6},{"$f":"IFERROR(VLOOKUP(C6658,参数!$B:$H,2,0),\"\")","v":""},{"$f":"IFERROR(VLOOKUP(C6658,参数!$B:$H,4,0),\"\")","v":""},{"$f":"IFERROR(VLOOKUP(C6658,参数!B:H,3,FALSE),\"\")","v":""},"",{"$f":"VALUE(MONTH(B6658))","v":1}]
[6658,{"$nulls":6},{"$f":"IFERROR(VLOOKUP(C6659,参数!$B:$H,2,0),\"\")","v":""},{"$f":"IFERROR(VLOOKUP(C6659,参数!$B:$H,4,0),\"\")","v":""},{"$f":"IFERROR(VLOOKUP(C6659,参数!B:H,3,FALSE),\"\")","v":""},"",1]
[6659,{"$nulls":6},{"$f":"IFERROR(VLOOKUP(C6660,参数!$B:$H,2,0),\"\")","v":""},{"$f":"IFERROR(VLOOKUP(C6660,参数!$B:$H,4,0),\"\")","v":""},{"$f":"IFERROR(VLOOKUP(C6660,参数!B:H,3,FALSE),\"\")","v":""},"",1]
[6660,{"$nulls":6},{"$f":"IFERROR(VLOOKUP(C6661,参数!$B:$H,2,0),\"\")","v":""},{"$f":"IFERROR(VLOOKUP(C6661,参数!$B:$H,4,0),\"\")","v":""},{"$f":"IFERROR(VLOOKUP(C6661,参数!B:H,3,FALSE),\"\")","v":""},"",1]
[6661,{"$nulls":6},{"$f":"IFERROR(VLOOKUP(C6662,参数!$B:$H,2,0),\"\")","v":""},{"$f":"IFERROR(VLOOKUP(C6662,参数!$B:$H,4,0),\"\")","v":""},{"$f":"IFERROR(VLOOKUP(C6662,参数!B:H,3,FALSE),\"\")","v":""},"",1]
[6662,{"$nulls":6},{"$f":"IFERROR(VLOOKUP(C6663,参数!$B:$H,2,0),\"\")","v":""},{"$f":"IFERROR(VLOOKUP(C6663,参数!$B:$H,4,0),\"\")","v":""},{"$f":"IFERROR(VLOOKUP(C6663,参数!B:H,3,FALSE),\"\")","v":""},"",1]
[6663,{"$nulls":6},{"$f":"IFERROR(VLOOKUP(C6664,参数!$B:$H,2,0),\"\")","v":""},{"$f":"IFERROR(VLOOKUP(C6664,参数!$B:$H,4,0),\"\")","v":""},{"$f":"IFERROR(VLOOKUP(C6664,参数!B:H,3,FALSE),\"\")","v":""},"",1]
[6664,{"$nulls":6},{"$f":"IFERROR(VLOOKUP(C6665,参数!$B:$H,2,0),\"\")","v":""},{"$f":"IFERROR(VLOOKUP(C6665,参数!$B:$H,4,0),\"\")","v":""},{"$f":"IFERROR(VLOOKUP(C6665,参数!B:H,3,FALSE),\"\")","v":""},"",1]
[6665,{"$nulls":6},{"$f":"IFERROR(VLOOKUP(C6666,参数!$B:$H,2,0),\"\")","v":""},{"$f":"IFERROR(VLOOKUP(C6666,参数!$B:$H,4,0),\"\")","v":""},{"$f":"IFERROR(VLOOKUP(C6666,参数!B:H,3,FALSE),\"\")","v":""},"",1]
[6666,{"$nulls":6},{"$f":"IFERROR(VLOOKUP(C6667,参数!$B:$H,2,0),\"\")","v":""},{"$f":"IFERROR(VLOOKUP(C6667,参数!$B:$H,4,0),\"\")","v":""},{"$f":"IFERROR(VLOOKUP(C6667,参数!B:H,3,FALSE),\"\")","v":""},"",1]
[6667,{"$nulls":6},{"$f":"IFERROR(VLOOKUP(C6668,参数!$B:$H,2,0),\"\")","v":""},{"$f":"IFERROR(VLOOKUP(C6668,参数!$B:$H,4,0),\"\")","v":""},{"$f":"IFERROR(VLOOKUP(C6668,参数!B:H,3,FALSE),\"\")","v":""},"",1]
[6668,{"$nulls":6},{"$f":"IFERROR(VLOOKUP(C6669,参数!$B:$H,2,0),\"\")","v":""},{"$f":"IFERROR(VLOOKUP(C6669,参数!$B:$H,4,0),\"\")","v":""},{"$f":"IFERROR(VLOOKUP(C6669,参数!B:H,3,FALSE),\"\")","v":""},"",1]
[6669,{"$nulls":6},{"$f":"IFERROR(VLOOKUP(C6670,参数!$B:$H,2,0),\"\")","v":""},{"$f":"IFERROR(VLOOKUP(C6670,参数!$B:$H,4,0),\"\")","v":""},{"$f":"IFERROR(VLOOKUP(C6670,参数!B:H,3,FALSE),\"\")","v":""},"",1]
[6670,{"$nulls":6},{"$f":"IFERROR(VLOOKUP(C6671,参数!$B:$H,2,0),\"\")","v":""},{"$f":"IFERROR(VLOOKUP(C6671,参数!$B:$H,4,0),\"\")","v":""},{"$f":"IFERROR(VLOOKUP(C6671,参数!B:H,3,FALSE),\"\")","v":""},"",1]
[6671,{"$nulls":6},{"$f":"IFERROR(VLOOKUP(C6672,参数!$B:$H,2,0),\"\")","v":""},{"$f":"IFERROR(VLOOKUP(C6672,参数!$B:$H,4,0),\"\")","v":""},{"$f":"IFERROR(VLOOKUP(C6672,参数!B:H,3,FALSE),\"\")","v":""},"",1]
[6672,{"$nulls":6},{"$f":"IFERROR(VLOOKUP(C6673,参数!$B:$H,2,0),\"\")","v":""},{"$f":"IFERROR(VLOOKUP(C6673,参数!$B:$H,4,0),\"\")","v":""},{"$f":"IFERROR(VLOOKUP(C6673,参数!B:H,3,FALSE),\"\")","v":""},"",1]
[6673,{"$nulls":6},{"$f":"IFERROR(VLOOKUP(C6674,参数!$B:$H,2,0),\"\")","v":""},{"$f":"IFERROR(VLOOKUP(C6674,参数!$B:$H,4,0),\"\")","v":""},{"$f":"IFERROR(VLOOKUP(C6674,参数!B:H,3,FALSE),\"\")","v":""},"",1]
[6674,{"$nulls":6},{"$f":"IFERROR(VLOOKUP(C6675,参数!$B:$H,2,0),\"\")","v":""},{"$f":"IFERROR(VLOOKUP(C6675,参数!$B:$H,4,0),\"\")","v":""},{"$f":"IFERROR(VLOOKUP(C6675,参数!B:H,3,FALSE),\"\")","v":""},"",1]
[6675,{"$nulls":6},{"$f":"IFERROR(VLOOKUP(C6676,参数!$B:$H,2,0),\"\")","v":""},{"$f":"IFERROR(VLOOKUP(C6676,参数!$B:$H,4,0),\"\")","v":""},{"$f":"IFERROR(VLOOKUP(C6676,参数!B:H,3,FALSE),\"\")","v":""},"",1]
[6676,{"$nulls":6},{"$f":"IFERROR(VLOOKUP(C6677,参数!$B:$H,2,0),\"\")","v":""},{"$f":"IFERROR(VLOOKUP(C6677,参数!$B:$H,4,0),\"\")","v":""},{"$f":"IFERROR(VLOOKUP(C6677,参数!B:H,3,FALSE),\"\")","v":""},"",1]
[6677,{"$nulls":6},{"$f":"IFERROR(VLOOKUP(C6678,参数!$B:$H,2,0),\"\")","v":""},{"$f":"IFERROR(VLOOKUP(C6678,参数!$B:$H,4,0),\"\")","v":""},{"$f":"IFERROR(VLOOKUP(C6678,参数!B:H,3,FALSE),\"\")","v":""},"",1]
[6678,{"$nulls":6},{"$f":"IFERROR(VLOOKUP(C6679,参数!$B:$H,2,0),\"\")","v":""},{"$f":"IFERROR(VLOOKUP(C6679,参数!$B:$H,4,0),\"\")","v":""},{"$f":"IFERROR(VLOOKUP(C6679,参数!B:H,3,FALSE),\"\")","v":""},"",1]
[6679,{"$nulls":6},{"$f":"IFERROR(VLOOKUP(C6680,参数!$B:$H,2,0),\"\")","v":""},{"$f":"IFERROR(VLOOKUP(C6680,参数!$B:$H,4,0),\"\")","v":""},{"$f":"IFERROR(VLOOKUP(C6680,参数!B:H,3,FALSE),\"\")","v":""},"",1]
[6680,{"$nulls":6},{"$f":"IFERROR(VLOOKUP(C6681,参数!$B:$H,2,0),\"\")","v":""},{"$f":"IFERROR(VLOOKUP(C6681,参数!$B:$H,4,0),\"\")","v":""},{"$f":"IFERROR(VLOOKUP(C6681,参数!B:H,3,FALSE),\"\")","v":""},"",1]
[6681,{"$nulls":6},{"$f":"IFERROR(VLOOKUP(C6682,参数!$B:$H,2,0),\"\")","v":""},{"$f":"IFERROR(VLOOKUP(C6682,参数!$B:$H,4,0),\"\")","v":""},{"$f":"IFERROR(VLOOKUP(C6682,参数!B:H,3,FALSE),\"\")","v":""},"",1]
[6682,{"$nulls":6},{"$f":"IFERROR(VLOOKUP(C6683,参数!$B:$H,2,0),\"\")","v":""},{"$f":"IFERROR(VLOOKUP(C6683,参数!$B:$H,4,0),\"\")","v":""},{"$f":"IFERROR(VLOOKUP(C6683,参数!B:H,3,FALSE),\"\")","v":""},"",1]
[6683,{"$nulls":6},{"$f":"IFERROR(VLOOKUP(C6684,参数!$B:$H,2,0),\"\")","v":""},{"$f":"IFERROR(VLOOKUP(C6684,参数!$B:$H,4,0),\"\")","v":""},{"$f":"IFERROR(VLOOKUP(C6684,参数!B:H,3,FALSE),\"\")","v":""},"",1]
[6684,{"$nulls":6},{"$f":"IFERROR(VLOOKUP(C6685,参数!$B:$H,2,0),\"\")","v":""},{"$f":"IFERROR(VLOOKUP(C6685,参数!$B:$H,4,0),\"\")","v":""},{"$f":"IFERROR(VLOOKUP(C6685,参数!B:H,3,FALSE),\"\")","v":""},"",1]
[6685,{"$nulls":6},{"$f":"IFERROR(VLOOKUP(C6686,参数!$B:$H,2,0),\"\")","v":""},{"$f":"IFERROR(VLOOKUP(C6686,参数!$B:$H,4,0),\"\")","v":""},{"$f":"IFERROR(VLOOKUP(C6686,参数!B:H,3,FALSE),\"\")","v":""},"",1]
[6686,{"$nulls":6},{"$f":"IFERROR(VLOOKUP(C6687,参数!$B:$H,2,0),\"\")","v":""},{"$f":"IFERROR(VLOOKUP(C6687,参数!$B:$H,4,0),\"\")","v":""},{"$f":"IFERROR(VLOOKUP(C6687,参数!B:H,3,FALSE),\"\")","v":""},"",1]
[6687,{"$nulls":6},{"$f":"IFERROR(VLOOKUP(C6688,参数!$B:$H,2,0),\"\")","v":""},{"$f":"IFERROR(VLOOKUP(C6688,参数!$B:$H,4,0),\"\")","v":""},{"$f":"IFERROR(VLOOKUP(C6688,参数!B:H,3,FALSE),\"\")","v":""},"",1]
[6688,{"$nulls":6},{"$f":"IFERROR(VLOOKUP(C6689,参数!$B:$H,2,0),\"\")","v":""},{"$f":"IFERROR(VLOOKUP(C6689,参数!$B:$H,4,0),\"\")","v":""},{"$f":"IFERROR(VLOOKUP(C6689,参数!B:H,3,FALSE),\"\")","v":""},"",1]
[6689,{"$nulls":6},{"$f":"IFERROR(VLOOKUP(C6690,参数!$B:$H,2,0),\"\")","v":""},{"$f":"IFERROR(VLOOKUP(C6690,参数!$B:$H,4,0),\"\")","v":""},{"$f":"IFERROR(VLOOKUP(C6690,参数!B:H,3,FALSE),\"\")","v":""},"",1]
[6690,{"$nulls":6},{"$f":"IFERROR(VLOOKUP(C6691,参数!$B:$H,2,0),\"\")","v":""},{"$f":"IFERROR(VLOOKUP(C6691,参数!$B:$H,4,0),\"\")","v":""},{"$f":"IFERROR(VLOOKUP(C6691,参数!B:H,3,FALSE),\"\")","v":""},"",1]
[6691,{"$nulls":6},{"$f":"IFERROR(VLOOKUP(C6692,参数!$B:$H,2,0),\"\")","v":""},{"$f":"IFERROR(VLOOKUP(C6692,参数!$B:$H,4,0),\"\")","v":""},{"$f":"IFERROR(VLOOKUP(C6692,参数!B:H,3,FALSE),\"\")","v":""},"",1]
[6692,{"$nulls":6},{"$f":"IFERROR(VLOOKUP(C6693,参数!$B:$H,2,0),\"\")","v":""},{"$f":"IFERROR(VLOOKUP(C6693,参数!$B:$H,4,0),\"\")","v":""},{"$f":"IFERROR(VLOOKUP(C6693,参数!B:H,3,FALSE),\"\")","v":""},{"$f":"IFERROR(J6693*E6693,\"\")","v":""},1]
[6693,{"$nulls":6},{"$f":"IFERROR(VLOOKUP(C6694,参数!$B:$H,2,0),\"\")","v":""},{"$f":"IFERROR(VLOOKUP(C6694,参数!$B:$H,4,0),\"\")","v":""},{"$f":"IFERROR(VLOOKUP(C6694,参数!B:H,3,FALSE),\"\")","v":""},"",1]
[6694,{"$nulls":6},{"$f":"IFERROR(VLOOKUP(C6695,参数!$B:$H,2,0),\"\")","v":""},{"$f":"IFERROR(VLOOKUP(C6695,参数!$B:$H,4,0),\"\")","v":""},{"$f":"IFERROR(VLOOKUP(C6695,参数!B:H,3,FALSE),\"\")","v":""},"",1]
[6695,{"$nulls":6},{"$f":"IFERROR(VLOOKUP(C6696,参数!$B:$H,2,0),\"\")","v":""},{"$f":"IFERROR(VLOOKUP(C6696,参数!$B:$H,4,0),\"\")","v":""},{"$f":"IFERROR(VLOOKUP(C6696,参数!B:H,3,FALSE),\"\")","v":""},"",1]
[6696,{"$nulls":6},{"$f":"IFERROR(VLOOKUP(C6697,参数!$B:$H,2,0),\"\")","v":""},{"$f":"IFERROR(VLOOKUP(C6697,参数!$B:$H,4,0),\"\")","v":""},{"$f":"IFERROR(VLOOKUP(C6697,参数!B:H,3,FALSE),\"\")","v":""},"",1]
[6697,{"$nulls":6},{"$f":"IFERROR(VLOOKUP(C6698,参数!$B:$H,2,0),\"\")","v":""},{"$f":"IFERROR(VLOOKUP(C6698,参数!$B:$H,4,0),\"\")","v":""},{"$f":"IFERROR(VLOOKUP(C6698,参数!B:H,3,FALSE),\"\")","v":""},"",1]
[6698,{"$nulls":6},{"$f":"IFERROR(VLOOKUP(C6699,参数!$B:$H,2,0),\"\")","v":""},{"$f":"IFERROR(VLOOKUP(C6699,参数!$B:$H,4,0),\"\")","v":""},{"$f":"IFERROR(VLOOKUP(C6699,参数!B:H,3,FALSE),\"\")","v":""},"",1]
[6699,{"$nulls":6},{"$f":"IFERROR(VLOOKUP(C6700,参数!$B:$H,2,0),\"\")","v":""},{"$f":"IFERROR(VLOOKUP(C6700,参数!$B:$H,4,0),\"\")","v":""},{"$f":"IFERROR(VLOOKUP(C6700,参数!B:H,3,FALSE),\"\")","v":""},"",1]
[6700,{"$nulls":6},{"$f":"IFERROR(VLOOKUP(C6701,参数!$B:$H,2,0),\"\")","v":""},{"$f":"IFERROR(VLOOKUP(C6701,参数!$B:$H,4,0),\"\")","v":""},{"$f":"IFERROR(VLOOKUP(C6701,参数!B:H,3,FALSE),\"\")","v":""},"",1]
[6701,{"$nulls":6},{"$f":"IFERROR(VLOOKUP(C6702,参数!$B:$H,2,0),\"\")","v":""},{"$f":"IFERROR(VLOOKUP(C6702,参数!$B:$H,4,0),\"\")","v":""},{"$f":"IFERROR(VLOOKUP(C6702,参数!B:H,3,FALSE),\"\")","v":""},"",1]
[6702,{"$nulls":6},{"$f":"IFERROR(VLOOKUP(C6703,参数!$B:$H,2,0),\"\")","v":""},{"$f":"IFERROR(VLOOKUP(C6703,参数!$B:$H,4,0),\"\")","v":""},{"$f":"IFERROR(VLOOKUP(C6703,参数!B:H,3,FALSE),\"\")","v":""},"",1]
[6703,{"$nulls":6},{"$f":"IFERROR(VLOOKUP(C6704,参数!$B:$H,2,0),\"\")","v":""},{"$f":"IFERROR(VLOOKUP(C6704,参数!$B:$H,4,0),\"\")","v":""},{"$f":"IFERROR(VLOOKUP(C6704,参数!B:H,3,FALSE),\"\")","v":""},"",1]
[6704,{"$nulls":6},{"$f":"IFERROR(VLOOKUP(C6705,参数!$B:$H,2,0),\"\")","v":""},{"$f":"IFERROR(VLOOKUP(C6705,参数!$B:$H,4,0),\"\")","v":""},{"$f":"IFERROR(VLOOKUP(C6705,参数!B:H,3,FALSE),\"\")","v":""},"",1]
[6705,{"$nulls":6},{"$f":"IFERROR(VLOOKUP(C6706,参数!$B:$H,2,0),\"\")","v":""},{"$f":"IFERROR(VLOOKUP(C6706,参数!$B:$H,4,0),\"\")","v":""},{"$f":"IFERROR(VLOOKUP(C6706,参数!B:H,3,FALSE),\"\")","v":""},"",1]
[6706,{"$nulls":6},{"$f":"IFERROR(VLOOKUP(C6707,参数!$B:$H,2,0),\"\")","v":""},{"$f":"IFERROR(VLOOKUP(C6707,参数!$B:$H,4,0),\"\")","v":""},{"$f":"IFERROR(VLOOKUP(C6707,参数!B:H,3,FALSE),\"\")","v":""},"",1]
[6707,{"$nulls":6},{"$f":"IFERROR(VLOOKUP(C6708,参数!$B:$H,2,0),\"\")","v":""},{"$f":"IFERROR(VLOOKUP(C6708,参数!$B:$H,4,0),\"\")","v":""},{"$f":"IFERROR(VLOOKUP(C6708,参数!B:H,3,FALSE),\"\")","v":""},"",1]
[6708,{"$nulls":6},{"$f":"IFERROR(VLOOKUP(C6709,参数!$B:$H,2,0),\"\")","v":""},{"$f":"IFERROR(VLOOKUP(C6709,参数!$B:$H,4,0),\"\")","v":""},{"$f":"IFERROR(VLOOKUP(C6709,参数!B:H,3,FALSE),\"\")","v":""},"",1]
[6709,{"$nulls":6},{"$f":"IFERROR(VLOOKUP(C6710,参数!$B:$H,2,0),\"\")","v":""},{"$f":"IFERROR(VLOOKUP(C6710,参数!$B:$H,4,0),\"\")","v":""},{"$f":"IFERROR(VLOOKUP(C6710,参数!B:H,3,FALSE),\"\")","v":""},"",1]
[6710,{"$nulls":6},{"$f":"IFERROR(VLOOKUP(C6711,参数!$B:$H,2,0),\"\")","v":""},{"$f":"IFERROR(VLOOKUP(C6711,参数!$B:$H,4,0),\"\")","v":""},{"$f":"IFERROR(VLOOKUP(C6711,参数!B:H,3,FALSE),\"\")","v":""},"",1]
[6711,{"$nulls":6},{"$f":"IFERROR(VLOOKUP(C6712,参数!$B:$H,2,0),\"\")","v":""},{"$f":"IFERROR(VLOOKUP(C6712,参数!$B:$H,4,0),\"\")","v":""},{"$f":"IFERROR(VLOOKUP(C6712,参数!B:H,3,FALSE),\"\")","v":""},"",1]
[6712,{"$nulls":6},{"$f":"IFERROR(VLOOKUP(C6713,参数!$B:$H,2,0),\"\")","v":""},{"$f":"IFERROR(VLOOKUP(C6713,参数!$B:$H,4,0),\"\")","v":""},{"$f":"IFERROR(VLOOKUP(C6713,参数!B:H,3,FALSE),\"\")","v":""},"",1]
[6713,{"$nulls":6},{"$f":"IFERROR(VLOOKUP(C6714,参数!$B:$H,2,0),\"\")","v":""},{"$f":"IFERROR(VLOOKUP(C6714,参数!$B:$H,4,0),\"\")","v":""},{"$f":"IFERROR(VLOOKUP(C6714,参数!B:H,3,FALSE),\"\")","v":""},"",1]
[6714,{"$nulls":6},{"$f":"IFERROR(VLOOKUP(C6715,参数!$B:$H,2,0),\"\")","v":""},{"$f":"IFERROR(VLOOKUP(C6715,参数!$B:$H,4,0),\"\")","v":""},{"$f":"IFERROR(VLOOKUP(C6715,参数!B:H,3,FALSE),\"\")","v":""},"",1]
[6715,{"$nulls":6},{"$f":"IFERROR(VLOOKUP(C6716,参数!$B:$H,2,0),\"\")","v":""},{"$f":"IFERROR(VLOOKUP(C6716,参数!$B:$H,4,0),\"\")","v":""},{"$f":"IFERROR(VLOOKUP(C6716,参数!B:H,3,FALSE),\"\")","v":""},"",1]
[6716,{"$nulls":6},{"$f":"IFERROR(VLOOKUP(C6717,参数!$B:$H,2,0),\"\")","v":""},{"$f":"IFERROR(VLOOKUP(C6717,参数!$B:$H,4,0),\"\")","v":""},{"$f":"IFERROR(VLOOKUP(C6717,参数!B:H,3,FALSE),\"\")","v":""},"",1]
[6717,{"$nulls":6},{"$f":"IFERROR(VLOOKUP(C6718,参数!$B:$H,2,0),\"\")","v":""},{"$f":"IFERROR(VLOOKUP(C6718,参数!$B:$H,4,0),\"\")","v":""},{"$f":"IFERROR(VLOOKUP(C6718,参数!B:H,3,FALSE),\"\")","v":""},"",1]
[6718,{"$nulls":6},{"$f":"IFERROR(VLOOKUP(C6719,参数!$B:$H,2,0),\"\")","v":""},{"$f":"IFERROR(VLOOKUP(C6719,参数!$B:$H,4,0),\"\")","v":""},{"$f":"IFERROR(VLOOKUP(C6719,参数!B:H,3,FALSE),\"\")","v":""},"",1]
[6719,{"$nulls":6},{"$f":"IFERROR(VLOOKUP(C6720,参数!$B:$H,2,0),\"\")","v":""},{"$f":"IFERROR(VLOOKUP(C6720,参数!$B:$H,4,0),\"\")","v":""},{"$f":"IFERROR(VLOOKUP(C6720,参数!B:H,3,FALSE),\"\")","v":""},"",1]
[6720,{"$nulls":6},{"$f":"IFERROR(VLOOKUP(C6721,参数!$B:$H,2,0),\"\")","v":""},{"$f":"IFERROR(VLOOKUP(C6721,参数!$B:$H,4,0),\"\")","v":""},{"$f":"IFERROR(VLOOKUP(C6721,参数!B:H,3,FALSE),\"\")","v":""},"",1]
[6721,{"$nulls":6},{"$f":"IFERROR(VLOOKUP(C6722,参数!$B:$H,2,0),\"\")","v":""},{"$f":"IFERROR(VLOOKUP(C6722,参数!$B:$H,4,0),\"\")","v":""},{"$f":"IFERROR(VLOOKUP(C6722,参数!B:H,3,FALSE),\"\")","v":""},"",{"$f":"VALUE(MONTH(B6722))","v":1}]
[6722,{"$nulls":6},{"$f":"IFERROR(VLOOKUP(C6723,参数!$B:$H,2,0),\"\")","v":""},{"$f":"IFERROR(VLOOKUP(C6723,参数!$B:$H,4,0),\"\")","v":""},{"$f":"IFERROR(VLOOKUP(C6723,参数!B:H,3,FALSE),\"\")","v":""},"",1]
[6723,{"$nulls":6},{"$f":"IFERROR(VLOOKUP(C6724,参数!$B:$H,2,0),\"\")","v":""},{"$f":"IFERROR(VLOOKUP(C6724,参数!$B:$H,4,0),\"\")","v":""},{"$f":"IFERROR(VLOOKUP(C6724,参数!B:H,3,FALSE),\"\")","v":""},"",1]
[6724,{"$nulls":6},{"$f":"IFERROR(VLOOKUP(C6725,参数!$B:$H,2,0),\"\")","v":""},{"$f":"IFERROR(VLOOKUP(C6725,参数!$B:$H,4,0),\"\")","v":""},{"$f":"IFERROR(VLOOKUP(C6725,参数!B:H,3,FALSE),\"\")","v":""},"",1]
[6725,{"$nulls":6},{"$f":"IFERROR(VLOOKUP(C6726,参数!$B:$H,2,0),\"\")","v":""},{"$f":"IFERROR(VLOOKUP(C6726,参数!$B:$H,4,0),\"\")","v":""},{"$f":"IFERROR(VLOOKUP(C6726,参数!B:H,3,FALSE),\"\")","v":""},"",1]
[6726,{"$nulls":6},{"$f":"IFERROR(VLOOKUP(C6727,参数!$B:$H,2,0),\"\")","v":""},{"$f":"IFERROR(VLOOKUP(C6727,参数!$B:$H,4,0),\"\")","v":""},{"$f":"IFERROR(VLOOKUP(C6727,参数!B:H,3,FALSE),\"\")","v":""},"",1]
[6727,{"$nulls":6},{"$f":"IFERROR(VLOOKUP(C6728,参数!$B:$H,2,0),\"\")","v":""},{"$f":"IFERROR(VLOOKUP(C6728,参数!$B:$H,4,0),\"\")","v":""},{"$f":"IFERROR(VLOOKUP(C6728,参数!B:H,3,FALSE),\"\")","v":""},"",1]
[6728,{"$nulls":6},{"$f":"IFERROR(VLOOKUP(C6729,参数!$B:$H,2,0),\"\")","v":""},{"$f":"IFERROR(VLOOKUP(C6729,参数!$B:$H,4,0),\"\")","v":""},{"$f":"IFERROR(VLOOKUP(C6729,参数!B:H,3,FALSE),\"\")","v":""},"",1]
[6729,{"$nulls":6},{"$f":"IFERROR(VLOOKUP(C6730,参数!$B:$H,2,0),\"\")","v":""},{"$f":"IFERROR(VLOOKUP(C6730,参数!$B:$H,4,0),\"\")","v":""},{"$f":"IFERROR(VLOOKUP(C6730,参数!B:H,3,FALSE),\"\")","v":""},"",1]
[6730,{"$nulls":6},{"$f":"IFERROR(VLOOKUP(C6731,参数!$B:$H,2,0),\"\")","v":""},{"$f":"IFERROR(VLOOKUP(C6731,参数!$B:$H,4,0),\"\")","v":""},{"$f":"IFERROR(VLOOKUP(C6731,参数!B:H,3,FALSE),\"\")","v":""},"",1]
[6731,{"$nulls":6},{"$f":"IFERROR(VLOOKUP(C6732,参数!$B:$H,2,0),\"\")","v":""},{"$f":"IFERROR(VLOOKUP(C6732,参数!$B:$H,4,0),\"\")","v":""},{"$f":"IFERROR(VLOOKUP(C6732,参数!B:H,3,FALSE),\"\")","v":""},"",1]
[6732,{"$nulls":6},{"$f":"IFERROR(VLOOKUP(C6733,参数!$B:$H,2,0),\"\")","v":""},{"$f":"IFERROR(VLOOKUP(C6733,参数!$B:$H,4,0),\"\")","v":""},{"$f":"IFERROR(VLOOKUP(C6733,参数!B:H,3,FALSE),\"\")","v":""},"",1]
[6733,{"$nulls":6},{"$f":"IFERROR(VLOOKUP(C6734,参数!$B:$H,2,0),\"\")","v":""},{"$f":"IFERROR(VLOOKUP(C6734,参数!$B:$H,4,0),\"\")","v":""},{"$f":"IFERROR(VLOOKUP(C6734,参数!B:H,3,FALSE),\"\")","v":""},"",1]
[6734,{"$nulls":6},{"$f":"IFERROR(VLOOKUP(C6735,参数!$B:$H,2,0),\"\")","v":""},{"$f":"IFERROR(VLOOKUP(C6735,参数!$B:$H,4,0),\"\")","v":""},{"$f":"IFERROR(VLOOKUP(C6735,参数!B:H,3,FALSE),\"\")","v":""},"",1]
[6735,{"$nulls":6},{"$f":"IFERROR(VLOOKUP(C6736,参数!$B:$H,2,0),\"\")","v":""},{"$f":"IFERROR(VLOOKUP(C6736,参数!$B:$H,4,0),\"\")","v":""},{"$f":"IFERROR(VLOOKUP(C6736,参数!B:H,3,FALSE),\"\")","v":""},"",1]
[6736,{"$nulls":6},{"$f":"IFERROR(VLOOKUP(C6737,参数!$B:$H,2,0),\"\")","v":""},{"$f":"IFERROR(VLOOKUP(C6737,参数!$B:$H,4,0),\"\")","v":""},{"$f":"IFERROR(VLOOKUP(C6737,参数!B:H,3,FALSE),\"\")","v":""},"",1]
[6737,{"$nulls":6},{"$f":"IFERROR(VLOOKUP(C6738,参数!$B:$H,2,0),\"\")","v":""},{"$f":"IFERROR(VLOOKUP(C6738,参数!$B:$H,4,0),\"\")","v":""},{"$f":"IFERROR(VLOOKUP(C6738,参数!B:H,3,FALSE),\"\")","v":""},"",1]
[6738,{"$nulls":6},{"$f":"IFERROR(VLOOKUP(C6739,参数!$B:$H,2,0),\"\")","v":""},{"$f":"IFERROR(VLOOKUP(C6739,参数!$B:$H,4,0),\"\")","v":""},{"$f":"IFERROR(VLOOKUP(C6739,参数!B:H,3,FALSE),\"\")","v":""},"",1]
[6739,{"$nulls":6},{"$f":"IFERROR(VLOOKUP(C6740,参数!$B:$H,2,0),\"\")","v":""},{"$f":"IFERROR(VLOOKUP(C6740,参数!$B:$H,4,0),\"\")","v":""},{"$f":"IFERROR(VLOOKUP(C6740,参数!B:H,3,FALSE),\"\")","v":""},"",1]
[6740,{"$nulls":6},{"$f":"IFERROR(VLOOKUP(C6741,参数!$B:$H,2,0),\"\")","v":""},{"$f":"IFERROR(VLOOKUP(C6741,参数!$B:$H,4,0),\"\")","v":""},{"$f":"IFERROR(VLOOKUP(C6741,参数!B:H,3,FALSE),\"\")","v":""},"",1]
[6741,{"$nulls":6},{"$f":"IFERROR(VLOOKUP(C6742,参数!$B:$H,2,0),\"\")","v":""},{"$f":"IFERROR(VLOOKUP(C6742,参数!$B:$H,4,0),\"\")","v":""},{"$f":"IFERROR(VLOOKUP(C6742,参数!B:H,3,FALSE),\"\")","v":""},"",1]
[6742,{"$nulls":6},{"$f":"IFERROR(VLOOKUP(C6743,参数!$B:$H,2,0),\"\")","v":""},{"$f":"IFERROR(VLOOKUP(C6743,参数!$B:$H,4,0),\"\")","v":""},{"$f":"IFERROR(VLOOKUP(C6743,参数!B:H,3,FALSE),\"\")","v":""},"",1]
[6743,{"$nulls":6},{"$f":"IFERROR(VLOOKUP(C6744,参数!$B:$H,2,0),\"\")","v":""},{"$f":"IFERROR(VLOOKUP(C6744,参数!$B:$H,4,0),\"\")","v":""},{"$f":"IFERROR(VLOOKUP(C6744,参数!B:H,3,FALSE),\"\")","v":""},"",1]
[6744,{"$nulls":6},{"$f":"IFERROR(VLOOKUP(C6745,参数!$B:$H,2,0),\"\")","v":""},{"$f":"IFERROR(VLOOKUP(C6745,参数!$B:$H,4,0),\"\")","v":""},{"$f":"IFERROR(VLOOKUP(C6745,参数!B:H,3,FALSE),\"\")","v":""},"",1]
[6745,{"$nulls":6},{"$f":"IFERROR(VLOOKUP(C6746,参数!$B:$H,2,0),\"\")","v":""},{"$f":"IFERROR(VLOOKUP(C6746,参数!$B:$H,4,0),\"\")","v":""},{"$f":"IFERROR(VLOOKUP(C6746,参数!B:H,3,FALSE),\"\")","v":""},"",1]
[6746,{"$nulls":6},{"$f":"IFERROR(VLOOKUP(C6747,参数!$B:$H,2,0),\"\")","v":""},{"$f":"IFERROR(VLOOKUP(C6747,参数!$B:$H,4,0),\"\")","v":""},{"$f":"IFERROR(VLOOKUP(C6747,参数!B:H,3,FALSE),\"\")","v":""},"",1]
[6747,{"$nulls":6},{"$f":"IFERROR(VLOOKUP(C6748,参数!$B:$H,2,0),\"\")","v":""},{"$f":"IFERROR(VLOOKUP(C6748,参数!$B:$H,4,0),\"\")","v":""},{"$f":"IFERROR(VLOOKUP(C6748,参数!B:H,3,FALSE),\"\")","v":""},"",1]
[6748,{"$nulls":6},{"$f":"IFERROR(VLOOKUP(C6749,参数!$B:$H,2,0),\"\")","v":""},{"$f":"IFERROR(VLOOKUP(C6749,参数!$B:$H,4,0),\"\")","v":""},{"$f":"IFERROR(VLOOKUP(C6749,参数!B:H,3,FALSE),\"\")","v":""},"",1]
[6749,{"$nulls":6},{"$f":"IFERROR(VLOOKUP(C6750,参数!$B:$H,2,0),\"\")","v":""},{"$f":"IFERROR(VLOOKUP(C6750,参数!$B:$H,4,0),\"\")","v":""},{"$f":"IFERROR(VLOOKUP(C6750,参数!B:H,3,FALSE),\"\")","v":""},"",1]
[6750,{"$nulls":6},{"$f":"IFERROR(VLOOKUP(C6751,参数!$B:$H,2,0),\"\")","v":""},{"$f":"IFERROR(VLOOKUP(C6751,参数!$B:$H,4,0),\"\")","v":""},{"$f":"IFERROR(VLOOKUP(C6751,参数!B:H,3,FALSE),\"\")","v":""},"",1]
[6751,{"$nulls":6},{"$f":"IFERROR(VLOOKUP(C6752,参数!$B:$H,2,0),\"\")","v":""},{"$f":"IFERROR(VLOOKUP(C6752,参数!$B:$H,4,0),\"\")","v":""},{"$f":"IFERROR(VLOOKUP(C6752,参数!B:H,3,FALSE),\"\")","v":""},"",1]
[6752,{"$nulls":6},{"$f":"IFERROR(VLOOKUP(C6753,参数!$B:$H,2,0),\"\")","v":""},{"$f":"IFERROR(VLOOKUP(C6753,参数!$B:$H,4,0),\"\")","v":""},{"$f":"IFERROR(VLOOKUP(C6753,参数!B:H,3,FALSE),\"\")","v":""},"",1]
[6753,{"$nulls":6},{"$f":"IFERROR(VLOOKUP(C6754,参数!$B:$H,2,0),\"\")","v":""},{"$f":"IFERROR(VLOOKUP(C6754,参数!$B:$H,4,0),\"\")","v":""},{"$f":"IFERROR(VLOOKUP(C6754,参数!B:H,3,FALSE),\"\")","v":""},"",1]
[6754,{"$nulls":6},{"$f":"IFERROR(VLOOKUP(C6755,参数!$B:$H,2,0),\"\")","v":""},{"$f":"IFERROR(VLOOKUP(C6755,参数!$B:$H,4,0),\"\")","v":""},{"$f":"IFERROR(VLOOKUP(C6755,参数!B:H,3,FALSE),\"\")","v":""},"",1]
[6755,{"$nulls":6},{"$f":"IFERROR(VLOOKUP(C6756,参数!$B:$H,2,0),\"\")","v":""},{"$f":"IFERROR(VLOOKUP(C6756,参数!$B:$H,4,0),\"\")","v":""},{"$f":"IFERROR(VLOOKUP(C6756,参数!B:H,3,FALSE),\"\")","v":""},"",1]
[6756,{"$nulls":6},{"$f":"IFERROR(VLOOKUP(C6757,参数!$B:$H,2,0),\"\")","v":""},{"$f":"IFERROR(VLOOKUP(C6757,参数!$B:$H,4,0),\"\")","v":""},{"$f":"IFERROR(VLOOKUP(C6757,参数!B:H,3,FALSE),\"\")","v":""},{"$f":"IFERROR(J6757*E6757,\"\")","v":""},1]
[6757,{"$nulls":6},{"$f":"IFERROR(VLOOKUP(C6758,参数!$B:$H,2,0),\"\")","v":""},{"$f":"IFERROR(VLOOKUP(C6758,参数!$B:$H,4,0),\"\")","v":""},{"$f":"IFERROR(VLOOKUP(C6758,参数!B:H,3,FALSE),\"\")","v":""},"",1]
[6758,{"$nulls":6},{"$f":"IFERROR(VLOOKUP(C6759,参数!$B:$H,2,0),\"\")","v":""},{"$f":"IFERROR(VLOOKUP(C6759,参数!$B:$H,4,0),\"\")","v":""},{"$f":"IFERROR(VLOOKUP(C6759,参数!B:H,3,FALSE),\"\")","v":""},"",1]
[6759,{"$nulls":6},{"$f":"IFERROR(VLOOKUP(C6760,参数!$B:$H,2,0),\"\")","v":""},{"$f":"IFERROR(VLOOKUP(C6760,参数!$B:$H,4,0),\"\")","v":""},{"$f":"IFERROR(VLOOKUP(C6760,参数!B:H,3,FALSE),\"\")","v":""},"",1]
[6760,{"$nulls":6},{"$f":"IFERROR(VLOOKUP(C6761,参数!$B:$H,2,0),\"\")","v":""},{"$f":"IFERROR(VLOOKUP(C6761,参数!$B:$H,4,0),\"\")","v":""},{"$f":"IFERROR(VLOOKUP(C6761,参数!B:H,3,FALSE),\"\")","v":""},"",1]
[6761,{"$nulls":6},{"$f":"IFERROR(VLOOKUP(C6762,参数!$B:$H,2,0),\"\")","v":""},{"$f":"IFERROR(VLOOKUP(C6762,参数!$B:$H,4,0),\"\")","v":""},{"$f":"IFERROR(VLOOKUP(C6762,参数!B:H,3,FALSE),\"\")","v":""},"",1]
[6762,{"$nulls":6},{"$f":"IFERROR(VLOOKUP(C6763,参数!$B:$H,2,0),\"\")","v":""},{"$f":"IFERROR(VLOOKUP(C6763,参数!$B:$H,4,0),\"\")","v":""},{"$f":"IFERROR(VLOOKUP(C6763,参数!B:H,3,FALSE),\"\")","v":""},"",1]
[6763,{"$nulls":6},{"$f":"IFERROR(VLOOKUP(C6764,参数!$B:$H,2,0),\"\")","v":""},{"$f":"IFERROR(VLOOKUP(C6764,参数!$B:$H,4,0),\"\")","v":""},{"$f":"IFERROR(VLOOKUP(C6764,参数!B:H,3,FALSE),\"\")","v":""},"",1]
[6764,{"$nulls":6},{"$f":"IFERROR(VLOOKUP(C6765,参数!$B:$H,2,0),\"\")","v":""},{"$f":"IFERROR(VLOOKUP(C6765,参数!$B:$H,4,0),\"\")","v":""},{"$f":"IFERROR(VLOOKUP(C6765,参数!B:H,3,FALSE),\"\")","v":""},"",1]
[6765,{"$nulls":6},{"$f":"IFERROR(VLOOKUP(C6766,参数!$B:$H,2,0),\"\")","v":""},{"$f":"IFERROR(VLOOKUP(C6766,参数!$B:$H,4,0),\"\")","v":""},{"$f":"IFERROR(VLOOKUP(C6766,参数!B:H,3,FALSE),\"\")","v":""},"",1]
[6766,{"$nulls":6},{"$f":"IFERROR(VLOOKUP(C6767,参数!$B:$H,2,0),\"\")","v":""},{"$f":"IFERROR(VLOOKUP(C6767,参数!$B:$H,4,0),\"\")","v":""},{"$f":"IFERROR(VLOOKUP(C6767,参数!B:H,3,FALSE),\"\")","v":""},"",1]
[6767,{"$nulls":6},{"$f":"IFERROR(VLOOKUP(C6768,参数!$B:$H,2,0),\"\")","v":""},{"$f":"IFERROR(VLOOKUP(C6768,参数!$B:$H,4,0),\"\")","v":""},{"$f":"IFERROR(VLOOKUP(C6768,参数!B:H,3,FALSE),\"\")","v":""},"",1]
[6768,{"$nulls":6},{"$f":"IFERROR(VLOOKUP(C6769,参数!$B:$H,2,0),\"\")","v":""},{"$f":"IFERROR(VLOOKUP(C6769,参数!$B:$H,4,0),\"\")","v":""},{"$f":"IFERROR(VLOOKUP(C6769,参数!B:H,3,FALSE),\"\")","v":""},"",1]
[6769,{"$nulls":6},{"$f":"IFERROR(VLOOKUP(C6770,参数!$B:$H,2,0),\"\")","v":""},{"$f":"IFERROR(VLOOKUP(C6770,参数!$B:$H,4,0),\"\")","v":""},{"$f":"IFERROR(VLOOKUP(C6770,参数!B:H,3,FALSE),\"\")","v":""},"",1]
[6770,{"$nulls":6},{"$f":"IFERROR(VLOOKUP(C6771,参数!$B:$H,2,0),\"\")","v":""},{"$f":"IFERROR(VLOOKUP(C6771,参数!$B:$H,4,0),\"\")","v":""},{"$f":"IFERROR(VLOOKUP(C6771,参数!B:H,3,FALSE),\"\")","v":""},"",1]
[6771,{"$nulls":6},{"$f":"IFERROR(VLOOKUP(C6772,参数!$B:$H,2,0),\"\")","v":""},{"$f":"IFERROR(VLOOKUP(C6772,参数!$B:$H,4,0),\"\")","v":""},{"$f":"IFERROR(VLOOKUP(C6772,参数!B:H,3,FALSE),\"\")","v":""},"",1]
[6772,{"$nulls":6},{"$f":"IFERROR(VLOOKUP(C6773,参数!$B:$H,2,0),\"\")","v":""},{"$f":"IFERROR(VLOOKUP(C6773,参数!$B:$H,4,0),\"\")","v":""},{"$f":"IFERROR(VLOOKUP(C6773,参数!B:H,3,FALSE),\"\")","v":""},"",1]
[6773,{"$nulls":6},{"$f":"IFERROR(VLOOKUP(C6774,参数!$B:$H,2,0),\"\")","v":""},{"$f":"IFERROR(VLOOKUP(C6774,参数!$B:$H,4,0),\"\")","v":""},{"$f":"IFERROR(VLOOKUP(C6774,参数!B:H,3,FALSE),\"\")","v":""},"",1]
[6774,{"$nulls":6},{"$f":"IFERROR(VLOOKUP(C6775,参数!$B:$H,2,0),\"\")","v":""},{"$f":"IFERROR(VLOOKUP(C6775,参数!$B:$H,4,0),\"\")","v":""},{"$f":"IFERROR(VLOOKUP(C6775,参数!B:H,3,FALSE),\"\")","v":""},"",1]
[6775,{"$nulls":6},{"$f":"IFERROR(VLOOKUP(C6776,参数!$B:$H,2,0),\"\")","v":""},{"$f":"IFERROR(VLOOKUP(C6776,参数!$B:$H,4,0),\"\")","v":""},{"$f":"IFERROR(VLOOKUP(C6776,参数!B:H,3,FALSE),\"\")","v":""},"",1]
[6776,{"$nulls":6},{"$f":"IFERROR(VLOOKUP(C6777,参数!$B:$H,2,0),\"\")","v":""},{"$f":"IFERROR(VLOOKUP(C6777,参数!$B:$H,4,0),\"\")","v":""},{"$f":"IFERROR(VLOOKUP(C6777,参数!B:H,3,FALSE),\"\")","v":""},"",1]
[6777,{"$nulls":6},{"$f":"IFERROR(VLOOKUP(C6778,参数!$B:$H,2,0),\"\")","v":""},{"$f":"IFERROR(VLOOKUP(C6778,参数!$B:$H,4,0),\"\")","v":""},{"$f":"IFERROR(VLOOKUP(C6778,参数!B:H,3,FALSE),\"\")","v":""},"",1]
[6778,{"$nulls":6},{"$f":"IFERROR(VLOOKUP(C6779,参数!$B:$H,2,0),\"\")","v":""},{"$f":"IFERROR(VLOOKUP(C6779,参数!$B:$H,4,0),\"\")","v":""},{"$f":"IFERROR(VLOOKUP(C6779,参数!B:H,3,FALSE),\"\")","v":""},"",1]
[6779,{"$nulls":6},{"$f":"IFERROR(VLOOKUP(C6780,参数!$B:$H,2,0),\"\")","v":""},{"$f":"IFERROR(VLOOKUP(C6780,参数!$B:$H,4,0),\"\")","v":""},{"$f":"IFERROR(VLOOKUP(C6780,参数!B:H,3,FALSE),\"\")","v":""},"",1]
[6780,{"$nulls":6},{"$f":"IFERROR(VLOOKUP(C6781,参数!$B:$H,2,0),\"\")","v":""},{"$f":"IFERROR(VLOOKUP(C6781,参数!$B:$H,4,0),\"\")","v":""},{"$f":"IFERROR(VLOOKUP(C6781,参数!B:H,3,FALSE),\"\")","v":""},"",1]
[6781,{"$nulls":6},{"$f":"IFERROR(VLOOKUP(C6782,参数!$B:$H,2,0),\"\")","v":""},{"$f":"IFERROR(VLOOKUP(C6782,参数!$B:$H,4,0),\"\")","v":""},{"$f":"IFERROR(VLOOKUP(C6782,参数!B:H,3,FALSE),\"\")","v":""},"",1]
[6782,{"$nulls":6},{"$f":"IFERROR(VLOOKUP(C6783,参数!$B:$H,2,0),\"\")","v":""},{"$f":"IFERROR(VLOOKUP(C6783,参数!$B:$H,4,0),\"\")","v":""},{"$f":"IFERROR(VLOOKUP(C6783,参数!B:H,3,FALSE),\"\")","v":""},"",1]
[6783,{"$nulls":6},{"$f":"IFERROR(VLOOKUP(C6784,参数!$B:$H,2,0),\"\")","v":""},{"$f":"IFERROR(VLOOKUP(C6784,参数!$B:$H,4,0),\"\")","v":""},{"$f":"IFERROR(VLOOKUP(C6784,参数!B:H,3,FALSE),\"\")","v":""},"",1]
[6784,{"$nulls":6},{"$f":"IFERROR(VLOOKUP(C6785,参数!$B:$H,2,0),\"\")","v":""},{"$f":"IFERROR(VLOOKUP(C6785,参数!$B:$H,4,0),\"\")","v":""},{"$f":"IFERROR(VLOOKUP(C6785,参数!B:H,3,FALSE),\"\")","v":""},"",1]
[6785,{"$nulls":6},{"$f":"IFERROR(VLOOKUP(C6786,参数!$B:$H,2,0),\"\")","v":""},{"$f":"IFERROR(VLOOKUP(C6786,参数!$B:$H,4,0),\"\")","v":""},{"$f":"IFERROR(VLOOKUP(C6786,参数!B:H,3,FALSE),\"\")","v":""},"",{"$f":"VALUE(MONTH(B6786))","v":1}]
[6786,{"$nulls":6},{"$f":"IFERROR(VLOOKUP(C6787,参数!$B:$H,2,0),\"\")","v":""},{"$f":"IFERROR(VLOOKUP(C6787,参数!$B:$H,4,0),\"\")","v":""},{"$f":"IFERROR(VLOOKUP(C6787,参数!B:H,3,FALSE),\"\")","v":""},"",1]
[6787,{"$nulls":6},{"$f":"IFERROR(VLOOKUP(C6788,参数!$B:$H,2,0),\"\")","v":""},{"$f":"IFERROR(VLOOKUP(C6788,参数!$B:$H,4,0),\"\")","v":""},{"$f":"IFERROR(VLOOKUP(C6788,参数!B:H,3,FALSE),\"\")","v":""},"",1]
[6788,{"$nulls":6},{"$f":"IFERROR(VLOOKUP(C6789,参数!$B:$H,2,0),\"\")","v":""},{"$f":"IFERROR(VLOOKUP(C6789,参数!$B:$H,4,0),\"\")","v":""},{"$f":"IFERROR(VLOOKUP(C6789,参数!B:H,3,FALSE),\"\")","v":""},"",1]
[6789,{"$nulls":6},{"$f":"IFERROR(VLOOKUP(C6790,参数!$B:$H,2,0),\"\")","v":""},{"$f":"IFERROR(VLOOKUP(C6790,参数!$B:$H,4,0),\"\")","v":""},{"$f":"IFERROR(VLOOKUP(C6790,参数!B:H,3,FALSE),\"\")","v":""},"",1]
[6790,{"$nulls":6},{"$f":"IFERROR(VLOOKUP(C6791,参数!$B:$H,2,0),\"\")","v":""},{"$f":"IFERROR(VLOOKUP(C6791,参数!$B:$H,4,0),\"\")","v":""},{"$f":"IFERROR(VLOOKUP(C6791,参数!B:H,3,FALSE),\"\")","v":""},"",1]
[6791,{"$nulls":6},{"$f":"IFERROR(VLOOKUP(C6792,参数!$B:$H,2,0),\"\")","v":""},{"$f":"IFERROR(VLOOKUP(C6792,参数!$B:$H,4,0),\"\")","v":""},{"$f":"IFERROR(VLOOKUP(C6792,参数!B:H,3,FALSE),\"\")","v":""},"",1]
[6792,{"$nulls":6},{"$f":"IFERROR(VLOOKUP(C6793,参数!$B:$H,2,0),\"\")","v":""},{"$f":"IFERROR(VLOOKUP(C6793,参数!$B:$H,4,0),\"\")","v":""},{"$f":"IFERROR(VLOOKUP(C6793,参数!B:H,3,FALSE),\"\")","v":""},"",1]
[6793,{"$nulls":6},{"$f":"IFERROR(VLOOKUP(C6794,参数!$B:$H,2,0),\"\")","v":""},{"$f":"IFERROR(VLOOKUP(C6794,参数!$B:$H,4,0),\"\")","v":""},{"$f":"IFERROR(VLOOKUP(C6794,参数!B:H,3,FALSE),\"\")","v":""},"",1]
[6794,{"$nulls":6},{"$f":"IFERROR(VLOOKUP(C6795,参数!$B:$H,2,0),\"\")","v":""},{"$f":"IFERROR(VLOOKUP(C6795,参数!$B:$H,4,0),\"\")","v":""},{"$f":"IFERROR(VLOOKUP(C6795,参数!B:H,3,FALSE),\"\")","v":""},"",1]
[6795,{"$nulls":6},{"$f":"IFERROR(VLOOKUP(C6796,参数!$B:$H,2,0),\"\")","v":""},{"$f":"IFERROR(VLOOKUP(C6796,参数!$B:$H,4,0),\"\")","v":""},{"$f":"IFERROR(VLOOKUP(C6796,参数!B:H,3,FALSE),\"\")","v":""},"",1]
[6796,{"$nulls":6},{"$f":"IFERROR(VLOOKUP(C6797,参数!$B:$H,2,0),\"\")","v":""},{"$f":"IFERROR(VLOOKUP(C6797,参数!$B:$H,4,0),\"\")","v":""},{"$f":"IFERROR(VLOOKUP(C6797,参数!B:H,3,FALSE),\"\")","v":""},"",1]
[6797,{"$nulls":6},{"$f":"IFERROR(VLOOKUP(C6798,参数!$B:$H,2,0),\"\")","v":""},{"$f":"IFERROR(VLOOKUP(C6798,参数!$B:$H,4,0),\"\")","v":""},{"$f":"IFERROR(VLOOKUP(C6798,参数!B:H,3,FALSE),\"\")","v":""},"",1]
[6798,{"$nulls":6},{"$f":"IFERROR(VLOOKUP(C6799,参数!$B:$H,2,0),\"\")","v":""},{"$f":"IFERROR(VLOOKUP(C6799,参数!$B:$H,4,0),\"\")","v":""},{"$f":"IFERROR(VLOOKUP(C6799,参数!B:H,3,FALSE),\"\")","v":""},"",1]
[6799,{"$nulls":6},{"$f":"IFERROR(VLOOKUP(C6800,参数!$B:$H,2,0),\"\")","v":""},{"$f":"IFERROR(VLOOKUP(C6800,参数!$B:$H,4,0),\"\")","v":""},{"$f":"IFERROR(VLOOKUP(C6800,参数!B:H,3,FALSE),\"\")","v":""},"",1]
[6800,{"$nulls":6},{"$f":"IFERROR(VLOOKUP(C6801,参数!$B:$H,2,0),\"\")","v":""},{"$f":"IFERROR(VLOOKUP(C6801,参数!$B:$H,4,0),\"\")","v":""},{"$f":"IFERROR(VLOOKUP(C6801,参数!B:H,3,FALSE),\"\")","v":""},"",1]
[6801,{"$nulls":6},{"$f":"IFERROR(VLOOKUP(C6802,参数!$B:$H,2,0),\"\")","v":""},{"$f":"IFERROR(VLOOKUP(C6802,参数!$B:$H,4,0),\"\")","v":""},{"$f":"IFERROR(VLOOKUP(C6802,参数!B:H,3,FALSE),\"\")","v":""},"",1]
[6802,{"$nulls":6},{"$f":"IFERROR(VLOOKUP(C6803,参数!$B:$H,2,0),\"\")","v":""},{"$f":"IFERROR(VLOOKUP(C6803,参数!$B:$H,4,0),\"\")","v":""},{"$f":"IFERROR(VLOOKUP(C6803,参数!B:H,3,FALSE),\"\")","v":""},"",1]
[6803,{"$nulls":6},{"$f":"IFERROR(VLOOKUP(C6804,参数!$B:$H,2,0),\"\")","v":""},{"$f":"IFERROR(VLOOKUP(C6804,参数!$B:$H,4,0),\"\")","v":""},{"$f":"IFERROR(VLOOKUP(C6804,参数!B:H,3,FALSE),\"\")","v":""},"",1]
[6804,{"$nulls":6},{"$f":"IFERROR(VLOOKUP(C6805,参数!$B:$H,2,0),\"\")","v":""},{"$f":"IFERROR(VLOOKUP(C6805,参数!$B:$H,4,0),\"\")","v":""},{"$f":"IFERROR(VLOOKUP(C6805,参数!B:H,3,FALSE),\"\")","v":""},"",1]
[6805,{"$nulls":6},{"$f":"IFERROR(VLOOKUP(C6806,参数!$B:$H,2,0),\"\")","v":""},{"$f":"IFERROR(VLOOKUP(C6806,参数!$B:$H,4,0),\"\")","v":""},{"$f":"IFERROR(VLOOKUP(C6806,参数!B:H,3,FALSE),\"\")","v":""},"",1]
[6806,{"$nulls":6},{"$f":"IFERROR(VLOOKUP(C6807,参数!$B:$H,2,0),\"\")","v":""},{"$f":"IFERROR(VLOOKUP(C6807,参数!$B:$H,4,0),\"\")","v":""},{"$f":"IFERROR(VLOOKUP(C6807,参数!B:H,3,FALSE),\"\")","v":""},"",1]
[6807,{"$nulls":6},{"$f":"IFERROR(VLOOKUP(C6808,参数!$B:$H,2,0),\"\")","v":""},{"$f":"IFERROR(VLOOKUP(C6808,参数!$B:$H,4,0),\"\")","v":""},{"$f":"IFERROR(VLOOKUP(C6808,参数!B:H,3,FALSE),\"\")","v":""},"",1]
[6808,{"$nulls":6},{"$f":"IFERROR(VLOOKUP(C6809,参数!$B:$H,2,0),\"\")","v":""},{"$f":"IFERROR(VLOOKUP(C6809,参数!$B:$H,4,0),\"\")","v":""},{"$f":"IFERROR(VLOOKUP(C6809,参数!B:H,3,FALSE),\"\")","v":""},"",1]
[6809,{"$nulls":6},{"$f":"IFERROR(VLOOKUP(C6810,参数!$B:$H,2,0),\"\")","v":""},{"$f":"IFERROR(VLOOKUP(C6810,参数!$B:$H,4,0),\"\")","v":""},{"$f":"IFERROR(VLOOKUP(C6810,参数!B:H,3,FALSE),\"\")","v":""},"",1]
[6810,{"$nulls":6},{"$f":"IFERROR(VLOOKUP(C6811,参数!$B:$H,2,0),\"\")","v":""},{"$f":"IFERROR(VLOOKUP(C6811,参数!$B:$H,4,0),\"\")","v":""},{"$f":"IFERROR(VLOOKUP(C6811,参数!B:H,3,FALSE),\"\")","v":""},"",1]
[6811,{"$nulls":6},{"$f":"IFERROR(VLOOKUP(C6812,参数!$B:$H,2,0),\"\")","v":""},{"$f":"IFERROR(VLOOKUP(C6812,参数!$B:$H,4,0),\"\")","v":""},{"$f":"IFERROR(VLOOKUP(C6812,参数!B:H,3,FALSE),\"\")","v":""},"",1]
[6812,{"$nulls":6},{"$f":"IFERROR(VLOOKUP(C6813,参数!$B:$H,2,0),\"\")","v":""},{"$f":"IFERROR(VLOOKUP(C6813,参数!$B:$H,4,0),\"\")","v":""},{"$f":"IFERROR(VLOOKUP(C6813,参数!B:H,3,FALSE),\"\")","v":""},"",1]
[6813,{"$nulls":6},{"$f":"IFERROR(VLOOKUP(C6814,参数!$B:$H,2,0),\"\")","v":""},{"$f":"IFERROR(VLOOKUP(C6814,参数!$B:$H,4,0),\"\")","v":""},{"$f":"IFERROR(VLOOKUP(C6814,参数!B:H,3,FALSE),\"\")","v":""},"",1]
[6814,{"$nulls":6},{"$f":"IFERROR(VLOOKUP(C6815,参数!$B:$H,2,0),\"\")","v":""},{"$f":"IFERROR(VLOOKUP(C6815,参数!$B:$H,4,0),\"\")","v":""},{"$f":"IFERROR(VLOOKUP(C6815,参数!B:H,3,FALSE),\"\")","v":""},"",1]
[6815,{"$nulls":6},{"$f":"IFERROR(VLOOKUP(C6816,参数!$B:$H,2,0),\"\")","v":""},{"$f":"IFERROR(VLOOKUP(C6816,参数!$B:$H,4,0),\"\")","v":""},{"$f":"IFERROR(VLOOKUP(C6816,参数!B:H,3,FALSE),\"\")","v":""},"",1]
[6816,{"$nulls":6},{"$f":"IFERROR(VLOOKUP(C6817,参数!$B:$H,2,0),\"\")","v":""},{"$f":"IFERROR(VLOOKUP(C6817,参数!$B:$H,4,0),\"\")","v":""},{"$f":"IFERROR(VLOOKUP(C6817,参数!B:H,3,FALSE),\"\")","v":""},"",1]
[6817,{"$nulls":6},{"$f":"IFERROR(VLOOKUP(C6818,参数!$B:$H,2,0),\"\")","v":""},{"$f":"IFERROR(VLOOKUP(C6818,参数!$B:$H,4,0),\"\")","v":""},{"$f":"IFERROR(VLOOKUP(C6818,参数!B:H,3,FALSE),\"\")","v":""},"",1]
[6818,{"$nulls":6},{"$f":"IFERROR(VLOOKUP(C6819,参数!$B:$H,2,0),\"\")","v":""},{"$f":"IFERROR(VLOOKUP(C6819,参数!$B:$H,4,0),\"\")","v":""},{"$f":"IFERROR(VLOOKUP(C6819,参数!B:H,3,FALSE),\"\")","v":""},"",1]
[6819,{"$nulls":6},{"$f":"IFERROR(VLOOKUP(C6820,参数!$B:$H,2,0),\"\")","v":""},{"$f":"IFERROR(VLOOKUP(C6820,参数!$B:$H,4,0),\"\")","v":""},{"$f":"IFERROR(VLOOKUP(C6820,参数!B:H,3,FALSE),\"\")","v":""},"",1]
[6820,{"$nulls":6},{"$f":"IFERROR(VLOOKUP(C6821,参数!$B:$H,2,0),\"\")","v":""},{"$f":"IFERROR(VLOOKUP(C6821,参数!$B:$H,4,0),\"\")","v":""},{"$f":"IFERROR(VLOOKUP(C6821,参数!B:H,3,FALSE),\"\")","v":""},{"$f":"IFERROR(J6821*E6821,\"\")","v":""},1]
[6821,{"$nulls":6},{"$f":"IFERROR(VLOOKUP(C6822,参数!$B:$H,2,0),\"\")","v":""},{"$f":"IFERROR(VLOOKUP(C6822,参数!$B:$H,4,0),\"\")","v":""},{"$f":"IFERROR(VLOOKUP(C6822,参数!B:H,3,FALSE),\"\")","v":""},"",1]
[6822,{"$nulls":6},{"$f":"IFERROR(VLOOKUP(C6823,参数!$B:$H,2,0),\"\")","v":""},{"$f":"IFERROR(VLOOKUP(C6823,参数!$B:$H,4,0),\"\")","v":""},{"$f":"IFERROR(VLOOKUP(C6823,参数!B:H,3,FALSE),\"\")","v":""},"",1]
[6823,{"$nulls":6},{"$f":"IFERROR(VLOOKUP(C6824,参数!$B:$H,2,0),\"\")","v":""},{"$f":"IFERROR(VLOOKUP(C6824,参数!$B:$H,4,0),\"\")","v":""},{"$f":"IFERROR(VLOOKUP(C6824,参数!B:H,3,FALSE),\"\")","v":""},"",1]
[6824,{"$nulls":6},{"$f":"IFERROR(VLOOKUP(C6825,参数!$B:$H,2,0),\"\")","v":""},{"$f":"IFERROR(VLOOKUP(C6825,参数!$B:$H,4,0),\"\")","v":""},{"$f":"IFERROR(VLOOKUP(C6825,参数!B:H,3,FALSE),\"\")","v":""},"",1]
[6825,{"$nulls":6},{"$f":"IFERROR(VLOOKUP(C6826,参数!$B:$H,2,0),\"\")","v":""},{"$f":"IFERROR(VLOOKUP(C6826,参数!$B:$H,4,0),\"\")","v":""},{"$f":"IFERROR(VLOOKUP(C6826,参数!B:H,3,FALSE),\"\")","v":""},"",1]
[6826,{"$nulls":6},{"$f":"IFERROR(VLOOKUP(C6827,参数!$B:$H,2,0),\"\")","v":""},{"$f":"IFERROR(VLOOKUP(C6827,参数!$B:$H,4,0),\"\")","v":""},{"$f":"IFERROR(VLOOKUP(C6827,参数!B:H,3,FALSE),\"\")","v":""},"",1]
[6827,{"$nulls":6},{"$f":"IFERROR(VLOOKUP(C6828,参数!$B:$H,2,0),\"\")","v":""},{"$f":"IFERROR(VLOOKUP(C6828,参数!$B:$H,4,0),\"\")","v":""},{"$f":"IFERROR(VLOOKUP(C6828,参数!B:H,3,FALSE),\"\")","v":""},"",1]
[6828,{"$nulls":6},{"$f":"IFERROR(VLOOKUP(C6829,参数!$B:$H,2,0),\"\")","v":""},{"$f":"IFERROR(VLOOKUP(C6829,参数!$B:$H,4,0),\"\")","v":""},{"$f":"IFERROR(VLOOKUP(C6829,参数!B:H,3,FALSE),\"\")","v":""},"",1]
[6829,{"$nulls":6},{"$f":"IFERROR(VLOOKUP(C6830,参数!$B:$H,2,0),\"\")","v":""},{"$f":"IFERROR(VLOOKUP(C6830,参数!$B:$H,4,0),\"\")","v":""},{"$f":"IFERROR(VLOOKUP(C6830,参数!B:H,3,FALSE),\"\")","v":""},"",1]
[6830,{"$nulls":6},{"$f":"IFERROR(VLOOKUP(C6831,参数!$B:$H,2,0),\"\")","v":""},{"$f":"IFERROR(VLOOKUP(C6831,参数!$B:$H,4,0),\"\")","v":""},{"$f":"IFERROR(VLOOKUP(C6831,参数!B:H,3,FALSE),\"\")","v":""},"",1]
[6831,{"$nulls":6},{"$f":"IFERROR(VLOOKUP(C6832,参数!$B:$H,2,0),\"\")","v":""},{"$f":"IFERROR(VLOOKUP(C6832,参数!$B:$H,4,0),\"\")","v":""},{"$f":"IFERROR(VLOOKUP(C6832,参数!B:H,3,FALSE),\"\")","v":""},"",1]
[6832,{"$nulls":6},{"$f":"IFERROR(VLOOKUP(C6833,参数!$B:$H,2,0),\"\")","v":""},{"$f":"IFERROR(VLOOKUP(C6833,参数!$B:$H,4,0),\"\")","v":""},{"$f":"IFERROR(VLOOKUP(C6833,参数!B:H,3,FALSE),\"\")","v":""},"",1]
[6833,{"$nulls":6},{"$f":"IFERROR(VLOOKUP(C6834,参数!$B:$H,2,0),\"\")","v":""},{"$f":"IFERROR(VLOOKUP(C6834,参数!$B:$H,4,0),\"\")","v":""},{"$f":"IFERROR(VLOOKUP(C6834,参数!B:H,3,FALSE),\"\")","v":""},"",1]
[6834,{"$nulls":6},{"$f":"IFERROR(VLOOKUP(C6835,参数!$B:$H,2,0),\"\")","v":""},{"$f":"IFERROR(VLOOKUP(C6835,参数!$B:$H,4,0),\"\")","v":""},{"$f":"IFERROR(VLOOKUP(C6835,参数!B:H,3,FALSE),\"\")","v":""},"",1]
[6835,{"$nulls":6},{"$f":"IFERROR(VLOOKUP(C6836,参数!$B:$H,2,0),\"\")","v":""},{"$f":"IFERROR(VLOOKUP(C6836,参数!$B:$H,4,0),\"\")","v":""},{"$f":"IFERROR(VLOOKUP(C6836,参数!B:H,3,FALSE),\"\")","v":""},"",1]
[6836,{"$nulls":6},{"$f":"IFERROR(VLOOKUP(C6837,参数!$B:$H,2,0),\"\")","v":""},{"$f":"IFERROR(VLOOKUP(C6837,参数!$B:$H,4,0),\"\")","v":""},{"$f":"IFERROR(VLOOKUP(C6837,参数!B:H,3,FALSE),\"\")","v":""},"",1]
[6837,{"$nulls":6},{"$f":"IFERROR(VLOOKUP(C6838,参数!$B:$H,2,0),\"\")","v":""},{"$f":"IFERROR(VLOOKUP(C6838,参数!$B:$H,4,0),\"\")","v":""},{"$f":"IFERROR(VLOOKUP(C6838,参数!B:H,3,FALSE),\"\")","v":""},"",1]
[6838,{"$nulls":6},{"$f":"IFERROR(VLOOKUP(C6839,参数!$B:$H,2,0),\"\")","v":""},{"$f":"IFERROR(VLOOKUP(C6839,参数!$B:$H,4,0),\"\")","v":""},{"$f":"IFERROR(VLOOKUP(C6839,参数!B:H,3,FALSE),\"\")","v":""},"",1]
[6839,{"$nulls":6},{"$f":"IFERROR(VLOOKUP(C6840,参数!$B:$H,2,0),\"\")","v":""},{"$f":"IFERROR(VLOOKUP(C6840,参数!$B:$H,4,0),\"\")","v":""},{"$f":"IFERROR(VLOOKUP(C6840,参数!B:H,3,FALSE),\"\")","v":""},"",1]
[6840,{"$nulls":6},{"$f":"IFERROR(VLOOKUP(C6841,参数!$B:$H,2,0),\"\")","v":""},{"$f":"IFERROR(VLOOKUP(C6841,参数!$B:$H,4,0),\"\")","v":""},{"$f":"IFERROR(VLOOKUP(C6841,参数!B:H,3,FALSE),\"\")","v":""},"",1]
[6841,{"$nulls":6},{"$f":"IFERROR(VLOOKUP(C6842,参数!$B:$H,2,0),\"\")","v":""},{"$f":"IFERROR(VLOOKUP(C6842,参数!$B:$H,4,0),\"\")","v":""},{"$f":"IFERROR(VLOOKUP(C6842,参数!B:H,3,FALSE),\"\")","v":""},"",1]
[6842,{"$nulls":6},{"$f":"IFERROR(VLOOKUP(C6843,参数!$B:$H,2,0),\"\")","v":""},{"$f":"IFERROR(VLOOKUP(C6843,参数!$B:$H,4,0),\"\")","v":""},{"$f":"IFERROR(VLOOKUP(C6843,参数!B:H,3,FALSE),\"\")","v":""},"",1]
[6843,{"$nulls":6},{"$f":"IFERROR(VLOOKUP(C6844,参数!$B:$H,2,0),\"\")","v":""},{"$f":"IFERROR(VLOOKUP(C6844,参数!$B:$H,4,0),\"\")","v":""},{"$f":"IFERROR(VLOOKUP(C6844,参数!B:H,3,FALSE),\"\")","v":""},"",1]
[6844,{"$nulls":6},{"$f":"IFERROR(VLOOKUP(C6845,参数!$B:$H,2,0),\"\")","v":""},{"$f":"IFERROR(VLOOKUP(C6845,参数!$B:$H,4,0),\"\")","v":""},{"$f":"IFERROR(VLOOKUP(C6845,参数!B:H,3,FALSE),\"\")","v":""},"",1]
[6845,{"$nulls":6},{"$f":"IFERROR(VLOOKUP(C6846,参数!$B:$H,2,0),\"\")","v":""},{"$f":"IFERROR(VLOOKUP(C6846,参数!$B:$H,4,0),\"\")","v":""},{"$f":"IFERROR(VLOOKUP(C6846,参数!B:H,3,FALSE),\"\")","v":""},"",1]
[6846,{"$nulls":6},{"$f":"IFERROR(VLOOKUP(C6847,参数!$B:$H,2,0),\"\")","v":""},{"$f":"IFERROR(VLOOKUP(C6847,参数!$B:$H,4,0),\"\")","v":""},{"$f":"IFERROR(VLOOKUP(C6847,参数!B:H,3,FALSE),\"\")","v":""},"",1]
[6847,{"$nulls":6},{"$f":"IFERROR(VLOOKUP(C6848,参数!$B:$H,2,0),\"\")","v":""},{"$f":"IFERROR(VLOOKUP(C6848,参数!$B:$H,4,0),\"\")","v":""},{"$f":"IFERROR(VLOOKUP(C6848,参数!B:H,3,FALSE),\"\")","v":""},"",1]
[6848,{"$nulls":6},{"$f":"IFERROR(VLOOKUP(C6849,参数!$B:$H,2,0),\"\")","v":""},{"$f":"IFERROR(VLOOKUP(C6849,参数!$B:$H,4,0),\"\")","v":""},{"$f":"IFERROR(VLOOKUP(C6849,参数!B:H,3,FALSE),\"\")","v":""},"",1]
[6849,{"$nulls":6},{"$f":"IFERROR(VLOOKUP(C6850,参数!$B:$H,2,0),\"\")","v":""},{"$f":"IFERROR(VLOOKUP(C6850,参数!$B:$H,4,0),\"\")","v":""},{"$f":"IFERROR(VLOOKUP(C6850,参数!B:H,3,FALSE),\"\")","v":""},"",{"$f":"VALUE(MONTH(B6850))","v":1}]
[6850,{"$nulls":6},{"$f":"IFERROR(VLOOKUP(C6851,参数!$B:$H,2,0),\"\")","v":""},{"$f":"IFERROR(VLOOKUP(C6851,参数!$B:$H,4,0),\"\")","v":""},{"$f":"IFERROR(VLOOKUP(C6851,参数!B:H,3,FALSE),\"\")","v":""},"",1]
[6851,{"$nulls":6},{"$f":"IFERROR(VLOOKUP(C6852,参数!$B:$H,2,0),\"\")","v":""},{"$f":"IFERROR(VLOOKUP(C6852,参数!$B:$H,4,0),\"\")","v":""},{"$f":"IFERROR(VLOOKUP(C6852,参数!B:H,3,FALSE),\"\")","v":""},"",1]
[6852,{"$nulls":6},{"$f":"IFERROR(VLOOKUP(C6853,参数!$B:$H,2,0),\"\")","v":""},{"$f":"IFERROR(VLOOKUP(C6853,参数!$B:$H,4,0),\"\")","v":""},{"$f":"IFERROR(VLOOKUP(C6853,参数!B:H,3,FALSE),\"\")","v":""},"",1]
[6853,{"$nulls":6},{"$f":"IFERROR(VLOOKUP(C6854,参数!$B:$H,2,0),\"\")","v":""},{"$f":"IFERROR(VLOOKUP(C6854,参数!$B:$H,4,0),\"\")","v":""},{"$f":"IFERROR(VLOOKUP(C6854,参数!B:H,3,FALSE),\"\")","v":""},"",1]
[6854,{"$nulls":6},{"$f":"IFERROR(VLOOKUP(C6855,参数!$B:$H,2,0),\"\")","v":""},{"$f":"IFERROR(VLOOKUP(C6855,参数!$B:$H,4,0),\"\")","v":""},{"$f":"IFERROR(VLOOKUP(C6855,参数!B:H,3,FALSE),\"\")","v":""},"",1]
[6855,{"$nulls":6},{"$f":"IFERROR(VLOOKUP(C6856,参数!$B:$H,2,0),\"\")","v":""},{"$f":"IFERROR(VLOOKUP(C6856,参数!$B:$H,4,0),\"\")","v":""},{"$f":"IFERROR(VLOOKUP(C6856,参数!B:H,3,FALSE),\"\")","v":""},"",1]
[6856,{"$nulls":6},{"$f":"IFERROR(VLOOKUP(C6857,参数!$B:$H,2,0),\"\")","v":""},{"$f":"IFERROR(VLOOKUP(C6857,参数!$B:$H,4,0),\"\")","v":""},{"$f":"IFERROR(VLOOKUP(C6857,参数!B:H,3,FALSE),\"\")","v":""},"",1]
[6857,{"$nulls":6},{"$f":"IFERROR(VLOOKUP(C6858,参数!$B:$H,2,0),\"\")","v":""},{"$f":"IFERROR(VLOOKUP(C6858,参数!$B:$H,4,0),\"\")","v":""},{"$f":"IFERROR(VLOOKUP(C6858,参数!B:H,3,FALSE),\"\")","v":""},"",1]
[6858,{"$nulls":6},{"$f":"IFERROR(VLOOKUP(C6859,参数!$B:$H,2,0),\"\")","v":""},{"$f":"IFERROR(VLOOKUP(C6859,参数!$B:$H,4,0),\"\")","v":""},{"$f":"IFERROR(VLOOKUP(C6859,参数!B:H,3,FALSE),\"\")","v":""},"",1]
[6859,{"$nulls":6},{"$f":"IFERROR(VLOOKUP(C6860,参数!$B:$H,2,0),\"\")","v":""},{"$f":"IFERROR(VLOOKUP(C6860,参数!$B:$H,4,0),\"\")","v":""},{"$f":"IFERROR(VLOOKUP(C6860,参数!B:H,3,FALSE),\"\")","v":""},"",1]
[6860,{"$nulls":6},{"$f":"IFERROR(VLOOKUP(C6861,参数!$B:$H,2,0),\"\")","v":""},{"$f":"IFERROR(VLOOKUP(C6861,参数!$B:$H,4,0),\"\")","v":""},{"$f":"IFERROR(VLOOKUP(C6861,参数!B:H,3,FALSE),\"\")","v":""},"",1]
[6861,{"$nulls":6},{"$f":"IFERROR(VLOOKUP(C6862,参数!$B:$H,2,0),\"\")","v":""},{"$f":"IFERROR(VLOOKUP(C6862,参数!$B:$H,4,0),\"\")","v":""},{"$f":"IFERROR(VLOOKUP(C6862,参数!B:H,3,FALSE),\"\")","v":""},"",1]
[6862,{"$nulls":6},{"$f":"IFERROR(VLOOKUP(C6863,参数!$B:$H,2,0),\"\")","v":""},{"$f":"IFERROR(VLOOKUP(C6863,参数!$B:$H,4,0),\"\")","v":""},{"$f":"IFERROR(VLOOKUP(C6863,参数!B:H,3,FALSE),\"\")","v":""},"",1]
[6863,{"$nulls":6},{"$f":"IFERROR(VLOOKUP(C6864,参数!$B:$H,2,0),\"\")","v":""},{"$f":"IFERROR(VLOOKUP(C6864,参数!$B:$H,4,0),\"\")","v":""},{"$f":"IFERROR(VLOOKUP(C6864,参数!B:H,3,FALSE),\"\")","v":""},"",1]
[6864,{"$nulls":6},{"$f":"IFERROR(VLOOKUP(C6865,参数!$B:$H,2,0),\"\")","v":""},{"$f":"IFERROR(VLOOKUP(C6865,参数!$B:$H,4,0),\"\")","v":""},{"$f":"IFERROR(VLOOKUP(C6865,参数!B:H,3,FALSE),\"\")","v":""},"",1]
[6865,{"$nulls":6},{"$f":"IFERROR(VLOOKUP(C6866,参数!$B:$H,2,0),\"\")","v":""},{"$f":"IFERROR(VLOOKUP(C6866,参数!$B:$H,4,0),\"\")","v":""},{"$f":"IFERROR(VLOOKUP(C6866,参数!B:H,3,FALSE),\"\")","v":""},"",1]
[6866,{"$nulls":6},{"$f":"IFERROR(VLOOKUP(C6867,参数!$B:$H,2,0),\"\")","v":""},{"$f":"IFERROR(VLOOKUP(C6867,参数!$B:$H,4,0),\"\")","v":""},{"$f":"IFERROR(VLOOKUP(C6867,参数!B:H,3,FALSE),\"\")","v":""},"",1]
[6867,{"$nulls":6},{"$f":"IFERROR(VLOOKUP(C6868,参数!$B:$H,2,0),\"\")","v":""},{"$f":"IFERROR(VLOOKUP(C6868,参数!$B:$H,4,0),\"\")","v":""},{"$f":"IFERROR(VLOOKUP(C6868,参数!B:H,3,FALSE),\"\")","v":""},"",1]
[6868,{"$nulls":6},{"$f":"IFERROR(VLOOKUP(C6869,参数!$B:$H,2,0),\"\")","v":""},{"$f":"IFERROR(VLOOKUP(C6869,参数!$B:$H,4,0),\"\")","v":""},{"$f":"IFERROR(VLOOKUP(C6869,参数!B:H,3,FALSE),\"\")","v":""},"",1]
[6869,{"$nulls":6},{"$f":"IFERROR(VLOOKUP(C6870,参数!$B:$H,2,0),\"\")","v":""},{"$f":"IFERROR(VLOOKUP(C6870,参数!$B:$H,4,0),\"\")","v":""},{"$f":"IFERROR(VLOOKUP(C6870,参数!B:H,3,FALSE),\"\")","v":""},"",1]
[6870,{"$nulls":6},{"$f":"IFERROR(VLOOKUP(C6871,参数!$B:$H,2,0),\"\")","v":""},{"$f":"IFERROR(VLOOKUP(C6871,参数!$B:$H,4,0),\"\")","v":""},{"$f":"IFERROR(VLOOKUP(C6871,参数!B:H,3,FALSE),\"\")","v":""},"",1]
[6871,{"$nulls":6},{"$f":"IFERROR(VLOOKUP(C6872,参数!$B:$H,2,0),\"\")","v":""},{"$f":"IFERROR(VLOOKUP(C6872,参数!$B:$H,4,0),\"\")","v":""},{"$f":"IFERROR(VLOOKUP(C6872,参数!B:H,3,FALSE),\"\")","v":""},"",1]
[6872,{"$nulls":6},{"$f":"IFERROR(VLOOKUP(C6873,参数!$B:$H,2,0),\"\")","v":""},{"$f":"IFERROR(VLOOKUP(C6873,参数!$B:$H,4,0),\"\")","v":""},{"$f":"IFERROR(VLOOKUP(C6873,参数!B:H,3,FALSE),\"\")","v":""},"",1]
[6873,{"$nulls":6},{"$f":"IFERROR(VLOOKUP(C6874,参数!$B:$H,2,0),\"\")","v":""},{"$f":"IFERROR(VLOOKUP(C6874,参数!$B:$H,4,0),\"\")","v":""},{"$f":"IFERROR(VLOOKUP(C6874,参数!B:H,3,FALSE),\"\")","v":""},"",1]
[6874,{"$nulls":6},{"$f":"IFERROR(VLOOKUP(C6875,参数!$B:$H,2,0),\"\")","v":""},{"$f":"IFERROR(VLOOKUP(C6875,参数!$B:$H,4,0),\"\")","v":""},{"$f":"IFERROR(VLOOKUP(C6875,参数!B:H,3,FALSE),\"\")","v":""},"",1]
[6875,{"$nulls":6},{"$f":"IFERROR(VLOOKUP(C6876,参数!$B:$H,2,0),\"\")","v":""},{"$f":"IFERROR(VLOOKUP(C6876,参数!$B:$H,4,0),\"\")","v":""},{"$f":"IFERROR(VLOOKUP(C6876,参数!B:H,3,FALSE),\"\")","v":""},"",1]
[6876,{"$nulls":6},{"$f":"IFERROR(VLOOKUP(C6877,参数!$B:$H,2,0),\"\")","v":""},{"$f":"IFERROR(VLOOKUP(C6877,参数!$B:$H,4,0),\"\")","v":""},{"$f":"IFERROR(VLOOKUP(C6877,参数!B:H,3,FALSE),\"\")","v":""},"",1]
[6877,{"$nulls":6},{"$f":"IFERROR(VLOOKUP(C6878,参数!$B:$H,2,0),\"\")","v":""},{"$f":"IFERROR(VLOOKUP(C6878,参数!$B:$H,4,0),\"\")","v":""},{"$f":"IFERROR(VLOOKUP(C6878,参数!B:H,3,FALSE),\"\")","v":""},"",1]
[6878,{"$nulls":6},{"$f":"IFERROR(VLOOKUP(C6879,参数!$B:$H,2,0),\"\")","v":""},{"$f":"IFERROR(VLOOKUP(C6879,参数!$B:$H,4,0),\"\")","v":""},{"$f":"IFERROR(VLOOKUP(C6879,参数!B:H,3,FALSE),\"\")","v":""},"",1]
[6879,{"$nulls":6},{"$f":"IFERROR(VLOOKUP(C6880,参数!$B:$H,2,0),\"\")","v":""},{"$f":"IFERROR(VLOOKUP(C6880,参数!$B:$H,4,0),\"\")","v":""},{"$f":"IFERROR(VLOOKUP(C6880,参数!B:H,3,FALSE),\"\")","v":""},"",1]
[6880,{"$nulls":6},{"$f":"IFERROR(VLOOKUP(C6881,参数!$B:$H,2,0),\"\")","v":""},{"$f":"IFERROR(VLOOKUP(C6881,参数!$B:$H,4,0),\"\")","v":""},{"$f":"IFERROR(VLOOKUP(C6881,参数!B:H,3,FALSE),\"\")","v":""},"",1]
[6881,{"$nulls":6},{"$f":"IFERROR(VLOOKUP(C6882,参数!$B:$H,2,0),\"\")","v":""},{"$f":"IFERROR(VLOOKUP(C6882,参数!$B:$H,4,0),\"\")","v":""},{"$f":"IFERROR(VLOOKUP(C6882,参数!B:H,3,FALSE),\"\")","v":""},"",1]
[6882,{"$nulls":6},{"$f":"IFERROR(VLOOKUP(C6883,参数!$B:$H,2,0),\"\")","v":""},{"$f":"IFERROR(VLOOKUP(C6883,参数!$B:$H,4,0),\"\")","v":""},{"$f":"IFERROR(VLOOKUP(C6883,参数!B:H,3,FALSE),\"\")","v":""},"",1]
[6883,{"$nulls":6},{"$f":"IFERROR(VLOOKUP(C6884,参数!$B:$H,2,0),\"\")","v":""},{"$f":"IFERROR(VLOOKUP(C6884,参数!$B:$H,4,0),\"\")","v":""},{"$f":"IFERROR(VLOOKUP(C6884,参数!B:H,3,FALSE),\"\")","v":""},"",1]
[6884,{"$nulls":6},{"$f":"IFERROR(VLOOKUP(C6885,参数!$B:$H,2,0),\"\")","v":""},{"$f":"IFERROR(VLOOKUP(C6885,参数!$B:$H,4,0),\"\")","v":""},{"$f":"IFERROR(VLOOKUP(C6885,参数!B:H,3,FALSE),\"\")","v":""},{"$f":"IFERROR(J6885*E6885,\"\")","v":""},1]
[6885,{"$nulls":6},{"$f":"IFERROR(VLOOKUP(C6886,参数!$B:$H,2,0),\"\")","v":""},{"$f":"IFERROR(VLOOKUP(C6886,参数!$B:$H,4,0),\"\")","v":""},{"$f":"IFERROR(VLOOKUP(C6886,参数!B:H,3,FALSE),\"\")","v":""},"",1]
[6886,{"$nulls":6},{"$f":"IFERROR(VLOOKUP(C6887,参数!$B:$H,2,0),\"\")","v":""},{"$f":"IFERROR(VLOOKUP(C6887,参数!$B:$H,4,0),\"\")","v":""},{"$f":"IFERROR(VLOOKUP(C6887,参数!B:H,3,FALSE),\"\")","v":""},"",1]
[6887,{"$nulls":6},{"$f":"IFERROR(VLOOKUP(C6888,参数!$B:$H,2,0),\"\")","v":""},{"$f":"IFERROR(VLOOKUP(C6888,参数!$B:$H,4,0),\"\")","v":""},{"$f":"IFERROR(VLOOKUP(C6888,参数!B:H,3,FALSE),\"\")","v":""},"",1]
[6888,{"$nulls":6},{"$f":"IFERROR(VLOOKUP(C6889,参数!$B:$H,2,0),\"\")","v":""},{"$f":"IFERROR(VLOOKUP(C6889,参数!$B:$H,4,0),\"\")","v":""},{"$f":"IFERROR(VLOOKUP(C6889,参数!B:H,3,FALSE),\"\")","v":""},"",1]
[6889,{"$nulls":6},{"$f":"IFERROR(VLOOKUP(C6890,参数!$B:$H,2,0),\"\")","v":""},{"$f":"IFERROR(VLOOKUP(C6890,参数!$B:$H,4,0),\"\")","v":""},{"$f":"IFERROR(VLOOKUP(C6890,参数!B:H,3,FALSE),\"\")","v":""},"",1]
[6890,{"$nulls":6},{"$f":"IFERROR(VLOOKUP(C6891,参数!$B:$H,2,0),\"\")","v":""},{"$f":"IFERROR(VLOOKUP(C6891,参数!$B:$H,4,0),\"\")","v":""},{"$f":"IFERROR(VLOOKUP(C6891,参数!B:H,3,FALSE),\"\")","v":""},"",1]
[6891,{"$nulls":6},{"$f":"IFERROR(VLOOKUP(C6892,参数!$B:$H,2,0),\"\")","v":""},{"$f":"IFERROR(VLOOKUP(C6892,参数!$B:$H,4,0),\"\")","v":""},{"$f":"IFERROR(VLOOKUP(C6892,参数!B:H,3,FALSE),\"\")","v":""},"",1]
[6892,{"$nulls":6},{"$f":"IFERROR(VLOOKUP(C6893,参数!$B:$H,2,0),\"\")","v":""},{"$f":"IFERROR(VLOOKUP(C6893,参数!$B:$H,4,0),\"\")","v":""},{"$f":"IFERROR(VLOOKUP(C6893,参数!B:H,3,FALSE),\"\")","v":""},"",1]
[6893,{"$nulls":6},{"$f":"IFERROR(VLOOKUP(C6894,参数!$B:$H,2,0),\"\")","v":""},{"$f":"IFERROR(VLOOKUP(C6894,参数!$B:$H,4,0),\"\")","v":""},{"$f":"IFERROR(VLOOKUP(C6894,参数!B:H,3,FALSE),\"\")","v":""},"",1]
[6894,{"$nulls":6},{"$f":"IFERROR(VLOOKUP(C6895,参数!$B:$H,2,0),\"\")","v":""},{"$f":"IFERROR(VLOOKUP(C6895,参数!$B:$H,4,0),\"\")","v":""},{"$f":"IFERROR(VLOOKUP(C6895,参数!B:H,3,FALSE),\"\")","v":""},"",1]
[6895,{"$nulls":6},{"$f":"IFERROR(VLOOKUP(C6896,参数!$B:$H,2,0),\"\")","v":""},{"$f":"IFERROR(VLOOKUP(C6896,参数!$B:$H,4,0),\"\")","v":""},{"$f":"IFERROR(VLOOKUP(C6896,参数!B:H,3,FALSE),\"\")","v":""},"",1]
[6896,{"$nulls":6},{"$f":"IFERROR(VLOOKUP(C6897,参数!$B:$H,2,0),\"\")","v":""},{"$f":"IFERROR(VLOOKUP(C6897,参数!$B:$H,4,0),\"\")","v":""},{"$f":"IFERROR(VLOOKUP(C6897,参数!B:H,3,FALSE),\"\")","v":""},"",1]
[6897,{"$nulls":6},{"$f":"IFERROR(VLOOKUP(C6898,参数!$B:$H,2,0),\"\")","v":""},{"$f":"IFERROR(VLOOKUP(C6898,参数!$B:$H,4,0),\"\")","v":""},{"$f":"IFERROR(VLOOKUP(C6898,参数!B:H,3,FALSE),\"\")","v":""},"",1]
[6898,{"$nulls":6},{"$f":"IFERROR(VLOOKUP(C6899,参数!$B:$H,2,0),\"\")","v":""},{"$f":"IFERROR(VLOOKUP(C6899,参数!$B:$H,4,0),\"\")","v":""},{"$f":"IFERROR(VLOOKUP(C6899,参数!B:H,3,FALSE),\"\")","v":""},"",1]
[6899,{"$nulls":6},{"$f":"IFERROR(VLOOKUP(C6900,参数!$B:$H,2,0),\"\")","v":""},{"$f":"IFERROR(VLOOKUP(C6900,参数!$B:$H,4,0),\"\")","v":""},{"$f":"IFERROR(VLOOKUP(C6900,参数!B:H,3,FALSE),\"\")","v":""},"",1]
[6900,{"$nulls":6},{"$f":"IFERROR(VLOOKUP(C6901,参数!$B:$H,2,0),\"\")","v":""},{"$f":"IFERROR(VLOOKUP(C6901,参数!$B:$H,4,0),\"\")","v":""},{"$f":"IFERROR(VLOOKUP(C6901,参数!B:H,3,FALSE),\"\")","v":""},"",1]
[6901,{"$nulls":6},{"$f":"IFERROR(VLOOKUP(C6902,参数!$B:$H,2,0),\"\")","v":""},{"$f":"IFERROR(VLOOKUP(C6902,参数!$B:$H,4,0),\"\")","v":""},{"$f":"IFERROR(VLOOKUP(C6902,参数!B:H,3,FALSE),\"\")","v":""},"",1]
[6902,{"$nulls":6},{"$f":"IFERROR(VLOOKUP(C6903,参数!$B:$H,2,0),\"\")","v":""},{"$f":"IFERROR(VLOOKUP(C6903,参数!$B:$H,4,0),\"\")","v":""},{"$f":"IFERROR(VLOOKUP(C6903,参数!B:H,3,FALSE),\"\")","v":""},"",1]
[6903,{"$nulls":6},{"$f":"IFERROR(VLOOKUP(C6904,参数!$B:$H,2,0),\"\")","v":""},{"$f":"IFERROR(VLOOKUP(C6904,参数!$B:$H,4,0),\"\")","v":""},{"$f":"IFERROR(VLOOKUP(C6904,参数!B:H,3,FALSE),\"\")","v":""},"",1]
[6904,{"$nulls":6},{"$f":"IFERROR(VLOOKUP(C6905,参数!$B:$H,2,0),\"\")","v":""},{"$f":"IFERROR(VLOOKUP(C6905,参数!$B:$H,4,0),\"\")","v":""},{"$f":"IFERROR(VLOOKUP(C6905,参数!B:H,3,FALSE),\"\")","v":""},"",1]
[6905,{"$nulls":6},{"$f":"IFERROR(VLOOKUP(C6906,参数!$B:$H,2,0),\"\")","v":""},{"$f":"IFERROR(VLOOKUP(C6906,参数!$B:$H,4,0),\"\")","v":""},{"$f":"IFERROR(VLOOKUP(C6906,参数!B:H,3,FALSE),\"\")","v":""},"",1]
[6906,{"$nulls":6},{"$f":"IFERROR(VLOOKUP(C6907,参数!$B:$H,2,0),\"\")","v":""},{"$f":"IFERROR(VLOOKUP(C6907,参数!$B:$H,4,0),\"\")","v":""},{"$f":"IFERROR(VLOOKUP(C6907,参数!B:H,3,FALSE),\"\")","v":""},"",1]
[6907,{"$nulls":6},{"$f":"IFERROR(VLOOKUP(C6908,参数!$B:$H,2,0),\"\")","v":""},{"$f":"IFERROR(VLOOKUP(C6908,参数!$B:$H,4,0),\"\")","v":""},{"$f":"IFERROR(VLOOKUP(C6908,参数!B:H,3,FALSE),\"\")","v":""},"",1]
[6908,{"$nulls":6},{"$f":"IFERROR(VLOOKUP(C6909,参数!$B:$H,2,0),\"\")","v":""},{"$f":"IFERROR(VLOOKUP(C6909,参数!$B:$H,4,0),\"\")","v":""},{"$f":"IFERROR(VLOOKUP(C6909,参数!B:H,3,FALSE),\"\")","v":""},"",1]
[6909,{"$nulls":6},{"$f":"IFERROR(VLOOKUP(C6910,参数!$B:$H,2,0),\"\")","v":""},{"$f":"IFERROR(VLOOKUP(C6910,参数!$B:$H,4,0),\"\")","v":""},{"$f":"IFERROR(VLOOKUP(C6910,参数!B:H,3,FALSE),\"\")","v":""},"",1]
[6910,{"$nulls":6},{"$f":"IFERROR(VLOOKUP(C6911,参数!$B:$H,2,0),\"\")","v":""},{"$f":"IFERROR(VLOOKUP(C6911,参数!$B:$H,4,0),\"\")","v":""},{"$f":"IFERROR(VLOOKUP(C6911,参数!B:H,3,FALSE),\"\")","v":""},"",1]
[6911,{"$nulls":6},{"$f":"IFERROR(VLOOKUP(C6912,参数!$B:$H,2,0),\"\")","v":""},{"$f":"IFERROR(VLOOKUP(C6912,参数!$B:$H,4,0),\"\")","v":""},{"$f":"IFERROR(VLOOKUP(C6912,参数!B:H,3,FALSE),\"\")","v":""},"",1]
[6912,{"$nulls":6},{"$f":"IFERROR(VLOOKUP(C6913,参数!$B:$H,2,0),\"\")","v":""},{"$f":"IFERROR(VLOOKUP(C6913,参数!$B:$H,4,0),\"\")","v":""},{"$f":"IFERROR(VLOOKUP(C6913,参数!B:H,3,FALSE),\"\")","v":""},"",1]
[6913,{"$nulls":6},{"$f":"IFERROR(VLOOKUP(C6914,参数!$B:$H,2,0),\"\")","v":""},{"$f":"IFERROR(VLOOKUP(C6914,参数!$B:$H,4,0),\"\")","v":""},{"$f":"IFERROR(VLOOKUP(C6914,参数!B:H,3,FALSE),\"\")","v":""},"",{"$f":"VALUE(MONTH(B6914))","v":1}]
[6914,{"$nulls":6},{"$f":"IFERROR(VLOOKUP(C6915,参数!$B:$H,2,0),\"\")","v":""},{"$f":"IFERROR(VLOOKUP(C6915,参数!$B:$H,4,0),\"\")","v":""},{"$f":"IFERROR(VLOOKUP(C6915,参数!B:H,3,FALSE),\"\")","v":""},"",1]
[6915,{"$nulls":6},{"$f":"IFERROR(VLOOKUP(C6916,参数!$B:$H,2,0),\"\")","v":""},{"$f":"IFERROR(VLOOKUP(C6916,参数!$B:$H,4,0),\"\")","v":""},{"$f":"IFERROR(VLOOKUP(C6916,参数!B:H,3,FALSE),\"\")","v":""},"",1]
[6916,{"$nulls":6},{"$f":"IFERROR(VLOOKUP(C6917,参数!$B:$H,2,0),\"\")","v":""},{"$f":"IFERROR(VLOOKUP(C6917,参数!$B:$H,4,0),\"\")","v":""},{"$f":"IFERROR(VLOOKUP(C6917,参数!B:H,3,FALSE),\"\")","v":""},"",1]
[6917,{"$nulls":6},{"$f":"IFERROR(VLOOKUP(C6918,参数!$B:$H,2,0),\"\")","v":""},{"$f":"IFERROR(VLOOKUP(C6918,参数!$B:$H,4,0),\"\")","v":""},{"$f":"IFERROR(VLOOKUP(C6918,参数!B:H,3,FALSE),\"\")","v":""},"",1]
[6918,{"$nulls":6},{"$f":"IFERROR(VLOOKUP(C6919,参数!$B:$H,2,0),\"\")","v":""},{"$f":"IFERROR(VLOOKUP(C6919,参数!$B:$H,4,0),\"\")","v":""},{"$f":"IFERROR(VLOOKUP(C6919,参数!B:H,3,FALSE),\"\")","v":""},"",1]
[6919,{"$nulls":6},{"$f":"IFERROR(VLOOKUP(C6920,参数!$B:$H,2,0),\"\")","v":""},{"$f":"IFERROR(VLOOKUP(C6920,参数!$B:$H,4,0),\"\")","v":""},{"$f":"IFERROR(VLOOKUP(C6920,参数!B:H,3,FALSE),\"\")","v":""},"",1]
[6920,{"$nulls":6},{"$f":"IFERROR(VLOOKUP(C6921,参数!$B:$H,2,0),\"\")","v":""},{"$f":"IFERROR(VLOOKUP(C6921,参数!$B:$H,4,0),\"\")","v":""},{"$f":"IFERROR(VLOOKUP(C6921,参数!B:H,3,FALSE),\"\")","v":""},"",1]
[6921,{"$nulls":6},{"$f":"IFERROR(VLOOKUP(C6922,参数!$B:$H,2,0),\"\")","v":""},{"$f":"IFERROR(VLOOKUP(C6922,参数!$B:$H,4,0),\"\")","v":""},{"$f":"IFERROR(VLOOKUP(C6922,参数!B:H,3,FALSE),\"\")","v":""},"",1]
[6922,{"$nulls":6},{"$f":"IFERROR(VLOOKUP(C6923,参数!$B:$H,2,0),\"\")","v":""},{"$f":"IFERROR(VLOOKUP(C6923,参数!$B:$H,4,0),\"\")","v":""},{"$f":"IFERROR(VLOOKUP(C6923,参数!B:H,3,FALSE),\"\")","v":""},"",1]
[6923,{"$nulls":6},{"$f":"IFERROR(VLOOKUP(C6924,参数!$B:$H,2,0),\"\")","v":""},{"$f":"IFERROR(VLOOKUP(C6924,参数!$B:$H,4,0),\"\")","v":""},{"$f":"IFERROR(VLOOKUP(C6924,参数!B:H,3,FALSE),\"\")","v":""},"",1]
[6924,{"$nulls":6},{"$f":"IFERROR(VLOOKUP(C6925,参数!$B:$H,2,0),\"\")","v":""},{"$f":"IFERROR(VLOOKUP(C6925,参数!$B:$H,4,0),\"\")","v":""},{"$f":"IFERROR(VLOOKUP(C6925,参数!B:H,3,FALSE),\"\")","v":""},"",1]
[6925,{"$nulls":6},{"$f":"IFERROR(VLOOKUP(C6926,参数!$B:$H,2,0),\"\")","v":""},{"$f":"IFERROR(VLOOKUP(C6926,参数!$B:$H,4,0),\"\")","v":""},{"$f":"IFERROR(VLOOKUP(C6926,参数!B:H,3,FALSE),\"\")","v":""},"",1]
[6926,{"$nulls":6},{"$f":"IFERROR(VLOOKUP(C6927,参数!$B:$H,2,0),\"\")","v":""},{"$f":"IFERROR(VLOOKUP(C6927,参数!$B:$H,4,0),\"\")","v":""},{"$f":"IFERROR(VLOOKUP(C6927,参数!B:H,3,FALSE),\"\")","v":""},"",1]
[6927,{"$nulls":6},{"$f":"IFERROR(VLOOKUP(C6928,参数!$B:$H,2,0),\"\")","v":""},{"$f":"IFERROR(VLOOKUP(C6928,参数!$B:$H,4,0),\"\")","v":""},{"$f":"IFERROR(VLOOKUP(C6928,参数!B:H,3,FALSE),\"\")","v":""},"",1]
[6928,{"$nulls":6},{"$f":"IFERROR(VLOOKUP(C6929,参数!$B:$H,2,0),\"\")","v":""},{"$f":"IFERROR(VLOOKUP(C6929,参数!$B:$H,4,0),\"\")","v":""},{"$f":"IFERROR(VLOOKUP(C6929,参数!B:H,3,FALSE),\"\")","v":""},"",1]
[6929,{"$nulls":6},{"$f":"IFERROR(VLOOKUP(C6930,参数!$B:$H,2,0),\"\")","v":""},{"$f":"IFERROR(VLOOKUP(C6930,参数!$B:$H,4,0),\"\")","v":""},{"$f":"IFERROR(VLOOKUP(C6930,参数!B:H,3,FALSE),\"\")","v":""},"",1]
[6930,{"$nulls":6},{"$f":"IFERROR(VLOOKUP(C6931,参数!$B:$H,2,0),\"\")","v":""},{"$f":"IFERROR(VLOOKUP(C6931,参数!$B:$H,4,0),\"\")","v":""},{"$f":"IFERROR(VLOOKUP(C6931,参数!B:H,3,FALSE),\"\")","v":""},"",1]
[6931,{"$nulls":6},{"$f":"IFERROR(VLOOKUP(C6932,参数!$B:$H,2,0),\"\")","v":""},{"$f":"IFERROR(VLOOKUP(C6932,参数!$B:$H,4,0),\"\")","v":""},{"$f":"IFERROR(VLOOKUP(C6932,参数!B:H,3,FALSE),\"\")","v":""},"",1]
[6932,{"$nulls":6},{"$f":"IFERROR(VLOOKUP(C6933,参数!$B:$H,2,0),\"\")","v":""},{"$f":"IFERROR(VLOOKUP(C6933,参数!$B:$H,4,0),\"\")","v":""},{"$f":"IFERROR(VLOOKUP(C6933,参数!B:H,3,FALSE),\"\")","v":""},"",1]
[6933,{"$nulls":6},{"$f":"IFERROR(VLOOKUP(C6934,参数!$B:$H,2,0),\"\")","v":""},{"$f":"IFERROR(VLOOKUP(C6934,参数!$B:$H,4,0),\"\")","v":""},{"$f":"IFERROR(VLOOKUP(C6934,参数!B:H,3,FALSE),\"\")","v":""},"",1]
[6934,{"$nulls":6},{"$f":"IFERROR(VLOOKUP(C6935,参数!$B:$H,2,0),\"\")","v":""},{"$f":"IFERROR(VLOOKUP(C6935,参数!$B:$H,4,0),\"\")","v":""},{"$f":"IFERROR(VLOOKUP(C6935,参数!B:H,3,FALSE),\"\")","v":""},"",1]
[6935,{"$nulls":6},{"$f":"IFERROR(VLOOKUP(C6936,参数!$B:$H,2,0),\"\")","v":""},{"$f":"IFERROR(VLOOKUP(C6936,参数!$B:$H,4,0),\"\")","v":""},{"$f":"IFERROR(VLOOKUP(C6936,参数!B:H,3,FALSE),\"\")","v":""},"",1]
[6936,{"$nulls":6},{"$f":"IFERROR(VLOOKUP(C6937,参数!$B:$H,2,0),\"\")","v":""},{"$f":"IFERROR(VLOOKUP(C6937,参数!$B:$H,4,0),\"\")","v":""},{"$f":"IFERROR(VLOOKUP(C6937,参数!B:H,3,FALSE),\"\")","v":""},"",1]
[6937,{"$nulls":6},{"$f":"IFERROR(VLOOKUP(C6938,参数!$B:$H,2,0),\"\")","v":""},{"$f":"IFERROR(VLOOKUP(C6938,参数!$B:$H,4,0),\"\")","v":""},{"$f":"IFERROR(VLOOKUP(C6938,参数!B:H,3,FALSE),\"\")","v":""},"",1]
[6938,{"$nulls":6},{"$f":"IFERROR(VLOOKUP(C6939,参数!$B:$H,2,0),\"\")","v":""},{"$f":"IFERROR(VLOOKUP(C6939,参数!$B:$H,4,0),\"\")","v":""},{"$f":"IFERROR(VLOOKUP(C6939,参数!B:H,3,FALSE),\"\")","v":""},"",1]
[6939,{"$nulls":6},{"$f":"IFERROR(VLOOKUP(C6940,参数!$B:$H,2,0),\"\")","v":""},{"$f":"IFERROR(VLOOKUP(C6940,参数!$B:$H,4,0),\"\")","v":""},{"$f":"IFERROR(VLOOKUP(C6940,参数!B:H,3,FALSE),\"\")","v":""},"",1]
[6940,{"$nulls":6},{"$f":"IFERROR(VLOOKUP(C6941,参数!$B:$H,2,0),\"\")","v":""},{"$f":"IFERROR(VLOOKUP(C6941,参数!$B:$H,4,0),\"\")","v":""},{"$f":"IFERROR(VLOOKUP(C6941,参数!B:H,3,FALSE),\"\")","v":""},"",1]
[6941,{"$nulls":6},{"$f":"IFERROR(VLOOKUP(C6942,参数!$B:$H,2,0),\"\")","v":""},{"$f":"IFERROR(VLOOKUP(C6942,参数!$B:$H,4,0),\"\")","v":""},{"$f":"IFERROR(VLOOKUP(C6942,参数!B:H,3,FALSE),\"\")","v":""},"",1]
[6942,{"$nulls":6},{"$f":"IFERROR(VLOOKUP(C6943,参数!$B:$H,2,0),\"\")","v":""},{"$f":"IFERROR(VLOOKUP(C6943,参数!$B:$H,4,0),\"\")","v":""},{"$f":"IFERROR(VLOOKUP(C6943,参数!B:H,3,FALSE),\"\")","v":""},"",1]
[6943,{"$nulls":6},{"$f":"IFERROR(VLOOKUP(C6944,参数!$B:$H,2,0),\"\")","v":""},{"$f":"IFERROR(VLOOKUP(C6944,参数!$B:$H,4,0),\"\")","v":""},{"$f":"IFERROR(VLOOKUP(C6944,参数!B:H,3,FALSE),\"\")","v":""},"",1]
[6944,{"$nulls":6},{"$f":"IFERROR(VLOOKUP(C6945,参数!$B:$H,2,0),\"\")","v":""},{"$f":"IFERROR(VLOOKUP(C6945,参数!$B:$H,4,0),\"\")","v":""},{"$f":"IFERROR(VLOOKUP(C6945,参数!B:H,3,FALSE),\"\")","v":""},"",1]
[6945,{"$nulls":6},{"$f":"IFERROR(VLOOKUP(C6946,参数!$B:$H,2,0),\"\")","v":""},{"$f":"IFERROR(VLOOKUP(C6946,参数!$B:$H,4,0),\"\")","v":""},{"$f":"IFERROR(VLOOKUP(C6946,参数!B:H,3,FALSE),\"\")","v":""},"",1]
[6946,{"$nulls":6},{"$f":"IFERROR(VLOOKUP(C6947,参数!$B:$H,2,0),\"\")","v":""},{"$f":"IFERROR(VLOOKUP(C6947,参数!$B:$H,4,0),\"\")","v":""},{"$f":"IFERROR(VLOOKUP(C6947,参数!B:H,3,FALSE),\"\")","v":""},"",1]
[6947,{"$nulls":6},{"$f":"IFERROR(VLOOKUP(C6948,参数!$B:$H,2,0),\"\")","v":""},{"$f":"IFERROR(VLOOKUP(C6948,参数!$B:$H,4,0),\"\")","v":""},{"$f":"IFERROR(VLOOKUP(C6948,参数!B:H,3,FALSE),\"\")","v":""},"",1]
[6948,{"$nulls":6},{"$f":"IFERROR(VLOOKUP(C6949,参数!$B:$H,2,0),\"\")","v":""},{"$f":"IFERROR(VLOOKUP(C6949,参数!$B:$H,4,0),\"\")","v":""},{"$f":"IFERROR(VLOOKUP(C6949,参数!B:H,3,FALSE),\"\")","v":""},{"$f":"IFERROR(J6949*E6949,\"\")","v":""},1]
[6949,{"$nulls":6},{"$f":"IFERROR(VLOOKUP(C6950,参数!$B:$H,2,0),\"\")","v":""},{"$f":"IFERROR(VLOOKUP(C6950,参数!$B:$H,4,0),\"\")","v":""},{"$f":"IFERROR(VLOOKUP(C6950,参数!B:H,3,FALSE),\"\")","v":""},"",1]
[6950,{"$nulls":6},{"$f":"IFERROR(VLOOKUP(C6951,参数!$B:$H,2,0),\"\")","v":""},{"$f":"IFERROR(VLOOKUP(C6951,参数!$B:$H,4,0),\"\")","v":""},{"$f":"IFERROR(VLOOKUP(C6951,参数!B:H,3,FALSE),\"\")","v":""},"",1]
[6951,{"$nulls":6},{"$f":"IFERROR(VLOOKUP(C6952,参数!$B:$H,2,0),\"\")","v":""},{"$f":"IFERROR(VLOOKUP(C6952,参数!$B:$H,4,0),\"\")","v":""},{"$f":"IFERROR(VLOOKUP(C6952,参数!B:H,3,FALSE),\"\")","v":""},"",1]
[6952,{"$nulls":6},{"$f":"IFERROR(VLOOKUP(C6953,参数!$B:$H,2,0),\"\")","v":""},{"$f":"IFERROR(VLOOKUP(C6953,参数!$B:$H,4,0),\"\")","v":""},{"$f":"IFERROR(VLOOKUP(C6953,参数!B:H,3,FALSE),\"\")","v":""},"",1]
[6953,{"$nulls":6},{"$f":"IFERROR(VLOOKUP(C6954,参数!$B:$H,2,0),\"\")","v":""},{"$f":"IFERROR(VLOOKUP(C6954,参数!$B:$H,4,0),\"\")","v":""},{"$f":"IFERROR(VLOOKUP(C6954,参数!B:H,3,FALSE),\"\")","v":""},"",1]
[6954,{"$nulls":6},{"$f":"IFERROR(VLOOKUP(C6955,参数!$B:$H,2,0),\"\")","v":""},{"$f":"IFERROR(VLOOKUP(C6955,参数!$B:$H,4,0),\"\")","v":""},{"$f":"IFERROR(VLOOKUP(C6955,参数!B:H,3,FALSE),\"\")","v":""},"",1]
[6955,{"$nulls":6},{"$f":"IFERROR(VLOOKUP(C6956,参数!$B:$H,2,0),\"\")","v":""},{"$f":"IFERROR(VLOOKUP(C6956,参数!$B:$H,4,0),\"\")","v":""},{"$f":"IFERROR(VLOOKUP(C6956,参数!B:H,3,FALSE),\"\")","v":""},"",1]
[6956,{"$nulls":6},{"$f":"IFERROR(VLOOKUP(C6957,参数!$B:$H,2,0),\"\")","v":""},{"$f":"IFERROR(VLOOKUP(C6957,参数!$B:$H,4,0),\"\")","v":""},{"$f":"IFERROR(VLOOKUP(C6957,参数!B:H,3,FALSE),\"\")","v":""},"",1]
[6957,{"$nulls":6},{"$f":"IFERROR(VLOOKUP(C6958,参数!$B:$H,2,0),\"\")","v":""},{"$f":"IFERROR(VLOOKUP(C6958,参数!$B:$H,4,0),\"\")","v":""},{"$f":"IFERROR(VLOOKUP(C6958,参数!B:H,3,FALSE),\"\")","v":""},"",1]
[6958,{"$nulls":6},{"$f":"IFERROR(VLOOKUP(C6959,参数!$B:$H,2,0),\"\")","v":""},{"$f":"IFERROR(VLOOKUP(C6959,参数!$B:$H,4,0),\"\")","v":""},{"$f":"IFERROR(VLOOKUP(C6959,参数!B:H,3,FALSE),\"\")","v":""},"",1]
[6959,{"$nulls":6},{"$f":"IFERROR(VLOOKUP(C6960,参数!$B:$H,2,0),\"\")","v":""},{"$f":"IFERROR(VLOOKUP(C6960,参数!$B:$H,4,0),\"\")","v":""},{"$f":"IFERROR(VLOOKUP(C6960,参数!B:H,3,FALSE),\"\")","v":""},"",1]
[6960,{"$nulls":6},{"$f":"IFERROR(VLOOKUP(C6961,参数!$B:$H,2,0),\"\")","v":""},{"$f":"IFERROR(VLOOKUP(C6961,参数!$B:$H,4,0),\"\")","v":""},{"$f":"IFERROR(VLOOKUP(C6961,参数!B:H,3,FALSE),\"\")","v":""},"",1]
[6961,{"$nulls":6},{"$f":"IFERROR(VLOOKUP(C6962,参数!$B:$H,2,0),\"\")","v":""},{"$f":"IFERROR(VLOOKUP(C6962,参数!$B:$H,4,0),\"\")","v":""},{"$f":"IFERROR(VLOOKUP(C6962,参数!B:H,3,FALSE),\"\")","v":""},"",1]
[6962,{"$nulls":6},{"$f":"IFERROR(VLOOKUP(C6963,参数!$B:$H,2,0),\"\")","v":""},{"$f":"IFERROR(VLOOKUP(C6963,参数!$B:$H,4,0),\"\")","v":""},{"$f":"IFERROR(VLOOKUP(C6963,参数!B:H,3,FALSE),\"\")","v":""},"",1]
[6963,{"$nulls":6},{"$f":"IFERROR(VLOOKUP(C6964,参数!$B:$H,2,0),\"\")","v":""},{"$f":"IFERROR(VLOOKUP(C6964,参数!$B:$H,4,0),\"\")","v":""},{"$f":"IFERROR(VLOOKUP(C6964,参数!B:H,3,FALSE),\"\")","v":""},"",1]
[6964,{"$nulls":6},{"$f":"IFERROR(VLOOKUP(C6965,参数!$B:$H,2,0),\"\")","v":""},{"$f":"IFERROR(VLOOKUP(C6965,参数!$B:$H,4,0),\"\")","v":""},{"$f":"IFERROR(VLOOKUP(C6965,参数!B:H,3,FALSE),\"\")","v":""},"",1]
[6965,{"$nulls":6},{"$f":"IFERROR(VLOOKUP(C6966,参数!$B:$H,2,0),\"\")","v":""},{"$f":"IFERROR(VLOOKUP(C6966,参数!$B:$H,4,0),\"\")","v":""},{"$f":"IFERROR(VLOOKUP(C6966,参数!B:H,3,FALSE),\"\")","v":""},"",1]
[6966,{"$nulls":6},{"$f":"IFERROR(VLOOKUP(C6967,参数!$B:$H,2,0),\"\")","v":""},{"$f":"IFERROR(VLOOKUP(C6967,参数!$B:$H,4,0),\"\")","v":""},{"$f":"IFERROR(VLOOKUP(C6967,参数!B:H,3,FALSE),\"\")","v":""},"",1]
[6967,{"$nulls":6},{"$f":"IFERROR(VLOOKUP(C6968,参数!$B:$H,2,0),\"\")","v":""},{"$f":"IFERROR(VLOOKUP(C6968,参数!$B:$H,4,0),\"\")","v":""},{"$f":"IFERROR(VLOOKUP(C6968,参数!B:H,3,FALSE),\"\")","v":""},"",1]
[6968,{"$nulls":6},{"$f":"IFERROR(VLOOKUP(C6969,参数!$B:$H,2,0),\"\")","v":""},{"$f":"IFERROR(VLOOKUP(C6969,参数!$B:$H,4,0),\"\")","v":""},{"$f":"IFERROR(VLOOKUP(C6969,参数!B:H,3,FALSE),\"\")","v":""},"",1]
[6969,{"$nulls":6},{"$f":"IFERROR(VLOOKUP(C6970,参数!$B:$H,2,0),\"\")","v":""},{"$f":"IFERROR(VLOOKUP(C6970,参数!$B:$H,4,0),\"\")","v":""},{"$f":"IFERROR(VLOOKUP(C6970,参数!B:H,3,FALSE),\"\")","v":""},"",1]
[6970,{"$nulls":6},{"$f":"IFERROR(VLOOKUP(C6971,参数!$B:$H,2,0),\"\")","v":""},{"$f":"IFERROR(VLOOKUP(C6971,参数!$B:$H,4,0),\"\")","v":""},{"$f":"IFERROR(VLOOKUP(C6971,参数!B:H,3,FALSE),\"\")","v":""},"",1]
[6971,{"$nulls":6},{"$f":"IFERROR(VLOOKUP(C6972,参数!$B:$H,2,0),\"\")","v":""},{"$f":"IFERROR(VLOOKUP(C6972,参数!$B:$H,4,0),\"\")","v":""},{"$f":"IFERROR(VLOOKUP(C6972,参数!B:H,3,FALSE),\"\")","v":""},"",1]
[6972,{"$nulls":6},{"$f":"IFERROR(VLOOKUP(C6973,参数!$B:$H,2,0),\"\")","v":""},{"$f":"IFERROR(VLOOKUP(C6973,参数!$B:$H,4,0),\"\")","v":""},{"$f":"IFERROR(VLOOKUP(C6973,参数!B:H,3,FALSE),\"\")","v":""},"",1]
[6973,{"$nulls":6},{"$f":"IFERROR(VLOOKUP(C6974,参数!$B:$H,2,0),\"\")","v":""},{"$f":"IFERROR(VLOOKUP(C6974,参数!$B:$H,4,0),\"\")","v":""},{"$f":"IFERROR(VLOOKUP(C6974,参数!B:H,3,FALSE),\"\")","v":""},"",1]
[6974,{"$nulls":6},{"$f":"IFERROR(VLOOKUP(C6975,参数!$B:$H,2,0),\"\")","v":""},{"$f":"IFERROR(VLOOKUP(C6975,参数!$B:$H,4,0),\"\")","v":""},{"$f":"IFERROR(VLOOKUP(C6975,参数!B:H,3,FALSE),\"\")","v":""},"",1]
[6975,{"$nulls":6},{"$f":"IFERROR(VLOOKUP(C6976,参数!$B:$H,2,0),\"\")","v":""},{"$f":"IFERROR(VLOOKUP(C6976,参数!$B:$H,4,0),\"\")","v":""},{"$f":"IFERROR(VLOOKUP(C6976,参数!B:H,3,FALSE),\"\")","v":""},"",1]
[6976,{"$nulls":6},{"$f":"IFERROR(VLOOKUP(C6977,参数!$B:$H,2,0),\"\")","v":""},{"$f":"IFERROR(VLOOKUP(C6977,参数!$B:$H,4,0),\"\")","v":""},{"$f":"IFERROR(VLOOKUP(C6977,参数!B:H,3,FALSE),\"\")","v":""},"",1]
[6977,{"$nulls":6},{"$f":"IFERROR(VLOOKUP(C6978,参数!$B:$H,2,0),\"\")","v":""},{"$f":"IFERROR(VLOOKUP(C6978,参数!$B:$H,4,0),\"\")","v":""},{"$f":"IFERROR(VLOOKUP(C6978,参数!B:H,3,FALSE),\"\")","v":""},"",{"$f":"VALUE(MONTH(B6978))","v":1}]
[6978,{"$nulls":6},{"$f":"IFERROR(VLOOKUP(C6979,参数!$B:$H,2,0),\"\")","v":""},{"$f":"IFERROR(VLOOKUP(C6979,参数!$B:$H,4,0),\"\")","v":""},{"$f":"IFERROR(VLOOKUP(C6979,参数!B:H,3,FALSE),\"\")","v":""},"",1]
[6979,{"$nulls":6},{"$f":"IFERROR(VLOOKUP(C6980,参数!$B:$H,2,0),\"\")","v":""},{"$f":"IFERROR(VLOOKUP(C6980,参数!$B:$H,4,0),\"\")","v":""},{"$f":"IFERROR(VLOOKUP(C6980,参数!B:H,3,FALSE),\"\")","v":""},"",1]
[6980,{"$nulls":6},{"$f":"IFERROR(VLOOKUP(C6981,参数!$B:$H,2,0),\"\")","v":""},{"$f":"IFERROR(VLOOKUP(C6981,参数!$B:$H,4,0),\"\")","v":""},{"$f":"IFERROR(VLOOKUP(C6981,参数!B:H,3,FALSE),\"\")","v":""},"",1]
[6981,{"$nulls":6},{"$f":"IFERROR(VLOOKUP(C6982,参数!$B:$H,2,0),\"\")","v":""},{"$f":"IFERROR(VLOOKUP(C6982,参数!$B:$H,4,0),\"\")","v":""},{"$f":"IFERROR(VLOOKUP(C6982,参数!B:H,3,FALSE),\"\")","v":""},"",1]
[6982,{"$nulls":6},{"$f":"IFERROR(VLOOKUP(C6983,参数!$B:$H,2,0),\"\")","v":""},{"$f":"IFERROR(VLOOKUP(C6983,参数!$B:$H,4,0),\"\")","v":""},{"$f":"IFERROR(VLOOKUP(C6983,参数!B:H,3,FALSE),\"\")","v":""},"",1]
[6983,{"$nulls":6},{"$f":"IFERROR(VLOOKUP(C6984,参数!$B:$H,2,0),\"\")","v":""},{"$f":"IFERROR(VLOOKUP(C6984,参数!$B:$H,4,0),\"\")","v":""},{"$f":"IFERROR(VLOOKUP(C6984,参数!B:H,3,FALSE),\"\")","v":""},"",1]
[6984,{"$nulls":6},{"$f":"IFERROR(VLOOKUP(C6985,参数!$B:$H,2,0),\"\")","v":""},{"$f":"IFERROR(VLOOKUP(C6985,参数!$B:$H,4,0),\"\")","v":""},{"$f":"IFERROR(VLOOKUP(C6985,参数!B:H,3,FALSE),\"\")","v":""},"",1]
[6985,{"$nulls":6},{"$f":"IFERROR(VLOOKUP(C6986,参数!$B:$H,2,0),\"\")","v":""},{"$f":"IFERROR(VLOOKUP(C6986,参数!$B:$H,4,0),\"\")","v":""},{"$f":"IFERROR(VLOOKUP(C6986,参数!B:H,3,FALSE),\"\")","v":""},"",1]
[6986,{"$nulls":6},{"$f":"IFERROR(VLOOKUP(C6987,参数!$B:$H,2,0),\"\")","v":""},{"$f":"IFERROR(VLOOKUP(C6987,参数!$B:$H,4,0),\"\")","v":""},{"$f":"IFERROR(VLOOKUP(C6987,参数!B:H,3,FALSE),\"\")","v":""},"",1]
[6987,{"$nulls":6},{"$f":"IFERROR(VLOOKUP(C6988,参数!$B:$H,2,0),\"\")","v":""},{"$f":"IFERROR(VLOOKUP(C6988,参数!$B:$H,4,0),\"\")","v":""},{"$f":"IFERROR(VLOOKUP(C6988,参数!B:H,3,FALSE),\"\")","v":""},"",1]
[6988,{"$nulls":6},{"$f":"IFERROR(VLOOKUP(C6989,参数!$B:$H,2,0),\"\")","v":""},{"$f":"IFERROR(VLOOKUP(C6989,参数!$B:$H,4,0),\"\")","v":""},{"$f":"IFERROR(VLOOKUP(C6989,参数!B:H,3,FALSE),\"\")","v":""},"",1]
[6989,{"$nulls":6},{"$f":"IFERROR(VLOOKUP(C6990,参数!$B:$H,2,0),\"\")","v":""},{"$f":"IFERROR(VLOOKUP(C6990,参数!$B:$H,4,0),\"\")","v":""},{"$f":"IFERROR(VLOOKUP(C6990,参数!B:H,3,FALSE),\"\")","v":""},"",1]
[6990,{"$nulls":6},{"$f":"IFERROR(VLOOKUP(C6991,参数!$B:$H,2,0),\"\")","v":""},{"$f":"IFERROR(VLOOKUP(C6991,参数!$B:$H,4,0),\"\")","v":""},{"$f":"IFERROR(VLOOKUP(C6991,参数!B:H,3,FALSE),\"\")","v":""},"",1]
[6991,{"$nulls":6},{"$f":"IFERROR(VLOOKUP(C6992,参数!$B:$H,2,0),\"\")","v":""},{"$f":"IFERROR(VLOOKUP(C6992,参数!$B:$H,4,0),\"\")","v":""},{"$f":"IFERROR(VLOOKUP(C6992,参数!B:H,3,FALSE),\"\")","v":""},"",1]
[6992,{"$nulls":6},{"$f":"IFERROR(VLOOKUP(C6993,参数!$B:$H,2,0),\"\")","v":""},{"$f":"IFERROR(VLOOKUP(C6993,参数!$B:$H,4,0),\"\")","v":""},{"$f":"IFERROR(VLOOKUP(C6993,参数!B:H,3,FALSE),\"\")","v":""},"",1]
[6993,{"$nulls":6},{"$f":"IFERROR(VLOOKUP(C6994,参数!$B:$H,2,0),\"\")","v":""},{"$f":"IFERROR(VLOOKUP(C6994,参数!$B:$H,4,0),\"\")","v":""},{"$f":"IFERROR(VLOOKUP(C6994,参数!B:H,3,FALSE),\"\")","v":""},"",1]
[6994,{"$nulls":6},{"$f":"IFERROR(VLOOKUP(C6995,参数!$B:$H,2,0),\"\")","v":""},{"$f":"IFERROR(VLOOKUP(C6995,参数!$B:$H,4,0),\"\")","v":""},{"$f":"IFERROR(VLOOKUP(C6995,参数!B:H,3,FALSE),\"\")","v":""},"",1]
[6995,{"$nulls":6},{"$f":"IFERROR(VLOOKUP(C6996,参数!$B:$H,2,0),\"\")","v":""},{"$f":"IFERROR(VLOOKUP(C6996,参数!$B:$H,4,0),\"\")","v":""},{"$f":"IFERROR(VLOOKUP(C6996,参数!B:H,3,FALSE),\"\")","v":""},"",1]
[6996,{"$nulls":6},{"$f":"IFERROR(VLOOKUP(C6997,参数!$B:$H,2,0),\"\")","v":""},{"$f":"IFERROR(VLOOKUP(C6997,参数!$B:$H,4,0),\"\")","v":""},{"$f":"IFERROR(VLOOKUP(C6997,参数!B:H,3,FALSE),\"\")","v":""},"",1]
[6997,{"$nulls":6},{"$f":"IFERROR(VLOOKUP(C6998,参数!$B:$H,2,0),\"\")","v":""},{"$f":"IFERROR(VLOOKUP(C6998,参数!$B:$H,4,0),\"\")","v":""},{"$f":"IFERROR(VLOOKUP(C6998,参数!B:H,3,FALSE),\"\")","v":""},"",1]
[6998,{"$nulls":6},{"$f":"IFERROR(VLOOKUP(C6999,参数!$B:$H,2,0),\"\")","v":""},{"$f":"IFERROR(VLOOKUP(C6999,参数!$B:$H,4,0),\"\")","v":""},{"$f":"IFERROR(VLOOKUP(C6999,参数!B:H,3,FALSE),\"\")","v":""},"",1]
[6999,{"$nulls":6},{"$f":"IFERROR(VLOOKUP(C7000,参数!$B:$H,2,0),\"\")","v":""},{"$f":"IFERROR(VLOOKUP(C7000,参数!$B:$H,4,0),\"\")","v":""},{"$f":"IFERROR(VLOOKUP(C7000,参数!B:H,3,FALSE),\"\")","v":""},"",1]
[7000,{"$nulls":6},{"$f":"IFERROR(VLOOKUP(C7001,参数!$B:$H,2,0),\"\")","v":""},{"$f":"IFERROR(VLOOKUP(C7001,参数!$B:$H,4,0),\"\")","v":""},{"$f":"IFERROR(VLOOKUP(C7001,参数!B:H,3,FALSE),\"\")","v":""},"",1]
[7001,{"$nulls":6},{"$f":"IFERROR(VLOOKUP(C7002,参数!$B:$H,2,0),\"\")","v":""},{"$f":"IFERROR(VLOOKUP(C7002,参数!$B:$H,4,0),\"\")","v":""},{"$f":"IFERROR(VLOOKUP(C7002,参数!B:H,3,FALSE),\"\")","v":""},"",1]
[7002,{"$nulls":6},{"$f":"IFERROR(VLOOKUP(C7003,参数!$B:$H,2,0),\"\")","v":""},{"$f":"IFERROR(VLOOKUP(C7003,参数!$B:$H,4,0),\"\")","v":""},{"$f":"IFERROR(VLOOKUP(C7003,参数!B:H,3,FALSE),\"\")","v":""},"",1]
[7003,{"$nulls":6},{"$f":"IFERROR(VLOOKUP(C7004,参数!$B:$H,2,0),\"\")","v":""},{"$f":"IFERROR(VLOOKUP(C7004,参数!$B:$H,4,0),\"\")","v":""},{"$f":"IFERROR(VLOOKUP(C7004,参数!B:H,3,FALSE),\"\")","v":""},"",1]
[7004,{"$nulls":6},{"$f":"IFERROR(VLOOKUP(C7005,参数!$B:$H,2,0),\"\")","v":""},{"$f":"IFERROR(VLOOKUP(C7005,参数!$B:$H,4,0),\"\")","v":""},{"$f":"IFERROR(VLOOKUP(C7005,参数!B:H,3,FALSE),\"\")","v":""},"",1]
[7005,{"$nulls":6},{"$f":"IFERROR(VLOOKUP(C7006,参数!$B:$H,2,0),\"\")","v":""},{"$f":"IFERROR(VLOOKUP(C7006,参数!$B:$H,4,0),\"\")","v":""},{"$f":"IFERROR(VLOOKUP(C7006,参数!B:H,3,FALSE),\"\")","v":""},"",1]
[7006,{"$nulls":6},{"$f":"IFERROR(VLOOKUP(C7007,参数!$B:$H,2,0),\"\")","v":""},{"$f":"IFERROR(VLOOKUP(C7007,参数!$B:$H,4,0),\"\")","v":""},{"$f":"IFERROR(VLOOKUP(C7007,参数!B:H,3,FALSE),\"\")","v":""},"",1]
[7007,{"$nulls":6},{"$f":"IFERROR(VLOOKUP(C7008,参数!$B:$H,2,0),\"\")","v":""},{"$f":"IFERROR(VLOOKUP(C7008,参数!$B:$H,4,0),\"\")","v":""},{"$f":"IFERROR(VLOOKUP(C7008,参数!B:H,3,FALSE),\"\")","v":""},"",1]
[7008,{"$nulls":6},{"$f":"IFERROR(VLOOKUP(C7009,参数!$B:$H,2,0),\"\")","v":""},{"$f":"IFERROR(VLOOKUP(C7009,参数!$B:$H,4,0),\"\")","v":""},{"$f":"IFERROR(VLOOKUP(C7009,参数!B:H,3,FALSE),\"\")","v":""},"",1]
[7009,{"$nulls":6},{"$f":"IFERROR(VLOOKUP(C7010,参数!$B:$H,2,0),\"\")","v":""},{"$f":"IFERROR(VLOOKUP(C7010,参数!$B:$H,4,0),\"\")","v":""},{"$f":"IFERROR(VLOOKUP(C7010,参数!B:H,3,FALSE),\"\")","v":""},"",1]
[7010,{"$nulls":6},{"$f":"IFERROR(VLOOKUP(C7011,参数!$B:$H,2,0),\"\")","v":""},{"$f":"IFERROR(VLOOKUP(C7011,参数!$B:$H,4,0),\"\")","v":""},{"$f":"IFERROR(VLOOKUP(C7011,参数!B:H,3,FALSE),\"\")","v":""},"",1]
[7011,{"$nulls":6},{"$f":"IFERROR(VLOOKUP(C7012,参数!$B:$H,2,0),\"\")","v":""},{"$f":"IFERROR(VLOOKUP(C7012,参数!$B:$H,4,0),\"\")","v":""},{"$f":"IFERROR(VLOOKUP(C7012,参数!B:H,3,FALSE),\"\")","v":""},"",1]
[7012,{"$nulls":6},{"$f":"IFERROR(VLOOKUP(C7013,参数!$B:$H,2,0),\"\")","v":""},{"$f":"IFERROR(VLOOKUP(C7013,参数!$B:$H,4,0),\"\")","v":""},{"$f":"IFERROR(VLOOKUP(C7013,参数!B:H,3,FALSE),\"\")","v":""},{"$f":"IFERROR(J7013*E7013,\"\")","v":""},1]
[7013,{"$nulls":6},{"$f":"IFERROR(VLOOKUP(C7014,参数!$B:$H,2,0),\"\")","v":""},{"$f":"IFERROR(VLOOKUP(C7014,参数!$B:$H,4,0),\"\")","v":""},{"$f":"IFERROR(VLOOKUP(C7014,参数!B:H,3,FALSE),\"\")","v":""},"",1]
[7014,{"$nulls":6},{"$f":"IFERROR(VLOOKUP(C7015,参数!$B:$H,2,0),\"\")","v":""},{"$f":"IFERROR(VLOOKUP(C7015,参数!$B:$H,4,0),\"\")","v":""},{"$f":"IFERROR(VLOOKUP(C7015,参数!B:H,3,FALSE),\"\")","v":""},"",1]
[7015,{"$nulls":6},{"$f":"IFERROR(VLOOKUP(C7016,参数!$B:$H,2,0),\"\")","v":""},{"$f":"IFERROR(VLOOKUP(C7016,参数!$B:$H,4,0),\"\")","v":""},{"$f":"IFERROR(VLOOKUP(C7016,参数!B:H,3,FALSE),\"\")","v":""},"",1]
[7016,{"$nulls":6},{"$f":"IFERROR(VLOOKUP(C7017,参数!$B:$H,2,0),\"\")","v":""},{"$f":"IFERROR(VLOOKUP(C7017,参数!$B:$H,4,0),\"\")","v":""},{"$f":"IFERROR(VLOOKUP(C7017,参数!B:H,3,FALSE),\"\")","v":""},"",1]
[7017,{"$nulls":6},{"$f":"IFERROR(VLOOKUP(C7018,参数!$B:$H,2,0),\"\")","v":""},{"$f":"IFERROR(VLOOKUP(C7018,参数!$B:$H,4,0),\"\")","v":""},{"$f":"IFERROR(VLOOKUP(C7018,参数!B:H,3,FALSE),\"\")","v":""},"",1]
[7018,{"$nulls":6},{"$f":"IFERROR(VLOOKUP(C7019,参数!$B:$H,2,0),\"\")","v":""},{"$f":"IFERROR(VLOOKUP(C7019,参数!$B:$H,4,0),\"\")","v":""},{"$f":"IFERROR(VLOOKUP(C7019,参数!B:H,3,FALSE),\"\")","v":""},"",1]
[7019,{"$nulls":6},{"$f":"IFERROR(VLOOKUP(C7020,参数!$B:$H,2,0),\"\")","v":""},{"$f":"IFERROR(VLOOKUP(C7020,参数!$B:$H,4,0),\"\")","v":""},{"$f":"IFERROR(VLOOKUP(C7020,参数!B:H,3,FALSE),\"\")","v":""},"",1]
[7020,{"$nulls":6},{"$f":"IFERROR(VLOOKUP(C7021,参数!$B:$H,2,0),\"\")","v":""},{"$f":"IFERROR(VLOOKUP(C7021,参数!$B:$H,4,0),\"\")","v":""},{"$f":"IFERROR(VLOOKUP(C7021,参数!B:H,3,FALSE),\"\")","v":""},"",1]
[7021,{"$nulls":6},{"$f":"IFERROR(VLOOKUP(C7022,参数!$B:$H,2,0),\"\")","v":""},{"$f":"IFERROR(VLOOKUP(C7022,参数!$B:$H,4,0),\"\")","v":""},{"$f":"IFERROR(VLOOKUP(C7022,参数!B:H,3,FALSE),\"\")","v":""},"",1]
[7022,{"$nulls":6},{"$f":"IFERROR(VLOOKUP(C7023,参数!$B:$H,2,0),\"\")","v":""},{"$f":"IFERROR(VLOOKUP(C7023,参数!$B:$H,4,0),\"\")","v":""},{"$f":"IFERROR(VLOOKUP(C7023,参数!B:H,3,FALSE),\"\")","v":""},"",1]
[7023,{"$nulls":6},{"$f":"IFERROR(VLOOKUP(C7024,参数!$B:$H,2,0),\"\")","v":""},{"$f":"IFERROR(VLOOKUP(C7024,参数!$B:$H,4,0),\"\")","v":""},{"$f":"IFERROR(VLOOKUP(C7024,参数!B:H,3,FALSE),\"\")","v":""},"",1]
[7024,{"$nulls":6},{"$f":"IFERROR(VLOOKUP(C7025,参数!$B:$H,2,0),\"\")","v":""},{"$f":"IFERROR(VLOOKUP(C7025,参数!$B:$H,4,0),\"\")","v":""},{"$f":"IFERROR(VLOOKUP(C7025,参数!B:H,3,FALSE),\"\")","v":""},"",1]
[7025,{"$nulls":6},{"$f":"IFERROR(VLOOKUP(C7026,参数!$B:$H,2,0),\"\")","v":""},{"$f":"IFERROR(VLOOKUP(C7026,参数!$B:$H,4,0),\"\")","v":""},{"$f":"IFERROR(VLOOKUP(C7026,参数!B:H,3,FALSE),\"\")","v":""},"",1]
[7026,{"$nulls":6},{"$f":"IFERROR(VLOOKUP(C7027,参数!$B:$H,2,0),\"\")","v":""},{"$f":"IFERROR(VLOOKUP(C7027,参数!$B:$H,4,0),\"\")","v":""},{"$f":"IFERROR(VLOOKUP(C7027,参数!B:H,3,FALSE),\"\")","v":""},"",1]
[7027,{"$nulls":6},{"$f":"IFERROR(VLOOKUP(C7028,参数!$B:$H,2,0),\"\")","v":""},{"$f":"IFERROR(VLOOKUP(C7028,参数!$B:$H,4,0),\"\")","v":""},{"$f":"IFERROR(VLOOKUP(C7028,参数!B:H,3,FALSE),\"\")","v":""},"",1]
[7028,{"$nulls":6},{"$f":"IFERROR(VLOOKUP(C7029,参数!$B:$H,2,0),\"\")","v":""},{"$f":"IFERROR(VLOOKUP(C7029,参数!$B:$H,4,0),\"\")","v":""},{"$f":"IFERROR(VLOOKUP(C7029,参数!B:H,3,FALSE),\"\")","v":""},"",1]
[7029,{"$nulls":6},{"$f":"IFERROR(VLOOKUP(C7030,参数!$B:$H,2,0),\"\")","v":""},{"$f":"IFERROR(VLOOKUP(C7030,参数!$B:$H,4,0),\"\")","v":""},{"$f":"IFERROR(VLOOKUP(C7030,参数!B:H,3,FALSE),\"\")","v":""},"",1]
[7030,{"$nulls":6},{"$f":"IFERROR(VLOOKUP(C7031,参数!$B:$H,2,0),\"\")","v":""},{"$f":"IFERROR(VLOOKUP(C7031,参数!$B:$H,4,0),\"\")","v":""},{"$f":"IFERROR(VLOOKUP(C7031,参数!B:H,3,FALSE),\"\")","v":""},"",1]
[7031,{"$nulls":6},{"$f":"IFERROR(VLOOKUP(C7032,参数!$B:$H,2,0),\"\")","v":""},{"$f":"IFERROR(VLOOKUP(C7032,参数!$B:$H,4,0),\"\")","v":""},{"$f":"IFERROR(VLOOKUP(C7032,参数!B:H,3,FALSE),\"\")","v":""},"",1]
[7032,{"$nulls":6},{"$f":"IFERROR(VLOOKUP(C7033,参数!$B:$H,2,0),\"\")","v":""},{"$f":"IFERROR(VLOOKUP(C7033,参数!$B:$H,4,0),\"\")","v":""},{"$f":"IFERROR(VLOOKUP(C7033,参数!B:H,3,FALSE),\"\")","v":""},"",1]
[7033,{"$nulls":6},{"$f":"IFERROR(VLOOKUP(C7034,参数!$B:$H,2,0),\"\")","v":""},{"$f":"IFERROR(VLOOKUP(C7034,参数!$B:$H,4,0),\"\")","v":""},{"$f":"IFERROR(VLOOKUP(C7034,参数!B:H,3,FALSE),\"\")","v":""},"",1]
[7034,{"$nulls":6},{"$f":"IFERROR(VLOOKUP(C7035,参数!$B:$H,2,0),\"\")","v":""},{"$f":"IFERROR(VLOOKUP(C7035,参数!$B:$H,4,0),\"\")","v":""},{"$f":"IFERROR(VLOOKUP(C7035,参数!B:H,3,FALSE),\"\")","v":""},"",1]
[7035,{"$nulls":6},{"$f":"IFERROR(VLOOKUP(C7036,参数!$B:$H,2,0),\"\")","v":""},{"$f":"IFERROR(VLOOKUP(C7036,参数!$B:$H,4,0),\"\")","v":""},{"$f":"IFERROR(VLOOKUP(C7036,参数!B:H,3,FALSE),\"\")","v":""},"",1]
[7036,{"$nulls":6},{"$f":"IFERROR(VLOOKUP(C7037,参数!$B:$H,2,0),\"\")","v":""},{"$f":"IFERROR(VLOOKUP(C7037,参数!$B:$H,4,0),\"\")","v":""},{"$f":"IFERROR(VLOOKUP(C7037,参数!B:H,3,FALSE),\"\")","v":""},"",1]
[7037,{"$nulls":6},{"$f":"IFERROR(VLOOKUP(C7038,参数!$B:$H,2,0),\"\")","v":""},{"$f":"IFERROR(VLOOKUP(C7038,参数!$B:$H,4,0),\"\")","v":""},{"$f":"IFERROR(VLOOKUP(C7038,参数!B:H,3,FALSE),\"\")","v":""},"",1]
[7038,{"$nulls":6},{"$f":"IFERROR(VLOOKUP(C7039,参数!$B:$H,2,0),\"\")","v":""},{"$f":"IFERROR(VLOOKUP(C7039,参数!$B:$H,4,0),\"\")","v":""},{"$f":"IFERROR(VLOOKUP(C7039,参数!B:H,3,FALSE),\"\")","v":""},"",1]
[7039,{"$nulls":6},{"$f":"IFERROR(VLOOKUP(C7040,参数!$B:$H,2,0),\"\")","v":""},{"$f":"IFERROR(VLOOKUP(C7040,参数!$B:$H,4,0),\"\")","v":""},{"$f":"IFERROR(VLOOKUP(C7040,参数!B:H,3,FALSE),\"\")","v":""},"",1]
[7040,{"$nulls":6},{"$f":"IFERROR(VLOOKUP(C7041,参数!$B:$H,2,0),\"\")","v":""},{"$f":"IFERROR(VLOOKUP(C7041,参数!$B:$H,4,0),\"\")","v":""},{"$f":"IFERROR(VLOOKUP(C7041,参数!B:H,3,FALSE),\"\")","v":""},"",1]
[7041,{"$nulls":6},{"$f":"IFERROR(VLOOKUP(C7042,参数!$B:$H,2,0),\"\")","v":""},{"$f":"IFERROR(VLOOKUP(C7042,参数!$B:$H,4,0),\"\")","v":""},{"$f":"IFERROR(VLOOKUP(C7042,参数!B:H,3,FALSE),\"\")","v":""},"",{"$f":"VALUE(MONTH(B7042))","v":1}]
[7042,{"$nulls":6},{"$f":"IFERROR(VLOOKUP(C7043,参数!$B:$H,2,0),\"\")","v":""},{"$f":"IFERROR(VLOOKUP(C7043,参数!$B:$H,4,0),\"\")","v":""},{"$f":"IFERROR(VLOOKUP(C7043,参数!B:H,3,FALSE),\"\")","v":""},"",1]
[7043,{"$nulls":6},{"$f":"IFERROR(VLOOKUP(C7044,参数!$B:$H,2,0),\"\")","v":""},{"$f":"IFERROR(VLOOKUP(C7044,参数!$B:$H,4,0),\"\")","v":""},{"$f":"IFERROR(VLOOKUP(C7044,参数!B:H,3,FALSE),\"\")","v":""},"",1]
[7044,{"$nulls":6},{"$f":"IFERROR(VLOOKUP(C7045,参数!$B:$H,2,0),\"\")","v":""},{"$f":"IFERROR(VLOOKUP(C7045,参数!$B:$H,4,0),\"\")","v":""},{"$f":"IFERROR(VLOOKUP(C7045,参数!B:H,3,FALSE),\"\")","v":""},"",1]
[7045,{"$nulls":6},{"$f":"IFERROR(VLOOKUP(C7046,参数!$B:$H,2,0),\"\")","v":""},{"$f":"IFERROR(VLOOKUP(C7046,参数!$B:$H,4,0),\"\")","v":""},{"$f":"IFERROR(VLOOKUP(C7046,参数!B:H,3,FALSE),\"\")","v":""},"",1]
[7046,{"$nulls":6},{"$f":"IFERROR(VLOOKUP(C7047,参数!$B:$H,2,0),\"\")","v":""},{"$f":"IFERROR(VLOOKUP(C7047,参数!$B:$H,4,0),\"\")","v":""},{"$f":"IFERROR(VLOOKUP(C7047,参数!B:H,3,FALSE),\"\")","v":""},"",1]
[7047,{"$nulls":6},{"$f":"IFERROR(VLOOKUP(C7048,参数!$B:$H,2,0),\"\")","v":""},{"$f":"IFERROR(VLOOKUP(C7048,参数!$B:$H,4,0),\"\")","v":""},{"$f":"IFERROR(VLOOKUP(C7048,参数!B:H,3,FALSE),\"\")","v":""},"",1]
[7048,{"$nulls":6},{"$f":"IFERROR(VLOOKUP(C7049,参数!$B:$H,2,0),\"\")","v":""},{"$f":"IFERROR(VLOOKUP(C7049,参数!$B:$H,4,0),\"\")","v":""},{"$f":"IFERROR(VLOOKUP(C7049,参数!B:H,3,FALSE),\"\")","v":""},"",1]
[7049,{"$nulls":6},{"$f":"IFERROR(VLOOKUP(C7050,参数!$B:$H,2,0),\"\")","v":""},{"$f":"IFERROR(VLOOKUP(C7050,参数!$B:$H,4,0),\"\")","v":""},{"$f":"IFERROR(VLOOKUP(C7050,参数!B:H,3,FALSE),\"\")","v":""},"",1]
[7050,{"$nulls":6},{"$f":"IFERROR(VLOOKUP(C7051,参数!$B:$H,2,0),\"\")","v":""},{"$f":"IFERROR(VLOOKUP(C7051,参数!$B:$H,4,0),\"\")","v":""},{"$f":"IFERROR(VLOOKUP(C7051,参数!B:H,3,FALSE),\"\")","v":""},"",1]
[7051,{"$nulls":6},{"$f":"IFERROR(VLOOKUP(C7052,参数!$B:$H,2,0),\"\")","v":""},{"$f":"IFERROR(VLOOKUP(C7052,参数!$B:$H,4,0),\"\")","v":""},{"$f":"IFERROR(VLOOKUP(C7052,参数!B:H,3,FALSE),\"\")","v":""},"",1]
[7052,{"$nulls":6},{"$f":"IFERROR(VLOOKUP(C7053,参数!$B:$H,2,0),\"\")","v":""},{"$f":"IFERROR(VLOOKUP(C7053,参数!$B:$H,4,0),\"\")","v":""},{"$f":"IFERROR(VLOOKUP(C7053,参数!B:H,3,FALSE),\"\")","v":""},"",1]
[7053,{"$nulls":6},{"$f":"IFERROR(VLOOKUP(C7054,参数!$B:$H,2,0),\"\")","v":""},{"$f":"IFERROR(VLOOKUP(C7054,参数!$B:$H,4,0),\"\")","v":""},{"$f":"IFERROR(VLOOKUP(C7054,参数!B:H,3,FALSE),\"\")","v":""},"",1]
[7054,{"$nulls":6},{"$f":"IFERROR(VLOOKUP(C7055,参数!$B:$H,2,0),\"\")","v":""},{"$f":"IFERROR(VLOOKUP(C7055,参数!$B:$H,4,0),\"\")","v":""},{"$f":"IFERROR(VLOOKUP(C7055,参数!B:H,3,FALSE),\"\")","v":""},"",1]
[7055,{"$nulls":6},{"$f":"IFERROR(VLOOKUP(C7056,参数!$B:$H,2,0),\"\")","v":""},{"$f":"IFERROR(VLOOKUP(C7056,参数!$B:$H,4,0),\"\")","v":""},{"$f":"IFERROR(VLOOKUP(C7056,参数!B:H,3,FALSE),\"\")","v":""},"",1]
[7056,{"$nulls":6},{"$f":"IFERROR(VLOOKUP(C7057,参数!$B:$H,2,0),\"\")","v":""},{"$f":"IFERROR(VLOOKUP(C7057,参数!$B:$H,4,0),\"\")","v":""},{"$f":"IFERROR(VLOOKUP(C7057,参数!B:H,3,FALSE),\"\")","v":""},"",1]
[7057,{"$nulls":6},{"$f":"IFERROR(VLOOKUP(C7058,参数!$B:$H,2,0),\"\")","v":""},{"$f":"IFERROR(VLOOKUP(C7058,参数!$B:$H,4,0),\"\")","v":""},{"$f":"IFERROR(VLOOKUP(C7058,参数!B:H,3,FALSE),\"\")","v":""},"",1]
[7058,{"$nulls":6},{"$f":"IFERROR(VLOOKUP(C7059,参数!$B:$H,2,0),\"\")","v":""},{"$f":"IFERROR(VLOOKUP(C7059,参数!$B:$H,4,0),\"\")","v":""},{"$f":"IFERROR(VLOOKUP(C7059,参数!B:H,3,FALSE),\"\")","v":""},"",1]
[7059,{"$nulls":6},{"$f":"IFERROR(VLOOKUP(C7060,参数!$B:$H,2,0),\"\")","v":""},{"$f":"IFERROR(VLOOKUP(C7060,参数!$B:$H,4,0),\"\")","v":""},{"$f":"IFERROR(VLOOKUP(C7060,参数!B:H,3,FALSE),\"\")","v":""},"",1]
[7060,{"$nulls":6},{"$f":"IFERROR(VLOOKUP(C7061,参数!$B:$H,2,0),\"\")","v":""},{"$f":"IFERROR(VLOOKUP(C7061,参数!$B:$H,4,0),\"\")","v":""},{"$f":"IFERROR(VLOOKUP(C7061,参数!B:H,3,FALSE),\"\")","v":""},"",1]
[7061,{"$nulls":6},{"$f":"IFERROR(VLOOKUP(C7062,参数!$B:$H,2,0),\"\")","v":""},{"$f":"IFERROR(VLOOKUP(C7062,参数!$B:$H,4,0),\"\")","v":""},{"$f":"IFERROR(VLOOKUP(C7062,参数!B:H,3,FALSE),\"\")","v":""},"",1]
[7062,{"$nulls":6},{"$f":"IFERROR(VLOOKUP(C7063,参数!$B:$H,2,0),\"\")","v":""},{"$f":"IFERROR(VLOOKUP(C7063,参数!$B:$H,4,0),\"\")","v":""},{"$f":"IFERROR(VLOOKUP(C7063,参数!B:H,3,FALSE),\"\")","v":""},"",1]
[7063,{"$nulls":6},{"$f":"IFERROR(VLOOKUP(C7064,参数!$B:$H,2,0),\"\")","v":""},{"$f":"IFERROR(VLOOKUP(C7064,参数!$B:$H,4,0),\"\")","v":""},{"$f":"IFERROR(VLOOKUP(C7064,参数!B:H,3,FALSE),\"\")","v":""},"",1]
[7064,{"$nulls":6},{"$f":"IFERROR(VLOOKUP(C7065,参数!$B:$H,2,0),\"\")","v":""},{"$f":"IFERROR(VLOOKUP(C7065,参数!$B:$H,4,0),\"\")","v":""},{"$f":"IFERROR(VLOOKUP(C7065,参数!B:H,3,FALSE),\"\")","v":""},"",1]
[7065,{"$nulls":6},{"$f":"IFERROR(VLOOKUP(C7066,参数!$B:$H,2,0),\"\")","v":""},{"$f":"IFERROR(VLOOKUP(C7066,参数!$B:$H,4,0),\"\")","v":""},{"$f":"IFERROR(VLOOKUP(C7066,参数!B:H,3,FALSE),\"\")","v":""},"",1]
[7066,{"$nulls":6},{"$f":"IFERROR(VLOOKUP(C7067,参数!$B:$H,2,0),\"\")","v":""},{"$f":"IFERROR(VLOOKUP(C7067,参数!$B:$H,4,0),\"\")","v":""},{"$f":"IFERROR(VLOOKUP(C7067,参数!B:H,3,FALSE),\"\")","v":""},"",1]
[7067,{"$nulls":6},{"$f":"IFERROR(VLOOKUP(C7068,参数!$B:$H,2,0),\"\")","v":""},{"$f":"IFERROR(VLOOKUP(C7068,参数!$B:$H,4,0),\"\")","v":""},{"$f":"IFERROR(VLOOKUP(C7068,参数!B:H,3,FALSE),\"\")","v":""},"",1]
[7068,{"$nulls":6},{"$f":"IFERROR(VLOOKUP(C7069,参数!$B:$H,2,0),\"\")","v":""},{"$f":"IFERROR(VLOOKUP(C7069,参数!$B:$H,4,0),\"\")","v":""},{"$f":"IFERROR(VLOOKUP(C7069,参数!B:H,3,FALSE),\"\")","v":""},"",1]
[7069,{"$nulls":6},{"$f":"IFERROR(VLOOKUP(C7070,参数!$B:$H,2,0),\"\")","v":""},{"$f":"IFERROR(VLOOKUP(C7070,参数!$B:$H,4,0),\"\")","v":""},{"$f":"IFERROR(VLOOKUP(C7070,参数!B:H,3,FALSE),\"\")","v":""},"",1]
[7070,{"$nulls":6},{"$f":"IFERROR(VLOOKUP(C7071,参数!$B:$H,2,0),\"\")","v":""},{"$f":"IFERROR(VLOOKUP(C7071,参数!$B:$H,4,0),\"\")","v":""},{"$f":"IFERROR(VLOOKUP(C7071,参数!B:H,3,FALSE),\"\")","v":""},"",1]
[7071,{"$nulls":6},{"$f":"IFERROR(VLOOKUP(C7072,参数!$B:$H,2,0),\"\")","v":""},{"$f":"IFERROR(VLOOKUP(C7072,参数!$B:$H,4,0),\"\")","v":""},{"$f":"IFERROR(VLOOKUP(C7072,参数!B:H,3,FALSE),\"\")","v":""},"",1]
[7072,{"$nulls":6},{"$f":"IFERROR(VLOOKUP(C7073,参数!$B:$H,2,0),\"\")","v":""},{"$f":"IFERROR(VLOOKUP(C7073,参数!$B:$H,4,0),\"\")","v":""},{"$f":"IFERROR(VLOOKUP(C7073,参数!B:H,3,FALSE),\"\")","v":""},"",1]
[7073,{"$nulls":6},{"$f":"IFERROR(VLOOKUP(C7074,参数!$B:$H,2,0),\"\")","v":""},{"$f":"IFERROR(VLOOKUP(C7074,参数!$B:$H,4,0),\"\")","v":""},{"$f":"IFERROR(VLOOKUP(C7074,参数!B:H,3,FALSE),\"\")","v":""},"",1]
[7074,{"$nulls":6},{"$f":"IFERROR(VLOOKUP(C7075,参数!$B:$H,2,0),\"\")","v":""},{"$f":"IFERROR(VLOOKUP(C7075,参数!$B:$H,4,0),\"\")","v":""},{"$f":"IFERROR(VLOOKUP(C7075,参数!B:H,3,FALSE),\"\")","v":""},"",1]
[7075,{"$nulls":6},{"$f":"IFERROR(VLOOKUP(C7076,参数!$B:$H,2,0),\"\")","v":""},{"$f":"IFERROR(VLOOKUP(C7076,参数!$B:$H,4,0),\"\")","v":""},{"$f":"IFERROR(VLOOKUP(C7076,参数!B:H,3,FALSE),\"\")","v":""},"",1]
[7076,{"$nulls":6},{"$f":"IFERROR(VLOOKUP(C7077,参数!$B:$H,2,0),\"\")","v":""},{"$f":"IFERROR(VLOOKUP(C7077,参数!$B:$H,4,0),\"\")","v":""},{"$f":"IFERROR(VLOOKUP(C7077,参数!B:H,3,FALSE),\"\")","v":""},{"$f":"IFERROR(J7077*E7077,\"\")","v":""},1]
[7077,{"$nulls":6},{"$f":"IFERROR(VLOOKUP(C7078,参数!$B:$H,2,0),\"\")","v":""},{"$f":"IFERROR(VLOOKUP(C7078,参数!$B:$H,4,0),\"\")","v":""},{"$f":"IFERROR(VLOOKUP(C7078,参数!B:H,3,FALSE),\"\")","v":""},"",1]
[7078,{"$nulls":6},{"$f":"IFERROR(VLOOKUP(C7079,参数!$B:$H,2,0),\"\")","v":""},{"$f":"IFERROR(VLOOKUP(C7079,参数!$B:$H,4,0),\"\")","v":""},{"$f":"IFERROR(VLOOKUP(C7079,参数!B:H,3,FALSE),\"\")","v":""},"",1]
[7079,{"$nulls":6},{"$f":"IFERROR(VLOOKUP(C7080,参数!$B:$H,2,0),\"\")","v":""},{"$f":"IFERROR(VLOOKUP(C7080,参数!$B:$H,4,0),\"\")","v":""},{"$f":"IFERROR(VLOOKUP(C7080,参数!B:H,3,FALSE),\"\")","v":""},"",1]
[7080,{"$nulls":6},{"$f":"IFERROR(VLOOKUP(C7081,参数!$B:$H,2,0),\"\")","v":""},{"$f":"IFERROR(VLOOKUP(C7081,参数!$B:$H,4,0),\"\")","v":""},{"$f":"IFERROR(VLOOKUP(C7081,参数!B:H,3,FALSE),\"\")","v":""},"",1]
[7081,{"$nulls":6},{"$f":"IFERROR(VLOOKUP(C7082,参数!$B:$H,2,0),\"\")","v":""},{"$f":"IFERROR(VLOOKUP(C7082,参数!$B:$H,4,0),\"\")","v":""},{"$f":"IFERROR(VLOOKUP(C7082,参数!B:H,3,FALSE),\"\")","v":""},"",1]
[7082,{"$nulls":6},{"$f":"IFERROR(VLOOKUP(C7083,参数!$B:$H,2,0),\"\")","v":""},{"$f":"IFERROR(VLOOKUP(C7083,参数!$B:$H,4,0),\"\")","v":""},{"$f":"IFERROR(VLOOKUP(C7083,参数!B:H,3,FALSE),\"\")","v":""},"",1]
[7083,{"$nulls":6},{"$f":"IFERROR(VLOOKUP(C7084,参数!$B:$H,2,0),\"\")","v":""},{"$f":"IFERROR(VLOOKUP(C7084,参数!$B:$H,4,0),\"\")","v":""},{"$f":"IFERROR(VLOOKUP(C7084,参数!B:H,3,FALSE),\"\")","v":""},"",1]
[7084,{"$nulls":6},{"$f":"IFERROR(VLOOKUP(C7085,参数!$B:$H,2,0),\"\")","v":""},{"$f":"IFERROR(VLOOKUP(C7085,参数!$B:$H,4,0),\"\")","v":""},{"$f":"IFERROR(VLOOKUP(C7085,参数!B:H,3,FALSE),\"\")","v":""},"",1]
[7085,{"$nulls":6},{"$f":"IFERROR(VLOOKUP(C7086,参数!$B:$H,2,0),\"\")","v":""},{"$f":"IFERROR(VLOOKUP(C7086,参数!$B:$H,4,0),\"\")","v":""},{"$f":"IFERROR(VLOOKUP(C7086,参数!B:H,3,FALSE),\"\")","v":""},"",1]
[7086,{"$nulls":6},{"$f":"IFERROR(VLOOKUP(C7087,参数!$B:$H,2,0),\"\")","v":""},{"$f":"IFERROR(VLOOKUP(C7087,参数!$B:$H,4,0),\"\")","v":""},{"$f":"IFERROR(VLOOKUP(C7087,参数!B:H,3,FALSE),\"\")","v":""},"",1]
[7087,{"$nulls":6},{"$f":"IFERROR(VLOOKUP(C7088,参数!$B:$H,2,0),\"\")","v":""},{"$f":"IFERROR(VLOOKUP(C7088,参数!$B:$H,4,0),\"\")","v":""},{"$f":"IFERROR(VLOOKUP(C7088,参数!B:H,3,FALSE),\"\")","v":""},"",1]
[7088,{"$nulls":6},{"$f":"IFERROR(VLOOKUP(C7089,参数!$B:$H,2,0),\"\")","v":""},{"$f":"IFERROR(VLOOKUP(C7089,参数!$B:$H,4,0),\"\")","v":""},{"$f":"IFERROR(VLOOKUP(C7089,参数!B:H,3,FALSE),\"\")","v":""},"",1]
[7089,{"$nulls":6},{"$f":"IFERROR(VLOOKUP(C7090,参数!$B:$H,2,0),\"\")","v":""},{"$f":"IFERROR(VLOOKUP(C7090,参数!$B:$H,4,0),\"\")","v":""},{"$f":"IFERROR(VLOOKUP(C7090,参数!B:H,3,FALSE),\"\")","v":""},"",1]
[7090,{"$nulls":6},{"$f":"IFERROR(VLOOKUP(C7091,参数!$B:$H,2,0),\"\")","v":""},{"$f":"IFERROR(VLOOKUP(C7091,参数!$B:$H,4,0),\"\")","v":""},{"$f":"IFERROR(VLOOKUP(C7091,参数!B:H,3,FALSE),\"\")","v":""},"",1]
[7091,{"$nulls":6},{"$f":"IFERROR(VLOOKUP(C7092,参数!$B:$H,2,0),\"\")","v":""},{"$f":"IFERROR(VLOOKUP(C7092,参数!$B:$H,4,0),\"\")","v":""},{"$f":"IFERROR(VLOOKUP(C7092,参数!B:H,3,FALSE),\"\")","v":""},"",1]
[7092,{"$nulls":6},{"$f":"IFERROR(VLOOKUP(C7093,参数!$B:$H,2,0),\"\")","v":""},{"$f":"IFERROR(VLOOKUP(C7093,参数!$B:$H,4,0),\"\")","v":""},{"$f":"IFERROR(VLOOKUP(C7093,参数!B:H,3,FALSE),\"\")","v":""},"",1]
[7093,{"$nulls":6},{"$f":"IFERROR(VLOOKUP(C7094,参数!$B:$H,2,0),\"\")","v":""},{"$f":"IFERROR(VLOOKUP(C7094,参数!$B:$H,4,0),\"\")","v":""},{"$f":"IFERROR(VLOOKUP(C7094,参数!B:H,3,FALSE),\"\")","v":""},"",1]
[7094,{"$nulls":6},{"$f":"IFERROR(VLOOKUP(C7095,参数!$B:$H,2,0),\"\")","v":""},{"$f":"IFERROR(VLOOKUP(C7095,参数!$B:$H,4,0),\"\")","v":""},{"$f":"IFERROR(VLOOKUP(C7095,参数!B:H,3,FALSE),\"\")","v":""},"",1]
[7095,{"$nulls":6},{"$f":"IFERROR(VLOOKUP(C7096,参数!$B:$H,2,0),\"\")","v":""},{"$f":"IFERROR(VLOOKUP(C7096,参数!$B:$H,4,0),\"\")","v":""},{"$f":"IFERROR(VLOOKUP(C7096,参数!B:H,3,FALSE),\"\")","v":""},"",1]
[7096,{"$nulls":6},{"$f":"IFERROR(VLOOKUP(C7097,参数!$B:$H,2,0),\"\")","v":""},{"$f":"IFERROR(VLOOKUP(C7097,参数!$B:$H,4,0),\"\")","v":""},{"$f":"IFERROR(VLOOKUP(C7097,参数!B:H,3,FALSE),\"\")","v":""},"",1]
[7097,{"$nulls":6},{"$f":"IFERROR(VLOOKUP(C7098,参数!$B:$H,2,0),\"\")","v":""},{"$f":"IFERROR(VLOOKUP(C7098,参数!$B:$H,4,0),\"\")","v":""},{"$f":"IFERROR(VLOOKUP(C7098,参数!B:H,3,FALSE),\"\")","v":""},"",1]
[7098,{"$nulls":6},{"$f":"IFERROR(VLOOKUP(C7099,参数!$B:$H,2,0),\"\")","v":""},{"$f":"IFERROR(VLOOKUP(C7099,参数!$B:$H,4,0),\"\")","v":""},{"$f":"IFERROR(VLOOKUP(C7099,参数!B:H,3,FALSE),\"\")","v":""},"",1]
[7099,{"$nulls":6},{"$f":"IFERROR(VLOOKUP(C7100,参数!$B:$H,2,0),\"\")","v":""},{"$f":"IFERROR(VLOOKUP(C7100,参数!$B:$H,4,0),\"\")","v":""},{"$f":"IFERROR(VLOOKUP(C7100,参数!B:H,3,FALSE),\"\")","v":""},"",1]
[7100,{"$nulls":6},{"$f":"IFERROR(VLOOKUP(C7101,参数!$B:$H,2,0),\"\")","v":""},{"$f":"IFERROR(VLOOKUP(C7101,参数!$B:$H,4,0),\"\")","v":""},{"$f":"IFERROR(VLOOKUP(C7101,参数!B:H,3,FALSE),\"\")","v":""},"",1]
[7101,{"$nulls":6},{"$f":"IFERROR(VLOOKUP(C7102,参数!$B:$H,2,0),\"\")","v":""},{"$f":"IFERROR(VLOOKUP(C7102,参数!$B:$H,4,0),\"\")","v":""},{"$f":"IFERROR(VLOOKUP(C7102,参数!B:H,3,FALSE),\"\")","v":""},"",1]
[7102,{"$nulls":6},{"$f":"IFERROR(VLOOKUP(C7103,参数!$B:$H,2,0),\"\")","v":""},{"$f":"IFERROR(VLOOKUP(C7103,参数!$B:$H,4,0),\"\")","v":""},{"$f":"IFERROR(VLOOKUP(C7103,参数!B:H,3,FALSE),\"\")","v":""},"",1]
[7103,{"$nulls":6},{"$f":"IFERROR(VLOOKUP(C7104,参数!$B:$H,2,0),\"\")","v":""},{"$f":"IFERROR(VLOOKUP(C7104,参数!$B:$H,4,0),\"\")","v":""},{"$f":"IFERROR(VLOOKUP(C7104,参数!B:H,3,FALSE),\"\")","v":""},"",1]
[7104,{"$nulls":6},{"$f":"IFERROR(VLOOKUP(C7105,参数!$B:$H,2,0),\"\")","v":""},{"$f":"IFERROR(VLOOKUP(C7105,参数!$B:$H,4,0),\"\")","v":""},{"$f":"IFERROR(VLOOKUP(C7105,参数!B:H,3,FALSE),\"\")","v":""},"",1]
[7105,{"$nulls":6},{"$f":"IFERROR(VLOOKUP(C7106,参数!$B:$H,2,0),\"\")","v":""},{"$f":"IFERROR(VLOOKUP(C7106,参数!$B:$H,4,0),\"\")","v":""},{"$f":"IFERROR(VLOOKUP(C7106,参数!B:H,3,FALSE),\"\")","v":""},"",{"$f":"VALUE(MONTH(B7106))","v":1}]
[7106,{"$nulls":6},{"$f":"IFERROR(VLOOKUP(C7107,参数!$B:$H,2,0),\"\")","v":""},{"$f":"IFERROR(VLOOKUP(C7107,参数!$B:$H,4,0),\"\")","v":""},{"$f":"IFERROR(VLOOKUP(C7107,参数!B:H,3,FALSE),\"\")","v":""},"",1]
[7107,{"$nulls":6},{"$f":"IFERROR(VLOOKUP(C7108,参数!$B:$H,2,0),\"\")","v":""},{"$f":"IFERROR(VLOOKUP(C7108,参数!$B:$H,4,0),\"\")","v":""},{"$f":"IFERROR(VLOOKUP(C7108,参数!B:H,3,FALSE),\"\")","v":""},"",1]
[7108,{"$nulls":6},{"$f":"IFERROR(VLOOKUP(C7109,参数!$B:$H,2,0),\"\")","v":""},{"$f":"IFERROR(VLOOKUP(C7109,参数!$B:$H,4,0),\"\")","v":""},{"$f":"IFERROR(VLOOKUP(C7109,参数!B:H,3,FALSE),\"\")","v":""},"",1]
[7109,{"$nulls":6},{"$f":"IFERROR(VLOOKUP(C7110,参数!$B:$H,2,0),\"\")","v":""},{"$f":"IFERROR(VLOOKUP(C7110,参数!$B:$H,4,0),\"\")","v":""},{"$f":"IFERROR(VLOOKUP(C7110,参数!B:H,3,FALSE),\"\")","v":""},"",1]
[7110,{"$nulls":6},{"$f":"IFERROR(VLOOKUP(C7111,参数!$B:$H,2,0),\"\")","v":""},{"$f":"IFERROR(VLOOKUP(C7111,参数!$B:$H,4,0),\"\")","v":""},{"$f":"IFERROR(VLOOKUP(C7111,参数!B:H,3,FALSE),\"\")","v":""},"",1]
[7111,{"$nulls":6},{"$f":"IFERROR(VLOOKUP(C7112,参数!$B:$H,2,0),\"\")","v":""},{"$f":"IFERROR(VLOOKUP(C7112,参数!$B:$H,4,0),\"\")","v":""},{"$f":"IFERROR(VLOOKUP(C7112,参数!B:H,3,FALSE),\"\")","v":""},"",1]
[7112,{"$nulls":6},{"$f":"IFERROR(VLOOKUP(C7113,参数!$B:$H,2,0),\"\")","v":""},{"$f":"IFERROR(VLOOKUP(C7113,参数!$B:$H,4,0),\"\")","v":""},{"$f":"IFERROR(VLOOKUP(C7113,参数!B:H,3,FALSE),\"\")","v":""},"",1]
[7113,{"$nulls":6},{"$f":"IFERROR(VLOOKUP(C7114,参数!$B:$H,2,0),\"\")","v":""},{"$f":"IFERROR(VLOOKUP(C7114,参数!$B:$H,4,0),\"\")","v":""},{"$f":"IFERROR(VLOOKUP(C7114,参数!B:H,3,FALSE),\"\")","v":""},"",1]
[7114,{"$nulls":6},{"$f":"IFERROR(VLOOKUP(C7115,参数!$B:$H,2,0),\"\")","v":""},{"$f":"IFERROR(VLOOKUP(C7115,参数!$B:$H,4,0),\"\")","v":""},{"$f":"IFERROR(VLOOKUP(C7115,参数!B:H,3,FALSE),\"\")","v":""},"",1]
[7115,{"$nulls":6},{"$f":"IFERROR(VLOOKUP(C7116,参数!$B:$H,2,0),\"\")","v":""},{"$f":"IFERROR(VLOOKUP(C7116,参数!$B:$H,4,0),\"\")","v":""},{"$f":"IFERROR(VLOOKUP(C7116,参数!B:H,3,FALSE),\"\")","v":""},"",1]
[7116,{"$nulls":6},{"$f":"IFERROR(VLOOKUP(C7117,参数!$B:$H,2,0),\"\")","v":""},{"$f":"IFERROR(VLOOKUP(C7117,参数!$B:$H,4,0),\"\")","v":""},{"$f":"IFERROR(VLOOKUP(C7117,参数!B:H,3,FALSE),\"\")","v":""},"",1]
[7117,{"$nulls":6},{"$f":"IFERROR(VLOOKUP(C7118,参数!$B:$H,2,0),\"\")","v":""},{"$f":"IFERROR(VLOOKUP(C7118,参数!$B:$H,4,0),\"\")","v":""},{"$f":"IFERROR(VLOOKUP(C7118,参数!B:H,3,FALSE),\"\")","v":""},"",1]
[7118,{"$nulls":6},{"$f":"IFERROR(VLOOKUP(C7119,参数!$B:$H,2,0),\"\")","v":""},{"$f":"IFERROR(VLOOKUP(C7119,参数!$B:$H,4,0),\"\")","v":""},{"$f":"IFERROR(VLOOKUP(C7119,参数!B:H,3,FALSE),\"\")","v":""},"",1]
[7119,{"$nulls":6},{"$f":"IFERROR(VLOOKUP(C7120,参数!$B:$H,2,0),\"\")","v":""},{"$f":"IFERROR(VLOOKUP(C7120,参数!$B:$H,4,0),\"\")","v":""},{"$f":"IFERROR(VLOOKUP(C7120,参数!B:H,3,FALSE),\"\")","v":""},"",1]
[7120,{"$nulls":6},{"$f":"IFERROR(VLOOKUP(C7121,参数!$B:$H,2,0),\"\")","v":""},{"$f":"IFERROR(VLOOKUP(C7121,参数!$B:$H,4,0),\"\")","v":""},{"$f":"IFERROR(VLOOKUP(C7121,参数!B:H,3,FALSE),\"\")","v":""},"",1]
[7121,{"$nulls":6},{"$f":"IFERROR(VLOOKUP(C7122,参数!$B:$H,2,0),\"\")","v":""},{"$f":"IFERROR(VLOOKUP(C7122,参数!$B:$H,4,0),\"\")","v":""},{"$f":"IFERROR(VLOOKUP(C7122,参数!B:H,3,FALSE),\"\")","v":""},"",1]
[7122,{"$nulls":6},{"$f":"IFERROR(VLOOKUP(C7123,参数!$B:$H,2,0),\"\")","v":""},{"$f":"IFERROR(VLOOKUP(C7123,参数!$B:$H,4,0),\"\")","v":""},{"$f":"IFERROR(VLOOKUP(C7123,参数!B:H,3,FALSE),\"\")","v":""},"",1]
[7123,{"$nulls":6},{"$f":"IFERROR(VLOOKUP(C7124,参数!$B:$H,2,0),\"\")","v":""},{"$f":"IFERROR(VLOOKUP(C7124,参数!$B:$H,4,0),\"\")","v":""},{"$f":"IFERROR(VLOOKUP(C7124,参数!B:H,3,FALSE),\"\")","v":""},"",1]
[7124,{"$nulls":6},{"$f":"IFERROR(VLOOKUP(C7125,参数!$B:$H,2,0),\"\")","v":""},{"$f":"IFERROR(VLOOKUP(C7125,参数!$B:$H,4,0),\"\")","v":""},{"$f":"IFERROR(VLOOKUP(C7125,参数!B:H,3,FALSE),\"\")","v":""},"",1]
[7125,{"$nulls":6},{"$f":"IFERROR(VLOOKUP(C7126,参数!$B:$H,2,0),\"\")","v":""},{"$f":"IFERROR(VLOOKUP(C7126,参数!$B:$H,4,0),\"\")","v":""},{"$f":"IFERROR(VLOOKUP(C7126,参数!B:H,3,FALSE),\"\")","v":""},"",1]
[7126,{"$nulls":6},{"$f":"IFERROR(VLOOKUP(C7127,参数!$B:$H,2,0),\"\")","v":""},{"$f":"IFERROR(VLOOKUP(C7127,参数!$B:$H,4,0),\"\")","v":""},{"$f":"IFERROR(VLOOKUP(C7127,参数!B:H,3,FALSE),\"\")","v":""},"",1]
[7127,{"$nulls":6},{"$f":"IFERROR(VLOOKUP(C7128,参数!$B:$H,2,0),\"\")","v":""},{"$f":"IFERROR(VLOOKUP(C7128,参数!$B:$H,4,0),\"\")","v":""},{"$f":"IFERROR(VLOOKUP(C7128,参数!B:H,3,FALSE),\"\")","v":""},"",1]
[7128,{"$nulls":6},{"$f":"IFERROR(VLOOKUP(C7129,参数!$B:$H,2,0),\"\")","v":""},{"$f":"IFERROR(VLOOKUP(C7129,参数!$B:$H,4,0),\"\")","v":""},{"$f":"IFERROR(VLOOKUP(C7129,参数!B:H,3,FALSE),\"\")","v":""},"",1]
[7129,{"$nulls":6},{"$f":"IFERROR(VLOOKUP(C7130,参数!$B:$H,2,0),\"\")","v":""},{"$f":"IFERROR(VLOOKUP(C7130,参数!$B:$H,4,0),\"\")","v":""},{"$f":"IFERROR(VLOOKUP(C7130,参数!B:H,3,FALSE),\"\")","v":""},"",1]
[7130,{"$nulls":6},{"$f":"IFERROR(VLOOKUP(C7131,参数!$B:$H,2,0),\"\")","v":""},{"$f":"IFERROR(VLOOKUP(C7131,参数!$B:$H,4,0),\"\")","v":""},{"$f":"IFERROR(VLOOKUP(C7131,参数!B:H,3,FALSE),\"\")","v":""},"",1]
[7131,{"$nulls":6},{"$f":"IFERROR(VLOOKUP(C7132,参数!$B:$H,2,0),\"\")","v":""},{"$f":"IFERROR(VLOOKUP(C7132,参数!$B:$H,4,0),\"\")","v":""},{"$f":"IFERROR(VLOOKUP(C7132,参数!B:H,3,FALSE),\"\")","v":""},"",1]
[7132,{"$nulls":6},{"$f":"IFERROR(VLOOKUP(C7133,参数!$B:$H,2,0),\"\")","v":""},{"$f":"IFERROR(VLOOKUP(C7133,参数!$B:$H,4,0),\"\")","v":""},{"$f":"IFERROR(VLOOKUP(C7133,参数!B:H,3,FALSE),\"\")","v":""},"",1]
[7133,{"$nulls":6},{"$f":"IFERROR(VLOOKUP(C7134,参数!$B:$H,2,0),\"\")","v":""},{"$f":"IFERROR(VLOOKUP(C7134,参数!$B:$H,4,0),\"\")","v":""},{"$f":"IFERROR(VLOOKUP(C7134,参数!B:H,3,FALSE),\"\")","v":""},"",1]
[7134,{"$nulls":6},{"$f":"IFERROR(VLOOKUP(C7135,参数!$B:$H,2,0),\"\")","v":""},{"$f":"IFERROR(VLOOKUP(C7135,参数!$B:$H,4,0),\"\")","v":""},{"$f":"IFERROR(VLOOKUP(C7135,参数!B:H,3,FALSE),\"\")","v":""},"",1]
[7135,{"$nulls":6},{"$f":"IFERROR(VLOOKUP(C7136,参数!$B:$H,2,0),\"\")","v":""},{"$f":"IFERROR(VLOOKUP(C7136,参数!$B:$H,4,0),\"\")","v":""},{"$f":"IFERROR(VLOOKUP(C7136,参数!B:H,3,FALSE),\"\")","v":""},"",1]
[7136,{"$nulls":6},{"$f":"IFERROR(VLOOKUP(C7137,参数!$B:$H,2,0),\"\")","v":""},{"$f":"IFERROR(VLOOKUP(C7137,参数!$B:$H,4,0),\"\")","v":""},{"$f":"IFERROR(VLOOKUP(C7137,参数!B:H,3,FALSE),\"\")","v":""},"",1]
[7137,{"$nulls":6},{"$f":"IFERROR(VLOOKUP(C7138,参数!$B:$H,2,0),\"\")","v":""},{"$f":"IFERROR(VLOOKUP(C7138,参数!$B:$H,4,0),\"\")","v":""},{"$f":"IFERROR(VLOOKUP(C7138,参数!B:H,3,FALSE),\"\")","v":""},"",1]
[7138,{"$nulls":6},{"$f":"IFERROR(VLOOKUP(C7139,参数!$B:$H,2,0),\"\")","v":""},{"$f":"IFERROR(VLOOKUP(C7139,参数!$B:$H,4,0),\"\")","v":""},{"$f":"IFERROR(VLOOKUP(C7139,参数!B:H,3,FALSE),\"\")","v":""},"",1]
[7139,{"$nulls":6},{"$f":"IFERROR(VLOOKUP(C7140,参数!$B:$H,2,0),\"\")","v":""},{"$f":"IFERROR(VLOOKUP(C7140,参数!$B:$H,4,0),\"\")","v":""},{"$f":"IFERROR(VLOOKUP(C7140,参数!B:H,3,FALSE),\"\")","v":""},"",1]
[7140,{"$nulls":6},{"$f":"IFERROR(VLOOKUP(C7141,参数!$B:$H,2,0),\"\")","v":""},{"$f":"IFERROR(VLOOKUP(C7141,参数!$B:$H,4,0),\"\")","v":""},{"$f":"IFERROR(VLOOKUP(C7141,参数!B:H,3,FALSE),\"\")","v":""},{"$f":"IFERROR(J7141*E7141,\"\")","v":""},1]
[7141,{"$nulls":6},{"$f":"IFERROR(VLOOKUP(C7142,参数!$B:$H,2,0),\"\")","v":""},{"$f":"IFERROR(VLOOKUP(C7142,参数!$B:$H,4,0),\"\")","v":""},{"$f":"IFERROR(VLOOKUP(C7142,参数!B:H,3,FALSE),\"\")","v":""},"",1]
[7142,{"$nulls":6},{"$f":"IFERROR(VLOOKUP(C7143,参数!$B:$H,2,0),\"\")","v":""},{"$f":"IFERROR(VLOOKUP(C7143,参数!$B:$H,4,0),\"\")","v":""},{"$f":"IFERROR(VLOOKUP(C7143,参数!B:H,3,FALSE),\"\")","v":""},"",1]
[7143,{"$nulls":6},{"$f":"IFERROR(VLOOKUP(C7144,参数!$B:$H,2,0),\"\")","v":""},{"$f":"IFERROR(VLOOKUP(C7144,参数!$B:$H,4,0),\"\")","v":""},{"$f":"IFERROR(VLOOKUP(C7144,参数!B:H,3,FALSE),\"\")","v":""},"",1]
[7144,{"$nulls":6},{"$f":"IFERROR(VLOOKUP(C7145,参数!$B:$H,2,0),\"\")","v":""},{"$f":"IFERROR(VLOOKUP(C7145,参数!$B:$H,4,0),\"\")","v":""},{"$f":"IFERROR(VLOOKUP(C7145,参数!B:H,3,FALSE),\"\")","v":""},"",1]
[7145,{"$nulls":6},{"$f":"IFERROR(VLOOKUP(C7146,参数!$B:$H,2,0),\"\")","v":""},{"$f":"IFERROR(VLOOKUP(C7146,参数!$B:$H,4,0),\"\")","v":""},{"$f":"IFERROR(VLOOKUP(C7146,参数!B:H,3,FALSE),\"\")","v":""},"",1]
[7146,{"$nulls":6},{"$f":"IFERROR(VLOOKUP(C7147,参数!$B:$H,2,0),\"\")","v":""},{"$f":"IFERROR(VLOOKUP(C7147,参数!$B:$H,4,0),\"\")","v":""},{"$f":"IFERROR(VLOOKUP(C7147,参数!B:H,3,FALSE),\"\")","v":""},"",1]
[7147,{"$nulls":6},{"$f":"IFERROR(VLOOKUP(C7148,参数!$B:$H,2,0),\"\")","v":""},{"$f":"IFERROR(VLOOKUP(C7148,参数!$B:$H,4,0),\"\")","v":""},{"$f":"IFERROR(VLOOKUP(C7148,参数!B:H,3,FALSE),\"\")","v":""},"",1]
[7148,{"$nulls":6},{"$f":"IFERROR(VLOOKUP(C7149,参数!$B:$H,2,0),\"\")","v":""},{"$f":"IFERROR(VLOOKUP(C7149,参数!$B:$H,4,0),\"\")","v":""},{"$f":"IFERROR(VLOOKUP(C7149,参数!B:H,3,FALSE),\"\")","v":""},"",1]
[7149,{"$nulls":6},{"$f":"IFERROR(VLOOKUP(C7150,参数!$B:$H,2,0),\"\")","v":""},{"$f":"IFERROR(VLOOKUP(C7150,参数!$B:$H,4,0),\"\")","v":""},{"$f":"IFERROR(VLOOKUP(C7150,参数!B:H,3,FALSE),\"\")","v":""},"",1]
[7150,{"$nulls":6},{"$f":"IFERROR(VLOOKUP(C7151,参数!$B:$H,2,0),\"\")","v":""},{"$f":"IFERROR(VLOOKUP(C7151,参数!$B:$H,4,0),\"\")","v":""},{"$f":"IFERROR(VLOOKUP(C7151,参数!B:H,3,FALSE),\"\")","v":""},"",1]
[7151,{"$nulls":6},{"$f":"IFERROR(VLOOKUP(C7152,参数!$B:$H,2,0),\"\")","v":""},{"$f":"IFERROR(VLOOKUP(C7152,参数!$B:$H,4,0),\"\")","v":""},{"$f":"IFERROR(VLOOKUP(C7152,参数!B:H,3,FALSE),\"\")","v":""},"",1]
[7152,{"$nulls":6},{"$f":"IFERROR(VLOOKUP(C7153,参数!$B:$H,2,0),\"\")","v":""},{"$f":"IFERROR(VLOOKUP(C7153,参数!$B:$H,4,0),\"\")","v":""},{"$f":"IFERROR(VLOOKUP(C7153,参数!B:H,3,FALSE),\"\")","v":""},"",1]
[7153,{"$nulls":6},{"$f":"IFERROR(VLOOKUP(C7154,参数!$B:$H,2,0),\"\")","v":""},{"$f":"IFERROR(VLOOKUP(C7154,参数!$B:$H,4,0),\"\")","v":""},{"$f":"IFERROR(VLOOKUP(C7154,参数!B:H,3,FALSE),\"\")","v":""},"",1]
[7154,{"$nulls":6},{"$f":"IFERROR(VLOOKUP(C7155,参数!$B:$H,2,0),\"\")","v":""},{"$f":"IFERROR(VLOOKUP(C7155,参数!$B:$H,4,0),\"\")","v":""},{"$f":"IFERROR(VLOOKUP(C7155,参数!B:H,3,FALSE),\"\")","v":""},"",1]
[7155,{"$nulls":6},{"$f":"IFERROR(VLOOKUP(C7156,参数!$B:$H,2,0),\"\")","v":""},{"$f":"IFERROR(VLOOKUP(C7156,参数!$B:$H,4,0),\"\")","v":""},{"$f":"IFERROR(VLOOKUP(C7156,参数!B:H,3,FALSE),\"\")","v":""},"",1]
[7156,{"$nulls":6},{"$f":"IFERROR(VLOOKUP(C7157,参数!$B:$H,2,0),\"\")","v":""},{"$f":"IFERROR(VLOOKUP(C7157,参数!$B:$H,4,0),\"\")","v":""},{"$f":"IFERROR(VLOOKUP(C7157,参数!B:H,3,FALSE),\"\")","v":""},"",1]
[7157,{"$nulls":6},{"$f":"IFERROR(VLOOKUP(C7158,参数!$B:$H,2,0),\"\")","v":""},{"$f":"IFERROR(VLOOKUP(C7158,参数!$B:$H,4,0),\"\")","v":""},{"$f":"IFERROR(VLOOKUP(C7158,参数!B:H,3,FALSE),\"\")","v":""},"",1]
[7158,{"$nulls":6},{"$f":"IFERROR(VLOOKUP(C7159,参数!$B:$H,2,0),\"\")","v":""},{"$f":"IFERROR(VLOOKUP(C7159,参数!$B:$H,4,0),\"\")","v":""},{"$f":"IFERROR(VLOOKUP(C7159,参数!B:H,3,FALSE),\"\")","v":""},"",1]
[7159,{"$nulls":6},{"$f":"IFERROR(VLOOKUP(C7160,参数!$B:$H,2,0),\"\")","v":""},{"$f":"IFERROR(VLOOKUP(C7160,参数!$B:$H,4,0),\"\")","v":""},{"$f":"IFERROR(VLOOKUP(C7160,参数!B:H,3,FALSE),\"\")","v":""},"",1]
[7160,{"$nulls":6},{"$f":"IFERROR(VLOOKUP(C7161,参数!$B:$H,2,0),\"\")","v":""},{"$f":"IFERROR(VLOOKUP(C7161,参数!$B:$H,4,0),\"\")","v":""},{"$f":"IFERROR(VLOOKUP(C7161,参数!B:H,3,FALSE),\"\")","v":""},"",1]
[7161,{"$nulls":6},{"$f":"IFERROR(VLOOKUP(C7162,参数!$B:$H,2,0),\"\")","v":""},{"$f":"IFERROR(VLOOKUP(C7162,参数!$B:$H,4,0),\"\")","v":""},{"$f":"IFERROR(VLOOKUP(C7162,参数!B:H,3,FALSE),\"\")","v":""},"",1]
[7162,{"$nulls":6},{"$f":"IFERROR(VLOOKUP(C7163,参数!$B:$H,2,0),\"\")","v":""},{"$f":"IFERROR(VLOOKUP(C7163,参数!$B:$H,4,0),\"\")","v":""},{"$f":"IFERROR(VLOOKUP(C7163,参数!B:H,3,FALSE),\"\")","v":""},"",1]
[7163,{"$nulls":6},{"$f":"IFERROR(VLOOKUP(C7164,参数!$B:$H,2,0),\"\")","v":""},{"$f":"IFERROR(VLOOKUP(C7164,参数!$B:$H,4,0),\"\")","v":""},{"$f":"IFERROR(VLOOKUP(C7164,参数!B:H,3,FALSE),\"\")","v":""},"",1]
[7164,{"$nulls":6},{"$f":"IFERROR(VLOOKUP(C7165,参数!$B:$H,2,0),\"\")","v":""},{"$f":"IFERROR(VLOOKUP(C7165,参数!$B:$H,4,0),\"\")","v":""},{"$f":"IFERROR(VLOOKUP(C7165,参数!B:H,3,FALSE),\"\")","v":""},"",1]
[7165,{"$nulls":6},{"$f":"IFERROR(VLOOKUP(C7166,参数!$B:$H,2,0),\"\")","v":""},{"$f":"IFERROR(VLOOKUP(C7166,参数!$B:$H,4,0),\"\")","v":""},{"$f":"IFERROR(VLOOKUP(C7166,参数!B:H,3,FALSE),\"\")","v":""},"",1]
[7166,{"$nulls":6},{"$f":"IFERROR(VLOOKUP(C7167,参数!$B:$H,2,0),\"\")","v":""},{"$f":"IFERROR(VLOOKUP(C7167,参数!$B:$H,4,0),\"\")","v":""},{"$f":"IFERROR(VLOOKUP(C7167,参数!B:H,3,FALSE),\"\")","v":""},"",1]
[7167,{"$nulls":6},{"$f":"IFERROR(VLOOKUP(C7168,参数!$B:$H,2,0),\"\")","v":""},{"$f":"IFERROR(VLOOKUP(C7168,参数!$B:$H,4,0),\"\")","v":""},{"$f":"IFERROR(VLOOKUP(C7168,参数!B:H,3,FALSE),\"\")","v":""},"",1]
[7168,{"$nulls":6},{"$f":"IFERROR(VLOOKUP(C7169,参数!$B:$H,2,0),\"\")","v":""},{"$f":"IFERROR(VLOOKUP(C7169,参数!$B:$H,4,0),\"\")","v":""},{"$f":"IFERROR(VLOOKUP(C7169,参数!B:H,3,FALSE),\"\")","v":""},"",1]
[7169,{"$nulls":6},{"$f":"IFERROR(VLOOKUP(C7170,参数!$B:$H,2,0),\"\")","v":""},{"$f":"IFERROR(VLOOKUP(C7170,参数!$B:$H,4,0),\"\")","v":""},{"$f":"IFERROR(VLOOKUP(C7170,参数!B:H,3,FALSE),\"\")","v":""},"",{"$f":"VALUE(MONTH(B7170))","v":1}]
[7170,{"$nulls":6},{"$f":"IFERROR(VLOOKUP(C7171,参数!$B:$H,2,0),\"\")","v":""},{"$f":"IFERROR(VLOOKUP(C7171,参数!$B:$H,4,0),\"\")","v":""},{"$f":"IFERROR(VLOOKUP(C7171,参数!B:H,3,FALSE),\"\")","v":""},"",1]
[7171,{"$nulls":6},{"$f":"IFERROR(VLOOKUP(C7172,参数!$B:$H,2,0),\"\")","v":""},{"$f":"IFERROR(VLOOKUP(C7172,参数!$B:$H,4,0),\"\")","v":""},{"$f":"IFERROR(VLOOKUP(C7172,参数!B:H,3,FALSE),\"\")","v":""},"",1]
[7172,{"$nulls":6},{"$f":"IFERROR(VLOOKUP(C7173,参数!$B:$H,2,0),\"\")","v":""},{"$f":"IFERROR(VLOOKUP(C7173,参数!$B:$H,4,0),\"\")","v":""},{"$f":"IFERROR(VLOOKUP(C7173,参数!B:H,3,FALSE),\"\")","v":""},"",1]
[7173,{"$nulls":6},{"$f":"IFERROR(VLOOKUP(C7174,参数!$B:$H,2,0),\"\")","v":""},{"$f":"IFERROR(VLOOKUP(C7174,参数!$B:$H,4,0),\"\")","v":""},{"$f":"IFERROR(VLOOKUP(C7174,参数!B:H,3,FALSE),\"\")","v":""},"",1]
[7174,{"$nulls":6},{"$f":"IFERROR(VLOOKUP(C7175,参数!$B:$H,2,0),\"\")","v":""},{"$f":"IFERROR(VLOOKUP(C7175,参数!$B:$H,4,0),\"\")","v":""},{"$f":"IFERROR(VLOOKUP(C7175,参数!B:H,3,FALSE),\"\")","v":""},"",1]
[7175,{"$nulls":6},{"$f":"IFERROR(VLOOKUP(C7176,参数!$B:$H,2,0),\"\")","v":""},{"$f":"IFERROR(VLOOKUP(C7176,参数!$B:$H,4,0),\"\")","v":""},{"$f":"IFERROR(VLOOKUP(C7176,参数!B:H,3,FALSE),\"\")","v":""},"",1]
[7176,{"$nulls":6},{"$f":"IFERROR(VLOOKUP(C7177,参数!$B:$H,2,0),\"\")","v":""},{"$f":"IFERROR(VLOOKUP(C7177,参数!$B:$H,4,0),\"\")","v":""},{"$f":"IFERROR(VLOOKUP(C7177,参数!B:H,3,FALSE),\"\")","v":""},"",1]
[7177,{"$nulls":6},{"$f":"IFERROR(VLOOKUP(C7178,参数!$B:$H,2,0),\"\")","v":""},{"$f":"IFERROR(VLOOKUP(C7178,参数!$B:$H,4,0),\"\")","v":""},{"$f":"IFERROR(VLOOKUP(C7178,参数!B:H,3,FALSE),\"\")","v":""},"",1]
[7178,{"$nulls":6},{"$f":"IFERROR(VLOOKUP(C7179,参数!$B:$H,2,0),\"\")","v":""},{"$f":"IFERROR(VLOOKUP(C7179,参数!$B:$H,4,0),\"\")","v":""},{"$f":"IFERROR(VLOOKUP(C7179,参数!B:H,3,FALSE),\"\")","v":""},"",1]
[7179,{"$nulls":6},{"$f":"IFERROR(VLOOKUP(C7180,参数!$B:$H,2,0),\"\")","v":""},{"$f":"IFERROR(VLOOKUP(C7180,参数!$B:$H,4,0),\"\")","v":""},{"$f":"IFERROR(VLOOKUP(C7180,参数!B:H,3,FALSE),\"\")","v":""},"",1]
[7180,{"$nulls":6},{"$f":"IFERROR(VLOOKUP(C7181,参数!$B:$H,2,0),\"\")","v":""},{"$f":"IFERROR(VLOOKUP(C7181,参数!$B:$H,4,0),\"\")","v":""},{"$f":"IFERROR(VLOOKUP(C7181,参数!B:H,3,FALSE),\"\")","v":""},"",1]
[7181,{"$nulls":6},{"$f":"IFERROR(VLOOKUP(C7182,参数!$B:$H,2,0),\"\")","v":""},{"$f":"IFERROR(VLOOKUP(C7182,参数!$B:$H,4,0),\"\")","v":""},{"$f":"IFERROR(VLOOKUP(C7182,参数!B:H,3,FALSE),\"\")","v":""},"",1]
[7182,{"$nulls":6},{"$f":"IFERROR(VLOOKUP(C7183,参数!$B:$H,2,0),\"\")","v":""},{"$f":"IFERROR(VLOOKUP(C7183,参数!$B:$H,4,0),\"\")","v":""},{"$f":"IFERROR(VLOOKUP(C7183,参数!B:H,3,FALSE),\"\")","v":""},"",1]
[7183,{"$nulls":6},{"$f":"IFERROR(VLOOKUP(C7184,参数!$B:$H,2,0),\"\")","v":""},{"$f":"IFERROR(VLOOKUP(C7184,参数!$B:$H,4,0),\"\")","v":""},{"$f":"IFERROR(VLOOKUP(C7184,参数!B:H,3,FALSE),\"\")","v":""},"",1]
[7184,{"$nulls":6},{"$f":"IFERROR(VLOOKUP(C7185,参数!$B:$H,2,0),\"\")","v":""},{"$f":"IFERROR(VLOOKUP(C7185,参数!$B:$H,4,0),\"\")","v":""},{"$f":"IFERROR(VLOOKUP(C7185,参数!B:H,3,FALSE),\"\")","v":""},"",1]
[7185,{"$nulls":6},{"$f":"IFERROR(VLOOKUP(C7186,参数!$B:$H,2,0),\"\")","v":""},{"$f":"IFERROR(VLOOKUP(C7186,参数!$B:$H,4,0),\"\")","v":""},{"$f":"IFERROR(VLOOKUP(C7186,参数!B:H,3,FALSE),\"\")","v":""},"",1]
[7186,{"$nulls":6},{"$f":"IFERROR(VLOOKUP(C7187,参数!$B:$H,2,0),\"\")","v":""},{"$f":"IFERROR(VLOOKUP(C7187,参数!$B:$H,4,0),\"\")","v":""},{"$f":"IFERROR(VLOOKUP(C7187,参数!B:H,3,FALSE),\"\")","v":""},"",1]
[7187,{"$nulls":6},{"$f":"IFERROR(VLOOKUP(C7188,参数!$B:$H,2,0),\"\")","v":""},{"$f":"IFERROR(VLOOKUP(C7188,参数!$B:$H,4,0),\"\")","v":""},{"$f":"IFERROR(VLOOKUP(C7188,参数!B:H,3,FALSE),\"\")","v":""},"",1]
[7188,{"$nulls":6},{"$f":"IFERROR(VLOOKUP(C7189,参数!$B:$H,2,0),\"\")","v":""},{"$f":"IFERROR(VLOOKUP(C7189,参数!$B:$H,4,0),\"\")","v":""},{"$f":"IFERROR(VLOOKUP(C7189,参数!B:H,3,FALSE),\"\")","v":""},"",1]
[7189,{"$nulls":6},{"$f":"IFERROR(VLOOKUP(C7190,参数!$B:$H,2,0),\"\")","v":""},{"$f":"IFERROR(VLOOKUP(C7190,参数!$B:$H,4,0),\"\")","v":""},{"$f":"IFERROR(VLOOKUP(C7190,参数!B:H,3,FALSE),\"\")","v":""},"",1]
[7190,{"$nulls":6},{"$f":"IFERROR(VLOOKUP(C7191,参数!$B:$H,2,0),\"\")","v":""},{"$f":"IFERROR(VLOOKUP(C7191,参数!$B:$H,4,0),\"\")","v":""},{"$f":"IFERROR(VLOOKUP(C7191,参数!B:H,3,FALSE),\"\")","v":""},"",1]
[7191,{"$nulls":6},{"$f":"IFERROR(VLOOKUP(C7192,参数!$B:$H,2,0),\"\")","v":""},{"$f":"IFERROR(VLOOKUP(C7192,参数!$B:$H,4,0),\"\")","v":""},{"$f":"IFERROR(VLOOKUP(C7192,参数!B:H,3,FALSE),\"\")","v":""},"",1]
[7192,{"$nulls":6},{"$f":"IFERROR(VLOOKUP(C7193,参数!$B:$H,2,0),\"\")","v":""},{"$f":"IFERROR(VLOOKUP(C7193,参数!$B:$H,4,0),\"\")","v":""},{"$f":"IFERROR(VLOOKUP(C7193,参数!B:H,3,FALSE),\"\")","v":""},"",1]
[7193,{"$nulls":6},{"$f":"IFERROR(VLOOKUP(C7194,参数!$B:$H,2,0),\"\")","v":""},{"$f":"IFERROR(VLOOKUP(C7194,参数!$B:$H,4,0),\"\")","v":""},{"$f":"IFERROR(VLOOKUP(C7194,参数!B:H,3,FALSE),\"\")","v":""},"",1]
[7194,{"$nulls":6},{"$f":"IFERROR(VLOOKUP(C7195,参数!$B:$H,2,0),\"\")","v":""},{"$f":"IFERROR(VLOOKUP(C7195,参数!$B:$H,4,0),\"\")","v":""},{"$f":"IFERROR(VLOOKUP(C7195,参数!B:H,3,FALSE),\"\")","v":""},"",1]
[7195,{"$nulls":6},{"$f":"IFERROR(VLOOKUP(C7196,参数!$B:$H,2,0),\"\")","v":""},{"$f":"IFERROR(VLOOKUP(C7196,参数!$B:$H,4,0),\"\")","v":""},{"$f":"IFERROR(VLOOKUP(C7196,参数!B:H,3,FALSE),\"\")","v":""},"",1]
[7196,{"$nulls":6},{"$f":"IFERROR(VLOOKUP(C7197,参数!$B:$H,2,0),\"\")","v":""},{"$f":"IFERROR(VLOOKUP(C7197,参数!$B:$H,4,0),\"\")","v":""},{"$f":"IFERROR(VLOOKUP(C7197,参数!B:H,3,FALSE),\"\")","v":""},"",1]
[7197,{"$nulls":6},{"$f":"IFERROR(VLOOKUP(C7198,参数!$B:$H,2,0),\"\")","v":""},{"$f":"IFERROR(VLOOKUP(C7198,参数!$B:$H,4,0),\"\")","v":""},{"$f":"IFERROR(VLOOKUP(C7198,参数!B:H,3,FALSE),\"\")","v":""},"",1]
[7198,{"$nulls":6},{"$f":"IFERROR(VLOOKUP(C7199,参数!$B:$H,2,0),\"\")","v":""},{"$f":"IFERROR(VLOOKUP(C7199,参数!$B:$H,4,0),\"\")","v":""},{"$f":"IFERROR(VLOOKUP(C7199,参数!B:H,3,FALSE),\"\")","v":""},"",1]
[7199,{"$nulls":6},{"$f":"IFERROR(VLOOKUP(C7200,参数!$B:$H,2,0),\"\")","v":""},{"$f":"IFERROR(VLOOKUP(C7200,参数!$B:$H,4,0),\"\")","v":""},{"$f":"IFERROR(VLOOKUP(C7200,参数!B:H,3,FALSE),\"\")","v":""},"",1]
[7200,{"$nulls":6},{"$f":"IFERROR(VLOOKUP(C7201,参数!$B:$H,2,0),\"\")","v":""},{"$f":"IFERROR(VLOOKUP(C7201,参数!$B:$H,4,0),\"\")","v":""},{"$f":"IFERROR(VLOOKUP(C7201,参数!B:H,3,FALSE),\"\")","v":""},"",1]
[7201,{"$nulls":6},{"$f":"IFERROR(VLOOKUP(C7202,参数!$B:$H,2,0),\"\")","v":""},{"$f":"IFERROR(VLOOKUP(C7202,参数!$B:$H,4,0),\"\")","v":""},{"$f":"IFERROR(VLOOKUP(C7202,参数!B:H,3,FALSE),\"\")","v":""},"",1]
[7202,{"$nulls":6},{"$f":"IFERROR(VLOOKUP(C7203,参数!$B:$H,2,0),\"\")","v":""},{"$f":"IFERROR(VLOOKUP(C7203,参数!$B:$H,4,0),\"\")","v":""},{"$f":"IFERROR(VLOOKUP(C7203,参数!B:H,3,FALSE),\"\")","v":""},"",1]
[7203,{"$nulls":6},{"$f":"IFERROR(VLOOKUP(C7204,参数!$B:$H,2,0),\"\")","v":""},{"$f":"IFERROR(VLOOKUP(C7204,参数!$B:$H,4,0),\"\")","v":""},{"$f":"IFERROR(VLOOKUP(C7204,参数!B:H,3,FALSE),\"\")","v":""},"",1]
[7204,{"$nulls":6},{"$f":"IFERROR(VLOOKUP(C7205,参数!$B:$H,2,0),\"\")","v":""},{"$f":"IFERROR(VLOOKUP(C7205,参数!$B:$H,4,0),\"\")","v":""},{"$f":"IFERROR(VLOOKUP(C7205,参数!B:H,3,FALSE),\"\")","v":""},{"$f":"IFERROR(J7205*E7205,\"\")","v":""},1]
[7205,{"$nulls":6},{"$f":"IFERROR(VLOOKUP(C7206,参数!$B:$H,2,0),\"\")","v":""},{"$f":"IFERROR(VLOOKUP(C7206,参数!$B:$H,4,0),\"\")","v":""},{"$f":"IFERROR(VLOOKUP(C7206,参数!B:H,3,FALSE),\"\")","v":""},"",1]
[7206,{"$nulls":6},{"$f":"IFERROR(VLOOKUP(C7207,参数!$B:$H,2,0),\"\")","v":""},{"$f":"IFERROR(VLOOKUP(C7207,参数!$B:$H,4,0),\"\")","v":""},{"$f":"IFERROR(VLOOKUP(C7207,参数!B:H,3,FALSE),\"\")","v":""},"",1]
[7207,{"$nulls":6},{"$f":"IFERROR(VLOOKUP(C7208,参数!$B:$H,2,0),\"\")","v":""},{"$f":"IFERROR(VLOOKUP(C7208,参数!$B:$H,4,0),\"\")","v":""},{"$f":"IFERROR(VLOOKUP(C7208,参数!B:H,3,FALSE),\"\")","v":""},"",1]
[7208,{"$nulls":6},{"$f":"IFERROR(VLOOKUP(C7209,参数!$B:$H,2,0),\"\")","v":""},{"$f":"IFERROR(VLOOKUP(C7209,参数!$B:$H,4,0),\"\")","v":""},{"$f":"IFERROR(VLOOKUP(C7209,参数!B:H,3,FALSE),\"\")","v":""},"",1]
[7209,{"$nulls":6},{"$f":"IFERROR(VLOOKUP(C7210,参数!$B:$H,2,0),\"\")","v":""},{"$f":"IFERROR(VLOOKUP(C7210,参数!$B:$H,4,0),\"\")","v":""},{"$f":"IFERROR(VLOOKUP(C7210,参数!B:H,3,FALSE),\"\")","v":""},"",1]
[7210,{"$nulls":6},{"$f":"IFERROR(VLOOKUP(C7211,参数!$B:$H,2,0),\"\")","v":""},{"$f":"IFERROR(VLOOKUP(C7211,参数!$B:$H,4,0),\"\")","v":""},{"$f":"IFERROR(VLOOKUP(C7211,参数!B:H,3,FALSE),\"\")","v":""},"",1]
[7211,{"$nulls":6},{"$f":"IFERROR(VLOOKUP(C7212,参数!$B:$H,2,0),\"\")","v":""},{"$f":"IFERROR(VLOOKUP(C7212,参数!$B:$H,4,0),\"\")","v":""},{"$f":"IFERROR(VLOOKUP(C7212,参数!B:H,3,FALSE),\"\")","v":""},"",1]
[7212,{"$nulls":6},{"$f":"IFERROR(VLOOKUP(C7213,参数!$B:$H,2,0),\"\")","v":""},{"$f":"IFERROR(VLOOKUP(C7213,参数!$B:$H,4,0),\"\")","v":""},{"$f":"IFERROR(VLOOKUP(C7213,参数!B:H,3,FALSE),\"\")","v":""},"",1]
[7213,{"$nulls":6},{"$f":"IFERROR(VLOOKUP(C7214,参数!$B:$H,2,0),\"\")","v":""},{"$f":"IFERROR(VLOOKUP(C7214,参数!$B:$H,4,0),\"\")","v":""},{"$f":"IFERROR(VLOOKUP(C7214,参数!B:H,3,FALSE),\"\")","v":""},"",1]
[7214,{"$nulls":6},{"$f":"IFERROR(VLOOKUP(C7215,参数!$B:$H,2,0),\"\")","v":""},{"$f":"IFERROR(VLOOKUP(C7215,参数!$B:$H,4,0),\"\")","v":""},{"$f":"IFERROR(VLOOKUP(C7215,参数!B:H,3,FALSE),\"\")","v":""},"",1]
[7215,{"$nulls":6},{"$f":"IFERROR(VLOOKUP(C7216,参数!$B:$H,2,0),\"\")","v":""},{"$f":"IFERROR(VLOOKUP(C7216,参数!$B:$H,4,0),\"\")","v":""},{"$f":"IFERROR(VLOOKUP(C7216,参数!B:H,3,FALSE),\"\")","v":""},"",1]
[7216,{"$nulls":6},{"$f":"IFERROR(VLOOKUP(C7217,参数!$B:$H,2,0),\"\")","v":""},{"$f":"IFERROR(VLOOKUP(C7217,参数!$B:$H,4,0),\"\")","v":""},{"$f":"IFERROR(VLOOKUP(C7217,参数!B:H,3,FALSE),\"\")","v":""},"",1]
[7217,{"$nulls":6},{"$f":"IFERROR(VLOOKUP(C7218,参数!$B:$H,2,0),\"\")","v":""},{"$f":"IFERROR(VLOOKUP(C7218,参数!$B:$H,4,0),\"\")","v":""},{"$f":"IFERROR(VLOOKUP(C7218,参数!B:H,3,FALSE),\"\")","v":""},"",1]
[7218,{"$nulls":6},{"$f":"IFERROR(VLOOKUP(C7219,参数!$B:$H,2,0),\"\")","v":""},{"$f":"IFERROR(VLOOKUP(C7219,参数!$B:$H,4,0),\"\")","v":""},{"$f":"IFERROR(VLOOKUP(C7219,参数!B:H,3,FALSE),\"\")","v":""},"",1]
[7219,{"$nulls":6},{"$f":"IFERROR(VLOOKUP(C7220,参数!$B:$H,2,0),\"\")","v":""},{"$f":"IFERROR(VLOOKUP(C7220,参数!$B:$H,4,0),\"\")","v":""},{"$f":"IFERROR(VLOOKUP(C7220,参数!B:H,3,FALSE),\"\")","v":""},"",1]
[7220,{"$nulls":6},{"$f":"IFERROR(VLOOKUP(C7221,参数!$B:$H,2,0),\"\")","v":""},{"$f":"IFERROR(VLOOKUP(C7221,参数!$B:$H,4,0),\"\")","v":""},{"$f":"IFERROR(VLOOKUP(C7221,参数!B:H,3,FALSE),\"\")","v":""},"",1]
[7221,{"$nulls":6},{"$f":"IFERROR(VLOOKUP(C7222,参数!$B:$H,2,0),\"\")","v":""},{"$f":"IFERROR(VLOOKUP(C7222,参数!$B:$H,4,0),\"\")","v":""},{"$f":"IFERROR(VLOOKUP(C7222,参数!B:H,3,FALSE),\"\")","v":""},"",1]
[7222,{"$nulls":6},{"$f":"IFERROR(VLOOKUP(C7223,参数!$B:$H,2,0),\"\")","v":""},{"$f":"IFERROR(VLOOKUP(C7223,参数!$B:$H,4,0),\"\")","v":""},{"$f":"IFERROR(VLOOKUP(C7223,参数!B:H,3,FALSE),\"\")","v":""},"",1]
[7223,{"$nulls":6},{"$f":"IFERROR(VLOOKUP(C7224,参数!$B:$H,2,0),\"\")","v":""},{"$f":"IFERROR(VLOOKUP(C7224,参数!$B:$H,4,0),\"\")","v":""},{"$f":"IFERROR(VLOOKUP(C7224,参数!B:H,3,FALSE),\"\")","v":""},"",1]
[7224,{"$nulls":6},{"$f":"IFERROR(VLOOKUP(C7225,参数!$B:$H,2,0),\"\")","v":""},{"$f":"IFERROR(VLOOKUP(C7225,参数!$B:$H,4,0),\"\")","v":""},{"$f":"IFERROR(VLOOKUP(C7225,参数!B:H,3,FALSE),\"\")","v":""},"",1]
[7225,{"$nulls":6},{"$f":"IFERROR(VLOOKUP(C7226,参数!$B:$H,2,0),\"\")","v":""},{"$f":"IFERROR(VLOOKUP(C7226,参数!$B:$H,4,0),\"\")","v":""},{"$f":"IFERROR(VLOOKUP(C7226,参数!B:H,3,FALSE),\"\")","v":""},"",1]
[7226,{"$nulls":6},{"$f":"IFERROR(VLOOKUP(C7227,参数!$B:$H,2,0),\"\")","v":""},{"$f":"IFERROR(VLOOKUP(C7227,参数!$B:$H,4,0),\"\")","v":""},{"$f":"IFERROR(VLOOKUP(C7227,参数!B:H,3,FALSE),\"\")","v":""},"",1]
[7227,{"$nulls":6},{"$f":"IFERROR(VLOOKUP(C7228,参数!$B:$H,2,0),\"\")","v":""},{"$f":"IFERROR(VLOOKUP(C7228,参数!$B:$H,4,0),\"\")","v":""},{"$f":"IFERROR(VLOOKUP(C7228,参数!B:H,3,FALSE),\"\")","v":""},"",1]
[7228,{"$nulls":6},{"$f":"IFERROR(VLOOKUP(C7229,参数!$B:$H,2,0),\"\")","v":""},{"$f":"IFERROR(VLOOKUP(C7229,参数!$B:$H,4,0),\"\")","v":""},{"$f":"IFERROR(VLOOKUP(C7229,参数!B:H,3,FALSE),\"\")","v":""},"",1]
[7229,{"$nulls":6},{"$f":"IFERROR(VLOOKUP(C7230,参数!$B:$H,2,0),\"\")","v":""},{"$f":"IFERROR(VLOOKUP(C7230,参数!$B:$H,4,0),\"\")","v":""},{"$f":"IFERROR(VLOOKUP(C7230,参数!B:H,3,FALSE),\"\")","v":""},"",1]
[7230,{"$nulls":6},{"$f":"IFERROR(VLOOKUP(C7231,参数!$B:$H,2,0),\"\")","v":""},{"$f":"IFERROR(VLOOKUP(C7231,参数!$B:$H,4,0),\"\")","v":""},{"$f":"IFERROR(VLOOKUP(C7231,参数!B:H,3,FALSE),\"\")","v":""},"",1]
[7231,{"$nulls":6},{"$f":"IFERROR(VLOOKUP(C7232,参数!$B:$H,2,0),\"\")","v":""},{"$f":"IFERROR(VLOOKUP(C7232,参数!$B:$H,4,0),\"\")","v":""},{"$f":"IFERROR(VLOOKUP(C7232,参数!B:H,3,FALSE),\"\")","v":""},"",1]
[7232,{"$nulls":6},{"$f":"IFERROR(VLOOKUP(C7233,参数!$B:$H,2,0),\"\")","v":""},{"$f":"IFERROR(VLOOKUP(C7233,参数!$B:$H,4,0),\"\")","v":""},{"$f":"IFERROR(VLOOKUP(C7233,参数!B:H,3,FALSE),\"\")","v":""},"",1]
[7233,{"$nulls":6},{"$f":"IFERROR(VLOOKUP(C7234,参数!$B:$H,2,0),\"\")","v":""},{"$f":"IFERROR(VLOOKUP(C7234,参数!$B:$H,4,0),\"\")","v":""},{"$f":"IFERROR(VLOOKUP(C7234,参数!B:H,3,FALSE),\"\")","v":""},"",{"$f":"VALUE(MONTH(B7234))","v":1}]
[7234,{"$nulls":6},{"$f":"IFERROR(VLOOKUP(C7235,参数!$B:$H,2,0),\"\")","v":""},{"$f":"IFERROR(VLOOKUP(C7235,参数!$B:$H,4,0),\"\")","v":""},{"$f":"IFERROR(VLOOKUP(C7235,参数!B:H,3,FALSE),\"\")","v":""},"",1]
[7235,{"$nulls":6},{"$f":"IFERROR(VLOOKUP(C7236,参数!$B:$H,2,0),\"\")","v":""},{"$f":"IFERROR(VLOOKUP(C7236,参数!$B:$H,4,0),\"\")","v":""},{"$f":"IFERROR(VLOOKUP(C7236,参数!B:H,3,FALSE),\"\")","v":""},"",1]
[7236,{"$nulls":6},{"$f":"IFERROR(VLOOKUP(C7237,参数!$B:$H,2,0),\"\")","v":""},{"$f":"IFERROR(VLOOKUP(C7237,参数!$B:$H,4,0),\"\")","v":""},{"$f":"IFERROR(VLOOKUP(C7237,参数!B:H,3,FALSE),\"\")","v":""},"",1]
[7237,{"$nulls":6},{"$f":"IFERROR(VLOOKUP(C7238,参数!$B:$H,2,0),\"\")","v":""},{"$f":"IFERROR(VLOOKUP(C7238,参数!$B:$H,4,0),\"\")","v":""},{"$f":"IFERROR(VLOOKUP(C7238,参数!B:H,3,FALSE),\"\")","v":""},"",1]
[7238,{"$nulls":6},{"$f":"IFERROR(VLOOKUP(C7239,参数!$B:$H,2,0),\"\")","v":""},{"$f":"IFERROR(VLOOKUP(C7239,参数!$B:$H,4,0),\"\")","v":""},{"$f":"IFERROR(VLOOKUP(C7239,参数!B:H,3,FALSE),\"\")","v":""},"",1]
[7239,{"$nulls":6},{"$f":"IFERROR(VLOOKUP(C7240,参数!$B:$H,2,0),\"\")","v":""},{"$f":"IFERROR(VLOOKUP(C7240,参数!$B:$H,4,0),\"\")","v":""},{"$f":"IFERROR(VLOOKUP(C7240,参数!B:H,3,FALSE),\"\")","v":""},"",1]
[7240,{"$nulls":6},{"$f":"IFERROR(VLOOKUP(C7241,参数!$B:$H,2,0),\"\")","v":""},{"$f":"IFERROR(VLOOKUP(C7241,参数!$B:$H,4,0),\"\")","v":""},{"$f":"IFERROR(VLOOKUP(C7241,参数!B:H,3,FALSE),\"\")","v":""},"",1]
[7241,{"$nulls":6},{"$f":"IFERROR(VLOOKUP(C7242,参数!$B:$H,2,0),\"\")","v":""},{"$f":"IFERROR(VLOOKUP(C7242,参数!$B:$H,4,0),\"\")","v":""},{"$f":"IFERROR(VLOOKUP(C7242,参数!B:H,3,FALSE),\"\")","v":""},"",1]
[7242,{"$nulls":6},{"$f":"IFERROR(VLOOKUP(C7243,参数!$B:$H,2,0),\"\")","v":""},{"$f":"IFERROR(VLOOKUP(C7243,参数!$B:$H,4,0),\"\")","v":""},{"$f":"IFERROR(VLOOKUP(C7243,参数!B:H,3,FALSE),\"\")","v":""},"",1]
[7243,{"$nulls":6},{"$f":"IFERROR(VLOOKUP(C7244,参数!$B:$H,2,0),\"\")","v":""},{"$f":"IFERROR(VLOOKUP(C7244,参数!$B:$H,4,0),\"\")","v":""},{"$f":"IFERROR(VLOOKUP(C7244,参数!B:H,3,FALSE),\"\")","v":""},"",1]
[7244,{"$nulls":6},{"$f":"IFERROR(VLOOKUP(C7245,参数!$B:$H,2,0),\"\")","v":""},{"$f":"IFERROR(VLOOKUP(C7245,参数!$B:$H,4,0),\"\")","v":""},{"$f":"IFERROR(VLOOKUP(C7245,参数!B:H,3,FALSE),\"\")","v":""},"",1]
[7245,{"$nulls":6},{"$f":"IFERROR(VLOOKUP(C7246,参数!$B:$H,2,0),\"\")","v":""},{"$f":"IFERROR(VLOOKUP(C7246,参数!$B:$H,4,0),\"\")","v":""},{"$f":"IFERROR(VLOOKUP(C7246,参数!B:H,3,FALSE),\"\")","v":""},"",1]
[7246,{"$nulls":6},{"$f":"IFERROR(VLOOKUP(C7247,参数!$B:$H,2,0),\"\")","v":""},{"$f":"IFERROR(VLOOKUP(C7247,参数!$B:$H,4,0),\"\")","v":""},{"$f":"IFERROR(VLOOKUP(C7247,参数!B:H,3,FALSE),\"\")","v":""},"",1]
[7247,{"$nulls":6},{"$f":"IFERROR(VLOOKUP(C7248,参数!$B:$H,2,0),\"\")","v":""},{"$f":"IFERROR(VLOOKUP(C7248,参数!$B:$H,4,0),\"\")","v":""},{"$f":"IFERROR(VLOOKUP(C7248,参数!B:H,3,FALSE),\"\")","v":""},"",1]
[7248,{"$nulls":6},{"$f":"IFERROR(VLOOKUP(C7249,参数!$B:$H,2,0),\"\")","v":""},{"$f":"IFERROR(VLOOKUP(C7249,参数!$B:$H,4,0),\"\")","v":""},{"$f":"IFERROR(VLOOKUP(C7249,参数!B:H,3,FALSE),\"\")","v":""},"",1]
[7249,{"$nulls":6},{"$f":"IFERROR(VLOOKUP(C7250,参数!$B:$H,2,0),\"\")","v":""},{"$f":"IFERROR(VLOOKUP(C7250,参数!$B:$H,4,0),\"\")","v":""},{"$f":"IFERROR(VLOOKUP(C7250,参数!B:H,3,FALSE),\"\")","v":""},"",1]
[7250,{"$nulls":6},{"$f":"IFERROR(VLOOKUP(C7251,参数!$B:$H,2,0),\"\")","v":""},{"$f":"IFERROR(VLOOKUP(C7251,参数!$B:$H,4,0),\"\")","v":""},{"$f":"IFERROR(VLOOKUP(C7251,参数!B:H,3,FALSE),\"\")","v":""},"",1]
[7251,{"$nulls":6},{"$f":"IFERROR(VLOOKUP(C7252,参数!$B:$H,2,0),\"\")","v":""},{"$f":"IFERROR(VLOOKUP(C7252,参数!$B:$H,4,0),\"\")","v":""},{"$f":"IFERROR(VLOOKUP(C7252,参数!B:H,3,FALSE),\"\")","v":""},"",1]
[7252,{"$nulls":6},{"$f":"IFERROR(VLOOKUP(C7253,参数!$B:$H,2,0),\"\")","v":""},{"$f":"IFERROR(VLOOKUP(C7253,参数!$B:$H,4,0),\"\")","v":""},{"$f":"IFERROR(VLOOKUP(C7253,参数!B:H,3,FALSE),\"\")","v":""},"",1]
[7253,{"$nulls":6},{"$f":"IFERROR(VLOOKUP(C7254,参数!$B:$H,2,0),\"\")","v":""},{"$f":"IFERROR(VLOOKUP(C7254,参数!$B:$H,4,0),\"\")","v":""},{"$f":"IFERROR(VLOOKUP(C7254,参数!B:H,3,FALSE),\"\")","v":""},"",1]
[7254,{"$nulls":6},{"$f":"IFERROR(VLOOKUP(C7255,参数!$B:$H,2,0),\"\")","v":""},{"$f":"IFERROR(VLOOKUP(C7255,参数!$B:$H,4,0),\"\")","v":""},{"$f":"IFERROR(VLOOKUP(C7255,参数!B:H,3,FALSE),\"\")","v":""},"",1]
[7255,{"$nulls":6},{"$f":"IFERROR(VLOOKUP(C7256,参数!$B:$H,2,0),\"\")","v":""},{"$f":"IFERROR(VLOOKUP(C7256,参数!$B:$H,4,0),\"\")","v":""},{"$f":"IFERROR(VLOOKUP(C7256,参数!B:H,3,FALSE),\"\")","v":""},"",1]
[7256,{"$nulls":6},{"$f":"IFERROR(VLOOKUP(C7257,参数!$B:$H,2,0),\"\")","v":""},{"$f":"IFERROR(VLOOKUP(C7257,参数!$B:$H,4,0),\"\")","v":""},{"$f":"IFERROR(VLOOKUP(C7257,参数!B:H,3,FALSE),\"\")","v":""},"",1]
[7257,{"$nulls":6},{"$f":"IFERROR(VLOOKUP(C7258,参数!$B:$H,2,0),\"\")","v":""},{"$f":"IFERROR(VLOOKUP(C7258,参数!$B:$H,4,0),\"\")","v":""},{"$f":"IFERROR(VLOOKUP(C7258,参数!B:H,3,FALSE),\"\")","v":""},"",1]
[7258,{"$nulls":6},{"$f":"IFERROR(VLOOKUP(C7259,参数!$B:$H,2,0),\"\")","v":""},{"$f":"IFERROR(VLOOKUP(C7259,参数!$B:$H,4,0),\"\")","v":""},{"$f":"IFERROR(VLOOKUP(C7259,参数!B:H,3,FALSE),\"\")","v":""},"",1]
[7259,{"$nulls":6},{"$f":"IFERROR(VLOOKUP(C7260,参数!$B:$H,2,0),\"\")","v":""},{"$f":"IFERROR(VLOOKUP(C7260,参数!$B:$H,4,0),\"\")","v":""},{"$f":"IFERROR(VLOOKUP(C7260,参数!B:H,3,FALSE),\"\")","v":""},"",1]
[7260,{"$nulls":6},{"$f":"IFERROR(VLOOKUP(C7261,参数!$B:$H,2,0),\"\")","v":""},{"$f":"IFERROR(VLOOKUP(C7261,参数!$B:$H,4,0),\"\")","v":""},{"$f":"IFERROR(VLOOKUP(C7261,参数!B:H,3,FALSE),\"\")","v":""},"",1]
[7261,{"$nulls":6},{"$f":"IFERROR(VLOOKUP(C7262,参数!$B:$H,2,0),\"\")","v":""},{"$f":"IFERROR(VLOOKUP(C7262,参数!$B:$H,4,0),\"\")","v":""},{"$f":"IFERROR(VLOOKUP(C7262,参数!B:H,3,FALSE),\"\")","v":""},"",1]
[7262,{"$nulls":6},{"$f":"IFERROR(VLOOKUP(C7263,参数!$B:$H,2,0),\"\")","v":""},{"$f":"IFERROR(VLOOKUP(C7263,参数!$B:$H,4,0),\"\")","v":""},{"$f":"IFERROR(VLOOKUP(C7263,参数!B:H,3,FALSE),\"\")","v":""},"",1]
[7263,{"$nulls":6},{"$f":"IFERROR(VLOOKUP(C7264,参数!$B:$H,2,0),\"\")","v":""},{"$f":"IFERROR(VLOOKUP(C7264,参数!$B:$H,4,0),\"\")","v":""},{"$f":"IFERROR(VLOOKUP(C7264,参数!B:H,3,FALSE),\"\")","v":""},"",1]
[7264,{"$nulls":6},{"$f":"IFERROR(VLOOKUP(C7265,参数!$B:$H,2,0),\"\")","v":""},{"$f":"IFERROR(VLOOKUP(C7265,参数!$B:$H,4,0),\"\")","v":""},{"$f":"IFERROR(VLOOKUP(C7265,参数!B:H,3,FALSE),\"\")","v":""},"",1]
[7265,{"$nulls":6},{"$f":"IFERROR(VLOOKUP(C7266,参数!$B:$H,2,0),\"\")","v":""},{"$f":"IFERROR(VLOOKUP(C7266,参数!$B:$H,4,0),\"\")","v":""},{"$f":"IFERROR(VLOOKUP(C7266,参数!B:H,3,FALSE),\"\")","v":""},"",1]
[7266,{"$nulls":6},{"$f":"IFERROR(VLOOKUP(C7267,参数!$B:$H,2,0),\"\")","v":""},{"$f":"IFERROR(VLOOKUP(C7267,参数!$B:$H,4,0),\"\")","v":""},{"$f":"IFERROR(VLOOKUP(C7267,参数!B:H,3,FALSE),\"\")","v":""},"",1]
[7267,{"$nulls":6},{"$f":"IFERROR(VLOOKUP(C7268,参数!$B:$H,2,0),\"\")","v":""},{"$f":"IFERROR(VLOOKUP(C7268,参数!$B:$H,4,0),\"\")","v":""},{"$f":"IFERROR(VLOOKUP(C7268,参数!B:H,3,FALSE),\"\")","v":""},"",1]
[7268,{"$nulls":6},{"$f":"IFERROR(VLOOKUP(C7269,参数!$B:$H,2,0),\"\")","v":""},{"$f":"IFERROR(VLOOKUP(C7269,参数!$B:$H,4,0),\"\")","v":""},{"$f":"IFERROR(VLOOKUP(C7269,参数!B:H,3,FALSE),\"\")","v":""},{"$f":"IFERROR(J7269*E7269,\"\")","v":""},1]
[7269,{"$nulls":6},{"$f":"IFERROR(VLOOKUP(C7270,参数!$B:$H,2,0),\"\")","v":""},{"$f":"IFERROR(VLOOKUP(C7270,参数!$B:$H,4,0),\"\")","v":""},{"$f":"IFERROR(VLOOKUP(C7270,参数!B:H,3,FALSE),\"\")","v":""},"",1]
[7270,{"$nulls":6},{"$f":"IFERROR(VLOOKUP(C7271,参数!$B:$H,2,0),\"\")","v":""},{"$f":"IFERROR(VLOOKUP(C7271,参数!$B:$H,4,0),\"\")","v":""},{"$f":"IFERROR(VLOOKUP(C7271,参数!B:H,3,FALSE),\"\")","v":""},"",1]
[7271,{"$nulls":6},{"$f":"IFERROR(VLOOKUP(C7272,参数!$B:$H,2,0),\"\")","v":""},{"$f":"IFERROR(VLOOKUP(C7272,参数!$B:$H,4,0),\"\")","v":""},{"$f":"IFERROR(VLOOKUP(C7272,参数!B:H,3,FALSE),\"\")","v":""},"",1]
[7272,{"$nulls":6},{"$f":"IFERROR(VLOOKUP(C7273,参数!$B:$H,2,0),\"\")","v":""},{"$f":"IFERROR(VLOOKUP(C7273,参数!$B:$H,4,0),\"\")","v":""},{"$f":"IFERROR(VLOOKUP(C7273,参数!B:H,3,FALSE),\"\")","v":""},"",1]
[7273,{"$nulls":6},{"$f":"IFERROR(VLOOKUP(C7274,参数!$B:$H,2,0),\"\")","v":""},{"$f":"IFERROR(VLOOKUP(C7274,参数!$B:$H,4,0),\"\")","v":""},{"$f":"IFERROR(VLOOKUP(C7274,参数!B:H,3,FALSE),\"\")","v":""},"",1]
[7274,{"$nulls":6},{"$f":"IFERROR(VLOOKUP(C7275,参数!$B:$H,2,0),\"\")","v":""},{"$f":"IFERROR(VLOOKUP(C7275,参数!$B:$H,4,0),\"\")","v":""},{"$f":"IFERROR(VLOOKUP(C7275,参数!B:H,3,FALSE),\"\")","v":""},"",1]
[7275,{"$nulls":6},{"$f":"IFERROR(VLOOKUP(C7276,参数!$B:$H,2,0),\"\")","v":""},{"$f":"IFERROR(VLOOKUP(C7276,参数!$B:$H,4,0),\"\")","v":""},{"$f":"IFERROR(VLOOKUP(C7276,参数!B:H,3,FALSE),\"\")","v":""},"",1]
[7276,{"$nulls":6},{"$f":"IFERROR(VLOOKUP(C7277,参数!$B:$H,2,0),\"\")","v":""},{"$f":"IFERROR(VLOOKUP(C7277,参数!$B:$H,4,0),\"\")","v":""},{"$f":"IFERROR(VLOOKUP(C7277,参数!B:H,3,FALSE),\"\")","v":""},"",1]
[7277,{"$nulls":6},{"$f":"IFERROR(VLOOKUP(C7278,参数!$B:$H,2,0),\"\")","v":""},{"$f":"IFERROR(VLOOKUP(C7278,参数!$B:$H,4,0),\"\")","v":""},{"$f":"IFERROR(VLOOKUP(C7278,参数!B:H,3,FALSE),\"\")","v":""},"",1]
[7278,{"$nulls":6},{"$f":"IFERROR(VLOOKUP(C7279,参数!$B:$H,2,0),\"\")","v":""},{"$f":"IFERROR(VLOOKUP(C7279,参数!$B:$H,4,0),\"\")","v":""},{"$f":"IFERROR(VLOOKUP(C7279,参数!B:H,3,FALSE),\"\")","v":""},"",1]
[7279,{"$nulls":6},{"$f":"IFERROR(VLOOKUP(C7280,参数!$B:$H,2,0),\"\")","v":""},{"$f":"IFERROR(VLOOKUP(C7280,参数!$B:$H,4,0),\"\")","v":""},{"$f":"IFERROR(VLOOKUP(C7280,参数!B:H,3,FALSE),\"\")","v":""},"",1]
[7280,{"$nulls":6},{"$f":"IFERROR(VLOOKUP(C7281,参数!$B:$H,2,0),\"\")","v":""},{"$f":"IFERROR(VLOOKUP(C7281,参数!$B:$H,4,0),\"\")","v":""},{"$f":"IFERROR(VLOOKUP(C7281,参数!B:H,3,FALSE),\"\")","v":""},"",1]
[7281,{"$nulls":6},{"$f":"IFERROR(VLOOKUP(C7282,参数!$B:$H,2,0),\"\")","v":""},{"$f":"IFERROR(VLOOKUP(C7282,参数!$B:$H,4,0),\"\")","v":""},{"$f":"IFERROR(VLOOKUP(C7282,参数!B:H,3,FALSE),\"\")","v":""},"",1]
[7282,{"$nulls":6},{"$f":"IFERROR(VLOOKUP(C7283,参数!$B:$H,2,0),\"\")","v":""},{"$f":"IFERROR(VLOOKUP(C7283,参数!$B:$H,4,0),\"\")","v":""},{"$f":"IFERROR(VLOOKUP(C7283,参数!B:H,3,FALSE),\"\")","v":""},"",1]
[7283,{"$nulls":6},{"$f":"IFERROR(VLOOKUP(C7284,参数!$B:$H,2,0),\"\")","v":""},{"$f":"IFERROR(VLOOKUP(C7284,参数!$B:$H,4,0),\"\")","v":""},{"$f":"IFERROR(VLOOKUP(C7284,参数!B:H,3,FALSE),\"\")","v":""},"",1]
[7284,{"$nulls":6},{"$f":"IFERROR(VLOOKUP(C7285,参数!$B:$H,2,0),\"\")","v":""},{"$f":"IFERROR(VLOOKUP(C7285,参数!$B:$H,4,0),\"\")","v":""},{"$f":"IFERROR(VLOOKUP(C7285,参数!B:H,3,FALSE),\"\")","v":""},"",1]
[7285,{"$nulls":6},{"$f":"IFERROR(VLOOKUP(C7286,参数!$B:$H,2,0),\"\")","v":""},{"$f":"IFERROR(VLOOKUP(C7286,参数!$B:$H,4,0),\"\")","v":""},{"$f":"IFERROR(VLOOKUP(C7286,参数!B:H,3,FALSE),\"\")","v":""},"",1]
[7286,{"$nulls":6},{"$f":"IFERROR(VLOOKUP(C7287,参数!$B:$H,2,0),\"\")","v":""},{"$f":"IFERROR(VLOOKUP(C7287,参数!$B:$H,4,0),\"\")","v":""},{"$f":"IFERROR(VLOOKUP(C7287,参数!B:H,3,FALSE),\"\")","v":""},"",1]
[7287,{"$nulls":6},{"$f":"IFERROR(VLOOKUP(C7288,参数!$B:$H,2,0),\"\")","v":""},{"$f":"IFERROR(VLOOKUP(C7288,参数!$B:$H,4,0),\"\")","v":""},{"$f":"IFERROR(VLOOKUP(C7288,参数!B:H,3,FALSE),\"\")","v":""},"",1]
[7288,{"$nulls":6},{"$f":"IFERROR(VLOOKUP(C7289,参数!$B:$H,2,0),\"\")","v":""},{"$f":"IFERROR(VLOOKUP(C7289,参数!$B:$H,4,0),\"\")","v":""},{"$f":"IFERROR(VLOOKUP(C7289,参数!B:H,3,FALSE),\"\")","v":""},"",1]
[7289,{"$nulls":6},{"$f":"IFERROR(VLOOKUP(C7290,参数!$B:$H,2,0),\"\")","v":""},{"$f":"IFERROR(VLOOKUP(C7290,参数!$B:$H,4,0),\"\")","v":""},{"$f":"IFERROR(VLOOKUP(C7290,参数!B:H,3,FALSE),\"\")","v":""},"",1]
[7290,{"$nulls":6},{"$f":"IFERROR(VLOOKUP(C7291,参数!$B:$H,2,0),\"\")","v":""},{"$f":"IFERROR(VLOOKUP(C7291,参数!$B:$H,4,0),\"\")","v":""},{"$f":"IFERROR(VLOOKUP(C7291,参数!B:H,3,FALSE),\"\")","v":""},"",1]
[7291,{"$nulls":6},{"$f":"IFERROR(VLOOKUP(C7292,参数!$B:$H,2,0),\"\")","v":""},{"$f":"IFERROR(VLOOKUP(C7292,参数!$B:$H,4,0),\"\")","v":""},{"$f":"IFERROR(VLOOKUP(C7292,参数!B:H,3,FALSE),\"\")","v":""},"",1]
[7292,{"$nulls":6},{"$f":"IFERROR(VLOOKUP(C7293,参数!$B:$H,2,0),\"\")","v":""},{"$f":"IFERROR(VLOOKUP(C7293,参数!$B:$H,4,0),\"\")","v":""},{"$f":"IFERROR(VLOOKUP(C7293,参数!B:H,3,FALSE),\"\")","v":""},"",1]
[7293,{"$nulls":6},{"$f":"IFERROR(VLOOKUP(C7294,参数!$B:$H,2,0),\"\")","v":""},{"$f":"IFERROR(VLOOKUP(C7294,参数!$B:$H,4,0),\"\")","v":""},{"$f":"IFERROR(VLOOKUP(C7294,参数!B:H,3,FALSE),\"\")","v":""},"",1]
[7294,{"$nulls":6},{"$f":"IFERROR(VLOOKUP(C7295,参数!$B:$H,2,0),\"\")","v":""},{"$f":"IFERROR(VLOOKUP(C7295,参数!$B:$H,4,0),\"\")","v":""},{"$f":"IFERROR(VLOOKUP(C7295,参数!B:H,3,FALSE),\"\")","v":""},"",1]
[7295,{"$nulls":6},{"$f":"IFERROR(VLOOKUP(C7296,参数!$B:$H,2,0),\"\")","v":""},{"$f":"IFERROR(VLOOKUP(C7296,参数!$B:$H,4,0),\"\")","v":""},{"$f":"IFERROR(VLOOKUP(C7296,参数!B:H,3,FALSE),\"\")","v":""},"",1]
[7296,{"$nulls":6},{"$f":"IFERROR(VLOOKUP(C7297,参数!$B:$H,2,0),\"\")","v":""},{"$f":"IFERROR(VLOOKUP(C7297,参数!$B:$H,4,0),\"\")","v":""},{"$f":"IFERROR(VLOOKUP(C7297,参数!B:H,3,FALSE),\"\")","v":""},"",1]
[7297,{"$nulls":6},{"$f":"IFERROR(VLOOKUP(C7298,参数!$B:$H,2,0),\"\")","v":""},{"$f":"IFERROR(VLOOKUP(C7298,参数!$B:$H,4,0),\"\")","v":""},{"$f":"IFERROR(VLOOKUP(C7298,参数!B:H,3,FALSE),\"\")","v":""},"",{"$f":"VALUE(MONTH(B7298))","v":1}]
[7298,{"$nulls":6},{"$f":"IFERROR(VLOOKUP(C7299,参数!$B:$H,2,0),\"\")","v":""},{"$f":"IFERROR(VLOOKUP(C7299,参数!$B:$H,4,0),\"\")","v":""},{"$f":"IFERROR(VLOOKUP(C7299,参数!B:H,3,FALSE),\"\")","v":""},"",1]
[7299,{"$nulls":6},{"$f":"IFERROR(VLOOKUP(C7300,参数!$B:$H,2,0),\"\")","v":""},{"$f":"IFERROR(VLOOKUP(C7300,参数!$B:$H,4,0),\"\")","v":""},{"$f":"IFERROR(VLOOKUP(C7300,参数!B:H,3,FALSE),\"\")","v":""},"",1]
[7300,{"$nulls":6},{"$f":"IFERROR(VLOOKUP(C7301,参数!$B:$H,2,0),\"\")","v":""},{"$f":"IFERROR(VLOOKUP(C7301,参数!$B:$H,4,0),\"\")","v":""},{"$f":"IFERROR(VLOOKUP(C7301,参数!B:H,3,FALSE),\"\")","v":""},"",1]
[7301,{"$nulls":6},{"$f":"IFERROR(VLOOKUP(C7302,参数!$B:$H,2,0),\"\")","v":""},{"$f":"IFERROR(VLOOKUP(C7302,参数!$B:$H,4,0),\"\")","v":""},{"$f":"IFERROR(VLOOKUP(C7302,参数!B:H,3,FALSE),\"\")","v":""},"",1]
[7302,{"$nulls":6},{"$f":"IFERROR(VLOOKUP(C7303,参数!$B:$H,2,0),\"\")","v":""},{"$f":"IFERROR(VLOOKUP(C7303,参数!$B:$H,4,0),\"\")","v":""},{"$f":"IFERROR(VLOOKUP(C7303,参数!B:H,3,FALSE),\"\")","v":""},"",1]
[7303,{"$nulls":6},{"$f":"IFERROR(VLOOKUP(C7304,参数!$B:$H,2,0),\"\")","v":""},{"$f":"IFERROR(VLOOKUP(C7304,参数!$B:$H,4,0),\"\")","v":""},{"$f":"IFERROR(VLOOKUP(C7304,参数!B:H,3,FALSE),\"\")","v":""},"",1]
[7304,{"$nulls":6},{"$f":"IFERROR(VLOOKUP(C7305,参数!$B:$H,2,0),\"\")","v":""},{"$f":"IFERROR(VLOOKUP(C7305,参数!$B:$H,4,0),\"\")","v":""},{"$f":"IFERROR(VLOOKUP(C7305,参数!B:H,3,FALSE),\"\")","v":""},"",1]
[7305,{"$nulls":6},{"$f":"IFERROR(VLOOKUP(C7306,参数!$B:$H,2,0),\"\")","v":""},{"$f":"IFERROR(VLOOKUP(C7306,参数!$B:$H,4,0),\"\")","v":""},{"$f":"IFERROR(VLOOKUP(C7306,参数!B:H,3,FALSE),\"\")","v":""},"",1]
[7306,{"$nulls":6},{"$f":"IFERROR(VLOOKUP(C7307,参数!$B:$H,2,0),\"\")","v":""},{"$f":"IFERROR(VLOOKUP(C7307,参数!$B:$H,4,0),\"\")","v":""},{"$f":"IFERROR(VLOOKUP(C7307,参数!B:H,3,FALSE),\"\")","v":""},"",1]
[7307,{"$nulls":6},{"$f":"IFERROR(VLOOKUP(C7308,参数!$B:$H,2,0),\"\")","v":""},{"$f":"IFERROR(VLOOKUP(C7308,参数!$B:$H,4,0),\"\")","v":""},{"$f":"IFERROR(VLOOKUP(C7308,参数!B:H,3,FALSE),\"\")","v":""},"",1]
[7308,{"$nulls":6},{"$f":"IFERROR(VLOOKUP(C7309,参数!$B:$H,2,0),\"\")","v":""},{"$f":"IFERROR(VLOOKUP(C7309,参数!$B:$H,4,0),\"\")","v":""},{"$f":"IFERROR(VLOOKUP(C7309,参数!B:H,3,FALSE),\"\")","v":""},"",1]
[7309,{"$nulls":6},{"$f":"IFERROR(VLOOKUP(C7310,参数!$B:$H,2,0),\"\")","v":""},{"$f":"IFERROR(VLOOKUP(C7310,参数!$B:$H,4,0),\"\")","v":""},{"$f":"IFERROR(VLOOKUP(C7310,参数!B:H,3,FALSE),\"\")","v":""},"",1]
[7310,{"$nulls":6},{"$f":"IFERROR(VLOOKUP(C7311,参数!$B:$H,2,0),\"\")","v":""},{"$f":"IFERROR(VLOOKUP(C7311,参数!$B:$H,4,0),\"\")","v":""},{"$f":"IFERROR(VLOOKUP(C7311,参数!B:H,3,FALSE),\"\")","v":""},"",1]
[7311,{"$nulls":6},{"$f":"IFERROR(VLOOKUP(C7312,参数!$B:$H,2,0),\"\")","v":""},{"$f":"IFERROR(VLOOKUP(C7312,参数!$B:$H,4,0),\"\")","v":""},{"$f":"IFERROR(VLOOKUP(C7312,参数!B:H,3,FALSE),\"\")","v":""},"",1]
[7312,{"$nulls":6},{"$f":"IFERROR(VLOOKUP(C7313,参数!$B:$H,2,0),\"\")","v":""},{"$f":"IFERROR(VLOOKUP(C7313,参数!$B:$H,4,0),\"\")","v":""},{"$f":"IFERROR(VLOOKUP(C7313,参数!B:H,3,FALSE),\"\")","v":""},"",1]
[7313,{"$nulls":6},{"$f":"IFERROR(VLOOKUP(C7314,参数!$B:$H,2,0),\"\")","v":""},{"$f":"IFERROR(VLOOKUP(C7314,参数!$B:$H,4,0),\"\")","v":""},{"$f":"IFERROR(VLOOKUP(C7314,参数!B:H,3,FALSE),\"\")","v":""},"",1]
[7314,{"$nulls":6},{"$f":"IFERROR(VLOOKUP(C7315,参数!$B:$H,2,0),\"\")","v":""},{"$f":"IFERROR(VLOOKUP(C7315,参数!$B:$H,4,0),\"\")","v":""},{"$f":"IFERROR(VLOOKUP(C7315,参数!B:H,3,FALSE),\"\")","v":""},"",1]
[7315,{"$nulls":6},{"$f":"IFERROR(VLOOKUP(C7316,参数!$B:$H,2,0),\"\")","v":""},{"$f":"IFERROR(VLOOKUP(C7316,参数!$B:$H,4,0),\"\")","v":""},{"$f":"IFERROR(VLOOKUP(C7316,参数!B:H,3,FALSE),\"\")","v":""},"",1]
[7316,{"$nulls":6},{"$f":"IFERROR(VLOOKUP(C7317,参数!$B:$H,2,0),\"\")","v":""},{"$f":"IFERROR(VLOOKUP(C7317,参数!$B:$H,4,0),\"\")","v":""},{"$f":"IFERROR(VLOOKUP(C7317,参数!B:H,3,FALSE),\"\")","v":""},"",1]
[7317,{"$nulls":6},{"$f":"IFERROR(VLOOKUP(C7318,参数!$B:$H,2,0),\"\")","v":""},{"$f":"IFERROR(VLOOKUP(C7318,参数!$B:$H,4,0),\"\")","v":""},{"$f":"IFERROR(VLOOKUP(C7318,参数!B:H,3,FALSE),\"\")","v":""},"",1]
[7318,{"$nulls":6},{"$f":"IFERROR(VLOOKUP(C7319,参数!$B:$H,2,0),\"\")","v":""},{"$f":"IFERROR(VLOOKUP(C7319,参数!$B:$H,4,0),\"\")","v":""},{"$f":"IFERROR(VLOOKUP(C7319,参数!B:H,3,FALSE),\"\")","v":""},"",1]
[7319,{"$nulls":6},{"$f":"IFERROR(VLOOKUP(C7320,参数!$B:$H,2,0),\"\")","v":""},{"$f":"IFERROR(VLOOKUP(C7320,参数!$B:$H,4,0),\"\")","v":""},{"$f":"IFERROR(VLOOKUP(C7320,参数!B:H,3,FALSE),\"\")","v":""},"",1]
[7320,{"$nulls":6},{"$f":"IFERROR(VLOOKUP(C7321,参数!$B:$H,2,0),\"\")","v":""},{"$f":"IFERROR(VLOOKUP(C7321,参数!$B:$H,4,0),\"\")","v":""},{"$f":"IFERROR(VLOOKUP(C7321,参数!B:H,3,FALSE),\"\")","v":""},"",1]
[7321,{"$nulls":6},{"$f":"IFERROR(VLOOKUP(C7322,参数!$B:$H,2,0),\"\")","v":""},{"$f":"IFERROR(VLOOKUP(C7322,参数!$B:$H,4,0),\"\")","v":""},{"$f":"IFERROR(VLOOKUP(C7322,参数!B:H,3,FALSE),\"\")","v":""},"",1]
[7322,{"$nulls":6},{"$f":"IFERROR(VLOOKUP(C7323,参数!$B:$H,2,0),\"\")","v":""},{"$f":"IFERROR(VLOOKUP(C7323,参数!$B:$H,4,0),\"\")","v":""},{"$f":"IFERROR(VLOOKUP(C7323,参数!B:H,3,FALSE),\"\")","v":""},"",1]
[7323,{"$nulls":6},{"$f":"IFERROR(VLOOKUP(C7324,参数!$B:$H,2,0),\"\")","v":""},{"$f":"IFERROR(VLOOKUP(C7324,参数!$B:$H,4,0),\"\")","v":""},{"$f":"IFERROR(VLOOKUP(C7324,参数!B:H,3,FALSE),\"\")","v":""},"",1]
[7324,{"$nulls":6},{"$f":"IFERROR(VLOOKUP(C7325,参数!$B:$H,2,0),\"\")","v":""},{"$f":"IFERROR(VLOOKUP(C7325,参数!$B:$H,4,0),\"\")","v":""},{"$f":"IFERROR(VLOOKUP(C7325,参数!B:H,3,FALSE),\"\")","v":""},"",1]
[7325,{"$nulls":6},{"$f":"IFERROR(VLOOKUP(C7326,参数!$B:$H,2,0),\"\")","v":""},{"$f":"IFERROR(VLOOKUP(C7326,参数!$B:$H,4,0),\"\")","v":""},{"$f":"IFERROR(VLOOKUP(C7326,参数!B:H,3,FALSE),\"\")","v":""},"",1]
[7326,{"$nulls":6},{"$f":"IFERROR(VLOOKUP(C7327,参数!$B:$H,2,0),\"\")","v":""},{"$f":"IFERROR(VLOOKUP(C7327,参数!$B:$H,4,0),\"\")","v":""},{"$f":"IFERROR(VLOOKUP(C7327,参数!B:H,3,FALSE),\"\")","v":""},"",1]
[7327,{"$nulls":6},{"$f":"IFERROR(VLOOKUP(C7328,参数!$B:$H,2,0),\"\")","v":""},{"$f":"IFERROR(VLOOKUP(C7328,参数!$B:$H,4,0),\"\")","v":""},{"$f":"IFERROR(VLOOKUP(C7328,参数!B:H,3,FALSE),\"\")","v":""},"",1]
[7328,{"$nulls":6},{"$f":"IFERROR(VLOOKUP(C7329,参数!$B:$H,2,0),\"\")","v":""},{"$f":"IFERROR(VLOOKUP(C7329,参数!$B:$H,4,0),\"\")","v":""},{"$f":"IFERROR(VLOOKUP(C7329,参数!B:H,3,FALSE),\"\")","v":""},"",1]
[7329,{"$nulls":6},{"$f":"IFERROR(VLOOKUP(C7330,参数!$B:$H,2,0),\"\")","v":""},{"$f":"IFERROR(VLOOKUP(C7330,参数!$B:$H,4,0),\"\")","v":""},{"$f":"IFERROR(VLOOKUP(C7330,参数!B:H,3,FALSE),\"\")","v":""},"",1]
[7330,{"$nulls":6},{"$f":"IFERROR(VLOOKUP(C7331,参数!$B:$H,2,0),\"\")","v":""},{"$f":"IFERROR(VLOOKUP(C7331,参数!$B:$H,4,0),\"\")","v":""},{"$f":"IFERROR(VLOOKUP(C7331,参数!B:H,3,FALSE),\"\")","v":""},"",1]
[7331,{"$nulls":6},{"$f":"IFERROR(VLOOKUP(C7332,参数!$B:$H,2,0),\"\")","v":""},{"$f":"IFERROR(VLOOKUP(C7332,参数!$B:$H,4,0),\"\")","v":""},{"$f":"IFERROR(VLOOKUP(C7332,参数!B:H,3,FALSE),\"\")","v":""},"",1]
[7332,{"$nulls":6},{"$f":"IFERROR(VLOOKUP(C7333,参数!$B:$H,2,0),\"\")","v":""},{"$f":"IFERROR(VLOOKUP(C7333,参数!$B:$H,4,0),\"\")","v":""},{"$f":"IFERROR(VLOOKUP(C7333,参数!B:H,3,FALSE),\"\")","v":""},{"$f":"IFERROR(J7333*E7333,\"\")","v":""},1]
[7333,{"$nulls":6},{"$f":"IFERROR(VLOOKUP(C7334,参数!$B:$H,2,0),\"\")","v":""},{"$f":"IFERROR(VLOOKUP(C7334,参数!$B:$H,4,0),\"\")","v":""},{"$f":"IFERROR(VLOOKUP(C7334,参数!B:H,3,FALSE),\"\")","v":""},"",1]
[7334,{"$nulls":6},{"$f":"IFERROR(VLOOKUP(C7335,参数!$B:$H,2,0),\"\")","v":""},{"$f":"IFERROR(VLOOKUP(C7335,参数!$B:$H,4,0),\"\")","v":""},{"$f":"IFERROR(VLOOKUP(C7335,参数!B:H,3,FALSE),\"\")","v":""},"",1]
[7335,{"$nulls":6},{"$f":"IFERROR(VLOOKUP(C7336,参数!$B:$H,2,0),\"\")","v":""},{"$f":"IFERROR(VLOOKUP(C7336,参数!$B:$H,4,0),\"\")","v":""},{"$f":"IFERROR(VLOOKUP(C7336,参数!B:H,3,FALSE),\"\")","v":""},"",1]
[7336,{"$nulls":6},{"$f":"IFERROR(VLOOKUP(C7337,参数!$B:$H,2,0),\"\")","v":""},{"$f":"IFERROR(VLOOKUP(C7337,参数!$B:$H,4,0),\"\")","v":""},{"$f":"IFERROR(VLOOKUP(C7337,参数!B:H,3,FALSE),\"\")","v":""},"",1]
[7337,{"$nulls":6},{"$f":"IFERROR(VLOOKUP(C7338,参数!$B:$H,2,0),\"\")","v":""},{"$f":"IFERROR(VLOOKUP(C7338,参数!$B:$H,4,0),\"\")","v":""},{"$f":"IFERROR(VLOOKUP(C7338,参数!B:H,3,FALSE),\"\")","v":""},"",1]
[7338,{"$nulls":6},{"$f":"IFERROR(VLOOKUP(C7339,参数!$B:$H,2,0),\"\")","v":""},{"$f":"IFERROR(VLOOKUP(C7339,参数!$B:$H,4,0),\"\")","v":""},{"$f":"IFERROR(VLOOKUP(C7339,参数!B:H,3,FALSE),\"\")","v":""},"",1]
[7339,{"$nulls":6},{"$f":"IFERROR(VLOOKUP(C7340,参数!$B:$H,2,0),\"\")","v":""},{"$f":"IFERROR(VLOOKUP(C7340,参数!$B:$H,4,0),\"\")","v":""},{"$f":"IFERROR(VLOOKUP(C7340,参数!B:H,3,FALSE),\"\")","v":""},"",1]
[7340,{"$nulls":6},{"$f":"IFERROR(VLOOKUP(C7341,参数!$B:$H,2,0),\"\")","v":""},{"$f":"IFERROR(VLOOKUP(C7341,参数!$B:$H,4,0),\"\")","v":""},{"$f":"IFERROR(VLOOKUP(C7341,参数!B:H,3,FALSE),\"\")","v":""},"",1]
[7341,{"$nulls":6},{"$f":"IFERROR(VLOOKUP(C7342,参数!$B:$H,2,0),\"\")","v":""},{"$f":"IFERROR(VLOOKUP(C7342,参数!$B:$H,4,0),\"\")","v":""},{"$f":"IFERROR(VLOOKUP(C7342,参数!B:H,3,FALSE),\"\")","v":""},"",1]
[7342,{"$nulls":6},{"$f":"IFERROR(VLOOKUP(C7343,参数!$B:$H,2,0),\"\")","v":""},{"$f":"IFERROR(VLOOKUP(C7343,参数!$B:$H,4,0),\"\")","v":""},{"$f":"IFERROR(VLOOKUP(C7343,参数!B:H,3,FALSE),\"\")","v":""},"",1]
[7343,{"$nulls":6},{"$f":"IFERROR(VLOOKUP(C7344,参数!$B:$H,2,0),\"\")","v":""},{"$f":"IFERROR(VLOOKUP(C7344,参数!$B:$H,4,0),\"\")","v":""},{"$f":"IFERROR(VLOOKUP(C7344,参数!B:H,3,FALSE),\"\")","v":""},"",1]
[7344,{"$nulls":6},{"$f":"IFERROR(VLOOKUP(C7345,参数!$B:$H,2,0),\"\")","v":""},{"$f":"IFERROR(VLOOKUP(C7345,参数!$B:$H,4,0),\"\")","v":""},{"$f":"IFERROR(VLOOKUP(C7345,参数!B:H,3,FALSE),\"\")","v":""},"",1]
[7345,{"$nulls":6},{"$f":"IFERROR(VLOOKUP(C7346,参数!$B:$H,2,0),\"\")","v":""},{"$f":"IFERROR(VLOOKUP(C7346,参数!$B:$H,4,0),\"\")","v":""},{"$f":"IFERROR(VLOOKUP(C7346,参数!B:H,3,FALSE),\"\")","v":""},"",1]
[7346,{"$nulls":6},{"$f":"IFERROR(VLOOKUP(C7347,参数!$B:$H,2,0),\"\")","v":""},{"$f":"IFERROR(VLOOKUP(C7347,参数!$B:$H,4,0),\"\")","v":""},{"$f":"IFERROR(VLOOKUP(C7347,参数!B:H,3,FALSE),\"\")","v":""},"",1]
[7347,{"$nulls":6},{"$f":"IFERROR(VLOOKUP(C7348,参数!$B:$H,2,0),\"\")","v":""},{"$f":"IFERROR(VLOOKUP(C7348,参数!$B:$H,4,0),\"\")","v":""},{"$f":"IFERROR(VLOOKUP(C7348,参数!B:H,3,FALSE),\"\")","v":""},"",1]
[7348,{"$nulls":6},{"$f":"IFERROR(VLOOKUP(C7349,参数!$B:$H,2,0),\"\")","v":""},{"$f":"IFERROR(VLOOKUP(C7349,参数!$B:$H,4,0),\"\")","v":""},{"$f":"IFERROR(VLOOKUP(C7349,参数!B:H,3,FALSE),\"\")","v":""},"",1]
[7349,{"$nulls":6},{"$f":"IFERROR(VLOOKUP(C7350,参数!$B:$H,2,0),\"\")","v":""},{"$f":"IFERROR(VLOOKUP(C7350,参数!$B:$H,4,0),\"\")","v":""},{"$f":"IFERROR(VLOOKUP(C7350,参数!B:H,3,FALSE),\"\")","v":""},"",1]
[7350,{"$nulls":6},{"$f":"IFERROR(VLOOKUP(C7351,参数!$B:$H,2,0),\"\")","v":""},{"$f":"IFERROR(VLOOKUP(C7351,参数!$B:$H,4,0),\"\")","v":""},{"$f":"IFERROR(VLOOKUP(C7351,参数!B:H,3,FALSE),\"\")","v":""},"",1]
[7351,{"$nulls":6},{"$f":"IFERROR(VLOOKUP(C7352,参数!$B:$H,2,0),\"\")","v":""},{"$f":"IFERROR(VLOOKUP(C7352,参数!$B:$H,4,0),\"\")","v":""},{"$f":"IFERROR(VLOOKUP(C7352,参数!B:H,3,FALSE),\"\")","v":""},"",1]
[7352,{"$nulls":6},{"$f":"IFERROR(VLOOKUP(C7353,参数!$B:$H,2,0),\"\")","v":""},{"$f":"IFERROR(VLOOKUP(C7353,参数!$B:$H,4,0),\"\")","v":""},{"$f":"IFERROR(VLOOKUP(C7353,参数!B:H,3,FALSE),\"\")","v":""},"",1]
[7353,{"$nulls":6},{"$f":"IFERROR(VLOOKUP(C7354,参数!$B:$H,2,0),\"\")","v":""},{"$f":"IFERROR(VLOOKUP(C7354,参数!$B:$H,4,0),\"\")","v":""},{"$f":"IFERROR(VLOOKUP(C7354,参数!B:H,3,FALSE),\"\")","v":""},"",1]
[7354,{"$nulls":6},{"$f":"IFERROR(VLOOKUP(C7355,参数!$B:$H,2,0),\"\")","v":""},{"$f":"IFERROR(VLOOKUP(C7355,参数!$B:$H,4,0),\"\")","v":""},{"$f":"IFERROR(VLOOKUP(C7355,参数!B:H,3,FALSE),\"\")","v":""},"",1]
[7355,{"$nulls":6},{"$f":"IFERROR(VLOOKUP(C7356,参数!$B:$H,2,0),\"\")","v":""},{"$f":"IFERROR(VLOOKUP(C7356,参数!$B:$H,4,0),\"\")","v":""},{"$f":"IFERROR(VLOOKUP(C7356,参数!B:H,3,FALSE),\"\")","v":""},"",1]
[7356,{"$nulls":6},{"$f":"IFERROR(VLOOKUP(C7357,参数!$B:$H,2,0),\"\")","v":""},{"$f":"IFERROR(VLOOKUP(C7357,参数!$B:$H,4,0),\"\")","v":""},{"$f":"IFERROR(VLOOKUP(C7357,参数!B:H,3,FALSE),\"\")","v":""},"",1]
[7357,{"$nulls":6},{"$f":"IFERROR(VLOOKUP(C7358,参数!$B:$H,2,0),\"\")","v":""},{"$f":"IFERROR(VLOOKUP(C7358,参数!$B:$H,4,0),\"\")","v":""},{"$f":"IFERROR(VLOOKUP(C7358,参数!B:H,3,FALSE),\"\")","v":""},"",1]
[7358,{"$nulls":6},{"$f":"IFERROR(VLOOKUP(C7359,参数!$B:$H,2,0),\"\")","v":""},{"$f":"IFERROR(VLOOKUP(C7359,参数!$B:$H,4,0),\"\")","v":""},{"$f":"IFERROR(VLOOKUP(C7359,参数!B:H,3,FALSE),\"\")","v":""},"",1]
[7359,{"$nulls":6},{"$f":"IFERROR(VLOOKUP(C7360,参数!$B:$H,2,0),\"\")","v":""},{"$f":"IFERROR(VLOOKUP(C7360,参数!$B:$H,4,0),\"\")","v":""},{"$f":"IFERROR(VLOOKUP(C7360,参数!B:H,3,FALSE),\"\")","v":""},"",1]
[7360,{"$nulls":6},{"$f":"IFERROR(VLOOKUP(C7361,参数!$B:$H,2,0),\"\")","v":""},{"$f":"IFERROR(VLOOKUP(C7361,参数!$B:$H,4,0),\"\")","v":""},{"$f":"IFERROR(VLOOKUP(C7361,参数!B:H,3,FALSE),\"\")","v":""},"",1]
[7361,{"$nulls":6},{"$f":"IFERROR(VLOOKUP(C7362,参数!$B:$H,2,0),\"\")","v":""},{"$f":"IFERROR(VLOOKUP(C7362,参数!$B:$H,4,0),\"\")","v":""},{"$f":"IFERROR(VLOOKUP(C7362,参数!B:H,3,FALSE),\"\")","v":""},"",{"$f":"VALUE(MONTH(B7362))","v":1}]
[7362,{"$nulls":6},{"$f":"IFERROR(VLOOKUP(C7363,参数!$B:$H,2,0),\"\")","v":""},{"$f":"IFERROR(VLOOKUP(C7363,参数!$B:$H,4,0),\"\")","v":""},{"$f":"IFERROR(VLOOKUP(C7363,参数!B:H,3,FALSE),\"\")","v":""},"",1]
[7363,{"$nulls":6},{"$f":"IFERROR(VLOOKUP(C7364,参数!$B:$H,2,0),\"\")","v":""},{"$f":"IFERROR(VLOOKUP(C7364,参数!$B:$H,4,0),\"\")","v":""},{"$f":"IFERROR(VLOOKUP(C7364,参数!B:H,3,FALSE),\"\")","v":""},"",1]
[7364,{"$nulls":6},{"$f":"IFERROR(VLOOKUP(C7365,参数!$B:$H,2,0),\"\")","v":""},{"$f":"IFERROR(VLOOKUP(C7365,参数!$B:$H,4,0),\"\")","v":""},{"$f":"IFERROR(VLOOKUP(C7365,参数!B:H,3,FALSE),\"\")","v":""},"",1]
[7365,{"$nulls":6},{"$f":"IFERROR(VLOOKUP(C7366,参数!$B:$H,2,0),\"\")","v":""},{"$f":"IFERROR(VLOOKUP(C7366,参数!$B:$H,4,0),\"\")","v":""},{"$f":"IFERROR(VLOOKUP(C7366,参数!B:H,3,FALSE),\"\")","v":""},"",1]
[7366,{"$nulls":6},{"$f":"IFERROR(VLOOKUP(C7367,参数!$B:$H,2,0),\"\")","v":""},{"$f":"IFERROR(VLOOKUP(C7367,参数!$B:$H,4,0),\"\")","v":""},{"$f":"IFERROR(VLOOKUP(C7367,参数!B:H,3,FALSE),\"\")","v":""},"",1]
[7367,{"$nulls":6},{"$f":"IFERROR(VLOOKUP(C7368,参数!$B:$H,2,0),\"\")","v":""},{"$f":"IFERROR(VLOOKUP(C7368,参数!$B:$H,4,0),\"\")","v":""},{"$f":"IFERROR(VLOOKUP(C7368,参数!B:H,3,FALSE),\"\")","v":""},"",1]
[7368,{"$nulls":6},{"$f":"IFERROR(VLOOKUP(C7369,参数!$B:$H,2,0),\"\")","v":""},{"$f":"IFERROR(VLOOKUP(C7369,参数!$B:$H,4,0),\"\")","v":""},{"$f":"IFERROR(VLOOKUP(C7369,参数!B:H,3,FALSE),\"\")","v":""},"",1]
[7369,{"$nulls":6},{"$f":"IFERROR(VLOOKUP(C7370,参数!$B:$H,2,0),\"\")","v":""},{"$f":"IFERROR(VLOOKUP(C7370,参数!$B:$H,4,0),\"\")","v":""},{"$f":"IFERROR(VLOOKUP(C7370,参数!B:H,3,FALSE),\"\")","v":""},"",1]
[7370,{"$nulls":6},{"$f":"IFERROR(VLOOKUP(C7371,参数!$B:$H,2,0),\"\")","v":""},{"$f":"IFERROR(VLOOKUP(C7371,参数!$B:$H,4,0),\"\")","v":""},{"$f":"IFERROR(VLOOKUP(C7371,参数!B:H,3,FALSE),\"\")","v":""},"",1]
[7371,{"$nulls":6},{"$f":"IFERROR(VLOOKUP(C7372,参数!$B:$H,2,0),\"\")","v":""},{"$f":"IFERROR(VLOOKUP(C7372,参数!$B:$H,4,0),\"\")","v":""},{"$f":"IFERROR(VLOOKUP(C7372,参数!B:H,3,FALSE),\"\")","v":""},"",1]
[7372,{"$nulls":6},{"$f":"IFERROR(VLOOKUP(C7373,参数!$B:$H,2,0),\"\")","v":""},{"$f":"IFERROR(VLOOKUP(C7373,参数!$B:$H,4,0),\"\")","v":""},{"$f":"IFERROR(VLOOKUP(C7373,参数!B:H,3,FALSE),\"\")","v":""},"",1]
[7373,{"$nulls":6},{"$f":"IFERROR(VLOOKUP(C7374,参数!$B:$H,2,0),\"\")","v":""},{"$f":"IFERROR(VLOOKUP(C7374,参数!$B:$H,4,0),\"\")","v":""},{"$f":"IFERROR(VLOOKUP(C7374,参数!B:H,3,FALSE),\"\")","v":""},"",1]
[7374,{"$nulls":6},{"$f":"IFERROR(VLOOKUP(C7375,参数!$B:$H,2,0),\"\")","v":""},{"$f":"IFERROR(VLOOKUP(C7375,参数!$B:$H,4,0),\"\")","v":""},{"$f":"IFERROR(VLOOKUP(C7375,参数!B:H,3,FALSE),\"\")","v":""},"",1]
[7375,{"$nulls":6},{"$f":"IFERROR(VLOOKUP(C7376,参数!$B:$H,2,0),\"\")","v":""},{"$f":"IFERROR(VLOOKUP(C7376,参数!$B:$H,4,0),\"\")","v":""},{"$f":"IFERROR(VLOOKUP(C7376,参数!B:H,3,FALSE),\"\")","v":""},"",1]
[7376,{"$nulls":6},{"$f":"IFERROR(VLOOKUP(C7377,参数!$B:$H,2,0),\"\")","v":""},{"$f":"IFERROR(VLOOKUP(C7377,参数!$B:$H,4,0),\"\")","v":""},{"$f":"IFERROR(VLOOKUP(C7377,参数!B:H,3,FALSE),\"\")","v":""},"",1]
[7377,{"$nulls":6},{"$f":"IFERROR(VLOOKUP(C7378,参数!$B:$H,2,0),\"\")","v":""},{"$f":"IFERROR(VLOOKUP(C7378,参数!$B:$H,4,0),\"\")","v":""},{"$f":"IFERROR(VLOOKUP(C7378,参数!B:H,3,FALSE),\"\")","v":""},"",1]
[7378,{"$nulls":6},{"$f":"IFERROR(VLOOKUP(C7379,参数!$B:$H,2,0),\"\")","v":""},{"$f":"IFERROR(VLOOKUP(C7379,参数!$B:$H,4,0),\"\")","v":""},{"$f":"IFERROR(VLOOKUP(C7379,参数!B:H,3,FALSE),\"\")","v":""},"",1]
[7379,{"$nulls":6},{"$f":"IFERROR(VLOOKUP(C7380,参数!$B:$H,2,0),\"\")","v":""},{"$f":"IFERROR(VLOOKUP(C7380,参数!$B:$H,4,0),\"\")","v":""},{"$f":"IFERROR(VLOOKUP(C7380,参数!B:H,3,FALSE),\"\")","v":""},"",1]
[7380,{"$nulls":6},{"$f":"IFERROR(VLOOKUP(C7381,参数!$B:$H,2,0),\"\")","v":""},{"$f":"IFERROR(VLOOKUP(C7381,参数!$B:$H,4,0),\"\")","v":""},{"$f":"IFERROR(VLOOKUP(C7381,参数!B:H,3,FALSE),\"\")","v":""},"",1]
[7381,{"$nulls":6},{"$f":"IFERROR(VLOOKUP(C7382,参数!$B:$H,2,0),\"\")","v":""},{"$f":"IFERROR(VLOOKUP(C7382,参数!$B:$H,4,0),\"\")","v":""},{"$f":"IFERROR(VLOOKUP(C7382,参数!B:H,3,FALSE),\"\")","v":""},"",1]
[7382,{"$nulls":6},{"$f":"IFERROR(VLOOKUP(C7383,参数!$B:$H,2,0),\"\")","v":""},{"$f":"IFERROR(VLOOKUP(C7383,参数!$B:$H,4,0),\"\")","v":""},{"$f":"IFERROR(VLOOKUP(C7383,参数!B:H,3,FALSE),\"\")","v":""},"",1]
[7383,{"$nulls":6},{"$f":"IFERROR(VLOOKUP(C7384,参数!$B:$H,2,0),\"\")","v":""},{"$f":"IFERROR(VLOOKUP(C7384,参数!$B:$H,4,0),\"\")","v":""},{"$f":"IFERROR(VLOOKUP(C7384,参数!B:H,3,FALSE),\"\")","v":""},"",1]
[7384,{"$nulls":6},{"$f":"IFERROR(VLOOKUP(C7385,参数!$B:$H,2,0),\"\")","v":""},{"$f":"IFERROR(VLOOKUP(C7385,参数!$B:$H,4,0),\"\")","v":""},{"$f":"IFERROR(VLOOKUP(C7385,参数!B:H,3,FALSE),\"\")","v":""},"",1]
[7385,{"$nulls":6},{"$f":"IFERROR(VLOOKUP(C7386,参数!$B:$H,2,0),\"\")","v":""},{"$f":"IFERROR(VLOOKUP(C7386,参数!$B:$H,4,0),\"\")","v":""},{"$f":"IFERROR(VLOOKUP(C7386,参数!B:H,3,FALSE),\"\")","v":""},"",1]
[7386,{"$nulls":6},{"$f":"IFERROR(VLOOKUP(C7387,参数!$B:$H,2,0),\"\")","v":""},{"$f":"IFERROR(VLOOKUP(C7387,参数!$B:$H,4,0),\"\")","v":""},{"$f":"IFERROR(VLOOKUP(C7387,参数!B:H,3,FALSE),\"\")","v":""},"",1]
[7387,{"$nulls":6},{"$f":"IFERROR(VLOOKUP(C7388,参数!$B:$H,2,0),\"\")","v":""},{"$f":"IFERROR(VLOOKUP(C7388,参数!$B:$H,4,0),\"\")","v":""},{"$f":"IFERROR(VLOOKUP(C7388,参数!B:H,3,FALSE),\"\")","v":""},"",1]
[7388,{"$nulls":6},{"$f":"IFERROR(VLOOKUP(C7389,参数!$B:$H,2,0),\"\")","v":""},{"$f":"IFERROR(VLOOKUP(C7389,参数!$B:$H,4,0),\"\")","v":""},{"$f":"IFERROR(VLOOKUP(C7389,参数!B:H,3,FALSE),\"\")","v":""},"",1]
[7389,{"$nulls":6},{"$f":"IFERROR(VLOOKUP(C7390,参数!$B:$H,2,0),\"\")","v":""},{"$f":"IFERROR(VLOOKUP(C7390,参数!$B:$H,4,0),\"\")","v":""},{"$f":"IFERROR(VLOOKUP(C7390,参数!B:H,3,FALSE),\"\")","v":""},"",1]
[7390,{"$nulls":6},{"$f":"IFERROR(VLOOKUP(C7391,参数!$B:$H,2,0),\"\")","v":""},{"$f":"IFERROR(VLOOKUP(C7391,参数!$B:$H,4,0),\"\")","v":""},{"$f":"IFERROR(VLOOKUP(C7391,参数!B:H,3,FALSE),\"\")","v":""},"",1]
[7391,{"$nulls":6},{"$f":"IFERROR(VLOOKUP(C7392,参数!$B:$H,2,0),\"\")","v":""},{"$f":"IFERROR(VLOOKUP(C7392,参数!$B:$H,4,0),\"\")","v":""},{"$f":"IFERROR(VLOOKUP(C7392,参数!B:H,3,FALSE),\"\")","v":""},"",1]
[7392,{"$nulls":6},{"$f":"IFERROR(VLOOKUP(C7393,参数!$B:$H,2,0),\"\")","v":""},{"$f":"IFERROR(VLOOKUP(C7393,参数!$B:$H,4,0),\"\")","v":""},{"$f":"IFERROR(VLOOKUP(C7393,参数!B:H,3,FALSE),\"\")","v":""},"",1]
[7393,{"$nulls":6},{"$f":"IFERROR(VLOOKUP(C7394,参数!$B:$H,2,0),\"\")","v":""},{"$f":"IFERROR(VLOOKUP(C7394,参数!$B:$H,4,0),\"\")","v":""},{"$f":"IFERROR(VLOOKUP(C7394,参数!B:H,3,FALSE),\"\")","v":""},"",1]
[7394,{"$nulls":6},{"$f":"IFERROR(VLOOKUP(C7395,参数!$B:$H,2,0),\"\")","v":""},{"$f":"IFERROR(VLOOKUP(C7395,参数!$B:$H,4,0),\"\")","v":""},{"$f":"IFERROR(VLOOKUP(C7395,参数!B:H,3,FALSE),\"\")","v":""},"",1]
[7395,{"$nulls":6},{"$f":"IFERROR(VLOOKUP(C7396,参数!$B:$H,2,0),\"\")","v":""},{"$f":"IFERROR(VLOOKUP(C7396,参数!$B:$H,4,0),\"\")","v":""},{"$f":"IFERROR(VLOOKUP(C7396,参数!B:H,3,FALSE),\"\")","v":""},"",1]
[7396,{"$nulls":6},{"$f":"IFERROR(VLOOKUP(C7397,参数!$B:$H,2,0),\"\")","v":""},{"$f":"IFERROR(VLOOKUP(C7397,参数!$B:$H,4,0),\"\")","v":""},{"$f":"IFERROR(VLOOKUP(C7397,参数!B:H,3,FALSE),\"\")","v":""},{"$f":"IFERROR(J7397*E7397,\"\")","v":""},1]
[7397,{"$nulls":6},{"$f":"IFERROR(VLOOKUP(C7398,参数!$B:$H,2,0),\"\")","v":""},{"$f":"IFERROR(VLOOKUP(C7398,参数!$B:$H,4,0),\"\")","v":""},{"$f":"IFERROR(VLOOKUP(C7398,参数!B:H,3,FALSE),\"\")","v":""},"",1]
[7398,{"$nulls":6},{"$f":"IFERROR(VLOOKUP(C7399,参数!$B:$H,2,0),\"\")","v":""},{"$f":"IFERROR(VLOOKUP(C7399,参数!$B:$H,4,0),\"\")","v":""},{"$f":"IFERROR(VLOOKUP(C7399,参数!B:H,3,FALSE),\"\")","v":""},"",1]
[7399,{"$nulls":6},{"$f":"IFERROR(VLOOKUP(C7400,参数!$B:$H,2,0),\"\")","v":""},{"$f":"IFERROR(VLOOKUP(C7400,参数!$B:$H,4,0),\"\")","v":""},{"$f":"IFERROR(VLOOKUP(C7400,参数!B:H,3,FALSE),\"\")","v":""},"",1]
[7400,{"$nulls":6},{"$f":"IFERROR(VLOOKUP(C7401,参数!$B:$H,2,0),\"\")","v":""},{"$f":"IFERROR(VLOOKUP(C7401,参数!$B:$H,4,0),\"\")","v":""},{"$f":"IFERROR(VLOOKUP(C7401,参数!B:H,3,FALSE),\"\")","v":""},"",1]
[7401,{"$nulls":6},{"$f":"IFERROR(VLOOKUP(C7402,参数!$B:$H,2,0),\"\")","v":""},{"$f":"IFERROR(VLOOKUP(C7402,参数!$B:$H,4,0),\"\")","v":""},{"$f":"IFERROR(VLOOKUP(C7402,参数!B:H,3,FALSE),\"\")","v":""},"",1]
[7402,{"$nulls":6},{"$f":"IFERROR(VLOOKUP(C7403,参数!$B:$H,2,0),\"\")","v":""},{"$f":"IFERROR(VLOOKUP(C7403,参数!$B:$H,4,0),\"\")","v":""},{"$f":"IFERROR(VLOOKUP(C7403,参数!B:H,3,FALSE),\"\")","v":""},"",1]
[7403,{"$nulls":6},{"$f":"IFERROR(VLOOKUP(C7404,参数!$B:$H,2,0),\"\")","v":""},{"$f":"IFERROR(VLOOKUP(C7404,参数!$B:$H,4,0),\"\")","v":""},{"$f":"IFERROR(VLOOKUP(C7404,参数!B:H,3,FALSE),\"\")","v":""},"",1]
[7404,{"$nulls":6},{"$f":"IFERROR(VLOOKUP(C7405,参数!$B:$H,2,0),\"\")","v":""},{"$f":"IFERROR(VLOOKUP(C7405,参数!$B:$H,4,0),\"\")","v":""},{"$f":"IFERROR(VLOOKUP(C7405,参数!B:H,3,FALSE),\"\")","v":""},"",1]
[7405,{"$nulls":6},{"$f":"IFERROR(VLOOKUP(C7406,参数!$B:$H,2,0),\"\")","v":""},{"$f":"IFERROR(VLOOKUP(C7406,参数!$B:$H,4,0),\"\")","v":""},{"$f":"IFERROR(VLOOKUP(C7406,参数!B:H,3,FALSE),\"\")","v":""},"",1]
[7406,{"$nulls":6},{"$f":"IFERROR(VLOOKUP(C7407,参数!$B:$H,2,0),\"\")","v":""},{"$f":"IFERROR(VLOOKUP(C7407,参数!$B:$H,4,0),\"\")","v":""},{"$f":"IFERROR(VLOOKUP(C7407,参数!B:H,3,FALSE),\"\")","v":""},"",1]
[7407,{"$nulls":6},{"$f":"IFERROR(VLOOKUP(C7408,参数!$B:$H,2,0),\"\")","v":""},{"$f":"IFERROR(VLOOKUP(C7408,参数!$B:$H,4,0),\"\")","v":""},{"$f":"IFERROR(VLOOKUP(C7408,参数!B:H,3,FALSE),\"\")","v":""},"",1]
[7408,{"$nulls":6},{"$f":"IFERROR(VLOOKUP(C7409,参数!$B:$H,2,0),\"\")","v":""},{"$f":"IFERROR(VLOOKUP(C7409,参数!$B:$H,4,0),\"\")","v":""},{"$f":"IFERROR(VLOOKUP(C7409,参数!B:H,3,FALSE),\"\")","v":""},"",1]
[7409,{"$nulls":6},{"$f":"IFERROR(VLOOKUP(C7410,参数!$B:$H,2,0),\"\")","v":""},{"$f":"IFERROR(VLOOKUP(C7410,参数!$B:$H,4,0),\"\")","v":""},{"$f":"IFERROR(VLOOKUP(C7410,参数!B:H,3,FALSE),\"\")","v":""},"",1]
[7410,{"$nulls":6},{"$f":"IFERROR(VLOOKUP(C7411,参数!$B:$H,2,0),\"\")","v":""},{"$f":"IFERROR(VLOOKUP(C7411,参数!$B:$H,4,0),\"\")","v":""},{"$f":"IFERROR(VLOOKUP(C7411,参数!B:H,3,FALSE),\"\")","v":""},"",1]
[7411,{"$nulls":6},{"$f":"IFERROR(VLOOKUP(C7412,参数!$B:$H,2,0),\"\")","v":""},{"$f":"IFERROR(VLOOKUP(C7412,参数!$B:$H,4,0),\"\")","v":""},{"$f":"IFERROR(VLOOKUP(C7412,参数!B:H,3,FALSE),\"\")","v":""},"",1]
[7412,{"$nulls":6},{"$f":"IFERROR(VLOOKUP(C7413,参数!$B:$H,2,0),\"\")","v":""},{"$f":"IFERROR(VLOOKUP(C7413,参数!$B:$H,4,0),\"\")","v":""},{"$f":"IFERROR(VLOOKUP(C7413,参数!B:H,3,FALSE),\"\")","v":""},"",1]
[7413,{"$nulls":6},{"$f":"IFERROR(VLOOKUP(C7414,参数!$B:$H,2,0),\"\")","v":""},{"$f":"IFERROR(VLOOKUP(C7414,参数!$B:$H,4,0),\"\")","v":""},{"$f":"IFERROR(VLOOKUP(C7414,参数!B:H,3,FALSE),\"\")","v":""},"",1]
[7414,{"$nulls":6},{"$f":"IFERROR(VLOOKUP(C7415,参数!$B:$H,2,0),\"\")","v":""},{"$f":"IFERROR(VLOOKUP(C7415,参数!$B:$H,4,0),\"\")","v":""},{"$f":"IFERROR(VLOOKUP(C7415,参数!B:H,3,FALSE),\"\")","v":""},"",1]
[7415,{"$nulls":6},{"$f":"IFERROR(VLOOKUP(C7416,参数!$B:$H,2,0),\"\")","v":""},{"$f":"IFERROR(VLOOKUP(C7416,参数!$B:$H,4,0),\"\")","v":""},{"$f":"IFERROR(VLOOKUP(C7416,参数!B:H,3,FALSE),\"\")","v":""},"",1]
[7416,{"$nulls":6},{"$f":"IFERROR(VLOOKUP(C7417,参数!$B:$H,2,0),\"\")","v":""},{"$f":"IFERROR(VLOOKUP(C7417,参数!$B:$H,4,0),\"\")","v":""},{"$f":"IFERROR(VLOOKUP(C7417,参数!B:H,3,FALSE),\"\")","v":""},"",1]
[7417,{"$nulls":6},{"$f":"IFERROR(VLOOKUP(C7418,参数!$B:$H,2,0),\"\")","v":""},{"$f":"IFERROR(VLOOKUP(C7418,参数!$B:$H,4,0),\"\")","v":""},{"$f":"IFERROR(VLOOKUP(C7418,参数!B:H,3,FALSE),\"\")","v":""},"",1]
[7418,{"$nulls":6},{"$f":"IFERROR(VLOOKUP(C7419,参数!$B:$H,2,0),\"\")","v":""},{"$f":"IFERROR(VLOOKUP(C7419,参数!$B:$H,4,0),\"\")","v":""},{"$f":"IFERROR(VLOOKUP(C7419,参数!B:H,3,FALSE),\"\")","v":""},"",1]
[7419,{"$nulls":6},{"$f":"IFERROR(VLOOKUP(C7420,参数!$B:$H,2,0),\"\")","v":""},{"$f":"IFERROR(VLOOKUP(C7420,参数!$B:$H,4,0),\"\")","v":""},{"$f":"IFERROR(VLOOKUP(C7420,参数!B:H,3,FALSE),\"\")","v":""},"",1]
[7420,{"$nulls":6},{"$f":"IFERROR(VLOOKUP(C7421,参数!$B:$H,2,0),\"\")","v":""},{"$f":"IFERROR(VLOOKUP(C7421,参数!$B:$H,4,0),\"\")","v":""},{"$f":"IFERROR(VLOOKUP(C7421,参数!B:H,3,FALSE),\"\")","v":""},"",1]
[7421,{"$nulls":6},{"$f":"IFERROR(VLOOKUP(C7422,参数!$B:$H,2,0),\"\")","v":""},{"$f":"IFERROR(VLOOKUP(C7422,参数!$B:$H,4,0),\"\")","v":""},{"$f":"IFERROR(VLOOKUP(C7422,参数!B:H,3,FALSE),\"\")","v":""},"",1]
[7422,{"$nulls":6},{"$f":"IFERROR(VLOOKUP(C7423,参数!$B:$H,2,0),\"\")","v":""},{"$f":"IFERROR(VLOOKUP(C7423,参数!$B:$H,4,0),\"\")","v":""},{"$f":"IFERROR(VLOOKUP(C7423,参数!B:H,3,FALSE),\"\")","v":""},"",1]
[7423,{"$nulls":6},{"$f":"IFERROR(VLOOKUP(C7424,参数!$B:$H,2,0),\"\")","v":""},{"$f":"IFERROR(VLOOKUP(C7424,参数!$B:$H,4,0),\"\")","v":""},{"$f":"IFERROR(VLOOKUP(C7424,参数!B:H,3,FALSE),\"\")","v":""},"",1]
[7424,{"$nulls":6},{"$f":"IFERROR(VLOOKUP(C7425,参数!$B:$H,2,0),\"\")","v":""},{"$f":"IFERROR(VLOOKUP(C7425,参数!$B:$H,4,0),\"\")","v":""},{"$f":"IFERROR(VLOOKUP(C7425,参数!B:H,3,FALSE),\"\")","v":""},"",1]
[7425,{"$nulls":6},{"$f":"IFERROR(VLOOKUP(C7426,参数!$B:$H,2,0),\"\")","v":""},{"$f":"IFERROR(VLOOKUP(C7426,参数!$B:$H,4,0),\"\")","v":""},{"$f":"IFERROR(VLOOKUP(C7426,参数!B:H,3,FALSE),\"\")","v":""},"",{"$f":"VALUE(MONTH(B7426))","v":1}]
[7426,{"$nulls":6},{"$f":"IFERROR(VLOOKUP(C7427,参数!$B:$H,2,0),\"\")","v":""},{"$f":"IFERROR(VLOOKUP(C7427,参数!$B:$H,4,0),\"\")","v":""},{"$f":"IFERROR(VLOOKUP(C7427,参数!B:H,3,FALSE),\"\")","v":""},"",1]
[7427,{"$nulls":6},{"$f":"IFERROR(VLOOKUP(C7428,参数!$B:$H,2,0),\"\")","v":""},{"$f":"IFERROR(VLOOKUP(C7428,参数!$B:$H,4,0),\"\")","v":""},{"$f":"IFERROR(VLOOKUP(C7428,参数!B:H,3,FALSE),\"\")","v":""},"",1]
[7428,{"$nulls":6},{"$f":"IFERROR(VLOOKUP(C7429,参数!$B:$H,2,0),\"\")","v":""},{"$f":"IFERROR(VLOOKUP(C7429,参数!$B:$H,4,0),\"\")","v":""},{"$f":"IFERROR(VLOOKUP(C7429,参数!B:H,3,FALSE),\"\")","v":""},"",1]
[7429,{"$nulls":6},{"$f":"IFERROR(VLOOKUP(C7430,参数!$B:$H,2,0),\"\")","v":""},{"$f":"IFERROR(VLOOKUP(C7430,参数!$B:$H,4,0),\"\")","v":""},{"$f":"IFERROR(VLOOKUP(C7430,参数!B:H,3,FALSE),\"\")","v":""},"",1]
[7430,{"$nulls":6},{"$f":"IFERROR(VLOOKUP(C7431,参数!$B:$H,2,0),\"\")","v":""},{"$f":"IFERROR(VLOOKUP(C7431,参数!$B:$H,4,0),\"\")","v":""},{"$f":"IFERROR(VLOOKUP(C7431,参数!B:H,3,FALSE),\"\")","v":""},"",1]
[7431,{"$nulls":6},{"$f":"IFERROR(VLOOKUP(C7432,参数!$B:$H,2,0),\"\")","v":""},{"$f":"IFERROR(VLOOKUP(C7432,参数!$B:$H,4,0),\"\")","v":""},{"$f":"IFERROR(VLOOKUP(C7432,参数!B:H,3,FALSE),\"\")","v":""},"",1]
[7432,{"$nulls":6},{"$f":"IFERROR(VLOOKUP(C7433,参数!$B:$H,2,0),\"\")","v":""},{"$f":"IFERROR(VLOOKUP(C7433,参数!$B:$H,4,0),\"\")","v":""},{"$f":"IFERROR(VLOOKUP(C7433,参数!B:H,3,FALSE),\"\")","v":""},"",1]
[7433,{"$nulls":6},{"$f":"IFERROR(VLOOKUP(C7434,参数!$B:$H,2,0),\"\")","v":""},{"$f":"IFERROR(VLOOKUP(C7434,参数!$B:$H,4,0),\"\")","v":""},{"$f":"IFERROR(VLOOKUP(C7434,参数!B:H,3,FALSE),\"\")","v":""},"",1]
[7434,{"$nulls":6},{"$f":"IFERROR(VLOOKUP(C7435,参数!$B:$H,2,0),\"\")","v":""},{"$f":"IFERROR(VLOOKUP(C7435,参数!$B:$H,4,0),\"\")","v":""},{"$f":"IFERROR(VLOOKUP(C7435,参数!B:H,3,FALSE),\"\")","v":""},"",1]
[7435,{"$nulls":6},{"$f":"IFERROR(VLOOKUP(C7436,参数!$B:$H,2,0),\"\")","v":""},{"$f":"IFERROR(VLOOKUP(C7436,参数!$B:$H,4,0),\"\")","v":""},{"$f":"IFERROR(VLOOKUP(C7436,参数!B:H,3,FALSE),\"\")","v":""},"",1]
[7436,{"$nulls":6},{"$f":"IFERROR(VLOOKUP(C7437,参数!$B:$H,2,0),\"\")","v":""},{"$f":"IFERROR(VLOOKUP(C7437,参数!$B:$H,4,0),\"\")","v":""},{"$f":"IFERROR(VLOOKUP(C7437,参数!B:H,3,FALSE),\"\")","v":""},"",1]
[7437,{"$nulls":6},{"$f":"IFERROR(VLOOKUP(C7438,参数!$B:$H,2,0),\"\")","v":""},{"$f":"IFERROR(VLOOKUP(C7438,参数!$B:$H,4,0),\"\")","v":""},{"$f":"IFERROR(VLOOKUP(C7438,参数!B:H,3,FALSE),\"\")","v":""},"",1]
[7438,{"$nulls":6},{"$f":"IFERROR(VLOOKUP(C7439,参数!$B:$H,2,0),\"\")","v":""},{"$f":"IFERROR(VLOOKUP(C7439,参数!$B:$H,4,0),\"\")","v":""},{"$f":"IFERROR(VLOOKUP(C7439,参数!B:H,3,FALSE),\"\")","v":""},"",1]
[7439,{"$nulls":6},{"$f":"IFERROR(VLOOKUP(C7440,参数!$B:$H,2,0),\"\")","v":""},{"$f":"IFERROR(VLOOKUP(C7440,参数!$B:$H,4,0),\"\")","v":""},{"$f":"IFERROR(VLOOKUP(C7440,参数!B:H,3,FALSE),\"\")","v":""},"",1]
[7440,{"$nulls":6},{"$f":"IFERROR(VLOOKUP(C7441,参数!$B:$H,2,0),\"\")","v":""},{"$f":"IFERROR(VLOOKUP(C7441,参数!$B:$H,4,0),\"\")","v":""},{"$f":"IFERROR(VLOOKUP(C7441,参数!B:H,3,FALSE),\"\")","v":""},"",1]
[7441,{"$nulls":6},{"$f":"IFERROR(VLOOKUP(C7442,参数!$B:$H,2,0),\"\")","v":""},{"$f":"IFERROR(VLOOKUP(C7442,参数!$B:$H,4,0),\"\")","v":""},{"$f":"IFERROR(VLOOKUP(C7442,参数!B:H,3,FALSE),\"\")","v":""},"",1]
[7442,{"$nulls":6},{"$f":"IFERROR(VLOOKUP(C7443,参数!$B:$H,2,0),\"\")","v":""},{"$f":"IFERROR(VLOOKUP(C7443,参数!$B:$H,4,0),\"\")","v":""},{"$f":"IFERROR(VLOOKUP(C7443,参数!B:H,3,FALSE),\"\")","v":""},"",1]
[7443,{"$nulls":6},{"$f":"IFERROR(VLOOKUP(C7444,参数!$B:$H,2,0),\"\")","v":""},{"$f":"IFERROR(VLOOKUP(C7444,参数!$B:$H,4,0),\"\")","v":""},{"$f":"IFERROR(VLOOKUP(C7444,参数!B:H,3,FALSE),\"\")","v":""},"",1]
[7444,{"$nulls":6},{"$f":"IFERROR(VLOOKUP(C7445,参数!$B:$H,2,0),\"\")","v":""},{"$f":"IFERROR(VLOOKUP(C7445,参数!$B:$H,4,0),\"\")","v":""},{"$f":"IFERROR(VLOOKUP(C7445,参数!B:H,3,FALSE),\"\")","v":""},"",1]
[7445,{"$nulls":6},{"$f":"IFERROR(VLOOKUP(C7446,参数!$B:$H,2,0),\"\")","v":""},{"$f":"IFERROR(VLOOKUP(C7446,参数!$B:$H,4,0),\"\")","v":""},{"$f":"IFERROR(VLOOKUP(C7446,参数!B:H,3,FALSE),\"\")","v":""},"",1]
[7446,{"$nulls":6},{"$f":"IFERROR(VLOOKUP(C7447,参数!$B:$H,2,0),\"\")","v":""},{"$f":"IFERROR(VLOOKUP(C7447,参数!$B:$H,4,0),\"\")","v":""},{"$f":"IFERROR(VLOOKUP(C7447,参数!B:H,3,FALSE),\"\")","v":""},"",1]
[7447,{"$nulls":6},{"$f":"IFERROR(VLOOKUP(C7448,参数!$B:$H,2,0),\"\")","v":""},{"$f":"IFERROR(VLOOKUP(C7448,参数!$B:$H,4,0),\"\")","v":""},{"$f":"IFERROR(VLOOKUP(C7448,参数!B:H,3,FALSE),\"\")","v":""},"",1]
[7448,{"$nulls":6},{"$f":"IFERROR(VLOOKUP(C7449,参数!$B:$H,2,0),\"\")","v":""},{"$f":"IFERROR(VLOOKUP(C7449,参数!$B:$H,4,0),\"\")","v":""},{"$f":"IFERROR(VLOOKUP(C7449,参数!B:H,3,FALSE),\"\")","v":""},"",1]
[7449,{"$nulls":6},{"$f":"IFERROR(VLOOKUP(C7450,参数!$B:$H,2,0),\"\")","v":""},{"$f":"IFERROR(VLOOKUP(C7450,参数!$B:$H,4,0),\"\")","v":""},{"$f":"IFERROR(VLOOKUP(C7450,参数!B:H,3,FALSE),\"\")","v":""},"",1]
[7450,{"$nulls":6},{"$f":"IFERROR(VLOOKUP(C7451,参数!$B:$H,2,0),\"\")","v":""},{"$f":"IFERROR(VLOOKUP(C7451,参数!$B:$H,4,0),\"\")","v":""},{"$f":"IFERROR(VLOOKUP(C7451,参数!B:H,3,FALSE),\"\")","v":""},"",1]
[7451,{"$nulls":6},{"$f":"IFERROR(VLOOKUP(C7452,参数!$B:$H,2,0),\"\")","v":""},{"$f":"IFERROR(VLOOKUP(C7452,参数!$B:$H,4,0),\"\")","v":""},{"$f":"IFERROR(VLOOKUP(C7452,参数!B:H,3,FALSE),\"\")","v":""},"",1]
[7452,{"$nulls":6},{"$f":"IFERROR(VLOOKUP(C7453,参数!$B:$H,2,0),\"\")","v":""},{"$f":"IFERROR(VLOOKUP(C7453,参数!$B:$H,4,0),\"\")","v":""},{"$f":"IFERROR(VLOOKUP(C7453,参数!B:H,3,FALSE),\"\")","v":""},"",1]
[7453,{"$nulls":6},{"$f":"IFERROR(VLOOKUP(C7454,参数!$B:$H,2,0),\"\")","v":""},{"$f":"IFERROR(VLOOKUP(C7454,参数!$B:$H,4,0),\"\")","v":""},{"$f":"IFERROR(VLOOKUP(C7454,参数!B:H,3,FALSE),\"\")","v":""},"",1]
[7454,{"$nulls":6},{"$f":"IFERROR(VLOOKUP(C7455,参数!$B:$H,2,0),\"\")","v":""},{"$f":"IFERROR(VLOOKUP(C7455,参数!$B:$H,4,0),\"\")","v":""},{"$f":"IFERROR(VLOOKUP(C7455,参数!B:H,3,FALSE),\"\")","v":""},"",1]
[7455,{"$nulls":6},{"$f":"IFERROR(VLOOKUP(C7456,参数!$B:$H,2,0),\"\")","v":""},{"$f":"IFERROR(VLOOKUP(C7456,参数!$B:$H,4,0),\"\")","v":""},{"$f":"IFERROR(VLOOKUP(C7456,参数!B:H,3,FALSE),\"\")","v":""},"",1]
[7456,{"$nulls":6},{"$f":"IFERROR(VLOOKUP(C7457,参数!$B:$H,2,0),\"\")","v":""},{"$f":"IFERROR(VLOOKUP(C7457,参数!$B:$H,4,0),\"\")","v":""},{"$f":"IFERROR(VLOOKUP(C7457,参数!B:H,3,FALSE),\"\")","v":""},"",1]
[7457,{"$nulls":6},{"$f":"IFERROR(VLOOKUP(C7458,参数!$B:$H,2,0),\"\")","v":""},{"$f":"IFERROR(VLOOKUP(C7458,参数!$B:$H,4,0),\"\")","v":""},{"$f":"IFERROR(VLOOKUP(C7458,参数!B:H,3,FALSE),\"\")","v":""},"",1]
[7458,{"$nulls":6},{"$f":"IFERROR(VLOOKUP(C7459,参数!$B:$H,2,0),\"\")","v":""},{"$f":"IFERROR(VLOOKUP(C7459,参数!$B:$H,4,0),\"\")","v":""},{"$f":"IFERROR(VLOOKUP(C7459,参数!B:H,3,FALSE),\"\")","v":""},"",1]
[7459,{"$nulls":6},{"$f":"IFERROR(VLOOKUP(C7460,参数!$B:$H,2,0),\"\")","v":""},{"$f":"IFERROR(VLOOKUP(C7460,参数!$B:$H,4,0),\"\")","v":""},{"$f":"IFERROR(VLOOKUP(C7460,参数!B:H,3,FALSE),\"\")","v":""},"",1]
[7460,{"$nulls":6},{"$f":"IFERROR(VLOOKUP(C7461,参数!$B:$H,2,0),\"\")","v":""},{"$f":"IFERROR(VLOOKUP(C7461,参数!$B:$H,4,0),\"\")","v":""},{"$f":"IFERROR(VLOOKUP(C7461,参数!B:H,3,FALSE),\"\")","v":""},{"$f":"IFERROR(J7461*E7461,\"\")","v":""},1]
[7461,{"$nulls":6},{"$f":"IFERROR(VLOOKUP(C7462,参数!$B:$H,2,0),\"\")","v":""},{"$f":"IFERROR(VLOOKUP(C7462,参数!$B:$H,4,0),\"\")","v":""},{"$f":"IFERROR(VLOOKUP(C7462,参数!B:H,3,FALSE),\"\")","v":""},"",1]
[7462,{"$nulls":6},{"$f":"IFERROR(VLOOKUP(C7463,参数!$B:$H,2,0),\"\")","v":""},{"$f":"IFERROR(VLOOKUP(C7463,参数!$B:$H,4,0),\"\")","v":""},{"$f":"IFERROR(VLOOKUP(C7463,参数!B:H,3,FALSE),\"\")","v":""},"",1]
[7463,{"$nulls":6},{"$f":"IFERROR(VLOOKUP(C7464,参数!$B:$H,2,0),\"\")","v":""},{"$f":"IFERROR(VLOOKUP(C7464,参数!$B:$H,4,0),\"\")","v":""},{"$f":"IFERROR(VLOOKUP(C7464,参数!B:H,3,FALSE),\"\")","v":""},"",1]
[7464,{"$nulls":6},{"$f":"IFERROR(VLOOKUP(C7465,参数!$B:$H,2,0),\"\")","v":""},{"$f":"IFERROR(VLOOKUP(C7465,参数!$B:$H,4,0),\"\")","v":""},{"$f":"IFERROR(VLOOKUP(C7465,参数!B:H,3,FALSE),\"\")","v":""},"",1]
[7465,{"$nulls":6},{"$f":"IFERROR(VLOOKUP(C7466,参数!$B:$H,2,0),\"\")","v":""},{"$f":"IFERROR(VLOOKUP(C7466,参数!$B:$H,4,0),\"\")","v":""},{"$f":"IFERROR(VLOOKUP(C7466,参数!B:H,3,FALSE),\"\")","v":""},"",1]
[7466,{"$nulls":6},{"$f":"IFERROR(VLOOKUP(C7467,参数!$B:$H,2,0),\"\")","v":""},{"$f":"IFERROR(VLOOKUP(C7467,参数!$B:$H,4,0),\"\")","v":""},{"$f":"IFERROR(VLOOKUP(C7467,参数!B:H,3,FALSE),\"\")","v":""},"",1]
[7467,{"$nulls":6},{"$f":"IFERROR(VLOOKUP(C7468,参数!$B:$H,2,0),\"\")","v":""},{"$f":"IFERROR(VLOOKUP(C7468,参数!$B:$H,4,0),\"\")","v":""},{"$f":"IFERROR(VLOOKUP(C7468,参数!B:H,3,FALSE),\"\")","v":""},"",1]
[7468,{"$nulls":6},{"$f":"IFERROR(VLOOKUP(C7469,参数!$B:$H,2,0),\"\")","v":""},{"$f":"IFERROR(VLOOKUP(C7469,参数!$B:$H,4,0),\"\")","v":""},{"$f":"IFERROR(VLOOKUP(C7469,参数!B:H,3,FALSE),\"\")","v":""},"",1]
[7469,{"$nulls":6},{"$f":"IFERROR(VLOOKUP(C7470,参数!$B:$H,2,0),\"\")","v":""},{"$f":"IFERROR(VLOOKUP(C7470,参数!$B:$H,4,0),\"\")","v":""},{"$f":"IFERROR(VLOOKUP(C7470,参数!B:H,3,FALSE),\"\")","v":""},"",1]
[7470,{"$nulls":6},{"$f":"IFERROR(VLOOKUP(C7471,参数!$B:$H,2,0),\"\")","v":""},{"$f":"IFERROR(VLOOKUP(C7471,参数!$B:$H,4,0),\"\")","v":""},{"$f":"IFERROR(VLOOKUP(C7471,参数!B:H,3,FALSE),\"\")","v":""},"",1]
[7471,{"$nulls":6},{"$f":"IFERROR(VLOOKUP(C7472,参数!$B:$H,2,0),\"\")","v":""},{"$f":"IFERROR(VLOOKUP(C7472,参数!$B:$H,4,0),\"\")","v":""},{"$f":"IFERROR(VLOOKUP(C7472,参数!B:H,3,FALSE),\"\")","v":""},"",1]
[7472,{"$nulls":6},{"$f":"IFERROR(VLOOKUP(C7473,参数!$B:$H,2,0),\"\")","v":""},{"$f":"IFERROR(VLOOKUP(C7473,参数!$B:$H,4,0),\"\")","v":""},{"$f":"IFERROR(VLOOKUP(C7473,参数!B:H,3,FALSE),\"\")","v":""},"",1]
[7473,{"$nulls":6},{"$f":"IFERROR(VLOOKUP(C7474,参数!$B:$H,2,0),\"\")","v":""},{"$f":"IFERROR(VLOOKUP(C7474,参数!$B:$H,4,0),\"\")","v":""},{"$f":"IFERROR(VLOOKUP(C7474,参数!B:H,3,FALSE),\"\")","v":""},"",1]
[7474,{"$nulls":6},{"$f":"IFERROR(VLOOKUP(C7475,参数!$B:$H,2,0),\"\")","v":""},{"$f":"IFERROR(VLOOKUP(C7475,参数!$B:$H,4,0),\"\")","v":""},{"$f":"IFERROR(VLOOKUP(C7475,参数!B:H,3,FALSE),\"\")","v":""},"",1]
[7475,{"$nulls":6},{"$f":"IFERROR(VLOOKUP(C7476,参数!$B:$H,2,0),\"\")","v":""},{"$f":"IFERROR(VLOOKUP(C7476,参数!$B:$H,4,0),\"\")","v":""},{"$f":"IFERROR(VLOOKUP(C7476,参数!B:H,3,FALSE),\"\")","v":""},"",1]
[7476,{"$nulls":6},{"$f":"IFERROR(VLOOKUP(C7477,参数!$B:$H,2,0),\"\")","v":""},{"$f":"IFERROR(VLOOKUP(C7477,参数!$B:$H,4,0),\"\")","v":""},{"$f":"IFERROR(VLOOKUP(C7477,参数!B:H,3,FALSE),\"\")","v":""},"",1]
[7477,{"$nulls":6},{"$f":"IFERROR(VLOOKUP(C7478,参数!$B:$H,2,0),\"\")","v":""},{"$f":"IFERROR(VLOOKUP(C7478,参数!$B:$H,4,0),\"\")","v":""},{"$f":"IFERROR(VLOOKUP(C7478,参数!B:H,3,FALSE),\"\")","v":""},"",1]
[7478,{"$nulls":6},{"$f":"IFERROR(VLOOKUP(C7479,参数!$B:$H,2,0),\"\")","v":""},{"$f":"IFERROR(VLOOKUP(C7479,参数!$B:$H,4,0),\"\")","v":""},{"$f":"IFERROR(VLOOKUP(C7479,参数!B:H,3,FALSE),\"\")","v":""},"",1]
[7479,{"$nulls":6},{"$f":"IFERROR(VLOOKUP(C7480,参数!$B:$H,2,0),\"\")","v":""},{"$f":"IFERROR(VLOOKUP(C7480,参数!$B:$H,4,0),\"\")","v":""},{"$f":"IFERROR(VLOOKUP(C7480,参数!B:H,3,FALSE),\"\")","v":""},"",1]
[7480,{"$nulls":6},{"$f":"IFERROR(VLOOKUP(C7481,参数!$B:$H,2,0),\"\")","v":""},{"$f":"IFERROR(VLOOKUP(C7481,参数!$B:$H,4,0),\"\")","v":""},{"$f":"IFERROR(VLOOKUP(C7481,参数!B:H,3,FALSE),\"\")","v":""},"",1]
[7481,{"$nulls":6},{"$f":"IFERROR(VLOOKUP(C7482,参数!$B:$H,2,0),\"\")","v":""},{"$f":"IFERROR(VLOOKUP(C7482,参数!$B:$H,4,0),\"\")","v":""},{"$f":"IFERROR(VLOOKUP(C7482,参数!B:H,3,FALSE),\"\")","v":""},"",1]
[7482,{"$nulls":6},{"$f":"IFERROR(VLOOKUP(C7483,参数!$B:$H,2,0),\"\")","v":""},{"$f":"IFERROR(VLOOKUP(C7483,参数!$B:$H,4,0),\"\")","v":""},{"$f":"IFERROR(VLOOKUP(C7483,参数!B:H,3,FALSE),\"\")","v":""},"",1]
[7483,{"$nulls":6},{"$f":"IFERROR(VLOOKUP(C7484,参数!$B:$H,2,0),\"\")","v":""},{"$f":"IFERROR(VLOOKUP(C7484,参数!$B:$H,4,0),\"\")","v":""},{"$f":"IFERROR(VLOOKUP(C7484,参数!B:H,3,FALSE),\"\")","v":""},"",1]
[7484,{"$nulls":6},{"$f":"IFERROR(VLOOKUP(C7485,参数!$B:$H,2,0),\"\")","v":""},{"$f":"IFERROR(VLOOKUP(C7485,参数!$B:$H,4,0),\"\")","v":""},{"$f":"IFERROR(VLOOKUP(C7485,参数!B:H,3,FALSE),\"\")","v":""},"",1]
[7485,{"$nulls":6},{"$f":"IFERROR(VLOOKUP(C7486,参数!$B:$H,2,0),\"\")","v":""},{"$f":"IFERROR(VLOOKUP(C7486,参数!$B:$H,4,0),\"\")","v":""},{"$f":"IFERROR(VLOOKUP(C7486,参数!B:H,3,FALSE),\"\")","v":""},"",1]
[7486,{"$nulls":6},{"$f":"IFERROR(VLOOKUP(C7487,参数!$B:$H,2,0),\"\")","v":""},{"$f":"IFERROR(VLOOKUP(C7487,参数!$B:$H,4,0),\"\")","v":""},{"$f":"IFERROR(VLOOKUP(C7487,参数!B:H,3,FALSE),\"\")","v":""},"",1]
[7487,{"$nulls":6},{"$f":"IFERROR(VLOOKUP(C7488,参数!$B:$H,2,0),\"\")","v":""},{"$f":"IFERROR(VLOOKUP(C7488,参数!$B:$H,4,0),\"\")","v":""},{"$f":"IFERROR(VLOOKUP(C7488,参数!B:H,3,FALSE),\"\")","v":""},"",1]
[7488,{"$nulls":6},{"$f":"IFERROR(VLOOKUP(C7489,参数!$B:$H,2,0),\"\")","v":""},{"$f":"IFERROR(VLOOKUP(C7489,参数!$B:$H,4,0),\"\")","v":""},{"$f":"IFERROR(VLOOKUP(C7489,参数!B:H,3,FALSE),\"\")","v":""},"",1]
[7489,{"$nulls":6},{"$f":"IFERROR(VLOOKUP(C7490,参数!$B:$H,2,0),\"\")","v":""},{"$f":"IFERROR(VLOOKUP(C7490,参数!$B:$H,4,0),\"\")","v":""},{"$f":"IFERROR(VLOOKUP(C7490,参数!B:H,3,FALSE),\"\")","v":""},"",{"$f":"VALUE(MONTH(B7490))","v":1}]
[7490,{"$nulls":6},{"$f":"IFERROR(VLOOKUP(C7491,参数!$B:$H,2,0),\"\")","v":""},{"$f":"IFERROR(VLOOKUP(C7491,参数!$B:$H,4,0),\"\")","v":""},{"$f":"IFERROR(VLOOKUP(C7491,参数!B:H,3,FALSE),\"\")","v":""},"",1]
[7491,{"$nulls":6},{"$f":"IFERROR(VLOOKUP(C7492,参数!$B:$H,2,0),\"\")","v":""},{"$f":"IFERROR(VLOOKUP(C7492,参数!$B:$H,4,0),\"\")","v":""},{"$f":"IFERROR(VLOOKUP(C7492,参数!B:H,3,FALSE),\"\")","v":""},"",1]
[7492,{"$nulls":6},{"$f":"IFERROR(VLOOKUP(C7493,参数!$B:$H,2,0),\"\")","v":""},{"$f":"IFERROR(VLOOKUP(C7493,参数!$B:$H,4,0),\"\")","v":""},{"$f":"IFERROR(VLOOKUP(C7493,参数!B:H,3,FALSE),\"\")","v":""},"",1]
[7493,{"$nulls":6},{"$f":"IFERROR(VLOOKUP(C7494,参数!$B:$H,2,0),\"\")","v":""},{"$f":"IFERROR(VLOOKUP(C7494,参数!$B:$H,4,0),\"\")","v":""},{"$f":"IFERROR(VLOOKUP(C7494,参数!B:H,3,FALSE),\"\")","v":""},"",1]
[7494,{"$nulls":6},{"$f":"IFERROR(VLOOKUP(C7495,参数!$B:$H,2,0),\"\")","v":""},{"$f":"IFERROR(VLOOKUP(C7495,参数!$B:$H,4,0),\"\")","v":""},{"$f":"IFERROR(VLOOKUP(C7495,参数!B:H,3,FALSE),\"\")","v":""},"",1]
[7495,{"$nulls":6},{"$f":"IFERROR(VLOOKUP(C7496,参数!$B:$H,2,0),\"\")","v":""},{"$f":"IFERROR(VLOOKUP(C7496,参数!$B:$H,4,0),\"\")","v":""},{"$f":"IFERROR(VLOOKUP(C7496,参数!B:H,3,FALSE),\"\")","v":""},"",1]
[7496,{"$nulls":6},{"$f":"IFERROR(VLOOKUP(C7497,参数!$B:$H,2,0),\"\")","v":""},{"$f":"IFERROR(VLOOKUP(C7497,参数!$B:$H,4,0),\"\")","v":""},{"$f":"IFERROR(VLOOKUP(C7497,参数!B:H,3,FALSE),\"\")","v":""},"",1]
[7497,{"$nulls":6},{"$f":"IFERROR(VLOOKUP(C7498,参数!$B:$H,2,0),\"\")","v":""},{"$f":"IFERROR(VLOOKUP(C7498,参数!$B:$H,4,0),\"\")","v":""},{"$f":"IFERROR(VLOOKUP(C7498,参数!B:H,3,FALSE),\"\")","v":""},"",1]
[7498,{"$nulls":6},{"$f":"IFERROR(VLOOKUP(C7499,参数!$B:$H,2,0),\"\")","v":""},{"$f":"IFERROR(VLOOKUP(C7499,参数!$B:$H,4,0),\"\")","v":""},{"$f":"IFERROR(VLOOKUP(C7499,参数!B:H,3,FALSE),\"\")","v":""},"",1]
[7499,{"$nulls":6},{"$f":"IFERROR(VLOOKUP(C7500,参数!$B:$H,2,0),\"\")","v":""},{"$f":"IFERROR(VLOOKUP(C7500,参数!$B:$H,4,0),\"\")","v":""},{"$f":"IFERROR(VLOOKUP(C7500,参数!B:H,3,FALSE),\"\")","v":""},"",1]
[7500,{"$nulls":6},{"$f":"IFERROR(VLOOKUP(C7501,参数!$B:$H,2,0),\"\")","v":""},{"$f":"IFERROR(VLOOKUP(C7501,参数!$B:$H,4,0),\"\")","v":""},{"$f":"IFERROR(VLOOKUP(C7501,参数!B:H,3,FALSE),\"\")","v":""},"",1]
[7501,{"$nulls":6},{"$f":"IFERROR(VLOOKUP(C7502,参数!$B:$H,2,0),\"\")","v":""},{"$f":"IFERROR(VLOOKUP(C7502,参数!$B:$H,4,0),\"\")","v":""},{"$f":"IFERROR(VLOOKUP(C7502,参数!B:H,3,FALSE),\"\")","v":""},"",1]
[7502,{"$nulls":6},{"$f":"IFERROR(VLOOKUP(C7503,参数!$B:$H,2,0),\"\")","v":""},{"$f":"IFERROR(VLOOKUP(C7503,参数!$B:$H,4,0),\"\")","v":""},{"$f":"IFERROR(VLOOKUP(C7503,参数!B:H,3,FALSE),\"\")","v":""},"",1]
[7503,{"$nulls":6},{"$f":"IFERROR(VLOOKUP(C7504,参数!$B:$H,2,0),\"\")","v":""},{"$f":"IFERROR(VLOOKUP(C7504,参数!$B:$H,4,0),\"\")","v":""},{"$f":"IFERROR(VLOOKUP(C7504,参数!B:H,3,FALSE),\"\")","v":""},"",1]
[7504,{"$nulls":6},{"$f":"IFERROR(VLOOKUP(C7505,参数!$B:$H,2,0),\"\")","v":""},{"$f":"IFERROR(VLOOKUP(C7505,参数!$B:$H,4,0),\"\")","v":""},{"$f":"IFERROR(VLOOKUP(C7505,参数!B:H,3,FALSE),\"\")","v":""},"",1]
[7505,{"$nulls":6},{"$f":"IFERROR(VLOOKUP(C7506,参数!$B:$H,2,0),\"\")","v":""},{"$f":"IFERROR(VLOOKUP(C7506,参数!$B:$H,4,0),\"\")","v":""},{"$f":"IFERROR(VLOOKUP(C7506,参数!B:H,3,FALSE),\"\")","v":""},"",1]
[7506,{"$nulls":6},{"$f":"IFERROR(VLOOKUP(C7507,参数!$B:$H,2,0),\"\")","v":""},{"$f":"IFERROR(VLOOKUP(C7507,参数!$B:$H,4,0),\"\")","v":""},{"$f":"IFERROR(VLOOKUP(C7507,参数!B:H,3,FALSE),\"\")","v":""},"",1]
[7507,{"$nulls":6},{"$f":"IFERROR(VLOOKUP(C7508,参数!$B:$H,2,0),\"\")","v":""},{"$f":"IFERROR(VLOOKUP(C7508,参数!$B:$H,4,0),\"\")","v":""},{"$f":"IFERROR(VLOOKUP(C7508,参数!B:H,3,FALSE),\"\")","v":""},"",1]
[7508,{"$nulls":6},{"$f":"IFERROR(VLOOKUP(C7509,参数!$B:$H,2,0),\"\")","v":""},{"$f":"IFERROR(VLOOKUP(C7509,参数!$B:$H,4,0),\"\")","v":""},{"$f":"IFERROR(VLOOKUP(C7509,参数!B:H,3,FALSE),\"\")","v":""},"",1]
[7509,{"$nulls":6},{"$f":"IFERROR(VLOOKUP(C7510,参数!$B:$H,2,0),\"\")","v":""},{"$f":"IFERROR(VLOOKUP(C7510,参数!$B:$H,4,0),\"\")","v":""},{"$f":"IFERROR(VLOOKUP(C7510,参数!B:H,3,FALSE),\"\")","v":""},"",1]
[7510,{"$nulls":6},{"$f":"IFERROR(VLOOKUP(C7511,参数!$B:$H,2,0),\"\")","v":""},{"$f":"IFERROR(VLOOKUP(C7511,参数!$B:$H,4,0),\"\")","v":""},{"$f":"IFERROR(VLOOKUP(C7511,参数!B:H,3,FALSE),\"\")","v":""},"",1]
[7511,{"$nulls":6},{"$f":"IFERROR(VLOOKUP(C7512,参数!$B:$H,2,0),\"\")","v":""},{"$f":"IFERROR(VLOOKUP(C7512,参数!$B:$H,4,0),\"\")","v":""},{"$f":"IFERROR(VLOOKUP(C7512,参数!B:H,3,FALSE),\"\")","v":""},"",1]
[7512,{"$nulls":6},{"$f":"IFERROR(VLOOKUP(C7513,参数!$B:$H,2,0),\"\")","v":""},{"$f":"IFERROR(VLOOKUP(C7513,参数!$B:$H,4,0),\"\")","v":""},{"$f":"IFERROR(VLOOKUP(C7513,参数!B:H,3,FALSE),\"\")","v":""},"",1]
[7513,{"$nulls":6},{"$f":"IFERROR(VLOOKUP(C7514,参数!$B:$H,2,0),\"\")","v":""},{"$f":"IFERROR(VLOOKUP(C7514,参数!$B:$H,4,0),\"\")","v":""},{"$f":"IFERROR(VLOOKUP(C7514,参数!B:H,3,FALSE),\"\")","v":""},"",1]
[7514,{"$nulls":6},{"$f":"IFERROR(VLOOKUP(C7515,参数!$B:$H,2,0),\"\")","v":""},{"$f":"IFERROR(VLOOKUP(C7515,参数!$B:$H,4,0),\"\")","v":""},{"$f":"IFERROR(VLOOKUP(C7515,参数!B:H,3,FALSE),\"\")","v":""},"",1]
[7515,{"$nulls":6},{"$f":"IFERROR(VLOOKUP(C7516,参数!$B:$H,2,0),\"\")","v":""},{"$f":"IFERROR(VLOOKUP(C7516,参数!$B:$H,4,0),\"\")","v":""},{"$f":"IFERROR(VLOOKUP(C7516,参数!B:H,3,FALSE),\"\")","v":""},"",1]
[7516,{"$nulls":6},{"$f":"IFERROR(VLOOKUP(C7517,参数!$B:$H,2,0),\"\")","v":""},{"$f":"IFERROR(VLOOKUP(C7517,参数!$B:$H,4,0),\"\")","v":""},{"$f":"IFERROR(VLOOKUP(C7517,参数!B:H,3,FALSE),\"\")","v":""},"",1]
[7517,{"$nulls":6},{"$f":"IFERROR(VLOOKUP(C7518,参数!$B:$H,2,0),\"\")","v":""},{"$f":"IFERROR(VLOOKUP(C7518,参数!$B:$H,4,0),\"\")","v":""},{"$f":"IFERROR(VLOOKUP(C7518,参数!B:H,3,FALSE),\"\")","v":""},"",1]
[7518,{"$nulls":6},{"$f":"IFERROR(VLOOKUP(C7519,参数!$B:$H,2,0),\"\")","v":""},{"$f":"IFERROR(VLOOKUP(C7519,参数!$B:$H,4,0),\"\")","v":""},{"$f":"IFERROR(VLOOKUP(C7519,参数!B:H,3,FALSE),\"\")","v":""},"",1]
[7519,{"$nulls":6},{"$f":"IFERROR(VLOOKUP(C7520,参数!$B:$H,2,0),\"\")","v":""},{"$f":"IFERROR(VLOOKUP(C7520,参数!$B:$H,4,0),\"\")","v":""},{"$f":"IFERROR(VLOOKUP(C7520,参数!B:H,3,FALSE),\"\")","v":""},"",1]
[7520,{"$nulls":6},{"$f":"IFERROR(VLOOKUP(C7521,参数!$B:$H,2,0),\"\")","v":""},{"$f":"IFERROR(VLOOKUP(C7521,参数!$B:$H,4,0),\"\")","v":""},{"$f":"IFERROR(VLOOKUP(C7521,参数!B:H,3,FALSE),\"\")","v":""},"",1]
[7521,{"$nulls":6},{"$f":"IFERROR(VLOOKUP(C7522,参数!$B:$H,2,0),\"\")","v":""},{"$f":"IFERROR(VLOOKUP(C7522,参数!$B:$H,4,0),\"\")","v":""},{"$f":"IFERROR(VLOOKUP(C7522,参数!B:H,3,FALSE),\"\")","v":""},"",1]
[7522,{"$nulls":6},{"$f":"IFERROR(VLOOKUP(C7523,参数!$B:$H,2,0),\"\")","v":""},{"$f":"IFERROR(VLOOKUP(C7523,参数!$B:$H,4,0),\"\")","v":""},{"$f":"IFERROR(VLOOKUP(C7523,参数!B:H,3,FALSE),\"\")","v":""},"",1]
[7523,{"$nulls":6},{"$f":"IFERROR(VLOOKUP(C7524,参数!$B:$H,2,0),\"\")","v":""},{"$f":"IFERROR(VLOOKUP(C7524,参数!$B:$H,4,0),\"\")","v":""},{"$f":"IFERROR(VLOOKUP(C7524,参数!B:H,3,FALSE),\"\")","v":""},"",1]
[7524,{"$nulls":6},{"$f":"IFERROR(VLOOKUP(C7525,参数!$B:$H,2,0),\"\")","v":""},{"$f":"IFERROR(VLOOKUP(C7525,参数!$B:$H,4,0),\"\")","v":""},{"$f":"IFERROR(VLOOKUP(C7525,参数!B:H,3,FALSE),\"\")","v":""},{"$f":"IFERROR(J7525*E7525,\"\")","v":""},1]
[7525,{"$nulls":6},{"$f":"IFERROR(VLOOKUP(C7526,参数!$B:$H,2,0),\"\")","v":""},{"$f":"IFERROR(VLOOKUP(C7526,参数!$B:$H,4,0),\"\")","v":""},{"$f":"IFERROR(VLOOKUP(C7526,参数!B:H,3,FALSE),\"\")","v":""},"",1]
[7526,{"$nulls":6},{"$f":"IFERROR(VLOOKUP(C7527,参数!$B:$H,2,0),\"\")","v":""},{"$f":"IFERROR(VLOOKUP(C7527,参数!$B:$H,4,0),\"\")","v":""},{"$f":"IFERROR(VLOOKUP(C7527,参数!B:H,3,FALSE),\"\")","v":""},"",1]
[7527,{"$nulls":6},{"$f":"IFERROR(VLOOKUP(C7528,参数!$B:$H,2,0),\"\")","v":""},{"$f":"IFERROR(VLOOKUP(C7528,参数!$B:$H,4,0),\"\")","v":""},{"$f":"IFERROR(VLOOKUP(C7528,参数!B:H,3,FALSE),\"\")","v":""},"",1]
[7528,{"$nulls":6},{"$f":"IFERROR(VLOOKUP(C7529,参数!$B:$H,2,0),\"\")","v":""},{"$f":"IFERROR(VLOOKUP(C7529,参数!$B:$H,4,0),\"\")","v":""},{"$f":"IFERROR(VLOOKUP(C7529,参数!B:H,3,FALSE),\"\")","v":""},"",1]
[7529,{"$nulls":6},{"$f":"IFERROR(VLOOKUP(C7530,参数!$B:$H,2,0),\"\")","v":""},{"$f":"IFERROR(VLOOKUP(C7530,参数!$B:$H,4,0),\"\")","v":""},{"$f":"IFERROR(VLOOKUP(C7530,参数!B:H,3,FALSE),\"\")","v":""},"",1]
[7530,{"$nulls":6},{"$f":"IFERROR(VLOOKUP(C7531,参数!$B:$H,2,0),\"\")","v":""},{"$f":"IFERROR(VLOOKUP(C7531,参数!$B:$H,4,0),\"\")","v":""},{"$f":"IFERROR(VLOOKUP(C7531,参数!B:H,3,FALSE),\"\")","v":""},"",1]
[7531,{"$nulls":6},{"$f":"IFERROR(VLOOKUP(C7532,参数!$B:$H,2,0),\"\")","v":""},{"$f":"IFERROR(VLOOKUP(C7532,参数!$B:$H,4,0),\"\")","v":""},{"$f":"IFERROR(VLOOKUP(C7532,参数!B:H,3,FALSE),\"\")","v":""},"",1]
[7532,{"$nulls":6},{"$f":"IFERROR(VLOOKUP(C7533,参数!$B:$H,2,0),\"\")","v":""},{"$f":"IFERROR(VLOOKUP(C7533,参数!$B:$H,4,0),\"\")","v":""},{"$f":"IFERROR(VLOOKUP(C7533,参数!B:H,3,FALSE),\"\")","v":""},"",1]
[7533,{"$nulls":6},{"$f":"IFERROR(VLOOKUP(C7534,参数!$B:$H,2,0),\"\")","v":""},{"$f":"IFERROR(VLOOKUP(C7534,参数!$B:$H,4,0),\"\")","v":""},{"$f":"IFERROR(VLOOKUP(C7534,参数!B:H,3,FALSE),\"\")","v":""},"",1]
[7534,{"$nulls":6},{"$f":"IFERROR(VLOOKUP(C7535,参数!$B:$H,2,0),\"\")","v":""},{"$f":"IFERROR(VLOOKUP(C7535,参数!$B:$H,4,0),\"\")","v":""},{"$f":"IFERROR(VLOOKUP(C7535,参数!B:H,3,FALSE),\"\")","v":""},"",1]
[7535,{"$nulls":6},{"$f":"IFERROR(VLOOKUP(C7536,参数!$B:$H,2,0),\"\")","v":""},{"$f":"IFERROR(VLOOKUP(C7536,参数!$B:$H,4,0),\"\")","v":""},{"$f":"IFERROR(VLOOKUP(C7536,参数!B:H,3,FALSE),\"\")","v":""},"",1]
[7536,{"$nulls":6},{"$f":"IFERROR(VLOOKUP(C7537,参数!$B:$H,2,0),\"\")","v":""},{"$f":"IFERROR(VLOOKUP(C7537,参数!$B:$H,4,0),\"\")","v":""},{"$f":"IFERROR(VLOOKUP(C7537,参数!B:H,3,FALSE),\"\")","v":""},"",1]
[7537,{"$nulls":6},{"$f":"IFERROR(VLOOKUP(C7538,参数!$B:$H,2,0),\"\")","v":""},{"$f":"IFERROR(VLOOKUP(C7538,参数!$B:$H,4,0),\"\")","v":""},{"$f":"IFERROR(VLOOKUP(C7538,参数!B:H,3,FALSE),\"\")","v":""},"",1]
[7538,{"$nulls":6},{"$f":"IFERROR(VLOOKUP(C7539,参数!$B:$H,2,0),\"\")","v":""},{"$f":"IFERROR(VLOOKUP(C7539,参数!$B:$H,4,0),\"\")","v":""},{"$f":"IFERROR(VLOOKUP(C7539,参数!B:H,3,FALSE),\"\")","v":""},"",1]
[7539,{"$nulls":6},{"$f":"IFERROR(VLOOKUP(C7540,参数!$B:$H,2,0),\"\")","v":""},{"$f":"IFERROR(VLOOKUP(C7540,参数!$B:$H,4,0),\"\")","v":""},{"$f":"IFERROR(VLOOKUP(C7540,参数!B:H,3,FALSE),\"\")","v":""},"",1]
[7540,{"$nulls":6},{"$f":"IFERROR(VLOOKUP(C7541,参数!$B:$H,2,0),\"\")","v":""},{"$f":"IFERROR(VLOOKUP(C7541,参数!$B:$H,4,0),\"\")","v":""},{"$f":"IFERROR(VLOOKUP(C7541,参数!B:H,3,FALSE),\"\")","v":""},"",1]
[7541,{"$nulls":6},{"$f":"IFERROR(VLOOKUP(C7542,参数!$B:$H,2,0),\"\")","v":""},{"$f":"IFERROR(VLOOKUP(C7542,参数!$B:$H,4,0),\"\")","v":""},{"$f":"IFERROR(VLOOKUP(C7542,参数!B:H,3,FALSE),\"\")","v":""},"",1]
[7542,{"$nulls":6},{"$f":"IFERROR(VLOOKUP(C7543,参数!$B:$H,2,0),\"\")","v":""},{"$f":"IFERROR(VLOOKUP(C7543,参数!$B:$H,4,0),\"\")","v":""},{"$f":"IFERROR(VLOOKUP(C7543,参数!B:H,3,FALSE),\"\")","v":""},"",1]
[7543,{"$nulls":6},{"$f":"IFERROR(VLOOKUP(C7544,参数!$B:$H,2,0),\"\")","v":""},{"$f":"IFERROR(VLOOKUP(C7544,参数!$B:$H,4,0),\"\")","v":""},{"$f":"IFERROR(VLOOKUP(C7544,参数!B:H,3,FALSE),\"\")","v":""},"",1]
[7544,{"$nulls":6},{"$f":"IFERROR(VLOOKUP(C7545,参数!$B:$H,2,0),\"\")","v":""},{"$f":"IFERROR(VLOOKUP(C7545,参数!$B:$H,4,0),\"\")","v":""},{"$f":"IFERROR(VLOOKUP(C7545,参数!B:H,3,FALSE),\"\")","v":""},"",1]
[7545,{"$nulls":6},{"$f":"IFERROR(VLOOKUP(C7546,参数!$B:$H,2,0),\"\")","v":""},{"$f":"IFERROR(VLOOKUP(C7546,参数!$B:$H,4,0),\"\")","v":""},{"$f":"IFERROR(VLOOKUP(C7546,参数!B:H,3,FALSE),\"\")","v":""},"",1]
[7546,{"$nulls":6},{"$f":"IFERROR(VLOOKUP(C7547,参数!$B:$H,2,0),\"\")","v":""},{"$f":"IFERROR(VLOOKUP(C7547,参数!$B:$H,4,0),\"\")","v":""},{"$f":"IFERROR(VLOOKUP(C7547,参数!B:H,3,FALSE),\"\")","v":""},"",1]
[7547,{"$nulls":6},{"$f":"IFERROR(VLOOKUP(C7548,参数!$B:$H,2,0),\"\")","v":""},{"$f":"IFERROR(VLOOKUP(C7548,参数!$B:$H,4,0),\"\")","v":""},{"$f":"IFERROR(VLOOKUP(C7548,参数!B:H,3,FALSE),\"\")","v":""},"",1]
[7548,{"$nulls":6},{"$f":"IFERROR(VLOOKUP(C7549,参数!$B:$H,2,0),\"\")","v":""},{"$f":"IFERROR(VLOOKUP(C7549,参数!$B:$H,4,0),\"\")","v":""},{"$f":"IFERROR(VLOOKUP(C7549,参数!B:H,3,FALSE),\"\")","v":""},"",1]
[7549,{"$nulls":6},{"$f":"IFERROR(VLOOKUP(C7550,参数!$B:$H,2,0),\"\")","v":""},{"$f":"IFERROR(VLOOKUP(C7550,参数!$B:$H,4,0),\"\")","v":""},{"$f":"IFERROR(VLOOKUP(C7550,参数!B:H,3,FALSE),\"\")","v":""},"",1]
[7550,{"$nulls":6},{"$f":"IFERROR(VLOOKUP(C7551,参数!$B:$H,2,0),\"\")","v":""},{"$f":"IFERROR(VLOOKUP(C7551,参数!$B:$H,4,0),\"\")","v":""},{"$f":"IFERROR(VLOOKUP(C7551,参数!B:H,3,FALSE),\"\")","v":""},"",1]
[7551,{"$nulls":6},{"$f":"IFERROR(VLOOKUP(C7552,参数!$B:$H,2,0),\"\")","v":""},{"$f":"IFERROR(VLOOKUP(C7552,参数!$B:$H,4,0),\"\")","v":""},{"$f":"IFERROR(VLOOKUP(C7552,参数!B:H,3,FALSE),\"\")","v":""},"",1]
[7552,{"$nulls":6},{"$f":"IFERROR(VLOOKUP(C7553,参数!$B:$H,2,0),\"\")","v":""},{"$f":"IFERROR(VLOOKUP(C7553,参数!$B:$H,4,0),\"\")","v":""},{"$f":"IFERROR(VLOOKUP(C7553,参数!B:H,3,FALSE),\"\")","v":""},"",1]
[7553,{"$nulls":6},{"$f":"IFERROR(VLOOKUP(C7554,参数!$B:$H,2,0),\"\")","v":""},{"$f":"IFERROR(VLOOKUP(C7554,参数!$B:$H,4,0),\"\")","v":""},{"$f":"IFERROR(VLOOKUP(C7554,参数!B:H,3,FALSE),\"\")","v":""},"",{"$f":"VALUE(MONTH(B7554))","v":1}]
[7554,{"$nulls":6},{"$f":"IFERROR(VLOOKUP(C7555,参数!$B:$H,2,0),\"\")","v":""},{"$f":"IFERROR(VLOOKUP(C7555,参数!$B:$H,4,0),\"\")","v":""},{"$f":"IFERROR(VLOOKUP(C7555,参数!B:H,3,FALSE),\"\")","v":""},"",1]
[7555,{"$nulls":6},{"$f":"IFERROR(VLOOKUP(C7556,参数!$B:$H,2,0),\"\")","v":""},{"$f":"IFERROR(VLOOKUP(C7556,参数!$B:$H,4,0),\"\")","v":""},{"$f":"IFERROR(VLOOKUP(C7556,参数!B:H,3,FALSE),\"\")","v":""},"",1]
[7556,{"$nulls":6},{"$f":"IFERROR(VLOOKUP(C7557,参数!$B:$H,2,0),\"\")","v":""},{"$f":"IFERROR(VLOOKUP(C7557,参数!$B:$H,4,0),\"\")","v":""},{"$f":"IFERROR(VLOOKUP(C7557,参数!B:H,3,FALSE),\"\")","v":""},"",1]
[7557,{"$nulls":6},{"$f":"IFERROR(VLOOKUP(C7558,参数!$B:$H,2,0),\"\")","v":""},{"$f":"IFERROR(VLOOKUP(C7558,参数!$B:$H,4,0),\"\")","v":""},{"$f":"IFERROR(VLOOKUP(C7558,参数!B:H,3,FALSE),\"\")","v":""},"",1]
[7558,{"$nulls":6},{"$f":"IFERROR(VLOOKUP(C7559,参数!$B:$H,2,0),\"\")","v":""},{"$f":"IFERROR(VLOOKUP(C7559,参数!$B:$H,4,0),\"\")","v":""},{"$f":"IFERROR(VLOOKUP(C7559,参数!B:H,3,FALSE),\"\")","v":""},"",1]
[7559,{"$nulls":6},{"$f":"IFERROR(VLOOKUP(C7560,参数!$B:$H,2,0),\"\")","v":""},{"$f":"IFERROR(VLOOKUP(C7560,参数!$B:$H,4,0),\"\")","v":""},{"$f":"IFERROR(VLOOKUP(C7560,参数!B:H,3,FALSE),\"\")","v":""},"",1]
[7560,{"$nulls":6},{"$f":"IFERROR(VLOOKUP(C7561,参数!$B:$H,2,0),\"\")","v":""},{"$f":"IFERROR(VLOOKUP(C7561,参数!$B:$H,4,0),\"\")","v":""},{"$f":"IFERROR(VLOOKUP(C7561,参数!B:H,3,FALSE),\"\")","v":""},"",1]
[7561,{"$nulls":6},{"$f":"IFERROR(VLOOKUP(C7562,参数!$B:$H,2,0),\"\")","v":""},{"$f":"IFERROR(VLOOKUP(C7562,参数!$B:$H,4,0),\"\")","v":""},{"$f":"IFERROR(VLOOKUP(C7562,参数!B:H,3,FALSE),\"\")","v":""},"",1]
[7562,{"$nulls":6},{"$f":"IFERROR(VLOOKUP(C7563,参数!$B:$H,2,0),\"\")","v":""},{"$f":"IFERROR(VLOOKUP(C7563,参数!$B:$H,4,0),\"\")","v":""},{"$f":"IFERROR(VLOOKUP(C7563,参数!B:H,3,FALSE),\"\")","v":""},"",1]
[7563,{"$nulls":6},{"$f":"IFERROR(VLOOKUP(C7564,参数!$B:$H,2,0),\"\")","v":""},{"$f":"IFERROR(VLOOKUP(C7564,参数!$B:$H,4,0),\"\")","v":""},{"$f":"IFERROR(VLOOKUP(C7564,参数!B:H,3,FALSE),\"\")","v":""},"",1]
[7564,{"$nulls":6},{"$f":"IFERROR(VLOOKUP(C7565,参数!$B:$H,2,0),\"\")","v":""},{"$f":"IFERROR(VLOOKUP(C7565,参数!$B:$H,4,0),\"\")","v":""},{"$f":"IFERROR(VLOOKUP(C7565,参数!B:H,3,FALSE),\"\")","v":""},"",1]
[7565,{"$nulls":6},{"$f":"IFERROR(VLOOKUP(C7566,参数!$B:$H,2,0),\"\")","v":""},{"$f":"IFERROR(VLOOKUP(C7566,参数!$B:$H,4,0),\"\")","v":""},{"$f":"IFERROR(VLOOKUP(C7566,参数!B:H,3,FALSE),\"\")","v":""},"",1]
[7566,{"$nulls":6},{"$f":"IFERROR(VLOOKUP(C7567,参数!$B:$H,2,0),\"\")","v":""},{"$f":"IFERROR(VLOOKUP(C7567,参数!$B:$H,4,0),\"\")","v":""},{"$f":"IFERROR(VLOOKUP(C7567,参数!B:H,3,FALSE),\"\")","v":""},"",1]
[7567,{"$nulls":6},{"$f":"IFERROR(VLOOKUP(C7568,参数!$B:$H,2,0),\"\")","v":""},{"$f":"IFERROR(VLOOKUP(C7568,参数!$B:$H,4,0),\"\")","v":""},{"$f":"IFERROR(VLOOKUP(C7568,参数!B:H,3,FALSE),\"\")","v":""},"",1]
[7568,{"$nulls":6},{"$f":"IFERROR(VLOOKUP(C7569,参数!$B:$H,2,0),\"\")","v":""},{"$f":"IFERROR(VLOOKUP(C7569,参数!$B:$H,4,0),\"\")","v":""},{"$f":"IFERROR(VLOOKUP(C7569,参数!B:H,3,FALSE),\"\")","v":""},"",1]
[7569,{"$nulls":6},{"$f":"IFERROR(VLOOKUP(C7570,参数!$B:$H,2,0),\"\")","v":""},{"$f":"IFERROR(VLOOKUP(C7570,参数!$B:$H,4,0),\"\")","v":""},{"$f":"IFERROR(VLOOKUP(C7570,参数!B:H,3,FALSE),\"\")","v":""},"",1]
[7570,{"$nulls":6},{"$f":"IFERROR(VLOOKUP(C7571,参数!$B:$H,2,0),\"\")","v":""},{"$f":"IFERROR(VLOOKUP(C7571,参数!$B:$H,4,0),\"\")","v":""},{"$f":"IFERROR(VLOOKUP(C7571,参数!B:H,3,FALSE),\"\")","v":""},"",1]
[7571,{"$nulls":6},{"$f":"IFERROR(VLOOKUP(C7572,参数!$B:$H,2,0),\"\")","v":""},{"$f":"IFERROR(VLOOKUP(C7572,参数!$B:$H,4,0),\"\")","v":""},{"$f":"IFERROR(VLOOKUP(C7572,参数!B:H,3,FALSE),\"\")","v":""},"",1]
[7572,{"$nulls":6},{"$f":"IFERROR(VLOOKUP(C7573,参数!$B:$H,2,0),\"\")","v":""},{"$f":"IFERROR(VLOOKUP(C7573,参数!$B:$H,4,0),\"\")","v":""},{"$f":"IFERROR(VLOOKUP(C7573,参数!B:H,3,FALSE),\"\")","v":""},"",1]
[7573,{"$nulls":6},{"$f":"IFERROR(VLOOKUP(C7574,参数!$B:$H,2,0),\"\")","v":""},{"$f":"IFERROR(VLOOKUP(C7574,参数!$B:$H,4,0),\"\")","v":""},{"$f":"IFERROR(VLOOKUP(C7574,参数!B:H,3,FALSE),\"\")","v":""},"",1]
[7574,{"$nulls":6},{"$f":"IFERROR(VLOOKUP(C7575,参数!$B:$H,2,0),\"\")","v":""},{"$f":"IFERROR(VLOOKUP(C7575,参数!$B:$H,4,0),\"\")","v":""},{"$f":"IFERROR(VLOOKUP(C7575,参数!B:H,3,FALSE),\"\")","v":""},"",1]
[7575,{"$nulls":6},{"$f":"IFERROR(VLOOKUP(C7576,参数!$B:$H,2,0),\"\")","v":""},{"$f":"IFERROR(VLOOKUP(C7576,参数!$B:$H,4,0),\"\")","v":""},{"$f":"IFERROR(VLOOKUP(C7576,参数!B:H,3,FALSE),\"\")","v":""},"",1]
[7576,{"$nulls":6},{"$f":"IFERROR(VLOOKUP(C7577,参数!$B:$H,2,0),\"\")","v":""},{"$f":"IFERROR(VLOOKUP(C7577,参数!$B:$H,4,0),\"\")","v":""},{"$f":"IFERROR(VLOOKUP(C7577,参数!B:H,3,FALSE),\"\")","v":""},"",1]
[7577,{"$nulls":6},{"$f":"IFERROR(VLOOKUP(C7578,参数!$B:$H,2,0),\"\")","v":""},{"$f":"IFERROR(VLOOKUP(C7578,参数!$B:$H,4,0),\"\")","v":""},{"$f":"IFERROR(VLOOKUP(C7578,参数!B:H,3,FALSE),\"\")","v":""},"",1]
[7578,{"$nulls":6},{"$f":"IFERROR(VLOOKUP(C7579,参数!$B:$H,2,0),\"\")","v":""},{"$f":"IFERROR(VLOOKUP(C7579,参数!$B:$H,4,0),\"\")","v":""},{"$f":"IFERROR(VLOOKUP(C7579,参数!B:H,3,FALSE),\"\")","v":""},"",1]
[7579,{"$nulls":6},{"$f":"IFERROR(VLOOKUP(C7580,参数!$B:$H,2,0),\"\")","v":""},{"$f":"IFERROR(VLOOKUP(C7580,参数!$B:$H,4,0),\"\")","v":""},{"$f":"IFERROR(VLOOKUP(C7580,参数!B:H,3,FALSE),\"\")","v":""},"",1]
[7580,{"$nulls":6},{"$f":"IFERROR(VLOOKUP(C7581,参数!$B:$H,2,0),\"\")","v":""},{"$f":"IFERROR(VLOOKUP(C7581,参数!$B:$H,4,0),\"\")","v":""},{"$f":"IFERROR(VLOOKUP(C7581,参数!B:H,3,FALSE),\"\")","v":""},"",1]
[7581,{"$nulls":6},{"$f":"IFERROR(VLOOKUP(C7582,参数!$B:$H,2,0),\"\")","v":""},{"$f":"IFERROR(VLOOKUP(C7582,参数!$B:$H,4,0),\"\")","v":""},{"$f":"IFERROR(VLOOKUP(C7582,参数!B:H,3,FALSE),\"\")","v":""},"",1]
[7582,{"$nulls":6},{"$f":"IFERROR(VLOOKUP(C7583,参数!$B:$H,2,0),\"\")","v":""},{"$f":"IFERROR(VLOOKUP(C7583,参数!$B:$H,4,0),\"\")","v":""},{"$f":"IFERROR(VLOOKUP(C7583,参数!B:H,3,FALSE),\"\")","v":""},"",1]
[7583,{"$nulls":6},{"$f":"IFERROR(VLOOKUP(C7584,参数!$B:$H,2,0),\"\")","v":""},{"$f":"IFERROR(VLOOKUP(C7584,参数!$B:$H,4,0),\"\")","v":""},{"$f":"IFERROR(VLOOKUP(C7584,参数!B:H,3,FALSE),\"\")","v":""},"",1]
[7584,{"$nulls":6},{"$f":"IFERROR(VLOOKUP(C7585,参数!$B:$H,2,0),\"\")","v":""},{"$f":"IFERROR(VLOOKUP(C7585,参数!$B:$H,4,0),\"\")","v":""},{"$f":"IFERROR(VLOOKUP(C7585,参数!B:H,3,FALSE),\"\")","v":""},"",1]
[7585,{"$nulls":6},{"$f":"IFERROR(VLOOKUP(C7586,参数!$B:$H,2,0),\"\")","v":""},{"$f":"IFERROR(VLOOKUP(C7586,参数!$B:$H,4,0),\"\")","v":""},{"$f":"IFERROR(VLOOKUP(C7586,参数!B:H,3,FALSE),\"\")","v":""},"",1]
[7586,{"$nulls":6},{"$f":"IFERROR(VLOOKUP(C7587,参数!$B:$H,2,0),\"\")","v":""},{"$f":"IFERROR(VLOOKUP(C7587,参数!$B:$H,4,0),\"\")","v":""},{"$f":"IFERROR(VLOOKUP(C7587,参数!B:H,3,FALSE),\"\")","v":""},"",1]
[7587,{"$nulls":6},{"$f":"IFERROR(VLOOKUP(C7588,参数!$B:$H,2,0),\"\")","v":""},{"$f":"IFERROR(VLOOKUP(C7588,参数!$B:$H,4,0),\"\")","v":""},{"$f":"IFERROR(VLOOKUP(C7588,参数!B:H,3,FALSE),\"\")","v":""},"",1]
[7588,{"$nulls":6},{"$f":"IFERROR(VLOOKUP(C7589,参数!$B:$H,2,0),\"\")","v":""},{"$f":"IFERROR(VLOOKUP(C7589,参数!$B:$H,4,0),\"\")","v":""},{"$f":"IFERROR(VLOOKUP(C7589,参数!B:H,3,FALSE),\"\")","v":""},{"$f":"IFERROR(J7589*E7589,\"\")","v":""},1]
[7589,{"$nulls":6},{"$f":"IFERROR(VLOOKUP(C7590,参数!$B:$H,2,0),\"\")","v":""},{"$f":"IFERROR(VLOOKUP(C7590,参数!$B:$H,4,0),\"\")","v":""},{"$f":"IFERROR(VLOOKUP(C7590,参数!B:H,3,FALSE),\"\")","v":""},"",1]
[7590,{"$nulls":6},{"$f":"IFERROR(VLOOKUP(C7591,参数!$B:$H,2,0),\"\")","v":""},{"$f":"IFERROR(VLOOKUP(C7591,参数!$B:$H,4,0),\"\")","v":""},{"$f":"IFERROR(VLOOKUP(C7591,参数!B:H,3,FALSE),\"\")","v":""},"",1]
[7591,{"$nulls":6},{"$f":"IFERROR(VLOOKUP(C7592,参数!$B:$H,2,0),\"\")","v":""},{"$f":"IFERROR(VLOOKUP(C7592,参数!$B:$H,4,0),\"\")","v":""},{"$f":"IFERROR(VLOOKUP(C7592,参数!B:H,3,FALSE),\"\")","v":""},"",1]
[7592,{"$nulls":6},{"$f":"IFERROR(VLOOKUP(C7593,参数!$B:$H,2,0),\"\")","v":""},{"$f":"IFERROR(VLOOKUP(C7593,参数!$B:$H,4,0),\"\")","v":""},{"$f":"IFERROR(VLOOKUP(C7593,参数!B:H,3,FALSE),\"\")","v":""},"",1]
[7593,{"$nulls":6},{"$f":"IFERROR(VLOOKUP(C7594,参数!$B:$H,2,0),\"\")","v":""},{"$f":"IFERROR(VLOOKUP(C7594,参数!$B:$H,4,0),\"\")","v":""},{"$f":"IFERROR(VLOOKUP(C7594,参数!B:H,3,FALSE),\"\")","v":""},"",1]
[7594,{"$nulls":6},{"$f":"IFERROR(VLOOKUP(C7595,参数!$B:$H,2,0),\"\")","v":""},{"$f":"IFERROR(VLOOKUP(C7595,参数!$B:$H,4,0),\"\")","v":""},{"$f":"IFERROR(VLOOKUP(C7595,参数!B:H,3,FALSE),\"\")","v":""},"",1]
[7595,{"$nulls":6},{"$f":"IFERROR(VLOOKUP(C7596,参数!$B:$H,2,0),\"\")","v":""},{"$f":"IFERROR(VLOOKUP(C7596,参数!$B:$H,4,0),\"\")","v":""},{"$f":"IFERROR(VLOOKUP(C7596,参数!B:H,3,FALSE),\"\")","v":""},"",1]
[7596,{"$nulls":6},{"$f":"IFERROR(VLOOKUP(C7597,参数!$B:$H,2,0),\"\")","v":""},{"$f":"IFERROR(VLOOKUP(C7597,参数!$B:$H,4,0),\"\")","v":""},{"$f":"IFERROR(VLOOKUP(C7597,参数!B:H,3,FALSE),\"\")","v":""},"",1]
[7597,{"$nulls":6},{"$f":"IFERROR(VLOOKUP(C7598,参数!$B:$H,2,0),\"\")","v":""},{"$f":"IFERROR(VLOOKUP(C7598,参数!$B:$H,4,0),\"\")","v":""},{"$f":"IFERROR(VLOOKUP(C7598,参数!B:H,3,FALSE),\"\")","v":""},"",1]
[7598,{"$nulls":6},{"$f":"IFERROR(VLOOKUP(C7599,参数!$B:$H,2,0),\"\")","v":""},{"$f":"IFERROR(VLOOKUP(C7599,参数!$B:$H,4,0),\"\")","v":""},{"$f":"IFERROR(VLOOKUP(C7599,参数!B:H,3,FALSE),\"\")","v":""},"",1]
[7599,{"$nulls":6},{"$f":"IFERROR(VLOOKUP(C7600,参数!$B:$H,2,0),\"\")","v":""},{"$f":"IFERROR(VLOOKUP(C7600,参数!$B:$H,4,0),\"\")","v":""},{"$f":"IFERROR(VLOOKUP(C7600,参数!B:H,3,FALSE),\"\")","v":""},"",1]
[7600,{"$nulls":6},{"$f":"IFERROR(VLOOKUP(C7601,参数!$B:$H,2,0),\"\")","v":""},{"$f":"IFERROR(VLOOKUP(C7601,参数!$B:$H,4,0),\"\")","v":""},{"$f":"IFERROR(VLOOKUP(C7601,参数!B:H,3,FALSE),\"\")","v":""},"",1]
[7601,{"$nulls":6},{"$f":"IFERROR(VLOOKUP(C7602,参数!$B:$H,2,0),\"\")","v":""},{"$f":"IFERROR(VLOOKUP(C7602,参数!$B:$H,4,0),\"\")","v":""},{"$f":"IFERROR(VLOOKUP(C7602,参数!B:H,3,FALSE),\"\")","v":""},"",1]
[7602,{"$nulls":6},{"$f":"IFERROR(VLOOKUP(C7603,参数!$B:$H,2,0),\"\")","v":""},{"$f":"IFERROR(VLOOKUP(C7603,参数!$B:$H,4,0),\"\")","v":""},{"$f":"IFERROR(VLOOKUP(C7603,参数!B:H,3,FALSE),\"\")","v":""},"",1]
[7603,{"$nulls":6},{"$f":"IFERROR(VLOOKUP(C7604,参数!$B:$H,2,0),\"\")","v":""},{"$f":"IFERROR(VLOOKUP(C7604,参数!$B:$H,4,0),\"\")","v":""},{"$f":"IFERROR(VLOOKUP(C7604,参数!B:H,3,FALSE),\"\")","v":""},"",1]
[7604,{"$nulls":6},{"$f":"IFERROR(VLOOKUP(C7605,参数!$B:$H,2,0),\"\")","v":""},{"$f":"IFERROR(VLOOKUP(C7605,参数!$B:$H,4,0),\"\")","v":""},{"$f":"IFERROR(VLOOKUP(C7605,参数!B:H,3,FALSE),\"\")","v":""},"",1]
[7605,{"$nulls":6},{"$f":"IFERROR(VLOOKUP(C7606,参数!$B:$H,2,0),\"\")","v":""},{"$f":"IFERROR(VLOOKUP(C7606,参数!$B:$H,4,0),\"\")","v":""},{"$f":"IFERROR(VLOOKUP(C7606,参数!B:H,3,FALSE),\"\")","v":""},"",1]
[7606,{"$nulls":6},{"$f":"IFERROR(VLOOKUP(C7607,参数!$B:$H,2,0),\"\")","v":""},{"$f":"IFERROR(VLOOKUP(C7607,参数!$B:$H,4,0),\"\")","v":""},{"$f":"IFERROR(VLOOKUP(C7607,参数!B:H,3,FALSE),\"\")","v":""},"",1]
[7607,{"$nulls":6},{"$f":"IFERROR(VLOOKUP(C7608,参数!$B:$H,2,0),\"\")","v":""},{"$f":"IFERROR(VLOOKUP(C7608,参数!$B:$H,4,0),\"\")","v":""},{"$f":"IFERROR(VLOOKUP(C7608,参数!B:H,3,FALSE),\"\")","v":""},"",1]
[7608,{"$nulls":6},{"$f":"IFERROR(VLOOKUP(C7609,参数!$B:$H,2,0),\"\")","v":""},{"$f":"IFERROR(VLOOKUP(C7609,参数!$B:$H,4,0),\"\")","v":""},{"$f":"IFERROR(VLOOKUP(C7609,参数!B:H,3,FALSE),\"\")","v":""},"",1]
[7609,{"$nulls":6},{"$f":"IFERROR(VLOOKUP(C7610,参数!$B:$H,2,0),\"\")","v":""},{"$f":"IFERROR(VLOOKUP(C7610,参数!$B:$H,4,0),\"\")","v":""},{"$f":"IFERROR(VLOOKUP(C7610,参数!B:H,3,FALSE),\"\")","v":""},"",1]
[7610,{"$nulls":6},{"$f":"IFERROR(VLOOKUP(C7611,参数!$B:$H,2,0),\"\")","v":""},{"$f":"IFERROR(VLOOKUP(C7611,参数!$B:$H,4,0),\"\")","v":""},{"$f":"IFERROR(VLOOKUP(C7611,参数!B:H,3,FALSE),\"\")","v":""},"",1]
[7611,{"$nulls":6},{"$f":"IFERROR(VLOOKUP(C7612,参数!$B:$H,2,0),\"\")","v":""},{"$f":"IFERROR(VLOOKUP(C7612,参数!$B:$H,4,0),\"\")","v":""},{"$f":"IFERROR(VLOOKUP(C7612,参数!B:H,3,FALSE),\"\")","v":""},"",1]
[7612,{"$nulls":6},{"$f":"IFERROR(VLOOKUP(C7613,参数!$B:$H,2,0),\"\")","v":""},{"$f":"IFERROR(VLOOKUP(C7613,参数!$B:$H,4,0),\"\")","v":""},{"$f":"IFERROR(VLOOKUP(C7613,参数!B:H,3,FALSE),\"\")","v":""},"",1]
[7613,{"$nulls":6},{"$f":"IFERROR(VLOOKUP(C7614,参数!$B:$H,2,0),\"\")","v":""},{"$f":"IFERROR(VLOOKUP(C7614,参数!$B:$H,4,0),\"\")","v":""},{"$f":"IFERROR(VLOOKUP(C7614,参数!B:H,3,FALSE),\"\")","v":""},"",1]
[7614,{"$nulls":6},{"$f":"IFERROR(VLOOKUP(C7615,参数!$B:$H,2,0),\"\")","v":""},{"$f":"IFERROR(VLOOKUP(C7615,参数!$B:$H,4,0),\"\")","v":""},{"$f":"IFERROR(VLOOKUP(C7615,参数!B:H,3,FALSE),\"\")","v":""},"",1]
[7615,{"$nulls":6},{"$f":"IFERROR(VLOOKUP(C7616,参数!$B:$H,2,0),\"\")","v":""},{"$f":"IFERROR(VLOOKUP(C7616,参数!$B:$H,4,0),\"\")","v":""},{"$f":"IFERROR(VLOOKUP(C7616,参数!B:H,3,FALSE),\"\")","v":""},"",1]
[7616,{"$nulls":6},{"$f":"IFERROR(VLOOKUP(C7617,参数!$B:$H,2,0),\"\")","v":""},{"$f":"IFERROR(VLOOKUP(C7617,参数!$B:$H,4,0),\"\")","v":""},{"$f":"IFERROR(VLOOKUP(C7617,参数!B:H,3,FALSE),\"\")","v":""},"",1]
[7617,{"$nulls":6},{"$f":"IFERROR(VLOOKUP(C7618,参数!$B:$H,2,0),\"\")","v":""},{"$f":"IFERROR(VLOOKUP(C7618,参数!$B:$H,4,0),\"\")","v":""},{"$f":"IFERROR(VLOOKUP(C7618,参数!B:H,3,FALSE),\"\")","v":""},"",{"$f":"VALUE(MONTH(B7618))","v":1}]
[7618,{"$nulls":6},{"$f":"IFERROR(VLOOKUP(C7619,参数!$B:$H,2,0),\"\")","v":""},{"$f":"IFERROR(VLOOKUP(C7619,参数!$B:$H,4,0),\"\")","v":""},{"$f":"IFERROR(VLOOKUP(C7619,参数!B:H,3,FALSE),\"\")","v":""},"",1]
[7619,{"$nulls":6},{"$f":"IFERROR(VLOOKUP(C7620,参数!$B:$H,2,0),\"\")","v":""},{"$f":"IFERROR(VLOOKUP(C7620,参数!$B:$H,4,0),\"\")","v":""},{"$f":"IFERROR(VLOOKUP(C7620,参数!B:H,3,FALSE),\"\")","v":""},"",1]
[7620,{"$nulls":6},{"$f":"IFERROR(VLOOKUP(C7621,参数!$B:$H,2,0),\"\")","v":""},{"$f":"IFERROR(VLOOKUP(C7621,参数!$B:$H,4,0),\"\")","v":""},{"$f":"IFERROR(VLOOKUP(C7621,参数!B:H,3,FALSE),\"\")","v":""},"",1]
[7621,{"$nulls":6},{"$f":"IFERROR(VLOOKUP(C7622,参数!$B:$H,2,0),\"\")","v":""},{"$f":"IFERROR(VLOOKUP(C7622,参数!$B:$H,4,0),\"\")","v":""},{"$f":"IFERROR(VLOOKUP(C7622,参数!B:H,3,FALSE),\"\")","v":""},"",1]
[7622,{"$nulls":6},{"$f":"IFERROR(VLOOKUP(C7623,参数!$B:$H,2,0),\"\")","v":""},{"$f":"IFERROR(VLOOKUP(C7623,参数!$B:$H,4,0),\"\")","v":""},{"$f":"IFERROR(VLOOKUP(C7623,参数!B:H,3,FALSE),\"\")","v":""},"",1]
[7623,{"$nulls":6},{"$f":"IFERROR(VLOOKUP(C7624,参数!$B:$H,2,0),\"\")","v":""},{"$f":"IFERROR(VLOOKUP(C7624,参数!$B:$H,4,0),\"\")","v":""},{"$f":"IFERROR(VLOOKUP(C7624,参数!B:H,3,FALSE),\"\")","v":""},"",1]
[7624,{"$nulls":6},{"$f":"IFERROR(VLOOKUP(C7625,参数!$B:$H,2,0),\"\")","v":""},{"$f":"IFERROR(VLOOKUP(C7625,参数!$B:$H,4,0),\"\")","v":""},{"$f":"IFERROR(VLOOKUP(C7625,参数!B:H,3,FALSE),\"\")","v":""},"",1]
[7625,{"$nulls":6},{"$f":"IFERROR(VLOOKUP(C7626,参数!$B:$H,2,0),\"\")","v":""},{"$f":"IFERROR(VLOOKUP(C7626,参数!$B:$H,4,0),\"\")","v":""},{"$f":"IFERROR(VLOOKUP(C7626,参数!B:H,3,FALSE),\"\")","v":""},"",1]
[7626,{"$nulls":6},{"$f":"IFERROR(VLOOKUP(C7627,参数!$B:$H,2,0),\"\")","v":""},{"$f":"IFERROR(VLOOKUP(C7627,参数!$B:$H,4,0),\"\")","v":""},{"$f":"IFERROR(VLOOKUP(C7627,参数!B:H,3,FALSE),\"\")","v":""},"",1]
[7627,{"$nulls":6},{"$f":"IFERROR(VLOOKUP(C7628,参数!$B:$H,2,0),\"\")","v":""},{"$f":"IFERROR(VLOOKUP(C7628,参数!$B:$H,4,0),\"\")","v":""},{"$f":"IFERROR(VLOOKUP(C7628,参数!B:H,3,FALSE),\"\")","v":""},"",1]
[7628,{"$nulls":6},{"$f":"IFERROR(VLOOKUP(C7629,参数!$B:$H,2,0),\"\")","v":""},{"$f":"IFERROR(VLOOKUP(C7629,参数!$B:$H,4,0),\"\")","v":""},{"$f":"IFERROR(VLOOKUP(C7629,参数!B:H,3,FALSE),\"\")","v":""},"",1]
[7629,{"$nulls":6},{"$f":"IFERROR(VLOOKUP(C7630,参数!$B:$H,2,0),\"\")","v":""},{"$f":"IFERROR(VLOOKUP(C7630,参数!$B:$H,4,0),\"\")","v":""},{"$f":"IFERROR(VLOOKUP(C7630,参数!B:H,3,FALSE),\"\")","v":""},"",1]
[7630,{"$nulls":6},{"$f":"IFERROR(VLOOKUP(C7631,参数!$B:$H,2,0),\"\")","v":""},{"$f":"IFERROR(VLOOKUP(C7631,参数!$B:$H,4,0),\"\")","v":""},{"$f":"IFERROR(VLOOKUP(C7631,参数!B:H,3,FALSE),\"\")","v":""},"",1]
[7631,{"$nulls":6},{"$f":"IFERROR(VLOOKUP(C7632,参数!$B:$H,2,0),\"\")","v":""},{"$f":"IFERROR(VLOOKUP(C7632,参数!$B:$H,4,0),\"\")","v":""},{"$f":"IFERROR(VLOOKUP(C7632,参数!B:H,3,FALSE),\"\")","v":""},"",1]
[7632,{"$nulls":6},{"$f":"IFERROR(VLOOKUP(C7633,参数!$B:$H,2,0),\"\")","v":""},{"$f":"IFERROR(VLOOKUP(C7633,参数!$B:$H,4,0),\"\")","v":""},{"$f":"IFERROR(VLOOKUP(C7633,参数!B:H,3,FALSE),\"\")","v":""},"",1]
[7633,{"$nulls":6},{"$f":"IFERROR(VLOOKUP(C7634,参数!$B:$H,2,0),\"\")","v":""},{"$f":"IFERROR(VLOOKUP(C7634,参数!$B:$H,4,0),\"\")","v":""},{"$f":"IFERROR(VLOOKUP(C7634,参数!B:H,3,FALSE),\"\")","v":""},"",1]
[7634,{"$nulls":6},{"$f":"IFERROR(VLOOKUP(C7635,参数!$B:$H,2,0),\"\")","v":""},{"$f":"IFERROR(VLOOKUP(C7635,参数!$B:$H,4,0),\"\")","v":""},{"$f":"IFERROR(VLOOKUP(C7635,参数!B:H,3,FALSE),\"\")","v":""},"",1]
[7635,{"$nulls":6},{"$f":"IFERROR(VLOOKUP(C7636,参数!$B:$H,2,0),\"\")","v":""},{"$f":"IFERROR(VLOOKUP(C7636,参数!$B:$H,4,0),\"\")","v":""},{"$f":"IFERROR(VLOOKUP(C7636,参数!B:H,3,FALSE),\"\")","v":""},"",1]
[7636,{"$nulls":6},{"$f":"IFERROR(VLOOKUP(C7637,参数!$B:$H,2,0),\"\")","v":""},{"$f":"IFERROR(VLOOKUP(C7637,参数!$B:$H,4,0),\"\")","v":""},{"$f":"IFERROR(VLOOKUP(C7637,参数!B:H,3,FALSE),\"\")","v":""},"",1]
[7637,{"$nulls":6},{"$f":"IFERROR(VLOOKUP(C7638,参数!$B:$H,2,0),\"\")","v":""},{"$f":"IFERROR(VLOOKUP(C7638,参数!$B:$H,4,0),\"\")","v":""},{"$f":"IFERROR(VLOOKUP(C7638,参数!B:H,3,FALSE),\"\")","v":""},"",1]
[7638,{"$nulls":6},{"$f":"IFERROR(VLOOKUP(C7639,参数!$B:$H,2,0),\"\")","v":""},{"$f":"IFERROR(VLOOKUP(C7639,参数!$B:$H,4,0),\"\")","v":""},{"$f":"IFERROR(VLOOKUP(C7639,参数!B:H,3,FALSE),\"\")","v":""},"",1]
[7639,{"$nulls":6},{"$f":"IFERROR(VLOOKUP(C7640,参数!$B:$H,2,0),\"\")","v":""},{"$f":"IFERROR(VLOOKUP(C7640,参数!$B:$H,4,0),\"\")","v":""},{"$f":"IFERROR(VLOOKUP(C7640,参数!B:H,3,FALSE),\"\")","v":""},"",1]
[7640,{"$nulls":6},{"$f":"IFERROR(VLOOKUP(C7641,参数!$B:$H,2,0),\"\")","v":""},{"$f":"IFERROR(VLOOKUP(C7641,参数!$B:$H,4,0),\"\")","v":""},{"$f":"IFERROR(VLOOKUP(C7641,参数!B:H,3,FALSE),\"\")","v":""},"",1]
[7641,{"$nulls":6},{"$f":"IFERROR(VLOOKUP(C7642,参数!$B:$H,2,0),\"\")","v":""},{"$f":"IFERROR(VLOOKUP(C7642,参数!$B:$H,4,0),\"\")","v":""},{"$f":"IFERROR(VLOOKUP(C7642,参数!B:H,3,FALSE),\"\")","v":""},"",1]
[7642,{"$nulls":6},{"$f":"IFERROR(VLOOKUP(C7643,参数!$B:$H,2,0),\"\")","v":""},{"$f":"IFERROR(VLOOKUP(C7643,参数!$B:$H,4,0),\"\")","v":""},{"$f":"IFERROR(VLOOKUP(C7643,参数!B:H,3,FALSE),\"\")","v":""},"",1]
[7643,{"$nulls":6},{"$f":"IFERROR(VLOOKUP(C7644,参数!$B:$H,2,0),\"\")","v":""},{"$f":"IFERROR(VLOOKUP(C7644,参数!$B:$H,4,0),\"\")","v":""},{"$f":"IFERROR(VLOOKUP(C7644,参数!B:H,3,FALSE),\"\")","v":""},"",1]
[7644,{"$nulls":6},{"$f":"IFERROR(VLOOKUP(C7645,参数!$B:$H,2,0),\"\")","v":""},{"$f":"IFERROR(VLOOKUP(C7645,参数!$B:$H,4,0),\"\")","v":""},{"$f":"IFERROR(VLOOKUP(C7645,参数!B:H,3,FALSE),\"\")","v":""},"",1]
[7645,{"$nulls":6},{"$f":"IFERROR(VLOOKUP(C7646,参数!$B:$H,2,0),\"\")","v":""},{"$f":"IFERROR(VLOOKUP(C7646,参数!$B:$H,4,0),\"\")","v":""},{"$f":"IFERROR(VLOOKUP(C7646,参数!B:H,3,FALSE),\"\")","v":""},"",1]
[7646,{"$nulls":6},{"$f":"IFERROR(VLOOKUP(C7647,参数!$B:$H,2,0),\"\")","v":""},{"$f":"IFERROR(VLOOKUP(C7647,参数!$B:$H,4,0),\"\")","v":""},{"$f":"IFERROR(VLOOKUP(C7647,参数!B:H,3,FALSE),\"\")","v":""},"",1]
[7647,{"$nulls":6},{"$f":"IFERROR(VLOOKUP(C7648,参数!$B:$H,2,0),\"\")","v":""},{"$f":"IFERROR(VLOOKUP(C7648,参数!$B:$H,4,0),\"\")","v":""},{"$f":"IFERROR(VLOOKUP(C7648,参数!B:H,3,FALSE),\"\")","v":""},"",1]
[7648,{"$nulls":6},{"$f":"IFERROR(VLOOKUP(C7649,参数!$B:$H,2,0),\"\")","v":""},{"$f":"IFERROR(VLOOKUP(C7649,参数!$B:$H,4,0),\"\")","v":""},{"$f":"IFERROR(VLOOKUP(C7649,参数!B:H,3,FALSE),\"\")","v":""},"",1]
[7649,{"$nulls":6},{"$f":"IFERROR(VLOOKUP(C7650,参数!$B:$H,2,0),\"\")","v":""},{"$f":"IFERROR(VLOOKUP(C7650,参数!$B:$H,4,0),\"\")","v":""},{"$f":"IFERROR(VLOOKUP(C7650,参数!B:H,3,FALSE),\"\")","v":""},"",1]
[7650,{"$nulls":6},{"$f":"IFERROR(VLOOKUP(C7651,参数!$B:$H,2,0),\"\")","v":""},{"$f":"IFERROR(VLOOKUP(C7651,参数!$B:$H,4,0),\"\")","v":""},{"$f":"IFERROR(VLOOKUP(C7651,参数!B:H,3,FALSE),\"\")","v":""},"",1]
[7651,{"$nulls":6},{"$f":"IFERROR(VLOOKUP(C7652,参数!$B:$H,2,0),\"\")","v":""},{"$f":"IFERROR(VLOOKUP(C7652,参数!$B:$H,4,0),\"\")","v":""},{"$f":"IFERROR(VLOOKUP(C7652,参数!B:H,3,FALSE),\"\")","v":""},"",1]
[7652,{"$nulls":6},{"$f":"IFERROR(VLOOKUP(C7653,参数!$B:$H,2,0),\"\")","v":""},{"$f":"IFERROR(VLOOKUP(C7653,参数!$B:$H,4,0),\"\")","v":""},{"$f":"IFERROR(VLOOKUP(C7653,参数!B:H,3,FALSE),\"\")","v":""},{"$f":"IFERROR(J7653*E7653,\"\")","v":""},1]
[7653,{"$nulls":6},{"$f":"IFERROR(VLOOKUP(C7654,参数!$B:$H,2,0),\"\")","v":""},{"$f":"IFERROR(VLOOKUP(C7654,参数!$B:$H,4,0),\"\")","v":""},{"$f":"IFERROR(VLOOKUP(C7654,参数!B:H,3,FALSE),\"\")","v":""},"",1]
[7654,{"$nulls":6},{"$f":"IFERROR(VLOOKUP(C7655,参数!$B:$H,2,0),\"\")","v":""},{"$f":"IFERROR(VLOOKUP(C7655,参数!$B:$H,4,0),\"\")","v":""},{"$f":"IFERROR(VLOOKUP(C7655,参数!B:H,3,FALSE),\"\")","v":""},"",1]
[7655,{"$nulls":6},{"$f":"IFERROR(VLOOKUP(C7656,参数!$B:$H,2,0),\"\")","v":""},{"$f":"IFERROR(VLOOKUP(C7656,参数!$B:$H,4,0),\"\")","v":""},{"$f":"IFERROR(VLOOKUP(C7656,参数!B:H,3,FALSE),\"\")","v":""},"",1]
[7656,{"$nulls":6},{"$f":"IFERROR(VLOOKUP(C7657,参数!$B:$H,2,0),\"\")","v":""},{"$f":"IFERROR(VLOOKUP(C7657,参数!$B:$H,4,0),\"\")","v":""},{"$f":"IFERROR(VLOOKUP(C7657,参数!B:H,3,FALSE),\"\")","v":""},"",1]
[7657,{"$nulls":6},{"$f":"IFERROR(VLOOKUP(C7658,参数!$B:$H,2,0),\"\")","v":""},{"$f":"IFERROR(VLOOKUP(C7658,参数!$B:$H,4,0),\"\")","v":""},{"$f":"IFERROR(VLOOKUP(C7658,参数!B:H,3,FALSE),\"\")","v":""},"",1]
[7658,{"$nulls":6},{"$f":"IFERROR(VLOOKUP(C7659,参数!$B:$H,2,0),\"\")","v":""},{"$f":"IFERROR(VLOOKUP(C7659,参数!$B:$H,4,0),\"\")","v":""},{"$f":"IFERROR(VLOOKUP(C7659,参数!B:H,3,FALSE),\"\")","v":""},"",1]
[7659,{"$nulls":6},{"$f":"IFERROR(VLOOKUP(C7660,参数!$B:$H,2,0),\"\")","v":""},{"$f":"IFERROR(VLOOKUP(C7660,参数!$B:$H,4,0),\"\")","v":""},{"$f":"IFERROR(VLOOKUP(C7660,参数!B:H,3,FALSE),\"\")","v":""},"",1]
[7660,{"$nulls":6},{"$f":"IFERROR(VLOOKUP(C7661,参数!$B:$H,2,0),\"\")","v":""},{"$f":"IFERROR(VLOOKUP(C7661,参数!$B:$H,4,0),\"\")","v":""},{"$f":"IFERROR(VLOOKUP(C7661,参数!B:H,3,FALSE),\"\")","v":""},"",1]
[7661,{"$nulls":6},{"$f":"IFERROR(VLOOKUP(C7662,参数!$B:$H,2,0),\"\")","v":""},{"$f":"IFERROR(VLOOKUP(C7662,参数!$B:$H,4,0),\"\")","v":""},{"$f":"IFERROR(VLOOKUP(C7662,参数!B:H,3,FALSE),\"\")","v":""},"",1]
[7662,{"$nulls":6},{"$f":"IFERROR(VLOOKUP(C7663,参数!$B:$H,2,0),\"\")","v":""},{"$f":"IFERROR(VLOOKUP(C7663,参数!$B:$H,4,0),\"\")","v":""},{"$f":"IFERROR(VLOOKUP(C7663,参数!B:H,3,FALSE),\"\")","v":""},"",1]
[7663,{"$nulls":6},{"$f":"IFERROR(VLOOKUP(C7664,参数!$B:$H,2,0),\"\")","v":""},{"$f":"IFERROR(VLOOKUP(C7664,参数!$B:$H,4,0),\"\")","v":""},{"$f":"IFERROR(VLOOKUP(C7664,参数!B:H,3,FALSE),\"\")","v":""},"",1]
[7664,{"$nulls":6},{"$f":"IFERROR(VLOOKUP(C7665,参数!$B:$H,2,0),\"\")","v":""},{"$f":"IFERROR(VLOOKUP(C7665,参数!$B:$H,4,0),\"\")","v":""},{"$f":"IFERROR(VLOOKUP(C7665,参数!B:H,3,FALSE),\"\")","v":""},"",1]
[7665,{"$nulls":6},{"$f":"IFERROR(VLOOKUP(C7666,参数!$B:$H,2,0),\"\")","v":""},{"$f":"IFERROR(VLOOKUP(C7666,参数!$B:$H,4,0),\"\")","v":""},{"$f":"IFERROR(VLOOKUP(C7666,参数!B:H,3,FALSE),\"\")","v":""},"",1]
[7666,{"$nulls":6},{"$f":"IFERROR(VLOOKUP(C7667,参数!$B:$H,2,0),\"\")","v":""},{"$f":"IFERROR(VLOOKUP(C7667,参数!$B:$H,4,0),\"\")","v":""},{"$f":"IFERROR(VLOOKUP(C7667,参数!B:H,3,FALSE),\"\")","v":""},"",1]
[7667,{"$nulls":6},{"$f":"IFERROR(VLOOKUP(C7668,参数!$B:$H,2,0),\"\")","v":""},{"$f":"IFERROR(VLOOKUP(C7668,参数!$B:$H,4,0),\"\")","v":""},{"$f":"IFERROR(VLOOKUP(C7668,参数!B:H,3,FALSE),\"\")","v":""},"",1]
[7668,{"$nulls":6},{"$f":"IFERROR(VLOOKUP(C7669,参数!$B:$H,2,0),\"\")","v":""},{"$f":"IFERROR(VLOOKUP(C7669,参数!$B:$H,4,0),\"\")","v":""},{"$f":"IFERROR(VLOOKUP(C7669,参数!B:H,3,FALSE),\"\")","v":""},"",1]
[7669,{"$nulls":6},{"$f":"IFERROR(VLOOKUP(C7670,参数!$B:$H,2,0),\"\")","v":""},{"$f":"IFERROR(VLOOKUP(C7670,参数!$B:$H,4,0),\"\")","v":""},{"$f":"IFERROR(VLOOKUP(C7670,参数!B:H,3,FALSE),\"\")","v":""},"",1]
[7670,{"$nulls":6},{"$f":"IFERROR(VLOOKUP(C7671,参数!$B:$H,2,0),\"\")","v":""},{"$f":"IFERROR(VLOOKUP(C7671,参数!$B:$H,4,0),\"\")","v":""},{"$f":"IFERROR(VLOOKUP(C7671,参数!B:H,3,FALSE),\"\")","v":""},"",1]
[7671,{"$nulls":6},{"$f":"IFERROR(VLOOKUP(C7672,参数!$B:$H,2,0),\"\")","v":""},{"$f":"IFERROR(VLOOKUP(C7672,参数!$B:$H,4,0),\"\")","v":""},{"$f":"IFERROR(VLOOKUP(C7672,参数!B:H,3,FALSE),\"\")","v":""},"",1]
[7672,{"$nulls":6},{"$f":"IFERROR(VLOOKUP(C7673,参数!$B:$H,2,0),\"\")","v":""},{"$f":"IFERROR(VLOOKUP(C7673,参数!$B:$H,4,0),\"\")","v":""},{"$f":"IFERROR(VLOOKUP(C7673,参数!B:H,3,FALSE),\"\")","v":""},"",1]
[7673,{"$nulls":6},{"$f":"IFERROR(VLOOKUP(C7674,参数!$B:$H,2,0),\"\")","v":""},{"$f":"IFERROR(VLOOKUP(C7674,参数!$B:$H,4,0),\"\")","v":""},{"$f":"IFERROR(VLOOKUP(C7674,参数!B:H,3,FALSE),\"\")","v":""},"",1]
[7674,{"$nulls":6},{"$f":"IFERROR(VLOOKUP(C7675,参数!$B:$H,2,0),\"\")","v":""},{"$f":"IFERROR(VLOOKUP(C7675,参数!$B:$H,4,0),\"\")","v":""},{"$f":"IFERROR(VLOOKUP(C7675,参数!B:H,3,FALSE),\"\")","v":""},"",1]
[7675,{"$nulls":6},{"$f":"IFERROR(VLOOKUP(C7676,参数!$B:$H,2,0),\"\")","v":""},{"$f":"IFERROR(VLOOKUP(C7676,参数!$B:$H,4,0),\"\")","v":""},{"$f":"IFERROR(VLOOKUP(C7676,参数!B:H,3,FALSE),\"\")","v":""},"",1]
[7676,{"$nulls":6},{"$f":"IFERROR(VLOOKUP(C7677,参数!$B:$H,2,0),\"\")","v":""},{"$f":"IFERROR(VLOOKUP(C7677,参数!$B:$H,4,0),\"\")","v":""},{"$f":"IFERROR(VLOOKUP(C7677,参数!B:H,3,FALSE),\"\")","v":""},"",1]
[7677,{"$nulls":6},{"$f":"IFERROR(VLOOKUP(C7678,参数!$B:$H,2,0),\"\")","v":""},{"$f":"IFERROR(VLOOKUP(C7678,参数!$B:$H,4,0),\"\")","v":""},{"$f":"IFERROR(VLOOKUP(C7678,参数!B:H,3,FALSE),\"\")","v":""},"",1]
[7678,{"$nulls":6},{"$f":"IFERROR(VLOOKUP(C7679,参数!$B:$H,2,0),\"\")","v":""},{"$f":"IFERROR(VLOOKUP(C7679,参数!$B:$H,4,0),\"\")","v":""},{"$f":"IFERROR(VLOOKUP(C7679,参数!B:H,3,FALSE),\"\")","v":""},"",1]
[7679,{"$nulls":6},{"$f":"IFERROR(VLOOKUP(C7680,参数!$B:$H,2,0),\"\")","v":""},{"$f":"IFERROR(VLOOKUP(C7680,参数!$B:$H,4,0),\"\")","v":""},{"$f":"IFERROR(VLOOKUP(C7680,参数!B:H,3,FALSE),\"\")","v":""},"",1]
[7680,{"$nulls":6},{"$f":"IFERROR(VLOOKUP(C7681,参数!$B:$H,2,0),\"\")","v":""},{"$f":"IFERROR(VLOOKUP(C7681,参数!$B:$H,4,0),\"\")","v":""},{"$f":"IFERROR(VLOOKUP(C7681,参数!B:H,3,FALSE),\"\")","v":""},"",1]
[7681,{"$nulls":6},{"$f":"IFERROR(VLOOKUP(C7682,参数!$B:$H,2,0),\"\")","v":""},{"$f":"IFERROR(VLOOKUP(C7682,参数!$B:$H,4,0),\"\")","v":""},{"$f":"IFERROR(VLOOKUP(C7682,参数!B:H,3,FALSE),\"\")","v":""},"",{"$f":"VALUE(MONTH(B7682))","v":1}]
[7682,{"$nulls":6},{"$f":"IFERROR(VLOOKUP(C7683,参数!$B:$H,2,0),\"\")","v":""},{"$f":"IFERROR(VLOOKUP(C7683,参数!$B:$H,4,0),\"\")","v":""},{"$f":"IFERROR(VLOOKUP(C7683,参数!B:H,3,FALSE),\"\")","v":""},"",1]
[7683,{"$nulls":6},{"$f":"IFERROR(VLOOKUP(C7684,参数!$B:$H,2,0),\"\")","v":""},{"$f":"IFERROR(VLOOKUP(C7684,参数!$B:$H,4,0),\"\")","v":""},{"$f":"IFERROR(VLOOKUP(C7684,参数!B:H,3,FALSE),\"\")","v":""},"",1]
[7684,{"$nulls":6},{"$f":"IFERROR(VLOOKUP(C7685,参数!$B:$H,2,0),\"\")","v":""},{"$f":"IFERROR(VLOOKUP(C7685,参数!$B:$H,4,0),\"\")","v":""},{"$f":"IFERROR(VLOOKUP(C7685,参数!B:H,3,FALSE),\"\")","v":""},"",1]
[7685,{"$nulls":6},{"$f":"IFERROR(VLOOKUP(C7686,参数!$B:$H,2,0),\"\")","v":""},{"$f":"IFERROR(VLOOKUP(C7686,参数!$B:$H,4,0),\"\")","v":""},{"$f":"IFERROR(VLOOKUP(C7686,参数!B:H,3,FALSE),\"\")","v":""},"",1]
[7686,{"$nulls":6},{"$f":"IFERROR(VLOOKUP(C7687,参数!$B:$H,2,0),\"\")","v":""},{"$f":"IFERROR(VLOOKUP(C7687,参数!$B:$H,4,0),\"\")","v":""},{"$f":"IFERROR(VLOOKUP(C7687,参数!B:H,3,FALSE),\"\")","v":""},"",1]
[7687,{"$nulls":6},{"$f":"IFERROR(VLOOKUP(C7688,参数!$B:$H,2,0),\"\")","v":""},{"$f":"IFERROR(VLOOKUP(C7688,参数!$B:$H,4,0),\"\")","v":""},{"$f":"IFERROR(VLOOKUP(C7688,参数!B:H,3,FALSE),\"\")","v":""},"",1]
[7688,{"$nulls":6},{"$f":"IFERROR(VLOOKUP(C7689,参数!$B:$H,2,0),\"\")","v":""},{"$f":"IFERROR(VLOOKUP(C7689,参数!$B:$H,4,0),\"\")","v":""},{"$f":"IFERROR(VLOOKUP(C7689,参数!B:H,3,FALSE),\"\")","v":""},"",1]
[7689,{"$nulls":6},{"$f":"IFERROR(VLOOKUP(C7690,参数!$B:$H,2,0),\"\")","v":""},{"$f":"IFERROR(VLOOKUP(C7690,参数!$B:$H,4,0),\"\")","v":""},{"$f":"IFERROR(VLOOKUP(C7690,参数!B:H,3,FALSE),\"\")","v":""},"",1]
[7690,{"$nulls":6},{"$f":"IFERROR(VLOOKUP(C7691,参数!$B:$H,2,0),\"\")","v":""},{"$f":"IFERROR(VLOOKUP(C7691,参数!$B:$H,4,0),\"\")","v":""},{"$f":"IFERROR(VLOOKUP(C7691,参数!B:H,3,FALSE),\"\")","v":""},"",1]
[7691,{"$nulls":6},{"$f":"IFERROR(VLOOKUP(C7692,参数!$B:$H,2,0),\"\")","v":""},{"$f":"IFERROR(VLOOKUP(C7692,参数!$B:$H,4,0),\"\")","v":""},{"$f":"IFERROR(VLOOKUP(C7692,参数!B:H,3,FALSE),\"\")","v":""},"",1]
[7692,{"$nulls":6},{"$f":"IFERROR(VLOOKUP(C7693,参数!$B:$H,2,0),\"\")","v":""},{"$f":"IFERROR(VLOOKUP(C7693,参数!$B:$H,4,0),\"\")","v":""},{"$f":"IFERROR(VLOOKUP(C7693,参数!B:H,3,FALSE),\"\")","v":""},"",1]
[7693,{"$nulls":6},{"$f":"IFERROR(VLOOKUP(C7694,参数!$B:$H,2,0),\"\")","v":""},{"$f":"IFERROR(VLOOKUP(C7694,参数!$B:$H,4,0),\"\")","v":""},{"$f":"IFERROR(VLOOKUP(C7694,参数!B:H,3,FALSE),\"\")","v":""},"",1]
[7694,{"$nulls":6},{"$f":"IFERROR(VLOOKUP(C7695,参数!$B:$H,2,0),\"\")","v":""},{"$f":"IFERROR(VLOOKUP(C7695,参数!$B:$H,4,0),\"\")","v":""},{"$f":"IFERROR(VLOOKUP(C7695,参数!B:H,3,FALSE),\"\")","v":""},"",1]
[7695,{"$nulls":6},{"$f":"IFERROR(VLOOKUP(C7696,参数!$B:$H,2,0),\"\")","v":""},{"$f":"IFERROR(VLOOKUP(C7696,参数!$B:$H,4,0),\"\")","v":""},{"$f":"IFERROR(VLOOKUP(C7696,参数!B:H,3,FALSE),\"\")","v":""},"",1]
[7696,{"$nulls":6},{"$f":"IFERROR(VLOOKUP(C7697,参数!$B:$H,2,0),\"\")","v":""},{"$f":"IFERROR(VLOOKUP(C7697,参数!$B:$H,4,0),\"\")","v":""},{"$f":"IFERROR(VLOOKUP(C7697,参数!B:H,3,FALSE),\"\")","v":""},"",1]
[7697,{"$nulls":6},{"$f":"IFERROR(VLOOKUP(C7698,参数!$B:$H,2,0),\"\")","v":""},{"$f":"IFERROR(VLOOKUP(C7698,参数!$B:$H,4,0),\"\")","v":""},{"$f":"IFERROR(VLOOKUP(C7698,参数!B:H,3,FALSE),\"\")","v":""},"",1]
[7698,{"$nulls":6},{"$f":"IFERROR(VLOOKUP(C7699,参数!$B:$H,2,0),\"\")","v":""},{"$f":"IFERROR(VLOOKUP(C7699,参数!$B:$H,4,0),\"\")","v":""},{"$f":"IFERROR(VLOOKUP(C7699,参数!B:H,3,FALSE),\"\")","v":""},"",1]
[7699,{"$nulls":6},{"$f":"IFERROR(VLOOKUP(C7700,参数!$B:$H,2,0),\"\")","v":""},{"$f":"IFERROR(VLOOKUP(C7700,参数!$B:$H,4,0),\"\")","v":""},{"$f":"IFERROR(VLOOKUP(C7700,参数!B:H,3,FALSE),\"\")","v":""},"",1]
[7700,{"$nulls":6},{"$f":"IFERROR(VLOOKUP(C7701,参数!$B:$H,2,0),\"\")","v":""},{"$f":"IFERROR(VLOOKUP(C7701,参数!$B:$H,4,0),\"\")","v":""},{"$f":"IFERROR(VLOOKUP(C7701,参数!B:H,3,FALSE),\"\")","v":""},"",1]
[7701,{"$nulls":6},{"$f":"IFERROR(VLOOKUP(C7702,参数!$B:$H,2,0),\"\")","v":""},{"$f":"IFERROR(VLOOKUP(C7702,参数!$B:$H,4,0),\"\")","v":""},{"$f":"IFERROR(VLOOKUP(C7702,参数!B:H,3,FALSE),\"\")","v":""},"",1]
[7702,{"$nulls":6},{"$f":"IFERROR(VLOOKUP(C7703,参数!$B:$H,2,0),\"\")","v":""},{"$f":"IFERROR(VLOOKUP(C7703,参数!$B:$H,4,0),\"\")","v":""},{"$f":"IFERROR(VLOOKUP(C7703,参数!B:H,3,FALSE),\"\")","v":""},"",1]
[7703,{"$nulls":6},{"$f":"IFERROR(VLOOKUP(C7704,参数!$B:$H,2,0),\"\")","v":""},{"$f":"IFERROR(VLOOKUP(C7704,参数!$B:$H,4,0),\"\")","v":""},{"$f":"IFERROR(VLOOKUP(C7704,参数!B:H,3,FALSE),\"\")","v":""},"",1]
[7704,{"$nulls":6},{"$f":"IFERROR(VLOOKUP(C7705,参数!$B:$H,2,0),\"\")","v":""},{"$f":"IFERROR(VLOOKUP(C7705,参数!$B:$H,4,0),\"\")","v":""},{"$f":"IFERROR(VLOOKUP(C7705,参数!B:H,3,FALSE),\"\")","v":""},"",1]
[7705,{"$nulls":6},{"$f":"IFERROR(VLOOKUP(C7706,参数!$B:$H,2,0),\"\")","v":""},{"$f":"IFERROR(VLOOKUP(C7706,参数!$B:$H,4,0),\"\")","v":""},{"$f":"IFERROR(VLOOKUP(C7706,参数!B:H,3,FALSE),\"\")","v":""},"",1]
[7706,{"$nulls":6},{"$f":"IFERROR(VLOOKUP(C7707,参数!$B:$H,2,0),\"\")","v":""},{"$f":"IFERROR(VLOOKUP(C7707,参数!$B:$H,4,0),\"\")","v":""},{"$f":"IFERROR(VLOOKUP(C7707,参数!B:H,3,FALSE),\"\")","v":""},"",1]
[7707,{"$nulls":6},{"$f":"IFERROR(VLOOKUP(C7708,参数!$B:$H,2,0),\"\")","v":""},{"$f":"IFERROR(VLOOKUP(C7708,参数!$B:$H,4,0),\"\")","v":""},{"$f":"IFERROR(VLOOKUP(C7708,参数!B:H,3,FALSE),\"\")","v":""},"",1]
[7708,{"$nulls":6},{"$f":"IFERROR(VLOOKUP(C7709,参数!$B:$H,2,0),\"\")","v":""},{"$f":"IFERROR(VLOOKUP(C7709,参数!$B:$H,4,0),\"\")","v":""},{"$f":"IFERROR(VLOOKUP(C7709,参数!B:H,3,FALSE),\"\")","v":""},"",1]
[7709,{"$nulls":6},{"$f":"IFERROR(VLOOKUP(C7710,参数!$B:$H,2,0),\"\")","v":""},{"$f":"IFERROR(VLOOKUP(C7710,参数!$B:$H,4,0),\"\")","v":""},{"$f":"IFERROR(VLOOKUP(C7710,参数!B:H,3,FALSE),\"\")","v":""},"",1]
[7710,{"$nulls":6},{"$f":"IFERROR(VLOOKUP(C7711,参数!$B:$H,2,0),\"\")","v":""},{"$f":"IFERROR(VLOOKUP(C7711,参数!$B:$H,4,0),\"\")","v":""},{"$f":"IFERROR(VLOOKUP(C7711,参数!B:H,3,FALSE),\"\")","v":""},"",1]
[7711,{"$nulls":6},{"$f":"IFERROR(VLOOKUP(C7712,参数!$B:$H,2,0),\"\")","v":""},{"$f":"IFERROR(VLOOKUP(C7712,参数!$B:$H,4,0),\"\")","v":""},{"$f":"IFERROR(VLOOKUP(C7712,参数!B:H,3,FALSE),\"\")","v":""},"",1]
[7712,{"$nulls":6},{"$f":"IFERROR(VLOOKUP(C7713,参数!$B:$H,2,0),\"\")","v":""},{"$f":"IFERROR(VLOOKUP(C7713,参数!$B:$H,4,0),\"\")","v":""},{"$f":"IFERROR(VLOOKUP(C7713,参数!B:H,3,FALSE),\"\")","v":""},"",1]
[7713,{"$nulls":6},{"$f":"IFERROR(VLOOKUP(C7714,参数!$B:$H,2,0),\"\")","v":""},{"$f":"IFERROR(VLOOKUP(C7714,参数!$B:$H,4,0),\"\")","v":""},{"$f":"IFERROR(VLOOKUP(C7714,参数!B:H,3,FALSE),\"\")","v":""},"",1]
[7714,{"$nulls":6},{"$f":"IFERROR(VLOOKUP(C7715,参数!$B:$H,2,0),\"\")","v":""},{"$f":"IFERROR(VLOOKUP(C7715,参数!$B:$H,4,0),\"\")","v":""},{"$f":"IFERROR(VLOOKUP(C7715,参数!B:H,3,FALSE),\"\")","v":""},"",1]
[7715,{"$nulls":6},{"$f":"IFERROR(VLOOKUP(C7716,参数!$B:$H,2,0),\"\")","v":""},{"$f":"IFERROR(VLOOKUP(C7716,参数!$B:$H,4,0),\"\")","v":""},{"$f":"IFERROR(VLOOKUP(C7716,参数!B:H,3,FALSE),\"\")","v":""},"",1]
[7716,{"$nulls":6},{"$f":"IFERROR(VLOOKUP(C7717,参数!$B:$H,2,0),\"\")","v":""},{"$f":"IFERROR(VLOOKUP(C7717,参数!$B:$H,4,0),\"\")","v":""},{"$f":"IFERROR(VLOOKUP(C7717,参数!B:H,3,FALSE),\"\")","v":""},{"$f":"IFERROR(J7717*E7717,\"\")","v":""},1]
[7717,{"$nulls":6},{"$f":"IFERROR(VLOOKUP(C7718,参数!$B:$H,2,0),\"\")","v":""},{"$f":"IFERROR(VLOOKUP(C7718,参数!$B:$H,4,0),\"\")","v":""},{"$f":"IFERROR(VLOOKUP(C7718,参数!B:H,3,FALSE),\"\")","v":""},"",1]
[7718,{"$nulls":6},{"$f":"IFERROR(VLOOKUP(C7719,参数!$B:$H,2,0),\"\")","v":""},{"$f":"IFERROR(VLOOKUP(C7719,参数!$B:$H,4,0),\"\")","v":""},{"$f":"IFERROR(VLOOKUP(C7719,参数!B:H,3,FALSE),\"\")","v":""},"",1]
[7719,{"$nulls":6},{"$f":"IFERROR(VLOOKUP(C7720,参数!$B:$H,2,0),\"\")","v":""},{"$f":"IFERROR(VLOOKUP(C7720,参数!$B:$H,4,0),\"\")","v":""},{"$f":"IFERROR(VLOOKUP(C7720,参数!B:H,3,FALSE),\"\")","v":""},"",1]
[7720,{"$nulls":6},{"$f":"IFERROR(VLOOKUP(C7721,参数!$B:$H,2,0),\"\")","v":""},{"$f":"IFERROR(VLOOKUP(C7721,参数!$B:$H,4,0),\"\")","v":""},{"$f":"IFERROR(VLOOKUP(C7721,参数!B:H,3,FALSE),\"\")","v":""},"",1]
[7721,{"$nulls":6},{"$f":"IFERROR(VLOOKUP(C7722,参数!$B:$H,2,0),\"\")","v":""},{"$f":"IFERROR(VLOOKUP(C7722,参数!$B:$H,4,0),\"\")","v":""},{"$f":"IFERROR(VLOOKUP(C7722,参数!B:H,3,FALSE),\"\")","v":""},"",1]
[7722,{"$nulls":6},{"$f":"IFERROR(VLOOKUP(C7723,参数!$B:$H,2,0),\"\")","v":""},{"$f":"IFERROR(VLOOKUP(C7723,参数!$B:$H,4,0),\"\")","v":""},{"$f":"IFERROR(VLOOKUP(C7723,参数!B:H,3,FALSE),\"\")","v":""},"",1]
[7723,{"$nulls":6},{"$f":"IFERROR(VLOOKUP(C7724,参数!$B:$H,2,0),\"\")","v":""},{"$f":"IFERROR(VLOOKUP(C7724,参数!$B:$H,4,0),\"\")","v":""},{"$f":"IFERROR(VLOOKUP(C7724,参数!B:H,3,FALSE),\"\")","v":""},"",1]
[7724,{"$nulls":6},{"$f":"IFERROR(VLOOKUP(C7725,参数!$B:$H,2,0),\"\")","v":""},{"$f":"IFERROR(VLOOKUP(C7725,参数!$B:$H,4,0),\"\")","v":""},{"$f":"IFERROR(VLOOKUP(C7725,参数!B:H,3,FALSE),\"\")","v":""},"",1]
[7725,{"$nulls":6},{"$f":"IFERROR(VLOOKUP(C7726,参数!$B:$H,2,0),\"\")","v":""},{"$f":"IFERROR(VLOOKUP(C7726,参数!$B:$H,4,0),\"\")","v":""},{"$f":"IFERROR(VLOOKUP(C7726,参数!B:H,3,FALSE),\"\")","v":""},"",1]
[7726,{"$nulls":6},{"$f":"IFERROR(VLOOKUP(C7727,参数!$B:$H,2,0),\"\")","v":""},{"$f":"IFERROR(VLOOKUP(C7727,参数!$B:$H,4,0),\"\")","v":""},{"$f":"IFERROR(VLOOKUP(C7727,参数!B:H,3,FALSE),\"\")","v":""},"",1]
[7727,{"$nulls":6},{"$f":"IFERROR(VLOOKUP(C7728,参数!$B:$H,2,0),\"\")","v":""},{"$f":"IFERROR(VLOOKUP(C7728,参数!$B:$H,4,0),\"\")","v":""},{"$f":"IFERROR(VLOOKUP(C7728,参数!B:H,3,FALSE),\"\")","v":""},"",1]
[7728,{"$nulls":6},{"$f":"IFERROR(VLOOKUP(C7729,参数!$B:$H,2,0),\"\")","v":""},{"$f":"IFERROR(VLOOKUP(C7729,参数!$B:$H,4,0),\"\")","v":""},{"$f":"IFERROR(VLOOKUP(C7729,参数!B:H,3,FALSE),\"\")","v":""},"",1]
[7729,{"$nulls":6},{"$f":"IFERROR(VLOOKUP(C7730,参数!$B:$H,2,0),\"\")","v":""},{"$f":"IFERROR(VLOOKUP(C7730,参数!$B:$H,4,0),\"\")","v":""},{"$f":"IFERROR(VLOOKUP(C7730,参数!B:H,3,FALSE),\"\")","v":""},"",1]
[7730,{"$nulls":6},{"$f":"IFERROR(VLOOKUP(C7731,参数!$B:$H,2,0),\"\")","v":""},{"$f":"IFERROR(VLOOKUP(C7731,参数!$B:$H,4,0),\"\")","v":""},{"$f":"IFERROR(VLOOKUP(C7731,参数!B:H,3,FALSE),\"\")","v":""},"",1]
[7731,{"$nulls":6},{"$f":"IFERROR(VLOOKUP(C7732,参数!$B:$H,2,0),\"\")","v":""},{"$f":"IFERROR(VLOOKUP(C7732,参数!$B:$H,4,0),\"\")","v":""},{"$f":"IFERROR(VLOOKUP(C7732,参数!B:H,3,FALSE),\"\")","v":""},"",1]
[7732,{"$nulls":6},{"$f":"IFERROR(VLOOKUP(C7733,参数!$B:$H,2,0),\"\")","v":""},{"$f":"IFERROR(VLOOKUP(C7733,参数!$B:$H,4,0),\"\")","v":""},{"$f":"IFERROR(VLOOKUP(C7733,参数!B:H,3,FALSE),\"\")","v":""},"",1]
[7733,{"$nulls":6},{"$f":"IFERROR(VLOOKUP(C7734,参数!$B:$H,2,0),\"\")","v":""},{"$f":"IFERROR(VLOOKUP(C7734,参数!$B:$H,4,0),\"\")","v":""},{"$f":"IFERROR(VLOOKUP(C7734,参数!B:H,3,FALSE),\"\")","v":""},"",1]
[7734,{"$nulls":6},{"$f":"IFERROR(VLOOKUP(C7735,参数!$B:$H,2,0),\"\")","v":""},{"$f":"IFERROR(VLOOKUP(C7735,参数!$B:$H,4,0),\"\")","v":""},{"$f":"IFERROR(VLOOKUP(C7735,参数!B:H,3,FALSE),\"\")","v":""},"",1]
[7735,{"$nulls":6},{"$f":"IFERROR(VLOOKUP(C7736,参数!$B:$H,2,0),\"\")","v":""},{"$f":"IFERROR(VLOOKUP(C7736,参数!$B:$H,4,0),\"\")","v":""},{"$f":"IFERROR(VLOOKUP(C7736,参数!B:H,3,FALSE),\"\")","v":""},"",1]
[7736,{"$nulls":6},{"$f":"IFERROR(VLOOKUP(C7737,参数!$B:$H,2,0),\"\")","v":""},{"$f":"IFERROR(VLOOKUP(C7737,参数!$B:$H,4,0),\"\")","v":""},{"$f":"IFERROR(VLOOKUP(C7737,参数!B:H,3,FALSE),\"\")","v":""},"",1]
[7737,{"$nulls":6},{"$f":"IFERROR(VLOOKUP(C7738,参数!$B:$H,2,0),\"\")","v":""},{"$f":"IFERROR(VLOOKUP(C7738,参数!$B:$H,4,0),\"\")","v":""},{"$f":"IFERROR(VLOOKUP(C7738,参数!B:H,3,FALSE),\"\")","v":""},"",1]
[7738,{"$nulls":6},{"$f":"IFERROR(VLOOKUP(C7739,参数!$B:$H,2,0),\"\")","v":""},{"$f":"IFERROR(VLOOKUP(C7739,参数!$B:$H,4,0),\"\")","v":""},{"$f":"IFERROR(VLOOKUP(C7739,参数!B:H,3,FALSE),\"\")","v":""},"",1]
[7739,{"$nulls":6},{"$f":"IFERROR(VLOOKUP(C7740,参数!$B:$H,2,0),\"\")","v":""},{"$f":"IFERROR(VLOOKUP(C7740,参数!$B:$H,4,0),\"\")","v":""},{"$f":"IFERROR(VLOOKUP(C7740,参数!B:H,3,FALSE),\"\")","v":""},"",1]
[7740,{"$nulls":6},{"$f":"IFERROR(VLOOKUP(C7741,参数!$B:$H,2,0),\"\")","v":""},{"$f":"IFERROR(VLOOKUP(C7741,参数!$B:$H,4,0),\"\")","v":""},{"$f":"IFERROR(VLOOKUP(C7741,参数!B:H,3,FALSE),\"\")","v":""},"",1]
[7741,{"$nulls":6},{"$f":"IFERROR(VLOOKUP(C7742,参数!$B:$H,2,0),\"\")","v":""},{"$f":"IFERROR(VLOOKUP(C7742,参数!$B:$H,4,0),\"\")","v":""},{"$f":"IFERROR(VLOOKUP(C7742,参数!B:H,3,FALSE),\"\")","v":""},"",1]
[7742,{"$nulls":6},{"$f":"IFERROR(VLOOKUP(C7743,参数!$B:$H,2,0),\"\")","v":""},{"$f":"IFERROR(VLOOKUP(C7743,参数!$B:$H,4,0),\"\")","v":""},{"$f":"IFERROR(VLOOKUP(C7743,参数!B:H,3,FALSE),\"\")","v":""},"",1]
[7743,{"$nulls":6},{"$f":"IFERROR(VLOOKUP(C7744,参数!$B:$H,2,0),\"\")","v":""},{"$f":"IFERROR(VLOOKUP(C7744,参数!$B:$H,4,0),\"\")","v":""},{"$f":"IFERROR(VLOOKUP(C7744,参数!B:H,3,FALSE),\"\")","v":""},"",1]
[7744,{"$nulls":6},{"$f":"IFERROR(VLOOKUP(C7745,参数!$B:$H,2,0),\"\")","v":""},{"$f":"IFERROR(VLOOKUP(C7745,参数!$B:$H,4,0),\"\")","v":""},{"$f":"IFERROR(VLOOKUP(C7745,参数!B:H,3,FALSE),\"\")","v":""},"",1]
[7745,{"$nulls":6},{"$f":"IFERROR(VLOOKUP(C7746,参数!$B:$H,2,0),\"\")","v":""},{"$f":"IFERROR(VLOOKUP(C7746,参数!$B:$H,4,0),\"\")","v":""},{"$f":"IFERROR(VLOOKUP(C7746,参数!B:H,3,FALSE),\"\")","v":""},"",{"$f":"VALUE(MONTH(B7746))","v":1}]
[7746,{"$nulls":6},{"$f":"IFERROR(VLOOKUP(C7747,参数!$B:$H,2,0),\"\")","v":""},{"$f":"IFERROR(VLOOKUP(C7747,参数!$B:$H,4,0),\"\")","v":""},{"$f":"IFERROR(VLOOKUP(C7747,参数!B:H,3,FALSE),\"\")","v":""},"",1]
[7747,{"$nulls":6},{"$f":"IFERROR(VLOOKUP(C7748,参数!$B:$H,2,0),\"\")","v":""},{"$f":"IFERROR(VLOOKUP(C7748,参数!$B:$H,4,0),\"\")","v":""},{"$f":"IFERROR(VLOOKUP(C7748,参数!B:H,3,FALSE),\"\")","v":""},"",1]
[7748,{"$nulls":6},{"$f":"IFERROR(VLOOKUP(C7749,参数!$B:$H,2,0),\"\")","v":""},{"$f":"IFERROR(VLOOKUP(C7749,参数!$B:$H,4,0),\"\")","v":""},{"$f":"IFERROR(VLOOKUP(C7749,参数!B:H,3,FALSE),\"\")","v":""},"",1]
[7749,{"$nulls":6},{"$f":"IFERROR(VLOOKUP(C7750,参数!$B:$H,2,0),\"\")","v":""},{"$f":"IFERROR(VLOOKUP(C7750,参数!$B:$H,4,0),\"\")","v":""},{"$f":"IFERROR(VLOOKUP(C7750,参数!B:H,3,FALSE),\"\")","v":""},"",1]
[7750,{"$nulls":6},{"$f":"IFERROR(VLOOKUP(C7751,参数!$B:$H,2,0),\"\")","v":""},{"$f":"IFERROR(VLOOKUP(C7751,参数!$B:$H,4,0),\"\")","v":""},{"$f":"IFERROR(VLOOKUP(C7751,参数!B:H,3,FALSE),\"\")","v":""},"",1]
[7751,{"$nulls":6},{"$f":"IFERROR(VLOOKUP(C7752,参数!$B:$H,2,0),\"\")","v":""},{"$f":"IFERROR(VLOOKUP(C7752,参数!$B:$H,4,0),\"\")","v":""},{"$f":"IFERROR(VLOOKUP(C7752,参数!B:H,3,FALSE),\"\")","v":""},"",1]
[7752,{"$nulls":6},{"$f":"IFERROR(VLOOKUP(C7753,参数!$B:$H,2,0),\"\")","v":""},{"$f":"IFERROR(VLOOKUP(C7753,参数!$B:$H,4,0),\"\")","v":""},{"$f":"IFERROR(VLOOKUP(C7753,参数!B:H,3,FALSE),\"\")","v":""},"",1]
[7753,{"$nulls":6},{"$f":"IFERROR(VLOOKUP(C7754,参数!$B:$H,2,0),\"\")","v":""},{"$f":"IFERROR(VLOOKUP(C7754,参数!$B:$H,4,0),\"\")","v":""},{"$f":"IFERROR(VLOOKUP(C7754,参数!B:H,3,FALSE),\"\")","v":""},"",1]
[7754,{"$nulls":6},{"$f":"IFERROR(VLOOKUP(C7755,参数!$B:$H,2,0),\"\")","v":""},{"$f":"IFERROR(VLOOKUP(C7755,参数!$B:$H,4,0),\"\")","v":""},{"$f":"IFERROR(VLOOKUP(C7755,参数!B:H,3,FALSE),\"\")","v":""},"",1]
[7755,{"$nulls":6},{"$f":"IFERROR(VLOOKUP(C7756,参数!$B:$H,2,0),\"\")","v":""},{"$f":"IFERROR(VLOOKUP(C7756,参数!$B:$H,4,0),\"\")","v":""},{"$f":"IFERROR(VLOOKUP(C7756,参数!B:H,3,FALSE),\"\")","v":""},"",1]
[7756,{"$nulls":6},{"$f":"IFERROR(VLOOKUP(C7757,参数!$B:$H,2,0),\"\")","v":""},{"$f":"IFERROR(VLOOKUP(C7757,参数!$B:$H,4,0),\"\")","v":""},{"$f":"IFERROR(VLOOKUP(C7757,参数!B:H,3,FALSE),\"\")","v":""},"",1]
[7757,{"$nulls":6},{"$f":"IFERROR(VLOOKUP(C7758,参数!$B:$H,2,0),\"\")","v":""},{"$f":"IFERROR(VLOOKUP(C7758,参数!$B:$H,4,0),\"\")","v":""},{"$f":"IFERROR(VLOOKUP(C7758,参数!B:H,3,FALSE),\"\")","v":""},"",1]
[7758,{"$nulls":6},{"$f":"IFERROR(VLOOKUP(C7759,参数!$B:$H,2,0),\"\")","v":""},{"$f":"IFERROR(VLOOKUP(C7759,参数!$B:$H,4,0),\"\")","v":""},{"$f":"IFERROR(VLOOKUP(C7759,参数!B:H,3,FALSE),\"\")","v":""},"",1]
[7759,{"$nulls":6},{"$f":"IFERROR(VLOOKUP(C7760,参数!$B:$H,2,0),\"\")","v":""},{"$f":"IFERROR(VLOOKUP(C7760,参数!$B:$H,4,0),\"\")","v":""},{"$f":"IFERROR(VLOOKUP(C7760,参数!B:H,3,FALSE),\"\")","v":""},"",1]
[7760,{"$nulls":6},{"$f":"IFERROR(VLOOKUP(C7761,参数!$B:$H,2,0),\"\")","v":""},{"$f":"IFERROR(VLOOKUP(C7761,参数!$B:$H,4,0),\"\")","v":""},{"$f":"IFERROR(VLOOKUP(C7761,参数!B:H,3,FALSE),\"\")","v":""},"",1]
[7761,{"$nulls":6},{"$f":"IFERROR(VLOOKUP(C7762,参数!$B:$H,2,0),\"\")","v":""},{"$f":"IFERROR(VLOOKUP(C7762,参数!$B:$H,4,0),\"\")","v":""},{"$f":"IFERROR(VLOOKUP(C7762,参数!B:H,3,FALSE),\"\")","v":""},"",1]
[7762,{"$nulls":6},{"$f":"IFERROR(VLOOKUP(C7763,参数!$B:$H,2,0),\"\")","v":""},{"$f":"IFERROR(VLOOKUP(C7763,参数!$B:$H,4,0),\"\")","v":""},{"$f":"IFERROR(VLOOKUP(C7763,参数!B:H,3,FALSE),\"\")","v":""},"",1]
[7763,{"$nulls":6},{"$f":"IFERROR(VLOOKUP(C7764,参数!$B:$H,2,0),\"\")","v":""},{"$f":"IFERROR(VLOOKUP(C7764,参数!$B:$H,4,0),\"\")","v":""},{"$f":"IFERROR(VLOOKUP(C7764,参数!B:H,3,FALSE),\"\")","v":""},"",1]
[7764,{"$nulls":6},{"$f":"IFERROR(VLOOKUP(C7765,参数!$B:$H,2,0),\"\")","v":""},{"$f":"IFERROR(VLOOKUP(C7765,参数!$B:$H,4,0),\"\")","v":""},{"$f":"IFERROR(VLOOKUP(C7765,参数!B:H,3,FALSE),\"\")","v":""},"",1]
[7765,{"$nulls":6},{"$f":"IFERROR(VLOOKUP(C7766,参数!$B:$H,2,0),\"\")","v":""},{"$f":"IFERROR(VLOOKUP(C7766,参数!$B:$H,4,0),\"\")","v":""},{"$f":"IFERROR(VLOOKUP(C7766,参数!B:H,3,FALSE),\"\")","v":""},"",1]
[7766,{"$nulls":6},{"$f":"IFERROR(VLOOKUP(C7767,参数!$B:$H,2,0),\"\")","v":""},{"$f":"IFERROR(VLOOKUP(C7767,参数!$B:$H,4,0),\"\")","v":""},{"$f":"IFERROR(VLOOKUP(C7767,参数!B:H,3,FALSE),\"\")","v":""},"",1]
[7767,{"$nulls":6},{"$f":"IFERROR(VLOOKUP(C7768,参数!$B:$H,2,0),\"\")","v":""},{"$f":"IFERROR(VLOOKUP(C7768,参数!$B:$H,4,0),\"\")","v":""},{"$f":"IFERROR(VLOOKUP(C7768,参数!B:H,3,FALSE),\"\")","v":""},"",1]
[7768,{"$nulls":6},{"$f":"IFERROR(VLOOKUP(C7769,参数!$B:$H,2,0),\"\")","v":""},{"$f":"IFERROR(VLOOKUP(C7769,参数!$B:$H,4,0),\"\")","v":""},{"$f":"IFERROR(VLOOKUP(C7769,参数!B:H,3,FALSE),\"\")","v":""},"",1]
[7769,{"$nulls":6},{"$f":"IFERROR(VLOOKUP(C7770,参数!$B:$H,2,0),\"\")","v":""},{"$f":"IFERROR(VLOOKUP(C7770,参数!$B:$H,4,0),\"\")","v":""},{"$f":"IFERROR(VLOOKUP(C7770,参数!B:H,3,FALSE),\"\")","v":""},"",1]
[7770,{"$nulls":6},{"$f":"IFERROR(VLOOKUP(C7771,参数!$B:$H,2,0),\"\")","v":""},{"$f":"IFERROR(VLOOKUP(C7771,参数!$B:$H,4,0),\"\")","v":""},{"$f":"IFERROR(VLOOKUP(C7771,参数!B:H,3,FALSE),\"\")","v":""},"",1]
[7771,{"$nulls":6},{"$f":"IFERROR(VLOOKUP(C7772,参数!$B:$H,2,0),\"\")","v":""},{"$f":"IFERROR(VLOOKUP(C7772,参数!$B:$H,4,0),\"\")","v":""},{"$f":"IFERROR(VLOOKUP(C7772,参数!B:H,3,FALSE),\"\")","v":""},"",1]
[7772,{"$nulls":6},{"$f":"IFERROR(VLOOKUP(C7773,参数!$B:$H,2,0),\"\")","v":""},{"$f":"IFERROR(VLOOKUP(C7773,参数!$B:$H,4,0),\"\")","v":""},{"$f":"IFERROR(VLOOKUP(C7773,参数!B:H,3,FALSE),\"\")","v":""},"",1]
[7773,{"$nulls":6},{"$f":"IFERROR(VLOOKUP(C7774,参数!$B:$H,2,0),\"\")","v":""},{"$f":"IFERROR(VLOOKUP(C7774,参数!$B:$H,4,0),\"\")","v":""},{"$f":"IFERROR(VLOOKUP(C7774,参数!B:H,3,FALSE),\"\")","v":""},"",1]
[7774,{"$nulls":6},{"$f":"IFERROR(VLOOKUP(C7775,参数!$B:$H,2,0),\"\")","v":""},{"$f":"IFERROR(VLOOKUP(C7775,参数!$B:$H,4,0),\"\")","v":""},{"$f":"IFERROR(VLOOKUP(C7775,参数!B:H,3,FALSE),\"\")","v":""},"",1]
[7775,{"$nulls":6},{"$f":"IFERROR(VLOOKUP(C7776,参数!$B:$H,2,0),\"\")","v":""},{"$f":"IFERROR(VLOOKUP(C7776,参数!$B:$H,4,0),\"\")","v":""},{"$f":"IFERROR(VLOOKUP(C7776,参数!B:H,3,FALSE),\"\")","v":""},"",1]
[7776,{"$nulls":6},{"$f":"IFERROR(VLOOKUP(C7777,参数!$B:$H,2,0),\"\")","v":""},{"$f":"IFERROR(VLOOKUP(C7777,参数!$B:$H,4,0),\"\")","v":""},{"$f":"IFERROR(VLOOKUP(C7777,参数!B:H,3,FALSE),\"\")","v":""},"",1]
[7777,{"$nulls":6},{"$f":"IFERROR(VLOOKUP(C7778,参数!$B:$H,2,0),\"\")","v":""},{"$f":"IFERROR(VLOOKUP(C7778,参数!$B:$H,4,0),\"\")","v":""},{"$f":"IFERROR(VLOOKUP(C7778,参数!B:H,3,FALSE),\"\")","v":""},"",1]
[7778,{"$nulls":6},{"$f":"IFERROR(VLOOKUP(C7779,参数!$B:$H,2,0),\"\")","v":""},{"$f":"IFERROR(VLOOKUP(C7779,参数!$B:$H,4,0),\"\")","v":""},{"$f":"IFERROR(VLOOKUP(C7779,参数!B:H,3,FALSE),\"\")","v":""},"",1]
[7779,{"$nulls":6},{"$f":"IFERROR(VLOOKUP(C7780,参数!$B:$H,2,0),\"\")","v":""},{"$f":"IFERROR(VLOOKUP(C7780,参数!$B:$H,4,0),\"\")","v":""},{"$f":"IFERROR(VLOOKUP(C7780,参数!B:H,3,FALSE),\"\")","v":""},"",1]
[7780,{"$nulls":6},{"$f":"IFERROR(VLOOKUP(C7781,参数!$B:$H,2,0),\"\")","v":""},{"$f":"IFERROR(VLOOKUP(C7781,参数!$B:$H,4,0),\"\")","v":""},{"$f":"IFERROR(VLOOKUP(C7781,参数!B:H,3,FALSE),\"\")","v":""},{"$f":"IFERROR(J7781*E7781,\"\")","v":""},1]
[7781,{"$nulls":6},{"$f":"IFERROR(VLOOKUP(C7782,参数!$B:$H,2,0),\"\")","v":""},{"$f":"IFERROR(VLOOKUP(C7782,参数!$B:$H,4,0),\"\")","v":""},{"$f":"IFERROR(VLOOKUP(C7782,参数!B:H,3,FALSE),\"\")","v":""},"",1]
[7782,{"$nulls":6},{"$f":"IFERROR(VLOOKUP(C7783,参数!$B:$H,2,0),\"\")","v":""},{"$f":"IFERROR(VLOOKUP(C7783,参数!$B:$H,4,0),\"\")","v":""},{"$f":"IFERROR(VLOOKUP(C7783,参数!B:H,3,FALSE),\"\")","v":""},"",1]
[7783,{"$nulls":6},{"$f":"IFERROR(VLOOKUP(C7784,参数!$B:$H,2,0),\"\")","v":""},{"$f":"IFERROR(VLOOKUP(C7784,参数!$B:$H,4,0),\"\")","v":""},{"$f":"IFERROR(VLOOKUP(C7784,参数!B:H,3,FALSE),\"\")","v":""},"",1]
[7784,{"$nulls":6},{"$f":"IFERROR(VLOOKUP(C7785,参数!$B:$H,2,0),\"\")","v":""},{"$f":"IFERROR(VLOOKUP(C7785,参数!$B:$H,4,0),\"\")","v":""},{"$f":"IFERROR(VLOOKUP(C7785,参数!B:H,3,FALSE),\"\")","v":""},"",1]
[7785,{"$nulls":6},{"$f":"IFERROR(VLOOKUP(C7786,参数!$B:$H,2,0),\"\")","v":""},{"$f":"IFERROR(VLOOKUP(C7786,参数!$B:$H,4,0),\"\")","v":""},{"$f":"IFERROR(VLOOKUP(C7786,参数!B:H,3,FALSE),\"\")","v":""},"",1]
[7786,{"$nulls":6},{"$f":"IFERROR(VLOOKUP(C7787,参数!$B:$H,2,0),\"\")","v":""},{"$f":"IFERROR(VLOOKUP(C7787,参数!$B:$H,4,0),\"\")","v":""},{"$f":"IFERROR(VLOOKUP(C7787,参数!B:H,3,FALSE),\"\")","v":""},"",1]
[7787,{"$nulls":6},{"$f":"IFERROR(VLOOKUP(C7788,参数!$B:$H,2,0),\"\")","v":""},{"$f":"IFERROR(VLOOKUP(C7788,参数!$B:$H,4,0),\"\")","v":""},{"$f":"IFERROR(VLOOKUP(C7788,参数!B:H,3,FALSE),\"\")","v":""},"",1]
[7788,{"$nulls":6},{"$f":"IFERROR(VLOOKUP(C7789,参数!$B:$H,2,0),\"\")","v":""},{"$f":"IFERROR(VLOOKUP(C7789,参数!$B:$H,4,0),\"\")","v":""},{"$f":"IFERROR(VLOOKUP(C7789,参数!B:H,3,FALSE),\"\")","v":""},"",1]
[7789,{"$nulls":6},{"$f":"IFERROR(VLOOKUP(C7790,参数!$B:$H,2,0),\"\")","v":""},{"$f":"IFERROR(VLOOKUP(C7790,参数!$B:$H,4,0),\"\")","v":""},{"$f":"IFERROR(VLOOKUP(C7790,参数!B:H,3,FALSE),\"\")","v":""},"",1]
[7790,{"$nulls":6},{"$f":"IFERROR(VLOOKUP(C7791,参数!$B:$H,2,0),\"\")","v":""},{"$f":"IFERROR(VLOOKUP(C7791,参数!$B:$H,4,0),\"\")","v":""},{"$f":"IFERROR(VLOOKUP(C7791,参数!B:H,3,FALSE),\"\")","v":""},"",1]
[7791,{"$nulls":6},{"$f":"IFERROR(VLOOKUP(C7792,参数!$B:$H,2,0),\"\")","v":""},{"$f":"IFERROR(VLOOKUP(C7792,参数!$B:$H,4,0),\"\")","v":""},{"$f":"IFERROR(VLOOKUP(C7792,参数!B:H,3,FALSE),\"\")","v":""},"",1]
[7792,{"$nulls":6},{"$f":"IFERROR(VLOOKUP(C7793,参数!$B:$H,2,0),\"\")","v":""},{"$f":"IFERROR(VLOOKUP(C7793,参数!$B:$H,4,0),\"\")","v":""},{"$f":"IFERROR(VLOOKUP(C7793,参数!B:H,3,FALSE),\"\")","v":""},"",1]
[7793,{"$nulls":6},{"$f":"IFERROR(VLOOKUP(C7794,参数!$B:$H,2,0),\"\")","v":""},{"$f":"IFERROR(VLOOKUP(C7794,参数!$B:$H,4,0),\"\")","v":""},{"$f":"IFERROR(VLOOKUP(C7794,参数!B:H,3,FALSE),\"\")","v":""},"",1]
[7794,{"$nulls":6},{"$f":"IFERROR(VLOOKUP(C7795,参数!$B:$H,2,0),\"\")","v":""},{"$f":"IFERROR(VLOOKUP(C7795,参数!$B:$H,4,0),\"\")","v":""},{"$f":"IFERROR(VLOOKUP(C7795,参数!B:H,3,FALSE),\"\")","v":""},"",1]
[7795,{"$nulls":6},{"$f":"IFERROR(VLOOKUP(C7796,参数!$B:$H,2,0),\"\")","v":""},{"$f":"IFERROR(VLOOKUP(C7796,参数!$B:$H,4,0),\"\")","v":""},{"$f":"IFERROR(VLOOKUP(C7796,参数!B:H,3,FALSE),\"\")","v":""},"",1]
[7796,{"$nulls":6},{"$f":"IFERROR(VLOOKUP(C7797,参数!$B:$H,2,0),\"\")","v":""},{"$f":"IFERROR(VLOOKUP(C7797,参数!$B:$H,4,0),\"\")","v":""},{"$f":"IFERROR(VLOOKUP(C7797,参数!B:H,3,FALSE),\"\")","v":""},"",1]
[7797,{"$nulls":6},{"$f":"IFERROR(VLOOKUP(C7798,参数!$B:$H,2,0),\"\")","v":""},{"$f":"IFERROR(VLOOKUP(C7798,参数!$B:$H,4,0),\"\")","v":""},{"$f":"IFERROR(VLOOKUP(C7798,参数!B:H,3,FALSE),\"\")","v":""},"",1]
[7798,{"$nulls":6},{"$f":"IFERROR(VLOOKUP(C7799,参数!$B:$H,2,0),\"\")","v":""},{"$f":"IFERROR(VLOOKUP(C7799,参数!$B:$H,4,0),\"\")","v":""},{"$f":"IFERROR(VLOOKUP(C7799,参数!B:H,3,FALSE),\"\")","v":""},"",1]
[7799,{"$nulls":6},{"$f":"IFERROR(VLOOKUP(C7800,参数!$B:$H,2,0),\"\")","v":""},{"$f":"IFERROR(VLOOKUP(C7800,参数!$B:$H,4,0),\"\")","v":""},{"$f":"IFERROR(VLOOKUP(C7800,参数!B:H,3,FALSE),\"\")","v":""},"",1]
[7800,{"$nulls":6},{"$f":"IFERROR(VLOOKUP(C7801,参数!$B:$H,2,0),\"\")","v":""},{"$f":"IFERROR(VLOOKUP(C7801,参数!$B:$H,4,0),\"\")","v":""},{"$f":"IFERROR(VLOOKUP(C7801,参数!B:H,3,FALSE),\"\")","v":""},"",1]
[7801,{"$nulls":6},{"$f":"IFERROR(VLOOKUP(C7802,参数!$B:$H,2,0),\"\")","v":""},{"$f":"IFERROR(VLOOKUP(C7802,参数!$B:$H,4,0),\"\")","v":""},{"$f":"IFERROR(VLOOKUP(C7802,参数!B:H,3,FALSE),\"\")","v":""},"",1]
[7802,{"$nulls":6},{"$f":"IFERROR(VLOOKUP(C7803,参数!$B:$H,2,0),\"\")","v":""},{"$f":"IFERROR(VLOOKUP(C7803,参数!$B:$H,4,0),\"\")","v":""},{"$f":"IFERROR(VLOOKUP(C7803,参数!B:H,3,FALSE),\"\")","v":""},"",1]
[7803,{"$nulls":6},{"$f":"IFERROR(VLOOKUP(C7804,参数!$B:$H,2,0),\"\")","v":""},{"$f":"IFERROR(VLOOKUP(C7804,参数!$B:$H,4,0),\"\")","v":""},{"$f":"IFERROR(VLOOKUP(C7804,参数!B:H,3,FALSE),\"\")","v":""},"",1]
[7804,{"$nulls":6},{"$f":"IFERROR(VLOOKUP(C7805,参数!$B:$H,2,0),\"\")","v":""},{"$f":"IFERROR(VLOOKUP(C7805,参数!$B:$H,4,0),\"\")","v":""},{"$f":"IFERROR(VLOOKUP(C7805,参数!B:H,3,FALSE),\"\")","v":""},"",1]
[7805,{"$nulls":6},{"$f":"IFERROR(VLOOKUP(C7806,参数!$B:$H,2,0),\"\")","v":""},{"$f":"IFERROR(VLOOKUP(C7806,参数!$B:$H,4,0),\"\")","v":""},{"$f":"IFERROR(VLOOKUP(C7806,参数!B:H,3,FALSE),\"\")","v":""},"",1]
[7806,{"$nulls":6},{"$f":"IFERROR(VLOOKUP(C7807,参数!$B:$H,2,0),\"\")","v":""},{"$f":"IFERROR(VLOOKUP(C7807,参数!$B:$H,4,0),\"\")","v":""},{"$f":"IFERROR(VLOOKUP(C7807,参数!B:H,3,FALSE),\"\")","v":""},"",1]
[7807,{"$nulls":6},{"$f":"IFERROR(VLOOKUP(C7808,参数!$B:$H,2,0),\"\")","v":""},{"$f":"IFERROR(VLOOKUP(C7808,参数!$B:$H,4,0),\"\")","v":""},{"$f":"IFERROR(VLOOKUP(C7808,参数!B:H,3,FALSE),\"\")","v":""},"",1]
[7808,{"$nulls":6},{"$f":"IFERROR(VLOOKUP(C7809,参数!$B:$H,2,0),\"\")","v":""},{"$f":"IFERROR(VLOOKUP(C7809,参数!$B:$H,4,0),\"\")","v":""},{"$f":"IFERROR(VLOOKUP(C7809,参数!B:H,3,FALSE),\"\")","v":""},"",1]
[7809,{"$nulls":6},{"$f":"IFERROR(VLOOKUP(C7810,参数!$B:$H,2,0),\"\")","v":""},{"$f":"IFERROR(VLOOKUP(C7810,参数!$B:$H,4,0),\"\")","v":""},{"$f":"IFERROR(VLOOKUP(C7810,参数!B:H,3,FALSE),\"\")","v":""},"",{"$f":"VALUE(MONTH(B7810))","v":1}]
[7810,{"$nulls":6},{"$f":"IFERROR(VLOOKUP(C7811,参数!$B:$H,2,0),\"\")","v":""},{"$f":"IFERROR(VLOOKUP(C7811,参数!$B:$H,4,0),\"\")","v":""},{"$f":"IFERROR(VLOOKUP(C7811,参数!B:H,3,FALSE),\"\")","v":""},"",1]
[7811,{"$nulls":6},{"$f":"IFERROR(VLOOKUP(C7812,参数!$B:$H,2,0),\"\")","v":""},{"$f":"IFERROR(VLOOKUP(C7812,参数!$B:$H,4,0),\"\")","v":""},{"$f":"IFERROR(VLOOKUP(C7812,参数!B:H,3,FALSE),\"\")","v":""},"",1]
[7812,{"$nulls":6},{"$f":"IFERROR(VLOOKUP(C7813,参数!$B:$H,2,0),\"\")","v":""},{"$f":"IFERROR(VLOOKUP(C7813,参数!$B:$H,4,0),\"\")","v":""},{"$f":"IFERROR(VLOOKUP(C7813,参数!B:H,3,FALSE),\"\")","v":""},"",1]
[7813,{"$nulls":6},{"$f":"IFERROR(VLOOKUP(C7814,参数!$B:$H,2,0),\"\")","v":""},{"$f":"IFERROR(VLOOKUP(C7814,参数!$B:$H,4,0),\"\")","v":""},{"$f":"IFERROR(VLOOKUP(C7814,参数!B:H,3,FALSE),\"\")","v":""},"",1]
[7814,{"$nulls":6},{"$f":"IFERROR(VLOOKUP(C7815,参数!$B:$H,2,0),\"\")","v":""},{"$f":"IFERROR(VLOOKUP(C7815,参数!$B:$H,4,0),\"\")","v":""},{"$f":"IFERROR(VLOOKUP(C7815,参数!B:H,3,FALSE),\"\")","v":""},"",1]
[7815,{"$nulls":6},{"$f":"IFERROR(VLOOKUP(C7816,参数!$B:$H,2,0),\"\")","v":""},{"$f":"IFERROR(VLOOKUP(C7816,参数!$B:$H,4,0),\"\")","v":""},{"$f":"IFERROR(VLOOKUP(C7816,参数!B:H,3,FALSE),\"\")","v":""},"",1]
[7816,{"$nulls":6},{"$f":"IFERROR(VLOOKUP(C7817,参数!$B:$H,2,0),\"\")","v":""},{"$f":"IFERROR(VLOOKUP(C7817,参数!$B:$H,4,0),\"\")","v":""},{"$f":"IFERROR(VLOOKUP(C7817,参数!B:H,3,FALSE),\"\")","v":""},"",1]
[7817,{"$nulls":6},{"$f":"IFERROR(VLOOKUP(C7818,参数!$B:$H,2,0),\"\")","v":""},{"$f":"IFERROR(VLOOKUP(C7818,参数!$B:$H,4,0),\"\")","v":""},{"$f":"IFERROR(VLOOKUP(C7818,参数!B:H,3,FALSE),\"\")","v":""},"",1]
[7818,{"$nulls":6},{"$f":"IFERROR(VLOOKUP(C7819,参数!$B:$H,2,0),\"\")","v":""},{"$f":"IFERROR(VLOOKUP(C7819,参数!$B:$H,4,0),\"\")","v":""},{"$f":"IFERROR(VLOOKUP(C7819,参数!B:H,3,FALSE),\"\")","v":""},"",1]
[7819,{"$nulls":6},{"$f":"IFERROR(VLOOKUP(C7820,参数!$B:$H,2,0),\"\")","v":""},{"$f":"IFERROR(VLOOKUP(C7820,参数!$B:$H,4,0),\"\")","v":""},{"$f":"IFERROR(VLOOKUP(C7820,参数!B:H,3,FALSE),\"\")","v":""},"",1]
[7820,{"$nulls":6},{"$f":"IFERROR(VLOOKUP(C7821,参数!$B:$H,2,0),\"\")","v":""},{"$f":"IFERROR(VLOOKUP(C7821,参数!$B:$H,4,0),\"\")","v":""},{"$f":"IFERROR(VLOOKUP(C7821,参数!B:H,3,FALSE),\"\")","v":""},"",1]
[7821,{"$nulls":6},{"$f":"IFERROR(VLOOKUP(C7822,参数!$B:$H,2,0),\"\")","v":""},{"$f":"IFERROR(VLOOKUP(C7822,参数!$B:$H,4,0),\"\")","v":""},{"$f":"IFERROR(VLOOKUP(C7822,参数!B:H,3,FALSE),\"\")","v":""},"",1]
[7822,{"$nulls":6},{"$f":"IFERROR(VLOOKUP(C7823,参数!$B:$H,2,0),\"\")","v":""},{"$f":"IFERROR(VLOOKUP(C7823,参数!$B:$H,4,0),\"\")","v":""},{"$f":"IFERROR(VLOOKUP(C7823,参数!B:H,3,FALSE),\"\")","v":""},"",1]
[7823,{"$nulls":6},{"$f":"IFERROR(VLOOKUP(C7824,参数!$B:$H,2,0),\"\")","v":""},{"$f":"IFERROR(VLOOKUP(C7824,参数!$B:$H,4,0),\"\")","v":""},{"$f":"IFERROR(VLOOKUP(C7824,参数!B:H,3,FALSE),\"\")","v":""},"",1]
[7824,{"$nulls":6},{"$f":"IFERROR(VLOOKUP(C7825,参数!$B:$H,2,0),\"\")","v":""},{"$f":"IFERROR(VLOOKUP(C7825,参数!$B:$H,4,0),\"\")","v":""},{"$f":"IFERROR(VLOOKUP(C7825,参数!B:H,3,FALSE),\"\")","v":""},"",1]
[7825,{"$nulls":6},{"$f":"IFERROR(VLOOKUP(C7826,参数!$B:$H,2,0),\"\")","v":""},{"$f":"IFERROR(VLOOKUP(C7826,参数!$B:$H,4,0),\"\")","v":""},{"$f":"IFERROR(VLOOKUP(C7826,参数!B:H,3,FALSE),\"\")","v":""},"",1]
[7826,{"$nulls":6},{"$f":"IFERROR(VLOOKUP(C7827,参数!$B:$H,2,0),\"\")","v":""},{"$f":"IFERROR(VLOOKUP(C7827,参数!$B:$H,4,0),\"\")","v":""},{"$f":"IFERROR(VLOOKUP(C7827,参数!B:H,3,FALSE),\"\")","v":""},"",1]
[7827,{"$nulls":6},{"$f":"IFERROR(VLOOKUP(C7828,参数!$B:$H,2,0),\"\")","v":""},{"$f":"IFERROR(VLOOKUP(C7828,参数!$B:$H,4,0),\"\")","v":""},{"$f":"IFERROR(VLOOKUP(C7828,参数!B:H,3,FALSE),\"\")","v":""},"",1]
[7828,{"$nulls":6},{"$f":"IFERROR(VLOOKUP(C7829,参数!$B:$H,2,0),\"\")","v":""},{"$f":"IFERROR(VLOOKUP(C7829,参数!$B:$H,4,0),\"\")","v":""},{"$f":"IFERROR(VLOOKUP(C7829,参数!B:H,3,FALSE),\"\")","v":""},"",1]
[7829,{"$nulls":6},{"$f":"IFERROR(VLOOKUP(C7830,参数!$B:$H,2,0),\"\")","v":""},{"$f":"IFERROR(VLOOKUP(C7830,参数!$B:$H,4,0),\"\")","v":""},{"$f":"IFERROR(VLOOKUP(C7830,参数!B:H,3,FALSE),\"\")","v":""},"",1]
[7830,{"$nulls":6},{"$f":"IFERROR(VLOOKUP(C7831,参数!$B:$H,2,0),\"\")","v":""},{"$f":"IFERROR(VLOOKUP(C7831,参数!$B:$H,4,0),\"\")","v":""},{"$f":"IFERROR(VLOOKUP(C7831,参数!B:H,3,FALSE),\"\")","v":""},"",1]
[7831,{"$nulls":6},{"$f":"IFERROR(VLOOKUP(C7832,参数!$B:$H,2,0),\"\")","v":""},{"$f":"IFERROR(VLOOKUP(C7832,参数!$B:$H,4,0),\"\")","v":""},{"$f":"IFERROR(VLOOKUP(C7832,参数!B:H,3,FALSE),\"\")","v":""},"",1]
[7832,{"$nulls":6},{"$f":"IFERROR(VLOOKUP(C7833,参数!$B:$H,2,0),\"\")","v":""},{"$f":"IFERROR(VLOOKUP(C7833,参数!$B:$H,4,0),\"\")","v":""},{"$f":"IFERROR(VLOOKUP(C7833,参数!B:H,3,FALSE),\"\")","v":""},"",1]
[7833,{"$nulls":6},{"$f":"IFERROR(VLOOKUP(C7834,参数!$B:$H,2,0),\"\")","v":""},{"$f":"IFERROR(VLOOKUP(C7834,参数!$B:$H,4,0),\"\")","v":""},{"$f":"IFERROR(VLOOKUP(C7834,参数!B:H,3,FALSE),\"\")","v":""},"",1]
[7834,{"$nulls":6},{"$f":"IFERROR(VLOOKUP(C7835,参数!$B:$H,2,0),\"\")","v":""},{"$f":"IFERROR(VLOOKUP(C7835,参数!$B:$H,4,0),\"\")","v":""},{"$f":"IFERROR(VLOOKUP(C7835,参数!B:H,3,FALSE),\"\")","v":""},"",1]
[7835,{"$nulls":6},{"$f":"IFERROR(VLOOKUP(C7836,参数!$B:$H,2,0),\"\")","v":""},{"$f":"IFERROR(VLOOKUP(C7836,参数!$B:$H,4,0),\"\")","v":""},{"$f":"IFERROR(VLOOKUP(C7836,参数!B:H,3,FALSE),\"\")","v":""},"",1]
[7836,{"$nulls":6},{"$f":"IFERROR(VLOOKUP(C7837,参数!$B:$H,2,0),\"\")","v":""},{"$f":"IFERROR(VLOOKUP(C7837,参数!$B:$H,4,0),\"\")","v":""},{"$f":"IFERROR(VLOOKUP(C7837,参数!B:H,3,FALSE),\"\")","v":""},"",1]
[7837,{"$nulls":6},{"$f":"IFERROR(VLOOKUP(C7838,参数!$B:$H,2,0),\"\")","v":""},{"$f":"IFERROR(VLOOKUP(C7838,参数!$B:$H,4,0),\"\")","v":""},{"$f":"IFERROR(VLOOKUP(C7838,参数!B:H,3,FALSE),\"\")","v":""},"",1]
[7838,{"$nulls":6},{"$f":"IFERROR(VLOOKUP(C7839,参数!$B:$H,2,0),\"\")","v":""},{"$f":"IFERROR(VLOOKUP(C7839,参数!$B:$H,4,0),\"\")","v":""},{"$f":"IFERROR(VLOOKUP(C7839,参数!B:H,3,FALSE),\"\")","v":""},"",1]
[7839,{"$nulls":6},{"$f":"IFERROR(VLOOKUP(C7840,参数!$B:$H,2,0),\"\")","v":""},{"$f":"IFERROR(VLOOKUP(C7840,参数!$B:$H,4,0),\"\")","v":""},{"$f":"IFERROR(VLOOKUP(C7840,参数!B:H,3,FALSE),\"\")","v":""},"",1]
[7840,{"$nulls":6},{"$f":"IFERROR(VLOOKUP(C7841,参数!$B:$H,2,0),\"\")","v":""},{"$f":"IFERROR(VLOOKUP(C7841,参数!$B:$H,4,0),\"\")","v":""},{"$f":"IFERROR(VLOOKUP(C7841,参数!B:H,3,FALSE),\"\")","v":""},"",1]
[7841,{"$nulls":6},{"$f":"IFERROR(VLOOKUP(C7842,参数!$B:$H,2,0),\"\")","v":""},{"$f":"IFERROR(VLOOKUP(C7842,参数!$B:$H,4,0),\"\")","v":""},{"$f":"IFERROR(VLOOKUP(C7842,参数!B:H,3,FALSE),\"\")","v":""},"",1]
[7842,{"$nulls":6},{"$f":"IFERROR(VLOOKUP(C7843,参数!$B:$H,2,0),\"\")","v":""},{"$f":"IFERROR(VLOOKUP(C7843,参数!$B:$H,4,0),\"\")","v":""},{"$f":"IFERROR(VLOOKUP(C7843,参数!B:H,3,FALSE),\"\")","v":""},"",1]
[7843,{"$nulls":6},{"$f":"IFERROR(VLOOKUP(C7844,参数!$B:$H,2,0),\"\")","v":""},{"$f":"IFERROR(VLOOKUP(C7844,参数!$B:$H,4,0),\"\")","v":""},{"$f":"IFERROR(VLOOKUP(C7844,参数!B:H,3,FALSE),\"\")","v":""},"",1]
[7844,{"$nulls":6},{"$f":"IFERROR(VLOOKUP(C7845,参数!$B:$H,2,0),\"\")","v":""},{"$f":"IFERROR(VLOOKUP(C7845,参数!$B:$H,4,0),\"\")","v":""},{"$f":"IFERROR(VLOOKUP(C7845,参数!B:H,3,FALSE),\"\")","v":""},{"$f":"IFERROR(J7845*E7845,\"\")","v":""},1]
[7845,{"$nulls":6},{"$f":"IFERROR(VLOOKUP(C7846,参数!$B:$H,2,0),\"\")","v":""},{"$f":"IFERROR(VLOOKUP(C7846,参数!$B:$H,4,0),\"\")","v":""},{"$f":"IFERROR(VLOOKUP(C7846,参数!B:H,3,FALSE),\"\")","v":""},"",1]
[7846,{"$nulls":6},{"$f":"IFERROR(VLOOKUP(C7847,参数!$B:$H,2,0),\"\")","v":""},{"$f":"IFERROR(VLOOKUP(C7847,参数!$B:$H,4,0),\"\")","v":""},{"$f":"IFERROR(VLOOKUP(C7847,参数!B:H,3,FALSE),\"\")","v":""},"",1]
[7847,{"$nulls":6},{"$f":"IFERROR(VLOOKUP(C7848,参数!$B:$H,2,0),\"\")","v":""},{"$f":"IFERROR(VLOOKUP(C7848,参数!$B:$H,4,0),\"\")","v":""},{"$f":"IFERROR(VLOOKUP(C7848,参数!B:H,3,FALSE),\"\")","v":""},"",1]
[7848,{"$nulls":6},{"$f":"IFERROR(VLOOKUP(C7849,参数!$B:$H,2,0),\"\")","v":""},{"$f":"IFERROR(VLOOKUP(C7849,参数!$B:$H,4,0),\"\")","v":""},{"$f":"IFERROR(VLOOKUP(C7849,参数!B:H,3,FALSE),\"\")","v":""},"",1]
[7849,{"$nulls":6},{"$f":"IFERROR(VLOOKUP(C7850,参数!$B:$H,2,0),\"\")","v":""},{"$f":"IFERROR(VLOOKUP(C7850,参数!$B:$H,4,0),\"\")","v":""},{"$f":"IFERROR(VLOOKUP(C7850,参数!B:H,3,FALSE),\"\")","v":""},"",1]
[7850,{"$nulls":6},{"$f":"IFERROR(VLOOKUP(C7851,参数!$B:$H,2,0),\"\")","v":""},{"$f":"IFERROR(VLOOKUP(C7851,参数!$B:$H,4,0),\"\")","v":""},{"$f":"IFERROR(VLOOKUP(C7851,参数!B:H,3,FALSE),\"\")","v":""},"",1]
[7851,{"$nulls":6},{"$f":"IFERROR(VLOOKUP(C7852,参数!$B:$H,2,0),\"\")","v":""},{"$f":"IFERROR(VLOOKUP(C7852,参数!$B:$H,4,0),\"\")","v":""},{"$f":"IFERROR(VLOOKUP(C7852,参数!B:H,3,FALSE),\"\")","v":""},"",1]
[7852,{"$nulls":6},{"$f":"IFERROR(VLOOKUP(C7853,参数!$B:$H,2,0),\"\")","v":""},{"$f":"IFERROR(VLOOKUP(C7853,参数!$B:$H,4,0),\"\")","v":""},{"$f":"IFERROR(VLOOKUP(C7853,参数!B:H,3,FALSE),\"\")","v":""},"",1]
[7853,{"$nulls":6},{"$f":"IFERROR(VLOOKUP(C7854,参数!$B:$H,2,0),\"\")","v":""},{"$f":"IFERROR(VLOOKUP(C7854,参数!$B:$H,4,0),\"\")","v":""},{"$f":"IFERROR(VLOOKUP(C7854,参数!B:H,3,FALSE),\"\")","v":""},"",1]
[7854,{"$nulls":6},{"$f":"IFERROR(VLOOKUP(C7855,参数!$B:$H,2,0),\"\")","v":""},{"$f":"IFERROR(VLOOKUP(C7855,参数!$B:$H,4,0),\"\")","v":""},{"$f":"IFERROR(VLOOKUP(C7855,参数!B:H,3,FALSE),\"\")","v":""},"",1]
[7855,{"$nulls":6},{"$f":"IFERROR(VLOOKUP(C7856,参数!$B:$H,2,0),\"\")","v":""},{"$f":"IFERROR(VLOOKUP(C7856,参数!$B:$H,4,0),\"\")","v":""},{"$f":"IFERROR(VLOOKUP(C7856,参数!B:H,3,FALSE),\"\")","v":""},"",1]
[7856,{"$nulls":6},{"$f":"IFERROR(VLOOKUP(C7857,参数!$B:$H,2,0),\"\")","v":""},{"$f":"IFERROR(VLOOKUP(C7857,参数!$B:$H,4,0),\"\")","v":""},{"$f":"IFERROR(VLOOKUP(C7857,参数!B:H,3,FALSE),\"\")","v":""},"",1]
[7857,{"$nulls":6},{"$f":"IFERROR(VLOOKUP(C7858,参数!$B:$H,2,0),\"\")","v":""},{"$f":"IFERROR(VLOOKUP(C7858,参数!$B:$H,4,0),\"\")","v":""},{"$f":"IFERROR(VLOOKUP(C7858,参数!B:H,3,FALSE),\"\")","v":""},"",1]
[7858,{"$nulls":6},{"$f":"IFERROR(VLOOKUP(C7859,参数!$B:$H,2,0),\"\")","v":""},{"$f":"IFERROR(VLOOKUP(C7859,参数!$B:$H,4,0),\"\")","v":""},{"$f":"IFERROR(VLOOKUP(C7859,参数!B:H,3,FALSE),\"\")","v":""},"",1]
[7859,{"$nulls":6},{"$f":"IFERROR(VLOOKUP(C7860,参数!$B:$H,2,0),\"\")","v":""},{"$f":"IFERROR(VLOOKUP(C7860,参数!$B:$H,4,0),\"\")","v":""},{"$f":"IFERROR(VLOOKUP(C7860,参数!B:H,3,FALSE),\"\")","v":""},"",1]
[7860,{"$nulls":6},{"$f":"IFERROR(VLOOKUP(C7861,参数!$B:$H,2,0),\"\")","v":""},{"$f":"IFERROR(VLOOKUP(C7861,参数!$B:$H,4,0),\"\")","v":""},{"$f":"IFERROR(VLOOKUP(C7861,参数!B:H,3,FALSE),\"\")","v":""},"",1]
[7861,{"$nulls":6},{"$f":"IFERROR(VLOOKUP(C7862,参数!$B:$H,2,0),\"\")","v":""},{"$f":"IFERROR(VLOOKUP(C7862,参数!$B:$H,4,0),\"\")","v":""},{"$f":"IFERROR(VLOOKUP(C7862,参数!B:H,3,FALSE),\"\")","v":""},"",1]
[7862,{"$nulls":6},{"$f":"IFERROR(VLOOKUP(C7863,参数!$B:$H,2,0),\"\")","v":""},{"$f":"IFERROR(VLOOKUP(C7863,参数!$B:$H,4,0),\"\")","v":""},{"$f":"IFERROR(VLOOKUP(C7863,参数!B:H,3,FALSE),\"\")","v":""},"",1]
[7863,{"$nulls":6},{"$f":"IFERROR(VLOOKUP(C7864,参数!$B:$H,2,0),\"\")","v":""},{"$f":"IFERROR(VLOOKUP(C7864,参数!$B:$H,4,0),\"\")","v":""},{"$f":"IFERROR(VLOOKUP(C7864,参数!B:H,3,FALSE),\"\")","v":""},"",1]
[7864,{"$nulls":6},{"$f":"IFERROR(VLOOKUP(C7865,参数!$B:$H,2,0),\"\")","v":""},{"$f":"IFERROR(VLOOKUP(C7865,参数!$B:$H,4,0),\"\")","v":""},{"$f":"IFERROR(VLOOKUP(C7865,参数!B:H,3,FALSE),\"\")","v":""},"",1]
[7865,{"$nulls":6},{"$f":"IFERROR(VLOOKUP(C7866,参数!$B:$H,2,0),\"\")","v":""},{"$f":"IFERROR(VLOOKUP(C7866,参数!$B:$H,4,0),\"\")","v":""},{"$f":"IFERROR(VLOOKUP(C7866,参数!B:H,3,FALSE),\"\")","v":""},"",1]
[7866,{"$nulls":6},{"$f":"IFERROR(VLOOKUP(C7867,参数!$B:$H,2,0),\"\")","v":""},{"$f":"IFERROR(VLOOKUP(C7867,参数!$B:$H,4,0),\"\")","v":""},{"$f":"IFERROR(VLOOKUP(C7867,参数!B:H,3,FALSE),\"\")","v":""},"",1]
[7867,{"$nulls":6},{"$f":"IFERROR(VLOOKUP(C7868,参数!$B:$H,2,0),\"\")","v":""},{"$f":"IFERROR(VLOOKUP(C7868,参数!$B:$H,4,0),\"\")","v":""},{"$f":"IFERROR(VLOOKUP(C7868,参数!B:H,3,FALSE),\"\")","v":""},"",1]
[7868,{"$nulls":6},{"$f":"IFERROR(VLOOKUP(C7869,参数!$B:$H,2,0),\"\")","v":""},{"$f":"IFERROR(VLOOKUP(C7869,参数!$B:$H,4,0),\"\")","v":""},{"$f":"IFERROR(VLOOKUP(C7869,参数!B:H,3,FALSE),\"\")","v":""},"",1]
[7869,{"$nulls":6},{"$f":"IFERROR(VLOOKUP(C7870,参数!$B:$H,2,0),\"\")","v":""},{"$f":"IFERROR(VLOOKUP(C7870,参数!$B:$H,4,0),\"\")","v":""},{"$f":"IFERROR(VLOOKUP(C7870,参数!B:H,3,FALSE),\"\")","v":""},"",1]
[7870,{"$nulls":6},{"$f":"IFERROR(VLOOKUP(C7871,参数!$B:$H,2,0),\"\")","v":""},{"$f":"IFERROR(VLOOKUP(C7871,参数!$B:$H,4,0),\"\")","v":""},{"$f":"IFERROR(VLOOKUP(C7871,参数!B:H,3,FALSE),\"\")","v":""},"",1]
[7871,{"$nulls":6},{"$f":"IFERROR(VLOOKUP(C7872,参数!$B:$H,2,0),\"\")","v":""},{"$f":"IFERROR(VLOOKUP(C7872,参数!$B:$H,4,0),\"\")","v":""},{"$f":"IFERROR(VLOOKUP(C7872,参数!B:H,3,FALSE),\"\")","v":""},"",1]
[7872,{"$nulls":6},{"$f":"IFERROR(VLOOKUP(C7873,参数!$B:$H,2,0),\"\")","v":""},{"$f":"IFERROR(VLOOKUP(C7873,参数!$B:$H,4,0),\"\")","v":""},{"$f":"IFERROR(VLOOKUP(C7873,参数!B:H,3,FALSE),\"\")","v":""},"",1]
[7873,{"$nulls":6},{"$f":"IFERROR(VLOOKUP(C7874,参数!$B:$H,2,0),\"\")","v":""},{"$f":"IFERROR(VLOOKUP(C7874,参数!$B:$H,4,0),\"\")","v":""},{"$f":"IFERROR(VLOOKUP(C7874,参数!B:H,3,FALSE),\"\")","v":""},"",{"$f":"VALUE(MONTH(B7874))","v":1}]
[7874,{"$nulls":6},{"$f":"IFERROR(VLOOKUP(C7875,参数!$B:$H,2,0),\"\")","v":""},{"$f":"IFERROR(VLOOKUP(C7875,参数!$B:$H,4,0),\"\")","v":""},{"$f":"IFERROR(VLOOKUP(C7875,参数!B:H,3,FALSE),\"\")","v":""},"",1]
[7875,{"$nulls":6},{"$f":"IFERROR(VLOOKUP(C7876,参数!$B:$H,2,0),\"\")","v":""},{"$f":"IFERROR(VLOOKUP(C7876,参数!$B:$H,4,0),\"\")","v":""},{"$f":"IFERROR(VLOOKUP(C7876,参数!B:H,3,FALSE),\"\")","v":""},"",1]
[7876,{"$nulls":6},{"$f":"IFERROR(VLOOKUP(C7877,参数!$B:$H,2,0),\"\")","v":""},{"$f":"IFERROR(VLOOKUP(C7877,参数!$B:$H,4,0),\"\")","v":""},{"$f":"IFERROR(VLOOKUP(C7877,参数!B:H,3,FALSE),\"\")","v":""},"",1]
[7877,{"$nulls":6},{"$f":"IFERROR(VLOOKUP(C7878,参数!$B:$H,2,0),\"\")","v":""},{"$f":"IFERROR(VLOOKUP(C7878,参数!$B:$H,4,0),\"\")","v":""},{"$f":"IFERROR(VLOOKUP(C7878,参数!B:H,3,FALSE),\"\")","v":""},"",1]
[7878,{"$nulls":6},{"$f":"IFERROR(VLOOKUP(C7879,参数!$B:$H,2,0),\"\")","v":""},{"$f":"IFERROR(VLOOKUP(C7879,参数!$B:$H,4,0),\"\")","v":""},{"$f":"IFERROR(VLOOKUP(C7879,参数!B:H,3,FALSE),\"\")","v":""},"",1]
[7879,{"$nulls":6},{"$f":"IFERROR(VLOOKUP(C7880,参数!$B:$H,2,0),\"\")","v":""},{"$f":"IFERROR(VLOOKUP(C7880,参数!$B:$H,4,0),\"\")","v":""},{"$f":"IFERROR(VLOOKUP(C7880,参数!B:H,3,FALSE),\"\")","v":""},"",1]
[7880,{"$nulls":6},{"$f":"IFERROR(VLOOKUP(C7881,参数!$B:$H,2,0),\"\")","v":""},{"$f":"IFERROR(VLOOKUP(C7881,参数!$B:$H,4,0),\"\")","v":""},{"$f":"IFERROR(VLOOKUP(C7881,参数!B:H,3,FALSE),\"\")","v":""},"",1]
[7881,{"$nulls":6},{"$f":"IFERROR(VLOOKUP(C7882,参数!$B:$H,2,0),\"\")","v":""},{"$f":"IFERROR(VLOOKUP(C7882,参数!$B:$H,4,0),\"\")","v":""},{"$f":"IFERROR(VLOOKUP(C7882,参数!B:H,3,FALSE),\"\")","v":""},"",1]
[7882,{"$nulls":6},{"$f":"IFERROR(VLOOKUP(C7883,参数!$B:$H,2,0),\"\")","v":""},{"$f":"IFERROR(VLOOKUP(C7883,参数!$B:$H,4,0),\"\")","v":""},{"$f":"IFERROR(VLOOKUP(C7883,参数!B:H,3,FALSE),\"\")","v":""},"",1]
[7883,{"$nulls":6},{"$f":"IFERROR(VLOOKUP(C7884,参数!$B:$H,2,0),\"\")","v":""},{"$f":"IFERROR(VLOOKUP(C7884,参数!$B:$H,4,0),\"\")","v":""},{"$f":"IFERROR(VLOOKUP(C7884,参数!B:H,3,FALSE),\"\")","v":""},"",1]
[7884,{"$nulls":6},{"$f":"IFERROR(VLOOKUP(C7885,参数!$B:$H,2,0),\"\")","v":""},{"$f":"IFERROR(VLOOKUP(C7885,参数!$B:$H,4,0),\"\")","v":""},{"$f":"IFERROR(VLOOKUP(C7885,参数!B:H,3,FALSE),\"\")","v":""},"",1]
[7885,{"$nulls":6},{"$f":"IFERROR(VLOOKUP(C7886,参数!$B:$H,2,0),\"\")","v":""},{"$f":"IFERROR(VLOOKUP(C7886,参数!$B:$H,4,0),\"\")","v":""},{"$f":"IFERROR(VLOOKUP(C7886,参数!B:H,3,FALSE),\"\")","v":""},"",1]
[7886,{"$nulls":6},{"$f":"IFERROR(VLOOKUP(C7887,参数!$B:$H,2,0),\"\")","v":""},{"$f":"IFERROR(VLOOKUP(C7887,参数!$B:$H,4,0),\"\")","v":""},{"$f":"IFERROR(VLOOKUP(C7887,参数!B:H,3,FALSE),\"\")","v":""},"",1]
[7887,{"$nulls":6},{"$f":"IFERROR(VLOOKUP(C7888,参数!$B:$H,2,0),\"\")","v":""},{"$f":"IFERROR(VLOOKUP(C7888,参数!$B:$H,4,0),\"\")","v":""},{"$f":"IFERROR(VLOOKUP(C7888,参数!B:H,3,FALSE),\"\")","v":""},"",1]
[7888,{"$nulls":6},{"$f":"IFERROR(VLOOKUP(C7889,参数!$B:$H,2,0),\"\")","v":""},{"$f":"IFERROR(VLOOKUP(C7889,参数!$B:$H,4,0),\"\")","v":""},{"$f":"IFERROR(VLOOKUP(C7889,参数!B:H,3,FALSE),\"\")","v":""},"",1]
[7889,{"$nulls":6},{"$f":"IFERROR(VLOOKUP(C7890,参数!$B:$H,2,0),\"\")","v":""},{"$f":"IFERROR(VLOOKUP(C7890,参数!$B:$H,4,0),\"\")","v":""},{"$f":"IFERROR(VLOOKUP(C7890,参数!B:H,3,FALSE),\"\")","v":""},"",1]
[7890,{"$nulls":6},{"$f":"IFERROR(VLOOKUP(C7891,参数!$B:$H,2,0),\"\")","v":""},{"$f":"IFERROR(VLOOKUP(C7891,参数!$B:$H,4,0),\"\")","v":""},{"$f":"IFERROR(VLOOKUP(C7891,参数!B:H,3,FALSE),\"\")","v":""},"",1]
[7891,{"$nulls":6},{"$f":"IFERROR(VLOOKUP(C7892,参数!$B:$H,2,0),\"\")","v":""},{"$f":"IFERROR(VLOOKUP(C7892,参数!$B:$H,4,0),\"\")","v":""},{"$f":"IFERROR(VLOOKUP(C7892,参数!B:H,3,FALSE),\"\")","v":""},"",1]
[7892,{"$nulls":6},{"$f":"IFERROR(VLOOKUP(C7893,参数!$B:$H,2,0),\"\")","v":""},{"$f":"IFERROR(VLOOKUP(C7893,参数!$B:$H,4,0),\"\")","v":""},{"$f":"IFERROR(VLOOKUP(C7893,参数!B:H,3,FALSE),\"\")","v":""},"",1]
[7893,{"$nulls":6},{"$f":"IFERROR(VLOOKUP(C7894,参数!$B:$H,2,0),\"\")","v":""},{"$f":"IFERROR(VLOOKUP(C7894,参数!$B:$H,4,0),\"\")","v":""},{"$f":"IFERROR(VLOOKUP(C7894,参数!B:H,3,FALSE),\"\")","v":""},"",1]
[7894,{"$nulls":6},{"$f":"IFERROR(VLOOKUP(C7895,参数!$B:$H,2,0),\"\")","v":""},{"$f":"IFERROR(VLOOKUP(C7895,参数!$B:$H,4,0),\"\")","v":""},{"$f":"IFERROR(VLOOKUP(C7895,参数!B:H,3,FALSE),\"\")","v":""},"",1]
[7895,{"$nulls":6},{"$f":"IFERROR(VLOOKUP(C7896,参数!$B:$H,2,0),\"\")","v":""},{"$f":"IFERROR(VLOOKUP(C7896,参数!$B:$H,4,0),\"\")","v":""},{"$f":"IFERROR(VLOOKUP(C7896,参数!B:H,3,FALSE),\"\")","v":""},"",1]
[7896,{"$nulls":6},{"$f":"IFERROR(VLOOKUP(C7897,参数!$B:$H,2,0),\"\")","v":""},{"$f":"IFERROR(VLOOKUP(C7897,参数!$B:$H,4,0),\"\")","v":""},{"$f":"IFERROR(VLOOKUP(C7897,参数!B:H,3,FALSE),\"\")","v":""},"",1]
[7897,{"$nulls":6},{"$f":"IFERROR(VLOOKUP(C7898,参数!$B:$H,2,0),\"\")","v":""},{"$f":"IFERROR(VLOOKUP(C7898,参数!$B:$H,4,0),\"\")","v":""},{"$f":"IFERROR(VLOOKUP(C7898,参数!B:H,3,FALSE),\"\")","v":""},"",1]
[7898,{"$nulls":6},{"$f":"IFERROR(VLOOKUP(C7899,参数!$B:$H,2,0),\"\")","v":""},{"$f":"IFERROR(VLOOKUP(C7899,参数!$B:$H,4,0),\"\")","v":""},{"$f":"IFERROR(VLOOKUP(C7899,参数!B:H,3,FALSE),\"\")","v":""},"",1]
[7899,{"$nulls":6},{"$f":"IFERROR(VLOOKUP(C7900,参数!$B:$H,2,0),\"\")","v":""},{"$f":"IFERROR(VLOOKUP(C7900,参数!$B:$H,4,0),\"\")","v":""},{"$f":"IFERROR(VLOOKUP(C7900,参数!B:H,3,FALSE),\"\")","v":""},"",1]
[7900,{"$nulls":6},{"$f":"IFERROR(VLOOKUP(C7901,参数!$B:$H,2,0),\"\")","v":""},{"$f":"IFERROR(VLOOKUP(C7901,参数!$B:$H,4,0),\"\")","v":""},{"$f":"IFERROR(VLOOKUP(C7901,参数!B:H,3,FALSE),\"\")","v":""},"",1]
[7901,{"$nulls":6},{"$f":"IFERROR(VLOOKUP(C7902,参数!$B:$H,2,0),\"\")","v":""},{"$f":"IFERROR(VLOOKUP(C7902,参数!$B:$H,4,0),\"\")","v":""},{"$f":"IFERROR(VLOOKUP(C7902,参数!B:H,3,FALSE),\"\")","v":""},"",1]
[7902,{"$nulls":6},{"$f":"IFERROR(VLOOKUP(C7903,参数!$B:$H,2,0),\"\")","v":""},{"$f":"IFERROR(VLOOKUP(C7903,参数!$B:$H,4,0),\"\")","v":""},{"$f":"IFERROR(VLOOKUP(C7903,参数!B:H,3,FALSE),\"\")","v":""},"",1]
[7903,{"$nulls":6},{"$f":"IFERROR(VLOOKUP(C7904,参数!$B:$H,2,0),\"\")","v":""},{"$f":"IFERROR(VLOOKUP(C7904,参数!$B:$H,4,0),\"\")","v":""},{"$f":"IFERROR(VLOOKUP(C7904,参数!B:H,3,FALSE),\"\")","v":""},"",1]
[7904,{"$nulls":6},{"$f":"IFERROR(VLOOKUP(C7905,参数!$B:$H,2,0),\"\")","v":""},{"$f":"IFERROR(VLOOKUP(C7905,参数!$B:$H,4,0),\"\")","v":""},{"$f":"IFERROR(VLOOKUP(C7905,参数!B:H,3,FALSE),\"\")","v":""},"",1]
[7905,{"$nulls":6},{"$f":"IFERROR(VLOOKUP(C7906,参数!$B:$H,2,0),\"\")","v":""},{"$f":"IFERROR(VLOOKUP(C7906,参数!$B:$H,4,0),\"\")","v":""},{"$f":"IFERROR(VLOOKUP(C7906,参数!B:H,3,FALSE),\"\")","v":""},"",1]
[7906,{"$nulls":6},{"$f":"IFERROR(VLOOKUP(C7907,参数!$B:$H,2,0),\"\")","v":""},{"$f":"IFERROR(VLOOKUP(C7907,参数!$B:$H,4,0),\"\")","v":""},{"$f":"IFERROR(VLOOKUP(C7907,参数!B:H,3,FALSE),\"\")","v":""},"",1]
[7907,{"$nulls":6},{"$f":"IFERROR(VLOOKUP(C7908,参数!$B:$H,2,0),\"\")","v":""},{"$f":"IFERROR(VLOOKUP(C7908,参数!$B:$H,4,0),\"\")","v":""},{"$f":"IFERROR(VLOOKUP(C7908,参数!B:H,3,FALSE),\"\")","v":""},"",1]
[7908,{"$nulls":6},{"$f":"IFERROR(VLOOKUP(C7909,参数!$B:$H,2,0),\"\")","v":""},{"$f":"IFERROR(VLOOKUP(C7909,参数!$B:$H,4,0),\"\")","v":""},{"$f":"IFERROR(VLOOKUP(C7909,参数!B:H,3,FALSE),\"\")","v":""},{"$f":"IFERROR(J7909*E7909,\"\")","v":""},1]
[7909,{"$nulls":6},{"$f":"IFERROR(VLOOKUP(C7910,参数!$B:$H,2,0),\"\")","v":""},{"$f":"IFERROR(VLOOKUP(C7910,参数!$B:$H,4,0),\"\")","v":""},{"$f":"IFERROR(VLOOKUP(C7910,参数!B:H,3,FALSE),\"\")","v":""},"",1]
[7910,{"$nulls":6},{"$f":"IFERROR(VLOOKUP(C7911,参数!$B:$H,2,0),\"\")","v":""},{"$f":"IFERROR(VLOOKUP(C7911,参数!$B:$H,4,0),\"\")","v":""},{"$f":"IFERROR(VLOOKUP(C7911,参数!B:H,3,FALSE),\"\")","v":""},"",1]
[7911,{"$nulls":6},{"$f":"IFERROR(VLOOKUP(C7912,参数!$B:$H,2,0),\"\")","v":""},{"$f":"IFERROR(VLOOKUP(C7912,参数!$B:$H,4,0),\"\")","v":""},{"$f":"IFERROR(VLOOKUP(C7912,参数!B:H,3,FALSE),\"\")","v":""},"",1]
[7912,{"$nulls":6},{"$f":"IFERROR(VLOOKUP(C7913,参数!$B:$H,2,0),\"\")","v":""},{"$f":"IFERROR(VLOOKUP(C7913,参数!$B:$H,4,0),\"\")","v":""},{"$f":"IFERROR(VLOOKUP(C7913,参数!B:H,3,FALSE),\"\")","v":""},"",1]
[7913,{"$nulls":6},{"$f":"IFERROR(VLOOKUP(C7914,参数!$B:$H,2,0),\"\")","v":""},{"$f":"IFERROR(VLOOKUP(C7914,参数!$B:$H,4,0),\"\")","v":""},{"$f":"IFERROR(VLOOKUP(C7914,参数!B:H,3,FALSE),\"\")","v":""},"",1]
[7914,{"$nulls":6},{"$f":"IFERROR(VLOOKUP(C7915,参数!$B:$H,2,0),\"\")","v":""},{"$f":"IFERROR(VLOOKUP(C7915,参数!$B:$H,4,0),\"\")","v":""},{"$f":"IFERROR(VLOOKUP(C7915,参数!B:H,3,FALSE),\"\")","v":""},"",1]
[7915,{"$nulls":6},{"$f":"IFERROR(VLOOKUP(C7916,参数!$B:$H,2,0),\"\")","v":""},{"$f":"IFERROR(VLOOKUP(C7916,参数!$B:$H,4,0),\"\")","v":""},{"$f":"IFERROR(VLOOKUP(C7916,参数!B:H,3,FALSE),\"\")","v":""},"",1]
[7916,{"$nulls":6},{"$f":"IFERROR(VLOOKUP(C7917,参数!$B:$H,2,0),\"\")","v":""},{"$f":"IFERROR(VLOOKUP(C7917,参数!$B:$H,4,0),\"\")","v":""},{"$f":"IFERROR(VLOOKUP(C7917,参数!B:H,3,FALSE),\"\")","v":""},"",1]
[7917,{"$nulls":6},{"$f":"IFERROR(VLOOKUP(C7918,参数!$B:$H,2,0),\"\")","v":""},{"$f":"IFERROR(VLOOKUP(C7918,参数!$B:$H,4,0),\"\")","v":""},{"$f":"IFERROR(VLOOKUP(C7918,参数!B:H,3,FALSE),\"\")","v":""},"",1]
[7918,{"$nulls":6},{"$f":"IFERROR(VLOOKUP(C7919,参数!$B:$H,2,0),\"\")","v":""},{"$f":"IFERROR(VLOOKUP(C7919,参数!$B:$H,4,0),\"\")","v":""},{"$f":"IFERROR(VLOOKUP(C7919,参数!B:H,3,FALSE),\"\")","v":""},"",1]
[7919,{"$nulls":6},{"$f":"IFERROR(VLOOKUP(C7920,参数!$B:$H,2,0),\"\")","v":""},{"$f":"IFERROR(VLOOKUP(C7920,参数!$B:$H,4,0),\"\")","v":""},{"$f":"IFERROR(VLOOKUP(C7920,参数!B:H,3,FALSE),\"\")","v":""},"",1]
[7920,{"$nulls":6},{"$f":"IFERROR(VLOOKUP(C7921,参数!$B:$H,2,0),\"\")","v":""},{"$f":"IFERROR(VLOOKUP(C7921,参数!$B:$H,4,0),\"\")","v":""},{"$f":"IFERROR(VLOOKUP(C7921,参数!B:H,3,FALSE),\"\")","v":""},"",1]
[7921,{"$nulls":6},{"$f":"IFERROR(VLOOKUP(C7922,参数!$B:$H,2,0),\"\")","v":""},{"$f":"IFERROR(VLOOKUP(C7922,参数!$B:$H,4,0),\"\")","v":""},{"$f":"IFERROR(VLOOKUP(C7922,参数!B:H,3,FALSE),\"\")","v":""},"",1]
[7922,{"$nulls":6},{"$f":"IFERROR(VLOOKUP(C7923,参数!$B:$H,2,0),\"\")","v":""},{"$f":"IFERROR(VLOOKUP(C7923,参数!$B:$H,4,0),\"\")","v":""},{"$f":"IFERROR(VLOOKUP(C7923,参数!B:H,3,FALSE),\"\")","v":""},"",1]
[7923,{"$nulls":6},{"$f":"IFERROR(VLOOKUP(C7924,参数!$B:$H,2,0),\"\")","v":""},{"$f":"IFERROR(VLOOKUP(C7924,参数!$B:$H,4,0),\"\")","v":""},{"$f":"IFERROR(VLOOKUP(C7924,参数!B:H,3,FALSE),\"\")","v":""},"",1]
[7924,{"$nulls":6},{"$f":"IFERROR(VLOOKUP(C7925,参数!$B:$H,2,0),\"\")","v":""},{"$f":"IFERROR(VLOOKUP(C7925,参数!$B:$H,4,0),\"\")","v":""},{"$f":"IFERROR(VLOOKUP(C7925,参数!B:H,3,FALSE),\"\")","v":""},"",1]
[7925,{"$nulls":6},{"$f":"IFERROR(VLOOKUP(C7926,参数!$B:$H,2,0),\"\")","v":""},{"$f":"IFERROR(VLOOKUP(C7926,参数!$B:$H,4,0),\"\")","v":""},{"$f":"IFERROR(VLOOKUP(C7926,参数!B:H,3,FALSE),\"\")","v":""},"",1]
[7926,{"$nulls":6},{"$f":"IFERROR(VLOOKUP(C7927,参数!$B:$H,2,0),\"\")","v":""},{"$f":"IFERROR(VLOOKUP(C7927,参数!$B:$H,4,0),\"\")","v":""},{"$f":"IFERROR(VLOOKUP(C7927,参数!B:H,3,FALSE),\"\")","v":""},"",1]
[7927,{"$nulls":6},{"$f":"IFERROR(VLOOKUP(C7928,参数!$B:$H,2,0),\"\")","v":""},{"$f":"IFERROR(VLOOKUP(C7928,参数!$B:$H,4,0),\"\")","v":""},{"$f":"IFERROR(VLOOKUP(C7928,参数!B:H,3,FALSE),\"\")","v":""},"",1]
[7928,{"$nulls":6},{"$f":"IFERROR(VLOOKUP(C7929,参数!$B:$H,2,0),\"\")","v":""},{"$f":"IFERROR(VLOOKUP(C7929,参数!$B:$H,4,0),\"\")","v":""},{"$f":"IFERROR(VLOOKUP(C7929,参数!B:H,3,FALSE),\"\")","v":""},"",1]
[7929,{"$nulls":6},{"$f":"IFERROR(VLOOKUP(C7930,参数!$B:$H,2,0),\"\")","v":""},{"$f":"IFERROR(VLOOKUP(C7930,参数!$B:$H,4,0),\"\")","v":""},{"$f":"IFERROR(VLOOKUP(C7930,参数!B:H,3,FALSE),\"\")","v":""},"",1]
[7930,{"$nulls":6},{"$f":"IFERROR(VLOOKUP(C7931,参数!$B:$H,2,0),\"\")","v":""},{"$f":"IFERROR(VLOOKUP(C7931,参数!$B:$H,4,0),\"\")","v":""},{"$f":"IFERROR(VLOOKUP(C7931,参数!B:H,3,FALSE),\"\")","v":""},"",1]
[7931,{"$nulls":6},{"$f":"IFERROR(VLOOKUP(C7932,参数!$B:$H,2,0),\"\")","v":""},{"$f":"IFERROR(VLOOKUP(C7932,参数!$B:$H,4,0),\"\")","v":""},{"$f":"IFERROR(VLOOKUP(C7932,参数!B:H,3,FALSE),\"\")","v":""},"",1]
[7932,{"$nulls":6},{"$f":"IFERROR(VLOOKUP(C7933,参数!$B:$H,2,0),\"\")","v":""},{"$f":"IFERROR(VLOOKUP(C7933,参数!$B:$H,4,0),\"\")","v":""},{"$f":"IFERROR(VLOOKUP(C7933,参数!B:H,3,FALSE),\"\")","v":""},"",1]
[7933,{"$nulls":6},{"$f":"IFERROR(VLOOKUP(C7934,参数!$B:$H,2,0),\"\")","v":""},{"$f":"IFERROR(VLOOKUP(C7934,参数!$B:$H,4,0),\"\")","v":""},{"$f":"IFERROR(VLOOKUP(C7934,参数!B:H,3,FALSE),\"\")","v":""},"",1]
[7934,{"$nulls":6},{"$f":"IFERROR(VLOOKUP(C7935,参数!$B:$H,2,0),\"\")","v":""},{"$f":"IFERROR(VLOOKUP(C7935,参数!$B:$H,4,0),\"\")","v":""},{"$f":"IFERROR(VLOOKUP(C7935,参数!B:H,3,FALSE),\"\")","v":""},"",1]
[7935,{"$nulls":6},{"$f":"IFERROR(VLOOKUP(C7936,参数!$B:$H,2,0),\"\")","v":""},{"$f":"IFERROR(VLOOKUP(C7936,参数!$B:$H,4,0),\"\")","v":""},{"$f":"IFERROR(VLOOKUP(C7936,参数!B:H,3,FALSE),\"\")","v":""},"",1]
[7936,{"$nulls":6},{"$f":"IFERROR(VLOOKUP(C7937,参数!$B:$H,2,0),\"\")","v":""},{"$f":"IFERROR(VLOOKUP(C7937,参数!$B:$H,4,0),\"\")","v":""},{"$f":"IFERROR(VLOOKUP(C7937,参数!B:H,3,FALSE),\"\")","v":""},"",1]
[7937,{"$nulls":6},{"$f":"IFERROR(VLOOKUP(C7938,参数!$B:$H,2,0),\"\")","v":""},{"$f":"IFERROR(VLOOKUP(C7938,参数!$B:$H,4,0),\"\")","v":""},{"$f":"IFERROR(VLOOKUP(C7938,参数!B:H,3,FALSE),\"\")","v":""},"",{"$f":"VALUE(MONTH(B7938))","v":1}]
[7938,{"$nulls":6},{"$f":"IFERROR(VLOOKUP(C7939,参数!$B:$H,2,0),\"\")","v":""},{"$f":"IFERROR(VLOOKUP(C7939,参数!$B:$H,4,0),\"\")","v":""},{"$f":"IFERROR(VLOOKUP(C7939,参数!B:H,3,FALSE),\"\")","v":""},"",1]
[7939,{"$nulls":6},{"$f":"IFERROR(VLOOKUP(C7940,参数!$B:$H,2,0),\"\")","v":""},{"$f":"IFERROR(VLOOKUP(C7940,参数!$B:$H,4,0),\"\")","v":""},{"$f":"IFERROR(VLOOKUP(C7940,参数!B:H,3,FALSE),\"\")","v":""},"",1]
[7940,{"$nulls":6},{"$f":"IFERROR(VLOOKUP(C7941,参数!$B:$H,2,0),\"\")","v":""},{"$f":"IFERROR(VLOOKUP(C7941,参数!$B:$H,4,0),\"\")","v":""},{"$f":"IFERROR(VLOOKUP(C7941,参数!B:H,3,FALSE),\"\")","v":""},"",1]
[7941,{"$nulls":6},{"$f":"IFERROR(VLOOKUP(C7942,参数!$B:$H,2,0),\"\")","v":""},{"$f":"IFERROR(VLOOKUP(C7942,参数!$B:$H,4,0),\"\")","v":""},{"$f":"IFERROR(VLOOKUP(C7942,参数!B:H,3,FALSE),\"\")","v":""},"",1]
[7942,{"$nulls":6},{"$f":"IFERROR(VLOOKUP(C7943,参数!$B:$H,2,0),\"\")","v":""},{"$f":"IFERROR(VLOOKUP(C7943,参数!$B:$H,4,0),\"\")","v":""},{"$f":"IFERROR(VLOOKUP(C7943,参数!B:H,3,FALSE),\"\")","v":""},"",1]
[7943,{"$nulls":6},{"$f":"IFERROR(VLOOKUP(C7944,参数!$B:$H,2,0),\"\")","v":""},{"$f":"IFERROR(VLOOKUP(C7944,参数!$B:$H,4,0),\"\")","v":""},{"$f":"IFERROR(VLOOKUP(C7944,参数!B:H,3,FALSE),\"\")","v":""},"",1]
[7944,{"$nulls":6},{"$f":"IFERROR(VLOOKUP(C7945,参数!$B:$H,2,0),\"\")","v":""},{"$f":"IFERROR(VLOOKUP(C7945,参数!$B:$H,4,0),\"\")","v":""},{"$f":"IFERROR(VLOOKUP(C7945,参数!B:H,3,FALSE),\"\")","v":""},"",1]
[7945,{"$nulls":6},{"$f":"IFERROR(VLOOKUP(C7946,参数!$B:$H,2,0),\"\")","v":""},{"$f":"IFERROR(VLOOKUP(C7946,参数!$B:$H,4,0),\"\")","v":""},{"$f":"IFERROR(VLOOKUP(C7946,参数!B:H,3,FALSE),\"\")","v":""},"",1]
[7946,{"$nulls":6},{"$f":"IFERROR(VLOOKUP(C7947,参数!$B:$H,2,0),\"\")","v":""},{"$f":"IFERROR(VLOOKUP(C7947,参数!$B:$H,4,0),\"\")","v":""},{"$f":"IFERROR(VLOOKUP(C7947,参数!B:H,3,FALSE),\"\")","v":""},"",1]
[7947,{"$nulls":6},{"$f":"IFERROR(VLOOKUP(C7948,参数!$B:$H,2,0),\"\")","v":""},{"$f":"IFERROR(VLOOKUP(C7948,参数!$B:$H,4,0),\"\")","v":""},{"$f":"IFERROR(VLOOKUP(C7948,参数!B:H,3,FALSE),\"\")","v":""},"",1]
[7948,{"$nulls":6},{"$f":"IFERROR(VLOOKUP(C7949,参数!$B:$H,2,0),\"\")","v":""},{"$f":"IFERROR(VLOOKUP(C7949,参数!$B:$H,4,0),\"\")","v":""},{"$f":"IFERROR(VLOOKUP(C7949,参数!B:H,3,FALSE),\"\")","v":""},"",1]
[7949,{"$nulls":6},{"$f":"IFERROR(VLOOKUP(C7950,参数!$B:$H,2,0),\"\")","v":""},{"$f":"IFERROR(VLOOKUP(C7950,参数!$B:$H,4,0),\"\")","v":""},{"$f":"IFERROR(VLOOKUP(C7950,参数!B:H,3,FALSE),\"\")","v":""},"",1]
[7950,{"$nulls":6},{"$f":"IFERROR(VLOOKUP(C7951,参数!$B:$H,2,0),\"\")","v":""},{"$f":"IFERROR(VLOOKUP(C7951,参数!$B:$H,4,0),\"\")","v":""},{"$f":"IFERROR(VLOOKUP(C7951,参数!B:H,3,FALSE),\"\")","v":""},"",1]
[7951,{"$nulls":6},{"$f":"IFERROR(VLOOKUP(C7952,参数!$B:$H,2,0),\"\")","v":""},{"$f":"IFERROR(VLOOKUP(C7952,参数!$B:$H,4,0),\"\")","v":""},{"$f":"IFERROR(VLOOKUP(C7952,参数!B:H,3,FALSE),\"\")","v":""},"",1]
[7952,{"$nulls":6},{"$f":"IFERROR(VLOOKUP(C7953,参数!$B:$H,2,0),\"\")","v":""},{"$f":"IFERROR(VLOOKUP(C7953,参数!$B:$H,4,0),\"\")","v":""},{"$f":"IFERROR(VLOOKUP(C7953,参数!B:H,3,FALSE),\"\")","v":""},"",1]
[7953,{"$nulls":6},{"$f":"IFERROR(VLOOKUP(C7954,参数!$B:$H,2,0),\"\")","v":""},{"$f":"IFERROR(VLOOKUP(C7954,参数!$B:$H,4,0),\"\")","v":""},{"$f":"IFERROR(VLOOKUP(C7954,参数!B:H,3,FALSE),\"\")","v":""},"",1]
[7954,{"$nulls":6},{"$f":"IFERROR(VLOOKUP(C7955,参数!$B:$H,2,0),\"\")","v":""},{"$f":"IFERROR(VLOOKUP(C7955,参数!$B:$H,4,0),\"\")","v":""},{"$f":"IFERROR(VLOOKUP(C7955,参数!B:H,3,FALSE),\"\")","v":""},"",1]
[7955,{"$nulls":6},{"$f":"IFERROR(VLOOKUP(C7956,参数!$B:$H,2,0),\"\")","v":""},{"$f":"IFERROR(VLOOKUP(C7956,参数!$B:$H,4,0),\"\")","v":""},{"$f":"IFERROR(VLOOKUP(C7956,参数!B:H,3,FALSE),\"\")","v":""},"",1]
[7956,{"$nulls":6},{"$f":"IFERROR(VLOOKUP(C7957,参数!$B:$H,2,0),\"\")","v":""},{"$f":"IFERROR(VLOOKUP(C7957,参数!$B:$H,4,0),\"\")","v":""},{"$f":"IFERROR(VLOOKUP(C7957,参数!B:H,3,FALSE),\"\")","v":""},"",1]
[7957,{"$nulls":6},{"$f":"IFERROR(VLOOKUP(C7958,参数!$B:$H,2,0),\"\")","v":""},{"$f":"IFERROR(VLOOKUP(C7958,参数!$B:$H,4,0),\"\")","v":""},{"$f":"IFERROR(VLOOKUP(C7958,参数!B:H,3,FALSE),\"\")","v":""},"",1]
[7958,{"$nulls":6},{"$f":"IFERROR(VLOOKUP(C7959,参数!$B:$H,2,0),\"\")","v":""},{"$f":"IFERROR(VLOOKUP(C7959,参数!$B:$H,4,0),\"\")","v":""},{"$f":"IFERROR(VLOOKUP(C7959,参数!B:H,3,FALSE),\"\")","v":""},"",1]
[7959,{"$nulls":6},{"$f":"IFERROR(VLOOKUP(C7960,参数!$B:$H,2,0),\"\")","v":""},{"$f":"IFERROR(VLOOKUP(C7960,参数!$B:$H,4,0),\"\")","v":""},{"$f":"IFERROR(VLOOKUP(C7960,参数!B:H,3,FALSE),\"\")","v":""},"",1]
[7960,{"$nulls":6},{"$f":"IFERROR(VLOOKUP(C7961,参数!$B:$H,2,0),\"\")","v":""},{"$f":"IFERROR(VLOOKUP(C7961,参数!$B:$H,4,0),\"\")","v":""},{"$f":"IFERROR(VLOOKUP(C7961,参数!B:H,3,FALSE),\"\")","v":""},"",1]
[7961,{"$nulls":6},{"$f":"IFERROR(VLOOKUP(C7962,参数!$B:$H,2,0),\"\")","v":""},{"$f":"IFERROR(VLOOKUP(C7962,参数!$B:$H,4,0),\"\")","v":""},{"$f":"IFERROR(VLOOKUP(C7962,参数!B:H,3,FALSE),\"\")","v":""},"",1]
[7962,{"$nulls":6},{"$f":"IFERROR(VLOOKUP(C7963,参数!$B:$H,2,0),\"\")","v":""},{"$f":"IFERROR(VLOOKUP(C7963,参数!$B:$H,4,0),\"\")","v":""},{"$f":"IFERROR(VLOOKUP(C7963,参数!B:H,3,FALSE),\"\")","v":""},"",1]
[7963,{"$nulls":6},{"$f":"IFERROR(VLOOKUP(C7964,参数!$B:$H,2,0),\"\")","v":""},{"$f":"IFERROR(VLOOKUP(C7964,参数!$B:$H,4,0),\"\")","v":""},{"$f":"IFERROR(VLOOKUP(C7964,参数!B:H,3,FALSE),\"\")","v":""},"",1]
[7964,{"$nulls":6},{"$f":"IFERROR(VLOOKUP(C7965,参数!$B:$H,2,0),\"\")","v":""},{"$f":"IFERROR(VLOOKUP(C7965,参数!$B:$H,4,0),\"\")","v":""},{"$f":"IFERROR(VLOOKUP(C7965,参数!B:H,3,FALSE),\"\")","v":""},"",1]
[7965,{"$nulls":6},{"$f":"IFERROR(VLOOKUP(C7966,参数!$B:$H,2,0),\"\")","v":""},{"$f":"IFERROR(VLOOKUP(C7966,参数!$B:$H,4,0),\"\")","v":""},{"$f":"IFERROR(VLOOKUP(C7966,参数!B:H,3,FALSE),\"\")","v":""},"",1]
[7966,{"$nulls":6},{"$f":"IFERROR(VLOOKUP(C7967,参数!$B:$H,2,0),\"\")","v":""},{"$f":"IFERROR(VLOOKUP(C7967,参数!$B:$H,4,0),\"\")","v":""},{"$f":"IFERROR(VLOOKUP(C7967,参数!B:H,3,FALSE),\"\")","v":""},"",1]
[7967,{"$nulls":6},{"$f":"IFERROR(VLOOKUP(C7968,参数!$B:$H,2,0),\"\")","v":""},{"$f":"IFERROR(VLOOKUP(C7968,参数!$B:$H,4,0),\"\")","v":""},{"$f":"IFERROR(VLOOKUP(C7968,参数!B:H,3,FALSE),\"\")","v":""},"",1]
[7968,{"$nulls":6},{"$f":"IFERROR(VLOOKUP(C7969,参数!$B:$H,2,0),\"\")","v":""},{"$f":"IFERROR(VLOOKUP(C7969,参数!$B:$H,4,0),\"\")","v":""},{"$f":"IFERROR(VLOOKUP(C7969,参数!B:H,3,FALSE),\"\")","v":""},"",1]
[7969,{"$nulls":6},{"$f":"IFERROR(VLOOKUP(C7970,参数!$B:$H,2,0),\"\")","v":""},{"$f":"IFERROR(VLOOKUP(C7970,参数!$B:$H,4,0),\"\")","v":""},{"$f":"IFERROR(VLOOKUP(C7970,参数!B:H,3,FALSE),\"\")","v":""},"",1]
[7970,{"$nulls":6},{"$f":"IFERROR(VLOOKUP(C7971,参数!$B:$H,2,0),\"\")","v":""},{"$f":"IFERROR(VLOOKUP(C7971,参数!$B:$H,4,0),\"\")","v":""},{"$f":"IFERROR(VLOOKUP(C7971,参数!B:H,3,FALSE),\"\")","v":""},"",1]
[7971,{"$nulls":6},{"$f":"IFERROR(VLOOKUP(C7972,参数!$B:$H,2,0),\"\")","v":""},{"$f":"IFERROR(VLOOKUP(C7972,参数!$B:$H,4,0),\"\")","v":""},{"$f":"IFERROR(VLOOKUP(C7972,参数!B:H,3,FALSE),\"\")","v":""},"",1]
[7972,{"$nulls":6},{"$f":"IFERROR(VLOOKUP(C7973,参数!$B:$H,2,0),\"\")","v":""},{"$f":"IFERROR(VLOOKUP(C7973,参数!$B:$H,4,0),\"\")","v":""},{"$f":"IFERROR(VLOOKUP(C7973,参数!B:H,3,FALSE),\"\")","v":""},{"$f":"IFERROR(J7973*E7973,\"\")","v":""},1]
[7973,{"$nulls":6},{"$f":"IFERROR(VLOOKUP(C7974,参数!$B:$H,2,0),\"\")","v":""},{"$f":"IFERROR(VLOOKUP(C7974,参数!$B:$H,4,0),\"\")","v":""},{"$f":"IFERROR(VLOOKUP(C7974,参数!B:H,3,FALSE),\"\")","v":""},"",1]
[7974,{"$nulls":6},{"$f":"IFERROR(VLOOKUP(C7975,参数!$B:$H,2,0),\"\")","v":""},{"$f":"IFERROR(VLOOKUP(C7975,参数!$B:$H,4,0),\"\")","v":""},{"$f":"IFERROR(VLOOKUP(C7975,参数!B:H,3,FALSE),\"\")","v":""},"",1]
[7975,{"$nulls":6},{"$f":"IFERROR(VLOOKUP(C7976,参数!$B:$H,2,0),\"\")","v":""},{"$f":"IFERROR(VLOOKUP(C7976,参数!$B:$H,4,0),\"\")","v":""},{"$f":"IFERROR(VLOOKUP(C7976,参数!B:H,3,FALSE),\"\")","v":""},"",1]
[7976,{"$nulls":6},{"$f":"IFERROR(VLOOKUP(C7977,参数!$B:$H,2,0),\"\")","v":""},{"$f":"IFERROR(VLOOKUP(C7977,参数!$B:$H,4,0),\"\")","v":""},{"$f":"IFERROR(VLOOKUP(C7977,参数!B:H,3,FALSE),\"\")","v":""},"",1]
[7977,{"$nulls":6},{"$f":"IFERROR(VLOOKUP(C7978,参数!$B:$H,2,0),\"\")","v":""},{"$f":"IFERROR(VLOOKUP(C7978,参数!$B:$H,4,0),\"\")","v":""},{"$f":"IFERROR(VLOOKUP(C7978,参数!B:H,3,FALSE),\"\")","v":""},"",1]
[7978,{"$nulls":6},{"$f":"IFERROR(VLOOKUP(C7979,参数!$B:$H,2,0),\"\")","v":""},{"$f":"IFERROR(VLOOKUP(C7979,参数!$B:$H,4,0),\"\")","v":""},{"$f":"IFERROR(VLOOKUP(C7979,参数!B:H,3,FALSE),\"\")","v":""},"",1]
[7979,{"$nulls":6},{"$f":"IFERROR(VLOOKUP(C7980,参数!$B:$H,2,0),\"\")","v":""},{"$f":"IFERROR(VLOOKUP(C7980,参数!$B:$H,4,0),\"\")","v":""},{"$f":"IFERROR(VLOOKUP(C7980,参数!B:H,3,FALSE),\"\")","v":""},"",1]
[7980,{"$nulls":6},{"$f":"IFERROR(VLOOKUP(C7981,参数!$B:$H,2,0),\"\")","v":""},{"$f":"IFERROR(VLOOKUP(C7981,参数!$B:$H,4,0),\"\")","v":""},{"$f":"IFERROR(VLOOKUP(C7981,参数!B:H,3,FALSE),\"\")","v":""},"",1]
[7981,{"$nulls":6},{"$f":"IFERROR(VLOOKUP(C7982,参数!$B:$H,2,0),\"\")","v":""},{"$f":"IFERROR(VLOOKUP(C7982,参数!$B:$H,4,0),\"\")","v":""},{"$f":"IFERROR(VLOOKUP(C7982,参数!B:H,3,FALSE),\"\")","v":""},"",1]
[7982,{"$nulls":6},{"$f":"IFERROR(VLOOKUP(C7983,参数!$B:$H,2,0),\"\")","v":""},{"$f":"IFERROR(VLOOKUP(C7983,参数!$B:$H,4,0),\"\")","v":""},{"$f":"IFERROR(VLOOKUP(C7983,参数!B:H,3,FALSE),\"\")","v":""},"",1]
[7983,{"$nulls":6},{"$f":"IFERROR(VLOOKUP(C7984,参数!$B:$H,2,0),\"\")","v":""},{"$f":"IFERROR(VLOOKUP(C7984,参数!$B:$H,4,0),\"\")","v":""},{"$f":"IFERROR(VLOOKUP(C7984,参数!B:H,3,FALSE),\"\")","v":""},"",1]
[7984,{"$nulls":6},{"$f":"IFERROR(VLOOKUP(C7985,参数!$B:$H,2,0),\"\")","v":""},{"$f":"IFERROR(VLOOKUP(C7985,参数!$B:$H,4,0),\"\")","v":""},{"$f":"IFERROR(VLOOKUP(C7985,参数!B:H,3,FALSE),\"\")","v":""},"",1]
[7985,{"$nulls":6},{"$f":"IFERROR(VLOOKUP(C7986,参数!$B:$H,2,0),\"\")","v":""},{"$f":"IFERROR(VLOOKUP(C7986,参数!$B:$H,4,0),\"\")","v":""},{"$f":"IFERROR(VLOOKUP(C7986,参数!B:H,3,FALSE),\"\")","v":""},"",1]
[7986,{"$nulls":6},{"$f":"IFERROR(VLOOKUP(C7987,参数!$B:$H,2,0),\"\")","v":""},{"$f":"IFERROR(VLOOKUP(C7987,参数!$B:$H,4,0),\"\")","v":""},{"$f":"IFERROR(VLOOKUP(C7987,参数!B:H,3,FALSE),\"\")","v":""},"",1]
[7987,{"$nulls":6},{"$f":"IFERROR(VLOOKUP(C7988,参数!$B:$H,2,0),\"\")","v":""},{"$f":"IFERROR(VLOOKUP(C7988,参数!$B:$H,4,0),\"\")","v":""},{"$f":"IFERROR(VLOOKUP(C7988,参数!B:H,3,FALSE),\"\")","v":""},"",1]
[7988,{"$nulls":6},{"$f":"IFERROR(VLOOKUP(C7989,参数!$B:$H,2,0),\"\")","v":""},{"$f":"IFERROR(VLOOKUP(C7989,参数!$B:$H,4,0),\"\")","v":""},{"$f":"IFERROR(VLOOKUP(C7989,参数!B:H,3,FALSE),\"\")","v":""},"",1]
[7989,{"$nulls":6},{"$f":"IFERROR(VLOOKUP(C7990,参数!$B:$H,2,0),\"\")","v":""},{"$f":"IFERROR(VLOOKUP(C7990,参数!$B:$H,4,0),\"\")","v":""},{"$f":"IFERROR(VLOOKUP(C7990,参数!B:H,3,FALSE),\"\")","v":""},"",1]
[7990,{"$nulls":6},{"$f":"IFERROR(VLOOKUP(C7991,参数!$B:$H,2,0),\"\")","v":""},{"$f":"IFERROR(VLOOKUP(C7991,参数!$B:$H,4,0),\"\")","v":""},{"$f":"IFERROR(VLOOKUP(C7991,参数!B:H,3,FALSE),\"\")","v":""},"",1]
[7991,{"$nulls":6},{"$f":"IFERROR(VLOOKUP(C7992,参数!$B:$H,2,0),\"\")","v":""},{"$f":"IFERROR(VLOOKUP(C7992,参数!$B:$H,4,0),\"\")","v":""},{"$f":"IFERROR(VLOOKUP(C7992,参数!B:H,3,FALSE),\"\")","v":""},"",1]
[7992,{"$nulls":6},{"$f":"IFERROR(VLOOKUP(C7993,参数!$B:$H,2,0),\"\")","v":""},{"$f":"IFERROR(VLOOKUP(C7993,参数!$B:$H,4,0),\"\")","v":""},{"$f":"IFERROR(VLOOKUP(C7993,参数!B:H,3,FALSE),\"\")","v":""},"",1]
[7993,{"$nulls":6},{"$f":"IFERROR(VLOOKUP(C7994,参数!$B:$H,2,0),\"\")","v":""},{"$f":"IFERROR(VLOOKUP(C7994,参数!$B:$H,4,0),\"\")","v":""},{"$f":"IFERROR(VLOOKUP(C7994,参数!B:H,3,FALSE),\"\")","v":""},"",1]
[7994,{"$nulls":6},{"$f":"IFERROR(VLOOKUP(C7995,参数!$B:$H,2,0),\"\")","v":""},{"$f":"IFERROR(VLOOKUP(C7995,参数!$B:$H,4,0),\"\")","v":""},{"$f":"IFERROR(VLOOKUP(C7995,参数!B:H,3,FALSE),\"\")","v":""},"",1]
[7995,{"$nulls":6},{"$f":"IFERROR(VLOOKUP(C7996,参数!$B:$H,2,0),\"\")","v":""},{"$f":"IFERROR(VLOOKUP(C7996,参数!$B:$H,4,0),\"\")","v":""},{"$f":"IFERROR(VLOOKUP(C7996,参数!B:H,3,FALSE),\"\")","v":""},"",1]
[7996,{"$nulls":6},{"$f":"IFERROR(VLOOKUP(C7997,参数!$B:$H,2,0),\"\")","v":""},{"$f":"IFERROR(VLOOKUP(C7997,参数!$B:$H,4,0),\"\")","v":""},{"$f":"IFERROR(VLOOKUP(C7997,参数!B:H,3,FALSE),\"\")","v":""},"",1]
[7997,{"$nulls":6},{"$f":"IFERROR(VLOOKUP(C7998,参数!$B:$H,2,0),\"\")","v":""},{"$f":"IFERROR(VLOOKUP(C7998,参数!$B:$H,4,0),\"\")","v":""},{"$f":"IFERROR(VLOOKUP(C7998,参数!B:H,3,FALSE),\"\")","v":""},"",1]
[7998,{"$nulls":6},{"$f":"IFERROR(VLOOKUP(C7999,参数!$B:$H,2,0),\"\")","v":""},{"$f":"IFERROR(VLOOKUP(C7999,参数!$B:$H,4,0),\"\")","v":""},{"$f":"IFERROR(VLOOKUP(C7999,参数!B:H,3,FALSE),\"\")","v":""},"",1]
[7999,{"$nulls":6},{"$f":"IFERROR(VLOOKUP(C8000,参数!$B:$H,2,0),\"\")","v":""},{"$f":"IFERROR(VLOOKUP(C8000,参数!$B:$H,4,0),\"\")","v":""},{"$f":"IFERROR(VLOOKUP(C8000,参数!B:H,3,FALSE),\"\")","v":""},"",1]
[8000,{"$nulls":6},{"$f":"IFERROR(VLOOKUP(C8001,参数!$B:$H,2,0),\"\")","v":""},{"$f":"IFERROR(VLOOKUP(C8001,参数!$B:$H,4,0),\"\")","v":""},{"$f":"IFERROR(VLOOKUP(C8001,参数!B:H,3,FALSE),\"\")","v":""},"",1]
[8001,{"$nulls":6},{"$f":"IFERROR(VLOOKUP(C8002,参数!$B:$H,2,0),\"\")","v":""},{"$f":"IFERROR(VLOOKUP(C8002,参数!$B:$H,4,0),\"\")","v":""},{"$f":"IFERROR(VLOOKUP(C8002,参数!B:H,3,FALSE),\"\")","v":""},"",{"$f":"VALUE(MONTH(B8002))","v":1}]
[8002,{"$nulls":6},{"$f":"IFERROR(VLOOKUP(C8003,参数!$B:$H,2,0),\"\")","v":""},{"$f":"IFERROR(VLOOKUP(C8003,参数!$B:$H,4,0),\"\")","v":""},{"$f":"IFERROR(VLOOKUP(C8003,参数!B:H,3,FALSE),\"\")","v":""},"",1]
[8003,{"$nulls":6},{"$f":"IFERROR(VLOOKUP(C8004,参数!$B:$H,2,0),\"\")","v":""},{"$f":"IFERROR(VLOOKUP(C8004,参数!$B:$H,4,0),\"\")","v":""},{"$f":"IFERROR(VLOOKUP(C8004,参数!B:H,3,FALSE),\"\")","v":""},"",1]
[8004,{"$nulls":6},{"$f":"IFERROR(VLOOKUP(C8005,参数!$B:$H,2,0),\"\")","v":""},{"$f":"IFERROR(VLOOKUP(C8005,参数!$B:$H,4,0),\"\")","v":""},{"$f":"IFERROR(VLOOKUP(C8005,参数!B:H,3,FALSE),\"\")","v":""},"",1]
[8005,{"$nulls":6},{"$f":"IFERROR(VLOOKUP(C8006,参数!$B:$H,2,0),\"\")","v":""},{"$f":"IFERROR(VLOOKUP(C8006,参数!$B:$H,4,0),\"\")","v":""},{"$f":"IFERROR(VLOOKUP(C8006,参数!B:H,3,FALSE),\"\")","v":""},"",1]
[8006,{"$nulls":6},{"$f":"IFERROR(VLOOKUP(C8007,参数!$B:$H,2,0),\"\")","v":""},{"$f":"IFERROR(VLOOKUP(C8007,参数!$B:$H,4,0),\"\")","v":""},{"$f":"IFERROR(VLOOKUP(C8007,参数!B:H,3,FALSE),\"\")","v":""},"",1]
[8007,{"$nulls":6},{"$f":"IFERROR(VLOOKUP(C8008,参数!$B:$H,2,0),\"\")","v":""},{"$f":"IFERROR(VLOOKUP(C8008,参数!$B:$H,4,0),\"\")","v":""},{"$f":"IFERROR(VLOOKUP(C8008,参数!B:H,3,FALSE),\"\")","v":""},"",1]
[8008,{"$nulls":6},{"$f":"IFERROR(VLOOKUP(C8009,参数!$B:$H,2,0),\"\")","v":""},{"$f":"IFERROR(VLOOKUP(C8009,参数!$B:$H,4,0),\"\")","v":""},{"$f":"IFERROR(VLOOKUP(C8009,参数!B:H,3,FALSE),\"\")","v":""},"",1]
[8009,{"$nulls":6},{"$f":"IFERROR(VLOOKUP(C8010,参数!$B:$H,2,0),\"\")","v":""},{"$f":"IFERROR(VLOOKUP(C8010,参数!$B:$H,4,0),\"\")","v":""},{"$f":"IFERROR(VLOOKUP(C8010,参数!B:H,3,FALSE),\"\")","v":""},"",1]
[8010,{"$nulls":6},{"$f":"IFERROR(VLOOKUP(C8011,参数!$B:$H,2,0),\"\")","v":""},{"$f":"IFERROR(VLOOKUP(C8011,参数!$B:$H,4,0),\"\")","v":""},{"$f":"IFERROR(VLOOKUP(C8011,参数!B:H,3,FALSE),\"\")","v":""},"",1]
[8011,{"$nulls":6},{"$f":"IFERROR(VLOOKUP(C8012,参数!$B:$H,2,0),\"\")","v":""},{"$f":"IFERROR(VLOOKUP(C8012,参数!$B:$H,4,0),\"\")","v":""},{"$f":"IFERROR(VLOOKUP(C8012,参数!B:H,3,FALSE),\"\")","v":""},"",1]
[8012,{"$nulls":6},{"$f":"IFERROR(VLOOKUP(C8013,参数!$B:$H,2,0),\"\")","v":""},{"$f":"IFERROR(VLOOKUP(C8013,参数!$B:$H,4,0),\"\")","v":""},{"$f":"IFERROR(VLOOKUP(C8013,参数!B:H,3,FALSE),\"\")","v":""},"",1]
[8013,{"$nulls":6},{"$f":"IFERROR(VLOOKUP(C8014,参数!$B:$H,2,0),\"\")","v":""},{"$f":"IFERROR(VLOOKUP(C8014,参数!$B:$H,4,0),\"\")","v":""},{"$f":"IFERROR(VLOOKUP(C8014,参数!B:H,3,FALSE),\"\")","v":""},"",1]
[8014,{"$nulls":6},{"$f":"IFERROR(VLOOKUP(C8015,参数!$B:$H,2,0),\"\")","v":""},{"$f":"IFERROR(VLOOKUP(C8015,参数!$B:$H,4,0),\"\")","v":""},{"$f":"IFERROR(VLOOKUP(C8015,参数!B:H,3,FALSE),\"\")","v":""},"",1]
[8015,{"$nulls":6},{"$f":"IFERROR(VLOOKUP(C8016,参数!$B:$H,2,0),\"\")","v":""},{"$f":"IFERROR(VLOOKUP(C8016,参数!$B:$H,4,0),\"\")","v":""},{"$f":"IFERROR(VLOOKUP(C8016,参数!B:H,3,FALSE),\"\")","v":""},"",1]
[8016,{"$nulls":6},{"$f":"IFERROR(VLOOKUP(C8017,参数!$B:$H,2,0),\"\")","v":""},{"$f":"IFERROR(VLOOKUP(C8017,参数!$B:$H,4,0),\"\")","v":""},{"$f":"IFERROR(VLOOKUP(C8017,参数!B:H,3,FALSE),\"\")","v":""},"",1]
[8017,{"$nulls":6},{"$f":"IFERROR(VLOOKUP(C8018,参数!$B:$H,2,0),\"\")","v":""},{"$f":"IFERROR(VLOOKUP(C8018,参数!$B:$H,4,0),\"\")","v":""},{"$f":"IFERROR(VLOOKUP(C8018,参数!B:H,3,FALSE),\"\")","v":""},"",1]
[8018,{"$nulls":6},{"$f":"IFERROR(VLOOKUP(C8019,参数!$B:$H,2,0),\"\")","v":""},{"$f":"IFERROR(VLOOKUP(C8019,参数!$B:$H,4,0),\"\")","v":""},{"$f":"IFERROR(VLOOKUP(C8019,参数!B:H,3,FALSE),\"\")","v":""},"",1]
[8019,{"$nulls":6},{"$f":"IFERROR(VLOOKUP(C8020,参数!$B:$H,2,0),\"\")","v":""},{"$f":"IFERROR(VLOOKUP(C8020,参数!$B:$H,4,0),\"\")","v":""},{"$f":"IFERROR(VLOOKUP(C8020,参数!B:H,3,FALSE),\"\")","v":""},"",1]
[8020,{"$nulls":6},{"$f":"IFERROR(VLOOKUP(C8021,参数!$B:$H,2,0),\"\")","v":""},{"$f":"IFERROR(VLOOKUP(C8021,参数!$B:$H,4,0),\"\")","v":""},{"$f":"IFERROR(VLOOKUP(C8021,参数!B:H,3,FALSE),\"\")","v":""},"",1]
[8021,{"$nulls":6},{"$f":"IFERROR(VLOOKUP(C8022,参数!$B:$H,2,0),\"\")","v":""},{"$f":"IFERROR(VLOOKUP(C8022,参数!$B:$H,4,0),\"\")","v":""},{"$f":"IFERROR(VLOOKUP(C8022,参数!B:H,3,FALSE),\"\")","v":""},"",1]
[8022,{"$nulls":6},{"$f":"IFERROR(VLOOKUP(C8023,参数!$B:$H,2,0),\"\")","v":""},{"$f":"IFERROR(VLOOKUP(C8023,参数!$B:$H,4,0),\"\")","v":""},{"$f":"IFERROR(VLOOKUP(C8023,参数!B:H,3,FALSE),\"\")","v":""},"",1]
[8023,{"$nulls":6},{"$f":"IFERROR(VLOOKUP(C8024,参数!$B:$H,2,0),\"\")","v":""},{"$f":"IFERROR(VLOOKUP(C8024,参数!$B:$H,4,0),\"\")","v":""},{"$f":"IFERROR(VLOOKUP(C8024,参数!B:H,3,FALSE),\"\")","v":""},"",1]
[8024,{"$nulls":6},{"$f":"IFERROR(VLOOKUP(C8025,参数!$B:$H,2,0),\"\")","v":""},{"$f":"IFERROR(VLOOKUP(C8025,参数!$B:$H,4,0),\"\")","v":""},{"$f":"IFERROR(VLOOKUP(C8025,参数!B:H,3,FALSE),\"\")","v":""},"",1]
[8025,{"$nulls":6},{"$f":"IFERROR(VLOOKUP(C8026,参数!$B:$H,2,0),\"\")","v":""},{"$f":"IFERROR(VLOOKUP(C8026,参数!$B:$H,4,0),\"\")","v":""},{"$f":"IFERROR(VLOOKUP(C8026,参数!B:H,3,FALSE),\"\")","v":""},"",1]
[8026,{"$nulls":6},{"$f":"IFERROR(VLOOKUP(C8027,参数!$B:$H,2,0),\"\")","v":""},{"$f":"IFERROR(VLOOKUP(C8027,参数!$B:$H,4,0),\"\")","v":""},{"$f":"IFERROR(VLOOKUP(C8027,参数!B:H,3,FALSE),\"\")","v":""},"",1]
[8027,{"$nulls":6},{"$f":"IFERROR(VLOOKUP(C8028,参数!$B:$H,2,0),\"\")","v":""},{"$f":"IFERROR(VLOOKUP(C8028,参数!$B:$H,4,0),\"\")","v":""},{"$f":"IFERROR(VLOOKUP(C8028,参数!B:H,3,FALSE),\"\")","v":""},"",1]
[8028,{"$nulls":6},{"$f":"IFERROR(VLOOKUP(C8029,参数!$B:$H,2,0),\"\")","v":""},{"$f":"IFERROR(VLOOKUP(C8029,参数!$B:$H,4,0),\"\")","v":""},{"$f":"IFERROR(VLOOKUP(C8029,参数!B:H,3,FALSE),\"\")","v":""},"",1]
[8029,{"$nulls":6},{"$f":"IFERROR(VLOOKUP(C8030,参数!$B:$H,2,0),\"\")","v":""},{"$f":"IFERROR(VLOOKUP(C8030,参数!$B:$H,4,0),\"\")","v":""},{"$f":"IFERROR(VLOOKUP(C8030,参数!B:H,3,FALSE),\"\")","v":""},"",1]
[8030,{"$nulls":6},{"$f":"IFERROR(VLOOKUP(C8031,参数!$B:$H,2,0),\"\")","v":""},{"$f":"IFERROR(VLOOKUP(C8031,参数!$B:$H,4,0),\"\")","v":""},{"$f":"IFERROR(VLOOKUP(C8031,参数!B:H,3,FALSE),\"\")","v":""},"",1]
[8031,{"$nulls":6},{"$f":"IFERROR(VLOOKUP(C8032,参数!$B:$H,2,0),\"\")","v":""},{"$f":"IFERROR(VLOOKUP(C8032,参数!$B:$H,4,0),\"\")","v":""},{"$f":"IFERROR(VLOOKUP(C8032,参数!B:H,3,FALSE),\"\")","v":""},"",1]
[8032,{"$nulls":6},{"$f":"IFERROR(VLOOKUP(C8033,参数!$B:$H,2,0),\"\")","v":""},{"$f":"IFERROR(VLOOKUP(C8033,参数!$B:$H,4,0),\"\")","v":""},{"$f":"IFERROR(VLOOKUP(C8033,参数!B:H,3,FALSE),\"\")","v":""},"",1]
[8033,{"$nulls":6},{"$f":"IFERROR(VLOOKUP(C8034,参数!$B:$H,2,0),\"\")","v":""},{"$f":"IFERROR(VLOOKUP(C8034,参数!$B:$H,4,0),\"\")","v":""},{"$f":"IFERROR(VLOOKUP(C8034,参数!B:H,3,FALSE),\"\")","v":""},"",1]
[8034,{"$nulls":6},{"$f":"IFERROR(VLOOKUP(C8035,参数!$B:$H,2,0),\"\")","v":""},{"$f":"IFERROR(VLOOKUP(C8035,参数!$B:$H,4,0),\"\")","v":""},{"$f":"IFERROR(VLOOKUP(C8035,参数!B:H,3,FALSE),\"\")","v":""},"",1]
[8035,{"$nulls":6},{"$f":"IFERROR(VLOOKUP(C8036,参数!$B:$H,2,0),\"\")","v":""},{"$f":"IFERROR(VLOOKUP(C8036,参数!$B:$H,4,0),\"\")","v":""},{"$f":"IFERROR(VLOOKUP(C8036,参数!B:H,3,FALSE),\"\")","v":""},"",1]
[8036,{"$nulls":6},{"$f":"IFERROR(VLOOKUP(C8037,参数!$B:$H,2,0),\"\")","v":""},{"$f":"IFERROR(VLOOKUP(C8037,参数!$B:$H,4,0),\"\")","v":""},{"$f":"IFERROR(VLOOKUP(C8037,参数!B:H,3,FALSE),\"\")","v":""},{"$f":"IFERROR(J8037*E8037,\"\")","v":""},1]
[8037,{"$nulls":6},{"$f":"IFERROR(VLOOKUP(C8038,参数!$B:$H,2,0),\"\")","v":""},{"$f":"IFERROR(VLOOKUP(C8038,参数!$B:$H,4,0),\"\")","v":""},{"$f":"IFERROR(VLOOKUP(C8038,参数!B:H,3,FALSE),\"\")","v":""},"",1]
[8038,{"$nulls":6},{"$f":"IFERROR(VLOOKUP(C8039,参数!$B:$H,2,0),\"\")","v":""},{"$f":"IFERROR(VLOOKUP(C8039,参数!$B:$H,4,0),\"\")","v":""},{"$f":"IFERROR(VLOOKUP(C8039,参数!B:H,3,FALSE),\"\")","v":""},"",1]
[8039,{"$nulls":6},{"$f":"IFERROR(VLOOKUP(C8040,参数!$B:$H,2,0),\"\")","v":""},{"$f":"IFERROR(VLOOKUP(C8040,参数!$B:$H,4,0),\"\")","v":""},{"$f":"IFERROR(VLOOKUP(C8040,参数!B:H,3,FALSE),\"\")","v":""},"",1]
[8040,{"$nulls":6},{"$f":"IFERROR(VLOOKUP(C8041,参数!$B:$H,2,0),\"\")","v":""},{"$f":"IFERROR(VLOOKUP(C8041,参数!$B:$H,4,0),\"\")","v":""},{"$f":"IFERROR(VLOOKUP(C8041,参数!B:H,3,FALSE),\"\")","v":""},"",1]
[8041,{"$nulls":6},{"$f":"IFERROR(VLOOKUP(C8042,参数!$B:$H,2,0),\"\")","v":""},{"$f":"IFERROR(VLOOKUP(C8042,参数!$B:$H,4,0),\"\")","v":""},{"$f":"IFERROR(VLOOKUP(C8042,参数!B:H,3,FALSE),\"\")","v":""},"",1]
[8042,{"$nulls":6},{"$f":"IFERROR(VLOOKUP(C8043,参数!$B:$H,2,0),\"\")","v":""},{"$f":"IFERROR(VLOOKUP(C8043,参数!$B:$H,4,0),\"\")","v":""},{"$f":"IFERROR(VLOOKUP(C8043,参数!B:H,3,FALSE),\"\")","v":""},"",1]
[8043,{"$nulls":6},{"$f":"IFERROR(VLOOKUP(C8044,参数!$B:$H,2,0),\"\")","v":""},{"$f":"IFERROR(VLOOKUP(C8044,参数!$B:$H,4,0),\"\")","v":""},{"$f":"IFERROR(VLOOKUP(C8044,参数!B:H,3,FALSE),\"\")","v":""},"",1]
[8044,{"$nulls":6},{"$f":"IFERROR(VLOOKUP(C8045,参数!$B:$H,2,0),\"\")","v":""},{"$f":"IFERROR(VLOOKUP(C8045,参数!$B:$H,4,0),\"\")","v":""},{"$f":"IFERROR(VLOOKUP(C8045,参数!B:H,3,FALSE),\"\")","v":""},"",1]
[8045,{"$nulls":6},{"$f":"IFERROR(VLOOKUP(C8046,参数!$B:$H,2,0),\"\")","v":""},{"$f":"IFERROR(VLOOKUP(C8046,参数!$B:$H,4,0),\"\")","v":""},{"$f":"IFERROR(VLOOKUP(C8046,参数!B:H,3,FALSE),\"\")","v":""},"",1]
[8046,{"$nulls":6},{"$f":"IFERROR(VLOOKUP(C8047,参数!$B:$H,2,0),\"\")","v":""},{"$f":"IFERROR(VLOOKUP(C8047,参数!$B:$H,4,0),\"\")","v":""},{"$f":"IFERROR(VLOOKUP(C8047,参数!B:H,3,FALSE),\"\")","v":""},"",1]
[8047,{"$nulls":6},{"$f":"IFERROR(VLOOKUP(C8048,参数!$B:$H,2,0),\"\")","v":""},{"$f":"IFERROR(VLOOKUP(C8048,参数!$B:$H,4,0),\"\")","v":""},{"$f":"IFERROR(VLOOKUP(C8048,参数!B:H,3,FALSE),\"\")","v":""},"",1]
[8048,{"$nulls":6},{"$f":"IFERROR(VLOOKUP(C8049,参数!$B:$H,2,0),\"\")","v":""},{"$f":"IFERROR(VLOOKUP(C8049,参数!$B:$H,4,0),\"\")","v":""},{"$f":"IFERROR(VLOOKUP(C8049,参数!B:H,3,FALSE),\"\")","v":""},"",1]
[8049,{"$nulls":6},{"$f":"IFERROR(VLOOKUP(C8050,参数!$B:$H,2,0),\"\")","v":""},{"$f":"IFERROR(VLOOKUP(C8050,参数!$B:$H,4,0),\"\")","v":""},{"$f":"IFERROR(VLOOKUP(C8050,参数!B:H,3,FALSE),\"\")","v":""},"",1]
[8050,{"$nulls":6},{"$f":"IFERROR(VLOOKUP(C8051,参数!$B:$H,2,0),\"\")","v":""},{"$f":"IFERROR(VLOOKUP(C8051,参数!$B:$H,4,0),\"\")","v":""},{"$f":"IFERROR(VLOOKUP(C8051,参数!B:H,3,FALSE),\"\")","v":""},"",1]
[8051,{"$nulls":6},{"$f":"IFERROR(VLOOKUP(C8052,参数!$B:$H,2,0),\"\")","v":""},{"$f":"IFERROR(VLOOKUP(C8052,参数!$B:$H,4,0),\"\")","v":""},{"$f":"IFERROR(VLOOKUP(C8052,参数!B:H,3,FALSE),\"\")","v":""},"",1]
[8052,{"$nulls":6},{"$f":"IFERROR(VLOOKUP(C8053,参数!$B:$H,2,0),\"\")","v":""},{"$f":"IFERROR(VLOOKUP(C8053,参数!$B:$H,4,0),\"\")","v":""},{"$f":"IFERROR(VLOOKUP(C8053,参数!B:H,3,FALSE),\"\")","v":""},"",1]
[8053,{"$nulls":6},{"$f":"IFERROR(VLOOKUP(C8054,参数!$B:$H,2,0),\"\")","v":""},{"$f":"IFERROR(VLOOKUP(C8054,参数!$B:$H,4,0),\"\")","v":""},{"$f":"IFERROR(VLOOKUP(C8054,参数!B:H,3,FALSE),\"\")","v":""},"",1]
[8054,{"$nulls":6},{"$f":"IFERROR(VLOOKUP(C8055,参数!$B:$H,2,0),\"\")","v":""},{"$f":"IFERROR(VLOOKUP(C8055,参数!$B:$H,4,0),\"\")","v":""},{"$f":"IFERROR(VLOOKUP(C8055,参数!B:H,3,FALSE),\"\")","v":""},"",1]
[8055,{"$nulls":6},{"$f":"IFERROR(VLOOKUP(C8056,参数!$B:$H,2,0),\"\")","v":""},{"$f":"IFERROR(VLOOKUP(C8056,参数!$B:$H,4,0),\"\")","v":""},{"$f":"IFERROR(VLOOKUP(C8056,参数!B:H,3,FALSE),\"\")","v":""},"",1]
[8056,{"$nulls":6},{"$f":"IFERROR(VLOOKUP(C8057,参数!$B:$H,2,0),\"\")","v":""},{"$f":"IFERROR(VLOOKUP(C8057,参数!$B:$H,4,0),\"\")","v":""},{"$f":"IFERROR(VLOOKUP(C8057,参数!B:H,3,FALSE),\"\")","v":""},"",1]
[8057,{"$nulls":6},{"$f":"IFERROR(VLOOKUP(C8058,参数!$B:$H,2,0),\"\")","v":""},{"$f":"IFERROR(VLOOKUP(C8058,参数!$B:$H,4,0),\"\")","v":""},{"$f":"IFERROR(VLOOKUP(C8058,参数!B:H,3,FALSE),\"\")","v":""},"",1]
[8058,{"$nulls":6},{"$f":"IFERROR(VLOOKUP(C8059,参数!$B:$H,2,0),\"\")","v":""},{"$f":"IFERROR(VLOOKUP(C8059,参数!$B:$H,4,0),\"\")","v":""},{"$f":"IFERROR(VLOOKUP(C8059,参数!B:H,3,FALSE),\"\")","v":""},"",1]
[8059,{"$nulls":6},{"$f":"IFERROR(VLOOKUP(C8060,参数!$B:$H,2,0),\"\")","v":""},{"$f":"IFERROR(VLOOKUP(C8060,参数!$B:$H,4,0),\"\")","v":""},{"$f":"IFERROR(VLOOKUP(C8060,参数!B:H,3,FALSE),\"\")","v":""},"",1]
[8060,{"$nulls":6},{"$f":"IFERROR(VLOOKUP(C8061,参数!$B:$H,2,0),\"\")","v":""},{"$f":"IFERROR(VLOOKUP(C8061,参数!$B:$H,4,0),\"\")","v":""},{"$f":"IFERROR(VLOOKUP(C8061,参数!B:H,3,FALSE),\"\")","v":""},"",1]
[8061,{"$nulls":6},{"$f":"IFERROR(VLOOKUP(C8062,参数!$B:$H,2,0),\"\")","v":""},{"$f":"IFERROR(VLOOKUP(C8062,参数!$B:$H,4,0),\"\")","v":""},{"$f":"IFERROR(VLOOKUP(C8062,参数!B:H,3,FALSE),\"\")","v":""},"",1]
[8062,{"$nulls":6},{"$f":"IFERROR(VLOOKUP(C8063,参数!$B:$H,2,0),\"\")","v":""},{"$f":"IFERROR(VLOOKUP(C8063,参数!$B:$H,4,0),\"\")","v":""},{"$f":"IFERROR(VLOOKUP(C8063,参数!B:H,3,FALSE),\"\")","v":""},"",1]
[8063,{"$nulls":6},{"$f":"IFERROR(VLOOKUP(C8064,参数!$B:$H,2,0),\"\")","v":""},{"$f":"IFERROR(VLOOKUP(C8064,参数!$B:$H,4,0),\"\")","v":""},{"$f":"IFERROR(VLOOKUP(C8064,参数!B:H,3,FALSE),\"\")","v":""},"",1]
[8064,{"$nulls":6},{"$f":"IFERROR(VLOOKUP(C8065,参数!$B:$H,2,0),\"\")","v":""},{"$f":"IFERROR(VLOOKUP(C8065,参数!$B:$H,4,0),\"\")","v":""},{"$f":"IFERROR(VLOOKUP(C8065,参数!B:H,3,FALSE),\"\")","v":""},"",1]
[8065,{"$nulls":6},{"$f":"IFERROR(VLOOKUP(C8066,参数!$B:$H,2,0),\"\")","v":""},{"$f":"IFERROR(VLOOKUP(C8066,参数!$B:$H,4,0),\"\")","v":""},{"$f":"IFERROR(VLOOKUP(C8066,参数!B:H,3,FALSE),\"\")","v":""},"",{"$f":"VALUE(MONTH(B8066))","v":1}]
[8066,{"$nulls":6},{"$f":"IFERROR(VLOOKUP(C8067,参数!$B:$H,2,0),\"\")","v":""},{"$f":"IFERROR(VLOOKUP(C8067,参数!$B:$H,4,0),\"\")","v":""},{"$f":"IFERROR(VLOOKUP(C8067,参数!B:H,3,FALSE),\"\")","v":""},"",1]
[8067,{"$nulls":6},{"$f":"IFERROR(VLOOKUP(C8068,参数!$B:$H,2,0),\"\")","v":""},{"$f":"IFERROR(VLOOKUP(C8068,参数!$B:$H,4,0),\"\")","v":""},{"$f":"IFERROR(VLOOKUP(C8068,参数!B:H,3,FALSE),\"\")","v":""},"",1]
[8068,{"$nulls":6},{"$f":"IFERROR(VLOOKUP(C8069,参数!$B:$H,2,0),\"\")","v":""},{"$f":"IFERROR(VLOOKUP(C8069,参数!$B:$H,4,0),\"\")","v":""},{"$f":"IFERROR(VLOOKUP(C8069,参数!B:H,3,FALSE),\"\")","v":""},"",1]
[8069,{"$nulls":6},{"$f":"IFERROR(VLOOKUP(C8070,参数!$B:$H,2,0),\"\")","v":""},{"$f":"IFERROR(VLOOKUP(C8070,参数!$B:$H,4,0),\"\")","v":""},{"$f":"IFERROR(VLOOKUP(C8070,参数!B:H,3,FALSE),\"\")","v":""},"",1]
[8070,{"$nulls":6},{"$f":"IFERROR(VLOOKUP(C8071,参数!$B:$H,2,0),\"\")","v":""},{"$f":"IFERROR(VLOOKUP(C8071,参数!$B:$H,4,0),\"\")","v":""},{"$f":"IFERROR(VLOOKUP(C8071,参数!B:H,3,FALSE),\"\")","v":""},"",1]
[8071,{"$nulls":6},{"$f":"IFERROR(VLOOKUP(C8072,参数!$B:$H,2,0),\"\")","v":""},{"$f":"IFERROR(VLOOKUP(C8072,参数!$B:$H,4,0),\"\")","v":""},{"$f":"IFERROR(VLOOKUP(C8072,参数!B:H,3,FALSE),\"\")","v":""},"",1]
[8072,{"$nulls":6},{"$f":"IFERROR(VLOOKUP(C8073,参数!$B:$H,2,0),\"\")","v":""},{"$f":"IFERROR(VLOOKUP(C8073,参数!$B:$H,4,0),\"\")","v":""},{"$f":"IFERROR(VLOOKUP(C8073,参数!B:H,3,FALSE),\"\")","v":""},"",1]
[8073,{"$nulls":6},{"$f":"IFERROR(VLOOKUP(C8074,参数!$B:$H,2,0),\"\")","v":""},{"$f":"IFERROR(VLOOKUP(C8074,参数!$B:$H,4,0),\"\")","v":""},{"$f":"IFERROR(VLOOKUP(C8074,参数!B:H,3,FALSE),\"\")","v":""},"",1]
[8074,{"$nulls":6},{"$f":"IFERROR(VLOOKUP(C8075,参数!$B:$H,2,0),\"\")","v":""},{"$f":"IFERROR(VLOOKUP(C8075,参数!$B:$H,4,0),\"\")","v":""},{"$f":"IFERROR(VLOOKUP(C8075,参数!B:H,3,FALSE),\"\")","v":""},"",1]
[8075,{"$nulls":6},{"$f":"IFERROR(VLOOKUP(C8076,参数!$B:$H,2,0),\"\")","v":""},{"$f":"IFERROR(VLOOKUP(C8076,参数!$B:$H,4,0),\"\")","v":""},{"$f":"IFERROR(VLOOKUP(C8076,参数!B:H,3,FALSE),\"\")","v":""},"",1]
[8076,{"$nulls":6},{"$f":"IFERROR(VLOOKUP(C8077,参数!$B:$H,2,0),\"\")","v":""},{"$f":"IFERROR(VLOOKUP(C8077,参数!$B:$H,4,0),\"\")","v":""},{"$f":"IFERROR(VLOOKUP(C8077,参数!B:H,3,FALSE),\"\")","v":""},"",1]
[8077,{"$nulls":6},{"$f":"IFERROR(VLOOKUP(C8078,参数!$B:$H,2,0),\"\")","v":""},{"$f":"IFERROR(VLOOKUP(C8078,参数!$B:$H,4,0),\"\")","v":""},{"$f":"IFERROR(VLOOKUP(C8078,参数!B:H,3,FALSE),\"\")","v":""},"",1]
[8078,{"$nulls":6},{"$f":"IFERROR(VLOOKUP(C8079,参数!$B:$H,2,0),\"\")","v":""},{"$f":"IFERROR(VLOOKUP(C8079,参数!$B:$H,4,0),\"\")","v":""},{"$f":"IFERROR(VLOOKUP(C8079,参数!B:H,3,FALSE),\"\")","v":""},"",1]
[8079,{"$nulls":6},{"$f":"IFERROR(VLOOKUP(C8080,参数!$B:$H,2,0),\"\")","v":""},{"$f":"IFERROR(VLOOKUP(C8080,参数!$B:$H,4,0),\"\")","v":""},{"$f":"IFERROR(VLOOKUP(C8080,参数!B:H,3,FALSE),\"\")","v":""},"",1]
[8080,{"$nulls":6},{"$f":"IFERROR(VLOOKUP(C8081,参数!$B:$H,2,0),\"\")","v":""},{"$f":"IFERROR(VLOOKUP(C8081,参数!$B:$H,4,0),\"\")","v":""},{"$f":"IFERROR(VLOOKUP(C8081,参数!B:H,3,FALSE),\"\")","v":""},"",1]
[8081,{"$nulls":6},{"$f":"IFERROR(VLOOKUP(C8082,参数!$B:$H,2,0),\"\")","v":""},{"$f":"IFERROR(VLOOKUP(C8082,参数!$B:$H,4,0),\"\")","v":""},{"$f":"IFERROR(VLOOKUP(C8082,参数!B:H,3,FALSE),\"\")","v":""},"",1]
[8082,{"$nulls":6},{"$f":"IFERROR(VLOOKUP(C8083,参数!$B:$H,2,0),\"\")","v":""},{"$f":"IFERROR(VLOOKUP(C8083,参数!$B:$H,4,0),\"\")","v":""},{"$f":"IFERROR(VLOOKUP(C8083,参数!B:H,3,FALSE),\"\")","v":""},"",1]
[8083,{"$nulls":6},{"$f":"IFERROR(VLOOKUP(C8084,参数!$B:$H,2,0),\"\")","v":""},{"$f":"IFERROR(VLOOKUP(C8084,参数!$B:$H,4,0),\"\")","v":""},{"$f":"IFERROR(VLOOKUP(C8084,参数!B:H,3,FALSE),\"\")","v":""},"",1]
[8084,{"$nulls":6},{"$f":"IFERROR(VLOOKUP(C8085,参数!$B:$H,2,0),\"\")","v":""},{"$f":"IFERROR(VLOOKUP(C8085,参数!$B:$H,4,0),\"\")","v":""},{"$f":"IFERROR(VLOOKUP(C8085,参数!B:H,3,FALSE),\"\")","v":""},"",1]
[8085,{"$nulls":6},{"$f":"IFERROR(VLOOKUP(C8086,参数!$B:$H,2,0),\"\")","v":""},{"$f":"IFERROR(VLOOKUP(C8086,参数!$B:$H,4,0),\"\")","v":""},{"$f":"IFERROR(VLOOKUP(C8086,参数!B:H,3,FALSE),\"\")","v":""},"",1]
[8086,{"$nulls":6},{"$f":"IFERROR(VLOOKUP(C8087,参数!$B:$H,2,0),\"\")","v":""},{"$f":"IFERROR(VLOOKUP(C8087,参数!$B:$H,4,0),\"\")","v":""},{"$f":"IFERROR(VLOOKUP(C8087,参数!B:H,3,FALSE),\"\")","v":""},"",1]
[8087,{"$nulls":6},{"$f":"IFERROR(VLOOKUP(C8088,参数!$B:$H,2,0),\"\")","v":""},{"$f":"IFERROR(VLOOKUP(C8088,参数!$B:$H,4,0),\"\")","v":""},{"$f":"IFERROR(VLOOKUP(C8088,参数!B:H,3,FALSE),\"\")","v":""},"",1]
[8088,{"$nulls":6},{"$f":"IFERROR(VLOOKUP(C8089,参数!$B:$H,2,0),\"\")","v":""},{"$f":"IFERROR(VLOOKUP(C8089,参数!$B:$H,4,0),\"\")","v":""},{"$f":"IFERROR(VLOOKUP(C8089,参数!B:H,3,FALSE),\"\")","v":""},"",1]
[8089,{"$nulls":6},{"$f":"IFERROR(VLOOKUP(C8090,参数!$B:$H,2,0),\"\")","v":""},{"$f":"IFERROR(VLOOKUP(C8090,参数!$B:$H,4,0),\"\")","v":""},{"$f":"IFERROR(VLOOKUP(C8090,参数!B:H,3,FALSE),\"\")","v":""},"",1]
[8090,{"$nulls":6},{"$f":"IFERROR(VLOOKUP(C8091,参数!$B:$H,2,0),\"\")","v":""},{"$f":"IFERROR(VLOOKUP(C8091,参数!$B:$H,4,0),\"\")","v":""},{"$f":"IFERROR(VLOOKUP(C8091,参数!B:H,3,FALSE),\"\")","v":""},"",1]
[8091,{"$nulls":6},{"$f":"IFERROR(VLOOKUP(C8092,参数!$B:$H,2,0),\"\")","v":""},{"$f":"IFERROR(VLOOKUP(C8092,参数!$B:$H,4,0),\"\")","v":""},{"$f":"IFERROR(VLOOKUP(C8092,参数!B:H,3,FALSE),\"\")","v":""},"",1]
[8092,{"$nulls":6},{"$f":"IFERROR(VLOOKUP(C8093,参数!$B:$H,2,0),\"\")","v":""},{"$f":"IFERROR(VLOOKUP(C8093,参数!$B:$H,4,0),\"\")","v":""},{"$f":"IFERROR(VLOOKUP(C8093,参数!B:H,3,FALSE),\"\")","v":""},"",1]
[8093,{"$nulls":6},{"$f":"IFERROR(VLOOKUP(C8094,参数!$B:$H,2,0),\"\")","v":""},{"$f":"IFERROR(VLOOKUP(C8094,参数!$B:$H,4,0),\"\")","v":""},{"$f":"IFERROR(VLOOKUP(C8094,参数!B:H,3,FALSE),\"\")","v":""},"",1]
[8094,{"$nulls":6},{"$f":"IFERROR(VLOOKUP(C8095,参数!$B:$H,2,0),\"\")","v":""},{"$f":"IFERROR(VLOOKUP(C8095,参数!$B:$H,4,0),\"\")","v":""},{"$f":"IFERROR(VLOOKUP(C8095,参数!B:H,3,FALSE),\"\")","v":""},"",1]
[8095,{"$nulls":6},{"$f":"IFERROR(VLOOKUP(C8096,参数!$B:$H,2,0),\"\")","v":""},{"$f":"IFERROR(VLOOKUP(C8096,参数!$B:$H,4,0),\"\")","v":""},{"$f":"IFERROR(VLOOKUP(C8096,参数!B:H,3,FALSE),\"\")","v":""},"",1]
[8096,{"$nulls":6},{"$f":"IFERROR(VLOOKUP(C8097,参数!$B:$H,2,0),\"\")","v":""},{"$f":"IFERROR(VLOOKUP(C8097,参数!$B:$H,4,0),\"\")","v":""},{"$f":"IFERROR(VLOOKUP(C8097,参数!B:H,3,FALSE),\"\")","v":""},"",1]
[8097,{"$nulls":6},{"$f":"IFERROR(VLOOKUP(C8098,参数!$B:$H,2,0),\"\")","v":""},{"$f":"IFERROR(VLOOKUP(C8098,参数!$B:$H,4,0),\"\")","v":""},{"$f":"IFERROR(VLOOKUP(C8098,参数!B:H,3,FALSE),\"\")","v":""},"",1]
[8098,{"$nulls":6},{"$f":"IFERROR(VLOOKUP(C8099,参数!$B:$H,2,0),\"\")","v":""},{"$f":"IFERROR(VLOOKUP(C8099,参数!$B:$H,4,0),\"\")","v":""},{"$f":"IFERROR(VLOOKUP(C8099,参数!B:H,3,FALSE),\"\")","v":""},"",1]
[8099,{"$nulls":6},{"$f":"IFERROR(VLOOKUP(C8100,参数!$B:$H,2,0),\"\")","v":""},{"$f":"IFERROR(VLOOKUP(C8100,参数!$B:$H,4,0),\"\")","v":""},{"$f":"IFERROR(VLOOKUP(C8100,参数!B:H,3,FALSE),\"\")","v":""},"",1]
[8100,{"$nulls":6},{"$f":"IFERROR(VLOOKUP(C8101,参数!$B:$H,2,0),\"\")","v":""},{"$f":"IFERROR(VLOOKUP(C8101,参数!$B:$H,4,0),\"\")","v":""},{"$f":"IFERROR(VLOOKUP(C8101,参数!B:H,3,FALSE),\"\")","v":""},{"$f":"IFERROR(J8101*E8101,\"\")","v":""},1]
[8101,{"$nulls":6},{"$f":"IFERROR(VLOOKUP(C8102,参数!$B:$H,2,0),\"\")","v":""},{"$f":"IFERROR(VLOOKUP(C8102,参数!$B:$H,4,0),\"\")","v":""},{"$f":"IFERROR(VLOOKUP(C8102,参数!B:H,3,FALSE),\"\")","v":""},"",1]
[8102,{"$nulls":6},{"$f":"IFERROR(VLOOKUP(C8103,参数!$B:$H,2,0),\"\")","v":""},{"$f":"IFERROR(VLOOKUP(C8103,参数!$B:$H,4,0),\"\")","v":""},{"$f":"IFERROR(VLOOKUP(C8103,参数!B:H,3,FALSE),\"\")","v":""},"",1]
[8103,{"$nulls":6},{"$f":"IFERROR(VLOOKUP(C8104,参数!$B:$H,2,0),\"\")","v":""},{"$f":"IFERROR(VLOOKUP(C8104,参数!$B:$H,4,0),\"\")","v":""},{"$f":"IFERROR(VLOOKUP(C8104,参数!B:H,3,FALSE),\"\")","v":""},"",1]
[8104,{"$nulls":6},{"$f":"IFERROR(VLOOKUP(C8105,参数!$B:$H,2,0),\"\")","v":""},{"$f":"IFERROR(VLOOKUP(C8105,参数!$B:$H,4,0),\"\")","v":""},{"$f":"IFERROR(VLOOKUP(C8105,参数!B:H,3,FALSE),\"\")","v":""},"",1]
[8105,{"$nulls":6},{"$f":"IFERROR(VLOOKUP(C8106,参数!$B:$H,2,0),\"\")","v":""},{"$f":"IFERROR(VLOOKUP(C8106,参数!$B:$H,4,0),\"\")","v":""},{"$f":"IFERROR(VLOOKUP(C8106,参数!B:H,3,FALSE),\"\")","v":""},"",1]
[8106,{"$nulls":6},{"$f":"IFERROR(VLOOKUP(C8107,参数!$B:$H,2,0),\"\")","v":""},{"$f":"IFERROR(VLOOKUP(C8107,参数!$B:$H,4,0),\"\")","v":""},{"$f":"IFERROR(VLOOKUP(C8107,参数!B:H,3,FALSE),\"\")","v":""},"",1]
[8107,{"$nulls":6},{"$f":"IFERROR(VLOOKUP(C8108,参数!$B:$H,2,0),\"\")","v":""},{"$f":"IFERROR(VLOOKUP(C8108,参数!$B:$H,4,0),\"\")","v":""},{"$f":"IFERROR(VLOOKUP(C8108,参数!B:H,3,FALSE),\"\")","v":""},"",1]
[8108,{"$nulls":6},{"$f":"IFERROR(VLOOKUP(C8109,参数!$B:$H,2,0),\"\")","v":""},{"$f":"IFERROR(VLOOKUP(C8109,参数!$B:$H,4,0),\"\")","v":""},{"$f":"IFERROR(VLOOKUP(C8109,参数!B:H,3,FALSE),\"\")","v":""},"",1]
[8109,{"$nulls":6},{"$f":"IFERROR(VLOOKUP(C8110,参数!$B:$H,2,0),\"\")","v":""},{"$f":"IFERROR(VLOOKUP(C8110,参数!$B:$H,4,0),\"\")","v":""},{"$f":"IFERROR(VLOOKUP(C8110,参数!B:H,3,FALSE),\"\")","v":""},"",1]
[8110,{"$nulls":6},{"$f":"IFERROR(VLOOKUP(C8111,参数!$B:$H,2,0),\"\")","v":""},{"$f":"IFERROR(VLOOKUP(C8111,参数!$B:$H,4,0),\"\")","v":""},{"$f":"IFERROR(VLOOKUP(C8111,参数!B:H,3,FALSE),\"\")","v":""},"",1]
[8111,{"$nulls":6},{"$f":"IFERROR(VLOOKUP(C8112,参数!$B:$H,2,0),\"\")","v":""},{"$f":"IFERROR(VLOOKUP(C8112,参数!$B:$H,4,0),\"\")","v":""},{"$f":"IFERROR(VLOOKUP(C8112,参数!B:H,3,FALSE),\"\")","v":""},"",1]
[8112,{"$nulls":6},{"$f":"IFERROR(VLOOKUP(C8113,参数!$B:$H,2,0),\"\")","v":""},{"$f":"IFERROR(VLOOKUP(C8113,参数!$B:$H,4,0),\"\")","v":""},{"$f":"IFERROR(VLOOKUP(C8113,参数!B:H,3,FALSE),\"\")","v":""},"",1]
[8113,{"$nulls":6},{"$f":"IFERROR(VLOOKUP(C8114,参数!$B:$H,2,0),\"\")","v":""},{"$f":"IFERROR(VLOOKUP(C8114,参数!$B:$H,4,0),\"\")","v":""},{"$f":"IFERROR(VLOOKUP(C8114,参数!B:H,3,FALSE),\"\")","v":""},"",1]
[8114,{"$nulls":6},{"$f":"IFERROR(VLOOKUP(C8115,参数!$B:$H,2,0),\"\")","v":""},{"$f":"IFERROR(VLOOKUP(C8115,参数!$B:$H,4,0),\"\")","v":""},{"$f":"IFERROR(VLOOKUP(C8115,参数!B:H,3,FALSE),\"\")","v":""},"",1]
[8115,{"$nulls":6},{"$f":"IFERROR(VLOOKUP(C8116,参数!$B:$H,2,0),\"\")","v":""},{"$f":"IFERROR(VLOOKUP(C8116,参数!$B:$H,4,0),\"\")","v":""},{"$f":"IFERROR(VLOOKUP(C8116,参数!B:H,3,FALSE),\"\")","v":""},"",1]
[8116,{"$nulls":6},{"$f":"IFERROR(VLOOKUP(C8117,参数!$B:$H,2,0),\"\")","v":""},{"$f":"IFERROR(VLOOKUP(C8117,参数!$B:$H,4,0),\"\")","v":""},{"$f":"IFERROR(VLOOKUP(C8117,参数!B:H,3,FALSE),\"\")","v":""},"",1]
[8117,{"$nulls":6},{"$f":"IFERROR(VLOOKUP(C8118,参数!$B:$H,2,0),\"\")","v":""},{"$f":"IFERROR(VLOOKUP(C8118,参数!$B:$H,4,0),\"\")","v":""},{"$f":"IFERROR(VLOOKUP(C8118,参数!B:H,3,FALSE),\"\")","v":""},"",1]
[8118,{"$nulls":6},{"$f":"IFERROR(VLOOKUP(C8119,参数!$B:$H,2,0),\"\")","v":""},{"$f":"IFERROR(VLOOKUP(C8119,参数!$B:$H,4,0),\"\")","v":""},{"$f":"IFERROR(VLOOKUP(C8119,参数!B:H,3,FALSE),\"\")","v":""},"",1]
[8119,{"$nulls":6},{"$f":"IFERROR(VLOOKUP(C8120,参数!$B:$H,2,0),\"\")","v":""},{"$f":"IFERROR(VLOOKUP(C8120,参数!$B:$H,4,0),\"\")","v":""},{"$f":"IFERROR(VLOOKUP(C8120,参数!B:H,3,FALSE),\"\")","v":""},"",1]
[8120,{"$nulls":6},{"$f":"IFERROR(VLOOKUP(C8121,参数!$B:$H,2,0),\"\")","v":""},{"$f":"IFERROR(VLOOKUP(C8121,参数!$B:$H,4,0),\"\")","v":""},{"$f":"IFERROR(VLOOKUP(C8121,参数!B:H,3,FALSE),\"\")","v":""},"",1]
[8121,{"$nulls":6},{"$f":"IFERROR(VLOOKUP(C8122,参数!$B:$H,2,0),\"\")","v":""},{"$f":"IFERROR(VLOOKUP(C8122,参数!$B:$H,4,0),\"\")","v":""},{"$f":"IFERROR(VLOOKUP(C8122,参数!B:H,3,FALSE),\"\")","v":""},"",1]
[8122,{"$nulls":6},{"$f":"IFERROR(VLOOKUP(C8123,参数!$B:$H,2,0),\"\")","v":""},{"$f":"IFERROR(VLOOKUP(C8123,参数!$B:$H,4,0),\"\")","v":""},{"$f":"IFERROR(VLOOKUP(C8123,参数!B:H,3,FALSE),\"\")","v":""},"",1]
[8123,{"$nulls":6},{"$f":"IFERROR(VLOOKUP(C8124,参数!$B:$H,2,0),\"\")","v":""},{"$f":"IFERROR(VLOOKUP(C8124,参数!$B:$H,4,0),\"\")","v":""},{"$f":"IFERROR(VLOOKUP(C8124,参数!B:H,3,FALSE),\"\")","v":""},"",1]
[8124,{"$nulls":6},{"$f":"IFERROR(VLOOKUP(C8125,参数!$B:$H,2,0),\"\")","v":""},{"$f":"IFERROR(VLOOKUP(C8125,参数!$B:$H,4,0),\"\")","v":""},{"$f":"IFERROR(VLOOKUP(C8125,参数!B:H,3,FALSE),\"\")","v":""},"",1]
[8125,{"$nulls":6},{"$f":"IFERROR(VLOOKUP(C8126,参数!$B:$H,2,0),\"\")","v":""},{"$f":"IFERROR(VLOOKUP(C8126,参数!$B:$H,4,0),\"\")","v":""},{"$f":"IFERROR(VLOOKUP(C8126,参数!B:H,3,FALSE),\"\")","v":""},"",1]
[8126,{"$nulls":6},{"$f":"IFERROR(VLOOKUP(C8127,参数!$B:$H,2,0),\"\")","v":""},{"$f":"IFERROR(VLOOKUP(C8127,参数!$B:$H,4,0),\"\")","v":""},{"$f":"IFERROR(VLOOKUP(C8127,参数!B:H,3,FALSE),\"\")","v":""},"",1]
[8127,{"$nulls":6},{"$f":"IFERROR(VLOOKUP(C8128,参数!$B:$H,2,0),\"\")","v":""},{"$f":"IFERROR(VLOOKUP(C8128,参数!$B:$H,4,0),\"\")","v":""},{"$f":"IFERROR(VLOOKUP(C8128,参数!B:H,3,FALSE),\"\")","v":""},"",1]
[8128,{"$nulls":6},{"$f":"IFERROR(VLOOKUP(C8129,参数!$B:$H,2,0),\"\")","v":""},{"$f":"IFERROR(VLOOKUP(C8129,参数!$B:$H,4,0),\"\")","v":""},{"$f":"IFERROR(VLOOKUP(C8129,参数!B:H,3,FALSE),\"\")","v":""},"",1]
[8129,{"$nulls":6},{"$f":"IFERROR(VLOOKUP(C8130,参数!$B:$H,2,0),\"\")","v":""},{"$f":"IFERROR(VLOOKUP(C8130,参数!$B:$H,4,0),\"\")","v":""},{"$f":"IFERROR(VLOOKUP(C8130,参数!B:H,3,FALSE),\"\")","v":""},"",{"$f":"VALUE(MONTH(B8130))","v":1}]
[8130,{"$nulls":6},{"$f":"IFERROR(VLOOKUP(C8131,参数!$B:$H,2,0),\"\")","v":""},{"$f":"IFERROR(VLOOKUP(C8131,参数!$B:$H,4,0),\"\")","v":""},{"$f":"IFERROR(VLOOKUP(C8131,参数!B:H,3,FALSE),\"\")","v":""},"",1]
[8131,{"$nulls":6},{"$f":"IFERROR(VLOOKUP(C8132,参数!$B:$H,2,0),\"\")","v":""},{"$f":"IFERROR(VLOOKUP(C8132,参数!$B:$H,4,0),\"\")","v":""},{"$f":"IFERROR(VLOOKUP(C8132,参数!B:H,3,FALSE),\"\")","v":""},"",1]
[8132,{"$nulls":6},{"$f":"IFERROR(VLOOKUP(C8133,参数!$B:$H,2,0),\"\")","v":""},{"$f":"IFERROR(VLOOKUP(C8133,参数!$B:$H,4,0),\"\")","v":""},{"$f":"IFERROR(VLOOKUP(C8133,参数!B:H,3,FALSE),\"\")","v":""},"",1]
[8133,{"$nulls":6},{"$f":"IFERROR(VLOOKUP(C8134,参数!$B:$H,2,0),\"\")","v":""},{"$f":"IFERROR(VLOOKUP(C8134,参数!$B:$H,4,0),\"\")","v":""},{"$f":"IFERROR(VLOOKUP(C8134,参数!B:H,3,FALSE),\"\")","v":""},"",1]
[8134,{"$nulls":6},{"$f":"IFERROR(VLOOKUP(C8135,参数!$B:$H,2,0),\"\")","v":""},{"$f":"IFERROR(VLOOKUP(C8135,参数!$B:$H,4,0),\"\")","v":""},{"$f":"IFERROR(VLOOKUP(C8135,参数!B:H,3,FALSE),\"\")","v":""},"",1]
[8135,{"$nulls":6},{"$f":"IFERROR(VLOOKUP(C8136,参数!$B:$H,2,0),\"\")","v":""},{"$f":"IFERROR(VLOOKUP(C8136,参数!$B:$H,4,0),\"\")","v":""},{"$f":"IFERROR(VLOOKUP(C8136,参数!B:H,3,FALSE),\"\")","v":""},"",1]
[8136,{"$nulls":6},{"$f":"IFERROR(VLOOKUP(C8137,参数!$B:$H,2,0),\"\")","v":""},{"$f":"IFERROR(VLOOKUP(C8137,参数!$B:$H,4,0),\"\")","v":""},{"$f":"IFERROR(VLOOKUP(C8137,参数!B:H,3,FALSE),\"\")","v":""},"",1]
[8137,{"$nulls":6},{"$f":"IFERROR(VLOOKUP(C8138,参数!$B:$H,2,0),\"\")","v":""},{"$f":"IFERROR(VLOOKUP(C8138,参数!$B:$H,4,0),\"\")","v":""},{"$f":"IFERROR(VLOOKUP(C8138,参数!B:H,3,FALSE),\"\")","v":""},"",1]
[8138,{"$nulls":6},{"$f":"IFERROR(VLOOKUP(C8139,参数!$B:$H,2,0),\"\")","v":""},{"$f":"IFERROR(VLOOKUP(C8139,参数!$B:$H,4,0),\"\")","v":""},{"$f":"IFERROR(VLOOKUP(C8139,参数!B:H,3,FALSE),\"\")","v":""},"",1]
[8139,{"$nulls":6},{"$f":"IFERROR(VLOOKUP(C8140,参数!$B:$H,2,0),\"\")","v":""},{"$f":"IFERROR(VLOOKUP(C8140,参数!$B:$H,4,0),\"\")","v":""},{"$f":"IFERROR(VLOOKUP(C8140,参数!B:H,3,FALSE),\"\")","v":""},"",1]
[8140,{"$nulls":6},{"$f":"IFERROR(VLOOKUP(C8141,参数!$B:$H,2,0),\"\")","v":""},{"$f":"IFERROR(VLOOKUP(C8141,参数!$B:$H,4,0),\"\")","v":""},{"$f":"IFERROR(VLOOKUP(C8141,参数!B:H,3,FALSE),\"\")","v":""},"",1]
[8141,{"$nulls":6},{"$f":"IFERROR(VLOOKUP(C8142,参数!$B:$H,2,0),\"\")","v":""},{"$f":"IFERROR(VLOOKUP(C8142,参数!$B:$H,4,0),\"\")","v":""},{"$f":"IFERROR(VLOOKUP(C8142,参数!B:H,3,FALSE),\"\")","v":""},"",1]
[8142,{"$nulls":6},{"$f":"IFERROR(VLOOKUP(C8143,参数!$B:$H,2,0),\"\")","v":""},{"$f":"IFERROR(VLOOKUP(C8143,参数!$B:$H,4,0),\"\")","v":""},{"$f":"IFERROR(VLOOKUP(C8143,参数!B:H,3,FALSE),\"\")","v":""},"",1]
[8143,{"$nulls":6},{"$f":"IFERROR(VLOOKUP(C8144,参数!$B:$H,2,0),\"\")","v":""},{"$f":"IFERROR(VLOOKUP(C8144,参数!$B:$H,4,0),\"\")","v":""},{"$f":"IFERROR(VLOOKUP(C8144,参数!B:H,3,FALSE),\"\")","v":""},"",1]
[8144,{"$nulls":6},{"$f":"IFERROR(VLOOKUP(C8145,参数!$B:$H,2,0),\"\")","v":""},{"$f":"IFERROR(VLOOKUP(C8145,参数!$B:$H,4,0),\"\")","v":""},{"$f":"IFERROR(VLOOKUP(C8145,参数!B:H,3,FALSE),\"\")","v":""},"",1]
[8145,{"$nulls":6},{"$f":"IFERROR(VLOOKUP(C8146,参数!$B:$H,2,0),\"\")","v":""},{"$f":"IFERROR(VLOOKUP(C8146,参数!$B:$H,4,0),\"\")","v":""},{"$f":"IFERROR(VLOOKUP(C8146,参数!B:H,3,FALSE),\"\")","v":""},"",1]
[8146,{"$nulls":6},{"$f":"IFERROR(VLOOKUP(C8147,参数!$B:$H,2,0),\"\")","v":""},{"$f":"IFERROR(VLOOKUP(C8147,参数!$B:$H,4,0),\"\")","v":""},{"$f":"IFERROR(VLOOKUP(C8147,参数!B:H,3,FALSE),\"\")","v":""},"",1]
[8147,{"$nulls":6},{"$f":"IFERROR(VLOOKUP(C8148,参数!$B:$H,2,0),\"\")","v":""},{"$f":"IFERROR(VLOOKUP(C8148,参数!$B:$H,4,0),\"\")","v":""},{"$f":"IFERROR(VLOOKUP(C8148,参数!B:H,3,FALSE),\"\")","v":""},"",1]
[8148,{"$nulls":6},{"$f":"IFERROR(VLOOKUP(C8149,参数!$B:$H,2,0),\"\")","v":""},{"$f":"IFERROR(VLOOKUP(C8149,参数!$B:$H,4,0),\"\")","v":""},{"$f":"IFERROR(VLOOKUP(C8149,参数!B:H,3,FALSE),\"\")","v":""},"",1]
[8149,{"$nulls":6},{"$f":"IFERROR(VLOOKUP(C8150,参数!$B:$H,2,0),\"\")","v":""},{"$f":"IFERROR(VLOOKUP(C8150,参数!$B:$H,4,0),\"\")","v":""},{"$f":"IFERROR(VLOOKUP(C8150,参数!B:H,3,FALSE),\"\")","v":""},"",1]
[8150,{"$nulls":6},{"$f":"IFERROR(VLOOKUP(C8151,参数!$B:$H,2,0),\"\")","v":""},{"$f":"IFERROR(VLOOKUP(C8151,参数!$B:$H,4,0),\"\")","v":""},{"$f":"IFERROR(VLOOKUP(C8151,参数!B:H,3,FALSE),\"\")","v":""},"",1]
[8151,{"$nulls":6},{"$f":"IFERROR(VLOOKUP(C8152,参数!$B:$H,2,0),\"\")","v":""},{"$f":"IFERROR(VLOOKUP(C8152,参数!$B:$H,4,0),\"\")","v":""},{"$f":"IFERROR(VLOOKUP(C8152,参数!B:H,3,FALSE),\"\")","v":""},"",1]
[8152,{"$nulls":6},{"$f":"IFERROR(VLOOKUP(C8153,参数!$B:$H,2,0),\"\")","v":""},{"$f":"IFERROR(VLOOKUP(C8153,参数!$B:$H,4,0),\"\")","v":""},{"$f":"IFERROR(VLOOKUP(C8153,参数!B:H,3,FALSE),\"\")","v":""},"",1]
[8153,{"$nulls":6},{"$f":"IFERROR(VLOOKUP(C8154,参数!$B:$H,2,0),\"\")","v":""},{"$f":"IFERROR(VLOOKUP(C8154,参数!$B:$H,4,0),\"\")","v":""},{"$f":"IFERROR(VLOOKUP(C8154,参数!B:H,3,FALSE),\"\")","v":""},"",1]
[8154,{"$nulls":6},{"$f":"IFERROR(VLOOKUP(C8155,参数!$B:$H,2,0),\"\")","v":""},{"$f":"IFERROR(VLOOKUP(C8155,参数!$B:$H,4,0),\"\")","v":""},{"$f":"IFERROR(VLOOKUP(C8155,参数!B:H,3,FALSE),\"\")","v":""},"",1]
[8155,{"$nulls":6},{"$f":"IFERROR(VLOOKUP(C8156,参数!$B:$H,2,0),\"\")","v":""},{"$f":"IFERROR(VLOOKUP(C8156,参数!$B:$H,4,0),\"\")","v":""},{"$f":"IFERROR(VLOOKUP(C8156,参数!B:H,3,FALSE),\"\")","v":""},"",1]
[8156,{"$nulls":6},{"$f":"IFERROR(VLOOKUP(C8157,参数!$B:$H,2,0),\"\")","v":""},{"$f":"IFERROR(VLOOKUP(C8157,参数!$B:$H,4,0),\"\")","v":""},{"$f":"IFERROR(VLOOKUP(C8157,参数!B:H,3,FALSE),\"\")","v":""},"",1]
[8157,{"$nulls":6},{"$f":"IFERROR(VLOOKUP(C8158,参数!$B:$H,2,0),\"\")","v":""},{"$f":"IFERROR(VLOOKUP(C8158,参数!$B:$H,4,0),\"\")","v":""},{"$f":"IFERROR(VLOOKUP(C8158,参数!B:H,3,FALSE),\"\")","v":""},"",1]
[8158,{"$nulls":6},{"$f":"IFERROR(VLOOKUP(C8159,参数!$B:$H,2,0),\"\")","v":""},{"$f":"IFERROR(VLOOKUP(C8159,参数!$B:$H,4,0),\"\")","v":""},{"$f":"IFERROR(VLOOKUP(C8159,参数!B:H,3,FALSE),\"\")","v":""},"",1]
[8159,{"$nulls":6},{"$f":"IFERROR(VLOOKUP(C8160,参数!$B:$H,2,0),\"\")","v":""},{"$f":"IFERROR(VLOOKUP(C8160,参数!$B:$H,4,0),\"\")","v":""},{"$f":"IFERROR(VLOOKUP(C8160,参数!B:H,3,FALSE),\"\")","v":""},"",1]
[8160,{"$nulls":6},{"$f":"IFERROR(VLOOKUP(C8161,参数!$B:$H,2,0),\"\")","v":""},{"$f":"IFERROR(VLOOKUP(C8161,参数!$B:$H,4,0),\"\")","v":""},{"$f":"IFERROR(VLOOKUP(C8161,参数!B:H,3,FALSE),\"\")","v":""},"",1]
[8161,{"$nulls":6},{"$f":"IFERROR(VLOOKUP(C8162,参数!$B:$H,2,0),\"\")","v":""},{"$f":"IFERROR(VLOOKUP(C8162,参数!$B:$H,4,0),\"\")","v":""},{"$f":"IFERROR(VLOOKUP(C8162,参数!B:H,3,FALSE),\"\")","v":""},"",1]
[8162,{"$nulls":6},{"$f":"IFERROR(VLOOKUP(C8163,参数!$B:$H,2,0),\"\")","v":""},{"$f":"IFERROR(VLOOKUP(C8163,参数!$B:$H,4,0),\"\")","v":""},{"$f":"IFERROR(VLOOKUP(C8163,参数!B:H,3,FALSE),\"\")","v":""},"",1]
[8163,{"$nulls":6},{"$f":"IFERROR(VLOOKUP(C8164,参数!$B:$H,2,0),\"\")","v":""},{"$f":"IFERROR(VLOOKUP(C8164,参数!$B:$H,4,0),\"\")","v":""},{"$f":"IFERROR(VLOOKUP(C8164,参数!B:H,3,FALSE),\"\")","v":""},"",1]
[8164,{"$nulls":6},{"$f":"IFERROR(VLOOKUP(C8165,参数!$B:$H,2,0),\"\")","v":""},{"$f":"IFERROR(VLOOKUP(C8165,参数!$B:$H,4,0),\"\")","v":""},{"$f":"IFERROR(VLOOKUP(C8165,参数!B:H,3,FALSE),\"\")","v":""},{"$f":"IFERROR(J8165*E8165,\"\")","v":""},1]
[8165,{"$nulls":6},{"$f":"IFERROR(VLOOKUP(C8166,参数!$B:$H,2,0),\"\")","v":""},{"$f":"IFERROR(VLOOKUP(C8166,参数!$B:$H,4,0),\"\")","v":""},{"$f":"IFERROR(VLOOKUP(C8166,参数!B:H,3,FALSE),\"\")","v":""},"",1]
[8166,{"$nulls":6},{"$f":"IFERROR(VLOOKUP(C8167,参数!$B:$H,2,0),\"\")","v":""},{"$f":"IFERROR(VLOOKUP(C8167,参数!$B:$H,4,0),\"\")","v":""},{"$f":"IFERROR(VLOOKUP(C8167,参数!B:H,3,FALSE),\"\")","v":""},"",1]
[8167,{"$nulls":6},{"$f":"IFERROR(VLOOKUP(C8168,参数!$B:$H,2,0),\"\")","v":""},{"$f":"IFERROR(VLOOKUP(C8168,参数!$B:$H,4,0),\"\")","v":""},{"$f":"IFERROR(VLOOKUP(C8168,参数!B:H,3,FALSE),\"\")","v":""},"",1]
[8168,{"$nulls":6},{"$f":"IFERROR(VLOOKUP(C8169,参数!$B:$H,2,0),\"\")","v":""},{"$f":"IFERROR(VLOOKUP(C8169,参数!$B:$H,4,0),\"\")","v":""},{"$f":"IFERROR(VLOOKUP(C8169,参数!B:H,3,FALSE),\"\")","v":""},"",1]
[8169,{"$nulls":6},{"$f":"IFERROR(VLOOKUP(C8170,参数!$B:$H,2,0),\"\")","v":""},{"$f":"IFERROR(VLOOKUP(C8170,参数!$B:$H,4,0),\"\")","v":""},{"$f":"IFERROR(VLOOKUP(C8170,参数!B:H,3,FALSE),\"\")","v":""},"",1]
[8170,{"$nulls":6},{"$f":"IFERROR(VLOOKUP(C8171,参数!$B:$H,2,0),\"\")","v":""},{"$f":"IFERROR(VLOOKUP(C8171,参数!$B:$H,4,0),\"\")","v":""},{"$f":"IFERROR(VLOOKUP(C8171,参数!B:H,3,FALSE),\"\")","v":""},"",1]
[8171,{"$nulls":6},{"$f":"IFERROR(VLOOKUP(C8172,参数!$B:$H,2,0),\"\")","v":""},{"$f":"IFERROR(VLOOKUP(C8172,参数!$B:$H,4,0),\"\")","v":""},{"$f":"IFERROR(VLOOKUP(C8172,参数!B:H,3,FALSE),\"\")","v":""},"",1]
[8172,{"$nulls":6},{"$f":"IFERROR(VLOOKUP(C8173,参数!$B:$H,2,0),\"\")","v":""},{"$f":"IFERROR(VLOOKUP(C8173,参数!$B:$H,4,0),\"\")","v":""},{"$f":"IFERROR(VLOOKUP(C8173,参数!B:H,3,FALSE),\"\")","v":""},"",1]
[8173,{"$nulls":6},{"$f":"IFERROR(VLOOKUP(C8174,参数!$B:$H,2,0),\"\")","v":""},{"$f":"IFERROR(VLOOKUP(C8174,参数!$B:$H,4,0),\"\")","v":""},{"$f":"IFERROR(VLOOKUP(C8174,参数!B:H,3,FALSE),\"\")","v":""},"",1]
[8174,{"$nulls":6},{"$f":"IFERROR(VLOOKUP(C8175,参数!$B:$H,2,0),\"\")","v":""},{"$f":"IFERROR(VLOOKUP(C8175,参数!$B:$H,4,0),\"\")","v":""},{"$f":"IFERROR(VLOOKUP(C8175,参数!B:H,3,FALSE),\"\")","v":""},"",1]
[8175,{"$nulls":6},{"$f":"IFERROR(VLOOKUP(C8176,参数!$B:$H,2,0),\"\")","v":""},{"$f":"IFERROR(VLOOKUP(C8176,参数!$B:$H,4,0),\"\")","v":""},{"$f":"IFERROR(VLOOKUP(C8176,参数!B:H,3,FALSE),\"\")","v":""},"",1]
[8176,{"$nulls":6},{"$f":"IFERROR(VLOOKUP(C8177,参数!$B:$H,2,0),\"\")","v":""},{"$f":"IFERROR(VLOOKUP(C8177,参数!$B:$H,4,0),\"\")","v":""},{"$f":"IFERROR(VLOOKUP(C8177,参数!B:H,3,FALSE),\"\")","v":""},"",1]
[8177,{"$nulls":6},{"$f":"IFERROR(VLOOKUP(C8178,参数!$B:$H,2,0),\"\")","v":""},{"$f":"IFERROR(VLOOKUP(C8178,参数!$B:$H,4,0),\"\")","v":""},{"$f":"IFERROR(VLOOKUP(C8178,参数!B:H,3,FALSE),\"\")","v":""},"",1]
[8178,{"$nulls":6},{"$f":"IFERROR(VLOOKUP(C8179,参数!$B:$H,2,0),\"\")","v":""},{"$f":"IFERROR(VLOOKUP(C8179,参数!$B:$H,4,0),\"\")","v":""},{"$f":"IFERROR(VLOOKUP(C8179,参数!B:H,3,FALSE),\"\")","v":""},"",1]
[8179,{"$nulls":6},{"$f":"IFERROR(VLOOKUP(C8180,参数!$B:$H,2,0),\"\")","v":""},{"$f":"IFERROR(VLOOKUP(C8180,参数!$B:$H,4,0),\"\")","v":""},{"$f":"IFERROR(VLOOKUP(C8180,参数!B:H,3,FALSE),\"\")","v":""},"",1]
[8180,{"$nulls":6},{"$f":"IFERROR(VLOOKUP(C8181,参数!$B:$H,2,0),\"\")","v":""},{"$f":"IFERROR(VLOOKUP(C8181,参数!$B:$H,4,0),\"\")","v":""},{"$f":"IFERROR(VLOOKUP(C8181,参数!B:H,3,FALSE),\"\")","v":""},"",1]
[8181,{"$nulls":6},{"$f":"IFERROR(VLOOKUP(C8182,参数!$B:$H,2,0),\"\")","v":""},{"$f":"IFERROR(VLOOKUP(C8182,参数!$B:$H,4,0),\"\")","v":""},{"$f":"IFERROR(VLOOKUP(C8182,参数!B:H,3,FALSE),\"\")","v":""},"",1]
[8182,{"$nulls":6},{"$f":"IFERROR(VLOOKUP(C8183,参数!$B:$H,2,0),\"\")","v":""},{"$f":"IFERROR(VLOOKUP(C8183,参数!$B:$H,4,0),\"\")","v":""},{"$f":"IFERROR(VLOOKUP(C8183,参数!B:H,3,FALSE),\"\")","v":""},"",1]
[8183,{"$nulls":6},{"$f":"IFERROR(VLOOKUP(C8184,参数!$B:$H,2,0),\"\")","v":""},{"$f":"IFERROR(VLOOKUP(C8184,参数!$B:$H,4,0),\"\")","v":""},{"$f":"IFERROR(VLOOKUP(C8184,参数!B:H,3,FALSE),\"\")","v":""},"",1]
[8184,{"$nulls":6},{"$f":"IFERROR(VLOOKUP(C8185,参数!$B:$H,2,0),\"\")","v":""},{"$f":"IFERROR(VLOOKUP(C8185,参数!$B:$H,4,0),\"\")","v":""},{"$f":"IFERROR(VLOOKUP(C8185,参数!B:H,3,FALSE),\"\")","v":""},"",1]
[8185,{"$nulls":6},{"$f":"IFERROR(VLOOKUP(C8186,参数!$B:$H,2,0),\"\")","v":""},{"$f":"IFERROR(VLOOKUP(C8186,参数!$B:$H,4,0),\"\")","v":""},{"$f":"IFERROR(VLOOKUP(C8186,参数!B:H,3,FALSE),\"\")","v":""},"",1]
[8186,{"$nulls":6},{"$f":"IFERROR(VLOOKUP(C8187,参数!$B:$H,2,0),\"\")","v":""},{"$f":"IFERROR(VLOOKUP(C8187,参数!$B:$H,4,0),\"\")","v":""},{"$f":"IFERROR(VLOOKUP(C8187,参数!B:H,3,FALSE),\"\")","v":""},"",1]
[8187,{"$nulls":6},{"$f":"IFERROR(VLOOKUP(C8188,参数!$B:$H,2,0),\"\")","v":""},{"$f":"IFERROR(VLOOKUP(C8188,参数!$B:$H,4,0),\"\")","v":""},{"$f":"IFERROR(VLOOKUP(C8188,参数!B:H,3,FALSE),\"\")","v":""},"",1]
[8188,{"$nulls":6},{"$f":"IFERROR(VLOOKUP(C8189,参数!$B:$H,2,0),\"\")","v":""},{"$f":"IFERROR(VLOOKUP(C8189,参数!$B:$H,4,0),\"\")","v":""},{"$f":"IFERROR(VLOOKUP(C8189,参数!B:H,3,FALSE),\"\")","v":""},"",1]
[8189,{"$nulls":6},{"$f":"IFERROR(VLOOKUP(C8190,参数!$B:$H,2,0),\"\")","v":""},{"$f":"IFERROR(VLOOKUP(C8190,参数!$B:$H,4,0),\"\")","v":""},{"$f":"IFERROR(VLOOKUP(C8190,参数!B:H,3,FALSE),\"\")","v":""},"",1]
[8190,{"$nulls":6},{"$f":"IFERROR(VLOOKUP(C8191,参数!$B:$H,2,0),\"\")","v":""},{"$f":"IFERROR(VLOOKUP(C8191,参数!$B:$H,4,0),\"\")","v":""},{"$f":"IFERROR(VLOOKUP(C8191,参数!B:H,3,FALSE),\"\")","v":""},"",1]
[8191,{"$nulls":6},{"$f":"IFERROR(VLOOKUP(C8192,参数!$B:$H,2,0),\"\")","v":""},{"$f":"IFERROR(VLOOKUP(C8192,参数!$B:$H,4,0),\"\")","v":""},{"$f":"IFERROR(VLOOKUP(C8192,参数!B:H,3,FALSE),\"\")","v":""},"",1]
[8192,{"$nulls":6},{"$f":"IFERROR(VLOOKUP(C8193,参数!$B:$H,2,0),\"\")","v":""},{"$f":"IFERROR(VLOOKUP(C8193,参数!$B:$H,4,0),\"\")","v":""},{"$f":"IFERROR(VLOOKUP(C8193,参数!B:H,3,FALSE),\"\")","v":""},"",1]
[8193,{"$nulls":6},{"$f":"IFERROR(VLOOKUP(C8194,参数!$B:$H,2,0),\"\")","v":""},{"$f":"IFERROR(VLOOKUP(C8194,参数!$B:$H,4,0),\"\")","v":""},{"$f":"IFERROR(VLOOKUP(C8194,参数!B:H,3,FALSE),\"\")","v":""},"",{"$f":"VALUE(MONTH(B8194))","v":1}]
[8194,{"$nulls":6},{"$f":"IFERROR(VLOOKUP(C8195,参数!$B:$H,2,0),\"\")","v":""},{"$f":"IFERROR(VLOOKUP(C8195,参数!$B:$H,4,0),\"\")","v":""},{"$f":"IFERROR(VLOOKUP(C8195,参数!B:H,3,FALSE),\"\")","v":""},"",1]
[8195,{"$nulls":6},{"$f":"IFERROR(VLOOKUP(C8196,参数!$B:$H,2,0),\"\")","v":""},{"$f":"IFERROR(VLOOKUP(C8196,参数!$B:$H,4,0),\"\")","v":""},{"$f":"IFERROR(VLOOKUP(C8196,参数!B:H,3,FALSE),\"\")","v":""},"",1]
[8196,{"$nulls":6},{"$f":"IFERROR(VLOOKUP(C8197,参数!$B:$H,2,0),\"\")","v":""},{"$f":"IFERROR(VLOOKUP(C8197,参数!$B:$H,4,0),\"\")","v":""},{"$f":"IFERROR(VLOOKUP(C8197,参数!B:H,3,FALSE),\"\")","v":""},"",1]
[8197,{"$nulls":6},{"$f":"IFERROR(VLOOKUP(C8198,参数!$B:$H,2,0),\"\")","v":""},{"$f":"IFERROR(VLOOKUP(C8198,参数!$B:$H,4,0),\"\")","v":""},{"$f":"IFERROR(VLOOKUP(C8198,参数!B:H,3,FALSE),\"\")","v":""},"",1]
[8198,{"$nulls":6},{"$f":"IFERROR(VLOOKUP(C8199,参数!$B:$H,2,0),\"\")","v":""},{"$f":"IFERROR(VLOOKUP(C8199,参数!$B:$H,4,0),\"\")","v":""},{"$f":"IFERROR(VLOOKUP(C8199,参数!B:H,3,FALSE),\"\")","v":""},"",1]
[8199,{"$nulls":6},{"$f":"IFERROR(VLOOKUP(C8200,参数!$B:$H,2,0),\"\")","v":""},{"$f":"IFERROR(VLOOKUP(C8200,参数!$B:$H,4,0),\"\")","v":""},{"$f":"IFERROR(VLOOKUP(C8200,参数!B:H,3,FALSE),\"\")","v":""},"",1]
[8200,{"$nulls":6},{"$f":"IFERROR(VLOOKUP(C8201,参数!$B:$H,2,0),\"\")","v":""},{"$f":"IFERROR(VLOOKUP(C8201,参数!$B:$H,4,0),\"\")","v":""},{"$f":"IFERROR(VLOOKUP(C8201,参数!B:H,3,FALSE),\"\")","v":""},"",1]
[8201,{"$nulls":6},{"$f":"IFERROR(VLOOKUP(C8202,参数!$B:$H,2,0),\"\")","v":""},{"$f":"IFERROR(VLOOKUP(C8202,参数!$B:$H,4,0),\"\")","v":""},{"$f":"IFERROR(VLOOKUP(C8202,参数!B:H,3,FALSE),\"\")","v":""},"",1]
[8202,{"$nulls":6},{"$f":"IFERROR(VLOOKUP(C8203,参数!$B:$H,2,0),\"\")","v":""},{"$f":"IFERROR(VLOOKUP(C8203,参数!$B:$H,4,0),\"\")","v":""},{"$f":"IFERROR(VLOOKUP(C8203,参数!B:H,3,FALSE),\"\")","v":""},"",1]
[8203,{"$nulls":6},{"$f":"IFERROR(VLOOKUP(C8204,参数!$B:$H,2,0),\"\")","v":""},{"$f":"IFERROR(VLOOKUP(C8204,参数!$B:$H,4,0),\"\")","v":""},{"$f":"IFERROR(VLOOKUP(C8204,参数!B:H,3,FALSE),\"\")","v":""},"",1]
[8204,{"$nulls":6},{"$f":"IFERROR(VLOOKUP(C8205,参数!$B:$H,2,0),\"\")","v":""},{"$f":"IFERROR(VLOOKUP(C8205,参数!$B:$H,4,0),\"\")","v":""},{"$f":"IFERROR(VLOOKUP(C8205,参数!B:H,3,FALSE),\"\")","v":""},"",1]
[8205,{"$nulls":6},{"$f":"IFERROR(VLOOKUP(C8206,参数!$B:$H,2,0),\"\")","v":""},{"$f":"IFERROR(VLOOKUP(C8206,参数!$B:$H,4,0),\"\")","v":""},{"$f":"IFERROR(VLOOKUP(C8206,参数!B:H,3,FALSE),\"\")","v":""},"",1]
[8206,{"$nulls":6},{"$f":"IFERROR(VLOOKUP(C8207,参数!$B:$H,2,0),\"\")","v":""},{"$f":"IFERROR(VLOOKUP(C8207,参数!$B:$H,4,0),\"\")","v":""},{"$f":"IFERROR(VLOOKUP(C8207,参数!B:H,3,FALSE),\"\")","v":""},"",1]
[8207,{"$nulls":6},{"$f":"IFERROR(VLOOKUP(C8208,参数!$B:$H,2,0),\"\")","v":""},{"$f":"IFERROR(VLOOKUP(C8208,参数!$B:$H,4,0),\"\")","v":""},{"$f":"IFERROR(VLOOKUP(C8208,参数!B:H,3,FALSE),\"\")","v":""},"",1]
[8208,{"$nulls":6},{"$f":"IFERROR(VLOOKUP(C8209,参数!$B:$H,2,0),\"\")","v":""},{"$f":"IFERROR(VLOOKUP(C8209,参数!$B:$H,4,0),\"\")","v":""},{"$f":"IFERROR(VLOOKUP(C8209,参数!B:H,3,FALSE),\"\")","v":""},"",1]
[8209,{"$nulls":6},{"$f":"IFERROR(VLOOKUP(C8210,参数!$B:$H,2,0),\"\")","v":""},{"$f":"IFERROR(VLOOKUP(C8210,参数!$B:$H,4,0),\"\")","v":""},{"$f":"IFERROR(VLOOKUP(C8210,参数!B:H,3,FALSE),\"\")","v":""},"",1]
[8210,{"$nulls":6},{"$f":"IFERROR(VLOOKUP(C8211,参数!$B:$H,2,0),\"\")","v":""},{"$f":"IFERROR(VLOOKUP(C8211,参数!$B:$H,4,0),\"\")","v":""},{"$f":"IFERROR(VLOOKUP(C8211,参数!B:H,3,FALSE),\"\")","v":""},"",1]
[8211,{"$nulls":6},{"$f":"IFERROR(VLOOKUP(C8212,参数!$B:$H,2,0),\"\")","v":""},{"$f":"IFERROR(VLOOKUP(C8212,参数!$B:$H,4,0),\"\")","v":""},{"$f":"IFERROR(VLOOKUP(C8212,参数!B:H,3,FALSE),\"\")","v":""},"",1]
[8212,{"$nulls":6},{"$f":"IFERROR(VLOOKUP(C8213,参数!$B:$H,2,0),\"\")","v":""},{"$f":"IFERROR(VLOOKUP(C8213,参数!$B:$H,4,0),\"\")","v":""},{"$f":"IFERROR(VLOOKUP(C8213,参数!B:H,3,FALSE),\"\")","v":""},"",1]
[8213,{"$nulls":6},{"$f":"IFERROR(VLOOKUP(C8214,参数!$B:$H,2,0),\"\")","v":""},{"$f":"IFERROR(VLOOKUP(C8214,参数!$B:$H,4,0),\"\")","v":""},{"$f":"IFERROR(VLOOKUP(C8214,参数!B:H,3,FALSE),\"\")","v":""},"",1]
[8214,{"$nulls":6},{"$f":"IFERROR(VLOOKUP(C8215,参数!$B:$H,2,0),\"\")","v":""},{"$f":"IFERROR(VLOOKUP(C8215,参数!$B:$H,4,0),\"\")","v":""},{"$f":"IFERROR(VLOOKUP(C8215,参数!B:H,3,FALSE),\"\")","v":""},"",1]
[8215,{"$nulls":6},{"$f":"IFERROR(VLOOKUP(C8216,参数!$B:$H,2,0),\"\")","v":""},{"$f":"IFERROR(VLOOKUP(C8216,参数!$B:$H,4,0),\"\")","v":""},{"$f":"IFERROR(VLOOKUP(C8216,参数!B:H,3,FALSE),\"\")","v":""},"",1]
[8216,{"$nulls":6},{"$f":"IFERROR(VLOOKUP(C8217,参数!$B:$H,2,0),\"\")","v":""},{"$f":"IFERROR(VLOOKUP(C8217,参数!$B:$H,4,0),\"\")","v":""},{"$f":"IFERROR(VLOOKUP(C8217,参数!B:H,3,FALSE),\"\")","v":""},"",1]
[8217,{"$nulls":6},{"$f":"IFERROR(VLOOKUP(C8218,参数!$B:$H,2,0),\"\")","v":""},{"$f":"IFERROR(VLOOKUP(C8218,参数!$B:$H,4,0),\"\")","v":""},{"$f":"IFERROR(VLOOKUP(C8218,参数!B:H,3,FALSE),\"\")","v":""},"",1]
[8218,{"$nulls":6},{"$f":"IFERROR(VLOOKUP(C8219,参数!$B:$H,2,0),\"\")","v":""},{"$f":"IFERROR(VLOOKUP(C8219,参数!$B:$H,4,0),\"\")","v":""},{"$f":"IFERROR(VLOOKUP(C8219,参数!B:H,3,FALSE),\"\")","v":""},"",1]
[8219,{"$nulls":6},{"$f":"IFERROR(VLOOKUP(C8220,参数!$B:$H,2,0),\"\")","v":""},{"$f":"IFERROR(VLOOKUP(C8220,参数!$B:$H,4,0),\"\")","v":""},{"$f":"IFERROR(VLOOKUP(C8220,参数!B:H,3,FALSE),\"\")","v":""},"",1]
[8220,{"$nulls":6},{"$f":"IFERROR(VLOOKUP(C8221,参数!$B:$H,2,0),\"\")","v":""},{"$f":"IFERROR(VLOOKUP(C8221,参数!$B:$H,4,0),\"\")","v":""},{"$f":"IFERROR(VLOOKUP(C8221,参数!B:H,3,FALSE),\"\")","v":""},"",1]
[8221,{"$nulls":6},{"$f":"IFERROR(VLOOKUP(C8222,参数!$B:$H,2,0),\"\")","v":""},{"$f":"IFERROR(VLOOKUP(C8222,参数!$B:$H,4,0),\"\")","v":""},{"$f":"IFERROR(VLOOKUP(C8222,参数!B:H,3,FALSE),\"\")","v":""},"",1]
[8222,{"$nulls":6},{"$f":"IFERROR(VLOOKUP(C8223,参数!$B:$H,2,0),\"\")","v":""},{"$f":"IFERROR(VLOOKUP(C8223,参数!$B:$H,4,0),\"\")","v":""},{"$f":"IFERROR(VLOOKUP(C8223,参数!B:H,3,FALSE),\"\")","v":""},"",1]
[8223,{"$nulls":6},{"$f":"IFERROR(VLOOKUP(C8224,参数!$B:$H,2,0),\"\")","v":""},{"$f":"IFERROR(VLOOKUP(C8224,参数!$B:$H,4,0),\"\")","v":""},{"$f":"IFERROR(VLOOKUP(C8224,参数!B:H,3,FALSE),\"\")","v":""},"",1]
[8224,{"$nulls":6},{"$f":"IFERROR(VLOOKUP(C8225,参数!$B:$H,2,0),\"\")","v":""},{"$f":"IFERROR(VLOOKUP(C8225,参数!$B:$H,4,0),\"\")","v":""},{"$f":"IFERROR(VLOOKUP(C8225,参数!B:H,3,FALSE),\"\")","v":""},"",1]
[8225,{"$nulls":6},{"$f":"IFERROR(VLOOKUP(C8226,参数!$B:$H,2,0),\"\")","v":""},{"$f":"IFERROR(VLOOKUP(C8226,参数!$B:$H,4,0),\"\")","v":""},{"$f":"IFERROR(VLOOKUP(C8226,参数!B:H,3,FALSE),\"\")","v":""},"",1]
[8226,{"$nulls":6},{"$f":"IFERROR(VLOOKUP(C8227,参数!$B:$H,2,0),\"\")","v":""},{"$f":"IFERROR(VLOOKUP(C8227,参数!$B:$H,4,0),\"\")","v":""},{"$f":"IFERROR(VLOOKUP(C8227,参数!B:H,3,FALSE),\"\")","v":""},"",1]
[8227,{"$nulls":6},{"$f":"IFERROR(VLOOKUP(C8228,参数!$B:$H,2,0),\"\")","v":""},{"$f":"IFERROR(VLOOKUP(C8228,参数!$B:$H,4,0),\"\")","v":""},{"$f":"IFERROR(VLOOKUP(C8228,参数!B:H,3,FALSE),\"\")","v":""},"",1]
[8228,{"$nulls":6},{"$f":"IFERROR(VLOOKUP(C8229,参数!$B:$H,2,0),\"\")","v":""},{"$f":"IFERROR(VLOOKUP(C8229,参数!$B:$H,4,0),\"\")","v":""},{"$f":"IFERROR(VLOOKUP(C8229,参数!B:H,3,FALSE),\"\")","v":""},{"$f":"IFERROR(J8229*E8229,\"\")","v":""},1]
[8229,{"$nulls":6},{"$f":"IFERROR(VLOOKUP(C8230,参数!$B:$H,2,0),\"\")","v":""},{"$f":"IFERROR(VLOOKUP(C8230,参数!$B:$H,4,0),\"\")","v":""},{"$f":"IFERROR(VLOOKUP(C8230,参数!B:H,3,FALSE),\"\")","v":""},"",1]
[8230,{"$nulls":6},{"$f":"IFERROR(VLOOKUP(C8231,参数!$B:$H,2,0),\"\")","v":""},{"$f":"IFERROR(VLOOKUP(C8231,参数!$B:$H,4,0),\"\")","v":""},{"$f":"IFERROR(VLOOKUP(C8231,参数!B:H,3,FALSE),\"\")","v":""},"",1]
[8231,{"$nulls":6},{"$f":"IFERROR(VLOOKUP(C8232,参数!$B:$H,2,0),\"\")","v":""},{"$f":"IFERROR(VLOOKUP(C8232,参数!$B:$H,4,0),\"\")","v":""},{"$f":"IFERROR(VLOOKUP(C8232,参数!B:H,3,FALSE),\"\")","v":""},"",1]
[8232,{"$nulls":6},{"$f":"IFERROR(VLOOKUP(C8233,参数!$B:$H,2,0),\"\")","v":""},{"$f":"IFERROR(VLOOKUP(C8233,参数!$B:$H,4,0),\"\")","v":""},{"$f":"IFERROR(VLOOKUP(C8233,参数!B:H,3,FALSE),\"\")","v":""},"",1]
[8233,{"$nulls":6},{"$f":"IFERROR(VLOOKUP(C8234,参数!$B:$H,2,0),\"\")","v":""},{"$f":"IFERROR(VLOOKUP(C8234,参数!$B:$H,4,0),\"\")","v":""},{"$f":"IFERROR(VLOOKUP(C8234,参数!B:H,3,FALSE),\"\")","v":""},"",1]
[8234,{"$nulls":6},{"$f":"IFERROR(VLOOKUP(C8235,参数!$B:$H,2,0),\"\")","v":""},{"$f":"IFERROR(VLOOKUP(C8235,参数!$B:$H,4,0),\"\")","v":""},{"$f":"IFERROR(VLOOKUP(C8235,参数!B:H,3,FALSE),\"\")","v":""},"",1]
[8235,{"$nulls":6},{"$f":"IFERROR(VLOOKUP(C8236,参数!$B:$H,2,0),\"\")","v":""},{"$f":"IFERROR(VLOOKUP(C8236,参数!$B:$H,4,0),\"\")","v":""},{"$f":"IFERROR(VLOOKUP(C8236,参数!B:H,3,FALSE),\"\")","v":""},"",1]
[8236,{"$nulls":6},{"$f":"IFERROR(VLOOKUP(C8237,参数!$B:$H,2,0),\"\")","v":""},{"$f":"IFERROR(VLOOKUP(C8237,参数!$B:$H,4,0),\"\")","v":""},{"$f":"IFERROR(VLOOKUP(C8237,参数!B:H,3,FALSE),\"\")","v":""},"",1]
[8237,{"$nulls":6},{"$f":"IFERROR(VLOOKUP(C8238,参数!$B:$H,2,0),\"\")","v":""},{"$f":"IFERROR(VLOOKUP(C8238,参数!$B:$H,4,0),\"\")","v":""},{"$f":"IFERROR(VLOOKUP(C8238,参数!B:H,3,FALSE),\"\")","v":""},"",1]
[8238,{"$nulls":6},{"$f":"IFERROR(VLOOKUP(C8239,参数!$B:$H,2,0),\"\")","v":""},{"$f":"IFERROR(VLOOKUP(C8239,参数!$B:$H,4,0),\"\")","v":""},{"$f":"IFERROR(VLOOKUP(C8239,参数!B:H,3,FALSE),\"\")","v":""},"",1]
[8239,{"$nulls":6},{"$f":"IFERROR(VLOOKUP(C8240,参数!$B:$H,2,0),\"\")","v":""},{"$f":"IFERROR(VLOOKUP(C8240,参数!$B:$H,4,0),\"\")","v":""},{"$f":"IFERROR(VLOOKUP(C8240,参数!B:H,3,FALSE),\"\")","v":""},"",1]
[8240,{"$nulls":6},{"$f":"IFERROR(VLOOKUP(C8241,参数!$B:$H,2,0),\"\")","v":""},{"$f":"IFERROR(VLOOKUP(C8241,参数!$B:$H,4,0),\"\")","v":""},{"$f":"IFERROR(VLOOKUP(C8241,参数!B:H,3,FALSE),\"\")","v":""},"",1]
[8241,{"$nulls":6},{"$f":"IFERROR(VLOOKUP(C8242,参数!$B:$H,2,0),\"\")","v":""},{"$f":"IFERROR(VLOOKUP(C8242,参数!$B:$H,4,0),\"\")","v":""},{"$f":"IFERROR(VLOOKUP(C8242,参数!B:H,3,FALSE),\"\")","v":""},"",1]
[8242,{"$nulls":6},{"$f":"IFERROR(VLOOKUP(C8243,参数!$B:$H,2,0),\"\")","v":""},{"$f":"IFERROR(VLOOKUP(C8243,参数!$B:$H,4,0),\"\")","v":""},{"$f":"IFERROR(VLOOKUP(C8243,参数!B:H,3,FALSE),\"\")","v":""},"",1]
[8243,{"$nulls":6},{"$f":"IFERROR(VLOOKUP(C8244,参数!$B:$H,2,0),\"\")","v":""},{"$f":"IFERROR(VLOOKUP(C8244,参数!$B:$H,4,0),\"\")","v":""},{"$f":"IFERROR(VLOOKUP(C8244,参数!B:H,3,FALSE),\"\")","v":""},"",1]
[8244,{"$nulls":6},{"$f":"IFERROR(VLOOKUP(C8245,参数!$B:$H,2,0),\"\")","v":""},{"$f":"IFERROR(VLOOKUP(C8245,参数!$B:$H,4,0),\"\")","v":""},{"$f":"IFERROR(VLOOKUP(C8245,参数!B:H,3,FALSE),\"\")","v":""},"",1]
[8245,{"$nulls":6},{"$f":"IFERROR(VLOOKUP(C8246,参数!$B:$H,2,0),\"\")","v":""},{"$f":"IFERROR(VLOOKUP(C8246,参数!$B:$H,4,0),\"\")","v":""},{"$f":"IFERROR(VLOOKUP(C8246,参数!B:H,3,FALSE),\"\")","v":""},"",1]
[8246,{"$nulls":6},{"$f":"IFERROR(VLOOKUP(C8247,参数!$B:$H,2,0),\"\")","v":""},{"$f":"IFERROR(VLOOKUP(C8247,参数!$B:$H,4,0),\"\")","v":""},{"$f":"IFERROR(VLOOKUP(C8247,参数!B:H,3,FALSE),\"\")","v":""},"",1]
[8247,{"$nulls":6},{"$f":"IFERROR(VLOOKUP(C8248,参数!$B:$H,2,0),\"\")","v":""},{"$f":"IFERROR(VLOOKUP(C8248,参数!$B:$H,4,0),\"\")","v":""},{"$f":"IFERROR(VLOOKUP(C8248,参数!B:H,3,FALSE),\"\")","v":""},"",1]
[8248,{"$nulls":6},{"$f":"IFERROR(VLOOKUP(C8249,参数!$B:$H,2,0),\"\")","v":""},{"$f":"IFERROR(VLOOKUP(C8249,参数!$B:$H,4,0),\"\")","v":""},{"$f":"IFERROR(VLOOKUP(C8249,参数!B:H,3,FALSE),\"\")","v":""},"",1]
[8249,{"$nulls":6},{"$f":"IFERROR(VLOOKUP(C8250,参数!$B:$H,2,0),\"\")","v":""},{"$f":"IFERROR(VLOOKUP(C8250,参数!$B:$H,4,0),\"\")","v":""},{"$f":"IFERROR(VLOOKUP(C8250,参数!B:H,3,FALSE),\"\")","v":""},"",1]
[8250,{"$nulls":6},{"$f":"IFERROR(VLOOKUP(C8251,参数!$B:$H,2,0),\"\")","v":""},{"$f":"IFERROR(VLOOKUP(C8251,参数!$B:$H,4,0),\"\")","v":""},{"$f":"IFERROR(VLOOKUP(C8251,参数!B:H,3,FALSE),\"\")","v":""},"",1]
[8251,{"$nulls":6},{"$f":"IFERROR(VLOOKUP(C8252,参数!$B:$H,2,0),\"\")","v":""},{"$f":"IFERROR(VLOOKUP(C8252,参数!$B:$H,4,0),\"\")","v":""},{"$f":"IFERROR(VLOOKUP(C8252,参数!B:H,3,FALSE),\"\")","v":""},"",1]
[8252,{"$nulls":6},{"$f":"IFERROR(VLOOKUP(C8253,参数!$B:$H,2,0),\"\")","v":""},{"$f":"IFERROR(VLOOKUP(C8253,参数!$B:$H,4,0),\"\")","v":""},{"$f":"IFERROR(VLOOKUP(C8253,参数!B:H,3,FALSE),\"\")","v":""},"",1]
[8253,{"$nulls":6},{"$f":"IFERROR(VLOOKUP(C8254,参数!$B:$H,2,0),\"\")","v":""},{"$f":"IFERROR(VLOOKUP(C8254,参数!$B:$H,4,0),\"\")","v":""},{"$f":"IFERROR(VLOOKUP(C8254,参数!B:H,3,FALSE),\"\")","v":""},"",1]
[8254,{"$nulls":6},{"$f":"IFERROR(VLOOKUP(C8255,参数!$B:$H,2,0),\"\")","v":""},{"$f":"IFERROR(VLOOKUP(C8255,参数!$B:$H,4,0),\"\")","v":""},{"$f":"IFERROR(VLOOKUP(C8255,参数!B:H,3,FALSE),\"\")","v":""},"",1]
[8255,{"$nulls":6},{"$f":"IFERROR(VLOOKUP(C8256,参数!$B:$H,2,0),\"\")","v":""},{"$f":"IFERROR(VLOOKUP(C8256,参数!$B:$H,4,0),\"\")","v":""},{"$f":"IFERROR(VLOOKUP(C8256,参数!B:H,3,FALSE),\"\")","v":""},"",1]
[8256,{"$nulls":6},{"$f":"IFERROR(VLOOKUP(C8257,参数!$B:$H,2,0),\"\")","v":""},{"$f":"IFERROR(VLOOKUP(C8257,参数!$B:$H,4,0),\"\")","v":""},{"$f":"IFERROR(VLOOKUP(C8257,参数!B:H,3,FALSE),\"\")","v":""},"",1]
[8257,{"$nulls":6},{"$f":"IFERROR(VLOOKUP(C8258,参数!$B:$H,2,0),\"\")","v":""},{"$f":"IFERROR(VLOOKUP(C8258,参数!$B:$H,4,0),\"\")","v":""},{"$f":"IFERROR(VLOOKUP(C8258,参数!B:H,3,FALSE),\"\")","v":""},"",{"$f":"VALUE(MONTH(B8258))","v":1}]
[8258,{"$nulls":6},{"$f":"IFERROR(VLOOKUP(C8259,参数!$B:$H,2,0),\"\")","v":""},{"$f":"IFERROR(VLOOKUP(C8259,参数!$B:$H,4,0),\"\")","v":""},{"$f":"IFERROR(VLOOKUP(C8259,参数!B:H,3,FALSE),\"\")","v":""},"",1]
[8259,{"$nulls":6},{"$f":"IFERROR(VLOOKUP(C8260,参数!$B:$H,2,0),\"\")","v":""},{"$f":"IFERROR(VLOOKUP(C8260,参数!$B:$H,4,0),\"\")","v":""},{"$f":"IFERROR(VLOOKUP(C8260,参数!B:H,3,FALSE),\"\")","v":""},"",1]
[8260,{"$nulls":6},{"$f":"IFERROR(VLOOKUP(C8261,参数!$B:$H,2,0),\"\")","v":""},{"$f":"IFERROR(VLOOKUP(C8261,参数!$B:$H,4,0),\"\")","v":""},{"$f":"IFERROR(VLOOKUP(C8261,参数!B:H,3,FALSE),\"\")","v":""},"",1]
[8261,{"$nulls":6},{"$f":"IFERROR(VLOOKUP(C8262,参数!$B:$H,2,0),\"\")","v":""},{"$f":"IFERROR(VLOOKUP(C8262,参数!$B:$H,4,0),\"\")","v":""},{"$f":"IFERROR(VLOOKUP(C8262,参数!B:H,3,FALSE),\"\")","v":""},"",1]
[8262,{"$nulls":6},{"$f":"IFERROR(VLOOKUP(C8263,参数!$B:$H,2,0),\"\")","v":""},{"$f":"IFERROR(VLOOKUP(C8263,参数!$B:$H,4,0),\"\")","v":""},{"$f":"IFERROR(VLOOKUP(C8263,参数!B:H,3,FALSE),\"\")","v":""},"",1]
[8263,{"$nulls":6},{"$f":"IFERROR(VLOOKUP(C8264,参数!$B:$H,2,0),\"\")","v":""},{"$f":"IFERROR(VLOOKUP(C8264,参数!$B:$H,4,0),\"\")","v":""},{"$f":"IFERROR(VLOOKUP(C8264,参数!B:H,3,FALSE),\"\")","v":""},"",1]
[8264,{"$nulls":6},{"$f":"IFERROR(VLOOKUP(C8265,参数!$B:$H,2,0),\"\")","v":""},{"$f":"IFERROR(VLOOKUP(C8265,参数!$B:$H,4,0),\"\")","v":""},{"$f":"IFERROR(VLOOKUP(C8265,参数!B:H,3,FALSE),\"\")","v":""},"",1]
[8265,{"$nulls":6},{"$f":"IFERROR(VLOOKUP(C8266,参数!$B:$H,2,0),\"\")","v":""},{"$f":"IFERROR(VLOOKUP(C8266,参数!$B:$H,4,0),\"\")","v":""},{"$f":"IFERROR(VLOOKUP(C8266,参数!B:H,3,FALSE),\"\")","v":""},"",1]
[8266,{"$nulls":6},{"$f":"IFERROR(VLOOKUP(C8267,参数!$B:$H,2,0),\"\")","v":""},{"$f":"IFERROR(VLOOKUP(C8267,参数!$B:$H,4,0),\"\")","v":""},{"$f":"IFERROR(VLOOKUP(C8267,参数!B:H,3,FALSE),\"\")","v":""},"",1]
[8267,{"$nulls":6},{"$f":"IFERROR(VLOOKUP(C8268,参数!$B:$H,2,0),\"\")","v":""},{"$f":"IFERROR(VLOOKUP(C8268,参数!$B:$H,4,0),\"\")","v":""},{"$f":"IFERROR(VLOOKUP(C8268,参数!B:H,3,FALSE),\"\")","v":""},"",1]
[8268,{"$nulls":6},{"$f":"IFERROR(VLOOKUP(C8269,参数!$B:$H,2,0),\"\")","v":""},{"$f":"IFERROR(VLOOKUP(C8269,参数!$B:$H,4,0),\"\")","v":""},{"$f":"IFERROR(VLOOKUP(C8269,参数!B:H,3,FALSE),\"\")","v":""},"",1]
[8269,{"$nulls":6},{"$f":"IFERROR(VLOOKUP(C8270,参数!$B:$H,2,0),\"\")","v":""},{"$f":"IFERROR(VLOOKUP(C8270,参数!$B:$H,4,0),\"\")","v":""},{"$f":"IFERROR(VLOOKUP(C8270,参数!B:H,3,FALSE),\"\")","v":""},"",1]
[8270,{"$nulls":6},{"$f":"IFERROR(VLOOKUP(C8271,参数!$B:$H,2,0),\"\")","v":""},{"$f":"IFERROR(VLOOKUP(C8271,参数!$B:$H,4,0),\"\")","v":""},{"$f":"IFERROR(VLOOKUP(C8271,参数!B:H,3,FALSE),\"\")","v":""},"",1]
[8271,{"$nulls":6},{"$f":"IFERROR(VLOOKUP(C8272,参数!$B:$H,2,0),\"\")","v":""},{"$f":"IFERROR(VLOOKUP(C8272,参数!$B:$H,4,0),\"\")","v":""},{"$f":"IFERROR(VLOOKUP(C8272,参数!B:H,3,FALSE),\"\")","v":""},"",1]
[8272,{"$nulls":6},{"$f":"IFERROR(VLOOKUP(C8273,参数!$B:$H,2,0),\"\")","v":""},{"$f":"IFERROR(VLOOKUP(C8273,参数!$B:$H,4,0),\"\")","v":""},{"$f":"IFERROR(VLOOKUP(C8273,参数!B:H,3,FALSE),\"\")","v":""},"",1]
[8273,{"$nulls":6},{"$f":"IFERROR(VLOOKUP(C8274,参数!$B:$H,2,0),\"\")","v":""},{"$f":"IFERROR(VLOOKUP(C8274,参数!$B:$H,4,0),\"\")","v":""},{"$f":"IFERROR(VLOOKUP(C8274,参数!B:H,3,FALSE),\"\")","v":""},"",1]
[8274,{"$nulls":6},{"$f":"IFERROR(VLOOKUP(C8275,参数!$B:$H,2,0),\"\")","v":""},{"$f":"IFERROR(VLOOKUP(C8275,参数!$B:$H,4,0),\"\")","v":""},{"$f":"IFERROR(VLOOKUP(C8275,参数!B:H,3,FALSE),\"\")","v":""},"",1]
[8275,{"$nulls":6},{"$f":"IFERROR(VLOOKUP(C8276,参数!$B:$H,2,0),\"\")","v":""},{"$f":"IFERROR(VLOOKUP(C8276,参数!$B:$H,4,0),\"\")","v":""},{"$f":"IFERROR(VLOOKUP(C8276,参数!B:H,3,FALSE),\"\")","v":""},"",1]
[8276,{"$nulls":6},{"$f":"IFERROR(VLOOKUP(C8277,参数!$B:$H,2,0),\"\")","v":""},{"$f":"IFERROR(VLOOKUP(C8277,参数!$B:$H,4,0),\"\")","v":""},{"$f":"IFERROR(VLOOKUP(C8277,参数!B:H,3,FALSE),\"\")","v":""},"",1]
[8277,{"$nulls":6},{"$f":"IFERROR(VLOOKUP(C8278,参数!$B:$H,2,0),\"\")","v":""},{"$f":"IFERROR(VLOOKUP(C8278,参数!$B:$H,4,0),\"\")","v":""},{"$f":"IFERROR(VLOOKUP(C8278,参数!B:H,3,FALSE),\"\")","v":""},"",1]
[8278,{"$nulls":6},{"$f":"IFERROR(VLOOKUP(C8279,参数!$B:$H,2,0),\"\")","v":""},{"$f":"IFERROR(VLOOKUP(C8279,参数!$B:$H,4,0),\"\")","v":""},{"$f":"IFERROR(VLOOKUP(C8279,参数!B:H,3,FALSE),\"\")","v":""},"",1]
[8279,{"$nulls":6},{"$f":"IFERROR(VLOOKUP(C8280,参数!$B:$H,2,0),\"\")","v":""},{"$f":"IFERROR(VLOOKUP(C8280,参数!$B:$H,4,0),\"\")","v":""},{"$f":"IFERROR(VLOOKUP(C8280,参数!B:H,3,FALSE),\"\")","v":""},"",1]
[8280,{"$nulls":6},{"$f":"IFERROR(VLOOKUP(C8281,参数!$B:$H,2,0),\"\")","v":""},{"$f":"IFERROR(VLOOKUP(C8281,参数!$B:$H,4,0),\"\")","v":""},{"$f":"IFERROR(VLOOKUP(C8281,参数!B:H,3,FALSE),\"\")","v":""},"",1]
[8281,{"$nulls":6},{"$f":"IFERROR(VLOOKUP(C8282,参数!$B:$H,2,0),\"\")","v":""},{"$f":"IFERROR(VLOOKUP(C8282,参数!$B:$H,4,0),\"\")","v":""},{"$f":"IFERROR(VLOOKUP(C8282,参数!B:H,3,FALSE),\"\")","v":""},"",1]
[8282,{"$nulls":6},{"$f":"IFERROR(VLOOKUP(C8283,参数!$B:$H,2,0),\"\")","v":""},{"$f":"IFERROR(VLOOKUP(C8283,参数!$B:$H,4,0),\"\")","v":""},{"$f":"IFERROR(VLOOKUP(C8283,参数!B:H,3,FALSE),\"\")","v":""},"",1]
[8283,{"$nulls":6},{"$f":"IFERROR(VLOOKUP(C8284,参数!$B:$H,2,0),\"\")","v":""},{"$f":"IFERROR(VLOOKUP(C8284,参数!$B:$H,4,0),\"\")","v":""},{"$f":"IFERROR(VLOOKUP(C8284,参数!B:H,3,FALSE),\"\")","v":""},"",1]
[8284,{"$nulls":6},{"$f":"IFERROR(VLOOKUP(C8285,参数!$B:$H,2,0),\"\")","v":""},{"$f":"IFERROR(VLOOKUP(C8285,参数!$B:$H,4,0),\"\")","v":""},{"$f":"IFERROR(VLOOKUP(C8285,参数!B:H,3,FALSE),\"\")","v":""},"",1]
[8285,{"$nulls":6},{"$f":"IFERROR(VLOOKUP(C8286,参数!$B:$H,2,0),\"\")","v":""},{"$f":"IFERROR(VLOOKUP(C8286,参数!$B:$H,4,0),\"\")","v":""},{"$f":"IFERROR(VLOOKUP(C8286,参数!B:H,3,FALSE),\"\")","v":""},"",1]
[8286,{"$nulls":6},{"$f":"IFERROR(VLOOKUP(C8287,参数!$B:$H,2,0),\"\")","v":""},{"$f":"IFERROR(VLOOKUP(C8287,参数!$B:$H,4,0),\"\")","v":""},{"$f":"IFERROR(VLOOKUP(C8287,参数!B:H,3,FALSE),\"\")","v":""},"",1]
[8287,{"$nulls":6},{"$f":"IFERROR(VLOOKUP(C8288,参数!$B:$H,2,0),\"\")","v":""},{"$f":"IFERROR(VLOOKUP(C8288,参数!$B:$H,4,0),\"\")","v":""},{"$f":"IFERROR(VLOOKUP(C8288,参数!B:H,3,FALSE),\"\")","v":""},"",1]
[8288,{"$nulls":6},{"$f":"IFERROR(VLOOKUP(C8289,参数!$B:$H,2,0),\"\")","v":""},{"$f":"IFERROR(VLOOKUP(C8289,参数!$B:$H,4,0),\"\")","v":""},{"$f":"IFERROR(VLOOKUP(C8289,参数!B:H,3,FALSE),\"\")","v":""},"",1]
[8289,{"$nulls":6},{"$f":"IFERROR(VLOOKUP(C8290,参数!$B:$H,2,0),\"\")","v":""},{"$f":"IFERROR(VLOOKUP(C8290,参数!$B:$H,4,0),\"\")","v":""},{"$f":"IFERROR(VLOOKUP(C8290,参数!B:H,3,FALSE),\"\")","v":""},"",1]
[8290,{"$nulls":6},{"$f":"IFERROR(VLOOKUP(C8291,参数!$B:$H,2,0),\"\")","v":""},{"$f":"IFERROR(VLOOKUP(C8291,参数!$B:$H,4,0),\"\")","v":""},{"$f":"IFERROR(VLOOKUP(C8291,参数!B:H,3,FALSE),\"\")","v":""},"",1]
[8291,{"$nulls":6},{"$f":"IFERROR(VLOOKUP(C8292,参数!$B:$H,2,0),\"\")","v":""},{"$f":"IFERROR(VLOOKUP(C8292,参数!$B:$H,4,0),\"\")","v":""},{"$f":"IFERROR(VLOOKUP(C8292,参数!B:H,3,FALSE),\"\")","v":""},"",1]
[8292,{"$nulls":6},{"$f":"IFERROR(VLOOKUP(C8293,参数!$B:$H,2,0),\"\")","v":""},{"$f":"IFERROR(VLOOKUP(C8293,参数!$B:$H,4,0),\"\")","v":""},{"$f":"IFERROR(VLOOKUP(C8293,参数!B:H,3,FALSE),\"\")","v":""},{"$f":"IFERROR(J8293*E8293,\"\")","v":""},1]
[8293,{"$nulls":6},{"$f":"IFERROR(VLOOKUP(C8294,参数!$B:$H,2,0),\"\")","v":""},{"$f":"IFERROR(VLOOKUP(C8294,参数!$B:$H,4,0),\"\")","v":""},{"$f":"IFERROR(VLOOKUP(C8294,参数!B:H,3,FALSE),\"\")","v":""},"",1]
[8294,{"$nulls":6},{"$f":"IFERROR(VLOOKUP(C8295,参数!$B:$H,2,0),\"\")","v":""},{"$f":"IFERROR(VLOOKUP(C8295,参数!$B:$H,4,0),\"\")","v":""},{"$f":"IFERROR(VLOOKUP(C8295,参数!B:H,3,FALSE),\"\")","v":""},"",1]
[8295,{"$nulls":6},{"$f":"IFERROR(VLOOKUP(C8296,参数!$B:$H,2,0),\"\")","v":""},{"$f":"IFERROR(VLOOKUP(C8296,参数!$B:$H,4,0),\"\")","v":""},{"$f":"IFERROR(VLOOKUP(C8296,参数!B:H,3,FALSE),\"\")","v":""},"",1]
[8296,{"$nulls":6},{"$f":"IFERROR(VLOOKUP(C8297,参数!$B:$H,2,0),\"\")","v":""},{"$f":"IFERROR(VLOOKUP(C8297,参数!$B:$H,4,0),\"\")","v":""},{"$f":"IFERROR(VLOOKUP(C8297,参数!B:H,3,FALSE),\"\")","v":""},"",1]
[8297,{"$nulls":6},{"$f":"IFERROR(VLOOKUP(C8298,参数!$B:$H,2,0),\"\")","v":""},{"$f":"IFERROR(VLOOKUP(C8298,参数!$B:$H,4,0),\"\")","v":""},{"$f":"IFERROR(VLOOKUP(C8298,参数!B:H,3,FALSE),\"\")","v":""},"",1]
[8298,{"$nulls":6},{"$f":"IFERROR(VLOOKUP(C8299,参数!$B:$H,2,0),\"\")","v":""},{"$f":"IFERROR(VLOOKUP(C8299,参数!$B:$H,4,0),\"\")","v":""},{"$f":"IFERROR(VLOOKUP(C8299,参数!B:H,3,FALSE),\"\")","v":""},"",1]
[8299,{"$nulls":6},{"$f":"IFERROR(VLOOKUP(C8300,参数!$B:$H,2,0),\"\")","v":""},{"$f":"IFERROR(VLOOKUP(C8300,参数!$B:$H,4,0),\"\")","v":""},{"$f":"IFERROR(VLOOKUP(C8300,参数!B:H,3,FALSE),\"\")","v":""},"",1]
[8300,{"$nulls":6},{"$f":"IFERROR(VLOOKUP(C8301,参数!$B:$H,2,0),\"\")","v":""},{"$f":"IFERROR(VLOOKUP(C8301,参数!$B:$H,4,0),\"\")","v":""},{"$f":"IFERROR(VLOOKUP(C8301,参数!B:H,3,FALSE),\"\")","v":""},"",1]
[8301,{"$nulls":6},{"$f":"IFERROR(VLOOKUP(C8302,参数!$B:$H,2,0),\"\")","v":""},{"$f":"IFERROR(VLOOKUP(C8302,参数!$B:$H,4,0),\"\")","v":""},{"$f":"IFERROR(VLOOKUP(C8302,参数!B:H,3,FALSE),\"\")","v":""},"",1]
[8302,{"$nulls":6},{"$f":"IFERROR(VLOOKUP(C8303,参数!$B:$H,2,0),\"\")","v":""},{"$f":"IFERROR(VLOOKUP(C8303,参数!$B:$H,4,0),\"\")","v":""},{"$f":"IFERROR(VLOOKUP(C8303,参数!B:H,3,FALSE),\"\")","v":""},"",1]
[8303,{"$nulls":6},{"$f":"IFERROR(VLOOKUP(C8304,参数!$B:$H,2,0),\"\")","v":""},{"$f":"IFERROR(VLOOKUP(C8304,参数!$B:$H,4,0),\"\")","v":""},{"$f":"IFERROR(VLOOKUP(C8304,参数!B:H,3,FALSE),\"\")","v":""},"",1]
[8304,{"$nulls":6},{"$f":"IFERROR(VLOOKUP(C8305,参数!$B:$H,2,0),\"\")","v":""},{"$f":"IFERROR(VLOOKUP(C8305,参数!$B:$H,4,0),\"\")","v":""},{"$f":"IFERROR(VLOOKUP(C8305,参数!B:H,3,FALSE),\"\")","v":""},"",1]
[8305,{"$nulls":6},{"$f":"IFERROR(VLOOKUP(C8306,参数!$B:$H,2,0),\"\")","v":""},{"$f":"IFERROR(VLOOKUP(C8306,参数!$B:$H,4,0),\"\")","v":""},{"$f":"IFERROR(VLOOKUP(C8306,参数!B:H,3,FALSE),\"\")","v":""},"",1]
[8306,{"$nulls":6},{"$f":"IFERROR(VLOOKUP(C8307,参数!$B:$H,2,0),\"\")","v":""},{"$f":"IFERROR(VLOOKUP(C8307,参数!$B:$H,4,0),\"\")","v":""},{"$f":"IFERROR(VLOOKUP(C8307,参数!B:H,3,FALSE),\"\")","v":""},"",1]
[8307,{"$nulls":6},{"$f":"IFERROR(VLOOKUP(C8308,参数!$B:$H,2,0),\"\")","v":""},{"$f":"IFERROR(VLOOKUP(C8308,参数!$B:$H,4,0),\"\")","v":""},{"$f":"IFERROR(VLOOKUP(C8308,参数!B:H,3,FALSE),\"\")","v":""},"",1]
[8308,{"$nulls":6},{"$f":"IFERROR(VLOOKUP(C8309,参数!$B:$H,2,0),\"\")","v":""},{"$f":"IFERROR(VLOOKUP(C8309,参数!$B:$H,4,0),\"\")","v":""},{"$f":"IFERROR(VLOOKUP(C8309,参数!B:H,3,FALSE),\"\")","v":""},"",1]
[8309,{"$nulls":6},{"$f":"IFERROR(VLOOKUP(C8310,参数!$B:$H,2,0),\"\")","v":""},{"$f":"IFERROR(VLOOKUP(C8310,参数!$B:$H,4,0),\"\")","v":""},{"$f":"IFERROR(VLOOKUP(C8310,参数!B:H,3,FALSE),\"\")","v":""},"",1]
[8310,{"$nulls":6},{"$f":"IFERROR(VLOOKUP(C8311,参数!$B:$H,2,0),\"\")","v":""},{"$f":"IFERROR(VLOOKUP(C8311,参数!$B:$H,4,0),\"\")","v":""},{"$f":"IFERROR(VLOOKUP(C8311,参数!B:H,3,FALSE),\"\")","v":""},"",1]
[8311,{"$nulls":6},{"$f":"IFERROR(VLOOKUP(C8312,参数!$B:$H,2,0),\"\")","v":""},{"$f":"IFERROR(VLOOKUP(C8312,参数!$B:$H,4,0),\"\")","v":""},{"$f":"IFERROR(VLOOKUP(C8312,参数!B:H,3,FALSE),\"\")","v":""},"",1]
[8312,{"$nulls":6},{"$f":"IFERROR(VLOOKUP(C8313,参数!$B:$H,2,0),\"\")","v":""},{"$f":"IFERROR(VLOOKUP(C8313,参数!$B:$H,4,0),\"\")","v":""},{"$f":"IFERROR(VLOOKUP(C8313,参数!B:H,3,FALSE),\"\")","v":""},"",1]
[8313,{"$nulls":6},{"$f":"IFERROR(VLOOKUP(C8314,参数!$B:$H,2,0),\"\")","v":""},{"$f":"IFERROR(VLOOKUP(C8314,参数!$B:$H,4,0),\"\")","v":""},{"$f":"IFERROR(VLOOKUP(C8314,参数!B:H,3,FALSE),\"\")","v":""},"",1]
[8314,{"$nulls":6},{"$f":"IFERROR(VLOOKUP(C8315,参数!$B:$H,2,0),\"\")","v":""},{"$f":"IFERROR(VLOOKUP(C8315,参数!$B:$H,4,0),\"\")","v":""},{"$f":"IFERROR(VLOOKUP(C8315,参数!B:H,3,FALSE),\"\")","v":""},"",1]
[8315,{"$nulls":6},{"$f":"IFERROR(VLOOKUP(C8316,参数!$B:$H,2,0),\"\")","v":""},{"$f":"IFERROR(VLOOKUP(C8316,参数!$B:$H,4,0),\"\")","v":""},{"$f":"IFERROR(VLOOKUP(C8316,参数!B:H,3,FALSE),\"\")","v":""},"",1]
[8316,{"$nulls":6},{"$f":"IFERROR(VLOOKUP(C8317,参数!$B:$H,2,0),\"\")","v":""},{"$f":"IFERROR(VLOOKUP(C8317,参数!$B:$H,4,0),\"\")","v":""},{"$f":"IFERROR(VLOOKUP(C8317,参数!B:H,3,FALSE),\"\")","v":""},"",1]
[8317,{"$nulls":6},{"$f":"IFERROR(VLOOKUP(C8318,参数!$B:$H,2,0),\"\")","v":""},{"$f":"IFERROR(VLOOKUP(C8318,参数!$B:$H,4,0),\"\")","v":""},{"$f":"IFERROR(VLOOKUP(C8318,参数!B:H,3,FALSE),\"\")","v":""},"",1]
[8318,{"$nulls":6},{"$f":"IFERROR(VLOOKUP(C8319,参数!$B:$H,2,0),\"\")","v":""},{"$f":"IFERROR(VLOOKUP(C8319,参数!$B:$H,4,0),\"\")","v":""},{"$f":"IFERROR(VLOOKUP(C8319,参数!B:H,3,FALSE),\"\")","v":""},"",1]
[8319,{"$nulls":6},{"$f":"IFERROR(VLOOKUP(C8320,参数!$B:$H,2,0),\"\")","v":""},{"$f":"IFERROR(VLOOKUP(C8320,参数!$B:$H,4,0),\"\")","v":""},{"$f":"IFERROR(VLOOKUP(C8320,参数!B:H,3,FALSE),\"\")","v":""},"",1]
[8320,{"$nulls":6},{"$f":"IFERROR(VLOOKUP(C8321,参数!$B:$H,2,0),\"\")","v":""},{"$f":"IFERROR(VLOOKUP(C8321,参数!$B:$H,4,0),\"\")","v":""},{"$f":"IFERROR(VLOOKUP(C8321,参数!B:H,3,FALSE),\"\")","v":""},"",1]
[8321,{"$nulls":6},{"$f":"IFERROR(VLOOKUP(C8322,参数!$B:$H,2,0),\"\")","v":""},{"$f":"IFERROR(VLOOKUP(C8322,参数!$B:$H,4,0),\"\")","v":""},{"$f":"IFERROR(VLOOKUP(C8322,参数!B:H,3,FALSE),\"\")","v":""},"",{"$f":"VALUE(MONTH(B8322))","v":1}]
[8322,{"$nulls":6},{"$f":"IFERROR(VLOOKUP(C8323,参数!$B:$H,2,0),\"\")","v":""},{"$f":"IFERROR(VLOOKUP(C8323,参数!$B:$H,4,0),\"\")","v":""},{"$f":"IFERROR(VLOOKUP(C8323,参数!B:H,3,FALSE),\"\")","v":""},"",1]
[8323,{"$nulls":6},{"$f":"IFERROR(VLOOKUP(C8324,参数!$B:$H,2,0),\"\")","v":""},{"$f":"IFERROR(VLOOKUP(C8324,参数!$B:$H,4,0),\"\")","v":""},{"$f":"IFERROR(VLOOKUP(C8324,参数!B:H,3,FALSE),\"\")","v":""},"",1]
[8324,{"$nulls":6},{"$f":"IFERROR(VLOOKUP(C8325,参数!$B:$H,2,0),\"\")","v":""},{"$f":"IFERROR(VLOOKUP(C8325,参数!$B:$H,4,0),\"\")","v":""},{"$f":"IFERROR(VLOOKUP(C8325,参数!B:H,3,FALSE),\"\")","v":""},"",1]
[8325,{"$nulls":6},{"$f":"IFERROR(VLOOKUP(C8326,参数!$B:$H,2,0),\"\")","v":""},{"$f":"IFERROR(VLOOKUP(C8326,参数!$B:$H,4,0),\"\")","v":""},{"$f":"IFERROR(VLOOKUP(C8326,参数!B:H,3,FALSE),\"\")","v":""},"",1]
[8326,{"$nulls":6},{"$f":"IFERROR(VLOOKUP(C8327,参数!$B:$H,2,0),\"\")","v":""},{"$f":"IFERROR(VLOOKUP(C8327,参数!$B:$H,4,0),\"\")","v":""},{"$f":"IFERROR(VLOOKUP(C8327,参数!B:H,3,FALSE),\"\")","v":""},"",1]
[8327,{"$nulls":6},{"$f":"IFERROR(VLOOKUP(C8328,参数!$B:$H,2,0),\"\")","v":""},{"$f":"IFERROR(VLOOKUP(C8328,参数!$B:$H,4,0),\"\")","v":""},{"$f":"IFERROR(VLOOKUP(C8328,参数!B:H,3,FALSE),\"\")","v":""},"",1]
[8328,{"$nulls":6},{"$f":"IFERROR(VLOOKUP(C8329,参数!$B:$H,2,0),\"\")","v":""},{"$f":"IFERROR(VLOOKUP(C8329,参数!$B:$H,4,0),\"\")","v":""},{"$f":"IFERROR(VLOOKUP(C8329,参数!B:H,3,FALSE),\"\")","v":""},"",1]
[8329,{"$nulls":6},{"$f":"IFERROR(VLOOKUP(C8330,参数!$B:$H,2,0),\"\")","v":""},{"$f":"IFERROR(VLOOKUP(C8330,参数!$B:$H,4,0),\"\")","v":""},{"$f":"IFERROR(VLOOKUP(C8330,参数!B:H,3,FALSE),\"\")","v":""},"",1]
[8330,{"$nulls":6},{"$f":"IFERROR(VLOOKUP(C8331,参数!$B:$H,2,0),\"\")","v":""},{"$f":"IFERROR(VLOOKUP(C8331,参数!$B:$H,4,0),\"\")","v":""},{"$f":"IFERROR(VLOOKUP(C8331,参数!B:H,3,FALSE),\"\")","v":""},"",1]
[8331,{"$nulls":6},{"$f":"IFERROR(VLOOKUP(C8332,参数!$B:$H,2,0),\"\")","v":""},{"$f":"IFERROR(VLOOKUP(C8332,参数!$B:$H,4,0),\"\")","v":""},{"$f":"IFERROR(VLOOKUP(C8332,参数!B:H,3,FALSE),\"\")","v":""},"",1]
[8332,{"$nulls":6},{"$f":"IFERROR(VLOOKUP(C8333,参数!$B:$H,2,0),\"\")","v":""},{"$f":"IFERROR(VLOOKUP(C8333,参数!$B:$H,4,0),\"\")","v":""},{"$f":"IFERROR(VLOOKUP(C8333,参数!B:H,3,FALSE),\"\")","v":""},"",1]
[8333,{"$nulls":6},{"$f":"IFERROR(VLOOKUP(C8334,参数!$B:$H,2,0),\"\")","v":""},{"$f":"IFERROR(VLOOKUP(C8334,参数!$B:$H,4,0),\"\")","v":""},{"$f":"IFERROR(VLOOKUP(C8334,参数!B:H,3,FALSE),\"\")","v":""},"",1]
[8334,{"$nulls":6},{"$f":"IFERROR(VLOOKUP(C8335,参数!$B:$H,2,0),\"\")","v":""},{"$f":"IFERROR(VLOOKUP(C8335,参数!$B:$H,4,0),\"\")","v":""},{"$f":"IFERROR(VLOOKUP(C8335,参数!B:H,3,FALSE),\"\")","v":""},"",1]
[8335,{"$nulls":6},{"$f":"IFERROR(VLOOKUP(C8336,参数!$B:$H,2,0),\"\")","v":""},{"$f":"IFERROR(VLOOKUP(C8336,参数!$B:$H,4,0),\"\")","v":""},{"$f":"IFERROR(VLOOKUP(C8336,参数!B:H,3,FALSE),\"\")","v":""},"",1]
[8336,{"$nulls":6},{"$f":"IFERROR(VLOOKUP(C8337,参数!$B:$H,2,0),\"\")","v":""},{"$f":"IFERROR(VLOOKUP(C8337,参数!$B:$H,4,0),\"\")","v":""},{"$f":"IFERROR(VLOOKUP(C8337,参数!B:H,3,FALSE),\"\")","v":""},"",1]
[8337,{"$nulls":6},{"$f":"IFERROR(VLOOKUP(C8338,参数!$B:$H,2,0),\"\")","v":""},{"$f":"IFERROR(VLOOKUP(C8338,参数!$B:$H,4,0),\"\")","v":""},{"$f":"IFERROR(VLOOKUP(C8338,参数!B:H,3,FALSE),\"\")","v":""},"",1]
[8338,{"$nulls":6},{"$f":"IFERROR(VLOOKUP(C8339,参数!$B:$H,2,0),\"\")","v":""},{"$f":"IFERROR(VLOOKUP(C8339,参数!$B:$H,4,0),\"\")","v":""},{"$f":"IFERROR(VLOOKUP(C8339,参数!B:H,3,FALSE),\"\")","v":""},"",1]
[8339,{"$nulls":6},{"$f":"IFERROR(VLOOKUP(C8340,参数!$B:$H,2,0),\"\")","v":""},{"$f":"IFERROR(VLOOKUP(C8340,参数!$B:$H,4,0),\"\")","v":""},{"$f":"IFERROR(VLOOKUP(C8340,参数!B:H,3,FALSE),\"\")","v":""},"",1]
[8340,{"$nulls":6},{"$f":"IFERROR(VLOOKUP(C8341,参数!$B:$H,2,0),\"\")","v":""},{"$f":"IFERROR(VLOOKUP(C8341,参数!$B:$H,4,0),\"\")","v":""},{"$f":"IFERROR(VLOOKUP(C8341,参数!B:H,3,FALSE),\"\")","v":""},"",1]
[8341,{"$nulls":6},{"$f":"IFERROR(VLOOKUP(C8342,参数!$B:$H,2,0),\"\")","v":""},{"$f":"IFERROR(VLOOKUP(C8342,参数!$B:$H,4,0),\"\")","v":""},{"$f":"IFERROR(VLOOKUP(C8342,参数!B:H,3,FALSE),\"\")","v":""},"",1]
[8342,{"$nulls":6},{"$f":"IFERROR(VLOOKUP(C8343,参数!$B:$H,2,0),\"\")","v":""},{"$f":"IFERROR(VLOOKUP(C8343,参数!$B:$H,4,0),\"\")","v":""},{"$f":"IFERROR(VLOOKUP(C8343,参数!B:H,3,FALSE),\"\")","v":""},"",1]
[8343,{"$nulls":6},{"$f":"IFERROR(VLOOKUP(C8344,参数!$B:$H,2,0),\"\")","v":""},{"$f":"IFERROR(VLOOKUP(C8344,参数!$B:$H,4,0),\"\")","v":""},{"$f":"IFERROR(VLOOKUP(C8344,参数!B:H,3,FALSE),\"\")","v":""},"",1]
[8344,{"$nulls":6},{"$f":"IFERROR(VLOOKUP(C8345,参数!$B:$H,2,0),\"\")","v":""},{"$f":"IFERROR(VLOOKUP(C8345,参数!$B:$H,4,0),\"\")","v":""},{"$f":"IFERROR(VLOOKUP(C8345,参数!B:H,3,FALSE),\"\")","v":""},"",1]
[8345,{"$nulls":6},{"$f":"IFERROR(VLOOKUP(C8346,参数!$B:$H,2,0),\"\")","v":""},{"$f":"IFERROR(VLOOKUP(C8346,参数!$B:$H,4,0),\"\")","v":""},{"$f":"IFERROR(VLOOKUP(C8346,参数!B:H,3,FALSE),\"\")","v":""},"",1]
[8346,{"$nulls":6},{"$f":"IFERROR(VLOOKUP(C8347,参数!$B:$H,2,0),\"\")","v":""},{"$f":"IFERROR(VLOOKUP(C8347,参数!$B:$H,4,0),\"\")","v":""},{"$f":"IFERROR(VLOOKUP(C8347,参数!B:H,3,FALSE),\"\")","v":""},"",1]
[8347,{"$nulls":6},{"$f":"IFERROR(VLOOKUP(C8348,参数!$B:$H,2,0),\"\")","v":""},{"$f":"IFERROR(VLOOKUP(C8348,参数!$B:$H,4,0),\"\")","v":""},{"$f":"IFERROR(VLOOKUP(C8348,参数!B:H,3,FALSE),\"\")","v":""},"",1]
[8348,{"$nulls":6},{"$f":"IFERROR(VLOOKUP(C8349,参数!$B:$H,2,0),\"\")","v":""},{"$f":"IFERROR(VLOOKUP(C8349,参数!$B:$H,4,0),\"\")","v":""},{"$f":"IFERROR(VLOOKUP(C8349,参数!B:H,3,FALSE),\"\")","v":""},"",1]
[8349,{"$nulls":6},{"$f":"IFERROR(VLOOKUP(C8350,参数!$B:$H,2,0),\"\")","v":""},{"$f":"IFERROR(VLOOKUP(C8350,参数!$B:$H,4,0),\"\")","v":""},{"$f":"IFERROR(VLOOKUP(C8350,参数!B:H,3,FALSE),\"\")","v":""},"",1]
[8350,{"$nulls":6},{"$f":"IFERROR(VLOOKUP(C8351,参数!$B:$H,2,0),\"\")","v":""},{"$f":"IFERROR(VLOOKUP(C8351,参数!$B:$H,4,0),\"\")","v":""},{"$f":"IFERROR(VLOOKUP(C8351,参数!B:H,3,FALSE),\"\")","v":""},"",1]
[8351,{"$nulls":6},{"$f":"IFERROR(VLOOKUP(C8352,参数!$B:$H,2,0),\"\")","v":""},{"$f":"IFERROR(VLOOKUP(C8352,参数!$B:$H,4,0),\"\")","v":""},{"$f":"IFERROR(VLOOKUP(C8352,参数!B:H,3,FALSE),\"\")","v":""},"",1]
[8352,{"$nulls":6},{"$f":"IFERROR(VLOOKUP(C8353,参数!$B:$H,2,0),\"\")","v":""},{"$f":"IFERROR(VLOOKUP(C8353,参数!$B:$H,4,0),\"\")","v":""},{"$f":"IFERROR(VLOOKUP(C8353,参数!B:H,3,FALSE),\"\")","v":""},"",1]
[8353,{"$nulls":6},{"$f":"IFERROR(VLOOKUP(C8354,参数!$B:$H,2,0),\"\")","v":""},{"$f":"IFERROR(VLOOKUP(C8354,参数!$B:$H,4,0),\"\")","v":""},{"$f":"IFERROR(VLOOKUP(C8354,参数!B:H,3,FALSE),\"\")","v":""},"",1]
[8354,{"$nulls":6},{"$f":"IFERROR(VLOOKUP(C8355,参数!$B:$H,2,0),\"\")","v":""},{"$f":"IFERROR(VLOOKUP(C8355,参数!$B:$H,4,0),\"\")","v":""},{"$f":"IFERROR(VLOOKUP(C8355,参数!B:H,3,FALSE),\"\")","v":""},"",1]
[8355,{"$nulls":6},{"$f":"IFERROR(VLOOKUP(C8356,参数!$B:$H,2,0),\"\")","v":""},{"$f":"IFERROR(VLOOKUP(C8356,参数!$B:$H,4,0),\"\")","v":""},{"$f":"IFERROR(VLOOKUP(C8356,参数!B:H,3,FALSE),\"\")","v":""},"",1]
[8356,{"$nulls":6},{"$f":"IFERROR(VLOOKUP(C8357,参数!$B:$H,2,0),\"\")","v":""},{"$f":"IFERROR(VLOOKUP(C8357,参数!$B:$H,4,0),\"\")","v":""},{"$f":"IFERROR(VLOOKUP(C8357,参数!B:H,3,FALSE),\"\")","v":""},{"$f":"IFERROR(J8357*E8357,\"\")","v":""},1]
[8357,{"$nulls":6},{"$f":"IFERROR(VLOOKUP(C8358,参数!$B:$H,2,0),\"\")","v":""},{"$f":"IFERROR(VLOOKUP(C8358,参数!$B:$H,4,0),\"\")","v":""},{"$f":"IFERROR(VLOOKUP(C8358,参数!B:H,3,FALSE),\"\")","v":""},"",1]
[8358,{"$nulls":6},{"$f":"IFERROR(VLOOKUP(C8359,参数!$B:$H,2,0),\"\")","v":""},{"$f":"IFERROR(VLOOKUP(C8359,参数!$B:$H,4,0),\"\")","v":""},{"$f":"IFERROR(VLOOKUP(C8359,参数!B:H,3,FALSE),\"\")","v":""},"",1]
[8359,{"$nulls":6},{"$f":"IFERROR(VLOOKUP(C8360,参数!$B:$H,2,0),\"\")","v":""},{"$f":"IFERROR(VLOOKUP(C8360,参数!$B:$H,4,0),\"\")","v":""},{"$f":"IFERROR(VLOOKUP(C8360,参数!B:H,3,FALSE),\"\")","v":""},"",1]
[8360,{"$nulls":6},{"$f":"IFERROR(VLOOKUP(C8361,参数!$B:$H,2,0),\"\")","v":""},{"$f":"IFERROR(VLOOKUP(C8361,参数!$B:$H,4,0),\"\")","v":""},{"$f":"IFERROR(VLOOKUP(C8361,参数!B:H,3,FALSE),\"\")","v":""},"",1]
[8361,{"$nulls":6},{"$f":"IFERROR(VLOOKUP(C8362,参数!$B:$H,2,0),\"\")","v":""},{"$f":"IFERROR(VLOOKUP(C8362,参数!$B:$H,4,0),\"\")","v":""},{"$f":"IFERROR(VLOOKUP(C8362,参数!B:H,3,FALSE),\"\")","v":""},"",1]
[8362,{"$nulls":6},{"$f":"IFERROR(VLOOKUP(C8363,参数!$B:$H,2,0),\"\")","v":""},{"$f":"IFERROR(VLOOKUP(C8363,参数!$B:$H,4,0),\"\")","v":""},{"$f":"IFERROR(VLOOKUP(C8363,参数!B:H,3,FALSE),\"\")","v":""},"",1]
[8363,{"$nulls":6},{"$f":"IFERROR(VLOOKUP(C8364,参数!$B:$H,2,0),\"\")","v":""},{"$f":"IFERROR(VLOOKUP(C8364,参数!$B:$H,4,0),\"\")","v":""},{"$f":"IFERROR(VLOOKUP(C8364,参数!B:H,3,FALSE),\"\")","v":""},"",1]
[8364,{"$nulls":6},{"$f":"IFERROR(VLOOKUP(C8365,参数!$B:$H,2,0),\"\")","v":""},{"$f":"IFERROR(VLOOKUP(C8365,参数!$B:$H,4,0),\"\")","v":""},{"$f":"IFERROR(VLOOKUP(C8365,参数!B:H,3,FALSE),\"\")","v":""},"",1]
[8365,{"$nulls":6},{"$f":"IFERROR(VLOOKUP(C8366,参数!$B:$H,2,0),\"\")","v":""},{"$f":"IFERROR(VLOOKUP(C8366,参数!$B:$H,4,0),\"\")","v":""},{"$f":"IFERROR(VLOOKUP(C8366,参数!B:H,3,FALSE),\"\")","v":""},"",1]
[8366,{"$nulls":6},{"$f":"IFERROR(VLOOKUP(C8367,参数!$B:$H,2,0),\"\")","v":""},{"$f":"IFERROR(VLOOKUP(C8367,参数!$B:$H,4,0),\"\")","v":""},{"$f":"IFERROR(VLOOKUP(C8367,参数!B:H,3,FALSE),\"\")","v":""},"",1]
[8367,{"$nulls":6},{"$f":"IFERROR(VLOOKUP(C8368,参数!$B:$H,2,0),\"\")","v":""},{"$f":"IFERROR(VLOOKUP(C8368,参数!$B:$H,4,0),\"\")","v":""},{"$f":"IFERROR(VLOOKUP(C8368,参数!B:H,3,FALSE),\"\")","v":""},"",1]
[8368,{"$nulls":6},{"$f":"IFERROR(VLOOKUP(C8369,参数!$B:$H,2,0),\"\")","v":""},{"$f":"IFERROR(VLOOKUP(C8369,参数!$B:$H,4,0),\"\")","v":""},{"$f":"IFERROR(VLOOKUP(C8369,参数!B:H,3,FALSE),\"\")","v":""},"",1]
[8369,{"$nulls":6},{"$f":"IFERROR(VLOOKUP(C8370,参数!$B:$H,2,0),\"\")","v":""},{"$f":"IFERROR(VLOOKUP(C8370,参数!$B:$H,4,0),\"\")","v":""},{"$f":"IFERROR(VLOOKUP(C8370,参数!B:H,3,FALSE),\"\")","v":""},"",1]
[8370,{"$nulls":6},{"$f":"IFERROR(VLOOKUP(C8371,参数!$B:$H,2,0),\"\")","v":""},{"$f":"IFERROR(VLOOKUP(C8371,参数!$B:$H,4,0),\"\")","v":""},{"$f":"IFERROR(VLOOKUP(C8371,参数!B:H,3,FALSE),\"\")","v":""},"",1]
[8371,{"$nulls":6},{"$f":"IFERROR(VLOOKUP(C8372,参数!$B:$H,2,0),\"\")","v":""},{"$f":"IFERROR(VLOOKUP(C8372,参数!$B:$H,4,0),\"\")","v":""},{"$f":"IFERROR(VLOOKUP(C8372,参数!B:H,3,FALSE),\"\")","v":""},"",1]
[8372,{"$nulls":6},{"$f":"IFERROR(VLOOKUP(C8373,参数!$B:$H,2,0),\"\")","v":""},{"$f":"IFERROR(VLOOKUP(C8373,参数!$B:$H,4,0),\"\")","v":""},{"$f":"IFERROR(VLOOKUP(C8373,参数!B:H,3,FALSE),\"\")","v":""},"",1]
[8373,{"$nulls":6},{"$f":"IFERROR(VLOOKUP(C8374,参数!$B:$H,2,0),\"\")","v":""},{"$f":"IFERROR(VLOOKUP(C8374,参数!$B:$H,4,0),\"\")","v":""},{"$f":"IFERROR(VLOOKUP(C8374,参数!B:H,3,FALSE),\"\")","v":""},"",1]
[8374,{"$nulls":6},{"$f":"IFERROR(VLOOKUP(C8375,参数!$B:$H,2,0),\"\")","v":""},{"$f":"IFERROR(VLOOKUP(C8375,参数!$B:$H,4,0),\"\")","v":""},{"$f":"IFERROR(VLOOKUP(C8375,参数!B:H,3,FALSE),\"\")","v":""},"",1]
[8375,{"$nulls":6},{"$f":"IFERROR(VLOOKUP(C8376,参数!$B:$H,2,0),\"\")","v":""},{"$f":"IFERROR(VLOOKUP(C8376,参数!$B:$H,4,0),\"\")","v":""},{"$f":"IFERROR(VLOOKUP(C8376,参数!B:H,3,FALSE),\"\")","v":""},"",1]
[8376,{"$nulls":6},{"$f":"IFERROR(VLOOKUP(C8377,参数!$B:$H,2,0),\"\")","v":""},{"$f":"IFERROR(VLOOKUP(C8377,参数!$B:$H,4,0),\"\")","v":""},{"$f":"IFERROR(VLOOKUP(C8377,参数!B:H,3,FALSE),\"\")","v":""},"",1]
[8377,{"$nulls":6},{"$f":"IFERROR(VLOOKUP(C8378,参数!$B:$H,2,0),\"\")","v":""},{"$f":"IFERROR(VLOOKUP(C8378,参数!$B:$H,4,0),\"\")","v":""},{"$f":"IFERROR(VLOOKUP(C8378,参数!B:H,3,FALSE),\"\")","v":""},"",1]
[8378,{"$nulls":6},{"$f":"IFERROR(VLOOKUP(C8379,参数!$B:$H,2,0),\"\")","v":""},{"$f":"IFERROR(VLOOKUP(C8379,参数!$B:$H,4,0),\"\")","v":""},{"$f":"IFERROR(VLOOKUP(C8379,参数!B:H,3,FALSE),\"\")","v":""},"",1]
[8379,{"$nulls":6},{"$f":"IFERROR(VLOOKUP(C8380,参数!$B:$H,2,0),\"\")","v":""},{"$f":"IFERROR(VLOOKUP(C8380,参数!$B:$H,4,0),\"\")","v":""},{"$f":"IFERROR(VLOOKUP(C8380,参数!B:H,3,FALSE),\"\")","v":""},"",1]
[8380,{"$nulls":6},{"$f":"IFERROR(VLOOKUP(C8381,参数!$B:$H,2,0),\"\")","v":""},{"$f":"IFERROR(VLOOKUP(C8381,参数!$B:$H,4,0),\"\")","v":""},{"$f":"IFERROR(VLOOKUP(C8381,参数!B:H,3,FALSE),\"\")","v":""},"",1]
[8381,{"$nulls":6},{"$f":"IFERROR(VLOOKUP(C8382,参数!$B:$H,2,0),\"\")","v":""},{"$f":"IFERROR(VLOOKUP(C8382,参数!$B:$H,4,0),\"\")","v":""},{"$f":"IFERROR(VLOOKUP(C8382,参数!B:H,3,FALSE),\"\")","v":""},"",1]
[8382,{"$nulls":6},{"$f":"IFERROR(VLOOKUP(C8383,参数!$B:$H,2,0),\"\")","v":""},{"$f":"IFERROR(VLOOKUP(C8383,参数!$B:$H,4,0),\"\")","v":""},{"$f":"IFERROR(VLOOKUP(C8383,参数!B:H,3,FALSE),\"\")","v":""},"",1]
[8383,{"$nulls":6},{"$f":"IFERROR(VLOOKUP(C8384,参数!$B:$H,2,0),\"\")","v":""},{"$f":"IFERROR(VLOOKUP(C8384,参数!$B:$H,4,0),\"\")","v":""},{"$f":"IFERROR(VLOOKUP(C8384,参数!B:H,3,FALSE),\"\")","v":""},"",1]
[8384,{"$nulls":6},{"$f":"IFERROR(VLOOKUP(C8385,参数!$B:$H,2,0),\"\")","v":""},{"$f":"IFERROR(VLOOKUP(C8385,参数!$B:$H,4,0),\"\")","v":""},{"$f":"IFERROR(VLOOKUP(C8385,参数!B:H,3,FALSE),\"\")","v":""},"",1]
[8385,{"$nulls":6},{"$f":"IFERROR(VLOOKUP(C8386,参数!$B:$H,2,0),\"\")","v":""},{"$f":"IFERROR(VLOOKUP(C8386,参数!$B:$H,4,0),\"\")","v":""},{"$f":"IFERROR(VLOOKUP(C8386,参数!B:H,3,FALSE),\"\")","v":""},"",{"$f":"VALUE(MONTH(B8386))","v":1}]
[8386,{"$nulls":6},{"$f":"IFERROR(VLOOKUP(C8387,参数!$B:$H,2,0),\"\")","v":""},{"$f":"IFERROR(VLOOKUP(C8387,参数!$B:$H,4,0),\"\")","v":""},{"$f":"IFERROR(VLOOKUP(C8387,参数!B:H,3,FALSE),\"\")","v":""},"",1]
[8387,{"$nulls":6},{"$f":"IFERROR(VLOOKUP(C8388,参数!$B:$H,2,0),\"\")","v":""},{"$f":"IFERROR(VLOOKUP(C8388,参数!$B:$H,4,0),\"\")","v":""},{"$f":"IFERROR(VLOOKUP(C8388,参数!B:H,3,FALSE),\"\")","v":""},"",1]
[8388,{"$nulls":6},{"$f":"IFERROR(VLOOKUP(C8389,参数!$B:$H,2,0),\"\")","v":""},{"$f":"IFERROR(VLOOKUP(C8389,参数!$B:$H,4,0),\"\")","v":""},{"$f":"IFERROR(VLOOKUP(C8389,参数!B:H,3,FALSE),\"\")","v":""},"",1]
[8389,{"$nulls":6},{"$f":"IFERROR(VLOOKUP(C8390,参数!$B:$H,2,0),\"\")","v":""},{"$f":"IFERROR(VLOOKUP(C8390,参数!$B:$H,4,0),\"\")","v":""},{"$f":"IFERROR(VLOOKUP(C8390,参数!B:H,3,FALSE),\"\")","v":""},"",1]
[8390,{"$nulls":6},{"$f":"IFERROR(VLOOKUP(C8391,参数!$B:$H,2,0),\"\")","v":""},{"$f":"IFERROR(VLOOKUP(C8391,参数!$B:$H,4,0),\"\")","v":""},{"$f":"IFERROR(VLOOKUP(C8391,参数!B:H,3,FALSE),\"\")","v":""},"",1]
[8391,{"$nulls":6},{"$f":"IFERROR(VLOOKUP(C8392,参数!$B:$H,2,0),\"\")","v":""},{"$f":"IFERROR(VLOOKUP(C8392,参数!$B:$H,4,0),\"\")","v":""},{"$f":"IFERROR(VLOOKUP(C8392,参数!B:H,3,FALSE),\"\")","v":""},"",1]
[8392,{"$nulls":6},{"$f":"IFERROR(VLOOKUP(C8393,参数!$B:$H,2,0),\"\")","v":""},{"$f":"IFERROR(VLOOKUP(C8393,参数!$B:$H,4,0),\"\")","v":""},{"$f":"IFERROR(VLOOKUP(C8393,参数!B:H,3,FALSE),\"\")","v":""},"",1]
[8393,{"$nulls":6},{"$f":"IFERROR(VLOOKUP(C8394,参数!$B:$H,2,0),\"\")","v":""},{"$f":"IFERROR(VLOOKUP(C8394,参数!$B:$H,4,0),\"\")","v":""},{"$f":"IFERROR(VLOOKUP(C8394,参数!B:H,3,FALSE),\"\")","v":""},"",1]
[8394,{"$nulls":6},{"$f":"IFERROR(VLOOKUP(C8395,参数!$B:$H,2,0),\"\")","v":""},{"$f":"IFERROR(VLOOKUP(C8395,参数!$B:$H,4,0),\"\")","v":""},{"$f":"IFERROR(VLOOKUP(C8395,参数!B:H,3,FALSE),\"\")","v":""},"",1]
[8395,{"$nulls":6},{"$f":"IFERROR(VLOOKUP(C8396,参数!$B:$H,2,0),\"\")","v":""},{"$f":"IFERROR(VLOOKUP(C8396,参数!$B:$H,4,0),\"\")","v":""},{"$f":"IFERROR(VLOOKUP(C8396,参数!B:H,3,FALSE),\"\")","v":""},"",1]
[8396,{"$nulls":6},{"$f":"IFERROR(VLOOKUP(C8397,参数!$B:$H,2,0),\"\")","v":""},{"$f":"IFERROR(VLOOKUP(C8397,参数!$B:$H,4,0),\"\")","v":""},{"$f":"IFERROR(VLOOKUP(C8397,参数!B:H,3,FALSE),\"\")","v":""},"",1]
[8397,{"$nulls":6},{"$f":"IFERROR(VLOOKUP(C8398,参数!$B:$H,2,0),\"\")","v":""},{"$f":"IFERROR(VLOOKUP(C8398,参数!$B:$H,4,0),\"\")","v":""},{"$f":"IFERROR(VLOOKUP(C8398,参数!B:H,3,FALSE),\"\")","v":""},"",1]
[8398,{"$nulls":6},{"$f":"IFERROR(VLOOKUP(C8399,参数!$B:$H,2,0),\"\")","v":""},{"$f":"IFERROR(VLOOKUP(C8399,参数!$B:$H,4,0),\"\")","v":""},{"$f":"IFERROR(VLOOKUP(C8399,参数!B:H,3,FALSE),\"\")","v":""},"",1]
[8399,{"$nulls":6},{"$f":"IFERROR(VLOOKUP(C8400,参数!$B:$H,2,0),\"\")","v":""},{"$f":"IFERROR(VLOOKUP(C8400,参数!$B:$H,4,0),\"\")","v":""},{"$f":"IFERROR(VLOOKUP(C8400,参数!B:H,3,FALSE),\"\")","v":""},"",1]
[8400,{"$nulls":6},{"$f":"IFERROR(VLOOKUP(C8401,参数!$B:$H,2,0),\"\")","v":""},{"$f":"IFERROR(VLOOKUP(C8401,参数!$B:$H,4,0),\"\")","v":""},{"$f":"IFERROR(VLOOKUP(C8401,参数!B:H,3,FALSE),\"\")","v":""},"",1]
[8401,{"$nulls":6},{"$f":"IFERROR(VLOOKUP(C8402,参数!$B:$H,2,0),\"\")","v":""},{"$f":"IFERROR(VLOOKUP(C8402,参数!$B:$H,4,0),\"\")","v":""},{"$f":"IFERROR(VLOOKUP(C8402,参数!B:H,3,FALSE),\"\")","v":""},"",1]
[8402,{"$nulls":6},{"$f":"IFERROR(VLOOKUP(C8403,参数!$B:$H,2,0),\"\")","v":""},{"$f":"IFERROR(VLOOKUP(C8403,参数!$B:$H,4,0),\"\")","v":""},{"$f":"IFERROR(VLOOKUP(C8403,参数!B:H,3,FALSE),\"\")","v":""},"",1]
[8403,{"$nulls":6},{"$f":"IFERROR(VLOOKUP(C8404,参数!$B:$H,2,0),\"\")","v":""},{"$f":"IFERROR(VLOOKUP(C8404,参数!$B:$H,4,0),\"\")","v":""},{"$f":"IFERROR(VLOOKUP(C8404,参数!B:H,3,FALSE),\"\")","v":""},"",1]
[8404,{"$nulls":6},{"$f":"IFERROR(VLOOKUP(C8405,参数!$B:$H,2,0),\"\")","v":""},{"$f":"IFERROR(VLOOKUP(C8405,参数!$B:$H,4,0),\"\")","v":""},{"$f":"IFERROR(VLOOKUP(C8405,参数!B:H,3,FALSE),\"\")","v":""},"",1]
[8405,{"$nulls":6},{"$f":"IFERROR(VLOOKUP(C8406,参数!$B:$H,2,0),\"\")","v":""},{"$f":"IFERROR(VLOOKUP(C8406,参数!$B:$H,4,0),\"\")","v":""},{"$f":"IFERROR(VLOOKUP(C8406,参数!B:H,3,FALSE),\"\")","v":""},"",1]
[8406,{"$nulls":6},{"$f":"IFERROR(VLOOKUP(C8407,参数!$B:$H,2,0),\"\")","v":""},{"$f":"IFERROR(VLOOKUP(C8407,参数!$B:$H,4,0),\"\")","v":""},{"$f":"IFERROR(VLOOKUP(C8407,参数!B:H,3,FALSE),\"\")","v":""},"",1]
[8407,{"$nulls":6},{"$f":"IFERROR(VLOOKUP(C8408,参数!$B:$H,2,0),\"\")","v":""},{"$f":"IFERROR(VLOOKUP(C8408,参数!$B:$H,4,0),\"\")","v":""},{"$f":"IFERROR(VLOOKUP(C8408,参数!B:H,3,FALSE),\"\")","v":""},"",1]
[8408,{"$nulls":6},{"$f":"IFERROR(VLOOKUP(C8409,参数!$B:$H,2,0),\"\")","v":""},{"$f":"IFERROR(VLOOKUP(C8409,参数!$B:$H,4,0),\"\")","v":""},{"$f":"IFERROR(VLOOKUP(C8409,参数!B:H,3,FALSE),\"\")","v":""},"",1]
[8409,{"$nulls":6},{"$f":"IFERROR(VLOOKUP(C8410,参数!$B:$H,2,0),\"\")","v":""},{"$f":"IFERROR(VLOOKUP(C8410,参数!$B:$H,4,0),\"\")","v":""},{"$f":"IFERROR(VLOOKUP(C8410,参数!B:H,3,FALSE),\"\")","v":""},"",1]
[8410,{"$nulls":6},{"$f":"IFERROR(VLOOKUP(C8411,参数!$B:$H,2,0),\"\")","v":""},{"$f":"IFERROR(VLOOKUP(C8411,参数!$B:$H,4,0),\"\")","v":""},{"$f":"IFERROR(VLOOKUP(C8411,参数!B:H,3,FALSE),\"\")","v":""},"",1]
[8411,{"$nulls":6},{"$f":"IFERROR(VLOOKUP(C8412,参数!$B:$H,2,0),\"\")","v":""},{"$f":"IFERROR(VLOOKUP(C8412,参数!$B:$H,4,0),\"\")","v":""},{"$f":"IFERROR(VLOOKUP(C8412,参数!B:H,3,FALSE),\"\")","v":""},"",1]
[8412,{"$nulls":6},{"$f":"IFERROR(VLOOKUP(C8413,参数!$B:$H,2,0),\"\")","v":""},{"$f":"IFERROR(VLOOKUP(C8413,参数!$B:$H,4,0),\"\")","v":""},{"$f":"IFERROR(VLOOKUP(C8413,参数!B:H,3,FALSE),\"\")","v":""},"",1]
[8413,{"$nulls":6},{"$f":"IFERROR(VLOOKUP(C8414,参数!$B:$H,2,0),\"\")","v":""},{"$f":"IFERROR(VLOOKUP(C8414,参数!$B:$H,4,0),\"\")","v":""},{"$f":"IFERROR(VLOOKUP(C8414,参数!B:H,3,FALSE),\"\")","v":""},"",1]
[8414,{"$nulls":6},{"$f":"IFERROR(VLOOKUP(C8415,参数!$B:$H,2,0),\"\")","v":""},{"$f":"IFERROR(VLOOKUP(C8415,参数!$B:$H,4,0),\"\")","v":""},{"$f":"IFERROR(VLOOKUP(C8415,参数!B:H,3,FALSE),\"\")","v":""},"",1]
[8415,{"$nulls":6},{"$f":"IFERROR(VLOOKUP(C8416,参数!$B:$H,2,0),\"\")","v":""},{"$f":"IFERROR(VLOOKUP(C8416,参数!$B:$H,4,0),\"\")","v":""},{"$f":"IFERROR(VLOOKUP(C8416,参数!B:H,3,FALSE),\"\")","v":""},"",1]
[8416,{"$nulls":6},{"$f":"IFERROR(VLOOKUP(C8417,参数!$B:$H,2,0),\"\")","v":""},{"$f":"IFERROR(VLOOKUP(C8417,参数!$B:$H,4,0),\"\")","v":""},{"$f":"IFERROR(VLOOKUP(C8417,参数!B:H,3,FALSE),\"\")","v":""},"",1]
[8417,{"$nulls":6},{"$f":"IFERROR(VLOOKUP(C8418,参数!$B:$H,2,0),\"\")","v":""},{"$f":"IFERROR(VLOOKUP(C8418,参数!$B:$H,4,0),\"\")","v":""},{"$f":"IFERROR(VLOOKUP(C8418,参数!B:H,3,FALSE),\"\")","v":""},"",1]
[8418,{"$nulls":6},{"$f":"IFERROR(VLOOKUP(C8419,参数!$B:$H,2,0),\"\")","v":""},{"$f":"IFERROR(VLOOKUP(C8419,参数!$B:$H,4,0),\"\")","v":""},{"$f":"IFERROR(VLOOKUP(C8419,参数!B:H,3,FALSE),\"\")","v":""},"",1]
[8419,{"$nulls":6},{"$f":"IFERROR(VLOOKUP(C8420,参数!$B:$H,2,0),\"\")","v":""},{"$f":"IFERROR(VLOOKUP(C8420,参数!$B:$H,4,0),\"\")","v":""},{"$f":"IFERROR(VLOOKUP(C8420,参数!B:H,3,FALSE),\"\")","v":""},"",1]
[8420,{"$nulls":6},{"$f":"IFERROR(VLOOKUP(C8421,参数!$B:$H,2,0),\"\")","v":""},{"$f":"IFERROR(VLOOKUP(C8421,参数!$B:$H,4,0),\"\")","v":""},{"$f":"IFERROR(VLOOKUP(C8421,参数!B:H,3,FALSE),\"\")","v":""},{"$f":"IFERROR(J8421*E8421,\"\")","v":""},1]
[8421,{"$nulls":6},{"$f":"IFERROR(VLOOKUP(C8422,参数!$B:$H,2,0),\"\")","v":""},{"$f":"IFERROR(VLOOKUP(C8422,参数!$B:$H,4,0),\"\")","v":""},{"$f":"IFERROR(VLOOKUP(C8422,参数!B:H,3,FALSE),\"\")","v":""},"",1]
[8422,{"$nulls":6},{"$f":"IFERROR(VLOOKUP(C8423,参数!$B:$H,2,0),\"\")","v":""},{"$f":"IFERROR(VLOOKUP(C8423,参数!$B:$H,4,0),\"\")","v":""},{"$f":"IFERROR(VLOOKUP(C8423,参数!B:H,3,FALSE),\"\")","v":""},"",1]
[8423,{"$nulls":6},{"$f":"IFERROR(VLOOKUP(C8424,参数!$B:$H,2,0),\"\")","v":""},{"$f":"IFERROR(VLOOKUP(C8424,参数!$B:$H,4,0),\"\")","v":""},{"$f":"IFERROR(VLOOKUP(C8424,参数!B:H,3,FALSE),\"\")","v":""},"",1]
[8424,{"$nulls":6},{"$f":"IFERROR(VLOOKUP(C8425,参数!$B:$H,2,0),\"\")","v":""},{"$f":"IFERROR(VLOOKUP(C8425,参数!$B:$H,4,0),\"\")","v":""},{"$f":"IFERROR(VLOOKUP(C8425,参数!B:H,3,FALSE),\"\")","v":""},"",1]
[8425,{"$nulls":6},{"$f":"IFERROR(VLOOKUP(C8426,参数!$B:$H,2,0),\"\")","v":""},{"$f":"IFERROR(VLOOKUP(C8426,参数!$B:$H,4,0),\"\")","v":""},{"$f":"IFERROR(VLOOKUP(C8426,参数!B:H,3,FALSE),\"\")","v":""},"",1]
[8426,{"$nulls":6},{"$f":"IFERROR(VLOOKUP(C8427,参数!$B:$H,2,0),\"\")","v":""},{"$f":"IFERROR(VLOOKUP(C8427,参数!$B:$H,4,0),\"\")","v":""},{"$f":"IFERROR(VLOOKUP(C8427,参数!B:H,3,FALSE),\"\")","v":""},"",1]
[8427,{"$nulls":6},{"$f":"IFERROR(VLOOKUP(C8428,参数!$B:$H,2,0),\"\")","v":""},{"$f":"IFERROR(VLOOKUP(C8428,参数!$B:$H,4,0),\"\")","v":""},{"$f":"IFERROR(VLOOKUP(C8428,参数!B:H,3,FALSE),\"\")","v":""},"",1]
[8428,{"$nulls":6},{"$f":"IFERROR(VLOOKUP(C8429,参数!$B:$H,2,0),\"\")","v":""},{"$f":"IFERROR(VLOOKUP(C8429,参数!$B:$H,4,0),\"\")","v":""},{"$f":"IFERROR(VLOOKUP(C8429,参数!B:H,3,FALSE),\"\")","v":""},"",1]
[8429,{"$nulls":6},{"$f":"IFERROR(VLOOKUP(C8430,参数!$B:$H,2,0),\"\")","v":""},{"$f":"IFERROR(VLOOKUP(C8430,参数!$B:$H,4,0),\"\")","v":""},{"$f":"IFERROR(VLOOKUP(C8430,参数!B:H,3,FALSE),\"\")","v":""},"",1]
[8430,{"$nulls":6},{"$f":"IFERROR(VLOOKUP(C8431,参数!$B:$H,2,0),\"\")","v":""},{"$f":"IFERROR(VLOOKUP(C8431,参数!$B:$H,4,0),\"\")","v":""},{"$f":"IFERROR(VLOOKUP(C8431,参数!B:H,3,FALSE),\"\")","v":""},"",1]
[8431,{"$nulls":6},{"$f":"IFERROR(VLOOKUP(C8432,参数!$B:$H,2,0),\"\")","v":""},{"$f":"IFERROR(VLOOKUP(C8432,参数!$B:$H,4,0),\"\")","v":""},{"$f":"IFERROR(VLOOKUP(C8432,参数!B:H,3,FALSE),\"\")","v":""},"",1]
[8432,{"$nulls":6},{"$f":"IFERROR(VLOOKUP(C8433,参数!$B:$H,2,0),\"\")","v":""},{"$f":"IFERROR(VLOOKUP(C8433,参数!$B:$H,4,0),\"\")","v":""},{"$f":"IFERROR(VLOOKUP(C8433,参数!B:H,3,FALSE),\"\")","v":""},"",1]
[8433,{"$nulls":6},{"$f":"IFERROR(VLOOKUP(C8434,参数!$B:$H,2,0),\"\")","v":""},{"$f":"IFERROR(VLOOKUP(C8434,参数!$B:$H,4,0),\"\")","v":""},{"$f":"IFERROR(VLOOKUP(C8434,参数!B:H,3,FALSE),\"\")","v":""},"",1]
[8434,{"$nulls":6},{"$f":"IFERROR(VLOOKUP(C8435,参数!$B:$H,2,0),\"\")","v":""},{"$f":"IFERROR(VLOOKUP(C8435,参数!$B:$H,4,0),\"\")","v":""},{"$f":"IFERROR(VLOOKUP(C8435,参数!B:H,3,FALSE),\"\")","v":""},"",1]
[8435,{"$nulls":6},{"$f":"IFERROR(VLOOKUP(C8436,参数!$B:$H,2,0),\"\")","v":""},{"$f":"IFERROR(VLOOKUP(C8436,参数!$B:$H,4,0),\"\")","v":""},{"$f":"IFERROR(VLOOKUP(C8436,参数!B:H,3,FALSE),\"\")","v":""},"",1]
[8436,{"$nulls":6},{"$f":"IFERROR(VLOOKUP(C8437,参数!$B:$H,2,0),\"\")","v":""},{"$f":"IFERROR(VLOOKUP(C8437,参数!$B:$H,4,0),\"\")","v":""},{"$f":"IFERROR(VLOOKUP(C8437,参数!B:H,3,FALSE),\"\")","v":""},"",1]
[8437,{"$nulls":6},{"$f":"IFERROR(VLOOKUP(C8438,参数!$B:$H,2,0),\"\")","v":""},{"$f":"IFERROR(VLOOKUP(C8438,参数!$B:$H,4,0),\"\")","v":""},{"$f":"IFERROR(VLOOKUP(C8438,参数!B:H,3,FALSE),\"\")","v":""},"",1]
[8438,{"$nulls":6},{"$f":"IFERROR(VLOOKUP(C8439,参数!$B:$H,2,0),\"\")","v":""},{"$f":"IFERROR(VLOOKUP(C8439,参数!$B:$H,4,0),\"\")","v":""},{"$f":"IFERROR(VLOOKUP(C8439,参数!B:H,3,FALSE),\"\")","v":""},"",1]
[8439,{"$nulls":6},{"$f":"IFERROR(VLOOKUP(C8440,参数!$B:$H,2,0),\"\")","v":""},{"$f":"IFERROR(VLOOKUP(C8440,参数!$B:$H,4,0),\"\")","v":""},{"$f":"IFERROR(VLOOKUP(C8440,参数!B:H,3,FALSE),\"\")","v":""},"",1]
[8440,{"$nulls":6},{"$f":"IFERROR(VLOOKUP(C8441,参数!$B:$H,2,0),\"\")","v":""},{"$f":"IFERROR(VLOOKUP(C8441,参数!$B:$H,4,0),\"\")","v":""},{"$f":"IFERROR(VLOOKUP(C8441,参数!B:H,3,FALSE),\"\")","v":""},"",1]
[8441,{"$nulls":6},{"$f":"IFERROR(VLOOKUP(C8442,参数!$B:$H,2,0),\"\")","v":""},{"$f":"IFERROR(VLOOKUP(C8442,参数!$B:$H,4,0),\"\")","v":""},{"$f":"IFERROR(VLOOKUP(C8442,参数!B:H,3,FALSE),\"\")","v":""},"",1]
[8442,{"$nulls":6},{"$f":"IFERROR(VLOOKUP(C8443,参数!$B:$H,2,0),\"\")","v":""},{"$f":"IFERROR(VLOOKUP(C8443,参数!$B:$H,4,0),\"\")","v":""},{"$f":"IFERROR(VLOOKUP(C8443,参数!B:H,3,FALSE),\"\")","v":""},"",1]
[8443,{"$nulls":6},{"$f":"IFERROR(VLOOKUP(C8444,参数!$B:$H,2,0),\"\")","v":""},{"$f":"IFERROR(VLOOKUP(C8444,参数!$B:$H,4,0),\"\")","v":""},{"$f":"IFERROR(VLOOKUP(C8444,参数!B:H,3,FALSE),\"\")","v":""},"",1]
[8444,{"$nulls":6},{"$f":"IFERROR(VLOOKUP(C8445,参数!$B:$H,2,0),\"\")","v":""},{"$f":"IFERROR(VLOOKUP(C8445,参数!$B:$H,4,0),\"\")","v":""},{"$f":"IFERROR(VLOOKUP(C8445,参数!B:H,3,FALSE),\"\")","v":""},"",1]
[8445,{"$nulls":6},{"$f":"IFERROR(VLOOKUP(C8446,参数!$B:$H,2,0),\"\")","v":""},{"$f":"IFERROR(VLOOKUP(C8446,参数!$B:$H,4,0),\"\")","v":""},{"$f":"IFERROR(VLOOKUP(C8446,参数!B:H,3,FALSE),\"\")","v":""},"",1]
[8446,{"$nulls":6},{"$f":"IFERROR(VLOOKUP(C8447,参数!$B:$H,2,0),\"\")","v":""},{"$f":"IFERROR(VLOOKUP(C8447,参数!$B:$H,4,0),\"\")","v":""},{"$f":"IFERROR(VLOOKUP(C8447,参数!B:H,3,FALSE),\"\")","v":""},"",1]
[8447,{"$nulls":6},{"$f":"IFERROR(VLOOKUP(C8448,参数!$B:$H,2,0),\"\")","v":""},{"$f":"IFERROR(VLOOKUP(C8448,参数!$B:$H,4,0),\"\")","v":""},{"$f":"IFERROR(VLOOKUP(C8448,参数!B:H,3,FALSE),\"\")","v":""},"",1]
[8448,{"$nulls":6},{"$f":"IFERROR(VLOOKUP(C8449,参数!$B:$H,2,0),\"\")","v":""},{"$f":"IFERROR(VLOOKUP(C8449,参数!$B:$H,4,0),\"\")","v":""},{"$f":"IFERROR(VLOOKUP(C8449,参数!B:H,3,FALSE),\"\")","v":""},"",1]
[8449,{"$nulls":6},{"$f":"IFERROR(VLOOKUP(C8450,参数!$B:$H,2,0),\"\")","v":""},{"$f":"IFERROR(VLOOKUP(C8450,参数!$B:$H,4,0),\"\")","v":""},{"$f":"IFERROR(VLOOKUP(C8450,参数!B:H,3,FALSE),\"\")","v":""},"",{"$f":"VALUE(MONTH(B8450))","v":1}]
[8450,{"$nulls":6},{"$f":"IFERROR(VLOOKUP(C8451,参数!$B:$H,2,0),\"\")","v":""},{"$f":"IFERROR(VLOOKUP(C8451,参数!$B:$H,4,0),\"\")","v":""},{"$f":"IFERROR(VLOOKUP(C8451,参数!B:H,3,FALSE),\"\")","v":""},"",1]
[8451,{"$nulls":6},{"$f":"IFERROR(VLOOKUP(C8452,参数!$B:$H,2,0),\"\")","v":""},{"$f":"IFERROR(VLOOKUP(C8452,参数!$B:$H,4,0),\"\")","v":""},{"$f":"IFERROR(VLOOKUP(C8452,参数!B:H,3,FALSE),\"\")","v":""},"",1]
[8452,{"$nulls":6},{"$f":"IFERROR(VLOOKUP(C8453,参数!$B:$H,2,0),\"\")","v":""},{"$f":"IFERROR(VLOOKUP(C8453,参数!$B:$H,4,0),\"\")","v":""},{"$f":"IFERROR(VLOOKUP(C8453,参数!B:H,3,FALSE),\"\")","v":""},"",1]
[8453,{"$nulls":6},{"$f":"IFERROR(VLOOKUP(C8454,参数!$B:$H,2,0),\"\")","v":""},{"$f":"IFERROR(VLOOKUP(C8454,参数!$B:$H,4,0),\"\")","v":""},{"$f":"IFERROR(VLOOKUP(C8454,参数!B:H,3,FALSE),\"\")","v":""},"",1]
[8454,{"$nulls":6},{"$f":"IFERROR(VLOOKUP(C8455,参数!$B:$H,2,0),\"\")","v":""},{"$f":"IFERROR(VLOOKUP(C8455,参数!$B:$H,4,0),\"\")","v":""},{"$f":"IFERROR(VLOOKUP(C8455,参数!B:H,3,FALSE),\"\")","v":""},"",1]
[8455,{"$nulls":6},{"$f":"IFERROR(VLOOKUP(C8456,参数!$B:$H,2,0),\"\")","v":""},{"$f":"IFERROR(VLOOKUP(C8456,参数!$B:$H,4,0),\"\")","v":""},{"$f":"IFERROR(VLOOKUP(C8456,参数!B:H,3,FALSE),\"\")","v":""},"",1]
[8456,{"$nulls":6},{"$f":"IFERROR(VLOOKUP(C8457,参数!$B:$H,2,0),\"\")","v":""},{"$f":"IFERROR(VLOOKUP(C8457,参数!$B:$H,4,0),\"\")","v":""},{"$f":"IFERROR(VLOOKUP(C8457,参数!B:H,3,FALSE),\"\")","v":""},"",1]
[8457,{"$nulls":6},{"$f":"IFERROR(VLOOKUP(C8458,参数!$B:$H,2,0),\"\")","v":""},{"$f":"IFERROR(VLOOKUP(C8458,参数!$B:$H,4,0),\"\")","v":""},{"$f":"IFERROR(VLOOKUP(C8458,参数!B:H,3,FALSE),\"\")","v":""},"",1]
[8458,{"$nulls":6},{"$f":"IFERROR(VLOOKUP(C8459,参数!$B:$H,2,0),\"\")","v":""},{"$f":"IFERROR(VLOOKUP(C8459,参数!$B:$H,4,0),\"\")","v":""},{"$f":"IFERROR(VLOOKUP(C8459,参数!B:H,3,FALSE),\"\")","v":""},"",1]
[8459,{"$nulls":6},{"$f":"IFERROR(VLOOKUP(C8460,参数!$B:$H,2,0),\"\")","v":""},{"$f":"IFERROR(VLOOKUP(C8460,参数!$B:$H,4,0),\"\")","v":""},{"$f":"IFERROR(VLOOKUP(C8460,参数!B:H,3,FALSE),\"\")","v":""},"",1]
[8460,{"$nulls":6},{"$f":"IFERROR(VLOOKUP(C8461,参数!$B:$H,2,0),\"\")","v":""},{"$f":"IFERROR(VLOOKUP(C8461,参数!$B:$H,4,0),\"\")","v":""},{"$f":"IFERROR(VLOOKUP(C8461,参数!B:H,3,FALSE),\"\")","v":""},"",1]
[8461,{"$nulls":6},{"$f":"IFERROR(VLOOKUP(C8462,参数!$B:$H,2,0),\"\")","v":""},{"$f":"IFERROR(VLOOKUP(C8462,参数!$B:$H,4,0),\"\")","v":""},{"$f":"IFERROR(VLOOKUP(C8462,参数!B:H,3,FALSE),\"\")","v":""},"",1]
[8462,{"$nulls":6},{"$f":"IFERROR(VLOOKUP(C8463,参数!$B:$H,2,0),\"\")","v":""},{"$f":"IFERROR(VLOOKUP(C8463,参数!$B:$H,4,0),\"\")","v":""},{"$f":"IFERROR(VLOOKUP(C8463,参数!B:H,3,FALSE),\"\")","v":""},"",1]
[8463,{"$nulls":6},{"$f":"IFERROR(VLOOKUP(C8464,参数!$B:$H,2,0),\"\")","v":""},{"$f":"IFERROR(VLOOKUP(C8464,参数!$B:$H,4,0),\"\")","v":""},{"$f":"IFERROR(VLOOKUP(C8464,参数!B:H,3,FALSE),\"\")","v":""},"",1]
[8464,{"$nulls":6},{"$f":"IFERROR(VLOOKUP(C8465,参数!$B:$H,2,0),\"\")","v":""},{"$f":"IFERROR(VLOOKUP(C8465,参数!$B:$H,4,0),\"\")","v":""},{"$f":"IFERROR(VLOOKUP(C8465,参数!B:H,3,FALSE),\"\")","v":""},"",1]
[8465,{"$nulls":6},{"$f":"IFERROR(VLOOKUP(C8466,参数!$B:$H,2,0),\"\")","v":""},{"$f":"IFERROR(VLOOKUP(C8466,参数!$B:$H,4,0),\"\")","v":""},{"$f":"IFERROR(VLOOKUP(C8466,参数!B:H,3,FALSE),\"\")","v":""},"",1]
[8466,{"$nulls":6},{"$f":"IFERROR(VLOOKUP(C8467,参数!$B:$H,2,0),\"\")","v":""},{"$f":"IFERROR(VLOOKUP(C8467,参数!$B:$H,4,0),\"\")","v":""},{"$f":"IFERROR(VLOOKUP(C8467,参数!B:H,3,FALSE),\"\")","v":""},"",1]
[8467,{"$nulls":6},{"$f":"IFERROR(VLOOKUP(C8468,参数!$B:$H,2,0),\"\")","v":""},{"$f":"IFERROR(VLOOKUP(C8468,参数!$B:$H,4,0),\"\")","v":""},{"$f":"IFERROR(VLOOKUP(C8468,参数!B:H,3,FALSE),\"\")","v":""},"",1]
[8468,{"$nulls":6},{"$f":"IFERROR(VLOOKUP(C8469,参数!$B:$H,2,0),\"\")","v":""},{"$f":"IFERROR(VLOOKUP(C8469,参数!$B:$H,4,0),\"\")","v":""},{"$f":"IFERROR(VLOOKUP(C8469,参数!B:H,3,FALSE),\"\")","v":""},"",1]
[8469,{"$nulls":6},{"$f":"IFERROR(VLOOKUP(C8470,参数!$B:$H,2,0),\"\")","v":""},{"$f":"IFERROR(VLOOKUP(C8470,参数!$B:$H,4,0),\"\")","v":""},{"$f":"IFERROR(VLOOKUP(C8470,参数!B:H,3,FALSE),\"\")","v":""},"",1]
[8470,{"$nulls":6},{"$f":"IFERROR(VLOOKUP(C8471,参数!$B:$H,2,0),\"\")","v":""},{"$f":"IFERROR(VLOOKUP(C8471,参数!$B:$H,4,0),\"\")","v":""},{"$f":"IFERROR(VLOOKUP(C8471,参数!B:H,3,FALSE),\"\")","v":""},"",1]
[8471,{"$nulls":6},{"$f":"IFERROR(VLOOKUP(C8472,参数!$B:$H,2,0),\"\")","v":""},{"$f":"IFERROR(VLOOKUP(C8472,参数!$B:$H,4,0),\"\")","v":""},{"$f":"IFERROR(VLOOKUP(C8472,参数!B:H,3,FALSE),\"\")","v":""},"",1]
[8472,{"$nulls":6},{"$f":"IFERROR(VLOOKUP(C8473,参数!$B:$H,2,0),\"\")","v":""},{"$f":"IFERROR(VLOOKUP(C8473,参数!$B:$H,4,0),\"\")","v":""},{"$f":"IFERROR(VLOOKUP(C8473,参数!B:H,3,FALSE),\"\")","v":""},"",1]
[8473,{"$nulls":6},{"$f":"IFERROR(VLOOKUP(C8474,参数!$B:$H,2,0),\"\")","v":""},{"$f":"IFERROR(VLOOKUP(C8474,参数!$B:$H,4,0),\"\")","v":""},{"$f":"IFERROR(VLOOKUP(C8474,参数!B:H,3,FALSE),\"\")","v":""},"",1]
[8474,{"$nulls":6},{"$f":"IFERROR(VLOOKUP(C8475,参数!$B:$H,2,0),\"\")","v":""},{"$f":"IFERROR(VLOOKUP(C8475,参数!$B:$H,4,0),\"\")","v":""},{"$f":"IFERROR(VLOOKUP(C8475,参数!B:H,3,FALSE),\"\")","v":""},"",1]
[8475,{"$nulls":6},{"$f":"IFERROR(VLOOKUP(C8476,参数!$B:$H,2,0),\"\")","v":""},{"$f":"IFERROR(VLOOKUP(C8476,参数!$B:$H,4,0),\"\")","v":""},{"$f":"IFERROR(VLOOKUP(C8476,参数!B:H,3,FALSE),\"\")","v":""},"",1]
[8476,{"$nulls":6},{"$f":"IFERROR(VLOOKUP(C8477,参数!$B:$H,2,0),\"\")","v":""},{"$f":"IFERROR(VLOOKUP(C8477,参数!$B:$H,4,0),\"\")","v":""},{"$f":"IFERROR(VLOOKUP(C8477,参数!B:H,3,FALSE),\"\")","v":""},"",1]
[8477,{"$nulls":6},{"$f":"IFERROR(VLOOKUP(C8478,参数!$B:$H,2,0),\"\")","v":""},{"$f":"IFERROR(VLOOKUP(C8478,参数!$B:$H,4,0),\"\")","v":""},{"$f":"IFERROR(VLOOKUP(C8478,参数!B:H,3,FALSE),\"\")","v":""},"",1]
[8478,{"$nulls":6},{"$f":"IFERROR(VLOOKUP(C8479,参数!$B:$H,2,0),\"\")","v":""},{"$f":"IFERROR(VLOOKUP(C8479,参数!$B:$H,4,0),\"\")","v":""},{"$f":"IFERROR(VLOOKUP(C8479,参数!B:H,3,FALSE),\"\")","v":""},"",1]
[8479,{"$nulls":6},{"$f":"IFERROR(VLOOKUP(C8480,参数!$B:$H,2,0),\"\")","v":""},{"$f":"IFERROR(VLOOKUP(C8480,参数!$B:$H,4,0),\"\")","v":""},{"$f":"IFERROR(VLOOKUP(C8480,参数!B:H,3,FALSE),\"\")","v":""},"",1]
[8480,{"$nulls":6},{"$f":"IFERROR(VLOOKUP(C8481,参数!$B:$H,2,0),\"\")","v":""},{"$f":"IFERROR(VLOOKUP(C8481,参数!$B:$H,4,0),\"\")","v":""},{"$f":"IFERROR(VLOOKUP(C8481,参数!B:H,3,FALSE),\"\")","v":""},"",1]
[8481,{"$nulls":6},{"$f":"IFERROR(VLOOKUP(C8482,参数!$B:$H,2,0),\"\")","v":""},{"$f":"IFERROR(VLOOKUP(C8482,参数!$B:$H,4,0),\"\")","v":""},{"$f":"IFERROR(VLOOKUP(C8482,参数!B:H,3,FALSE),\"\")","v":""},"",1]
[8482,{"$nulls":6},{"$f":"IFERROR(VLOOKUP(C8483,参数!$B:$H,2,0),\"\")","v":""},{"$f":"IFERROR(VLOOKUP(C8483,参数!$B:$H,4,0),\"\")","v":""},{"$f":"IFERROR(VLOOKUP(C8483,参数!B:H,3,FALSE),\"\")","v":""},"",1]
[8483,{"$nulls":6},{"$f":"IFERROR(VLOOKUP(C8484,参数!$B:$H,2,0),\"\")","v":""},{"$f":"IFERROR(VLOOKUP(C8484,参数!$B:$H,4,0),\"\")","v":""},{"$f":"IFERROR(VLOOKUP(C8484,参数!B:H,3,FALSE),\"\")","v":""},"",1]
[8484,{"$nulls":6},{"$f":"IFERROR(VLOOKUP(C8485,参数!$B:$H,2,0),\"\")","v":""},{"$f":"IFERROR(VLOOKUP(C8485,参数!$B:$H,4,0),\"\")","v":""},{"$f":"IFERROR(VLOOKUP(C8485,参数!B:H,3,FALSE),\"\")","v":""},{"$f":"IFERROR(J8485*E8485,\"\")","v":""},1]
[8485,{"$nulls":6},{"$f":"IFERROR(VLOOKUP(C8486,参数!$B:$H,2,0),\"\")","v":""},{"$f":"IFERROR(VLOOKUP(C8486,参数!$B:$H,4,0),\"\")","v":""},{"$f":"IFERROR(VLOOKUP(C8486,参数!B:H,3,FALSE),\"\")","v":""},"",1]
[8486,{"$nulls":6},{"$f":"IFERROR(VLOOKUP(C8487,参数!$B:$H,2,0),\"\")","v":""},{"$f":"IFERROR(VLOOKUP(C8487,参数!$B:$H,4,0),\"\")","v":""},{"$f":"IFERROR(VLOOKUP(C8487,参数!B:H,3,FALSE),\"\")","v":""},"",1]
[8487,{"$nulls":6},{"$f":"IFERROR(VLOOKUP(C8488,参数!$B:$H,2,0),\"\")","v":""},{"$f":"IFERROR(VLOOKUP(C8488,参数!$B:$H,4,0),\"\")","v":""},{"$f":"IFERROR(VLOOKUP(C8488,参数!B:H,3,FALSE),\"\")","v":""},"",1]
[8488,{"$nulls":6},{"$f":"IFERROR(VLOOKUP(C8489,参数!$B:$H,2,0),\"\")","v":""},{"$f":"IFERROR(VLOOKUP(C8489,参数!$B:$H,4,0),\"\")","v":""},{"$f":"IFERROR(VLOOKUP(C8489,参数!B:H,3,FALSE),\"\")","v":""},"",1]
[8489,{"$nulls":6},{"$f":"IFERROR(VLOOKUP(C8490,参数!$B:$H,2,0),\"\")","v":""},{"$f":"IFERROR(VLOOKUP(C8490,参数!$B:$H,4,0),\"\")","v":""},{"$f":"IFERROR(VLOOKUP(C8490,参数!B:H,3,FALSE),\"\")","v":""},"",1]
[8490,{"$nulls":6},{"$f":"IFERROR(VLOOKUP(C8491,参数!$B:$H,2,0),\"\")","v":""},{"$f":"IFERROR(VLOOKUP(C8491,参数!$B:$H,4,0),\"\")","v":""},{"$f":"IFERROR(VLOOKUP(C8491,参数!B:H,3,FALSE),\"\")","v":""},"",1]
[8491,{"$nulls":6},{"$f":"IFERROR(VLOOKUP(C8492,参数!$B:$H,2,0),\"\")","v":""},{"$f":"IFERROR(VLOOKUP(C8492,参数!$B:$H,4,0),\"\")","v":""},{"$f":"IFERROR(VLOOKUP(C8492,参数!B:H,3,FALSE),\"\")","v":""},"",1]
[8492,{"$nulls":6},{"$f":"IFERROR(VLOOKUP(C8493,参数!$B:$H,2,0),\"\")","v":""},{"$f":"IFERROR(VLOOKUP(C8493,参数!$B:$H,4,0),\"\")","v":""},{"$f":"IFERROR(VLOOKUP(C8493,参数!B:H,3,FALSE),\"\")","v":""},"",1]
[8493,{"$nulls":6},{"$f":"IFERROR(VLOOKUP(C8494,参数!$B:$H,2,0),\"\")","v":""},{"$f":"IFERROR(VLOOKUP(C8494,参数!$B:$H,4,0),\"\")","v":""},{"$f":"IFERROR(VLOOKUP(C8494,参数!B:H,3,FALSE),\"\")","v":""},"",1]
[8494,{"$nulls":6},{"$f":"IFERROR(VLOOKUP(C8495,参数!$B:$H,2,0),\"\")","v":""},{"$f":"IFERROR(VLOOKUP(C8495,参数!$B:$H,4,0),\"\")","v":""},{"$f":"IFERROR(VLOOKUP(C8495,参数!B:H,3,FALSE),\"\")","v":""},"",1]
[8495,{"$nulls":6},{"$f":"IFERROR(VLOOKUP(C8496,参数!$B:$H,2,0),\"\")","v":""},{"$f":"IFERROR(VLOOKUP(C8496,参数!$B:$H,4,0),\"\")","v":""},{"$f":"IFERROR(VLOOKUP(C8496,参数!B:H,3,FALSE),\"\")","v":""},"",1]
[8496,{"$nulls":6},{"$f":"IFERROR(VLOOKUP(C8497,参数!$B:$H,2,0),\"\")","v":""},{"$f":"IFERROR(VLOOKUP(C8497,参数!$B:$H,4,0),\"\")","v":""},{"$f":"IFERROR(VLOOKUP(C8497,参数!B:H,3,FALSE),\"\")","v":""},"",1]
[8497,{"$nulls":6},{"$f":"IFERROR(VLOOKUP(C8498,参数!$B:$H,2,0),\"\")","v":""},{"$f":"IFERROR(VLOOKUP(C8498,参数!$B:$H,4,0),\"\")","v":""},{"$f":"IFERROR(VLOOKUP(C8498,参数!B:H,3,FALSE),\"\")","v":""},"",1]
[8498,{"$nulls":6},{"$f":"IFERROR(VLOOKUP(C8499,参数!$B:$H,2,0),\"\")","v":""},{"$f":"IFERROR(VLOOKUP(C8499,参数!$B:$H,4,0),\"\")","v":""},{"$f":"IFERROR(VLOOKUP(C8499,参数!B:H,3,FALSE),\"\")","v":""},"",1]
[8499,{"$nulls":6},{"$f":"IFERROR(VLOOKUP(C8500,参数!$B:$H,2,0),\"\")","v":""},{"$f":"IFERROR(VLOOKUP(C8500,参数!$B:$H,4,0),\"\")","v":""},{"$f":"IFERROR(VLOOKUP(C8500,参数!B:H,3,FALSE),\"\")","v":""},"",1]
[8500,{"$nulls":6},{"$f":"IFERROR(VLOOKUP(C8501,参数!$B:$H,2,0),\"\")","v":""},{"$f":"IFERROR(VLOOKUP(C8501,参数!$B:$H,4,0),\"\")","v":""},{"$f":"IFERROR(VLOOKUP(C8501,参数!B:H,3,FALSE),\"\")","v":""},"",1]
[8501,{"$nulls":6},{"$f":"IFERROR(VLOOKUP(C8502,参数!$B:$H,2,0),\"\")","v":""},{"$f":"IFERROR(VLOOKUP(C8502,参数!$B:$H,4,0),\"\")","v":""},{"$f":"IFERROR(VLOOKUP(C8502,参数!B:H,3,FALSE),\"\")","v":""},"",1]
[8502,{"$nulls":6},{"$f":"IFERROR(VLOOKUP(C8503,参数!$B:$H,2,0),\"\")","v":""},{"$f":"IFERROR(VLOOKUP(C8503,参数!$B:$H,4,0),\"\")","v":""},{"$f":"IFERROR(VLOOKUP(C8503,参数!B:H,3,FALSE),\"\")","v":""},"",1]
[8503,{"$nulls":6},{"$f":"IFERROR(VLOOKUP(C8504,参数!$B:$H,2,0),\"\")","v":""},{"$f":"IFERROR(VLOOKUP(C8504,参数!$B:$H,4,0),\"\")","v":""},{"$f":"IFERROR(VLOOKUP(C8504,参数!B:H,3,FALSE),\"\")","v":""},"",1]
[8504,{"$nulls":6},{"$f":"IFERROR(VLOOKUP(C8505,参数!$B:$H,2,0),\"\")","v":""},{"$f":"IFERROR(VLOOKUP(C8505,参数!$B:$H,4,0),\"\")","v":""},{"$f":"IFERROR(VLOOKUP(C8505,参数!B:H,3,FALSE),\"\")","v":""},"",1]
[8505,{"$nulls":6},{"$f":"IFERROR(VLOOKUP(C8506,参数!$B:$H,2,0),\"\")","v":""},{"$f":"IFERROR(VLOOKUP(C8506,参数!$B:$H,4,0),\"\")","v":""},{"$f":"IFERROR(VLOOKUP(C8506,参数!B:H,3,FALSE),\"\")","v":""},"",1]
[8506,{"$nulls":6},{"$f":"IFERROR(VLOOKUP(C8507,参数!$B:$H,2,0),\"\")","v":""},{"$f":"IFERROR(VLOOKUP(C8507,参数!$B:$H,4,0),\"\")","v":""},{"$f":"IFERROR(VLOOKUP(C8507,参数!B:H,3,FALSE),\"\")","v":""},"",1]
[8507,{"$nulls":6},{"$f":"IFERROR(VLOOKUP(C8508,参数!$B:$H,2,0),\"\")","v":""},{"$f":"IFERROR(VLOOKUP(C8508,参数!$B:$H,4,0),\"\")","v":""},{"$f":"IFERROR(VLOOKUP(C8508,参数!B:H,3,FALSE),\"\")","v":""},"",1]
[8508,{"$nulls":6},{"$f":"IFERROR(VLOOKUP(C8509,参数!$B:$H,2,0),\"\")","v":""},{"$f":"IFERROR(VLOOKUP(C8509,参数!$B:$H,4,0),\"\")","v":""},{"$f":"IFERROR(VLOOKUP(C8509,参数!B:H,3,FALSE),\"\")","v":""},"",1]
[8509,{"$nulls":6},{"$f":"IFERROR(VLOOKUP(C8510,参数!$B:$H,2,0),\"\")","v":""},{"$f":"IFERROR(VLOOKUP(C8510,参数!$B:$H,4,0),\"\")","v":""},{"$f":"IFERROR(VLOOKUP(C8510,参数!B:H,3,FALSE),\"\")","v":""},"",1]
[8510,{"$nulls":6},{"$f":"IFERROR(VLOOKUP(C8511,参数!$B:$H,2,0),\"\")","v":""},{"$f":"IFERROR(VLOOKUP(C8511,参数!$B:$H,4,0),\"\")","v":""},{"$f":"IFERROR(VLOOKUP(C8511,参数!B:H,3,FALSE),\"\")","v":""},"",1]
[8511,{"$nulls":6},{"$f":"IFERROR(VLOOKUP(C8512,参数!$B:$H,2,0),\"\")","v":""},{"$f":"IFERROR(VLOOKUP(C8512,参数!$B:$H,4,0),\"\")","v":""},{"$f":"IFERROR(VLOOKUP(C8512,参数!B:H,3,FALSE),\"\")","v":""},"",1]
[8512,{"$nulls":6},{"$f":"IFERROR(VLOOKUP(C8513,参数!$B:$H,2,0),\"\")","v":""},{"$f":"IFERROR(VLOOKUP(C8513,参数!$B:$H,4,0),\"\")","v":""},{"$f":"IFERROR(VLOOKUP(C8513,参数!B:H,3,FALSE),\"\")","v":""},"",1]
[8513,{"$nulls":6},{"$f":"IFERROR(VLOOKUP(C8514,参数!$B:$H,2,0),\"\")","v":""},{"$f":"IFERROR(VLOOKUP(C8514,参数!$B:$H,4,0),\"\")","v":""},{"$f":"IFERROR(VLOOKUP(C8514,参数!B:H,3,FALSE),\"\")","v":""},"",{"$f":"VALUE(MONTH(B8514))","v":1}]
[8514,{"$nulls":6},{"$f":"IFERROR(VLOOKUP(C8515,参数!$B:$H,2,0),\"\")","v":""},{"$f":"IFERROR(VLOOKUP(C8515,参数!$B:$H,4,0),\"\")","v":""},{"$f":"IFERROR(VLOOKUP(C8515,参数!B:H,3,FALSE),\"\")","v":""},"",1]
[8515,{"$nulls":6},{"$f":"IFERROR(VLOOKUP(C8516,参数!$B:$H,2,0),\"\")","v":""},{"$f":"IFERROR(VLOOKUP(C8516,参数!$B:$H,4,0),\"\")","v":""},{"$f":"IFERROR(VLOOKUP(C8516,参数!B:H,3,FALSE),\"\")","v":""},"",1]
[8516,{"$nulls":6},{"$f":"IFERROR(VLOOKUP(C8517,参数!$B:$H,2,0),\"\")","v":""},{"$f":"IFERROR(VLOOKUP(C8517,参数!$B:$H,4,0),\"\")","v":""},{"$f":"IFERROR(VLOOKUP(C8517,参数!B:H,3,FALSE),\"\")","v":""},"",1]
[8517,{"$nulls":6},{"$f":"IFERROR(VLOOKUP(C8518,参数!$B:$H,2,0),\"\")","v":""},{"$f":"IFERROR(VLOOKUP(C8518,参数!$B:$H,4,0),\"\")","v":""},{"$f":"IFERROR(VLOOKUP(C8518,参数!B:H,3,FALSE),\"\")","v":""},"",1]
[8518,{"$nulls":6},{"$f":"IFERROR(VLOOKUP(C8519,参数!$B:$H,2,0),\"\")","v":""},{"$f":"IFERROR(VLOOKUP(C8519,参数!$B:$H,4,0),\"\")","v":""},{"$f":"IFERROR(VLOOKUP(C8519,参数!B:H,3,FALSE),\"\")","v":""},"",1]
[8519,{"$nulls":6},{"$f":"IFERROR(VLOOKUP(C8520,参数!$B:$H,2,0),\"\")","v":""},{"$f":"IFERROR(VLOOKUP(C8520,参数!$B:$H,4,0),\"\")","v":""},{"$f":"IFERROR(VLOOKUP(C8520,参数!B:H,3,FALSE),\"\")","v":""},"",1]
[8520,{"$nulls":6},{"$f":"IFERROR(VLOOKUP(C8521,参数!$B:$H,2,0),\"\")","v":""},{"$f":"IFERROR(VLOOKUP(C8521,参数!$B:$H,4,0),\"\")","v":""},{"$f":"IFERROR(VLOOKUP(C8521,参数!B:H,3,FALSE),\"\")","v":""},"",1]
[8521,{"$nulls":6},{"$f":"IFERROR(VLOOKUP(C8522,参数!$B:$H,2,0),\"\")","v":""},{"$f":"IFERROR(VLOOKUP(C8522,参数!$B:$H,4,0),\"\")","v":""},{"$f":"IFERROR(VLOOKUP(C8522,参数!B:H,3,FALSE),\"\")","v":""},"",1]
[8522,{"$nulls":6},{"$f":"IFERROR(VLOOKUP(C8523,参数!$B:$H,2,0),\"\")","v":""},{"$f":"IFERROR(VLOOKUP(C8523,参数!$B:$H,4,0),\"\")","v":""},{"$f":"IFERROR(VLOOKUP(C8523,参数!B:H,3,FALSE),\"\")","v":""},"",1]
[8523,{"$nulls":6},{"$f":"IFERROR(VLOOKUP(C8524,参数!$B:$H,2,0),\"\")","v":""},{"$f":"IFERROR(VLOOKUP(C8524,参数!$B:$H,4,0),\"\")","v":""},{"$f":"IFERROR(VLOOKUP(C8524,参数!B:H,3,FALSE),\"\")","v":""},"",1]
[8524,{"$nulls":6},{"$f":"IFERROR(VLOOKUP(C8525,参数!$B:$H,2,0),\"\")","v":""},{"$f":"IFERROR(VLOOKUP(C8525,参数!$B:$H,4,0),\"\")","v":""},{"$f":"IFERROR(VLOOKUP(C8525,参数!B:H,3,FALSE),\"\")","v":""},"",1]
[8525,{"$nulls":6},{"$f":"IFERROR(VLOOKUP(C8526,参数!$B:$H,2,0),\"\")","v":""},{"$f":"IFERROR(VLOOKUP(C8526,参数!$B:$H,4,0),\"\")","v":""},{"$f":"IFERROR(VLOOKUP(C8526,参数!B:H,3,FALSE),\"\")","v":""},"",1]
[8526,{"$nulls":6},{"$f":"IFERROR(VLOOKUP(C8527,参数!$B:$H,2,0),\"\")","v":""},{"$f":"IFERROR(VLOOKUP(C8527,参数!$B:$H,4,0),\"\")","v":""},{"$f":"IFERROR(VLOOKUP(C8527,参数!B:H,3,FALSE),\"\")","v":""},"",1]
[8527,{"$nulls":6},{"$f":"IFERROR(VLOOKUP(C8528,参数!$B:$H,2,0),\"\")","v":""},{"$f":"IFERROR(VLOOKUP(C8528,参数!$B:$H,4,0),\"\")","v":""},{"$f":"IFERROR(VLOOKUP(C8528,参数!B:H,3,FALSE),\"\")","v":""},"",1]
[8528,{"$nulls":6},{"$f":"IFERROR(VLOOKUP(C8529,参数!$B:$H,2,0),\"\")","v":""},{"$f":"IFERROR(VLOOKUP(C8529,参数!$B:$H,4,0),\"\")","v":""},{"$f":"IFERROR(VLOOKUP(C8529,参数!B:H,3,FALSE),\"\")","v":""},"",1]
[8529,{"$nulls":6},{"$f":"IFERROR(VLOOKUP(C8530,参数!$B:$H,2,0),\"\")","v":""},{"$f":"IFERROR(VLOOKUP(C8530,参数!$B:$H,4,0),\"\")","v":""},{"$f":"IFERROR(VLOOKUP(C8530,参数!B:H,3,FALSE),\"\")","v":""},"",1]
[8530,{"$nulls":6},{"$f":"IFERROR(VLOOKUP(C8531,参数!$B:$H,2,0),\"\")","v":""},{"$f":"IFERROR(VLOOKUP(C8531,参数!$B:$H,4,0),\"\")","v":""},{"$f":"IFERROR(VLOOKUP(C8531,参数!B:H,3,FALSE),\"\")","v":""},"",1]
[8531,{"$nulls":6},{"$f":"IFERROR(VLOOKUP(C8532,参数!$B:$H,2,0),\"\")","v":""},{"$f":"IFERROR(VLOOKUP(C8532,参数!$B:$H,4,0),\"\")","v":""},{"$f":"IFERROR(VLOOKUP(C8532,参数!B:H,3,FALSE),\"\")","v":""},"",1]
[8532,{"$nulls":6},{"$f":"IFERROR(VLOOKUP(C8533,参数!$B:$H,2,0),\"\")","v":""},{"$f":"IFERROR(VLOOKUP(C8533,参数!$B:$H,4,0),\"\")","v":""},{"$f":"IFERROR(VLOOKUP(C8533,参数!B:H,3,FALSE),\"\")","v":""},"",1]
[8533,{"$nulls":6},{"$f":"IFERROR(VLOOKUP(C8534,参数!$B:$H,2,0),\"\")","v":""},{"$f":"IFERROR(VLOOKUP(C8534,参数!$B:$H,4,0),\"\")","v":""},{"$f":"IFERROR(VLOOKUP(C8534,参数!B:H,3,FALSE),\"\")","v":""},"",1]
[8534,{"$nulls":6},{"$f":"IFERROR(VLOOKUP(C8535,参数!$B:$H,2,0),\"\")","v":""},{"$f":"IFERROR(VLOOKUP(C8535,参数!$B:$H,4,0),\"\")","v":""},{"$f":"IFERROR(VLOOKUP(C8535,参数!B:H,3,FALSE),\"\")","v":""},"",1]
[8535,{"$nulls":6},{"$f":"IFERROR(VLOOKUP(C8536,参数!$B:$H,2,0),\"\")","v":""},{"$f":"IFERROR(VLOOKUP(C8536,参数!$B:$H,4,0),\"\")","v":""},{"$f":"IFERROR(VLOOKUP(C8536,参数!B:H,3,FALSE),\"\")","v":""},"",1]
[8536,{"$nulls":6},{"$f":"IFERROR(VLOOKUP(C8537,参数!$B:$H,2,0),\"\")","v":""},{"$f":"IFERROR(VLOOKUP(C8537,参数!$B:$H,4,0),\"\")","v":""},{"$f":"IFERROR(VLOOKUP(C8537,参数!B:H,3,FALSE),\"\")","v":""},"",1]
[8537,{"$nulls":6},{"$f":"IFERROR(VLOOKUP(C8538,参数!$B:$H,2,0),\"\")","v":""},{"$f":"IFERROR(VLOOKUP(C8538,参数!$B:$H,4,0),\"\")","v":""},{"$f":"IFERROR(VLOOKUP(C8538,参数!B:H,3,FALSE),\"\")","v":""},"",1]
[8538,{"$nulls":6},{"$f":"IFERROR(VLOOKUP(C8539,参数!$B:$H,2,0),\"\")","v":""},{"$f":"IFERROR(VLOOKUP(C8539,参数!$B:$H,4,0),\"\")","v":""},{"$f":"IFERROR(VLOOKUP(C8539,参数!B:H,3,FALSE),\"\")","v":""},"",1]
[8539,{"$nulls":6},{"$f":"IFERROR(VLOOKUP(C8540,参数!$B:$H,2,0),\"\")","v":""},{"$f":"IFERROR(VLOOKUP(C8540,参数!$B:$H,4,0),\"\")","v":""},{"$f":"IFERROR(VLOOKUP(C8540,参数!B:H,3,FALSE),\"\")","v":""},"",1]
[8540,{"$nulls":6},{"$f":"IFERROR(VLOOKUP(C8541,参数!$B:$H,2,0),\"\")","v":""},{"$f":"IFERROR(VLOOKUP(C8541,参数!$B:$H,4,0),\"\")","v":""},{"$f":"IFERROR(VLOOKUP(C8541,参数!B:H,3,FALSE),\"\")","v":""},"",1]
[8541,{"$nulls":6},{"$f":"IFERROR(VLOOKUP(C8542,参数!$B:$H,2,0),\"\")","v":""},{"$f":"IFERROR(VLOOKUP(C8542,参数!$B:$H,4,0),\"\")","v":""},{"$f":"IFERROR(VLOOKUP(C8542,参数!B:H,3,FALSE),\"\")","v":""},"",1]
[8542,{"$nulls":6},{"$f":"IFERROR(VLOOKUP(C8543,参数!$B:$H,2,0),\"\")","v":""},{"$f":"IFERROR(VLOOKUP(C8543,参数!$B:$H,4,0),\"\")","v":""},{"$f":"IFERROR(VLOOKUP(C8543,参数!B:H,3,FALSE),\"\")","v":""},"",1]
[8543,{"$nulls":6},{"$f":"IFERROR(VLOOKUP(C8544,参数!$B:$H,2,0),\"\")","v":""},{"$f":"IFERROR(VLOOKUP(C8544,参数!$B:$H,4,0),\"\")","v":""},{"$f":"IFERROR(VLOOKUP(C8544,参数!B:H,3,FALSE),\"\")","v":""},"",1]
[8544,{"$nulls":6},{"$f":"IFERROR(VLOOKUP(C8545,参数!$B:$H,2,0),\"\")","v":""},{"$f":"IFERROR(VLOOKUP(C8545,参数!$B:$H,4,0),\"\")","v":""},{"$f":"IFERROR(VLOOKUP(C8545,参数!B:H,3,FALSE),\"\")","v":""},"",1]
[8545,{"$nulls":6},{"$f":"IFERROR(VLOOKUP(C8546,参数!$B:$H,2,0),\"\")","v":""},{"$f":"IFERROR(VLOOKUP(C8546,参数!$B:$H,4,0),\"\")","v":""},{"$f":"IFERROR(VLOOKUP(C8546,参数!B:H,3,FALSE),\"\")","v":""},"",1]
[8546,{"$nulls":6},{"$f":"IFERROR(VLOOKUP(C8547,参数!$B:$H,2,0),\"\")","v":""},{"$f":"IFERROR(VLOOKUP(C8547,参数!$B:$H,4,0),\"\")","v":""},{"$f":"IFERROR(VLOOKUP(C8547,参数!B:H,3,FALSE),\"\")","v":""},"",1]
[8547,{"$nulls":6},{"$f":"IFERROR(VLOOKUP(C8548,参数!$B:$H,2,0),\"\")","v":""},{"$f":"IFERROR(VLOOKUP(C8548,参数!$B:$H,4,0),\"\")","v":""},{"$f":"IFERROR(VLOOKUP(C8548,参数!B:H,3,FALSE),\"\")","v":""},"",1]
[8548,{"$nulls":6},{"$f":"IFERROR(VLOOKUP(C8549,参数!$B:$H,2,0),\"\")","v":""},{"$f":"IFERROR(VLOOKUP(C8549,参数!$B:$H,4,0),\"\")","v":""},{"$f":"IFERROR(VLOOKUP(C8549,参数!B:H,3,FALSE),\"\")","v":""},{"$f":"IFERROR(J8549*E8549,\"\")","v":""},1]
[8549,{"$nulls":6},{"$f":"IFERROR(VLOOKUP(C8550,参数!$B:$H,2,0),\"\")","v":""},{"$f":"IFERROR(VLOOKUP(C8550,参数!$B:$H,4,0),\"\")","v":""},{"$f":"IFERROR(VLOOKUP(C8550,参数!B:H,3,FALSE),\"\")","v":""},"",1]
[8550,{"$nulls":6},{"$f":"IFERROR(VLOOKUP(C8551,参数!$B:$H,2,0),\"\")","v":""},{"$f":"IFERROR(VLOOKUP(C8551,参数!$B:$H,4,0),\"\")","v":""},{"$f":"IFERROR(VLOOKUP(C8551,参数!B:H,3,FALSE),\"\")","v":""},"",1]
[8551,{"$nulls":6},{"$f":"IFERROR(VLOOKUP(C8552,参数!$B:$H,2,0),\"\")","v":""},{"$f":"IFERROR(VLOOKUP(C8552,参数!$B:$H,4,0),\"\")","v":""},{"$f":"IFERROR(VLOOKUP(C8552,参数!B:H,3,FALSE),\"\")","v":""},"",1]
[8552,{"$nulls":6},{"$f":"IFERROR(VLOOKUP(C8553,参数!$B:$H,2,0),\"\")","v":""},{"$f":"IFERROR(VLOOKUP(C8553,参数!$B:$H,4,0),\"\")","v":""},{"$f":"IFERROR(VLOOKUP(C8553,参数!B:H,3,FALSE),\"\")","v":""},"",1]
[8553,{"$nulls":6},{"$f":"IFERROR(VLOOKUP(C8554,参数!$B:$H,2,0),\"\")","v":""},{"$f":"IFERROR(VLOOKUP(C8554,参数!$B:$H,4,0),\"\")","v":""},{"$f":"IFERROR(VLOOKUP(C8554,参数!B:H,3,FALSE),\"\")","v":""},"",1]
[8554,{"$nulls":6},{"$f":"IFERROR(VLOOKUP(C8555,参数!$B:$H,2,0),\"\")","v":""},{"$f":"IFERROR(VLOOKUP(C8555,参数!$B:$H,4,0),\"\")","v":""},{"$f":"IFERROR(VLOOKUP(C8555,参数!B:H,3,FALSE),\"\")","v":""},"",1]
[8555,{"$nulls":6},{"$f":"IFERROR(VLOOKUP(C8556,参数!$B:$H,2,0),\"\")","v":""},{"$f":"IFERROR(VLOOKUP(C8556,参数!$B:$H,4,0),\"\")","v":""},{"$f":"IFERROR(VLOOKUP(C8556,参数!B:H,3,FALSE),\"\")","v":""},"",1]
[8556,{"$nulls":6},{"$f":"IFERROR(VLOOKUP(C8557,参数!$B:$H,2,0),\"\")","v":""},{"$f":"IFERROR(VLOOKUP(C8557,参数!$B:$H,4,0),\"\")","v":""},{"$f":"IFERROR(VLOOKUP(C8557,参数!B:H,3,FALSE),\"\")","v":""},"",1]
[8557,{"$nulls":6},{"$f":"IFERROR(VLOOKUP(C8558,参数!$B:$H,2,0),\"\")","v":""},{"$f":"IFERROR(VLOOKUP(C8558,参数!$B:$H,4,0),\"\")","v":""},{"$f":"IFERROR(VLOOKUP(C8558,参数!B:H,3,FALSE),\"\")","v":""},"",1]
[8558,{"$nulls":6},{"$f":"IFERROR(VLOOKUP(C8559,参数!$B:$H,2,0),\"\")","v":""},{"$f":"IFERROR(VLOOKUP(C8559,参数!$B:$H,4,0),\"\")","v":""},{"$f":"IFERROR(VLOOKUP(C8559,参数!B:H,3,FALSE),\"\")","v":""},"",1]
[8559,{"$nulls":6},{"$f":"IFERROR(VLOOKUP(C8560,参数!$B:$H,2,0),\"\")","v":""},{"$f":"IFERROR(VLOOKUP(C8560,参数!$B:$H,4,0),\"\")","v":""},{"$f":"IFERROR(VLOOKUP(C8560,参数!B:H,3,FALSE),\"\")","v":""},"",1]
[8560,{"$nulls":6},{"$f":"IFERROR(VLOOKUP(C8561,参数!$B:$H,2,0),\"\")","v":""},{"$f":"IFERROR(VLOOKUP(C8561,参数!$B:$H,4,0),\"\")","v":""},{"$f":"IFERROR(VLOOKUP(C8561,参数!B:H,3,FALSE),\"\")","v":""},"",1]
[8561,{"$nulls":6},{"$f":"IFERROR(VLOOKUP(C8562,参数!$B:$H,2,0),\"\")","v":""},{"$f":"IFERROR(VLOOKUP(C8562,参数!$B:$H,4,0),\"\")","v":""},{"$f":"IFERROR(VLOOKUP(C8562,参数!B:H,3,FALSE),\"\")","v":""},"",1]
[8562,{"$nulls":6},{"$f":"IFERROR(VLOOKUP(C8563,参数!$B:$H,2,0),\"\")","v":""},{"$f":"IFERROR(VLOOKUP(C8563,参数!$B:$H,4,0),\"\")","v":""},{"$f":"IFERROR(VLOOKUP(C8563,参数!B:H,3,FALSE),\"\")","v":""},"",1]
[8563,{"$nulls":6},{"$f":"IFERROR(VLOOKUP(C8564,参数!$B:$H,2,0),\"\")","v":""},{"$f":"IFERROR(VLOOKUP(C8564,参数!$B:$H,4,0),\"\")","v":""},{"$f":"IFERROR(VLOOKUP(C8564,参数!B:H,3,FALSE),\"\")","v":""},"",1]
[8564,{"$nulls":6},{"$f":"IFERROR(VLOOKUP(C8565,参数!$B:$H,2,0),\"\")","v":""},{"$f":"IFERROR(VLOOKUP(C8565,参数!$B:$H,4,0),\"\")","v":""},{"$f":"IFERROR(VLOOKUP(C8565,参数!B:H,3,FALSE),\"\")","v":""},"",1]
[8565,{"$nulls":6},{"$f":"IFERROR(VLOOKUP(C8566,参数!$B:$H,2,0),\"\")","v":""},{"$f":"IFERROR(VLOOKUP(C8566,参数!$B:$H,4,0),\"\")","v":""},{"$f":"IFERROR(VLOOKUP(C8566,参数!B:H,3,FALSE),\"\")","v":""},"",1]
[8566,{"$nulls":6},{"$f":"IFERROR(VLOOKUP(C8567,参数!$B:$H,2,0),\"\")","v":""},{"$f":"IFERROR(VLOOKUP(C8567,参数!$B:$H,4,0),\"\")","v":""},{"$f":"IFERROR(VLOOKUP(C8567,参数!B:H,3,FALSE),\"\")","v":""},"",1]
[8567,{"$nulls":6},{"$f":"IFERROR(VLOOKUP(C8568,参数!$B:$H,2,0),\"\")","v":""},{"$f":"IFERROR(VLOOKUP(C8568,参数!$B:$H,4,0),\"\")","v":""},{"$f":"IFERROR(VLOOKUP(C8568,参数!B:H,3,FALSE),\"\")","v":""},"",1]
[8568,{"$nulls":6},{"$f":"IFERROR(VLOOKUP(C8569,参数!$B:$H,2,0),\"\")","v":""},{"$f":"IFERROR(VLOOKUP(C8569,参数!$B:$H,4,0),\"\")","v":""},{"$f":"IFERROR(VLOOKUP(C8569,参数!B:H,3,FALSE),\"\")","v":""},"",1]
[8569,{"$nulls":6},{"$f":"IFERROR(VLOOKUP(C8570,参数!$B:$H,2,0),\"\")","v":""},{"$f":"IFERROR(VLOOKUP(C8570,参数!$B:$H,4,0),\"\")","v":""},{"$f":"IFERROR(VLOOKUP(C8570,参数!B:H,3,FALSE),\"\")","v":""},"",1]
[8570,{"$nulls":6},{"$f":"IFERROR(VLOOKUP(C8571,参数!$B:$H,2,0),\"\")","v":""},{"$f":"IFERROR(VLOOKUP(C8571,参数!$B:$H,4,0),\"\")","v":""},{"$f":"IFERROR(VLOOKUP(C8571,参数!B:H,3,FALSE),\"\")","v":""},"",1]
[8571,{"$nulls":6},{"$f":"IFERROR(VLOOKUP(C8572,参数!$B:$H,2,0),\"\")","v":""},{"$f":"IFERROR(VLOOKUP(C8572,参数!$B:$H,4,0),\"\")","v":""},{"$f":"IFERROR(VLOOKUP(C8572,参数!B:H,3,FALSE),\"\")","v":""},"",1]
[8572,{"$nulls":6},{"$f":"IFERROR(VLOOKUP(C8573,参数!$B:$H,2,0),\"\")","v":""},{"$f":"IFERROR(VLOOKUP(C8573,参数!$B:$H,4,0),\"\")","v":""},{"$f":"IFERROR(VLOOKUP(C8573,参数!B:H,3,FALSE),\"\")","v":""},"",1]
[8573,{"$nulls":6},{"$f":"IFERROR(VLOOKUP(C8574,参数!$B:$H,2,0),\"\")","v":""},{"$f":"IFERROR(VLOOKUP(C8574,参数!$B:$H,4,0),\"\")","v":""},{"$f":"IFERROR(VLOOKUP(C8574,参数!B:H,3,FALSE),\"\")","v":""},"",1]
[8574,{"$nulls":6},{"$f":"IFERROR(VLOOKUP(C8575,参数!$B:$H,2,0),\"\")","v":""},{"$f":"IFERROR(VLOOKUP(C8575,参数!$B:$H,4,0),\"\")","v":""},{"$f":"IFERROR(VLOOKUP(C8575,参数!B:H,3,FALSE),\"\")","v":""},"",1]
[8575,{"$nulls":6},{"$f":"IFERROR(VLOOKUP(C8576,参数!$B:$H,2,0),\"\")","v":""},{"$f":"IFERROR(VLOOKUP(C8576,参数!$B:$H,4,0),\"\")","v":""},{"$f":"IFERROR(VLOOKUP(C8576,参数!B:H,3,FALSE),\"\")","v":""},"",1]
[8576,{"$nulls":6},{"$f":"IFERROR(VLOOKUP(C8577,参数!$B:$H,2,0),\"\")","v":""},{"$f":"IFERROR(VLOOKUP(C8577,参数!$B:$H,4,0),\"\")","v":""},{"$f":"IFERROR(VLOOKUP(C8577,参数!B:H,3,FALSE),\"\")","v":""},"",1]
[8577,{"$nulls":6},{"$f":"IFERROR(VLOOKUP(C8578,参数!$B:$H,2,0),\"\")","v":""},{"$f":"IFERROR(VLOOKUP(C8578,参数!$B:$H,4,0),\"\")","v":""},{"$f":"IFERROR(VLOOKUP(C8578,参数!B:H,3,FALSE),\"\")","v":""},"",{"$f":"VALUE(MONTH(B8578))","v":1}]
[8578,{"$nulls":6},{"$f":"IFERROR(VLOOKUP(C8579,参数!$B:$H,2,0),\"\")","v":""},{"$f":"IFERROR(VLOOKUP(C8579,参数!$B:$H,4,0),\"\")","v":""},{"$f":"IFERROR(VLOOKUP(C8579,参数!B:H,3,FALSE),\"\")","v":""},"",1]
[8579,{"$nulls":6},{"$f":"IFERROR(VLOOKUP(C8580,参数!$B:$H,2,0),\"\")","v":""},{"$f":"IFERROR(VLOOKUP(C8580,参数!$B:$H,4,0),\"\")","v":""},{"$f":"IFERROR(VLOOKUP(C8580,参数!B:H,3,FALSE),\"\")","v":""},"",1]
[8580,{"$nulls":6},{"$f":"IFERROR(VLOOKUP(C8581,参数!$B:$H,2,0),\"\")","v":""},{"$f":"IFERROR(VLOOKUP(C8581,参数!$B:$H,4,0),\"\")","v":""},{"$f":"IFERROR(VLOOKUP(C8581,参数!B:H,3,FALSE),\"\")","v":""},"",1]
[8581,{"$nulls":6},{"$f":"IFERROR(VLOOKUP(C8582,参数!$B:$H,2,0),\"\")","v":""},{"$f":"IFERROR(VLOOKUP(C8582,参数!$B:$H,4,0),\"\")","v":""},{"$f":"IFERROR(VLOOKUP(C8582,参数!B:H,3,FALSE),\"\")","v":""},"",1]
[8582,{"$nulls":6},{"$f":"IFERROR(VLOOKUP(C8583,参数!$B:$H,2,0),\"\")","v":""},{"$f":"IFERROR(VLOOKUP(C8583,参数!$B:$H,4,0),\"\")","v":""},{"$f":"IFERROR(VLOOKUP(C8583,参数!B:H,3,FALSE),\"\")","v":""},"",1]
[8583,{"$nulls":6},{"$f":"IFERROR(VLOOKUP(C8584,参数!$B:$H,2,0),\"\")","v":""},{"$f":"IFERROR(VLOOKUP(C8584,参数!$B:$H,4,0),\"\")","v":""},{"$f":"IFERROR(VLOOKUP(C8584,参数!B:H,3,FALSE),\"\")","v":""},"",1]
[8584,{"$nulls":6},{"$f":"IFERROR(VLOOKUP(C8585,参数!$B:$H,2,0),\"\")","v":""},{"$f":"IFERROR(VLOOKUP(C8585,参数!$B:$H,4,0),\"\")","v":""},{"$f":"IFERROR(VLOOKUP(C8585,参数!B:H,3,FALSE),\"\")","v":""},"",1]
[8585,{"$nulls":6},{"$f":"IFERROR(VLOOKUP(C8586,参数!$B:$H,2,0),\"\")","v":""},{"$f":"IFERROR(VLOOKUP(C8586,参数!$B:$H,4,0),\"\")","v":""},{"$f":"IFERROR(VLOOKUP(C8586,参数!B:H,3,FALSE),\"\")","v":""},"",1]
[8586,{"$nulls":6},{"$f":"IFERROR(VLOOKUP(C8587,参数!$B:$H,2,0),\"\")","v":""},{"$f":"IFERROR(VLOOKUP(C8587,参数!$B:$H,4,0),\"\")","v":""},{"$f":"IFERROR(VLOOKUP(C8587,参数!B:H,3,FALSE),\"\")","v":""},"",1]
[8587,{"$nulls":6},{"$f":"IFERROR(VLOOKUP(C8588,参数!$B:$H,2,0),\"\")","v":""},{"$f":"IFERROR(VLOOKUP(C8588,参数!$B:$H,4,0),\"\")","v":""},{"$f":"IFERROR(VLOOKUP(C8588,参数!B:H,3,FALSE),\"\")","v":""},"",1]
[8588,{"$nulls":6},{"$f":"IFERROR(VLOOKUP(C8589,参数!$B:$H,2,0),\"\")","v":""},{"$f":"IFERROR(VLOOKUP(C8589,参数!$B:$H,4,0),\"\")","v":""},{"$f":"IFERROR(VLOOKUP(C8589,参数!B:H,3,FALSE),\"\")","v":""},"",1]
[8589,{"$nulls":6},{"$f":"IFERROR(VLOOKUP(C8590,参数!$B:$H,2,0),\"\")","v":""},{"$f":"IFERROR(VLOOKUP(C8590,参数!$B:$H,4,0),\"\")","v":""},{"$f":"IFERROR(VLOOKUP(C8590,参数!B:H,3,FALSE),\"\")","v":""},"",1]
[8590,{"$nulls":6},{"$f":"IFERROR(VLOOKUP(C8591,参数!$B:$H,2,0),\"\")","v":""},{"$f":"IFERROR(VLOOKUP(C8591,参数!$B:$H,4,0),\"\")","v":""},{"$f":"IFERROR(VLOOKUP(C8591,参数!B:H,3,FALSE),\"\")","v":""},"",1]
[8591,{"$nulls":6},{"$f":"IFERROR(VLOOKUP(C8592,参数!$B:$H,2,0),\"\")","v":""},{"$f":"IFERROR(VLOOKUP(C8592,参数!$B:$H,4,0),\"\")","v":""},{"$f":"IFERROR(VLOOKUP(C8592,参数!B:H,3,FALSE),\"\")","v":""},"",1]
[8592,{"$nulls":6},{"$f":"IFERROR(VLOOKUP(C8593,参数!$B:$H,2,0),\"\")","v":""},{"$f":"IFERROR(VLOOKUP(C8593,参数!$B:$H,4,0),\"\")","v":""},{"$f":"IFERROR(VLOOKUP(C8593,参数!B:H,3,FALSE),\"\")","v":""},"",1]
[8593,{"$nulls":6},{"$f":"IFERROR(VLOOKUP(C8594,参数!$B:$H,2,0),\"\")","v":""},{"$f":"IFERROR(VLOOKUP(C8594,参数!$B:$H,4,0),\"\")","v":""},{"$f":"IFERROR(VLOOKUP(C8594,参数!B:H,3,FALSE),\"\")","v":""},"",1]
[8594,{"$nulls":6},{"$f":"IFERROR(VLOOKUP(C8595,参数!$B:$H,2,0),\"\")","v":""},{"$f":"IFERROR(VLOOKUP(C8595,参数!$B:$H,4,0),\"\")","v":""},{"$f":"IFERROR(VLOOKUP(C8595,参数!B:H,3,FALSE),\"\")","v":""},"",1]
[8595,{"$nulls":6},{"$f":"IFERROR(VLOOKUP(C8596,参数!$B:$H,2,0),\"\")","v":""},{"$f":"IFERROR(VLOOKUP(C8596,参数!$B:$H,4,0),\"\")","v":""},{"$f":"IFERROR(VLOOKUP(C8596,参数!B:H,3,FALSE),\"\")","v":""},"",1]
[8596,{"$nulls":6},{"$f":"IFERROR(VLOOKUP(C8597,参数!$B:$H,2,0),\"\")","v":""},{"$f":"IFERROR(VLOOKUP(C8597,参数!$B:$H,4,0),\"\")","v":""},{"$f":"IFERROR(VLOOKUP(C8597,参数!B:H,3,FALSE),\"\")","v":""},"",1]
[8597,{"$nulls":6},{"$f":"IFERROR(VLOOKUP(C8598,参数!$B:$H,2,0),\"\")","v":""},{"$f":"IFERROR(VLOOKUP(C8598,参数!$B:$H,4,0),\"\")","v":""},{"$f":"IFERROR(VLOOKUP(C8598,参数!B:H,3,FALSE),\"\")","v":""},"",1]
[8598,{"$nulls":6},{"$f":"IFERROR(VLOOKUP(C8599,参数!$B:$H,2,0),\"\")","v":""},{"$f":"IFERROR(VLOOKUP(C8599,参数!$B:$H,4,0),\"\")","v":""},{"$f":"IFERROR(VLOOKUP(C8599,参数!B:H,3,FALSE),\"\")","v":""},"",1]
[8599,{"$nulls":6},{"$f":"IFERROR(VLOOKUP(C8600,参数!$B:$H,2,0),\"\")","v":""},{"$f":"IFERROR(VLOOKUP(C8600,参数!$B:$H,4,0),\"\")","v":""},{"$f":"IFERROR(VLOOKUP(C8600,参数!B:H,3,FALSE),\"\")","v":""},"",1]
[8600,{"$nulls":6},{"$f":"IFERROR(VLOOKUP(C8601,参数!$B:$H,2,0),\"\")","v":""},{"$f":"IFERROR(VLOOKUP(C8601,参数!$B:$H,4,0),\"\")","v":""},{"$f":"IFERROR(VLOOKUP(C8601,参数!B:H,3,FALSE),\"\")","v":""},"",1]
[8601,{"$nulls":6},{"$f":"IFERROR(VLOOKUP(C8602,参数!$B:$H,2,0),\"\")","v":""},{"$f":"IFERROR(VLOOKUP(C8602,参数!$B:$H,4,0),\"\")","v":""},{"$f":"IFERROR(VLOOKUP(C8602,参数!B:H,3,FALSE),\"\")","v":""},"",1]
[8602,{"$nulls":6},{"$f":"IFERROR(VLOOKUP(C8603,参数!$B:$H,2,0),\"\")","v":""},{"$f":"IFERROR(VLOOKUP(C8603,参数!$B:$H,4,0),\"\")","v":""},{"$f":"IFERROR(VLOOKUP(C8603,参数!B:H,3,FALSE),\"\")","v":""},"",1]
[8603,{"$nulls":6},{"$f":"IFERROR(VLOOKUP(C8604,参数!$B:$H,2,0),\"\")","v":""},{"$f":"IFERROR(VLOOKUP(C8604,参数!$B:$H,4,0),\"\")","v":""},{"$f":"IFERROR(VLOOKUP(C8604,参数!B:H,3,FALSE),\"\")","v":""},"",1]
[8604,{"$nulls":6},{"$f":"IFERROR(VLOOKUP(C8605,参数!$B:$H,2,0),\"\")","v":""},{"$f":"IFERROR(VLOOKUP(C8605,参数!$B:$H,4,0),\"\")","v":""},{"$f":"IFERROR(VLOOKUP(C8605,参数!B:H,3,FALSE),\"\")","v":""},"",1]
[8605,{"$nulls":6},{"$f":"IFERROR(VLOOKUP(C8606,参数!$B:$H,2,0),\"\")","v":""},{"$f":"IFERROR(VLOOKUP(C8606,参数!$B:$H,4,0),\"\")","v":""},{"$f":"IFERROR(VLOOKUP(C8606,参数!B:H,3,FALSE),\"\")","v":""},"",1]
[8606,{"$nulls":6},{"$f":"IFERROR(VLOOKUP(C8607,参数!$B:$H,2,0),\"\")","v":""},{"$f":"IFERROR(VLOOKUP(C8607,参数!$B:$H,4,0),\"\")","v":""},{"$f":"IFERROR(VLOOKUP(C8607,参数!B:H,3,FALSE),\"\")","v":""},"",1]
[8607,{"$nulls":6},{"$f":"IFERROR(VLOOKUP(C8608,参数!$B:$H,2,0),\"\")","v":""},{"$f":"IFERROR(VLOOKUP(C8608,参数!$B:$H,4,0),\"\")","v":""},{"$f":"IFERROR(VLOOKUP(C8608,参数!B:H,3,FALSE),\"\")","v":""},"",1]
[8608,{"$nulls":6},{"$f":"IFERROR(VLOOKUP(C8609,参数!$B:$H,2,0),\"\")","v":""},{"$f":"IFERROR(VLOOKUP(C8609,参数!$B:$H,4,0),\"\")","v":""},{"$f":"IFERROR(VLOOKUP(C8609,参数!B:H,3,FALSE),\"\")","v":""},"",1]
[8609,{"$nulls":6},{"$f":"IFERROR(VLOOKUP(C8610,参数!$B:$H,2,0),\"\")","v":""},{"$f":"IFERROR(VLOOKUP(C8610,参数!$B:$H,4,0),\"\")","v":""},{"$f":"IFERROR(VLOOKUP(C8610,参数!B:H,3,FALSE),\"\")","v":""},"",1]
[8610,{"$nulls":6},{"$f":"IFERROR(VLOOKUP(C8611,参数!$B:$H,2,0),\"\")","v":""},{"$f":"IFERROR(VLOOKUP(C8611,参数!$B:$H,4,0),\"\")","v":""},{"$f":"IFERROR(VLOOKUP(C8611,参数!B:H,3,FALSE),\"\")","v":""},"",1]
[8611,{"$nulls":6},{"$f":"IFERROR(VLOOKUP(C8612,参数!$B:$H,2,0),\"\")","v":""},{"$f":"IFERROR(VLOOKUP(C8612,参数!$B:$H,4,0),\"\")","v":""},{"$f":"IFERROR(VLOOKUP(C8612,参数!B:H,3,FALSE),\"\")","v":""},"",1]
[8612,{"$nulls":6},{"$f":"IFERROR(VLOOKUP(C8613,参数!$B:$H,2,0),\"\")","v":""},{"$f":"IFERROR(VLOOKUP(C8613,参数!$B:$H,4,0),\"\")","v":""},{"$f":"IFERROR(VLOOKUP(C8613,参数!B:H,3,FALSE),\"\")","v":""},{"$f":"IFERROR(J8613*E8613,\"\")","v":""},1]
[8613,{"$nulls":6},{"$f":"IFERROR(VLOOKUP(C8614,参数!$B:$H,2,0),\"\")","v":""},{"$f":"IFERROR(VLOOKUP(C8614,参数!$B:$H,4,0),\"\")","v":""},{"$f":"IFERROR(VLOOKUP(C8614,参数!B:H,3,FALSE),\"\")","v":""},"",1]
[8614,{"$nulls":6},{"$f":"IFERROR(VLOOKUP(C8615,参数!$B:$H,2,0),\"\")","v":""},{"$f":"IFERROR(VLOOKUP(C8615,参数!$B:$H,4,0),\"\")","v":""},{"$f":"IFERROR(VLOOKUP(C8615,参数!B:H,3,FALSE),\"\")","v":""},"",1]
[8615,{"$nulls":6},{"$f":"IFERROR(VLOOKUP(C8616,参数!$B:$H,2,0),\"\")","v":""},{"$f":"IFERROR(VLOOKUP(C8616,参数!$B:$H,4,0),\"\")","v":""},{"$f":"IFERROR(VLOOKUP(C8616,参数!B:H,3,FALSE),\"\")","v":""},"",1]
[8616,{"$nulls":6},{"$f":"IFERROR(VLOOKUP(C8617,参数!$B:$H,2,0),\"\")","v":""},{"$f":"IFERROR(VLOOKUP(C8617,参数!$B:$H,4,0),\"\")","v":""},{"$f":"IFERROR(VLOOKUP(C8617,参数!B:H,3,FALSE),\"\")","v":""},"",1]
[8617,{"$nulls":6},{"$f":"IFERROR(VLOOKUP(C8618,参数!$B:$H,2,0),\"\")","v":""},{"$f":"IFERROR(VLOOKUP(C8618,参数!$B:$H,4,0),\"\")","v":""},{"$f":"IFERROR(VLOOKUP(C8618,参数!B:H,3,FALSE),\"\")","v":""},"",1]
[8618,{"$nulls":6},{"$f":"IFERROR(VLOOKUP(C8619,参数!$B:$H,2,0),\"\")","v":""},{"$f":"IFERROR(VLOOKUP(C8619,参数!$B:$H,4,0),\"\")","v":""},{"$f":"IFERROR(VLOOKUP(C8619,参数!B:H,3,FALSE),\"\")","v":""},"",1]
[8619,{"$nulls":6},{"$f":"IFERROR(VLOOKUP(C8620,参数!$B:$H,2,0),\"\")","v":""},{"$f":"IFERROR(VLOOKUP(C8620,参数!$B:$H,4,0),\"\")","v":""},{"$f":"IFERROR(VLOOKUP(C8620,参数!B:H,3,FALSE),\"\")","v":""},"",1]
[8620,{"$nulls":6},{"$f":"IFERROR(VLOOKUP(C8621,参数!$B:$H,2,0),\"\")","v":""},{"$f":"IFERROR(VLOOKUP(C8621,参数!$B:$H,4,0),\"\")","v":""},{"$f":"IFERROR(VLOOKUP(C8621,参数!B:H,3,FALSE),\"\")","v":""},"",1]
[8621,{"$nulls":6},{"$f":"IFERROR(VLOOKUP(C8622,参数!$B:$H,2,0),\"\")","v":""},{"$f":"IFERROR(VLOOKUP(C8622,参数!$B:$H,4,0),\"\")","v":""},{"$f":"IFERROR(VLOOKUP(C8622,参数!B:H,3,FALSE),\"\")","v":""},"",1]
[8622,{"$nulls":6},{"$f":"IFERROR(VLOOKUP(C8623,参数!$B:$H,2,0),\"\")","v":""},{"$f":"IFERROR(VLOOKUP(C8623,参数!$B:$H,4,0),\"\")","v":""},{"$f":"IFERROR(VLOOKUP(C8623,参数!B:H,3,FALSE),\"\")","v":""},"",1]
[8623,{"$nulls":6},{"$f":"IFERROR(VLOOKUP(C8624,参数!$B:$H,2,0),\"\")","v":""},{"$f":"IFERROR(VLOOKUP(C8624,参数!$B:$H,4,0),\"\")","v":""},{"$f":"IFERROR(VLOOKUP(C8624,参数!B:H,3,FALSE),\"\")","v":""},"",1]
[8624,{"$nulls":6},{"$f":"IFERROR(VLOOKUP(C8625,参数!$B:$H,2,0),\"\")","v":""},{"$f":"IFERROR(VLOOKUP(C8625,参数!$B:$H,4,0),\"\")","v":""},{"$f":"IFERROR(VLOOKUP(C8625,参数!B:H,3,FALSE),\"\")","v":""},"",1]
[8625,{"$nulls":6},{"$f":"IFERROR(VLOOKUP(C8626,参数!$B:$H,2,0),\"\")","v":""},{"$f":"IFERROR(VLOOKUP(C8626,参数!$B:$H,4,0),\"\")","v":""},{"$f":"IFERROR(VLOOKUP(C8626,参数!B:H,3,FALSE),\"\")","v":""},"",1]
[8626,{"$nulls":6},{"$f":"IFERROR(VLOOKUP(C8627,参数!$B:$H,2,0),\"\")","v":""},{"$f":"IFERROR(VLOOKUP(C8627,参数!$B:$H,4,0),\"\")","v":""},{"$f":"IFERROR(VLOOKUP(C8627,参数!B:H,3,FALSE),\"\")","v":""},"",1]
[8627,{"$nulls":6},{"$f":"IFERROR(VLOOKUP(C8628,参数!$B:$H,2,0),\"\")","v":""},{"$f":"IFERROR(VLOOKUP(C8628,参数!$B:$H,4,0),\"\")","v":""},{"$f":"IFERROR(VLOOKUP(C8628,参数!B:H,3,FALSE),\"\")","v":""},"",1]
[8628,{"$nulls":6},{"$f":"IFERROR(VLOOKUP(C8629,参数!$B:$H,2,0),\"\")","v":""},{"$f":"IFERROR(VLOOKUP(C8629,参数!$B:$H,4,0),\"\")","v":""},{"$f":"IFERROR(VLOOKUP(C8629,参数!B:H,3,FALSE),\"\")","v":""},"",1]
[8629,{"$nulls":6},{"$f":"IFERROR(VLOOKUP(C8630,参数!$B:$H,2,0),\"\")","v":""},{"$f":"IFERROR(VLOOKUP(C8630,参数!$B:$H,4,0),\"\")","v":""},{"$f":"IFERROR(VLOOKUP(C8630,参数!B:H,3,FALSE),\"\")","v":""},"",1]
[8630,{"$nulls":6},{"$f":"IFERROR(VLOOKUP(C8631,参数!$B:$H,2,0),\"\")","v":""},{"$f":"IFERROR(VLOOKUP(C8631,参数!$B:$H,4,0),\"\")","v":""},{"$f":"IFERROR(VLOOKUP(C8631,参数!B:H,3,FALSE),\"\")","v":""},"",1]
[8631,{"$nulls":6},{"$f":"IFERROR(VLOOKUP(C8632,参数!$B:$H,2,0),\"\")","v":""},{"$f":"IFERROR(VLOOKUP(C8632,参数!$B:$H,4,0),\"\")","v":""},{"$f":"IFERROR(VLOOKUP(C8632,参数!B:H,3,FALSE),\"\")","v":""},"",1]
[8632,{"$nulls":6},{"$f":"IFERROR(VLOOKUP(C8633,参数!$B:$H,2,0),\"\")","v":""},{"$f":"IFERROR(VLOOKUP(C8633,参数!$B:$H,4,0),\"\")","v":""},{"$f":"IFERROR(VLOOKUP(C8633,参数!B:H,3,FALSE),\"\")","v":""},"",1]
[8633,{"$nulls":6},{"$f":"IFERROR(VLOOKUP(C8634,参数!$B:$H,2,0),\"\")","v":""},{"$f":"IFERROR(VLOOKUP(C8634,参数!$B:$H,4,0),\"\")","v":""},{"$f":"IFERROR(VLOOKUP(C8634,参数!B:H,3,FALSE),\"\")","v":""},"",1]
[8634,{"$nulls":6},{"$f":"IFERROR(VLOOKUP(C8635,参数!$B:$H,2,0),\"\")","v":""},{"$f":"IFERROR(VLOOKUP(C8635,参数!$B:$H,4,0),\"\")","v":""},{"$f":"IFERROR(VLOOKUP(C8635,参数!B:H,3,FALSE),\"\")","v":""},"",1]
[8635,{"$nulls":6},{"$f":"IFERROR(VLOOKUP(C8636,参数!$B:$H,2,0),\"\")","v":""},{"$f":"IFERROR(VLOOKUP(C8636,参数!$B:$H,4,0),\"\")","v":""},{"$f":"IFERROR(VLOOKUP(C8636,参数!B:H,3,FALSE),\"\")","v":""},"",1]
[8636,{"$nulls":6},{"$f":"IFERROR(VLOOKUP(C8637,参数!$B:$H,2,0),\"\")","v":""},{"$f":"IFERROR(VLOOKUP(C8637,参数!$B:$H,4,0),\"\")","v":""},{"$f":"IFERROR(VLOOKUP(C8637,参数!B:H,3,FALSE),\"\")","v":""},"",1]
[8637,{"$nulls":6},{"$f":"IFERROR(VLOOKUP(C8638,参数!$B:$H,2,0),\"\")","v":""},{"$f":"IFERROR(VLOOKUP(C8638,参数!$B:$H,4,0),\"\")","v":""},{"$f":"IFERROR(VLOOKUP(C8638,参数!B:H,3,FALSE),\"\")","v":""},"",1]
[8638,{"$nulls":6},{"$f":"IFERROR(VLOOKUP(C8639,参数!$B:$H,2,0),\"\")","v":""},{"$f":"IFERROR(VLOOKUP(C8639,参数!$B:$H,4,0),\"\")","v":""},{"$f":"IFERROR(VLOOKUP(C8639,参数!B:H,3,FALSE),\"\")","v":""},"",1]
[8639,{"$nulls":6},{"$f":"IFERROR(VLOOKUP(C8640,参数!$B:$H,2,0),\"\")","v":""},{"$f":"IFERROR(VLOOKUP(C8640,参数!$B:$H,4,0),\"\")","v":""},{"$f":"IFERROR(VLOOKUP(C8640,参数!B:H,3,FALSE),\"\")","v":""},"",1]
[8640,{"$nulls":6},{"$f":"IFERROR(VLOOKUP(C8641,参数!$B:$H,2,0),\"\")","v":""},{"$f":"IFERROR(VLOOKUP(C8641,参数!$B:$H,4,0),\"\")","v":""},{"$f":"IFERROR(VLOOKUP(C8641,参数!B:H,3,FALSE),\"\")","v":""},"",1]
[8641,{"$nulls":6},{"$f":"IFERROR(VLOOKUP(C8642,参数!$B:$H,2,0),\"\")","v":""},{"$f":"IFERROR(VLOOKUP(C8642,参数!$B:$H,4,0),\"\")","v":""},{"$f":"IFERROR(VLOOKUP(C8642,参数!B:H,3,FALSE),\"\")","v":""},"",{"$f":"VALUE(MONTH(B8642))","v":1}]
[8642,{"$nulls":6},{"$f":"IFERROR(VLOOKUP(C8643,参数!$B:$H,2,0),\"\")","v":""},{"$f":"IFERROR(VLOOKUP(C8643,参数!$B:$H,4,0),\"\")","v":""},{"$f":"IFERROR(VLOOKUP(C8643,参数!B:H,3,FALSE),\"\")","v":""},"",1]
[8643,{"$nulls":6},{"$f":"IFERROR(VLOOKUP(C8644,参数!$B:$H,2,0),\"\")","v":""},{"$f":"IFERROR(VLOOKUP(C8644,参数!$B:$H,4,0),\"\")","v":""},{"$f":"IFERROR(VLOOKUP(C8644,参数!B:H,3,FALSE),\"\")","v":""},"",1]
[8644,{"$nulls":6},{"$f":"IFERROR(VLOOKUP(C8645,参数!$B:$H,2,0),\"\")","v":""},{"$f":"IFERROR(VLOOKUP(C8645,参数!$B:$H,4,0),\"\")","v":""},{"$f":"IFERROR(VLOOKUP(C8645,参数!B:H,3,FALSE),\"\")","v":""},"",1]
[8645,{"$nulls":6},{"$f":"IFERROR(VLOOKUP(C8646,参数!$B:$H,2,0),\"\")","v":""},{"$f":"IFERROR(VLOOKUP(C8646,参数!$B:$H,4,0),\"\")","v":""},{"$f":"IFERROR(VLOOKUP(C8646,参数!B:H,3,FALSE),\"\")","v":""},"",1]
[8646,{"$nulls":6},{"$f":"IFERROR(VLOOKUP(C8647,参数!$B:$H,2,0),\"\")","v":""},{"$f":"IFERROR(VLOOKUP(C8647,参数!$B:$H,4,0),\"\")","v":""},{"$f":"IFERROR(VLOOKUP(C8647,参数!B:H,3,FALSE),\"\")","v":""},"",1]
[8647,{"$nulls":6},{"$f":"IFERROR(VLOOKUP(C8648,参数!$B:$H,2,0),\"\")","v":""},{"$f":"IFERROR(VLOOKUP(C8648,参数!$B:$H,4,0),\"\")","v":""},{"$f":"IFERROR(VLOOKUP(C8648,参数!B:H,3,FALSE),\"\")","v":""},"",1]
[8648,{"$nulls":6},{"$f":"IFERROR(VLOOKUP(C8649,参数!$B:$H,2,0),\"\")","v":""},{"$f":"IFERROR(VLOOKUP(C8649,参数!$B:$H,4,0),\"\")","v":""},{"$f":"IFERROR(VLOOKUP(C8649,参数!B:H,3,FALSE),\"\")","v":""},"",1]
[8649,{"$nulls":6},{"$f":"IFERROR(VLOOKUP(C8650,参数!$B:$H,2,0),\"\")","v":""},{"$f":"IFERROR(VLOOKUP(C8650,参数!$B:$H,4,0),\"\")","v":""},{"$f":"IFERROR(VLOOKUP(C8650,参数!B:H,3,FALSE),\"\")","v":""},"",1]
[8650,{"$nulls":6},{"$f":"IFERROR(VLOOKUP(C8651,参数!$B:$H,2,0),\"\")","v":""},{"$f":"IFERROR(VLOOKUP(C8651,参数!$B:$H,4,0),\"\")","v":""},{"$f":"IFERROR(VLOOKUP(C8651,参数!B:H,3,FALSE),\"\")","v":""},"",1]
[8651,{"$nulls":6},{"$f":"IFERROR(VLOOKUP(C8652,参数!$B:$H,2,0),\"\")","v":""},{"$f":"IFERROR(VLOOKUP(C8652,参数!$B:$H,4,0),\"\")","v":""},{"$f":"IFERROR(VLOOKUP(C8652,参数!B:H,3,FALSE),\"\")","v":""},"",1]
[8652,{"$nulls":6},{"$f":"IFERROR(VLOOKUP(C8653,参数!$B:$H,2,0),\"\")","v":""},{"$f":"IFERROR(VLOOKUP(C8653,参数!$B:$H,4,0),\"\")","v":""},{"$f":"IFERROR(VLOOKUP(C8653,参数!B:H,3,FALSE),\"\")","v":""},"",1]
[8653,{"$nulls":6},{"$f":"IFERROR(VLOOKUP(C8654,参数!$B:$H,2,0),\"\")","v":""},{"$f":"IFERROR(VLOOKUP(C8654,参数!$B:$H,4,0),\"\")","v":""},{"$f":"IFERROR(VLOOKUP(C8654,参数!B:H,3,FALSE),\"\")","v":""},"",1]
[8654,{"$nulls":6},{"$f":"IFERROR(VLOOKUP(C8655,参数!$B:$H,2,0),\"\")","v":""},{"$f":"IFERROR(VLOOKUP(C8655,参数!$B:$H,4,0),\"\")","v":""},{"$f":"IFERROR(VLOOKUP(C8655,参数!B:H,3,FALSE),\"\")","v":""},"",1]
[8655,{"$nulls":6},{"$f":"IFERROR(VLOOKUP(C8656,参数!$B:$H,2,0),\"\")","v":""},{"$f":"IFERROR(VLOOKUP(C8656,参数!$B:$H,4,0),\"\")","v":""},{"$f":"IFERROR(VLOOKUP(C8656,参数!B:H,3,FALSE),\"\")","v":""},"",1]
[8656,{"$nulls":6},{"$f":"IFERROR(VLOOKUP(C8657,参数!$B:$H,2,0),\"\")","v":""},{"$f":"IFERROR(VLOOKUP(C8657,参数!$B:$H,4,0),\"\")","v":""},{"$f":"IFERROR(VLOOKUP(C8657,参数!B:H,3,FALSE),\"\")","v":""},"",1]
[8657,{"$nulls":6},{"$f":"IFERROR(VLOOKUP(C8658,参数!$B:$H,2,0),\"\")","v":""},{"$f":"IFERROR(VLOOKUP(C8658,参数!$B:$H,4,0),\"\")","v":""},{"$f":"IFERROR(VLOOKUP(C8658,参数!B:H,3,FALSE),\"\")","v":""},"",1]
[8658,{"$nulls":6},{"$f":"IFERROR(VLOOKUP(C8659,参数!$B:$H,2,0),\"\")","v":""},{"$f":"IFERROR(VLOOKUP(C8659,参数!$B:$H,4,0),\"\")","v":""},{"$f":"IFERROR(VLOOKUP(C8659,参数!B:H,3,FALSE),\"\")","v":""},"",1]
[8659,{"$nulls":6},{"$f":"IFERROR(VLOOKUP(C8660,参数!$B:$H,2,0),\"\")","v":""},{"$f":"IFERROR(VLOOKUP(C8660,参数!$B:$H,4,0),\"\")","v":""},{"$f":"IFERROR(VLOOKUP(C8660,参数!B:H,3,FALSE),\"\")","v":""},"",1]
[8660,{"$nulls":6},{"$f":"IFERROR(VLOOKUP(C8661,参数!$B:$H,2,0),\"\")","v":""},{"$f":"IFERROR(VLOOKUP(C8661,参数!$B:$H,4,0),\"\")","v":""},{"$f":"IFERROR(VLOOKUP(C8661,参数!B:H,3,FALSE),\"\")","v":""},"",1]
[8661,{"$nulls":6},{"$f":"IFERROR(VLOOKUP(C8662,参数!$B:$H,2,0),\"\")","v":""},{"$f":"IFERROR(VLOOKUP(C8662,参数!$B:$H,4,0),\"\")","v":""},{"$f":"IFERROR(VLOOKUP(C8662,参数!B:H,3,FALSE),\"\")","v":""},"",1]
[8662,{"$nulls":6},{"$f":"IFERROR(VLOOKUP(C8663,参数!$B:$H,2,0),\"\")","v":""},{"$f":"IFERROR(VLOOKUP(C8663,参数!$B:$H,4,0),\"\")","v":""},{"$f":"IFERROR(VLOOKUP(C8663,参数!B:H,3,FALSE),\"\")","v":""},"",1]
[8663,{"$nulls":6},{"$f":"IFERROR(VLOOKUP(C8664,参数!$B:$H,2,0),\"\")","v":""},{"$f":"IFERROR(VLOOKUP(C8664,参数!$B:$H,4,0),\"\")","v":""},{"$f":"IFERROR(VLOOKUP(C8664,参数!B:H,3,FALSE),\"\")","v":""},"",1]
[8664,{"$nulls":6},{"$f":"IFERROR(VLOOKUP(C8665,参数!$B:$H,2,0),\"\")","v":""},{"$f":"IFERROR(VLOOKUP(C8665,参数!$B:$H,4,0),\"\")","v":""},{"$f":"IFERROR(VLOOKUP(C8665,参数!B:H,3,FALSE),\"\")","v":""},"",1]
[8665,{"$nulls":6},{"$f":"IFERROR(VLOOKUP(C8666,参数!$B:$H,2,0),\"\")","v":""},{"$f":"IFERROR(VLOOKUP(C8666,参数!$B:$H,4,0),\"\")","v":""},{"$f":"IFERROR(VLOOKUP(C8666,参数!B:H,3,FALSE),\"\")","v":""},"",1]
[8666,{"$nulls":6},{"$f":"IFERROR(VLOOKUP(C8667,参数!$B:$H,2,0),\"\")","v":""},{"$f":"IFERROR(VLOOKUP(C8667,参数!$B:$H,4,0),\"\")","v":""},{"$f":"IFERROR(VLOOKUP(C8667,参数!B:H,3,FALSE),\"\")","v":""},"",1]
[8667,{"$nulls":6},{"$f":"IFERROR(VLOOKUP(C8668,参数!$B:$H,2,0),\"\")","v":""},{"$f":"IFERROR(VLOOKUP(C8668,参数!$B:$H,4,0),\"\")","v":""},{"$f":"IFERROR(VLOOKUP(C8668,参数!B:H,3,FALSE),\"\")","v":""},"",1]
[8668,{"$nulls":6},{"$f":"IFERROR(VLOOKUP(C8669,参数!$B:$H,2,0),\"\")","v":""},{"$f":"IFERROR(VLOOKUP(C8669,参数!$B:$H,4,0),\"\")","v":""},{"$f":"IFERROR(VLOOKUP(C8669,参数!B:H,3,FALSE),\"\")","v":""},"",1]
[8669,{"$nulls":6},{"$f":"IFERROR(VLOOKUP(C8670,参数!$B:$H,2,0),\"\")","v":""},{"$f":"IFERROR(VLOOKUP(C8670,参数!$B:$H,4,0),\"\")","v":""},{"$f":"IFERROR(VLOOKUP(C8670,参数!B:H,3,FALSE),\"\")","v":""},"",1]
[8670,{"$nulls":6},{"$f":"IFERROR(VLOOKUP(C8671,参数!$B:$H,2,0),\"\")","v":""},{"$f":"IFERROR(VLOOKUP(C8671,参数!$B:$H,4,0),\"\")","v":""},{"$f":"IFERROR(VLOOKUP(C8671,参数!B:H,3,FALSE),\"\")","v":""},"",1]
[8671,{"$nulls":6},{"$f":"IFERROR(VLOOKUP(C8672,参数!$B:$H,2,0),\"\")","v":""},{"$f":"IFERROR(VLOOKUP(C8672,参数!$B:$H,4,0),\"\")","v":""},{"$f":"IFERROR(VLOOKUP(C8672,参数!B:H,3,FALSE),\"\")","v":""},"",1]
[8672,{"$nulls":6},{"$f":"IFERROR(VLOOKUP(C8673,参数!$B:$H,2,0),\"\")","v":""},{"$f":"IFERROR(VLOOKUP(C8673,参数!$B:$H,4,0),\"\")","v":""},{"$f":"IFERROR(VLOOKUP(C8673,参数!B:H,3,FALSE),\"\")","v":""},"",1]
[8673,{"$nulls":6},{"$f":"IFERROR(VLOOKUP(C8674,参数!$B:$H,2,0),\"\")","v":""},{"$f":"IFERROR(VLOOKUP(C8674,参数!$B:$H,4,0),\"\")","v":""},{"$f":"IFERROR(VLOOKUP(C8674,参数!B:H,3,FALSE),\"\")","v":""},"",1]
[8674,{"$nulls":6},{"$f":"IFERROR(VLOOKUP(C8675,参数!$B:$H,2,0),\"\")","v":""},{"$f":"IFERROR(VLOOKUP(C8675,参数!$B:$H,4,0),\"\")","v":""},{"$f":"IFERROR(VLOOKUP(C8675,参数!B:H,3,FALSE),\"\")","v":""},"",1]
[8675,{"$nulls":6},{"$f":"IFERROR(VLOOKUP(C8676,参数!$B:$H,2,0),\"\")","v":""},{"$f":"IFERROR(VLOOKUP(C8676,参数!$B:$H,4,0),\"\")","v":""},{"$f":"IFERROR(VLOOKUP(C8676,参数!B:H,3,FALSE),\"\")","v":""},"",1]
[8676,{"$nulls":6},{"$f":"IFERROR(VLOOKUP(C8677,参数!$B:$H,2,0),\"\")","v":""},{"$f":"IFERROR(VLOOKUP(C8677,参数!$B:$H,4,0),\"\")","v":""},{"$f":"IFERROR(VLOOKUP(C8677,参数!B:H,3,FALSE),\"\")","v":""},{"$f":"IFERROR(J8677*E8677,\"\")","v":""},1]
[8677,{"$nulls":6},{"$f":"IFERROR(VLOOKUP(C8678,参数!$B:$H,2,0),\"\")","v":""},{"$f":"IFERROR(VLOOKUP(C8678,参数!$B:$H,4,0),\"\")","v":""},{"$f":"IFERROR(VLOOKUP(C8678,参数!B:H,3,FALSE),\"\")","v":""},"",1]
[8678,{"$nulls":6},{"$f":"IFERROR(VLOOKUP(C8679,参数!$B:$H,2,0),\"\")","v":""},{"$f":"IFERROR(VLOOKUP(C8679,参数!$B:$H,4,0),\"\")","v":""},{"$f":"IFERROR(VLOOKUP(C8679,参数!B:H,3,FALSE),\"\")","v":""},"",1]
[8679,{"$nulls":6},{"$f":"IFERROR(VLOOKUP(C8680,参数!$B:$H,2,0),\"\")","v":""},{"$f":"IFERROR(VLOOKUP(C8680,参数!$B:$H,4,0),\"\")","v":""},{"$f":"IFERROR(VLOOKUP(C8680,参数!B:H,3,FALSE),\"\")","v":""},"",1]
[8680,{"$nulls":6},{"$f":"IFERROR(VLOOKUP(C8681,参数!$B:$H,2,0),\"\")","v":""},{"$f":"IFERROR(VLOOKUP(C8681,参数!$B:$H,4,0),\"\")","v":""},{"$f":"IFERROR(VLOOKUP(C8681,参数!B:H,3,FALSE),\"\")","v":""},"",1]
[8681,{"$nulls":6},{"$f":"IFERROR(VLOOKUP(C8682,参数!$B:$H,2,0),\"\")","v":""},{"$f":"IFERROR(VLOOKUP(C8682,参数!$B:$H,4,0),\"\")","v":""},{"$f":"IFERROR(VLOOKUP(C8682,参数!B:H,3,FALSE),\"\")","v":""},"",1]
[8682,{"$nulls":6},{"$f":"IFERROR(VLOOKUP(C8683,参数!$B:$H,2,0),\"\")","v":""},{"$f":"IFERROR(VLOOKUP(C8683,参数!$B:$H,4,0),\"\")","v":""},{"$f":"IFERROR(VLOOKUP(C8683,参数!B:H,3,FALSE),\"\")","v":""},"",1]
[8683,{"$nulls":6},{"$f":"IFERROR(VLOOKUP(C8684,参数!$B:$H,2,0),\"\")","v":""},{"$f":"IFERROR(VLOOKUP(C8684,参数!$B:$H,4,0),\"\")","v":""},{"$f":"IFERROR(VLOOKUP(C8684,参数!B:H,3,FALSE),\"\")","v":""},"",1]
[8684,{"$nulls":6},{"$f":"IFERROR(VLOOKUP(C8685,参数!$B:$H,2,0),\"\")","v":""},{"$f":"IFERROR(VLOOKUP(C8685,参数!$B:$H,4,0),\"\")","v":""},{"$f":"IFERROR(VLOOKUP(C8685,参数!B:H,3,FALSE),\"\")","v":""},"",1]
[8685,{"$nulls":6},{"$f":"IFERROR(VLOOKUP(C8686,参数!$B:$H,2,0),\"\")","v":""},{"$f":"IFERROR(VLOOKUP(C8686,参数!$B:$H,4,0),\"\")","v":""},{"$f":"IFERROR(VLOOKUP(C8686,参数!B:H,3,FALSE),\"\")","v":""},"",1]
[8686,{"$nulls":6},{"$f":"IFERROR(VLOOKUP(C8687,参数!$B:$H,2,0),\"\")","v":""},{"$f":"IFERROR(VLOOKUP(C8687,参数!$B:$H,4,0),\"\")","v":""},{"$f":"IFERROR(VLOOKUP(C8687,参数!B:H,3,FALSE),\"\")","v":""},"",1]
[8687,{"$nulls":6},{"$f":"IFERROR(VLOOKUP(C8688,参数!$B:$H,2,0),\"\")","v":""},{"$f":"IFERROR(VLOOKUP(C8688,参数!$B:$H,4,0),\"\")","v":""},{"$f":"IFERROR(VLOOKUP(C8688,参数!B:H,3,FALSE),\"\")","v":""},"",1]
[8688,{"$nulls":6},{"$f":"IFERROR(VLOOKUP(C8689,参数!$B:$H,2,0),\"\")","v":""},{"$f":"IFERROR(VLOOKUP(C8689,参数!$B:$H,4,0),\"\")","v":""},{"$f":"IFERROR(VLOOKUP(C8689,参数!B:H,3,FALSE),\"\")","v":""},"",1]
[8689,{"$nulls":6},{"$f":"IFERROR(VLOOKUP(C8690,参数!$B:$H,2,0),\"\")","v":""},{"$f":"IFERROR(VLOOKUP(C8690,参数!$B:$H,4,0),\"\")","v":""},{"$f":"IFERROR(VLOOKUP(C8690,参数!B:H,3,FALSE),\"\")","v":""},"",1]
[8690,{"$nulls":6},{"$f":"IFERROR(VLOOKUP(C8691,参数!$B:$H,2,0),\"\")","v":""},{"$f":"IFERROR(VLOOKUP(C8691,参数!$B:$H,4,0),\"\")","v":""},{"$f":"IFERROR(VLOOKUP(C8691,参数!B:H,3,FALSE),\"\")","v":""},"",1]
[8691,{"$nulls":6},{"$f":"IFERROR(VLOOKUP(C8692,参数!$B:$H,2,0),\"\")","v":""},{"$f":"IFERROR(VLOOKUP(C8692,参数!$B:$H,4,0),\"\")","v":""},{"$f":"IFERROR(VLOOKUP(C8692,参数!B:H,3,FALSE),\"\")","v":""},"",1]
[8692,{"$nulls":6},{"$f":"IFERROR(VLOOKUP(C8693,参数!$B:$H,2,0),\"\")","v":""},{"$f":"IFERROR(VLOOKUP(C8693,参数!$B:$H,4,0),\"\")","v":""},{"$f":"IFERROR(VLOOKUP(C8693,参数!B:H,3,FALSE),\"\")","v":""},"",1]
[8693,{"$nulls":6},{"$f":"IFERROR(VLOOKUP(C8694,参数!$B:$H,2,0),\"\")","v":""},{"$f":"IFERROR(VLOOKUP(C8694,参数!$B:$H,4,0),\"\")","v":""},{"$f":"IFERROR(VLOOKUP(C8694,参数!B:H,3,FALSE),\"\")","v":""},"",1]
[8694,{"$nulls":6},{"$f":"IFERROR(VLOOKUP(C8695,参数!$B:$H,2,0),\"\")","v":""},{"$f":"IFERROR(VLOOKUP(C8695,参数!$B:$H,4,0),\"\")","v":""},{"$f":"IFERROR(VLOOKUP(C8695,参数!B:H,3,FALSE),\"\")","v":""},"",1]
[8695,{"$nulls":6},{"$f":"IFERROR(VLOOKUP(C8696,参数!$B:$H,2,0),\"\")","v":""},{"$f":"IFERROR(VLOOKUP(C8696,参数!$B:$H,4,0),\"\")","v":""},{"$f":"IFERROR(VLOOKUP(C8696,参数!B:H,3,FALSE),\"\")","v":""},"",1]
[8696,{"$nulls":6},{"$f":"IFERROR(VLOOKUP(C8697,参数!$B:$H,2,0),\"\")","v":""},{"$f":"IFERROR(VLOOKUP(C8697,参数!$B:$H,4,0),\"\")","v":""},{"$f":"IFERROR(VLOOKUP(C8697,参数!B:H,3,FALSE),\"\")","v":""},"",1]
[8697,{"$nulls":6},{"$f":"IFERROR(VLOOKUP(C8698,参数!$B:$H,2,0),\"\")","v":""},{"$f":"IFERROR(VLOOKUP(C8698,参数!$B:$H,4,0),\"\")","v":""},{"$f":"IFERROR(VLOOKUP(C8698,参数!B:H,3,FALSE),\"\")","v":""},"",1]
[8698,{"$nulls":6},{"$f":"IFERROR(VLOOKUP(C8699,参数!$B:$H,2,0),\"\")","v":""},{"$f":"IFERROR(VLOOKUP(C8699,参数!$B:$H,4,0),\"\")","v":""},{"$f":"IFERROR(VLOOKUP(C8699,参数!B:H,3,FALSE),\"\")","v":""},"",1]
[8699,{"$nulls":6},{"$f":"IFERROR(VLOOKUP(C8700,参数!$B:$H,2,0),\"\")","v":""},{"$f":"IFERROR(VLOOKUP(C8700,参数!$B:$H,4,0),\"\")","v":""},{"$f":"IFERROR(VLOOKUP(C8700,参数!B:H,3,FALSE),\"\")","v":""},"",1]
[8700,{"$nulls":6},{"$f":"IFERROR(VLOOKUP(C8701,参数!$B:$H,2,0),\"\")","v":""},{"$f":"IFERROR(VLOOKUP(C8701,参数!$B:$H,4,0),\"\")","v":""},{"$f":"IFERROR(VLOOKUP(C8701,参数!B:H,3,FALSE),\"\")","v":""},"",1]
[8701,{"$nulls":6},{"$f":"IFERROR(VLOOKUP(C8702,参数!$B:$H,2,0),\"\")","v":""},{"$f":"IFERROR(VLOOKUP(C8702,参数!$B:$H,4,0),\"\")","v":""},{"$f":"IFERROR(VLOOKUP(C8702,参数!B:H,3,FALSE),\"\")","v":""},"",1]
[8702,{"$nulls":6},{"$f":"IFERROR(VLOOKUP(C8703,参数!$B:$H,2,0),\"\")","v":""},{"$f":"IFERROR(VLOOKUP(C8703,参数!$B:$H,4,0),\"\")","v":""},{"$f":"IFERROR(VLOOKUP(C8703,参数!B:H,3,FALSE),\"\")","v":""},"",1]
[8703,{"$nulls":6},{"$f":"IFERROR(VLOOKUP(C8704,参数!$B:$H,2,0),\"\")","v":""},{"$f":"IFERROR(VLOOKUP(C8704,参数!$B:$H,4,0),\"\")","v":""},{"$f":"IFERROR(VLOOKUP(C8704,参数!B:H,3,FALSE),\"\")","v":""},"",1]
[8704,{"$nulls":6},{"$f":"IFERROR(VLOOKUP(C8705,参数!$B:$H,2,0),\"\")","v":""},{"$f":"IFERROR(VLOOKUP(C8705,参数!$B:$H,4,0),\"\")","v":""},{"$f":"IFERROR(VLOOKUP(C8705,参数!B:H,3,FALSE),\"\")","v":""},"",1]
[8705,{"$nulls":6},{"$f":"IFERROR(VLOOKUP(C8706,参数!$B:$H,2,0),\"\")","v":""},{"$f":"IFERROR(VLOOKUP(C8706,参数!$B:$H,4,0),\"\")","v":""},{"$f":"IFERROR(VLOOKUP(C8706,参数!B:H,3,FALSE),\"\")","v":""},"",{"$f":"VALUE(MONTH(B8706))","v":1}]
[8706,{"$nulls":6},{"$f":"IFERROR(VLOOKUP(C8707,参数!$B:$H,2,0),\"\")","v":""},{"$f":"IFERROR(VLOOKUP(C8707,参数!$B:$H,4,0),\"\")","v":""},{"$f":"IFERROR(VLOOKUP(C8707,参数!B:H,3,FALSE),\"\")","v":""},"",1]
[8707,{"$nulls":6},{"$f":"IFERROR(VLOOKUP(C8708,参数!$B:$H,2,0),\"\")","v":""},{"$f":"IFERROR(VLOOKUP(C8708,参数!$B:$H,4,0),\"\")","v":""},{"$f":"IFERROR(VLOOKUP(C8708,参数!B:H,3,FALSE),\"\")","v":""},"",1]
[8708,{"$nulls":6},{"$f":"IFERROR(VLOOKUP(C8709,参数!$B:$H,2,0),\"\")","v":""},{"$f":"IFERROR(VLOOKUP(C8709,参数!$B:$H,4,0),\"\")","v":""},{"$f":"IFERROR(VLOOKUP(C8709,参数!B:H,3,FALSE),\"\")","v":""},"",1]
[8709,{"$nulls":6},{"$f":"IFERROR(VLOOKUP(C8710,参数!$B:$H,2,0),\"\")","v":""},{"$f":"IFERROR(VLOOKUP(C8710,参数!$B:$H,4,0),\"\")","v":""},{"$f":"IFERROR(VLOOKUP(C8710,参数!B:H,3,FALSE),\"\")","v":""},"",1]
[8710,{"$nulls":6},{"$f":"IFERROR(VLOOKUP(C8711,参数!$B:$H,2,0),\"\")","v":""},{"$f":"IFERROR(VLOOKUP(C8711,参数!$B:$H,4,0),\"\")","v":""},{"$f":"IFERROR(VLOOKUP(C8711,参数!B:H,3,FALSE),\"\")","v":""},"",1]
[8711,{"$nulls":6},{"$f":"IFERROR(VLOOKUP(C8712,参数!$B:$H,2,0),\"\")","v":""},{"$f":"IFERROR(VLOOKUP(C8712,参数!$B:$H,4,0),\"\")","v":""},{"$f":"IFERROR(VLOOKUP(C8712,参数!B:H,3,FALSE),\"\")","v":""},"",1]
[8712,{"$nulls":6},{"$f":"IFERROR(VLOOKUP(C8713,参数!$B:$H,2,0),\"\")","v":""},{"$f":"IFERROR(VLOOKUP(C8713,参数!$B:$H,4,0),\"\")","v":""},{"$f":"IFERROR(VLOOKUP(C8713,参数!B:H,3,FALSE),\"\")","v":""},"",1]
[8713,{"$nulls":6},{"$f":"IFERROR(VLOOKUP(C8714,参数!$B:$H,2,0),\"\")","v":""},{"$f":"IFERROR(VLOOKUP(C8714,参数!$B:$H,4,0),\"\")","v":""},{"$f":"IFERROR(VLOOKUP(C8714,参数!B:H,3,FALSE),\"\")","v":""},"",1]
[8714,{"$nulls":6},{"$f":"IFERROR(VLOOKUP(C8715,参数!$B:$H,2,0),\"\")","v":""},{"$f":"IFERROR(VLOOKUP(C8715,参数!$B:$H,4,0),\"\")","v":""},{"$f":"IFERROR(VLOOKUP(C8715,参数!B:H,3,FALSE),\"\")","v":""},"",1]
[8715,{"$nulls":6},{"$f":"IFERROR(VLOOKUP(C8716,参数!$B:$H,2,0),\"\")","v":""},{"$f":"IFERROR(VLOOKUP(C8716,参数!$B:$H,4,0),\"\")","v":""},{"$f":"IFERROR(VLOOKUP(C8716,参数!B:H,3,FALSE),\"\")","v":""},"",1]
[8716,{"$nulls":6},{"$f":"IFERROR(VLOOKUP(C8717,参数!$B:$H,2,0),\"\")","v":""},{"$f":"IFERROR(VLOOKUP(C8717,参数!$B:$H,4,0),\"\")","v":""},{"$f":"IFERROR(VLOOKUP(C8717,参数!B:H,3,FALSE),\"\")","v":""},"",1]
[8717,{"$nulls":6},{"$f":"IFERROR(VLOOKUP(C8718,参数!$B:$H,2,0),\"\")","v":""},{"$f":"IFERROR(VLOOKUP(C8718,参数!$B:$H,4,0),\"\")","v":""},{"$f":"IFERROR(VLOOKUP(C8718,参数!B:H,3,FALSE),\"\")","v":""},"",1]
[8718,{"$nulls":6},{"$f":"IFERROR(VLOOKUP(C8719,参数!$B:$H,2,0),\"\")","v":""},{"$f":"IFERROR(VLOOKUP(C8719,参数!$B:$H,4,0),\"\")","v":""},{"$f":"IFERROR(VLOOKUP(C8719,参数!B:H,3,FALSE),\"\")","v":""},"",1]
[8719,{"$nulls":6},{"$f":"IFERROR(VLOOKUP(C8720,参数!$B:$H,2,0),\"\")","v":""},{"$f":"IFERROR(VLOOKUP(C8720,参数!$B:$H,4,0),\"\")","v":""},{"$f":"IFERROR(VLOOKUP(C8720,参数!B:H,3,FALSE),\"\")","v":""},"",1]
[8720,{"$nulls":6},{"$f":"IFERROR(VLOOKUP(C8721,参数!$B:$H,2,0),\"\")","v":""},{"$f":"IFERROR(VLOOKUP(C8721,参数!$B:$H,4,0),\"\")","v":""},{"$f":"IFERROR(VLOOKUP(C8721,参数!B:H,3,FALSE),\"\")","v":""},"",1]
[8721,{"$nulls":6},{"$f":"IFERROR(VLOOKUP(C8722,参数!$B:$H,2,0),\"\")","v":""},{"$f":"IFERROR(VLOOKUP(C8722,参数!$B:$H,4,0),\"\")","v":""},{"$f":"IFERROR(VLOOKUP(C8722,参数!B:H,3,FALSE),\"\")","v":""},"",1]
[8722,{"$nulls":6},{"$f":"IFERROR(VLOOKUP(C8723,参数!$B:$H,2,0),\"\")","v":""},{"$f":"IFERROR(VLOOKUP(C8723,参数!$B:$H,4,0),\"\")","v":""},{"$f":"IFERROR(VLOOKUP(C8723,参数!B:H,3,FALSE),\"\")","v":""},"",1]
[8723,{"$nulls":6},{"$f":"IFERROR(VLOOKUP(C8724,参数!$B:$H,2,0),\"\")","v":""},{"$f":"IFERROR(VLOOKUP(C8724,参数!$B:$H,4,0),\"\")","v":""},{"$f":"IFERROR(VLOOKUP(C8724,参数!B:H,3,FALSE),\"\")","v":""},"",1]
[8724,{"$nulls":6},{"$f":"IFERROR(VLOOKUP(C8725,参数!$B:$H,2,0),\"\")","v":""},{"$f":"IFERROR(VLOOKUP(C8725,参数!$B:$H,4,0),\"\")","v":""},{"$f":"IFERROR(VLOOKUP(C8725,参数!B:H,3,FALSE),\"\")","v":""},"",1]
[8725,{"$nulls":6},{"$f":"IFERROR(VLOOKUP(C8726,参数!$B:$H,2,0),\"\")","v":""},{"$f":"IFERROR(VLOOKUP(C8726,参数!$B:$H,4,0),\"\")","v":""},{"$f":"IFERROR(VLOOKUP(C8726,参数!B:H,3,FALSE),\"\")","v":""},"",1]
[8726,{"$nulls":6},{"$f":"IFERROR(VLOOKUP(C8727,参数!$B:$H,2,0),\"\")","v":""},{"$f":"IFERROR(VLOOKUP(C8727,参数!$B:$H,4,0),\"\")","v":""},{"$f":"IFERROR(VLOOKUP(C8727,参数!B:H,3,FALSE),\"\")","v":""},"",1]
[8727,{"$nulls":6},{"$f":"IFERROR(VLOOKUP(C8728,参数!$B:$H,2,0),\"\")","v":""},{"$f":"IFERROR(VLOOKUP(C8728,参数!$B:$H,4,0),\"\")","v":""},{"$f":"IFERROR(VLOOKUP(C8728,参数!B:H,3,FALSE),\"\")","v":""},"",1]
[8728,{"$nulls":6},{"$f":"IFERROR(VLOOKUP(C8729,参数!$B:$H,2,0),\"\")","v":""},{"$f":"IFERROR(VLOOKUP(C8729,参数!$B:$H,4,0),\"\")","v":""},{"$f":"IFERROR(VLOOKUP(C8729,参数!B:H,3,FALSE),\"\")","v":""},"",1]
[8729,{"$nulls":6},{"$f":"IFERROR(VLOOKUP(C8730,参数!$B:$H,2,0),\"\")","v":""},{"$f":"IFERROR(VLOOKUP(C8730,参数!$B:$H,4,0),\"\")","v":""},{"$f":"IFERROR(VLOOKUP(C8730,参数!B:H,3,FALSE),\"\")","v":""},"",1]
[8730,{"$nulls":6},{"$f":"IFERROR(VLOOKUP(C8731,参数!$B:$H,2,0),\"\")","v":""},{"$f":"IFERROR(VLOOKUP(C8731,参数!$B:$H,4,0),\"\")","v":""},{"$f":"IFERROR(VLOOKUP(C8731,参数!B:H,3,FALSE),\"\")","v":""},"",1]
[8731,{"$nulls":6},{"$f":"IFERROR(VLOOKUP(C8732,参数!$B:$H,2,0),\"\")","v":""},{"$f":"IFERROR(VLOOKUP(C8732,参数!$B:$H,4,0),\"\")","v":""},{"$f":"IFERROR(VLOOKUP(C8732,参数!B:H,3,FALSE),\"\")","v":""},"",1]
[8732,{"$nulls":6},{"$f":"IFERROR(VLOOKUP(C8733,参数!$B:$H,2,0),\"\")","v":""},{"$f":"IFERROR(VLOOKUP(C8733,参数!$B:$H,4,0),\"\")","v":""},{"$f":"IFERROR(VLOOKUP(C8733,参数!B:H,3,FALSE),\"\")","v":""},"",1]
[8733,{"$nulls":6},{"$f":"IFERROR(VLOOKUP(C8734,参数!$B:$H,2,0),\"\")","v":""},{"$f":"IFERROR(VLOOKUP(C8734,参数!$B:$H,4,0),\"\")","v":""},{"$f":"IFERROR(VLOOKUP(C8734,参数!B:H,3,FALSE),\"\")","v":""},"",1]
[8734,{"$nulls":6},{"$f":"IFERROR(VLOOKUP(C8735,参数!$B:$H,2,0),\"\")","v":""},{"$f":"IFERROR(VLOOKUP(C8735,参数!$B:$H,4,0),\"\")","v":""},{"$f":"IFERROR(VLOOKUP(C8735,参数!B:H,3,FALSE),\"\")","v":""},"",1]
[8735,{"$nulls":6},{"$f":"IFERROR(VLOOKUP(C8736,参数!$B:$H,2,0),\"\")","v":""},{"$f":"IFERROR(VLOOKUP(C8736,参数!$B:$H,4,0),\"\")","v":""},{"$f":"IFERROR(VLOOKUP(C8736,参数!B:H,3,FALSE),\"\")","v":""},"",1]
[8736,{"$nulls":6},{"$f":"IFERROR(VLOOKUP(C8737,参数!$B:$H,2,0),\"\")","v":""},{"$f":"IFERROR(VLOOKUP(C8737,参数!$B:$H,4,0),\"\")","v":""},{"$f":"IFERROR(VLOOKUP(C8737,参数!B:H,3,FALSE),\"\")","v":""},"",1]
[8737,{"$nulls":6},{"$f":"IFERROR(VLOOKUP(C8738,参数!$B:$H,2,0),\"\")","v":""},{"$f":"IFERROR(VLOOKUP(C8738,参数!$B:$H,4,0),\"\")","v":""},{"$f":"IFERROR(VLOOKUP(C8738,参数!B:H,3,FALSE),\"\")","v":""},"",1]
[8738,{"$nulls":6},{"$f":"IFERROR(VLOOKUP(C8739,参数!$B:$H,2,0),\"\")","v":""},{"$f":"IFERROR(VLOOKUP(C8739,参数!$B:$H,4,0),\"\")","v":""},{"$f":"IFERROR(VLOOKUP(C8739,参数!B:H,3,FALSE),\"\")","v":""},"",1]
[8739,{"$nulls":6},{"$f":"IFERROR(VLOOKUP(C8740,参数!$B:$H,2,0),\"\")","v":""},{"$f":"IFERROR(VLOOKUP(C8740,参数!$B:$H,4,0),\"\")","v":""},{"$f":"IFERROR(VLOOKUP(C8740,参数!B:H,3,FALSE),\"\")","v":""},"",1]
[8740,{"$nulls":6},{"$f":"IFERROR(VLOOKUP(C8741,参数!$B:$H,2,0),\"\")","v":""},{"$f":"IFERROR(VLOOKUP(C8741,参数!$B:$H,4,0),\"\")","v":""},{"$f":"IFERROR(VLOOKUP(C8741,参数!B:H,3,FALSE),\"\")","v":""},{"$f":"IFERROR(J8741*E8741,\"\")","v":""},1]
[8741,{"$nulls":6},{"$f":"IFERROR(VLOOKUP(C8742,参数!$B:$H,2,0),\"\")","v":""},{"$f":"IFERROR(VLOOKUP(C8742,参数!$B:$H,4,0),\"\")","v":""},{"$f":"IFERROR(VLOOKUP(C8742,参数!B:H,3,FALSE),\"\")","v":""},"",1]
[8742,{"$nulls":6},{"$f":"IFERROR(VLOOKUP(C8743,参数!$B:$H,2,0),\"\")","v":""},{"$f":"IFERROR(VLOOKUP(C8743,参数!$B:$H,4,0),\"\")","v":""},{"$f":"IFERROR(VLOOKUP(C8743,参数!B:H,3,FALSE),\"\")","v":""},"",1]
[8743,{"$nulls":6},{"$f":"IFERROR(VLOOKUP(C8744,参数!$B:$H,2,0),\"\")","v":""},{"$f":"IFERROR(VLOOKUP(C8744,参数!$B:$H,4,0),\"\")","v":""},{"$f":"IFERROR(VLOOKUP(C8744,参数!B:H,3,FALSE),\"\")","v":""},"",1]
[8744,{"$nulls":6},{"$f":"IFERROR(VLOOKUP(C8745,参数!$B:$H,2,0),\"\")","v":""},{"$f":"IFERROR(VLOOKUP(C8745,参数!$B:$H,4,0),\"\")","v":""},{"$f":"IFERROR(VLOOKUP(C8745,参数!B:H,3,FALSE),\"\")","v":""},"",1]
[8745,{"$nulls":6},{"$f":"IFERROR(VLOOKUP(C8746,参数!$B:$H,2,0),\"\")","v":""},{"$f":"IFERROR(VLOOKUP(C8746,参数!$B:$H,4,0),\"\")","v":""},{"$f":"IFERROR(VLOOKUP(C8746,参数!B:H,3,FALSE),\"\")","v":""},"",1]
[8746,{"$nulls":6},{"$f":"IFERROR(VLOOKUP(C8747,参数!$B:$H,2,0),\"\")","v":""},{"$f":"IFERROR(VLOOKUP(C8747,参数!$B:$H,4,0),\"\")","v":""},{"$f":"IFERROR(VLOOKUP(C8747,参数!B:H,3,FALSE),\"\")","v":""},"",1]
[8747,{"$nulls":6},{"$f":"IFERROR(VLOOKUP(C8748,参数!$B:$H,2,0),\"\")","v":""},{"$f":"IFERROR(VLOOKUP(C8748,参数!$B:$H,4,0),\"\")","v":""},{"$f":"IFERROR(VLOOKUP(C8748,参数!B:H,3,FALSE),\"\")","v":""},"",1]
[8748,{"$nulls":6},{"$f":"IFERROR(VLOOKUP(C8749,参数!$B:$H,2,0),\"\")","v":""},{"$f":"IFERROR(VLOOKUP(C8749,参数!$B:$H,4,0),\"\")","v":""},{"$f":"IFERROR(VLOOKUP(C8749,参数!B:H,3,FALSE),\"\")","v":""},"",1]
[8749,{"$nulls":6},{"$f":"IFERROR(VLOOKUP(C8750,参数!$B:$H,2,0),\"\")","v":""},{"$f":"IFERROR(VLOOKUP(C8750,参数!$B:$H,4,0),\"\")","v":""},{"$f":"IFERROR(VLOOKUP(C8750,参数!B:H,3,FALSE),\"\")","v":""},"",1]
[8750,{"$nulls":6},{"$f":"IFERROR(VLOOKUP(C8751,参数!$B:$H,2,0),\"\")","v":""},{"$f":"IFERROR(VLOOKUP(C8751,参数!$B:$H,4,0),\"\")","v":""},{"$f":"IFERROR(VLOOKUP(C8751,参数!B:H,3,FALSE),\"\")","v":""},"",1]
[8751,{"$nulls":6},{"$f":"IFERROR(VLOOKUP(C8752,参数!$B:$H,2,0),\"\")","v":""},{"$f":"IFERROR(VLOOKUP(C8752,参数!$B:$H,4,0),\"\")","v":""},{"$f":"IFERROR(VLOOKUP(C8752,参数!B:H,3,FALSE),\"\")","v":""},"",1]
[8752,{"$nulls":6},{"$f":"IFERROR(VLOOKUP(C8753,参数!$B:$H,2,0),\"\")","v":""},{"$f":"IFERROR(VLOOKUP(C8753,参数!$B:$H,4,0),\"\")","v":""},{"$f":"IFERROR(VLOOKUP(C8753,参数!B:H,3,FALSE),\"\")","v":""},"",1]
[8753,{"$nulls":6},{"$f":"IFERROR(VLOOKUP(C8754,参数!$B:$H,2,0),\"\")","v":""},{"$f":"IFERROR(VLOOKUP(C8754,参数!$B:$H,4,0),\"\")","v":""},{"$f":"IFERROR(VLOOKUP(C8754,参数!B:H,3,FALSE),\"\")","v":""},"",1]
[8754,{"$nulls":6},{"$f":"IFERROR(VLOOKUP(C8755,参数!$B:$H,2,0),\"\")","v":""},{"$f":"IFERROR(VLOOKUP(C8755,参数!$B:$H,4,0),\"\")","v":""},{"$f":"IFERROR(VLOOKUP(C8755,参数!B:H,3,FALSE),\"\")","v":""},"",1]
[8755,{"$nulls":6},{"$f":"IFERROR(VLOOKUP(C8756,参数!$B:$H,2,0),\"\")","v":""},{"$f":"IFERROR(VLOOKUP(C8756,参数!$B:$H,4,0),\"\")","v":""},{"$f":"IFERROR(VLOOKUP(C8756,参数!B:H,3,FALSE),\"\")","v":""},"",1]
[8756,{"$nulls":6},{"$f":"IFERROR(VLOOKUP(C8757,参数!$B:$H,2,0),\"\")","v":""},{"$f":"IFERROR(VLOOKUP(C8757,参数!$B:$H,4,0),\"\")","v":""},{"$f":"IFERROR(VLOOKUP(C8757,参数!B:H,3,FALSE),\"\")","v":""},"",1]
[8757,{"$nulls":6},{"$f":"IFERROR(VLOOKUP(C8758,参数!$B:$H,2,0),\"\")","v":""},{"$f":"IFERROR(VLOOKUP(C8758,参数!$B:$H,4,0),\"\")","v":""},{"$f":"IFERROR(VLOOKUP(C8758,参数!B:H,3,FALSE),\"\")","v":""},"",1]
[8758,{"$nulls":6},{"$f":"IFERROR(VLOOKUP(C8759,参数!$B:$H,2,0),\"\")","v":""},{"$f":"IFERROR(VLOOKUP(C8759,参数!$B:$H,4,0),\"\")","v":""},{"$f":"IFERROR(VLOOKUP(C8759,参数!B:H,3,FALSE),\"\")","v":""},"",1]
[8759,{"$nulls":6},{"$f":"IFERROR(VLOOKUP(C8760,参数!$B:$H,2,0),\"\")","v":""},{"$f":"IFERROR(VLOOKUP(C8760,参数!$B:$H,4,0),\"\")","v":""},{"$f":"IFERROR(VLOOKUP(C8760,参数!B:H,3,FALSE),\"\")","v":""},"",1]
[8760,{"$nulls":6},{"$f":"IFERROR(VLOOKUP(C8761,参数!$B:$H,2,0),\"\")","v":""},{"$f":"IFERROR(VLOOKUP(C8761,参数!$B:$H,4,0),\"\")","v":""},{"$f":"IFERROR(VLOOKUP(C8761,参数!B:H,3,FALSE),\"\")","v":""},"",1]
[8761,{"$nulls":6},{"$f":"IFERROR(VLOOKUP(C8762,参数!$B:$H,2,0),\"\")","v":""},{"$f":"IFERROR(VLOOKUP(C8762,参数!$B:$H,4,0),\"\")","v":""},{"$f":"IFERROR(VLOOKUP(C8762,参数!B:H,3,FALSE),\"\")","v":""},"",1]
[8762,{"$nulls":6},{"$f":"IFERROR(VLOOKUP(C8763,参数!$B:$H,2,0),\"\")","v":""},{"$f":"IFERROR(VLOOKUP(C8763,参数!$B:$H,4,0),\"\")","v":""},{"$f":"IFERROR(VLOOKUP(C8763,参数!B:H,3,FALSE),\"\")","v":""},"",1]
[8763,{"$nulls":6},{"$f":"IFERROR(VLOOKUP(C8764,参数!$B:$H,2,0),\"\")","v":""},{"$f":"IFERROR(VLOOKUP(C8764,参数!$B:$H,4,0),\"\")","v":""},{"$f":"IFERROR(VLOOKUP(C8764,参数!B:H,3,FALSE),\"\")","v":""},"",1]
[8764,{"$nulls":6},{"$f":"IFERROR(VLOOKUP(C8765,参数!$B:$H,2,0),\"\")","v":""},{"$f":"IFERROR(VLOOKUP(C8765,参数!$B:$H,4,0),\"\")","v":""},{"$f":"IFERROR(VLOOKUP(C8765,参数!B:H,3,FALSE),\"\")","v":""},"",1]
[8765,{"$nulls":6},{"$f":"IFERROR(VLOOKUP(C8766,参数!$B:$H,2,0),\"\")","v":""},{"$f":"IFERROR(VLOOKUP(C8766,参数!$B:$H,4,0),\"\")","v":""},{"$f":"IFERROR(VLOOKUP(C8766,参数!B:H,3,FALSE),\"\")","v":""},"",1]
[8766,{"$nulls":6},{"$f":"IFERROR(VLOOKUP(C8767,参数!$B:$H,2,0),\"\")","v":""},{"$f":"IFERROR(VLOOKUP(C8767,参数!$B:$H,4,0),\"\")","v":""},{"$f":"IFERROR(VLOOKUP(C8767,参数!B:H,3,FALSE),\"\")","v":""},"",1]
[8767,{"$nulls":6},{"$f":"IFERROR(VLOOKUP(C8768,参数!$B:$H,2,0),\"\")","v":""},{"$f":"IFERROR(VLOOKUP(C8768,参数!$B:$H,4,0),\"\")","v":""},{"$f":"IFERROR(VLOOKUP(C8768,参数!B:H,3,FALSE),\"\")","v":""},"",1]
[8768,{"$nulls":6},{"$f":"IFERROR(VLOOKUP(C8769,参数!$B:$H,2,0),\"\")","v":""},{"$f":"IFERROR(VLOOKUP(C8769,参数!$B:$H,4,0),\"\")","v":""},{"$f":"IFERROR(VLOOKUP(C8769,参数!B:H,3,FALSE),\"\")","v":""},"",1]
[8769,{"$nulls":6},{"$f":"IFERROR(VLOOKUP(C8770,参数!$B:$H,2,0),\"\")","v":""},{"$f":"IFERROR(VLOOKUP(C8770,参数!$B:$H,4,0),\"\")","v":""},{"$f":"IFERROR(VLOOKUP(C8770,参数!B:H,3,FALSE),\"\")","v":""},"",{"$f":"VALUE(MONTH(B8770))","v":1}]
[8770,{"$nulls":6},{"$f":"IFERROR(VLOOKUP(C8771,参数!$B:$H,2,0),\"\")","v":""},{"$f":"IFERROR(VLOOKUP(C8771,参数!$B:$H,4,0),\"\")","v":""},{"$f":"IFERROR(VLOOKUP(C8771,参数!B:H,3,FALSE),\"\")","v":""},"",1]
[8771,{"$nulls":6},{"$f":"IFERROR(VLOOKUP(C8772,参数!$B:$H,2,0),\"\")","v":""},{"$f":"IFERROR(VLOOKUP(C8772,参数!$B:$H,4,0),\"\")","v":""},{"$f":"IFERROR(VLOOKUP(C8772,参数!B:H,3,FALSE),\"\")","v":""},"",1]
[8772,{"$nulls":6},{"$f":"IFERROR(VLOOKUP(C8773,参数!$B:$H,2,0),\"\")","v":""},{"$f":"IFERROR(VLOOKUP(C8773,参数!$B:$H,4,0),\"\")","v":""},{"$f":"IFERROR(VLOOKUP(C8773,参数!B:H,3,FALSE),\"\")","v":""},"",1]
[8773,{"$nulls":6},{"$f":"IFERROR(VLOOKUP(C8774,参数!$B:$H,2,0),\"\")","v":""},{"$f":"IFERROR(VLOOKUP(C8774,参数!$B:$H,4,0),\"\")","v":""},{"$f":"IFERROR(VLOOKUP(C8774,参数!B:H,3,FALSE),\"\")","v":""},"",1]
[8774,{"$nulls":6},{"$f":"IFERROR(VLOOKUP(C8775,参数!$B:$H,2,0),\"\")","v":""},{"$f":"IFERROR(VLOOKUP(C8775,参数!$B:$H,4,0),\"\")","v":""},{"$f":"IFERROR(VLOOKUP(C8775,参数!B:H,3,FALSE),\"\")","v":""},"",1]
[8775,{"$nulls":6},{"$f":"IFERROR(VLOOKUP(C8776,参数!$B:$H,2,0),\"\")","v":""},{"$f":"IFERROR(VLOOKUP(C8776,参数!$B:$H,4,0),\"\")","v":""},{"$f":"IFERROR(VLOOKUP(C8776,参数!B:H,3,FALSE),\"\")","v":""},"",1]
[8776,{"$nulls":6},{"$f":"IFERROR(VLOOKUP(C8777,参数!$B:$H,2,0),\"\")","v":""},{"$f":"IFERROR(VLOOKUP(C8777,参数!$B:$H,4,0),\"\")","v":""},{"$f":"IFERROR(VLOOKUP(C8777,参数!B:H,3,FALSE),\"\")","v":""},"",1]
[8777,{"$nulls":6},{"$f":"IFERROR(VLOOKUP(C8778,参数!$B:$H,2,0),\"\")","v":""},{"$f":"IFERROR(VLOOKUP(C8778,参数!$B:$H,4,0),\"\")","v":""},{"$f":"IFERROR(VLOOKUP(C8778,参数!B:H,3,FALSE),\"\")","v":""},"",1]
[8778,{"$nulls":6},{"$f":"IFERROR(VLOOKUP(C8779,参数!$B:$H,2,0),\"\")","v":""},{"$f":"IFERROR(VLOOKUP(C8779,参数!$B:$H,4,0),\"\")","v":""},{"$f":"IFERROR(VLOOKUP(C8779,参数!B:H,3,FALSE),\"\")","v":""},"",1]
[8779,{"$nulls":6},{"$f":"IFERROR(VLOOKUP(C8780,参数!$B:$H,2,0),\"\")","v":""},{"$f":"IFERROR(VLOOKUP(C8780,参数!$B:$H,4,0),\"\")","v":""},{"$f":"IFERROR(VLOOKUP(C8780,参数!B:H,3,FALSE),\"\")","v":""},"",1]
[8780,{"$nulls":6},{"$f":"IFERROR(VLOOKUP(C8781,参数!$B:$H,2,0),\"\")","v":""},{"$f":"IFERROR(VLOOKUP(C8781,参数!$B:$H,4,0),\"\")","v":""},{"$f":"IFERROR(VLOOKUP(C8781,参数!B:H,3,FALSE),\"\")","v":""},"",1]
[8781,{"$nulls":6},{"$f":"IFERROR(VLOOKUP(C8782,参数!$B:$H,2,0),\"\")","v":""},{"$f":"IFERROR(VLOOKUP(C8782,参数!$B:$H,4,0),\"\")","v":""},{"$f":"IFERROR(VLOOKUP(C8782,参数!B:H,3,FALSE),\"\")","v":""},"",1]
[8782,{"$nulls":6},{"$f":"IFERROR(VLOOKUP(C8783,参数!$B:$H,2,0),\"\")","v":""},{"$f":"IFERROR(VLOOKUP(C8783,参数!$B:$H,4,0),\"\")","v":""},{"$f":"IFERROR(VLOOKUP(C8783,参数!B:H,3,FALSE),\"\")","v":""},"",1]
[8783,{"$nulls":6},{"$f":"IFERROR(VLOOKUP(C8784,参数!$B:$H,2,0),\"\")","v":""},{"$f":"IFERROR(VLOOKUP(C8784,参数!$B:$H,4,0),\"\")","v":""},{"$f":"IFERROR(VLOOKUP(C8784,参数!B:H,3,FALSE),\"\")","v":""},"",1]
[8784,{"$nulls":6},{"$f":"IFERROR(VLOOKUP(C8785,参数!$B:$H,2,0),\"\")","v":""},{"$f":"IFERROR(VLOOKUP(C8785,参数!$B:$H,4,0),\"\")","v":""},{"$f":"IFERROR(VLOOKUP(C8785,参数!B:H,3,FALSE),\"\")","v":""},"",1]
[8785,{"$nulls":6},{"$f":"IFERROR(VLOOKUP(C8786,参数!$B:$H,2,0),\"\")","v":""},{"$f":"IFERROR(VLOOKUP(C8786,参数!$B:$H,4,0),\"\")","v":""},{"$f":"IFERROR(VLOOKUP(C8786,参数!B:H,3,FALSE),\"\")","v":""},"",1]
[8786,{"$nulls":6},{"$f":"IFERROR(VLOOKUP(C8787,参数!$B:$H,2,0),\"\")","v":""},{"$f":"IFERROR(VLOOKUP(C8787,参数!$B:$H,4,0),\"\")","v":""},{"$f":"IFERROR(VLOOKUP(C8787,参数!B:H,3,FALSE),\"\")","v":""},"",1]
[8787,{"$nulls":6},{"$f":"IFERROR(VLOOKUP(C8788,参数!$B:$H,2,0),\"\")","v":""},{"$f":"IFERROR(VLOOKUP(C8788,参数!$B:$H,4,0),\"\")","v":""},{"$f":"IFERROR(VLOOKUP(C8788,参数!B:H,3,FALSE),\"\")","v":""},"",1]
[8788,{"$nulls":6},{"$f":"IFERROR(VLOOKUP(C8789,参数!$B:$H,2,0),\"\")","v":""},{"$f":"IFERROR(VLOOKUP(C8789,参数!$B:$H,4,0),\"\")","v":""},{"$f":"IFERROR(VLOOKUP(C8789,参数!B:H,3,FALSE),\"\")","v":""},"",1]
[8789,{"$nulls":6},{"$f":"IFERROR(VLOOKUP(C8790,参数!$B:$H,2,0),\"\")","v":""},{"$f":"IFERROR(VLOOKUP(C8790,参数!$B:$H,4,0),\"\")","v":""},{"$f":"IFERROR(VLOOKUP(C8790,参数!B:H,3,FALSE),\"\")","v":""},"",1]
[8790,{"$nulls":6},{"$f":"IFERROR(VLOOKUP(C8791,参数!$B:$H,2,0),\"\")","v":""},{"$f":"IFERROR(VLOOKUP(C8791,参数!$B:$H,4,0),\"\")","v":""},{"$f":"IFERROR(VLOOKUP(C8791,参数!B:H,3,FALSE),\"\")","v":""},"",1]
[8791,{"$nulls":6},{"$f":"IFERROR(VLOOKUP(C8792,参数!$B:$H,2,0),\"\")","v":""},{"$f":"IFERROR(VLOOKUP(C8792,参数!$B:$H,4,0),\"\")","v":""},{"$f":"IFERROR(VLOOKUP(C8792,参数!B:H,3,FALSE),\"\")","v":""},"",1]
[8792,{"$nulls":6},{"$f":"IFERROR(VLOOKUP(C8793,参数!$B:$H,2,0),\"\")","v":""},{"$f":"IFERROR(VLOOKUP(C8793,参数!$B:$H,4,0),\"\")","v":""},{"$f":"IFERROR(VLOOKUP(C8793,参数!B:H,3,FALSE),\"\")","v":""},"",1]
[8793,{"$nulls":6},{"$f":"IFERROR(VLOOKUP(C8794,参数!$B:$H,2,0),\"\")","v":""},{"$f":"IFERROR(VLOOKUP(C8794,参数!$B:$H,4,0),\"\")","v":""},{"$f":"IFERROR(VLOOKUP(C8794,参数!B:H,3,FALSE),\"\")","v":""},"",1]
[8794,{"$nulls":6},{"$f":"IFERROR(VLOOKUP(C8795,参数!$B:$H,2,0),\"\")","v":""},{"$f":"IFERROR(VLOOKUP(C8795,参数!$B:$H,4,0),\"\")","v":""},{"$f":"IFERROR(VLOOKUP(C8795,参数!B:H,3,FALSE),\"\")","v":""},"",1]
[8795,{"$nulls":6},{"$f":"IFERROR(VLOOKUP(C8796,参数!$B:$H,2,0),\"\")","v":""},{"$f":"IFERROR(VLOOKUP(C8796,参数!$B:$H,4,0),\"\")","v":""},{"$f":"IFERROR(VLOOKUP(C8796,参数!B:H,3,FALSE),\"\")","v":""},"",1]
[8796,{"$nulls":6},{"$f":"IFERROR(VLOOKUP(C8797,参数!$B:$H,2,0),\"\")","v":""},{"$f":"IFERROR(VLOOKUP(C8797,参数!$B:$H,4,0),\"\")","v":""},{"$f":"IFERROR(VLOOKUP(C8797,参数!B:H,3,FALSE),\"\")","v":""},"",1]
[8797,{"$nulls":6},{"$f":"IFERROR(VLOOKUP(C8798,参数!$B:$H,2,0),\"\")","v":""},{"$f":"IFERROR(VLOOKUP(C8798,参数!$B:$H,4,0),\"\")","v":""},{"$f":"IFERROR(VLOOKUP(C8798,参数!B:H,3,FALSE),\"\")","v":""},"",1]
[8798,{"$nulls":6},{"$f":"IFERROR(VLOOKUP(C8799,参数!$B:$H,2,0),\"\")","v":""},{"$f":"IFERROR(VLOOKUP(C8799,参数!$B:$H,4,0),\"\")","v":""},{"$f":"IFERROR(VLOOKUP(C8799,参数!B:H,3,FALSE),\"\")","v":""},"",1]
[8799,{"$nulls":6},{"$f":"IFERROR(VLOOKUP(C8800,参数!$B:$H,2,0),\"\")","v":""},{"$f":"IFERROR(VLOOKUP(C8800,参数!$B:$H,4,0),\"\")","v":""},{"$f":"IFERROR(VLOOKUP(C8800,参数!B:H,3,FALSE),\"\")","v":""},"",1]
[8800,{"$nulls":6},{"$f":"IFERROR(VLOOKUP(C8801,参数!$B:$H,2,0),\"\")","v":""},{"$f":"IFERROR(VLOOKUP(C8801,参数!$B:$H,4,0),\"\")","v":""},{"$f":"IFERROR(VLOOKUP(C8801,参数!B:H,3,FALSE),\"\")","v":""},"",1]
[8801,{"$nulls":6},{"$f":"IFERROR(VLOOKUP(C8802,参数!$B:$H,2,0),\"\")","v":""},{"$f":"IFERROR(VLOOKUP(C8802,参数!$B:$H,4,0),\"\")","v":""},{"$f":"IFERROR(VLOOKUP(C8802,参数!B:H,3,FALSE),\"\")","v":""},"",1]
[8802,{"$nulls":6},{"$f":"IFERROR(VLOOKUP(C8803,参数!$B:$H,2,0),\"\")","v":""},{"$f":"IFERROR(VLOOKUP(C8803,参数!$B:$H,4,0),\"\")","v":""},{"$f":"IFERROR(VLOOKUP(C8803,参数!B:H,3,FALSE),\"\")","v":""},"",1]
[8803,{"$nulls":6},{"$f":"IFERROR(VLOOKUP(C8804,参数!$B:$H,2,0),\"\")","v":""},{"$f":"IFERROR(VLOOKUP(C8804,参数!$B:$H,4,0),\"\")","v":""},{"$f":"IFERROR(VLOOKUP(C8804,参数!B:H,3,FALSE),\"\")","v":""},"",1]
[8804,{"$nulls":6},{"$f":"IFERROR(VLOOKUP(C8805,参数!$B:$H,2,0),\"\")","v":""},{"$f":"IFERROR(VLOOKUP(C8805,参数!$B:$H,4,0),\"\")","v":""},{"$f":"IFERROR(VLOOKUP(C8805,参数!B:H,3,FALSE),\"\")","v":""},{"$f":"IFERROR(J8805*E8805,\"\")","v":""},1]
[8805,{"$nulls":6},{"$f":"IFERROR(VLOOKUP(C8806,参数!$B:$H,2,0),\"\")","v":""},{"$f":"IFERROR(VLOOKUP(C8806,参数!$B:$H,4,0),\"\")","v":""},{"$f":"IFERROR(VLOOKUP(C8806,参数!B:H,3,FALSE),\"\")","v":""},"",1]
[8806,{"$nulls":6},{"$f":"IFERROR(VLOOKUP(C8807,参数!$B:$H,2,0),\"\")","v":""},{"$f":"IFERROR(VLOOKUP(C8807,参数!$B:$H,4,0),\"\")","v":""},{"$f":"IFERROR(VLOOKUP(C8807,参数!B:H,3,FALSE),\"\")","v":""},"",1]
[8807,{"$nulls":6},{"$f":"IFERROR(VLOOKUP(C8808,参数!$B:$H,2,0),\"\")","v":""},{"$f":"IFERROR(VLOOKUP(C8808,参数!$B:$H,4,0),\"\")","v":""},{"$f":"IFERROR(VLOOKUP(C8808,参数!B:H,3,FALSE),\"\")","v":""},"",1]
[8808,{"$nulls":6},{"$f":"IFERROR(VLOOKUP(C8809,参数!$B:$H,2,0),\"\")","v":""},{"$f":"IFERROR(VLOOKUP(C8809,参数!$B:$H,4,0),\"\")","v":""},{"$f":"IFERROR(VLOOKUP(C8809,参数!B:H,3,FALSE),\"\")","v":""},"",1]
[8809,{"$nulls":6},{"$f":"IFERROR(VLOOKUP(C8810,参数!$B:$H,2,0),\"\")","v":""},{"$f":"IFERROR(VLOOKUP(C8810,参数!$B:$H,4,0),\"\")","v":""},{"$f":"IFERROR(VLOOKUP(C8810,参数!B:H,3,FALSE),\"\")","v":""},"",1]
[8810,{"$nulls":6},{"$f":"IFERROR(VLOOKUP(C8811,参数!$B:$H,2,0),\"\")","v":""},{"$f":"IFERROR(VLOOKUP(C8811,参数!$B:$H,4,0),\"\")","v":""},{"$f":"IFERROR(VLOOKUP(C8811,参数!B:H,3,FALSE),\"\")","v":""},"",1]
[8811,{"$nulls":6},{"$f":"IFERROR(VLOOKUP(C8812,参数!$B:$H,2,0),\"\")","v":""},{"$f":"IFERROR(VLOOKUP(C8812,参数!$B:$H,4,0),\"\")","v":""},{"$f":"IFERROR(VLOOKUP(C8812,参数!B:H,3,FALSE),\"\")","v":""},"",1]
[8812,{"$nulls":6},{"$f":"IFERROR(VLOOKUP(C8813,参数!$B:$H,2,0),\"\")","v":""},{"$f":"IFERROR(VLOOKUP(C8813,参数!$B:$H,4,0),\"\")","v":""},{"$f":"IFERROR(VLOOKUP(C8813,参数!B:H,3,FALSE),\"\")","v":""},"",1]
[8813,{"$nulls":6},{"$f":"IFERROR(VLOOKUP(C8814,参数!$B:$H,2,0),\"\")","v":""},{"$f":"IFERROR(VLOOKUP(C8814,参数!$B:$H,4,0),\"\")","v":""},{"$f":"IFERROR(VLOOKUP(C8814,参数!B:H,3,FALSE),\"\")","v":""},"",1]
[8814,{"$nulls":6},{"$f":"IFERROR(VLOOKUP(C8815,参数!$B:$H,2,0),\"\")","v":""},{"$f":"IFERROR(VLOOKUP(C8815,参数!$B:$H,4,0),\"\")","v":""},{"$f":"IFERROR(VLOOKUP(C8815,参数!B:H,3,FALSE),\"\")","v":""},"",1]
[8815,{"$nulls":6},{"$f":"IFERROR(VLOOKUP(C8816,参数!$B:$H,2,0),\"\")","v":""},{"$f":"IFERROR(VLOOKUP(C8816,参数!$B:$H,4,0),\"\")","v":""},{"$f":"IFERROR(VLOOKUP(C8816,参数!B:H,3,FALSE),\"\")","v":""},"",1]
[8816,{"$nulls":6},{"$f":"IFERROR(VLOOKUP(C8817,参数!$B:$H,2,0),\"\")","v":""},{"$f":"IFERROR(VLOOKUP(C8817,参数!$B:$H,4,0),\"\")","v":""},{"$f":"IFERROR(VLOOKUP(C8817,参数!B:H,3,FALSE),\"\")","v":""},"",1]
[8817,{"$nulls":6},{"$f":"IFERROR(VLOOKUP(C8818,参数!$B:$H,2,0),\"\")","v":""},{"$f":"IFERROR(VLOOKUP(C8818,参数!$B:$H,4,0),\"\")","v":""},{"$f":"IFERROR(VLOOKUP(C8818,参数!B:H,3,FALSE),\"\")","v":""},"",1]
[8818,{"$nulls":6},{"$f":"IFERROR(VLOOKUP(C8819,参数!$B:$H,2,0),\"\")","v":""},{"$f":"IFERROR(VLOOKUP(C8819,参数!$B:$H,4,0),\"\")","v":""},{"$f":"IFERROR(VLOOKUP(C8819,参数!B:H,3,FALSE),\"\")","v":""},"",1]
[8819,{"$nulls":6},{"$f":"IFERROR(VLOOKUP(C8820,参数!$B:$H,2,0),\"\")","v":""},{"$f":"IFERROR(VLOOKUP(C8820,参数!$B:$H,4,0),\"\")","v":""},{"$f":"IFERROR(VLOOKUP(C8820,参数!B:H,3,FALSE),\"\")","v":""},"",1]
[8820,{"$nulls":6},{"$f":"IFERROR(VLOOKUP(C8821,参数!$B:$H,2,0),\"\")","v":""},{"$f":"IFERROR(VLOOKUP(C8821,参数!$B:$H,4,0),\"\")","v":""},{"$f":"IFERROR(VLOOKUP(C8821,参数!B:H,3,FALSE),\"\")","v":""},"",1]
[8821,{"$nulls":6},{"$f":"IFERROR(VLOOKUP(C8822,参数!$B:$H,2,0),\"\")","v":""},{"$f":"IFERROR(VLOOKUP(C8822,参数!$B:$H,4,0),\"\")","v":""},{"$f":"IFERROR(VLOOKUP(C8822,参数!B:H,3,FALSE),\"\")","v":""},"",1]
[8822,{"$nulls":6},{"$f":"IFERROR(VLOOKUP(C8823,参数!$B:$H,2,0),\"\")","v":""},{"$f":"IFERROR(VLOOKUP(C8823,参数!$B:$H,4,0),\"\")","v":""},{"$f":"IFERROR(VLOOKUP(C8823,参数!B:H,3,FALSE),\"\")","v":""},"",1]
[8823,{"$nulls":6},{"$f":"IFERROR(VLOOKUP(C8824,参数!$B:$H,2,0),\"\")","v":""},{"$f":"IFERROR(VLOOKUP(C8824,参数!$B:$H,4,0),\"\")","v":""},{"$f":"IFERROR(VLOOKUP(C8824,参数!B:H,3,FALSE),\"\")","v":""},"",1]
[8824,{"$nulls":6},{"$f":"IFERROR(VLOOKUP(C8825,参数!$B:$H,2,0),\"\")","v":""},{"$f":"IFERROR(VLOOKUP(C8825,参数!$B:$H,4,0),\"\")","v":""},{"$f":"IFERROR(VLOOKUP(C8825,参数!B:H,3,FALSE),\"\")","v":""},"",1]
[8825,{"$nulls":6},{"$f":"IFERROR(VLOOKUP(C8826,参数!$B:$H,2,0),\"\")","v":""},{"$f":"IFERROR(VLOOKUP(C8826,参数!$B:$H,4,0),\"\")","v":""},{"$f":"IFERROR(VLOOKUP(C8826,参数!B:H,3,FALSE),\"\")","v":""},"",1]
[8826,{"$nulls":6},{"$f":"IFERROR(VLOOKUP(C8827,参数!$B:$H,2,0),\"\")","v":""},{"$f":"IFERROR(VLOOKUP(C8827,参数!$B:$H,4,0),\"\")","v":""},{"$f":"IFERROR(VLOOKUP(C8827,参数!B:H,3,FALSE),\"\")","v":""},"",1]
[8827,{"$nulls":6},{"$f":"IFERROR(VLOOKUP(C8828,参数!$B:$H,2,0),\"\")","v":""},{"$f":"IFERROR(VLOOKUP(C8828,参数!$B:$H,4,0),\"\")","v":""},{"$f":"IFERROR(VLOOKUP(C8828,参数!B:H,3,FALSE),\"\")","v":""},"",1]
[8828,{"$nulls":6},{"$f":"IFERROR(VLOOKUP(C8829,参数!$B:$H,2,0),\"\")","v":""},{"$f":"IFERROR(VLOOKUP(C8829,参数!$B:$H,4,0),\"\")","v":""},{"$f":"IFERROR(VLOOKUP(C8829,参数!B:H,3,FALSE),\"\")","v":""},"",1]
[8829,{"$nulls":6},{"$f":"IFERROR(VLOOKUP(C8830,参数!$B:$H,2,0),\"\")","v":""},{"$f":"IFERROR(VLOOKUP(C8830,参数!$B:$H,4,0),\"\")","v":""},{"$f":"IFERROR(VLOOKUP(C8830,参数!B:H,3,FALSE),\"\")","v":""},"",1]
[8830,{"$nulls":6},{"$f":"IFERROR(VLOOKUP(C8831,参数!$B:$H,2,0),\"\")","v":""},{"$f":"IFERROR(VLOOKUP(C8831,参数!$B:$H,4,0),\"\")","v":""},{"$f":"IFERROR(VLOOKUP(C8831,参数!B:H,3,FALSE),\"\")","v":""},"",1]
[8831,{"$nulls":6},{"$f":"IFERROR(VLOOKUP(C8832,参数!$B:$H,2,0),\"\")","v":""},{"$f":"IFERROR(VLOOKUP(C8832,参数!$B:$H,4,0),\"\")","v":""},{"$f":"IFERROR(VLOOKUP(C8832,参数!B:H,3,FALSE),\"\")","v":""},"",1]
[8832,{"$nulls":6},{"$f":"IFERROR(VLOOKUP(C8833,参数!$B:$H,2,0),\"\")","v":""},{"$f":"IFERROR(VLOOKUP(C8833,参数!$B:$H,4,0),\"\")","v":""},{"$f":"IFERROR(VLOOKUP(C8833,参数!B:H,3,FALSE),\"\")","v":""},"",1]
[8833,{"$nulls":6},{"$f":"IFERROR(VLOOKUP(C8834,参数!$B:$H,2,0),\"\")","v":""},{"$f":"IFERROR(VLOOKUP(C8834,参数!$B:$H,4,0),\"\")","v":""},{"$f":"IFERROR(VLOOKUP(C8834,参数!B:H,3,FALSE),\"\")","v":""},"",{"$f":"VALUE(MONTH(B8834))","v":1}]
[8834,{"$nulls":6},{"$f":"IFERROR(VLOOKUP(C8835,参数!$B:$H,2,0),\"\")","v":""},{"$f":"IFERROR(VLOOKUP(C8835,参数!$B:$H,4,0),\"\")","v":""},{"$f":"IFERROR(VLOOKUP(C8835,参数!B:H,3,FALSE),\"\")","v":""},"",1]
[8835,{"$nulls":6},{"$f":"IFERROR(VLOOKUP(C8836,参数!$B:$H,2,0),\"\")","v":""},{"$f":"IFERROR(VLOOKUP(C8836,参数!$B:$H,4,0),\"\")","v":""},{"$f":"IFERROR(VLOOKUP(C8836,参数!B:H,3,FALSE),\"\")","v":""},"",1]
[8836,{"$nulls":6},{"$f":"IFERROR(VLOOKUP(C8837,参数!$B:$H,2,0),\"\")","v":""},{"$f":"IFERROR(VLOOKUP(C8837,参数!$B:$H,4,0),\"\")","v":""},{"$f":"IFERROR(VLOOKUP(C8837,参数!B:H,3,FALSE),\"\")","v":""},"",1]
[8837,{"$nulls":6},{"$f":"IFERROR(VLOOKUP(C8838,参数!$B:$H,2,0),\"\")","v":""},{"$f":"IFERROR(VLOOKUP(C8838,参数!$B:$H,4,0),\"\")","v":""},{"$f":"IFERROR(VLOOKUP(C8838,参数!B:H,3,FALSE),\"\")","v":""},"",1]
[8838,{"$nulls":6},{"$f":"IFERROR(VLOOKUP(C8839,参数!$B:$H,2,0),\"\")","v":""},{"$f":"IFERROR(VLOOKUP(C8839,参数!$B:$H,4,0),\"\")","v":""},{"$f":"IFERROR(VLOOKUP(C8839,参数!B:H,3,FALSE),\"\")","v":""},"",1]
[8839,{"$nulls":6},{"$f":"IFERROR(VLOOKUP(C8840,参数!$B:$H,2,0),\"\")","v":""},{"$f":"IFERROR(VLOOKUP(C8840,参数!$B:$H,4,0),\"\")","v":""},{"$f":"IFERROR(VLOOKUP(C8840,参数!B:H,3,FALSE),\"\")","v":""},"",1]
[8840,{"$nulls":6},{"$f":"IFERROR(VLOOKUP(C8841,参数!$B:$H,2,0),\"\")","v":""},{"$f":"IFERROR(VLOOKUP(C8841,参数!$B:$H,4,0),\"\")","v":""},{"$f":"IFERROR(VLOOKUP(C8841,参数!B:H,3,FALSE),\"\")","v":""},"",1]
[8841,{"$nulls":6},{"$f":"IFERROR(VLOOKUP(C8842,参数!$B:$H,2,0),\"\")","v":""},{"$f":"IFERROR(VLOOKUP(C8842,参数!$B:$H,4,0),\"\")","v":""},{"$f":"IFERROR(VLOOKUP(C8842,参数!B:H,3,FALSE),\"\")","v":""},"",1]
[8842,{"$nulls":6},{"$f":"IFERROR(VLOOKUP(C8843,参数!$B:$H,2,0),\"\")","v":""},{"$f":"IFERROR(VLOOKUP(C8843,参数!$B:$H,4,0),\"\")","v":""},{"$f":"IFERROR(VLOOKUP(C8843,参数!B:H,3,FALSE),\"\")","v":""},"",1]
[8843,{"$nulls":6},{"$f":"IFERROR(VLOOKUP(C8844,参数!$B:$H,2,0),\"\")","v":""},{"$f":"IFERROR(VLOOKUP(C8844,参数!$B:$H,4,0),\"\")","v":""},{"$f":"IFERROR(VLOOKUP(C8844,参数!B:H,3,FALSE),\"\")","v":""},"",1]
[8844,{"$nulls":6},{"$f":"IFERROR(VLOOKUP(C8845,参数!$B:$H,2,0),\"\")","v":""},{"$f":"IFERROR(VLOOKUP(C8845,参数!$B:$H,4,0),\"\")","v":""},{"$f":"IFERROR(VLOOKUP(C8845,参数!B:H,3,FALSE),\"\")","v":""},"",1]
[8845,{"$nulls":6},{"$f":"IFERROR(VLOOKUP(C8846,参数!$B:$H,2,0),\"\")","v":""},{"$f":"IFERROR(VLOOKUP(C8846,参数!$B:$H,4,0),\"\")","v":""},{"$f":"IFERROR(VLOOKUP(C8846,参数!B:H,3,FALSE),\"\")","v":""},"",1]
[8846,{"$nulls":6},{"$f":"IFERROR(VLOOKUP(C8847,参数!$B:$H,2,0),\"\")","v":""},{"$f":"IFERROR(VLOOKUP(C8847,参数!$B:$H,4,0),\"\")","v":""},{"$f":"IFERROR(VLOOKUP(C8847,参数!B:H,3,FALSE),\"\")","v":""},"",1]
[8847,{"$nulls":6},{"$f":"IFERROR(VLOOKUP(C8848,参数!$B:$H,2,0),\"\")","v":""},{"$f":"IFERROR(VLOOKUP(C8848,参数!$B:$H,4,0),\"\")","v":""},{"$f":"IFERROR(VLOOKUP(C8848,参数!B:H,3,FALSE),\"\")","v":""},"",1]
[8848,{"$nulls":6},{"$f":"IFERROR(VLOOKUP(C8849,参数!$B:$H,2,0),\"\")","v":""},{"$f":"IFERROR(VLOOKUP(C8849,参数!$B:$H,4,0),\"\")","v":""},{"$f":"IFERROR(VLOOKUP(C8849,参数!B:H,3,FALSE),\"\")","v":""},"",1]
[8849,{"$nulls":6},{"$f":"IFERROR(VLOOKUP(C8850,参数!$B:$H,2,0),\"\")","v":""},{"$f":"IFERROR(VLOOKUP(C8850,参数!$B:$H,4,0),\"\")","v":""},{"$f":"IFERROR(VLOOKUP(C8850,参数!B:H,3,FALSE),\"\")","v":""},"",1]
[8850,{"$nulls":6},{"$f":"IFERROR(VLOOKUP(C8851,参数!$B:$H,2,0),\"\")","v":""},{"$f":"IFERROR(VLOOKUP(C8851,参数!$B:$H,4,0),\"\")","v":""},{"$f":"IFERROR(VLOOKUP(C8851,参数!B:H,3,FALSE),\"\")","v":""},"",1]
[8851,{"$nulls":6},{"$f":"IFERROR(VLOOKUP(C8852,参数!$B:$H,2,0),\"\")","v":""},{"$f":"IFERROR(VLOOKUP(C8852,参数!$B:$H,4,0),\"\")","v":""},{"$f":"IFERROR(VLOOKUP(C8852,参数!B:H,3,FALSE),\"\")","v":""},"",1]
[8852,{"$nulls":6},{"$f":"IFERROR(VLOOKUP(C8853,参数!$B:$H,2,0),\"\")","v":""},{"$f":"IFERROR(VLOOKUP(C8853,参数!$B:$H,4,0),\"\")","v":""},{"$f":"IFERROR(VLOOKUP(C8853,参数!B:H,3,FALSE),\"\")","v":""},"",1]
[8853,{"$nulls":6},{"$f":"IFERROR(VLOOKUP(C8854,参数!$B:$H,2,0),\"\")","v":""},{"$f":"IFERROR(VLOOKUP(C8854,参数!$B:$H,4,0),\"\")","v":""},{"$f":"IFERROR(VLOOKUP(C8854,参数!B:H,3,FALSE),\"\")","v":""},"",1]
[8854,{"$nulls":6},{"$f":"IFERROR(VLOOKUP(C8855,参数!$B:$H,2,0),\"\")","v":""},{"$f":"IFERROR(VLOOKUP(C8855,参数!$B:$H,4,0),\"\")","v":""},{"$f":"IFERROR(VLOOKUP(C8855,参数!B:H,3,FALSE),\"\")","v":""},"",1]
[8855,{"$nulls":6},{"$f":"IFERROR(VLOOKUP(C8856,参数!$B:$H,2,0),\"\")","v":""},{"$f":"IFERROR(VLOOKUP(C8856,参数!$B:$H,4,0),\"\")","v":""},{"$f":"IFERROR(VLOOKUP(C8856,参数!B:H,3,FALSE),\"\")","v":""},"",1]
[8856,{"$nulls":6},{"$f":"IFERROR(VLOOKUP(C8857,参数!$B:$H,2,0),\"\")","v":""},{"$f":"IFERROR(VLOOKUP(C8857,参数!$B:$H,4,0),\"\")","v":""},{"$f":"IFERROR(VLOOKUP(C8857,参数!B:H,3,FALSE),\"\")","v":""},"",1]
[8857,{"$nulls":6},{"$f":"IFERROR(VLOOKUP(C8858,参数!$B:$H,2,0),\"\")","v":""},{"$f":"IFERROR(VLOOKUP(C8858,参数!$B:$H,4,0),\"\")","v":""},{"$f":"IFERROR(VLOOKUP(C8858,参数!B:H,3,FALSE),\"\")","v":""},"",1]
[8858,{"$nulls":6},{"$f":"IFERROR(VLOOKUP(C8859,参数!$B:$H,2,0),\"\")","v":""},{"$f":"IFERROR(VLOOKUP(C8859,参数!$B:$H,4,0),\"\")","v":""},{"$f":"IFERROR(VLOOKUP(C8859,参数!B:H,3,FALSE),\"\")","v":""},"",1]
[8859,{"$nulls":6},{"$f":"IFERROR(VLOOKUP(C8860,参数!$B:$H,2,0),\"\")","v":""},{"$f":"IFERROR(VLOOKUP(C8860,参数!$B:$H,4,0),\"\")","v":""},{"$f":"IFERROR(VLOOKUP(C8860,参数!B:H,3,FALSE),\"\")","v":""},"",1]
[8860,{"$nulls":6},{"$f":"IFERROR(VLOOKUP(C8861,参数!$B:$H,2,0),\"\")","v":""},{"$f":"IFERROR(VLOOKUP(C8861,参数!$B:$H,4,0),\"\")","v":""},{"$f":"IFERROR(VLOOKUP(C8861,参数!B:H,3,FALSE),\"\")","v":""},"",1]
[8861,{"$nulls":6},{"$f":"IFERROR(VLOOKUP(C8862,参数!$B:$H,2,0),\"\")","v":""},{"$f":"IFERROR(VLOOKUP(C8862,参数!$B:$H,4,0),\"\")","v":""},{"$f":"IFERROR(VLOOKUP(C8862,参数!B:H,3,FALSE),\"\")","v":""},"",1]
[8862,{"$nulls":6},{"$f":"IFERROR(VLOOKUP(C8863,参数!$B:$H,2,0),\"\")","v":""},{"$f":"IFERROR(VLOOKUP(C8863,参数!$B:$H,4,0),\"\")","v":""},{"$f":"IFERROR(VLOOKUP(C8863,参数!B:H,3,FALSE),\"\")","v":""},"",1]
[8863,{"$nulls":6},{"$f":"IFERROR(VLOOKUP(C8864,参数!$B:$H,2,0),\"\")","v":""},{"$f":"IFERROR(VLOOKUP(C8864,参数!$B:$H,4,0),\"\")","v":""},{"$f":"IFERROR(VLOOKUP(C8864,参数!B:H,3,FALSE),\"\")","v":""},"",1]
[8864,{"$nulls":6},{"$f":"IFERROR(VLOOKUP(C8865,参数!$B:$H,2,0),\"\")","v":""},{"$f":"IFERROR(VLOOKUP(C8865,参数!$B:$H,4,0),\"\")","v":""},{"$f":"IFERROR(VLOOKUP(C8865,参数!B:H,3,FALSE),\"\")","v":""},"",1]
[8865,{"$nulls":6},{"$f":"IFERROR(VLOOKUP(C8866,参数!$B:$H,2,0),\"\")","v":""},{"$f":"IFERROR(VLOOKUP(C8866,参数!$B:$H,4,0),\"\")","v":""},{"$f":"IFERROR(VLOOKUP(C8866,参数!B:H,3,FALSE),\"\")","v":""},"",1]
[8866,{"$nulls":6},{"$f":"IFERROR(VLOOKUP(C8867,参数!$B:$H,2,0),\"\")","v":""},{"$f":"IFERROR(VLOOKUP(C8867,参数!$B:$H,4,0),\"\")","v":""},{"$f":"IFERROR(VLOOKUP(C8867,参数!B:H,3,FALSE),\"\")","v":""},"",1]
[8867,{"$nulls":6},{"$f":"IFERROR(VLOOKUP(C8868,参数!$B:$H,2,0),\"\")","v":""},{"$f":"IFERROR(VLOOKUP(C8868,参数!$B:$H,4,0),\"\")","v":""},{"$f":"IFERROR(VLOOKUP(C8868,参数!B:H,3,FALSE),\"\")","v":""},"",1]
[8868,{"$nulls":6},{"$f":"IFERROR(VLOOKUP(C8869,参数!$B:$H,2,0),\"\")","v":""},{"$f":"IFERROR(VLOOKUP(C8869,参数!$B:$H,4,0),\"\")","v":""},{"$f":"IFERROR(VLOOKUP(C8869,参数!B:H,3,FALSE),\"\")","v":""},{"$f":"IFERROR(J8869*E8869,\"\")","v":""},1]
[8869,{"$nulls":6},{"$f":"IFERROR(VLOOKUP(C8870,参数!$B:$H,2,0),\"\")","v":""},{"$f":"IFERROR(VLOOKUP(C8870,参数!$B:$H,4,0),\"\")","v":""},{"$f":"IFERROR(VLOOKUP(C8870,参数!B:H,3,FALSE),\"\")","v":""},"",1]
[8870,{"$nulls":6},{"$f":"IFERROR(VLOOKUP(C8871,参数!$B:$H,2,0),\"\")","v":""},{"$f":"IFERROR(VLOOKUP(C8871,参数!$B:$H,4,0),\"\")","v":""},{"$f":"IFERROR(VLOOKUP(C8871,参数!B:H,3,FALSE),\"\")","v":""},"",1]
[8871,{"$nulls":6},{"$f":"IFERROR(VLOOKUP(C8872,参数!$B:$H,2,0),\"\")","v":""},{"$f":"IFERROR(VLOOKUP(C8872,参数!$B:$H,4,0),\"\")","v":""},{"$f":"IFERROR(VLOOKUP(C8872,参数!B:H,3,FALSE),\"\")","v":""},"",1]
[8872,{"$nulls":6},{"$f":"IFERROR(VLOOKUP(C8873,参数!$B:$H,2,0),\"\")","v":""},{"$f":"IFERROR(VLOOKUP(C8873,参数!$B:$H,4,0),\"\")","v":""},{"$f":"IFERROR(VLOOKUP(C8873,参数!B:H,3,FALSE),\"\")","v":""},"",1]
[8873,{"$nulls":6},{"$f":"IFERROR(VLOOKUP(C8874,参数!$B:$H,2,0),\"\")","v":""},{"$f":"IFERROR(VLOOKUP(C8874,参数!$B:$H,4,0),\"\")","v":""},{"$f":"IFERROR(VLOOKUP(C8874,参数!B:H,3,FALSE),\"\")","v":""},"",1]
[8874,{"$nulls":6},{"$f":"IFERROR(VLOOKUP(C8875,参数!$B:$H,2,0),\"\")","v":""},{"$f":"IFERROR(VLOOKUP(C8875,参数!$B:$H,4,0),\"\")","v":""},{"$f":"IFERROR(VLOOKUP(C8875,参数!B:H,3,FALSE),\"\")","v":""},"",1]
[8875,{"$nulls":6},{"$f":"IFERROR(VLOOKUP(C8876,参数!$B:$H,2,0),\"\")","v":""},{"$f":"IFERROR(VLOOKUP(C8876,参数!$B:$H,4,0),\"\")","v":""},{"$f":"IFERROR(VLOOKUP(C8876,参数!B:H,3,FALSE),\"\")","v":""},"",1]
[8876,{"$nulls":6},{"$f":"IFERROR(VLOOKUP(C8877,参数!$B:$H,2,0),\"\")","v":""},{"$f":"IFERROR(VLOOKUP(C8877,参数!$B:$H,4,0),\"\")","v":""},{"$f":"IFERROR(VLOOKUP(C8877,参数!B:H,3,FALSE),\"\")","v":""},"",1]
[8877,{"$nulls":6},{"$f":"IFERROR(VLOOKUP(C8878,参数!$B:$H,2,0),\"\")","v":""},{"$f":"IFERROR(VLOOKUP(C8878,参数!$B:$H,4,0),\"\")","v":""},{"$f":"IFERROR(VLOOKUP(C8878,参数!B:H,3,FALSE),\"\")","v":""},"",1]
[8878,{"$nulls":6},{"$f":"IFERROR(VLOOKUP(C8879,参数!$B:$H,2,0),\"\")","v":""},{"$f":"IFERROR(VLOOKUP(C8879,参数!$B:$H,4,0),\"\")","v":""},{"$f":"IFERROR(VLOOKUP(C8879,参数!B:H,3,FALSE),\"\")","v":""},"",1]
[8879,{"$nulls":6},{"$f":"IFERROR(VLOOKUP(C8880,参数!$B:$H,2,0),\"\")","v":""},{"$f":"IFERROR(VLOOKUP(C8880,参数!$B:$H,4,0),\"\")","v":""},{"$f":"IFERROR(VLOOKUP(C8880,参数!B:H,3,FALSE),\"\")","v":""},"",1]
[8880,{"$nulls":6},{"$f":"IFERROR(VLOOKUP(C8881,参数!$B:$H,2,0),\"\")","v":""},{"$f":"IFERROR(VLOOKUP(C8881,参数!$B:$H,4,0),\"\")","v":""},{"$f":"IFERROR(VLOOKUP(C8881,参数!B:H,3,FALSE),\"\")","v":""},"",1]
[8881,{"$nulls":6},{"$f":"IFERROR(VLOOKUP(C8882,参数!$B:$H,2,0),\"\")","v":""},{"$f":"IFERROR(VLOOKUP(C8882,参数!$B:$H,4,0),\"\")","v":""},{"$f":"IFERROR(VLOOKUP(C8882,参数!B:H,3,FALSE),\"\")","v":""},"",1]
[8882,{"$nulls":6},{"$f":"IFERROR(VLOOKUP(C8883,参数!$B:$H,2,0),\"\")","v":""},{"$f":"IFERROR(VLOOKUP(C8883,参数!$B:$H,4,0),\"\")","v":""},{"$f":"IFERROR(VLOOKUP(C8883,参数!B:H,3,FALSE),\"\")","v":""},"",1]
[8883,{"$nulls":6},{"$f":"IFERROR(VLOOKUP(C8884,参数!$B:$H,2,0),\"\")","v":""},{"$f":"IFERROR(VLOOKUP(C8884,参数!$B:$H,4,0),\"\")","v":""},{"$f":"IFERROR(VLOOKUP(C8884,参数!B:H,3,FALSE),\"\")","v":""},"",1]
[8884,{"$nulls":6},{"$f":"IFERROR(VLOOKUP(C8885,参数!$B:$H,2,0),\"\")","v":""},{"$f":"IFERROR(VLOOKUP(C8885,参数!$B:$H,4,0),\"\")","v":""},{"$f":"IFERROR(VLOOKUP(C8885,参数!B:H,3,FALSE),\"\")","v":""},"",1]
[8885,{"$nulls":6},{"$f":"IFERROR(VLOOKUP(C8886,参数!$B:$H,2,0),\"\")","v":""},{"$f":"IFERROR(VLOOKUP(C8886,参数!$B:$H,4,0),\"\")","v":""},{"$f":"IFERROR(VLOOKUP(C8886,参数!B:H,3,FALSE),\"\")","v":""},"",1]
[8886,{"$nulls":6},{"$f":"IFERROR(VLOOKUP(C8887,参数!$B:$H,2,0),\"\")","v":""},{"$f":"IFERROR(VLOOKUP(C8887,参数!$B:$H,4,0),\"\")","v":""},{"$f":"IFERROR(VLOOKUP(C8887,参数!B:H,3,FALSE),\"\")","v":""},"",1]
[8887,{"$nulls":6},{"$f":"IFERROR(VLOOKUP(C8888,参数!$B:$H,2,0),\"\")","v":""},{"$f":"IFERROR(VLOOKUP(C8888,参数!$B:$H,4,0),\"\")","v":""},{"$f":"IFERROR(VLOOKUP(C8888,参数!B:H,3,FALSE),\"\")","v":""},"",1]
[8888,{"$nulls":6},{"$f":"IFERROR(VLOOKUP(C8889,参数!$B:$H,2,0),\"\")","v":""},{"$f":"IFERROR(VLOOKUP(C8889,参数!$B:$H,4,0),\"\")","v":""},{"$f":"IFERROR(VLOOKUP(C8889,参数!B:H,3,FALSE),\"\")","v":""},"",1]
[8889,{"$nulls":6},{"$f":"IFERROR(VLOOKUP(C8890,参数!$B:$H,2,0),\"\")","v":""},{"$f":"IFERROR(VLOOKUP(C8890,参数!$B:$H,4,0),\"\")","v":""},{"$f":"IFERROR(VLOOKUP(C8890,参数!B:H,3,FALSE),\"\")","v":""},"",1]
[8890,{"$nulls":6},{"$f":"IFERROR(VLOOKUP(C8891,参数!$B:$H,2,0),\"\")","v":""},{"$f":"IFERROR(VLOOKUP(C8891,参数!$B:$H,4,0),\"\")","v":""},{"$f":"IFERROR(VLOOKUP(C8891,参数!B:H,3,FALSE),\"\")","v":""},"",1]
[8891,{"$nulls":6},{"$f":"IFERROR(VLOOKUP(C8892,参数!$B:$H,2,0),\"\")","v":""},{"$f":"IFERROR(VLOOKUP(C8892,参数!$B:$H,4,0),\"\")","v":""},{"$f":"IFERROR(VLOOKUP(C8892,参数!B:H,3,FALSE),\"\")","v":""},"",1]
[8892,{"$nulls":6},{"$f":"IFERROR(VLOOKUP(C8893,参数!$B:$H,2,0),\"\")","v":""},{"$f":"IFERROR(VLOOKUP(C8893,参数!$B:$H,4,0),\"\")","v":""},{"$f":"IFERROR(VLOOKUP(C8893,参数!B:H,3,FALSE),\"\")","v":""},"",1]
[8893,{"$nulls":6},{"$f":"IFERROR(VLOOKUP(C8894,参数!$B:$H,2,0),\"\")","v":""},{"$f":"IFERROR(VLOOKUP(C8894,参数!$B:$H,4,0),\"\")","v":""},{"$f":"IFERROR(VLOOKUP(C8894,参数!B:H,3,FALSE),\"\")","v":""},"",1]
[8894,{"$nulls":6},{"$f":"IFERROR(VLOOKUP(C8895,参数!$B:$H,2,0),\"\")","v":""},{"$f":"IFERROR(VLOOKUP(C8895,参数!$B:$H,4,0),\"\")","v":""},{"$f":"IFERROR(VLOOKUP(C8895,参数!B:H,3,FALSE),\"\")","v":""},"",1]
[8895,{"$nulls":6},{"$f":"IFERROR(VLOOKUP(C8896,参数!$B:$H,2,0),\"\")","v":""},{"$f":"IFERROR(VLOOKUP(C8896,参数!$B:$H,4,0),\"\")","v":""},{"$f":"IFERROR(VLOOKUP(C8896,参数!B:H,3,FALSE),\"\")","v":""},"",1]
[8896,{"$nulls":6},{"$f":"IFERROR(VLOOKUP(C8897,参数!$B:$H,2,0),\"\")","v":""},{"$f":"IFERROR(VLOOKUP(C8897,参数!$B:$H,4,0),\"\")","v":""},{"$f":"IFERROR(VLOOKUP(C8897,参数!B:H,3,FALSE),\"\")","v":""},"",1]
[8897,{"$nulls":6},{"$f":"IFERROR(VLOOKUP(C8898,参数!$B:$H,2,0),\"\")","v":""},{"$f":"IFERROR(VLOOKUP(C8898,参数!$B:$H,4,0),\"\")","v":""},{"$f":"IFERROR(VLOOKUP(C8898,参数!B:H,3,FALSE),\"\")","v":""},"",{"$f":"VALUE(MONTH(B8898))","v":1}]
[8898,{"$nulls":6},{"$f":"IFERROR(VLOOKUP(C8899,参数!$B:$H,2,0),\"\")","v":""},{"$f":"IFERROR(VLOOKUP(C8899,参数!$B:$H,4,0),\"\")","v":""},{"$f":"IFERROR(VLOOKUP(C8899,参数!B:H,3,FALSE),\"\")","v":""},"",1]
[8899,{"$nulls":6},{"$f":"IFERROR(VLOOKUP(C8900,参数!$B:$H,2,0),\"\")","v":""},{"$f":"IFERROR(VLOOKUP(C8900,参数!$B:$H,4,0),\"\")","v":""},{"$f":"IFERROR(VLOOKUP(C8900,参数!B:H,3,FALSE),\"\")","v":""},"",1]
[8900,{"$nulls":6},{"$f":"IFERROR(VLOOKUP(C8901,参数!$B:$H,2,0),\"\")","v":""},{"$f":"IFERROR(VLOOKUP(C8901,参数!$B:$H,4,0),\"\")","v":""},{"$f":"IFERROR(VLOOKUP(C8901,参数!B:H,3,FALSE),\"\")","v":""},"",1]
[8901,{"$nulls":6},{"$f":"IFERROR(VLOOKUP(C8902,参数!$B:$H,2,0),\"\")","v":""},{"$f":"IFERROR(VLOOKUP(C8902,参数!$B:$H,4,0),\"\")","v":""},{"$f":"IFERROR(VLOOKUP(C8902,参数!B:H,3,FALSE),\"\")","v":""},"",1]
[8902,{"$nulls":6},{"$f":"IFERROR(VLOOKUP(C8903,参数!$B:$H,2,0),\"\")","v":""},{"$f":"IFERROR(VLOOKUP(C8903,参数!$B:$H,4,0),\"\")","v":""},{"$f":"IFERROR(VLOOKUP(C8903,参数!B:H,3,FALSE),\"\")","v":""},"",1]
[8903,{"$nulls":6},{"$f":"IFERROR(VLOOKUP(C8904,参数!$B:$H,2,0),\"\")","v":""},{"$f":"IFERROR(VLOOKUP(C8904,参数!$B:$H,4,0),\"\")","v":""},{"$f":"IFERROR(VLOOKUP(C8904,参数!B:H,3,FALSE),\"\")","v":""},"",1]
[8904,{"$nulls":6},{"$f":"IFERROR(VLOOKUP(C8905,参数!$B:$H,2,0),\"\")","v":""},{"$f":"IFERROR(VLOOKUP(C8905,参数!$B:$H,4,0),\"\")","v":""},{"$f":"IFERROR(VLOOKUP(C8905,参数!B:H,3,FALSE),\"\")","v":""},"",1]
[8905,{"$nulls":6},{"$f":"IFERROR(VLOOKUP(C8906,参数!$B:$H,2,0),\"\")","v":""},{"$f":"IFERROR(VLOOKUP(C8906,参数!$B:$H,4,0),\"\")","v":""},{"$f":"IFERROR(VLOOKUP(C8906,参数!B:H,3,FALSE),\"\")","v":""},"",1]
[8906,{"$nulls":6},{"$f":"IFERROR(VLOOKUP(C8907,参数!$B:$H,2,0),\"\")","v":""},{"$f":"IFERROR(VLOOKUP(C8907,参数!$B:$H,4,0),\"\")","v":""},{"$f":"IFERROR(VLOOKUP(C8907,参数!B:H,3,FALSE),\"\")","v":""},"",1]
[8907,{"$nulls":6},{"$f":"IFERROR(VLOOKUP(C8908,参数!$B:$H,2,0),\"\")","v":""},{"$f":"IFERROR(VLOOKUP(C8908,参数!$B:$H,4,0),\"\")","v":""},{"$f":"IFERROR(VLOOKUP(C8908,参数!B:H,3,FALSE),\"\")","v":""},"",1]
[8908,{"$nulls":6},{"$f":"IFERROR(VLOOKUP(C8909,参数!$B:$H,2,0),\"\")","v":""},{"$f":"IFERROR(VLOOKUP(C8909,参数!$B:$H,4,0),\"\")","v":""},{"$f":"IFERROR(VLOOKUP(C8909,参数!B:H,3,FALSE),\"\")","v":""},"",1]
[8909,{"$nulls":6},{"$f":"IFERROR(VLOOKUP(C8910,参数!$B:$H,2,0),\"\")","v":""},{"$f":"IFERROR(VLOOKUP(C8910,参数!$B:$H,4,0),\"\")","v":""},{"$f":"IFERROR(VLOOKUP(C8910,参数!B:H,3,FALSE),\"\")","v":""},"",1]
[8910,{"$nulls":6},{"$f":"IFERROR(VLOOKUP(C8911,参数!$B:$H,2,0),\"\")","v":""},{"$f":"IFERROR(VLOOKUP(C8911,参数!$B:$H,4,0),\"\")","v":""},{"$f":"IFERROR(VLOOKUP(C8911,参数!B:H,3,FALSE),\"\")","v":""},"",1]
[8911,{"$nulls":6},{"$f":"IFERROR(VLOOKUP(C8912,参数!$B:$H,2,0),\"\")","v":""},{"$f":"IFERROR(VLOOKUP(C8912,参数!$B:$H,4,0),\"\")","v":""},{"$f":"IFERROR(VLOOKUP(C8912,参数!B:H,3,FALSE),\"\")","v":""},"",1]
[8912,{"$nulls":6},{"$f":"IFERROR(VLOOKUP(C8913,参数!$B:$H,2,0),\"\")","v":""},{"$f":"IFERROR(VLOOKUP(C8913,参数!$B:$H,4,0),\"\")","v":""},{"$f":"IFERROR(VLOOKUP(C8913,参数!B:H,3,FALSE),\"\")","v":""},"",1]
[8913,{"$nulls":6},{"$f":"IFERROR(VLOOKUP(C8914,参数!$B:$H,2,0),\"\")","v":""},{"$f":"IFERROR(VLOOKUP(C8914,参数!$B:$H,4,0),\"\")","v":""},{"$f":"IFERROR(VLOOKUP(C8914,参数!B:H,3,FALSE),\"\")","v":""},"",1]
[8914,{"$nulls":6},{"$f":"IFERROR(VLOOKUP(C8915,参数!$B:$H,2,0),\"\")","v":""},{"$f":"IFERROR(VLOOKUP(C8915,参数!$B:$H,4,0),\"\")","v":""},{"$f":"IFERROR(VLOOKUP(C8915,参数!B:H,3,FALSE),\"\")","v":""},"",1]
[8915,{"$nulls":6},{"$f":"IFERROR(VLOOKUP(C8916,参数!$B:$H,2,0),\"\")","v":""},{"$f":"IFERROR(VLOOKUP(C8916,参数!$B:$H,4,0),\"\")","v":""},{"$f":"IFERROR(VLOOKUP(C8916,参数!B:H,3,FALSE),\"\")","v":""},"",1]
[8916,{"$nulls":6},{"$f":"IFERROR(VLOOKUP(C8917,参数!$B:$H,2,0),\"\")","v":""},{"$f":"IFERROR(VLOOKUP(C8917,参数!$B:$H,4,0),\"\")","v":""},{"$f":"IFERROR(VLOOKUP(C8917,参数!B:H,3,FALSE),\"\")","v":""},"",1]
[8917,{"$nulls":6},{"$f":"IFERROR(VLOOKUP(C8918,参数!$B:$H,2,0),\"\")","v":""},{"$f":"IFERROR(VLOOKUP(C8918,参数!$B:$H,4,0),\"\")","v":""},{"$f":"IFERROR(VLOOKUP(C8918,参数!B:H,3,FALSE),\"\")","v":""},"",1]
[8918,{"$nulls":6},{"$f":"IFERROR(VLOOKUP(C8919,参数!$B:$H,2,0),\"\")","v":""},{"$f":"IFERROR(VLOOKUP(C8919,参数!$B:$H,4,0),\"\")","v":""},{"$f":"IFERROR(VLOOKUP(C8919,参数!B:H,3,FALSE),\"\")","v":""},"",1]
[8919,{"$nulls":6},{"$f":"IFERROR(VLOOKUP(C8920,参数!$B:$H,2,0),\"\")","v":""},{"$f":"IFERROR(VLOOKUP(C8920,参数!$B:$H,4,0),\"\")","v":""},{"$f":"IFERROR(VLOOKUP(C8920,参数!B:H,3,FALSE),\"\")","v":""},"",1]
[8920,{"$nulls":6},{"$f":"IFERROR(VLOOKUP(C8921,参数!$B:$H,2,0),\"\")","v":""},{"$f":"IFERROR(VLOOKUP(C8921,参数!$B:$H,4,0),\"\")","v":""},{"$f":"IFERROR(VLOOKUP(C8921,参数!B:H,3,FALSE),\"\")","v":""},"",1]
[8921,{"$nulls":6},{"$f":"IFERROR(VLOOKUP(C8922,参数!$B:$H,2,0),\"\")","v":""},{"$f":"IFERROR(VLOOKUP(C8922,参数!$B:$H,4,0),\"\")","v":""},{"$f":"IFERROR(VLOOKUP(C8922,参数!B:H,3,FALSE),\"\")","v":""},"",1]
[8922,{"$nulls":6},{"$f":"IFERROR(VLOOKUP(C8923,参数!$B:$H,2,0),\"\")","v":""},{"$f":"IFERROR(VLOOKUP(C8923,参数!$B:$H,4,0),\"\")","v":""},{"$f":"IFERROR(VLOOKUP(C8923,参数!B:H,3,FALSE),\"\")","v":""},"",1]
[8923,{"$nulls":6},{"$f":"IFERROR(VLOOKUP(C8924,参数!$B:$H,2,0),\"\")","v":""},{"$f":"IFERROR(VLOOKUP(C8924,参数!$B:$H,4,0),\"\")","v":""},{"$f":"IFERROR(VLOOKUP(C8924,参数!B:H,3,FALSE),\"\")","v":""},"",1]
[8924,{"$nulls":6},{"$f":"IFERROR(VLOOKUP(C8925,参数!$B:$H,2,0),\"\")","v":""},{"$f":"IFERROR(VLOOKUP(C8925,参数!$B:$H,4,0),\"\")","v":""},{"$f":"IFERROR(VLOOKUP(C8925,参数!B:H,3,FALSE),\"\")","v":""},"",1]
[8925,{"$nulls":6},{"$f":"IFERROR(VLOOKUP(C8926,参数!$B:$H,2,0),\"\")","v":""},{"$f":"IFERROR(VLOOKUP(C8926,参数!$B:$H,4,0),\"\")","v":""},{"$f":"IFERROR(VLOOKUP(C8926,参数!B:H,3,FALSE),\"\")","v":""},"",1]
[8926,{"$nulls":6},{"$f":"IFERROR(VLOOKUP(C8927,参数!$B:$H,2,0),\"\")","v":""},{"$f":"IFERROR(VLOOKUP(C8927,参数!$B:$H,4,0),\"\")","v":""},{"$f":"IFERROR(VLOOKUP(C8927,参数!B:H,3,FALSE),\"\")","v":""},"",1]
[8927,{"$nulls":6},{"$f":"IFERROR(VLOOKUP(C8928,参数!$B:$H,2,0),\"\")","v":""},{"$f":"IFERROR(VLOOKUP(C8928,参数!$B:$H,4,0),\"\")","v":""},{"$f":"IFERROR(VLOOKUP(C8928,参数!B:H,3,FALSE),\"\")","v":""},"",1]
[8928,{"$nulls":6},{"$f":"IFERROR(VLOOKUP(C8929,参数!$B:$H,2,0),\"\")","v":""},{"$f":"IFERROR(VLOOKUP(C8929,参数!$B:$H,4,0),\"\")","v":""},{"$f":"IFERROR(VLOOKUP(C8929,参数!B:H,3,FALSE),\"\")","v":""},"",1]
[8929,{"$nulls":6},{"$f":"IFERROR(VLOOKUP(C8930,参数!$B:$H,2,0),\"\")","v":""},{"$f":"IFERROR(VLOOKUP(C8930,参数!$B:$H,4,0),\"\")","v":""},{"$f":"IFERROR(VLOOKUP(C8930,参数!B:H,3,FALSE),\"\")","v":""},"",1]
[8930,{"$nulls":6},{"$f":"IFERROR(VLOOKUP(C8931,参数!$B:$H,2,0),\"\")","v":""},{"$f":"IFERROR(VLOOKUP(C8931,参数!$B:$H,4,0),\"\")","v":""},{"$f":"IFERROR(VLOOKUP(C8931,参数!B:H,3,FALSE),\"\")","v":""},"",1]
[8931,{"$nulls":6},{"$f":"IFERROR(VLOOKUP(C8932,参数!$B:$H,2,0),\"\")","v":""},{"$f":"IFERROR(VLOOKUP(C8932,参数!$B:$H,4,0),\"\")","v":""},{"$f":"IFERROR(VLOOKUP(C8932,参数!B:H,3,FALSE),\"\")","v":""},"",1]
[8932,{"$nulls":6},{"$f":"IFERROR(VLOOKUP(C8933,参数!$B:$H,2,0),\"\")","v":""},{"$f":"IFERROR(VLOOKUP(C8933,参数!$B:$H,4,0),\"\")","v":""},{"$f":"IFERROR(VLOOKUP(C8933,参数!B:H,3,FALSE),\"\")","v":""},{"$f":"IFERROR(J8933*E8933,\"\")","v":""},1]
[8933,{"$nulls":6},{"$f":"IFERROR(VLOOKUP(C8934,参数!$B:$H,2,0),\"\")","v":""},{"$f":"IFERROR(VLOOKUP(C8934,参数!$B:$H,4,0),\"\")","v":""},{"$f":"IFERROR(VLOOKUP(C8934,参数!B:H,3,FALSE),\"\")","v":""},"",1]
[8934,{"$nulls":6},{"$f":"IFERROR(VLOOKUP(C8935,参数!$B:$H,2,0),\"\")","v":""},{"$f":"IFERROR(VLOOKUP(C8935,参数!$B:$H,4,0),\"\")","v":""},{"$f":"IFERROR(VLOOKUP(C8935,参数!B:H,3,FALSE),\"\")","v":""},"",1]
[8935,{"$nulls":6},{"$f":"IFERROR(VLOOKUP(C8936,参数!$B:$H,2,0),\"\")","v":""},{"$f":"IFERROR(VLOOKUP(C8936,参数!$B:$H,4,0),\"\")","v":""},{"$f":"IFERROR(VLOOKUP(C8936,参数!B:H,3,FALSE),\"\")","v":""},"",1]
[8936,{"$nulls":6},{"$f":"IFERROR(VLOOKUP(C8937,参数!$B:$H,2,0),\"\")","v":""},{"$f":"IFERROR(VLOOKUP(C8937,参数!$B:$H,4,0),\"\")","v":""},{"$f":"IFERROR(VLOOKUP(C8937,参数!B:H,3,FALSE),\"\")","v":""},"",1]
[8937,{"$nulls":6},{"$f":"IFERROR(VLOOKUP(C8938,参数!$B:$H,2,0),\"\")","v":""},{"$f":"IFERROR(VLOOKUP(C8938,参数!$B:$H,4,0),\"\")","v":""},{"$f":"IFERROR(VLOOKUP(C8938,参数!B:H,3,FALSE),\"\")","v":""},"",1]
[8938,{"$nulls":6},{"$f":"IFERROR(VLOOKUP(C8939,参数!$B:$H,2,0),\"\")","v":""},{"$f":"IFERROR(VLOOKUP(C8939,参数!$B:$H,4,0),\"\")","v":""},{"$f":"IFERROR(VLOOKUP(C8939,参数!B:H,3,FALSE),\"\")","v":""},"",1]
[8939,{"$nulls":6},{"$f":"IFERROR(VLOOKUP(C8940,参数!$B:$H,2,0),\"\")","v":""},{"$f":"IFERROR(VLOOKUP(C8940,参数!$B:$H,4,0),\"\")","v":""},{"$f":"IFERROR(VLOOKUP(C8940,参数!B:H,3,FALSE),\"\")","v":""},"",1]
[8940,{"$nulls":6},{"$f":"IFERROR(VLOOKUP(C8941,参数!$B:$H,2,0),\"\")","v":""},{"$f":"IFERROR(VLOOKUP(C8941,参数!$B:$H,4,0),\"\")","v":""},{"$f":"IFERROR(VLOOKUP(C8941,参数!B:H,3,FALSE),\"\")","v":""},"",1]
[8941,{"$nulls":6},{"$f":"IFERROR(VLOOKUP(C8942,参数!$B:$H,2,0),\"\")","v":""},{"$f":"IFERROR(VLOOKUP(C8942,参数!$B:$H,4,0),\"\")","v":""},{"$f":"IFERROR(VLOOKUP(C8942,参数!B:H,3,FALSE),\"\")","v":""},"",1]
[8942,{"$nulls":6},{"$f":"IFERROR(VLOOKUP(C8943,参数!$B:$H,2,0),\"\")","v":""},{"$f":"IFERROR(VLOOKUP(C8943,参数!$B:$H,4,0),\"\")","v":""},{"$f":"IFERROR(VLOOKUP(C8943,参数!B:H,3,FALSE),\"\")","v":""},"",1]
[8943,{"$nulls":6},{"$f":"IFERROR(VLOOKUP(C8944,参数!$B:$H,2,0),\"\")","v":""},{"$f":"IFERROR(VLOOKUP(C8944,参数!$B:$H,4,0),\"\")","v":""},{"$f":"IFERROR(VLOOKUP(C8944,参数!B:H,3,FALSE),\"\")","v":""},"",1]
[8944,{"$nulls":6},{"$f":"IFERROR(VLOOKUP(C8945,参数!$B:$H,2,0),\"\")","v":""},{"$f":"IFERROR(VLOOKUP(C8945,参数!$B:$H,4,0),\"\")","v":""},{"$f":"IFERROR(VLOOKUP(C8945,参数!B:H,3,FALSE),\"\")","v":""},"",1]
[8945,{"$nulls":6},{"$f":"IFERROR(VLOOKUP(C8946,参数!$B:$H,2,0),\"\")","v":""},{"$f":"IFERROR(VLOOKUP(C8946,参数!$B:$H,4,0),\"\")","v":""},{"$f":"IFERROR(VLOOKUP(C8946,参数!B:H,3,FALSE),\"\")","v":""},"",1]
[8946,{"$nulls":6},{"$f":"IFERROR(VLOOKUP(C8947,参数!$B:$H,2,0),\"\")","v":""},{"$f":"IFERROR(VLOOKUP(C8947,参数!$B:$H,4,0),\"\")","v":""},{"$f":"IFERROR(VLOOKUP(C8947,参数!B:H,3,FALSE),\"\")","v":""},"",1]
[8947,{"$nulls":6},{"$f":"IFERROR(VLOOKUP(C8948,参数!$B:$H,2,0),\"\")","v":""},{"$f":"IFERROR(VLOOKUP(C8948,参数!$B:$H,4,0),\"\")","v":""},{"$f":"IFERROR(VLOOKUP(C8948,参数!B:H,3,FALSE),\"\")","v":""},"",1]
[8948,{"$nulls":6},{"$f":"IFERROR(VLOOKUP(C8949,参数!$B:$H,2,0),\"\")","v":""},{"$f":"IFERROR(VLOOKUP(C8949,参数!$B:$H,4,0),\"\")","v":""},{"$f":"IFERROR(VLOOKUP(C8949,参数!B:H,3,FALSE),\"\")","v":""},"",1]
[8949,{"$nulls":6},{"$f":"IFERROR(VLOOKUP(C8950,参数!$B:$H,2,0),\"\")","v":""},{"$f":"IFERROR(VLOOKUP(C8950,参数!$B:$H,4,0),\"\")","v":""},{"$f":"IFERROR(VLOOKUP(C8950,参数!B:H,3,FALSE),\"\")","v":""},"",1]
[8950,{"$nulls":6},{"$f":"IFERROR(VLOOKUP(C8951,参数!$B:$H,2,0),\"\")","v":""},{"$f":"IFERROR(VLOOKUP(C8951,参数!$B:$H,4,0),\"\")","v":""},{"$f":"IFERROR(VLOOKUP(C8951,参数!B:H,3,FALSE),\"\")","v":""},"",1]
[8951,{"$nulls":6},{"$f":"IFERROR(VLOOKUP(C8952,参数!$B:$H,2,0),\"\")","v":""},{"$f":"IFERROR(VLOOKUP(C8952,参数!$B:$H,4,0),\"\")","v":""},{"$f":"IFERROR(VLOOKUP(C8952,参数!B:H,3,FALSE),\"\")","v":""},"",1]
[8952,{"$nulls":6},{"$f":"IFERROR(VLOOKUP(C8953,参数!$B:$H,2,0),\"\")","v":""},{"$f":"IFERROR(VLOOKUP(C8953,参数!$B:$H,4,0),\"\")","v":""},{"$f":"IFERROR(VLOOKUP(C8953,参数!B:H,3,FALSE),\"\")","v":""},"",1]
[8953,{"$nulls":6},{"$f":"IFERROR(VLOOKUP(C8954,参数!$B:$H,2,0),\"\")","v":""},{"$f":"IFERROR(VLOOKUP(C8954,参数!$B:$H,4,0),\"\")","v":""},{"$f":"IFERROR(VLOOKUP(C8954,参数!B:H,3,FALSE),\"\")","v":""},"",1]
[8954,{"$nulls":6},{"$f":"IFERROR(VLOOKUP(C8955,参数!$B:$H,2,0),\"\")","v":""},{"$f":"IFERROR(VLOOKUP(C8955,参数!$B:$H,4,0),\"\")","v":""},{"$f":"IFERROR(VLOOKUP(C8955,参数!B:H,3,FALSE),\"\")","v":""},"",1]
[8955,{"$nulls":6},{"$f":"IFERROR(VLOOKUP(C8956,参数!$B:$H,2,0),\"\")","v":""},{"$f":"IFERROR(VLOOKUP(C8956,参数!$B:$H,4,0),\"\")","v":""},{"$f":"IFERROR(VLOOKUP(C8956,参数!B:H,3,FALSE),\"\")","v":""},"",1]
[8956,{"$nulls":6},{"$f":"IFERROR(VLOOKUP(C8957,参数!$B:$H,2,0),\"\")","v":""},{"$f":"IFERROR(VLOOKUP(C8957,参数!$B:$H,4,0),\"\")","v":""},{"$f":"IFERROR(VLOOKUP(C8957,参数!B:H,3,FALSE),\"\")","v":""},"",1]
[8957,{"$nulls":6},{"$f":"IFERROR(VLOOKUP(C8958,参数!$B:$H,2,0),\"\")","v":""},{"$f":"IFERROR(VLOOKUP(C8958,参数!$B:$H,4,0),\"\")","v":""},{"$f":"IFERROR(VLOOKUP(C8958,参数!B:H,3,FALSE),\"\")","v":""},"",1]
[8958,{"$nulls":6},{"$f":"IFERROR(VLOOKUP(C8959,参数!$B:$H,2,0),\"\")","v":""},{"$f":"IFERROR(VLOOKUP(C8959,参数!$B:$H,4,0),\"\")","v":""},{"$f":"IFERROR(VLOOKUP(C8959,参数!B:H,3,FALSE),\"\")","v":""},"",1]
[8959,{"$nulls":6},{"$f":"IFERROR(VLOOKUP(C8960,参数!$B:$H,2,0),\"\")","v":""},{"$f":"IFERROR(VLOOKUP(C8960,参数!$B:$H,4,0),\"\")","v":""},{"$f":"IFERROR(VLOOKUP(C8960,参数!B:H,3,FALSE),\"\")","v":""},"",1]
[8960,{"$nulls":6},{"$f":"IFERROR(VLOOKUP(C8961,参数!$B:$H,2,0),\"\")","v":""},{"$f":"IFERROR(VLOOKUP(C8961,参数!$B:$H,4,0),\"\")","v":""},{"$f":"IFERROR(VLOOKUP(C8961,参数!B:H,3,FALSE),\"\")","v":""},"",1]
[8961,{"$nulls":6},{"$f":"IFERROR(VLOOKUP(C8962,参数!$B:$H,2,0),\"\")","v":""},{"$f":"IFERROR(VLOOKUP(C8962,参数!$B:$H,4,0),\"\")","v":""},{"$f":"IFERROR(VLOOKUP(C8962,参数!B:H,3,FALSE),\"\")","v":""},"",{"$f":"VALUE(MONTH(B8962))","v":1}]
[8962,{"$nulls":6},{"$f":"IFERROR(VLOOKUP(C8963,参数!$B:$H,2,0),\"\")","v":""},{"$f":"IFERROR(VLOOKUP(C8963,参数!$B:$H,4,0),\"\")","v":""},{"$f":"IFERROR(VLOOKUP(C8963,参数!B:H,3,FALSE),\"\")","v":""},"",1]
[8963,{"$nulls":6},{"$f":"IFERROR(VLOOKUP(C8964,参数!$B:$H,2,0),\"\")","v":""},{"$f":"IFERROR(VLOOKUP(C8964,参数!$B:$H,4,0),\"\")","v":""},{"$f":"IFERROR(VLOOKUP(C8964,参数!B:H,3,FALSE),\"\")","v":""},"",1]
[8964,{"$nulls":6},{"$f":"IFERROR(VLOOKUP(C8965,参数!$B:$H,2,0),\"\")","v":""},{"$f":"IFERROR(VLOOKUP(C8965,参数!$B:$H,4,0),\"\")","v":""},{"$f":"IFERROR(VLOOKUP(C8965,参数!B:H,3,FALSE),\"\")","v":""},"",1]
[8965,{"$nulls":6},{"$f":"IFERROR(VLOOKUP(C8966,参数!$B:$H,2,0),\"\")","v":""},{"$f":"IFERROR(VLOOKUP(C8966,参数!$B:$H,4,0),\"\")","v":""},{"$f":"IFERROR(VLOOKUP(C8966,参数!B:H,3,FALSE),\"\")","v":""},"",1]
[8966,{"$nulls":6},{"$f":"IFERROR(VLOOKUP(C8967,参数!$B:$H,2,0),\"\")","v":""},{"$f":"IFERROR(VLOOKUP(C8967,参数!$B:$H,4,0),\"\")","v":""},{"$f":"IFERROR(VLOOKUP(C8967,参数!B:H,3,FALSE),\"\")","v":""},"",1]
[8967,{"$nulls":6},{"$f":"IFERROR(VLOOKUP(C8968,参数!$B:$H,2,0),\"\")","v":""},{"$f":"IFERROR(VLOOKUP(C8968,参数!$B:$H,4,0),\"\")","v":""},{"$f":"IFERROR(VLOOKUP(C8968,参数!B:H,3,FALSE),\"\")","v":""},"",1]
[8968,{"$nulls":6},{"$f":"IFERROR(VLOOKUP(C8969,参数!$B:$H,2,0),\"\")","v":""},{"$f":"IFERROR(VLOOKUP(C8969,参数!$B:$H,4,0),\"\")","v":""},{"$f":"IFERROR(VLOOKUP(C8969,参数!B:H,3,FALSE),\"\")","v":""},"",1]
[8969,{"$nulls":6},{"$f":"IFERROR(VLOOKUP(C8970,参数!$B:$H,2,0),\"\")","v":""},{"$f":"IFERROR(VLOOKUP(C8970,参数!$B:$H,4,0),\"\")","v":""},{"$f":"IFERROR(VLOOKUP(C8970,参数!B:H,3,FALSE),\"\")","v":""},"",1]
[8970,{"$nulls":6},{"$f":"IFERROR(VLOOKUP(C8971,参数!$B:$H,2,0),\"\")","v":""},{"$f":"IFERROR(VLOOKUP(C8971,参数!$B:$H,4,0),\"\")","v":""},{"$f":"IFERROR(VLOOKUP(C8971,参数!B:H,3,FALSE),\"\")","v":""},"",1]
[8971,{"$nulls":6},{"$f":"IFERROR(VLOOKUP(C8972,参数!$B:$H,2,0),\"\")","v":""},{"$f":"IFERROR(VLOOKUP(C8972,参数!$B:$H,4,0),\"\")","v":""},{"$f":"IFERROR(VLOOKUP(C8972,参数!B:H,3,FALSE),\"\")","v":""},"",1]
[8972,{"$nulls":6},{"$f":"IFERROR(VLOOKUP(C8973,参数!$B:$H,2,0),\"\")","v":""},{"$f":"IFERROR(VLOOKUP(C8973,参数!$B:$H,4,0),\"\")","v":""},{"$f":"IFERROR(VLOOKUP(C8973,参数!B:H,3,FALSE),\"\")","v":""},"",1]
[8973,{"$nulls":6},{"$f":"IFERROR(VLOOKUP(C8974,参数!$B:$H,2,0),\"\")","v":""},{"$f":"IFERROR(VLOOKUP(C8974,参数!$B:$H,4,0),\"\")","v":""},{"$f":"IFERROR(VLOOKUP(C8974,参数!B:H,3,FALSE),\"\")","v":""},"",1]
[8974,{"$nulls":6},{"$f":"IFERROR(VLOOKUP(C8975,参数!$B:$H,2,0),\"\")","v":""},{"$f":"IFERROR(VLOOKUP(C8975,参数!$B:$H,4,0),\"\")","v":""},{"$f":"IFERROR(VLOOKUP(C8975,参数!B:H,3,FALSE),\"\")","v":""},"",1]
[8975,{"$nulls":6},{"$f":"IFERROR(VLOOKUP(C8976,参数!$B:$H,2,0),\"\")","v":""},{"$f":"IFERROR(VLOOKUP(C8976,参数!$B:$H,4,0),\"\")","v":""},{"$f":"IFERROR(VLOOKUP(C8976,参数!B:H,3,FALSE),\"\")","v":""},"",1]
[8976,{"$nulls":6},{"$f":"IFERROR(VLOOKUP(C8977,参数!$B:$H,2,0),\"\")","v":""},{"$f":"IFERROR(VLOOKUP(C8977,参数!$B:$H,4,0),\"\")","v":""},{"$f":"IFERROR(VLOOKUP(C8977,参数!B:H,3,FALSE),\"\")","v":""},"",1]
[8977,{"$nulls":6},{"$f":"IFERROR(VLOOKUP(C8978,参数!$B:$H,2,0),\"\")","v":""},{"$f":"IFERROR(VLOOKUP(C8978,参数!$B:$H,4,0),\"\")","v":""},{"$f":"IFERROR(VLOOKUP(C8978,参数!B:H,3,FALSE),\"\")","v":""},"",1]
[8978,{"$nulls":6},{"$f":"IFERROR(VLOOKUP(C8979,参数!$B:$H,2,0),\"\")","v":""},{"$f":"IFERROR(VLOOKUP(C8979,参数!$B:$H,4,0),\"\")","v":""},{"$f":"IFERROR(VLOOKUP(C8979,参数!B:H,3,FALSE),\"\")","v":""},"",1]
[8979,{"$nulls":6},{"$f":"IFERROR(VLOOKUP(C8980,参数!$B:$H,2,0),\"\")","v":""},{"$f":"IFERROR(VLOOKUP(C8980,参数!$B:$H,4,0),\"\")","v":""},{"$f":"IFERROR(VLOOKUP(C8980,参数!B:H,3,FALSE),\"\")","v":""},"",1]
[8980,{"$nulls":6},{"$f":"IFERROR(VLOOKUP(C8981,参数!$B:$H,2,0),\"\")","v":""},{"$f":"IFERROR(VLOOKUP(C8981,参数!$B:$H,4,0),\"\")","v":""},{"$f":"IFERROR(VLOOKUP(C8981,参数!B:H,3,FALSE),\"\")","v":""},"",1]
[8981,{"$nulls":6},{"$f":"IFERROR(VLOOKUP(C8982,参数!$B:$H,2,0),\"\")","v":""},{"$f":"IFERROR(VLOOKUP(C8982,参数!$B:$H,4,0),\"\")","v":""},{"$f":"IFERROR(VLOOKUP(C8982,参数!B:H,3,FALSE),\"\")","v":""},"",1]
[8982,{"$nulls":6},{"$f":"IFERROR(VLOOKUP(C8983,参数!$B:$H,2,0),\"\")","v":""},{"$f":"IFERROR(VLOOKUP(C8983,参数!$B:$H,4,0),\"\")","v":""},{"$f":"IFERROR(VLOOKUP(C8983,参数!B:H,3,FALSE),\"\")","v":""},"",1]
[8983,{"$nulls":6},{"$f":"IFERROR(VLOOKUP(C8984,参数!$B:$H,2,0),\"\")","v":""},{"$f":"IFERROR(VLOOKUP(C8984,参数!$B:$H,4,0),\"\")","v":""},{"$f":"IFERROR(VLOOKUP(C8984,参数!B:H,3,FALSE),\"\")","v":""},"",1]
[8984,{"$nulls":6},{"$f":"IFERROR(VLOOKUP(C8985,参数!$B:$H,2,0),\"\")","v":""},{"$f":"IFERROR(VLOOKUP(C8985,参数!$B:$H,4,0),\"\")","v":""},{"$f":"IFERROR(VLOOKUP(C8985,参数!B:H,3,FALSE),\"\")","v":""},"",1]
[8985,{"$nulls":6},{"$f":"IFERROR(VLOOKUP(C8986,参数!$B:$H,2,0),\"\")","v":""},{"$f":"IFERROR(VLOOKUP(C8986,参数!$B:$H,4,0),\"\")","v":""},{"$f":"IFERROR(VLOOKUP(C8986,参数!B:H,3,FALSE),\"\")","v":""},"",1]
[8986,{"$nulls":6},{"$f":"IFERROR(VLOOKUP(C8987,参数!$B:$H,2,0),\"\")","v":""},{"$f":"IFERROR(VLOOKUP(C8987,参数!$B:$H,4,0),\"\")","v":""},{"$f":"IFERROR(VLOOKUP(C8987,参数!B:H,3,FALSE),\"\")","v":""},"",1]
[8987,{"$nulls":6},{"$f":"IFERROR(VLOOKUP(C8988,参数!$B:$H,2,0),\"\")","v":""},{"$f":"IFERROR(VLOOKUP(C8988,参数!$B:$H,4,0),\"\")","v":""},{"$f":"IFERROR(VLOOKUP(C8988,参数!B:H,3,FALSE),\"\")","v":""},"",1]
[8988,{"$nulls":6},{"$f":"IFERROR(VLOOKUP(C8989,参数!$B:$H,2,0),\"\")","v":""},{"$f":"IFERROR(VLOOKUP(C8989,参数!$B:$H,4,0),\"\")","v":""},{"$f":"IFERROR(VLOOKUP(C8989,参数!B:H,3,FALSE),\"\")","v":""},"",1]
[8989,{"$nulls":6},{"$f":"IFERROR(VLOOKUP(C8990,参数!$B:$H,2,0),\"\")","v":""},{"$f":"IFERROR(VLOOKUP(C8990,参数!$B:$H,4,0),\"\")","v":""},{"$f":"IFERROR(VLOOKUP(C8990,参数!B:H,3,FALSE),\"\")","v":""},"",1]
[8990,{"$nulls":6},{"$f":"IFERROR(VLOOKUP(C8991,参数!$B:$H,2,0),\"\")","v":""},{"$f":"IFERROR(VLOOKUP(C8991,参数!$B:$H,4,0),\"\")","v":""},{"$f":"IFERROR(VLOOKUP(C8991,参数!B:H,3,FALSE),\"\")","v":""},"",1]
[8991,{"$nulls":6},{"$f":"IFERROR(VLOOKUP(C8992,参数!$B:$H,2,0),\"\")","v":""},{"$f":"IFERROR(VLOOKUP(C8992,参数!$B:$H,4,0),\"\")","v":""},{"$f":"IFERROR(VLOOKUP(C8992,参数!B:H,3,FALSE),\"\")","v":""},"",1]
[8992,{"$nulls":6},{"$f":"IFERROR(VLOOKUP(C8993,参数!$B:$H,2,0),\"\")","v":""},{"$f":"IFERROR(VLOOKUP(C8993,参数!$B:$H,4,0),\"\")","v":""},{"$f":"IFERROR(VLOOKUP(C8993,参数!B:H,3,FALSE),\"\")","v":""},"",1]
[8993,{"$nulls":6},{"$f":"IFERROR(VLOOKUP(C8994,参数!$B:$H,2,0),\"\")","v":""},{"$f":"IFERROR(VLOOKUP(C8994,参数!$B:$H,4,0),\"\")","v":""},{"$f":"IFERROR(VLOOKUP(C8994,参数!B:H,3,FALSE),\"\")","v":""},"",1]
[8994,{"$nulls":6},{"$f":"IFERROR(VLOOKUP(C8995,参数!$B:$H,2,0),\"\")","v":""},{"$f":"IFERROR(VLOOKUP(C8995,参数!$B:$H,4,0),\"\")","v":""},{"$f":"IFERROR(VLOOKUP(C8995,参数!B:H,3,FALSE),\"\")","v":""},"",1]
[8995,{"$nulls":6},{"$f":"IFERROR(VLOOKUP(C8996,参数!$B:$H,2,0),\"\")","v":""},{"$f":"IFERROR(VLOOKUP(C8996,参数!$B:$H,4,0),\"\")","v":""},{"$f":"IFERROR(VLOOKUP(C8996,参数!B:H,3,FALSE),\"\")","v":""},"",1]
[8996,{"$nulls":6},{"$f":"IFERROR(VLOOKUP(C8997,参数!$B:$H,2,0),\"\")","v":""},{"$f":"IFERROR(VLOOKUP(C8997,参数!$B:$H,4,0),\"\")","v":""},{"$f":"IFERROR(VLOOKUP(C8997,参数!B:H,3,FALSE),\"\")","v":""},{"$f":"IFERROR(J8997*E8997,\"\")","v":""},1]
[8997,{"$nulls":6},{"$f":"IFERROR(VLOOKUP(C8998,参数!$B:$H,2,0),\"\")","v":""},{"$f":"IFERROR(VLOOKUP(C8998,参数!$B:$H,4,0),\"\")","v":""},{"$f":"IFERROR(VLOOKUP(C8998,参数!B:H,3,FALSE),\"\")","v":""},"",1]
[8998,{"$nulls":6},{"$f":"IFERROR(VLOOKUP(C8999,参数!$B:$H,2,0),\"\")","v":""},{"$f":"IFERROR(VLOOKUP(C8999,参数!$B:$H,4,0),\"\")","v":""},{"$f":"IFERROR(VLOOKUP(C8999,参数!B:H,3,FALSE),\"\")","v":""},"",1]
[8999,{"$nulls":6},{"$f":"IFERROR(VLOOKUP(C9000,参数!$B:$H,2,0),\"\")","v":""},{"$f":"IFERROR(VLOOKUP(C9000,参数!$B:$H,4,0),\"\")","v":""},{"$f":"IFERROR(VLOOKUP(C9000,参数!B:H,3,FALSE),\"\")","v":""},"",1]
[9000,{"$nulls":6},{"$f":"IFERROR(VLOOKUP(C9001,参数!$B:$H,2,0),\"\")","v":""},{"$f":"IFERROR(VLOOKUP(C9001,参数!$B:$H,4,0),\"\")","v":""},{"$f":"IFERROR(VLOOKUP(C9001,参数!B:H,3,FALSE),\"\")","v":""},"",1]
[9001,{"$nulls":6},{"$f":"IFERROR(VLOOKUP(C9002,参数!$B:$H,2,0),\"\")","v":""},{"$f":"IFERROR(VLOOKUP(C9002,参数!$B:$H,4,0),\"\")","v":""},{"$f":"IFERROR(VLOOKUP(C9002,参数!B:H,3,FALSE),\"\")","v":""},"",1]
[9002,{"$nulls":6},{"$f":"IFERROR(VLOOKUP(C9003,参数!$B:$H,2,0),\"\")","v":""},{"$f":"IFERROR(VLOOKUP(C9003,参数!$B:$H,4,0),\"\")","v":""},{"$f":"IFERROR(VLOOKUP(C9003,参数!B:H,3,FALSE),\"\")","v":""},"",1]
[9003,{"$nulls":6},{"$f":"IFERROR(VLOOKUP(C9004,参数!$B:$H,2,0),\"\")","v":""},{"$f":"IFERROR(VLOOKUP(C9004,参数!$B:$H,4,0),\"\")","v":""},{"$f":"IFERROR(VLOOKUP(C9004,参数!B:H,3,FALSE),\"\")","v":""},"",1]
[9004,{"$nulls":6},{"$f":"IFERROR(VLOOKUP(C9005,参数!$B:$H,2,0),\"\")","v":""},{"$f":"IFERROR(VLOOKUP(C9005,参数!$B:$H,4,0),\"\")","v":""},{"$f":"IFERROR(VLOOKUP(C9005,参数!B:H,3,FALSE),\"\")","v":""},"",1]
[9005,{"$nulls":6},{"$f":"IFERROR(VLOOKUP(C9006,参数!$B:$H,2,0),\"\")","v":""},{"$f":"IFERROR(VLOOKUP(C9006,参数!$B:$H,4,0),\"\")","v":""},{"$f":"IFERROR(VLOOKUP(C9006,参数!B:H,3,FALSE),\"\")","v":""},"",1]
[9006,{"$nulls":6},{"$f":"IFERROR(VLOOKUP(C9007,参数!$B:$H,2,0),\"\")","v":""},{"$f":"IFERROR(VLOOKUP(C9007,参数!$B:$H,4,0),\"\")","v":""},{"$f":"IFERROR(VLOOKUP(C9007,参数!B:H,3,FALSE),\"\")","v":""},"",1]
[9007,{"$nulls":6},{"$f":"IFERROR(VLOOKUP(C9008,参数!$B:$H,2,0),\"\")","v":""},{"$f":"IFERROR(VLOOKUP(C9008,参数!$B:$H,4,0),\"\")","v":""},{"$f":"IFERROR(VLOOKUP(C9008,参数!B:H,3,FALSE),\"\")","v":""},"",1]
[9008,{"$nulls":6},{"$f":"IFERROR(VLOOKUP(C9009,参数!$B:$H,2,0),\"\")","v":""},{"$f":"IFERROR(VLOOKUP(C9009,参数!$B:$H,4,0),\"\")","v":""},{"$f":"IFERROR(VLOOKUP(C9009,参数!B:H,3,FALSE),\"\")","v":""},"",1]
[9009,{"$nulls":6},{"$f":"IFERROR(VLOOKUP(C9010,参数!$B:$H,2,0),\"\")","v":""},{"$f":"IFERROR(VLOOKUP(C9010,参数!$B:$H,4,0),\"\")","v":""},{"$f":"IFERROR(VLOOKUP(C9010,参数!B:H,3,FALSE),\"\")","v":""},"",1]
[9010,{"$nulls":6},{"$f":"IFERROR(VLOOKUP(C9011,参数!$B:$H,2,0),\"\")","v":""},{"$f":"IFERROR(VLOOKUP(C9011,参数!$B:$H,4,0),\"\")","v":""},{"$f":"IFERROR(VLOOKUP(C9011,参数!B:H,3,FALSE),\"\")","v":""},"",1]
[9011,{"$nulls":6},{"$f":"IFERROR(VLOOKUP(C9012,参数!$B:$H,2,0),\"\")","v":""},{"$f":"IFERROR(VLOOKUP(C9012,参数!$B:$H,4,0),\"\")","v":""},{"$f":"IFERROR(VLOOKUP(C9012,参数!B:H,3,FALSE),\"\")","v":""},"",1]
[9012,{"$nulls":6},{"$f":"IFERROR(VLOOKUP(C9013,参数!$B:$H,2,0),\"\")","v":""},{"$f":"IFERROR(VLOOKUP(C9013,参数!$B:$H,4,0),\"\")","v":""},{"$f":"IFERROR(VLOOKUP(C9013,参数!B:H,3,FALSE),\"\")","v":""},"",1]
[9013,{"$nulls":6},{"$f":"IFERROR(VLOOKUP(C9014,参数!$B:$H,2,0),\"\")","v":""},{"$f":"IFERROR(VLOOKUP(C9014,参数!$B:$H,4,0),\"\")","v":""},{"$f":"IFERROR(VLOOKUP(C9014,参数!B:H,3,FALSE),\"\")","v":""},"",1]
[9014,{"$nulls":6},{"$f":"IFERROR(VLOOKUP(C9015,参数!$B:$H,2,0),\"\")","v":""},{"$f":"IFERROR(VLOOKUP(C9015,参数!$B:$H,4,0),\"\")","v":""},{"$f":"IFERROR(VLOOKUP(C9015,参数!B:H,3,FALSE),\"\")","v":""},"",1]
[9015,{"$nulls":6},{"$f":"IFERROR(VLOOKUP(C9016,参数!$B:$H,2,0),\"\")","v":""},{"$f":"IFERROR(VLOOKUP(C9016,参数!$B:$H,4,0),\"\")","v":""},{"$f":"IFERROR(VLOOKUP(C9016,参数!B:H,3,FALSE),\"\")","v":""},"",1]
[9016,{"$nulls":6},{"$f":"IFERROR(VLOOKUP(C9017,参数!$B:$H,2,0),\"\")","v":""},{"$f":"IFERROR(VLOOKUP(C9017,参数!$B:$H,4,0),\"\")","v":""},{"$f":"IFERROR(VLOOKUP(C9017,参数!B:H,3,FALSE),\"\")","v":""},"",1]
[9017,{"$nulls":6},{"$f":"IFERROR(VLOOKUP(C9018,参数!$B:$H,2,0),\"\")","v":""},{"$f":"IFERROR(VLOOKUP(C9018,参数!$B:$H,4,0),\"\")","v":""},{"$f":"IFERROR(VLOOKUP(C9018,参数!B:H,3,FALSE),\"\")","v":""},"",1]
[9018,{"$nulls":6},{"$f":"IFERROR(VLOOKUP(C9019,参数!$B:$H,2,0),\"\")","v":""},{"$f":"IFERROR(VLOOKUP(C9019,参数!$B:$H,4,0),\"\")","v":""},{"$f":"IFERROR(VLOOKUP(C9019,参数!B:H,3,FALSE),\"\")","v":""},"",1]
[9019,{"$nulls":6},{"$f":"IFERROR(VLOOKUP(C9020,参数!$B:$H,2,0),\"\")","v":""},{"$f":"IFERROR(VLOOKUP(C9020,参数!$B:$H,4,0),\"\")","v":""},{"$f":"IFERROR(VLOOKUP(C9020,参数!B:H,3,FALSE),\"\")","v":""},"",1]
[9020,{"$nulls":6},{"$f":"IFERROR(VLOOKUP(C9021,参数!$B:$H,2,0),\"\")","v":""},{"$f":"IFERROR(VLOOKUP(C9021,参数!$B:$H,4,0),\"\")","v":""},{"$f":"IFERROR(VLOOKUP(C9021,参数!B:H,3,FALSE),\"\")","v":""},"",1]
[9021,{"$nulls":6},{"$f":"IFERROR(VLOOKUP(C9022,参数!$B:$H,2,0),\"\")","v":""},{"$f":"IFERROR(VLOOKUP(C9022,参数!$B:$H,4,0),\"\")","v":""},{"$f":"IFERROR(VLOOKUP(C9022,参数!B:H,3,FALSE),\"\")","v":""},"",1]
[9022,{"$nulls":6},{"$f":"IFERROR(VLOOKUP(C9023,参数!$B:$H,2,0),\"\")","v":""},{"$f":"IFERROR(VLOOKUP(C9023,参数!$B:$H,4,0),\"\")","v":""},{"$f":"IFERROR(VLOOKUP(C9023,参数!B:H,3,FALSE),\"\")","v":""},"",1]
[9023,{"$nulls":6},{"$f":"IFERROR(VLOOKUP(C9024,参数!$B:$H,2,0),\"\")","v":""},{"$f":"IFERROR(VLOOKUP(C9024,参数!$B:$H,4,0),\"\")","v":""},{"$f":"IFERROR(VLOOKUP(C9024,参数!B:H,3,FALSE),\"\")","v":""},"",1]
[9024,{"$nulls":6},{"$f":"IFERROR(VLOOKUP(C9025,参数!$B:$H,2,0),\"\")","v":""},{"$f":"IFERROR(VLOOKUP(C9025,参数!$B:$H,4,0),\"\")","v":""},{"$f":"IFERROR(VLOOKUP(C9025,参数!B:H,3,FALSE),\"\")","v":""},"",1]
[9025,{"$nulls":6},{"$f":"IFERROR(VLOOKUP(C9026,参数!$B:$H,2,0),\"\")","v":""},{"$f":"IFERROR(VLOOKUP(C9026,参数!$B:$H,4,0),\"\")","v":""},{"$f":"IFERROR(VLOOKUP(C9026,参数!B:H,3,FALSE),\"\")","v":""},"",{"$f":"VALUE(MONTH(B9026))","v":1}]
[9026,{"$nulls":6},{"$f":"IFERROR(VLOOKUP(C9027,参数!$B:$H,2,0),\"\")","v":""},{"$f":"IFERROR(VLOOKUP(C9027,参数!$B:$H,4,0),\"\")","v":""},{"$f":"IFERROR(VLOOKUP(C9027,参数!B:H,3,FALSE),\"\")","v":""},"",1]
[9027,{"$nulls":6},{"$f":"IFERROR(VLOOKUP(C9028,参数!$B:$H,2,0),\"\")","v":""},{"$f":"IFERROR(VLOOKUP(C9028,参数!$B:$H,4,0),\"\")","v":""},{"$f":"IFERROR(VLOOKUP(C9028,参数!B:H,3,FALSE),\"\")","v":""},"",1]
[9028,{"$nulls":6},{"$f":"IFERROR(VLOOKUP(C9029,参数!$B:$H,2,0),\"\")","v":""},{"$f":"IFERROR(VLOOKUP(C9029,参数!$B:$H,4,0),\"\")","v":""},{"$f":"IFERROR(VLOOKUP(C9029,参数!B:H,3,FALSE),\"\")","v":""},"",1]
[9029,{"$nulls":6},{"$f":"IFERROR(VLOOKUP(C9030,参数!$B:$H,2,0),\"\")","v":""},{"$f":"IFERROR(VLOOKUP(C9030,参数!$B:$H,4,0),\"\")","v":""},{"$f":"IFERROR(VLOOKUP(C9030,参数!B:H,3,FALSE),\"\")","v":""},"",1]
[9030,{"$nulls":6},{"$f":"IFERROR(VLOOKUP(C9031,参数!$B:$H,2,0),\"\")","v":""},{"$f":"IFERROR(VLOOKUP(C9031,参数!$B:$H,4,0),\"\")","v":""},{"$f":"IFERROR(VLOOKUP(C9031,参数!B:H,3,FALSE),\"\")","v":""},"",1]
[9031,{"$nulls":6},{"$f":"IFERROR(VLOOKUP(C9032,参数!$B:$H,2,0),\"\")","v":""},{"$f":"IFERROR(VLOOKUP(C9032,参数!$B:$H,4,0),\"\")","v":""},{"$f":"IFERROR(VLOOKUP(C9032,参数!B:H,3,FALSE),\"\")","v":""},"",1]
[9032,{"$nulls":6},{"$f":"IFERROR(VLOOKUP(C9033,参数!$B:$H,2,0),\"\")","v":""},{"$f":"IFERROR(VLOOKUP(C9033,参数!$B:$H,4,0),\"\")","v":""},{"$f":"IFERROR(VLOOKUP(C9033,参数!B:H,3,FALSE),\"\")","v":""},"",1]
[9033,{"$nulls":6},{"$f":"IFERROR(VLOOKUP(C9034,参数!$B:$H,2,0),\"\")","v":""},{"$f":"IFERROR(VLOOKUP(C9034,参数!$B:$H,4,0),\"\")","v":""},{"$f":"IFERROR(VLOOKUP(C9034,参数!B:H,3,FALSE),\"\")","v":""},"",1]
[9034,{"$nulls":6},{"$f":"IFERROR(VLOOKUP(C9035,参数!$B:$H,2,0),\"\")","v":""},{"$f":"IFERROR(VLOOKUP(C9035,参数!$B:$H,4,0),\"\")","v":""},{"$f":"IFERROR(VLOOKUP(C9035,参数!B:H,3,FALSE),\"\")","v":""},"",1]
[9035,{"$nulls":6},{"$f":"IFERROR(VLOOKUP(C9036,参数!$B:$H,2,0),\"\")","v":""},{"$f":"IFERROR(VLOOKUP(C9036,参数!$B:$H,4,0),\"\")","v":""},{"$f":"IFERROR(VLOOKUP(C9036,参数!B:H,3,FALSE),\"\")","v":""},"",1]
[9036,{"$nulls":6},{"$f":"IFERROR(VLOOKUP(C9037,参数!$B:$H,2,0),\"\")","v":""},{"$f":"IFERROR(VLOOKUP(C9037,参数!$B:$H,4,0),\"\")","v":""},{"$f":"IFERROR(VLOOKUP(C9037,参数!B:H,3,FALSE),\"\")","v":""},"",1]
[9037,{"$nulls":6},{"$f":"IFERROR(VLOOKUP(C9038,参数!$B:$H,2,0),\"\")","v":""},{"$f":"IFERROR(VLOOKUP(C9038,参数!$B:$H,4,0),\"\")","v":""},{"$f":"IFERROR(VLOOKUP(C9038,参数!B:H,3,FALSE),\"\")","v":""},"",1]
[9038,{"$nulls":6},{"$f":"IFERROR(VLOOKUP(C9039,参数!$B:$H,2,0),\"\")","v":""},{"$f":"IFERROR(VLOOKUP(C9039,参数!$B:$H,4,0),\"\")","v":""},{"$f":"IFERROR(VLOOKUP(C9039,参数!B:H,3,FALSE),\"\")","v":""},"",1]
[9039,{"$nulls":6},{"$f":"IFERROR(VLOOKUP(C9040,参数!$B:$H,2,0),\"\")","v":""},{"$f":"IFERROR(VLOOKUP(C9040,参数!$B:$H,4,0),\"\")","v":""},{"$f":"IFERROR(VLOOKUP(C9040,参数!B:H,3,FALSE),\"\")","v":""},"",1]
[9040,{"$nulls":6},{"$f":"IFERROR(VLOOKUP(C9041,参数!$B:$H,2,0),\"\")","v":""},{"$f":"IFERROR(VLOOKUP(C9041,参数!$B:$H,4,0),\"\")","v":""},{"$f":"IFERROR(VLOOKUP(C9041,参数!B:H,3,FALSE),\"\")","v":""},"",1]
[9041,{"$nulls":6},{"$f":"IFERROR(VLOOKUP(C9042,参数!$B:$H,2,0),\"\")","v":""},{"$f":"IFERROR(VLOOKUP(C9042,参数!$B:$H,4,0),\"\")","v":""},{"$f":"IFERROR(VLOOKUP(C9042,参数!B:H,3,FALSE),\"\")","v":""},"",1]
[9042,{"$nulls":6},{"$f":"IFERROR(VLOOKUP(C9043,参数!$B:$H,2,0),\"\")","v":""},{"$f":"IFERROR(VLOOKUP(C9043,参数!$B:$H,4,0),\"\")","v":""},{"$f":"IFERROR(VLOOKUP(C9043,参数!B:H,3,FALSE),\"\")","v":""},"",1]
[9043,{"$nulls":6},{"$f":"IFERROR(VLOOKUP(C9044,参数!$B:$H,2,0),\"\")","v":""},{"$f":"IFERROR(VLOOKUP(C9044,参数!$B:$H,4,0),\"\")","v":""},{"$f":"IFERROR(VLOOKUP(C9044,参数!B:H,3,FALSE),\"\")","v":""},"",1]
[9044,{"$nulls":6},{"$f":"IFERROR(VLOOKUP(C9045,参数!$B:$H,2,0),\"\")","v":""},{"$f":"IFERROR(VLOOKUP(C9045,参数!$B:$H,4,0),\"\")","v":""},{"$f":"IFERROR(VLOOKUP(C9045,参数!B:H,3,FALSE),\"\")","v":""},"",1]
[9045,{"$nulls":6},{"$f":"IFERROR(VLOOKUP(C9046,参数!$B:$H,2,0),\"\")","v":""},{"$f":"IFERROR(VLOOKUP(C9046,参数!$B:$H,4,0),\"\")","v":""},{"$f":"IFERROR(VLOOKUP(C9046,参数!B:H,3,FALSE),\"\")","v":""},"",1]
[9046,{"$nulls":6},{"$f":"IFERROR(VLOOKUP(C9047,参数!$B:$H,2,0),\"\")","v":""},{"$f":"IFERROR(VLOOKUP(C9047,参数!$B:$H,4,0),\"\")","v":""},{"$f":"IFERROR(VLOOKUP(C9047,参数!B:H,3,FALSE),\"\")","v":""},"",1]
[9047,{"$nulls":6},{"$f":"IFERROR(VLOOKUP(C9048,参数!$B:$H,2,0),\"\")","v":""},{"$f":"IFERROR(VLOOKUP(C9048,参数!$B:$H,4,0),\"\")","v":""},{"$f":"IFERROR(VLOOKUP(C9048,参数!B:H,3,FALSE),\"\")","v":""},"",1]
[9048,{"$nulls":6},{"$f":"IFERROR(VLOOKUP(C9049,参数!$B:$H,2,0),\"\")","v":""},{"$f":"IFERROR(VLOOKUP(C9049,参数!$B:$H,4,0),\"\")","v":""},{"$f":"IFERROR(VLOOKUP(C9049,参数!B:H,3,FALSE),\"\")","v":""},"",1]
[9049,{"$nulls":6},{"$f":"IFERROR(VLOOKUP(C9050,参数!$B:$H,2,0),\"\")","v":""},{"$f":"IFERROR(VLOOKUP(C9050,参数!$B:$H,4,0),\"\")","v":""},{"$f":"IFERROR(VLOOKUP(C9050,参数!B:H,3,FALSE),\"\")","v":""},"",1]
[9050,{"$nulls":6},{"$f":"IFERROR(VLOOKUP(C9051,参数!$B:$H,2,0),\"\")","v":""},{"$f":"IFERROR(VLOOKUP(C9051,参数!$B:$H,4,0),\"\")","v":""},{"$f":"IFERROR(VLOOKUP(C9051,参数!B:H,3,FALSE),\"\")","v":""},"",1]
[9051,{"$nulls":6},{"$f":"IFERROR(VLOOKUP(C9052,参数!$B:$H,2,0),\"\")","v":""},{"$f":"IFERROR(VLOOKUP(C9052,参数!$B:$H,4,0),\"\")","v":""},{"$f":"IFERROR(VLOOKUP(C9052,参数!B:H,3,FALSE),\"\")","v":""},"",1]
[9052,{"$nulls":6},{"$f":"IFERROR(VLOOKUP(C9053,参数!$B:$H,2,0),\"\")","v":""},{"$f":"IFERROR(VLOOKUP(C9053,参数!$B:$H,4,0),\"\")","v":""},{"$f":"IFERROR(VLOOKUP(C9053,参数!B:H,3,FALSE),\"\")","v":""},"",1]
[9053,{"$nulls":6},{"$f":"IFERROR(VLOOKUP(C9054,参数!$B:$H,2,0),\"\")","v":""},{"$f":"IFERROR(VLOOKUP(C9054,参数!$B:$H,4,0),\"\")","v":""},{"$f":"IFERROR(VLOOKUP(C9054,参数!B:H,3,FALSE),\"\")","v":""},"",1]
[9054,{"$nulls":6},{"$f":"IFERROR(VLOOKUP(C9055,参数!$B:$H,2,0),\"\")","v":""},{"$f":"IFERROR(VLOOKUP(C9055,参数!$B:$H,4,0),\"\")","v":""},{"$f":"IFERROR(VLOOKUP(C9055,参数!B:H,3,FALSE),\"\")","v":""},"",1]
[9055,{"$nulls":6},{"$f":"IFERROR(VLOOKUP(C9056,参数!$B:$H,2,0),\"\")","v":""},{"$f":"IFERROR(VLOOKUP(C9056,参数!$B:$H,4,0),\"\")","v":""},{"$f":"IFERROR(VLOOKUP(C9056,参数!B:H,3,FALSE),\"\")","v":""},"",1]
[9056,{"$nulls":6},{"$f":"IFERROR(VLOOKUP(C9057,参数!$B:$H,2,0),\"\")","v":""},{"$f":"IFERROR(VLOOKUP(C9057,参数!$B:$H,4,0),\"\")","v":""},{"$f":"IFERROR(VLOOKUP(C9057,参数!B:H,3,FALSE),\"\")","v":""},"",1]
[9057,{"$nulls":6},{"$f":"IFERROR(VLOOKUP(C9058,参数!$B:$H,2,0),\"\")","v":""},{"$f":"IFERROR(VLOOKUP(C9058,参数!$B:$H,4,0),\"\")","v":""},{"$f":"IFERROR(VLOOKUP(C9058,参数!B:H,3,FALSE),\"\")","v":""},"",1]
[9058,{"$nulls":6},{"$f":"IFERROR(VLOOKUP(C9059,参数!$B:$H,2,0),\"\")","v":""},{"$f":"IFERROR(VLOOKUP(C9059,参数!$B:$H,4,0),\"\")","v":""},{"$f":"IFERROR(VLOOKUP(C9059,参数!B:H,3,FALSE),\"\")","v":""},"",1]
[9059,{"$nulls":6},{"$f":"IFERROR(VLOOKUP(C9060,参数!$B:$H,2,0),\"\")","v":""},{"$f":"IFERROR(VLOOKUP(C9060,参数!$B:$H,4,0),\"\")","v":""},{"$f":"IFERROR(VLOOKUP(C9060,参数!B:H,3,FALSE),\"\")","v":""},"",1]
[9060,{"$nulls":6},{"$f":"IFERROR(VLOOKUP(C9061,参数!$B:$H,2,0),\"\")","v":""},{"$f":"IFERROR(VLOOKUP(C9061,参数!$B:$H,4,0),\"\")","v":""},{"$f":"IFERROR(VLOOKUP(C9061,参数!B:H,3,FALSE),\"\")","v":""},{"$f":"IFERROR(J9061*E9061,\"\")","v":""},1]
[9061,{"$nulls":6},{"$f":"IFERROR(VLOOKUP(C9062,参数!$B:$H,2,0),\"\")","v":""},{"$f":"IFERROR(VLOOKUP(C9062,参数!$B:$H,4,0),\"\")","v":""},{"$f":"IFERROR(VLOOKUP(C9062,参数!B:H,3,FALSE),\"\")","v":""},"",1]
[9062,{"$nulls":6},{"$f":"IFERROR(VLOOKUP(C9063,参数!$B:$H,2,0),\"\")","v":""},{"$f":"IFERROR(VLOOKUP(C9063,参数!$B:$H,4,0),\"\")","v":""},{"$f":"IFERROR(VLOOKUP(C9063,参数!B:H,3,FALSE),\"\")","v":""},"",1]
[9063,{"$nulls":6},{"$f":"IFERROR(VLOOKUP(C9064,参数!$B:$H,2,0),\"\")","v":""},{"$f":"IFERROR(VLOOKUP(C9064,参数!$B:$H,4,0),\"\")","v":""},{"$f":"IFERROR(VLOOKUP(C9064,参数!B:H,3,FALSE),\"\")","v":""},"",1]
[9064,{"$nulls":6},{"$f":"IFERROR(VLOOKUP(C9065,参数!$B:$H,2,0),\"\")","v":""},{"$f":"IFERROR(VLOOKUP(C9065,参数!$B:$H,4,0),\"\")","v":""},{"$f":"IFERROR(VLOOKUP(C9065,参数!B:H,3,FALSE),\"\")","v":""},"",1]
[9065,{"$nulls":6},{"$f":"IFERROR(VLOOKUP(C9066,参数!$B:$H,2,0),\"\")","v":""},{"$f":"IFERROR(VLOOKUP(C9066,参数!$B:$H,4,0),\"\")","v":""},{"$f":"IFERROR(VLOOKUP(C9066,参数!B:H,3,FALSE),\"\")","v":""},"",1]
[9066,{"$nulls":6},{"$f":"IFERROR(VLOOKUP(C9067,参数!$B:$H,2,0),\"\")","v":""},{"$f":"IFERROR(VLOOKUP(C9067,参数!$B:$H,4,0),\"\")","v":""},{"$f":"IFERROR(VLOOKUP(C9067,参数!B:H,3,FALSE),\"\")","v":""},"",1]
[9067,{"$nulls":6},{"$f":"IFERROR(VLOOKUP(C9068,参数!$B:$H,2,0),\"\")","v":""},{"$f":"IFERROR(VLOOKUP(C9068,参数!$B:$H,4,0),\"\")","v":""},{"$f":"IFERROR(VLOOKUP(C9068,参数!B:H,3,FALSE),\"\")","v":""},"",1]
[9068,{"$nulls":6},{"$f":"IFERROR(VLOOKUP(C9069,参数!$B:$H,2,0),\"\")","v":""},{"$f":"IFERROR(VLOOKUP(C9069,参数!$B:$H,4,0),\"\")","v":""},{"$f":"IFERROR(VLOOKUP(C9069,参数!B:H,3,FALSE),\"\")","v":""},"",1]
[9069,{"$nulls":6},{"$f":"IFERROR(VLOOKUP(C9070,参数!$B:$H,2,0),\"\")","v":""},{"$f":"IFERROR(VLOOKUP(C9070,参数!$B:$H,4,0),\"\")","v":""},{"$f":"IFERROR(VLOOKUP(C9070,参数!B:H,3,FALSE),\"\")","v":""},"",1]
[9070,{"$nulls":6},{"$f":"IFERROR(VLOOKUP(C9071,参数!$B:$H,2,0),\"\")","v":""},{"$f":"IFERROR(VLOOKUP(C9071,参数!$B:$H,4,0),\"\")","v":""},{"$f":"IFERROR(VLOOKUP(C9071,参数!B:H,3,FALSE),\"\")","v":""},"",1]
[9071,{"$nulls":6},{"$f":"IFERROR(VLOOKUP(C9072,参数!$B:$H,2,0),\"\")","v":""},{"$f":"IFERROR(VLOOKUP(C9072,参数!$B:$H,4,0),\"\")","v":""},{"$f":"IFERROR(VLOOKUP(C9072,参数!B:H,3,FALSE),\"\")","v":""},"",1]
[9072,{"$nulls":6},{"$f":"IFERROR(VLOOKUP(C9073,参数!$B:$H,2,0),\"\")","v":""},{"$f":"IFERROR(VLOOKUP(C9073,参数!$B:$H,4,0),\"\")","v":""},{"$f":"IFERROR(VLOOKUP(C9073,参数!B:H,3,FALSE),\"\")","v":""},"",1]
[9073,{"$nulls":6},{"$f":"IFERROR(VLOOKUP(C9074,参数!$B:$H,2,0),\"\")","v":""},{"$f":"IFERROR(VLOOKUP(C9074,参数!$B:$H,4,0),\"\")","v":""},{"$f":"IFERROR(VLOOKUP(C9074,参数!B:H,3,FALSE),\"\")","v":""},"",1]
[9074,{"$nulls":6},{"$f":"IFERROR(VLOOKUP(C9075,参数!$B:$H,2,0),\"\")","v":""},{"$f":"IFERROR(VLOOKUP(C9075,参数!$B:$H,4,0),\"\")","v":""},{"$f":"IFERROR(VLOOKUP(C9075,参数!B:H,3,FALSE),\"\")","v":""},"",1]
[9075,{"$nulls":6},{"$f":"IFERROR(VLOOKUP(C9076,参数!$B:$H,2,0),\"\")","v":""},{"$f":"IFERROR(VLOOKUP(C9076,参数!$B:$H,4,0),\"\")","v":""},{"$f":"IFERROR(VLOOKUP(C9076,参数!B:H,3,FALSE),\"\")","v":""},"",1]
[9076,{"$nulls":6},{"$f":"IFERROR(VLOOKUP(C9077,参数!$B:$H,2,0),\"\")","v":""},{"$f":"IFERROR(VLOOKUP(C9077,参数!$B:$H,4,0),\"\")","v":""},{"$f":"IFERROR(VLOOKUP(C9077,参数!B:H,3,FALSE),\"\")","v":""},"",1]
[9077,{"$nulls":6},{"$f":"IFERROR(VLOOKUP(C9078,参数!$B:$H,2,0),\"\")","v":""},{"$f":"IFERROR(VLOOKUP(C9078,参数!$B:$H,4,0),\"\")","v":""},{"$f":"IFERROR(VLOOKUP(C9078,参数!B:H,3,FALSE),\"\")","v":""},"",1]
[9078,{"$nulls":6},{"$f":"IFERROR(VLOOKUP(C9079,参数!$B:$H,2,0),\"\")","v":""},{"$f":"IFERROR(VLOOKUP(C9079,参数!$B:$H,4,0),\"\")","v":""},{"$f":"IFERROR(VLOOKUP(C9079,参数!B:H,3,FALSE),\"\")","v":""},"",1]
[9079,{"$nulls":6},{"$f":"IFERROR(VLOOKUP(C9080,参数!$B:$H,2,0),\"\")","v":""},{"$f":"IFERROR(VLOOKUP(C9080,参数!$B:$H,4,0),\"\")","v":""},{"$f":"IFERROR(VLOOKUP(C9080,参数!B:H,3,FALSE),\"\")","v":""},"",1]
[9080,{"$nulls":6},{"$f":"IFERROR(VLOOKUP(C9081,参数!$B:$H,2,0),\"\")","v":""},{"$f":"IFERROR(VLOOKUP(C9081,参数!$B:$H,4,0),\"\")","v":""},{"$f":"IFERROR(VLOOKUP(C9081,参数!B:H,3,FALSE),\"\")","v":""},"",1]
[9081,{"$nulls":6},{"$f":"IFERROR(VLOOKUP(C9082,参数!$B:$H,2,0),\"\")","v":""},{"$f":"IFERROR(VLOOKUP(C9082,参数!$B:$H,4,0),\"\")","v":""},{"$f":"IFERROR(VLOOKUP(C9082,参数!B:H,3,FALSE),\"\")","v":""},"",1]
[9082,{"$nulls":6},{"$f":"IFERROR(VLOOKUP(C9083,参数!$B:$H,2,0),\"\")","v":""},{"$f":"IFERROR(VLOOKUP(C9083,参数!$B:$H,4,0),\"\")","v":""},{"$f":"IFERROR(VLOOKUP(C9083,参数!B:H,3,FALSE),\"\")","v":""},"",1]
[9083,{"$nulls":6},{"$f":"IFERROR(VLOOKUP(C9084,参数!$B:$H,2,0),\"\")","v":""},{"$f":"IFERROR(VLOOKUP(C9084,参数!$B:$H,4,0),\"\")","v":""},{"$f":"IFERROR(VLOOKUP(C9084,参数!B:H,3,FALSE),\"\")","v":""},"",1]
[9084,{"$nulls":6},{"$f":"IFERROR(VLOOKUP(C9085,参数!$B:$H,2,0),\"\")","v":""},{"$f":"IFERROR(VLOOKUP(C9085,参数!$B:$H,4,0),\"\")","v":""},{"$f":"IFERROR(VLOOKUP(C9085,参数!B:H,3,FALSE),\"\")","v":""},"",1]
[9085,{"$nulls":6},{"$f":"IFERROR(VLOOKUP(C9086,参数!$B:$H,2,0),\"\")","v":""},{"$f":"IFERROR(VLOOKUP(C9086,参数!$B:$H,4,0),\"\")","v":""},{"$f":"IFERROR(VLOOKUP(C9086,参数!B:H,3,FALSE),\"\")","v":""},"",1]
[9086,{"$nulls":6},{"$f":"IFERROR(VLOOKUP(C9087,参数!$B:$H,2,0),\"\")","v":""},{"$f":"IFERROR(VLOOKUP(C9087,参数!$B:$H,4,0),\"\")","v":""},{"$f":"IFERROR(VLOOKUP(C9087,参数!B:H,3,FALSE),\"\")","v":""},"",1]
[9087,{"$nulls":6},{"$f":"IFERROR(VLOOKUP(C9088,参数!$B:$H,2,0),\"\")","v":""},{"$f":"IFERROR(VLOOKUP(C9088,参数!$B:$H,4,0),\"\")","v":""},{"$f":"IFERROR(VLOOKUP(C9088,参数!B:H,3,FALSE),\"\")","v":""},"",1]
[9088,{"$nulls":6},{"$f":"IFERROR(VLOOKUP(C9089,参数!$B:$H,2,0),\"\")","v":""},{"$f":"IFERROR(VLOOKUP(C9089,参数!$B:$H,4,0),\"\")","v":""},{"$f":"IFERROR(VLOOKUP(C9089,参数!B:H,3,FALSE),\"\")","v":""},"",1]
[9089,{"$nulls":6},{"$f":"IFERROR(VLOOKUP(C9090,参数!$B:$H,2,0),\"\")","v":""},{"$f":"IFERROR(VLOOKUP(C9090,参数!$B:$H,4,0),\"\")","v":""},{"$f":"IFERROR(VLOOKUP(C9090,参数!B:H,3,FALSE),\"\")","v":""},"",{"$f":"VALUE(MONTH(B9090))","v":1}]
[9090,{"$nulls":6},{"$f":"IFERROR(VLOOKUP(C9091,参数!$B:$H,2,0),\"\")","v":""},{"$f":"IFERROR(VLOOKUP(C9091,参数!$B:$H,4,0),\"\")","v":""},{"$f":"IFERROR(VLOOKUP(C9091,参数!B:H,3,FALSE),\"\")","v":""},"",1]
[9091,{"$nulls":6},{"$f":"IFERROR(VLOOKUP(C9092,参数!$B:$H,2,0),\"\")","v":""},{"$f":"IFERROR(VLOOKUP(C9092,参数!$B:$H,4,0),\"\")","v":""},{"$f":"IFERROR(VLOOKUP(C9092,参数!B:H,3,FALSE),\"\")","v":""},"",1]
[9092,{"$nulls":6},{"$f":"IFERROR(VLOOKUP(C9093,参数!$B:$H,2,0),\"\")","v":""},{"$f":"IFERROR(VLOOKUP(C9093,参数!$B:$H,4,0),\"\")","v":""},{"$f":"IFERROR(VLOOKUP(C9093,参数!B:H,3,FALSE),\"\")","v":""},"",1]
[9093,{"$nulls":6},{"$f":"IFERROR(VLOOKUP(C9094,参数!$B:$H,2,0),\"\")","v":""},{"$f":"IFERROR(VLOOKUP(C9094,参数!$B:$H,4,0),\"\")","v":""},{"$f":"IFERROR(VLOOKUP(C9094,参数!B:H,3,FALSE),\"\")","v":""},"",1]
[9094,{"$nulls":6},{"$f":"IFERROR(VLOOKUP(C9095,参数!$B:$H,2,0),\"\")","v":""},{"$f":"IFERROR(VLOOKUP(C9095,参数!$B:$H,4,0),\"\")","v":""},{"$f":"IFERROR(VLOOKUP(C9095,参数!B:H,3,FALSE),\"\")","v":""},"",1]
[9095,{"$nulls":6},{"$f":"IFERROR(VLOOKUP(C9096,参数!$B:$H,2,0),\"\")","v":""},{"$f":"IFERROR(VLOOKUP(C9096,参数!$B:$H,4,0),\"\")","v":""},{"$f":"IFERROR(VLOOKUP(C9096,参数!B:H,3,FALSE),\"\")","v":""},"",1]
[9096,{"$nulls":6},{"$f":"IFERROR(VLOOKUP(C9097,参数!$B:$H,2,0),\"\")","v":""},{"$f":"IFERROR(VLOOKUP(C9097,参数!$B:$H,4,0),\"\")","v":""},{"$f":"IFERROR(VLOOKUP(C9097,参数!B:H,3,FALSE),\"\")","v":""},"",1]
[9097,{"$nulls":6},{"$f":"IFERROR(VLOOKUP(C9098,参数!$B:$H,2,0),\"\")","v":""},{"$f":"IFERROR(VLOOKUP(C9098,参数!$B:$H,4,0),\"\")","v":""},{"$f":"IFERROR(VLOOKUP(C9098,参数!B:H,3,FALSE),\"\")","v":""},"",1]
[9098,{"$nulls":6},{"$f":"IFERROR(VLOOKUP(C9099,参数!$B:$H,2,0),\"\")","v":""},{"$f":"IFERROR(VLOOKUP(C9099,参数!$B:$H,4,0),\"\")","v":""},{"$f":"IFERROR(VLOOKUP(C9099,参数!B:H,3,FALSE),\"\")","v":""},"",1]
[9099,{"$nulls":6},{"$f":"IFERROR(VLOOKUP(C9100,参数!$B:$H,2,0),\"\")","v":""},{"$f":"IFERROR(VLOOKUP(C9100,参数!$B:$H,4,0),\"\")","v":""},{"$f":"IFERROR(VLOOKUP(C9100,参数!B:H,3,FALSE),\"\")","v":""},"",1]
[9100,{"$nulls":6},{"$f":"IFERROR(VLOOKUP(C9101,参数!$B:$H,2,0),\"\")","v":""},{"$f":"IFERROR(VLOOKUP(C9101,参数!$B:$H,4,0),\"\")","v":""},{"$f":"IFERROR(VLOOKUP(C9101,参数!B:H,3,FALSE),\"\")","v":""},"",1]
[9101,{"$nulls":6},{"$f":"IFERROR(VLOOKUP(C9102,参数!$B:$H,2,0),\"\")","v":""},{"$f":"IFERROR(VLOOKUP(C9102,参数!$B:$H,4,0),\"\")","v":""},{"$f":"IFERROR(VLOOKUP(C9102,参数!B:H,3,FALSE),\"\")","v":""},"",1]
[9102,{"$nulls":6},{"$f":"IFERROR(VLOOKUP(C9103,参数!$B:$H,2,0),\"\")","v":""},{"$f":"IFERROR(VLOOKUP(C9103,参数!$B:$H,4,0),\"\")","v":""},{"$f":"IFERROR(VLOOKUP(C9103,参数!B:H,3,FALSE),\"\")","v":""},"",1]
[9103,{"$nulls":6},{"$f":"IFERROR(VLOOKUP(C9104,参数!$B:$H,2,0),\"\")","v":""},{"$f":"IFERROR(VLOOKUP(C9104,参数!$B:$H,4,0),\"\")","v":""},{"$f":"IFERROR(VLOOKUP(C9104,参数!B:H,3,FALSE),\"\")","v":""},"",1]
[9104,{"$nulls":6},{"$f":"IFERROR(VLOOKUP(C9105,参数!$B:$H,2,0),\"\")","v":""},{"$f":"IFERROR(VLOOKUP(C9105,参数!$B:$H,4,0),\"\")","v":""},{"$f":"IFERROR(VLOOKUP(C9105,参数!B:H,3,FALSE),\"\")","v":""},"",1]
[9105,{"$nulls":6},{"$f":"IFERROR(VLOOKUP(C9106,参数!$B:$H,2,0),\"\")","v":""},{"$f":"IFERROR(VLOOKUP(C9106,参数!$B:$H,4,0),\"\")","v":""},{"$f":"IFERROR(VLOOKUP(C9106,参数!B:H,3,FALSE),\"\")","v":""},"",1]
[9106,{"$nulls":6},{"$f":"IFERROR(VLOOKUP(C9107,参数!$B:$H,2,0),\"\")","v":""},{"$f":"IFERROR(VLOOKUP(C9107,参数!$B:$H,4,0),\"\")","v":""},{"$f":"IFERROR(VLOOKUP(C9107,参数!B:H,3,FALSE),\"\")","v":""},"",1]
[9107,{"$nulls":6},{"$f":"IFERROR(VLOOKUP(C9108,参数!$B:$H,2,0),\"\")","v":""},{"$f":"IFERROR(VLOOKUP(C9108,参数!$B:$H,4,0),\"\")","v":""},{"$f":"IFERROR(VLOOKUP(C9108,参数!B:H,3,FALSE),\"\")","v":""},"",1]
[9108,{"$nulls":6},{"$f":"IFERROR(VLOOKUP(C9109,参数!$B:$H,2,0),\"\")","v":""},{"$f":"IFERROR(VLOOKUP(C9109,参数!$B:$H,4,0),\"\")","v":""},{"$f":"IFERROR(VLOOKUP(C9109,参数!B:H,3,FALSE),\"\")","v":""},"",1]
[9109,{"$nulls":6},{"$f":"IFERROR(VLOOKUP(C9110,参数!$B:$H,2,0),\"\")","v":""},{"$f":"IFERROR(VLOOKUP(C9110,参数!$B:$H,4,0),\"\")","v":""},{"$f":"IFERROR(VLOOKUP(C9110,参数!B:H,3,FALSE),\"\")","v":""},"",1]
[9110,{"$nulls":6},{"$f":"IFERROR(VLOOKUP(C9111,参数!$B:$H,2,0),\"\")","v":""},{"$f":"IFERROR(VLOOKUP(C9111,参数!$B:$H,4,0),\"\")","v":""},{"$f":"IFERROR(VLOOKUP(C9111,参数!B:H,3,FALSE),\"\")","v":""},"",1]
[9111,{"$nulls":6},{"$f":"IFERROR(VLOOKUP(C9112,参数!$B:$H,2,0),\"\")","v":""},{"$f":"IFERROR(VLOOKUP(C9112,参数!$B:$H,4,0),\"\")","v":""},{"$f":"IFERROR(VLOOKUP(C9112,参数!B:H,3,FALSE),\"\")","v":""},"",1]
[9112,{"$nulls":6},{"$f":"IFERROR(VLOOKUP(C9113,参数!$B:$H,2,0),\"\")","v":""},{"$f":"IFERROR(VLOOKUP(C9113,参数!$B:$H,4,0),\"\")","v":""},{"$f":"IFERROR(VLOOKUP(C9113,参数!B:H,3,FALSE),\"\")","v":""},"",1]
[9113,{"$nulls":6},{"$f":"IFERROR(VLOOKUP(C9114,参数!$B:$H,2,0),\"\")","v":""},{"$f":"IFERROR(VLOOKUP(C9114,参数!$B:$H,4,0),\"\")","v":""},{"$f":"IFERROR(VLOOKUP(C9114,参数!B:H,3,FALSE),\"\")","v":""},"",1]
[9114,{"$nulls":6},{"$f":"IFERROR(VLOOKUP(C9115,参数!$B:$H,2,0),\"\")","v":""},{"$f":"IFERROR(VLOOKUP(C9115,参数!$B:$H,4,0),\"\")","v":""},{"$f":"IFERROR(VLOOKUP(C9115,参数!B:H,3,FALSE),\"\")","v":""},"",1]
[9115,{"$nulls":6},{"$f":"IFERROR(VLOOKUP(C9116,参数!$B:$H,2,0),\"\")","v":""},{"$f":"IFERROR(VLOOKUP(C9116,参数!$B:$H,4,0),\"\")","v":""},{"$f":"IFERROR(VLOOKUP(C9116,参数!B:H,3,FALSE),\"\")","v":""},"",1]
[9116,{"$nulls":6},{"$f":"IFERROR(VLOOKUP(C9117,参数!$B:$H,2,0),\"\")","v":""},{"$f":"IFERROR(VLOOKUP(C9117,参数!$B:$H,4,0),\"\")","v":""},{"$f":"IFERROR(VLOOKUP(C9117,参数!B:H,3,FALSE),\"\")","v":""},"",1]
[9117,{"$nulls":6},{"$f":"IFERROR(VLOOKUP(C9118,参数!$B:$H,2,0),\"\")","v":""},{"$f":"IFERROR(VLOOKUP(C9118,参数!$B:$H,4,0),\"\")","v":""},{"$f":"IFERROR(VLOOKUP(C9118,参数!B:H,3,FALSE),\"\")","v":""},"",1]
[9118,{"$nulls":6},{"$f":"IFERROR(VLOOKUP(C9119,参数!$B:$H,2,0),\"\")","v":""},{"$f":"IFERROR(VLOOKUP(C9119,参数!$B:$H,4,0),\"\")","v":""},{"$f":"IFERROR(VLOOKUP(C9119,参数!B:H,3,FALSE),\"\")","v":""},"",1]
[9119,{"$nulls":6},{"$f":"IFERROR(VLOOKUP(C9120,参数!$B:$H,2,0),\"\")","v":""},{"$f":"IFERROR(VLOOKUP(C9120,参数!$B:$H,4,0),\"\")","v":""},{"$f":"IFERROR(VLOOKUP(C9120,参数!B:H,3,FALSE),\"\")","v":""},"",1]
[9120,{"$nulls":6},{"$f":"IFERROR(VLOOKUP(C9121,参数!$B:$H,2,0),\"\")","v":""},{"$f":"IFERROR(VLOOKUP(C9121,参数!$B:$H,4,0),\"\")","v":""},{"$f":"IFERROR(VLOOKUP(C9121,参数!B:H,3,FALSE),\"\")","v":""},"",1]
[9121,{"$nulls":6},{"$f":"IFERROR(VLOOKUP(C9122,参数!$B:$H,2,0),\"\")","v":""},{"$f":"IFERROR(VLOOKUP(C9122,参数!$B:$H,4,0),\"\")","v":""},{"$f":"IFERROR(VLOOKUP(C9122,参数!B:H,3,FALSE),\"\")","v":""},"",1]
[9122,{"$nulls":6},{"$f":"IFERROR(VLOOKUP(C9123,参数!$B:$H,2,0),\"\")","v":""},{"$f":"IFERROR(VLOOKUP(C9123,参数!$B:$H,4,0),\"\")","v":""},{"$f":"IFERROR(VLOOKUP(C9123,参数!B:H,3,FALSE),\"\")","v":""},"",1]
[9123,{"$nulls":6},{"$f":"IFERROR(VLOOKUP(C9124,参数!$B:$H,2,0),\"\")","v":""},{"$f":"IFERROR(VLOOKUP(C9124,参数!$B:$H,4,0),\"\")","v":""},{"$f":"IFERROR(VLOOKUP(C9124,参数!B:H,3,FALSE),\"\")","v":""},"",1]
[9124,{"$nulls":6},{"$f":"IFERROR(VLOOKUP(C9125,参数!$B:$H,2,0),\"\")","v":""},{"$f":"IFERROR(VLOOKUP(C9125,参数!$B:$H,4,0),\"\")","v":""},{"$f":"IFERROR(VLOOKUP(C9125,参数!B:H,3,FALSE),\"\")","v":""},{"$f":"IFERROR(J9125*E9125,\"\")","v":""},1]
[9125,{"$nulls":6},{"$f":"IFERROR(VLOOKUP(C9126,参数!$B:$H,2,0),\"\")","v":""},{"$f":"IFERROR(VLOOKUP(C9126,参数!$B:$H,4,0),\"\")","v":""},{"$f":"IFERROR(VLOOKUP(C9126,参数!B:H,3,FALSE),\"\")","v":""},"",1]
[9126,{"$nulls":6},{"$f":"IFERROR(VLOOKUP(C9127,参数!$B:$H,2,0),\"\")","v":""},{"$f":"IFERROR(VLOOKUP(C9127,参数!$B:$H,4,0),\"\")","v":""},{"$f":"IFERROR(VLOOKUP(C9127,参数!B:H,3,FALSE),\"\")","v":""},"",1]
[9127,{"$nulls":6},{"$f":"IFERROR(VLOOKUP(C9128,参数!$B:$H,2,0),\"\")","v":""},{"$f":"IFERROR(VLOOKUP(C9128,参数!$B:$H,4,0),\"\")","v":""},{"$f":"IFERROR(VLOOKUP(C9128,参数!B:H,3,FALSE),\"\")","v":""},"",1]
[9128,{"$nulls":6},{"$f":"IFERROR(VLOOKUP(C9129,参数!$B:$H,2,0),\"\")","v":""},{"$f":"IFERROR(VLOOKUP(C9129,参数!$B:$H,4,0),\"\")","v":""},{"$f":"IFERROR(VLOOKUP(C9129,参数!B:H,3,FALSE),\"\")","v":""},"",1]
[9129,{"$nulls":6},{"$f":"IFERROR(VLOOKUP(C9130,参数!$B:$H,2,0),\"\")","v":""},{"$f":"IFERROR(VLOOKUP(C9130,参数!$B:$H,4,0),\"\")","v":""},{"$f":"IFERROR(VLOOKUP(C9130,参数!B:H,3,FALSE),\"\")","v":""},"",1]
[9130,{"$nulls":6},{"$f":"IFERROR(VLOOKUP(C9131,参数!$B:$H,2,0),\"\")","v":""},{"$f":"IFERROR(VLOOKUP(C9131,参数!$B:$H,4,0),\"\")","v":""},{"$f":"IFERROR(VLOOKUP(C9131,参数!B:H,3,FALSE),\"\")","v":""},"",1]
[9131,{"$nulls":6},{"$f":"IFERROR(VLOOKUP(C9132,参数!$B:$H,2,0),\"\")","v":""},{"$f":"IFERROR(VLOOKUP(C9132,参数!$B:$H,4,0),\"\")","v":""},{"$f":"IFERROR(VLOOKUP(C9132,参数!B:H,3,FALSE),\"\")","v":""},"",1]
[9132,{"$nulls":6},{"$f":"IFERROR(VLOOKUP(C9133,参数!$B:$H,2,0),\"\")","v":""},{"$f":"IFERROR(VLOOKUP(C9133,参数!$B:$H,4,0),\"\")","v":""},{"$f":"IFERROR(VLOOKUP(C9133,参数!B:H,3,FALSE),\"\")","v":""},"",1]
[9133,{"$nulls":6},{"$f":"IFERROR(VLOOKUP(C9134,参数!$B:$H,2,0),\"\")","v":""},{"$f":"IFERROR(VLOOKUP(C9134,参数!$B:$H,4,0),\"\")","v":""},{"$f":"IFERROR(VLOOKUP(C9134,参数!B:H,3,FALSE),\"\")","v":""},"",1]
[9134,{"$nulls":6},{"$f":"IFERROR(VLOOKUP(C9135,参数!$B:$H,2,0),\"\")","v":""},{"$f":"IFERROR(VLOOKUP(C9135,参数!$B:$H,4,0),\"\")","v":""},{"$f":"IFERROR(VLOOKUP(C9135,参数!B:H,3,FALSE),\"\")","v":""},"",1]
[9135,{"$nulls":6},{"$f":"IFERROR(VLOOKUP(C9136,参数!$B:$H,2,0),\"\")","v":""},{"$f":"IFERROR(VLOOKUP(C9136,参数!$B:$H,4,0),\"\")","v":""},{"$f":"IFERROR(VLOOKUP(C9136,参数!B:H,3,FALSE),\"\")","v":""},"",1]
[9136,{"$nulls":6},{"$f":"IFERROR(VLOOKUP(C9137,参数!$B:$H,2,0),\"\")","v":""},{"$f":"IFERROR(VLOOKUP(C9137,参数!$B:$H,4,0),\"\")","v":""},{"$f":"IFERROR(VLOOKUP(C9137,参数!B:H,3,FALSE),\"\")","v":""},"",1]
[9137,{"$nulls":6},{"$f":"IFERROR(VLOOKUP(C9138,参数!$B:$H,2,0),\"\")","v":""},{"$f":"IFERROR(VLOOKUP(C9138,参数!$B:$H,4,0),\"\")","v":""},{"$f":"IFERROR(VLOOKUP(C9138,参数!B:H,3,FALSE),\"\")","v":""},"",1]
[9138,{"$nulls":6},{"$f":"IFERROR(VLOOKUP(C9139,参数!$B:$H,2,0),\"\")","v":""},{"$f":"IFERROR(VLOOKUP(C9139,参数!$B:$H,4,0),\"\")","v":""},{"$f":"IFERROR(VLOOKUP(C9139,参数!B:H,3,FALSE),\"\")","v":""},"",1]
[9139,{"$nulls":6},{"$f":"IFERROR(VLOOKUP(C9140,参数!$B:$H,2,0),\"\")","v":""},{"$f":"IFERROR(VLOOKUP(C9140,参数!$B:$H,4,0),\"\")","v":""},{"$f":"IFERROR(VLOOKUP(C9140,参数!B:H,3,FALSE),\"\")","v":""},"",1]
[9140,{"$nulls":6},{"$f":"IFERROR(VLOOKUP(C9141,参数!$B:$H,2,0),\"\")","v":""},{"$f":"IFERROR(VLOOKUP(C9141,参数!$B:$H,4,0),\"\")","v":""},{"$f":"IFERROR(VLOOKUP(C9141,参数!B:H,3,FALSE),\"\")","v":""},"",1]
[9141,{"$nulls":6},{"$f":"IFERROR(VLOOKUP(C9142,参数!$B:$H,2,0),\"\")","v":""},{"$f":"IFERROR(VLOOKUP(C9142,参数!$B:$H,4,0),\"\")","v":""},{"$f":"IFERROR(VLOOKUP(C9142,参数!B:H,3,FALSE),\"\")","v":""},"",1]
[9142,{"$nulls":6},{"$f":"IFERROR(VLOOKUP(C9143,参数!$B:$H,2,0),\"\")","v":""},{"$f":"IFERROR(VLOOKUP(C9143,参数!$B:$H,4,0),\"\")","v":""},{"$f":"IFERROR(VLOOKUP(C9143,参数!B:H,3,FALSE),\"\")","v":""},"",1]
[9143,{"$nulls":6},{"$f":"IFERROR(VLOOKUP(C9144,参数!$B:$H,2,0),\"\")","v":""},{"$f":"IFERROR(VLOOKUP(C9144,参数!$B:$H,4,0),\"\")","v":""},{"$f":"IFERROR(VLOOKUP(C9144,参数!B:H,3,FALSE),\"\")","v":""},"",1]
[9144,{"$nulls":6},{"$f":"IFERROR(VLOOKUP(C9145,参数!$B:$H,2,0),\"\")","v":""},{"$f":"IFERROR(VLOOKUP(C9145,参数!$B:$H,4,0),\"\")","v":""},{"$f":"IFERROR(VLOOKUP(C9145,参数!B:H,3,FALSE),\"\")","v":""},"",1]
[9145,{"$nulls":6},{"$f":"IFERROR(VLOOKUP(C9146,参数!$B:$H,2,0),\"\")","v":""},{"$f":"IFERROR(VLOOKUP(C9146,参数!$B:$H,4,0),\"\")","v":""},{"$f":"IFERROR(VLOOKUP(C9146,参数!B:H,3,FALSE),\"\")","v":""},"",1]
[9146,{"$nulls":6},{"$f":"IFERROR(VLOOKUP(C9147,参数!$B:$H,2,0),\"\")","v":""},{"$f":"IFERROR(VLOOKUP(C9147,参数!$B:$H,4,0),\"\")","v":""},{"$f":"IFERROR(VLOOKUP(C9147,参数!B:H,3,FALSE),\"\")","v":""},"",1]
[9147,{"$nulls":6},{"$f":"IFERROR(VLOOKUP(C9148,参数!$B:$H,2,0),\"\")","v":""},{"$f":"IFERROR(VLOOKUP(C9148,参数!$B:$H,4,0),\"\")","v":""},{"$f":"IFERROR(VLOOKUP(C9148,参数!B:H,3,FALSE),\"\")","v":""},"",1]
[9148,{"$nulls":6},{"$f":"IFERROR(VLOOKUP(C9149,参数!$B:$H,2,0),\"\")","v":""},{"$f":"IFERROR(VLOOKUP(C9149,参数!$B:$H,4,0),\"\")","v":""},{"$f":"IFERROR(VLOOKUP(C9149,参数!B:H,3,FALSE),\"\")","v":""},"",1]
[9149,{"$nulls":6},{"$f":"IFERROR(VLOOKUP(C9150,参数!$B:$H,2,0),\"\")","v":""},{"$f":"IFERROR(VLOOKUP(C9150,参数!$B:$H,4,0),\"\")","v":""},{"$f":"IFERROR(VLOOKUP(C9150,参数!B:H,3,FALSE),\"\")","v":""},"",1]
[9150,{"$nulls":6},{"$f":"IFERROR(VLOOKUP(C9151,参数!$B:$H,2,0),\"\")","v":""},{"$f":"IFERROR(VLOOKUP(C9151,参数!$B:$H,4,0),\"\")","v":""},{"$f":"IFERROR(VLOOKUP(C9151,参数!B:H,3,FALSE),\"\")","v":""},"",1]
[9151,{"$nulls":6},{"$f":"IFERROR(VLOOKUP(C9152,参数!$B:$H,2,0),\"\")","v":""},{"$f":"IFERROR(VLOOKUP(C9152,参数!$B:$H,4,0),\"\")","v":""},{"$f":"IFERROR(VLOOKUP(C9152,参数!B:H,3,FALSE),\"\")","v":""},"",1]
[9152,{"$nulls":6},{"$f":"IFERROR(VLOOKUP(C9153,参数!$B:$H,2,0),\"\")","v":""},{"$f":"IFERROR(VLOOKUP(C9153,参数!$B:$H,4,0),\"\")","v":""},{"$f":"IFERROR(VLOOKUP(C9153,参数!B:H,3,FALSE),\"\")","v":""},"",1]
[9153,{"$nulls":6},{"$f":"IFERROR(VLOOKUP(C9154,参数!$B:$H,2,0),\"\")","v":""},{"$f":"IFERROR(VLOOKUP(C9154,参数!$B:$H,4,0),\"\")","v":""},{"$f":"IFERROR(VLOOKUP(C9154,参数!B:H,3,FALSE),\"\")","v":""},"",{"$f":"VALUE(MONTH(B9154))","v":1}]
[9154,{"$nulls":6},{"$f":"IFERROR(VLOOKUP(C9155,参数!$B:$H,2,0),\"\")","v":""},{"$f":"IFERROR(VLOOKUP(C9155,参数!$B:$H,4,0),\"\")","v":""},{"$f":"IFERROR(VLOOKUP(C9155,参数!B:H,3,FALSE),\"\")","v":""},"",1]
[9155,{"$nulls":6},{"$f":"IFERROR(VLOOKUP(C9156,参数!$B:$H,2,0),\"\")","v":""},{"$f":"IFERROR(VLOOKUP(C9156,参数!$B:$H,4,0),\"\")","v":""},{"$f":"IFERROR(VLOOKUP(C9156,参数!B:H,3,FALSE),\"\")","v":""},"",1]
[9156,{"$nulls":6},{"$f":"IFERROR(VLOOKUP(C9157,参数!$B:$H,2,0),\"\")","v":""},{"$f":"IFERROR(VLOOKUP(C9157,参数!$B:$H,4,0),\"\")","v":""},{"$f":"IFERROR(VLOOKUP(C9157,参数!B:H,3,FALSE),\"\")","v":""},"",1]
[9157,{"$nulls":6},{"$f":"IFERROR(VLOOKUP(C9158,参数!$B:$H,2,0),\"\")","v":""},{"$f":"IFERROR(VLOOKUP(C9158,参数!$B:$H,4,0),\"\")","v":""},{"$f":"IFERROR(VLOOKUP(C9158,参数!B:H,3,FALSE),\"\")","v":""},"",1]
[9158,{"$nulls":6},{"$f":"IFERROR(VLOOKUP(C9159,参数!$B:$H,2,0),\"\")","v":""},{"$f":"IFERROR(VLOOKUP(C9159,参数!$B:$H,4,0),\"\")","v":""},{"$f":"IFERROR(VLOOKUP(C9159,参数!B:H,3,FALSE),\"\")","v":""},"",1]
[9159,{"$nulls":6},{"$f":"IFERROR(VLOOKUP(C9160,参数!$B:$H,2,0),\"\")","v":""},{"$f":"IFERROR(VLOOKUP(C9160,参数!$B:$H,4,0),\"\")","v":""},{"$f":"IFERROR(VLOOKUP(C9160,参数!B:H,3,FALSE),\"\")","v":""},"",1]
[9160,{"$nulls":6},{"$f":"IFERROR(VLOOKUP(C9161,参数!$B:$H,2,0),\"\")","v":""},{"$f":"IFERROR(VLOOKUP(C9161,参数!$B:$H,4,0),\"\")","v":""},{"$f":"IFERROR(VLOOKUP(C9161,参数!B:H,3,FALSE),\"\")","v":""},"",1]
[9161,{"$nulls":6},{"$f":"IFERROR(VLOOKUP(C9162,参数!$B:$H,2,0),\"\")","v":""},{"$f":"IFERROR(VLOOKUP(C9162,参数!$B:$H,4,0),\"\")","v":""},{"$f":"IFERROR(VLOOKUP(C9162,参数!B:H,3,FALSE),\"\")","v":""},"",1]
[9162,{"$nulls":6},{"$f":"IFERROR(VLOOKUP(C9163,参数!$B:$H,2,0),\"\")","v":""},{"$f":"IFERROR(VLOOKUP(C9163,参数!$B:$H,4,0),\"\")","v":""},{"$f":"IFERROR(VLOOKUP(C9163,参数!B:H,3,FALSE),\"\")","v":""},"",1]
[9163,{"$nulls":6},{"$f":"IFERROR(VLOOKUP(C9164,参数!$B:$H,2,0),\"\")","v":""},{"$f":"IFERROR(VLOOKUP(C9164,参数!$B:$H,4,0),\"\")","v":""},{"$f":"IFERROR(VLOOKUP(C9164,参数!B:H,3,FALSE),\"\")","v":""},"",1]
[9164,{"$nulls":6},{"$f":"IFERROR(VLOOKUP(C9165,参数!$B:$H,2,0),\"\")","v":""},{"$f":"IFERROR(VLOOKUP(C9165,参数!$B:$H,4,0),\"\")","v":""},{"$f":"IFERROR(VLOOKUP(C9165,参数!B:H,3,FALSE),\"\")","v":""},"",1]
[9165,{"$nulls":6},{"$f":"IFERROR(VLOOKUP(C9166,参数!$B:$H,2,0),\"\")","v":""},{"$f":"IFERROR(VLOOKUP(C9166,参数!$B:$H,4,0),\"\")","v":""},{"$f":"IFERROR(VLOOKUP(C9166,参数!B:H,3,FALSE),\"\")","v":""},"",1]
[9166,{"$nulls":6},{"$f":"IFERROR(VLOOKUP(C9167,参数!$B:$H,2,0),\"\")","v":""},{"$f":"IFERROR(VLOOKUP(C9167,参数!$B:$H,4,0),\"\")","v":""},{"$f":"IFERROR(VLOOKUP(C9167,参数!B:H,3,FALSE),\"\")","v":""},"",1]
[9167,{"$nulls":6},{"$f":"IFERROR(VLOOKUP(C9168,参数!$B:$H,2,0),\"\")","v":""},{"$f":"IFERROR(VLOOKUP(C9168,参数!$B:$H,4,0),\"\")","v":""},{"$f":"IFERROR(VLOOKUP(C9168,参数!B:H,3,FALSE),\"\")","v":""},"",1]
[9168,{"$nulls":6},{"$f":"IFERROR(VLOOKUP(C9169,参数!$B:$H,2,0),\"\")","v":""},{"$f":"IFERROR(VLOOKUP(C9169,参数!$B:$H,4,0),\"\")","v":""},{"$f":"IFERROR(VLOOKUP(C9169,参数!B:H,3,FALSE),\"\")","v":""},"",1]
[9169,{"$nulls":6},{"$f":"IFERROR(VLOOKUP(C9170,参数!$B:$H,2,0),\"\")","v":""},{"$f":"IFERROR(VLOOKUP(C9170,参数!$B:$H,4,0),\"\")","v":""},{"$f":"IFERROR(VLOOKUP(C9170,参数!B:H,3,FALSE),\"\")","v":""},"",1]
[9170,{"$nulls":6},{"$f":"IFERROR(VLOOKUP(C9171,参数!$B:$H,2,0),\"\")","v":""},{"$f":"IFERROR(VLOOKUP(C9171,参数!$B:$H,4,0),\"\")","v":""},{"$f":"IFERROR(VLOOKUP(C9171,参数!B:H,3,FALSE),\"\")","v":""},"",1]
[9171,{"$nulls":6},{"$f":"IFERROR(VLOOKUP(C9172,参数!$B:$H,2,0),\"\")","v":""},{"$f":"IFERROR(VLOOKUP(C9172,参数!$B:$H,4,0),\"\")","v":""},{"$f":"IFERROR(VLOOKUP(C9172,参数!B:H,3,FALSE),\"\")","v":""},"",1]
[9172,{"$nulls":6},{"$f":"IFERROR(VLOOKUP(C9173,参数!$B:$H,2,0),\"\")","v":""},{"$f":"IFERROR(VLOOKUP(C9173,参数!$B:$H,4,0),\"\")","v":""},{"$f":"IFERROR(VLOOKUP(C9173,参数!B:H,3,FALSE),\"\")","v":""},"",1]
[9173,{"$nulls":6},{"$f":"IFERROR(VLOOKUP(C9174,参数!$B:$H,2,0),\"\")","v":""},{"$f":"IFERROR(VLOOKUP(C9174,参数!$B:$H,4,0),\"\")","v":""},{"$f":"IFERROR(VLOOKUP(C9174,参数!B:H,3,FALSE),\"\")","v":""},"",1]
[9174,{"$nulls":6},{"$f":"IFERROR(VLOOKUP(C9175,参数!$B:$H,2,0),\"\")","v":""},{"$f":"IFERROR(VLOOKUP(C9175,参数!$B:$H,4,0),\"\")","v":""},{"$f":"IFERROR(VLOOKUP(C9175,参数!B:H,3,FALSE),\"\")","v":""},"",1]
[9175,{"$nulls":6},{"$f":"IFERROR(VLOOKUP(C9176,参数!$B:$H,2,0),\"\")","v":""},{"$f":"IFERROR(VLOOKUP(C9176,参数!$B:$H,4,0),\"\")","v":""},{"$f":"IFERROR(VLOOKUP(C9176,参数!B:H,3,FALSE),\"\")","v":""},"",1]
[9176,{"$nulls":6},{"$f":"IFERROR(VLOOKUP(C9177,参数!$B:$H,2,0),\"\")","v":""},{"$f":"IFERROR(VLOOKUP(C9177,参数!$B:$H,4,0),\"\")","v":""},{"$f":"IFERROR(VLOOKUP(C9177,参数!B:H,3,FALSE),\"\")","v":""},"",1]
[9177,{"$nulls":6},{"$f":"IFERROR(VLOOKUP(C9178,参数!$B:$H,2,0),\"\")","v":""},{"$f":"IFERROR(VLOOKUP(C9178,参数!$B:$H,4,0),\"\")","v":""},{"$f":"IFERROR(VLOOKUP(C9178,参数!B:H,3,FALSE),\"\")","v":""},"",1]
[9178,{"$nulls":6},{"$f":"IFERROR(VLOOKUP(C9179,参数!$B:$H,2,0),\"\")","v":""},{"$f":"IFERROR(VLOOKUP(C9179,参数!$B:$H,4,0),\"\")","v":""},{"$f":"IFERROR(VLOOKUP(C9179,参数!B:H,3,FALSE),\"\")","v":""},"",1]
[9179,{"$nulls":6},{"$f":"IFERROR(VLOOKUP(C9180,参数!$B:$H,2,0),\"\")","v":""},{"$f":"IFERROR(VLOOKUP(C9180,参数!$B:$H,4,0),\"\")","v":""},{"$f":"IFERROR(VLOOKUP(C9180,参数!B:H,3,FALSE),\"\")","v":""},"",1]
[9180,{"$nulls":6},{"$f":"IFERROR(VLOOKUP(C9181,参数!$B:$H,2,0),\"\")","v":""},{"$f":"IFERROR(VLOOKUP(C9181,参数!$B:$H,4,0),\"\")","v":""},{"$f":"IFERROR(VLOOKUP(C9181,参数!B:H,3,FALSE),\"\")","v":""},"",1]
[9181,{"$nulls":6},{"$f":"IFERROR(VLOOKUP(C9182,参数!$B:$H,2,0),\"\")","v":""},{"$f":"IFERROR(VLOOKUP(C9182,参数!$B:$H,4,0),\"\")","v":""},{"$f":"IFERROR(VLOOKUP(C9182,参数!B:H,3,FALSE),\"\")","v":""},"",1]
[9182,{"$nulls":6},{"$f":"IFERROR(VLOOKUP(C9183,参数!$B:$H,2,0),\"\")","v":""},{"$f":"IFERROR(VLOOKUP(C9183,参数!$B:$H,4,0),\"\")","v":""},{"$f":"IFERROR(VLOOKUP(C9183,参数!B:H,3,FALSE),\"\")","v":""},"",1]
[9183,{"$nulls":6},{"$f":"IFERROR(VLOOKUP(C9184,参数!$B:$H,2,0),\"\")","v":""},{"$f":"IFERROR(VLOOKUP(C9184,参数!$B:$H,4,0),\"\")","v":""},{"$f":"IFERROR(VLOOKUP(C9184,参数!B:H,3,FALSE),\"\")","v":""},"",1]
[9184,{"$nulls":6},{"$f":"IFERROR(VLOOKUP(C9185,参数!$B:$H,2,0),\"\")","v":""},{"$f":"IFERROR(VLOOKUP(C9185,参数!$B:$H,4,0),\"\")","v":""},{"$f":"IFERROR(VLOOKUP(C9185,参数!B:H,3,FALSE),\"\")","v":""},"",1]
[9185,{"$nulls":6},{"$f":"IFERROR(VLOOKUP(C9186,参数!$B:$H,2,0),\"\")","v":""},{"$f":"IFERROR(VLOOKUP(C9186,参数!$B:$H,4,0),\"\")","v":""},{"$f":"IFERROR(VLOOKUP(C9186,参数!B:H,3,FALSE),\"\")","v":""},"",1]
[9186,{"$nulls":6},{"$f":"IFERROR(VLOOKUP(C9187,参数!$B:$H,2,0),\"\")","v":""},{"$f":"IFERROR(VLOOKUP(C9187,参数!$B:$H,4,0),\"\")","v":""},{"$f":"IFERROR(VLOOKUP(C9187,参数!B:H,3,FALSE),\"\")","v":""},"",1]
[9187,{"$nulls":6},{"$f":"IFERROR(VLOOKUP(C9188,参数!$B:$H,2,0),\"\")","v":""},{"$f":"IFERROR(VLOOKUP(C9188,参数!$B:$H,4,0),\"\")","v":""},{"$f":"IFERROR(VLOOKUP(C9188,参数!B:H,3,FALSE),\"\")","v":""},"",1]
[9188,{"$nulls":6},{"$f":"IFERROR(VLOOKUP(C9189,参数!$B:$H,2,0),\"\")","v":""},{"$f":"IFERROR(VLOOKUP(C9189,参数!$B:$H,4,0),\"\")","v":""},{"$f":"IFERROR(VLOOKUP(C9189,参数!B:H,3,FALSE),\"\")","v":""},{"$f":"IFERROR(J9189*E9189,\"\")","v":""},1]
[9189,{"$nulls":6},{"$f":"IFERROR(VLOOKUP(C9190,参数!$B:$H,2,0),\"\")","v":""},{"$f":"IFERROR(VLOOKUP(C9190,参数!$B:$H,4,0),\"\")","v":""},{"$f":"IFERROR(VLOOKUP(C9190,参数!B:H,3,FALSE),\"\")","v":""},"",1]
[9190,{"$nulls":6},{"$f":"IFERROR(VLOOKUP(C9191,参数!$B:$H,2,0),\"\")","v":""},{"$f":"IFERROR(VLOOKUP(C9191,参数!$B:$H,4,0),\"\")","v":""},{"$f":"IFERROR(VLOOKUP(C9191,参数!B:H,3,FALSE),\"\")","v":""},"",1]
[9191,{"$nulls":6},{"$f":"IFERROR(VLOOKUP(C9192,参数!$B:$H,2,0),\"\")","v":""},{"$f":"IFERROR(VLOOKUP(C9192,参数!$B:$H,4,0),\"\")","v":""},{"$f":"IFERROR(VLOOKUP(C9192,参数!B:H,3,FALSE),\"\")","v":""},"",1]
[9192,{"$nulls":6},{"$f":"IFERROR(VLOOKUP(C9193,参数!$B:$H,2,0),\"\")","v":""},{"$f":"IFERROR(VLOOKUP(C9193,参数!$B:$H,4,0),\"\")","v":""},{"$f":"IFERROR(VLOOKUP(C9193,参数!B:H,3,FALSE),\"\")","v":""},"",1]
[9193,{"$nulls":6},{"$f":"IFERROR(VLOOKUP(C9194,参数!$B:$H,2,0),\"\")","v":""},{"$f":"IFERROR(VLOOKUP(C9194,参数!$B:$H,4,0),\"\")","v":""},{"$f":"IFERROR(VLOOKUP(C9194,参数!B:H,3,FALSE),\"\")","v":""},"",1]
[9194,{"$nulls":6},{"$f":"IFERROR(VLOOKUP(C9195,参数!$B:$H,2,0),\"\")","v":""},{"$f":"IFERROR(VLOOKUP(C9195,参数!$B:$H,4,0),\"\")","v":""},{"$f":"IFERROR(VLOOKUP(C9195,参数!B:H,3,FALSE),\"\")","v":""},"",1]
[9195,{"$nulls":6},{"$f":"IFERROR(VLOOKUP(C9196,参数!$B:$H,2,0),\"\")","v":""},{"$f":"IFERROR(VLOOKUP(C9196,参数!$B:$H,4,0),\"\")","v":""},{"$f":"IFERROR(VLOOKUP(C9196,参数!B:H,3,FALSE),\"\")","v":""},"",1]
[9196,{"$nulls":6},{"$f":"IFERROR(VLOOKUP(C9197,参数!$B:$H,2,0),\"\")","v":""},{"$f":"IFERROR(VLOOKUP(C9197,参数!$B:$H,4,0),\"\")","v":""},{"$f":"IFERROR(VLOOKUP(C9197,参数!B:H,3,FALSE),\"\")","v":""},"",1]
[9197,{"$nulls":6},{"$f":"IFERROR(VLOOKUP(C9198,参数!$B:$H,2,0),\"\")","v":""},{"$f":"IFERROR(VLOOKUP(C9198,参数!$B:$H,4,0),\"\")","v":""},{"$f":"IFERROR(VLOOKUP(C9198,参数!B:H,3,FALSE),\"\")","v":""},"",1]
[9198,{"$nulls":6},{"$f":"IFERROR(VLOOKUP(C9199,参数!$B:$H,2,0),\"\")","v":""},{"$f":"IFERROR(VLOOKUP(C9199,参数!$B:$H,4,0),\"\")","v":""},{"$f":"IFERROR(VLOOKUP(C9199,参数!B:H,3,FALSE),\"\")","v":""},"",1]
[9199,{"$nulls":6},{"$f":"IFERROR(VLOOKUP(C9200,参数!$B:$H,2,0),\"\")","v":""},{"$f":"IFERROR(VLOOKUP(C9200,参数!$B:$H,4,0),\"\")","v":""},{"$f":"IFERROR(VLOOKUP(C9200,参数!B:H,3,FALSE),\"\")","v":""},"",1]
[9200,{"$nulls":6},{"$f":"IFERROR(VLOOKUP(C9201,参数!$B:$H,2,0),\"\")","v":""},{"$f":"IFERROR(VLOOKUP(C9201,参数!$B:$H,4,0),\"\")","v":""},{"$f":"IFERROR(VLOOKUP(C9201,参数!B:H,3,FALSE),\"\")","v":""},"",1]
[9201,{"$nulls":6},{"$f":"IFERROR(VLOOKUP(C9202,参数!$B:$H,2,0),\"\")","v":""},{"$f":"IFERROR(VLOOKUP(C9202,参数!$B:$H,4,0),\"\")","v":""},{"$f":"IFERROR(VLOOKUP(C9202,参数!B:H,3,FALSE),\"\")","v":""},"",1]
[9202,{"$nulls":6},{"$f":"IFERROR(VLOOKUP(C9203,参数!$B:$H,2,0),\"\")","v":""},{"$f":"IFERROR(VLOOKUP(C9203,参数!$B:$H,4,0),\"\")","v":""},{"$f":"IFERROR(VLOOKUP(C9203,参数!B:H,3,FALSE),\"\")","v":""},"",1]
[9203,{"$nulls":6},{"$f":"IFERROR(VLOOKUP(C9204,参数!$B:$H,2,0),\"\")","v":""},{"$f":"IFERROR(VLOOKUP(C9204,参数!$B:$H,4,0),\"\")","v":""},{"$f":"IFERROR(VLOOKUP(C9204,参数!B:H,3,FALSE),\"\")","v":""},"",1]
[9204,{"$nulls":6},{"$f":"IFERROR(VLOOKUP(C9205,参数!$B:$H,2,0),\"\")","v":""},{"$f":"IFERROR(VLOOKUP(C9205,参数!$B:$H,4,0),\"\")","v":""},{"$f":"IFERROR(VLOOKUP(C9205,参数!B:H,3,FALSE),\"\")","v":""},"",1]
[9205,{"$nulls":6},{"$f":"IFERROR(VLOOKUP(C9206,参数!$B:$H,2,0),\"\")","v":""},{"$f":"IFERROR(VLOOKUP(C9206,参数!$B:$H,4,0),\"\")","v":""},{"$f":"IFERROR(VLOOKUP(C9206,参数!B:H,3,FALSE),\"\")","v":""},"",1]
[9206,{"$nulls":6},{"$f":"IFERROR(VLOOKUP(C9207,参数!$B:$H,2,0),\"\")","v":""},{"$f":"IFERROR(VLOOKUP(C9207,参数!$B:$H,4,0),\"\")","v":""},{"$f":"IFERROR(VLOOKUP(C9207,参数!B:H,3,FALSE),\"\")","v":""},"",1]
[9207,{"$nulls":6},{"$f":"IFERROR(VLOOKUP(C9208,参数!$B:$H,2,0),\"\")","v":""},{"$f":"IFERROR(VLOOKUP(C9208,参数!$B:$H,4,0),\"\")","v":""},{"$f":"IFERROR(VLOOKUP(C9208,参数!B:H,3,FALSE),\"\")","v":""},"",1]
[9208,{"$nulls":6},{"$f":"IFERROR(VLOOKUP(C9209,参数!$B:$H,2,0),\"\")","v":""},{"$f":"IFERROR(VLOOKUP(C9209,参数!$B:$H,4,0),\"\")","v":""},{"$f":"IFERROR(VLOOKUP(C9209,参数!B:H,3,FALSE),\"\")","v":""},"",1]
[9209,{"$nulls":6},{"$f":"IFERROR(VLOOKUP(C9210,参数!$B:$H,2,0),\"\")","v":""},{"$f":"IFERROR(VLOOKUP(C9210,参数!$B:$H,4,0),\"\")","v":""},{"$f":"IFERROR(VLOOKUP(C9210,参数!B:H,3,FALSE),\"\")","v":""},"",1]
[9210,{"$nulls":6},{"$f":"IFERROR(VLOOKUP(C9211,参数!$B:$H,2,0),\"\")","v":""},{"$f":"IFERROR(VLOOKUP(C9211,参数!$B:$H,4,0),\"\")","v":""},{"$f":"IFERROR(VLOOKUP(C9211,参数!B:H,3,FALSE),\"\")","v":""},"",1]
[9211,{"$nulls":6},{"$f":"IFERROR(VLOOKUP(C9212,参数!$B:$H,2,0),\"\")","v":""},{"$f":"IFERROR(VLOOKUP(C9212,参数!$B:$H,4,0),\"\")","v":""},{"$f":"IFERROR(VLOOKUP(C9212,参数!B:H,3,FALSE),\"\")","v":""},"",1]
[9212,{"$nulls":6},{"$f":"IFERROR(VLOOKUP(C9213,参数!$B:$H,2,0),\"\")","v":""},{"$f":"IFERROR(VLOOKUP(C9213,参数!$B:$H,4,0),\"\")","v":""},{"$f":"IFERROR(VLOOKUP(C9213,参数!B:H,3,FALSE),\"\")","v":""},"",1]
[9213,{"$nulls":6},{"$f":"IFERROR(VLOOKUP(C9214,参数!$B:$H,2,0),\"\")","v":""},{"$f":"IFERROR(VLOOKUP(C9214,参数!$B:$H,4,0),\"\")","v":""},{"$f":"IFERROR(VLOOKUP(C9214,参数!B:H,3,FALSE),\"\")","v":""},"",1]
[9214,{"$nulls":6},{"$f":"IFERROR(VLOOKUP(C9215,参数!$B:$H,2,0),\"\")","v":""},{"$f":"IFERROR(VLOOKUP(C9215,参数!$B:$H,4,0),\"\")","v":""},{"$f":"IFERROR(VLOOKUP(C9215,参数!B:H,3,FALSE),\"\")","v":""},"",1]
[9215,{"$nulls":6},{"$f":"IFERROR(VLOOKUP(C9216,参数!$B:$H,2,0),\"\")","v":""},{"$f":"IFERROR(VLOOKUP(C9216,参数!$B:$H,4,0),\"\")","v":""},{"$f":"IFERROR(VLOOKUP(C9216,参数!B:H,3,FALSE),\"\")","v":""},"",1]
[9216,{"$nulls":6},{"$f":"IFERROR(VLOOKUP(C9217,参数!$B:$H,2,0),\"\")","v":""},{"$f":"IFERROR(VLOOKUP(C9217,参数!$B:$H,4,0),\"\")","v":""},{"$f":"IFERROR(VLOOKUP(C9217,参数!B:H,3,FALSE),\"\")","v":""},"",1]
[9217,{"$nulls":6},{"$f":"IFERROR(VLOOKUP(C9218,参数!$B:$H,2,0),\"\")","v":""},{"$f":"IFERROR(VLOOKUP(C9218,参数!$B:$H,4,0),\"\")","v":""},{"$f":"IFERROR(VLOOKUP(C9218,参数!B:H,3,FALSE),\"\")","v":""},"",{"$f":"VALUE(MONTH(B9218))","v":1}]
[9218,{"$nulls":6},{"$f":"IFERROR(VLOOKUP(C9219,参数!$B:$H,2,0),\"\")","v":""},{"$f":"IFERROR(VLOOKUP(C9219,参数!$B:$H,4,0),\"\")","v":""},{"$f":"IFERROR(VLOOKUP(C9219,参数!B:H,3,FALSE),\"\")","v":""},"",1]
[9219,{"$nulls":6},{"$f":"IFERROR(VLOOKUP(C9220,参数!$B:$H,2,0),\"\")","v":""},{"$f":"IFERROR(VLOOKUP(C9220,参数!$B:$H,4,0),\"\")","v":""},{"$f":"IFERROR(VLOOKUP(C9220,参数!B:H,3,FALSE),\"\")","v":""},"",1]
[9220,{"$nulls":6},{"$f":"IFERROR(VLOOKUP(C9221,参数!$B:$H,2,0),\"\")","v":""},{"$f":"IFERROR(VLOOKUP(C9221,参数!$B:$H,4,0),\"\")","v":""},{"$f":"IFERROR(VLOOKUP(C9221,参数!B:H,3,FALSE),\"\")","v":""},"",1]
[9221,{"$nulls":6},{"$f":"IFERROR(VLOOKUP(C9222,参数!$B:$H,2,0),\"\")","v":""},{"$f":"IFERROR(VLOOKUP(C9222,参数!$B:$H,4,0),\"\")","v":""},{"$f":"IFERROR(VLOOKUP(C9222,参数!B:H,3,FALSE),\"\")","v":""},"",1]
[9222,{"$nulls":6},{"$f":"IFERROR(VLOOKUP(C9223,参数!$B:$H,2,0),\"\")","v":""},{"$f":"IFERROR(VLOOKUP(C9223,参数!$B:$H,4,0),\"\")","v":""},{"$f":"IFERROR(VLOOKUP(C9223,参数!B:H,3,FALSE),\"\")","v":""},"",1]
[9223,{"$nulls":6},{"$f":"IFERROR(VLOOKUP(C9224,参数!$B:$H,2,0),\"\")","v":""},{"$f":"IFERROR(VLOOKUP(C9224,参数!$B:$H,4,0),\"\")","v":""},{"$f":"IFERROR(VLOOKUP(C9224,参数!B:H,3,FALSE),\"\")","v":""},"",1]
[9224,{"$nulls":6},{"$f":"IFERROR(VLOOKUP(C9225,参数!$B:$H,2,0),\"\")","v":""},{"$f":"IFERROR(VLOOKUP(C9225,参数!$B:$H,4,0),\"\")","v":""},{"$f":"IFERROR(VLOOKUP(C9225,参数!B:H,3,FALSE),\"\")","v":""},"",1]
[9225,{"$nulls":6},{"$f":"IFERROR(VLOOKUP(C9226,参数!$B:$H,2,0),\"\")","v":""},{"$f":"IFERROR(VLOOKUP(C9226,参数!$B:$H,4,0),\"\")","v":""},{"$f":"IFERROR(VLOOKUP(C9226,参数!B:H,3,FALSE),\"\")","v":""},"",1]
[9226,{"$nulls":6},{"$f":"IFERROR(VLOOKUP(C9227,参数!$B:$H,2,0),\"\")","v":""},{"$f":"IFERROR(VLOOKUP(C9227,参数!$B:$H,4,0),\"\")","v":""},{"$f":"IFERROR(VLOOKUP(C9227,参数!B:H,3,FALSE),\"\")","v":""},"",1]
[9227,{"$nulls":6},{"$f":"IFERROR(VLOOKUP(C9228,参数!$B:$H,2,0),\"\")","v":""},{"$f":"IFERROR(VLOOKUP(C9228,参数!$B:$H,4,0),\"\")","v":""},{"$f":"IFERROR(VLOOKUP(C9228,参数!B:H,3,FALSE),\"\")","v":""},"",1]
[9228,{"$nulls":6},{"$f":"IFERROR(VLOOKUP(C9229,参数!$B:$H,2,0),\"\")","v":""},{"$f":"IFERROR(VLOOKUP(C9229,参数!$B:$H,4,0),\"\")","v":""},{"$f":"IFERROR(VLOOKUP(C9229,参数!B:H,3,FALSE),\"\")","v":""},"",1]
[9229,{"$nulls":6},{"$f":"IFERROR(VLOOKUP(C9230,参数!$B:$H,2,0),\"\")","v":""},{"$f":"IFERROR(VLOOKUP(C9230,参数!$B:$H,4,0),\"\")","v":""},{"$f":"IFERROR(VLOOKUP(C9230,参数!B:H,3,FALSE),\"\")","v":""},"",1]
[9230,{"$nulls":6},{"$f":"IFERROR(VLOOKUP(C9231,参数!$B:$H,2,0),\"\")","v":""},{"$f":"IFERROR(VLOOKUP(C9231,参数!$B:$H,4,0),\"\")","v":""},{"$f":"IFERROR(VLOOKUP(C9231,参数!B:H,3,FALSE),\"\")","v":""},"",1]
[9231,{"$nulls":6},{"$f":"IFERROR(VLOOKUP(C9232,参数!$B:$H,2,0),\"\")","v":""},{"$f":"IFERROR(VLOOKUP(C9232,参数!$B:$H,4,0),\"\")","v":""},{"$f":"IFERROR(VLOOKUP(C9232,参数!B:H,3,FALSE),\"\")","v":""},"",1]
[9232,{"$nulls":6},{"$f":"IFERROR(VLOOKUP(C9233,参数!$B:$H,2,0),\"\")","v":""},{"$f":"IFERROR(VLOOKUP(C9233,参数!$B:$H,4,0),\"\")","v":""},{"$f":"IFERROR(VLOOKUP(C9233,参数!B:H,3,FALSE),\"\")","v":""},"",1]
[9233,{"$nulls":6},{"$f":"IFERROR(VLOOKUP(C9234,参数!$B:$H,2,0),\"\")","v":""},{"$f":"IFERROR(VLOOKUP(C9234,参数!$B:$H,4,0),\"\")","v":""},{"$f":"IFERROR(VLOOKUP(C9234,参数!B:H,3,FALSE),\"\")","v":""},"",1]
[9234,{"$nulls":6},{"$f":"IFERROR(VLOOKUP(C9235,参数!$B:$H,2,0),\"\")","v":""},{"$f":"IFERROR(VLOOKUP(C9235,参数!$B:$H,4,0),\"\")","v":""},{"$f":"IFERROR(VLOOKUP(C9235,参数!B:H,3,FALSE),\"\")","v":""},"",1]
[9235,{"$nulls":6},{"$f":"IFERROR(VLOOKUP(C9236,参数!$B:$H,2,0),\"\")","v":""},{"$f":"IFERROR(VLOOKUP(C9236,参数!$B:$H,4,0),\"\")","v":""},{"$f":"IFERROR(VLOOKUP(C9236,参数!B:H,3,FALSE),\"\")","v":""},"",1]
[9236,{"$nulls":6},{"$f":"IFERROR(VLOOKUP(C9237,参数!$B:$H,2,0),\"\")","v":""},{"$f":"IFERROR(VLOOKUP(C9237,参数!$B:$H,4,0),\"\")","v":""},{"$f":"IFERROR(VLOOKUP(C9237,参数!B:H,3,FALSE),\"\")","v":""},"",1]
[9237,{"$nulls":6},{"$f":"IFERROR(VLOOKUP(C9238,参数!$B:$H,2,0),\"\")","v":""},{"$f":"IFERROR(VLOOKUP(C9238,参数!$B:$H,4,0),\"\")","v":""},{"$f":"IFERROR(VLOOKUP(C9238,参数!B:H,3,FALSE),\"\")","v":""},"",1]
[9238,{"$nulls":6},{"$f":"IFERROR(VLOOKUP(C9239,参数!$B:$H,2,0),\"\")","v":""},{"$f":"IFERROR(VLOOKUP(C9239,参数!$B:$H,4,0),\"\")","v":""},{"$f":"IFERROR(VLOOKUP(C9239,参数!B:H,3,FALSE),\"\")","v":""},"",1]
[9239,{"$nulls":6},{"$f":"IFERROR(VLOOKUP(C9240,参数!$B:$H,2,0),\"\")","v":""},{"$f":"IFERROR(VLOOKUP(C9240,参数!$B:$H,4,0),\"\")","v":""},{"$f":"IFERROR(VLOOKUP(C9240,参数!B:H,3,FALSE),\"\")","v":""},"",1]
[9240,{"$nulls":6},{"$f":"IFERROR(VLOOKUP(C9241,参数!$B:$H,2,0),\"\")","v":""},{"$f":"IFERROR(VLOOKUP(C9241,参数!$B:$H,4,0),\"\")","v":""},{"$f":"IFERROR(VLOOKUP(C9241,参数!B:H,3,FALSE),\"\")","v":""},"",1]
[9241,{"$nulls":6},{"$f":"IFERROR(VLOOKUP(C9242,参数!$B:$H,2,0),\"\")","v":""},{"$f":"IFERROR(VLOOKUP(C9242,参数!$B:$H,4,0),\"\")","v":""},{"$f":"IFERROR(VLOOKUP(C9242,参数!B:H,3,FALSE),\"\")","v":""},"",1]
[9242,{"$nulls":6},{"$f":"IFERROR(VLOOKUP(C9243,参数!$B:$H,2,0),\"\")","v":""},{"$f":"IFERROR(VLOOKUP(C9243,参数!$B:$H,4,0),\"\")","v":""},{"$f":"IFERROR(VLOOKUP(C9243,参数!B:H,3,FALSE),\"\")","v":""},"",1]
[9243,{"$nulls":6},{"$f":"IFERROR(VLOOKUP(C9244,参数!$B:$H,2,0),\"\")","v":""},{"$f":"IFERROR(VLOOKUP(C9244,参数!$B:$H,4,0),\"\")","v":""},{"$f":"IFERROR(VLOOKUP(C9244,参数!B:H,3,FALSE),\"\")","v":""},"",1]
[9244,{"$nulls":6},{"$f":"IFERROR(VLOOKUP(C9245,参数!$B:$H,2,0),\"\")","v":""},{"$f":"IFERROR(VLOOKUP(C9245,参数!$B:$H,4,0),\"\")","v":""},{"$f":"IFERROR(VLOOKUP(C9245,参数!B:H,3,FALSE),\"\")","v":""},"",1]
[9245,{"$nulls":6},{"$f":"IFERROR(VLOOKUP(C9246,参数!$B:$H,2,0),\"\")","v":""},{"$f":"IFERROR(VLOOKUP(C9246,参数!$B:$H,4,0),\"\")","v":""},{"$f":"IFERROR(VLOOKUP(C9246,参数!B:H,3,FALSE),\"\")","v":""},"",1]
[9246,{"$nulls":6},{"$f":"IFERROR(VLOOKUP(C9247,参数!$B:$H,2,0),\"\")","v":""},{"$f":"IFERROR(VLOOKUP(C9247,参数!$B:$H,4,0),\"\")","v":""},{"$f":"IFERROR(VLOOKUP(C9247,参数!B:H,3,FALSE),\"\")","v":""},"",1]
[9247,{"$nulls":6},{"$f":"IFERROR(VLOOKUP(C9248,参数!$B:$H,2,0),\"\")","v":""},{"$f":"IFERROR(VLOOKUP(C9248,参数!$B:$H,4,0),\"\")","v":""},{"$f":"IFERROR(VLOOKUP(C9248,参数!B:H,3,FALSE),\"\")","v":""},"",1]
[9248,{"$nulls":6},{"$f":"IFERROR(VLOOKUP(C9249,参数!$B:$H,2,0),\"\")","v":""},{"$f":"IFERROR(VLOOKUP(C9249,参数!$B:$H,4,0),\"\")","v":""},{"$f":"IFERROR(VLOOKUP(C9249,参数!B:H,3,FALSE),\"\")","v":""},"",1]
[9249,{"$nulls":6},{"$f":"IFERROR(VLOOKUP(C9250,参数!$B:$H,2,0),\"\")","v":""},{"$f":"IFERROR(VLOOKUP(C9250,参数!$B:$H,4,0),\"\")","v":""},{"$f":"IFERROR(VLOOKUP(C9250,参数!B:H,3,FALSE),\"\")","v":""},"",1]
[9250,{"$nulls":6},{"$f":"IFERROR(VLOOKUP(C9251,参数!$B:$H,2,0),\"\")","v":""},{"$f":"IFERROR(VLOOKUP(C9251,参数!$B:$H,4,0),\"\")","v":""},{"$f":"IFERROR(VLOOKUP(C9251,参数!B:H,3,FALSE),\"\")","v":""},"",1]
[9251,{"$nulls":6},{"$f":"IFERROR(VLOOKUP(C9252,参数!$B:$H,2,0),\"\")","v":""},{"$f":"IFERROR(VLOOKUP(C9252,参数!$B:$H,4,0),\"\")","v":""},{"$f":"IFERROR(VLOOKUP(C9252,参数!B:H,3,FALSE),\"\")","v":""},"",1]
[9252,{"$nulls":6},{"$f":"IFERROR(VLOOKUP(C9253,参数!$B:$H,2,0),\"\")","v":""},{"$f":"IFERROR(VLOOKUP(C9253,参数!$B:$H,4,0),\"\")","v":""},{"$f":"IFERROR(VLOOKUP(C9253,参数!B:H,3,FALSE),\"\")","v":""},{"$f":"IFERROR(J9253*E9253,\"\")","v":""},1]
[9253,{"$nulls":6},{"$f":"IFERROR(VLOOKUP(C9254,参数!$B:$H,2,0),\"\")","v":""},{"$f":"IFERROR(VLOOKUP(C9254,参数!$B:$H,4,0),\"\")","v":""},{"$f":"IFERROR(VLOOKUP(C9254,参数!B:H,3,FALSE),\"\")","v":""},"",1]
[9254,{"$nulls":6},{"$f":"IFERROR(VLOOKUP(C9255,参数!$B:$H,2,0),\"\")","v":""},{"$f":"IFERROR(VLOOKUP(C9255,参数!$B:$H,4,0),\"\")","v":""},{"$f":"IFERROR(VLOOKUP(C9255,参数!B:H,3,FALSE),\"\")","v":""},"",1]
[9255,{"$nulls":6},{"$f":"IFERROR(VLOOKUP(C9256,参数!$B:$H,2,0),\"\")","v":""},{"$f":"IFERROR(VLOOKUP(C9256,参数!$B:$H,4,0),\"\")","v":""},{"$f":"IFERROR(VLOOKUP(C9256,参数!B:H,3,FALSE),\"\")","v":""},"",1]
[9256,{"$nulls":6},{"$f":"IFERROR(VLOOKUP(C9257,参数!$B:$H,2,0),\"\")","v":""},{"$f":"IFERROR(VLOOKUP(C9257,参数!$B:$H,4,0),\"\")","v":""},{"$f":"IFERROR(VLOOKUP(C9257,参数!B:H,3,FALSE),\"\")","v":""},"",1]
[9257,{"$nulls":6},{"$f":"IFERROR(VLOOKUP(C9258,参数!$B:$H,2,0),\"\")","v":""},{"$f":"IFERROR(VLOOKUP(C9258,参数!$B:$H,4,0),\"\")","v":""},{"$f":"IFERROR(VLOOKUP(C9258,参数!B:H,3,FALSE),\"\")","v":""},"",1]
[9258,{"$nulls":6},{"$f":"IFERROR(VLOOKUP(C9259,参数!$B:$H,2,0),\"\")","v":""},{"$f":"IFERROR(VLOOKUP(C9259,参数!$B:$H,4,0),\"\")","v":""},{"$f":"IFERROR(VLOOKUP(C9259,参数!B:H,3,FALSE),\"\")","v":""},"",1]
[9259,{"$nulls":6},{"$f":"IFERROR(VLOOKUP(C9260,参数!$B:$H,2,0),\"\")","v":""},{"$f":"IFERROR(VLOOKUP(C9260,参数!$B:$H,4,0),\"\")","v":""},{"$f":"IFERROR(VLOOKUP(C9260,参数!B:H,3,FALSE),\"\")","v":""},"",1]
[9260,{"$nulls":6},{"$f":"IFERROR(VLOOKUP(C9261,参数!$B:$H,2,0),\"\")","v":""},{"$f":"IFERROR(VLOOKUP(C9261,参数!$B:$H,4,0),\"\")","v":""},{"$f":"IFERROR(VLOOKUP(C9261,参数!B:H,3,FALSE),\"\")","v":""},"",1]
[9261,{"$nulls":6},{"$f":"IFERROR(VLOOKUP(C9262,参数!$B:$H,2,0),\"\")","v":""},{"$f":"IFERROR(VLOOKUP(C9262,参数!$B:$H,4,0),\"\")","v":""},{"$f":"IFERROR(VLOOKUP(C9262,参数!B:H,3,FALSE),\"\")","v":""},"",1]
[9262,{"$nulls":6},{"$f":"IFERROR(VLOOKUP(C9263,参数!$B:$H,2,0),\"\")","v":""},{"$f":"IFERROR(VLOOKUP(C9263,参数!$B:$H,4,0),\"\")","v":""},{"$f":"IFERROR(VLOOKUP(C9263,参数!B:H,3,FALSE),\"\")","v":""},"",1]
[9263,{"$nulls":6},{"$f":"IFERROR(VLOOKUP(C9264,参数!$B:$H,2,0),\"\")","v":""},{"$f":"IFERROR(VLOOKUP(C9264,参数!$B:$H,4,0),\"\")","v":""},{"$f":"IFERROR(VLOOKUP(C9264,参数!B:H,3,FALSE),\"\")","v":""},"",1]
[9264,{"$nulls":6},{"$f":"IFERROR(VLOOKUP(C9265,参数!$B:$H,2,0),\"\")","v":""},{"$f":"IFERROR(VLOOKUP(C9265,参数!$B:$H,4,0),\"\")","v":""},{"$f":"IFERROR(VLOOKUP(C9265,参数!B:H,3,FALSE),\"\")","v":""},"",1]
[9265,{"$nulls":6},{"$f":"IFERROR(VLOOKUP(C9266,参数!$B:$H,2,0),\"\")","v":""},{"$f":"IFERROR(VLOOKUP(C9266,参数!$B:$H,4,0),\"\")","v":""},{"$f":"IFERROR(VLOOKUP(C9266,参数!B:H,3,FALSE),\"\")","v":""},"",1]
[9266,{"$nulls":6},{"$f":"IFERROR(VLOOKUP(C9267,参数!$B:$H,2,0),\"\")","v":""},{"$f":"IFERROR(VLOOKUP(C9267,参数!$B:$H,4,0),\"\")","v":""},{"$f":"IFERROR(VLOOKUP(C9267,参数!B:H,3,FALSE),\"\")","v":""},"",1]
[9267,{"$nulls":6},{"$f":"IFERROR(VLOOKUP(C9268,参数!$B:$H,2,0),\"\")","v":""},{"$f":"IFERROR(VLOOKUP(C9268,参数!$B:$H,4,0),\"\")","v":""},{"$f":"IFERROR(VLOOKUP(C9268,参数!B:H,3,FALSE),\"\")","v":""},"",1]
[9268,{"$nulls":6},{"$f":"IFERROR(VLOOKUP(C9269,参数!$B:$H,2,0),\"\")","v":""},{"$f":"IFERROR(VLOOKUP(C9269,参数!$B:$H,4,0),\"\")","v":""},{"$f":"IFERROR(VLOOKUP(C9269,参数!B:H,3,FALSE),\"\")","v":""},"",1]
[9269,{"$nulls":6},{"$f":"IFERROR(VLOOKUP(C9270,参数!$B:$H,2,0),\"\")","v":""},{"$f":"IFERROR(VLOOKUP(C9270,参数!$B:$H,4,0),\"\")","v":""},{"$f":"IFERROR(VLOOKUP(C9270,参数!B:H,3,FALSE),\"\")","v":""},"",1]
[9270,{"$nulls":6},{"$f":"IFERROR(VLOOKUP(C9271,参数!$B:$H,2,0),\"\")","v":""},{"$f":"IFERROR(VLOOKUP(C9271,参数!$B:$H,4,0),\"\")","v":""},{"$f":"IFERROR(VLOOKUP(C9271,参数!B:H,3,FALSE),\"\")","v":""},"",1]
[9271,{"$nulls":6},{"$f":"IFERROR(VLOOKUP(C9272,参数!$B:$H,2,0),\"\")","v":""},{"$f":"IFERROR(VLOOKUP(C9272,参数!$B:$H,4,0),\"\")","v":""},{"$f":"IFERROR(VLOOKUP(C9272,参数!B:H,3,FALSE),\"\")","v":""},"",1]
[9272,{"$nulls":6},{"$f":"IFERROR(VLOOKUP(C9273,参数!$B:$H,2,0),\"\")","v":""},{"$f":"IFERROR(VLOOKUP(C9273,参数!$B:$H,4,0),\"\")","v":""},{"$f":"IFERROR(VLOOKUP(C9273,参数!B:H,3,FALSE),\"\")","v":""},"",1]
[9273,{"$nulls":6},{"$f":"IFERROR(VLOOKUP(C9274,参数!$B:$H,2,0),\"\")","v":""},{"$f":"IFERROR(VLOOKUP(C9274,参数!$B:$H,4,0),\"\")","v":""},{"$f":"IFERROR(VLOOKUP(C9274,参数!B:H,3,FALSE),\"\")","v":""},"",1]
[9274,{"$nulls":6},{"$f":"IFERROR(VLOOKUP(C9275,参数!$B:$H,2,0),\"\")","v":""},{"$f":"IFERROR(VLOOKUP(C9275,参数!$B:$H,4,0),\"\")","v":""},{"$f":"IFERROR(VLOOKUP(C9275,参数!B:H,3,FALSE),\"\")","v":""},"",1]
[9275,{"$nulls":6},{"$f":"IFERROR(VLOOKUP(C9276,参数!$B:$H,2,0),\"\")","v":""},{"$f":"IFERROR(VLOOKUP(C9276,参数!$B:$H,4,0),\"\")","v":""},{"$f":"IFERROR(VLOOKUP(C9276,参数!B:H,3,FALSE),\"\")","v":""},"",1]
[9276,{"$nulls":6},{"$f":"IFERROR(VLOOKUP(C9277,参数!$B:$H,2,0),\"\")","v":""},{"$f":"IFERROR(VLOOKUP(C9277,参数!$B:$H,4,0),\"\")","v":""},{"$f":"IFERROR(VLOOKUP(C9277,参数!B:H,3,FALSE),\"\")","v":""},"",1]
[9277,{"$nulls":6},{"$f":"IFERROR(VLOOKUP(C9278,参数!$B:$H,2,0),\"\")","v":""},{"$f":"IFERROR(VLOOKUP(C9278,参数!$B:$H,4,0),\"\")","v":""},{"$f":"IFERROR(VLOOKUP(C9278,参数!B:H,3,FALSE),\"\")","v":""},"",1]
[9278,{"$nulls":6},{"$f":"IFERROR(VLOOKUP(C9279,参数!$B:$H,2,0),\"\")","v":""},{"$f":"IFERROR(VLOOKUP(C9279,参数!$B:$H,4,0),\"\")","v":""},{"$f":"IFERROR(VLOOKUP(C9279,参数!B:H,3,FALSE),\"\")","v":""},"",1]
[9279,{"$nulls":6},{"$f":"IFERROR(VLOOKUP(C9280,参数!$B:$H,2,0),\"\")","v":""},{"$f":"IFERROR(VLOOKUP(C9280,参数!$B:$H,4,0),\"\")","v":""},{"$f":"IFERROR(VLOOKUP(C9280,参数!B:H,3,FALSE),\"\")","v":""},"",1]
[9280,{"$nulls":6},{"$f":"IFERROR(VLOOKUP(C9281,参数!$B:$H,2,0),\"\")","v":""},{"$f":"IFERROR(VLOOKUP(C9281,参数!$B:$H,4,0),\"\")","v":""},{"$f":"IFERROR(VLOOKUP(C9281,参数!B:H,3,FALSE),\"\")","v":""},"",1]
[9281,{"$nulls":6},{"$f":"IFERROR(VLOOKUP(C9282,参数!$B:$H,2,0),\"\")","v":""},{"$f":"IFERROR(VLOOKUP(C9282,参数!$B:$H,4,0),\"\")","v":""},{"$f":"IFERROR(VLOOKUP(C9282,参数!B:H,3,FALSE),\"\")","v":""},"",{"$f":"VALUE(MONTH(B9282))","v":1}]
[9282,{"$nulls":6},{"$f":"IFERROR(VLOOKUP(C9283,参数!$B:$H,2,0),\"\")","v":""},{"$f":"IFERROR(VLOOKUP(C9283,参数!$B:$H,4,0),\"\")","v":""},{"$f":"IFERROR(VLOOKUP(C9283,参数!B:H,3,FALSE),\"\")","v":""},"",1]
[9283,{"$nulls":6},{"$f":"IFERROR(VLOOKUP(C9284,参数!$B:$H,2,0),\"\")","v":""},{"$f":"IFERROR(VLOOKUP(C9284,参数!$B:$H,4,0),\"\")","v":""},{"$f":"IFERROR(VLOOKUP(C9284,参数!B:H,3,FALSE),\"\")","v":""},"",1]
[9284,{"$nulls":6},{"$f":"IFERROR(VLOOKUP(C9285,参数!$B:$H,2,0),\"\")","v":""},{"$f":"IFERROR(VLOOKUP(C9285,参数!$B:$H,4,0),\"\")","v":""},{"$f":"IFERROR(VLOOKUP(C9285,参数!B:H,3,FALSE),\"\")","v":""},"",1]
[9285,{"$nulls":6},{"$f":"IFERROR(VLOOKUP(C9286,参数!$B:$H,2,0),\"\")","v":""},{"$f":"IFERROR(VLOOKUP(C9286,参数!$B:$H,4,0),\"\")","v":""},{"$f":"IFERROR(VLOOKUP(C9286,参数!B:H,3,FALSE),\"\")","v":""},"",1]
[9286,{"$nulls":6},{"$f":"IFERROR(VLOOKUP(C9287,参数!$B:$H,2,0),\"\")","v":""},{"$f":"IFERROR(VLOOKUP(C9287,参数!$B:$H,4,0),\"\")","v":""},{"$f":"IFERROR(VLOOKUP(C9287,参数!B:H,3,FALSE),\"\")","v":""},"",1]
[9287,{"$nulls":6},{"$f":"IFERROR(VLOOKUP(C9288,参数!$B:$H,2,0),\"\")","v":""},{"$f":"IFERROR(VLOOKUP(C9288,参数!$B:$H,4,0),\"\")","v":""},{"$f":"IFERROR(VLOOKUP(C9288,参数!B:H,3,FALSE),\"\")","v":""},"",1]
[9288,{"$nulls":6},{"$f":"IFERROR(VLOOKUP(C9289,参数!$B:$H,2,0),\"\")","v":""},{"$f":"IFERROR(VLOOKUP(C9289,参数!$B:$H,4,0),\"\")","v":""},{"$f":"IFERROR(VLOOKUP(C9289,参数!B:H,3,FALSE),\"\")","v":""},"",1]
[9289,{"$nulls":6},{"$f":"IFERROR(VLOOKUP(C9290,参数!$B:$H,2,0),\"\")","v":""},{"$f":"IFERROR(VLOOKUP(C9290,参数!$B:$H,4,0),\"\")","v":""},{"$f":"IFERROR(VLOOKUP(C9290,参数!B:H,3,FALSE),\"\")","v":""},"",1]
[9290,{"$nulls":6},{"$f":"IFERROR(VLOOKUP(C9291,参数!$B:$H,2,0),\"\")","v":""},{"$f":"IFERROR(VLOOKUP(C9291,参数!$B:$H,4,0),\"\")","v":""},{"$f":"IFERROR(VLOOKUP(C9291,参数!B:H,3,FALSE),\"\")","v":""},"",1]
[9291,{"$nulls":6},{"$f":"IFERROR(VLOOKUP(C9292,参数!$B:$H,2,0),\"\")","v":""},{"$f":"IFERROR(VLOOKUP(C9292,参数!$B:$H,4,0),\"\")","v":""},{"$f":"IFERROR(VLOOKUP(C9292,参数!B:H,3,FALSE),\"\")","v":""},"",1]
[9292,{"$nulls":6},{"$f":"IFERROR(VLOOKUP(C9293,参数!$B:$H,2,0),\"\")","v":""},{"$f":"IFERROR(VLOOKUP(C9293,参数!$B:$H,4,0),\"\")","v":""},{"$f":"IFERROR(VLOOKUP(C9293,参数!B:H,3,FALSE),\"\")","v":""},"",1]
[9293,{"$nulls":6},{"$f":"IFERROR(VLOOKUP(C9294,参数!$B:$H,2,0),\"\")","v":""},{"$f":"IFERROR(VLOOKUP(C9294,参数!$B:$H,4,0),\"\")","v":""},{"$f":"IFERROR(VLOOKUP(C9294,参数!B:H,3,FALSE),\"\")","v":""},"",1]
[9294,{"$nulls":6},{"$f":"IFERROR(VLOOKUP(C9295,参数!$B:$H,2,0),\"\")","v":""},{"$f":"IFERROR(VLOOKUP(C9295,参数!$B:$H,4,0),\"\")","v":""},{"$f":"IFERROR(VLOOKUP(C9295,参数!B:H,3,FALSE),\"\")","v":""},"",1]
[9295,{"$nulls":6},{"$f":"IFERROR(VLOOKUP(C9296,参数!$B:$H,2,0),\"\")","v":""},{"$f":"IFERROR(VLOOKUP(C9296,参数!$B:$H,4,0),\"\")","v":""},{"$f":"IFERROR(VLOOKUP(C9296,参数!B:H,3,FALSE),\"\")","v":""},"",1]
[9296,{"$nulls":6},{"$f":"IFERROR(VLOOKUP(C9297,参数!$B:$H,2,0),\"\")","v":""},{"$f":"IFERROR(VLOOKUP(C9297,参数!$B:$H,4,0),\"\")","v":""},{"$f":"IFERROR(VLOOKUP(C9297,参数!B:H,3,FALSE),\"\")","v":""},"",1]
[9297,{"$nulls":6},{"$f":"IFERROR(VLOOKUP(C9298,参数!$B:$H,2,0),\"\")","v":""},{"$f":"IFERROR(VLOOKUP(C9298,参数!$B:$H,4,0),\"\")","v":""},{"$f":"IFERROR(VLOOKUP(C9298,参数!B:H,3,FALSE),\"\")","v":""},"",1]
[9298,{"$nulls":6},{"$f":"IFERROR(VLOOKUP(C9299,参数!$B:$H,2,0),\"\")","v":""},{"$f":"IFERROR(VLOOKUP(C9299,参数!$B:$H,4,0),\"\")","v":""},{"$f":"IFERROR(VLOOKUP(C9299,参数!B:H,3,FALSE),\"\")","v":""},"",1]
[9299,{"$nulls":6},{"$f":"IFERROR(VLOOKUP(C9300,参数!$B:$H,2,0),\"\")","v":""},{"$f":"IFERROR(VLOOKUP(C9300,参数!$B:$H,4,0),\"\")","v":""},{"$f":"IFERROR(VLOOKUP(C9300,参数!B:H,3,FALSE),\"\")","v":""},"",1]
[9300,{"$nulls":6},{"$f":"IFERROR(VLOOKUP(C9301,参数!$B:$H,2,0),\"\")","v":""},{"$f":"IFERROR(VLOOKUP(C9301,参数!$B:$H,4,0),\"\")","v":""},{"$f":"IFERROR(VLOOKUP(C9301,参数!B:H,3,FALSE),\"\")","v":""},"",1]
[9301,{"$nulls":6},{"$f":"IFERROR(VLOOKUP(C9302,参数!$B:$H,2,0),\"\")","v":""},{"$f":"IFERROR(VLOOKUP(C9302,参数!$B:$H,4,0),\"\")","v":""},{"$f":"IFERROR(VLOOKUP(C9302,参数!B:H,3,FALSE),\"\")","v":""},"",1]
[9302,{"$nulls":6},{"$f":"IFERROR(VLOOKUP(C9303,参数!$B:$H,2,0),\"\")","v":""},{"$f":"IFERROR(VLOOKUP(C9303,参数!$B:$H,4,0),\"\")","v":""},{"$f":"IFERROR(VLOOKUP(C9303,参数!B:H,3,FALSE),\"\")","v":""},"",1]
[9303,{"$nulls":6},{"$f":"IFERROR(VLOOKUP(C9304,参数!$B:$H,2,0),\"\")","v":""},{"$f":"IFERROR(VLOOKUP(C9304,参数!$B:$H,4,0),\"\")","v":""},{"$f":"IFERROR(VLOOKUP(C9304,参数!B:H,3,FALSE),\"\")","v":""},"",1]
[9304,{"$nulls":6},{"$f":"IFERROR(VLOOKUP(C9305,参数!$B:$H,2,0),\"\")","v":""},{"$f":"IFERROR(VLOOKUP(C9305,参数!$B:$H,4,0),\"\")","v":""},{"$f":"IFERROR(VLOOKUP(C9305,参数!B:H,3,FALSE),\"\")","v":""},"",1]
[9305,{"$nulls":6},{"$f":"IFERROR(VLOOKUP(C9306,参数!$B:$H,2,0),\"\")","v":""},{"$f":"IFERROR(VLOOKUP(C9306,参数!$B:$H,4,0),\"\")","v":""},{"$f":"IFERROR(VLOOKUP(C9306,参数!B:H,3,FALSE),\"\")","v":""},"",1]
[9306,{"$nulls":6},{"$f":"IFERROR(VLOOKUP(C9307,参数!$B:$H,2,0),\"\")","v":""},{"$f":"IFERROR(VLOOKUP(C9307,参数!$B:$H,4,0),\"\")","v":""},{"$f":"IFERROR(VLOOKUP(C9307,参数!B:H,3,FALSE),\"\")","v":""},"",1]
[9307,{"$nulls":6},{"$f":"IFERROR(VLOOKUP(C9308,参数!$B:$H,2,0),\"\")","v":""},{"$f":"IFERROR(VLOOKUP(C9308,参数!$B:$H,4,0),\"\")","v":""},{"$f":"IFERROR(VLOOKUP(C9308,参数!B:H,3,FALSE),\"\")","v":""},"",1]
[9308,{"$nulls":6},{"$f":"IFERROR(VLOOKUP(C9309,参数!$B:$H,2,0),\"\")","v":""},{"$f":"IFERROR(VLOOKUP(C9309,参数!$B:$H,4,0),\"\")","v":""},{"$f":"IFERROR(VLOOKUP(C9309,参数!B:H,3,FALSE),\"\")","v":""},"",1]
[9309,{"$nulls":6},{"$f":"IFERROR(VLOOKUP(C9310,参数!$B:$H,2,0),\"\")","v":""},{"$f":"IFERROR(VLOOKUP(C9310,参数!$B:$H,4,0),\"\")","v":""},{"$f":"IFERROR(VLOOKUP(C9310,参数!B:H,3,FALSE),\"\")","v":""},"",1]
[9310,{"$nulls":6},{"$f":"IFERROR(VLOOKUP(C9311,参数!$B:$H,2,0),\"\")","v":""},{"$f":"IFERROR(VLOOKUP(C9311,参数!$B:$H,4,0),\"\")","v":""},{"$f":"IFERROR(VLOOKUP(C9311,参数!B:H,3,FALSE),\"\")","v":""},"",1]
[9311,{"$nulls":6},{"$f":"IFERROR(VLOOKUP(C9312,参数!$B:$H,2,0),\"\")","v":""},{"$f":"IFERROR(VLOOKUP(C9312,参数!$B:$H,4,0),\"\")","v":""},{"$f":"IFERROR(VLOOKUP(C9312,参数!B:H,3,FALSE),\"\")","v":""},"",1]
[9312,{"$nulls":6},{"$f":"IFERROR(VLOOKUP(C9313,参数!$B:$H,2,0),\"\")","v":""},{"$f":"IFERROR(VLOOKUP(C9313,参数!$B:$H,4,0),\"\")","v":""},{"$f":"IFERROR(VLOOKUP(C9313,参数!B:H,3,FALSE),\"\")","v":""},"",1]
[9313,{"$nulls":6},{"$f":"IFERROR(VLOOKUP(C9314,参数!$B:$H,2,0),\"\")","v":""},{"$f":"IFERROR(VLOOKUP(C9314,参数!$B:$H,4,0),\"\")","v":""},{"$f":"IFERROR(VLOOKUP(C9314,参数!B:H,3,FALSE),\"\")","v":""},"",1]
[9314,{"$nulls":6},{"$f":"IFERROR(VLOOKUP(C9315,参数!$B:$H,2,0),\"\")","v":""},{"$f":"IFERROR(VLOOKUP(C9315,参数!$B:$H,4,0),\"\")","v":""},{"$f":"IFERROR(VLOOKUP(C9315,参数!B:H,3,FALSE),\"\")","v":""},"",1]
[9315,{"$nulls":6},{"$f":"IFERROR(VLOOKUP(C9316,参数!$B:$H,2,0),\"\")","v":""},{"$f":"IFERROR(VLOOKUP(C9316,参数!$B:$H,4,0),\"\")","v":""},{"$f":"IFERROR(VLOOKUP(C9316,参数!B:H,3,FALSE),\"\")","v":""},"",1]
[9316,{"$nulls":6},{"$f":"IFERROR(VLOOKUP(C9317,参数!$B:$H,2,0),\"\")","v":""},{"$f":"IFERROR(VLOOKUP(C9317,参数!$B:$H,4,0),\"\")","v":""},{"$f":"IFERROR(VLOOKUP(C9317,参数!B:H,3,FALSE),\"\")","v":""},{"$f":"IFERROR(J9317*E9317,\"\")","v":""},1]
[9317,{"$nulls":6},{"$f":"IFERROR(VLOOKUP(C9318,参数!$B:$H,2,0),\"\")","v":""},{"$f":"IFERROR(VLOOKUP(C9318,参数!$B:$H,4,0),\"\")","v":""},{"$f":"IFERROR(VLOOKUP(C9318,参数!B:H,3,FALSE),\"\")","v":""},"",1]
[9318,{"$nulls":6},{"$f":"IFERROR(VLOOKUP(C9319,参数!$B:$H,2,0),\"\")","v":""},{"$f":"IFERROR(VLOOKUP(C9319,参数!$B:$H,4,0),\"\")","v":""},{"$f":"IFERROR(VLOOKUP(C9319,参数!B:H,3,FALSE),\"\")","v":""},"",1]
[9319,{"$nulls":6},{"$f":"IFERROR(VLOOKUP(C9320,参数!$B:$H,2,0),\"\")","v":""},{"$f":"IFERROR(VLOOKUP(C9320,参数!$B:$H,4,0),\"\")","v":""},{"$f":"IFERROR(VLOOKUP(C9320,参数!B:H,3,FALSE),\"\")","v":""},"",1]
[9320,{"$nulls":6},{"$f":"IFERROR(VLOOKUP(C9321,参数!$B:$H,2,0),\"\")","v":""},{"$f":"IFERROR(VLOOKUP(C9321,参数!$B:$H,4,0),\"\")","v":""},{"$f":"IFERROR(VLOOKUP(C9321,参数!B:H,3,FALSE),\"\")","v":""},"",1]
[9321,{"$nulls":6},{"$f":"IFERROR(VLOOKUP(C9322,参数!$B:$H,2,0),\"\")","v":""},{"$f":"IFERROR(VLOOKUP(C9322,参数!$B:$H,4,0),\"\")","v":""},{"$f":"IFERROR(VLOOKUP(C9322,参数!B:H,3,FALSE),\"\")","v":""},"",1]
[9322,{"$nulls":6},{"$f":"IFERROR(VLOOKUP(C9323,参数!$B:$H,2,0),\"\")","v":""},{"$f":"IFERROR(VLOOKUP(C9323,参数!$B:$H,4,0),\"\")","v":""},{"$f":"IFERROR(VLOOKUP(C9323,参数!B:H,3,FALSE),\"\")","v":""},"",1]
[9323,{"$nulls":6},{"$f":"IFERROR(VLOOKUP(C9324,参数!$B:$H,2,0),\"\")","v":""},{"$f":"IFERROR(VLOOKUP(C9324,参数!$B:$H,4,0),\"\")","v":""},{"$f":"IFERROR(VLOOKUP(C9324,参数!B:H,3,FALSE),\"\")","v":""},"",1]
[9324,{"$nulls":6},{"$f":"IFERROR(VLOOKUP(C9325,参数!$B:$H,2,0),\"\")","v":""},{"$f":"IFERROR(VLOOKUP(C9325,参数!$B:$H,4,0),\"\")","v":""},{"$f":"IFERROR(VLOOKUP(C9325,参数!B:H,3,FALSE),\"\")","v":""},"",1]
[9325,{"$nulls":6},{"$f":"IFERROR(VLOOKUP(C9326,参数!$B:$H,2,0),\"\")","v":""},{"$f":"IFERROR(VLOOKUP(C9326,参数!$B:$H,4,0),\"\")","v":""},{"$f":"IFERROR(VLOOKUP(C9326,参数!B:H,3,FALSE),\"\")","v":""},"",1]
[9326,{"$nulls":6},{"$f":"IFERROR(VLOOKUP(C9327,参数!$B:$H,2,0),\"\")","v":""},{"$f":"IFERROR(VLOOKUP(C9327,参数!$B:$H,4,0),\"\")","v":""},{"$f":"IFERROR(VLOOKUP(C9327,参数!B:H,3,FALSE),\"\")","v":""},"",1]
[9327,{"$nulls":6},{"$f":"IFERROR(VLOOKUP(C9328,参数!$B:$H,2,0),\"\")","v":""},{"$f":"IFERROR(VLOOKUP(C9328,参数!$B:$H,4,0),\"\")","v":""},{"$f":"IFERROR(VLOOKUP(C9328,参数!B:H,3,FALSE),\"\")","v":""},"",1]
[9328,{"$nulls":6},{"$f":"IFERROR(VLOOKUP(C9329,参数!$B:$H,2,0),\"\")","v":""},{"$f":"IFERROR(VLOOKUP(C9329,参数!$B:$H,4,0),\"\")","v":""},{"$f":"IFERROR(VLOOKUP(C9329,参数!B:H,3,FALSE),\"\")","v":""},"",1]
[9329,{"$nulls":6},{"$f":"IFERROR(VLOOKUP(C9330,参数!$B:$H,2,0),\"\")","v":""},{"$f":"IFERROR(VLOOKUP(C9330,参数!$B:$H,4,0),\"\")","v":""},{"$f":"IFERROR(VLOOKUP(C9330,参数!B:H,3,FALSE),\"\")","v":""},"",1]
[9330,{"$nulls":6},{"$f":"IFERROR(VLOOKUP(C9331,参数!$B:$H,2,0),\"\")","v":""},{"$f":"IFERROR(VLOOKUP(C9331,参数!$B:$H,4,0),\"\")","v":""},{"$f":"IFERROR(VLOOKUP(C9331,参数!B:H,3,FALSE),\"\")","v":""},"",1]
[9331,{"$nulls":6},{"$f":"IFERROR(VLOOKUP(C9332,参数!$B:$H,2,0),\"\")","v":""},{"$f":"IFERROR(VLOOKUP(C9332,参数!$B:$H,4,0),\"\")","v":""},{"$f":"IFERROR(VLOOKUP(C9332,参数!B:H,3,FALSE),\"\")","v":""},"",1]
[9332,{"$nulls":6},{"$f":"IFERROR(VLOOKUP(C9333,参数!$B:$H,2,0),\"\")","v":""},{"$f":"IFERROR(VLOOKUP(C9333,参数!$B:$H,4,0),\"\")","v":""},{"$f":"IFERROR(VLOOKUP(C9333,参数!B:H,3,FALSE),\"\")","v":""},"",1]
[9333,{"$nulls":6},{"$f":"IFERROR(VLOOKUP(C9334,参数!$B:$H,2,0),\"\")","v":""},{"$f":"IFERROR(VLOOKUP(C9334,参数!$B:$H,4,0),\"\")","v":""},{"$f":"IFERROR(VLOOKUP(C9334,参数!B:H,3,FALSE),\"\")","v":""},"",1]
[9334,{"$nulls":6},{"$f":"IFERROR(VLOOKUP(C9335,参数!$B:$H,2,0),\"\")","v":""},{"$f":"IFERROR(VLOOKUP(C9335,参数!$B:$H,4,0),\"\")","v":""},{"$f":"IFERROR(VLOOKUP(C9335,参数!B:H,3,FALSE),\"\")","v":""},"",1]
[9335,{"$nulls":6},{"$f":"IFERROR(VLOOKUP(C9336,参数!$B:$H,2,0),\"\")","v":""},{"$f":"IFERROR(VLOOKUP(C9336,参数!$B:$H,4,0),\"\")","v":""},{"$f":"IFERROR(VLOOKUP(C9336,参数!B:H,3,FALSE),\"\")","v":""},"",1]
[9336,{"$nulls":6},{"$f":"IFERROR(VLOOKUP(C9337,参数!$B:$H,2,0),\"\")","v":""},{"$f":"IFERROR(VLOOKUP(C9337,参数!$B:$H,4,0),\"\")","v":""},{"$f":"IFERROR(VLOOKUP(C9337,参数!B:H,3,FALSE),\"\")","v":""},"",1]
[9337,{"$nulls":6},{"$f":"IFERROR(VLOOKUP(C9338,参数!$B:$H,2,0),\"\")","v":""},{"$f":"IFERROR(VLOOKUP(C9338,参数!$B:$H,4,0),\"\")","v":""},{"$f":"IFERROR(VLOOKUP(C9338,参数!B:H,3,FALSE),\"\")","v":""},"",1]
[9338,{"$nulls":6},{"$f":"IFERROR(VLOOKUP(C9339,参数!$B:$H,2,0),\"\")","v":""},{"$f":"IFERROR(VLOOKUP(C9339,参数!$B:$H,4,0),\"\")","v":""},{"$f":"IFERROR(VLOOKUP(C9339,参数!B:H,3,FALSE),\"\")","v":""},"",1]
[9339,{"$nulls":6},{"$f":"IFERROR(VLOOKUP(C9340,参数!$B:$H,2,0),\"\")","v":""},{"$f":"IFERROR(VLOOKUP(C9340,参数!$B:$H,4,0),\"\")","v":""},{"$f":"IFERROR(VLOOKUP(C9340,参数!B:H,3,FALSE),\"\")","v":""},"",1]
[9340,{"$nulls":6},{"$f":"IFERROR(VLOOKUP(C9341,参数!$B:$H,2,0),\"\")","v":""},{"$f":"IFERROR(VLOOKUP(C9341,参数!$B:$H,4,0),\"\")","v":""},{"$f":"IFERROR(VLOOKUP(C9341,参数!B:H,3,FALSE),\"\")","v":""},"",1]
[9341,{"$nulls":6},{"$f":"IFERROR(VLOOKUP(C9342,参数!$B:$H,2,0),\"\")","v":""},{"$f":"IFERROR(VLOOKUP(C9342,参数!$B:$H,4,0),\"\")","v":""},{"$f":"IFERROR(VLOOKUP(C9342,参数!B:H,3,FALSE),\"\")","v":""},"",1]
[9342,{"$nulls":6},{"$f":"IFERROR(VLOOKUP(C9343,参数!$B:$H,2,0),\"\")","v":""},{"$f":"IFERROR(VLOOKUP(C9343,参数!$B:$H,4,0),\"\")","v":""},{"$f":"IFERROR(VLOOKUP(C9343,参数!B:H,3,FALSE),\"\")","v":""},"",1]
[9343,{"$nulls":6},{"$f":"IFERROR(VLOOKUP(C9344,参数!$B:$H,2,0),\"\")","v":""},{"$f":"IFERROR(VLOOKUP(C9344,参数!$B:$H,4,0),\"\")","v":""},{"$f":"IFERROR(VLOOKUP(C9344,参数!B:H,3,FALSE),\"\")","v":""},"",1]
[9344,{"$nulls":6},{"$f":"IFERROR(VLOOKUP(C9345,参数!$B:$H,2,0),\"\")","v":""},{"$f":"IFERROR(VLOOKUP(C9345,参数!$B:$H,4,0),\"\")","v":""},{"$f":"IFERROR(VLOOKUP(C9345,参数!B:H,3,FALSE),\"\")","v":""},"",1]
[9345,{"$nulls":6},{"$f":"IFERROR(VLOOKUP(C9346,参数!$B:$H,2,0),\"\")","v":""},{"$f":"IFERROR(VLOOKUP(C9346,参数!$B:$H,4,0),\"\")","v":""},{"$f":"IFERROR(VLOOKUP(C9346,参数!B:H,3,FALSE),\"\")","v":""},"",{"$f":"VALUE(MONTH(B9346))","v":1}]
[9346,{"$nulls":6},{"$f":"IFERROR(VLOOKUP(C9347,参数!$B:$H,2,0),\"\")","v":""},{"$f":"IFERROR(VLOOKUP(C9347,参数!$B:$H,4,0),\"\")","v":""},{"$f":"IFERROR(VLOOKUP(C9347,参数!B:H,3,FALSE),\"\")","v":""},"",1]
[9347,{"$nulls":6},{"$f":"IFERROR(VLOOKUP(C9348,参数!$B:$H,2,0),\"\")","v":""},{"$f":"IFERROR(VLOOKUP(C9348,参数!$B:$H,4,0),\"\")","v":""},{"$f":"IFERROR(VLOOKUP(C9348,参数!B:H,3,FALSE),\"\")","v":""},"",1]
[9348,{"$nulls":6},{"$f":"IFERROR(VLOOKUP(C9349,参数!$B:$H,2,0),\"\")","v":""},{"$f":"IFERROR(VLOOKUP(C9349,参数!$B:$H,4,0),\"\")","v":""},{"$f":"IFERROR(VLOOKUP(C9349,参数!B:H,3,FALSE),\"\")","v":""},"",1]
[9349,{"$nulls":6},{"$f":"IFERROR(VLOOKUP(C9350,参数!$B:$H,2,0),\"\")","v":""},{"$f":"IFERROR(VLOOKUP(C9350,参数!$B:$H,4,0),\"\")","v":""},{"$f":"IFERROR(VLOOKUP(C9350,参数!B:H,3,FALSE),\"\")","v":""},"",1]
[9350,{"$nulls":6},{"$f":"IFERROR(VLOOKUP(C9351,参数!$B:$H,2,0),\"\")","v":""},{"$f":"IFERROR(VLOOKUP(C9351,参数!$B:$H,4,0),\"\")","v":""},{"$f":"IFERROR(VLOOKUP(C9351,参数!B:H,3,FALSE),\"\")","v":""},"",1]
[9351,{"$nulls":6},{"$f":"IFERROR(VLOOKUP(C9352,参数!$B:$H,2,0),\"\")","v":""},{"$f":"IFERROR(VLOOKUP(C9352,参数!$B:$H,4,0),\"\")","v":""},{"$f":"IFERROR(VLOOKUP(C9352,参数!B:H,3,FALSE),\"\")","v":""},"",1]
[9352,{"$nulls":6},{"$f":"IFERROR(VLOOKUP(C9353,参数!$B:$H,2,0),\"\")","v":""},{"$f":"IFERROR(VLOOKUP(C9353,参数!$B:$H,4,0),\"\")","v":""},{"$f":"IFERROR(VLOOKUP(C9353,参数!B:H,3,FALSE),\"\")","v":""},"",1]
[9353,{"$nulls":6},{"$f":"IFERROR(VLOOKUP(C9354,参数!$B:$H,2,0),\"\")","v":""},{"$f":"IFERROR(VLOOKUP(C9354,参数!$B:$H,4,0),\"\")","v":""},{"$f":"IFERROR(VLOOKUP(C9354,参数!B:H,3,FALSE),\"\")","v":""},"",1]
[9354,{"$nulls":6},{"$f":"IFERROR(VLOOKUP(C9355,参数!$B:$H,2,0),\"\")","v":""},{"$f":"IFERROR(VLOOKUP(C9355,参数!$B:$H,4,0),\"\")","v":""},{"$f":"IFERROR(VLOOKUP(C9355,参数!B:H,3,FALSE),\"\")","v":""},"",1]
[9355,{"$nulls":6},{"$f":"IFERROR(VLOOKUP(C9356,参数!$B:$H,2,0),\"\")","v":""},{"$f":"IFERROR(VLOOKUP(C9356,参数!$B:$H,4,0),\"\")","v":""},{"$f":"IFERROR(VLOOKUP(C9356,参数!B:H,3,FALSE),\"\")","v":""},"",1]
[9356,{"$nulls":6},{"$f":"IFERROR(VLOOKUP(C9357,参数!$B:$H,2,0),\"\")","v":""},{"$f":"IFERROR(VLOOKUP(C9357,参数!$B:$H,4,0),\"\")","v":""},{"$f":"IFERROR(VLOOKUP(C9357,参数!B:H,3,FALSE),\"\")","v":""},"",1]
[9357,{"$nulls":6},{"$f":"IFERROR(VLOOKUP(C9358,参数!$B:$H,2,0),\"\")","v":""},{"$f":"IFERROR(VLOOKUP(C9358,参数!$B:$H,4,0),\"\")","v":""},{"$f":"IFERROR(VLOOKUP(C9358,参数!B:H,3,FALSE),\"\")","v":""},"",1]
[9358,{"$nulls":6},{"$f":"IFERROR(VLOOKUP(C9359,参数!$B:$H,2,0),\"\")","v":""},{"$f":"IFERROR(VLOOKUP(C9359,参数!$B:$H,4,0),\"\")","v":""},{"$f":"IFERROR(VLOOKUP(C9359,参数!B:H,3,FALSE),\"\")","v":""},"",1]
[9359,{"$nulls":6},{"$f":"IFERROR(VLOOKUP(C9360,参数!$B:$H,2,0),\"\")","v":""},{"$f":"IFERROR(VLOOKUP(C9360,参数!$B:$H,4,0),\"\")","v":""},{"$f":"IFERROR(VLOOKUP(C9360,参数!B:H,3,FALSE),\"\")","v":""},"",1]
[9360,{"$nulls":6},{"$f":"IFERROR(VLOOKUP(C9361,参数!$B:$H,2,0),\"\")","v":""},{"$f":"IFERROR(VLOOKUP(C9361,参数!$B:$H,4,0),\"\")","v":""},{"$f":"IFERROR(VLOOKUP(C9361,参数!B:H,3,FALSE),\"\")","v":""},"",1]
[9361,{"$nulls":6},{"$f":"IFERROR(VLOOKUP(C9362,参数!$B:$H,2,0),\"\")","v":""},{"$f":"IFERROR(VLOOKUP(C9362,参数!$B:$H,4,0),\"\")","v":""},{"$f":"IFERROR(VLOOKUP(C9362,参数!B:H,3,FALSE),\"\")","v":""},"",1]
[9362,{"$nulls":6},{"$f":"IFERROR(VLOOKUP(C9363,参数!$B:$H,2,0),\"\")","v":""},{"$f":"IFERROR(VLOOKUP(C9363,参数!$B:$H,4,0),\"\")","v":""},{"$f":"IFERROR(VLOOKUP(C9363,参数!B:H,3,FALSE),\"\")","v":""},"",1]
[9363,{"$nulls":6},{"$f":"IFERROR(VLOOKUP(C9364,参数!$B:$H,2,0),\"\")","v":""},{"$f":"IFERROR(VLOOKUP(C9364,参数!$B:$H,4,0),\"\")","v":""},{"$f":"IFERROR(VLOOKUP(C9364,参数!B:H,3,FALSE),\"\")","v":""},"",1]
[9364,{"$nulls":6},{"$f":"IFERROR(VLOOKUP(C9365,参数!$B:$H,2,0),\"\")","v":""},{"$f":"IFERROR(VLOOKUP(C9365,参数!$B:$H,4,0),\"\")","v":""},{"$f":"IFERROR(VLOOKUP(C9365,参数!B:H,3,FALSE),\"\")","v":""},"",1]
[9365,{"$nulls":6},{"$f":"IFERROR(VLOOKUP(C9366,参数!$B:$H,2,0),\"\")","v":""},{"$f":"IFERROR(VLOOKUP(C9366,参数!$B:$H,4,0),\"\")","v":""},{"$f":"IFERROR(VLOOKUP(C9366,参数!B:H,3,FALSE),\"\")","v":""},"",1]
[9366,{"$nulls":6},{"$f":"IFERROR(VLOOKUP(C9367,参数!$B:$H,2,0),\"\")","v":""},{"$f":"IFERROR(VLOOKUP(C9367,参数!$B:$H,4,0),\"\")","v":""},{"$f":"IFERROR(VLOOKUP(C9367,参数!B:H,3,FALSE),\"\")","v":""},"",1]
[9367,{"$nulls":6},{"$f":"IFERROR(VLOOKUP(C9368,参数!$B:$H,2,0),\"\")","v":""},{"$f":"IFERROR(VLOOKUP(C9368,参数!$B:$H,4,0),\"\")","v":""},{"$f":"IFERROR(VLOOKUP(C9368,参数!B:H,3,FALSE),\"\")","v":""},"",1]
[9368,{"$nulls":6},{"$f":"IFERROR(VLOOKUP(C9369,参数!$B:$H,2,0),\"\")","v":""},{"$f":"IFERROR(VLOOKUP(C9369,参数!$B:$H,4,0),\"\")","v":""},{"$f":"IFERROR(VLOOKUP(C9369,参数!B:H,3,FALSE),\"\")","v":""},"",1]
[9369,{"$nulls":6},{"$f":"IFERROR(VLOOKUP(C9370,参数!$B:$H,2,0),\"\")","v":""},{"$f":"IFERROR(VLOOKUP(C9370,参数!$B:$H,4,0),\"\")","v":""},{"$f":"IFERROR(VLOOKUP(C9370,参数!B:H,3,FALSE),\"\")","v":""},"",1]
[9370,{"$nulls":6},{"$f":"IFERROR(VLOOKUP(C9371,参数!$B:$H,2,0),\"\")","v":""},{"$f":"IFERROR(VLOOKUP(C9371,参数!$B:$H,4,0),\"\")","v":""},{"$f":"IFERROR(VLOOKUP(C9371,参数!B:H,3,FALSE),\"\")","v":""},"",1]
[9371,{"$nulls":6},{"$f":"IFERROR(VLOOKUP(C9372,参数!$B:$H,2,0),\"\")","v":""},{"$f":"IFERROR(VLOOKUP(C9372,参数!$B:$H,4,0),\"\")","v":""},{"$f":"IFERROR(VLOOKUP(C9372,参数!B:H,3,FALSE),\"\")","v":""},"",1]
[9372,{"$nulls":6},{"$f":"IFERROR(VLOOKUP(C9373,参数!$B:$H,2,0),\"\")","v":""},{"$f":"IFERROR(VLOOKUP(C9373,参数!$B:$H,4,0),\"\")","v":""},{"$f":"IFERROR(VLOOKUP(C9373,参数!B:H,3,FALSE),\"\")","v":""},"",1]
[9373,{"$nulls":6},{"$f":"IFERROR(VLOOKUP(C9374,参数!$B:$H,2,0),\"\")","v":""},{"$f":"IFERROR(VLOOKUP(C9374,参数!$B:$H,4,0),\"\")","v":""},{"$f":"IFERROR(VLOOKUP(C9374,参数!B:H,3,FALSE),\"\")","v":""},"",1]
[9374,{"$nulls":6},{"$f":"IFERROR(VLOOKUP(C9375,参数!$B:$H,2,0),\"\")","v":""},{"$f":"IFERROR(VLOOKUP(C9375,参数!$B:$H,4,0),\"\")","v":""},{"$f":"IFERROR(VLOOKUP(C9375,参数!B:H,3,FALSE),\"\")","v":""},"",1]
[9375,{"$nulls":6},{"$f":"IFERROR(VLOOKUP(C9376,参数!$B:$H,2,0),\"\")","v":""},{"$f":"IFERROR(VLOOKUP(C9376,参数!$B:$H,4,0),\"\")","v":""},{"$f":"IFERROR(VLOOKUP(C9376,参数!B:H,3,FALSE),\"\")","v":""},"",1]
[9376,{"$nulls":6},{"$f":"IFERROR(VLOOKUP(C9377,参数!$B:$H,2,0),\"\")","v":""},{"$f":"IFERROR(VLOOKUP(C9377,参数!$B:$H,4,0),\"\")","v":""},{"$f":"IFERROR(VLOOKUP(C9377,参数!B:H,3,FALSE),\"\")","v":""},"",1]
[9377,{"$nulls":6},{"$f":"IFERROR(VLOOKUP(C9378,参数!$B:$H,2,0),\"\")","v":""},{"$f":"IFERROR(VLOOKUP(C9378,参数!$B:$H,4,0),\"\")","v":""},{"$f":"IFERROR(VLOOKUP(C9378,参数!B:H,3,FALSE),\"\")","v":""},"",1]
[9378,{"$nulls":6},{"$f":"IFERROR(VLOOKUP(C9379,参数!$B:$H,2,0),\"\")","v":""},{"$f":"IFERROR(VLOOKUP(C9379,参数!$B:$H,4,0),\"\")","v":""},{"$f":"IFERROR(VLOOKUP(C9379,参数!B:H,3,FALSE),\"\")","v":""},"",1]
[9379,{"$nulls":6},{"$f":"IFERROR(VLOOKUP(C9380,参数!$B:$H,2,0),\"\")","v":""},{"$f":"IFERROR(VLOOKUP(C9380,参数!$B:$H,4,0),\"\")","v":""},{"$f":"IFERROR(VLOOKUP(C9380,参数!B:H,3,FALSE),\"\")","v":""},"",1]
[9380,{"$nulls":6},{"$f":"IFERROR(VLOOKUP(C9381,参数!$B:$H,2,0),\"\")","v":""},{"$f":"IFERROR(VLOOKUP(C9381,参数!$B:$H,4,0),\"\")","v":""},{"$f":"IFERROR(VLOOKUP(C9381,参数!B:H,3,FALSE),\"\")","v":""},{"$f":"IFERROR(J9381*E9381,\"\")","v":""},1]
[9381,{"$nulls":6},{"$f":"IFERROR(VLOOKUP(C9382,参数!$B:$H,2,0),\"\")","v":""},{"$f":"IFERROR(VLOOKUP(C9382,参数!$B:$H,4,0),\"\")","v":""},{"$f":"IFERROR(VLOOKUP(C9382,参数!B:H,3,FALSE),\"\")","v":""},"",1]
[9382,{"$nulls":6},{"$f":"IFERROR(VLOOKUP(C9383,参数!$B:$H,2,0),\"\")","v":""},{"$f":"IFERROR(VLOOKUP(C9383,参数!$B:$H,4,0),\"\")","v":""},{"$f":"IFERROR(VLOOKUP(C9383,参数!B:H,3,FALSE),\"\")","v":""},"",1]
[9383,{"$nulls":6},{"$f":"IFERROR(VLOOKUP(C9384,参数!$B:$H,2,0),\"\")","v":""},{"$f":"IFERROR(VLOOKUP(C9384,参数!$B:$H,4,0),\"\")","v":""},{"$f":"IFERROR(VLOOKUP(C9384,参数!B:H,3,FALSE),\"\")","v":""},"",1]
[9384,{"$nulls":6},{"$f":"IFERROR(VLOOKUP(C9385,参数!$B:$H,2,0),\"\")","v":""},{"$f":"IFERROR(VLOOKUP(C9385,参数!$B:$H,4,0),\"\")","v":""},{"$f":"IFERROR(VLOOKUP(C9385,参数!B:H,3,FALSE),\"\")","v":""},"",1]
[9385,{"$nulls":6},{"$f":"IFERROR(VLOOKUP(C9386,参数!$B:$H,2,0),\"\")","v":""},{"$f":"IFERROR(VLOOKUP(C9386,参数!$B:$H,4,0),\"\")","v":""},{"$f":"IFERROR(VLOOKUP(C9386,参数!B:H,3,FALSE),\"\")","v":""},"",1]
[9386,{"$nulls":6},{"$f":"IFERROR(VLOOKUP(C9387,参数!$B:$H,2,0),\"\")","v":""},{"$f":"IFERROR(VLOOKUP(C9387,参数!$B:$H,4,0),\"\")","v":""},{"$f":"IFERROR(VLOOKUP(C9387,参数!B:H,3,FALSE),\"\")","v":""},"",1]
[9387,{"$nulls":6},{"$f":"IFERROR(VLOOKUP(C9388,参数!$B:$H,2,0),\"\")","v":""},{"$f":"IFERROR(VLOOKUP(C9388,参数!$B:$H,4,0),\"\")","v":""},{"$f":"IFERROR(VLOOKUP(C9388,参数!B:H,3,FALSE),\"\")","v":""},"",1]
[9388,{"$nulls":6},{"$f":"IFERROR(VLOOKUP(C9389,参数!$B:$H,2,0),\"\")","v":""},{"$f":"IFERROR(VLOOKUP(C9389,参数!$B:$H,4,0),\"\")","v":""},{"$f":"IFERROR(VLOOKUP(C9389,参数!B:H,3,FALSE),\"\")","v":""},"",1]
[9389,{"$nulls":6},{"$f":"IFERROR(VLOOKUP(C9390,参数!$B:$H,2,0),\"\")","v":""},{"$f":"IFERROR(VLOOKUP(C9390,参数!$B:$H,4,0),\"\")","v":""},{"$f":"IFERROR(VLOOKUP(C9390,参数!B:H,3,FALSE),\"\")","v":""},"",1]
[9390,{"$nulls":6},{"$f":"IFERROR(VLOOKUP(C9391,参数!$B:$H,2,0),\"\")","v":""},{"$f":"IFERROR(VLOOKUP(C9391,参数!$B:$H,4,0),\"\")","v":""},{"$f":"IFERROR(VLOOKUP(C9391,参数!B:H,3,FALSE),\"\")","v":""},"",1]
[9391,{"$nulls":6},{"$f":"IFERROR(VLOOKUP(C9392,参数!$B:$H,2,0),\"\")","v":""},{"$f":"IFERROR(VLOOKUP(C9392,参数!$B:$H,4,0),\"\")","v":""},{"$f":"IFERROR(VLOOKUP(C9392,参数!B:H,3,FALSE),\"\")","v":""},"",1]
[9392,{"$nulls":6},{"$f":"IFERROR(VLOOKUP(C9393,参数!$B:$H,2,0),\"\")","v":""},{"$f":"IFERROR(VLOOKUP(C9393,参数!$B:$H,4,0),\"\")","v":""},{"$f":"IFERROR(VLOOKUP(C9393,参数!B:H,3,FALSE),\"\")","v":""},"",1]
[9393,{"$nulls":6},{"$f":"IFERROR(VLOOKUP(C9394,参数!$B:$H,2,0),\"\")","v":""},{"$f":"IFERROR(VLOOKUP(C9394,参数!$B:$H,4,0),\"\")","v":""},{"$f":"IFERROR(VLOOKUP(C9394,参数!B:H,3,FALSE),\"\")","v":""},"",1]
[9394,{"$nulls":6},{"$f":"IFERROR(VLOOKUP(C9395,参数!$B:$H,2,0),\"\")","v":""},{"$f":"IFERROR(VLOOKUP(C9395,参数!$B:$H,4,0),\"\")","v":""},{"$f":"IFERROR(VLOOKUP(C9395,参数!B:H,3,FALSE),\"\")","v":""},"",1]
[9395,{"$nulls":6},{"$f":"IFERROR(VLOOKUP(C9396,参数!$B:$H,2,0),\"\")","v":""},{"$f":"IFERROR(VLOOKUP(C9396,参数!$B:$H,4,0),\"\")","v":""},{"$f":"IFERROR(VLOOKUP(C9396,参数!B:H,3,FALSE),\"\")","v":""},"",1]
[9396,{"$nulls":6},{"$f":"IFERROR(VLOOKUP(C9397,参数!$B:$H,2,0),\"\")","v":""},{"$f":"IFERROR(VLOOKUP(C9397,参数!$B:$H,4,0),\"\")","v":""},{"$f":"IFERROR(VLOOKUP(C9397,参数!B:H,3,FALSE),\"\")","v":""},"",1]
[9397,{"$nulls":6},{"$f":"IFERROR(VLOOKUP(C9398,参数!$B:$H,2,0),\"\")","v":""},{"$f":"IFERROR(VLOOKUP(C9398,参数!$B:$H,4,0),\"\")","v":""},{"$f":"IFERROR(VLOOKUP(C9398,参数!B:H,3,FALSE),\"\")","v":""},"",1]
[9398,{"$nulls":6},{"$f":"IFERROR(VLOOKUP(C9399,参数!$B:$H,2,0),\"\")","v":""},{"$f":"IFERROR(VLOOKUP(C9399,参数!$B:$H,4,0),\"\")","v":""},{"$f":"IFERROR(VLOOKUP(C9399,参数!B:H,3,FALSE),\"\")","v":""},"",1]
[9399,{"$nulls":6},{"$f":"IFERROR(VLOOKUP(C9400,参数!$B:$H,2,0),\"\")","v":""},{"$f":"IFERROR(VLOOKUP(C9400,参数!$B:$H,4,0),\"\")","v":""},{"$f":"IFERROR(VLOOKUP(C9400,参数!B:H,3,FALSE),\"\")","v":""},"",1]
[9400,{"$nulls":6},{"$f":"IFERROR(VLOOKUP(C9401,参数!$B:$H,2,0),\"\")","v":""},{"$f":"IFERROR(VLOOKUP(C9401,参数!$B:$H,4,0),\"\")","v":""},{"$f":"IFERROR(VLOOKUP(C9401,参数!B:H,3,FALSE),\"\")","v":""},"",1]
[9401,{"$nulls":6},{"$f":"IFERROR(VLOOKUP(C9402,参数!$B:$H,2,0),\"\")","v":""},{"$f":"IFERROR(VLOOKUP(C9402,参数!$B:$H,4,0),\"\")","v":""},{"$f":"IFERROR(VLOOKUP(C9402,参数!B:H,3,FALSE),\"\")","v":""},"",1]
[9402,{"$nulls":6},{"$f":"IFERROR(VLOOKUP(C9403,参数!$B:$H,2,0),\"\")","v":""},{"$f":"IFERROR(VLOOKUP(C9403,参数!$B:$H,4,0),\"\")","v":""},{"$f":"IFERROR(VLOOKUP(C9403,参数!B:H,3,FALSE),\"\")","v":""},"",1]
[9403,{"$nulls":6},{"$f":"IFERROR(VLOOKUP(C9404,参数!$B:$H,2,0),\"\")","v":""},{"$f":"IFERROR(VLOOKUP(C9404,参数!$B:$H,4,0),\"\")","v":""},{"$f":"IFERROR(VLOOKUP(C9404,参数!B:H,3,FALSE),\"\")","v":""},"",1]
[9404,{"$nulls":6},{"$f":"IFERROR(VLOOKUP(C9405,参数!$B:$H,2,0),\"\")","v":""},{"$f":"IFERROR(VLOOKUP(C9405,参数!$B:$H,4,0),\"\")","v":""},{"$f":"IFERROR(VLOOKUP(C9405,参数!B:H,3,FALSE),\"\")","v":""},"",1]
[9405,{"$nulls":6},{"$f":"IFERROR(VLOOKUP(C9406,参数!$B:$H,2,0),\"\")","v":""},{"$f":"IFERROR(VLOOKUP(C9406,参数!$B:$H,4,0),\"\")","v":""},{"$f":"IFERROR(VLOOKUP(C9406,参数!B:H,3,FALSE),\"\")","v":""},"",1]
[9406,{"$nulls":6},{"$f":"IFERROR(VLOOKUP(C9407,参数!$B:$H,2,0),\"\")","v":""},{"$f":"IFERROR(VLOOKUP(C9407,参数!$B:$H,4,0),\"\")","v":""},{"$f":"IFERROR(VLOOKUP(C9407,参数!B:H,3,FALSE),\"\")","v":""},"",1]
[9407,{"$nulls":6},{"$f":"IFERROR(VLOOKUP(C9408,参数!$B:$H,2,0),\"\")","v":""},{"$f":"IFERROR(VLOOKUP(C9408,参数!$B:$H,4,0),\"\")","v":""},{"$f":"IFERROR(VLOOKUP(C9408,参数!B:H,3,FALSE),\"\")","v":""},"",1]
[9408,{"$nulls":6},{"$f":"IFERROR(VLOOKUP(C9409,参数!$B:$H,2,0),\"\")","v":""},{"$f":"IFERROR(VLOOKUP(C9409,参数!$B:$H,4,0),\"\")","v":""},{"$f":"IFERROR(VLOOKUP(C9409,参数!B:H,3,FALSE),\"\")","v":""},"",1]
[9409,{"$nulls":6},{"$f":"IFERROR(VLOOKUP(C9410,参数!$B:$H,2,0),\"\")","v":""},{"$f":"IFERROR(VLOOKUP(C9410,参数!$B:$H,4,0),\"\")","v":""},{"$f":"IFERROR(VLOOKUP(C9410,参数!B:H,3,FALSE),\"\")","v":""},"",{"$f":"VALUE(MONTH(B9410))","v":1}]
[9410,{"$nulls":6},{"$f":"IFERROR(VLOOKUP(C9411,参数!$B:$H,2,0),\"\")","v":""},{"$f":"IFERROR(VLOOKUP(C9411,参数!$B:$H,4,0),\"\")","v":""},{"$f":"IFERROR(VLOOKUP(C9411,参数!B:H,3,FALSE),\"\")","v":""},"",1]
[9411,{"$nulls":6},{"$f":"IFERROR(VLOOKUP(C9412,参数!$B:$H,2,0),\"\")","v":""},{"$f":"IFERROR(VLOOKUP(C9412,参数!$B:$H,4,0),\"\")","v":""},{"$f":"IFERROR(VLOOKUP(C9412,参数!B:H,3,FALSE),\"\")","v":""},"",1]
[9412,{"$nulls":6},{"$f":"IFERROR(VLOOKUP(C9413,参数!$B:$H,2,0),\"\")","v":""},{"$f":"IFERROR(VLOOKUP(C9413,参数!$B:$H,4,0),\"\")","v":""},{"$f":"IFERROR(VLOOKUP(C9413,参数!B:H,3,FALSE),\"\")","v":""},"",1]
[9413,{"$nulls":6},{"$f":"IFERROR(VLOOKUP(C9414,参数!$B:$H,2,0),\"\")","v":""},{"$f":"IFERROR(VLOOKUP(C9414,参数!$B:$H,4,0),\"\")","v":""},{"$f":"IFERROR(VLOOKUP(C9414,参数!B:H,3,FALSE),\"\")","v":""},"",1]
[9414,{"$nulls":6},{"$f":"IFERROR(VLOOKUP(C9415,参数!$B:$H,2,0),\"\")","v":""},{"$f":"IFERROR(VLOOKUP(C9415,参数!$B:$H,4,0),\"\")","v":""},{"$f":"IFERROR(VLOOKUP(C9415,参数!B:H,3,FALSE),\"\")","v":""},"",1]
[9415,{"$nulls":6},{"$f":"IFERROR(VLOOKUP(C9416,参数!$B:$H,2,0),\"\")","v":""},{"$f":"IFERROR(VLOOKUP(C9416,参数!$B:$H,4,0),\"\")","v":""},{"$f":"IFERROR(VLOOKUP(C9416,参数!B:H,3,FALSE),\"\")","v":""},"",1]
[9416,{"$nulls":6},{"$f":"IFERROR(VLOOKUP(C9417,参数!$B:$H,2,0),\"\")","v":""},{"$f":"IFERROR(VLOOKUP(C9417,参数!$B:$H,4,0),\"\")","v":""},{"$f":"IFERROR(VLOOKUP(C9417,参数!B:H,3,FALSE),\"\")","v":""},"",1]
[9417,{"$nulls":6},{"$f":"IFERROR(VLOOKUP(C9418,参数!$B:$H,2,0),\"\")","v":""},{"$f":"IFERROR(VLOOKUP(C9418,参数!$B:$H,4,0),\"\")","v":""},{"$f":"IFERROR(VLOOKUP(C9418,参数!B:H,3,FALSE),\"\")","v":""},"",1]
[9418,{"$nulls":6},{"$f":"IFERROR(VLOOKUP(C9419,参数!$B:$H,2,0),\"\")","v":""},{"$f":"IFERROR(VLOOKUP(C9419,参数!$B:$H,4,0),\"\")","v":""},{"$f":"IFERROR(VLOOKUP(C9419,参数!B:H,3,FALSE),\"\")","v":""},"",1]
[9419,{"$nulls":6},{"$f":"IFERROR(VLOOKUP(C9420,参数!$B:$H,2,0),\"\")","v":""},{"$f":"IFERROR(VLOOKUP(C9420,参数!$B:$H,4,0),\"\")","v":""},{"$f":"IFERROR(VLOOKUP(C9420,参数!B:H,3,FALSE),\"\")","v":""},"",1]
[9420,{"$nulls":6},{"$f":"IFERROR(VLOOKUP(C9421,参数!$B:$H,2,0),\"\")","v":""},{"$f":"IFERROR(VLOOKUP(C9421,参数!$B:$H,4,0),\"\")","v":""},{"$f":"IFERROR(VLOOKUP(C9421,参数!B:H,3,FALSE),\"\")","v":""},"",1]
[9421,{"$nulls":6},{"$f":"IFERROR(VLOOKUP(C9422,参数!$B:$H,2,0),\"\")","v":""},{"$f":"IFERROR(VLOOKUP(C9422,参数!$B:$H,4,0),\"\")","v":""},{"$f":"IFERROR(VLOOKUP(C9422,参数!B:H,3,FALSE),\"\")","v":""},"",1]
[9422,{"$nulls":6},{"$f":"IFERROR(VLOOKUP(C9423,参数!$B:$H,2,0),\"\")","v":""},{"$f":"IFERROR(VLOOKUP(C9423,参数!$B:$H,4,0),\"\")","v":""},{"$f":"IFERROR(VLOOKUP(C9423,参数!B:H,3,FALSE),\"\")","v":""},"",1]
[9423,{"$nulls":6},{"$f":"IFERROR(VLOOKUP(C9424,参数!$B:$H,2,0),\"\")","v":""},{"$f":"IFERROR(VLOOKUP(C9424,参数!$B:$H,4,0),\"\")","v":""},{"$f":"IFERROR(VLOOKUP(C9424,参数!B:H,3,FALSE),\"\")","v":""},"",1]
[9424,{"$nulls":6},{"$f":"IFERROR(VLOOKUP(C9425,参数!$B:$H,2,0),\"\")","v":""},{"$f":"IFERROR(VLOOKUP(C9425,参数!$B:$H,4,0),\"\")","v":""},{"$f":"IFERROR(VLOOKUP(C9425,参数!B:H,3,FALSE),\"\")","v":""},"",1]
[9425,{"$nulls":6},{"$f":"IFERROR(VLOOKUP(C9426,参数!$B:$H,2,0),\"\")","v":""},{"$f":"IFERROR(VLOOKUP(C9426,参数!$B:$H,4,0),\"\")","v":""},{"$f":"IFERROR(VLOOKUP(C9426,参数!B:H,3,FALSE),\"\")","v":""},"",1]
[9426,{"$nulls":6},{"$f":"IFERROR(VLOOKUP(C9427,参数!$B:$H,2,0),\"\")","v":""},{"$f":"IFERROR(VLOOKUP(C9427,参数!$B:$H,4,0),\"\")","v":""},{"$f":"IFERROR(VLOOKUP(C9427,参数!B:H,3,FALSE),\"\")","v":""},"",1]
[9427,{"$nulls":6},{"$f":"IFERROR(VLOOKUP(C9428,参数!$B:$H,2,0),\"\")","v":""},{"$f":"IFERROR(VLOOKUP(C9428,参数!$B:$H,4,0),\"\")","v":""},{"$f":"IFERROR(VLOOKUP(C9428,参数!B:H,3,FALSE),\"\")","v":""},"",1]
[9428,{"$nulls":6},{"$f":"IFERROR(VLOOKUP(C9429,参数!$B:$H,2,0),\"\")","v":""},{"$f":"IFERROR(VLOOKUP(C9429,参数!$B:$H,4,0),\"\")","v":""},{"$f":"IFERROR(VLOOKUP(C9429,参数!B:H,3,FALSE),\"\")","v":""},"",1]
[9429,{"$nulls":6},{"$f":"IFERROR(VLOOKUP(C9430,参数!$B:$H,2,0),\"\")","v":""},{"$f":"IFERROR(VLOOKUP(C9430,参数!$B:$H,4,0),\"\")","v":""},{"$f":"IFERROR(VLOOKUP(C9430,参数!B:H,3,FALSE),\"\")","v":""},"",1]
[9430,{"$nulls":6},{"$f":"IFERROR(VLOOKUP(C9431,参数!$B:$H,2,0),\"\")","v":""},{"$f":"IFERROR(VLOOKUP(C9431,参数!$B:$H,4,0),\"\")","v":""},{"$f":"IFERROR(VLOOKUP(C9431,参数!B:H,3,FALSE),\"\")","v":""},"",1]
[9431,{"$nulls":6},{"$f":"IFERROR(VLOOKUP(C9432,参数!$B:$H,2,0),\"\")","v":""},{"$f":"IFERROR(VLOOKUP(C9432,参数!$B:$H,4,0),\"\")","v":""},{"$f":"IFERROR(VLOOKUP(C9432,参数!B:H,3,FALSE),\"\")","v":""},"",1]
[9432,{"$nulls":6},{"$f":"IFERROR(VLOOKUP(C9433,参数!$B:$H,2,0),\"\")","v":""},{"$f":"IFERROR(VLOOKUP(C9433,参数!$B:$H,4,0),\"\")","v":""},{"$f":"IFERROR(VLOOKUP(C9433,参数!B:H,3,FALSE),\"\")","v":""},"",1]
[9433,{"$nulls":6},{"$f":"IFERROR(VLOOKUP(C9434,参数!$B:$H,2,0),\"\")","v":""},{"$f":"IFERROR(VLOOKUP(C9434,参数!$B:$H,4,0),\"\")","v":""},{"$f":"IFERROR(VLOOKUP(C9434,参数!B:H,3,FALSE),\"\")","v":""},"",1]
[9434,{"$nulls":6},{"$f":"IFERROR(VLOOKUP(C9435,参数!$B:$H,2,0),\"\")","v":""},{"$f":"IFERROR(VLOOKUP(C9435,参数!$B:$H,4,0),\"\")","v":""},{"$f":"IFERROR(VLOOKUP(C9435,参数!B:H,3,FALSE),\"\")","v":""},"",1]
[9435,{"$nulls":6},{"$f":"IFERROR(VLOOKUP(C9436,参数!$B:$H,2,0),\"\")","v":""},{"$f":"IFERROR(VLOOKUP(C9436,参数!$B:$H,4,0),\"\")","v":""},{"$f":"IFERROR(VLOOKUP(C9436,参数!B:H,3,FALSE),\"\")","v":""},"",1]
[9436,{"$nulls":6},{"$f":"IFERROR(VLOOKUP(C9437,参数!$B:$H,2,0),\"\")","v":""},{"$f":"IFERROR(VLOOKUP(C9437,参数!$B:$H,4,0),\"\")","v":""},{"$f":"IFERROR(VLOOKUP(C9437,参数!B:H,3,FALSE),\"\")","v":""},"",1]
[9437,{"$nulls":6},{"$f":"IFERROR(VLOOKUP(C9438,参数!$B:$H,2,0),\"\")","v":""},{"$f":"IFERROR(VLOOKUP(C9438,参数!$B:$H,4,0),\"\")","v":""},{"$f":"IFERROR(VLOOKUP(C9438,参数!B:H,3,FALSE),\"\")","v":""},"",1]
[9438,{"$nulls":6},{"$f":"IFERROR(VLOOKUP(C9439,参数!$B:$H,2,0),\"\")","v":""},{"$f":"IFERROR(VLOOKUP(C9439,参数!$B:$H,4,0),\"\")","v":""},{"$f":"IFERROR(VLOOKUP(C9439,参数!B:H,3,FALSE),\"\")","v":""},"",1]
[9439,{"$nulls":6},{"$f":"IFERROR(VLOOKUP(C9440,参数!$B:$H,2,0),\"\")","v":""},{"$f":"IFERROR(VLOOKUP(C9440,参数!$B:$H,4,0),\"\")","v":""},{"$f":"IFERROR(VLOOKUP(C9440,参数!B:H,3,FALSE),\"\")","v":""},"",1]
[9440,{"$nulls":6},{"$f":"IFERROR(VLOOKUP(C9441,参数!$B:$H,2,0),\"\")","v":""},{"$f":"IFERROR(VLOOKUP(C9441,参数!$B:$H,4,0),\"\")","v":""},{"$f":"IFERROR(VLOOKUP(C9441,参数!B:H,3,FALSE),\"\")","v":""},"",1]
[9441,{"$nulls":6},{"$f":"IFERROR(VLOOKUP(C9442,参数!$B:$H,2,0),\"\")","v":""},{"$f":"IFERROR(VLOOKUP(C9442,参数!$B:$H,4,0),\"\")","v":""},{"$f":"IFERROR(VLOOKUP(C9442,参数!B:H,3,FALSE),\"\")","v":""},"",1]
[9442,{"$nulls":6},{"$f":"IFERROR(VLOOKUP(C9443,参数!$B:$H,2,0),\"\")","v":""},{"$f":"IFERROR(VLOOKUP(C9443,参数!$B:$H,4,0),\"\")","v":""},{"$f":"IFERROR(VLOOKUP(C9443,参数!B:H,3,FALSE),\"\")","v":""},"",1]
[9443,{"$nulls":6},{"$f":"IFERROR(VLOOKUP(C9444,参数!$B:$H,2,0),\"\")","v":""},{"$f":"IFERROR(VLOOKUP(C9444,参数!$B:$H,4,0),\"\")","v":""},{"$f":"IFERROR(VLOOKUP(C9444,参数!B:H,3,FALSE),\"\")","v":""},"",1]
[9444,{"$nulls":6},{"$f":"IFERROR(VLOOKUP(C9445,参数!$B:$H,2,0),\"\")","v":""},{"$f":"IFERROR(VLOOKUP(C9445,参数!$B:$H,4,0),\"\")","v":""},{"$f":"IFERROR(VLOOKUP(C9445,参数!B:H,3,FALSE),\"\")","v":""},{"$f":"IFERROR(J9445*E9445,\"\")","v":""},1]
[9445,{"$nulls":6},{"$f":"IFERROR(VLOOKUP(C9446,参数!$B:$H,2,0),\"\")","v":""},{"$f":"IFERROR(VLOOKUP(C9446,参数!$B:$H,4,0),\"\")","v":""},{"$f":"IFERROR(VLOOKUP(C9446,参数!B:H,3,FALSE),\"\")","v":""},"",1]
[9446,{"$nulls":6},{"$f":"IFERROR(VLOOKUP(C9447,参数!$B:$H,2,0),\"\")","v":""},{"$f":"IFERROR(VLOOKUP(C9447,参数!$B:$H,4,0),\"\")","v":""},{"$f":"IFERROR(VLOOKUP(C9447,参数!B:H,3,FALSE),\"\")","v":""},"",1]
[9447,{"$nulls":6},{"$f":"IFERROR(VLOOKUP(C9448,参数!$B:$H,2,0),\"\")","v":""},{"$f":"IFERROR(VLOOKUP(C9448,参数!$B:$H,4,0),\"\")","v":""},{"$f":"IFERROR(VLOOKUP(C9448,参数!B:H,3,FALSE),\"\")","v":""},"",1]
[9448,{"$nulls":6},{"$f":"IFERROR(VLOOKUP(C9449,参数!$B:$H,2,0),\"\")","v":""},{"$f":"IFERROR(VLOOKUP(C9449,参数!$B:$H,4,0),\"\")","v":""},{"$f":"IFERROR(VLOOKUP(C9449,参数!B:H,3,FALSE),\"\")","v":""},"",1]
[9449,{"$nulls":6},{"$f":"IFERROR(VLOOKUP(C9450,参数!$B:$H,2,0),\"\")","v":""},{"$f":"IFERROR(VLOOKUP(C9450,参数!$B:$H,4,0),\"\")","v":""},{"$f":"IFERROR(VLOOKUP(C9450,参数!B:H,3,FALSE),\"\")","v":""},"",1]
[9450,{"$nulls":6},{"$f":"IFERROR(VLOOKUP(C9451,参数!$B:$H,2,0),\"\")","v":""},{"$f":"IFERROR(VLOOKUP(C9451,参数!$B:$H,4,0),\"\")","v":""},{"$f":"IFERROR(VLOOKUP(C9451,参数!B:H,3,FALSE),\"\")","v":""},"",1]
[9451,{"$nulls":6},{"$f":"IFERROR(VLOOKUP(C9452,参数!$B:$H,2,0),\"\")","v":""},{"$f":"IFERROR(VLOOKUP(C9452,参数!$B:$H,4,0),\"\")","v":""},{"$f":"IFERROR(VLOOKUP(C9452,参数!B:H,3,FALSE),\"\")","v":""},"",1]
[9452,{"$nulls":6},{"$f":"IFERROR(VLOOKUP(C9453,参数!$B:$H,2,0),\"\")","v":""},{"$f":"IFERROR(VLOOKUP(C9453,参数!$B:$H,4,0),\"\")","v":""},{"$f":"IFERROR(VLOOKUP(C9453,参数!B:H,3,FALSE),\"\")","v":""},"",1]
[9453,{"$nulls":6},{"$f":"IFERROR(VLOOKUP(C9454,参数!$B:$H,2,0),\"\")","v":""},{"$f":"IFERROR(VLOOKUP(C9454,参数!$B:$H,4,0),\"\")","v":""},{"$f":"IFERROR(VLOOKUP(C9454,参数!B:H,3,FALSE),\"\")","v":""},"",1]
[9454,{"$nulls":6},{"$f":"IFERROR(VLOOKUP(C9455,参数!$B:$H,2,0),\"\")","v":""},{"$f":"IFERROR(VLOOKUP(C9455,参数!$B:$H,4,0),\"\")","v":""},{"$f":"IFERROR(VLOOKUP(C9455,参数!B:H,3,FALSE),\"\")","v":""},"",1]
[9455,{"$nulls":6},{"$f":"IFERROR(VLOOKUP(C9456,参数!$B:$H,2,0),\"\")","v":""},{"$f":"IFERROR(VLOOKUP(C9456,参数!$B:$H,4,0),\"\")","v":""},{"$f":"IFERROR(VLOOKUP(C9456,参数!B:H,3,FALSE),\"\")","v":""},"",1]
[9456,{"$nulls":6},{"$f":"IFERROR(VLOOKUP(C9457,参数!$B:$H,2,0),\"\")","v":""},{"$f":"IFERROR(VLOOKUP(C9457,参数!$B:$H,4,0),\"\")","v":""},{"$f":"IFERROR(VLOOKUP(C9457,参数!B:H,3,FALSE),\"\")","v":""},"",1]
[9457,{"$nulls":6},{"$f":"IFERROR(VLOOKUP(C9458,参数!$B:$H,2,0),\"\")","v":""},{"$f":"IFERROR(VLOOKUP(C9458,参数!$B:$H,4,0),\"\")","v":""},{"$f":"IFERROR(VLOOKUP(C9458,参数!B:H,3,FALSE),\"\")","v":""},"",1]
[9458,{"$nulls":6},{"$f":"IFERROR(VLOOKUP(C9459,参数!$B:$H,2,0),\"\")","v":""},{"$f":"IFERROR(VLOOKUP(C9459,参数!$B:$H,4,0),\"\")","v":""},{"$f":"IFERROR(VLOOKUP(C9459,参数!B:H,3,FALSE),\"\")","v":""},"",1]
[9459,{"$nulls":6},{"$f":"IFERROR(VLOOKUP(C9460,参数!$B:$H,2,0),\"\")","v":""},{"$f":"IFERROR(VLOOKUP(C9460,参数!$B:$H,4,0),\"\")","v":""},{"$f":"IFERROR(VLOOKUP(C9460,参数!B:H,3,FALSE),\"\")","v":""},"",1]
[9460,{"$nulls":6},{"$f":"IFERROR(VLOOKUP(C9461,参数!$B:$H,2,0),\"\")","v":""},{"$f":"IFERROR(VLOOKUP(C9461,参数!$B:$H,4,0),\"\")","v":""},{"$f":"IFERROR(VLOOKUP(C9461,参数!B:H,3,FALSE),\"\")","v":""},"",1]
[9461,{"$nulls":6},{"$f":"IFERROR(VLOOKUP(C9462,参数!$B:$H,2,0),\"\")","v":""},{"$f":"IFERROR(VLOOKUP(C9462,参数!$B:$H,4,0),\"\")","v":""},{"$f":"IFERROR(VLOOKUP(C9462,参数!B:H,3,FALSE),\"\")","v":""},"",1]
[9462,{"$nulls":6},{"$f":"IFERROR(VLOOKUP(C9463,参数!$B:$H,2,0),\"\")","v":""},{"$f":"IFERROR(VLOOKUP(C9463,参数!$B:$H,4,0),\"\")","v":""},{"$f":"IFERROR(VLOOKUP(C9463,参数!B:H,3,FALSE),\"\")","v":""},"",1]
[9463,{"$nulls":6},{"$f":"IFERROR(VLOOKUP(C9464,参数!$B:$H,2,0),\"\")","v":""},{"$f":"IFERROR(VLOOKUP(C9464,参数!$B:$H,4,0),\"\")","v":""},{"$f":"IFERROR(VLOOKUP(C9464,参数!B:H,3,FALSE),\"\")","v":""},"",1]
[9464,{"$nulls":6},{"$f":"IFERROR(VLOOKUP(C9465,参数!$B:$H,2,0),\"\")","v":""},{"$f":"IFERROR(VLOOKUP(C9465,参数!$B:$H,4,0),\"\")","v":""},{"$f":"IFERROR(VLOOKUP(C9465,参数!B:H,3,FALSE),\"\")","v":""},"",1]
[9465,{"$nulls":6},{"$f":"IFERROR(VLOOKUP(C9466,参数!$B:$H,2,0),\"\")","v":""},{"$f":"IFERROR(VLOOKUP(C9466,参数!$B:$H,4,0),\"\")","v":""},{"$f":"IFERROR(VLOOKUP(C9466,参数!B:H,3,FALSE),\"\")","v":""},"",1]
[9466,{"$nulls":6},{"$f":"IFERROR(VLOOKUP(C9467,参数!$B:$H,2,0),\"\")","v":""},{"$f":"IFERROR(VLOOKUP(C9467,参数!$B:$H,4,0),\"\")","v":""},{"$f":"IFERROR(VLOOKUP(C9467,参数!B:H,3,FALSE),\"\")","v":""},"",1]
[9467,{"$nulls":6},{"$f":"IFERROR(VLOOKUP(C9468,参数!$B:$H,2,0),\"\")","v":""},{"$f":"IFERROR(VLOOKUP(C9468,参数!$B:$H,4,0),\"\")","v":""},{"$f":"IFERROR(VLOOKUP(C9468,参数!B:H,3,FALSE),\"\")","v":""},"",1]
[9468,{"$nulls":6},{"$f":"IFERROR(VLOOKUP(C9469,参数!$B:$H,2,0),\"\")","v":""},{"$f":"IFERROR(VLOOKUP(C9469,参数!$B:$H,4,0),\"\")","v":""},{"$f":"IFERROR(VLOOKUP(C9469,参数!B:H,3,FALSE),\"\")","v":""},"",1]
[9469,{"$nulls":6},{"$f":"IFERROR(VLOOKUP(C9470,参数!$B:$H,2,0),\"\")","v":""},{"$f":"IFERROR(VLOOKUP(C9470,参数!$B:$H,4,0),\"\")","v":""},{"$f":"IFERROR(VLOOKUP(C9470,参数!B:H,3,FALSE),\"\")","v":""},"",1]
[9470,{"$nulls":6},{"$f":"IFERROR(VLOOKUP(C9471,参数!$B:$H,2,0),\"\")","v":""},{"$f":"IFERROR(VLOOKUP(C9471,参数!$B:$H,4,0),\"\")","v":""},{"$f":"IFERROR(VLOOKUP(C9471,参数!B:H,3,FALSE),\"\")","v":""},"",1]
[9471,{"$nulls":6},{"$f":"IFERROR(VLOOKUP(C9472,参数!$B:$H,2,0),\"\")","v":""},{"$f":"IFERROR(VLOOKUP(C9472,参数!$B:$H,4,0),\"\")","v":""},{"$f":"IFERROR(VLOOKUP(C9472,参数!B:H,3,FALSE),\"\")","v":""},"",1]
[9472,{"$nulls":6},{"$f":"IFERROR(VLOOKUP(C9473,参数!$B:$H,2,0),\"\")","v":""},{"$f":"IFERROR(VLOOKUP(C9473,参数!$B:$H,4,0),\"\")","v":""},{"$f":"IFERROR(VLOOKUP(C9473,参数!B:H,3,FALSE),\"\")","v":""},"",1]
[9473,{"$nulls":6},{"$f":"IFERROR(VLOOKUP(C9474,参数!$B:$H,2,0),\"\")","v":""},{"$f":"IFERROR(VLOOKUP(C9474,参数!$B:$H,4,0),\"\")","v":""},{"$f":"IFERROR(VLOOKUP(C9474,参数!B:H,3,FALSE),\"\")","v":""},"",{"$f":"VALUE(MONTH(B9474))","v":1}]
[9474,{"$nulls":6},{"$f":"IFERROR(VLOOKUP(C9475,参数!$B:$H,2,0),\"\")","v":""},{"$f":"IFERROR(VLOOKUP(C9475,参数!$B:$H,4,0),\"\")","v":""},{"$f":"IFERROR(VLOOKUP(C9475,参数!B:H,3,FALSE),\"\")","v":""},"",1]
[9475,{"$nulls":6},{"$f":"IFERROR(VLOOKUP(C9476,参数!$B:$H,2,0),\"\")","v":""},{"$f":"IFERROR(VLOOKUP(C9476,参数!$B:$H,4,0),\"\")","v":""},{"$f":"IFERROR(VLOOKUP(C9476,参数!B:H,3,FALSE),\"\")","v":""},"",1]
[9476,{"$nulls":6},{"$f":"IFERROR(VLOOKUP(C9477,参数!$B:$H,2,0),\"\")","v":""},{"$f":"IFERROR(VLOOKUP(C9477,参数!$B:$H,4,0),\"\")","v":""},{"$f":"IFERROR(VLOOKUP(C9477,参数!B:H,3,FALSE),\"\")","v":""},"",1]
[9477,{"$nulls":6},{"$f":"IFERROR(VLOOKUP(C9478,参数!$B:$H,2,0),\"\")","v":""},{"$f":"IFERROR(VLOOKUP(C9478,参数!$B:$H,4,0),\"\")","v":""},{"$f":"IFERROR(VLOOKUP(C9478,参数!B:H,3,FALSE),\"\")","v":""},"",1]
[9478,{"$nulls":6},{"$f":"IFERROR(VLOOKUP(C9479,参数!$B:$H,2,0),\"\")","v":""},{"$f":"IFERROR(VLOOKUP(C9479,参数!$B:$H,4,0),\"\")","v":""},{"$f":"IFERROR(VLOOKUP(C9479,参数!B:H,3,FALSE),\"\")","v":""},"",1]
[9479,{"$nulls":6},{"$f":"IFERROR(VLOOKUP(C9480,参数!$B:$H,2,0),\"\")","v":""},{"$f":"IFERROR(VLOOKUP(C9480,参数!$B:$H,4,0),\"\")","v":""},{"$f":"IFERROR(VLOOKUP(C9480,参数!B:H,3,FALSE),\"\")","v":""},"",1]
[9480,{"$nulls":6},{"$f":"IFERROR(VLOOKUP(C9481,参数!$B:$H,2,0),\"\")","v":""},{"$f":"IFERROR(VLOOKUP(C9481,参数!$B:$H,4,0),\"\")","v":""},{"$f":"IFERROR(VLOOKUP(C9481,参数!B:H,3,FALSE),\"\")","v":""},"",1]
[9481,{"$nulls":6},{"$f":"IFERROR(VLOOKUP(C9482,参数!$B:$H,2,0),\"\")","v":""},{"$f":"IFERROR(VLOOKUP(C9482,参数!$B:$H,4,0),\"\")","v":""},{"$f":"IFERROR(VLOOKUP(C9482,参数!B:H,3,FALSE),\"\")","v":""},"",1]
[9482,{"$nulls":6},{"$f":"IFERROR(VLOOKUP(C9483,参数!$B:$H,2,0),\"\")","v":""},{"$f":"IFERROR(VLOOKUP(C9483,参数!$B:$H,4,0),\"\")","v":""},{"$f":"IFERROR(VLOOKUP(C9483,参数!B:H,3,FALSE),\"\")","v":""},"",1]
[9483,{"$nulls":6},{"$f":"IFERROR(VLOOKUP(C9484,参数!$B:$H,2,0),\"\")","v":""},{"$f":"IFERROR(VLOOKUP(C9484,参数!$B:$H,4,0),\"\")","v":""},{"$f":"IFERROR(VLOOKUP(C9484,参数!B:H,3,FALSE),\"\")","v":""},"",1]
[9484,{"$nulls":6},{"$f":"IFERROR(VLOOKUP(C9485,参数!$B:$H,2,0),\"\")","v":""},{"$f":"IFERROR(VLOOKUP(C9485,参数!$B:$H,4,0),\"\")","v":""},{"$f":"IFERROR(VLOOKUP(C9485,参数!B:H,3,FALSE),\"\")","v":""},"",1]
[9485,{"$nulls":6},{"$f":"IFERROR(VLOOKUP(C9486,参数!$B:$H,2,0),\"\")","v":""},{"$f":"IFERROR(VLOOKUP(C9486,参数!$B:$H,4,0),\"\")","v":""},{"$f":"IFERROR(VLOOKUP(C9486,参数!B:H,3,FALSE),\"\")","v":""},"",1]
[9486,{"$nulls":6},{"$f":"IFERROR(VLOOKUP(C9487,参数!$B:$H,2,0),\"\")","v":""},{"$f":"IFERROR(VLOOKUP(C9487,参数!$B:$H,4,0),\"\")","v":""},{"$f":"IFERROR(VLOOKUP(C9487,参数!B:H,3,FALSE),\"\")","v":""},"",1]
[9487,{"$nulls":6},{"$f":"IFERROR(VLOOKUP(C9488,参数!$B:$H,2,0),\"\")","v":""},{"$f":"IFERROR(VLOOKUP(C9488,参数!$B:$H,4,0),\"\")","v":""},{"$f":"IFERROR(VLOOKUP(C9488,参数!B:H,3,FALSE),\"\")","v":""},"",1]
[9488,{"$nulls":6},{"$f":"IFERROR(VLOOKUP(C9489,参数!$B:$H,2,0),\"\")","v":""},{"$f":"IFERROR(VLOOKUP(C9489,参数!$B:$H,4,0),\"\")","v":""},{"$f":"IFERROR(VLOOKUP(C9489,参数!B:H,3,FALSE),\"\")","v":""},"",1]
[9489,{"$nulls":6},{"$f":"IFERROR(VLOOKUP(C9490,参数!$B:$H,2,0),\"\")","v":""},{"$f":"IFERROR(VLOOKUP(C9490,参数!$B:$H,4,0),\"\")","v":""},{"$f":"IFERROR(VLOOKUP(C9490,参数!B:H,3,FALSE),\"\")","v":""},"",1]
[9490,{"$nulls":6},{"$f":"IFERROR(VLOOKUP(C9491,参数!$B:$H,2,0),\"\")","v":""},{"$f":"IFERROR(VLOOKUP(C9491,参数!$B:$H,4,0),\"\")","v":""},{"$f":"IFERROR(VLOOKUP(C9491,参数!B:H,3,FALSE),\"\")","v":""},"",1]
[9491,{"$nulls":6},{"$f":"IFERROR(VLOOKUP(C9492,参数!$B:$H,2,0),\"\")","v":""},{"$f":"IFERROR(VLOOKUP(C9492,参数!$B:$H,4,0),\"\")","v":""},{"$f":"IFERROR(VLOOKUP(C9492,参数!B:H,3,FALSE),\"\")","v":""},"",1]
[9492,{"$nulls":6},{"$f":"IFERROR(VLOOKUP(C9493,参数!$B:$H,2,0),\"\")","v":""},{"$f":"IFERROR(VLOOKUP(C9493,参数!$B:$H,4,0),\"\")","v":""},{"$f":"IFERROR(VLOOKUP(C9493,参数!B:H,3,FALSE),\"\")","v":""},"",1]
[9493,{"$nulls":6},{"$f":"IFERROR(VLOOKUP(C9494,参数!$B:$H,2,0),\"\")","v":""},{"$f":"IFERROR(VLOOKUP(C9494,参数!$B:$H,4,0),\"\")","v":""},{"$f":"IFERROR(VLOOKUP(C9494,参数!B:H,3,FALSE),\"\")","v":""},"",1]
[9494,{"$nulls":6},{"$f":"IFERROR(VLOOKUP(C9495,参数!$B:$H,2,0),\"\")","v":""},{"$f":"IFERROR(VLOOKUP(C9495,参数!$B:$H,4,0),\"\")","v":""},{"$f":"IFERROR(VLOOKUP(C9495,参数!B:H,3,FALSE),\"\")","v":""},"",1]
[9495,{"$nulls":6},{"$f":"IFERROR(VLOOKUP(C9496,参数!$B:$H,2,0),\"\")","v":""},{"$f":"IFERROR(VLOOKUP(C9496,参数!$B:$H,4,0),\"\")","v":""},{"$f":"IFERROR(VLOOKUP(C9496,参数!B:H,3,FALSE),\"\")","v":""},"",1]
[9496,{"$nulls":6},{"$f":"IFERROR(VLOOKUP(C9497,参数!$B:$H,2,0),\"\")","v":""},{"$f":"IFERROR(VLOOKUP(C9497,参数!$B:$H,4,0),\"\")","v":""},{"$f":"IFERROR(VLOOKUP(C9497,参数!B:H,3,FALSE),\"\")","v":""},"",1]
[9497,{"$nulls":6},{"$f":"IFERROR(VLOOKUP(C9498,参数!$B:$H,2,0),\"\")","v":""},{"$f":"IFERROR(VLOOKUP(C9498,参数!$B:$H,4,0),\"\")","v":""},{"$f":"IFERROR(VLOOKUP(C9498,参数!B:H,3,FALSE),\"\")","v":""},"",1]
[9498,{"$nulls":6},{"$f":"IFERROR(VLOOKUP(C9499,参数!$B:$H,2,0),\"\")","v":""},{"$f":"IFERROR(VLOOKUP(C9499,参数!$B:$H,4,0),\"\")","v":""},{"$f":"IFERROR(VLOOKUP(C9499,参数!B:H,3,FALSE),\"\")","v":""},"",1]
[9499,{"$nulls":6},{"$f":"IFERROR(VLOOKUP(C9500,参数!$B:$H,2,0),\"\")","v":""},{"$f":"IFERROR(VLOOKUP(C9500,参数!$B:$H,4,0),\"\")","v":""},{"$f":"IFERROR(VLOOKUP(C9500,参数!B:H,3,FALSE),\"\")","v":""},"",1]
[9500,{"$nulls":6},{"$f":"IFERROR(VLOOKUP(C9501,参数!$B:$H,2,0),\"\")","v":""},{"$f":"IFERROR(VLOOKUP(C9501,参数!$B:$H,4,0),\"\")","v":""},{"$f":"IFERROR(VLOOKUP(C9501,参数!B:H,3,FALSE),\"\")","v":""},"",1]
[9501,{"$nulls":6},{"$f":"IFERROR(VLOOKUP(C9502,参数!$B:$H,2,0),\"\")","v":""},{"$f":"IFERROR(VLOOKUP(C9502,参数!$B:$H,4,0),\"\")","v":""},{"$f":"IFERROR(VLOOKUP(C9502,参数!B:H,3,FALSE),\"\")","v":""},"",1]
[9502,{"$nulls":6},{"$f":"IFERROR(VLOOKUP(C9503,参数!$B:$H,2,0),\"\")","v":""},{"$f":"IFERROR(VLOOKUP(C9503,参数!$B:$H,4,0),\"\")","v":""},{"$f":"IFERROR(VLOOKUP(C9503,参数!B:H,3,FALSE),\"\")","v":""},"",1]
[9503,{"$nulls":6},{"$f":"IFERROR(VLOOKUP(C9504,参数!$B:$H,2,0),\"\")","v":""},{"$f":"IFERROR(VLOOKUP(C9504,参数!$B:$H,4,0),\"\")","v":""},{"$f":"IFERROR(VLOOKUP(C9504,参数!B:H,3,FALSE),\"\")","v":""},"",1]
[9504,{"$nulls":6},{"$f":"IFERROR(VLOOKUP(C9505,参数!$B:$H,2,0),\"\")","v":""},{"$f":"IFERROR(VLOOKUP(C9505,参数!$B:$H,4,0),\"\")","v":""},{"$f":"IFERROR(VLOOKUP(C9505,参数!B:H,3,FALSE),\"\")","v":""},"",1]
[9505,{"$nulls":6},{"$f":"IFERROR(VLOOKUP(C9506,参数!$B:$H,2,0),\"\")","v":""},{"$f":"IFERROR(VLOOKUP(C9506,参数!$B:$H,4,0),\"\")","v":""},{"$f":"IFERROR(VLOOKUP(C9506,参数!B:H,3,FALSE),\"\")","v":""},"",1]
[9506,{"$nulls":6},{"$f":"IFERROR(VLOOKUP(C9507,参数!$B:$H,2,0),\"\")","v":""},{"$f":"IFERROR(VLOOKUP(C9507,参数!$B:$H,4,0),\"\")","v":""},{"$f":"IFERROR(VLOOKUP(C9507,参数!B:H,3,FALSE),\"\")","v":""},"",1]
[9507,{"$nulls":6},{"$f":"IFERROR(VLOOKUP(C9508,参数!$B:$H,2,0),\"\")","v":""},{"$f":"IFERROR(VLOOKUP(C9508,参数!$B:$H,4,0),\"\")","v":""},{"$f":"IFERROR(VLOOKUP(C9508,参数!B:H,3,FALSE),\"\")","v":""},"",1]
[9508,{"$nulls":6},{"$f":"IFERROR(VLOOKUP(C9509,参数!$B:$H,2,0),\"\")","v":""},{"$f":"IFERROR(VLOOKUP(C9509,参数!$B:$H,4,0),\"\")","v":""},{"$f":"IFERROR(VLOOKUP(C9509,参数!B:H,3,FALSE),\"\")","v":""},{"$f":"IFERROR(J9509*E9509,\"\")","v":""},1]
[9509,{"$nulls":6},{"$f":"IFERROR(VLOOKUP(C9510,参数!$B:$H,2,0),\"\")","v":""},{"$f":"IFERROR(VLOOKUP(C9510,参数!$B:$H,4,0),\"\")","v":""},{"$f":"IFERROR(VLOOKUP(C9510,参数!B:H,3,FALSE),\"\")","v":""},"",1]
[9510,{"$nulls":6},{"$f":"IFERROR(VLOOKUP(C9511,参数!$B:$H,2,0),\"\")","v":""},{"$f":"IFERROR(VLOOKUP(C9511,参数!$B:$H,4,0),\"\")","v":""},{"$f":"IFERROR(VLOOKUP(C9511,参数!B:H,3,FALSE),\"\")","v":""},"",1]
[9511,{"$nulls":6},{"$f":"IFERROR(VLOOKUP(C9512,参数!$B:$H,2,0),\"\")","v":""},{"$f":"IFERROR(VLOOKUP(C9512,参数!$B:$H,4,0),\"\")","v":""},{"$f":"IFERROR(VLOOKUP(C9512,参数!B:H,3,FALSE),\"\")","v":""},"",1]
[9512,{"$nulls":6},{"$f":"IFERROR(VLOOKUP(C9513,参数!$B:$H,2,0),\"\")","v":""},{"$f":"IFERROR(VLOOKUP(C9513,参数!$B:$H,4,0),\"\")","v":""},{"$f":"IFERROR(VLOOKUP(C9513,参数!B:H,3,FALSE),\"\")","v":""},"",1]
[9513,{"$nulls":6},{"$f":"IFERROR(VLOOKUP(C9514,参数!$B:$H,2,0),\"\")","v":""},{"$f":"IFERROR(VLOOKUP(C9514,参数!$B:$H,4,0),\"\")","v":""},{"$f":"IFERROR(VLOOKUP(C9514,参数!B:H,3,FALSE),\"\")","v":""},"",1]
[9514,{"$nulls":6},{"$f":"IFERROR(VLOOKUP(C9515,参数!$B:$H,2,0),\"\")","v":""},{"$f":"IFERROR(VLOOKUP(C9515,参数!$B:$H,4,0),\"\")","v":""},{"$f":"IFERROR(VLOOKUP(C9515,参数!B:H,3,FALSE),\"\")","v":""},"",1]
[9515,{"$nulls":6},{"$f":"IFERROR(VLOOKUP(C9516,参数!$B:$H,2,0),\"\")","v":""},{"$f":"IFERROR(VLOOKUP(C9516,参数!$B:$H,4,0),\"\")","v":""},{"$f":"IFERROR(VLOOKUP(C9516,参数!B:H,3,FALSE),\"\")","v":""},"",1]
[9516,{"$nulls":6},{"$f":"IFERROR(VLOOKUP(C9517,参数!$B:$H,2,0),\"\")","v":""},{"$f":"IFERROR(VLOOKUP(C9517,参数!$B:$H,4,0),\"\")","v":""},{"$f":"IFERROR(VLOOKUP(C9517,参数!B:H,3,FALSE),\"\")","v":""},"",1]
[9517,{"$nulls":6},{"$f":"IFERROR(VLOOKUP(C9518,参数!$B:$H,2,0),\"\")","v":""},{"$f":"IFERROR(VLOOKUP(C9518,参数!$B:$H,4,0),\"\")","v":""},{"$f":"IFERROR(VLOOKUP(C9518,参数!B:H,3,FALSE),\"\")","v":""},"",1]
[9518,{"$nulls":6},{"$f":"IFERROR(VLOOKUP(C9519,参数!$B:$H,2,0),\"\")","v":""},{"$f":"IFERROR(VLOOKUP(C9519,参数!$B:$H,4,0),\"\")","v":""},{"$f":"IFERROR(VLOOKUP(C9519,参数!B:H,3,FALSE),\"\")","v":""},"",1]
[9519,{"$nulls":6},{"$f":"IFERROR(VLOOKUP(C9520,参数!$B:$H,2,0),\"\")","v":""},{"$f":"IFERROR(VLOOKUP(C9520,参数!$B:$H,4,0),\"\")","v":""},{"$f":"IFERROR(VLOOKUP(C9520,参数!B:H,3,FALSE),\"\")","v":""},"",1]
[9520,{"$nulls":6},{"$f":"IFERROR(VLOOKUP(C9521,参数!$B:$H,2,0),\"\")","v":""},{"$f":"IFERROR(VLOOKUP(C9521,参数!$B:$H,4,0),\"\")","v":""},{"$f":"IFERROR(VLOOKUP(C9521,参数!B:H,3,FALSE),\"\")","v":""},"",1]
[9521,{"$nulls":6},{"$f":"IFERROR(VLOOKUP(C9522,参数!$B:$H,2,0),\"\")","v":""},{"$f":"IFERROR(VLOOKUP(C9522,参数!$B:$H,4,0),\"\")","v":""},{"$f":"IFERROR(VLOOKUP(C9522,参数!B:H,3,FALSE),\"\")","v":""},"",1]
[9522,{"$nulls":6},{"$f":"IFERROR(VLOOKUP(C9523,参数!$B:$H,2,0),\"\")","v":""},{"$f":"IFERROR(VLOOKUP(C9523,参数!$B:$H,4,0),\"\")","v":""},{"$f":"IFERROR(VLOOKUP(C9523,参数!B:H,3,FALSE),\"\")","v":""},"",1]
[9523,{"$nulls":6},{"$f":"IFERROR(VLOOKUP(C9524,参数!$B:$H,2,0),\"\")","v":""},{"$f":"IFERROR(VLOOKUP(C9524,参数!$B:$H,4,0),\"\")","v":""},{"$f":"IFERROR(VLOOKUP(C9524,参数!B:H,3,FALSE),\"\")","v":""},"",1]
[9524,{"$nulls":6},{"$f":"IFERROR(VLOOKUP(C9525,参数!$B:$H,2,0),\"\")","v":""},{"$f":"IFERROR(VLOOKUP(C9525,参数!$B:$H,4,0),\"\")","v":""},{"$f":"IFERROR(VLOOKUP(C9525,参数!B:H,3,FALSE),\"\")","v":""},"",1]
[9525,{"$nulls":6},{"$f":"IFERROR(VLOOKUP(C9526,参数!$B:$H,2,0),\"\")","v":""},{"$f":"IFERROR(VLOOKUP(C9526,参数!$B:$H,4,0),\"\")","v":""},{"$f":"IFERROR(VLOOKUP(C9526,参数!B:H,3,FALSE),\"\")","v":""},"",1]
[9526,{"$nulls":6},{"$f":"IFERROR(VLOOKUP(C9527,参数!$B:$H,2,0),\"\")","v":""},{"$f":"IFERROR(VLOOKUP(C9527,参数!$B:$H,4,0),\"\")","v":""},{"$f":"IFERROR(VLOOKUP(C9527,参数!B:H,3,FALSE),\"\")","v":""},"",1]
[9527,{"$nulls":6},{"$f":"IFERROR(VLOOKUP(C9528,参数!$B:$H,2,0),\"\")","v":""},{"$f":"IFERROR(VLOOKUP(C9528,参数!$B:$H,4,0),\"\")","v":""},{"$f":"IFERROR(VLOOKUP(C9528,参数!B:H,3,FALSE),\"\")","v":""},"",1]
[9528,{"$nulls":6},{"$f":"IFERROR(VLOOKUP(C9529,参数!$B:$H,2,0),\"\")","v":""},{"$f":"IFERROR(VLOOKUP(C9529,参数!$B:$H,4,0),\"\")","v":""},{"$f":"IFERROR(VLOOKUP(C9529,参数!B:H,3,FALSE),\"\")","v":""},"",1]
[9529,{"$nulls":6},{"$f":"IFERROR(VLOOKUP(C9530,参数!$B:$H,2,0),\"\")","v":""},{"$f":"IFERROR(VLOOKUP(C9530,参数!$B:$H,4,0),\"\")","v":""},{"$f":"IFERROR(VLOOKUP(C9530,参数!B:H,3,FALSE),\"\")","v":""},"",1]
[9530,{"$nulls":6},{"$f":"IFERROR(VLOOKUP(C9531,参数!$B:$H,2,0),\"\")","v":""},{"$f":"IFERROR(VLOOKUP(C9531,参数!$B:$H,4,0),\"\")","v":""},{"$f":"IFERROR(VLOOKUP(C9531,参数!B:H,3,FALSE),\"\")","v":""},"",1]
[9531,{"$nulls":6},{"$f":"IFERROR(VLOOKUP(C9532,参数!$B:$H,2,0),\"\")","v":""},{"$f":"IFERROR(VLOOKUP(C9532,参数!$B:$H,4,0),\"\")","v":""},{"$f":"IFERROR(VLOOKUP(C9532,参数!B:H,3,FALSE),\"\")","v":""},"",1]
[9532,{"$nulls":6},{"$f":"IFERROR(VLOOKUP(C9533,参数!$B:$H,2,0),\"\")","v":""},{"$f":"IFERROR(VLOOKUP(C9533,参数!$B:$H,4,0),\"\")","v":""},{"$f":"IFERROR(VLOOKUP(C9533,参数!B:H,3,FALSE),\"\")","v":""},"",1]
[9533,{"$nulls":6},{"$f":"IFERROR(VLOOKUP(C9534,参数!$B:$H,2,0),\"\")","v":""},{"$f":"IFERROR(VLOOKUP(C9534,参数!$B:$H,4,0),\"\")","v":""},{"$f":"IFERROR(VLOOKUP(C9534,参数!B:H,3,FALSE),\"\")","v":""},"",1]
[9534,{"$nulls":6},{"$f":"IFERROR(VLOOKUP(C9535,参数!$B:$H,2,0),\"\")","v":""},{"$f":"IFERROR(VLOOKUP(C9535,参数!$B:$H,4,0),\"\")","v":""},{"$f":"IFERROR(VLOOKUP(C9535,参数!B:H,3,FALSE),\"\")","v":""},"",1]
[9535,{"$nulls":6},{"$f":"IFERROR(VLOOKUP(C9536,参数!$B:$H,2,0),\"\")","v":""},{"$f":"IFERROR(VLOOKUP(C9536,参数!$B:$H,4,0),\"\")","v":""},{"$f":"IFERROR(VLOOKUP(C9536,参数!B:H,3,FALSE),\"\")","v":""},"",1]
[9536,{"$nulls":6},{"$f":"IFERROR(VLOOKUP(C9537,参数!$B:$H,2,0),\"\")","v":""},{"$f":"IFERROR(VLOOKUP(C9537,参数!$B:$H,4,0),\"\")","v":""},{"$f":"IFERROR(VLOOKUP(C9537,参数!B:H,3,FALSE),\"\")","v":""},"",1]
[9537,{"$nulls":6},{"$f":"IFERROR(VLOOKUP(C9538,参数!$B:$H,2,0),\"\")","v":""},{"$f":"IFERROR(VLOOKUP(C9538,参数!$B:$H,4,0),\"\")","v":""},{"$f":"IFERROR(VLOOKUP(C9538,参数!B:H,3,FALSE),\"\")","v":""},"",{"$f":"VALUE(MONTH(B9538))","v":1}]
[9538,{"$nulls":6},{"$f":"IFERROR(VLOOKUP(C9539,参数!$B:$H,2,0),\"\")","v":""},{"$f":"IFERROR(VLOOKUP(C9539,参数!$B:$H,4,0),\"\")","v":""},{"$f":"IFERROR(VLOOKUP(C9539,参数!B:H,3,FALSE),\"\")","v":""},"",1]
[9539,{"$nulls":6},{"$f":"IFERROR(VLOOKUP(C9540,参数!$B:$H,2,0),\"\")","v":""},{"$f":"IFERROR(VLOOKUP(C9540,参数!$B:$H,4,0),\"\")","v":""},{"$f":"IFERROR(VLOOKUP(C9540,参数!B:H,3,FALSE),\"\")","v":""},"",1]
[9540,{"$nulls":6},{"$f":"IFERROR(VLOOKUP(C9541,参数!$B:$H,2,0),\"\")","v":""},{"$f":"IFERROR(VLOOKUP(C9541,参数!$B:$H,4,0),\"\")","v":""},{"$f":"IFERROR(VLOOKUP(C9541,参数!B:H,3,FALSE),\"\")","v":""},"",1]
[9541,{"$nulls":6},{"$f":"IFERROR(VLOOKUP(C9542,参数!$B:$H,2,0),\"\")","v":""},{"$f":"IFERROR(VLOOKUP(C9542,参数!$B:$H,4,0),\"\")","v":""},{"$f":"IFERROR(VLOOKUP(C9542,参数!B:H,3,FALSE),\"\")","v":""},"",1]
[9542,{"$nulls":6},{"$f":"IFERROR(VLOOKUP(C9543,参数!$B:$H,2,0),\"\")","v":""},{"$f":"IFERROR(VLOOKUP(C9543,参数!$B:$H,4,0),\"\")","v":""},{"$f":"IFERROR(VLOOKUP(C9543,参数!B:H,3,FALSE),\"\")","v":""},"",1]
[9543,{"$nulls":6},{"$f":"IFERROR(VLOOKUP(C9544,参数!$B:$H,2,0),\"\")","v":""},{"$f":"IFERROR(VLOOKUP(C9544,参数!$B:$H,4,0),\"\")","v":""},{"$f":"IFERROR(VLOOKUP(C9544,参数!B:H,3,FALSE),\"\")","v":""},"",1]
[9544,{"$nulls":6},{"$f":"IFERROR(VLOOKUP(C9545,参数!$B:$H,2,0),\"\")","v":""},{"$f":"IFERROR(VLOOKUP(C9545,参数!$B:$H,4,0),\"\")","v":""},{"$f":"IFERROR(VLOOKUP(C9545,参数!B:H,3,FALSE),\"\")","v":""},"",1]
[9545,{"$nulls":6},{"$f":"IFERROR(VLOOKUP(C9546,参数!$B:$H,2,0),\"\")","v":""},{"$f":"IFERROR(VLOOKUP(C9546,参数!$B:$H,4,0),\"\")","v":""},{"$f":"IFERROR(VLOOKUP(C9546,参数!B:H,3,FALSE),\"\")","v":""},"",1]
[9546,{"$nulls":6},{"$f":"IFERROR(VLOOKUP(C9547,参数!$B:$H,2,0),\"\")","v":""},{"$f":"IFERROR(VLOOKUP(C9547,参数!$B:$H,4,0),\"\")","v":""},{"$f":"IFERROR(VLOOKUP(C9547,参数!B:H,3,FALSE),\"\")","v":""},"",1]
[9547,{"$nulls":6},{"$f":"IFERROR(VLOOKUP(C9548,参数!$B:$H,2,0),\"\")","v":""},{"$f":"IFERROR(VLOOKUP(C9548,参数!$B:$H,4,0),\"\")","v":""},{"$f":"IFERROR(VLOOKUP(C9548,参数!B:H,3,FALSE),\"\")","v":""},"",1]
[9548,{"$nulls":6},{"$f":"IFERROR(VLOOKUP(C9549,参数!$B:$H,2,0),\"\")","v":""},{"$f":"IFERROR(VLOOKUP(C9549,参数!$B:$H,4,0),\"\")","v":""},{"$f":"IFERROR(VLOOKUP(C9549,参数!B:H,3,FALSE),\"\")","v":""},"",1]
[9549,{"$nulls":6},{"$f":"IFERROR(VLOOKUP(C9550,参数!$B:$H,2,0),\"\")","v":""},{"$f":"IFERROR(VLOOKUP(C9550,参数!$B:$H,4,0),\"\")","v":""},{"$f":"IFERROR(VLOOKUP(C9550,参数!B:H,3,FALSE),\"\")","v":""},"",1]
[9550,{"$nulls":6},{"$f":"IFERROR(VLOOKUP(C9551,参数!$B:$H,2,0),\"\")","v":""},{"$f":"IFERROR(VLOOKUP(C9551,参数!$B:$H,4,0),\"\")","v":""},{"$f":"IFERROR(VLOOKUP(C9551,参数!B:H,3,FALSE),\"\")","v":""},"",1]
[9551,{"$nulls":6},{"$f":"IFERROR(VLOOKUP(C9552,参数!$B:$H,2,0),\"\")","v":""},{"$f":"IFERROR(VLOOKUP(C9552,参数!$B:$H,4,0),\"\")","v":""},{"$f":"IFERROR(VLOOKUP(C9552,参数!B:H,3,FALSE),\"\")","v":""},"",1]
[9552,{"$nulls":6},{"$f":"IFERROR(VLOOKUP(C9553,参数!$B:$H,2,0),\"\")","v":""},{"$f":"IFERROR(VLOOKUP(C9553,参数!$B:$H,4,0),\"\")","v":""},{"$f":"IFERROR(VLOOKUP(C9553,参数!B:H,3,FALSE),\"\")","v":""},"",1]
[9553,{"$nulls":6},{"$f":"IFERROR(VLOOKUP(C9554,参数!$B:$H,2,0),\"\")","v":""},{"$f":"IFERROR(VLOOKUP(C9554,参数!$B:$H,4,0),\"\")","v":""},{"$f":"IFERROR(VLOOKUP(C9554,参数!B:H,3,FALSE),\"\")","v":""},"",1]
[9554,{"$nulls":6},{"$f":"IFERROR(VLOOKUP(C9555,参数!$B:$H,2,0),\"\")","v":""},{"$f":"IFERROR(VLOOKUP(C9555,参数!$B:$H,4,0),\"\")","v":""},{"$f":"IFERROR(VLOOKUP(C9555,参数!B:H,3,FALSE),\"\")","v":""},"",1]
[9555,{"$nulls":6},{"$f":"IFERROR(VLOOKUP(C9556,参数!$B:$H,2,0),\"\")","v":""},{"$f":"IFERROR(VLOOKUP(C9556,参数!$B:$H,4,0),\"\")","v":""},{"$f":"IFERROR(VLOOKUP(C9556,参数!B:H,3,FALSE),\"\")","v":""},"",1]
[9556,{"$nulls":6},{"$f":"IFERROR(VLOOKUP(C9557,参数!$B:$H,2,0),\"\")","v":""},{"$f":"IFERROR(VLOOKUP(C9557,参数!$B:$H,4,0),\"\")","v":""},{"$f":"IFERROR(VLOOKUP(C9557,参数!B:H,3,FALSE),\"\")","v":""},"",1]
[9557,{"$nulls":6},{"$f":"IFERROR(VLOOKUP(C9558,参数!$B:$H,2,0),\"\")","v":""},{"$f":"IFERROR(VLOOKUP(C9558,参数!$B:$H,4,0),\"\")","v":""},{"$f":"IFERROR(VLOOKUP(C9558,参数!B:H,3,FALSE),\"\")","v":""},"",1]
[9558,{"$nulls":6},{"$f":"IFERROR(VLOOKUP(C9559,参数!$B:$H,2,0),\"\")","v":""},{"$f":"IFERROR(VLOOKUP(C9559,参数!$B:$H,4,0),\"\")","v":""},{"$f":"IFERROR(VLOOKUP(C9559,参数!B:H,3,FALSE),\"\")","v":""},"",1]
[9559,{"$nulls":6},{"$f":"IFERROR(VLOOKUP(C9560,参数!$B:$H,2,0),\"\")","v":""},{"$f":"IFERROR(VLOOKUP(C9560,参数!$B:$H,4,0),\"\")","v":""},{"$f":"IFERROR(VLOOKUP(C9560,参数!B:H,3,FALSE),\"\")","v":""},"",1]
[9560,{"$nulls":6},{"$f":"IFERROR(VLOOKUP(C9561,参数!$B:$H,2,0),\"\")","v":""},{"$f":"IFERROR(VLOOKUP(C9561,参数!$B:$H,4,0),\"\")","v":""},{"$f":"IFERROR(VLOOKUP(C9561,参数!B:H,3,FALSE),\"\")","v":""},"",1]
[9561,{"$nulls":6},{"$f":"IFERROR(VLOOKUP(C9562,参数!$B:$H,2,0),\"\")","v":""},{"$f":"IFERROR(VLOOKUP(C9562,参数!$B:$H,4,0),\"\")","v":""},{"$f":"IFERROR(VLOOKUP(C9562,参数!B:H,3,FALSE),\"\")","v":""},"",1]
[9562,{"$nulls":6},{"$f":"IFERROR(VLOOKUP(C9563,参数!$B:$H,2,0),\"\")","v":""},{"$f":"IFERROR(VLOOKUP(C9563,参数!$B:$H,4,0),\"\")","v":""},{"$f":"IFERROR(VLOOKUP(C9563,参数!B:H,3,FALSE),\"\")","v":""},"",1]
[9563,{"$nulls":6},{"$f":"IFERROR(VLOOKUP(C9564,参数!$B:$H,2,0),\"\")","v":""},{"$f":"IFERROR(VLOOKUP(C9564,参数!$B:$H,4,0),\"\")","v":""},{"$f":"IFERROR(VLOOKUP(C9564,参数!B:H,3,FALSE),\"\")","v":""},"",1]
[9564,{"$nulls":6},{"$f":"IFERROR(VLOOKUP(C9565,参数!$B:$H,2,0),\"\")","v":""},{"$f":"IFERROR(VLOOKUP(C9565,参数!$B:$H,4,0),\"\")","v":""},{"$f":"IFERROR(VLOOKUP(C9565,参数!B:H,3,FALSE),\"\")","v":""},"",1]
[9565,{"$nulls":6},{"$f":"IFERROR(VLOOKUP(C9566,参数!$B:$H,2,0),\"\")","v":""},{"$f":"IFERROR(VLOOKUP(C9566,参数!$B:$H,4,0),\"\")","v":""},{"$f":"IFERROR(VLOOKUP(C9566,参数!B:H,3,FALSE),\"\")","v":""},"",1]
[9566,{"$nulls":6},{"$f":"IFERROR(VLOOKUP(C9567,参数!$B:$H,2,0),\"\")","v":""},{"$f":"IFERROR(VLOOKUP(C9567,参数!$B:$H,4,0),\"\")","v":""},{"$f":"IFERROR(VLOOKUP(C9567,参数!B:H,3,FALSE),\"\")","v":""},"",1]
[9567,{"$nulls":6},{"$f":"IFERROR(VLOOKUP(C9568,参数!$B:$H,2,0),\"\")","v":""},{"$f":"IFERROR(VLOOKUP(C9568,参数!$B:$H,4,0),\"\")","v":""},{"$f":"IFERROR(VLOOKUP(C9568,参数!B:H,3,FALSE),\"\")","v":""},"",1]
[9568,{"$nulls":6},{"$f":"IFERROR(VLOOKUP(C9569,参数!$B:$H,2,0),\"\")","v":""},{"$f":"IFERROR(VLOOKUP(C9569,参数!$B:$H,4,0),\"\")","v":""},{"$f":"IFERROR(VLOOKUP(C9569,参数!B:H,3,FALSE),\"\")","v":""},"",1]
[9569,{"$nulls":6},{"$f":"IFERROR(VLOOKUP(C9570,参数!$B:$H,2,0),\"\")","v":""},{"$f":"IFERROR(VLOOKUP(C9570,参数!$B:$H,4,0),\"\")","v":""},{"$f":"IFERROR(VLOOKUP(C9570,参数!B:H,3,FALSE),\"\")","v":""},"",1]
[9570,{"$nulls":6},{"$f":"IFERROR(VLOOKUP(C9571,参数!$B:$H,2,0),\"\")","v":""},{"$f":"IFERROR(VLOOKUP(C9571,参数!$B:$H,4,0),\"\")","v":""},{"$f":"IFERROR(VLOOKUP(C9571,参数!B:H,3,FALSE),\"\")","v":""},"",1]
[9571,{"$nulls":6},{"$f":"IFERROR(VLOOKUP(C9572,参数!$B:$H,2,0),\"\")","v":""},{"$f":"IFERROR(VLOOKUP(C9572,参数!$B:$H,4,0),\"\")","v":""},{"$f":"IFERROR(VLOOKUP(C9572,参数!B:H,3,FALSE),\"\")","v":""},"",1]
[9572,{"$nulls":6},{"$f":"IFERROR(VLOOKUP(C9573,参数!$B:$H,2,0),\"\")","v":""},{"$f":"IFERROR(VLOOKUP(C9573,参数!$B:$H,4,0),\"\")","v":""},{"$f":"IFERROR(VLOOKUP(C9573,参数!B:H,3,FALSE),\"\")","v":""},{"$f":"IFERROR(J9573*E9573,\"\")","v":""},1]
[9573,{"$nulls":6},{"$f":"IFERROR(VLOOKUP(C9574,参数!$B:$H,2,0),\"\")","v":""},{"$f":"IFERROR(VLOOKUP(C9574,参数!$B:$H,4,0),\"\")","v":""},{"$f":"IFERROR(VLOOKUP(C9574,参数!B:H,3,FALSE),\"\")","v":""},"",1]
[9574,{"$nulls":6},{"$f":"IFERROR(VLOOKUP(C9575,参数!$B:$H,2,0),\"\")","v":""},{"$f":"IFERROR(VLOOKUP(C9575,参数!$B:$H,4,0),\"\")","v":""},{"$f":"IFERROR(VLOOKUP(C9575,参数!B:H,3,FALSE),\"\")","v":""},"",1]
[9575,{"$nulls":6},{"$f":"IFERROR(VLOOKUP(C9576,参数!$B:$H,2,0),\"\")","v":""},{"$f":"IFERROR(VLOOKUP(C9576,参数!$B:$H,4,0),\"\")","v":""},{"$f":"IFERROR(VLOOKUP(C9576,参数!B:H,3,FALSE),\"\")","v":""},"",1]
[9576,{"$nulls":6},{"$f":"IFERROR(VLOOKUP(C9577,参数!$B:$H,2,0),\"\")","v":""},{"$f":"IFERROR(VLOOKUP(C9577,参数!$B:$H,4,0),\"\")","v":""},{"$f":"IFERROR(VLOOKUP(C9577,参数!B:H,3,FALSE),\"\")","v":""},"",1]
[9577,{"$nulls":6},{"$f":"IFERROR(VLOOKUP(C9578,参数!$B:$H,2,0),\"\")","v":""},{"$f":"IFERROR(VLOOKUP(C9578,参数!$B:$H,4,0),\"\")","v":""},{"$f":"IFERROR(VLOOKUP(C9578,参数!B:H,3,FALSE),\"\")","v":""},"",1]
[9578,{"$nulls":6},{"$f":"IFERROR(VLOOKUP(C9579,参数!$B:$H,2,0),\"\")","v":""},{"$f":"IFERROR(VLOOKUP(C9579,参数!$B:$H,4,0),\"\")","v":""},{"$f":"IFERROR(VLOOKUP(C9579,参数!B:H,3,FALSE),\"\")","v":""},"",1]
[9579,{"$nulls":6},{"$f":"IFERROR(VLOOKUP(C9580,参数!$B:$H,2,0),\"\")","v":""},{"$f":"IFERROR(VLOOKUP(C9580,参数!$B:$H,4,0),\"\")","v":""},{"$f":"IFERROR(VLOOKUP(C9580,参数!B:H,3,FALSE),\"\")","v":""},"",1]
[9580,{"$nulls":6},{"$f":"IFERROR(VLOOKUP(C9581,参数!$B:$H,2,0),\"\")","v":""},{"$f":"IFERROR(VLOOKUP(C9581,参数!$B:$H,4,0),\"\")","v":""},{"$f":"IFERROR(VLOOKUP(C9581,参数!B:H,3,FALSE),\"\")","v":""},"",1]
[9581,{"$nulls":6},{"$f":"IFERROR(VLOOKUP(C9582,参数!$B:$H,2,0),\"\")","v":""},{"$f":"IFERROR(VLOOKUP(C9582,参数!$B:$H,4,0),\"\")","v":""},{"$f":"IFERROR(VLOOKUP(C9582,参数!B:H,3,FALSE),\"\")","v":""},"",1]
[9582,{"$nulls":6},{"$f":"IFERROR(VLOOKUP(C9583,参数!$B:$H,2,0),\"\")","v":""},{"$f":"IFERROR(VLOOKUP(C9583,参数!$B:$H,4,0),\"\")","v":""},{"$f":"IFERROR(VLOOKUP(C9583,参数!B:H,3,FALSE),\"\")","v":""},"",1]
[9583,{"$nulls":6},{"$f":"IFERROR(VLOOKUP(C9584,参数!$B:$H,2,0),\"\")","v":""},{"$f":"IFERROR(VLOOKUP(C9584,参数!$B:$H,4,0),\"\")","v":""},{"$f":"IFERROR(VLOOKUP(C9584,参数!B:H,3,FALSE),\"\")","v":""},"",1]
[9584,{"$nulls":6},{"$f":"IFERROR(VLOOKUP(C9585,参数!$B:$H,2,0),\"\")","v":""},{"$f":"IFERROR(VLOOKUP(C9585,参数!$B:$H,4,0),\"\")","v":""},{"$f":"IFERROR(VLOOKUP(C9585,参数!B:H,3,FALSE),\"\")","v":""},"",1]
[9585,{"$nulls":6},{"$f":"IFERROR(VLOOKUP(C9586,参数!$B:$H,2,0),\"\")","v":""},{"$f":"IFERROR(VLOOKUP(C9586,参数!$B:$H,4,0),\"\")","v":""},{"$f":"IFERROR(VLOOKUP(C9586,参数!B:H,3,FALSE),\"\")","v":""},"",1]
[9586,{"$nulls":6},{"$f":"IFERROR(VLOOKUP(C9587,参数!$B:$H,2,0),\"\")","v":""},{"$f":"IFERROR(VLOOKUP(C9587,参数!$B:$H,4,0),\"\")","v":""},{"$f":"IFERROR(VLOOKUP(C9587,参数!B:H,3,FALSE),\"\")","v":""},"",1]
[9587,{"$nulls":6},{"$f":"IFERROR(VLOOKUP(C9588,参数!$B:$H,2,0),\"\")","v":""},{"$f":"IFERROR(VLOOKUP(C9588,参数!$B:$H,4,0),\"\")","v":""},{"$f":"IFERROR(VLOOKUP(C9588,参数!B:H,3,FALSE),\"\")","v":""},"",1]
[9588,{"$nulls":6},{"$f":"IFERROR(VLOOKUP(C9589,参数!$B:$H,2,0),\"\")","v":""},{"$f":"IFERROR(VLOOKUP(C9589,参数!$B:$H,4,0),\"\")","v":""},{"$f":"IFERROR(VLOOKUP(C9589,参数!B:H,3,FALSE),\"\")","v":""},"",1]
[9589,{"$nulls":6},{"$f":"IFERROR(VLOOKUP(C9590,参数!$B:$H,2,0),\"\")","v":""},{"$f":"IFERROR(VLOOKUP(C9590,参数!$B:$H,4,0),\"\")","v":""},{"$f":"IFERROR(VLOOKUP(C9590,参数!B:H,3,FALSE),\"\")","v":""},"",1]
[9590,{"$nulls":6},{"$f":"IFERROR(VLOOKUP(C9591,参数!$B:$H,2,0),\"\")","v":""},{"$f":"IFERROR(VLOOKUP(C9591,参数!$B:$H,4,0),\"\")","v":""},{"$f":"IFERROR(VLOOKUP(C9591,参数!B:H,3,FALSE),\"\")","v":""},"",1]
[9591,{"$nulls":6},{"$f":"IFERROR(VLOOKUP(C9592,参数!$B:$H,2,0),\"\")","v":""},{"$f":"IFERROR(VLOOKUP(C9592,参数!$B:$H,4,0),\"\")","v":""},{"$f":"IFERROR(VLOOKUP(C9592,参数!B:H,3,FALSE),\"\")","v":""},"",1]
[9592,{"$nulls":6},{"$f":"IFERROR(VLOOKUP(C9593,参数!$B:$H,2,0),\"\")","v":""},{"$f":"IFERROR(VLOOKUP(C9593,参数!$B:$H,4,0),\"\")","v":""},{"$f":"IFERROR(VLOOKUP(C9593,参数!B:H,3,FALSE),\"\")","v":""},"",1]
[9593,{"$nulls":6},{"$f":"IFERROR(VLOOKUP(C9594,参数!$B:$H,2,0),\"\")","v":""},{"$f":"IFERROR(VLOOKUP(C9594,参数!$B:$H,4,0),\"\")","v":""},{"$f":"IFERROR(VLOOKUP(C9594,参数!B:H,3,FALSE),\"\")","v":""},"",1]
[9594,{"$nulls":6},{"$f":"IFERROR(VLOOKUP(C9595,参数!$B:$H,2,0),\"\")","v":""},{"$f":"IFERROR(VLOOKUP(C9595,参数!$B:$H,4,0),\"\")","v":""},{"$f":"IFERROR(VLOOKUP(C9595,参数!B:H,3,FALSE),\"\")","v":""},"",1]
[9595,{"$nulls":6},{"$f":"IFERROR(VLOOKUP(C9596,参数!$B:$H,2,0),\"\")","v":""},{"$f":"IFERROR(VLOOKUP(C9596,参数!$B:$H,4,0),\"\")","v":""},{"$f":"IFERROR(VLOOKUP(C9596,参数!B:H,3,FALSE),\"\")","v":""},"",1]
[9596,{"$nulls":6},{"$f":"IFERROR(VLOOKUP(C9597,参数!$B:$H,2,0),\"\")","v":""},{"$f":"IFERROR(VLOOKUP(C9597,参数!$B:$H,4,0),\"\")","v":""},{"$f":"IFERROR(VLOOKUP(C9597,参数!B:H,3,FALSE),\"\")","v":""},"",1]
[9597,{"$nulls":6},{"$f":"IFERROR(VLOOKUP(C9598,参数!$B:$H,2,0),\"\")","v":""},{"$f":"IFERROR(VLOOKUP(C9598,参数!$B:$H,4,0),\"\")","v":""},{"$f":"IFERROR(VLOOKUP(C9598,参数!B:H,3,FALSE),\"\")","v":""},"",1]
[9598,{"$nulls":6},{"$f":"IFERROR(VLOOKUP(C9599,参数!$B:$H,2,0),\"\")","v":""},{"$f":"IFERROR(VLOOKUP(C9599,参数!$B:$H,4,0),\"\")","v":""},{"$f":"IFERROR(VLOOKUP(C9599,参数!B:H,3,FALSE),\"\")","v":""},"",1]
[9599,{"$nulls":6},{"$f":"IFERROR(VLOOKUP(C9600,参数!$B:$H,2,0),\"\")","v":""},{"$f":"IFERROR(VLOOKUP(C9600,参数!$B:$H,4,0),\"\")","v":""},{"$f":"IFERROR(VLOOKUP(C9600,参数!B:H,3,FALSE),\"\")","v":""},"",1]
[9600,{"$nulls":6},{"$f":"IFERROR(VLOOKUP(C9601,参数!$B:$H,2,0),\"\")","v":""},{"$f":"IFERROR(VLOOKUP(C9601,参数!$B:$H,4,0),\"\")","v":""},{"$f":"IFERROR(VLOOKUP(C9601,参数!B:H,3,FALSE),\"\")","v":""},"",1]
[9601,{"$nulls":6},{"$f":"IFERROR(VLOOKUP(C9602,参数!$B:$H,2,0),\"\")","v":""},{"$f":"IFERROR(VLOOKUP(C9602,参数!$B:$H,4,0),\"\")","v":""},{"$f":"IFERROR(VLOOKUP(C9602,参数!B:H,3,FALSE),\"\")","v":""},"",{"$f":"VALUE(MONTH(B9602))","v":1}]
[9602,{"$nulls":6},{"$f":"IFERROR(VLOOKUP(C9603,参数!$B:$H,2,0),\"\")","v":""},{"$f":"IFERROR(VLOOKUP(C9603,参数!$B:$H,4,0),\"\")","v":""},{"$f":"IFERROR(VLOOKUP(C9603,参数!B:H,3,FALSE),\"\")","v":""},"",1]
[9603,{"$nulls":6},{"$f":"IFERROR(VLOOKUP(C9604,参数!$B:$H,2,0),\"\")","v":""},{"$f":"IFERROR(VLOOKUP(C9604,参数!$B:$H,4,0),\"\")","v":""},{"$f":"IFERROR(VLOOKUP(C9604,参数!B:H,3,FALSE),\"\")","v":""},"",1]
[9604,{"$nulls":6},{"$f":"IFERROR(VLOOKUP(C9605,参数!$B:$H,2,0),\"\")","v":""},{"$f":"IFERROR(VLOOKUP(C9605,参数!$B:$H,4,0),\"\")","v":""},{"$f":"IFERROR(VLOOKUP(C9605,参数!B:H,3,FALSE),\"\")","v":""},"",1]
[9605,{"$nulls":6},{"$f":"IFERROR(VLOOKUP(C9606,参数!$B:$H,2,0),\"\")","v":""},{"$f":"IFERROR(VLOOKUP(C9606,参数!$B:$H,4,0),\"\")","v":""},{"$f":"IFERROR(VLOOKUP(C9606,参数!B:H,3,FALSE),\"\")","v":""},"",1]
[9606,{"$nulls":6},{"$f":"IFERROR(VLOOKUP(C9607,参数!$B:$H,2,0),\"\")","v":""},{"$f":"IFERROR(VLOOKUP(C9607,参数!$B:$H,4,0),\"\")","v":""},{"$f":"IFERROR(VLOOKUP(C9607,参数!B:H,3,FALSE),\"\")","v":""},"",1]
[9607,{"$nulls":6},{"$f":"IFERROR(VLOOKUP(C9608,参数!$B:$H,2,0),\"\")","v":""},{"$f":"IFERROR(VLOOKUP(C9608,参数!$B:$H,4,0),\"\")","v":""},{"$f":"IFERROR(VLOOKUP(C9608,参数!B:H,3,FALSE),\"\")","v":""},"",1]
[9608,{"$nulls":6},{"$f":"IFERROR(VLOOKUP(C9609,参数!$B:$H,2,0),\"\")","v":""},{"$f":"IFERROR(VLOOKUP(C9609,参数!$B:$H,4,0),\"\")","v":""},{"$f":"IFERROR(VLOOKUP(C9609,参数!B:H,3,FALSE),\"\")","v":""},"",1]
[9609,{"$nulls":6},{"$f":"IFERROR(VLOOKUP(C9610,参数!$B:$H,2,0),\"\")","v":""},{"$f":"IFERROR(VLOOKUP(C9610,参数!$B:$H,4,0),\"\")","v":""},{"$f":"IFERROR(VLOOKUP(C9610,参数!B:H,3,FALSE),\"\")","v":""},"",1]
[9610,{"$nulls":6},{"$f":"IFERROR(VLOOKUP(C9611,参数!$B:$H,2,0),\"\")","v":""},{"$f":"IFERROR(VLOOKUP(C9611,参数!$B:$H,4,0),\"\")","v":""},{"$f":"IFERROR(VLOOKUP(C9611,参数!B:H,3,FALSE),\"\")","v":""},"",1]
[9611,{"$nulls":6},{"$f":"IFERROR(VLOOKUP(C9612,参数!$B:$H,2,0),\"\")","v":""},{"$f":"IFERROR(VLOOKUP(C9612,参数!$B:$H,4,0),\"\")","v":""},{"$f":"IFERROR(VLOOKUP(C9612,参数!B:H,3,FALSE),\"\")","v":""},"",1]
[9612,{"$nulls":6},{"$f":"IFERROR(VLOOKUP(C9613,参数!$B:$H,2,0),\"\")","v":""},{"$f":"IFERROR(VLOOKUP(C9613,参数!$B:$H,4,0),\"\")","v":""},{"$f":"IFERROR(VLOOKUP(C9613,参数!B:H,3,FALSE),\"\")","v":""},"",1]
[9613,{"$nulls":6},{"$f":"IFERROR(VLOOKUP(C9614,参数!$B:$H,2,0),\"\")","v":""},{"$f":"IFERROR(VLOOKUP(C9614,参数!$B:$H,4,0),\"\")","v":""},{"$f":"IFERROR(VLOOKUP(C9614,参数!B:H,3,FALSE),\"\")","v":""},"",1]
[9614,{"$nulls":6},{"$f":"IFERROR(VLOOKUP(C9615,参数!$B:$H,2,0),\"\")","v":""},{"$f":"IFERROR(VLOOKUP(C9615,参数!$B:$H,4,0),\"\")","v":""},{"$f":"IFERROR(VLOOKUP(C9615,参数!B:H,3,FALSE),\"\")","v":""},"",1]
[9615,{"$nulls":6},{"$f":"IFERROR(VLOOKUP(C9616,参数!$B:$H,2,0),\"\")","v":""},{"$f":"IFERROR(VLOOKUP(C9616,参数!$B:$H,4,0),\"\")","v":""},{"$f":"IFERROR(VLOOKUP(C9616,参数!B:H,3,FALSE),\"\")","v":""},"",1]
[9616,{"$nulls":6},{"$f":"IFERROR(VLOOKUP(C9617,参数!$B:$H,2,0),\"\")","v":""},{"$f":"IFERROR(VLOOKUP(C9617,参数!$B:$H,4,0),\"\")","v":""},{"$f":"IFERROR(VLOOKUP(C9617,参数!B:H,3,FALSE),\"\")","v":""},"",1]
[9617,{"$nulls":6},{"$f":"IFERROR(VLOOKUP(C9618,参数!$B:$H,2,0),\"\")","v":""},{"$f":"IFERROR(VLOOKUP(C9618,参数!$B:$H,4,0),\"\")","v":""},{"$f":"IFERROR(VLOOKUP(C9618,参数!B:H,3,FALSE),\"\")","v":""},"",1]
[9618,{"$nulls":6},{"$f":"IFERROR(VLOOKUP(C9619,参数!$B:$H,2,0),\"\")","v":""},{"$f":"IFERROR(VLOOKUP(C9619,参数!$B:$H,4,0),\"\")","v":""},{"$f":"IFERROR(VLOOKUP(C9619,参数!B:H,3,FALSE),\"\")","v":""},"",1]
[9619,{"$nulls":6},{"$f":"IFERROR(VLOOKUP(C9620,参数!$B:$H,2,0),\"\")","v":""},{"$f":"IFERROR(VLOOKUP(C9620,参数!$B:$H,4,0),\"\")","v":""},{"$f":"IFERROR(VLOOKUP(C9620,参数!B:H,3,FALSE),\"\")","v":""},"",1]
[9620,{"$nulls":6},{"$f":"IFERROR(VLOOKUP(C9621,参数!$B:$H,2,0),\"\")","v":""},{"$f":"IFERROR(VLOOKUP(C9621,参数!$B:$H,4,0),\"\")","v":""},{"$f":"IFERROR(VLOOKUP(C9621,参数!B:H,3,FALSE),\"\")","v":""},"",1]
[9621,{"$nulls":6},{"$f":"IFERROR(VLOOKUP(C9622,参数!$B:$H,2,0),\"\")","v":""},{"$f":"IFERROR(VLOOKUP(C9622,参数!$B:$H,4,0),\"\")","v":""},{"$f":"IFERROR(VLOOKUP(C9622,参数!B:H,3,FALSE),\"\")","v":""},"",1]
[9622,{"$nulls":6},{"$f":"IFERROR(VLOOKUP(C9623,参数!$B:$H,2,0),\"\")","v":""},{"$f":"IFERROR(VLOOKUP(C9623,参数!$B:$H,4,0),\"\")","v":""},{"$f":"IFERROR(VLOOKUP(C9623,参数!B:H,3,FALSE),\"\")","v":""},"",1]
[9623,{"$nulls":6},{"$f":"IFERROR(VLOOKUP(C9624,参数!$B:$H,2,0),\"\")","v":""},{"$f":"IFERROR(VLOOKUP(C9624,参数!$B:$H,4,0),\"\")","v":""},{"$f":"IFERROR(VLOOKUP(C9624,参数!B:H,3,FALSE),\"\")","v":""},"",1]
[9624,{"$nulls":6},{"$f":"IFERROR(VLOOKUP(C9625,参数!$B:$H,2,0),\"\")","v":""},{"$f":"IFERROR(VLOOKUP(C9625,参数!$B:$H,4,0),\"\")","v":""},{"$f":"IFERROR(VLOOKUP(C9625,参数!B:H,3,FALSE),\"\")","v":""},"",1]
[9625,{"$nulls":6},{"$f":"IFERROR(VLOOKUP(C9626,参数!$B:$H,2,0),\"\")","v":""},{"$f":"IFERROR(VLOOKUP(C9626,参数!$B:$H,4,0),\"\")","v":""},{"$f":"IFERROR(VLOOKUP(C9626,参数!B:H,3,FALSE),\"\")","v":""},"",1]
[9626,{"$nulls":6},{"$f":"IFERROR(VLOOKUP(C9627,参数!$B:$H,2,0),\"\")","v":""},{"$f":"IFERROR(VLOOKUP(C9627,参数!$B:$H,4,0),\"\")","v":""},{"$f":"IFERROR(VLOOKUP(C9627,参数!B:H,3,FALSE),\"\")","v":""},"",1]
[9627,{"$nulls":6},{"$f":"IFERROR(VLOOKUP(C9628,参数!$B:$H,2,0),\"\")","v":""},{"$f":"IFERROR(VLOOKUP(C9628,参数!$B:$H,4,0),\"\")","v":""},{"$f":"IFERROR(VLOOKUP(C9628,参数!B:H,3,FALSE),\"\")","v":""},"",1]
[9628,{"$nulls":6},{"$f":"IFERROR(VLOOKUP(C9629,参数!$B:$H,2,0),\"\")","v":""},{"$f":"IFERROR(VLOOKUP(C9629,参数!$B:$H,4,0),\"\")","v":""},{"$f":"IFERROR(VLOOKUP(C9629,参数!B:H,3,FALSE),\"\")","v":""},"",1]
[9629,{"$nulls":6},{"$f":"IFERROR(VLOOKUP(C9630,参数!$B:$H,2,0),\"\")","v":""},{"$f":"IFERROR(VLOOKUP(C9630,参数!$B:$H,4,0),\"\")","v":""},{"$f":"IFERROR(VLOOKUP(C9630,参数!B:H,3,FALSE),\"\")","v":""},"",1]
[9630,{"$nulls":6},{"$f":"IFERROR(VLOOKUP(C9631,参数!$B:$H,2,0),\"\")","v":""},{"$f":"IFERROR(VLOOKUP(C9631,参数!$B:$H,4,0),\"\")","v":""},{"$f":"IFERROR(VLOOKUP(C9631,参数!B:H,3,FALSE),\"\")","v":""},"",1]
[9631,{"$nulls":6},{"$f":"IFERROR(VLOOKUP(C9632,参数!$B:$H,2,0),\"\")","v":""},{"$f":"IFERROR(VLOOKUP(C9632,参数!$B:$H,4,0),\"\")","v":""},{"$f":"IFERROR(VLOOKUP(C9632,参数!B:H,3,FALSE),\"\")","v":""},"",1]
[9632,{"$nulls":6},{"$f":"IFERROR(VLOOKUP(C9633,参数!$B:$H,2,0),\"\")","v":""},{"$f":"IFERROR(VLOOKUP(C9633,参数!$B:$H,4,0),\"\")","v":""},{"$f":"IFERROR(VLOOKUP(C9633,参数!B:H,3,FALSE),\"\")","v":""},"",1]
[9633,{"$nulls":6},{"$f":"IFERROR(VLOOKUP(C9634,参数!$B:$H,2,0),\"\")","v":""},{"$f":"IFERROR(VLOOKUP(C9634,参数!$B:$H,4,0),\"\")","v":""},{"$f":"IFERROR(VLOOKUP(C9634,参数!B:H,3,FALSE),\"\")","v":""},"",1]
[9634,{"$nulls":6},{"$f":"IFERROR(VLOOKUP(C9635,参数!$B:$H,2,0),\"\")","v":""},{"$f":"IFERROR(VLOOKUP(C9635,参数!$B:$H,4,0),\"\")","v":""},{"$f":"IFERROR(VLOOKUP(C9635,参数!B:H,3,FALSE),\"\")","v":""},"",1]
[9635,{"$nulls":6},{"$f":"IFERROR(VLOOKUP(C9636,参数!$B:$H,2,0),\"\")","v":""},{"$f":"IFERROR(VLOOKUP(C9636,参数!$B:$H,4,0),\"\")","v":""},{"$f":"IFERROR(VLOOKUP(C9636,参数!B:H,3,FALSE),\"\")","v":""},"",1]
[9636,{"$nulls":6},{"$f":"IFERROR(VLOOKUP(C9637,参数!$B:$H,2,0),\"\")","v":""},{"$f":"IFERROR(VLOOKUP(C9637,参数!$B:$H,4,0),\"\")","v":""},{"$f":"IFERROR(VLOOKUP(C9637,参数!B:H,3,FALSE),\"\")","v":""},{"$f":"IFERROR(J9637*E9637,\"\")","v":""},1]
[9637,{"$nulls":6},{"$f":"IFERROR(VLOOKUP(C9638,参数!$B:$H,2,0),\"\")","v":""},{"$f":"IFERROR(VLOOKUP(C9638,参数!$B:$H,4,0),\"\")","v":""},{"$f":"IFERROR(VLOOKUP(C9638,参数!B:H,3,FALSE),\"\")","v":""},"",1]
[9638,{"$nulls":6},{"$f":"IFERROR(VLOOKUP(C9639,参数!$B:$H,2,0),\"\")","v":""},{"$f":"IFERROR(VLOOKUP(C9639,参数!$B:$H,4,0),\"\")","v":""},{"$f":"IFERROR(VLOOKUP(C9639,参数!B:H,3,FALSE),\"\")","v":""},"",1]
[9639,{"$nulls":6},{"$f":"IFERROR(VLOOKUP(C9640,参数!$B:$H,2,0),\"\")","v":""},{"$f":"IFERROR(VLOOKUP(C9640,参数!$B:$H,4,0),\"\")","v":""},{"$f":"IFERROR(VLOOKUP(C9640,参数!B:H,3,FALSE),\"\")","v":""},"",1]
[9640,{"$nulls":6},{"$f":"IFERROR(VLOOKUP(C9641,参数!$B:$H,2,0),\"\")","v":""},{"$f":"IFERROR(VLOOKUP(C9641,参数!$B:$H,4,0),\"\")","v":""},{"$f":"IFERROR(VLOOKUP(C9641,参数!B:H,3,FALSE),\"\")","v":""},"",1]
[9641,{"$nulls":6},{"$f":"IFERROR(VLOOKUP(C9642,参数!$B:$H,2,0),\"\")","v":""},{"$f":"IFERROR(VLOOKUP(C9642,参数!$B:$H,4,0),\"\")","v":""},{"$f":"IFERROR(VLOOKUP(C9642,参数!B:H,3,FALSE),\"\")","v":""},"",1]
[9642,{"$nulls":6},{"$f":"IFERROR(VLOOKUP(C9643,参数!$B:$H,2,0),\"\")","v":""},{"$f":"IFERROR(VLOOKUP(C9643,参数!$B:$H,4,0),\"\")","v":""},{"$f":"IFERROR(VLOOKUP(C9643,参数!B:H,3,FALSE),\"\")","v":""},"",1]
[9643,{"$nulls":6},{"$f":"IFERROR(VLOOKUP(C9644,参数!$B:$H,2,0),\"\")","v":""},{"$f":"IFERROR(VLOOKUP(C9644,参数!$B:$H,4,0),\"\")","v":""},{"$f":"IFERROR(VLOOKUP(C9644,参数!B:H,3,FALSE),\"\")","v":""},"",1]
[9644,{"$nulls":6},{"$f":"IFERROR(VLOOKUP(C9645,参数!$B:$H,2,0),\"\")","v":""},{"$f":"IFERROR(VLOOKUP(C9645,参数!$B:$H,4,0),\"\")","v":""},{"$f":"IFERROR(VLOOKUP(C9645,参数!B:H,3,FALSE),\"\")","v":""},"",1]
[9645,{"$nulls":6},{"$f":"IFERROR(VLOOKUP(C9646,参数!$B:$H,2,0),\"\")","v":""},{"$f":"IFERROR(VLOOKUP(C9646,参数!$B:$H,4,0),\"\")","v":""},{"$f":"IFERROR(VLOOKUP(C9646,参数!B:H,3,FALSE),\"\")","v":""},"",1]
[9646,{"$nulls":6},{"$f":"IFERROR(VLOOKUP(C9647,参数!$B:$H,2,0),\"\")","v":""},{"$f":"IFERROR(VLOOKUP(C9647,参数!$B:$H,4,0),\"\")","v":""},{"$f":"IFERROR(VLOOKUP(C9647,参数!B:H,3,FALSE),\"\")","v":""},"",1]
[9647,{"$nulls":6},{"$f":"IFERROR(VLOOKUP(C9648,参数!$B:$H,2,0),\"\")","v":""},{"$f":"IFERROR(VLOOKUP(C9648,参数!$B:$H,4,0),\"\")","v":""},{"$f":"IFERROR(VLOOKUP(C9648,参数!B:H,3,FALSE),\"\")","v":""},"",1]
[9648,{"$nulls":6},{"$f":"IFERROR(VLOOKUP(C9649,参数!$B:$H,2,0),\"\")","v":""},{"$f":"IFERROR(VLOOKUP(C9649,参数!$B:$H,4,0),\"\")","v":""},{"$f":"IFERROR(VLOOKUP(C9649,参数!B:H,3,FALSE),\"\")","v":""},"",1]
[9649,{"$nulls":6},{"$f":"IFERROR(VLOOKUP(C9650,参数!$B:$H,2,0),\"\")","v":""},{"$f":"IFERROR(VLOOKUP(C9650,参数!$B:$H,4,0),\"\")","v":""},{"$f":"IFERROR(VLOOKUP(C9650,参数!B:H,3,FALSE),\"\")","v":""},"",1]
[9650,{"$nulls":6},{"$f":"IFERROR(VLOOKUP(C9651,参数!$B:$H,2,0),\"\")","v":""},{"$f":"IFERROR(VLOOKUP(C9651,参数!$B:$H,4,0),\"\")","v":""},{"$f":"IFERROR(VLOOKUP(C9651,参数!B:H,3,FALSE),\"\")","v":""},"",1]
[9651,{"$nulls":6},{"$f":"IFERROR(VLOOKUP(C9652,参数!$B:$H,2,0),\"\")","v":""},{"$f":"IFERROR(VLOOKUP(C9652,参数!$B:$H,4,0),\"\")","v":""},{"$f":"IFERROR(VLOOKUP(C9652,参数!B:H,3,FALSE),\"\")","v":""},"",1]
[9652,{"$nulls":6},{"$f":"IFERROR(VLOOKUP(C9653,参数!$B:$H,2,0),\"\")","v":""},{"$f":"IFERROR(VLOOKUP(C9653,参数!$B:$H,4,0),\"\")","v":""},{"$f":"IFERROR(VLOOKUP(C9653,参数!B:H,3,FALSE),\"\")","v":""},"",1]
[9653,{"$nulls":6},{"$f":"IFERROR(VLOOKUP(C9654,参数!$B:$H,2,0),\"\")","v":""},{"$f":"IFERROR(VLOOKUP(C9654,参数!$B:$H,4,0),\"\")","v":""},{"$f":"IFERROR(VLOOKUP(C9654,参数!B:H,3,FALSE),\"\")","v":""},"",1]
[9654,{"$nulls":6},{"$f":"IFERROR(VLOOKUP(C9655,参数!$B:$H,2,0),\"\")","v":""},{"$f":"IFERROR(VLOOKUP(C9655,参数!$B:$H,4,0),\"\")","v":""},{"$f":"IFERROR(VLOOKUP(C9655,参数!B:H,3,FALSE),\"\")","v":""},"",1]
[9655,{"$nulls":6},{"$f":"IFERROR(VLOOKUP(C9656,参数!$B:$H,2,0),\"\")","v":""},{"$f":"IFERROR(VLOOKUP(C9656,参数!$B:$H,4,0),\"\")","v":""},{"$f":"IFERROR(VLOOKUP(C9656,参数!B:H,3,FALSE),\"\")","v":""},"",1]
[9656,{"$nulls":6},{"$f":"IFERROR(VLOOKUP(C9657,参数!$B:$H,2,0),\"\")","v":""},{"$f":"IFERROR(VLOOKUP(C9657,参数!$B:$H,4,0),\"\")","v":""},{"$f":"IFERROR(VLOOKUP(C9657,参数!B:H,3,FALSE),\"\")","v":""},"",1]
[9657,{"$nulls":6},{"$f":"IFERROR(VLOOKUP(C9658,参数!$B:$H,2,0),\"\")","v":""},{"$f":"IFERROR(VLOOKUP(C9658,参数!$B:$H,4,0),\"\")","v":""},{"$f":"IFERROR(VLOOKUP(C9658,参数!B:H,3,FALSE),\"\")","v":""},"",1]
[9658,{"$nulls":6},{"$f":"IFERROR(VLOOKUP(C9659,参数!$B:$H,2,0),\"\")","v":""},{"$f":"IFERROR(VLOOKUP(C9659,参数!$B:$H,4,0),\"\")","v":""},{"$f":"IFERROR(VLOOKUP(C9659,参数!B:H,3,FALSE),\"\")","v":""},"",1]
[9659,{"$nulls":6},{"$f":"IFERROR(VLOOKUP(C9660,参数!$B:$H,2,0),\"\")","v":""},{"$f":"IFERROR(VLOOKUP(C9660,参数!$B:$H,4,0),\"\")","v":""},{"$f":"IFERROR(VLOOKUP(C9660,参数!B:H,3,FALSE),\"\")","v":""},"",1]
[9660,{"$nulls":6},{"$f":"IFERROR(VLOOKUP(C9661,参数!$B:$H,2,0),\"\")","v":""},{"$f":"IFERROR(VLOOKUP(C9661,参数!$B:$H,4,0),\"\")","v":""},{"$f":"IFERROR(VLOOKUP(C9661,参数!B:H,3,FALSE),\"\")","v":""},"",1]
[9661,{"$nulls":6},{"$f":"IFERROR(VLOOKUP(C9662,参数!$B:$H,2,0),\"\")","v":""},{"$f":"IFERROR(VLOOKUP(C9662,参数!$B:$H,4,0),\"\")","v":""},{"$f":"IFERROR(VLOOKUP(C9662,参数!B:H,3,FALSE),\"\")","v":""},"",1]
[9662,{"$nulls":6},{"$f":"IFERROR(VLOOKUP(C9663,参数!$B:$H,2,0),\"\")","v":""},{"$f":"IFERROR(VLOOKUP(C9663,参数!$B:$H,4,0),\"\")","v":""},{"$f":"IFERROR(VLOOKUP(C9663,参数!B:H,3,FALSE),\"\")","v":""},"",1]
[9663,{"$nulls":6},{"$f":"IFERROR(VLOOKUP(C9664,参数!$B:$H,2,0),\"\")","v":""},{"$f":"IFERROR(VLOOKUP(C9664,参数!$B:$H,4,0),\"\")","v":""},{"$f":"IFERROR(VLOOKUP(C9664,参数!B:H,3,FALSE),\"\")","v":""},"",1]
[9664,{"$nulls":6},{"$f":"IFERROR(VLOOKUP(C9665,参数!$B:$H,2,0),\"\")","v":""},{"$f":"IFERROR(VLOOKUP(C9665,参数!$B:$H,4,0),\"\")","v":""},{"$f":"IFERROR(VLOOKUP(C9665,参数!B:H,3,FALSE),\"\")","v":""},"",1]
[9665,{"$nulls":6},{"$f":"IFERROR(VLOOKUP(C9666,参数!$B:$H,2,0),\"\")","v":""},{"$f":"IFERROR(VLOOKUP(C9666,参数!$B:$H,4,0),\"\")","v":""},{"$f":"IFERROR(VLOOKUP(C9666,参数!B:H,3,FALSE),\"\")","v":""},"",{"$f":"VALUE(MONTH(B9666))","v":1}]
[9666,{"$nulls":6},{"$f":"IFERROR(VLOOKUP(C9667,参数!$B:$H,2,0),\"\")","v":""},{"$f":"IFERROR(VLOOKUP(C9667,参数!$B:$H,4,0),\"\")","v":""},{"$f":"IFERROR(VLOOKUP(C9667,参数!B:H,3,FALSE),\"\")","v":""},"",1]
[9667,{"$nulls":6},{"$f":"IFERROR(VLOOKUP(C9668,参数!$B:$H,2,0),\"\")","v":""},{"$f":"IFERROR(VLOOKUP(C9668,参数!$B:$H,4,0),\"\")","v":""},{"$f":"IFERROR(VLOOKUP(C9668,参数!B:H,3,FALSE),\"\")","v":""},"",1]
[9668,{"$nulls":6},{"$f":"IFERROR(VLOOKUP(C9669,参数!$B:$H,2,0),\"\")","v":""},{"$f":"IFERROR(VLOOKUP(C9669,参数!$B:$H,4,0),\"\")","v":""},{"$f":"IFERROR(VLOOKUP(C9669,参数!B:H,3,FALSE),\"\")","v":""},"",1]
[9669,{"$nulls":6},{"$f":"IFERROR(VLOOKUP(C9670,参数!$B:$H,2,0),\"\")","v":""},{"$f":"IFERROR(VLOOKUP(C9670,参数!$B:$H,4,0),\"\")","v":""},{"$f":"IFERROR(VLOOKUP(C9670,参数!B:H,3,FALSE),\"\")","v":""},"",1]
[9670,{"$nulls":6},{"$f":"IFERROR(VLOOKUP(C9671,参数!$B:$H,2,0),\"\")","v":""},{"$f":"IFERROR(VLOOKUP(C9671,参数!$B:$H,4,0),\"\")","v":""},{"$f":"IFERROR(VLOOKUP(C9671,参数!B:H,3,FALSE),\"\")","v":""},"",1]
[9671,{"$nulls":6},{"$f":"IFERROR(VLOOKUP(C9672,参数!$B:$H,2,0),\"\")","v":""},{"$f":"IFERROR(VLOOKUP(C9672,参数!$B:$H,4,0),\"\")","v":""},{"$f":"IFERROR(VLOOKUP(C9672,参数!B:H,3,FALSE),\"\")","v":""},"",1]
[9672,{"$nulls":6},{"$f":"IFERROR(VLOOKUP(C9673,参数!$B:$H,2,0),\"\")","v":""},{"$f":"IFERROR(VLOOKUP(C9673,参数!$B:$H,4,0),\"\")","v":""},{"$f":"IFERROR(VLOOKUP(C9673,参数!B:H,3,FALSE),\"\")","v":""},"",1]
[9673,{"$nulls":6},{"$f":"IFERROR(VLOOKUP(C9674,参数!$B:$H,2,0),\"\")","v":""},{"$f":"IFERROR(VLOOKUP(C9674,参数!$B:$H,4,0),\"\")","v":""},{"$f":"IFERROR(VLOOKUP(C9674,参数!B:H,3,FALSE),\"\")","v":""},"",1]
[9674,{"$nulls":6},{"$f":"IFERROR(VLOOKUP(C9675,参数!$B:$H,2,0),\"\")","v":""},{"$f":"IFERROR(VLOOKUP(C9675,参数!$B:$H,4,0),\"\")","v":""},{"$f":"IFERROR(VLOOKUP(C9675,参数!B:H,3,FALSE),\"\")","v":""},"",1]
[9675,{"$nulls":6},{"$f":"IFERROR(VLOOKUP(C9676,参数!$B:$H,2,0),\"\")","v":""},{"$f":"IFERROR(VLOOKUP(C9676,参数!$B:$H,4,0),\"\")","v":""},{"$f":"IFERROR(VLOOKUP(C9676,参数!B:H,3,FALSE),\"\")","v":""},"",1]
[9676,{"$nulls":6},{"$f":"IFERROR(VLOOKUP(C9677,参数!$B:$H,2,0),\"\")","v":""},{"$f":"IFERROR(VLOOKUP(C9677,参数!$B:$H,4,0),\"\")","v":""},{"$f":"IFERROR(VLOOKUP(C9677,参数!B:H,3,FALSE),\"\")","v":""},"",1]
[9677,{"$nulls":6},{"$f":"IFERROR(VLOOKUP(C9678,参数!$B:$H,2,0),\"\")","v":""},{"$f":"IFERROR(VLOOKUP(C9678,参数!$B:$H,4,0),\"\")","v":""},{"$f":"IFERROR(VLOOKUP(C9678,参数!B:H,3,FALSE),\"\")","v":""},"",1]
[9678,{"$nulls":6},{"$f":"IFERROR(VLOOKUP(C9679,参数!$B:$H,2,0),\"\")","v":""},{"$f":"IFERROR(VLOOKUP(C9679,参数!$B:$H,4,0),\"\")","v":""},{"$f":"IFERROR(VLOOKUP(C9679,参数!B:H,3,FALSE),\"\")","v":""},"",1]
[9679,{"$nulls":6},{"$f":"IFERROR(VLOOKUP(C9680,参数!$B:$H,2,0),\"\")","v":""},{"$f":"IFERROR(VLOOKUP(C9680,参数!$B:$H,4,0),\"\")","v":""},{"$f":"IFERROR(VLOOKUP(C9680,参数!B:H,3,FALSE),\"\")","v":""},"",1]
[9680,{"$nulls":6},{"$f":"IFERROR(VLOOKUP(C9681,参数!$B:$H,2,0),\"\")","v":""},{"$f":"IFERROR(VLOOKUP(C9681,参数!$B:$H,4,0),\"\")","v":""},{"$f":"IFERROR(VLOOKUP(C9681,参数!B:H,3,FALSE),\"\")","v":""},"",1]
[9681,{"$nulls":6},{"$f":"IFERROR(VLOOKUP(C9682,参数!$B:$H,2,0),\"\")","v":""},{"$f":"IFERROR(VLOOKUP(C9682,参数!$B:$H,4,0),\"\")","v":""},{"$f":"IFERROR(VLOOKUP(C9682,参数!B:H,3,FALSE),\"\")","v":""},"",1]
[9682,{"$nulls":6},{"$f":"IFERROR(VLOOKUP(C9683,参数!$B:$H,2,0),\"\")","v":""},{"$f":"IFERROR(VLOOKUP(C9683,参数!$B:$H,4,0),\"\")","v":""},{"$f":"IFERROR(VLOOKUP(C9683,参数!B:H,3,FALSE),\"\")","v":""},"",1]
[9683,{"$nulls":6},{"$f":"IFERROR(VLOOKUP(C9684,参数!$B:$H,2,0),\"\")","v":""},{"$f":"IFERROR(VLOOKUP(C9684,参数!$B:$H,4,0),\"\")","v":""},{"$f":"IFERROR(VLOOKUP(C9684,参数!B:H,3,FALSE),\"\")","v":""},"",1]
[9684,{"$nulls":6},{"$f":"IFERROR(VLOOKUP(C9685,参数!$B:$H,2,0),\"\")","v":""},{"$f":"IFERROR(VLOOKUP(C9685,参数!$B:$H,4,0),\"\")","v":""},{"$f":"IFERROR(VLOOKUP(C9685,参数!B:H,3,FALSE),\"\")","v":""},"",1]
[9685,{"$nulls":6},{"$f":"IFERROR(VLOOKUP(C9686,参数!$B:$H,2,0),\"\")","v":""},{"$f":"IFERROR(VLOOKUP(C9686,参数!$B:$H,4,0),\"\")","v":""},{"$f":"IFERROR(VLOOKUP(C9686,参数!B:H,3,FALSE),\"\")","v":""},"",1]
[9686,{"$nulls":6},{"$f":"IFERROR(VLOOKUP(C9687,参数!$B:$H,2,0),\"\")","v":""},{"$f":"IFERROR(VLOOKUP(C9687,参数!$B:$H,4,0),\"\")","v":""},{"$f":"IFERROR(VLOOKUP(C9687,参数!B:H,3,FALSE),\"\")","v":""},"",1]
[9687,{"$nulls":6},{"$f":"IFERROR(VLOOKUP(C9688,参数!$B:$H,2,0),\"\")","v":""},{"$f":"IFERROR(VLOOKUP(C9688,参数!$B:$H,4,0),\"\")","v":""},{"$f":"IFERROR(VLOOKUP(C9688,参数!B:H,3,FALSE),\"\")","v":""},"",1]
[9688,{"$nulls":6},{"$f":"IFERROR(VLOOKUP(C9689,参数!$B:$H,2,0),\"\")","v":""},{"$f":"IFERROR(VLOOKUP(C9689,参数!$B:$H,4,0),\"\")","v":""},{"$f":"IFERROR(VLOOKUP(C9689,参数!B:H,3,FALSE),\"\")","v":""},"",1]
[9689,{"$nulls":6},{"$f":"IFERROR(VLOOKUP(C9690,参数!$B:$H,2,0),\"\")","v":""},{"$f":"IFERROR(VLOOKUP(C9690,参数!$B:$H,4,0),\"\")","v":""},{"$f":"IFERROR(VLOOKUP(C9690,参数!B:H,3,FALSE),\"\")","v":""},"",1]
[9690,{"$nulls":6},{"$f":"IFERROR(VLOOKUP(C9691,参数!$B:$H,2,0),\"\")","v":""},{"$f":"IFERROR(VLOOKUP(C9691,参数!$B:$H,4,0),\"\")","v":""},{"$f":"IFERROR(VLOOKUP(C9691,参数!B:H,3,FALSE),\"\")","v":""},"",1]
[9691,{"$nulls":6},{"$f":"IFERROR(VLOOKUP(C9692,参数!$B:$H,2,0),\"\")","v":""},{"$f":"IFERROR(VLOOKUP(C9692,参数!$B:$H,4,0),\"\")","v":""},{"$f":"IFERROR(VLOOKUP(C9692,参数!B:H,3,FALSE),\"\")","v":""},"",1]
[9692,{"$nulls":6},{"$f":"IFERROR(VLOOKUP(C9693,参数!$B:$H,2,0),\"\")","v":""},{"$f":"IFERROR(VLOOKUP(C9693,参数!$B:$H,4,0),\"\")","v":""},{"$f":"IFERROR(VLOOKUP(C9693,参数!B:H,3,FALSE),\"\")","v":""},"",1]
[9693,{"$nulls":6},{"$f":"IFERROR(VLOOKUP(C9694,参数!$B:$H,2,0),\"\")","v":""},{"$f":"IFERROR(VLOOKUP(C9694,参数!$B:$H,4,0),\"\")","v":""},{"$f":"IFERROR(VLOOKUP(C9694,参数!B:H,3,FALSE),\"\")","v":""},"",1]
[9694,{"$nulls":6},{"$f":"IFERROR(VLOOKUP(C9695,参数!$B:$H,2,0),\"\")","v":""},{"$f":"IFERROR(VLOOKUP(C9695,参数!$B:$H,4,0),\"\")","v":""},{"$f":"IFERROR(VLOOKUP(C9695,参数!B:H,3,FALSE),\"\")","v":""},"",1]
[9695,{"$nulls":6},{"$f":"IFERROR(VLOOKUP(C9696,参数!$B:$H,2,0),\"\")","v":""},{"$f":"IFERROR(VLOOKUP(C9696,参数!$B:$H,4,0),\"\")","v":""},{"$f":"IFERROR(VLOOKUP(C9696,参数!B:H,3,FALSE),\"\")","v":""},"",1]
[9696,{"$nulls":6},{"$f":"IFERROR(VLOOKUP(C9697,参数!$B:$H,2,0),\"\")","v":""},{"$f":"IFERROR(VLOOKUP(C9697,参数!$B:$H,4,0),\"\")","v":""},{"$f":"IFERROR(VLOOKUP(C9697,参数!B:H,3,FALSE),\"\")","v":""},"",1]
[9697,{"$nulls":6},{"$f":"IFERROR(VLOOKUP(C9698,参数!$B:$H,2,0),\"\")","v":""},{"$f":"IFERROR(VLOOKUP(C9698,参数!$B:$H,4,0),\"\")","v":""},{"$f":"IFERROR(VLOOKUP(C9698,参数!B:H,3,FALSE),\"\")","v":""},"",1]
[9698,{"$nulls":6},{"$f":"IFERROR(VLOOKUP(C9699,参数!$B:$H,2,0),\"\")","v":""},{"$f":"IFERROR(VLOOKUP(C9699,参数!$B:$H,4,0),\"\")","v":""},{"$f":"IFERROR(VLOOKUP(C9699,参数!B:H,3,FALSE),\"\")","v":""},"",1]
[9699,{"$nulls":6},{"$f":"IFERROR(VLOOKUP(C9700,参数!$B:$H,2,0),\"\")","v":""},{"$f":"IFERROR(VLOOKUP(C9700,参数!$B:$H,4,0),\"\")","v":""},{"$f":"IFERROR(VLOOKUP(C9700,参数!B:H,3,FALSE),\"\")","v":""},"",1]
[9700,{"$nulls":6},{"$f":"IFERROR(VLOOKUP(C9701,参数!$B:$H,2,0),\"\")","v":""},{"$f":"IFERROR(VLOOKUP(C9701,参数!$B:$H,4,0),\"\")","v":""},{"$f":"IFERROR(VLOOKUP(C9701,参数!B:H,3,FALSE),\"\")","v":""},{"$f":"IFERROR(J9701*E9701,\"\")","v":""},1]
[9701,{"$nulls":6},{"$f":"IFERROR(VLOOKUP(C9702,参数!$B:$H,2,0),\"\")","v":""},{"$f":"IFERROR(VLOOKUP(C9702,参数!$B:$H,4,0),\"\")","v":""},{"$f":"IFERROR(VLOOKUP(C9702,参数!B:H,3,FALSE),\"\")","v":""},"",1]
[9702,{"$nulls":6},{"$f":"IFERROR(VLOOKUP(C9703,参数!$B:$H,2,0),\"\")","v":""},{"$f":"IFERROR(VLOOKUP(C9703,参数!$B:$H,4,0),\"\")","v":""},{"$f":"IFERROR(VLOOKUP(C9703,参数!B:H,3,FALSE),\"\")","v":""},"",1]
[9703,{"$nulls":6},{"$f":"IFERROR(VLOOKUP(C9704,参数!$B:$H,2,0),\"\")","v":""},{"$f":"IFERROR(VLOOKUP(C9704,参数!$B:$H,4,0),\"\")","v":""},{"$f":"IFERROR(VLOOKUP(C9704,参数!B:H,3,FALSE),\"\")","v":""},"",1]
[9704,{"$nulls":6},{"$f":"IFERROR(VLOOKUP(C9705,参数!$B:$H,2,0),\"\")","v":""},{"$f":"IFERROR(VLOOKUP(C9705,参数!$B:$H,4,0),\"\")","v":""},{"$f":"IFERROR(VLOOKUP(C9705,参数!B:H,3,FALSE),\"\")","v":""},"",1]
[9705,{"$nulls":6},{"$f":"IFERROR(VLOOKUP(C9706,参数!$B:$H,2,0),\"\")","v":""},{"$f":"IFERROR(VLOOKUP(C9706,参数!$B:$H,4,0),\"\")","v":""},{"$f":"IFERROR(VLOOKUP(C9706,参数!B:H,3,FALSE),\"\")","v":""},"",1]
[9706,{"$nulls":6},{"$f":"IFERROR(VLOOKUP(C9707,参数!$B:$H,2,0),\"\")","v":""},{"$f":"IFERROR(VLOOKUP(C9707,参数!$B:$H,4,0),\"\")","v":""},{"$f":"IFERROR(VLOOKUP(C9707,参数!B:H,3,FALSE),\"\")","v":""},"",1]
[9707,{"$nulls":6},{"$f":"IFERROR(VLOOKUP(C9708,参数!$B:$H,2,0),\"\")","v":""},{"$f":"IFERROR(VLOOKUP(C9708,参数!$B:$H,4,0),\"\")","v":""},{"$f":"IFERROR(VLOOKUP(C9708,参数!B:H,3,FALSE),\"\")","v":""},"",1]
[9708,{"$nulls":6},{"$f":"IFERROR(VLOOKUP(C9709,参数!$B:$H,2,0),\"\")","v":""},{"$f":"IFERROR(VLOOKUP(C9709,参数!$B:$H,4,0),\"\")","v":""},{"$f":"IFERROR(VLOOKUP(C9709,参数!B:H,3,FALSE),\"\")","v":""},"",1]
[9709,{"$nulls":6},{"$f":"IFERROR(VLOOKUP(C9710,参数!$B:$H,2,0),\"\")","v":""},{"$f":"IFERROR(VLOOKUP(C9710,参数!$B:$H,4,0),\"\")","v":""},{"$f":"IFERROR(VLOOKUP(C9710,参数!B:H,3,FALSE),\"\")","v":""},"",1]
[9710,{"$nulls":6},{"$f":"IFERROR(VLOOKUP(C9711,参数!$B:$H,2,0),\"\")","v":""},{"$f":"IFERROR(VLOOKUP(C9711,参数!$B:$H,4,0),\"\")","v":""},{"$f":"IFERROR(VLOOKUP(C9711,参数!B:H,3,FALSE),\"\")","v":""},"",1]
[9711,{"$nulls":6},{"$f":"IFERROR(VLOOKUP(C9712,参数!$B:$H,2,0),\"\")","v":""},{"$f":"IFERROR(VLOOKUP(C9712,参数!$B:$H,4,0),\"\")","v":""},{"$f":"IFERROR(VLOOKUP(C9712,参数!B:H,3,FALSE),\"\")","v":""},"",1]
[9712,{"$nulls":6},{"$f":"IFERROR(VLOOKUP(C9713,参数!$B:$H,2,0),\"\")","v":""},{"$f":"IFERROR(VLOOKUP(C9713,参数!$B:$H,4,0),\"\")","v":""},{"$f":"IFERROR(VLOOKUP(C9713,参数!B:H,3,FALSE),\"\")","v":""},"",1]
[9713,{"$nulls":6},{"$f":"IFERROR(VLOOKUP(C9714,参数!$B:$H,2,0),\"\")","v":""},{"$f":"IFERROR(VLOOKUP(C9714,参数!$B:$H,4,0),\"\")","v":""},{"$f":"IFERROR(VLOOKUP(C9714,参数!B:H,3,FALSE),\"\")","v":""},"",1]
[9714,{"$nulls":6},{"$f":"IFERROR(VLOOKUP(C9715,参数!$B:$H,2,0),\"\")","v":""},{"$f":"IFERROR(VLOOKUP(C9715,参数!$B:$H,4,0),\"\")","v":""},{"$f":"IFERROR(VLOOKUP(C9715,参数!B:H,3,FALSE),\"\")","v":""},"",1]
[9715,{"$nulls":6},{"$f":"IFERROR(VLOOKUP(C9716,参数!$B:$H,2,0),\"\")","v":""},{"$f":"IFERROR(VLOOKUP(C9716,参数!$B:$H,4,0),\"\")","v":""},{"$f":"IFERROR(VLOOKUP(C9716,参数!B:H,3,FALSE),\"\")","v":""},"",1]
[9716,{"$nulls":6},{"$f":"IFERROR(VLOOKUP(C9717,参数!$B:$H,2,0),\"\")","v":""},{"$f":"IFERROR(VLOOKUP(C9717,参数!$B:$H,4,0),\"\")","v":""},{"$f":"IFERROR(VLOOKUP(C9717,参数!B:H,3,FALSE),\"\")","v":""},"",1]
[9717,{"$nulls":6},{"$f":"IFERROR(VLOOKUP(C9718,参数!$B:$H,2,0),\"\")","v":""},{"$f":"IFERROR(VLOOKUP(C9718,参数!$B:$H,4,0),\"\")","v":""},{"$f":"IFERROR(VLOOKUP(C9718,参数!B:H,3,FALSE),\"\")","v":""},"",1]
[9718,{"$nulls":6},{"$f":"IFERROR(VLOOKUP(C9719,参数!$B:$H,2,0),\"\")","v":""},{"$f":"IFERROR(VLOOKUP(C9719,参数!$B:$H,4,0),\"\")","v":""},{"$f":"IFERROR(VLOOKUP(C9719,参数!B:H,3,FALSE),\"\")","v":""},"",1]
[9719,{"$nulls":6},{"$f":"IFERROR(VLOOKUP(C9720,参数!$B:$H,2,0),\"\")","v":""},{"$f":"IFERROR(VLOOKUP(C9720,参数!$B:$H,4,0),\"\")","v":""},{"$f":"IFERROR(VLOOKUP(C9720,参数!B:H,3,FALSE),\"\")","v":""},"",1]
[9720,{"$nulls":6},{"$f":"IFERROR(VLOOKUP(C9721,参数!$B:$H,2,0),\"\")","v":""},{"$f":"IFERROR(VLOOKUP(C9721,参数!$B:$H,4,0),\"\")","v":""},{"$f":"IFERROR(VLOOKUP(C9721,参数!B:H,3,FALSE),\"\")","v":""},"",1]
[9721,{"$nulls":6},{"$f":"IFERROR(VLOOKUP(C9722,参数!$B:$H,2,0),\"\")","v":""},{"$f":"IFERROR(VLOOKUP(C9722,参数!$B:$H,4,0),\"\")","v":""},{"$f":"IFERROR(VLOOKUP(C9722,参数!B:H,3,FALSE),\"\")","v":""},"",1]
[9722,{"$nulls":6},{"$f":"IFERROR(VLOOKUP(C9723,参数!$B:$H,2,0),\"\")","v":""},{"$f":"IFERROR(VLOOKUP(C9723,参数!$B:$H,4,0),\"\")","v":""},{"$f":"IFERROR(VLOOKUP(C9723,参数!B:H,3,FALSE),\"\")","v":""},"",1]
[9723,{"$nulls":6},{"$f":"IFERROR(VLOOKUP(C9724,参数!$B:$H,2,0),\"\")","v":""},{"$f":"IFERROR(VLOOKUP(C9724,参数!$B:$H,4,0),\"\")","v":""},{"$f":"IFERROR(VLOOKUP(C9724,参数!B:H,3,FALSE),\"\")","v":""},"",1]
[9724,{"$nulls":6},{"$f":"IFERROR(VLOOKUP(C9725,参数!$B:$H,2,0),\"\")","v":""},{"$f":"IFERROR(VLOOKUP(C9725,参数!$B:$H,4,0),\"\")","v":""},{"$f":"IFERROR(VLOOKUP(C9725,参数!B:H,3,FALSE),\"\")","v":""},"",1]
[9725,{"$nulls":6},{"$f":"IFERROR(VLOOKUP(C9726,参数!$B:$H,2,0),\"\")","v":""},{"$f":"IFERROR(VLOOKUP(C9726,参数!$B:$H,4,0),\"\")","v":""},{"$f":"IFERROR(VLOOKUP(C9726,参数!B:H,3,FALSE),\"\")","v":""},"",1]
[9726,{"$nulls":6},{"$f":"IFERROR(VLOOKUP(C9727,参数!$B:$H,2,0),\"\")","v":""},{"$f":"IFERROR(VLOOKUP(C9727,参数!$B:$H,4,0),\"\")","v":""},{"$f":"IFERROR(VLOOKUP(C9727,参数!B:H,3,FALSE),\"\")","v":""},"",1]
[9727,{"$nulls":6},{"$f":"IFERROR(VLOOKUP(C9728,参数!$B:$H,2,0),\"\")","v":""},{"$f":"IFERROR(VLOOKUP(C9728,参数!$B:$H,4,0),\"\")","v":""},{"$f":"IFERROR(VLOOKUP(C9728,参数!B:H,3,FALSE),\"\")","v":""},"",1]
[9728,{"$nulls":6},{"$f":"IFERROR(VLOOKUP(C9729,参数!$B:$H,2,0),\"\")","v":""},{"$f":"IFERROR(VLOOKUP(C9729,参数!$B:$H,4,0),\"\")","v":""},{"$f":"IFERROR(VLOOKUP(C9729,参数!B:H,3,FALSE),\"\")","v":""},"",1]
[9729,{"$nulls":6},{"$f":"IFERROR(VLOOKUP(C9730,参数!$B:$H,2,0),\"\")","v":""},{"$f":"IFERROR(VLOOKUP(C9730,参数!$B:$H,4,0),\"\")","v":""},{"$f":"IFERROR(VLOOKUP(C9730,参数!B:H,3,FALSE),\"\")","v":""},"",{"$f":"VALUE(MONTH(B9730))","v":1}]
[9730,{"$nulls":6},{"$f":"IFERROR(VLOOKUP(C9731,参数!$B:$H,2,0),\"\")","v":""},{"$f":"IFERROR(VLOOKUP(C9731,参数!$B:$H,4,0),\"\")","v":""},{"$f":"IFERROR(VLOOKUP(C9731,参数!B:H,3,FALSE),\"\")","v":""},"",1]
[9731,{"$nulls":6},{"$f":"IFERROR(VLOOKUP(C9732,参数!$B:$H,2,0),\"\")","v":""},{"$f":"IFERROR(VLOOKUP(C9732,参数!$B:$H,4,0),\"\")","v":""},{"$f":"IFERROR(VLOOKUP(C9732,参数!B:H,3,FALSE),\"\")","v":""},"",1]
[9732,{"$nulls":6},{"$f":"IFERROR(VLOOKUP(C9733,参数!$B:$H,2,0),\"\")","v":""},{"$f":"IFERROR(VLOOKUP(C9733,参数!$B:$H,4,0),\"\")","v":""},{"$f":"IFERROR(VLOOKUP(C9733,参数!B:H,3,FALSE),\"\")","v":""},"",1]
[9733,{"$nulls":6},{"$f":"IFERROR(VLOOKUP(C9734,参数!$B:$H,2,0),\"\")","v":""},{"$f":"IFERROR(VLOOKUP(C9734,参数!$B:$H,4,0),\"\")","v":""},{"$f":"IFERROR(VLOOKUP(C9734,参数!B:H,3,FALSE),\"\")","v":""},"",1]
[9734,{"$nulls":6},{"$f":"IFERROR(VLOOKUP(C9735,参数!$B:$H,2,0),\"\")","v":""},{"$f":"IFERROR(VLOOKUP(C9735,参数!$B:$H,4,0),\"\")","v":""},{"$f":"IFERROR(VLOOKUP(C9735,参数!B:H,3,FALSE),\"\")","v":""},"",1]
[9735,{"$nulls":6},{"$f":"IFERROR(VLOOKUP(C9736,参数!$B:$H,2,0),\"\")","v":""},{"$f":"IFERROR(VLOOKUP(C9736,参数!$B:$H,4,0),\"\")","v":""},{"$f":"IFERROR(VLOOKUP(C9736,参数!B:H,3,FALSE),\"\")","v":""},"",1]
[9736,{"$nulls":6},{"$f":"IFERROR(VLOOKUP(C9737,参数!$B:$H,2,0),\"\")","v":""},{"$f":"IFERROR(VLOOKUP(C9737,参数!$B:$H,4,0),\"\")","v":""},{"$f":"IFERROR(VLOOKUP(C9737,参数!B:H,3,FALSE),\"\")","v":""},"",1]
[9737,{"$nulls":6},{"$f":"IFERROR(VLOOKUP(C9738,参数!$B:$H,2,0),\"\")","v":""},{"$f":"IFERROR(VLOOKUP(C9738,参数!$B:$H,4,0),\"\")","v":""},{"$f":"IFERROR(VLOOKUP(C9738,参数!B:H,3,FALSE),\"\")","v":""},"",1]
[9738,{"$nulls":6},{"$f":"IFERROR(VLOOKUP(C9739,参数!$B:$H,2,0),\"\")","v":""},{"$f":"IFERROR(VLOOKUP(C9739,参数!$B:$H,4,0),\"\")","v":""},{"$f":"IFERROR(VLOOKUP(C9739,参数!B:H,3,FALSE),\"\")","v":""},"",1]
[9739,{"$nulls":6},{"$f":"IFERROR(VLOOKUP(C9740,参数!$B:$H,2,0),\"\")","v":""},{"$f":"IFERROR(VLOOKUP(C9740,参数!$B:$H,4,0),\"\")","v":""},{"$f":"IFERROR(VLOOKUP(C9740,参数!B:H,3,FALSE),\"\")","v":""},"",1]
[9740,{"$nulls":6},{"$f":"IFERROR(VLOOKUP(C9741,参数!$B:$H,2,0),\"\")","v":""},{"$f":"IFERROR(VLOOKUP(C9741,参数!$B:$H,4,0),\"\")","v":""},{"$f":"IFERROR(VLOOKUP(C9741,参数!B:H,3,FALSE),\"\")","v":""},"",1]
[9741,{"$nulls":6},{"$f":"IFERROR(VLOOKUP(C9742,参数!$B:$H,2,0),\"\")","v":""},{"$f":"IFERROR(VLOOKUP(C9742,参数!$B:$H,4,0),\"\")","v":""},{"$f":"IFERROR(VLOOKUP(C9742,参数!B:H,3,FALSE),\"\")","v":""},"",1]
[9742,{"$nulls":6},{"$f":"IFERROR(VLOOKUP(C9743,参数!$B:$H,2,0),\"\")","v":""},{"$f":"IFERROR(VLOOKUP(C9743,参数!$B:$H,4,0),\"\")","v":""},{"$f":"IFERROR(VLOOKUP(C9743,参数!B:H,3,FALSE),\"\")","v":""},"",1]
[9743,{"$nulls":6},{"$f":"IFERROR(VLOOKUP(C9744,参数!$B:$H,2,0),\"\")","v":""},{"$f":"IFERROR(VLOOKUP(C9744,参数!$B:$H,4,0),\"\")","v":""},{"$f":"IFERROR(VLOOKUP(C9744,参数!B:H,3,FALSE),\"\")","v":""},"",1]
[9744,{"$nulls":6},{"$f":"IFERROR(VLOOKUP(C9745,参数!$B:$H,2,0),\"\")","v":""},{"$f":"IFERROR(VLOOKUP(C9745,参数!$B:$H,4,0),\"\")","v":""},{"$f":"IFERROR(VLOOKUP(C9745,参数!B:H,3,FALSE),\"\")","v":""},"",1]
[9745,{"$nulls":6},{"$f":"IFERROR(VLOOKUP(C9746,参数!$B:$H,2,0),\"\")","v":""},{"$f":"IFERROR(VLOOKUP(C9746,参数!$B:$H,4,0),\"\")","v":""},{"$f":"IFERROR(VLOOKUP(C9746,参数!B:H,3,FALSE),\"\")","v":""},"",1]
[9746,{"$nulls":6},{"$f":"IFERROR(VLOOKUP(C9747,参数!$B:$H,2,0),\"\")","v":""},{"$f":"IFERROR(VLOOKUP(C9747,参数!$B:$H,4,0),\"\")","v":""},{"$f":"IFERROR(VLOOKUP(C9747,参数!B:H,3,FALSE),\"\")","v":""},"",1]
[9747,{"$nulls":6},{"$f":"IFERROR(VLOOKUP(C9748,参数!$B:$H,2,0),\"\")","v":""},{"$f":"IFERROR(VLOOKUP(C9748,参数!$B:$H,4,0),\"\")","v":""},{"$f":"IFERROR(VLOOKUP(C9748,参数!B:H,3,FALSE),\"\")","v":""},"",1]
[9748,{"$nulls":6},{"$f":"IFERROR(VLOOKUP(C9749,参数!$B:$H,2,0),\"\")","v":""},{"$f":"IFERROR(VLOOKUP(C9749,参数!$B:$H,4,0),\"\")","v":""},{"$f":"IFERROR(VLOOKUP(C9749,参数!B:H,3,FALSE),\"\")","v":""},"",1]
[9749,{"$nulls":6},{"$f":"IFERROR(VLOOKUP(C9750,参数!$B:$H,2,0),\"\")","v":""},{"$f":"IFERROR(VLOOKUP(C9750,参数!$B:$H,4,0),\"\")","v":""},{"$f":"IFERROR(VLOOKUP(C9750,参数!B:H,3,FALSE),\"\")","v":""},"",1]
[9750,{"$nulls":6},{"$f":"IFERROR(VLOOKUP(C9751,参数!$B:$H,2,0),\"\")","v":""},{"$f":"IFERROR(VLOOKUP(C9751,参数!$B:$H,4,0),\"\")","v":""},{"$f":"IFERROR(VLOOKUP(C9751,参数!B:H,3,FALSE),\"\")","v":""},"",1]
[9751,{"$nulls":6},{"$f":"IFERROR(VLOOKUP(C9752,参数!$B:$H,2,0),\"\")","v":""},{"$f":"IFERROR(VLOOKUP(C9752,参数!$B:$H,4,0),\"\")","v":""},{"$f":"IFERROR(VLOOKUP(C9752,参数!B:H,3,FALSE),\"\")","v":""},"",1]
[9752,{"$nulls":6},{"$f":"IFERROR(VLOOKUP(C9753,参数!$B:$H,2,0),\"\")","v":""},{"$f":"IFERROR(VLOOKUP(C9753,参数!$B:$H,4,0),\"\")","v":""},{"$f":"IFERROR(VLOOKUP(C9753,参数!B:H,3,FALSE),\"\")","v":""},"",1]
[9753,{"$nulls":6},{"$f":"IFERROR(VLOOKUP(C9754,参数!$B:$H,2,0),\"\")","v":""},{"$f":"IFERROR(VLOOKUP(C9754,参数!$B:$H,4,0),\"\")","v":""},{"$f":"IFERROR(VLOOKUP(C9754,参数!B:H,3,FALSE),\"\")","v":""},"",1]
[9754,{"$nulls":6},{"$f":"IFERROR(VLOOKUP(C9755,参数!$B:$H,2,0),\"\")","v":""},{"$f":"IFERROR(VLOOKUP(C9755,参数!$B:$H,4,0),\"\")","v":""},{"$f":"IFERROR(VLOOKUP(C9755,参数!B:H,3,FALSE),\"\")","v":""},"",1]
[9755,{"$nulls":6},{"$f":"IFERROR(VLOOKUP(C9756,参数!$B:$H,2,0),\"\")","v":""},{"$f":"IFERROR(VLOOKUP(C9756,参数!$B:$H,4,0),\"\")","v":""},{"$f":"IFERROR(VLOOKUP(C9756,参数!B:H,3,FALSE),\"\")","v":""},"",1]
[9756,{"$nulls":6},{"$f":"IFERROR(VLOOKUP(C9757,参数!$B:$H,2,0),\"\")","v":""},{"$f":"IFERROR(VLOOKUP(C9757,参数!$B:$H,4,0),\"\")","v":""},{"$f":"IFERROR(VLOOKUP(C9757,参数!B:H,3,FALSE),\"\")","v":""},"",1]
[9757,{"$nulls":6},{"$f":"IFERROR(VLOOKUP(C9758,参数!$B:$H,2,0),\"\")","v":""},{"$f":"IFERROR(VLOOKUP(C9758,参数!$B:$H,4,0),\"\")","v":""},{"$f":"IFERROR(VLOOKUP(C9758,参数!B:H,3,FALSE),\"\")","v":""},"",1]
[9758,{"$nulls":6},{"$f":"IFERROR(VLOOKUP(C9759,参数!$B:$H,2,0),\"\")","v":""},{"$f":"IFERROR(VLOOKUP(C9759,参数!$B:$H,4,0),\"\")","v":""},{"$f":"IFERROR(VLOOKUP(C9759,参数!B:H,3,FALSE),\"\")","v":""},"",1]
[9759,{"$nulls":6},{"$f":"IFERROR(VLOOKUP(C9760,参数!$B:$H,2,0),\"\")","v":""},{"$f":"IFERROR(VLOOKUP(C9760,参数!$B:$H,4,0),\"\")","v":""},{"$f":"IFERROR(VLOOKUP(C9760,参数!B:H,3,FALSE),\"\")","v":""},"",1]
[9760,{"$nulls":6},{"$f":"IFERROR(VLOOKUP(C9761,参数!$B:$H,2,0),\"\")","v":""},{"$f":"IFERROR(VLOOKUP(C9761,参数!$B:$H,4,0),\"\")","v":""},{"$f":"IFERROR(VLOOKUP(C9761,参数!B:H,3,FALSE),\"\")","v":""},"",1]
[9761,{"$nulls":6},{"$f":"IFERROR(VLOOKUP(C9762,参数!$B:$H,2,0),\"\")","v":""},{"$f":"IFERROR(VLOOKUP(C9762,参数!$B:$H,4,0),\"\")","v":""},{"$f":"IFERROR(VLOOKUP(C9762,参数!B:H,3,FALSE),\"\")","v":""},"",1]
[9762,{"$nulls":6},{"$f":"IFERROR(VLOOKUP(C9763,参数!$B:$H,2,0),\"\")","v":""},{"$f":"IFERROR(VLOOKUP(C9763,参数!$B:$H,4,0),\"\")","v":""},{"$f":"IFERROR(VLOOKUP(C9763,参数!B:H,3,FALSE),\"\")","v":""},"",1]
[9763,{"$nulls":6},{"$f":"IFERROR(VLOOKUP(C9764,参数!$B:$H,2,0),\"\")","v":""},{"$f":"IFERROR(VLOOKUP(C9764,参数!$B:$H,4,0),\"\")","v":""},{"$f":"IFERROR(VLOOKUP(C9764,参数!B:H,3,FALSE),\"\")","v":""},"",1]
[9764,{"$nulls":6},{"$f":"IFERROR(VLOOKUP(C9765,参数!$B:$H,2,0),\"\")","v":""},{"$f":"IFERROR(VLOOKUP(C9765,参数!$B:$H,4,0),\"\")","v":""},{"$f":"IFERROR(VLOOKUP(C9765,参数!B:H,3,FALSE),\"\")","v":""},{"$f":"IFERROR(J9765*E9765,\"\")","v":""},1]
[9765,{"$nulls":6},{"$f":"IFERROR(VLOOKUP(C9766,参数!$B:$H,2,0),\"\")","v":""},{"$f":"IFERROR(VLOOKUP(C9766,参数!$B:$H,4,0),\"\")","v":""},{"$f":"IFERROR(VLOOKUP(C9766,参数!B:H,3,FALSE),\"\")","v":""},"",1]
[9766,{"$nulls":6},{"$f":"IFERROR(VLOOKUP(C9767,参数!$B:$H,2,0),\"\")","v":""},{"$f":"IFERROR(VLOOKUP(C9767,参数!$B:$H,4,0),\"\")","v":""},{"$f":"IFERROR(VLOOKUP(C9767,参数!B:H,3,FALSE),\"\")","v":""},"",1]
[9767,{"$nulls":6},{"$f":"IFERROR(VLOOKUP(C9768,参数!$B:$H,2,0),\"\")","v":""},{"$f":"IFERROR(VLOOKUP(C9768,参数!$B:$H,4,0),\"\")","v":""},{"$f":"IFERROR(VLOOKUP(C9768,参数!B:H,3,FALSE),\"\")","v":""},"",1]
[9768,{"$nulls":6},{"$f":"IFERROR(VLOOKUP(C9769,参数!$B:$H,2,0),\"\")","v":""},{"$f":"IFERROR(VLOOKUP(C9769,参数!$B:$H,4,0),\"\")","v":""},{"$f":"IFERROR(VLOOKUP(C9769,参数!B:H,3,FALSE),\"\")","v":""},"",1]
[9769,{"$nulls":6},{"$f":"IFERROR(VLOOKUP(C9770,参数!$B:$H,2,0),\"\")","v":""},{"$f":"IFERROR(VLOOKUP(C9770,参数!$B:$H,4,0),\"\")","v":""},{"$f":"IFERROR(VLOOKUP(C9770,参数!B:H,3,FALSE),\"\")","v":""},"",1]
[9770,{"$nulls":6},{"$f":"IFERROR(VLOOKUP(C9771,参数!$B:$H,2,0),\"\")","v":""},{"$f":"IFERROR(VLOOKUP(C9771,参数!$B:$H,4,0),\"\")","v":""},{"$f":"IFERROR(VLOOKUP(C9771,参数!B:H,3,FALSE),\"\")","v":""},"",1]
[9771,{"$nulls":6},{"$f":"IFERROR(VLOOKUP(C9772,参数!$B:$H,2,0),\"\")","v":""},{"$f":"IFERROR(VLOOKUP(C9772,参数!$B:$H,4,0),\"\")","v":""},{"$f":"IFERROR(VLOOKUP(C9772,参数!B:H,3,FALSE),\"\")","v":""},"",1]
[9772,{"$nulls":6},{"$f":"IFERROR(VLOOKUP(C9773,参数!$B:$H,2,0),\"\")","v":""},{"$f":"IFERROR(VLOOKUP(C9773,参数!$B:$H,4,0),\"\")","v":""},{"$f":"IFERROR(VLOOKUP(C9773,参数!B:H,3,FALSE),\"\")","v":""},"",1]
[9773,{"$nulls":6},{"$f":"IFERROR(VLOOKUP(C9774,参数!$B:$H,2,0),\"\")","v":""},{"$f":"IFERROR(VLOOKUP(C9774,参数!$B:$H,4,0),\"\")","v":""},{"$f":"IFERROR(VLOOKUP(C9774,参数!B:H,3,FALSE),\"\")","v":""},"",1]
[9774,{"$nulls":6},{"$f":"IFERROR(VLOOKUP(C9775,参数!$B:$H,2,0),\"\")","v":""},{"$f":"IFERROR(VLOOKUP(C9775,参数!$B:$H,4,0),\"\")","v":""},{"$f":"IFERROR(VLOOKUP(C9775,参数!B:H,3,FALSE),\"\")","v":""},"",1]
[9775,{"$nulls":6},{"$f":"IFERROR(VLOOKUP(C9776,参数!$B:$H,2,0),\"\")","v":""},{"$f":"IFERROR(VLOOKUP(C9776,参数!$B:$H,4,0),\"\")","v":""},{"$f":"IFERROR(VLOOKUP(C9776,参数!B:H,3,FALSE),\"\")","v":""},"",1]
[9776,{"$nulls":6},{"$f":"IFERROR(VLOOKUP(C9777,参数!$B:$H,2,0),\"\")","v":""},{"$f":"IFERROR(VLOOKUP(C9777,参数!$B:$H,4,0),\"\")","v":""},{"$f":"IFERROR(VLOOKUP(C9777,参数!B:H,3,FALSE),\"\")","v":""},"",1]
[9777,{"$nulls":6},{"$f":"IFERROR(VLOOKUP(C9778,参数!$B:$H,2,0),\"\")","v":""},{"$f":"IFERROR(VLOOKUP(C9778,参数!$B:$H,4,0),\"\")","v":""},{"$f":"IFERROR(VLOOKUP(C9778,参数!B:H,3,FALSE),\"\")","v":""},"",1]
[9778,{"$nulls":6},{"$f":"IFERROR(VLOOKUP(C9779,参数!$B:$H,2,0),\"\")","v":""},{"$f":"IFERROR(VLOOKUP(C9779,参数!$B:$H,4,0),\"\")","v":""},{"$f":"IFERROR(VLOOKUP(C9779,参数!B:H,3,FALSE),\"\")","v":""},"",1]
[9779,{"$nulls":6},{"$f":"IFERROR(VLOOKUP(C9780,参数!$B:$H,2,0),\"\")","v":""},{"$f":"IFERROR(VLOOKUP(C9780,参数!$B:$H,4,0),\"\")","v":""},{"$f":"IFERROR(VLOOKUP(C9780,参数!B:H,3,FALSE),\"\")","v":""},"",1]
[9780,{"$nulls":6},{"$f":"IFERROR(VLOOKUP(C9781,参数!$B:$H,2,0),\"\")","v":""},{"$f":"IFERROR(VLOOKUP(C9781,参数!$B:$H,4,0),\"\")","v":""},{"$f":"IFERROR(VLOOKUP(C9781,参数!B:H,3,FALSE),\"\")","v":""},"",1]
[9781,{"$nulls":6},{"$f":"IFERROR(VLOOKUP(C9782,参数!$B:$H,2,0),\"\")","v":""},{"$f":"IFERROR(VLOOKUP(C9782,参数!$B:$H,4,0),\"\")","v":""},{"$f":"IFERROR(VLOOKUP(C9782,参数!B:H,3,FALSE),\"\")","v":""},"",1]
[9782,{"$nulls":6},{"$f":"IFERROR(VLOOKUP(C9783,参数!$B:$H,2,0),\"\")","v":""},{"$f":"IFERROR(VLOOKUP(C9783,参数!$B:$H,4,0),\"\")","v":""},{"$f":"IFERROR(VLOOKUP(C9783,参数!B:H,3,FALSE),\"\")","v":""},"",1]
[9783,{"$nulls":6},{"$f":"IFERROR(VLOOKUP(C9784,参数!$B:$H,2,0),\"\")","v":""},{"$f":"IFERROR(VLOOKUP(C9784,参数!$B:$H,4,0),\"\")","v":""},{"$f":"IFERROR(VLOOKUP(C9784,参数!B:H,3,FALSE),\"\")","v":""},"",1]
[9784,{"$nulls":6},{"$f":"IFERROR(VLOOKUP(C9785,参数!$B:$H,2,0),\"\")","v":""},{"$f":"IFERROR(VLOOKUP(C9785,参数!$B:$H,4,0),\"\")","v":""},{"$f":"IFERROR(VLOOKUP(C9785,参数!B:H,3,FALSE),\"\")","v":""},"",1]
[9785,{"$nulls":6},{"$f":"IFERROR(VLOOKUP(C9786,参数!$B:$H,2,0),\"\")","v":""},{"$f":"IFERROR(VLOOKUP(C9786,参数!$B:$H,4,0),\"\")","v":""},{"$f":"IFERROR(VLOOKUP(C9786,参数!B:H,3,FALSE),\"\")","v":""},"",1]
[9786,{"$nulls":6},{"$f":"IFERROR(VLOOKUP(C9787,参数!$B:$H,2,0),\"\")","v":""},{"$f":"IFERROR(VLOOKUP(C9787,参数!$B:$H,4,0),\"\")","v":""},{"$f":"IFERROR(VLOOKUP(C9787,参数!B:H,3,FALSE),\"\")","v":""},"",1]
[9787,{"$nulls":6},{"$f":"IFERROR(VLOOKUP(C9788,参数!$B:$H,2,0),\"\")","v":""},{"$f":"IFERROR(VLOOKUP(C9788,参数!$B:$H,4,0),\"\")","v":""},{"$f":"IFERROR(VLOOKUP(C9788,参数!B:H,3,FALSE),\"\")","v":""},"",1]
[9788,{"$nulls":6},{"$f":"IFERROR(VLOOKUP(C9789,参数!$B:$H,2,0),\"\")","v":""},{"$f":"IFERROR(VLOOKUP(C9789,参数!$B:$H,4,0),\"\")","v":""},{"$f":"IFERROR(VLOOKUP(C9789,参数!B:H,3,FALSE),\"\")","v":""},"",1]
[9789,{"$nulls":6},{"$f":"IFERROR(VLOOKUP(C9790,参数!$B:$H,2,0),\"\")","v":""},{"$f":"IFERROR(VLOOKUP(C9790,参数!$B:$H,4,0),\"\")","v":""},{"$f":"IFERROR(VLOOKUP(C9790,参数!B:H,3,FALSE),\"\")","v":""},"",1]
[9790,{"$nulls":6},{"$f":"IFERROR(VLOOKUP(C9791,参数!$B:$H,2,0),\"\")","v":""},{"$f":"IFERROR(VLOOKUP(C9791,参数!$B:$H,4,0),\"\")","v":""},{"$f":"IFERROR(VLOOKUP(C9791,参数!B:H,3,FALSE),\"\")","v":""},"",1]
[9791,{"$nulls":6},{"$f":"IFERROR(VLOOKUP(C9792,参数!$B:$H,2,0),\"\")","v":""},{"$f":"IFERROR(VLOOKUP(C9792,参数!$B:$H,4,0),\"\")","v":""},{"$f":"IFERROR(VLOOKUP(C9792,参数!B:H,3,FALSE),\"\")","v":""},"",1]
[9792,{"$nulls":6},{"$f":"IFERROR(VLOOKUP(C9793,参数!$B:$H,2,0),\"\")","v":""},{"$f":"IFERROR(VLOOKUP(C9793,参数!$B:$H,4,0),\"\")","v":""},{"$f":"IFERROR(VLOOKUP(C9793,参数!B:H,3,FALSE),\"\")","v":""},"",1]
[9793,{"$nulls":6},{"$f":"IFERROR(VLOOKUP(C9794,参数!$B:$H,2,0),\"\")","v":""},{"$f":"IFERROR(VLOOKUP(C9794,参数!$B:$H,4,0),\"\")","v":""},{"$f":"IFERROR(VLOOKUP(C9794,参数!B:H,3,FALSE),\"\")","v":""},"",{"$f":"VALUE(MONTH(B9794))","v":1}]
[9794,{"$nulls":6},{"$f":"IFERROR(VLOOKUP(C9795,参数!$B:$H,2,0),\"\")","v":""},{"$f":"IFERROR(VLOOKUP(C9795,参数!$B:$H,4,0),\"\")","v":""},{"$f":"IFERROR(VLOOKUP(C9795,参数!B:H,3,FALSE),\"\")","v":""},"",1]
[9795,{"$nulls":6},{"$f":"IFERROR(VLOOKUP(C9796,参数!$B:$H,2,0),\"\")","v":""},{"$f":"IFERROR(VLOOKUP(C9796,参数!$B:$H,4,0),\"\")","v":""},{"$f":"IFERROR(VLOOKUP(C9796,参数!B:H,3,FALSE),\"\")","v":""},"",1]
[9796,{"$nulls":6},{"$f":"IFERROR(VLOOKUP(C9797,参数!$B:$H,2,0),\"\")","v":""},{"$f":"IFERROR(VLOOKUP(C9797,参数!$B:$H,4,0),\"\")","v":""},{"$f":"IFERROR(VLOOKUP(C9797,参数!B:H,3,FALSE),\"\")","v":""},"",1]
[9797,{"$nulls":6},{"$f":"IFERROR(VLOOKUP(C9798,参数!$B:$H,2,0),\"\")","v":""},{"$f":"IFERROR(VLOOKUP(C9798,参数!$B:$H,4,0),\"\")","v":""},{"$f":"IFERROR(VLOOKUP(C9798,参数!B:H,3,FALSE),\"\")","v":""},"",1]
[9798,{"$nulls":6},{"$f":"IFERROR(VLOOKUP(C9799,参数!$B:$H,2,0),\"\")","v":""},{"$f":"IFERROR(VLOOKUP(C9799,参数!$B:$H,4,0),\"\")","v":""},{"$f":"IFERROR(VLOOKUP(C9799,参数!B:H,3,FALSE),\"\")","v":""},"",1]
[9799,{"$nulls":6},{"$f":"IFERROR(VLOOKUP(C9800,参数!$B:$H,2,0),\"\")","v":""},{"$f":"IFERROR(VLOOKUP(C9800,参数!$B:$H,4,0),\"\")","v":""},{"$f":"IFERROR(VLOOKUP(C9800,参数!B:H,3,FALSE),\"\")","v":""},"",1]
[9800,{"$nulls":6},{"$f":"IFERROR(VLOOKUP(C9801,参数!$B:$H,2,0),\"\")","v":""},{"$f":"IFERROR(VLOOKUP(C9801,参数!$B:$H,4,0),\"\")","v":""},{"$f":"IFERROR(VLOOKUP(C9801,参数!B:H,3,FALSE),\"\")","v":""},"",1]
[9801,{"$nulls":6},{"$f":"IFERROR(VLOOKUP(C9802,参数!$B:$H,2,0),\"\")","v":""},{"$f":"IFERROR(VLOOKUP(C9802,参数!$B:$H,4,0),\"\")","v":""},{"$f":"IFERROR(VLOOKUP(C9802,参数!B:H,3,FALSE),\"\")","v":""},"",1]
[9802,{"$nulls":6},{"$f":"IFERROR(VLOOKUP(C9803,参数!$B:$H,2,0),\"\")","v":""},{"$f":"IFERROR(VLOOKUP(C9803,参数!$B:$H,4,0),\"\")","v":""},{"$f":"IFERROR(VLOOKUP(C9803,参数!B:H,3,FALSE),\"\")","v":""},"",1]
[9803,{"$nulls":6},{"$f":"IFERROR(VLOOKUP(C9804,参数!$B:$H,2,0),\"\")","v":""},{"$f":"IFERROR(VLOOKUP(C9804,参数!$B:$H,4,0),\"\")","v":""},{"$f":"IFERROR(VLOOKUP(C9804,参数!B:H,3,FALSE),\"\")","v":""},"",1]
[9804,{"$nulls":6},{"$f":"IFERROR(VLOOKUP(C9805,参数!$B:$H,2,0),\"\")","v":""},{"$f":"IFERROR(VLOOKUP(C9805,参数!$B:$H,4,0),\"\")","v":""},{"$f":"IFERROR(VLOOKUP(C9805,参数!B:H,3,FALSE),\"\")","v":""},"",1]
[9805,{"$nulls":6},{"$f":"IFERROR(VLOOKUP(C9806,参数!$B:$H,2,0),\"\")","v":""},{"$f":"IFERROR(VLOOKUP(C9806,参数!$B:$H,4,0),\"\")","v":""},{"$f":"IFERROR(VLOOKUP(C9806,参数!B:H,3,FALSE),\"\")","v":""},"",1]
[9806,{"$nulls":6},{"$f":"IFERROR(VLOOKUP(C9807,参数!$B:$H,2,0),\"\")","v":""},{"$f":"IFERROR(VLOOKUP(C9807,参数!$B:$H,4,0),\"\")","v":""},{"$f":"IFERROR(VLOOKUP(C9807,参数!B:H,3,FALSE),\"\")","v":""},"",1]
[9807,{"$nulls":6},{"$f":"IFERROR(VLOOKUP(C9808,参数!$B:$H,2,0),\"\")","v":""},{"$f":"IFERROR(VLOOKUP(C9808,参数!$B:$H,4,0),\"\")","v":""},{"$f":"IFERROR(VLOOKUP(C9808,参数!B:H,3,FALSE),\"\")","v":""},"",1]
[9808,{"$nulls":6},{"$f":"IFERROR(VLOOKUP(C9809,参数!$B:$H,2,0),\"\")","v":""},{"$f":"IFERROR(VLOOKUP(C9809,参数!$B:$H,4,0),\"\")","v":""},{"$f":"IFERROR(VLOOKUP(C9809,参数!B:H,3,FALSE),\"\")","v":""},"",1]
[9809,{"$nulls":6},{"$f":"IFERROR(VLOOKUP(C9810,参数!$B:$H,2,0),\"\")","v":""},{"$f":"IFERROR(VLOOKUP(C9810,参数!$B:$H,4,0),\"\")","v":""},{"$f":"IFERROR(VLOOKUP(C9810,参数!B:H,3,FALSE),\"\")","v":""},"",1]
[9810,{"$nulls":6},{"$f":"IFERROR(VLOOKUP(C9811,参数!$B:$H,2,0),\"\")","v":""},{"$f":"IFERROR(VLOOKUP(C9811,参数!$B:$H,4,0),\"\")","v":""},{"$f":"IFERROR(VLOOKUP(C9811,参数!B:H,3,FALSE),\"\")","v":""},"",1]
[9811,{"$nulls":6},{"$f":"IFERROR(VLOOKUP(C9812,参数!$B:$H,2,0),\"\")","v":""},{"$f":"IFERROR(VLOOKUP(C9812,参数!$B:$H,4,0),\"\")","v":""},{"$f":"IFERROR(VLOOKUP(C9812,参数!B:H,3,FALSE),\"\")","v":""},"",1]
[9812,{"$nulls":6},{"$f":"IFERROR(VLOOKUP(C9813,参数!$B:$H,2,0),\"\")","v":""},{"$f":"IFERROR(VLOOKUP(C9813,参数!$B:$H,4,0),\"\")","v":""},{"$f":"IFERROR(VLOOKUP(C9813,参数!B:H,3,FALSE),\"\")","v":""},"",1]
[9813,{"$nulls":6},{"$f":"IFERROR(VLOOKUP(C9814,参数!$B:$H,2,0),\"\")","v":""},{"$f":"IFERROR(VLOOKUP(C9814,参数!$B:$H,4,0),\"\")","v":""},{"$f":"IFERROR(VLOOKUP(C9814,参数!B:H,3,FALSE),\"\")","v":""},"",1]
[9814,{"$nulls":6},{"$f":"IFERROR(VLOOKUP(C9815,参数!$B:$H,2,0),\"\")","v":""},{"$f":"IFERROR(VLOOKUP(C9815,参数!$B:$H,4,0),\"\")","v":""},{"$f":"IFERROR(VLOOKUP(C9815,参数!B:H,3,FALSE),\"\")","v":""},"",1]
[9815,{"$nulls":6},{"$f":"IFERROR(VLOOKUP(C9816,参数!$B:$H,2,0),\"\")","v":""},{"$f":"IFERROR(VLOOKUP(C9816,参数!$B:$H,4,0),\"\")","v":""},{"$f":"IFERROR(VLOOKUP(C9816,参数!B:H,3,FALSE),\"\")","v":""},"",1]
[9816,{"$nulls":6},{"$f":"IFERROR(VLOOKUP(C9817,参数!$B:$H,2,0),\"\")","v":""},{"$f":"IFERROR(VLOOKUP(C9817,参数!$B:$H,4,0),\"\")","v":""},{"$f":"IFERROR(VLOOKUP(C9817,参数!B:H,3,FALSE),\"\")","v":""},"",1]
[9817,{"$nulls":6},{"$f":"IFERROR(VLOOKUP(C9818,参数!$B:$H,2,0),\"\")","v":""},{"$f":"IFERROR(VLOOKUP(C9818,参数!$B:$H,4,0),\"\")","v":""},{"$f":"IFERROR(VLOOKUP(C9818,参数!B:H,3,FALSE),\"\")","v":""},"",1]
[9818,{"$nulls":6},{"$f":"IFERROR(VLOOKUP(C9819,参数!$B:$H,2,0),\"\")","v":""},{"$f":"IFERROR(VLOOKUP(C9819,参数!$B:$H,4,0),\"\")","v":""},{"$f":"IFERROR(VLOOKUP(C9819,参数!B:H,3,FALSE),\"\")","v":""},"",1]
[9819,{"$nulls":6},{"$f":"IFERROR(VLOOKUP(C9820,参数!$B:$H,2,0),\"\")","v":""},{"$f":"IFERROR(VLOOKUP(C9820,参数!$B:$H,4,0),\"\")","v":""},{"$f":"IFERROR(VLOOKUP(C9820,参数!B:H,3,FALSE),\"\")","v":""},"",1]
[9820,{"$nulls":6},{"$f":"IFERROR(VLOOKUP(C9821,参数!$B:$H,2,0),\"\")","v":""},{"$f":"IFERROR(VLOOKUP(C9821,参数!$B:$H,4,0),\"\")","v":""},{"$f":"IFERROR(VLOOKUP(C9821,参数!B:H,3,FALSE),\"\")","v":""},"",1]
[9821,{"$nulls":6},{"$f":"IFERROR(VLOOKUP(C9822,参数!$B:$H,2,0),\"\")","v":""},{"$f":"IFERROR(VLOOKUP(C9822,参数!$B:$H,4,0),\"\")","v":""},{"$f":"IFERROR(VLOOKUP(C9822,参数!B:H,3,FALSE),\"\")","v":""},"",1]
[9822,{"$nulls":6},{"$f":"IFERROR(VLOOKUP(C9823,参数!$B:$H,2,0),\"\")","v":""},{"$f":"IFERROR(VLOOKUP(C9823,参数!$B:$H,4,0),\"\")","v":""},{"$f":"IFERROR(VLOOKUP(C9823,参数!B:H,3,FALSE),\"\")","v":""},"",1]
[9823,{"$nulls":6},{"$f":"IFERROR(VLOOKUP(C9824,参数!$B:$H,2,0),\"\")","v":""},{"$f"